{"text_format":"2","workbook":"xlsx","n_sheets":39,"sheets":["Planilha4","RESUMO","Cronograma Físico_Financeiro...","Orçamento","MC - SERVIÇO ADUTORA - 1-3","MC - MATERIAL ADUTORA - 1-3","MC - TRECHO 01","MC - TRECHO 02","MC - TRECHO 03","BNCDADOS","MC - SERVIÇO ADUTORA - 4-8","MC - MATERIAL ADUTORA - 4-8","MC - TRECHO 04","MC - TRECHO 05","MC - TRECHO 06","MC - TRECHO 07","MC - TRECHO 08","Cronograma Físico_Financeiro","CURVA ABC - AUTOMATIZADA","CURVA ABC - FIXA","CURVA ABC - OBSOL","Cotações2","TUBOS PRFV","COMPOSIÇÕES SERVIÇOS2","Mobilização e Desmobilização","SERIE 2000000","MC - CANTEIRO","BDI (serviço)","BDI (equip_mat)","Planilha1","MC - EEAT","SERIE 1000000","INSUMOS","ISS PONDERADO","R.T.C","ISS RN","CPU","ADM","MOB_DESMOB"],"not_rendered":{"charts":0,"images":7,"macros":0,"external_links":147,"defined_names":80207,"comments":1,"pivot_tables":0},"unopened":[],"bounds":{"document_bytes":16777216,"sheet_cells":100000,"run_cost":"one","rows_first":2000,"rows_last":500,"rows_between":2000,"halvings":0,"cell_chars":16384,"cell_head_chars":4096},"cells_cut":0,"cells_raw":0,"read":"whole","date_system":"1900"}

{"sheet":"Planilha4","index":0,"n_rows":39,"n_cols":6,"rows_kept":39,"cut":false,"hidden":true,"merged":[]}
[null,"ADUTORA",null,"ADUTORA TRECHO 02.01",null,"ADUTORA TRECHO 03"]
[null,"CURVA 90°, FOFO, JGS, PN25, DN 800MM",null,"EXTREMIDADE, FOFO, FLANGE/BOLSA, PN25, DN 800MM",null,"EXTREMIDADE, FOFO, FLANGE/BOLSA, PN16, DN 700MM"]
[null,"CURVA 45°, FOFO, JGS, PN25, DN 800MM",null,"CURVA 22°, FOFO, JGS, PN25, DN 800MM",null,"EXTREMIDADE, FOFO, FLANGE/PONTA, ABA DE VEDAÇÃO PN16, DN 700MM"]
[null,"CURVA 22°, FOFO, JGS, PN25, DN 800MM",null,"CURVA 11°, FOFO, JGS, PN25, DN 800MM",null,"CURVA 90°, FOFO, JGS, PN16, DN 700MM"]
[null,"VENTOSAS E DESCARGAS",null,"LUVA SIMPLES, FOFO, BOLSA/BOLSA, PN25, DN 800MM",null,"CURVA 45°, FOFO, JGS, PN16, DN 700MM"]
[null,"TÊ, BBF, FOFO, PN25, DN 800-200MM",null,"LUVA CORRER, FOFO, BOLSA/BOLSA, PN25, DN 800MM",null,"CURVA 22°, FOFO, JGS, PN16, DN 700MM"]
[null,"CURVA 45°, FOFO, FLANGES, PN25, DN 150MM",null,"ADUTORA TRECHO 02.02",null,"CURVA 11°, FOFO, JGS, PN16, DN 700MM"]
[null,"REDUÇÃO CONCÊNTRICA, FOFO, FLANGES, PN25, DN 200-150MM",null,"EXTREMIDADE, FOFO, FLANGE/BOLSA, PN25, DN 700MM",null,"LUVA SIMPLES, FOFO, BOLSA/BOLSA, PN16, DN 700MM"]
[null,"REDUÇÃO CONCÊNTRICA, FOFO, FLANGES, PN25, DN 200-100MM",null,"CURVA 22°, FOFO, JGS, PN25, DN 700MM",null,"VENTOSAS E DESCARGAS"]
[null,"PARAFUSO PARA FLANGES, PN25, 16x80",null,"CURVA 11°, FOFO, JGS, PN25, DN 700MM",null,"TÊ, BBF, FOFO, PN16, DN 700-200MM"]
[null,"PARAFUSO PARA FLANGES, PN25, 20X90",null,"LUVA SIMPLES, FOFO, BOLSA/BOLSA, PN25, DN 700MM",null,"CURVA 45°, FOFO, FLANGES, PN16, DN 150MM"]
[null,"ARRUELA DE BORRACHA PARA FLANGES, DN 100MM",null,"VENTOSAS E DESCARGAS - TRECHO 02.01",null,"REDUÇÃO CONCÊNTRICA, FOFO, FLANGES, PN16, DN 200-150MM"]
[null,"ARRUELA DE BORRACHA PARA FLANGES, DN 150MM",null,"TÊ, BBF, FOFO, PN25, DN 800-200MM",null,"REDUÇÃO CONCÊNTRICA, FOFO, FLANGES, PN16, DN 200-100MM"]
[null,"ARRUELA DE BORRACHA PARA FLANGES, DN 200MM",null,"CURVA 45°, FOFO, FLANGES, PN25, DN 150MM",null,"PARAFUSO PARA FLANGES, PN16, 16x80"]
[null,"VÁLVULA GAVETA, FLANGES, CORPO CURTO, VOLANTE E CUNHA DE BORRACHA, DN 100MM",null,"REDUÇÃO CONCÊNTRICA, FOFO, FLANGES, PN25, DN 200-150MM",null,"PARAFUSO PARA FLANGES, PN16, 20X90"]
[null,"VÁLVULA GAVETA, FLANGES, CORPO CURTO, VOLANTE E CUNHA DE BORRACHA, DN 150MM",null,"REDUÇÃO CONCÊNTRICA, FOFO, FLANGES, PN25, DN 200-100MM",null,"ARRUELA DE BORRACHA PARA FLANGES, DN 100MM"]
[null,"VENTOSA TRÍPLICE FUNÇÃO, FOFO, FLANGE, PN25, DN 100MM",null,"PARAFUSO PARA FLANGES, PN25, 16x80",null,"ARRUELA DE BORRACHA PARA FLANGES, DN 150MM"]
[null,"TRAVESSIAS",null,"PARAFUSO PARA FLANGES, PN25, 20X90",null,"ARRUELA DE BORRACHA PARA FLANGES, DN 200MM"]
[null,"CURVA 45°, FOFO, JGS, PN10, DN 800MM",null,"ARRUELA DE BORRACHA PARA FLANGES, DN 100MM",null,"VÁLVULA GAVETA, FLANGES, CORPO CURTO, VOLANTE E CUNHA DE BORRACHA, DN 100MM"]
[null,"TUBO, FOFO, FLANGE/BOLSA, DN 800MM, L=6800MM",null,"ARRUELA DE BORRACHA PARA FLANGES, DN 150MM",null,"VÁLVULA GAVETA, FLANGES, CORPO CURTO, VOLANTE E CUNHA DE BORRACHA, DN 150MM"]
[null,"TUBO, FOFO, FLANGE/PONTA, DN 800MM, L=1500MM",null,"ARRUELA DE BORRACHA PARA FLANGES, DN 200MM",null,"VENTOSA TRÍPLICE FUNÇÃO, FOFO, FLANGE, PN25, DN 100MM"]
[null,"TUBO, FOFO, FLANGE/PONTA, DN 800MM, L=4000MM",null,"VÁLVULA GAVETA, FLANGES, CORPO CURTO, VOLANTE E CUNHA DE BORRACHA, DN 100MM"]
[null,"TUBO, FOFO, FLANGE/PONTA, DN 800MM, L=6800MM",null,"VÁLVULA GAVETA, FLANGES, CORPO CURTO, VOLANTE E CUNHA DE BORRACHA, DN 150MM"]
[null,"TUBO, FOFO, FLANGES, DN 800MM, L=621MM",null,"VENTOSA TRÍPLICE FUNÇÃO, FOFO, FLANGE, PN25, DN 100MM"]
[null,"TUBO, FOFO, FLANGES, DN 800MM, L=880MM",null,"VENTOSAS E DESCARGAS - TRECHO 02.02"]
[null,"TUBO, FOFO, FLANGES, DN 800MM, L=1000MM",null,"TÊ, BBF, FOFO, PN25, DN 700-200MM"]
[null,"TUBO, FOFO, FLANGES, DN 800MM, L=1080MM",null,"CURVA 45°, FOFO, FLANGES, PN25, DN 150MM"]
[null,"TUBO, FOFO, FLANGES, DN 800MM, L=1340MM",null,"REDUÇÃO CONCÊNTRICA, FOFO, FLANGES, PN25, DN 200-150MM"]
[null,"TUBO, FOFO, FLANGES, DN 800MM, L=2000MM",null,"REDUÇÃO CONCÊNTRICA, FOFO, FLANGES, PN25, DN 200-100MM"]
[null,"TUBO CILÍNDRICO, FOFO, DN 800MM, L=1500MM",null,"PARAFUSO PARA FLANGES, PN25, 16x80"]
[null,"TUBO CILÍNDRICO, FOFO, DN 800MM, L=2000MM",null,"PARAFUSO PARA FLANGES, PN25, 20X90"]
[null,"CURVA 90°, FOFO, FLANGES, PN10, DN 800MM",null,"ARRUELA DE BORRACHA PARA FLANGES, DN 100MM"]
[null,"EXTREMIDADE, FOFO, FLANGE/BOLSA, PN10, DN 800MM",null,"ARRUELA DE BORRACHA PARA FLANGES, DN 150MM"]
[null,"JUNTA DE DESMONTAGEM TRAVADA AXIALMENTE, DN 800MM",null,"ARRUELA DE BORRACHA PARA FLANGES, DN 200MM"]
[null,"TÊ, FFF, FOFO, PN10, DN 800MM",null,"VÁLVULA GAVETA, FLANGES, CORPO CURTO, VOLANTE E CUNHA DE BORRACHA, DN 100MM"]
[null,"TOCO, FOFO, FLANGES, ABA DE VEDAÇÃO, DN 800MM",null,"VÁLVULA GAVETA, FLANGES, CORPO CURTO, VOLANTE E CUNHA DE BORRACHA, DN 150MM"]
[null,"ARRUELA DE BORRACHA PARA FLANGES, DN 800MM",null,"VENTOSA TRÍPLICE FUNÇÃO, FOFO, FLANGE, PN25, DN 100MM"]
[null,"PARAFUSO PARA FLANGES, PN10, 30X140"]
[null,"VÁLVULA GAVETA OVAL, FLANGES, CORPO CURTO, CABEÇOTE E CUNHA METÁLICA, DN 800MM"]

{"sheet":"RESUMO","index":1,"n_rows":90,"n_cols":13,"rows_kept":90,"cut":false,"hidden":false,"merged":[[42,1,42,3],[42,4,42,5],[42,6,42,7],[13,4,13,5],[13,6,13,7],[37,4,37,5],[37,6,37,7],[38,1,38,3],[38,4,38,5],[38,6,38,7],[39,1,39,3],[39,4,39,5],[39,6,39,7],[29,4,29,5],[29,6,29,7],[30,1,30,3],[30,4,30,5],[30,6,30,7],[31,1,31,3],[31,4,31,5],[31,6,31,7],[32,1,32,3],[32,4,32,5],[32,6,32,7],[40,4,40,5],[40,6,40,7],[33,4,33,5],[33,6,33,7],[34,1,34,3],[34,4,34,5],[34,6,34,7],[35,1,35,3],[35,4,35,5],[35,6,35,7],[36,1,36,3],[36,4,36,5],[36,6,36,7],[25,4,25,5],[25,6,25,7],[26,1,26,3],[26,4,26,5],[26,6,26,7],[27,1,27,3],[27,4,27,5],[27,6,27,7],[28,1,28,3],[28,4,28,5],[21,6,21,7],[22,1,22,3],[22,4,22,5],[22,6,22,7],[23,1,23,3],[23,4,23,5],[23,6,23,7],[24,1,24,3],[24,4,24,5],[24,6,24,7],[18,1,18,3],[18,4,18,5],[18,6,18,7],[19,1,19,3],[19,4,19,5],[19,6,19,7],[20,1,20,3],[20,4,20,5],[20,6,20,7],[71,1,71,3],[71,4,71,5],[71,6,71,7],[72,1,72,3],[72,4,72,5],[72,6,72,7],[73,1,73,3],[73,4,73,5],[73,6,73,7],[74,1,74,3],[74,4,74,5],[74,6,74,7],[75,1,75,3],[75,4,75,5],[75,6,75,7],[76,1,76,3],[76,4,76,5],[76,6,76,7],[80,1,80,3],[80,4,80,5],[80,6,80,7],[81,1,81,3],[81,4,81,5],[81,6,81,7],[68,1,68,3],[68,4,68,5],[68,6,68,7],[69,1,69,3],[69,4,69,5],[69,6,69,7],[70,1,70,3],[70,4,70,5],[70,6,70,7],[77,1,77,3],[77,4,77,5],[77,6,77,7],[78,1,78,3],[78,4,78,5],[78,6,78,7],[79,1,79,3],[79,4,79,5],[79,6,79,7],[87,4,87,5],[89,4,89,5],[6,3,7,3],[6,0,7,0],[6,1,7,2],[8,1,8,3],[41,4,41,5],[41,6,41,7],[44,4,44,5],[44,6,44,7],[60,4,60,5],[60,6,60,7],[55,4,55,5],[55,6,55,7],[56,4,56,5],[82,6,82,7],[82,0,82,3],[83,0,83,3],[82,4,82,5],[83,4,83,7],[43,4,43,5],[43,6,43,7],[54,4,54,5],[54,6,54,7],[0,0,1,7],[6,6,7,7],[6,4,7,5],[4,0,4,1],[5,0,5,1],[2,0,2,1],[3,0,3,1],[8,4,8,5],[8,6,8,7],[12,4,12,5],[12,6,12,7],[51,4,51,5],[51,6,51,7],[52,4,52,5],[52,6,52,7],[46,4,46,5],[46,6,46,7],[47,4,47,5],[47,6,47,7],[48,4,48,5],[48,6,48,7],[49,4,49,5],[49,6,49,7],[14,4,14,5],[14,6,14,7],[15,4,15,5],[15,6,15,7],[16,4,16,5],[16,6,16,7],[17,4,17,5],[17,6,17,7],[28,6,28,7],[21,4,21,5],[56,6,56,7],[59,4,59,5],[59,6,59,7],[64,4,64,5],[64,6,64,7],[61,4,61,5],[61,6,61,7],[62,4,62,5],[62,6,62,7],[57,4,57,5],[57,6,57,7],[58,4,58,5],[58,6,58,7],[66,4,66,5],[66,6,66,7],[67,4,67,5],[67,6,67,7],[63,4,63,5],[63,6,63,7],[63,1,63,3],[64,1,64,3],[66,1,66,3],[67,1,67,3],[65,1,65,3],[65,4,65,5],[65,6,65,7],[9,6,9,7],[53,4,53,5],[53,6,53,7],[45,4,45,5],[45,6,45,7],[50,1,50,3],[50,4,50,5],[50,6,50,7],[11,1,11,3],[12,1,12,3],[41,1,41,3],[43,1,43,3],[44,1,44,3],[45,1,45,3],[53,1,53,3],[51,1,51,3],[52,1,52,3],[46,1,46,3],[47,1,47,3],[48,1,48,3],[49,1,49,3],[10,6,10,7],[11,4,11,5],[11,6,11,7],[55,1,55,3],[56,1,56,3],[59,1,59,3],[60,1,60,3],[61,1,61,3],[62,1,62,3],[10,1,10,3],[9,1,9,3],[9,4,9,5],[54,1,54,3],[14,1,14,3],[15,1,15,3],[16,1,16,3],[17,1,17,3],[21,1,21,3],[25,1,25,3],[29,1,29,3],[33,1,33,3],[37,1,37,3],[13,1,13,3],[10,4,10,5],[57,1,57,3],[58,1,58,3],[40,1,40,3]]}
["PLANILHA RESUMO"]
[]
["PROJETO:",null,"Sistema Adutor do Agreste Potiguar","REVISÃO:","E.S. MÊS:",0.71479999999999999,"E.S. MÊS:",0.47439999999999999]
["SERVIÇO:",null,"Trechos 01, 02, 03, 04, 05, 06 e 07 - Captação a Santa Cruz","01","E.S. HORA:",1.1620999999999999,"E.S. HORA:",0.85980000000000001]
["LOCAL:",null,"Canguaretama a Santa Cruz/RN","DATA BASE:","BDI SERVIÇO:",{"$f":"BNCDADOS!$E$8","v":0.2369},"BDI SERVIÇO:",{"$f":"BNCDADOS!$G$8","v":0.29959999999999998}]
["REFERÊNCIAS:",null,"SINAPI 07/24, SICRO 04/24, SEINFRA 28, EMBASA 05/24","2024-09-01","BDI MATERIAL E EQUIP.:",{"$f":"'BDI (equip_mat)'!$G$26","v":0.12},"BDI MATERIAL E EQUIP.:",{"$f":"'BDI (equip_mat)'!$I$26","v":0.17480000000000001}]
["ITEM","DISCRIMINAÇÃO",null,"SERVIÇO","TOTAL (R$)\nSEM DESONERAÇÃO",null,"TOTAL (R$)\nCOM DESONERAÇÃO"]
[]
[{"$f":"Orçamento!A10","v":"1."},{"$f":"Orçamento!D10","v":"SERVIÇOS PRELIMINARES"},null,null,{"$f":"Orçamento!I10","v":28120056.940000001},null,{"$f":"Orçamento!L10","v":26024771.870000001},{"$f":"SUM(D9:F9)","v":28120056.940000001}]
[{"$f":"Orçamento!A11","v":"1.1"},{"$f":"Orçamento!D11","v":"ADMINISTRAÇÃO LOCAL"},null,null,{"$f":"Orçamento!I11","v":27213809.219999999},null,{"$f":"Orçamento!L11","v":25098171.760000002},null,null,{"$f":"E83-E10","v":481823382.86000001}]
[{"$f":"Orçamento!A13","v":"1.2"},{"$f":"Orçamento!D13","v":"MOBILIZAÇÃO E DESMOBILIZAÇÃO"},null,null,{"$f":"Orçamento!I13","v":239065.18},null,{"$f":"Orçamento!L13","v":248956.69}]
[{"$f":"Orçamento!A17","v":"1.3"},{"$f":"Orçamento!D17","v":"CANTEIRO CENTRAL DE OBRAS"},null,null,{"$f":"Orçamento!I17","v":630641.43999999994},null,{"$f":"Orçamento!L17","v":639893.72}]
[{"$f":"Orçamento!A26","v":"1.4"},{"$f":"Orçamento!D26","v":"DIVERSOS"},null,null,{"$f":"Orçamento!I26","v":36541.1},null,{"$f":"Orçamento!L26","v":37749.699999999997}]
[]
[{"$f":"'[141]Orçamento - E01'!A34","v":"2."},{"$f":"'[141]Orçamento - E01'!D34","v":"TRECHO 01 - CAPTAÇÃO À ETA"},null,null,{"$f":"Orçamento!I30","v":98564020.420000017},null,{"$f":"Orçamento!L30","v":102933846.44999999},{"$f":"SUM(D15:F15)","v":98564020.420000017}]
[{"$f":"'[141]Orçamento - E01'!A35","v":"2.1"},{"$f":"'[141]Orçamento - E01'!D35","v":"SERVIÇOS_ADUTORA TRECHO 01 - CAPTAÇÃO A ETA"},null,null,{"$f":"Orçamento!I31","v":10041135.59},null,{"$f":"Orçamento!L31","v":10233798.799999999},{"$nulls":5},{"$f":"E10/E83","v":5.346133768497429E-2}]
[{"$f":"'[141]Orçamento - E01'!A75","v":"2.2"},{"$f":"'[141]Orçamento - E01'!D75","v":"SERVIÇOS_CAPTAÇÃO"},null,null,{"$f":"Orçamento!I70","v":809904.23},null,{"$f":"Orçamento!L70","v":831342.01}]
[{"$f":"'[141]Orçamento - E01'!A169","v":"2.3"},{"$f":"'[141]Orçamento - E01'!D169","v":"SERVIÇOS_ESTAÇÃO DE TRATAMENTO DE ÁGUA"},null,null,{"$f":"Orçamento!I163","v":6888913.2800000003},null,{"$f":"Orçamento!L163","v":7089996.0900000008}]
[{"$f":"'[141]Orçamento - E01'!A272","v":"2.4"},{"$f":"'[141]Orçamento - E01'!D272","v":"MATERIAIS_TRECHO 01 - CAPATAÇÃO A ETA"},null,null,{"$f":"Orçamento!I265","v":47946123.510000005},null,{"$f":"Orçamento!L265","v":50292094.919999994}]
[{"$f":"'[141]Orçamento - E01'!A317","v":"2.5"},{"$f":"'[141]Orçamento - E01'!D317","v":"EQUIPAMENTOS_TRECHO 01 - CAPATAÇÃO A ETA"},null,null,{"$f":"Orçamento!I310","v":32877943.810000002},null,{"$f":"Orçamento!L310","v":34486614.630000003}]
[]
[{"$f":"'[141]Orçamento - E01'!A333","v":"3."},{"$f":"'[141]Orçamento - E01'!D333","v":"TRECHO 02 - ETA À MONTANHAS"},null,null,{"$f":"Orçamento!I326","v":70996984.969999999},null,{"$f":"Orçamento!L326","v":73921718.310000002},{"$f":"SUM(D22:F22)","v":70996984.969999999}]
[{"$f":"'[141]Orçamento - E01'!A334","v":"3.1"},{"$f":"'[141]Orçamento - E01'!D334","v":"SERVIÇOS_ADUTORA TRECHO 02.01 "},null,null,{"$f":"Orçamento!I327","v":3990044.1700000004},null,{"$f":"Orçamento!L327","v":4046447.1999999997},3990044.1700000004]
[{"$f":"'[141]Orçamento - E01'!A366","v":"3.2"},{"$f":"'[141]Orçamento - E01'!D366","v":"SERVIÇOS_ADUTORA TRECHO 02.02"},null,null,{"$f":"Orçamento!I359","v":4276743.8899999997},null,{"$f":"Orçamento!L359","v":4335153.5199999996},4276743.8899999997]
[{"$f":"'[141]Orçamento - E01'!A398","v":"3.3"},{"$f":"'[141]Orçamento - E01'!D398","v":"SERVIÇOS_SUB ADUTORA TRECHO 02.02 - PEDRO VELHO"},null,null,{"$f":"Orçamento!I391","v":126833.18000000001},null,{"$f":"Orçamento!L391","v":128150.08}]
[{"$f":"'[141]Orçamento - E01'!A433","v":"3.4"},{"$f":"'[141]Orçamento - E01'!D433","v":"SERVIÇOS_SUB ADUTORA TRECHO 02.02 - MONTANHAS"},null,null,{"$f":"Orçamento!I426","v":50745.030000000006},null,{"$f":"Orçamento!L426","v":51482.080000000002}]
[{"$f":"'[141]Orçamento - E01'!A461","v":"3.5"},{"$f":"'[141]Orçamento - E01'!D461","v":"SERVIÇOS_ESTAÇÃO ELEVATÓRIA DE ÁGUA TRATADA_PEDRO VELHO"},null,null,{"$f":"Orçamento!I454","v":5798822.2399999993},null,{"$f":"Orçamento!L454","v":5983700.1400000006},5798822.2399999993]
[{"$f":"'[141]Orçamento - E01'!A565","v":"3.6"},{"$f":"'[141]Orçamento - E01'!D565","v":"SERVIÇOS_ESTAÇÃO ELEVATÓRIA DE ÁGUA TRATADA_MONTANHAS"},null,null,{"$f":"Orçamento!I558","v":4521965.9799999995},null,{"$f":"Orçamento!L558","v":4665206.79},4521965.9799999995]
[{"$f":"'[141]Orçamento - E01'!A669","v":"3.7"},{"$f":"'[141]Orçamento - E01'!D669","v":"SERVIÇOS_RESERVATÓRIO APOIADO (RAP)_PEDRO VELHO"},null,null,{"$f":"Orçamento!I662","v":1888058.8099999998},null,{"$f":"Orçamento!L662","v":1942516.2499999995}]
[{"$f":"'[141]Orçamento - E01'!A741","v":"3.8"},{"$f":"'[141]Orçamento - E01'!D741","v":"SERVIÇOS_RESERVATÓRIO APOIADO (RAP)_MONTANHAS"},null,null,{"$f":"Orçamento!I734","v":1888058.8099999998},null,{"$f":"Orçamento!L734","v":1942516.2499999995}]
[{"$f":"'[141]Orçamento - E01'!A814","v":"3.9"},{"$f":"'[141]Orçamento - E01'!D814","v":"MATERIAIS_TRECHO 02 - ETA A MONTANHAS"},null,null,{"$f":"Orçamento!I807","v":42890995.239999995},null,{"$f":"Orçamento!L807","v":44989554.720000006},{"$f":"SUM(D31:F31)","v":42890995.239999995}]
[{"$f":"'[141]Orçamento - E01'!A874","v":"3.10"},{"$f":"'[141]Orçamento - E01'!D874","v":"EQUIPAMENTOS_TRECHO 02 - ETA A MONTANHAS"},null,null,{"$f":"Orçamento!I867","v":5564717.6200000001},null,{"$f":"Orçamento!L867","v":5836991.2800000003},5564717.6200000001]
[{"$nulls":7},0]
[{"$f":"'[141]Orçamento - E01'!A888","v":"4."},{"$f":"'[141]Orçamento - E01'!D888","v":"TRECHO 03 - MONTANHAS À NOVA CRUZ"},null,null,{"$f":"Orçamento!I881","v":55448147.190000013},null,{"$f":"Orçamento!L881","v":57713764.300000004},55448147.190000013]
[{"$f":"'[141]Orçamento - E01'!A889","v":"4.1"},{"$f":"'[141]Orçamento - E01'!D889","v":"SERVIÇOS_ADUTORA"},null,null,{"$f":"Orçamento!I882","v":7694437.8099999996},null,{"$f":"Orçamento!L882","v":7799564.2000000002},7694437.8099999996]
[{"$f":"'[141]Orçamento - E01'!A922","v":"4.2"},{"$f":"'[141]Orçamento - E01'!D922","v":"SERVIÇOS_SUB ADUTORA - NOVA CRUZ"},null,null,{"$f":"Orçamento!I915","v":803626.04},null,{"$f":"Orçamento!L915","v":804252.74000000011}]
[{"$f":"'[141]Orçamento - E01'!A955","v":"4.3"},{"$f":"'[141]Orçamento - E01'!D955","v":"SERVIÇOS_ESTAÇÃO ELEVATÓRIA DE ÁGUA TRATADA_NOVA CRUZ"},null,null,{"$f":"Orçamento!I948","v":5830860.9099999992},null,{"$f":"Orçamento!L948","v":6016852.1500000004},5830860.9099999992]
[{"$f":"'[141]Orçamento - E01'!A1060","v":"4.4"},{"$f":"'[141]Orçamento - E01'!D1060","v":"SERVIÇOS_RESERVATÓRIO APOIADO (RAP)_NOVA CRUZ"},null,null,{"$f":"Orçamento!I1053","v":1888058.8099999998},null,{"$f":"Orçamento!L1053","v":1942516.2499999995}]
[{"$f":"'[141]Orçamento - E01'!A1133","v":"4.5"},{"$f":"'[141]Orçamento - E01'!D1133","v":"MATERIAIS_TRECHO 03 - MONTANHAS A NOVA CRUZ"},null,null,{"$f":"Orçamento!I1126","v":37141370.500000015},null,{"$f":"Orçamento!L1126","v":38958535.25},37141370.500000015]
[{"$f":"'[141]Orçamento - E01'!A1170","v":"4.6"},{"$f":"'[141]Orçamento - E01'!D1170","v":"EQUIPAMENTOS_TRECHO 03 - MONTANHAS A NOVA CRUZ"},null,null,{"$f":"Orçamento!I1163","v":2089793.12},null,{"$f":"Orçamento!L1163","v":2192043.71},2089793.12]
[]
[]
[]
[{"$f":"Orçamento!A1176","v":"5."},{"$f":"Orçamento!D1176","v":"TRECHO 04 - NOVA CRUZ À SERRINHA"},null,null,{"$f":"Orçamento!I1176","v":38031035.589999996},null,{"$f":"Orçamento!L1176","v":39329240.539999999},{"$f":"SUM(D44:F44)","v":38031035.589999996}]
["2.1",{"$f":"Orçamento!D1177","v":"SERVIÇOS_ADUTORA TRECHO 04.01_NOVA CRUZ Ä EEAT 04 (STO ANTÔNIO)"},null,null,{"$f":"Orçamento!I1177","v":7892989.2600000016},null,{"$f":"Orçamento!L1177","v":7971094.120000001}]
["2.2",{"$f":"Orçamento!D1224","v":"SERVIÇOS_ADUTORA TRECHO 04.02_EEAT 04 Ä SERRINHA"},null,null,{"$f":"Orçamento!I1224","v":2419621},null,{"$f":"Orçamento!L1224","v":2456925.2000000002}]
["2.3",{"$f":"Orçamento!D1284","v":"SERVIÇOS_EEAT 04_SANTO ANTÔNIO"},null,null,{"$f":"Orçamento!I1284","v":4832071.82},null,{"$f":"Orçamento!L1284","v":4971047.68}]
["2.4",{"$f":"Orçamento!D1424","v":"SERVIÇOS_RESERVATÓRIO APOIADO (RAP)_SANTO ANTÔNIO"},null,null,{"$f":"Orçamento!I1424","v":1888058.8099999998},null,{"$f":"Orçamento!L1424","v":1942516.2499999995}]
["2.5",{"$f":"Orçamento!D1497","v":"SERVIÇOS_RESERVATÓRIO APOIADO (RAP)_SERRINHA"},null,null,{"$f":"Orçamento!I1497","v":1888058.8099999998},null,{"$f":"Orçamento!L1497","v":1942516.2499999995}]
["2.6",{"$f":"Orçamento!D1570","v":"MATERIAIS_TRECHO 04.01"},null,null,{"$f":"Orçamento!I1570","v":16639032.210000001},null,{"$f":"Orçamento!L1570","v":17453053.969999999}]
["2.7",{"$f":"Orçamento!D1589","v":"MATERIAIS_TRECHO 04.02"},null,null,{"$f":"Orçamento!I1589","v":1925132.9699999997},null,{"$f":"Orçamento!L1589","v":2019297.6099999996}]
["2.8",{"$f":"Orçamento!D1627","v":"MATERIAIS_EEAT 04_SANTO ANTÔNIO"},null,null,{"$f":"Orçamento!I1627","v":151120.25},null,{"$f":"Orçamento!L1627","v":158514.62}]
["2.9",{"$f":"Orçamento!D1675","v":"EQUIPAMENTOS_EEAT 04_SANTO ANTÔNIO"},null,null,{"$f":"Orçamento!I1675","v":394950.45999999996},null,{"$f":"Orçamento!L1675","v":414274.83999999997}]
[]
[6,{"$f":"Orçamento!D1684","v":"TRECHO 05 - NOVA CRUZ À PASSA E FICA"},null,null,{"$f":"Orçamento!I1684","v":56826168.25},null,{"$f":"Orçamento!L1684","v":59129611.659999996},{"$f":"SUM(D55:F55)","v":56826168.25}]
["6.1",{"$f":"Orçamento!D1685","v":"SERVIÇOS_ADUTORA TRECHO 05.01"},null,null,{"$f":"Orçamento!I1685","v":4083928.1199999996},null,{"$f":"Orçamento!L1685","v":4110735.6200000006},4083928.1199999996]
["6.2",{"$f":"Orçamento!D1725","v":"SERVIÇOS_ADUTORA TRECHO 05.02"},null,null,{"$f":"Orçamento!I1725","v":6752024.8700000001},null,{"$f":"Orçamento!L1725","v":6852091.9299999988},6752024.8700000001]
["6.3",{"$f":"Orçamento!D1785","v":"SERVIÇOS_EEAT 05_PASSA E FICA"},null,null,{"$f":"Orçamento!I1785","v":3666283.9900000007},null,{"$f":"Orçamento!L1785","v":3771825.0600000005}]
["6.4",{"$f":"Orçamento!D1921","v":"MATERIAIS_TRECHO 05.01"},null,null,{"$f":"Orçamento!I1921","v":15048795.940000003},null,{"$f":"Orçamento!L1921","v":15785179.369999997}]
["6.5",{"$f":"Orçamento!D1953","v":"MATERIAIS_TRECHO 05.02"},null,null,{"$f":"Orçamento!I1953","v":24725022.889999997},null,{"$f":"Orçamento!L1953","v":25934893.770000007},24725022.889999997]
["6.6",{"$f":"Orçamento!D2002","v":"MATERIAIS_EEAT 05_PASSA E FICA"},null,null,{"$f":"Orçamento!I2002","v":652406.07000000007},null,{"$f":"Orçamento!L2002","v":684327.47},652406.07000000007]
["6.7",{"$f":"Orçamento!D2045","v":"EQUIPAMENTOS_EEAT 05_PASSA E FICA"},null,null,{"$f":"Orçamento!I2045","v":1897706.3699999999},null,{"$f":"Orçamento!L2045","v":1990558.44},{"$f":"SUM(D62:F62)","v":1897706.3699999999}]
[]
[7,{"$f":"Orçamento!D2056","v":"TRECHO 06 - PASSA E FICA À CAMPESTRE"},null,null,{"$f":"Orçamento!I2056","v":33231935.759999998},null,{"$f":"Orçamento!L2056","v":34556037.229999997},33231935.759999998]
["7.1",{"$f":"Orçamento!D2057","v":"SERVIÇOS_ADUTORA TRECHO 06"},null,null,{"$f":"Orçamento!I2057","v":5151412.7},null,{"$f":"Orçamento!L2057","v":5226596.4000000004},5151412.7]
["7.2",{"$f":"Orçamento!D2094","v":"SERVIÇOS_EEAT 06_CAMPESTRE"},null,null,{"$f":"Orçamento!I2094","v":4633456.3999999985},null,{"$f":"Orçamento!L2094","v":4772973.0299999993}]
["7.3",{"$f":"Orçamento!D2230","v":"SERVIÇOS_RESERVATÓRIO APOIADO (RAP)_PASSA E FICA"},null,null,{"$f":"Orçamento!I2230","v":1888058.8099999998},null,{"$f":"Orçamento!L2230","v":1942516.2499999995},1888058.8099999998]
["7.4",{"$f":"Orçamento!D2303","v":"MATERIAIS_TRECHO 06"},null,null,{"$f":"Orçamento!I2303","v":19420327.18},null,{"$f":"Orçamento!L2303","v":20370628.179999996},19420327.18]
["7.5",{"$f":"Orçamento!D2317","v":"MATERIAIS_EEAT_CAMPESTRE"},null,null,{"$f":"Orçamento!I2317","v":652406.07000000007},null,{"$f":"Orçamento!L2317","v":684327.47}]
["7.6",{"$f":"Orçamento!D2359","v":"EQUIPAMENTOS_EEAT 06_CAMPESTRE"},null,null,{"$f":"Orçamento!I2359","v":1486274.5999999999},null,{"$f":"Orçamento!L2359","v":1558995.9}]
[]
[8,{"$f":"Orçamento!D2370","v":"TRECHO 07 - CAMPESTRE À TANGARÁ"},null,null,{"$f":"Orçamento!I2370","v":49985473.060000002},null,{"$f":"Orçamento!L2370","v":51831877.879999995},{"$f":"SUM(D72:F72)","v":49985473.060000002}]
["8.1",{"$f":"Orçamento!D2371","v":"SERVIÇOS_ADUTORA TRECHO 07"},null,null,{"$f":"Orçamento!I2371","v":10119543.75},null,{"$f":"Orçamento!L2371","v":10123555.750000002},10119543.75]
["8.2",{"$f":"Orçamento!D2401","v":"SERVIÇOS_EEAT 07_TANGARÁ"},null,null,{"$f":"Orçamento!I2401","v":3501199.9300000006},null,{"$f":"Orçamento!L2401","v":3602226.7600000002}]
["8.3",{"$f":"Orçamento!D2537","v":"SERVIÇOS_RESERVATÓRIO APOIADO (RAP)_TANGARÁ"},null,null,{"$f":"Orçamento!I2537","v":1888058.8099999998},null,{"$f":"Orçamento!L2537","v":1942516.2499999995},{"$f":"SUM(D75:F75)","v":1888058.8099999998}]
["8.4",{"$f":"Orçamento!D2610","v":"MATERIAIS_TRECHO 07"},null,null,{"$f":"Orçamento!I2610","v":31935316.560000002},null,{"$f":"Orçamento!L2610","v":33497880.169999998},31935316.560000002]
["8.5",{"$f":"Orçamento!D2632","v":"MATERIAIS_EEAT 07_TANGARÁ"},null,null,{"$f":"Orçamento!I2632","v":652406.07000000007},null,{"$f":"Orçamento!L2632","v":684327.47}]
["8.6",{"$f":"Orçamento!D2675","v":"EQUIPAMENTOS_EEAT 07_TANGARÁ"},null,null,{"$f":"Orçamento!I2675","v":1888947.9399999997},null,{"$f":"Orçamento!L2675","v":1981371.48}]
[]
[9,{"$f":"Orçamento!D2686","v":"TRECHO 08 - TANGARÁ À SANTA CRUZ"},null,null,{"$f":"Orçamento!I2686","v":77833369.900000006},null,{"$f":"Orçamento!L2686","v":80475543.479999989},{"$f":"SUM(D80:F80)","v":77833369.900000006}]
["9.1",{"$f":"Orçamento!D2687","v":"SERVIÇOS_ADUTORA TRECHO 08"},null,null,{"$f":"Orçamento!I2687","v":18745107.510000002},null,{"$f":"Orçamento!L2687","v":18794605.399999999},18745107.510000002]
["9.2",{"$f":"Orçamento!D2740","v":"MATERIAIS_TRECHO 08"},null,null,{"$f":"Orçamento!I2740","v":59088262.390000001},null,{"$f":"Orçamento!L2740","v":61680938.079999998},{"$f":"SUM(D82:F82)","v":59088262.390000001}]
["CUSTO TOTAL.....................................................................R$",null,null,null,{"$f":"E9+E44+E55+E64+E72+E80+E34+E22+E15","v":509037192.07999998},null,{"$f":"G9+G44+G55+G64+G72+G80+G34+G22+G15","v":525916411.71999997}]
["SITUAÇÃO MAIS VANTAJOSA:",null,null,null,{"$f":"E83","v":509037192.07999998}]
["Elaboração:                                                                                                                                Supervisão:                                                                      "]
[]
[]
[{"$nulls":4},{"$f":"E64+E55+E44+E13+E12+E80+E72","v":256575165.09999999}]
[{"$nulls":4},{"$f":"E9/E88","v":0.10959773495240753}]
[{"$nulls":4},{"$f":"E88*0.05","v":12828758.255000001}]

{"sheet":"Cronograma Físico_Financeiro...","index":2,"n_rows":247,"n_cols":20,"rows_kept":247,"cut":false,"hidden":true,"merged":[[236,0,237,0],[237,13,239,13],[238,0,239,0],[219,0,221,0],[222,0,224,0],[225,0,227,0],[228,0,230,0],[231,0,233,0],[234,0,235,0],[216,0,218,0],[189,0,190,0],[190,13,192,13],[191,0,192,0],[193,0,194,0],[195,0,197,0],[198,0,200,0],[201,0,203,0],[204,0,206,0],[207,0,209,0],[210,0,212,0],[213,0,215,0],[143,13,145,13],[144,0,145,0],[146,0,147,0],[148,0,150,0],[187,0,188,0],[154,0,156,0],[157,0,159,0],[160,0,162,0],[163,0,165,0],[166,0,168,0],[169,0,171,0],[172,0,174,0],[175,0,177,0],[178,0,180,0],[181,0,183,0],[184,0,186,0],[151,0,153,0],[125,0,127,0],[128,0,130,0],[131,0,133,0],[134,0,136,0],[137,0,139,0],[140,0,141,0],[142,0,143,0],[122,0,124,0],[93,0,94,0],[94,13,96,13],[95,0,96,0],[99,0,100,0],[101,0,103,0],[104,0,106,0],[107,0,109,0],[110,0,112,0],[113,0,115,0],[116,0,118,0],[119,0,121,0],[47,13,49,13],[48,0,49,0],[50,0,51,0],[52,0,54,0],[91,0,92,0],[58,0,60,0],[61,0,63,0],[64,0,66,0],[67,0,69,0],[70,0,72,0],[73,0,75,0],[76,0,78,0],[79,0,81,0],[82,0,84,0],[85,0,87,0],[88,0,90,0],[55,0,57,0],[29,0,31,0],[32,0,34,0],[35,0,37,0],[38,0,40,0],[41,0,43,0],[44,0,45,0],[46,0,47,0],[26,0,28,0],[0,0,0,13],[1,0,1,13],[2,0,2,13],[3,0,4,0],[5,0,7,0],[8,0,10,0],[11,0,13,0],[14,0,16,0],[17,0,19,0],[20,0,22,0],[23,0,25,0]]}
[{"$f":"[141]RESUMO!C3","v":"Sistema Adutor do Agreste Potiguar"}]
[]
["CRONOGRAMA  FÍSICO/FINANCEIRO ",{"$nulls":13},"Colocar valor total do item aqui"]
["UNIDADES  DO SISTEMA","TEMPO  ( DIAS )",{"$nulls":11},"TOTAIS",null,null,null,{"$f":"100-92.3","v":7.7000000000000028}]
[null,30,60,90,120,150,180,210,240,270,300,330,360,"( R$ )",null,null,null,{"$f":"40/7","v":5.7142857142857144}]
[{"$f":"[141]RESUMO!B10","v":"ADMINISTRAÇÃO LOCAL"},1.1999999999999999E-3,8.9999999999999998E-4,8.9999999999999998E-4,2.12E-2,2.12E-2,2.1000000000000001E-2,2.1000000000000001E-2,2.1000000000000001E-2,3.6499999999999998E-2,4.4200000000000003E-2,4.4200000000000003E-2,6.5199999999999994E-2,{"$f":"SUM(B6:M6)","v":0.29849999999999999}]
[]
[null,{"$f":"IF(B6=\"\",0,B6*$O8)","v":28585.733075999997},{"$f":"IF(C6=\"\",0,C6*$O8)","v":21439.299806999999},{"$f":"IF(D6=\"\",0,D6*$O8)","v":21439.299806999999},{"$f":"IF(E6=\"\",0,E6*$O8)","v":505014.61767599999},{"$f":"IF(F6=\"\",0,F6*$O8)","v":505014.61767599999},{"$f":"IF(G6=\"\",0,G6*$O8)","v":500250.32883000001},500250.32883000001,500250.32883000001,869482.71439500002,1052907.8349660002,1052907.8349660002,{"$f":"IF(M6=\"\",0,M6*$O8)","v":1553158.1637959999},{"$f":"SUM(B8:M8)","v":7110701.102655001},{"$f":"[141]RESUMO!$E$10","v":23821444.23},{"$nulls":4},0]
[{"$f":"[141]RESUMO!B11","v":"PROJETO EXECUTIVO"},0.2,0.2,0.2,0.2,0.2,{"$nulls":7},{"$f":"SUM(B9:M9)","v":1}]
[{"$nulls":19},0]
[null,{"$f":"IF(B9=\"\",0,B9*$O11)","v":110225.42800000001},{"$f":"IF(C9=\"\",0,C9*$O11)","v":110225.42800000001},{"$f":"IF(D9=\"\",0,D9*$O11)","v":110225.42800000001},{"$f":"IF(E9=\"\",0,E9*$O11)","v":110225.42800000001},{"$f":"IF(F9=\"\",0,F9*$O11)","v":110225.42800000001},{"$f":"IF(G9=\"\",0,G9*$O11)","v":0},0,0,0,0,0,{"$f":"IF(M9=\"\",0,M9*$O11)","v":0},{"$f":"SUM(B11:M11)","v":551127.14000000013},{"$f":"[141]RESUMO!$E$11","v":551127.14}]
[{"$f":"[141]RESUMO!B12","v":"MOBILIZAÇÃO E DESMOBILIZAÇÃO"},0.2,null,null,0.1,{"$nulls":4},0.1,null,null,null,{"$f":"SUM(B12:M12)","v":0.4}]
[{"$nulls":19},0]
[null,{"$f":"IF(B12=\"\",0,B12*$O14)","v":31519.294000000002},{"$f":"IF(C12=\"\",0,C12*$O14)","v":0},{"$f":"IF(D12=\"\",0,D12*$O14)","v":0},{"$f":"IF(E12=\"\",0,E12*$O14)","v":15759.647000000001},{"$f":"IF(F12=\"\",0,F12*$O14)","v":0},{"$f":"IF(G12=\"\",0,G12*$O14)","v":0},0,0,15759.647000000001,0,0,{"$f":"IF(M12=\"\",0,M12*$O14)","v":0},{"$f":"SUM(B14:M14)","v":63038.588000000003},{"$f":"[141]RESUMO!$E$12","v":157596.47}]
[{"$f":"[141]RESUMO!B13","v":"CANTEIRO CENTRAL DE OBRAS"},0.4,0.3,0.3,{"$nulls":9},{"$f":"SUM(B15:M15)","v":1}]
[]
[null,{"$f":"IF(B15=\"\",0,B15*$O17)","v":508539.05599999998},{"$f":"IF(C15=\"\",0,C15*$O17)","v":381404.29199999996},{"$f":"IF(D15=\"\",0,D15*$O17)","v":381404.29199999996},{"$f":"IF(E15=\"\",0,E15*$O17)","v":0},{"$f":"IF(F15=\"\",0,F15*$O17)","v":0},{"$f":"IF(G15=\"\",0,G15*$O17)","v":0},0,0,0,0,0,{"$f":"IF(M15=\"\",0,M15*$O17)","v":0},{"$f":"SUM(B17:M17)","v":1271347.6399999999},{"$f":"[141]RESUMO!$E$13","v":1271347.6399999999}]
[{"$f":"[141]RESUMO!B14","v":"DIVERSOS"},null,null,null,0.15,{"$nulls":4},0.1,null,null,null,{"$f":"SUM(B18:M18)","v":0.25}]
[{"$nulls":19},0]
[null,{"$f":"IF(B18=\"\",0,B18*$O20)","v":0},{"$f":"IF(C18=\"\",0,C18*$O20)","v":0},{"$f":"IF(D18=\"\",0,D18*$O20)","v":0},{"$f":"IF(E18=\"\",0,E18*$O20)","v":10962.33},{"$f":"IF(F18=\"\",0,F18*$O20)","v":0},{"$f":"IF(G18=\"\",0,G18*$O20)","v":0},0,0,7308.22,0,0,{"$f":"IF(M18=\"\",0,M18*$O20)","v":0},{"$f":"SUM(B20:M20)","v":18270.55},{"$f":"[141]RESUMO!$E$14","v":73082.2}]
[{"$f":"[141]RESUMO!B17","v":"SERVIÇOS_ADUTORA TRECHO 01 - CAPTAÇÃO A ETA"},null,null,null,0.1,0.1,0.1,0.1,0.1,0.1,0.1,0.1,0.2,{"$f":"SUM(B21:M21)","v":1}]
[]
[null,{"$f":"IF(B21=\"\",0,B21*$O23)","v":0},{"$f":"IF(C21=\"\",0,C21*$O23)","v":0},{"$f":"IF(D21=\"\",0,D21*$O23)","v":0},{"$f":"IF(E21=\"\",0,E21*$O23)","v":10548177.936000001},{"$f":"IF(F21=\"\",0,F21*$O23)","v":10548177.936000001},{"$f":"IF(G21=\"\",0,G21*$O23)","v":10548177.936000001},10548177.936000001,10548177.936000001,10548177.936000001,10548177.936000001,10548177.936000001,{"$f":"IF(M21=\"\",0,M21*$O23)","v":21096355.872000001},{"$f":"SUM(B23:M23)","v":105481779.36000001},{"$f":"[141]RESUMO!$E$16","v":105481779.36}]
[{"$f":"[141]RESUMO!B23","v":"TRECHO 02 - ETA À MONTANHAS"},{"$nulls":8},0.1,0.15,0.15,0.15,{"$f":"SUM(B24:M24)","v":0.55000000000000004}]
[]
[null,{"$f":"IF(B24=\"\",0,B24*$O26)","v":0},{"$f":"IF(C24=\"\",0,C24*$O26)","v":0},{"$f":"IF(D24=\"\",0,D24*$O26)","v":0},{"$f":"IF(E24=\"\",0,E24*$O26)","v":0},{"$f":"IF(F24=\"\",0,F24*$O26)","v":0},{"$f":"IF(G24=\"\",0,G24*$O26)","v":0},0,0,7770678.9449999994,11656018.417499999,11656018.417499999,{"$f":"IF(M24=\"\",0,M24*$O26)","v":11656018.417499999},{"$f":"SUM(B26:M26)","v":42738734.19749999},{"$f":"[141]RESUMO!$E$23","v":77706789.449999988}]
[{"$f":"[141]RESUMO!B35","v":"TRECHO 03 - MONTANHAS À NOVA CRUZ"},{"$nulls":12},{"$f":"SUM(B27:M27)","v":0}]
[]
[null,{"$f":"IF(B27=\"\",0,B27*$O29)","v":0},{"$f":"IF(C27=\"\",0,C27*$O29)","v":0},{"$f":"IF(D27=\"\",0,D27*$O29)","v":0},{"$f":"IF(E27=\"\",0,E27*$O29)","v":0},{"$f":"IF(F27=\"\",0,F27*$O29)","v":0},{"$f":"IF(G27=\"\",0,G27*$O29)","v":0},0,0,0,0,0,{"$f":"IF(M27=\"\",0,M27*$O29)","v":0},{"$f":"SUM(B29:M29)","v":0},{"$f":"[141]RESUMO!$E$35","v":60551683.970000006}]
[{"$f":"[141]RESUMO!B44","v":"TRECHO 04 - NOVA CRUZ À SERRINHA"},{"$nulls":12},{"$f":"SUM(B30:M30)","v":0}]
[]
[null,{"$f":"IF(B30=\"\",0,B30*$O32)","v":0},{"$f":"IF(C30=\"\",0,C30*$O32)","v":0},{"$f":"IF(D30=\"\",0,D30*$O32)","v":0},{"$f":"IF(E30=\"\",0,E30*$O32)","v":0},{"$f":"IF(F30=\"\",0,F30*$O32)","v":0},{"$f":"IF(G30=\"\",0,G30*$O32)","v":0},0,0,0,0,0,{"$f":"IF(M30=\"\",0,M30*$O32)","v":0},{"$f":"SUM(B32:M32)","v":0},{"$f":"[141]RESUMO!$E$44","v":39791281.43}]
[{"$f":"[141]RESUMO!B55","v":"TRECHO 05 - NOVA CRUZ À PASSA E FICA"},{"$nulls":12},{"$f":"SUM(B33:M33)","v":0}]
[]
[null,{"$f":"IF(B33=\"\",0,B33*$O35)","v":0},{"$f":"IF(C33=\"\",0,C33*$O35)","v":0},{"$f":"IF(D33=\"\",0,D33*$O35)","v":0},{"$f":"IF(E33=\"\",0,E33*$O35)","v":0},{"$f":"IF(F33=\"\",0,F33*$O35)","v":0},{"$f":"IF(G33=\"\",0,G33*$O35)","v":0},0,0,0,0,0,{"$f":"IF(M33=\"\",0,M33*$O35)","v":0},{"$f":"SUM(B35:M35)","v":0},{"$f":"[141]RESUMO!$E$55","v":48245638.620000005}]
[{"$f":"[141]RESUMO!B64","v":"TRECHO 06 - PASSA E FICA À CAMPESTRE"},{"$nulls":12},{"$f":"SUM(B36:M36)","v":0}]
[]
[null,{"$f":"IF(B36=\"\",0,B36*$O38)","v":0},{"$f":"IF(C36=\"\",0,C36*$O38)","v":0},{"$f":"IF(D36=\"\",0,D36*$O38)","v":0},{"$f":"IF(E36=\"\",0,E36*$O38)","v":0},{"$f":"IF(F36=\"\",0,F36*$O38)","v":0},{"$f":"IF(G36=\"\",0,G36*$O38)","v":0},0,0,0,0,0,{"$f":"IF(M36=\"\",0,M36*$O38)","v":0},{"$f":"SUM(B38:M38)","v":0},{"$f":"[141]RESUMO!$E$64","v":25906365.319999993}]
[{"$f":"[141]RESUMO!B72","v":"TRECHO 07 - CAMPESTRE À TANGARÁ"},{"$nulls":12},{"$f":"SUM(B39:M39)","v":0}]
[]
[null,{"$f":"IF(B39=\"\",0,B39*$O41)","v":0},{"$f":"IF(C39=\"\",0,C39*$O41)","v":0},{"$f":"IF(D39=\"\",0,D39*$O41)","v":0},{"$f":"IF(E39=\"\",0,E39*$O41)","v":0},{"$f":"IF(F39=\"\",0,F39*$O41)","v":0},{"$f":"IF(G39=\"\",0,G39*$O41)","v":0},0,0,0,0,0,{"$f":"IF(M39=\"\",0,M39*$O41)","v":0},{"$f":"SUM(B41:M41)","v":0},{"$f":"[141]RESUMO!$E$72","v":60251276.440000013}]
[{"$f":"[141]RESUMO!B80","v":"TRECHO 08 - TANGARÁ À SANTA CRUZ"},{"$nulls":12},{"$f":"SUM(B42:M42)","v":0}]
[]
[null,{"$f":"IF(B42=\"\",0,B42*$O44)","v":0},{"$f":"IF(C42=\"\",0,C42*$O44)","v":0},{"$f":"IF(D42=\"\",0,D42*$O44)","v":0},{"$f":"IF(E42=\"\",0,E42*$O44)","v":0},{"$f":"IF(F42=\"\",0,F42*$O44)","v":0},{"$f":"IF(G42=\"\",0,G42*$O44)","v":0},0,0,0,0,0,{"$f":"IF(M42=\"\",0,M42*$O44)","v":0},{"$f":"SUM(B44:M44)","v":0},{"$f":"[141]RESUMO!$E$80","v":81230093.829999998}]
[]
[]
["TOTAIS",{"$f":"SUM(B8+B11+B14+B17+B20+B23+B26+B29+B35+B38+B41+B44+B32)","v":678869.51107600005},{"$f":"SUM(C8+C11+C14+C17+C20+C23+C26+C29+C35+C38+C41+C44+C32)","v":513069.01980699995},513069.01980699995,11190139.958676001,11163417.981676001,11048428.264830001,11048428.264830001,11048428.264830001,19211407.462395001,23257104.188465998,23257104.188465998,34305532.453295998,{"$f":"SUM(N8,N11,N14,N17,N20,N23,N26,N29,N32,N35,N38,N41,N44)","v":157234998.57815501},{"$f":"SUM(O6:O46)","v":525039506.09999996},null,{"$f":"O47-N47","v":367804507.52184498}]
[null,{"$f":"B47","v":678869.51107600005},{"$f":"C47+B48","v":1191938.530883},1705007.5506899999,12895147.509366002,24058565.491042003,35106993.755872004,46155422.020702004,57203850.285532005,76415257.74792701,99672361.936393008,122929466.12485901,157234998.57815501]
["PERCENTUAL",{"$f":"B47/$O$47","v":1.2929874860630036E-3},{"$f":"C47/$O$47","v":9.7720078936170546E-4},{"$f":"D47/$O$47","v":9.7720078936170546E-4},2.131294850895412E-2,2.1262053334991895E-2,2.1043041783460951E-2,2.1043041783460951E-2,2.1043041783460951E-2,3.6590403653808029E-2,4.4295912818484953E-2,4.4295912818484953E-2,6.5338954601945901E-2]
[null,{"$f":"B49","v":1.2929874860630036E-3},{"$f":"B50+C49","v":2.2701882754247093E-3},3.2473890647864148E-3,2.4560337573740536E-2,4.5822390908732427E-2,6.6865432692193374E-2,8.7908474475654322E-2,0.10895151625911527,0.14554191991292331,0.18983783273140825,0.23413374554989319,0.29947270015183908]
["UNIDADES  DO SISTEMA","TEMPO  ( DIAS )",{"$nulls":11},"TOTAIS",null,null,null,{"$f":"100-92.3","v":7.7000000000000028}]
[null,390,420,450,480,510,540,570,600,630,660,690,720,"( R$ )",null,null,null,{"$f":"40/7","v":5.7142857142857144}]
[{"$f":"$A$6","v":"ADMINISTRAÇÃO LOCAL"},2.4E-2,2.4E-2,1.4999999999999999E-2,1.4999999999999999E-2,1.2500000000000001E-2,1.2500000000000001E-2,1.9E-2,1.9E-2,1.9E-2,1.9E-2,1.21E-2,6.0000000000000001E-3,{"$f":"SUM(B53:M53,N6)","v":0.49559999999999993},{"$f":"O6","v":0}]
[{"$nulls":14},0]
[null,{"$f":"IF(B53=\"\",0,B53*$O55)","v":571714.66151999997},{"$f":"IF(C53=\"\",0,C53*$O55)","v":571714.66151999997},{"$f":"IF(D53=\"\",0,D53*$O55)","v":357321.66344999999},{"$f":"IF(E53=\"\",0,E53*$O55)","v":357321.66344999999},{"$f":"IF(F53=\"\",0,F53*$O55)","v":297768.05287499999},{"$f":"IF(G53=\"\",0,G53*$O55)","v":297768.05287499999},452607.44037000003,452607.44037000003,452607.44037000003,452607.44037000003,288239.47518299997,{"$f":"IF(M53=\"\",0,M53*$O55)","v":142928.66537999999},{"$f":"SUM(B55:M55,N8)","v":11805907.760388002},{"$f":"$O$8","v":23821444.23},{"$nulls":4},0]
[{"$f":"$A$9","v":"PROJETO EXECUTIVO"},{"$nulls":12},{"$f":"SUM(B56:M56,N9)","v":1},0]
[{"$nulls":14},0,{"$nulls":4},0]
[null,{"$f":"IF(B56=\"\",0,B56*$O58)","v":0},{"$f":"IF(C56=\"\",0,C56*$O58)","v":0},{"$f":"IF(D56=\"\",0,D56*$O58)","v":0},{"$f":"IF(E56=\"\",0,E56*$O58)","v":0},{"$f":"IF(F56=\"\",0,F56*$O58)","v":0},{"$f":"IF(G56=\"\",0,G56*$O58)","v":0},0,0,0,0,0,{"$f":"IF(M56=\"\",0,M56*$O58)","v":0},{"$f":"SUM(B58:M58,N11)","v":551127.14000000013},{"$f":"$O$11","v":551127.14}]
[{"$f":"$A$12","v":"MOBILIZAÇÃO E DESMOBILIZAÇÃO"},null,null,null,0.1,{"$nulls":8},{"$f":"SUM(B59:M59,N12)","v":0.5},0]
[{"$nulls":14},0,{"$nulls":4},0]
[null,{"$f":"IF(B59=\"\",0,B59*$O61)","v":0},{"$f":"IF(C59=\"\",0,C59*$O61)","v":0},{"$f":"IF(D59=\"\",0,D59*$O61)","v":0},{"$f":"IF(E59=\"\",0,E59*$O61)","v":15759.647000000001},{"$f":"IF(F59=\"\",0,F59*$O61)","v":0},{"$f":"IF(G59=\"\",0,G59*$O61)","v":0},0,0,0,0,0,{"$f":"IF(M59=\"\",0,M59*$O61)","v":0},{"$f":"SUM(B61:M61,N14)","v":78798.235000000001},{"$f":"$O$14","v":157596.47}]
[{"$f":"$A$15","v":"CANTEIRO CENTRAL DE OBRAS"},{"$nulls":12},{"$f":"SUM(B62:M62,N15)","v":1},0]
[{"$nulls":14},0]
[null,{"$f":"IF(B62=\"\",0,B62*$O64)","v":0},{"$f":"IF(C62=\"\",0,C62*$O64)","v":0},{"$f":"IF(D62=\"\",0,D62*$O64)","v":0},{"$f":"IF(E62=\"\",0,E62*$O64)","v":0},{"$f":"IF(F62=\"\",0,F62*$O64)","v":0},{"$f":"IF(G62=\"\",0,G62*$O64)","v":0},0,0,0,0,0,{"$f":"IF(M62=\"\",0,M62*$O64)","v":0},{"$f":"SUM(B64:M64,N17)","v":1271347.6399999999},{"$f":"$O$17","v":1271347.6399999999}]
[{"$f":"$A$18","v":"DIVERSOS"},null,null,null,0.15,{"$nulls":8},{"$f":"SUM(B65:M65,N18)","v":0.4},0]
[{"$nulls":14},0,{"$nulls":4},0]
[null,{"$f":"IF(B65=\"\",0,B65*$O67)","v":0},{"$f":"IF(C65=\"\",0,C65*$O67)","v":0},{"$f":"IF(D65=\"\",0,D65*$O67)","v":0},{"$f":"IF(E65=\"\",0,E65*$O67)","v":10962.33},{"$f":"IF(F65=\"\",0,F65*$O67)","v":0},{"$f":"IF(G65=\"\",0,G65*$O67)","v":0},0,0,0,0,0,{"$f":"IF(M65=\"\",0,M65*$O67)","v":0},{"$f":"SUM(B67:M67,N20)","v":29232.879999999997},{"$f":"$O$20","v":73082.2}]
[{"$f":"$A$21","v":"SERVIÇOS_ADUTORA TRECHO 01 - CAPTAÇÃO A ETA"},{"$nulls":12},{"$f":"SUM(B68:M68,N21)","v":1},0]
[{"$nulls":14},0]
[null,{"$f":"IF(B68=\"\",0,B68*$O70)","v":0},{"$f":"IF(C68=\"\",0,C68*$O70)","v":0},{"$f":"IF(D68=\"\",0,D68*$O70)","v":0},{"$f":"IF(E68=\"\",0,E68*$O70)","v":0},{"$f":"IF(F68=\"\",0,F68*$O70)","v":0},{"$f":"IF(G68=\"\",0,G68*$O70)","v":0},0,0,0,0,0,{"$f":"IF(M68=\"\",0,M68*$O70)","v":0},{"$f":"SUM(B70:M70,N23)","v":105481779.36000001},{"$f":"$O$23","v":105481779.36}]
[{"$f":"$A$24","v":"TRECHO 02 - ETA À MONTANHAS"},0.15,0.15,0.1,0.05,{"$nulls":8},{"$f":"SUM(B71:M71,N24)","v":1},0]
[{"$nulls":14},0]
[null,{"$f":"IF(B71=\"\",0,B71*$O73)","v":11656018.417499999},{"$f":"IF(C71=\"\",0,C71*$O73)","v":11656018.417499999},{"$f":"IF(D71=\"\",0,D71*$O73)","v":7770678.9449999994},{"$f":"IF(E71=\"\",0,E71*$O73)","v":3885339.4724999997},{"$f":"IF(F71=\"\",0,F71*$O73)","v":0},{"$f":"IF(G71=\"\",0,G71*$O73)","v":0},0,0,0,0,0,{"$f":"IF(M71=\"\",0,M71*$O73)","v":0},{"$f":"SUM(B73:M73,N26)","v":77706789.449999988},{"$f":"$O$26","v":77706789.449999988}]
[{"$f":"$A$27","v":"TRECHO 03 - MONTANHAS À NOVA CRUZ"},null,null,null,0.05,0.1,0.1,0.15,0.15,0.15,0.15,0.1,0.05,{"$f":"SUM(B74:M74,N27)","v":1},0]
[{"$nulls":14},0]
[null,{"$f":"IF(B74=\"\",0,B74*$O76)","v":0},{"$f":"IF(C74=\"\",0,C74*$O76)","v":0},{"$f":"IF(D74=\"\",0,D74*$O76)","v":0},{"$f":"IF(E74=\"\",0,E74*$O76)","v":3027584.1985000004},{"$f":"IF(F74=\"\",0,F74*$O76)","v":6055168.3970000008},{"$f":"IF(G74=\"\",0,G74*$O76)","v":6055168.3970000008},9082752.5954999998,9082752.5954999998,9082752.5954999998,9082752.5954999998,6055168.3970000008,{"$f":"IF(M74=\"\",0,M74*$O76)","v":3027584.1985000004},{"$f":"SUM(B76:M76,N29)","v":60551683.969999999},{"$f":"$O$29","v":60551683.970000006}]
[{"$f":"$A$30","v":"TRECHO 04 - NOVA CRUZ À SERRINHA"},{"$nulls":12},{"$f":"SUM(B77:M77,N30)","v":0},0]
[{"$nulls":14},0]
[null,{"$f":"IF(B77=\"\",0,B77*$O79)","v":0},{"$f":"IF(C77=\"\",0,C77*$O79)","v":0},{"$f":"IF(D77=\"\",0,D77*$O79)","v":0},{"$f":"IF(E77=\"\",0,E77*$O79)","v":0},{"$f":"IF(F77=\"\",0,F77*$O79)","v":0},{"$f":"IF(G77=\"\",0,G77*$O79)","v":0},0,0,0,0,0,{"$f":"IF(M77=\"\",0,M77*$O79)","v":0},{"$f":"SUM(B79:M79,N32)","v":0},{"$f":"$O$32","v":39791281.43}]
[{"$f":"$A$33","v":"TRECHO 05 - NOVA CRUZ À PASSA E FICA"},{"$nulls":12},{"$f":"SUM(B80:M80,N33)","v":0},0]
[{"$nulls":14},0]
[null,{"$f":"IF(B80=\"\",0,B80*$O82)","v":0},{"$f":"IF(C80=\"\",0,C80*$O82)","v":0},{"$f":"IF(D80=\"\",0,D80*$O82)","v":0},{"$f":"IF(E80=\"\",0,E80*$O82)","v":0},{"$f":"IF(F80=\"\",0,F80*$O82)","v":0},{"$f":"IF(G80=\"\",0,G80*$O82)","v":0},0,0,0,0,0,{"$f":"IF(M80=\"\",0,M80*$O82)","v":0},{"$f":"SUM(B82:M82,N35)","v":0},{"$f":"$O$35","v":48245638.620000005}]
[{"$f":"$A$36","v":"TRECHO 06 - PASSA E FICA À CAMPESTRE"},{"$nulls":12},{"$f":"SUM(B83:M83,N36)","v":0},0]
[{"$nulls":14},0]
[null,{"$f":"IF(B83=\"\",0,B83*$O85)","v":0},{"$f":"IF(C83=\"\",0,C83*$O85)","v":0},{"$f":"IF(D83=\"\",0,D83*$O85)","v":0},{"$f":"IF(E83=\"\",0,E83*$O85)","v":0},{"$f":"IF(F83=\"\",0,F83*$O85)","v":0},{"$f":"IF(G83=\"\",0,G83*$O85)","v":0},0,0,0,0,0,{"$f":"IF(M83=\"\",0,M83*$O85)","v":0},{"$f":"SUM(B85:M85,N38)","v":0},{"$f":"$O$38","v":25906365.319999993}]
[{"$f":"$A$39","v":"TRECHO 07 - CAMPESTRE À TANGARÁ"},{"$nulls":12},{"$f":"SUM(B86:M86,N39)","v":0},0]
[{"$nulls":14},0]
[null,{"$f":"IF(B86=\"\",0,B86*$O88)","v":0},{"$f":"IF(C86=\"\",0,C86*$O88)","v":0},{"$f":"IF(D86=\"\",0,D86*$O88)","v":0},{"$f":"IF(E86=\"\",0,E86*$O88)","v":0},{"$f":"IF(F86=\"\",0,F86*$O88)","v":0},{"$f":"IF(G86=\"\",0,G86*$O88)","v":0},0,0,0,0,0,{"$f":"IF(M86=\"\",0,M86*$O88)","v":0},{"$f":"SUM(B88:M88,N41)","v":0},{"$f":"$O$41","v":60251276.440000013}]
[{"$f":"$A$42","v":"TRECHO 08 - TANGARÁ À SANTA CRUZ"},{"$nulls":12},{"$f":"SUM(B89:M89,N42)","v":0},0]
[{"$nulls":14},0]
[null,{"$f":"IF(B89=\"\",0,B89*$O91)","v":0},{"$f":"IF(C89=\"\",0,C89*$O91)","v":0},{"$f":"IF(D89=\"\",0,D89*$O91)","v":0},{"$f":"IF(E89=\"\",0,E89*$O91)","v":0},{"$f":"IF(F89=\"\",0,F89*$O91)","v":0},{"$f":"IF(G89=\"\",0,G89*$O91)","v":0},0,0,0,0,0,{"$f":"IF(M89=\"\",0,M89*$O91)","v":0},{"$f":"SUM(B91:M91,N44)","v":0},{"$f":"$O$44","v":81230093.829999998}]
[{"$nulls":14},{"$f":"O45","v":0}]
[]
["TOTAIS",{"$f":"SUM(B55+B58+B61+B64+B67+B70+B73+B76+B82+B85+B88+B91+B79)","v":12227733.079019999},{"$f":"SUM(C55+C58+C61+C64+C67+C70+C73+C76+C82+C85+C88+C91+C79)","v":12227733.079019999},8128000.6084499992,7296967.3114500009,6352936.4498750009,6352936.4498750009,9535360.0358700007,9535360.0358700007,9535360.0358700007,9535360.0358700007,6343407.8721830007,3170512.8638800005,{"$f":"SUM(N55,N58,N61,N64,N67,N70,N73,N76,N79,N82,N85,N88,N91)","v":257476666.435388},{"$f":"SUM(O53:O93)","v":525039506.09999996},null,{"$f":"O94-N94","v":267562839.66461197}]
[null,{"$f":"B94+M48","v":169462731.657175},{"$f":"C94+B95","v":181690464.736195},189818465.34464499,197115432.656095,203468369.10597,209821305.55584499,219356665.59171498,228892025.62758499,238427385.66345501,247962745.69932503,254306153.57150802,257476666.43538803]
["PERCENTUAL",{"$f":"B94/$O$47","v":2.3289167647302874E-2},{"$f":"C94/$O$47","v":2.3289167647302874E-2},{"$f":"D94/$O$47","v":1.5480740999519998E-2},1.3897939539163377E-2,1.2099920817510844E-2,1.2099920817510844E-2,1.8161223917603411E-2,1.8161223917603411E-2,1.8161223917603411E-2,1.8161223917603411E-2,1.2081772511371408E-2,6.0386177174182754E-3]
[null,{"$f":"B96+M50","v":0.32276186779914195},{"$f":"B97+C96","v":0.34605103544644483},0.36153177644596485,0.3754297159851282,0.38752963680263902,0.39962955762014984,0.41779078153775323,0.43595200545535662,0.45411322937296,0.47227445329056339,0.48435622580193483,0.49039484351935309]
[]
[]
["UNIDADES  DO SISTEMA","TEMPO  ( DIAS )",{"$nulls":11},"TOTAIS",null,null,null,{"$f":"100-92.3","v":7.7000000000000028}]
[null,750,780,{"$f":"C101+30","v":810},840,870,900,930,960,990,1020,1050,1080,"( R$ )",null,null,null,{"$f":"40/7","v":5.7142857142857144}]
[{"$f":"$A$6","v":"ADMINISTRAÇÃO LOCAL"},8.9999999999999993E-3,8.9999999999999993E-3,8.9999999999999993E-3,8.9999999999999993E-3,1.2E-2,8.9999999999999993E-3,8.9999999999999993E-3,8.9999999999999993E-3,1.6E-2,9.1999999999999998E-3,9.1999999999999998E-3,9.1999999999999998E-3,{"$f":"SUM(B102:M102,N53)","v":0.61419999999999997},{"$f":"O53","v":0}]
[{"$nulls":14},{"$f":"O54","v":0}]
[null,{"$f":"IF(B102=\"\",0,B102*$O104)","v":214392.99807},{"$f":"IF(C102=\"\",0,C102*$O104)","v":214392.99807},{"$f":"IF(D102=\"\",0,D102*$O104)","v":214392.99807},{"$f":"IF(E102=\"\",0,E102*$O104)","v":214392.99807},{"$f":"IF(F102=\"\",0,F102*$O104)","v":285857.33075999998},{"$f":"IF(G102=\"\",0,G102*$O104)","v":214392.99807},214392.99807,214392.99807,381143.10768000002,219157.28691600001,219157.28691600001,{"$f":"IF(M102=\"\",0,M102*$O104)","v":219157.28691600001},{"$f":"SUM(B104:M104,N55)","v":14631131.046066001},{"$f":"$O$8","v":23821444.23},{"$nulls":4},0]
[{"$f":"$A$9","v":"PROJETO EXECUTIVO"},{"$nulls":12},{"$f":"SUM(B105:M105,N56)","v":1},{"$f":"O56","v":0}]
[{"$nulls":14},{"$f":"O57","v":0},{"$nulls":4},0]
[null,{"$f":"IF(B105=\"\",0,B105*$O107)","v":0},{"$f":"IF(C105=\"\",0,C105*$O107)","v":0},{"$f":"IF(D105=\"\",0,D105*$O107)","v":0},{"$f":"IF(E105=\"\",0,E105*$O107)","v":0},{"$f":"IF(F105=\"\",0,F105*$O107)","v":0},{"$f":"IF(G105=\"\",0,G105*$O107)","v":0},0,0,0,0,0,{"$f":"IF(M105=\"\",0,M105*$O107)","v":0},{"$f":"SUM(B107:M107,N58)","v":551127.14000000013},{"$f":"$O$11","v":551127.14}]
[{"$f":"$A$12","v":"MOBILIZAÇÃO E DESMOBILIZAÇÃO"},{"$nulls":8},0.1,null,null,null,{"$f":"SUM(B108:M108,N59)","v":0.6},{"$f":"O59","v":0}]
[{"$nulls":14},{"$f":"O60","v":0},{"$nulls":4},0]
[null,{"$f":"IF(B108=\"\",0,B108*$O110)","v":0},{"$f":"IF(C108=\"\",0,C108*$O110)","v":0},{"$f":"IF(D108=\"\",0,D108*$O110)","v":0},{"$f":"IF(E108=\"\",0,E108*$O110)","v":0},{"$f":"IF(F108=\"\",0,F108*$O110)","v":0},{"$f":"IF(G108=\"\",0,G108*$O110)","v":0},0,0,15759.647000000001,0,0,{"$f":"IF(M108=\"\",0,M108*$O110)","v":0},{"$f":"SUM(B110:M110,N61)","v":94557.881999999998},{"$f":"$O$14","v":157596.47}]
[{"$f":"$A$15","v":"CANTEIRO CENTRAL DE OBRAS"},{"$nulls":12},{"$f":"SUM(B111:M111,N62)","v":1},{"$f":"O62","v":0}]
[{"$nulls":14},{"$f":"O63","v":0}]
[null,{"$f":"IF(B111=\"\",0,B111*$O113)","v":0},{"$f":"IF(C111=\"\",0,C111*$O113)","v":0},{"$f":"IF(D111=\"\",0,D111*$O113)","v":0},{"$f":"IF(E111=\"\",0,E111*$O113)","v":0},{"$f":"IF(F111=\"\",0,F111*$O113)","v":0},{"$f":"IF(G111=\"\",0,G111*$O113)","v":0},0,0,0,0,0,{"$f":"IF(M111=\"\",0,M111*$O113)","v":0},{"$f":"SUM(B113:M113,N64)","v":1271347.6399999999},{"$f":"$O$17","v":1271347.6399999999}]
[{"$f":"$A$18","v":"DIVERSOS"},{"$nulls":8},0.15,null,null,null,{"$f":"SUM(B114:M114,N65)","v":0.55000000000000004},{"$f":"O65","v":0}]
[{"$nulls":14},{"$f":"O66","v":0},{"$nulls":4},0]
[null,{"$f":"IF(B114=\"\",0,B114*$O116)","v":0},{"$f":"IF(C114=\"\",0,C114*$O116)","v":0},{"$f":"IF(D114=\"\",0,D114*$O116)","v":0},{"$f":"IF(E114=\"\",0,E114*$O116)","v":0},{"$f":"IF(F114=\"\",0,F114*$O116)","v":0},{"$f":"IF(G114=\"\",0,G114*$O116)","v":0},0,0,10962.33,0,0,{"$f":"IF(M114=\"\",0,M114*$O116)","v":0},{"$f":"SUM(B116:M116,N67)","v":40195.21},{"$f":"$O$20","v":73082.2}]
[{"$f":"$A$21","v":"SERVIÇOS_ADUTORA TRECHO 01 - CAPTAÇÃO A ETA"},{"$nulls":12},{"$f":"SUM(B117:M117,N68)","v":1},{"$f":"O68","v":0}]
[{"$nulls":14},{"$f":"O69","v":0}]
[null,{"$f":"IF(B117=\"\",0,B117*$O119)","v":0},{"$f":"IF(C117=\"\",0,C117*$O119)","v":0},{"$f":"IF(D117=\"\",0,D117*$O119)","v":0},{"$f":"IF(E117=\"\",0,E117*$O119)","v":0},{"$f":"IF(F117=\"\",0,F117*$O119)","v":0},{"$f":"IF(G117=\"\",0,G117*$O119)","v":0},0,0,0,0,0,{"$f":"IF(M117=\"\",0,M117*$O119)","v":0},{"$f":"SUM(B119:M119,N70)","v":105481779.36000001},{"$f":"$O$23","v":105481779.36}]
[{"$f":"$A$24","v":"TRECHO 02 - ETA À MONTANHAS"},{"$nulls":12},{"$f":"SUM(B120:M120,N71)","v":1},{"$f":"O71","v":0}]
[{"$nulls":14},{"$f":"O72","v":0}]
[null,{"$f":"IF(B120=\"\",0,B120*$O122)","v":0},{"$f":"IF(C120=\"\",0,C120*$O122)","v":0},{"$f":"IF(D120=\"\",0,D120*$O122)","v":0},{"$f":"IF(E120=\"\",0,E120*$O122)","v":0},{"$f":"IF(F120=\"\",0,F120*$O122)","v":0},{"$f":"IF(G120=\"\",0,G120*$O122)","v":0},0,0,0,0,0,{"$f":"IF(M120=\"\",0,M120*$O122)","v":0},{"$f":"SUM(B122:M122,N73)","v":77706789.449999988},{"$f":"$O$26","v":77706789.449999988}]
[{"$f":"$A$27","v":"TRECHO 03 - MONTANHAS À NOVA CRUZ"},{"$nulls":12},{"$f":"SUM(B123:M123,N74)","v":1},{"$f":"O74","v":0}]
[{"$nulls":14},{"$f":"O75","v":0}]
[null,{"$f":"IF(B123=\"\",0,B123*$O125)","v":0},{"$f":"IF(C123=\"\",0,C123*$O125)","v":0},{"$f":"IF(D123=\"\",0,D123*$O125)","v":0},{"$f":"IF(E123=\"\",0,E123*$O125)","v":0},{"$f":"IF(F123=\"\",0,F123*$O125)","v":0},{"$f":"IF(G123=\"\",0,G123*$O125)","v":0},0,0,0,0,0,{"$f":"IF(M123=\"\",0,M123*$O125)","v":0},{"$f":"SUM(B125:M125,N76)","v":60551683.969999999},{"$f":"$O$29","v":60551683.970000006}]
[{"$f":"$A$30","v":"TRECHO 04 - NOVA CRUZ À SERRINHA"},0.1,0.1,0.1,0.1,0.15,0.1,0.1,0.1,0.15,null,null,null,{"$f":"SUM(B126:M126,N77)","v":1},{"$f":"O77","v":0}]
[{"$nulls":14},{"$f":"O78","v":0}]
[null,{"$f":"IF(B126=\"\",0,B126*$O128)","v":3979128.1430000002},{"$f":"IF(C126=\"\",0,C126*$O128)","v":3979128.1430000002},{"$f":"IF(D126=\"\",0,D126*$O128)","v":3979128.1430000002},{"$f":"IF(E126=\"\",0,E126*$O128)","v":3979128.1430000002},{"$f":"IF(F126=\"\",0,F126*$O128)","v":5968692.2144999998},{"$f":"IF(G126=\"\",0,G126*$O128)","v":3979128.1430000002},3979128.1430000002,3979128.1430000002,5968692.2144999998,0,0,{"$f":"IF(M126=\"\",0,M126*$O128)","v":0},{"$f":"SUM(B128:M128,N79)","v":39791281.43},{"$f":"$O$32","v":39791281.43}]
[{"$f":"$A$33","v":"TRECHO 05 - NOVA CRUZ À PASSA E FICA"},{"$nulls":8},0.05,0.1,0.1,0.1,{"$f":"SUM(B129:M129,N80)","v":0.35},{"$f":"O80","v":0}]
[{"$nulls":14},{"$f":"O81","v":0}]
[null,{"$f":"IF(B129=\"\",0,B129*$O131)","v":0},{"$f":"IF(C129=\"\",0,C129*$O131)","v":0},{"$f":"IF(D129=\"\",0,D129*$O131)","v":0},{"$f":"IF(E129=\"\",0,E129*$O131)","v":0},{"$f":"IF(F129=\"\",0,F129*$O131)","v":0},{"$f":"IF(G129=\"\",0,G129*$O131)","v":0},0,0,2412281.9310000003,4824563.8620000007,4824563.8620000007,{"$f":"IF(M129=\"\",0,M129*$O131)","v":4824563.8620000007},{"$f":"SUM(B131:M131,N82)","v":16885973.517000001},{"$f":"$O$35","v":48245638.620000005}]
[{"$f":"$A$36","v":"TRECHO 06 - PASSA E FICA À CAMPESTRE"},{"$nulls":12},{"$f":"SUM(B132:M132,N83)","v":0},{"$f":"O83","v":0}]
[{"$nulls":14},{"$f":"O84","v":0}]
[null,{"$f":"IF(B132=\"\",0,B132*$O134)","v":0},{"$f":"IF(C132=\"\",0,C132*$O134)","v":0},{"$f":"IF(D132=\"\",0,D132*$O134)","v":0},{"$f":"IF(E132=\"\",0,E132*$O134)","v":0},{"$f":"IF(F132=\"\",0,F132*$O134)","v":0},{"$f":"IF(G132=\"\",0,G132*$O134)","v":0},0,0,0,0,0,{"$f":"IF(M132=\"\",0,M132*$O134)","v":0},{"$f":"SUM(B134:M134,N85)","v":0},{"$f":"$O$38","v":25906365.319999993}]
[{"$f":"$A$39","v":"TRECHO 07 - CAMPESTRE À TANGARÁ"},{"$nulls":12},{"$f":"SUM(B135:M135,N86)","v":0},{"$f":"O86","v":0}]
[{"$nulls":14},{"$f":"O87","v":0}]
[null,{"$f":"IF(B135=\"\",0,B135*$O137)","v":0},{"$f":"IF(C135=\"\",0,C135*$O137)","v":0},{"$f":"IF(D135=\"\",0,D135*$O137)","v":0},{"$f":"IF(E135=\"\",0,E135*$O137)","v":0},{"$f":"IF(F135=\"\",0,F135*$O137)","v":0},{"$f":"IF(G135=\"\",0,G135*$O137)","v":0},0,0,0,0,0,{"$f":"IF(M135=\"\",0,M135*$O137)","v":0},{"$f":"SUM(B137:M137,N88)","v":0},{"$f":"$O$41","v":60251276.440000013}]
[{"$f":"$A$42","v":"TRECHO 08 - TANGARÁ À SANTA CRUZ"},{"$nulls":12},{"$f":"SUM(B138:M138,N89)","v":0},{"$f":"O89","v":0}]
[{"$nulls":14},{"$f":"O90","v":0}]
[null,{"$f":"IF(B138=\"\",0,B138*$O140)","v":0},{"$f":"IF(C138=\"\",0,C138*$O140)","v":0},{"$f":"IF(D138=\"\",0,D138*$O140)","v":0},{"$f":"IF(E138=\"\",0,E138*$O140)","v":0},{"$f":"IF(F138=\"\",0,F138*$O140)","v":0},{"$f":"IF(G138=\"\",0,G138*$O140)","v":0},0,0,0,0,0,{"$f":"IF(M138=\"\",0,M138*$O140)","v":0},{"$f":"SUM(B140:M140,N91)","v":0},{"$f":"$O$44","v":81230093.829999998}]
[{"$nulls":14},{"$f":"O92","v":0}]
[]
["TOTAIS",{"$f":"SUM(B104+B107+B110+B113+B116+B119+B122+B125+B131+B134+B137+B140+B128)","v":4193521.1410700004},{"$f":"SUM(C104+C107+C110+C113+C116+C119+C122+C125+C131+C134+C137+C140+C128)","v":4193521.1410700004},4193521.1410700004,4193521.1410700004,6254549.54526,4193521.1410700004,4193521.1410700004,4193521.1410700004,8788839.230179999,5043721.1489160005,5043721.1489160005,5043721.1489160005,{"$f":"SUM(N104,N107,N110,N113,N116,N119,N122,N125,N128,N131,N134,N137,N140)","v":317005866.64506602},{"$f":"SUM(O102:O142)","v":525039506.09999996},null,{"$f":"O143-N143","v":208033639.45493394}]
[null,{"$f":"B143+M95","v":261670187.57645804},{"$f":"C143+B144","v":265863708.71752805},270057229.85859805,274250750.99966806,280505300.54492807,284698821.68599808,288892342.82706809,293085863.9681381,301874703.19831812,306918424.34723413,311962145.49615014,317005866.64506614]
["PERCENTUAL",{"$f":"B143/$O$47","v":7.9870582924693196E-3},{"$f":"C143/$O$47","v":7.9870582924693196E-3},{"$f":"D143/$O$47","v":7.9870582924693196E-3},7.9870582924693196E-3,1.1912531290681101E-2,7.9870582924693196E-3,7.9870582924693196E-3,7.9870582924693196E-3,1.6739386518670962E-2,9.6063650264735772E-3,9.6063650264735772E-3,9.6063650264735772E-3]
[null,{"$f":"B145+M97","v":0.4983819018118224},{"$f":"B146+C145","v":0.50636896010429178},0.51435601839676115,0.52234307668923052,0.53425560797991167,0.54224266627238105,0.55022972456485042,0.55821678285731979,0.57495616937599081,0.58456253440246442,0.59416889942893802,0.60377526445541163]
["UNIDADES  DO SISTEMA","TEMPO  ( DIAS )",{"$nulls":11},"TOTAIS",null,null,null,{"$f":"100-92.3","v":7.7000000000000028}]
[null,{"$f":"M101+30","v":1110},{"$f":"B148+30","v":1140},{"$f":"C148+30","v":1170},1200,1230,1260,1290,1320,1350,1380,1410,1440,"( R$ )",null,null,null,{"$f":"40/7","v":5.7142857142857144}]
[{"$f":"$A$6","v":"ADMINISTRAÇÃO LOCAL"},9.5999999999999992E-3,9.5999999999999992E-3,9.5999999999999992E-3,9.5999999999999992E-3,9.5999999999999992E-3,1.9599999999999999E-2,7.7000000000000002E-3,7.7000000000000002E-3,7.7000000000000002E-3,5.1999999999999998E-3,1.72E-2,2.3199999999999998E-2,{"$f":"SUM(B149:M149,N102)","v":0.75049999999999994},{"$f":"O102","v":0}]
[{"$nulls":14},0]
[null,{"$f":"IF(B149=\"\",0,B149*$O151)","v":228685.86460799997},{"$f":"IF(C149=\"\",0,C149*$O151)","v":228685.86460799997},{"$f":"IF(D149=\"\",0,D149*$O151)","v":228685.86460799997},{"$f":"IF(E149=\"\",0,E149*$O151)","v":228685.86460799997},{"$f":"IF(F149=\"\",0,F149*$O151)","v":228685.86460799997},{"$f":"IF(G149=\"\",0,G149*$O151)","v":466900.30690799997},183425.12057100001,183425.12057100001,183425.12057100001,123871.50999599999,409728.84075600002,{"$f":"IF(M149=\"\",0,M149*$O151)","v":552657.50613599992},{"$f":"SUM(B151:M151,N104)","v":17877993.894615002},{"$f":"$O$8","v":23821444.23},{"$nulls":4},0]
[{"$f":"$A$9","v":"PROJETO EXECUTIVO"},{"$nulls":12},{"$f":"SUM(B152:M152,N105)","v":1},0]
[{"$nulls":14},0,{"$nulls":4},0]
[null,{"$f":"IF(B152=\"\",0,B152*$O154)","v":0},{"$f":"IF(C152=\"\",0,C152*$O154)","v":0},{"$f":"IF(D152=\"\",0,D152*$O154)","v":0},{"$f":"IF(E152=\"\",0,E152*$O154)","v":0},{"$f":"IF(F152=\"\",0,F152*$O154)","v":0},{"$f":"IF(G152=\"\",0,G152*$O154)","v":0},0,0,0,0,0,{"$f":"IF(M152=\"\",0,M152*$O154)","v":0},{"$f":"SUM(B154:M154,N107)","v":551127.14000000013},{"$f":"$O$11","v":551127.14}]
[{"$f":"$A$12","v":"MOBILIZAÇÃO E DESMOBILIZAÇÃO"},{"$nulls":5},0.1,{"$nulls":4},0.1,null,{"$f":"SUM(B155:M155,N108)","v":0.8},0]
[{"$nulls":14},0,{"$nulls":4},0]
[null,{"$f":"IF(B155=\"\",0,B155*$O157)","v":0},{"$f":"IF(C155=\"\",0,C155*$O157)","v":0},{"$f":"IF(D155=\"\",0,D155*$O157)","v":0},{"$f":"IF(E155=\"\",0,E155*$O157)","v":0},{"$f":"IF(F155=\"\",0,F155*$O157)","v":0},{"$f":"IF(G155=\"\",0,G155*$O157)","v":15759.647000000001},0,0,0,0,15759.647000000001,{"$f":"IF(M155=\"\",0,M155*$O157)","v":0},{"$f":"SUM(B157:M157,N110)","v":126077.17600000001},{"$f":"$O$14","v":157596.47}]
[{"$f":"$A$15","v":"CANTEIRO CENTRAL DE OBRAS"},{"$nulls":12},{"$f":"SUM(B158:M158,N111)","v":1},0]
[{"$nulls":14},0]
[null,{"$f":"IF(B158=\"\",0,B158*$O160)","v":0},{"$f":"IF(C158=\"\",0,C158*$O160)","v":0},{"$f":"IF(D158=\"\",0,D158*$O160)","v":0},{"$f":"IF(E158=\"\",0,E158*$O160)","v":0},{"$f":"IF(F158=\"\",0,F158*$O160)","v":0},{"$f":"IF(G158=\"\",0,G158*$O160)","v":0},0,0,0,0,0,{"$f":"IF(M158=\"\",0,M158*$O160)","v":0},{"$f":"SUM(B160:M160,N113)","v":1271347.6399999999},{"$f":"$O$17","v":1271347.6399999999}]
[{"$f":"$A$18","v":"DIVERSOS"},{"$nulls":5},0.15,{"$nulls":4},0.15,null,{"$f":"SUM(B161:M161,N114)","v":0.85000000000000009},0]
[{"$nulls":14},0,{"$nulls":4},0]
[null,{"$f":"IF(B161=\"\",0,B161*$O163)","v":0},{"$f":"IF(C161=\"\",0,C161*$O163)","v":0},{"$f":"IF(D161=\"\",0,D161*$O163)","v":0},{"$f":"IF(E161=\"\",0,E161*$O163)","v":0},{"$f":"IF(F161=\"\",0,F161*$O163)","v":0},{"$f":"IF(G161=\"\",0,G161*$O163)","v":10962.33},0,0,0,0,10962.33,{"$f":"IF(M161=\"\",0,M161*$O163)","v":0},{"$f":"SUM(B163:M163,N116)","v":62119.869999999995},{"$f":"$O$20","v":73082.2}]
[{"$f":"$A$21","v":"SERVIÇOS_ADUTORA TRECHO 01 - CAPTAÇÃO A ETA"},{"$nulls":12},{"$f":"SUM(B164:M164,N117)","v":1},0]
[{"$nulls":14},0]
[null,{"$f":"IF(B164=\"\",0,B164*$O166)","v":0},{"$f":"IF(C164=\"\",0,C164*$O166)","v":0},{"$f":"IF(D164=\"\",0,D164*$O166)","v":0},{"$f":"IF(E164=\"\",0,E164*$O166)","v":0},{"$f":"IF(F164=\"\",0,F164*$O166)","v":0},{"$f":"IF(G164=\"\",0,G164*$O166)","v":0},0,0,0,0,0,{"$f":"IF(M164=\"\",0,M164*$O166)","v":0},{"$f":"SUM(B166:M166,N119)","v":105481779.36000001},{"$f":"$O$23","v":105481779.36}]
[{"$f":"$A$24","v":"TRECHO 02 - ETA À MONTANHAS"},{"$nulls":12},{"$f":"SUM(B167:M167,N120)","v":1},0]
[{"$nulls":14},0]
[null,{"$f":"IF(B167=\"\",0,B167*$O169)","v":0},{"$f":"IF(C167=\"\",0,C167*$O169)","v":0},{"$f":"IF(D167=\"\",0,D167*$O169)","v":0},{"$f":"IF(E167=\"\",0,E167*$O169)","v":0},{"$f":"IF(F167=\"\",0,F167*$O169)","v":0},{"$f":"IF(G167=\"\",0,G167*$O169)","v":0},0,0,0,0,0,{"$f":"IF(M167=\"\",0,M167*$O169)","v":0},{"$f":"SUM(B169:M169,N122)","v":77706789.449999988},{"$f":"$O$26","v":77706789.449999988}]
[{"$f":"$A$27","v":"TRECHO 03 - MONTANHAS À NOVA CRUZ"},{"$nulls":12},{"$f":"SUM(B170:M170,N123)","v":1},0]
[{"$nulls":14},0]
[null,{"$f":"IF(B170=\"\",0,B170*$O172)","v":0},{"$f":"IF(C170=\"\",0,C170*$O172)","v":0},{"$f":"IF(D170=\"\",0,D170*$O172)","v":0},{"$f":"IF(E170=\"\",0,E170*$O172)","v":0},{"$f":"IF(F170=\"\",0,F170*$O172)","v":0},{"$f":"IF(G170=\"\",0,G170*$O172)","v":0},0,0,0,0,0,{"$f":"IF(M170=\"\",0,M170*$O172)","v":0},{"$f":"SUM(B172:M172,N125)","v":60551683.969999999},{"$f":"$O$29","v":60551683.970000006}]
[{"$f":"$A$30","v":"TRECHO 04 - NOVA CRUZ À SERRINHA"},{"$nulls":12},{"$f":"SUM(B173:M173,N126)","v":1},0]
[{"$nulls":14},0]
[null,{"$f":"IF(B173=\"\",0,B173*$O175)","v":0},{"$f":"IF(C173=\"\",0,C173*$O175)","v":0},{"$f":"IF(D173=\"\",0,D173*$O175)","v":0},{"$f":"IF(E173=\"\",0,E173*$O175)","v":0},{"$f":"IF(F173=\"\",0,F173*$O175)","v":0},{"$f":"IF(G173=\"\",0,G173*$O175)","v":0},0,0,0,0,0,{"$f":"IF(M173=\"\",0,M173*$O175)","v":0},{"$f":"SUM(B175:M175,N128)","v":39791281.43},{"$f":"$O$32","v":39791281.43}]
[{"$f":"$A$33","v":"TRECHO 05 - NOVA CRUZ À PASSA E FICA"},0.1,0.1,0.1,0.1,0.1,0.15,{"$nulls":6},{"$f":"SUM(B176:M176,N129)","v":1},0]
[{"$nulls":14},0]
[null,{"$f":"IF(B176=\"\",0,B176*$O178)","v":4824563.8620000007},{"$f":"IF(C176=\"\",0,C176*$O178)","v":4824563.8620000007},{"$f":"IF(D176=\"\",0,D176*$O178)","v":4824563.8620000007},{"$f":"IF(E176=\"\",0,E176*$O178)","v":4824563.8620000007},{"$f":"IF(F176=\"\",0,F176*$O178)","v":4824563.8620000007},{"$f":"IF(G176=\"\",0,G176*$O178)","v":7236845.7930000005},0,0,0,0,0,{"$f":"IF(M176=\"\",0,M176*$O178)","v":0},{"$f":"SUM(B178:M178,N131)","v":48245638.620000005},{"$f":"$O$35","v":48245638.620000005}]
[{"$f":"$A$36","v":"TRECHO 06 - PASSA E FICA À CAMPESTRE"},{"$nulls":5},0.1,0.15,0.15,0.15,0.1,0.1,0.1,{"$f":"SUM(B179:M179,N132)","v":0.85},0]
[{"$nulls":14},0]
[null,{"$f":"IF(B179=\"\",0,B179*$O181)","v":0},{"$f":"IF(C179=\"\",0,C179*$O181)","v":0},{"$f":"IF(D179=\"\",0,D179*$O181)","v":0},{"$f":"IF(E179=\"\",0,E179*$O181)","v":0},{"$f":"IF(F179=\"\",0,F179*$O181)","v":0},{"$f":"IF(G179=\"\",0,G179*$O181)","v":2590636.5319999997},3885954.7979999986,3885954.7979999986,3885954.7979999986,2590636.5319999997,2590636.5319999997,{"$f":"IF(M179=\"\",0,M179*$O181)","v":2590636.5319999997},{"$f":"SUM(B181:M181,N134)","v":22020410.521999992},{"$f":"$O$38","v":25906365.319999993}]
[{"$f":"$A$39","v":"TRECHO 07 - CAMPESTRE À TANGARÁ"},{"$nulls":10},0.1,0.15,{"$f":"SUM(B182:M182,N135)","v":0.25},0]
[{"$nulls":14},0]
[null,{"$f":"IF(B182=\"\",0,B182*$O184)","v":0},{"$f":"IF(C182=\"\",0,C182*$O184)","v":0},{"$f":"IF(D182=\"\",0,D182*$O184)","v":0},{"$f":"IF(E182=\"\",0,E182*$O184)","v":0},{"$f":"IF(F182=\"\",0,F182*$O184)","v":0},{"$f":"IF(G182=\"\",0,G182*$O184)","v":0},0,0,0,0,6025127.6440000013,{"$f":"IF(M182=\"\",0,M182*$O184)","v":9037691.4660000019},{"$f":"SUM(B184:M184,N137)","v":15062819.110000003},{"$f":"$O$41","v":60251276.440000013}]
[{"$f":"$A$42","v":"TRECHO 08 - TANGARÁ À SANTA CRUZ"},{"$nulls":12},{"$f":"SUM(B185:M185,N138)","v":0},0]
[{"$nulls":14},0]
[null,{"$f":"IF(B185=\"\",0,B185*$O187)","v":0},{"$f":"IF(C185=\"\",0,C185*$O187)","v":0},{"$f":"IF(D185=\"\",0,D185*$O187)","v":0},{"$f":"IF(E185=\"\",0,E185*$O187)","v":0},{"$f":"IF(F185=\"\",0,F185*$O187)","v":0},{"$f":"IF(G185=\"\",0,G185*$O187)","v":0},0,0,0,0,0,{"$f":"IF(M185=\"\",0,M185*$O187)","v":0},{"$f":"SUM(B187:M187,N140)","v":0},{"$f":"$O$44","v":81230093.829999998}]
[{"$nulls":14},{"$f":"O141","v":0}]
[]
["TOTAIS",{"$f":"SUM(B151+B154+B157+B160+B163+B166+B169+B172+B178+B181+B184+B187+B175)","v":5053249.7266080007},{"$f":"SUM(C151+C154+C157+C160+C163+C166+C169+C172+C178+C181+C184+C187+C175)","v":5053249.7266080007},5053249.7266080007,5053249.7266080007,5053249.7266080007,10321104.608908001,4069379.9185709986,4069379.9185709986,4069379.9185709986,2714508.0419959999,9052214.993756,12180985.504136002,{"$f":"SUM(N151,N154,N157,N160,N163,N166,N169,N172,N175,N178,N181,N184,N187)","v":388749068.18261504},{"$f":"SUM(O149:O189)","v":525039506.09999996},null,{"$f":"O190-N190","v":136290437.91738492}]
[null,{"$f":"B190+M144","v":322059116.37167412},{"$f":"C190+B191","v":327112366.0982821},332165615.82489008,337218865.55149806,342272115.27810603,352593219.88701403,356662599.80558503,360731979.72415602,364801359.64272702,367515867.68472302,376568082.67847902,388749068.18261504]
["PERCENTUAL",{"$f":"B190/$O$47","v":9.624513332613013E-3},{"$f":"C190/$O$47","v":9.624513332613013E-3},{"$f":"D190/$O$47","v":9.624513332613013E-3},9.624513332613013E-3,9.624513332613013E-3,1.9657767632712625E-2,7.7506166132114583E-3,7.7506166132114583E-3,7.7506166132114583E-3,5.1701024598308793E-3,1.7241016892225819E-2,2.3200131347479953E-2]
[null,{"$f":"B192+M146","v":0.61339977778802468},{"$f":"B193+C192","v":0.62302429112063773},0.63264880445325078,0.64227331778586383,0.65189783111847688,0.67155559875118953,0.67930621536440094,0.68705683197761236,0.69480744859082377,0.69997755105065462,0.71721856794288041,0.74041869929036042]
["UNIDADES  DO SISTEMA","TEMPO  ( DIAS )",{"$nulls":11},"TOTAIS",null,null,null,{"$f":"100-92.3","v":7.7000000000000028}]
[null,{"$f":"M148+30","v":1470},{"$f":"B195+30","v":1500},{"$f":"C195+30","v":1530},1560,1590,1620,1650,1680,1710,1740,1770,1800,"( R$ )",null,null,null,{"$f":"40/7","v":5.7142857142857144}]
[{"$f":"$A$6","v":"ADMINISTRAÇÃO LOCAL"},1.7999999999999999E-2,1.7999999999999999E-2,1.2E-2,1.2E-2,2.8199999999999999E-2,4.2299999999999997E-2,2.4299999999999999E-2,2.4299999999999999E-2,1.6199999999999999E-2,1.6199999999999999E-2,1.6E-2,2.1999999999999999E-2,{"$f":"SUM(B196:M196,N149)","v":0.99999999999999989},{"$f":"O149","v":0}]
[{"$nulls":14},0]
[null,{"$f":"IF(B196=\"\",0,B196*$O198)","v":428785.99614},{"$f":"IF(C196=\"\",0,C196*$O198)","v":428785.99614},{"$f":"IF(D196=\"\",0,D196*$O198)","v":285857.33075999998},{"$f":"IF(E196=\"\",0,E196*$O198)","v":285857.33075999998},{"$f":"IF(F196=\"\",0,F196*$O198)","v":671764.72728600004},{"$f":"IF(G196=\"\",0,G196*$O198)","v":1007647.0909289999},578861.094789,578861.094789,385907.396526,385907.396526,381143.10768000002,{"$f":"IF(M196=\"\",0,M196*$O198)","v":524071.77305999998},{"$f":"SUM(B198:M198,N151)","v":23821444.230000004},{"$f":"$O$8","v":23821444.23},{"$nulls":4},0]
[{"$f":"$A$9","v":"PROJETO EXECUTIVO"},{"$nulls":12},{"$f":"SUM(B199:M199,N152)","v":1},0]
[{"$nulls":14},0,{"$nulls":4},0]
[null,{"$f":"IF(B199=\"\",0,B199*$O201)","v":0},{"$f":"IF(C199=\"\",0,C199*$O201)","v":0},{"$f":"IF(D199=\"\",0,D199*$O201)","v":0},{"$f":"IF(E199=\"\",0,E199*$O201)","v":0},{"$f":"IF(F199=\"\",0,F199*$O201)","v":0},{"$f":"IF(G199=\"\",0,G199*$O201)","v":0},0,0,0,0,0,{"$f":"IF(M199=\"\",0,M199*$O201)","v":0},{"$f":"SUM(B201:M201,N154)","v":551127.14000000013},{"$f":"$O$11","v":551127.14}]
[{"$f":"$A$12","v":"MOBILIZAÇÃO E DESMOBILIZAÇÃO"},{"$nulls":4},0.1,{"$nulls":6},0.1,{"$f":"SUM(B202:M202,N155)","v":1},0]
[{"$nulls":14},0,{"$nulls":4},0]
[null,{"$f":"IF(B202=\"\",0,B202*$O204)","v":0},{"$f":"IF(C202=\"\",0,C202*$O204)","v":0},{"$f":"IF(D202=\"\",0,D202*$O204)","v":0},{"$f":"IF(E202=\"\",0,E202*$O204)","v":0},{"$f":"IF(F202=\"\",0,F202*$O204)","v":15759.647000000001},{"$f":"IF(G202=\"\",0,G202*$O204)","v":0},0,0,0,0,0,{"$f":"IF(M202=\"\",0,M202*$O204)","v":15759.647000000001},{"$f":"SUM(B204:M204,N157)","v":157596.47},{"$f":"$O$14","v":157596.47}]
[{"$f":"$A$15","v":"CANTEIRO CENTRAL DE OBRAS"},{"$nulls":12},{"$f":"SUM(B205:M205,N158)","v":1},0]
[{"$nulls":14},0]
[null,{"$f":"IF(B205=\"\",0,B205*$O207)","v":0},{"$f":"IF(C205=\"\",0,C205*$O207)","v":0},{"$f":"IF(D205=\"\",0,D205*$O207)","v":0},{"$f":"IF(E205=\"\",0,E205*$O207)","v":0},{"$f":"IF(F205=\"\",0,F205*$O207)","v":0},{"$f":"IF(G205=\"\",0,G205*$O207)","v":0},0,0,0,0,0,{"$f":"IF(M205=\"\",0,M205*$O207)","v":0},{"$f":"SUM(B207:M207,N160)","v":1271347.6399999999},{"$f":"$O$17","v":1271347.6399999999}]
[{"$f":"$A$18","v":"DIVERSOS"},{"$nulls":4},0.15,{"$nulls":7},{"$f":"SUM(B208:M208,N161)","v":1},0]
[{"$nulls":14},0,{"$nulls":4},0]
[null,{"$f":"IF(B208=\"\",0,B208*$O210)","v":0},{"$f":"IF(C208=\"\",0,C208*$O210)","v":0},{"$f":"IF(D208=\"\",0,D208*$O210)","v":0},{"$f":"IF(E208=\"\",0,E208*$O210)","v":0},{"$f":"IF(F208=\"\",0,F208*$O210)","v":10962.33},{"$f":"IF(G208=\"\",0,G208*$O210)","v":0},0,0,0,0,0,{"$f":"IF(M208=\"\",0,M208*$O210)","v":0},{"$f":"SUM(B210:M210,N163)","v":73082.2},{"$f":"$O$20","v":73082.2}]
[{"$f":"$A$21","v":"SERVIÇOS_ADUTORA TRECHO 01 - CAPTAÇÃO A ETA"},{"$nulls":12},{"$f":"SUM(B211:M211,N164)","v":1},0]
[{"$nulls":14},0]
[null,{"$f":"IF(B211=\"\",0,B211*$O213)","v":0},{"$f":"IF(C211=\"\",0,C211*$O213)","v":0},{"$f":"IF(D211=\"\",0,D211*$O213)","v":0},{"$f":"IF(E211=\"\",0,E211*$O213)","v":0},{"$f":"IF(F211=\"\",0,F211*$O213)","v":0},{"$f":"IF(G211=\"\",0,G211*$O213)","v":0},0,0,0,0,0,{"$f":"IF(M211=\"\",0,M211*$O213)","v":0},{"$f":"SUM(B213:M213,N166)","v":105481779.36000001},{"$f":"$O$23","v":105481779.36}]
[{"$f":"$A$24","v":"TRECHO 02 - ETA À MONTANHAS"},{"$nulls":12},{"$f":"SUM(B214:M214,N167)","v":1},0]
[{"$nulls":14},0]
[null,{"$f":"IF(B214=\"\",0,B214*$O216)","v":0},{"$f":"IF(C214=\"\",0,C214*$O216)","v":0},{"$f":"IF(D214=\"\",0,D214*$O216)","v":0},{"$f":"IF(E214=\"\",0,E214*$O216)","v":0},{"$f":"IF(F214=\"\",0,F214*$O216)","v":0},{"$f":"IF(G214=\"\",0,G214*$O216)","v":0},0,0,0,0,0,{"$f":"IF(M214=\"\",0,M214*$O216)","v":0},{"$f":"SUM(B216:M216,N169)","v":77706789.449999988},{"$f":"$O$26","v":77706789.449999988}]
[{"$f":"$A$27","v":"TRECHO 03 - MONTANHAS À NOVA CRUZ"},{"$nulls":12},{"$f":"SUM(B217:M217,N170)","v":1},0]
[{"$nulls":14},0]
[null,{"$f":"IF(B217=\"\",0,B217*$O219)","v":0},{"$f":"IF(C217=\"\",0,C217*$O219)","v":0},{"$f":"IF(D217=\"\",0,D217*$O219)","v":0},{"$f":"IF(E217=\"\",0,E217*$O219)","v":0},{"$f":"IF(F217=\"\",0,F217*$O219)","v":0},{"$f":"IF(G217=\"\",0,G217*$O219)","v":0},0,0,0,0,0,{"$f":"IF(M217=\"\",0,M217*$O219)","v":0},{"$f":"SUM(B219:M219,N172)","v":60551683.969999999},{"$f":"$O$29","v":60551683.970000006}]
[{"$f":"$A$30","v":"TRECHO 04 - NOVA CRUZ À SERRINHA"},{"$nulls":12},{"$f":"SUM(B220:M220,N173)","v":1},0]
[{"$nulls":14},0]
[null,{"$f":"IF(B220=\"\",0,B220*$O222)","v":0},{"$f":"IF(C220=\"\",0,C220*$O222)","v":0},{"$f":"IF(D220=\"\",0,D220*$O222)","v":0},{"$f":"IF(E220=\"\",0,E220*$O222)","v":0},{"$f":"IF(F220=\"\",0,F220*$O222)","v":0},{"$f":"IF(G220=\"\",0,G220*$O222)","v":0},0,0,0,0,0,{"$f":"IF(M220=\"\",0,M220*$O222)","v":0},{"$f":"SUM(B222:M222,N175)","v":39791281.43},{"$f":"$O$32","v":39791281.43}]
[{"$f":"$A$33","v":"TRECHO 05 - NOVA CRUZ À PASSA E FICA"},{"$nulls":12},{"$f":"SUM(B223:M223,N176)","v":1},0]
[{"$nulls":14},0]
[null,{"$f":"IF(B223=\"\",0,B223*$O225)","v":0},{"$f":"IF(C223=\"\",0,C223*$O225)","v":0},{"$f":"IF(D223=\"\",0,D223*$O225)","v":0},{"$f":"IF(E223=\"\",0,E223*$O225)","v":0},{"$f":"IF(F223=\"\",0,F223*$O225)","v":0},{"$f":"IF(G223=\"\",0,G223*$O225)","v":0},0,0,0,0,0,{"$f":"IF(M223=\"\",0,M223*$O225)","v":0},{"$f":"SUM(B225:M225,N178)","v":48245638.620000005},{"$f":"$O$35","v":48245638.620000005}]
[{"$f":"$A$36","v":"TRECHO 06 - PASSA E FICA À CAMPESTRE"},0.15,{"$nulls":11},{"$f":"SUM(B226:M226,N179)","v":1},0]
[{"$nulls":14},0]
[null,{"$f":"IF(B226=\"\",0,B226*$O228)","v":3885954.7979999986},{"$f":"IF(C226=\"\",0,C226*$O228)","v":0},{"$f":"IF(D226=\"\",0,D226*$O228)","v":0},{"$f":"IF(E226=\"\",0,E226*$O228)","v":0},{"$f":"IF(F226=\"\",0,F226*$O228)","v":0},{"$f":"IF(G226=\"\",0,G226*$O228)","v":0},0,0,0,0,0,{"$f":"IF(M226=\"\",0,M226*$O228)","v":0},{"$f":"SUM(B228:M228,N181)","v":25906365.319999993},{"$f":"$O$38","v":25906365.319999993}]
[{"$f":"$A$39","v":"TRECHO 07 - CAMPESTRE À TANGARÁ"},0.15,0.15,0.1,0.1,0.1,0.15,{"$nulls":6},{"$f":"SUM(B229:M229,N182)","v":1},0]
[{"$nulls":14},0]
[null,{"$f":"IF(B229=\"\",0,B229*$O231)","v":9037691.4660000019},{"$f":"IF(C229=\"\",0,C229*$O231)","v":9037691.4660000019},{"$f":"IF(D229=\"\",0,D229*$O231)","v":6025127.6440000013},{"$f":"IF(E229=\"\",0,E229*$O231)","v":6025127.6440000013},{"$f":"IF(F229=\"\",0,F229*$O231)","v":6025127.6440000013},{"$f":"IF(G229=\"\",0,G229*$O231)","v":9037691.4660000019},0,0,0,0,0,{"$f":"IF(M229=\"\",0,M229*$O231)","v":0},{"$f":"SUM(B231:M231,N184)","v":60251276.440000013},{"$f":"$O$41","v":60251276.440000013}]
[{"$f":"$A$42","v":"TRECHO 08 - TANGARÁ À SANTA CRUZ"},{"$nulls":4},0.1,0.15,0.15,0.15,0.1,0.1,0.1,0.15,{"$f":"SUM(B232:M232,N185)","v":1},0]
[{"$nulls":14},0]
[null,{"$f":"IF(B232=\"\",0,B232*$O234)","v":0},{"$f":"IF(C232=\"\",0,C232*$O234)","v":0},{"$f":"IF(D232=\"\",0,D232*$O234)","v":0},{"$f":"IF(E232=\"\",0,E232*$O234)","v":0},{"$f":"IF(F232=\"\",0,F232*$O234)","v":8123009.3830000004},{"$f":"IF(G232=\"\",0,G232*$O234)","v":12184514.0745},12184514.0745,12184514.0745,8123009.3830000004,8123009.3830000004,8123009.3830000004,{"$f":"IF(M232=\"\",0,M232*$O234)","v":12184514.0745},{"$f":"SUM(B234:M234,N187)","v":81230093.829999998},{"$f":"$O$44","v":81230093.829999998}]
[{"$nulls":14},{"$f":"O188","v":0}]
[]
["TOTAIS",{"$f":"SUM(B198+B201+B204+B207+B210+B213+B216+B219+B225+B228+B231+B234+B222)","v":13352432.260140002},{"$f":"SUM(C198+C201+C204+C207+C210+C213+C216+C219+C225+C228+C231+C234+C222)","v":9466477.4621400014},6310984.9747600015,6310984.9747600015,14846623.731286,22229852.631429002,12763375.169289,12763375.169289,8508916.7795260008,8508916.7795260008,8504152.4906799998,12724345.49456,{"$f":"SUM(N198,N201,N204,N207,N210,N213,N216,N219,N222,N225,N228,N231,N234)","v":525039506.10000002},{"$f":"SUM(O196:O236)","v":525039506.09999996},null,{"$f":"O237-N237","v":0}]
[null,{"$f":"B237+M191","v":402101500.44275504},{"$f":"C237+B238","v":411567977.90489507},417878962.87965506,424189947.85441506,439036571.58570105,461266424.21713006,474029799.38641906,486793174.55570805,495302091.33523405,503811008.11476004,512315160.60544002,525039506.10000002]
["PERCENTUAL",{"$f":"B237/$O$47","v":2.5431290607676432E-2},{"$f":"C237/$O$47","v":1.8030028887649072E-2},{"$f":"D237/$O$47","v":1.2020019258432718E-2},1.2020019258432718E-2,2.8277155449819211E-2,4.2339390413785483E-2,2.4309361526136407E-2,2.4309361526136407E-2,1.6206241017424274E-2,1.6206241017424274E-2,1.6197166864354552E-2,2.4235024882368561E-2]
[null,{"$f":"B239+M193","v":0.76584998989803688},{"$f":"B240+C239","v":0.78388001878568592},0.79590003804411869,0.80792005730255145,0.83619721275237069,0.87853660316615612,0.9028459646922925,0.92715532621842889,0.94336156723585318,0.95956780825327748,0.97576497511763205,1.0000000000000007]
[]
[]
[]
[{"$nulls":14},{"$f":"100/8","v":12.5}]
[]
[{"$nulls":13},{"$f":"100/8","v":12.5}]
[{"$nulls":15},{"$f":"100/8","v":12.5}]

{"sheet":"Orçamento","index":3,"n_rows":2790,"n_cols":17,"rows_kept":2790,"cut":false,"hidden":false,"merged":[[3,2,3,4],[4,2,4,4],[2789,0,2791,3],[2789,8,2791,8],[2789,4,2791,6],[7,8,8,8],[2789,11,2791,11],[5,0,8,0],[5,2,8,2],[5,3,8,3],[5,4,8,4],[5,7,5,8],[6,6,6,8],[7,6,7,7],[6,9,6,11],[7,9,7,10],[5,1,8,1],[5,5,8,5],[7,11,8,11],[0,0,0,11],[5,10,5,11],[4,6,4,7],[3,6,3,7],[1,6,1,7],[2,6,2,7],[1,9,1,10],[2,9,2,10],[3,9,3,10],[4,9,4,10],[1,0,1,1],[2,0,2,1],[3,0,3,1],[4,0,4,1],[1,2,1,4],[2,2,2,4]]}
["ESTIMATIVA DE CUSTO"]
["PROJETO:",null,{"$f":"RESUMO!C3","v":"Sistema Adutor do Agreste Potiguar"},null,null,"REVISÃO:","E.S. MÊS:",null,0.70909999999999995,"E.S. MÊS:",null,0.46960000000000002]
["SERVIÇO:",null,{"$f":"RESUMO!C4","v":"Trechos 01, 02, 03, 04, 05, 06 e 07 - Captação a Santa Cruz"},null,null,{"$f":"RESUMO!D4","v":"01"},"E.S. HORA:",null,1.1545000000000001,"E.S. HORA:",null,0.85340000000000005,{"$f":"TODAY()","v":"2024-09-23"}]
["LOCAL:",null,{"$f":"RESUMO!C5","v":"Canguaretama a Santa Cruz/RN"},null,null,"DATA BASE:","BDI SERVIÇO:",null,{"$f":"BNCDADOS!$E$8","v":0.2369},"BDI SERVIÇO:",null,{"$f":"BNCDADOS!$G$8","v":0.29959999999999998}]
["REFERÊNCIAS:",null,{"$f":"RESUMO!C6","v":"SINAPI 07/24, SICRO 04/24, SEINFRA 28, EMBASA 05/24"},null,null,{"$f":"RESUMO!D6","v":"2024-09-01"},"BDI MATERIAL E EQUIP.:",null,{"$f":"'BDI (equip_mat)'!$G$26","v":0.12},"BDI MATERIAL E EQUIP.:",null,{"$f":"'BDI (equip_mat)'!$I$26","v":0.17480000000000001}]
["ITEM","REFERÊNCIA","CÓDIGO","DISCRIMINAÇÃO","UNID.","QUANT.","MODALIDADE:","SEM DESONERAÇÃO",null,"MODALIDADE:","COM DESONERAÇÃO",{"$nulls":4}," "]
[{"$nulls":6},"PREÇOS (R$)",null,null,"PREÇOS (R$)"]
[{"$nulls":6},"UNITÁRIO",null,"PARCIAL","UNITÁRIO",null,"PARCIAL"]
[{"$nulls":6},"SEM BDI","COM BDI",null,"SEM BDI","COM BDI"]
["1.",null,null,"SERVIÇOS PRELIMINARES",{"$nulls":4},{"$f":"I11+I13+I17+I26","v":28120056.940000001},null,null,{"$f":"L11+L13+L17+L26","v":26024771.870000001},"QUANT."]
["1.1",{"$f":"IF(C11=0,\"\",VLOOKUP(C11,BNCDADOS!$A:$G,8,0))","v":""},null,"ADMINISTRAÇÃO LOCAL",{"$f":"IF(C11=0,\"\",VLOOKUP(C11,BNCDADOS!$A:$G,3,0))","v":""},{"$f":"TRUNC(M11,2)","v":0},{"$f":"IF(C11=0,\"\",VLOOKUP(C11,BNCDADOS!$A:$G,4,0))","v":""},{"$f":"IF(C11=0,\"\",VLOOKUP(C11,BNCDADOS!$A:$G,5,0))","v":""},{"$f":"I12","v":27213809.219999999},{"$f":"IF(C11=0,\"\",VLOOKUP(C11,BNCDADOS!$A:$G,6,0))","v":""},{"$f":"IF(C11=0,\"\",VLOOKUP(C11,BNCDADOS!$A:$G,7,0))","v":""},{"$f":"L12","v":25098171.760000002}]
["1.1.1",{"$f":"IF(C12=0,\"\",VLOOKUP(C12,BNCDADOS!$A:$H,8,0))","v":0},"ADM LOCAL",{"$f":"IF(C12=0,\"\",VLOOKUP(C12,BNCDADOS!$A:$G,2,0))","v":"ADMINISTRAÇÃO LOCAL DE OBRA"},{"$f":"IF(C12=0,\"\",VLOOKUP(C12,BNCDADOS!$A:$G,3,0))","v":"UN"},1,{"$f":"IF(C12=0,\"\",VLOOKUP(C12,BNCDADOS!$A:$G,4,0))","v":22001624.399999999},{"$f":"IF(C12=0,\"\",VLOOKUP(C12,BNCDADOS!$A:$G,5,0))","v":27213809.219999999},{"$f":"IF(H12=\"\",0,TRUNC(H12*F12,2))","v":27213809.219999999},{"$f":"IF(C12=0,\"\",VLOOKUP(C12,BNCDADOS!$A:$G,6,0))","v":19312228.199999999},{"$f":"IF(C12=0,\"\",VLOOKUP(C12,BNCDADOS!$A:$G,7,0))","v":25098171.760000002},{"$f":"IF(K12=\"\",0,TRUNC(K12*F12,2))","v":25098171.760000002},1]
["1.2",{"$f":"IF(C13=0,\"\",VLOOKUP(C13,BNCDADOS!$A:$G,8,0))","v":""},null,"MOBILIZAÇÃO E DESMOBILIZAÇÃO",{"$f":"IF(C13=0,\"\",VLOOKUP(C13,BNCDADOS!$A:$G,3,0))","v":""},0,{"$f":"IF(C13=0,\"\",VLOOKUP(C13,BNCDADOS!$A:$G,4,0))","v":""},{"$f":"IF(C13=0,\"\",VLOOKUP(C13,BNCDADOS!$A:$G,5,0))","v":""},{"$f":"SUM(I14:I15)","v":239065.18},{"$f":"IF(C13=0,\"\",VLOOKUP(C13,BNCDADOS!$A:$G,6,0))","v":""},{"$f":"IF(C13=0,\"\",VLOOKUP(C13,BNCDADOS!$A:$G,7,0))","v":""},{"$f":"SUM(L14:L15)","v":248956.69}]
["1.2.1",{"$f":"IF(C14=0,\"\",VLOOKUP(C14,BNCDADOS!$A:$H,8,0))","v":0},"MOB - CD",{"$f":"IF(C14=0,\"\",VLOOKUP(C14,BNCDADOS!$A:$G,2,0))","v":"MOBILIZACAO E DESMOBILIZACAO DE EQUIPAMENTOS - CARGA E DESCARGA"},{"$f":"IF(C14=0,\"\",VLOOKUP(C14,BNCDADOS!$A:$G,3,0))","v":"T"},23.65,{"$f":"IF(C14=0,\"\",VLOOKUP(C14,BNCDADOS!$A:$G,4,0))","v":161.25},{"$f":"IF(C14=0,\"\",VLOOKUP(C14,BNCDADOS!$A:$G,5,0))","v":199.45},{"$f":"IF(H14=\"\",0,TRUNC(H14*F14,2))","v":4716.99},{"$f":"IF(C14=0,\"\",VLOOKUP(C14,BNCDADOS!$A:$G,6,0))","v":157.61000000000001},{"$f":"IF(C14=0,\"\",VLOOKUP(C14,BNCDADOS!$A:$G,7,0))","v":204.82},{"$f":"IF(K14=\"\",0,TRUNC(K14*F14,2))","v":4843.99},{"$f":"'Mobilização e Desmobilização'!E51","v":23.65}]
["1.2.2",{"$f":"IF(C15=0,\"\",VLOOKUP(C15,BNCDADOS!$A:$H,8,0))","v":0},"MOB - TRANSP",{"$f":"IF(C15=0,\"\",VLOOKUP(C15,BNCDADOS!$A:$G,2,0))","v":"MOBILIZACAO E DESMOBILIZACAO DE EQUIPAMENTOS - TRANSPORTE"},{"$f":"IF(C15=0,\"\",VLOOKUP(C15,BNCDADOS!$A:$G,3,0))","v":"TXKM"},325483.59999999998,{"$f":"IF(C15=0,\"\",VLOOKUP(C15,BNCDADOS!$A:$G,4,0))","v":0.59},{"$f":"IF(C15=0,\"\",VLOOKUP(C15,BNCDADOS!$A:$G,5,0))","v":0.72},{"$f":"IF(H15=\"\",0,TRUNC(H15*F15,2))","v":234348.19},{"$f":"IF(C15=0,\"\",VLOOKUP(C15,BNCDADOS!$A:$G,6,0))","v":0.57999999999999996},{"$f":"IF(C15=0,\"\",VLOOKUP(C15,BNCDADOS!$A:$G,7,0))","v":0.75},{"$f":"IF(K15=\"\",0,TRUNC(K15*F15,2))","v":244112.7},{"$f":"'Mobilização e Desmobilização'!E52","v":325483.60000000003}]
[{"$nulls":12},{"$f":"E10/E83","v":{"$error":"#VALUE!"}}]
["1.3",{"$f":"IF(C17=0,\"\",VLOOKUP(C17,BNCDADOS!$A:$G,8,0))","v":""},null,"CANTEIRO CENTRAL DE OBRAS",{"$f":"IF(C17=0,\"\",VLOOKUP(C17,BNCDADOS!$A:$G,3,0))","v":""},{"$f":"TRUNC(M17,2)","v":0},{"$f":"IF(C17=0,\"\",VLOOKUP(C17,BNCDADOS!$A:$G,4,0))","v":""},{"$f":"IF(C17=0,\"\",VLOOKUP(C17,BNCDADOS!$A:$G,5,0))","v":""},{"$f":"SUM(I18:I24)","v":630641.43999999994},{"$f":"IF(C17=0,\"\",VLOOKUP(C17,BNCDADOS!$A:$G,6,0))","v":""},{"$f":"IF(C17=0,\"\",VLOOKUP(C17,BNCDADOS!$A:$G,7,0))","v":""},{"$f":"SUM(L18:L24)","v":639893.72}]
["1.3.1",{"$f":"IF(C18=0,\"\",VLOOKUP(C18,BNCDADOS!$A:$H,8,0))","v":"SINAPI/RN\nSERVIÇO"},93206,{"$f":"IF(C18=0,\"\",VLOOKUP(C18,BNCDADOS!$A:$G,2,0))","v":"EXECUÇÃO DE ESCRITÓRIO EM CANTEIRO DE OBRA EM ALVENARIA, NÃO INCLUSO MOBILIÁRIO E EQUIPAMENTOS. AF_02/2016"},{"$f":"IF(C18=0,\"\",VLOOKUP(C18,BNCDADOS!$A:$G,3,0))","v":"m²"},{"$f":"TRUNC(M18,2)","v":100},{"$f":"IF(C18=0,\"\",VLOOKUP(C18,BNCDADOS!$A:$G,4,0))","v":1084.17},{"$f":"IF(C18=0,\"\",VLOOKUP(C18,BNCDADOS!$A:$G,5,0))","v":1341},{"$f":"IF(H18=\"\",0,TRUNC(H18*F18,2))","v":134100},{"$f":"IF(C18=0,\"\",VLOOKUP(C18,BNCDADOS!$A:$G,6,0))","v":1038.1500000000001},{"$f":"IF(C18=0,\"\",VLOOKUP(C18,BNCDADOS!$A:$G,7,0))","v":1349.17},{"$f":"IF(K18=\"\",0,TRUNC(K18*F18,2))","v":134917},{"$f":"'MC - CANTEIRO'!P15","v":100}]
["1.3.2",{"$f":"IF(C19=0,\"\",VLOOKUP(C19,BNCDADOS!$A:$H,8,0))","v":"SINAPI/RN\nSERVIÇO"},93209,{"$f":"IF(C19=0,\"\",VLOOKUP(C19,BNCDADOS!$A:$G,2,0))","v":"EXECUÇÃO DE ALMOXARIFADO EM CANTEIRO DE OBRA EM ALVENARIA, INCLUSO PRATELEIRAS. AF_02/2016"},{"$f":"IF(C19=0,\"\",VLOOKUP(C19,BNCDADOS!$A:$G,3,0))","v":"m²"},{"$f":"TRUNC(M19,2)","v":200},{"$f":"IF(C19=0,\"\",VLOOKUP(C19,BNCDADOS!$A:$G,4,0))","v":943.07},{"$f":"IF(C19=0,\"\",VLOOKUP(C19,BNCDADOS!$A:$G,5,0))","v":1166.48},{"$f":"IF(H19=\"\",0,TRUNC(H19*F19,2))","v":233296},{"$f":"IF(C19=0,\"\",VLOOKUP(C19,BNCDADOS!$A:$G,6,0))","v":909.05},{"$f":"IF(C19=0,\"\",VLOOKUP(C19,BNCDADOS!$A:$G,7,0))","v":1181.4000000000001},{"$f":"IF(K19=\"\",0,TRUNC(K19*F19,2))","v":236280},{"$f":"'MC - CANTEIRO'!P21","v":200}]
["1.3.3",{"$f":"IF(C20=0,\"\",VLOOKUP(C20,BNCDADOS!$A:$H,8,0))","v":"SINAPI/RN\nSERVIÇO"},93211,{"$f":"IF(C20=0,\"\",VLOOKUP(C20,BNCDADOS!$A:$G,2,0))","v":"EXECUÇÃO DE REFEITÓRIO EM CANTEIRO DE OBRA EM ALVENARIA, NÃO INCLUSO MOBILIÁRIO E EQUIPAMENTOS. AF_02/2016"},{"$f":"IF(C20=0,\"\",VLOOKUP(C20,BNCDADOS!$A:$G,3,0))","v":"m²"},150,{"$f":"IF(C20=0,\"\",VLOOKUP(C20,BNCDADOS!$A:$G,4,0))","v":604.87},{"$f":"IF(C20=0,\"\",VLOOKUP(C20,BNCDADOS!$A:$G,5,0))","v":748.16},112224,{"$f":"IF(C20=0,\"\",VLOOKUP(C20,BNCDADOS!$A:$G,6,0))","v":583.97},{"$f":"IF(C20=0,\"\",VLOOKUP(C20,BNCDADOS!$A:$G,7,0))","v":758.92},113838,{"$f":"'MC - CANTEIRO'!P27","v":150}]
["1.3.4",{"$f":"IF(C21=0,\"\",VLOOKUP(C21,BNCDADOS!$A:$H,8,0))","v":"SINAPI/RN\nSERVIÇO"},93213,{"$f":"IF(C21=0,\"\",VLOOKUP(C21,BNCDADOS!$A:$G,2,0))","v":"EXECUÇÃO DE SANITÁRIO E VESTIÁRIO EM CANTEIRO DE OBRA EM ALVENARIA, NÃO INCLUSO MOBILIÁRIO. AF_02/2016"},{"$f":"IF(C21=0,\"\",VLOOKUP(C21,BNCDADOS!$A:$G,3,0))","v":"m²"},50,{"$f":"IF(C21=0,\"\",VLOOKUP(C21,BNCDADOS!$A:$G,4,0))","v":1002.19},{"$f":"IF(C21=0,\"\",VLOOKUP(C21,BNCDADOS!$A:$G,5,0))","v":1239.5999999999999},61980,{"$f":"IF(C21=0,\"\",VLOOKUP(C21,BNCDADOS!$A:$G,6,0))","v":965.44},{"$f":"IF(C21=0,\"\",VLOOKUP(C21,BNCDADOS!$A:$G,7,0))","v":1254.68},62734,{"$f":"'MC - CANTEIRO'!R28","v":50}]
["1.3.5",{"$f":"IF(C22=0,\"\",VLOOKUP(C22,BNCDADOS!$A:$H,8,0))","v":"SINAPI/RN\nSERVIÇO"},93243,{"$f":"IF(C22=0,\"\",VLOOKUP(C22,BNCDADOS!$A:$G,2,0))","v":"EXECUÇÃO DE RESERVATÓRIO ELEVADO DE ÁGUA (2000 LITROS) EM CANTEIRO DE OBRA, APOIADO EM ESTRUTURA DE MADEIRA. AF_02/2016_PA"},{"$f":"IF(C22=0,\"\",VLOOKUP(C22,BNCDADOS!$A:$G,3,0))","v":"m²"},3,{"$f":"IF(C22=0,\"\",VLOOKUP(C22,BNCDADOS!$A:$G,4,0))","v":10497.6},{"$f":"IF(C22=0,\"\",VLOOKUP(C22,BNCDADOS!$A:$G,5,0))","v":12984.48},38953.440000000002,{"$f":"IF(C22=0,\"\",VLOOKUP(C22,BNCDADOS!$A:$G,6,0))","v":10440.709999999999},{"$f":"IF(C22=0,\"\",VLOOKUP(C22,BNCDADOS!$A:$G,7,0))","v":13568.74},40706.22,{"$f":"'MC - CANTEIRO'!R34","v":3}]
["1.3.6",{"$f":"IF(C23=0,\"\",VLOOKUP(C23,BNCDADOS!$A:$H,8,0))","v":"SINAPI/RN\nSERVIÇO"},93582,{"$f":"IF(C23=0,\"\",VLOOKUP(C23,BNCDADOS!$A:$G,2,0))","v":"EXECUÇÃO DE CENTRAL DE ARMADURA EM CANTEIRO DE OBRA, NÃO INCLUSO MOBILIÁRIO E EQUIPAMENTOS. AF_04/2016 "},{"$f":"IF(C23=0,\"\",VLOOKUP(C23,BNCDADOS!$A:$G,3,0))","v":"m²"},50,{"$f":"IF(C23=0,\"\",VLOOKUP(C23,BNCDADOS!$A:$G,4,0))","v":310.76},{"$f":"IF(C23=0,\"\",VLOOKUP(C23,BNCDADOS!$A:$G,5,0))","v":384.37},19218.5,{"$f":"IF(C23=0,\"\",VLOOKUP(C23,BNCDADOS!$A:$G,6,0))","v":303.85000000000002},{"$f":"IF(C23=0,\"\",VLOOKUP(C23,BNCDADOS!$A:$G,7,0))","v":394.88},19744,{"$f":"'MC - CANTEIRO'!R40","v":50}]
["1.3.7",{"$f":"IF(C24=0,\"\",VLOOKUP(C24,BNCDADOS!$A:$H,8,0))","v":"SINAPI/RN\nSERVIÇO"},93583,{"$f":"IF(C24=0,\"\",VLOOKUP(C24,BNCDADOS!$A:$G,2,0))","v":"EXECUÇÃO DE CENTRAL DE FÔRMAS, PRODUÇÃO DE ARGAMASSA OU CONCRETO EM CANTEIRO DE OBRA, NÃO INCLUSO MOBILIÁRIO E EQUIPAMENTOS. AF_04/2016"},{"$f":"IF(C24=0,\"\",VLOOKUP(C24,BNCDADOS!$A:$G,3,0))","v":"m²"},50,{"$f":"IF(C24=0,\"\",VLOOKUP(C24,BNCDADOS!$A:$G,4,0))","v":499.15},{"$f":"IF(C24=0,\"\",VLOOKUP(C24,BNCDADOS!$A:$G,5,0))","v":617.39},30869.5,{"$f":"IF(C24=0,\"\",VLOOKUP(C24,BNCDADOS!$A:$G,6,0))","v":487.45},{"$f":"IF(C24=0,\"\",VLOOKUP(C24,BNCDADOS!$A:$G,7,0))","v":633.49},31674.5,{"$f":"'MC - CANTEIRO'!R46","v":50}]
[null,{"$f":"IF(C25=0,\"\",VLOOKUP(C25,BNCDADOS!$A:$H,8,0))","v":""},null,{"$f":"IF(C25=0,\"\",VLOOKUP(C25,BNCDADOS!$A:$G,2,0))","v":""},{"$f":"IF(C25=0,\"\",VLOOKUP(C25,BNCDADOS!$A:$G,3,0))","v":""},0,{"$f":"IF(C25=0,\"\",VLOOKUP(C25,BNCDADOS!$A:$G,4,0))","v":""},{"$f":"IF(C25=0,\"\",VLOOKUP(C25,BNCDADOS!$A:$G,5,0))","v":""},0,{"$f":"IF(C25=0,\"\",VLOOKUP(C25,BNCDADOS!$A:$G,6,0))","v":""},{"$f":"IF(C25=0,\"\",VLOOKUP(C25,BNCDADOS!$A:$G,7,0))","v":""},0]
["1.4",{"$f":"IF(C26=0,\"\",VLOOKUP(C26,BNCDADOS!$A:$G,8,0))","v":""},null,"DIVERSOS",{"$f":"IF(C26=0,\"\",VLOOKUP(C26,BNCDADOS!$A:$G,3,0))","v":""},{"$f":"TRUNC(M26,2)","v":0},{"$f":"IF(C26=0,\"\",VLOOKUP(C26,BNCDADOS!$A:$G,4,0))","v":""},{"$f":"IF(C26=0,\"\",VLOOKUP(C26,BNCDADOS!$A:$G,5,0))","v":""},{"$f":"SUM(I27:I28)","v":36541.1},{"$f":"IF(C26=0,\"\",VLOOKUP(C26,BNCDADOS!$A:$G,6,0))","v":""},{"$f":"IF(C26=0,\"\",VLOOKUP(C26,BNCDADOS!$A:$G,7,0))","v":""},{"$f":"SUM(L27:L28)","v":37749.699999999997}]
["1.4.1",{"$f":"IF(C27=0,\"\",VLOOKUP(C27,BNCDADOS!$A:$H,8,0))","v":"caern"},2010054,{"$f":"IF(C27=0,\"\",VLOOKUP(C27,BNCDADOS!$A:$G,2,0))","v":"PLACA DE OBRA EM CHAPA DE ACO GALVANIZADO. INC_05/2020"},{"$f":"IF(C27=0,\"\",VLOOKUP(C27,BNCDADOS!$A:$G,3,0))","v":"M²"},{"$f":"TRUNC(M27,2)","v":60},{"$f":"IF(C27=0,\"\",VLOOKUP(C27,BNCDADOS!$A:$G,4,0))","v":383.63999999999993},{"$f":"IF(C27=0,\"\",VLOOKUP(C27,BNCDADOS!$A:$G,5,0))","v":474.52},{"$f":"IF(H27=\"\",0,TRUNC(H27*F27,2))","v":28471.200000000001},{"$f":"IF(C27=0,\"\",VLOOKUP(C27,BNCDADOS!$A:$G,6,0))","v":377.45999999999992},{"$f":"IF(C27=0,\"\",VLOOKUP(C27,BNCDADOS!$A:$G,7,0))","v":490.54},{"$f":"IF(K27=\"\",0,TRUNC(K27*F27,2))","v":29432.400000000001},{"$f":"2*3*10","v":60}]
["1.4.2",{"$f":"IF(C28=0,\"\",VLOOKUP(C28,BNCDADOS!$A:$H,8,0))","v":"caern"},2010033,{"$f":"IF(C28=0,\"\",VLOOKUP(C28,BNCDADOS!$A:$G,2,0))","v":"PLACA (PADRÃO IDEMA) DE LICENCIAMENTO AMBIENTAL"},{"$f":"IF(C28=0,\"\",VLOOKUP(C28,BNCDADOS!$A:$G,3,0))","v":"UN "},{"$f":"TRUNC(M28,2)","v":10},{"$f":"IF(C28=0,\"\",VLOOKUP(C28,BNCDADOS!$A:$G,4,0))","v":652.42999999999995},{"$f":"IF(C28=0,\"\",VLOOKUP(C28,BNCDADOS!$A:$G,5,0))","v":806.99},{"$f":"IF(H28=\"\",0,TRUNC(H28*F28,2))","v":8069.9},{"$f":"IF(C28=0,\"\",VLOOKUP(C28,BNCDADOS!$A:$G,6,0))","v":639.9899999999999},{"$f":"IF(C28=0,\"\",VLOOKUP(C28,BNCDADOS!$A:$G,7,0))","v":831.73},{"$f":"IF(K28=\"\",0,TRUNC(K28*F28,2))","v":8317.2999999999993},10]
[null,{"$f":"IF(C29=0,\"\",VLOOKUP(C29,BNCDADOS!$A:$H,8,0))","v":""},null,{"$f":"IF(C29=0,\"\",VLOOKUP(C29,BNCDADOS!$A:$G,2,0))","v":""},{"$f":"IF(C29=0,\"\",VLOOKUP(C29,BNCDADOS!$A:$G,3,0))","v":""},{"$f":"TRUNC(M29,2)","v":0},{"$f":"IF(C29=0,\"\",VLOOKUP(C29,BNCDADOS!$A:$G,4,0))","v":""},{"$f":"IF(C29=0,\"\",VLOOKUP(C29,BNCDADOS!$A:$G,5,0))","v":""},{"$f":"IF(H29=\"\",0,TRUNC(H29*F29,2))","v":0},{"$f":"IF(C29=0,\"\",VLOOKUP(C29,BNCDADOS!$A:$G,6,0))","v":""},{"$f":"IF(C29=0,\"\",VLOOKUP(C29,BNCDADOS!$A:$G,7,0))","v":""},{"$f":"IF(K29=\"\",0,TRUNC(K29*F29,2))","v":0}]
["2.",null,null,"TRECHO 01 - CAPTAÇÃO À ETA",{"$nulls":4},{"$f":"I31+I70+I163+I265+I310","v":98564020.420000017},null,null,{"$f":"L31+L70+L163+L265+L310","v":102933846.44999999}]
["2.1",null,null,"SERVIÇOS_ADUTORA TRECHO 01 - CAPTAÇÃO A ETA",{"$nulls":4},{"$f":"SUM(I32,I41,I50,I61,I66)","v":10041135.59},null,null,{"$f":"SUM(L32,L41,L50,L61,L66)","v":10233798.799999999}]
["2.1.1",{"$f":"IF(C32=0,\"\",VLOOKUP(C32,[142]BNCDADOS!$A:$G,8,0))","v":""},null,"SERVIÇOS PRELIMINARES",{"$f":"IF(C32=0,\"\",VLOOKUP(C32,[142]BNCDADOS!$A:$G,3,0))","v":""},{"$f":"TRUNC(M32,2)","v":0},{"$f":"IF(C32=0,\"\",VLOOKUP(C32,[142]BNCDADOS!$A:$G,4,0))","v":""},{"$f":"IF(C32=0,\"\",VLOOKUP(C32,[142]BNCDADOS!$A:$G,5,0))","v":""},{"$f":"SUM(I33:I40)","v":437770.12000000005},{"$f":"IF(C32=0,\"\",VLOOKUP(C32,[142]BNCDADOS!$A:$G,6,0))","v":""},{"$f":"IF(C32=0,\"\",VLOOKUP(C32,[142]BNCDADOS!$A:$G,7,0))","v":""},{"$f":"SUM(L33:L40)","v":438402.36}]
["2.1.1.1",{"$f":"IF(C33=0,\"\",VLOOKUP(C33,BNCDADOS!$A:$H,8,0))","v":"caern"},2010050,{"$f":"IF(C33=0,\"\",VLOOKUP(C33,BNCDADOS!$A:$G,2,0))","v":"LOCAÇÃO DE ADUTORAS, COLETORES TRONCO E INTERCEPTORES - COM AUXÍLIO DE EQUIPAMENTO TOPOGRÁFICO. R_11/2018"},{"$f":"IF(C33=0,\"\",VLOOKUP(C33,BNCDADOS!$A:$G,3,0))","v":"M"},20046.03,{"$f":"IF(C33=0,\"\",VLOOKUP(C33,BNCDADOS!$A:$G,4,0))","v":2.56},{"$f":"IF(C33=0,\"\",VLOOKUP(C33,BNCDADOS!$A:$G,5,0))","v":3.16},{"$f":"IF(H33=\"\",0,TRUNC(H33*F33,2))","v":63345.45},{"$f":"IF(C33=0,\"\",VLOOKUP(C33,BNCDADOS!$A:$G,6,0))","v":2.2400000000000002},{"$f":"IF(C33=0,\"\",VLOOKUP(C33,BNCDADOS!$A:$G,7,0))","v":2.91},{"$f":"IF(K33=\"\",0,TRUNC(K33*F33,2))","v":58333.94},{"$f":"SUMIF('MC - TRECHO 01'!A:A,Orçamento!A33,'MC - TRECHO 01'!R:R)","v":20046.03},{"$f":"SUMIF(#REF!,Orçamento!A33,#REF!)","v":{"$error":"#REF!"}}]
["2.1.1.2",{"$f":"IF(C34=0,\"\",VLOOKUP(C34,BNCDADOS!$A:$H,8,0))","v":"SINAPI/RN\nSERVIÇO"},98525,{"$f":"IF(C34=0,\"\",VLOOKUP(C34,BNCDADOS!$A:$G,2,0))","v":"LIMPEZA MECANIZADA DE CAMADA VEGETAL, VEGETAÇÃO E PEQUENAS ÁRVORES (DIÂMETRO DE TRONCO MENOR QUE 0,20 M), COM TRATOR DE ESTEIRAS. AF_03/2024"},{"$f":"IF(C34=0,\"\",VLOOKUP(C34,BNCDADOS!$A:$G,3,0))","v":"M2"},{"$f":"TRUNC(M34,2)","v":120276.18},{"$f":"IF(C34=0,\"\",VLOOKUP(C34,BNCDADOS!$A:$G,4,0))","v":"0,61"},{"$f":"IF(C34=0,\"\",VLOOKUP(C34,BNCDADOS!$A:$G,5,0))","v":0.75},{"$f":"IF(H34=\"\",0,TRUNC(H34*F34,2))","v":90207.13},{"$f":"IF(C34=0,\"\",VLOOKUP(C34,BNCDADOS!$A:$G,6,0))","v":"0,58"},{"$f":"IF(C34=0,\"\",VLOOKUP(C34,BNCDADOS!$A:$G,7,0))","v":0.75},{"$f":"IF(K34=\"\",0,TRUNC(K34*F34,2))","v":90207.13},{"$f":"SUMIF('MC - TRECHO 01'!A:A,Orçamento!A34,'MC - TRECHO 01'!R:R)","v":120276.18},{"$f":"SUMIF(#REF!,Orçamento!A34,#REF!)","v":{"$error":"#REF!"}}]
["2.1.1.3",{"$f":"IF(C35=0,\"\",VLOOKUP(C35,BNCDADOS!$A:$H,8,0))","v":"caern"},2010053,{"$f":"IF(C35=0,\"\",VLOOKUP(C35,BNCDADOS!$A:$G,2,0))","v":"SINALIZAÇÃO DE OBRA COM TELA TAPUME, COR LARANJA, COM SUPORTE A CADA 2M E PLACA DE SINALIZAÇÃO SOBRE CAVALETE. INC_11/2019"},{"$f":"IF(C35=0,\"\",VLOOKUP(C35,BNCDADOS!$A:$G,3,0))","v":"M"},40092.06,{"$f":"IF(C35=0,\"\",VLOOKUP(C35,BNCDADOS!$A:$G,4,0))","v":4.54},{"$f":"IF(C35=0,\"\",VLOOKUP(C35,BNCDADOS!$A:$G,5,0))","v":5.61},224916.45,{"$f":"IF(C35=0,\"\",VLOOKUP(C35,BNCDADOS!$A:$G,6,0))","v":4.3899999999999997},{"$f":"IF(C35=0,\"\",VLOOKUP(C35,BNCDADOS!$A:$G,7,0))","v":5.7},228524.74,{"$f":"SUMIF('MC - TRECHO 01'!A:A,Orçamento!A35,'MC - TRECHO 01'!R:R)","v":40092.06},{"$f":"SUMIF(#REF!,Orçamento!A35,#REF!)","v":{"$error":"#REF!"}}]
["2.1.1.4",{"$f":"IF(C36=0,\"\",VLOOKUP(C36,BNCDADOS!$A:$H,8,0))","v":"SINAPI/RN\nSERVIÇO"},97054,{"$f":"IF(C36=0,\"\",VLOOKUP(C36,BNCDADOS!$A:$G,2,0))","v":"INSTALAÇÃO DE SINALIZADOR NOTURNO LED. AF_03/2024"},{"$f":"IF(C36=0,\"\",VLOOKUP(C36,BNCDADOS!$A:$G,3,0))","v":"UN"},407,{"$f":"IF(C36=0,\"\",VLOOKUP(C36,BNCDADOS!$A:$G,4,0))","v":"28,12"},{"$f":"IF(C36=0,\"\",VLOOKUP(C36,BNCDADOS!$A:$G,5,0))","v":34.78},14155.46,{"$f":"IF(C36=0,\"\",VLOOKUP(C36,BNCDADOS!$A:$G,6,0))","v":"27,08"},{"$f":"IF(C36=0,\"\",VLOOKUP(C36,BNCDADOS!$A:$G,7,0))","v":35.19},14322.33,{"$f":"SUMIF('MC - TRECHO 01'!A:A,Orçamento!A36,'MC - TRECHO 01'!R:R)","v":407},{"$f":"SUMIF(#REF!,Orçamento!A36,#REF!)","v":{"$error":"#REF!"}}]
["2.1.1.5",{"$f":"IF(C37=0,\"\",VLOOKUP(C37,BNCDADOS!$A:$H,8,0))","v":"caern"},2010037,{"$f":"IF(C37=0,\"\",VLOOKUP(C37,BNCDADOS!$A:$G,2,0))","v":"SONDAGEM DE INTERFERÊNCIA, ESCAVAÇÃO MANUAL DE VALA DE 0,60M ATÉ 1,30M, EM RUAS SEM PAVIMENTAÇÃO"},{"$f":"IF(C37=0,\"\",VLOOKUP(C37,BNCDADOS!$A:$G,3,0))","v":"M"},30.07,{"$f":"IF(C37=0,\"\",VLOOKUP(C37,BNCDADOS!$A:$G,4,0))","v":89.34},{"$f":"IF(C37=0,\"\",VLOOKUP(C37,BNCDADOS!$A:$G,5,0))","v":110.5},3322.73,{"$f":"IF(C37=0,\"\",VLOOKUP(C37,BNCDADOS!$A:$G,6,0))","v":80.78},{"$f":"IF(C37=0,\"\",VLOOKUP(C37,BNCDADOS!$A:$G,7,0))","v":104.98},3156.74,{"$f":"SUMIF('MC - TRECHO 01'!A:A,Orçamento!A37,'MC - TRECHO 01'!R:R)","v":30.07},{"$f":"SUMIF(#REF!,Orçamento!A37,#REF!)","v":{"$error":"#REF!"}},null,null,1]
["2.1.1.6",{"$f":"IF(C38=0,\"\",VLOOKUP(C38,BNCDADOS!$A:$H,8,0))","v":0},"COMP 06",{"$f":"IF(C38=0,\"\",VLOOKUP(C38,BNCDADOS!$A:$G,2,0))","v":"PLACA DE SINALIZAÇÃO DE OBRAS EM VIAS DE TRÁFEGO MONTADA EM CAVALETE METÁLICO - 1,25 X 0,4M, INCLUSO REAPROVEITAMENTO"},{"$f":"IF(C38=0,\"\",VLOOKUP(C38,BNCDADOS!$A:$G,3,0))","v":"UN"},12,{"$f":"IF(C38=0,\"\",VLOOKUP(C38,BNCDADOS!$A:$G,4,0))","v":165.20999999999998},{"$f":"IF(C38=0,\"\",VLOOKUP(C38,BNCDADOS!$A:$G,5,0))","v":204.34},2452.08,{"$f":"IF(C38=0,\"\",VLOOKUP(C38,BNCDADOS!$A:$G,6,0))","v":163.89999999999998},{"$f":"IF(C38=0,\"\",VLOOKUP(C38,BNCDADOS!$A:$G,7,0))","v":213},2556,{"$f":"SUMIF('MC - TRECHO 01'!A:A,Orçamento!A38,'MC - TRECHO 01'!R:R)","v":12},{"$f":"SUMIF(#REF!,Orçamento!A38,#REF!)","v":{"$error":"#REF!"}}]
["2.1.1.7",{"$f":"IF(C39=0,\"\",VLOOKUP(C39,BNCDADOS!$A:$H,8,0))","v":0},"COMP 07",{"$f":"IF(C39=0,\"\",VLOOKUP(C39,BNCDADOS!$A:$G,2,0))","v":"PLACA DE SINALIZAÇÃO DE OBRAS EM VIAS DE TRÁFEGO MONTADA EM CAVALETE METÁLICO - 1,25 X 0,8M, INCLUSO REAPROVEITAMENTO"},{"$f":"IF(C39=0,\"\",VLOOKUP(C39,BNCDADOS!$A:$G,3,0))","v":"UN"},{"$f":"TRUNC(M39,2)","v":8},{"$f":"IF(C39=0,\"\",VLOOKUP(C39,BNCDADOS!$A:$G,4,0))","v":326.82},{"$f":"IF(C39=0,\"\",VLOOKUP(C39,BNCDADOS!$A:$G,5,0))","v":404.24},{"$f":"IF(H39=\"\",0,TRUNC(H39*F39,2))","v":3233.92},{"$f":"IF(C39=0,\"\",VLOOKUP(C39,BNCDADOS!$A:$G,6,0))","v":324.2},{"$f":"IF(C39=0,\"\",VLOOKUP(C39,BNCDADOS!$A:$G,7,0))","v":421.33},{"$f":"IF(K39=\"\",0,TRUNC(K39*F39,2))","v":3370.64},{"$f":"SUMIF('MC - TRECHO 01'!A:A,Orçamento!A39,'MC - TRECHO 01'!R:R)","v":8},{"$f":"SUMIF(#REF!,Orçamento!A39,#REF!)","v":{"$error":"#REF!"}}]
["2.1.1.8",{"$f":"IF(C40=0,\"\",VLOOKUP(C40,BNCDADOS!$A:$H,8,0))","v":0},"COMP 01",{"$f":"IF(C40=0,\"\",VLOOKUP(C40,BNCDADOS!$A:$G,2,0))","v":"CANTEIRO ITINERANTE COMPOSTO DE TOLDO, CONJUNTO DE MESA E CADEIRAS E BANHEIRO QUÍMICO COM LIMPEZA DIÁRIA INCLUSO COLETA E DESTINAÇÃO FINAL DE EFLUENTES"},{"$f":"IF(C40=0,\"\",VLOOKUP(C40,BNCDADOS!$A:$G,3,0))","v":"UN"},29,{"$f":"IF(C40=0,\"\",VLOOKUP(C40,BNCDADOS!$A:$G,4,0))","v":1007.4399999999999},{"$f":"IF(C40=0,\"\",VLOOKUP(C40,BNCDADOS!$A:$G,5,0))","v":1246.0999999999999},36136.9,{"$f":"IF(C40=0,\"\",VLOOKUP(C40,BNCDADOS!$A:$G,6,0))","v":1006.4399999999999},{"$f":"IF(C40=0,\"\",VLOOKUP(C40,BNCDADOS!$A:$G,7,0))","v":1307.96},37930.839999999997,{"$f":"SUMIF('MC - TRECHO 01'!A:A,Orçamento!A40,'MC - TRECHO 01'!R:R)","v":29},{"$f":"SUMIF(#REF!,Orçamento!A40,#REF!)","v":{"$error":"#REF!"}}]
["2.1.2",{"$f":"IF(C41=0,\"\",VLOOKUP(C41,[142]BNCDADOS!$A:$G,8,0))","v":""},null,"MOVIMENTO DE TERRA",{"$f":"IF(C41=0,\"\",VLOOKUP(C41,[142]BNCDADOS!$A:$G,3,0))","v":""},0,{"$f":"IF(C41=0,\"\",VLOOKUP(C41,[142]BNCDADOS!$A:$G,4,0))","v":""},{"$f":"IF(C41=0,\"\",VLOOKUP(C41,[142]BNCDADOS!$A:$G,5,0))","v":""},{"$f":"SUM(I42:I49)","v":5845661.0300000003},{"$f":"IF(C41=0,\"\",VLOOKUP(C41,[142]BNCDADOS!$A:$G,6,0))","v":""},{"$f":"IF(C41=0,\"\",VLOOKUP(C41,[142]BNCDADOS!$A:$G,7,0))","v":""},{"$f":"SUM(L42:L49)","v":5951196.7999999998},0,{"$f":"SUMIF(#REF!,Orçamento!A41,#REF!)","v":{"$error":"#REF!"}}]
["2.1.2.1",{"$f":"IF(C42=0,\"\",VLOOKUP(C42,BNCDADOS!$A:$H,8,0))","v":0},"COMP 02",{"$f":"IF(C42=0,\"\",VLOOKUP(C42,BNCDADOS!$A:$G,2,0))","v":"ESCAVAÇÃO MANUAL DE VALA COM PROFUNDIDADE MENOR OU IGUAL A 2,00 M"},{"$f":"IF(C42=0,\"\",VLOOKUP(C42,BNCDADOS!$A:$G,3,0))","v":"M³"},737.69,{"$f":"IF(C42=0,\"\",VLOOKUP(C42,BNCDADOS!$A:$G,4,0))","v":81.489999999999995},{"$f":"IF(C42=0,\"\",VLOOKUP(C42,BNCDADOS!$A:$G,5,0))","v":100.79},{"$f":"IF(H42=\"\",0,TRUNC(H42*F42,2))","v":74351.77},{"$f":"IF(C42=0,\"\",VLOOKUP(C42,BNCDADOS!$A:$G,6,0))","v":73.58},{"$f":"IF(C42=0,\"\",VLOOKUP(C42,BNCDADOS!$A:$G,7,0))","v":95.62},{"$f":"IF(K42=\"\",0,TRUNC(K42*F42,2))","v":70537.91},{"$f":"SUMIF('MC - TRECHO 01'!A:A,Orçamento!A42,'MC - TRECHO 01'!R:R)","v":737.69},{"$f":"SUMIF(#REF!,Orçamento!A42,#REF!)","v":{"$error":"#REF!"}}]
["2.1.2.2",{"$f":"IF(C43=0,\"\",VLOOKUP(C43,BNCDADOS!$A:$H,8,0))","v":"SINAPI/RN\nSERVIÇO"},90092,{"$f":"IF(C43=0,\"\",VLOOKUP(C43,BNCDADOS!$A:$G,2,0))","v":"ESCAVAÇÃO MECANIZADA DE VALA COM PROF. MAIOR QUE 1,5 M E ATÉ 3,0 M(MÉDIA MONTANTE E JUSANTE/UMA COMPOSIÇÃO POR TRECHO), ESCAVADEIRA (0,8 M3), LARG. MENOR QUE 1,5 M, EM SOLO DE 1A CATEGORIA, LOCAIS COM BAIXO NÍVEL DE INTERFERÊNCIA. AF_02/2021"},{"$f":"IF(C43=0,\"\",VLOOKUP(C43,BNCDADOS!$A:$G,3,0))","v":"M3"},61966.29,{"$f":"IF(C43=0,\"\",VLOOKUP(C43,BNCDADOS!$A:$G,4,0))","v":"6,17"},{"$f":"IF(C43=0,\"\",VLOOKUP(C43,BNCDADOS!$A:$G,5,0))","v":7.63},472802.79,{"$f":"IF(C43=0,\"\",VLOOKUP(C43,BNCDADOS!$A:$G,6,0))","v":"5,95"},{"$f":"IF(C43=0,\"\",VLOOKUP(C43,BNCDADOS!$A:$G,7,0))","v":7.73},478999.42,{"$f":"SUMIF('MC - TRECHO 01'!A:A,Orçamento!A43,'MC - TRECHO 01'!R:R)","v":61966.29},{"$f":"SUMIF(#REF!,Orçamento!A43,#REF!)","v":{"$error":"#REF!"}}]
["2.1.2.3",{"$f":"IF(C44=0,\"\",VLOOKUP(C44,BNCDADOS!$A:$H,8,0))","v":"SINAPI/RN\nSERVIÇO"},102319,{"$f":"IF(C44=0,\"\",VLOOKUP(C44,BNCDADOS!$A:$G,2,0))","v":"ESCAVAÇÃO MECANIZADA DE VALA COM PROF. MAIOR QUE 1,5 M ATÉ 3,0 M (MÉDIA MONTANTE E JUSANTE/UMA COMPOSIÇÃO POR TRECHO),COM ESCAVADEIRA (1,2 M3),LARG. DE 1,5 M A 2,5 M, EM SOLO DE 2A CATEGORIA, LOCAIS COM BAIXO NÍVEL DE INTERFERÊNCIA. AF_02/2021"},{"$f":"IF(C44=0,\"\",VLOOKUP(C44,BNCDADOS!$A:$G,3,0))","v":"M3"},11065.41,{"$f":"IF(C44=0,\"\",VLOOKUP(C44,BNCDADOS!$A:$G,4,0))","v":"6,94"},{"$f":"IF(C44=0,\"\",VLOOKUP(C44,BNCDADOS!$A:$G,5,0))","v":8.58},94941.21,{"$f":"IF(C44=0,\"\",VLOOKUP(C44,BNCDADOS!$A:$G,6,0))","v":"6,73"},{"$f":"IF(C44=0,\"\",VLOOKUP(C44,BNCDADOS!$A:$G,7,0))","v":8.74},96711.679999999993,{"$f":"SUMIF('MC - TRECHO 01'!A:A,Orçamento!A44,'MC - TRECHO 01'!R:R)","v":11065.41},{"$f":"SUMIF(#REF!,Orçamento!A44,#REF!)","v":{"$error":"#REF!"}}]
["2.1.2.4",{"$f":"IF(C45=0,\"\",VLOOKUP(C45,BNCDADOS!$A:$H,8,0))","v":"SINAPI/RN\nSERVIÇO"},101625,{"$f":"IF(C45=0,\"\",VLOOKUP(C45,BNCDADOS!$A:$G,2,0))","v":"PREPARO DE FUNDO DE VALA COM LARGURA MAIOR OU IGUAL A 1,5 M E MENOR QUE 2,5 M, COM CAMADA DE AREIA, LANÇAMENTO MECANIZADO. AF_08/2020"},{"$f":"IF(C45=0,\"\",VLOOKUP(C45,BNCDADOS!$A:$G,3,0))","v":"M3"},2806.44,{"$f":"IF(C45=0,\"\",VLOOKUP(C45,BNCDADOS!$A:$G,4,0))","v":"155,31"},{"$f":"IF(C45=0,\"\",VLOOKUP(C45,BNCDADOS!$A:$G,5,0))","v":192.1},539117.12,{"$f":"IF(C45=0,\"\",VLOOKUP(C45,BNCDADOS!$A:$G,6,0))","v":"151,04"},{"$f":"IF(C45=0,\"\",VLOOKUP(C45,BNCDADOS!$A:$G,7,0))","v":196.29},550876.1,{"$f":"SUMIF('MC - TRECHO 01'!A:A,Orçamento!A45,'MC - TRECHO 01'!R:R)","v":2806.44},{"$f":"SUMIF(#REF!,Orçamento!A45,#REF!)","v":{"$error":"#REF!"}}]
["2.1.2.5",{"$f":"IF(C46=0,\"\",VLOOKUP(C46,BNCDADOS!$A:$H,8,0))","v":"caern"},2040105,{"$f":"IF(C46=0,\"\",VLOOKUP(C46,BNCDADOS!$A:$G,2,0))","v":"ESCORAMENTO DE VALA, TIPO BLINDAGEM, COM PROFUNDIDADE DE 1,5 A 3,0 M, LARGURA MAIOR OU IGUAL A 1,5 M E MENOR QUE 2,50 M - EXECUÇÃO E FORNECIMENTO, INCLUI MATERIAL. R_11/2020"},{"$f":"IF(C46=0,\"\",VLOOKUP(C46,BNCDADOS!$A:$G,3,0))","v":"M²"},73769.39,{"$f":"IF(C46=0,\"\",VLOOKUP(C46,BNCDADOS!$A:$G,4,0))","v":22.549999999999997},{"$f":"IF(C46=0,\"\",VLOOKUP(C46,BNCDADOS!$A:$G,5,0))","v":27.89},2057428.28,{"$f":"IF(C46=0,\"\",VLOOKUP(C46,BNCDADOS!$A:$G,6,0))","v":21.51},{"$f":"IF(C46=0,\"\",VLOOKUP(C46,BNCDADOS!$A:$G,7,0))","v":27.95},2061854.45,{"$f":"SUMIF('MC - TRECHO 01'!A:A,Orçamento!A46,'MC - TRECHO 01'!R:R)","v":73769.39},{"$f":"SUMIF(#REF!,Orçamento!A46,#REF!)","v":{"$error":"#REF!"}}]
["2.1.2.6",{"$f":"IF(C47=0,\"\",VLOOKUP(C47,BNCDADOS!$A:$H,8,0))","v":"SINAPI/RN\nSERVIÇO"},94306,{"$f":"IF(C47=0,\"\",VLOOKUP(C47,BNCDADOS!$A:$G,2,0))","v":"ATERRO MECANIZADO DE VALA COM ESCAVADEIRA HIDRÁULICA (CAPACIDADE DA CAÇAMBA: 0,8 M³ / POTÊNCIA: 111 HP), LARGURA ATÉ 2,5 M, PROFUNDIDADE DE 1,5 A 3,0 M, COM SOLO ARGILO-ARENOSO. AF_08/2023"},{"$f":"IF(C47=0,\"\",VLOOKUP(C47,BNCDADOS!$A:$G,3,0))","v":"M3"},21997.41,{"$f":"IF(C47=0,\"\",VLOOKUP(C47,BNCDADOS!$A:$G,4,0))","v":"68,70"},{"$f":"IF(C47=0,\"\",VLOOKUP(C47,BNCDADOS!$A:$G,5,0))","v":84.97},1869119.92,{"$f":"IF(C47=0,\"\",VLOOKUP(C47,BNCDADOS!$A:$G,6,0))","v":"67,93"},{"$f":"IF(C47=0,\"\",VLOOKUP(C47,BNCDADOS!$A:$G,7,0))","v":88.28},1941931.35,{"$f":"SUMIF('MC - TRECHO 01'!A:A,Orçamento!A47,'MC - TRECHO 01'!R:R)","v":21997.41},{"$f":"SUMIF(#REF!,Orçamento!A47,#REF!)","v":{"$error":"#REF!"}}]
["2.1.2.7",{"$f":"IF(C48=0,\"\",VLOOKUP(C48,BNCDADOS!$A:$H,8,0))","v":"SINAPI/RN\nSERVIÇO"},104730,{"$f":"IF(C48=0,\"\",VLOOKUP(C48,BNCDADOS!$A:$G,2,0))","v":"REATERRO MECANIZADO DE VALA COM ESCAVADEIRA HIDRÁULICA (CAPACIDADE DA CAÇAMBA: 0,8 M³/POTÊNCIA: 111 HP), LARGURA DE 1,5 A 2,5 M, PROFUNDIDADE DE 1,5 A 3,0 M, COM SOLO (SEM SUBSTITUIÇÃO) DE 1ª CATEGORIA, COM PLACA VIBRATÓRIA. AF_08/2023"},{"$f":"IF(C48=0,\"\",VLOOKUP(C48,BNCDADOS!$A:$G,3,0))","v":"M3"},41695.74,{"$f":"IF(C48=0,\"\",VLOOKUP(C48,BNCDADOS!$A:$G,4,0))","v":"13,03"},{"$f":"IF(C48=0,\"\",VLOOKUP(C48,BNCDADOS!$A:$G,5,0))","v":16.11},671718.37,{"$f":"IF(C48=0,\"\",VLOOKUP(C48,BNCDADOS!$A:$G,6,0))","v":"12,61"},{"$f":"IF(C48=0,\"\",VLOOKUP(C48,BNCDADOS!$A:$G,7,0))","v":16.38},682976.22,{"$f":"SUMIF('MC - TRECHO 01'!A:A,Orçamento!A48,'MC - TRECHO 01'!R:R)","v":41695.74},{"$f":"SUMIF(#REF!,Orçamento!A48,#REF!)","v":{"$error":"#REF!"}}]
["2.1.2.8",{"$f":"IF(C49=0,\"\",VLOOKUP(C49,BNCDADOS!$A:$H,8,0))","v":"SINAPI/RN\nSERVIÇO"},100574,{"$f":"IF(C49=0,\"\",VLOOKUP(C49,BNCDADOS!$A:$G,2,0))","v":"ESPALHAMENTO DE MATERIAL COM TRATOR DE ESTEIRAS. AF_11/2019"},{"$f":"IF(C49=0,\"\",VLOOKUP(C49,BNCDADOS!$A:$G,3,0))","v":"M3"},37603.17,{"$f":"IF(C49=0,\"\",VLOOKUP(C49,BNCDADOS!$A:$G,4,0))","v":"1,43"},{"$f":"IF(C49=0,\"\",VLOOKUP(C49,BNCDADOS!$A:$G,5,0))","v":1.76},66181.570000000007,{"$f":"IF(C49=0,\"\",VLOOKUP(C49,BNCDADOS!$A:$G,6,0))","v":"1,38"},{"$f":"IF(C49=0,\"\",VLOOKUP(C49,BNCDADOS!$A:$G,7,0))","v":1.79},67309.67,{"$f":"SUMIF('MC - TRECHO 01'!A:A,Orçamento!A49,'MC - TRECHO 01'!R:R)","v":37603.17},{"$f":"SUMIF(#REF!,Orçamento!A49,#REF!)","v":{"$error":"#REF!"}}]
["2.1.3",{"$f":"IF(C50=0,\"\",VLOOKUP(C50,[142]BNCDADOS!$A:$G,8,0))","v":""},null,"ASSENTAMENTO E MONTAGEM DOS TUBOS E CONEXÕES",{"$f":"IF(C50=0,\"\",VLOOKUP(C50,[142]BNCDADOS!$A:$G,3,0))","v":""},0,{"$f":"IF(C50=0,\"\",VLOOKUP(C50,[142]BNCDADOS!$A:$G,4,0))","v":""},{"$f":"IF(C50=0,\"\",VLOOKUP(C50,[142]BNCDADOS!$A:$G,5,0))","v":""},{"$f":"SUM(I51:I60)","v":2048960.48},{"$f":"IF(C50=0,\"\",VLOOKUP(C50,[142]BNCDADOS!$A:$G,6,0))","v":""},{"$f":"IF(C50=0,\"\",VLOOKUP(C50,[142]BNCDADOS!$A:$G,7,0))","v":""},{"$f":"SUM(L51:L60)","v":2113618.88},null,{"$f":"SUMIF(#REF!,Orçamento!A50,#REF!)","v":{"$error":"#REF!"}}]
["2.1.3.1",{"$f":"IF(C51=0,\"\",VLOOKUP(C51,BNCDADOS!$A:$H,8,0))","v":"caern"},2060305,{"$f":"IF(C51=0,\"\",VLOOKUP(C51,BNCDADOS!$A:$G,2,0))","v":"ASSENTAMENTO DE TUBO DE PVC DEFOFO OU PRFV OU RPVC, DN 800 MM, JUNTA ELÁSTICA. R_11/2019"},{"$f":"IF(C51=0,\"\",VLOOKUP(C51,BNCDADOS!$A:$G,3,0))","v":"M"},20046.03,{"$f":"IF(C51=0,\"\",VLOOKUP(C51,BNCDADOS!$A:$G,4,0))","v":18.790000000000003},{"$f":"IF(C51=0,\"\",VLOOKUP(C51,BNCDADOS!$A:$G,5,0))","v":23.24},{"$f":"IF(H51=\"\",0,TRUNC(H51*F51,2))","v":465869.73},{"$f":"IF(C51=0,\"\",VLOOKUP(C51,BNCDADOS!$A:$G,6,0))","v":17.66},{"$f":"IF(C51=0,\"\",VLOOKUP(C51,BNCDADOS!$A:$G,7,0))","v":22.95},{"$f":"IF(K51=\"\",0,TRUNC(K51*F51,2))","v":460056.38},{"$f":"SUMIF('MC - TRECHO 01'!A:A,Orçamento!A51,'MC - TRECHO 01'!R:R)","v":20046.03},{"$f":"SUMIF(#REF!,Orçamento!A51,#REF!)","v":{"$error":"#REF!"}}]
["2.1.3.2",{"$f":"IF(C52=0,\"\",VLOOKUP(C52,BNCDADOS!$A:$H,8,0))","v":"caern"},2060562,{"$f":"IF(C52=0,\"\",VLOOKUP(C52,BNCDADOS!$A:$G,2,0))","v":"ASSENTAMENTO DE CONEXÕES EM FERRO FUNDIDO, JUNTA ELÁSTICA, DIAM.= 800 MM. INC_05/2020"},{"$f":"IF(C52=0,\"\",VLOOKUP(C52,BNCDADOS!$A:$G,3,0))","v":"UN "},85,{"$f":"IF(C52=0,\"\",VLOOKUP(C52,BNCDADOS!$A:$G,4,0))","v":71.530000000000015},{"$f":"IF(C52=0,\"\",VLOOKUP(C52,BNCDADOS!$A:$G,5,0))","v":88.47},7519.95,{"$f":"IF(C52=0,\"\",VLOOKUP(C52,BNCDADOS!$A:$G,6,0))","v":67.02000000000001},{"$f":"IF(C52=0,\"\",VLOOKUP(C52,BNCDADOS!$A:$G,7,0))","v":87.09},7402.65,{"$f":"SUMIF('MC - TRECHO 01'!A:A,Orçamento!A52,'MC - TRECHO 01'!R:R)","v":85},{"$f":"SUMIF(#REF!,Orçamento!A52,#REF!)","v":{"$error":"#REF!"}}]
["2.1.3.3",{"$f":"IF(C53=0,\"\",VLOOKUP(C53,BNCDADOS!$A:$H,8,0))","v":"SINAPI/RN\nSERVIÇO"},103107,{"$f":"IF(C53=0,\"\",VLOOKUP(C53,BNCDADOS!$A:$G,2,0))","v":"ASSENTAMENTO DE CONEXÃO COM 2 ACESSOS, FERRO FUNDIDO PARA REDE DE ÁGUA, DN  150 MM, JUNTA FLANGEADA (NÃO INCLUI O FORNECIMENTO). AF_09/2021"},{"$f":"IF(C53=0,\"\",VLOOKUP(C53,BNCDADOS!$A:$G,3,0))","v":"UN"},12,{"$f":"IF(C53=0,\"\",VLOOKUP(C53,BNCDADOS!$A:$G,4,0))","v":"80,78"},{"$f":"IF(C53=0,\"\",VLOOKUP(C53,BNCDADOS!$A:$G,5,0))","v":99.91},1198.92,{"$f":"IF(C53=0,\"\",VLOOKUP(C53,BNCDADOS!$A:$G,6,0))","v":"76,96"},{"$f":"IF(C53=0,\"\",VLOOKUP(C53,BNCDADOS!$A:$G,7,0))","v":100.01},1200.1199999999999,{"$f":"SUMIF('MC - TRECHO 01'!A:A,Orçamento!A53,'MC - TRECHO 01'!R:R)","v":12},{"$f":"SUMIF(#REF!,Orçamento!A53,#REF!)","v":{"$error":"#REF!"}}]
["2.1.3.4",{"$f":"IF(C54=0,\"\",VLOOKUP(C54,BNCDADOS!$A:$H,8,0))","v":"SINAPI/RN\nSERVIÇO"},103108,{"$f":"IF(C54=0,\"\",VLOOKUP(C54,BNCDADOS!$A:$G,2,0))","v":"ASSENTAMENTO DE CONEXÃO COM 2 ACESSOS, FERRO FUNDIDO PARA REDE DE ÁGUA, DN  200 MM, JUNTA FLANGEADA (NÃO INCLUI O FORNECIMENTO). AF_09/2021"},{"$f":"IF(C54=0,\"\",VLOOKUP(C54,BNCDADOS!$A:$G,3,0))","v":"UN"},22,{"$f":"IF(C54=0,\"\",VLOOKUP(C54,BNCDADOS!$A:$G,4,0))","v":"103,84"},{"$f":"IF(C54=0,\"\",VLOOKUP(C54,BNCDADOS!$A:$G,5,0))","v":128.43},2825.46,{"$f":"IF(C54=0,\"\",VLOOKUP(C54,BNCDADOS!$A:$G,6,0))","v":"98,78"},{"$f":"IF(C54=0,\"\",VLOOKUP(C54,BNCDADOS!$A:$G,7,0))","v":128.37},2824.14,{"$f":"SUMIF('MC - TRECHO 01'!A:A,Orçamento!A54,'MC - TRECHO 01'!R:R)","v":22},{"$f":"SUMIF(#REF!,Orçamento!A54,#REF!)","v":{"$error":"#REF!"}}]
["2.1.3.5",{"$f":"IF(C55=0,\"\",VLOOKUP(C55,BNCDADOS!$A:$H,8,0))","v":"SINAPI/RN\nSERVIÇO"},103117,{"$f":"IF(C55=0,\"\",VLOOKUP(C55,BNCDADOS!$A:$G,2,0))","v":"ASSENTAMENTO DE CONEXÃO COM 2 ACESSOS, FERRO FUNDIDO PARA REDE DE ÁGUA, DN  800 MM, JUNTA FLANGEADA (NÃO INCLUI O FORNECIMENTO). AF_09/2021"},{"$f":"IF(C55=0,\"\",VLOOKUP(C55,BNCDADOS!$A:$G,3,0))","v":"UN"},60,{"$f":"IF(C55=0,\"\",VLOOKUP(C55,BNCDADOS!$A:$G,4,0))","v":"553,83"},{"$f":"IF(C55=0,\"\",VLOOKUP(C55,BNCDADOS!$A:$G,5,0))","v":685.03},41101.800000000003,{"$f":"IF(C55=0,\"\",VLOOKUP(C55,BNCDADOS!$A:$G,6,0))","v":"524,59"},{"$f":"IF(C55=0,\"\",VLOOKUP(C55,BNCDADOS!$A:$G,7,0))","v":681.75},40905,{"$f":"SUMIF('MC - TRECHO 01'!A:A,Orçamento!A55,'MC - TRECHO 01'!R:R)","v":60},{"$f":"SUMIF(#REF!,Orçamento!A55,#REF!)","v":{"$error":"#REF!"}}]
["2.1.3.6",{"$f":"IF(C56=0,\"\",VLOOKUP(C56,BNCDADOS!$A:$H,8,0))","v":"caern"},2060587,{"$f":"IF(C56=0,\"\",VLOOKUP(C56,BNCDADOS!$A:$G,2,0))","v":"ASSENTAMENTO DE REGISTRO DE GAVETA EM FERRO FUNDIDO COM FLANGES, DIAM. = 50MM A 150MM. INC_05/2020"},{"$f":"IF(C56=0,\"\",VLOOKUP(C56,BNCDADOS!$A:$G,3,0))","v":"UN "},22,{"$f":"IF(C56=0,\"\",VLOOKUP(C56,BNCDADOS!$A:$G,4,0))","v":14.120000000000001},{"$f":"IF(C56=0,\"\",VLOOKUP(C56,BNCDADOS!$A:$G,5,0))","v":17.46},384.12,{"$f":"IF(C56=0,\"\",VLOOKUP(C56,BNCDADOS!$A:$G,6,0))","v":12.68},{"$f":"IF(C56=0,\"\",VLOOKUP(C56,BNCDADOS!$A:$G,7,0))","v":16.47},362.34,{"$f":"SUMIF('MC - TRECHO 01'!A:A,Orçamento!A56,'MC - TRECHO 01'!R:R)","v":22},{"$f":"SUMIF(#REF!,Orçamento!A56,#REF!)","v":{"$error":"#REF!"}}]
["2.1.3.7",{"$f":"IF(C57=0,\"\",VLOOKUP(C57,BNCDADOS!$A:$H,8,0))","v":"caern"},2060591,{"$f":"IF(C57=0,\"\",VLOOKUP(C57,BNCDADOS!$A:$G,2,0))","v":"ASSENTAMENTO DE REGISTRO DE GAVETA EM FERRO FUNDIDO COM FLANGES, DIAM. = 800MM A 1200MM. INC_05/2020"},{"$f":"IF(C57=0,\"\",VLOOKUP(C57,BNCDADOS!$A:$G,3,0))","v":"UN "},8,{"$f":"IF(C57=0,\"\",VLOOKUP(C57,BNCDADOS!$A:$G,4,0))","v":417.89},{"$f":"IF(C57=0,\"\",VLOOKUP(C57,BNCDADOS!$A:$G,5,0))","v":516.88},4135.04,{"$f":"IF(C57=0,\"\",VLOOKUP(C57,BNCDADOS!$A:$G,6,0))","v":392.63},{"$f":"IF(C57=0,\"\",VLOOKUP(C57,BNCDADOS!$A:$G,7,0))","v":510.26},4082.08,{"$f":"SUMIF('MC - TRECHO 01'!A:A,Orçamento!A57,'MC - TRECHO 01'!R:R)","v":8},{"$f":"SUMIF(#REF!,Orçamento!A57,#REF!)","v":{"$error":"#REF!"}}]
["2.1.3.8",{"$f":"IF(C58=0,\"\",VLOOKUP(C58,BNCDADOS!$A:$H,8,0))","v":"caern"},2060592,{"$f":"IF(C58=0,\"\",VLOOKUP(C58,BNCDADOS!$A:$G,2,0))","v":"ASSENTAMENTO DE VENTOSA EM FERRO FUNDIDO COM FLANGE, DIAM. = 50MM A 150MM. INC_05/2020"},{"$f":"IF(C58=0,\"\",VLOOKUP(C58,BNCDADOS!$A:$G,3,0))","v":"UN "},10,{"$f":"IF(C58=0,\"\",VLOOKUP(C58,BNCDADOS!$A:$G,4,0))","v":14.120000000000001},{"$f":"IF(C58=0,\"\",VLOOKUP(C58,BNCDADOS!$A:$G,5,0))","v":17.46},174.6,{"$f":"IF(C58=0,\"\",VLOOKUP(C58,BNCDADOS!$A:$G,6,0))","v":12.68},{"$f":"IF(C58=0,\"\",VLOOKUP(C58,BNCDADOS!$A:$G,7,0))","v":16.47},164.7,{"$f":"SUMIF('MC - TRECHO 01'!A:A,Orçamento!A58,'MC - TRECHO 01'!R:R)","v":10},{"$f":"SUMIF(#REF!,Orçamento!A58,#REF!)","v":{"$error":"#REF!"}}]
["2.1.3.9",{"$f":"IF(C59=0,\"\",VLOOKUP(C59,BNCDADOS!$A:$H,8,0))","v":0},"COMP 39",{"$f":"IF(C59=0,\"\",VLOOKUP(C59,BNCDADOS!$A:$G,2,0))","v":"IMPLANTACAO DE TRAVESSIA PELO METODO NAO DESTRUTIVO COM TUBO CAMISA EM ACO CARBONO 1.200 MM, INCLUSIVE FORNECIMENTO DO TUBO"},{"$f":"IF(C59=0,\"\",VLOOKUP(C59,BNCDADOS!$A:$G,3,0))","v":"M"},87.96,{"$f":"IF(C59=0,\"\",VLOOKUP(C59,BNCDADOS!$A:$G,4,0))","v":11711.789999999999},{"$f":"IF(C59=0,\"\",VLOOKUP(C59,BNCDADOS!$A:$G,5,0))","v":14486.31},1274215.82,{"$f":"IF(C59=0,\"\",VLOOKUP(C59,BNCDADOS!$A:$G,6,0))","v":11693.98},{"$f":"IF(C59=0,\"\",VLOOKUP(C59,BNCDADOS!$A:$G,7,0))","v":15197.49},1336771.22,{"$f":"SUMIF('MC - TRECHO 01'!A:A,Orçamento!A59,'MC - TRECHO 01'!R:R)","v":87.960000000000008},{"$f":"SUMIF(#REF!,Orçamento!A59,#REF!)","v":{"$error":"#REF!"}}]
["2.1.3.10",{"$f":"IF(C60=0,\"\",VLOOKUP(C60,BNCDADOS!$A:$H,8,0))","v":"SINAPI/RN\nSERVIÇO"},100952,{"$f":"IF(C60=0,\"\",VLOOKUP(C60,BNCDADOS!$A:$G,2,0))","v":"TRANSPORTE COM CAMINHÃO CARROCERIA COM GUINDAUTO (MUNCK),  MOMENTO MÁXIMO DE CARGA 11,7 TM, EM VIA URBANA PAVIMENTADA, DMT ATÉ 30KM (UNIDADE: TXKM). AF_07/2020"},{"$f":"IF(C60=0,\"\",VLOOKUP(C60,BNCDADOS!$A:$G,3,0))","v":"TXKM"},69293.399999999994,{"$f":"IF(C60=0,\"\",VLOOKUP(C60,BNCDADOS!$A:$G,4,0))","v":"2,94"},{"$f":"IF(C60=0,\"\",VLOOKUP(C60,BNCDADOS!$A:$G,5,0))","v":3.63},251535.04,{"$f":"IF(C60=0,\"\",VLOOKUP(C60,BNCDADOS!$A:$G,6,0))","v":"2,89"},{"$f":"IF(C60=0,\"\",VLOOKUP(C60,BNCDADOS!$A:$G,7,0))","v":3.75},259850.25,{"$f":"SUMIF('MC - TRECHO 01'!A:A,Orçamento!A60,'MC - TRECHO 01'!R:R)","v":69293.400000000009},{"$f":"SUMIF(#REF!,Orçamento!A60,#REF!)","v":{"$error":"#REF!"}}]
["2.1.4",{"$f":"IF(C61=0,\"\",VLOOKUP(C61,[142]BNCDADOS!$A:$G,8,0))","v":""},null,"CAIXAS E BLOCOS DE ANCORAGEM",{"$f":"IF(C61=0,\"\",VLOOKUP(C61,[142]BNCDADOS!$A:$G,3,0))","v":""},0,{"$f":"IF(C61=0,\"\",VLOOKUP(C61,[142]BNCDADOS!$A:$G,4,0))","v":""},{"$f":"IF(C61=0,\"\",VLOOKUP(C61,[142]BNCDADOS!$A:$G,5,0))","v":""},{"$f":"SUM(I62:I65)","v":1541359.62},{"$f":"IF(C61=0,\"\",VLOOKUP(C61,[142]BNCDADOS!$A:$G,6,0))","v":""},{"$f":"IF(C61=0,\"\",VLOOKUP(C61,[142]BNCDADOS!$A:$G,7,0))","v":""},{"$f":"SUM(L62:L65)","v":1565000.56},null,{"$f":"SUMIF(#REF!,Orçamento!A61,#REF!)","v":{"$error":"#REF!"}}]
["2.1.4.1",{"$f":"IF(C62=0,\"\",VLOOKUP(C62,BNCDADOS!$A:$H,8,0))","v":0},"COMP 03",{"$f":"IF(C62=0,\"\",VLOOKUP(C62,BNCDADOS!$A:$G,2,0))","v":"CAIXA ENTERRADA PARA INSTALAÇÃO DE VENTOSAS E DESCARGAS, DE DIVERSOS DIÂMETROS E MEDIDAS INTERNAS 3,0 X 3,0M"},{"$f":"IF(C62=0,\"\",VLOOKUP(C62,BNCDADOS!$A:$G,3,0))","v":"UN"},22,{"$f":"IF(C62=0,\"\",VLOOKUP(C62,BNCDADOS!$A:$G,4,0))","v":35231.47},{"$f":"IF(C62=0,\"\",VLOOKUP(C62,BNCDADOS!$A:$G,5,0))","v":43577.8},{"$f":"IF(H62=\"\",0,TRUNC(H62*F62,2))","v":958711.6},{"$f":"IF(C62=0,\"\",VLOOKUP(C62,BNCDADOS!$A:$G,6,0))","v":34013},{"$f":"IF(C62=0,\"\",VLOOKUP(C62,BNCDADOS!$A:$G,7,0))","v":44203.29},{"$f":"IF(K62=\"\",0,TRUNC(K62*F62,2))","v":972472.38},{"$f":"SUMIF('MC - TRECHO 01'!A:A,Orçamento!A62,'MC - TRECHO 01'!R:R)","v":22},{"$f":"SUMIF(#REF!,Orçamento!A62,#REF!)","v":{"$error":"#REF!"}}]
["2.1.4.2",{"$f":"IF(C63=0,\"\",VLOOKUP(C63,BNCDADOS!$A:$H,8,0))","v":0},"COMP 08",{"$f":"IF(C63=0,\"\",VLOOKUP(C63,BNCDADOS!$A:$G,2,0))","v":"CAIXA ENTERRADA PARA TRAVESSIAS PELO MÉTODO NÃO DESTRUTIVO, MEDINDO 6,60 X 5,40 M"},{"$f":"IF(C63=0,\"\",VLOOKUP(C63,BNCDADOS!$A:$G,3,0))","v":"UN"},4,{"$f":"IF(C63=0,\"\",VLOOKUP(C63,BNCDADOS!$A:$G,4,0))","v":108654.70000000001},{"$f":"IF(C63=0,\"\",VLOOKUP(C63,BNCDADOS!$A:$G,5,0))","v":134394.99},537579.96,{"$f":"IF(C63=0,\"\",VLOOKUP(C63,BNCDADOS!$A:$G,6,0))","v":105206.40000000002},{"$f":"IF(C63=0,\"\",VLOOKUP(C63,BNCDADOS!$A:$G,7,0))","v":136726.23000000001},546904.92000000004,{"$f":"SUMIF('MC - TRECHO 01'!A:A,Orçamento!A63,'MC - TRECHO 01'!R:R)","v":4},{"$f":"SUMIF(#REF!,Orçamento!A63,#REF!)","v":{"$error":"#REF!"}}]
["2.1.4.3",{"$f":"IF(C64=0,\"\",VLOOKUP(C64,BNCDADOS!$A:$H,8,0))","v":0},"COMP 40",{"$f":"IF(C64=0,\"\",VLOOKUP(C64,BNCDADOS!$A:$G,2,0))","v":"BLOCO DE ANCORAGEM ARMADO, PARA CURVA 90°, PARA O DIÂMETRO DE 800MM"},{"$f":"IF(C64=0,\"\",VLOOKUP(C64,BNCDADOS!$A:$G,3,0))","v":"UN"},1,{"$f":"IF(C64=0,\"\",VLOOKUP(C64,BNCDADOS!$A:$G,4,0))","v":1565.03},{"$f":"IF(C64=0,\"\",VLOOKUP(C64,BNCDADOS!$A:$G,5,0))","v":1935.78},1935.78,{"$f":"IF(C64=0,\"\",VLOOKUP(C64,BNCDADOS!$A:$G,6,0))","v":1507.2600000000002},{"$f":"IF(C64=0,\"\",VLOOKUP(C64,BNCDADOS!$A:$G,7,0))","v":1958.83},1958.83,{"$f":"SUMIF('MC - TRECHO 01'!A:A,Orçamento!A64,'MC - TRECHO 01'!R:R)","v":1},{"$f":"SUMIF(#REF!,Orçamento!A64,#REF!)","v":{"$error":"#REF!"}}]
["2.1.4.4",{"$f":"IF(C65=0,\"\",VLOOKUP(C65,BNCDADOS!$A:$H,8,0))","v":0},"COMP 41",{"$f":"IF(C65=0,\"\",VLOOKUP(C65,BNCDADOS!$A:$G,2,0))","v":"BLOCO DE ANCORAGEM NÃO ARMADO, PARA CURVA 11°, 22° E 45°, PARA O DIÂMETRO DE 800MM"},{"$f":"IF(C65=0,\"\",VLOOKUP(C65,BNCDADOS!$A:$G,3,0))","v":"UN"},29,{"$f":"IF(C65=0,\"\",VLOOKUP(C65,BNCDADOS!$A:$G,4,0))","v":1202.46},{"$f":"IF(C65=0,\"\",VLOOKUP(C65,BNCDADOS!$A:$G,5,0))","v":1487.32},43132.28,{"$f":"IF(C65=0,\"\",VLOOKUP(C65,BNCDADOS!$A:$G,6,0))","v":1158.57},{"$f":"IF(C65=0,\"\",VLOOKUP(C65,BNCDADOS!$A:$G,7,0))","v":1505.67},43664.43,{"$f":"SUMIF('MC - TRECHO 01'!A:A,Orçamento!A65,'MC - TRECHO 01'!R:R)","v":29},{"$f":"SUMIF(#REF!,Orçamento!A65,#REF!)","v":{"$error":"#REF!"}}]
["2.1.5",{"$f":"IF(C66=0,\"\",VLOOKUP(C66,[142]BNCDADOS!$A:$G,8,0))","v":""},null,"DIVERSOS",{"$f":"IF(C66=0,\"\",VLOOKUP(C66,[142]BNCDADOS!$A:$G,3,0))","v":""},0,{"$f":"IF(C66=0,\"\",VLOOKUP(C66,[142]BNCDADOS!$A:$G,4,0))","v":""},{"$f":"IF(C66=0,\"\",VLOOKUP(C66,[142]BNCDADOS!$A:$G,5,0))","v":""},{"$f":"SUM(I67:I68)","v":167384.34},{"$f":"IF(C66=0,\"\",VLOOKUP(C66,[142]BNCDADOS!$A:$G,6,0))","v":""},{"$f":"IF(C66=0,\"\",VLOOKUP(C66,[142]BNCDADOS!$A:$G,7,0))","v":""},{"$f":"SUM(L67:L68)","v":165580.20000000001},0,{"$f":"SUMIF(#REF!,Orçamento!A66,#REF!)","v":{"$error":"#REF!"}}]
["2.1.5.1",{"$f":"IF(C67=0,\"\",VLOOKUP(C67,BNCDADOS!$A:$H,8,0))","v":0},"COMP 05",{"$f":"IF(C67=0,\"\",VLOOKUP(C67,BNCDADOS!$A:$G,2,0))","v":"LIMPEZA, DESINFECÇÃO E TESTE DE REDES E ADUTORAS DE ABASTECIMENTO DE ÁGUA"},{"$f":"IF(C67=0,\"\",VLOOKUP(C67,BNCDADOS!$A:$G,3,0))","v":"M"},20046.03,{"$f":"IF(C67=0,\"\",VLOOKUP(C67,BNCDADOS!$A:$G,4,0))","v":5.16},{"$f":"IF(C67=0,\"\",VLOOKUP(C67,BNCDADOS!$A:$G,5,0))","v":6.38},{"$f":"IF(H67=\"\",0,TRUNC(H67*F67,2))","v":127893.67},{"$f":"IF(C67=0,\"\",VLOOKUP(C67,BNCDADOS!$A:$G,6,0))","v":4.9399999999999995},{"$f":"IF(C67=0,\"\",VLOOKUP(C67,BNCDADOS!$A:$G,7,0))","v":6.42},{"$f":"IF(K67=\"\",0,TRUNC(K67*F67,2))","v":128695.51},{"$f":"SUMIF('MC - TRECHO 01'!A:A,Orçamento!A67,'MC - TRECHO 01'!R:R)","v":20046.03},{"$f":"SUMIF(#REF!,Orçamento!A67,#REF!)","v":{"$error":"#REF!"}}]
["2.1.5.2",{"$f":"IF(C68=0,\"\",VLOOKUP(C68,BNCDADOS!$A:$H,8,0))","v":"caern"},2220075,{"$f":"IF(C68=0,\"\",VLOOKUP(C68,BNCDADOS!$A:$G,2,0))","v":"CADASTRO DE ADUTORAS, COLETORES, INTERCEPTORES E EMISSÁRIOS - INCLUSIVE DESENHISTA. R_11/2021"},{"$f":"IF(C68=0,\"\",VLOOKUP(C68,BNCDADOS!$A:$G,3,0))","v":"M"},20046.03,{"$f":"IF(C68=0,\"\",VLOOKUP(C68,BNCDADOS!$A:$G,4,0))","v":1.6},{"$f":"IF(C68=0,\"\",VLOOKUP(C68,BNCDADOS!$A:$G,5,0))","v":1.97},39490.67,{"$f":"IF(C68=0,\"\",VLOOKUP(C68,BNCDADOS!$A:$G,6,0))","v":1.4200000000000002},{"$f":"IF(C68=0,\"\",VLOOKUP(C68,BNCDADOS!$A:$G,7,0))","v":1.84},36884.69,{"$f":"SUMIF('MC - TRECHO 01'!A:A,Orçamento!A68,'MC - TRECHO 01'!R:R)","v":20046.03},{"$f":"SUMIF(#REF!,Orçamento!A68,#REF!)","v":{"$error":"#REF!"}}]
[null,{"$f":"IF(C69=0,\"\",VLOOKUP(C69,[142]BNCDADOS!$A:$H,8,0))","v":""},null,{"$f":"IF(C69=0,\"\",VLOOKUP(C69,[142]BNCDADOS!$A:$G,2,0))","v":""},{"$f":"IF(C69=0,\"\",VLOOKUP(C69,[142]BNCDADOS!$A:$G,3,0))","v":""},0,{"$f":"IF(C69=0,\"\",VLOOKUP(C69,[142]BNCDADOS!$A:$G,4,0))","v":""},{"$f":"IF(C69=0,\"\",VLOOKUP(C69,[142]BNCDADOS!$A:$G,5,0))","v":""},{"$f":"IF(H69=\"\",0,TRUNC(H69*F69,2))","v":0},{"$f":"IF(C69=0,\"\",VLOOKUP(C69,[142]BNCDADOS!$A:$G,6,0))","v":""},{"$f":"IF(C69=0,\"\",VLOOKUP(C69,[142]BNCDADOS!$A:$G,7,0))","v":""},{"$f":"IF(K69=\"\",0,TRUNC(K69*F69,2))","v":0},null,{"$f":"SUMIF(#REF!,Orçamento!A69,#REF!)","v":{"$error":"#REF!"}}]
["2.2",null,null,"SERVIÇOS_CAPTAÇÃO",{"$nulls":4},{"$f":"SUM(I71,I81,I90,I105,I124,I113,I121,I128,I134,I137,I158,I160)","v":809904.23},null,null,{"$f":"SUM(L71,L81,L90,L105,L124,L113,L121,L128,L134,L137,L158,L160)","v":831342.01},null,{"$f":"SUMIF(#REF!,Orçamento!A70,#REF!)","v":{"$error":"#REF!"}}]
["2.2.1",{"$f":"IF(C71=0,\"\",VLOOKUP(C71,[142]BNCDADOS!$A:$G,8,0))","v":""},null,"SERVIÇOS PRELIMINARES",{"$f":"IF(C71=0,\"\",VLOOKUP(C71,[142]BNCDADOS!$A:$G,3,0))","v":""},{"$f":"TRUNC(M71,2)","v":0},{"$f":"IF(C71=0,\"\",VLOOKUP(C71,[142]BNCDADOS!$A:$G,4,0))","v":""},{"$f":"IF(C71=0,\"\",VLOOKUP(C71,[142]BNCDADOS!$A:$G,5,0))","v":""},{"$f":"SUM(I72:I80)","v":127461.01000000001},{"$f":"IF(C71=0,\"\",VLOOKUP(C71,[142]BNCDADOS!$A:$G,6,0))","v":""},{"$f":"IF(C71=0,\"\",VLOOKUP(C71,[142]BNCDADOS!$A:$G,7,0))","v":""},{"$f":"SUM(L72:L80)","v":130044.92000000001},null,{"$f":"SUMIF(#REF!,Orçamento!A71,#REF!)","v":{"$error":"#REF!"}}]
["2.2.1.1",{"$f":"IF(C72=0,\"\",VLOOKUP(C72,BNCDADOS!$A:$H,8,0))","v":"SINAPI/RN\nSERVIÇO"},98525,{"$f":"IF(C72=0,\"\",VLOOKUP(C72,BNCDADOS!$A:$G,2,0))","v":"LIMPEZA MECANIZADA DE CAMADA VEGETAL, VEGETAÇÃO E PEQUENAS ÁRVORES (DIÂMETRO DE TRONCO MENOR QUE 0,20 M), COM TRATOR DE ESTEIRAS. AF_03/2024"},{"$f":"IF(C72=0,\"\",VLOOKUP(C72,BNCDADOS!$A:$G,3,0))","v":"M2"},415.74,{"$f":"IF(C72=0,\"\",VLOOKUP(C72,BNCDADOS!$A:$G,4,0))","v":"0,61"},{"$f":"IF(C72=0,\"\",VLOOKUP(C72,BNCDADOS!$A:$G,5,0))","v":0.75},{"$f":"IF(H72=\"\",0,TRUNC(H72*F72,2))","v":311.8},{"$f":"IF(C72=0,\"\",VLOOKUP(C72,BNCDADOS!$A:$G,6,0))","v":"0,58"},{"$f":"IF(C72=0,\"\",VLOOKUP(C72,BNCDADOS!$A:$G,7,0))","v":0.75},{"$f":"IF(K72=\"\",0,TRUNC(K72*F72,2))","v":311.8},{"$f":"SUMIF('MC - TRECHO 01'!A:A,Orçamento!A72,'MC - TRECHO 01'!R:R)","v":415.74},{"$f":"SUMIF(#REF!,Orçamento!A72,#REF!)","v":{"$error":"#REF!"}}]
["2.2.1.2",{"$f":"IF(C73=0,\"\",VLOOKUP(C73,BNCDADOS!$A:$H,8,0))","v":"SINAPI/RN\nSERVIÇO"},98527,{"$f":"IF(C73=0,\"\",VLOOKUP(C73,BNCDADOS!$A:$G,2,0))","v":"REMOÇÃO DE RAÍZES REMANESCENTES DE TRONCO DE ÁRVORE COM DIÂMETRO MAIOR OU IGUAL A 0,40 M E MENOR QUE 0,60 M. AF_03/2024"},{"$f":"IF(C73=0,\"\",VLOOKUP(C73,BNCDADOS!$A:$G,3,0))","v":"UN"},125,{"$f":"IF(C73=0,\"\",VLOOKUP(C73,BNCDADOS!$A:$G,4,0))","v":"209,89"},{"$f":"IF(C73=0,\"\",VLOOKUP(C73,BNCDADOS!$A:$G,5,0))","v":259.61},32451.25,{"$f":"IF(C73=0,\"\",VLOOKUP(C73,BNCDADOS!$A:$G,6,0))","v":"195,46"},{"$f":"IF(C73=0,\"\",VLOOKUP(C73,BNCDADOS!$A:$G,7,0))","v":254.01},31751.25,{"$f":"SUMIF('MC - TRECHO 01'!A:A,Orçamento!A73,'MC - TRECHO 01'!R:R)","v":125},{"$f":"SUMIF(#REF!,Orçamento!A73,#REF!)","v":{"$error":"#REF!"}}]
["2.2.1.3",{"$f":"IF(C74=0,\"\",VLOOKUP(C74,BNCDADOS!$A:$H,8,0))","v":"SINAPI/RN\nSERVIÇO"},100982,{"$f":"IF(C74=0,\"\",VLOOKUP(C74,BNCDADOS!$A:$G,2,0))","v":"CARGA, MANOBRA E DESCARGA DE ENTULHO EM CAMINHÃO BASCULANTE 10 M³ - CARGA COM ESCAVADEIRA HIDRÁULICA  (CAÇAMBA DE 0,80 M³ / 111 HP) E DESCARGA LIVRE (UNIDADE: M3). AF_07/2020"},{"$f":"IF(C74=0,\"\",VLOOKUP(C74,BNCDADOS!$A:$G,3,0))","v":"M3"},207.87,{"$f":"IF(C74=0,\"\",VLOOKUP(C74,BNCDADOS!$A:$G,4,0))","v":"9,22"},{"$f":"IF(C74=0,\"\",VLOOKUP(C74,BNCDADOS!$A:$G,5,0))","v":11.4},2369.71,{"$f":"IF(C74=0,\"\",VLOOKUP(C74,BNCDADOS!$A:$G,6,0))","v":"9,04"},{"$f":"IF(C74=0,\"\",VLOOKUP(C74,BNCDADOS!$A:$G,7,0))","v":11.74},2440.39,{"$f":"SUMIF('MC - TRECHO 01'!A:A,Orçamento!A74,'MC - TRECHO 01'!R:R)","v":207.87},{"$f":"SUMIF(#REF!,Orçamento!A74,#REF!)","v":{"$error":"#REF!"}}]
["2.2.1.4",{"$f":"IF(C75=0,\"\",VLOOKUP(C75,BNCDADOS!$A:$H,8,0))","v":"SINAPI/RN\nSERVIÇO"},93591,{"$f":"IF(C75=0,\"\",VLOOKUP(C75,BNCDADOS!$A:$G,2,0))","v":"TRANSPORTE COM CAMINHÃO BASCULANTE DE 14 M³, EM VIA URBANA EM LEITO NATURAL (UNIDADE: M3XKM). AF_07/2020"},{"$f":"IF(C75=0,\"\",VLOOKUP(C75,BNCDADOS!$A:$G,3,0))","v":"M3XKM"},3928.74,{"$f":"IF(C75=0,\"\",VLOOKUP(C75,BNCDADOS!$A:$G,4,0))","v":"2,83"},{"$f":"IF(C75=0,\"\",VLOOKUP(C75,BNCDADOS!$A:$G,5,0))","v":3.5},13750.59,{"$f":"IF(C75=0,\"\",VLOOKUP(C75,BNCDADOS!$A:$G,6,0))","v":"2,80"},{"$f":"IF(C75=0,\"\",VLOOKUP(C75,BNCDADOS!$A:$G,7,0))","v":3.63},14261.32,{"$f":"SUMIF('MC - TRECHO 01'!A:A,Orçamento!A75,'MC - TRECHO 01'!R:R)","v":3928.7429999999999},{"$f":"SUMIF(#REF!,Orçamento!A75,#REF!)","v":{"$error":"#REF!"}}]
["2.2.1.5",{"$f":"IF(C76=0,\"\",VLOOKUP(C76,BNCDADOS!$A:$H,8,0))","v":"SINAPI/RN\nSERVIÇO"},93592,{"$f":"IF(C76=0,\"\",VLOOKUP(C76,BNCDADOS!$A:$G,2,0))","v":"TRANSPORTE COM CAMINHÃO BASCULANTE DE 14 M³, EM VIA URBANA EM REVESTIMENTO PRIMÁRIO (UNIDADE: M3XKM). AF_07/2020"},{"$f":"IF(C76=0,\"\",VLOOKUP(C76,BNCDADOS!$A:$G,3,0))","v":"M3XKM"},3928.74,{"$f":"IF(C76=0,\"\",VLOOKUP(C76,BNCDADOS!$A:$G,4,0))","v":"2,45"},{"$f":"IF(C76=0,\"\",VLOOKUP(C76,BNCDADOS!$A:$G,5,0))","v":3.03},11904.08,{"$f":"IF(C76=0,\"\",VLOOKUP(C76,BNCDADOS!$A:$G,6,0))","v":"2,42"},{"$f":"IF(C76=0,\"\",VLOOKUP(C76,BNCDADOS!$A:$G,7,0))","v":3.14},12336.24,{"$f":"SUMIF('MC - TRECHO 01'!A:A,Orçamento!A76,'MC - TRECHO 01'!R:R)","v":3928.7429999999999},{"$f":"SUMIF(#REF!,Orçamento!A76,#REF!)","v":{"$error":"#REF!"}}]
["2.2.1.6",{"$f":"IF(C77=0,\"\",VLOOKUP(C77,BNCDADOS!$A:$H,8,0))","v":"SINAPI/RN\nSERVIÇO"},98459,{"$f":"IF(C77=0,\"\",VLOOKUP(C77,BNCDADOS!$A:$G,2,0))","v":"TAPUME COM TELHA METÁLICA. AF_03/2024"},{"$f":"IF(C77=0,\"\",VLOOKUP(C77,BNCDADOS!$A:$G,3,0))","v":"M2"},167,{"$f":"IF(C77=0,\"\",VLOOKUP(C77,BNCDADOS!$A:$G,4,0))","v":"101,37"},{"$f":"IF(C77=0,\"\",VLOOKUP(C77,BNCDADOS!$A:$G,5,0))","v":125.38},20938.46,{"$f":"IF(C77=0,\"\",VLOOKUP(C77,BNCDADOS!$A:$G,6,0))","v":"98,15"},{"$f":"IF(C77=0,\"\",VLOOKUP(C77,BNCDADOS!$A:$G,7,0))","v":127.55},21300.85,{"$f":"SUMIF('MC - TRECHO 01'!A:A,Orçamento!A77,'MC - TRECHO 01'!R:R)","v":167},{"$f":"SUMIF(#REF!,Orçamento!A77,#REF!)","v":{"$error":"#REF!"}}]
["2.2.1.7",{"$f":"IF(C78=0,\"\",VLOOKUP(C78,BNCDADOS!$A:$H,8,0))","v":"SINAPI/RN\nSERVIÇO"},99059,{"$f":"IF(C78=0,\"\",VLOOKUP(C78,BNCDADOS!$A:$G,2,0))","v":"LOCAÇÃO CONVENCIONAL DE OBRA, UTILIZANDO GABARITO DE TÁBUAS CORRIDAS PONTALETADAS A CADA 2,00M -  2 UTILIZAÇÕES. AF_03/2024"},{"$f":"IF(C78=0,\"\",VLOOKUP(C78,BNCDADOS!$A:$G,3,0))","v":"M"},{"$f":"TRUNC(M78,2)","v":82.82},{"$f":"IF(C78=0,\"\",VLOOKUP(C78,BNCDADOS!$A:$G,4,0))","v":"68,49"},{"$f":"IF(C78=0,\"\",VLOOKUP(C78,BNCDADOS!$A:$G,5,0))","v":84.71},{"$f":"IF(H78=\"\",0,TRUNC(H78*F78,2))","v":7015.68},{"$f":"IF(C78=0,\"\",VLOOKUP(C78,BNCDADOS!$A:$G,6,0))","v":"64,82"},{"$f":"IF(C78=0,\"\",VLOOKUP(C78,BNCDADOS!$A:$G,7,0))","v":84.24},{"$f":"IF(K78=\"\",0,TRUNC(K78*F78,2))","v":6976.75},{"$f":"SUMIF('MC - TRECHO 01'!A:A,Orçamento!A78,'MC - TRECHO 01'!R:R)","v":82.82},{"$f":"SUMIF(#REF!,Orçamento!A78,#REF!)","v":{"$error":"#REF!"}}]
["2.2.1.8",{"$f":"IF(C79=0,\"\",VLOOKUP(C79,BNCDADOS!$A:$H,8,0))","v":0},"COMP 13",{"$f":"IF(C79=0,\"\",VLOOKUP(C79,BNCDADOS!$A:$G,2,0))","v":"LOCAÇÃO DE CONTÊINER ALMOXARIFADO COM PISO NAVAL - 6,00M X 2,35M - PARA USO EM CANTEIRO DE OBRAS"},{"$f":"IF(C79=0,\"\",VLOOKUP(C79,BNCDADOS!$A:$G,3,0))","v":"UM X MÊS"},24,{"$f":"IF(C79=0,\"\",VLOOKUP(C79,BNCDADOS!$A:$G,4,0))","v":800.6},{"$f":"IF(C79=0,\"\",VLOOKUP(C79,BNCDADOS!$A:$G,5,0))","v":990.26},23766.240000000002,{"$f":"IF(C79=0,\"\",VLOOKUP(C79,BNCDADOS!$A:$G,6,0))","v":800.6},{"$f":"IF(C79=0,\"\",VLOOKUP(C79,BNCDADOS!$A:$G,7,0))","v":1040.45},24970.799999999999,{"$f":"SUMIF('MC - TRECHO 01'!A:A,Orçamento!A79,'MC - TRECHO 01'!R:R)","v":24},{"$f":"SUMIF(#REF!,Orçamento!A79,#REF!)","v":{"$error":"#REF!"}}]
["2.2.1.9",{"$f":"IF(C80=0,\"\",VLOOKUP(C80,BNCDADOS!$A:$H,8,0))","v":0},"COMP 01",{"$f":"IF(C80=0,\"\",VLOOKUP(C80,BNCDADOS!$A:$G,2,0))","v":"CANTEIRO ITINERANTE COMPOSTO DE TOLDO, CONJUNTO DE MESA E CADEIRAS E BANHEIRO QUÍMICO COM LIMPEZA DIÁRIA INCLUSO COLETA E DESTINAÇÃO FINAL DE EFLUENTES"},{"$f":"IF(C80=0,\"\",VLOOKUP(C80,BNCDADOS!$A:$G,3,0))","v":"UN"},12,{"$f":"IF(C80=0,\"\",VLOOKUP(C80,BNCDADOS!$A:$G,4,0))","v":1007.4399999999999},{"$f":"IF(C80=0,\"\",VLOOKUP(C80,BNCDADOS!$A:$G,5,0))","v":1246.0999999999999},14953.2,{"$f":"IF(C80=0,\"\",VLOOKUP(C80,BNCDADOS!$A:$G,6,0))","v":1006.4399999999999},{"$f":"IF(C80=0,\"\",VLOOKUP(C80,BNCDADOS!$A:$G,7,0))","v":1307.96},15695.52,{"$f":"SUMIF('MC - TRECHO 01'!A:A,Orçamento!A80,'MC - TRECHO 01'!R:R)","v":12},{"$f":"SUMIF(#REF!,Orçamento!A80,#REF!)","v":{"$error":"#REF!"}}]
["2.2.2",{"$f":"IF(C81=0,\"\",VLOOKUP(C81,[142]BNCDADOS!$A:$G,8,0))","v":""},null,"MOVIMENTO DE TERRA",{"$f":"IF(C81=0,\"\",VLOOKUP(C81,[142]BNCDADOS!$A:$G,3,0))","v":""},0,{"$f":"IF(C81=0,\"\",VLOOKUP(C81,[142]BNCDADOS!$A:$G,4,0))","v":""},{"$f":"IF(C81=0,\"\",VLOOKUP(C81,[142]BNCDADOS!$A:$G,5,0))","v":""},{"$f":"SUM(I82:I89)","v":23794.230000000003},{"$f":"IF(C81=0,\"\",VLOOKUP(C81,[142]BNCDADOS!$A:$G,6,0))","v":""},{"$f":"IF(C81=0,\"\",VLOOKUP(C81,[142]BNCDADOS!$A:$G,7,0))","v":""},{"$f":"SUM(L82:L89)","v":24566.84},null,{"$f":"SUMIF(#REF!,Orçamento!A81,#REF!)","v":{"$error":"#REF!"}}]
["2.2.2.1",{"$f":"IF(C82=0,\"\",VLOOKUP(C82,BNCDADOS!$A:$H,8,0))","v":"SINAPI/RN\nSERVIÇO"},96385,{"$f":"IF(C82=0,\"\",VLOOKUP(C82,BNCDADOS!$A:$G,2,0))","v":"EXECUÇÃO E COMPACTAÇÃO DE ATERRO COM SOLO PREDOMINANTEMENTE ARGILOSO - EXCLUSIVE SOLO, ESCAVAÇÃO, CARGA E TRANSPORTE. AF_11/2019"},{"$f":"IF(C82=0,\"\",VLOOKUP(C82,BNCDADOS!$A:$G,3,0))","v":"M3"},149.63,{"$f":"IF(C82=0,\"\",VLOOKUP(C82,BNCDADOS!$A:$G,4,0))","v":"11,83"},{"$f":"IF(C82=0,\"\",VLOOKUP(C82,BNCDADOS!$A:$G,5,0))","v":14.63},{"$f":"IF(H82=\"\",0,TRUNC(H82*F82,2))","v":2189.08},{"$f":"IF(C82=0,\"\",VLOOKUP(C82,BNCDADOS!$A:$G,6,0))","v":"11,38"},{"$f":"IF(C82=0,\"\",VLOOKUP(C82,BNCDADOS!$A:$G,7,0))","v":14.78},{"$f":"IF(K82=\"\",0,TRUNC(K82*F82,2))","v":2211.5300000000002},{"$f":"SUMIF('MC - TRECHO 01'!A:A,Orçamento!A82,'MC - TRECHO 01'!R:R)","v":149.63800000000001},{"$f":"SUMIF(#REF!,Orçamento!A82,#REF!)","v":{"$error":"#REF!"}}]
["2.2.2.2",{"$f":"IF(C83=0,\"\",VLOOKUP(C83,BNCDADOS!$A:$H,8,0))","v":"SINAPI/RN\nSERVIÇO"},101232,{"$f":"IF(C83=0,\"\",VLOOKUP(C83,BNCDADOS!$A:$G,2,0))","v":"ESCAVAÇÃO VERTICAL PARA INFRAESTRUTURA, COM CARGA, DESCARGA E TRANSPORTE DE SOLO DE 1ª CATEGORIA, COM ESCAVADEIRA HIDRÁULICA (CAÇAMBA: 1,2 M³ / 155 HP), FROTA DE 3 CAMINHÕES BASCULANTES DE 14 M³, DMT ATÉ 1 KM E VELOCIDADE MÉDIA14 KM/H. AF_05/2020"},{"$f":"IF(C83=0,\"\",VLOOKUP(C83,BNCDADOS!$A:$G,3,0))","v":"M3"},149.63,{"$f":"IF(C83=0,\"\",VLOOKUP(C83,BNCDADOS!$A:$G,4,0))","v":"9,80"},{"$f":"IF(C83=0,\"\",VLOOKUP(C83,BNCDADOS!$A:$G,5,0))","v":12.12},1813.51,{"$f":"IF(C83=0,\"\",VLOOKUP(C83,BNCDADOS!$A:$G,6,0))","v":"9,66"},{"$f":"IF(C83=0,\"\",VLOOKUP(C83,BNCDADOS!$A:$G,7,0))","v":12.55},1877.85,{"$f":"SUMIF('MC - TRECHO 01'!A:A,Orçamento!A83,'MC - TRECHO 01'!R:R)","v":149.63800000000001},{"$f":"SUMIF(#REF!,Orçamento!A83,#REF!)","v":{"$error":"#REF!"}}]
["2.2.2.3",{"$f":"IF(C84=0,\"\",VLOOKUP(C84,BNCDADOS!$A:$H,8,0))","v":"SINAPI/RN\nSERVIÇO"},93591,{"$f":"IF(C84=0,\"\",VLOOKUP(C84,BNCDADOS!$A:$G,2,0))","v":"TRANSPORTE COM CAMINHÃO BASCULANTE DE 14 M³, EM VIA URBANA EM LEITO NATURAL (UNIDADE: M3XKM). AF_07/2020"},{"$f":"IF(C84=0,\"\",VLOOKUP(C84,BNCDADOS!$A:$G,3,0))","v":"M3XKM"},2693.48,{"$f":"IF(C84=0,\"\",VLOOKUP(C84,BNCDADOS!$A:$G,4,0))","v":"2,83"},{"$f":"IF(C84=0,\"\",VLOOKUP(C84,BNCDADOS!$A:$G,5,0))","v":3.5},9427.18,{"$f":"IF(C84=0,\"\",VLOOKUP(C84,BNCDADOS!$A:$G,6,0))","v":"2,80"},{"$f":"IF(C84=0,\"\",VLOOKUP(C84,BNCDADOS!$A:$G,7,0))","v":3.63},9777.33,{"$f":"SUMIF('MC - TRECHO 01'!A:A,Orçamento!A84,'MC - TRECHO 01'!R:R)","v":2693.4839999999999},{"$f":"SUMIF(#REF!,Orçamento!A84,#REF!)","v":{"$error":"#REF!"}}]
["2.2.2.4",{"$f":"IF(C85=0,\"\",VLOOKUP(C85,BNCDADOS!$A:$H,8,0))","v":"SINAPI/RN\nSERVIÇO"},93592,{"$f":"IF(C85=0,\"\",VLOOKUP(C85,BNCDADOS!$A:$G,2,0))","v":"TRANSPORTE COM CAMINHÃO BASCULANTE DE 14 M³, EM VIA URBANA EM REVESTIMENTO PRIMÁRIO (UNIDADE: M3XKM). AF_07/2020"},{"$f":"IF(C85=0,\"\",VLOOKUP(C85,BNCDADOS!$A:$G,3,0))","v":"M3XKM"},2693.48,{"$f":"IF(C85=0,\"\",VLOOKUP(C85,BNCDADOS!$A:$G,4,0))","v":"2,45"},{"$f":"IF(C85=0,\"\",VLOOKUP(C85,BNCDADOS!$A:$G,5,0))","v":3.03},8161.24,{"$f":"IF(C85=0,\"\",VLOOKUP(C85,BNCDADOS!$A:$G,6,0))","v":"2,42"},{"$f":"IF(C85=0,\"\",VLOOKUP(C85,BNCDADOS!$A:$G,7,0))","v":3.14},8457.52,{"$f":"SUMIF('MC - TRECHO 01'!A:A,Orçamento!A85,'MC - TRECHO 01'!R:R)","v":2693.4839999999999},{"$f":"SUMIF(#REF!,Orçamento!A85,#REF!)","v":{"$error":"#REF!"}}]
["2.2.2.5",{"$f":"IF(C86=0,\"\",VLOOKUP(C86,BNCDADOS!$A:$H,8,0))","v":"SINAPI/RN\nSERVIÇO"},98520,{"$f":"IF(C86=0,\"\",VLOOKUP(C86,BNCDADOS!$A:$G,2,0))","v":"APLICAÇÃO DE ADUBO EM SOLO. AF_07/2024"},{"$f":"IF(C86=0,\"\",VLOOKUP(C86,BNCDADOS!$A:$G,3,0))","v":"M2"},70,{"$f":"IF(C86=0,\"\",VLOOKUP(C86,BNCDADOS!$A:$G,4,0))","v":"6,22"},{"$f":"IF(C86=0,\"\",VLOOKUP(C86,BNCDADOS!$A:$G,5,0))","v":7.69},538.29999999999995,{"$f":"IF(C86=0,\"\",VLOOKUP(C86,BNCDADOS!$A:$G,6,0))","v":"6,09"},{"$f":"IF(C86=0,\"\",VLOOKUP(C86,BNCDADOS!$A:$G,7,0))","v":7.91},553.70000000000005,{"$f":"SUMIF('MC - TRECHO 01'!A:A,Orçamento!A86,'MC - TRECHO 01'!R:R)","v":70},{"$f":"SUMIF(#REF!,Orçamento!A86,#REF!)","v":{"$error":"#REF!"}}]
["2.2.2.6",{"$f":"IF(C87=0,\"\",VLOOKUP(C87,BNCDADOS!$A:$H,8,0))","v":"SINAPI/RN\nSERVIÇO"},98504,{"$f":"IF(C87=0,\"\",VLOOKUP(C87,BNCDADOS!$A:$G,2,0))","v":"PLANTIO DE GRAMA BATATAIS EM PLACAS. AF_07/2024"},{"$f":"IF(C87=0,\"\",VLOOKUP(C87,BNCDADOS!$A:$G,3,0))","v":"M2"},70,{"$f":"IF(C87=0,\"\",VLOOKUP(C87,BNCDADOS!$A:$G,4,0))","v":"13,41"},{"$f":"IF(C87=0,\"\",VLOOKUP(C87,BNCDADOS!$A:$G,5,0))","v":16.579999999999998},1160.5999999999999,{"$f":"IF(C87=0,\"\",VLOOKUP(C87,BNCDADOS!$A:$G,6,0))","v":"13,08"},{"$f":"IF(C87=0,\"\",VLOOKUP(C87,BNCDADOS!$A:$G,7,0))","v":16.989999999999998},1189.3,{"$f":"SUMIF('MC - TRECHO 01'!A:A,Orçamento!A87,'MC - TRECHO 01'!R:R)","v":70},{"$f":"SUMIF(#REF!,Orçamento!A87,#REF!)","v":{"$error":"#REF!"}}]
["2.2.2.7",{"$f":"IF(C88=0,\"\",VLOOKUP(C88,BNCDADOS!$A:$H,8,0))","v":"SINAPI/RN\nSERVIÇO"},96525,{"$f":"IF(C88=0,\"\",VLOOKUP(C88,BNCDADOS!$A:$G,2,0))","v":"ESCAVAÇÃO MECANIZADA PARA VIGA BALDRAME OU SAPATA CORRIDA COM MINI-ESCAVADEIRA (INCLUINDO ESCAVAÇÃO PARA COLOCAÇÃO DE FÔRMAS). AF_01/2024"},{"$f":"IF(C88=0,\"\",VLOOKUP(C88,BNCDADOS!$A:$G,3,0))","v":"M3"},5.54,{"$f":"IF(C88=0,\"\",VLOOKUP(C88,BNCDADOS!$A:$G,4,0))","v":"55,00"},{"$f":"IF(C88=0,\"\",VLOOKUP(C88,BNCDADOS!$A:$G,5,0))","v":68.02},376.83,{"$f":"IF(C88=0,\"\",VLOOKUP(C88,BNCDADOS!$A:$G,6,0))","v":"52,42"},{"$f":"IF(C88=0,\"\",VLOOKUP(C88,BNCDADOS!$A:$G,7,0))","v":68.12},377.38,{"$f":"SUMIF('MC - TRECHO 01'!A:A,Orçamento!A88,'MC - TRECHO 01'!R:R)","v":5.5439999999999996},{"$f":"SUMIF(#REF!,Orçamento!A88,#REF!)","v":{"$error":"#REF!"}}]
["2.2.2.8",{"$f":"IF(C89=0,\"\",VLOOKUP(C89,BNCDADOS!$A:$H,8,0))","v":"SINAPI/RN\nSERVIÇO"},93382,{"$f":"IF(C89=0,\"\",VLOOKUP(C89,BNCDADOS!$A:$G,2,0))","v":"REATERRO MANUAL DE VALAS, COM COMPACTADOR DE SOLOS DE PERCUSSÃO. AF_08/2023"},{"$f":"IF(C89=0,\"\",VLOOKUP(C89,BNCDADOS!$A:$G,3,0))","v":"M3"},4.1100000000000003,{"$f":"IF(C89=0,\"\",VLOOKUP(C89,BNCDADOS!$A:$G,4,0))","v":"25,08"},{"$f":"IF(C89=0,\"\",VLOOKUP(C89,BNCDADOS!$A:$G,5,0))","v":31.02},127.49,{"$f":"IF(C89=0,\"\",VLOOKUP(C89,BNCDADOS!$A:$G,6,0))","v":"22,89"},{"$f":"IF(C89=0,\"\",VLOOKUP(C89,BNCDADOS!$A:$G,7,0))","v":29.74},122.23,{"$f":"SUMIF('MC - TRECHO 01'!A:A,Orçamento!A89,'MC - TRECHO 01'!R:R)","v":4.11768},{"$f":"SUMIF(#REF!,Orçamento!A89,#REF!)","v":{"$error":"#REF!"}}]
["2.2.3",{"$f":"IF(C90=0,\"\",VLOOKUP(C90,[142]BNCDADOS!$A:$G,8,0))","v":""},null,"FUNDAÇÕES",{"$f":"IF(C90=0,\"\",VLOOKUP(C90,[142]BNCDADOS!$A:$G,3,0))","v":""},0,{"$f":"IF(C90=0,\"\",VLOOKUP(C90,[142]BNCDADOS!$A:$G,4,0))","v":""},{"$f":"IF(C90=0,\"\",VLOOKUP(C90,[142]BNCDADOS!$A:$G,5,0))","v":""},{"$f":"SUM(I91:I104)","v":55081.7},{"$f":"IF(C90=0,\"\",VLOOKUP(C90,[142]BNCDADOS!$A:$G,6,0))","v":""},{"$f":"IF(C90=0,\"\",VLOOKUP(C90,[142]BNCDADOS!$A:$G,7,0))","v":""},{"$f":"SUM(L91:L104)","v":56146.630000000005},null,{"$f":"SUMIF(#REF!,Orçamento!A90,#REF!)","v":{"$error":"#REF!"}}]
["2.2.3.1",{"$f":"IF(C91=0,\"\",VLOOKUP(C91,BNCDADOS!$A:$H,8,0))","v":"SINAPI/RN\nSERVIÇO"},96542,{"$f":"IF(C91=0,\"\",VLOOKUP(C91,BNCDADOS!$A:$G,2,0))","v":"FABRICAÇÃO, MONTAGEM E DESMONTAGEM DE FÔRMA PARA VIGA BALDRAME, EM CHAPA DE MADEIRA COMPENSADA RESINADA, E=17 MM, 4 UTILIZAÇÕES. AF_01/2024"},{"$f":"IF(C91=0,\"\",VLOOKUP(C91,BNCDADOS!$A:$G,3,0))","v":"M2"},63.65,{"$f":"IF(C91=0,\"\",VLOOKUP(C91,BNCDADOS!$A:$G,4,0))","v":"103,01"},{"$f":"IF(C91=0,\"\",VLOOKUP(C91,BNCDADOS!$A:$G,5,0))","v":127.41},{"$f":"IF(H91=\"\",0,TRUNC(H91*F91,2))","v":8109.64},{"$f":"IF(C91=0,\"\",VLOOKUP(C91,BNCDADOS!$A:$G,6,0))","v":"96,60"},{"$f":"IF(C91=0,\"\",VLOOKUP(C91,BNCDADOS!$A:$G,7,0))","v":125.54},{"$f":"IF(K91=\"\",0,TRUNC(K91*F91,2))","v":7990.62},{"$f":"SUMIF('MC - TRECHO 01'!A:A,Orçamento!A91,'MC - TRECHO 01'!R:R)","v":63.650000000000006},{"$f":"SUMIF(#REF!,Orçamento!A91,#REF!)","v":{"$error":"#REF!"}}]
["2.2.3.2",{"$f":"IF(C92=0,\"\",VLOOKUP(C92,BNCDADOS!$A:$H,8,0))","v":"SINAPI/RN\nSERVIÇO"},95241,{"$f":"IF(C92=0,\"\",VLOOKUP(C92,BNCDADOS!$A:$G,2,0))","v":"LASTRO DE CONCRETO MAGRO, APLICADO EM PISOS, LAJES SOBRE SOLO OU RADIERS, ESPESSURA DE 5 CM. AF_01/2024"},{"$f":"IF(C92=0,\"\",VLOOKUP(C92,BNCDADOS!$A:$G,3,0))","v":"M2"},32.82,{"$f":"IF(C92=0,\"\",VLOOKUP(C92,BNCDADOS!$A:$G,4,0))","v":"36,15"},{"$f":"IF(C92=0,\"\",VLOOKUP(C92,BNCDADOS!$A:$G,5,0))","v":44.71},1467.38,{"$f":"IF(C92=0,\"\",VLOOKUP(C92,BNCDADOS!$A:$G,6,0))","v":"34,74"},{"$f":"IF(C92=0,\"\",VLOOKUP(C92,BNCDADOS!$A:$G,7,0))","v":45.14},1481.49,{"$f":"SUMIF('MC - TRECHO 01'!A:A,Orçamento!A92,'MC - TRECHO 01'!R:R)","v":32.82},{"$f":"SUMIF(#REF!,Orçamento!A92,#REF!)","v":{"$error":"#REF!"}}]
["2.2.3.3",{"$f":"IF(C93=0,\"\",VLOOKUP(C93,BNCDADOS!$A:$H,8,0))","v":"SINAPI/RN\nSERVIÇO"},97113,{"$f":"IF(C93=0,\"\",VLOOKUP(C93,BNCDADOS!$A:$G,2,0))","v":"APLICAÇÃO DE LONA PLÁSTICA PARA EXECUÇÃO DE PAVIMENTOS DE CONCRETO. AF_04/2022"},{"$f":"IF(C93=0,\"\",VLOOKUP(C93,BNCDADOS!$A:$G,3,0))","v":"M2"},115.48,{"$f":"IF(C93=0,\"\",VLOOKUP(C93,BNCDADOS!$A:$G,4,0))","v":"3,68"},{"$f":"IF(C93=0,\"\",VLOOKUP(C93,BNCDADOS!$A:$G,5,0))","v":4.55},525.42999999999995,{"$f":"IF(C93=0,\"\",VLOOKUP(C93,BNCDADOS!$A:$G,6,0))","v":"3,65"},{"$f":"IF(C93=0,\"\",VLOOKUP(C93,BNCDADOS!$A:$G,7,0))","v":4.74},547.37,{"$f":"SUMIF('MC - TRECHO 01'!A:A,Orçamento!A93,'MC - TRECHO 01'!R:R)","v":115.4881},{"$f":"SUMIF(#REF!,Orçamento!A93,#REF!)","v":{"$error":"#REF!"}}]
["2.2.3.4",{"$f":"IF(C94=0,\"\",VLOOKUP(C94,BNCDADOS!$A:$H,8,0))","v":"SINAPI/RN\nSERVIÇO"},96543,{"$f":"IF(C94=0,\"\",VLOOKUP(C94,BNCDADOS!$A:$G,2,0))","v":"ARMAÇÃO DE BLOCO UTILIZANDO AÇO CA-60 DE 5 MM - MONTAGEM. AF_01/2024"},{"$f":"IF(C94=0,\"\",VLOOKUP(C94,BNCDADOS!$A:$G,3,0))","v":"KG"},42,{"$f":"IF(C94=0,\"\",VLOOKUP(C94,BNCDADOS!$A:$G,4,0))","v":"20,25"},{"$f":"IF(C94=0,\"\",VLOOKUP(C94,BNCDADOS!$A:$G,5,0))","v":25.04},1051.68,{"$f":"IF(C94=0,\"\",VLOOKUP(C94,BNCDADOS!$A:$G,6,0))","v":"19,11"},{"$f":"IF(C94=0,\"\",VLOOKUP(C94,BNCDADOS!$A:$G,7,0))","v":24.83},1042.8599999999999,{"$f":"SUMIF('MC - TRECHO 01'!A:A,Orçamento!A94,'MC - TRECHO 01'!R:R)","v":42},{"$f":"SUMIF(#REF!,Orçamento!A94,#REF!)","v":{"$error":"#REF!"}}]
["2.2.3.5",{"$f":"IF(C95=0,\"\",VLOOKUP(C95,BNCDADOS!$A:$H,8,0))","v":"SINAPI/RN\nSERVIÇO"},96544,{"$f":"IF(C95=0,\"\",VLOOKUP(C95,BNCDADOS!$A:$G,2,0))","v":"ARMAÇÃO DE BLOCO UTILIZANDO AÇO CA-50 DE 6,3 MM - MONTAGEM. AF_01/2024"},{"$f":"IF(C95=0,\"\",VLOOKUP(C95,BNCDADOS!$A:$G,3,0))","v":"KG"},27,{"$f":"IF(C95=0,\"\",VLOOKUP(C95,BNCDADOS!$A:$G,4,0))","v":"18,33"},{"$f":"IF(C95=0,\"\",VLOOKUP(C95,BNCDADOS!$A:$G,5,0))","v":22.67},612.09,{"$f":"IF(C95=0,\"\",VLOOKUP(C95,BNCDADOS!$A:$G,6,0))","v":"17,48"},{"$f":"IF(C95=0,\"\",VLOOKUP(C95,BNCDADOS!$A:$G,7,0))","v":22.71},613.16999999999996,{"$f":"SUMIF('MC - TRECHO 01'!A:A,Orçamento!A95,'MC - TRECHO 01'!R:R)","v":27},{"$f":"SUMIF(#REF!,Orçamento!A95,#REF!)","v":{"$error":"#REF!"}}]
["2.2.3.6",{"$f":"IF(C96=0,\"\",VLOOKUP(C96,BNCDADOS!$A:$H,8,0))","v":"SINAPI/RN\nSERVIÇO"},96545,{"$f":"IF(C96=0,\"\",VLOOKUP(C96,BNCDADOS!$A:$G,2,0))","v":"ARMAÇÃO DE BLOCO UTILIZANDO AÇO CA-50 DE 8 MM - MONTAGEM. AF_01/2024"},{"$f":"IF(C96=0,\"\",VLOOKUP(C96,BNCDADOS!$A:$G,3,0))","v":"KG"},12,{"$f":"IF(C96=0,\"\",VLOOKUP(C96,BNCDADOS!$A:$G,4,0))","v":"16,57"},{"$f":"IF(C96=0,\"\",VLOOKUP(C96,BNCDADOS!$A:$G,5,0))","v":20.49},245.88,{"$f":"IF(C96=0,\"\",VLOOKUP(C96,BNCDADOS!$A:$G,6,0))","v":"15,95"},{"$f":"IF(C96=0,\"\",VLOOKUP(C96,BNCDADOS!$A:$G,7,0))","v":20.72},248.64,{"$f":"SUMIF('MC - TRECHO 01'!A:A,Orçamento!A96,'MC - TRECHO 01'!R:R)","v":12},{"$f":"SUMIF(#REF!,Orçamento!A96,#REF!)","v":{"$error":"#REF!"}}]
["2.2.3.7",{"$f":"IF(C97=0,\"\",VLOOKUP(C97,BNCDADOS!$A:$H,8,0))","v":"SINAPI/RN\nSERVIÇO"},96546,{"$f":"IF(C97=0,\"\",VLOOKUP(C97,BNCDADOS!$A:$G,2,0))","v":"ARMAÇÃO DE BLOCO UTILIZANDO AÇO CA-50 DE 10 MM - MONTAGEM. AF_01/2024"},{"$f":"IF(C97=0,\"\",VLOOKUP(C97,BNCDADOS!$A:$G,3,0))","v":"KG"},131,{"$f":"IF(C97=0,\"\",VLOOKUP(C97,BNCDADOS!$A:$G,4,0))","v":"14,52"},{"$f":"IF(C97=0,\"\",VLOOKUP(C97,BNCDADOS!$A:$G,5,0))","v":17.95},2351.4499999999998,{"$f":"IF(C97=0,\"\",VLOOKUP(C97,BNCDADOS!$A:$G,6,0))","v":"14,04"},{"$f":"IF(C97=0,\"\",VLOOKUP(C97,BNCDADOS!$A:$G,7,0))","v":18.239999999999998},2389.44,{"$f":"SUMIF('MC - TRECHO 01'!A:A,Orçamento!A97,'MC - TRECHO 01'!R:R)","v":131},{"$f":"SUMIF(#REF!,Orçamento!A97,#REF!)","v":{"$error":"#REF!"}}]
["2.2.3.8",{"$f":"IF(C98=0,\"\",VLOOKUP(C98,BNCDADOS!$A:$H,8,0))","v":"SINAPI/RN\nSERVIÇO"},96547,{"$f":"IF(C98=0,\"\",VLOOKUP(C98,BNCDADOS!$A:$G,2,0))","v":"ARMAÇÃO DE BLOCO, VIGA BALDRAME OU SAPATA UTILIZANDO AÇO CA-50 DE 12,5 MM - MONTAGEM."},{"$f":"IF(C98=0,\"\",VLOOKUP(C98,BNCDADOS!$A:$G,3,0))","v":"KG"},75,{"$f":"IF(C98=0,\"\",VLOOKUP(C98,BNCDADOS!$A:$G,4,0))","v":11.86},{"$f":"IF(C98=0,\"\",VLOOKUP(C98,BNCDADOS!$A:$G,5,0))","v":14.66},1099.5,{"$f":"IF(C98=0,\"\",VLOOKUP(C98,BNCDADOS!$A:$G,6,0))","v":11.61},{"$f":"IF(C98=0,\"\",VLOOKUP(C98,BNCDADOS!$A:$G,7,0))","v":15.08},1131,{"$f":"SUMIF('MC - TRECHO 01'!A:A,Orçamento!A98,'MC - TRECHO 01'!R:R)","v":75},{"$f":"SUMIF(#REF!,Orçamento!A98,#REF!)","v":{"$error":"#REF!"}}]
["2.2.3.9",{"$f":"IF(C99=0,\"\",VLOOKUP(C99,BNCDADOS!$A:$H,8,0))","v":"SINAPI/RN\nSERVIÇO"},96548,{"$f":"IF(C99=0,\"\",VLOOKUP(C99,BNCDADOS!$A:$G,2,0))","v":"ARMAÇÃO DE BLOCO, VIGA BALDRAME OU SAPATA UTILIZANDO AÇO CA-50 DE 16 MM - MONTAGEM."},{"$f":"IF(C99=0,\"\",VLOOKUP(C99,BNCDADOS!$A:$G,3,0))","v":"KG"},50,{"$f":"IF(C99=0,\"\",VLOOKUP(C99,BNCDADOS!$A:$G,4,0))","v":11.15},{"$f":"IF(C99=0,\"\",VLOOKUP(C99,BNCDADOS!$A:$G,5,0))","v":13.79},689.5,{"$f":"IF(C99=0,\"\",VLOOKUP(C99,BNCDADOS!$A:$G,6,0))","v":10.97},{"$f":"IF(C99=0,\"\",VLOOKUP(C99,BNCDADOS!$A:$G,7,0))","v":14.25},712.5,{"$f":"SUMIF('MC - TRECHO 01'!A:A,Orçamento!A99,'MC - TRECHO 01'!R:R)","v":50},{"$f":"SUMIF(#REF!,Orçamento!A99,#REF!)","v":{"$error":"#REF!"}}]
["2.2.3.10",{"$f":"IF(C100=0,\"\",VLOOKUP(C100,BNCDADOS!$A:$H,8,0))","v":"SINAPI/RN\nSERVIÇO"},92916,{"$f":"IF(C100=0,\"\",VLOOKUP(C100,BNCDADOS!$A:$G,2,0))","v":"ARMAÇÃO DE ESTRUTURAS DIVERSAS DE CONCRETO ARMADO, EXCETO VIGAS, PILARES, LAJES E FUNDAÇÕES, UTILIZANDO AÇO CA-50 DE 6,3 MM - MONTAGEM. AF_06/2022"},{"$f":"IF(C100=0,\"\",VLOOKUP(C100,BNCDADOS!$A:$G,3,0))","v":"KG"},809,{"$f":"IF(C100=0,\"\",VLOOKUP(C100,BNCDADOS!$A:$G,4,0))","v":"15,76"},{"$f":"IF(C100=0,\"\",VLOOKUP(C100,BNCDADOS!$A:$G,5,0))","v":19.489999999999998},15767.41,{"$f":"IF(C100=0,\"\",VLOOKUP(C100,BNCDADOS!$A:$G,6,0))","v":"15,19"},{"$f":"IF(C100=0,\"\",VLOOKUP(C100,BNCDADOS!$A:$G,7,0))","v":19.739999999999998},15969.66,{"$f":"SUMIF('MC - TRECHO 01'!A:A,Orçamento!A100,'MC - TRECHO 01'!R:R)","v":809},{"$f":"SUMIF(#REF!,Orçamento!A100,#REF!)","v":{"$error":"#REF!"}}]
["2.2.3.11",{"$f":"IF(C101=0,\"\",VLOOKUP(C101,BNCDADOS!$A:$H,8,0))","v":"SINAPI/RN\nSERVIÇO"},92919,{"$f":"IF(C101=0,\"\",VLOOKUP(C101,BNCDADOS!$A:$G,2,0))","v":"ARMAÇÃO DE ESTRUTURAS DIVERSAS DE CONCRETO ARMADO, EXCETO VIGAS, PILARES, LAJES E FUNDAÇÕES, UTILIZANDO AÇO CA-50 DE 10,0 MM - MONTAGEM. AF_06/2022"},{"$f":"IF(C101=0,\"\",VLOOKUP(C101,BNCDADOS!$A:$G,3,0))","v":"KG"},351,{"$f":"IF(C101=0,\"\",VLOOKUP(C101,BNCDADOS!$A:$G,4,0))","v":"12,59"},{"$f":"IF(C101=0,\"\",VLOOKUP(C101,BNCDADOS!$A:$G,5,0))","v":15.57},5465.07,{"$f":"IF(C101=0,\"\",VLOOKUP(C101,BNCDADOS!$A:$G,6,0))","v":"12,31"},{"$f":"IF(C101=0,\"\",VLOOKUP(C101,BNCDADOS!$A:$G,7,0))","v":15.99},5612.49,{"$f":"SUMIF('MC - TRECHO 01'!A:A,Orçamento!A101,'MC - TRECHO 01'!R:R)","v":351},{"$f":"SUMIF(#REF!,Orçamento!A101,#REF!)","v":{"$error":"#REF!"}}]
["2.2.3.12",{"$f":"IF(C102=0,\"\",VLOOKUP(C102,BNCDADOS!$A:$H,8,0))","v":"SINAPI/RN\nSERVIÇO"},92921,{"$f":"IF(C102=0,\"\",VLOOKUP(C102,BNCDADOS!$A:$G,2,0))","v":"ARMAÇÃO DE ESTRUTURAS DIVERSAS DE CONCRETO ARMADO, EXCETO VIGAS, PILARES, LAJES E FUNDAÇÕES, UTILIZANDO AÇO CA-50 DE 12,5 MM - MONTAGEM. AF_06/2022"},{"$f":"IF(C102=0,\"\",VLOOKUP(C102,BNCDADOS!$A:$G,3,0))","v":"KG"},125,{"$f":"IF(C102=0,\"\",VLOOKUP(C102,BNCDADOS!$A:$G,4,0))","v":"10,41"},{"$f":"IF(C102=0,\"\",VLOOKUP(C102,BNCDADOS!$A:$G,5,0))","v":12.87},1608.75,{"$f":"IF(C102=0,\"\",VLOOKUP(C102,BNCDADOS!$A:$G,6,0))","v":"10,23"},{"$f":"IF(C102=0,\"\",VLOOKUP(C102,BNCDADOS!$A:$G,7,0))","v":13.29},1661.25,{"$f":"SUMIF('MC - TRECHO 01'!A:A,Orçamento!A102,'MC - TRECHO 01'!R:R)","v":125},{"$f":"SUMIF(#REF!,Orçamento!A102,#REF!)","v":{"$error":"#REF!"}}]
["2.2.3.13",{"$f":"IF(C103=0,\"\",VLOOKUP(C103,BNCDADOS!$A:$H,8,0))","v":"SINAPI/RN\nSERVIÇO"},97096,{"$f":"IF(C103=0,\"\",VLOOKUP(C103,BNCDADOS!$A:$G,2,0))","v":"CONCRETAGEM DE RADIER, PISO DE CONCRETO OU LAJE SOBRE SOLO, FCK 30 MPA - LANÇAMENTO, ADENSAMENTO E ACABAMENTO. AF_09/2021"},{"$f":"IF(C103=0,\"\",VLOOKUP(C103,BNCDADOS!$A:$G,3,0))","v":"M3"},14.96,{"$f":"IF(C103=0,\"\",VLOOKUP(C103,BNCDADOS!$A:$G,4,0))","v":"658,04"},{"$f":"IF(C103=0,\"\",VLOOKUP(C103,BNCDADOS!$A:$G,5,0))","v":813.92},12176.24,{"$f":"IF(C103=0,\"\",VLOOKUP(C103,BNCDADOS!$A:$G,6,0))","v":"656,11"},{"$f":"IF(C103=0,\"\",VLOOKUP(C103,BNCDADOS!$A:$G,7,0))","v":852.68},12756.09,{"$f":"SUMIF('MC - TRECHO 01'!A:A,Orçamento!A103,'MC - TRECHO 01'!R:R)","v":14.96},{"$f":"SUMIF(#REF!,Orçamento!A103,#REF!)","v":{"$error":"#REF!"}}]
["2.2.3.14",{"$f":"IF(C104=0,\"\",VLOOKUP(C104,BNCDADOS!$A:$H,8,0))","v":"SINAPI/RN\nSERVIÇO"},96555,{"$f":"IF(C104=0,\"\",VLOOKUP(C104,BNCDADOS!$A:$G,2,0))","v":"CONCRETAGEM DE BLOCO DE COROAMENTO OU VIGA BALDRAME, FCK 30 MPA, COM USO DE JERICA - LANÇAMENTO, ADENSAMENTO E ACABAMENTO. AF_01/2024"},{"$f":"IF(C104=0,\"\",VLOOKUP(C104,BNCDADOS!$A:$G,3,0))","v":"M3"},4.4400000000000004,{"$f":"IF(C104=0,\"\",VLOOKUP(C104,BNCDADOS!$A:$G,4,0))","v":"712,28"},{"$f":"IF(C104=0,\"\",VLOOKUP(C104,BNCDADOS!$A:$G,5,0))","v":881.01},3911.68,{"$f":"IF(C104=0,\"\",VLOOKUP(C104,BNCDADOS!$A:$G,6,0))","v":"691,49"},{"$f":"IF(C104=0,\"\",VLOOKUP(C104,BNCDADOS!$A:$G,7,0))","v":898.66},3990.05,{"$f":"SUMIF('MC - TRECHO 01'!A:A,Orçamento!A104,'MC - TRECHO 01'!R:R)","v":4.4399999999999995},{"$f":"SUMIF(#REF!,Orçamento!A104,#REF!)","v":{"$error":"#REF!"}}]
["2.2.4",{"$f":"IF(C105=0,\"\",VLOOKUP(C105,[142]BNCDADOS!$A:$G,8,0))","v":""},null,"SUPERESTRUTURA",{"$f":"IF(C105=0,\"\",VLOOKUP(C105,[142]BNCDADOS!$A:$G,3,0))","v":""},{"$f":"TRUNC(M105,2)","v":0},{"$f":"IF(C105=0,\"\",VLOOKUP(C105,[142]BNCDADOS!$A:$G,4,0))","v":""},{"$f":"IF(C105=0,\"\",VLOOKUP(C105,[142]BNCDADOS!$A:$G,5,0))","v":""},{"$f":"SUM(I106:I112)","v":22892.16},{"$f":"IF(C105=0,\"\",VLOOKUP(C105,[142]BNCDADOS!$A:$G,6,0))","v":""},{"$f":"IF(C105=0,\"\",VLOOKUP(C105,[142]BNCDADOS!$A:$G,7,0))","v":""},{"$f":"SUM(L106:L112)","v":23161.289999999997},null,{"$f":"SUMIF(#REF!,Orçamento!A105,#REF!)","v":{"$error":"#REF!"}}]
["2.2.4.1",{"$f":"IF(C106=0,\"\",VLOOKUP(C106,BNCDADOS!$A:$H,8,0))","v":"SINAPI/RN\nSERVIÇO"},92425,{"$f":"IF(C106=0,\"\",VLOOKUP(C106,BNCDADOS!$A:$G,2,0))","v":"MONTAGEM E DESMONTAGEM DE FÔRMA DE PILARES RETANGULARES E ESTRUTURAS SIMILARES, PÉ-DIREITO DUPLO, EM CHAPA DE MADEIRA COMPENSADA RESINADA, 6 UTILIZAÇÕES. AF_09/2020"},{"$f":"IF(C106=0,\"\",VLOOKUP(C106,BNCDADOS!$A:$G,3,0))","v":"M2"},{"$f":"TRUNC(M106,2)","v":39.74},{"$f":"IF(C106=0,\"\",VLOOKUP(C106,BNCDADOS!$A:$G,4,0))","v":"90,69"},{"$f":"IF(C106=0,\"\",VLOOKUP(C106,BNCDADOS!$A:$G,5,0))","v":112.17},{"$f":"IF(H106=\"\",0,TRUNC(H106*F106,2))","v":4457.63},{"$f":"IF(C106=0,\"\",VLOOKUP(C106,BNCDADOS!$A:$G,6,0))","v":"86,00"},{"$f":"IF(C106=0,\"\",VLOOKUP(C106,BNCDADOS!$A:$G,7,0))","v":111.76},{"$f":"IF(K106=\"\",0,TRUNC(K106*F106,2))","v":4441.34},{"$f":"SUMIF('MC - TRECHO 01'!A:A,Orçamento!A106,'MC - TRECHO 01'!R:R)","v":39.74},{"$f":"SUMIF(#REF!,Orçamento!A106,#REF!)","v":{"$error":"#REF!"}}]
["2.2.4.2",{"$f":"IF(C107=0,\"\",VLOOKUP(C107,BNCDADOS!$A:$H,8,0))","v":"SINAPI/RN\nSERVIÇO"},92460,{"$f":"IF(C107=0,\"\",VLOOKUP(C107,BNCDADOS!$A:$G,2,0))","v":"MONTAGEM E DESMONTAGEM DE FÔRMA DE VIGA, ESCORAMENTO METÁLICO, PÉ-DIREITO SIMPLES, EM CHAPA DE MADEIRA RESINADA, 6 UTILIZAÇÕES. AF_09/2020"},{"$f":"IF(C107=0,\"\",VLOOKUP(C107,BNCDADOS!$A:$G,3,0))","v":"M2"},46.02,{"$f":"IF(C107=0,\"\",VLOOKUP(C107,BNCDADOS!$A:$G,4,0))","v":"126,28"},{"$f":"IF(C107=0,\"\",VLOOKUP(C107,BNCDADOS!$A:$G,5,0))","v":156.19},7187.86,{"$f":"IF(C107=0,\"\",VLOOKUP(C107,BNCDADOS!$A:$G,6,0))","v":"120,51"},{"$f":"IF(C107=0,\"\",VLOOKUP(C107,BNCDADOS!$A:$G,7,0))","v":156.61000000000001},7207.19,{"$f":"SUMIF('MC - TRECHO 01'!A:A,Orçamento!A107,'MC - TRECHO 01'!R:R)","v":46.019999999999996},{"$f":"SUMIF(#REF!,Orçamento!A107,#REF!)","v":{"$error":"#REF!"}}]
["2.2.4.3",{"$f":"IF(C108=0,\"\",VLOOKUP(C108,BNCDADOS!$A:$H,8,0))","v":"SINAPI/RN\nSERVIÇO"},92759,{"$f":"IF(C108=0,\"\",VLOOKUP(C108,BNCDADOS!$A:$G,2,0))","v":"ARMAÇÃO DE PILAR OU VIGA DE ESTRUTURA CONVENCIONAL DE CONCRETO ARMADO UTILIZANDO AÇO CA-60 DE 5,0 MM - MONTAGEM. AF_06/2022"},{"$f":"IF(C108=0,\"\",VLOOKUP(C108,BNCDADOS!$A:$G,3,0))","v":"KG"},85,{"$f":"IF(C108=0,\"\",VLOOKUP(C108,BNCDADOS!$A:$G,4,0))","v":"14,54"},{"$f":"IF(C108=0,\"\",VLOOKUP(C108,BNCDADOS!$A:$G,5,0))","v":17.98},1528.3,{"$f":"IF(C108=0,\"\",VLOOKUP(C108,BNCDADOS!$A:$G,6,0))","v":"14,00"},{"$f":"IF(C108=0,\"\",VLOOKUP(C108,BNCDADOS!$A:$G,7,0))","v":18.190000000000001},1546.15,{"$f":"SUMIF('MC - TRECHO 01'!A:A,Orçamento!A108,'MC - TRECHO 01'!R:R)","v":85},{"$f":"SUMIF(#REF!,Orçamento!A108,#REF!)","v":{"$error":"#REF!"}}]
["2.2.4.4",{"$f":"IF(C109=0,\"\",VLOOKUP(C109,BNCDADOS!$A:$H,8,0))","v":"SINAPI/RN\nSERVIÇO"},92761,{"$f":"IF(C109=0,\"\",VLOOKUP(C109,BNCDADOS!$A:$G,2,0))","v":"ARMAÇÃO DE PILAR OU VIGA DE ESTRUTURA CONVENCIONAL DE CONCRETO ARMADO UTILIZANDO AÇO CA-50 DE 8,0 MM - MONTAGEM. AF_06/2022"},{"$f":"IF(C109=0,\"\",VLOOKUP(C109,BNCDADOS!$A:$G,3,0))","v":"KG"},34,{"$f":"IF(C109=0,\"\",VLOOKUP(C109,BNCDADOS!$A:$G,4,0))","v":"12,98"},{"$f":"IF(C109=0,\"\",VLOOKUP(C109,BNCDADOS!$A:$G,5,0))","v":16.05},545.70000000000005,{"$f":"IF(C109=0,\"\",VLOOKUP(C109,BNCDADOS!$A:$G,6,0))","v":"12,75"},{"$f":"IF(C109=0,\"\",VLOOKUP(C109,BNCDADOS!$A:$G,7,0))","v":16.559999999999999},563.04,{"$f":"SUMIF('MC - TRECHO 01'!A:A,Orçamento!A109,'MC - TRECHO 01'!R:R)","v":34},{"$f":"SUMIF(#REF!,Orçamento!A109,#REF!)","v":{"$error":"#REF!"}}]
["2.2.4.5",{"$f":"IF(C110=0,\"\",VLOOKUP(C110,BNCDADOS!$A:$H,8,0))","v":"SINAPI/RN\nSERVIÇO"},92762,{"$f":"IF(C110=0,\"\",VLOOKUP(C110,BNCDADOS!$A:$G,2,0))","v":"ARMAÇÃO DE PILAR OU VIGA DE ESTRUTURA CONVENCIONAL DE CONCRETO ARMADO UTILIZANDO AÇO CA-50 DE 10,0 MM - MONTAGEM. AF_06/2022"},{"$f":"IF(C110=0,\"\",VLOOKUP(C110,BNCDADOS!$A:$G,3,0))","v":"KG"},246,{"$f":"IF(C110=0,\"\",VLOOKUP(C110,BNCDADOS!$A:$G,4,0))","v":"11,61"},{"$f":"IF(C110=0,\"\",VLOOKUP(C110,BNCDADOS!$A:$G,5,0))","v":14.36},3532.56,{"$f":"IF(C110=0,\"\",VLOOKUP(C110,BNCDADOS!$A:$G,6,0))","v":"11,43"},{"$f":"IF(C110=0,\"\",VLOOKUP(C110,BNCDADOS!$A:$G,7,0))","v":14.85},3653.1,{"$f":"SUMIF('MC - TRECHO 01'!A:A,Orçamento!A110,'MC - TRECHO 01'!R:R)","v":246},{"$f":"SUMIF(#REF!,Orçamento!A110,#REF!)","v":{"$error":"#REF!"}}]
["2.2.4.6",{"$f":"IF(C111=0,\"\",VLOOKUP(C111,BNCDADOS!$A:$H,8,0))","v":0},"COMP 42",{"$f":"IF(C111=0,\"\",VLOOKUP(C111,BNCDADOS!$A:$G,2,0))","v":"CONCRETAGEM DE PILARES, FCK = 30 MPA,  COM USO DE BALDES - LANÇAMENTO, ADENSAMENTO E ACABAMENTO."},{"$f":"IF(C111=0,\"\",VLOOKUP(C111,BNCDADOS!$A:$G,3,0))","v":"M3    "},1.94,{"$f":"IF(C111=0,\"\",VLOOKUP(C111,BNCDADOS!$A:$G,4,0))","v":968.62},{"$f":"IF(C111=0,\"\",VLOOKUP(C111,BNCDADOS!$A:$G,5,0))","v":1198.08},2324.27,{"$f":"IF(C111=0,\"\",VLOOKUP(C111,BNCDADOS!$A:$G,6,0))","v":940.61000000000013},{"$f":"IF(C111=0,\"\",VLOOKUP(C111,BNCDADOS!$A:$G,7,0))","v":1222.4100000000001},2371.4699999999998,{"$f":"SUMIF('MC - TRECHO 01'!A:A,Orçamento!A111,'MC - TRECHO 01'!R:R)","v":1.94},{"$f":"SUMIF(#REF!,Orçamento!A111,#REF!)","v":{"$error":"#REF!"}}]
["2.2.4.7",{"$f":"IF(C112=0,\"\",VLOOKUP(C112,BNCDADOS!$A:$H,8,0))","v":0},"COMP 43",{"$f":"IF(C112=0,\"\",VLOOKUP(C112,BNCDADOS!$A:$G,2,0))","v":"CONCRETAGEM DE VIGAS E LAJES, FCK=30 MPA, PARA QUALQUER TIPO DE LAJE COM BALDES EM EDIFICAÇÃO TÉRREA - LANÇAMENTO, ADENSAMENTO E ACABAMENTO"},{"$f":"IF(C112=0,\"\",VLOOKUP(C112,BNCDADOS!$A:$G,3,0))","v":"M3    "},2.72,{"$f":"IF(C112=0,\"\",VLOOKUP(C112,BNCDADOS!$A:$G,4,0))","v":985.58000000000015},{"$f":"IF(C112=0,\"\",VLOOKUP(C112,BNCDADOS!$A:$G,5,0))","v":1219.06},3315.84,{"$f":"IF(C112=0,\"\",VLOOKUP(C112,BNCDADOS!$A:$G,6,0))","v":955.90000000000009},{"$f":"IF(C112=0,\"\",VLOOKUP(C112,BNCDADOS!$A:$G,7,0))","v":1242.28},3379,{"$f":"SUMIF('MC - TRECHO 01'!A:A,Orçamento!A112,'MC - TRECHO 01'!R:R)","v":2.7199999999999998},{"$f":"SUMIF(#REF!,Orçamento!A112,#REF!)","v":{"$error":"#REF!"}}]
["2.2.5",{"$f":"IF(C113=0,\"\",VLOOKUP(C113,[142]BNCDADOS!$A:$G,8,0))","v":""},null,"ALVENARIA E REVESTIMENTOS",{"$f":"IF(C113=0,\"\",VLOOKUP(C113,[142]BNCDADOS!$A:$G,3,0))","v":""},{"$f":"TRUNC(M113,2)","v":0},{"$f":"IF(C113=0,\"\",VLOOKUP(C113,[142]BNCDADOS!$A:$G,4,0))","v":""},{"$f":"IF(C113=0,\"\",VLOOKUP(C113,[142]BNCDADOS!$A:$G,5,0))","v":""},{"$f":"SUM(I114:I120)","v":31515.640000000003},{"$f":"IF(C113=0,\"\",VLOOKUP(C113,[142]BNCDADOS!$A:$G,6,0))","v":""},{"$f":"IF(C113=0,\"\",VLOOKUP(C113,[142]BNCDADOS!$A:$G,7,0))","v":""},{"$f":"SUM(L114:L120)","v":31662.78},null,{"$f":"SUMIF(#REF!,Orçamento!A113,#REF!)","v":{"$error":"#REF!"}}]
["2.2.5.1",{"$f":"IF(C114=0,\"\",VLOOKUP(C114,BNCDADOS!$A:$H,8,0))","v":"SINAPI/RN\nSERVIÇO"},103338,{"$f":"IF(C114=0,\"\",VLOOKUP(C114,BNCDADOS!$A:$G,2,0))","v":"ALVENARIA DE VEDAÇÃO DE BLOCOS  VAZADOS DE CONCRETO APARENTE DE 14X19X39 CM (ESPESSURA 14 CM) E ARGAMASSA DE ASSENTAMENTO COM PREPARO EM BETONEIRA. AF_12/2021"},{"$f":"IF(C114=0,\"\",VLOOKUP(C114,BNCDADOS!$A:$G,3,0))","v":"M2"},{"$f":"TRUNC(M114,2)","v":178.46},{"$f":"IF(C114=0,\"\",VLOOKUP(C114,BNCDADOS!$A:$G,4,0))","v":"111,81"},{"$f":"IF(C114=0,\"\",VLOOKUP(C114,BNCDADOS!$A:$G,5,0))","v":138.29},{"$f":"IF(H114=\"\",0,TRUNC(H114*F114,2))","v":24679.23},{"$f":"IF(C114=0,\"\",VLOOKUP(C114,BNCDADOS!$A:$G,6,0))","v":"106,87"},{"$f":"IF(C114=0,\"\",VLOOKUP(C114,BNCDADOS!$A:$G,7,0))","v":138.88},{"$f":"IF(K114=\"\",0,TRUNC(K114*F114,2))","v":24784.52},{"$f":"SUMIF('MC - TRECHO 01'!A:A,Orçamento!A114,'MC - TRECHO 01'!R:R)","v":178.45999999999998},{"$f":"SUMIF(#REF!,Orçamento!A114,#REF!)","v":{"$error":"#REF!"}}]
["2.2.5.2",{"$f":"IF(C115=0,\"\",VLOOKUP(C115,BNCDADOS!$A:$H,8,0))","v":"SINAPI/RN\nSERVIÇO"},101161,{"$f":"IF(C115=0,\"\",VLOOKUP(C115,BNCDADOS!$A:$G,2,0))","v":"ALVENARIA DE VEDAÇÃO COM ELEMENTO VAZADO DE CONCRETO (COBOGÓ) DE 7X50X50CM E ARGAMASSA DE ASSENTAMENTO COM PREPARO EM BETONEIRA. AF_05/2020"},{"$f":"IF(C115=0,\"\",VLOOKUP(C115,BNCDADOS!$A:$G,3,0))","v":"M2"},5.5,{"$f":"IF(C115=0,\"\",VLOOKUP(C115,BNCDADOS!$A:$G,4,0))","v":"233,42"},{"$f":"IF(C115=0,\"\",VLOOKUP(C115,BNCDADOS!$A:$G,5,0))","v":288.70999999999998},1587.9,{"$f":"IF(C115=0,\"\",VLOOKUP(C115,BNCDADOS!$A:$G,6,0))","v":"225,72"},{"$f":"IF(C115=0,\"\",VLOOKUP(C115,BNCDADOS!$A:$G,7,0))","v":293.33999999999997},1613.37,{"$f":"SUMIF('MC - TRECHO 01'!A:A,Orçamento!A115,'MC - TRECHO 01'!R:R)","v":5.5},{"$f":"SUMIF(#REF!,Orçamento!A115,#REF!)","v":{"$error":"#REF!"}}]
["2.2.5.3",{"$f":"IF(C116=0,\"\",VLOOKUP(C116,BNCDADOS!$A:$H,8,0))","v":"SINAPI/RN\nSERVIÇO"},93189,{"$f":"IF(C116=0,\"\",VLOOKUP(C116,BNCDADOS!$A:$G,2,0))","v":"VERGA MOLDADA IN LOCO EM CONCRETO PARA PORTAS COM MAIS DE 1,5 M DE VÃO. AF_03/2016"},{"$f":"IF(C116=0,\"\",VLOOKUP(C116,BNCDADOS!$A:$G,3,0))","v":"M"},9.9,{"$f":"IF(C116=0,\"\",VLOOKUP(C116,BNCDADOS!$A:$G,4,0))","v":119.84},{"$f":"IF(C116=0,\"\",VLOOKUP(C116,BNCDADOS!$A:$G,5,0))","v":148.22999999999999},1467.47,{"$f":"IF(C116=0,\"\",VLOOKUP(C116,BNCDADOS!$A:$G,6,0))","v":117.08},{"$f":"IF(C116=0,\"\",VLOOKUP(C116,BNCDADOS!$A:$G,7,0))","v":152.15},1506.28,{"$f":"SUMIF('MC - TRECHO 01'!A:A,Orçamento!A116,'MC - TRECHO 01'!R:R)","v":9.8999999999999986},{"$f":"SUMIF(#REF!,Orçamento!A116,#REF!)","v":{"$error":"#REF!"}}]
["2.2.5.4",{"$f":"IF(C117=0,\"\",VLOOKUP(C117,BNCDADOS!$A:$H,8,0))","v":"SINAPI/RN\nSERVIÇO"},93187,{"$f":"IF(C117=0,\"\",VLOOKUP(C117,BNCDADOS!$A:$G,2,0))","v":"VERGA MOLDADA IN LOCO EM CONCRETO, ESPESSURA DE *20* CM. AF_03/2024"},{"$f":"IF(C117=0,\"\",VLOOKUP(C117,BNCDADOS!$A:$G,3,0))","v":"M"},10.5,{"$f":"IF(C117=0,\"\",VLOOKUP(C117,BNCDADOS!$A:$G,4,0))","v":"78,39"},{"$f":"IF(C117=0,\"\",VLOOKUP(C117,BNCDADOS!$A:$G,5,0))","v":96.96},1018.08,{"$f":"IF(C117=0,\"\",VLOOKUP(C117,BNCDADOS!$A:$G,6,0))","v":"75,28"},{"$f":"IF(C117=0,\"\",VLOOKUP(C117,BNCDADOS!$A:$G,7,0))","v":97.83},1027.21,{"$f":"SUMIF('MC - TRECHO 01'!A:A,Orçamento!A117,'MC - TRECHO 01'!R:R)","v":10.5},{"$f":"SUMIF(#REF!,Orçamento!A117,#REF!)","v":{"$error":"#REF!"}}]
["2.2.5.5",{"$f":"IF(C118=0,\"\",VLOOKUP(C118,BNCDADOS!$A:$H,8,0))","v":"SINAPI/RN\nSERVIÇO"},93197,{"$f":"IF(C118=0,\"\",VLOOKUP(C118,BNCDADOS!$A:$G,2,0))","v":"CONTRAVERGA MOLDADA IN LOCO EM CONCRETO, ESPESSURA DE *20* CM. AF_03/2024"},{"$f":"IF(C118=0,\"\",VLOOKUP(C118,BNCDADOS!$A:$G,3,0))","v":"M"},10.5,{"$f":"IF(C118=0,\"\",VLOOKUP(C118,BNCDADOS!$A:$G,4,0))","v":"57,72"},{"$f":"IF(C118=0,\"\",VLOOKUP(C118,BNCDADOS!$A:$G,5,0))","v":71.39},749.59,{"$f":"IF(C118=0,\"\",VLOOKUP(C118,BNCDADOS!$A:$G,6,0))","v":"55,77"},{"$f":"IF(C118=0,\"\",VLOOKUP(C118,BNCDADOS!$A:$G,7,0))","v":72.47},760.93,{"$f":"SUMIF('MC - TRECHO 01'!A:A,Orçamento!A118,'MC - TRECHO 01'!R:R)","v":10.5},{"$f":"SUMIF(#REF!,Orçamento!A118,#REF!)","v":{"$error":"#REF!"}}]
["2.2.5.6",{"$f":"IF(C119=0,\"\",VLOOKUP(C119,BNCDADOS!$A:$H,8,0))","v":"SINAPI/RN\nSERVIÇO"},87879,{"$f":"IF(C119=0,\"\",VLOOKUP(C119,BNCDADOS!$A:$G,2,0))","v":"CHAPISCO APLICADO EM ALVENARIAS E ESTRUTURAS DE CONCRETO INTERNAS, COM COLHER DE PEDREIRO.  ARGAMASSA TRAÇO 1:3 COM PREPARO EM BETONEIRA 400L. AF_10/2022"},{"$f":"IF(C119=0,\"\",VLOOKUP(C119,BNCDADOS!$A:$G,3,0))","v":"M2"},356.92,{"$f":"IF(C119=0,\"\",VLOOKUP(C119,BNCDADOS!$A:$G,4,0))","v":"4,06"},{"$f":"IF(C119=0,\"\",VLOOKUP(C119,BNCDADOS!$A:$G,5,0))","v":5.0199999999999996},1791.73,{"$f":"IF(C119=0,\"\",VLOOKUP(C119,BNCDADOS!$A:$G,6,0))","v":"3,78"},{"$f":"IF(C119=0,\"\",VLOOKUP(C119,BNCDADOS!$A:$G,7,0))","v":4.91},1752.47,{"$f":"SUMIF('MC - TRECHO 01'!A:A,Orçamento!A119,'MC - TRECHO 01'!R:R)","v":356.91999999999996},{"$f":"SUMIF(#REF!,Orçamento!A119,#REF!)","v":{"$error":"#REF!"}}]
["2.2.5.7",{"$f":"IF(C120=0,\"\",VLOOKUP(C120,BNCDADOS!$A:$H,8,0))","v":"SINAPI/RN\nSERVIÇO"},89173,{"$f":"IF(C120=0,\"\",VLOOKUP(C120,BNCDADOS!$A:$G,2,0))","v":"(COMPOSIÇÃO REPRESENTATIVA) DO SERVIÇO DE EMBOÇO/MASSA ÚNICA, APLICADO MANUALMENTE, TRAÇO 1:2:8, EM BETONEIRA DE 400L, PAREDES INTERNAS, COM EXECUÇÃO DE TALISCAS, EDIFICAÇÃO HABITACIONAL UNIFAMILIAR (CASAS) E EDIFICAÇÃO PÚBLICA PADRÃO. AF_12/2014"},{"$f":"IF(C120=0,\"\",VLOOKUP(C120,BNCDADOS!$A:$G,3,0))","v":"m²"},5.6,{"$f":"IF(C120=0,\"\",VLOOKUP(C120,BNCDADOS!$A:$G,4,0))","v":32},{"$f":"IF(C120=0,\"\",VLOOKUP(C120,BNCDADOS!$A:$G,5,0))","v":39.58},221.64,{"$f":"IF(C120=0,\"\",VLOOKUP(C120,BNCDADOS!$A:$G,6,0))","v":29.96},{"$f":"IF(C120=0,\"\",VLOOKUP(C120,BNCDADOS!$A:$G,7,0))","v":38.93},218,{"$f":"SUMIF('MC - TRECHO 01'!A:A,Orçamento!A120,'MC - TRECHO 01'!R:R)","v":5.6},{"$f":"SUMIF(#REF!,Orçamento!A120,#REF!)","v":{"$error":"#REF!"}}]
["2.2.6",{"$f":"IF(C121=0,\"\",VLOOKUP(C121,[142]BNCDADOS!$A:$G,8,0))","v":""},null,"COBERTURA",{"$f":"IF(C121=0,\"\",VLOOKUP(C121,[142]BNCDADOS!$A:$G,3,0))","v":""},{"$f":"TRUNC(M121,2)","v":0},{"$f":"IF(C121=0,\"\",VLOOKUP(C121,[142]BNCDADOS!$A:$G,4,0))","v":""},{"$f":"IF(C121=0,\"\",VLOOKUP(C121,[142]BNCDADOS!$A:$G,5,0))","v":""},{"$f":"SUM(I122:I123)","v":25970.92},{"$f":"IF(C121=0,\"\",VLOOKUP(C121,[142]BNCDADOS!$A:$G,6,0))","v":""},{"$f":"IF(C121=0,\"\",VLOOKUP(C121,[142]BNCDADOS!$A:$G,7,0))","v":""},{"$f":"SUM(L122:L123)","v":27115.279999999999},null,{"$f":"SUMIF(#REF!,Orçamento!A121,#REF!)","v":{"$error":"#REF!"}}]
["2.2.6.1",{"$f":"IF(C122=0,\"\",VLOOKUP(C122,BNCDADOS!$A:$H,8,0))","v":"SINAPI/RN\nSERVIÇO"},92544,{"$f":"IF(C122=0,\"\",VLOOKUP(C122,BNCDADOS!$A:$G,2,0))","v":"TRAMA DE MADEIRA COMPOSTA POR TERÇAS PARA TELHADOS DE ATÉ 2 ÁGUAS PARA TELHA ESTRUTURAL DE FIBROCIMENTO, INCLUSO TRANSPORTE VERTICAL. AF_07/2019"},{"$f":"IF(C122=0,\"\",VLOOKUP(C122,BNCDADOS!$A:$G,3,0))","v":"M2"},{"$f":"TRUNC(M122,2)","v":120.84},{"$f":"IF(C122=0,\"\",VLOOKUP(C122,BNCDADOS!$A:$G,4,0))","v":"20,78"},{"$f":"IF(C122=0,\"\",VLOOKUP(C122,BNCDADOS!$A:$G,5,0))","v":25.7},{"$f":"IF(H122=\"\",0,TRUNC(H122*F122,2))","v":3105.58},{"$f":"IF(C122=0,\"\",VLOOKUP(C122,BNCDADOS!$A:$G,6,0))","v":"20,39"},{"$f":"IF(C122=0,\"\",VLOOKUP(C122,BNCDADOS!$A:$G,7,0))","v":26.49},{"$f":"IF(K122=\"\",0,TRUNC(K122*F122,2))","v":3201.05},{"$f":"SUMIF('MC - TRECHO 01'!A:A,Orçamento!A122,'MC - TRECHO 01'!R:R)","v":120.845},{"$f":"SUMIF(#REF!,Orçamento!A122,#REF!)","v":{"$error":"#REF!"}}]
["2.2.6.2",{"$f":"IF(C123=0,\"\",VLOOKUP(C123,BNCDADOS!$A:$H,8,0))","v":"SINAPI/RN\nSERVIÇO"},94218,{"$f":"IF(C123=0,\"\",VLOOKUP(C123,BNCDADOS!$A:$G,2,0))","v":"TELHAMENTO COM TELHA ESTRUTURAL DE FIBROCIMENTO E= 8 MM, COM ATÉ 2 ÁGUAS, INCLUSO IÇAMENTO. AF_07/2019_PS"},{"$f":"IF(C123=0,\"\",VLOOKUP(C123,BNCDADOS!$A:$G,3,0))","v":"M2"},120.84,{"$f":"IF(C123=0,\"\",VLOOKUP(C123,BNCDADOS!$A:$G,4,0))","v":"152,98"},{"$f":"IF(C123=0,\"\",VLOOKUP(C123,BNCDADOS!$A:$G,5,0))","v":189.22},22865.34,{"$f":"IF(C123=0,\"\",VLOOKUP(C123,BNCDADOS!$A:$G,6,0))","v":"152,28"},{"$f":"IF(C123=0,\"\",VLOOKUP(C123,BNCDADOS!$A:$G,7,0))","v":197.9},23914.23,{"$f":"SUMIF('MC - TRECHO 01'!A:A,Orçamento!A123,'MC - TRECHO 01'!R:R)","v":120.845},{"$f":"SUMIF(#REF!,Orçamento!A123,#REF!)","v":{"$error":"#REF!"}}]
["2.2.7",{"$f":"IF(C124=0,\"\",VLOOKUP(C124,[142]BNCDADOS!$A:$G,8,0))","v":""},null,"ESQUADRIAS",{"$f":"IF(C124=0,\"\",VLOOKUP(C124,[142]BNCDADOS!$A:$G,3,0))","v":""},{"$f":"TRUNC(M124,2)","v":0},{"$f":"IF(C124=0,\"\",VLOOKUP(C124,[142]BNCDADOS!$A:$G,4,0))","v":""},{"$f":"IF(C124=0,\"\",VLOOKUP(C124,[142]BNCDADOS!$A:$G,5,0))","v":""},{"$f":"SUM(I125:I127)","v":21545.3},{"$f":"IF(C124=0,\"\",VLOOKUP(C124,[142]BNCDADOS!$A:$G,6,0))","v":""},{"$f":"IF(C124=0,\"\",VLOOKUP(C124,[142]BNCDADOS!$A:$G,7,0))","v":""},{"$f":"SUM(L125:L127)","v":22402.14},0,{"$f":"SUMIF(#REF!,Orçamento!A124,#REF!)","v":{"$error":"#REF!"}}]
["2.2.7.1",{"$f":"IF(C125=0,\"\",VLOOKUP(C125,BNCDADOS!$A:$H,8,0))","v":0},"COMP 21",{"$f":"IF(C125=0,\"\",VLOOKUP(C125,BNCDADOS!$A:$G,2,0))","v":"PORTAO DE CORRER EM GRADIL FIXO DE BARRA DE FERRO CHATA DE 3 X 1/4\" NA VERTICAL, SEM REQUADRO, ACABAMENTO NATURAL, COM TRILHOS E ROLDANAS                                                                                                                                                                                                                                                                                                                                                                 "},{"$f":"IF(C125=0,\"\",VLOOKUP(C125,BNCDADOS!$A:$G,3,0))","v":"M2"},12.4,{"$f":"IF(C125=0,\"\",VLOOKUP(C125,BNCDADOS!$A:$G,4,0))","v":703.96},{"$f":"IF(C125=0,\"\",VLOOKUP(C125,BNCDADOS!$A:$G,5,0))","v":870.72},{"$f":"IF(H125=\"\",0,TRUNC(H125*F125,2))","v":10796.92},{"$f":"IF(C125=0,\"\",VLOOKUP(C125,BNCDADOS!$A:$G,6,0))","v":696.5},{"$f":"IF(C125=0,\"\",VLOOKUP(C125,BNCDADOS!$A:$G,7,0))","v":905.17},{"$f":"IF(K125=\"\",0,TRUNC(K125*F125,2))","v":11224.1},{"$f":"SUMIF('MC - TRECHO 01'!A:A,Orçamento!A125,'MC - TRECHO 01'!R:R)","v":12.4},{"$f":"SUMIF(#REF!,Orçamento!A125,#REF!)","v":{"$error":"#REF!"}}]
["2.2.7.2",{"$f":"IF(C126=0,\"\",VLOOKUP(C126,BNCDADOS!$A:$H,8,0))","v":"SINAPI/RN\nSERVIÇO"},100701,{"$f":"IF(C126=0,\"\",VLOOKUP(C126,BNCDADOS!$A:$G,2,0))","v":"PORTA DE FERRO, DE ABRIR, TIPO GRADE COM CHAPA, COM GUARNIÇÕES. AF_12/2019"},{"$f":"IF(C126=0,\"\",VLOOKUP(C126,BNCDADOS!$A:$G,3,0))","v":"M2"},9.8699999999999992,{"$f":"IF(C126=0,\"\",VLOOKUP(C126,BNCDADOS!$A:$G,4,0))","v":"561,07"},{"$f":"IF(C126=0,\"\",VLOOKUP(C126,BNCDADOS!$A:$G,5,0))","v":693.98},6849.58,{"$f":"IF(C126=0,\"\",VLOOKUP(C126,BNCDADOS!$A:$G,6,0))","v":"559,17"},{"$f":"IF(C126=0,\"\",VLOOKUP(C126,BNCDADOS!$A:$G,7,0))","v":726.69},7172.43,{"$f":"SUMIF('MC - TRECHO 01'!A:A,Orçamento!A126,'MC - TRECHO 01'!R:R)","v":9.870000000000001},{"$f":"SUMIF(#REF!,Orçamento!A126,#REF!)","v":{"$error":"#REF!"}}]
["2.2.7.3",{"$f":"IF(C127=0,\"\",VLOOKUP(C127,BNCDADOS!$A:$H,8,0))","v":0},"COMP 30",{"$f":"IF(C127=0,\"\",VLOOKUP(C127,BNCDADOS!$A:$G,2,0))","v":"TELA DE PROTEÇÃO COM 1 PORTA COM ARMAÇÃO DE CANTONEIRAS E TELA DE ARAME, GALVANIZADO Nº12 BWG E MALHA DE 50mmx50mm COM TRATAMENTO ANTI-CORROSIVO."},{"$f":"IF(C127=0,\"\",VLOOKUP(C127,BNCDADOS!$A:$G,3,0))","v":"M2"},10.8,{"$f":"IF(C127=0,\"\",VLOOKUP(C127,BNCDADOS!$A:$G,4,0))","v":291.86},{"$f":"IF(C127=0,\"\",VLOOKUP(C127,BNCDADOS!$A:$G,5,0))","v":361},3898.8,{"$f":"IF(C127=0,\"\",VLOOKUP(C127,BNCDADOS!$A:$G,6,0))","v":285.39},{"$f":"IF(C127=0,\"\",VLOOKUP(C127,BNCDADOS!$A:$G,7,0))","v":370.89},4005.61,{"$f":"SUMIF('MC - TRECHO 01'!A:A,Orçamento!A127,'MC - TRECHO 01'!R:R)","v":10.8},{"$f":"SUMIF(#REF!,Orçamento!A127,#REF!)","v":{"$error":"#REF!"}}]
["2.2.8",{"$f":"IF(C128=0,\"\",VLOOKUP(C128,[142]BNCDADOS!$A:$G,8,0))","v":""},null,"PINTURA",{"$f":"IF(C128=0,\"\",VLOOKUP(C128,[142]BNCDADOS!$A:$G,3,0))","v":""},0,{"$f":"IF(C128=0,\"\",VLOOKUP(C128,[142]BNCDADOS!$A:$G,4,0))","v":""},{"$f":"IF(C128=0,\"\",VLOOKUP(C128,[142]BNCDADOS!$A:$G,5,0))","v":""},{"$f":"SUM(I129:I133)","v":7860.48},{"$f":"IF(C128=0,\"\",VLOOKUP(C128,[142]BNCDADOS!$A:$G,6,0))","v":""},{"$f":"IF(C128=0,\"\",VLOOKUP(C128,[142]BNCDADOS!$A:$G,7,0))","v":""},{"$f":"SUM(L129:L133)","v":7681.65},null,{"$f":"SUMIF(#REF!,Orçamento!A128,#REF!)","v":{"$error":"#REF!"}}]
["2.2.8.1",{"$f":"IF(C129=0,\"\",VLOOKUP(C129,BNCDADOS!$A:$H,8,0))","v":"SINAPI/RN\nSERVIÇO"},88485,{"$f":"IF(C129=0,\"\",VLOOKUP(C129,BNCDADOS!$A:$G,2,0))","v":"FUNDO SELADOR ACRÍLICO, APLICAÇÃO MANUAL EM PAREDE, UMA DEMÃO. AF_04/2023"},{"$f":"IF(C129=0,\"\",VLOOKUP(C129,BNCDADOS!$A:$G,3,0))","v":"M2"},189.46,{"$f":"IF(C129=0,\"\",VLOOKUP(C129,BNCDADOS!$A:$G,4,0))","v":"3,30"},{"$f":"IF(C129=0,\"\",VLOOKUP(C129,BNCDADOS!$A:$G,5,0))","v":4.08},{"$f":"IF(H129=\"\",0,TRUNC(H129*F129,2))","v":772.99},{"$f":"IF(C129=0,\"\",VLOOKUP(C129,BNCDADOS!$A:$G,6,0))","v":"3,06"},{"$f":"IF(C129=0,\"\",VLOOKUP(C129,BNCDADOS!$A:$G,7,0))","v":3.97},{"$f":"IF(K129=\"\",0,TRUNC(K129*F129,2))","v":752.15},{"$f":"SUMIF('MC - TRECHO 01'!A:A,Orçamento!A129,'MC - TRECHO 01'!R:R)","v":189.45999999999998},{"$f":"SUMIF(#REF!,Orçamento!A129,#REF!)","v":{"$error":"#REF!"}}]
["2.2.8.2",{"$f":"IF(C130=0,\"\",VLOOKUP(C130,BNCDADOS!$A:$H,8,0))","v":"SINAPI/RN\nSERVIÇO"},104642,{"$f":"IF(C130=0,\"\",VLOOKUP(C130,BNCDADOS!$A:$G,2,0))","v":"PINTURA LÁTEX ACRÍLICA STANDARD, APLICAÇÃO MANUAL EM PAREDES, DUAS DEMÃOS. AF_04/2023"},{"$f":"IF(C130=0,\"\",VLOOKUP(C130,BNCDADOS!$A:$G,3,0))","v":"M2"},189.46,{"$f":"IF(C130=0,\"\",VLOOKUP(C130,BNCDADOS!$A:$G,4,0))","v":"10,29"},{"$f":"IF(C130=0,\"\",VLOOKUP(C130,BNCDADOS!$A:$G,5,0))","v":12.72},2409.9299999999998,{"$f":"IF(C130=0,\"\",VLOOKUP(C130,BNCDADOS!$A:$G,6,0))","v":"9,70"},{"$f":"IF(C130=0,\"\",VLOOKUP(C130,BNCDADOS!$A:$G,7,0))","v":12.6},2387.19,{"$f":"SUMIF('MC - TRECHO 01'!A:A,Orçamento!A130,'MC - TRECHO 01'!R:R)","v":189.45999999999998},{"$f":"SUMIF(#REF!,Orçamento!A130,#REF!)","v":{"$error":"#REF!"}}]
["2.2.8.3",{"$f":"IF(C131=0,\"\",VLOOKUP(C131,BNCDADOS!$A:$H,8,0))","v":"SINAPI/RN\nSERVIÇO"},100720,{"$f":"IF(C131=0,\"\",VLOOKUP(C131,BNCDADOS!$A:$G,2,0))","v":"PINTURA COM TINTA ALQUÍDICA DE FUNDO (TIPO ZARCÃO) APLICADA A ROLO OU PINCEL SOBRE PERFIL METÁLICO EXECUTADO EM FÁBRICA (POR DEMÃO). AF_01/2020"},{"$f":"IF(C131=0,\"\",VLOOKUP(C131,BNCDADOS!$A:$G,3,0))","v":"M2"},44.54,{"$f":"IF(C131=0,\"\",VLOOKUP(C131,BNCDADOS!$A:$G,4,0))","v":"10,27"},{"$f":"IF(C131=0,\"\",VLOOKUP(C131,BNCDADOS!$A:$G,5,0))","v":12.7},565.65,{"$f":"IF(C131=0,\"\",VLOOKUP(C131,BNCDADOS!$A:$G,6,0))","v":"9,65"},{"$f":"IF(C131=0,\"\",VLOOKUP(C131,BNCDADOS!$A:$G,7,0))","v":12.54},558.53,{"$f":"SUMIF('MC - TRECHO 01'!A:A,Orçamento!A131,'MC - TRECHO 01'!R:R)","v":44.540000000000006},{"$f":"SUMIF(#REF!,Orçamento!A131,#REF!)","v":{"$error":"#REF!"}}]
["2.2.8.4",{"$f":"IF(C132=0,\"\",VLOOKUP(C132,BNCDADOS!$A:$H,8,0))","v":"SINAPI/RN\nSERVIÇO"},100758,{"$f":"IF(C132=0,\"\",VLOOKUP(C132,BNCDADOS!$A:$G,2,0))","v":"PINTURA COM TINTA ALQUÍDICA DE ACABAMENTO (ESMALTE SINTÉTICO ACETINADO) APLICADA A ROLO OU PINCEL SOBRE SUPERFÍCIES METÁLICAS (EXCETO PERFIL) EXECUTADO EM OBRA (02 DEMÃOS). AF_01/2020"},{"$f":"IF(C132=0,\"\",VLOOKUP(C132,BNCDADOS!$A:$G,3,0))","v":"M2"},44.54,{"$f":"IF(C132=0,\"\",VLOOKUP(C132,BNCDADOS!$A:$G,4,0))","v":"48,50"},{"$f":"IF(C132=0,\"\",VLOOKUP(C132,BNCDADOS!$A:$G,5,0))","v":59.98},2671.5,{"$f":"IF(C132=0,\"\",VLOOKUP(C132,BNCDADOS!$A:$G,6,0))","v":"44,55"},{"$f":"IF(C132=0,\"\",VLOOKUP(C132,BNCDADOS!$A:$G,7,0))","v":57.89},2578.42,{"$f":"SUMIF('MC - TRECHO 01'!A:A,Orçamento!A132,'MC - TRECHO 01'!R:R)","v":44.540000000000006},{"$f":"SUMIF(#REF!,Orçamento!A132,#REF!)","v":{"$error":"#REF!"}}]
["2.2.8.5",{"$f":"IF(C133=0,\"\",VLOOKUP(C133,BNCDADOS!$A:$H,8,0))","v":"SINAPI/RN\nSERVIÇO"},102203,{"$f":"IF(C133=0,\"\",VLOOKUP(C133,BNCDADOS!$A:$G,2,0))","v":"PINTURA VERNIZ (INCOLOR) ALQUÍDICO EM MADEIRA, USO INTERNO E EXTERNO, 1 DEMÃO. AF_01/2021"},{"$f":"IF(C133=0,\"\",VLOOKUP(C133,BNCDADOS!$A:$G,3,0))","v":"M2"},120.84,{"$f":"IF(C133=0,\"\",VLOOKUP(C133,BNCDADOS!$A:$G,4,0))","v":"9,64"},{"$f":"IF(C133=0,\"\",VLOOKUP(C133,BNCDADOS!$A:$G,5,0))","v":11.92},1440.41,{"$f":"IF(C133=0,\"\",VLOOKUP(C133,BNCDADOS!$A:$G,6,0))","v":"8,95"},{"$f":"IF(C133=0,\"\",VLOOKUP(C133,BNCDADOS!$A:$G,7,0))","v":11.63},1405.36,{"$f":"SUMIF('MC - TRECHO 01'!A:A,Orçamento!A133,'MC - TRECHO 01'!R:R)","v":120.845},{"$f":"SUMIF(#REF!,Orçamento!A133,#REF!)","v":{"$error":"#REF!"}}]
["2.2.9",{"$f":"IF(C134=0,\"\",VLOOKUP(C134,[142]BNCDADOS!$A:$G,8,0))","v":""},null,"PAVIMENTAÇÃO",{"$f":"IF(C134=0,\"\",VLOOKUP(C134,[142]BNCDADOS!$A:$G,3,0))","v":""},0,{"$f":"IF(C134=0,\"\",VLOOKUP(C134,[142]BNCDADOS!$A:$G,4,0))","v":""},{"$f":"IF(C134=0,\"\",VLOOKUP(C134,[142]BNCDADOS!$A:$G,5,0))","v":""},{"$f":"SUM(I135:I136)","v":33546.660000000003},{"$f":"IF(C134=0,\"\",VLOOKUP(C134,[142]BNCDADOS!$A:$G,6,0))","v":""},{"$f":"IF(C134=0,\"\",VLOOKUP(C134,[142]BNCDADOS!$A:$G,7,0))","v":""},{"$f":"SUM(L135:L136)","v":34994.21},0,{"$f":"SUMIF(#REF!,Orçamento!A134,#REF!)","v":{"$error":"#REF!"}}]
["2.2.9.1",{"$f":"IF(C135=0,\"\",VLOOKUP(C135,BNCDADOS!$A:$H,8,0))","v":"SINAPI/RN\nSERVIÇO"},87680,{"$f":"IF(C135=0,\"\",VLOOKUP(C135,BNCDADOS!$A:$G,2,0))","v":"CONTRAPISO EM ARGAMASSA TRAÇO 1:4 (CIMENTO E AREIA), PREPARO MECÂNICO COM BETONEIRA 400 L, APLICADO EM ÁREAS SECAS SOBRE LAJE, NÃO ADERIDO, ACABAMENTO NÃO REFORÇADO, ESPESSURA 4CM. AF_07/2021"},{"$f":"IF(C135=0,\"\",VLOOKUP(C135,BNCDADOS!$A:$G,3,0))","v":"M2"},75.599999999999994,{"$f":"IF(C135=0,\"\",VLOOKUP(C135,BNCDADOS!$A:$G,4,0))","v":"38,50"},{"$f":"IF(C135=0,\"\",VLOOKUP(C135,BNCDADOS!$A:$G,5,0))","v":47.62},{"$f":"IF(H135=\"\",0,TRUNC(H135*F135,2))","v":3600.07},{"$f":"IF(C135=0,\"\",VLOOKUP(C135,BNCDADOS!$A:$G,6,0))","v":"36,87"},{"$f":"IF(C135=0,\"\",VLOOKUP(C135,BNCDADOS!$A:$G,7,0))","v":47.91},{"$f":"IF(K135=\"\",0,TRUNC(K135*F135,2))","v":3621.99},{"$f":"SUMIF('MC - TRECHO 01'!A:A,Orçamento!A135,'MC - TRECHO 01'!R:R)","v":75.599999999999994},{"$f":"SUMIF(#REF!,Orçamento!A135,#REF!)","v":{"$error":"#REF!"}}]
["2.2.9.2",{"$f":"IF(C136=0,\"\",VLOOKUP(C136,BNCDADOS!$A:$H,8,0))","v":0},"COMP 29",{"$f":"IF(C136=0,\"\",VLOOKUP(C136,BNCDADOS!$A:$G,2,0))","v":"PISO EMBORRACHADO COM NÍVEL DE ISOLAMENTO PARA 15KV - FORNECIMENTO E INSTALAÇÃO"},{"$f":"IF(C136=0,\"\",VLOOKUP(C136,BNCDADOS!$A:$G,3,0))","v":"M2"},41.6,{"$f":"IF(C136=0,\"\",VLOOKUP(C136,BNCDADOS!$A:$G,4,0))","v":582.00000000000011},{"$f":"IF(C136=0,\"\",VLOOKUP(C136,BNCDADOS!$A:$G,5,0))","v":719.87},29946.59,{"$f":"IF(C136=0,\"\",VLOOKUP(C136,BNCDADOS!$A:$G,6,0))","v":580.29000000000008},{"$f":"IF(C136=0,\"\",VLOOKUP(C136,BNCDADOS!$A:$G,7,0))","v":754.14},31372.22,{"$f":"SUMIF('MC - TRECHO 01'!A:A,Orçamento!A136,'MC - TRECHO 01'!R:R)","v":41.6},{"$f":"SUMIF(#REF!,Orçamento!A136,#REF!)","v":{"$error":"#REF!"}}]
["2.2.10",{"$f":"IF(C137=0,\"\",VLOOKUP(C137,[142]BNCDADOS!$A:$G,8,0))","v":""},null,"INSTALAÇÕES ELÉTRICAS",{"$f":"IF(C137=0,\"\",VLOOKUP(C137,[142]BNCDADOS!$A:$G,3,0))","v":""},{"$f":"TRUNC(M137,2)","v":0},{"$f":"IF(C137=0,\"\",VLOOKUP(C137,[142]BNCDADOS!$A:$G,4,0))","v":""},{"$f":"IF(C137=0,\"\",VLOOKUP(C137,[142]BNCDADOS!$A:$G,5,0))","v":""},{"$f":"SUM(I138:I157)","v":421749.97000000003},{"$f":"IF(C137=0,\"\",VLOOKUP(C137,[142]BNCDADOS!$A:$G,6,0))","v":""},{"$f":"IF(C137=0,\"\",VLOOKUP(C137,[142]BNCDADOS!$A:$G,7,0))","v":""},{"$f":"SUM(L138:L157)","v":433923.71},0,{"$f":"SUMIF(#REF!,Orçamento!A137,#REF!)","v":{"$error":"#REF!"}}]
["2.2.10.1",{"$f":"IF(C138=0,\"\",VLOOKUP(C138,BNCDADOS!$A:$H,8,0))","v":0},"COMP 27",{"$f":"IF(C138=0,\"\",VLOOKUP(C138,BNCDADOS!$A:$G,2,0))","v":"INSTALAÇÃO DE POSTE DE ENTRADA DE ENERGIA PARA SUBSTAÇÃO ABRIGADA, PROTEÇÃO GERAL, POSTES, CRUZETAS, E CAIXA DE PASSAGEM"},{"$f":"IF(C138=0,\"\",VLOOKUP(C138,BNCDADOS!$A:$G,3,0))","v":"UN"},{"$f":"TRUNC(M138,2)","v":1},{"$f":"IF(C138=0,\"\",VLOOKUP(C138,BNCDADOS!$A:$G,4,0))","v":14431.300000000001},{"$f":"IF(C138=0,\"\",VLOOKUP(C138,BNCDADOS!$A:$G,5,0))","v":17850.07},{"$f":"IF(H138=\"\",0,TRUNC(H138*F138,2))","v":17850.07},{"$f":"IF(C138=0,\"\",VLOOKUP(C138,BNCDADOS!$A:$G,6,0))","v":14205.919999999998},{"$f":"IF(C138=0,\"\",VLOOKUP(C138,BNCDADOS!$A:$G,7,0))","v":18462.009999999998},{"$f":"IF(K138=\"\",0,TRUNC(K138*F138,2))","v":18462.009999999998},{"$f":"SUMIF('MC - TRECHO 01'!A:A,Orçamento!A138,'MC - TRECHO 01'!R:R)","v":1},{"$f":"SUMIF(#REF!,Orçamento!A138,#REF!)","v":{"$error":"#REF!"}}]
["2.2.10.2",{"$f":"IF(C139=0,\"\",VLOOKUP(C139,BNCDADOS!$A:$H,8,0))","v":"SINAPI/RN\nSERVIÇO"},93000,{"$f":"IF(C139=0,\"\",VLOOKUP(C139,BNCDADOS!$A:$G,2,0))","v":"CABO DE COBRE FLEXÍVEL ISOLADO, 240 MM², ANTI-CHAMA 0,6/1,0 KV, PARA REDE ENTERRADA DE DISTRIBUIÇÃO DE ENERGIA ELÉTRICA - FORNECIMENTO E INSTALAÇÃO. AF_12/2021"},{"$f":"IF(C139=0,\"\",VLOOKUP(C139,BNCDADOS!$A:$G,3,0))","v":"M"},810,{"$f":"IF(C139=0,\"\",VLOOKUP(C139,BNCDADOS!$A:$G,4,0))","v":"293,85"},{"$f":"IF(C139=0,\"\",VLOOKUP(C139,BNCDADOS!$A:$G,5,0))","v":363.46},294402.59999999998,{"$f":"IF(C139=0,\"\",VLOOKUP(C139,BNCDADOS!$A:$G,6,0))","v":"292,50"},{"$f":"IF(C139=0,\"\",VLOOKUP(C139,BNCDADOS!$A:$G,7,0))","v":380.13},307905.3,{"$f":"SUMIF('MC - TRECHO 01'!A:A,Orçamento!A139,'MC - TRECHO 01'!R:R)","v":810},{"$f":"SUMIF(#REF!,Orçamento!A139,#REF!)","v":{"$error":"#REF!"}}]
["2.2.10.3",{"$f":"IF(C140=0,\"\",VLOOKUP(C140,BNCDADOS!$A:$H,8,0))","v":"SINAPI/RN\nSERVIÇO"},91931,{"$f":"IF(C140=0,\"\",VLOOKUP(C140,BNCDADOS!$A:$G,2,0))","v":"CABO DE COBRE FLEXÍVEL ISOLADO, 6 MM², ANTI-CHAMA 0,6/1,0 KV, PARA CIRCUITOS TERMINAIS - FORNECIMENTO E INSTALAÇÃO. AF_03/2023"},{"$f":"IF(C140=0,\"\",VLOOKUP(C140,BNCDADOS!$A:$G,3,0))","v":"M"},17.5,{"$f":"IF(C140=0,\"\",VLOOKUP(C140,BNCDADOS!$A:$G,4,0))","v":"11,29"},{"$f":"IF(C140=0,\"\",VLOOKUP(C140,BNCDADOS!$A:$G,5,0))","v":13.96},244.3,{"$f":"IF(C140=0,\"\",VLOOKUP(C140,BNCDADOS!$A:$G,6,0))","v":"11,02"},{"$f":"IF(C140=0,\"\",VLOOKUP(C140,BNCDADOS!$A:$G,7,0))","v":14.32},250.6,{"$f":"SUMIF('MC - TRECHO 01'!A:A,Orçamento!A140,'MC - TRECHO 01'!R:R)","v":17.5},{"$f":"SUMIF(#REF!,Orçamento!A140,#REF!)","v":{"$error":"#REF!"}}]
["2.2.10.4",{"$f":"IF(C141=0,\"\",VLOOKUP(C141,BNCDADOS!$A:$H,8,0))","v":"SINAPI/RN\nSERVIÇO"},91929,{"$f":"IF(C141=0,\"\",VLOOKUP(C141,BNCDADOS!$A:$G,2,0))","v":"CABO DE COBRE FLEXÍVEL ISOLADO, 4 MM², ANTI-CHAMA 0,6/1,0 KV, PARA CIRCUITOS TERMINAIS - FORNECIMENTO E INSTALAÇÃO. AF_03/2023"},{"$f":"IF(C141=0,\"\",VLOOKUP(C141,BNCDADOS!$A:$G,3,0))","v":"M"},115.5,{"$f":"IF(C141=0,\"\",VLOOKUP(C141,BNCDADOS!$A:$G,4,0))","v":"7,98"},{"$f":"IF(C141=0,\"\",VLOOKUP(C141,BNCDADOS!$A:$G,5,0))","v":9.8699999999999992},1139.98,{"$f":"IF(C141=0,\"\",VLOOKUP(C141,BNCDADOS!$A:$G,6,0))","v":"7,76"},{"$f":"IF(C141=0,\"\",VLOOKUP(C141,BNCDADOS!$A:$G,7,0))","v":10.08},1164.24,{"$f":"SUMIF('MC - TRECHO 01'!A:A,Orçamento!A141,'MC - TRECHO 01'!R:R)","v":115.5},{"$f":"SUMIF(#REF!,Orçamento!A141,#REF!)","v":{"$error":"#REF!"}}]
["2.2.10.5",{"$f":"IF(C142=0,\"\",VLOOKUP(C142,BNCDADOS!$A:$H,8,0))","v":"SINAPI/RN\nSERVIÇO"},91927,{"$f":"IF(C142=0,\"\",VLOOKUP(C142,BNCDADOS!$A:$G,2,0))","v":"CABO DE COBRE FLEXÍVEL ISOLADO, 2,5 MM², ANTI-CHAMA 0,6/1,0 KV, PARA CIRCUITOS TERMINAIS - FORNECIMENTO E INSTALAÇÃO. AF_03/2023"},{"$f":"IF(C142=0,\"\",VLOOKUP(C142,BNCDADOS!$A:$G,3,0))","v":"M"},90,{"$f":"IF(C142=0,\"\",VLOOKUP(C142,BNCDADOS!$A:$G,4,0))","v":"5,38"},{"$f":"IF(C142=0,\"\",VLOOKUP(C142,BNCDADOS!$A:$G,5,0))","v":6.65},598.5,{"$f":"IF(C142=0,\"\",VLOOKUP(C142,BNCDADOS!$A:$G,6,0))","v":"5,22"},{"$f":"IF(C142=0,\"\",VLOOKUP(C142,BNCDADOS!$A:$G,7,0))","v":6.78},610.20000000000005,{"$f":"SUMIF('MC - TRECHO 01'!A:A,Orçamento!A142,'MC - TRECHO 01'!R:R)","v":90},{"$f":"SUMIF(#REF!,Orçamento!A142,#REF!)","v":{"$error":"#REF!"}}]
["2.2.10.6",{"$f":"IF(C143=0,\"\",VLOOKUP(C143,BNCDADOS!$A:$H,8,0))","v":"SINAPI/RN\nSERVIÇO"},91854,{"$f":"IF(C143=0,\"\",VLOOKUP(C143,BNCDADOS!$A:$G,2,0))","v":"ELETRODUTO FLEXÍVEL CORRUGADO, PVC, DN 25 MM (3/4\"), PARA CIRCUITOS TERMINAIS, INSTALADO EM PAREDE - FORNECIMENTO E INSTALAÇÃO. AF_03/2023"},{"$f":"IF(C143=0,\"\",VLOOKUP(C143,BNCDADOS!$A:$G,3,0))","v":"M"},5.5,{"$f":"IF(C143=0,\"\",VLOOKUP(C143,BNCDADOS!$A:$G,4,0))","v":"8,73"},{"$f":"IF(C143=0,\"\",VLOOKUP(C143,BNCDADOS!$A:$G,5,0))","v":10.79},59.34,{"$f":"IF(C143=0,\"\",VLOOKUP(C143,BNCDADOS!$A:$G,6,0))","v":"8,01"},{"$f":"IF(C143=0,\"\",VLOOKUP(C143,BNCDADOS!$A:$G,7,0))","v":10.4},57.2,{"$f":"SUMIF('MC - TRECHO 01'!A:A,Orçamento!A143,'MC - TRECHO 01'!R:R)","v":5.5},{"$f":"SUMIF(#REF!,Orçamento!A143,#REF!)","v":{"$error":"#REF!"}}]
["2.2.10.7",{"$f":"IF(C144=0,\"\",VLOOKUP(C144,BNCDADOS!$A:$H,8,0))","v":"SINAPI/RN\nSERVIÇO"},95728,{"$f":"IF(C144=0,\"\",VLOOKUP(C144,BNCDADOS!$A:$G,2,0))","v":"ELETRODUTO RÍGIDO SOLDÁVEL, PVC, DN 32 MM (1\u0094), APARENTE - FORNECIMENTO E INSTALAÇÃO. AF_10/2022_PA"},{"$f":"IF(C144=0,\"\",VLOOKUP(C144,BNCDADOS!$A:$G,3,0))","v":"M"},38,{"$f":"IF(C144=0,\"\",VLOOKUP(C144,BNCDADOS!$A:$G,4,0))","v":"23,88"},{"$f":"IF(C144=0,\"\",VLOOKUP(C144,BNCDADOS!$A:$G,5,0))","v":29.53},1122.1400000000001,{"$f":"IF(C144=0,\"\",VLOOKUP(C144,BNCDADOS!$A:$G,6,0))","v":"22,13"},{"$f":"IF(C144=0,\"\",VLOOKUP(C144,BNCDADOS!$A:$G,7,0))","v":28.76},1092.8800000000001,{"$f":"SUMIF('MC - TRECHO 01'!A:A,Orçamento!A144,'MC - TRECHO 01'!R:R)","v":38},{"$f":"SUMIF(#REF!,Orçamento!A144,#REF!)","v":{"$error":"#REF!"}}]
["2.2.10.8",{"$f":"IF(C145=0,\"\",VLOOKUP(C145,BNCDADOS!$A:$H,8,0))","v":"SINAPI/RN\nSERVIÇO"},93011,{"$f":"IF(C145=0,\"\",VLOOKUP(C145,BNCDADOS!$A:$G,2,0))","v":"ELETRODUTO RÍGIDO ROSCÁVEL, PVC, DN 85 MM (3\"), PARA REDE ENTERRADA DE DISTRIBUIÇÃO DE ENERGIA ELÉTRICA - FORNECIMENTO E INSTALAÇÃO. AF_12/2021"},{"$f":"IF(C145=0,\"\",VLOOKUP(C145,BNCDADOS!$A:$G,3,0))","v":"M"},25.5,{"$f":"IF(C145=0,\"\",VLOOKUP(C145,BNCDADOS!$A:$G,4,0))","v":"34,98"},{"$f":"IF(C145=0,\"\",VLOOKUP(C145,BNCDADOS!$A:$G,5,0))","v":43.26},1103.1300000000001,{"$f":"IF(C145=0,\"\",VLOOKUP(C145,BNCDADOS!$A:$G,6,0))","v":"34,06"},{"$f":"IF(C145=0,\"\",VLOOKUP(C145,BNCDADOS!$A:$G,7,0))","v":44.26},1128.6300000000001,{"$f":"SUMIF('MC - TRECHO 01'!A:A,Orçamento!A145,'MC - TRECHO 01'!R:R)","v":25.5},{"$f":"SUMIF(#REF!,Orçamento!A145,#REF!)","v":{"$error":"#REF!"}}]
["2.2.10.9",{"$f":"IF(C146=0,\"\",VLOOKUP(C146,BNCDADOS!$A:$H,8,0))","v":"SINAPI/RN\nSERVIÇO"},97882,{"$f":"IF(C146=0,\"\",VLOOKUP(C146,BNCDADOS!$A:$G,2,0))","v":"CAIXA ENTERRADA ELÉTRICA RETANGULAR, EM CONCRETO PRÉ-MOLDADO, FUNDO COM BRITA, DIMENSÕES INTERNAS: 0,4X0,4X0,4 M. AF_12/2020"},{"$f":"IF(C146=0,\"\",VLOOKUP(C146,BNCDADOS!$A:$G,3,0))","v":"UN"},9,{"$f":"IF(C146=0,\"\",VLOOKUP(C146,BNCDADOS!$A:$G,4,0))","v":"215,84"},{"$f":"IF(C146=0,\"\",VLOOKUP(C146,BNCDADOS!$A:$G,5,0))","v":266.97000000000003},2402.73,{"$f":"IF(C146=0,\"\",VLOOKUP(C146,BNCDADOS!$A:$G,6,0))","v":"212,07"},{"$f":"IF(C146=0,\"\",VLOOKUP(C146,BNCDADOS!$A:$G,7,0))","v":275.60000000000002},2480.4,{"$f":"SUMIF('MC - TRECHO 01'!A:A,Orçamento!A146,'MC - TRECHO 01'!R:R)","v":9},{"$f":"SUMIF(#REF!,Orçamento!A146,#REF!)","v":{"$error":"#REF!"}}]
["2.2.10.10",{"$f":"IF(C147=0,\"\",VLOOKUP(C147,BNCDADOS!$A:$H,8,0))","v":"caern"},2070408,{"$f":"IF(C147=0,\"\",VLOOKUP(C147,BNCDADOS!$A:$G,2,0))","v":"CONJUNTO ILUMINAÇÃO EXTERNA TIPO PÉTALA COM 02 REFLETORES LED DE 100 W E POSTE CIRCULAR DE 9M EM CONCRETO. INC_05/2020"},{"$f":"IF(C147=0,\"\",VLOOKUP(C147,BNCDADOS!$A:$G,3,0))","v":"UN "},2,{"$f":"IF(C147=0,\"\",VLOOKUP(C147,BNCDADOS!$A:$G,4,0))","v":2500.1600000000003},{"$f":"IF(C147=0,\"\",VLOOKUP(C147,BNCDADOS!$A:$G,5,0))","v":3092.44},6184.88,{"$f":"IF(C147=0,\"\",VLOOKUP(C147,BNCDADOS!$A:$G,6,0))","v":2464.5500000000006},{"$f":"IF(C147=0,\"\",VLOOKUP(C147,BNCDADOS!$A:$G,7,0))","v":3202.92},6405.84,{"$f":"SUMIF('MC - TRECHO 01'!A:A,Orçamento!A147,'MC - TRECHO 01'!R:R)","v":2},{"$f":"SUMIF(#REF!,Orçamento!A147,#REF!)","v":{"$error":"#REF!"}}]
["2.2.10.11",{"$f":"IF(C148=0,\"\",VLOOKUP(C148,BNCDADOS!$A:$H,8,0))","v":"caern"},2070410,{"$f":"IF(C148=0,\"\",VLOOKUP(C148,BNCDADOS!$A:$G,2,0))","v":"CONJUNTO ILUMINAÇÃO EXTERNA TIPO PÉTALA COM 04 REFLETORES LED DE 100 W E POSTE CIRCULAR DE 9M EM CONCRETO. INC_05/2020"},{"$f":"IF(C148=0,\"\",VLOOKUP(C148,BNCDADOS!$A:$G,3,0))","v":"UN "},4,{"$f":"IF(C148=0,\"\",VLOOKUP(C148,BNCDADOS!$A:$G,4,0))","v":2737.2200000000003},{"$f":"IF(C148=0,\"\",VLOOKUP(C148,BNCDADOS!$A:$G,5,0))","v":3385.66},13542.64,{"$f":"IF(C148=0,\"\",VLOOKUP(C148,BNCDADOS!$A:$G,6,0))","v":2701.6100000000006},{"$f":"IF(C148=0,\"\",VLOOKUP(C148,BNCDADOS!$A:$G,7,0))","v":3511.01},14044.04,{"$f":"SUMIF('MC - TRECHO 01'!A:A,Orçamento!A148,'MC - TRECHO 01'!R:R)","v":4},{"$f":"SUMIF(#REF!,Orçamento!A148,#REF!)","v":{"$error":"#REF!"}}]
["2.2.10.12",{"$f":"IF(C149=0,\"\",VLOOKUP(C149,BNCDADOS!$A:$H,8,0))","v":0},"COMP 33",{"$f":"IF(C149=0,\"\",VLOOKUP(C149,BNCDADOS!$A:$G,2,0))","v":"SERVIÇOS DE MONTAGEM E INSTALAÇÃO DA SUBSTAÇÃO ABRIGADA DA EEAT COM CARGA TOTAL DE 1000KVA"},{"$f":"IF(C149=0,\"\",VLOOKUP(C149,BNCDADOS!$A:$G,3,0))","v":"UN"},2,{"$f":"IF(C149=0,\"\",VLOOKUP(C149,BNCDADOS!$A:$G,4,0))","v":30375.239999999998},{"$f":"IF(C149=0,\"\",VLOOKUP(C149,BNCDADOS!$A:$G,5,0))","v":37571.129999999997},75142.259999999995,{"$f":"IF(C149=0,\"\",VLOOKUP(C149,BNCDADOS!$A:$G,6,0))","v":27732.28},{"$f":"IF(C149=0,\"\",VLOOKUP(C149,BNCDADOS!$A:$G,7,0))","v":36040.870000000003},72081.740000000005,{"$f":"SUMIF('MC - TRECHO 01'!A:A,Orçamento!A149,'MC - TRECHO 01'!R:R)","v":1},{"$f":"SUMIF(#REF!,Orçamento!A149,#REF!)","v":{"$error":"#REF!"}}]
["2.2.10.13",{"$f":"IF(C150=0,\"\",VLOOKUP(C150,BNCDADOS!$A:$H,8,0))","v":"SINAPI/RN\nSERVIÇO"},96977,{"$f":"IF(C150=0,\"\",VLOOKUP(C150,BNCDADOS!$A:$G,2,0))","v":"CORDOALHA DE COBRE NU 50 MM², ENTERRADA - FORNECIMENTO E INSTALAÇÃO. AF_08/2023"},{"$f":"IF(C150=0,\"\",VLOOKUP(C150,BNCDADOS!$A:$G,3,0))","v":"M"},32.200000000000003,{"$f":"IF(C150=0,\"\",VLOOKUP(C150,BNCDADOS!$A:$G,4,0))","v":"66,73"},{"$f":"IF(C150=0,\"\",VLOOKUP(C150,BNCDADOS!$A:$G,5,0))","v":82.53},2657.46,{"$f":"IF(C150=0,\"\",VLOOKUP(C150,BNCDADOS!$A:$G,6,0))","v":"66,56"},{"$f":"IF(C150=0,\"\",VLOOKUP(C150,BNCDADOS!$A:$G,7,0))","v":86.5},2785.3,{"$f":"SUMIF('MC - TRECHO 01'!A:A,Orçamento!A150,'MC - TRECHO 01'!R:R)","v":32.200000000000003},{"$f":"SUMIF(#REF!,Orçamento!A150,#REF!)","v":{"$error":"#REF!"}}]
["2.2.10.14",{"$f":"IF(C151=0,\"\",VLOOKUP(C151,BNCDADOS!$A:$H,8,0))","v":"SINAPI/RN\nSERVIÇO"},96986,{"$f":"IF(C151=0,\"\",VLOOKUP(C151,BNCDADOS!$A:$G,2,0))","v":"HASTE DE ATERRAMENTO, DIÂMETRO 3/4\", COM 3 METROS - FORNECIMENTO E INSTALAÇÃO. AF_08/2023"},{"$f":"IF(C151=0,\"\",VLOOKUP(C151,BNCDADOS!$A:$G,3,0))","v":"UN"},6,{"$f":"IF(C151=0,\"\",VLOOKUP(C151,BNCDADOS!$A:$G,4,0))","v":"152,63"},{"$f":"IF(C151=0,\"\",VLOOKUP(C151,BNCDADOS!$A:$G,5,0))","v":188.78},1132.68,{"$f":"IF(C151=0,\"\",VLOOKUP(C151,BNCDADOS!$A:$G,6,0))","v":"150,55"},{"$f":"IF(C151=0,\"\",VLOOKUP(C151,BNCDADOS!$A:$G,7,0))","v":195.65},1173.9000000000001,{"$f":"SUMIF('MC - TRECHO 01'!A:A,Orçamento!A151,'MC - TRECHO 01'!R:R)","v":6},{"$f":"SUMIF(#REF!,Orçamento!A151,#REF!)","v":{"$error":"#REF!"}}]
["2.2.10.15",{"$f":"IF(C152=0,\"\",VLOOKUP(C152,BNCDADOS!$A:$H,8,0))","v":"SINAPI/RN\nINSUMOS"},34641,{"$f":"IF(C152=0,\"\",VLOOKUP(C152,BNCDADOS!$A:$G,2,0))","v":"CAIXA DE ATERRAMENTO EM CONCRETO PRE-MOLDADO, DIAMETRO DE 0,30 M E ALTURA DE 0,35 M, SEM FUNDO E COM TAMPA                                                                                                                                                                                                                                                                                                                                                                                                "},{"$f":"IF(C152=0,\"\",VLOOKUP(C152,BNCDADOS!$A:$G,3,0))","v":"UN    "},6,{"$f":"IF(C152=0,\"\",VLOOKUP(C152,BNCDADOS!$A:$G,4,0))","v":"107,66"},{"$f":"TRUNC(G152*$I$4,2)","v":25.5},153,{"$f":"IF(C152=0,\"\",VLOOKUP(C152,BNCDADOS!$A:$G,6,0))","v":"107,66"},{"$f":"TRUNC(J152*$L$4,2)","v":32.25},193.5,{"$f":"SUMIF('MC - TRECHO 01'!A:A,Orçamento!A152,'MC - TRECHO 01'!R:R)","v":6},{"$f":"SUMIF(#REF!,Orçamento!A152,#REF!)","v":{"$error":"#REF!"}}]
["2.2.10.16",{"$f":"IF(C153=0,\"\",VLOOKUP(C153,BNCDADOS!$A:$H,8,0))","v":"SINAPI/RN\nSERVIÇO"},104750,{"$f":"IF(C153=0,\"\",VLOOKUP(C153,BNCDADOS!$A:$G,2,0))","v":"CONECTOR GRAMPO METÁLICO TIPO OLHAL, PARA SPDA, PARA HASTE DE ATERRAMENTO DE 5/8'' E CABOS DE 10 A 50 MM2 - FORNECIMENTO E INSTALAÇÃO. AF_08/2023"},{"$f":"IF(C153=0,\"\",VLOOKUP(C153,BNCDADOS!$A:$G,3,0))","v":"UN"},6,{"$f":"IF(C153=0,\"\",VLOOKUP(C153,BNCDADOS!$A:$G,4,0))","v":"18,06"},{"$f":"IF(C153=0,\"\",VLOOKUP(C153,BNCDADOS!$A:$G,5,0))","v":22.33},133.97999999999999,{"$f":"IF(C153=0,\"\",VLOOKUP(C153,BNCDADOS!$A:$G,6,0))","v":"17,06"},{"$f":"IF(C153=0,\"\",VLOOKUP(C153,BNCDADOS!$A:$G,7,0))","v":22.17},133.02000000000001,{"$f":"SUMIF('MC - TRECHO 01'!A:A,Orçamento!A153,'MC - TRECHO 01'!R:R)","v":6},{"$f":"SUMIF(#REF!,Orçamento!A153,#REF!)","v":{"$error":"#REF!"}}]
["2.2.10.17",{"$f":"IF(C154=0,\"\",VLOOKUP(C154,BNCDADOS!$A:$H,8,0))","v":"SINAPI/RN\nSERVIÇO"},96973,{"$f":"IF(C154=0,\"\",VLOOKUP(C154,BNCDADOS!$A:$G,2,0))","v":"CORDOALHA DE COBRE NU 35 MM², NÃO ENTERRADA, COM ISOLADOR - FORNECIMENTO E INSTALAÇÃO. AF_08/2023"},{"$f":"IF(C154=0,\"\",VLOOKUP(C154,BNCDADOS!$A:$G,3,0))","v":"M"},35,{"$f":"IF(C154=0,\"\",VLOOKUP(C154,BNCDADOS!$A:$G,4,0))","v":"76,41"},{"$f":"IF(C154=0,\"\",VLOOKUP(C154,BNCDADOS!$A:$G,5,0))","v":94.51},3307.85,{"$f":"IF(C154=0,\"\",VLOOKUP(C154,BNCDADOS!$A:$G,6,0))","v":"73,96"},{"$f":"IF(C154=0,\"\",VLOOKUP(C154,BNCDADOS!$A:$G,7,0))","v":96.11},3363.85,{"$f":"SUMIF('MC - TRECHO 01'!A:A,Orçamento!A154,'MC - TRECHO 01'!R:R)","v":35},{"$f":"SUMIF(#REF!,Orçamento!A154,#REF!)","v":{"$error":"#REF!"}}]
["2.2.10.18",{"$f":"IF(C155=0,\"\",VLOOKUP(C155,BNCDADOS!$A:$H,8,0))","v":"SINAPI/RN\nSERVIÇO"},96987,{"$f":"IF(C155=0,\"\",VLOOKUP(C155,BNCDADOS!$A:$G,2,0))","v":"BASE METÁLICA PARA MASTRO 1 ½\"  PARA SPDA - FORNECIMENTO E INSTALAÇÃO. AF_08/2023"},{"$f":"IF(C155=0,\"\",VLOOKUP(C155,BNCDADOS!$A:$G,3,0))","v":"UN"},1,{"$f":"IF(C155=0,\"\",VLOOKUP(C155,BNCDADOS!$A:$G,4,0))","v":"129,68"},{"$f":"IF(C155=0,\"\",VLOOKUP(C155,BNCDADOS!$A:$G,5,0))","v":160.4},160.4,{"$f":"IF(C155=0,\"\",VLOOKUP(C155,BNCDADOS!$A:$G,6,0))","v":"123,32"},{"$f":"IF(C155=0,\"\",VLOOKUP(C155,BNCDADOS!$A:$G,7,0))","v":160.26},160.26,{"$f":"SUMIF('MC - TRECHO 01'!A:A,Orçamento!A155,'MC - TRECHO 01'!R:R)","v":1},{"$f":"SUMIF(#REF!,Orçamento!A155,#REF!)","v":{"$error":"#REF!"}}]
["2.2.10.19",{"$f":"IF(C156=0,\"\",VLOOKUP(C156,BNCDADOS!$A:$H,8,0))","v":"SINAPI/RN\nSERVIÇO"},96988,{"$f":"IF(C156=0,\"\",VLOOKUP(C156,BNCDADOS!$A:$G,2,0))","v":"MASTRO 1 ½\", COM 3 METROS, PARA SPDA - FORNECIMENTO E INSTALAÇÃO. AF_08/2023"},{"$f":"IF(C156=0,\"\",VLOOKUP(C156,BNCDADOS!$A:$G,3,0))","v":"UN"},1,{"$f":"IF(C156=0,\"\",VLOOKUP(C156,BNCDADOS!$A:$G,4,0))","v":"181,32"},{"$f":"IF(C156=0,\"\",VLOOKUP(C156,BNCDADOS!$A:$G,5,0))","v":224.27},224.27,{"$f":"IF(C156=0,\"\",VLOOKUP(C156,BNCDADOS!$A:$G,6,0))","v":"180,42"},{"$f":"IF(C156=0,\"\",VLOOKUP(C156,BNCDADOS!$A:$G,7,0))","v":234.47},234.47,{"$f":"SUMIF('MC - TRECHO 01'!A:A,Orçamento!A156,'MC - TRECHO 01'!R:R)","v":1},{"$f":"SUMIF(#REF!,Orçamento!A156,#REF!)","v":{"$error":"#REF!"}}]
["2.2.10.20",{"$f":"IF(C157=0,\"\",VLOOKUP(C157,BNCDADOS!$A:$H,8,0))","v":"SINAPI/RN\nSERVIÇO"},96989,{"$f":"IF(C157=0,\"\",VLOOKUP(C157,BNCDADOS!$A:$G,2,0))","v":"CAPTOR TIPO FRANKLIN PARA SPDA - FORNECIMENTO E INSTALAÇÃO. AF_08/2023"},{"$f":"IF(C157=0,\"\",VLOOKUP(C157,BNCDADOS!$A:$G,3,0))","v":"UN"},1,{"$f":"IF(C157=0,\"\",VLOOKUP(C157,BNCDADOS!$A:$G,4,0))","v":"151,80"},{"$f":"IF(C157=0,\"\",VLOOKUP(C157,BNCDADOS!$A:$G,5,0))","v":187.76},187.76,{"$f":"IF(C157=0,\"\",VLOOKUP(C157,BNCDADOS!$A:$G,6,0))","v":"151,07"},{"$f":"IF(C157=0,\"\",VLOOKUP(C157,BNCDADOS!$A:$G,7,0))","v":196.33},196.33,{"$f":"SUMIF('MC - TRECHO 01'!A:A,Orçamento!A157,'MC - TRECHO 01'!R:R)","v":1},{"$f":"SUMIF(#REF!,Orçamento!A157,#REF!)","v":{"$error":"#REF!"}}]
["2.2.11",{"$f":"IF(C158=0,\"\",VLOOKUP(C158,[142]BNCDADOS!$A:$G,8,0))","v":""},null,"MONTAGENS HIDRAÚLICAS",{"$f":"IF(C158=0,\"\",VLOOKUP(C158,[142]BNCDADOS!$A:$G,3,0))","v":""},{"$f":"TRUNC(M158,2)","v":0},{"$f":"IF(C158=0,\"\",VLOOKUP(C158,[142]BNCDADOS!$A:$G,4,0))","v":""},{"$f":"IF(C158=0,\"\",VLOOKUP(C158,[142]BNCDADOS!$A:$G,5,0))","v":""},{"$f":"SUM(I159)","v":5293.08},{"$f":"IF(C158=0,\"\",VLOOKUP(C158,[142]BNCDADOS!$A:$G,6,0))","v":""},{"$f":"IF(C158=0,\"\",VLOOKUP(C158,[142]BNCDADOS!$A:$G,7,0))","v":""},{"$f":"SUM(L159)","v":4995.08},0,{"$f":"SUMIF(#REF!,Orçamento!A158,#REF!)","v":{"$error":"#REF!"}}]
["2.2.11.1",{"$f":"IF(C159=0,\"\",VLOOKUP(C159,BNCDADOS!$A:$H,8,0))","v":"caern"},2090008,{"$f":"IF(C159=0,\"\",VLOOKUP(C159,BNCDADOS!$A:$G,2,0))","v":"INSTALAÇÃO ELETROMECÂNICA DE CONJUNTO MOTO-BOMBA MAIOR QUE 200 CV E MENOR OU IGUAL A 500 CV. R_11/2021"},{"$f":"IF(C159=0,\"\",VLOOKUP(C159,BNCDADOS!$A:$G,3,0))","v":"UN "},{"$f":"TRUNC(M159,2)","v":4},{"$f":"IF(C159=0,\"\",VLOOKUP(C159,BNCDADOS!$A:$G,4,0))","v":1069.83},{"$f":"IF(C159=0,\"\",VLOOKUP(C159,BNCDADOS!$A:$G,5,0))","v":1323.27},{"$f":"IF(H159=\"\",0,TRUNC(H159*F159,2))","v":5293.08},{"$f":"IF(C159=0,\"\",VLOOKUP(C159,BNCDADOS!$A:$G,6,0))","v":960.89},{"$f":"IF(C159=0,\"\",VLOOKUP(C159,BNCDADOS!$A:$G,7,0))","v":1248.77},{"$f":"IF(K159=\"\",0,TRUNC(K159*F159,2))","v":4995.08},{"$f":"SUMIF('MC - TRECHO 01'!A:A,Orçamento!A159,'MC - TRECHO 01'!R:R)","v":4},{"$f":"SUMIF(#REF!,Orçamento!A159,#REF!)","v":{"$error":"#REF!"}}]
["2.2.12",{"$f":"IF(C160=0,\"\",VLOOKUP(C160,[142]BNCDADOS!$A:$G,8,0))","v":""},null,"MONTAGENS HIDRAÚLICAS",{"$f":"IF(C160=0,\"\",VLOOKUP(C160,[142]BNCDADOS!$A:$G,3,0))","v":""},{"$f":"TRUNC(M160,2)","v":0},{"$f":"IF(C160=0,\"\",VLOOKUP(C160,[142]BNCDADOS!$A:$G,4,0))","v":""},{"$f":"IF(C160=0,\"\",VLOOKUP(C160,[142]BNCDADOS!$A:$G,5,0))","v":""},{"$f":"SUM(I161)","v":33193.08},{"$f":"IF(C160=0,\"\",VLOOKUP(C160,[142]BNCDADOS!$A:$G,6,0))","v":""},{"$f":"IF(C160=0,\"\",VLOOKUP(C160,[142]BNCDADOS!$A:$G,7,0))","v":""},{"$f":"SUM(L161)","v":34647.480000000003},0,{"$f":"SUMIF(#REF!,Orçamento!A160,#REF!)","v":{"$error":"#REF!"}}]
["2.2.12.1",{"$f":"IF(C161=0,\"\",VLOOKUP(C161,BNCDADOS!$A:$H,8,0))","v":0},"COMP 44",{"$f":"IF(C161=0,\"\",VLOOKUP(C161,BNCDADOS!$A:$G,2,0))","v":"CONSTRUÇÃO E INSTALAÇÃO DE FLUTUADOR PARA CAPTAÇÃO"},{"$f":"IF(C161=0,\"\",VLOOKUP(C161,BNCDADOS!$A:$G,3,0))","v":"UN"},{"$f":"TRUNC(M161,2)","v":4},{"$f":"IF(C161=0,\"\",VLOOKUP(C161,BNCDADOS!$A:$G,4,0))","v":6708.93},{"$f":"IF(C161=0,\"\",VLOOKUP(C161,BNCDADOS!$A:$G,5,0))","v":8298.27},{"$f":"IF(H161=\"\",0,TRUNC(H161*F161,2))","v":33193.08},{"$f":"IF(C161=0,\"\",VLOOKUP(C161,BNCDADOS!$A:$G,6,0))","v":6665.0300000000007},{"$f":"IF(C161=0,\"\",VLOOKUP(C161,BNCDADOS!$A:$G,7,0))","v":8661.8700000000008},{"$f":"IF(K161=\"\",0,TRUNC(K161*F161,2))","v":34647.480000000003},{"$f":"SUMIF('MC - TRECHO 01'!A:A,Orçamento!A161,'MC - TRECHO 01'!R:R)","v":4},{"$f":"SUMIF(#REF!,Orçamento!A161,#REF!)","v":{"$error":"#REF!"}}]
[null,{"$f":"IF(C162=0,\"\",VLOOKUP(C162,[142]BNCDADOS!$A:$H,8,0))","v":""},null,{"$f":"IF(C162=0,\"\",VLOOKUP(C162,[142]BNCDADOS!$A:$G,2,0))","v":""},{"$f":"IF(C162=0,\"\",VLOOKUP(C162,[142]BNCDADOS!$A:$G,3,0))","v":""},{"$f":"TRUNC(M162,2)","v":0},{"$f":"IF(C162=0,\"\",VLOOKUP(C162,[142]BNCDADOS!$A:$G,4,0))","v":""},{"$f":"IF(C162=0,\"\",VLOOKUP(C162,[142]BNCDADOS!$A:$G,5,0))","v":""},{"$f":"IF(H162=\"\",0,TRUNC(H162*F162,2))","v":0},{"$f":"IF(C162=0,\"\",VLOOKUP(C162,[142]BNCDADOS!$A:$G,6,0))","v":""},{"$f":"IF(C162=0,\"\",VLOOKUP(C162,[142]BNCDADOS!$A:$G,7,0))","v":""},{"$f":"IF(K162=\"\",0,TRUNC(K162*F162,2))","v":0}]
["2.3",null,null,"SERVIÇOS_ESTAÇÃO DE TRATAMENTO DE ÁGUA",{"$nulls":4},{"$f":"SUM(I164,I174,I187,I200,I223,I212,I220,I227,I233,I236,I258)","v":6888913.2800000003},null,null,{"$f":"SUM(L164,L174,L187,L200,L223,L212,L220,L227,L233,L236,L258)","v":7089996.0900000008},null,{"$f":"SUMIF(#REF!,Orçamento!A163,#REF!)","v":{"$error":"#REF!"}}]
["2.3.1",{"$f":"IF(C164=0,\"\",VLOOKUP(C164,[142]BNCDADOS!$A:$G,8,0))","v":""},null,"SERVIÇOS PRELIMINARES",{"$f":"IF(C164=0,\"\",VLOOKUP(C164,[142]BNCDADOS!$A:$G,3,0))","v":""},{"$f":"TRUNC(M164,2)","v":0},{"$f":"IF(C164=0,\"\",VLOOKUP(C164,[142]BNCDADOS!$A:$G,4,0))","v":""},{"$f":"IF(C164=0,\"\",VLOOKUP(C164,[142]BNCDADOS!$A:$G,5,0))","v":""},{"$f":"SUM(I165:I173)","v":1531226.3099999998},{"$f":"IF(C164=0,\"\",VLOOKUP(C164,[142]BNCDADOS!$A:$G,6,0))","v":""},{"$f":"IF(C164=0,\"\",VLOOKUP(C164,[142]BNCDADOS!$A:$G,7,0))","v":""},{"$f":"SUM(L165:L173)","v":1572805.2600000002},null,{"$f":"SUMIF(#REF!,Orçamento!A164,#REF!)","v":{"$error":"#REF!"}}]
["2.3.1.1",{"$f":"IF(C165=0,\"\",VLOOKUP(C165,BNCDADOS!$A:$H,8,0))","v":"SINAPI/RN\nSERVIÇO"},98525,{"$f":"IF(C165=0,\"\",VLOOKUP(C165,BNCDADOS!$A:$G,2,0))","v":"LIMPEZA MECANIZADA DE CAMADA VEGETAL, VEGETAÇÃO E PEQUENAS ÁRVORES (DIÂMETRO DE TRONCO MENOR QUE 0,20 M), COM TRATOR DE ESTEIRAS. AF_03/2024"},{"$f":"IF(C165=0,\"\",VLOOKUP(C165,BNCDADOS!$A:$G,3,0))","v":"M2"},15498,{"$f":"IF(C165=0,\"\",VLOOKUP(C165,BNCDADOS!$A:$G,4,0))","v":"0,61"},{"$f":"IF(C165=0,\"\",VLOOKUP(C165,BNCDADOS!$A:$G,5,0))","v":0.75},{"$f":"IF(H165=\"\",0,TRUNC(H165*F165,2))","v":11623.5},{"$f":"IF(C165=0,\"\",VLOOKUP(C165,BNCDADOS!$A:$G,6,0))","v":"0,58"},{"$f":"IF(C165=0,\"\",VLOOKUP(C165,BNCDADOS!$A:$G,7,0))","v":0.75},{"$f":"IF(K165=\"\",0,TRUNC(K165*F165,2))","v":11623.5},{"$f":"SUMIF('MC - TRECHO 01'!A:A,Orçamento!A165,'MC - TRECHO 01'!R:R)","v":15498},{"$f":"SUMIF(#REF!,Orçamento!A165,#REF!)","v":{"$error":"#REF!"}}]
["2.3.1.2",{"$f":"IF(C166=0,\"\",VLOOKUP(C166,BNCDADOS!$A:$H,8,0))","v":"SINAPI/RN\nSERVIÇO"},98527,{"$f":"IF(C166=0,\"\",VLOOKUP(C166,BNCDADOS!$A:$G,2,0))","v":"REMOÇÃO DE RAÍZES REMANESCENTES DE TRONCO DE ÁRVORE COM DIÂMETRO MAIOR OU IGUAL A 0,40 M E MENOR QUE 0,60 M. AF_03/2024"},{"$f":"IF(C166=0,\"\",VLOOKUP(C166,BNCDADOS!$A:$G,3,0))","v":"UN"},775,{"$f":"IF(C166=0,\"\",VLOOKUP(C166,BNCDADOS!$A:$G,4,0))","v":"209,89"},{"$f":"IF(C166=0,\"\",VLOOKUP(C166,BNCDADOS!$A:$G,5,0))","v":259.61},201197.75,{"$f":"IF(C166=0,\"\",VLOOKUP(C166,BNCDADOS!$A:$G,6,0))","v":"195,46"},{"$f":"IF(C166=0,\"\",VLOOKUP(C166,BNCDADOS!$A:$G,7,0))","v":254.01},196857.75,{"$f":"SUMIF('MC - TRECHO 01'!A:A,Orçamento!A166,'MC - TRECHO 01'!R:R)","v":775},{"$f":"SUMIF(#REF!,Orçamento!A166,#REF!)","v":{"$error":"#REF!"}}]
["2.3.1.3",{"$f":"IF(C167=0,\"\",VLOOKUP(C167,BNCDADOS!$A:$H,8,0))","v":"SINAPI/RN\nSERVIÇO"},100982,{"$f":"IF(C167=0,\"\",VLOOKUP(C167,BNCDADOS!$A:$G,2,0))","v":"CARGA, MANOBRA E DESCARGA DE ENTULHO EM CAMINHÃO BASCULANTE 10 M³ - CARGA COM ESCAVADEIRA HIDRÁULICA  (CAÇAMBA DE 0,80 M³ / 111 HP) E DESCARGA LIVRE (UNIDADE: M3). AF_07/2020"},{"$f":"IF(C167=0,\"\",VLOOKUP(C167,BNCDADOS!$A:$G,3,0))","v":"M3"},7749,{"$f":"IF(C167=0,\"\",VLOOKUP(C167,BNCDADOS!$A:$G,4,0))","v":"9,22"},{"$f":"IF(C167=0,\"\",VLOOKUP(C167,BNCDADOS!$A:$G,5,0))","v":11.4},88338.6,{"$f":"IF(C167=0,\"\",VLOOKUP(C167,BNCDADOS!$A:$G,6,0))","v":"9,04"},{"$f":"IF(C167=0,\"\",VLOOKUP(C167,BNCDADOS!$A:$G,7,0))","v":11.74},90973.26,{"$f":"SUMIF('MC - TRECHO 01'!A:A,Orçamento!A167,'MC - TRECHO 01'!R:R)","v":7749},{"$f":"SUMIF(#REF!,Orçamento!A167,#REF!)","v":{"$error":"#REF!"}}]
["2.3.1.4",{"$f":"IF(C168=0,\"\",VLOOKUP(C168,BNCDADOS!$A:$H,8,0))","v":"SINAPI/RN\nSERVIÇO"},93591,{"$f":"IF(C168=0,\"\",VLOOKUP(C168,BNCDADOS!$A:$G,2,0))","v":"TRANSPORTE COM CAMINHÃO BASCULANTE DE 14 M³, EM VIA URBANA EM LEITO NATURAL (UNIDADE: M3XKM). AF_07/2020"},{"$f":"IF(C168=0,\"\",VLOOKUP(C168,BNCDADOS!$A:$G,3,0))","v":"M3XKM"},146456.1,{"$f":"IF(C168=0,\"\",VLOOKUP(C168,BNCDADOS!$A:$G,4,0))","v":"2,83"},{"$f":"IF(C168=0,\"\",VLOOKUP(C168,BNCDADOS!$A:$G,5,0))","v":3.5},512596.35,{"$f":"IF(C168=0,\"\",VLOOKUP(C168,BNCDADOS!$A:$G,6,0))","v":"2,80"},{"$f":"IF(C168=0,\"\",VLOOKUP(C168,BNCDADOS!$A:$G,7,0))","v":3.63},531635.64,{"$f":"SUMIF('MC - TRECHO 01'!A:A,Orçamento!A168,'MC - TRECHO 01'!R:R)","v":146456.09999999998},{"$f":"SUMIF(#REF!,Orçamento!A168,#REF!)","v":{"$error":"#REF!"}}]
["2.3.1.5",{"$f":"IF(C169=0,\"\",VLOOKUP(C169,BNCDADOS!$A:$H,8,0))","v":"SINAPI/RN\nSERVIÇO"},93592,{"$f":"IF(C169=0,\"\",VLOOKUP(C169,BNCDADOS!$A:$G,2,0))","v":"TRANSPORTE COM CAMINHÃO BASCULANTE DE 14 M³, EM VIA URBANA EM REVESTIMENTO PRIMÁRIO (UNIDADE: M3XKM). AF_07/2020"},{"$f":"IF(C169=0,\"\",VLOOKUP(C169,BNCDADOS!$A:$G,3,0))","v":"M3XKM"},146456.1,{"$f":"IF(C169=0,\"\",VLOOKUP(C169,BNCDADOS!$A:$G,4,0))","v":"2,45"},{"$f":"IF(C169=0,\"\",VLOOKUP(C169,BNCDADOS!$A:$G,5,0))","v":3.03},443761.98,{"$f":"IF(C169=0,\"\",VLOOKUP(C169,BNCDADOS!$A:$G,6,0))","v":"2,42"},{"$f":"IF(C169=0,\"\",VLOOKUP(C169,BNCDADOS!$A:$G,7,0))","v":3.14},459872.15,{"$f":"SUMIF('MC - TRECHO 01'!A:A,Orçamento!A169,'MC - TRECHO 01'!R:R)","v":146456.09999999998},{"$f":"SUMIF(#REF!,Orçamento!A169,#REF!)","v":{"$error":"#REF!"}}]
["2.3.1.6",{"$f":"IF(C170=0,\"\",VLOOKUP(C170,BNCDADOS!$A:$H,8,0))","v":"SINAPI/RN\nSERVIÇO"},98459,{"$f":"IF(C170=0,\"\",VLOOKUP(C170,BNCDADOS!$A:$G,2,0))","v":"TAPUME COM TELHA METÁLICA. AF_03/2024"},{"$f":"IF(C170=0,\"\",VLOOKUP(C170,BNCDADOS!$A:$G,3,0))","v":"M2"},996,{"$f":"IF(C170=0,\"\",VLOOKUP(C170,BNCDADOS!$A:$G,4,0))","v":"101,37"},{"$f":"IF(C170=0,\"\",VLOOKUP(C170,BNCDADOS!$A:$G,5,0))","v":125.38},124878.48,{"$f":"IF(C170=0,\"\",VLOOKUP(C170,BNCDADOS!$A:$G,6,0))","v":"98,15"},{"$f":"IF(C170=0,\"\",VLOOKUP(C170,BNCDADOS!$A:$G,7,0))","v":127.55},127039.8,{"$f":"SUMIF('MC - TRECHO 01'!A:A,Orçamento!A170,'MC - TRECHO 01'!R:R)","v":996},{"$f":"SUMIF(#REF!,Orçamento!A170,#REF!)","v":{"$error":"#REF!"}}]
["2.3.1.7",{"$f":"IF(C171=0,\"\",VLOOKUP(C171,BNCDADOS!$A:$H,8,0))","v":"SINAPI/RN\nSERVIÇO"},99059,{"$f":"IF(C171=0,\"\",VLOOKUP(C171,BNCDADOS!$A:$G,2,0))","v":"LOCAÇÃO CONVENCIONAL DE OBRA, UTILIZANDO GABARITO DE TÁBUAS CORRIDAS PONTALETADAS A CADA 2,00M -  2 UTILIZAÇÕES. AF_03/2024"},{"$f":"IF(C171=0,\"\",VLOOKUP(C171,BNCDADOS!$A:$G,3,0))","v":"M"},313.2,{"$f":"IF(C171=0,\"\",VLOOKUP(C171,BNCDADOS!$A:$G,4,0))","v":"68,49"},{"$f":"IF(C171=0,\"\",VLOOKUP(C171,BNCDADOS!$A:$G,5,0))","v":84.71},26531.17,{"$f":"IF(C171=0,\"\",VLOOKUP(C171,BNCDADOS!$A:$G,6,0))","v":"64,82"},{"$f":"IF(C171=0,\"\",VLOOKUP(C171,BNCDADOS!$A:$G,7,0))","v":84.24},26383.96,{"$f":"SUMIF('MC - TRECHO 01'!A:A,Orçamento!A171,'MC - TRECHO 01'!R:R)","v":313.2},{"$f":"SUMIF(#REF!,Orçamento!A171,#REF!)","v":{"$error":"#REF!"}}]
["2.3.1.8",{"$f":"IF(C172=0,\"\",VLOOKUP(C172,BNCDADOS!$A:$H,8,0))","v":0},"COMP 13",{"$f":"IF(C172=0,\"\",VLOOKUP(C172,BNCDADOS!$A:$G,2,0))","v":"LOCAÇÃO DE CONTÊINER ALMOXARIFADO COM PISO NAVAL - 6,00M X 2,35M - PARA USO EM CANTEIRO DE OBRAS"},{"$f":"IF(C172=0,\"\",VLOOKUP(C172,BNCDADOS!$A:$G,3,0))","v":"UM X MÊS"},48,{"$f":"IF(C172=0,\"\",VLOOKUP(C172,BNCDADOS!$A:$G,4,0))","v":800.6},{"$f":"IF(C172=0,\"\",VLOOKUP(C172,BNCDADOS!$A:$G,5,0))","v":990.26},47532.480000000003,{"$f":"IF(C172=0,\"\",VLOOKUP(C172,BNCDADOS!$A:$G,6,0))","v":800.6},{"$f":"IF(C172=0,\"\",VLOOKUP(C172,BNCDADOS!$A:$G,7,0))","v":1040.45},49941.599999999999,{"$f":"SUMIF('MC - TRECHO 01'!A:A,Orçamento!A172,'MC - TRECHO 01'!R:R)","v":48},{"$f":"SUMIF(#REF!,Orçamento!A172,#REF!)","v":{"$error":"#REF!"}}]
["2.3.1.9",{"$f":"IF(C173=0,\"\",VLOOKUP(C173,BNCDADOS!$A:$H,8,0))","v":0},"COMP 01",{"$f":"IF(C173=0,\"\",VLOOKUP(C173,BNCDADOS!$A:$G,2,0))","v":"CANTEIRO ITINERANTE COMPOSTO DE TOLDO, CONJUNTO DE MESA E CADEIRAS E BANHEIRO QUÍMICO COM LIMPEZA DIÁRIA INCLUSO COLETA E DESTINAÇÃO FINAL DE EFLUENTES"},{"$f":"IF(C173=0,\"\",VLOOKUP(C173,BNCDADOS!$A:$G,3,0))","v":"UN"},60,{"$f":"IF(C173=0,\"\",VLOOKUP(C173,BNCDADOS!$A:$G,4,0))","v":1007.4399999999999},{"$f":"IF(C173=0,\"\",VLOOKUP(C173,BNCDADOS!$A:$G,5,0))","v":1246.0999999999999},74766,{"$f":"IF(C173=0,\"\",VLOOKUP(C173,BNCDADOS!$A:$G,6,0))","v":1006.4399999999999},{"$f":"IF(C173=0,\"\",VLOOKUP(C173,BNCDADOS!$A:$G,7,0))","v":1307.96},78477.600000000006,{"$f":"SUMIF('MC - TRECHO 01'!A:A,Orçamento!A173,'MC - TRECHO 01'!R:R)","v":60},{"$f":"SUMIF(#REF!,Orçamento!A173,#REF!)","v":{"$error":"#REF!"}}]
["2.3.2",{"$f":"IF(C174=0,\"\",VLOOKUP(C174,[142]BNCDADOS!$A:$G,8,0))","v":""},null,"MOVIMENTO DE TERRA",{"$f":"IF(C174=0,\"\",VLOOKUP(C174,[142]BNCDADOS!$A:$G,3,0))","v":""},0,{"$f":"IF(C174=0,\"\",VLOOKUP(C174,[142]BNCDADOS!$A:$G,4,0))","v":""},{"$f":"IF(C174=0,\"\",VLOOKUP(C174,[142]BNCDADOS!$A:$G,5,0))","v":""},{"$f":"SUM(I176:I186)","v":3474835.51},{"$f":"IF(C174=0,\"\",VLOOKUP(C174,[142]BNCDADOS!$A:$G,6,0))","v":""},{"$f":"IF(C174=0,\"\",VLOOKUP(C174,[142]BNCDADOS!$A:$G,7,0))","v":""},{"$f":"SUM(L176:L186)","v":3590035.6400000006},0,{"$f":"SUMIF(#REF!,Orçamento!A174,#REF!)","v":{"$error":"#REF!"}}]
[null,{"$f":"IF(C175=0,\"\",VLOOKUP(C175,[142]BNCDADOS!$A:$G,8,0))","v":""},null,{"$f":"'[142]MC - TRECHO 01'!D900","v":"ATERRO DA ÁREA"},{"$f":"IF(C175=0,\"\",VLOOKUP(C175,[142]BNCDADOS!$A:$G,3,0))","v":""},0,{"$f":"IF(C175=0,\"\",VLOOKUP(C175,[142]BNCDADOS!$A:$G,4,0))","v":""}]
["2.3.2.1",{"$f":"IF(C176=0,\"\",VLOOKUP(C176,BNCDADOS!$A:$H,8,0))","v":"SINAPI/RN\nSERVIÇO"},96385,{"$f":"IF(C176=0,\"\",VLOOKUP(C176,BNCDADOS!$A:$G,2,0))","v":"EXECUÇÃO E COMPACTAÇÃO DE ATERRO COM SOLO PREDOMINANTEMENTE ARGILOSO - EXCLUSIVE SOLO, ESCAVAÇÃO, CARGA E TRANSPORTE. AF_11/2019"},{"$f":"IF(C176=0,\"\",VLOOKUP(C176,BNCDADOS!$A:$G,3,0))","v":"M3"},29145.360000000001,{"$f":"IF(C176=0,\"\",VLOOKUP(C176,BNCDADOS!$A:$G,4,0))","v":"11,83"},{"$f":"IF(C176=0,\"\",VLOOKUP(C176,BNCDADOS!$A:$G,5,0))","v":14.63},{"$f":"IF(H176=\"\",0,TRUNC(H176*F176,2))","v":426396.61},{"$f":"IF(C176=0,\"\",VLOOKUP(C176,BNCDADOS!$A:$G,6,0))","v":"11,38"},{"$f":"IF(C176=0,\"\",VLOOKUP(C176,BNCDADOS!$A:$G,7,0))","v":14.78},{"$f":"IF(K176=\"\",0,TRUNC(K176*F176,2))","v":430768.42},{"$f":"SUMIF('MC - TRECHO 01'!A:A,Orçamento!A176,'MC - TRECHO 01'!R:R)","v":29145.360000000001},{"$f":"SUMIF(#REF!,Orçamento!A176,#REF!)","v":{"$error":"#REF!"}}]
["2.3.2.2",{"$f":"IF(C177=0,\"\",VLOOKUP(C177,BNCDADOS!$A:$H,8,0))","v":"SINAPI/RN\nSERVIÇO"},101232,{"$f":"IF(C177=0,\"\",VLOOKUP(C177,BNCDADOS!$A:$G,2,0))","v":"ESCAVAÇÃO VERTICAL PARA INFRAESTRUTURA, COM CARGA, DESCARGA E TRANSPORTE DE SOLO DE 1ª CATEGORIA, COM ESCAVADEIRA HIDRÁULICA (CAÇAMBA: 1,2 M³ / 155 HP), FROTA DE 3 CAMINHÕES BASCULANTES DE 14 M³, DMT ATÉ 1 KM E VELOCIDADE MÉDIA14 KM/H. AF_05/2020"},{"$f":"IF(C177=0,\"\",VLOOKUP(C177,BNCDADOS!$A:$G,3,0))","v":"M3"},29145.360000000001,{"$f":"IF(C177=0,\"\",VLOOKUP(C177,BNCDADOS!$A:$G,4,0))","v":"9,80"},{"$f":"IF(C177=0,\"\",VLOOKUP(C177,BNCDADOS!$A:$G,5,0))","v":12.12},353241.76,{"$f":"IF(C177=0,\"\",VLOOKUP(C177,BNCDADOS!$A:$G,6,0))","v":"9,66"},{"$f":"IF(C177=0,\"\",VLOOKUP(C177,BNCDADOS!$A:$G,7,0))","v":12.55},365774.26,{"$f":"SUMIF('MC - TRECHO 01'!A:A,Orçamento!A177,'MC - TRECHO 01'!R:R)","v":29145.360000000001},{"$f":"SUMIF(#REF!,Orçamento!A177,#REF!)","v":{"$error":"#REF!"}}]
["2.3.2.3",{"$f":"IF(C178=0,\"\",VLOOKUP(C178,BNCDADOS!$A:$H,8,0))","v":"SINAPI/RN\nSERVIÇO"},93591,{"$f":"IF(C178=0,\"\",VLOOKUP(C178,BNCDADOS!$A:$G,2,0))","v":"TRANSPORTE COM CAMINHÃO BASCULANTE DE 14 M³, EM VIA URBANA EM LEITO NATURAL (UNIDADE: M3XKM). AF_07/2020"},{"$f":"IF(C178=0,\"\",VLOOKUP(C178,BNCDADOS!$A:$G,3,0))","v":"M3XKM"},408035.04,{"$f":"IF(C178=0,\"\",VLOOKUP(C178,BNCDADOS!$A:$G,4,0))","v":"2,83"},{"$f":"IF(C178=0,\"\",VLOOKUP(C178,BNCDADOS!$A:$G,5,0))","v":3.5},1428122.64,{"$f":"IF(C178=0,\"\",VLOOKUP(C178,BNCDADOS!$A:$G,6,0))","v":"2,80"},{"$f":"IF(C178=0,\"\",VLOOKUP(C178,BNCDADOS!$A:$G,7,0))","v":3.63},1481167.19,{"$f":"SUMIF('MC - TRECHO 01'!A:A,Orçamento!A178,'MC - TRECHO 01'!R:R)","v":408035.04000000004},{"$f":"SUMIF(#REF!,Orçamento!A178,#REF!)","v":{"$error":"#REF!"}}]
["2.3.2.4",{"$f":"IF(C179=0,\"\",VLOOKUP(C179,BNCDADOS!$A:$H,8,0))","v":"SINAPI/RN\nSERVIÇO"},93592,{"$f":"IF(C179=0,\"\",VLOOKUP(C179,BNCDADOS!$A:$G,2,0))","v":"TRANSPORTE COM CAMINHÃO BASCULANTE DE 14 M³, EM VIA URBANA EM REVESTIMENTO PRIMÁRIO (UNIDADE: M3XKM). AF_07/2020"},{"$f":"IF(C179=0,\"\",VLOOKUP(C179,BNCDADOS!$A:$G,3,0))","v":"M3XKM"},408035.04,{"$f":"IF(C179=0,\"\",VLOOKUP(C179,BNCDADOS!$A:$G,4,0))","v":"2,45"},{"$f":"IF(C179=0,\"\",VLOOKUP(C179,BNCDADOS!$A:$G,5,0))","v":3.03},1236346.17,{"$f":"IF(C179=0,\"\",VLOOKUP(C179,BNCDADOS!$A:$G,6,0))","v":"2,42"},{"$f":"IF(C179=0,\"\",VLOOKUP(C179,BNCDADOS!$A:$G,7,0))","v":3.14},1281230.02,{"$f":"SUMIF('MC - TRECHO 01'!A:A,Orçamento!A179,'MC - TRECHO 01'!R:R)","v":408035.04000000004},{"$f":"SUMIF(#REF!,Orçamento!A179,#REF!)","v":{"$error":"#REF!"}}]
["2.3.2.5",{"$f":"IF(C180=0,\"\",VLOOKUP(C180,BNCDADOS!$A:$H,8,0))","v":"SINAPI/RN\nSERVIÇO"},98520,{"$f":"IF(C180=0,\"\",VLOOKUP(C180,BNCDADOS!$A:$G,2,0))","v":"APLICAÇÃO DE ADUBO EM SOLO. AF_07/2024"},{"$f":"IF(C180=0,\"\",VLOOKUP(C180,BNCDADOS!$A:$G,3,0))","v":"M2"},240,{"$f":"IF(C180=0,\"\",VLOOKUP(C180,BNCDADOS!$A:$G,4,0))","v":"6,22"},{"$f":"IF(C180=0,\"\",VLOOKUP(C180,BNCDADOS!$A:$G,5,0))","v":7.69},1845.6,{"$f":"IF(C180=0,\"\",VLOOKUP(C180,BNCDADOS!$A:$G,6,0))","v":"6,09"},{"$f":"IF(C180=0,\"\",VLOOKUP(C180,BNCDADOS!$A:$G,7,0))","v":7.91},1898.4,{"$f":"SUMIF('MC - TRECHO 01'!A:A,Orçamento!A180,'MC - TRECHO 01'!R:R)","v":240},{"$f":"SUMIF(#REF!,Orçamento!A180,#REF!)","v":{"$error":"#REF!"}}]
["2.3.2.6",{"$f":"IF(C181=0,\"\",VLOOKUP(C181,BNCDADOS!$A:$H,8,0))","v":"SINAPI/RN\nSERVIÇO"},98504,{"$f":"IF(C181=0,\"\",VLOOKUP(C181,BNCDADOS!$A:$G,2,0))","v":"PLANTIO DE GRAMA BATATAIS EM PLACAS. AF_07/2024"},{"$f":"IF(C181=0,\"\",VLOOKUP(C181,BNCDADOS!$A:$G,3,0))","v":"M2"},240,{"$f":"IF(C181=0,\"\",VLOOKUP(C181,BNCDADOS!$A:$G,4,0))","v":"13,41"},{"$f":"IF(C181=0,\"\",VLOOKUP(C181,BNCDADOS!$A:$G,5,0))","v":16.579999999999998},3979.2,{"$f":"IF(C181=0,\"\",VLOOKUP(C181,BNCDADOS!$A:$G,6,0))","v":"13,08"},{"$f":"IF(C181=0,\"\",VLOOKUP(C181,BNCDADOS!$A:$G,7,0))","v":16.989999999999998},4077.6,{"$f":"SUMIF('MC - TRECHO 01'!A:A,Orçamento!A181,'MC - TRECHO 01'!R:R)","v":240},{"$f":"SUMIF(#REF!,Orçamento!A181,#REF!)","v":{"$error":"#REF!"}}]
[null,{"$f":"IF(C182=0,\"\",VLOOKUP(C182,[142]BNCDADOS!$A:$G,8,0))","v":""},null,{"$f":"'[142]MC - TRECHO 01'!D941","v":"SERVIÇOS DE TERRA PARA A EXECUÇÃO DAS ESTRUTURAS"},{"$f":"IF(C182=0,\"\",VLOOKUP(C182,[142]BNCDADOS!$A:$G,3,0))","v":""},0,{"$f":"IF(C182=0,\"\",VLOOKUP(C182,[142]BNCDADOS!$A:$G,4,0))","v":""}]
["2.3.2.7",{"$f":"IF(C183=0,\"\",VLOOKUP(C183,BNCDADOS!$A:$H,8,0))","v":"SINAPI/RN\nSERVIÇO"},96525,{"$f":"IF(C183=0,\"\",VLOOKUP(C183,BNCDADOS!$A:$G,2,0))","v":"ESCAVAÇÃO MECANIZADA PARA VIGA BALDRAME OU SAPATA CORRIDA COM MINI-ESCAVADEIRA (INCLUINDO ESCAVAÇÃO PARA COLOCAÇÃO DE FÔRMAS). AF_01/2024"},{"$f":"IF(C183=0,\"\",VLOOKUP(C183,BNCDADOS!$A:$G,3,0))","v":"M3"},72,{"$f":"IF(C183=0,\"\",VLOOKUP(C183,BNCDADOS!$A:$G,4,0))","v":"55,00"},{"$f":"IF(C183=0,\"\",VLOOKUP(C183,BNCDADOS!$A:$G,5,0))","v":68.02},{"$f":"IF(H183=\"\",0,TRUNC(H183*F183,2))","v":4897.4399999999996},{"$f":"IF(C183=0,\"\",VLOOKUP(C183,BNCDADOS!$A:$G,6,0))","v":"52,42"},{"$f":"IF(C183=0,\"\",VLOOKUP(C183,BNCDADOS!$A:$G,7,0))","v":68.12},{"$f":"IF(K183=\"\",0,TRUNC(K183*F183,2))","v":4904.6400000000003},{"$f":"SUMIF('MC - TRECHO 01'!A:A,Orçamento!A183,'MC - TRECHO 01'!R:R)","v":72},{"$f":"SUMIF(#REF!,Orçamento!A183,#REF!)","v":{"$error":"#REF!"}}]
["2.3.2.8",{"$f":"IF(C184=0,\"\",VLOOKUP(C184,BNCDADOS!$A:$H,8,0))","v":"SINAPI/RN\nSERVIÇO"},93382,{"$f":"IF(C184=0,\"\",VLOOKUP(C184,BNCDADOS!$A:$G,2,0))","v":"REATERRO MANUAL DE VALAS, COM COMPACTADOR DE SOLOS DE PERCUSSÃO. AF_08/2023"},{"$f":"IF(C184=0,\"\",VLOOKUP(C184,BNCDADOS!$A:$G,3,0))","v":"M3"},63.56,{"$f":"IF(C184=0,\"\",VLOOKUP(C184,BNCDADOS!$A:$G,4,0))","v":"25,08"},{"$f":"IF(C184=0,\"\",VLOOKUP(C184,BNCDADOS!$A:$G,5,0))","v":31.02},1971.63,{"$f":"IF(C184=0,\"\",VLOOKUP(C184,BNCDADOS!$A:$G,6,0))","v":"22,89"},{"$f":"IF(C184=0,\"\",VLOOKUP(C184,BNCDADOS!$A:$G,7,0))","v":29.74},1890.27,{"$f":"SUMIF('MC - TRECHO 01'!A:A,Orçamento!A184,'MC - TRECHO 01'!R:R)","v":63.561359999999993},{"$f":"SUMIF(#REF!,Orçamento!A184,#REF!)","v":{"$error":"#REF!"}}]
["2.3.2.9",{"$f":"IF(C185=0,\"\",VLOOKUP(C185,BNCDADOS!$A:$H,8,0))","v":"SINAPI/RN\nSERVIÇO"},101206,{"$f":"IF(C185=0,\"\",VLOOKUP(C185,BNCDADOS!$A:$G,2,0))","v":"ESCAVAÇÃO VERTICAL PARA  EDIFICAÇÃO, COM CARGA, DESCARGA E TRANSPORTE DE SOLO DE 1ª CATEGORIA, COM ESCAVADEIRA HIDRÁULICA (CAÇAMBA: 0,8 M³ / 111 HP), FROTA DE 3 CAMINHÕES BASCULANTES DE 14 M³, DMT ATÉ 1 KM E VELOCIDADE MÉDIA 14 KM/H. AF_05/2020"},{"$f":"IF(C185=0,\"\",VLOOKUP(C185,BNCDADOS!$A:$G,3,0))","v":"M3"},681.01,{"$f":"IF(C185=0,\"\",VLOOKUP(C185,BNCDADOS!$A:$G,4,0))","v":"13,00"},{"$f":"IF(C185=0,\"\",VLOOKUP(C185,BNCDADOS!$A:$G,5,0))","v":16.07},10943.83,{"$f":"IF(C185=0,\"\",VLOOKUP(C185,BNCDADOS!$A:$G,6,0))","v":"12,77"},{"$f":"IF(C185=0,\"\",VLOOKUP(C185,BNCDADOS!$A:$G,7,0))","v":16.59},11297.95,{"$f":"SUMIF('MC - TRECHO 01'!A:A,Orçamento!A185,'MC - TRECHO 01'!R:R)","v":681.01},{"$f":"SUMIF(#REF!,Orçamento!A185,#REF!)","v":{"$error":"#REF!"}}]
["2.3.2.10",{"$f":"IF(C186=0,\"\",VLOOKUP(C186,BNCDADOS!$A:$H,8,0))","v":"SINAPI/RN\nSERVIÇO"},93379,{"$f":"IF(C186=0,\"\",VLOOKUP(C186,BNCDADOS!$A:$G,2,0))","v":"REATERRO MECANIZADO DE VALA COM RETROESCAVADEIRA (CAPACIDADE DA CAÇAMBA   DA RETRO: 0,26 M³/POTÊNCIA: 88 HP), LARGURA 0,8 A 1,5 M, PROFUNDIDADE ATÉ 1,5 M, COM SOLO (SEM SUBSTITUIÇÃO) DE 1ª CATEGORIA, COM COMPACTADOR DE SOLOS DE PERCUSSÃO AF_08/2023"},{"$f":"IF(C186=0,\"\",VLOOKUP(C186,BNCDADOS!$A:$G,3,0))","v":"M3"},318.68,{"$f":"IF(C186=0,\"\",VLOOKUP(C186,BNCDADOS!$A:$G,4,0))","v":"17,99"},{"$f":"IF(C186=0,\"\",VLOOKUP(C186,BNCDADOS!$A:$G,5,0))","v":22.25},7090.63,{"$f":"IF(C186=0,\"\",VLOOKUP(C186,BNCDADOS!$A:$G,6,0))","v":"16,97"},{"$f":"IF(C186=0,\"\",VLOOKUP(C186,BNCDADOS!$A:$G,7,0))","v":22.05},7026.89,{"$f":"SUMIF('MC - TRECHO 01'!A:A,Orçamento!A186,'MC - TRECHO 01'!R:R)","v":318.68499999999995},{"$f":"SUMIF(#REF!,Orçamento!A186,#REF!)","v":{"$error":"#REF!"}}]
["2.3.3",{"$f":"IF(C187=0,\"\",VLOOKUP(C187,[142]BNCDADOS!$A:$G,8,0))","v":""},null,"FUNDAÇÕES",{"$f":"IF(C187=0,\"\",VLOOKUP(C187,[142]BNCDADOS!$A:$G,3,0))","v":""},0,{"$f":"IF(C187=0,\"\",VLOOKUP(C187,[142]BNCDADOS!$A:$G,4,0))","v":""},{"$f":"IF(C187=0,\"\",VLOOKUP(C187,[142]BNCDADOS!$A:$G,5,0))","v":""},{"$f":"SUM(I188:I199)","v":272423.45},{"$f":"IF(C187=0,\"\",VLOOKUP(C187,[142]BNCDADOS!$A:$G,6,0))","v":""},{"$f":"IF(C187=0,\"\",VLOOKUP(C187,[142]BNCDADOS!$A:$G,7,0))","v":""},{"$f":"SUM(L188:L199)","v":272881.45},0,{"$f":"SUMIF(#REF!,Orçamento!A187,#REF!)","v":{"$error":"#REF!"}}]
["2.3.3.1",{"$f":"IF(C188=0,\"\",VLOOKUP(C188,BNCDADOS!$A:$H,8,0))","v":"SINAPI/RN\nSERVIÇO"},96542,{"$f":"IF(C188=0,\"\",VLOOKUP(C188,BNCDADOS!$A:$G,2,0))","v":"FABRICAÇÃO, MONTAGEM E DESMONTAGEM DE FÔRMA PARA VIGA BALDRAME, EM CHAPA DE MADEIRA COMPENSADA RESINADA, E=17 MM, 4 UTILIZAÇÕES. AF_01/2024"},{"$f":"IF(C188=0,\"\",VLOOKUP(C188,BNCDADOS!$A:$G,3,0))","v":"M2"},969.87,{"$f":"IF(C188=0,\"\",VLOOKUP(C188,BNCDADOS!$A:$G,4,0))","v":"103,01"},{"$f":"IF(C188=0,\"\",VLOOKUP(C188,BNCDADOS!$A:$G,5,0))","v":127.41},{"$f":"IF(H188=\"\",0,TRUNC(H188*F188,2))","v":123571.13},{"$f":"IF(C188=0,\"\",VLOOKUP(C188,BNCDADOS!$A:$G,6,0))","v":"96,60"},{"$f":"IF(C188=0,\"\",VLOOKUP(C188,BNCDADOS!$A:$G,7,0))","v":125.54},{"$f":"IF(K188=\"\",0,TRUNC(K188*F188,2))","v":121757.47},{"$f":"SUMIF('MC - TRECHO 01'!A:A,Orçamento!A188,'MC - TRECHO 01'!R:R)","v":969.87},{"$f":"SUMIF(#REF!,Orçamento!A188,#REF!)","v":{"$error":"#REF!"}}]
["2.3.3.2",{"$f":"IF(C189=0,\"\",VLOOKUP(C189,BNCDADOS!$A:$H,8,0))","v":"SINAPI/RN\nSERVIÇO"},95241,{"$f":"IF(C189=0,\"\",VLOOKUP(C189,BNCDADOS!$A:$G,2,0))","v":"LASTRO DE CONCRETO MAGRO, APLICADO EM PISOS, LAJES SOBRE SOLO OU RADIERS, ESPESSURA DE 5 CM. AF_01/2024"},{"$f":"IF(C189=0,\"\",VLOOKUP(C189,BNCDADOS!$A:$G,3,0))","v":"M2"},1449.3,{"$f":"IF(C189=0,\"\",VLOOKUP(C189,BNCDADOS!$A:$G,4,0))","v":"36,15"},{"$f":"IF(C189=0,\"\",VLOOKUP(C189,BNCDADOS!$A:$G,5,0))","v":44.71},64798.2,{"$f":"IF(C189=0,\"\",VLOOKUP(C189,BNCDADOS!$A:$G,6,0))","v":"34,74"},{"$f":"IF(C189=0,\"\",VLOOKUP(C189,BNCDADOS!$A:$G,7,0))","v":45.14},65421.4,{"$f":"SUMIF('MC - TRECHO 01'!A:A,Orçamento!A189,'MC - TRECHO 01'!R:R)","v":1449.3000000000002},{"$f":"SUMIF(#REF!,Orçamento!A189,#REF!)","v":{"$error":"#REF!"}}]
["2.3.3.3",{"$f":"IF(C190=0,\"\",VLOOKUP(C190,BNCDADOS!$A:$H,8,0))","v":"SINAPI/RN\nSERVIÇO"},96543,{"$f":"IF(C190=0,\"\",VLOOKUP(C190,BNCDADOS!$A:$G,2,0))","v":"ARMAÇÃO DE BLOCO UTILIZANDO AÇO CA-60 DE 5 MM - MONTAGEM. AF_01/2024"},{"$f":"IF(C190=0,\"\",VLOOKUP(C190,BNCDADOS!$A:$G,3,0))","v":"KG"},168,{"$f":"IF(C190=0,\"\",VLOOKUP(C190,BNCDADOS!$A:$G,4,0))","v":"20,25"},{"$f":"IF(C190=0,\"\",VLOOKUP(C190,BNCDADOS!$A:$G,5,0))","v":25.04},4206.72,{"$f":"IF(C190=0,\"\",VLOOKUP(C190,BNCDADOS!$A:$G,6,0))","v":"19,11"},{"$f":"IF(C190=0,\"\",VLOOKUP(C190,BNCDADOS!$A:$G,7,0))","v":24.83},4171.4399999999996,{"$f":"SUMIF('MC - TRECHO 01'!A:A,Orçamento!A190,'MC - TRECHO 01'!R:R)","v":168},{"$f":"SUMIF(#REF!,Orçamento!A190,#REF!)","v":{"$error":"#REF!"}}]
["2.3.3.4",{"$f":"IF(C191=0,\"\",VLOOKUP(C191,BNCDADOS!$A:$H,8,0))","v":"SINAPI/RN\nSERVIÇO"},96544,{"$f":"IF(C191=0,\"\",VLOOKUP(C191,BNCDADOS!$A:$G,2,0))","v":"ARMAÇÃO DE BLOCO UTILIZANDO AÇO CA-50 DE 6,3 MM - MONTAGEM. AF_01/2024"},{"$f":"IF(C191=0,\"\",VLOOKUP(C191,BNCDADOS!$A:$G,3,0))","v":"KG"},876,{"$f":"IF(C191=0,\"\",VLOOKUP(C191,BNCDADOS!$A:$G,4,0))","v":"18,33"},{"$f":"IF(C191=0,\"\",VLOOKUP(C191,BNCDADOS!$A:$G,5,0))","v":22.67},19858.919999999998,{"$f":"IF(C191=0,\"\",VLOOKUP(C191,BNCDADOS!$A:$G,6,0))","v":"17,48"},{"$f":"IF(C191=0,\"\",VLOOKUP(C191,BNCDADOS!$A:$G,7,0))","v":22.71},19893.96,{"$f":"SUMIF('MC - TRECHO 01'!A:A,Orçamento!A191,'MC - TRECHO 01'!R:R)","v":876},{"$f":"SUMIF(#REF!,Orçamento!A191,#REF!)","v":{"$error":"#REF!"}}]
["2.3.3.5",{"$f":"IF(C192=0,\"\",VLOOKUP(C192,BNCDADOS!$A:$H,8,0))","v":"SINAPI/RN\nSERVIÇO"},96545,{"$f":"IF(C192=0,\"\",VLOOKUP(C192,BNCDADOS!$A:$G,2,0))","v":"ARMAÇÃO DE BLOCO UTILIZANDO AÇO CA-50 DE 8 MM - MONTAGEM. AF_01/2024"},{"$f":"IF(C192=0,\"\",VLOOKUP(C192,BNCDADOS!$A:$G,3,0))","v":"KG"},410,{"$f":"IF(C192=0,\"\",VLOOKUP(C192,BNCDADOS!$A:$G,4,0))","v":"16,57"},{"$f":"IF(C192=0,\"\",VLOOKUP(C192,BNCDADOS!$A:$G,5,0))","v":20.49},8400.9,{"$f":"IF(C192=0,\"\",VLOOKUP(C192,BNCDADOS!$A:$G,6,0))","v":"15,95"},{"$f":"IF(C192=0,\"\",VLOOKUP(C192,BNCDADOS!$A:$G,7,0))","v":20.72},8495.2000000000007,{"$f":"SUMIF('MC - TRECHO 01'!A:A,Orçamento!A192,'MC - TRECHO 01'!R:R)","v":410},{"$f":"SUMIF(#REF!,Orçamento!A192,#REF!)","v":{"$error":"#REF!"}}]
["2.3.3.6",{"$f":"IF(C193=0,\"\",VLOOKUP(C193,BNCDADOS!$A:$H,8,0))","v":"SINAPI/RN\nSERVIÇO"},96546,{"$f":"IF(C193=0,\"\",VLOOKUP(C193,BNCDADOS!$A:$G,2,0))","v":"ARMAÇÃO DE BLOCO UTILIZANDO AÇO CA-50 DE 10 MM - MONTAGEM. AF_01/2024"},{"$f":"IF(C193=0,\"\",VLOOKUP(C193,BNCDADOS!$A:$G,3,0))","v":"KG"},1018,{"$f":"IF(C193=0,\"\",VLOOKUP(C193,BNCDADOS!$A:$G,4,0))","v":"14,52"},{"$f":"IF(C193=0,\"\",VLOOKUP(C193,BNCDADOS!$A:$G,5,0))","v":17.95},18273.099999999999,{"$f":"IF(C193=0,\"\",VLOOKUP(C193,BNCDADOS!$A:$G,6,0))","v":"14,04"},{"$f":"IF(C193=0,\"\",VLOOKUP(C193,BNCDADOS!$A:$G,7,0))","v":18.239999999999998},18568.32,{"$f":"SUMIF('MC - TRECHO 01'!A:A,Orçamento!A193,'MC - TRECHO 01'!R:R)","v":1018},{"$f":"SUMIF(#REF!,Orçamento!A193,#REF!)","v":{"$error":"#REF!"}}]
["2.3.3.7",{"$f":"IF(C194=0,\"\",VLOOKUP(C194,BNCDADOS!$A:$H,8,0))","v":"SINAPI/RN\nSERVIÇO"},96547,{"$f":"IF(C194=0,\"\",VLOOKUP(C194,BNCDADOS!$A:$G,2,0))","v":"ARMAÇÃO DE BLOCO, VIGA BALDRAME OU SAPATA UTILIZANDO AÇO CA-50 DE 12,5 MM - MONTAGEM."},{"$f":"IF(C194=0,\"\",VLOOKUP(C194,BNCDADOS!$A:$G,3,0))","v":"KG"},368,{"$f":"IF(C194=0,\"\",VLOOKUP(C194,BNCDADOS!$A:$G,4,0))","v":11.86},{"$f":"IF(C194=0,\"\",VLOOKUP(C194,BNCDADOS!$A:$G,5,0))","v":14.66},5394.88,{"$f":"IF(C194=0,\"\",VLOOKUP(C194,BNCDADOS!$A:$G,6,0))","v":11.61},{"$f":"IF(C194=0,\"\",VLOOKUP(C194,BNCDADOS!$A:$G,7,0))","v":15.08},5549.44,{"$f":"SUMIF('MC - TRECHO 01'!A:A,Orçamento!A194,'MC - TRECHO 01'!R:R)","v":368},{"$f":"SUMIF(#REF!,Orçamento!A194,#REF!)","v":{"$error":"#REF!"}}]
["2.3.3.8",{"$f":"IF(C195=0,\"\",VLOOKUP(C195,BNCDADOS!$A:$H,8,0))","v":"SINAPI/RN\nSERVIÇO"},96548,{"$f":"IF(C195=0,\"\",VLOOKUP(C195,BNCDADOS!$A:$G,2,0))","v":"ARMAÇÃO DE BLOCO, VIGA BALDRAME OU SAPATA UTILIZANDO AÇO CA-50 DE 16 MM - MONTAGEM."},{"$f":"IF(C195=0,\"\",VLOOKUP(C195,BNCDADOS!$A:$G,3,0))","v":"KG"},284,{"$f":"IF(C195=0,\"\",VLOOKUP(C195,BNCDADOS!$A:$G,4,0))","v":11.15},{"$f":"IF(C195=0,\"\",VLOOKUP(C195,BNCDADOS!$A:$G,5,0))","v":13.79},3916.36,{"$f":"IF(C195=0,\"\",VLOOKUP(C195,BNCDADOS!$A:$G,6,0))","v":10.97},{"$f":"IF(C195=0,\"\",VLOOKUP(C195,BNCDADOS!$A:$G,7,0))","v":14.25},4047,{"$f":"SUMIF('MC - TRECHO 01'!A:A,Orçamento!A195,'MC - TRECHO 01'!R:R)","v":284},{"$f":"SUMIF(#REF!,Orçamento!A195,#REF!)","v":{"$error":"#REF!"}}]
["2.3.3.9",{"$f":"IF(C196=0,\"\",VLOOKUP(C196,BNCDADOS!$A:$H,8,0))","v":"SINAPI/RN\nSERVIÇO"},96549,{"$f":"IF(C196=0,\"\",VLOOKUP(C196,BNCDADOS!$A:$G,2,0))","v":"ARMAÇÃO DE BLOCO, VIGA BALDRAME OU SAPATA UTILIZANDO AÇO CA-50 DE 20 MM - MONTAGEM."},{"$f":"IF(C196=0,\"\",VLOOKUP(C196,BNCDADOS!$A:$G,3,0))","v":"KG"},300,{"$f":"IF(C196=0,\"\",VLOOKUP(C196,BNCDADOS!$A:$G,4,0))","v":12.28},{"$f":"IF(C196=0,\"\",VLOOKUP(C196,BNCDADOS!$A:$G,5,0))","v":15.18},4554,{"$f":"IF(C196=0,\"\",VLOOKUP(C196,BNCDADOS!$A:$G,6,0))","v":12.15},{"$f":"IF(C196=0,\"\",VLOOKUP(C196,BNCDADOS!$A:$G,7,0))","v":15.79},4737,{"$f":"SUMIF('MC - TRECHO 01'!A:A,Orçamento!A196,'MC - TRECHO 01'!R:R)","v":300},{"$f":"SUMIF(#REF!,Orçamento!A196,#REF!)","v":{"$error":"#REF!"}}]
["2.3.3.10",{"$f":"IF(C197=0,\"\",VLOOKUP(C197,BNCDADOS!$A:$H,8,0))","v":"SINAPI/RN\nSERVIÇO"},96550,{"$f":"IF(C197=0,\"\",VLOOKUP(C197,BNCDADOS!$A:$G,2,0))","v":"ARMAÇÃO DE BLOCO, VIGA BALDRAME OU SAPATA UTILIZANDO AÇO CA-50 DE 25 MM - MONTAGEM."},{"$f":"IF(C197=0,\"\",VLOOKUP(C197,BNCDADOS!$A:$G,3,0))","v":"KG"},73,{"$f":"IF(C197=0,\"\",VLOOKUP(C197,BNCDADOS!$A:$G,4,0))","v":11.91},{"$f":"IF(C197=0,\"\",VLOOKUP(C197,BNCDADOS!$A:$G,5,0))","v":14.73},1075.29,{"$f":"IF(C197=0,\"\",VLOOKUP(C197,BNCDADOS!$A:$G,6,0))","v":11.82},{"$f":"IF(C197=0,\"\",VLOOKUP(C197,BNCDADOS!$A:$G,7,0))","v":15.36},1121.28,{"$f":"SUMIF('MC - TRECHO 01'!A:A,Orçamento!A197,'MC - TRECHO 01'!R:R)","v":73},{"$f":"SUMIF(#REF!,Orçamento!A197,#REF!)","v":{"$error":"#REF!"}}]
["2.3.3.11",{"$f":"IF(C198=0,\"\",VLOOKUP(C198,BNCDADOS!$A:$H,8,0))","v":"SINAPI/RN\nSERVIÇO"},97096,{"$f":"IF(C198=0,\"\",VLOOKUP(C198,BNCDADOS!$A:$G,2,0))","v":"CONCRETAGEM DE RADIER, PISO DE CONCRETO OU LAJE SOBRE SOLO, FCK 30 MPA - LANÇAMENTO, ADENSAMENTO E ACABAMENTO. AF_09/2021"},{"$f":"IF(C198=0,\"\",VLOOKUP(C198,BNCDADOS!$A:$G,3,0))","v":"M3"},11.98,{"$f":"IF(C198=0,\"\",VLOOKUP(C198,BNCDADOS!$A:$G,4,0))","v":"658,04"},{"$f":"IF(C198=0,\"\",VLOOKUP(C198,BNCDADOS!$A:$G,5,0))","v":813.92},9750.76,{"$f":"IF(C198=0,\"\",VLOOKUP(C198,BNCDADOS!$A:$G,6,0))","v":"656,11"},{"$f":"IF(C198=0,\"\",VLOOKUP(C198,BNCDADOS!$A:$G,7,0))","v":852.68},10215.1,{"$f":"SUMIF('MC - TRECHO 01'!A:A,Orçamento!A198,'MC - TRECHO 01'!R:R)","v":11.98},{"$f":"SUMIF(#REF!,Orçamento!A198,#REF!)","v":{"$error":"#REF!"}}]
["2.3.3.12",{"$f":"IF(C199=0,\"\",VLOOKUP(C199,BNCDADOS!$A:$H,8,0))","v":0},"COMP 20",{"$f":"IF(C199=0,\"\",VLOOKUP(C199,BNCDADOS!$A:$G,2,0))","v":"CONCRETAGEM DE ESTRUTURAS, FCK = 40 MPA, COM USO DE BOMBA EM EDIFICAÇÕES DIVERSAS - LANÇAMENTO, ADENSAMENTO E ACABAMENTO"},{"$f":"IF(C199=0,\"\",VLOOKUP(C199,BNCDADOS!$A:$G,3,0))","v":"M3    "},8.18,{"$f":"IF(C199=0,\"\",VLOOKUP(C199,BNCDADOS!$A:$G,4,0))","v":852.28},{"$f":"IF(C199=0,\"\",VLOOKUP(C199,BNCDADOS!$A:$G,5,0))","v":1054.18},8623.19,{"$f":"IF(C199=0,\"\",VLOOKUP(C199,BNCDADOS!$A:$G,6,0))","v":837.56},{"$f":"IF(C199=0,\"\",VLOOKUP(C199,BNCDADOS!$A:$G,7,0))","v":1088.49},8903.84,{"$f":"SUMIF('MC - TRECHO 01'!A:A,Orçamento!A199,'MC - TRECHO 01'!R:R)","v":8.18},{"$f":"SUMIF(#REF!,Orçamento!A199,#REF!)","v":{"$error":"#REF!"}}]
["2.3.4",{"$f":"IF(C200=0,\"\",VLOOKUP(C200,[142]BNCDADOS!$A:$G,8,0))","v":""},null,"SUPERESTRUTURA",{"$f":"IF(C200=0,\"\",VLOOKUP(C200,[142]BNCDADOS!$A:$G,3,0))","v":""},0,{"$f":"IF(C200=0,\"\",VLOOKUP(C200,[142]BNCDADOS!$A:$G,4,0))","v":""},{"$f":"IF(C200=0,\"\",VLOOKUP(C200,[142]BNCDADOS!$A:$G,5,0))","v":""},{"$f":"SUM(I201:I211)","v":479489.81000000006},{"$f":"IF(C200=0,\"\",VLOOKUP(C200,[142]BNCDADOS!$A:$G,6,0))","v":""},{"$f":"IF(C200=0,\"\",VLOOKUP(C200,[142]BNCDADOS!$A:$G,7,0))","v":""},{"$f":"SUM(L201:L211)","v":490652.79000000004},0,{"$f":"SUMIF(#REF!,Orçamento!A200,#REF!)","v":{"$error":"#REF!"}}]
["2.3.4.1",{"$f":"IF(C201=0,\"\",VLOOKUP(C201,BNCDADOS!$A:$H,8,0))","v":"SINAPI/RN\nSERVIÇO"},92425,{"$f":"IF(C201=0,\"\",VLOOKUP(C201,BNCDADOS!$A:$G,2,0))","v":"MONTAGEM E DESMONTAGEM DE FÔRMA DE PILARES RETANGULARES E ESTRUTURAS SIMILARES, PÉ-DIREITO DUPLO, EM CHAPA DE MADEIRA COMPENSADA RESINADA, 6 UTILIZAÇÕES. AF_09/2020"},{"$f":"IF(C201=0,\"\",VLOOKUP(C201,BNCDADOS!$A:$G,3,0))","v":"M2"},163.01,{"$f":"IF(C201=0,\"\",VLOOKUP(C201,BNCDADOS!$A:$G,4,0))","v":"90,69"},{"$f":"IF(C201=0,\"\",VLOOKUP(C201,BNCDADOS!$A:$G,5,0))","v":112.17},{"$f":"IF(H201=\"\",0,TRUNC(H201*F201,2))","v":18284.830000000002},{"$f":"IF(C201=0,\"\",VLOOKUP(C201,BNCDADOS!$A:$G,6,0))","v":"86,00"},{"$f":"IF(C201=0,\"\",VLOOKUP(C201,BNCDADOS!$A:$G,7,0))","v":111.76},{"$f":"IF(K201=\"\",0,TRUNC(K201*F201,2))","v":18217.990000000002},{"$f":"SUMIF('MC - TRECHO 01'!A:A,Orçamento!A201,'MC - TRECHO 01'!R:R)","v":163.01},{"$f":"SUMIF(#REF!,Orçamento!A201,#REF!)","v":{"$error":"#REF!"}}]
["2.3.4.2",{"$f":"IF(C202=0,\"\",VLOOKUP(C202,BNCDADOS!$A:$H,8,0))","v":"SINAPI/RN\nSERVIÇO"},92460,{"$f":"IF(C202=0,\"\",VLOOKUP(C202,BNCDADOS!$A:$G,2,0))","v":"MONTAGEM E DESMONTAGEM DE FÔRMA DE VIGA, ESCORAMENTO METÁLICO, PÉ-DIREITO SIMPLES, EM CHAPA DE MADEIRA RESINADA, 6 UTILIZAÇÕES. AF_09/2020"},{"$f":"IF(C202=0,\"\",VLOOKUP(C202,BNCDADOS!$A:$G,3,0))","v":"M2"},619.04999999999995,{"$f":"IF(C202=0,\"\",VLOOKUP(C202,BNCDADOS!$A:$G,4,0))","v":"126,28"},{"$f":"IF(C202=0,\"\",VLOOKUP(C202,BNCDADOS!$A:$G,5,0))","v":156.19},96689.41,{"$f":"IF(C202=0,\"\",VLOOKUP(C202,BNCDADOS!$A:$G,6,0))","v":"120,51"},{"$f":"IF(C202=0,\"\",VLOOKUP(C202,BNCDADOS!$A:$G,7,0))","v":156.61000000000001},96949.42,{"$f":"SUMIF('MC - TRECHO 01'!A:A,Orçamento!A202,'MC - TRECHO 01'!R:R)","v":619.04999999999995},{"$f":"SUMIF(#REF!,Orçamento!A202,#REF!)","v":{"$error":"#REF!"}}]
["2.3.4.3",{"$f":"IF(C203=0,\"\",VLOOKUP(C203,BNCDADOS!$A:$H,8,0))","v":"SINAPI/RN\nSERVIÇO"},92759,{"$f":"IF(C203=0,\"\",VLOOKUP(C203,BNCDADOS!$A:$G,2,0))","v":"ARMAÇÃO DE PILAR OU VIGA DE ESTRUTURA CONVENCIONAL DE CONCRETO ARMADO UTILIZANDO AÇO CA-60 DE 5,0 MM - MONTAGEM. AF_06/2022"},{"$f":"IF(C203=0,\"\",VLOOKUP(C203,BNCDADOS!$A:$G,3,0))","v":"KG"},283,{"$f":"IF(C203=0,\"\",VLOOKUP(C203,BNCDADOS!$A:$G,4,0))","v":"14,54"},{"$f":"IF(C203=0,\"\",VLOOKUP(C203,BNCDADOS!$A:$G,5,0))","v":17.98},5088.34,{"$f":"IF(C203=0,\"\",VLOOKUP(C203,BNCDADOS!$A:$G,6,0))","v":"14,00"},{"$f":"IF(C203=0,\"\",VLOOKUP(C203,BNCDADOS!$A:$G,7,0))","v":18.190000000000001},5147.7700000000004,{"$f":"SUMIF('MC - TRECHO 01'!A:A,Orçamento!A203,'MC - TRECHO 01'!R:R)","v":283},{"$f":"SUMIF(#REF!,Orçamento!A203,#REF!)","v":{"$error":"#REF!"}}]
["2.3.4.4",{"$f":"IF(C204=0,\"\",VLOOKUP(C204,BNCDADOS!$A:$H,8,0))","v":"SINAPI/RN\nSERVIÇO"},92760,{"$f":"IF(C204=0,\"\",VLOOKUP(C204,BNCDADOS!$A:$G,2,0))","v":"ARMAÇÃO DE PILAR OU VIGA DE ESTRUTURA CONVENCIONAL DE CONCRETO ARMADO UTILIZANDO AÇO CA-50 DE 6,3 MM - MONTAGEM. AF_06/2022"},{"$f":"IF(C204=0,\"\",VLOOKUP(C204,BNCDADOS!$A:$G,3,0))","v":"KG"},67,{"$f":"IF(C204=0,\"\",VLOOKUP(C204,BNCDADOS!$A:$G,4,0))","v":"13,79"},{"$f":"IF(C204=0,\"\",VLOOKUP(C204,BNCDADOS!$A:$G,5,0))","v":17.05},1142.3499999999999,{"$f":"IF(C204=0,\"\",VLOOKUP(C204,BNCDADOS!$A:$G,6,0))","v":"13,43"},{"$f":"IF(C204=0,\"\",VLOOKUP(C204,BNCDADOS!$A:$G,7,0))","v":17.45},1169.1500000000001,{"$f":"SUMIF('MC - TRECHO 01'!A:A,Orçamento!A204,'MC - TRECHO 01'!R:R)","v":67},{"$f":"SUMIF(#REF!,Orçamento!A204,#REF!)","v":{"$error":"#REF!"}}]
["2.3.4.5",{"$f":"IF(C205=0,\"\",VLOOKUP(C205,BNCDADOS!$A:$H,8,0))","v":"SINAPI/RN\nSERVIÇO"},92761,{"$f":"IF(C205=0,\"\",VLOOKUP(C205,BNCDADOS!$A:$G,2,0))","v":"ARMAÇÃO DE PILAR OU VIGA DE ESTRUTURA CONVENCIONAL DE CONCRETO ARMADO UTILIZANDO AÇO CA-50 DE 8,0 MM - MONTAGEM. AF_06/2022"},{"$f":"IF(C205=0,\"\",VLOOKUP(C205,BNCDADOS!$A:$G,3,0))","v":"KG"},44,{"$f":"IF(C205=0,\"\",VLOOKUP(C205,BNCDADOS!$A:$G,4,0))","v":"12,98"},{"$f":"IF(C205=0,\"\",VLOOKUP(C205,BNCDADOS!$A:$G,5,0))","v":16.05},706.2,{"$f":"IF(C205=0,\"\",VLOOKUP(C205,BNCDADOS!$A:$G,6,0))","v":"12,75"},{"$f":"IF(C205=0,\"\",VLOOKUP(C205,BNCDADOS!$A:$G,7,0))","v":16.559999999999999},728.64,{"$f":"SUMIF('MC - TRECHO 01'!A:A,Orçamento!A205,'MC - TRECHO 01'!R:R)","v":44},{"$f":"SUMIF(#REF!,Orçamento!A205,#REF!)","v":{"$error":"#REF!"}}]
["2.3.4.6",{"$f":"IF(C206=0,\"\",VLOOKUP(C206,BNCDADOS!$A:$H,8,0))","v":"SINAPI/RN\nSERVIÇO"},92762,{"$f":"IF(C206=0,\"\",VLOOKUP(C206,BNCDADOS!$A:$G,2,0))","v":"ARMAÇÃO DE PILAR OU VIGA DE ESTRUTURA CONVENCIONAL DE CONCRETO ARMADO UTILIZANDO AÇO CA-50 DE 10,0 MM - MONTAGEM. AF_06/2022"},{"$f":"IF(C206=0,\"\",VLOOKUP(C206,BNCDADOS!$A:$G,3,0))","v":"KG"},479,{"$f":"IF(C206=0,\"\",VLOOKUP(C206,BNCDADOS!$A:$G,4,0))","v":"11,61"},{"$f":"IF(C206=0,\"\",VLOOKUP(C206,BNCDADOS!$A:$G,5,0))","v":14.36},6878.44,{"$f":"IF(C206=0,\"\",VLOOKUP(C206,BNCDADOS!$A:$G,6,0))","v":"11,43"},{"$f":"IF(C206=0,\"\",VLOOKUP(C206,BNCDADOS!$A:$G,7,0))","v":14.85},7113.15,{"$f":"SUMIF('MC - TRECHO 01'!A:A,Orçamento!A206,'MC - TRECHO 01'!R:R)","v":479},{"$f":"SUMIF(#REF!,Orçamento!A206,#REF!)","v":{"$error":"#REF!"}}]
["2.3.4.7",{"$f":"IF(C207=0,\"\",VLOOKUP(C207,BNCDADOS!$A:$H,8,0))","v":"SINAPI/RN\nSERVIÇO"},92763,{"$f":"IF(C207=0,\"\",VLOOKUP(C207,BNCDADOS!$A:$G,2,0))","v":"ARMAÇÃO DE PILAR OU VIGA DE ESTRUTURA CONVENCIONAL DE CONCRETO ARMADO UTILIZANDO AÇO CA-50 DE 12,5 MM - MONTAGEM. AF_06/2022"},{"$f":"IF(C207=0,\"\",VLOOKUP(C207,BNCDADOS!$A:$G,3,0))","v":"KG"},142,{"$f":"IF(C207=0,\"\",VLOOKUP(C207,BNCDADOS!$A:$G,4,0))","v":"9,77"},{"$f":"IF(C207=0,\"\",VLOOKUP(C207,BNCDADOS!$A:$G,5,0))","v":12.08},1715.36,{"$f":"IF(C207=0,\"\",VLOOKUP(C207,BNCDADOS!$A:$G,6,0))","v":"9,66"},{"$f":"IF(C207=0,\"\",VLOOKUP(C207,BNCDADOS!$A:$G,7,0))","v":12.55},1782.1,{"$f":"SUMIF('MC - TRECHO 01'!A:A,Orçamento!A207,'MC - TRECHO 01'!R:R)","v":142},{"$f":"SUMIF(#REF!,Orçamento!A207,#REF!)","v":{"$error":"#REF!"}}]
["2.3.4.8",{"$f":"IF(C208=0,\"\",VLOOKUP(C208,BNCDADOS!$A:$H,8,0))","v":"SINAPI/RN\nSERVIÇO"},92764,{"$f":"IF(C208=0,\"\",VLOOKUP(C208,BNCDADOS!$A:$G,2,0))","v":"ARMAÇÃO DE PILAR OU VIGA DE ESTRUTURA CONVENCIONAL DE CONCRETO ARMADO UTILIZANDO AÇO CA-50 DE 16,0 MM - MONTAGEM. AF_06/2022"},{"$f":"IF(C208=0,\"\",VLOOKUP(C208,BNCDADOS!$A:$G,3,0))","v":"KG"},169,{"$f":"IF(C208=0,\"\",VLOOKUP(C208,BNCDADOS!$A:$G,4,0))","v":"9,46"},{"$f":"IF(C208=0,\"\",VLOOKUP(C208,BNCDADOS!$A:$G,5,0))","v":11.7},1977.3,{"$f":"IF(C208=0,\"\",VLOOKUP(C208,BNCDADOS!$A:$G,6,0))","v":"9,39"},{"$f":"IF(C208=0,\"\",VLOOKUP(C208,BNCDADOS!$A:$G,7,0))","v":12.2},2061.8000000000002,{"$f":"SUMIF('MC - TRECHO 01'!A:A,Orçamento!A208,'MC - TRECHO 01'!R:R)","v":169},{"$f":"SUMIF(#REF!,Orçamento!A208,#REF!)","v":{"$error":"#REF!"}}]
["2.3.4.9",{"$f":"IF(C209=0,\"\",VLOOKUP(C209,BNCDADOS!$A:$H,8,0))","v":"SINAPI/RN\nSERVIÇO"},92765,{"$f":"IF(C209=0,\"\",VLOOKUP(C209,BNCDADOS!$A:$G,2,0))","v":"ARMAÇÃO DE PILAR OU VIGA DE ESTRUTURA CONVENCIONAL DE CONCRETO ARMADO UTILIZANDO AÇO CA-50 DE 20,0 MM - MONTAGEM. AF_06/2022"},{"$f":"IF(C209=0,\"\",VLOOKUP(C209,BNCDADOS!$A:$G,3,0))","v":"KG"},201,{"$f":"IF(C209=0,\"\",VLOOKUP(C209,BNCDADOS!$A:$G,4,0))","v":"10,78"},{"$f":"IF(C209=0,\"\",VLOOKUP(C209,BNCDADOS!$A:$G,5,0))","v":13.33},2679.33,{"$f":"IF(C209=0,\"\",VLOOKUP(C209,BNCDADOS!$A:$G,6,0))","v":"10,73"},{"$f":"IF(C209=0,\"\",VLOOKUP(C209,BNCDADOS!$A:$G,7,0))","v":13.94},2801.94,{"$f":"SUMIF('MC - TRECHO 01'!A:A,Orçamento!A209,'MC - TRECHO 01'!R:R)","v":201},{"$f":"SUMIF(#REF!,Orçamento!A209,#REF!)","v":{"$error":"#REF!"}}]
["2.3.4.10",{"$f":"IF(C210=0,\"\",VLOOKUP(C210,BNCDADOS!$A:$H,8,0))","v":0},"COMP 42",{"$f":"IF(C210=0,\"\",VLOOKUP(C210,BNCDADOS!$A:$G,2,0))","v":"CONCRETAGEM DE PILARES, FCK = 30 MPA,  COM USO DE BALDES - LANÇAMENTO, ADENSAMENTO E ACABAMENTO."},{"$f":"IF(C210=0,\"\",VLOOKUP(C210,BNCDADOS!$A:$G,3,0))","v":"M3    "},58.25,{"$f":"IF(C210=0,\"\",VLOOKUP(C210,BNCDADOS!$A:$G,4,0))","v":968.62},{"$f":"IF(C210=0,\"\",VLOOKUP(C210,BNCDADOS!$A:$G,5,0))","v":1198.08},69788.160000000003,{"$f":"IF(C210=0,\"\",VLOOKUP(C210,BNCDADOS!$A:$G,6,0))","v":940.61000000000013},{"$f":"IF(C210=0,\"\",VLOOKUP(C210,BNCDADOS!$A:$G,7,0))","v":1222.4100000000001},71205.38,{"$f":"SUMIF('MC - TRECHO 01'!A:A,Orçamento!A210,'MC - TRECHO 01'!R:R)","v":58.25},{"$f":"SUMIF(#REF!,Orçamento!A210,#REF!)","v":{"$error":"#REF!"}}]
["2.3.4.11",{"$f":"IF(C211=0,\"\",VLOOKUP(C211,BNCDADOS!$A:$H,8,0))","v":0},"COMP 20",{"$f":"IF(C211=0,\"\",VLOOKUP(C211,BNCDADOS!$A:$G,2,0))","v":"CONCRETAGEM DE ESTRUTURAS, FCK = 40 MPA, COM USO DE BOMBA EM EDIFICAÇÕES DIVERSAS - LANÇAMENTO, ADENSAMENTO E ACABAMENTO"},{"$f":"IF(C211=0,\"\",VLOOKUP(C211,BNCDADOS!$A:$G,3,0))","v":"M3    "},260.43,{"$f":"IF(C211=0,\"\",VLOOKUP(C211,BNCDADOS!$A:$G,4,0))","v":852.28},{"$f":"IF(C211=0,\"\",VLOOKUP(C211,BNCDADOS!$A:$G,5,0))","v":1054.18},274540.09000000003,{"$f":"IF(C211=0,\"\",VLOOKUP(C211,BNCDADOS!$A:$G,6,0))","v":837.56},{"$f":"IF(C211=0,\"\",VLOOKUP(C211,BNCDADOS!$A:$G,7,0))","v":1088.49},283475.45,{"$f":"SUMIF('MC - TRECHO 01'!A:A,Orçamento!A211,'MC - TRECHO 01'!R:R)","v":260.43},{"$f":"SUMIF(#REF!,Orçamento!A211,#REF!)","v":{"$error":"#REF!"}}]
["2.3.5",{"$f":"IF(C212=0,\"\",VLOOKUP(C212,[142]BNCDADOS!$A:$G,8,0))","v":""},null,"ALVENARIA E REVESTIMENTOS",{"$f":"IF(C212=0,\"\",VLOOKUP(C212,[142]BNCDADOS!$A:$G,3,0))","v":""},{"$f":"TRUNC(M212,2)","v":0},{"$f":"IF(C212=0,\"\",VLOOKUP(C212,[142]BNCDADOS!$A:$G,4,0))","v":""},{"$f":"IF(C212=0,\"\",VLOOKUP(C212,[142]BNCDADOS!$A:$G,5,0))","v":""},{"$f":"SUM(I213:I219)","v":209511.64},{"$f":"IF(C212=0,\"\",VLOOKUP(C212,[142]BNCDADOS!$A:$G,6,0))","v":""},{"$f":"IF(C212=0,\"\",VLOOKUP(C212,[142]BNCDADOS!$A:$G,7,0))","v":""},{"$f":"SUM(L213:L219)","v":210102.77999999997},0,{"$f":"SUMIF(#REF!,Orçamento!A212,#REF!)","v":{"$error":"#REF!"}}]
["2.3.5.1",{"$f":"IF(C213=0,\"\",VLOOKUP(C213,BNCDADOS!$A:$H,8,0))","v":"SINAPI/RN\nSERVIÇO"},103338,{"$f":"IF(C213=0,\"\",VLOOKUP(C213,BNCDADOS!$A:$G,2,0))","v":"ALVENARIA DE VEDAÇÃO DE BLOCOS  VAZADOS DE CONCRETO APARENTE DE 14X19X39 CM (ESPESSURA 14 CM) E ARGAMASSA DE ASSENTAMENTO COM PREPARO EM BETONEIRA. AF_12/2021"},{"$f":"IF(C213=0,\"\",VLOOKUP(C213,BNCDADOS!$A:$G,3,0))","v":"M2"},{"$f":"TRUNC(M213,2)","v":1378.46},{"$f":"IF(C213=0,\"\",VLOOKUP(C213,BNCDADOS!$A:$G,4,0))","v":"111,81"},{"$f":"IF(C213=0,\"\",VLOOKUP(C213,BNCDADOS!$A:$G,5,0))","v":138.29},{"$f":"IF(H213=\"\",0,TRUNC(H213*F213,2))","v":190627.23},{"$f":"IF(C213=0,\"\",VLOOKUP(C213,BNCDADOS!$A:$G,6,0))","v":"106,87"},{"$f":"IF(C213=0,\"\",VLOOKUP(C213,BNCDADOS!$A:$G,7,0))","v":138.88},{"$f":"IF(K213=\"\",0,TRUNC(K213*F213,2))","v":191440.52},{"$f":"SUMIF('MC - TRECHO 01'!A:A,Orçamento!A213,'MC - TRECHO 01'!R:R)","v":1378.4599999999996},{"$f":"SUMIF(#REF!,Orçamento!A213,#REF!)","v":{"$error":"#REF!"}}]
["2.3.5.2",{"$f":"IF(C214=0,\"\",VLOOKUP(C214,BNCDADOS!$A:$H,8,0))","v":"SINAPI/RN\nSERVIÇO"},101161,{"$f":"IF(C214=0,\"\",VLOOKUP(C214,BNCDADOS!$A:$G,2,0))","v":"ALVENARIA DE VEDAÇÃO COM ELEMENTO VAZADO DE CONCRETO (COBOGÓ) DE 7X50X50CM E ARGAMASSA DE ASSENTAMENTO COM PREPARO EM BETONEIRA. AF_05/2020"},{"$f":"IF(C214=0,\"\",VLOOKUP(C214,BNCDADOS!$A:$G,3,0))","v":"M2"},5.5,{"$f":"IF(C214=0,\"\",VLOOKUP(C214,BNCDADOS!$A:$G,4,0))","v":"233,42"},{"$f":"IF(C214=0,\"\",VLOOKUP(C214,BNCDADOS!$A:$G,5,0))","v":288.70999999999998},1587.9,{"$f":"IF(C214=0,\"\",VLOOKUP(C214,BNCDADOS!$A:$G,6,0))","v":"225,72"},{"$f":"IF(C214=0,\"\",VLOOKUP(C214,BNCDADOS!$A:$G,7,0))","v":293.33999999999997},1613.37,{"$f":"SUMIF('MC - TRECHO 01'!A:A,Orçamento!A214,'MC - TRECHO 01'!R:R)","v":5.5},{"$f":"SUMIF(#REF!,Orçamento!A214,#REF!)","v":{"$error":"#REF!"}}]
["2.3.5.3",{"$f":"IF(C215=0,\"\",VLOOKUP(C215,BNCDADOS!$A:$H,8,0))","v":"SINAPI/RN\nSERVIÇO"},93189,{"$f":"IF(C215=0,\"\",VLOOKUP(C215,BNCDADOS!$A:$G,2,0))","v":"VERGA MOLDADA IN LOCO EM CONCRETO PARA PORTAS COM MAIS DE 1,5 M DE VÃO. AF_03/2016"},{"$f":"IF(C215=0,\"\",VLOOKUP(C215,BNCDADOS!$A:$G,3,0))","v":"M"},9.9,{"$f":"IF(C215=0,\"\",VLOOKUP(C215,BNCDADOS!$A:$G,4,0))","v":119.84},{"$f":"IF(C215=0,\"\",VLOOKUP(C215,BNCDADOS!$A:$G,5,0))","v":148.22999999999999},1467.47,{"$f":"IF(C215=0,\"\",VLOOKUP(C215,BNCDADOS!$A:$G,6,0))","v":117.08},{"$f":"IF(C215=0,\"\",VLOOKUP(C215,BNCDADOS!$A:$G,7,0))","v":152.15},1506.28,{"$f":"SUMIF('MC - TRECHO 01'!A:A,Orçamento!A215,'MC - TRECHO 01'!R:R)","v":9.8999999999999986},{"$f":"SUMIF(#REF!,Orçamento!A215,#REF!)","v":{"$error":"#REF!"}}]
["2.3.5.4",{"$f":"IF(C216=0,\"\",VLOOKUP(C216,BNCDADOS!$A:$H,8,0))","v":"SINAPI/RN\nSERVIÇO"},93187,{"$f":"IF(C216=0,\"\",VLOOKUP(C216,BNCDADOS!$A:$G,2,0))","v":"VERGA MOLDADA IN LOCO EM CONCRETO, ESPESSURA DE *20* CM. AF_03/2024"},{"$f":"IF(C216=0,\"\",VLOOKUP(C216,BNCDADOS!$A:$G,3,0))","v":"M"},10.5,{"$f":"IF(C216=0,\"\",VLOOKUP(C216,BNCDADOS!$A:$G,4,0))","v":"78,39"},{"$f":"IF(C216=0,\"\",VLOOKUP(C216,BNCDADOS!$A:$G,5,0))","v":96.96},1018.08,{"$f":"IF(C216=0,\"\",VLOOKUP(C216,BNCDADOS!$A:$G,6,0))","v":"75,28"},{"$f":"IF(C216=0,\"\",VLOOKUP(C216,BNCDADOS!$A:$G,7,0))","v":97.83},1027.21,{"$f":"SUMIF('MC - TRECHO 01'!A:A,Orçamento!A216,'MC - TRECHO 01'!R:R)","v":10.5},{"$f":"SUMIF(#REF!,Orçamento!A216,#REF!)","v":{"$error":"#REF!"}}]
["2.3.5.5",{"$f":"IF(C217=0,\"\",VLOOKUP(C217,BNCDADOS!$A:$H,8,0))","v":"SINAPI/RN\nSERVIÇO"},93197,{"$f":"IF(C217=0,\"\",VLOOKUP(C217,BNCDADOS!$A:$G,2,0))","v":"CONTRAVERGA MOLDADA IN LOCO EM CONCRETO, ESPESSURA DE *20* CM. AF_03/2024"},{"$f":"IF(C217=0,\"\",VLOOKUP(C217,BNCDADOS!$A:$G,3,0))","v":"M"},10.5,{"$f":"IF(C217=0,\"\",VLOOKUP(C217,BNCDADOS!$A:$G,4,0))","v":"57,72"},{"$f":"IF(C217=0,\"\",VLOOKUP(C217,BNCDADOS!$A:$G,5,0))","v":71.39},749.59,{"$f":"IF(C217=0,\"\",VLOOKUP(C217,BNCDADOS!$A:$G,6,0))","v":"55,77"},{"$f":"IF(C217=0,\"\",VLOOKUP(C217,BNCDADOS!$A:$G,7,0))","v":72.47},760.93,{"$f":"SUMIF('MC - TRECHO 01'!A:A,Orçamento!A217,'MC - TRECHO 01'!R:R)","v":10.5},{"$f":"SUMIF(#REF!,Orçamento!A217,#REF!)","v":{"$error":"#REF!"}}]
["2.3.5.6",{"$f":"IF(C218=0,\"\",VLOOKUP(C218,BNCDADOS!$A:$H,8,0))","v":"SINAPI/RN\nSERVIÇO"},87879,{"$f":"IF(C218=0,\"\",VLOOKUP(C218,BNCDADOS!$A:$G,2,0))","v":"CHAPISCO APLICADO EM ALVENARIAS E ESTRUTURAS DE CONCRETO INTERNAS, COM COLHER DE PEDREIRO.  ARGAMASSA TRAÇO 1:3 COM PREPARO EM BETONEIRA 400L. AF_10/2022"},{"$f":"IF(C218=0,\"\",VLOOKUP(C218,BNCDADOS!$A:$G,3,0))","v":"M2"},2756.92,{"$f":"IF(C218=0,\"\",VLOOKUP(C218,BNCDADOS!$A:$G,4,0))","v":"4,06"},{"$f":"IF(C218=0,\"\",VLOOKUP(C218,BNCDADOS!$A:$G,5,0))","v":5.0199999999999996},13839.73,{"$f":"IF(C218=0,\"\",VLOOKUP(C218,BNCDADOS!$A:$G,6,0))","v":"3,78"},{"$f":"IF(C218=0,\"\",VLOOKUP(C218,BNCDADOS!$A:$G,7,0))","v":4.91},13536.47,{"$f":"SUMIF('MC - TRECHO 01'!A:A,Orçamento!A218,'MC - TRECHO 01'!R:R)","v":2756.9199999999992},{"$f":"SUMIF(#REF!,Orçamento!A218,#REF!)","v":{"$error":"#REF!"}}]
["2.3.5.7",{"$f":"IF(C219=0,\"\",VLOOKUP(C219,BNCDADOS!$A:$H,8,0))","v":"SINAPI/RN\nSERVIÇO"},89173,{"$f":"IF(C219=0,\"\",VLOOKUP(C219,BNCDADOS!$A:$G,2,0))","v":"(COMPOSIÇÃO REPRESENTATIVA) DO SERVIÇO DE EMBOÇO/MASSA ÚNICA, APLICADO MANUALMENTE, TRAÇO 1:2:8, EM BETONEIRA DE 400L, PAREDES INTERNAS, COM EXECUÇÃO DE TALISCAS, EDIFICAÇÃO HABITACIONAL UNIFAMILIAR (CASAS) E EDIFICAÇÃO PÚBLICA PADRÃO. AF_12/2014"},{"$f":"IF(C219=0,\"\",VLOOKUP(C219,BNCDADOS!$A:$G,3,0))","v":"m²"},5.6,{"$f":"IF(C219=0,\"\",VLOOKUP(C219,BNCDADOS!$A:$G,4,0))","v":32},{"$f":"IF(C219=0,\"\",VLOOKUP(C219,BNCDADOS!$A:$G,5,0))","v":39.58},221.64,{"$f":"IF(C219=0,\"\",VLOOKUP(C219,BNCDADOS!$A:$G,6,0))","v":29.96},{"$f":"IF(C219=0,\"\",VLOOKUP(C219,BNCDADOS!$A:$G,7,0))","v":38.93},218,{"$f":"SUMIF('MC - TRECHO 01'!A:A,Orçamento!A219,'MC - TRECHO 01'!R:R)","v":5.6},{"$f":"SUMIF(#REF!,Orçamento!A219,#REF!)","v":{"$error":"#REF!"}}]
["2.3.6",{"$f":"IF(C220=0,\"\",VLOOKUP(C220,[142]BNCDADOS!$A:$G,8,0))","v":""},null,"COBERTURA",{"$f":"IF(C220=0,\"\",VLOOKUP(C220,[142]BNCDADOS!$A:$G,3,0))","v":""},{"$f":"TRUNC(M220,2)","v":0},{"$f":"IF(C220=0,\"\",VLOOKUP(C220,[142]BNCDADOS!$A:$G,4,0))","v":""},{"$f":"IF(C220=0,\"\",VLOOKUP(C220,[142]BNCDADOS!$A:$G,5,0))","v":""},{"$f":"SUM(I221:I222)","v":25970.92},{"$f":"IF(C220=0,\"\",VLOOKUP(C220,[142]BNCDADOS!$A:$G,6,0))","v":""},{"$f":"IF(C220=0,\"\",VLOOKUP(C220,[142]BNCDADOS!$A:$G,7,0))","v":""},{"$f":"SUM(L221:L222)","v":27115.279999999999},0,{"$f":"SUMIF(#REF!,Orçamento!A220,#REF!)","v":{"$error":"#REF!"}}]
["2.3.6.1",{"$f":"IF(C221=0,\"\",VLOOKUP(C221,BNCDADOS!$A:$H,8,0))","v":"SINAPI/RN\nSERVIÇO"},92544,{"$f":"IF(C221=0,\"\",VLOOKUP(C221,BNCDADOS!$A:$G,2,0))","v":"TRAMA DE MADEIRA COMPOSTA POR TERÇAS PARA TELHADOS DE ATÉ 2 ÁGUAS PARA TELHA ESTRUTURAL DE FIBROCIMENTO, INCLUSO TRANSPORTE VERTICAL. AF_07/2019"},{"$f":"IF(C221=0,\"\",VLOOKUP(C221,BNCDADOS!$A:$G,3,0))","v":"M2"},{"$f":"TRUNC(M221,2)","v":120.84},{"$f":"IF(C221=0,\"\",VLOOKUP(C221,BNCDADOS!$A:$G,4,0))","v":"20,78"},{"$f":"IF(C221=0,\"\",VLOOKUP(C221,BNCDADOS!$A:$G,5,0))","v":25.7},{"$f":"IF(H221=\"\",0,TRUNC(H221*F221,2))","v":3105.58},{"$f":"IF(C221=0,\"\",VLOOKUP(C221,BNCDADOS!$A:$G,6,0))","v":"20,39"},{"$f":"IF(C221=0,\"\",VLOOKUP(C221,BNCDADOS!$A:$G,7,0))","v":26.49},{"$f":"IF(K221=\"\",0,TRUNC(K221*F221,2))","v":3201.05},{"$f":"SUMIF('MC - TRECHO 01'!A:A,Orçamento!A221,'MC - TRECHO 01'!R:R)","v":120.845},{"$f":"SUMIF(#REF!,Orçamento!A221,#REF!)","v":{"$error":"#REF!"}}]
["2.3.6.2",{"$f":"IF(C222=0,\"\",VLOOKUP(C222,BNCDADOS!$A:$H,8,0))","v":"SINAPI/RN\nSERVIÇO"},94218,{"$f":"IF(C222=0,\"\",VLOOKUP(C222,BNCDADOS!$A:$G,2,0))","v":"TELHAMENTO COM TELHA ESTRUTURAL DE FIBROCIMENTO E= 8 MM, COM ATÉ 2 ÁGUAS, INCLUSO IÇAMENTO. AF_07/2019_PS"},{"$f":"IF(C222=0,\"\",VLOOKUP(C222,BNCDADOS!$A:$G,3,0))","v":"M2"},120.84,{"$f":"IF(C222=0,\"\",VLOOKUP(C222,BNCDADOS!$A:$G,4,0))","v":"152,98"},{"$f":"IF(C222=0,\"\",VLOOKUP(C222,BNCDADOS!$A:$G,5,0))","v":189.22},22865.34,{"$f":"IF(C222=0,\"\",VLOOKUP(C222,BNCDADOS!$A:$G,6,0))","v":"152,28"},{"$f":"IF(C222=0,\"\",VLOOKUP(C222,BNCDADOS!$A:$G,7,0))","v":197.9},23914.23,{"$f":"SUMIF('MC - TRECHO 01'!A:A,Orçamento!A222,'MC - TRECHO 01'!R:R)","v":120.845},{"$f":"SUMIF(#REF!,Orçamento!A222,#REF!)","v":{"$error":"#REF!"}}]
["2.3.7",{"$f":"IF(C223=0,\"\",VLOOKUP(C223,[142]BNCDADOS!$A:$G,8,0))","v":""},null,"ESQUADRIAS",{"$f":"IF(C223=0,\"\",VLOOKUP(C223,[142]BNCDADOS!$A:$G,3,0))","v":""},{"$f":"TRUNC(M223,2)","v":0},{"$f":"IF(C223=0,\"\",VLOOKUP(C223,[142]BNCDADOS!$A:$G,4,0))","v":""},{"$f":"IF(C223=0,\"\",VLOOKUP(C223,[142]BNCDADOS!$A:$G,5,0))","v":""},{"$f":"SUM(I224:I226)","v":21545.3},{"$f":"IF(C223=0,\"\",VLOOKUP(C223,[142]BNCDADOS!$A:$G,6,0))","v":""},{"$f":"IF(C223=0,\"\",VLOOKUP(C223,[142]BNCDADOS!$A:$G,7,0))","v":""},{"$f":"SUM(L224:L226)","v":22402.14},0,{"$f":"SUMIF(#REF!,Orçamento!A223,#REF!)","v":{"$error":"#REF!"}}]
["2.3.7.1",{"$f":"IF(C224=0,\"\",VLOOKUP(C224,BNCDADOS!$A:$H,8,0))","v":0},"COMP 21",{"$f":"IF(C224=0,\"\",VLOOKUP(C224,BNCDADOS!$A:$G,2,0))","v":"PORTAO DE CORRER EM GRADIL FIXO DE BARRA DE FERRO CHATA DE 3 X 1/4\" NA VERTICAL, SEM REQUADRO, ACABAMENTO NATURAL, COM TRILHOS E ROLDANAS                                                                                                                                                                                                                                                                                                                                                                 "},{"$f":"IF(C224=0,\"\",VLOOKUP(C224,BNCDADOS!$A:$G,3,0))","v":"M2"},12.4,{"$f":"IF(C224=0,\"\",VLOOKUP(C224,BNCDADOS!$A:$G,4,0))","v":703.96},{"$f":"IF(C224=0,\"\",VLOOKUP(C224,BNCDADOS!$A:$G,5,0))","v":870.72},{"$f":"IF(H224=\"\",0,TRUNC(H224*F224,2))","v":10796.92},{"$f":"IF(C224=0,\"\",VLOOKUP(C224,BNCDADOS!$A:$G,6,0))","v":696.5},{"$f":"IF(C224=0,\"\",VLOOKUP(C224,BNCDADOS!$A:$G,7,0))","v":905.17},{"$f":"IF(K224=\"\",0,TRUNC(K224*F224,2))","v":11224.1},{"$f":"SUMIF('MC - TRECHO 01'!A:A,Orçamento!A224,'MC - TRECHO 01'!R:R)","v":12.4},{"$f":"SUMIF(#REF!,Orçamento!A224,#REF!)","v":{"$error":"#REF!"}}]
["2.3.7.2",{"$f":"IF(C225=0,\"\",VLOOKUP(C225,BNCDADOS!$A:$H,8,0))","v":"SINAPI/RN\nSERVIÇO"},100701,{"$f":"IF(C225=0,\"\",VLOOKUP(C225,BNCDADOS!$A:$G,2,0))","v":"PORTA DE FERRO, DE ABRIR, TIPO GRADE COM CHAPA, COM GUARNIÇÕES. AF_12/2019"},{"$f":"IF(C225=0,\"\",VLOOKUP(C225,BNCDADOS!$A:$G,3,0))","v":"M2"},9.8699999999999992,{"$f":"IF(C225=0,\"\",VLOOKUP(C225,BNCDADOS!$A:$G,4,0))","v":"561,07"},{"$f":"IF(C225=0,\"\",VLOOKUP(C225,BNCDADOS!$A:$G,5,0))","v":693.98},6849.58,{"$f":"IF(C225=0,\"\",VLOOKUP(C225,BNCDADOS!$A:$G,6,0))","v":"559,17"},{"$f":"IF(C225=0,\"\",VLOOKUP(C225,BNCDADOS!$A:$G,7,0))","v":726.69},7172.43,{"$f":"SUMIF('MC - TRECHO 01'!A:A,Orçamento!A225,'MC - TRECHO 01'!R:R)","v":9.870000000000001},{"$f":"SUMIF(#REF!,Orçamento!A225,#REF!)","v":{"$error":"#REF!"}}]
["2.3.7.3",{"$f":"IF(C226=0,\"\",VLOOKUP(C226,BNCDADOS!$A:$H,8,0))","v":0},"COMP 30",{"$f":"IF(C226=0,\"\",VLOOKUP(C226,BNCDADOS!$A:$G,2,0))","v":"TELA DE PROTEÇÃO COM 1 PORTA COM ARMAÇÃO DE CANTONEIRAS E TELA DE ARAME, GALVANIZADO Nº12 BWG E MALHA DE 50mmx50mm COM TRATAMENTO ANTI-CORROSIVO."},{"$f":"IF(C226=0,\"\",VLOOKUP(C226,BNCDADOS!$A:$G,3,0))","v":"M2"},10.8,{"$f":"IF(C226=0,\"\",VLOOKUP(C226,BNCDADOS!$A:$G,4,0))","v":291.86},{"$f":"IF(C226=0,\"\",VLOOKUP(C226,BNCDADOS!$A:$G,5,0))","v":361},3898.8,{"$f":"IF(C226=0,\"\",VLOOKUP(C226,BNCDADOS!$A:$G,6,0))","v":285.39},{"$f":"IF(C226=0,\"\",VLOOKUP(C226,BNCDADOS!$A:$G,7,0))","v":370.89},4005.61,{"$f":"SUMIF('MC - TRECHO 01'!A:A,Orçamento!A226,'MC - TRECHO 01'!R:R)","v":10.8},{"$f":"SUMIF(#REF!,Orçamento!A226,#REF!)","v":{"$error":"#REF!"}}]
["2.3.8",{"$f":"IF(C227=0,\"\",VLOOKUP(C227,[142]BNCDADOS!$A:$G,8,0))","v":""},null,"PINTURA",{"$f":"IF(C227=0,\"\",VLOOKUP(C227,[142]BNCDADOS!$A:$G,3,0))","v":""},0,{"$f":"IF(C227=0,\"\",VLOOKUP(C227,[142]BNCDADOS!$A:$G,4,0))","v":""},{"$f":"IF(C227=0,\"\",VLOOKUP(C227,[142]BNCDADOS!$A:$G,5,0))","v":""},{"$f":"SUM(I228:I232)","v":7860.48},{"$f":"IF(C227=0,\"\",VLOOKUP(C227,[142]BNCDADOS!$A:$G,6,0))","v":""},{"$f":"IF(C227=0,\"\",VLOOKUP(C227,[142]BNCDADOS!$A:$G,7,0))","v":""},{"$f":"SUM(L228:L232)","v":7681.65},0,{"$f":"SUMIF(#REF!,Orçamento!A227,#REF!)","v":{"$error":"#REF!"}}]
["2.3.8.1",{"$f":"IF(C228=0,\"\",VLOOKUP(C228,BNCDADOS!$A:$H,8,0))","v":"SINAPI/RN\nSERVIÇO"},88485,{"$f":"IF(C228=0,\"\",VLOOKUP(C228,BNCDADOS!$A:$G,2,0))","v":"FUNDO SELADOR ACRÍLICO, APLICAÇÃO MANUAL EM PAREDE, UMA DEMÃO. AF_04/2023"},{"$f":"IF(C228=0,\"\",VLOOKUP(C228,BNCDADOS!$A:$G,3,0))","v":"M2"},189.46,{"$f":"IF(C228=0,\"\",VLOOKUP(C228,BNCDADOS!$A:$G,4,0))","v":"3,30"},{"$f":"IF(C228=0,\"\",VLOOKUP(C228,BNCDADOS!$A:$G,5,0))","v":4.08},{"$f":"IF(H228=\"\",0,TRUNC(H228*F228,2))","v":772.99},{"$f":"IF(C228=0,\"\",VLOOKUP(C228,BNCDADOS!$A:$G,6,0))","v":"3,06"},{"$f":"IF(C228=0,\"\",VLOOKUP(C228,BNCDADOS!$A:$G,7,0))","v":3.97},{"$f":"IF(K228=\"\",0,TRUNC(K228*F228,2))","v":752.15},{"$f":"SUMIF('MC - TRECHO 01'!A:A,Orçamento!A228,'MC - TRECHO 01'!R:R)","v":189.45999999999998},{"$f":"SUMIF(#REF!,Orçamento!A228,#REF!)","v":{"$error":"#REF!"}}]
["2.3.8.2",{"$f":"IF(C229=0,\"\",VLOOKUP(C229,BNCDADOS!$A:$H,8,0))","v":"SINAPI/RN\nSERVIÇO"},104642,{"$f":"IF(C229=0,\"\",VLOOKUP(C229,BNCDADOS!$A:$G,2,0))","v":"PINTURA LÁTEX ACRÍLICA STANDARD, APLICAÇÃO MANUAL EM PAREDES, DUAS DEMÃOS. AF_04/2023"},{"$f":"IF(C229=0,\"\",VLOOKUP(C229,BNCDADOS!$A:$G,3,0))","v":"M2"},189.46,{"$f":"IF(C229=0,\"\",VLOOKUP(C229,BNCDADOS!$A:$G,4,0))","v":"10,29"},{"$f":"IF(C229=0,\"\",VLOOKUP(C229,BNCDADOS!$A:$G,5,0))","v":12.72},2409.9299999999998,{"$f":"IF(C229=0,\"\",VLOOKUP(C229,BNCDADOS!$A:$G,6,0))","v":"9,70"},{"$f":"IF(C229=0,\"\",VLOOKUP(C229,BNCDADOS!$A:$G,7,0))","v":12.6},2387.19,{"$f":"SUMIF('MC - TRECHO 01'!A:A,Orçamento!A229,'MC - TRECHO 01'!R:R)","v":189.45999999999998},{"$f":"SUMIF(#REF!,Orçamento!A229,#REF!)","v":{"$error":"#REF!"}}]
["2.3.8.3",{"$f":"IF(C230=0,\"\",VLOOKUP(C230,BNCDADOS!$A:$H,8,0))","v":"SINAPI/RN\nSERVIÇO"},100720,{"$f":"IF(C230=0,\"\",VLOOKUP(C230,BNCDADOS!$A:$G,2,0))","v":"PINTURA COM TINTA ALQUÍDICA DE FUNDO (TIPO ZARCÃO) APLICADA A ROLO OU PINCEL SOBRE PERFIL METÁLICO EXECUTADO EM FÁBRICA (POR DEMÃO). AF_01/2020"},{"$f":"IF(C230=0,\"\",VLOOKUP(C230,BNCDADOS!$A:$G,3,0))","v":"M2"},44.54,{"$f":"IF(C230=0,\"\",VLOOKUP(C230,BNCDADOS!$A:$G,4,0))","v":"10,27"},{"$f":"IF(C230=0,\"\",VLOOKUP(C230,BNCDADOS!$A:$G,5,0))","v":12.7},565.65,{"$f":"IF(C230=0,\"\",VLOOKUP(C230,BNCDADOS!$A:$G,6,0))","v":"9,65"},{"$f":"IF(C230=0,\"\",VLOOKUP(C230,BNCDADOS!$A:$G,7,0))","v":12.54},558.53,{"$f":"SUMIF('MC - TRECHO 01'!A:A,Orçamento!A230,'MC - TRECHO 01'!R:R)","v":44.540000000000006},{"$f":"SUMIF(#REF!,Orçamento!A230,#REF!)","v":{"$error":"#REF!"}}]
["2.3.8.4",{"$f":"IF(C231=0,\"\",VLOOKUP(C231,BNCDADOS!$A:$H,8,0))","v":"SINAPI/RN\nSERVIÇO"},100758,{"$f":"IF(C231=0,\"\",VLOOKUP(C231,BNCDADOS!$A:$G,2,0))","v":"PINTURA COM TINTA ALQUÍDICA DE ACABAMENTO (ESMALTE SINTÉTICO ACETINADO) APLICADA A ROLO OU PINCEL SOBRE SUPERFÍCIES METÁLICAS (EXCETO PERFIL) EXECUTADO EM OBRA (02 DEMÃOS). AF_01/2020"},{"$f":"IF(C231=0,\"\",VLOOKUP(C231,BNCDADOS!$A:$G,3,0))","v":"M2"},44.54,{"$f":"IF(C231=0,\"\",VLOOKUP(C231,BNCDADOS!$A:$G,4,0))","v":"48,50"},{"$f":"IF(C231=0,\"\",VLOOKUP(C231,BNCDADOS!$A:$G,5,0))","v":59.98},2671.5,{"$f":"IF(C231=0,\"\",VLOOKUP(C231,BNCDADOS!$A:$G,6,0))","v":"44,55"},{"$f":"IF(C231=0,\"\",VLOOKUP(C231,BNCDADOS!$A:$G,7,0))","v":57.89},2578.42,{"$f":"SUMIF('MC - TRECHO 01'!A:A,Orçamento!A231,'MC - TRECHO 01'!R:R)","v":44.540000000000006},{"$f":"SUMIF(#REF!,Orçamento!A231,#REF!)","v":{"$error":"#REF!"}}]
["2.3.8.5",{"$f":"IF(C232=0,\"\",VLOOKUP(C232,BNCDADOS!$A:$H,8,0))","v":"SINAPI/RN\nSERVIÇO"},102203,{"$f":"IF(C232=0,\"\",VLOOKUP(C232,BNCDADOS!$A:$G,2,0))","v":"PINTURA VERNIZ (INCOLOR) ALQUÍDICO EM MADEIRA, USO INTERNO E EXTERNO, 1 DEMÃO. AF_01/2021"},{"$f":"IF(C232=0,\"\",VLOOKUP(C232,BNCDADOS!$A:$G,3,0))","v":"M2"},120.84,{"$f":"IF(C232=0,\"\",VLOOKUP(C232,BNCDADOS!$A:$G,4,0))","v":"9,64"},{"$f":"IF(C232=0,\"\",VLOOKUP(C232,BNCDADOS!$A:$G,5,0))","v":11.92},1440.41,{"$f":"IF(C232=0,\"\",VLOOKUP(C232,BNCDADOS!$A:$G,6,0))","v":"8,95"},{"$f":"IF(C232=0,\"\",VLOOKUP(C232,BNCDADOS!$A:$G,7,0))","v":11.63},1405.36,{"$f":"SUMIF('MC - TRECHO 01'!A:A,Orçamento!A232,'MC - TRECHO 01'!R:R)","v":120.845},{"$f":"SUMIF(#REF!,Orçamento!A232,#REF!)","v":{"$error":"#REF!"}}]
["2.3.9",{"$f":"IF(C233=0,\"\",VLOOKUP(C233,[142]BNCDADOS!$A:$G,8,0))","v":""},null,"PAVIMENTAÇÃO",{"$f":"IF(C233=0,\"\",VLOOKUP(C233,[142]BNCDADOS!$A:$G,3,0))","v":""},0,{"$f":"IF(C233=0,\"\",VLOOKUP(C233,[142]BNCDADOS!$A:$G,4,0))","v":""},{"$f":"IF(C233=0,\"\",VLOOKUP(C233,[142]BNCDADOS!$A:$G,5,0))","v":""},{"$f":"SUM(I234:I235)","v":33546.660000000003},{"$f":"IF(C233=0,\"\",VLOOKUP(C233,[142]BNCDADOS!$A:$G,6,0))","v":""},{"$f":"IF(C233=0,\"\",VLOOKUP(C233,[142]BNCDADOS!$A:$G,7,0))","v":""},{"$f":"SUM(L234:L235)","v":34994.21},0,{"$f":"SUMIF(#REF!,Orçamento!A233,#REF!)","v":{"$error":"#REF!"}}]
["2.3.9.1",{"$f":"IF(C234=0,\"\",VLOOKUP(C234,BNCDADOS!$A:$H,8,0))","v":"SINAPI/RN\nSERVIÇO"},87680,{"$f":"IF(C234=0,\"\",VLOOKUP(C234,BNCDADOS!$A:$G,2,0))","v":"CONTRAPISO EM ARGAMASSA TRAÇO 1:4 (CIMENTO E AREIA), PREPARO MECÂNICO COM BETONEIRA 400 L, APLICADO EM ÁREAS SECAS SOBRE LAJE, NÃO ADERIDO, ACABAMENTO NÃO REFORÇADO, ESPESSURA 4CM. AF_07/2021"},{"$f":"IF(C234=0,\"\",VLOOKUP(C234,BNCDADOS!$A:$G,3,0))","v":"M2"},75.599999999999994,{"$f":"IF(C234=0,\"\",VLOOKUP(C234,BNCDADOS!$A:$G,4,0))","v":"38,50"},{"$f":"IF(C234=0,\"\",VLOOKUP(C234,BNCDADOS!$A:$G,5,0))","v":47.62},{"$f":"IF(H234=\"\",0,TRUNC(H234*F234,2))","v":3600.07},{"$f":"IF(C234=0,\"\",VLOOKUP(C234,BNCDADOS!$A:$G,6,0))","v":"36,87"},{"$f":"IF(C234=0,\"\",VLOOKUP(C234,BNCDADOS!$A:$G,7,0))","v":47.91},{"$f":"IF(K234=\"\",0,TRUNC(K234*F234,2))","v":3621.99},{"$f":"SUMIF('MC - TRECHO 01'!A:A,Orçamento!A234,'MC - TRECHO 01'!R:R)","v":75.599999999999994},{"$f":"SUMIF(#REF!,Orçamento!A234,#REF!)","v":{"$error":"#REF!"}}]
["2.3.9.2",{"$f":"IF(C235=0,\"\",VLOOKUP(C235,BNCDADOS!$A:$H,8,0))","v":0},"COMP 29",{"$f":"IF(C235=0,\"\",VLOOKUP(C235,BNCDADOS!$A:$G,2,0))","v":"PISO EMBORRACHADO COM NÍVEL DE ISOLAMENTO PARA 15KV - FORNECIMENTO E INSTALAÇÃO"},{"$f":"IF(C235=0,\"\",VLOOKUP(C235,BNCDADOS!$A:$G,3,0))","v":"M2"},41.6,{"$f":"IF(C235=0,\"\",VLOOKUP(C235,BNCDADOS!$A:$G,4,0))","v":582.00000000000011},{"$f":"IF(C235=0,\"\",VLOOKUP(C235,BNCDADOS!$A:$G,5,0))","v":719.87},29946.59,{"$f":"IF(C235=0,\"\",VLOOKUP(C235,BNCDADOS!$A:$G,6,0))","v":580.29000000000008},{"$f":"IF(C235=0,\"\",VLOOKUP(C235,BNCDADOS!$A:$G,7,0))","v":754.14},31372.22,{"$f":"SUMIF('MC - TRECHO 01'!A:A,Orçamento!A235,'MC - TRECHO 01'!R:R)","v":41.6},{"$f":"SUMIF(#REF!,Orçamento!A235,#REF!)","v":{"$error":"#REF!"}}]
["2.3.10",{"$f":"IF(C236=0,\"\",VLOOKUP(C236,[142]BNCDADOS!$A:$G,8,0))","v":""},null,"INSTALAÇÕES ELÉTRICAS",{"$f":"IF(C236=0,\"\",VLOOKUP(C236,[142]BNCDADOS!$A:$G,3,0))","v":""},0,{"$f":"IF(C236=0,\"\",VLOOKUP(C236,[142]BNCDADOS!$A:$G,4,0))","v":""},{"$f":"IF(C236=0,\"\",VLOOKUP(C236,[142]BNCDADOS!$A:$G,5,0))","v":""},{"$f":"SUM(I237:I249)","v":822224.24999999988},{"$f":"IF(C236=0,\"\",VLOOKUP(C236,[142]BNCDADOS!$A:$G,6,0))","v":""},{"$f":"IF(C236=0,\"\",VLOOKUP(C236,[142]BNCDADOS!$A:$G,7,0))","v":""},{"$f":"SUM(L237:L249)","v":851622.04},0,{"$f":"SUMIF(#REF!,Orçamento!A236,#REF!)","v":{"$error":"#REF!"}}]
["2.3.10.1",{"$f":"IF(C237=0,\"\",VLOOKUP(C237,BNCDADOS!$A:$H,8,0))","v":0},"COMP 27",{"$f":"IF(C237=0,\"\",VLOOKUP(C237,BNCDADOS!$A:$G,2,0))","v":"INSTALAÇÃO DE POSTE DE ENTRADA DE ENERGIA PARA SUBSTAÇÃO ABRIGADA, PROTEÇÃO GERAL, POSTES, CRUZETAS, E CAIXA DE PASSAGEM"},{"$f":"IF(C237=0,\"\",VLOOKUP(C237,BNCDADOS!$A:$G,3,0))","v":"UN"},1,{"$f":"IF(C237=0,\"\",VLOOKUP(C237,BNCDADOS!$A:$G,4,0))","v":14431.300000000001},{"$f":"IF(C237=0,\"\",VLOOKUP(C237,BNCDADOS!$A:$G,5,0))","v":17850.07},{"$f":"IF(H237=\"\",0,TRUNC(H237*F237,2))","v":17850.07},{"$f":"IF(C237=0,\"\",VLOOKUP(C237,BNCDADOS!$A:$G,6,0))","v":14205.919999999998},{"$f":"IF(C237=0,\"\",VLOOKUP(C237,BNCDADOS!$A:$G,7,0))","v":18462.009999999998},{"$f":"IF(K237=\"\",0,TRUNC(K237*F237,2))","v":18462.009999999998},{"$f":"SUMIF('MC - TRECHO 01'!A:A,Orçamento!A237,'MC - TRECHO 01'!R:R)","v":1},{"$f":"SUMIF(#REF!,Orçamento!A237,#REF!)","v":{"$error":"#REF!"}}]
["2.3.10.2",{"$f":"IF(C238=0,\"\",VLOOKUP(C238,BNCDADOS!$A:$H,8,0))","v":"SINAPI/RN\nSERVIÇO"},93000,{"$f":"IF(C238=0,\"\",VLOOKUP(C238,BNCDADOS!$A:$G,2,0))","v":"CABO DE COBRE FLEXÍVEL ISOLADO, 240 MM², ANTI-CHAMA 0,6/1,0 KV, PARA REDE ENTERRADA DE DISTRIBUIÇÃO DE ENERGIA ELÉTRICA - FORNECIMENTO E INSTALAÇÃO. AF_12/2021"},{"$f":"IF(C238=0,\"\",VLOOKUP(C238,BNCDADOS!$A:$G,3,0))","v":"M"},960,{"$f":"IF(C238=0,\"\",VLOOKUP(C238,BNCDADOS!$A:$G,4,0))","v":"293,85"},{"$f":"IF(C238=0,\"\",VLOOKUP(C238,BNCDADOS!$A:$G,5,0))","v":363.46},348921.59999999998,{"$f":"IF(C238=0,\"\",VLOOKUP(C238,BNCDADOS!$A:$G,6,0))","v":"292,50"},{"$f":"IF(C238=0,\"\",VLOOKUP(C238,BNCDADOS!$A:$G,7,0))","v":380.13},364924.8,{"$f":"SUMIF('MC - TRECHO 01'!A:A,Orçamento!A238,'MC - TRECHO 01'!R:R)","v":960},{"$f":"SUMIF(#REF!,Orçamento!A238,#REF!)","v":{"$error":"#REF!"}}]
["2.3.10.3",{"$f":"IF(C239=0,\"\",VLOOKUP(C239,BNCDADOS!$A:$H,8,0))","v":"SINAPI/RN\nSERVIÇO"},92998,{"$f":"IF(C239=0,\"\",VLOOKUP(C239,BNCDADOS!$A:$G,2,0))","v":"CABO DE COBRE FLEXÍVEL ISOLADO, 185 MM², ANTI-CHAMA 0,6/1,0 KV, PARA REDE ENTERRADA DE DISTRIBUIÇÃO DE ENERGIA ELÉTRICA - FORNECIMENTO E INSTALAÇÃO. AF_12/2021"},{"$f":"IF(C239=0,\"\",VLOOKUP(C239,BNCDADOS!$A:$G,3,0))","v":"M"},292.5,{"$f":"IF(C239=0,\"\",VLOOKUP(C239,BNCDADOS!$A:$G,4,0))","v":"221,82"},{"$f":"IF(C239=0,\"\",VLOOKUP(C239,BNCDADOS!$A:$G,5,0))","v":274.36},80250.3,{"$f":"IF(C239=0,\"\",VLOOKUP(C239,BNCDADOS!$A:$G,6,0))","v":"220,74"},{"$f":"IF(C239=0,\"\",VLOOKUP(C239,BNCDADOS!$A:$G,7,0))","v":286.87},83909.47,{"$f":"SUMIF('MC - TRECHO 01'!A:A,Orçamento!A239,'MC - TRECHO 01'!R:R)","v":292.5},{"$f":"SUMIF(#REF!,Orçamento!A239,#REF!)","v":{"$error":"#REF!"}}]
["2.3.10.4",{"$f":"IF(C240=0,\"\",VLOOKUP(C240,BNCDADOS!$A:$H,8,0))","v":"SINAPI/RN\nSERVIÇO"},92994,{"$f":"IF(C240=0,\"\",VLOOKUP(C240,BNCDADOS!$A:$G,2,0))","v":"CABO DE COBRE FLEXÍVEL ISOLADO, 120 MM², ANTI-CHAMA 0,6/1,0 KV, PARA REDE ENTERRADA DE DISTRIBUIÇÃO DE ENERGIA ELÉTRICA - FORNECIMENTO E INSTALAÇÃO. AF_12/2021"},{"$f":"IF(C240=0,\"\",VLOOKUP(C240,BNCDADOS!$A:$G,3,0))","v":"M"},1218,{"$f":"IF(C240=0,\"\",VLOOKUP(C240,BNCDADOS!$A:$G,4,0))","v":"149,52"},{"$f":"IF(C240=0,\"\",VLOOKUP(C240,BNCDADOS!$A:$G,5,0))","v":184.94},225256.92,{"$f":"IF(C240=0,\"\",VLOOKUP(C240,BNCDADOS!$A:$G,6,0))","v":"148,74"},{"$f":"IF(C240=0,\"\",VLOOKUP(C240,BNCDADOS!$A:$G,7,0))","v":193.3},235439.4,{"$f":"SUMIF('MC - TRECHO 01'!A:A,Orçamento!A240,'MC - TRECHO 01'!R:R)","v":1218},{"$f":"SUMIF(#REF!,Orçamento!A240,#REF!)","v":{"$error":"#REF!"}}]
["2.3.10.5",{"$f":"IF(C241=0,\"\",VLOOKUP(C241,BNCDADOS!$A:$H,8,0))","v":"SINAPI/RN\nSERVIÇO"},91931,{"$f":"IF(C241=0,\"\",VLOOKUP(C241,BNCDADOS!$A:$G,2,0))","v":"CABO DE COBRE FLEXÍVEL ISOLADO, 6 MM², ANTI-CHAMA 0,6/1,0 KV, PARA CIRCUITOS TERMINAIS - FORNECIMENTO E INSTALAÇÃO. AF_03/2023"},{"$f":"IF(C241=0,\"\",VLOOKUP(C241,BNCDADOS!$A:$G,3,0))","v":"M"},6,{"$f":"IF(C241=0,\"\",VLOOKUP(C241,BNCDADOS!$A:$G,4,0))","v":"11,29"},{"$f":"IF(C241=0,\"\",VLOOKUP(C241,BNCDADOS!$A:$G,5,0))","v":13.96},83.76,{"$f":"IF(C241=0,\"\",VLOOKUP(C241,BNCDADOS!$A:$G,6,0))","v":"11,02"},{"$f":"IF(C241=0,\"\",VLOOKUP(C241,BNCDADOS!$A:$G,7,0))","v":14.32},85.92,{"$f":"SUMIF('MC - TRECHO 01'!A:A,Orçamento!A241,'MC - TRECHO 01'!R:R)","v":6},{"$f":"SUMIF(#REF!,Orçamento!A241,#REF!)","v":{"$error":"#REF!"}}]
["2.3.10.6",{"$f":"IF(C242=0,\"\",VLOOKUP(C242,BNCDADOS!$A:$H,8,0))","v":"SINAPI/RN\nSERVIÇO"},91927,{"$f":"IF(C242=0,\"\",VLOOKUP(C242,BNCDADOS!$A:$G,2,0))","v":"CABO DE COBRE FLEXÍVEL ISOLADO, 2,5 MM², ANTI-CHAMA 0,6/1,0 KV, PARA CIRCUITOS TERMINAIS - FORNECIMENTO E INSTALAÇÃO. AF_03/2023"},{"$f":"IF(C242=0,\"\",VLOOKUP(C242,BNCDADOS!$A:$G,3,0))","v":"M"},878,{"$f":"IF(C242=0,\"\",VLOOKUP(C242,BNCDADOS!$A:$G,4,0))","v":"5,38"},{"$f":"IF(C242=0,\"\",VLOOKUP(C242,BNCDADOS!$A:$G,5,0))","v":6.65},5838.7,{"$f":"IF(C242=0,\"\",VLOOKUP(C242,BNCDADOS!$A:$G,6,0))","v":"5,22"},{"$f":"IF(C242=0,\"\",VLOOKUP(C242,BNCDADOS!$A:$G,7,0))","v":6.78},5952.84,{"$f":"SUMIF('MC - TRECHO 01'!A:A,Orçamento!A242,'MC - TRECHO 01'!R:R)","v":878},{"$f":"SUMIF(#REF!,Orçamento!A242,#REF!)","v":{"$error":"#REF!"}}]
["2.3.10.7",{"$f":"IF(C243=0,\"\",VLOOKUP(C243,BNCDADOS!$A:$H,8,0))","v":"SINAPI/RN\nSERVIÇO"},95728,{"$f":"IF(C243=0,\"\",VLOOKUP(C243,BNCDADOS!$A:$G,2,0))","v":"ELETRODUTO RÍGIDO SOLDÁVEL, PVC, DN 32 MM (1\u0094), APARENTE - FORNECIMENTO E INSTALAÇÃO. AF_10/2022_PA"},{"$f":"IF(C243=0,\"\",VLOOKUP(C243,BNCDADOS!$A:$G,3,0))","v":"M"},286.5,{"$f":"IF(C243=0,\"\",VLOOKUP(C243,BNCDADOS!$A:$G,4,0))","v":"23,88"},{"$f":"IF(C243=0,\"\",VLOOKUP(C243,BNCDADOS!$A:$G,5,0))","v":29.53},8460.34,{"$f":"IF(C243=0,\"\",VLOOKUP(C243,BNCDADOS!$A:$G,6,0))","v":"22,13"},{"$f":"IF(C243=0,\"\",VLOOKUP(C243,BNCDADOS!$A:$G,7,0))","v":28.76},8239.74,{"$f":"SUMIF('MC - TRECHO 01'!A:A,Orçamento!A243,'MC - TRECHO 01'!R:R)","v":286.5},{"$f":"SUMIF(#REF!,Orçamento!A243,#REF!)","v":{"$error":"#REF!"}}]
["2.3.10.8",{"$f":"IF(C244=0,\"\",VLOOKUP(C244,BNCDADOS!$A:$H,8,0))","v":"SINAPI/RN\nSERVIÇO"},93011,{"$f":"IF(C244=0,\"\",VLOOKUP(C244,BNCDADOS!$A:$G,2,0))","v":"ELETRODUTO RÍGIDO ROSCÁVEL, PVC, DN 85 MM (3\"), PARA REDE ENTERRADA DE DISTRIBUIÇÃO DE ENERGIA ELÉTRICA - FORNECIMENTO E INSTALAÇÃO. AF_12/2021"},{"$f":"IF(C244=0,\"\",VLOOKUP(C244,BNCDADOS!$A:$G,3,0))","v":"M"},60,{"$f":"IF(C244=0,\"\",VLOOKUP(C244,BNCDADOS!$A:$G,4,0))","v":"34,98"},{"$f":"IF(C244=0,\"\",VLOOKUP(C244,BNCDADOS!$A:$G,5,0))","v":43.26},2595.6,{"$f":"IF(C244=0,\"\",VLOOKUP(C244,BNCDADOS!$A:$G,6,0))","v":"34,06"},{"$f":"IF(C244=0,\"\",VLOOKUP(C244,BNCDADOS!$A:$G,7,0))","v":44.26},2655.6,{"$f":"SUMIF('MC - TRECHO 01'!A:A,Orçamento!A244,'MC - TRECHO 01'!R:R)","v":60},{"$f":"SUMIF(#REF!,Orçamento!A244,#REF!)","v":{"$error":"#REF!"}}]
["2.3.10.9",{"$f":"IF(C245=0,\"\",VLOOKUP(C245,BNCDADOS!$A:$H,8,0))","v":"SINAPI/RN\nSERVIÇO"},97882,{"$f":"IF(C245=0,\"\",VLOOKUP(C245,BNCDADOS!$A:$G,2,0))","v":"CAIXA ENTERRADA ELÉTRICA RETANGULAR, EM CONCRETO PRÉ-MOLDADO, FUNDO COM BRITA, DIMENSÕES INTERNAS: 0,4X0,4X0,4 M. AF_12/2020"},{"$f":"IF(C245=0,\"\",VLOOKUP(C245,BNCDADOS!$A:$G,3,0))","v":"UN"},39,{"$f":"IF(C245=0,\"\",VLOOKUP(C245,BNCDADOS!$A:$G,4,0))","v":"215,84"},{"$f":"IF(C245=0,\"\",VLOOKUP(C245,BNCDADOS!$A:$G,5,0))","v":266.97000000000003},10411.83,{"$f":"IF(C245=0,\"\",VLOOKUP(C245,BNCDADOS!$A:$G,6,0))","v":"212,07"},{"$f":"IF(C245=0,\"\",VLOOKUP(C245,BNCDADOS!$A:$G,7,0))","v":275.60000000000002},10748.4,{"$f":"SUMIF('MC - TRECHO 01'!A:A,Orçamento!A245,'MC - TRECHO 01'!R:R)","v":39},{"$f":"SUMIF(#REF!,Orçamento!A245,#REF!)","v":{"$error":"#REF!"}}]
["2.3.10.10",{"$f":"IF(C246=0,\"\",VLOOKUP(C246,BNCDADOS!$A:$H,8,0))","v":"caern"},2070407,{"$f":"IF(C246=0,\"\",VLOOKUP(C246,BNCDADOS!$A:$G,2,0))","v":"CONJUNTO ILUMINAÇÃO EXTERNA TIPO PÉTALA COM 01 REFLETOR LED DE 100 W E POSTE CIRCULAR DE 9M EM CONCRETO. INC_05/2020"},{"$f":"IF(C246=0,\"\",VLOOKUP(C246,BNCDADOS!$A:$G,3,0))","v":"UN "},1,{"$f":"IF(C246=0,\"\",VLOOKUP(C246,BNCDADOS!$A:$G,4,0))","v":2381.63},{"$f":"IF(C246=0,\"\",VLOOKUP(C246,BNCDADOS!$A:$G,5,0))","v":2945.83},2945.83,{"$f":"IF(C246=0,\"\",VLOOKUP(C246,BNCDADOS!$A:$G,6,0))","v":2346.0200000000004},{"$f":"IF(C246=0,\"\",VLOOKUP(C246,BNCDADOS!$A:$G,7,0))","v":3048.88},3048.88,{"$f":"SUMIF('MC - TRECHO 01'!A:A,Orçamento!A246,'MC - TRECHO 01'!R:R)","v":1},{"$f":"SUMIF(#REF!,Orçamento!A246,#REF!)","v":{"$error":"#REF!"}}]
["2.3.10.11",{"$f":"IF(C247=0,\"\",VLOOKUP(C247,BNCDADOS!$A:$H,8,0))","v":"caern"},2070408,{"$f":"IF(C247=0,\"\",VLOOKUP(C247,BNCDADOS!$A:$G,2,0))","v":"CONJUNTO ILUMINAÇÃO EXTERNA TIPO PÉTALA COM 02 REFLETORES LED DE 100 W E POSTE CIRCULAR DE 9M EM CONCRETO. INC_05/2020"},{"$f":"IF(C247=0,\"\",VLOOKUP(C247,BNCDADOS!$A:$G,3,0))","v":"UN "},10,{"$f":"IF(C247=0,\"\",VLOOKUP(C247,BNCDADOS!$A:$G,4,0))","v":2500.1600000000003},{"$f":"IF(C247=0,\"\",VLOOKUP(C247,BNCDADOS!$A:$G,5,0))","v":3092.44},30924.400000000001,{"$f":"IF(C247=0,\"\",VLOOKUP(C247,BNCDADOS!$A:$G,6,0))","v":2464.5500000000006},{"$f":"IF(C247=0,\"\",VLOOKUP(C247,BNCDADOS!$A:$G,7,0))","v":3202.92},32029.200000000001,{"$f":"SUMIF('MC - TRECHO 01'!A:A,Orçamento!A247,'MC - TRECHO 01'!R:R)","v":10},{"$f":"SUMIF(#REF!,Orçamento!A247,#REF!)","v":{"$error":"#REF!"}}]
["2.3.10.12",{"$f":"IF(C248=0,\"\",VLOOKUP(C248,BNCDADOS!$A:$H,8,0))","v":"caern"},2070410,{"$f":"IF(C248=0,\"\",VLOOKUP(C248,BNCDADOS!$A:$G,2,0))","v":"CONJUNTO ILUMINAÇÃO EXTERNA TIPO PÉTALA COM 04 REFLETORES LED DE 100 W E POSTE CIRCULAR DE 9M EM CONCRETO. INC_05/2020"},{"$f":"IF(C248=0,\"\",VLOOKUP(C248,BNCDADOS!$A:$G,3,0))","v":"UN "},4,{"$f":"IF(C248=0,\"\",VLOOKUP(C248,BNCDADOS!$A:$G,4,0))","v":2737.2200000000003},{"$f":"IF(C248=0,\"\",VLOOKUP(C248,BNCDADOS!$A:$G,5,0))","v":3385.66},13542.64,{"$f":"IF(C248=0,\"\",VLOOKUP(C248,BNCDADOS!$A:$G,6,0))","v":2701.6100000000006},{"$f":"IF(C248=0,\"\",VLOOKUP(C248,BNCDADOS!$A:$G,7,0))","v":3511.01},14044.04,{"$f":"SUMIF('MC - TRECHO 01'!A:A,Orçamento!A248,'MC - TRECHO 01'!R:R)","v":4},{"$f":"SUMIF(#REF!,Orçamento!A248,#REF!)","v":{"$error":"#REF!"}}]
["2.3.10.13",{"$f":"IF(C249=0,\"\",VLOOKUP(C249,BNCDADOS!$A:$H,8,0))","v":0},"COMP 33",{"$f":"IF(C249=0,\"\",VLOOKUP(C249,BNCDADOS!$A:$G,2,0))","v":"SERVIÇOS DE MONTAGEM E INSTALAÇÃO DA SUBSTAÇÃO ABRIGADA DA EEAT COM CARGA TOTAL DE 1000KVA"},{"$f":"IF(C249=0,\"\",VLOOKUP(C249,BNCDADOS!$A:$G,3,0))","v":"UN"},2,{"$f":"IF(C249=0,\"\",VLOOKUP(C249,BNCDADOS!$A:$G,4,0))","v":30375.239999999998},{"$f":"IF(C249=0,\"\",VLOOKUP(C249,BNCDADOS!$A:$G,5,0))","v":37571.129999999997},75142.259999999995,{"$f":"IF(C249=0,\"\",VLOOKUP(C249,BNCDADOS!$A:$G,6,0))","v":27732.28},{"$f":"IF(C249=0,\"\",VLOOKUP(C249,BNCDADOS!$A:$G,7,0))","v":36040.870000000003},72081.740000000005,{"$f":"SUMIF('MC - TRECHO 01'!A:A,Orçamento!A249,'MC - TRECHO 01'!R:R)","v":1},{"$f":"SUMIF(#REF!,Orçamento!A249,#REF!)","v":{"$error":"#REF!"}}]
["2.3.10.14",{"$f":"IF(C250=0,\"\",VLOOKUP(C250,BNCDADOS!$A:$H,8,0))","v":"SINAPI/RN\nSERVIÇO"},96977,{"$f":"IF(C250=0,\"\",VLOOKUP(C250,BNCDADOS!$A:$G,2,0))","v":"CORDOALHA DE COBRE NU 50 MM², ENTERRADA - FORNECIMENTO E INSTALAÇÃO. AF_08/2023"},{"$f":"IF(C250=0,\"\",VLOOKUP(C250,BNCDADOS!$A:$G,3,0))","v":"M"},32.200000000000003,{"$f":"IF(C250=0,\"\",VLOOKUP(C250,BNCDADOS!$A:$G,4,0))","v":"66,73"},{"$f":"IF(C250=0,\"\",VLOOKUP(C250,BNCDADOS!$A:$G,5,0))","v":82.53},2657.46,{"$f":"IF(C250=0,\"\",VLOOKUP(C250,BNCDADOS!$A:$G,6,0))","v":"66,56"},{"$f":"IF(C250=0,\"\",VLOOKUP(C250,BNCDADOS!$A:$G,7,0))","v":86.5},2785.3,{"$f":"SUMIF('MC - TRECHO 01'!A:A,Orçamento!A250,'MC - TRECHO 01'!R:R)","v":32.200000000000003},{"$f":"SUMIF(#REF!,Orçamento!A250,#REF!)","v":{"$error":"#REF!"}}]
["2.3.10.15",{"$f":"IF(C251=0,\"\",VLOOKUP(C251,BNCDADOS!$A:$H,8,0))","v":"SINAPI/RN\nSERVIÇO"},96986,{"$f":"IF(C251=0,\"\",VLOOKUP(C251,BNCDADOS!$A:$G,2,0))","v":"HASTE DE ATERRAMENTO, DIÂMETRO 3/4\", COM 3 METROS - FORNECIMENTO E INSTALAÇÃO. AF_08/2023"},{"$f":"IF(C251=0,\"\",VLOOKUP(C251,BNCDADOS!$A:$G,3,0))","v":"UN"},6,{"$f":"IF(C251=0,\"\",VLOOKUP(C251,BNCDADOS!$A:$G,4,0))","v":"152,63"},{"$f":"IF(C251=0,\"\",VLOOKUP(C251,BNCDADOS!$A:$G,5,0))","v":188.78},1132.68,{"$f":"IF(C251=0,\"\",VLOOKUP(C251,BNCDADOS!$A:$G,6,0))","v":"150,55"},{"$f":"IF(C251=0,\"\",VLOOKUP(C251,BNCDADOS!$A:$G,7,0))","v":195.65},1173.9000000000001,{"$f":"SUMIF('MC - TRECHO 01'!A:A,Orçamento!A251,'MC - TRECHO 01'!R:R)","v":6},{"$f":"SUMIF(#REF!,Orçamento!A251,#REF!)","v":{"$error":"#REF!"}}]
["2.3.10.16",{"$f":"IF(C252=0,\"\",VLOOKUP(C252,BNCDADOS!$A:$H,8,0))","v":"SINAPI/RN\nINSUMOS"},34641,{"$f":"IF(C252=0,\"\",VLOOKUP(C252,BNCDADOS!$A:$G,2,0))","v":"CAIXA DE ATERRAMENTO EM CONCRETO PRE-MOLDADO, DIAMETRO DE 0,30 M E ALTURA DE 0,35 M, SEM FUNDO E COM TAMPA                                                                                                                                                                                                                                                                                                                                                                                                "},{"$f":"IF(C252=0,\"\",VLOOKUP(C252,BNCDADOS!$A:$G,3,0))","v":"UN    "},6,{"$f":"IF(C252=0,\"\",VLOOKUP(C252,BNCDADOS!$A:$G,4,0))","v":"107,66"},{"$f":"TRUNC(G252*(1+$I$4),2)","v":133.16},798.96,{"$f":"IF(C252=0,\"\",VLOOKUP(C252,BNCDADOS!$A:$G,6,0))","v":"107,66"},{"$f":"TRUNC(J252*(1+$L$4),2)","v":139.91},839.46,{"$f":"SUMIF('MC - TRECHO 01'!A:A,Orçamento!A252,'MC - TRECHO 01'!R:R)","v":6},{"$f":"SUMIF(#REF!,Orçamento!A252,#REF!)","v":{"$error":"#REF!"}}]
["2.3.10.17",{"$f":"IF(C253=0,\"\",VLOOKUP(C253,BNCDADOS!$A:$H,8,0))","v":"SINAPI/RN\nSERVIÇO"},104750,{"$f":"IF(C253=0,\"\",VLOOKUP(C253,BNCDADOS!$A:$G,2,0))","v":"CONECTOR GRAMPO METÁLICO TIPO OLHAL, PARA SPDA, PARA HASTE DE ATERRAMENTO DE 5/8'' E CABOS DE 10 A 50 MM2 - FORNECIMENTO E INSTALAÇÃO. AF_08/2023"},{"$f":"IF(C253=0,\"\",VLOOKUP(C253,BNCDADOS!$A:$G,3,0))","v":"UN"},6,{"$f":"IF(C253=0,\"\",VLOOKUP(C253,BNCDADOS!$A:$G,4,0))","v":"18,06"},{"$f":"IF(C253=0,\"\",VLOOKUP(C253,BNCDADOS!$A:$G,5,0))","v":22.33},133.97999999999999,{"$f":"IF(C253=0,\"\",VLOOKUP(C253,BNCDADOS!$A:$G,6,0))","v":"17,06"},{"$f":"IF(C253=0,\"\",VLOOKUP(C253,BNCDADOS!$A:$G,7,0))","v":22.17},133.02000000000001,{"$f":"SUMIF('MC - TRECHO 01'!A:A,Orçamento!A253,'MC - TRECHO 01'!R:R)","v":6},{"$f":"SUMIF(#REF!,Orçamento!A253,#REF!)","v":{"$error":"#REF!"}}]
["2.3.10.18",{"$f":"IF(C254=0,\"\",VLOOKUP(C254,BNCDADOS!$A:$H,8,0))","v":"SINAPI/RN\nSERVIÇO"},96973,{"$f":"IF(C254=0,\"\",VLOOKUP(C254,BNCDADOS!$A:$G,2,0))","v":"CORDOALHA DE COBRE NU 35 MM², NÃO ENTERRADA, COM ISOLADOR - FORNECIMENTO E INSTALAÇÃO. AF_08/2023"},{"$f":"IF(C254=0,\"\",VLOOKUP(C254,BNCDADOS!$A:$G,3,0))","v":"M"},35,{"$f":"IF(C254=0,\"\",VLOOKUP(C254,BNCDADOS!$A:$G,4,0))","v":"76,41"},{"$f":"IF(C254=0,\"\",VLOOKUP(C254,BNCDADOS!$A:$G,5,0))","v":94.51},3307.85,{"$f":"IF(C254=0,\"\",VLOOKUP(C254,BNCDADOS!$A:$G,6,0))","v":"73,96"},{"$f":"IF(C254=0,\"\",VLOOKUP(C254,BNCDADOS!$A:$G,7,0))","v":96.11},3363.85,{"$f":"SUMIF('MC - TRECHO 01'!A:A,Orçamento!A254,'MC - TRECHO 01'!R:R)","v":35},{"$f":"SUMIF(#REF!,Orçamento!A254,#REF!)","v":{"$error":"#REF!"}}]
["2.3.10.19",{"$f":"IF(C255=0,\"\",VLOOKUP(C255,BNCDADOS!$A:$H,8,0))","v":"SINAPI/RN\nSERVIÇO"},96987,{"$f":"IF(C255=0,\"\",VLOOKUP(C255,BNCDADOS!$A:$G,2,0))","v":"BASE METÁLICA PARA MASTRO 1 ½\"  PARA SPDA - FORNECIMENTO E INSTALAÇÃO. AF_08/2023"},{"$f":"IF(C255=0,\"\",VLOOKUP(C255,BNCDADOS!$A:$G,3,0))","v":"UN"},1,{"$f":"IF(C255=0,\"\",VLOOKUP(C255,BNCDADOS!$A:$G,4,0))","v":"129,68"},{"$f":"IF(C255=0,\"\",VLOOKUP(C255,BNCDADOS!$A:$G,5,0))","v":160.4},160.4,{"$f":"IF(C255=0,\"\",VLOOKUP(C255,BNCDADOS!$A:$G,6,0))","v":"123,32"},{"$f":"IF(C255=0,\"\",VLOOKUP(C255,BNCDADOS!$A:$G,7,0))","v":160.26},160.26,{"$f":"SUMIF('MC - TRECHO 01'!A:A,Orçamento!A255,'MC - TRECHO 01'!R:R)","v":1},{"$f":"SUMIF(#REF!,Orçamento!A255,#REF!)","v":{"$error":"#REF!"}}]
["2.3.10.20",{"$f":"IF(C256=0,\"\",VLOOKUP(C256,BNCDADOS!$A:$H,8,0))","v":"SINAPI/RN\nSERVIÇO"},96988,{"$f":"IF(C256=0,\"\",VLOOKUP(C256,BNCDADOS!$A:$G,2,0))","v":"MASTRO 1 ½\", COM 3 METROS, PARA SPDA - FORNECIMENTO E INSTALAÇÃO. AF_08/2023"},{"$f":"IF(C256=0,\"\",VLOOKUP(C256,BNCDADOS!$A:$G,3,0))","v":"UN"},1,{"$f":"IF(C256=0,\"\",VLOOKUP(C256,BNCDADOS!$A:$G,4,0))","v":"181,32"},{"$f":"IF(C256=0,\"\",VLOOKUP(C256,BNCDADOS!$A:$G,5,0))","v":224.27},224.27,{"$f":"IF(C256=0,\"\",VLOOKUP(C256,BNCDADOS!$A:$G,6,0))","v":"180,42"},{"$f":"IF(C256=0,\"\",VLOOKUP(C256,BNCDADOS!$A:$G,7,0))","v":234.47},234.47,{"$f":"SUMIF('MC - TRECHO 01'!A:A,Orçamento!A256,'MC - TRECHO 01'!R:R)","v":1},{"$f":"SUMIF(#REF!,Orçamento!A256,#REF!)","v":{"$error":"#REF!"}}]
["2.3.10.21",{"$f":"IF(C257=0,\"\",VLOOKUP(C257,BNCDADOS!$A:$H,8,0))","v":"SINAPI/RN\nSERVIÇO"},96989,{"$f":"IF(C257=0,\"\",VLOOKUP(C257,BNCDADOS!$A:$G,2,0))","v":"CAPTOR TIPO FRANKLIN PARA SPDA - FORNECIMENTO E INSTALAÇÃO. AF_08/2023"},{"$f":"IF(C257=0,\"\",VLOOKUP(C257,BNCDADOS!$A:$G,3,0))","v":"UN"},1,{"$f":"IF(C257=0,\"\",VLOOKUP(C257,BNCDADOS!$A:$G,4,0))","v":"151,80"},{"$f":"IF(C257=0,\"\",VLOOKUP(C257,BNCDADOS!$A:$G,5,0))","v":187.76},187.76,{"$f":"IF(C257=0,\"\",VLOOKUP(C257,BNCDADOS!$A:$G,6,0))","v":"151,07"},{"$f":"IF(C257=0,\"\",VLOOKUP(C257,BNCDADOS!$A:$G,7,0))","v":196.33},196.33,{"$f":"SUMIF('MC - TRECHO 01'!A:A,Orçamento!A257,'MC - TRECHO 01'!R:R)","v":1},{"$f":"SUMIF(#REF!,Orçamento!A257,#REF!)","v":{"$error":"#REF!"}}]
["2.3.11",{"$f":"IF(C258=0,\"\",VLOOKUP(C258,[142]BNCDADOS!$A:$G,8,0))","v":""},null,"MONTAGENS HIDRAÚLICAS",{"$f":"IF(C258=0,\"\",VLOOKUP(C258,[142]BNCDADOS!$A:$G,3,0))","v":""},null,{"$f":"IF(C258=0,\"\",VLOOKUP(C258,[142]BNCDADOS!$A:$G,4,0))","v":""},{"$f":"IF(C258=0,\"\",VLOOKUP(C258,[142]BNCDADOS!$A:$G,5,0))","v":""},{"$f":"SUM(I259:I263)","v":10278.950000000001},{"$f":"IF(C258=0,\"\",VLOOKUP(C258,[142]BNCDADOS!$A:$G,6,0))","v":""},{"$f":"IF(C258=0,\"\",VLOOKUP(C258,[142]BNCDADOS!$A:$G,7,0))","v":""},{"$f":"SUM(L259:L263)","v":9702.85},null,{"$f":"SUMIF(#REF!,Orçamento!A258,#REF!)","v":{"$error":"#REF!"}}]
["2.3.11.1",{"$f":"IF(C259=0,\"\",VLOOKUP(C259,BNCDADOS!$A:$H,8,0))","v":"caern"},2090008,{"$f":"IF(C259=0,\"\",VLOOKUP(C259,BNCDADOS!$A:$G,2,0))","v":"INSTALAÇÃO ELETROMECÂNICA DE CONJUNTO MOTO-BOMBA MAIOR QUE 200 CV E MENOR OU IGUAL A 500 CV. R_11/2021"},{"$f":"IF(C259=0,\"\",VLOOKUP(C259,BNCDADOS!$A:$G,3,0))","v":"UN "},3,{"$f":"IF(C259=0,\"\",VLOOKUP(C259,BNCDADOS!$A:$G,4,0))","v":1069.83},{"$f":"IF(C259=0,\"\",VLOOKUP(C259,BNCDADOS!$A:$G,5,0))","v":1323.27},{"$f":"IF(H259=\"\",0,TRUNC(H259*F259,2))","v":3969.81},{"$f":"IF(C259=0,\"\",VLOOKUP(C259,BNCDADOS!$A:$G,6,0))","v":960.89},{"$f":"IF(C259=0,\"\",VLOOKUP(C259,BNCDADOS!$A:$G,7,0))","v":1248.77},{"$f":"IF(K259=\"\",0,TRUNC(K259*F259,2))","v":3746.31},{"$f":"SUMIF('MC - TRECHO 01'!A:A,Orçamento!A259,'MC - TRECHO 01'!R:R)","v":3},{"$f":"SUMIF(#REF!,Orçamento!A259,#REF!)","v":{"$error":"#REF!"}}]
["2.3.11.2",{"$f":"IF(C260=0,\"\",VLOOKUP(C260,BNCDADOS!$A:$H,8,0))","v":"caern"},2090001,{"$f":"IF(C260=0,\"\",VLOOKUP(C260,BNCDADOS!$A:$G,2,0))","v":"INSTALAÇÃO ELETROMECÂNICA DE CONJUNTO MOTO-BOMBA MENOR OU IGUAL A 4 CV. REINC_11/2021"},{"$f":"IF(C260=0,\"\",VLOOKUP(C260,BNCDADOS!$A:$G,3,0))","v":"UN "},11,{"$f":"IF(C260=0,\"\",VLOOKUP(C260,BNCDADOS!$A:$G,4,0))","v":195.64},{"$f":"IF(C260=0,\"\",VLOOKUP(C260,BNCDADOS!$A:$G,5,0))","v":241.98},2661.78,{"$f":"IF(C260=0,\"\",VLOOKUP(C260,BNCDADOS!$A:$G,6,0))","v":175.76},{"$f":"IF(C260=0,\"\",VLOOKUP(C260,BNCDADOS!$A:$G,7,0))","v":228.41},2512.5100000000002,{"$f":"SUMIF('MC - TRECHO 01'!A:A,Orçamento!A260,'MC - TRECHO 01'!R:R)","v":11},{"$f":"SUMIF(#REF!,Orçamento!A260,#REF!)","v":{"$error":"#REF!"}}]
["2.3.11.3",{"$f":"IF(C261=0,\"\",VLOOKUP(C261,BNCDADOS!$A:$H,8,0))","v":"caern"},2090003,{"$f":"IF(C261=0,\"\",VLOOKUP(C261,BNCDADOS!$A:$G,2,0))","v":"INSTALAÇÃO ELETROMECÂNICA DE CONJUNTO MOTO-BOMBA MAIOR QUE 7,5 CV E MENOR OU IGUAL A 15 CV. REINC_11/2021"},{"$f":"IF(C261=0,\"\",VLOOKUP(C261,BNCDADOS!$A:$G,3,0))","v":"UN "},2,{"$f":"IF(C261=0,\"\",VLOOKUP(C261,BNCDADOS!$A:$G,4,0))","v":288.77999999999997},{"$f":"IF(C261=0,\"\",VLOOKUP(C261,BNCDADOS!$A:$G,5,0))","v":357.19},714.38,{"$f":"IF(C261=0,\"\",VLOOKUP(C261,BNCDADOS!$A:$G,6,0))","v":259.49},{"$f":"IF(C261=0,\"\",VLOOKUP(C261,BNCDADOS!$A:$G,7,0))","v":337.23},674.46,{"$f":"SUMIF('MC - TRECHO 01'!A:A,Orçamento!A261,'MC - TRECHO 01'!R:R)","v":2},{"$f":"SUMIF(#REF!,Orçamento!A261,#REF!)","v":{"$error":"#REF!"}}]
["2.3.11.4",{"$f":"IF(C262=0,\"\",VLOOKUP(C262,BNCDADOS!$A:$H,8,0))","v":"caern"},2090004,{"$f":"IF(C262=0,\"\",VLOOKUP(C262,BNCDADOS!$A:$G,2,0))","v":"INSTALAÇÃO ELETROMECÂNICA DE CONJUNTO MOTO-BOMBA MAIOR QUE 15 CV E MENOR OU IGUAL A 50 CV. REINC_11/2021"},{"$f":"IF(C262=0,\"\",VLOOKUP(C262,BNCDADOS!$A:$G,3,0))","v":"UN "},2,{"$f":"IF(C262=0,\"\",VLOOKUP(C262,BNCDADOS!$A:$G,4,0))","v":357.40999999999997},{"$f":"IF(C262=0,\"\",VLOOKUP(C262,BNCDADOS!$A:$G,5,0))","v":442.08},884.16,{"$f":"IF(C262=0,\"\",VLOOKUP(C262,BNCDADOS!$A:$G,6,0))","v":321.24},{"$f":"IF(C262=0,\"\",VLOOKUP(C262,BNCDADOS!$A:$G,7,0))","v":417.48},834.96,{"$f":"SUMIF('MC - TRECHO 01'!A:A,Orçamento!A262,'MC - TRECHO 01'!R:R)","v":2},{"$f":"SUMIF(#REF!,Orçamento!A262,#REF!)","v":{"$error":"#REF!"}}]
["2.3.11.5",{"$f":"IF(C263=0,\"\",VLOOKUP(C263,BNCDADOS!$A:$H,8,0))","v":"caern"},2090006,{"$f":"IF(C263=0,\"\",VLOOKUP(C263,BNCDADOS!$A:$G,2,0))","v":"INSTALAÇÃO ELETROMECÂNICA DE CONJUNTO MOTO-BOMBA MAIOR QUE 50 CV E MENOR OU IGUAL A 100 CV. REINC_11/2021"},{"$f":"IF(C263=0,\"\",VLOOKUP(C263,BNCDADOS!$A:$G,3,0))","v":"UN "},3,{"$f":"IF(C263=0,\"\",VLOOKUP(C263,BNCDADOS!$A:$G,4,0))","v":552.14},{"$f":"IF(C263=0,\"\",VLOOKUP(C263,BNCDADOS!$A:$G,5,0))","v":682.94},2048.8200000000002,{"$f":"IF(C263=0,\"\",VLOOKUP(C263,BNCDADOS!$A:$G,6,0))","v":496.21000000000004},{"$f":"IF(C263=0,\"\",VLOOKUP(C263,BNCDADOS!$A:$G,7,0))","v":644.87},1934.61,{"$f":"SUMIF('MC - TRECHO 01'!A:A,Orçamento!A263,'MC - TRECHO 01'!R:R)","v":3},{"$f":"SUMIF(#REF!,Orçamento!A263,#REF!)","v":{"$error":"#REF!"}}]
[]
["2.4",null,null,"MATERIAIS_TRECHO 01 - CAPATAÇÃO A ETA",{"$nulls":4},{"$f":"SUM(I266,I275,I288)","v":47946123.510000005},null,null,{"$f":"SUM(L266,L275,L288)","v":50292094.919999994},null,{"$f":"SUMIF(#REF!,Orçamento!A265,#REF!)","v":{"$error":"#REF!"}}]
["2.4.1",{"$f":"IF(C266=0,\"\",VLOOKUP(C266,[142]BNCDADOS!$A:$G,8,0))","v":""},null,"ADUTORA",{"$f":"IF(C266=0,\"\",VLOOKUP(C266,[142]BNCDADOS!$A:$G,3,0))","v":""},null,{"$f":"IF(C266=0,\"\",VLOOKUP(C266,[142]BNCDADOS!$A:$G,4,0))","v":""},{"$f":"IF(C266=0,\"\",VLOOKUP(C266,[142]BNCDADOS!$A:$G,5,0))","v":""},{"$f":"SUM(I267:I274)","v":45214876.740000002},{"$f":"IF(C266=0,\"\",VLOOKUP(C266,[142]BNCDADOS!$A:$G,6,0))","v":""},{"$f":"IF(C266=0,\"\",VLOOKUP(C266,[142]BNCDADOS!$A:$G,7,0))","v":""},{"$f":"SUM(L267:L274)","v":47427219.009999998},null,{"$f":"SUMIF(#REF!,Orçamento!A266,#REF!)","v":{"$error":"#REF!"}}]
["2.4.1.1",{"$f":"IF(C267=0,\"\",VLOOKUP(C267,BNCDADOS!$A:$H,8,0))","v":0},"TBPFRV01",{"$f":"IF(C267=0,\"\",VLOOKUP(C267,BNCDADOS!$A:$G,2,0))","v":"TUBO PVC-PRFV, PN25, 10.000 N/m², DN 800"},{"$f":"IF(C267=0,\"\",VLOOKUP(C267,BNCDADOS!$A:$G,3,0))","v":"M"},{"$f":"TRUNC(M267,2)","v":21048},{"$f":"IF(C267=0,\"\",VLOOKUP(C267,BNCDADOS!$A:$G,4,0))","v":1858.366},{"$f":"TRUNC(G267*(1+$I$5),2)","v":2081.36},{"$f":"IF(H267=\"\",0,TRUNC(H267*F267,2))","v":43808465.280000001},{"$f":"IF(C267=0,\"\",VLOOKUP(C267,BNCDADOS!$A:$G,6,0))","v":1858.366},{"$f":"TRUNC(J267*(1+$L$5),2)","v":2183.1999999999998},{"$f":"IF(K267=\"\",0,TRUNC(K267*F267,2))","v":45951993.600000001},{"$f":"P267*6","v":21048},{"$f":"SUMIF(#REF!,Orçamento!A267,#REF!)","v":{"$error":"#REF!"}},{"$f":"ROUND('MC - SERVIÇO ADUTORA - 1-3'!E100*1.05,0)","v":21048},{"$f":"TRUNC(O267/6,0)","v":3508}]
["2.4.1.2",{"$f":"IF(C268=0,\"\",VLOOKUP(C268,BNCDADOS!$A:$H,8,0))","v":0},"FF112",{"$f":"IF(C268=0,\"\",VLOOKUP(C268,BNCDADOS!$A:$G,2,0))","v":"EXTREMIDADE, FOFO, FLANGE/BOLSA, PN10, DN 800MM"},{"$f":"IF(C268=0,\"\",VLOOKUP(C268,BNCDADOS!$A:$G,3,0))","v":"UN "},1,{"$f":"IF(C268=0,\"\",VLOOKUP(C268,BNCDADOS!$A:$G,4,0))","v":7198.58},8062.4,8062.4,{"$f":"IF(C268=0,\"\",VLOOKUP(C268,BNCDADOS!$A:$G,6,0))","v":7198.58},8456.89,8456.89,{"$f":"'MC - MATERIAL ADUTORA - 1-3'!M4","v":1},{"$f":"SUMIF(#REF!,Orçamento!A268,#REF!)","v":{"$error":"#REF!"}}]
["2.4.1.3",{"$f":"IF(C269=0,\"\",VLOOKUP(C269,BNCDADOS!$A:$H,8,0))","v":0},"FF113",{"$f":"IF(C269=0,\"\",VLOOKUP(C269,BNCDADOS!$A:$G,2,0))","v":"LUVA CORRER, FOFO, BOLSA/BOLSA, PN25, DN 800MM"},{"$f":"IF(C269=0,\"\",VLOOKUP(C269,BNCDADOS!$A:$G,3,0))","v":"UN "},54,{"$f":"IF(C269=0,\"\",VLOOKUP(C269,BNCDADOS!$A:$G,4,0))","v":16700.63},18704.7,1010053.8,{"$f":"IF(C269=0,\"\",VLOOKUP(C269,BNCDADOS!$A:$G,6,0))","v":16700.63},19619.900000000001,1059474.6000000001,{"$f":"'MC - MATERIAL ADUTORA - 1-3'!M5","v":54},{"$f":"SUMIF(#REF!,Orçamento!A269,#REF!)","v":{"$error":"#REF!"}}]
["2.4.1.4",{"$f":"IF(C270=0,\"\",VLOOKUP(C270,BNCDADOS!$A:$H,8,0))","v":0},"FF114",{"$f":"IF(C270=0,\"\",VLOOKUP(C270,BNCDADOS!$A:$G,2,0))","v":"CURVA 11°, FOFO, JGS, PN25, DN 800MM"},{"$f":"IF(C270=0,\"\",VLOOKUP(C270,BNCDADOS!$A:$G,3,0))","v":"UN "},17,{"$f":"IF(C270=0,\"\",VLOOKUP(C270,BNCDADOS!$A:$G,4,0))","v":10404.26},11652.77,198097.09,{"$f":"IF(C270=0,\"\",VLOOKUP(C270,BNCDADOS!$A:$G,6,0))","v":10404.26},12222.92,207789.64,{"$f":"'MC - MATERIAL ADUTORA - 1-3'!E3","v":17},{"$f":"SUMIF(#REF!,Orçamento!A270,#REF!)","v":{"$error":"#REF!"}}]
["2.4.1.5",{"$f":"IF(C271=0,\"\",VLOOKUP(C271,BNCDADOS!$A:$H,8,0))","v":0},"FF115",{"$f":"IF(C271=0,\"\",VLOOKUP(C271,BNCDADOS!$A:$G,2,0))","v":"CURVA 22°, FOFO, JGS, PN25, DN 800MM"},{"$f":"IF(C271=0,\"\",VLOOKUP(C271,BNCDADOS!$A:$G,3,0))","v":"UN "},9,{"$f":"IF(C271=0,\"\",VLOOKUP(C271,BNCDADOS!$A:$G,4,0))","v":12152.36},13610.64,122495.76,{"$f":"IF(C271=0,\"\",VLOOKUP(C271,BNCDADOS!$A:$G,6,0))","v":12152.36},14276.59,128489.31,{"$f":"'MC - MATERIAL ADUTORA - 1-3'!E4","v":9},{"$f":"SUMIF(#REF!,Orçamento!A271,#REF!)","v":{"$error":"#REF!"}}]
["2.4.1.6",{"$f":"IF(C272=0,\"\",VLOOKUP(C272,BNCDADOS!$A:$H,8,0))","v":0},"FF116",{"$f":"IF(C272=0,\"\",VLOOKUP(C272,BNCDADOS!$A:$G,2,0))","v":"CURVA 45°, FOFO, JGS, PN25, DN 800MM"},{"$f":"IF(C272=0,\"\",VLOOKUP(C272,BNCDADOS!$A:$G,3,0))","v":"UN "},3,{"$f":"IF(C272=0,\"\",VLOOKUP(C272,BNCDADOS!$A:$G,4,0))","v":12964.53},14520.27,43560.81,{"$f":"IF(C272=0,\"\",VLOOKUP(C272,BNCDADOS!$A:$G,6,0))","v":12964.53},15230.72,45692.160000000003,{"$f":"'MC - MATERIAL ADUTORA - 1-3'!E5","v":3},{"$f":"SUMIF(#REF!,Orçamento!A272,#REF!)","v":{"$error":"#REF!"}}]
["2.4.1.7",{"$f":"IF(C273=0,\"\",VLOOKUP(C273,BNCDADOS!$A:$H,8,0))","v":0},"FF117",{"$f":"IF(C273=0,\"\",VLOOKUP(C273,BNCDADOS!$A:$G,2,0))","v":"CURVA 90°, FOFO, JGS, PN25, DN 800MM"},{"$f":"IF(C273=0,\"\",VLOOKUP(C273,BNCDADOS!$A:$G,3,0))","v":"UN "},1,{"$f":"IF(C273=0,\"\",VLOOKUP(C273,BNCDADOS!$A:$G,4,0))","v":16055},17981.599999999999,17981.599999999999,{"$f":"IF(C273=0,\"\",VLOOKUP(C273,BNCDADOS!$A:$G,6,0))","v":16055},18861.41,18861.41,{"$f":"'MC - MATERIAL ADUTORA - 1-3'!M3","v":1},{"$f":"SUMIF(#REF!,Orçamento!A273,#REF!)","v":{"$error":"#REF!"}}]
["2.4.1.8",{"$f":"IF(C274=0,\"\",VLOOKUP(C274,BNCDADOS!$A:$H,8,0))","v":0},"VRP01",{"$f":"IF(C274=0,\"\",VLOOKUP(C274,BNCDADOS!$A:$G,2,0))","v":"VÁLVULA REDUTORA DE PRESSÃO PN16 - 50Mpa -  DN 350/400MM "},{"$f":"IF(C274=0,\"\",VLOOKUP(C274,BNCDADOS!$A:$G,3,0))","v":"UN "},1,{"$f":"IF(C274=0,\"\",VLOOKUP(C274,BNCDADOS!$A:$G,4,0))","v":5500},6160,6160,{"$f":"IF(C274=0,\"\",VLOOKUP(C274,BNCDADOS!$A:$G,6,0))","v":5500},6461.4,6461.4,{"$f":"'MC - MATERIAL ADUTORA - 1-3'!E6","v":1},{"$f":"SUMIF(#REF!,Orçamento!A274,#REF!)","v":{"$error":"#REF!"}}]
["2.4.2",{"$f":"IF(C275=0,\"\",VLOOKUP(C275,[142]BNCDADOS!$A:$G,8,0))","v":""},null,"VENTOSAS E DESCARGAS",{"$f":"IF(C275=0,\"\",VLOOKUP(C275,[142]BNCDADOS!$A:$G,3,0))","v":""},0,{"$f":"IF(C275=0,\"\",VLOOKUP(C275,[142]BNCDADOS!$A:$G,4,0))","v":""},{"$f":"IF(C275=0,\"\",VLOOKUP(C275,[142]BNCDADOS!$A:$G,5,0))","v":""},{"$f":"SUM(I276:I287)","v":362810.41999999993},{"$f":"IF(C275=0,\"\",VLOOKUP(C275,[142]BNCDADOS!$A:$G,6,0))","v":""},{"$f":"IF(C275=0,\"\",VLOOKUP(C275,[142]BNCDADOS!$A:$G,7,0))","v":""},{"$f":"SUM(L276:L287)","v":380559.26},null,{"$f":"SUMIF(#REF!,Orçamento!A275,#REF!)","v":{"$error":"#REF!"}}]
["2.4.2.1",{"$f":"IF(C276=0,\"\",VLOOKUP(C276,BNCDADOS!$A:$H,8,0))","v":0},"FF118",{"$f":"IF(C276=0,\"\",VLOOKUP(C276,BNCDADOS!$A:$G,2,0))","v":"TÊ, BBF, FOFO, PN25, DN 800-200MM"},{"$f":"IF(C276=0,\"\",VLOOKUP(C276,BNCDADOS!$A:$G,3,0))","v":"UN "},22,{"$f":"IF(C276=0,\"\",VLOOKUP(C276,BNCDADOS!$A:$G,4,0))","v":10627.72},{"$f":"TRUNC(G276*(1+$I$5),2)","v":11903.04},{"$f":"IF(H276=\"\",0,TRUNC(H276*F276,2))","v":261866.88},{"$f":"IF(C276=0,\"\",VLOOKUP(C276,BNCDADOS!$A:$G,6,0))","v":10627.72},{"$f":"TRUNC(J276*(1+$L$5),2)","v":12485.44},{"$f":"IF(K276=\"\",0,TRUNC(K276*F276,2))","v":274679.67999999999},{"$f":"'MC - MATERIAL ADUTORA - 1-3'!M10","v":22},{"$f":"SUMIF(#REF!,Orçamento!A276,#REF!)","v":{"$error":"#REF!"}}]
["2.4.2.2",{"$f":"IF(C277=0,\"\",VLOOKUP(C277,BNCDADOS!$A:$H,8,0))","v":0},"FF16",{"$f":"IF(C277=0,\"\",VLOOKUP(C277,BNCDADOS!$A:$G,2,0))","v":"CURVA 90°, FOFO, FLANGES, PN16, DN 150MM"},{"$f":"IF(C277=0,\"\",VLOOKUP(C277,BNCDADOS!$A:$G,3,0))","v":"UN "},12,{"$f":"IF(C277=0,\"\",VLOOKUP(C277,BNCDADOS!$A:$G,4,0))","v":490.26},549.09,6589.08,{"$f":"IF(C277=0,\"\",VLOOKUP(C277,BNCDADOS!$A:$G,6,0))","v":490.26},575.95000000000005,6911.4,{"$f":"'MC - MATERIAL ADUTORA - 1-3'!M12","v":12},{"$f":"SUMIF(#REF!,Orçamento!A277,#REF!)","v":{"$error":"#REF!"}}]
["2.4.2.3",{"$f":"IF(C278=0,\"\",VLOOKUP(C278,BNCDADOS!$A:$H,8,0))","v":0},"FF119",{"$f":"IF(C278=0,\"\",VLOOKUP(C278,BNCDADOS!$A:$G,2,0))","v":"REDUÇÃO CONCÊNTRICA, FOFO, FLANGES, PN25, DN 200-100MM"},{"$f":"IF(C278=0,\"\",VLOOKUP(C278,BNCDADOS!$A:$G,3,0))","v":"UN "},10,{"$f":"IF(C278=0,\"\",VLOOKUP(C278,BNCDADOS!$A:$G,4,0))","v":2170.27},2430.6999999999998,24307,{"$f":"IF(C278=0,\"\",VLOOKUP(C278,BNCDADOS!$A:$G,6,0))","v":2170.27},2549.63,25496.3,{"$f":"'MC - MATERIAL ADUTORA - 1-3'!M14","v":10},{"$f":"SUMIF(#REF!,Orçamento!A278,#REF!)","v":{"$error":"#REF!"}}]
["2.4.2.4",{"$f":"IF(C279=0,\"\",VLOOKUP(C279,BNCDADOS!$A:$H,8,0))","v":0},"FF52",{"$f":"IF(C279=0,\"\",VLOOKUP(C279,BNCDADOS!$A:$G,2,0))","v":"REDUÇÃO EXCÊNTRICA, FOFO, FLANGES, PN16, DN 200-150MM"},{"$f":"IF(C279=0,\"\",VLOOKUP(C279,BNCDADOS!$A:$G,3,0))","v":"UN "},12,{"$f":"IF(C279=0,\"\",VLOOKUP(C279,BNCDADOS!$A:$G,4,0))","v":790.09333333333325},884.9,10618.8,{"$f":"IF(C279=0,\"\",VLOOKUP(C279,BNCDADOS!$A:$G,6,0))","v":790.09333333333325},928.2,11138.4,{"$f":"'MC - MATERIAL ADUTORA - 1-3'!M13","v":12},{"$f":"SUMIF(#REF!,Orçamento!A279,#REF!)","v":{"$error":"#REF!"}}]
["2.4.2.5",{"$f":"IF(C280=0,\"\",VLOOKUP(C280,BNCDADOS!$A:$H,8,0))","v":0},"VG03",{"$f":"IF(C280=0,\"\",VLOOKUP(C280,BNCDADOS!$A:$G,2,0))","v":"VÁLVULA GAVETA, FLANGES, CORPO CURTO, VOLANTE E CUNHA DE BORRACHA, DN 100MM"},{"$f":"IF(C280=0,\"\",VLOOKUP(C280,BNCDADOS!$A:$G,3,0))","v":"UN "},10,{"$f":"IF(C280=0,\"\",VLOOKUP(C280,BNCDADOS!$A:$G,4,0))","v":946.02},1059.54,10595.4,{"$f":"IF(C280=0,\"\",VLOOKUP(C280,BNCDADOS!$A:$G,6,0))","v":946.02},1111.3800000000001,11113.8,{"$f":"'MC - MATERIAL ADUTORA - 1-3'!M22","v":10},{"$f":"SUMIF(#REF!,Orçamento!A280,#REF!)","v":{"$error":"#REF!"}}]
["2.4.2.6",{"$f":"IF(C281=0,\"\",VLOOKUP(C281,BNCDADOS!$A:$H,8,0))","v":0},"VG04",{"$f":"IF(C281=0,\"\",VLOOKUP(C281,BNCDADOS!$A:$G,2,0))","v":"VÁLVULA GAVETA, FLANGES, CORPO CURTO, VOLANTE E CUNHA DE BORRACHA, DN 150MM"},{"$f":"IF(C281=0,\"\",VLOOKUP(C281,BNCDADOS!$A:$G,3,0))","v":"UN "},12,{"$f":"IF(C281=0,\"\",VLOOKUP(C281,BNCDADOS!$A:$G,4,0))","v":1782.29},1996.16,23953.919999999998,{"$f":"IF(C281=0,\"\",VLOOKUP(C281,BNCDADOS!$A:$G,6,0))","v":1782.29},2093.83,25125.96,{"$f":"'MC - MATERIAL ADUTORA - 1-3'!M23","v":12},{"$f":"SUMIF(#REF!,Orçamento!A281,#REF!)","v":{"$error":"#REF!"}}]
["2.4.2.7",{"$f":"IF(C282=0,\"\",VLOOKUP(C282,BNCDADOS!$A:$H,8,0))","v":0},"VT01",{"$f":"IF(C282=0,\"\",VLOOKUP(C282,BNCDADOS!$A:$G,2,0))","v":"VENTOSA TRÍPLICE FUNÇÃO, FOFO, FLANGE, PN10, DN 50MM"},{"$f":"IF(C282=0,\"\",VLOOKUP(C282,BNCDADOS!$A:$G,3,0))","v":"UN "},10,{"$f":"IF(C282=0,\"\",VLOOKUP(C282,BNCDADOS!$A:$G,4,0))","v":917.58},1027.68,10276.799999999999,{"$f":"IF(C282=0,\"\",VLOOKUP(C282,BNCDADOS!$A:$G,6,0))","v":917.58},1077.97,10779.7,{"$f":"'MC - MATERIAL ADUTORA - 1-3'!M25","v":10},{"$f":"SUMIF(#REF!,Orçamento!A282,#REF!)","v":{"$error":"#REF!"}}]
["2.4.2.8",{"$f":"IF(C283=0,\"\",VLOOKUP(C283,BNCDADOS!$A:$H,8,0))","v":0},"FF101",{"$f":"IF(C283=0,\"\",VLOOKUP(C283,BNCDADOS!$A:$G,2,0))","v":"PARAFUSO PARA FLANGES, PN10, 16X80"},{"$f":"IF(C283=0,\"\",VLOOKUP(C283,BNCDADOS!$A:$G,3,0))","v":"UN "},160,{"$f":"IF(C283=0,\"\",VLOOKUP(C283,BNCDADOS!$A:$G,4,0))","v":8.23},9.2100000000000009,1473.6,{"$f":"IF(C283=0,\"\",VLOOKUP(C283,BNCDADOS!$A:$G,6,0))","v":8.23},9.66,1545.6,{"$f":"'MC - MATERIAL ADUTORA - 1-3'!M16","v":160},{"$f":"SUMIF(#REF!,Orçamento!A283,#REF!)","v":{"$error":"#REF!"}}]
["2.4.2.9",{"$f":"IF(C284=0,\"\",VLOOKUP(C284,BNCDADOS!$A:$H,8,0))","v":0},"FF102",{"$f":"IF(C284=0,\"\",VLOOKUP(C284,BNCDADOS!$A:$G,2,0))","v":"PARAFUSO PARA FLANGES, PN10, 20X90"},{"$f":"IF(C284=0,\"\",VLOOKUP(C284,BNCDADOS!$A:$G,3,0))","v":"UN "},552,{"$f":"IF(C284=0,\"\",VLOOKUP(C284,BNCDADOS!$A:$G,4,0))","v":20},22.4,12364.8,{"$f":"IF(C284=0,\"\",VLOOKUP(C284,BNCDADOS!$A:$G,6,0))","v":20},23.49,12966.48,{"$f":"'MC - MATERIAL ADUTORA - 1-3'!M17","v":552},{"$f":"SUMIF(#REF!,Orçamento!A284,#REF!)","v":{"$error":"#REF!"}}]
["2.4.2.10",{"$f":"IF(C285=0,\"\",VLOOKUP(C285,BNCDADOS!$A:$H,8,0))","v":0},"FF94",{"$f":"IF(C285=0,\"\",VLOOKUP(C285,BNCDADOS!$A:$G,2,0))","v":"ARRUELA DE BORRACHA PARA FLANGES, DN 100MM"},{"$f":"IF(C285=0,\"\",VLOOKUP(C285,BNCDADOS!$A:$G,3,0))","v":"UN "},20,{"$f":"IF(C285=0,\"\",VLOOKUP(C285,BNCDADOS!$A:$G,4,0))","v":6.83},7.64,152.80000000000001,{"$f":"IF(C285=0,\"\",VLOOKUP(C285,BNCDADOS!$A:$G,6,0))","v":6.83},8.02,160.4,{"$f":"'MC - MATERIAL ADUTORA - 1-3'!M18","v":20},{"$f":"SUMIF(#REF!,Orçamento!A285,#REF!)","v":{"$error":"#REF!"}}]
["2.4.2.11",{"$f":"IF(C286=0,\"\",VLOOKUP(C286,BNCDADOS!$A:$H,8,0))","v":0},"FF95",{"$f":"IF(C286=0,\"\",VLOOKUP(C286,BNCDADOS!$A:$G,2,0))","v":"ARRUELA DE BORRACHA PARA FLANGES, DN 150MM"},{"$f":"IF(C286=0,\"\",VLOOKUP(C286,BNCDADOS!$A:$G,3,0))","v":"UN "},36,{"$f":"IF(C286=0,\"\",VLOOKUP(C286,BNCDADOS!$A:$G,4,0))","v":8.31},9.3000000000000007,334.8,{"$f":"IF(C286=0,\"\",VLOOKUP(C286,BNCDADOS!$A:$G,6,0))","v":8.31},9.76,351.36,{"$f":"'MC - MATERIAL ADUTORA - 1-3'!M19","v":36},{"$f":"SUMIF(#REF!,Orçamento!A286,#REF!)","v":{"$error":"#REF!"}}]
["2.4.2.12",{"$f":"IF(C287=0,\"\",VLOOKUP(C287,BNCDADOS!$A:$H,8,0))","v":0},"FF96",{"$f":"IF(C287=0,\"\",VLOOKUP(C287,BNCDADOS!$A:$G,2,0))","v":"ARRUELA DE BORRACHA PARA FLANGES, DN 200MM"},{"$f":"IF(C287=0,\"\",VLOOKUP(C287,BNCDADOS!$A:$G,3,0))","v":"UN "},22,{"$f":"IF(C287=0,\"\",VLOOKUP(C287,BNCDADOS!$A:$G,4,0))","v":11.23},12.57,276.54000000000002,{"$f":"IF(C287=0,\"\",VLOOKUP(C287,BNCDADOS!$A:$G,6,0))","v":11.23},13.19,290.18,{"$f":"'MC - MATERIAL ADUTORA - 1-3'!M20","v":22},{"$f":"SUMIF(#REF!,Orçamento!A287,#REF!)","v":{"$error":"#REF!"}}]
["2.4.3",{"$f":"IF(C288=0,\"\",VLOOKUP(C288,[142]BNCDADOS!$A:$G,8,0))","v":""},null,"TRAVESSIAS PELO MND",{"$f":"IF(C288=0,\"\",VLOOKUP(C288,[142]BNCDADOS!$A:$G,3,0))","v":""},0,{"$f":"IF(C288=0,\"\",VLOOKUP(C288,[142]BNCDADOS!$A:$G,4,0))","v":""},{"$f":"IF(C288=0,\"\",VLOOKUP(C288,[142]BNCDADOS!$A:$G,5,0))","v":""},{"$f":"SUM(I289:I308)","v":2368436.35},{"$f":"IF(C288=0,\"\",VLOOKUP(C288,[142]BNCDADOS!$A:$G,6,0))","v":""},{"$f":"IF(C288=0,\"\",VLOOKUP(C288,[142]BNCDADOS!$A:$G,7,0))","v":""},{"$f":"SUM(L289:L308)","v":2484316.65},null,{"$f":"SUMIF(#REF!,Orçamento!A288,#REF!)","v":{"$error":"#REF!"}}]
["2.4.3.1",{"$f":"IF(C289=0,\"\",VLOOKUP(C289,BNCDADOS!$A:$H,8,0))","v":0},"FF116",{"$f":"IF(C289=0,\"\",VLOOKUP(C289,BNCDADOS!$A:$G,2,0))","v":"CURVA 45°, FOFO, JGS, PN25, DN 800MM"},{"$f":"IF(C289=0,\"\",VLOOKUP(C289,BNCDADOS!$A:$G,3,0))","v":"UN "},2,{"$f":"IF(C289=0,\"\",VLOOKUP(C289,BNCDADOS!$A:$G,4,0))","v":12964.53},{"$f":"TRUNC(G289*(1+$I$5),2)","v":14520.27},{"$f":"IF(H289=\"\",0,TRUNC(H289*F289,2))","v":29040.54},{"$f":"IF(C289=0,\"\",VLOOKUP(C289,BNCDADOS!$A:$G,6,0))","v":12964.53},{"$f":"TRUNC(J289*(1+$L$5),2)","v":15230.72},{"$f":"IF(K289=\"\",0,TRUNC(K289*F289,2))","v":30461.439999999999},{"$f":"'MC - MATERIAL ADUTORA - 1-3'!M29","v":2},{"$f":"SUMIF(#REF!,Orçamento!A289,#REF!)","v":{"$error":"#REF!"}}]
["2.4.3.2",{"$f":"IF(C290=0,\"\",VLOOKUP(C290,BNCDADOS!$A:$H,8,0))","v":0},"FF120",{"$f":"IF(C290=0,\"\",VLOOKUP(C290,BNCDADOS!$A:$G,2,0))","v":"TUBO, FOFO, FLANGE/BOLSA, DN 800MM, L=6800MM"},{"$f":"IF(C290=0,\"\",VLOOKUP(C290,BNCDADOS!$A:$G,3,0))","v":"UN "},2,{"$f":"IF(C290=0,\"\",VLOOKUP(C290,BNCDADOS!$A:$G,4,0))","v":31073.79},34802.639999999999,69605.279999999999,{"$f":"IF(C290=0,\"\",VLOOKUP(C290,BNCDADOS!$A:$G,6,0))","v":31073.79},36505.480000000003,73010.960000000006,{"$f":"'MC - MATERIAL ADUTORA - 1-3'!M31","v":2},{"$f":"SUMIF(#REF!,Orçamento!A290,#REF!)","v":{"$error":"#REF!"}}]
["2.4.3.3",{"$f":"IF(C291=0,\"\",VLOOKUP(C291,BNCDADOS!$A:$H,8,0))","v":0},"FF121",{"$f":"IF(C291=0,\"\",VLOOKUP(C291,BNCDADOS!$A:$G,2,0))","v":"TUBO, FOFO, FLANGE/PONTA, DN 800MM, L=1500MM"},{"$f":"IF(C291=0,\"\",VLOOKUP(C291,BNCDADOS!$A:$G,3,0))","v":"UN "},4,{"$f":"IF(C291=0,\"\",VLOOKUP(C291,BNCDADOS!$A:$G,4,0))","v":8956.08},10030.799999999999,40123.199999999997,{"$f":"IF(C291=0,\"\",VLOOKUP(C291,BNCDADOS!$A:$G,6,0))","v":8956.08},10521.6,42086.400000000001,{"$f":"'MC - MATERIAL ADUTORA - 1-3'!M32","v":4},{"$f":"SUMIF(#REF!,Orçamento!A291,#REF!)","v":{"$error":"#REF!"}}]
["2.4.3.4",{"$f":"IF(C292=0,\"\",VLOOKUP(C292,BNCDADOS!$A:$H,8,0))","v":0},"FF122",{"$f":"IF(C292=0,\"\",VLOOKUP(C292,BNCDADOS!$A:$G,2,0))","v":"TUBO, FOFO, FLANGE/PONTA, DN 800MM, L=4000MM"},{"$f":"IF(C292=0,\"\",VLOOKUP(C292,BNCDADOS!$A:$G,3,0))","v":"UN "},1,{"$f":"IF(C292=0,\"\",VLOOKUP(C292,BNCDADOS!$A:$G,4,0))","v":13729.56},15377.1,15377.1,{"$f":"IF(C292=0,\"\",VLOOKUP(C292,BNCDADOS!$A:$G,6,0))","v":13729.56},16129.48,16129.48,{"$f":"'MC - MATERIAL ADUTORA - 1-3'!M33","v":1},{"$f":"SUMIF(#REF!,Orçamento!A292,#REF!)","v":{"$error":"#REF!"}}]
["2.4.3.5",{"$f":"IF(C293=0,\"\",VLOOKUP(C293,BNCDADOS!$A:$H,8,0))","v":0},"FF123",{"$f":"IF(C293=0,\"\",VLOOKUP(C293,BNCDADOS!$A:$G,2,0))","v":"TUBO, FOFO, FLANGE/PONTA, DN 800MM, L=6800MM"},{"$f":"IF(C293=0,\"\",VLOOKUP(C293,BNCDADOS!$A:$G,3,0))","v":"UN "},1,{"$f":"IF(C293=0,\"\",VLOOKUP(C293,BNCDADOS!$A:$G,4,0))","v":19246.509999999998},21556.09,21556.09,{"$f":"IF(C293=0,\"\",VLOOKUP(C293,BNCDADOS!$A:$G,6,0))","v":19246.509999999998},22610.79,22610.79,{"$f":"'MC - MATERIAL ADUTORA - 1-3'!M34","v":1},{"$f":"SUMIF(#REF!,Orçamento!A293,#REF!)","v":{"$error":"#REF!"}}]
["2.4.3.6",{"$f":"IF(C294=0,\"\",VLOOKUP(C294,BNCDADOS!$A:$H,8,0))","v":0},"FF124",{"$f":"IF(C294=0,\"\",VLOOKUP(C294,BNCDADOS!$A:$G,2,0))","v":"TUBO, FOFO, FLANGES, DN 800MM, L=1000MM"},{"$f":"IF(C294=0,\"\",VLOOKUP(C294,BNCDADOS!$A:$G,3,0))","v":"UN "},2,{"$f":"IF(C294=0,\"\",VLOOKUP(C294,BNCDADOS!$A:$G,4,0))","v":20386.12},22832.45,45664.9,{"$f":"IF(C294=0,\"\",VLOOKUP(C294,BNCDADOS!$A:$G,6,0))","v":20386.12},23949.61,47899.22,{"$f":"'MC - MATERIAL ADUTORA - 1-3'!M35","v":2},{"$f":"SUMIF(#REF!,Orçamento!A294,#REF!)","v":{"$error":"#REF!"}}]
["2.4.3.7",{"$f":"IF(C295=0,\"\",VLOOKUP(C295,BNCDADOS!$A:$H,8,0))","v":0},"FF125",{"$f":"IF(C295=0,\"\",VLOOKUP(C295,BNCDADOS!$A:$G,2,0))","v":"TUBO, FOFO, FLANGES, DN 800MM, L=1080MM"},{"$f":"IF(C295=0,\"\",VLOOKUP(C295,BNCDADOS!$A:$G,3,0))","v":"UN "},2,{"$f":"IF(C295=0,\"\",VLOOKUP(C295,BNCDADOS!$A:$G,4,0))","v":20386.12},22832.45,45664.9,{"$f":"IF(C295=0,\"\",VLOOKUP(C295,BNCDADOS!$A:$G,6,0))","v":20386.12},23949.61,47899.22,{"$f":"'MC - MATERIAL ADUTORA - 1-3'!M36","v":2},{"$f":"SUMIF(#REF!,Orçamento!A295,#REF!)","v":{"$error":"#REF!"}}]
["2.4.3.8",{"$f":"IF(C296=0,\"\",VLOOKUP(C296,BNCDADOS!$A:$H,8,0))","v":0},"FF126",{"$f":"IF(C296=0,\"\",VLOOKUP(C296,BNCDADOS!$A:$G,2,0))","v":"TUBO, FOFO, FLANGES, DN 800MM, L=1340MM"},{"$f":"IF(C296=0,\"\",VLOOKUP(C296,BNCDADOS!$A:$G,3,0))","v":"UN "},1,{"$f":"IF(C296=0,\"\",VLOOKUP(C296,BNCDADOS!$A:$G,4,0))","v":21872.71},24497.43,24497.43,{"$f":"IF(C296=0,\"\",VLOOKUP(C296,BNCDADOS!$A:$G,6,0))","v":21872.71},25696.05,25696.05,{"$f":"'MC - MATERIAL ADUTORA - 1-3'!M37","v":1},{"$f":"SUMIF(#REF!,Orçamento!A296,#REF!)","v":{"$error":"#REF!"}}]
["2.4.3.9",{"$f":"IF(C297=0,\"\",VLOOKUP(C297,BNCDADOS!$A:$H,8,0))","v":0},"FF127",{"$f":"IF(C297=0,\"\",VLOOKUP(C297,BNCDADOS!$A:$G,2,0))","v":"TUBO, FOFO, FLANGES, DN 800MM, L=2000MM"},{"$f":"IF(C297=0,\"\",VLOOKUP(C297,BNCDADOS!$A:$G,3,0))","v":"UN "},2,{"$f":"IF(C297=0,\"\",VLOOKUP(C297,BNCDADOS!$A:$G,4,0))","v":23352.28},26154.55,52309.1,{"$f":"IF(C297=0,\"\",VLOOKUP(C297,BNCDADOS!$A:$G,6,0))","v":23352.28},27434.25,54868.5,{"$f":"'MC - MATERIAL ADUTORA - 1-3'!M38","v":2},{"$f":"SUMIF(#REF!,Orçamento!A297,#REF!)","v":{"$error":"#REF!"}}]
["2.4.3.10",{"$f":"IF(C298=0,\"\",VLOOKUP(C298,BNCDADOS!$A:$H,8,0))","v":0},"FF128",{"$f":"IF(C298=0,\"\",VLOOKUP(C298,BNCDADOS!$A:$G,2,0))","v":"TUBO, FOFO, FLANGES, DN 800MM, L=621MM"},{"$f":"IF(C298=0,\"\",VLOOKUP(C298,BNCDADOS!$A:$G,3,0))","v":"UN "},2,{"$f":"IF(C298=0,\"\",VLOOKUP(C298,BNCDADOS!$A:$G,4,0))","v":19052.46},21338.75,42677.5,{"$f":"IF(C298=0,\"\",VLOOKUP(C298,BNCDADOS!$A:$G,6,0))","v":19052.46},22382.83,44765.66,{"$f":"'MC - MATERIAL ADUTORA - 1-3'!M39","v":2},{"$f":"SUMIF(#REF!,Orçamento!A298,#REF!)","v":{"$error":"#REF!"}}]
["2.4.3.11",{"$f":"IF(C299=0,\"\",VLOOKUP(C299,BNCDADOS!$A:$H,8,0))","v":0},"FF129",{"$f":"IF(C299=0,\"\",VLOOKUP(C299,BNCDADOS!$A:$G,2,0))","v":"TUBO, FOFO, FLANGES, DN 800MM, L=880MM"},{"$f":"IF(C299=0,\"\",VLOOKUP(C299,BNCDADOS!$A:$G,3,0))","v":"UN "},1,{"$f":"IF(C299=0,\"\",VLOOKUP(C299,BNCDADOS!$A:$G,4,0))","v":20386.12},22832.45,22832.45,{"$f":"IF(C299=0,\"\",VLOOKUP(C299,BNCDADOS!$A:$G,6,0))","v":20386.12},23949.61,23949.61,{"$f":"'MC - MATERIAL ADUTORA - 1-3'!M40","v":1},{"$f":"SUMIF(#REF!,Orçamento!A299,#REF!)","v":{"$error":"#REF!"}}]
["2.4.3.12",{"$f":"IF(C300=0,\"\",VLOOKUP(C300,BNCDADOS!$A:$H,8,0))","v":0},"FF130",{"$f":"IF(C300=0,\"\",VLOOKUP(C300,BNCDADOS!$A:$G,2,0))","v":"TUBO CILÍNDRICO, FOFO, DN 800MM, L=1500MM"},{"$f":"IF(C300=0,\"\",VLOOKUP(C300,BNCDADOS!$A:$G,3,0))","v":"UN "},6,{"$f":"IF(C300=0,\"\",VLOOKUP(C300,BNCDADOS!$A:$G,4,0))","v":4628.7150000000001},5184.16,31104.959999999999,{"$f":"IF(C300=0,\"\",VLOOKUP(C300,BNCDADOS!$A:$G,6,0))","v":4628.7150000000001},5437.81,32626.86,{"$f":"'MC - MATERIAL ADUTORA - 1-3'!M41","v":6},{"$f":"SUMIF(#REF!,Orçamento!A300,#REF!)","v":{"$error":"#REF!"}}]
["2.4.3.13",{"$f":"IF(C301=0,\"\",VLOOKUP(C301,BNCDADOS!$A:$H,8,0))","v":0},"FF131",{"$f":"IF(C301=0,\"\",VLOOKUP(C301,BNCDADOS!$A:$G,2,0))","v":"TUBO CILÍNDRICO, FOFO, DN 800MM, L=2000MM"},{"$f":"IF(C301=0,\"\",VLOOKUP(C301,BNCDADOS!$A:$G,3,0))","v":"UN "},2,{"$f":"IF(C301=0,\"\",VLOOKUP(C301,BNCDADOS!$A:$G,4,0))","v":6171.62},6912.21,13824.42,{"$f":"IF(C301=0,\"\",VLOOKUP(C301,BNCDADOS!$A:$G,6,0))","v":6171.62},7250.41,14500.82,{"$f":"'MC - MATERIAL ADUTORA - 1-3'!M42","v":2},{"$f":"SUMIF(#REF!,Orçamento!A301,#REF!)","v":{"$error":"#REF!"}}]
["2.4.3.14",{"$f":"IF(C302=0,\"\",VLOOKUP(C302,BNCDADOS!$A:$H,8,0))","v":0},"FF132",{"$f":"IF(C302=0,\"\",VLOOKUP(C302,BNCDADOS!$A:$G,2,0))","v":"CURVA 90°, FOFO, FLANGES, PN10, DN 800MM"},{"$f":"IF(C302=0,\"\",VLOOKUP(C302,BNCDADOS!$A:$G,3,0))","v":"UN "},2,{"$f":"IF(C302=0,\"\",VLOOKUP(C302,BNCDADOS!$A:$G,4,0))","v":32391.83},36278.839999999997,72557.679999999993,{"$f":"IF(C302=0,\"\",VLOOKUP(C302,BNCDADOS!$A:$G,6,0))","v":32391.83},38053.919999999998,76107.839999999997,{"$f":"'MC - MATERIAL ADUTORA - 1-3'!M44","v":2},{"$f":"SUMIF(#REF!,Orçamento!A302,#REF!)","v":{"$error":"#REF!"}}]
["2.4.3.15",{"$f":"IF(C303=0,\"\",VLOOKUP(C303,BNCDADOS!$A:$H,8,0))","v":0},"FF133",{"$f":"IF(C303=0,\"\",VLOOKUP(C303,BNCDADOS!$A:$G,2,0))","v":"JUNTA DE DESMONTAGEM TRAVADA AXIALMENTE, DN 800MM"},{"$f":"IF(C303=0,\"\",VLOOKUP(C303,BNCDADOS!$A:$G,3,0))","v":"UN "},4,{"$f":"IF(C303=0,\"\",VLOOKUP(C303,BNCDADOS!$A:$G,4,0))","v":23486.3},26304.65,105218.6,{"$f":"IF(C303=0,\"\",VLOOKUP(C303,BNCDADOS!$A:$G,6,0))","v":23486.3},27591.7,110366.8,{"$f":"'MC - MATERIAL ADUTORA - 1-3'!M45","v":4},{"$f":"SUMIF(#REF!,Orçamento!A303,#REF!)","v":{"$error":"#REF!"}}]
["2.4.3.16",{"$f":"IF(C304=0,\"\",VLOOKUP(C304,BNCDADOS!$A:$H,8,0))","v":0},"FF134",{"$f":"IF(C304=0,\"\",VLOOKUP(C304,BNCDADOS!$A:$G,2,0))","v":"TÊ, FFF, FOFO, PN10, DN 800MM"},{"$f":"IF(C304=0,\"\",VLOOKUP(C304,BNCDADOS!$A:$G,3,0))","v":"UN "},4,{"$f":"IF(C304=0,\"\",VLOOKUP(C304,BNCDADOS!$A:$G,4,0))","v":37316.959999999999},41794.99,167179.96,{"$f":"IF(C304=0,\"\",VLOOKUP(C304,BNCDADOS!$A:$G,6,0))","v":37316.959999999999},43839.96,175359.84,{"$f":"'MC - MATERIAL ADUTORA - 1-3'!M46","v":4},{"$f":"SUMIF(#REF!,Orçamento!A304,#REF!)","v":{"$error":"#REF!"}}]
["2.4.3.17",{"$f":"IF(C305=0,\"\",VLOOKUP(C305,BNCDADOS!$A:$H,8,0))","v":0},"FF135",{"$f":"IF(C305=0,\"\",VLOOKUP(C305,BNCDADOS!$A:$G,2,0))","v":"TOCO, FOFO, FLANGES, ABA DE VEDAÇÃO, DN 800MM"},{"$f":"IF(C305=0,\"\",VLOOKUP(C305,BNCDADOS!$A:$G,3,0))","v":"UN "},8,{"$f":"IF(C305=0,\"\",VLOOKUP(C305,BNCDADOS!$A:$G,4,0))","v":14772.77},16545.5,132364,{"$f":"IF(C305=0,\"\",VLOOKUP(C305,BNCDADOS!$A:$G,6,0))","v":14772.77},17355.05,138840.4,{"$f":"'MC - MATERIAL ADUTORA - 1-3'!M47","v":8},{"$f":"SUMIF(#REF!,Orçamento!A305,#REF!)","v":{"$error":"#REF!"}}]
["2.4.3.18",{"$f":"IF(C306=0,\"\",VLOOKUP(C306,BNCDADOS!$A:$H,8,0))","v":0},"VG09",{"$f":"IF(C306=0,\"\",VLOOKUP(C306,BNCDADOS!$A:$G,2,0))","v":"VÁLVULA GAVETA OVAL, FLANGES, CORPO CURTO, CABEÇOTE E CUNHA METÁLICA, DN 800MM"},{"$f":"IF(C306=0,\"\",VLOOKUP(C306,BNCDADOS!$A:$G,3,0))","v":"UN "},8,{"$f":"IF(C306=0,\"\",VLOOKUP(C306,BNCDADOS!$A:$G,4,0))","v":153253.5},171643.92,1373151.36,{"$f":"IF(C306=0,\"\",VLOOKUP(C306,BNCDADOS!$A:$G,6,0))","v":153253.5},180042.21,1440337.68,{"$f":"'MC - MATERIAL ADUTORA - 1-3'!M52","v":8},{"$f":"SUMIF(#REF!,Orçamento!A306,#REF!)","v":{"$error":"#REF!"}}]
["2.4.3.19",{"$f":"IF(C307=0,\"\",VLOOKUP(C307,BNCDADOS!$A:$H,8,0))","v":0},"FF136",{"$f":"IF(C307=0,\"\",VLOOKUP(C307,BNCDADOS!$A:$G,2,0))","v":"PARAFUSO PARA FLANGES, PN10, 30X140"},{"$f":"IF(C307=0,\"\",VLOOKUP(C307,BNCDADOS!$A:$G,3,0))","v":"UN "},864,{"$f":"IF(C307=0,\"\",VLOOKUP(C307,BNCDADOS!$A:$G,4,0))","v":54.1},60.59,52349.760000000002,{"$f":"IF(C307=0,\"\",VLOOKUP(C307,BNCDADOS!$A:$G,6,0))","v":54.1},63.55,54907.199999999997,{"$f":"'MC - MATERIAL ADUTORA - 1-3'!M50","v":864},{"$f":"SUMIF(#REF!,Orçamento!A307,#REF!)","v":{"$error":"#REF!"}}]
["2.4.3.20",{"$f":"IF(C308=0,\"\",VLOOKUP(C308,BNCDADOS!$A:$H,8,0))","v":0},"FF137",{"$f":"IF(C308=0,\"\",VLOOKUP(C308,BNCDADOS!$A:$G,2,0))","v":"ARRUELA DE BORRACHA PARA FLANGES, DN 800MM"},{"$f":"IF(C308=0,\"\",VLOOKUP(C308,BNCDADOS!$A:$G,3,0))","v":"UN "},36,{"$f":"IF(C308=0,\"\",VLOOKUP(C308,BNCDADOS!$A:$G,4,0))","v":281.18},314.92,11337.12,{"$f":"IF(C308=0,\"\",VLOOKUP(C308,BNCDADOS!$A:$G,6,0))","v":281.18},330.33,11891.88,{"$f":"'MC - MATERIAL ADUTORA - 1-3'!M49","v":36},{"$f":"SUMIF(#REF!,Orçamento!A308,#REF!)","v":{"$error":"#REF!"}}]
[null,{"$f":"IF(C309=0,\"\",VLOOKUP(C309,[142]BNCDADOS!$A:$H,8,0))","v":""},null,{"$f":"IF(C309=0,\"\",VLOOKUP(C309,[142]BNCDADOS!$A:$G,2,0))","v":""},{"$f":"IF(C309=0,\"\",VLOOKUP(C309,[142]BNCDADOS!$A:$G,3,0))","v":""},0,{"$f":"IF(C309=0,\"\",VLOOKUP(C309,[142]BNCDADOS!$A:$G,4,0))","v":""},{"$f":"IF(C309=0,\"\",VLOOKUP(C309,[142]BNCDADOS!$A:$G,5,0))","v":""},{"$f":"IF(H309=\"\",0,TRUNC(H309*F309,2))","v":0},{"$f":"IF(C309=0,\"\",VLOOKUP(C309,[142]BNCDADOS!$A:$G,6,0))","v":""},{"$f":"IF(C309=0,\"\",VLOOKUP(C309,[142]BNCDADOS!$A:$G,7,0))","v":""},{"$f":"IF(K309=\"\",0,TRUNC(K309*F309,2))","v":0},null,{"$f":"SUMIF(#REF!,Orçamento!A309,#REF!)","v":{"$error":"#REF!"}}]
["2.5",null,null,"EQUIPAMENTOS_TRECHO 01 - CAPATAÇÃO A ETA",{"$nulls":4},{"$f":"SUM(I311,I317)","v":32877943.810000002},null,null,{"$f":"SUM(L311,L317)","v":34486614.630000003},null,{"$f":"SUMIF(#REF!,Orçamento!A310,#REF!)","v":{"$error":"#REF!"}}]
["2.5.1",{"$f":"IF(C311=0,\"\",VLOOKUP(C311,[142]BNCDADOS!$A:$G,8,0))","v":""},null,"EQUIPAMENTO MECÂNICOS",{"$f":"IF(C311=0,\"\",VLOOKUP(C311,[142]BNCDADOS!$A:$G,3,0))","v":""},{"$f":"TRUNC(M311,2)","v":0},{"$f":"IF(C311=0,\"\",VLOOKUP(C311,[142]BNCDADOS!$A:$G,4,0))","v":""},{"$f":"IF(C311=0,\"\",VLOOKUP(C311,[142]BNCDADOS!$A:$G,5,0))","v":""},{"$f":"SUM(I313:I316)","v":31950251.170000002},{"$f":"IF(C311=0,\"\",VLOOKUP(C311,[142]BNCDADOS!$A:$G,6,0))","v":""},{"$f":"IF(C311=0,\"\",VLOOKUP(C311,[142]BNCDADOS!$A:$G,7,0))","v":""},{"$f":"SUM(L313:L316)","v":33513531.330000002},0,{"$f":"SUMIF(#REF!,Orçamento!A311,#REF!)","v":{"$error":"#REF!"}}]
[null,{"$f":"IF(C312=0,\"\",VLOOKUP(C312,[142]BNCDADOS!$A:$G,8,0))","v":""},null,"CAPTAÇÃO",{"$f":"IF(C312=0,\"\",VLOOKUP(C312,[142]BNCDADOS!$A:$G,3,0))","v":""},0,{"$f":"IF(C312=0,\"\",VLOOKUP(C312,[142]BNCDADOS!$A:$G,4,0))","v":""},{"$nulls":6},{"$f":"SUMIF(#REF!,Orçamento!A312,#REF!)","v":{"$error":"#REF!"}}]
["2.5.1.1",{"$f":"IF(C313=0,\"\",VLOOKUP(C313,BNCDADOS!$A:$H,8,0))","v":0},"B01",{"$f":"IF(C313=0,\"\",VLOOKUP(C313,BNCDADOS!$A:$G,2,0))","v":"BOMBA CENTRÍFUGA DE EIXO HORIZONTAL, Q=296,98 L/S, AMT=102,76 mca (CAPTAÇÃO)"},{"$f":"IF(C313=0,\"\",VLOOKUP(C313,BNCDADOS!$A:$G,3,0))","v":"UN "},4,{"$f":"IF(C313=0,\"\",VLOOKUP(C313,BNCDADOS!$A:$G,4,0))","v":709392.83},{"$f":"TRUNC(G313*(1+$I$5),2)","v":794519.96},{"$f":"IF(H313=\"\",0,TRUNC(H313*F313,2))","v":3178079.84},{"$f":"IF(C313=0,\"\",VLOOKUP(C313,BNCDADOS!$A:$G,6,0))","v":709392.83},{"$f":"TRUNC(J313*(1+$L$5),2)","v":833394.69},{"$f":"IF(K313=\"\",0,TRUNC(K313*F313,2))","v":3333578.76},4,{"$f":"SUMIF(#REF!,Orçamento!A313,#REF!)","v":{"$error":"#REF!"}}]
[null,{"$f":"IF(C314=0,\"\",VLOOKUP(C314,[142]BNCDADOS!$A:$G,8,0))","v":""},null,"ETA",{"$f":"IF(C314=0,\"\",VLOOKUP(C314,[142]BNCDADOS!$A:$G,3,0))","v":""},{"$f":"TRUNC(M314,2)","v":0},{"$f":"IF(C314=0,\"\",VLOOKUP(C314,[142]BNCDADOS!$A:$G,4,0))","v":""},{"$nulls":6},{"$f":"SUMIF(#REF!,Orçamento!A314,#REF!)","v":{"$error":"#REF!"}}]
["2.5.1.2",{"$f":"IF(C315=0,\"\",VLOOKUP(C315,BNCDADOS!$A:$H,8,0))","v":0},"B02",{"$f":"IF(C315=0,\"\",VLOOKUP(C315,BNCDADOS!$A:$G,2,0))","v":"BOMBA CENTRÍFUGA DE EIXO HORIZONTAL, Q=269,93 L/S, AMT=75,00 mca (EEAT-ETA)"},{"$f":"IF(C315=0,\"\",VLOOKUP(C315,BNCDADOS!$A:$G,3,0))","v":"UN "},{"$f":"TRUNC(M315,2)","v":4},{"$f":"IF(C315=0,\"\",VLOOKUP(C315,BNCDADOS!$A:$G,4,0))","v":519044.71},{"$f":"TRUNC(G315*(1+$I$5),2)","v":581330.06999999995},{"$f":"IF(H315=\"\",0,TRUNC(H315*F315,2))","v":2325320.2799999998},{"$f":"IF(C315=0,\"\",VLOOKUP(C315,BNCDADOS!$A:$G,6,0))","v":519044.71},{"$f":"TRUNC(J315*(1+$L$5),2)","v":609773.72},{"$f":"IF(K315=\"\",0,TRUNC(K315*F315,2))","v":2439094.88},4,{"$f":"SUMIF(#REF!,Orçamento!A315,#REF!)","v":{"$error":"#REF!"}}]
["2.5.1.3",{"$f":"IF(C316=0,\"\",VLOOKUP(C316,BNCDADOS!$A:$H,8,0))","v":0},"ETA",{"$f":"IF(C316=0,\"\",VLOOKUP(C316,BNCDADOS!$A:$G,2,0))","v":"ESTAÇÃO DE TRATAMENTO DE ÁGUA DO TIPO DUPLA FILTRAÇÃO, FABRICADA EM PLÁSTICO REFORÇADO COM FIBRA DE VIDRO (PRFV), INLCUINDO RECIRCULAÇÃO DE RESÍDUOS LÍQUIDOS GERADOS NA ETA"},{"$f":"IF(C316=0,\"\",VLOOKUP(C316,BNCDADOS!$A:$G,3,0))","v":"UN "},1,{"$f":"IF(C316=0,\"\",VLOOKUP(C316,BNCDADOS!$A:$G,4,0))","v":23613259.870000001},26446851.050000001,26446851.050000001,{"$f":"IF(C316=0,\"\",VLOOKUP(C316,BNCDADOS!$A:$G,6,0))","v":23613259.870000001},27740857.690000001,27740857.690000001,1,{"$f":"SUMIF(#REF!,Orçamento!A316,#REF!)","v":{"$error":"#REF!"}}]
["2.5.2",{"$f":"IF(C317=0,\"\",VLOOKUP(C317,[142]BNCDADOS!$A:$G,8,0))","v":""},null,"EQUIPAMENTO ELÉTRICOS",{"$f":"IF(C317=0,\"\",VLOOKUP(C317,[142]BNCDADOS!$A:$G,3,0))","v":""},0,{"$f":"IF(C317=0,\"\",VLOOKUP(C317,[142]BNCDADOS!$A:$G,4,0))","v":""},{"$f":"IF(C317=0,\"\",VLOOKUP(C317,[142]BNCDADOS!$A:$G,5,0))","v":""},{"$f":"SUM(I319:I324)","v":927692.6399999999},{"$f":"IF(C317=0,\"\",VLOOKUP(C317,[142]BNCDADOS!$A:$G,6,0))","v":""},{"$f":"IF(C317=0,\"\",VLOOKUP(C317,[142]BNCDADOS!$A:$G,7,0))","v":""},{"$f":"SUM(L319:L324)","v":973083.29999999993},0,{"$f":"SUMIF(#REF!,Orçamento!A317,#REF!)","v":{"$error":"#REF!"}}]
[null,{"$f":"IF(C318=0,\"\",VLOOKUP(C318,[142]BNCDADOS!$A:$G,8,0))","v":""},null,"CAPTAÇÃO",{"$f":"IF(C318=0,\"\",VLOOKUP(C318,[142]BNCDADOS!$A:$G,3,0))","v":""},0,{"$f":"IF(C318=0,\"\",VLOOKUP(C318,[142]BNCDADOS!$A:$G,4,0))","v":""},{"$nulls":6},{"$f":"SUMIF(#REF!,Orçamento!A318,#REF!)","v":{"$error":"#REF!"}}]
["2.5.2.1",{"$f":"IF(C319=0,\"\",VLOOKUP(C319,BNCDADOS!$A:$H,8,0))","v":0},"QC03",{"$f":"IF(C319=0,\"\",VLOOKUP(C319,BNCDADOS!$A:$G,2,0))","v":"QUADRO DE COMANDO, C/ SISTEMA DE VARIACAO DE VELOCIDADE, TIPO INVERSOR DE FREQUENCIA, P/ QUARO MOTORES TRIFASICOS DE 550 CV, 380V, SENDO O ESQUEMA 3+1"},{"$f":"IF(C319=0,\"\",VLOOKUP(C319,BNCDADOS!$A:$G,3,0))","v":"UN "},1,{"$f":"IF(C319=0,\"\",VLOOKUP(C319,BNCDADOS!$A:$G,4,0))","v":255391.45},{"$f":"TRUNC(G319*(1+$I$5),2)","v":286038.42},{"$f":"IF(H319=\"\",0,TRUNC(H319*F319,2))","v":286038.42},{"$f":"IF(C319=0,\"\",VLOOKUP(C319,BNCDADOS!$A:$G,6,0))","v":255391.45},{"$f":"TRUNC(J319*(1+$L$5),2)","v":300033.87},{"$f":"IF(K319=\"\",0,TRUNC(K319*F319,2))","v":300033.87},1,{"$f":"SUMIF(#REF!,Orçamento!A319,#REF!)","v":{"$error":"#REF!"}}]
["2.5.2.2",{"$f":"IF(C320=0,\"\",VLOOKUP(C320,BNCDADOS!$A:$H,8,0))","v":0},"TRF03",{"$f":"IF(C320=0,\"\",VLOOKUP(C320,BNCDADOS!$A:$G,2,0))","v":"TRANSFORMADOR TRIFÁSICO A ÓLEO, 1000KVA-13.8KV-380/220V- Y-60Hz"},{"$f":"IF(C320=0,\"\",VLOOKUP(C320,BNCDADOS!$A:$G,3,0))","v":"UN "},2,{"$f":"IF(C320=0,\"\",VLOOKUP(C320,BNCDADOS!$A:$G,4,0))","v":96330},107889.60000000001,215779.20000000001,{"$f":"IF(C320=0,\"\",VLOOKUP(C320,BNCDADOS!$A:$G,6,0))","v":96330},113168.48,226336.96,2,{"$f":"SUMIF(#REF!,Orçamento!A320,#REF!)","v":{"$error":"#REF!"}}]
[null,{"$f":"IF(C321=0,\"\",VLOOKUP(C321,[142]BNCDADOS!$A:$G,8,0))","v":""},null,"ETA",{"$f":"IF(C321=0,\"\",VLOOKUP(C321,[142]BNCDADOS!$A:$G,3,0))","v":""},{"$f":"TRUNC(M321,2)","v":0},{"$f":"IF(C321=0,\"\",VLOOKUP(C321,[142]BNCDADOS!$A:$G,4,0))","v":""},{"$nulls":6},{"$f":"SUMIF(#REF!,Orçamento!A321,#REF!)","v":{"$error":"#REF!"}}]
["2.5.2.3",{"$f":"IF(C322=0,\"\",VLOOKUP(C322,BNCDADOS!$A:$H,8,0))","v":0},"QC01",{"$f":"IF(C322=0,\"\",VLOOKUP(C322,BNCDADOS!$A:$G,2,0))","v":"CENTRO DE COMANDO DE MOTORES, PARA OS EQUIPAMENTOS ELÉTRICOS DO BLOCO HIDRÁULICO, COMPOSTO DE EQUIPAMENTOS E ACESSÓRIOS PARA ACIONAMENTO E PROTEÇÃO."},{"$f":"IF(C322=0,\"\",VLOOKUP(C322,BNCDADOS!$A:$G,3,0))","v":"UN "},{"$f":"TRUNC(M322,2)","v":1},{"$f":"IF(C322=0,\"\",VLOOKUP(C322,BNCDADOS!$A:$G,4,0))","v":54526.17},{"$f":"TRUNC(G322*(1+$I$5),2)","v":61069.31},{"$f":"IF(H322=\"\",0,TRUNC(H322*F322,2))","v":61069.31},{"$f":"IF(C322=0,\"\",VLOOKUP(C322,BNCDADOS!$A:$G,6,0))","v":54526.17},{"$f":"TRUNC(J322*(1+$L$5),2)","v":64057.34},{"$f":"IF(K322=\"\",0,TRUNC(K322*F322,2))","v":64057.34},1,{"$f":"SUMIF(#REF!,Orçamento!A322,#REF!)","v":{"$error":"#REF!"}}]
["2.5.2.4",{"$f":"IF(C323=0,\"\",VLOOKUP(C323,BNCDADOS!$A:$H,8,0))","v":0},"QC02",{"$f":"IF(C323=0,\"\",VLOOKUP(C323,BNCDADOS!$A:$G,2,0))","v":"QUADRO DE COMANDO, C/ SISTEMA DE VARIACAO DE VELOCIDADE, TIPO INVERSOR DE FREQUENCIA, P/ QUARO MOTORES TRIFASICOS DE 400 CV, 380V, SENDO O ESQUEMA 3+1"},{"$f":"IF(C323=0,\"\",VLOOKUP(C323,BNCDADOS!$A:$G,3,0))","v":"UN "},1,{"$f":"IF(C323=0,\"\",VLOOKUP(C323,BNCDADOS!$A:$G,4,0))","v":133059.39000000001},149026.51,149026.51,{"$f":"IF(C323=0,\"\",VLOOKUP(C323,BNCDADOS!$A:$G,6,0))","v":133059.39000000001},156318.17000000001,156318.17000000001,1,{"$f":"SUMIF(#REF!,Orçamento!A323,#REF!)","v":{"$error":"#REF!"}}]
["2.5.2.5",{"$f":"IF(C324=0,\"\",VLOOKUP(C324,BNCDADOS!$A:$H,8,0))","v":0},"TRF03",{"$f":"IF(C324=0,\"\",VLOOKUP(C324,BNCDADOS!$A:$G,2,0))","v":"TRANSFORMADOR TRIFÁSICO A ÓLEO, 1000KVA-13.8KV-380/220V- Y-60Hz"},{"$f":"IF(C324=0,\"\",VLOOKUP(C324,BNCDADOS!$A:$G,3,0))","v":"UN "},2,{"$f":"IF(C324=0,\"\",VLOOKUP(C324,BNCDADOS!$A:$G,4,0))","v":96330},107889.60000000001,215779.20000000001,{"$f":"IF(C324=0,\"\",VLOOKUP(C324,BNCDADOS!$A:$G,6,0))","v":96330},113168.48,226336.96,2,{"$f":"SUMIF(#REF!,Orçamento!A324,#REF!)","v":{"$error":"#REF!"}}]
[null,{"$f":"IF(C325=0,\"\",VLOOKUP(C325,[142]BNCDADOS!$A:$H,8,0))","v":""},null,{"$f":"IF(C325=0,\"\",VLOOKUP(C325,[142]BNCDADOS!$A:$G,2,0))","v":""},{"$f":"IF(C325=0,\"\",VLOOKUP(C325,[142]BNCDADOS!$A:$G,3,0))","v":""},{"$f":"TRUNC(M325,2)","v":0},{"$f":"IF(C325=0,\"\",VLOOKUP(C325,[142]BNCDADOS!$A:$G,4,0))","v":""},{"$f":"IF(C325=0,\"\",VLOOKUP(C325,[142]BNCDADOS!$A:$G,5,0))","v":""},{"$f":"IF(H325=\"\",0,TRUNC(H325*F325,2))","v":0},{"$f":"IF(C325=0,\"\",VLOOKUP(C325,[142]BNCDADOS!$A:$G,6,0))","v":""},{"$f":"IF(C325=0,\"\",VLOOKUP(C325,[142]BNCDADOS!$A:$G,7,0))","v":""},{"$f":"IF(K325=\"\",0,TRUNC(K325*F325,2))","v":0}]
["3.",null,null,"TRECHO 02 - ETA À MONTANHAS",{"$nulls":4},{"$f":"SUM(I327,I359,I454,I558,I807,I867,I391,I426,I662,I734)","v":70996984.969999999},null,null,{"$f":"SUM(L327,L359,L454,L558,L807,L867,L391,L426,L662,L734)","v":73921718.310000002}]
["3.1",null,null,"SERVIÇOS_ADUTORA TRECHO 02.01 ",{"$nulls":4},{"$f":"SUM(I328,I335,I344,I352,I355)","v":3990044.1700000004},null,null,{"$f":"SUM(L328,L335,L344,L352,L355)","v":4046447.1999999997}]
["3.1.1",{"$f":"IF(C328=0,\"\",VLOOKUP(C328,[142]BNCDADOS!$A:$G,8,0))","v":""},null,"SERVIÇOS PRELIMINARES",{"$f":"IF(C328=0,\"\",VLOOKUP(C328,[142]BNCDADOS!$A:$G,3,0))","v":""},{"$f":"TRUNC(M328,2)","v":0},{"$f":"IF(C328=0,\"\",VLOOKUP(C328,[142]BNCDADOS!$A:$G,4,0))","v":""},{"$f":"IF(C328=0,\"\",VLOOKUP(C328,[142]BNCDADOS!$A:$G,5,0))","v":""},{"$f":"SUM(I329:I334)","v":208328.69},{"$f":"IF(C328=0,\"\",VLOOKUP(C328,[142]BNCDADOS!$A:$G,6,0))","v":""},{"$f":"IF(C328=0,\"\",VLOOKUP(C328,[142]BNCDADOS!$A:$G,7,0))","v":""},{"$f":"SUM(L329:L334)","v":208517.46999999997}]
["3.1.1.1",{"$f":"IF(C329=0,\"\",VLOOKUP(C329,BNCDADOS!$A:$H,8,0))","v":"caern"},2010050,{"$f":"IF(C329=0,\"\",VLOOKUP(C329,BNCDADOS!$A:$G,2,0))","v":"LOCAÇÃO DE ADUTORAS, COLETORES TRONCO E INTERCEPTORES - COM AUXÍLIO DE EQUIPAMENTO TOPOGRÁFICO. R_11/2018"},{"$f":"IF(C329=0,\"\",VLOOKUP(C329,BNCDADOS!$A:$G,3,0))","v":"M"},9668.1,{"$f":"IF(C329=0,\"\",VLOOKUP(C329,BNCDADOS!$A:$G,4,0))","v":2.56},{"$f":"IF(C329=0,\"\",VLOOKUP(C329,BNCDADOS!$A:$G,5,0))","v":3.16},{"$f":"IF(H329=\"\",0,TRUNC(H329*F329,2))","v":30551.19},{"$f":"IF(C329=0,\"\",VLOOKUP(C329,BNCDADOS!$A:$G,6,0))","v":2.2400000000000002},{"$f":"IF(C329=0,\"\",VLOOKUP(C329,BNCDADOS!$A:$G,7,0))","v":2.91},{"$f":"IF(K329=\"\",0,TRUNC(K329*F329,2))","v":28134.17},{"$f":"SUMIF('MC - TRECHO 02'!A:A,Orçamento!A329,'MC - TRECHO 02'!R:R)","v":9668.1}]
["3.1.1.2",{"$f":"IF(C330=0,\"\",VLOOKUP(C330,BNCDADOS!$A:$H,8,0))","v":"SINAPI/RN\nSERVIÇO"},98525,{"$f":"IF(C330=0,\"\",VLOOKUP(C330,BNCDADOS!$A:$G,2,0))","v":"LIMPEZA MECANIZADA DE CAMADA VEGETAL, VEGETAÇÃO E PEQUENAS ÁRVORES (DIÂMETRO DE TRONCO MENOR QUE 0,20 M), COM TRATOR DE ESTEIRAS. AF_03/2024"},{"$f":"IF(C330=0,\"\",VLOOKUP(C330,BNCDADOS!$A:$G,3,0))","v":"M2"},58008.6,{"$f":"IF(C330=0,\"\",VLOOKUP(C330,BNCDADOS!$A:$G,4,0))","v":"0,61"},{"$f":"IF(C330=0,\"\",VLOOKUP(C330,BNCDADOS!$A:$G,5,0))","v":0.75},43506.45,{"$f":"IF(C330=0,\"\",VLOOKUP(C330,BNCDADOS!$A:$G,6,0))","v":"0,58"},{"$f":"IF(C330=0,\"\",VLOOKUP(C330,BNCDADOS!$A:$G,7,0))","v":0.75},43506.45,{"$f":"SUMIF('MC - TRECHO 02'!A:A,Orçamento!A330,'MC - TRECHO 02'!R:R)","v":58008.6}]
["3.1.1.3",{"$f":"IF(C331=0,\"\",VLOOKUP(C331,BNCDADOS!$A:$H,8,0))","v":"caern"},2010053,{"$f":"IF(C331=0,\"\",VLOOKUP(C331,BNCDADOS!$A:$G,2,0))","v":"SINALIZAÇÃO DE OBRA COM TELA TAPUME, COR LARANJA, COM SUPORTE A CADA 2M E PLACA DE SINALIZAÇÃO SOBRE CAVALETE. INC_11/2019"},{"$f":"IF(C331=0,\"\",VLOOKUP(C331,BNCDADOS!$A:$G,3,0))","v":"M"},19336.2,{"$f":"IF(C331=0,\"\",VLOOKUP(C331,BNCDADOS!$A:$G,4,0))","v":4.54},{"$f":"IF(C331=0,\"\",VLOOKUP(C331,BNCDADOS!$A:$G,5,0))","v":5.61},108476.08,{"$f":"IF(C331=0,\"\",VLOOKUP(C331,BNCDADOS!$A:$G,6,0))","v":4.3899999999999997},{"$f":"IF(C331=0,\"\",VLOOKUP(C331,BNCDADOS!$A:$G,7,0))","v":5.7},110216.34,{"$f":"SUMIF('MC - TRECHO 02'!A:A,Orçamento!A331,'MC - TRECHO 02'!R:R)","v":19336.2}]
["3.1.1.4",{"$f":"IF(C332=0,\"\",VLOOKUP(C332,BNCDADOS!$A:$H,8,0))","v":"SINAPI/RN\nSERVIÇO"},97054,{"$f":"IF(C332=0,\"\",VLOOKUP(C332,BNCDADOS!$A:$G,2,0))","v":"INSTALAÇÃO DE SINALIZADOR NOTURNO LED. AF_03/2024"},{"$f":"IF(C332=0,\"\",VLOOKUP(C332,BNCDADOS!$A:$G,3,0))","v":"UN"},194,{"$f":"IF(C332=0,\"\",VLOOKUP(C332,BNCDADOS!$A:$G,4,0))","v":"28,12"},{"$f":"IF(C332=0,\"\",VLOOKUP(C332,BNCDADOS!$A:$G,5,0))","v":34.78},6747.32,{"$f":"IF(C332=0,\"\",VLOOKUP(C332,BNCDADOS!$A:$G,6,0))","v":"27,08"},{"$f":"IF(C332=0,\"\",VLOOKUP(C332,BNCDADOS!$A:$G,7,0))","v":35.19},6826.86,{"$f":"SUMIF('MC - TRECHO 02'!A:A,Orçamento!A332,'MC - TRECHO 02'!R:R)","v":194}]
["3.1.1.5",{"$f":"IF(C333=0,\"\",VLOOKUP(C333,BNCDADOS!$A:$H,8,0))","v":"caern"},2010037,{"$f":"IF(C333=0,\"\",VLOOKUP(C333,BNCDADOS!$A:$G,2,0))","v":"SONDAGEM DE INTERFERÊNCIA, ESCAVAÇÃO MANUAL DE VALA DE 0,60M ATÉ 1,30M, EM RUAS SEM PAVIMENTAÇÃO"},{"$f":"IF(C333=0,\"\",VLOOKUP(C333,BNCDADOS!$A:$G,3,0))","v":"M"},14.5,{"$f":"IF(C333=0,\"\",VLOOKUP(C333,BNCDADOS!$A:$G,4,0))","v":89.34},{"$f":"IF(C333=0,\"\",VLOOKUP(C333,BNCDADOS!$A:$G,5,0))","v":110.5},1602.25,{"$f":"IF(C333=0,\"\",VLOOKUP(C333,BNCDADOS!$A:$G,6,0))","v":80.78},{"$f":"IF(C333=0,\"\",VLOOKUP(C333,BNCDADOS!$A:$G,7,0))","v":104.98},1522.21,{"$f":"SUMIF('MC - TRECHO 02'!A:A,Orçamento!A333,'MC - TRECHO 02'!R:R)","v":14.5}]
["3.1.1.6",{"$f":"IF(C334=0,\"\",VLOOKUP(C334,BNCDADOS!$A:$H,8,0))","v":0},"COMP 01",{"$f":"IF(C334=0,\"\",VLOOKUP(C334,BNCDADOS!$A:$G,2,0))","v":"CANTEIRO ITINERANTE COMPOSTO DE TOLDO, CONJUNTO DE MESA E CADEIRAS E BANHEIRO QUÍMICO COM LIMPEZA DIÁRIA INCLUSO COLETA E DESTINAÇÃO FINAL DE EFLUENTES"},{"$f":"IF(C334=0,\"\",VLOOKUP(C334,BNCDADOS!$A:$G,3,0))","v":"UN"},14,{"$f":"IF(C334=0,\"\",VLOOKUP(C334,BNCDADOS!$A:$G,4,0))","v":1007.4399999999999},{"$f":"IF(C334=0,\"\",VLOOKUP(C334,BNCDADOS!$A:$G,5,0))","v":1246.0999999999999},17445.400000000001,{"$f":"IF(C334=0,\"\",VLOOKUP(C334,BNCDADOS!$A:$G,6,0))","v":1006.4399999999999},{"$f":"IF(C334=0,\"\",VLOOKUP(C334,BNCDADOS!$A:$G,7,0))","v":1307.96},18311.439999999999,{"$f":"SUMIF('MC - TRECHO 02'!A:A,Orçamento!A334,'MC - TRECHO 02'!R:R)","v":14}]
["3.1.2",{"$f":"IF(C335=0,\"\",VLOOKUP(C335,[142]BNCDADOS!$A:$G,8,0))","v":""},null,"MOVIMENTO DE TERRA",{"$f":"IF(C335=0,\"\",VLOOKUP(C335,[142]BNCDADOS!$A:$G,3,0))","v":""},0,{"$f":"IF(C335=0,\"\",VLOOKUP(C335,[142]BNCDADOS!$A:$G,4,0))","v":""},{"$f":"IF(C335=0,\"\",VLOOKUP(C335,[142]BNCDADOS!$A:$G,5,0))","v":""},{"$f":"SUM(I336:I343)","v":2819333.2800000003},{"$f":"IF(C335=0,\"\",VLOOKUP(C335,[142]BNCDADOS!$A:$G,6,0))","v":""},{"$f":"IF(C335=0,\"\",VLOOKUP(C335,[142]BNCDADOS!$A:$G,7,0))","v":""},{"$f":"SUM(L336:L343)","v":2870232.59}]
["3.1.2.1",{"$f":"IF(C336=0,\"\",VLOOKUP(C336,BNCDADOS!$A:$H,8,0))","v":0},"COMP 02",{"$f":"IF(C336=0,\"\",VLOOKUP(C336,BNCDADOS!$A:$G,2,0))","v":"ESCAVAÇÃO MANUAL DE VALA COM PROFUNDIDADE MENOR OU IGUAL A 2,00 M"},{"$f":"IF(C336=0,\"\",VLOOKUP(C336,BNCDADOS!$A:$G,3,0))","v":"M³"},355.79,{"$f":"IF(C336=0,\"\",VLOOKUP(C336,BNCDADOS!$A:$G,4,0))","v":81.489999999999995},{"$f":"IF(C336=0,\"\",VLOOKUP(C336,BNCDADOS!$A:$G,5,0))","v":100.79},{"$f":"IF(H336=\"\",0,TRUNC(H336*F336,2))","v":35860.07},{"$f":"IF(C336=0,\"\",VLOOKUP(C336,BNCDADOS!$A:$G,6,0))","v":73.58},{"$f":"IF(C336=0,\"\",VLOOKUP(C336,BNCDADOS!$A:$G,7,0))","v":95.62},{"$f":"IF(K336=\"\",0,TRUNC(K336*F336,2))","v":34020.629999999997},{"$f":"SUMIF('MC - TRECHO 02'!A:A,Orçamento!A336,'MC - TRECHO 02'!R:R)","v":355.79}]
["3.1.2.2",{"$f":"IF(C337=0,\"\",VLOOKUP(C337,BNCDADOS!$A:$H,8,0))","v":"SINAPI/RN\nSERVIÇO"},90092,{"$f":"IF(C337=0,\"\",VLOOKUP(C337,BNCDADOS!$A:$G,2,0))","v":"ESCAVAÇÃO MECANIZADA DE VALA COM PROF. MAIOR QUE 1,5 M E ATÉ 3,0 M(MÉDIA MONTANTE E JUSANTE/UMA COMPOSIÇÃO POR TRECHO), ESCAVADEIRA (0,8 M3), LARG. MENOR QUE 1,5 M, EM SOLO DE 1A CATEGORIA, LOCAIS COM BAIXO NÍVEL DE INTERFERÊNCIA. AF_02/2021"},{"$f":"IF(C337=0,\"\",VLOOKUP(C337,BNCDADOS!$A:$G,3,0))","v":"M3"},29886.03,{"$f":"IF(C337=0,\"\",VLOOKUP(C337,BNCDADOS!$A:$G,4,0))","v":"6,17"},{"$f":"IF(C337=0,\"\",VLOOKUP(C337,BNCDADOS!$A:$G,5,0))","v":7.63},228030.4,{"$f":"IF(C337=0,\"\",VLOOKUP(C337,BNCDADOS!$A:$G,6,0))","v":"5,95"},{"$f":"IF(C337=0,\"\",VLOOKUP(C337,BNCDADOS!$A:$G,7,0))","v":7.73},231019.01,{"$f":"SUMIF('MC - TRECHO 02'!A:A,Orçamento!A337,'MC - TRECHO 02'!R:R)","v":29886.03}]
["3.1.2.3",{"$f":"IF(C338=0,\"\",VLOOKUP(C338,BNCDADOS!$A:$H,8,0))","v":"SINAPI/RN\nSERVIÇO"},102319,{"$f":"IF(C338=0,\"\",VLOOKUP(C338,BNCDADOS!$A:$G,2,0))","v":"ESCAVAÇÃO MECANIZADA DE VALA COM PROF. MAIOR QUE 1,5 M ATÉ 3,0 M (MÉDIA MONTANTE E JUSANTE/UMA COMPOSIÇÃO POR TRECHO),COM ESCAVADEIRA (1,2 M3),LARG. DE 1,5 M A 2,5 M, EM SOLO DE 2A CATEGORIA, LOCAIS COM BAIXO NÍVEL DE INTERFERÊNCIA. AF_02/2021"},{"$f":"IF(C338=0,\"\",VLOOKUP(C338,BNCDADOS!$A:$G,3,0))","v":"M3"},5336.79,{"$f":"IF(C338=0,\"\",VLOOKUP(C338,BNCDADOS!$A:$G,4,0))","v":"6,94"},{"$f":"IF(C338=0,\"\",VLOOKUP(C338,BNCDADOS!$A:$G,5,0))","v":8.58},45789.65,{"$f":"IF(C338=0,\"\",VLOOKUP(C338,BNCDADOS!$A:$G,6,0))","v":"6,73"},{"$f":"IF(C338=0,\"\",VLOOKUP(C338,BNCDADOS!$A:$G,7,0))","v":8.74},46643.54,{"$f":"SUMIF('MC - TRECHO 02'!A:A,Orçamento!A338,'MC - TRECHO 02'!R:R)","v":5336.79}]
["3.1.2.4",{"$f":"IF(C339=0,\"\",VLOOKUP(C339,BNCDADOS!$A:$H,8,0))","v":"SINAPI/RN\nSERVIÇO"},101625,{"$f":"IF(C339=0,\"\",VLOOKUP(C339,BNCDADOS!$A:$G,2,0))","v":"PREPARO DE FUNDO DE VALA COM LARGURA MAIOR OU IGUAL A 1,5 M E MENOR QUE 2,5 M, COM CAMADA DE AREIA, LANÇAMENTO MECANIZADO. AF_08/2020"},{"$f":"IF(C339=0,\"\",VLOOKUP(C339,BNCDADOS!$A:$G,3,0))","v":"M3"},1353.53,{"$f":"IF(C339=0,\"\",VLOOKUP(C339,BNCDADOS!$A:$G,4,0))","v":"155,31"},{"$f":"IF(C339=0,\"\",VLOOKUP(C339,BNCDADOS!$A:$G,5,0))","v":192.1},260013.11,{"$f":"IF(C339=0,\"\",VLOOKUP(C339,BNCDADOS!$A:$G,6,0))","v":"151,04"},{"$f":"IF(C339=0,\"\",VLOOKUP(C339,BNCDADOS!$A:$G,7,0))","v":196.29},265684.40000000002,{"$f":"SUMIF('MC - TRECHO 02'!A:A,Orçamento!A339,'MC - TRECHO 02'!R:R)","v":1353.53}]
["3.1.2.5",{"$f":"IF(C340=0,\"\",VLOOKUP(C340,BNCDADOS!$A:$H,8,0))","v":"caern"},2040105,{"$f":"IF(C340=0,\"\",VLOOKUP(C340,BNCDADOS!$A:$G,2,0))","v":"ESCORAMENTO DE VALA, TIPO BLINDAGEM, COM PROFUNDIDADE DE 1,5 A 3,0 M, LARGURA MAIOR OU IGUAL A 1,5 M E MENOR QUE 2,50 M - EXECUÇÃO E FORNECIMENTO, INCLUI MATERIAL. R_11/2020"},{"$f":"IF(C340=0,\"\",VLOOKUP(C340,BNCDADOS!$A:$G,3,0))","v":"M²"},35578.61,{"$f":"IF(C340=0,\"\",VLOOKUP(C340,BNCDADOS!$A:$G,4,0))","v":22.549999999999997},{"$f":"IF(C340=0,\"\",VLOOKUP(C340,BNCDADOS!$A:$G,5,0))","v":27.89},992287.43,{"$f":"IF(C340=0,\"\",VLOOKUP(C340,BNCDADOS!$A:$G,6,0))","v":21.51},{"$f":"IF(C340=0,\"\",VLOOKUP(C340,BNCDADOS!$A:$G,7,0))","v":27.95},994422.14,{"$f":"SUMIF('MC - TRECHO 02'!A:A,Orçamento!A340,'MC - TRECHO 02'!R:R)","v":35578.61}]
["3.1.2.6",{"$f":"IF(C341=0,\"\",VLOOKUP(C341,BNCDADOS!$A:$H,8,0))","v":"SINAPI/RN\nSERVIÇO"},94306,{"$f":"IF(C341=0,\"\",VLOOKUP(C341,BNCDADOS!$A:$G,2,0))","v":"ATERRO MECANIZADO DE VALA COM ESCAVADEIRA HIDRÁULICA (CAPACIDADE DA CAÇAMBA: 0,8 M³ / POTÊNCIA: 111 HP), LARGURA ATÉ 2,5 M, PROFUNDIDADE DE 1,5 A 3,0 M, COM SOLO ARGILO-ARENOSO. AF_08/2023"},{"$f":"IF(C341=0,\"\",VLOOKUP(C341,BNCDADOS!$A:$G,3,0))","v":"M3"},10609.24,{"$f":"IF(C341=0,\"\",VLOOKUP(C341,BNCDADOS!$A:$G,4,0))","v":"68,70"},{"$f":"IF(C341=0,\"\",VLOOKUP(C341,BNCDADOS!$A:$G,5,0))","v":84.97},901467.12,{"$f":"IF(C341=0,\"\",VLOOKUP(C341,BNCDADOS!$A:$G,6,0))","v":"67,93"},{"$f":"IF(C341=0,\"\",VLOOKUP(C341,BNCDADOS!$A:$G,7,0))","v":88.28},936583.7,{"$f":"SUMIF('MC - TRECHO 02'!A:A,Orçamento!A341,'MC - TRECHO 02'!R:R)","v":10609.24}]
["3.1.2.7",{"$f":"IF(C342=0,\"\",VLOOKUP(C342,BNCDADOS!$A:$H,8,0))","v":"SINAPI/RN\nSERVIÇO"},104730,{"$f":"IF(C342=0,\"\",VLOOKUP(C342,BNCDADOS!$A:$G,2,0))","v":"REATERRO MECANIZADO DE VALA COM ESCAVADEIRA HIDRÁULICA (CAPACIDADE DA CAÇAMBA: 0,8 M³/POTÊNCIA: 111 HP), LARGURA DE 1,5 A 2,5 M, PROFUNDIDADE DE 1,5 A 3,0 M, COM SOLO (SEM SUBSTITUIÇÃO) DE 1ª CATEGORIA, COM PLACA VIBRATÓRIA. AF_08/2023"},{"$f":"IF(C342=0,\"\",VLOOKUP(C342,BNCDADOS!$A:$G,3,0))","v":"M3"},20109.650000000001,{"$f":"IF(C342=0,\"\",VLOOKUP(C342,BNCDADOS!$A:$G,4,0))","v":"13,03"},{"$f":"IF(C342=0,\"\",VLOOKUP(C342,BNCDADOS!$A:$G,5,0))","v":16.11},323966.46000000002,{"$f":"IF(C342=0,\"\",VLOOKUP(C342,BNCDADOS!$A:$G,6,0))","v":"12,61"},{"$f":"IF(C342=0,\"\",VLOOKUP(C342,BNCDADOS!$A:$G,7,0))","v":16.38},329396.06,{"$f":"SUMIF('MC - TRECHO 02'!A:A,Orçamento!A342,'MC - TRECHO 02'!R:R)","v":20109.650000000001}]
["3.1.2.8",{"$f":"IF(C343=0,\"\",VLOOKUP(C343,BNCDADOS!$A:$H,8,0))","v":"SINAPI/RN\nSERVIÇO"},100574,{"$f":"IF(C343=0,\"\",VLOOKUP(C343,BNCDADOS!$A:$G,2,0))","v":"ESPALHAMENTO DE MATERIAL COM TRATOR DE ESTEIRAS. AF_11/2019"},{"$f":"IF(C343=0,\"\",VLOOKUP(C343,BNCDADOS!$A:$G,3,0))","v":"M3"},18135.82,{"$f":"IF(C343=0,\"\",VLOOKUP(C343,BNCDADOS!$A:$G,4,0))","v":"1,43"},{"$f":"IF(C343=0,\"\",VLOOKUP(C343,BNCDADOS!$A:$G,5,0))","v":1.76},31919.040000000001,{"$f":"IF(C343=0,\"\",VLOOKUP(C343,BNCDADOS!$A:$G,6,0))","v":"1,38"},{"$f":"IF(C343=0,\"\",VLOOKUP(C343,BNCDADOS!$A:$G,7,0))","v":1.79},32463.11,{"$f":"SUMIF('MC - TRECHO 02'!A:A,Orçamento!A343,'MC - TRECHO 02'!R:R)","v":18135.82}]
["3.1.3",{"$f":"IF(C344=0,\"\",VLOOKUP(C344,[142]BNCDADOS!$A:$G,8,0))","v":""},null,"ASSENTAMENTO E MONTAGEM DOS TUBOS E CONEXÕES",{"$f":"IF(C344=0,\"\",VLOOKUP(C344,[142]BNCDADOS!$A:$G,3,0))","v":""},0,{"$f":"IF(C344=0,\"\",VLOOKUP(C344,[142]BNCDADOS!$A:$G,4,0))","v":""},{"$f":"IF(C344=0,\"\",VLOOKUP(C344,[142]BNCDADOS!$A:$G,5,0))","v":""},{"$f":"SUM(I345:I351)","v":241817.98},{"$f":"IF(C344=0,\"\",VLOOKUP(C344,[142]BNCDADOS!$A:$G,6,0))","v":""},{"$f":"IF(C344=0,\"\",VLOOKUP(C344,[142]BNCDADOS!$A:$G,7,0))","v":""},{"$f":"SUM(L345:L351)","v":238879.18}]
["3.1.3.1",{"$f":"IF(C345=0,\"\",VLOOKUP(C345,BNCDADOS!$A:$H,8,0))","v":"caern"},2060305,{"$f":"IF(C345=0,\"\",VLOOKUP(C345,BNCDADOS!$A:$G,2,0))","v":"ASSENTAMENTO DE TUBO DE PVC DEFOFO OU PRFV OU RPVC, DN 800 MM, JUNTA ELÁSTICA. R_11/2019"},{"$f":"IF(C345=0,\"\",VLOOKUP(C345,BNCDADOS!$A:$G,3,0))","v":"M"},9668.1,{"$f":"IF(C345=0,\"\",VLOOKUP(C345,BNCDADOS!$A:$G,4,0))","v":18.790000000000003},{"$f":"IF(C345=0,\"\",VLOOKUP(C345,BNCDADOS!$A:$G,5,0))","v":23.24},{"$f":"IF(H345=\"\",0,TRUNC(H345*F345,2))","v":224686.64},{"$f":"IF(C345=0,\"\",VLOOKUP(C345,BNCDADOS!$A:$G,6,0))","v":17.66},{"$f":"IF(C345=0,\"\",VLOOKUP(C345,BNCDADOS!$A:$G,7,0))","v":22.95},{"$f":"IF(K345=\"\",0,TRUNC(K345*F345,2))","v":221882.89},{"$f":"SUMIF('MC - TRECHO 02'!A:A,Orçamento!A345,'MC - TRECHO 02'!R:R)","v":9668.1}]
["3.1.3.2",{"$f":"IF(C346=0,\"\",VLOOKUP(C346,BNCDADOS!$A:$H,8,0))","v":"caern"},2060562,{"$f":"IF(C346=0,\"\",VLOOKUP(C346,BNCDADOS!$A:$G,2,0))","v":"ASSENTAMENTO DE CONEXÕES EM FERRO FUNDIDO, JUNTA ELÁSTICA, DIAM.= 800 MM. INC_05/2020"},{"$f":"IF(C346=0,\"\",VLOOKUP(C346,BNCDADOS!$A:$G,3,0))","v":"UN "},51,{"$f":"IF(C346=0,\"\",VLOOKUP(C346,BNCDADOS!$A:$G,4,0))","v":71.530000000000015},{"$f":"IF(C346=0,\"\",VLOOKUP(C346,BNCDADOS!$A:$G,5,0))","v":88.47},4511.97,{"$f":"IF(C346=0,\"\",VLOOKUP(C346,BNCDADOS!$A:$G,6,0))","v":67.02000000000001},{"$f":"IF(C346=0,\"\",VLOOKUP(C346,BNCDADOS!$A:$G,7,0))","v":87.09},4441.59,{"$f":"SUMIF('MC - TRECHO 02'!A:A,Orçamento!A346,'MC - TRECHO 02'!R:R)","v":51}]
["3.1.3.3",{"$f":"IF(C347=0,\"\",VLOOKUP(C347,BNCDADOS!$A:$H,8,0))","v":"SINAPI/RN\nSERVIÇO"},103107,{"$f":"IF(C347=0,\"\",VLOOKUP(C347,BNCDADOS!$A:$G,2,0))","v":"ASSENTAMENTO DE CONEXÃO COM 2 ACESSOS, FERRO FUNDIDO PARA REDE DE ÁGUA, DN  150 MM, JUNTA FLANGEADA (NÃO INCLUI O FORNECIMENTO). AF_09/2021"},{"$f":"IF(C347=0,\"\",VLOOKUP(C347,BNCDADOS!$A:$G,3,0))","v":"UN"},9,{"$f":"IF(C347=0,\"\",VLOOKUP(C347,BNCDADOS!$A:$G,4,0))","v":"80,78"},{"$f":"IF(C347=0,\"\",VLOOKUP(C347,BNCDADOS!$A:$G,5,0))","v":99.91},899.19,{"$f":"IF(C347=0,\"\",VLOOKUP(C347,BNCDADOS!$A:$G,6,0))","v":"76,96"},{"$f":"IF(C347=0,\"\",VLOOKUP(C347,BNCDADOS!$A:$G,7,0))","v":100.01},900.09,{"$f":"SUMIF('MC - TRECHO 02'!A:A,Orçamento!A347,'MC - TRECHO 02'!R:R)","v":9}]
["3.1.3.4",{"$f":"IF(C348=0,\"\",VLOOKUP(C348,BNCDADOS!$A:$H,8,0))","v":"SINAPI/RN\nSERVIÇO"},103108,{"$f":"IF(C348=0,\"\",VLOOKUP(C348,BNCDADOS!$A:$G,2,0))","v":"ASSENTAMENTO DE CONEXÃO COM 2 ACESSOS, FERRO FUNDIDO PARA REDE DE ÁGUA, DN  200 MM, JUNTA FLANGEADA (NÃO INCLUI O FORNECIMENTO). AF_09/2021"},{"$f":"IF(C348=0,\"\",VLOOKUP(C348,BNCDADOS!$A:$G,3,0))","v":"UN"},14,{"$f":"IF(C348=0,\"\",VLOOKUP(C348,BNCDADOS!$A:$G,4,0))","v":"103,84"},{"$f":"IF(C348=0,\"\",VLOOKUP(C348,BNCDADOS!$A:$G,5,0))","v":128.43},1798.02,{"$f":"IF(C348=0,\"\",VLOOKUP(C348,BNCDADOS!$A:$G,6,0))","v":"98,78"},{"$f":"IF(C348=0,\"\",VLOOKUP(C348,BNCDADOS!$A:$G,7,0))","v":128.37},1797.18,{"$f":"SUMIF('MC - TRECHO 02'!A:A,Orçamento!A348,'MC - TRECHO 02'!R:R)","v":14}]
["3.1.3.5",{"$f":"IF(C349=0,\"\",VLOOKUP(C349,BNCDADOS!$A:$H,8,0))","v":"SINAPI/RN\nSERVIÇO"},103117,{"$f":"IF(C349=0,\"\",VLOOKUP(C349,BNCDADOS!$A:$G,2,0))","v":"ASSENTAMENTO DE CONEXÃO COM 2 ACESSOS, FERRO FUNDIDO PARA REDE DE ÁGUA, DN  800 MM, JUNTA FLANGEADA (NÃO INCLUI O FORNECIMENTO). AF_09/2021"},{"$f":"IF(C349=0,\"\",VLOOKUP(C349,BNCDADOS!$A:$G,3,0))","v":"UN"},14,{"$f":"IF(C349=0,\"\",VLOOKUP(C349,BNCDADOS!$A:$G,4,0))","v":"553,83"},{"$f":"IF(C349=0,\"\",VLOOKUP(C349,BNCDADOS!$A:$G,5,0))","v":685.03},9590.42,{"$f":"IF(C349=0,\"\",VLOOKUP(C349,BNCDADOS!$A:$G,6,0))","v":"524,59"},{"$f":"IF(C349=0,\"\",VLOOKUP(C349,BNCDADOS!$A:$G,7,0))","v":681.75},9544.5,{"$f":"SUMIF('MC - TRECHO 02'!A:A,Orçamento!A349,'MC - TRECHO 02'!R:R)","v":14}]
["3.1.3.6",{"$f":"IF(C350=0,\"\",VLOOKUP(C350,BNCDADOS!$A:$H,8,0))","v":"caern"},2060587,{"$f":"IF(C350=0,\"\",VLOOKUP(C350,BNCDADOS!$A:$G,2,0))","v":"ASSENTAMENTO DE REGISTRO DE GAVETA EM FERRO FUNDIDO COM FLANGES, DIAM. = 50MM A 150MM. INC_05/2020"},{"$f":"IF(C350=0,\"\",VLOOKUP(C350,BNCDADOS!$A:$G,3,0))","v":"UN "},14,{"$f":"IF(C350=0,\"\",VLOOKUP(C350,BNCDADOS!$A:$G,4,0))","v":14.120000000000001},{"$f":"IF(C350=0,\"\",VLOOKUP(C350,BNCDADOS!$A:$G,5,0))","v":17.46},244.44,{"$f":"IF(C350=0,\"\",VLOOKUP(C350,BNCDADOS!$A:$G,6,0))","v":12.68},{"$f":"IF(C350=0,\"\",VLOOKUP(C350,BNCDADOS!$A:$G,7,0))","v":16.47},230.58,{"$f":"SUMIF('MC - TRECHO 02'!A:A,Orçamento!A350,'MC - TRECHO 02'!R:R)","v":14}]
["3.1.3.7",{"$f":"IF(C351=0,\"\",VLOOKUP(C351,BNCDADOS!$A:$H,8,0))","v":"caern"},2060592,{"$f":"IF(C351=0,\"\",VLOOKUP(C351,BNCDADOS!$A:$G,2,0))","v":"ASSENTAMENTO DE VENTOSA EM FERRO FUNDIDO COM FLANGE, DIAM. = 50MM A 150MM. INC_05/2020"},{"$f":"IF(C351=0,\"\",VLOOKUP(C351,BNCDADOS!$A:$G,3,0))","v":"UN "},5,{"$f":"IF(C351=0,\"\",VLOOKUP(C351,BNCDADOS!$A:$G,4,0))","v":14.120000000000001},{"$f":"IF(C351=0,\"\",VLOOKUP(C351,BNCDADOS!$A:$G,5,0))","v":17.46},87.3,{"$f":"IF(C351=0,\"\",VLOOKUP(C351,BNCDADOS!$A:$G,6,0))","v":12.68},{"$f":"IF(C351=0,\"\",VLOOKUP(C351,BNCDADOS!$A:$G,7,0))","v":16.47},82.35,{"$f":"SUMIF('MC - TRECHO 02'!A:A,Orçamento!A351,'MC - TRECHO 02'!R:R)","v":5}]
["3.1.4",{"$f":"IF(C352=0,\"\",VLOOKUP(C352,[142]BNCDADOS!$A:$G,8,0))","v":""},null,"CAIXAS E BLOCOS DE ANCORAGEM",{"$f":"IF(C352=0,\"\",VLOOKUP(C352,[142]BNCDADOS!$A:$G,3,0))","v":""},0,{"$f":"IF(C352=0,\"\",VLOOKUP(C352,[142]BNCDADOS!$A:$G,4,0))","v":""},{"$f":"IF(C352=0,\"\",VLOOKUP(C352,[142]BNCDADOS!$A:$G,5,0))","v":""},{"$f":"SUM(I353:I354)","v":639835.6},{"$f":"IF(C352=0,\"\",VLOOKUP(C352,[142]BNCDADOS!$A:$G,6,0))","v":""},{"$f":"IF(C352=0,\"\",VLOOKUP(C352,[142]BNCDADOS!$A:$G,7,0))","v":""},{"$f":"SUM(L353:L354)","v":648959.46000000008}]
["3.1.4.1",{"$f":"IF(C353=0,\"\",VLOOKUP(C353,BNCDADOS!$A:$H,8,0))","v":0},"COMP 03",{"$f":"IF(C353=0,\"\",VLOOKUP(C353,BNCDADOS!$A:$G,2,0))","v":"CAIXA ENTERRADA PARA INSTALAÇÃO DE VENTOSAS E DESCARGAS, DE DIVERSOS DIÂMETROS E MEDIDAS INTERNAS 3,0 X 3,0M"},{"$f":"IF(C353=0,\"\",VLOOKUP(C353,BNCDADOS!$A:$G,3,0))","v":"UN"},14,{"$f":"IF(C353=0,\"\",VLOOKUP(C353,BNCDADOS!$A:$G,4,0))","v":35231.47},{"$f":"IF(C353=0,\"\",VLOOKUP(C353,BNCDADOS!$A:$G,5,0))","v":43577.8},{"$f":"IF(H353=\"\",0,TRUNC(H353*F353,2))","v":610089.19999999995},{"$f":"IF(C353=0,\"\",VLOOKUP(C353,BNCDADOS!$A:$G,6,0))","v":34013},{"$f":"IF(C353=0,\"\",VLOOKUP(C353,BNCDADOS!$A:$G,7,0))","v":44203.29},{"$f":"IF(K353=\"\",0,TRUNC(K353*F353,2))","v":618846.06000000006},{"$f":"SUMIF('MC - TRECHO 02'!A:A,Orçamento!A353,'MC - TRECHO 02'!R:R)","v":14}]
["3.1.4.2",{"$f":"IF(C354=0,\"\",VLOOKUP(C354,BNCDADOS!$A:$H,8,0))","v":0},"COMP 41",{"$f":"IF(C354=0,\"\",VLOOKUP(C354,BNCDADOS!$A:$G,2,0))","v":"BLOCO DE ANCORAGEM NÃO ARMADO, PARA CURVA 11°, 22° E 45°, PARA O DIÂMETRO DE 800MM"},{"$f":"IF(C354=0,\"\",VLOOKUP(C354,BNCDADOS!$A:$G,3,0))","v":"UN"},20,{"$f":"IF(C354=0,\"\",VLOOKUP(C354,BNCDADOS!$A:$G,4,0))","v":1202.46},{"$f":"IF(C354=0,\"\",VLOOKUP(C354,BNCDADOS!$A:$G,5,0))","v":1487.32},29746.400000000001,{"$f":"IF(C354=0,\"\",VLOOKUP(C354,BNCDADOS!$A:$G,6,0))","v":1158.57},{"$f":"IF(C354=0,\"\",VLOOKUP(C354,BNCDADOS!$A:$G,7,0))","v":1505.67},30113.4,{"$f":"SUMIF('MC - TRECHO 02'!A:A,Orçamento!A354,'MC - TRECHO 02'!R:R)","v":20}]
["3.1.5",{"$f":"IF(C355=0,\"\",VLOOKUP(C355,[142]BNCDADOS!$A:$G,8,0))","v":""},null,"DIVERSOS",{"$f":"IF(C355=0,\"\",VLOOKUP(C355,[142]BNCDADOS!$A:$G,3,0))","v":""},0,{"$f":"IF(C355=0,\"\",VLOOKUP(C355,[142]BNCDADOS!$A:$G,4,0))","v":""},{"$f":"IF(C355=0,\"\",VLOOKUP(C355,[142]BNCDADOS!$A:$G,5,0))","v":""},{"$f":"SUM(I356:I358)","v":80728.62},{"$f":"IF(C355=0,\"\",VLOOKUP(C355,[142]BNCDADOS!$A:$G,6,0))","v":""},{"$f":"IF(C355=0,\"\",VLOOKUP(C355,[142]BNCDADOS!$A:$G,7,0))","v":""},{"$f":"SUM(L356:L358)","v":79858.5}]
["3.1.5.1",{"$f":"IF(C356=0,\"\",VLOOKUP(C356,BNCDADOS!$A:$H,8,0))","v":0},"COMP 05",{"$f":"IF(C356=0,\"\",VLOOKUP(C356,BNCDADOS!$A:$G,2,0))","v":"LIMPEZA, DESINFECÇÃO E TESTE DE REDES E ADUTORAS DE ABASTECIMENTO DE ÁGUA"},{"$f":"IF(C356=0,\"\",VLOOKUP(C356,BNCDADOS!$A:$G,3,0))","v":"M"},9668.1,{"$f":"IF(C356=0,\"\",VLOOKUP(C356,BNCDADOS!$A:$G,4,0))","v":5.16},{"$f":"IF(C356=0,\"\",VLOOKUP(C356,BNCDADOS!$A:$G,5,0))","v":6.38},{"$f":"IF(H356=\"\",0,TRUNC(H356*F356,2))","v":61682.47},{"$f":"IF(C356=0,\"\",VLOOKUP(C356,BNCDADOS!$A:$G,6,0))","v":4.9399999999999995},{"$f":"IF(C356=0,\"\",VLOOKUP(C356,BNCDADOS!$A:$G,7,0))","v":6.42},{"$f":"IF(K356=\"\",0,TRUNC(K356*F356,2))","v":62069.2},{"$f":"SUMIF('MC - TRECHO 02'!A:A,Orçamento!A356,'MC - TRECHO 02'!R:R)","v":9668.1}]
["3.1.5.2",{"$f":"IF(C357=0,\"\",VLOOKUP(C357,BNCDADOS!$A:$H,8,0))","v":"caern"},2220075,{"$f":"IF(C357=0,\"\",VLOOKUP(C357,BNCDADOS!$A:$G,2,0))","v":"CADASTRO DE ADUTORAS, COLETORES, INTERCEPTORES E EMISSÁRIOS - INCLUSIVE DESENHISTA. R_11/2021"},{"$f":"IF(C357=0,\"\",VLOOKUP(C357,BNCDADOS!$A:$G,3,0))","v":"M"},9668.1,{"$f":"IF(C357=0,\"\",VLOOKUP(C357,BNCDADOS!$A:$G,4,0))","v":1.6},{"$f":"IF(C357=0,\"\",VLOOKUP(C357,BNCDADOS!$A:$G,5,0))","v":1.97},19046.150000000001,{"$f":"IF(C357=0,\"\",VLOOKUP(C357,BNCDADOS!$A:$G,6,0))","v":1.4200000000000002},{"$f":"IF(C357=0,\"\",VLOOKUP(C357,BNCDADOS!$A:$G,7,0))","v":1.84},17789.3,{"$f":"SUMIF('MC - TRECHO 02'!A:A,Orçamento!A357,'MC - TRECHO 02'!R:R)","v":9668.1}]
[null,{"$f":"IF(C358=0,\"\",VLOOKUP(C358,[142]BNCDADOS!$A:$H,8,0))","v":""},null,{"$f":"IF(C358=0,\"\",VLOOKUP(C358,[142]BNCDADOS!$A:$G,2,0))","v":""},{"$f":"IF(C358=0,\"\",VLOOKUP(C358,[142]BNCDADOS!$A:$G,3,0))","v":""},0,{"$f":"IF(C358=0,\"\",VLOOKUP(C358,[142]BNCDADOS!$A:$G,4,0))","v":""},{"$f":"IF(C358=0,\"\",VLOOKUP(C358,[142]BNCDADOS!$A:$G,5,0))","v":""},{"$f":"IF(H358=\"\",0,TRUNC(H358*F358,2))","v":0},{"$f":"IF(C358=0,\"\",VLOOKUP(C358,[142]BNCDADOS!$A:$G,6,0))","v":""},{"$f":"IF(C358=0,\"\",VLOOKUP(C358,[142]BNCDADOS!$A:$G,7,0))","v":""},{"$f":"IF(K358=\"\",0,TRUNC(K358*F358,2))","v":0}]
["3.2",null,null,"SERVIÇOS_ADUTORA TRECHO 02.02",{"$nulls":4},{"$f":"SUM(I360,I367,I376,I384,I387)","v":4276743.8899999997},null,null,{"$f":"SUM(L360,L367,L376,L384,L387)","v":4335153.5199999996}]
["3.2.1",{"$f":"IF(C360=0,\"\",VLOOKUP(C360,[142]BNCDADOS!$A:$G,8,0))","v":""},null,"SERVIÇOS PRELIMINARES",{"$f":"IF(C360=0,\"\",VLOOKUP(C360,[142]BNCDADOS!$A:$G,3,0))","v":""},{"$f":"TRUNC(M360,2)","v":0},{"$f":"IF(C360=0,\"\",VLOOKUP(C360,[142]BNCDADOS!$A:$G,4,0))","v":""},{"$f":"IF(C360=0,\"\",VLOOKUP(C360,[142]BNCDADOS!$A:$G,5,0))","v":""},{"$f":"SUM(I361:I366)","v":229103.37},{"$f":"IF(C360=0,\"\",VLOOKUP(C360,[142]BNCDADOS!$A:$G,6,0))","v":""},{"$f":"IF(C360=0,\"\",VLOOKUP(C360,[142]BNCDADOS!$A:$G,7,0))","v":""},{"$f":"SUM(L361:L366)","v":229281.48}]
["3.2.1.1",{"$f":"IF(C361=0,\"\",VLOOKUP(C361,BNCDADOS!$A:$H,8,0))","v":"caern"},2010050,{"$f":"IF(C361=0,\"\",VLOOKUP(C361,BNCDADOS!$A:$G,2,0))","v":"LOCAÇÃO DE ADUTORAS, COLETORES TRONCO E INTERCEPTORES - COM AUXÍLIO DE EQUIPAMENTO TOPOGRÁFICO. R_11/2018"},{"$f":"IF(C361=0,\"\",VLOOKUP(C361,BNCDADOS!$A:$G,3,0))","v":"M"},10699.04,{"$f":"IF(C361=0,\"\",VLOOKUP(C361,BNCDADOS!$A:$G,4,0))","v":2.56},{"$f":"IF(C361=0,\"\",VLOOKUP(C361,BNCDADOS!$A:$G,5,0))","v":3.16},{"$f":"IF(H361=\"\",0,TRUNC(H361*F361,2))","v":33808.959999999999},{"$f":"IF(C361=0,\"\",VLOOKUP(C361,BNCDADOS!$A:$G,6,0))","v":2.2400000000000002},{"$f":"IF(C361=0,\"\",VLOOKUP(C361,BNCDADOS!$A:$G,7,0))","v":2.91},{"$f":"IF(K361=\"\",0,TRUNC(K361*F361,2))","v":31134.2},{"$f":"SUMIF('MC - TRECHO 02'!A:A,Orçamento!A361,'MC - TRECHO 02'!R:R)","v":10699.04}]
["3.2.1.2",{"$f":"IF(C362=0,\"\",VLOOKUP(C362,BNCDADOS!$A:$H,8,0))","v":"SINAPI/RN\nSERVIÇO"},98525,{"$f":"IF(C362=0,\"\",VLOOKUP(C362,BNCDADOS!$A:$G,2,0))","v":"LIMPEZA MECANIZADA DE CAMADA VEGETAL, VEGETAÇÃO E PEQUENAS ÁRVORES (DIÂMETRO DE TRONCO MENOR QUE 0,20 M), COM TRATOR DE ESTEIRAS. AF_03/2024"},{"$f":"IF(C362=0,\"\",VLOOKUP(C362,BNCDADOS!$A:$G,3,0))","v":"M2"},63124.34,{"$f":"IF(C362=0,\"\",VLOOKUP(C362,BNCDADOS!$A:$G,4,0))","v":"0,61"},{"$f":"IF(C362=0,\"\",VLOOKUP(C362,BNCDADOS!$A:$G,5,0))","v":0.75},47343.25,{"$f":"IF(C362=0,\"\",VLOOKUP(C362,BNCDADOS!$A:$G,6,0))","v":"0,58"},{"$f":"IF(C362=0,\"\",VLOOKUP(C362,BNCDADOS!$A:$G,7,0))","v":0.75},47343.25,{"$f":"SUMIF('MC - TRECHO 02'!A:A,Orçamento!A362,'MC - TRECHO 02'!R:R)","v":63124.34}]
["3.2.1.3",{"$f":"IF(C363=0,\"\",VLOOKUP(C363,BNCDADOS!$A:$H,8,0))","v":"caern"},2010053,{"$f":"IF(C363=0,\"\",VLOOKUP(C363,BNCDADOS!$A:$G,2,0))","v":"SINALIZAÇÃO DE OBRA COM TELA TAPUME, COR LARANJA, COM SUPORTE A CADA 2M E PLACA DE SINALIZAÇÃO SOBRE CAVALETE. INC_11/2019"},{"$f":"IF(C363=0,\"\",VLOOKUP(C363,BNCDADOS!$A:$G,3,0))","v":"M"},21398.080000000002,{"$f":"IF(C363=0,\"\",VLOOKUP(C363,BNCDADOS!$A:$G,4,0))","v":4.54},{"$f":"IF(C363=0,\"\",VLOOKUP(C363,BNCDADOS!$A:$G,5,0))","v":5.61},120043.22,{"$f":"IF(C363=0,\"\",VLOOKUP(C363,BNCDADOS!$A:$G,6,0))","v":4.3899999999999997},{"$f":"IF(C363=0,\"\",VLOOKUP(C363,BNCDADOS!$A:$G,7,0))","v":5.7},121969.05,{"$f":"SUMIF('MC - TRECHO 02'!A:A,Orçamento!A363,'MC - TRECHO 02'!R:R)","v":21398.080000000002}]
["3.2.1.4",{"$f":"IF(C364=0,\"\",VLOOKUP(C364,BNCDADOS!$A:$H,8,0))","v":"SINAPI/RN\nSERVIÇO"},97054,{"$f":"IF(C364=0,\"\",VLOOKUP(C364,BNCDADOS!$A:$G,2,0))","v":"INSTALAÇÃO DE SINALIZADOR NOTURNO LED. AF_03/2024"},{"$f":"IF(C364=0,\"\",VLOOKUP(C364,BNCDADOS!$A:$G,3,0))","v":"UN"},214,{"$f":"IF(C364=0,\"\",VLOOKUP(C364,BNCDADOS!$A:$G,4,0))","v":"28,12"},{"$f":"IF(C364=0,\"\",VLOOKUP(C364,BNCDADOS!$A:$G,5,0))","v":34.78},7442.92,{"$f":"IF(C364=0,\"\",VLOOKUP(C364,BNCDADOS!$A:$G,6,0))","v":"27,08"},{"$f":"IF(C364=0,\"\",VLOOKUP(C364,BNCDADOS!$A:$G,7,0))","v":35.19},7530.66,{"$f":"SUMIF('MC - TRECHO 02'!A:A,Orçamento!A364,'MC - TRECHO 02'!R:R)","v":214}]
["3.2.1.5",{"$f":"IF(C365=0,\"\",VLOOKUP(C365,BNCDADOS!$A:$H,8,0))","v":"caern"},2010037,{"$f":"IF(C365=0,\"\",VLOOKUP(C365,BNCDADOS!$A:$G,2,0))","v":"SONDAGEM DE INTERFERÊNCIA, ESCAVAÇÃO MANUAL DE VALA DE 0,60M ATÉ 1,30M, EM RUAS SEM PAVIMENTAÇÃO"},{"$f":"IF(C365=0,\"\",VLOOKUP(C365,BNCDADOS!$A:$G,3,0))","v":"M"},16.05,{"$f":"IF(C365=0,\"\",VLOOKUP(C365,BNCDADOS!$A:$G,4,0))","v":89.34},{"$f":"IF(C365=0,\"\",VLOOKUP(C365,BNCDADOS!$A:$G,5,0))","v":110.5},1773.52,{"$f":"IF(C365=0,\"\",VLOOKUP(C365,BNCDADOS!$A:$G,6,0))","v":80.78},{"$f":"IF(C365=0,\"\",VLOOKUP(C365,BNCDADOS!$A:$G,7,0))","v":104.98},1684.92,{"$f":"SUMIF('MC - TRECHO 02'!A:A,Orçamento!A365,'MC - TRECHO 02'!R:R)","v":16.05}]
["3.2.1.6",{"$f":"IF(C366=0,\"\",VLOOKUP(C366,BNCDADOS!$A:$H,8,0))","v":0},"COMP 01",{"$f":"IF(C366=0,\"\",VLOOKUP(C366,BNCDADOS!$A:$G,2,0))","v":"CANTEIRO ITINERANTE COMPOSTO DE TOLDO, CONJUNTO DE MESA E CADEIRAS E BANHEIRO QUÍMICO COM LIMPEZA DIÁRIA INCLUSO COLETA E DESTINAÇÃO FINAL DE EFLUENTES"},{"$f":"IF(C366=0,\"\",VLOOKUP(C366,BNCDADOS!$A:$G,3,0))","v":"UN"},15,{"$f":"IF(C366=0,\"\",VLOOKUP(C366,BNCDADOS!$A:$G,4,0))","v":1007.4399999999999},{"$f":"IF(C366=0,\"\",VLOOKUP(C366,BNCDADOS!$A:$G,5,0))","v":1246.0999999999999},18691.5,{"$f":"IF(C366=0,\"\",VLOOKUP(C366,BNCDADOS!$A:$G,6,0))","v":1006.4399999999999},{"$f":"IF(C366=0,\"\",VLOOKUP(C366,BNCDADOS!$A:$G,7,0))","v":1307.96},19619.400000000001,{"$f":"SUMIF('MC - TRECHO 02'!A:A,Orçamento!A366,'MC - TRECHO 02'!R:R)","v":15}]
["3.2.2",{"$f":"IF(C367=0,\"\",VLOOKUP(C367,[142]BNCDADOS!$A:$G,8,0))","v":""},null,"MOVIMENTO DE TERRA",{"$f":"IF(C367=0,\"\",VLOOKUP(C367,[142]BNCDADOS!$A:$G,3,0))","v":""},0,{"$f":"IF(C367=0,\"\",VLOOKUP(C367,[142]BNCDADOS!$A:$G,4,0))","v":""},{"$f":"IF(C367=0,\"\",VLOOKUP(C367,[142]BNCDADOS!$A:$G,5,0))","v":""},{"$f":"SUM(I368:I375)","v":2848774.63},{"$f":"IF(C367=0,\"\",VLOOKUP(C367,[142]BNCDADOS!$A:$G,6,0))","v":""},{"$f":"IF(C367=0,\"\",VLOOKUP(C367,[142]BNCDADOS!$A:$G,7,0))","v":""},{"$f":"SUM(L368:L375)","v":2898641.48}]
["3.2.2.1",{"$f":"IF(C368=0,\"\",VLOOKUP(C368,BNCDADOS!$A:$H,8,0))","v":0},"COMP 02",{"$f":"IF(C368=0,\"\",VLOOKUP(C368,BNCDADOS!$A:$G,2,0))","v":"ESCAVAÇÃO MANUAL DE VALA COM PROFUNDIDADE MENOR OU IGUAL A 2,00 M"},{"$f":"IF(C368=0,\"\",VLOOKUP(C368,BNCDADOS!$A:$G,3,0))","v":"M³"},{"$f":"TRUNC(M368,2)","v":353.71},{"$f":"IF(C368=0,\"\",VLOOKUP(C368,BNCDADOS!$A:$G,4,0))","v":81.489999999999995},{"$f":"IF(C368=0,\"\",VLOOKUP(C368,BNCDADOS!$A:$G,5,0))","v":100.79},{"$f":"IF(H368=\"\",0,TRUNC(H368*F368,2))","v":35650.43},{"$f":"IF(C368=0,\"\",VLOOKUP(C368,BNCDADOS!$A:$G,6,0))","v":73.58},{"$f":"IF(C368=0,\"\",VLOOKUP(C368,BNCDADOS!$A:$G,7,0))","v":95.62},{"$f":"IF(K368=\"\",0,TRUNC(K368*F368,2))","v":33821.75},{"$f":"SUMIF('MC - TRECHO 02'!A:A,Orçamento!A368,'MC - TRECHO 02'!R:R)","v":353.71}]
["3.2.2.2",{"$f":"IF(C369=0,\"\",VLOOKUP(C369,BNCDADOS!$A:$H,8,0))","v":"SINAPI/RN\nSERVIÇO"},90092,{"$f":"IF(C369=0,\"\",VLOOKUP(C369,BNCDADOS!$A:$G,2,0))","v":"ESCAVAÇÃO MECANIZADA DE VALA COM PROF. MAIOR QUE 1,5 M E ATÉ 3,0 M(MÉDIA MONTANTE E JUSANTE/UMA COMPOSIÇÃO POR TRECHO), ESCAVADEIRA (0,8 M3), LARG. MENOR QUE 1,5 M, EM SOLO DE 1A CATEGORIA, LOCAIS COM BAIXO NÍVEL DE INTERFERÊNCIA. AF_02/2021"},{"$f":"IF(C369=0,\"\",VLOOKUP(C369,BNCDADOS!$A:$G,3,0))","v":"M3"},29711.66,{"$f":"IF(C369=0,\"\",VLOOKUP(C369,BNCDADOS!$A:$G,4,0))","v":"6,17"},{"$f":"IF(C369=0,\"\",VLOOKUP(C369,BNCDADOS!$A:$G,5,0))","v":7.63},226699.96,{"$f":"IF(C369=0,\"\",VLOOKUP(C369,BNCDADOS!$A:$G,6,0))","v":"5,95"},{"$f":"IF(C369=0,\"\",VLOOKUP(C369,BNCDADOS!$A:$G,7,0))","v":7.73},229671.13,{"$f":"SUMIF('MC - TRECHO 02'!A:A,Orçamento!A369,'MC - TRECHO 02'!R:R)","v":29711.66}]
["3.2.2.3",{"$f":"IF(C370=0,\"\",VLOOKUP(C370,BNCDADOS!$A:$H,8,0))","v":"SINAPI/RN\nSERVIÇO"},102319,{"$f":"IF(C370=0,\"\",VLOOKUP(C370,BNCDADOS!$A:$G,2,0))","v":"ESCAVAÇÃO MECANIZADA DE VALA COM PROF. MAIOR QUE 1,5 M ATÉ 3,0 M (MÉDIA MONTANTE E JUSANTE/UMA COMPOSIÇÃO POR TRECHO),COM ESCAVADEIRA (1,2 M3),LARG. DE 1,5 M A 2,5 M, EM SOLO DE 2A CATEGORIA, LOCAIS COM BAIXO NÍVEL DE INTERFERÊNCIA. AF_02/2021"},{"$f":"IF(C370=0,\"\",VLOOKUP(C370,BNCDADOS!$A:$G,3,0))","v":"M3"},5305.65,{"$f":"IF(C370=0,\"\",VLOOKUP(C370,BNCDADOS!$A:$G,4,0))","v":"6,94"},{"$f":"IF(C370=0,\"\",VLOOKUP(C370,BNCDADOS!$A:$G,5,0))","v":8.58},45522.47,{"$f":"IF(C370=0,\"\",VLOOKUP(C370,BNCDADOS!$A:$G,6,0))","v":"6,73"},{"$f":"IF(C370=0,\"\",VLOOKUP(C370,BNCDADOS!$A:$G,7,0))","v":8.74},46371.38,{"$f":"SUMIF('MC - TRECHO 02'!A:A,Orçamento!A370,'MC - TRECHO 02'!R:R)","v":5305.65}]
["3.2.2.4",{"$f":"IF(C371=0,\"\",VLOOKUP(C371,BNCDADOS!$A:$H,8,0))","v":"SINAPI/RN\nSERVIÇO"},101625,{"$f":"IF(C371=0,\"\",VLOOKUP(C371,BNCDADOS!$A:$G,2,0))","v":"PREPARO DE FUNDO DE VALA COM LARGURA MAIOR OU IGUAL A 1,5 M E MENOR QUE 2,5 M, COM CAMADA DE AREIA, LANÇAMENTO MECANIZADO. AF_08/2020"},{"$f":"IF(C371=0,\"\",VLOOKUP(C371,BNCDADOS!$A:$G,3,0))","v":"M3"},1422.97,{"$f":"IF(C371=0,\"\",VLOOKUP(C371,BNCDADOS!$A:$G,4,0))","v":"155,31"},{"$f":"IF(C371=0,\"\",VLOOKUP(C371,BNCDADOS!$A:$G,5,0))","v":192.1},273352.53000000003,{"$f":"IF(C371=0,\"\",VLOOKUP(C371,BNCDADOS!$A:$G,6,0))","v":"151,04"},{"$f":"IF(C371=0,\"\",VLOOKUP(C371,BNCDADOS!$A:$G,7,0))","v":196.29},279314.78000000003,{"$f":"SUMIF('MC - TRECHO 02'!A:A,Orçamento!A371,'MC - TRECHO 02'!R:R)","v":1422.97}]
["3.2.2.5",{"$f":"IF(C372=0,\"\",VLOOKUP(C372,BNCDADOS!$A:$H,8,0))","v":"caern"},2040105,{"$f":"IF(C372=0,\"\",VLOOKUP(C372,BNCDADOS!$A:$G,2,0))","v":"ESCORAMENTO DE VALA, TIPO BLINDAGEM, COM PROFUNDIDADE DE 1,5 A 3,0 M, LARGURA MAIOR OU IGUAL A 1,5 M E MENOR QUE 2,50 M - EXECUÇÃO E FORNECIMENTO, INCLUI MATERIAL. R_11/2020"},{"$f":"IF(C372=0,\"\",VLOOKUP(C372,BNCDADOS!$A:$G,3,0))","v":"M²"},37232.660000000003,{"$f":"IF(C372=0,\"\",VLOOKUP(C372,BNCDADOS!$A:$G,4,0))","v":22.549999999999997},{"$f":"IF(C372=0,\"\",VLOOKUP(C372,BNCDADOS!$A:$G,5,0))","v":27.89},1038418.88,{"$f":"IF(C372=0,\"\",VLOOKUP(C372,BNCDADOS!$A:$G,6,0))","v":21.51},{"$f":"IF(C372=0,\"\",VLOOKUP(C372,BNCDADOS!$A:$G,7,0))","v":27.95},1040652.84,{"$f":"SUMIF('MC - TRECHO 02'!A:A,Orçamento!A372,'MC - TRECHO 02'!R:R)","v":37232.660000000003}]
["3.2.2.6",{"$f":"IF(C373=0,\"\",VLOOKUP(C373,BNCDADOS!$A:$H,8,0))","v":"SINAPI/RN\nSERVIÇO"},94306,{"$f":"IF(C373=0,\"\",VLOOKUP(C373,BNCDADOS!$A:$G,2,0))","v":"ATERRO MECANIZADO DE VALA COM ESCAVADEIRA HIDRÁULICA (CAPACIDADE DA CAÇAMBA: 0,8 M³ / POTÊNCIA: 111 HP), LARGURA ATÉ 2,5 M, PROFUNDIDADE DE 1,5 A 3,0 M, COM SOLO ARGILO-ARENOSO. AF_08/2023"},{"$f":"IF(C373=0,\"\",VLOOKUP(C373,BNCDADOS!$A:$G,3,0))","v":"M3"},10112.25,{"$f":"IF(C373=0,\"\",VLOOKUP(C373,BNCDADOS!$A:$G,4,0))","v":"68,70"},{"$f":"IF(C373=0,\"\",VLOOKUP(C373,BNCDADOS!$A:$G,5,0))","v":84.97},859237.88,{"$f":"IF(C373=0,\"\",VLOOKUP(C373,BNCDADOS!$A:$G,6,0))","v":"67,93"},{"$f":"IF(C373=0,\"\",VLOOKUP(C373,BNCDADOS!$A:$G,7,0))","v":88.28},892709.43,{"$f":"SUMIF('MC - TRECHO 02'!A:A,Orçamento!A373,'MC - TRECHO 02'!R:R)","v":10112.25}]
["3.2.2.7",{"$f":"IF(C374=0,\"\",VLOOKUP(C374,BNCDADOS!$A:$H,8,0))","v":"SINAPI/RN\nSERVIÇO"},104730,{"$f":"IF(C374=0,\"\",VLOOKUP(C374,BNCDADOS!$A:$G,2,0))","v":"REATERRO MECANIZADO DE VALA COM ESCAVADEIRA HIDRÁULICA (CAPACIDADE DA CAÇAMBA: 0,8 M³/POTÊNCIA: 111 HP), LARGURA DE 1,5 A 2,5 M, PROFUNDIDADE DE 1,5 A 3,0 M, COM SOLO (SEM SUBSTITUIÇÃO) DE 1ª CATEGORIA, COM PLACA VIBRATÓRIA. AF_08/2023"},{"$f":"IF(C374=0,\"\",VLOOKUP(C374,BNCDADOS!$A:$G,3,0))","v":"M3"},21141.3,{"$f":"IF(C374=0,\"\",VLOOKUP(C374,BNCDADOS!$A:$G,4,0))","v":"13,03"},{"$f":"IF(C374=0,\"\",VLOOKUP(C374,BNCDADOS!$A:$G,5,0))","v":16.11},340586.34,{"$f":"IF(C374=0,\"\",VLOOKUP(C374,BNCDADOS!$A:$G,6,0))","v":"12,61"},{"$f":"IF(C374=0,\"\",VLOOKUP(C374,BNCDADOS!$A:$G,7,0))","v":16.38},346294.49,{"$f":"SUMIF('MC - TRECHO 02'!A:A,Orçamento!A374,'MC - TRECHO 02'!R:R)","v":21141.3}]
["3.2.2.8",{"$f":"IF(C375=0,\"\",VLOOKUP(C375,BNCDADOS!$A:$H,8,0))","v":"SINAPI/RN\nSERVIÇO"},100574,{"$f":"IF(C375=0,\"\",VLOOKUP(C375,BNCDADOS!$A:$G,2,0))","v":"ESPALHAMENTO DE MATERIAL COM TRATOR DE ESTEIRAS. AF_11/2019"},{"$f":"IF(C375=0,\"\",VLOOKUP(C375,BNCDADOS!$A:$G,3,0))","v":"M3"},16651.22,{"$f":"IF(C375=0,\"\",VLOOKUP(C375,BNCDADOS!$A:$G,4,0))","v":"1,43"},{"$f":"IF(C375=0,\"\",VLOOKUP(C375,BNCDADOS!$A:$G,5,0))","v":1.76},29306.14,{"$f":"IF(C375=0,\"\",VLOOKUP(C375,BNCDADOS!$A:$G,6,0))","v":"1,38"},{"$f":"IF(C375=0,\"\",VLOOKUP(C375,BNCDADOS!$A:$G,7,0))","v":1.79},29805.68,{"$f":"SUMIF('MC - TRECHO 02'!A:A,Orçamento!A375,'MC - TRECHO 02'!R:R)","v":16651.22}]
["3.2.3",{"$f":"IF(C376=0,\"\",VLOOKUP(C376,[142]BNCDADOS!$A:$G,8,0))","v":""},null,"ASSENTAMENTO E MONTAGEM DOS TUBOS E CONEXÕES",{"$f":"IF(C376=0,\"\",VLOOKUP(C376,[142]BNCDADOS!$A:$G,3,0))","v":""},0,{"$f":"IF(C376=0,\"\",VLOOKUP(C376,[142]BNCDADOS!$A:$G,4,0))","v":""},{"$f":"IF(C376=0,\"\",VLOOKUP(C376,[142]BNCDADOS!$A:$G,5,0))","v":""},{"$f":"SUM(I377:I383)","v":250316.99999999997},{"$f":"IF(C376=0,\"\",VLOOKUP(C376,[142]BNCDADOS!$A:$G,6,0))","v":""},{"$f":"IF(C376=0,\"\",VLOOKUP(C376,[142]BNCDADOS!$A:$G,7,0))","v":""},{"$f":"SUM(L377:L383)","v":247374.91999999998}]
["3.2.3.1",{"$f":"IF(C377=0,\"\",VLOOKUP(C377,BNCDADOS!$A:$H,8,0))","v":"caern"},2060304,{"$f":"IF(C377=0,\"\",VLOOKUP(C377,BNCDADOS!$A:$G,2,0))","v":"ASSENTAMENTO DE TUBO DE PVC DEFOFO OU PRFV OU RPVC, DN 700 MM, JUNTA ELÁSTICA. R_11/2019"},{"$f":"IF(C377=0,\"\",VLOOKUP(C377,BNCDADOS!$A:$G,3,0))","v":"M"},{"$f":"TRUNC(M377,2)","v":10699.04},{"$f":"IF(C377=0,\"\",VLOOKUP(C377,BNCDADOS!$A:$G,4,0))","v":17.380000000000003},{"$f":"IF(C377=0,\"\",VLOOKUP(C377,BNCDADOS!$A:$G,5,0))","v":21.49},{"$f":"IF(H377=\"\",0,TRUNC(H377*F377,2))","v":229922.36},{"$f":"IF(C377=0,\"\",VLOOKUP(C377,BNCDADOS!$A:$G,6,0))","v":16.34},{"$f":"IF(C377=0,\"\",VLOOKUP(C377,BNCDADOS!$A:$G,7,0))","v":21.23},{"$f":"IF(K377=\"\",0,TRUNC(K377*F377,2))","v":227140.61},{"$f":"SUMIF('MC - TRECHO 02'!A:A,Orçamento!A377,'MC - TRECHO 02'!R:R)","v":10699.04}]
["3.2.3.2",{"$f":"IF(C378=0,\"\",VLOOKUP(C378,BNCDADOS!$A:$H,8,0))","v":"caern"},2060561,{"$f":"IF(C378=0,\"\",VLOOKUP(C378,BNCDADOS!$A:$G,2,0))","v":"ASSENTAMENTO DE CONEXÕES EM FERRO FUNDIDO, JUNTA ELÁSTICA, DIAM.= 700 MM. INC_05/2020"},{"$f":"IF(C378=0,\"\",VLOOKUP(C378,BNCDADOS!$A:$G,3,0))","v":"UN "},58,{"$f":"IF(C378=0,\"\",VLOOKUP(C378,BNCDADOS!$A:$G,4,0))","v":66.150000000000006},{"$f":"IF(C378=0,\"\",VLOOKUP(C378,BNCDADOS!$A:$G,5,0))","v":81.819999999999993},4745.5600000000004,{"$f":"IF(C378=0,\"\",VLOOKUP(C378,BNCDADOS!$A:$G,6,0))","v":61.970000000000006},{"$f":"IF(C378=0,\"\",VLOOKUP(C378,BNCDADOS!$A:$G,7,0))","v":80.53},4670.74,{"$f":"SUMIF('MC - TRECHO 02'!A:A,Orçamento!A378,'MC - TRECHO 02'!R:R)","v":58}]
["3.2.3.3",{"$f":"IF(C379=0,\"\",VLOOKUP(C379,BNCDADOS!$A:$H,8,0))","v":"SINAPI/RN\nSERVIÇO"},103107,{"$f":"IF(C379=0,\"\",VLOOKUP(C379,BNCDADOS!$A:$G,2,0))","v":"ASSENTAMENTO DE CONEXÃO COM 2 ACESSOS, FERRO FUNDIDO PARA REDE DE ÁGUA, DN  150 MM, JUNTA FLANGEADA (NÃO INCLUI O FORNECIMENTO). AF_09/2021"},{"$f":"IF(C379=0,\"\",VLOOKUP(C379,BNCDADOS!$A:$G,3,0))","v":"UN"},9,{"$f":"IF(C379=0,\"\",VLOOKUP(C379,BNCDADOS!$A:$G,4,0))","v":"80,78"},{"$f":"IF(C379=0,\"\",VLOOKUP(C379,BNCDADOS!$A:$G,5,0))","v":99.91},899.19,{"$f":"IF(C379=0,\"\",VLOOKUP(C379,BNCDADOS!$A:$G,6,0))","v":"76,96"},{"$f":"IF(C379=0,\"\",VLOOKUP(C379,BNCDADOS!$A:$G,7,0))","v":100.01},900.09,{"$f":"SUMIF('MC - TRECHO 02'!A:A,Orçamento!A379,'MC - TRECHO 02'!R:R)","v":9}]
["3.2.3.4",{"$f":"IF(C380=0,\"\",VLOOKUP(C380,BNCDADOS!$A:$H,8,0))","v":"SINAPI/RN\nSERVIÇO"},103108,{"$f":"IF(C380=0,\"\",VLOOKUP(C380,BNCDADOS!$A:$G,2,0))","v":"ASSENTAMENTO DE CONEXÃO COM 2 ACESSOS, FERRO FUNDIDO PARA REDE DE ÁGUA, DN  200 MM, JUNTA FLANGEADA (NÃO INCLUI O FORNECIMENTO). AF_09/2021"},{"$f":"IF(C380=0,\"\",VLOOKUP(C380,BNCDADOS!$A:$G,3,0))","v":"UN"},18,{"$f":"IF(C380=0,\"\",VLOOKUP(C380,BNCDADOS!$A:$G,4,0))","v":"103,84"},{"$f":"IF(C380=0,\"\",VLOOKUP(C380,BNCDADOS!$A:$G,5,0))","v":128.43},2311.7399999999998,{"$f":"IF(C380=0,\"\",VLOOKUP(C380,BNCDADOS!$A:$G,6,0))","v":"98,78"},{"$f":"IF(C380=0,\"\",VLOOKUP(C380,BNCDADOS!$A:$G,7,0))","v":128.37},2310.66,{"$f":"SUMIF('MC - TRECHO 02'!A:A,Orçamento!A380,'MC - TRECHO 02'!R:R)","v":18}]
["3.2.3.5",{"$f":"IF(C381=0,\"\",VLOOKUP(C381,BNCDADOS!$A:$H,8,0))","v":"SINAPI/RN\nSERVIÇO"},103116,{"$f":"IF(C381=0,\"\",VLOOKUP(C381,BNCDADOS!$A:$G,2,0))","v":"ASSENTAMENTO DE CONEXÃO COM 2 ACESSOS, FERRO FUNDIDO PARA REDE DE ÁGUA, DN  700 MM, JUNTA FLANGEADA (NÃO INCLUI O FORNECIMENTO). AF_09/2021"},{"$f":"IF(C381=0,\"\",VLOOKUP(C381,BNCDADOS!$A:$G,3,0))","v":"UN"},19,{"$f":"IF(C381=0,\"\",VLOOKUP(C381,BNCDADOS!$A:$G,4,0))","v":"507,72"},{"$f":"IF(C381=0,\"\",VLOOKUP(C381,BNCDADOS!$A:$G,5,0))","v":627.99},11931.81,{"$f":"IF(C381=0,\"\",VLOOKUP(C381,BNCDADOS!$A:$G,6,0))","v":"480,93"},{"$f":"IF(C381=0,\"\",VLOOKUP(C381,BNCDADOS!$A:$G,7,0))","v":625.01},11875.19,{"$f":"SUMIF('MC - TRECHO 02'!A:A,Orçamento!A381,'MC - TRECHO 02'!R:R)","v":19}]
["3.2.3.6",{"$f":"IF(C382=0,\"\",VLOOKUP(C382,BNCDADOS!$A:$H,8,0))","v":"caern"},2060587,{"$f":"IF(C382=0,\"\",VLOOKUP(C382,BNCDADOS!$A:$G,2,0))","v":"ASSENTAMENTO DE REGISTRO DE GAVETA EM FERRO FUNDIDO COM FLANGES, DIAM. = 50MM A 150MM. INC_05/2020"},{"$f":"IF(C382=0,\"\",VLOOKUP(C382,BNCDADOS!$A:$G,3,0))","v":"UN "},19,{"$f":"IF(C382=0,\"\",VLOOKUP(C382,BNCDADOS!$A:$G,4,0))","v":14.120000000000001},{"$f":"IF(C382=0,\"\",VLOOKUP(C382,BNCDADOS!$A:$G,5,0))","v":17.46},331.74,{"$f":"IF(C382=0,\"\",VLOOKUP(C382,BNCDADOS!$A:$G,6,0))","v":12.68},{"$f":"IF(C382=0,\"\",VLOOKUP(C382,BNCDADOS!$A:$G,7,0))","v":16.47},312.93,{"$f":"SUMIF('MC - TRECHO 02'!A:A,Orçamento!A382,'MC - TRECHO 02'!R:R)","v":19}]
["3.2.3.7",{"$f":"IF(C383=0,\"\",VLOOKUP(C383,BNCDADOS!$A:$H,8,0))","v":"caern"},2060592,{"$f":"IF(C383=0,\"\",VLOOKUP(C383,BNCDADOS!$A:$G,2,0))","v":"ASSENTAMENTO DE VENTOSA EM FERRO FUNDIDO COM FLANGE, DIAM. = 50MM A 150MM. INC_05/2020"},{"$f":"IF(C383=0,\"\",VLOOKUP(C383,BNCDADOS!$A:$G,3,0))","v":"UN "},10,{"$f":"IF(C383=0,\"\",VLOOKUP(C383,BNCDADOS!$A:$G,4,0))","v":14.120000000000001},{"$f":"IF(C383=0,\"\",VLOOKUP(C383,BNCDADOS!$A:$G,5,0))","v":17.46},174.6,{"$f":"IF(C383=0,\"\",VLOOKUP(C383,BNCDADOS!$A:$G,6,0))","v":12.68},{"$f":"IF(C383=0,\"\",VLOOKUP(C383,BNCDADOS!$A:$G,7,0))","v":16.47},164.7,{"$f":"SUMIF('MC - TRECHO 02'!A:A,Orçamento!A383,'MC - TRECHO 02'!R:R)","v":10}]
["3.2.4",{"$f":"IF(C384=0,\"\",VLOOKUP(C384,[142]BNCDADOS!$A:$G,8,0))","v":""},null,"CAIXAS E BLOCOS DE ANCORAGEM",{"$f":"IF(C384=0,\"\",VLOOKUP(C384,[142]BNCDADOS!$A:$G,3,0))","v":""},0,{"$f":"IF(C384=0,\"\",VLOOKUP(C384,[142]BNCDADOS!$A:$G,4,0))","v":""},{"$f":"IF(C384=0,\"\",VLOOKUP(C384,[142]BNCDADOS!$A:$G,5,0))","v":""},{"$f":"SUM(I385:I386)","v":859211.91999999993},{"$f":"IF(C384=0,\"\",VLOOKUP(C384,[142]BNCDADOS!$A:$G,6,0))","v":""},{"$f":"IF(C384=0,\"\",VLOOKUP(C384,[142]BNCDADOS!$A:$G,7,0))","v":""},{"$f":"SUM(L385:L386)","v":871481.58}]
["3.2.4.1",{"$f":"IF(C385=0,\"\",VLOOKUP(C385,BNCDADOS!$A:$H,8,0))","v":0},"COMP 03",{"$f":"IF(C385=0,\"\",VLOOKUP(C385,BNCDADOS!$A:$G,2,0))","v":"CAIXA ENTERRADA PARA INSTALAÇÃO DE VENTOSAS E DESCARGAS, DE DIVERSOS DIÂMETROS E MEDIDAS INTERNAS 3,0 X 3,0M"},{"$f":"IF(C385=0,\"\",VLOOKUP(C385,BNCDADOS!$A:$G,3,0))","v":"UN"},{"$f":"TRUNC(M385,2)","v":19},{"$f":"IF(C385=0,\"\",VLOOKUP(C385,BNCDADOS!$A:$G,4,0))","v":35231.47},{"$f":"IF(C385=0,\"\",VLOOKUP(C385,BNCDADOS!$A:$G,5,0))","v":43577.8},{"$f":"IF(H385=\"\",0,TRUNC(H385*F385,2))","v":827978.2},{"$f":"IF(C385=0,\"\",VLOOKUP(C385,BNCDADOS!$A:$G,6,0))","v":34013},{"$f":"IF(C385=0,\"\",VLOOKUP(C385,BNCDADOS!$A:$G,7,0))","v":44203.29},{"$f":"IF(K385=\"\",0,TRUNC(K385*F385,2))","v":839862.51},{"$f":"SUMIF('MC - TRECHO 02'!A:A,Orçamento!A385,'MC - TRECHO 02'!R:R)","v":19}]
["3.2.4.2",{"$f":"IF(C386=0,\"\",VLOOKUP(C386,BNCDADOS!$A:$H,8,0))","v":0},"COMP 45",{"$f":"IF(C386=0,\"\",VLOOKUP(C386,BNCDADOS!$A:$G,2,0))","v":"BLOCO DE ANCORAGEM NÃO ARMADO, PARA CURVA 11°, 22° E 45°, PARA O DIÂMETRO DE 700MM"},{"$f":"IF(C386=0,\"\",VLOOKUP(C386,BNCDADOS!$A:$G,3,0))","v":"UN"},21,{"$f":"IF(C386=0,\"\",VLOOKUP(C386,BNCDADOS!$A:$G,4,0))","v":1202.46},{"$f":"IF(C386=0,\"\",VLOOKUP(C386,BNCDADOS!$A:$G,5,0))","v":1487.32},31233.72,{"$f":"IF(C386=0,\"\",VLOOKUP(C386,BNCDADOS!$A:$G,6,0))","v":1158.57},{"$f":"IF(C386=0,\"\",VLOOKUP(C386,BNCDADOS!$A:$G,7,0))","v":1505.67},31619.07,{"$f":"SUMIF('MC - TRECHO 02'!A:A,Orçamento!A386,'MC - TRECHO 02'!R:R)","v":21}]
["3.2.5",{"$f":"IF(C387=0,\"\",VLOOKUP(C387,[142]BNCDADOS!$A:$G,8,0))","v":""},null,"DIVERSOS",{"$f":"IF(C387=0,\"\",VLOOKUP(C387,[142]BNCDADOS!$A:$G,3,0))","v":""},0,{"$f":"IF(C387=0,\"\",VLOOKUP(C387,[142]BNCDADOS!$A:$G,4,0))","v":""},{"$f":"IF(C387=0,\"\",VLOOKUP(C387,[142]BNCDADOS!$A:$G,5,0))","v":""},{"$f":"SUM(I388:I389)","v":89336.97},{"$f":"IF(C387=0,\"\",VLOOKUP(C387,[142]BNCDADOS!$A:$G,6,0))","v":""},{"$f":"IF(C387=0,\"\",VLOOKUP(C387,[142]BNCDADOS!$A:$G,7,0))","v":""},{"$f":"SUM(L388:L389)","v":88374.06}]
["3.2.5.1",{"$f":"IF(C388=0,\"\",VLOOKUP(C388,BNCDADOS!$A:$H,8,0))","v":0},"COMP 05",{"$f":"IF(C388=0,\"\",VLOOKUP(C388,BNCDADOS!$A:$G,2,0))","v":"LIMPEZA, DESINFECÇÃO E TESTE DE REDES E ADUTORAS DE ABASTECIMENTO DE ÁGUA"},{"$f":"IF(C388=0,\"\",VLOOKUP(C388,BNCDADOS!$A:$G,3,0))","v":"M"},{"$f":"TRUNC(M388,2)","v":10699.04},{"$f":"IF(C388=0,\"\",VLOOKUP(C388,BNCDADOS!$A:$G,4,0))","v":5.16},{"$f":"IF(C388=0,\"\",VLOOKUP(C388,BNCDADOS!$A:$G,5,0))","v":6.38},{"$f":"IF(H388=\"\",0,TRUNC(H388*F388,2))","v":68259.87},{"$f":"IF(C388=0,\"\",VLOOKUP(C388,BNCDADOS!$A:$G,6,0))","v":4.9399999999999995},{"$f":"IF(C388=0,\"\",VLOOKUP(C388,BNCDADOS!$A:$G,7,0))","v":6.42},{"$f":"IF(K388=\"\",0,TRUNC(K388*F388,2))","v":68687.83},{"$f":"SUMIF('MC - TRECHO 02'!A:A,Orçamento!A388,'MC - TRECHO 02'!R:R)","v":10699.04}]
["3.2.5.2",{"$f":"IF(C389=0,\"\",VLOOKUP(C389,BNCDADOS!$A:$H,8,0))","v":"caern"},2220075,{"$f":"IF(C389=0,\"\",VLOOKUP(C389,BNCDADOS!$A:$G,2,0))","v":"CADASTRO DE ADUTORAS, COLETORES, INTERCEPTORES E EMISSÁRIOS - INCLUSIVE DESENHISTA. R_11/2021"},{"$f":"IF(C389=0,\"\",VLOOKUP(C389,BNCDADOS!$A:$G,3,0))","v":"M"},10699.04,{"$f":"IF(C389=0,\"\",VLOOKUP(C389,BNCDADOS!$A:$G,4,0))","v":1.6},{"$f":"IF(C389=0,\"\",VLOOKUP(C389,BNCDADOS!$A:$G,5,0))","v":1.97},21077.1,{"$f":"IF(C389=0,\"\",VLOOKUP(C389,BNCDADOS!$A:$G,6,0))","v":1.4200000000000002},{"$f":"IF(C389=0,\"\",VLOOKUP(C389,BNCDADOS!$A:$G,7,0))","v":1.84},19686.23,{"$f":"SUMIF('MC - TRECHO 02'!A:A,Orçamento!A389,'MC - TRECHO 02'!R:R)","v":10699.04}]
[]
["3.3",null,null,"SERVIÇOS_SUB ADUTORA TRECHO 02.02 - PEDRO VELHO",{"$nulls":4},{"$f":"SUM(I392,I399,I413,I420,I422)","v":126833.18000000001},null,null,{"$f":"SUM(L392,L399,L413,L420,L422)","v":128150.08}]
["3.3.1",{"$f":"IF(C392=0,\"\",VLOOKUP(C392,[142]BNCDADOS!$A:$G,8,0))","v":""},null,"SERVIÇOS PRELIMINARES",{"$f":"IF(C392=0,\"\",VLOOKUP(C392,[142]BNCDADOS!$A:$G,3,0))","v":""},{"$f":"TRUNC(M392,2)","v":0},{"$f":"IF(C392=0,\"\",VLOOKUP(C392,[142]BNCDADOS!$A:$G,4,0))","v":""},{"$f":"IF(C392=0,\"\",VLOOKUP(C392,[142]BNCDADOS!$A:$G,5,0))","v":""},{"$f":"SUM(I393:I398)","v":12973.140000000001},{"$f":"IF(C392=0,\"\",VLOOKUP(C392,[142]BNCDADOS!$A:$G,6,0))","v":""},{"$f":"IF(C392=0,\"\",VLOOKUP(C392,[142]BNCDADOS!$A:$G,7,0))","v":""},{"$f":"SUM(L393:L398)","v":12991.439999999999}]
["3.3.1.1",{"$f":"IF(C393=0,\"\",VLOOKUP(C393,BNCDADOS!$A:$H,8,0))","v":"caern"},2010050,{"$f":"IF(C393=0,\"\",VLOOKUP(C393,BNCDADOS!$A:$G,2,0))","v":"LOCAÇÃO DE ADUTORAS, COLETORES TRONCO E INTERCEPTORES - COM AUXÍLIO DE EQUIPAMENTO TOPOGRÁFICO. R_11/2018"},{"$f":"IF(C393=0,\"\",VLOOKUP(C393,BNCDADOS!$A:$G,3,0))","v":"M"},619.28,{"$f":"IF(C393=0,\"\",VLOOKUP(C393,BNCDADOS!$A:$G,4,0))","v":2.56},{"$f":"IF(C393=0,\"\",VLOOKUP(C393,BNCDADOS!$A:$G,5,0))","v":3.16},{"$f":"IF(H393=\"\",0,TRUNC(H393*F393,2))","v":1956.92},{"$f":"IF(C393=0,\"\",VLOOKUP(C393,BNCDADOS!$A:$G,6,0))","v":2.2400000000000002},{"$f":"IF(C393=0,\"\",VLOOKUP(C393,BNCDADOS!$A:$G,7,0))","v":2.91},{"$f":"IF(K393=\"\",0,TRUNC(K393*F393,2))","v":1802.1},{"$f":"SUMIF('MC - TRECHO 02'!A:A,Orçamento!A393,'MC - TRECHO 02'!R:R)","v":619.28}]
["3.3.1.2",{"$f":"IF(C394=0,\"\",VLOOKUP(C394,BNCDADOS!$A:$H,8,0))","v":"SINAPI/RN\nSERVIÇO"},98525,{"$f":"IF(C394=0,\"\",VLOOKUP(C394,BNCDADOS!$A:$G,2,0))","v":"LIMPEZA MECANIZADA DE CAMADA VEGETAL, VEGETAÇÃO E PEQUENAS ÁRVORES (DIÂMETRO DE TRONCO MENOR QUE 0,20 M), COM TRATOR DE ESTEIRAS. AF_03/2024"},{"$f":"IF(C394=0,\"\",VLOOKUP(C394,BNCDADOS!$A:$G,3,0))","v":"M2"},3068.91,{"$f":"IF(C394=0,\"\",VLOOKUP(C394,BNCDADOS!$A:$G,4,0))","v":"0,61"},{"$f":"IF(C394=0,\"\",VLOOKUP(C394,BNCDADOS!$A:$G,5,0))","v":0.75},2301.6799999999998,{"$f":"IF(C394=0,\"\",VLOOKUP(C394,BNCDADOS!$A:$G,6,0))","v":"0,58"},{"$f":"IF(C394=0,\"\",VLOOKUP(C394,BNCDADOS!$A:$G,7,0))","v":0.75},2301.6799999999998,{"$f":"SUMIF('MC - TRECHO 02'!A:A,Orçamento!A394,'MC - TRECHO 02'!R:R)","v":3068.91}]
["3.3.1.3",{"$f":"IF(C395=0,\"\",VLOOKUP(C395,BNCDADOS!$A:$H,8,0))","v":"caern"},2010053,{"$f":"IF(C395=0,\"\",VLOOKUP(C395,BNCDADOS!$A:$G,2,0))","v":"SINALIZAÇÃO DE OBRA COM TELA TAPUME, COR LARANJA, COM SUPORTE A CADA 2M E PLACA DE SINALIZAÇÃO SOBRE CAVALETE. INC_11/2019"},{"$f":"IF(C395=0,\"\",VLOOKUP(C395,BNCDADOS!$A:$G,3,0))","v":"M"},1238.56,{"$f":"IF(C395=0,\"\",VLOOKUP(C395,BNCDADOS!$A:$G,4,0))","v":4.54},{"$f":"IF(C395=0,\"\",VLOOKUP(C395,BNCDADOS!$A:$G,5,0))","v":5.61},6948.32,{"$f":"IF(C395=0,\"\",VLOOKUP(C395,BNCDADOS!$A:$G,6,0))","v":4.3899999999999997},{"$f":"IF(C395=0,\"\",VLOOKUP(C395,BNCDADOS!$A:$G,7,0))","v":5.7},7059.79,{"$f":"SUMIF('MC - TRECHO 02'!A:A,Orçamento!A395,'MC - TRECHO 02'!R:R)","v":1238.56}]
["3.3.1.4",{"$f":"IF(C396=0,\"\",VLOOKUP(C396,BNCDADOS!$A:$H,8,0))","v":"SINAPI/RN\nSERVIÇO"},97054,{"$f":"IF(C396=0,\"\",VLOOKUP(C396,BNCDADOS!$A:$G,2,0))","v":"INSTALAÇÃO DE SINALIZADOR NOTURNO LED. AF_03/2024"},{"$f":"IF(C396=0,\"\",VLOOKUP(C396,BNCDADOS!$A:$G,3,0))","v":"UN"},12,{"$f":"IF(C396=0,\"\",VLOOKUP(C396,BNCDADOS!$A:$G,4,0))","v":"28,12"},{"$f":"IF(C396=0,\"\",VLOOKUP(C396,BNCDADOS!$A:$G,5,0))","v":34.78},417.36,{"$f":"IF(C396=0,\"\",VLOOKUP(C396,BNCDADOS!$A:$G,6,0))","v":"27,08"},{"$f":"IF(C396=0,\"\",VLOOKUP(C396,BNCDADOS!$A:$G,7,0))","v":35.19},422.28,{"$f":"SUMIF('MC - TRECHO 02'!A:A,Orçamento!A396,'MC - TRECHO 02'!R:R)","v":12}]
["3.3.1.5",{"$f":"IF(C397=0,\"\",VLOOKUP(C397,BNCDADOS!$A:$H,8,0))","v":"caern"},2010037,{"$f":"IF(C397=0,\"\",VLOOKUP(C397,BNCDADOS!$A:$G,2,0))","v":"SONDAGEM DE INTERFERÊNCIA, ESCAVAÇÃO MANUAL DE VALA DE 0,60M ATÉ 1,30M, EM RUAS SEM PAVIMENTAÇÃO"},{"$f":"IF(C397=0,\"\",VLOOKUP(C397,BNCDADOS!$A:$G,3,0))","v":"M"},0.93,{"$f":"IF(C397=0,\"\",VLOOKUP(C397,BNCDADOS!$A:$G,4,0))","v":89.34},{"$f":"IF(C397=0,\"\",VLOOKUP(C397,BNCDADOS!$A:$G,5,0))","v":110.5},102.76,{"$f":"IF(C397=0,\"\",VLOOKUP(C397,BNCDADOS!$A:$G,6,0))","v":80.78},{"$f":"IF(C397=0,\"\",VLOOKUP(C397,BNCDADOS!$A:$G,7,0))","v":104.98},97.63,{"$f":"SUMIF('MC - TRECHO 02'!A:A,Orçamento!A397,'MC - TRECHO 02'!R:R)","v":0.93}]
["3.3.1.6",{"$f":"IF(C398=0,\"\",VLOOKUP(C398,BNCDADOS!$A:$H,8,0))","v":0},"COMP 01",{"$f":"IF(C398=0,\"\",VLOOKUP(C398,BNCDADOS!$A:$G,2,0))","v":"CANTEIRO ITINERANTE COMPOSTO DE TOLDO, CONJUNTO DE MESA E CADEIRAS E BANHEIRO QUÍMICO COM LIMPEZA DIÁRIA INCLUSO COLETA E DESTINAÇÃO FINAL DE EFLUENTES"},{"$f":"IF(C398=0,\"\",VLOOKUP(C398,BNCDADOS!$A:$G,3,0))","v":"UN"},1,{"$f":"IF(C398=0,\"\",VLOOKUP(C398,BNCDADOS!$A:$G,4,0))","v":1007.4399999999999},{"$f":"IF(C398=0,\"\",VLOOKUP(C398,BNCDADOS!$A:$G,5,0))","v":1246.0999999999999},1246.0999999999999,{"$f":"IF(C398=0,\"\",VLOOKUP(C398,BNCDADOS!$A:$G,6,0))","v":1006.4399999999999},{"$f":"IF(C398=0,\"\",VLOOKUP(C398,BNCDADOS!$A:$G,7,0))","v":1307.96},1307.96,{"$f":"SUMIF('MC - TRECHO 02'!A:A,Orçamento!A398,'MC - TRECHO 02'!R:R)","v":1}]
["3.3.2",{"$f":"IF(C399=0,\"\",VLOOKUP(C399,[142]BNCDADOS!$A:$G,8,0))","v":""},null,"MOVIMENTO DE TERRA",{"$f":"IF(C399=0,\"\",VLOOKUP(C399,[142]BNCDADOS!$A:$G,3,0))","v":""},0,{"$f":"IF(C399=0,\"\",VLOOKUP(C399,[142]BNCDADOS!$A:$G,4,0))","v":""},{"$f":"IF(C399=0,\"\",VLOOKUP(C399,[142]BNCDADOS!$A:$G,5,0))","v":""},{"$f":"SUM(I400:I412)","v":59197.170000000006},{"$f":"IF(C399=0,\"\",VLOOKUP(C399,[142]BNCDADOS!$A:$G,6,0))","v":""},{"$f":"IF(C399=0,\"\",VLOOKUP(C399,[142]BNCDADOS!$A:$G,7,0))","v":""},{"$f":"SUM(L400:L412)","v":60263.819999999992}]
["3.3.2.1",{"$f":"IF(C400=0,\"\",VLOOKUP(C400,BNCDADOS!$A:$H,8,0))","v":0},"COMP 02",{"$f":"IF(C400=0,\"\",VLOOKUP(C400,BNCDADOS!$A:$G,2,0))","v":"ESCAVAÇÃO MANUAL DE VALA COM PROFUNDIDADE MENOR OU IGUAL A 2,00 M"},{"$f":"IF(C400=0,\"\",VLOOKUP(C400,BNCDADOS!$A:$G,3,0))","v":"M³"},7.42,{"$f":"IF(C400=0,\"\",VLOOKUP(C400,BNCDADOS!$A:$G,4,0))","v":81.489999999999995},{"$f":"IF(C400=0,\"\",VLOOKUP(C400,BNCDADOS!$A:$G,5,0))","v":100.79},{"$f":"IF(H400=\"\",0,TRUNC(H400*F400,2))","v":747.86},{"$f":"IF(C400=0,\"\",VLOOKUP(C400,BNCDADOS!$A:$G,6,0))","v":73.58},{"$f":"IF(C400=0,\"\",VLOOKUP(C400,BNCDADOS!$A:$G,7,0))","v":95.62},{"$f":"IF(K400=\"\",0,TRUNC(K400*F400,2))","v":709.5},{"$f":"SUMIF('MC - TRECHO 02'!A:A,Orçamento!A400,'MC - TRECHO 02'!R:R)","v":7.42}]
["3.3.2.2",{"$f":"IF(C401=0,\"\",VLOOKUP(C401,BNCDADOS!$A:$H,8,0))","v":"SINAPI/RN\nSERVIÇO"},102279,{"$f":"IF(C401=0,\"\",VLOOKUP(C401,BNCDADOS!$A:$G,2,0))","v":"ESCAVAÇÃO MECANIZADA DE VALA COM PROF. ATÉ 1,5 M (MÉDIA MONTANTE E JUSANTE/UMA COMPOSIÇÃO POR TRECHO), ESCAVADEIRA (0,8 M3),LARG. MENOR QUE 1,5 M, EM SOLO DE 1A CATEGORIA, LOCAIS COM BAIXO NÍVEL DE INTERFERÊNCIA. AF_02/2021"},{"$f":"IF(C401=0,\"\",VLOOKUP(C401,BNCDADOS!$A:$G,3,0))","v":"M3"},509.72,{"$f":"IF(C401=0,\"\",VLOOKUP(C401,BNCDADOS!$A:$G,4,0))","v":"7,18"},{"$f":"IF(C401=0,\"\",VLOOKUP(C401,BNCDADOS!$A:$G,5,0))","v":8.8800000000000008},4526.3100000000004,{"$f":"IF(C401=0,\"\",VLOOKUP(C401,BNCDADOS!$A:$G,6,0))","v":"6,93"},{"$f":"IF(C401=0,\"\",VLOOKUP(C401,BNCDADOS!$A:$G,7,0))","v":9},4587.4799999999996,{"$f":"SUMIF('MC - TRECHO 02'!A:A,Orçamento!A401,'MC - TRECHO 02'!R:R)","v":509.72}]
["3.3.2.3",{"$f":"IF(C402=0,\"\",VLOOKUP(C402,BNCDADOS!$A:$H,8,0))","v":"SINAPI/RN\nSERVIÇO"},90084,{"$f":"IF(C402=0,\"\",VLOOKUP(C402,BNCDADOS!$A:$G,2,0))","v":"ESCAVAÇÃO MECANIZADA DE VALA COM PROF. MAIOR QUE 1,5 M ATÉ 3,0 M (MÉDIA MONTANTE E JUSANTE/UMA COMPOSIÇÃO POR TRECHO), ESCAVADEIRA (0,8 M3), LARGURA ATÉ 1,5 M, EM SOLO DE 1A CATEGORIA, EM LOCAIS COM ALTO NÍVEL DE INTERFERÊNCIA. AF_02/2021"},{"$f":"IF(C402=0,\"\",VLOOKUP(C402,BNCDADOS!$A:$G,3,0))","v":"M3"},113.82,{"$f":"IF(C402=0,\"\",VLOOKUP(C402,BNCDADOS!$A:$G,4,0))","v":"11,22"},{"$f":"IF(C402=0,\"\",VLOOKUP(C402,BNCDADOS!$A:$G,5,0))","v":13.87},1578.68,{"$f":"IF(C402=0,\"\",VLOOKUP(C402,BNCDADOS!$A:$G,6,0))","v":"10,82"},{"$f":"IF(C402=0,\"\",VLOOKUP(C402,BNCDADOS!$A:$G,7,0))","v":14.06},1600.3,{"$f":"SUMIF('MC - TRECHO 02'!A:A,Orçamento!A402,'MC - TRECHO 02'!R:R)","v":113.82}]
["3.3.2.4",{"$f":"IF(C403=0,\"\",VLOOKUP(C403,BNCDADOS!$A:$H,8,0))","v":"SINAPI/RN\nSERVIÇO"},102327,{"$f":"IF(C403=0,\"\",VLOOKUP(C403,BNCDADOS!$A:$G,2,0))","v":"ESCAVAÇÃO MECANIZADA DE VALA COM PROF. ATÉ 1,5 M (MÉDIA MONTANTE E JUSANTE/UMA COMPOSIÇÃO POR TRECHO), RETROESCAV. (0,26 M3 ), LARG. DE 0,8 M A 1,5 M, EM SOLO DE 2A CATEGORIA, EM LOCAIS COM BAIXO NÍVEL DE INTERFERÊNCIA. AF_02/2021"},{"$f":"IF(C403=0,\"\",VLOOKUP(C403,BNCDADOS!$A:$G,3,0))","v":"M3"},91.02,{"$f":"IF(C403=0,\"\",VLOOKUP(C403,BNCDADOS!$A:$G,4,0))","v":"9,37"},{"$f":"IF(C403=0,\"\",VLOOKUP(C403,BNCDADOS!$A:$G,5,0))","v":11.58},1054.01,{"$f":"IF(C403=0,\"\",VLOOKUP(C403,BNCDADOS!$A:$G,6,0))","v":"8,89"},{"$f":"IF(C403=0,\"\",VLOOKUP(C403,BNCDADOS!$A:$G,7,0))","v":11.55},1051.28,{"$f":"SUMIF('MC - TRECHO 02'!A:A,Orçamento!A403,'MC - TRECHO 02'!R:R)","v":91.02}]
["3.3.2.5",{"$f":"IF(C404=0,\"\",VLOOKUP(C404,BNCDADOS!$A:$H,8,0))","v":"SINAPI/RN\nSERVIÇO"},102329,{"$f":"IF(C404=0,\"\",VLOOKUP(C404,BNCDADOS!$A:$G,2,0))","v":"ESCAVAÇÃO MECANIZADA DE VALA COM PROF. MAIOR QUE 1,5 M ATÉ 3,0 M (MÉDIA MONTANTE E JUSANTE/UMA COMPOSIÇÃO POR TRECHO), RETROESCAV. (0,26 M3), LARG. DE 0,8 M A 1,5 M, EM SOLO DE 2A CATEGORIA, EM LOCAIS COM BAIXO NÍVEL DE INTERFERÊNCIA. AF_02/2021"},{"$f":"IF(C404=0,\"\",VLOOKUP(C404,BNCDADOS!$A:$G,3,0))","v":"M3"},20.32,{"$f":"IF(C404=0,\"\",VLOOKUP(C404,BNCDADOS!$A:$G,4,0))","v":"8,41"},{"$f":"IF(C404=0,\"\",VLOOKUP(C404,BNCDADOS!$A:$G,5,0))","v":10.4},211.32,{"$f":"IF(C404=0,\"\",VLOOKUP(C404,BNCDADOS!$A:$G,6,0))","v":"8,00"},{"$f":"IF(C404=0,\"\",VLOOKUP(C404,BNCDADOS!$A:$G,7,0))","v":10.39},211.12,{"$f":"SUMIF('MC - TRECHO 02'!A:A,Orçamento!A404,'MC - TRECHO 02'!R:R)","v":20.32}]
["3.3.2.6",{"$f":"IF(C405=0,\"\",VLOOKUP(C405,BNCDADOS!$A:$H,8,0))","v":"SINAPI/RN\nSERVIÇO"},101622,{"$f":"IF(C405=0,\"\",VLOOKUP(C405,BNCDADOS!$A:$G,2,0))","v":"PREPARO DE FUNDO DE VALA COM LARGURA MENOR QUE 1,5 M, COM CAMADA DE AREIA, LANÇAMENTO MECANIZADO. AF_08/2020"},{"$f":"IF(C405=0,\"\",VLOOKUP(C405,BNCDADOS!$A:$G,3,0))","v":"M3"},41.43,{"$f":"IF(C405=0,\"\",VLOOKUP(C405,BNCDADOS!$A:$G,4,0))","v":"194,81"},{"$f":"IF(C405=0,\"\",VLOOKUP(C405,BNCDADOS!$A:$G,5,0))","v":240.96},9982.9699999999993,{"$f":"IF(C405=0,\"\",VLOOKUP(C405,BNCDADOS!$A:$G,6,0))","v":"187,51"},{"$f":"IF(C405=0,\"\",VLOOKUP(C405,BNCDADOS!$A:$G,7,0))","v":243.68},10095.66,{"$f":"SUMIF('MC - TRECHO 02'!A:A,Orçamento!A405,'MC - TRECHO 02'!R:R)","v":41.43}]
["3.3.2.7",{"$f":"IF(C406=0,\"\",VLOOKUP(C406,BNCDADOS!$A:$H,8,0))","v":"caern"},2040103,{"$f":"IF(C406=0,\"\",VLOOKUP(C406,BNCDADOS!$A:$G,2,0))","v":"ESCORAMENTO DE VALA, TIPO BLINDAGEM, COM PROFUNDIDADE DE 0 A 1,5 M, LARGURA MAIOR OU IGUAL A 1,5 M E MENOR QUE 2,5 M - EXECUÇÃO E FORNECIMENTO, INCLUI MATERIAL. R_11/2020"},{"$f":"IF(C406=0,\"\",VLOOKUP(C406,BNCDADOS!$A:$G,3,0))","v":"M²"},129.58000000000001,{"$f":"IF(C406=0,\"\",VLOOKUP(C406,BNCDADOS!$A:$G,4,0))","v":27.050000000000004},{"$f":"IF(C406=0,\"\",VLOOKUP(C406,BNCDADOS!$A:$G,5,0))","v":33.450000000000003},4334.45,{"$f":"IF(C406=0,\"\",VLOOKUP(C406,BNCDADOS!$A:$G,6,0))","v":25.79},{"$f":"IF(C406=0,\"\",VLOOKUP(C406,BNCDADOS!$A:$G,7,0))","v":33.51},4342.22,{"$f":"SUMIF('MC - TRECHO 02'!A:A,Orçamento!A406,'MC - TRECHO 02'!R:R)","v":129.58000000000001}]
["3.3.2.8",{"$f":"IF(C407=0,\"\",VLOOKUP(C407,BNCDADOS!$A:$H,8,0))","v":"caern"},2040105,{"$f":"IF(C407=0,\"\",VLOOKUP(C407,BNCDADOS!$A:$G,2,0))","v":"ESCORAMENTO DE VALA, TIPO BLINDAGEM, COM PROFUNDIDADE DE 1,5 A 3,0 M, LARGURA MAIOR OU IGUAL A 1,5 M E MENOR QUE 2,50 M - EXECUÇÃO E FORNECIMENTO, INCLUI MATERIAL. R_11/2020"},{"$f":"IF(C407=0,\"\",VLOOKUP(C407,BNCDADOS!$A:$G,3,0))","v":"M²"},225.83,{"$f":"IF(C407=0,\"\",VLOOKUP(C407,BNCDADOS!$A:$G,4,0))","v":22.549999999999997},{"$f":"IF(C407=0,\"\",VLOOKUP(C407,BNCDADOS!$A:$G,5,0))","v":27.89},6298.39,{"$f":"IF(C407=0,\"\",VLOOKUP(C407,BNCDADOS!$A:$G,6,0))","v":21.51},{"$f":"IF(C407=0,\"\",VLOOKUP(C407,BNCDADOS!$A:$G,7,0))","v":27.95},6311.94,{"$f":"SUMIF('MC - TRECHO 02'!A:A,Orçamento!A407,'MC - TRECHO 02'!R:R)","v":225.83}]
["3.3.2.9",{"$f":"IF(C408=0,\"\",VLOOKUP(C408,BNCDADOS!$A:$H,8,0))","v":"SINAPI/RN\nSERVIÇO"},94318,{"$f":"IF(C408=0,\"\",VLOOKUP(C408,BNCDADOS!$A:$G,2,0))","v":"ATERRO MECANIZADO DE VALA COM RETROESCAVADEIRA (CAPACIDADE DA CAÇAMBA DA RETRO: 0,26 M³ / POTÊNCIA: 88 HP), LARGURA ATÉ 1,5 M, PROFUNDIDADE DE 1,5 A 3,0 M, COM SOLO ARGILO-ARENOSO. AF_08/2023"},{"$f":"IF(C408=0,\"\",VLOOKUP(C408,BNCDADOS!$A:$G,3,0))","v":"M3"},39.64,{"$f":"IF(C408=0,\"\",VLOOKUP(C408,BNCDADOS!$A:$G,4,0))","v":"64,29"},{"$f":"IF(C408=0,\"\",VLOOKUP(C408,BNCDADOS!$A:$G,5,0))","v":79.52},3152.17,{"$f":"IF(C408=0,\"\",VLOOKUP(C408,BNCDADOS!$A:$G,6,0))","v":"63,59"},{"$f":"IF(C408=0,\"\",VLOOKUP(C408,BNCDADOS!$A:$G,7,0))","v":82.64},3275.84,{"$f":"SUMIF('MC - TRECHO 02'!A:A,Orçamento!A408,'MC - TRECHO 02'!R:R)","v":39.64}]
["3.3.2.10",{"$f":"IF(C409=0,\"\",VLOOKUP(C409,BNCDADOS!$A:$H,8,0))","v":"SINAPI/RN\nSERVIÇO"},94304,{"$f":"IF(C409=0,\"\",VLOOKUP(C409,BNCDADOS!$A:$G,2,0))","v":"ATERRO MECANIZADO DE VALA COM ESCAVADEIRA HIDRÁULICA (CAPACIDADE DA CAÇAMBA: 0,8 M³ / POTÊNCIA: 111 HP), LARGURA ATÉ 2,5 M, PROFUNDIDADE ATÉ 1,5 M, COM SOLO ARGILO-ARENOSO. AF_08/2023"},{"$f":"IF(C409=0,\"\",VLOOKUP(C409,BNCDADOS!$A:$G,3,0))","v":"M3"},173.94,{"$f":"IF(C409=0,\"\",VLOOKUP(C409,BNCDADOS!$A:$G,4,0))","v":"75,28"},{"$f":"IF(C409=0,\"\",VLOOKUP(C409,BNCDADOS!$A:$G,5,0))","v":93.11},16195.55,{"$f":"IF(C409=0,\"\",VLOOKUP(C409,BNCDADOS!$A:$G,6,0))","v":"74,28"},{"$f":"IF(C409=0,\"\",VLOOKUP(C409,BNCDADOS!$A:$G,7,0))","v":96.53},16790.419999999998,{"$f":"SUMIF('MC - TRECHO 02'!A:A,Orçamento!A409,'MC - TRECHO 02'!R:R)","v":173.94}]
["3.3.2.11",{"$f":"IF(C410=0,\"\",VLOOKUP(C410,BNCDADOS!$A:$H,8,0))","v":"SINAPI/RN\nSERVIÇO"},104728,{"$f":"IF(C410=0,\"\",VLOOKUP(C410,BNCDADOS!$A:$G,2,0))","v":"REATERRO MECANIZADO DE VALA COM ESCAVADEIRA HIDRÁULICA (CAPACIDADE DA CAÇAMBA: 0,8 M³/POTÊNCIA: 111 HP), LARGURA DE 1,5 A 2,5 M, PROFUNDIDADE ATÉ 1,5 M, COM SOLO (SEM SUBSTITUIÇÃO) DE 1ª CATEGORIA, COM PLACA VIBRATÓRIA. AF_08/2023"},{"$f":"IF(C410=0,\"\",VLOOKUP(C410,BNCDADOS!$A:$G,3,0))","v":"M3"},92.48,{"$f":"IF(C410=0,\"\",VLOOKUP(C410,BNCDADOS!$A:$G,4,0))","v":"19,58"},{"$f":"IF(C410=0,\"\",VLOOKUP(C410,BNCDADOS!$A:$G,5,0))","v":24.21},2238.94,{"$f":"IF(C410=0,\"\",VLOOKUP(C410,BNCDADOS!$A:$G,6,0))","v":"18,92"},{"$f":"IF(C410=0,\"\",VLOOKUP(C410,BNCDADOS!$A:$G,7,0))","v":24.58},2273.15,{"$f":"SUMIF('MC - TRECHO 02'!A:A,Orçamento!A410,'MC - TRECHO 02'!R:R)","v":92.48}]
["3.3.2.12",{"$f":"IF(C411=0,\"\",VLOOKUP(C411,BNCDADOS!$A:$H,8,0))","v":"SINAPI/RN\nSERVIÇO"},104729,{"$f":"IF(C411=0,\"\",VLOOKUP(C411,BNCDADOS!$A:$G,2,0))","v":"REATERRO MECANIZADO DE VALA COM ESCAVADEIRA HIDRÁULICA (CAPACIDADE DA CAÇAMBA: 0,8 M³/POTÊNCIA: 111 HP), LARGURA ATÉ 1,5 M, PROFUNDIDADE DE 1,5 A 3,0 M, COM SOLO (SEM SUBSTITUIÇÃO) DE 1ª CATEGORIA, COM PLACA VIBRATÓRIA. AF_08/2023"},{"$f":"IF(C411=0,\"\",VLOOKUP(C411,BNCDADOS!$A:$G,3,0))","v":"M3"},405.86,{"$f":"IF(C411=0,\"\",VLOOKUP(C411,BNCDADOS!$A:$G,4,0))","v":"16,69"},{"$f":"IF(C411=0,\"\",VLOOKUP(C411,BNCDADOS!$A:$G,5,0))","v":20.64},8376.9500000000007,{"$f":"IF(C411=0,\"\",VLOOKUP(C411,BNCDADOS!$A:$G,6,0))","v":"16,13"},{"$f":"IF(C411=0,\"\",VLOOKUP(C411,BNCDADOS!$A:$G,7,0))","v":20.96},8506.82,{"$f":"SUMIF('MC - TRECHO 02'!A:A,Orçamento!A411,'MC - TRECHO 02'!R:R)","v":405.86}]
["3.3.2.13",{"$f":"IF(C412=0,\"\",VLOOKUP(C412,BNCDADOS!$A:$H,8,0))","v":"SINAPI/RN\nSERVIÇO"},100574,{"$f":"IF(C412=0,\"\",VLOOKUP(C412,BNCDADOS!$A:$G,2,0))","v":"ESPALHAMENTO DE MATERIAL COM TRATOR DE ESTEIRAS. AF_11/2019"},{"$f":"IF(C412=0,\"\",VLOOKUP(C412,BNCDADOS!$A:$G,3,0))","v":"M3"},283.85000000000002,{"$f":"IF(C412=0,\"\",VLOOKUP(C412,BNCDADOS!$A:$G,4,0))","v":"1,43"},{"$f":"IF(C412=0,\"\",VLOOKUP(C412,BNCDADOS!$A:$G,5,0))","v":1.76},499.57,{"$f":"IF(C412=0,\"\",VLOOKUP(C412,BNCDADOS!$A:$G,6,0))","v":"1,38"},{"$f":"IF(C412=0,\"\",VLOOKUP(C412,BNCDADOS!$A:$G,7,0))","v":1.79},508.09,{"$f":"SUMIF('MC - TRECHO 02'!A:A,Orçamento!A412,'MC - TRECHO 02'!R:R)","v":283.85000000000002}]
["3.3.3",{"$f":"IF(C413=0,\"\",VLOOKUP(C413,[142]BNCDADOS!$A:$G,8,0))","v":""},null,"ASSENTAMENTO E MONTAGEM DOS TUBOS E CONEXÕES",{"$f":"IF(C413=0,\"\",VLOOKUP(C413,[142]BNCDADOS!$A:$G,3,0))","v":""},0,{"$f":"IF(C413=0,\"\",VLOOKUP(C413,[142]BNCDADOS!$A:$G,4,0))","v":""},{"$f":"IF(C413=0,\"\",VLOOKUP(C413,[142]BNCDADOS!$A:$G,5,0))","v":""},{"$f":"SUM(I414:I419)","v":11642.029999999999},{"$f":"IF(C413=0,\"\",VLOOKUP(C413,[142]BNCDADOS!$A:$G,6,0))","v":""},{"$f":"IF(C413=0,\"\",VLOOKUP(C413,[142]BNCDADOS!$A:$G,7,0))","v":""},{"$f":"SUM(L414:L419)","v":11349.490000000002}]
["3.3.3.1",{"$f":"IF(C414=0,\"\",VLOOKUP(C414,BNCDADOS!$A:$H,8,0))","v":"SINAPI/RN\nSERVIÇO"},97129,{"$f":"IF(C414=0,\"\",VLOOKUP(C414,BNCDADOS!$A:$G,2,0))","v":"ASSENTAMENTO DE TUBO DE PVC DEFOFO OU PRFV OU RPVC PARA REDE DE ÁGUA, DN 250 MM, JUNTA ELÁSTICA INTEGRADA, INSTALADO EM LOCAL COM NÍVEL ALTO DE INTERFERÊNCIAS (NÃO INCLUI FORNECIMENTO). AF_05/2024"},{"$f":"IF(C414=0,\"\",VLOOKUP(C414,BNCDADOS!$A:$G,3,0))","v":"M"},619.28,{"$f":"IF(C414=0,\"\",VLOOKUP(C414,BNCDADOS!$A:$G,4,0))","v":"11,30"},{"$f":"IF(C414=0,\"\",VLOOKUP(C414,BNCDADOS!$A:$G,5,0))","v":13.97},{"$f":"IF(H414=\"\",0,TRUNC(H414*F414,2))","v":8651.34},{"$f":"IF(C414=0,\"\",VLOOKUP(C414,BNCDADOS!$A:$G,6,0))","v":"10,42"},{"$f":"IF(C414=0,\"\",VLOOKUP(C414,BNCDADOS!$A:$G,7,0))","v":13.54},{"$f":"IF(K414=\"\",0,TRUNC(K414*F414,2))","v":8385.0499999999993},{"$f":"SUMIF('MC - TRECHO 02'!A:A,Orçamento!A414,'MC - TRECHO 02'!R:R)","v":619.28}]
["3.3.3.2",{"$f":"IF(C415=0,\"\",VLOOKUP(C415,BNCDADOS!$A:$H,8,0))","v":"caern"},2060554,{"$f":"IF(C415=0,\"\",VLOOKUP(C415,BNCDADOS!$A:$G,2,0))","v":"ASSENTAMENTO DE CONEXÕES EM FERRO FUNDIDO, JUNTA ELÁSTICA, DIAM.= 250 MM. INC_05/2020"},{"$f":"IF(C415=0,\"\",VLOOKUP(C415,BNCDADOS!$A:$G,3,0))","v":"UN "},11,{"$f":"IF(C415=0,\"\",VLOOKUP(C415,BNCDADOS!$A:$G,4,0))","v":21.799999999999997},{"$f":"IF(C415=0,\"\",VLOOKUP(C415,BNCDADOS!$A:$G,5,0))","v":26.96},296.56,{"$f":"IF(C415=0,\"\",VLOOKUP(C415,BNCDADOS!$A:$G,6,0))","v":19.75},{"$f":"IF(C415=0,\"\",VLOOKUP(C415,BNCDADOS!$A:$G,7,0))","v":25.66},282.26,{"$f":"SUMIF('MC - TRECHO 02'!A:A,Orçamento!A415,'MC - TRECHO 02'!R:R)","v":11}]
["3.3.3.3",{"$f":"IF(C416=0,\"\",VLOOKUP(C416,BNCDADOS!$A:$H,8,0))","v":"SINAPI/RN\nSERVIÇO"},103109,{"$f":"IF(C416=0,\"\",VLOOKUP(C416,BNCDADOS!$A:$G,2,0))","v":"ASSENTAMENTO DE CONEXÃO COM 2 ACESSOS, FERRO FUNDIDO PARA REDE DE ÁGUA, DN  250 MM, JUNTA FLANGEADA (NÃO INCLUI O FORNECIMENTO). AF_09/2021"},{"$f":"IF(C416=0,\"\",VLOOKUP(C416,BNCDADOS!$A:$G,3,0))","v":"UN"},2,{"$f":"IF(C416=0,\"\",VLOOKUP(C416,BNCDADOS!$A:$G,4,0))","v":"170,23"},{"$f":"IF(C416=0,\"\",VLOOKUP(C416,BNCDADOS!$A:$G,5,0))","v":210.55},421.1,{"$f":"IF(C416=0,\"\",VLOOKUP(C416,BNCDADOS!$A:$G,6,0))","v":"161,60"},{"$f":"IF(C416=0,\"\",VLOOKUP(C416,BNCDADOS!$A:$G,7,0))","v":210.01},420.02,{"$f":"SUMIF('MC - TRECHO 02'!A:A,Orçamento!A416,'MC - TRECHO 02'!R:R)","v":2}]
["3.3.3.4",{"$f":"IF(C417=0,\"\",VLOOKUP(C417,BNCDADOS!$A:$H,8,0))","v":"SINAPI/RN\nSERVIÇO"},103112,{"$f":"IF(C417=0,\"\",VLOOKUP(C417,BNCDADOS!$A:$G,2,0))","v":"ASSENTAMENTO DE CONEXÃO COM 2 ACESSOS, FERRO FUNDIDO PARA REDE DE ÁGUA, DN  400 MM, JUNTA FLANGEADA (NÃO INCLUI O FORNECIMENTO). AF_09/2021"},{"$f":"IF(C417=0,\"\",VLOOKUP(C417,BNCDADOS!$A:$G,3,0))","v":"UN"},1,{"$f":"IF(C417=0,\"\",VLOOKUP(C417,BNCDADOS!$A:$G,4,0))","v":"282,71"},{"$f":"IF(C417=0,\"\",VLOOKUP(C417,BNCDADOS!$A:$G,5,0))","v":349.68},349.68,{"$f":"IF(C417=0,\"\",VLOOKUP(C417,BNCDADOS!$A:$G,6,0))","v":"268,05"},{"$f":"IF(C417=0,\"\",VLOOKUP(C417,BNCDADOS!$A:$G,7,0))","v":348.35},348.35,{"$f":"SUMIF('MC - TRECHO 02'!A:A,Orçamento!A417,'MC - TRECHO 02'!R:R)","v":1}]
["3.3.3.5",{"$f":"IF(C418=0,\"\",VLOOKUP(C418,BNCDADOS!$A:$H,8,0))","v":"SINAPI/RN\nSERVIÇO"},103116,{"$f":"IF(C418=0,\"\",VLOOKUP(C418,BNCDADOS!$A:$G,2,0))","v":"ASSENTAMENTO DE CONEXÃO COM 2 ACESSOS, FERRO FUNDIDO PARA REDE DE ÁGUA, DN  700 MM, JUNTA FLANGEADA (NÃO INCLUI O FORNECIMENTO). AF_09/2021"},{"$f":"IF(C418=0,\"\",VLOOKUP(C418,BNCDADOS!$A:$G,3,0))","v":"UN"},3,{"$f":"IF(C418=0,\"\",VLOOKUP(C418,BNCDADOS!$A:$G,4,0))","v":"507,72"},{"$f":"IF(C418=0,\"\",VLOOKUP(C418,BNCDADOS!$A:$G,5,0))","v":627.99},1883.97,{"$f":"IF(C418=0,\"\",VLOOKUP(C418,BNCDADOS!$A:$G,6,0))","v":"480,93"},{"$f":"IF(C418=0,\"\",VLOOKUP(C418,BNCDADOS!$A:$G,7,0))","v":625.01},1875.03,{"$f":"SUMIF('MC - TRECHO 02'!A:A,Orçamento!A418,'MC - TRECHO 02'!R:R)","v":3}]
["3.3.3.6",{"$f":"IF(C419=0,\"\",VLOOKUP(C419,BNCDADOS!$A:$H,8,0))","v":"caern"},2060584,{"$f":"IF(C419=0,\"\",VLOOKUP(C419,BNCDADOS!$A:$G,2,0))","v":"ASSENTAMENTO DE REGISTRO DE GAVETA EM FERRO FUNDIDO COM BOLSAS, DIAM. = 200MM A 300MM. INC_05/2020"},{"$f":"IF(C419=0,\"\",VLOOKUP(C419,BNCDADOS!$A:$G,3,0))","v":"UN "},2,{"$f":"IF(C419=0,\"\",VLOOKUP(C419,BNCDADOS!$A:$G,4,0))","v":15.92},{"$f":"IF(C419=0,\"\",VLOOKUP(C419,BNCDADOS!$A:$G,5,0))","v":19.690000000000001},39.380000000000003,{"$f":"IF(C419=0,\"\",VLOOKUP(C419,BNCDADOS!$A:$G,6,0))","v":14.92},{"$f":"IF(C419=0,\"\",VLOOKUP(C419,BNCDADOS!$A:$G,7,0))","v":19.39},38.78,{"$f":"SUMIF('MC - TRECHO 02'!A:A,Orçamento!A419,'MC - TRECHO 02'!R:R)","v":2}]
["3.3.4",{"$f":"IF(C420=0,\"\",VLOOKUP(C420,[142]BNCDADOS!$A:$G,8,0))","v":""},null,"CAIXAS",{"$f":"IF(C420=0,\"\",VLOOKUP(C420,[142]BNCDADOS!$A:$G,3,0))","v":""},0,{"$f":"IF(C420=0,\"\",VLOOKUP(C420,[142]BNCDADOS!$A:$G,4,0))","v":""},{"$f":"IF(C420=0,\"\",VLOOKUP(C420,[142]BNCDADOS!$A:$G,5,0))","v":""},{"$f":"SUM(I421:I421)","v":37849.86},{"$f":"IF(C420=0,\"\",VLOOKUP(C420,[142]BNCDADOS!$A:$G,6,0))","v":""},{"$f":"IF(C420=0,\"\",VLOOKUP(C420,[142]BNCDADOS!$A:$G,7,0))","v":""},{"$f":"SUM(L421:L421)","v":38430.089999999997}]
["3.3.4.1",{"$f":"IF(C421=0,\"\",VLOOKUP(C421,BNCDADOS!$A:$H,8,0))","v":0},"COMP 09",{"$f":"IF(C421=0,\"\",VLOOKUP(C421,BNCDADOS!$A:$G,2,0))","v":"CAIXA ENTERRADA PARA DERIVAÇÃO DE SUB ADUTORAS"},{"$f":"IF(C421=0,\"\",VLOOKUP(C421,BNCDADOS!$A:$G,3,0))","v":"UN"},1,{"$f":"IF(C421=0,\"\",VLOOKUP(C421,BNCDADOS!$A:$G,4,0))","v":30600.59},{"$f":"IF(C421=0,\"\",VLOOKUP(C421,BNCDADOS!$A:$G,5,0))","v":37849.86},{"$f":"IF(H421=\"\",0,TRUNC(H421*F421,2))","v":37849.86},{"$f":"IF(C421=0,\"\",VLOOKUP(C421,BNCDADOS!$A:$G,6,0))","v":29570.710000000003},{"$f":"IF(C421=0,\"\",VLOOKUP(C421,BNCDADOS!$A:$G,7,0))","v":38430.089999999997},{"$f":"IF(K421=\"\",0,TRUNC(K421*F421,2))","v":38430.089999999997},{"$f":"SUMIF('MC - TRECHO 02'!A:A,Orçamento!A421,'MC - TRECHO 02'!R:R)","v":1}]
["3.3.5",{"$f":"IF(C422=0,\"\",VLOOKUP(C422,[142]BNCDADOS!$A:$G,8,0))","v":""},null,"DIVERSOS",{"$f":"IF(C422=0,\"\",VLOOKUP(C422,[142]BNCDADOS!$A:$G,3,0))","v":""},0,{"$f":"IF(C422=0,\"\",VLOOKUP(C422,[142]BNCDADOS!$A:$G,4,0))","v":""},{"$f":"IF(C422=0,\"\",VLOOKUP(C422,[142]BNCDADOS!$A:$G,5,0))","v":""},{"$f":"SUM(I423:I424)","v":5170.9799999999996},{"$f":"IF(C422=0,\"\",VLOOKUP(C422,[142]BNCDADOS!$A:$G,6,0))","v":""},{"$f":"IF(C422=0,\"\",VLOOKUP(C422,[142]BNCDADOS!$A:$G,7,0))","v":""},{"$f":"SUM(L423:L424)","v":5115.24}]
["3.3.5.1",{"$f":"IF(C423=0,\"\",VLOOKUP(C423,BNCDADOS!$A:$H,8,0))","v":0},"COMP 05",{"$f":"IF(C423=0,\"\",VLOOKUP(C423,BNCDADOS!$A:$G,2,0))","v":"LIMPEZA, DESINFECÇÃO E TESTE DE REDES E ADUTORAS DE ABASTECIMENTO DE ÁGUA"},{"$f":"IF(C423=0,\"\",VLOOKUP(C423,BNCDADOS!$A:$G,3,0))","v":"M"},619.28,{"$f":"IF(C423=0,\"\",VLOOKUP(C423,BNCDADOS!$A:$G,4,0))","v":5.16},{"$f":"IF(C423=0,\"\",VLOOKUP(C423,BNCDADOS!$A:$G,5,0))","v":6.38},{"$f":"IF(H423=\"\",0,TRUNC(H423*F423,2))","v":3951},{"$f":"IF(C423=0,\"\",VLOOKUP(C423,BNCDADOS!$A:$G,6,0))","v":4.9399999999999995},{"$f":"IF(C423=0,\"\",VLOOKUP(C423,BNCDADOS!$A:$G,7,0))","v":6.42},{"$f":"IF(K423=\"\",0,TRUNC(K423*F423,2))","v":3975.77},{"$f":"SUMIF('MC - TRECHO 02'!A:A,Orçamento!A423,'MC - TRECHO 02'!R:R)","v":619.28}]
["3.3.5.2",{"$f":"IF(C424=0,\"\",VLOOKUP(C424,BNCDADOS!$A:$H,8,0))","v":"caern"},2220075,{"$f":"IF(C424=0,\"\",VLOOKUP(C424,BNCDADOS!$A:$G,2,0))","v":"CADASTRO DE ADUTORAS, COLETORES, INTERCEPTORES E EMISSÁRIOS - INCLUSIVE DESENHISTA. R_11/2021"},{"$f":"IF(C424=0,\"\",VLOOKUP(C424,BNCDADOS!$A:$G,3,0))","v":"M"},619.28,{"$f":"IF(C424=0,\"\",VLOOKUP(C424,BNCDADOS!$A:$G,4,0))","v":1.6},{"$f":"IF(C424=0,\"\",VLOOKUP(C424,BNCDADOS!$A:$G,5,0))","v":1.97},1219.98,{"$f":"IF(C424=0,\"\",VLOOKUP(C424,BNCDADOS!$A:$G,6,0))","v":1.4200000000000002},{"$f":"IF(C424=0,\"\",VLOOKUP(C424,BNCDADOS!$A:$G,7,0))","v":1.84},1139.47,{"$f":"SUMIF('MC - TRECHO 02'!A:A,Orçamento!A424,'MC - TRECHO 02'!R:R)","v":619.28}]
[]
["3.4",null,null,"SERVIÇOS_SUB ADUTORA TRECHO 02.02 - MONTANHAS",{"$nulls":4},{"$f":"SUM(I427,I434,I442,I448,I450)","v":50745.030000000006},null,null,{"$f":"SUM(L427,L434,L442,L448,L450)","v":51482.080000000002}]
["3.4.1",{"$f":"IF(C427=0,\"\",VLOOKUP(C427,[142]BNCDADOS!$A:$G,8,0))","v":""},null,"SERVIÇOS PRELIMINARES",{"$f":"IF(C427=0,\"\",VLOOKUP(C427,[142]BNCDADOS!$A:$G,3,0))","v":""},{"$f":"TRUNC(M427,2)","v":0},{"$f":"IF(C427=0,\"\",VLOOKUP(C427,[142]BNCDADOS!$A:$G,4,0))","v":""},{"$f":"IF(C427=0,\"\",VLOOKUP(C427,[142]BNCDADOS!$A:$G,5,0))","v":""},{"$f":"SUM(I428:I433)","v":2392.3599999999997},{"$f":"IF(C427=0,\"\",VLOOKUP(C427,[142]BNCDADOS!$A:$G,6,0))","v":""},{"$f":"IF(C427=0,\"\",VLOOKUP(C427,[142]BNCDADOS!$A:$G,7,0))","v":""},{"$f":"SUM(L428:L433)","v":2449.9100000000003}]
["3.4.1.1",{"$f":"IF(C428=0,\"\",VLOOKUP(C428,BNCDADOS!$A:$H,8,0))","v":"caern"},2010050,{"$f":"IF(C428=0,\"\",VLOOKUP(C428,BNCDADOS!$A:$G,2,0))","v":"LOCAÇÃO DE ADUTORAS, COLETORES TRONCO E INTERCEPTORES - COM AUXÍLIO DE EQUIPAMENTO TOPOGRÁFICO. R_11/2018"},{"$f":"IF(C428=0,\"\",VLOOKUP(C428,BNCDADOS!$A:$G,3,0))","v":"M"},60.26,{"$f":"IF(C428=0,\"\",VLOOKUP(C428,BNCDADOS!$A:$G,4,0))","v":2.56},{"$f":"IF(C428=0,\"\",VLOOKUP(C428,BNCDADOS!$A:$G,5,0))","v":3.16},{"$f":"IF(H428=\"\",0,TRUNC(H428*F428,2))","v":190.42},{"$f":"IF(C428=0,\"\",VLOOKUP(C428,BNCDADOS!$A:$G,6,0))","v":2.2400000000000002},{"$f":"IF(C428=0,\"\",VLOOKUP(C428,BNCDADOS!$A:$G,7,0))","v":2.91},{"$f":"IF(K428=\"\",0,TRUNC(K428*F428,2))","v":175.35},{"$f":"SUMIF('MC - TRECHO 02'!A:A,Orçamento!A428,'MC - TRECHO 02'!R:R)","v":60.26}]
["3.4.1.2",{"$f":"IF(C429=0,\"\",VLOOKUP(C429,BNCDADOS!$A:$H,8,0))","v":"SINAPI/RN\nSERVIÇO"},98525,{"$f":"IF(C429=0,\"\",VLOOKUP(C429,BNCDADOS!$A:$G,2,0))","v":"LIMPEZA MECANIZADA DE CAMADA VEGETAL, VEGETAÇÃO E PEQUENAS ÁRVORES (DIÂMETRO DE TRONCO MENOR QUE 0,20 M), COM TRATOR DE ESTEIRAS. AF_03/2024"},{"$f":"IF(C429=0,\"\",VLOOKUP(C429,BNCDADOS!$A:$G,3,0))","v":"M2"},313.35000000000002,{"$f":"IF(C429=0,\"\",VLOOKUP(C429,BNCDADOS!$A:$G,4,0))","v":"0,61"},{"$f":"IF(C429=0,\"\",VLOOKUP(C429,BNCDADOS!$A:$G,5,0))","v":0.75},235.01,{"$f":"IF(C429=0,\"\",VLOOKUP(C429,BNCDADOS!$A:$G,6,0))","v":"0,58"},{"$f":"IF(C429=0,\"\",VLOOKUP(C429,BNCDADOS!$A:$G,7,0))","v":0.75},235.01,{"$f":"SUMIF('MC - TRECHO 02'!A:A,Orçamento!A429,'MC - TRECHO 02'!R:R)","v":313.35000000000002}]
["3.4.1.3",{"$f":"IF(C430=0,\"\",VLOOKUP(C430,BNCDADOS!$A:$H,8,0))","v":"caern"},2010053,{"$f":"IF(C430=0,\"\",VLOOKUP(C430,BNCDADOS!$A:$G,2,0))","v":"SINALIZAÇÃO DE OBRA COM TELA TAPUME, COR LARANJA, COM SUPORTE A CADA 2M E PLACA DE SINALIZAÇÃO SOBRE CAVALETE. INC_11/2019"},{"$f":"IF(C430=0,\"\",VLOOKUP(C430,BNCDADOS!$A:$G,3,0))","v":"M"},120.52,{"$f":"IF(C430=0,\"\",VLOOKUP(C430,BNCDADOS!$A:$G,4,0))","v":4.54},{"$f":"IF(C430=0,\"\",VLOOKUP(C430,BNCDADOS!$A:$G,5,0))","v":5.61},676.11,{"$f":"IF(C430=0,\"\",VLOOKUP(C430,BNCDADOS!$A:$G,6,0))","v":4.3899999999999997},{"$f":"IF(C430=0,\"\",VLOOKUP(C430,BNCDADOS!$A:$G,7,0))","v":5.7},686.96,{"$f":"SUMIF('MC - TRECHO 02'!A:A,Orçamento!A430,'MC - TRECHO 02'!R:R)","v":120.52}]
["3.4.1.4",{"$f":"IF(C431=0,\"\",VLOOKUP(C431,BNCDADOS!$A:$H,8,0))","v":"SINAPI/RN\nSERVIÇO"},97054,{"$f":"IF(C431=0,\"\",VLOOKUP(C431,BNCDADOS!$A:$G,2,0))","v":"INSTALAÇÃO DE SINALIZADOR NOTURNO LED. AF_03/2024"},{"$f":"IF(C431=0,\"\",VLOOKUP(C431,BNCDADOS!$A:$G,3,0))","v":"UN"},1,{"$f":"IF(C431=0,\"\",VLOOKUP(C431,BNCDADOS!$A:$G,4,0))","v":"28,12"},{"$f":"IF(C431=0,\"\",VLOOKUP(C431,BNCDADOS!$A:$G,5,0))","v":34.78},34.78,{"$f":"IF(C431=0,\"\",VLOOKUP(C431,BNCDADOS!$A:$G,6,0))","v":"27,08"},{"$f":"IF(C431=0,\"\",VLOOKUP(C431,BNCDADOS!$A:$G,7,0))","v":35.19},35.19,{"$f":"SUMIF('MC - TRECHO 02'!A:A,Orçamento!A431,'MC - TRECHO 02'!R:R)","v":1}]
["3.4.1.5",{"$f":"IF(C432=0,\"\",VLOOKUP(C432,BNCDADOS!$A:$H,8,0))","v":"caern"},2010037,{"$f":"IF(C432=0,\"\",VLOOKUP(C432,BNCDADOS!$A:$G,2,0))","v":"SONDAGEM DE INTERFERÊNCIA, ESCAVAÇÃO MANUAL DE VALA DE 0,60M ATÉ 1,30M, EM RUAS SEM PAVIMENTAÇÃO"},{"$f":"IF(C432=0,\"\",VLOOKUP(C432,BNCDADOS!$A:$G,3,0))","v":"M"},0.09,{"$f":"IF(C432=0,\"\",VLOOKUP(C432,BNCDADOS!$A:$G,4,0))","v":89.34},{"$f":"IF(C432=0,\"\",VLOOKUP(C432,BNCDADOS!$A:$G,5,0))","v":110.5},9.94,{"$f":"IF(C432=0,\"\",VLOOKUP(C432,BNCDADOS!$A:$G,6,0))","v":80.78},{"$f":"IF(C432=0,\"\",VLOOKUP(C432,BNCDADOS!$A:$G,7,0))","v":104.98},9.44,{"$f":"SUMIF('MC - TRECHO 02'!A:A,Orçamento!A432,'MC - TRECHO 02'!R:R)","v":0.09}]
["3.4.1.6",{"$f":"IF(C433=0,\"\",VLOOKUP(C433,BNCDADOS!$A:$H,8,0))","v":0},"COMP 01",{"$f":"IF(C433=0,\"\",VLOOKUP(C433,BNCDADOS!$A:$G,2,0))","v":"CANTEIRO ITINERANTE COMPOSTO DE TOLDO, CONJUNTO DE MESA E CADEIRAS E BANHEIRO QUÍMICO COM LIMPEZA DIÁRIA INCLUSO COLETA E DESTINAÇÃO FINAL DE EFLUENTES"},{"$f":"IF(C433=0,\"\",VLOOKUP(C433,BNCDADOS!$A:$G,3,0))","v":"UN"},1,{"$f":"IF(C433=0,\"\",VLOOKUP(C433,BNCDADOS!$A:$G,4,0))","v":1007.4399999999999},{"$f":"IF(C433=0,\"\",VLOOKUP(C433,BNCDADOS!$A:$G,5,0))","v":1246.0999999999999},1246.0999999999999,{"$f":"IF(C433=0,\"\",VLOOKUP(C433,BNCDADOS!$A:$G,6,0))","v":1006.4399999999999},{"$f":"IF(C433=0,\"\",VLOOKUP(C433,BNCDADOS!$A:$G,7,0))","v":1307.96},1307.96,{"$f":"SUMIF('MC - TRECHO 02'!A:A,Orçamento!A433,'MC - TRECHO 02'!R:R)","v":1}]
["3.4.2",{"$f":"IF(C434=0,\"\",VLOOKUP(C434,[142]BNCDADOS!$A:$G,8,0))","v":""},null,"MOVIMENTO DE TERRA",{"$f":"IF(C434=0,\"\",VLOOKUP(C434,[142]BNCDADOS!$A:$G,3,0))","v":""},0,{"$f":"IF(C434=0,\"\",VLOOKUP(C434,[142]BNCDADOS!$A:$G,4,0))","v":""},{"$f":"IF(C434=0,\"\",VLOOKUP(C434,[142]BNCDADOS!$A:$G,5,0))","v":""},{"$f":"SUM(I435:I441)","v":6483.38},{"$f":"IF(C434=0,\"\",VLOOKUP(C434,[142]BNCDADOS!$A:$G,6,0))","v":""},{"$f":"IF(C434=0,\"\",VLOOKUP(C434,[142]BNCDADOS!$A:$G,7,0))","v":""},{"$f":"SUM(L435:L441)","v":6625.64}]
["3.4.2.1",{"$f":"IF(C435=0,\"\",VLOOKUP(C435,BNCDADOS!$A:$H,8,0))","v":0},"COMP 02",{"$f":"IF(C435=0,\"\",VLOOKUP(C435,BNCDADOS!$A:$G,2,0))","v":"ESCAVAÇÃO MANUAL DE VALA COM PROFUNDIDADE MENOR OU IGUAL A 2,00 M"},{"$f":"IF(C435=0,\"\",VLOOKUP(C435,BNCDADOS!$A:$G,3,0))","v":"M³"},1.01,{"$f":"IF(C435=0,\"\",VLOOKUP(C435,BNCDADOS!$A:$G,4,0))","v":81.489999999999995},{"$f":"IF(C435=0,\"\",VLOOKUP(C435,BNCDADOS!$A:$G,5,0))","v":100.79},{"$f":"IF(H435=\"\",0,TRUNC(H435*F435,2))","v":101.79},{"$f":"IF(C435=0,\"\",VLOOKUP(C435,BNCDADOS!$A:$G,6,0))","v":73.58},{"$f":"IF(C435=0,\"\",VLOOKUP(C435,BNCDADOS!$A:$G,7,0))","v":95.62},{"$f":"IF(K435=\"\",0,TRUNC(K435*F435,2))","v":96.57},{"$f":"SUMIF('MC - TRECHO 02'!A:A,Orçamento!A435,'MC - TRECHO 02'!R:R)","v":1.01}]
["3.4.2.2",{"$f":"IF(C436=0,\"\",VLOOKUP(C436,BNCDADOS!$A:$H,8,0))","v":"SINAPI/RN\nSERVIÇO"},102279,{"$f":"IF(C436=0,\"\",VLOOKUP(C436,BNCDADOS!$A:$G,2,0))","v":"ESCAVAÇÃO MECANIZADA DE VALA COM PROF. ATÉ 1,5 M (MÉDIA MONTANTE E JUSANTE/UMA COMPOSIÇÃO POR TRECHO), ESCAVADEIRA (0,8 M3),LARG. MENOR QUE 1,5 M, EM SOLO DE 1A CATEGORIA, LOCAIS COM BAIXO NÍVEL DE INTERFERÊNCIA. AF_02/2021"},{"$f":"IF(C436=0,\"\",VLOOKUP(C436,BNCDADOS!$A:$G,3,0))","v":"M3"},85.04,{"$f":"IF(C436=0,\"\",VLOOKUP(C436,BNCDADOS!$A:$G,4,0))","v":"7,18"},{"$f":"IF(C436=0,\"\",VLOOKUP(C436,BNCDADOS!$A:$G,5,0))","v":8.8800000000000008},755.15,{"$f":"IF(C436=0,\"\",VLOOKUP(C436,BNCDADOS!$A:$G,6,0))","v":"6,93"},{"$f":"IF(C436=0,\"\",VLOOKUP(C436,BNCDADOS!$A:$G,7,0))","v":9},765.36,{"$f":"SUMIF('MC - TRECHO 02'!A:A,Orçamento!A436,'MC - TRECHO 02'!R:R)","v":85.04}]
["3.4.2.3",{"$f":"IF(C437=0,\"\",VLOOKUP(C437,BNCDADOS!$A:$H,8,0))","v":"SINAPI/RN\nSERVIÇO"},102327,{"$f":"IF(C437=0,\"\",VLOOKUP(C437,BNCDADOS!$A:$G,2,0))","v":"ESCAVAÇÃO MECANIZADA DE VALA COM PROF. ATÉ 1,5 M (MÉDIA MONTANTE E JUSANTE/UMA COMPOSIÇÃO POR TRECHO), RETROESCAV. (0,26 M3 ), LARG. DE 0,8 M A 1,5 M, EM SOLO DE 2A CATEGORIA, EM LOCAIS COM BAIXO NÍVEL DE INTERFERÊNCIA. AF_02/2021"},{"$f":"IF(C437=0,\"\",VLOOKUP(C437,BNCDADOS!$A:$G,3,0))","v":"M3"},15.19,{"$f":"IF(C437=0,\"\",VLOOKUP(C437,BNCDADOS!$A:$G,4,0))","v":"9,37"},{"$f":"IF(C437=0,\"\",VLOOKUP(C437,BNCDADOS!$A:$G,5,0))","v":11.58},175.9,{"$f":"IF(C437=0,\"\",VLOOKUP(C437,BNCDADOS!$A:$G,6,0))","v":"8,89"},{"$f":"IF(C437=0,\"\",VLOOKUP(C437,BNCDADOS!$A:$G,7,0))","v":11.55},175.44,{"$f":"SUMIF('MC - TRECHO 02'!A:A,Orçamento!A437,'MC - TRECHO 02'!R:R)","v":15.19}]
["3.4.2.4",{"$f":"IF(C438=0,\"\",VLOOKUP(C438,BNCDADOS!$A:$H,8,0))","v":"SINAPI/RN\nSERVIÇO"},101622,{"$f":"IF(C438=0,\"\",VLOOKUP(C438,BNCDADOS!$A:$G,2,0))","v":"PREPARO DE FUNDO DE VALA COM LARGURA MENOR QUE 1,5 M, COM CAMADA DE AREIA, LANÇAMENTO MECANIZADO. AF_08/2020"},{"$f":"IF(C438=0,\"\",VLOOKUP(C438,BNCDADOS!$A:$G,3,0))","v":"M3"},5.0599999999999996,{"$f":"IF(C438=0,\"\",VLOOKUP(C438,BNCDADOS!$A:$G,4,0))","v":"194,81"},{"$f":"IF(C438=0,\"\",VLOOKUP(C438,BNCDADOS!$A:$G,5,0))","v":240.96},1219.25,{"$f":"IF(C438=0,\"\",VLOOKUP(C438,BNCDADOS!$A:$G,6,0))","v":"187,51"},{"$f":"IF(C438=0,\"\",VLOOKUP(C438,BNCDADOS!$A:$G,7,0))","v":243.68},1233.02,{"$f":"SUMIF('MC - TRECHO 02'!A:A,Orçamento!A438,'MC - TRECHO 02'!R:R)","v":5.0599999999999996}]
["3.4.2.5",{"$f":"IF(C439=0,\"\",VLOOKUP(C439,BNCDADOS!$A:$H,8,0))","v":"SINAPI/RN\nSERVIÇO"},94304,{"$f":"IF(C439=0,\"\",VLOOKUP(C439,BNCDADOS!$A:$G,2,0))","v":"ATERRO MECANIZADO DE VALA COM ESCAVADEIRA HIDRÁULICA (CAPACIDADE DA CAÇAMBA: 0,8 M³ / POTÊNCIA: 111 HP), LARGURA ATÉ 2,5 M, PROFUNDIDADE ATÉ 1,5 M, COM SOLO ARGILO-ARENOSO. AF_08/2023"},{"$f":"IF(C439=0,\"\",VLOOKUP(C439,BNCDADOS!$A:$G,3,0))","v":"M3"},29.48,{"$f":"IF(C439=0,\"\",VLOOKUP(C439,BNCDADOS!$A:$G,4,0))","v":"75,28"},{"$f":"IF(C439=0,\"\",VLOOKUP(C439,BNCDADOS!$A:$G,5,0))","v":93.11},2744.88,{"$f":"IF(C439=0,\"\",VLOOKUP(C439,BNCDADOS!$A:$G,6,0))","v":"74,28"},{"$f":"IF(C439=0,\"\",VLOOKUP(C439,BNCDADOS!$A:$G,7,0))","v":96.53},2845.7,{"$f":"SUMIF('MC - TRECHO 02'!A:A,Orçamento!A439,'MC - TRECHO 02'!R:R)","v":29.48}]
["3.4.2.6",{"$f":"IF(C440=0,\"\",VLOOKUP(C440,BNCDADOS!$A:$H,8,0))","v":"SINAPI/RN\nSERVIÇO"},104729,{"$f":"IF(C440=0,\"\",VLOOKUP(C440,BNCDADOS!$A:$G,2,0))","v":"REATERRO MECANIZADO DE VALA COM ESCAVADEIRA HIDRÁULICA (CAPACIDADE DA CAÇAMBA: 0,8 M³/POTÊNCIA: 111 HP), LARGURA ATÉ 1,5 M, PROFUNDIDADE DE 1,5 A 3,0 M, COM SOLO (SEM SUBSTITUIÇÃO) DE 1ª CATEGORIA, COM PLACA VIBRATÓRIA. AF_08/2023"},{"$f":"IF(C440=0,\"\",VLOOKUP(C440,BNCDADOS!$A:$G,3,0))","v":"M3"},68.8,{"$f":"IF(C440=0,\"\",VLOOKUP(C440,BNCDADOS!$A:$G,4,0))","v":"16,69"},{"$f":"IF(C440=0,\"\",VLOOKUP(C440,BNCDADOS!$A:$G,5,0))","v":20.64},1420.03,{"$f":"IF(C440=0,\"\",VLOOKUP(C440,BNCDADOS!$A:$G,6,0))","v":"16,13"},{"$f":"IF(C440=0,\"\",VLOOKUP(C440,BNCDADOS!$A:$G,7,0))","v":20.96},1442.04,{"$f":"SUMIF('MC - TRECHO 02'!A:A,Orçamento!A440,'MC - TRECHO 02'!R:R)","v":68.8}]
["3.4.2.7",{"$f":"IF(C441=0,\"\",VLOOKUP(C441,BNCDADOS!$A:$H,8,0))","v":"SINAPI/RN\nSERVIÇO"},100574,{"$f":"IF(C441=0,\"\",VLOOKUP(C441,BNCDADOS!$A:$G,2,0))","v":"ESPALHAMENTO DE MATERIAL COM TRATOR DE ESTEIRAS. AF_11/2019"},{"$f":"IF(C441=0,\"\",VLOOKUP(C441,BNCDADOS!$A:$G,3,0))","v":"M3"},37.72,{"$f":"IF(C441=0,\"\",VLOOKUP(C441,BNCDADOS!$A:$G,4,0))","v":"1,43"},{"$f":"IF(C441=0,\"\",VLOOKUP(C441,BNCDADOS!$A:$G,5,0))","v":1.76},66.38,{"$f":"IF(C441=0,\"\",VLOOKUP(C441,BNCDADOS!$A:$G,6,0))","v":"1,38"},{"$f":"IF(C441=0,\"\",VLOOKUP(C441,BNCDADOS!$A:$G,7,0))","v":1.79},67.510000000000005,{"$f":"SUMIF('MC - TRECHO 02'!A:A,Orçamento!A441,'MC - TRECHO 02'!R:R)","v":37.72}]
["3.4.3",{"$f":"IF(C442=0,\"\",VLOOKUP(C442,[142]BNCDADOS!$A:$G,8,0))","v":""},null,"ASSENTAMENTO E MONTAGEM DOS TUBOS E CONEXÕES",{"$f":"IF(C442=0,\"\",VLOOKUP(C442,[142]BNCDADOS!$A:$G,3,0))","v":""},0,{"$f":"IF(C442=0,\"\",VLOOKUP(C442,[142]BNCDADOS!$A:$G,4,0))","v":""},{"$f":"IF(C442=0,\"\",VLOOKUP(C442,[142]BNCDADOS!$A:$G,5,0))","v":""},{"$f":"SUM(I443:I447)","v":3516.27},{"$f":"IF(C442=0,\"\",VLOOKUP(C442,[142]BNCDADOS!$A:$G,6,0))","v":""},{"$f":"IF(C442=0,\"\",VLOOKUP(C442,[142]BNCDADOS!$A:$G,7,0))","v":""},{"$f":"SUM(L443:L447)","v":3478.7099999999996}]
["3.4.3.1",{"$f":"IF(C443=0,\"\",VLOOKUP(C443,BNCDADOS!$A:$H,8,0))","v":"SINAPI/RN\nSERVIÇO"},97129,{"$f":"IF(C443=0,\"\",VLOOKUP(C443,BNCDADOS!$A:$G,2,0))","v":"ASSENTAMENTO DE TUBO DE PVC DEFOFO OU PRFV OU RPVC PARA REDE DE ÁGUA, DN 250 MM, JUNTA ELÁSTICA INTEGRADA, INSTALADO EM LOCAL COM NÍVEL ALTO DE INTERFERÊNCIAS (NÃO INCLUI FORNECIMENTO). AF_05/2024"},{"$f":"IF(C443=0,\"\",VLOOKUP(C443,BNCDADOS!$A:$G,3,0))","v":"M"},60.26,{"$f":"IF(C443=0,\"\",VLOOKUP(C443,BNCDADOS!$A:$G,4,0))","v":"11,30"},{"$f":"IF(C443=0,\"\",VLOOKUP(C443,BNCDADOS!$A:$G,5,0))","v":13.97},{"$f":"IF(H443=\"\",0,TRUNC(H443*F443,2))","v":841.83},{"$f":"IF(C443=0,\"\",VLOOKUP(C443,BNCDADOS!$A:$G,6,0))","v":"10,42"},{"$f":"IF(C443=0,\"\",VLOOKUP(C443,BNCDADOS!$A:$G,7,0))","v":13.54},{"$f":"IF(K443=\"\",0,TRUNC(K443*F443,2))","v":815.92},{"$f":"SUMIF('MC - TRECHO 02'!A:A,Orçamento!A443,'MC - TRECHO 02'!R:R)","v":60.26}]
["3.4.3.2",{"$f":"IF(C444=0,\"\",VLOOKUP(C444,BNCDADOS!$A:$H,8,0))","v":"SINAPI/RN\nSERVIÇO"},103109,{"$f":"IF(C444=0,\"\",VLOOKUP(C444,BNCDADOS!$A:$G,2,0))","v":"ASSENTAMENTO DE CONEXÃO COM 2 ACESSOS, FERRO FUNDIDO PARA REDE DE ÁGUA, DN  250 MM, JUNTA FLANGEADA (NÃO INCLUI O FORNECIMENTO). AF_09/2021"},{"$f":"IF(C444=0,\"\",VLOOKUP(C444,BNCDADOS!$A:$G,3,0))","v":"UN"},2,{"$f":"IF(C444=0,\"\",VLOOKUP(C444,BNCDADOS!$A:$G,4,0))","v":"170,23"},{"$f":"IF(C444=0,\"\",VLOOKUP(C444,BNCDADOS!$A:$G,5,0))","v":210.55},421.1,{"$f":"IF(C444=0,\"\",VLOOKUP(C444,BNCDADOS!$A:$G,6,0))","v":"161,60"},{"$f":"IF(C444=0,\"\",VLOOKUP(C444,BNCDADOS!$A:$G,7,0))","v":210.01},420.02,{"$f":"SUMIF('MC - TRECHO 02'!A:A,Orçamento!A444,'MC - TRECHO 02'!R:R)","v":2}]
["3.4.3.3",{"$f":"IF(C445=0,\"\",VLOOKUP(C445,BNCDADOS!$A:$H,8,0))","v":"SINAPI/RN\nSERVIÇO"},103112,{"$f":"IF(C445=0,\"\",VLOOKUP(C445,BNCDADOS!$A:$G,2,0))","v":"ASSENTAMENTO DE CONEXÃO COM 2 ACESSOS, FERRO FUNDIDO PARA REDE DE ÁGUA, DN  400 MM, JUNTA FLANGEADA (NÃO INCLUI O FORNECIMENTO). AF_09/2021"},{"$f":"IF(C445=0,\"\",VLOOKUP(C445,BNCDADOS!$A:$G,3,0))","v":"UN"},1,{"$f":"IF(C445=0,\"\",VLOOKUP(C445,BNCDADOS!$A:$G,4,0))","v":"282,71"},{"$f":"IF(C445=0,\"\",VLOOKUP(C445,BNCDADOS!$A:$G,5,0))","v":349.68},349.68,{"$f":"IF(C445=0,\"\",VLOOKUP(C445,BNCDADOS!$A:$G,6,0))","v":"268,05"},{"$f":"IF(C445=0,\"\",VLOOKUP(C445,BNCDADOS!$A:$G,7,0))","v":348.35},348.35,{"$f":"SUMIF('MC - TRECHO 02'!A:A,Orçamento!A445,'MC - TRECHO 02'!R:R)","v":1}]
["3.4.3.4",{"$f":"IF(C446=0,\"\",VLOOKUP(C446,BNCDADOS!$A:$H,8,0))","v":"SINAPI/RN\nSERVIÇO"},103116,{"$f":"IF(C446=0,\"\",VLOOKUP(C446,BNCDADOS!$A:$G,2,0))","v":"ASSENTAMENTO DE CONEXÃO COM 2 ACESSOS, FERRO FUNDIDO PARA REDE DE ÁGUA, DN  700 MM, JUNTA FLANGEADA (NÃO INCLUI O FORNECIMENTO). AF_09/2021"},{"$f":"IF(C446=0,\"\",VLOOKUP(C446,BNCDADOS!$A:$G,3,0))","v":"UN"},3,{"$f":"IF(C446=0,\"\",VLOOKUP(C446,BNCDADOS!$A:$G,4,0))","v":"507,72"},{"$f":"IF(C446=0,\"\",VLOOKUP(C446,BNCDADOS!$A:$G,5,0))","v":627.99},1883.97,{"$f":"IF(C446=0,\"\",VLOOKUP(C446,BNCDADOS!$A:$G,6,0))","v":"480,93"},{"$f":"IF(C446=0,\"\",VLOOKUP(C446,BNCDADOS!$A:$G,7,0))","v":625.01},1875.03,{"$f":"SUMIF('MC - TRECHO 02'!A:A,Orçamento!A446,'MC - TRECHO 02'!R:R)","v":3}]
["3.4.3.5",{"$f":"IF(C447=0,\"\",VLOOKUP(C447,BNCDADOS!$A:$H,8,0))","v":"caern"},2060584,{"$f":"IF(C447=0,\"\",VLOOKUP(C447,BNCDADOS!$A:$G,2,0))","v":"ASSENTAMENTO DE REGISTRO DE GAVETA EM FERRO FUNDIDO COM BOLSAS, DIAM. = 200MM A 300MM. INC_05/2020"},{"$f":"IF(C447=0,\"\",VLOOKUP(C447,BNCDADOS!$A:$G,3,0))","v":"UN "},1,{"$f":"IF(C447=0,\"\",VLOOKUP(C447,BNCDADOS!$A:$G,4,0))","v":15.92},{"$f":"IF(C447=0,\"\",VLOOKUP(C447,BNCDADOS!$A:$G,5,0))","v":19.690000000000001},19.690000000000001,{"$f":"IF(C447=0,\"\",VLOOKUP(C447,BNCDADOS!$A:$G,6,0))","v":14.92},{"$f":"IF(C447=0,\"\",VLOOKUP(C447,BNCDADOS!$A:$G,7,0))","v":19.39},19.39,{"$f":"SUMIF('MC - TRECHO 02'!A:A,Orçamento!A447,'MC - TRECHO 02'!R:R)","v":1}]
["3.4.4",{"$f":"IF(C448=0,\"\",VLOOKUP(C448,[142]BNCDADOS!$A:$G,8,0))","v":""},null,"CAIXAS",{"$f":"IF(C448=0,\"\",VLOOKUP(C448,[142]BNCDADOS!$A:$G,3,0))","v":""},0,{"$f":"IF(C448=0,\"\",VLOOKUP(C448,[142]BNCDADOS!$A:$G,4,0))","v":""},{"$f":"IF(C448=0,\"\",VLOOKUP(C448,[142]BNCDADOS!$A:$G,5,0))","v":""},{"$f":"SUM(I449:I449)","v":37849.86},{"$f":"IF(C448=0,\"\",VLOOKUP(C448,[142]BNCDADOS!$A:$G,6,0))","v":""},{"$f":"IF(C448=0,\"\",VLOOKUP(C448,[142]BNCDADOS!$A:$G,7,0))","v":""},{"$f":"SUM(L449:L449)","v":38430.089999999997}]
["3.4.4.1",{"$f":"IF(C449=0,\"\",VLOOKUP(C449,BNCDADOS!$A:$H,8,0))","v":0},"COMP 09",{"$f":"IF(C449=0,\"\",VLOOKUP(C449,BNCDADOS!$A:$G,2,0))","v":"CAIXA ENTERRADA PARA DERIVAÇÃO DE SUB ADUTORAS"},{"$f":"IF(C449=0,\"\",VLOOKUP(C449,BNCDADOS!$A:$G,3,0))","v":"UN"},1,{"$f":"IF(C449=0,\"\",VLOOKUP(C449,BNCDADOS!$A:$G,4,0))","v":30600.59},{"$f":"IF(C449=0,\"\",VLOOKUP(C449,BNCDADOS!$A:$G,5,0))","v":37849.86},{"$f":"IF(H449=\"\",0,TRUNC(H449*F449,2))","v":37849.86},{"$f":"IF(C449=0,\"\",VLOOKUP(C449,BNCDADOS!$A:$G,6,0))","v":29570.710000000003},{"$f":"IF(C449=0,\"\",VLOOKUP(C449,BNCDADOS!$A:$G,7,0))","v":38430.089999999997},{"$f":"IF(K449=\"\",0,TRUNC(K449*F449,2))","v":38430.089999999997},{"$f":"SUMIF('MC - TRECHO 02'!A:A,Orçamento!A449,'MC - TRECHO 02'!R:R)","v":1}]
["3.4.5",{"$f":"IF(C450=0,\"\",VLOOKUP(C450,[142]BNCDADOS!$A:$G,8,0))","v":""},null,"DIVERSOS",{"$f":"IF(C450=0,\"\",VLOOKUP(C450,[142]BNCDADOS!$A:$G,3,0))","v":""},0,{"$f":"IF(C450=0,\"\",VLOOKUP(C450,[142]BNCDADOS!$A:$G,4,0))","v":""},{"$f":"IF(C450=0,\"\",VLOOKUP(C450,[142]BNCDADOS!$A:$G,5,0))","v":""},{"$f":"SUM(I451:I452)","v":503.15999999999997},{"$f":"IF(C450=0,\"\",VLOOKUP(C450,[142]BNCDADOS!$A:$G,6,0))","v":""},{"$f":"IF(C450=0,\"\",VLOOKUP(C450,[142]BNCDADOS!$A:$G,7,0))","v":""},{"$f":"SUM(L451:L452)","v":497.73}]
["3.4.5.1",{"$f":"IF(C451=0,\"\",VLOOKUP(C451,BNCDADOS!$A:$H,8,0))","v":0},"COMP 05",{"$f":"IF(C451=0,\"\",VLOOKUP(C451,BNCDADOS!$A:$G,2,0))","v":"LIMPEZA, DESINFECÇÃO E TESTE DE REDES E ADUTORAS DE ABASTECIMENTO DE ÁGUA"},{"$f":"IF(C451=0,\"\",VLOOKUP(C451,BNCDADOS!$A:$G,3,0))","v":"M"},60.26,{"$f":"IF(C451=0,\"\",VLOOKUP(C451,BNCDADOS!$A:$G,4,0))","v":5.16},{"$f":"IF(C451=0,\"\",VLOOKUP(C451,BNCDADOS!$A:$G,5,0))","v":6.38},{"$f":"IF(H451=\"\",0,TRUNC(H451*F451,2))","v":384.45},{"$f":"IF(C451=0,\"\",VLOOKUP(C451,BNCDADOS!$A:$G,6,0))","v":4.9399999999999995},{"$f":"IF(C451=0,\"\",VLOOKUP(C451,BNCDADOS!$A:$G,7,0))","v":6.42},{"$f":"IF(K451=\"\",0,TRUNC(K451*F451,2))","v":386.86},{"$f":"SUMIF('MC - TRECHO 02'!A:A,Orçamento!A451,'MC - TRECHO 02'!R:R)","v":60.26}]
["3.4.5.2",{"$f":"IF(C452=0,\"\",VLOOKUP(C452,BNCDADOS!$A:$H,8,0))","v":"caern"},2220075,{"$f":"IF(C452=0,\"\",VLOOKUP(C452,BNCDADOS!$A:$G,2,0))","v":"CADASTRO DE ADUTORAS, COLETORES, INTERCEPTORES E EMISSÁRIOS - INCLUSIVE DESENHISTA. R_11/2021"},{"$f":"IF(C452=0,\"\",VLOOKUP(C452,BNCDADOS!$A:$G,3,0))","v":"M"},60.26,{"$f":"IF(C452=0,\"\",VLOOKUP(C452,BNCDADOS!$A:$G,4,0))","v":1.6},{"$f":"IF(C452=0,\"\",VLOOKUP(C452,BNCDADOS!$A:$G,5,0))","v":1.97},118.71,{"$f":"IF(C452=0,\"\",VLOOKUP(C452,BNCDADOS!$A:$G,6,0))","v":1.4200000000000002},{"$f":"IF(C452=0,\"\",VLOOKUP(C452,BNCDADOS!$A:$G,7,0))","v":1.84},110.87,{"$f":"SUMIF('MC - TRECHO 02'!A:A,Orçamento!A452,'MC - TRECHO 02'!R:R)","v":60.26}]
[]
["3.5",null,null,{"$f":"'[142]MC - TRECHO 02'!B202","v":"SERVIÇOS_ESTAÇÃO ELEVATÓRIA DE ÁGUA TRATADA_PEDRO VELHO"},{"$nulls":4},{"$f":"SUM(I455,I466,I479,I497,I508,I511,I515,I520,I525,I531,I551,I553)","v":5798822.2399999993},null,null,{"$f":"SUM(L455,L466,L479,L497,L508,L511,L515,L520,L525,L531,L551,L553)","v":5983700.1400000006}]
["3.5.1",{"$f":"IF(C455=0,\"\",VLOOKUP(C455,[142]BNCDADOS!$A:$G,8,0))","v":""},null,"SERVIÇOS PRELIMINARES",{"$f":"IF(C455=0,\"\",VLOOKUP(C455,[142]BNCDADOS!$A:$G,3,0))","v":""},{"$f":"TRUNC(M455,2)","v":0},{"$f":"IF(C455=0,\"\",VLOOKUP(C455,[142]BNCDADOS!$A:$G,4,0))","v":""},{"$f":"IF(C455=0,\"\",VLOOKUP(C455,[142]BNCDADOS!$A:$G,5,0))","v":""},{"$f":"SUM(I456:I465)","v":1542511.3499999999},{"$f":"IF(C455=0,\"\",VLOOKUP(C455,[142]BNCDADOS!$A:$G,6,0))","v":""},{"$f":"IF(C455=0,\"\",VLOOKUP(C455,[142]BNCDADOS!$A:$G,7,0))","v":""},{"$f":"SUM(L456:L465)","v":1595657.25}]
["3.5.1.1",{"$f":"IF(C456=0,\"\",VLOOKUP(C456,BNCDADOS!$A:$H,8,0))","v":"SINAPI/RN\nSERVIÇO"},98525,{"$f":"IF(C456=0,\"\",VLOOKUP(C456,BNCDADOS!$A:$G,2,0))","v":"LIMPEZA MECANIZADA DE CAMADA VEGETAL, VEGETAÇÃO E PEQUENAS ÁRVORES (DIÂMETRO DE TRONCO MENOR QUE 0,20 M), COM TRATOR DE ESTEIRAS. AF_03/2024"},{"$f":"IF(C456=0,\"\",VLOOKUP(C456,BNCDADOS!$A:$G,3,0))","v":"M2"},2420.0300000000002,{"$f":"IF(C456=0,\"\",VLOOKUP(C456,BNCDADOS!$A:$G,4,0))","v":"0,61"},{"$f":"IF(C456=0,\"\",VLOOKUP(C456,BNCDADOS!$A:$G,5,0))","v":0.75},{"$f":"IF(H456=\"\",0,TRUNC(H456*F456,2))","v":1815.02},{"$f":"IF(C456=0,\"\",VLOOKUP(C456,BNCDADOS!$A:$G,6,0))","v":"0,58"},{"$f":"IF(C456=0,\"\",VLOOKUP(C456,BNCDADOS!$A:$G,7,0))","v":0.75},{"$f":"IF(K456=\"\",0,TRUNC(K456*F456,2))","v":1815.02},{"$f":"SUMIF('MC - TRECHO 02'!A:A,Orçamento!A456,'MC - TRECHO 02'!R:R)","v":2420.0304000000001}]
["3.5.1.2",{"$f":"IF(C457=0,\"\",VLOOKUP(C457,BNCDADOS!$A:$H,8,0))","v":"SINAPI/RN\nSERVIÇO"},98527,{"$f":"IF(C457=0,\"\",VLOOKUP(C457,BNCDADOS!$A:$G,2,0))","v":"REMOÇÃO DE RAÍZES REMANESCENTES DE TRONCO DE ÁRVORE COM DIÂMETRO MAIOR OU IGUAL A 0,40 M E MENOR QUE 0,60 M. AF_03/2024"},{"$f":"IF(C457=0,\"\",VLOOKUP(C457,BNCDADOS!$A:$G,3,0))","v":"UN"},121,{"$f":"IF(C457=0,\"\",VLOOKUP(C457,BNCDADOS!$A:$G,4,0))","v":"209,89"},{"$f":"IF(C457=0,\"\",VLOOKUP(C457,BNCDADOS!$A:$G,5,0))","v":259.61},31412.81,{"$f":"IF(C457=0,\"\",VLOOKUP(C457,BNCDADOS!$A:$G,6,0))","v":"195,46"},{"$f":"IF(C457=0,\"\",VLOOKUP(C457,BNCDADOS!$A:$G,7,0))","v":254.01},30735.21,{"$f":"SUMIF('MC - TRECHO 02'!A:A,Orçamento!A457,'MC - TRECHO 02'!R:R)","v":121}]
["3.5.1.3",{"$f":"IF(C458=0,\"\",VLOOKUP(C458,BNCDADOS!$A:$H,8,0))","v":"SINAPI/RN\nSERVIÇO"},100982,{"$f":"IF(C458=0,\"\",VLOOKUP(C458,BNCDADOS!$A:$G,2,0))","v":"CARGA, MANOBRA E DESCARGA DE ENTULHO EM CAMINHÃO BASCULANTE 10 M³ - CARGA COM ESCAVADEIRA HIDRÁULICA  (CAÇAMBA DE 0,80 M³ / 111 HP) E DESCARGA LIVRE (UNIDADE: M3). AF_07/2020"},{"$f":"IF(C458=0,\"\",VLOOKUP(C458,BNCDADOS!$A:$G,3,0))","v":"M3"},1210.01,{"$f":"IF(C458=0,\"\",VLOOKUP(C458,BNCDADOS!$A:$G,4,0))","v":"9,22"},{"$f":"IF(C458=0,\"\",VLOOKUP(C458,BNCDADOS!$A:$G,5,0))","v":11.4},13794.11,{"$f":"IF(C458=0,\"\",VLOOKUP(C458,BNCDADOS!$A:$G,6,0))","v":"9,04"},{"$f":"IF(C458=0,\"\",VLOOKUP(C458,BNCDADOS!$A:$G,7,0))","v":11.74},14205.51,{"$f":"SUMIF('MC - TRECHO 02'!A:A,Orçamento!A458,'MC - TRECHO 02'!R:R)","v":1210.0152}]
["3.5.1.4",{"$f":"IF(C459=0,\"\",VLOOKUP(C459,BNCDADOS!$A:$H,8,0))","v":"SINAPI/RN\nSERVIÇO"},93591,{"$f":"IF(C459=0,\"\",VLOOKUP(C459,BNCDADOS!$A:$G,2,0))","v":"TRANSPORTE COM CAMINHÃO BASCULANTE DE 14 M³, EM VIA URBANA EM LEITO NATURAL (UNIDADE: M3XKM). AF_07/2020"},{"$f":"IF(C459=0,\"\",VLOOKUP(C459,BNCDADOS!$A:$G,3,0))","v":"M3XKM"},22869.279999999999,{"$f":"IF(C459=0,\"\",VLOOKUP(C459,BNCDADOS!$A:$G,4,0))","v":"2,83"},{"$f":"IF(C459=0,\"\",VLOOKUP(C459,BNCDADOS!$A:$G,5,0))","v":3.5},80042.48,{"$f":"IF(C459=0,\"\",VLOOKUP(C459,BNCDADOS!$A:$G,6,0))","v":"2,80"},{"$f":"IF(C459=0,\"\",VLOOKUP(C459,BNCDADOS!$A:$G,7,0))","v":3.63},83015.48,{"$f":"SUMIF('MC - TRECHO 02'!A:A,Orçamento!A459,'MC - TRECHO 02'!R:R)","v":22869.287280000004}]
["3.5.1.5",{"$f":"IF(C460=0,\"\",VLOOKUP(C460,BNCDADOS!$A:$H,8,0))","v":"SINAPI/RN\nSERVIÇO"},93592,{"$f":"IF(C460=0,\"\",VLOOKUP(C460,BNCDADOS!$A:$G,2,0))","v":"TRANSPORTE COM CAMINHÃO BASCULANTE DE 14 M³, EM VIA URBANA EM REVESTIMENTO PRIMÁRIO (UNIDADE: M3XKM). AF_07/2020"},{"$f":"IF(C460=0,\"\",VLOOKUP(C460,BNCDADOS!$A:$G,3,0))","v":"M3XKM"},432882.93,{"$f":"IF(C460=0,\"\",VLOOKUP(C460,BNCDADOS!$A:$G,4,0))","v":"2,45"},{"$f":"IF(C460=0,\"\",VLOOKUP(C460,BNCDADOS!$A:$G,5,0))","v":3.03},1311635.27,{"$f":"IF(C460=0,\"\",VLOOKUP(C460,BNCDADOS!$A:$G,6,0))","v":"2,42"},{"$f":"IF(C460=0,\"\",VLOOKUP(C460,BNCDADOS!$A:$G,7,0))","v":3.14},1359252.4,{"$f":"SUMIF('MC - TRECHO 02'!A:A,Orçamento!A460,'MC - TRECHO 02'!R:R)","v":432882.93780000007}]
["3.5.1.6",{"$f":"IF(C461=0,\"\",VLOOKUP(C461,BNCDADOS!$A:$H,8,0))","v":"SINAPI/RN\nSERVIÇO"},98459,{"$f":"IF(C461=0,\"\",VLOOKUP(C461,BNCDADOS!$A:$G,2,0))","v":"TAPUME COM TELHA METÁLICA. AF_03/2024"},{"$f":"IF(C461=0,\"\",VLOOKUP(C461,BNCDADOS!$A:$G,3,0))","v":"M2"},437.84,{"$f":"IF(C461=0,\"\",VLOOKUP(C461,BNCDADOS!$A:$G,4,0))","v":"101,37"},{"$f":"IF(C461=0,\"\",VLOOKUP(C461,BNCDADOS!$A:$G,5,0))","v":125.38},54896.37,{"$f":"IF(C461=0,\"\",VLOOKUP(C461,BNCDADOS!$A:$G,6,0))","v":"98,15"},{"$f":"IF(C461=0,\"\",VLOOKUP(C461,BNCDADOS!$A:$G,7,0))","v":127.55},55846.49,{"$f":"SUMIF('MC - TRECHO 02'!A:A,Orçamento!A461,'MC - TRECHO 02'!R:R)","v":437.84}]
["3.5.1.7",{"$f":"IF(C462=0,\"\",VLOOKUP(C462,BNCDADOS!$A:$H,8,0))","v":"SINAPI/RN\nSERVIÇO"},99059,{"$f":"IF(C462=0,\"\",VLOOKUP(C462,BNCDADOS!$A:$G,2,0))","v":"LOCAÇÃO CONVENCIONAL DE OBRA, UTILIZANDO GABARITO DE TÁBUAS CORRIDAS PONTALETADAS A CADA 2,00M -  2 UTILIZAÇÕES. AF_03/2024"},{"$f":"IF(C462=0,\"\",VLOOKUP(C462,BNCDADOS!$A:$G,3,0))","v":"M"},117.4,{"$f":"IF(C462=0,\"\",VLOOKUP(C462,BNCDADOS!$A:$G,4,0))","v":"68,49"},{"$f":"IF(C462=0,\"\",VLOOKUP(C462,BNCDADOS!$A:$G,5,0))","v":84.71},9944.9500000000007,{"$f":"IF(C462=0,\"\",VLOOKUP(C462,BNCDADOS!$A:$G,6,0))","v":"64,82"},{"$f":"IF(C462=0,\"\",VLOOKUP(C462,BNCDADOS!$A:$G,7,0))","v":84.24},9889.77,{"$f":"SUMIF('MC - TRECHO 02'!A:A,Orçamento!A462,'MC - TRECHO 02'!R:R)","v":117.4}]
["3.5.1.8",{"$f":"IF(C463=0,\"\",VLOOKUP(C463,BNCDADOS!$A:$H,8,0))","v":"caern"},2010050,{"$f":"IF(C463=0,\"\",VLOOKUP(C463,BNCDADOS!$A:$G,2,0))","v":"LOCAÇÃO DE ADUTORAS, COLETORES TRONCO E INTERCEPTORES - COM AUXÍLIO DE EQUIPAMENTO TOPOGRÁFICO. R_11/2018"},{"$f":"IF(C463=0,\"\",VLOOKUP(C463,BNCDADOS!$A:$G,3,0))","v":"M"},79.400000000000006,{"$f":"IF(C463=0,\"\",VLOOKUP(C463,BNCDADOS!$A:$G,4,0))","v":2.56},{"$f":"IF(C463=0,\"\",VLOOKUP(C463,BNCDADOS!$A:$G,5,0))","v":3.16},250.9,{"$f":"IF(C463=0,\"\",VLOOKUP(C463,BNCDADOS!$A:$G,6,0))","v":2.2400000000000002},{"$f":"IF(C463=0,\"\",VLOOKUP(C463,BNCDADOS!$A:$G,7,0))","v":2.91},231.05,{"$f":"SUMIF('MC - TRECHO 02'!A:A,Orçamento!A463,'MC - TRECHO 02'!R:R)","v":79.400000000000006}]
["3.5.1.9",{"$f":"IF(C464=0,\"\",VLOOKUP(C464,BNCDADOS!$A:$H,8,0))","v":0},"COMP 13",{"$f":"IF(C464=0,\"\",VLOOKUP(C464,BNCDADOS!$A:$G,2,0))","v":"LOCAÇÃO DE CONTÊINER ALMOXARIFADO COM PISO NAVAL - 6,00M X 2,35M - PARA USO EM CANTEIRO DE OBRAS"},{"$f":"IF(C464=0,\"\",VLOOKUP(C464,BNCDADOS!$A:$G,3,0))","v":"UM X MÊS"},24,{"$f":"IF(C464=0,\"\",VLOOKUP(C464,BNCDADOS!$A:$G,4,0))","v":800.6},{"$f":"IF(C464=0,\"\",VLOOKUP(C464,BNCDADOS!$A:$G,5,0))","v":990.26},23766.240000000002,{"$f":"IF(C464=0,\"\",VLOOKUP(C464,BNCDADOS!$A:$G,6,0))","v":800.6},{"$f":"IF(C464=0,\"\",VLOOKUP(C464,BNCDADOS!$A:$G,7,0))","v":1040.45},24970.799999999999,{"$f":"SUMIF('MC - TRECHO 02'!A:A,Orçamento!A464,'MC - TRECHO 02'!R:R)","v":24}]
["3.5.1.10",{"$f":"IF(C465=0,\"\",VLOOKUP(C465,BNCDADOS!$A:$H,8,0))","v":0},"COMP 01",{"$f":"IF(C465=0,\"\",VLOOKUP(C465,BNCDADOS!$A:$G,2,0))","v":"CANTEIRO ITINERANTE COMPOSTO DE TOLDO, CONJUNTO DE MESA E CADEIRAS E BANHEIRO QUÍMICO COM LIMPEZA DIÁRIA INCLUSO COLETA E DESTINAÇÃO FINAL DE EFLUENTES"},{"$f":"IF(C465=0,\"\",VLOOKUP(C465,BNCDADOS!$A:$G,3,0))","v":"UN"},12,{"$f":"IF(C465=0,\"\",VLOOKUP(C465,BNCDADOS!$A:$G,4,0))","v":1007.4399999999999},{"$f":"IF(C465=0,\"\",VLOOKUP(C465,BNCDADOS!$A:$G,5,0))","v":1246.0999999999999},14953.2,{"$f":"IF(C465=0,\"\",VLOOKUP(C465,BNCDADOS!$A:$G,6,0))","v":1006.4399999999999},{"$f":"IF(C465=0,\"\",VLOOKUP(C465,BNCDADOS!$A:$G,7,0))","v":1307.96},15695.52,{"$f":"SUMIF('MC - TRECHO 02'!A:A,Orçamento!A465,'MC - TRECHO 02'!R:R)","v":12}]
["3.5.2",{"$f":"IF(C466=0,\"\",VLOOKUP(C466,[142]BNCDADOS!$A:$G,8,0))","v":""},null,"TRABALHOS EM TERRA",{"$f":"IF(C466=0,\"\",VLOOKUP(C466,[142]BNCDADOS!$A:$G,3,0))","v":""},{"$f":"TRUNC(M466,2)","v":0},{"$f":"IF(C466=0,\"\",VLOOKUP(C466,[142]BNCDADOS!$A:$G,4,0))","v":""},{"$f":"IF(C466=0,\"\",VLOOKUP(C466,[142]BNCDADOS!$A:$G,5,0))","v":""},{"$f":"SUM(I468:I478)","v":2455299.9499999993},{"$f":"IF(C466=0,\"\",VLOOKUP(C466,[142]BNCDADOS!$A:$G,6,0))","v":""},{"$f":"IF(C466=0,\"\",VLOOKUP(C466,[142]BNCDADOS!$A:$G,7,0))","v":""},{"$f":"SUM(L468:L478)","v":2537568.91}]
[null,{"$f":"IF(C467=0,\"\",VLOOKUP(C467,[142]BNCDADOS!$A:$G,8,0))","v":""},null,{"$f":"'[142]MC - TRECHO 02'!D271","v":"ATERRO DA ÁREA"},{"$f":"IF(C467=0,\"\",VLOOKUP(C467,[142]BNCDADOS!$A:$G,3,0))","v":""},{"$f":"TRUNC(M467,2)","v":0},{"$f":"IF(C467=0,\"\",VLOOKUP(C467,[142]BNCDADOS!$A:$G,4,0))","v":""}]
["3.5.2.1",{"$f":"IF(C468=0,\"\",VLOOKUP(C468,BNCDADOS!$A:$H,8,0))","v":"SINAPI/RN\nSERVIÇO"},96385,{"$f":"IF(C468=0,\"\",VLOOKUP(C468,BNCDADOS!$A:$G,2,0))","v":"EXECUÇÃO E COMPACTAÇÃO DE ATERRO COM SOLO PREDOMINANTEMENTE ARGILOSO - EXCLUSIVE SOLO, ESCAVAÇÃO, CARGA E TRANSPORTE. AF_11/2019"},{"$f":"IF(C468=0,\"\",VLOOKUP(C468,BNCDADOS!$A:$G,3,0))","v":"M3"},{"$f":"TRUNC(M468,2)","v":16644.64},{"$f":"IF(C468=0,\"\",VLOOKUP(C468,BNCDADOS!$A:$G,4,0))","v":"11,83"},{"$f":"IF(C468=0,\"\",VLOOKUP(C468,BNCDADOS!$A:$G,5,0))","v":14.63},{"$f":"IF(H468=\"\",0,TRUNC(H468*F468,2))","v":243511.08},{"$f":"IF(C468=0,\"\",VLOOKUP(C468,BNCDADOS!$A:$G,6,0))","v":"11,38"},{"$f":"IF(C468=0,\"\",VLOOKUP(C468,BNCDADOS!$A:$G,7,0))","v":14.78},{"$f":"IF(K468=\"\",0,TRUNC(K468*F468,2))","v":246007.77},{"$f":"SUMIF('MC - TRECHO 02'!A:A,Orçamento!A468,'MC - TRECHO 02'!R:R)","v":16644.646079999999}]
["3.5.2.2",{"$f":"IF(C469=0,\"\",VLOOKUP(C469,BNCDADOS!$A:$H,8,0))","v":"SINAPI/RN\nSERVIÇO"},101232,{"$f":"IF(C469=0,\"\",VLOOKUP(C469,BNCDADOS!$A:$G,2,0))","v":"ESCAVAÇÃO VERTICAL PARA INFRAESTRUTURA, COM CARGA, DESCARGA E TRANSPORTE DE SOLO DE 1ª CATEGORIA, COM ESCAVADEIRA HIDRÁULICA (CAÇAMBA: 1,2 M³ / 155 HP), FROTA DE 3 CAMINHÕES BASCULANTES DE 14 M³, DMT ATÉ 1 KM E VELOCIDADE MÉDIA14 KM/H. AF_05/2020"},{"$f":"IF(C469=0,\"\",VLOOKUP(C469,BNCDADOS!$A:$G,3,0))","v":"M3"},16644.64,{"$f":"IF(C469=0,\"\",VLOOKUP(C469,BNCDADOS!$A:$G,4,0))","v":"9,80"},{"$f":"IF(C469=0,\"\",VLOOKUP(C469,BNCDADOS!$A:$G,5,0))","v":12.12},201733.03,{"$f":"IF(C469=0,\"\",VLOOKUP(C469,BNCDADOS!$A:$G,6,0))","v":"9,66"},{"$f":"IF(C469=0,\"\",VLOOKUP(C469,BNCDADOS!$A:$G,7,0))","v":12.55},208890.23,{"$f":"SUMIF('MC - TRECHO 02'!A:A,Orçamento!A469,'MC - TRECHO 02'!R:R)","v":16644.646079999999}]
["3.5.2.3",{"$f":"IF(C470=0,\"\",VLOOKUP(C470,BNCDADOS!$A:$H,8,0))","v":"SINAPI/RN\nSERVIÇO"},93591,{"$f":"IF(C470=0,\"\",VLOOKUP(C470,BNCDADOS!$A:$G,2,0))","v":"TRANSPORTE COM CAMINHÃO BASCULANTE DE 14 M³, EM VIA URBANA EM LEITO NATURAL (UNIDADE: M3XKM). AF_07/2020"},{"$f":"IF(C470=0,\"\",VLOOKUP(C470,BNCDADOS!$A:$G,3,0))","v":"M3XKM"},299603.62,{"$f":"IF(C470=0,\"\",VLOOKUP(C470,BNCDADOS!$A:$G,4,0))","v":"2,83"},{"$f":"IF(C470=0,\"\",VLOOKUP(C470,BNCDADOS!$A:$G,5,0))","v":3.5},1048612.67,{"$f":"IF(C470=0,\"\",VLOOKUP(C470,BNCDADOS!$A:$G,6,0))","v":"2,80"},{"$f":"IF(C470=0,\"\",VLOOKUP(C470,BNCDADOS!$A:$G,7,0))","v":3.63},1087561.1399999999,{"$f":"SUMIF('MC - TRECHO 02'!A:A,Orçamento!A470,'MC - TRECHO 02'!R:R)","v":299603.62943999999}]
["3.5.2.4",{"$f":"IF(C471=0,\"\",VLOOKUP(C471,BNCDADOS!$A:$H,8,0))","v":"SINAPI/RN\nSERVIÇO"},93592,{"$f":"IF(C471=0,\"\",VLOOKUP(C471,BNCDADOS!$A:$G,2,0))","v":"TRANSPORTE COM CAMINHÃO BASCULANTE DE 14 M³, EM VIA URBANA EM REVESTIMENTO PRIMÁRIO (UNIDADE: M3XKM). AF_07/2020"},{"$f":"IF(C471=0,\"\",VLOOKUP(C471,BNCDADOS!$A:$G,3,0))","v":"M3XKM"},299603.62,{"$f":"IF(C471=0,\"\",VLOOKUP(C471,BNCDADOS!$A:$G,4,0))","v":"2,45"},{"$f":"IF(C471=0,\"\",VLOOKUP(C471,BNCDADOS!$A:$G,5,0))","v":3.03},907798.96,{"$f":"IF(C471=0,\"\",VLOOKUP(C471,BNCDADOS!$A:$G,6,0))","v":"2,42"},{"$f":"IF(C471=0,\"\",VLOOKUP(C471,BNCDADOS!$A:$G,7,0))","v":3.14},940755.36,{"$f":"SUMIF('MC - TRECHO 02'!A:A,Orçamento!A471,'MC - TRECHO 02'!R:R)","v":299603.62943999999}]
["3.5.2.5",{"$f":"IF(C472=0,\"\",VLOOKUP(C472,BNCDADOS!$A:$H,8,0))","v":"SINAPI/RN\nSERVIÇO"},98520,{"$f":"IF(C472=0,\"\",VLOOKUP(C472,BNCDADOS!$A:$G,2,0))","v":"APLICAÇÃO DE ADUBO EM SOLO. AF_07/2024"},{"$f":"IF(C472=0,\"\",VLOOKUP(C472,BNCDADOS!$A:$G,3,0))","v":"M2"},160,{"$f":"IF(C472=0,\"\",VLOOKUP(C472,BNCDADOS!$A:$G,4,0))","v":"6,22"},{"$f":"IF(C472=0,\"\",VLOOKUP(C472,BNCDADOS!$A:$G,5,0))","v":7.69},1230.4000000000001,{"$f":"IF(C472=0,\"\",VLOOKUP(C472,BNCDADOS!$A:$G,6,0))","v":"6,09"},{"$f":"IF(C472=0,\"\",VLOOKUP(C472,BNCDADOS!$A:$G,7,0))","v":7.91},1265.5999999999999,{"$f":"SUMIF('MC - TRECHO 02'!A:A,Orçamento!A472,'MC - TRECHO 02'!R:R)","v":160}]
["3.5.2.6",{"$f":"IF(C473=0,\"\",VLOOKUP(C473,BNCDADOS!$A:$H,8,0))","v":"SINAPI/RN\nSERVIÇO"},98504,{"$f":"IF(C473=0,\"\",VLOOKUP(C473,BNCDADOS!$A:$G,2,0))","v":"PLANTIO DE GRAMA BATATAIS EM PLACAS. AF_07/2024"},{"$f":"IF(C473=0,\"\",VLOOKUP(C473,BNCDADOS!$A:$G,3,0))","v":"M2"},160,{"$f":"IF(C473=0,\"\",VLOOKUP(C473,BNCDADOS!$A:$G,4,0))","v":"13,41"},{"$f":"IF(C473=0,\"\",VLOOKUP(C473,BNCDADOS!$A:$G,5,0))","v":16.579999999999998},2652.8,{"$f":"IF(C473=0,\"\",VLOOKUP(C473,BNCDADOS!$A:$G,6,0))","v":"13,08"},{"$f":"IF(C473=0,\"\",VLOOKUP(C473,BNCDADOS!$A:$G,7,0))","v":16.989999999999998},2718.4,{"$f":"SUMIF('MC - TRECHO 02'!A:A,Orçamento!A473,'MC - TRECHO 02'!R:R)","v":160}]
[null,{"$f":"IF(C474=0,\"\",VLOOKUP(C474,[142]BNCDADOS!$A:$G,8,0))","v":""},null,{"$f":"'[142]MC - TRECHO 02'!D312","v":"SERVIÇOS DE TERRA PARA A EXECUÇÃO DAS ESTRUTURAS"},{"$f":"IF(C474=0,\"\",VLOOKUP(C474,[142]BNCDADOS!$A:$G,3,0))","v":""},0,{"$f":"IF(C474=0,\"\",VLOOKUP(C474,[142]BNCDADOS!$A:$G,4,0))","v":""}]
["3.5.2.7",{"$f":"IF(C475=0,\"\",VLOOKUP(C475,BNCDADOS!$A:$H,8,0))","v":"SINAPI/RN\nSERVIÇO"},96525,{"$f":"IF(C475=0,\"\",VLOOKUP(C475,BNCDADOS!$A:$G,2,0))","v":"ESCAVAÇÃO MECANIZADA PARA VIGA BALDRAME OU SAPATA CORRIDA COM MINI-ESCAVADEIRA (INCLUINDO ESCAVAÇÃO PARA COLOCAÇÃO DE FÔRMAS). AF_01/2024"},{"$f":"IF(C475=0,\"\",VLOOKUP(C475,BNCDADOS!$A:$G,3,0))","v":"M3"},105.56,{"$f":"IF(C475=0,\"\",VLOOKUP(C475,BNCDADOS!$A:$G,4,0))","v":"55,00"},{"$f":"IF(C475=0,\"\",VLOOKUP(C475,BNCDADOS!$A:$G,5,0))","v":68.02},{"$f":"IF(H475=\"\",0,TRUNC(H475*F475,2))","v":7180.19},{"$f":"IF(C475=0,\"\",VLOOKUP(C475,BNCDADOS!$A:$G,6,0))","v":"52,42"},{"$f":"IF(C475=0,\"\",VLOOKUP(C475,BNCDADOS!$A:$G,7,0))","v":68.12},{"$f":"IF(K475=\"\",0,TRUNC(K475*F475,2))","v":7190.74},{"$f":"SUMIF('MC - TRECHO 02'!A:A,Orçamento!A475,'MC - TRECHO 02'!R:R)","v":105.56800000000001}]
["3.5.2.8",{"$f":"IF(C476=0,\"\",VLOOKUP(C476,BNCDADOS!$A:$H,8,0))","v":"SINAPI/RN\nSERVIÇO"},93382,{"$f":"IF(C476=0,\"\",VLOOKUP(C476,BNCDADOS!$A:$G,2,0))","v":"REATERRO MANUAL DE VALAS, COM COMPACTADOR DE SOLOS DE PERCUSSÃO. AF_08/2023"},{"$f":"IF(C476=0,\"\",VLOOKUP(C476,BNCDADOS!$A:$G,3,0))","v":"M3"},87.4,{"$f":"IF(C476=0,\"\",VLOOKUP(C476,BNCDADOS!$A:$G,4,0))","v":"25,08"},{"$f":"IF(C476=0,\"\",VLOOKUP(C476,BNCDADOS!$A:$G,5,0))","v":31.02},2711.14,{"$f":"IF(C476=0,\"\",VLOOKUP(C476,BNCDADOS!$A:$G,6,0))","v":"22,89"},{"$f":"IF(C476=0,\"\",VLOOKUP(C476,BNCDADOS!$A:$G,7,0))","v":29.74},2599.27,{"$f":"SUMIF('MC - TRECHO 02'!A:A,Orçamento!A476,'MC - TRECHO 02'!R:R)","v":87.402860000000004}]
["3.5.2.9",{"$f":"IF(C477=0,\"\",VLOOKUP(C477,BNCDADOS!$A:$H,8,0))","v":"SINAPI/RN\nSERVIÇO"},101206,{"$f":"IF(C477=0,\"\",VLOOKUP(C477,BNCDADOS!$A:$G,2,0))","v":"ESCAVAÇÃO VERTICAL PARA  EDIFICAÇÃO, COM CARGA, DESCARGA E TRANSPORTE DE SOLO DE 1ª CATEGORIA, COM ESCAVADEIRA HIDRÁULICA (CAÇAMBA: 0,8 M³ / 111 HP), FROTA DE 3 CAMINHÕES BASCULANTES DE 14 M³, DMT ATÉ 1 KM E VELOCIDADE MÉDIA 14 KM/H. AF_05/2020"},{"$f":"IF(C477=0,\"\",VLOOKUP(C477,BNCDADOS!$A:$G,3,0))","v":"M3"},1609,{"$f":"IF(C477=0,\"\",VLOOKUP(C477,BNCDADOS!$A:$G,4,0))","v":"13,00"},{"$f":"IF(C477=0,\"\",VLOOKUP(C477,BNCDADOS!$A:$G,5,0))","v":16.07},25856.63,{"$f":"IF(C477=0,\"\",VLOOKUP(C477,BNCDADOS!$A:$G,6,0))","v":"12,77"},{"$f":"IF(C477=0,\"\",VLOOKUP(C477,BNCDADOS!$A:$G,7,0))","v":16.59},26693.31,{"$f":"SUMIF('MC - TRECHO 02'!A:A,Orçamento!A477,'MC - TRECHO 02'!R:R)","v":1609}]
["3.5.2.10",{"$f":"IF(C478=0,\"\",VLOOKUP(C478,BNCDADOS!$A:$H,8,0))","v":"SINAPI/RN\nSERVIÇO"},93379,{"$f":"IF(C478=0,\"\",VLOOKUP(C478,BNCDADOS!$A:$G,2,0))","v":"REATERRO MECANIZADO DE VALA COM RETROESCAVADEIRA (CAPACIDADE DA CAÇAMBA   DA RETRO: 0,26 M³/POTÊNCIA: 88 HP), LARGURA 0,8 A 1,5 M, PROFUNDIDADE ATÉ 1,5 M, COM SOLO (SEM SUBSTITUIÇÃO) DE 1ª CATEGORIA, COM COMPACTADOR DE SOLOS DE PERCUSSÃO AF_08/2023"},{"$f":"IF(C478=0,\"\",VLOOKUP(C478,BNCDADOS!$A:$G,3,0))","v":"M3"},629.79999999999995,{"$f":"IF(C478=0,\"\",VLOOKUP(C478,BNCDADOS!$A:$G,4,0))","v":"17,99"},{"$f":"IF(C478=0,\"\",VLOOKUP(C478,BNCDADOS!$A:$G,5,0))","v":22.25},14013.05,{"$f":"IF(C478=0,\"\",VLOOKUP(C478,BNCDADOS!$A:$G,6,0))","v":"16,97"},{"$f":"IF(C478=0,\"\",VLOOKUP(C478,BNCDADOS!$A:$G,7,0))","v":22.05},13887.09,{"$f":"SUMIF('MC - TRECHO 02'!A:A,Orçamento!A478,'MC - TRECHO 02'!R:R)","v":629.80199999999991}]
["3.5.3",{"$f":"IF(C479=0,\"\",VLOOKUP(C479,[142]BNCDADOS!$A:$G,8,0))","v":""},null,{"$f":"'[142]MC - TRECHO 02'!D357","v":"ESTRUTURA"},{"$f":"IF(C479=0,\"\",VLOOKUP(C479,[142]BNCDADOS!$A:$G,3,0))","v":""},0,{"$f":"IF(C479=0,\"\",VLOOKUP(C479,[142]BNCDADOS!$A:$G,4,0))","v":""},{"$f":"IF(C479=0,\"\",VLOOKUP(C479,[142]BNCDADOS!$A:$G,5,0))","v":""},{"$f":"SUM(I481:I496)","v":1043303.39},{"$f":"IF(C479=0,\"\",VLOOKUP(C479,[142]BNCDADOS!$A:$G,6,0))","v":""},{"$f":"IF(C479=0,\"\",VLOOKUP(C479,[142]BNCDADOS!$A:$G,7,0))","v":""},{"$f":"SUM(L481:L496)","v":1076695.43},0]
["3.5.3.1",{"$f":"IF(C480=0,\"\",VLOOKUP(C480,BNCDADOS!$A:$H,8,0))","v":"SINAPI/RN\nSERVIÇO"},95241,{"$f":"IF(C480=0,\"\",VLOOKUP(C480,BNCDADOS!$A:$G,2,0))","v":"LASTRO DE CONCRETO MAGRO, APLICADO EM PISOS, LAJES SOBRE SOLO OU RADIERS, ESPESSURA DE 5 CM. AF_01/2024"},{"$f":"IF(C480=0,\"\",VLOOKUP(C480,BNCDADOS!$A:$G,3,0))","v":"M2"},237.84,{"$f":"IF(C480=0,\"\",VLOOKUP(C480,BNCDADOS!$A:$G,4,0))","v":"36,15"},{"$f":"IF(C480=0,\"\",VLOOKUP(C480,BNCDADOS!$A:$G,5,0))","v":44.71},{"$f":"IF(H480=\"\",0,TRUNC(H480*F480,2))","v":10633.82},{"$f":"IF(C480=0,\"\",VLOOKUP(C480,BNCDADOS!$A:$G,6,0))","v":"34,74"},{"$f":"IF(C480=0,\"\",VLOOKUP(C480,BNCDADOS!$A:$G,7,0))","v":45.14},{"$f":"IF(K480=\"\",0,TRUNC(K480*F480,2))","v":10736.09},{"$f":"SUMIF('MC - TRECHO 02'!A:A,Orçamento!A480,'MC - TRECHO 02'!R:R)","v":237.83999999999997}]
["3.5.3.2",{"$f":"IF(C481=0,\"\",VLOOKUP(C481,BNCDADOS!$A:$H,8,0))","v":"SINAPI/RN\nSERVIÇO"},103800,{"$f":"IF(C481=0,\"\",VLOOKUP(C481,BNCDADOS!$A:$G,2,0))","v":"PEDRA ARGAMASSADA COM CIMENTO E AREIA 1:3, 40% DE ARGAMASSA EM VOLUME - AREIA E PEDRA DE MÃO COMERCIAIS - FORNECIMENTO E ASSENTAMENTO. AF_08/2022"},{"$f":"IF(C481=0,\"\",VLOOKUP(C481,BNCDADOS!$A:$G,3,0))","v":"M3"},14.23,{"$f":"IF(C481=0,\"\",VLOOKUP(C481,BNCDADOS!$A:$G,4,0))","v":"534,85"},{"$f":"IF(C481=0,\"\",VLOOKUP(C481,BNCDADOS!$A:$G,5,0))","v":661.55},9413.85,{"$f":"IF(C481=0,\"\",VLOOKUP(C481,BNCDADOS!$A:$G,6,0))","v":"515,06"},{"$f":"IF(C481=0,\"\",VLOOKUP(C481,BNCDADOS!$A:$G,7,0))","v":669.37},9525.1299999999992,{"$f":"SUMIF('MC - TRECHO 02'!A:A,Orçamento!A481,'MC - TRECHO 02'!R:R)","v":14.235119999999998}]
["3.5.3.3",{"$f":"IF(C482=0,\"\",VLOOKUP(C482,BNCDADOS!$A:$H,8,0))","v":"SINAPI/RN\nSERVIÇO"},92421,{"$f":"IF(C482=0,\"\",VLOOKUP(C482,BNCDADOS!$A:$G,2,0))","v":"MONTAGEM E DESMONTAGEM DE FÔRMA DE PILARES RETANGULARES E ESTRUTURAS SIMILARES, PÉ-DIREITO DUPLO, EM CHAPA DE MADEIRA COMPENSADA RESINADA, 4 UTILIZAÇÕES. AF_09/2020"},{"$f":"IF(C482=0,\"\",VLOOKUP(C482,BNCDADOS!$A:$G,3,0))","v":"M2"},600.08000000000004,{"$f":"IF(C482=0,\"\",VLOOKUP(C482,BNCDADOS!$A:$G,4,0))","v":"111,97"},{"$f":"IF(C482=0,\"\",VLOOKUP(C482,BNCDADOS!$A:$G,5,0))","v":138.49},83105.070000000007,{"$f":"IF(C482=0,\"\",VLOOKUP(C482,BNCDADOS!$A:$G,6,0))","v":"106,36"},{"$f":"IF(C482=0,\"\",VLOOKUP(C482,BNCDADOS!$A:$G,7,0))","v":138.22},82943.05,{"$f":"SUMIF('MC - TRECHO 02'!A:A,Orçamento!A482,'MC - TRECHO 02'!R:R)","v":600.08000000000004}]
["3.5.3.4",{"$f":"IF(C483=0,\"\",VLOOKUP(C483,BNCDADOS!$A:$H,8,0))","v":"SINAPI/RN\nSERVIÇO"},92466,{"$f":"IF(C483=0,\"\",VLOOKUP(C483,BNCDADOS!$A:$G,2,0))","v":"MONTAGEM E DESMONTAGEM DE FÔRMA DE VIGA, ESCORAMENTO METÁLICO, PÉ-DIREITO DUPLO, EM CHAPA DE MADEIRA PLASTIFICADA, 10 UTILIZAÇÕES. AF_09/2020"},{"$f":"IF(C483=0,\"\",VLOOKUP(C483,BNCDADOS!$A:$G,3,0))","v":"M2"},9.8000000000000007,{"$f":"IF(C483=0,\"\",VLOOKUP(C483,BNCDADOS!$A:$G,4,0))","v":"215,04"},{"$f":"IF(C483=0,\"\",VLOOKUP(C483,BNCDADOS!$A:$G,5,0))","v":265.98},2606.6,{"$f":"IF(C483=0,\"\",VLOOKUP(C483,BNCDADOS!$A:$G,6,0))","v":"209,13"},{"$f":"IF(C483=0,\"\",VLOOKUP(C483,BNCDADOS!$A:$G,7,0))","v":271.77999999999997},2663.44,{"$f":"SUMIF('MC - TRECHO 02'!A:A,Orçamento!A483,'MC - TRECHO 02'!R:R)","v":9.8000000000000007}]
["3.5.3.5",{"$f":"IF(C484=0,\"\",VLOOKUP(C484,BNCDADOS!$A:$H,8,0))","v":"SINAPI/RN\nSERVIÇO"},92524,{"$f":"IF(C484=0,\"\",VLOOKUP(C484,BNCDADOS!$A:$G,2,0))","v":"MONTAGEM E DESMONTAGEM DE FÔRMA DE LAJE MACIÇA, PÉ-DIREITO DUPLO, EM CHAPA DE MADEIRA COMPENSADA PLASTIFICADA, 10 UTILIZAÇÕES. AF_09/2020"},{"$f":"IF(C484=0,\"\",VLOOKUP(C484,BNCDADOS!$A:$G,3,0))","v":"M2"},169.86,{"$f":"IF(C484=0,\"\",VLOOKUP(C484,BNCDADOS!$A:$G,4,0))","v":"69,33"},{"$f":"IF(C484=0,\"\",VLOOKUP(C484,BNCDADOS!$A:$G,5,0))","v":85.75},14565.49,{"$f":"IF(C484=0,\"\",VLOOKUP(C484,BNCDADOS!$A:$G,6,0))","v":"66,66"},{"$f":"IF(C484=0,\"\",VLOOKUP(C484,BNCDADOS!$A:$G,7,0))","v":86.63},14714.97,{"$f":"SUMIF('MC - TRECHO 02'!A:A,Orçamento!A484,'MC - TRECHO 02'!R:R)","v":169.86}]
["3.5.3.6",{"$f":"IF(C485=0,\"\",VLOOKUP(C485,BNCDADOS!$A:$H,8,0))","v":"SINAPI/RN\nSERVIÇO"},92916,{"$f":"IF(C485=0,\"\",VLOOKUP(C485,BNCDADOS!$A:$G,2,0))","v":"ARMAÇÃO DE ESTRUTURAS DIVERSAS DE CONCRETO ARMADO, EXCETO VIGAS, PILARES, LAJES E FUNDAÇÕES, UTILIZANDO AÇO CA-50 DE 6,3 MM - MONTAGEM. AF_06/2022"},{"$f":"IF(C485=0,\"\",VLOOKUP(C485,BNCDADOS!$A:$G,3,0))","v":"KG"},343.02,{"$f":"IF(C485=0,\"\",VLOOKUP(C485,BNCDADOS!$A:$G,4,0))","v":"15,76"},{"$f":"IF(C485=0,\"\",VLOOKUP(C485,BNCDADOS!$A:$G,5,0))","v":19.489999999999998},6685.45,{"$f":"IF(C485=0,\"\",VLOOKUP(C485,BNCDADOS!$A:$G,6,0))","v":"15,19"},{"$f":"IF(C485=0,\"\",VLOOKUP(C485,BNCDADOS!$A:$G,7,0))","v":19.739999999999998},6771.21,{"$f":"SUMIF('MC - TRECHO 02'!A:A,Orçamento!A485,'MC - TRECHO 02'!R:R)","v":343.02}]
["3.5.3.7",{"$f":"IF(C486=0,\"\",VLOOKUP(C486,BNCDADOS!$A:$H,8,0))","v":"SINAPI/RN\nSERVIÇO"},92917,{"$f":"IF(C486=0,\"\",VLOOKUP(C486,BNCDADOS!$A:$G,2,0))","v":"ARMAÇÃO DE ESTRUTURAS DIVERSAS DE CONCRETO ARMADO, EXCETO VIGAS, PILARES, LAJES E FUNDAÇÕES, UTILIZANDO AÇO CA-50 DE 8,0 MM - MONTAGEM. AF_06/2022"},{"$f":"IF(C486=0,\"\",VLOOKUP(C486,BNCDADOS!$A:$G,3,0))","v":"KG"},313,{"$f":"IF(C486=0,\"\",VLOOKUP(C486,BNCDADOS!$A:$G,4,0))","v":"14,39"},{"$f":"IF(C486=0,\"\",VLOOKUP(C486,BNCDADOS!$A:$G,5,0))","v":17.79},5568.27,{"$f":"IF(C486=0,\"\",VLOOKUP(C486,BNCDADOS!$A:$G,6,0))","v":"14,00"},{"$f":"IF(C486=0,\"\",VLOOKUP(C486,BNCDADOS!$A:$G,7,0))","v":18.190000000000001},5693.47,{"$f":"SUMIF('MC - TRECHO 02'!A:A,Orçamento!A486,'MC - TRECHO 02'!R:R)","v":313}]
["3.5.3.8",{"$f":"IF(C487=0,\"\",VLOOKUP(C487,BNCDADOS!$A:$H,8,0))","v":"SINAPI/RN\nSERVIÇO"},92919,{"$f":"IF(C487=0,\"\",VLOOKUP(C487,BNCDADOS!$A:$G,2,0))","v":"ARMAÇÃO DE ESTRUTURAS DIVERSAS DE CONCRETO ARMADO, EXCETO VIGAS, PILARES, LAJES E FUNDAÇÕES, UTILIZANDO AÇO CA-50 DE 10,0 MM - MONTAGEM. AF_06/2022"},{"$f":"IF(C487=0,\"\",VLOOKUP(C487,BNCDADOS!$A:$G,3,0))","v":"KG"},3106,{"$f":"IF(C487=0,\"\",VLOOKUP(C487,BNCDADOS!$A:$G,4,0))","v":"12,59"},{"$f":"IF(C487=0,\"\",VLOOKUP(C487,BNCDADOS!$A:$G,5,0))","v":15.57},48360.42,{"$f":"IF(C487=0,\"\",VLOOKUP(C487,BNCDADOS!$A:$G,6,0))","v":"12,31"},{"$f":"IF(C487=0,\"\",VLOOKUP(C487,BNCDADOS!$A:$G,7,0))","v":15.99},49664.94,{"$f":"SUMIF('MC - TRECHO 02'!A:A,Orçamento!A487,'MC - TRECHO 02'!R:R)","v":3106}]
["3.5.3.9",{"$f":"IF(C488=0,\"\",VLOOKUP(C488,BNCDADOS!$A:$H,8,0))","v":"SINAPI/RN\nSERVIÇO"},92921,{"$f":"IF(C488=0,\"\",VLOOKUP(C488,BNCDADOS!$A:$G,2,0))","v":"ARMAÇÃO DE ESTRUTURAS DIVERSAS DE CONCRETO ARMADO, EXCETO VIGAS, PILARES, LAJES E FUNDAÇÕES, UTILIZANDO AÇO CA-50 DE 12,5 MM - MONTAGEM. AF_06/2022"},{"$f":"IF(C488=0,\"\",VLOOKUP(C488,BNCDADOS!$A:$G,3,0))","v":"KG"},496,{"$f":"IF(C488=0,\"\",VLOOKUP(C488,BNCDADOS!$A:$G,4,0))","v":"10,41"},{"$f":"IF(C488=0,\"\",VLOOKUP(C488,BNCDADOS!$A:$G,5,0))","v":12.87},6383.52,{"$f":"IF(C488=0,\"\",VLOOKUP(C488,BNCDADOS!$A:$G,6,0))","v":"10,23"},{"$f":"IF(C488=0,\"\",VLOOKUP(C488,BNCDADOS!$A:$G,7,0))","v":13.29},6591.84,{"$f":"SUMIF('MC - TRECHO 02'!A:A,Orçamento!A488,'MC - TRECHO 02'!R:R)","v":496}]
["3.5.3.10",{"$f":"IF(C489=0,\"\",VLOOKUP(C489,BNCDADOS!$A:$H,8,0))","v":"SINAPI/RN\nSERVIÇO"},92922,{"$f":"IF(C489=0,\"\",VLOOKUP(C489,BNCDADOS!$A:$G,2,0))","v":"ARMAÇÃO DE ESTRUTURAS DIVERSAS DE CONCRETO ARMADO, EXCETO VIGAS, PILARES, LAJES E FUNDAÇÕES, UTILIZANDO AÇO CA-50 DE 16,0 MM - MONTAGEM. AF_06/2022"},{"$f":"IF(C489=0,\"\",VLOOKUP(C489,BNCDADOS!$A:$G,3,0))","v":"KG"},26883,{"$f":"IF(C489=0,\"\",VLOOKUP(C489,BNCDADOS!$A:$G,4,0))","v":"9,94"},{"$f":"IF(C489=0,\"\",VLOOKUP(C489,BNCDADOS!$A:$G,5,0))","v":12.29},330392.07,{"$f":"IF(C489=0,\"\",VLOOKUP(C489,BNCDADOS!$A:$G,6,0))","v":"9,82"},{"$f":"IF(C489=0,\"\",VLOOKUP(C489,BNCDADOS!$A:$G,7,0))","v":12.76},343027.08,{"$f":"SUMIF('MC - TRECHO 02'!A:A,Orçamento!A489,'MC - TRECHO 02'!R:R)","v":26883}]
["3.5.3.11",{"$f":"IF(C490=0,\"\",VLOOKUP(C490,BNCDADOS!$A:$H,8,0))","v":"SINAPI/RN\nSERVIÇO"},92924,{"$f":"IF(C490=0,\"\",VLOOKUP(C490,BNCDADOS!$A:$G,2,0))","v":"ARMAÇÃO DE ESTRUTURAS DIVERSAS DE CONCRETO ARMADO, EXCETO VIGAS, PILARES, LAJES E FUNDAÇÕES, UTILIZANDO AÇO CA-50 DE 25,0 MM - MONTAGEM. AF_06/2022"},{"$f":"IF(C490=0,\"\",VLOOKUP(C490,BNCDADOS!$A:$G,3,0))","v":"KG"},2613,{"$f":"IF(C490=0,\"\",VLOOKUP(C490,BNCDADOS!$A:$G,4,0))","v":"10,97"},{"$f":"IF(C490=0,\"\",VLOOKUP(C490,BNCDADOS!$A:$G,5,0))","v":13.56},35432.28,{"$f":"IF(C490=0,\"\",VLOOKUP(C490,BNCDADOS!$A:$G,6,0))","v":"10,88"},{"$f":"IF(C490=0,\"\",VLOOKUP(C490,BNCDADOS!$A:$G,7,0))","v":14.13},36921.69,{"$f":"SUMIF('MC - TRECHO 02'!A:A,Orçamento!A490,'MC - TRECHO 02'!R:R)","v":2613}]
["3.5.3.12",{"$f":"IF(C491=0,\"\",VLOOKUP(C491,BNCDADOS!$A:$H,8,0))","v":"SINAPI/RN\nSERVIÇO"},92769,{"$f":"IF(C491=0,\"\",VLOOKUP(C491,BNCDADOS!$A:$G,2,0))","v":"ARMAÇÃO DE LAJE DE ESTRUTURA CONVENCIONAL DE CONCRETO ARMADO UTILIZANDO AÇO CA-50 DE 6,3 MM - MONTAGEM. AF_06/2022"},{"$f":"IF(C491=0,\"\",VLOOKUP(C491,BNCDADOS!$A:$G,3,0))","v":"KG"},446.98,{"$f":"IF(C491=0,\"\",VLOOKUP(C491,BNCDADOS!$A:$G,4,0))","v":"13,27"},{"$f":"IF(C491=0,\"\",VLOOKUP(C491,BNCDADOS!$A:$G,5,0))","v":16.41},7334.94,{"$f":"IF(C491=0,\"\",VLOOKUP(C491,BNCDADOS!$A:$G,6,0))","v":"12,98"},{"$f":"IF(C491=0,\"\",VLOOKUP(C491,BNCDADOS!$A:$G,7,0))","v":16.86},7536.08,{"$f":"SUMIF('MC - TRECHO 02'!A:A,Orçamento!A491,'MC - TRECHO 02'!R:R)","v":446.98}]
["3.5.3.13",{"$f":"IF(C492=0,\"\",VLOOKUP(C492,BNCDADOS!$A:$H,8,0))","v":"SINAPI/RN\nSERVIÇO"},92771,{"$f":"IF(C492=0,\"\",VLOOKUP(C492,BNCDADOS!$A:$G,2,0))","v":"ARMAÇÃO DE LAJE DE ESTRUTURA CONVENCIONAL DE CONCRETO ARMADO UTILIZANDO AÇO CA-50 DE 10,0 MM - MONTAGEM. AF_06/2022"},{"$f":"IF(C492=0,\"\",VLOOKUP(C492,BNCDADOS!$A:$G,3,0))","v":"KG"},2513,{"$f":"IF(C492=0,\"\",VLOOKUP(C492,BNCDADOS!$A:$G,4,0))","v":"11,15"},{"$f":"IF(C492=0,\"\",VLOOKUP(C492,BNCDADOS!$A:$G,5,0))","v":13.79},34654.269999999997,{"$f":"IF(C492=0,\"\",VLOOKUP(C492,BNCDADOS!$A:$G,6,0))","v":"11,03"},{"$f":"IF(C492=0,\"\",VLOOKUP(C492,BNCDADOS!$A:$G,7,0))","v":14.33},36011.29,{"$f":"SUMIF('MC - TRECHO 02'!A:A,Orçamento!A492,'MC - TRECHO 02'!R:R)","v":2513}]
["3.5.3.14",{"$f":"IF(C493=0,\"\",VLOOKUP(C493,BNCDADOS!$A:$H,8,0))","v":"SINAPI/RN\nSERVIÇO"},92772,{"$f":"IF(C493=0,\"\",VLOOKUP(C493,BNCDADOS!$A:$G,2,0))","v":"ARMAÇÃO DE LAJE DE ESTRUTURA CONVENCIONAL DE CONCRETO ARMADO UTILIZANDO AÇO CA-50 DE 12,5 MM - MONTAGEM. AF_06/2022"},{"$f":"IF(C493=0,\"\",VLOOKUP(C493,BNCDADOS!$A:$G,3,0))","v":"KG"},3821,{"$f":"IF(C493=0,\"\",VLOOKUP(C493,BNCDADOS!$A:$G,4,0))","v":"9,37"},{"$f":"IF(C493=0,\"\",VLOOKUP(C493,BNCDADOS!$A:$G,5,0))","v":11.58},44247.18,{"$f":"IF(C493=0,\"\",VLOOKUP(C493,BNCDADOS!$A:$G,6,0))","v":"9,29"},{"$f":"IF(C493=0,\"\",VLOOKUP(C493,BNCDADOS!$A:$G,7,0))","v":12.07},46119.47,{"$f":"SUMIF('MC - TRECHO 02'!A:A,Orçamento!A493,'MC - TRECHO 02'!R:R)","v":3821}]
["3.5.3.15",{"$f":"IF(C494=0,\"\",VLOOKUP(C494,BNCDADOS!$A:$H,8,0))","v":"SINAPI/RN\nSERVIÇO"},92773,{"$f":"IF(C494=0,\"\",VLOOKUP(C494,BNCDADOS!$A:$G,2,0))","v":"ARMAÇÃO DE LAJE DE ESTRUTURA CONVENCIONAL DE CONCRETO ARMADO UTILIZANDO AÇO CA-50 DE 16,0 MM - MONTAGEM. AF_06/2022"},{"$f":"IF(C494=0,\"\",VLOOKUP(C494,BNCDADOS!$A:$G,3,0))","v":"KG"},5582,{"$f":"IF(C494=0,\"\",VLOOKUP(C494,BNCDADOS!$A:$G,4,0))","v":"9,19"},{"$f":"IF(C494=0,\"\",VLOOKUP(C494,BNCDADOS!$A:$G,5,0))","v":11.36},63411.519999999997,{"$f":"IF(C494=0,\"\",VLOOKUP(C494,BNCDADOS!$A:$G,6,0))","v":"9,14"},{"$f":"IF(C494=0,\"\",VLOOKUP(C494,BNCDADOS!$A:$G,7,0))","v":11.87},66258.34,{"$f":"SUMIF('MC - TRECHO 02'!A:A,Orçamento!A494,'MC - TRECHO 02'!R:R)","v":5582}]
["3.5.3.16",{"$f":"IF(C495=0,\"\",VLOOKUP(C495,BNCDADOS!$A:$H,8,0))","v":0},"COMP 20",{"$f":"IF(C495=0,\"\",VLOOKUP(C495,BNCDADOS!$A:$G,2,0))","v":"CONCRETAGEM DE ESTRUTURAS, FCK = 40 MPA, COM USO DE BOMBA EM EDIFICAÇÕES DIVERSAS - LANÇAMENTO, ADENSAMENTO E ACABAMENTO"},{"$f":"IF(C495=0,\"\",VLOOKUP(C495,BNCDADOS!$A:$G,3,0))","v":"M3    "},318.98,{"$f":"IF(C495=0,\"\",VLOOKUP(C495,BNCDADOS!$A:$G,4,0))","v":852.28},{"$f":"IF(C495=0,\"\",VLOOKUP(C495,BNCDADOS!$A:$G,5,0))","v":1054.18},336262.33,{"$f":"IF(C495=0,\"\",VLOOKUP(C495,BNCDADOS!$A:$G,6,0))","v":837.56},{"$f":"IF(C495=0,\"\",VLOOKUP(C495,BNCDADOS!$A:$G,7,0))","v":1088.49},347206.54,{"$f":"SUMIF('MC - TRECHO 02'!A:A,Orçamento!A495,'MC - TRECHO 02'!R:R)","v":318.98}]
["3.5.3.17",{"$f":"IF(C496=0,\"\",VLOOKUP(C496,BNCDADOS!$A:$H,8,0))","v":"SINAPI/RN\nSERVIÇO"},93205,{"$f":"IF(C496=0,\"\",VLOOKUP(C496,BNCDADOS!$A:$G,2,0))","v":"CINTA DE AMARRAÇÃO DE ALVENARIA MOLDADA IN LOCO COM UTILIZAÇÃO DE BLOCOS CANALETA, ESPESSURA DE *20* CM. AF_03/2024"},{"$f":"IF(C496=0,\"\",VLOOKUP(C496,BNCDADOS!$A:$G,3,0))","v":"M"},200.92,{"$f":"IF(C496=0,\"\",VLOOKUP(C496,BNCDADOS!$A:$G,4,0))","v":"59,88"},{"$f":"IF(C496=0,\"\",VLOOKUP(C496,BNCDADOS!$A:$G,5,0))","v":74.06},14880.13,{"$f":"IF(C496=0,\"\",VLOOKUP(C496,BNCDADOS!$A:$G,6,0))","v":"57,63"},{"$f":"IF(C496=0,\"\",VLOOKUP(C496,BNCDADOS!$A:$G,7,0))","v":74.89},15046.89,{"$f":"SUMIF('MC - TRECHO 02'!A:A,Orçamento!A496,'MC - TRECHO 02'!R:R)","v":200.92000000000002}]
["3.5.4",{"$f":"IF(C497=0,\"\",VLOOKUP(C497,[142]BNCDADOS!$A:$G,8,0))","v":""},null,"ALVENARIAS E REVESTIMENTOS",{"$f":"IF(C497=0,\"\",VLOOKUP(C497,[142]BNCDADOS!$A:$G,3,0))","v":""},{"$f":"TRUNC(M497,2)","v":0},{"$f":"IF(C497=0,\"\",VLOOKUP(C497,[142]BNCDADOS!$A:$G,4,0))","v":""},{"$f":"IF(C497=0,\"\",VLOOKUP(C497,[142]BNCDADOS!$A:$G,5,0))","v":""},{"$f":"SUM(I499:I506)","v":116178.65000000001},{"$f":"IF(C497=0,\"\",VLOOKUP(C497,[142]BNCDADOS!$A:$G,6,0))","v":""},{"$f":"IF(C497=0,\"\",VLOOKUP(C497,[142]BNCDADOS!$A:$G,7,0))","v":""},{"$f":"SUM(L499:L506)","v":114432.54000000001},0]
["3.5.4.1",{"$f":"IF(C498=0,\"\",VLOOKUP(C498,BNCDADOS!$A:$H,8,0))","v":"SINAPI/RN\nSERVIÇO"},103338,{"$f":"IF(C498=0,\"\",VLOOKUP(C498,BNCDADOS!$A:$G,2,0))","v":"ALVENARIA DE VEDAÇÃO DE BLOCOS  VAZADOS DE CONCRETO APARENTE DE 14X19X39 CM (ESPESSURA 14 CM) E ARGAMASSA DE ASSENTAMENTO COM PREPARO EM BETONEIRA. AF_12/2021"},{"$f":"IF(C498=0,\"\",VLOOKUP(C498,BNCDADOS!$A:$G,3,0))","v":"M2"},655.58,{"$f":"IF(C498=0,\"\",VLOOKUP(C498,BNCDADOS!$A:$G,4,0))","v":"111,81"},{"$f":"IF(C498=0,\"\",VLOOKUP(C498,BNCDADOS!$A:$G,5,0))","v":138.29},{"$f":"IF(H498=\"\",0,TRUNC(H498*F498,2))","v":90660.15},{"$f":"IF(C498=0,\"\",VLOOKUP(C498,BNCDADOS!$A:$G,6,0))","v":"106,87"},{"$f":"IF(C498=0,\"\",VLOOKUP(C498,BNCDADOS!$A:$G,7,0))","v":138.88},{"$f":"IF(K498=\"\",0,TRUNC(K498*F498,2))","v":91046.95},{"$f":"SUMIF('MC - TRECHO 02'!A:A,Orçamento!A498,'MC - TRECHO 02'!R:R)","v":655.58}]
["3.5.4.2",{"$f":"IF(C499=0,\"\",VLOOKUP(C499,BNCDADOS!$A:$H,8,0))","v":"SINAPI/RN\nSERVIÇO"},101161,{"$f":"IF(C499=0,\"\",VLOOKUP(C499,BNCDADOS!$A:$G,2,0))","v":"ALVENARIA DE VEDAÇÃO COM ELEMENTO VAZADO DE CONCRETO (COBOGÓ) DE 7X50X50CM E ARGAMASSA DE ASSENTAMENTO COM PREPARO EM BETONEIRA. AF_05/2020"},{"$f":"IF(C499=0,\"\",VLOOKUP(C499,BNCDADOS!$A:$G,3,0))","v":"M2"},10.199999999999999,{"$f":"IF(C499=0,\"\",VLOOKUP(C499,BNCDADOS!$A:$G,4,0))","v":"233,42"},{"$f":"IF(C499=0,\"\",VLOOKUP(C499,BNCDADOS!$A:$G,5,0))","v":288.70999999999998},2944.84,{"$f":"IF(C499=0,\"\",VLOOKUP(C499,BNCDADOS!$A:$G,6,0))","v":"225,72"},{"$f":"IF(C499=0,\"\",VLOOKUP(C499,BNCDADOS!$A:$G,7,0))","v":293.33999999999997},2992.06,{"$f":"SUMIF('MC - TRECHO 02'!A:A,Orçamento!A499,'MC - TRECHO 02'!R:R)","v":10.199999999999999}]
["3.5.4.3",{"$f":"IF(C500=0,\"\",VLOOKUP(C500,BNCDADOS!$A:$H,8,0))","v":"SINAPI/RN\nSERVIÇO"},93189,{"$f":"IF(C500=0,\"\",VLOOKUP(C500,BNCDADOS!$A:$G,2,0))","v":"VERGA MOLDADA IN LOCO EM CONCRETO PARA PORTAS COM MAIS DE 1,5 M DE VÃO. AF_03/2016"},{"$f":"IF(C500=0,\"\",VLOOKUP(C500,BNCDADOS!$A:$G,3,0))","v":"M"},9,{"$f":"IF(C500=0,\"\",VLOOKUP(C500,BNCDADOS!$A:$G,4,0))","v":119.84},{"$f":"IF(C500=0,\"\",VLOOKUP(C500,BNCDADOS!$A:$G,5,0))","v":148.22999999999999},1334.07,{"$f":"IF(C500=0,\"\",VLOOKUP(C500,BNCDADOS!$A:$G,6,0))","v":117.08},{"$f":"IF(C500=0,\"\",VLOOKUP(C500,BNCDADOS!$A:$G,7,0))","v":152.15},1369.35,{"$f":"SUMIF('MC - TRECHO 02'!A:A,Orçamento!A500,'MC - TRECHO 02'!R:R)","v":9}]
["3.5.4.4",{"$f":"IF(C501=0,\"\",VLOOKUP(C501,BNCDADOS!$A:$H,8,0))","v":"SINAPI/RN\nSERVIÇO"},93187,{"$f":"IF(C501=0,\"\",VLOOKUP(C501,BNCDADOS!$A:$G,2,0))","v":"VERGA MOLDADA IN LOCO EM CONCRETO, ESPESSURA DE *20* CM. AF_03/2024"},{"$f":"IF(C501=0,\"\",VLOOKUP(C501,BNCDADOS!$A:$G,3,0))","v":"M"},4.5999999999999996,{"$f":"IF(C501=0,\"\",VLOOKUP(C501,BNCDADOS!$A:$G,4,0))","v":"78,39"},{"$f":"IF(C501=0,\"\",VLOOKUP(C501,BNCDADOS!$A:$G,5,0))","v":96.96},446.01,{"$f":"IF(C501=0,\"\",VLOOKUP(C501,BNCDADOS!$A:$G,6,0))","v":"75,28"},{"$f":"IF(C501=0,\"\",VLOOKUP(C501,BNCDADOS!$A:$G,7,0))","v":97.83},450.01,{"$f":"SUMIF('MC - TRECHO 02'!A:A,Orçamento!A501,'MC - TRECHO 02'!R:R)","v":4.5999999999999996}]
["3.5.4.5",{"$f":"IF(C502=0,\"\",VLOOKUP(C502,BNCDADOS!$A:$H,8,0))","v":"SINAPI/RN\nSERVIÇO"},93197,{"$f":"IF(C502=0,\"\",VLOOKUP(C502,BNCDADOS!$A:$G,2,0))","v":"CONTRAVERGA MOLDADA IN LOCO EM CONCRETO, ESPESSURA DE *20* CM. AF_03/2024"},{"$f":"IF(C502=0,\"\",VLOOKUP(C502,BNCDADOS!$A:$G,3,0))","v":"M"},4.5999999999999996,{"$f":"IF(C502=0,\"\",VLOOKUP(C502,BNCDADOS!$A:$G,4,0))","v":"57,72"},{"$f":"IF(C502=0,\"\",VLOOKUP(C502,BNCDADOS!$A:$G,5,0))","v":71.39},328.39,{"$f":"IF(C502=0,\"\",VLOOKUP(C502,BNCDADOS!$A:$G,6,0))","v":"55,77"},{"$f":"IF(C502=0,\"\",VLOOKUP(C502,BNCDADOS!$A:$G,7,0))","v":72.47},333.36,{"$f":"SUMIF('MC - TRECHO 02'!A:A,Orçamento!A502,'MC - TRECHO 02'!R:R)","v":4.5999999999999996}]
["3.5.4.6",{"$f":"IF(C503=0,\"\",VLOOKUP(C503,BNCDADOS!$A:$H,8,0))","v":"SINAPI/RN\nSERVIÇO"},87879,{"$f":"IF(C503=0,\"\",VLOOKUP(C503,BNCDADOS!$A:$G,2,0))","v":"CHAPISCO APLICADO EM ALVENARIAS E ESTRUTURAS DE CONCRETO INTERNAS, COM COLHER DE PEDREIRO.  ARGAMASSA TRAÇO 1:3 COM PREPARO EM BETONEIRA 400L. AF_10/2022"},{"$f":"IF(C503=0,\"\",VLOOKUP(C503,BNCDADOS!$A:$G,3,0))","v":"M2"},1311.16,{"$f":"IF(C503=0,\"\",VLOOKUP(C503,BNCDADOS!$A:$G,4,0))","v":"4,06"},{"$f":"IF(C503=0,\"\",VLOOKUP(C503,BNCDADOS!$A:$G,5,0))","v":5.0199999999999996},6582.02,{"$f":"IF(C503=0,\"\",VLOOKUP(C503,BNCDADOS!$A:$G,6,0))","v":"3,78"},{"$f":"IF(C503=0,\"\",VLOOKUP(C503,BNCDADOS!$A:$G,7,0))","v":4.91},6437.79,{"$f":"SUMIF('MC - TRECHO 02'!A:A,Orçamento!A503,'MC - TRECHO 02'!R:R)","v":1311.16}]
["3.5.4.7",{"$f":"IF(C504=0,\"\",VLOOKUP(C504,BNCDADOS!$A:$H,8,0))","v":"SINAPI/RN\nSERVIÇO"},89173,{"$f":"IF(C504=0,\"\",VLOOKUP(C504,BNCDADOS!$A:$G,2,0))","v":"(COMPOSIÇÃO REPRESENTATIVA) DO SERVIÇO DE EMBOÇO/MASSA ÚNICA, APLICADO MANUALMENTE, TRAÇO 1:2:8, EM BETONEIRA DE 400L, PAREDES INTERNAS, COM EXECUÇÃO DE TALISCAS, EDIFICAÇÃO HABITACIONAL UNIFAMILIAR (CASAS) E EDIFICAÇÃO PÚBLICA PADRÃO. AF_12/2014"},{"$f":"IF(C504=0,\"\",VLOOKUP(C504,BNCDADOS!$A:$G,3,0))","v":"m²"},2622.32,{"$f":"IF(C504=0,\"\",VLOOKUP(C504,BNCDADOS!$A:$G,4,0))","v":32},{"$f":"IF(C504=0,\"\",VLOOKUP(C504,BNCDADOS!$A:$G,5,0))","v":39.58},103791.42,{"$f":"IF(C504=0,\"\",VLOOKUP(C504,BNCDADOS!$A:$G,6,0))","v":29.96},{"$f":"IF(C504=0,\"\",VLOOKUP(C504,BNCDADOS!$A:$G,7,0))","v":38.93},102086.91,{"$f":"SUMIF('MC - TRECHO 02'!A:A,Orçamento!A504,'MC - TRECHO 02'!R:R)","v":2622.32}]
["3.5.4.8",{"$f":"IF(C505=0,\"\",VLOOKUP(C505,BNCDADOS!$A:$H,8,0))","v":"SINAPI/RN\nSERVIÇO"},89045,{"$f":"IF(C505=0,\"\",VLOOKUP(C505,BNCDADOS!$A:$G,2,0))","v":"(COMPOSIÇÃO REPRESENTATIVA) DO SERVIÇO DE REVESTIMENTO CERÂMICO PARA AMBIENTES DE ÁREAS MOLHADAS, MEIA PAREDE OU PAREDE INTEIRA, COM PLACAS TIPO ESMALTADA EXTRA, DIMENSÕES 20X20 CM, PARA EDIFICAÇÃO HABITACIONAL MULTIFAMILIAR (PRÉDIO). AF_11/2014"},{"$f":"IF(C505=0,\"\",VLOOKUP(C505,BNCDADOS!$A:$G,3,0))","v":"M²"},4.5,{"$f":"IF(C505=0,\"\",VLOOKUP(C505,BNCDADOS!$A:$G,4,0))","v":67.73},{"$f":"IF(C505=0,\"\",VLOOKUP(C505,BNCDADOS!$A:$G,5,0))","v":83.77},376.96,{"$f":"IF(C505=0,\"\",VLOOKUP(C505,BNCDADOS!$A:$G,6,0))","v":65.709999999999994},{"$f":"IF(C505=0,\"\",VLOOKUP(C505,BNCDADOS!$A:$G,7,0))","v":85.39},384.25,{"$f":"SUMIF('MC - TRECHO 02'!A:A,Orçamento!A505,'MC - TRECHO 02'!R:R)","v":4.5}]
["3.5.4.9",{"$f":"IF(C506=0,\"\",VLOOKUP(C506,BNCDADOS!$A:$H,8,0))","v":"SINAPI/RN\nSERVIÇO"},87249,{"$f":"IF(C506=0,\"\",VLOOKUP(C506,BNCDADOS!$A:$G,2,0))","v":"REVESTIMENTO CERÂMICO PARA PISO COM PLACAS TIPO ESMALTADA DE DIMENSÕES 45X45 CM APLICADA EM AMBIENTES DE ÁREA MENOR QUE 5 M2. AF_02/2023_PE"},{"$f":"IF(C506=0,\"\",VLOOKUP(C506,BNCDADOS!$A:$G,3,0))","v":"M2"},4.5,{"$f":"IF(C506=0,\"\",VLOOKUP(C506,BNCDADOS!$A:$G,4,0))","v":"67,37"},{"$f":"IF(C506=0,\"\",VLOOKUP(C506,BNCDADOS!$A:$G,5,0))","v":83.32},374.94,{"$f":"IF(C506=0,\"\",VLOOKUP(C506,BNCDADOS!$A:$G,6,0))","v":"64,78"},{"$f":"IF(C506=0,\"\",VLOOKUP(C506,BNCDADOS!$A:$G,7,0))","v":84.18},378.81,{"$f":"SUMIF('MC - TRECHO 02'!A:A,Orçamento!A506,'MC - TRECHO 02'!R:R)","v":4.5}]
["3.5.4.10",{"$f":"IF(C507=0,\"\",VLOOKUP(C507,BNCDADOS!$A:$H,8,0))","v":"SINAPI/RN\nSERVIÇO"},98553,{"$f":"IF(C507=0,\"\",VLOOKUP(C507,BNCDADOS!$A:$G,2,0))","v":"IMPERMEABILIZAÇÃO DE SUPERFÍCIE COM MEMBRANA À BASE DE POLIURETANO, 2 DEMÃOS. AF_09/2023"},{"$f":"IF(C507=0,\"\",VLOOKUP(C507,BNCDADOS!$A:$G,3,0))","v":"M2"},75,{"$f":"IF(C507=0,\"\",VLOOKUP(C507,BNCDADOS!$A:$G,4,0))","v":"173,85"},{"$f":"IF(C507=0,\"\",VLOOKUP(C507,BNCDADOS!$A:$G,5,0))","v":215.03},16127.25,{"$f":"IF(C507=0,\"\",VLOOKUP(C507,BNCDADOS!$A:$G,6,0))","v":"172,27"},{"$f":"IF(C507=0,\"\",VLOOKUP(C507,BNCDADOS!$A:$G,7,0))","v":223.88},16791,{"$f":"SUMIF('MC - TRECHO 02'!A:A,Orçamento!A507,'MC - TRECHO 02'!R:R)","v":75}]
["3.5.5",{"$f":"IF(C508=0,\"\",VLOOKUP(C508,[142]BNCDADOS!$A:$G,8,0))","v":""},null,{"$f":"'[142]MC - TRECHO 02'!D573","v":"COBERTURA"},{"$f":"IF(C508=0,\"\",VLOOKUP(C508,[142]BNCDADOS!$A:$G,3,0))","v":""},{"$f":"TRUNC(M508,2)","v":0},{"$f":"IF(C508=0,\"\",VLOOKUP(C508,[142]BNCDADOS!$A:$G,4,0))","v":""},{"$f":"IF(C508=0,\"\",VLOOKUP(C508,[142]BNCDADOS!$A:$G,5,0))","v":""},{"$f":"SUM(I509:I510)","v":58658.11},{"$f":"IF(C508=0,\"\",VLOOKUP(C508,[142]BNCDADOS!$A:$G,6,0))","v":""},{"$f":"IF(C508=0,\"\",VLOOKUP(C508,[142]BNCDADOS!$A:$G,7,0))","v":""},{"$f":"SUM(L509:L510)","v":61242.75},0]
["3.5.5.1",{"$f":"IF(C509=0,\"\",VLOOKUP(C509,BNCDADOS!$A:$H,8,0))","v":"SINAPI/RN\nSERVIÇO"},92544,{"$f":"IF(C509=0,\"\",VLOOKUP(C509,BNCDADOS!$A:$G,2,0))","v":"TRAMA DE MADEIRA COMPOSTA POR TERÇAS PARA TELHADOS DE ATÉ 2 ÁGUAS PARA TELHA ESTRUTURAL DE FIBROCIMENTO, INCLUSO TRANSPORTE VERTICAL. AF_07/2019"},{"$f":"IF(C509=0,\"\",VLOOKUP(C509,BNCDADOS!$A:$G,3,0))","v":"M2"},{"$f":"TRUNC(M509,2)","v":272.93},{"$f":"IF(C509=0,\"\",VLOOKUP(C509,BNCDADOS!$A:$G,4,0))","v":"20,78"},{"$f":"IF(C509=0,\"\",VLOOKUP(C509,BNCDADOS!$A:$G,5,0))","v":25.7},{"$f":"IF(H509=\"\",0,TRUNC(H509*F509,2))","v":7014.3},{"$f":"IF(C509=0,\"\",VLOOKUP(C509,BNCDADOS!$A:$G,6,0))","v":"20,39"},{"$f":"IF(C509=0,\"\",VLOOKUP(C509,BNCDADOS!$A:$G,7,0))","v":26.49},{"$f":"IF(K509=\"\",0,TRUNC(K509*F509,2))","v":7229.91},{"$f":"SUMIF('MC - TRECHO 02'!A:A,Orçamento!A509,'MC - TRECHO 02'!R:R)","v":272.9375}]
["3.5.5.2",{"$f":"IF(C510=0,\"\",VLOOKUP(C510,BNCDADOS!$A:$H,8,0))","v":"SINAPI/RN\nSERVIÇO"},94218,{"$f":"IF(C510=0,\"\",VLOOKUP(C510,BNCDADOS!$A:$G,2,0))","v":"TELHAMENTO COM TELHA ESTRUTURAL DE FIBROCIMENTO E= 8 MM, COM ATÉ 2 ÁGUAS, INCLUSO IÇAMENTO. AF_07/2019_PS"},{"$f":"IF(C510=0,\"\",VLOOKUP(C510,BNCDADOS!$A:$G,3,0))","v":"M2"},272.93,{"$f":"IF(C510=0,\"\",VLOOKUP(C510,BNCDADOS!$A:$G,4,0))","v":"152,98"},{"$f":"IF(C510=0,\"\",VLOOKUP(C510,BNCDADOS!$A:$G,5,0))","v":189.22},51643.81,{"$f":"IF(C510=0,\"\",VLOOKUP(C510,BNCDADOS!$A:$G,6,0))","v":"152,28"},{"$f":"IF(C510=0,\"\",VLOOKUP(C510,BNCDADOS!$A:$G,7,0))","v":197.9},54012.84,{"$f":"SUMIF('MC - TRECHO 02'!A:A,Orçamento!A510,'MC - TRECHO 02'!R:R)","v":272.9375}]
["3.5.6",{"$f":"IF(C511=0,\"\",VLOOKUP(C511,[142]BNCDADOS!$A:$G,8,0))","v":""},null,{"$f":"'[142]MC - TRECHO 02'!D586","v":"ESQUADRIAS"},{"$f":"IF(C511=0,\"\",VLOOKUP(C511,[142]BNCDADOS!$A:$G,3,0))","v":""},0,{"$f":"IF(C511=0,\"\",VLOOKUP(C511,[142]BNCDADOS!$A:$G,4,0))","v":""},{"$f":"IF(C511=0,\"\",VLOOKUP(C511,[142]BNCDADOS!$A:$G,5,0))","v":""},{"$f":"SUM(I513:I514)","v":9649.5400000000009},{"$f":"IF(C511=0,\"\",VLOOKUP(C511,[142]BNCDADOS!$A:$G,6,0))","v":""},{"$f":"IF(C511=0,\"\",VLOOKUP(C511,[142]BNCDADOS!$A:$G,7,0))","v":""},{"$f":"SUM(L513:L514)","v":10103.69},0]
["3.5.6.1",{"$f":"IF(C512=0,\"\",VLOOKUP(C512,BNCDADOS!$A:$H,8,0))","v":0},"COMP 21",{"$f":"IF(C512=0,\"\",VLOOKUP(C512,BNCDADOS!$A:$G,2,0))","v":"PORTAO DE CORRER EM GRADIL FIXO DE BARRA DE FERRO CHATA DE 3 X 1/4\" NA VERTICAL, SEM REQUADRO, ACABAMENTO NATURAL, COM TRILHOS E ROLDANAS                                                                                                                                                                                                                                                                                                                                                                 "},{"$f":"IF(C512=0,\"\",VLOOKUP(C512,BNCDADOS!$A:$G,3,0))","v":"M2"},4.9000000000000004,{"$f":"IF(C512=0,\"\",VLOOKUP(C512,BNCDADOS!$A:$G,4,0))","v":703.96},{"$f":"IF(C512=0,\"\",VLOOKUP(C512,BNCDADOS!$A:$G,5,0))","v":870.72},{"$f":"IF(H512=\"\",0,TRUNC(H512*F512,2))","v":4266.5200000000004},{"$f":"IF(C512=0,\"\",VLOOKUP(C512,BNCDADOS!$A:$G,6,0))","v":696.5},{"$f":"IF(C512=0,\"\",VLOOKUP(C512,BNCDADOS!$A:$G,7,0))","v":905.17},{"$f":"IF(K512=\"\",0,TRUNC(K512*F512,2))","v":4435.33},{"$f":"SUMIF('MC - TRECHO 02'!A:A,Orçamento!A512,'MC - TRECHO 02'!R:R)","v":4.8999999999999995}]
["3.5.6.2",{"$f":"IF(C513=0,\"\",VLOOKUP(C513,BNCDADOS!$A:$H,8,0))","v":"SINAPI/RN\nSERVIÇO"},100701,{"$f":"IF(C513=0,\"\",VLOOKUP(C513,BNCDADOS!$A:$G,2,0))","v":"PORTA DE FERRO, DE ABRIR, TIPO GRADE COM CHAPA, COM GUARNIÇÕES. AF_12/2019"},{"$f":"IF(C513=0,\"\",VLOOKUP(C513,BNCDADOS!$A:$G,3,0))","v":"M2"},13.67,{"$f":"IF(C513=0,\"\",VLOOKUP(C513,BNCDADOS!$A:$G,4,0))","v":"561,07"},{"$f":"IF(C513=0,\"\",VLOOKUP(C513,BNCDADOS!$A:$G,5,0))","v":693.98},9486.7000000000007,{"$f":"IF(C513=0,\"\",VLOOKUP(C513,BNCDADOS!$A:$G,6,0))","v":"559,17"},{"$f":"IF(C513=0,\"\",VLOOKUP(C513,BNCDADOS!$A:$G,7,0))","v":726.69},9933.85,{"$f":"SUMIF('MC - TRECHO 02'!A:A,Orçamento!A513,'MC - TRECHO 02'!R:R)","v":13.67}]
["3.5.6.3",{"$f":"IF(C514=0,\"\",VLOOKUP(C514,BNCDADOS!$A:$H,8,0))","v":"SINAPI/RN\nSERVIÇO"},94570,{"$f":"IF(C514=0,\"\",VLOOKUP(C514,BNCDADOS!$A:$G,2,0))","v":"JANELA DE ALUMÍNIO DE CORRER COM 2 FOLHAS PARA VIDROS, COM VIDROS, BATENTE, ACABAMENTO COM ACETATO OU BRILHANTE E FERRAGENS. EXCLUSIVE ALIZAR E CONTRAMARCO. FORNECIMENTO E INSTALAÇÃO. AF_12/2019"},{"$f":"IF(C514=0,\"\",VLOOKUP(C514,BNCDADOS!$A:$G,3,0))","v":"M2"},0.5,{"$f":"IF(C514=0,\"\",VLOOKUP(C514,BNCDADOS!$A:$G,4,0))","v":"263,31"},{"$f":"IF(C514=0,\"\",VLOOKUP(C514,BNCDADOS!$A:$G,5,0))","v":325.68},162.84,{"$f":"IF(C514=0,\"\",VLOOKUP(C514,BNCDADOS!$A:$G,6,0))","v":"261,38"},{"$f":"IF(C514=0,\"\",VLOOKUP(C514,BNCDADOS!$A:$G,7,0))","v":339.68},169.84,{"$f":"SUMIF('MC - TRECHO 02'!A:A,Orçamento!A514,'MC - TRECHO 02'!R:R)","v":0.5}]
["3.5.7",{"$f":"IF(C515=0,\"\",VLOOKUP(C515,[142]BNCDADOS!$A:$G,8,0))","v":""},null,{"$f":"'[142]MC - TRECHO 02'!D611","v":"DRENAGEM"},{"$f":"IF(C515=0,\"\",VLOOKUP(C515,[142]BNCDADOS!$A:$G,3,0))","v":""},{"$f":"TRUNC(M515,2)","v":0},{"$f":"IF(C515=0,\"\",VLOOKUP(C515,[142]BNCDADOS!$A:$G,4,0))","v":""},{"$f":"IF(C515=0,\"\",VLOOKUP(C515,[142]BNCDADOS!$A:$G,5,0))","v":""},{"$f":"SUM(I517:I519)","v":57210.979999999996},{"$f":"IF(C515=0,\"\",VLOOKUP(C515,[142]BNCDADOS!$A:$G,6,0))","v":""},{"$f":"IF(C515=0,\"\",VLOOKUP(C515,[142]BNCDADOS!$A:$G,7,0))","v":""},{"$f":"SUM(L517:L519)","v":59932.26},0]
["3.5.7.1",{"$f":"IF(C516=0,\"\",VLOOKUP(C516,BNCDADOS!$A:$H,8,0))","v":"caern"},2060193,{"$f":"IF(C516=0,\"\",VLOOKUP(C516,BNCDADOS!$A:$G,2,0))","v":"CAIXA ENTERRADA RETANGULAR EM ALVENARIA COM TIJOLOS CERÂMICOS MACIÇOS (ESPESSURA 20CM), DIMENSÕES INTERNAS: 0,8X0,8X1,5 M, INCLUSIVE ESCORAMENTO, ESCAVAÇÃO, REATERRO APILOADO, BOTA-FORA DE MATERIAL E TAMPA DE 10CM. R_11/2018"},{"$f":"IF(C516=0,\"\",VLOOKUP(C516,BNCDADOS!$A:$G,3,0))","v":"UN "},{"$f":"TRUNC(M516,2)","v":5},{"$f":"IF(C516=0,\"\",VLOOKUP(C516,BNCDADOS!$A:$G,4,0))","v":1820.24},{"$f":"IF(C516=0,\"\",VLOOKUP(C516,BNCDADOS!$A:$G,5,0))","v":2251.4499999999998},{"$f":"IF(H516=\"\",0,TRUNC(H516*F516,2))","v":11257.25},{"$f":"IF(C516=0,\"\",VLOOKUP(C516,BNCDADOS!$A:$G,6,0))","v":1734.86},{"$f":"IF(C516=0,\"\",VLOOKUP(C516,BNCDADOS!$A:$G,7,0))","v":2254.62},{"$f":"IF(K516=\"\",0,TRUNC(K516*F516,2))","v":11273.1},{"$f":"SUMIF('MC - TRECHO 02'!A:A,Orçamento!A516,'MC - TRECHO 02'!R:R)","v":5}]
["3.5.7.2",{"$f":"IF(C517=0,\"\",VLOOKUP(C517,BNCDADOS!$A:$H,8,0))","v":"SINAPI/RN\nSERVIÇO"},94871,{"$f":"IF(C517=0,\"\",VLOOKUP(C517,BNCDADOS!$A:$G,2,0))","v":"TUBO DE PEAD CORRUGADO DE DUPLA PAREDE PARA REDE COLETORA DE ESGOTO, DN 300 MM, JUNTA ELÁSTICA INTEGRADA - FORNECIMENTO E ASSENTAMENTO. AF_01/2021"},{"$f":"IF(C517=0,\"\",VLOOKUP(C517,BNCDADOS!$A:$G,3,0))","v":"M"},79.400000000000006,{"$f":"IF(C517=0,\"\",VLOOKUP(C517,BNCDADOS!$A:$G,4,0))","v":"452,78"},{"$f":"IF(C517=0,\"\",VLOOKUP(C517,BNCDADOS!$A:$G,5,0))","v":560.04},44467.17,{"$f":"IF(C517=0,\"\",VLOOKUP(C517,BNCDADOS!$A:$G,6,0))","v":"452,63"},{"$f":"IF(C517=0,\"\",VLOOKUP(C517,BNCDADOS!$A:$G,7,0))","v":588.23},46705.46,{"$f":"SUMIF('MC - TRECHO 02'!A:A,Orçamento!A517,'MC - TRECHO 02'!R:R)","v":79.400000000000006}]
["3.5.7.3",{"$f":"IF(C518=0,\"\",VLOOKUP(C518,BNCDADOS!$A:$H,8,0))","v":"SINAPI/RN\nSERVIÇO"},96624,{"$f":"IF(C518=0,\"\",VLOOKUP(C518,BNCDADOS!$A:$G,2,0))","v":"LASTRO COM MATERIAL GRANULAR (PEDRA BRITADA N.2), APLICADO EM PISOS OU LAJES SOBRE SOLO, ESPESSURA DE *10 CM*. AF_01/2024"},{"$f":"IF(C518=0,\"\",VLOOKUP(C518,BNCDADOS!$A:$G,3,0))","v":"M3"},18.97,{"$f":"IF(C518=0,\"\",VLOOKUP(C518,BNCDADOS!$A:$G,4,0))","v":"262,29"},{"$f":"IF(C518=0,\"\",VLOOKUP(C518,BNCDADOS!$A:$G,5,0))","v":324.42},6154.24,{"$f":"IF(C518=0,\"\",VLOOKUP(C518,BNCDADOS!$A:$G,6,0))","v":"256,74"},{"$f":"IF(C518=0,\"\",VLOOKUP(C518,BNCDADOS!$A:$G,7,0))","v":333.65},6329.34,{"$f":"SUMIF('MC - TRECHO 02'!A:A,Orçamento!A518,'MC - TRECHO 02'!R:R)","v":18.97}]
["3.5.7.4",{"$f":"IF(C519=0,\"\",VLOOKUP(C519,BNCDADOS!$A:$H,8,0))","v":"caern"},2120098,{"$f":"IF(C519=0,\"\",VLOOKUP(C519,BNCDADOS!$A:$G,2,0))","v":"GRADE EM BARRA DE FERRO DE 1.1/2\" X 1/2\" PARA CAIXA DE AREIA INCLUSIVE FIXAÇÃO, ESPAÇAMENTO DE 2,50CM. INC_11/2018"},{"$f":"IF(C519=0,\"\",VLOOKUP(C519,BNCDADOS!$A:$G,3,0))","v":"M²"},4.5,{"$f":"IF(C519=0,\"\",VLOOKUP(C519,BNCDADOS!$A:$G,4,0))","v":1183.8900000000001},{"$f":"IF(C519=0,\"\",VLOOKUP(C519,BNCDADOS!$A:$G,5,0))","v":1464.35},6589.57,{"$f":"IF(C519=0,\"\",VLOOKUP(C519,BNCDADOS!$A:$G,6,0))","v":1179.42},{"$f":"IF(C519=0,\"\",VLOOKUP(C519,BNCDADOS!$A:$G,7,0))","v":1532.77},6897.46,{"$f":"SUMIF('MC - TRECHO 02'!A:A,Orçamento!A519,'MC - TRECHO 02'!R:R)","v":4.5}]
["3.5.8",{"$f":"IF(C520=0,\"\",VLOOKUP(C520,[142]BNCDADOS!$A:$G,8,0))","v":""},null,{"$f":"'[142]MC - TRECHO 02'!D638","v":"PAVIMENTAÇÃO"},{"$f":"IF(C520=0,\"\",VLOOKUP(C520,[142]BNCDADOS!$A:$G,3,0))","v":""},0,{"$f":"IF(C520=0,\"\",VLOOKUP(C520,[142]BNCDADOS!$A:$G,4,0))","v":""},{"$f":"IF(C520=0,\"\",VLOOKUP(C520,[142]BNCDADOS!$A:$G,5,0))","v":""},{"$f":"SUM(I521:I524)","v":177744.39},{"$f":"IF(C520=0,\"\",VLOOKUP(C520,[142]BNCDADOS!$A:$G,6,0))","v":""},{"$f":"IF(C520=0,\"\",VLOOKUP(C520,[142]BNCDADOS!$A:$G,7,0))","v":""},{"$f":"SUM(L521:L524)","v":181931.33},0]
["3.5.8.1",{"$f":"IF(C521=0,\"\",VLOOKUP(C521,BNCDADOS!$A:$H,8,0))","v":"SINAPI/RN\nSERVIÇO"},94275,{"$f":"IF(C521=0,\"\",VLOOKUP(C521,BNCDADOS!$A:$G,2,0))","v":"ASSENTAMENTO DE GUIA (MEIO-FIO) EM TRECHO RETO, CONFECCIONADA EM CONCRETO PRÉ-FABRICADO, DIMENSÕES 100X15X13X20 CM (COMPRIMENTO X BASE INFERIOR X BASE SUPERIOR X ALTURA). AF_01/2024"},{"$f":"IF(C521=0,\"\",VLOOKUP(C521,BNCDADOS!$A:$G,3,0))","v":"M"},228.2,{"$f":"IF(C521=0,\"\",VLOOKUP(C521,BNCDADOS!$A:$G,4,0))","v":"40,32"},{"$f":"IF(C521=0,\"\",VLOOKUP(C521,BNCDADOS!$A:$G,5,0))","v":49.87},{"$f":"IF(H521=\"\",0,TRUNC(H521*F521,2))","v":11380.33},{"$f":"IF(C521=0,\"\",VLOOKUP(C521,BNCDADOS!$A:$G,6,0))","v":"39,29"},{"$f":"IF(C521=0,\"\",VLOOKUP(C521,BNCDADOS!$A:$G,7,0))","v":51.06},{"$f":"IF(K521=\"\",0,TRUNC(K521*F521,2))","v":11651.89},{"$f":"SUMIF('MC - TRECHO 02'!A:A,Orçamento!A521,'MC - TRECHO 02'!R:R)","v":228.2}]
["3.5.8.2",{"$f":"IF(C522=0,\"\",VLOOKUP(C522,BNCDADOS!$A:$H,8,0))","v":"SINAPI/RN\nSERVIÇO"},92400,{"$f":"IF(C522=0,\"\",VLOOKUP(C522,BNCDADOS!$A:$G,2,0))","v":"EXECUÇÃO DE PAVIMENTO EM PISO INTERTRAVADO, COM BLOCO RETANGULAR DE 20 X 10 CM, ESPESSURA 10 CM. AF_10/2022"},{"$f":"IF(C522=0,\"\",VLOOKUP(C522,BNCDADOS!$A:$G,3,0))","v":"M2"},643,{"$f":"IF(C522=0,\"\",VLOOKUP(C522,BNCDADOS!$A:$G,4,0))","v":"95,44"},{"$f":"IF(C522=0,\"\",VLOOKUP(C522,BNCDADOS!$A:$G,5,0))","v":118.04},75899.72,{"$f":"IF(C522=0,\"\",VLOOKUP(C522,BNCDADOS!$A:$G,6,0))","v":"93,92"},{"$f":"IF(C522=0,\"\",VLOOKUP(C522,BNCDADOS!$A:$G,7,0))","v":122.05},78478.149999999994,{"$f":"SUMIF('MC - TRECHO 02'!A:A,Orçamento!A522,'MC - TRECHO 02'!R:R)","v":643}]
["3.5.8.3",{"$f":"IF(C523=0,\"\",VLOOKUP(C523,BNCDADOS!$A:$H,8,0))","v":"SINAPI/RN\nSERVIÇO"},87640,{"$f":"IF(C523=0,\"\",VLOOKUP(C523,BNCDADOS!$A:$G,2,0))","v":"CONTRAPISO EM ARGAMASSA TRAÇO 1:4 (CIMENTO E AREIA), PREPARO MECÂNICO COM BETONEIRA 400 L, APLICADO EM ÁREAS SECAS SOBRE LAJE, ADERIDO, ACABAMENTO NÃO REFORÇADO, ESPESSURA 4CM. AF_07/2021"},{"$f":"IF(C523=0,\"\",VLOOKUP(C523,BNCDADOS!$A:$G,3,0))","v":"M2"},240.5,{"$f":"IF(C523=0,\"\",VLOOKUP(C523,BNCDADOS!$A:$G,4,0))","v":"42,90"},{"$f":"IF(C523=0,\"\",VLOOKUP(C523,BNCDADOS!$A:$G,5,0))","v":53.06},12760.93,{"$f":"IF(C523=0,\"\",VLOOKUP(C523,BNCDADOS!$A:$G,6,0))","v":"41,18"},{"$f":"IF(C523=0,\"\",VLOOKUP(C523,BNCDADOS!$A:$G,7,0))","v":53.51},12869.15,{"$f":"SUMIF('MC - TRECHO 02'!A:A,Orçamento!A523,'MC - TRECHO 02'!R:R)","v":240.5}]
["3.5.8.4",{"$f":"IF(C524=0,\"\",VLOOKUP(C524,BNCDADOS!$A:$H,8,0))","v":"SINAPI/RN\nSERVIÇO"},94990,{"$f":"IF(C524=0,\"\",VLOOKUP(C524,BNCDADOS!$A:$G,2,0))","v":"EXECUÇÃO DE PASSEIO (CALÇADA) OU PISO DE CONCRETO COM CONCRETO MOLDADO IN LOCO, FEITO EM OBRA, ACABAMENTO CONVENCIONAL, NÃO ARMADO. AF_08/2022"},{"$f":"IF(C524=0,\"\",VLOOKUP(C524,BNCDADOS!$A:$G,3,0))","v":"M3"},80.52,{"$f":"IF(C524=0,\"\",VLOOKUP(C524,BNCDADOS!$A:$G,4,0))","v":"780,20"},{"$f":"IF(C524=0,\"\",VLOOKUP(C524,BNCDADOS!$A:$G,5,0))","v":965.02},77703.41,{"$f":"IF(C524=0,\"\",VLOOKUP(C524,BNCDADOS!$A:$G,6,0))","v":"754,30"},{"$f":"IF(C524=0,\"\",VLOOKUP(C524,BNCDADOS!$A:$G,7,0))","v":980.28},78932.14,{"$f":"SUMIF('MC - TRECHO 02'!A:A,Orçamento!A524,'MC - TRECHO 02'!R:R)","v":80.52}]
["3.5.9",{"$f":"IF(C525=0,\"\",VLOOKUP(C525,[142]BNCDADOS!$A:$G,8,0))","v":""},null,{"$f":"'[142]MC - TRECHO 02'!D667","v":"PINTURA"},{"$f":"IF(C525=0,\"\",VLOOKUP(C525,[142]BNCDADOS!$A:$G,3,0))","v":""},{"$f":"TRUNC(M525,2)","v":0},{"$f":"IF(C525=0,\"\",VLOOKUP(C525,[142]BNCDADOS!$A:$G,4,0))","v":""},{"$f":"IF(C525=0,\"\",VLOOKUP(C525,[142]BNCDADOS!$A:$G,5,0))","v":""},{"$f":"SUM(I527:I530)","v":39568.03},{"$f":"IF(C525=0,\"\",VLOOKUP(C525,[142]BNCDADOS!$A:$G,6,0))","v":""},{"$f":"IF(C525=0,\"\",VLOOKUP(C525,[142]BNCDADOS!$A:$G,7,0))","v":""},{"$f":"SUM(L527:L530)","v":39088.199999999997},0]
["3.5.9.1",{"$f":"IF(C526=0,\"\",VLOOKUP(C526,BNCDADOS!$A:$H,8,0))","v":"SINAPI/RN\nSERVIÇO"},88485,{"$f":"IF(C526=0,\"\",VLOOKUP(C526,BNCDADOS!$A:$G,2,0))","v":"FUNDO SELADOR ACRÍLICO, APLICAÇÃO MANUAL EM PAREDE, UMA DEMÃO. AF_04/2023"},{"$f":"IF(C526=0,\"\",VLOOKUP(C526,BNCDADOS!$A:$G,3,0))","v":"M2"},{"$f":"TRUNC(M526,2)","v":2642.72},{"$f":"IF(C526=0,\"\",VLOOKUP(C526,BNCDADOS!$A:$G,4,0))","v":"3,30"},{"$f":"IF(C526=0,\"\",VLOOKUP(C526,BNCDADOS!$A:$G,5,0))","v":4.08},{"$f":"IF(H526=\"\",0,TRUNC(H526*F526,2))","v":10782.29},{"$f":"IF(C526=0,\"\",VLOOKUP(C526,BNCDADOS!$A:$G,6,0))","v":"3,06"},{"$f":"IF(C526=0,\"\",VLOOKUP(C526,BNCDADOS!$A:$G,7,0))","v":3.97},{"$f":"IF(K526=\"\",0,TRUNC(K526*F526,2))","v":10491.59},{"$f":"SUMIF('MC - TRECHO 02'!A:A,Orçamento!A526,'MC - TRECHO 02'!R:R)","v":2642.7200000000003}]
["3.5.9.2",{"$f":"IF(C527=0,\"\",VLOOKUP(C527,BNCDADOS!$A:$H,8,0))","v":"SINAPI/RN\nSERVIÇO"},104642,{"$f":"IF(C527=0,\"\",VLOOKUP(C527,BNCDADOS!$A:$G,2,0))","v":"PINTURA LÁTEX ACRÍLICA STANDARD, APLICAÇÃO MANUAL EM PAREDES, DUAS DEMÃOS. AF_04/2023"},{"$f":"IF(C527=0,\"\",VLOOKUP(C527,BNCDADOS!$A:$G,3,0))","v":"M2"},2642.72,{"$f":"IF(C527=0,\"\",VLOOKUP(C527,BNCDADOS!$A:$G,4,0))","v":"10,29"},{"$f":"IF(C527=0,\"\",VLOOKUP(C527,BNCDADOS!$A:$G,5,0))","v":12.72},33615.39,{"$f":"IF(C527=0,\"\",VLOOKUP(C527,BNCDADOS!$A:$G,6,0))","v":"9,70"},{"$f":"IF(C527=0,\"\",VLOOKUP(C527,BNCDADOS!$A:$G,7,0))","v":12.6},33298.269999999997,{"$f":"SUMIF('MC - TRECHO 02'!A:A,Orçamento!A527,'MC - TRECHO 02'!R:R)","v":2642.7200000000003}]
["3.5.9.3",{"$f":"IF(C528=0,\"\",VLOOKUP(C528,BNCDADOS!$A:$H,8,0))","v":"SINAPI/RN\nSERVIÇO"},100720,{"$f":"IF(C528=0,\"\",VLOOKUP(C528,BNCDADOS!$A:$G,2,0))","v":"PINTURA COM TINTA ALQUÍDICA DE FUNDO (TIPO ZARCÃO) APLICADA A ROLO OU PINCEL SOBRE PERFIL METÁLICO EXECUTADO EM FÁBRICA (POR DEMÃO). AF_01/2020"},{"$f":"IF(C528=0,\"\",VLOOKUP(C528,BNCDADOS!$A:$G,3,0))","v":"M2"},37.14,{"$f":"IF(C528=0,\"\",VLOOKUP(C528,BNCDADOS!$A:$G,4,0))","v":"10,27"},{"$f":"IF(C528=0,\"\",VLOOKUP(C528,BNCDADOS!$A:$G,5,0))","v":12.7},471.67,{"$f":"IF(C528=0,\"\",VLOOKUP(C528,BNCDADOS!$A:$G,6,0))","v":"9,65"},{"$f":"IF(C528=0,\"\",VLOOKUP(C528,BNCDADOS!$A:$G,7,0))","v":12.54},465.73,{"$f":"SUMIF('MC - TRECHO 02'!A:A,Orçamento!A528,'MC - TRECHO 02'!R:R)","v":37.14}]
["3.5.9.4",{"$f":"IF(C529=0,\"\",VLOOKUP(C529,BNCDADOS!$A:$H,8,0))","v":"SINAPI/RN\nSERVIÇO"},100758,{"$f":"IF(C529=0,\"\",VLOOKUP(C529,BNCDADOS!$A:$G,2,0))","v":"PINTURA COM TINTA ALQUÍDICA DE ACABAMENTO (ESMALTE SINTÉTICO ACETINADO) APLICADA A ROLO OU PINCEL SOBRE SUPERFÍCIES METÁLICAS (EXCETO PERFIL) EXECUTADO EM OBRA (02 DEMÃOS). AF_01/2020"},{"$f":"IF(C529=0,\"\",VLOOKUP(C529,BNCDADOS!$A:$G,3,0))","v":"M2"},37.14,{"$f":"IF(C529=0,\"\",VLOOKUP(C529,BNCDADOS!$A:$G,4,0))","v":"48,50"},{"$f":"IF(C529=0,\"\",VLOOKUP(C529,BNCDADOS!$A:$G,5,0))","v":59.98},2227.65,{"$f":"IF(C529=0,\"\",VLOOKUP(C529,BNCDADOS!$A:$G,6,0))","v":"44,55"},{"$f":"IF(C529=0,\"\",VLOOKUP(C529,BNCDADOS!$A:$G,7,0))","v":57.89},2150.0300000000002,{"$f":"SUMIF('MC - TRECHO 02'!A:A,Orçamento!A529,'MC - TRECHO 02'!R:R)","v":37.14}]
["3.5.9.5",{"$f":"IF(C530=0,\"\",VLOOKUP(C530,BNCDADOS!$A:$H,8,0))","v":"SINAPI/RN\nSERVIÇO"},102203,{"$f":"IF(C530=0,\"\",VLOOKUP(C530,BNCDADOS!$A:$G,2,0))","v":"PINTURA VERNIZ (INCOLOR) ALQUÍDICO EM MADEIRA, USO INTERNO E EXTERNO, 1 DEMÃO. AF_01/2021"},{"$f":"IF(C530=0,\"\",VLOOKUP(C530,BNCDADOS!$A:$G,3,0))","v":"M2"},272.93,{"$f":"IF(C530=0,\"\",VLOOKUP(C530,BNCDADOS!$A:$G,4,0))","v":"9,64"},{"$f":"IF(C530=0,\"\",VLOOKUP(C530,BNCDADOS!$A:$G,5,0))","v":11.92},3253.32,{"$f":"IF(C530=0,\"\",VLOOKUP(C530,BNCDADOS!$A:$G,6,0))","v":"8,95"},{"$f":"IF(C530=0,\"\",VLOOKUP(C530,BNCDADOS!$A:$G,7,0))","v":11.63},3174.17,{"$f":"SUMIF('MC - TRECHO 02'!A:A,Orçamento!A530,'MC - TRECHO 02'!R:R)","v":272.9375}]
["3.5.10",{"$f":"IF(C531=0,\"\",VLOOKUP(C531,[142]BNCDADOS!$A:$G,8,0))","v":""},null,{"$f":"'[142]MC - TRECHO 02'!D698","v":"INSTALAÇÕES ELÉTRICAS"},{"$f":"IF(C531=0,\"\",VLOOKUP(C531,[142]BNCDADOS!$A:$G,3,0))","v":""},0,{"$f":"IF(C531=0,\"\",VLOOKUP(C531,[142]BNCDADOS!$A:$G,4,0))","v":""},{"$f":"IF(C531=0,\"\",VLOOKUP(C531,[142]BNCDADOS!$A:$G,5,0))","v":""},{"$f":"SUM(I533:I550)","v":220188.84000000003},{"$f":"IF(C531=0,\"\",VLOOKUP(C531,[142]BNCDADOS!$A:$G,6,0))","v":""},{"$f":"IF(C531=0,\"\",VLOOKUP(C531,[142]BNCDADOS!$A:$G,7,0))","v":""},{"$f":"SUM(L533:L550)","v":225630.58999999997},0]
["3.5.10.1",{"$f":"IF(C532=0,\"\",VLOOKUP(C532,BNCDADOS!$A:$H,8,0))","v":0},"COMP 27",{"$f":"IF(C532=0,\"\",VLOOKUP(C532,BNCDADOS!$A:$G,2,0))","v":"INSTALAÇÃO DE POSTE DE ENTRADA DE ENERGIA PARA SUBSTAÇÃO ABRIGADA, PROTEÇÃO GERAL, POSTES, CRUZETAS, E CAIXA DE PASSAGEM"},{"$f":"IF(C532=0,\"\",VLOOKUP(C532,BNCDADOS!$A:$G,3,0))","v":"UN"},1,{"$f":"IF(C532=0,\"\",VLOOKUP(C532,BNCDADOS!$A:$G,4,0))","v":14431.300000000001},{"$f":"IF(C532=0,\"\",VLOOKUP(C532,BNCDADOS!$A:$G,5,0))","v":17850.07},{"$f":"IF(H532=\"\",0,TRUNC(H532*F532,2))","v":17850.07},{"$f":"IF(C532=0,\"\",VLOOKUP(C532,BNCDADOS!$A:$G,6,0))","v":14205.919999999998},{"$f":"IF(C532=0,\"\",VLOOKUP(C532,BNCDADOS!$A:$G,7,0))","v":18462.009999999998},{"$f":"IF(K532=\"\",0,TRUNC(K532*F532,2))","v":18462.009999999998},{"$f":"SUMIF('MC - TRECHO 02'!A:A,Orçamento!A532,'MC - TRECHO 02'!R:R)","v":1}]
["3.5.10.2",{"$f":"IF(C533=0,\"\",VLOOKUP(C533,BNCDADOS!$A:$H,8,0))","v":"SINAPI/RN\nSERVIÇO"},93000,{"$f":"IF(C533=0,\"\",VLOOKUP(C533,BNCDADOS!$A:$G,2,0))","v":"CABO DE COBRE FLEXÍVEL ISOLADO, 240 MM², ANTI-CHAMA 0,6/1,0 KV, PARA REDE ENTERRADA DE DISTRIBUIÇÃO DE ENERGIA ELÉTRICA - FORNECIMENTO E INSTALAÇÃO. AF_12/2021"},{"$f":"IF(C533=0,\"\",VLOOKUP(C533,BNCDADOS!$A:$G,3,0))","v":"M"},416,{"$f":"IF(C533=0,\"\",VLOOKUP(C533,BNCDADOS!$A:$G,4,0))","v":"293,85"},{"$f":"IF(C533=0,\"\",VLOOKUP(C533,BNCDADOS!$A:$G,5,0))","v":363.46},151199.35999999999,{"$f":"IF(C533=0,\"\",VLOOKUP(C533,BNCDADOS!$A:$G,6,0))","v":"292,50"},{"$f":"IF(C533=0,\"\",VLOOKUP(C533,BNCDADOS!$A:$G,7,0))","v":380.13},158134.07999999999,{"$f":"SUMIF('MC - TRECHO 02'!A:A,Orçamento!A533,'MC - TRECHO 02'!R:R)","v":416}]
["3.5.10.3",{"$f":"IF(C534=0,\"\",VLOOKUP(C534,BNCDADOS!$A:$H,8,0))","v":"SINAPI/RN\nSERVIÇO"},91931,{"$f":"IF(C534=0,\"\",VLOOKUP(C534,BNCDADOS!$A:$G,2,0))","v":"CABO DE COBRE FLEXÍVEL ISOLADO, 6 MM², ANTI-CHAMA 0,6/1,0 KV, PARA CIRCUITOS TERMINAIS - FORNECIMENTO E INSTALAÇÃO. AF_03/2023"},{"$f":"IF(C534=0,\"\",VLOOKUP(C534,BNCDADOS!$A:$G,3,0))","v":"M"},15,{"$f":"IF(C534=0,\"\",VLOOKUP(C534,BNCDADOS!$A:$G,4,0))","v":"11,29"},{"$f":"IF(C534=0,\"\",VLOOKUP(C534,BNCDADOS!$A:$G,5,0))","v":13.96},209.4,{"$f":"IF(C534=0,\"\",VLOOKUP(C534,BNCDADOS!$A:$G,6,0))","v":"11,02"},{"$f":"IF(C534=0,\"\",VLOOKUP(C534,BNCDADOS!$A:$G,7,0))","v":14.32},214.8,{"$f":"SUMIF('MC - TRECHO 02'!A:A,Orçamento!A534,'MC - TRECHO 02'!R:R)","v":15}]
["3.5.10.4",{"$f":"IF(C535=0,\"\",VLOOKUP(C535,BNCDADOS!$A:$H,8,0))","v":"SINAPI/RN\nSERVIÇO"},91929,{"$f":"IF(C535=0,\"\",VLOOKUP(C535,BNCDADOS!$A:$G,2,0))","v":"CABO DE COBRE FLEXÍVEL ISOLADO, 4 MM², ANTI-CHAMA 0,6/1,0 KV, PARA CIRCUITOS TERMINAIS - FORNECIMENTO E INSTALAÇÃO. AF_03/2023"},{"$f":"IF(C535=0,\"\",VLOOKUP(C535,BNCDADOS!$A:$G,3,0))","v":"M"},115.5,{"$f":"IF(C535=0,\"\",VLOOKUP(C535,BNCDADOS!$A:$G,4,0))","v":"7,98"},{"$f":"IF(C535=0,\"\",VLOOKUP(C535,BNCDADOS!$A:$G,5,0))","v":9.8699999999999992},1139.98,{"$f":"IF(C535=0,\"\",VLOOKUP(C535,BNCDADOS!$A:$G,6,0))","v":"7,76"},{"$f":"IF(C535=0,\"\",VLOOKUP(C535,BNCDADOS!$A:$G,7,0))","v":10.08},1164.24,{"$f":"SUMIF('MC - TRECHO 02'!A:A,Orçamento!A535,'MC - TRECHO 02'!R:R)","v":115.5}]
["3.5.10.5",{"$f":"IF(C536=0,\"\",VLOOKUP(C536,BNCDADOS!$A:$H,8,0))","v":"SINAPI/RN\nSERVIÇO"},91927,{"$f":"IF(C536=0,\"\",VLOOKUP(C536,BNCDADOS!$A:$G,2,0))","v":"CABO DE COBRE FLEXÍVEL ISOLADO, 2,5 MM², ANTI-CHAMA 0,6/1,0 KV, PARA CIRCUITOS TERMINAIS - FORNECIMENTO E INSTALAÇÃO. AF_03/2023"},{"$f":"IF(C536=0,\"\",VLOOKUP(C536,BNCDADOS!$A:$G,3,0))","v":"M"},90,{"$f":"IF(C536=0,\"\",VLOOKUP(C536,BNCDADOS!$A:$G,4,0))","v":"5,38"},{"$f":"IF(C536=0,\"\",VLOOKUP(C536,BNCDADOS!$A:$G,5,0))","v":6.65},598.5,{"$f":"IF(C536=0,\"\",VLOOKUP(C536,BNCDADOS!$A:$G,6,0))","v":"5,22"},{"$f":"IF(C536=0,\"\",VLOOKUP(C536,BNCDADOS!$A:$G,7,0))","v":6.78},610.20000000000005,{"$f":"SUMIF('MC - TRECHO 02'!A:A,Orçamento!A536,'MC - TRECHO 02'!R:R)","v":90}]
["3.5.10.6",{"$f":"IF(C537=0,\"\",VLOOKUP(C537,BNCDADOS!$A:$H,8,0))","v":"SINAPI/RN\nSERVIÇO"},91854,{"$f":"IF(C537=0,\"\",VLOOKUP(C537,BNCDADOS!$A:$G,2,0))","v":"ELETRODUTO FLEXÍVEL CORRUGADO, PVC, DN 25 MM (3/4\"), PARA CIRCUITOS TERMINAIS, INSTALADO EM PAREDE - FORNECIMENTO E INSTALAÇÃO. AF_03/2023"},{"$f":"IF(C537=0,\"\",VLOOKUP(C537,BNCDADOS!$A:$G,3,0))","v":"M"},5.5,{"$f":"IF(C537=0,\"\",VLOOKUP(C537,BNCDADOS!$A:$G,4,0))","v":"8,73"},{"$f":"IF(C537=0,\"\",VLOOKUP(C537,BNCDADOS!$A:$G,5,0))","v":10.79},59.34,{"$f":"IF(C537=0,\"\",VLOOKUP(C537,BNCDADOS!$A:$G,6,0))","v":"8,01"},{"$f":"IF(C537=0,\"\",VLOOKUP(C537,BNCDADOS!$A:$G,7,0))","v":10.4},57.2,{"$f":"SUMIF('MC - TRECHO 02'!A:A,Orçamento!A537,'MC - TRECHO 02'!R:R)","v":5.5}]
["3.5.10.7",{"$f":"IF(C538=0,\"\",VLOOKUP(C538,BNCDADOS!$A:$H,8,0))","v":"SINAPI/RN\nSERVIÇO"},95728,{"$f":"IF(C538=0,\"\",VLOOKUP(C538,BNCDADOS!$A:$G,2,0))","v":"ELETRODUTO RÍGIDO SOLDÁVEL, PVC, DN 32 MM (1\u0094), APARENTE - FORNECIMENTO E INSTALAÇÃO. AF_10/2022_PA"},{"$f":"IF(C538=0,\"\",VLOOKUP(C538,BNCDADOS!$A:$G,3,0))","v":"M"},38,{"$f":"IF(C538=0,\"\",VLOOKUP(C538,BNCDADOS!$A:$G,4,0))","v":"23,88"},{"$f":"IF(C538=0,\"\",VLOOKUP(C538,BNCDADOS!$A:$G,5,0))","v":29.53},1122.1400000000001,{"$f":"IF(C538=0,\"\",VLOOKUP(C538,BNCDADOS!$A:$G,6,0))","v":"22,13"},{"$f":"IF(C538=0,\"\",VLOOKUP(C538,BNCDADOS!$A:$G,7,0))","v":28.76},1092.8800000000001,{"$f":"SUMIF('MC - TRECHO 02'!A:A,Orçamento!A538,'MC - TRECHO 02'!R:R)","v":38}]
["3.5.10.8",{"$f":"IF(C539=0,\"\",VLOOKUP(C539,BNCDADOS!$A:$H,8,0))","v":"SINAPI/RN\nSERVIÇO"},93011,{"$f":"IF(C539=0,\"\",VLOOKUP(C539,BNCDADOS!$A:$G,2,0))","v":"ELETRODUTO RÍGIDO ROSCÁVEL, PVC, DN 85 MM (3\"), PARA REDE ENTERRADA DE DISTRIBUIÇÃO DE ENERGIA ELÉTRICA - FORNECIMENTO E INSTALAÇÃO. AF_12/2021"},{"$f":"IF(C539=0,\"\",VLOOKUP(C539,BNCDADOS!$A:$G,3,0))","v":"M"},25.5,{"$f":"IF(C539=0,\"\",VLOOKUP(C539,BNCDADOS!$A:$G,4,0))","v":"34,98"},{"$f":"IF(C539=0,\"\",VLOOKUP(C539,BNCDADOS!$A:$G,5,0))","v":43.26},1103.1300000000001,{"$f":"IF(C539=0,\"\",VLOOKUP(C539,BNCDADOS!$A:$G,6,0))","v":"34,06"},{"$f":"IF(C539=0,\"\",VLOOKUP(C539,BNCDADOS!$A:$G,7,0))","v":44.26},1128.6300000000001,{"$f":"SUMIF('MC - TRECHO 02'!A:A,Orçamento!A539,'MC - TRECHO 02'!R:R)","v":25.5}]
["3.5.10.9",{"$f":"IF(C540=0,\"\",VLOOKUP(C540,BNCDADOS!$A:$H,8,0))","v":"SINAPI/RN\nSERVIÇO"},97882,{"$f":"IF(C540=0,\"\",VLOOKUP(C540,BNCDADOS!$A:$G,2,0))","v":"CAIXA ENTERRADA ELÉTRICA RETANGULAR, EM CONCRETO PRÉ-MOLDADO, FUNDO COM BRITA, DIMENSÕES INTERNAS: 0,4X0,4X0,4 M. AF_12/2020"},{"$f":"IF(C540=0,\"\",VLOOKUP(C540,BNCDADOS!$A:$G,3,0))","v":"UN"},9,{"$f":"IF(C540=0,\"\",VLOOKUP(C540,BNCDADOS!$A:$G,4,0))","v":"215,84"},{"$f":"IF(C540=0,\"\",VLOOKUP(C540,BNCDADOS!$A:$G,5,0))","v":266.97000000000003},2402.73,{"$f":"IF(C540=0,\"\",VLOOKUP(C540,BNCDADOS!$A:$G,6,0))","v":"212,07"},{"$f":"IF(C540=0,\"\",VLOOKUP(C540,BNCDADOS!$A:$G,7,0))","v":275.60000000000002},2480.4,{"$f":"SUMIF('MC - TRECHO 02'!A:A,Orçamento!A540,'MC - TRECHO 02'!R:R)","v":9}]
["3.5.10.10",{"$f":"IF(C541=0,\"\",VLOOKUP(C541,BNCDADOS!$A:$H,8,0))","v":"caern"},2070408,{"$f":"IF(C541=0,\"\",VLOOKUP(C541,BNCDADOS!$A:$G,2,0))","v":"CONJUNTO ILUMINAÇÃO EXTERNA TIPO PÉTALA COM 02 REFLETORES LED DE 100 W E POSTE CIRCULAR DE 9M EM CONCRETO. INC_05/2020"},{"$f":"IF(C541=0,\"\",VLOOKUP(C541,BNCDADOS!$A:$G,3,0))","v":"UN "},2,{"$f":"IF(C541=0,\"\",VLOOKUP(C541,BNCDADOS!$A:$G,4,0))","v":2500.1600000000003},{"$f":"IF(C541=0,\"\",VLOOKUP(C541,BNCDADOS!$A:$G,5,0))","v":3092.44},6184.88,{"$f":"IF(C541=0,\"\",VLOOKUP(C541,BNCDADOS!$A:$G,6,0))","v":2464.5500000000006},{"$f":"IF(C541=0,\"\",VLOOKUP(C541,BNCDADOS!$A:$G,7,0))","v":3202.92},6405.84,{"$f":"SUMIF('MC - TRECHO 02'!A:A,Orçamento!A541,'MC - TRECHO 02'!R:R)","v":2}]
["3.5.10.11",{"$f":"IF(C542=0,\"\",VLOOKUP(C542,BNCDADOS!$A:$H,8,0))","v":0},"COMP 28",{"$f":"IF(C542=0,\"\",VLOOKUP(C542,BNCDADOS!$A:$G,2,0))","v":"SERVIÇOS DE MONTAGEM E INSTALAÇÃO DA SUBSTAÇÃO ABRIGADA DA EEAT COM CARGA TOTAL DE 1500KVA"},{"$f":"IF(C542=0,\"\",VLOOKUP(C542,BNCDADOS!$A:$G,3,0))","v":"UN"},1,{"$f":"IF(C542=0,\"\",VLOOKUP(C542,BNCDADOS!$A:$G,4,0))","v":38978.080000000002},{"$f":"IF(C542=0,\"\",VLOOKUP(C542,BNCDADOS!$A:$G,5,0))","v":48211.98},48211.98,{"$f":"IF(C542=0,\"\",VLOOKUP(C542,BNCDADOS!$A:$G,6,0))","v":35473.760000000002},{"$f":"IF(C542=0,\"\",VLOOKUP(C542,BNCDADOS!$A:$G,7,0))","v":46101.69},46101.69,{"$f":"SUMIF('MC - TRECHO 02'!A:A,Orçamento!A542,'MC - TRECHO 02'!R:R)","v":1}]
["3.5.10.12",{"$f":"IF(C543=0,\"\",VLOOKUP(C543,BNCDADOS!$A:$H,8,0))","v":"SINAPI/RN\nSERVIÇO"},96977,{"$f":"IF(C543=0,\"\",VLOOKUP(C543,BNCDADOS!$A:$G,2,0))","v":"CORDOALHA DE COBRE NU 50 MM², ENTERRADA - FORNECIMENTO E INSTALAÇÃO. AF_08/2023"},{"$f":"IF(C543=0,\"\",VLOOKUP(C543,BNCDADOS!$A:$G,3,0))","v":"M"},32.200000000000003,{"$f":"IF(C543=0,\"\",VLOOKUP(C543,BNCDADOS!$A:$G,4,0))","v":"66,73"},{"$f":"IF(C543=0,\"\",VLOOKUP(C543,BNCDADOS!$A:$G,5,0))","v":82.53},2657.46,{"$f":"IF(C543=0,\"\",VLOOKUP(C543,BNCDADOS!$A:$G,6,0))","v":"66,56"},{"$f":"IF(C543=0,\"\",VLOOKUP(C543,BNCDADOS!$A:$G,7,0))","v":86.5},2785.3,{"$f":"SUMIF('MC - TRECHO 02'!A:A,Orçamento!A543,'MC - TRECHO 02'!R:R)","v":32.200000000000003}]
["3.5.10.13",{"$f":"IF(C544=0,\"\",VLOOKUP(C544,BNCDADOS!$A:$H,8,0))","v":"SINAPI/RN\nSERVIÇO"},96986,{"$f":"IF(C544=0,\"\",VLOOKUP(C544,BNCDADOS!$A:$G,2,0))","v":"HASTE DE ATERRAMENTO, DIÂMETRO 3/4\", COM 3 METROS - FORNECIMENTO E INSTALAÇÃO. AF_08/2023"},{"$f":"IF(C544=0,\"\",VLOOKUP(C544,BNCDADOS!$A:$G,3,0))","v":"UN"},6,{"$f":"IF(C544=0,\"\",VLOOKUP(C544,BNCDADOS!$A:$G,4,0))","v":"152,63"},{"$f":"IF(C544=0,\"\",VLOOKUP(C544,BNCDADOS!$A:$G,5,0))","v":188.78},1132.68,{"$f":"IF(C544=0,\"\",VLOOKUP(C544,BNCDADOS!$A:$G,6,0))","v":"150,55"},{"$f":"IF(C544=0,\"\",VLOOKUP(C544,BNCDADOS!$A:$G,7,0))","v":195.65},1173.9000000000001,{"$f":"SUMIF('MC - TRECHO 02'!A:A,Orçamento!A544,'MC - TRECHO 02'!R:R)","v":6}]
["3.5.10.14",{"$f":"IF(C545=0,\"\",VLOOKUP(C545,BNCDADOS!$A:$H,8,0))","v":"SINAPI/RN\nINSUMOS"},34641,{"$f":"IF(C545=0,\"\",VLOOKUP(C545,BNCDADOS!$A:$G,2,0))","v":"CAIXA DE ATERRAMENTO EM CONCRETO PRE-MOLDADO, DIAMETRO DE 0,30 M E ALTURA DE 0,35 M, SEM FUNDO E COM TAMPA                                                                                                                                                                                                                                                                                                                                                                                                "},{"$f":"IF(C545=0,\"\",VLOOKUP(C545,BNCDADOS!$A:$G,3,0))","v":"UN    "},6,{"$f":"IF(C545=0,\"\",VLOOKUP(C545,BNCDADOS!$A:$G,4,0))","v":"107,66"},{"$f":"TRUNC(G545*$I$4,2)","v":25.5},153,{"$f":"IF(C545=0,\"\",VLOOKUP(C545,BNCDADOS!$A:$G,6,0))","v":"107,66"},{"$f":"TRUNC(J545*$L$4,2)","v":32.25},193.5,{"$f":"SUMIF('MC - TRECHO 02'!A:A,Orçamento!A545,'MC - TRECHO 02'!R:R)","v":6}]
["3.5.10.15",{"$f":"IF(C546=0,\"\",VLOOKUP(C546,BNCDADOS!$A:$H,8,0))","v":"SINAPI/RN\nSERVIÇO"},104750,{"$f":"IF(C546=0,\"\",VLOOKUP(C546,BNCDADOS!$A:$G,2,0))","v":"CONECTOR GRAMPO METÁLICO TIPO OLHAL, PARA SPDA, PARA HASTE DE ATERRAMENTO DE 5/8'' E CABOS DE 10 A 50 MM2 - FORNECIMENTO E INSTALAÇÃO. AF_08/2023"},{"$f":"IF(C546=0,\"\",VLOOKUP(C546,BNCDADOS!$A:$G,3,0))","v":"UN"},6,{"$f":"IF(C546=0,\"\",VLOOKUP(C546,BNCDADOS!$A:$G,4,0))","v":"18,06"},{"$f":"IF(C546=0,\"\",VLOOKUP(C546,BNCDADOS!$A:$G,5,0))","v":22.33},133.97999999999999,{"$f":"IF(C546=0,\"\",VLOOKUP(C546,BNCDADOS!$A:$G,6,0))","v":"17,06"},{"$f":"IF(C546=0,\"\",VLOOKUP(C546,BNCDADOS!$A:$G,7,0))","v":22.17},133.02000000000001,{"$f":"SUMIF('MC - TRECHO 02'!A:A,Orçamento!A546,'MC - TRECHO 02'!R:R)","v":6}]
["3.5.10.16",{"$f":"IF(C547=0,\"\",VLOOKUP(C547,BNCDADOS!$A:$H,8,0))","v":"SINAPI/RN\nSERVIÇO"},96973,{"$f":"IF(C547=0,\"\",VLOOKUP(C547,BNCDADOS!$A:$G,2,0))","v":"CORDOALHA DE COBRE NU 35 MM², NÃO ENTERRADA, COM ISOLADOR - FORNECIMENTO E INSTALAÇÃO. AF_08/2023"},{"$f":"IF(C547=0,\"\",VLOOKUP(C547,BNCDADOS!$A:$G,3,0))","v":"M"},35,{"$f":"IF(C547=0,\"\",VLOOKUP(C547,BNCDADOS!$A:$G,4,0))","v":"76,41"},{"$f":"IF(C547=0,\"\",VLOOKUP(C547,BNCDADOS!$A:$G,5,0))","v":94.51},3307.85,{"$f":"IF(C547=0,\"\",VLOOKUP(C547,BNCDADOS!$A:$G,6,0))","v":"73,96"},{"$f":"IF(C547=0,\"\",VLOOKUP(C547,BNCDADOS!$A:$G,7,0))","v":96.11},3363.85,{"$f":"SUMIF('MC - TRECHO 02'!A:A,Orçamento!A547,'MC - TRECHO 02'!R:R)","v":35}]
["3.5.10.17",{"$f":"IF(C548=0,\"\",VLOOKUP(C548,BNCDADOS!$A:$H,8,0))","v":"SINAPI/RN\nSERVIÇO"},96987,{"$f":"IF(C548=0,\"\",VLOOKUP(C548,BNCDADOS!$A:$G,2,0))","v":"BASE METÁLICA PARA MASTRO 1 ½\"  PARA SPDA - FORNECIMENTO E INSTALAÇÃO. AF_08/2023"},{"$f":"IF(C548=0,\"\",VLOOKUP(C548,BNCDADOS!$A:$G,3,0))","v":"UN"},1,{"$f":"IF(C548=0,\"\",VLOOKUP(C548,BNCDADOS!$A:$G,4,0))","v":"129,68"},{"$f":"IF(C548=0,\"\",VLOOKUP(C548,BNCDADOS!$A:$G,5,0))","v":160.4},160.4,{"$f":"IF(C548=0,\"\",VLOOKUP(C548,BNCDADOS!$A:$G,6,0))","v":"123,32"},{"$f":"IF(C548=0,\"\",VLOOKUP(C548,BNCDADOS!$A:$G,7,0))","v":160.26},160.26,{"$f":"SUMIF('MC - TRECHO 02'!A:A,Orçamento!A548,'MC - TRECHO 02'!R:R)","v":1}]
["3.5.10.18",{"$f":"IF(C549=0,\"\",VLOOKUP(C549,BNCDADOS!$A:$H,8,0))","v":"SINAPI/RN\nSERVIÇO"},96988,{"$f":"IF(C549=0,\"\",VLOOKUP(C549,BNCDADOS!$A:$G,2,0))","v":"MASTRO 1 ½\", COM 3 METROS, PARA SPDA - FORNECIMENTO E INSTALAÇÃO. AF_08/2023"},{"$f":"IF(C549=0,\"\",VLOOKUP(C549,BNCDADOS!$A:$G,3,0))","v":"UN"},1,{"$f":"IF(C549=0,\"\",VLOOKUP(C549,BNCDADOS!$A:$G,4,0))","v":"181,32"},{"$f":"IF(C549=0,\"\",VLOOKUP(C549,BNCDADOS!$A:$G,5,0))","v":224.27},224.27,{"$f":"IF(C549=0,\"\",VLOOKUP(C549,BNCDADOS!$A:$G,6,0))","v":"180,42"},{"$f":"IF(C549=0,\"\",VLOOKUP(C549,BNCDADOS!$A:$G,7,0))","v":234.47},234.47,{"$f":"SUMIF('MC - TRECHO 02'!A:A,Orçamento!A549,'MC - TRECHO 02'!R:R)","v":1}]
["3.5.10.19",{"$f":"IF(C550=0,\"\",VLOOKUP(C550,BNCDADOS!$A:$H,8,0))","v":"SINAPI/RN\nSERVIÇO"},96989,{"$f":"IF(C550=0,\"\",VLOOKUP(C550,BNCDADOS!$A:$G,2,0))","v":"CAPTOR TIPO FRANKLIN PARA SPDA - FORNECIMENTO E INSTALAÇÃO. AF_08/2023"},{"$f":"IF(C550=0,\"\",VLOOKUP(C550,BNCDADOS!$A:$G,3,0))","v":"UN"},1,{"$f":"IF(C550=0,\"\",VLOOKUP(C550,BNCDADOS!$A:$G,4,0))","v":"151,80"},{"$f":"IF(C550=0,\"\",VLOOKUP(C550,BNCDADOS!$A:$G,5,0))","v":187.76},187.76,{"$f":"IF(C550=0,\"\",VLOOKUP(C550,BNCDADOS!$A:$G,6,0))","v":"151,07"},{"$f":"IF(C550=0,\"\",VLOOKUP(C550,BNCDADOS!$A:$G,7,0))","v":196.33},196.33,{"$f":"SUMIF('MC - TRECHO 02'!A:A,Orçamento!A550,'MC - TRECHO 02'!R:R)","v":1}]
["3.5.11",{"$f":"IF(C551=0,\"\",VLOOKUP(C551,[142]BNCDADOS!$A:$G,8,0))","v":""},null,{"$f":"'[142]MC - TRECHO 02'!D783","v":"MONTAGENS ELETROMECÂNICAS"},{"$f":"IF(C551=0,\"\",VLOOKUP(C551,[142]BNCDADOS!$A:$G,3,0))","v":""},{"$f":"TRUNC(M551,2)","v":0},{"$f":"IF(C551=0,\"\",VLOOKUP(C551,[142]BNCDADOS!$A:$G,4,0))","v":""},{"$f":"IF(C551=0,\"\",VLOOKUP(C551,[142]BNCDADOS!$A:$G,5,0))","v":""},{"$f":"SUM(I552)","v":5293.08},{"$f":"IF(C551=0,\"\",VLOOKUP(C551,[142]BNCDADOS!$A:$G,6,0))","v":""},{"$f":"IF(C551=0,\"\",VLOOKUP(C551,[142]BNCDADOS!$A:$G,7,0))","v":""},{"$f":"SUM(L552)","v":4995.08}]
["3.5.11.1",{"$f":"IF(C552=0,\"\",VLOOKUP(C552,BNCDADOS!$A:$H,8,0))","v":"caern"},2090008,{"$f":"IF(C552=0,\"\",VLOOKUP(C552,BNCDADOS!$A:$G,2,0))","v":"INSTALAÇÃO ELETROMECÂNICA DE CONJUNTO MOTO-BOMBA MAIOR QUE 200 CV E MENOR OU IGUAL A 500 CV. R_11/2021"},{"$f":"IF(C552=0,\"\",VLOOKUP(C552,BNCDADOS!$A:$G,3,0))","v":"UN "},{"$f":"TRUNC(M552,2)","v":4},{"$f":"IF(C552=0,\"\",VLOOKUP(C552,BNCDADOS!$A:$G,4,0))","v":1069.83},{"$f":"IF(C552=0,\"\",VLOOKUP(C552,BNCDADOS!$A:$G,5,0))","v":1323.27},{"$f":"IF(H552=\"\",0,TRUNC(H552*F552,2))","v":5293.08},{"$f":"IF(C552=0,\"\",VLOOKUP(C552,BNCDADOS!$A:$G,6,0))","v":960.89},{"$f":"IF(C552=0,\"\",VLOOKUP(C552,BNCDADOS!$A:$G,7,0))","v":1248.77},{"$f":"IF(K552=\"\",0,TRUNC(K552*F552,2))","v":4995.08},{"$f":"SUMIF('MC - TRECHO 02'!A:A,Orçamento!A552,'MC - TRECHO 02'!R:R)","v":4}]
["3.5.12",{"$f":"IF(C553=0,\"\",VLOOKUP(C553,[142]BNCDADOS!$A:$G,8,0))","v":""},null,{"$f":"'[142]MC - TRECHO 02'!D790","v":"INTALAÇÕES HIDRAÚLICAS"},{"$f":"IF(C553=0,\"\",VLOOKUP(C553,[142]BNCDADOS!$A:$G,3,0))","v":""},0,{"$f":"IF(C553=0,\"\",VLOOKUP(C553,[142]BNCDADOS!$A:$G,4,0))","v":""},{"$f":"IF(C553=0,\"\",VLOOKUP(C553,[142]BNCDADOS!$A:$G,5,0))","v":""},{"$f":"SUM(I554:I556)","v":73215.929999999993},{"$f":"IF(C553=0,\"\",VLOOKUP(C553,[142]BNCDADOS!$A:$G,6,0))","v":""},{"$f":"IF(C553=0,\"\",VLOOKUP(C553,[142]BNCDADOS!$A:$G,7,0))","v":""},{"$f":"SUM(L554:L556)","v":76422.11},0]
["3.5.12.1",{"$f":"IF(C554=0,\"\",VLOOKUP(C554,BNCDADOS!$A:$H,8,0))","v":"caern"},2220067,{"$f":"IF(C554=0,\"\",VLOOKUP(C554,BNCDADOS!$A:$G,2,0))","v":"GUARDA CORPO EM FIBRA DE VIDRO COM PERFIS PULTRUDADOS PINTADOS EM ESMALTE PU ACRÍLICO E SISTEMA DE ANCORAGEM EM AÇO INOXIDÁVEL AISI304 - H=1,10M. R_11/2021"},{"$f":"IF(C554=0,\"\",VLOOKUP(C554,BNCDADOS!$A:$G,3,0))","v":"M"},21.2,{"$f":"IF(C554=0,\"\",VLOOKUP(C554,BNCDADOS!$A:$G,4,0))","v":531.84999999999991},{"$f":"IF(C554=0,\"\",VLOOKUP(C554,BNCDADOS!$A:$G,5,0))","v":657.84},{"$f":"IF(H554=\"\",0,TRUNC(H554*F554,2))","v":13946.2},{"$f":"IF(C554=0,\"\",VLOOKUP(C554,BNCDADOS!$A:$G,6,0))","v":526.28},{"$f":"IF(C554=0,\"\",VLOOKUP(C554,BNCDADOS!$A:$G,7,0))","v":683.95},{"$f":"IF(K554=\"\",0,TRUNC(K554*F554,2))","v":14499.74},{"$f":"SUMIF('MC - TRECHO 02'!A:A,Orçamento!A554,'MC - TRECHO 02'!R:R)","v":21.2}]
["3.5.12.2",{"$f":"IF(C555=0,\"\",VLOOKUP(C555,BNCDADOS!$A:$H,8,0))","v":"caern"},2220066,{"$f":"IF(C555=0,\"\",VLOOKUP(C555,BNCDADOS!$A:$G,2,0))","v":"ESCADA DE MARINHEIRO EM FIBRA DE VIDRO PULTRUDADA, PERFIL QUADRADO, PINTURA PROTETORA CONTRA RAIOS UV, COM GUARDA CORPO. R_11/2021"},{"$f":"IF(C555=0,\"\",VLOOKUP(C555,BNCDADOS!$A:$G,3,0))","v":"M"},19.3,{"$f":"IF(C555=0,\"\",VLOOKUP(C555,BNCDADOS!$A:$G,4,0))","v":1777.21},{"$f":"IF(C555=0,\"\",VLOOKUP(C555,BNCDADOS!$A:$G,5,0))","v":2198.23},42425.83,{"$f":"IF(C555=0,\"\",VLOOKUP(C555,BNCDADOS!$A:$G,6,0))","v":1766.07},{"$f":"IF(C555=0,\"\",VLOOKUP(C555,BNCDADOS!$A:$G,7,0))","v":2295.1799999999998},44296.97,{"$f":"SUMIF('MC - TRECHO 02'!A:A,Orçamento!A555,'MC - TRECHO 02'!R:R)","v":19.3}]
["3.5.12.3",{"$f":"IF(C556=0,\"\",VLOOKUP(C556,BNCDADOS!$A:$H,8,0))","v":"caern"},2220065,{"$f":"IF(C556=0,\"\",VLOOKUP(C556,BNCDADOS!$A:$G,2,0))","v":"ESCADA DE MARINHEIRO EM FIBRA DE VIDRO PULTRUDADA, PERFIL QUADRADO, PINTURA PROTETORA CONTRA RAIOS UV, SEM GUARDA CORPO. R_11/2021"},{"$f":"IF(C556=0,\"\",VLOOKUP(C556,BNCDADOS!$A:$G,3,0))","v":"M"},10,{"$f":"IF(C556=0,\"\",VLOOKUP(C556,BNCDADOS!$A:$G,4,0))","v":1361.79},{"$f":"IF(C556=0,\"\",VLOOKUP(C556,BNCDADOS!$A:$G,5,0))","v":1684.39},16843.900000000001,{"$f":"IF(C556=0,\"\",VLOOKUP(C556,BNCDADOS!$A:$G,6,0))","v":1356.22},{"$f":"IF(C556=0,\"\",VLOOKUP(C556,BNCDADOS!$A:$G,7,0))","v":1762.54},17625.400000000001,{"$f":"SUMIF('MC - TRECHO 02'!A:A,Orçamento!A556,'MC - TRECHO 02'!R:R)","v":10}]
[null,{"$f":"IF(C557=0,\"\",VLOOKUP(C557,[142]BNCDADOS!$A:$H,8,0))","v":""},null,{"$f":"IF(C557=0,\"\",VLOOKUP(C557,[142]BNCDADOS!$A:$G,2,0))","v":""},{"$f":"IF(C557=0,\"\",VLOOKUP(C557,[142]BNCDADOS!$A:$G,3,0))","v":""},{"$f":"TRUNC(M557,2)","v":0},{"$f":"IF(C557=0,\"\",VLOOKUP(C557,[142]BNCDADOS!$A:$G,4,0))","v":""},{"$f":"IF(C557=0,\"\",VLOOKUP(C557,[142]BNCDADOS!$A:$G,5,0))","v":""},{"$f":"IF(H557=\"\",0,TRUNC(H557*F557,2))","v":0},{"$f":"IF(C557=0,\"\",VLOOKUP(C557,[142]BNCDADOS!$A:$G,6,0))","v":""},{"$f":"IF(C557=0,\"\",VLOOKUP(C557,[142]BNCDADOS!$A:$G,7,0))","v":""},{"$f":"IF(K557=\"\",0,TRUNC(K557*F557,2))","v":0}]
["3.6",null,null,{"$f":"'[142]MC - TRECHO 02'!B813","v":"SERVIÇOS_ESTAÇÃO ELEVATÓRIA DE ÁGUA TRATADA_MONTANHAS"},{"$nulls":4},{"$f":"SUM(I559,I570,I583,I601,I612,I615,I619,I624,I629,I635,I656,I658)","v":4521965.9799999995},null,null,{"$f":"SUM(L559,L570,L583,L601,L612,L615,L619,L624,L629,L635,L656,L658)","v":4665206.79}]
["3.6.1",{"$f":"IF(C559=0,\"\",VLOOKUP(C559,[142]BNCDADOS!$A:$G,8,0))","v":""},null,"SERVIÇOS PRELIMINARES",{"$f":"IF(C559=0,\"\",VLOOKUP(C559,[142]BNCDADOS!$A:$G,3,0))","v":""},{"$f":"TRUNC(M559,2)","v":0},{"$f":"IF(C559=0,\"\",VLOOKUP(C559,[142]BNCDADOS!$A:$G,4,0))","v":""},{"$f":"IF(C559=0,\"\",VLOOKUP(C559,[142]BNCDADOS!$A:$G,5,0))","v":""},{"$f":"SUM(I560:I569)","v":1542511.3499999999},{"$f":"IF(C559=0,\"\",VLOOKUP(C559,[142]BNCDADOS!$A:$G,6,0))","v":""},{"$f":"IF(C559=0,\"\",VLOOKUP(C559,[142]BNCDADOS!$A:$G,7,0))","v":""},{"$f":"SUM(L560:L569)","v":1595657.25}]
["3.6.1.1",{"$f":"IF(C560=0,\"\",VLOOKUP(C560,BNCDADOS!$A:$H,8,0))","v":"SINAPI/RN\nSERVIÇO"},98525,{"$f":"IF(C560=0,\"\",VLOOKUP(C560,BNCDADOS!$A:$G,2,0))","v":"LIMPEZA MECANIZADA DE CAMADA VEGETAL, VEGETAÇÃO E PEQUENAS ÁRVORES (DIÂMETRO DE TRONCO MENOR QUE 0,20 M), COM TRATOR DE ESTEIRAS. AF_03/2024"},{"$f":"IF(C560=0,\"\",VLOOKUP(C560,BNCDADOS!$A:$G,3,0))","v":"M2"},2420.0300000000002,{"$f":"IF(C560=0,\"\",VLOOKUP(C560,BNCDADOS!$A:$G,4,0))","v":"0,61"},{"$f":"IF(C560=0,\"\",VLOOKUP(C560,BNCDADOS!$A:$G,5,0))","v":0.75},{"$f":"IF(H560=\"\",0,TRUNC(H560*F560,2))","v":1815.02},{"$f":"IF(C560=0,\"\",VLOOKUP(C560,BNCDADOS!$A:$G,6,0))","v":"0,58"},{"$f":"IF(C560=0,\"\",VLOOKUP(C560,BNCDADOS!$A:$G,7,0))","v":0.75},{"$f":"IF(K560=\"\",0,TRUNC(K560*F560,2))","v":1815.02},{"$f":"SUMIF('MC - TRECHO 02'!A:A,Orçamento!A560,'MC - TRECHO 02'!R:R)","v":2420.0304000000001}]
["3.6.1.2",{"$f":"IF(C561=0,\"\",VLOOKUP(C561,BNCDADOS!$A:$H,8,0))","v":"SINAPI/RN\nSERVIÇO"},98527,{"$f":"IF(C561=0,\"\",VLOOKUP(C561,BNCDADOS!$A:$G,2,0))","v":"REMOÇÃO DE RAÍZES REMANESCENTES DE TRONCO DE ÁRVORE COM DIÂMETRO MAIOR OU IGUAL A 0,40 M E MENOR QUE 0,60 M. AF_03/2024"},{"$f":"IF(C561=0,\"\",VLOOKUP(C561,BNCDADOS!$A:$G,3,0))","v":"UN"},121,{"$f":"IF(C561=0,\"\",VLOOKUP(C561,BNCDADOS!$A:$G,4,0))","v":"209,89"},{"$f":"IF(C561=0,\"\",VLOOKUP(C561,BNCDADOS!$A:$G,5,0))","v":259.61},31412.81,{"$f":"IF(C561=0,\"\",VLOOKUP(C561,BNCDADOS!$A:$G,6,0))","v":"195,46"},{"$f":"IF(C561=0,\"\",VLOOKUP(C561,BNCDADOS!$A:$G,7,0))","v":254.01},30735.21,{"$f":"SUMIF('MC - TRECHO 02'!A:A,Orçamento!A561,'MC - TRECHO 02'!R:R)","v":121}]
["3.6.1.3",{"$f":"IF(C562=0,\"\",VLOOKUP(C562,BNCDADOS!$A:$H,8,0))","v":"SINAPI/RN\nSERVIÇO"},100982,{"$f":"IF(C562=0,\"\",VLOOKUP(C562,BNCDADOS!$A:$G,2,0))","v":"CARGA, MANOBRA E DESCARGA DE ENTULHO EM CAMINHÃO BASCULANTE 10 M³ - CARGA COM ESCAVADEIRA HIDRÁULICA  (CAÇAMBA DE 0,80 M³ / 111 HP) E DESCARGA LIVRE (UNIDADE: M3). AF_07/2020"},{"$f":"IF(C562=0,\"\",VLOOKUP(C562,BNCDADOS!$A:$G,3,0))","v":"M3"},1210.01,{"$f":"IF(C562=0,\"\",VLOOKUP(C562,BNCDADOS!$A:$G,4,0))","v":"9,22"},{"$f":"IF(C562=0,\"\",VLOOKUP(C562,BNCDADOS!$A:$G,5,0))","v":11.4},13794.11,{"$f":"IF(C562=0,\"\",VLOOKUP(C562,BNCDADOS!$A:$G,6,0))","v":"9,04"},{"$f":"IF(C562=0,\"\",VLOOKUP(C562,BNCDADOS!$A:$G,7,0))","v":11.74},14205.51,{"$f":"SUMIF('MC - TRECHO 02'!A:A,Orçamento!A562,'MC - TRECHO 02'!R:R)","v":1210.0152}]
["3.6.1.4",{"$f":"IF(C563=0,\"\",VLOOKUP(C563,BNCDADOS!$A:$H,8,0))","v":"SINAPI/RN\nSERVIÇO"},93591,{"$f":"IF(C563=0,\"\",VLOOKUP(C563,BNCDADOS!$A:$G,2,0))","v":"TRANSPORTE COM CAMINHÃO BASCULANTE DE 14 M³, EM VIA URBANA EM LEITO NATURAL (UNIDADE: M3XKM). AF_07/2020"},{"$f":"IF(C563=0,\"\",VLOOKUP(C563,BNCDADOS!$A:$G,3,0))","v":"M3XKM"},22869.279999999999,{"$f":"IF(C563=0,\"\",VLOOKUP(C563,BNCDADOS!$A:$G,4,0))","v":"2,83"},{"$f":"IF(C563=0,\"\",VLOOKUP(C563,BNCDADOS!$A:$G,5,0))","v":3.5},80042.48,{"$f":"IF(C563=0,\"\",VLOOKUP(C563,BNCDADOS!$A:$G,6,0))","v":"2,80"},{"$f":"IF(C563=0,\"\",VLOOKUP(C563,BNCDADOS!$A:$G,7,0))","v":3.63},83015.48,{"$f":"SUMIF('MC - TRECHO 02'!A:A,Orçamento!A563,'MC - TRECHO 02'!R:R)","v":22869.287280000004}]
["3.6.1.5",{"$f":"IF(C564=0,\"\",VLOOKUP(C564,BNCDADOS!$A:$H,8,0))","v":"SINAPI/RN\nSERVIÇO"},93592,{"$f":"IF(C564=0,\"\",VLOOKUP(C564,BNCDADOS!$A:$G,2,0))","v":"TRANSPORTE COM CAMINHÃO BASCULANTE DE 14 M³, EM VIA URBANA EM REVESTIMENTO PRIMÁRIO (UNIDADE: M3XKM). AF_07/2020"},{"$f":"IF(C564=0,\"\",VLOOKUP(C564,BNCDADOS!$A:$G,3,0))","v":"M3XKM"},432882.93,{"$f":"IF(C564=0,\"\",VLOOKUP(C564,BNCDADOS!$A:$G,4,0))","v":"2,45"},{"$f":"IF(C564=0,\"\",VLOOKUP(C564,BNCDADOS!$A:$G,5,0))","v":3.03},1311635.27,{"$f":"IF(C564=0,\"\",VLOOKUP(C564,BNCDADOS!$A:$G,6,0))","v":"2,42"},{"$f":"IF(C564=0,\"\",VLOOKUP(C564,BNCDADOS!$A:$G,7,0))","v":3.14},1359252.4,{"$f":"SUMIF('MC - TRECHO 02'!A:A,Orçamento!A564,'MC - TRECHO 02'!R:R)","v":432882.93780000007}]
["3.6.1.6",{"$f":"IF(C565=0,\"\",VLOOKUP(C565,BNCDADOS!$A:$H,8,0))","v":"SINAPI/RN\nSERVIÇO"},98459,{"$f":"IF(C565=0,\"\",VLOOKUP(C565,BNCDADOS!$A:$G,2,0))","v":"TAPUME COM TELHA METÁLICA. AF_03/2024"},{"$f":"IF(C565=0,\"\",VLOOKUP(C565,BNCDADOS!$A:$G,3,0))","v":"M2"},437.84,{"$f":"IF(C565=0,\"\",VLOOKUP(C565,BNCDADOS!$A:$G,4,0))","v":"101,37"},{"$f":"IF(C565=0,\"\",VLOOKUP(C565,BNCDADOS!$A:$G,5,0))","v":125.38},54896.37,{"$f":"IF(C565=0,\"\",VLOOKUP(C565,BNCDADOS!$A:$G,6,0))","v":"98,15"},{"$f":"IF(C565=0,\"\",VLOOKUP(C565,BNCDADOS!$A:$G,7,0))","v":127.55},55846.49,{"$f":"SUMIF('MC - TRECHO 02'!A:A,Orçamento!A565,'MC - TRECHO 02'!R:R)","v":437.84}]
["3.6.1.7",{"$f":"IF(C566=0,\"\",VLOOKUP(C566,BNCDADOS!$A:$H,8,0))","v":"SINAPI/RN\nSERVIÇO"},99059,{"$f":"IF(C566=0,\"\",VLOOKUP(C566,BNCDADOS!$A:$G,2,0))","v":"LOCAÇÃO CONVENCIONAL DE OBRA, UTILIZANDO GABARITO DE TÁBUAS CORRIDAS PONTALETADAS A CADA 2,00M -  2 UTILIZAÇÕES. AF_03/2024"},{"$f":"IF(C566=0,\"\",VLOOKUP(C566,BNCDADOS!$A:$G,3,0))","v":"M"},117.4,{"$f":"IF(C566=0,\"\",VLOOKUP(C566,BNCDADOS!$A:$G,4,0))","v":"68,49"},{"$f":"IF(C566=0,\"\",VLOOKUP(C566,BNCDADOS!$A:$G,5,0))","v":84.71},9944.9500000000007,{"$f":"IF(C566=0,\"\",VLOOKUP(C566,BNCDADOS!$A:$G,6,0))","v":"64,82"},{"$f":"IF(C566=0,\"\",VLOOKUP(C566,BNCDADOS!$A:$G,7,0))","v":84.24},9889.77,{"$f":"SUMIF('MC - TRECHO 02'!A:A,Orçamento!A566,'MC - TRECHO 02'!R:R)","v":117.4}]
["3.6.1.8",{"$f":"IF(C567=0,\"\",VLOOKUP(C567,BNCDADOS!$A:$H,8,0))","v":"caern"},2010050,{"$f":"IF(C567=0,\"\",VLOOKUP(C567,BNCDADOS!$A:$G,2,0))","v":"LOCAÇÃO DE ADUTORAS, COLETORES TRONCO E INTERCEPTORES - COM AUXÍLIO DE EQUIPAMENTO TOPOGRÁFICO. R_11/2018"},{"$f":"IF(C567=0,\"\",VLOOKUP(C567,BNCDADOS!$A:$G,3,0))","v":"M"},79.400000000000006,{"$f":"IF(C567=0,\"\",VLOOKUP(C567,BNCDADOS!$A:$G,4,0))","v":2.56},{"$f":"IF(C567=0,\"\",VLOOKUP(C567,BNCDADOS!$A:$G,5,0))","v":3.16},250.9,{"$f":"IF(C567=0,\"\",VLOOKUP(C567,BNCDADOS!$A:$G,6,0))","v":2.2400000000000002},{"$f":"IF(C567=0,\"\",VLOOKUP(C567,BNCDADOS!$A:$G,7,0))","v":2.91},231.05,{"$f":"SUMIF('MC - TRECHO 02'!A:A,Orçamento!A567,'MC - TRECHO 02'!R:R)","v":79.400000000000006}]
["3.6.1.9",{"$f":"IF(C568=0,\"\",VLOOKUP(C568,BNCDADOS!$A:$H,8,0))","v":0},"COMP 13",{"$f":"IF(C568=0,\"\",VLOOKUP(C568,BNCDADOS!$A:$G,2,0))","v":"LOCAÇÃO DE CONTÊINER ALMOXARIFADO COM PISO NAVAL - 6,00M X 2,35M - PARA USO EM CANTEIRO DE OBRAS"},{"$f":"IF(C568=0,\"\",VLOOKUP(C568,BNCDADOS!$A:$G,3,0))","v":"UM X MÊS"},24,{"$f":"IF(C568=0,\"\",VLOOKUP(C568,BNCDADOS!$A:$G,4,0))","v":800.6},{"$f":"IF(C568=0,\"\",VLOOKUP(C568,BNCDADOS!$A:$G,5,0))","v":990.26},23766.240000000002,{"$f":"IF(C568=0,\"\",VLOOKUP(C568,BNCDADOS!$A:$G,6,0))","v":800.6},{"$f":"IF(C568=0,\"\",VLOOKUP(C568,BNCDADOS!$A:$G,7,0))","v":1040.45},24970.799999999999,{"$f":"SUMIF('MC - TRECHO 02'!A:A,Orçamento!A568,'MC - TRECHO 02'!R:R)","v":24}]
["3.6.1.10",{"$f":"IF(C569=0,\"\",VLOOKUP(C569,BNCDADOS!$A:$H,8,0))","v":0},"COMP 01",{"$f":"IF(C569=0,\"\",VLOOKUP(C569,BNCDADOS!$A:$G,2,0))","v":"CANTEIRO ITINERANTE COMPOSTO DE TOLDO, CONJUNTO DE MESA E CADEIRAS E BANHEIRO QUÍMICO COM LIMPEZA DIÁRIA INCLUSO COLETA E DESTINAÇÃO FINAL DE EFLUENTES"},{"$f":"IF(C569=0,\"\",VLOOKUP(C569,BNCDADOS!$A:$G,3,0))","v":"UN"},12,{"$f":"IF(C569=0,\"\",VLOOKUP(C569,BNCDADOS!$A:$G,4,0))","v":1007.4399999999999},{"$f":"IF(C569=0,\"\",VLOOKUP(C569,BNCDADOS!$A:$G,5,0))","v":1246.0999999999999},14953.2,{"$f":"IF(C569=0,\"\",VLOOKUP(C569,BNCDADOS!$A:$G,6,0))","v":1006.4399999999999},{"$f":"IF(C569=0,\"\",VLOOKUP(C569,BNCDADOS!$A:$G,7,0))","v":1307.96},15695.52,{"$f":"SUMIF('MC - TRECHO 02'!A:A,Orçamento!A569,'MC - TRECHO 02'!R:R)","v":12}]
["3.6.2",{"$f":"IF(C570=0,\"\",VLOOKUP(C570,[142]BNCDADOS!$A:$G,8,0))","v":""},null,"TRABALHOS EM TERRA",{"$f":"IF(C570=0,\"\",VLOOKUP(C570,[142]BNCDADOS!$A:$G,3,0))","v":""},0,{"$f":"IF(C570=0,\"\",VLOOKUP(C570,[142]BNCDADOS!$A:$G,4,0))","v":""},{"$f":"IF(C570=0,\"\",VLOOKUP(C570,[142]BNCDADOS!$A:$G,5,0))","v":""},{"$f":"SUM(I572:I582)","v":1021016.9500000001},{"$f":"IF(C570=0,\"\",VLOOKUP(C570,[142]BNCDADOS!$A:$G,6,0))","v":""},{"$f":"IF(C570=0,\"\",VLOOKUP(C570,[142]BNCDADOS!$A:$G,7,0))","v":""},{"$f":"SUM(L572:L582)","v":1054578.54},0]
[null,{"$f":"IF(C571=0,\"\",VLOOKUP(C571,[142]BNCDADOS!$A:$G,8,0))","v":""},null,{"$f":"'[142]MC - TRECHO 02'!D368","v":{"$error":"#REF!"}},{"$f":"IF(C571=0,\"\",VLOOKUP(C571,[142]BNCDADOS!$A:$G,3,0))","v":""},0,{"$f":"IF(C571=0,\"\",VLOOKUP(C571,[142]BNCDADOS!$A:$G,4,0))","v":""}]
["3.6.2.1",{"$f":"IF(C572=0,\"\",VLOOKUP(C572,BNCDADOS!$A:$H,8,0))","v":"SINAPI/RN\nSERVIÇO"},96385,{"$f":"IF(C572=0,\"\",VLOOKUP(C572,BNCDADOS!$A:$G,2,0))","v":"EXECUÇÃO E COMPACTAÇÃO DE ATERRO COM SOLO PREDOMINANTEMENTE ARGILOSO - EXCLUSIVE SOLO, ESCAVAÇÃO, CARGA E TRANSPORTE. AF_11/2019"},{"$f":"IF(C572=0,\"\",VLOOKUP(C572,BNCDADOS!$A:$G,3,0))","v":"M3"},6704.36,{"$f":"IF(C572=0,\"\",VLOOKUP(C572,BNCDADOS!$A:$G,4,0))","v":"11,83"},{"$f":"IF(C572=0,\"\",VLOOKUP(C572,BNCDADOS!$A:$G,5,0))","v":14.63},{"$f":"IF(H572=\"\",0,TRUNC(H572*F572,2))","v":98084.78},{"$f":"IF(C572=0,\"\",VLOOKUP(C572,BNCDADOS!$A:$G,6,0))","v":"11,38"},{"$f":"IF(C572=0,\"\",VLOOKUP(C572,BNCDADOS!$A:$G,7,0))","v":14.78},{"$f":"IF(K572=\"\",0,TRUNC(K572*F572,2))","v":99090.44},{"$f":"SUMIF('MC - TRECHO 02'!A:A,Orçamento!A572,'MC - TRECHO 02'!R:R)","v":6704.3660799999998}]
["3.6.2.2",{"$f":"IF(C573=0,\"\",VLOOKUP(C573,BNCDADOS!$A:$H,8,0))","v":"SINAPI/RN\nSERVIÇO"},101232,{"$f":"IF(C573=0,\"\",VLOOKUP(C573,BNCDADOS!$A:$G,2,0))","v":"ESCAVAÇÃO VERTICAL PARA INFRAESTRUTURA, COM CARGA, DESCARGA E TRANSPORTE DE SOLO DE 1ª CATEGORIA, COM ESCAVADEIRA HIDRÁULICA (CAÇAMBA: 1,2 M³ / 155 HP), FROTA DE 3 CAMINHÕES BASCULANTES DE 14 M³, DMT ATÉ 1 KM E VELOCIDADE MÉDIA14 KM/H. AF_05/2020"},{"$f":"IF(C573=0,\"\",VLOOKUP(C573,BNCDADOS!$A:$G,3,0))","v":"M3"},6704.36,{"$f":"IF(C573=0,\"\",VLOOKUP(C573,BNCDADOS!$A:$G,4,0))","v":"9,80"},{"$f":"IF(C573=0,\"\",VLOOKUP(C573,BNCDADOS!$A:$G,5,0))","v":12.12},81256.84,{"$f":"IF(C573=0,\"\",VLOOKUP(C573,BNCDADOS!$A:$G,6,0))","v":"9,66"},{"$f":"IF(C573=0,\"\",VLOOKUP(C573,BNCDADOS!$A:$G,7,0))","v":12.55},84139.71,{"$f":"SUMIF('MC - TRECHO 02'!A:A,Orçamento!A573,'MC - TRECHO 02'!R:R)","v":6704.3660799999998}]
["3.6.2.3",{"$f":"IF(C574=0,\"\",VLOOKUP(C574,BNCDADOS!$A:$H,8,0))","v":"SINAPI/RN\nSERVIÇO"},93591,{"$f":"IF(C574=0,\"\",VLOOKUP(C574,BNCDADOS!$A:$G,2,0))","v":"TRANSPORTE COM CAMINHÃO BASCULANTE DE 14 M³, EM VIA URBANA EM LEITO NATURAL (UNIDADE: M3XKM). AF_07/2020"},{"$f":"IF(C574=0,\"\",VLOOKUP(C574,BNCDADOS!$A:$G,3,0))","v":"M3XKM"},120678.58,{"$f":"IF(C574=0,\"\",VLOOKUP(C574,BNCDADOS!$A:$G,4,0))","v":"2,83"},{"$f":"IF(C574=0,\"\",VLOOKUP(C574,BNCDADOS!$A:$G,5,0))","v":3.5},422375.03,{"$f":"IF(C574=0,\"\",VLOOKUP(C574,BNCDADOS!$A:$G,6,0))","v":"2,80"},{"$f":"IF(C574=0,\"\",VLOOKUP(C574,BNCDADOS!$A:$G,7,0))","v":3.63},438063.24,{"$f":"SUMIF('MC - TRECHO 02'!A:A,Orçamento!A574,'MC - TRECHO 02'!R:R)","v":120678.58944}]
["3.6.2.4",{"$f":"IF(C575=0,\"\",VLOOKUP(C575,BNCDADOS!$A:$H,8,0))","v":"SINAPI/RN\nSERVIÇO"},93592,{"$f":"IF(C575=0,\"\",VLOOKUP(C575,BNCDADOS!$A:$G,2,0))","v":"TRANSPORTE COM CAMINHÃO BASCULANTE DE 14 M³, EM VIA URBANA EM REVESTIMENTO PRIMÁRIO (UNIDADE: M3XKM). AF_07/2020"},{"$f":"IF(C575=0,\"\",VLOOKUP(C575,BNCDADOS!$A:$G,3,0))","v":"M3XKM"},120678.58,{"$f":"IF(C575=0,\"\",VLOOKUP(C575,BNCDADOS!$A:$G,4,0))","v":"2,45"},{"$f":"IF(C575=0,\"\",VLOOKUP(C575,BNCDADOS!$A:$G,5,0))","v":3.03},365656.09,{"$f":"IF(C575=0,\"\",VLOOKUP(C575,BNCDADOS!$A:$G,6,0))","v":"2,42"},{"$f":"IF(C575=0,\"\",VLOOKUP(C575,BNCDADOS!$A:$G,7,0))","v":3.14},378930.74,{"$f":"SUMIF('MC - TRECHO 02'!A:A,Orçamento!A575,'MC - TRECHO 02'!R:R)","v":120678.58944}]
["3.6.2.5",{"$f":"IF(C576=0,\"\",VLOOKUP(C576,BNCDADOS!$A:$H,8,0))","v":"SINAPI/RN\nSERVIÇO"},98520,{"$f":"IF(C576=0,\"\",VLOOKUP(C576,BNCDADOS!$A:$G,2,0))","v":"APLICAÇÃO DE ADUBO EM SOLO. AF_07/2024"},{"$f":"IF(C576=0,\"\",VLOOKUP(C576,BNCDADOS!$A:$G,3,0))","v":"M2"},160,{"$f":"IF(C576=0,\"\",VLOOKUP(C576,BNCDADOS!$A:$G,4,0))","v":"6,22"},{"$f":"IF(C576=0,\"\",VLOOKUP(C576,BNCDADOS!$A:$G,5,0))","v":7.69},1230.4000000000001,{"$f":"IF(C576=0,\"\",VLOOKUP(C576,BNCDADOS!$A:$G,6,0))","v":"6,09"},{"$f":"IF(C576=0,\"\",VLOOKUP(C576,BNCDADOS!$A:$G,7,0))","v":7.91},1265.5999999999999,{"$f":"SUMIF('MC - TRECHO 02'!A:A,Orçamento!A576,'MC - TRECHO 02'!R:R)","v":160}]
["3.6.2.6",{"$f":"IF(C577=0,\"\",VLOOKUP(C577,BNCDADOS!$A:$H,8,0))","v":"SINAPI/RN\nSERVIÇO"},98504,{"$f":"IF(C577=0,\"\",VLOOKUP(C577,BNCDADOS!$A:$G,2,0))","v":"PLANTIO DE GRAMA BATATAIS EM PLACAS. AF_07/2024"},{"$f":"IF(C577=0,\"\",VLOOKUP(C577,BNCDADOS!$A:$G,3,0))","v":"M2"},160,{"$f":"IF(C577=0,\"\",VLOOKUP(C577,BNCDADOS!$A:$G,4,0))","v":"13,41"},{"$f":"IF(C577=0,\"\",VLOOKUP(C577,BNCDADOS!$A:$G,5,0))","v":16.579999999999998},2652.8,{"$f":"IF(C577=0,\"\",VLOOKUP(C577,BNCDADOS!$A:$G,6,0))","v":"13,08"},{"$f":"IF(C577=0,\"\",VLOOKUP(C577,BNCDADOS!$A:$G,7,0))","v":16.989999999999998},2718.4,{"$f":"SUMIF('MC - TRECHO 02'!A:A,Orçamento!A577,'MC - TRECHO 02'!R:R)","v":160}]
[null,{"$f":"IF(C578=0,\"\",VLOOKUP(C578,[142]BNCDADOS!$A:$G,8,0))","v":""},null,null,{"$f":"IF(C578=0,\"\",VLOOKUP(C578,[142]BNCDADOS!$A:$G,3,0))","v":""},0,{"$f":"IF(C578=0,\"\",VLOOKUP(C578,[142]BNCDADOS!$A:$G,4,0))","v":""}]
["3.6.2.7",{"$f":"IF(C579=0,\"\",VLOOKUP(C579,BNCDADOS!$A:$H,8,0))","v":"SINAPI/RN\nSERVIÇO"},96525,{"$f":"IF(C579=0,\"\",VLOOKUP(C579,BNCDADOS!$A:$G,2,0))","v":"ESCAVAÇÃO MECANIZADA PARA VIGA BALDRAME OU SAPATA CORRIDA COM MINI-ESCAVADEIRA (INCLUINDO ESCAVAÇÃO PARA COLOCAÇÃO DE FÔRMAS). AF_01/2024"},{"$f":"IF(C579=0,\"\",VLOOKUP(C579,BNCDADOS!$A:$G,3,0))","v":"M3"},105.56,{"$f":"IF(C579=0,\"\",VLOOKUP(C579,BNCDADOS!$A:$G,4,0))","v":"55,00"},{"$f":"IF(C579=0,\"\",VLOOKUP(C579,BNCDADOS!$A:$G,5,0))","v":68.02},{"$f":"IF(H579=\"\",0,TRUNC(H579*F579,2))","v":7180.19},{"$f":"IF(C579=0,\"\",VLOOKUP(C579,BNCDADOS!$A:$G,6,0))","v":"52,42"},{"$f":"IF(C579=0,\"\",VLOOKUP(C579,BNCDADOS!$A:$G,7,0))","v":68.12},{"$f":"IF(K579=\"\",0,TRUNC(K579*F579,2))","v":7190.74},{"$f":"SUMIF('MC - TRECHO 02'!A:A,Orçamento!A579,'MC - TRECHO 02'!R:R)","v":105.56800000000001}]
["3.6.2.8",{"$f":"IF(C580=0,\"\",VLOOKUP(C580,BNCDADOS!$A:$H,8,0))","v":"SINAPI/RN\nSERVIÇO"},93382,{"$f":"IF(C580=0,\"\",VLOOKUP(C580,BNCDADOS!$A:$G,2,0))","v":"REATERRO MANUAL DE VALAS, COM COMPACTADOR DE SOLOS DE PERCUSSÃO. AF_08/2023"},{"$f":"IF(C580=0,\"\",VLOOKUP(C580,BNCDADOS!$A:$G,3,0))","v":"M3"},87.4,{"$f":"IF(C580=0,\"\",VLOOKUP(C580,BNCDADOS!$A:$G,4,0))","v":"25,08"},{"$f":"IF(C580=0,\"\",VLOOKUP(C580,BNCDADOS!$A:$G,5,0))","v":31.02},2711.14,{"$f":"IF(C580=0,\"\",VLOOKUP(C580,BNCDADOS!$A:$G,6,0))","v":"22,89"},{"$f":"IF(C580=0,\"\",VLOOKUP(C580,BNCDADOS!$A:$G,7,0))","v":29.74},2599.27,{"$f":"SUMIF('MC - TRECHO 02'!A:A,Orçamento!A580,'MC - TRECHO 02'!R:R)","v":87.402860000000004}]
["3.6.2.9",{"$f":"IF(C581=0,\"\",VLOOKUP(C581,BNCDADOS!$A:$H,8,0))","v":"SINAPI/RN\nSERVIÇO"},101206,{"$f":"IF(C581=0,\"\",VLOOKUP(C581,BNCDADOS!$A:$G,2,0))","v":"ESCAVAÇÃO VERTICAL PARA  EDIFICAÇÃO, COM CARGA, DESCARGA E TRANSPORTE DE SOLO DE 1ª CATEGORIA, COM ESCAVADEIRA HIDRÁULICA (CAÇAMBA: 0,8 M³ / 111 HP), FROTA DE 3 CAMINHÕES BASCULANTES DE 14 M³, DMT ATÉ 1 KM E VELOCIDADE MÉDIA 14 KM/H. AF_05/2020"},{"$f":"IF(C581=0,\"\",VLOOKUP(C581,BNCDADOS!$A:$G,3,0))","v":"M3"},1609,{"$f":"IF(C581=0,\"\",VLOOKUP(C581,BNCDADOS!$A:$G,4,0))","v":"13,00"},{"$f":"IF(C581=0,\"\",VLOOKUP(C581,BNCDADOS!$A:$G,5,0))","v":16.07},25856.63,{"$f":"IF(C581=0,\"\",VLOOKUP(C581,BNCDADOS!$A:$G,6,0))","v":"12,77"},{"$f":"IF(C581=0,\"\",VLOOKUP(C581,BNCDADOS!$A:$G,7,0))","v":16.59},26693.31,{"$f":"SUMIF('MC - TRECHO 02'!A:A,Orçamento!A581,'MC - TRECHO 02'!R:R)","v":1609}]
["3.6.2.10",{"$f":"IF(C582=0,\"\",VLOOKUP(C582,BNCDADOS!$A:$H,8,0))","v":"SINAPI/RN\nSERVIÇO"},93379,{"$f":"IF(C582=0,\"\",VLOOKUP(C582,BNCDADOS!$A:$G,2,0))","v":"REATERRO MECANIZADO DE VALA COM RETROESCAVADEIRA (CAPACIDADE DA CAÇAMBA   DA RETRO: 0,26 M³/POTÊNCIA: 88 HP), LARGURA 0,8 A 1,5 M, PROFUNDIDADE ATÉ 1,5 M, COM SOLO (SEM SUBSTITUIÇÃO) DE 1ª CATEGORIA, COM COMPACTADOR DE SOLOS DE PERCUSSÃO AF_08/2023"},{"$f":"IF(C582=0,\"\",VLOOKUP(C582,BNCDADOS!$A:$G,3,0))","v":"M3"},629.79999999999995,{"$f":"IF(C582=0,\"\",VLOOKUP(C582,BNCDADOS!$A:$G,4,0))","v":"17,99"},{"$f":"IF(C582=0,\"\",VLOOKUP(C582,BNCDADOS!$A:$G,5,0))","v":22.25},14013.05,{"$f":"IF(C582=0,\"\",VLOOKUP(C582,BNCDADOS!$A:$G,6,0))","v":"16,97"},{"$f":"IF(C582=0,\"\",VLOOKUP(C582,BNCDADOS!$A:$G,7,0))","v":22.05},13887.09,{"$f":"SUMIF('MC - TRECHO 02'!A:A,Orçamento!A582,'MC - TRECHO 02'!R:R)","v":629.80199999999991}]
["3.6.3",{"$f":"IF(C583=0,\"\",VLOOKUP(C583,[142]BNCDADOS!$A:$G,8,0))","v":""},null,"ESTRUTURA",{"$f":"IF(C583=0,\"\",VLOOKUP(C583,[142]BNCDADOS!$A:$G,3,0))","v":""},0,{"$f":"IF(C583=0,\"\",VLOOKUP(C583,[142]BNCDADOS!$A:$G,4,0))","v":""},{"$f":"IF(C583=0,\"\",VLOOKUP(C583,[142]BNCDADOS!$A:$G,5,0))","v":""},{"$f":"SUM(I585:I600)","v":1043303.39},{"$f":"IF(C583=0,\"\",VLOOKUP(C583,[142]BNCDADOS!$A:$G,6,0))","v":""},{"$f":"IF(C583=0,\"\",VLOOKUP(C583,[142]BNCDADOS!$A:$G,7,0))","v":""},{"$f":"SUM(L585:L600)","v":1076695.43},0]
["3.6.3.1",{"$f":"IF(C584=0,\"\",VLOOKUP(C584,BNCDADOS!$A:$H,8,0))","v":"SINAPI/RN\nSERVIÇO"},95241,{"$f":"IF(C584=0,\"\",VLOOKUP(C584,BNCDADOS!$A:$G,2,0))","v":"LASTRO DE CONCRETO MAGRO, APLICADO EM PISOS, LAJES SOBRE SOLO OU RADIERS, ESPESSURA DE 5 CM. AF_01/2024"},{"$f":"IF(C584=0,\"\",VLOOKUP(C584,BNCDADOS!$A:$G,3,0))","v":"M2"},237.84,{"$f":"IF(C584=0,\"\",VLOOKUP(C584,BNCDADOS!$A:$G,4,0))","v":"36,15"},{"$f":"IF(C584=0,\"\",VLOOKUP(C584,BNCDADOS!$A:$G,5,0))","v":44.71},{"$f":"IF(H584=\"\",0,TRUNC(H584*F584,2))","v":10633.82},{"$f":"IF(C584=0,\"\",VLOOKUP(C584,BNCDADOS!$A:$G,6,0))","v":"34,74"},{"$f":"IF(C584=0,\"\",VLOOKUP(C584,BNCDADOS!$A:$G,7,0))","v":45.14},{"$f":"IF(K584=\"\",0,TRUNC(K584*F584,2))","v":10736.09},{"$f":"SUMIF('MC - TRECHO 02'!A:A,Orçamento!A584,'MC - TRECHO 02'!R:R)","v":237.83999999999997}]
["3.6.3.2",{"$f":"IF(C585=0,\"\",VLOOKUP(C585,BNCDADOS!$A:$H,8,0))","v":"SINAPI/RN\nSERVIÇO"},103800,{"$f":"IF(C585=0,\"\",VLOOKUP(C585,BNCDADOS!$A:$G,2,0))","v":"PEDRA ARGAMASSADA COM CIMENTO E AREIA 1:3, 40% DE ARGAMASSA EM VOLUME - AREIA E PEDRA DE MÃO COMERCIAIS - FORNECIMENTO E ASSENTAMENTO. AF_08/2022"},{"$f":"IF(C585=0,\"\",VLOOKUP(C585,BNCDADOS!$A:$G,3,0))","v":"M3"},14.23,{"$f":"IF(C585=0,\"\",VLOOKUP(C585,BNCDADOS!$A:$G,4,0))","v":"534,85"},{"$f":"IF(C585=0,\"\",VLOOKUP(C585,BNCDADOS!$A:$G,5,0))","v":661.55},9413.85,{"$f":"IF(C585=0,\"\",VLOOKUP(C585,BNCDADOS!$A:$G,6,0))","v":"515,06"},{"$f":"IF(C585=0,\"\",VLOOKUP(C585,BNCDADOS!$A:$G,7,0))","v":669.37},9525.1299999999992,{"$f":"SUMIF('MC - TRECHO 02'!A:A,Orçamento!A585,'MC - TRECHO 02'!R:R)","v":14.235119999999998}]
["3.6.3.3",{"$f":"IF(C586=0,\"\",VLOOKUP(C586,BNCDADOS!$A:$H,8,0))","v":"SINAPI/RN\nSERVIÇO"},92421,{"$f":"IF(C586=0,\"\",VLOOKUP(C586,BNCDADOS!$A:$G,2,0))","v":"MONTAGEM E DESMONTAGEM DE FÔRMA DE PILARES RETANGULARES E ESTRUTURAS SIMILARES, PÉ-DIREITO DUPLO, EM CHAPA DE MADEIRA COMPENSADA RESINADA, 4 UTILIZAÇÕES. AF_09/2020"},{"$f":"IF(C586=0,\"\",VLOOKUP(C586,BNCDADOS!$A:$G,3,0))","v":"M2"},600.08000000000004,{"$f":"IF(C586=0,\"\",VLOOKUP(C586,BNCDADOS!$A:$G,4,0))","v":"111,97"},{"$f":"IF(C586=0,\"\",VLOOKUP(C586,BNCDADOS!$A:$G,5,0))","v":138.49},83105.070000000007,{"$f":"IF(C586=0,\"\",VLOOKUP(C586,BNCDADOS!$A:$G,6,0))","v":"106,36"},{"$f":"IF(C586=0,\"\",VLOOKUP(C586,BNCDADOS!$A:$G,7,0))","v":138.22},82943.05,{"$f":"SUMIF('MC - TRECHO 02'!A:A,Orçamento!A586,'MC - TRECHO 02'!R:R)","v":600.08000000000004}]
["3.6.3.4",{"$f":"IF(C587=0,\"\",VLOOKUP(C587,BNCDADOS!$A:$H,8,0))","v":"SINAPI/RN\nSERVIÇO"},92466,{"$f":"IF(C587=0,\"\",VLOOKUP(C587,BNCDADOS!$A:$G,2,0))","v":"MONTAGEM E DESMONTAGEM DE FÔRMA DE VIGA, ESCORAMENTO METÁLICO, PÉ-DIREITO DUPLO, EM CHAPA DE MADEIRA PLASTIFICADA, 10 UTILIZAÇÕES. AF_09/2020"},{"$f":"IF(C587=0,\"\",VLOOKUP(C587,BNCDADOS!$A:$G,3,0))","v":"M2"},9.8000000000000007,{"$f":"IF(C587=0,\"\",VLOOKUP(C587,BNCDADOS!$A:$G,4,0))","v":"215,04"},{"$f":"IF(C587=0,\"\",VLOOKUP(C587,BNCDADOS!$A:$G,5,0))","v":265.98},2606.6,{"$f":"IF(C587=0,\"\",VLOOKUP(C587,BNCDADOS!$A:$G,6,0))","v":"209,13"},{"$f":"IF(C587=0,\"\",VLOOKUP(C587,BNCDADOS!$A:$G,7,0))","v":271.77999999999997},2663.44,{"$f":"SUMIF('MC - TRECHO 02'!A:A,Orçamento!A587,'MC - TRECHO 02'!R:R)","v":9.8000000000000007}]
["3.6.3.5",{"$f":"IF(C588=0,\"\",VLOOKUP(C588,BNCDADOS!$A:$H,8,0))","v":"SINAPI/RN\nSERVIÇO"},92524,{"$f":"IF(C588=0,\"\",VLOOKUP(C588,BNCDADOS!$A:$G,2,0))","v":"MONTAGEM E DESMONTAGEM DE FÔRMA DE LAJE MACIÇA, PÉ-DIREITO DUPLO, EM CHAPA DE MADEIRA COMPENSADA PLASTIFICADA, 10 UTILIZAÇÕES. AF_09/2020"},{"$f":"IF(C588=0,\"\",VLOOKUP(C588,BNCDADOS!$A:$G,3,0))","v":"M2"},169.86,{"$f":"IF(C588=0,\"\",VLOOKUP(C588,BNCDADOS!$A:$G,4,0))","v":"69,33"},{"$f":"IF(C588=0,\"\",VLOOKUP(C588,BNCDADOS!$A:$G,5,0))","v":85.75},14565.49,{"$f":"IF(C588=0,\"\",VLOOKUP(C588,BNCDADOS!$A:$G,6,0))","v":"66,66"},{"$f":"IF(C588=0,\"\",VLOOKUP(C588,BNCDADOS!$A:$G,7,0))","v":86.63},14714.97,{"$f":"SUMIF('MC - TRECHO 02'!A:A,Orçamento!A588,'MC - TRECHO 02'!R:R)","v":169.86}]
["3.6.3.6",{"$f":"IF(C589=0,\"\",VLOOKUP(C589,BNCDADOS!$A:$H,8,0))","v":"SINAPI/RN\nSERVIÇO"},92916,{"$f":"IF(C589=0,\"\",VLOOKUP(C589,BNCDADOS!$A:$G,2,0))","v":"ARMAÇÃO DE ESTRUTURAS DIVERSAS DE CONCRETO ARMADO, EXCETO VIGAS, PILARES, LAJES E FUNDAÇÕES, UTILIZANDO AÇO CA-50 DE 6,3 MM - MONTAGEM. AF_06/2022"},{"$f":"IF(C589=0,\"\",VLOOKUP(C589,BNCDADOS!$A:$G,3,0))","v":"KG"},343.02,{"$f":"IF(C589=0,\"\",VLOOKUP(C589,BNCDADOS!$A:$G,4,0))","v":"15,76"},{"$f":"IF(C589=0,\"\",VLOOKUP(C589,BNCDADOS!$A:$G,5,0))","v":19.489999999999998},6685.45,{"$f":"IF(C589=0,\"\",VLOOKUP(C589,BNCDADOS!$A:$G,6,0))","v":"15,19"},{"$f":"IF(C589=0,\"\",VLOOKUP(C589,BNCDADOS!$A:$G,7,0))","v":19.739999999999998},6771.21,{"$f":"SUMIF('MC - TRECHO 02'!A:A,Orçamento!A589,'MC - TRECHO 02'!R:R)","v":343.02}]
["3.6.3.7",{"$f":"IF(C590=0,\"\",VLOOKUP(C590,BNCDADOS!$A:$H,8,0))","v":"SINAPI/RN\nSERVIÇO"},92917,{"$f":"IF(C590=0,\"\",VLOOKUP(C590,BNCDADOS!$A:$G,2,0))","v":"ARMAÇÃO DE ESTRUTURAS DIVERSAS DE CONCRETO ARMADO, EXCETO VIGAS, PILARES, LAJES E FUNDAÇÕES, UTILIZANDO AÇO CA-50 DE 8,0 MM - MONTAGEM. AF_06/2022"},{"$f":"IF(C590=0,\"\",VLOOKUP(C590,BNCDADOS!$A:$G,3,0))","v":"KG"},313,{"$f":"IF(C590=0,\"\",VLOOKUP(C590,BNCDADOS!$A:$G,4,0))","v":"14,39"},{"$f":"IF(C590=0,\"\",VLOOKUP(C590,BNCDADOS!$A:$G,5,0))","v":17.79},5568.27,{"$f":"IF(C590=0,\"\",VLOOKUP(C590,BNCDADOS!$A:$G,6,0))","v":"14,00"},{"$f":"IF(C590=0,\"\",VLOOKUP(C590,BNCDADOS!$A:$G,7,0))","v":18.190000000000001},5693.47,{"$f":"SUMIF('MC - TRECHO 02'!A:A,Orçamento!A590,'MC - TRECHO 02'!R:R)","v":313}]
["3.6.3.8",{"$f":"IF(C591=0,\"\",VLOOKUP(C591,BNCDADOS!$A:$H,8,0))","v":"SINAPI/RN\nSERVIÇO"},92919,{"$f":"IF(C591=0,\"\",VLOOKUP(C591,BNCDADOS!$A:$G,2,0))","v":"ARMAÇÃO DE ESTRUTURAS DIVERSAS DE CONCRETO ARMADO, EXCETO VIGAS, PILARES, LAJES E FUNDAÇÕES, UTILIZANDO AÇO CA-50 DE 10,0 MM - MONTAGEM. AF_06/2022"},{"$f":"IF(C591=0,\"\",VLOOKUP(C591,BNCDADOS!$A:$G,3,0))","v":"KG"},3106,{"$f":"IF(C591=0,\"\",VLOOKUP(C591,BNCDADOS!$A:$G,4,0))","v":"12,59"},{"$f":"IF(C591=0,\"\",VLOOKUP(C591,BNCDADOS!$A:$G,5,0))","v":15.57},48360.42,{"$f":"IF(C591=0,\"\",VLOOKUP(C591,BNCDADOS!$A:$G,6,0))","v":"12,31"},{"$f":"IF(C591=0,\"\",VLOOKUP(C591,BNCDADOS!$A:$G,7,0))","v":15.99},49664.94,{"$f":"SUMIF('MC - TRECHO 02'!A:A,Orçamento!A591,'MC - TRECHO 02'!R:R)","v":3106}]
["3.6.3.9",{"$f":"IF(C592=0,\"\",VLOOKUP(C592,BNCDADOS!$A:$H,8,0))","v":"SINAPI/RN\nSERVIÇO"},92921,{"$f":"IF(C592=0,\"\",VLOOKUP(C592,BNCDADOS!$A:$G,2,0))","v":"ARMAÇÃO DE ESTRUTURAS DIVERSAS DE CONCRETO ARMADO, EXCETO VIGAS, PILARES, LAJES E FUNDAÇÕES, UTILIZANDO AÇO CA-50 DE 12,5 MM - MONTAGEM. AF_06/2022"},{"$f":"IF(C592=0,\"\",VLOOKUP(C592,BNCDADOS!$A:$G,3,0))","v":"KG"},496,{"$f":"IF(C592=0,\"\",VLOOKUP(C592,BNCDADOS!$A:$G,4,0))","v":"10,41"},{"$f":"IF(C592=0,\"\",VLOOKUP(C592,BNCDADOS!$A:$G,5,0))","v":12.87},6383.52,{"$f":"IF(C592=0,\"\",VLOOKUP(C592,BNCDADOS!$A:$G,6,0))","v":"10,23"},{"$f":"IF(C592=0,\"\",VLOOKUP(C592,BNCDADOS!$A:$G,7,0))","v":13.29},6591.84,{"$f":"SUMIF('MC - TRECHO 02'!A:A,Orçamento!A592,'MC - TRECHO 02'!R:R)","v":496}]
["3.6.3.10",{"$f":"IF(C593=0,\"\",VLOOKUP(C593,BNCDADOS!$A:$H,8,0))","v":"SINAPI/RN\nSERVIÇO"},92922,{"$f":"IF(C593=0,\"\",VLOOKUP(C593,BNCDADOS!$A:$G,2,0))","v":"ARMAÇÃO DE ESTRUTURAS DIVERSAS DE CONCRETO ARMADO, EXCETO VIGAS, PILARES, LAJES E FUNDAÇÕES, UTILIZANDO AÇO CA-50 DE 16,0 MM - MONTAGEM. AF_06/2022"},{"$f":"IF(C593=0,\"\",VLOOKUP(C593,BNCDADOS!$A:$G,3,0))","v":"KG"},26883,{"$f":"IF(C593=0,\"\",VLOOKUP(C593,BNCDADOS!$A:$G,4,0))","v":"9,94"},{"$f":"IF(C593=0,\"\",VLOOKUP(C593,BNCDADOS!$A:$G,5,0))","v":12.29},330392.07,{"$f":"IF(C593=0,\"\",VLOOKUP(C593,BNCDADOS!$A:$G,6,0))","v":"9,82"},{"$f":"IF(C593=0,\"\",VLOOKUP(C593,BNCDADOS!$A:$G,7,0))","v":12.76},343027.08,{"$f":"SUMIF('MC - TRECHO 02'!A:A,Orçamento!A593,'MC - TRECHO 02'!R:R)","v":26883}]
["3.6.3.11",{"$f":"IF(C594=0,\"\",VLOOKUP(C594,BNCDADOS!$A:$H,8,0))","v":"SINAPI/RN\nSERVIÇO"},92924,{"$f":"IF(C594=0,\"\",VLOOKUP(C594,BNCDADOS!$A:$G,2,0))","v":"ARMAÇÃO DE ESTRUTURAS DIVERSAS DE CONCRETO ARMADO, EXCETO VIGAS, PILARES, LAJES E FUNDAÇÕES, UTILIZANDO AÇO CA-50 DE 25,0 MM - MONTAGEM. AF_06/2022"},{"$f":"IF(C594=0,\"\",VLOOKUP(C594,BNCDADOS!$A:$G,3,0))","v":"KG"},2613,{"$f":"IF(C594=0,\"\",VLOOKUP(C594,BNCDADOS!$A:$G,4,0))","v":"10,97"},{"$f":"IF(C594=0,\"\",VLOOKUP(C594,BNCDADOS!$A:$G,5,0))","v":13.56},35432.28,{"$f":"IF(C594=0,\"\",VLOOKUP(C594,BNCDADOS!$A:$G,6,0))","v":"10,88"},{"$f":"IF(C594=0,\"\",VLOOKUP(C594,BNCDADOS!$A:$G,7,0))","v":14.13},36921.69,{"$f":"SUMIF('MC - TRECHO 02'!A:A,Orçamento!A594,'MC - TRECHO 02'!R:R)","v":2613}]
["3.6.3.12",{"$f":"IF(C595=0,\"\",VLOOKUP(C595,BNCDADOS!$A:$H,8,0))","v":"SINAPI/RN\nSERVIÇO"},92769,{"$f":"IF(C595=0,\"\",VLOOKUP(C595,BNCDADOS!$A:$G,2,0))","v":"ARMAÇÃO DE LAJE DE ESTRUTURA CONVENCIONAL DE CONCRETO ARMADO UTILIZANDO AÇO CA-50 DE 6,3 MM - MONTAGEM. AF_06/2022"},{"$f":"IF(C595=0,\"\",VLOOKUP(C595,BNCDADOS!$A:$G,3,0))","v":"KG"},446.98,{"$f":"IF(C595=0,\"\",VLOOKUP(C595,BNCDADOS!$A:$G,4,0))","v":"13,27"},{"$f":"IF(C595=0,\"\",VLOOKUP(C595,BNCDADOS!$A:$G,5,0))","v":16.41},7334.94,{"$f":"IF(C595=0,\"\",VLOOKUP(C595,BNCDADOS!$A:$G,6,0))","v":"12,98"},{"$f":"IF(C595=0,\"\",VLOOKUP(C595,BNCDADOS!$A:$G,7,0))","v":16.86},7536.08,{"$f":"SUMIF('MC - TRECHO 02'!A:A,Orçamento!A595,'MC - TRECHO 02'!R:R)","v":446.98}]
["3.6.3.13",{"$f":"IF(C596=0,\"\",VLOOKUP(C596,BNCDADOS!$A:$H,8,0))","v":"SINAPI/RN\nSERVIÇO"},92771,{"$f":"IF(C596=0,\"\",VLOOKUP(C596,BNCDADOS!$A:$G,2,0))","v":"ARMAÇÃO DE LAJE DE ESTRUTURA CONVENCIONAL DE CONCRETO ARMADO UTILIZANDO AÇO CA-50 DE 10,0 MM - MONTAGEM. AF_06/2022"},{"$f":"IF(C596=0,\"\",VLOOKUP(C596,BNCDADOS!$A:$G,3,0))","v":"KG"},2513,{"$f":"IF(C596=0,\"\",VLOOKUP(C596,BNCDADOS!$A:$G,4,0))","v":"11,15"},{"$f":"IF(C596=0,\"\",VLOOKUP(C596,BNCDADOS!$A:$G,5,0))","v":13.79},34654.269999999997,{"$f":"IF(C596=0,\"\",VLOOKUP(C596,BNCDADOS!$A:$G,6,0))","v":"11,03"},{"$f":"IF(C596=0,\"\",VLOOKUP(C596,BNCDADOS!$A:$G,7,0))","v":14.33},36011.29,{"$f":"SUMIF('MC - TRECHO 02'!A:A,Orçamento!A596,'MC - TRECHO 02'!R:R)","v":2513}]
["3.6.3.14",{"$f":"IF(C597=0,\"\",VLOOKUP(C597,BNCDADOS!$A:$H,8,0))","v":"SINAPI/RN\nSERVIÇO"},92772,{"$f":"IF(C597=0,\"\",VLOOKUP(C597,BNCDADOS!$A:$G,2,0))","v":"ARMAÇÃO DE LAJE DE ESTRUTURA CONVENCIONAL DE CONCRETO ARMADO UTILIZANDO AÇO CA-50 DE 12,5 MM - MONTAGEM. AF_06/2022"},{"$f":"IF(C597=0,\"\",VLOOKUP(C597,BNCDADOS!$A:$G,3,0))","v":"KG"},3821,{"$f":"IF(C597=0,\"\",VLOOKUP(C597,BNCDADOS!$A:$G,4,0))","v":"9,37"},{"$f":"IF(C597=0,\"\",VLOOKUP(C597,BNCDADOS!$A:$G,5,0))","v":11.58},44247.18,{"$f":"IF(C597=0,\"\",VLOOKUP(C597,BNCDADOS!$A:$G,6,0))","v":"9,29"},{"$f":"IF(C597=0,\"\",VLOOKUP(C597,BNCDADOS!$A:$G,7,0))","v":12.07},46119.47,{"$f":"SUMIF('MC - TRECHO 02'!A:A,Orçamento!A597,'MC - TRECHO 02'!R:R)","v":3821}]
["3.6.3.15",{"$f":"IF(C598=0,\"\",VLOOKUP(C598,BNCDADOS!$A:$H,8,0))","v":"SINAPI/RN\nSERVIÇO"},92773,{"$f":"IF(C598=0,\"\",VLOOKUP(C598,BNCDADOS!$A:$G,2,0))","v":"ARMAÇÃO DE LAJE DE ESTRUTURA CONVENCIONAL DE CONCRETO ARMADO UTILIZANDO AÇO CA-50 DE 16,0 MM - MONTAGEM. AF_06/2022"},{"$f":"IF(C598=0,\"\",VLOOKUP(C598,BNCDADOS!$A:$G,3,0))","v":"KG"},5582,{"$f":"IF(C598=0,\"\",VLOOKUP(C598,BNCDADOS!$A:$G,4,0))","v":"9,19"},{"$f":"IF(C598=0,\"\",VLOOKUP(C598,BNCDADOS!$A:$G,5,0))","v":11.36},63411.519999999997,{"$f":"IF(C598=0,\"\",VLOOKUP(C598,BNCDADOS!$A:$G,6,0))","v":"9,14"},{"$f":"IF(C598=0,\"\",VLOOKUP(C598,BNCDADOS!$A:$G,7,0))","v":11.87},66258.34,{"$f":"SUMIF('MC - TRECHO 02'!A:A,Orçamento!A598,'MC - TRECHO 02'!R:R)","v":5582}]
["3.6.3.16",{"$f":"IF(C599=0,\"\",VLOOKUP(C599,BNCDADOS!$A:$H,8,0))","v":0},"COMP 20",{"$f":"IF(C599=0,\"\",VLOOKUP(C599,BNCDADOS!$A:$G,2,0))","v":"CONCRETAGEM DE ESTRUTURAS, FCK = 40 MPA, COM USO DE BOMBA EM EDIFICAÇÕES DIVERSAS - LANÇAMENTO, ADENSAMENTO E ACABAMENTO"},{"$f":"IF(C599=0,\"\",VLOOKUP(C599,BNCDADOS!$A:$G,3,0))","v":"M3    "},318.98,{"$f":"IF(C599=0,\"\",VLOOKUP(C599,BNCDADOS!$A:$G,4,0))","v":852.28},{"$f":"IF(C599=0,\"\",VLOOKUP(C599,BNCDADOS!$A:$G,5,0))","v":1054.18},336262.33,{"$f":"IF(C599=0,\"\",VLOOKUP(C599,BNCDADOS!$A:$G,6,0))","v":837.56},{"$f":"IF(C599=0,\"\",VLOOKUP(C599,BNCDADOS!$A:$G,7,0))","v":1088.49},347206.54,{"$f":"SUMIF('MC - TRECHO 02'!A:A,Orçamento!A599,'MC - TRECHO 02'!R:R)","v":318.98}]
["3.6.3.17",{"$f":"IF(C600=0,\"\",VLOOKUP(C600,BNCDADOS!$A:$H,8,0))","v":"SINAPI/RN\nSERVIÇO"},93205,{"$f":"IF(C600=0,\"\",VLOOKUP(C600,BNCDADOS!$A:$G,2,0))","v":"CINTA DE AMARRAÇÃO DE ALVENARIA MOLDADA IN LOCO COM UTILIZAÇÃO DE BLOCOS CANALETA, ESPESSURA DE *20* CM. AF_03/2024"},{"$f":"IF(C600=0,\"\",VLOOKUP(C600,BNCDADOS!$A:$G,3,0))","v":"M"},200.92,{"$f":"IF(C600=0,\"\",VLOOKUP(C600,BNCDADOS!$A:$G,4,0))","v":"59,88"},{"$f":"IF(C600=0,\"\",VLOOKUP(C600,BNCDADOS!$A:$G,5,0))","v":74.06},14880.13,{"$f":"IF(C600=0,\"\",VLOOKUP(C600,BNCDADOS!$A:$G,6,0))","v":"57,63"},{"$f":"IF(C600=0,\"\",VLOOKUP(C600,BNCDADOS!$A:$G,7,0))","v":74.89},15046.89,{"$f":"SUMIF('MC - TRECHO 02'!A:A,Orçamento!A600,'MC - TRECHO 02'!R:R)","v":200.92000000000002}]
["3.6.4",{"$f":"IF(C601=0,\"\",VLOOKUP(C601,[142]BNCDADOS!$A:$G,8,0))","v":""},null,"ALVENARIA E REVESTIMENTOS",{"$f":"IF(C601=0,\"\",VLOOKUP(C601,[142]BNCDADOS!$A:$G,3,0))","v":""},0,{"$f":"IF(C601=0,\"\",VLOOKUP(C601,[142]BNCDADOS!$A:$G,4,0))","v":""},{"$f":"IF(C601=0,\"\",VLOOKUP(C601,[142]BNCDADOS!$A:$G,5,0))","v":""},{"$f":"SUM(I603:I610)","v":116178.65000000001},{"$f":"IF(C601=0,\"\",VLOOKUP(C601,[142]BNCDADOS!$A:$G,6,0))","v":""},{"$f":"IF(C601=0,\"\",VLOOKUP(C601,[142]BNCDADOS!$A:$G,7,0))","v":""},{"$f":"SUM(L603:L610)","v":114432.54000000001},0]
["3.6.4.1",{"$f":"IF(C602=0,\"\",VLOOKUP(C602,BNCDADOS!$A:$H,8,0))","v":"SINAPI/RN\nSERVIÇO"},103338,{"$f":"IF(C602=0,\"\",VLOOKUP(C602,BNCDADOS!$A:$G,2,0))","v":"ALVENARIA DE VEDAÇÃO DE BLOCOS  VAZADOS DE CONCRETO APARENTE DE 14X19X39 CM (ESPESSURA 14 CM) E ARGAMASSA DE ASSENTAMENTO COM PREPARO EM BETONEIRA. AF_12/2021"},{"$f":"IF(C602=0,\"\",VLOOKUP(C602,BNCDADOS!$A:$G,3,0))","v":"M2"},655.58,{"$f":"IF(C602=0,\"\",VLOOKUP(C602,BNCDADOS!$A:$G,4,0))","v":"111,81"},{"$f":"IF(C602=0,\"\",VLOOKUP(C602,BNCDADOS!$A:$G,5,0))","v":138.29},{"$f":"IF(H602=\"\",0,TRUNC(H602*F602,2))","v":90660.15},{"$f":"IF(C602=0,\"\",VLOOKUP(C602,BNCDADOS!$A:$G,6,0))","v":"106,87"},{"$f":"IF(C602=0,\"\",VLOOKUP(C602,BNCDADOS!$A:$G,7,0))","v":138.88},{"$f":"IF(K602=\"\",0,TRUNC(K602*F602,2))","v":91046.95},{"$f":"SUMIF('MC - TRECHO 02'!A:A,Orçamento!A602,'MC - TRECHO 02'!R:R)","v":655.58}]
["3.6.4.2",{"$f":"IF(C603=0,\"\",VLOOKUP(C603,BNCDADOS!$A:$H,8,0))","v":"SINAPI/RN\nSERVIÇO"},101161,{"$f":"IF(C603=0,\"\",VLOOKUP(C603,BNCDADOS!$A:$G,2,0))","v":"ALVENARIA DE VEDAÇÃO COM ELEMENTO VAZADO DE CONCRETO (COBOGÓ) DE 7X50X50CM E ARGAMASSA DE ASSENTAMENTO COM PREPARO EM BETONEIRA. AF_05/2020"},{"$f":"IF(C603=0,\"\",VLOOKUP(C603,BNCDADOS!$A:$G,3,0))","v":"M2"},10.199999999999999,{"$f":"IF(C603=0,\"\",VLOOKUP(C603,BNCDADOS!$A:$G,4,0))","v":"233,42"},{"$f":"IF(C603=0,\"\",VLOOKUP(C603,BNCDADOS!$A:$G,5,0))","v":288.70999999999998},2944.84,{"$f":"IF(C603=0,\"\",VLOOKUP(C603,BNCDADOS!$A:$G,6,0))","v":"225,72"},{"$f":"IF(C603=0,\"\",VLOOKUP(C603,BNCDADOS!$A:$G,7,0))","v":293.33999999999997},2992.06,{"$f":"SUMIF('MC - TRECHO 02'!A:A,Orçamento!A603,'MC - TRECHO 02'!R:R)","v":10.199999999999999}]
["3.6.4.3",{"$f":"IF(C604=0,\"\",VLOOKUP(C604,BNCDADOS!$A:$H,8,0))","v":"SINAPI/RN\nSERVIÇO"},93189,{"$f":"IF(C604=0,\"\",VLOOKUP(C604,BNCDADOS!$A:$G,2,0))","v":"VERGA MOLDADA IN LOCO EM CONCRETO PARA PORTAS COM MAIS DE 1,5 M DE VÃO. AF_03/2016"},{"$f":"IF(C604=0,\"\",VLOOKUP(C604,BNCDADOS!$A:$G,3,0))","v":"M"},9,{"$f":"IF(C604=0,\"\",VLOOKUP(C604,BNCDADOS!$A:$G,4,0))","v":119.84},{"$f":"IF(C604=0,\"\",VLOOKUP(C604,BNCDADOS!$A:$G,5,0))","v":148.22999999999999},1334.07,{"$f":"IF(C604=0,\"\",VLOOKUP(C604,BNCDADOS!$A:$G,6,0))","v":117.08},{"$f":"IF(C604=0,\"\",VLOOKUP(C604,BNCDADOS!$A:$G,7,0))","v":152.15},1369.35,{"$f":"SUMIF('MC - TRECHO 02'!A:A,Orçamento!A604,'MC - TRECHO 02'!R:R)","v":9}]
["3.6.4.4",{"$f":"IF(C605=0,\"\",VLOOKUP(C605,BNCDADOS!$A:$H,8,0))","v":"SINAPI/RN\nSERVIÇO"},93187,{"$f":"IF(C605=0,\"\",VLOOKUP(C605,BNCDADOS!$A:$G,2,0))","v":"VERGA MOLDADA IN LOCO EM CONCRETO, ESPESSURA DE *20* CM. AF_03/2024"},{"$f":"IF(C605=0,\"\",VLOOKUP(C605,BNCDADOS!$A:$G,3,0))","v":"M"},4.5999999999999996,{"$f":"IF(C605=0,\"\",VLOOKUP(C605,BNCDADOS!$A:$G,4,0))","v":"78,39"},{"$f":"IF(C605=0,\"\",VLOOKUP(C605,BNCDADOS!$A:$G,5,0))","v":96.96},446.01,{"$f":"IF(C605=0,\"\",VLOOKUP(C605,BNCDADOS!$A:$G,6,0))","v":"75,28"},{"$f":"IF(C605=0,\"\",VLOOKUP(C605,BNCDADOS!$A:$G,7,0))","v":97.83},450.01,{"$f":"SUMIF('MC - TRECHO 02'!A:A,Orçamento!A605,'MC - TRECHO 02'!R:R)","v":4.5999999999999996}]
["3.6.4.5",{"$f":"IF(C606=0,\"\",VLOOKUP(C606,BNCDADOS!$A:$H,8,0))","v":"SINAPI/RN\nSERVIÇO"},93197,{"$f":"IF(C606=0,\"\",VLOOKUP(C606,BNCDADOS!$A:$G,2,0))","v":"CONTRAVERGA MOLDADA IN LOCO EM CONCRETO, ESPESSURA DE *20* CM. AF_03/2024"},{"$f":"IF(C606=0,\"\",VLOOKUP(C606,BNCDADOS!$A:$G,3,0))","v":"M"},4.5999999999999996,{"$f":"IF(C606=0,\"\",VLOOKUP(C606,BNCDADOS!$A:$G,4,0))","v":"57,72"},{"$f":"IF(C606=0,\"\",VLOOKUP(C606,BNCDADOS!$A:$G,5,0))","v":71.39},328.39,{"$f":"IF(C606=0,\"\",VLOOKUP(C606,BNCDADOS!$A:$G,6,0))","v":"55,77"},{"$f":"IF(C606=0,\"\",VLOOKUP(C606,BNCDADOS!$A:$G,7,0))","v":72.47},333.36,{"$f":"SUMIF('MC - TRECHO 02'!A:A,Orçamento!A606,'MC - TRECHO 02'!R:R)","v":4.5999999999999996}]
["3.6.4.6",{"$f":"IF(C607=0,\"\",VLOOKUP(C607,BNCDADOS!$A:$H,8,0))","v":"SINAPI/RN\nSERVIÇO"},87879,{"$f":"IF(C607=0,\"\",VLOOKUP(C607,BNCDADOS!$A:$G,2,0))","v":"CHAPISCO APLICADO EM ALVENARIAS E ESTRUTURAS DE CONCRETO INTERNAS, COM COLHER DE PEDREIRO.  ARGAMASSA TRAÇO 1:3 COM PREPARO EM BETONEIRA 400L. AF_10/2022"},{"$f":"IF(C607=0,\"\",VLOOKUP(C607,BNCDADOS!$A:$G,3,0))","v":"M2"},1311.16,{"$f":"IF(C607=0,\"\",VLOOKUP(C607,BNCDADOS!$A:$G,4,0))","v":"4,06"},{"$f":"IF(C607=0,\"\",VLOOKUP(C607,BNCDADOS!$A:$G,5,0))","v":5.0199999999999996},6582.02,{"$f":"IF(C607=0,\"\",VLOOKUP(C607,BNCDADOS!$A:$G,6,0))","v":"3,78"},{"$f":"IF(C607=0,\"\",VLOOKUP(C607,BNCDADOS!$A:$G,7,0))","v":4.91},6437.79,{"$f":"SUMIF('MC - TRECHO 02'!A:A,Orçamento!A607,'MC - TRECHO 02'!R:R)","v":1311.16}]
["3.6.4.7",{"$f":"IF(C608=0,\"\",VLOOKUP(C608,BNCDADOS!$A:$H,8,0))","v":"SINAPI/RN\nSERVIÇO"},89173,{"$f":"IF(C608=0,\"\",VLOOKUP(C608,BNCDADOS!$A:$G,2,0))","v":"(COMPOSIÇÃO REPRESENTATIVA) DO SERVIÇO DE EMBOÇO/MASSA ÚNICA, APLICADO MANUALMENTE, TRAÇO 1:2:8, EM BETONEIRA DE 400L, PAREDES INTERNAS, COM EXECUÇÃO DE TALISCAS, EDIFICAÇÃO HABITACIONAL UNIFAMILIAR (CASAS) E EDIFICAÇÃO PÚBLICA PADRÃO. AF_12/2014"},{"$f":"IF(C608=0,\"\",VLOOKUP(C608,BNCDADOS!$A:$G,3,0))","v":"m²"},2622.32,{"$f":"IF(C608=0,\"\",VLOOKUP(C608,BNCDADOS!$A:$G,4,0))","v":32},{"$f":"IF(C608=0,\"\",VLOOKUP(C608,BNCDADOS!$A:$G,5,0))","v":39.58},103791.42,{"$f":"IF(C608=0,\"\",VLOOKUP(C608,BNCDADOS!$A:$G,6,0))","v":29.96},{"$f":"IF(C608=0,\"\",VLOOKUP(C608,BNCDADOS!$A:$G,7,0))","v":38.93},102086.91,{"$f":"SUMIF('MC - TRECHO 02'!A:A,Orçamento!A608,'MC - TRECHO 02'!R:R)","v":2622.32}]
["3.6.4.8",{"$f":"IF(C609=0,\"\",VLOOKUP(C609,BNCDADOS!$A:$H,8,0))","v":"SINAPI/RN\nSERVIÇO"},89045,{"$f":"IF(C609=0,\"\",VLOOKUP(C609,BNCDADOS!$A:$G,2,0))","v":"(COMPOSIÇÃO REPRESENTATIVA) DO SERVIÇO DE REVESTIMENTO CERÂMICO PARA AMBIENTES DE ÁREAS MOLHADAS, MEIA PAREDE OU PAREDE INTEIRA, COM PLACAS TIPO ESMALTADA EXTRA, DIMENSÕES 20X20 CM, PARA EDIFICAÇÃO HABITACIONAL MULTIFAMILIAR (PRÉDIO). AF_11/2014"},{"$f":"IF(C609=0,\"\",VLOOKUP(C609,BNCDADOS!$A:$G,3,0))","v":"M²"},4.5,{"$f":"IF(C609=0,\"\",VLOOKUP(C609,BNCDADOS!$A:$G,4,0))","v":67.73},{"$f":"IF(C609=0,\"\",VLOOKUP(C609,BNCDADOS!$A:$G,5,0))","v":83.77},376.96,{"$f":"IF(C609=0,\"\",VLOOKUP(C609,BNCDADOS!$A:$G,6,0))","v":65.709999999999994},{"$f":"IF(C609=0,\"\",VLOOKUP(C609,BNCDADOS!$A:$G,7,0))","v":85.39},384.25,{"$f":"SUMIF('MC - TRECHO 02'!A:A,Orçamento!A609,'MC - TRECHO 02'!R:R)","v":4.5}]
["3.6.4.9",{"$f":"IF(C610=0,\"\",VLOOKUP(C610,BNCDADOS!$A:$H,8,0))","v":"SINAPI/RN\nSERVIÇO"},87249,{"$f":"IF(C610=0,\"\",VLOOKUP(C610,BNCDADOS!$A:$G,2,0))","v":"REVESTIMENTO CERÂMICO PARA PISO COM PLACAS TIPO ESMALTADA DE DIMENSÕES 45X45 CM APLICADA EM AMBIENTES DE ÁREA MENOR QUE 5 M2. AF_02/2023_PE"},{"$f":"IF(C610=0,\"\",VLOOKUP(C610,BNCDADOS!$A:$G,3,0))","v":"M2"},4.5,{"$f":"IF(C610=0,\"\",VLOOKUP(C610,BNCDADOS!$A:$G,4,0))","v":"67,37"},{"$f":"IF(C610=0,\"\",VLOOKUP(C610,BNCDADOS!$A:$G,5,0))","v":83.32},374.94,{"$f":"IF(C610=0,\"\",VLOOKUP(C610,BNCDADOS!$A:$G,6,0))","v":"64,78"},{"$f":"IF(C610=0,\"\",VLOOKUP(C610,BNCDADOS!$A:$G,7,0))","v":84.18},378.81,{"$f":"SUMIF('MC - TRECHO 02'!A:A,Orçamento!A610,'MC - TRECHO 02'!R:R)","v":4.5}]
["3.6.4.10",{"$f":"IF(C611=0,\"\",VLOOKUP(C611,BNCDADOS!$A:$H,8,0))","v":"SINAPI/RN\nSERVIÇO"},98553,{"$f":"IF(C611=0,\"\",VLOOKUP(C611,BNCDADOS!$A:$G,2,0))","v":"IMPERMEABILIZAÇÃO DE SUPERFÍCIE COM MEMBRANA À BASE DE POLIURETANO, 2 DEMÃOS. AF_09/2023"},{"$f":"IF(C611=0,\"\",VLOOKUP(C611,BNCDADOS!$A:$G,3,0))","v":"M2"},75,{"$f":"IF(C611=0,\"\",VLOOKUP(C611,BNCDADOS!$A:$G,4,0))","v":"173,85"},{"$f":"IF(C611=0,\"\",VLOOKUP(C611,BNCDADOS!$A:$G,5,0))","v":215.03},16127.25,{"$f":"IF(C611=0,\"\",VLOOKUP(C611,BNCDADOS!$A:$G,6,0))","v":"172,27"},{"$f":"IF(C611=0,\"\",VLOOKUP(C611,BNCDADOS!$A:$G,7,0))","v":223.88},16791,{"$f":"SUMIF('MC - TRECHO 02'!A:A,Orçamento!A611,'MC - TRECHO 02'!R:R)","v":75}]
["3.6.5",{"$f":"IF(C612=0,\"\",VLOOKUP(C612,[142]BNCDADOS!$A:$G,8,0))","v":""},null,"COBERTURA",{"$f":"IF(C612=0,\"\",VLOOKUP(C612,[142]BNCDADOS!$A:$G,3,0))","v":""},0,{"$f":"IF(C612=0,\"\",VLOOKUP(C612,[142]BNCDADOS!$A:$G,4,0))","v":""},{"$f":"IF(C612=0,\"\",VLOOKUP(C612,[142]BNCDADOS!$A:$G,5,0))","v":""},{"$f":"SUM(I613:I614)","v":58658.11},{"$f":"IF(C612=0,\"\",VLOOKUP(C612,[142]BNCDADOS!$A:$G,6,0))","v":""},{"$f":"IF(C612=0,\"\",VLOOKUP(C612,[142]BNCDADOS!$A:$G,7,0))","v":""},{"$f":"SUM(L613:L614)","v":61242.75},0]
["3.6.5.1",{"$f":"IF(C613=0,\"\",VLOOKUP(C613,BNCDADOS!$A:$H,8,0))","v":"SINAPI/RN\nSERVIÇO"},92544,{"$f":"IF(C613=0,\"\",VLOOKUP(C613,BNCDADOS!$A:$G,2,0))","v":"TRAMA DE MADEIRA COMPOSTA POR TERÇAS PARA TELHADOS DE ATÉ 2 ÁGUAS PARA TELHA ESTRUTURAL DE FIBROCIMENTO, INCLUSO TRANSPORTE VERTICAL. AF_07/2019"},{"$f":"IF(C613=0,\"\",VLOOKUP(C613,BNCDADOS!$A:$G,3,0))","v":"M2"},272.93,{"$f":"IF(C613=0,\"\",VLOOKUP(C613,BNCDADOS!$A:$G,4,0))","v":"20,78"},{"$f":"IF(C613=0,\"\",VLOOKUP(C613,BNCDADOS!$A:$G,5,0))","v":25.7},{"$f":"IF(H613=\"\",0,TRUNC(H613*F613,2))","v":7014.3},{"$f":"IF(C613=0,\"\",VLOOKUP(C613,BNCDADOS!$A:$G,6,0))","v":"20,39"},{"$f":"IF(C613=0,\"\",VLOOKUP(C613,BNCDADOS!$A:$G,7,0))","v":26.49},{"$f":"IF(K613=\"\",0,TRUNC(K613*F613,2))","v":7229.91},{"$f":"SUMIF('MC - TRECHO 02'!A:A,Orçamento!A613,'MC - TRECHO 02'!R:R)","v":272.9375}]
["3.6.5.2",{"$f":"IF(C614=0,\"\",VLOOKUP(C614,BNCDADOS!$A:$H,8,0))","v":"SINAPI/RN\nSERVIÇO"},94218,{"$f":"IF(C614=0,\"\",VLOOKUP(C614,BNCDADOS!$A:$G,2,0))","v":"TELHAMENTO COM TELHA ESTRUTURAL DE FIBROCIMENTO E= 8 MM, COM ATÉ 2 ÁGUAS, INCLUSO IÇAMENTO. AF_07/2019_PS"},{"$f":"IF(C614=0,\"\",VLOOKUP(C614,BNCDADOS!$A:$G,3,0))","v":"M2"},272.93,{"$f":"IF(C614=0,\"\",VLOOKUP(C614,BNCDADOS!$A:$G,4,0))","v":"152,98"},{"$f":"IF(C614=0,\"\",VLOOKUP(C614,BNCDADOS!$A:$G,5,0))","v":189.22},51643.81,{"$f":"IF(C614=0,\"\",VLOOKUP(C614,BNCDADOS!$A:$G,6,0))","v":"152,28"},{"$f":"IF(C614=0,\"\",VLOOKUP(C614,BNCDADOS!$A:$G,7,0))","v":197.9},54012.84,{"$f":"SUMIF('MC - TRECHO 02'!A:A,Orçamento!A614,'MC - TRECHO 02'!R:R)","v":272.9375}]
["3.6.6",{"$f":"IF(C615=0,\"\",VLOOKUP(C615,[142]BNCDADOS!$A:$G,8,0))","v":""},null,"ESQUADRIAS",{"$f":"IF(C615=0,\"\",VLOOKUP(C615,[142]BNCDADOS!$A:$G,3,0))","v":""},0,{"$f":"IF(C615=0,\"\",VLOOKUP(C615,[142]BNCDADOS!$A:$G,4,0))","v":""},{"$f":"IF(C615=0,\"\",VLOOKUP(C615,[142]BNCDADOS!$A:$G,5,0))","v":""},{"$f":"SUM(I617:I618)","v":9649.5400000000009},{"$f":"IF(C615=0,\"\",VLOOKUP(C615,[142]BNCDADOS!$A:$G,6,0))","v":""},{"$f":"IF(C615=0,\"\",VLOOKUP(C615,[142]BNCDADOS!$A:$G,7,0))","v":""},{"$f":"SUM(L617:L618)","v":10103.69},0]
["3.6.6.1",{"$f":"IF(C616=0,\"\",VLOOKUP(C616,BNCDADOS!$A:$H,8,0))","v":0},"COMP 21",{"$f":"IF(C616=0,\"\",VLOOKUP(C616,BNCDADOS!$A:$G,2,0))","v":"PORTAO DE CORRER EM GRADIL FIXO DE BARRA DE FERRO CHATA DE 3 X 1/4\" NA VERTICAL, SEM REQUADRO, ACABAMENTO NATURAL, COM TRILHOS E ROLDANAS                                                                                                                                                                                                                                                                                                                                                                 "},{"$f":"IF(C616=0,\"\",VLOOKUP(C616,BNCDADOS!$A:$G,3,0))","v":"M2"},4.9000000000000004,{"$f":"IF(C616=0,\"\",VLOOKUP(C616,BNCDADOS!$A:$G,4,0))","v":703.96},{"$f":"IF(C616=0,\"\",VLOOKUP(C616,BNCDADOS!$A:$G,5,0))","v":870.72},{"$f":"IF(H616=\"\",0,TRUNC(H616*F616,2))","v":4266.5200000000004},{"$f":"IF(C616=0,\"\",VLOOKUP(C616,BNCDADOS!$A:$G,6,0))","v":696.5},{"$f":"IF(C616=0,\"\",VLOOKUP(C616,BNCDADOS!$A:$G,7,0))","v":905.17},{"$f":"IF(K616=\"\",0,TRUNC(K616*F616,2))","v":4435.33},{"$f":"SUMIF('MC - TRECHO 02'!A:A,Orçamento!A616,'MC - TRECHO 02'!R:R)","v":4.8999999999999995}]
["3.6.6.2",{"$f":"IF(C617=0,\"\",VLOOKUP(C617,BNCDADOS!$A:$H,8,0))","v":"SINAPI/RN\nSERVIÇO"},100701,{"$f":"IF(C617=0,\"\",VLOOKUP(C617,BNCDADOS!$A:$G,2,0))","v":"PORTA DE FERRO, DE ABRIR, TIPO GRADE COM CHAPA, COM GUARNIÇÕES. AF_12/2019"},{"$f":"IF(C617=0,\"\",VLOOKUP(C617,BNCDADOS!$A:$G,3,0))","v":"M2"},13.67,{"$f":"IF(C617=0,\"\",VLOOKUP(C617,BNCDADOS!$A:$G,4,0))","v":"561,07"},{"$f":"IF(C617=0,\"\",VLOOKUP(C617,BNCDADOS!$A:$G,5,0))","v":693.98},9486.7000000000007,{"$f":"IF(C617=0,\"\",VLOOKUP(C617,BNCDADOS!$A:$G,6,0))","v":"559,17"},{"$f":"IF(C617=0,\"\",VLOOKUP(C617,BNCDADOS!$A:$G,7,0))","v":726.69},9933.85,{"$f":"SUMIF('MC - TRECHO 02'!A:A,Orçamento!A617,'MC - TRECHO 02'!R:R)","v":13.67}]
["3.6.6.3",{"$f":"IF(C618=0,\"\",VLOOKUP(C618,BNCDADOS!$A:$H,8,0))","v":"SINAPI/RN\nSERVIÇO"},94570,{"$f":"IF(C618=0,\"\",VLOOKUP(C618,BNCDADOS!$A:$G,2,0))","v":"JANELA DE ALUMÍNIO DE CORRER COM 2 FOLHAS PARA VIDROS, COM VIDROS, BATENTE, ACABAMENTO COM ACETATO OU BRILHANTE E FERRAGENS. EXCLUSIVE ALIZAR E CONTRAMARCO. FORNECIMENTO E INSTALAÇÃO. AF_12/2019"},{"$f":"IF(C618=0,\"\",VLOOKUP(C618,BNCDADOS!$A:$G,3,0))","v":"M2"},0.5,{"$f":"IF(C618=0,\"\",VLOOKUP(C618,BNCDADOS!$A:$G,4,0))","v":"263,31"},{"$f":"IF(C618=0,\"\",VLOOKUP(C618,BNCDADOS!$A:$G,5,0))","v":325.68},162.84,{"$f":"IF(C618=0,\"\",VLOOKUP(C618,BNCDADOS!$A:$G,6,0))","v":"261,38"},{"$f":"IF(C618=0,\"\",VLOOKUP(C618,BNCDADOS!$A:$G,7,0))","v":339.68},169.84,{"$f":"SUMIF('MC - TRECHO 02'!A:A,Orçamento!A618,'MC - TRECHO 02'!R:R)","v":0.5}]
["3.6.7",{"$f":"IF(C619=0,\"\",VLOOKUP(C619,[142]BNCDADOS!$A:$G,8,0))","v":""},null,"DRENAGEM",{"$f":"IF(C619=0,\"\",VLOOKUP(C619,[142]BNCDADOS!$A:$G,3,0))","v":""},0,{"$f":"IF(C619=0,\"\",VLOOKUP(C619,[142]BNCDADOS!$A:$G,4,0))","v":""},{"$f":"IF(C619=0,\"\",VLOOKUP(C619,[142]BNCDADOS!$A:$G,5,0))","v":""},{"$f":"SUM(I621:I623)","v":57210.979999999996},{"$f":"IF(C619=0,\"\",VLOOKUP(C619,[142]BNCDADOS!$A:$G,6,0))","v":""},{"$f":"IF(C619=0,\"\",VLOOKUP(C619,[142]BNCDADOS!$A:$G,7,0))","v":""},{"$f":"SUM(L621:L623)","v":59932.26},0]
["3.6.7.1",{"$f":"IF(C620=0,\"\",VLOOKUP(C620,BNCDADOS!$A:$H,8,0))","v":"caern"},2060193,{"$f":"IF(C620=0,\"\",VLOOKUP(C620,BNCDADOS!$A:$G,2,0))","v":"CAIXA ENTERRADA RETANGULAR EM ALVENARIA COM TIJOLOS CERÂMICOS MACIÇOS (ESPESSURA 20CM), DIMENSÕES INTERNAS: 0,8X0,8X1,5 M, INCLUSIVE ESCORAMENTO, ESCAVAÇÃO, REATERRO APILOADO, BOTA-FORA DE MATERIAL E TAMPA DE 10CM. R_11/2018"},{"$f":"IF(C620=0,\"\",VLOOKUP(C620,BNCDADOS!$A:$G,3,0))","v":"UN "},5,{"$f":"IF(C620=0,\"\",VLOOKUP(C620,BNCDADOS!$A:$G,4,0))","v":1820.24},{"$f":"IF(C620=0,\"\",VLOOKUP(C620,BNCDADOS!$A:$G,5,0))","v":2251.4499999999998},{"$f":"IF(H620=\"\",0,TRUNC(H620*F620,2))","v":11257.25},{"$f":"IF(C620=0,\"\",VLOOKUP(C620,BNCDADOS!$A:$G,6,0))","v":1734.86},{"$f":"IF(C620=0,\"\",VLOOKUP(C620,BNCDADOS!$A:$G,7,0))","v":2254.62},{"$f":"IF(K620=\"\",0,TRUNC(K620*F620,2))","v":11273.1},{"$f":"SUMIF('MC - TRECHO 02'!A:A,Orçamento!A620,'MC - TRECHO 02'!R:R)","v":5}]
["3.6.7.2",{"$f":"IF(C621=0,\"\",VLOOKUP(C621,BNCDADOS!$A:$H,8,0))","v":"SINAPI/RN\nSERVIÇO"},94871,{"$f":"IF(C621=0,\"\",VLOOKUP(C621,BNCDADOS!$A:$G,2,0))","v":"TUBO DE PEAD CORRUGADO DE DUPLA PAREDE PARA REDE COLETORA DE ESGOTO, DN 300 MM, JUNTA ELÁSTICA INTEGRADA - FORNECIMENTO E ASSENTAMENTO. AF_01/2021"},{"$f":"IF(C621=0,\"\",VLOOKUP(C621,BNCDADOS!$A:$G,3,0))","v":"M"},79.400000000000006,{"$f":"IF(C621=0,\"\",VLOOKUP(C621,BNCDADOS!$A:$G,4,0))","v":"452,78"},{"$f":"IF(C621=0,\"\",VLOOKUP(C621,BNCDADOS!$A:$G,5,0))","v":560.04},44467.17,{"$f":"IF(C621=0,\"\",VLOOKUP(C621,BNCDADOS!$A:$G,6,0))","v":"452,63"},{"$f":"IF(C621=0,\"\",VLOOKUP(C621,BNCDADOS!$A:$G,7,0))","v":588.23},46705.46,{"$f":"SUMIF('MC - TRECHO 02'!A:A,Orçamento!A621,'MC - TRECHO 02'!R:R)","v":79.400000000000006}]
["3.6.7.3",{"$f":"IF(C622=0,\"\",VLOOKUP(C622,BNCDADOS!$A:$H,8,0))","v":"SINAPI/RN\nSERVIÇO"},96624,{"$f":"IF(C622=0,\"\",VLOOKUP(C622,BNCDADOS!$A:$G,2,0))","v":"LASTRO COM MATERIAL GRANULAR (PEDRA BRITADA N.2), APLICADO EM PISOS OU LAJES SOBRE SOLO, ESPESSURA DE *10 CM*. AF_01/2024"},{"$f":"IF(C622=0,\"\",VLOOKUP(C622,BNCDADOS!$A:$G,3,0))","v":"M3"},18.97,{"$f":"IF(C622=0,\"\",VLOOKUP(C622,BNCDADOS!$A:$G,4,0))","v":"262,29"},{"$f":"IF(C622=0,\"\",VLOOKUP(C622,BNCDADOS!$A:$G,5,0))","v":324.42},6154.24,{"$f":"IF(C622=0,\"\",VLOOKUP(C622,BNCDADOS!$A:$G,6,0))","v":"256,74"},{"$f":"IF(C622=0,\"\",VLOOKUP(C622,BNCDADOS!$A:$G,7,0))","v":333.65},6329.34,{"$f":"SUMIF('MC - TRECHO 02'!A:A,Orçamento!A622,'MC - TRECHO 02'!R:R)","v":18.97}]
["3.6.7.4",{"$f":"IF(C623=0,\"\",VLOOKUP(C623,BNCDADOS!$A:$H,8,0))","v":"caern"},2120098,{"$f":"IF(C623=0,\"\",VLOOKUP(C623,BNCDADOS!$A:$G,2,0))","v":"GRADE EM BARRA DE FERRO DE 1.1/2\" X 1/2\" PARA CAIXA DE AREIA INCLUSIVE FIXAÇÃO, ESPAÇAMENTO DE 2,50CM. INC_11/2018"},{"$f":"IF(C623=0,\"\",VLOOKUP(C623,BNCDADOS!$A:$G,3,0))","v":"M²"},{"$f":"TRUNC(M623,2)","v":4.5},{"$f":"IF(C623=0,\"\",VLOOKUP(C623,BNCDADOS!$A:$G,4,0))","v":1183.8900000000001},{"$f":"IF(C623=0,\"\",VLOOKUP(C623,BNCDADOS!$A:$G,5,0))","v":1464.35},6589.57,{"$f":"IF(C623=0,\"\",VLOOKUP(C623,BNCDADOS!$A:$G,6,0))","v":1179.42},{"$f":"IF(C623=0,\"\",VLOOKUP(C623,BNCDADOS!$A:$G,7,0))","v":1532.77},6897.46,{"$f":"SUMIF('MC - TRECHO 02'!A:A,Orçamento!A623,'MC - TRECHO 02'!R:R)","v":4.5}]
["3.6.8",{"$f":"IF(C624=0,\"\",VLOOKUP(C624,[142]BNCDADOS!$A:$G,8,0))","v":""},null,"PAVIMENTAÇÃO",{"$f":"IF(C624=0,\"\",VLOOKUP(C624,[142]BNCDADOS!$A:$G,3,0))","v":""},{"$f":"TRUNC(M624,2)","v":0},{"$f":"IF(C624=0,\"\",VLOOKUP(C624,[142]BNCDADOS!$A:$G,4,0))","v":""},{"$f":"IF(C624=0,\"\",VLOOKUP(C624,[142]BNCDADOS!$A:$G,5,0))","v":""},{"$f":"SUM(I625:I628)","v":177744.39},{"$f":"IF(C624=0,\"\",VLOOKUP(C624,[142]BNCDADOS!$A:$G,6,0))","v":""},{"$f":"IF(C624=0,\"\",VLOOKUP(C624,[142]BNCDADOS!$A:$G,7,0))","v":""},{"$f":"SUM(L625:L628)","v":181931.33},0]
["3.6.8.1",{"$f":"IF(C625=0,\"\",VLOOKUP(C625,BNCDADOS!$A:$H,8,0))","v":"SINAPI/RN\nSERVIÇO"},94275,{"$f":"IF(C625=0,\"\",VLOOKUP(C625,BNCDADOS!$A:$G,2,0))","v":"ASSENTAMENTO DE GUIA (MEIO-FIO) EM TRECHO RETO, CONFECCIONADA EM CONCRETO PRÉ-FABRICADO, DIMENSÕES 100X15X13X20 CM (COMPRIMENTO X BASE INFERIOR X BASE SUPERIOR X ALTURA). AF_01/2024"},{"$f":"IF(C625=0,\"\",VLOOKUP(C625,BNCDADOS!$A:$G,3,0))","v":"M"},228.2,{"$f":"IF(C625=0,\"\",VLOOKUP(C625,BNCDADOS!$A:$G,4,0))","v":"40,32"},{"$f":"IF(C625=0,\"\",VLOOKUP(C625,BNCDADOS!$A:$G,5,0))","v":49.87},{"$f":"IF(H625=\"\",0,TRUNC(H625*F625,2))","v":11380.33},{"$f":"IF(C625=0,\"\",VLOOKUP(C625,BNCDADOS!$A:$G,6,0))","v":"39,29"},{"$f":"IF(C625=0,\"\",VLOOKUP(C625,BNCDADOS!$A:$G,7,0))","v":51.06},{"$f":"IF(K625=\"\",0,TRUNC(K625*F625,2))","v":11651.89},{"$f":"SUMIF('MC - TRECHO 02'!A:A,Orçamento!A625,'MC - TRECHO 02'!R:R)","v":228.2}]
["3.6.8.2",{"$f":"IF(C626=0,\"\",VLOOKUP(C626,BNCDADOS!$A:$H,8,0))","v":"SINAPI/RN\nSERVIÇO"},92400,{"$f":"IF(C626=0,\"\",VLOOKUP(C626,BNCDADOS!$A:$G,2,0))","v":"EXECUÇÃO DE PAVIMENTO EM PISO INTERTRAVADO, COM BLOCO RETANGULAR DE 20 X 10 CM, ESPESSURA 10 CM. AF_10/2022"},{"$f":"IF(C626=0,\"\",VLOOKUP(C626,BNCDADOS!$A:$G,3,0))","v":"M2"},643,{"$f":"IF(C626=0,\"\",VLOOKUP(C626,BNCDADOS!$A:$G,4,0))","v":"95,44"},{"$f":"IF(C626=0,\"\",VLOOKUP(C626,BNCDADOS!$A:$G,5,0))","v":118.04},75899.72,{"$f":"IF(C626=0,\"\",VLOOKUP(C626,BNCDADOS!$A:$G,6,0))","v":"93,92"},{"$f":"IF(C626=0,\"\",VLOOKUP(C626,BNCDADOS!$A:$G,7,0))","v":122.05},78478.149999999994,{"$f":"SUMIF('MC - TRECHO 02'!A:A,Orçamento!A626,'MC - TRECHO 02'!R:R)","v":643}]
["3.6.8.3",{"$f":"IF(C627=0,\"\",VLOOKUP(C627,BNCDADOS!$A:$H,8,0))","v":"SINAPI/RN\nSERVIÇO"},87640,{"$f":"IF(C627=0,\"\",VLOOKUP(C627,BNCDADOS!$A:$G,2,0))","v":"CONTRAPISO EM ARGAMASSA TRAÇO 1:4 (CIMENTO E AREIA), PREPARO MECÂNICO COM BETONEIRA 400 L, APLICADO EM ÁREAS SECAS SOBRE LAJE, ADERIDO, ACABAMENTO NÃO REFORÇADO, ESPESSURA 4CM. AF_07/2021"},{"$f":"IF(C627=0,\"\",VLOOKUP(C627,BNCDADOS!$A:$G,3,0))","v":"M2"},240.5,{"$f":"IF(C627=0,\"\",VLOOKUP(C627,BNCDADOS!$A:$G,4,0))","v":"42,90"},{"$f":"IF(C627=0,\"\",VLOOKUP(C627,BNCDADOS!$A:$G,5,0))","v":53.06},12760.93,{"$f":"IF(C627=0,\"\",VLOOKUP(C627,BNCDADOS!$A:$G,6,0))","v":"41,18"},{"$f":"IF(C627=0,\"\",VLOOKUP(C627,BNCDADOS!$A:$G,7,0))","v":53.51},12869.15,{"$f":"SUMIF('MC - TRECHO 02'!A:A,Orçamento!A627,'MC - TRECHO 02'!R:R)","v":240.5}]
["3.6.8.4",{"$f":"IF(C628=0,\"\",VLOOKUP(C628,BNCDADOS!$A:$H,8,0))","v":"SINAPI/RN\nSERVIÇO"},94990,{"$f":"IF(C628=0,\"\",VLOOKUP(C628,BNCDADOS!$A:$G,2,0))","v":"EXECUÇÃO DE PASSEIO (CALÇADA) OU PISO DE CONCRETO COM CONCRETO MOLDADO IN LOCO, FEITO EM OBRA, ACABAMENTO CONVENCIONAL, NÃO ARMADO. AF_08/2022"},{"$f":"IF(C628=0,\"\",VLOOKUP(C628,BNCDADOS!$A:$G,3,0))","v":"M3"},80.52,{"$f":"IF(C628=0,\"\",VLOOKUP(C628,BNCDADOS!$A:$G,4,0))","v":"780,20"},{"$f":"IF(C628=0,\"\",VLOOKUP(C628,BNCDADOS!$A:$G,5,0))","v":965.02},77703.41,{"$f":"IF(C628=0,\"\",VLOOKUP(C628,BNCDADOS!$A:$G,6,0))","v":"754,30"},{"$f":"IF(C628=0,\"\",VLOOKUP(C628,BNCDADOS!$A:$G,7,0))","v":980.28},78932.14,{"$f":"SUMIF('MC - TRECHO 02'!A:A,Orçamento!A628,'MC - TRECHO 02'!R:R)","v":80.52}]
["3.6.9",{"$f":"IF(C629=0,\"\",VLOOKUP(C629,[142]BNCDADOS!$A:$G,8,0))","v":""},null,"PINTURA",{"$f":"IF(C629=0,\"\",VLOOKUP(C629,[142]BNCDADOS!$A:$G,3,0))","v":""},0,{"$f":"IF(C629=0,\"\",VLOOKUP(C629,[142]BNCDADOS!$A:$G,4,0))","v":""},{"$f":"IF(C629=0,\"\",VLOOKUP(C629,[142]BNCDADOS!$A:$G,5,0))","v":""},{"$f":"SUM(I631:I634)","v":39568.03},{"$f":"IF(C629=0,\"\",VLOOKUP(C629,[142]BNCDADOS!$A:$G,6,0))","v":""},{"$f":"IF(C629=0,\"\",VLOOKUP(C629,[142]BNCDADOS!$A:$G,7,0))","v":""},{"$f":"SUM(L631:L634)","v":39088.199999999997},0]
["3.6.9.1",{"$f":"IF(C630=0,\"\",VLOOKUP(C630,BNCDADOS!$A:$H,8,0))","v":"SINAPI/RN\nSERVIÇO"},88485,{"$f":"IF(C630=0,\"\",VLOOKUP(C630,BNCDADOS!$A:$G,2,0))","v":"FUNDO SELADOR ACRÍLICO, APLICAÇÃO MANUAL EM PAREDE, UMA DEMÃO. AF_04/2023"},{"$f":"IF(C630=0,\"\",VLOOKUP(C630,BNCDADOS!$A:$G,3,0))","v":"M2"},2642.72,{"$f":"IF(C630=0,\"\",VLOOKUP(C630,BNCDADOS!$A:$G,4,0))","v":"3,30"},{"$f":"IF(C630=0,\"\",VLOOKUP(C630,BNCDADOS!$A:$G,5,0))","v":4.08},{"$f":"IF(H630=\"\",0,TRUNC(H630*F630,2))","v":10782.29},{"$f":"IF(C630=0,\"\",VLOOKUP(C630,BNCDADOS!$A:$G,6,0))","v":"3,06"},{"$f":"IF(C630=0,\"\",VLOOKUP(C630,BNCDADOS!$A:$G,7,0))","v":3.97},{"$f":"IF(K630=\"\",0,TRUNC(K630*F630,2))","v":10491.59},{"$f":"SUMIF('MC - TRECHO 02'!A:A,Orçamento!A630,'MC - TRECHO 02'!R:R)","v":2642.7200000000003}]
["3.6.9.2",{"$f":"IF(C631=0,\"\",VLOOKUP(C631,BNCDADOS!$A:$H,8,0))","v":"SINAPI/RN\nSERVIÇO"},104642,{"$f":"IF(C631=0,\"\",VLOOKUP(C631,BNCDADOS!$A:$G,2,0))","v":"PINTURA LÁTEX ACRÍLICA STANDARD, APLICAÇÃO MANUAL EM PAREDES, DUAS DEMÃOS. AF_04/2023"},{"$f":"IF(C631=0,\"\",VLOOKUP(C631,BNCDADOS!$A:$G,3,0))","v":"M2"},2642.72,{"$f":"IF(C631=0,\"\",VLOOKUP(C631,BNCDADOS!$A:$G,4,0))","v":"10,29"},{"$f":"IF(C631=0,\"\",VLOOKUP(C631,BNCDADOS!$A:$G,5,0))","v":12.72},33615.39,{"$f":"IF(C631=0,\"\",VLOOKUP(C631,BNCDADOS!$A:$G,6,0))","v":"9,70"},{"$f":"IF(C631=0,\"\",VLOOKUP(C631,BNCDADOS!$A:$G,7,0))","v":12.6},33298.269999999997,{"$f":"SUMIF('MC - TRECHO 02'!A:A,Orçamento!A631,'MC - TRECHO 02'!R:R)","v":2642.7200000000003}]
["3.6.9.3",{"$f":"IF(C632=0,\"\",VLOOKUP(C632,BNCDADOS!$A:$H,8,0))","v":"SINAPI/RN\nSERVIÇO"},100720,{"$f":"IF(C632=0,\"\",VLOOKUP(C632,BNCDADOS!$A:$G,2,0))","v":"PINTURA COM TINTA ALQUÍDICA DE FUNDO (TIPO ZARCÃO) APLICADA A ROLO OU PINCEL SOBRE PERFIL METÁLICO EXECUTADO EM FÁBRICA (POR DEMÃO). AF_01/2020"},{"$f":"IF(C632=0,\"\",VLOOKUP(C632,BNCDADOS!$A:$G,3,0))","v":"M2"},37.14,{"$f":"IF(C632=0,\"\",VLOOKUP(C632,BNCDADOS!$A:$G,4,0))","v":"10,27"},{"$f":"IF(C632=0,\"\",VLOOKUP(C632,BNCDADOS!$A:$G,5,0))","v":12.7},471.67,{"$f":"IF(C632=0,\"\",VLOOKUP(C632,BNCDADOS!$A:$G,6,0))","v":"9,65"},{"$f":"IF(C632=0,\"\",VLOOKUP(C632,BNCDADOS!$A:$G,7,0))","v":12.54},465.73,{"$f":"SUMIF('MC - TRECHO 02'!A:A,Orçamento!A632,'MC - TRECHO 02'!R:R)","v":37.14}]
["3.6.9.4",{"$f":"IF(C633=0,\"\",VLOOKUP(C633,BNCDADOS!$A:$H,8,0))","v":"SINAPI/RN\nSERVIÇO"},100758,{"$f":"IF(C633=0,\"\",VLOOKUP(C633,BNCDADOS!$A:$G,2,0))","v":"PINTURA COM TINTA ALQUÍDICA DE ACABAMENTO (ESMALTE SINTÉTICO ACETINADO) APLICADA A ROLO OU PINCEL SOBRE SUPERFÍCIES METÁLICAS (EXCETO PERFIL) EXECUTADO EM OBRA (02 DEMÃOS). AF_01/2020"},{"$f":"IF(C633=0,\"\",VLOOKUP(C633,BNCDADOS!$A:$G,3,0))","v":"M2"},37.14,{"$f":"IF(C633=0,\"\",VLOOKUP(C633,BNCDADOS!$A:$G,4,0))","v":"48,50"},{"$f":"IF(C633=0,\"\",VLOOKUP(C633,BNCDADOS!$A:$G,5,0))","v":59.98},2227.65,{"$f":"IF(C633=0,\"\",VLOOKUP(C633,BNCDADOS!$A:$G,6,0))","v":"44,55"},{"$f":"IF(C633=0,\"\",VLOOKUP(C633,BNCDADOS!$A:$G,7,0))","v":57.89},2150.0300000000002,{"$f":"SUMIF('MC - TRECHO 02'!A:A,Orçamento!A633,'MC - TRECHO 02'!R:R)","v":37.14}]
["3.6.9.5",{"$f":"IF(C634=0,\"\",VLOOKUP(C634,BNCDADOS!$A:$H,8,0))","v":"SINAPI/RN\nSERVIÇO"},102203,{"$f":"IF(C634=0,\"\",VLOOKUP(C634,BNCDADOS!$A:$G,2,0))","v":"PINTURA VERNIZ (INCOLOR) ALQUÍDICO EM MADEIRA, USO INTERNO E EXTERNO, 1 DEMÃO. AF_01/2021"},{"$f":"IF(C634=0,\"\",VLOOKUP(C634,BNCDADOS!$A:$G,3,0))","v":"M2"},272.93,{"$f":"IF(C634=0,\"\",VLOOKUP(C634,BNCDADOS!$A:$G,4,0))","v":"9,64"},{"$f":"IF(C634=0,\"\",VLOOKUP(C634,BNCDADOS!$A:$G,5,0))","v":11.92},3253.32,{"$f":"IF(C634=0,\"\",VLOOKUP(C634,BNCDADOS!$A:$G,6,0))","v":"8,95"},{"$f":"IF(C634=0,\"\",VLOOKUP(C634,BNCDADOS!$A:$G,7,0))","v":11.63},3174.17,{"$f":"SUMIF('MC - TRECHO 02'!A:A,Orçamento!A634,'MC - TRECHO 02'!R:R)","v":272.9375}]
["3.6.10",{"$f":"IF(C635=0,\"\",VLOOKUP(C635,[142]BNCDADOS!$A:$G,8,0))","v":""},null,"INSTALAÇÕES ELÉTRICAS",{"$f":"IF(C635=0,\"\",VLOOKUP(C635,[142]BNCDADOS!$A:$G,3,0))","v":""},0,{"$f":"IF(C635=0,\"\",VLOOKUP(C635,[142]BNCDADOS!$A:$G,4,0))","v":""},{"$f":"IF(C635=0,\"\",VLOOKUP(C635,[142]BNCDADOS!$A:$G,5,0))","v":""},{"$f":"SUM(I637:I655)","v":377615.58},{"$f":"IF(C635=0,\"\",VLOOKUP(C635,[142]BNCDADOS!$A:$G,6,0))","v":""},{"$f":"IF(C635=0,\"\",VLOOKUP(C635,[142]BNCDADOS!$A:$G,7,0))","v":""},{"$f":"SUM(L637:L655)","v":390127.61000000004},0]
["3.6.10.1",{"$f":"IF(C636=0,\"\",VLOOKUP(C636,BNCDADOS!$A:$H,8,0))","v":0},"COMP 27",{"$f":"IF(C636=0,\"\",VLOOKUP(C636,BNCDADOS!$A:$G,2,0))","v":"INSTALAÇÃO DE POSTE DE ENTRADA DE ENERGIA PARA SUBSTAÇÃO ABRIGADA, PROTEÇÃO GERAL, POSTES, CRUZETAS, E CAIXA DE PASSAGEM"},{"$f":"IF(C636=0,\"\",VLOOKUP(C636,BNCDADOS!$A:$G,3,0))","v":"UN"},1,{"$f":"IF(C636=0,\"\",VLOOKUP(C636,BNCDADOS!$A:$G,4,0))","v":14431.300000000001},{"$f":"IF(C636=0,\"\",VLOOKUP(C636,BNCDADOS!$A:$G,5,0))","v":17850.07},{"$f":"IF(H636=\"\",0,TRUNC(H636*F636,2))","v":17850.07},{"$f":"IF(C636=0,\"\",VLOOKUP(C636,BNCDADOS!$A:$G,6,0))","v":14205.919999999998},{"$f":"IF(C636=0,\"\",VLOOKUP(C636,BNCDADOS!$A:$G,7,0))","v":18462.009999999998},{"$f":"IF(K636=\"\",0,TRUNC(K636*F636,2))","v":18462.009999999998},{"$f":"SUMIF('MC - TRECHO 02'!A:A,Orçamento!A636,'MC - TRECHO 02'!R:R)","v":1}]
["3.6.10.2",{"$f":"IF(C637=0,\"\",VLOOKUP(C637,BNCDADOS!$A:$H,8,0))","v":"SINAPI/RN\nSERVIÇO"},93000,{"$f":"IF(C637=0,\"\",VLOOKUP(C637,BNCDADOS!$A:$G,2,0))","v":"CABO DE COBRE FLEXÍVEL ISOLADO, 240 MM², ANTI-CHAMA 0,6/1,0 KV, PARA REDE ENTERRADA DE DISTRIBUIÇÃO DE ENERGIA ELÉTRICA - FORNECIMENTO E INSTALAÇÃO. AF_12/2021"},{"$f":"IF(C637=0,\"\",VLOOKUP(C637,BNCDADOS!$A:$G,3,0))","v":"M"},810,{"$f":"IF(C637=0,\"\",VLOOKUP(C637,BNCDADOS!$A:$G,4,0))","v":"293,85"},{"$f":"IF(C637=0,\"\",VLOOKUP(C637,BNCDADOS!$A:$G,5,0))","v":363.46},294402.59999999998,{"$f":"IF(C637=0,\"\",VLOOKUP(C637,BNCDADOS!$A:$G,6,0))","v":"292,50"},{"$f":"IF(C637=0,\"\",VLOOKUP(C637,BNCDADOS!$A:$G,7,0))","v":380.13},307905.3,{"$f":"SUMIF('MC - TRECHO 02'!A:A,Orçamento!A637,'MC - TRECHO 02'!R:R)","v":810}]
["3.6.10.3",{"$f":"IF(C638=0,\"\",VLOOKUP(C638,BNCDADOS!$A:$H,8,0))","v":"SINAPI/RN\nSERVIÇO"},91931,{"$f":"IF(C638=0,\"\",VLOOKUP(C638,BNCDADOS!$A:$G,2,0))","v":"CABO DE COBRE FLEXÍVEL ISOLADO, 6 MM², ANTI-CHAMA 0,6/1,0 KV, PARA CIRCUITOS TERMINAIS - FORNECIMENTO E INSTALAÇÃO. AF_03/2023"},{"$f":"IF(C638=0,\"\",VLOOKUP(C638,BNCDADOS!$A:$G,3,0))","v":"M"},17.5,{"$f":"IF(C638=0,\"\",VLOOKUP(C638,BNCDADOS!$A:$G,4,0))","v":"11,29"},{"$f":"IF(C638=0,\"\",VLOOKUP(C638,BNCDADOS!$A:$G,5,0))","v":13.96},244.3,{"$f":"IF(C638=0,\"\",VLOOKUP(C638,BNCDADOS!$A:$G,6,0))","v":"11,02"},{"$f":"IF(C638=0,\"\",VLOOKUP(C638,BNCDADOS!$A:$G,7,0))","v":14.32},250.6,{"$f":"SUMIF('MC - TRECHO 02'!A:A,Orçamento!A638,'MC - TRECHO 02'!R:R)","v":17.5}]
["3.6.10.4",{"$f":"IF(C639=0,\"\",VLOOKUP(C639,BNCDADOS!$A:$H,8,0))","v":"SINAPI/RN\nSERVIÇO"},91929,{"$f":"IF(C639=0,\"\",VLOOKUP(C639,BNCDADOS!$A:$G,2,0))","v":"CABO DE COBRE FLEXÍVEL ISOLADO, 4 MM², ANTI-CHAMA 0,6/1,0 KV, PARA CIRCUITOS TERMINAIS - FORNECIMENTO E INSTALAÇÃO. AF_03/2023"},{"$f":"IF(C639=0,\"\",VLOOKUP(C639,BNCDADOS!$A:$G,3,0))","v":"M"},115.5,{"$f":"IF(C639=0,\"\",VLOOKUP(C639,BNCDADOS!$A:$G,4,0))","v":"7,98"},{"$f":"IF(C639=0,\"\",VLOOKUP(C639,BNCDADOS!$A:$G,5,0))","v":9.8699999999999992},1139.98,{"$f":"IF(C639=0,\"\",VLOOKUP(C639,BNCDADOS!$A:$G,6,0))","v":"7,76"},{"$f":"IF(C639=0,\"\",VLOOKUP(C639,BNCDADOS!$A:$G,7,0))","v":10.08},1164.24,{"$f":"SUMIF('MC - TRECHO 02'!A:A,Orçamento!A639,'MC - TRECHO 02'!R:R)","v":115.5}]
["3.6.10.5",{"$f":"IF(C640=0,\"\",VLOOKUP(C640,BNCDADOS!$A:$H,8,0))","v":"SINAPI/RN\nSERVIÇO"},91927,{"$f":"IF(C640=0,\"\",VLOOKUP(C640,BNCDADOS!$A:$G,2,0))","v":"CABO DE COBRE FLEXÍVEL ISOLADO, 2,5 MM², ANTI-CHAMA 0,6/1,0 KV, PARA CIRCUITOS TERMINAIS - FORNECIMENTO E INSTALAÇÃO. AF_03/2023"},{"$f":"IF(C640=0,\"\",VLOOKUP(C640,BNCDADOS!$A:$G,3,0))","v":"M"},90,{"$f":"IF(C640=0,\"\",VLOOKUP(C640,BNCDADOS!$A:$G,4,0))","v":"5,38"},{"$f":"IF(C640=0,\"\",VLOOKUP(C640,BNCDADOS!$A:$G,5,0))","v":6.65},598.5,{"$f":"IF(C640=0,\"\",VLOOKUP(C640,BNCDADOS!$A:$G,6,0))","v":"5,22"},{"$f":"IF(C640=0,\"\",VLOOKUP(C640,BNCDADOS!$A:$G,7,0))","v":6.78},610.20000000000005,{"$f":"SUMIF('MC - TRECHO 02'!A:A,Orçamento!A640,'MC - TRECHO 02'!R:R)","v":90}]
["3.6.10.6",{"$f":"IF(C641=0,\"\",VLOOKUP(C641,BNCDADOS!$A:$H,8,0))","v":"SINAPI/RN\nSERVIÇO"},91854,{"$f":"IF(C641=0,\"\",VLOOKUP(C641,BNCDADOS!$A:$G,2,0))","v":"ELETRODUTO FLEXÍVEL CORRUGADO, PVC, DN 25 MM (3/4\"), PARA CIRCUITOS TERMINAIS, INSTALADO EM PAREDE - FORNECIMENTO E INSTALAÇÃO. AF_03/2023"},{"$f":"IF(C641=0,\"\",VLOOKUP(C641,BNCDADOS!$A:$G,3,0))","v":"M"},5.5,{"$f":"IF(C641=0,\"\",VLOOKUP(C641,BNCDADOS!$A:$G,4,0))","v":"8,73"},{"$f":"IF(C641=0,\"\",VLOOKUP(C641,BNCDADOS!$A:$G,5,0))","v":10.79},59.34,{"$f":"IF(C641=0,\"\",VLOOKUP(C641,BNCDADOS!$A:$G,6,0))","v":"8,01"},{"$f":"IF(C641=0,\"\",VLOOKUP(C641,BNCDADOS!$A:$G,7,0))","v":10.4},57.2,{"$f":"SUMIF('MC - TRECHO 02'!A:A,Orçamento!A641,'MC - TRECHO 02'!R:R)","v":5.5}]
["3.6.10.7",{"$f":"IF(C642=0,\"\",VLOOKUP(C642,BNCDADOS!$A:$H,8,0))","v":"SINAPI/RN\nSERVIÇO"},95728,{"$f":"IF(C642=0,\"\",VLOOKUP(C642,BNCDADOS!$A:$G,2,0))","v":"ELETRODUTO RÍGIDO SOLDÁVEL, PVC, DN 32 MM (1\u0094), APARENTE - FORNECIMENTO E INSTALAÇÃO. AF_10/2022_PA"},{"$f":"IF(C642=0,\"\",VLOOKUP(C642,BNCDADOS!$A:$G,3,0))","v":"M"},38,{"$f":"IF(C642=0,\"\",VLOOKUP(C642,BNCDADOS!$A:$G,4,0))","v":"23,88"},{"$f":"IF(C642=0,\"\",VLOOKUP(C642,BNCDADOS!$A:$G,5,0))","v":29.53},1122.1400000000001,{"$f":"IF(C642=0,\"\",VLOOKUP(C642,BNCDADOS!$A:$G,6,0))","v":"22,13"},{"$f":"IF(C642=0,\"\",VLOOKUP(C642,BNCDADOS!$A:$G,7,0))","v":28.76},1092.8800000000001,{"$f":"SUMIF('MC - TRECHO 02'!A:A,Orçamento!A642,'MC - TRECHO 02'!R:R)","v":38}]
["3.6.10.8",{"$f":"IF(C643=0,\"\",VLOOKUP(C643,BNCDADOS!$A:$H,8,0))","v":"SINAPI/RN\nSERVIÇO"},93011,{"$f":"IF(C643=0,\"\",VLOOKUP(C643,BNCDADOS!$A:$G,2,0))","v":"ELETRODUTO RÍGIDO ROSCÁVEL, PVC, DN 85 MM (3\"), PARA REDE ENTERRADA DE DISTRIBUIÇÃO DE ENERGIA ELÉTRICA - FORNECIMENTO E INSTALAÇÃO. AF_12/2021"},{"$f":"IF(C643=0,\"\",VLOOKUP(C643,BNCDADOS!$A:$G,3,0))","v":"M"},25.5,{"$f":"IF(C643=0,\"\",VLOOKUP(C643,BNCDADOS!$A:$G,4,0))","v":"34,98"},{"$f":"IF(C643=0,\"\",VLOOKUP(C643,BNCDADOS!$A:$G,5,0))","v":43.26},1103.1300000000001,{"$f":"IF(C643=0,\"\",VLOOKUP(C643,BNCDADOS!$A:$G,6,0))","v":"34,06"},{"$f":"IF(C643=0,\"\",VLOOKUP(C643,BNCDADOS!$A:$G,7,0))","v":44.26},1128.6300000000001,{"$f":"SUMIF('MC - TRECHO 02'!A:A,Orçamento!A643,'MC - TRECHO 02'!R:R)","v":25.5}]
["3.6.10.9",{"$f":"IF(C644=0,\"\",VLOOKUP(C644,BNCDADOS!$A:$H,8,0))","v":"SINAPI/RN\nSERVIÇO"},97882,{"$f":"IF(C644=0,\"\",VLOOKUP(C644,BNCDADOS!$A:$G,2,0))","v":"CAIXA ENTERRADA ELÉTRICA RETANGULAR, EM CONCRETO PRÉ-MOLDADO, FUNDO COM BRITA, DIMENSÕES INTERNAS: 0,4X0,4X0,4 M. AF_12/2020"},{"$f":"IF(C644=0,\"\",VLOOKUP(C644,BNCDADOS!$A:$G,3,0))","v":"UN"},9,{"$f":"IF(C644=0,\"\",VLOOKUP(C644,BNCDADOS!$A:$G,4,0))","v":"215,84"},{"$f":"IF(C644=0,\"\",VLOOKUP(C644,BNCDADOS!$A:$G,5,0))","v":266.97000000000003},2402.73,{"$f":"IF(C644=0,\"\",VLOOKUP(C644,BNCDADOS!$A:$G,6,0))","v":"212,07"},{"$f":"IF(C644=0,\"\",VLOOKUP(C644,BNCDADOS!$A:$G,7,0))","v":275.60000000000002},2480.4,{"$f":"SUMIF('MC - TRECHO 02'!A:A,Orçamento!A644,'MC - TRECHO 02'!R:R)","v":9}]
["3.6.10.10",{"$f":"IF(C645=0,\"\",VLOOKUP(C645,BNCDADOS!$A:$H,8,0))","v":"caern"},2070408,{"$f":"IF(C645=0,\"\",VLOOKUP(C645,BNCDADOS!$A:$G,2,0))","v":"CONJUNTO ILUMINAÇÃO EXTERNA TIPO PÉTALA COM 02 REFLETORES LED DE 100 W E POSTE CIRCULAR DE 9M EM CONCRETO. INC_05/2020"},{"$f":"IF(C645=0,\"\",VLOOKUP(C645,BNCDADOS!$A:$G,3,0))","v":"UN "},2,{"$f":"IF(C645=0,\"\",VLOOKUP(C645,BNCDADOS!$A:$G,4,0))","v":2500.1600000000003},{"$f":"IF(C645=0,\"\",VLOOKUP(C645,BNCDADOS!$A:$G,5,0))","v":3092.44},6184.88,{"$f":"IF(C645=0,\"\",VLOOKUP(C645,BNCDADOS!$A:$G,6,0))","v":2464.5500000000006},{"$f":"IF(C645=0,\"\",VLOOKUP(C645,BNCDADOS!$A:$G,7,0))","v":3202.92},6405.84,{"$f":"SUMIF('MC - TRECHO 02'!A:A,Orçamento!A645,'MC - TRECHO 02'!R:R)","v":2}]
["3.6.10.11",{"$f":"IF(C646=0,\"\",VLOOKUP(C646,BNCDADOS!$A:$H,8,0))","v":"caern"},2070410,{"$f":"IF(C646=0,\"\",VLOOKUP(C646,BNCDADOS!$A:$G,2,0))","v":"CONJUNTO ILUMINAÇÃO EXTERNA TIPO PÉTALA COM 04 REFLETORES LED DE 100 W E POSTE CIRCULAR DE 9M EM CONCRETO. INC_05/2020"},{"$f":"IF(C646=0,\"\",VLOOKUP(C646,BNCDADOS!$A:$G,3,0))","v":"UN "},4,{"$f":"IF(C646=0,\"\",VLOOKUP(C646,BNCDADOS!$A:$G,4,0))","v":2737.2200000000003},{"$f":"IF(C646=0,\"\",VLOOKUP(C646,BNCDADOS!$A:$G,5,0))","v":3385.66},13542.64,{"$f":"IF(C646=0,\"\",VLOOKUP(C646,BNCDADOS!$A:$G,6,0))","v":2701.6100000000006},{"$f":"IF(C646=0,\"\",VLOOKUP(C646,BNCDADOS!$A:$G,7,0))","v":3511.01},14044.04,{"$f":"SUMIF('MC - TRECHO 02'!A:A,Orçamento!A646,'MC - TRECHO 02'!R:R)","v":4}]
["3.6.10.12",{"$f":"IF(C647=0,\"\",VLOOKUP(C647,BNCDADOS!$A:$H,8,0))","v":0},"COMP 28",{"$f":"IF(C647=0,\"\",VLOOKUP(C647,BNCDADOS!$A:$G,2,0))","v":"SERVIÇOS DE MONTAGEM E INSTALAÇÃO DA SUBSTAÇÃO ABRIGADA DA EEAT COM CARGA TOTAL DE 1500KVA"},{"$f":"IF(C647=0,\"\",VLOOKUP(C647,BNCDADOS!$A:$G,3,0))","v":"UN"},1,{"$f":"IF(C647=0,\"\",VLOOKUP(C647,BNCDADOS!$A:$G,4,0))","v":38978.080000000002},{"$f":"IF(C647=0,\"\",VLOOKUP(C647,BNCDADOS!$A:$G,5,0))","v":48211.98},48211.98,{"$f":"IF(C647=0,\"\",VLOOKUP(C647,BNCDADOS!$A:$G,6,0))","v":35473.760000000002},{"$f":"IF(C647=0,\"\",VLOOKUP(C647,BNCDADOS!$A:$G,7,0))","v":46101.69},46101.69,{"$f":"SUMIF('MC - TRECHO 02'!A:A,Orçamento!A647,'MC - TRECHO 02'!R:R)","v":1}]
["3.6.10.13",{"$f":"IF(C648=0,\"\",VLOOKUP(C648,BNCDADOS!$A:$H,8,0))","v":"SINAPI/RN\nSERVIÇO"},96977,{"$f":"IF(C648=0,\"\",VLOOKUP(C648,BNCDADOS!$A:$G,2,0))","v":"CORDOALHA DE COBRE NU 50 MM², ENTERRADA - FORNECIMENTO E INSTALAÇÃO. AF_08/2023"},{"$f":"IF(C648=0,\"\",VLOOKUP(C648,BNCDADOS!$A:$G,3,0))","v":"M"},32.200000000000003,{"$f":"IF(C648=0,\"\",VLOOKUP(C648,BNCDADOS!$A:$G,4,0))","v":"66,73"},{"$f":"IF(C648=0,\"\",VLOOKUP(C648,BNCDADOS!$A:$G,5,0))","v":82.53},2657.46,{"$f":"IF(C648=0,\"\",VLOOKUP(C648,BNCDADOS!$A:$G,6,0))","v":"66,56"},{"$f":"IF(C648=0,\"\",VLOOKUP(C648,BNCDADOS!$A:$G,7,0))","v":86.5},2785.3,{"$f":"SUMIF('MC - TRECHO 02'!A:A,Orçamento!A648,'MC - TRECHO 02'!R:R)","v":32.200000000000003}]
["3.6.10.14",{"$f":"IF(C649=0,\"\",VLOOKUP(C649,BNCDADOS!$A:$H,8,0))","v":"SINAPI/RN\nSERVIÇO"},96986,{"$f":"IF(C649=0,\"\",VLOOKUP(C649,BNCDADOS!$A:$G,2,0))","v":"HASTE DE ATERRAMENTO, DIÂMETRO 3/4\", COM 3 METROS - FORNECIMENTO E INSTALAÇÃO. AF_08/2023"},{"$f":"IF(C649=0,\"\",VLOOKUP(C649,BNCDADOS!$A:$G,3,0))","v":"UN"},6,{"$f":"IF(C649=0,\"\",VLOOKUP(C649,BNCDADOS!$A:$G,4,0))","v":"152,63"},{"$f":"IF(C649=0,\"\",VLOOKUP(C649,BNCDADOS!$A:$G,5,0))","v":188.78},1132.68,{"$f":"IF(C649=0,\"\",VLOOKUP(C649,BNCDADOS!$A:$G,6,0))","v":"150,55"},{"$f":"IF(C649=0,\"\",VLOOKUP(C649,BNCDADOS!$A:$G,7,0))","v":195.65},1173.9000000000001,{"$f":"SUMIF('MC - TRECHO 02'!A:A,Orçamento!A649,'MC - TRECHO 02'!R:R)","v":6}]
["3.6.10.15",{"$f":"IF(C650=0,\"\",VLOOKUP(C650,BNCDADOS!$A:$H,8,0))","v":"SINAPI/RN\nINSUMOS"},34641,{"$f":"IF(C650=0,\"\",VLOOKUP(C650,BNCDADOS!$A:$G,2,0))","v":"CAIXA DE ATERRAMENTO EM CONCRETO PRE-MOLDADO, DIAMETRO DE 0,30 M E ALTURA DE 0,35 M, SEM FUNDO E COM TAMPA                                                                                                                                                                                                                                                                                                                                                                                                "},{"$f":"IF(C650=0,\"\",VLOOKUP(C650,BNCDADOS!$A:$G,3,0))","v":"UN    "},6,{"$f":"IF(C650=0,\"\",VLOOKUP(C650,BNCDADOS!$A:$G,4,0))","v":"107,66"},{"$f":"IF(C650=0,\"\",VLOOKUP(C650,BNCDADOS!$A:$G,5,0))","v":133.16},798.96,{"$f":"IF(C650=0,\"\",VLOOKUP(C650,BNCDADOS!$A:$G,6,0))","v":"107,66"},{"$f":"IF(C650=0,\"\",VLOOKUP(C650,BNCDADOS!$A:$G,7,0))","v":139.91},839.46,{"$f":"SUMIF('MC - TRECHO 02'!A:A,Orçamento!A650,'MC - TRECHO 02'!R:R)","v":6}]
["3.6.10.16",{"$f":"IF(C651=0,\"\",VLOOKUP(C651,BNCDADOS!$A:$H,8,0))","v":"SINAPI/RN\nSERVIÇO"},104750,{"$f":"IF(C651=0,\"\",VLOOKUP(C651,BNCDADOS!$A:$G,2,0))","v":"CONECTOR GRAMPO METÁLICO TIPO OLHAL, PARA SPDA, PARA HASTE DE ATERRAMENTO DE 5/8'' E CABOS DE 10 A 50 MM2 - FORNECIMENTO E INSTALAÇÃO. AF_08/2023"},{"$f":"IF(C651=0,\"\",VLOOKUP(C651,BNCDADOS!$A:$G,3,0))","v":"UN"},6,{"$f":"IF(C651=0,\"\",VLOOKUP(C651,BNCDADOS!$A:$G,4,0))","v":"18,06"},{"$f":"IF(C651=0,\"\",VLOOKUP(C651,BNCDADOS!$A:$G,5,0))","v":22.33},133.97999999999999,{"$f":"IF(C651=0,\"\",VLOOKUP(C651,BNCDADOS!$A:$G,6,0))","v":"17,06"},{"$f":"IF(C651=0,\"\",VLOOKUP(C651,BNCDADOS!$A:$G,7,0))","v":22.17},133.02000000000001,{"$f":"SUMIF('MC - TRECHO 02'!A:A,Orçamento!A651,'MC - TRECHO 02'!R:R)","v":6}]
["3.6.10.17",{"$f":"IF(C652=0,\"\",VLOOKUP(C652,BNCDADOS!$A:$H,8,0))","v":"SINAPI/RN\nSERVIÇO"},96973,{"$f":"IF(C652=0,\"\",VLOOKUP(C652,BNCDADOS!$A:$G,2,0))","v":"CORDOALHA DE COBRE NU 35 MM², NÃO ENTERRADA, COM ISOLADOR - FORNECIMENTO E INSTALAÇÃO. AF_08/2023"},{"$f":"IF(C652=0,\"\",VLOOKUP(C652,BNCDADOS!$A:$G,3,0))","v":"M"},35,{"$f":"IF(C652=0,\"\",VLOOKUP(C652,BNCDADOS!$A:$G,4,0))","v":"76,41"},{"$f":"IF(C652=0,\"\",VLOOKUP(C652,BNCDADOS!$A:$G,5,0))","v":94.51},3307.85,{"$f":"IF(C652=0,\"\",VLOOKUP(C652,BNCDADOS!$A:$G,6,0))","v":"73,96"},{"$f":"IF(C652=0,\"\",VLOOKUP(C652,BNCDADOS!$A:$G,7,0))","v":96.11},3363.85,{"$f":"SUMIF('MC - TRECHO 02'!A:A,Orçamento!A652,'MC - TRECHO 02'!R:R)","v":35}]
["3.6.10.18",{"$f":"IF(C653=0,\"\",VLOOKUP(C653,BNCDADOS!$A:$H,8,0))","v":"SINAPI/RN\nSERVIÇO"},96987,{"$f":"IF(C653=0,\"\",VLOOKUP(C653,BNCDADOS!$A:$G,2,0))","v":"BASE METÁLICA PARA MASTRO 1 ½\"  PARA SPDA - FORNECIMENTO E INSTALAÇÃO. AF_08/2023"},{"$f":"IF(C653=0,\"\",VLOOKUP(C653,BNCDADOS!$A:$G,3,0))","v":"UN"},1,{"$f":"IF(C653=0,\"\",VLOOKUP(C653,BNCDADOS!$A:$G,4,0))","v":"129,68"},{"$f":"IF(C653=0,\"\",VLOOKUP(C653,BNCDADOS!$A:$G,5,0))","v":160.4},160.4,{"$f":"IF(C653=0,\"\",VLOOKUP(C653,BNCDADOS!$A:$G,6,0))","v":"123,32"},{"$f":"IF(C653=0,\"\",VLOOKUP(C653,BNCDADOS!$A:$G,7,0))","v":160.26},160.26,{"$f":"SUMIF('MC - TRECHO 02'!A:A,Orçamento!A653,'MC - TRECHO 02'!R:R)","v":1}]
["3.6.10.19",{"$f":"IF(C654=0,\"\",VLOOKUP(C654,BNCDADOS!$A:$H,8,0))","v":"SINAPI/RN\nSERVIÇO"},96988,{"$f":"IF(C654=0,\"\",VLOOKUP(C654,BNCDADOS!$A:$G,2,0))","v":"MASTRO 1 ½\", COM 3 METROS, PARA SPDA - FORNECIMENTO E INSTALAÇÃO. AF_08/2023"},{"$f":"IF(C654=0,\"\",VLOOKUP(C654,BNCDADOS!$A:$G,3,0))","v":"UN"},1,{"$f":"IF(C654=0,\"\",VLOOKUP(C654,BNCDADOS!$A:$G,4,0))","v":"181,32"},{"$f":"IF(C654=0,\"\",VLOOKUP(C654,BNCDADOS!$A:$G,5,0))","v":224.27},224.27,{"$f":"IF(C654=0,\"\",VLOOKUP(C654,BNCDADOS!$A:$G,6,0))","v":"180,42"},{"$f":"IF(C654=0,\"\",VLOOKUP(C654,BNCDADOS!$A:$G,7,0))","v":234.47},234.47,{"$f":"SUMIF('MC - TRECHO 02'!A:A,Orçamento!A654,'MC - TRECHO 02'!R:R)","v":1}]
["3.6.10.20",{"$f":"IF(C655=0,\"\",VLOOKUP(C655,BNCDADOS!$A:$H,8,0))","v":"SINAPI/RN\nSERVIÇO"},96989,{"$f":"IF(C655=0,\"\",VLOOKUP(C655,BNCDADOS!$A:$G,2,0))","v":"CAPTOR TIPO FRANKLIN PARA SPDA - FORNECIMENTO E INSTALAÇÃO. AF_08/2023"},{"$f":"IF(C655=0,\"\",VLOOKUP(C655,BNCDADOS!$A:$G,3,0))","v":"UN"},1,{"$f":"IF(C655=0,\"\",VLOOKUP(C655,BNCDADOS!$A:$G,4,0))","v":"151,80"},{"$f":"IF(C655=0,\"\",VLOOKUP(C655,BNCDADOS!$A:$G,5,0))","v":187.76},187.76,{"$f":"IF(C655=0,\"\",VLOOKUP(C655,BNCDADOS!$A:$G,6,0))","v":"151,07"},{"$f":"IF(C655=0,\"\",VLOOKUP(C655,BNCDADOS!$A:$G,7,0))","v":196.33},196.33,{"$f":"SUMIF('MC - TRECHO 02'!A:A,Orçamento!A655,'MC - TRECHO 02'!R:R)","v":1}]
["3.6.11",{"$f":"IF(C656=0,\"\",VLOOKUP(C656,[142]BNCDADOS!$A:$G,8,0))","v":""},null,"INSTALAÇÕES ELETROMECÂNICAS",{"$f":"IF(C656=0,\"\",VLOOKUP(C656,[142]BNCDADOS!$A:$G,3,0))","v":""},0,{"$f":"IF(C656=0,\"\",VLOOKUP(C656,[142]BNCDADOS!$A:$G,4,0))","v":""},{"$f":"IF(C656=0,\"\",VLOOKUP(C656,[142]BNCDADOS!$A:$G,5,0))","v":""},{"$f":"SUM(I657)","v":5293.08},{"$f":"IF(C656=0,\"\",VLOOKUP(C656,[142]BNCDADOS!$A:$G,6,0))","v":""},{"$f":"IF(C656=0,\"\",VLOOKUP(C656,[142]BNCDADOS!$A:$G,7,0))","v":""},{"$f":"SUM(L657)","v":4995.08}]
["3.6.11.1",{"$f":"IF(C657=0,\"\",VLOOKUP(C657,BNCDADOS!$A:$H,8,0))","v":"caern"},2090008,{"$f":"IF(C657=0,\"\",VLOOKUP(C657,BNCDADOS!$A:$G,2,0))","v":"INSTALAÇÃO ELETROMECÂNICA DE CONJUNTO MOTO-BOMBA MAIOR QUE 200 CV E MENOR OU IGUAL A 500 CV. R_11/2021"},{"$f":"IF(C657=0,\"\",VLOOKUP(C657,BNCDADOS!$A:$G,3,0))","v":"UN "},4,{"$f":"IF(C657=0,\"\",VLOOKUP(C657,BNCDADOS!$A:$G,4,0))","v":1069.83},{"$f":"IF(C657=0,\"\",VLOOKUP(C657,BNCDADOS!$A:$G,5,0))","v":1323.27},{"$f":"IF(H657=\"\",0,TRUNC(H657*F657,2))","v":5293.08},{"$f":"IF(C657=0,\"\",VLOOKUP(C657,BNCDADOS!$A:$G,6,0))","v":960.89},{"$f":"IF(C657=0,\"\",VLOOKUP(C657,BNCDADOS!$A:$G,7,0))","v":1248.77},{"$f":"IF(K657=\"\",0,TRUNC(K657*F657,2))","v":4995.08},{"$f":"SUMIF('MC - TRECHO 02'!A:A,Orçamento!A657,'MC - TRECHO 02'!R:R)","v":4}]
["3.6.12",{"$f":"IF(C658=0,\"\",VLOOKUP(C658,[142]BNCDADOS!$A:$G,8,0))","v":""},null,"DIVERSOS",{"$f":"IF(C658=0,\"\",VLOOKUP(C658,[142]BNCDADOS!$A:$G,3,0))","v":""},0,{"$f":"IF(C658=0,\"\",VLOOKUP(C658,[142]BNCDADOS!$A:$G,4,0))","v":""},{"$f":"IF(C658=0,\"\",VLOOKUP(C658,[142]BNCDADOS!$A:$G,5,0))","v":""},{"$f":"SUM(I659:I661)","v":73215.929999999993},{"$f":"IF(C658=0,\"\",VLOOKUP(C658,[142]BNCDADOS!$A:$G,6,0))","v":""},{"$f":"IF(C658=0,\"\",VLOOKUP(C658,[142]BNCDADOS!$A:$G,7,0))","v":""},{"$f":"SUM(L659:L661)","v":76422.11},0]
["3.6.12.1",{"$f":"IF(C659=0,\"\",VLOOKUP(C659,BNCDADOS!$A:$H,8,0))","v":"caern"},2220067,{"$f":"IF(C659=0,\"\",VLOOKUP(C659,BNCDADOS!$A:$G,2,0))","v":"GUARDA CORPO EM FIBRA DE VIDRO COM PERFIS PULTRUDADOS PINTADOS EM ESMALTE PU ACRÍLICO E SISTEMA DE ANCORAGEM EM AÇO INOXIDÁVEL AISI304 - H=1,10M. R_11/2021"},{"$f":"IF(C659=0,\"\",VLOOKUP(C659,BNCDADOS!$A:$G,3,0))","v":"M"},21.2,{"$f":"IF(C659=0,\"\",VLOOKUP(C659,BNCDADOS!$A:$G,4,0))","v":531.84999999999991},{"$f":"IF(C659=0,\"\",VLOOKUP(C659,BNCDADOS!$A:$G,5,0))","v":657.84},{"$f":"IF(H659=\"\",0,TRUNC(H659*F659,2))","v":13946.2},{"$f":"IF(C659=0,\"\",VLOOKUP(C659,BNCDADOS!$A:$G,6,0))","v":526.28},{"$f":"IF(C659=0,\"\",VLOOKUP(C659,BNCDADOS!$A:$G,7,0))","v":683.95},{"$f":"IF(K659=\"\",0,TRUNC(K659*F659,2))","v":14499.74},{"$f":"SUMIF('MC - TRECHO 02'!A:A,Orçamento!A659,'MC - TRECHO 02'!R:R)","v":21.2}]
["3.6.12.2",{"$f":"IF(C660=0,\"\",VLOOKUP(C660,BNCDADOS!$A:$H,8,0))","v":"caern"},2220066,{"$f":"IF(C660=0,\"\",VLOOKUP(C660,BNCDADOS!$A:$G,2,0))","v":"ESCADA DE MARINHEIRO EM FIBRA DE VIDRO PULTRUDADA, PERFIL QUADRADO, PINTURA PROTETORA CONTRA RAIOS UV, COM GUARDA CORPO. R_11/2021"},{"$f":"IF(C660=0,\"\",VLOOKUP(C660,BNCDADOS!$A:$G,3,0))","v":"M"},19.3,{"$f":"IF(C660=0,\"\",VLOOKUP(C660,BNCDADOS!$A:$G,4,0))","v":1777.21},{"$f":"IF(C660=0,\"\",VLOOKUP(C660,BNCDADOS!$A:$G,5,0))","v":2198.23},42425.83,{"$f":"IF(C660=0,\"\",VLOOKUP(C660,BNCDADOS!$A:$G,6,0))","v":1766.07},{"$f":"IF(C660=0,\"\",VLOOKUP(C660,BNCDADOS!$A:$G,7,0))","v":2295.1799999999998},44296.97,{"$f":"SUMIF('MC - TRECHO 02'!A:A,Orçamento!A660,'MC - TRECHO 02'!R:R)","v":19.3}]
["3.6.12.3",{"$f":"IF(C661=0,\"\",VLOOKUP(C661,BNCDADOS!$A:$H,8,0))","v":"caern"},2220065,{"$f":"IF(C661=0,\"\",VLOOKUP(C661,BNCDADOS!$A:$G,2,0))","v":"ESCADA DE MARINHEIRO EM FIBRA DE VIDRO PULTRUDADA, PERFIL QUADRADO, PINTURA PROTETORA CONTRA RAIOS UV, SEM GUARDA CORPO. R_11/2021"},{"$f":"IF(C661=0,\"\",VLOOKUP(C661,BNCDADOS!$A:$G,3,0))","v":"M"},10,{"$f":"IF(C661=0,\"\",VLOOKUP(C661,BNCDADOS!$A:$G,4,0))","v":1361.79},{"$f":"IF(C661=0,\"\",VLOOKUP(C661,BNCDADOS!$A:$G,5,0))","v":1684.39},16843.900000000001,{"$f":"IF(C661=0,\"\",VLOOKUP(C661,BNCDADOS!$A:$G,6,0))","v":1356.22},{"$f":"IF(C661=0,\"\",VLOOKUP(C661,BNCDADOS!$A:$G,7,0))","v":1762.54},17625.400000000001,{"$f":"SUMIF('MC - TRECHO 02'!A:A,Orçamento!A661,'MC - TRECHO 02'!R:R)","v":10}]
["3.7",null,null,"SERVIÇOS_RESERVATÓRIO APOIADO (RAP)_PEDRO VELHO",{"$nulls":4},{"$f":"SUM(I663,I673,I686,I701,I707,I709,I713,I717,I722,I731)","v":1888058.8099999998},null,null,{"$f":"SUM(L663,L673,L686,L701,L707,L709,L713,L717,L722,L731)","v":1942516.2499999995}]
["3.7.1",{"$f":"IF(C663=0,\"\",VLOOKUP(C663,[143]BNCDADOS!$A:$G,8,0))","v":""},null,"SERVIÇOS PRELIMINARES",{"$f":"IF(C663=0,\"\",VLOOKUP(C663,[143]BNCDADOS!$A:$G,3,0))","v":""},null,{"$f":"IF(C663=0,\"\",VLOOKUP(C663,[143]BNCDADOS!$A:$G,4,0))","v":""},{"$f":"IF(C663=0,\"\",VLOOKUP(C663,[143]BNCDADOS!$A:$G,5,0))","v":""},{"$f":"SUM(I664:I672)","v":184209.38},{"$f":"IF(C663=0,\"\",VLOOKUP(C663,[143]BNCDADOS!$A:$G,6,0))","v":""},{"$f":"IF(C663=0,\"\",VLOOKUP(C663,[143]BNCDADOS!$A:$G,7,0))","v":""},{"$f":"SUM(L664:L672)","v":188298.03999999998}]
["3.7.1.1",{"$f":"IF(C664=0,\"\",VLOOKUP(C664,BNCDADOS!$A:$H,8,0))","v":"SINAPI/RN\nSERVIÇO"},98525,{"$f":"IF(C664=0,\"\",VLOOKUP(C664,BNCDADOS!$A:$G,2,0))","v":"LIMPEZA MECANIZADA DE CAMADA VEGETAL, VEGETAÇÃO E PEQUENAS ÁRVORES (DIÂMETRO DE TRONCO MENOR QUE 0,20 M), COM TRATOR DE ESTEIRAS. AF_03/2024"},{"$f":"IF(C664=0,\"\",VLOOKUP(C664,BNCDADOS!$A:$G,3,0))","v":"M2"},{"$f":"TRUNC(M664,2)","v":2000},{"$f":"IF(C664=0,\"\",VLOOKUP(C664,BNCDADOS!$A:$G,4,0))","v":"0,61"},{"$f":"IF(C664=0,\"\",VLOOKUP(C664,BNCDADOS!$A:$G,5,0))","v":0.75},{"$f":"IF(H664=\"\",0,TRUNC(H664*F664,2))","v":1500},{"$f":"IF(C664=0,\"\",VLOOKUP(C664,BNCDADOS!$A:$G,6,0))","v":"0,58"},{"$f":"IF(C664=0,\"\",VLOOKUP(C664,BNCDADOS!$A:$G,7,0))","v":0.75},{"$f":"IF(K664=\"\",0,TRUNC(K664*F664,2))","v":1500},{"$f":"SUMIF('MC - TRECHO 02'!A:A,Orçamento!A664,'MC - TRECHO 02'!R:R)","v":2000}]
["3.7.1.2",{"$f":"IF(C665=0,\"\",VLOOKUP(C665,BNCDADOS!$A:$H,8,0))","v":"SINAPI/RN\nSERVIÇO"},98527,{"$f":"IF(C665=0,\"\",VLOOKUP(C665,BNCDADOS!$A:$G,2,0))","v":"REMOÇÃO DE RAÍZES REMANESCENTES DE TRONCO DE ÁRVORE COM DIÂMETRO MAIOR OU IGUAL A 0,40 M E MENOR QUE 0,60 M. AF_03/2024"},{"$f":"IF(C665=0,\"\",VLOOKUP(C665,BNCDADOS!$A:$G,3,0))","v":"UN"},100,{"$f":"IF(C665=0,\"\",VLOOKUP(C665,BNCDADOS!$A:$G,4,0))","v":"209,89"},{"$f":"IF(C665=0,\"\",VLOOKUP(C665,BNCDADOS!$A:$G,5,0))","v":259.61},25961,{"$f":"IF(C665=0,\"\",VLOOKUP(C665,BNCDADOS!$A:$G,6,0))","v":"195,46"},{"$f":"IF(C665=0,\"\",VLOOKUP(C665,BNCDADOS!$A:$G,7,0))","v":254.01},25401,{"$f":"SUMIF('MC - TRECHO 02'!A:A,Orçamento!A665,'MC - TRECHO 02'!R:R)","v":100}]
["3.7.1.3",{"$f":"IF(C666=0,\"\",VLOOKUP(C666,BNCDADOS!$A:$H,8,0))","v":"SINAPI/RN\nSERVIÇO"},100982,{"$f":"IF(C666=0,\"\",VLOOKUP(C666,BNCDADOS!$A:$G,2,0))","v":"CARGA, MANOBRA E DESCARGA DE ENTULHO EM CAMINHÃO BASCULANTE 10 M³ - CARGA COM ESCAVADEIRA HIDRÁULICA  (CAÇAMBA DE 0,80 M³ / 111 HP) E DESCARGA LIVRE (UNIDADE: M3). AF_07/2020"},{"$f":"IF(C666=0,\"\",VLOOKUP(C666,BNCDADOS!$A:$G,3,0))","v":"M3"},1000,{"$f":"IF(C666=0,\"\",VLOOKUP(C666,BNCDADOS!$A:$G,4,0))","v":"9,22"},{"$f":"IF(C666=0,\"\",VLOOKUP(C666,BNCDADOS!$A:$G,5,0))","v":11.4},11400,{"$f":"IF(C666=0,\"\",VLOOKUP(C666,BNCDADOS!$A:$G,6,0))","v":"9,04"},{"$f":"IF(C666=0,\"\",VLOOKUP(C666,BNCDADOS!$A:$G,7,0))","v":11.74},11740,{"$f":"SUMIF('MC - TRECHO 02'!A:A,Orçamento!A666,'MC - TRECHO 02'!R:R)","v":1000}]
["3.7.1.4",{"$f":"IF(C667=0,\"\",VLOOKUP(C667,BNCDADOS!$A:$H,8,0))","v":"SINAPI/RN\nSERVIÇO"},93591,{"$f":"IF(C667=0,\"\",VLOOKUP(C667,BNCDADOS!$A:$G,2,0))","v":"TRANSPORTE COM CAMINHÃO BASCULANTE DE 14 M³, EM VIA URBANA EM LEITO NATURAL (UNIDADE: M3XKM). AF_07/2020"},{"$f":"IF(C667=0,\"\",VLOOKUP(C667,BNCDADOS!$A:$G,3,0))","v":"M3XKM"},6300,{"$f":"IF(C667=0,\"\",VLOOKUP(C667,BNCDADOS!$A:$G,4,0))","v":"2,83"},{"$f":"IF(C667=0,\"\",VLOOKUP(C667,BNCDADOS!$A:$G,5,0))","v":3.5},22050,{"$f":"IF(C667=0,\"\",VLOOKUP(C667,BNCDADOS!$A:$G,6,0))","v":"2,80"},{"$f":"IF(C667=0,\"\",VLOOKUP(C667,BNCDADOS!$A:$G,7,0))","v":3.63},22869,{"$f":"SUMIF('MC - TRECHO 02'!A:A,Orçamento!A667,'MC - TRECHO 02'!R:R)","v":6300}]
["3.7.1.5",{"$f":"IF(C668=0,\"\",VLOOKUP(C668,BNCDADOS!$A:$H,8,0))","v":"SINAPI/RN\nSERVIÇO"},93592,{"$f":"IF(C668=0,\"\",VLOOKUP(C668,BNCDADOS!$A:$G,2,0))","v":"TRANSPORTE COM CAMINHÃO BASCULANTE DE 14 M³, EM VIA URBANA EM REVESTIMENTO PRIMÁRIO (UNIDADE: M3XKM). AF_07/2020"},{"$f":"IF(C668=0,\"\",VLOOKUP(C668,BNCDADOS!$A:$G,3,0))","v":"M3XKM"},12600,{"$f":"IF(C668=0,\"\",VLOOKUP(C668,BNCDADOS!$A:$G,4,0))","v":"2,45"},{"$f":"IF(C668=0,\"\",VLOOKUP(C668,BNCDADOS!$A:$G,5,0))","v":3.03},38178,{"$f":"IF(C668=0,\"\",VLOOKUP(C668,BNCDADOS!$A:$G,6,0))","v":"2,42"},{"$f":"IF(C668=0,\"\",VLOOKUP(C668,BNCDADOS!$A:$G,7,0))","v":3.14},39564,{"$f":"SUMIF('MC - TRECHO 02'!A:A,Orçamento!A668,'MC - TRECHO 02'!R:R)","v":12600}]
["3.7.1.6",{"$f":"IF(C669=0,\"\",VLOOKUP(C669,BNCDADOS!$A:$H,8,0))","v":"SINAPI/RN\nSERVIÇO"},98459,{"$f":"IF(C669=0,\"\",VLOOKUP(C669,BNCDADOS!$A:$G,2,0))","v":"TAPUME COM TELHA METÁLICA. AF_03/2024"},{"$f":"IF(C669=0,\"\",VLOOKUP(C669,BNCDADOS!$A:$G,3,0))","v":"M2"},396,{"$f":"IF(C669=0,\"\",VLOOKUP(C669,BNCDADOS!$A:$G,4,0))","v":"101,37"},{"$f":"IF(C669=0,\"\",VLOOKUP(C669,BNCDADOS!$A:$G,5,0))","v":125.38},49650.48,{"$f":"IF(C669=0,\"\",VLOOKUP(C669,BNCDADOS!$A:$G,6,0))","v":"98,15"},{"$f":"IF(C669=0,\"\",VLOOKUP(C669,BNCDADOS!$A:$G,7,0))","v":127.55},50509.8,{"$f":"SUMIF('MC - TRECHO 02'!A:A,Orçamento!A669,'MC - TRECHO 02'!R:R)","v":396}]
["3.7.1.7",{"$f":"IF(C670=0,\"\",VLOOKUP(C670,BNCDADOS!$A:$H,8,0))","v":"SINAPI/RN\nSERVIÇO"},99059,{"$f":"IF(C670=0,\"\",VLOOKUP(C670,BNCDADOS!$A:$G,2,0))","v":"LOCAÇÃO CONVENCIONAL DE OBRA, UTILIZANDO GABARITO DE TÁBUAS CORRIDAS PONTALETADAS A CADA 2,00M -  2 UTILIZAÇÕES. AF_03/2024"},{"$f":"IF(C670=0,\"\",VLOOKUP(C670,BNCDADOS!$A:$G,3,0))","v":"M"},114,{"$f":"IF(C670=0,\"\",VLOOKUP(C670,BNCDADOS!$A:$G,4,0))","v":"68,49"},{"$f":"IF(C670=0,\"\",VLOOKUP(C670,BNCDADOS!$A:$G,5,0))","v":84.71},9656.94,{"$f":"IF(C670=0,\"\",VLOOKUP(C670,BNCDADOS!$A:$G,6,0))","v":"64,82"},{"$f":"IF(C670=0,\"\",VLOOKUP(C670,BNCDADOS!$A:$G,7,0))","v":84.24},9603.36,{"$f":"SUMIF('MC - TRECHO 02'!A:A,Orçamento!A670,'MC - TRECHO 02'!R:R)","v":114}]
["3.7.1.8",{"$f":"IF(C671=0,\"\",VLOOKUP(C671,BNCDADOS!$A:$H,8,0))","v":0},"COMP 13",{"$f":"IF(C671=0,\"\",VLOOKUP(C671,BNCDADOS!$A:$G,2,0))","v":"LOCAÇÃO DE CONTÊINER ALMOXARIFADO COM PISO NAVAL - 6,00M X 2,35M - PARA USO EM CANTEIRO DE OBRAS"},{"$f":"IF(C671=0,\"\",VLOOKUP(C671,BNCDADOS!$A:$G,3,0))","v":"UM X MÊS"},16,{"$f":"IF(C671=0,\"\",VLOOKUP(C671,BNCDADOS!$A:$G,4,0))","v":800.6},{"$f":"IF(C671=0,\"\",VLOOKUP(C671,BNCDADOS!$A:$G,5,0))","v":990.26},15844.16,{"$f":"IF(C671=0,\"\",VLOOKUP(C671,BNCDADOS!$A:$G,6,0))","v":800.6},{"$f":"IF(C671=0,\"\",VLOOKUP(C671,BNCDADOS!$A:$G,7,0))","v":1040.45},16647.2,{"$f":"SUMIF('MC - TRECHO 02'!A:A,Orçamento!A671,'MC - TRECHO 02'!R:R)","v":16}]
["3.7.1.9",{"$f":"IF(C672=0,\"\",VLOOKUP(C672,BNCDADOS!$A:$H,8,0))","v":0},"COMP 01",{"$f":"IF(C672=0,\"\",VLOOKUP(C672,BNCDADOS!$A:$G,2,0))","v":"CANTEIRO ITINERANTE COMPOSTO DE TOLDO, CONJUNTO DE MESA E CADEIRAS E BANHEIRO QUÍMICO COM LIMPEZA DIÁRIA INCLUSO COLETA E DESTINAÇÃO FINAL DE EFLUENTES"},{"$f":"IF(C672=0,\"\",VLOOKUP(C672,BNCDADOS!$A:$G,3,0))","v":"UN"},8,{"$f":"IF(C672=0,\"\",VLOOKUP(C672,BNCDADOS!$A:$G,4,0))","v":1007.4399999999999},{"$f":"IF(C672=0,\"\",VLOOKUP(C672,BNCDADOS!$A:$G,5,0))","v":1246.0999999999999},9968.7999999999993,{"$f":"IF(C672=0,\"\",VLOOKUP(C672,BNCDADOS!$A:$G,6,0))","v":1006.4399999999999},{"$f":"IF(C672=0,\"\",VLOOKUP(C672,BNCDADOS!$A:$G,7,0))","v":1307.96},10463.68,{"$f":"SUMIF('MC - TRECHO 02'!A:A,Orçamento!A672,'MC - TRECHO 02'!R:R)","v":8}]
["3.7.2",{"$f":"IF(C673=0,\"\",VLOOKUP(C673,[143]BNCDADOS!$A:$G,8,0))","v":""},null,"TRABALHOS EM TERRA",{"$f":"IF(C673=0,\"\",VLOOKUP(C673,[143]BNCDADOS!$A:$G,3,0))","v":""},null,{"$f":"IF(C673=0,\"\",VLOOKUP(C673,[143]BNCDADOS!$A:$G,4,0))","v":""},{"$f":"IF(C673=0,\"\",VLOOKUP(C673,[143]BNCDADOS!$A:$G,5,0))","v":""},{"$f":"SUM(I675:I685)","v":241129.17999999996},{"$f":"IF(C673=0,\"\",VLOOKUP(C673,[143]BNCDADOS!$A:$G,6,0))","v":""},{"$f":"IF(C673=0,\"\",VLOOKUP(C673,[143]BNCDADOS!$A:$G,7,0))","v":""},{"$f":"SUM(L675:L685)","v":248387.1},0]
[null,{"$f":"IF(C674=0,\"\",VLOOKUP(C674,[143]BNCDADOS!$A:$G,8,0))","v":""},null,"ATERRO DA ÁREA",{"$f":"IF(C674=0,\"\",VLOOKUP(C674,[143]BNCDADOS!$A:$G,3,0))","v":""},null,{"$f":"IF(C674=0,\"\",VLOOKUP(C674,[143]BNCDADOS!$A:$G,4,0))","v":""}]
["3.7.2.1",{"$f":"IF(C675=0,\"\",VLOOKUP(C675,BNCDADOS!$A:$H,8,0))","v":"SINAPI/RN\nSERVIÇO"},96385,{"$f":"IF(C675=0,\"\",VLOOKUP(C675,BNCDADOS!$A:$G,2,0))","v":"EXECUÇÃO E COMPACTAÇÃO DE ATERRO COM SOLO PREDOMINANTEMENTE ARGILOSO - EXCLUSIVE SOLO, ESCAVAÇÃO, CARGA E TRANSPORTE. AF_11/2019"},{"$f":"IF(C675=0,\"\",VLOOKUP(C675,BNCDADOS!$A:$G,3,0))","v":"M3"},{"$f":"TRUNC(M675,2)","v":2240.8000000000002},{"$f":"IF(C675=0,\"\",VLOOKUP(C675,BNCDADOS!$A:$G,4,0))","v":"11,83"},{"$f":"IF(C675=0,\"\",VLOOKUP(C675,BNCDADOS!$A:$G,5,0))","v":14.63},{"$f":"IF(H675=\"\",0,TRUNC(H675*F675,2))","v":32782.9},{"$f":"IF(C675=0,\"\",VLOOKUP(C675,BNCDADOS!$A:$G,6,0))","v":"11,38"},{"$f":"IF(C675=0,\"\",VLOOKUP(C675,BNCDADOS!$A:$G,7,0))","v":14.78},{"$f":"IF(K675=\"\",0,TRUNC(K675*F675,2))","v":33119.019999999997},{"$f":"SUMIF('MC - TRECHO 02'!A:A,Orçamento!A675,'MC - TRECHO 02'!R:R)","v":2240.8000000000002}]
["3.7.2.2",{"$f":"IF(C676=0,\"\",VLOOKUP(C676,BNCDADOS!$A:$H,8,0))","v":"SINAPI/RN\nSERVIÇO"},101232,{"$f":"IF(C676=0,\"\",VLOOKUP(C676,BNCDADOS!$A:$G,2,0))","v":"ESCAVAÇÃO VERTICAL PARA INFRAESTRUTURA, COM CARGA, DESCARGA E TRANSPORTE DE SOLO DE 1ª CATEGORIA, COM ESCAVADEIRA HIDRÁULICA (CAÇAMBA: 1,2 M³ / 155 HP), FROTA DE 3 CAMINHÕES BASCULANTES DE 14 M³, DMT ATÉ 1 KM E VELOCIDADE MÉDIA14 KM/H. AF_05/2020"},{"$f":"IF(C676=0,\"\",VLOOKUP(C676,BNCDADOS!$A:$G,3,0))","v":"M3"},2240.8000000000002,{"$f":"IF(C676=0,\"\",VLOOKUP(C676,BNCDADOS!$A:$G,4,0))","v":"9,80"},{"$f":"IF(C676=0,\"\",VLOOKUP(C676,BNCDADOS!$A:$G,5,0))","v":12.12},27158.49,{"$f":"IF(C676=0,\"\",VLOOKUP(C676,BNCDADOS!$A:$G,6,0))","v":"9,66"},{"$f":"IF(C676=0,\"\",VLOOKUP(C676,BNCDADOS!$A:$G,7,0))","v":12.55},28122.04,{"$f":"SUMIF('MC - TRECHO 02'!A:A,Orçamento!A676,'MC - TRECHO 02'!R:R)","v":2240.8000000000002}]
["3.7.2.3",{"$f":"IF(C677=0,\"\",VLOOKUP(C677,BNCDADOS!$A:$H,8,0))","v":"SINAPI/RN\nSERVIÇO"},93591,{"$f":"IF(C677=0,\"\",VLOOKUP(C677,BNCDADOS!$A:$G,2,0))","v":"TRANSPORTE COM CAMINHÃO BASCULANTE DE 14 M³, EM VIA URBANA EM LEITO NATURAL (UNIDADE: M3XKM). AF_07/2020"},{"$f":"IF(C677=0,\"\",VLOOKUP(C677,BNCDADOS!$A:$G,3,0))","v":"M3XKM"},13444.8,{"$f":"IF(C677=0,\"\",VLOOKUP(C677,BNCDADOS!$A:$G,4,0))","v":"2,83"},{"$f":"IF(C677=0,\"\",VLOOKUP(C677,BNCDADOS!$A:$G,5,0))","v":3.5},47056.800000000003,{"$f":"IF(C677=0,\"\",VLOOKUP(C677,BNCDADOS!$A:$G,6,0))","v":"2,80"},{"$f":"IF(C677=0,\"\",VLOOKUP(C677,BNCDADOS!$A:$G,7,0))","v":3.63},48804.62,{"$f":"SUMIF('MC - TRECHO 02'!A:A,Orçamento!A677,'MC - TRECHO 02'!R:R)","v":13444.8}]
["3.7.2.4",{"$f":"IF(C678=0,\"\",VLOOKUP(C678,BNCDADOS!$A:$H,8,0))","v":"SINAPI/RN\nSERVIÇO"},93592,{"$f":"IF(C678=0,\"\",VLOOKUP(C678,BNCDADOS!$A:$G,2,0))","v":"TRANSPORTE COM CAMINHÃO BASCULANTE DE 14 M³, EM VIA URBANA EM REVESTIMENTO PRIMÁRIO (UNIDADE: M3XKM). AF_07/2020"},{"$f":"IF(C678=0,\"\",VLOOKUP(C678,BNCDADOS!$A:$G,3,0))","v":"M3XKM"},26889.599999999999,{"$f":"IF(C678=0,\"\",VLOOKUP(C678,BNCDADOS!$A:$G,4,0))","v":"2,45"},{"$f":"IF(C678=0,\"\",VLOOKUP(C678,BNCDADOS!$A:$G,5,0))","v":3.03},81475.48,{"$f":"IF(C678=0,\"\",VLOOKUP(C678,BNCDADOS!$A:$G,6,0))","v":"2,42"},{"$f":"IF(C678=0,\"\",VLOOKUP(C678,BNCDADOS!$A:$G,7,0))","v":3.14},84433.34,{"$f":"SUMIF('MC - TRECHO 02'!A:A,Orçamento!A678,'MC - TRECHO 02'!R:R)","v":26889.599999999999}]
["3.7.2.5",{"$f":"IF(C679=0,\"\",VLOOKUP(C679,BNCDADOS!$A:$H,8,0))","v":"SINAPI/RN\nSERVIÇO"},98520,{"$f":"IF(C679=0,\"\",VLOOKUP(C679,BNCDADOS!$A:$G,2,0))","v":"APLICAÇÃO DE ADUBO EM SOLO. AF_07/2024"},{"$f":"IF(C679=0,\"\",VLOOKUP(C679,BNCDADOS!$A:$G,3,0))","v":"M2"},160,{"$f":"IF(C679=0,\"\",VLOOKUP(C679,BNCDADOS!$A:$G,4,0))","v":"6,22"},{"$f":"IF(C679=0,\"\",VLOOKUP(C679,BNCDADOS!$A:$G,5,0))","v":7.69},1230.4000000000001,{"$f":"IF(C679=0,\"\",VLOOKUP(C679,BNCDADOS!$A:$G,6,0))","v":"6,09"},{"$f":"IF(C679=0,\"\",VLOOKUP(C679,BNCDADOS!$A:$G,7,0))","v":7.91},1265.5999999999999,{"$f":"SUMIF('MC - TRECHO 02'!A:A,Orçamento!A679,'MC - TRECHO 02'!R:R)","v":160}]
["3.7.2.6",{"$f":"IF(C680=0,\"\",VLOOKUP(C680,BNCDADOS!$A:$H,8,0))","v":"SINAPI/RN\nSERVIÇO"},98504,{"$f":"IF(C680=0,\"\",VLOOKUP(C680,BNCDADOS!$A:$G,2,0))","v":"PLANTIO DE GRAMA BATATAIS EM PLACAS. AF_07/2024"},{"$f":"IF(C680=0,\"\",VLOOKUP(C680,BNCDADOS!$A:$G,3,0))","v":"M2"},160,{"$f":"IF(C680=0,\"\",VLOOKUP(C680,BNCDADOS!$A:$G,4,0))","v":"13,41"},{"$f":"IF(C680=0,\"\",VLOOKUP(C680,BNCDADOS!$A:$G,5,0))","v":16.579999999999998},2652.8,{"$f":"IF(C680=0,\"\",VLOOKUP(C680,BNCDADOS!$A:$G,6,0))","v":"13,08"},{"$f":"IF(C680=0,\"\",VLOOKUP(C680,BNCDADOS!$A:$G,7,0))","v":16.989999999999998},2718.4,{"$f":"SUMIF('MC - TRECHO 02'!A:A,Orçamento!A680,'MC - TRECHO 02'!R:R)","v":160}]
[null,{"$f":"IF(C681=0,\"\",VLOOKUP(C681,[143]BNCDADOS!$A:$G,8,0))","v":""},null,"SERVIÇOS DE TERRA PARA A EXECUÇÃO DAS ESTRUTURAS",{"$f":"IF(C681=0,\"\",VLOOKUP(C681,[143]BNCDADOS!$A:$G,3,0))","v":""},{"$f":"TRUNC(M681,2)","v":0},{"$f":"IF(C681=0,\"\",VLOOKUP(C681,[143]BNCDADOS!$A:$G,4,0))","v":""}]
["3.7.2.7",{"$f":"IF(C682=0,\"\",VLOOKUP(C682,BNCDADOS!$A:$H,8,0))","v":"SINAPI/RN\nSERVIÇO"},96525,{"$f":"IF(C682=0,\"\",VLOOKUP(C682,BNCDADOS!$A:$G,2,0))","v":"ESCAVAÇÃO MECANIZADA PARA VIGA BALDRAME OU SAPATA CORRIDA COM MINI-ESCAVADEIRA (INCLUINDO ESCAVAÇÃO PARA COLOCAÇÃO DE FÔRMAS). AF_01/2024"},{"$f":"IF(C682=0,\"\",VLOOKUP(C682,BNCDADOS!$A:$G,3,0))","v":"M3"},27,{"$f":"IF(C682=0,\"\",VLOOKUP(C682,BNCDADOS!$A:$G,4,0))","v":"55,00"},{"$f":"IF(C682=0,\"\",VLOOKUP(C682,BNCDADOS!$A:$G,5,0))","v":68.02},{"$f":"IF(H682=\"\",0,TRUNC(H682*F682,2))","v":1836.54},{"$f":"IF(C682=0,\"\",VLOOKUP(C682,BNCDADOS!$A:$G,6,0))","v":"52,42"},{"$f":"IF(C682=0,\"\",VLOOKUP(C682,BNCDADOS!$A:$G,7,0))","v":68.12},{"$f":"IF(K682=\"\",0,TRUNC(K682*F682,2))","v":1839.24},{"$f":"SUMIF('MC - TRECHO 02'!A:A,Orçamento!A682,'MC - TRECHO 02'!R:R)","v":27}]
["3.7.2.8",{"$f":"IF(C683=0,\"\",VLOOKUP(C683,BNCDADOS!$A:$H,8,0))","v":"SINAPI/RN\nSERVIÇO"},93382,{"$f":"IF(C683=0,\"\",VLOOKUP(C683,BNCDADOS!$A:$G,2,0))","v":"REATERRO MANUAL DE VALAS, COM COMPACTADOR DE SOLOS DE PERCUSSÃO. AF_08/2023"},{"$f":"IF(C683=0,\"\",VLOOKUP(C683,BNCDADOS!$A:$G,3,0))","v":"M3"},19.440000000000001,{"$f":"IF(C683=0,\"\",VLOOKUP(C683,BNCDADOS!$A:$G,4,0))","v":"25,08"},{"$f":"IF(C683=0,\"\",VLOOKUP(C683,BNCDADOS!$A:$G,5,0))","v":31.02},603.02,{"$f":"IF(C683=0,\"\",VLOOKUP(C683,BNCDADOS!$A:$G,6,0))","v":"22,89"},{"$f":"IF(C683=0,\"\",VLOOKUP(C683,BNCDADOS!$A:$G,7,0))","v":29.74},578.14,{"$f":"SUMIF('MC - TRECHO 02'!A:A,Orçamento!A683,'MC - TRECHO 02'!R:R)","v":19.440000000000001}]
["3.7.2.9",{"$f":"IF(C684=0,\"\",VLOOKUP(C684,BNCDADOS!$A:$H,8,0))","v":"SINAPI/RN\nSERVIÇO"},101206,{"$f":"IF(C684=0,\"\",VLOOKUP(C684,BNCDADOS!$A:$G,2,0))","v":"ESCAVAÇÃO VERTICAL PARA  EDIFICAÇÃO, COM CARGA, DESCARGA E TRANSPORTE DE SOLO DE 1ª CATEGORIA, COM ESCAVADEIRA HIDRÁULICA (CAÇAMBA: 0,8 M³ / 111 HP), FROTA DE 3 CAMINHÕES BASCULANTES DE 14 M³, DMT ATÉ 1 KM E VELOCIDADE MÉDIA 14 KM/H. AF_05/2020"},{"$f":"IF(C684=0,\"\",VLOOKUP(C684,BNCDADOS!$A:$G,3,0))","v":"M3"},2393.6,{"$f":"IF(C684=0,\"\",VLOOKUP(C684,BNCDADOS!$A:$G,4,0))","v":"13,00"},{"$f":"IF(C684=0,\"\",VLOOKUP(C684,BNCDADOS!$A:$G,5,0))","v":16.07},38465.15,{"$f":"IF(C684=0,\"\",VLOOKUP(C684,BNCDADOS!$A:$G,6,0))","v":"12,77"},{"$f":"IF(C684=0,\"\",VLOOKUP(C684,BNCDADOS!$A:$G,7,0))","v":16.59},39709.82,{"$f":"SUMIF('MC - TRECHO 02'!A:A,Orçamento!A684,'MC - TRECHO 02'!R:R)","v":2393.6}]
["3.7.2.10",{"$f":"IF(C685=0,\"\",VLOOKUP(C685,BNCDADOS!$A:$H,8,0))","v":"SINAPI/RN\nSERVIÇO"},93379,{"$f":"IF(C685=0,\"\",VLOOKUP(C685,BNCDADOS!$A:$G,2,0))","v":"REATERRO MECANIZADO DE VALA COM RETROESCAVADEIRA (CAPACIDADE DA CAÇAMBA   DA RETRO: 0,26 M³/POTÊNCIA: 88 HP), LARGURA 0,8 A 1,5 M, PROFUNDIDADE ATÉ 1,5 M, COM SOLO (SEM SUBSTITUIÇÃO) DE 1ª CATEGORIA, COM COMPACTADOR DE SOLOS DE PERCUSSÃO AF_08/2023"},{"$f":"IF(C685=0,\"\",VLOOKUP(C685,BNCDADOS!$A:$G,3,0))","v":"M3"},353.6,{"$f":"IF(C685=0,\"\",VLOOKUP(C685,BNCDADOS!$A:$G,4,0))","v":"17,99"},{"$f":"IF(C685=0,\"\",VLOOKUP(C685,BNCDADOS!$A:$G,5,0))","v":22.25},7867.6,{"$f":"IF(C685=0,\"\",VLOOKUP(C685,BNCDADOS!$A:$G,6,0))","v":"16,97"},{"$f":"IF(C685=0,\"\",VLOOKUP(C685,BNCDADOS!$A:$G,7,0))","v":22.05},7796.88,{"$f":"SUMIF('MC - TRECHO 02'!A:A,Orçamento!A685,'MC - TRECHO 02'!R:R)","v":353.59999999999991}]
["3.7.3",{"$f":"IF(C686=0,\"\",VLOOKUP(C686,[143]BNCDADOS!$A:$G,8,0))","v":""},null,"ESTRUTURA",{"$f":"IF(C686=0,\"\",VLOOKUP(C686,[143]BNCDADOS!$A:$G,3,0))","v":""},null,{"$f":"IF(C686=0,\"\",VLOOKUP(C686,[143]BNCDADOS!$A:$G,4,0))","v":""},{"$f":"IF(C686=0,\"\",VLOOKUP(C686,[143]BNCDADOS!$A:$G,5,0))","v":""},{"$f":"SUM(I687:I700)","v":967065.8},{"$f":"IF(C686=0,\"\",VLOOKUP(C686,[143]BNCDADOS!$A:$G,6,0))","v":""},{"$f":"IF(C686=0,\"\",VLOOKUP(C686,[143]BNCDADOS!$A:$G,7,0))","v":""},{"$f":"SUM(L687:L700)","v":1000639.5599999998},0]
["3.7.3.1",{"$f":"IF(C687=0,\"\",VLOOKUP(C687,BNCDADOS!$A:$H,8,0))","v":"SINAPI/RN\nSERVIÇO"},95241,{"$f":"IF(C687=0,\"\",VLOOKUP(C687,BNCDADOS!$A:$G,2,0))","v":"LASTRO DE CONCRETO MAGRO, APLICADO EM PISOS, LAJES SOBRE SOLO OU RADIERS, ESPESSURA DE 5 CM. AF_01/2024"},{"$f":"IF(C687=0,\"\",VLOOKUP(C687,BNCDADOS!$A:$G,3,0))","v":"M2"},{"$f":"TRUNC(M687,2)","v":600},{"$f":"IF(C687=0,\"\",VLOOKUP(C687,BNCDADOS!$A:$G,4,0))","v":"36,15"},{"$f":"IF(C687=0,\"\",VLOOKUP(C687,BNCDADOS!$A:$G,5,0))","v":44.71},{"$f":"IF(H687=\"\",0,TRUNC(H687*F687,2))","v":26826},{"$f":"IF(C687=0,\"\",VLOOKUP(C687,BNCDADOS!$A:$G,6,0))","v":"34,74"},{"$f":"IF(C687=0,\"\",VLOOKUP(C687,BNCDADOS!$A:$G,7,0))","v":45.14},{"$f":"IF(K687=\"\",0,TRUNC(K687*F687,2))","v":27084},{"$f":"SUMIF('MC - TRECHO 02'!A:A,Orçamento!A687,'MC - TRECHO 02'!R:R)","v":600}]
["3.7.3.2",{"$f":"IF(C688=0,\"\",VLOOKUP(C688,BNCDADOS!$A:$H,8,0))","v":"SINAPI/RN\nSERVIÇO"},103800,{"$f":"IF(C688=0,\"\",VLOOKUP(C688,BNCDADOS!$A:$G,2,0))","v":"PEDRA ARGAMASSADA COM CIMENTO E AREIA 1:3, 40% DE ARGAMASSA EM VOLUME - AREIA E PEDRA DE MÃO COMERCIAIS - FORNECIMENTO E ASSENTAMENTO. AF_08/2022"},{"$f":"IF(C688=0,\"\",VLOOKUP(C688,BNCDADOS!$A:$G,3,0))","v":"M3"},12.36,{"$f":"IF(C688=0,\"\",VLOOKUP(C688,BNCDADOS!$A:$G,4,0))","v":"534,85"},{"$f":"IF(C688=0,\"\",VLOOKUP(C688,BNCDADOS!$A:$G,5,0))","v":661.55},8176.75,{"$f":"IF(C688=0,\"\",VLOOKUP(C688,BNCDADOS!$A:$G,6,0))","v":"515,06"},{"$f":"IF(C688=0,\"\",VLOOKUP(C688,BNCDADOS!$A:$G,7,0))","v":669.37},8273.41,{"$f":"SUMIF('MC - TRECHO 02'!A:A,Orçamento!A688,'MC - TRECHO 02'!R:R)","v":12.36}]
["3.7.3.3",{"$f":"IF(C689=0,\"\",VLOOKUP(C689,BNCDADOS!$A:$H,8,0))","v":"SINAPI/RN\nSERVIÇO"},92916,{"$f":"IF(C689=0,\"\",VLOOKUP(C689,BNCDADOS!$A:$G,2,0))","v":"ARMAÇÃO DE ESTRUTURAS DIVERSAS DE CONCRETO ARMADO, EXCETO VIGAS, PILARES, LAJES E FUNDAÇÕES, UTILIZANDO AÇO CA-50 DE 6,3 MM - MONTAGEM. AF_06/2022"},{"$f":"IF(C689=0,\"\",VLOOKUP(C689,BNCDADOS!$A:$G,3,0))","v":"KG"},343.02,{"$f":"IF(C689=0,\"\",VLOOKUP(C689,BNCDADOS!$A:$G,4,0))","v":"15,76"},{"$f":"IF(C689=0,\"\",VLOOKUP(C689,BNCDADOS!$A:$G,5,0))","v":19.489999999999998},6685.45,{"$f":"IF(C689=0,\"\",VLOOKUP(C689,BNCDADOS!$A:$G,6,0))","v":"15,19"},{"$f":"IF(C689=0,\"\",VLOOKUP(C689,BNCDADOS!$A:$G,7,0))","v":19.739999999999998},6771.21,{"$f":"SUMIF('MC - TRECHO 02'!A:A,Orçamento!A689,'MC - TRECHO 02'!R:R)","v":343.02}]
["3.7.3.4",{"$f":"IF(C690=0,\"\",VLOOKUP(C690,BNCDADOS!$A:$H,8,0))","v":"SINAPI/RN\nSERVIÇO"},92917,{"$f":"IF(C690=0,\"\",VLOOKUP(C690,BNCDADOS!$A:$G,2,0))","v":"ARMAÇÃO DE ESTRUTURAS DIVERSAS DE CONCRETO ARMADO, EXCETO VIGAS, PILARES, LAJES E FUNDAÇÕES, UTILIZANDO AÇO CA-50 DE 8,0 MM - MONTAGEM. AF_06/2022"},{"$f":"IF(C690=0,\"\",VLOOKUP(C690,BNCDADOS!$A:$G,3,0))","v":"KG"},313,{"$f":"IF(C690=0,\"\",VLOOKUP(C690,BNCDADOS!$A:$G,4,0))","v":"14,39"},{"$f":"IF(C690=0,\"\",VLOOKUP(C690,BNCDADOS!$A:$G,5,0))","v":17.79},5568.27,{"$f":"IF(C690=0,\"\",VLOOKUP(C690,BNCDADOS!$A:$G,6,0))","v":"14,00"},{"$f":"IF(C690=0,\"\",VLOOKUP(C690,BNCDADOS!$A:$G,7,0))","v":18.190000000000001},5693.47,{"$f":"SUMIF('MC - TRECHO 02'!A:A,Orçamento!A690,'MC - TRECHO 02'!R:R)","v":313}]
["3.7.3.5",{"$f":"IF(C691=0,\"\",VLOOKUP(C691,BNCDADOS!$A:$H,8,0))","v":"SINAPI/RN\nSERVIÇO"},92919,{"$f":"IF(C691=0,\"\",VLOOKUP(C691,BNCDADOS!$A:$G,2,0))","v":"ARMAÇÃO DE ESTRUTURAS DIVERSAS DE CONCRETO ARMADO, EXCETO VIGAS, PILARES, LAJES E FUNDAÇÕES, UTILIZANDO AÇO CA-50 DE 10,0 MM - MONTAGEM. AF_06/2022"},{"$f":"IF(C691=0,\"\",VLOOKUP(C691,BNCDADOS!$A:$G,3,0))","v":"KG"},3106,{"$f":"IF(C691=0,\"\",VLOOKUP(C691,BNCDADOS!$A:$G,4,0))","v":"12,59"},{"$f":"IF(C691=0,\"\",VLOOKUP(C691,BNCDADOS!$A:$G,5,0))","v":15.57},48360.42,{"$f":"IF(C691=0,\"\",VLOOKUP(C691,BNCDADOS!$A:$G,6,0))","v":"12,31"},{"$f":"IF(C691=0,\"\",VLOOKUP(C691,BNCDADOS!$A:$G,7,0))","v":15.99},49664.94,{"$f":"SUMIF('MC - TRECHO 02'!A:A,Orçamento!A691,'MC - TRECHO 02'!R:R)","v":3106}]
["3.7.3.6",{"$f":"IF(C692=0,\"\",VLOOKUP(C692,BNCDADOS!$A:$H,8,0))","v":"SINAPI/RN\nSERVIÇO"},92921,{"$f":"IF(C692=0,\"\",VLOOKUP(C692,BNCDADOS!$A:$G,2,0))","v":"ARMAÇÃO DE ESTRUTURAS DIVERSAS DE CONCRETO ARMADO, EXCETO VIGAS, PILARES, LAJES E FUNDAÇÕES, UTILIZANDO AÇO CA-50 DE 12,5 MM - MONTAGEM. AF_06/2022"},{"$f":"IF(C692=0,\"\",VLOOKUP(C692,BNCDADOS!$A:$G,3,0))","v":"KG"},496,{"$f":"IF(C692=0,\"\",VLOOKUP(C692,BNCDADOS!$A:$G,4,0))","v":"10,41"},{"$f":"IF(C692=0,\"\",VLOOKUP(C692,BNCDADOS!$A:$G,5,0))","v":12.87},6383.52,{"$f":"IF(C692=0,\"\",VLOOKUP(C692,BNCDADOS!$A:$G,6,0))","v":"10,23"},{"$f":"IF(C692=0,\"\",VLOOKUP(C692,BNCDADOS!$A:$G,7,0))","v":13.29},6591.84,{"$f":"SUMIF('MC - TRECHO 02'!A:A,Orçamento!A692,'MC - TRECHO 02'!R:R)","v":496}]
["3.7.3.7",{"$f":"IF(C693=0,\"\",VLOOKUP(C693,BNCDADOS!$A:$H,8,0))","v":"SINAPI/RN\nSERVIÇO"},92922,{"$f":"IF(C693=0,\"\",VLOOKUP(C693,BNCDADOS!$A:$G,2,0))","v":"ARMAÇÃO DE ESTRUTURAS DIVERSAS DE CONCRETO ARMADO, EXCETO VIGAS, PILARES, LAJES E FUNDAÇÕES, UTILIZANDO AÇO CA-50 DE 16,0 MM - MONTAGEM. AF_06/2022"},{"$f":"IF(C693=0,\"\",VLOOKUP(C693,BNCDADOS!$A:$G,3,0))","v":"KG"},26883,{"$f":"IF(C693=0,\"\",VLOOKUP(C693,BNCDADOS!$A:$G,4,0))","v":"9,94"},{"$f":"IF(C693=0,\"\",VLOOKUP(C693,BNCDADOS!$A:$G,5,0))","v":12.29},330392.07,{"$f":"IF(C693=0,\"\",VLOOKUP(C693,BNCDADOS!$A:$G,6,0))","v":"9,82"},{"$f":"IF(C693=0,\"\",VLOOKUP(C693,BNCDADOS!$A:$G,7,0))","v":12.76},343027.08,{"$f":"SUMIF('MC - TRECHO 02'!A:A,Orçamento!A693,'MC - TRECHO 02'!R:R)","v":26883}]
["3.7.3.8",{"$f":"IF(C694=0,\"\",VLOOKUP(C694,BNCDADOS!$A:$H,8,0))","v":"SINAPI/RN\nSERVIÇO"},92924,{"$f":"IF(C694=0,\"\",VLOOKUP(C694,BNCDADOS!$A:$G,2,0))","v":"ARMAÇÃO DE ESTRUTURAS DIVERSAS DE CONCRETO ARMADO, EXCETO VIGAS, PILARES, LAJES E FUNDAÇÕES, UTILIZANDO AÇO CA-50 DE 25,0 MM - MONTAGEM. AF_06/2022"},{"$f":"IF(C694=0,\"\",VLOOKUP(C694,BNCDADOS!$A:$G,3,0))","v":"KG"},2613,{"$f":"IF(C694=0,\"\",VLOOKUP(C694,BNCDADOS!$A:$G,4,0))","v":"10,97"},{"$f":"IF(C694=0,\"\",VLOOKUP(C694,BNCDADOS!$A:$G,5,0))","v":13.56},35432.28,{"$f":"IF(C694=0,\"\",VLOOKUP(C694,BNCDADOS!$A:$G,6,0))","v":"10,88"},{"$f":"IF(C694=0,\"\",VLOOKUP(C694,BNCDADOS!$A:$G,7,0))","v":14.13},36921.69,{"$f":"SUMIF('MC - TRECHO 02'!A:A,Orçamento!A694,'MC - TRECHO 02'!R:R)","v":2613}]
["3.7.3.9",{"$f":"IF(C695=0,\"\",VLOOKUP(C695,BNCDADOS!$A:$H,8,0))","v":"SINAPI/RN\nSERVIÇO"},92769,{"$f":"IF(C695=0,\"\",VLOOKUP(C695,BNCDADOS!$A:$G,2,0))","v":"ARMAÇÃO DE LAJE DE ESTRUTURA CONVENCIONAL DE CONCRETO ARMADO UTILIZANDO AÇO CA-50 DE 6,3 MM - MONTAGEM. AF_06/2022"},{"$f":"IF(C695=0,\"\",VLOOKUP(C695,BNCDADOS!$A:$G,3,0))","v":"KG"},446.98,{"$f":"IF(C695=0,\"\",VLOOKUP(C695,BNCDADOS!$A:$G,4,0))","v":"13,27"},{"$f":"IF(C695=0,\"\",VLOOKUP(C695,BNCDADOS!$A:$G,5,0))","v":16.41},7334.94,{"$f":"IF(C695=0,\"\",VLOOKUP(C695,BNCDADOS!$A:$G,6,0))","v":"12,98"},{"$f":"IF(C695=0,\"\",VLOOKUP(C695,BNCDADOS!$A:$G,7,0))","v":16.86},7536.08,{"$f":"SUMIF('MC - TRECHO 02'!A:A,Orçamento!A695,'MC - TRECHO 02'!R:R)","v":446.98}]
["3.7.3.10",{"$f":"IF(C696=0,\"\",VLOOKUP(C696,BNCDADOS!$A:$H,8,0))","v":"SINAPI/RN\nSERVIÇO"},92771,{"$f":"IF(C696=0,\"\",VLOOKUP(C696,BNCDADOS!$A:$G,2,0))","v":"ARMAÇÃO DE LAJE DE ESTRUTURA CONVENCIONAL DE CONCRETO ARMADO UTILIZANDO AÇO CA-50 DE 10,0 MM - MONTAGEM. AF_06/2022"},{"$f":"IF(C696=0,\"\",VLOOKUP(C696,BNCDADOS!$A:$G,3,0))","v":"KG"},2513,{"$f":"IF(C696=0,\"\",VLOOKUP(C696,BNCDADOS!$A:$G,4,0))","v":"11,15"},{"$f":"IF(C696=0,\"\",VLOOKUP(C696,BNCDADOS!$A:$G,5,0))","v":13.79},34654.269999999997,{"$f":"IF(C696=0,\"\",VLOOKUP(C696,BNCDADOS!$A:$G,6,0))","v":"11,03"},{"$f":"IF(C696=0,\"\",VLOOKUP(C696,BNCDADOS!$A:$G,7,0))","v":14.33},36011.29,{"$f":"SUMIF('MC - TRECHO 02'!A:A,Orçamento!A696,'MC - TRECHO 02'!R:R)","v":2513}]
["3.7.3.11",{"$f":"IF(C697=0,\"\",VLOOKUP(C697,BNCDADOS!$A:$H,8,0))","v":"SINAPI/RN\nSERVIÇO"},92772,{"$f":"IF(C697=0,\"\",VLOOKUP(C697,BNCDADOS!$A:$G,2,0))","v":"ARMAÇÃO DE LAJE DE ESTRUTURA CONVENCIONAL DE CONCRETO ARMADO UTILIZANDO AÇO CA-50 DE 12,5 MM - MONTAGEM. AF_06/2022"},{"$f":"IF(C697=0,\"\",VLOOKUP(C697,BNCDADOS!$A:$G,3,0))","v":"KG"},3821,{"$f":"IF(C697=0,\"\",VLOOKUP(C697,BNCDADOS!$A:$G,4,0))","v":"9,37"},{"$f":"IF(C697=0,\"\",VLOOKUP(C697,BNCDADOS!$A:$G,5,0))","v":11.58},44247.18,{"$f":"IF(C697=0,\"\",VLOOKUP(C697,BNCDADOS!$A:$G,6,0))","v":"9,29"},{"$f":"IF(C697=0,\"\",VLOOKUP(C697,BNCDADOS!$A:$G,7,0))","v":12.07},46119.47,{"$f":"SUMIF('MC - TRECHO 02'!A:A,Orçamento!A697,'MC - TRECHO 02'!R:R)","v":3821}]
["3.7.3.12",{"$f":"IF(C698=0,\"\",VLOOKUP(C698,BNCDADOS!$A:$H,8,0))","v":"SINAPI/RN\nSERVIÇO"},92773,{"$f":"IF(C698=0,\"\",VLOOKUP(C698,BNCDADOS!$A:$G,2,0))","v":"ARMAÇÃO DE LAJE DE ESTRUTURA CONVENCIONAL DE CONCRETO ARMADO UTILIZANDO AÇO CA-50 DE 16,0 MM - MONTAGEM. AF_06/2022"},{"$f":"IF(C698=0,\"\",VLOOKUP(C698,BNCDADOS!$A:$G,3,0))","v":"KG"},5582,{"$f":"IF(C698=0,\"\",VLOOKUP(C698,BNCDADOS!$A:$G,4,0))","v":"9,19"},{"$f":"IF(C698=0,\"\",VLOOKUP(C698,BNCDADOS!$A:$G,5,0))","v":11.36},63411.519999999997,{"$f":"IF(C698=0,\"\",VLOOKUP(C698,BNCDADOS!$A:$G,6,0))","v":"9,14"},{"$f":"IF(C698=0,\"\",VLOOKUP(C698,BNCDADOS!$A:$G,7,0))","v":11.87},66258.34,{"$f":"SUMIF('MC - TRECHO 02'!A:A,Orçamento!A698,'MC - TRECHO 02'!R:R)","v":5582}]
["3.7.3.13",{"$f":"IF(C699=0,\"\",VLOOKUP(C699,BNCDADOS!$A:$H,8,0))","v":0},"COMP 20",{"$f":"IF(C699=0,\"\",VLOOKUP(C699,BNCDADOS!$A:$G,2,0))","v":"CONCRETAGEM DE ESTRUTURAS, FCK = 40 MPA, COM USO DE BOMBA EM EDIFICAÇÕES DIVERSAS - LANÇAMENTO, ADENSAMENTO E ACABAMENTO"},{"$f":"IF(C699=0,\"\",VLOOKUP(C699,BNCDADOS!$A:$G,3,0))","v":"M3    "},318.98,{"$f":"IF(C699=0,\"\",VLOOKUP(C699,BNCDADOS!$A:$G,4,0))","v":852.28},{"$f":"IF(C699=0,\"\",VLOOKUP(C699,BNCDADOS!$A:$G,5,0))","v":1054.18},336262.33,{"$f":"IF(C699=0,\"\",VLOOKUP(C699,BNCDADOS!$A:$G,6,0))","v":837.56},{"$f":"IF(C699=0,\"\",VLOOKUP(C699,BNCDADOS!$A:$G,7,0))","v":1088.49},347206.54,{"$f":"SUMIF('MC - TRECHO 02'!A:A,Orçamento!A699,'MC - TRECHO 02'!R:R)","v":318.98}]
["3.7.3.14",{"$f":"IF(C700=0,\"\",VLOOKUP(C700,BNCDADOS!$A:$H,8,0))","v":"SINAPI/RN\nSERVIÇO"},93205,{"$f":"IF(C700=0,\"\",VLOOKUP(C700,BNCDADOS!$A:$G,2,0))","v":"CINTA DE AMARRAÇÃO DE ALVENARIA MOLDADA IN LOCO COM UTILIZAÇÃO DE BLOCOS CANALETA, ESPESSURA DE *20* CM. AF_03/2024"},{"$f":"IF(C700=0,\"\",VLOOKUP(C700,BNCDADOS!$A:$G,3,0))","v":"M"},180,{"$f":"IF(C700=0,\"\",VLOOKUP(C700,BNCDADOS!$A:$G,4,0))","v":"59,88"},{"$f":"IF(C700=0,\"\",VLOOKUP(C700,BNCDADOS!$A:$G,5,0))","v":74.06},13330.8,{"$f":"IF(C700=0,\"\",VLOOKUP(C700,BNCDADOS!$A:$G,6,0))","v":"57,63"},{"$f":"IF(C700=0,\"\",VLOOKUP(C700,BNCDADOS!$A:$G,7,0))","v":74.89},13480.2,{"$f":"SUMIF('MC - TRECHO 02'!A:A,Orçamento!A700,'MC - TRECHO 02'!R:R)","v":180}]
["3.7.4",{"$f":"IF(C701=0,\"\",VLOOKUP(C701,[143]BNCDADOS!$A:$G,8,0))","v":""},null,"ALVENARIAS E REVESTIMENTOS",{"$f":"IF(C701=0,\"\",VLOOKUP(C701,[143]BNCDADOS!$A:$G,3,0))","v":""},0,{"$f":"IF(C701=0,\"\",VLOOKUP(C701,[143]BNCDADOS!$A:$G,4,0))","v":""},{"$f":"IF(C701=0,\"\",VLOOKUP(C701,[143]BNCDADOS!$A:$G,5,0))","v":""},{"$f":"SUM(I702:I706)","v":166888.56},{"$f":"IF(C701=0,\"\",VLOOKUP(C701,[143]BNCDADOS!$A:$G,6,0))","v":""},{"$f":"IF(C701=0,\"\",VLOOKUP(C701,[143]BNCDADOS!$A:$G,7,0))","v":""},{"$f":"SUM(L702:L706)","v":167294.5},0]
["3.7.4.1",{"$f":"IF(C702=0,\"\",VLOOKUP(C702,BNCDADOS!$A:$H,8,0))","v":"SINAPI/RN\nSERVIÇO"},103338,{"$f":"IF(C702=0,\"\",VLOOKUP(C702,BNCDADOS!$A:$G,2,0))","v":"ALVENARIA DE VEDAÇÃO DE BLOCOS  VAZADOS DE CONCRETO APARENTE DE 14X19X39 CM (ESPESSURA 14 CM) E ARGAMASSA DE ASSENTAMENTO COM PREPARO EM BETONEIRA. AF_12/2021"},{"$f":"IF(C702=0,\"\",VLOOKUP(C702,BNCDADOS!$A:$G,3,0))","v":"M2"},432,{"$f":"IF(C702=0,\"\",VLOOKUP(C702,BNCDADOS!$A:$G,4,0))","v":"111,81"},{"$f":"IF(C702=0,\"\",VLOOKUP(C702,BNCDADOS!$A:$G,5,0))","v":138.29},{"$f":"IF(H702=\"\",0,TRUNC(H702*F702,2))","v":59741.279999999999},{"$f":"IF(C702=0,\"\",VLOOKUP(C702,BNCDADOS!$A:$G,6,0))","v":"106,87"},{"$f":"IF(C702=0,\"\",VLOOKUP(C702,BNCDADOS!$A:$G,7,0))","v":138.88},{"$f":"IF(K702=\"\",0,TRUNC(K702*F702,2))","v":59996.160000000003},{"$f":"SUMIF('MC - TRECHO 02'!A:A,Orçamento!A702,'MC - TRECHO 02'!R:R)","v":432}]
["3.7.4.2",{"$f":"IF(C703=0,\"\",VLOOKUP(C703,BNCDADOS!$A:$H,8,0))","v":"SINAPI/RN\nSERVIÇO"},87879,{"$f":"IF(C703=0,\"\",VLOOKUP(C703,BNCDADOS!$A:$G,2,0))","v":"CHAPISCO APLICADO EM ALVENARIAS E ESTRUTURAS DE CONCRETO INTERNAS, COM COLHER DE PEDREIRO.  ARGAMASSA TRAÇO 1:3 COM PREPARO EM BETONEIRA 400L. AF_10/2022"},{"$f":"IF(C703=0,\"\",VLOOKUP(C703,BNCDADOS!$A:$G,3,0))","v":"M2"},864,{"$f":"IF(C703=0,\"\",VLOOKUP(C703,BNCDADOS!$A:$G,4,0))","v":"4,06"},{"$f":"IF(C703=0,\"\",VLOOKUP(C703,BNCDADOS!$A:$G,5,0))","v":5.0199999999999996},4337.28,{"$f":"IF(C703=0,\"\",VLOOKUP(C703,BNCDADOS!$A:$G,6,0))","v":"3,78"},{"$f":"IF(C703=0,\"\",VLOOKUP(C703,BNCDADOS!$A:$G,7,0))","v":4.91},4242.24,{"$f":"SUMIF('MC - TRECHO 02'!A:A,Orçamento!A703,'MC - TRECHO 02'!R:R)","v":864}]
["3.7.4.3",{"$f":"IF(C704=0,\"\",VLOOKUP(C704,BNCDADOS!$A:$H,8,0))","v":"SINAPI/RN\nSERVIÇO"},89173,{"$f":"IF(C704=0,\"\",VLOOKUP(C704,BNCDADOS!$A:$G,2,0))","v":"(COMPOSIÇÃO REPRESENTATIVA) DO SERVIÇO DE EMBOÇO/MASSA ÚNICA, APLICADO MANUALMENTE, TRAÇO 1:2:8, EM BETONEIRA DE 400L, PAREDES INTERNAS, COM EXECUÇÃO DE TALISCAS, EDIFICAÇÃO HABITACIONAL UNIFAMILIAR (CASAS) E EDIFICAÇÃO PÚBLICA PADRÃO. AF_12/2014"},{"$f":"IF(C704=0,\"\",VLOOKUP(C704,BNCDADOS!$A:$G,3,0))","v":"m²"},1728,{"$f":"IF(C704=0,\"\",VLOOKUP(C704,BNCDADOS!$A:$G,4,0))","v":32},{"$f":"IF(C704=0,\"\",VLOOKUP(C704,BNCDADOS!$A:$G,5,0))","v":39.58},68394.240000000005,{"$f":"IF(C704=0,\"\",VLOOKUP(C704,BNCDADOS!$A:$G,6,0))","v":29.96},{"$f":"IF(C704=0,\"\",VLOOKUP(C704,BNCDADOS!$A:$G,7,0))","v":38.93},67271.039999999994,{"$f":"SUMIF('MC - TRECHO 02'!A:A,Orçamento!A704,'MC - TRECHO 02'!R:R)","v":1728}]
["3.7.4.4",{"$f":"IF(C705=0,\"\",VLOOKUP(C705,BNCDADOS!$A:$H,8,0))","v":"SINAPI/RN\nSERVIÇO"},89045,{"$f":"IF(C705=0,\"\",VLOOKUP(C705,BNCDADOS!$A:$G,2,0))","v":"(COMPOSIÇÃO REPRESENTATIVA) DO SERVIÇO DE REVESTIMENTO CERÂMICO PARA AMBIENTES DE ÁREAS MOLHADAS, MEIA PAREDE OU PAREDE INTEIRA, COM PLACAS TIPO ESMALTADA EXTRA, DIMENSÕES 20X20 CM, PARA EDIFICAÇÃO HABITACIONAL MULTIFAMILIAR (PRÉDIO). AF_11/2014"},{"$f":"IF(C705=0,\"\",VLOOKUP(C705,BNCDADOS!$A:$G,3,0))","v":"M²"},25.8,{"$f":"IF(C705=0,\"\",VLOOKUP(C705,BNCDADOS!$A:$G,4,0))","v":67.73},{"$f":"IF(C705=0,\"\",VLOOKUP(C705,BNCDADOS!$A:$G,5,0))","v":83.77},2161.2600000000002,{"$f":"IF(C705=0,\"\",VLOOKUP(C705,BNCDADOS!$A:$G,6,0))","v":65.709999999999994},{"$f":"IF(C705=0,\"\",VLOOKUP(C705,BNCDADOS!$A:$G,7,0))","v":85.39},2203.06,{"$f":"SUMIF('MC - TRECHO 02'!A:A,Orçamento!A705,'MC - TRECHO 02'!R:R)","v":25.799999999999997}]
["3.7.4.5",{"$f":"IF(C706=0,\"\",VLOOKUP(C706,BNCDADOS!$A:$H,8,0))","v":"SINAPI/RN\nSERVIÇO"},98553,{"$f":"IF(C706=0,\"\",VLOOKUP(C706,BNCDADOS!$A:$G,2,0))","v":"IMPERMEABILIZAÇÃO DE SUPERFÍCIE COM MEMBRANA À BASE DE POLIURETANO, 2 DEMÃOS. AF_09/2023"},{"$f":"IF(C706=0,\"\",VLOOKUP(C706,BNCDADOS!$A:$G,3,0))","v":"M2"},150,{"$f":"IF(C706=0,\"\",VLOOKUP(C706,BNCDADOS!$A:$G,4,0))","v":"173,85"},{"$f":"IF(C706=0,\"\",VLOOKUP(C706,BNCDADOS!$A:$G,5,0))","v":215.03},32254.5,{"$f":"IF(C706=0,\"\",VLOOKUP(C706,BNCDADOS!$A:$G,6,0))","v":"172,27"},{"$f":"IF(C706=0,\"\",VLOOKUP(C706,BNCDADOS!$A:$G,7,0))","v":223.88},33582,{"$f":"SUMIF('MC - TRECHO 02'!A:A,Orçamento!A706,'MC - TRECHO 02'!R:R)","v":150}]
["3.7.5",{"$f":"IF(C707=0,\"\",VLOOKUP(C707,[143]BNCDADOS!$A:$G,8,0))","v":""},null,"ESQUADRIAS",{"$f":"IF(C707=0,\"\",VLOOKUP(C707,[143]BNCDADOS!$A:$G,3,0))","v":""},0,{"$f":"IF(C707=0,\"\",VLOOKUP(C707,[143]BNCDADOS!$A:$G,4,0))","v":""},{"$f":"IF(C707=0,\"\",VLOOKUP(C707,[143]BNCDADOS!$A:$G,5,0))","v":""},{"$f":"SUM(I708:I708)","v":1748.82},{"$f":"IF(C707=0,\"\",VLOOKUP(C707,[143]BNCDADOS!$A:$G,6,0))","v":""},{"$f":"IF(C707=0,\"\",VLOOKUP(C707,[143]BNCDADOS!$A:$G,7,0))","v":""},{"$f":"SUM(L708:L708)","v":1831.25},0]
["3.7.5.1",{"$f":"IF(C708=0,\"\",VLOOKUP(C708,BNCDADOS!$A:$H,8,0))","v":"SINAPI/RN\nSERVIÇO"},100701,{"$f":"IF(C708=0,\"\",VLOOKUP(C708,BNCDADOS!$A:$G,2,0))","v":"PORTA DE FERRO, DE ABRIR, TIPO GRADE COM CHAPA, COM GUARNIÇÕES. AF_12/2019"},{"$f":"IF(C708=0,\"\",VLOOKUP(C708,BNCDADOS!$A:$G,3,0))","v":"M2"},2.52,{"$f":"IF(C708=0,\"\",VLOOKUP(C708,BNCDADOS!$A:$G,4,0))","v":"561,07"},{"$f":"IF(C708=0,\"\",VLOOKUP(C708,BNCDADOS!$A:$G,5,0))","v":693.98},{"$f":"IF(H708=\"\",0,TRUNC(H708*F708,2))","v":1748.82},{"$f":"IF(C708=0,\"\",VLOOKUP(C708,BNCDADOS!$A:$G,6,0))","v":"559,17"},{"$f":"IF(C708=0,\"\",VLOOKUP(C708,BNCDADOS!$A:$G,7,0))","v":726.69},{"$f":"IF(K708=\"\",0,TRUNC(K708*F708,2))","v":1831.25},{"$f":"SUMIF('MC - TRECHO 02'!A:A,Orçamento!A708,'MC - TRECHO 02'!R:R)","v":2.52}]
["3.7.6",{"$f":"IF(C709=0,\"\",VLOOKUP(C709,[143]BNCDADOS!$A:$G,8,0))","v":""},null,"DRENAGEM",{"$f":"IF(C709=0,\"\",VLOOKUP(C709,[143]BNCDADOS!$A:$G,3,0))","v":""},0,{"$f":"IF(C709=0,\"\",VLOOKUP(C709,[143]BNCDADOS!$A:$G,4,0))","v":""},{"$f":"IF(C709=0,\"\",VLOOKUP(C709,[143]BNCDADOS!$A:$G,5,0))","v":""},{"$f":"SUM(I710:I712)","v":61878.659999999996},{"$f":"IF(C709=0,\"\",VLOOKUP(C709,[143]BNCDADOS!$A:$G,6,0))","v":""},{"$f":"IF(C709=0,\"\",VLOOKUP(C709,[143]BNCDADOS!$A:$G,7,0))","v":""},{"$f":"SUM(L710:L712)","v":64307.899999999994},0]
["3.7.6.1",{"$f":"IF(C710=0,\"\",VLOOKUP(C710,BNCDADOS!$A:$H,8,0))","v":"caern"},2060193,{"$f":"IF(C710=0,\"\",VLOOKUP(C710,BNCDADOS!$A:$G,2,0))","v":"CAIXA ENTERRADA RETANGULAR EM ALVENARIA COM TIJOLOS CERÂMICOS MACIÇOS (ESPESSURA 20CM), DIMENSÕES INTERNAS: 0,8X0,8X1,5 M, INCLUSIVE ESCORAMENTO, ESCAVAÇÃO, REATERRO APILOADO, BOTA-FORA DE MATERIAL E TAMPA DE 10CM. R_11/2018"},{"$f":"IF(C710=0,\"\",VLOOKUP(C710,BNCDADOS!$A:$G,3,0))","v":"UN "},5,{"$f":"IF(C710=0,\"\",VLOOKUP(C710,BNCDADOS!$A:$G,4,0))","v":1820.24},{"$f":"IF(C710=0,\"\",VLOOKUP(C710,BNCDADOS!$A:$G,5,0))","v":2251.4499999999998},{"$f":"IF(H710=\"\",0,TRUNC(H710*F710,2))","v":11257.25},{"$f":"IF(C710=0,\"\",VLOOKUP(C710,BNCDADOS!$A:$G,6,0))","v":1734.86},{"$f":"IF(C710=0,\"\",VLOOKUP(C710,BNCDADOS!$A:$G,7,0))","v":2254.62},{"$f":"IF(K710=\"\",0,TRUNC(K710*F710,2))","v":11273.1},{"$f":"SUMIF('MC - TRECHO 02'!A:A,Orçamento!A710,'MC - TRECHO 02'!R:R)","v":5}]
["3.7.6.2",{"$f":"IF(C711=0,\"\",VLOOKUP(C711,BNCDADOS!$A:$H,8,0))","v":"SINAPI/RN\nSERVIÇO"},94871,{"$f":"IF(C711=0,\"\",VLOOKUP(C711,BNCDADOS!$A:$G,2,0))","v":"TUBO DE PEAD CORRUGADO DE DUPLA PAREDE PARA REDE COLETORA DE ESGOTO, DN 300 MM, JUNTA ELÁSTICA INTEGRADA - FORNECIMENTO E ASSENTAMENTO. AF_01/2021"},{"$f":"IF(C711=0,\"\",VLOOKUP(C711,BNCDADOS!$A:$G,3,0))","v":"M"},79.400000000000006,{"$f":"IF(C711=0,\"\",VLOOKUP(C711,BNCDADOS!$A:$G,4,0))","v":"452,78"},{"$f":"IF(C711=0,\"\",VLOOKUP(C711,BNCDADOS!$A:$G,5,0))","v":560.04},44467.17,{"$f":"IF(C711=0,\"\",VLOOKUP(C711,BNCDADOS!$A:$G,6,0))","v":"452,63"},{"$f":"IF(C711=0,\"\",VLOOKUP(C711,BNCDADOS!$A:$G,7,0))","v":588.23},46705.46,{"$f":"SUMIF('MC - TRECHO 02'!A:A,Orçamento!A711,'MC - TRECHO 02'!R:R)","v":79.400000000000006}]
["3.7.6.3",{"$f":"IF(C712=0,\"\",VLOOKUP(C712,BNCDADOS!$A:$H,8,0))","v":"SINAPI/RN\nSERVIÇO"},96624,{"$f":"IF(C712=0,\"\",VLOOKUP(C712,BNCDADOS!$A:$G,2,0))","v":"LASTRO COM MATERIAL GRANULAR (PEDRA BRITADA N.2), APLICADO EM PISOS OU LAJES SOBRE SOLO, ESPESSURA DE *10 CM*. AF_01/2024"},{"$f":"IF(C712=0,\"\",VLOOKUP(C712,BNCDADOS!$A:$G,3,0))","v":"M3"},18.97,{"$f":"IF(C712=0,\"\",VLOOKUP(C712,BNCDADOS!$A:$G,4,0))","v":"262,29"},{"$f":"IF(C712=0,\"\",VLOOKUP(C712,BNCDADOS!$A:$G,5,0))","v":324.42},6154.24,{"$f":"IF(C712=0,\"\",VLOOKUP(C712,BNCDADOS!$A:$G,6,0))","v":"256,74"},{"$f":"IF(C712=0,\"\",VLOOKUP(C712,BNCDADOS!$A:$G,7,0))","v":333.65},6329.34,{"$f":"SUMIF('MC - TRECHO 02'!A:A,Orçamento!A712,'MC - TRECHO 02'!R:R)","v":18.97}]
["3.7.7",{"$f":"IF(C713=0,\"\",VLOOKUP(C713,[143]BNCDADOS!$A:$G,8,0))","v":""},null,"PAVIMENTAÇÃO",{"$f":"IF(C713=0,\"\",VLOOKUP(C713,[143]BNCDADOS!$A:$G,3,0))","v":""},0,{"$f":"IF(C713=0,\"\",VLOOKUP(C713,[143]BNCDADOS!$A:$G,4,0))","v":""},{"$f":"IF(C713=0,\"\",VLOOKUP(C713,[143]BNCDADOS!$A:$G,5,0))","v":""},{"$f":"SUM(I714:I716)","v":164983.46000000002},{"$f":"IF(C713=0,\"\",VLOOKUP(C713,[143]BNCDADOS!$A:$G,6,0))","v":""},{"$f":"IF(C713=0,\"\",VLOOKUP(C713,[143]BNCDADOS!$A:$G,7,0))","v":""},{"$f":"SUM(L714:L716)","v":169062.18},0]
["3.7.7.1",{"$f":"IF(C714=0,\"\",VLOOKUP(C714,BNCDADOS!$A:$H,8,0))","v":"SINAPI/RN\nSERVIÇO"},94275,{"$f":"IF(C714=0,\"\",VLOOKUP(C714,BNCDADOS!$A:$G,2,0))","v":"ASSENTAMENTO DE GUIA (MEIO-FIO) EM TRECHO RETO, CONFECCIONADA EM CONCRETO PRÉ-FABRICADO, DIMENSÕES 100X15X13X20 CM (COMPRIMENTO X BASE INFERIOR X BASE SUPERIOR X ALTURA). AF_01/2024"},{"$f":"IF(C714=0,\"\",VLOOKUP(C714,BNCDADOS!$A:$G,3,0))","v":"M"},228.2,{"$f":"IF(C714=0,\"\",VLOOKUP(C714,BNCDADOS!$A:$G,4,0))","v":"40,32"},{"$f":"IF(C714=0,\"\",VLOOKUP(C714,BNCDADOS!$A:$G,5,0))","v":49.87},{"$f":"IF(H714=\"\",0,TRUNC(H714*F714,2))","v":11380.33},{"$f":"IF(C714=0,\"\",VLOOKUP(C714,BNCDADOS!$A:$G,6,0))","v":"39,29"},{"$f":"IF(C714=0,\"\",VLOOKUP(C714,BNCDADOS!$A:$G,7,0))","v":51.06},{"$f":"IF(K714=\"\",0,TRUNC(K714*F714,2))","v":11651.89},{"$f":"SUMIF('MC - TRECHO 02'!A:A,Orçamento!A714,'MC - TRECHO 02'!R:R)","v":228.2}]
["3.7.7.2",{"$f":"IF(C715=0,\"\",VLOOKUP(C715,BNCDADOS!$A:$H,8,0))","v":"SINAPI/RN\nSERVIÇO"},92400,{"$f":"IF(C715=0,\"\",VLOOKUP(C715,BNCDADOS!$A:$G,2,0))","v":"EXECUÇÃO DE PAVIMENTO EM PISO INTERTRAVADO, COM BLOCO RETANGULAR DE 20 X 10 CM, ESPESSURA 10 CM. AF_10/2022"},{"$f":"IF(C715=0,\"\",VLOOKUP(C715,BNCDADOS!$A:$G,3,0))","v":"M2"},643,{"$f":"IF(C715=0,\"\",VLOOKUP(C715,BNCDADOS!$A:$G,4,0))","v":"95,44"},{"$f":"IF(C715=0,\"\",VLOOKUP(C715,BNCDADOS!$A:$G,5,0))","v":118.04},75899.72,{"$f":"IF(C715=0,\"\",VLOOKUP(C715,BNCDADOS!$A:$G,6,0))","v":"93,92"},{"$f":"IF(C715=0,\"\",VLOOKUP(C715,BNCDADOS!$A:$G,7,0))","v":122.05},78478.149999999994,{"$f":"SUMIF('MC - TRECHO 02'!A:A,Orçamento!A715,'MC - TRECHO 02'!R:R)","v":643}]
["3.7.7.3",{"$f":"IF(C716=0,\"\",VLOOKUP(C716,BNCDADOS!$A:$H,8,0))","v":"SINAPI/RN\nSERVIÇO"},94990,{"$f":"IF(C716=0,\"\",VLOOKUP(C716,BNCDADOS!$A:$G,2,0))","v":"EXECUÇÃO DE PASSEIO (CALÇADA) OU PISO DE CONCRETO COM CONCRETO MOLDADO IN LOCO, FEITO EM OBRA, ACABAMENTO CONVENCIONAL, NÃO ARMADO. AF_08/2022"},{"$f":"IF(C716=0,\"\",VLOOKUP(C716,BNCDADOS!$A:$G,3,0))","v":"M3"},80.52,{"$f":"IF(C716=0,\"\",VLOOKUP(C716,BNCDADOS!$A:$G,4,0))","v":"780,20"},{"$f":"IF(C716=0,\"\",VLOOKUP(C716,BNCDADOS!$A:$G,5,0))","v":965.02},77703.41,{"$f":"IF(C716=0,\"\",VLOOKUP(C716,BNCDADOS!$A:$G,6,0))","v":"754,30"},{"$f":"IF(C716=0,\"\",VLOOKUP(C716,BNCDADOS!$A:$G,7,0))","v":980.28},78932.14,{"$f":"SUMIF('MC - TRECHO 02'!A:A,Orçamento!A716,'MC - TRECHO 02'!R:R)","v":80.52}]
["3.7.8",{"$f":"IF(C717=0,\"\",VLOOKUP(C717,[143]BNCDADOS!$A:$G,8,0))","v":""},null,"PINTURA",{"$f":"IF(C717=0,\"\",VLOOKUP(C717,[143]BNCDADOS!$A:$G,3,0))","v":""},0,{"$f":"IF(C717=0,\"\",VLOOKUP(C717,[143]BNCDADOS!$A:$G,4,0))","v":""},{"$f":"IF(C717=0,\"\",VLOOKUP(C717,[143]BNCDADOS!$A:$G,5,0))","v":""},{"$f":"SUM(I718:I721)","v":29396.690000000002},{"$f":"IF(C717=0,\"\",VLOOKUP(C717,[143]BNCDADOS!$A:$G,6,0))","v":""},{"$f":"IF(C717=0,\"\",VLOOKUP(C717,[143]BNCDADOS!$A:$G,7,0))","v":""},{"$f":"SUM(L718:L721)","v":28987.919999999998},0]
["3.7.8.1",{"$f":"IF(C718=0,\"\",VLOOKUP(C718,BNCDADOS!$A:$H,8,0))","v":"SINAPI/RN\nSERVIÇO"},88485,{"$f":"IF(C718=0,\"\",VLOOKUP(C718,BNCDADOS!$A:$G,2,0))","v":"FUNDO SELADOR ACRÍLICO, APLICAÇÃO MANUAL EM PAREDE, UMA DEMÃO. AF_04/2023"},{"$f":"IF(C718=0,\"\",VLOOKUP(C718,BNCDADOS!$A:$G,3,0))","v":"M2"},1728,{"$f":"IF(C718=0,\"\",VLOOKUP(C718,BNCDADOS!$A:$G,4,0))","v":"3,30"},{"$f":"IF(C718=0,\"\",VLOOKUP(C718,BNCDADOS!$A:$G,5,0))","v":4.08},{"$f":"IF(H718=\"\",0,TRUNC(H718*F718,2))","v":7050.24},{"$f":"IF(C718=0,\"\",VLOOKUP(C718,BNCDADOS!$A:$G,6,0))","v":"3,06"},{"$f":"IF(C718=0,\"\",VLOOKUP(C718,BNCDADOS!$A:$G,7,0))","v":3.97},{"$f":"IF(K718=\"\",0,TRUNC(K718*F718,2))","v":6860.16},{"$f":"SUMIF('MC - TRECHO 02'!A:A,Orçamento!A718,'MC - TRECHO 02'!R:R)","v":1728}]
["3.7.8.2",{"$f":"IF(C719=0,\"\",VLOOKUP(C719,BNCDADOS!$A:$H,8,0))","v":"SINAPI/RN\nSERVIÇO"},104642,{"$f":"IF(C719=0,\"\",VLOOKUP(C719,BNCDADOS!$A:$G,2,0))","v":"PINTURA LÁTEX ACRÍLICA STANDARD, APLICAÇÃO MANUAL EM PAREDES, DUAS DEMÃOS. AF_04/2023"},{"$f":"IF(C719=0,\"\",VLOOKUP(C719,BNCDADOS!$A:$G,3,0))","v":"M2"},1728,{"$f":"IF(C719=0,\"\",VLOOKUP(C719,BNCDADOS!$A:$G,4,0))","v":"10,29"},{"$f":"IF(C719=0,\"\",VLOOKUP(C719,BNCDADOS!$A:$G,5,0))","v":12.72},21980.16,{"$f":"IF(C719=0,\"\",VLOOKUP(C719,BNCDADOS!$A:$G,6,0))","v":"9,70"},{"$f":"IF(C719=0,\"\",VLOOKUP(C719,BNCDADOS!$A:$G,7,0))","v":12.6},21772.799999999999,{"$f":"SUMIF('MC - TRECHO 02'!A:A,Orçamento!A719,'MC - TRECHO 02'!R:R)","v":1728}]
["3.7.8.3",{"$f":"IF(C720=0,\"\",VLOOKUP(C720,BNCDADOS!$A:$H,8,0))","v":"SINAPI/RN\nSERVIÇO"},100720,{"$f":"IF(C720=0,\"\",VLOOKUP(C720,BNCDADOS!$A:$G,2,0))","v":"PINTURA COM TINTA ALQUÍDICA DE FUNDO (TIPO ZARCÃO) APLICADA A ROLO OU PINCEL SOBRE PERFIL METÁLICO EXECUTADO EM FÁBRICA (POR DEMÃO). AF_01/2020"},{"$f":"IF(C720=0,\"\",VLOOKUP(C720,BNCDADOS!$A:$G,3,0))","v":"M2"},5.04,{"$f":"IF(C720=0,\"\",VLOOKUP(C720,BNCDADOS!$A:$G,4,0))","v":"10,27"},{"$f":"IF(C720=0,\"\",VLOOKUP(C720,BNCDADOS!$A:$G,5,0))","v":12.7},64,{"$f":"IF(C720=0,\"\",VLOOKUP(C720,BNCDADOS!$A:$G,6,0))","v":"9,65"},{"$f":"IF(C720=0,\"\",VLOOKUP(C720,BNCDADOS!$A:$G,7,0))","v":12.54},63.2,{"$f":"SUMIF('MC - TRECHO 02'!A:A,Orçamento!A720,'MC - TRECHO 02'!R:R)","v":5.04}]
["3.7.8.4",{"$f":"IF(C721=0,\"\",VLOOKUP(C721,BNCDADOS!$A:$H,8,0))","v":"SINAPI/RN\nSERVIÇO"},100758,{"$f":"IF(C721=0,\"\",VLOOKUP(C721,BNCDADOS!$A:$G,2,0))","v":"PINTURA COM TINTA ALQUÍDICA DE ACABAMENTO (ESMALTE SINTÉTICO ACETINADO) APLICADA A ROLO OU PINCEL SOBRE SUPERFÍCIES METÁLICAS (EXCETO PERFIL) EXECUTADO EM OBRA (02 DEMÃOS). AF_01/2020"},{"$f":"IF(C721=0,\"\",VLOOKUP(C721,BNCDADOS!$A:$G,3,0))","v":"M2"},5.04,{"$f":"IF(C721=0,\"\",VLOOKUP(C721,BNCDADOS!$A:$G,4,0))","v":"48,50"},{"$f":"IF(C721=0,\"\",VLOOKUP(C721,BNCDADOS!$A:$G,5,0))","v":59.98},302.29000000000002,{"$f":"IF(C721=0,\"\",VLOOKUP(C721,BNCDADOS!$A:$G,6,0))","v":"44,55"},{"$f":"IF(C721=0,\"\",VLOOKUP(C721,BNCDADOS!$A:$G,7,0))","v":57.89},291.76,{"$f":"SUMIF('MC - TRECHO 02'!A:A,Orçamento!A721,'MC - TRECHO 02'!R:R)","v":5.04}]
["3.7.9",{"$f":"IF(C722=0,\"\",VLOOKUP(C722,[143]BNCDADOS!$A:$G,8,0))","v":""},null,"INSTALAÇÃO ELÉTRICA",{"$f":"IF(C722=0,\"\",VLOOKUP(C722,[143]BNCDADOS!$A:$G,3,0))","v":""},0,{"$f":"IF(C722=0,\"\",VLOOKUP(C722,[143]BNCDADOS!$A:$G,4,0))","v":""},{"$f":"IF(C722=0,\"\",VLOOKUP(C722,[143]BNCDADOS!$A:$G,5,0))","v":""},{"$f":"SUM(I723:I730)","v":11488.53},{"$f":"IF(C722=0,\"\",VLOOKUP(C722,[143]BNCDADOS!$A:$G,6,0))","v":""},{"$f":"IF(C722=0,\"\",VLOOKUP(C722,[143]BNCDADOS!$A:$G,7,0))","v":""},{"$f":"SUM(L723:L730)","v":11785.43},0]
["3.7.9.1",{"$f":"IF(C723=0,\"\",VLOOKUP(C723,BNCDADOS!$A:$H,8,0))","v":"SINAPI/RN\nSERVIÇO"},101517,{"$f":"IF(C723=0,\"\",VLOOKUP(C723,BNCDADOS!$A:$G,2,0))","v":"ENTRADA DE ENERGIA ELÉTRICA, SUBTERRÂNEA, MONOFÁSICA, COM CAIXA DE EMBUTIR, CABO DE 10 MM2 E DISJUNTOR DIN 50A (NÃO INCLUSA MURETA DE ALVENARIA). AF_07/2020_PS"},{"$f":"IF(C723=0,\"\",VLOOKUP(C723,BNCDADOS!$A:$G,3,0))","v":"UN"},1,{"$f":"IF(C723=0,\"\",VLOOKUP(C723,BNCDADOS!$A:$G,4,0))","v":"894,51"},{"$f":"IF(C723=0,\"\",VLOOKUP(C723,BNCDADOS!$A:$G,5,0))","v":1106.4100000000001},{"$f":"IF(H723=\"\",0,TRUNC(H723*F723,2))","v":1106.4100000000001},{"$f":"IF(C723=0,\"\",VLOOKUP(C723,BNCDADOS!$A:$G,6,0))","v":"875,56"},{"$f":"IF(C723=0,\"\",VLOOKUP(C723,BNCDADOS!$A:$G,7,0))","v":1137.8699999999999},{"$f":"IF(K723=\"\",0,TRUNC(K723*F723,2))","v":1137.8699999999999},{"$f":"SUMIF('MC - TRECHO 02'!A:A,Orçamento!A723,'MC - TRECHO 02'!R:R)","v":1}]
["3.7.9.2",{"$f":"IF(C724=0,\"\",VLOOKUP(C724,BNCDADOS!$A:$H,8,0))","v":"SINAPI/RN\nSERVIÇO"},91931,{"$f":"IF(C724=0,\"\",VLOOKUP(C724,BNCDADOS!$A:$G,2,0))","v":"CABO DE COBRE FLEXÍVEL ISOLADO, 6 MM², ANTI-CHAMA 0,6/1,0 KV, PARA CIRCUITOS TERMINAIS - FORNECIMENTO E INSTALAÇÃO. AF_03/2023"},{"$f":"IF(C724=0,\"\",VLOOKUP(C724,BNCDADOS!$A:$G,3,0))","v":"M"},15,{"$f":"IF(C724=0,\"\",VLOOKUP(C724,BNCDADOS!$A:$G,4,0))","v":"11,29"},{"$f":"IF(C724=0,\"\",VLOOKUP(C724,BNCDADOS!$A:$G,5,0))","v":13.96},209.4,{"$f":"IF(C724=0,\"\",VLOOKUP(C724,BNCDADOS!$A:$G,6,0))","v":"11,02"},{"$f":"IF(C724=0,\"\",VLOOKUP(C724,BNCDADOS!$A:$G,7,0))","v":14.32},214.8,{"$f":"SUMIF('MC - TRECHO 02'!A:A,Orçamento!A724,'MC - TRECHO 02'!R:R)","v":15}]
["3.7.9.3",{"$f":"IF(C725=0,\"\",VLOOKUP(C725,BNCDADOS!$A:$H,8,0))","v":"SINAPI/RN\nSERVIÇO"},91929,{"$f":"IF(C725=0,\"\",VLOOKUP(C725,BNCDADOS!$A:$G,2,0))","v":"CABO DE COBRE FLEXÍVEL ISOLADO, 4 MM², ANTI-CHAMA 0,6/1,0 KV, PARA CIRCUITOS TERMINAIS - FORNECIMENTO E INSTALAÇÃO. AF_03/2023"},{"$f":"IF(C725=0,\"\",VLOOKUP(C725,BNCDADOS!$A:$G,3,0))","v":"M"},115.5,{"$f":"IF(C725=0,\"\",VLOOKUP(C725,BNCDADOS!$A:$G,4,0))","v":"7,98"},{"$f":"IF(C725=0,\"\",VLOOKUP(C725,BNCDADOS!$A:$G,5,0))","v":9.8699999999999992},1139.98,{"$f":"IF(C725=0,\"\",VLOOKUP(C725,BNCDADOS!$A:$G,6,0))","v":"7,76"},{"$f":"IF(C725=0,\"\",VLOOKUP(C725,BNCDADOS!$A:$G,7,0))","v":10.08},1164.24,{"$f":"SUMIF('MC - TRECHO 02'!A:A,Orçamento!A725,'MC - TRECHO 02'!R:R)","v":115.5}]
["3.7.9.4",{"$f":"IF(C726=0,\"\",VLOOKUP(C726,BNCDADOS!$A:$H,8,0))","v":"SINAPI/RN\nSERVIÇO"},91927,{"$f":"IF(C726=0,\"\",VLOOKUP(C726,BNCDADOS!$A:$G,2,0))","v":"CABO DE COBRE FLEXÍVEL ISOLADO, 2,5 MM², ANTI-CHAMA 0,6/1,0 KV, PARA CIRCUITOS TERMINAIS - FORNECIMENTO E INSTALAÇÃO. AF_03/2023"},{"$f":"IF(C726=0,\"\",VLOOKUP(C726,BNCDADOS!$A:$G,3,0))","v":"M"},90,{"$f":"IF(C726=0,\"\",VLOOKUP(C726,BNCDADOS!$A:$G,4,0))","v":"5,38"},{"$f":"IF(C726=0,\"\",VLOOKUP(C726,BNCDADOS!$A:$G,5,0))","v":6.65},598.5,{"$f":"IF(C726=0,\"\",VLOOKUP(C726,BNCDADOS!$A:$G,6,0))","v":"5,22"},{"$f":"IF(C726=0,\"\",VLOOKUP(C726,BNCDADOS!$A:$G,7,0))","v":6.78},610.20000000000005,{"$f":"SUMIF('MC - TRECHO 02'!A:A,Orçamento!A726,'MC - TRECHO 02'!R:R)","v":90}]
["3.7.9.5",{"$f":"IF(C727=0,\"\",VLOOKUP(C727,BNCDADOS!$A:$H,8,0))","v":"SINAPI/RN\nSERVIÇO"},91854,{"$f":"IF(C727=0,\"\",VLOOKUP(C727,BNCDADOS!$A:$G,2,0))","v":"ELETRODUTO FLEXÍVEL CORRUGADO, PVC, DN 25 MM (3/4\"), PARA CIRCUITOS TERMINAIS, INSTALADO EM PAREDE - FORNECIMENTO E INSTALAÇÃO. AF_03/2023"},{"$f":"IF(C727=0,\"\",VLOOKUP(C727,BNCDADOS!$A:$G,3,0))","v":"M"},5.5,{"$f":"IF(C727=0,\"\",VLOOKUP(C727,BNCDADOS!$A:$G,4,0))","v":"8,73"},{"$f":"IF(C727=0,\"\",VLOOKUP(C727,BNCDADOS!$A:$G,5,0))","v":10.79},59.34,{"$f":"IF(C727=0,\"\",VLOOKUP(C727,BNCDADOS!$A:$G,6,0))","v":"8,01"},{"$f":"IF(C727=0,\"\",VLOOKUP(C727,BNCDADOS!$A:$G,7,0))","v":10.4},57.2,{"$f":"SUMIF('MC - TRECHO 02'!A:A,Orçamento!A727,'MC - TRECHO 02'!R:R)","v":5.5}]
["3.7.9.6",{"$f":"IF(C728=0,\"\",VLOOKUP(C728,BNCDADOS!$A:$H,8,0))","v":"SINAPI/RN\nSERVIÇO"},95728,{"$f":"IF(C728=0,\"\",VLOOKUP(C728,BNCDADOS!$A:$G,2,0))","v":"ELETRODUTO RÍGIDO SOLDÁVEL, PVC, DN 32 MM (1\u0094), APARENTE - FORNECIMENTO E INSTALAÇÃO. AF_10/2022_PA"},{"$f":"IF(C728=0,\"\",VLOOKUP(C728,BNCDADOS!$A:$G,3,0))","v":"M"},{"$f":"TRUNC(M728,2)","v":38},{"$f":"IF(C728=0,\"\",VLOOKUP(C728,BNCDADOS!$A:$G,4,0))","v":"23,88"},{"$f":"IF(C728=0,\"\",VLOOKUP(C728,BNCDADOS!$A:$G,5,0))","v":29.53},1122.1400000000001,{"$f":"IF(C728=0,\"\",VLOOKUP(C728,BNCDADOS!$A:$G,6,0))","v":"22,13"},{"$f":"IF(C728=0,\"\",VLOOKUP(C728,BNCDADOS!$A:$G,7,0))","v":28.76},1092.8800000000001,{"$f":"SUMIF('MC - TRECHO 02'!A:A,Orçamento!A728,'MC - TRECHO 02'!R:R)","v":38}]
["3.7.9.7",{"$f":"IF(C729=0,\"\",VLOOKUP(C729,BNCDADOS!$A:$H,8,0))","v":"SINAPI/RN\nSERVIÇO"},97882,{"$f":"IF(C729=0,\"\",VLOOKUP(C729,BNCDADOS!$A:$G,2,0))","v":"CAIXA ENTERRADA ELÉTRICA RETANGULAR, EM CONCRETO PRÉ-MOLDADO, FUNDO COM BRITA, DIMENSÕES INTERNAS: 0,4X0,4X0,4 M. AF_12/2020"},{"$f":"IF(C729=0,\"\",VLOOKUP(C729,BNCDADOS!$A:$G,3,0))","v":"UN"},4,{"$f":"IF(C729=0,\"\",VLOOKUP(C729,BNCDADOS!$A:$G,4,0))","v":"215,84"},{"$f":"IF(C729=0,\"\",VLOOKUP(C729,BNCDADOS!$A:$G,5,0))","v":266.97000000000003},1067.8800000000001,{"$f":"IF(C729=0,\"\",VLOOKUP(C729,BNCDADOS!$A:$G,6,0))","v":"212,07"},{"$f":"IF(C729=0,\"\",VLOOKUP(C729,BNCDADOS!$A:$G,7,0))","v":275.60000000000002},1102.4000000000001,{"$f":"SUMIF('MC - TRECHO 02'!A:A,Orçamento!A729,'MC - TRECHO 02'!R:R)","v":4}]
["3.7.9.8",{"$f":"IF(C730=0,\"\",VLOOKUP(C730,BNCDADOS!$A:$H,8,0))","v":"caern"},2070408,{"$f":"IF(C730=0,\"\",VLOOKUP(C730,BNCDADOS!$A:$G,2,0))","v":"CONJUNTO ILUMINAÇÃO EXTERNA TIPO PÉTALA COM 02 REFLETORES LED DE 100 W E POSTE CIRCULAR DE 9M EM CONCRETO. INC_05/2020"},{"$f":"IF(C730=0,\"\",VLOOKUP(C730,BNCDADOS!$A:$G,3,0))","v":"UN "},2,{"$f":"IF(C730=0,\"\",VLOOKUP(C730,BNCDADOS!$A:$G,4,0))","v":2500.1600000000003},{"$f":"IF(C730=0,\"\",VLOOKUP(C730,BNCDADOS!$A:$G,5,0))","v":3092.44},6184.88,{"$f":"IF(C730=0,\"\",VLOOKUP(C730,BNCDADOS!$A:$G,6,0))","v":2464.5500000000006},{"$f":"IF(C730=0,\"\",VLOOKUP(C730,BNCDADOS!$A:$G,7,0))","v":3202.92},6405.84,{"$f":"SUMIF('MC - TRECHO 02'!A:A,Orçamento!A730,'MC - TRECHO 02'!R:R)","v":2}]
["3.7.10",{"$f":"IF(C731=0,\"\",VLOOKUP(C731,[143]BNCDADOS!$A:$G,8,0))","v":""},null,"DIVERSOS",{"$f":"IF(C731=0,\"\",VLOOKUP(C731,[143]BNCDADOS!$A:$G,3,0))","v":""},{"$f":"TRUNC(M731,2)","v":0},{"$f":"IF(C731=0,\"\",VLOOKUP(C731,[143]BNCDADOS!$A:$G,4,0))","v":""},{"$f":"IF(C731=0,\"\",VLOOKUP(C731,[143]BNCDADOS!$A:$G,5,0))","v":""},{"$f":"SUM(I732:I733)","v":59269.73},{"$f":"IF(C731=0,\"\",VLOOKUP(C731,[143]BNCDADOS!$A:$G,6,0))","v":""},{"$f":"IF(C731=0,\"\",VLOOKUP(C731,[143]BNCDADOS!$A:$G,7,0))","v":""},{"$f":"SUM(L732:L733)","v":61922.37},0]
["3.7.10.1",{"$f":"IF(C732=0,\"\",VLOOKUP(C732,BNCDADOS!$A:$H,8,0))","v":"caern"},2220066,{"$f":"IF(C732=0,\"\",VLOOKUP(C732,BNCDADOS!$A:$G,2,0))","v":"ESCADA DE MARINHEIRO EM FIBRA DE VIDRO PULTRUDADA, PERFIL QUADRADO, PINTURA PROTETORA CONTRA RAIOS UV, COM GUARDA CORPO. R_11/2021"},{"$f":"IF(C732=0,\"\",VLOOKUP(C732,BNCDADOS!$A:$G,3,0))","v":"M"},19.3,{"$f":"IF(C732=0,\"\",VLOOKUP(C732,BNCDADOS!$A:$G,4,0))","v":1777.21},{"$f":"IF(C732=0,\"\",VLOOKUP(C732,BNCDADOS!$A:$G,5,0))","v":2198.23},{"$f":"IF(H732=\"\",0,TRUNC(H732*F732,2))","v":42425.83},{"$f":"IF(C732=0,\"\",VLOOKUP(C732,BNCDADOS!$A:$G,6,0))","v":1766.07},{"$f":"IF(C732=0,\"\",VLOOKUP(C732,BNCDADOS!$A:$G,7,0))","v":2295.1799999999998},{"$f":"IF(K732=\"\",0,TRUNC(K732*F732,2))","v":44296.97},{"$f":"SUMIF('MC - TRECHO 02'!A:A,Orçamento!A732,'MC - TRECHO 02'!R:R)","v":19.3}]
["3.7.10.2",{"$f":"IF(C733=0,\"\",VLOOKUP(C733,BNCDADOS!$A:$H,8,0))","v":"caern"},2220065,{"$f":"IF(C733=0,\"\",VLOOKUP(C733,BNCDADOS!$A:$G,2,0))","v":"ESCADA DE MARINHEIRO EM FIBRA DE VIDRO PULTRUDADA, PERFIL QUADRADO, PINTURA PROTETORA CONTRA RAIOS UV, SEM GUARDA CORPO. R_11/2021"},{"$f":"IF(C733=0,\"\",VLOOKUP(C733,BNCDADOS!$A:$G,3,0))","v":"M"},10,{"$f":"IF(C733=0,\"\",VLOOKUP(C733,BNCDADOS!$A:$G,4,0))","v":1361.79},{"$f":"IF(C733=0,\"\",VLOOKUP(C733,BNCDADOS!$A:$G,5,0))","v":1684.39},16843.900000000001,{"$f":"IF(C733=0,\"\",VLOOKUP(C733,BNCDADOS!$A:$G,6,0))","v":1356.22},{"$f":"IF(C733=0,\"\",VLOOKUP(C733,BNCDADOS!$A:$G,7,0))","v":1762.54},17625.400000000001,{"$f":"SUMIF('MC - TRECHO 02'!A:A,Orçamento!A733,'MC - TRECHO 02'!R:R)","v":10}]
["3.8",null,null,"SERVIÇOS_RESERVATÓRIO APOIADO (RAP)_MONTANHAS",{"$nulls":4},{"$f":"SUM(I735,I745,I758,I773,I779,I781,I785,I789,I794,I803)","v":1888058.8099999998},null,null,{"$f":"SUM(L735,L745,L758,L773,L779,L781,L785,L789,L794,L803)","v":1942516.2499999995}]
["3.8.1",{"$f":"IF(C735=0,\"\",VLOOKUP(C735,[143]BNCDADOS!$A:$G,8,0))","v":""},null,"SERVIÇOS PRELIMINARES",{"$f":"IF(C735=0,\"\",VLOOKUP(C735,[143]BNCDADOS!$A:$G,3,0))","v":""},null,{"$f":"IF(C735=0,\"\",VLOOKUP(C735,[143]BNCDADOS!$A:$G,4,0))","v":""},{"$f":"IF(C735=0,\"\",VLOOKUP(C735,[143]BNCDADOS!$A:$G,5,0))","v":""},{"$f":"SUM(I736:I744)","v":184209.38},{"$f":"IF(C735=0,\"\",VLOOKUP(C735,[143]BNCDADOS!$A:$G,6,0))","v":""},{"$f":"IF(C735=0,\"\",VLOOKUP(C735,[143]BNCDADOS!$A:$G,7,0))","v":""},{"$f":"SUM(L736:L744)","v":188298.03999999998}]
["3.8.1.1",{"$f":"IF(C736=0,\"\",VLOOKUP(C736,BNCDADOS!$A:$H,8,0))","v":"SINAPI/RN\nSERVIÇO"},98525,{"$f":"IF(C736=0,\"\",VLOOKUP(C736,BNCDADOS!$A:$G,2,0))","v":"LIMPEZA MECANIZADA DE CAMADA VEGETAL, VEGETAÇÃO E PEQUENAS ÁRVORES (DIÂMETRO DE TRONCO MENOR QUE 0,20 M), COM TRATOR DE ESTEIRAS. AF_03/2024"},{"$f":"IF(C736=0,\"\",VLOOKUP(C736,BNCDADOS!$A:$G,3,0))","v":"M2"},{"$f":"TRUNC(M736,2)","v":2000},{"$f":"IF(C736=0,\"\",VLOOKUP(C736,BNCDADOS!$A:$G,4,0))","v":"0,61"},{"$f":"IF(C736=0,\"\",VLOOKUP(C736,BNCDADOS!$A:$G,5,0))","v":0.75},{"$f":"IF(H736=\"\",0,TRUNC(H736*F736,2))","v":1500},{"$f":"IF(C736=0,\"\",VLOOKUP(C736,BNCDADOS!$A:$G,6,0))","v":"0,58"},{"$f":"IF(C736=0,\"\",VLOOKUP(C736,BNCDADOS!$A:$G,7,0))","v":0.75},{"$f":"IF(K736=\"\",0,TRUNC(K736*F736,2))","v":1500},{"$f":"SUMIF('MC - TRECHO 02'!A:A,Orçamento!A736,'MC - TRECHO 02'!R:R)","v":2000}]
["3.8.1.2",{"$f":"IF(C737=0,\"\",VLOOKUP(C737,BNCDADOS!$A:$H,8,0))","v":"SINAPI/RN\nSERVIÇO"},98527,{"$f":"IF(C737=0,\"\",VLOOKUP(C737,BNCDADOS!$A:$G,2,0))","v":"REMOÇÃO DE RAÍZES REMANESCENTES DE TRONCO DE ÁRVORE COM DIÂMETRO MAIOR OU IGUAL A 0,40 M E MENOR QUE 0,60 M. AF_03/2024"},{"$f":"IF(C737=0,\"\",VLOOKUP(C737,BNCDADOS!$A:$G,3,0))","v":"UN"},100,{"$f":"IF(C737=0,\"\",VLOOKUP(C737,BNCDADOS!$A:$G,4,0))","v":"209,89"},{"$f":"IF(C737=0,\"\",VLOOKUP(C737,BNCDADOS!$A:$G,5,0))","v":259.61},25961,{"$f":"IF(C737=0,\"\",VLOOKUP(C737,BNCDADOS!$A:$G,6,0))","v":"195,46"},{"$f":"IF(C737=0,\"\",VLOOKUP(C737,BNCDADOS!$A:$G,7,0))","v":254.01},25401,{"$f":"SUMIF('MC - TRECHO 02'!A:A,Orçamento!A737,'MC - TRECHO 02'!R:R)","v":100}]
["3.8.1.3",{"$f":"IF(C738=0,\"\",VLOOKUP(C738,BNCDADOS!$A:$H,8,0))","v":"SINAPI/RN\nSERVIÇO"},100982,{"$f":"IF(C738=0,\"\",VLOOKUP(C738,BNCDADOS!$A:$G,2,0))","v":"CARGA, MANOBRA E DESCARGA DE ENTULHO EM CAMINHÃO BASCULANTE 10 M³ - CARGA COM ESCAVADEIRA HIDRÁULICA  (CAÇAMBA DE 0,80 M³ / 111 HP) E DESCARGA LIVRE (UNIDADE: M3). AF_07/2020"},{"$f":"IF(C738=0,\"\",VLOOKUP(C738,BNCDADOS!$A:$G,3,0))","v":"M3"},1000,{"$f":"IF(C738=0,\"\",VLOOKUP(C738,BNCDADOS!$A:$G,4,0))","v":"9,22"},{"$f":"IF(C738=0,\"\",VLOOKUP(C738,BNCDADOS!$A:$G,5,0))","v":11.4},11400,{"$f":"IF(C738=0,\"\",VLOOKUP(C738,BNCDADOS!$A:$G,6,0))","v":"9,04"},{"$f":"IF(C738=0,\"\",VLOOKUP(C738,BNCDADOS!$A:$G,7,0))","v":11.74},11740,{"$f":"SUMIF('MC - TRECHO 02'!A:A,Orçamento!A738,'MC - TRECHO 02'!R:R)","v":1000}]
["3.8.1.4",{"$f":"IF(C739=0,\"\",VLOOKUP(C739,BNCDADOS!$A:$H,8,0))","v":"SINAPI/RN\nSERVIÇO"},93591,{"$f":"IF(C739=0,\"\",VLOOKUP(C739,BNCDADOS!$A:$G,2,0))","v":"TRANSPORTE COM CAMINHÃO BASCULANTE DE 14 M³, EM VIA URBANA EM LEITO NATURAL (UNIDADE: M3XKM). AF_07/2020"},{"$f":"IF(C739=0,\"\",VLOOKUP(C739,BNCDADOS!$A:$G,3,0))","v":"M3XKM"},6300,{"$f":"IF(C739=0,\"\",VLOOKUP(C739,BNCDADOS!$A:$G,4,0))","v":"2,83"},{"$f":"IF(C739=0,\"\",VLOOKUP(C739,BNCDADOS!$A:$G,5,0))","v":3.5},22050,{"$f":"IF(C739=0,\"\",VLOOKUP(C739,BNCDADOS!$A:$G,6,0))","v":"2,80"},{"$f":"IF(C739=0,\"\",VLOOKUP(C739,BNCDADOS!$A:$G,7,0))","v":3.63},22869,{"$f":"SUMIF('MC - TRECHO 02'!A:A,Orçamento!A739,'MC - TRECHO 02'!R:R)","v":6300}]
["3.8.1.5",{"$f":"IF(C740=0,\"\",VLOOKUP(C740,BNCDADOS!$A:$H,8,0))","v":"SINAPI/RN\nSERVIÇO"},93592,{"$f":"IF(C740=0,\"\",VLOOKUP(C740,BNCDADOS!$A:$G,2,0))","v":"TRANSPORTE COM CAMINHÃO BASCULANTE DE 14 M³, EM VIA URBANA EM REVESTIMENTO PRIMÁRIO (UNIDADE: M3XKM). AF_07/2020"},{"$f":"IF(C740=0,\"\",VLOOKUP(C740,BNCDADOS!$A:$G,3,0))","v":"M3XKM"},12600,{"$f":"IF(C740=0,\"\",VLOOKUP(C740,BNCDADOS!$A:$G,4,0))","v":"2,45"},{"$f":"IF(C740=0,\"\",VLOOKUP(C740,BNCDADOS!$A:$G,5,0))","v":3.03},38178,{"$f":"IF(C740=0,\"\",VLOOKUP(C740,BNCDADOS!$A:$G,6,0))","v":"2,42"},{"$f":"IF(C740=0,\"\",VLOOKUP(C740,BNCDADOS!$A:$G,7,0))","v":3.14},39564,{"$f":"SUMIF('MC - TRECHO 02'!A:A,Orçamento!A740,'MC - TRECHO 02'!R:R)","v":12600}]
["3.8.1.6",{"$f":"IF(C741=0,\"\",VLOOKUP(C741,BNCDADOS!$A:$H,8,0))","v":"SINAPI/RN\nSERVIÇO"},98459,{"$f":"IF(C741=0,\"\",VLOOKUP(C741,BNCDADOS!$A:$G,2,0))","v":"TAPUME COM TELHA METÁLICA. AF_03/2024"},{"$f":"IF(C741=0,\"\",VLOOKUP(C741,BNCDADOS!$A:$G,3,0))","v":"M2"},396,{"$f":"IF(C741=0,\"\",VLOOKUP(C741,BNCDADOS!$A:$G,4,0))","v":"101,37"},{"$f":"IF(C741=0,\"\",VLOOKUP(C741,BNCDADOS!$A:$G,5,0))","v":125.38},49650.48,{"$f":"IF(C741=0,\"\",VLOOKUP(C741,BNCDADOS!$A:$G,6,0))","v":"98,15"},{"$f":"IF(C741=0,\"\",VLOOKUP(C741,BNCDADOS!$A:$G,7,0))","v":127.55},50509.8,{"$f":"SUMIF('MC - TRECHO 02'!A:A,Orçamento!A741,'MC - TRECHO 02'!R:R)","v":396}]
["3.8.1.7",{"$f":"IF(C742=0,\"\",VLOOKUP(C742,BNCDADOS!$A:$H,8,0))","v":"SINAPI/RN\nSERVIÇO"},99059,{"$f":"IF(C742=0,\"\",VLOOKUP(C742,BNCDADOS!$A:$G,2,0))","v":"LOCAÇÃO CONVENCIONAL DE OBRA, UTILIZANDO GABARITO DE TÁBUAS CORRIDAS PONTALETADAS A CADA 2,00M -  2 UTILIZAÇÕES. AF_03/2024"},{"$f":"IF(C742=0,\"\",VLOOKUP(C742,BNCDADOS!$A:$G,3,0))","v":"M"},114,{"$f":"IF(C742=0,\"\",VLOOKUP(C742,BNCDADOS!$A:$G,4,0))","v":"68,49"},{"$f":"IF(C742=0,\"\",VLOOKUP(C742,BNCDADOS!$A:$G,5,0))","v":84.71},9656.94,{"$f":"IF(C742=0,\"\",VLOOKUP(C742,BNCDADOS!$A:$G,6,0))","v":"64,82"},{"$f":"IF(C742=0,\"\",VLOOKUP(C742,BNCDADOS!$A:$G,7,0))","v":84.24},9603.36,{"$f":"SUMIF('MC - TRECHO 02'!A:A,Orçamento!A742,'MC - TRECHO 02'!R:R)","v":114}]
["3.8.1.8",{"$f":"IF(C743=0,\"\",VLOOKUP(C743,BNCDADOS!$A:$H,8,0))","v":0},"COMP 13",{"$f":"IF(C743=0,\"\",VLOOKUP(C743,BNCDADOS!$A:$G,2,0))","v":"LOCAÇÃO DE CONTÊINER ALMOXARIFADO COM PISO NAVAL - 6,00M X 2,35M - PARA USO EM CANTEIRO DE OBRAS"},{"$f":"IF(C743=0,\"\",VLOOKUP(C743,BNCDADOS!$A:$G,3,0))","v":"UM X MÊS"},16,{"$f":"IF(C743=0,\"\",VLOOKUP(C743,BNCDADOS!$A:$G,4,0))","v":800.6},{"$f":"IF(C743=0,\"\",VLOOKUP(C743,BNCDADOS!$A:$G,5,0))","v":990.26},15844.16,{"$f":"IF(C743=0,\"\",VLOOKUP(C743,BNCDADOS!$A:$G,6,0))","v":800.6},{"$f":"IF(C743=0,\"\",VLOOKUP(C743,BNCDADOS!$A:$G,7,0))","v":1040.45},16647.2,{"$f":"SUMIF('MC - TRECHO 02'!A:A,Orçamento!A743,'MC - TRECHO 02'!R:R)","v":16}]
["3.8.1.9",{"$f":"IF(C744=0,\"\",VLOOKUP(C744,BNCDADOS!$A:$H,8,0))","v":0},"COMP 01",{"$f":"IF(C744=0,\"\",VLOOKUP(C744,BNCDADOS!$A:$G,2,0))","v":"CANTEIRO ITINERANTE COMPOSTO DE TOLDO, CONJUNTO DE MESA E CADEIRAS E BANHEIRO QUÍMICO COM LIMPEZA DIÁRIA INCLUSO COLETA E DESTINAÇÃO FINAL DE EFLUENTES"},{"$f":"IF(C744=0,\"\",VLOOKUP(C744,BNCDADOS!$A:$G,3,0))","v":"UN"},8,{"$f":"IF(C744=0,\"\",VLOOKUP(C744,BNCDADOS!$A:$G,4,0))","v":1007.4399999999999},{"$f":"IF(C744=0,\"\",VLOOKUP(C744,BNCDADOS!$A:$G,5,0))","v":1246.0999999999999},9968.7999999999993,{"$f":"IF(C744=0,\"\",VLOOKUP(C744,BNCDADOS!$A:$G,6,0))","v":1006.4399999999999},{"$f":"IF(C744=0,\"\",VLOOKUP(C744,BNCDADOS!$A:$G,7,0))","v":1307.96},10463.68,{"$f":"SUMIF('MC - TRECHO 02'!A:A,Orçamento!A744,'MC - TRECHO 02'!R:R)","v":8}]
["3.8.2",{"$f":"IF(C745=0,\"\",VLOOKUP(C745,[143]BNCDADOS!$A:$G,8,0))","v":""},null,"TRABALHOS EM TERRA",{"$f":"IF(C745=0,\"\",VLOOKUP(C745,[143]BNCDADOS!$A:$G,3,0))","v":""},null,{"$f":"IF(C745=0,\"\",VLOOKUP(C745,[143]BNCDADOS!$A:$G,4,0))","v":""},{"$f":"IF(C745=0,\"\",VLOOKUP(C745,[143]BNCDADOS!$A:$G,5,0))","v":""},{"$f":"SUM(I747:I757)","v":241129.17999999996},{"$f":"IF(C745=0,\"\",VLOOKUP(C745,[143]BNCDADOS!$A:$G,6,0))","v":""},{"$f":"IF(C745=0,\"\",VLOOKUP(C745,[143]BNCDADOS!$A:$G,7,0))","v":""},{"$f":"SUM(L747:L757)","v":248387.1},0]
[null,{"$f":"IF(C746=0,\"\",VLOOKUP(C746,[143]BNCDADOS!$A:$G,8,0))","v":""},null,"ATERRO DA ÁREA",{"$f":"IF(C746=0,\"\",VLOOKUP(C746,[143]BNCDADOS!$A:$G,3,0))","v":""},null,{"$f":"IF(C746=0,\"\",VLOOKUP(C746,[143]BNCDADOS!$A:$G,4,0))","v":""},{"$nulls":5},0]
["3.8.2.1",{"$f":"IF(C747=0,\"\",VLOOKUP(C747,BNCDADOS!$A:$H,8,0))","v":"SINAPI/RN\nSERVIÇO"},96385,{"$f":"IF(C747=0,\"\",VLOOKUP(C747,BNCDADOS!$A:$G,2,0))","v":"EXECUÇÃO E COMPACTAÇÃO DE ATERRO COM SOLO PREDOMINANTEMENTE ARGILOSO - EXCLUSIVE SOLO, ESCAVAÇÃO, CARGA E TRANSPORTE. AF_11/2019"},{"$f":"IF(C747=0,\"\",VLOOKUP(C747,BNCDADOS!$A:$G,3,0))","v":"M3"},{"$f":"TRUNC(M747,2)","v":2240.8000000000002},{"$f":"IF(C747=0,\"\",VLOOKUP(C747,BNCDADOS!$A:$G,4,0))","v":"11,83"},{"$f":"IF(C747=0,\"\",VLOOKUP(C747,BNCDADOS!$A:$G,5,0))","v":14.63},{"$f":"IF(H747=\"\",0,TRUNC(H747*F747,2))","v":32782.9},{"$f":"IF(C747=0,\"\",VLOOKUP(C747,BNCDADOS!$A:$G,6,0))","v":"11,38"},{"$f":"IF(C747=0,\"\",VLOOKUP(C747,BNCDADOS!$A:$G,7,0))","v":14.78},{"$f":"IF(K747=\"\",0,TRUNC(K747*F747,2))","v":33119.019999999997},{"$f":"SUMIF('MC - TRECHO 02'!A:A,Orçamento!A747,'MC - TRECHO 02'!R:R)","v":2240.8000000000002}]
["3.8.2.2",{"$f":"IF(C748=0,\"\",VLOOKUP(C748,BNCDADOS!$A:$H,8,0))","v":"SINAPI/RN\nSERVIÇO"},101232,{"$f":"IF(C748=0,\"\",VLOOKUP(C748,BNCDADOS!$A:$G,2,0))","v":"ESCAVAÇÃO VERTICAL PARA INFRAESTRUTURA, COM CARGA, DESCARGA E TRANSPORTE DE SOLO DE 1ª CATEGORIA, COM ESCAVADEIRA HIDRÁULICA (CAÇAMBA: 1,2 M³ / 155 HP), FROTA DE 3 CAMINHÕES BASCULANTES DE 14 M³, DMT ATÉ 1 KM E VELOCIDADE MÉDIA14 KM/H. AF_05/2020"},{"$f":"IF(C748=0,\"\",VLOOKUP(C748,BNCDADOS!$A:$G,3,0))","v":"M3"},2240.8000000000002,{"$f":"IF(C748=0,\"\",VLOOKUP(C748,BNCDADOS!$A:$G,4,0))","v":"9,80"},{"$f":"IF(C748=0,\"\",VLOOKUP(C748,BNCDADOS!$A:$G,5,0))","v":12.12},27158.49,{"$f":"IF(C748=0,\"\",VLOOKUP(C748,BNCDADOS!$A:$G,6,0))","v":"9,66"},{"$f":"IF(C748=0,\"\",VLOOKUP(C748,BNCDADOS!$A:$G,7,0))","v":12.55},28122.04,{"$f":"SUMIF('MC - TRECHO 02'!A:A,Orçamento!A748,'MC - TRECHO 02'!R:R)","v":2240.8000000000002}]
["3.8.2.3",{"$f":"IF(C749=0,\"\",VLOOKUP(C749,BNCDADOS!$A:$H,8,0))","v":"SINAPI/RN\nSERVIÇO"},93591,{"$f":"IF(C749=0,\"\",VLOOKUP(C749,BNCDADOS!$A:$G,2,0))","v":"TRANSPORTE COM CAMINHÃO BASCULANTE DE 14 M³, EM VIA URBANA EM LEITO NATURAL (UNIDADE: M3XKM). AF_07/2020"},{"$f":"IF(C749=0,\"\",VLOOKUP(C749,BNCDADOS!$A:$G,3,0))","v":"M3XKM"},13444.8,{"$f":"IF(C749=0,\"\",VLOOKUP(C749,BNCDADOS!$A:$G,4,0))","v":"2,83"},{"$f":"IF(C749=0,\"\",VLOOKUP(C749,BNCDADOS!$A:$G,5,0))","v":3.5},47056.800000000003,{"$f":"IF(C749=0,\"\",VLOOKUP(C749,BNCDADOS!$A:$G,6,0))","v":"2,80"},{"$f":"IF(C749=0,\"\",VLOOKUP(C749,BNCDADOS!$A:$G,7,0))","v":3.63},48804.62,{"$f":"SUMIF('MC - TRECHO 02'!A:A,Orçamento!A749,'MC - TRECHO 02'!R:R)","v":13444.8}]
["3.8.2.4",{"$f":"IF(C750=0,\"\",VLOOKUP(C750,BNCDADOS!$A:$H,8,0))","v":"SINAPI/RN\nSERVIÇO"},93592,{"$f":"IF(C750=0,\"\",VLOOKUP(C750,BNCDADOS!$A:$G,2,0))","v":"TRANSPORTE COM CAMINHÃO BASCULANTE DE 14 M³, EM VIA URBANA EM REVESTIMENTO PRIMÁRIO (UNIDADE: M3XKM). AF_07/2020"},{"$f":"IF(C750=0,\"\",VLOOKUP(C750,BNCDADOS!$A:$G,3,0))","v":"M3XKM"},26889.599999999999,{"$f":"IF(C750=0,\"\",VLOOKUP(C750,BNCDADOS!$A:$G,4,0))","v":"2,45"},{"$f":"IF(C750=0,\"\",VLOOKUP(C750,BNCDADOS!$A:$G,5,0))","v":3.03},81475.48,{"$f":"IF(C750=0,\"\",VLOOKUP(C750,BNCDADOS!$A:$G,6,0))","v":"2,42"},{"$f":"IF(C750=0,\"\",VLOOKUP(C750,BNCDADOS!$A:$G,7,0))","v":3.14},84433.34,{"$f":"SUMIF('MC - TRECHO 02'!A:A,Orçamento!A750,'MC - TRECHO 02'!R:R)","v":26889.599999999999}]
["3.8.2.5",{"$f":"IF(C751=0,\"\",VLOOKUP(C751,BNCDADOS!$A:$H,8,0))","v":"SINAPI/RN\nSERVIÇO"},98520,{"$f":"IF(C751=0,\"\",VLOOKUP(C751,BNCDADOS!$A:$G,2,0))","v":"APLICAÇÃO DE ADUBO EM SOLO. AF_07/2024"},{"$f":"IF(C751=0,\"\",VLOOKUP(C751,BNCDADOS!$A:$G,3,0))","v":"M2"},160,{"$f":"IF(C751=0,\"\",VLOOKUP(C751,BNCDADOS!$A:$G,4,0))","v":"6,22"},{"$f":"IF(C751=0,\"\",VLOOKUP(C751,BNCDADOS!$A:$G,5,0))","v":7.69},1230.4000000000001,{"$f":"IF(C751=0,\"\",VLOOKUP(C751,BNCDADOS!$A:$G,6,0))","v":"6,09"},{"$f":"IF(C751=0,\"\",VLOOKUP(C751,BNCDADOS!$A:$G,7,0))","v":7.91},1265.5999999999999,{"$f":"SUMIF('MC - TRECHO 02'!A:A,Orçamento!A751,'MC - TRECHO 02'!R:R)","v":160}]
["3.8.2.6",{"$f":"IF(C752=0,\"\",VLOOKUP(C752,BNCDADOS!$A:$H,8,0))","v":"SINAPI/RN\nSERVIÇO"},98504,{"$f":"IF(C752=0,\"\",VLOOKUP(C752,BNCDADOS!$A:$G,2,0))","v":"PLANTIO DE GRAMA BATATAIS EM PLACAS. AF_07/2024"},{"$f":"IF(C752=0,\"\",VLOOKUP(C752,BNCDADOS!$A:$G,3,0))","v":"M2"},160,{"$f":"IF(C752=0,\"\",VLOOKUP(C752,BNCDADOS!$A:$G,4,0))","v":"13,41"},{"$f":"IF(C752=0,\"\",VLOOKUP(C752,BNCDADOS!$A:$G,5,0))","v":16.579999999999998},2652.8,{"$f":"IF(C752=0,\"\",VLOOKUP(C752,BNCDADOS!$A:$G,6,0))","v":"13,08"},{"$f":"IF(C752=0,\"\",VLOOKUP(C752,BNCDADOS!$A:$G,7,0))","v":16.989999999999998},2718.4,{"$f":"SUMIF('MC - TRECHO 02'!A:A,Orçamento!A752,'MC - TRECHO 02'!R:R)","v":160}]
[null,{"$f":"IF(C753=0,\"\",VLOOKUP(C753,[143]BNCDADOS!$A:$G,8,0))","v":""},null,"SERVIÇOS DE TERRA PARA A EXECUÇÃO DAS ESTRUTURAS",{"$f":"IF(C753=0,\"\",VLOOKUP(C753,[143]BNCDADOS!$A:$G,3,0))","v":""},{"$f":"TRUNC(M753,2)","v":0},{"$f":"IF(C753=0,\"\",VLOOKUP(C753,[143]BNCDADOS!$A:$G,4,0))","v":""},{"$nulls":5},0]
["3.8.2.7",{"$f":"IF(C754=0,\"\",VLOOKUP(C754,BNCDADOS!$A:$H,8,0))","v":"SINAPI/RN\nSERVIÇO"},96525,{"$f":"IF(C754=0,\"\",VLOOKUP(C754,BNCDADOS!$A:$G,2,0))","v":"ESCAVAÇÃO MECANIZADA PARA VIGA BALDRAME OU SAPATA CORRIDA COM MINI-ESCAVADEIRA (INCLUINDO ESCAVAÇÃO PARA COLOCAÇÃO DE FÔRMAS). AF_01/2024"},{"$f":"IF(C754=0,\"\",VLOOKUP(C754,BNCDADOS!$A:$G,3,0))","v":"M3"},27,{"$f":"IF(C754=0,\"\",VLOOKUP(C754,BNCDADOS!$A:$G,4,0))","v":"55,00"},{"$f":"IF(C754=0,\"\",VLOOKUP(C754,BNCDADOS!$A:$G,5,0))","v":68.02},{"$f":"IF(H754=\"\",0,TRUNC(H754*F754,2))","v":1836.54},{"$f":"IF(C754=0,\"\",VLOOKUP(C754,BNCDADOS!$A:$G,6,0))","v":"52,42"},{"$f":"IF(C754=0,\"\",VLOOKUP(C754,BNCDADOS!$A:$G,7,0))","v":68.12},{"$f":"IF(K754=\"\",0,TRUNC(K754*F754,2))","v":1839.24},{"$f":"SUMIF('MC - TRECHO 02'!A:A,Orçamento!A754,'MC - TRECHO 02'!R:R)","v":27}]
["3.8.2.8",{"$f":"IF(C755=0,\"\",VLOOKUP(C755,BNCDADOS!$A:$H,8,0))","v":"SINAPI/RN\nSERVIÇO"},93382,{"$f":"IF(C755=0,\"\",VLOOKUP(C755,BNCDADOS!$A:$G,2,0))","v":"REATERRO MANUAL DE VALAS, COM COMPACTADOR DE SOLOS DE PERCUSSÃO. AF_08/2023"},{"$f":"IF(C755=0,\"\",VLOOKUP(C755,BNCDADOS!$A:$G,3,0))","v":"M3"},19.440000000000001,{"$f":"IF(C755=0,\"\",VLOOKUP(C755,BNCDADOS!$A:$G,4,0))","v":"25,08"},{"$f":"IF(C755=0,\"\",VLOOKUP(C755,BNCDADOS!$A:$G,5,0))","v":31.02},603.02,{"$f":"IF(C755=0,\"\",VLOOKUP(C755,BNCDADOS!$A:$G,6,0))","v":"22,89"},{"$f":"IF(C755=0,\"\",VLOOKUP(C755,BNCDADOS!$A:$G,7,0))","v":29.74},578.14,{"$f":"SUMIF('MC - TRECHO 02'!A:A,Orçamento!A755,'MC - TRECHO 02'!R:R)","v":19.440000000000001}]
["3.8.2.9",{"$f":"IF(C756=0,\"\",VLOOKUP(C756,BNCDADOS!$A:$H,8,0))","v":"SINAPI/RN\nSERVIÇO"},101206,{"$f":"IF(C756=0,\"\",VLOOKUP(C756,BNCDADOS!$A:$G,2,0))","v":"ESCAVAÇÃO VERTICAL PARA  EDIFICAÇÃO, COM CARGA, DESCARGA E TRANSPORTE DE SOLO DE 1ª CATEGORIA, COM ESCAVADEIRA HIDRÁULICA (CAÇAMBA: 0,8 M³ / 111 HP), FROTA DE 3 CAMINHÕES BASCULANTES DE 14 M³, DMT ATÉ 1 KM E VELOCIDADE MÉDIA 14 KM/H. AF_05/2020"},{"$f":"IF(C756=0,\"\",VLOOKUP(C756,BNCDADOS!$A:$G,3,0))","v":"M3"},2393.6,{"$f":"IF(C756=0,\"\",VLOOKUP(C756,BNCDADOS!$A:$G,4,0))","v":"13,00"},{"$f":"IF(C756=0,\"\",VLOOKUP(C756,BNCDADOS!$A:$G,5,0))","v":16.07},38465.15,{"$f":"IF(C756=0,\"\",VLOOKUP(C756,BNCDADOS!$A:$G,6,0))","v":"12,77"},{"$f":"IF(C756=0,\"\",VLOOKUP(C756,BNCDADOS!$A:$G,7,0))","v":16.59},39709.82,{"$f":"SUMIF('MC - TRECHO 02'!A:A,Orçamento!A756,'MC - TRECHO 02'!R:R)","v":2393.6}]
["3.8.2.10",{"$f":"IF(C757=0,\"\",VLOOKUP(C757,BNCDADOS!$A:$H,8,0))","v":"SINAPI/RN\nSERVIÇO"},93379,{"$f":"IF(C757=0,\"\",VLOOKUP(C757,BNCDADOS!$A:$G,2,0))","v":"REATERRO MECANIZADO DE VALA COM RETROESCAVADEIRA (CAPACIDADE DA CAÇAMBA   DA RETRO: 0,26 M³/POTÊNCIA: 88 HP), LARGURA 0,8 A 1,5 M, PROFUNDIDADE ATÉ 1,5 M, COM SOLO (SEM SUBSTITUIÇÃO) DE 1ª CATEGORIA, COM COMPACTADOR DE SOLOS DE PERCUSSÃO AF_08/2023"},{"$f":"IF(C757=0,\"\",VLOOKUP(C757,BNCDADOS!$A:$G,3,0))","v":"M3"},353.6,{"$f":"IF(C757=0,\"\",VLOOKUP(C757,BNCDADOS!$A:$G,4,0))","v":"17,99"},{"$f":"IF(C757=0,\"\",VLOOKUP(C757,BNCDADOS!$A:$G,5,0))","v":22.25},7867.6,{"$f":"IF(C757=0,\"\",VLOOKUP(C757,BNCDADOS!$A:$G,6,0))","v":"16,97"},{"$f":"IF(C757=0,\"\",VLOOKUP(C757,BNCDADOS!$A:$G,7,0))","v":22.05},7796.88,{"$f":"SUMIF('MC - TRECHO 02'!A:A,Orçamento!A757,'MC - TRECHO 02'!R:R)","v":353.59999999999991}]
["3.8.3",{"$f":"IF(C758=0,\"\",VLOOKUP(C758,[143]BNCDADOS!$A:$G,8,0))","v":""},null,"ESTRUTURA",{"$f":"IF(C758=0,\"\",VLOOKUP(C758,[143]BNCDADOS!$A:$G,3,0))","v":""},null,{"$f":"IF(C758=0,\"\",VLOOKUP(C758,[143]BNCDADOS!$A:$G,4,0))","v":""},{"$f":"IF(C758=0,\"\",VLOOKUP(C758,[143]BNCDADOS!$A:$G,5,0))","v":""},{"$f":"SUM(I759:I772)","v":967065.8},{"$f":"IF(C758=0,\"\",VLOOKUP(C758,[143]BNCDADOS!$A:$G,6,0))","v":""},{"$f":"IF(C758=0,\"\",VLOOKUP(C758,[143]BNCDADOS!$A:$G,7,0))","v":""},{"$f":"SUM(L759:L772)","v":1000639.5599999998},0]
["3.8.3.1",{"$f":"IF(C759=0,\"\",VLOOKUP(C759,BNCDADOS!$A:$H,8,0))","v":"SINAPI/RN\nSERVIÇO"},95241,{"$f":"IF(C759=0,\"\",VLOOKUP(C759,BNCDADOS!$A:$G,2,0))","v":"LASTRO DE CONCRETO MAGRO, APLICADO EM PISOS, LAJES SOBRE SOLO OU RADIERS, ESPESSURA DE 5 CM. AF_01/2024"},{"$f":"IF(C759=0,\"\",VLOOKUP(C759,BNCDADOS!$A:$G,3,0))","v":"M2"},{"$f":"TRUNC(M759,2)","v":600},{"$f":"IF(C759=0,\"\",VLOOKUP(C759,BNCDADOS!$A:$G,4,0))","v":"36,15"},{"$f":"IF(C759=0,\"\",VLOOKUP(C759,BNCDADOS!$A:$G,5,0))","v":44.71},{"$f":"IF(H759=\"\",0,TRUNC(H759*F759,2))","v":26826},{"$f":"IF(C759=0,\"\",VLOOKUP(C759,BNCDADOS!$A:$G,6,0))","v":"34,74"},{"$f":"IF(C759=0,\"\",VLOOKUP(C759,BNCDADOS!$A:$G,7,0))","v":45.14},{"$f":"IF(K759=\"\",0,TRUNC(K759*F759,2))","v":27084},{"$f":"SUMIF('MC - TRECHO 02'!A:A,Orçamento!A759,'MC - TRECHO 02'!R:R)","v":600}]
["3.8.3.2",{"$f":"IF(C760=0,\"\",VLOOKUP(C760,BNCDADOS!$A:$H,8,0))","v":"SINAPI/RN\nSERVIÇO"},103800,{"$f":"IF(C760=0,\"\",VLOOKUP(C760,BNCDADOS!$A:$G,2,0))","v":"PEDRA ARGAMASSADA COM CIMENTO E AREIA 1:3, 40% DE ARGAMASSA EM VOLUME - AREIA E PEDRA DE MÃO COMERCIAIS - FORNECIMENTO E ASSENTAMENTO. AF_08/2022"},{"$f":"IF(C760=0,\"\",VLOOKUP(C760,BNCDADOS!$A:$G,3,0))","v":"M3"},12.36,{"$f":"IF(C760=0,\"\",VLOOKUP(C760,BNCDADOS!$A:$G,4,0))","v":"534,85"},{"$f":"IF(C760=0,\"\",VLOOKUP(C760,BNCDADOS!$A:$G,5,0))","v":661.55},8176.75,{"$f":"IF(C760=0,\"\",VLOOKUP(C760,BNCDADOS!$A:$G,6,0))","v":"515,06"},{"$f":"IF(C760=0,\"\",VLOOKUP(C760,BNCDADOS!$A:$G,7,0))","v":669.37},8273.41,{"$f":"SUMIF('MC - TRECHO 02'!A:A,Orçamento!A760,'MC - TRECHO 02'!R:R)","v":12.36}]
["3.8.3.3",{"$f":"IF(C761=0,\"\",VLOOKUP(C761,BNCDADOS!$A:$H,8,0))","v":"SINAPI/RN\nSERVIÇO"},92916,{"$f":"IF(C761=0,\"\",VLOOKUP(C761,BNCDADOS!$A:$G,2,0))","v":"ARMAÇÃO DE ESTRUTURAS DIVERSAS DE CONCRETO ARMADO, EXCETO VIGAS, PILARES, LAJES E FUNDAÇÕES, UTILIZANDO AÇO CA-50 DE 6,3 MM - MONTAGEM. AF_06/2022"},{"$f":"IF(C761=0,\"\",VLOOKUP(C761,BNCDADOS!$A:$G,3,0))","v":"KG"},343.02,{"$f":"IF(C761=0,\"\",VLOOKUP(C761,BNCDADOS!$A:$G,4,0))","v":"15,76"},{"$f":"IF(C761=0,\"\",VLOOKUP(C761,BNCDADOS!$A:$G,5,0))","v":19.489999999999998},6685.45,{"$f":"IF(C761=0,\"\",VLOOKUP(C761,BNCDADOS!$A:$G,6,0))","v":"15,19"},{"$f":"IF(C761=0,\"\",VLOOKUP(C761,BNCDADOS!$A:$G,7,0))","v":19.739999999999998},6771.21,{"$f":"SUMIF('MC - TRECHO 02'!A:A,Orçamento!A761,'MC - TRECHO 02'!R:R)","v":343.02}]
["3.8.3.4",{"$f":"IF(C762=0,\"\",VLOOKUP(C762,BNCDADOS!$A:$H,8,0))","v":"SINAPI/RN\nSERVIÇO"},92917,{"$f":"IF(C762=0,\"\",VLOOKUP(C762,BNCDADOS!$A:$G,2,0))","v":"ARMAÇÃO DE ESTRUTURAS DIVERSAS DE CONCRETO ARMADO, EXCETO VIGAS, PILARES, LAJES E FUNDAÇÕES, UTILIZANDO AÇO CA-50 DE 8,0 MM - MONTAGEM. AF_06/2022"},{"$f":"IF(C762=0,\"\",VLOOKUP(C762,BNCDADOS!$A:$G,3,0))","v":"KG"},313,{"$f":"IF(C762=0,\"\",VLOOKUP(C762,BNCDADOS!$A:$G,4,0))","v":"14,39"},{"$f":"IF(C762=0,\"\",VLOOKUP(C762,BNCDADOS!$A:$G,5,0))","v":17.79},5568.27,{"$f":"IF(C762=0,\"\",VLOOKUP(C762,BNCDADOS!$A:$G,6,0))","v":"14,00"},{"$f":"IF(C762=0,\"\",VLOOKUP(C762,BNCDADOS!$A:$G,7,0))","v":18.190000000000001},5693.47,{"$f":"SUMIF('MC - TRECHO 02'!A:A,Orçamento!A762,'MC - TRECHO 02'!R:R)","v":313}]
["3.8.3.5",{"$f":"IF(C763=0,\"\",VLOOKUP(C763,BNCDADOS!$A:$H,8,0))","v":"SINAPI/RN\nSERVIÇO"},92919,{"$f":"IF(C763=0,\"\",VLOOKUP(C763,BNCDADOS!$A:$G,2,0))","v":"ARMAÇÃO DE ESTRUTURAS DIVERSAS DE CONCRETO ARMADO, EXCETO VIGAS, PILARES, LAJES E FUNDAÇÕES, UTILIZANDO AÇO CA-50 DE 10,0 MM - MONTAGEM. AF_06/2022"},{"$f":"IF(C763=0,\"\",VLOOKUP(C763,BNCDADOS!$A:$G,3,0))","v":"KG"},3106,{"$f":"IF(C763=0,\"\",VLOOKUP(C763,BNCDADOS!$A:$G,4,0))","v":"12,59"},{"$f":"IF(C763=0,\"\",VLOOKUP(C763,BNCDADOS!$A:$G,5,0))","v":15.57},48360.42,{"$f":"IF(C763=0,\"\",VLOOKUP(C763,BNCDADOS!$A:$G,6,0))","v":"12,31"},{"$f":"IF(C763=0,\"\",VLOOKUP(C763,BNCDADOS!$A:$G,7,0))","v":15.99},49664.94,{"$f":"SUMIF('MC - TRECHO 02'!A:A,Orçamento!A763,'MC - TRECHO 02'!R:R)","v":3106}]
["3.8.3.6",{"$f":"IF(C764=0,\"\",VLOOKUP(C764,BNCDADOS!$A:$H,8,0))","v":"SINAPI/RN\nSERVIÇO"},92921,{"$f":"IF(C764=0,\"\",VLOOKUP(C764,BNCDADOS!$A:$G,2,0))","v":"ARMAÇÃO DE ESTRUTURAS DIVERSAS DE CONCRETO ARMADO, EXCETO VIGAS, PILARES, LAJES E FUNDAÇÕES, UTILIZANDO AÇO CA-50 DE 12,5 MM - MONTAGEM. AF_06/2022"},{"$f":"IF(C764=0,\"\",VLOOKUP(C764,BNCDADOS!$A:$G,3,0))","v":"KG"},496,{"$f":"IF(C764=0,\"\",VLOOKUP(C764,BNCDADOS!$A:$G,4,0))","v":"10,41"},{"$f":"IF(C764=0,\"\",VLOOKUP(C764,BNCDADOS!$A:$G,5,0))","v":12.87},6383.52,{"$f":"IF(C764=0,\"\",VLOOKUP(C764,BNCDADOS!$A:$G,6,0))","v":"10,23"},{"$f":"IF(C764=0,\"\",VLOOKUP(C764,BNCDADOS!$A:$G,7,0))","v":13.29},6591.84,{"$f":"SUMIF('MC - TRECHO 02'!A:A,Orçamento!A764,'MC - TRECHO 02'!R:R)","v":496}]
["3.8.3.7",{"$f":"IF(C765=0,\"\",VLOOKUP(C765,BNCDADOS!$A:$H,8,0))","v":"SINAPI/RN\nSERVIÇO"},92922,{"$f":"IF(C765=0,\"\",VLOOKUP(C765,BNCDADOS!$A:$G,2,0))","v":"ARMAÇÃO DE ESTRUTURAS DIVERSAS DE CONCRETO ARMADO, EXCETO VIGAS, PILARES, LAJES E FUNDAÇÕES, UTILIZANDO AÇO CA-50 DE 16,0 MM - MONTAGEM. AF_06/2022"},{"$f":"IF(C765=0,\"\",VLOOKUP(C765,BNCDADOS!$A:$G,3,0))","v":"KG"},26883,{"$f":"IF(C765=0,\"\",VLOOKUP(C765,BNCDADOS!$A:$G,4,0))","v":"9,94"},{"$f":"IF(C765=0,\"\",VLOOKUP(C765,BNCDADOS!$A:$G,5,0))","v":12.29},330392.07,{"$f":"IF(C765=0,\"\",VLOOKUP(C765,BNCDADOS!$A:$G,6,0))","v":"9,82"},{"$f":"IF(C765=0,\"\",VLOOKUP(C765,BNCDADOS!$A:$G,7,0))","v":12.76},343027.08,{"$f":"SUMIF('MC - TRECHO 02'!A:A,Orçamento!A765,'MC - TRECHO 02'!R:R)","v":26883}]
["3.8.3.8",{"$f":"IF(C766=0,\"\",VLOOKUP(C766,BNCDADOS!$A:$H,8,0))","v":"SINAPI/RN\nSERVIÇO"},92924,{"$f":"IF(C766=0,\"\",VLOOKUP(C766,BNCDADOS!$A:$G,2,0))","v":"ARMAÇÃO DE ESTRUTURAS DIVERSAS DE CONCRETO ARMADO, EXCETO VIGAS, PILARES, LAJES E FUNDAÇÕES, UTILIZANDO AÇO CA-50 DE 25,0 MM - MONTAGEM. AF_06/2022"},{"$f":"IF(C766=0,\"\",VLOOKUP(C766,BNCDADOS!$A:$G,3,0))","v":"KG"},2613,{"$f":"IF(C766=0,\"\",VLOOKUP(C766,BNCDADOS!$A:$G,4,0))","v":"10,97"},{"$f":"IF(C766=0,\"\",VLOOKUP(C766,BNCDADOS!$A:$G,5,0))","v":13.56},35432.28,{"$f":"IF(C766=0,\"\",VLOOKUP(C766,BNCDADOS!$A:$G,6,0))","v":"10,88"},{"$f":"IF(C766=0,\"\",VLOOKUP(C766,BNCDADOS!$A:$G,7,0))","v":14.13},36921.69,{"$f":"SUMIF('MC - TRECHO 02'!A:A,Orçamento!A766,'MC - TRECHO 02'!R:R)","v":2613}]
["3.8.3.9",{"$f":"IF(C767=0,\"\",VLOOKUP(C767,BNCDADOS!$A:$H,8,0))","v":"SINAPI/RN\nSERVIÇO"},92769,{"$f":"IF(C767=0,\"\",VLOOKUP(C767,BNCDADOS!$A:$G,2,0))","v":"ARMAÇÃO DE LAJE DE ESTRUTURA CONVENCIONAL DE CONCRETO ARMADO UTILIZANDO AÇO CA-50 DE 6,3 MM - MONTAGEM. AF_06/2022"},{"$f":"IF(C767=0,\"\",VLOOKUP(C767,BNCDADOS!$A:$G,3,0))","v":"KG"},446.98,{"$f":"IF(C767=0,\"\",VLOOKUP(C767,BNCDADOS!$A:$G,4,0))","v":"13,27"},{"$f":"IF(C767=0,\"\",VLOOKUP(C767,BNCDADOS!$A:$G,5,0))","v":16.41},7334.94,{"$f":"IF(C767=0,\"\",VLOOKUP(C767,BNCDADOS!$A:$G,6,0))","v":"12,98"},{"$f":"IF(C767=0,\"\",VLOOKUP(C767,BNCDADOS!$A:$G,7,0))","v":16.86},7536.08,{"$f":"SUMIF('MC - TRECHO 02'!A:A,Orçamento!A767,'MC - TRECHO 02'!R:R)","v":446.98}]
["3.8.3.10",{"$f":"IF(C768=0,\"\",VLOOKUP(C768,BNCDADOS!$A:$H,8,0))","v":"SINAPI/RN\nSERVIÇO"},92771,{"$f":"IF(C768=0,\"\",VLOOKUP(C768,BNCDADOS!$A:$G,2,0))","v":"ARMAÇÃO DE LAJE DE ESTRUTURA CONVENCIONAL DE CONCRETO ARMADO UTILIZANDO AÇO CA-50 DE 10,0 MM - MONTAGEM. AF_06/2022"},{"$f":"IF(C768=0,\"\",VLOOKUP(C768,BNCDADOS!$A:$G,3,0))","v":"KG"},2513,{"$f":"IF(C768=0,\"\",VLOOKUP(C768,BNCDADOS!$A:$G,4,0))","v":"11,15"},{"$f":"IF(C768=0,\"\",VLOOKUP(C768,BNCDADOS!$A:$G,5,0))","v":13.79},34654.269999999997,{"$f":"IF(C768=0,\"\",VLOOKUP(C768,BNCDADOS!$A:$G,6,0))","v":"11,03"},{"$f":"IF(C768=0,\"\",VLOOKUP(C768,BNCDADOS!$A:$G,7,0))","v":14.33},36011.29,{"$f":"SUMIF('MC - TRECHO 02'!A:A,Orçamento!A768,'MC - TRECHO 02'!R:R)","v":2513}]
["3.8.3.11",{"$f":"IF(C769=0,\"\",VLOOKUP(C769,BNCDADOS!$A:$H,8,0))","v":"SINAPI/RN\nSERVIÇO"},92772,{"$f":"IF(C769=0,\"\",VLOOKUP(C769,BNCDADOS!$A:$G,2,0))","v":"ARMAÇÃO DE LAJE DE ESTRUTURA CONVENCIONAL DE CONCRETO ARMADO UTILIZANDO AÇO CA-50 DE 12,5 MM - MONTAGEM. AF_06/2022"},{"$f":"IF(C769=0,\"\",VLOOKUP(C769,BNCDADOS!$A:$G,3,0))","v":"KG"},3821,{"$f":"IF(C769=0,\"\",VLOOKUP(C769,BNCDADOS!$A:$G,4,0))","v":"9,37"},{"$f":"IF(C769=0,\"\",VLOOKUP(C769,BNCDADOS!$A:$G,5,0))","v":11.58},44247.18,{"$f":"IF(C769=0,\"\",VLOOKUP(C769,BNCDADOS!$A:$G,6,0))","v":"9,29"},{"$f":"IF(C769=0,\"\",VLOOKUP(C769,BNCDADOS!$A:$G,7,0))","v":12.07},46119.47,{"$f":"SUMIF('MC - TRECHO 02'!A:A,Orçamento!A769,'MC - TRECHO 02'!R:R)","v":3821}]
["3.8.3.12",{"$f":"IF(C770=0,\"\",VLOOKUP(C770,BNCDADOS!$A:$H,8,0))","v":"SINAPI/RN\nSERVIÇO"},92773,{"$f":"IF(C770=0,\"\",VLOOKUP(C770,BNCDADOS!$A:$G,2,0))","v":"ARMAÇÃO DE LAJE DE ESTRUTURA CONVENCIONAL DE CONCRETO ARMADO UTILIZANDO AÇO CA-50 DE 16,0 MM - MONTAGEM. AF_06/2022"},{"$f":"IF(C770=0,\"\",VLOOKUP(C770,BNCDADOS!$A:$G,3,0))","v":"KG"},5582,{"$f":"IF(C770=0,\"\",VLOOKUP(C770,BNCDADOS!$A:$G,4,0))","v":"9,19"},{"$f":"IF(C770=0,\"\",VLOOKUP(C770,BNCDADOS!$A:$G,5,0))","v":11.36},63411.519999999997,{"$f":"IF(C770=0,\"\",VLOOKUP(C770,BNCDADOS!$A:$G,6,0))","v":"9,14"},{"$f":"IF(C770=0,\"\",VLOOKUP(C770,BNCDADOS!$A:$G,7,0))","v":11.87},66258.34,{"$f":"SUMIF('MC - TRECHO 02'!A:A,Orçamento!A770,'MC - TRECHO 02'!R:R)","v":5582}]
["3.8.3.13",{"$f":"IF(C771=0,\"\",VLOOKUP(C771,BNCDADOS!$A:$H,8,0))","v":0},"COMP 20",{"$f":"IF(C771=0,\"\",VLOOKUP(C771,BNCDADOS!$A:$G,2,0))","v":"CONCRETAGEM DE ESTRUTURAS, FCK = 40 MPA, COM USO DE BOMBA EM EDIFICAÇÕES DIVERSAS - LANÇAMENTO, ADENSAMENTO E ACABAMENTO"},{"$f":"IF(C771=0,\"\",VLOOKUP(C771,BNCDADOS!$A:$G,3,0))","v":"M3    "},318.98,{"$f":"IF(C771=0,\"\",VLOOKUP(C771,BNCDADOS!$A:$G,4,0))","v":852.28},{"$f":"IF(C771=0,\"\",VLOOKUP(C771,BNCDADOS!$A:$G,5,0))","v":1054.18},336262.33,{"$f":"IF(C771=0,\"\",VLOOKUP(C771,BNCDADOS!$A:$G,6,0))","v":837.56},{"$f":"IF(C771=0,\"\",VLOOKUP(C771,BNCDADOS!$A:$G,7,0))","v":1088.49},347206.54,{"$f":"SUMIF('MC - TRECHO 02'!A:A,Orçamento!A771,'MC - TRECHO 02'!R:R)","v":318.98}]
["3.8.3.14",{"$f":"IF(C772=0,\"\",VLOOKUP(C772,BNCDADOS!$A:$H,8,0))","v":"SINAPI/RN\nSERVIÇO"},93205,{"$f":"IF(C772=0,\"\",VLOOKUP(C772,BNCDADOS!$A:$G,2,0))","v":"CINTA DE AMARRAÇÃO DE ALVENARIA MOLDADA IN LOCO COM UTILIZAÇÃO DE BLOCOS CANALETA, ESPESSURA DE *20* CM. AF_03/2024"},{"$f":"IF(C772=0,\"\",VLOOKUP(C772,BNCDADOS!$A:$G,3,0))","v":"M"},180,{"$f":"IF(C772=0,\"\",VLOOKUP(C772,BNCDADOS!$A:$G,4,0))","v":"59,88"},{"$f":"IF(C772=0,\"\",VLOOKUP(C772,BNCDADOS!$A:$G,5,0))","v":74.06},13330.8,{"$f":"IF(C772=0,\"\",VLOOKUP(C772,BNCDADOS!$A:$G,6,0))","v":"57,63"},{"$f":"IF(C772=0,\"\",VLOOKUP(C772,BNCDADOS!$A:$G,7,0))","v":74.89},13480.2,{"$f":"SUMIF('MC - TRECHO 02'!A:A,Orçamento!A772,'MC - TRECHO 02'!R:R)","v":180}]
["3.8.4",{"$f":"IF(C773=0,\"\",VLOOKUP(C773,[143]BNCDADOS!$A:$G,8,0))","v":""},null,"ALVENARIAS E REVESTIMENTOS",{"$f":"IF(C773=0,\"\",VLOOKUP(C773,[143]BNCDADOS!$A:$G,3,0))","v":""},{"$f":"TRUNC(M773,2)","v":0},{"$f":"IF(C773=0,\"\",VLOOKUP(C773,[143]BNCDADOS!$A:$G,4,0))","v":""},{"$f":"IF(C773=0,\"\",VLOOKUP(C773,[143]BNCDADOS!$A:$G,5,0))","v":""},{"$f":"SUM(I774:I778)","v":166888.56},{"$f":"IF(C773=0,\"\",VLOOKUP(C773,[143]BNCDADOS!$A:$G,6,0))","v":""},{"$f":"IF(C773=0,\"\",VLOOKUP(C773,[143]BNCDADOS!$A:$G,7,0))","v":""},{"$f":"SUM(L774:L778)","v":167294.5},0]
["3.8.4.1",{"$f":"IF(C774=0,\"\",VLOOKUP(C774,BNCDADOS!$A:$H,8,0))","v":"SINAPI/RN\nSERVIÇO"},103338,{"$f":"IF(C774=0,\"\",VLOOKUP(C774,BNCDADOS!$A:$G,2,0))","v":"ALVENARIA DE VEDAÇÃO DE BLOCOS  VAZADOS DE CONCRETO APARENTE DE 14X19X39 CM (ESPESSURA 14 CM) E ARGAMASSA DE ASSENTAMENTO COM PREPARO EM BETONEIRA. AF_12/2021"},{"$f":"IF(C774=0,\"\",VLOOKUP(C774,BNCDADOS!$A:$G,3,0))","v":"M2"},432,{"$f":"IF(C774=0,\"\",VLOOKUP(C774,BNCDADOS!$A:$G,4,0))","v":"111,81"},{"$f":"IF(C774=0,\"\",VLOOKUP(C774,BNCDADOS!$A:$G,5,0))","v":138.29},{"$f":"IF(H774=\"\",0,TRUNC(H774*F774,2))","v":59741.279999999999},{"$f":"IF(C774=0,\"\",VLOOKUP(C774,BNCDADOS!$A:$G,6,0))","v":"106,87"},{"$f":"IF(C774=0,\"\",VLOOKUP(C774,BNCDADOS!$A:$G,7,0))","v":138.88},{"$f":"IF(K774=\"\",0,TRUNC(K774*F774,2))","v":59996.160000000003},{"$f":"SUMIF('MC - TRECHO 02'!A:A,Orçamento!A774,'MC - TRECHO 02'!R:R)","v":432}]
["3.8.4.2",{"$f":"IF(C775=0,\"\",VLOOKUP(C775,BNCDADOS!$A:$H,8,0))","v":"SINAPI/RN\nSERVIÇO"},87879,{"$f":"IF(C775=0,\"\",VLOOKUP(C775,BNCDADOS!$A:$G,2,0))","v":"CHAPISCO APLICADO EM ALVENARIAS E ESTRUTURAS DE CONCRETO INTERNAS, COM COLHER DE PEDREIRO.  ARGAMASSA TRAÇO 1:3 COM PREPARO EM BETONEIRA 400L. AF_10/2022"},{"$f":"IF(C775=0,\"\",VLOOKUP(C775,BNCDADOS!$A:$G,3,0))","v":"M2"},864,{"$f":"IF(C775=0,\"\",VLOOKUP(C775,BNCDADOS!$A:$G,4,0))","v":"4,06"},{"$f":"IF(C775=0,\"\",VLOOKUP(C775,BNCDADOS!$A:$G,5,0))","v":5.0199999999999996},4337.28,{"$f":"IF(C775=0,\"\",VLOOKUP(C775,BNCDADOS!$A:$G,6,0))","v":"3,78"},{"$f":"IF(C775=0,\"\",VLOOKUP(C775,BNCDADOS!$A:$G,7,0))","v":4.91},4242.24,{"$f":"SUMIF('MC - TRECHO 02'!A:A,Orçamento!A775,'MC - TRECHO 02'!R:R)","v":864}]
["3.8.4.3",{"$f":"IF(C776=0,\"\",VLOOKUP(C776,BNCDADOS!$A:$H,8,0))","v":"SINAPI/RN\nSERVIÇO"},89173,{"$f":"IF(C776=0,\"\",VLOOKUP(C776,BNCDADOS!$A:$G,2,0))","v":"(COMPOSIÇÃO REPRESENTATIVA) DO SERVIÇO DE EMBOÇO/MASSA ÚNICA, APLICADO MANUALMENTE, TRAÇO 1:2:8, EM BETONEIRA DE 400L, PAREDES INTERNAS, COM EXECUÇÃO DE TALISCAS, EDIFICAÇÃO HABITACIONAL UNIFAMILIAR (CASAS) E EDIFICAÇÃO PÚBLICA PADRÃO. AF_12/2014"},{"$f":"IF(C776=0,\"\",VLOOKUP(C776,BNCDADOS!$A:$G,3,0))","v":"m²"},1728,{"$f":"IF(C776=0,\"\",VLOOKUP(C776,BNCDADOS!$A:$G,4,0))","v":32},{"$f":"IF(C776=0,\"\",VLOOKUP(C776,BNCDADOS!$A:$G,5,0))","v":39.58},68394.240000000005,{"$f":"IF(C776=0,\"\",VLOOKUP(C776,BNCDADOS!$A:$G,6,0))","v":29.96},{"$f":"IF(C776=0,\"\",VLOOKUP(C776,BNCDADOS!$A:$G,7,0))","v":38.93},67271.039999999994,{"$f":"SUMIF('MC - TRECHO 02'!A:A,Orçamento!A776,'MC - TRECHO 02'!R:R)","v":1728}]
["3.8.4.4",{"$f":"IF(C777=0,\"\",VLOOKUP(C777,BNCDADOS!$A:$H,8,0))","v":"SINAPI/RN\nSERVIÇO"},89045,{"$f":"IF(C777=0,\"\",VLOOKUP(C777,BNCDADOS!$A:$G,2,0))","v":"(COMPOSIÇÃO REPRESENTATIVA) DO SERVIÇO DE REVESTIMENTO CERÂMICO PARA AMBIENTES DE ÁREAS MOLHADAS, MEIA PAREDE OU PAREDE INTEIRA, COM PLACAS TIPO ESMALTADA EXTRA, DIMENSÕES 20X20 CM, PARA EDIFICAÇÃO HABITACIONAL MULTIFAMILIAR (PRÉDIO). AF_11/2014"},{"$f":"IF(C777=0,\"\",VLOOKUP(C777,BNCDADOS!$A:$G,3,0))","v":"M²"},25.8,{"$f":"IF(C777=0,\"\",VLOOKUP(C777,BNCDADOS!$A:$G,4,0))","v":67.73},{"$f":"IF(C777=0,\"\",VLOOKUP(C777,BNCDADOS!$A:$G,5,0))","v":83.77},2161.2600000000002,{"$f":"IF(C777=0,\"\",VLOOKUP(C777,BNCDADOS!$A:$G,6,0))","v":65.709999999999994},{"$f":"IF(C777=0,\"\",VLOOKUP(C777,BNCDADOS!$A:$G,7,0))","v":85.39},2203.06,{"$f":"SUMIF('MC - TRECHO 02'!A:A,Orçamento!A777,'MC - TRECHO 02'!R:R)","v":25.799999999999997}]
["3.8.4.5",{"$f":"IF(C778=0,\"\",VLOOKUP(C778,BNCDADOS!$A:$H,8,0))","v":"SINAPI/RN\nSERVIÇO"},98553,{"$f":"IF(C778=0,\"\",VLOOKUP(C778,BNCDADOS!$A:$G,2,0))","v":"IMPERMEABILIZAÇÃO DE SUPERFÍCIE COM MEMBRANA À BASE DE POLIURETANO, 2 DEMÃOS. AF_09/2023"},{"$f":"IF(C778=0,\"\",VLOOKUP(C778,BNCDADOS!$A:$G,3,0))","v":"M2"},150,{"$f":"IF(C778=0,\"\",VLOOKUP(C778,BNCDADOS!$A:$G,4,0))","v":"173,85"},{"$f":"IF(C778=0,\"\",VLOOKUP(C778,BNCDADOS!$A:$G,5,0))","v":215.03},32254.5,{"$f":"IF(C778=0,\"\",VLOOKUP(C778,BNCDADOS!$A:$G,6,0))","v":"172,27"},{"$f":"IF(C778=0,\"\",VLOOKUP(C778,BNCDADOS!$A:$G,7,0))","v":223.88},33582,{"$f":"SUMIF('MC - TRECHO 02'!A:A,Orçamento!A778,'MC - TRECHO 02'!R:R)","v":150}]
["3.8.5",{"$f":"IF(C779=0,\"\",VLOOKUP(C779,[143]BNCDADOS!$A:$G,8,0))","v":""},null,"ESQUADRIAS",{"$f":"IF(C779=0,\"\",VLOOKUP(C779,[143]BNCDADOS!$A:$G,3,0))","v":""},0,{"$f":"IF(C779=0,\"\",VLOOKUP(C779,[143]BNCDADOS!$A:$G,4,0))","v":""},{"$f":"IF(C779=0,\"\",VLOOKUP(C779,[143]BNCDADOS!$A:$G,5,0))","v":""},{"$f":"SUM(I780:I780)","v":1748.82},{"$f":"IF(C779=0,\"\",VLOOKUP(C779,[143]BNCDADOS!$A:$G,6,0))","v":""},{"$f":"IF(C779=0,\"\",VLOOKUP(C779,[143]BNCDADOS!$A:$G,7,0))","v":""},{"$f":"SUM(L780:L780)","v":1831.25},0]
["3.8.5.1",{"$f":"IF(C780=0,\"\",VLOOKUP(C780,BNCDADOS!$A:$H,8,0))","v":"SINAPI/RN\nSERVIÇO"},100701,{"$f":"IF(C780=0,\"\",VLOOKUP(C780,BNCDADOS!$A:$G,2,0))","v":"PORTA DE FERRO, DE ABRIR, TIPO GRADE COM CHAPA, COM GUARNIÇÕES. AF_12/2019"},{"$f":"IF(C780=0,\"\",VLOOKUP(C780,BNCDADOS!$A:$G,3,0))","v":"M2"},2.52,{"$f":"IF(C780=0,\"\",VLOOKUP(C780,BNCDADOS!$A:$G,4,0))","v":"561,07"},{"$f":"IF(C780=0,\"\",VLOOKUP(C780,BNCDADOS!$A:$G,5,0))","v":693.98},{"$f":"IF(H780=\"\",0,TRUNC(H780*F780,2))","v":1748.82},{"$f":"IF(C780=0,\"\",VLOOKUP(C780,BNCDADOS!$A:$G,6,0))","v":"559,17"},{"$f":"IF(C780=0,\"\",VLOOKUP(C780,BNCDADOS!$A:$G,7,0))","v":726.69},{"$f":"IF(K780=\"\",0,TRUNC(K780*F780,2))","v":1831.25},{"$f":"SUMIF('MC - TRECHO 02'!A:A,Orçamento!A780,'MC - TRECHO 02'!R:R)","v":2.52}]
["3.8.6",{"$f":"IF(C781=0,\"\",VLOOKUP(C781,[143]BNCDADOS!$A:$G,8,0))","v":""},null,"DRENAGEM",{"$f":"IF(C781=0,\"\",VLOOKUP(C781,[143]BNCDADOS!$A:$G,3,0))","v":""},0,{"$f":"IF(C781=0,\"\",VLOOKUP(C781,[143]BNCDADOS!$A:$G,4,0))","v":""},{"$f":"IF(C781=0,\"\",VLOOKUP(C781,[143]BNCDADOS!$A:$G,5,0))","v":""},{"$f":"SUM(I782:I784)","v":61878.659999999996},{"$f":"IF(C781=0,\"\",VLOOKUP(C781,[143]BNCDADOS!$A:$G,6,0))","v":""},{"$f":"IF(C781=0,\"\",VLOOKUP(C781,[143]BNCDADOS!$A:$G,7,0))","v":""},{"$f":"SUM(L782:L784)","v":64307.899999999994},0]
["3.8.6.1",{"$f":"IF(C782=0,\"\",VLOOKUP(C782,BNCDADOS!$A:$H,8,0))","v":"caern"},2060193,{"$f":"IF(C782=0,\"\",VLOOKUP(C782,BNCDADOS!$A:$G,2,0))","v":"CAIXA ENTERRADA RETANGULAR EM ALVENARIA COM TIJOLOS CERÂMICOS MACIÇOS (ESPESSURA 20CM), DIMENSÕES INTERNAS: 0,8X0,8X1,5 M, INCLUSIVE ESCORAMENTO, ESCAVAÇÃO, REATERRO APILOADO, BOTA-FORA DE MATERIAL E TAMPA DE 10CM. R_11/2018"},{"$f":"IF(C782=0,\"\",VLOOKUP(C782,BNCDADOS!$A:$G,3,0))","v":"UN "},5,{"$f":"IF(C782=0,\"\",VLOOKUP(C782,BNCDADOS!$A:$G,4,0))","v":1820.24},{"$f":"IF(C782=0,\"\",VLOOKUP(C782,BNCDADOS!$A:$G,5,0))","v":2251.4499999999998},{"$f":"IF(H782=\"\",0,TRUNC(H782*F782,2))","v":11257.25},{"$f":"IF(C782=0,\"\",VLOOKUP(C782,BNCDADOS!$A:$G,6,0))","v":1734.86},{"$f":"IF(C782=0,\"\",VLOOKUP(C782,BNCDADOS!$A:$G,7,0))","v":2254.62},{"$f":"IF(K782=\"\",0,TRUNC(K782*F782,2))","v":11273.1},{"$f":"SUMIF('MC - TRECHO 02'!A:A,Orçamento!A782,'MC - TRECHO 02'!R:R)","v":5}]
["3.8.6.2",{"$f":"IF(C783=0,\"\",VLOOKUP(C783,BNCDADOS!$A:$H,8,0))","v":"SINAPI/RN\nSERVIÇO"},94871,{"$f":"IF(C783=0,\"\",VLOOKUP(C783,BNCDADOS!$A:$G,2,0))","v":"TUBO DE PEAD CORRUGADO DE DUPLA PAREDE PARA REDE COLETORA DE ESGOTO, DN 300 MM, JUNTA ELÁSTICA INTEGRADA - FORNECIMENTO E ASSENTAMENTO. AF_01/2021"},{"$f":"IF(C783=0,\"\",VLOOKUP(C783,BNCDADOS!$A:$G,3,0))","v":"M"},79.400000000000006,{"$f":"IF(C783=0,\"\",VLOOKUP(C783,BNCDADOS!$A:$G,4,0))","v":"452,78"},{"$f":"IF(C783=0,\"\",VLOOKUP(C783,BNCDADOS!$A:$G,5,0))","v":560.04},44467.17,{"$f":"IF(C783=0,\"\",VLOOKUP(C783,BNCDADOS!$A:$G,6,0))","v":"452,63"},{"$f":"IF(C783=0,\"\",VLOOKUP(C783,BNCDADOS!$A:$G,7,0))","v":588.23},46705.46,{"$f":"SUMIF('MC - TRECHO 02'!A:A,Orçamento!A783,'MC - TRECHO 02'!R:R)","v":79.400000000000006}]
["3.8.6.3",{"$f":"IF(C784=0,\"\",VLOOKUP(C784,BNCDADOS!$A:$H,8,0))","v":"SINAPI/RN\nSERVIÇO"},96624,{"$f":"IF(C784=0,\"\",VLOOKUP(C784,BNCDADOS!$A:$G,2,0))","v":"LASTRO COM MATERIAL GRANULAR (PEDRA BRITADA N.2), APLICADO EM PISOS OU LAJES SOBRE SOLO, ESPESSURA DE *10 CM*. AF_01/2024"},{"$f":"IF(C784=0,\"\",VLOOKUP(C784,BNCDADOS!$A:$G,3,0))","v":"M3"},18.97,{"$f":"IF(C784=0,\"\",VLOOKUP(C784,BNCDADOS!$A:$G,4,0))","v":"262,29"},{"$f":"IF(C784=0,\"\",VLOOKUP(C784,BNCDADOS!$A:$G,5,0))","v":324.42},6154.24,{"$f":"IF(C784=0,\"\",VLOOKUP(C784,BNCDADOS!$A:$G,6,0))","v":"256,74"},{"$f":"IF(C784=0,\"\",VLOOKUP(C784,BNCDADOS!$A:$G,7,0))","v":333.65},6329.34,{"$f":"SUMIF('MC - TRECHO 02'!A:A,Orçamento!A784,'MC - TRECHO 02'!R:R)","v":18.97}]
["3.8.7",{"$f":"IF(C785=0,\"\",VLOOKUP(C785,[143]BNCDADOS!$A:$G,8,0))","v":""},null,"PAVIMENTAÇÃO",{"$f":"IF(C785=0,\"\",VLOOKUP(C785,[143]BNCDADOS!$A:$G,3,0))","v":""},0,{"$f":"IF(C785=0,\"\",VLOOKUP(C785,[143]BNCDADOS!$A:$G,4,0))","v":""},{"$f":"IF(C785=0,\"\",VLOOKUP(C785,[143]BNCDADOS!$A:$G,5,0))","v":""},{"$f":"SUM(I786:I788)","v":164983.46000000002},{"$f":"IF(C785=0,\"\",VLOOKUP(C785,[143]BNCDADOS!$A:$G,6,0))","v":""},{"$f":"IF(C785=0,\"\",VLOOKUP(C785,[143]BNCDADOS!$A:$G,7,0))","v":""},{"$f":"SUM(L786:L788)","v":169062.18},0]
["3.8.7.1",{"$f":"IF(C786=0,\"\",VLOOKUP(C786,BNCDADOS!$A:$H,8,0))","v":"SINAPI/RN\nSERVIÇO"},94275,{"$f":"IF(C786=0,\"\",VLOOKUP(C786,BNCDADOS!$A:$G,2,0))","v":"ASSENTAMENTO DE GUIA (MEIO-FIO) EM TRECHO RETO, CONFECCIONADA EM CONCRETO PRÉ-FABRICADO, DIMENSÕES 100X15X13X20 CM (COMPRIMENTO X BASE INFERIOR X BASE SUPERIOR X ALTURA). AF_01/2024"},{"$f":"IF(C786=0,\"\",VLOOKUP(C786,BNCDADOS!$A:$G,3,0))","v":"M"},228.2,{"$f":"IF(C786=0,\"\",VLOOKUP(C786,BNCDADOS!$A:$G,4,0))","v":"40,32"},{"$f":"IF(C786=0,\"\",VLOOKUP(C786,BNCDADOS!$A:$G,5,0))","v":49.87},{"$f":"IF(H786=\"\",0,TRUNC(H786*F786,2))","v":11380.33},{"$f":"IF(C786=0,\"\",VLOOKUP(C786,BNCDADOS!$A:$G,6,0))","v":"39,29"},{"$f":"IF(C786=0,\"\",VLOOKUP(C786,BNCDADOS!$A:$G,7,0))","v":51.06},{"$f":"IF(K786=\"\",0,TRUNC(K786*F786,2))","v":11651.89},{"$f":"SUMIF('MC - TRECHO 02'!A:A,Orçamento!A786,'MC - TRECHO 02'!R:R)","v":228.2}]
["3.8.7.2",{"$f":"IF(C787=0,\"\",VLOOKUP(C787,BNCDADOS!$A:$H,8,0))","v":"SINAPI/RN\nSERVIÇO"},92400,{"$f":"IF(C787=0,\"\",VLOOKUP(C787,BNCDADOS!$A:$G,2,0))","v":"EXECUÇÃO DE PAVIMENTO EM PISO INTERTRAVADO, COM BLOCO RETANGULAR DE 20 X 10 CM, ESPESSURA 10 CM. AF_10/2022"},{"$f":"IF(C787=0,\"\",VLOOKUP(C787,BNCDADOS!$A:$G,3,0))","v":"M2"},643,{"$f":"IF(C787=0,\"\",VLOOKUP(C787,BNCDADOS!$A:$G,4,0))","v":"95,44"},{"$f":"IF(C787=0,\"\",VLOOKUP(C787,BNCDADOS!$A:$G,5,0))","v":118.04},75899.72,{"$f":"IF(C787=0,\"\",VLOOKUP(C787,BNCDADOS!$A:$G,6,0))","v":"93,92"},{"$f":"IF(C787=0,\"\",VLOOKUP(C787,BNCDADOS!$A:$G,7,0))","v":122.05},78478.149999999994,{"$f":"SUMIF('MC - TRECHO 02'!A:A,Orçamento!A787,'MC - TRECHO 02'!R:R)","v":643}]
["3.8.7.3",{"$f":"IF(C788=0,\"\",VLOOKUP(C788,BNCDADOS!$A:$H,8,0))","v":"SINAPI/RN\nSERVIÇO"},94990,{"$f":"IF(C788=0,\"\",VLOOKUP(C788,BNCDADOS!$A:$G,2,0))","v":"EXECUÇÃO DE PASSEIO (CALÇADA) OU PISO DE CONCRETO COM CONCRETO MOLDADO IN LOCO, FEITO EM OBRA, ACABAMENTO CONVENCIONAL, NÃO ARMADO. AF_08/2022"},{"$f":"IF(C788=0,\"\",VLOOKUP(C788,BNCDADOS!$A:$G,3,0))","v":"M3"},80.52,{"$f":"IF(C788=0,\"\",VLOOKUP(C788,BNCDADOS!$A:$G,4,0))","v":"780,20"},{"$f":"IF(C788=0,\"\",VLOOKUP(C788,BNCDADOS!$A:$G,5,0))","v":965.02},77703.41,{"$f":"IF(C788=0,\"\",VLOOKUP(C788,BNCDADOS!$A:$G,6,0))","v":"754,30"},{"$f":"IF(C788=0,\"\",VLOOKUP(C788,BNCDADOS!$A:$G,7,0))","v":980.28},78932.14,{"$f":"SUMIF('MC - TRECHO 02'!A:A,Orçamento!A788,'MC - TRECHO 02'!R:R)","v":80.52}]
["3.8.8",{"$f":"IF(C789=0,\"\",VLOOKUP(C789,[143]BNCDADOS!$A:$G,8,0))","v":""},null,"PINTURA",{"$f":"IF(C789=0,\"\",VLOOKUP(C789,[143]BNCDADOS!$A:$G,3,0))","v":""},0,{"$f":"IF(C789=0,\"\",VLOOKUP(C789,[143]BNCDADOS!$A:$G,4,0))","v":""},{"$f":"IF(C789=0,\"\",VLOOKUP(C789,[143]BNCDADOS!$A:$G,5,0))","v":""},{"$f":"SUM(I790:I793)","v":29396.690000000002},{"$f":"IF(C789=0,\"\",VLOOKUP(C789,[143]BNCDADOS!$A:$G,6,0))","v":""},{"$f":"IF(C789=0,\"\",VLOOKUP(C789,[143]BNCDADOS!$A:$G,7,0))","v":""},{"$f":"SUM(L790:L793)","v":28987.919999999998},0]
["3.8.8.1",{"$f":"IF(C790=0,\"\",VLOOKUP(C790,BNCDADOS!$A:$H,8,0))","v":"SINAPI/RN\nSERVIÇO"},88485,{"$f":"IF(C790=0,\"\",VLOOKUP(C790,BNCDADOS!$A:$G,2,0))","v":"FUNDO SELADOR ACRÍLICO, APLICAÇÃO MANUAL EM PAREDE, UMA DEMÃO. AF_04/2023"},{"$f":"IF(C790=0,\"\",VLOOKUP(C790,BNCDADOS!$A:$G,3,0))","v":"M2"},1728,{"$f":"IF(C790=0,\"\",VLOOKUP(C790,BNCDADOS!$A:$G,4,0))","v":"3,30"},{"$f":"IF(C790=0,\"\",VLOOKUP(C790,BNCDADOS!$A:$G,5,0))","v":4.08},{"$f":"IF(H790=\"\",0,TRUNC(H790*F790,2))","v":7050.24},{"$f":"IF(C790=0,\"\",VLOOKUP(C790,BNCDADOS!$A:$G,6,0))","v":"3,06"},{"$f":"IF(C790=0,\"\",VLOOKUP(C790,BNCDADOS!$A:$G,7,0))","v":3.97},{"$f":"IF(K790=\"\",0,TRUNC(K790*F790,2))","v":6860.16},{"$f":"SUMIF('MC - TRECHO 02'!A:A,Orçamento!A790,'MC - TRECHO 02'!R:R)","v":1728}]
["3.8.8.2",{"$f":"IF(C791=0,\"\",VLOOKUP(C791,BNCDADOS!$A:$H,8,0))","v":"SINAPI/RN\nSERVIÇO"},104642,{"$f":"IF(C791=0,\"\",VLOOKUP(C791,BNCDADOS!$A:$G,2,0))","v":"PINTURA LÁTEX ACRÍLICA STANDARD, APLICAÇÃO MANUAL EM PAREDES, DUAS DEMÃOS. AF_04/2023"},{"$f":"IF(C791=0,\"\",VLOOKUP(C791,BNCDADOS!$A:$G,3,0))","v":"M2"},1728,{"$f":"IF(C791=0,\"\",VLOOKUP(C791,BNCDADOS!$A:$G,4,0))","v":"10,29"},{"$f":"IF(C791=0,\"\",VLOOKUP(C791,BNCDADOS!$A:$G,5,0))","v":12.72},21980.16,{"$f":"IF(C791=0,\"\",VLOOKUP(C791,BNCDADOS!$A:$G,6,0))","v":"9,70"},{"$f":"IF(C791=0,\"\",VLOOKUP(C791,BNCDADOS!$A:$G,7,0))","v":12.6},21772.799999999999,{"$f":"SUMIF('MC - TRECHO 02'!A:A,Orçamento!A791,'MC - TRECHO 02'!R:R)","v":1728}]
["3.8.8.3",{"$f":"IF(C792=0,\"\",VLOOKUP(C792,BNCDADOS!$A:$H,8,0))","v":"SINAPI/RN\nSERVIÇO"},100720,{"$f":"IF(C792=0,\"\",VLOOKUP(C792,BNCDADOS!$A:$G,2,0))","v":"PINTURA COM TINTA ALQUÍDICA DE FUNDO (TIPO ZARCÃO) APLICADA A ROLO OU PINCEL SOBRE PERFIL METÁLICO EXECUTADO EM FÁBRICA (POR DEMÃO). AF_01/2020"},{"$f":"IF(C792=0,\"\",VLOOKUP(C792,BNCDADOS!$A:$G,3,0))","v":"M2"},5.04,{"$f":"IF(C792=0,\"\",VLOOKUP(C792,BNCDADOS!$A:$G,4,0))","v":"10,27"},{"$f":"IF(C792=0,\"\",VLOOKUP(C792,BNCDADOS!$A:$G,5,0))","v":12.7},64,{"$f":"IF(C792=0,\"\",VLOOKUP(C792,BNCDADOS!$A:$G,6,0))","v":"9,65"},{"$f":"IF(C792=0,\"\",VLOOKUP(C792,BNCDADOS!$A:$G,7,0))","v":12.54},63.2,{"$f":"SUMIF('MC - TRECHO 02'!A:A,Orçamento!A792,'MC - TRECHO 02'!R:R)","v":5.04}]
["3.8.8.4",{"$f":"IF(C793=0,\"\",VLOOKUP(C793,BNCDADOS!$A:$H,8,0))","v":"SINAPI/RN\nSERVIÇO"},100758,{"$f":"IF(C793=0,\"\",VLOOKUP(C793,BNCDADOS!$A:$G,2,0))","v":"PINTURA COM TINTA ALQUÍDICA DE ACABAMENTO (ESMALTE SINTÉTICO ACETINADO) APLICADA A ROLO OU PINCEL SOBRE SUPERFÍCIES METÁLICAS (EXCETO PERFIL) EXECUTADO EM OBRA (02 DEMÃOS). AF_01/2020"},{"$f":"IF(C793=0,\"\",VLOOKUP(C793,BNCDADOS!$A:$G,3,0))","v":"M2"},5.04,{"$f":"IF(C793=0,\"\",VLOOKUP(C793,BNCDADOS!$A:$G,4,0))","v":"48,50"},{"$f":"IF(C793=0,\"\",VLOOKUP(C793,BNCDADOS!$A:$G,5,0))","v":59.98},302.29000000000002,{"$f":"IF(C793=0,\"\",VLOOKUP(C793,BNCDADOS!$A:$G,6,0))","v":"44,55"},{"$f":"IF(C793=0,\"\",VLOOKUP(C793,BNCDADOS!$A:$G,7,0))","v":57.89},291.76,{"$f":"SUMIF('MC - TRECHO 02'!A:A,Orçamento!A793,'MC - TRECHO 02'!R:R)","v":5.04}]
["3.8.9",{"$f":"IF(C794=0,\"\",VLOOKUP(C794,[143]BNCDADOS!$A:$G,8,0))","v":""},null,"INSTALAÇÃO ELÉTRICA",{"$f":"IF(C794=0,\"\",VLOOKUP(C794,[143]BNCDADOS!$A:$G,3,0))","v":""},0,{"$f":"IF(C794=0,\"\",VLOOKUP(C794,[143]BNCDADOS!$A:$G,4,0))","v":""},{"$f":"IF(C794=0,\"\",VLOOKUP(C794,[143]BNCDADOS!$A:$G,5,0))","v":""},{"$f":"SUM(I795:I802)","v":11488.53},{"$f":"IF(C794=0,\"\",VLOOKUP(C794,[143]BNCDADOS!$A:$G,6,0))","v":""},{"$f":"IF(C794=0,\"\",VLOOKUP(C794,[143]BNCDADOS!$A:$G,7,0))","v":""},{"$f":"SUM(L795:L802)","v":11785.43},0]
["3.8.9.1",{"$f":"IF(C795=0,\"\",VLOOKUP(C795,BNCDADOS!$A:$H,8,0))","v":"SINAPI/RN\nSERVIÇO"},101517,{"$f":"IF(C795=0,\"\",VLOOKUP(C795,BNCDADOS!$A:$G,2,0))","v":"ENTRADA DE ENERGIA ELÉTRICA, SUBTERRÂNEA, MONOFÁSICA, COM CAIXA DE EMBUTIR, CABO DE 10 MM2 E DISJUNTOR DIN 50A (NÃO INCLUSA MURETA DE ALVENARIA). AF_07/2020_PS"},{"$f":"IF(C795=0,\"\",VLOOKUP(C795,BNCDADOS!$A:$G,3,0))","v":"UN"},1,{"$f":"IF(C795=0,\"\",VLOOKUP(C795,BNCDADOS!$A:$G,4,0))","v":"894,51"},{"$f":"IF(C795=0,\"\",VLOOKUP(C795,BNCDADOS!$A:$G,5,0))","v":1106.4100000000001},{"$f":"IF(H795=\"\",0,TRUNC(H795*F795,2))","v":1106.4100000000001},{"$f":"IF(C795=0,\"\",VLOOKUP(C795,BNCDADOS!$A:$G,6,0))","v":"875,56"},{"$f":"IF(C795=0,\"\",VLOOKUP(C795,BNCDADOS!$A:$G,7,0))","v":1137.8699999999999},{"$f":"IF(K795=\"\",0,TRUNC(K795*F795,2))","v":1137.8699999999999},{"$f":"SUMIF('MC - TRECHO 02'!A:A,Orçamento!A795,'MC - TRECHO 02'!R:R)","v":1}]
["3.8.9.2",{"$f":"IF(C796=0,\"\",VLOOKUP(C796,BNCDADOS!$A:$H,8,0))","v":"SINAPI/RN\nSERVIÇO"},91931,{"$f":"IF(C796=0,\"\",VLOOKUP(C796,BNCDADOS!$A:$G,2,0))","v":"CABO DE COBRE FLEXÍVEL ISOLADO, 6 MM², ANTI-CHAMA 0,6/1,0 KV, PARA CIRCUITOS TERMINAIS - FORNECIMENTO E INSTALAÇÃO. AF_03/2023"},{"$f":"IF(C796=0,\"\",VLOOKUP(C796,BNCDADOS!$A:$G,3,0))","v":"M"},15,{"$f":"IF(C796=0,\"\",VLOOKUP(C796,BNCDADOS!$A:$G,4,0))","v":"11,29"},{"$f":"IF(C796=0,\"\",VLOOKUP(C796,BNCDADOS!$A:$G,5,0))","v":13.96},209.4,{"$f":"IF(C796=0,\"\",VLOOKUP(C796,BNCDADOS!$A:$G,6,0))","v":"11,02"},{"$f":"IF(C796=0,\"\",VLOOKUP(C796,BNCDADOS!$A:$G,7,0))","v":14.32},214.8,{"$f":"SUMIF('MC - TRECHO 02'!A:A,Orçamento!A796,'MC - TRECHO 02'!R:R)","v":15}]
["3.8.9.3",{"$f":"IF(C797=0,\"\",VLOOKUP(C797,BNCDADOS!$A:$H,8,0))","v":"SINAPI/RN\nSERVIÇO"},91929,{"$f":"IF(C797=0,\"\",VLOOKUP(C797,BNCDADOS!$A:$G,2,0))","v":"CABO DE COBRE FLEXÍVEL ISOLADO, 4 MM², ANTI-CHAMA 0,6/1,0 KV, PARA CIRCUITOS TERMINAIS - FORNECIMENTO E INSTALAÇÃO. AF_03/2023"},{"$f":"IF(C797=0,\"\",VLOOKUP(C797,BNCDADOS!$A:$G,3,0))","v":"M"},115.5,{"$f":"IF(C797=0,\"\",VLOOKUP(C797,BNCDADOS!$A:$G,4,0))","v":"7,98"},{"$f":"IF(C797=0,\"\",VLOOKUP(C797,BNCDADOS!$A:$G,5,0))","v":9.8699999999999992},1139.98,{"$f":"IF(C797=0,\"\",VLOOKUP(C797,BNCDADOS!$A:$G,6,0))","v":"7,76"},{"$f":"IF(C797=0,\"\",VLOOKUP(C797,BNCDADOS!$A:$G,7,0))","v":10.08},1164.24,{"$f":"SUMIF('MC - TRECHO 02'!A:A,Orçamento!A797,'MC - TRECHO 02'!R:R)","v":115.5}]
["3.8.9.4",{"$f":"IF(C798=0,\"\",VLOOKUP(C798,BNCDADOS!$A:$H,8,0))","v":"SINAPI/RN\nSERVIÇO"},91927,{"$f":"IF(C798=0,\"\",VLOOKUP(C798,BNCDADOS!$A:$G,2,0))","v":"CABO DE COBRE FLEXÍVEL ISOLADO, 2,5 MM², ANTI-CHAMA 0,6/1,0 KV, PARA CIRCUITOS TERMINAIS - FORNECIMENTO E INSTALAÇÃO. AF_03/2023"},{"$f":"IF(C798=0,\"\",VLOOKUP(C798,BNCDADOS!$A:$G,3,0))","v":"M"},90,{"$f":"IF(C798=0,\"\",VLOOKUP(C798,BNCDADOS!$A:$G,4,0))","v":"5,38"},{"$f":"IF(C798=0,\"\",VLOOKUP(C798,BNCDADOS!$A:$G,5,0))","v":6.65},598.5,{"$f":"IF(C798=0,\"\",VLOOKUP(C798,BNCDADOS!$A:$G,6,0))","v":"5,22"},{"$f":"IF(C798=0,\"\",VLOOKUP(C798,BNCDADOS!$A:$G,7,0))","v":6.78},610.20000000000005,{"$f":"SUMIF('MC - TRECHO 02'!A:A,Orçamento!A798,'MC - TRECHO 02'!R:R)","v":90}]
["3.8.9.5",{"$f":"IF(C799=0,\"\",VLOOKUP(C799,BNCDADOS!$A:$H,8,0))","v":"SINAPI/RN\nSERVIÇO"},91854,{"$f":"IF(C799=0,\"\",VLOOKUP(C799,BNCDADOS!$A:$G,2,0))","v":"ELETRODUTO FLEXÍVEL CORRUGADO, PVC, DN 25 MM (3/4\"), PARA CIRCUITOS TERMINAIS, INSTALADO EM PAREDE - FORNECIMENTO E INSTALAÇÃO. AF_03/2023"},{"$f":"IF(C799=0,\"\",VLOOKUP(C799,BNCDADOS!$A:$G,3,0))","v":"M"},5.5,{"$f":"IF(C799=0,\"\",VLOOKUP(C799,BNCDADOS!$A:$G,4,0))","v":"8,73"},{"$f":"IF(C799=0,\"\",VLOOKUP(C799,BNCDADOS!$A:$G,5,0))","v":10.79},59.34,{"$f":"IF(C799=0,\"\",VLOOKUP(C799,BNCDADOS!$A:$G,6,0))","v":"8,01"},{"$f":"IF(C799=0,\"\",VLOOKUP(C799,BNCDADOS!$A:$G,7,0))","v":10.4},57.2,{"$f":"SUMIF('MC - TRECHO 02'!A:A,Orçamento!A799,'MC - TRECHO 02'!R:R)","v":5.5}]
["3.8.9.6",{"$f":"IF(C800=0,\"\",VLOOKUP(C800,BNCDADOS!$A:$H,8,0))","v":"SINAPI/RN\nSERVIÇO"},95728,{"$f":"IF(C800=0,\"\",VLOOKUP(C800,BNCDADOS!$A:$G,2,0))","v":"ELETRODUTO RÍGIDO SOLDÁVEL, PVC, DN 32 MM (1\u0094), APARENTE - FORNECIMENTO E INSTALAÇÃO. AF_10/2022_PA"},{"$f":"IF(C800=0,\"\",VLOOKUP(C800,BNCDADOS!$A:$G,3,0))","v":"M"},38,{"$f":"IF(C800=0,\"\",VLOOKUP(C800,BNCDADOS!$A:$G,4,0))","v":"23,88"},{"$f":"IF(C800=0,\"\",VLOOKUP(C800,BNCDADOS!$A:$G,5,0))","v":29.53},1122.1400000000001,{"$f":"IF(C800=0,\"\",VLOOKUP(C800,BNCDADOS!$A:$G,6,0))","v":"22,13"},{"$f":"IF(C800=0,\"\",VLOOKUP(C800,BNCDADOS!$A:$G,7,0))","v":28.76},1092.8800000000001,{"$f":"SUMIF('MC - TRECHO 02'!A:A,Orçamento!A800,'MC - TRECHO 02'!R:R)","v":38}]
["3.8.9.7",{"$f":"IF(C801=0,\"\",VLOOKUP(C801,BNCDADOS!$A:$H,8,0))","v":"SINAPI/RN\nSERVIÇO"},97882,{"$f":"IF(C801=0,\"\",VLOOKUP(C801,BNCDADOS!$A:$G,2,0))","v":"CAIXA ENTERRADA ELÉTRICA RETANGULAR, EM CONCRETO PRÉ-MOLDADO, FUNDO COM BRITA, DIMENSÕES INTERNAS: 0,4X0,4X0,4 M. AF_12/2020"},{"$f":"IF(C801=0,\"\",VLOOKUP(C801,BNCDADOS!$A:$G,3,0))","v":"UN"},4,{"$f":"IF(C801=0,\"\",VLOOKUP(C801,BNCDADOS!$A:$G,4,0))","v":"215,84"},{"$f":"IF(C801=0,\"\",VLOOKUP(C801,BNCDADOS!$A:$G,5,0))","v":266.97000000000003},1067.8800000000001,{"$f":"IF(C801=0,\"\",VLOOKUP(C801,BNCDADOS!$A:$G,6,0))","v":"212,07"},{"$f":"IF(C801=0,\"\",VLOOKUP(C801,BNCDADOS!$A:$G,7,0))","v":275.60000000000002},1102.4000000000001,{"$f":"SUMIF('MC - TRECHO 02'!A:A,Orçamento!A801,'MC - TRECHO 02'!R:R)","v":4}]
["3.8.9.8",{"$f":"IF(C802=0,\"\",VLOOKUP(C802,BNCDADOS!$A:$H,8,0))","v":"caern"},2070408,{"$f":"IF(C802=0,\"\",VLOOKUP(C802,BNCDADOS!$A:$G,2,0))","v":"CONJUNTO ILUMINAÇÃO EXTERNA TIPO PÉTALA COM 02 REFLETORES LED DE 100 W E POSTE CIRCULAR DE 9M EM CONCRETO. INC_05/2020"},{"$f":"IF(C802=0,\"\",VLOOKUP(C802,BNCDADOS!$A:$G,3,0))","v":"UN "},2,{"$f":"IF(C802=0,\"\",VLOOKUP(C802,BNCDADOS!$A:$G,4,0))","v":2500.1600000000003},{"$f":"IF(C802=0,\"\",VLOOKUP(C802,BNCDADOS!$A:$G,5,0))","v":3092.44},6184.88,{"$f":"IF(C802=0,\"\",VLOOKUP(C802,BNCDADOS!$A:$G,6,0))","v":2464.5500000000006},{"$f":"IF(C802=0,\"\",VLOOKUP(C802,BNCDADOS!$A:$G,7,0))","v":3202.92},6405.84,{"$f":"SUMIF('MC - TRECHO 02'!A:A,Orçamento!A802,'MC - TRECHO 02'!R:R)","v":2}]
["3.8.10",{"$f":"IF(C803=0,\"\",VLOOKUP(C803,[143]BNCDADOS!$A:$G,8,0))","v":""},null,"DIVERSOS",{"$f":"IF(C803=0,\"\",VLOOKUP(C803,[143]BNCDADOS!$A:$G,3,0))","v":""},0,{"$f":"IF(C803=0,\"\",VLOOKUP(C803,[143]BNCDADOS!$A:$G,4,0))","v":""},{"$f":"IF(C803=0,\"\",VLOOKUP(C803,[143]BNCDADOS!$A:$G,5,0))","v":""},{"$f":"SUM(I804:I805)","v":59269.73},{"$f":"IF(C803=0,\"\",VLOOKUP(C803,[143]BNCDADOS!$A:$G,6,0))","v":""},{"$f":"IF(C803=0,\"\",VLOOKUP(C803,[143]BNCDADOS!$A:$G,7,0))","v":""},{"$f":"SUM(L804:L805)","v":61922.37},0]
["3.8.10.1",{"$f":"IF(C804=0,\"\",VLOOKUP(C804,BNCDADOS!$A:$H,8,0))","v":"caern"},2220066,{"$f":"IF(C804=0,\"\",VLOOKUP(C804,BNCDADOS!$A:$G,2,0))","v":"ESCADA DE MARINHEIRO EM FIBRA DE VIDRO PULTRUDADA, PERFIL QUADRADO, PINTURA PROTETORA CONTRA RAIOS UV, COM GUARDA CORPO. R_11/2021"},{"$f":"IF(C804=0,\"\",VLOOKUP(C804,BNCDADOS!$A:$G,3,0))","v":"M"},19.3,{"$f":"IF(C804=0,\"\",VLOOKUP(C804,BNCDADOS!$A:$G,4,0))","v":1777.21},{"$f":"IF(C804=0,\"\",VLOOKUP(C804,BNCDADOS!$A:$G,5,0))","v":2198.23},{"$f":"IF(H804=\"\",0,TRUNC(H804*F804,2))","v":42425.83},{"$f":"IF(C804=0,\"\",VLOOKUP(C804,BNCDADOS!$A:$G,6,0))","v":1766.07},{"$f":"IF(C804=0,\"\",VLOOKUP(C804,BNCDADOS!$A:$G,7,0))","v":2295.1799999999998},{"$f":"IF(K804=\"\",0,TRUNC(K804*F804,2))","v":44296.97},{"$f":"SUMIF('MC - TRECHO 02'!A:A,Orçamento!A804,'MC - TRECHO 02'!R:R)","v":19.3}]
["3.8.10.2",{"$f":"IF(C805=0,\"\",VLOOKUP(C805,BNCDADOS!$A:$H,8,0))","v":"caern"},2220065,{"$f":"IF(C805=0,\"\",VLOOKUP(C805,BNCDADOS!$A:$G,2,0))","v":"ESCADA DE MARINHEIRO EM FIBRA DE VIDRO PULTRUDADA, PERFIL QUADRADO, PINTURA PROTETORA CONTRA RAIOS UV, SEM GUARDA CORPO. R_11/2021"},{"$f":"IF(C805=0,\"\",VLOOKUP(C805,BNCDADOS!$A:$G,3,0))","v":"M"},10,{"$f":"IF(C805=0,\"\",VLOOKUP(C805,BNCDADOS!$A:$G,4,0))","v":1361.79},{"$f":"IF(C805=0,\"\",VLOOKUP(C805,BNCDADOS!$A:$G,5,0))","v":1684.39},16843.900000000001,{"$f":"IF(C805=0,\"\",VLOOKUP(C805,BNCDADOS!$A:$G,6,0))","v":1356.22},{"$f":"IF(C805=0,\"\",VLOOKUP(C805,BNCDADOS!$A:$G,7,0))","v":1762.54},17625.400000000001,{"$f":"SUMIF('MC - TRECHO 02'!A:A,Orçamento!A805,'MC - TRECHO 02'!R:R)","v":10}]
[]
["3.9",null,null,"MATERIAIS_TRECHO 02 - ETA A MONTANHAS",{"$nulls":4},{"$f":"SUM(I808,I815,I840,I853,I821,I832)","v":42890995.239999995},null,null,{"$f":"SUM(L808,L815,L840,L853,L821,L832)","v":44989554.720000006}]
["3.9.1",{"$f":"IF(C808=0,\"\",VLOOKUP(C808,[142]BNCDADOS!$A:$G,8,0))","v":""},null,"ADUTORA - TRECHO 02.01",{"$f":"IF(C808=0,\"\",VLOOKUP(C808,[142]BNCDADOS!$A:$G,3,0))","v":""},{"$f":"TRUNC(M808,2)","v":0},{"$f":"IF(C808=0,\"\",VLOOKUP(C808,[142]BNCDADOS!$A:$G,4,0))","v":""},{"$f":"IF(C808=0,\"\",VLOOKUP(C808,[142]BNCDADOS!$A:$G,5,0))","v":""},{"$f":"SUM(I809:I814)","v":21561643.329999998},{"$f":"IF(C808=0,\"\",VLOOKUP(C808,[142]BNCDADOS!$A:$G,6,0))","v":""},{"$f":"IF(C808=0,\"\",VLOOKUP(C808,[142]BNCDADOS!$A:$G,7,0))","v":""},{"$f":"SUM(L809:L814)","v":22616644.169999998}]
["3.9.1.1",{"$f":"IF(C809=0,\"\",VLOOKUP(C809,BNCDADOS!$A:$H,8,0))","v":0},"TBPFRV01",{"$f":"IF(C809=0,\"\",VLOOKUP(C809,BNCDADOS!$A:$G,2,0))","v":"TUBO PVC-PRFV, PN25, 10.000 N/m², DN 800"},{"$f":"IF(C809=0,\"\",VLOOKUP(C809,BNCDADOS!$A:$G,3,0))","v":"M"},10152,{"$f":"IF(C809=0,\"\",VLOOKUP(C809,BNCDADOS!$A:$G,4,0))","v":1858.366},{"$f":"TRUNC(G809*(1+$I$5),2)","v":2081.36},{"$f":"IF(H809=\"\",0,TRUNC(H809*F809,2))","v":21129966.719999999},{"$f":"IF(C809=0,\"\",VLOOKUP(C809,BNCDADOS!$A:$G,6,0))","v":1858.366},{"$f":"TRUNC(J809*(1+$L$5),2)","v":2183.1999999999998},{"$f":"IF(K809=\"\",0,TRUNC(K809*F809,2))","v":22163846.399999999},{"$f":"P809*6","v":10152},{"$f":"SUMIF(#REF!,Orçamento!A809,#REF!)","v":{"$error":"#REF!"}},{"$f":"ROUND('MC - SERVIÇO ADUTORA - 1-3'!E152*1.05,0)","v":10152},{"$f":"TRUNC(O809/6,0)","v":1692}]
["3.9.1.2",{"$f":"IF(C810=0,\"\",VLOOKUP(C810,BNCDADOS!$A:$H,8,0))","v":0},"FF112",{"$f":"IF(C810=0,\"\",VLOOKUP(C810,BNCDADOS!$A:$G,2,0))","v":"EXTREMIDADE, FOFO, FLANGE/BOLSA, PN10, DN 800MM"},{"$f":"IF(C810=0,\"\",VLOOKUP(C810,BNCDADOS!$A:$G,3,0))","v":"UN "},1,{"$f":"IF(C810=0,\"\",VLOOKUP(C810,BNCDADOS!$A:$G,4,0))","v":7198.58},8062.4,8062.4,{"$f":"IF(C810=0,\"\",VLOOKUP(C810,BNCDADOS!$A:$G,6,0))","v":7198.58},8456.89,8456.89,{"$f":"'MC - MATERIAL ADUTORA - 1-3'!E66","v":1}]
["3.9.1.3",{"$f":"IF(C811=0,\"\",VLOOKUP(C811,BNCDADOS!$A:$H,8,0))","v":0},"FF115",{"$f":"IF(C811=0,\"\",VLOOKUP(C811,BNCDADOS!$A:$G,2,0))","v":"CURVA 22°, FOFO, JGS, PN25, DN 800MM"},{"$f":"IF(C811=0,\"\",VLOOKUP(C811,BNCDADOS!$A:$G,3,0))","v":"UN "},5,{"$f":"IF(C811=0,\"\",VLOOKUP(C811,BNCDADOS!$A:$G,4,0))","v":12152.36},13610.64,68053.2,{"$f":"IF(C811=0,\"\",VLOOKUP(C811,BNCDADOS!$A:$G,6,0))","v":12152.36},14276.59,71382.95,{"$f":"'MC - MATERIAL ADUTORA - 1-3'!E67","v":5}]
["3.9.1.4",{"$f":"IF(C812=0,\"\",VLOOKUP(C812,BNCDADOS!$A:$H,8,0))","v":0},"FF114",{"$f":"IF(C812=0,\"\",VLOOKUP(C812,BNCDADOS!$A:$G,2,0))","v":"CURVA 11°, FOFO, JGS, PN25, DN 800MM"},{"$f":"IF(C812=0,\"\",VLOOKUP(C812,BNCDADOS!$A:$G,3,0))","v":"UN "},15,{"$f":"IF(C812=0,\"\",VLOOKUP(C812,BNCDADOS!$A:$G,4,0))","v":10404.26},11652.77,174791.55,{"$f":"IF(C812=0,\"\",VLOOKUP(C812,BNCDADOS!$A:$G,6,0))","v":10404.26},12222.92,183343.8,{"$f":"'MC - MATERIAL ADUTORA - 1-3'!E68","v":15}]
["3.9.1.5",{"$f":"IF(C813=0,\"\",VLOOKUP(C813,BNCDADOS!$A:$H,8,0))","v":0},"FF138",{"$f":"IF(C813=0,\"\",VLOOKUP(C813,BNCDADOS!$A:$G,2,0))","v":"LUVA SIMPLES, FOFO, BOLSA/BOLSA, PN25, DN 800MM"},{"$f":"IF(C813=0,\"\",VLOOKUP(C813,BNCDADOS!$A:$G,3,0))","v":"UN "},29,{"$f":"IF(C813=0,\"\",VLOOKUP(C813,BNCDADOS!$A:$G,4,0))","v":4989.68},5588.44,162064.76,{"$f":"IF(C813=0,\"\",VLOOKUP(C813,BNCDADOS!$A:$G,6,0))","v":4989.68},5861.87,169994.23,{"$f":"'MC - MATERIAL ADUTORA - 1-3'!E69","v":29}]
["3.9.1.6",{"$f":"IF(C814=0,\"\",VLOOKUP(C814,BNCDADOS!$A:$H,8,0))","v":0},"FF113",{"$f":"IF(C814=0,\"\",VLOOKUP(C814,BNCDADOS!$A:$G,2,0))","v":"LUVA CORRER, FOFO, BOLSA/BOLSA, PN25, DN 800MM"},{"$f":"IF(C814=0,\"\",VLOOKUP(C814,BNCDADOS!$A:$G,3,0))","v":"UN "},1,{"$f":"IF(C814=0,\"\",VLOOKUP(C814,BNCDADOS!$A:$G,4,0))","v":16700.63},18704.7,18704.7,{"$f":"IF(C814=0,\"\",VLOOKUP(C814,BNCDADOS!$A:$G,6,0))","v":16700.63},19619.900000000001,19619.900000000001,{"$f":"'MC - MATERIAL ADUTORA - 1-3'!E70","v":1}]
["3.9.2",{"$f":"IF(C815=0,\"\",VLOOKUP(C815,[142]BNCDADOS!$A:$G,8,0))","v":""},null,"ADUTORA - TRECHO 02.02",{"$f":"IF(C815=0,\"\",VLOOKUP(C815,[142]BNCDADOS!$A:$G,3,0))","v":""},null,{"$f":"IF(C815=0,\"\",VLOOKUP(C815,[142]BNCDADOS!$A:$G,4,0))","v":""},{"$f":"IF(C815=0,\"\",VLOOKUP(C815,[142]BNCDADOS!$A:$G,5,0))","v":""},{"$f":"SUM(I816:I820)","v":20224387.379999999},{"$f":"IF(C815=0,\"\",VLOOKUP(C815,[142]BNCDADOS!$A:$G,6,0))","v":""},{"$f":"IF(C815=0,\"\",VLOOKUP(C815,[142]BNCDADOS!$A:$G,7,0))","v":""},{"$f":"SUM(L816:L820)","v":21213883.030000001},0]
["3.9.2.1",{"$f":"IF(C816=0,\"\",VLOOKUP(C816,BNCDADOS!$A:$H,8,0))","v":0},"TBPFRV02",{"$f":"IF(C816=0,\"\",VLOOKUP(C816,BNCDADOS!$A:$G,2,0))","v":"TUBO PVC-PRFV, PN25, 10.000 N/m², DN 700"},{"$f":"IF(C816=0,\"\",VLOOKUP(C816,BNCDADOS!$A:$G,3,0))","v":"M"},11232,{"$f":"IF(C816=0,\"\",VLOOKUP(C816,BNCDADOS!$A:$G,4,0))","v":1576.3700000000001},{"$f":"TRUNC(G816*(1+$I$5),2)","v":1765.53},{"$f":"IF(H816=\"\",0,TRUNC(H816*F816,2))","v":19830432.960000001},{"$f":"IF(C816=0,\"\",VLOOKUP(C816,BNCDADOS!$A:$G,6,0))","v":1576.3700000000001},{"$f":"TRUNC(J816*(1+$L$5),2)","v":1851.91},{"$f":"IF(K816=\"\",0,TRUNC(K816*F816,2))","v":20800653.120000001},{"$f":"P816*6","v":11232},{"$f":"SUMIF(#REF!,Orçamento!A816,#REF!)","v":{"$error":"#REF!"}},{"$f":"ROUND('MC - SERVIÇO ADUTORA - 1-3'!E213*1.05,0)","v":11234},{"$f":"TRUNC(O816/6,0)","v":1872}]
["3.9.2.2",{"$f":"IF(C817=0,\"\",VLOOKUP(C817,BNCDADOS!$A:$H,8,0))","v":0},"FF139",{"$f":"IF(C817=0,\"\",VLOOKUP(C817,BNCDADOS!$A:$G,2,0))","v":"EXTREMIDADE, FOFO, FLANGE/BOLSA, PN25, DN 700MM"},{"$f":"IF(C817=0,\"\",VLOOKUP(C817,BNCDADOS!$A:$G,3,0))","v":"UN "},1,{"$f":"IF(C817=0,\"\",VLOOKUP(C817,BNCDADOS!$A:$G,4,0))","v":8319.84},9318.2199999999993,9318.2199999999993,{"$f":"IF(C817=0,\"\",VLOOKUP(C817,BNCDADOS!$A:$G,6,0))","v":8319.84},9774.14,9774.14,{"$f":"'MC - MATERIAL ADUTORA - 1-3'!M66","v":1}]
["3.9.2.3",{"$f":"IF(C818=0,\"\",VLOOKUP(C818,BNCDADOS!$A:$H,8,0))","v":0},"FF140",{"$f":"IF(C818=0,\"\",VLOOKUP(C818,BNCDADOS!$A:$G,2,0))","v":"CURVA 22°, FOFO, JGS, PN25, DN 700MM"},{"$f":"IF(C818=0,\"\",VLOOKUP(C818,BNCDADOS!$A:$G,3,0))","v":"UN "},7,{"$f":"IF(C818=0,\"\",VLOOKUP(C818,BNCDADOS!$A:$G,4,0))","v":10000.219999999999},11200.24,78401.679999999993,{"$f":"IF(C818=0,\"\",VLOOKUP(C818,BNCDADOS!$A:$G,6,0))","v":10000.219999999999},11748.25,82237.75,{"$f":"'MC - MATERIAL ADUTORA - 1-3'!M67","v":7}]
["3.9.2.4",{"$f":"IF(C819=0,\"\",VLOOKUP(C819,BNCDADOS!$A:$H,8,0))","v":0},"FF141",{"$f":"IF(C819=0,\"\",VLOOKUP(C819,BNCDADOS!$A:$G,2,0))","v":"CURVA 11°, FOFO, JGS, PN25, DN 700MM"},{"$f":"IF(C819=0,\"\",VLOOKUP(C819,BNCDADOS!$A:$G,3,0))","v":"UN "},14,{"$f":"IF(C819=0,\"\",VLOOKUP(C819,BNCDADOS!$A:$G,4,0))","v":8004.18},8964.68,125505.52,{"$f":"IF(C819=0,\"\",VLOOKUP(C819,BNCDADOS!$A:$G,6,0))","v":8004.18},9403.31,131646.34,{"$f":"'MC - MATERIAL ADUTORA - 1-3'!M68","v":14}]
["3.9.2.5",{"$f":"IF(C820=0,\"\",VLOOKUP(C820,BNCDADOS!$A:$H,8,0))","v":0},"FF142",{"$f":"IF(C820=0,\"\",VLOOKUP(C820,BNCDADOS!$A:$G,2,0))","v":"LUVA SIMPLES, FOFO, BOLSA/BOLSA, PN25, DN 700MM"},{"$f":"IF(C820=0,\"\",VLOOKUP(C820,BNCDADOS!$A:$G,3,0))","v":"UN "},36,{"$f":"IF(C820=0,\"\",VLOOKUP(C820,BNCDADOS!$A:$G,4,0))","v":4482.37},5020.25,180729,{"$f":"IF(C820=0,\"\",VLOOKUP(C820,BNCDADOS!$A:$G,6,0))","v":4482.37},5265.88,189571.68,{"$f":"'MC - MATERIAL ADUTORA - 1-3'!M69","v":36}]
["3.9.3",{"$f":"IF(C821=0,\"\",VLOOKUP(C821,[142]BNCDADOS!$A:$G,8,0))","v":""},null,"SUBADUTORA PEDRO VELHO - TRECHO 02.02",{"$f":"IF(C821=0,\"\",VLOOKUP(C821,[142]BNCDADOS!$A:$G,3,0))","v":""},null,{"$f":"IF(C821=0,\"\",VLOOKUP(C821,[142]BNCDADOS!$A:$G,4,0))","v":""},{"$f":"IF(C821=0,\"\",VLOOKUP(C821,[142]BNCDADOS!$A:$G,5,0))","v":""},{"$f":"SUM(I822:I831)","v":495227.63000000006},{"$f":"IF(C821=0,\"\",VLOOKUP(C821,[142]BNCDADOS!$A:$G,6,0))","v":""},{"$f":"IF(C821=0,\"\",VLOOKUP(C821,[142]BNCDADOS!$A:$G,7,0))","v":""},{"$f":"SUM(L822:L831)","v":519461.32000000007},0]
["3.9.3.1",{"$f":"IF(C822=0,\"\",VLOOKUP(C822,BNCDADOS!$A:$H,8,0))","v":0},"TBPFRV04",{"$f":"IF(C822=0,\"\",VLOOKUP(C822,BNCDADOS!$A:$G,2,0))","v":"TUBO PVC-PRFV, PN25, 10.000 N/m², DN 250"},{"$f":"IF(C822=0,\"\",VLOOKUP(C822,BNCDADOS!$A:$G,3,0))","v":"M"},648,{"$f":"IF(C822=0,\"\",VLOOKUP(C822,BNCDADOS!$A:$G,4,0))","v":531.30999999999995},{"$f":"TRUNC(G822*(1+$I$5),2)","v":595.05999999999995},{"$f":"IF(H822=\"\",0,TRUNC(H822*F822,2))","v":385598.88},{"$f":"IF(C822=0,\"\",VLOOKUP(C822,BNCDADOS!$A:$G,6,0))","v":531.30999999999995},{"$f":"TRUNC(J822*(1+$L$5),2)","v":624.17999999999995},{"$f":"IF(K822=\"\",0,TRUNC(K822*F822,2))","v":404468.64},{"$f":"P822*6","v":648},{"$f":"SUMIF(#REF!,Orçamento!A822,#REF!)","v":{"$error":"#REF!"}},{"$f":"ROUND('MC - SERVIÇO ADUTORA - 1-3'!E344*1.05,0)","v":650},{"$f":"TRUNC(O822/6,0)","v":108}]
["3.9.3.2",{"$f":"IF(C823=0,\"\",VLOOKUP(C823,BNCDADOS!$A:$H,8,0))","v":0},"FF143",{"$f":"IF(C823=0,\"\",VLOOKUP(C823,BNCDADOS!$A:$G,2,0))","v":"TÊ DE REDUÇÃO COM FLANGES EM FERRO FUNDIDO PN 25 - DN 700x400mm"},{"$f":"IF(C823=0,\"\",VLOOKUP(C823,BNCDADOS!$A:$G,3,0))","v":"UN "},1,{"$f":"IF(C823=0,\"\",VLOOKUP(C823,BNCDADOS!$A:$G,4,0))","v":21024.3},23547.21,23547.21,{"$f":"IF(C823=0,\"\",VLOOKUP(C823,BNCDADOS!$A:$G,6,0))","v":21024.3},24699.34,24699.34,{"$f":"'MC - MATERIAL ADUTORA - 1-3'!E119","v":1}]
["3.9.3.3",{"$f":"IF(C824=0,\"\",VLOOKUP(C824,BNCDADOS!$A:$H,8,0))","v":0},"FF47",{"$f":"IF(C824=0,\"\",VLOOKUP(C824,BNCDADOS!$A:$G,2,0))","v":"REDUÇÃO CONCÊNTRICA, FOFO, FLANGES, PN16, DN 400-250MM"},{"$f":"IF(C824=0,\"\",VLOOKUP(C824,BNCDADOS!$A:$G,3,0))","v":"UN "},1,{"$f":"IF(C824=0,\"\",VLOOKUP(C824,BNCDADOS!$A:$G,4,0))","v":2815.5466666666666},3153.41,3153.41,{"$f":"IF(C824=0,\"\",VLOOKUP(C824,BNCDADOS!$A:$G,6,0))","v":2815.5466666666666},3307.7,3307.7,{"$f":"'MC - MATERIAL ADUTORA - 1-3'!E120","v":1}]
["3.9.3.4",{"$f":"IF(C825=0,\"\",VLOOKUP(C825,BNCDADOS!$A:$H,8,0))","v":0},"FF139",{"$f":"IF(C825=0,\"\",VLOOKUP(C825,BNCDADOS!$A:$G,2,0))","v":"EXTREMIDADE, FOFO, FLANGE/BOLSA, PN25, DN 700MM"},{"$f":"IF(C825=0,\"\",VLOOKUP(C825,BNCDADOS!$A:$G,3,0))","v":"UN "},2,{"$f":"IF(C825=0,\"\",VLOOKUP(C825,BNCDADOS!$A:$G,4,0))","v":8319.84},9318.2199999999993,18636.439999999999,{"$f":"IF(C825=0,\"\",VLOOKUP(C825,BNCDADOS!$A:$G,6,0))","v":8319.84},9774.14,19548.28,{"$f":"'MC - MATERIAL ADUTORA - 1-3'!E121","v":2}]
["3.9.3.5",{"$f":"IF(C826=0,\"\",VLOOKUP(C826,BNCDADOS!$A:$H,8,0))","v":0},"FF25",{"$f":"IF(C826=0,\"\",VLOOKUP(C826,BNCDADOS!$A:$G,2,0))","v":"EXTREMIDADE, FOFO, FLANGE/PONTA, ABA DE VEDAÇÃO PN16, DN 250MM"},{"$f":"IF(C826=0,\"\",VLOOKUP(C826,BNCDADOS!$A:$G,3,0))","v":"UN "},1,{"$f":"IF(C826=0,\"\",VLOOKUP(C826,BNCDADOS!$A:$G,4,0))","v":1898.9433333333334},2126.81,2126.81,{"$f":"IF(C826=0,\"\",VLOOKUP(C826,BNCDADOS!$A:$G,6,0))","v":1898.9433333333334},2230.87,2230.87,{"$f":"'MC - MATERIAL ADUTORA - 1-3'!E122","v":1}]
["3.9.3.6",{"$f":"IF(C827=0,\"\",VLOOKUP(C827,BNCDADOS!$A:$H,8,0))","v":0},"FF111",{"$f":"IF(C827=0,\"\",VLOOKUP(C827,BNCDADOS!$A:$G,2,0))","v":"JUNTA DE DESMONTAGEM TRAVADA AXIALMENTE, DN 250MM"},{"$f":"IF(C827=0,\"\",VLOOKUP(C827,BNCDADOS!$A:$G,3,0))","v":"UN "},1,{"$f":"IF(C827=0,\"\",VLOOKUP(C827,BNCDADOS!$A:$G,4,0))","v":4339.7},4860.46,4860.46,{"$f":"IF(C827=0,\"\",VLOOKUP(C827,BNCDADOS!$A:$G,6,0))","v":4339.7},5098.2700000000004,5098.2700000000004,{"$f":"'MC - MATERIAL ADUTORA - 1-3'!E123","v":1}]
["3.9.3.7",{"$f":"IF(C828=0,\"\",VLOOKUP(C828,BNCDADOS!$A:$H,8,0))","v":0},"FF144",{"$f":"IF(C828=0,\"\",VLOOKUP(C828,BNCDADOS!$A:$G,2,0))","v":"LUVA EM FoFo COM BOLSAS E JUNTA ELÁSTICA PN25 - DN 250mm"},{"$f":"IF(C828=0,\"\",VLOOKUP(C828,BNCDADOS!$A:$G,3,0))","v":"UN "},5,{"$f":"IF(C828=0,\"\",VLOOKUP(C828,BNCDADOS!$A:$G,4,0))","v":931.29},1043.04,5215.2,{"$f":"IF(C828=0,\"\",VLOOKUP(C828,BNCDADOS!$A:$G,6,0))","v":931.29},1094.07,5470.35,{"$f":"'MC - MATERIAL ADUTORA - 1-3'!E124","v":5}]
["3.9.3.8",{"$f":"IF(C829=0,\"\",VLOOKUP(C829,BNCDADOS!$A:$H,8,0))","v":0},"FF108",{"$f":"IF(C829=0,\"\",VLOOKUP(C829,BNCDADOS!$A:$G,2,0))","v":"CURVA 11°, FOFO, JGS, PN16, DN 250MM"},{"$f":"IF(C829=0,\"\",VLOOKUP(C829,BNCDADOS!$A:$G,3,0))","v":"UN "},5,{"$f":"IF(C829=0,\"\",VLOOKUP(C829,BNCDADOS!$A:$G,4,0))","v":624.09},698.98,3494.9,{"$f":"IF(C829=0,\"\",VLOOKUP(C829,BNCDADOS!$A:$G,6,0))","v":624.09},733.18,3665.9,{"$f":"'MC - MATERIAL ADUTORA - 1-3'!E125","v":5}]
["3.9.3.9",{"$f":"IF(C830=0,\"\",VLOOKUP(C830,BNCDADOS!$A:$H,8,0))","v":0},"VG08",{"$f":"IF(C830=0,\"\",VLOOKUP(C830,BNCDADOS!$A:$G,2,0))","v":"VÁLVULA GAVETA, FLANGES, CORPO CURTO, VOLANTE E CUNHA DE BORRACHA, DN 250MM"},{"$f":"IF(C830=0,\"\",VLOOKUP(C830,BNCDADOS!$A:$G,3,0))","v":"UN "},1,{"$f":"IF(C830=0,\"\",VLOOKUP(C830,BNCDADOS!$A:$G,4,0))","v":5227.53},5854.83,5854.83,{"$f":"IF(C830=0,\"\",VLOOKUP(C830,BNCDADOS!$A:$G,6,0))","v":5227.53},6141.3,6141.3,{"$f":"'MC - MATERIAL ADUTORA - 1-3'!E126","v":1}]
["3.9.3.10",{"$f":"IF(C831=0,\"\",VLOOKUP(C831,BNCDADOS!$A:$H,8,0))","v":0},"VG10",{"$f":"IF(C831=0,\"\",VLOOKUP(C831,BNCDADOS!$A:$G,2,0))","v":"VÁLVULA REDUTORA DE PRESSÃO PN25 - 50Mpa -  DN 250mm "},{"$f":"IF(C831=0,\"\",VLOOKUP(C831,BNCDADOS!$A:$G,3,0))","v":"UN "},1,{"$f":"IF(C831=0,\"\",VLOOKUP(C831,BNCDADOS!$A:$G,4,0))","v":38160.26},42739.49,42739.49,{"$f":"IF(C831=0,\"\",VLOOKUP(C831,BNCDADOS!$A:$G,6,0))","v":38160.26},44830.67,44830.67,{"$f":"'MC - MATERIAL ADUTORA - 1-3'!E127","v":1}]
["3.9.4",{"$f":"IF(C832=0,\"\",VLOOKUP(C832,[142]BNCDADOS!$A:$G,8,0))","v":""},null,"SUBADUTORA MONTANHAS - TRECHO 02.02",{"$f":"IF(C832=0,\"\",VLOOKUP(C832,[142]BNCDADOS!$A:$G,3,0))","v":""},null,{"$f":"IF(C832=0,\"\",VLOOKUP(C832,[142]BNCDADOS!$A:$G,4,0))","v":""},{"$f":"IF(C832=0,\"\",VLOOKUP(C832,[142]BNCDADOS!$A:$G,5,0))","v":""},{"$f":"SUM(I833:I839)","v":93882.760000000009},{"$f":"IF(C832=0,\"\",VLOOKUP(C832,[142]BNCDADOS!$A:$G,6,0))","v":""},{"$f":"IF(C832=0,\"\",VLOOKUP(C832,[142]BNCDADOS!$A:$G,7,0))","v":""},{"$f":"SUM(L833:L839)","v":98476.56},0]
["3.9.4.1",{"$f":"IF(C833=0,\"\",VLOOKUP(C833,BNCDADOS!$A:$H,8,0))","v":0},"TBPFRV04",{"$f":"IF(C833=0,\"\",VLOOKUP(C833,BNCDADOS!$A:$G,2,0))","v":"TUBO PVC-PRFV, PN25, 10.000 N/m², DN 250"},{"$f":"IF(C833=0,\"\",VLOOKUP(C833,BNCDADOS!$A:$G,3,0))","v":"M"},60,{"$f":"IF(C833=0,\"\",VLOOKUP(C833,BNCDADOS!$A:$G,4,0))","v":531.30999999999995},{"$f":"TRUNC(G833*(1+$I$5),2)","v":595.05999999999995},{"$f":"IF(H833=\"\",0,TRUNC(H833*F833,2))","v":35703.599999999999},{"$f":"IF(C833=0,\"\",VLOOKUP(C833,BNCDADOS!$A:$G,6,0))","v":531.30999999999995},{"$f":"TRUNC(J833*(1+$L$5),2)","v":624.17999999999995},{"$f":"IF(K833=\"\",0,TRUNC(K833*F833,2))","v":37450.800000000003},{"$f":"P833*6","v":60},{"$f":"SUMIF(#REF!,Orçamento!A833,#REF!)","v":{"$error":"#REF!"}},{"$f":"ROUND('MC - SERVIÇO ADUTORA - 1-3'!E346*1.05,0)","v":63},{"$f":"TRUNC(O833/6,0)","v":10}]
["3.9.4.2",{"$f":"IF(C834=0,\"\",VLOOKUP(C834,BNCDADOS!$A:$H,8,0))","v":0},"FF143",{"$f":"IF(C834=0,\"\",VLOOKUP(C834,BNCDADOS!$A:$G,2,0))","v":"TÊ DE REDUÇÃO COM FLANGES EM FERRO FUNDIDO PN 25 - DN 700x400mm"},{"$f":"IF(C834=0,\"\",VLOOKUP(C834,BNCDADOS!$A:$G,3,0))","v":"UN "},1,{"$f":"IF(C834=0,\"\",VLOOKUP(C834,BNCDADOS!$A:$G,4,0))","v":21024.3},23547.21,23547.21,{"$f":"IF(C834=0,\"\",VLOOKUP(C834,BNCDADOS!$A:$G,6,0))","v":21024.3},24699.34,24699.34,{"$f":"'MC - MATERIAL ADUTORA - 1-3'!M119","v":1}]
["3.9.4.3",{"$f":"IF(C835=0,\"\",VLOOKUP(C835,BNCDADOS!$A:$H,8,0))","v":0},"FF47",{"$f":"IF(C835=0,\"\",VLOOKUP(C835,BNCDADOS!$A:$G,2,0))","v":"REDUÇÃO CONCÊNTRICA, FOFO, FLANGES, PN16, DN 400-250MM"},{"$f":"IF(C835=0,\"\",VLOOKUP(C835,BNCDADOS!$A:$G,3,0))","v":"UN "},1,{"$f":"IF(C835=0,\"\",VLOOKUP(C835,BNCDADOS!$A:$G,4,0))","v":2815.5466666666666},3153.41,3153.41,{"$f":"IF(C835=0,\"\",VLOOKUP(C835,BNCDADOS!$A:$G,6,0))","v":2815.5466666666666},3307.7,3307.7,{"$f":"'MC - MATERIAL ADUTORA - 1-3'!M120","v":1}]
["3.9.4.4",{"$f":"IF(C836=0,\"\",VLOOKUP(C836,BNCDADOS!$A:$H,8,0))","v":0},"FF139",{"$f":"IF(C836=0,\"\",VLOOKUP(C836,BNCDADOS!$A:$G,2,0))","v":"EXTREMIDADE, FOFO, FLANGE/BOLSA, PN25, DN 700MM"},{"$f":"IF(C836=0,\"\",VLOOKUP(C836,BNCDADOS!$A:$G,3,0))","v":"UN "},2,{"$f":"IF(C836=0,\"\",VLOOKUP(C836,BNCDADOS!$A:$G,4,0))","v":8319.84},9318.2199999999993,18636.439999999999,{"$f":"IF(C836=0,\"\",VLOOKUP(C836,BNCDADOS!$A:$G,6,0))","v":8319.84},9774.14,19548.28,{"$f":"'MC - MATERIAL ADUTORA - 1-3'!M121","v":2}]
["3.9.4.5",{"$f":"IF(C837=0,\"\",VLOOKUP(C837,BNCDADOS!$A:$H,8,0))","v":0},"FF25",{"$f":"IF(C837=0,\"\",VLOOKUP(C837,BNCDADOS!$A:$G,2,0))","v":"EXTREMIDADE, FOFO, FLANGE/PONTA, ABA DE VEDAÇÃO PN16, DN 250MM"},{"$f":"IF(C837=0,\"\",VLOOKUP(C837,BNCDADOS!$A:$G,3,0))","v":"UN "},1,{"$f":"IF(C837=0,\"\",VLOOKUP(C837,BNCDADOS!$A:$G,4,0))","v":1898.9433333333334},2126.81,2126.81,{"$f":"IF(C837=0,\"\",VLOOKUP(C837,BNCDADOS!$A:$G,6,0))","v":1898.9433333333334},2230.87,2230.87,{"$f":"'MC - MATERIAL ADUTORA - 1-3'!M122","v":1}]
["3.9.4.6",{"$f":"IF(C838=0,\"\",VLOOKUP(C838,BNCDADOS!$A:$H,8,0))","v":0},"FF111",{"$f":"IF(C838=0,\"\",VLOOKUP(C838,BNCDADOS!$A:$G,2,0))","v":"JUNTA DE DESMONTAGEM TRAVADA AXIALMENTE, DN 250MM"},{"$f":"IF(C838=0,\"\",VLOOKUP(C838,BNCDADOS!$A:$G,3,0))","v":"UN "},1,{"$f":"IF(C838=0,\"\",VLOOKUP(C838,BNCDADOS!$A:$G,4,0))","v":4339.7},4860.46,4860.46,{"$f":"IF(C838=0,\"\",VLOOKUP(C838,BNCDADOS!$A:$G,6,0))","v":4339.7},5098.2700000000004,5098.2700000000004,{"$f":"'MC - MATERIAL ADUTORA - 1-3'!M123","v":1}]
["3.9.4.7",{"$f":"IF(C839=0,\"\",VLOOKUP(C839,BNCDADOS!$A:$H,8,0))","v":0},"VG08",{"$f":"IF(C839=0,\"\",VLOOKUP(C839,BNCDADOS!$A:$G,2,0))","v":"VÁLVULA GAVETA, FLANGES, CORPO CURTO, VOLANTE E CUNHA DE BORRACHA, DN 250MM"},{"$f":"IF(C839=0,\"\",VLOOKUP(C839,BNCDADOS!$A:$G,3,0))","v":"UN "},1,{"$f":"IF(C839=0,\"\",VLOOKUP(C839,BNCDADOS!$A:$G,4,0))","v":5227.53},5854.83,5854.83,{"$f":"IF(C839=0,\"\",VLOOKUP(C839,BNCDADOS!$A:$G,6,0))","v":5227.53},6141.3,6141.3,{"$f":"'MC - MATERIAL ADUTORA - 1-3'!M124","v":1}]
["3.9.5",{"$f":"IF(C840=0,\"\",VLOOKUP(C840,[142]BNCDADOS!$A:$G,8,0))","v":""},null,"VENTOSAS E DESCARGAS - TRECHO 02.01",{"$f":"IF(C840=0,\"\",VLOOKUP(C840,[142]BNCDADOS!$A:$G,3,0))","v":""},0,{"$f":"IF(C840=0,\"\",VLOOKUP(C840,[142]BNCDADOS!$A:$G,4,0))","v":""},{"$f":"IF(C840=0,\"\",VLOOKUP(C840,[142]BNCDADOS!$A:$G,5,0))","v":""},{"$f":"SUM(I841:I852)","v":229945.39},{"$f":"IF(C840=0,\"\",VLOOKUP(C840,[142]BNCDADOS!$A:$G,6,0))","v":""},{"$f":"IF(C840=0,\"\",VLOOKUP(C840,[142]BNCDADOS!$A:$G,7,0))","v":""},{"$f":"SUM(L841:L852)","v":241194.21999999997}]
["3.9.5.1",{"$f":"IF(C841=0,\"\",VLOOKUP(C841,BNCDADOS!$A:$H,8,0))","v":0},"FF118",{"$f":"IF(C841=0,\"\",VLOOKUP(C841,BNCDADOS!$A:$G,2,0))","v":"TÊ, BBF, FOFO, PN25, DN 800-200MM"},{"$f":"IF(C841=0,\"\",VLOOKUP(C841,BNCDADOS!$A:$G,3,0))","v":"UN "},14,{"$f":"IF(C841=0,\"\",VLOOKUP(C841,BNCDADOS!$A:$G,4,0))","v":10627.72},{"$f":"TRUNC(G841*(1+$I$5),2)","v":11903.04},{"$f":"IF(H841=\"\",0,TRUNC(H841*F841,2))","v":166642.56},{"$f":"IF(C841=0,\"\",VLOOKUP(C841,BNCDADOS!$A:$G,6,0))","v":10627.72},{"$f":"TRUNC(J841*(1+$L$5),2)","v":12485.44},{"$f":"IF(K841=\"\",0,TRUNC(K841*F841,2))","v":174796.16},{"$f":"'MC - MATERIAL ADUTORA - 1-3'!M76","v":14}]
["3.9.5.2",{"$f":"IF(C842=0,\"\",VLOOKUP(C842,BNCDADOS!$A:$H,8,0))","v":0},"FF16",{"$f":"IF(C842=0,\"\",VLOOKUP(C842,BNCDADOS!$A:$G,2,0))","v":"CURVA 90°, FOFO, FLANGES, PN16, DN 150MM"},{"$f":"IF(C842=0,\"\",VLOOKUP(C842,BNCDADOS!$A:$G,3,0))","v":"UN "},9,{"$f":"IF(C842=0,\"\",VLOOKUP(C842,BNCDADOS!$A:$G,4,0))","v":490.26},549.09,4941.8100000000004,{"$f":"IF(C842=0,\"\",VLOOKUP(C842,BNCDADOS!$A:$G,6,0))","v":490.26},575.95000000000005,5183.55,{"$f":"'MC - MATERIAL ADUTORA - 1-3'!M78","v":9}]
["3.9.5.3",{"$f":"IF(C843=0,\"\",VLOOKUP(C843,BNCDADOS!$A:$H,8,0))","v":0},"FF119",{"$f":"IF(C843=0,\"\",VLOOKUP(C843,BNCDADOS!$A:$G,2,0))","v":"REDUÇÃO CONCÊNTRICA, FOFO, FLANGES, PN25, DN 200-100MM"},{"$f":"IF(C843=0,\"\",VLOOKUP(C843,BNCDADOS!$A:$G,3,0))","v":"UN "},5,{"$f":"IF(C843=0,\"\",VLOOKUP(C843,BNCDADOS!$A:$G,4,0))","v":2170.27},2430.6999999999998,12153.5,{"$f":"IF(C843=0,\"\",VLOOKUP(C843,BNCDADOS!$A:$G,6,0))","v":2170.27},2549.63,12748.15,{"$f":"'MC - MATERIAL ADUTORA - 1-3'!M80","v":5}]
["3.9.5.4",{"$f":"IF(C844=0,\"\",VLOOKUP(C844,BNCDADOS!$A:$H,8,0))","v":0},"FF52",{"$f":"IF(C844=0,\"\",VLOOKUP(C844,BNCDADOS!$A:$G,2,0))","v":"REDUÇÃO EXCÊNTRICA, FOFO, FLANGES, PN16, DN 200-150MM"},{"$f":"IF(C844=0,\"\",VLOOKUP(C844,BNCDADOS!$A:$G,3,0))","v":"UN "},9,{"$f":"IF(C844=0,\"\",VLOOKUP(C844,BNCDADOS!$A:$G,4,0))","v":790.09333333333325},884.9,7964.1,{"$f":"IF(C844=0,\"\",VLOOKUP(C844,BNCDADOS!$A:$G,6,0))","v":790.09333333333325},928.2,8353.7999999999993,{"$f":"'MC - MATERIAL ADUTORA - 1-3'!M79","v":9}]
["3.9.5.5",{"$f":"IF(C845=0,\"\",VLOOKUP(C845,BNCDADOS!$A:$H,8,0))","v":0},"VG03",{"$f":"IF(C845=0,\"\",VLOOKUP(C845,BNCDADOS!$A:$G,2,0))","v":"VÁLVULA GAVETA, FLANGES, CORPO CURTO, VOLANTE E CUNHA DE BORRACHA, DN 100MM"},{"$f":"IF(C845=0,\"\",VLOOKUP(C845,BNCDADOS!$A:$G,3,0))","v":"UN "},5,{"$f":"IF(C845=0,\"\",VLOOKUP(C845,BNCDADOS!$A:$G,4,0))","v":946.02},1059.54,5297.7,{"$f":"IF(C845=0,\"\",VLOOKUP(C845,BNCDADOS!$A:$G,6,0))","v":946.02},1111.3800000000001,5556.9,{"$f":"'MC - MATERIAL ADUTORA - 1-3'!M88","v":5}]
["3.9.5.6",{"$f":"IF(C846=0,\"\",VLOOKUP(C846,BNCDADOS!$A:$H,8,0))","v":0},"VG04",{"$f":"IF(C846=0,\"\",VLOOKUP(C846,BNCDADOS!$A:$G,2,0))","v":"VÁLVULA GAVETA, FLANGES, CORPO CURTO, VOLANTE E CUNHA DE BORRACHA, DN 150MM"},{"$f":"IF(C846=0,\"\",VLOOKUP(C846,BNCDADOS!$A:$G,3,0))","v":"UN "},9,{"$f":"IF(C846=0,\"\",VLOOKUP(C846,BNCDADOS!$A:$G,4,0))","v":1782.29},1996.16,17965.439999999999,{"$f":"IF(C846=0,\"\",VLOOKUP(C846,BNCDADOS!$A:$G,6,0))","v":1782.29},2093.83,18844.47,{"$f":"'MC - MATERIAL ADUTORA - 1-3'!M89","v":9}]
["3.9.5.7",{"$f":"IF(C847=0,\"\",VLOOKUP(C847,BNCDADOS!$A:$H,8,0))","v":0},"VT01",{"$f":"IF(C847=0,\"\",VLOOKUP(C847,BNCDADOS!$A:$G,2,0))","v":"VENTOSA TRÍPLICE FUNÇÃO, FOFO, FLANGE, PN10, DN 50MM"},{"$f":"IF(C847=0,\"\",VLOOKUP(C847,BNCDADOS!$A:$G,3,0))","v":"UN "},5,{"$f":"IF(C847=0,\"\",VLOOKUP(C847,BNCDADOS!$A:$G,4,0))","v":917.58},1027.68,5138.3999999999996,{"$f":"IF(C847=0,\"\",VLOOKUP(C847,BNCDADOS!$A:$G,6,0))","v":917.58},1077.97,5389.85,{"$f":"'MC - MATERIAL ADUTORA - 1-3'!M91","v":5}]
["3.9.5.8",{"$f":"IF(C848=0,\"\",VLOOKUP(C848,BNCDADOS!$A:$H,8,0))","v":0},"FF101",{"$f":"IF(C848=0,\"\",VLOOKUP(C848,BNCDADOS!$A:$G,2,0))","v":"PARAFUSO PARA FLANGES, PN10, 16X80"},{"$f":"IF(C848=0,\"\",VLOOKUP(C848,BNCDADOS!$A:$G,3,0))","v":"UN "},80,{"$f":"IF(C848=0,\"\",VLOOKUP(C848,BNCDADOS!$A:$G,4,0))","v":8.23},9.2100000000000009,736.8,{"$f":"IF(C848=0,\"\",VLOOKUP(C848,BNCDADOS!$A:$G,6,0))","v":8.23},9.66,772.8,{"$f":"'MC - MATERIAL ADUTORA - 1-3'!M82","v":80}]
["3.9.5.9",{"$f":"IF(C849=0,\"\",VLOOKUP(C849,BNCDADOS!$A:$H,8,0))","v":0},"FF102",{"$f":"IF(C849=0,\"\",VLOOKUP(C849,BNCDADOS!$A:$G,2,0))","v":"PARAFUSO PARA FLANGES, PN10, 20X90"},{"$f":"IF(C849=0,\"\",VLOOKUP(C849,BNCDADOS!$A:$G,3,0))","v":"UN "},384,{"$f":"IF(C849=0,\"\",VLOOKUP(C849,BNCDADOS!$A:$G,4,0))","v":20},22.4,8601.6,{"$f":"IF(C849=0,\"\",VLOOKUP(C849,BNCDADOS!$A:$G,6,0))","v":20},23.49,9020.16,{"$f":"'MC - MATERIAL ADUTORA - 1-3'!M83","v":384}]
["3.9.5.10",{"$f":"IF(C850=0,\"\",VLOOKUP(C850,BNCDADOS!$A:$H,8,0))","v":0},"FF94",{"$f":"IF(C850=0,\"\",VLOOKUP(C850,BNCDADOS!$A:$G,2,0))","v":"ARRUELA DE BORRACHA PARA FLANGES, DN 100MM"},{"$f":"IF(C850=0,\"\",VLOOKUP(C850,BNCDADOS!$A:$G,3,0))","v":"UN "},10,{"$f":"IF(C850=0,\"\",VLOOKUP(C850,BNCDADOS!$A:$G,4,0))","v":6.83},7.64,76.400000000000006,{"$f":"IF(C850=0,\"\",VLOOKUP(C850,BNCDADOS!$A:$G,6,0))","v":6.83},8.02,80.2,{"$f":"'MC - MATERIAL ADUTORA - 1-3'!M84","v":10}]
["3.9.5.11",{"$f":"IF(C851=0,\"\",VLOOKUP(C851,BNCDADOS!$A:$H,8,0))","v":0},"FF95",{"$f":"IF(C851=0,\"\",VLOOKUP(C851,BNCDADOS!$A:$G,2,0))","v":"ARRUELA DE BORRACHA PARA FLANGES, DN 150MM"},{"$f":"IF(C851=0,\"\",VLOOKUP(C851,BNCDADOS!$A:$G,3,0))","v":"UN "},27,{"$f":"IF(C851=0,\"\",VLOOKUP(C851,BNCDADOS!$A:$G,4,0))","v":8.31},9.3000000000000007,251.1,{"$f":"IF(C851=0,\"\",VLOOKUP(C851,BNCDADOS!$A:$G,6,0))","v":8.31},9.76,263.52,{"$f":"'MC - MATERIAL ADUTORA - 1-3'!M85","v":27}]
["3.9.5.12",{"$f":"IF(C852=0,\"\",VLOOKUP(C852,BNCDADOS!$A:$H,8,0))","v":0},"FF96",{"$f":"IF(C852=0,\"\",VLOOKUP(C852,BNCDADOS!$A:$G,2,0))","v":"ARRUELA DE BORRACHA PARA FLANGES, DN 200MM"},{"$f":"IF(C852=0,\"\",VLOOKUP(C852,BNCDADOS!$A:$G,3,0))","v":"UN "},14,{"$f":"IF(C852=0,\"\",VLOOKUP(C852,BNCDADOS!$A:$G,4,0))","v":11.23},12.57,175.98,{"$f":"IF(C852=0,\"\",VLOOKUP(C852,BNCDADOS!$A:$G,6,0))","v":11.23},13.19,184.66,{"$f":"'MC - MATERIAL ADUTORA - 1-3'!M86","v":14}]
["3.9.6",{"$f":"IF(C853=0,\"\",VLOOKUP(C853,[142]BNCDADOS!$A:$G,8,0))","v":""},null,"VENTOSAS E DESCARGAS - TRECHO 02.02",{"$f":"IF(C853=0,\"\",VLOOKUP(C853,[142]BNCDADOS!$A:$G,3,0))","v":""},0,{"$f":"IF(C853=0,\"\",VLOOKUP(C853,[142]BNCDADOS!$A:$G,4,0))","v":""},{"$f":"IF(C853=0,\"\",VLOOKUP(C853,[142]BNCDADOS!$A:$G,5,0))","v":""},{"$f":"SUM(I854:I865)","v":285908.74999999988},{"$f":"IF(C853=0,\"\",VLOOKUP(C853,[142]BNCDADOS!$A:$G,6,0))","v":""},{"$f":"IF(C853=0,\"\",VLOOKUP(C853,[142]BNCDADOS!$A:$G,7,0))","v":""},{"$f":"SUM(L854:L865)","v":299895.41999999993}]
["3.9.6.1",{"$f":"IF(C854=0,\"\",VLOOKUP(C854,BNCDADOS!$A:$H,8,0))","v":0},"FF145",{"$f":"IF(C854=0,\"\",VLOOKUP(C854,BNCDADOS!$A:$G,2,0))","v":"TÊ, BBF, FOFO, PN25, DN 700-200MM"},{"$f":"IF(C854=0,\"\",VLOOKUP(C854,BNCDADOS!$A:$G,3,0))","v":"UN "},19,{"$f":"IF(C854=0,\"\",VLOOKUP(C854,BNCDADOS!$A:$G,4,0))","v":9294.94},{"$f":"TRUNC(G854*(1+$I$5),2)","v":10410.33},{"$f":"IF(H854=\"\",0,TRUNC(H854*F854,2))","v":197796.27},{"$f":"IF(C854=0,\"\",VLOOKUP(C854,BNCDADOS!$A:$G,6,0))","v":9294.94},{"$f":"TRUNC(J854*(1+$L$5),2)","v":10919.69},{"$f":"IF(K854=\"\",0,TRUNC(K854*F854,2))","v":207474.11},{"$f":"'MC - MATERIAL ADUTORA - 1-3'!M97","v":19}]
["3.9.6.2",{"$f":"IF(C855=0,\"\",VLOOKUP(C855,BNCDADOS!$A:$H,8,0))","v":0},"FF16",{"$f":"IF(C855=0,\"\",VLOOKUP(C855,BNCDADOS!$A:$G,2,0))","v":"CURVA 90°, FOFO, FLANGES, PN16, DN 150MM"},{"$f":"IF(C855=0,\"\",VLOOKUP(C855,BNCDADOS!$A:$G,3,0))","v":"UN "},9,{"$f":"IF(C855=0,\"\",VLOOKUP(C855,BNCDADOS!$A:$G,4,0))","v":490.26},549.09,4941.8100000000004,{"$f":"IF(C855=0,\"\",VLOOKUP(C855,BNCDADOS!$A:$G,6,0))","v":490.26},575.95000000000005,5183.55,{"$f":"'MC - MATERIAL ADUTORA - 1-3'!M99","v":9}]
["3.9.6.3",{"$f":"IF(C856=0,\"\",VLOOKUP(C856,BNCDADOS!$A:$H,8,0))","v":0},"FF119",{"$f":"IF(C856=0,\"\",VLOOKUP(C856,BNCDADOS!$A:$G,2,0))","v":"REDUÇÃO CONCÊNTRICA, FOFO, FLANGES, PN25, DN 200-100MM"},{"$f":"IF(C856=0,\"\",VLOOKUP(C856,BNCDADOS!$A:$G,3,0))","v":"UN "},10,{"$f":"IF(C856=0,\"\",VLOOKUP(C856,BNCDADOS!$A:$G,4,0))","v":2170.27},2430.6999999999998,24307,{"$f":"IF(C856=0,\"\",VLOOKUP(C856,BNCDADOS!$A:$G,6,0))","v":2170.27},2549.63,25496.3,{"$f":"'MC - MATERIAL ADUTORA - 1-3'!M101","v":10}]
["3.9.6.4",{"$f":"IF(C857=0,\"\",VLOOKUP(C857,BNCDADOS!$A:$H,8,0))","v":0},"FF52",{"$f":"IF(C857=0,\"\",VLOOKUP(C857,BNCDADOS!$A:$G,2,0))","v":"REDUÇÃO EXCÊNTRICA, FOFO, FLANGES, PN16, DN 200-150MM"},{"$f":"IF(C857=0,\"\",VLOOKUP(C857,BNCDADOS!$A:$G,3,0))","v":"UN "},9,{"$f":"IF(C857=0,\"\",VLOOKUP(C857,BNCDADOS!$A:$G,4,0))","v":790.09333333333325},884.9,7964.1,{"$f":"IF(C857=0,\"\",VLOOKUP(C857,BNCDADOS!$A:$G,6,0))","v":790.09333333333325},928.2,8353.7999999999993,{"$f":"'MC - MATERIAL ADUTORA - 1-3'!M100","v":9}]
["3.9.6.5",{"$f":"IF(C858=0,\"\",VLOOKUP(C858,BNCDADOS!$A:$H,8,0))","v":0},"VG03",{"$f":"IF(C858=0,\"\",VLOOKUP(C858,BNCDADOS!$A:$G,2,0))","v":"VÁLVULA GAVETA, FLANGES, CORPO CURTO, VOLANTE E CUNHA DE BORRACHA, DN 100MM"},{"$f":"IF(C858=0,\"\",VLOOKUP(C858,BNCDADOS!$A:$G,3,0))","v":"UN "},10,{"$f":"IF(C858=0,\"\",VLOOKUP(C858,BNCDADOS!$A:$G,4,0))","v":946.02},1059.54,10595.4,{"$f":"IF(C858=0,\"\",VLOOKUP(C858,BNCDADOS!$A:$G,6,0))","v":946.02},1111.3800000000001,11113.8,{"$f":"'MC - MATERIAL ADUTORA - 1-3'!M109","v":10}]
["3.9.6.6",{"$f":"IF(C859=0,\"\",VLOOKUP(C859,BNCDADOS!$A:$H,8,0))","v":0},"VG04",{"$f":"IF(C859=0,\"\",VLOOKUP(C859,BNCDADOS!$A:$G,2,0))","v":"VÁLVULA GAVETA, FLANGES, CORPO CURTO, VOLANTE E CUNHA DE BORRACHA, DN 150MM"},{"$f":"IF(C859=0,\"\",VLOOKUP(C859,BNCDADOS!$A:$G,3,0))","v":"UN "},9,{"$f":"IF(C859=0,\"\",VLOOKUP(C859,BNCDADOS!$A:$G,4,0))","v":1782.29},1996.16,17965.439999999999,{"$f":"IF(C859=0,\"\",VLOOKUP(C859,BNCDADOS!$A:$G,6,0))","v":1782.29},2093.83,18844.47,{"$f":"'MC - MATERIAL ADUTORA - 1-3'!M110","v":9}]
["3.9.6.7",{"$f":"IF(C860=0,\"\",VLOOKUP(C860,BNCDADOS!$A:$H,8,0))","v":0},"VT01",{"$f":"IF(C860=0,\"\",VLOOKUP(C860,BNCDADOS!$A:$G,2,0))","v":"VENTOSA TRÍPLICE FUNÇÃO, FOFO, FLANGE, PN10, DN 50MM"},{"$f":"IF(C860=0,\"\",VLOOKUP(C860,BNCDADOS!$A:$G,3,0))","v":"UN "},10,{"$f":"IF(C860=0,\"\",VLOOKUP(C860,BNCDADOS!$A:$G,4,0))","v":917.58},1027.68,10276.799999999999,{"$f":"IF(C860=0,\"\",VLOOKUP(C860,BNCDADOS!$A:$G,6,0))","v":917.58},1077.97,10779.7,{"$f":"'MC - MATERIAL ADUTORA - 1-3'!M112","v":10}]
["3.9.6.8",{"$f":"IF(C861=0,\"\",VLOOKUP(C861,BNCDADOS!$A:$H,8,0))","v":0},"FF101",{"$f":"IF(C861=0,\"\",VLOOKUP(C861,BNCDADOS!$A:$G,2,0))","v":"PARAFUSO PARA FLANGES, PN10, 16X80"},{"$f":"IF(C861=0,\"\",VLOOKUP(C861,BNCDADOS!$A:$G,3,0))","v":"UN "},160,{"$f":"IF(C861=0,\"\",VLOOKUP(C861,BNCDADOS!$A:$G,4,0))","v":8.23},9.2100000000000009,1473.6,{"$f":"IF(C861=0,\"\",VLOOKUP(C861,BNCDADOS!$A:$G,6,0))","v":8.23},9.66,1545.6,{"$f":"'MC - MATERIAL ADUTORA - 1-3'!M103","v":160}]
["3.9.6.9",{"$f":"IF(C862=0,\"\",VLOOKUP(C862,BNCDADOS!$A:$H,8,0))","v":0},"FF102",{"$f":"IF(C862=0,\"\",VLOOKUP(C862,BNCDADOS!$A:$G,2,0))","v":"PARAFUSO PARA FLANGES, PN10, 20X90"},{"$f":"IF(C862=0,\"\",VLOOKUP(C862,BNCDADOS!$A:$G,3,0))","v":"UN "},444,{"$f":"IF(C862=0,\"\",VLOOKUP(C862,BNCDADOS!$A:$G,4,0))","v":20},22.4,9945.6,{"$f":"IF(C862=0,\"\",VLOOKUP(C862,BNCDADOS!$A:$G,6,0))","v":20},23.49,10429.56,{"$f":"'MC - MATERIAL ADUTORA - 1-3'!M104","v":444}]
["3.9.6.10",{"$f":"IF(C863=0,\"\",VLOOKUP(C863,BNCDADOS!$A:$H,8,0))","v":0},"FF94",{"$f":"IF(C863=0,\"\",VLOOKUP(C863,BNCDADOS!$A:$G,2,0))","v":"ARRUELA DE BORRACHA PARA FLANGES, DN 100MM"},{"$f":"IF(C863=0,\"\",VLOOKUP(C863,BNCDADOS!$A:$G,3,0))","v":"UN "},20,{"$f":"IF(C863=0,\"\",VLOOKUP(C863,BNCDADOS!$A:$G,4,0))","v":6.83},7.64,152.80000000000001,{"$f":"IF(C863=0,\"\",VLOOKUP(C863,BNCDADOS!$A:$G,6,0))","v":6.83},8.02,160.4,{"$f":"'MC - MATERIAL ADUTORA - 1-3'!M105","v":20}]
["3.9.6.11",{"$f":"IF(C864=0,\"\",VLOOKUP(C864,BNCDADOS!$A:$H,8,0))","v":0},"FF95",{"$f":"IF(C864=0,\"\",VLOOKUP(C864,BNCDADOS!$A:$G,2,0))","v":"ARRUELA DE BORRACHA PARA FLANGES, DN 150MM"},{"$f":"IF(C864=0,\"\",VLOOKUP(C864,BNCDADOS!$A:$G,3,0))","v":"UN "},27,{"$f":"IF(C864=0,\"\",VLOOKUP(C864,BNCDADOS!$A:$G,4,0))","v":8.31},9.3000000000000007,251.1,{"$f":"IF(C864=0,\"\",VLOOKUP(C864,BNCDADOS!$A:$G,6,0))","v":8.31},9.76,263.52,{"$f":"'MC - MATERIAL ADUTORA - 1-3'!M106","v":27}]
["3.9.6.12",{"$f":"IF(C865=0,\"\",VLOOKUP(C865,BNCDADOS!$A:$H,8,0))","v":0},"FF96",{"$f":"IF(C865=0,\"\",VLOOKUP(C865,BNCDADOS!$A:$G,2,0))","v":"ARRUELA DE BORRACHA PARA FLANGES, DN 200MM"},{"$f":"IF(C865=0,\"\",VLOOKUP(C865,BNCDADOS!$A:$G,3,0))","v":"UN "},19,{"$f":"IF(C865=0,\"\",VLOOKUP(C865,BNCDADOS!$A:$G,4,0))","v":11.23},12.57,238.83,{"$f":"IF(C865=0,\"\",VLOOKUP(C865,BNCDADOS!$A:$G,6,0))","v":11.23},13.19,250.61,{"$f":"'MC - MATERIAL ADUTORA - 1-3'!M107","v":19}]
[null,{"$f":"IF(C866=0,\"\",VLOOKUP(C866,[142]BNCDADOS!$A:$H,8,0))","v":""},null,{"$f":"IF(C866=0,\"\",VLOOKUP(C866,[142]BNCDADOS!$A:$G,2,0))","v":""},{"$f":"IF(C866=0,\"\",VLOOKUP(C866,[142]BNCDADOS!$A:$G,3,0))","v":""},0,{"$f":"IF(C866=0,\"\",VLOOKUP(C866,[142]BNCDADOS!$A:$G,4,0))","v":""},{"$f":"IF(C866=0,\"\",VLOOKUP(C866,[142]BNCDADOS!$A:$G,5,0))","v":""},{"$f":"IF(H866=\"\",0,TRUNC(H866*F866,2))","v":0},{"$f":"IF(C866=0,\"\",VLOOKUP(C866,[142]BNCDADOS!$A:$G,6,0))","v":""},{"$f":"IF(C866=0,\"\",VLOOKUP(C866,[142]BNCDADOS!$A:$G,7,0))","v":""},{"$f":"IF(K866=\"\",0,TRUNC(K866*F866,2))","v":0}]
["3.10",null,null,"EQUIPAMENTOS_TRECHO 02 - ETA A MONTANHAS",{"$nulls":4},{"$f":"SUM(I868,I873)","v":5564717.6200000001},null,null,{"$f":"SUM(L868,L873)","v":5836991.2800000003}]
["3.10.1",{"$f":"IF(C868=0,\"\",VLOOKUP(C868,[142]BNCDADOS!$A:$G,8,0))","v":""},null,"EQUIPAMENTO MECÂNICOS",{"$f":"IF(C868=0,\"\",VLOOKUP(C868,[142]BNCDADOS!$A:$G,3,0))","v":""},null,{"$f":"IF(C868=0,\"\",VLOOKUP(C868,[142]BNCDADOS!$A:$G,4,0))","v":""},{"$f":"IF(C868=0,\"\",VLOOKUP(C868,[142]BNCDADOS!$A:$G,5,0))","v":""},{"$f":"SUM(I870:I872)","v":4852517.32},{"$f":"IF(C868=0,\"\",VLOOKUP(C868,[142]BNCDADOS!$A:$G,6,0))","v":""},{"$f":"IF(C868=0,\"\",VLOOKUP(C868,[142]BNCDADOS!$A:$G,7,0))","v":""},{"$f":"SUM(L870:L872)","v":5089944.04},0]
[null,{"$f":"IF(C869=0,\"\",VLOOKUP(C869,[142]BNCDADOS!$A:$G,8,0))","v":""},null,"EEAT 01 - PEDRO VELHO",{"$f":"IF(C869=0,\"\",VLOOKUP(C869,[142]BNCDADOS!$A:$G,3,0))","v":""},{"$f":"TRUNC(M869,2)","v":0},{"$f":"IF(C869=0,\"\",VLOOKUP(C869,[142]BNCDADOS!$A:$G,4,0))","v":""}]
["3.10.1.1",{"$f":"IF(C870=0,\"\",VLOOKUP(C870,BNCDADOS!$A:$H,8,0))","v":0},"B03",{"$f":"IF(C870=0,\"\",VLOOKUP(C870,BNCDADOS!$A:$G,2,0))","v":"BOMBA CENTRÍFUGA DE EIXO HORIZONTAL, Q=264,9 L/S, AMT=108,96 mca (EEAT-PEDRO VELHO)"},{"$f":"IF(C870=0,\"\",VLOOKUP(C870,BNCDADOS!$A:$G,3,0))","v":"UN "},4,{"$f":"IF(C870=0,\"\",VLOOKUP(C870,BNCDADOS!$A:$G,4,0))","v":713692.94},{"$f":"TRUNC(G870*(1+$I$5),2)","v":799336.09},{"$f":"IF(H870=\"\",0,TRUNC(H870*F870,2))","v":3197344.36},{"$f":"IF(C870=0,\"\",VLOOKUP(C870,BNCDADOS!$A:$G,6,0))","v":713692.94},{"$f":"TRUNC(J870*(1+$L$5),2)","v":838446.46},{"$f":"IF(K870=\"\",0,TRUNC(K870*F870,2))","v":3353785.84},4]
[null,{"$f":"IF(C871=0,\"\",VLOOKUP(C871,[142]BNCDADOS!$A:$G,8,0))","v":""},null,"EEAT 02 - MONTANHAS",{"$f":"IF(C871=0,\"\",VLOOKUP(C871,[142]BNCDADOS!$A:$G,3,0))","v":""},{"$f":"TRUNC(M871,2)","v":0},{"$f":"IF(C871=0,\"\",VLOOKUP(C871,[142]BNCDADOS!$A:$G,4,0))","v":""}]
["3.10.1.2",{"$f":"IF(C872=0,\"\",VLOOKUP(C872,BNCDADOS!$A:$H,8,0))","v":0},"B04",{"$f":"IF(C872=0,\"\",VLOOKUP(C872,BNCDADOS!$A:$G,2,0))","v":"BOMBA CENTRÍFUGA DE EIXO HORIZONTAL, Q=240,47 L/S, AMT=94,77 mca (EEAT-MONTANHAS)"},{"$f":"IF(C872=0,\"\",VLOOKUP(C872,BNCDADOS!$A:$G,3,0))","v":"UN "},3,{"$f":"IF(C872=0,\"\",VLOOKUP(C872,BNCDADOS!$A:$G,4,0))","v":492611},{"$f":"TRUNC(G872*(1+$I$5),2)","v":551724.31999999995},{"$f":"IF(H872=\"\",0,TRUNC(H872*F872,2))","v":1655172.96},{"$f":"IF(C872=0,\"\",VLOOKUP(C872,BNCDADOS!$A:$G,6,0))","v":492611},{"$f":"TRUNC(J872*(1+$L$5),2)","v":578719.4},{"$f":"IF(K872=\"\",0,TRUNC(K872*F872,2))","v":1736158.2},3]
["3.10.2",{"$f":"IF(C873=0,\"\",VLOOKUP(C873,[142]BNCDADOS!$A:$G,8,0))","v":""},null,"EQUIPAMENTO ELÉTRICOS",{"$f":"IF(C873=0,\"\",VLOOKUP(C873,[142]BNCDADOS!$A:$G,3,0))","v":""},null,{"$f":"IF(C873=0,\"\",VLOOKUP(C873,[142]BNCDADOS!$A:$G,4,0))","v":""},{"$f":"IF(C873=0,\"\",VLOOKUP(C873,[142]BNCDADOS!$A:$G,5,0))","v":""},{"$f":"SUM(I875:I879)","v":712200.29999999993},{"$f":"IF(C873=0,\"\",VLOOKUP(C873,[142]BNCDADOS!$A:$G,6,0))","v":""},{"$f":"IF(C873=0,\"\",VLOOKUP(C873,[142]BNCDADOS!$A:$G,7,0))","v":""},{"$f":"SUM(L875:L879)","v":747047.24},0]
[null,{"$f":"IF(C874=0,\"\",VLOOKUP(C874,[142]BNCDADOS!$A:$G,8,0))","v":""},null,"EEAT 01 - PEDRO VELHO",{"$f":"IF(C874=0,\"\",VLOOKUP(C874,[142]BNCDADOS!$A:$G,3,0))","v":""},{"$f":"TRUNC(M874,2)","v":0},{"$f":"IF(C874=0,\"\",VLOOKUP(C874,[142]BNCDADOS!$A:$G,4,0))","v":""}]
["3.10.2.1",{"$f":"IF(C875=0,\"\",VLOOKUP(C875,BNCDADOS!$A:$H,8,0))","v":0},"QC03",{"$f":"IF(C875=0,\"\",VLOOKUP(C875,BNCDADOS!$A:$G,2,0))","v":"QUADRO DE COMANDO, C/ SISTEMA DE VARIACAO DE VELOCIDADE, TIPO INVERSOR DE FREQUENCIA, P/ QUARO MOTORES TRIFASICOS DE 550 CV, 380V, SENDO O ESQUEMA 3+1"},{"$f":"IF(C875=0,\"\",VLOOKUP(C875,BNCDADOS!$A:$G,3,0))","v":"UN "},1,{"$f":"IF(C875=0,\"\",VLOOKUP(C875,BNCDADOS!$A:$G,4,0))","v":255391.45},{"$f":"TRUNC(G875*(1+$I$5),2)","v":286038.42},{"$f":"IF(H875=\"\",0,TRUNC(H875*F875,2))","v":286038.42},{"$f":"IF(C875=0,\"\",VLOOKUP(C875,BNCDADOS!$A:$G,6,0))","v":255391.45},{"$f":"TRUNC(J875*(1+$L$5),2)","v":300033.87},{"$f":"IF(K875=\"\",0,TRUNC(K875*F875,2))","v":300033.87},1]
["3.10.2.2",{"$f":"IF(C876=0,\"\",VLOOKUP(C876,BNCDADOS!$A:$H,8,0))","v":0},"TRF02",{"$f":"IF(C876=0,\"\",VLOOKUP(C876,BNCDADOS!$A:$G,2,0))","v":"TRANSFORMADOR TRIFÁSICO A ÓLEO, 750KVA-13.8KV-380/220V- Y-60Hz"},{"$f":"IF(C876=0,\"\",VLOOKUP(C876,BNCDADOS!$A:$G,3,0))","v":"UN "},2,{"$f":"IF(C876=0,\"\",VLOOKUP(C876,BNCDADOS!$A:$G,4,0))","v":74100},82992,165984,{"$f":"IF(C876=0,\"\",VLOOKUP(C876,BNCDADOS!$A:$G,6,0))","v":74100},87052.68,174105.36,2]
[null,{"$f":"IF(C877=0,\"\",VLOOKUP(C877,[142]BNCDADOS!$A:$G,8,0))","v":""},null,"EEAT 02 - MONTANHAS",{"$f":"IF(C877=0,\"\",VLOOKUP(C877,[142]BNCDADOS!$A:$G,3,0))","v":""},{"$f":"TRUNC(M877,2)","v":0},{"$f":"IF(C877=0,\"\",VLOOKUP(C877,[142]BNCDADOS!$A:$G,4,0))","v":""}]
["3.10.2.3",{"$f":"IF(C878=0,\"\",VLOOKUP(C878,BNCDADOS!$A:$H,8,0))","v":0},"QC04",{"$f":"IF(C878=0,\"\",VLOOKUP(C878,BNCDADOS!$A:$G,2,0))","v":"QUADRO DE COMANDO, C/ SISTEMA DE VARIACAO DE VELOCIDADE, TIPO INVERSOR DE FREQUENCIA, P/ QUARO MOTORES TRIFASICOS DE 450 CV, 380V, SENDO O ESQUEMA 3+1"},{"$f":"IF(C878=0,\"\",VLOOKUP(C878,BNCDADOS!$A:$G,3,0))","v":"UN "},{"$f":"TRUNC(M878,2)","v":1},{"$f":"IF(C878=0,\"\",VLOOKUP(C878,BNCDADOS!$A:$G,4,0))","v":159671.25},{"$f":"TRUNC(G878*(1+$I$5),2)","v":178831.8},{"$f":"IF(H878=\"\",0,TRUNC(H878*F878,2))","v":178831.8},{"$f":"IF(C878=0,\"\",VLOOKUP(C878,BNCDADOS!$A:$G,6,0))","v":159671.25},{"$f":"TRUNC(J878*(1+$L$5),2)","v":187581.78},{"$f":"IF(K878=\"\",0,TRUNC(K878*F878,2))","v":187581.78},1]
["3.108.2.4",{"$f":"IF(C879=0,\"\",VLOOKUP(C879,BNCDADOS!$A:$H,8,0))","v":0},"TRF01",{"$f":"IF(C879=0,\"\",VLOOKUP(C879,BNCDADOS!$A:$G,2,0))","v":"TRANSFORMADOR TRIFÁSICO A ÓLEO, 500KVA-13.8KV-380/220V- Y-60Hz"},{"$f":"IF(C879=0,\"\",VLOOKUP(C879,BNCDADOS!$A:$G,3,0))","v":"UN "},1,{"$f":"IF(C879=0,\"\",VLOOKUP(C879,BNCDADOS!$A:$G,4,0))","v":72630.433333333334},81346.080000000002,81346.080000000002,{"$f":"IF(C879=0,\"\",VLOOKUP(C879,BNCDADOS!$A:$G,6,0))","v":72630.433333333334},85326.23,85326.23,1]
[null,{"$f":"IF(C880=0,\"\",VLOOKUP(C880,[142]BNCDADOS!$A:$H,8,0))","v":""},null,{"$f":"IF(C880=0,\"\",VLOOKUP(C880,[142]BNCDADOS!$A:$G,2,0))","v":""},{"$f":"IF(C880=0,\"\",VLOOKUP(C880,[142]BNCDADOS!$A:$G,3,0))","v":""},{"$f":"TRUNC(M880,2)","v":0},{"$f":"IF(C880=0,\"\",VLOOKUP(C880,[142]BNCDADOS!$A:$G,4,0))","v":""},{"$f":"IF(C880=0,\"\",VLOOKUP(C880,[142]BNCDADOS!$A:$G,5,0))","v":""},{"$f":"IF(H880=\"\",0,TRUNC(H880*F880,2))","v":0},{"$f":"IF(C880=0,\"\",VLOOKUP(C880,[142]BNCDADOS!$A:$G,6,0))","v":""},{"$f":"IF(C880=0,\"\",VLOOKUP(C880,[142]BNCDADOS!$A:$G,7,0))","v":""},{"$f":"IF(K880=\"\",0,TRUNC(K880*F880,2))","v":0}]
["4.",null,null,"TRECHO 03 - MONTANHAS À NOVA CRUZ",{"$nulls":4},{"$f":"SUM(I882,I948,I1126,I915,I1053,I1163)","v":55448147.190000013},null,null,{"$f":"SUM(L882,L948,L1126,L915,L1053,L1163)","v":57713764.300000004}]
["4.1",null,null,"SERVIÇOS_ADUTORA",{"$nulls":4},{"$f":"SUM(I883,I890,I899,I907,I911)","v":7694437.8099999996},null,null,{"$f":"SUM(L883,L890,L899,L907,L911)","v":7799564.2000000002}]
["4.1.1",{"$f":"IF(C883=0,\"\",VLOOKUP(C883,[142]BNCDADOS!$A:$G,8,0))","v":""},null,"SERVIÇOS PRELIMINARES",{"$f":"IF(C883=0,\"\",VLOOKUP(C883,[142]BNCDADOS!$A:$G,3,0))","v":""},{"$f":"TRUNC(M883,2)","v":0},{"$f":"IF(C883=0,\"\",VLOOKUP(C883,[142]BNCDADOS!$A:$G,4,0))","v":""},{"$f":"IF(C883=0,\"\",VLOOKUP(C883,[142]BNCDADOS!$A:$G,5,0))","v":""},{"$f":"SUM(I884:I889)","v":393502.27999999997},{"$f":"IF(C883=0,\"\",VLOOKUP(C883,[142]BNCDADOS!$A:$G,6,0))","v":""},{"$f":"IF(C883=0,\"\",VLOOKUP(C883,[142]BNCDADOS!$A:$G,7,0))","v":""},{"$f":"SUM(L884:L889)","v":393823.16}]
["4.1.1.1",{"$f":"IF(C884=0,\"\",VLOOKUP(C884,BNCDADOS!$A:$H,8,0))","v":"caern"},2010050,{"$f":"IF(C884=0,\"\",VLOOKUP(C884,BNCDADOS!$A:$G,2,0))","v":"LOCAÇÃO DE ADUTORAS, COLETORES TRONCO E INTERCEPTORES - COM AUXÍLIO DE EQUIPAMENTO TOPOGRÁFICO. R_11/2018"},{"$f":"IF(C884=0,\"\",VLOOKUP(C884,BNCDADOS!$A:$G,3,0))","v":"M"},18363.73,{"$f":"IF(C884=0,\"\",VLOOKUP(C884,BNCDADOS!$A:$G,4,0))","v":2.56},{"$f":"IF(C884=0,\"\",VLOOKUP(C884,BNCDADOS!$A:$G,5,0))","v":3.16},{"$f":"IF(H884=\"\",0,TRUNC(H884*F884,2))","v":58029.38},{"$f":"IF(C884=0,\"\",VLOOKUP(C884,BNCDADOS!$A:$G,6,0))","v":2.2400000000000002},{"$f":"IF(C884=0,\"\",VLOOKUP(C884,BNCDADOS!$A:$G,7,0))","v":2.91},{"$f":"IF(K884=\"\",0,TRUNC(K884*F884,2))","v":53438.45},{"$f":"SUMIF('MC - TRECHO 03'!A:A,Orçamento!A884,'MC - TRECHO 03'!R:R)","v":18363.73}]
["4.1.1.2",{"$f":"IF(C885=0,\"\",VLOOKUP(C885,BNCDADOS!$A:$H,8,0))","v":"SINAPI/RN\nSERVIÇO"},98525,{"$f":"IF(C885=0,\"\",VLOOKUP(C885,BNCDADOS!$A:$G,2,0))","v":"LIMPEZA MECANIZADA DE CAMADA VEGETAL, VEGETAÇÃO E PEQUENAS ÁRVORES (DIÂMETRO DE TRONCO MENOR QUE 0,20 M), COM TRATOR DE ESTEIRAS. AF_03/2024"},{"$f":"IF(C885=0,\"\",VLOOKUP(C885,BNCDADOS!$A:$G,3,0))","v":"M2"},108346.01,{"$f":"IF(C885=0,\"\",VLOOKUP(C885,BNCDADOS!$A:$G,4,0))","v":"0,61"},{"$f":"IF(C885=0,\"\",VLOOKUP(C885,BNCDADOS!$A:$G,5,0))","v":0.75},81259.5,{"$f":"IF(C885=0,\"\",VLOOKUP(C885,BNCDADOS!$A:$G,6,0))","v":"0,58"},{"$f":"IF(C885=0,\"\",VLOOKUP(C885,BNCDADOS!$A:$G,7,0))","v":0.75},81259.5,{"$f":"SUMIF('MC - TRECHO 03'!A:A,Orçamento!A885,'MC - TRECHO 03'!R:R)","v":108346.01}]
["4.1.1.3",{"$f":"IF(C886=0,\"\",VLOOKUP(C886,BNCDADOS!$A:$H,8,0))","v":"caern"},2010053,{"$f":"IF(C886=0,\"\",VLOOKUP(C886,BNCDADOS!$A:$G,2,0))","v":"SINALIZAÇÃO DE OBRA COM TELA TAPUME, COR LARANJA, COM SUPORTE A CADA 2M E PLACA DE SINALIZAÇÃO SOBRE CAVALETE. INC_11/2019"},{"$f":"IF(C886=0,\"\",VLOOKUP(C886,BNCDADOS!$A:$G,3,0))","v":"M"},36727.46,{"$f":"IF(C886=0,\"\",VLOOKUP(C886,BNCDADOS!$A:$G,4,0))","v":4.54},{"$f":"IF(C886=0,\"\",VLOOKUP(C886,BNCDADOS!$A:$G,5,0))","v":5.61},206041.05,{"$f":"IF(C886=0,\"\",VLOOKUP(C886,BNCDADOS!$A:$G,6,0))","v":4.3899999999999997},{"$f":"IF(C886=0,\"\",VLOOKUP(C886,BNCDADOS!$A:$G,7,0))","v":5.7},209346.52,{"$f":"SUMIF('MC - TRECHO 03'!A:A,Orçamento!A886,'MC - TRECHO 03'!R:R)","v":36727.46}]
["4.1.1.4",{"$f":"IF(C887=0,\"\",VLOOKUP(C887,BNCDADOS!$A:$H,8,0))","v":"SINAPI/RN\nSERVIÇO"},97054,{"$f":"IF(C887=0,\"\",VLOOKUP(C887,BNCDADOS!$A:$G,2,0))","v":"INSTALAÇÃO DE SINALIZADOR NOTURNO LED. AF_03/2024"},{"$f":"IF(C887=0,\"\",VLOOKUP(C887,BNCDADOS!$A:$G,3,0))","v":"UN"},366,{"$f":"IF(C887=0,\"\",VLOOKUP(C887,BNCDADOS!$A:$G,4,0))","v":"28,12"},{"$f":"IF(C887=0,\"\",VLOOKUP(C887,BNCDADOS!$A:$G,5,0))","v":34.78},12729.48,{"$f":"IF(C887=0,\"\",VLOOKUP(C887,BNCDADOS!$A:$G,6,0))","v":"27,08"},{"$f":"IF(C887=0,\"\",VLOOKUP(C887,BNCDADOS!$A:$G,7,0))","v":35.19},12879.54,{"$f":"SUMIF('MC - TRECHO 03'!A:A,Orçamento!A887,'MC - TRECHO 03'!R:R)","v":366}]
["4.1.1.5",{"$f":"IF(C888=0,\"\",VLOOKUP(C888,BNCDADOS!$A:$H,8,0))","v":"caern"},2010037,{"$f":"IF(C888=0,\"\",VLOOKUP(C888,BNCDADOS!$A:$G,2,0))","v":"SONDAGEM DE INTERFERÊNCIA, ESCAVAÇÃO MANUAL DE VALA DE 0,60M ATÉ 1,30M, EM RUAS SEM PAVIMENTAÇÃO"},{"$f":"IF(C888=0,\"\",VLOOKUP(C888,BNCDADOS!$A:$G,3,0))","v":"M"},27.55,{"$f":"IF(C888=0,\"\",VLOOKUP(C888,BNCDADOS!$A:$G,4,0))","v":89.34},{"$f":"IF(C888=0,\"\",VLOOKUP(C888,BNCDADOS!$A:$G,5,0))","v":110.5},3044.27,{"$f":"IF(C888=0,\"\",VLOOKUP(C888,BNCDADOS!$A:$G,6,0))","v":80.78},{"$f":"IF(C888=0,\"\",VLOOKUP(C888,BNCDADOS!$A:$G,7,0))","v":104.98},2892.19,{"$f":"SUMIF('MC - TRECHO 03'!A:A,Orçamento!A888,'MC - TRECHO 03'!R:R)","v":27.55}]
["4.1.1.6",{"$f":"IF(C889=0,\"\",VLOOKUP(C889,BNCDADOS!$A:$H,8,0))","v":0},"COMP 01",{"$f":"IF(C889=0,\"\",VLOOKUP(C889,BNCDADOS!$A:$G,2,0))","v":"CANTEIRO ITINERANTE COMPOSTO DE TOLDO, CONJUNTO DE MESA E CADEIRAS E BANHEIRO QUÍMICO COM LIMPEZA DIÁRIA INCLUSO COLETA E DESTINAÇÃO FINAL DE EFLUENTES"},{"$f":"IF(C889=0,\"\",VLOOKUP(C889,BNCDADOS!$A:$G,3,0))","v":"UN"},{"$f":"TRUNC(M889,2)","v":26},{"$f":"IF(C889=0,\"\",VLOOKUP(C889,BNCDADOS!$A:$G,4,0))","v":1007.4399999999999},{"$f":"IF(C889=0,\"\",VLOOKUP(C889,BNCDADOS!$A:$G,5,0))","v":1246.0999999999999},{"$f":"IF(H889=\"\",0,TRUNC(H889*F889,2))","v":32398.6},{"$f":"IF(C889=0,\"\",VLOOKUP(C889,BNCDADOS!$A:$G,6,0))","v":1006.4399999999999},{"$f":"IF(C889=0,\"\",VLOOKUP(C889,BNCDADOS!$A:$G,7,0))","v":1307.96},{"$f":"IF(K889=\"\",0,TRUNC(K889*F889,2))","v":34006.959999999999},{"$f":"SUMIF('MC - TRECHO 03'!A:A,Orçamento!A889,'MC - TRECHO 03'!R:R)","v":26}]
["4.1.2",{"$f":"IF(C890=0,\"\",VLOOKUP(C890,[142]BNCDADOS!$A:$G,8,0))","v":""},null,"MOVIMENTO DE TERRA",{"$f":"IF(C890=0,\"\",VLOOKUP(C890,[142]BNCDADOS!$A:$G,3,0))","v":""},0,{"$f":"IF(C890=0,\"\",VLOOKUP(C890,[142]BNCDADOS!$A:$G,4,0))","v":""},{"$f":"IF(C890=0,\"\",VLOOKUP(C890,[142]BNCDADOS!$A:$G,5,0))","v":""},{"$f":"SUM(I891:I898)","v":4889610.709999999},{"$f":"IF(C890=0,\"\",VLOOKUP(C890,[142]BNCDADOS!$A:$G,6,0))","v":""},{"$f":"IF(C890=0,\"\",VLOOKUP(C890,[142]BNCDADOS!$A:$G,7,0))","v":""},{"$f":"SUM(L891:L898)","v":4975201.72}]
["4.1.2.1",{"$f":"IF(C891=0,\"\",VLOOKUP(C891,BNCDADOS!$A:$H,8,0))","v":0},"COMP 02",{"$f":"IF(C891=0,\"\",VLOOKUP(C891,BNCDADOS!$A:$G,2,0))","v":"ESCAVAÇÃO MANUAL DE VALA COM PROFUNDIDADE MENOR OU IGUAL A 2,00 M"},{"$f":"IF(C891=0,\"\",VLOOKUP(C891,BNCDADOS!$A:$G,3,0))","v":"M³"},607.1,{"$f":"IF(C891=0,\"\",VLOOKUP(C891,BNCDADOS!$A:$G,4,0))","v":81.489999999999995},{"$f":"IF(C891=0,\"\",VLOOKUP(C891,BNCDADOS!$A:$G,5,0))","v":100.79},{"$f":"IF(H891=\"\",0,TRUNC(H891*F891,2))","v":61189.599999999999},{"$f":"IF(C891=0,\"\",VLOOKUP(C891,BNCDADOS!$A:$G,6,0))","v":73.58},{"$f":"IF(C891=0,\"\",VLOOKUP(C891,BNCDADOS!$A:$G,7,0))","v":95.62},{"$f":"IF(K891=\"\",0,TRUNC(K891*F891,2))","v":58050.9},{"$f":"SUMIF('MC - TRECHO 03'!A:A,Orçamento!A891,'MC - TRECHO 03'!R:R)","v":607.1}]
["4.1.2.2",{"$f":"IF(C892=0,\"\",VLOOKUP(C892,BNCDADOS!$A:$H,8,0))","v":"SINAPI/RN\nSERVIÇO"},90092,{"$f":"IF(C892=0,\"\",VLOOKUP(C892,BNCDADOS!$A:$G,2,0))","v":"ESCAVAÇÃO MECANIZADA DE VALA COM PROF. MAIOR QUE 1,5 M E ATÉ 3,0 M(MÉDIA MONTANTE E JUSANTE/UMA COMPOSIÇÃO POR TRECHO), ESCAVADEIRA (0,8 M3), LARG. MENOR QUE 1,5 M, EM SOLO DE 1A CATEGORIA, LOCAIS COM BAIXO NÍVEL DE INTERFERÊNCIA. AF_02/2021"},{"$f":"IF(C892=0,\"\",VLOOKUP(C892,BNCDADOS!$A:$G,3,0))","v":"M3"},50996.81,{"$f":"IF(C892=0,\"\",VLOOKUP(C892,BNCDADOS!$A:$G,4,0))","v":"6,17"},{"$f":"IF(C892=0,\"\",VLOOKUP(C892,BNCDADOS!$A:$G,5,0))","v":7.63},389105.66,{"$f":"IF(C892=0,\"\",VLOOKUP(C892,BNCDADOS!$A:$G,6,0))","v":"5,95"},{"$f":"IF(C892=0,\"\",VLOOKUP(C892,BNCDADOS!$A:$G,7,0))","v":7.73},394205.34,{"$f":"SUMIF('MC - TRECHO 03'!A:A,Orçamento!A892,'MC - TRECHO 03'!R:R)","v":50996.81}]
["4.1.2.3",{"$f":"IF(C893=0,\"\",VLOOKUP(C893,BNCDADOS!$A:$H,8,0))","v":"SINAPI/RN\nSERVIÇO"},102319,{"$f":"IF(C893=0,\"\",VLOOKUP(C893,BNCDADOS!$A:$G,2,0))","v":"ESCAVAÇÃO MECANIZADA DE VALA COM PROF. MAIOR QUE 1,5 M ATÉ 3,0 M (MÉDIA MONTANTE E JUSANTE/UMA COMPOSIÇÃO POR TRECHO),COM ESCAVADEIRA (1,2 M3),LARG. DE 1,5 M A 2,5 M, EM SOLO DE 2A CATEGORIA, LOCAIS COM BAIXO NÍVEL DE INTERFERÊNCIA. AF_02/2021"},{"$f":"IF(C893=0,\"\",VLOOKUP(C893,BNCDADOS!$A:$G,3,0))","v":"M3"},9106.57,{"$f":"IF(C893=0,\"\",VLOOKUP(C893,BNCDADOS!$A:$G,4,0))","v":"6,94"},{"$f":"IF(C893=0,\"\",VLOOKUP(C893,BNCDADOS!$A:$G,5,0))","v":8.58},78134.37,{"$f":"IF(C893=0,\"\",VLOOKUP(C893,BNCDADOS!$A:$G,6,0))","v":"6,73"},{"$f":"IF(C893=0,\"\",VLOOKUP(C893,BNCDADOS!$A:$G,7,0))","v":8.74},79591.42,{"$f":"SUMIF('MC - TRECHO 03'!A:A,Orçamento!A893,'MC - TRECHO 03'!R:R)","v":9106.57}]
["4.1.2.4",{"$f":"IF(C894=0,\"\",VLOOKUP(C894,BNCDADOS!$A:$H,8,0))","v":"SINAPI/RN\nSERVIÇO"},101625,{"$f":"IF(C894=0,\"\",VLOOKUP(C894,BNCDADOS!$A:$G,2,0))","v":"PREPARO DE FUNDO DE VALA COM LARGURA MAIOR OU IGUAL A 1,5 M E MENOR QUE 2,5 M, COM CAMADA DE AREIA, LANÇAMENTO MECANIZADO. AF_08/2020"},{"$f":"IF(C894=0,\"\",VLOOKUP(C894,BNCDADOS!$A:$G,3,0))","v":"M3"},2442.38,{"$f":"IF(C894=0,\"\",VLOOKUP(C894,BNCDADOS!$A:$G,4,0))","v":"155,31"},{"$f":"IF(C894=0,\"\",VLOOKUP(C894,BNCDADOS!$A:$G,5,0))","v":192.1},469181.19,{"$f":"IF(C894=0,\"\",VLOOKUP(C894,BNCDADOS!$A:$G,6,0))","v":"151,04"},{"$f":"IF(C894=0,\"\",VLOOKUP(C894,BNCDADOS!$A:$G,7,0))","v":196.29},479414.77,{"$f":"SUMIF('MC - TRECHO 03'!A:A,Orçamento!A894,'MC - TRECHO 03'!R:R)","v":2442.38}]
["4.1.2.5",{"$f":"IF(C895=0,\"\",VLOOKUP(C895,BNCDADOS!$A:$H,8,0))","v":"caern"},2040105,{"$f":"IF(C895=0,\"\",VLOOKUP(C895,BNCDADOS!$A:$G,2,0))","v":"ESCORAMENTO DE VALA, TIPO BLINDAGEM, COM PROFUNDIDADE DE 1,5 A 3,0 M, LARGURA MAIOR OU IGUAL A 1,5 M E MENOR QUE 2,50 M - EXECUÇÃO E FORNECIMENTO, INCLUI MATERIAL. R_11/2020"},{"$f":"IF(C895=0,\"\",VLOOKUP(C895,BNCDADOS!$A:$G,3,0))","v":"M²"},63905.78,{"$f":"IF(C895=0,\"\",VLOOKUP(C895,BNCDADOS!$A:$G,4,0))","v":22.549999999999997},{"$f":"IF(C895=0,\"\",VLOOKUP(C895,BNCDADOS!$A:$G,5,0))","v":27.89},1782332.2,{"$f":"IF(C895=0,\"\",VLOOKUP(C895,BNCDADOS!$A:$G,6,0))","v":21.51},{"$f":"IF(C895=0,\"\",VLOOKUP(C895,BNCDADOS!$A:$G,7,0))","v":27.95},1786166.55,{"$f":"SUMIF('MC - TRECHO 03'!A:A,Orçamento!A895,'MC - TRECHO 03'!R:R)","v":63905.78}]
["4.1.2.6",{"$f":"IF(C896=0,\"\",VLOOKUP(C896,BNCDADOS!$A:$H,8,0))","v":"SINAPI/RN\nSERVIÇO"},94306,{"$f":"IF(C896=0,\"\",VLOOKUP(C896,BNCDADOS!$A:$G,2,0))","v":"ATERRO MECANIZADO DE VALA COM ESCAVADEIRA HIDRÁULICA (CAPACIDADE DA CAÇAMBA: 0,8 M³ / POTÊNCIA: 111 HP), LARGURA ATÉ 2,5 M, PROFUNDIDADE DE 1,5 A 3,0 M, COM SOLO ARGILO-ARENOSO. AF_08/2023"},{"$f":"IF(C896=0,\"\",VLOOKUP(C896,BNCDADOS!$A:$G,3,0))","v":"M3"},17356.57,{"$f":"IF(C896=0,\"\",VLOOKUP(C896,BNCDADOS!$A:$G,4,0))","v":"68,70"},{"$f":"IF(C896=0,\"\",VLOOKUP(C896,BNCDADOS!$A:$G,5,0))","v":84.97},1474787.75,{"$f":"IF(C896=0,\"\",VLOOKUP(C896,BNCDADOS!$A:$G,6,0))","v":"67,93"},{"$f":"IF(C896=0,\"\",VLOOKUP(C896,BNCDADOS!$A:$G,7,0))","v":88.28},1532237.99,{"$f":"SUMIF('MC - TRECHO 03'!A:A,Orçamento!A896,'MC - TRECHO 03'!R:R)","v":17356.57}]
["4.1.2.7",{"$f":"IF(C897=0,\"\",VLOOKUP(C897,BNCDADOS!$A:$H,8,0))","v":"SINAPI/RN\nSERVIÇO"},104730,{"$f":"IF(C897=0,\"\",VLOOKUP(C897,BNCDADOS!$A:$G,2,0))","v":"REATERRO MECANIZADO DE VALA COM ESCAVADEIRA HIDRÁULICA (CAPACIDADE DA CAÇAMBA: 0,8 M³/POTÊNCIA: 111 HP), LARGURA DE 1,5 A 2,5 M, PROFUNDIDADE DE 1,5 A 3,0 M, COM SOLO (SEM SUBSTITUIÇÃO) DE 1ª CATEGORIA, COM PLACA VIBRATÓRIA. AF_08/2023"},{"$f":"IF(C897=0,\"\",VLOOKUP(C897,BNCDADOS!$A:$G,3,0))","v":"M3"},36286.730000000003,{"$f":"IF(C897=0,\"\",VLOOKUP(C897,BNCDADOS!$A:$G,4,0))","v":"13,03"},{"$f":"IF(C897=0,\"\",VLOOKUP(C897,BNCDADOS!$A:$G,5,0))","v":16.11},584579.22,{"$f":"IF(C897=0,\"\",VLOOKUP(C897,BNCDADOS!$A:$G,6,0))","v":"12,61"},{"$f":"IF(C897=0,\"\",VLOOKUP(C897,BNCDADOS!$A:$G,7,0))","v":16.38},594376.63,{"$f":"SUMIF('MC - TRECHO 03'!A:A,Orçamento!A897,'MC - TRECHO 03'!R:R)","v":36286.730000000003}]
["4.1.2.8",{"$f":"IF(C898=0,\"\",VLOOKUP(C898,BNCDADOS!$A:$H,8,0))","v":"SINAPI/RN\nSERVIÇO"},100574,{"$f":"IF(C898=0,\"\",VLOOKUP(C898,BNCDADOS!$A:$G,2,0))","v":"ESPALHAMENTO DE MATERIAL COM TRATOR DE ESTEIRAS. AF_11/2019"},{"$f":"IF(C898=0,\"\",VLOOKUP(C898,BNCDADOS!$A:$G,3,0))","v":"M3"},28579.96,{"$f":"IF(C898=0,\"\",VLOOKUP(C898,BNCDADOS!$A:$G,4,0))","v":"1,43"},{"$f":"IF(C898=0,\"\",VLOOKUP(C898,BNCDADOS!$A:$G,5,0))","v":1.76},50300.72,{"$f":"IF(C898=0,\"\",VLOOKUP(C898,BNCDADOS!$A:$G,6,0))","v":"1,38"},{"$f":"IF(C898=0,\"\",VLOOKUP(C898,BNCDADOS!$A:$G,7,0))","v":1.79},51158.12,{"$f":"SUMIF('MC - TRECHO 03'!A:A,Orçamento!A898,'MC - TRECHO 03'!R:R)","v":28579.96}]
["4.1.3",{"$f":"IF(C899=0,\"\",VLOOKUP(C899,[142]BNCDADOS!$A:$G,8,0))","v":""},null,"ASSENTAMENTO E MONTAGEM DOS TUBOS E CONEXÕES",{"$f":"IF(C899=0,\"\",VLOOKUP(C899,[142]BNCDADOS!$A:$G,3,0))","v":""},0,{"$f":"IF(C899=0,\"\",VLOOKUP(C899,[142]BNCDADOS!$A:$G,4,0))","v":""},{"$f":"IF(C899=0,\"\",VLOOKUP(C899,[142]BNCDADOS!$A:$G,5,0))","v":""},{"$f":"SUM(I900:I906)","v":437676.99000000005},{"$f":"IF(C899=0,\"\",VLOOKUP(C899,[142]BNCDADOS!$A:$G,6,0))","v":""},{"$f":"IF(C899=0,\"\",VLOOKUP(C899,[142]BNCDADOS!$A:$G,7,0))","v":""},{"$f":"SUM(L900:L906)","v":432574.67}]
["4.1.3.1",{"$f":"IF(C900=0,\"\",VLOOKUP(C900,BNCDADOS!$A:$H,8,0))","v":"caern"},2060304,{"$f":"IF(C900=0,\"\",VLOOKUP(C900,BNCDADOS!$A:$G,2,0))","v":"ASSENTAMENTO DE TUBO DE PVC DEFOFO OU PRFV OU RPVC, DN 700 MM, JUNTA ELÁSTICA. R_11/2019"},{"$f":"IF(C900=0,\"\",VLOOKUP(C900,BNCDADOS!$A:$G,3,0))","v":"M"},18363.73,{"$f":"IF(C900=0,\"\",VLOOKUP(C900,BNCDADOS!$A:$G,4,0))","v":17.380000000000003},{"$f":"IF(C900=0,\"\",VLOOKUP(C900,BNCDADOS!$A:$G,5,0))","v":21.49},{"$f":"IF(H900=\"\",0,TRUNC(H900*F900,2))","v":394636.55},{"$f":"IF(C900=0,\"\",VLOOKUP(C900,BNCDADOS!$A:$G,6,0))","v":16.34},{"$f":"IF(C900=0,\"\",VLOOKUP(C900,BNCDADOS!$A:$G,7,0))","v":21.23},{"$f":"IF(K900=\"\",0,TRUNC(K900*F900,2))","v":389861.98},{"$f":"SUMIF('MC - TRECHO 03'!A:A,Orçamento!A900,'MC - TRECHO 03'!R:R)","v":18363.73}]
["4.1.3.2",{"$f":"IF(C901=0,\"\",VLOOKUP(C901,BNCDADOS!$A:$H,8,0))","v":"caern"},2060561,{"$f":"IF(C901=0,\"\",VLOOKUP(C901,BNCDADOS!$A:$G,2,0))","v":"ASSENTAMENTO DE CONEXÕES EM FERRO FUNDIDO, JUNTA ELÁSTICA, DIAM.= 700 MM. INC_05/2020"},{"$f":"IF(C901=0,\"\",VLOOKUP(C901,BNCDADOS!$A:$G,3,0))","v":"UN "},117,{"$f":"IF(C901=0,\"\",VLOOKUP(C901,BNCDADOS!$A:$G,4,0))","v":66.150000000000006},{"$f":"IF(C901=0,\"\",VLOOKUP(C901,BNCDADOS!$A:$G,5,0))","v":81.819999999999993},9572.94,{"$f":"IF(C901=0,\"\",VLOOKUP(C901,BNCDADOS!$A:$G,6,0))","v":61.970000000000006},{"$f":"IF(C901=0,\"\",VLOOKUP(C901,BNCDADOS!$A:$G,7,0))","v":80.53},9422.01,{"$f":"SUMIF('MC - TRECHO 03'!A:A,Orçamento!A901,'MC - TRECHO 03'!R:R)","v":117}]
["4.1.3.3",{"$f":"IF(C902=0,\"\",VLOOKUP(C902,BNCDADOS!$A:$H,8,0))","v":"SINAPI/RN\nSERVIÇO"},103107,{"$f":"IF(C902=0,\"\",VLOOKUP(C902,BNCDADOS!$A:$G,2,0))","v":"ASSENTAMENTO DE CONEXÃO COM 2 ACESSOS, FERRO FUNDIDO PARA REDE DE ÁGUA, DN  150 MM, JUNTA FLANGEADA (NÃO INCLUI O FORNECIMENTO). AF_09/2021"},{"$f":"IF(C902=0,\"\",VLOOKUP(C902,BNCDADOS!$A:$G,3,0))","v":"UN"},22,{"$f":"IF(C902=0,\"\",VLOOKUP(C902,BNCDADOS!$A:$G,4,0))","v":"80,78"},{"$f":"IF(C902=0,\"\",VLOOKUP(C902,BNCDADOS!$A:$G,5,0))","v":99.91},2198.02,{"$f":"IF(C902=0,\"\",VLOOKUP(C902,BNCDADOS!$A:$G,6,0))","v":"76,96"},{"$f":"IF(C902=0,\"\",VLOOKUP(C902,BNCDADOS!$A:$G,7,0))","v":100.01},2200.2199999999998,{"$f":"SUMIF('MC - TRECHO 03'!A:A,Orçamento!A902,'MC - TRECHO 03'!R:R)","v":22}]
["4.1.3.4",{"$f":"IF(C903=0,\"\",VLOOKUP(C903,BNCDADOS!$A:$H,8,0))","v":"SINAPI/RN\nSERVIÇO"},103108,{"$f":"IF(C903=0,\"\",VLOOKUP(C903,BNCDADOS!$A:$G,2,0))","v":"ASSENTAMENTO DE CONEXÃO COM 2 ACESSOS, FERRO FUNDIDO PARA REDE DE ÁGUA, DN  200 MM, JUNTA FLANGEADA (NÃO INCLUI O FORNECIMENTO). AF_09/2021"},{"$f":"IF(C903=0,\"\",VLOOKUP(C903,BNCDADOS!$A:$G,3,0))","v":"UN"},40,{"$f":"IF(C903=0,\"\",VLOOKUP(C903,BNCDADOS!$A:$G,4,0))","v":"103,84"},{"$f":"IF(C903=0,\"\",VLOOKUP(C903,BNCDADOS!$A:$G,5,0))","v":128.43},5137.2,{"$f":"IF(C903=0,\"\",VLOOKUP(C903,BNCDADOS!$A:$G,6,0))","v":"98,78"},{"$f":"IF(C903=0,\"\",VLOOKUP(C903,BNCDADOS!$A:$G,7,0))","v":128.37},5134.8,{"$f":"SUMIF('MC - TRECHO 03'!A:A,Orçamento!A903,'MC - TRECHO 03'!R:R)","v":40}]
["4.1.3.5",{"$f":"IF(C904=0,\"\",VLOOKUP(C904,BNCDADOS!$A:$H,8,0))","v":"SINAPI/RN\nSERVIÇO"},103116,{"$f":"IF(C904=0,\"\",VLOOKUP(C904,BNCDADOS!$A:$G,2,0))","v":"ASSENTAMENTO DE CONEXÃO COM 2 ACESSOS, FERRO FUNDIDO PARA REDE DE ÁGUA, DN  700 MM, JUNTA FLANGEADA (NÃO INCLUI O FORNECIMENTO). AF_09/2021"},{"$f":"IF(C904=0,\"\",VLOOKUP(C904,BNCDADOS!$A:$G,3,0))","v":"UN"},40,{"$f":"IF(C904=0,\"\",VLOOKUP(C904,BNCDADOS!$A:$G,4,0))","v":"507,72"},{"$f":"IF(C904=0,\"\",VLOOKUP(C904,BNCDADOS!$A:$G,5,0))","v":627.99},25119.599999999999,{"$f":"IF(C904=0,\"\",VLOOKUP(C904,BNCDADOS!$A:$G,6,0))","v":"480,93"},{"$f":"IF(C904=0,\"\",VLOOKUP(C904,BNCDADOS!$A:$G,7,0))","v":625.01},25000.400000000001,{"$f":"SUMIF('MC - TRECHO 03'!A:A,Orçamento!A904,'MC - TRECHO 03'!R:R)","v":40}]
["4.1.3.6",{"$f":"IF(C905=0,\"\",VLOOKUP(C905,BNCDADOS!$A:$H,8,0))","v":"caern"},2060587,{"$f":"IF(C905=0,\"\",VLOOKUP(C905,BNCDADOS!$A:$G,2,0))","v":"ASSENTAMENTO DE REGISTRO DE GAVETA EM FERRO FUNDIDO COM FLANGES, DIAM. = 50MM A 150MM. INC_05/2020"},{"$f":"IF(C905=0,\"\",VLOOKUP(C905,BNCDADOS!$A:$G,3,0))","v":"UN "},40,{"$f":"IF(C905=0,\"\",VLOOKUP(C905,BNCDADOS!$A:$G,4,0))","v":14.120000000000001},{"$f":"IF(C905=0,\"\",VLOOKUP(C905,BNCDADOS!$A:$G,5,0))","v":17.46},698.4,{"$f":"IF(C905=0,\"\",VLOOKUP(C905,BNCDADOS!$A:$G,6,0))","v":12.68},{"$f":"IF(C905=0,\"\",VLOOKUP(C905,BNCDADOS!$A:$G,7,0))","v":16.47},658.8,{"$f":"SUMIF('MC - TRECHO 03'!A:A,Orçamento!A905,'MC - TRECHO 03'!R:R)","v":40}]
["4.1.3.7",{"$f":"IF(C906=0,\"\",VLOOKUP(C906,BNCDADOS!$A:$H,8,0))","v":"caern"},2060592,{"$f":"IF(C906=0,\"\",VLOOKUP(C906,BNCDADOS!$A:$G,2,0))","v":"ASSENTAMENTO DE VENTOSA EM FERRO FUNDIDO COM FLANGE, DIAM. = 50MM A 150MM. INC_05/2020"},{"$f":"IF(C906=0,\"\",VLOOKUP(C906,BNCDADOS!$A:$G,3,0))","v":"UN "},18,{"$f":"IF(C906=0,\"\",VLOOKUP(C906,BNCDADOS!$A:$G,4,0))","v":14.120000000000001},{"$f":"IF(C906=0,\"\",VLOOKUP(C906,BNCDADOS!$A:$G,5,0))","v":17.46},314.27999999999997,{"$f":"IF(C906=0,\"\",VLOOKUP(C906,BNCDADOS!$A:$G,6,0))","v":12.68},{"$f":"IF(C906=0,\"\",VLOOKUP(C906,BNCDADOS!$A:$G,7,0))","v":16.47},296.45999999999998,{"$f":"SUMIF('MC - TRECHO 03'!A:A,Orçamento!A906,'MC - TRECHO 03'!R:R)","v":18}]
["4.1.4",{"$f":"IF(C907=0,\"\",VLOOKUP(C907,[142]BNCDADOS!$A:$G,8,0))","v":""},null,"CAIXAS E BLOCOS DE ANCORAGEM",{"$f":"IF(C907=0,\"\",VLOOKUP(C907,[142]BNCDADOS!$A:$G,3,0))","v":""},0,{"$f":"IF(C907=0,\"\",VLOOKUP(C907,[142]BNCDADOS!$A:$G,4,0))","v":""},{"$f":"IF(C907=0,\"\",VLOOKUP(C907,[142]BNCDADOS!$A:$G,5,0))","v":""},{"$f":"SUM(I908:I910)","v":1820310.7000000002},{"$f":"IF(C907=0,\"\",VLOOKUP(C907,[142]BNCDADOS!$A:$G,6,0))","v":""},{"$f":"IF(C907=0,\"\",VLOOKUP(C907,[142]BNCDADOS!$A:$G,7,0))","v":""},{"$f":"SUM(L908:L910)","v":1846280.25}]
["4.1.4.1",{"$f":"IF(C908=0,\"\",VLOOKUP(C908,BNCDADOS!$A:$H,8,0))","v":0},"COMP 03",{"$f":"IF(C908=0,\"\",VLOOKUP(C908,BNCDADOS!$A:$G,2,0))","v":"CAIXA ENTERRADA PARA INSTALAÇÃO DE VENTOSAS E DESCARGAS, DE DIVERSOS DIÂMETROS E MEDIDAS INTERNAS 3,0 X 3,0M"},{"$f":"IF(C908=0,\"\",VLOOKUP(C908,BNCDADOS!$A:$G,3,0))","v":"UN"},40,{"$f":"IF(C908=0,\"\",VLOOKUP(C908,BNCDADOS!$A:$G,4,0))","v":35231.47},{"$f":"IF(C908=0,\"\",VLOOKUP(C908,BNCDADOS!$A:$G,5,0))","v":43577.8},{"$f":"IF(H908=\"\",0,TRUNC(H908*F908,2))","v":1743112},{"$f":"IF(C908=0,\"\",VLOOKUP(C908,BNCDADOS!$A:$G,6,0))","v":34013},{"$f":"IF(C908=0,\"\",VLOOKUP(C908,BNCDADOS!$A:$G,7,0))","v":44203.29},{"$f":"IF(K908=\"\",0,TRUNC(K908*F908,2))","v":1768131.6},{"$f":"SUMIF('MC - TRECHO 03'!A:A,Orçamento!A908,'MC - TRECHO 03'!R:R)","v":40}]
["4.1.4.2",{"$f":"IF(C909=0,\"\",VLOOKUP(C909,BNCDADOS!$A:$H,8,0))","v":0},"COMP 46",{"$f":"IF(C909=0,\"\",VLOOKUP(C909,BNCDADOS!$A:$G,2,0))","v":"BLOCO DE ANCORAGEM ARMADO, PARA CURVA 90°, PARA O DIÂMETRO DE 700MM"},{"$f":"IF(C909=0,\"\",VLOOKUP(C909,BNCDADOS!$A:$G,3,0))","v":"UN"},3,{"$f":"IF(C909=0,\"\",VLOOKUP(C909,BNCDADOS!$A:$G,4,0))","v":1565.03},{"$f":"IF(C909=0,\"\",VLOOKUP(C909,BNCDADOS!$A:$G,5,0))","v":1935.78},5807.34,{"$f":"IF(C909=0,\"\",VLOOKUP(C909,BNCDADOS!$A:$G,6,0))","v":1507.2600000000002},{"$f":"IF(C909=0,\"\",VLOOKUP(C909,BNCDADOS!$A:$G,7,0))","v":1958.83},5876.49,{"$f":"SUMIF('MC - TRECHO 03'!A:A,Orçamento!A909,'MC - TRECHO 03'!R:R)","v":3}]
["4.1.4.3",{"$f":"IF(C910=0,\"\",VLOOKUP(C910,BNCDADOS!$A:$H,8,0))","v":0},"COMP 45",{"$f":"IF(C910=0,\"\",VLOOKUP(C910,BNCDADOS!$A:$G,2,0))","v":"BLOCO DE ANCORAGEM NÃO ARMADO, PARA CURVA 11°, 22° E 45°, PARA O DIÂMETRO DE 700MM"},{"$f":"IF(C910=0,\"\",VLOOKUP(C910,BNCDADOS!$A:$G,3,0))","v":"UN"},48,{"$f":"IF(C910=0,\"\",VLOOKUP(C910,BNCDADOS!$A:$G,4,0))","v":1202.46},{"$f":"IF(C910=0,\"\",VLOOKUP(C910,BNCDADOS!$A:$G,5,0))","v":1487.32},71391.360000000001,{"$f":"IF(C910=0,\"\",VLOOKUP(C910,BNCDADOS!$A:$G,6,0))","v":1158.57},{"$f":"IF(C910=0,\"\",VLOOKUP(C910,BNCDADOS!$A:$G,7,0))","v":1505.67},72272.160000000003,{"$f":"SUMIF('MC - TRECHO 03'!A:A,Orçamento!A910,'MC - TRECHO 03'!R:R)","v":48}]
["4.1.5",{"$f":"IF(C911=0,\"\",VLOOKUP(C911,[142]BNCDADOS!$A:$G,8,0))","v":""},null,"DIVERSOS",{"$f":"IF(C911=0,\"\",VLOOKUP(C911,[142]BNCDADOS!$A:$G,3,0))","v":""},0,{"$f":"IF(C911=0,\"\",VLOOKUP(C911,[142]BNCDADOS!$A:$G,4,0))","v":""},{"$f":"IF(C911=0,\"\",VLOOKUP(C911,[142]BNCDADOS!$A:$G,5,0))","v":""},{"$f":"SUM(I912:I913)","v":153337.13},{"$f":"IF(C911=0,\"\",VLOOKUP(C911,[142]BNCDADOS!$A:$G,6,0))","v":""},{"$f":"IF(C911=0,\"\",VLOOKUP(C911,[142]BNCDADOS!$A:$G,7,0))","v":""},{"$f":"SUM(L912:L913)","v":151684.4}]
["4.1.5.1",{"$f":"IF(C912=0,\"\",VLOOKUP(C912,BNCDADOS!$A:$H,8,0))","v":0},"COMP 05",{"$f":"IF(C912=0,\"\",VLOOKUP(C912,BNCDADOS!$A:$G,2,0))","v":"LIMPEZA, DESINFECÇÃO E TESTE DE REDES E ADUTORAS DE ABASTECIMENTO DE ÁGUA"},{"$f":"IF(C912=0,\"\",VLOOKUP(C912,BNCDADOS!$A:$G,3,0))","v":"M"},18363.73,{"$f":"IF(C912=0,\"\",VLOOKUP(C912,BNCDADOS!$A:$G,4,0))","v":5.16},{"$f":"IF(C912=0,\"\",VLOOKUP(C912,BNCDADOS!$A:$G,5,0))","v":6.38},{"$f":"IF(H912=\"\",0,TRUNC(H912*F912,2))","v":117160.59},{"$f":"IF(C912=0,\"\",VLOOKUP(C912,BNCDADOS!$A:$G,6,0))","v":4.9399999999999995},{"$f":"IF(C912=0,\"\",VLOOKUP(C912,BNCDADOS!$A:$G,7,0))","v":6.42},{"$f":"IF(K912=\"\",0,TRUNC(K912*F912,2))","v":117895.14},{"$f":"SUMIF('MC - TRECHO 03'!A:A,Orçamento!A912,'MC - TRECHO 03'!R:R)","v":18363.73}]
["4.1.5.2",{"$f":"IF(C913=0,\"\",VLOOKUP(C913,BNCDADOS!$A:$H,8,0))","v":"caern"},2220075,{"$f":"IF(C913=0,\"\",VLOOKUP(C913,BNCDADOS!$A:$G,2,0))","v":"CADASTRO DE ADUTORAS, COLETORES, INTERCEPTORES E EMISSÁRIOS - INCLUSIVE DESENHISTA. R_11/2021"},{"$f":"IF(C913=0,\"\",VLOOKUP(C913,BNCDADOS!$A:$G,3,0))","v":"M"},18363.73,{"$f":"IF(C913=0,\"\",VLOOKUP(C913,BNCDADOS!$A:$G,4,0))","v":1.6},{"$f":"IF(C913=0,\"\",VLOOKUP(C913,BNCDADOS!$A:$G,5,0))","v":1.97},36176.54,{"$f":"IF(C913=0,\"\",VLOOKUP(C913,BNCDADOS!$A:$G,6,0))","v":1.4200000000000002},{"$f":"IF(C913=0,\"\",VLOOKUP(C913,BNCDADOS!$A:$G,7,0))","v":1.84},33789.26,{"$f":"SUMIF('MC - TRECHO 03'!A:A,Orçamento!A913,'MC - TRECHO 03'!R:R)","v":18363.73}]
[null,{"$f":"IF(C914=0,\"\",VLOOKUP(C914,[142]BNCDADOS!$A:$H,8,0))","v":""},null,{"$f":"IF(C914=0,\"\",VLOOKUP(C914,[142]BNCDADOS!$A:$G,2,0))","v":""},{"$f":"IF(C914=0,\"\",VLOOKUP(C914,[142]BNCDADOS!$A:$G,3,0))","v":""},null,{"$f":"IF(C914=0,\"\",VLOOKUP(C914,[142]BNCDADOS!$A:$G,4,0))","v":""},{"$f":"IF(C914=0,\"\",VLOOKUP(C914,[142]BNCDADOS!$A:$G,5,0))","v":""},{"$f":"IF(H914=\"\",0,TRUNC(H914*F914,2))","v":0},{"$f":"IF(C914=0,\"\",VLOOKUP(C914,[142]BNCDADOS!$A:$G,6,0))","v":""},{"$f":"IF(C914=0,\"\",VLOOKUP(C914,[142]BNCDADOS!$A:$G,7,0))","v":""},{"$f":"IF(K914=\"\",0,TRUNC(K914*F914,2))","v":0}]
["4.2",null,null,"SERVIÇOS_SUB ADUTORA - NOVA CRUZ",{"$nulls":4},{"$f":"SUM(I916,I922,I934,I942,I944,I931)","v":803626.04},null,null,{"$f":"SUM(L916,L922,L934,L942,L944,L931)","v":804252.74000000011}]
["4.2.1",{"$f":"IF(C916=0,\"\",VLOOKUP(C916,[142]BNCDADOS!$A:$G,8,0))","v":""},null,"SERVIÇOS PRELIMINARES",{"$f":"IF(C916=0,\"\",VLOOKUP(C916,[142]BNCDADOS!$A:$G,3,0))","v":""},{"$f":"TRUNC(M916,2)","v":0},{"$f":"IF(C916=0,\"\",VLOOKUP(C916,[142]BNCDADOS!$A:$G,4,0))","v":""},{"$f":"IF(C916=0,\"\",VLOOKUP(C916,[142]BNCDADOS!$A:$G,5,0))","v":""},{"$f":"SUM(I917:I921)","v":33252.22},{"$f":"IF(C916=0,\"\",VLOOKUP(C916,[142]BNCDADOS!$A:$G,6,0))","v":""},{"$f":"IF(C916=0,\"\",VLOOKUP(C916,[142]BNCDADOS!$A:$G,7,0))","v":""},{"$f":"SUM(L917:L921)","v":33300.840000000004}]
["4.2.1.1",{"$f":"IF(C917=0,\"\",VLOOKUP(C917,BNCDADOS!$A:$H,8,0))","v":"caern"},2010050,{"$f":"IF(C917=0,\"\",VLOOKUP(C917,BNCDADOS!$A:$G,2,0))","v":"LOCAÇÃO DE ADUTORAS, COLETORES TRONCO E INTERCEPTORES - COM AUXÍLIO DE EQUIPAMENTO TOPOGRÁFICO. R_11/2018"},{"$f":"IF(C917=0,\"\",VLOOKUP(C917,BNCDADOS!$A:$G,3,0))","v":"M"},1927.44,{"$f":"IF(C917=0,\"\",VLOOKUP(C917,BNCDADOS!$A:$G,4,0))","v":2.56},{"$f":"IF(C917=0,\"\",VLOOKUP(C917,BNCDADOS!$A:$G,5,0))","v":3.16},{"$f":"IF(H917=\"\",0,TRUNC(H917*F917,2))","v":6090.71},{"$f":"IF(C917=0,\"\",VLOOKUP(C917,BNCDADOS!$A:$G,6,0))","v":2.2400000000000002},{"$f":"IF(C917=0,\"\",VLOOKUP(C917,BNCDADOS!$A:$G,7,0))","v":2.91},{"$f":"IF(K917=\"\",0,TRUNC(K917*F917,2))","v":5608.85},{"$f":"SUMIF('MC - TRECHO 03'!A:A,Orçamento!A917,'MC - TRECHO 03'!R:R)","v":1927.44}]
["4.2.1.2",{"$f":"IF(C918=0,\"\",VLOOKUP(C918,BNCDADOS!$A:$H,8,0))","v":"caern"},2010053,{"$f":"IF(C918=0,\"\",VLOOKUP(C918,BNCDADOS!$A:$G,2,0))","v":"SINALIZAÇÃO DE OBRA COM TELA TAPUME, COR LARANJA, COM SUPORTE A CADA 2M E PLACA DE SINALIZAÇÃO SOBRE CAVALETE. INC_11/2019"},{"$f":"IF(C918=0,\"\",VLOOKUP(C918,BNCDADOS!$A:$G,3,0))","v":"M"},3854.88,{"$f":"IF(C918=0,\"\",VLOOKUP(C918,BNCDADOS!$A:$G,4,0))","v":4.54},{"$f":"IF(C918=0,\"\",VLOOKUP(C918,BNCDADOS!$A:$G,5,0))","v":5.61},21625.87,{"$f":"IF(C918=0,\"\",VLOOKUP(C918,BNCDADOS!$A:$G,6,0))","v":4.3899999999999997},{"$f":"IF(C918=0,\"\",VLOOKUP(C918,BNCDADOS!$A:$G,7,0))","v":5.7},21972.81,{"$f":"SUMIF('MC - TRECHO 03'!A:A,Orçamento!A918,'MC - TRECHO 03'!R:R)","v":3854.88}]
["4.2.1.3",{"$f":"IF(C919=0,\"\",VLOOKUP(C919,BNCDADOS!$A:$H,8,0))","v":"SINAPI/RN\nSERVIÇO"},97054,{"$f":"IF(C919=0,\"\",VLOOKUP(C919,BNCDADOS!$A:$G,2,0))","v":"INSTALAÇÃO DE SINALIZADOR NOTURNO LED. AF_03/2024"},{"$f":"IF(C919=0,\"\",VLOOKUP(C919,BNCDADOS!$A:$G,3,0))","v":"UN"},39,{"$f":"IF(C919=0,\"\",VLOOKUP(C919,BNCDADOS!$A:$G,4,0))","v":"28,12"},{"$f":"IF(C919=0,\"\",VLOOKUP(C919,BNCDADOS!$A:$G,5,0))","v":34.78},1356.42,{"$f":"IF(C919=0,\"\",VLOOKUP(C919,BNCDADOS!$A:$G,6,0))","v":"27,08"},{"$f":"IF(C919=0,\"\",VLOOKUP(C919,BNCDADOS!$A:$G,7,0))","v":35.19},1372.41,{"$f":"SUMIF('MC - TRECHO 03'!A:A,Orçamento!A919,'MC - TRECHO 03'!R:R)","v":39}]
["4.2.1.4",{"$f":"IF(C920=0,\"\",VLOOKUP(C920,BNCDADOS!$A:$H,8,0))","v":"caern"},2010036,{"$f":"IF(C920=0,\"\",VLOOKUP(C920,BNCDADOS!$A:$G,2,0))","v":"SONDAGEM DE INTERFERÊNCIA, ESCAVAÇÃO MANUAL DE VALA DE 0,60M ATÉ 1,30M, INCLUSIVE DEMOLIÇÃO DE PAVIMENTAÇÃO EM PARALELEPÍPEDO. R_05/2023"},{"$f":"IF(C920=0,\"\",VLOOKUP(C920,BNCDADOS!$A:$G,3,0))","v":"M"},2.89,{"$f":"IF(C920=0,\"\",VLOOKUP(C920,BNCDADOS!$A:$G,4,0))","v":123.35},{"$f":"IF(C920=0,\"\",VLOOKUP(C920,BNCDADOS!$A:$G,5,0))","v":152.57},440.92,{"$f":"IF(C920=0,\"\",VLOOKUP(C920,BNCDADOS!$A:$G,6,0))","v":112.6},{"$f":"IF(C920=0,\"\",VLOOKUP(C920,BNCDADOS!$A:$G,7,0))","v":146.33000000000001},422.89,{"$f":"SUMIF('MC - TRECHO 03'!A:A,Orçamento!A920,'MC - TRECHO 03'!R:R)","v":2.89}]
["4.2.1.5",{"$f":"IF(C921=0,\"\",VLOOKUP(C921,BNCDADOS!$A:$H,8,0))","v":0},"COMP 01",{"$f":"IF(C921=0,\"\",VLOOKUP(C921,BNCDADOS!$A:$G,2,0))","v":"CANTEIRO ITINERANTE COMPOSTO DE TOLDO, CONJUNTO DE MESA E CADEIRAS E BANHEIRO QUÍMICO COM LIMPEZA DIÁRIA INCLUSO COLETA E DESTINAÇÃO FINAL DE EFLUENTES"},{"$f":"IF(C921=0,\"\",VLOOKUP(C921,BNCDADOS!$A:$G,3,0))","v":"UN"},3,{"$f":"IF(C921=0,\"\",VLOOKUP(C921,BNCDADOS!$A:$G,4,0))","v":1007.4399999999999},{"$f":"IF(C921=0,\"\",VLOOKUP(C921,BNCDADOS!$A:$G,5,0))","v":1246.0999999999999},3738.3,{"$f":"IF(C921=0,\"\",VLOOKUP(C921,BNCDADOS!$A:$G,6,0))","v":1006.4399999999999},{"$f":"IF(C921=0,\"\",VLOOKUP(C921,BNCDADOS!$A:$G,7,0))","v":1307.96},3923.88,{"$f":"SUMIF('MC - TRECHO 03'!A:A,Orçamento!A921,'MC - TRECHO 03'!R:R)","v":3}]
["4.2.2",{"$f":"IF(C922=0,\"\",VLOOKUP(C922,[142]BNCDADOS!$A:$G,8,0))","v":""},null,"MOVIMENTO DE TERRA",{"$f":"IF(C922=0,\"\",VLOOKUP(C922,[142]BNCDADOS!$A:$G,3,0))","v":""},0,{"$f":"IF(C922=0,\"\",VLOOKUP(C922,[142]BNCDADOS!$A:$G,4,0))","v":""},{"$f":"IF(C922=0,\"\",VLOOKUP(C922,[142]BNCDADOS!$A:$G,5,0))","v":""},{"$f":"SUM(I923:I930)","v":423077.71},{"$f":"IF(C922=0,\"\",VLOOKUP(C922,[142]BNCDADOS!$A:$G,6,0))","v":""},{"$f":"IF(C922=0,\"\",VLOOKUP(C922,[142]BNCDADOS!$A:$G,7,0))","v":""},{"$f":"SUM(L923:L930)","v":429078.62000000005}]
["4.2.2.1",{"$f":"IF(C923=0,\"\",VLOOKUP(C923,BNCDADOS!$A:$H,8,0))","v":0},"COMP 02",{"$f":"IF(C923=0,\"\",VLOOKUP(C923,BNCDADOS!$A:$G,2,0))","v":"ESCAVAÇÃO MANUAL DE VALA COM PROFUNDIDADE MENOR OU IGUAL A 2,00 M"},{"$f":"IF(C923=0,\"\",VLOOKUP(C923,BNCDADOS!$A:$G,3,0))","v":"M³"},38.74,{"$f":"IF(C923=0,\"\",VLOOKUP(C923,BNCDADOS!$A:$G,4,0))","v":81.489999999999995},{"$f":"IF(C923=0,\"\",VLOOKUP(C923,BNCDADOS!$A:$G,5,0))","v":100.79},{"$f":"IF(H923=\"\",0,TRUNC(H923*F923,2))","v":3904.6},{"$f":"IF(C923=0,\"\",VLOOKUP(C923,BNCDADOS!$A:$G,6,0))","v":73.58},{"$f":"IF(C923=0,\"\",VLOOKUP(C923,BNCDADOS!$A:$G,7,0))","v":95.62},{"$f":"IF(K923=\"\",0,TRUNC(K923*F923,2))","v":3704.31},{"$f":"SUMIF('MC - TRECHO 03'!A:A,Orçamento!A923,'MC - TRECHO 03'!R:R)","v":38.74}]
["4.2.2.2",{"$f":"IF(C924=0,\"\",VLOOKUP(C924,BNCDADOS!$A:$H,8,0))","v":"SINAPI/RN\nSERVIÇO"},90091,{"$f":"IF(C924=0,\"\",VLOOKUP(C924,BNCDADOS!$A:$G,2,0))","v":"ESCAVAÇÃO MECANIZADA DE VALA COM PROF. ATÉ 1,5 M (MÉDIA MONTANTE E JUSANTE/UMA COMPOSIÇÃO POR TRECHO), ESCAVADEIRA (0,8 M3), LARG. DE 1,5 M A 2,5 M, EM SOLO DE 1A CATEGORIA, LOCAIS COM BAIXO NÍVEL DE INTERFERÊNCIA. AF_02/2021"},{"$f":"IF(C924=0,\"\",VLOOKUP(C924,BNCDADOS!$A:$G,3,0))","v":"M3"},3254.29,{"$f":"IF(C924=0,\"\",VLOOKUP(C924,BNCDADOS!$A:$G,4,0))","v":"6,26"},{"$f":"IF(C924=0,\"\",VLOOKUP(C924,BNCDADOS!$A:$G,5,0))","v":7.74},25188.2,{"$f":"IF(C924=0,\"\",VLOOKUP(C924,BNCDADOS!$A:$G,6,0))","v":"6,04"},{"$f":"IF(C924=0,\"\",VLOOKUP(C924,BNCDADOS!$A:$G,7,0))","v":7.84},25513.63,{"$f":"SUMIF('MC - TRECHO 03'!A:A,Orçamento!A924,'MC - TRECHO 03'!R:R)","v":3254.29}]
["4.2.2.3",{"$f":"IF(C925=0,\"\",VLOOKUP(C925,BNCDADOS!$A:$H,8,0))","v":"SINAPI/RN\nSERVIÇO"},102315,{"$f":"IF(C925=0,\"\",VLOOKUP(C925,BNCDADOS!$A:$G,2,0))","v":"ESCAVAÇÃO MECANIZADA DE VALA COM PROF. ATÉ 1,5 M (MÉDIA MONTANTE E JUSANTE/UMA COMPOSIÇÃO POR TRECHO), ESCAVADEIRA (0,8 M3), LARG. DE 1,5 M A 2,5 M, EM SOLO DE 2A CATEGORIA, LOCAIS COM BAIXO NÍVEL DE INTERFERÊNCIA. AF_02/2021"},{"$f":"IF(C925=0,\"\",VLOOKUP(C925,BNCDADOS!$A:$G,3,0))","v":"M3"},581.12,{"$f":"IF(C925=0,\"\",VLOOKUP(C925,BNCDADOS!$A:$G,4,0))","v":"7,98"},{"$f":"IF(C925=0,\"\",VLOOKUP(C925,BNCDADOS!$A:$G,5,0))","v":9.8699999999999992},5735.65,{"$f":"IF(C925=0,\"\",VLOOKUP(C925,BNCDADOS!$A:$G,6,0))","v":"7,70"},{"$f":"IF(C925=0,\"\",VLOOKUP(C925,BNCDADOS!$A:$G,7,0))","v":10},5811.2,{"$f":"SUMIF('MC - TRECHO 03'!A:A,Orçamento!A925,'MC - TRECHO 03'!R:R)","v":581.12}]
["4.2.2.4",{"$f":"IF(C926=0,\"\",VLOOKUP(C926,BNCDADOS!$A:$H,8,0))","v":"SINAPI/RN\nSERVIÇO"},101625,{"$f":"IF(C926=0,\"\",VLOOKUP(C926,BNCDADOS!$A:$G,2,0))","v":"PREPARO DE FUNDO DE VALA COM LARGURA MAIOR OU IGUAL A 1,5 M E MENOR QUE 2,5 M, COM CAMADA DE AREIA, LANÇAMENTO MECANIZADO. AF_08/2020"},{"$f":"IF(C926=0,\"\",VLOOKUP(C926,BNCDADOS!$A:$G,3,0))","v":"M3"},202.38,{"$f":"IF(C926=0,\"\",VLOOKUP(C926,BNCDADOS!$A:$G,4,0))","v":"155,31"},{"$f":"IF(C926=0,\"\",VLOOKUP(C926,BNCDADOS!$A:$G,5,0))","v":192.1},38877.19,{"$f":"IF(C926=0,\"\",VLOOKUP(C926,BNCDADOS!$A:$G,6,0))","v":"151,04"},{"$f":"IF(C926=0,\"\",VLOOKUP(C926,BNCDADOS!$A:$G,7,0))","v":196.29},39725.17,{"$f":"SUMIF('MC - TRECHO 03'!A:A,Orçamento!A926,'MC - TRECHO 03'!R:R)","v":202.38}]
["4.2.2.5",{"$f":"IF(C927=0,\"\",VLOOKUP(C927,BNCDADOS!$A:$H,8,0))","v":"caern"},2040103,{"$f":"IF(C927=0,\"\",VLOOKUP(C927,BNCDADOS!$A:$G,2,0))","v":"ESCORAMENTO DE VALA, TIPO BLINDAGEM, COM PROFUNDIDADE DE 0 A 1,5 M, LARGURA MAIOR OU IGUAL A 1,5 M E MENOR QUE 2,5 M - EXECUÇÃO E FORNECIMENTO, INCLUI MATERIAL. R_11/2020"},{"$f":"IF(C927=0,\"\",VLOOKUP(C927,BNCDADOS!$A:$G,3,0))","v":"M²"},5589.58,{"$f":"IF(C927=0,\"\",VLOOKUP(C927,BNCDADOS!$A:$G,4,0))","v":27.050000000000004},{"$f":"IF(C927=0,\"\",VLOOKUP(C927,BNCDADOS!$A:$G,5,0))","v":33.450000000000003},186971.45,{"$f":"IF(C927=0,\"\",VLOOKUP(C927,BNCDADOS!$A:$G,6,0))","v":25.79},{"$f":"IF(C927=0,\"\",VLOOKUP(C927,BNCDADOS!$A:$G,7,0))","v":33.51},187306.82,{"$f":"SUMIF('MC - TRECHO 03'!A:A,Orçamento!A927,'MC - TRECHO 03'!R:R)","v":5589.58}]
["4.2.2.6",{"$f":"IF(C928=0,\"\",VLOOKUP(C928,BNCDADOS!$A:$H,8,0))","v":"SINAPI/RN\nSERVIÇO"},94304,{"$f":"IF(C928=0,\"\",VLOOKUP(C928,BNCDADOS!$A:$G,2,0))","v":"ATERRO MECANIZADO DE VALA COM ESCAVADEIRA HIDRÁULICA (CAPACIDADE DA CAÇAMBA: 0,8 M³ / POTÊNCIA: 111 HP), LARGURA ATÉ 2,5 M, PROFUNDIDADE ATÉ 1,5 M, COM SOLO ARGILO-ARENOSO. AF_08/2023"},{"$f":"IF(C928=0,\"\",VLOOKUP(C928,BNCDADOS!$A:$G,3,0))","v":"M3"},1066.55,{"$f":"IF(C928=0,\"\",VLOOKUP(C928,BNCDADOS!$A:$G,4,0))","v":"75,28"},{"$f":"IF(C928=0,\"\",VLOOKUP(C928,BNCDADOS!$A:$G,5,0))","v":93.11},99306.47,{"$f":"IF(C928=0,\"\",VLOOKUP(C928,BNCDADOS!$A:$G,6,0))","v":"74,28"},{"$f":"IF(C928=0,\"\",VLOOKUP(C928,BNCDADOS!$A:$G,7,0))","v":96.53},102954.07,{"$f":"SUMIF('MC - TRECHO 03'!A:A,Orçamento!A928,'MC - TRECHO 03'!R:R)","v":1066.55}]
["4.2.2.7",{"$f":"IF(C929=0,\"\",VLOOKUP(C929,BNCDADOS!$A:$H,8,0))","v":"SINAPI/RN\nSERVIÇO"},104728,{"$f":"IF(C929=0,\"\",VLOOKUP(C929,BNCDADOS!$A:$G,2,0))","v":"REATERRO MECANIZADO DE VALA COM ESCAVADEIRA HIDRÁULICA (CAPACIDADE DA CAÇAMBA: 0,8 M³/POTÊNCIA: 111 HP), LARGURA DE 1,5 A 2,5 M, PROFUNDIDADE ATÉ 1,5 M, COM SOLO (SEM SUBSTITUIÇÃO) DE 1ª CATEGORIA, COM PLACA VIBRATÓRIA. AF_08/2023"},{"$f":"IF(C929=0,\"\",VLOOKUP(C929,BNCDADOS!$A:$G,3,0))","v":"M3"},2488.63,{"$f":"IF(C929=0,\"\",VLOOKUP(C929,BNCDADOS!$A:$G,4,0))","v":"19,58"},{"$f":"IF(C929=0,\"\",VLOOKUP(C929,BNCDADOS!$A:$G,5,0))","v":24.21},60249.73,{"$f":"IF(C929=0,\"\",VLOOKUP(C929,BNCDADOS!$A:$G,6,0))","v":"18,92"},{"$f":"IF(C929=0,\"\",VLOOKUP(C929,BNCDADOS!$A:$G,7,0))","v":24.58},61170.52,{"$f":"SUMIF('MC - TRECHO 03'!A:A,Orçamento!A929,'MC - TRECHO 03'!R:R)","v":2488.63}]
["4.2.2.8",{"$f":"IF(C930=0,\"\",VLOOKUP(C930,BNCDADOS!$A:$H,8,0))","v":"SINAPI/RN\nSERVIÇO"},100574,{"$f":"IF(C930=0,\"\",VLOOKUP(C930,BNCDADOS!$A:$G,2,0))","v":"ESPALHAMENTO DE MATERIAL COM TRATOR DE ESTEIRAS. AF_11/2019"},{"$f":"IF(C930=0,\"\",VLOOKUP(C930,BNCDADOS!$A:$G,3,0))","v":"M3"},1616.15,{"$f":"IF(C930=0,\"\",VLOOKUP(C930,BNCDADOS!$A:$G,4,0))","v":"1,43"},{"$f":"IF(C930=0,\"\",VLOOKUP(C930,BNCDADOS!$A:$G,5,0))","v":1.76},2844.42,{"$f":"IF(C930=0,\"\",VLOOKUP(C930,BNCDADOS!$A:$G,6,0))","v":"1,38"},{"$f":"IF(C930=0,\"\",VLOOKUP(C930,BNCDADOS!$A:$G,7,0))","v":1.79},2892.9,{"$f":"SUMIF('MC - TRECHO 03'!A:A,Orçamento!A930,'MC - TRECHO 03'!R:R)","v":1616.15}]
["4.2.3",{"$f":"IF(C931=0,\"\",VLOOKUP(C931,[142]BNCDADOS!$A:$G,8,0))","v":""},null,"RETIRADA E RECOMPOSIÇÃO DE MATERIAL",{"$f":"IF(C931=0,\"\",VLOOKUP(C931,[142]BNCDADOS!$A:$G,3,0))","v":""},0,{"$f":"IF(C931=0,\"\",VLOOKUP(C931,[142]BNCDADOS!$A:$G,4,0))","v":""},{"$f":"IF(C931=0,\"\",VLOOKUP(C931,[142]BNCDADOS!$A:$G,5,0))","v":""},{"$f":"SUM(I932:I933)","v":253456.53},{"$f":"IF(C931=0,\"\",VLOOKUP(C931,[142]BNCDADOS!$A:$G,6,0))","v":""},{"$f":"IF(C931=0,\"\",VLOOKUP(C931,[142]BNCDADOS!$A:$G,7,0))","v":""},{"$f":"SUM(L932:L933)","v":248767.34}]
["4.2.3.1",{"$f":"IF(C932=0,\"\",VLOOKUP(C932,BNCDADOS!$A:$H,8,0))","v":"caern"},2150066,{"$f":"IF(C932=0,\"\",VLOOKUP(C932,BNCDADOS!$A:$G,2,0))","v":"RECOMPOSIÇÃO DE PAVIMENTO EM PARALELEPÍPEDOS, REJUNTAMENTO COM PEDRISCO E EMULSÃO ASFÁLTICA (BRIPAR), COM REAPROVEITAMENTO DOS PARALELEPÍPEDOS, PARA O FECHAMENTO DE VALAS - INCLUSO RETIRADA E COLOCAÇÃO DO MATERIAL. AF_12/2020 R_05/2022REV01"},{"$f":"IF(C932=0,\"\",VLOOKUP(C932,BNCDADOS!$A:$G,3,0))","v":"M²"},3662.14,{"$f":"IF(C932=0,\"\",VLOOKUP(C932,BNCDADOS!$A:$G,4,0))","v":53.99},{"$f":"IF(C932=0,\"\",VLOOKUP(C932,BNCDADOS!$A:$G,5,0))","v":66.78},{"$f":"IF(H932=\"\",0,TRUNC(H932*F932,2))","v":244557.7},{"$f":"IF(C932=0,\"\",VLOOKUP(C932,BNCDADOS!$A:$G,6,0))","v":50.489999999999995},{"$f":"IF(C932=0,\"\",VLOOKUP(C932,BNCDADOS!$A:$G,7,0))","v":65.61},{"$f":"IF(K932=\"\",0,TRUNC(K932*F932,2))","v":240273},{"$f":"SUMIF('MC - TRECHO 03'!A:A,Orçamento!A932,'MC - TRECHO 03'!R:R)","v":3662.14}]
["4.2.3.2",{"$f":"IF(C933=0,\"\",VLOOKUP(C933,BNCDADOS!$A:$H,8,0))","v":"caern"},2010038,{"$f":"IF(C933=0,\"\",VLOOKUP(C933,BNCDADOS!$A:$G,2,0))","v":"LIMPEZA DE RUAS (VARRIÇÃO E REMOÇÃO DE ENTULHOS), INCLUSIVE CARGA MANUAL"},{"$f":"IF(C933=0,\"\",VLOOKUP(C933,BNCDADOS!$A:$G,3,0))","v":"M²"},13483.08,{"$f":"IF(C933=0,\"\",VLOOKUP(C933,BNCDADOS!$A:$G,4,0))","v":0.54},{"$f":"IF(C933=0,\"\",VLOOKUP(C933,BNCDADOS!$A:$G,5,0))","v":0.66},8898.83,{"$f":"IF(C933=0,\"\",VLOOKUP(C933,BNCDADOS!$A:$G,6,0))","v":0.49},{"$f":"IF(C933=0,\"\",VLOOKUP(C933,BNCDADOS!$A:$G,7,0))","v":0.63},8494.34,{"$f":"SUMIF('MC - TRECHO 03'!A:A,Orçamento!A933,'MC - TRECHO 03'!R:R)","v":13483.08}]
["4.2.4",{"$f":"IF(C934=0,\"\",VLOOKUP(C934,[142]BNCDADOS!$A:$G,8,0))","v":""},null,"ASSENTAMENTO E MONTAGEM DOS TUBOS E CONEXÕES",{"$f":"IF(C934=0,\"\",VLOOKUP(C934,[142]BNCDADOS!$A:$G,3,0))","v":""},0,{"$f":"IF(C934=0,\"\",VLOOKUP(C934,[142]BNCDADOS!$A:$G,4,0))","v":""},{"$f":"IF(C934=0,\"\",VLOOKUP(C934,[142]BNCDADOS!$A:$G,5,0))","v":""},{"$f":"SUM(I935:I941)","v":39895.61},{"$f":"IF(C934=0,\"\",VLOOKUP(C934,[142]BNCDADOS!$A:$G,6,0))","v":""},{"$f":"IF(C934=0,\"\",VLOOKUP(C934,[142]BNCDADOS!$A:$G,7,0))","v":""},{"$f":"SUM(L935:L941)","v":38755.21}]
["4.2.4.1",{"$f":"IF(C935=0,\"\",VLOOKUP(C935,BNCDADOS!$A:$H,8,0))","v":"SINAPI/RN\nSERVIÇO"},97131,{"$f":"IF(C935=0,\"\",VLOOKUP(C935,BNCDADOS!$A:$G,2,0))","v":"ASSENTAMENTO DE TUBO DE PVC DEFOFO OU PRFV OU RPVC PARA REDE DE ÁGUA, DN 350 MM, JUNTA ELÁSTICA INTEGRADA, INSTALADO EM LOCAL COM NÍVEL ALTO DE INTERFERÊNCIAS (NÃO INCLUI FORNECIMENTO). AF_05/2024"},{"$f":"IF(C935=0,\"\",VLOOKUP(C935,BNCDADOS!$A:$G,3,0))","v":"M"},1927.44,{"$f":"IF(C935=0,\"\",VLOOKUP(C935,BNCDADOS!$A:$G,4,0))","v":"14,84"},{"$f":"IF(C935=0,\"\",VLOOKUP(C935,BNCDADOS!$A:$G,5,0))","v":18.350000000000001},{"$f":"IF(H935=\"\",0,TRUNC(H935*F935,2))","v":35368.519999999997},{"$f":"IF(C935=0,\"\",VLOOKUP(C935,BNCDADOS!$A:$G,6,0))","v":"13,68"},{"$f":"IF(C935=0,\"\",VLOOKUP(C935,BNCDADOS!$A:$G,7,0))","v":17.77},{"$f":"IF(K935=\"\",0,TRUNC(K935*F935,2))","v":34250.6},{"$f":"SUMIF('MC - TRECHO 03'!A:A,Orçamento!A935,'MC - TRECHO 03'!R:R)","v":1927.44}]
["4.2.4.2",{"$f":"IF(C936=0,\"\",VLOOKUP(C936,BNCDADOS!$A:$H,8,0))","v":"caern"},2060556,{"$f":"IF(C936=0,\"\",VLOOKUP(C936,BNCDADOS!$A:$G,2,0))","v":"ASSENTAMENTO DE CONEXÕES EM FERRO FUNDIDO, JUNTA ELÁSTICA, DIAM.= 350 MM. INC_05/2020"},{"$f":"IF(C936=0,\"\",VLOOKUP(C936,BNCDADOS!$A:$G,3,0))","v":"UN "},4,{"$f":"IF(C936=0,\"\",VLOOKUP(C936,BNCDADOS!$A:$G,4,0))","v":29.34},{"$f":"IF(C936=0,\"\",VLOOKUP(C936,BNCDADOS!$A:$G,5,0))","v":36.29},145.16,{"$f":"IF(C936=0,\"\",VLOOKUP(C936,BNCDADOS!$A:$G,6,0))","v":27.400000000000002},{"$f":"IF(C936=0,\"\",VLOOKUP(C936,BNCDADOS!$A:$G,7,0))","v":35.6},142.4,{"$f":"SUMIF('MC - TRECHO 03'!A:A,Orçamento!A936,'MC - TRECHO 03'!R:R)","v":4}]
["4.2.4.3",{"$f":"IF(C937=0,\"\",VLOOKUP(C937,BNCDADOS!$A:$H,8,0))","v":"SINAPI/RN\nSERVIÇO"},103111,{"$f":"IF(C937=0,\"\",VLOOKUP(C937,BNCDADOS!$A:$G,2,0))","v":"ASSENTAMENTO DE CONEXÃO COM 2 ACESSOS, FERRO FUNDIDO PARA REDE DE ÁGUA, DN  350 MM, JUNTA FLANGEADA (NÃO INCLUI O FORNECIMENTO). AF_09/2021"},{"$f":"IF(C937=0,\"\",VLOOKUP(C937,BNCDADOS!$A:$G,3,0))","v":"UN"},3,{"$f":"IF(C937=0,\"\",VLOOKUP(C937,BNCDADOS!$A:$G,4,0))","v":"259,67"},{"$f":"IF(C937=0,\"\",VLOOKUP(C937,BNCDADOS!$A:$G,5,0))","v":321.18},963.54,{"$f":"IF(C937=0,\"\",VLOOKUP(C937,BNCDADOS!$A:$G,6,0))","v":"246,23"},{"$f":"IF(C937=0,\"\",VLOOKUP(C937,BNCDADOS!$A:$G,7,0))","v":320},960,{"$f":"SUMIF('MC - TRECHO 03'!A:A,Orçamento!A937,'MC - TRECHO 03'!R:R)","v":3}]
["4.2.4.4",{"$f":"IF(C938=0,\"\",VLOOKUP(C938,BNCDADOS!$A:$H,8,0))","v":"SINAPI/RN\nSERVIÇO"},103112,{"$f":"IF(C938=0,\"\",VLOOKUP(C938,BNCDADOS!$A:$G,2,0))","v":"ASSENTAMENTO DE CONEXÃO COM 2 ACESSOS, FERRO FUNDIDO PARA REDE DE ÁGUA, DN  400 MM, JUNTA FLANGEADA (NÃO INCLUI O FORNECIMENTO). AF_09/2021"},{"$f":"IF(C938=0,\"\",VLOOKUP(C938,BNCDADOS!$A:$G,3,0))","v":"UN"},1,{"$f":"IF(C938=0,\"\",VLOOKUP(C938,BNCDADOS!$A:$G,4,0))","v":"282,71"},{"$f":"IF(C938=0,\"\",VLOOKUP(C938,BNCDADOS!$A:$G,5,0))","v":349.68},349.68,{"$f":"IF(C938=0,\"\",VLOOKUP(C938,BNCDADOS!$A:$G,6,0))","v":"268,05"},{"$f":"IF(C938=0,\"\",VLOOKUP(C938,BNCDADOS!$A:$G,7,0))","v":348.35},348.35,{"$f":"SUMIF('MC - TRECHO 03'!A:A,Orçamento!A938,'MC - TRECHO 03'!R:R)","v":1}]
["4.2.4.5",{"$f":"IF(C939=0,\"\",VLOOKUP(C939,BNCDADOS!$A:$H,8,0))","v":"SINAPI/RN\nSERVIÇO"},103115,{"$f":"IF(C939=0,\"\",VLOOKUP(C939,BNCDADOS!$A:$G,2,0))","v":"ASSENTAMENTO DE CONEXÃO COM 2 ACESSOS, FERRO FUNDIDO PARA REDE DE ÁGUA, DN  600 MM, JUNTA FLANGEADA (NÃO INCLUI O FORNECIMENTO). AF_09/2021"},{"$f":"IF(C939=0,\"\",VLOOKUP(C939,BNCDADOS!$A:$G,3,0))","v":"UN"},1,{"$f":"IF(C939=0,\"\",VLOOKUP(C939,BNCDADOS!$A:$G,4,0))","v":"418,28"},{"$f":"IF(C939=0,\"\",VLOOKUP(C939,BNCDADOS!$A:$G,5,0))","v":517.37},517.37,{"$f":"IF(C939=0,\"\",VLOOKUP(C939,BNCDADOS!$A:$G,6,0))","v":"396,31"},{"$f":"IF(C939=0,\"\",VLOOKUP(C939,BNCDADOS!$A:$G,7,0))","v":515.04},515.04,{"$f":"SUMIF('MC - TRECHO 03'!A:A,Orçamento!A939,'MC - TRECHO 03'!R:R)","v":1}]
["4.2.4.6",{"$f":"IF(C940=0,\"\",VLOOKUP(C940,BNCDADOS!$A:$H,8,0))","v":"SINAPI/RN\nSERVIÇO"},103116,{"$f":"IF(C940=0,\"\",VLOOKUP(C940,BNCDADOS!$A:$G,2,0))","v":"ASSENTAMENTO DE CONEXÃO COM 2 ACESSOS, FERRO FUNDIDO PARA REDE DE ÁGUA, DN  700 MM, JUNTA FLANGEADA (NÃO INCLUI O FORNECIMENTO). AF_09/2021"},{"$f":"IF(C940=0,\"\",VLOOKUP(C940,BNCDADOS!$A:$G,3,0))","v":"UN"},4,{"$f":"IF(C940=0,\"\",VLOOKUP(C940,BNCDADOS!$A:$G,4,0))","v":"507,72"},{"$f":"IF(C940=0,\"\",VLOOKUP(C940,BNCDADOS!$A:$G,5,0))","v":627.99},2511.96,{"$f":"IF(C940=0,\"\",VLOOKUP(C940,BNCDADOS!$A:$G,6,0))","v":"480,93"},{"$f":"IF(C940=0,\"\",VLOOKUP(C940,BNCDADOS!$A:$G,7,0))","v":625.01},2500.04,{"$f":"SUMIF('MC - TRECHO 03'!A:A,Orçamento!A940,'MC - TRECHO 03'!R:R)","v":4}]
["4.2.4.7",{"$f":"IF(C941=0,\"\",VLOOKUP(C941,BNCDADOS!$A:$H,8,0))","v":"caern"},2060584,{"$f":"IF(C941=0,\"\",VLOOKUP(C941,BNCDADOS!$A:$G,2,0))","v":"ASSENTAMENTO DE REGISTRO DE GAVETA EM FERRO FUNDIDO COM BOLSAS, DIAM. = 200MM A 300MM. INC_05/2020"},{"$f":"IF(C941=0,\"\",VLOOKUP(C941,BNCDADOS!$A:$G,3,0))","v":"UN "},2,{"$f":"IF(C941=0,\"\",VLOOKUP(C941,BNCDADOS!$A:$G,4,0))","v":15.92},{"$f":"IF(C941=0,\"\",VLOOKUP(C941,BNCDADOS!$A:$G,5,0))","v":19.690000000000001},39.380000000000003,{"$f":"IF(C941=0,\"\",VLOOKUP(C941,BNCDADOS!$A:$G,6,0))","v":14.92},{"$f":"IF(C941=0,\"\",VLOOKUP(C941,BNCDADOS!$A:$G,7,0))","v":19.39},38.78,{"$f":"SUMIF('MC - TRECHO 03'!A:A,Orçamento!A941,'MC - TRECHO 03'!R:R)","v":2}]
["4.2.5",{"$f":"IF(C942=0,\"\",VLOOKUP(C942,[142]BNCDADOS!$A:$G,8,0))","v":""},null,"CAIXAS E BLOCOS DE ANCORAGEM",{"$f":"IF(C942=0,\"\",VLOOKUP(C942,[142]BNCDADOS!$A:$G,3,0))","v":""},0,{"$f":"IF(C942=0,\"\",VLOOKUP(C942,[142]BNCDADOS!$A:$G,4,0))","v":""},{"$f":"IF(C942=0,\"\",VLOOKUP(C942,[142]BNCDADOS!$A:$G,5,0))","v":""},{"$f":"SUM(I943:I943)","v":37849.86},{"$f":"IF(C942=0,\"\",VLOOKUP(C942,[142]BNCDADOS!$A:$G,6,0))","v":""},{"$f":"IF(C942=0,\"\",VLOOKUP(C942,[142]BNCDADOS!$A:$G,7,0))","v":""},{"$f":"SUM(L943:L943)","v":38430.089999999997}]
["4.2.5.1",{"$f":"IF(C943=0,\"\",VLOOKUP(C943,BNCDADOS!$A:$H,8,0))","v":0},"COMP 09",{"$f":"IF(C943=0,\"\",VLOOKUP(C943,BNCDADOS!$A:$G,2,0))","v":"CAIXA ENTERRADA PARA DERIVAÇÃO DE SUB ADUTORAS"},{"$f":"IF(C943=0,\"\",VLOOKUP(C943,BNCDADOS!$A:$G,3,0))","v":"UN"},1,{"$f":"IF(C943=0,\"\",VLOOKUP(C943,BNCDADOS!$A:$G,4,0))","v":30600.59},{"$f":"IF(C943=0,\"\",VLOOKUP(C943,BNCDADOS!$A:$G,5,0))","v":37849.86},{"$f":"IF(H943=\"\",0,TRUNC(H943*F943,2))","v":37849.86},{"$f":"IF(C943=0,\"\",VLOOKUP(C943,BNCDADOS!$A:$G,6,0))","v":29570.710000000003},{"$f":"IF(C943=0,\"\",VLOOKUP(C943,BNCDADOS!$A:$G,7,0))","v":38430.089999999997},{"$f":"IF(K943=\"\",0,TRUNC(K943*F943,2))","v":38430.089999999997},{"$f":"SUMIF('MC - TRECHO 03'!A:A,Orçamento!A943,'MC - TRECHO 03'!R:R)","v":1}]
["4.2.6",{"$f":"IF(C944=0,\"\",VLOOKUP(C944,[142]BNCDADOS!$A:$G,8,0))","v":""},null,"DIVERSOS",{"$f":"IF(C944=0,\"\",VLOOKUP(C944,[142]BNCDADOS!$A:$G,3,0))","v":""},{"$f":"TRUNC(M943,2)","v":1},{"$f":"IF(C944=0,\"\",VLOOKUP(C944,[142]BNCDADOS!$A:$G,4,0))","v":""},{"$f":"IF(C944=0,\"\",VLOOKUP(C944,[142]BNCDADOS!$A:$G,5,0))","v":""},{"$f":"SUM(I945:I946)","v":16094.11},{"$f":"IF(C944=0,\"\",VLOOKUP(C944,[142]BNCDADOS!$A:$G,6,0))","v":""},{"$f":"IF(C944=0,\"\",VLOOKUP(C944,[142]BNCDADOS!$A:$G,7,0))","v":""},{"$f":"SUM(L945:L946)","v":15920.64}]
["4.2.6.1",{"$f":"IF(C945=0,\"\",VLOOKUP(C945,BNCDADOS!$A:$H,8,0))","v":0},"COMP 05",{"$f":"IF(C945=0,\"\",VLOOKUP(C945,BNCDADOS!$A:$G,2,0))","v":"LIMPEZA, DESINFECÇÃO E TESTE DE REDES E ADUTORAS DE ABASTECIMENTO DE ÁGUA"},{"$f":"IF(C945=0,\"\",VLOOKUP(C945,BNCDADOS!$A:$G,3,0))","v":"M"},1927.44,{"$f":"IF(C945=0,\"\",VLOOKUP(C945,BNCDADOS!$A:$G,4,0))","v":5.16},{"$f":"IF(C945=0,\"\",VLOOKUP(C945,BNCDADOS!$A:$G,5,0))","v":6.38},{"$f":"IF(H945=\"\",0,TRUNC(H945*F945,2))","v":12297.06},{"$f":"IF(C945=0,\"\",VLOOKUP(C945,BNCDADOS!$A:$G,6,0))","v":4.9399999999999995},{"$f":"IF(C945=0,\"\",VLOOKUP(C945,BNCDADOS!$A:$G,7,0))","v":6.42},{"$f":"IF(K945=\"\",0,TRUNC(K945*F945,2))","v":12374.16},{"$f":"SUMIF('MC - TRECHO 03'!A:A,Orçamento!A945,'MC - TRECHO 03'!R:R)","v":1927.44}]
["4.2.6.2",{"$f":"IF(C946=0,\"\",VLOOKUP(C946,BNCDADOS!$A:$H,8,0))","v":"caern"},2220075,{"$f":"IF(C946=0,\"\",VLOOKUP(C946,BNCDADOS!$A:$G,2,0))","v":"CADASTRO DE ADUTORAS, COLETORES, INTERCEPTORES E EMISSÁRIOS - INCLUSIVE DESENHISTA. R_11/2021"},{"$f":"IF(C946=0,\"\",VLOOKUP(C946,BNCDADOS!$A:$G,3,0))","v":"M"},1927.44,{"$f":"IF(C946=0,\"\",VLOOKUP(C946,BNCDADOS!$A:$G,4,0))","v":1.6},{"$f":"IF(C946=0,\"\",VLOOKUP(C946,BNCDADOS!$A:$G,5,0))","v":1.97},3797.05,{"$f":"IF(C946=0,\"\",VLOOKUP(C946,BNCDADOS!$A:$G,6,0))","v":1.4200000000000002},{"$f":"IF(C946=0,\"\",VLOOKUP(C946,BNCDADOS!$A:$G,7,0))","v":1.84},3546.48,{"$f":"SUMIF('MC - TRECHO 03'!A:A,Orçamento!A946,'MC - TRECHO 03'!R:R)","v":1927.44}]
[]
["4.3",null,null,{"$f":"'[142]MC - TRECHO 03'!B202","v":"SERVIÇOS_ESTAÇÃO ELEVATÓRIA DE ÁGUA TRATADA_NOVA CRUZ"},{"$nulls":4},{"$f":"SUM(I949,I960,I973,I991,I1002,I1005,I1009,I1014,I1019,I1025,I1046,I1048)","v":5830860.9099999992},null,null,{"$f":"SUM(L949,L960,L973,L991,L1002,L1005,L1009,L1014,L1019,L1025,L1046,L1048)","v":6016852.1500000004}]
["4.3.1",{"$f":"IF(C949=0,\"\",VLOOKUP(C949,[142]BNCDADOS!$A:$G,8,0))","v":""},null,"SERVIÇOS PRELIMINARES",{"$f":"IF(C949=0,\"\",VLOOKUP(C949,[142]BNCDADOS!$A:$G,3,0))","v":""},{"$f":"TRUNC(M949,2)","v":0},{"$f":"IF(C949=0,\"\",VLOOKUP(C949,[142]BNCDADOS!$A:$G,4,0))","v":""},{"$f":"IF(C949=0,\"\",VLOOKUP(C949,[142]BNCDADOS!$A:$G,5,0))","v":""},{"$f":"SUM(I950:I959)","v":1542511.3499999999},{"$f":"IF(C949=0,\"\",VLOOKUP(C949,[142]BNCDADOS!$A:$G,6,0))","v":""},{"$f":"IF(C949=0,\"\",VLOOKUP(C949,[142]BNCDADOS!$A:$G,7,0))","v":""},{"$f":"SUM(L950:L959)","v":1595657.25}]
["4.3.1.1",{"$f":"IF(C950=0,\"\",VLOOKUP(C950,BNCDADOS!$A:$H,8,0))","v":"SINAPI/RN\nSERVIÇO"},98525,{"$f":"IF(C950=0,\"\",VLOOKUP(C950,BNCDADOS!$A:$G,2,0))","v":"LIMPEZA MECANIZADA DE CAMADA VEGETAL, VEGETAÇÃO E PEQUENAS ÁRVORES (DIÂMETRO DE TRONCO MENOR QUE 0,20 M), COM TRATOR DE ESTEIRAS. AF_03/2024"},{"$f":"IF(C950=0,\"\",VLOOKUP(C950,BNCDADOS!$A:$G,3,0))","v":"M2"},2420.0300000000002,{"$f":"IF(C950=0,\"\",VLOOKUP(C950,BNCDADOS!$A:$G,4,0))","v":"0,61"},{"$f":"IF(C950=0,\"\",VLOOKUP(C950,BNCDADOS!$A:$G,5,0))","v":0.75},{"$f":"IF(H950=\"\",0,TRUNC(H950*F950,2))","v":1815.02},{"$f":"IF(C950=0,\"\",VLOOKUP(C950,BNCDADOS!$A:$G,6,0))","v":"0,58"},{"$f":"IF(C950=0,\"\",VLOOKUP(C950,BNCDADOS!$A:$G,7,0))","v":0.75},{"$f":"IF(K950=\"\",0,TRUNC(K950*F950,2))","v":1815.02},{"$f":"SUMIF('MC - TRECHO 03'!A:A,Orçamento!A950,'MC - TRECHO 03'!R:R)","v":2420.0304000000001}]
["4.3.1.2",{"$f":"IF(C951=0,\"\",VLOOKUP(C951,BNCDADOS!$A:$H,8,0))","v":"SINAPI/RN\nSERVIÇO"},98527,{"$f":"IF(C951=0,\"\",VLOOKUP(C951,BNCDADOS!$A:$G,2,0))","v":"REMOÇÃO DE RAÍZES REMANESCENTES DE TRONCO DE ÁRVORE COM DIÂMETRO MAIOR OU IGUAL A 0,40 M E MENOR QUE 0,60 M. AF_03/2024"},{"$f":"IF(C951=0,\"\",VLOOKUP(C951,BNCDADOS!$A:$G,3,0))","v":"UN"},121,{"$f":"IF(C951=0,\"\",VLOOKUP(C951,BNCDADOS!$A:$G,4,0))","v":"209,89"},{"$f":"IF(C951=0,\"\",VLOOKUP(C951,BNCDADOS!$A:$G,5,0))","v":259.61},31412.81,{"$f":"IF(C951=0,\"\",VLOOKUP(C951,BNCDADOS!$A:$G,6,0))","v":"195,46"},{"$f":"IF(C951=0,\"\",VLOOKUP(C951,BNCDADOS!$A:$G,7,0))","v":254.01},30735.21,{"$f":"SUMIF('MC - TRECHO 03'!A:A,Orçamento!A951,'MC - TRECHO 03'!R:R)","v":121}]
["4.3.1.3",{"$f":"IF(C952=0,\"\",VLOOKUP(C952,BNCDADOS!$A:$H,8,0))","v":"SINAPI/RN\nSERVIÇO"},100982,{"$f":"IF(C952=0,\"\",VLOOKUP(C952,BNCDADOS!$A:$G,2,0))","v":"CARGA, MANOBRA E DESCARGA DE ENTULHO EM CAMINHÃO BASCULANTE 10 M³ - CARGA COM ESCAVADEIRA HIDRÁULICA  (CAÇAMBA DE 0,80 M³ / 111 HP) E DESCARGA LIVRE (UNIDADE: M3). AF_07/2020"},{"$f":"IF(C952=0,\"\",VLOOKUP(C952,BNCDADOS!$A:$G,3,0))","v":"M3"},1210.01,{"$f":"IF(C952=0,\"\",VLOOKUP(C952,BNCDADOS!$A:$G,4,0))","v":"9,22"},{"$f":"IF(C952=0,\"\",VLOOKUP(C952,BNCDADOS!$A:$G,5,0))","v":11.4},13794.11,{"$f":"IF(C952=0,\"\",VLOOKUP(C952,BNCDADOS!$A:$G,6,0))","v":"9,04"},{"$f":"IF(C952=0,\"\",VLOOKUP(C952,BNCDADOS!$A:$G,7,0))","v":11.74},14205.51,{"$f":"SUMIF('MC - TRECHO 03'!A:A,Orçamento!A952,'MC - TRECHO 03'!R:R)","v":1210.0152}]
["4.3.1.4",{"$f":"IF(C953=0,\"\",VLOOKUP(C953,BNCDADOS!$A:$H,8,0))","v":"SINAPI/RN\nSERVIÇO"},93591,{"$f":"IF(C953=0,\"\",VLOOKUP(C953,BNCDADOS!$A:$G,2,0))","v":"TRANSPORTE COM CAMINHÃO BASCULANTE DE 14 M³, EM VIA URBANA EM LEITO NATURAL (UNIDADE: M3XKM). AF_07/2020"},{"$f":"IF(C953=0,\"\",VLOOKUP(C953,BNCDADOS!$A:$G,3,0))","v":"M3XKM"},22869.279999999999,{"$f":"IF(C953=0,\"\",VLOOKUP(C953,BNCDADOS!$A:$G,4,0))","v":"2,83"},{"$f":"IF(C953=0,\"\",VLOOKUP(C953,BNCDADOS!$A:$G,5,0))","v":3.5},80042.48,{"$f":"IF(C953=0,\"\",VLOOKUP(C953,BNCDADOS!$A:$G,6,0))","v":"2,80"},{"$f":"IF(C953=0,\"\",VLOOKUP(C953,BNCDADOS!$A:$G,7,0))","v":3.63},83015.48,{"$f":"SUMIF('MC - TRECHO 03'!A:A,Orçamento!A953,'MC - TRECHO 03'!R:R)","v":22869.287280000004}]
["4.3.1.5",{"$f":"IF(C954=0,\"\",VLOOKUP(C954,BNCDADOS!$A:$H,8,0))","v":"SINAPI/RN\nSERVIÇO"},93592,{"$f":"IF(C954=0,\"\",VLOOKUP(C954,BNCDADOS!$A:$G,2,0))","v":"TRANSPORTE COM CAMINHÃO BASCULANTE DE 14 M³, EM VIA URBANA EM REVESTIMENTO PRIMÁRIO (UNIDADE: M3XKM). AF_07/2020"},{"$f":"IF(C954=0,\"\",VLOOKUP(C954,BNCDADOS!$A:$G,3,0))","v":"M3XKM"},432882.93,{"$f":"IF(C954=0,\"\",VLOOKUP(C954,BNCDADOS!$A:$G,4,0))","v":"2,45"},{"$f":"IF(C954=0,\"\",VLOOKUP(C954,BNCDADOS!$A:$G,5,0))","v":3.03},1311635.27,{"$f":"IF(C954=0,\"\",VLOOKUP(C954,BNCDADOS!$A:$G,6,0))","v":"2,42"},{"$f":"IF(C954=0,\"\",VLOOKUP(C954,BNCDADOS!$A:$G,7,0))","v":3.14},1359252.4,{"$f":"SUMIF('MC - TRECHO 03'!A:A,Orçamento!A954,'MC - TRECHO 03'!R:R)","v":432882.93780000007}]
["4.3.1.6",{"$f":"IF(C955=0,\"\",VLOOKUP(C955,BNCDADOS!$A:$H,8,0))","v":"SINAPI/RN\nSERVIÇO"},98459,{"$f":"IF(C955=0,\"\",VLOOKUP(C955,BNCDADOS!$A:$G,2,0))","v":"TAPUME COM TELHA METÁLICA. AF_03/2024"},{"$f":"IF(C955=0,\"\",VLOOKUP(C955,BNCDADOS!$A:$G,3,0))","v":"M2"},437.84,{"$f":"IF(C955=0,\"\",VLOOKUP(C955,BNCDADOS!$A:$G,4,0))","v":"101,37"},{"$f":"IF(C955=0,\"\",VLOOKUP(C955,BNCDADOS!$A:$G,5,0))","v":125.38},54896.37,{"$f":"IF(C955=0,\"\",VLOOKUP(C955,BNCDADOS!$A:$G,6,0))","v":"98,15"},{"$f":"IF(C955=0,\"\",VLOOKUP(C955,BNCDADOS!$A:$G,7,0))","v":127.55},55846.49,{"$f":"SUMIF('MC - TRECHO 03'!A:A,Orçamento!A955,'MC - TRECHO 03'!R:R)","v":437.84}]
["4.3.1.7",{"$f":"IF(C956=0,\"\",VLOOKUP(C956,BNCDADOS!$A:$H,8,0))","v":"SINAPI/RN\nSERVIÇO"},99059,{"$f":"IF(C956=0,\"\",VLOOKUP(C956,BNCDADOS!$A:$G,2,0))","v":"LOCAÇÃO CONVENCIONAL DE OBRA, UTILIZANDO GABARITO DE TÁBUAS CORRIDAS PONTALETADAS A CADA 2,00M -  2 UTILIZAÇÕES. AF_03/2024"},{"$f":"IF(C956=0,\"\",VLOOKUP(C956,BNCDADOS!$A:$G,3,0))","v":"M"},117.4,{"$f":"IF(C956=0,\"\",VLOOKUP(C956,BNCDADOS!$A:$G,4,0))","v":"68,49"},{"$f":"IF(C956=0,\"\",VLOOKUP(C956,BNCDADOS!$A:$G,5,0))","v":84.71},9944.9500000000007,{"$f":"IF(C956=0,\"\",VLOOKUP(C956,BNCDADOS!$A:$G,6,0))","v":"64,82"},{"$f":"IF(C956=0,\"\",VLOOKUP(C956,BNCDADOS!$A:$G,7,0))","v":84.24},9889.77,{"$f":"SUMIF('MC - TRECHO 03'!A:A,Orçamento!A956,'MC - TRECHO 03'!R:R)","v":117.4}]
["4.3.1.8",{"$f":"IF(C957=0,\"\",VLOOKUP(C957,BNCDADOS!$A:$H,8,0))","v":"caern"},2010050,{"$f":"IF(C957=0,\"\",VLOOKUP(C957,BNCDADOS!$A:$G,2,0))","v":"LOCAÇÃO DE ADUTORAS, COLETORES TRONCO E INTERCEPTORES - COM AUXÍLIO DE EQUIPAMENTO TOPOGRÁFICO. R_11/2018"},{"$f":"IF(C957=0,\"\",VLOOKUP(C957,BNCDADOS!$A:$G,3,0))","v":"M"},79.400000000000006,{"$f":"IF(C957=0,\"\",VLOOKUP(C957,BNCDADOS!$A:$G,4,0))","v":2.56},{"$f":"IF(C957=0,\"\",VLOOKUP(C957,BNCDADOS!$A:$G,5,0))","v":3.16},250.9,{"$f":"IF(C957=0,\"\",VLOOKUP(C957,BNCDADOS!$A:$G,6,0))","v":2.2400000000000002},{"$f":"IF(C957=0,\"\",VLOOKUP(C957,BNCDADOS!$A:$G,7,0))","v":2.91},231.05,{"$f":"SUMIF('MC - TRECHO 03'!A:A,Orçamento!A957,'MC - TRECHO 03'!R:R)","v":79.400000000000006}]
["4.3.1.9",{"$f":"IF(C958=0,\"\",VLOOKUP(C958,BNCDADOS!$A:$H,8,0))","v":0},"COMP 13",{"$f":"IF(C958=0,\"\",VLOOKUP(C958,BNCDADOS!$A:$G,2,0))","v":"LOCAÇÃO DE CONTÊINER ALMOXARIFADO COM PISO NAVAL - 6,00M X 2,35M - PARA USO EM CANTEIRO DE OBRAS"},{"$f":"IF(C958=0,\"\",VLOOKUP(C958,BNCDADOS!$A:$G,3,0))","v":"UM X MÊS"},24,{"$f":"IF(C958=0,\"\",VLOOKUP(C958,BNCDADOS!$A:$G,4,0))","v":800.6},{"$f":"IF(C958=0,\"\",VLOOKUP(C958,BNCDADOS!$A:$G,5,0))","v":990.26},23766.240000000002,{"$f":"IF(C958=0,\"\",VLOOKUP(C958,BNCDADOS!$A:$G,6,0))","v":800.6},{"$f":"IF(C958=0,\"\",VLOOKUP(C958,BNCDADOS!$A:$G,7,0))","v":1040.45},24970.799999999999,{"$f":"SUMIF('MC - TRECHO 03'!A:A,Orçamento!A958,'MC - TRECHO 03'!R:R)","v":24}]
["4.3.1.10",{"$f":"IF(C959=0,\"\",VLOOKUP(C959,BNCDADOS!$A:$H,8,0))","v":0},"COMP 01",{"$f":"IF(C959=0,\"\",VLOOKUP(C959,BNCDADOS!$A:$G,2,0))","v":"CANTEIRO ITINERANTE COMPOSTO DE TOLDO, CONJUNTO DE MESA E CADEIRAS E BANHEIRO QUÍMICO COM LIMPEZA DIÁRIA INCLUSO COLETA E DESTINAÇÃO FINAL DE EFLUENTES"},{"$f":"IF(C959=0,\"\",VLOOKUP(C959,BNCDADOS!$A:$G,3,0))","v":"UN"},12,{"$f":"IF(C959=0,\"\",VLOOKUP(C959,BNCDADOS!$A:$G,4,0))","v":1007.4399999999999},{"$f":"IF(C959=0,\"\",VLOOKUP(C959,BNCDADOS!$A:$G,5,0))","v":1246.0999999999999},14953.2,{"$f":"IF(C959=0,\"\",VLOOKUP(C959,BNCDADOS!$A:$G,6,0))","v":1006.4399999999999},{"$f":"IF(C959=0,\"\",VLOOKUP(C959,BNCDADOS!$A:$G,7,0))","v":1307.96},15695.52,{"$f":"SUMIF('MC - TRECHO 03'!A:A,Orçamento!A959,'MC - TRECHO 03'!R:R)","v":12}]
["4.3.2",{"$f":"IF(C960=0,\"\",VLOOKUP(C960,[142]BNCDADOS!$A:$G,8,0))","v":""},null,"TRABALHOS EM TERRA",{"$f":"IF(C960=0,\"\",VLOOKUP(C960,[142]BNCDADOS!$A:$G,3,0))","v":""},0,{"$f":"IF(C960=0,\"\",VLOOKUP(C960,[142]BNCDADOS!$A:$G,4,0))","v":""},{"$f":"IF(C960=0,\"\",VLOOKUP(C960,[142]BNCDADOS!$A:$G,5,0))","v":""},{"$f":"SUM(I962:I972)","v":2455299.9499999993},{"$f":"IF(C960=0,\"\",VLOOKUP(C960,[142]BNCDADOS!$A:$G,6,0))","v":""},{"$f":"IF(C960=0,\"\",VLOOKUP(C960,[142]BNCDADOS!$A:$G,7,0))","v":""},{"$f":"SUM(L962:L972)","v":2537568.91},0]
[null,{"$f":"IF(C961=0,\"\",VLOOKUP(C961,[142]BNCDADOS!$A:$G,8,0))","v":""},null,{"$f":"'[142]MC - TRECHO 02'!D551","v":{"$error":"#REF!"}},{"$f":"IF(C961=0,\"\",VLOOKUP(C961,[142]BNCDADOS!$A:$G,3,0))","v":""},0,{"$f":"IF(C961=0,\"\",VLOOKUP(C961,[142]BNCDADOS!$A:$G,4,0))","v":""},{"$nulls":5},0]
["4.3.2.1",{"$f":"IF(C962=0,\"\",VLOOKUP(C962,BNCDADOS!$A:$H,8,0))","v":"SINAPI/RN\nSERVIÇO"},96385,{"$f":"IF(C962=0,\"\",VLOOKUP(C962,BNCDADOS!$A:$G,2,0))","v":"EXECUÇÃO E COMPACTAÇÃO DE ATERRO COM SOLO PREDOMINANTEMENTE ARGILOSO - EXCLUSIVE SOLO, ESCAVAÇÃO, CARGA E TRANSPORTE. AF_11/2019"},{"$f":"IF(C962=0,\"\",VLOOKUP(C962,BNCDADOS!$A:$G,3,0))","v":"M3"},16644.64,{"$f":"IF(C962=0,\"\",VLOOKUP(C962,BNCDADOS!$A:$G,4,0))","v":"11,83"},{"$f":"IF(C962=0,\"\",VLOOKUP(C962,BNCDADOS!$A:$G,5,0))","v":14.63},{"$f":"IF(H962=\"\",0,TRUNC(H962*F962,2))","v":243511.08},{"$f":"IF(C962=0,\"\",VLOOKUP(C962,BNCDADOS!$A:$G,6,0))","v":"11,38"},{"$f":"IF(C962=0,\"\",VLOOKUP(C962,BNCDADOS!$A:$G,7,0))","v":14.78},{"$f":"IF(K962=\"\",0,TRUNC(K962*F962,2))","v":246007.77},{"$f":"SUMIF('MC - TRECHO 03'!A:A,Orçamento!A962,'MC - TRECHO 03'!R:R)","v":16644.646079999999}]
["4.3.2.2",{"$f":"IF(C963=0,\"\",VLOOKUP(C963,BNCDADOS!$A:$H,8,0))","v":"SINAPI/RN\nSERVIÇO"},101232,{"$f":"IF(C963=0,\"\",VLOOKUP(C963,BNCDADOS!$A:$G,2,0))","v":"ESCAVAÇÃO VERTICAL PARA INFRAESTRUTURA, COM CARGA, DESCARGA E TRANSPORTE DE SOLO DE 1ª CATEGORIA, COM ESCAVADEIRA HIDRÁULICA (CAÇAMBA: 1,2 M³ / 155 HP), FROTA DE 3 CAMINHÕES BASCULANTES DE 14 M³, DMT ATÉ 1 KM E VELOCIDADE MÉDIA14 KM/H. AF_05/2020"},{"$f":"IF(C963=0,\"\",VLOOKUP(C963,BNCDADOS!$A:$G,3,0))","v":"M3"},16644.64,{"$f":"IF(C963=0,\"\",VLOOKUP(C963,BNCDADOS!$A:$G,4,0))","v":"9,80"},{"$f":"IF(C963=0,\"\",VLOOKUP(C963,BNCDADOS!$A:$G,5,0))","v":12.12},201733.03,{"$f":"IF(C963=0,\"\",VLOOKUP(C963,BNCDADOS!$A:$G,6,0))","v":"9,66"},{"$f":"IF(C963=0,\"\",VLOOKUP(C963,BNCDADOS!$A:$G,7,0))","v":12.55},208890.23,{"$f":"SUMIF('MC - TRECHO 03'!A:A,Orçamento!A963,'MC - TRECHO 03'!R:R)","v":16644.646079999999}]
["4.3.2.3",{"$f":"IF(C964=0,\"\",VLOOKUP(C964,BNCDADOS!$A:$H,8,0))","v":"SINAPI/RN\nSERVIÇO"},93591,{"$f":"IF(C964=0,\"\",VLOOKUP(C964,BNCDADOS!$A:$G,2,0))","v":"TRANSPORTE COM CAMINHÃO BASCULANTE DE 14 M³, EM VIA URBANA EM LEITO NATURAL (UNIDADE: M3XKM). AF_07/2020"},{"$f":"IF(C964=0,\"\",VLOOKUP(C964,BNCDADOS!$A:$G,3,0))","v":"M3XKM"},299603.62,{"$f":"IF(C964=0,\"\",VLOOKUP(C964,BNCDADOS!$A:$G,4,0))","v":"2,83"},{"$f":"IF(C964=0,\"\",VLOOKUP(C964,BNCDADOS!$A:$G,5,0))","v":3.5},1048612.67,{"$f":"IF(C964=0,\"\",VLOOKUP(C964,BNCDADOS!$A:$G,6,0))","v":"2,80"},{"$f":"IF(C964=0,\"\",VLOOKUP(C964,BNCDADOS!$A:$G,7,0))","v":3.63},1087561.1399999999,{"$f":"SUMIF('MC - TRECHO 03'!A:A,Orçamento!A964,'MC - TRECHO 03'!R:R)","v":299603.62943999999}]
["4.3.2.4",{"$f":"IF(C965=0,\"\",VLOOKUP(C965,BNCDADOS!$A:$H,8,0))","v":"SINAPI/RN\nSERVIÇO"},93592,{"$f":"IF(C965=0,\"\",VLOOKUP(C965,BNCDADOS!$A:$G,2,0))","v":"TRANSPORTE COM CAMINHÃO BASCULANTE DE 14 M³, EM VIA URBANA EM REVESTIMENTO PRIMÁRIO (UNIDADE: M3XKM). AF_07/2020"},{"$f":"IF(C965=0,\"\",VLOOKUP(C965,BNCDADOS!$A:$G,3,0))","v":"M3XKM"},299603.62,{"$f":"IF(C965=0,\"\",VLOOKUP(C965,BNCDADOS!$A:$G,4,0))","v":"2,45"},{"$f":"IF(C965=0,\"\",VLOOKUP(C965,BNCDADOS!$A:$G,5,0))","v":3.03},907798.96,{"$f":"IF(C965=0,\"\",VLOOKUP(C965,BNCDADOS!$A:$G,6,0))","v":"2,42"},{"$f":"IF(C965=0,\"\",VLOOKUP(C965,BNCDADOS!$A:$G,7,0))","v":3.14},940755.36,{"$f":"SUMIF('MC - TRECHO 03'!A:A,Orçamento!A965,'MC - TRECHO 03'!R:R)","v":299603.62943999999}]
["4.3.2.5",{"$f":"IF(C966=0,\"\",VLOOKUP(C966,BNCDADOS!$A:$H,8,0))","v":"SINAPI/RN\nSERVIÇO"},98520,{"$f":"IF(C966=0,\"\",VLOOKUP(C966,BNCDADOS!$A:$G,2,0))","v":"APLICAÇÃO DE ADUBO EM SOLO. AF_07/2024"},{"$f":"IF(C966=0,\"\",VLOOKUP(C966,BNCDADOS!$A:$G,3,0))","v":"M2"},160,{"$f":"IF(C966=0,\"\",VLOOKUP(C966,BNCDADOS!$A:$G,4,0))","v":"6,22"},{"$f":"IF(C966=0,\"\",VLOOKUP(C966,BNCDADOS!$A:$G,5,0))","v":7.69},1230.4000000000001,{"$f":"IF(C966=0,\"\",VLOOKUP(C966,BNCDADOS!$A:$G,6,0))","v":"6,09"},{"$f":"IF(C966=0,\"\",VLOOKUP(C966,BNCDADOS!$A:$G,7,0))","v":7.91},1265.5999999999999,{"$f":"SUMIF('MC - TRECHO 03'!A:A,Orçamento!A966,'MC - TRECHO 03'!R:R)","v":160}]
["4.3.2.6",{"$f":"IF(C967=0,\"\",VLOOKUP(C967,BNCDADOS!$A:$H,8,0))","v":"SINAPI/RN\nSERVIÇO"},98504,{"$f":"IF(C967=0,\"\",VLOOKUP(C967,BNCDADOS!$A:$G,2,0))","v":"PLANTIO DE GRAMA BATATAIS EM PLACAS. AF_07/2024"},{"$f":"IF(C967=0,\"\",VLOOKUP(C967,BNCDADOS!$A:$G,3,0))","v":"M2"},160,{"$f":"IF(C967=0,\"\",VLOOKUP(C967,BNCDADOS!$A:$G,4,0))","v":"13,41"},{"$f":"IF(C967=0,\"\",VLOOKUP(C967,BNCDADOS!$A:$G,5,0))","v":16.579999999999998},2652.8,{"$f":"IF(C967=0,\"\",VLOOKUP(C967,BNCDADOS!$A:$G,6,0))","v":"13,08"},{"$f":"IF(C967=0,\"\",VLOOKUP(C967,BNCDADOS!$A:$G,7,0))","v":16.989999999999998},2718.4,{"$f":"SUMIF('MC - TRECHO 03'!A:A,Orçamento!A967,'MC - TRECHO 03'!R:R)","v":160}]
[null,{"$f":"IF(C968=0,\"\",VLOOKUP(C968,[142]BNCDADOS!$A:$G,8,0))","v":""},null,{"$f":"'[142]MC - TRECHO 02'!D592","v":{"$error":"#REF!"}},{"$f":"IF(C968=0,\"\",VLOOKUP(C968,[142]BNCDADOS!$A:$G,3,0))","v":""},0,{"$f":"IF(C968=0,\"\",VLOOKUP(C968,[142]BNCDADOS!$A:$G,4,0))","v":""},{"$nulls":5},0]
["4.3.2.7",{"$f":"IF(C969=0,\"\",VLOOKUP(C969,BNCDADOS!$A:$H,8,0))","v":"SINAPI/RN\nSERVIÇO"},96525,{"$f":"IF(C969=0,\"\",VLOOKUP(C969,BNCDADOS!$A:$G,2,0))","v":"ESCAVAÇÃO MECANIZADA PARA VIGA BALDRAME OU SAPATA CORRIDA COM MINI-ESCAVADEIRA (INCLUINDO ESCAVAÇÃO PARA COLOCAÇÃO DE FÔRMAS). AF_01/2024"},{"$f":"IF(C969=0,\"\",VLOOKUP(C969,BNCDADOS!$A:$G,3,0))","v":"M3"},105.56,{"$f":"IF(C969=0,\"\",VLOOKUP(C969,BNCDADOS!$A:$G,4,0))","v":"55,00"},{"$f":"IF(C969=0,\"\",VLOOKUP(C969,BNCDADOS!$A:$G,5,0))","v":68.02},{"$f":"IF(H969=\"\",0,TRUNC(H969*F969,2))","v":7180.19},{"$f":"IF(C969=0,\"\",VLOOKUP(C969,BNCDADOS!$A:$G,6,0))","v":"52,42"},{"$f":"IF(C969=0,\"\",VLOOKUP(C969,BNCDADOS!$A:$G,7,0))","v":68.12},{"$f":"IF(K969=\"\",0,TRUNC(K969*F969,2))","v":7190.74},{"$f":"SUMIF('MC - TRECHO 03'!A:A,Orçamento!A969,'MC - TRECHO 03'!R:R)","v":105.56800000000001}]
["4.3.2.8",{"$f":"IF(C970=0,\"\",VLOOKUP(C970,BNCDADOS!$A:$H,8,0))","v":"SINAPI/RN\nSERVIÇO"},93382,{"$f":"IF(C970=0,\"\",VLOOKUP(C970,BNCDADOS!$A:$G,2,0))","v":"REATERRO MANUAL DE VALAS, COM COMPACTADOR DE SOLOS DE PERCUSSÃO. AF_08/2023"},{"$f":"IF(C970=0,\"\",VLOOKUP(C970,BNCDADOS!$A:$G,3,0))","v":"M3"},87.4,{"$f":"IF(C970=0,\"\",VLOOKUP(C970,BNCDADOS!$A:$G,4,0))","v":"25,08"},{"$f":"IF(C970=0,\"\",VLOOKUP(C970,BNCDADOS!$A:$G,5,0))","v":31.02},2711.14,{"$f":"IF(C970=0,\"\",VLOOKUP(C970,BNCDADOS!$A:$G,6,0))","v":"22,89"},{"$f":"IF(C970=0,\"\",VLOOKUP(C970,BNCDADOS!$A:$G,7,0))","v":29.74},2599.27,{"$f":"SUMIF('MC - TRECHO 03'!A:A,Orçamento!A970,'MC - TRECHO 03'!R:R)","v":87.402860000000004}]
["4.3.2.9",{"$f":"IF(C971=0,\"\",VLOOKUP(C971,BNCDADOS!$A:$H,8,0))","v":"SINAPI/RN\nSERVIÇO"},101206,{"$f":"IF(C971=0,\"\",VLOOKUP(C971,BNCDADOS!$A:$G,2,0))","v":"ESCAVAÇÃO VERTICAL PARA  EDIFICAÇÃO, COM CARGA, DESCARGA E TRANSPORTE DE SOLO DE 1ª CATEGORIA, COM ESCAVADEIRA HIDRÁULICA (CAÇAMBA: 0,8 M³ / 111 HP), FROTA DE 3 CAMINHÕES BASCULANTES DE 14 M³, DMT ATÉ 1 KM E VELOCIDADE MÉDIA 14 KM/H. AF_05/2020"},{"$f":"IF(C971=0,\"\",VLOOKUP(C971,BNCDADOS!$A:$G,3,0))","v":"M3"},1609,{"$f":"IF(C971=0,\"\",VLOOKUP(C971,BNCDADOS!$A:$G,4,0))","v":"13,00"},{"$f":"IF(C971=0,\"\",VLOOKUP(C971,BNCDADOS!$A:$G,5,0))","v":16.07},25856.63,{"$f":"IF(C971=0,\"\",VLOOKUP(C971,BNCDADOS!$A:$G,6,0))","v":"12,77"},{"$f":"IF(C971=0,\"\",VLOOKUP(C971,BNCDADOS!$A:$G,7,0))","v":16.59},26693.31,{"$f":"SUMIF('MC - TRECHO 03'!A:A,Orçamento!A971,'MC - TRECHO 03'!R:R)","v":1609}]
["4.3.2.10",{"$f":"IF(C972=0,\"\",VLOOKUP(C972,BNCDADOS!$A:$H,8,0))","v":"SINAPI/RN\nSERVIÇO"},93379,{"$f":"IF(C972=0,\"\",VLOOKUP(C972,BNCDADOS!$A:$G,2,0))","v":"REATERRO MECANIZADO DE VALA COM RETROESCAVADEIRA (CAPACIDADE DA CAÇAMBA   DA RETRO: 0,26 M³/POTÊNCIA: 88 HP), LARGURA 0,8 A 1,5 M, PROFUNDIDADE ATÉ 1,5 M, COM SOLO (SEM SUBSTITUIÇÃO) DE 1ª CATEGORIA, COM COMPACTADOR DE SOLOS DE PERCUSSÃO AF_08/2023"},{"$f":"IF(C972=0,\"\",VLOOKUP(C972,BNCDADOS!$A:$G,3,0))","v":"M3"},629.79999999999995,{"$f":"IF(C972=0,\"\",VLOOKUP(C972,BNCDADOS!$A:$G,4,0))","v":"17,99"},{"$f":"IF(C972=0,\"\",VLOOKUP(C972,BNCDADOS!$A:$G,5,0))","v":22.25},14013.05,{"$f":"IF(C972=0,\"\",VLOOKUP(C972,BNCDADOS!$A:$G,6,0))","v":"16,97"},{"$f":"IF(C972=0,\"\",VLOOKUP(C972,BNCDADOS!$A:$G,7,0))","v":22.05},13887.09,{"$f":"SUMIF('MC - TRECHO 03'!A:A,Orçamento!A972,'MC - TRECHO 03'!R:R)","v":629.80199999999991}]
["4.3.3",{"$f":"IF(C973=0,\"\",VLOOKUP(C973,[142]BNCDADOS!$A:$G,8,0))","v":""},null,{"$f":"'[142]MC - TRECHO 03'!D357","v":"ESTRUTURA"},{"$f":"IF(C973=0,\"\",VLOOKUP(C973,[142]BNCDADOS!$A:$G,3,0))","v":""},0,{"$f":"IF(C973=0,\"\",VLOOKUP(C973,[142]BNCDADOS!$A:$G,4,0))","v":""},{"$f":"IF(C973=0,\"\",VLOOKUP(C973,[142]BNCDADOS!$A:$G,5,0))","v":""},{"$f":"SUM(I975:I990)","v":1043303.39},{"$f":"IF(C973=0,\"\",VLOOKUP(C973,[142]BNCDADOS!$A:$G,6,0))","v":""},{"$f":"IF(C973=0,\"\",VLOOKUP(C973,[142]BNCDADOS!$A:$G,7,0))","v":""},{"$f":"SUM(L975:L990)","v":1076695.43},0]
["4.3.3.1",{"$f":"IF(C974=0,\"\",VLOOKUP(C974,BNCDADOS!$A:$H,8,0))","v":"SINAPI/RN\nSERVIÇO"},95241,{"$f":"IF(C974=0,\"\",VLOOKUP(C974,BNCDADOS!$A:$G,2,0))","v":"LASTRO DE CONCRETO MAGRO, APLICADO EM PISOS, LAJES SOBRE SOLO OU RADIERS, ESPESSURA DE 5 CM. AF_01/2024"},{"$f":"IF(C974=0,\"\",VLOOKUP(C974,BNCDADOS!$A:$G,3,0))","v":"M2"},237.84,{"$f":"IF(C974=0,\"\",VLOOKUP(C974,BNCDADOS!$A:$G,4,0))","v":"36,15"},{"$f":"IF(C974=0,\"\",VLOOKUP(C974,BNCDADOS!$A:$G,5,0))","v":44.71},{"$f":"IF(H974=\"\",0,TRUNC(H974*F974,2))","v":10633.82},{"$f":"IF(C974=0,\"\",VLOOKUP(C974,BNCDADOS!$A:$G,6,0))","v":"34,74"},{"$f":"IF(C974=0,\"\",VLOOKUP(C974,BNCDADOS!$A:$G,7,0))","v":45.14},{"$f":"IF(K974=\"\",0,TRUNC(K974*F974,2))","v":10736.09},{"$f":"SUMIF('MC - TRECHO 03'!A:A,Orçamento!A974,'MC - TRECHO 03'!R:R)","v":237.83999999999997}]
["4.3.3.2",{"$f":"IF(C975=0,\"\",VLOOKUP(C975,BNCDADOS!$A:$H,8,0))","v":"SINAPI/RN\nSERVIÇO"},103800,{"$f":"IF(C975=0,\"\",VLOOKUP(C975,BNCDADOS!$A:$G,2,0))","v":"PEDRA ARGAMASSADA COM CIMENTO E AREIA 1:3, 40% DE ARGAMASSA EM VOLUME - AREIA E PEDRA DE MÃO COMERCIAIS - FORNECIMENTO E ASSENTAMENTO. AF_08/2022"},{"$f":"IF(C975=0,\"\",VLOOKUP(C975,BNCDADOS!$A:$G,3,0))","v":"M3"},14.23,{"$f":"IF(C975=0,\"\",VLOOKUP(C975,BNCDADOS!$A:$G,4,0))","v":"534,85"},{"$f":"IF(C975=0,\"\",VLOOKUP(C975,BNCDADOS!$A:$G,5,0))","v":661.55},9413.85,{"$f":"IF(C975=0,\"\",VLOOKUP(C975,BNCDADOS!$A:$G,6,0))","v":"515,06"},{"$f":"IF(C975=0,\"\",VLOOKUP(C975,BNCDADOS!$A:$G,7,0))","v":669.37},9525.1299999999992,{"$f":"SUMIF('MC - TRECHO 03'!A:A,Orçamento!A975,'MC - TRECHO 03'!R:R)","v":14.235119999999998}]
["4.3.3.3",{"$f":"IF(C976=0,\"\",VLOOKUP(C976,BNCDADOS!$A:$H,8,0))","v":"SINAPI/RN\nSERVIÇO"},92421,{"$f":"IF(C976=0,\"\",VLOOKUP(C976,BNCDADOS!$A:$G,2,0))","v":"MONTAGEM E DESMONTAGEM DE FÔRMA DE PILARES RETANGULARES E ESTRUTURAS SIMILARES, PÉ-DIREITO DUPLO, EM CHAPA DE MADEIRA COMPENSADA RESINADA, 4 UTILIZAÇÕES. AF_09/2020"},{"$f":"IF(C976=0,\"\",VLOOKUP(C976,BNCDADOS!$A:$G,3,0))","v":"M2"},600.08000000000004,{"$f":"IF(C976=0,\"\",VLOOKUP(C976,BNCDADOS!$A:$G,4,0))","v":"111,97"},{"$f":"IF(C976=0,\"\",VLOOKUP(C976,BNCDADOS!$A:$G,5,0))","v":138.49},83105.070000000007,{"$f":"IF(C976=0,\"\",VLOOKUP(C976,BNCDADOS!$A:$G,6,0))","v":"106,36"},{"$f":"IF(C976=0,\"\",VLOOKUP(C976,BNCDADOS!$A:$G,7,0))","v":138.22},82943.05,{"$f":"SUMIF('MC - TRECHO 03'!A:A,Orçamento!A976,'MC - TRECHO 03'!R:R)","v":600.08000000000004}]
["4.3.3.4",{"$f":"IF(C977=0,\"\",VLOOKUP(C977,BNCDADOS!$A:$H,8,0))","v":"SINAPI/RN\nSERVIÇO"},92466,{"$f":"IF(C977=0,\"\",VLOOKUP(C977,BNCDADOS!$A:$G,2,0))","v":"MONTAGEM E DESMONTAGEM DE FÔRMA DE VIGA, ESCORAMENTO METÁLICO, PÉ-DIREITO DUPLO, EM CHAPA DE MADEIRA PLASTIFICADA, 10 UTILIZAÇÕES. AF_09/2020"},{"$f":"IF(C977=0,\"\",VLOOKUP(C977,BNCDADOS!$A:$G,3,0))","v":"M2"},9.8000000000000007,{"$f":"IF(C977=0,\"\",VLOOKUP(C977,BNCDADOS!$A:$G,4,0))","v":"215,04"},{"$f":"IF(C977=0,\"\",VLOOKUP(C977,BNCDADOS!$A:$G,5,0))","v":265.98},2606.6,{"$f":"IF(C977=0,\"\",VLOOKUP(C977,BNCDADOS!$A:$G,6,0))","v":"209,13"},{"$f":"IF(C977=0,\"\",VLOOKUP(C977,BNCDADOS!$A:$G,7,0))","v":271.77999999999997},2663.44,{"$f":"SUMIF('MC - TRECHO 03'!A:A,Orçamento!A977,'MC - TRECHO 03'!R:R)","v":9.8000000000000007}]
["4.3.3.5",{"$f":"IF(C978=0,\"\",VLOOKUP(C978,BNCDADOS!$A:$H,8,0))","v":"SINAPI/RN\nSERVIÇO"},92524,{"$f":"IF(C978=0,\"\",VLOOKUP(C978,BNCDADOS!$A:$G,2,0))","v":"MONTAGEM E DESMONTAGEM DE FÔRMA DE LAJE MACIÇA, PÉ-DIREITO DUPLO, EM CHAPA DE MADEIRA COMPENSADA PLASTIFICADA, 10 UTILIZAÇÕES. AF_09/2020"},{"$f":"IF(C978=0,\"\",VLOOKUP(C978,BNCDADOS!$A:$G,3,0))","v":"M2"},169.86,{"$f":"IF(C978=0,\"\",VLOOKUP(C978,BNCDADOS!$A:$G,4,0))","v":"69,33"},{"$f":"IF(C978=0,\"\",VLOOKUP(C978,BNCDADOS!$A:$G,5,0))","v":85.75},14565.49,{"$f":"IF(C978=0,\"\",VLOOKUP(C978,BNCDADOS!$A:$G,6,0))","v":"66,66"},{"$f":"IF(C978=0,\"\",VLOOKUP(C978,BNCDADOS!$A:$G,7,0))","v":86.63},14714.97,{"$f":"SUMIF('MC - TRECHO 03'!A:A,Orçamento!A978,'MC - TRECHO 03'!R:R)","v":169.86}]
["4.3.3.6",{"$f":"IF(C979=0,\"\",VLOOKUP(C979,BNCDADOS!$A:$H,8,0))","v":"SINAPI/RN\nSERVIÇO"},92916,{"$f":"IF(C979=0,\"\",VLOOKUP(C979,BNCDADOS!$A:$G,2,0))","v":"ARMAÇÃO DE ESTRUTURAS DIVERSAS DE CONCRETO ARMADO, EXCETO VIGAS, PILARES, LAJES E FUNDAÇÕES, UTILIZANDO AÇO CA-50 DE 6,3 MM - MONTAGEM. AF_06/2022"},{"$f":"IF(C979=0,\"\",VLOOKUP(C979,BNCDADOS!$A:$G,3,0))","v":"KG"},343.02,{"$f":"IF(C979=0,\"\",VLOOKUP(C979,BNCDADOS!$A:$G,4,0))","v":"15,76"},{"$f":"IF(C979=0,\"\",VLOOKUP(C979,BNCDADOS!$A:$G,5,0))","v":19.489999999999998},6685.45,{"$f":"IF(C979=0,\"\",VLOOKUP(C979,BNCDADOS!$A:$G,6,0))","v":"15,19"},{"$f":"IF(C979=0,\"\",VLOOKUP(C979,BNCDADOS!$A:$G,7,0))","v":19.739999999999998},6771.21,{"$f":"SUMIF('MC - TRECHO 03'!A:A,Orçamento!A979,'MC - TRECHO 03'!R:R)","v":343.02}]
["4.3.3.7",{"$f":"IF(C980=0,\"\",VLOOKUP(C980,BNCDADOS!$A:$H,8,0))","v":"SINAPI/RN\nSERVIÇO"},92917,{"$f":"IF(C980=0,\"\",VLOOKUP(C980,BNCDADOS!$A:$G,2,0))","v":"ARMAÇÃO DE ESTRUTURAS DIVERSAS DE CONCRETO ARMADO, EXCETO VIGAS, PILARES, LAJES E FUNDAÇÕES, UTILIZANDO AÇO CA-50 DE 8,0 MM - MONTAGEM. AF_06/2022"},{"$f":"IF(C980=0,\"\",VLOOKUP(C980,BNCDADOS!$A:$G,3,0))","v":"KG"},313,{"$f":"IF(C980=0,\"\",VLOOKUP(C980,BNCDADOS!$A:$G,4,0))","v":"14,39"},{"$f":"IF(C980=0,\"\",VLOOKUP(C980,BNCDADOS!$A:$G,5,0))","v":17.79},5568.27,{"$f":"IF(C980=0,\"\",VLOOKUP(C980,BNCDADOS!$A:$G,6,0))","v":"14,00"},{"$f":"IF(C980=0,\"\",VLOOKUP(C980,BNCDADOS!$A:$G,7,0))","v":18.190000000000001},5693.47,{"$f":"SUMIF('MC - TRECHO 03'!A:A,Orçamento!A980,'MC - TRECHO 03'!R:R)","v":313}]
["4.3.3.8",{"$f":"IF(C981=0,\"\",VLOOKUP(C981,BNCDADOS!$A:$H,8,0))","v":"SINAPI/RN\nSERVIÇO"},92919,{"$f":"IF(C981=0,\"\",VLOOKUP(C981,BNCDADOS!$A:$G,2,0))","v":"ARMAÇÃO DE ESTRUTURAS DIVERSAS DE CONCRETO ARMADO, EXCETO VIGAS, PILARES, LAJES E FUNDAÇÕES, UTILIZANDO AÇO CA-50 DE 10,0 MM - MONTAGEM. AF_06/2022"},{"$f":"IF(C981=0,\"\",VLOOKUP(C981,BNCDADOS!$A:$G,3,0))","v":"KG"},3106,{"$f":"IF(C981=0,\"\",VLOOKUP(C981,BNCDADOS!$A:$G,4,0))","v":"12,59"},{"$f":"IF(C981=0,\"\",VLOOKUP(C981,BNCDADOS!$A:$G,5,0))","v":15.57},48360.42,{"$f":"IF(C981=0,\"\",VLOOKUP(C981,BNCDADOS!$A:$G,6,0))","v":"12,31"},{"$f":"IF(C981=0,\"\",VLOOKUP(C981,BNCDADOS!$A:$G,7,0))","v":15.99},49664.94,{"$f":"SUMIF('MC - TRECHO 03'!A:A,Orçamento!A981,'MC - TRECHO 03'!R:R)","v":3106}]
["4.3.3.9",{"$f":"IF(C982=0,\"\",VLOOKUP(C982,BNCDADOS!$A:$H,8,0))","v":"SINAPI/RN\nSERVIÇO"},92921,{"$f":"IF(C982=0,\"\",VLOOKUP(C982,BNCDADOS!$A:$G,2,0))","v":"ARMAÇÃO DE ESTRUTURAS DIVERSAS DE CONCRETO ARMADO, EXCETO VIGAS, PILARES, LAJES E FUNDAÇÕES, UTILIZANDO AÇO CA-50 DE 12,5 MM - MONTAGEM. AF_06/2022"},{"$f":"IF(C982=0,\"\",VLOOKUP(C982,BNCDADOS!$A:$G,3,0))","v":"KG"},496,{"$f":"IF(C982=0,\"\",VLOOKUP(C982,BNCDADOS!$A:$G,4,0))","v":"10,41"},{"$f":"IF(C982=0,\"\",VLOOKUP(C982,BNCDADOS!$A:$G,5,0))","v":12.87},6383.52,{"$f":"IF(C982=0,\"\",VLOOKUP(C982,BNCDADOS!$A:$G,6,0))","v":"10,23"},{"$f":"IF(C982=0,\"\",VLOOKUP(C982,BNCDADOS!$A:$G,7,0))","v":13.29},6591.84,{"$f":"SUMIF('MC - TRECHO 03'!A:A,Orçamento!A982,'MC - TRECHO 03'!R:R)","v":496}]
["4.3.3.10",{"$f":"IF(C983=0,\"\",VLOOKUP(C983,BNCDADOS!$A:$H,8,0))","v":"SINAPI/RN\nSERVIÇO"},92922,{"$f":"IF(C983=0,\"\",VLOOKUP(C983,BNCDADOS!$A:$G,2,0))","v":"ARMAÇÃO DE ESTRUTURAS DIVERSAS DE CONCRETO ARMADO, EXCETO VIGAS, PILARES, LAJES E FUNDAÇÕES, UTILIZANDO AÇO CA-50 DE 16,0 MM - MONTAGEM. AF_06/2022"},{"$f":"IF(C983=0,\"\",VLOOKUP(C983,BNCDADOS!$A:$G,3,0))","v":"KG"},26883,{"$f":"IF(C983=0,\"\",VLOOKUP(C983,BNCDADOS!$A:$G,4,0))","v":"9,94"},{"$f":"IF(C983=0,\"\",VLOOKUP(C983,BNCDADOS!$A:$G,5,0))","v":12.29},330392.07,{"$f":"IF(C983=0,\"\",VLOOKUP(C983,BNCDADOS!$A:$G,6,0))","v":"9,82"},{"$f":"IF(C983=0,\"\",VLOOKUP(C983,BNCDADOS!$A:$G,7,0))","v":12.76},343027.08,{"$f":"SUMIF('MC - TRECHO 03'!A:A,Orçamento!A983,'MC - TRECHO 03'!R:R)","v":26883}]
["4.3.3.11",{"$f":"IF(C984=0,\"\",VLOOKUP(C984,BNCDADOS!$A:$H,8,0))","v":"SINAPI/RN\nSERVIÇO"},92924,{"$f":"IF(C984=0,\"\",VLOOKUP(C984,BNCDADOS!$A:$G,2,0))","v":"ARMAÇÃO DE ESTRUTURAS DIVERSAS DE CONCRETO ARMADO, EXCETO VIGAS, PILARES, LAJES E FUNDAÇÕES, UTILIZANDO AÇO CA-50 DE 25,0 MM - MONTAGEM. AF_06/2022"},{"$f":"IF(C984=0,\"\",VLOOKUP(C984,BNCDADOS!$A:$G,3,0))","v":"KG"},2613,{"$f":"IF(C984=0,\"\",VLOOKUP(C984,BNCDADOS!$A:$G,4,0))","v":"10,97"},{"$f":"IF(C984=0,\"\",VLOOKUP(C984,BNCDADOS!$A:$G,5,0))","v":13.56},35432.28,{"$f":"IF(C984=0,\"\",VLOOKUP(C984,BNCDADOS!$A:$G,6,0))","v":"10,88"},{"$f":"IF(C984=0,\"\",VLOOKUP(C984,BNCDADOS!$A:$G,7,0))","v":14.13},36921.69,{"$f":"SUMIF('MC - TRECHO 03'!A:A,Orçamento!A984,'MC - TRECHO 03'!R:R)","v":2613}]
["4.3.3.12",{"$f":"IF(C985=0,\"\",VLOOKUP(C985,BNCDADOS!$A:$H,8,0))","v":"SINAPI/RN\nSERVIÇO"},92769,{"$f":"IF(C985=0,\"\",VLOOKUP(C985,BNCDADOS!$A:$G,2,0))","v":"ARMAÇÃO DE LAJE DE ESTRUTURA CONVENCIONAL DE CONCRETO ARMADO UTILIZANDO AÇO CA-50 DE 6,3 MM - MONTAGEM. AF_06/2022"},{"$f":"IF(C985=0,\"\",VLOOKUP(C985,BNCDADOS!$A:$G,3,0))","v":"KG"},446.98,{"$f":"IF(C985=0,\"\",VLOOKUP(C985,BNCDADOS!$A:$G,4,0))","v":"13,27"},{"$f":"IF(C985=0,\"\",VLOOKUP(C985,BNCDADOS!$A:$G,5,0))","v":16.41},7334.94,{"$f":"IF(C985=0,\"\",VLOOKUP(C985,BNCDADOS!$A:$G,6,0))","v":"12,98"},{"$f":"IF(C985=0,\"\",VLOOKUP(C985,BNCDADOS!$A:$G,7,0))","v":16.86},7536.08,{"$f":"SUMIF('MC - TRECHO 03'!A:A,Orçamento!A985,'MC - TRECHO 03'!R:R)","v":446.98}]
["4.3.3.13",{"$f":"IF(C986=0,\"\",VLOOKUP(C986,BNCDADOS!$A:$H,8,0))","v":"SINAPI/RN\nSERVIÇO"},92771,{"$f":"IF(C986=0,\"\",VLOOKUP(C986,BNCDADOS!$A:$G,2,0))","v":"ARMAÇÃO DE LAJE DE ESTRUTURA CONVENCIONAL DE CONCRETO ARMADO UTILIZANDO AÇO CA-50 DE 10,0 MM - MONTAGEM. AF_06/2022"},{"$f":"IF(C986=0,\"\",VLOOKUP(C986,BNCDADOS!$A:$G,3,0))","v":"KG"},2513,{"$f":"IF(C986=0,\"\",VLOOKUP(C986,BNCDADOS!$A:$G,4,0))","v":"11,15"},{"$f":"IF(C986=0,\"\",VLOOKUP(C986,BNCDADOS!$A:$G,5,0))","v":13.79},34654.269999999997,{"$f":"IF(C986=0,\"\",VLOOKUP(C986,BNCDADOS!$A:$G,6,0))","v":"11,03"},{"$f":"IF(C986=0,\"\",VLOOKUP(C986,BNCDADOS!$A:$G,7,0))","v":14.33},36011.29,{"$f":"SUMIF('MC - TRECHO 03'!A:A,Orçamento!A986,'MC - TRECHO 03'!R:R)","v":2513}]
["4.3.3.14",{"$f":"IF(C987=0,\"\",VLOOKUP(C987,BNCDADOS!$A:$H,8,0))","v":"SINAPI/RN\nSERVIÇO"},92772,{"$f":"IF(C987=0,\"\",VLOOKUP(C987,BNCDADOS!$A:$G,2,0))","v":"ARMAÇÃO DE LAJE DE ESTRUTURA CONVENCIONAL DE CONCRETO ARMADO UTILIZANDO AÇO CA-50 DE 12,5 MM - MONTAGEM. AF_06/2022"},{"$f":"IF(C987=0,\"\",VLOOKUP(C987,BNCDADOS!$A:$G,3,0))","v":"KG"},3821,{"$f":"IF(C987=0,\"\",VLOOKUP(C987,BNCDADOS!$A:$G,4,0))","v":"9,37"},{"$f":"IF(C987=0,\"\",VLOOKUP(C987,BNCDADOS!$A:$G,5,0))","v":11.58},44247.18,{"$f":"IF(C987=0,\"\",VLOOKUP(C987,BNCDADOS!$A:$G,6,0))","v":"9,29"},{"$f":"IF(C987=0,\"\",VLOOKUP(C987,BNCDADOS!$A:$G,7,0))","v":12.07},46119.47,{"$f":"SUMIF('MC - TRECHO 03'!A:A,Orçamento!A987,'MC - TRECHO 03'!R:R)","v":3821}]
["4.3.3.15",{"$f":"IF(C988=0,\"\",VLOOKUP(C988,BNCDADOS!$A:$H,8,0))","v":"SINAPI/RN\nSERVIÇO"},92773,{"$f":"IF(C988=0,\"\",VLOOKUP(C988,BNCDADOS!$A:$G,2,0))","v":"ARMAÇÃO DE LAJE DE ESTRUTURA CONVENCIONAL DE CONCRETO ARMADO UTILIZANDO AÇO CA-50 DE 16,0 MM - MONTAGEM. AF_06/2022"},{"$f":"IF(C988=0,\"\",VLOOKUP(C988,BNCDADOS!$A:$G,3,0))","v":"KG"},5582,{"$f":"IF(C988=0,\"\",VLOOKUP(C988,BNCDADOS!$A:$G,4,0))","v":"9,19"},{"$f":"IF(C988=0,\"\",VLOOKUP(C988,BNCDADOS!$A:$G,5,0))","v":11.36},63411.519999999997,{"$f":"IF(C988=0,\"\",VLOOKUP(C988,BNCDADOS!$A:$G,6,0))","v":"9,14"},{"$f":"IF(C988=0,\"\",VLOOKUP(C988,BNCDADOS!$A:$G,7,0))","v":11.87},66258.34,{"$f":"SUMIF('MC - TRECHO 03'!A:A,Orçamento!A988,'MC - TRECHO 03'!R:R)","v":5582}]
["4.3.3.16",{"$f":"IF(C989=0,\"\",VLOOKUP(C989,BNCDADOS!$A:$H,8,0))","v":0},"COMP 20",{"$f":"IF(C989=0,\"\",VLOOKUP(C989,BNCDADOS!$A:$G,2,0))","v":"CONCRETAGEM DE ESTRUTURAS, FCK = 40 MPA, COM USO DE BOMBA EM EDIFICAÇÕES DIVERSAS - LANÇAMENTO, ADENSAMENTO E ACABAMENTO"},{"$f":"IF(C989=0,\"\",VLOOKUP(C989,BNCDADOS!$A:$G,3,0))","v":"M3    "},318.98,{"$f":"IF(C989=0,\"\",VLOOKUP(C989,BNCDADOS!$A:$G,4,0))","v":852.28},{"$f":"IF(C989=0,\"\",VLOOKUP(C989,BNCDADOS!$A:$G,5,0))","v":1054.18},336262.33,{"$f":"IF(C989=0,\"\",VLOOKUP(C989,BNCDADOS!$A:$G,6,0))","v":837.56},{"$f":"IF(C989=0,\"\",VLOOKUP(C989,BNCDADOS!$A:$G,7,0))","v":1088.49},347206.54,{"$f":"SUMIF('MC - TRECHO 03'!A:A,Orçamento!A989,'MC - TRECHO 03'!R:R)","v":318.98}]
["4.3.3.17",{"$f":"IF(C990=0,\"\",VLOOKUP(C990,BNCDADOS!$A:$H,8,0))","v":"SINAPI/RN\nSERVIÇO"},93205,{"$f":"IF(C990=0,\"\",VLOOKUP(C990,BNCDADOS!$A:$G,2,0))","v":"CINTA DE AMARRAÇÃO DE ALVENARIA MOLDADA IN LOCO COM UTILIZAÇÃO DE BLOCOS CANALETA, ESPESSURA DE *20* CM. AF_03/2024"},{"$f":"IF(C990=0,\"\",VLOOKUP(C990,BNCDADOS!$A:$G,3,0))","v":"M"},200.92,{"$f":"IF(C990=0,\"\",VLOOKUP(C990,BNCDADOS!$A:$G,4,0))","v":"59,88"},{"$f":"IF(C990=0,\"\",VLOOKUP(C990,BNCDADOS!$A:$G,5,0))","v":74.06},14880.13,{"$f":"IF(C990=0,\"\",VLOOKUP(C990,BNCDADOS!$A:$G,6,0))","v":"57,63"},{"$f":"IF(C990=0,\"\",VLOOKUP(C990,BNCDADOS!$A:$G,7,0))","v":74.89},15046.89,{"$f":"SUMIF('MC - TRECHO 03'!A:A,Orçamento!A990,'MC - TRECHO 03'!R:R)","v":200.92000000000002}]
["4.3.4",{"$f":"IF(C991=0,\"\",VLOOKUP(C991,[142]BNCDADOS!$A:$G,8,0))","v":""},null,"ALVENARIA E REVESTIMENTOS",{"$f":"IF(C991=0,\"\",VLOOKUP(C991,[142]BNCDADOS!$A:$G,3,0))","v":""},0,{"$f":"IF(C991=0,\"\",VLOOKUP(C991,[142]BNCDADOS!$A:$G,4,0))","v":""},{"$f":"IF(C991=0,\"\",VLOOKUP(C991,[142]BNCDADOS!$A:$G,5,0))","v":""},{"$f":"SUM(I993:I1000)","v":116178.65000000001},{"$f":"IF(C991=0,\"\",VLOOKUP(C991,[142]BNCDADOS!$A:$G,6,0))","v":""},{"$f":"IF(C991=0,\"\",VLOOKUP(C991,[142]BNCDADOS!$A:$G,7,0))","v":""},{"$f":"SUM(L993:L1000)","v":114432.54000000001}]
["4.3.4.1",{"$f":"IF(C992=0,\"\",VLOOKUP(C992,BNCDADOS!$A:$H,8,0))","v":"SINAPI/RN\nSERVIÇO"},103338,{"$f":"IF(C992=0,\"\",VLOOKUP(C992,BNCDADOS!$A:$G,2,0))","v":"ALVENARIA DE VEDAÇÃO DE BLOCOS  VAZADOS DE CONCRETO APARENTE DE 14X19X39 CM (ESPESSURA 14 CM) E ARGAMASSA DE ASSENTAMENTO COM PREPARO EM BETONEIRA. AF_12/2021"},{"$f":"IF(C992=0,\"\",VLOOKUP(C992,BNCDADOS!$A:$G,3,0))","v":"M2"},655.58,{"$f":"IF(C992=0,\"\",VLOOKUP(C992,BNCDADOS!$A:$G,4,0))","v":"111,81"},{"$f":"IF(C992=0,\"\",VLOOKUP(C992,BNCDADOS!$A:$G,5,0))","v":138.29},{"$f":"IF(H992=\"\",0,TRUNC(H992*F992,2))","v":90660.15},{"$f":"IF(C992=0,\"\",VLOOKUP(C992,BNCDADOS!$A:$G,6,0))","v":"106,87"},{"$f":"IF(C992=0,\"\",VLOOKUP(C992,BNCDADOS!$A:$G,7,0))","v":138.88},{"$f":"IF(K992=\"\",0,TRUNC(K992*F992,2))","v":91046.95},{"$f":"SUMIF('MC - TRECHO 03'!A:A,Orçamento!A992,'MC - TRECHO 03'!R:R)","v":655.58}]
["4.3.4.2",{"$f":"IF(C993=0,\"\",VLOOKUP(C993,BNCDADOS!$A:$H,8,0))","v":"SINAPI/RN\nSERVIÇO"},101161,{"$f":"IF(C993=0,\"\",VLOOKUP(C993,BNCDADOS!$A:$G,2,0))","v":"ALVENARIA DE VEDAÇÃO COM ELEMENTO VAZADO DE CONCRETO (COBOGÓ) DE 7X50X50CM E ARGAMASSA DE ASSENTAMENTO COM PREPARO EM BETONEIRA. AF_05/2020"},{"$f":"IF(C993=0,\"\",VLOOKUP(C993,BNCDADOS!$A:$G,3,0))","v":"M2"},10.199999999999999,{"$f":"IF(C993=0,\"\",VLOOKUP(C993,BNCDADOS!$A:$G,4,0))","v":"233,42"},{"$f":"IF(C993=0,\"\",VLOOKUP(C993,BNCDADOS!$A:$G,5,0))","v":288.70999999999998},2944.84,{"$f":"IF(C993=0,\"\",VLOOKUP(C993,BNCDADOS!$A:$G,6,0))","v":"225,72"},{"$f":"IF(C993=0,\"\",VLOOKUP(C993,BNCDADOS!$A:$G,7,0))","v":293.33999999999997},2992.06,{"$f":"SUMIF('MC - TRECHO 03'!A:A,Orçamento!A993,'MC - TRECHO 03'!R:R)","v":10.199999999999999}]
["4.3.4.3",{"$f":"IF(C994=0,\"\",VLOOKUP(C994,BNCDADOS!$A:$H,8,0))","v":"SINAPI/RN\nSERVIÇO"},93189,{"$f":"IF(C994=0,\"\",VLOOKUP(C994,BNCDADOS!$A:$G,2,0))","v":"VERGA MOLDADA IN LOCO EM CONCRETO PARA PORTAS COM MAIS DE 1,5 M DE VÃO. AF_03/2016"},{"$f":"IF(C994=0,\"\",VLOOKUP(C994,BNCDADOS!$A:$G,3,0))","v":"M"},9,{"$f":"IF(C994=0,\"\",VLOOKUP(C994,BNCDADOS!$A:$G,4,0))","v":119.84},{"$f":"IF(C994=0,\"\",VLOOKUP(C994,BNCDADOS!$A:$G,5,0))","v":148.22999999999999},1334.07,{"$f":"IF(C994=0,\"\",VLOOKUP(C994,BNCDADOS!$A:$G,6,0))","v":117.08},{"$f":"IF(C994=0,\"\",VLOOKUP(C994,BNCDADOS!$A:$G,7,0))","v":152.15},1369.35,{"$f":"SUMIF('MC - TRECHO 03'!A:A,Orçamento!A994,'MC - TRECHO 03'!R:R)","v":9}]
["4.3.4.4",{"$f":"IF(C995=0,\"\",VLOOKUP(C995,BNCDADOS!$A:$H,8,0))","v":"SINAPI/RN\nSERVIÇO"},93187,{"$f":"IF(C995=0,\"\",VLOOKUP(C995,BNCDADOS!$A:$G,2,0))","v":"VERGA MOLDADA IN LOCO EM CONCRETO, ESPESSURA DE *20* CM. AF_03/2024"},{"$f":"IF(C995=0,\"\",VLOOKUP(C995,BNCDADOS!$A:$G,3,0))","v":"M"},4.5999999999999996,{"$f":"IF(C995=0,\"\",VLOOKUP(C995,BNCDADOS!$A:$G,4,0))","v":"78,39"},{"$f":"IF(C995=0,\"\",VLOOKUP(C995,BNCDADOS!$A:$G,5,0))","v":96.96},446.01,{"$f":"IF(C995=0,\"\",VLOOKUP(C995,BNCDADOS!$A:$G,6,0))","v":"75,28"},{"$f":"IF(C995=0,\"\",VLOOKUP(C995,BNCDADOS!$A:$G,7,0))","v":97.83},450.01,{"$f":"SUMIF('MC - TRECHO 03'!A:A,Orçamento!A995,'MC - TRECHO 03'!R:R)","v":4.5999999999999996}]
["4.3.4.5",{"$f":"IF(C996=0,\"\",VLOOKUP(C996,BNCDADOS!$A:$H,8,0))","v":"SINAPI/RN\nSERVIÇO"},93197,{"$f":"IF(C996=0,\"\",VLOOKUP(C996,BNCDADOS!$A:$G,2,0))","v":"CONTRAVERGA MOLDADA IN LOCO EM CONCRETO, ESPESSURA DE *20* CM. AF_03/2024"},{"$f":"IF(C996=0,\"\",VLOOKUP(C996,BNCDADOS!$A:$G,3,0))","v":"M"},4.5999999999999996,{"$f":"IF(C996=0,\"\",VLOOKUP(C996,BNCDADOS!$A:$G,4,0))","v":"57,72"},{"$f":"IF(C996=0,\"\",VLOOKUP(C996,BNCDADOS!$A:$G,5,0))","v":71.39},328.39,{"$f":"IF(C996=0,\"\",VLOOKUP(C996,BNCDADOS!$A:$G,6,0))","v":"55,77"},{"$f":"IF(C996=0,\"\",VLOOKUP(C996,BNCDADOS!$A:$G,7,0))","v":72.47},333.36,{"$f":"SUMIF('MC - TRECHO 03'!A:A,Orçamento!A996,'MC - TRECHO 03'!R:R)","v":4.5999999999999996}]
["4.3.4.6",{"$f":"IF(C997=0,\"\",VLOOKUP(C997,BNCDADOS!$A:$H,8,0))","v":"SINAPI/RN\nSERVIÇO"},87879,{"$f":"IF(C997=0,\"\",VLOOKUP(C997,BNCDADOS!$A:$G,2,0))","v":"CHAPISCO APLICADO EM ALVENARIAS E ESTRUTURAS DE CONCRETO INTERNAS, COM COLHER DE PEDREIRO.  ARGAMASSA TRAÇO 1:3 COM PREPARO EM BETONEIRA 400L. AF_10/2022"},{"$f":"IF(C997=0,\"\",VLOOKUP(C997,BNCDADOS!$A:$G,3,0))","v":"M2"},1311.16,{"$f":"IF(C997=0,\"\",VLOOKUP(C997,BNCDADOS!$A:$G,4,0))","v":"4,06"},{"$f":"IF(C997=0,\"\",VLOOKUP(C997,BNCDADOS!$A:$G,5,0))","v":5.0199999999999996},6582.02,{"$f":"IF(C997=0,\"\",VLOOKUP(C997,BNCDADOS!$A:$G,6,0))","v":"3,78"},{"$f":"IF(C997=0,\"\",VLOOKUP(C997,BNCDADOS!$A:$G,7,0))","v":4.91},6437.79,{"$f":"SUMIF('MC - TRECHO 03'!A:A,Orçamento!A997,'MC - TRECHO 03'!R:R)","v":1311.16}]
["4.3.4.7",{"$f":"IF(C998=0,\"\",VLOOKUP(C998,BNCDADOS!$A:$H,8,0))","v":"SINAPI/RN\nSERVIÇO"},89173,{"$f":"IF(C998=0,\"\",VLOOKUP(C998,BNCDADOS!$A:$G,2,0))","v":"(COMPOSIÇÃO REPRESENTATIVA) DO SERVIÇO DE EMBOÇO/MASSA ÚNICA, APLICADO MANUALMENTE, TRAÇO 1:2:8, EM BETONEIRA DE 400L, PAREDES INTERNAS, COM EXECUÇÃO DE TALISCAS, EDIFICAÇÃO HABITACIONAL UNIFAMILIAR (CASAS) E EDIFICAÇÃO PÚBLICA PADRÃO. AF_12/2014"},{"$f":"IF(C998=0,\"\",VLOOKUP(C998,BNCDADOS!$A:$G,3,0))","v":"m²"},2622.32,{"$f":"IF(C998=0,\"\",VLOOKUP(C998,BNCDADOS!$A:$G,4,0))","v":32},{"$f":"IF(C998=0,\"\",VLOOKUP(C998,BNCDADOS!$A:$G,5,0))","v":39.58},103791.42,{"$f":"IF(C998=0,\"\",VLOOKUP(C998,BNCDADOS!$A:$G,6,0))","v":29.96},{"$f":"IF(C998=0,\"\",VLOOKUP(C998,BNCDADOS!$A:$G,7,0))","v":38.93},102086.91,{"$f":"SUMIF('MC - TRECHO 03'!A:A,Orçamento!A998,'MC - TRECHO 03'!R:R)","v":2622.32}]
["4.3.4.8",{"$f":"IF(C999=0,\"\",VLOOKUP(C999,BNCDADOS!$A:$H,8,0))","v":"SINAPI/RN\nSERVIÇO"},89045,{"$f":"IF(C999=0,\"\",VLOOKUP(C999,BNCDADOS!$A:$G,2,0))","v":"(COMPOSIÇÃO REPRESENTATIVA) DO SERVIÇO DE REVESTIMENTO CERÂMICO PARA AMBIENTES DE ÁREAS MOLHADAS, MEIA PAREDE OU PAREDE INTEIRA, COM PLACAS TIPO ESMALTADA EXTRA, DIMENSÕES 20X20 CM, PARA EDIFICAÇÃO HABITACIONAL MULTIFAMILIAR (PRÉDIO). AF_11/2014"},{"$f":"IF(C999=0,\"\",VLOOKUP(C999,BNCDADOS!$A:$G,3,0))","v":"M²"},4.5,{"$f":"IF(C999=0,\"\",VLOOKUP(C999,BNCDADOS!$A:$G,4,0))","v":67.73},{"$f":"IF(C999=0,\"\",VLOOKUP(C999,BNCDADOS!$A:$G,5,0))","v":83.77},376.96,{"$f":"IF(C999=0,\"\",VLOOKUP(C999,BNCDADOS!$A:$G,6,0))","v":65.709999999999994},{"$f":"IF(C999=0,\"\",VLOOKUP(C999,BNCDADOS!$A:$G,7,0))","v":85.39},384.25,{"$f":"SUMIF('MC - TRECHO 03'!A:A,Orçamento!A999,'MC - TRECHO 03'!R:R)","v":4.5}]
["4.3.4.9",{"$f":"IF(C1000=0,\"\",VLOOKUP(C1000,BNCDADOS!$A:$H,8,0))","v":"SINAPI/RN\nSERVIÇO"},87249,{"$f":"IF(C1000=0,\"\",VLOOKUP(C1000,BNCDADOS!$A:$G,2,0))","v":"REVESTIMENTO CERÂMICO PARA PISO COM PLACAS TIPO ESMALTADA DE DIMENSÕES 45X45 CM APLICADA EM AMBIENTES DE ÁREA MENOR QUE 5 M2. AF_02/2023_PE"},{"$f":"IF(C1000=0,\"\",VLOOKUP(C1000,BNCDADOS!$A:$G,3,0))","v":"M2"},4.5,{"$f":"IF(C1000=0,\"\",VLOOKUP(C1000,BNCDADOS!$A:$G,4,0))","v":"67,37"},{"$f":"IF(C1000=0,\"\",VLOOKUP(C1000,BNCDADOS!$A:$G,5,0))","v":83.32},374.94,{"$f":"IF(C1000=0,\"\",VLOOKUP(C1000,BNCDADOS!$A:$G,6,0))","v":"64,78"},{"$f":"IF(C1000=0,\"\",VLOOKUP(C1000,BNCDADOS!$A:$G,7,0))","v":84.18},378.81,{"$f":"SUMIF('MC - TRECHO 03'!A:A,Orçamento!A1000,'MC - TRECHO 03'!R:R)","v":4.5}]
["4.3.4.10",{"$f":"IF(C1001=0,\"\",VLOOKUP(C1001,BNCDADOS!$A:$H,8,0))","v":"SINAPI/RN\nSERVIÇO"},98553,{"$f":"IF(C1001=0,\"\",VLOOKUP(C1001,BNCDADOS!$A:$G,2,0))","v":"IMPERMEABILIZAÇÃO DE SUPERFÍCIE COM MEMBRANA À BASE DE POLIURETANO, 2 DEMÃOS. AF_09/2023"},{"$f":"IF(C1001=0,\"\",VLOOKUP(C1001,BNCDADOS!$A:$G,3,0))","v":"M2"},75,{"$f":"IF(C1001=0,\"\",VLOOKUP(C1001,BNCDADOS!$A:$G,4,0))","v":"173,85"},{"$f":"IF(C1001=0,\"\",VLOOKUP(C1001,BNCDADOS!$A:$G,5,0))","v":215.03},16127.25,{"$f":"IF(C1001=0,\"\",VLOOKUP(C1001,BNCDADOS!$A:$G,6,0))","v":"172,27"},{"$f":"IF(C1001=0,\"\",VLOOKUP(C1001,BNCDADOS!$A:$G,7,0))","v":223.88},16791,{"$f":"SUMIF('MC - TRECHO 03'!A:A,Orçamento!A1001,'MC - TRECHO 03'!R:R)","v":75}]
["4.3.5",{"$f":"IF(C1002=0,\"\",VLOOKUP(C1002,[142]BNCDADOS!$A:$G,8,0))","v":""},null,{"$f":"'[142]MC - TRECHO 03'!D573","v":"COBERTURA"},{"$f":"IF(C1002=0,\"\",VLOOKUP(C1002,[142]BNCDADOS!$A:$G,3,0))","v":""},0,{"$f":"IF(C1002=0,\"\",VLOOKUP(C1002,[142]BNCDADOS!$A:$G,4,0))","v":""},{"$f":"IF(C1002=0,\"\",VLOOKUP(C1002,[142]BNCDADOS!$A:$G,5,0))","v":""},{"$f":"SUM(I1003:I1004)","v":58658.11},{"$f":"IF(C1002=0,\"\",VLOOKUP(C1002,[142]BNCDADOS!$A:$G,6,0))","v":""},{"$f":"IF(C1002=0,\"\",VLOOKUP(C1002,[142]BNCDADOS!$A:$G,7,0))","v":""},{"$f":"SUM(L1003:L1004)","v":61242.75},0]
["4.3.5.1",{"$f":"IF(C1003=0,\"\",VLOOKUP(C1003,BNCDADOS!$A:$H,8,0))","v":"SINAPI/RN\nSERVIÇO"},92544,{"$f":"IF(C1003=0,\"\",VLOOKUP(C1003,BNCDADOS!$A:$G,2,0))","v":"TRAMA DE MADEIRA COMPOSTA POR TERÇAS PARA TELHADOS DE ATÉ 2 ÁGUAS PARA TELHA ESTRUTURAL DE FIBROCIMENTO, INCLUSO TRANSPORTE VERTICAL. AF_07/2019"},{"$f":"IF(C1003=0,\"\",VLOOKUP(C1003,BNCDADOS!$A:$G,3,0))","v":"M2"},272.93,{"$f":"IF(C1003=0,\"\",VLOOKUP(C1003,BNCDADOS!$A:$G,4,0))","v":"20,78"},{"$f":"IF(C1003=0,\"\",VLOOKUP(C1003,BNCDADOS!$A:$G,5,0))","v":25.7},{"$f":"IF(H1003=\"\",0,TRUNC(H1003*F1003,2))","v":7014.3},{"$f":"IF(C1003=0,\"\",VLOOKUP(C1003,BNCDADOS!$A:$G,6,0))","v":"20,39"},{"$f":"IF(C1003=0,\"\",VLOOKUP(C1003,BNCDADOS!$A:$G,7,0))","v":26.49},{"$f":"IF(K1003=\"\",0,TRUNC(K1003*F1003,2))","v":7229.91},{"$f":"SUMIF('MC - TRECHO 03'!A:A,Orçamento!A1003,'MC - TRECHO 03'!R:R)","v":272.9375}]
["4.3.5.2",{"$f":"IF(C1004=0,\"\",VLOOKUP(C1004,BNCDADOS!$A:$H,8,0))","v":"SINAPI/RN\nSERVIÇO"},94218,{"$f":"IF(C1004=0,\"\",VLOOKUP(C1004,BNCDADOS!$A:$G,2,0))","v":"TELHAMENTO COM TELHA ESTRUTURAL DE FIBROCIMENTO E= 8 MM, COM ATÉ 2 ÁGUAS, INCLUSO IÇAMENTO. AF_07/2019_PS"},{"$f":"IF(C1004=0,\"\",VLOOKUP(C1004,BNCDADOS!$A:$G,3,0))","v":"M2"},272.93,{"$f":"IF(C1004=0,\"\",VLOOKUP(C1004,BNCDADOS!$A:$G,4,0))","v":"152,98"},{"$f":"IF(C1004=0,\"\",VLOOKUP(C1004,BNCDADOS!$A:$G,5,0))","v":189.22},51643.81,{"$f":"IF(C1004=0,\"\",VLOOKUP(C1004,BNCDADOS!$A:$G,6,0))","v":"152,28"},{"$f":"IF(C1004=0,\"\",VLOOKUP(C1004,BNCDADOS!$A:$G,7,0))","v":197.9},54012.84,{"$f":"SUMIF('MC - TRECHO 03'!A:A,Orçamento!A1004,'MC - TRECHO 03'!R:R)","v":272.9375}]
["4.3.6",{"$f":"IF(C1005=0,\"\",VLOOKUP(C1005,[142]BNCDADOS!$A:$G,8,0))","v":""},null,{"$f":"'[142]MC - TRECHO 03'!D586","v":"ESQUADRIAS"},{"$f":"IF(C1005=0,\"\",VLOOKUP(C1005,[142]BNCDADOS!$A:$G,3,0))","v":""},0,{"$f":"IF(C1005=0,\"\",VLOOKUP(C1005,[142]BNCDADOS!$A:$G,4,0))","v":""},{"$f":"IF(C1005=0,\"\",VLOOKUP(C1005,[142]BNCDADOS!$A:$G,5,0))","v":""},{"$f":"SUM(I1007:I1008)","v":9649.5400000000009},{"$f":"IF(C1005=0,\"\",VLOOKUP(C1005,[142]BNCDADOS!$A:$G,6,0))","v":""},{"$f":"IF(C1005=0,\"\",VLOOKUP(C1005,[142]BNCDADOS!$A:$G,7,0))","v":""},{"$f":"SUM(L1007:L1008)","v":10103.69},0]
["4.3.6.1",{"$f":"IF(C1006=0,\"\",VLOOKUP(C1006,BNCDADOS!$A:$H,8,0))","v":0},"COMP 21",{"$f":"IF(C1006=0,\"\",VLOOKUP(C1006,BNCDADOS!$A:$G,2,0))","v":"PORTAO DE CORRER EM GRADIL FIXO DE BARRA DE FERRO CHATA DE 3 X 1/4\" NA VERTICAL, SEM REQUADRO, ACABAMENTO NATURAL, COM TRILHOS E ROLDANAS                                                                                                                                                                                                                                                                                                                                                                 "},{"$f":"IF(C1006=0,\"\",VLOOKUP(C1006,BNCDADOS!$A:$G,3,0))","v":"M2"},4.9000000000000004,{"$f":"IF(C1006=0,\"\",VLOOKUP(C1006,BNCDADOS!$A:$G,4,0))","v":703.96},{"$f":"IF(C1006=0,\"\",VLOOKUP(C1006,BNCDADOS!$A:$G,5,0))","v":870.72},{"$f":"IF(H1006=\"\",0,TRUNC(H1006*F1006,2))","v":4266.5200000000004},{"$f":"IF(C1006=0,\"\",VLOOKUP(C1006,BNCDADOS!$A:$G,6,0))","v":696.5},{"$f":"IF(C1006=0,\"\",VLOOKUP(C1006,BNCDADOS!$A:$G,7,0))","v":905.17},{"$f":"IF(K1006=\"\",0,TRUNC(K1006*F1006,2))","v":4435.33},{"$f":"SUMIF('MC - TRECHO 03'!A:A,Orçamento!A1006,'MC - TRECHO 03'!R:R)","v":4.8999999999999995}]
["4.3.6.2",{"$f":"IF(C1007=0,\"\",VLOOKUP(C1007,BNCDADOS!$A:$H,8,0))","v":"SINAPI/RN\nSERVIÇO"},100701,{"$f":"IF(C1007=0,\"\",VLOOKUP(C1007,BNCDADOS!$A:$G,2,0))","v":"PORTA DE FERRO, DE ABRIR, TIPO GRADE COM CHAPA, COM GUARNIÇÕES. AF_12/2019"},{"$f":"IF(C1007=0,\"\",VLOOKUP(C1007,BNCDADOS!$A:$G,3,0))","v":"M2"},13.67,{"$f":"IF(C1007=0,\"\",VLOOKUP(C1007,BNCDADOS!$A:$G,4,0))","v":"561,07"},{"$f":"IF(C1007=0,\"\",VLOOKUP(C1007,BNCDADOS!$A:$G,5,0))","v":693.98},9486.7000000000007,{"$f":"IF(C1007=0,\"\",VLOOKUP(C1007,BNCDADOS!$A:$G,6,0))","v":"559,17"},{"$f":"IF(C1007=0,\"\",VLOOKUP(C1007,BNCDADOS!$A:$G,7,0))","v":726.69},9933.85,{"$f":"SUMIF('MC - TRECHO 03'!A:A,Orçamento!A1007,'MC - TRECHO 03'!R:R)","v":13.67}]
["4.3.6.3",{"$f":"IF(C1008=0,\"\",VLOOKUP(C1008,BNCDADOS!$A:$H,8,0))","v":"SINAPI/RN\nSERVIÇO"},94570,{"$f":"IF(C1008=0,\"\",VLOOKUP(C1008,BNCDADOS!$A:$G,2,0))","v":"JANELA DE ALUMÍNIO DE CORRER COM 2 FOLHAS PARA VIDROS, COM VIDROS, BATENTE, ACABAMENTO COM ACETATO OU BRILHANTE E FERRAGENS. EXCLUSIVE ALIZAR E CONTRAMARCO. FORNECIMENTO E INSTALAÇÃO. AF_12/2019"},{"$f":"IF(C1008=0,\"\",VLOOKUP(C1008,BNCDADOS!$A:$G,3,0))","v":"M2"},0.5,{"$f":"IF(C1008=0,\"\",VLOOKUP(C1008,BNCDADOS!$A:$G,4,0))","v":"263,31"},{"$f":"IF(C1008=0,\"\",VLOOKUP(C1008,BNCDADOS!$A:$G,5,0))","v":325.68},162.84,{"$f":"IF(C1008=0,\"\",VLOOKUP(C1008,BNCDADOS!$A:$G,6,0))","v":"261,38"},{"$f":"IF(C1008=0,\"\",VLOOKUP(C1008,BNCDADOS!$A:$G,7,0))","v":339.68},169.84,{"$f":"SUMIF('MC - TRECHO 03'!A:A,Orçamento!A1008,'MC - TRECHO 03'!R:R)","v":0.5}]
["4.3.7",{"$f":"IF(C1009=0,\"\",VLOOKUP(C1009,[142]BNCDADOS!$A:$G,8,0))","v":""},null,{"$f":"'[142]MC - TRECHO 03'!D611","v":"DRENAGEM"},{"$f":"IF(C1009=0,\"\",VLOOKUP(C1009,[142]BNCDADOS!$A:$G,3,0))","v":""},0,{"$f":"IF(C1009=0,\"\",VLOOKUP(C1009,[142]BNCDADOS!$A:$G,4,0))","v":""},{"$f":"IF(C1009=0,\"\",VLOOKUP(C1009,[142]BNCDADOS!$A:$G,5,0))","v":""},{"$f":"SUM(I1011:I1013)","v":57210.979999999996},{"$f":"IF(C1009=0,\"\",VLOOKUP(C1009,[142]BNCDADOS!$A:$G,6,0))","v":""},{"$f":"IF(C1009=0,\"\",VLOOKUP(C1009,[142]BNCDADOS!$A:$G,7,0))","v":""},{"$f":"SUM(L1011:L1013)","v":59932.26},0]
["4.3.7.1",{"$f":"IF(C1010=0,\"\",VLOOKUP(C1010,BNCDADOS!$A:$H,8,0))","v":"caern"},2060193,{"$f":"IF(C1010=0,\"\",VLOOKUP(C1010,BNCDADOS!$A:$G,2,0))","v":"CAIXA ENTERRADA RETANGULAR EM ALVENARIA COM TIJOLOS CERÂMICOS MACIÇOS (ESPESSURA 20CM), DIMENSÕES INTERNAS: 0,8X0,8X1,5 M, INCLUSIVE ESCORAMENTO, ESCAVAÇÃO, REATERRO APILOADO, BOTA-FORA DE MATERIAL E TAMPA DE 10CM. R_11/2018"},{"$f":"IF(C1010=0,\"\",VLOOKUP(C1010,BNCDADOS!$A:$G,3,0))","v":"UN "},5,{"$f":"IF(C1010=0,\"\",VLOOKUP(C1010,BNCDADOS!$A:$G,4,0))","v":1820.24},{"$f":"IF(C1010=0,\"\",VLOOKUP(C1010,BNCDADOS!$A:$G,5,0))","v":2251.4499999999998},{"$f":"IF(H1010=\"\",0,TRUNC(H1010*F1010,2))","v":11257.25},{"$f":"IF(C1010=0,\"\",VLOOKUP(C1010,BNCDADOS!$A:$G,6,0))","v":1734.86},{"$f":"IF(C1010=0,\"\",VLOOKUP(C1010,BNCDADOS!$A:$G,7,0))","v":2254.62},{"$f":"IF(K1010=\"\",0,TRUNC(K1010*F1010,2))","v":11273.1},{"$f":"SUMIF('MC - TRECHO 03'!A:A,Orçamento!A1010,'MC - TRECHO 03'!R:R)","v":5}]
["4.3.7.2",{"$f":"IF(C1011=0,\"\",VLOOKUP(C1011,BNCDADOS!$A:$H,8,0))","v":"SINAPI/RN\nSERVIÇO"},94871,{"$f":"IF(C1011=0,\"\",VLOOKUP(C1011,BNCDADOS!$A:$G,2,0))","v":"TUBO DE PEAD CORRUGADO DE DUPLA PAREDE PARA REDE COLETORA DE ESGOTO, DN 300 MM, JUNTA ELÁSTICA INTEGRADA - FORNECIMENTO E ASSENTAMENTO. AF_01/2021"},{"$f":"IF(C1011=0,\"\",VLOOKUP(C1011,BNCDADOS!$A:$G,3,0))","v":"M"},79.400000000000006,{"$f":"IF(C1011=0,\"\",VLOOKUP(C1011,BNCDADOS!$A:$G,4,0))","v":"452,78"},{"$f":"IF(C1011=0,\"\",VLOOKUP(C1011,BNCDADOS!$A:$G,5,0))","v":560.04},44467.17,{"$f":"IF(C1011=0,\"\",VLOOKUP(C1011,BNCDADOS!$A:$G,6,0))","v":"452,63"},{"$f":"IF(C1011=0,\"\",VLOOKUP(C1011,BNCDADOS!$A:$G,7,0))","v":588.23},46705.46,{"$f":"SUMIF('MC - TRECHO 03'!A:A,Orçamento!A1011,'MC - TRECHO 03'!R:R)","v":79.400000000000006}]
["4.3.7.3",{"$f":"IF(C1012=0,\"\",VLOOKUP(C1012,BNCDADOS!$A:$H,8,0))","v":"SINAPI/RN\nSERVIÇO"},96624,{"$f":"IF(C1012=0,\"\",VLOOKUP(C1012,BNCDADOS!$A:$G,2,0))","v":"LASTRO COM MATERIAL GRANULAR (PEDRA BRITADA N.2), APLICADO EM PISOS OU LAJES SOBRE SOLO, ESPESSURA DE *10 CM*. AF_01/2024"},{"$f":"IF(C1012=0,\"\",VLOOKUP(C1012,BNCDADOS!$A:$G,3,0))","v":"M3"},18.97,{"$f":"IF(C1012=0,\"\",VLOOKUP(C1012,BNCDADOS!$A:$G,4,0))","v":"262,29"},{"$f":"IF(C1012=0,\"\",VLOOKUP(C1012,BNCDADOS!$A:$G,5,0))","v":324.42},6154.24,{"$f":"IF(C1012=0,\"\",VLOOKUP(C1012,BNCDADOS!$A:$G,6,0))","v":"256,74"},{"$f":"IF(C1012=0,\"\",VLOOKUP(C1012,BNCDADOS!$A:$G,7,0))","v":333.65},6329.34,{"$f":"SUMIF('MC - TRECHO 03'!A:A,Orçamento!A1012,'MC - TRECHO 03'!R:R)","v":18.97}]
["4.3.7.4",{"$f":"IF(C1013=0,\"\",VLOOKUP(C1013,BNCDADOS!$A:$H,8,0))","v":"caern"},2120098,{"$f":"IF(C1013=0,\"\",VLOOKUP(C1013,BNCDADOS!$A:$G,2,0))","v":"GRADE EM BARRA DE FERRO DE 1.1/2\" X 1/2\" PARA CAIXA DE AREIA INCLUSIVE FIXAÇÃO, ESPAÇAMENTO DE 2,50CM. INC_11/2018"},{"$f":"IF(C1013=0,\"\",VLOOKUP(C1013,BNCDADOS!$A:$G,3,0))","v":"M²"},{"$f":"TRUNC(M1013,2)","v":4.5},{"$f":"IF(C1013=0,\"\",VLOOKUP(C1013,BNCDADOS!$A:$G,4,0))","v":1183.8900000000001},{"$f":"IF(C1013=0,\"\",VLOOKUP(C1013,BNCDADOS!$A:$G,5,0))","v":1464.35},6589.57,{"$f":"IF(C1013=0,\"\",VLOOKUP(C1013,BNCDADOS!$A:$G,6,0))","v":1179.42},{"$f":"IF(C1013=0,\"\",VLOOKUP(C1013,BNCDADOS!$A:$G,7,0))","v":1532.77},6897.46,{"$f":"SUMIF('MC - TRECHO 03'!A:A,Orçamento!A1013,'MC - TRECHO 03'!R:R)","v":4.5}]
["4.3.8",{"$f":"IF(C1014=0,\"\",VLOOKUP(C1014,[142]BNCDADOS!$A:$G,8,0))","v":""},null,{"$f":"'[142]MC - TRECHO 03'!D638","v":"PAVIMENTAÇÃO"},{"$f":"IF(C1014=0,\"\",VLOOKUP(C1014,[142]BNCDADOS!$A:$G,3,0))","v":""},{"$f":"TRUNC(M1014,2)","v":0},{"$f":"IF(C1014=0,\"\",VLOOKUP(C1014,[142]BNCDADOS!$A:$G,4,0))","v":""},{"$f":"IF(C1014=0,\"\",VLOOKUP(C1014,[142]BNCDADOS!$A:$G,5,0))","v":""},{"$f":"SUM(I1015:I1018)","v":177744.39},{"$f":"IF(C1014=0,\"\",VLOOKUP(C1014,[142]BNCDADOS!$A:$G,6,0))","v":""},{"$f":"IF(C1014=0,\"\",VLOOKUP(C1014,[142]BNCDADOS!$A:$G,7,0))","v":""},{"$f":"SUM(L1015:L1018)","v":181931.33},0]
["4.3.8.1",{"$f":"IF(C1015=0,\"\",VLOOKUP(C1015,BNCDADOS!$A:$H,8,0))","v":"SINAPI/RN\nSERVIÇO"},94275,{"$f":"IF(C1015=0,\"\",VLOOKUP(C1015,BNCDADOS!$A:$G,2,0))","v":"ASSENTAMENTO DE GUIA (MEIO-FIO) EM TRECHO RETO, CONFECCIONADA EM CONCRETO PRÉ-FABRICADO, DIMENSÕES 100X15X13X20 CM (COMPRIMENTO X BASE INFERIOR X BASE SUPERIOR X ALTURA). AF_01/2024"},{"$f":"IF(C1015=0,\"\",VLOOKUP(C1015,BNCDADOS!$A:$G,3,0))","v":"M"},228.2,{"$f":"IF(C1015=0,\"\",VLOOKUP(C1015,BNCDADOS!$A:$G,4,0))","v":"40,32"},{"$f":"IF(C1015=0,\"\",VLOOKUP(C1015,BNCDADOS!$A:$G,5,0))","v":49.87},{"$f":"IF(H1015=\"\",0,TRUNC(H1015*F1015,2))","v":11380.33},{"$f":"IF(C1015=0,\"\",VLOOKUP(C1015,BNCDADOS!$A:$G,6,0))","v":"39,29"},{"$f":"IF(C1015=0,\"\",VLOOKUP(C1015,BNCDADOS!$A:$G,7,0))","v":51.06},{"$f":"IF(K1015=\"\",0,TRUNC(K1015*F1015,2))","v":11651.89},{"$f":"SUMIF('MC - TRECHO 03'!A:A,Orçamento!A1015,'MC - TRECHO 03'!R:R)","v":228.2}]
["4.3.8.2",{"$f":"IF(C1016=0,\"\",VLOOKUP(C1016,BNCDADOS!$A:$H,8,0))","v":"SINAPI/RN\nSERVIÇO"},92400,{"$f":"IF(C1016=0,\"\",VLOOKUP(C1016,BNCDADOS!$A:$G,2,0))","v":"EXECUÇÃO DE PAVIMENTO EM PISO INTERTRAVADO, COM BLOCO RETANGULAR DE 20 X 10 CM, ESPESSURA 10 CM. AF_10/2022"},{"$f":"IF(C1016=0,\"\",VLOOKUP(C1016,BNCDADOS!$A:$G,3,0))","v":"M2"},643,{"$f":"IF(C1016=0,\"\",VLOOKUP(C1016,BNCDADOS!$A:$G,4,0))","v":"95,44"},{"$f":"IF(C1016=0,\"\",VLOOKUP(C1016,BNCDADOS!$A:$G,5,0))","v":118.04},75899.72,{"$f":"IF(C1016=0,\"\",VLOOKUP(C1016,BNCDADOS!$A:$G,6,0))","v":"93,92"},{"$f":"IF(C1016=0,\"\",VLOOKUP(C1016,BNCDADOS!$A:$G,7,0))","v":122.05},78478.149999999994,{"$f":"SUMIF('MC - TRECHO 03'!A:A,Orçamento!A1016,'MC - TRECHO 03'!R:R)","v":643}]
["4.3.8.3",{"$f":"IF(C1017=0,\"\",VLOOKUP(C1017,BNCDADOS!$A:$H,8,0))","v":"SINAPI/RN\nSERVIÇO"},87640,{"$f":"IF(C1017=0,\"\",VLOOKUP(C1017,BNCDADOS!$A:$G,2,0))","v":"CONTRAPISO EM ARGAMASSA TRAÇO 1:4 (CIMENTO E AREIA), PREPARO MECÂNICO COM BETONEIRA 400 L, APLICADO EM ÁREAS SECAS SOBRE LAJE, ADERIDO, ACABAMENTO NÃO REFORÇADO, ESPESSURA 4CM. AF_07/2021"},{"$f":"IF(C1017=0,\"\",VLOOKUP(C1017,BNCDADOS!$A:$G,3,0))","v":"M2"},240.5,{"$f":"IF(C1017=0,\"\",VLOOKUP(C1017,BNCDADOS!$A:$G,4,0))","v":"42,90"},{"$f":"IF(C1017=0,\"\",VLOOKUP(C1017,BNCDADOS!$A:$G,5,0))","v":53.06},12760.93,{"$f":"IF(C1017=0,\"\",VLOOKUP(C1017,BNCDADOS!$A:$G,6,0))","v":"41,18"},{"$f":"IF(C1017=0,\"\",VLOOKUP(C1017,BNCDADOS!$A:$G,7,0))","v":53.51},12869.15,{"$f":"SUMIF('MC - TRECHO 03'!A:A,Orçamento!A1017,'MC - TRECHO 03'!R:R)","v":240.5}]
["4.3.8.4",{"$f":"IF(C1018=0,\"\",VLOOKUP(C1018,BNCDADOS!$A:$H,8,0))","v":"SINAPI/RN\nSERVIÇO"},94990,{"$f":"IF(C1018=0,\"\",VLOOKUP(C1018,BNCDADOS!$A:$G,2,0))","v":"EXECUÇÃO DE PASSEIO (CALÇADA) OU PISO DE CONCRETO COM CONCRETO MOLDADO IN LOCO, FEITO EM OBRA, ACABAMENTO CONVENCIONAL, NÃO ARMADO. AF_08/2022"},{"$f":"IF(C1018=0,\"\",VLOOKUP(C1018,BNCDADOS!$A:$G,3,0))","v":"M3"},80.52,{"$f":"IF(C1018=0,\"\",VLOOKUP(C1018,BNCDADOS!$A:$G,4,0))","v":"780,20"},{"$f":"IF(C1018=0,\"\",VLOOKUP(C1018,BNCDADOS!$A:$G,5,0))","v":965.02},77703.41,{"$f":"IF(C1018=0,\"\",VLOOKUP(C1018,BNCDADOS!$A:$G,6,0))","v":"754,30"},{"$f":"IF(C1018=0,\"\",VLOOKUP(C1018,BNCDADOS!$A:$G,7,0))","v":980.28},78932.14,{"$f":"SUMIF('MC - TRECHO 03'!A:A,Orçamento!A1018,'MC - TRECHO 03'!R:R)","v":80.52}]
["4.3.9",{"$f":"IF(C1019=0,\"\",VLOOKUP(C1019,[142]BNCDADOS!$A:$G,8,0))","v":""},null,{"$f":"'[142]MC - TRECHO 03'!D667","v":"PINTURA"},{"$f":"IF(C1019=0,\"\",VLOOKUP(C1019,[142]BNCDADOS!$A:$G,3,0))","v":""},0,{"$f":"IF(C1019=0,\"\",VLOOKUP(C1019,[142]BNCDADOS!$A:$G,4,0))","v":""},{"$f":"IF(C1019=0,\"\",VLOOKUP(C1019,[142]BNCDADOS!$A:$G,5,0))","v":""},{"$f":"SUM(I1021:I1024)","v":39568.03},{"$f":"IF(C1019=0,\"\",VLOOKUP(C1019,[142]BNCDADOS!$A:$G,6,0))","v":""},{"$f":"IF(C1019=0,\"\",VLOOKUP(C1019,[142]BNCDADOS!$A:$G,7,0))","v":""},{"$f":"SUM(L1021:L1024)","v":39088.199999999997},0]
["4.3.9.1",{"$f":"IF(C1020=0,\"\",VLOOKUP(C1020,BNCDADOS!$A:$H,8,0))","v":"SINAPI/RN\nSERVIÇO"},88485,{"$f":"IF(C1020=0,\"\",VLOOKUP(C1020,BNCDADOS!$A:$G,2,0))","v":"FUNDO SELADOR ACRÍLICO, APLICAÇÃO MANUAL EM PAREDE, UMA DEMÃO. AF_04/2023"},{"$f":"IF(C1020=0,\"\",VLOOKUP(C1020,BNCDADOS!$A:$G,3,0))","v":"M2"},2642.72,{"$f":"IF(C1020=0,\"\",VLOOKUP(C1020,BNCDADOS!$A:$G,4,0))","v":"3,30"},{"$f":"IF(C1020=0,\"\",VLOOKUP(C1020,BNCDADOS!$A:$G,5,0))","v":4.08},{"$f":"IF(H1020=\"\",0,TRUNC(H1020*F1020,2))","v":10782.29},{"$f":"IF(C1020=0,\"\",VLOOKUP(C1020,BNCDADOS!$A:$G,6,0))","v":"3,06"},{"$f":"IF(C1020=0,\"\",VLOOKUP(C1020,BNCDADOS!$A:$G,7,0))","v":3.97},{"$f":"IF(K1020=\"\",0,TRUNC(K1020*F1020,2))","v":10491.59},{"$f":"SUMIF('MC - TRECHO 03'!A:A,Orçamento!A1020,'MC - TRECHO 03'!R:R)","v":2642.7200000000003}]
["4.3.9.2",{"$f":"IF(C1021=0,\"\",VLOOKUP(C1021,BNCDADOS!$A:$H,8,0))","v":"SINAPI/RN\nSERVIÇO"},104642,{"$f":"IF(C1021=0,\"\",VLOOKUP(C1021,BNCDADOS!$A:$G,2,0))","v":"PINTURA LÁTEX ACRÍLICA STANDARD, APLICAÇÃO MANUAL EM PAREDES, DUAS DEMÃOS. AF_04/2023"},{"$f":"IF(C1021=0,\"\",VLOOKUP(C1021,BNCDADOS!$A:$G,3,0))","v":"M2"},2642.72,{"$f":"IF(C1021=0,\"\",VLOOKUP(C1021,BNCDADOS!$A:$G,4,0))","v":"10,29"},{"$f":"IF(C1021=0,\"\",VLOOKUP(C1021,BNCDADOS!$A:$G,5,0))","v":12.72},33615.39,{"$f":"IF(C1021=0,\"\",VLOOKUP(C1021,BNCDADOS!$A:$G,6,0))","v":"9,70"},{"$f":"IF(C1021=0,\"\",VLOOKUP(C1021,BNCDADOS!$A:$G,7,0))","v":12.6},33298.269999999997,{"$f":"SUMIF('MC - TRECHO 03'!A:A,Orçamento!A1021,'MC - TRECHO 03'!R:R)","v":2642.7200000000003}]
["4.3.9.3",{"$f":"IF(C1022=0,\"\",VLOOKUP(C1022,BNCDADOS!$A:$H,8,0))","v":"SINAPI/RN\nSERVIÇO"},100720,{"$f":"IF(C1022=0,\"\",VLOOKUP(C1022,BNCDADOS!$A:$G,2,0))","v":"PINTURA COM TINTA ALQUÍDICA DE FUNDO (TIPO ZARCÃO) APLICADA A ROLO OU PINCEL SOBRE PERFIL METÁLICO EXECUTADO EM FÁBRICA (POR DEMÃO). AF_01/2020"},{"$f":"IF(C1022=0,\"\",VLOOKUP(C1022,BNCDADOS!$A:$G,3,0))","v":"M2"},37.14,{"$f":"IF(C1022=0,\"\",VLOOKUP(C1022,BNCDADOS!$A:$G,4,0))","v":"10,27"},{"$f":"IF(C1022=0,\"\",VLOOKUP(C1022,BNCDADOS!$A:$G,5,0))","v":12.7},471.67,{"$f":"IF(C1022=0,\"\",VLOOKUP(C1022,BNCDADOS!$A:$G,6,0))","v":"9,65"},{"$f":"IF(C1022=0,\"\",VLOOKUP(C1022,BNCDADOS!$A:$G,7,0))","v":12.54},465.73,{"$f":"SUMIF('MC - TRECHO 03'!A:A,Orçamento!A1022,'MC - TRECHO 03'!R:R)","v":37.14}]
["4.3.9.4",{"$f":"IF(C1023=0,\"\",VLOOKUP(C1023,BNCDADOS!$A:$H,8,0))","v":"SINAPI/RN\nSERVIÇO"},100758,{"$f":"IF(C1023=0,\"\",VLOOKUP(C1023,BNCDADOS!$A:$G,2,0))","v":"PINTURA COM TINTA ALQUÍDICA DE ACABAMENTO (ESMALTE SINTÉTICO ACETINADO) APLICADA A ROLO OU PINCEL SOBRE SUPERFÍCIES METÁLICAS (EXCETO PERFIL) EXECUTADO EM OBRA (02 DEMÃOS). AF_01/2020"},{"$f":"IF(C1023=0,\"\",VLOOKUP(C1023,BNCDADOS!$A:$G,3,0))","v":"M2"},37.14,{"$f":"IF(C1023=0,\"\",VLOOKUP(C1023,BNCDADOS!$A:$G,4,0))","v":"48,50"},{"$f":"IF(C1023=0,\"\",VLOOKUP(C1023,BNCDADOS!$A:$G,5,0))","v":59.98},2227.65,{"$f":"IF(C1023=0,\"\",VLOOKUP(C1023,BNCDADOS!$A:$G,6,0))","v":"44,55"},{"$f":"IF(C1023=0,\"\",VLOOKUP(C1023,BNCDADOS!$A:$G,7,0))","v":57.89},2150.0300000000002,{"$f":"SUMIF('MC - TRECHO 03'!A:A,Orçamento!A1023,'MC - TRECHO 03'!R:R)","v":37.14}]
["4.3.9.5",{"$f":"IF(C1024=0,\"\",VLOOKUP(C1024,BNCDADOS!$A:$H,8,0))","v":"SINAPI/RN\nSERVIÇO"},102203,{"$f":"IF(C1024=0,\"\",VLOOKUP(C1024,BNCDADOS!$A:$G,2,0))","v":"PINTURA VERNIZ (INCOLOR) ALQUÍDICO EM MADEIRA, USO INTERNO E EXTERNO, 1 DEMÃO. AF_01/2021"},{"$f":"IF(C1024=0,\"\",VLOOKUP(C1024,BNCDADOS!$A:$G,3,0))","v":"M2"},272.93,{"$f":"IF(C1024=0,\"\",VLOOKUP(C1024,BNCDADOS!$A:$G,4,0))","v":"9,64"},{"$f":"IF(C1024=0,\"\",VLOOKUP(C1024,BNCDADOS!$A:$G,5,0))","v":11.92},3253.32,{"$f":"IF(C1024=0,\"\",VLOOKUP(C1024,BNCDADOS!$A:$G,6,0))","v":"8,95"},{"$f":"IF(C1024=0,\"\",VLOOKUP(C1024,BNCDADOS!$A:$G,7,0))","v":11.63},3174.17,{"$f":"SUMIF('MC - TRECHO 03'!A:A,Orçamento!A1024,'MC - TRECHO 03'!R:R)","v":272.9375}]
["4.3.10",{"$f":"IF(C1025=0,\"\",VLOOKUP(C1025,[142]BNCDADOS!$A:$G,8,0))","v":""},null,{"$f":"'[142]MC - TRECHO 03'!D698","v":"INSTALAÇÕES ELÉTRICAS"},{"$f":"IF(C1025=0,\"\",VLOOKUP(C1025,[142]BNCDADOS!$A:$G,3,0))","v":""},0,{"$f":"IF(C1025=0,\"\",VLOOKUP(C1025,[142]BNCDADOS!$A:$G,4,0))","v":""},{"$f":"IF(C1025=0,\"\",VLOOKUP(C1025,[142]BNCDADOS!$A:$G,5,0))","v":""},{"$f":"SUM(I1026:I1045)","v":252227.51000000004},{"$f":"IF(C1025=0,\"\",VLOOKUP(C1025,[142]BNCDADOS!$A:$G,6,0))","v":""},{"$f":"IF(C1025=0,\"\",VLOOKUP(C1025,[142]BNCDADOS!$A:$G,7,0))","v":""},{"$f":"SUM(L1026:L1045)","v":258782.59999999998},0]
["4.3.10.1",{"$f":"IF(C1026=0,\"\",VLOOKUP(C1026,BNCDADOS!$A:$H,8,0))","v":0},"COMP 27",{"$f":"IF(C1026=0,\"\",VLOOKUP(C1026,BNCDADOS!$A:$G,2,0))","v":"INSTALAÇÃO DE POSTE DE ENTRADA DE ENERGIA PARA SUBSTAÇÃO ABRIGADA, PROTEÇÃO GERAL, POSTES, CRUZETAS, E CAIXA DE PASSAGEM"},{"$f":"IF(C1026=0,\"\",VLOOKUP(C1026,BNCDADOS!$A:$G,3,0))","v":"UN"},1,{"$f":"IF(C1026=0,\"\",VLOOKUP(C1026,BNCDADOS!$A:$G,4,0))","v":14431.300000000001},{"$f":"IF(C1026=0,\"\",VLOOKUP(C1026,BNCDADOS!$A:$G,5,0))","v":17850.07},{"$f":"IF(H1026=\"\",0,TRUNC(H1026*F1026,2))","v":17850.07},{"$f":"IF(C1026=0,\"\",VLOOKUP(C1026,BNCDADOS!$A:$G,6,0))","v":14205.919999999998},{"$f":"IF(C1026=0,\"\",VLOOKUP(C1026,BNCDADOS!$A:$G,7,0))","v":18462.009999999998},{"$f":"IF(K1026=\"\",0,TRUNC(K1026*F1026,2))","v":18462.009999999998},{"$f":"SUMIF('MC - TRECHO 03'!A:A,Orçamento!A1026,'MC - TRECHO 03'!R:R)","v":1}]
["4.3.10.2",{"$f":"IF(C1027=0,\"\",VLOOKUP(C1027,BNCDADOS!$A:$H,8,0))","v":"SINAPI/RN\nSERVIÇO"},93000,{"$f":"IF(C1027=0,\"\",VLOOKUP(C1027,BNCDADOS!$A:$G,2,0))","v":"CABO DE COBRE FLEXÍVEL ISOLADO, 240 MM², ANTI-CHAMA 0,6/1,0 KV, PARA REDE ENTERRADA DE DISTRIBUIÇÃO DE ENERGIA ELÉTRICA - FORNECIMENTO E INSTALAÇÃO. AF_12/2021"},{"$f":"IF(C1027=0,\"\",VLOOKUP(C1027,BNCDADOS!$A:$G,3,0))","v":"M"},416,{"$f":"IF(C1027=0,\"\",VLOOKUP(C1027,BNCDADOS!$A:$G,4,0))","v":"293,85"},{"$f":"IF(C1027=0,\"\",VLOOKUP(C1027,BNCDADOS!$A:$G,5,0))","v":363.46},151199.35999999999,{"$f":"IF(C1027=0,\"\",VLOOKUP(C1027,BNCDADOS!$A:$G,6,0))","v":"292,50"},{"$f":"IF(C1027=0,\"\",VLOOKUP(C1027,BNCDADOS!$A:$G,7,0))","v":380.13},158134.07999999999,{"$f":"SUMIF('MC - TRECHO 03'!A:A,Orçamento!A1027,'MC - TRECHO 03'!R:R)","v":416}]
["4.3.10.3",{"$f":"IF(C1028=0,\"\",VLOOKUP(C1028,BNCDADOS!$A:$H,8,0))","v":"SINAPI/RN\nSERVIÇO"},91931,{"$f":"IF(C1028=0,\"\",VLOOKUP(C1028,BNCDADOS!$A:$G,2,0))","v":"CABO DE COBRE FLEXÍVEL ISOLADO, 6 MM², ANTI-CHAMA 0,6/1,0 KV, PARA CIRCUITOS TERMINAIS - FORNECIMENTO E INSTALAÇÃO. AF_03/2023"},{"$f":"IF(C1028=0,\"\",VLOOKUP(C1028,BNCDADOS!$A:$G,3,0))","v":"M"},15,{"$f":"IF(C1028=0,\"\",VLOOKUP(C1028,BNCDADOS!$A:$G,4,0))","v":"11,29"},{"$f":"IF(C1028=0,\"\",VLOOKUP(C1028,BNCDADOS!$A:$G,5,0))","v":13.96},209.4,{"$f":"IF(C1028=0,\"\",VLOOKUP(C1028,BNCDADOS!$A:$G,6,0))","v":"11,02"},{"$f":"IF(C1028=0,\"\",VLOOKUP(C1028,BNCDADOS!$A:$G,7,0))","v":14.32},214.8,{"$f":"SUMIF('MC - TRECHO 03'!A:A,Orçamento!A1028,'MC - TRECHO 03'!R:R)","v":15}]
["4.3.10.4",{"$f":"IF(C1029=0,\"\",VLOOKUP(C1029,BNCDADOS!$A:$H,8,0))","v":"SINAPI/RN\nSERVIÇO"},91929,{"$f":"IF(C1029=0,\"\",VLOOKUP(C1029,BNCDADOS!$A:$G,2,0))","v":"CABO DE COBRE FLEXÍVEL ISOLADO, 4 MM², ANTI-CHAMA 0,6/1,0 KV, PARA CIRCUITOS TERMINAIS - FORNECIMENTO E INSTALAÇÃO. AF_03/2023"},{"$f":"IF(C1029=0,\"\",VLOOKUP(C1029,BNCDADOS!$A:$G,3,0))","v":"M"},115.5,{"$f":"IF(C1029=0,\"\",VLOOKUP(C1029,BNCDADOS!$A:$G,4,0))","v":"7,98"},{"$f":"IF(C1029=0,\"\",VLOOKUP(C1029,BNCDADOS!$A:$G,5,0))","v":9.8699999999999992},1139.98,{"$f":"IF(C1029=0,\"\",VLOOKUP(C1029,BNCDADOS!$A:$G,6,0))","v":"7,76"},{"$f":"IF(C1029=0,\"\",VLOOKUP(C1029,BNCDADOS!$A:$G,7,0))","v":10.08},1164.24,{"$f":"SUMIF('MC - TRECHO 03'!A:A,Orçamento!A1029,'MC - TRECHO 03'!R:R)","v":115.5}]
["4.3.10.5",{"$f":"IF(C1030=0,\"\",VLOOKUP(C1030,BNCDADOS!$A:$H,8,0))","v":"SINAPI/RN\nSERVIÇO"},91927,{"$f":"IF(C1030=0,\"\",VLOOKUP(C1030,BNCDADOS!$A:$G,2,0))","v":"CABO DE COBRE FLEXÍVEL ISOLADO, 2,5 MM², ANTI-CHAMA 0,6/1,0 KV, PARA CIRCUITOS TERMINAIS - FORNECIMENTO E INSTALAÇÃO. AF_03/2023"},{"$f":"IF(C1030=0,\"\",VLOOKUP(C1030,BNCDADOS!$A:$G,3,0))","v":"M"},90,{"$f":"IF(C1030=0,\"\",VLOOKUP(C1030,BNCDADOS!$A:$G,4,0))","v":"5,38"},{"$f":"IF(C1030=0,\"\",VLOOKUP(C1030,BNCDADOS!$A:$G,5,0))","v":6.65},598.5,{"$f":"IF(C1030=0,\"\",VLOOKUP(C1030,BNCDADOS!$A:$G,6,0))","v":"5,22"},{"$f":"IF(C1030=0,\"\",VLOOKUP(C1030,BNCDADOS!$A:$G,7,0))","v":6.78},610.20000000000005,{"$f":"SUMIF('MC - TRECHO 03'!A:A,Orçamento!A1030,'MC - TRECHO 03'!R:R)","v":90}]
["4.3.10.6",{"$f":"IF(C1031=0,\"\",VLOOKUP(C1031,BNCDADOS!$A:$H,8,0))","v":"SINAPI/RN\nSERVIÇO"},91854,{"$f":"IF(C1031=0,\"\",VLOOKUP(C1031,BNCDADOS!$A:$G,2,0))","v":"ELETRODUTO FLEXÍVEL CORRUGADO, PVC, DN 25 MM (3/4\"), PARA CIRCUITOS TERMINAIS, INSTALADO EM PAREDE - FORNECIMENTO E INSTALAÇÃO. AF_03/2023"},{"$f":"IF(C1031=0,\"\",VLOOKUP(C1031,BNCDADOS!$A:$G,3,0))","v":"M"},5.5,{"$f":"IF(C1031=0,\"\",VLOOKUP(C1031,BNCDADOS!$A:$G,4,0))","v":"8,73"},{"$f":"IF(C1031=0,\"\",VLOOKUP(C1031,BNCDADOS!$A:$G,5,0))","v":10.79},59.34,{"$f":"IF(C1031=0,\"\",VLOOKUP(C1031,BNCDADOS!$A:$G,6,0))","v":"8,01"},{"$f":"IF(C1031=0,\"\",VLOOKUP(C1031,BNCDADOS!$A:$G,7,0))","v":10.4},57.2,{"$f":"SUMIF('MC - TRECHO 03'!A:A,Orçamento!A1031,'MC - TRECHO 03'!R:R)","v":5.5}]
["4.3.10.7",{"$f":"IF(C1032=0,\"\",VLOOKUP(C1032,BNCDADOS!$A:$H,8,0))","v":"SINAPI/RN\nSERVIÇO"},95728,{"$f":"IF(C1032=0,\"\",VLOOKUP(C1032,BNCDADOS!$A:$G,2,0))","v":"ELETRODUTO RÍGIDO SOLDÁVEL, PVC, DN 32 MM (1\u0094), APARENTE - FORNECIMENTO E INSTALAÇÃO. AF_10/2022_PA"},{"$f":"IF(C1032=0,\"\",VLOOKUP(C1032,BNCDADOS!$A:$G,3,0))","v":"M"},38,{"$f":"IF(C1032=0,\"\",VLOOKUP(C1032,BNCDADOS!$A:$G,4,0))","v":"23,88"},{"$f":"IF(C1032=0,\"\",VLOOKUP(C1032,BNCDADOS!$A:$G,5,0))","v":29.53},1122.1400000000001,{"$f":"IF(C1032=0,\"\",VLOOKUP(C1032,BNCDADOS!$A:$G,6,0))","v":"22,13"},{"$f":"IF(C1032=0,\"\",VLOOKUP(C1032,BNCDADOS!$A:$G,7,0))","v":28.76},1092.8800000000001,{"$f":"SUMIF('MC - TRECHO 03'!A:A,Orçamento!A1032,'MC - TRECHO 03'!R:R)","v":38}]
["4.3.10.8",{"$f":"IF(C1033=0,\"\",VLOOKUP(C1033,BNCDADOS!$A:$H,8,0))","v":"SINAPI/RN\nSERVIÇO"},93011,{"$f":"IF(C1033=0,\"\",VLOOKUP(C1033,BNCDADOS!$A:$G,2,0))","v":"ELETRODUTO RÍGIDO ROSCÁVEL, PVC, DN 85 MM (3\"), PARA REDE ENTERRADA DE DISTRIBUIÇÃO DE ENERGIA ELÉTRICA - FORNECIMENTO E INSTALAÇÃO. AF_12/2021"},{"$f":"IF(C1033=0,\"\",VLOOKUP(C1033,BNCDADOS!$A:$G,3,0))","v":"M"},25.5,{"$f":"IF(C1033=0,\"\",VLOOKUP(C1033,BNCDADOS!$A:$G,4,0))","v":"34,98"},{"$f":"IF(C1033=0,\"\",VLOOKUP(C1033,BNCDADOS!$A:$G,5,0))","v":43.26},1103.1300000000001,{"$f":"IF(C1033=0,\"\",VLOOKUP(C1033,BNCDADOS!$A:$G,6,0))","v":"34,06"},{"$f":"IF(C1033=0,\"\",VLOOKUP(C1033,BNCDADOS!$A:$G,7,0))","v":44.26},1128.6300000000001,{"$f":"SUMIF('MC - TRECHO 03'!A:A,Orçamento!A1033,'MC - TRECHO 03'!R:R)","v":25.5}]
["4.3.10.9",{"$f":"IF(C1034=0,\"\",VLOOKUP(C1034,BNCDADOS!$A:$H,8,0))","v":"SINAPI/RN\nSERVIÇO"},97882,{"$f":"IF(C1034=0,\"\",VLOOKUP(C1034,BNCDADOS!$A:$G,2,0))","v":"CAIXA ENTERRADA ELÉTRICA RETANGULAR, EM CONCRETO PRÉ-MOLDADO, FUNDO COM BRITA, DIMENSÕES INTERNAS: 0,4X0,4X0,4 M. AF_12/2020"},{"$f":"IF(C1034=0,\"\",VLOOKUP(C1034,BNCDADOS!$A:$G,3,0))","v":"UN"},9,{"$f":"IF(C1034=0,\"\",VLOOKUP(C1034,BNCDADOS!$A:$G,4,0))","v":"215,84"},{"$f":"IF(C1034=0,\"\",VLOOKUP(C1034,BNCDADOS!$A:$G,5,0))","v":266.97000000000003},2402.73,{"$f":"IF(C1034=0,\"\",VLOOKUP(C1034,BNCDADOS!$A:$G,6,0))","v":"212,07"},{"$f":"IF(C1034=0,\"\",VLOOKUP(C1034,BNCDADOS!$A:$G,7,0))","v":275.60000000000002},2480.4,{"$f":"SUMIF('MC - TRECHO 03'!A:A,Orçamento!A1034,'MC - TRECHO 03'!R:R)","v":9}]
["4.3.10.10",{"$f":"IF(C1035=0,\"\",VLOOKUP(C1035,BNCDADOS!$A:$H,8,0))","v":"caern"},2070408,{"$f":"IF(C1035=0,\"\",VLOOKUP(C1035,BNCDADOS!$A:$G,2,0))","v":"CONJUNTO ILUMINAÇÃO EXTERNA TIPO PÉTALA COM 02 REFLETORES LED DE 100 W E POSTE CIRCULAR DE 9M EM CONCRETO. INC_05/2020"},{"$f":"IF(C1035=0,\"\",VLOOKUP(C1035,BNCDADOS!$A:$G,3,0))","v":"UN "},2,{"$f":"IF(C1035=0,\"\",VLOOKUP(C1035,BNCDADOS!$A:$G,4,0))","v":2500.1600000000003},{"$f":"IF(C1035=0,\"\",VLOOKUP(C1035,BNCDADOS!$A:$G,5,0))","v":3092.44},6184.88,{"$f":"IF(C1035=0,\"\",VLOOKUP(C1035,BNCDADOS!$A:$G,6,0))","v":2464.5500000000006},{"$f":"IF(C1035=0,\"\",VLOOKUP(C1035,BNCDADOS!$A:$G,7,0))","v":3202.92},6405.84,{"$f":"SUMIF('MC - TRECHO 03'!A:A,Orçamento!A1035,'MC - TRECHO 03'!R:R)","v":2}]
["4.3.10.11",{"$f":"IF(C1036=0,\"\",VLOOKUP(C1036,BNCDADOS!$A:$H,8,0))","v":"caern"},2070410,{"$f":"IF(C1036=0,\"\",VLOOKUP(C1036,BNCDADOS!$A:$G,2,0))","v":"CONJUNTO ILUMINAÇÃO EXTERNA TIPO PÉTALA COM 04 REFLETORES LED DE 100 W E POSTE CIRCULAR DE 9M EM CONCRETO. INC_05/2020"},{"$f":"IF(C1036=0,\"\",VLOOKUP(C1036,BNCDADOS!$A:$G,3,0))","v":"UN "},4,{"$f":"IF(C1036=0,\"\",VLOOKUP(C1036,BNCDADOS!$A:$G,4,0))","v":2737.2200000000003},{"$f":"IF(C1036=0,\"\",VLOOKUP(C1036,BNCDADOS!$A:$G,5,0))","v":3385.66},13542.64,{"$f":"IF(C1036=0,\"\",VLOOKUP(C1036,BNCDADOS!$A:$G,6,0))","v":2701.6100000000006},{"$f":"IF(C1036=0,\"\",VLOOKUP(C1036,BNCDADOS!$A:$G,7,0))","v":3511.01},14044.04,{"$f":"SUMIF('MC - TRECHO 03'!A:A,Orçamento!A1036,'MC - TRECHO 03'!R:R)","v":4}]
["4.3.10.12",{"$f":"IF(C1037=0,\"\",VLOOKUP(C1037,BNCDADOS!$A:$H,8,0))","v":0},"COMP 28",{"$f":"IF(C1037=0,\"\",VLOOKUP(C1037,BNCDADOS!$A:$G,2,0))","v":"SERVIÇOS DE MONTAGEM E INSTALAÇÃO DA SUBSTAÇÃO ABRIGADA DA EEAT COM CARGA TOTAL DE 1500KVA"},{"$f":"IF(C1037=0,\"\",VLOOKUP(C1037,BNCDADOS!$A:$G,3,0))","v":"UN"},1,{"$f":"IF(C1037=0,\"\",VLOOKUP(C1037,BNCDADOS!$A:$G,4,0))","v":38978.080000000002},{"$f":"IF(C1037=0,\"\",VLOOKUP(C1037,BNCDADOS!$A:$G,5,0))","v":48211.98},48211.98,{"$f":"IF(C1037=0,\"\",VLOOKUP(C1037,BNCDADOS!$A:$G,6,0))","v":35473.760000000002},{"$f":"IF(C1037=0,\"\",VLOOKUP(C1037,BNCDADOS!$A:$G,7,0))","v":46101.69},46101.69,{"$f":"SUMIF('MC - TRECHO 03'!A:A,Orçamento!A1037,'MC - TRECHO 03'!R:R)","v":1}]
["4.3.10.13",{"$f":"IF(C1038=0,\"\",VLOOKUP(C1038,BNCDADOS!$A:$H,8,0))","v":"SINAPI/RN\nSERVIÇO"},96977,{"$f":"IF(C1038=0,\"\",VLOOKUP(C1038,BNCDADOS!$A:$G,2,0))","v":"CORDOALHA DE COBRE NU 50 MM², ENTERRADA - FORNECIMENTO E INSTALAÇÃO. AF_08/2023"},{"$f":"IF(C1038=0,\"\",VLOOKUP(C1038,BNCDADOS!$A:$G,3,0))","v":"M"},32.200000000000003,{"$f":"IF(C1038=0,\"\",VLOOKUP(C1038,BNCDADOS!$A:$G,4,0))","v":"66,73"},{"$f":"IF(C1038=0,\"\",VLOOKUP(C1038,BNCDADOS!$A:$G,5,0))","v":82.53},2657.46,{"$f":"IF(C1038=0,\"\",VLOOKUP(C1038,BNCDADOS!$A:$G,6,0))","v":"66,56"},{"$f":"IF(C1038=0,\"\",VLOOKUP(C1038,BNCDADOS!$A:$G,7,0))","v":86.5},2785.3,{"$f":"SUMIF('MC - TRECHO 03'!A:A,Orçamento!A1038,'MC - TRECHO 03'!R:R)","v":32.200000000000003}]
["4.3.10.14",{"$f":"IF(C1039=0,\"\",VLOOKUP(C1039,BNCDADOS!$A:$H,8,0))","v":"SINAPI/RN\nSERVIÇO"},96986,{"$f":"IF(C1039=0,\"\",VLOOKUP(C1039,BNCDADOS!$A:$G,2,0))","v":"HASTE DE ATERRAMENTO, DIÂMETRO 3/4\", COM 3 METROS - FORNECIMENTO E INSTALAÇÃO. AF_08/2023"},{"$f":"IF(C1039=0,\"\",VLOOKUP(C1039,BNCDADOS!$A:$G,3,0))","v":"UN"},6,{"$f":"IF(C1039=0,\"\",VLOOKUP(C1039,BNCDADOS!$A:$G,4,0))","v":"152,63"},{"$f":"IF(C1039=0,\"\",VLOOKUP(C1039,BNCDADOS!$A:$G,5,0))","v":188.78},1132.68,{"$f":"IF(C1039=0,\"\",VLOOKUP(C1039,BNCDADOS!$A:$G,6,0))","v":"150,55"},{"$f":"IF(C1039=0,\"\",VLOOKUP(C1039,BNCDADOS!$A:$G,7,0))","v":195.65},1173.9000000000001,{"$f":"SUMIF('MC - TRECHO 03'!A:A,Orçamento!A1039,'MC - TRECHO 03'!R:R)","v":6}]
["4.3.10.15",{"$f":"IF(C1040=0,\"\",VLOOKUP(C1040,BNCDADOS!$A:$H,8,0))","v":"SINAPI/RN\nINSUMOS"},34641,{"$f":"IF(C1040=0,\"\",VLOOKUP(C1040,BNCDADOS!$A:$G,2,0))","v":"CAIXA DE ATERRAMENTO EM CONCRETO PRE-MOLDADO, DIAMETRO DE 0,30 M E ALTURA DE 0,35 M, SEM FUNDO E COM TAMPA                                                                                                                                                                                                                                                                                                                                                                                                "},{"$f":"IF(C1040=0,\"\",VLOOKUP(C1040,BNCDADOS!$A:$G,3,0))","v":"UN    "},6,{"$f":"IF(C1040=0,\"\",VLOOKUP(C1040,BNCDADOS!$A:$G,4,0))","v":"107,66"},{"$f":"IF(C1040=0,\"\",VLOOKUP(C1040,BNCDADOS!$A:$G,5,0))","v":133.16},798.96,{"$f":"IF(C1040=0,\"\",VLOOKUP(C1040,BNCDADOS!$A:$G,6,0))","v":"107,66"},{"$f":"IF(C1040=0,\"\",VLOOKUP(C1040,BNCDADOS!$A:$G,7,0))","v":139.91},839.46,{"$f":"SUMIF('MC - TRECHO 03'!A:A,Orçamento!A1040,'MC - TRECHO 03'!R:R)","v":6}]
["4.3.10.16",{"$f":"IF(C1041=0,\"\",VLOOKUP(C1041,BNCDADOS!$A:$H,8,0))","v":"SINAPI/RN\nSERVIÇO"},104750,{"$f":"IF(C1041=0,\"\",VLOOKUP(C1041,BNCDADOS!$A:$G,2,0))","v":"CONECTOR GRAMPO METÁLICO TIPO OLHAL, PARA SPDA, PARA HASTE DE ATERRAMENTO DE 5/8'' E CABOS DE 10 A 50 MM2 - FORNECIMENTO E INSTALAÇÃO. AF_08/2023"},{"$f":"IF(C1041=0,\"\",VLOOKUP(C1041,BNCDADOS!$A:$G,3,0))","v":"UN"},6,{"$f":"IF(C1041=0,\"\",VLOOKUP(C1041,BNCDADOS!$A:$G,4,0))","v":"18,06"},{"$f":"IF(C1041=0,\"\",VLOOKUP(C1041,BNCDADOS!$A:$G,5,0))","v":22.33},133.97999999999999,{"$f":"IF(C1041=0,\"\",VLOOKUP(C1041,BNCDADOS!$A:$G,6,0))","v":"17,06"},{"$f":"IF(C1041=0,\"\",VLOOKUP(C1041,BNCDADOS!$A:$G,7,0))","v":22.17},133.02000000000001,{"$f":"SUMIF('MC - TRECHO 03'!A:A,Orçamento!A1041,'MC - TRECHO 03'!R:R)","v":6}]
["4.3.10.17",{"$f":"IF(C1042=0,\"\",VLOOKUP(C1042,BNCDADOS!$A:$H,8,0))","v":"SINAPI/RN\nSERVIÇO"},96973,{"$f":"IF(C1042=0,\"\",VLOOKUP(C1042,BNCDADOS!$A:$G,2,0))","v":"CORDOALHA DE COBRE NU 35 MM², NÃO ENTERRADA, COM ISOLADOR - FORNECIMENTO E INSTALAÇÃO. AF_08/2023"},{"$f":"IF(C1042=0,\"\",VLOOKUP(C1042,BNCDADOS!$A:$G,3,0))","v":"M"},35,{"$f":"IF(C1042=0,\"\",VLOOKUP(C1042,BNCDADOS!$A:$G,4,0))","v":"76,41"},{"$f":"IF(C1042=0,\"\",VLOOKUP(C1042,BNCDADOS!$A:$G,5,0))","v":94.51},3307.85,{"$f":"IF(C1042=0,\"\",VLOOKUP(C1042,BNCDADOS!$A:$G,6,0))","v":"73,96"},{"$f":"IF(C1042=0,\"\",VLOOKUP(C1042,BNCDADOS!$A:$G,7,0))","v":96.11},3363.85,{"$f":"SUMIF('MC - TRECHO 03'!A:A,Orçamento!A1042,'MC - TRECHO 03'!R:R)","v":35}]
["4.3.10.18",{"$f":"IF(C1043=0,\"\",VLOOKUP(C1043,BNCDADOS!$A:$H,8,0))","v":"SINAPI/RN\nSERVIÇO"},96987,{"$f":"IF(C1043=0,\"\",VLOOKUP(C1043,BNCDADOS!$A:$G,2,0))","v":"BASE METÁLICA PARA MASTRO 1 ½\"  PARA SPDA - FORNECIMENTO E INSTALAÇÃO. AF_08/2023"},{"$f":"IF(C1043=0,\"\",VLOOKUP(C1043,BNCDADOS!$A:$G,3,0))","v":"UN"},1,{"$f":"IF(C1043=0,\"\",VLOOKUP(C1043,BNCDADOS!$A:$G,4,0))","v":"129,68"},{"$f":"IF(C1043=0,\"\",VLOOKUP(C1043,BNCDADOS!$A:$G,5,0))","v":160.4},160.4,{"$f":"IF(C1043=0,\"\",VLOOKUP(C1043,BNCDADOS!$A:$G,6,0))","v":"123,32"},{"$f":"IF(C1043=0,\"\",VLOOKUP(C1043,BNCDADOS!$A:$G,7,0))","v":160.26},160.26,{"$f":"SUMIF('MC - TRECHO 03'!A:A,Orçamento!A1043,'MC - TRECHO 03'!R:R)","v":1}]
["4.3.10.19",{"$f":"IF(C1044=0,\"\",VLOOKUP(C1044,BNCDADOS!$A:$H,8,0))","v":"SINAPI/RN\nSERVIÇO"},96988,{"$f":"IF(C1044=0,\"\",VLOOKUP(C1044,BNCDADOS!$A:$G,2,0))","v":"MASTRO 1 ½\", COM 3 METROS, PARA SPDA - FORNECIMENTO E INSTALAÇÃO. AF_08/2023"},{"$f":"IF(C1044=0,\"\",VLOOKUP(C1044,BNCDADOS!$A:$G,3,0))","v":"UN"},1,{"$f":"IF(C1044=0,\"\",VLOOKUP(C1044,BNCDADOS!$A:$G,4,0))","v":"181,32"},{"$f":"IF(C1044=0,\"\",VLOOKUP(C1044,BNCDADOS!$A:$G,5,0))","v":224.27},224.27,{"$f":"IF(C1044=0,\"\",VLOOKUP(C1044,BNCDADOS!$A:$G,6,0))","v":"180,42"},{"$f":"IF(C1044=0,\"\",VLOOKUP(C1044,BNCDADOS!$A:$G,7,0))","v":234.47},234.47,{"$f":"SUMIF('MC - TRECHO 03'!A:A,Orçamento!A1044,'MC - TRECHO 03'!R:R)","v":1}]
["4.3.10.20",{"$f":"IF(C1045=0,\"\",VLOOKUP(C1045,BNCDADOS!$A:$H,8,0))","v":"SINAPI/RN\nSERVIÇO"},96989,{"$f":"IF(C1045=0,\"\",VLOOKUP(C1045,BNCDADOS!$A:$G,2,0))","v":"CAPTOR TIPO FRANKLIN PARA SPDA - FORNECIMENTO E INSTALAÇÃO. AF_08/2023"},{"$f":"IF(C1045=0,\"\",VLOOKUP(C1045,BNCDADOS!$A:$G,3,0))","v":"UN"},1,{"$f":"IF(C1045=0,\"\",VLOOKUP(C1045,BNCDADOS!$A:$G,4,0))","v":"151,80"},{"$f":"IF(C1045=0,\"\",VLOOKUP(C1045,BNCDADOS!$A:$G,5,0))","v":187.76},187.76,{"$f":"IF(C1045=0,\"\",VLOOKUP(C1045,BNCDADOS!$A:$G,6,0))","v":"151,07"},{"$f":"IF(C1045=0,\"\",VLOOKUP(C1045,BNCDADOS!$A:$G,7,0))","v":196.33},196.33,{"$f":"SUMIF('MC - TRECHO 03'!A:A,Orçamento!A1045,'MC - TRECHO 03'!R:R)","v":1}]
["4.3.11",{"$f":"IF(C1046=0,\"\",VLOOKUP(C1046,[142]BNCDADOS!$A:$G,8,0))","v":""},null,"INSTALAÇÕES ELETROMECÂNICAS",{"$f":"IF(C1046=0,\"\",VLOOKUP(C1046,[142]BNCDADOS!$A:$G,3,0))","v":""},0,{"$f":"IF(C1046=0,\"\",VLOOKUP(C1046,[142]BNCDADOS!$A:$G,4,0))","v":""},{"$f":"IF(C1046=0,\"\",VLOOKUP(C1046,[142]BNCDADOS!$A:$G,5,0))","v":""},{"$f":"SUM(I1047)","v":5293.08},{"$f":"IF(C1046=0,\"\",VLOOKUP(C1046,[142]BNCDADOS!$A:$G,6,0))","v":""},{"$f":"IF(C1046=0,\"\",VLOOKUP(C1046,[142]BNCDADOS!$A:$G,7,0))","v":""},{"$f":"SUM(L1047)","v":4995.08}]
["4.3.11.1",{"$f":"IF(C1047=0,\"\",VLOOKUP(C1047,BNCDADOS!$A:$H,8,0))","v":"caern"},2090008,{"$f":"IF(C1047=0,\"\",VLOOKUP(C1047,BNCDADOS!$A:$G,2,0))","v":"INSTALAÇÃO ELETROMECÂNICA DE CONJUNTO MOTO-BOMBA MAIOR QUE 200 CV E MENOR OU IGUAL A 500 CV. R_11/2021"},{"$f":"IF(C1047=0,\"\",VLOOKUP(C1047,BNCDADOS!$A:$G,3,0))","v":"UN "},4,{"$f":"IF(C1047=0,\"\",VLOOKUP(C1047,BNCDADOS!$A:$G,4,0))","v":1069.83},{"$f":"IF(C1047=0,\"\",VLOOKUP(C1047,BNCDADOS!$A:$G,5,0))","v":1323.27},{"$f":"IF(H1047=\"\",0,TRUNC(H1047*F1047,2))","v":5293.08},{"$f":"IF(C1047=0,\"\",VLOOKUP(C1047,BNCDADOS!$A:$G,6,0))","v":960.89},{"$f":"IF(C1047=0,\"\",VLOOKUP(C1047,BNCDADOS!$A:$G,7,0))","v":1248.77},{"$f":"IF(K1047=\"\",0,TRUNC(K1047*F1047,2))","v":4995.08},{"$f":"SUMIF('MC - TRECHO 03'!A:A,Orçamento!A1047,'MC - TRECHO 03'!R:R)","v":4}]
["4.3.12",{"$f":"IF(C1048=0,\"\",VLOOKUP(C1048,[142]BNCDADOS!$A:$G,8,0))","v":""},null,"DIVERSOS",{"$f":"IF(C1048=0,\"\",VLOOKUP(C1048,[142]BNCDADOS!$A:$G,3,0))","v":""},0,{"$f":"IF(C1048=0,\"\",VLOOKUP(C1048,[142]BNCDADOS!$A:$G,4,0))","v":""},{"$f":"IF(C1048=0,\"\",VLOOKUP(C1048,[142]BNCDADOS!$A:$G,5,0))","v":""},{"$f":"SUM(I1049:I1051)","v":73215.929999999993},{"$f":"IF(C1048=0,\"\",VLOOKUP(C1048,[142]BNCDADOS!$A:$G,6,0))","v":""},{"$f":"IF(C1048=0,\"\",VLOOKUP(C1048,[142]BNCDADOS!$A:$G,7,0))","v":""},{"$f":"SUM(L1049:L1051)","v":76422.11}]
["4.3.12.1",{"$f":"IF(C1049=0,\"\",VLOOKUP(C1049,BNCDADOS!$A:$H,8,0))","v":"caern"},2220067,{"$f":"IF(C1049=0,\"\",VLOOKUP(C1049,BNCDADOS!$A:$G,2,0))","v":"GUARDA CORPO EM FIBRA DE VIDRO COM PERFIS PULTRUDADOS PINTADOS EM ESMALTE PU ACRÍLICO E SISTEMA DE ANCORAGEM EM AÇO INOXIDÁVEL AISI304 - H=1,10M. R_11/2021"},{"$f":"IF(C1049=0,\"\",VLOOKUP(C1049,BNCDADOS!$A:$G,3,0))","v":"M"},21.2,{"$f":"IF(C1049=0,\"\",VLOOKUP(C1049,BNCDADOS!$A:$G,4,0))","v":531.84999999999991},{"$f":"IF(C1049=0,\"\",VLOOKUP(C1049,BNCDADOS!$A:$G,5,0))","v":657.84},{"$f":"IF(H1049=\"\",0,TRUNC(H1049*F1049,2))","v":13946.2},{"$f":"IF(C1049=0,\"\",VLOOKUP(C1049,BNCDADOS!$A:$G,6,0))","v":526.28},{"$f":"IF(C1049=0,\"\",VLOOKUP(C1049,BNCDADOS!$A:$G,7,0))","v":683.95},{"$f":"IF(K1049=\"\",0,TRUNC(K1049*F1049,2))","v":14499.74},{"$f":"SUMIF('MC - TRECHO 03'!A:A,Orçamento!A1049,'MC - TRECHO 03'!R:R)","v":21.2}]
["4.3.12.2",{"$f":"IF(C1050=0,\"\",VLOOKUP(C1050,BNCDADOS!$A:$H,8,0))","v":"caern"},2220066,{"$f":"IF(C1050=0,\"\",VLOOKUP(C1050,BNCDADOS!$A:$G,2,0))","v":"ESCADA DE MARINHEIRO EM FIBRA DE VIDRO PULTRUDADA, PERFIL QUADRADO, PINTURA PROTETORA CONTRA RAIOS UV, COM GUARDA CORPO. R_11/2021"},{"$f":"IF(C1050=0,\"\",VLOOKUP(C1050,BNCDADOS!$A:$G,3,0))","v":"M"},19.3,{"$f":"IF(C1050=0,\"\",VLOOKUP(C1050,BNCDADOS!$A:$G,4,0))","v":1777.21},{"$f":"IF(C1050=0,\"\",VLOOKUP(C1050,BNCDADOS!$A:$G,5,0))","v":2198.23},42425.83,{"$f":"IF(C1050=0,\"\",VLOOKUP(C1050,BNCDADOS!$A:$G,6,0))","v":1766.07},{"$f":"IF(C1050=0,\"\",VLOOKUP(C1050,BNCDADOS!$A:$G,7,0))","v":2295.1799999999998},44296.97,{"$f":"SUMIF('MC - TRECHO 03'!A:A,Orçamento!A1050,'MC - TRECHO 03'!R:R)","v":19.3}]
["4.3.12.3",{"$f":"IF(C1051=0,\"\",VLOOKUP(C1051,BNCDADOS!$A:$H,8,0))","v":"caern"},2220065,{"$f":"IF(C1051=0,\"\",VLOOKUP(C1051,BNCDADOS!$A:$G,2,0))","v":"ESCADA DE MARINHEIRO EM FIBRA DE VIDRO PULTRUDADA, PERFIL QUADRADO, PINTURA PROTETORA CONTRA RAIOS UV, SEM GUARDA CORPO. R_11/2021"},{"$f":"IF(C1051=0,\"\",VLOOKUP(C1051,BNCDADOS!$A:$G,3,0))","v":"M"},10,{"$f":"IF(C1051=0,\"\",VLOOKUP(C1051,BNCDADOS!$A:$G,4,0))","v":1361.79},{"$f":"IF(C1051=0,\"\",VLOOKUP(C1051,BNCDADOS!$A:$G,5,0))","v":1684.39},16843.900000000001,{"$f":"IF(C1051=0,\"\",VLOOKUP(C1051,BNCDADOS!$A:$G,6,0))","v":1356.22},{"$f":"IF(C1051=0,\"\",VLOOKUP(C1051,BNCDADOS!$A:$G,7,0))","v":1762.54},17625.400000000001,{"$f":"SUMIF('MC - TRECHO 03'!A:A,Orçamento!A1051,'MC - TRECHO 03'!R:R)","v":10}]
[]
["4.4",null,null,"SERVIÇOS_RESERVATÓRIO APOIADO (RAP)_NOVA CRUZ",{"$nulls":4},{"$f":"SUM(I1054,I1064,I1077,I1092,I1098,I1100,I1104,I1108,I1113,I1122)","v":1888058.8099999998},null,null,{"$f":"SUM(L1054,L1064,L1077,L1092,L1098,L1100,L1104,L1108,L1113,L1122)","v":1942516.2499999995}]
["4.4.1",{"$f":"IF(C1054=0,\"\",VLOOKUP(C1054,[143]BNCDADOS!$A:$G,8,0))","v":""},null,"SERVIÇOS PRELIMINARES",{"$f":"IF(C1054=0,\"\",VLOOKUP(C1054,[143]BNCDADOS!$A:$G,3,0))","v":""},null,{"$f":"IF(C1054=0,\"\",VLOOKUP(C1054,[143]BNCDADOS!$A:$G,4,0))","v":""},{"$f":"IF(C1054=0,\"\",VLOOKUP(C1054,[143]BNCDADOS!$A:$G,5,0))","v":""},{"$f":"SUM(I1055:I1063)","v":184209.38},{"$f":"IF(C1054=0,\"\",VLOOKUP(C1054,[143]BNCDADOS!$A:$G,6,0))","v":""},{"$f":"IF(C1054=0,\"\",VLOOKUP(C1054,[143]BNCDADOS!$A:$G,7,0))","v":""},{"$f":"SUM(L1055:L1063)","v":188298.03999999998}]
["4.4.1.1",{"$f":"IF(C1055=0,\"\",VLOOKUP(C1055,BNCDADOS!$A:$H,8,0))","v":"SINAPI/RN\nSERVIÇO"},98525,{"$f":"IF(C1055=0,\"\",VLOOKUP(C1055,BNCDADOS!$A:$G,2,0))","v":"LIMPEZA MECANIZADA DE CAMADA VEGETAL, VEGETAÇÃO E PEQUENAS ÁRVORES (DIÂMETRO DE TRONCO MENOR QUE 0,20 M), COM TRATOR DE ESTEIRAS. AF_03/2024"},{"$f":"IF(C1055=0,\"\",VLOOKUP(C1055,BNCDADOS!$A:$G,3,0))","v":"M2"},{"$f":"TRUNC(M1055,2)","v":2000},{"$f":"IF(C1055=0,\"\",VLOOKUP(C1055,BNCDADOS!$A:$G,4,0))","v":"0,61"},{"$f":"IF(C1055=0,\"\",VLOOKUP(C1055,BNCDADOS!$A:$G,5,0))","v":0.75},{"$f":"IF(H1055=\"\",0,TRUNC(H1055*F1055,2))","v":1500},{"$f":"IF(C1055=0,\"\",VLOOKUP(C1055,BNCDADOS!$A:$G,6,0))","v":"0,58"},{"$f":"IF(C1055=0,\"\",VLOOKUP(C1055,BNCDADOS!$A:$G,7,0))","v":0.75},{"$f":"IF(K1055=\"\",0,TRUNC(K1055*F1055,2))","v":1500},{"$f":"SUMIF('MC - TRECHO 03'!A:A,Orçamento!A1055,'MC - TRECHO 03'!R:R)","v":2000}]
["4.4.1.2",{"$f":"IF(C1056=0,\"\",VLOOKUP(C1056,BNCDADOS!$A:$H,8,0))","v":"SINAPI/RN\nSERVIÇO"},98527,{"$f":"IF(C1056=0,\"\",VLOOKUP(C1056,BNCDADOS!$A:$G,2,0))","v":"REMOÇÃO DE RAÍZES REMANESCENTES DE TRONCO DE ÁRVORE COM DIÂMETRO MAIOR OU IGUAL A 0,40 M E MENOR QUE 0,60 M. AF_03/2024"},{"$f":"IF(C1056=0,\"\",VLOOKUP(C1056,BNCDADOS!$A:$G,3,0))","v":"UN"},100,{"$f":"IF(C1056=0,\"\",VLOOKUP(C1056,BNCDADOS!$A:$G,4,0))","v":"209,89"},{"$f":"IF(C1056=0,\"\",VLOOKUP(C1056,BNCDADOS!$A:$G,5,0))","v":259.61},25961,{"$f":"IF(C1056=0,\"\",VLOOKUP(C1056,BNCDADOS!$A:$G,6,0))","v":"195,46"},{"$f":"IF(C1056=0,\"\",VLOOKUP(C1056,BNCDADOS!$A:$G,7,0))","v":254.01},25401,{"$f":"SUMIF('MC - TRECHO 03'!A:A,Orçamento!A1056,'MC - TRECHO 03'!R:R)","v":100}]
["4.4.1.3",{"$f":"IF(C1057=0,\"\",VLOOKUP(C1057,BNCDADOS!$A:$H,8,0))","v":"SINAPI/RN\nSERVIÇO"},100982,{"$f":"IF(C1057=0,\"\",VLOOKUP(C1057,BNCDADOS!$A:$G,2,0))","v":"CARGA, MANOBRA E DESCARGA DE ENTULHO EM CAMINHÃO BASCULANTE 10 M³ - CARGA COM ESCAVADEIRA HIDRÁULICA  (CAÇAMBA DE 0,80 M³ / 111 HP) E DESCARGA LIVRE (UNIDADE: M3). AF_07/2020"},{"$f":"IF(C1057=0,\"\",VLOOKUP(C1057,BNCDADOS!$A:$G,3,0))","v":"M3"},1000,{"$f":"IF(C1057=0,\"\",VLOOKUP(C1057,BNCDADOS!$A:$G,4,0))","v":"9,22"},{"$f":"IF(C1057=0,\"\",VLOOKUP(C1057,BNCDADOS!$A:$G,5,0))","v":11.4},11400,{"$f":"IF(C1057=0,\"\",VLOOKUP(C1057,BNCDADOS!$A:$G,6,0))","v":"9,04"},{"$f":"IF(C1057=0,\"\",VLOOKUP(C1057,BNCDADOS!$A:$G,7,0))","v":11.74},11740,{"$f":"SUMIF('MC - TRECHO 03'!A:A,Orçamento!A1057,'MC - TRECHO 03'!R:R)","v":1000}]
["4.4.1.4",{"$f":"IF(C1058=0,\"\",VLOOKUP(C1058,BNCDADOS!$A:$H,8,0))","v":"SINAPI/RN\nSERVIÇO"},93591,{"$f":"IF(C1058=0,\"\",VLOOKUP(C1058,BNCDADOS!$A:$G,2,0))","v":"TRANSPORTE COM CAMINHÃO BASCULANTE DE 14 M³, EM VIA URBANA EM LEITO NATURAL (UNIDADE: M3XKM). AF_07/2020"},{"$f":"IF(C1058=0,\"\",VLOOKUP(C1058,BNCDADOS!$A:$G,3,0))","v":"M3XKM"},6300,{"$f":"IF(C1058=0,\"\",VLOOKUP(C1058,BNCDADOS!$A:$G,4,0))","v":"2,83"},{"$f":"IF(C1058=0,\"\",VLOOKUP(C1058,BNCDADOS!$A:$G,5,0))","v":3.5},22050,{"$f":"IF(C1058=0,\"\",VLOOKUP(C1058,BNCDADOS!$A:$G,6,0))","v":"2,80"},{"$f":"IF(C1058=0,\"\",VLOOKUP(C1058,BNCDADOS!$A:$G,7,0))","v":3.63},22869,{"$f":"SUMIF('MC - TRECHO 03'!A:A,Orçamento!A1058,'MC - TRECHO 03'!R:R)","v":6300}]
["4.4.1.5",{"$f":"IF(C1059=0,\"\",VLOOKUP(C1059,BNCDADOS!$A:$H,8,0))","v":"SINAPI/RN\nSERVIÇO"},93592,{"$f":"IF(C1059=0,\"\",VLOOKUP(C1059,BNCDADOS!$A:$G,2,0))","v":"TRANSPORTE COM CAMINHÃO BASCULANTE DE 14 M³, EM VIA URBANA EM REVESTIMENTO PRIMÁRIO (UNIDADE: M3XKM). AF_07/2020"},{"$f":"IF(C1059=0,\"\",VLOOKUP(C1059,BNCDADOS!$A:$G,3,0))","v":"M3XKM"},12600,{"$f":"IF(C1059=0,\"\",VLOOKUP(C1059,BNCDADOS!$A:$G,4,0))","v":"2,45"},{"$f":"IF(C1059=0,\"\",VLOOKUP(C1059,BNCDADOS!$A:$G,5,0))","v":3.03},38178,{"$f":"IF(C1059=0,\"\",VLOOKUP(C1059,BNCDADOS!$A:$G,6,0))","v":"2,42"},{"$f":"IF(C1059=0,\"\",VLOOKUP(C1059,BNCDADOS!$A:$G,7,0))","v":3.14},39564,{"$f":"SUMIF('MC - TRECHO 03'!A:A,Orçamento!A1059,'MC - TRECHO 03'!R:R)","v":12600}]
["4.4.1.6",{"$f":"IF(C1060=0,\"\",VLOOKUP(C1060,BNCDADOS!$A:$H,8,0))","v":"SINAPI/RN\nSERVIÇO"},98459,{"$f":"IF(C1060=0,\"\",VLOOKUP(C1060,BNCDADOS!$A:$G,2,0))","v":"TAPUME COM TELHA METÁLICA. AF_03/2024"},{"$f":"IF(C1060=0,\"\",VLOOKUP(C1060,BNCDADOS!$A:$G,3,0))","v":"M2"},396,{"$f":"IF(C1060=0,\"\",VLOOKUP(C1060,BNCDADOS!$A:$G,4,0))","v":"101,37"},{"$f":"IF(C1060=0,\"\",VLOOKUP(C1060,BNCDADOS!$A:$G,5,0))","v":125.38},49650.48,{"$f":"IF(C1060=0,\"\",VLOOKUP(C1060,BNCDADOS!$A:$G,6,0))","v":"98,15"},{"$f":"IF(C1060=0,\"\",VLOOKUP(C1060,BNCDADOS!$A:$G,7,0))","v":127.55},50509.8,{"$f":"SUMIF('MC - TRECHO 03'!A:A,Orçamento!A1060,'MC - TRECHO 03'!R:R)","v":396}]
["4.4.1.7",{"$f":"IF(C1061=0,\"\",VLOOKUP(C1061,BNCDADOS!$A:$H,8,0))","v":"SINAPI/RN\nSERVIÇO"},99059,{"$f":"IF(C1061=0,\"\",VLOOKUP(C1061,BNCDADOS!$A:$G,2,0))","v":"LOCAÇÃO CONVENCIONAL DE OBRA, UTILIZANDO GABARITO DE TÁBUAS CORRIDAS PONTALETADAS A CADA 2,00M -  2 UTILIZAÇÕES. AF_03/2024"},{"$f":"IF(C1061=0,\"\",VLOOKUP(C1061,BNCDADOS!$A:$G,3,0))","v":"M"},114,{"$f":"IF(C1061=0,\"\",VLOOKUP(C1061,BNCDADOS!$A:$G,4,0))","v":"68,49"},{"$f":"IF(C1061=0,\"\",VLOOKUP(C1061,BNCDADOS!$A:$G,5,0))","v":84.71},9656.94,{"$f":"IF(C1061=0,\"\",VLOOKUP(C1061,BNCDADOS!$A:$G,6,0))","v":"64,82"},{"$f":"IF(C1061=0,\"\",VLOOKUP(C1061,BNCDADOS!$A:$G,7,0))","v":84.24},9603.36,{"$f":"SUMIF('MC - TRECHO 03'!A:A,Orçamento!A1061,'MC - TRECHO 03'!R:R)","v":114}]
["4.4.1.8",{"$f":"IF(C1062=0,\"\",VLOOKUP(C1062,BNCDADOS!$A:$H,8,0))","v":0},"COMP 13",{"$f":"IF(C1062=0,\"\",VLOOKUP(C1062,BNCDADOS!$A:$G,2,0))","v":"LOCAÇÃO DE CONTÊINER ALMOXARIFADO COM PISO NAVAL - 6,00M X 2,35M - PARA USO EM CANTEIRO DE OBRAS"},{"$f":"IF(C1062=0,\"\",VLOOKUP(C1062,BNCDADOS!$A:$G,3,0))","v":"UM X MÊS"},16,{"$f":"IF(C1062=0,\"\",VLOOKUP(C1062,BNCDADOS!$A:$G,4,0))","v":800.6},{"$f":"IF(C1062=0,\"\",VLOOKUP(C1062,BNCDADOS!$A:$G,5,0))","v":990.26},15844.16,{"$f":"IF(C1062=0,\"\",VLOOKUP(C1062,BNCDADOS!$A:$G,6,0))","v":800.6},{"$f":"IF(C1062=0,\"\",VLOOKUP(C1062,BNCDADOS!$A:$G,7,0))","v":1040.45},16647.2,{"$f":"SUMIF('MC - TRECHO 03'!A:A,Orçamento!A1062,'MC - TRECHO 03'!R:R)","v":16}]
["4.4.1.9",{"$f":"IF(C1063=0,\"\",VLOOKUP(C1063,BNCDADOS!$A:$H,8,0))","v":0},"COMP 01",{"$f":"IF(C1063=0,\"\",VLOOKUP(C1063,BNCDADOS!$A:$G,2,0))","v":"CANTEIRO ITINERANTE COMPOSTO DE TOLDO, CONJUNTO DE MESA E CADEIRAS E BANHEIRO QUÍMICO COM LIMPEZA DIÁRIA INCLUSO COLETA E DESTINAÇÃO FINAL DE EFLUENTES"},{"$f":"IF(C1063=0,\"\",VLOOKUP(C1063,BNCDADOS!$A:$G,3,0))","v":"UN"},8,{"$f":"IF(C1063=0,\"\",VLOOKUP(C1063,BNCDADOS!$A:$G,4,0))","v":1007.4399999999999},{"$f":"IF(C1063=0,\"\",VLOOKUP(C1063,BNCDADOS!$A:$G,5,0))","v":1246.0999999999999},9968.7999999999993,{"$f":"IF(C1063=0,\"\",VLOOKUP(C1063,BNCDADOS!$A:$G,6,0))","v":1006.4399999999999},{"$f":"IF(C1063=0,\"\",VLOOKUP(C1063,BNCDADOS!$A:$G,7,0))","v":1307.96},10463.68,{"$f":"SUMIF('MC - TRECHO 03'!A:A,Orçamento!A1063,'MC - TRECHO 03'!R:R)","v":8}]
["4.4.2",{"$f":"IF(C1064=0,\"\",VLOOKUP(C1064,[143]BNCDADOS!$A:$G,8,0))","v":""},null,"TRABALHOS EM TERRA",{"$f":"IF(C1064=0,\"\",VLOOKUP(C1064,[143]BNCDADOS!$A:$G,3,0))","v":""},null,{"$f":"IF(C1064=0,\"\",VLOOKUP(C1064,[143]BNCDADOS!$A:$G,4,0))","v":""},{"$f":"IF(C1064=0,\"\",VLOOKUP(C1064,[143]BNCDADOS!$A:$G,5,0))","v":""},{"$f":"SUM(I1066:I1076)","v":241129.17999999996},{"$f":"IF(C1064=0,\"\",VLOOKUP(C1064,[143]BNCDADOS!$A:$G,6,0))","v":""},{"$f":"IF(C1064=0,\"\",VLOOKUP(C1064,[143]BNCDADOS!$A:$G,7,0))","v":""},{"$f":"SUM(L1066:L1076)","v":248387.1},0]
[null,{"$f":"IF(C1065=0,\"\",VLOOKUP(C1065,[143]BNCDADOS!$A:$G,8,0))","v":""},null,"ATERRO DA ÁREA",{"$f":"IF(C1065=0,\"\",VLOOKUP(C1065,[143]BNCDADOS!$A:$G,3,0))","v":""},null,{"$f":"IF(C1065=0,\"\",VLOOKUP(C1065,[143]BNCDADOS!$A:$G,4,0))","v":""},{"$nulls":5},0]
["4.4.2.1",{"$f":"IF(C1066=0,\"\",VLOOKUP(C1066,BNCDADOS!$A:$H,8,0))","v":"SINAPI/RN\nSERVIÇO"},96385,{"$f":"IF(C1066=0,\"\",VLOOKUP(C1066,BNCDADOS!$A:$G,2,0))","v":"EXECUÇÃO E COMPACTAÇÃO DE ATERRO COM SOLO PREDOMINANTEMENTE ARGILOSO - EXCLUSIVE SOLO, ESCAVAÇÃO, CARGA E TRANSPORTE. AF_11/2019"},{"$f":"IF(C1066=0,\"\",VLOOKUP(C1066,BNCDADOS!$A:$G,3,0))","v":"M3"},{"$f":"TRUNC(M1066,2)","v":2240.8000000000002},{"$f":"IF(C1066=0,\"\",VLOOKUP(C1066,BNCDADOS!$A:$G,4,0))","v":"11,83"},{"$f":"IF(C1066=0,\"\",VLOOKUP(C1066,BNCDADOS!$A:$G,5,0))","v":14.63},{"$f":"IF(H1066=\"\",0,TRUNC(H1066*F1066,2))","v":32782.9},{"$f":"IF(C1066=0,\"\",VLOOKUP(C1066,BNCDADOS!$A:$G,6,0))","v":"11,38"},{"$f":"IF(C1066=0,\"\",VLOOKUP(C1066,BNCDADOS!$A:$G,7,0))","v":14.78},{"$f":"IF(K1066=\"\",0,TRUNC(K1066*F1066,2))","v":33119.019999999997},{"$f":"SUMIF('MC - TRECHO 03'!A:A,Orçamento!A1066,'MC - TRECHO 03'!R:R)","v":2240.8000000000002}]
["4.4.2.2",{"$f":"IF(C1067=0,\"\",VLOOKUP(C1067,BNCDADOS!$A:$H,8,0))","v":"SINAPI/RN\nSERVIÇO"},101232,{"$f":"IF(C1067=0,\"\",VLOOKUP(C1067,BNCDADOS!$A:$G,2,0))","v":"ESCAVAÇÃO VERTICAL PARA INFRAESTRUTURA, COM CARGA, DESCARGA E TRANSPORTE DE SOLO DE 1ª CATEGORIA, COM ESCAVADEIRA HIDRÁULICA (CAÇAMBA: 1,2 M³ / 155 HP), FROTA DE 3 CAMINHÕES BASCULANTES DE 14 M³, DMT ATÉ 1 KM E VELOCIDADE MÉDIA14 KM/H. AF_05/2020"},{"$f":"IF(C1067=0,\"\",VLOOKUP(C1067,BNCDADOS!$A:$G,3,0))","v":"M3"},2240.8000000000002,{"$f":"IF(C1067=0,\"\",VLOOKUP(C1067,BNCDADOS!$A:$G,4,0))","v":"9,80"},{"$f":"IF(C1067=0,\"\",VLOOKUP(C1067,BNCDADOS!$A:$G,5,0))","v":12.12},27158.49,{"$f":"IF(C1067=0,\"\",VLOOKUP(C1067,BNCDADOS!$A:$G,6,0))","v":"9,66"},{"$f":"IF(C1067=0,\"\",VLOOKUP(C1067,BNCDADOS!$A:$G,7,0))","v":12.55},28122.04,{"$f":"SUMIF('MC - TRECHO 03'!A:A,Orçamento!A1067,'MC - TRECHO 03'!R:R)","v":2240.8000000000002}]
["4.4.2.3",{"$f":"IF(C1068=0,\"\",VLOOKUP(C1068,BNCDADOS!$A:$H,8,0))","v":"SINAPI/RN\nSERVIÇO"},93591,{"$f":"IF(C1068=0,\"\",VLOOKUP(C1068,BNCDADOS!$A:$G,2,0))","v":"TRANSPORTE COM CAMINHÃO BASCULANTE DE 14 M³, EM VIA URBANA EM LEITO NATURAL (UNIDADE: M3XKM). AF_07/2020"},{"$f":"IF(C1068=0,\"\",VLOOKUP(C1068,BNCDADOS!$A:$G,3,0))","v":"M3XKM"},13444.8,{"$f":"IF(C1068=0,\"\",VLOOKUP(C1068,BNCDADOS!$A:$G,4,0))","v":"2,83"},{"$f":"IF(C1068=0,\"\",VLOOKUP(C1068,BNCDADOS!$A:$G,5,0))","v":3.5},47056.800000000003,{"$f":"IF(C1068=0,\"\",VLOOKUP(C1068,BNCDADOS!$A:$G,6,0))","v":"2,80"},{"$f":"IF(C1068=0,\"\",VLOOKUP(C1068,BNCDADOS!$A:$G,7,0))","v":3.63},48804.62,{"$f":"SUMIF('MC - TRECHO 03'!A:A,Orçamento!A1068,'MC - TRECHO 03'!R:R)","v":13444.8}]
["4.4.2.4",{"$f":"IF(C1069=0,\"\",VLOOKUP(C1069,BNCDADOS!$A:$H,8,0))","v":"SINAPI/RN\nSERVIÇO"},93592,{"$f":"IF(C1069=0,\"\",VLOOKUP(C1069,BNCDADOS!$A:$G,2,0))","v":"TRANSPORTE COM CAMINHÃO BASCULANTE DE 14 M³, EM VIA URBANA EM REVESTIMENTO PRIMÁRIO (UNIDADE: M3XKM). AF_07/2020"},{"$f":"IF(C1069=0,\"\",VLOOKUP(C1069,BNCDADOS!$A:$G,3,0))","v":"M3XKM"},26889.599999999999,{"$f":"IF(C1069=0,\"\",VLOOKUP(C1069,BNCDADOS!$A:$G,4,0))","v":"2,45"},{"$f":"IF(C1069=0,\"\",VLOOKUP(C1069,BNCDADOS!$A:$G,5,0))","v":3.03},81475.48,{"$f":"IF(C1069=0,\"\",VLOOKUP(C1069,BNCDADOS!$A:$G,6,0))","v":"2,42"},{"$f":"IF(C1069=0,\"\",VLOOKUP(C1069,BNCDADOS!$A:$G,7,0))","v":3.14},84433.34,{"$f":"SUMIF('MC - TRECHO 03'!A:A,Orçamento!A1069,'MC - TRECHO 03'!R:R)","v":26889.599999999999}]
["4.4.2.5",{"$f":"IF(C1070=0,\"\",VLOOKUP(C1070,BNCDADOS!$A:$H,8,0))","v":"SINAPI/RN\nSERVIÇO"},98520,{"$f":"IF(C1070=0,\"\",VLOOKUP(C1070,BNCDADOS!$A:$G,2,0))","v":"APLICAÇÃO DE ADUBO EM SOLO. AF_07/2024"},{"$f":"IF(C1070=0,\"\",VLOOKUP(C1070,BNCDADOS!$A:$G,3,0))","v":"M2"},160,{"$f":"IF(C1070=0,\"\",VLOOKUP(C1070,BNCDADOS!$A:$G,4,0))","v":"6,22"},{"$f":"IF(C1070=0,\"\",VLOOKUP(C1070,BNCDADOS!$A:$G,5,0))","v":7.69},1230.4000000000001,{"$f":"IF(C1070=0,\"\",VLOOKUP(C1070,BNCDADOS!$A:$G,6,0))","v":"6,09"},{"$f":"IF(C1070=0,\"\",VLOOKUP(C1070,BNCDADOS!$A:$G,7,0))","v":7.91},1265.5999999999999,{"$f":"SUMIF('MC - TRECHO 03'!A:A,Orçamento!A1070,'MC - TRECHO 03'!R:R)","v":160}]
["4.4.2.6",{"$f":"IF(C1071=0,\"\",VLOOKUP(C1071,BNCDADOS!$A:$H,8,0))","v":"SINAPI/RN\nSERVIÇO"},98504,{"$f":"IF(C1071=0,\"\",VLOOKUP(C1071,BNCDADOS!$A:$G,2,0))","v":"PLANTIO DE GRAMA BATATAIS EM PLACAS. AF_07/2024"},{"$f":"IF(C1071=0,\"\",VLOOKUP(C1071,BNCDADOS!$A:$G,3,0))","v":"M2"},160,{"$f":"IF(C1071=0,\"\",VLOOKUP(C1071,BNCDADOS!$A:$G,4,0))","v":"13,41"},{"$f":"IF(C1071=0,\"\",VLOOKUP(C1071,BNCDADOS!$A:$G,5,0))","v":16.579999999999998},2652.8,{"$f":"IF(C1071=0,\"\",VLOOKUP(C1071,BNCDADOS!$A:$G,6,0))","v":"13,08"},{"$f":"IF(C1071=0,\"\",VLOOKUP(C1071,BNCDADOS!$A:$G,7,0))","v":16.989999999999998},2718.4,{"$f":"SUMIF('MC - TRECHO 03'!A:A,Orçamento!A1071,'MC - TRECHO 03'!R:R)","v":160}]
[null,{"$f":"IF(C1072=0,\"\",VLOOKUP(C1072,[143]BNCDADOS!$A:$G,8,0))","v":""},null,"SERVIÇOS DE TERRA PARA A EXECUÇÃO DAS ESTRUTURAS",{"$f":"IF(C1072=0,\"\",VLOOKUP(C1072,[143]BNCDADOS!$A:$G,3,0))","v":""},{"$f":"TRUNC(M1072,2)","v":0},{"$f":"IF(C1072=0,\"\",VLOOKUP(C1072,[143]BNCDADOS!$A:$G,4,0))","v":""},{"$nulls":5},0]
["4.4.2.7",{"$f":"IF(C1073=0,\"\",VLOOKUP(C1073,BNCDADOS!$A:$H,8,0))","v":"SINAPI/RN\nSERVIÇO"},96525,{"$f":"IF(C1073=0,\"\",VLOOKUP(C1073,BNCDADOS!$A:$G,2,0))","v":"ESCAVAÇÃO MECANIZADA PARA VIGA BALDRAME OU SAPATA CORRIDA COM MINI-ESCAVADEIRA (INCLUINDO ESCAVAÇÃO PARA COLOCAÇÃO DE FÔRMAS). AF_01/2024"},{"$f":"IF(C1073=0,\"\",VLOOKUP(C1073,BNCDADOS!$A:$G,3,0))","v":"M3"},27,{"$f":"IF(C1073=0,\"\",VLOOKUP(C1073,BNCDADOS!$A:$G,4,0))","v":"55,00"},{"$f":"IF(C1073=0,\"\",VLOOKUP(C1073,BNCDADOS!$A:$G,5,0))","v":68.02},{"$f":"IF(H1073=\"\",0,TRUNC(H1073*F1073,2))","v":1836.54},{"$f":"IF(C1073=0,\"\",VLOOKUP(C1073,BNCDADOS!$A:$G,6,0))","v":"52,42"},{"$f":"IF(C1073=0,\"\",VLOOKUP(C1073,BNCDADOS!$A:$G,7,0))","v":68.12},{"$f":"IF(K1073=\"\",0,TRUNC(K1073*F1073,2))","v":1839.24},{"$f":"SUMIF('MC - TRECHO 03'!A:A,Orçamento!A1073,'MC - TRECHO 03'!R:R)","v":27}]
["4.4.2.8",{"$f":"IF(C1074=0,\"\",VLOOKUP(C1074,BNCDADOS!$A:$H,8,0))","v":"SINAPI/RN\nSERVIÇO"},93382,{"$f":"IF(C1074=0,\"\",VLOOKUP(C1074,BNCDADOS!$A:$G,2,0))","v":"REATERRO MANUAL DE VALAS, COM COMPACTADOR DE SOLOS DE PERCUSSÃO. AF_08/2023"},{"$f":"IF(C1074=0,\"\",VLOOKUP(C1074,BNCDADOS!$A:$G,3,0))","v":"M3"},19.440000000000001,{"$f":"IF(C1074=0,\"\",VLOOKUP(C1074,BNCDADOS!$A:$G,4,0))","v":"25,08"},{"$f":"IF(C1074=0,\"\",VLOOKUP(C1074,BNCDADOS!$A:$G,5,0))","v":31.02},603.02,{"$f":"IF(C1074=0,\"\",VLOOKUP(C1074,BNCDADOS!$A:$G,6,0))","v":"22,89"},{"$f":"IF(C1074=0,\"\",VLOOKUP(C1074,BNCDADOS!$A:$G,7,0))","v":29.74},578.14,{"$f":"SUMIF('MC - TRECHO 03'!A:A,Orçamento!A1074,'MC - TRECHO 03'!R:R)","v":19.440000000000001}]
["4.4.2.9",{"$f":"IF(C1075=0,\"\",VLOOKUP(C1075,BNCDADOS!$A:$H,8,0))","v":"SINAPI/RN\nSERVIÇO"},101206,{"$f":"IF(C1075=0,\"\",VLOOKUP(C1075,BNCDADOS!$A:$G,2,0))","v":"ESCAVAÇÃO VERTICAL PARA  EDIFICAÇÃO, COM CARGA, DESCARGA E TRANSPORTE DE SOLO DE 1ª CATEGORIA, COM ESCAVADEIRA HIDRÁULICA (CAÇAMBA: 0,8 M³ / 111 HP), FROTA DE 3 CAMINHÕES BASCULANTES DE 14 M³, DMT ATÉ 1 KM E VELOCIDADE MÉDIA 14 KM/H. AF_05/2020"},{"$f":"IF(C1075=0,\"\",VLOOKUP(C1075,BNCDADOS!$A:$G,3,0))","v":"M3"},2393.6,{"$f":"IF(C1075=0,\"\",VLOOKUP(C1075,BNCDADOS!$A:$G,4,0))","v":"13,00"},{"$f":"IF(C1075=0,\"\",VLOOKUP(C1075,BNCDADOS!$A:$G,5,0))","v":16.07},38465.15,{"$f":"IF(C1075=0,\"\",VLOOKUP(C1075,BNCDADOS!$A:$G,6,0))","v":"12,77"},{"$f":"IF(C1075=0,\"\",VLOOKUP(C1075,BNCDADOS!$A:$G,7,0))","v":16.59},39709.82,{"$f":"SUMIF('MC - TRECHO 03'!A:A,Orçamento!A1075,'MC - TRECHO 03'!R:R)","v":2393.6}]
["4.4.2.10",{"$f":"IF(C1076=0,\"\",VLOOKUP(C1076,BNCDADOS!$A:$H,8,0))","v":"SINAPI/RN\nSERVIÇO"},93379,{"$f":"IF(C1076=0,\"\",VLOOKUP(C1076,BNCDADOS!$A:$G,2,0))","v":"REATERRO MECANIZADO DE VALA COM RETROESCAVADEIRA (CAPACIDADE DA CAÇAMBA   DA RETRO: 0,26 M³/POTÊNCIA: 88 HP), LARGURA 0,8 A 1,5 M, PROFUNDIDADE ATÉ 1,5 M, COM SOLO (SEM SUBSTITUIÇÃO) DE 1ª CATEGORIA, COM COMPACTADOR DE SOLOS DE PERCUSSÃO AF_08/2023"},{"$f":"IF(C1076=0,\"\",VLOOKUP(C1076,BNCDADOS!$A:$G,3,0))","v":"M3"},353.6,{"$f":"IF(C1076=0,\"\",VLOOKUP(C1076,BNCDADOS!$A:$G,4,0))","v":"17,99"},{"$f":"IF(C1076=0,\"\",VLOOKUP(C1076,BNCDADOS!$A:$G,5,0))","v":22.25},7867.6,{"$f":"IF(C1076=0,\"\",VLOOKUP(C1076,BNCDADOS!$A:$G,6,0))","v":"16,97"},{"$f":"IF(C1076=0,\"\",VLOOKUP(C1076,BNCDADOS!$A:$G,7,0))","v":22.05},7796.88,{"$f":"SUMIF('MC - TRECHO 03'!A:A,Orçamento!A1076,'MC - TRECHO 03'!R:R)","v":353.59999999999991}]
["4.4.3",{"$f":"IF(C1077=0,\"\",VLOOKUP(C1077,[143]BNCDADOS!$A:$G,8,0))","v":""},null,"ESTRUTURA",{"$f":"IF(C1077=0,\"\",VLOOKUP(C1077,[143]BNCDADOS!$A:$G,3,0))","v":""},null,{"$f":"IF(C1077=0,\"\",VLOOKUP(C1077,[143]BNCDADOS!$A:$G,4,0))","v":""},{"$f":"IF(C1077=0,\"\",VLOOKUP(C1077,[143]BNCDADOS!$A:$G,5,0))","v":""},{"$f":"SUM(I1078:I1091)","v":967065.8},{"$f":"IF(C1077=0,\"\",VLOOKUP(C1077,[143]BNCDADOS!$A:$G,6,0))","v":""},{"$f":"IF(C1077=0,\"\",VLOOKUP(C1077,[143]BNCDADOS!$A:$G,7,0))","v":""},{"$f":"SUM(L1078:L1091)","v":1000639.5599999998},0]
["4.4.3.1",{"$f":"IF(C1078=0,\"\",VLOOKUP(C1078,BNCDADOS!$A:$H,8,0))","v":"SINAPI/RN\nSERVIÇO"},95241,{"$f":"IF(C1078=0,\"\",VLOOKUP(C1078,BNCDADOS!$A:$G,2,0))","v":"LASTRO DE CONCRETO MAGRO, APLICADO EM PISOS, LAJES SOBRE SOLO OU RADIERS, ESPESSURA DE 5 CM. AF_01/2024"},{"$f":"IF(C1078=0,\"\",VLOOKUP(C1078,BNCDADOS!$A:$G,3,0))","v":"M2"},{"$f":"TRUNC(M1078,2)","v":600},{"$f":"IF(C1078=0,\"\",VLOOKUP(C1078,BNCDADOS!$A:$G,4,0))","v":"36,15"},{"$f":"IF(C1078=0,\"\",VLOOKUP(C1078,BNCDADOS!$A:$G,5,0))","v":44.71},{"$f":"IF(H1078=\"\",0,TRUNC(H1078*F1078,2))","v":26826},{"$f":"IF(C1078=0,\"\",VLOOKUP(C1078,BNCDADOS!$A:$G,6,0))","v":"34,74"},{"$f":"IF(C1078=0,\"\",VLOOKUP(C1078,BNCDADOS!$A:$G,7,0))","v":45.14},{"$f":"IF(K1078=\"\",0,TRUNC(K1078*F1078,2))","v":27084},{"$f":"SUMIF('MC - TRECHO 03'!A:A,Orçamento!A1078,'MC - TRECHO 03'!R:R)","v":600}]
["4.4.3.2",{"$f":"IF(C1079=0,\"\",VLOOKUP(C1079,BNCDADOS!$A:$H,8,0))","v":"SINAPI/RN\nSERVIÇO"},103800,{"$f":"IF(C1079=0,\"\",VLOOKUP(C1079,BNCDADOS!$A:$G,2,0))","v":"PEDRA ARGAMASSADA COM CIMENTO E AREIA 1:3, 40% DE ARGAMASSA EM VOLUME - AREIA E PEDRA DE MÃO COMERCIAIS - FORNECIMENTO E ASSENTAMENTO. AF_08/2022"},{"$f":"IF(C1079=0,\"\",VLOOKUP(C1079,BNCDADOS!$A:$G,3,0))","v":"M3"},12.36,{"$f":"IF(C1079=0,\"\",VLOOKUP(C1079,BNCDADOS!$A:$G,4,0))","v":"534,85"},{"$f":"IF(C1079=0,\"\",VLOOKUP(C1079,BNCDADOS!$A:$G,5,0))","v":661.55},8176.75,{"$f":"IF(C1079=0,\"\",VLOOKUP(C1079,BNCDADOS!$A:$G,6,0))","v":"515,06"},{"$f":"IF(C1079=0,\"\",VLOOKUP(C1079,BNCDADOS!$A:$G,7,0))","v":669.37},8273.41,{"$f":"SUMIF('MC - TRECHO 03'!A:A,Orçamento!A1079,'MC - TRECHO 03'!R:R)","v":12.36}]
["4.4.3.3",{"$f":"IF(C1080=0,\"\",VLOOKUP(C1080,BNCDADOS!$A:$H,8,0))","v":"SINAPI/RN\nSERVIÇO"},92916,{"$f":"IF(C1080=0,\"\",VLOOKUP(C1080,BNCDADOS!$A:$G,2,0))","v":"ARMAÇÃO DE ESTRUTURAS DIVERSAS DE CONCRETO ARMADO, EXCETO VIGAS, PILARES, LAJES E FUNDAÇÕES, UTILIZANDO AÇO CA-50 DE 6,3 MM - MONTAGEM. AF_06/2022"},{"$f":"IF(C1080=0,\"\",VLOOKUP(C1080,BNCDADOS!$A:$G,3,0))","v":"KG"},343.02,{"$f":"IF(C1080=0,\"\",VLOOKUP(C1080,BNCDADOS!$A:$G,4,0))","v":"15,76"},{"$f":"IF(C1080=0,\"\",VLOOKUP(C1080,BNCDADOS!$A:$G,5,0))","v":19.489999999999998},6685.45,{"$f":"IF(C1080=0,\"\",VLOOKUP(C1080,BNCDADOS!$A:$G,6,0))","v":"15,19"},{"$f":"IF(C1080=0,\"\",VLOOKUP(C1080,BNCDADOS!$A:$G,7,0))","v":19.739999999999998},6771.21,{"$f":"SUMIF('MC - TRECHO 03'!A:A,Orçamento!A1080,'MC - TRECHO 03'!R:R)","v":343.02}]
["4.4.3.4",{"$f":"IF(C1081=0,\"\",VLOOKUP(C1081,BNCDADOS!$A:$H,8,0))","v":"SINAPI/RN\nSERVIÇO"},92917,{"$f":"IF(C1081=0,\"\",VLOOKUP(C1081,BNCDADOS!$A:$G,2,0))","v":"ARMAÇÃO DE ESTRUTURAS DIVERSAS DE CONCRETO ARMADO, EXCETO VIGAS, PILARES, LAJES E FUNDAÇÕES, UTILIZANDO AÇO CA-50 DE 8,0 MM - MONTAGEM. AF_06/2022"},{"$f":"IF(C1081=0,\"\",VLOOKUP(C1081,BNCDADOS!$A:$G,3,0))","v":"KG"},313,{"$f":"IF(C1081=0,\"\",VLOOKUP(C1081,BNCDADOS!$A:$G,4,0))","v":"14,39"},{"$f":"IF(C1081=0,\"\",VLOOKUP(C1081,BNCDADOS!$A:$G,5,0))","v":17.79},5568.27,{"$f":"IF(C1081=0,\"\",VLOOKUP(C1081,BNCDADOS!$A:$G,6,0))","v":"14,00"},{"$f":"IF(C1081=0,\"\",VLOOKUP(C1081,BNCDADOS!$A:$G,7,0))","v":18.190000000000001},5693.47,{"$f":"SUMIF('MC - TRECHO 03'!A:A,Orçamento!A1081,'MC - TRECHO 03'!R:R)","v":313}]
["4.4.3.5",{"$f":"IF(C1082=0,\"\",VLOOKUP(C1082,BNCDADOS!$A:$H,8,0))","v":"SINAPI/RN\nSERVIÇO"},92919,{"$f":"IF(C1082=0,\"\",VLOOKUP(C1082,BNCDADOS!$A:$G,2,0))","v":"ARMAÇÃO DE ESTRUTURAS DIVERSAS DE CONCRETO ARMADO, EXCETO VIGAS, PILARES, LAJES E FUNDAÇÕES, UTILIZANDO AÇO CA-50 DE 10,0 MM - MONTAGEM. AF_06/2022"},{"$f":"IF(C1082=0,\"\",VLOOKUP(C1082,BNCDADOS!$A:$G,3,0))","v":"KG"},3106,{"$f":"IF(C1082=0,\"\",VLOOKUP(C1082,BNCDADOS!$A:$G,4,0))","v":"12,59"},{"$f":"IF(C1082=0,\"\",VLOOKUP(C1082,BNCDADOS!$A:$G,5,0))","v":15.57},48360.42,{"$f":"IF(C1082=0,\"\",VLOOKUP(C1082,BNCDADOS!$A:$G,6,0))","v":"12,31"},{"$f":"IF(C1082=0,\"\",VLOOKUP(C1082,BNCDADOS!$A:$G,7,0))","v":15.99},49664.94,{"$f":"SUMIF('MC - TRECHO 03'!A:A,Orçamento!A1082,'MC - TRECHO 03'!R:R)","v":3106}]
["4.4.3.6",{"$f":"IF(C1083=0,\"\",VLOOKUP(C1083,BNCDADOS!$A:$H,8,0))","v":"SINAPI/RN\nSERVIÇO"},92921,{"$f":"IF(C1083=0,\"\",VLOOKUP(C1083,BNCDADOS!$A:$G,2,0))","v":"ARMAÇÃO DE ESTRUTURAS DIVERSAS DE CONCRETO ARMADO, EXCETO VIGAS, PILARES, LAJES E FUNDAÇÕES, UTILIZANDO AÇO CA-50 DE 12,5 MM - MONTAGEM. AF_06/2022"},{"$f":"IF(C1083=0,\"\",VLOOKUP(C1083,BNCDADOS!$A:$G,3,0))","v":"KG"},496,{"$f":"IF(C1083=0,\"\",VLOOKUP(C1083,BNCDADOS!$A:$G,4,0))","v":"10,41"},{"$f":"IF(C1083=0,\"\",VLOOKUP(C1083,BNCDADOS!$A:$G,5,0))","v":12.87},6383.52,{"$f":"IF(C1083=0,\"\",VLOOKUP(C1083,BNCDADOS!$A:$G,6,0))","v":"10,23"},{"$f":"IF(C1083=0,\"\",VLOOKUP(C1083,BNCDADOS!$A:$G,7,0))","v":13.29},6591.84,{"$f":"SUMIF('MC - TRECHO 03'!A:A,Orçamento!A1083,'MC - TRECHO 03'!R:R)","v":496}]
["4.4.3.7",{"$f":"IF(C1084=0,\"\",VLOOKUP(C1084,BNCDADOS!$A:$H,8,0))","v":"SINAPI/RN\nSERVIÇO"},92922,{"$f":"IF(C1084=0,\"\",VLOOKUP(C1084,BNCDADOS!$A:$G,2,0))","v":"ARMAÇÃO DE ESTRUTURAS DIVERSAS DE CONCRETO ARMADO, EXCETO VIGAS, PILARES, LAJES E FUNDAÇÕES, UTILIZANDO AÇO CA-50 DE 16,0 MM - MONTAGEM. AF_06/2022"},{"$f":"IF(C1084=0,\"\",VLOOKUP(C1084,BNCDADOS!$A:$G,3,0))","v":"KG"},26883,{"$f":"IF(C1084=0,\"\",VLOOKUP(C1084,BNCDADOS!$A:$G,4,0))","v":"9,94"},{"$f":"IF(C1084=0,\"\",VLOOKUP(C1084,BNCDADOS!$A:$G,5,0))","v":12.29},330392.07,{"$f":"IF(C1084=0,\"\",VLOOKUP(C1084,BNCDADOS!$A:$G,6,0))","v":"9,82"},{"$f":"IF(C1084=0,\"\",VLOOKUP(C1084,BNCDADOS!$A:$G,7,0))","v":12.76},343027.08,{"$f":"SUMIF('MC - TRECHO 03'!A:A,Orçamento!A1084,'MC - TRECHO 03'!R:R)","v":26883}]
["4.4.3.8",{"$f":"IF(C1085=0,\"\",VLOOKUP(C1085,BNCDADOS!$A:$H,8,0))","v":"SINAPI/RN\nSERVIÇO"},92924,{"$f":"IF(C1085=0,\"\",VLOOKUP(C1085,BNCDADOS!$A:$G,2,0))","v":"ARMAÇÃO DE ESTRUTURAS DIVERSAS DE CONCRETO ARMADO, EXCETO VIGAS, PILARES, LAJES E FUNDAÇÕES, UTILIZANDO AÇO CA-50 DE 25,0 MM - MONTAGEM. AF_06/2022"},{"$f":"IF(C1085=0,\"\",VLOOKUP(C1085,BNCDADOS!$A:$G,3,0))","v":"KG"},2613,{"$f":"IF(C1085=0,\"\",VLOOKUP(C1085,BNCDADOS!$A:$G,4,0))","v":"10,97"},{"$f":"IF(C1085=0,\"\",VLOOKUP(C1085,BNCDADOS!$A:$G,5,0))","v":13.56},35432.28,{"$f":"IF(C1085=0,\"\",VLOOKUP(C1085,BNCDADOS!$A:$G,6,0))","v":"10,88"},{"$f":"IF(C1085=0,\"\",VLOOKUP(C1085,BNCDADOS!$A:$G,7,0))","v":14.13},36921.69,{"$f":"SUMIF('MC - TRECHO 03'!A:A,Orçamento!A1085,'MC - TRECHO 03'!R:R)","v":2613}]
["4.4.3.9",{"$f":"IF(C1086=0,\"\",VLOOKUP(C1086,BNCDADOS!$A:$H,8,0))","v":"SINAPI/RN\nSERVIÇO"},92769,{"$f":"IF(C1086=0,\"\",VLOOKUP(C1086,BNCDADOS!$A:$G,2,0))","v":"ARMAÇÃO DE LAJE DE ESTRUTURA CONVENCIONAL DE CONCRETO ARMADO UTILIZANDO AÇO CA-50 DE 6,3 MM - MONTAGEM. AF_06/2022"},{"$f":"IF(C1086=0,\"\",VLOOKUP(C1086,BNCDADOS!$A:$G,3,0))","v":"KG"},446.98,{"$f":"IF(C1086=0,\"\",VLOOKUP(C1086,BNCDADOS!$A:$G,4,0))","v":"13,27"},{"$f":"IF(C1086=0,\"\",VLOOKUP(C1086,BNCDADOS!$A:$G,5,0))","v":16.41},7334.94,{"$f":"IF(C1086=0,\"\",VLOOKUP(C1086,BNCDADOS!$A:$G,6,0))","v":"12,98"},{"$f":"IF(C1086=0,\"\",VLOOKUP(C1086,BNCDADOS!$A:$G,7,0))","v":16.86},7536.08,{"$f":"SUMIF('MC - TRECHO 03'!A:A,Orçamento!A1086,'MC - TRECHO 03'!R:R)","v":446.98}]
["4.4.3.10",{"$f":"IF(C1087=0,\"\",VLOOKUP(C1087,BNCDADOS!$A:$H,8,0))","v":"SINAPI/RN\nSERVIÇO"},92771,{"$f":"IF(C1087=0,\"\",VLOOKUP(C1087,BNCDADOS!$A:$G,2,0))","v":"ARMAÇÃO DE LAJE DE ESTRUTURA CONVENCIONAL DE CONCRETO ARMADO UTILIZANDO AÇO CA-50 DE 10,0 MM - MONTAGEM. AF_06/2022"},{"$f":"IF(C1087=0,\"\",VLOOKUP(C1087,BNCDADOS!$A:$G,3,0))","v":"KG"},2513,{"$f":"IF(C1087=0,\"\",VLOOKUP(C1087,BNCDADOS!$A:$G,4,0))","v":"11,15"},{"$f":"IF(C1087=0,\"\",VLOOKUP(C1087,BNCDADOS!$A:$G,5,0))","v":13.79},34654.269999999997,{"$f":"IF(C1087=0,\"\",VLOOKUP(C1087,BNCDADOS!$A:$G,6,0))","v":"11,03"},{"$f":"IF(C1087=0,\"\",VLOOKUP(C1087,BNCDADOS!$A:$G,7,0))","v":14.33},36011.29,{"$f":"SUMIF('MC - TRECHO 03'!A:A,Orçamento!A1087,'MC - TRECHO 03'!R:R)","v":2513}]
["4.4.3.11",{"$f":"IF(C1088=0,\"\",VLOOKUP(C1088,BNCDADOS!$A:$H,8,0))","v":"SINAPI/RN\nSERVIÇO"},92772,{"$f":"IF(C1088=0,\"\",VLOOKUP(C1088,BNCDADOS!$A:$G,2,0))","v":"ARMAÇÃO DE LAJE DE ESTRUTURA CONVENCIONAL DE CONCRETO ARMADO UTILIZANDO AÇO CA-50 DE 12,5 MM - MONTAGEM. AF_06/2022"},{"$f":"IF(C1088=0,\"\",VLOOKUP(C1088,BNCDADOS!$A:$G,3,0))","v":"KG"},3821,{"$f":"IF(C1088=0,\"\",VLOOKUP(C1088,BNCDADOS!$A:$G,4,0))","v":"9,37"},{"$f":"IF(C1088=0,\"\",VLOOKUP(C1088,BNCDADOS!$A:$G,5,0))","v":11.58},44247.18,{"$f":"IF(C1088=0,\"\",VLOOKUP(C1088,BNCDADOS!$A:$G,6,0))","v":"9,29"},{"$f":"IF(C1088=0,\"\",VLOOKUP(C1088,BNCDADOS!$A:$G,7,0))","v":12.07},46119.47,{"$f":"SUMIF('MC - TRECHO 03'!A:A,Orçamento!A1088,'MC - TRECHO 03'!R:R)","v":3821}]
["4.4.3.12",{"$f":"IF(C1089=0,\"\",VLOOKUP(C1089,BNCDADOS!$A:$H,8,0))","v":"SINAPI/RN\nSERVIÇO"},92773,{"$f":"IF(C1089=0,\"\",VLOOKUP(C1089,BNCDADOS!$A:$G,2,0))","v":"ARMAÇÃO DE LAJE DE ESTRUTURA CONVENCIONAL DE CONCRETO ARMADO UTILIZANDO AÇO CA-50 DE 16,0 MM - MONTAGEM. AF_06/2022"},{"$f":"IF(C1089=0,\"\",VLOOKUP(C1089,BNCDADOS!$A:$G,3,0))","v":"KG"},5582,{"$f":"IF(C1089=0,\"\",VLOOKUP(C1089,BNCDADOS!$A:$G,4,0))","v":"9,19"},{"$f":"IF(C1089=0,\"\",VLOOKUP(C1089,BNCDADOS!$A:$G,5,0))","v":11.36},63411.519999999997,{"$f":"IF(C1089=0,\"\",VLOOKUP(C1089,BNCDADOS!$A:$G,6,0))","v":"9,14"},{"$f":"IF(C1089=0,\"\",VLOOKUP(C1089,BNCDADOS!$A:$G,7,0))","v":11.87},66258.34,{"$f":"SUMIF('MC - TRECHO 03'!A:A,Orçamento!A1089,'MC - TRECHO 03'!R:R)","v":5582}]
["4.4.3.13",{"$f":"IF(C1090=0,\"\",VLOOKUP(C1090,BNCDADOS!$A:$H,8,0))","v":0},"COMP 20",{"$f":"IF(C1090=0,\"\",VLOOKUP(C1090,BNCDADOS!$A:$G,2,0))","v":"CONCRETAGEM DE ESTRUTURAS, FCK = 40 MPA, COM USO DE BOMBA EM EDIFICAÇÕES DIVERSAS - LANÇAMENTO, ADENSAMENTO E ACABAMENTO"},{"$f":"IF(C1090=0,\"\",VLOOKUP(C1090,BNCDADOS!$A:$G,3,0))","v":"M3    "},318.98,{"$f":"IF(C1090=0,\"\",VLOOKUP(C1090,BNCDADOS!$A:$G,4,0))","v":852.28},{"$f":"IF(C1090=0,\"\",VLOOKUP(C1090,BNCDADOS!$A:$G,5,0))","v":1054.18},336262.33,{"$f":"IF(C1090=0,\"\",VLOOKUP(C1090,BNCDADOS!$A:$G,6,0))","v":837.56},{"$f":"IF(C1090=0,\"\",VLOOKUP(C1090,BNCDADOS!$A:$G,7,0))","v":1088.49},347206.54,{"$f":"SUMIF('MC - TRECHO 03'!A:A,Orçamento!A1090,'MC - TRECHO 03'!R:R)","v":318.98}]
["4.4.3.14",{"$f":"IF(C1091=0,\"\",VLOOKUP(C1091,BNCDADOS!$A:$H,8,0))","v":"SINAPI/RN\nSERVIÇO"},93205,{"$f":"IF(C1091=0,\"\",VLOOKUP(C1091,BNCDADOS!$A:$G,2,0))","v":"CINTA DE AMARRAÇÃO DE ALVENARIA MOLDADA IN LOCO COM UTILIZAÇÃO DE BLOCOS CANALETA, ESPESSURA DE *20* CM. AF_03/2024"},{"$f":"IF(C1091=0,\"\",VLOOKUP(C1091,BNCDADOS!$A:$G,3,0))","v":"M"},180,{"$f":"IF(C1091=0,\"\",VLOOKUP(C1091,BNCDADOS!$A:$G,4,0))","v":"59,88"},{"$f":"IF(C1091=0,\"\",VLOOKUP(C1091,BNCDADOS!$A:$G,5,0))","v":74.06},13330.8,{"$f":"IF(C1091=0,\"\",VLOOKUP(C1091,BNCDADOS!$A:$G,6,0))","v":"57,63"},{"$f":"IF(C1091=0,\"\",VLOOKUP(C1091,BNCDADOS!$A:$G,7,0))","v":74.89},13480.2,{"$f":"SUMIF('MC - TRECHO 03'!A:A,Orçamento!A1091,'MC - TRECHO 03'!R:R)","v":180}]
["4.4.4",{"$f":"IF(C1092=0,\"\",VLOOKUP(C1092,[143]BNCDADOS!$A:$G,8,0))","v":""},null,"ALVENARIAS E REVESTIMENTOS",{"$f":"IF(C1092=0,\"\",VLOOKUP(C1092,[143]BNCDADOS!$A:$G,3,0))","v":""},{"$f":"TRUNC(M1092,2)","v":0},{"$f":"IF(C1092=0,\"\",VLOOKUP(C1092,[143]BNCDADOS!$A:$G,4,0))","v":""},{"$f":"IF(C1092=0,\"\",VLOOKUP(C1092,[143]BNCDADOS!$A:$G,5,0))","v":""},{"$f":"SUM(I1093:I1097)","v":166888.56},{"$f":"IF(C1092=0,\"\",VLOOKUP(C1092,[143]BNCDADOS!$A:$G,6,0))","v":""},{"$f":"IF(C1092=0,\"\",VLOOKUP(C1092,[143]BNCDADOS!$A:$G,7,0))","v":""},{"$f":"SUM(L1093:L1097)","v":167294.5},0]
["4.4.4.1",{"$f":"IF(C1093=0,\"\",VLOOKUP(C1093,BNCDADOS!$A:$H,8,0))","v":"SINAPI/RN\nSERVIÇO"},103338,{"$f":"IF(C1093=0,\"\",VLOOKUP(C1093,BNCDADOS!$A:$G,2,0))","v":"ALVENARIA DE VEDAÇÃO DE BLOCOS  VAZADOS DE CONCRETO APARENTE DE 14X19X39 CM (ESPESSURA 14 CM) E ARGAMASSA DE ASSENTAMENTO COM PREPARO EM BETONEIRA. AF_12/2021"},{"$f":"IF(C1093=0,\"\",VLOOKUP(C1093,BNCDADOS!$A:$G,3,0))","v":"M2"},432,{"$f":"IF(C1093=0,\"\",VLOOKUP(C1093,BNCDADOS!$A:$G,4,0))","v":"111,81"},{"$f":"IF(C1093=0,\"\",VLOOKUP(C1093,BNCDADOS!$A:$G,5,0))","v":138.29},{"$f":"IF(H1093=\"\",0,TRUNC(H1093*F1093,2))","v":59741.279999999999},{"$f":"IF(C1093=0,\"\",VLOOKUP(C1093,BNCDADOS!$A:$G,6,0))","v":"106,87"},{"$f":"IF(C1093=0,\"\",VLOOKUP(C1093,BNCDADOS!$A:$G,7,0))","v":138.88},{"$f":"IF(K1093=\"\",0,TRUNC(K1093*F1093,2))","v":59996.160000000003},{"$f":"SUMIF('MC - TRECHO 03'!A:A,Orçamento!A1093,'MC - TRECHO 03'!R:R)","v":432}]
["4.4.4.2",{"$f":"IF(C1094=0,\"\",VLOOKUP(C1094,BNCDADOS!$A:$H,8,0))","v":"SINAPI/RN\nSERVIÇO"},87879,{"$f":"IF(C1094=0,\"\",VLOOKUP(C1094,BNCDADOS!$A:$G,2,0))","v":"CHAPISCO APLICADO EM ALVENARIAS E ESTRUTURAS DE CONCRETO INTERNAS, COM COLHER DE PEDREIRO.  ARGAMASSA TRAÇO 1:3 COM PREPARO EM BETONEIRA 400L. AF_10/2022"},{"$f":"IF(C1094=0,\"\",VLOOKUP(C1094,BNCDADOS!$A:$G,3,0))","v":"M2"},864,{"$f":"IF(C1094=0,\"\",VLOOKUP(C1094,BNCDADOS!$A:$G,4,0))","v":"4,06"},{"$f":"IF(C1094=0,\"\",VLOOKUP(C1094,BNCDADOS!$A:$G,5,0))","v":5.0199999999999996},4337.28,{"$f":"IF(C1094=0,\"\",VLOOKUP(C1094,BNCDADOS!$A:$G,6,0))","v":"3,78"},{"$f":"IF(C1094=0,\"\",VLOOKUP(C1094,BNCDADOS!$A:$G,7,0))","v":4.91},4242.24,{"$f":"SUMIF('MC - TRECHO 03'!A:A,Orçamento!A1094,'MC - TRECHO 03'!R:R)","v":864}]
["4.4.4.3",{"$f":"IF(C1095=0,\"\",VLOOKUP(C1095,BNCDADOS!$A:$H,8,0))","v":"SINAPI/RN\nSERVIÇO"},89173,{"$f":"IF(C1095=0,\"\",VLOOKUP(C1095,BNCDADOS!$A:$G,2,0))","v":"(COMPOSIÇÃO REPRESENTATIVA) DO SERVIÇO DE EMBOÇO/MASSA ÚNICA, APLICADO MANUALMENTE, TRAÇO 1:2:8, EM BETONEIRA DE 400L, PAREDES INTERNAS, COM EXECUÇÃO DE TALISCAS, EDIFICAÇÃO HABITACIONAL UNIFAMILIAR (CASAS) E EDIFICAÇÃO PÚBLICA PADRÃO. AF_12/2014"},{"$f":"IF(C1095=0,\"\",VLOOKUP(C1095,BNCDADOS!$A:$G,3,0))","v":"m²"},1728,{"$f":"IF(C1095=0,\"\",VLOOKUP(C1095,BNCDADOS!$A:$G,4,0))","v":32},{"$f":"IF(C1095=0,\"\",VLOOKUP(C1095,BNCDADOS!$A:$G,5,0))","v":39.58},68394.240000000005,{"$f":"IF(C1095=0,\"\",VLOOKUP(C1095,BNCDADOS!$A:$G,6,0))","v":29.96},{"$f":"IF(C1095=0,\"\",VLOOKUP(C1095,BNCDADOS!$A:$G,7,0))","v":38.93},67271.039999999994,{"$f":"SUMIF('MC - TRECHO 03'!A:A,Orçamento!A1095,'MC - TRECHO 03'!R:R)","v":1728}]
["4.4.4.4",{"$f":"IF(C1096=0,\"\",VLOOKUP(C1096,BNCDADOS!$A:$H,8,0))","v":"SINAPI/RN\nSERVIÇO"},89045,{"$f":"IF(C1096=0,\"\",VLOOKUP(C1096,BNCDADOS!$A:$G,2,0))","v":"(COMPOSIÇÃO REPRESENTATIVA) DO SERVIÇO DE REVESTIMENTO CERÂMICO PARA AMBIENTES DE ÁREAS MOLHADAS, MEIA PAREDE OU PAREDE INTEIRA, COM PLACAS TIPO ESMALTADA EXTRA, DIMENSÕES 20X20 CM, PARA EDIFICAÇÃO HABITACIONAL MULTIFAMILIAR (PRÉDIO). AF_11/2014"},{"$f":"IF(C1096=0,\"\",VLOOKUP(C1096,BNCDADOS!$A:$G,3,0))","v":"M²"},25.8,{"$f":"IF(C1096=0,\"\",VLOOKUP(C1096,BNCDADOS!$A:$G,4,0))","v":67.73},{"$f":"IF(C1096=0,\"\",VLOOKUP(C1096,BNCDADOS!$A:$G,5,0))","v":83.77},2161.2600000000002,{"$f":"IF(C1096=0,\"\",VLOOKUP(C1096,BNCDADOS!$A:$G,6,0))","v":65.709999999999994},{"$f":"IF(C1096=0,\"\",VLOOKUP(C1096,BNCDADOS!$A:$G,7,0))","v":85.39},2203.06,{"$f":"SUMIF('MC - TRECHO 03'!A:A,Orçamento!A1096,'MC - TRECHO 03'!R:R)","v":25.799999999999997}]
["4.4.4.5",{"$f":"IF(C1097=0,\"\",VLOOKUP(C1097,BNCDADOS!$A:$H,8,0))","v":"SINAPI/RN\nSERVIÇO"},98553,{"$f":"IF(C1097=0,\"\",VLOOKUP(C1097,BNCDADOS!$A:$G,2,0))","v":"IMPERMEABILIZAÇÃO DE SUPERFÍCIE COM MEMBRANA À BASE DE POLIURETANO, 2 DEMÃOS. AF_09/2023"},{"$f":"IF(C1097=0,\"\",VLOOKUP(C1097,BNCDADOS!$A:$G,3,0))","v":"M2"},150,{"$f":"IF(C1097=0,\"\",VLOOKUP(C1097,BNCDADOS!$A:$G,4,0))","v":"173,85"},{"$f":"IF(C1097=0,\"\",VLOOKUP(C1097,BNCDADOS!$A:$G,5,0))","v":215.03},32254.5,{"$f":"IF(C1097=0,\"\",VLOOKUP(C1097,BNCDADOS!$A:$G,6,0))","v":"172,27"},{"$f":"IF(C1097=0,\"\",VLOOKUP(C1097,BNCDADOS!$A:$G,7,0))","v":223.88},33582,{"$f":"SUMIF('MC - TRECHO 03'!A:A,Orçamento!A1097,'MC - TRECHO 03'!R:R)","v":150}]
["4.4.5",{"$f":"IF(C1098=0,\"\",VLOOKUP(C1098,[143]BNCDADOS!$A:$G,8,0))","v":""},null,"ESQUADRIAS",{"$f":"IF(C1098=0,\"\",VLOOKUP(C1098,[143]BNCDADOS!$A:$G,3,0))","v":""},0,{"$f":"IF(C1098=0,\"\",VLOOKUP(C1098,[143]BNCDADOS!$A:$G,4,0))","v":""},{"$f":"IF(C1098=0,\"\",VLOOKUP(C1098,[143]BNCDADOS!$A:$G,5,0))","v":""},{"$f":"SUM(I1099:I1099)","v":1748.82},{"$f":"IF(C1098=0,\"\",VLOOKUP(C1098,[143]BNCDADOS!$A:$G,6,0))","v":""},{"$f":"IF(C1098=0,\"\",VLOOKUP(C1098,[143]BNCDADOS!$A:$G,7,0))","v":""},{"$f":"SUM(L1099:L1099)","v":1831.25},0]
["4.4.5.1",{"$f":"IF(C1099=0,\"\",VLOOKUP(C1099,BNCDADOS!$A:$H,8,0))","v":"SINAPI/RN\nSERVIÇO"},100701,{"$f":"IF(C1099=0,\"\",VLOOKUP(C1099,BNCDADOS!$A:$G,2,0))","v":"PORTA DE FERRO, DE ABRIR, TIPO GRADE COM CHAPA, COM GUARNIÇÕES. AF_12/2019"},{"$f":"IF(C1099=0,\"\",VLOOKUP(C1099,BNCDADOS!$A:$G,3,0))","v":"M2"},2.52,{"$f":"IF(C1099=0,\"\",VLOOKUP(C1099,BNCDADOS!$A:$G,4,0))","v":"561,07"},{"$f":"IF(C1099=0,\"\",VLOOKUP(C1099,BNCDADOS!$A:$G,5,0))","v":693.98},{"$f":"IF(H1099=\"\",0,TRUNC(H1099*F1099,2))","v":1748.82},{"$f":"IF(C1099=0,\"\",VLOOKUP(C1099,BNCDADOS!$A:$G,6,0))","v":"559,17"},{"$f":"IF(C1099=0,\"\",VLOOKUP(C1099,BNCDADOS!$A:$G,7,0))","v":726.69},{"$f":"IF(K1099=\"\",0,TRUNC(K1099*F1099,2))","v":1831.25},{"$f":"SUMIF('MC - TRECHO 03'!A:A,Orçamento!A1099,'MC - TRECHO 03'!R:R)","v":2.52}]
["4.4.6",{"$f":"IF(C1100=0,\"\",VLOOKUP(C1100,[143]BNCDADOS!$A:$G,8,0))","v":""},null,"DRENAGEM",{"$f":"IF(C1100=0,\"\",VLOOKUP(C1100,[143]BNCDADOS!$A:$G,3,0))","v":""},0,{"$f":"IF(C1100=0,\"\",VLOOKUP(C1100,[143]BNCDADOS!$A:$G,4,0))","v":""},{"$f":"IF(C1100=0,\"\",VLOOKUP(C1100,[143]BNCDADOS!$A:$G,5,0))","v":""},{"$f":"SUM(I1101:I1103)","v":61878.659999999996},{"$f":"IF(C1100=0,\"\",VLOOKUP(C1100,[143]BNCDADOS!$A:$G,6,0))","v":""},{"$f":"IF(C1100=0,\"\",VLOOKUP(C1100,[143]BNCDADOS!$A:$G,7,0))","v":""},{"$f":"SUM(L1101:L1103)","v":64307.899999999994},0]
["4.4.6.1",{"$f":"IF(C1101=0,\"\",VLOOKUP(C1101,BNCDADOS!$A:$H,8,0))","v":"caern"},2060193,{"$f":"IF(C1101=0,\"\",VLOOKUP(C1101,BNCDADOS!$A:$G,2,0))","v":"CAIXA ENTERRADA RETANGULAR EM ALVENARIA COM TIJOLOS CERÂMICOS MACIÇOS (ESPESSURA 20CM), DIMENSÕES INTERNAS: 0,8X0,8X1,5 M, INCLUSIVE ESCORAMENTO, ESCAVAÇÃO, REATERRO APILOADO, BOTA-FORA DE MATERIAL E TAMPA DE 10CM. R_11/2018"},{"$f":"IF(C1101=0,\"\",VLOOKUP(C1101,BNCDADOS!$A:$G,3,0))","v":"UN "},5,{"$f":"IF(C1101=0,\"\",VLOOKUP(C1101,BNCDADOS!$A:$G,4,0))","v":1820.24},{"$f":"IF(C1101=0,\"\",VLOOKUP(C1101,BNCDADOS!$A:$G,5,0))","v":2251.4499999999998},{"$f":"IF(H1101=\"\",0,TRUNC(H1101*F1101,2))","v":11257.25},{"$f":"IF(C1101=0,\"\",VLOOKUP(C1101,BNCDADOS!$A:$G,6,0))","v":1734.86},{"$f":"IF(C1101=0,\"\",VLOOKUP(C1101,BNCDADOS!$A:$G,7,0))","v":2254.62},{"$f":"IF(K1101=\"\",0,TRUNC(K1101*F1101,2))","v":11273.1},{"$f":"SUMIF('MC - TRECHO 03'!A:A,Orçamento!A1101,'MC - TRECHO 03'!R:R)","v":5}]
["4.4.6.2",{"$f":"IF(C1102=0,\"\",VLOOKUP(C1102,BNCDADOS!$A:$H,8,0))","v":"SINAPI/RN\nSERVIÇO"},94871,{"$f":"IF(C1102=0,\"\",VLOOKUP(C1102,BNCDADOS!$A:$G,2,0))","v":"TUBO DE PEAD CORRUGADO DE DUPLA PAREDE PARA REDE COLETORA DE ESGOTO, DN 300 MM, JUNTA ELÁSTICA INTEGRADA - FORNECIMENTO E ASSENTAMENTO. AF_01/2021"},{"$f":"IF(C1102=0,\"\",VLOOKUP(C1102,BNCDADOS!$A:$G,3,0))","v":"M"},79.400000000000006,{"$f":"IF(C1102=0,\"\",VLOOKUP(C1102,BNCDADOS!$A:$G,4,0))","v":"452,78"},{"$f":"IF(C1102=0,\"\",VLOOKUP(C1102,BNCDADOS!$A:$G,5,0))","v":560.04},44467.17,{"$f":"IF(C1102=0,\"\",VLOOKUP(C1102,BNCDADOS!$A:$G,6,0))","v":"452,63"},{"$f":"IF(C1102=0,\"\",VLOOKUP(C1102,BNCDADOS!$A:$G,7,0))","v":588.23},46705.46,{"$f":"SUMIF('MC - TRECHO 03'!A:A,Orçamento!A1102,'MC - TRECHO 03'!R:R)","v":79.400000000000006}]
["4.4.6.3",{"$f":"IF(C1103=0,\"\",VLOOKUP(C1103,BNCDADOS!$A:$H,8,0))","v":"SINAPI/RN\nSERVIÇO"},96624,{"$f":"IF(C1103=0,\"\",VLOOKUP(C1103,BNCDADOS!$A:$G,2,0))","v":"LASTRO COM MATERIAL GRANULAR (PEDRA BRITADA N.2), APLICADO EM PISOS OU LAJES SOBRE SOLO, ESPESSURA DE *10 CM*. AF_01/2024"},{"$f":"IF(C1103=0,\"\",VLOOKUP(C1103,BNCDADOS!$A:$G,3,0))","v":"M3"},18.97,{"$f":"IF(C1103=0,\"\",VLOOKUP(C1103,BNCDADOS!$A:$G,4,0))","v":"262,29"},{"$f":"IF(C1103=0,\"\",VLOOKUP(C1103,BNCDADOS!$A:$G,5,0))","v":324.42},6154.24,{"$f":"IF(C1103=0,\"\",VLOOKUP(C1103,BNCDADOS!$A:$G,6,0))","v":"256,74"},{"$f":"IF(C1103=0,\"\",VLOOKUP(C1103,BNCDADOS!$A:$G,7,0))","v":333.65},6329.34,{"$f":"SUMIF('MC - TRECHO 03'!A:A,Orçamento!A1103,'MC - TRECHO 03'!R:R)","v":18.97}]
["4.4.7",{"$f":"IF(C1104=0,\"\",VLOOKUP(C1104,[143]BNCDADOS!$A:$G,8,0))","v":""},null,"PAVIMENTAÇÃO",{"$f":"IF(C1104=0,\"\",VLOOKUP(C1104,[143]BNCDADOS!$A:$G,3,0))","v":""},0,{"$f":"IF(C1104=0,\"\",VLOOKUP(C1104,[143]BNCDADOS!$A:$G,4,0))","v":""},{"$f":"IF(C1104=0,\"\",VLOOKUP(C1104,[143]BNCDADOS!$A:$G,5,0))","v":""},{"$f":"SUM(I1105:I1107)","v":164983.46000000002},{"$f":"IF(C1104=0,\"\",VLOOKUP(C1104,[143]BNCDADOS!$A:$G,6,0))","v":""},{"$f":"IF(C1104=0,\"\",VLOOKUP(C1104,[143]BNCDADOS!$A:$G,7,0))","v":""},{"$f":"SUM(L1105:L1107)","v":169062.18},0]
["4.4.7.1",{"$f":"IF(C1105=0,\"\",VLOOKUP(C1105,BNCDADOS!$A:$H,8,0))","v":"SINAPI/RN\nSERVIÇO"},94275,{"$f":"IF(C1105=0,\"\",VLOOKUP(C1105,BNCDADOS!$A:$G,2,0))","v":"ASSENTAMENTO DE GUIA (MEIO-FIO) EM TRECHO RETO, CONFECCIONADA EM CONCRETO PRÉ-FABRICADO, DIMENSÕES 100X15X13X20 CM (COMPRIMENTO X BASE INFERIOR X BASE SUPERIOR X ALTURA). AF_01/2024"},{"$f":"IF(C1105=0,\"\",VLOOKUP(C1105,BNCDADOS!$A:$G,3,0))","v":"M"},228.2,{"$f":"IF(C1105=0,\"\",VLOOKUP(C1105,BNCDADOS!$A:$G,4,0))","v":"40,32"},{"$f":"IF(C1105=0,\"\",VLOOKUP(C1105,BNCDADOS!$A:$G,5,0))","v":49.87},{"$f":"IF(H1105=\"\",0,TRUNC(H1105*F1105,2))","v":11380.33},{"$f":"IF(C1105=0,\"\",VLOOKUP(C1105,BNCDADOS!$A:$G,6,0))","v":"39,29"},{"$f":"IF(C1105=0,\"\",VLOOKUP(C1105,BNCDADOS!$A:$G,7,0))","v":51.06},{"$f":"IF(K1105=\"\",0,TRUNC(K1105*F1105,2))","v":11651.89},{"$f":"SUMIF('MC - TRECHO 03'!A:A,Orçamento!A1105,'MC - TRECHO 03'!R:R)","v":228.2}]
["4.4.7.2",{"$f":"IF(C1106=0,\"\",VLOOKUP(C1106,BNCDADOS!$A:$H,8,0))","v":"SINAPI/RN\nSERVIÇO"},92400,{"$f":"IF(C1106=0,\"\",VLOOKUP(C1106,BNCDADOS!$A:$G,2,0))","v":"EXECUÇÃO DE PAVIMENTO EM PISO INTERTRAVADO, COM BLOCO RETANGULAR DE 20 X 10 CM, ESPESSURA 10 CM. AF_10/2022"},{"$f":"IF(C1106=0,\"\",VLOOKUP(C1106,BNCDADOS!$A:$G,3,0))","v":"M2"},643,{"$f":"IF(C1106=0,\"\",VLOOKUP(C1106,BNCDADOS!$A:$G,4,0))","v":"95,44"},{"$f":"IF(C1106=0,\"\",VLOOKUP(C1106,BNCDADOS!$A:$G,5,0))","v":118.04},75899.72,{"$f":"IF(C1106=0,\"\",VLOOKUP(C1106,BNCDADOS!$A:$G,6,0))","v":"93,92"},{"$f":"IF(C1106=0,\"\",VLOOKUP(C1106,BNCDADOS!$A:$G,7,0))","v":122.05},78478.149999999994,{"$f":"SUMIF('MC - TRECHO 03'!A:A,Orçamento!A1106,'MC - TRECHO 03'!R:R)","v":643}]
["4.4.7.3",{"$f":"IF(C1107=0,\"\",VLOOKUP(C1107,BNCDADOS!$A:$H,8,0))","v":"SINAPI/RN\nSERVIÇO"},94990,{"$f":"IF(C1107=0,\"\",VLOOKUP(C1107,BNCDADOS!$A:$G,2,0))","v":"EXECUÇÃO DE PASSEIO (CALÇADA) OU PISO DE CONCRETO COM CONCRETO MOLDADO IN LOCO, FEITO EM OBRA, ACABAMENTO CONVENCIONAL, NÃO ARMADO. AF_08/2022"},{"$f":"IF(C1107=0,\"\",VLOOKUP(C1107,BNCDADOS!$A:$G,3,0))","v":"M3"},80.52,{"$f":"IF(C1107=0,\"\",VLOOKUP(C1107,BNCDADOS!$A:$G,4,0))","v":"780,20"},{"$f":"IF(C1107=0,\"\",VLOOKUP(C1107,BNCDADOS!$A:$G,5,0))","v":965.02},77703.41,{"$f":"IF(C1107=0,\"\",VLOOKUP(C1107,BNCDADOS!$A:$G,6,0))","v":"754,30"},{"$f":"IF(C1107=0,\"\",VLOOKUP(C1107,BNCDADOS!$A:$G,7,0))","v":980.28},78932.14,{"$f":"SUMIF('MC - TRECHO 03'!A:A,Orçamento!A1107,'MC - TRECHO 03'!R:R)","v":80.52}]
["4.4.8",{"$f":"IF(C1108=0,\"\",VLOOKUP(C1108,[143]BNCDADOS!$A:$G,8,0))","v":""},null,"PINTURA",{"$f":"IF(C1108=0,\"\",VLOOKUP(C1108,[143]BNCDADOS!$A:$G,3,0))","v":""},0,{"$f":"IF(C1108=0,\"\",VLOOKUP(C1108,[143]BNCDADOS!$A:$G,4,0))","v":""},{"$f":"IF(C1108=0,\"\",VLOOKUP(C1108,[143]BNCDADOS!$A:$G,5,0))","v":""},{"$f":"SUM(I1109:I1112)","v":29396.690000000002},{"$f":"IF(C1108=0,\"\",VLOOKUP(C1108,[143]BNCDADOS!$A:$G,6,0))","v":""},{"$f":"IF(C1108=0,\"\",VLOOKUP(C1108,[143]BNCDADOS!$A:$G,7,0))","v":""},{"$f":"SUM(L1109:L1112)","v":28987.919999999998},0]
["4.4.8.1",{"$f":"IF(C1109=0,\"\",VLOOKUP(C1109,BNCDADOS!$A:$H,8,0))","v":"SINAPI/RN\nSERVIÇO"},88485,{"$f":"IF(C1109=0,\"\",VLOOKUP(C1109,BNCDADOS!$A:$G,2,0))","v":"FUNDO SELADOR ACRÍLICO, APLICAÇÃO MANUAL EM PAREDE, UMA DEMÃO. AF_04/2023"},{"$f":"IF(C1109=0,\"\",VLOOKUP(C1109,BNCDADOS!$A:$G,3,0))","v":"M2"},1728,{"$f":"IF(C1109=0,\"\",VLOOKUP(C1109,BNCDADOS!$A:$G,4,0))","v":"3,30"},{"$f":"IF(C1109=0,\"\",VLOOKUP(C1109,BNCDADOS!$A:$G,5,0))","v":4.08},{"$f":"IF(H1109=\"\",0,TRUNC(H1109*F1109,2))","v":7050.24},{"$f":"IF(C1109=0,\"\",VLOOKUP(C1109,BNCDADOS!$A:$G,6,0))","v":"3,06"},{"$f":"IF(C1109=0,\"\",VLOOKUP(C1109,BNCDADOS!$A:$G,7,0))","v":3.97},{"$f":"IF(K1109=\"\",0,TRUNC(K1109*F1109,2))","v":6860.16},{"$f":"SUMIF('MC - TRECHO 03'!A:A,Orçamento!A1109,'MC - TRECHO 03'!R:R)","v":1728}]
["4.4.8.2",{"$f":"IF(C1110=0,\"\",VLOOKUP(C1110,BNCDADOS!$A:$H,8,0))","v":"SINAPI/RN\nSERVIÇO"},104642,{"$f":"IF(C1110=0,\"\",VLOOKUP(C1110,BNCDADOS!$A:$G,2,0))","v":"PINTURA LÁTEX ACRÍLICA STANDARD, APLICAÇÃO MANUAL EM PAREDES, DUAS DEMÃOS. AF_04/2023"},{"$f":"IF(C1110=0,\"\",VLOOKUP(C1110,BNCDADOS!$A:$G,3,0))","v":"M2"},1728,{"$f":"IF(C1110=0,\"\",VLOOKUP(C1110,BNCDADOS!$A:$G,4,0))","v":"10,29"},{"$f":"IF(C1110=0,\"\",VLOOKUP(C1110,BNCDADOS!$A:$G,5,0))","v":12.72},21980.16,{"$f":"IF(C1110=0,\"\",VLOOKUP(C1110,BNCDADOS!$A:$G,6,0))","v":"9,70"},{"$f":"IF(C1110=0,\"\",VLOOKUP(C1110,BNCDADOS!$A:$G,7,0))","v":12.6},21772.799999999999,{"$f":"SUMIF('MC - TRECHO 03'!A:A,Orçamento!A1110,'MC - TRECHO 03'!R:R)","v":1728}]
["4.4.8.3",{"$f":"IF(C1111=0,\"\",VLOOKUP(C1111,BNCDADOS!$A:$H,8,0))","v":"SINAPI/RN\nSERVIÇO"},100720,{"$f":"IF(C1111=0,\"\",VLOOKUP(C1111,BNCDADOS!$A:$G,2,0))","v":"PINTURA COM TINTA ALQUÍDICA DE FUNDO (TIPO ZARCÃO) APLICADA A ROLO OU PINCEL SOBRE PERFIL METÁLICO EXECUTADO EM FÁBRICA (POR DEMÃO). AF_01/2020"},{"$f":"IF(C1111=0,\"\",VLOOKUP(C1111,BNCDADOS!$A:$G,3,0))","v":"M2"},5.04,{"$f":"IF(C1111=0,\"\",VLOOKUP(C1111,BNCDADOS!$A:$G,4,0))","v":"10,27"},{"$f":"IF(C1111=0,\"\",VLOOKUP(C1111,BNCDADOS!$A:$G,5,0))","v":12.7},64,{"$f":"IF(C1111=0,\"\",VLOOKUP(C1111,BNCDADOS!$A:$G,6,0))","v":"9,65"},{"$f":"IF(C1111=0,\"\",VLOOKUP(C1111,BNCDADOS!$A:$G,7,0))","v":12.54},63.2,{"$f":"SUMIF('MC - TRECHO 03'!A:A,Orçamento!A1111,'MC - TRECHO 03'!R:R)","v":5.04}]
["4.4.8.4",{"$f":"IF(C1112=0,\"\",VLOOKUP(C1112,BNCDADOS!$A:$H,8,0))","v":"SINAPI/RN\nSERVIÇO"},100758,{"$f":"IF(C1112=0,\"\",VLOOKUP(C1112,BNCDADOS!$A:$G,2,0))","v":"PINTURA COM TINTA ALQUÍDICA DE ACABAMENTO (ESMALTE SINTÉTICO ACETINADO) APLICADA A ROLO OU PINCEL SOBRE SUPERFÍCIES METÁLICAS (EXCETO PERFIL) EXECUTADO EM OBRA (02 DEMÃOS). AF_01/2020"},{"$f":"IF(C1112=0,\"\",VLOOKUP(C1112,BNCDADOS!$A:$G,3,0))","v":"M2"},5.04,{"$f":"IF(C1112=0,\"\",VLOOKUP(C1112,BNCDADOS!$A:$G,4,0))","v":"48,50"},{"$f":"IF(C1112=0,\"\",VLOOKUP(C1112,BNCDADOS!$A:$G,5,0))","v":59.98},302.29000000000002,{"$f":"IF(C1112=0,\"\",VLOOKUP(C1112,BNCDADOS!$A:$G,6,0))","v":"44,55"},{"$f":"IF(C1112=0,\"\",VLOOKUP(C1112,BNCDADOS!$A:$G,7,0))","v":57.89},291.76,{"$f":"SUMIF('MC - TRECHO 03'!A:A,Orçamento!A1112,'MC - TRECHO 03'!R:R)","v":5.04}]
["4.4.9",{"$f":"IF(C1113=0,\"\",VLOOKUP(C1113,[143]BNCDADOS!$A:$G,8,0))","v":""},null,"INSTALAÇÃO ELÉTRICA",{"$f":"IF(C1113=0,\"\",VLOOKUP(C1113,[143]BNCDADOS!$A:$G,3,0))","v":""},0,{"$f":"IF(C1113=0,\"\",VLOOKUP(C1113,[143]BNCDADOS!$A:$G,4,0))","v":""},{"$f":"IF(C1113=0,\"\",VLOOKUP(C1113,[143]BNCDADOS!$A:$G,5,0))","v":""},{"$f":"SUM(I1114:I1121)","v":11488.53},{"$f":"IF(C1113=0,\"\",VLOOKUP(C1113,[143]BNCDADOS!$A:$G,6,0))","v":""},{"$f":"IF(C1113=0,\"\",VLOOKUP(C1113,[143]BNCDADOS!$A:$G,7,0))","v":""},{"$f":"SUM(L1114:L1121)","v":11785.43},0]
["4.4.9.1",{"$f":"IF(C1114=0,\"\",VLOOKUP(C1114,BNCDADOS!$A:$H,8,0))","v":"SINAPI/RN\nSERVIÇO"},101517,{"$f":"IF(C1114=0,\"\",VLOOKUP(C1114,BNCDADOS!$A:$G,2,0))","v":"ENTRADA DE ENERGIA ELÉTRICA, SUBTERRÂNEA, MONOFÁSICA, COM CAIXA DE EMBUTIR, CABO DE 10 MM2 E DISJUNTOR DIN 50A (NÃO INCLUSA MURETA DE ALVENARIA). AF_07/2020_PS"},{"$f":"IF(C1114=0,\"\",VLOOKUP(C1114,BNCDADOS!$A:$G,3,0))","v":"UN"},1,{"$f":"IF(C1114=0,\"\",VLOOKUP(C1114,BNCDADOS!$A:$G,4,0))","v":"894,51"},{"$f":"IF(C1114=0,\"\",VLOOKUP(C1114,BNCDADOS!$A:$G,5,0))","v":1106.4100000000001},{"$f":"IF(H1114=\"\",0,TRUNC(H1114*F1114,2))","v":1106.4100000000001},{"$f":"IF(C1114=0,\"\",VLOOKUP(C1114,BNCDADOS!$A:$G,6,0))","v":"875,56"},{"$f":"IF(C1114=0,\"\",VLOOKUP(C1114,BNCDADOS!$A:$G,7,0))","v":1137.8699999999999},{"$f":"IF(K1114=\"\",0,TRUNC(K1114*F1114,2))","v":1137.8699999999999},{"$f":"SUMIF('MC - TRECHO 03'!A:A,Orçamento!A1114,'MC - TRECHO 03'!R:R)","v":1}]
["4.4.9.2",{"$f":"IF(C1115=0,\"\",VLOOKUP(C1115,BNCDADOS!$A:$H,8,0))","v":"SINAPI/RN\nSERVIÇO"},91931,{"$f":"IF(C1115=0,\"\",VLOOKUP(C1115,BNCDADOS!$A:$G,2,0))","v":"CABO DE COBRE FLEXÍVEL ISOLADO, 6 MM², ANTI-CHAMA 0,6/1,0 KV, PARA CIRCUITOS TERMINAIS - FORNECIMENTO E INSTALAÇÃO. AF_03/2023"},{"$f":"IF(C1115=0,\"\",VLOOKUP(C1115,BNCDADOS!$A:$G,3,0))","v":"M"},15,{"$f":"IF(C1115=0,\"\",VLOOKUP(C1115,BNCDADOS!$A:$G,4,0))","v":"11,29"},{"$f":"IF(C1115=0,\"\",VLOOKUP(C1115,BNCDADOS!$A:$G,5,0))","v":13.96},209.4,{"$f":"IF(C1115=0,\"\",VLOOKUP(C1115,BNCDADOS!$A:$G,6,0))","v":"11,02"},{"$f":"IF(C1115=0,\"\",VLOOKUP(C1115,BNCDADOS!$A:$G,7,0))","v":14.32},214.8,{"$f":"SUMIF('MC - TRECHO 03'!A:A,Orçamento!A1115,'MC - TRECHO 03'!R:R)","v":15}]
["4.4.9.3",{"$f":"IF(C1116=0,\"\",VLOOKUP(C1116,BNCDADOS!$A:$H,8,0))","v":"SINAPI/RN\nSERVIÇO"},91929,{"$f":"IF(C1116=0,\"\",VLOOKUP(C1116,BNCDADOS!$A:$G,2,0))","v":"CABO DE COBRE FLEXÍVEL ISOLADO, 4 MM², ANTI-CHAMA 0,6/1,0 KV, PARA CIRCUITOS TERMINAIS - FORNECIMENTO E INSTALAÇÃO. AF_03/2023"},{"$f":"IF(C1116=0,\"\",VLOOKUP(C1116,BNCDADOS!$A:$G,3,0))","v":"M"},115.5,{"$f":"IF(C1116=0,\"\",VLOOKUP(C1116,BNCDADOS!$A:$G,4,0))","v":"7,98"},{"$f":"IF(C1116=0,\"\",VLOOKUP(C1116,BNCDADOS!$A:$G,5,0))","v":9.8699999999999992},1139.98,{"$f":"IF(C1116=0,\"\",VLOOKUP(C1116,BNCDADOS!$A:$G,6,0))","v":"7,76"},{"$f":"IF(C1116=0,\"\",VLOOKUP(C1116,BNCDADOS!$A:$G,7,0))","v":10.08},1164.24,{"$f":"SUMIF('MC - TRECHO 03'!A:A,Orçamento!A1116,'MC - TRECHO 03'!R:R)","v":115.5}]
["4.4.9.4",{"$f":"IF(C1117=0,\"\",VLOOKUP(C1117,BNCDADOS!$A:$H,8,0))","v":"SINAPI/RN\nSERVIÇO"},91927,{"$f":"IF(C1117=0,\"\",VLOOKUP(C1117,BNCDADOS!$A:$G,2,0))","v":"CABO DE COBRE FLEXÍVEL ISOLADO, 2,5 MM², ANTI-CHAMA 0,6/1,0 KV, PARA CIRCUITOS TERMINAIS - FORNECIMENTO E INSTALAÇÃO. AF_03/2023"},{"$f":"IF(C1117=0,\"\",VLOOKUP(C1117,BNCDADOS!$A:$G,3,0))","v":"M"},90,{"$f":"IF(C1117=0,\"\",VLOOKUP(C1117,BNCDADOS!$A:$G,4,0))","v":"5,38"},{"$f":"IF(C1117=0,\"\",VLOOKUP(C1117,BNCDADOS!$A:$G,5,0))","v":6.65},598.5,{"$f":"IF(C1117=0,\"\",VLOOKUP(C1117,BNCDADOS!$A:$G,6,0))","v":"5,22"},{"$f":"IF(C1117=0,\"\",VLOOKUP(C1117,BNCDADOS!$A:$G,7,0))","v":6.78},610.20000000000005,{"$f":"SUMIF('MC - TRECHO 03'!A:A,Orçamento!A1117,'MC - TRECHO 03'!R:R)","v":90}]
["4.4.9.5",{"$f":"IF(C1118=0,\"\",VLOOKUP(C1118,BNCDADOS!$A:$H,8,0))","v":"SINAPI/RN\nSERVIÇO"},91854,{"$f":"IF(C1118=0,\"\",VLOOKUP(C1118,BNCDADOS!$A:$G,2,0))","v":"ELETRODUTO FLEXÍVEL CORRUGADO, PVC, DN 25 MM (3/4\"), PARA CIRCUITOS TERMINAIS, INSTALADO EM PAREDE - FORNECIMENTO E INSTALAÇÃO. AF_03/2023"},{"$f":"IF(C1118=0,\"\",VLOOKUP(C1118,BNCDADOS!$A:$G,3,0))","v":"M"},5.5,{"$f":"IF(C1118=0,\"\",VLOOKUP(C1118,BNCDADOS!$A:$G,4,0))","v":"8,73"},{"$f":"IF(C1118=0,\"\",VLOOKUP(C1118,BNCDADOS!$A:$G,5,0))","v":10.79},59.34,{"$f":"IF(C1118=0,\"\",VLOOKUP(C1118,BNCDADOS!$A:$G,6,0))","v":"8,01"},{"$f":"IF(C1118=0,\"\",VLOOKUP(C1118,BNCDADOS!$A:$G,7,0))","v":10.4},57.2,{"$f":"SUMIF('MC - TRECHO 03'!A:A,Orçamento!A1118,'MC - TRECHO 03'!R:R)","v":5.5}]
["4.4.9.6",{"$f":"IF(C1119=0,\"\",VLOOKUP(C1119,BNCDADOS!$A:$H,8,0))","v":"SINAPI/RN\nSERVIÇO"},95728,{"$f":"IF(C1119=0,\"\",VLOOKUP(C1119,BNCDADOS!$A:$G,2,0))","v":"ELETRODUTO RÍGIDO SOLDÁVEL, PVC, DN 32 MM (1\u0094), APARENTE - FORNECIMENTO E INSTALAÇÃO. AF_10/2022_PA"},{"$f":"IF(C1119=0,\"\",VLOOKUP(C1119,BNCDADOS!$A:$G,3,0))","v":"M"},38,{"$f":"IF(C1119=0,\"\",VLOOKUP(C1119,BNCDADOS!$A:$G,4,0))","v":"23,88"},{"$f":"IF(C1119=0,\"\",VLOOKUP(C1119,BNCDADOS!$A:$G,5,0))","v":29.53},1122.1400000000001,{"$f":"IF(C1119=0,\"\",VLOOKUP(C1119,BNCDADOS!$A:$G,6,0))","v":"22,13"},{"$f":"IF(C1119=0,\"\",VLOOKUP(C1119,BNCDADOS!$A:$G,7,0))","v":28.76},1092.8800000000001,{"$f":"SUMIF('MC - TRECHO 03'!A:A,Orçamento!A1119,'MC - TRECHO 03'!R:R)","v":38}]
["4.4.9.7",{"$f":"IF(C1120=0,\"\",VLOOKUP(C1120,BNCDADOS!$A:$H,8,0))","v":"SINAPI/RN\nSERVIÇO"},97882,{"$f":"IF(C1120=0,\"\",VLOOKUP(C1120,BNCDADOS!$A:$G,2,0))","v":"CAIXA ENTERRADA ELÉTRICA RETANGULAR, EM CONCRETO PRÉ-MOLDADO, FUNDO COM BRITA, DIMENSÕES INTERNAS: 0,4X0,4X0,4 M. AF_12/2020"},{"$f":"IF(C1120=0,\"\",VLOOKUP(C1120,BNCDADOS!$A:$G,3,0))","v":"UN"},4,{"$f":"IF(C1120=0,\"\",VLOOKUP(C1120,BNCDADOS!$A:$G,4,0))","v":"215,84"},{"$f":"IF(C1120=0,\"\",VLOOKUP(C1120,BNCDADOS!$A:$G,5,0))","v":266.97000000000003},1067.8800000000001,{"$f":"IF(C1120=0,\"\",VLOOKUP(C1120,BNCDADOS!$A:$G,6,0))","v":"212,07"},{"$f":"IF(C1120=0,\"\",VLOOKUP(C1120,BNCDADOS!$A:$G,7,0))","v":275.60000000000002},1102.4000000000001,{"$f":"SUMIF('MC - TRECHO 03'!A:A,Orçamento!A1120,'MC - TRECHO 03'!R:R)","v":4}]
["4.4.9.8",{"$f":"IF(C1121=0,\"\",VLOOKUP(C1121,BNCDADOS!$A:$H,8,0))","v":"caern"},2070408,{"$f":"IF(C1121=0,\"\",VLOOKUP(C1121,BNCDADOS!$A:$G,2,0))","v":"CONJUNTO ILUMINAÇÃO EXTERNA TIPO PÉTALA COM 02 REFLETORES LED DE 100 W E POSTE CIRCULAR DE 9M EM CONCRETO. INC_05/2020"},{"$f":"IF(C1121=0,\"\",VLOOKUP(C1121,BNCDADOS!$A:$G,3,0))","v":"UN "},2,{"$f":"IF(C1121=0,\"\",VLOOKUP(C1121,BNCDADOS!$A:$G,4,0))","v":2500.1600000000003},{"$f":"IF(C1121=0,\"\",VLOOKUP(C1121,BNCDADOS!$A:$G,5,0))","v":3092.44},6184.88,{"$f":"IF(C1121=0,\"\",VLOOKUP(C1121,BNCDADOS!$A:$G,6,0))","v":2464.5500000000006},{"$f":"IF(C1121=0,\"\",VLOOKUP(C1121,BNCDADOS!$A:$G,7,0))","v":3202.92},6405.84,{"$f":"SUMIF('MC - TRECHO 03'!A:A,Orçamento!A1121,'MC - TRECHO 03'!R:R)","v":2}]
["4.4.10",{"$f":"IF(C1122=0,\"\",VLOOKUP(C1122,[143]BNCDADOS!$A:$G,8,0))","v":""},null,"DIVERSOS",{"$f":"IF(C1122=0,\"\",VLOOKUP(C1122,[143]BNCDADOS!$A:$G,3,0))","v":""},0,{"$f":"IF(C1122=0,\"\",VLOOKUP(C1122,[143]BNCDADOS!$A:$G,4,0))","v":""},{"$f":"IF(C1122=0,\"\",VLOOKUP(C1122,[143]BNCDADOS!$A:$G,5,0))","v":""},{"$f":"SUM(I1123:I1124)","v":59269.73},{"$f":"IF(C1122=0,\"\",VLOOKUP(C1122,[143]BNCDADOS!$A:$G,6,0))","v":""},{"$f":"IF(C1122=0,\"\",VLOOKUP(C1122,[143]BNCDADOS!$A:$G,7,0))","v":""},{"$f":"SUM(L1123:L1124)","v":61922.37},0]
["4.4.10.1",{"$f":"IF(C1123=0,\"\",VLOOKUP(C1123,BNCDADOS!$A:$H,8,0))","v":"caern"},2220066,{"$f":"IF(C1123=0,\"\",VLOOKUP(C1123,BNCDADOS!$A:$G,2,0))","v":"ESCADA DE MARINHEIRO EM FIBRA DE VIDRO PULTRUDADA, PERFIL QUADRADO, PINTURA PROTETORA CONTRA RAIOS UV, COM GUARDA CORPO. R_11/2021"},{"$f":"IF(C1123=0,\"\",VLOOKUP(C1123,BNCDADOS!$A:$G,3,0))","v":"M"},19.3,{"$f":"IF(C1123=0,\"\",VLOOKUP(C1123,BNCDADOS!$A:$G,4,0))","v":1777.21},{"$f":"IF(C1123=0,\"\",VLOOKUP(C1123,BNCDADOS!$A:$G,5,0))","v":2198.23},{"$f":"IF(H1123=\"\",0,TRUNC(H1123*F1123,2))","v":42425.83},{"$f":"IF(C1123=0,\"\",VLOOKUP(C1123,BNCDADOS!$A:$G,6,0))","v":1766.07},{"$f":"IF(C1123=0,\"\",VLOOKUP(C1123,BNCDADOS!$A:$G,7,0))","v":2295.1799999999998},{"$f":"IF(K1123=\"\",0,TRUNC(K1123*F1123,2))","v":44296.97},{"$f":"SUMIF('MC - TRECHO 03'!A:A,Orçamento!A1123,'MC - TRECHO 03'!R:R)","v":19.3}]
["4.4.10.2",{"$f":"IF(C1124=0,\"\",VLOOKUP(C1124,BNCDADOS!$A:$H,8,0))","v":"caern"},2220065,{"$f":"IF(C1124=0,\"\",VLOOKUP(C1124,BNCDADOS!$A:$G,2,0))","v":"ESCADA DE MARINHEIRO EM FIBRA DE VIDRO PULTRUDADA, PERFIL QUADRADO, PINTURA PROTETORA CONTRA RAIOS UV, SEM GUARDA CORPO. R_11/2021"},{"$f":"IF(C1124=0,\"\",VLOOKUP(C1124,BNCDADOS!$A:$G,3,0))","v":"M"},10,{"$f":"IF(C1124=0,\"\",VLOOKUP(C1124,BNCDADOS!$A:$G,4,0))","v":1361.79},{"$f":"IF(C1124=0,\"\",VLOOKUP(C1124,BNCDADOS!$A:$G,5,0))","v":1684.39},16843.900000000001,{"$f":"IF(C1124=0,\"\",VLOOKUP(C1124,BNCDADOS!$A:$G,6,0))","v":1356.22},{"$f":"IF(C1124=0,\"\",VLOOKUP(C1124,BNCDADOS!$A:$G,7,0))","v":1762.54},17625.400000000001,{"$f":"SUMIF('MC - TRECHO 03'!A:A,Orçamento!A1124,'MC - TRECHO 03'!R:R)","v":10}]
[]
["4.5",null,null,"MATERIAIS_TRECHO 03 - MONTANHAS A NOVA CRUZ",{"$nulls":4},{"$f":"SUM(I1127,I1136,I1149)","v":37141370.500000015},null,null,{"$f":"SUM(L1127,L1136,L1149)","v":38958535.25}]
["4.5.1",{"$f":"IF(C1127=0,\"\",VLOOKUP(C1127,[142]BNCDADOS!$A:$G,8,0))","v":""},null,"ADUTORA",{"$f":"IF(C1127=0,\"\",VLOOKUP(C1127,[142]BNCDADOS!$A:$G,3,0))","v":""},null,{"$f":"IF(C1127=0,\"\",VLOOKUP(C1127,[142]BNCDADOS!$A:$G,4,0))","v":""},{"$f":"IF(C1127=0,\"\",VLOOKUP(C1127,[142]BNCDADOS!$A:$G,5,0))","v":""},{"$f":"SUM(I1128:I1135)","v":34855326.040000014},{"$f":"IF(C1127=0,\"\",VLOOKUP(C1127,[142]BNCDADOS!$A:$G,6,0))","v":""},{"$f":"IF(C1127=0,\"\",VLOOKUP(C1127,[142]BNCDADOS!$A:$G,7,0))","v":""},{"$f":"SUM(L1128:L1135)","v":36560653.449999996},0]
["4.5.1.1",{"$f":"IF(C1128=0,\"\",VLOOKUP(C1128,BNCDADOS!$A:$H,8,0))","v":0},"TBPFRV02",{"$f":"IF(C1128=0,\"\",VLOOKUP(C1128,BNCDADOS!$A:$G,2,0))","v":"TUBO PVC-PRFV, PN25, 10.000 N/m², DN 700"},{"$f":"IF(C1128=0,\"\",VLOOKUP(C1128,BNCDADOS!$A:$G,3,0))","v":"M"},{"$f":"TRUNC(M1128,2)","v":19278},{"$f":"IF(C1128=0,\"\",VLOOKUP(C1128,BNCDADOS!$A:$G,4,0))","v":1576.3700000000001},{"$f":"TRUNC(G1128*(1+$I$5),2)","v":1765.53},{"$f":"IF(H1128=\"\",0,TRUNC(H1128*F1128,2))","v":34035887.340000004},{"$f":"IF(C1128=0,\"\",VLOOKUP(C1128,BNCDADOS!$A:$G,6,0))","v":1576.3700000000001},{"$f":"TRUNC(J1128*(1+$L$5),2)","v":1851.91},{"$f":"IF(K1128=\"\",0,TRUNC(K1128*F1128,2))","v":35701120.979999997},{"$f":"P1128*6","v":19278},{"$f":"SUMIF(#REF!,Orçamento!A1128,#REF!)","v":{"$error":"#REF!"}},{"$f":"ROUND('MC - SERVIÇO ADUTORA - 1-3'!E331*1.05,0)","v":19282},{"$f":"TRUNC(O1128/6,0)","v":3213}]
["4.5.1.2",{"$f":"IF(C1129=0,\"\",VLOOKUP(C1129,BNCDADOS!$A:$H,8,0))","v":0},"FF139",{"$f":"IF(C1129=0,\"\",VLOOKUP(C1129,BNCDADOS!$A:$G,2,0))","v":"EXTREMIDADE, FOFO, FLANGE/BOLSA, PN25, DN 700MM"},{"$f":"IF(C1129=0,\"\",VLOOKUP(C1129,BNCDADOS!$A:$G,3,0))","v":"UN "},1,{"$f":"IF(C1129=0,\"\",VLOOKUP(C1129,BNCDADOS!$A:$G,4,0))","v":8319.84},9318.2199999999993,9318.2199999999993,{"$f":"IF(C1129=0,\"\",VLOOKUP(C1129,BNCDADOS!$A:$G,6,0))","v":8319.84},9774.14,9774.14,{"$f":"'MC - MATERIAL ADUTORA - 1-3'!E132","v":1}]
["4.5.1.3",{"$f":"IF(C1130=0,\"\",VLOOKUP(C1130,BNCDADOS!$A:$H,8,0))","v":0},"FF25",{"$f":"IF(C1130=0,\"\",VLOOKUP(C1130,BNCDADOS!$A:$G,2,0))","v":"EXTREMIDADE, FOFO, FLANGE/PONTA, ABA DE VEDAÇÃO PN16, DN 250MM"},{"$f":"IF(C1130=0,\"\",VLOOKUP(C1130,BNCDADOS!$A:$G,3,0))","v":"UN "},1,{"$f":"IF(C1130=0,\"\",VLOOKUP(C1130,BNCDADOS!$A:$G,4,0))","v":1898.9433333333334},2126.81,2126.81,{"$f":"IF(C1130=0,\"\",VLOOKUP(C1130,BNCDADOS!$A:$G,6,0))","v":1898.9433333333334},2230.87,2230.87,{"$f":"'MC - MATERIAL ADUTORA - 1-3'!E133","v":1}]
["4.5.1.4",{"$f":"IF(C1131=0,\"\",VLOOKUP(C1131,BNCDADOS!$A:$H,8,0))","v":0},"FF147",{"$f":"IF(C1131=0,\"\",VLOOKUP(C1131,BNCDADOS!$A:$G,2,0))","v":"CURVA 90°, FOFO, JGS, PN16, DN 700MM"},{"$f":"IF(C1131=0,\"\",VLOOKUP(C1131,BNCDADOS!$A:$G,3,0))","v":"UN "},3,{"$f":"IF(C1131=0,\"\",VLOOKUP(C1131,BNCDADOS!$A:$G,4,0))","v":10458.514000000001},11713.53,35140.589999999997,{"$f":"IF(C1131=0,\"\",VLOOKUP(C1131,BNCDADOS!$A:$G,6,0))","v":10458.514000000001},12286.66,36859.980000000003,{"$f":"'MC - MATERIAL ADUTORA - 1-3'!E134","v":3}]
["4.5.1.5",{"$f":"IF(C1132=0,\"\",VLOOKUP(C1132,BNCDADOS!$A:$H,8,0))","v":0},"FF146",{"$f":"IF(C1132=0,\"\",VLOOKUP(C1132,BNCDADOS!$A:$G,2,0))","v":"CURVA 45°, FOFO, JGS, PN16, DN 700MM"},{"$f":"IF(C1132=0,\"\",VLOOKUP(C1132,BNCDADOS!$A:$G,3,0))","v":"UN "},2,{"$f":"IF(C1132=0,\"\",VLOOKUP(C1132,BNCDADOS!$A:$G,4,0))","v":9507.74},10648.66,21297.32,{"$f":"IF(C1132=0,\"\",VLOOKUP(C1132,BNCDADOS!$A:$G,6,0))","v":9507.74},11169.69,22339.38,{"$f":"'MC - MATERIAL ADUTORA - 1-3'!E135","v":2}]
["4.5.1.6",{"$f":"IF(C1133=0,\"\",VLOOKUP(C1133,BNCDADOS!$A:$H,8,0))","v":0},"FF140",{"$f":"IF(C1133=0,\"\",VLOOKUP(C1133,BNCDADOS!$A:$G,2,0))","v":"CURVA 22°, FOFO, JGS, PN25, DN 700MM"},{"$f":"IF(C1133=0,\"\",VLOOKUP(C1133,BNCDADOS!$A:$G,3,0))","v":"UN "},8,{"$f":"IF(C1133=0,\"\",VLOOKUP(C1133,BNCDADOS!$A:$G,4,0))","v":10000.219999999999},11200.24,89601.919999999998,{"$f":"IF(C1133=0,\"\",VLOOKUP(C1133,BNCDADOS!$A:$G,6,0))","v":10000.219999999999},11748.25,93986,{"$f":"'MC - MATERIAL ADUTORA - 1-3'!M132","v":8}]
["4.5.1.7",{"$f":"IF(C1134=0,\"\",VLOOKUP(C1134,BNCDADOS!$A:$H,8,0))","v":0},"FF141",{"$f":"IF(C1134=0,\"\",VLOOKUP(C1134,BNCDADOS!$A:$G,2,0))","v":"CURVA 11°, FOFO, JGS, PN25, DN 700MM"},{"$f":"IF(C1134=0,\"\",VLOOKUP(C1134,BNCDADOS!$A:$G,3,0))","v":"UN "},38,{"$f":"IF(C1134=0,\"\",VLOOKUP(C1134,BNCDADOS!$A:$G,4,0))","v":8004.18},8964.68,340657.84,{"$f":"IF(C1134=0,\"\",VLOOKUP(C1134,BNCDADOS!$A:$G,6,0))","v":8004.18},9403.31,357325.78,{"$f":"'MC - MATERIAL ADUTORA - 1-3'!M133","v":38}]
["4.5.1.8",{"$f":"IF(C1135=0,\"\",VLOOKUP(C1135,BNCDADOS!$A:$H,8,0))","v":0},"FF142",{"$f":"IF(C1135=0,\"\",VLOOKUP(C1135,BNCDADOS!$A:$G,2,0))","v":"LUVA SIMPLES, FOFO, BOLSA/BOLSA, PN25, DN 700MM"},{"$f":"IF(C1135=0,\"\",VLOOKUP(C1135,BNCDADOS!$A:$G,3,0))","v":"UN "},64,{"$f":"IF(C1135=0,\"\",VLOOKUP(C1135,BNCDADOS!$A:$G,4,0))","v":4482.37},5020.25,321296,{"$f":"IF(C1135=0,\"\",VLOOKUP(C1135,BNCDADOS!$A:$G,6,0))","v":4482.37},5265.88,337016.32000000001,{"$f":"'MC - MATERIAL ADUTORA - 1-3'!M134","v":64}]
["4.5.2",{"$f":"IF(C1136=0,\"\",VLOOKUP(C1136,[142]BNCDADOS!$A:$G,8,0))","v":""},null,"VENTOSAS E DESCARGAS",{"$f":"IF(C1136=0,\"\",VLOOKUP(C1136,[142]BNCDADOS!$A:$G,3,0))","v":""},0,{"$f":"IF(C1136=0,\"\",VLOOKUP(C1136,[142]BNCDADOS!$A:$G,4,0))","v":""},{"$f":"IF(C1136=0,\"\",VLOOKUP(C1136,[142]BNCDADOS!$A:$G,5,0))","v":""},{"$f":"SUM(I1137:I1148)","v":582081.58000000007},{"$f":"IF(C1136=0,\"\",VLOOKUP(C1136,[142]BNCDADOS!$A:$G,6,0))","v":""},{"$f":"IF(C1136=0,\"\",VLOOKUP(C1136,[142]BNCDADOS!$A:$G,7,0))","v":""},{"$f":"SUM(L1137:L1148)","v":610561.19999999984}]
["4.5.2.1",{"$f":"IF(C1137=0,\"\",VLOOKUP(C1137,BNCDADOS!$A:$H,8,0))","v":0},"FF145",{"$f":"IF(C1137=0,\"\",VLOOKUP(C1137,BNCDADOS!$A:$G,2,0))","v":"TÊ, BBF, FOFO, PN25, DN 700-200MM"},{"$f":"IF(C1137=0,\"\",VLOOKUP(C1137,BNCDADOS!$A:$G,3,0))","v":"UN "},40,{"$f":"IF(C1137=0,\"\",VLOOKUP(C1137,BNCDADOS!$A:$G,4,0))","v":9294.94},{"$f":"TRUNC(G1137*(1+$I$5),2)","v":10410.33},{"$f":"IF(H1137=\"\",0,TRUNC(H1137*F1137,2))","v":416413.2},{"$f":"IF(C1137=0,\"\",VLOOKUP(C1137,BNCDADOS!$A:$G,6,0))","v":9294.94},{"$f":"TRUNC(J1137*(1+$L$5),2)","v":10919.69},{"$f":"IF(K1137=\"\",0,TRUNC(K1137*F1137,2))","v":436787.6},{"$f":"'MC - MATERIAL ADUTORA - 1-3'!M141","v":40}]
["4.5.2.2",{"$f":"IF(C1138=0,\"\",VLOOKUP(C1138,BNCDADOS!$A:$H,8,0))","v":0},"FF16",{"$f":"IF(C1138=0,\"\",VLOOKUP(C1138,BNCDADOS!$A:$G,2,0))","v":"CURVA 90°, FOFO, FLANGES, PN16, DN 150MM"},{"$f":"IF(C1138=0,\"\",VLOOKUP(C1138,BNCDADOS!$A:$G,3,0))","v":"UN "},22,{"$f":"IF(C1138=0,\"\",VLOOKUP(C1138,BNCDADOS!$A:$G,4,0))","v":490.26},549.09,12079.98,{"$f":"IF(C1138=0,\"\",VLOOKUP(C1138,BNCDADOS!$A:$G,6,0))","v":490.26},575.95000000000005,12670.9,{"$f":"'MC - MATERIAL ADUTORA - 1-3'!M143","v":22}]
["4.5.2.3",{"$f":"IF(C1139=0,\"\",VLOOKUP(C1139,BNCDADOS!$A:$H,8,0))","v":0},"FF119",{"$f":"IF(C1139=0,\"\",VLOOKUP(C1139,BNCDADOS!$A:$G,2,0))","v":"REDUÇÃO CONCÊNTRICA, FOFO, FLANGES, PN25, DN 200-100MM"},{"$f":"IF(C1139=0,\"\",VLOOKUP(C1139,BNCDADOS!$A:$G,3,0))","v":"UN "},18,{"$f":"IF(C1139=0,\"\",VLOOKUP(C1139,BNCDADOS!$A:$G,4,0))","v":2170.27},2430.6999999999998,43752.6,{"$f":"IF(C1139=0,\"\",VLOOKUP(C1139,BNCDADOS!$A:$G,6,0))","v":2170.27},2549.63,45893.34,{"$f":"'MC - MATERIAL ADUTORA - 1-3'!M145","v":18}]
["4.5.2.4",{"$f":"IF(C1140=0,\"\",VLOOKUP(C1140,BNCDADOS!$A:$H,8,0))","v":0},"FF52",{"$f":"IF(C1140=0,\"\",VLOOKUP(C1140,BNCDADOS!$A:$G,2,0))","v":"REDUÇÃO EXCÊNTRICA, FOFO, FLANGES, PN16, DN 200-150MM"},{"$f":"IF(C1140=0,\"\",VLOOKUP(C1140,BNCDADOS!$A:$G,3,0))","v":"UN "},22,{"$f":"IF(C1140=0,\"\",VLOOKUP(C1140,BNCDADOS!$A:$G,4,0))","v":790.09333333333325},884.9,19467.8,{"$f":"IF(C1140=0,\"\",VLOOKUP(C1140,BNCDADOS!$A:$G,6,0))","v":790.09333333333325},928.2,20420.400000000001,{"$f":"'MC - MATERIAL ADUTORA - 1-3'!M144","v":22}]
["4.5.2.5",{"$f":"IF(C1141=0,\"\",VLOOKUP(C1141,BNCDADOS!$A:$H,8,0))","v":0},"VG03",{"$f":"IF(C1141=0,\"\",VLOOKUP(C1141,BNCDADOS!$A:$G,2,0))","v":"VÁLVULA GAVETA, FLANGES, CORPO CURTO, VOLANTE E CUNHA DE BORRACHA, DN 100MM"},{"$f":"IF(C1141=0,\"\",VLOOKUP(C1141,BNCDADOS!$A:$G,3,0))","v":"UN "},18,{"$f":"IF(C1141=0,\"\",VLOOKUP(C1141,BNCDADOS!$A:$G,4,0))","v":946.02},1059.54,19071.72,{"$f":"IF(C1141=0,\"\",VLOOKUP(C1141,BNCDADOS!$A:$G,6,0))","v":946.02},1111.3800000000001,20004.84,{"$f":"'MC - MATERIAL ADUTORA - 1-3'!M153","v":18}]
["4.5.2.6",{"$f":"IF(C1142=0,\"\",VLOOKUP(C1142,BNCDADOS!$A:$H,8,0))","v":0},"VG04",{"$f":"IF(C1142=0,\"\",VLOOKUP(C1142,BNCDADOS!$A:$G,2,0))","v":"VÁLVULA GAVETA, FLANGES, CORPO CURTO, VOLANTE E CUNHA DE BORRACHA, DN 150MM"},{"$f":"IF(C1142=0,\"\",VLOOKUP(C1142,BNCDADOS!$A:$G,3,0))","v":"UN "},22,{"$f":"IF(C1142=0,\"\",VLOOKUP(C1142,BNCDADOS!$A:$G,4,0))","v":1782.29},1996.16,43915.519999999997,{"$f":"IF(C1142=0,\"\",VLOOKUP(C1142,BNCDADOS!$A:$G,6,0))","v":1782.29},2093.83,46064.26,{"$f":"'MC - MATERIAL ADUTORA - 1-3'!M154","v":22}]
["4.5.2.7",{"$f":"IF(C1143=0,\"\",VLOOKUP(C1143,BNCDADOS!$A:$H,8,0))","v":0},"VT01",{"$f":"IF(C1143=0,\"\",VLOOKUP(C1143,BNCDADOS!$A:$G,2,0))","v":"VENTOSA TRÍPLICE FUNÇÃO, FOFO, FLANGE, PN10, DN 50MM"},{"$f":"IF(C1143=0,\"\",VLOOKUP(C1143,BNCDADOS!$A:$G,3,0))","v":"UN "},18,{"$f":"IF(C1143=0,\"\",VLOOKUP(C1143,BNCDADOS!$A:$G,4,0))","v":917.58},1027.68,18498.240000000002,{"$f":"IF(C1143=0,\"\",VLOOKUP(C1143,BNCDADOS!$A:$G,6,0))","v":917.58},1077.97,19403.46,{"$f":"'MC - MATERIAL ADUTORA - 1-3'!M156","v":18}]
["4.5.2.8",{"$f":"IF(C1144=0,\"\",VLOOKUP(C1144,BNCDADOS!$A:$H,8,0))","v":0},"FF101",{"$f":"IF(C1144=0,\"\",VLOOKUP(C1144,BNCDADOS!$A:$G,2,0))","v":"PARAFUSO PARA FLANGES, PN10, 16X80"},{"$f":"IF(C1144=0,\"\",VLOOKUP(C1144,BNCDADOS!$A:$G,3,0))","v":"UN "},288,{"$f":"IF(C1144=0,\"\",VLOOKUP(C1144,BNCDADOS!$A:$G,4,0))","v":8.23},9.2100000000000009,2652.48,{"$f":"IF(C1144=0,\"\",VLOOKUP(C1144,BNCDADOS!$A:$G,6,0))","v":8.23},9.66,2782.08,{"$f":"'MC - MATERIAL ADUTORA - 1-3'!M147","v":288}]
["4.5.2.9",{"$f":"IF(C1145=0,\"\",VLOOKUP(C1145,BNCDADOS!$A:$H,8,0))","v":0},"FF102",{"$f":"IF(C1145=0,\"\",VLOOKUP(C1145,BNCDADOS!$A:$G,2,0))","v":"PARAFUSO PARA FLANGES, PN10, 20X90"},{"$f":"IF(C1145=0,\"\",VLOOKUP(C1145,BNCDADOS!$A:$G,3,0))","v":"UN "},216,{"$f":"IF(C1145=0,\"\",VLOOKUP(C1145,BNCDADOS!$A:$G,4,0))","v":20},22.4,4838.3999999999996,{"$f":"IF(C1145=0,\"\",VLOOKUP(C1145,BNCDADOS!$A:$G,6,0))","v":20},23.49,5073.84,{"$f":"'MC - MATERIAL ADUTORA - 1-3'!M148","v":216}]
["4.5.2.10",{"$f":"IF(C1146=0,\"\",VLOOKUP(C1146,BNCDADOS!$A:$H,8,0))","v":0},"FF94",{"$f":"IF(C1146=0,\"\",VLOOKUP(C1146,BNCDADOS!$A:$G,2,0))","v":"ARRUELA DE BORRACHA PARA FLANGES, DN 100MM"},{"$f":"IF(C1146=0,\"\",VLOOKUP(C1146,BNCDADOS!$A:$G,3,0))","v":"UN "},36,{"$f":"IF(C1146=0,\"\",VLOOKUP(C1146,BNCDADOS!$A:$G,4,0))","v":6.83},7.64,275.04000000000002,{"$f":"IF(C1146=0,\"\",VLOOKUP(C1146,BNCDADOS!$A:$G,6,0))","v":6.83},8.02,288.72000000000003,{"$f":"'MC - MATERIAL ADUTORA - 1-3'!M149","v":36}]
["4.5.2.11",{"$f":"IF(C1147=0,\"\",VLOOKUP(C1147,BNCDADOS!$A:$H,8,0))","v":0},"FF95",{"$f":"IF(C1147=0,\"\",VLOOKUP(C1147,BNCDADOS!$A:$G,2,0))","v":"ARRUELA DE BORRACHA PARA FLANGES, DN 150MM"},{"$f":"IF(C1147=0,\"\",VLOOKUP(C1147,BNCDADOS!$A:$G,3,0))","v":"UN "},66,{"$f":"IF(C1147=0,\"\",VLOOKUP(C1147,BNCDADOS!$A:$G,4,0))","v":8.31},9.3000000000000007,613.79999999999995,{"$f":"IF(C1147=0,\"\",VLOOKUP(C1147,BNCDADOS!$A:$G,6,0))","v":8.31},9.76,644.16,{"$f":"'MC - MATERIAL ADUTORA - 1-3'!M150","v":66}]
["4.5.2.12",{"$f":"IF(C1148=0,\"\",VLOOKUP(C1148,BNCDADOS!$A:$H,8,0))","v":0},"FF96",{"$f":"IF(C1148=0,\"\",VLOOKUP(C1148,BNCDADOS!$A:$G,2,0))","v":"ARRUELA DE BORRACHA PARA FLANGES, DN 200MM"},{"$f":"IF(C1148=0,\"\",VLOOKUP(C1148,BNCDADOS!$A:$G,3,0))","v":"UN "},40,{"$f":"IF(C1148=0,\"\",VLOOKUP(C1148,BNCDADOS!$A:$G,4,0))","v":11.23},12.57,502.8,{"$f":"IF(C1148=0,\"\",VLOOKUP(C1148,BNCDADOS!$A:$G,6,0))","v":11.23},13.19,527.6,{"$f":"'MC - MATERIAL ADUTORA - 1-3'!M151","v":40}]
["4.5.3",{"$f":"IF(C1149=0,\"\",VLOOKUP(C1149,[142]BNCDADOS!$A:$G,8,0))","v":""},null,"SUB ADUTORA TRECHO 03 - NOVA CRUZ",{"$f":"IF(C1149=0,\"\",VLOOKUP(C1149,[142]BNCDADOS!$A:$G,3,0))","v":""},null,{"$f":"IF(C1149=0,\"\",VLOOKUP(C1149,[142]BNCDADOS!$A:$G,4,0))","v":""},{"$f":"IF(C1149=0,\"\",VLOOKUP(C1149,[142]BNCDADOS!$A:$G,5,0))","v":""},{"$f":"SUM(I1150:I1162)","v":1703962.88},{"$f":"IF(C1149=0,\"\",VLOOKUP(C1149,[142]BNCDADOS!$A:$G,6,0))","v":""},{"$f":"IF(C1149=0,\"\",VLOOKUP(C1149,[142]BNCDADOS!$A:$G,7,0))","v":""},{"$f":"SUM(L1150:L1162)","v":1787320.5999999999},0]
["4.5.3.1",{"$f":"IF(C1150=0,\"\",VLOOKUP(C1150,BNCDADOS!$A:$H,8,0))","v":0},"TBPFRV05",{"$f":"IF(C1150=0,\"\",VLOOKUP(C1150,BNCDADOS!$A:$G,2,0))","v":"TUBO PVC-PRFV, PN16, 10.000 N/m², DN 350"},{"$f":"IF(C1150=0,\"\",VLOOKUP(C1150,BNCDADOS!$A:$G,3,0))","v":"M"},2022,{"$f":"IF(C1150=0,\"\",VLOOKUP(C1150,BNCDADOS!$A:$G,4,0))","v":718.93},{"$f":"TRUNC(G1150*(1+$I$5),2)","v":805.2},{"$f":"IF(H1150=\"\",0,TRUNC(H1150*F1150,2))","v":1628114.4},{"$f":"IF(C1150=0,\"\",VLOOKUP(C1150,BNCDADOS!$A:$G,6,0))","v":718.93},{"$f":"TRUNC(J1150*(1+$L$5),2)","v":844.59},{"$f":"IF(K1150=\"\",0,TRUNC(K1150*F1150,2))","v":1707760.98},{"$f":"P1150*6","v":2022},{"$f":"SUMIF(#REF!,Orçamento!A1150,#REF!)","v":{"$error":"#REF!"}},{"$f":"ROUND('MC - SERVIÇO ADUTORA - 1-3'!E353*1.05,0)","v":2024},{"$f":"TRUNC(O1150/6,0)","v":337}]
["4.5.3.2",{"$f":"IF(C1151=0,\"\",VLOOKUP(C1151,BNCDADOS!$A:$H,8,0))","v":0},"FF148",{"$f":"IF(C1151=0,\"\",VLOOKUP(C1151,BNCDADOS!$A:$G,2,0))","v":"TÊ COM FLANGES EM FERRO FUNDIDO PN 16 - DN 700mm"},{"$f":"IF(C1151=0,\"\",VLOOKUP(C1151,BNCDADOS!$A:$G,3,0))","v":"UN "},1,{"$f":"IF(C1151=0,\"\",VLOOKUP(C1151,BNCDADOS!$A:$G,4,0))","v":10806.74},12103.54,12103.54,{"$f":"IF(C1151=0,\"\",VLOOKUP(C1151,BNCDADOS!$A:$G,6,0))","v":10806.74},12695.75,12695.75,{"$f":"'MC - MATERIAL ADUTORA - 1-3'!E161","v":1}]
["4.5.3.3",{"$f":"IF(C1152=0,\"\",VLOOKUP(C1152,BNCDADOS!$A:$H,8,0))","v":0},"FF151",{"$f":"IF(C1152=0,\"\",VLOOKUP(C1152,BNCDADOS!$A:$G,2,0))","v":"REDUÇÃO COM FLANGES EM FERRO FUNDIDO PN 16 - DN 700x600mm"},{"$f":"IF(C1152=0,\"\",VLOOKUP(C1152,BNCDADOS!$A:$G,3,0))","v":"UN "},1,{"$f":"IF(C1152=0,\"\",VLOOKUP(C1152,BNCDADOS!$A:$G,4,0))","v":4479.8500000000004},5017.43,5017.43,{"$f":"IF(C1152=0,\"\",VLOOKUP(C1152,BNCDADOS!$A:$G,6,0))","v":4479.8500000000004},5262.92,5262.92,{"$f":"'MC - MATERIAL ADUTORA - 1-3'!E162","v":1}]
["4.5.3.4",{"$f":"IF(C1153=0,\"\",VLOOKUP(C1153,BNCDADOS!$A:$H,8,0))","v":0},"FF149",{"$f":"IF(C1153=0,\"\",VLOOKUP(C1153,BNCDADOS!$A:$G,2,0))","v":"REDUÇÃO COM FLANGES EM FERRO FUNDIDO PN 16 - DN 600x400mm"},{"$f":"IF(C1153=0,\"\",VLOOKUP(C1153,BNCDADOS!$A:$G,3,0))","v":"UN "},1,{"$f":"IF(C1153=0,\"\",VLOOKUP(C1153,BNCDADOS!$A:$G,4,0))","v":3447.23},3860.89,3860.89,{"$f":"IF(C1153=0,\"\",VLOOKUP(C1153,BNCDADOS!$A:$G,6,0))","v":3447.23},4049.8,4049.8,{"$f":"'MC - MATERIAL ADUTORA - 1-3'!E163","v":1}]
["4.5.3.5",{"$f":"IF(C1154=0,\"\",VLOOKUP(C1154,BNCDADOS!$A:$H,8,0))","v":0},"FF150",{"$f":"IF(C1154=0,\"\",VLOOKUP(C1154,BNCDADOS!$A:$G,2,0))","v":"REDUÇÃO COM FLANGES EM FERRO FUNDIDO PN 16 - DN 400x350mm"},{"$f":"IF(C1154=0,\"\",VLOOKUP(C1154,BNCDADOS!$A:$G,3,0))","v":"UN "},1,{"$f":"IF(C1154=0,\"\",VLOOKUP(C1154,BNCDADOS!$A:$G,4,0))","v":2035.57},2279.83,2279.83,{"$f":"IF(C1154=0,\"\",VLOOKUP(C1154,BNCDADOS!$A:$G,6,0))","v":2035.57},2391.38,2391.38,{"$f":"'MC - MATERIAL ADUTORA - 1-3'!E164","v":1}]
["4.5.3.6",{"$f":"IF(C1155=0,\"\",VLOOKUP(C1155,BNCDADOS!$A:$H,8,0))","v":0},"FF139",{"$f":"IF(C1155=0,\"\",VLOOKUP(C1155,BNCDADOS!$A:$G,2,0))","v":"EXTREMIDADE, FOFO, FLANGE/BOLSA, PN25, DN 700MM"},{"$f":"IF(C1155=0,\"\",VLOOKUP(C1155,BNCDADOS!$A:$G,3,0))","v":"UN "},2,{"$f":"IF(C1155=0,\"\",VLOOKUP(C1155,BNCDADOS!$A:$G,4,0))","v":8319.84},9318.2199999999993,18636.439999999999,{"$f":"IF(C1155=0,\"\",VLOOKUP(C1155,BNCDADOS!$A:$G,6,0))","v":8319.84},9774.14,19548.28,{"$f":"'MC - MATERIAL ADUTORA - 1-3'!E165","v":2}]
["4.5.3.7",{"$f":"IF(C1156=0,\"\",VLOOKUP(C1156,BNCDADOS!$A:$H,8,0))","v":0},"FF152",{"$f":"IF(C1156=0,\"\",VLOOKUP(C1156,BNCDADOS!$A:$G,2,0))","v":"EXTREMIDADE COM FLANGES E BOLSA EM FERRO FUNDIDO PN 16 - DN 350mm"},{"$f":"IF(C1156=0,\"\",VLOOKUP(C1156,BNCDADOS!$A:$G,3,0))","v":"UN "},1,{"$f":"IF(C1156=0,\"\",VLOOKUP(C1156,BNCDADOS!$A:$G,4,0))","v":1374.36},1539.28,1539.28,{"$f":"IF(C1156=0,\"\",VLOOKUP(C1156,BNCDADOS!$A:$G,6,0))","v":1374.36},1614.59,1614.59,{"$f":"'MC - MATERIAL ADUTORA - 1-3'!E166","v":1}]
["4.5.3.8",{"$f":"IF(C1157=0,\"\",VLOOKUP(C1157,BNCDADOS!$A:$H,8,0))","v":0},"FF153",{"$f":"IF(C1157=0,\"\",VLOOKUP(C1157,BNCDADOS!$A:$G,2,0))","v":"EXTREMIDADE FLANGE E PONTA COM ABA DE VEDAÇÃO PN 16 - DN 350mm"},{"$f":"IF(C1157=0,\"\",VLOOKUP(C1157,BNCDADOS!$A:$G,3,0))","v":"UN "},2,{"$f":"IF(C1157=0,\"\",VLOOKUP(C1157,BNCDADOS!$A:$G,4,0))","v":2757.14},3087.99,6175.98,{"$f":"IF(C1157=0,\"\",VLOOKUP(C1157,BNCDADOS!$A:$G,6,0))","v":2757.14},3239.08,6478.16,{"$f":"'MC - MATERIAL ADUTORA - 1-3'!E167","v":2}]
["4.5.3.9",{"$f":"IF(C1158=0,\"\",VLOOKUP(C1158,BNCDADOS!$A:$H,8,0))","v":0},"FF154",{"$f":"IF(C1158=0,\"\",VLOOKUP(C1158,BNCDADOS!$A:$G,2,0))","v":"LUVA EM FoFo COM BOLSAS E JUNTA ELÁSTICA PN16 - DN 350mm "},{"$f":"IF(C1158=0,\"\",VLOOKUP(C1158,BNCDADOS!$A:$G,3,0))","v":"UN "},1,{"$f":"IF(C1158=0,\"\",VLOOKUP(C1158,BNCDADOS!$A:$G,4,0))","v":1945.89},2179.39,2179.39,{"$f":"IF(C1158=0,\"\",VLOOKUP(C1158,BNCDADOS!$A:$G,6,0))","v":1945.89},2286.0300000000002,2286.0300000000002,{"$f":"'MC - MATERIAL ADUTORA - 1-3'!M161","v":1}]
["4.5.3.10",{"$f":"IF(C1159=0,\"\",VLOOKUP(C1159,BNCDADOS!$A:$H,8,0))","v":0},"FF155",{"$f":"IF(C1159=0,\"\",VLOOKUP(C1159,BNCDADOS!$A:$G,2,0))","v":"CURVA DE 90° EM FoFo COM BOLSAS E JUNTA ELÁSTICA PN16 - DN 350mm"},{"$f":"IF(C1159=0,\"\",VLOOKUP(C1159,BNCDADOS!$A:$G,3,0))","v":"UN "},2,{"$f":"IF(C1159=0,\"\",VLOOKUP(C1159,BNCDADOS!$A:$G,4,0))","v":2443.9699999999998},2737.24,5474.48,{"$f":"IF(C1159=0,\"\",VLOOKUP(C1159,BNCDADOS!$A:$G,6,0))","v":2443.9699999999998},2871.17,5742.34,{"$f":"'MC - MATERIAL ADUTORA - 1-3'!M162","v":2}]
["4.5.3.11",{"$f":"IF(C1160=0,\"\",VLOOKUP(C1160,BNCDADOS!$A:$H,8,0))","v":0},"FF156",{"$f":"IF(C1160=0,\"\",VLOOKUP(C1160,BNCDADOS!$A:$G,2,0))","v":"CURVA DE 11° EM FoFo COM BOLSAS E JUNTA ELÁSTICA PN16 - DN 350mm"},{"$f":"IF(C1160=0,\"\",VLOOKUP(C1160,BNCDADOS!$A:$G,3,0))","v":"UN "},1,{"$f":"IF(C1160=0,\"\",VLOOKUP(C1160,BNCDADOS!$A:$G,4,0))","v":1010.38},1131.6199999999999,1131.6199999999999,{"$f":"IF(C1160=0,\"\",VLOOKUP(C1160,BNCDADOS!$A:$G,6,0))","v":1010.38},1186.99,1186.99,{"$f":"'MC - MATERIAL ADUTORA - 1-3'!M163","v":1}]
["4.5.3.12",{"$f":"IF(C1161=0,\"\",VLOOKUP(C1161,BNCDADOS!$A:$H,8,0))","v":0},"VG11",{"$f":"IF(C1161=0,\"\",VLOOKUP(C1161,BNCDADOS!$A:$G,2,0))","v":"VÁLVULA DE GAVETA COM FLANGES, CORPO CURTO C/ VOLANTE PN 16 - DN 350mm"},{"$f":"IF(C1161=0,\"\",VLOOKUP(C1161,BNCDADOS!$A:$G,3,0))","v":"UN "},1,{"$f":"IF(C1161=0,\"\",VLOOKUP(C1161,BNCDADOS!$A:$G,4,0))","v":10080},11289.6,11289.6,{"$f":"IF(C1161=0,\"\",VLOOKUP(C1161,BNCDADOS!$A:$G,6,0))","v":10080},11841.98,11841.98,{"$f":"'MC - MATERIAL ADUTORA - 1-3'!M164","v":1}]
["4.5.3.13",{"$f":"IF(C1162=0,\"\",VLOOKUP(C1162,BNCDADOS!$A:$H,8,0))","v":0},"VRP01",{"$f":"IF(C1162=0,\"\",VLOOKUP(C1162,BNCDADOS!$A:$G,2,0))","v":"VÁLVULA REDUTORA DE PRESSÃO PN16 - 50Mpa -  DN 350/400MM "},{"$f":"IF(C1162=0,\"\",VLOOKUP(C1162,BNCDADOS!$A:$G,3,0))","v":"UN "},1,{"$f":"IF(C1162=0,\"\",VLOOKUP(C1162,BNCDADOS!$A:$G,4,0))","v":5500},6160,6160,{"$f":"IF(C1162=0,\"\",VLOOKUP(C1162,BNCDADOS!$A:$G,6,0))","v":5500},6461.4,6461.4,{"$f":"'MC - MATERIAL ADUTORA - 1-3'!M165","v":1}]
["4.6",null,null,"EQUIPAMENTOS_TRECHO 03 - MONTANHAS A NOVA CRUZ",{"$nulls":4},{"$f":"SUM(I1164,I1169)","v":2089793.12},null,null,{"$f":"SUM(L1164,L1169)","v":2192043.71}]
["4.6.1",{"$f":"IF(C1164=0,\"\",VLOOKUP(C1164,[142]BNCDADOS!$A:$G,8,0))","v":""},null,"EQUIPAMENTO MECÂNICOS",{"$f":"IF(C1164=0,\"\",VLOOKUP(C1164,[142]BNCDADOS!$A:$G,3,0))","v":""},null,{"$f":"IF(C1164=0,\"\",VLOOKUP(C1164,[142]BNCDADOS!$A:$G,4,0))","v":""},{"$f":"IF(C1164=0,\"\",VLOOKUP(C1164,[142]BNCDADOS!$A:$G,5,0))","v":""},{"$f":"SUM(I1166:I1168)","v":1685160.51},{"$f":"IF(C1164=0,\"\",VLOOKUP(C1164,[142]BNCDADOS!$A:$G,6,0))","v":""},{"$f":"IF(C1164=0,\"\",VLOOKUP(C1164,[142]BNCDADOS!$A:$G,7,0))","v":""},{"$f":"SUM(L1166:L1168)","v":1767612.9900000002},0]
[null,{"$f":"IF(C1165=0,\"\",VLOOKUP(C1165,[142]BNCDADOS!$A:$G,8,0))","v":""},null,"EEAT 03 - NOVA CRUZ A SANTO ANTÔNIO",{"$f":"IF(C1165=0,\"\",VLOOKUP(C1165,[142]BNCDADOS!$A:$G,3,0))","v":""},{"$f":"TRUNC(M1165,2)","v":0},{"$f":"IF(C1165=0,\"\",VLOOKUP(C1165,[142]BNCDADOS!$A:$G,4,0))","v":""}]
["4.6.1.1",{"$f":"IF(C1166=0,\"\",VLOOKUP(C1166,BNCDADOS!$A:$H,8,0))","v":0},"B05",{"$f":"IF(C1166=0,\"\",VLOOKUP(C1166,BNCDADOS!$A:$G,2,0))","v":"BOMBA CENTRÍFUGA DE EIXO HORIZONTAL, Q=144,02 L/S, AMT=73,58 mca (EEAT-NOVA CRUZ_SANTO ANTÔNIO)"},{"$f":"IF(C1166=0,\"\",VLOOKUP(C1166,BNCDADOS!$A:$G,3,0))","v":"UN "},2,{"$f":"IF(C1166=0,\"\",VLOOKUP(C1166,BNCDADOS!$A:$G,4,0))","v":162965.25},{"$f":"TRUNC(G1166*(1+$I$5),2)","v":182521.08},{"$f":"IF(H1166=\"\",0,TRUNC(H1166*F1166,2))","v":365042.16},{"$f":"IF(C1166=0,\"\",VLOOKUP(C1166,BNCDADOS!$A:$G,6,0))","v":162965.25},{"$f":"TRUNC(J1166*(1+$L$5),2)","v":191451.57},{"$f":"IF(K1166=\"\",0,TRUNC(K1166*F1166,2))","v":382903.14},2]
[null,{"$f":"IF(C1167=0,\"\",VLOOKUP(C1167,[142]BNCDADOS!$A:$G,8,0))","v":""},null,"EEAT 03 - NOVA CRUZ A PASSA E FICA",{"$f":"IF(C1167=0,\"\",VLOOKUP(C1167,[142]BNCDADOS!$A:$G,3,0))","v":""},{"$f":"TRUNC(M1167,2)","v":0},{"$f":"IF(C1167=0,\"\",VLOOKUP(C1167,[142]BNCDADOS!$A:$G,4,0))","v":""}]
["4.6.1.2",{"$f":"IF(C1168=0,\"\",VLOOKUP(C1168,BNCDADOS!$A:$H,8,0))","v":0},"B06",{"$f":"IF(C1168=0,\"\",VLOOKUP(C1168,BNCDADOS!$A:$G,2,0))","v":"BOMBA CENTRÍFUGA DE EIXO HORIZONTAL, Q=238,18 L/S, AMT=90,00 mca (EEAT-NOVA CRUZ_PASSA E FICA)"},{"$f":"IF(C1168=0,\"\",VLOOKUP(C1168,BNCDADOS!$A:$G,3,0))","v":"UN "},{"$f":"TRUNC(M1168,2)","v":3},{"$f":"IF(C1168=0,\"\",VLOOKUP(C1168,BNCDADOS!$A:$G,4,0))","v":392892.37},{"$f":"TRUNC(G1168*(1+$I$5),2)","v":440039.45},{"$f":"IF(H1168=\"\",0,TRUNC(H1168*F1168,2))","v":1320118.3500000001},{"$f":"IF(C1168=0,\"\",VLOOKUP(C1168,BNCDADOS!$A:$G,6,0))","v":392892.37},{"$f":"TRUNC(J1168*(1+$L$5),2)","v":461569.95},{"$f":"IF(K1168=\"\",0,TRUNC(K1168*F1168,2))","v":1384709.85},3]
["4.6.2",{"$f":"IF(C1169=0,\"\",VLOOKUP(C1169,[142]BNCDADOS!$A:$G,8,0))","v":""},null,"EQUIPAMENTO ELÉTRICOS",{"$f":"IF(C1169=0,\"\",VLOOKUP(C1169,[142]BNCDADOS!$A:$G,3,0))","v":""},null,{"$f":"IF(C1169=0,\"\",VLOOKUP(C1169,[142]BNCDADOS!$A:$G,4,0))","v":""},{"$f":"IF(C1169=0,\"\",VLOOKUP(C1169,[142]BNCDADOS!$A:$G,5,0))","v":""},{"$f":"SUM(I1171:I1174)","v":404632.61},{"$f":"IF(C1169=0,\"\",VLOOKUP(C1169,[142]BNCDADOS!$A:$G,6,0))","v":""},{"$f":"IF(C1169=0,\"\",VLOOKUP(C1169,[142]BNCDADOS!$A:$G,7,0))","v":""},{"$f":"SUM(L1171:L1174)","v":424430.72},0]
[null,{"$f":"IF(C1170=0,\"\",VLOOKUP(C1170,[142]BNCDADOS!$A:$G,8,0))","v":""},null,"EEAT 03 - NOVA CRUZ A SANTO ANTÔNIO",{"$f":"IF(C1170=0,\"\",VLOOKUP(C1170,[142]BNCDADOS!$A:$G,3,0))","v":""},{"$f":"TRUNC(M1170,2)","v":0},{"$f":"IF(C1170=0,\"\",VLOOKUP(C1170,[142]BNCDADOS!$A:$G,4,0))","v":""}]
["4.6.2.1",{"$f":"IF(C1171=0,\"\",VLOOKUP(C1171,BNCDADOS!$A:$H,8,0))","v":0},"QC05",{"$f":"IF(C1171=0,\"\",VLOOKUP(C1171,BNCDADOS!$A:$G,2,0))","v":"QUADRO DE COMANDO, C/ SISTEMA DE VARIACAO DE VELOCIDADE, TIPO INVERSOR DE FREQUENCIA, P/ QUARO MOTORES TRIFASICOS DE 200 CV, 380V, SENDO O ESQUEMA 1+1"},{"$f":"IF(C1171=0,\"\",VLOOKUP(C1171,BNCDADOS!$A:$G,3,0))","v":"UN "},1,{"$f":"IF(C1171=0,\"\",VLOOKUP(C1171,BNCDADOS!$A:$G,4,0))","v":82958.880000000005},{"$f":"TRUNC(G1171*(1+$I$5),2)","v":92913.94},{"$f":"IF(H1171=\"\",0,TRUNC(H1171*F1171,2))","v":92913.94},{"$f":"IF(C1171=0,\"\",VLOOKUP(C1171,BNCDADOS!$A:$G,6,0))","v":82958.880000000005},{"$f":"TRUNC(J1171*(1+$L$5),2)","v":97460.09},{"$f":"IF(K1171=\"\",0,TRUNC(K1171*F1171,2))","v":97460.09},1]
[null,{"$f":"IF(C1172=0,\"\",VLOOKUP(C1172,[142]BNCDADOS!$A:$G,8,0))","v":""},null,"EEAT 03 - NOVA CRUZ A PASSA E FICA",{"$f":"IF(C1172=0,\"\",VLOOKUP(C1172,[142]BNCDADOS!$A:$G,3,0))","v":""},{"$f":"TRUNC(M1172,2)","v":0},{"$f":"IF(C1172=0,\"\",VLOOKUP(C1172,[142]BNCDADOS!$A:$G,4,0))","v":""}]
["4.6.2.2",{"$f":"IF(C1173=0,\"\",VLOOKUP(C1173,BNCDADOS!$A:$H,8,0))","v":0},"QC06",{"$f":"IF(C1173=0,\"\",VLOOKUP(C1173,BNCDADOS!$A:$G,2,0))","v":"QUADRO DE COMANDO, C/ SISTEMA DE VARIACAO DE VELOCIDADE, TIPO INVERSOR DE FREQUENCIA, P/ QUARO MOTORES TRIFASICOS DE 400 CV, 380V, SENDO O ESQUEMA 2+1"},{"$f":"IF(C1173=0,\"\",VLOOKUP(C1173,BNCDADOS!$A:$G,3,0))","v":"UN "},{"$f":"TRUNC(M1173,2)","v":1},{"$f":"IF(C1173=0,\"\",VLOOKUP(C1173,BNCDADOS!$A:$G,4,0))","v":133059.39000000001},{"$f":"TRUNC(G1173*(1+$I$5),2)","v":149026.51},{"$f":"IF(H1173=\"\",0,TRUNC(H1173*F1173,2))","v":149026.51},{"$f":"IF(C1173=0,\"\",VLOOKUP(C1173,BNCDADOS!$A:$G,6,0))","v":133059.39000000001},{"$f":"TRUNC(J1173*(1+$L$5),2)","v":156318.17000000001},{"$f":"IF(K1173=\"\",0,TRUNC(K1173*F1173,2))","v":156318.17000000001},1]
["4.6.2.3",{"$f":"IF(C1174=0,\"\",VLOOKUP(C1174,BNCDADOS!$A:$H,8,0))","v":0},"TRF01",{"$f":"IF(C1174=0,\"\",VLOOKUP(C1174,BNCDADOS!$A:$G,2,0))","v":"TRANSFORMADOR TRIFÁSICO A ÓLEO, 500KVA-13.8KV-380/220V- Y-60Hz"},{"$f":"IF(C1174=0,\"\",VLOOKUP(C1174,BNCDADOS!$A:$G,3,0))","v":"UN "},2,{"$f":"IF(C1174=0,\"\",VLOOKUP(C1174,BNCDADOS!$A:$G,4,0))","v":72630.433333333334},81346.080000000002,162692.16,{"$f":"IF(C1174=0,\"\",VLOOKUP(C1174,BNCDADOS!$A:$G,6,0))","v":72630.433333333334},85326.23,170652.46,1]
[]
["5.",null,null,"TRECHO 04 - NOVA CRUZ À SERRINHA",{"$nulls":4},{"$f":"SUM(I1177,I1224,I1284,I1424,I1497,I1570,I1589,I1627,I1675)","v":38031035.589999996},null,null,{"$f":"SUM(L1177,L1224,L1284,L1424,L1497,L1570,L1589,L1627,L1675)","v":39329240.539999999}]
["5.1",null,null,"SERVIÇOS_ADUTORA TRECHO 04.01_NOVA CRUZ Ä EEAT 04 (STO ANTÔNIO)",{"$nulls":4},{"$f":"SUM(I1178,I1188,I1208,I1216,I1220,I1201)","v":7892989.2600000016},null,null,{"$f":"SUM(L1178,L1188,L1208,L1216,L1220,L1201)","v":7971094.120000001}]
["5.1.1",{"$f":"IF(C1178=0,\"\",VLOOKUP(C1178,BNCDADOS!$A:$G,8,0))","v":""},null,"SERVIÇOS PRELIMINARES",{"$f":"IF(C1178=0,\"\",VLOOKUP(C1178,BNCDADOS!$A:$G,3,0))","v":""},{"$f":"TRUNC(M1178,2)","v":0},{"$f":"IF(C1178=0,\"\",VLOOKUP(C1178,BNCDADOS!$A:$G,4,0))","v":""},{"$f":"IF(C1178=0,\"\",VLOOKUP(C1178,BNCDADOS!$A:$G,5,0))","v":""},{"$f":"SUM(I1179:I1187)","v":454860.94999999995},{"$f":"IF(C1178=0,\"\",VLOOKUP(C1178,BNCDADOS!$A:$G,6,0))","v":""},{"$f":"IF(C1178=0,\"\",VLOOKUP(C1178,BNCDADOS!$A:$G,7,0))","v":""},{"$f":"SUM(L1179:L1187)","v":455387.04999999993}]
["5.1.1.1",{"$f":"IF(C1179=0,\"\",VLOOKUP(C1179,BNCDADOS!$A:$H,8,0))","v":"caern"},2010050,{"$f":"IF(C1179=0,\"\",VLOOKUP(C1179,BNCDADOS!$A:$G,2,0))","v":"LOCAÇÃO DE ADUTORAS, COLETORES TRONCO E INTERCEPTORES - COM AUXÍLIO DE EQUIPAMENTO TOPOGRÁFICO. R_11/2018"},{"$f":"IF(C1179=0,\"\",VLOOKUP(C1179,BNCDADOS!$A:$G,3,0))","v":"M"},21674.46,{"$f":"IF(C1179=0,\"\",VLOOKUP(C1179,BNCDADOS!$A:$G,4,0))","v":2.56},{"$f":"IF(C1179=0,\"\",VLOOKUP(C1179,BNCDADOS!$A:$G,5,0))","v":3.16},{"$f":"IF(H1179=\"\",0,TRUNC(H1179*F1179,2))","v":68491.289999999994},{"$f":"IF(C1179=0,\"\",VLOOKUP(C1179,BNCDADOS!$A:$G,6,0))","v":2.2400000000000002},{"$f":"IF(C1179=0,\"\",VLOOKUP(C1179,BNCDADOS!$A:$G,7,0))","v":2.91},{"$f":"IF(K1179=\"\",0,TRUNC(K1179*F1179,2))","v":63072.67},{"$f":"SUMIF('MC - TRECHO 04'!A:A,Orçamento!A1179,'MC - TRECHO 04'!R:R)","v":21674.46},{"$f":"'MC - TRECHO 04'!R11","v":21674.46}]
["5.1.1.2",{"$f":"IF(C1180=0,\"\",VLOOKUP(C1180,BNCDADOS!$A:$H,8,0))","v":"SINAPI/RN\nSERVIÇO"},98525,{"$f":"IF(C1180=0,\"\",VLOOKUP(C1180,BNCDADOS!$A:$G,2,0))","v":"LIMPEZA MECANIZADA DE CAMADA VEGETAL, VEGETAÇÃO E PEQUENAS ÁRVORES (DIÂMETRO DE TRONCO MENOR QUE 0,20 M), COM TRATOR DE ESTEIRAS. AF_03/2024"},{"$f":"IF(C1180=0,\"\",VLOOKUP(C1180,BNCDADOS!$A:$G,3,0))","v":"M2"},108676.1,{"$f":"IF(C1180=0,\"\",VLOOKUP(C1180,BNCDADOS!$A:$G,4,0))","v":"0,61"},{"$f":"IF(C1180=0,\"\",VLOOKUP(C1180,BNCDADOS!$A:$G,5,0))","v":0.75},81507.070000000007,{"$f":"IF(C1180=0,\"\",VLOOKUP(C1180,BNCDADOS!$A:$G,6,0))","v":"0,58"},{"$f":"IF(C1180=0,\"\",VLOOKUP(C1180,BNCDADOS!$A:$G,7,0))","v":0.75},81507.070000000007,{"$f":"SUMIF('MC - TRECHO 04'!A:A,Orçamento!A1180,'MC - TRECHO 04'!R:R)","v":108676.1}]
["5.1.1.3",{"$f":"IF(C1181=0,\"\",VLOOKUP(C1181,BNCDADOS!$A:$H,8,0))","v":"caern"},2010053,{"$f":"IF(C1181=0,\"\",VLOOKUP(C1181,BNCDADOS!$A:$G,2,0))","v":"SINALIZAÇÃO DE OBRA COM TELA TAPUME, COR LARANJA, COM SUPORTE A CADA 2M E PLACA DE SINALIZAÇÃO SOBRE CAVALETE. INC_11/2019"},{"$f":"IF(C1181=0,\"\",VLOOKUP(C1181,BNCDADOS!$A:$G,3,0))","v":"M"},43348.92,{"$f":"IF(C1181=0,\"\",VLOOKUP(C1181,BNCDADOS!$A:$G,4,0))","v":4.54},{"$f":"IF(C1181=0,\"\",VLOOKUP(C1181,BNCDADOS!$A:$G,5,0))","v":5.61},243187.44,{"$f":"IF(C1181=0,\"\",VLOOKUP(C1181,BNCDADOS!$A:$G,6,0))","v":4.3899999999999997},{"$f":"IF(C1181=0,\"\",VLOOKUP(C1181,BNCDADOS!$A:$G,7,0))","v":5.7},247088.84,{"$f":"SUMIF('MC - TRECHO 04'!A:A,Orçamento!A1181,'MC - TRECHO 04'!R:R)","v":43348.92}]
["5.1.1.4",{"$f":"IF(C1182=0,\"\",VLOOKUP(C1182,BNCDADOS!$A:$H,8,0))","v":"SINAPI/RN\nSERVIÇO"},97054,{"$f":"IF(C1182=0,\"\",VLOOKUP(C1182,BNCDADOS!$A:$G,2,0))","v":"INSTALAÇÃO DE SINALIZADOR NOTURNO LED. AF_03/2024"},{"$f":"IF(C1182=0,\"\",VLOOKUP(C1182,BNCDADOS!$A:$G,3,0))","v":"UN"},433,{"$f":"IF(C1182=0,\"\",VLOOKUP(C1182,BNCDADOS!$A:$G,4,0))","v":"28,12"},{"$f":"IF(C1182=0,\"\",VLOOKUP(C1182,BNCDADOS!$A:$G,5,0))","v":34.78},15059.74,{"$f":"IF(C1182=0,\"\",VLOOKUP(C1182,BNCDADOS!$A:$G,6,0))","v":"27,08"},{"$f":"IF(C1182=0,\"\",VLOOKUP(C1182,BNCDADOS!$A:$G,7,0))","v":35.19},15237.27,{"$f":"SUMIF('MC - TRECHO 04'!A:A,Orçamento!A1182,'MC - TRECHO 04'!R:R)","v":433}]
["5.1.1.5",{"$f":"IF(C1183=0,\"\",VLOOKUP(C1183,BNCDADOS!$A:$H,8,0))","v":"caern"},2010037,{"$f":"IF(C1183=0,\"\",VLOOKUP(C1183,BNCDADOS!$A:$G,2,0))","v":"SONDAGEM DE INTERFERÊNCIA, ESCAVAÇÃO MANUAL DE VALA DE 0,60M ATÉ 1,30M, EM RUAS SEM PAVIMENTAÇÃO"},{"$f":"IF(C1183=0,\"\",VLOOKUP(C1183,BNCDADOS!$A:$G,3,0))","v":"M"},29.64,{"$f":"IF(C1183=0,\"\",VLOOKUP(C1183,BNCDADOS!$A:$G,4,0))","v":89.34},{"$f":"IF(C1183=0,\"\",VLOOKUP(C1183,BNCDADOS!$A:$G,5,0))","v":110.5},3275.22,{"$f":"IF(C1183=0,\"\",VLOOKUP(C1183,BNCDADOS!$A:$G,6,0))","v":80.78},{"$f":"IF(C1183=0,\"\",VLOOKUP(C1183,BNCDADOS!$A:$G,7,0))","v":104.98},3111.6,{"$f":"SUMIF('MC - TRECHO 04'!A:A,Orçamento!A1183,'MC - TRECHO 04'!R:R)","v":29.64}]
["5.1.1.6",{"$f":"IF(C1184=0,\"\",VLOOKUP(C1184,BNCDADOS!$A:$H,8,0))","v":"caern"},2010036,{"$f":"IF(C1184=0,\"\",VLOOKUP(C1184,BNCDADOS!$A:$G,2,0))","v":"SONDAGEM DE INTERFERÊNCIA, ESCAVAÇÃO MANUAL DE VALA DE 0,60M ATÉ 1,30M, INCLUSIVE DEMOLIÇÃO DE PAVIMENTAÇÃO EM PARALELEPÍPEDO. R_05/2023"},{"$f":"IF(C1184=0,\"\",VLOOKUP(C1184,BNCDADOS!$A:$G,3,0))","v":"M"},{"$f":"TRUNC(M1184,2)","v":1.37},{"$f":"IF(C1184=0,\"\",VLOOKUP(C1184,BNCDADOS!$A:$G,4,0))","v":123.35},{"$f":"IF(C1184=0,\"\",VLOOKUP(C1184,BNCDADOS!$A:$G,5,0))","v":152.57},{"$f":"IF(H1184=\"\",0,TRUNC(H1184*F1184,2))","v":209.02},{"$f":"IF(C1184=0,\"\",VLOOKUP(C1184,BNCDADOS!$A:$G,6,0))","v":112.6},{"$f":"IF(C1184=0,\"\",VLOOKUP(C1184,BNCDADOS!$A:$G,7,0))","v":146.33000000000001},{"$f":"IF(K1184=\"\",0,TRUNC(K1184*F1184,2))","v":200.47},{"$f":"SUMIF('MC - TRECHO 04'!A:A,Orçamento!A1184,'MC - TRECHO 04'!R:R)","v":1.37}]
["5.1.1.7",{"$f":"IF(C1185=0,\"\",VLOOKUP(C1185,BNCDADOS!$A:$H,8,0))","v":"caern"},2010035,{"$f":"IF(C1185=0,\"\",VLOOKUP(C1185,BNCDADOS!$A:$G,2,0))","v":"SONDAGEM DE INTERFERÊNCIA, ESCAVAÇÃO MANUAL DE VALA DE 0,60M ATÉ 1,30M, INCLUSIVE DEMOLIÇÃO DE PAVIMENTAÇÃO ASFÁLTICA. R_05/2023"},{"$f":"IF(C1185=0,\"\",VLOOKUP(C1185,BNCDADOS!$A:$G,3,0))","v":"M"},1.5,{"$f":"IF(C1185=0,\"\",VLOOKUP(C1185,BNCDADOS!$A:$G,4,0))","v":181.57},{"$f":"IF(C1185=0,\"\",VLOOKUP(C1185,BNCDADOS!$A:$G,5,0))","v":224.58},336.87,{"$f":"IF(C1185=0,\"\",VLOOKUP(C1185,BNCDADOS!$A:$G,6,0))","v":169.89},{"$f":"IF(C1185=0,\"\",VLOOKUP(C1185,BNCDADOS!$A:$G,7,0))","v":220.78},331.17,{"$f":"SUMIF('MC - TRECHO 04'!A:A,Orçamento!A1185,'MC - TRECHO 04'!R:R)","v":1.5}]
["5.1.1.8",{"$f":"IF(C1186=0,\"\",VLOOKUP(C1186,BNCDADOS!$A:$H,8,0))","v":0},"COMP 01",{"$f":"IF(C1186=0,\"\",VLOOKUP(C1186,BNCDADOS!$A:$G,2,0))","v":"CANTEIRO ITINERANTE COMPOSTO DE TOLDO, CONJUNTO DE MESA E CADEIRAS E BANHEIRO QUÍMICO COM LIMPEZA DIÁRIA INCLUSO COLETA E DESTINAÇÃO FINAL DE EFLUENTES"},{"$f":"IF(C1186=0,\"\",VLOOKUP(C1186,BNCDADOS!$A:$G,3,0))","v":"UN"},{"$f":"TRUNC(M1186,2)","v":31},{"$f":"IF(C1186=0,\"\",VLOOKUP(C1186,BNCDADOS!$A:$G,4,0))","v":1007.4399999999999},{"$f":"IF(C1186=0,\"\",VLOOKUP(C1186,BNCDADOS!$A:$G,5,0))","v":1246.0999999999999},{"$f":"IF(H1186=\"\",0,TRUNC(H1186*F1186,2))","v":38629.1},{"$f":"IF(C1186=0,\"\",VLOOKUP(C1186,BNCDADOS!$A:$G,6,0))","v":1006.4399999999999},{"$f":"IF(C1186=0,\"\",VLOOKUP(C1186,BNCDADOS!$A:$G,7,0))","v":1307.96},{"$f":"IF(K1186=\"\",0,TRUNC(K1186*F1186,2))","v":40546.76},{"$f":"SUMIF('MC - TRECHO 04'!A:A,Orçamento!A1186,'MC - TRECHO 04'!R:R)","v":31}]
["5.1.1.9",{"$f":"IF(C1187=0,\"\",VLOOKUP(C1187,BNCDADOS!$A:$H,8,0))","v":"caern"},2010007,{"$f":"IF(C1187=0,\"\",VLOOKUP(C1187,BNCDADOS!$A:$G,2,0))","v":"REBAIXAMENTO DE LENÇOL FREÁTICO COM PONTEIRAS FILTRANTES EM ÁREAS. R_05/2019"},{"$f":"IF(C1187=0,\"\",VLOOKUP(C1187,BNCDADOS!$A:$G,3,0))","v":"PTXDIA"},120,{"$f":"IF(C1187=0,\"\",VLOOKUP(C1187,BNCDADOS!$A:$G,4,0))","v":28.07},{"$f":"IF(C1187=0,\"\",VLOOKUP(C1187,BNCDADOS!$A:$G,5,0))","v":34.71},4165.2,{"$f":"IF(C1187=0,\"\",VLOOKUP(C1187,BNCDADOS!$A:$G,6,0))","v":27.52},{"$f":"IF(C1187=0,\"\",VLOOKUP(C1187,BNCDADOS!$A:$G,7,0))","v":35.76},4291.2,{"$f":"SUMIF('MC - TRECHO 04'!A:A,Orçamento!A1187,'MC - TRECHO 04'!R:R)","v":120}]
["5.1.2",{"$f":"IF(C1188=0,\"\",VLOOKUP(C1188,BNCDADOS!$A:$G,8,0))","v":""},null,"MOVIMENTO DE TERRA",{"$f":"IF(C1188=0,\"\",VLOOKUP(C1188,BNCDADOS!$A:$G,3,0))","v":""},0,{"$f":"IF(C1188=0,\"\",VLOOKUP(C1188,BNCDADOS!$A:$G,4,0))","v":""},{"$f":"IF(C1188=0,\"\",VLOOKUP(C1188,BNCDADOS!$A:$G,5,0))","v":""},{"$f":"SUM(I1189:I1200)","v":5379022.5000000009},{"$f":"IF(C1188=0,\"\",VLOOKUP(C1188,BNCDADOS!$A:$G,6,0))","v":""},{"$f":"IF(C1188=0,\"\",VLOOKUP(C1188,BNCDADOS!$A:$G,7,0))","v":""},{"$f":"SUM(L1189:L1200)","v":5439967.2000000011},0]
["5.1.2.1",{"$f":"IF(C1189=0,\"\",VLOOKUP(C1189,BNCDADOS!$A:$H,8,0))","v":0},"COMP 02",{"$f":"IF(C1189=0,\"\",VLOOKUP(C1189,BNCDADOS!$A:$G,2,0))","v":"ESCAVAÇÃO MANUAL DE VALA COM PROFUNDIDADE MENOR OU IGUAL A 2,00 M"},{"$f":"IF(C1189=0,\"\",VLOOKUP(C1189,BNCDADOS!$A:$G,3,0))","v":"M³"},483.76,{"$f":"IF(C1189=0,\"\",VLOOKUP(C1189,BNCDADOS!$A:$G,4,0))","v":81.489999999999995},{"$f":"IF(C1189=0,\"\",VLOOKUP(C1189,BNCDADOS!$A:$G,5,0))","v":100.79},{"$f":"IF(H1189=\"\",0,TRUNC(H1189*F1189,2))","v":48758.17},{"$f":"IF(C1189=0,\"\",VLOOKUP(C1189,BNCDADOS!$A:$G,6,0))","v":73.58},{"$f":"IF(C1189=0,\"\",VLOOKUP(C1189,BNCDADOS!$A:$G,7,0))","v":95.62},{"$f":"IF(K1189=\"\",0,TRUNC(K1189*F1189,2))","v":46257.13},{"$f":"SUMIF('MC - TRECHO 04'!A:A,Orçamento!A1189,'MC - TRECHO 04'!R:R)","v":483.76}]
["5.1.2.2",{"$f":"IF(C1190=0,\"\",VLOOKUP(C1190,BNCDADOS!$A:$H,8,0))","v":"SINAPI/RN\nSERVIÇO"},90091,{"$f":"IF(C1190=0,\"\",VLOOKUP(C1190,BNCDADOS!$A:$G,2,0))","v":"ESCAVAÇÃO MECANIZADA DE VALA COM PROF. ATÉ 1,5 M (MÉDIA MONTANTE E JUSANTE/UMA COMPOSIÇÃO POR TRECHO), ESCAVADEIRA (0,8 M3), LARG. DE 1,5 M A 2,5 M, EM SOLO DE 1A CATEGORIA, LOCAIS COM BAIXO NÍVEL DE INTERFERÊNCIA. AF_02/2021"},{"$f":"IF(C1190=0,\"\",VLOOKUP(C1190,BNCDADOS!$A:$G,3,0))","v":"M3"},40636.080000000002,{"$f":"IF(C1190=0,\"\",VLOOKUP(C1190,BNCDADOS!$A:$G,4,0))","v":"6,26"},{"$f":"IF(C1190=0,\"\",VLOOKUP(C1190,BNCDADOS!$A:$G,5,0))","v":7.74},314523.25,{"$f":"IF(C1190=0,\"\",VLOOKUP(C1190,BNCDADOS!$A:$G,6,0))","v":"6,04"},{"$f":"IF(C1190=0,\"\",VLOOKUP(C1190,BNCDADOS!$A:$G,7,0))","v":7.84},318586.86,{"$f":"SUMIF('MC - TRECHO 04'!A:A,Orçamento!A1190,'MC - TRECHO 04'!R:R)","v":40636.080000000002}]
["5.1.2.3",{"$f":"IF(C1191=0,\"\",VLOOKUP(C1191,BNCDADOS!$A:$H,8,0))","v":"SINAPI/RN\nSERVIÇO"},102315,{"$f":"IF(C1191=0,\"\",VLOOKUP(C1191,BNCDADOS!$A:$G,2,0))","v":"ESCAVAÇÃO MECANIZADA DE VALA COM PROF. ATÉ 1,5 M (MÉDIA MONTANTE E JUSANTE/UMA COMPOSIÇÃO POR TRECHO), ESCAVADEIRA (0,8 M3), LARG. DE 1,5 M A 2,5 M, EM SOLO DE 2A CATEGORIA, LOCAIS COM BAIXO NÍVEL DE INTERFERÊNCIA. AF_02/2021"},{"$f":"IF(C1191=0,\"\",VLOOKUP(C1191,BNCDADOS!$A:$G,3,0))","v":"M3"},7256.44,{"$f":"IF(C1191=0,\"\",VLOOKUP(C1191,BNCDADOS!$A:$G,4,0))","v":"7,98"},{"$f":"IF(C1191=0,\"\",VLOOKUP(C1191,BNCDADOS!$A:$G,5,0))","v":9.8699999999999992},71621.06,{"$f":"IF(C1191=0,\"\",VLOOKUP(C1191,BNCDADOS!$A:$G,6,0))","v":"7,70"},{"$f":"IF(C1191=0,\"\",VLOOKUP(C1191,BNCDADOS!$A:$G,7,0))","v":10},72564.399999999994,{"$f":"SUMIF('MC - TRECHO 04'!A:A,Orçamento!A1191,'MC - TRECHO 04'!R:R)","v":7256.44}]
["5.1.2.4",{"$f":"IF(C1192=0,\"\",VLOOKUP(C1192,BNCDADOS!$A:$H,8,0))","v":"SINAPI/RN\nSERVIÇO"},101625,{"$f":"IF(C1192=0,\"\",VLOOKUP(C1192,BNCDADOS!$A:$G,2,0))","v":"PREPARO DE FUNDO DE VALA COM LARGURA MAIOR OU IGUAL A 1,5 M E MENOR QUE 2,5 M, COM CAMADA DE AREIA, LANÇAMENTO MECANIZADO. AF_08/2020"},{"$f":"IF(C1192=0,\"\",VLOOKUP(C1192,BNCDADOS!$A:$G,3,0))","v":"M3"},2275.8200000000002,{"$f":"IF(C1192=0,\"\",VLOOKUP(C1192,BNCDADOS!$A:$G,4,0))","v":"155,31"},{"$f":"IF(C1192=0,\"\",VLOOKUP(C1192,BNCDADOS!$A:$G,5,0))","v":192.1},437185.02,{"$f":"IF(C1192=0,\"\",VLOOKUP(C1192,BNCDADOS!$A:$G,6,0))","v":"151,04"},{"$f":"IF(C1192=0,\"\",VLOOKUP(C1192,BNCDADOS!$A:$G,7,0))","v":196.29},446720.7,{"$f":"SUMIF('MC - TRECHO 04'!A:A,Orçamento!A1192,'MC - TRECHO 04'!R:R)","v":2275.8200000000002}]
["5.1.2.5",{"$f":"IF(C1193=0,\"\",VLOOKUP(C1193,BNCDADOS!$A:$H,8,0))","v":"caern"},2040103,{"$f":"IF(C1193=0,\"\",VLOOKUP(C1193,BNCDADOS!$A:$G,2,0))","v":"ESCORAMENTO DE VALA, TIPO BLINDAGEM, COM PROFUNDIDADE DE 0 A 1,5 M, LARGURA MAIOR OU IGUAL A 1,5 M E MENOR QUE 2,5 M - EXECUÇÃO E FORNECIMENTO, INCLUI MATERIAL. R_11/2020"},{"$f":"IF(C1193=0,\"\",VLOOKUP(C1193,BNCDADOS!$A:$G,3,0))","v":"M²"},65023.38,{"$f":"IF(C1193=0,\"\",VLOOKUP(C1193,BNCDADOS!$A:$G,4,0))","v":27.050000000000004},{"$f":"IF(C1193=0,\"\",VLOOKUP(C1193,BNCDADOS!$A:$G,5,0))","v":33.450000000000003},2175032.06,{"$f":"IF(C1193=0,\"\",VLOOKUP(C1193,BNCDADOS!$A:$G,6,0))","v":25.79},{"$f":"IF(C1193=0,\"\",VLOOKUP(C1193,BNCDADOS!$A:$G,7,0))","v":33.51},2178933.46,{"$f":"SUMIF('MC - TRECHO 04'!A:A,Orçamento!A1193,'MC - TRECHO 04'!R:R)","v":65023.38}]
["5.1.2.6",{"$f":"IF(C1194=0,\"\",VLOOKUP(C1194,BNCDADOS!$A:$H,8,0))","v":"SINAPI/RN\nSERVIÇO"},94339,{"$f":"IF(C1194=0,\"\",VLOOKUP(C1194,BNCDADOS!$A:$G,2,0))","v":"ATERRO MECANIZADO DE VALA COM RETROESCAVADEIRA (CAPACIDADE DA CAÇAMBA DA RETRO: 0,26 M³/POTÊNCIA: 88 HP), LARGURA ATÉ 1,5 M, PROFUNDIDADE ATÉ 1,5 M, COM AREIA PARA ATERRO. AF_08/2023"},{"$f":"IF(C1194=0,\"\",VLOOKUP(C1194,BNCDADOS!$A:$G,3,0))","v":"M3"},13159.77,{"$f":"IF(C1194=0,\"\",VLOOKUP(C1194,BNCDADOS!$A:$G,4,0))","v":"80,49"},{"$f":"IF(C1194=0,\"\",VLOOKUP(C1194,BNCDADOS!$A:$G,5,0))","v":99.55},1310055.1000000001,{"$f":"IF(C1194=0,\"\",VLOOKUP(C1194,BNCDADOS!$A:$G,6,0))","v":"79,47"},{"$f":"IF(C1194=0,\"\",VLOOKUP(C1194,BNCDADOS!$A:$G,7,0))","v":103.27},1359009.44,{"$f":"SUMIF('MC - TRECHO 04'!A:A,Orçamento!A1194,'MC - TRECHO 04'!R:R)","v":13159.77}]
["5.1.2.7",{"$f":"IF(C1195=0,\"\",VLOOKUP(C1195,BNCDADOS!$A:$H,8,0))","v":"SINAPI/RN\nSERVIÇO"},94327,{"$f":"IF(C1195=0,\"\",VLOOKUP(C1195,BNCDADOS!$A:$G,2,0))","v":"ATERRO MECANIZADO DE VALA COM ESCAVADEIRA HIDRÁULICA (CAPACIDADE DA CAÇAMBA: 0,8 M³/POTÊNCIA: 111 HP), LARGURA ATÉ 2,5 M, PROFUNDIDADE ATÉ 1,5 M, COM AREIA PARA ATERRO. AF_08/2023"},{"$f":"IF(C1195=0,\"\",VLOOKUP(C1195,BNCDADOS!$A:$G,3,0))","v":"M3"},536,{"$f":"IF(C1195=0,\"\",VLOOKUP(C1195,BNCDADOS!$A:$G,4,0))","v":"85,91"},{"$f":"IF(C1195=0,\"\",VLOOKUP(C1195,BNCDADOS!$A:$G,5,0))","v":106.26},56955.360000000001,{"$f":"IF(C1195=0,\"\",VLOOKUP(C1195,BNCDADOS!$A:$G,6,0))","v":"84,91"},{"$f":"IF(C1195=0,\"\",VLOOKUP(C1195,BNCDADOS!$A:$G,7,0))","v":110.34},59142.239999999998,{"$f":"SUMIF('MC - TRECHO 04'!A:A,Orçamento!A1195,'MC - TRECHO 04'!R:R)","v":536}]
["5.1.2.8",{"$f":"IF(C1196=0,\"\",VLOOKUP(C1196,BNCDADOS!$A:$H,8,0))","v":"SINAPI/RN\nSERVIÇO"},93378,{"$f":"IF(C1196=0,\"\",VLOOKUP(C1196,BNCDADOS!$A:$G,2,0))","v":"REATERRO MECANIZADO DE VALA COM RETROESCAVADEIRA (CAPACIDADE DA CAÇAMBA   DA RETRO: 0,26 M³/POTÊNCIA: 88 HP), LARGURA ATÉ 0,8 M, PROFUNDIDADE ATÉ 1,5 M, COM SOLO (SEM SUBSTITUIÇÃO) DE 1ª CATEGORIA, COM COMPACTADOR DE SOLOS DE PERCUSSÃO. AF_08/2023"},{"$f":"IF(C1196=0,\"\",VLOOKUP(C1196,BNCDADOS!$A:$G,3,0))","v":"M3"},{"$f":"TRUNC(M1196,2)","v":30706.14},{"$f":"IF(C1196=0,\"\",VLOOKUP(C1196,BNCDADOS!$A:$G,4,0))","v":"23,40"},{"$f":"IF(C1196=0,\"\",VLOOKUP(C1196,BNCDADOS!$A:$G,5,0))","v":28.94},{"$f":"IF(H1196=\"\",0,TRUNC(H1196*F1196,2))","v":888635.69},{"$f":"IF(C1196=0,\"\",VLOOKUP(C1196,BNCDADOS!$A:$G,6,0))","v":"22,08"},{"$f":"IF(C1196=0,\"\",VLOOKUP(C1196,BNCDADOS!$A:$G,7,0))","v":28.69},{"$f":"IF(K1196=\"\",0,TRUNC(K1196*F1196,2))","v":880959.15},{"$f":"SUMIF('MC - TRECHO 04'!A:A,Orçamento!A1196,'MC - TRECHO 04'!R:R)","v":30706.14}]
["5.1.2.9",{"$f":"IF(C1197=0,\"\",VLOOKUP(C1197,BNCDADOS!$A:$H,8,0))","v":"SINAPI/RN\nSERVIÇO"},104728,{"$f":"IF(C1197=0,\"\",VLOOKUP(C1197,BNCDADOS!$A:$G,2,0))","v":"REATERRO MECANIZADO DE VALA COM ESCAVADEIRA HIDRÁULICA (CAPACIDADE DA CAÇAMBA: 0,8 M³/POTÊNCIA: 111 HP), LARGURA DE 1,5 A 2,5 M, PROFUNDIDADE ATÉ 1,5 M, COM SOLO (SEM SUBSTITUIÇÃO) DE 1ª CATEGORIA, COM PLACA VIBRATÓRIA. AF_08/2023"},{"$f":"IF(C1197=0,\"\",VLOOKUP(C1197,BNCDADOS!$A:$G,3,0))","v":"M3"},1250.68,{"$f":"IF(C1197=0,\"\",VLOOKUP(C1197,BNCDADOS!$A:$G,4,0))","v":"19,58"},{"$f":"IF(C1197=0,\"\",VLOOKUP(C1197,BNCDADOS!$A:$G,5,0))","v":24.21},30278.959999999999,{"$f":"IF(C1197=0,\"\",VLOOKUP(C1197,BNCDADOS!$A:$G,6,0))","v":"18,92"},{"$f":"IF(C1197=0,\"\",VLOOKUP(C1197,BNCDADOS!$A:$G,7,0))","v":24.58},30741.71,{"$f":"SUMIF('MC - TRECHO 04'!A:A,Orçamento!A1197,'MC - TRECHO 04'!R:R)","v":1250.68}]
["5.1.2.10",{"$f":"IF(C1198=0,\"\",VLOOKUP(C1198,BNCDADOS!$A:$H,8,0))","v":"SINAPI/RN\nSERVIÇO"},100574,{"$f":"IF(C1198=0,\"\",VLOOKUP(C1198,BNCDADOS!$A:$G,2,0))","v":"ESPALHAMENTO DE MATERIAL COM TRATOR DE ESTEIRAS. AF_11/2019"},{"$f":"IF(C1198=0,\"\",VLOOKUP(C1198,BNCDADOS!$A:$G,3,0))","v":"M3"},19122.86,{"$f":"IF(C1198=0,\"\",VLOOKUP(C1198,BNCDADOS!$A:$G,4,0))","v":"1,43"},{"$f":"IF(C1198=0,\"\",VLOOKUP(C1198,BNCDADOS!$A:$G,5,0))","v":1.76},33656.230000000003,{"$f":"IF(C1198=0,\"\",VLOOKUP(C1198,BNCDADOS!$A:$G,6,0))","v":"1,38"},{"$f":"IF(C1198=0,\"\",VLOOKUP(C1198,BNCDADOS!$A:$G,7,0))","v":1.79},34229.910000000003,{"$f":"SUMIF('MC - TRECHO 04'!A:A,Orçamento!A1198,'MC - TRECHO 04'!R:R)","v":19122.86}]
["5.1.2.11",{"$f":"IF(C1199=0,\"\",VLOOKUP(C1199,BNCDADOS!$A:$H,8,0))","v":"SINAPI/RN\nSERVIÇO"},97914,{"$f":"IF(C1199=0,\"\",VLOOKUP(C1199,BNCDADOS!$A:$G,2,0))","v":"TRANSPORTE COM CAMINHÃO BASCULANTE DE 6 M³, EM VIA URBANA PAVIMENTADA, DMT ATÉ 30 KM (UNIDADE: M3XKM). AF_07/2020"},{"$f":"IF(C1199=0,\"\",VLOOKUP(C1199,BNCDADOS!$A:$G,3,0))","v":"M3XKM"},1239.0999999999999,{"$f":"IF(C1199=0,\"\",VLOOKUP(C1199,BNCDADOS!$A:$G,4,0))","v":"3,04"},{"$f":"IF(C1199=0,\"\",VLOOKUP(C1199,BNCDADOS!$A:$G,5,0))","v":3.76},4659.01,{"$f":"IF(C1199=0,\"\",VLOOKUP(C1199,BNCDADOS!$A:$G,6,0))","v":"2,97"},{"$f":"IF(C1199=0,\"\",VLOOKUP(C1199,BNCDADOS!$A:$G,7,0))","v":3.85},4770.53,{"$f":"SUMIF('MC - TRECHO 04'!A:A,Orçamento!A1199,'MC - TRECHO 04'!R:R)","v":1239.0999999999999}]
["5.1.2.12",{"$f":"IF(C1200=0,\"\",VLOOKUP(C1200,BNCDADOS!$A:$H,8,0))","v":"caern"},2220082,{"$f":"IF(C1200=0,\"\",VLOOKUP(C1200,BNCDADOS!$A:$G,2,0))","v":"DEPOSIÇÃO FINAL DOS RESÍDUOS SÓLIDOS DA CONSTRUÇÃO CIVIL PARA MATERIAIS MISTURADOS. INC_05/2020"},{"$f":"IF(C1200=0,\"\",VLOOKUP(C1200,BNCDADOS!$A:$G,3,0))","v":"M³"},123.91,{"$f":"IF(C1200=0,\"\",VLOOKUP(C1200,BNCDADOS!$A:$G,4,0))","v":50},{"$f":"IF(C1200=0,\"\",VLOOKUP(C1200,BNCDADOS!$A:$G,5,0))","v":61.84},7662.59,{"$f":"IF(C1200=0,\"\",VLOOKUP(C1200,BNCDADOS!$A:$G,6,0))","v":50},{"$f":"IF(C1200=0,\"\",VLOOKUP(C1200,BNCDADOS!$A:$G,7,0))","v":64.98},8051.67,{"$f":"SUMIF('MC - TRECHO 04'!A:A,Orçamento!A1200,'MC - TRECHO 04'!R:R)","v":123.91}]
["5.1.3",{"$f":"IF(C1201=0,\"\",VLOOKUP(C1201,BNCDADOS!$A:$G,8,0))","v":""},null,"PAVIMENTAÇÃO",{"$f":"IF(C1201=0,\"\",VLOOKUP(C1201,BNCDADOS!$A:$G,3,0))","v":""},0,{"$f":"IF(C1201=0,\"\",VLOOKUP(C1201,BNCDADOS!$A:$G,4,0))","v":""},{"$f":"IF(C1201=0,\"\",VLOOKUP(C1201,BNCDADOS!$A:$G,5,0))","v":""},{"$f":"SUM(I1202:I1207)","v":829699.75},{"$f":"IF(C1201=0,\"\",VLOOKUP(C1201,BNCDADOS!$A:$G,6,0))","v":""},{"$f":"IF(C1201=0,\"\",VLOOKUP(C1201,BNCDADOS!$A:$G,7,0))","v":""},{"$f":"SUM(L1202:L1207)","v":847894.95000000007},0]
["5.1.3.1",{"$f":"IF(C1202=0,\"\",VLOOKUP(C1202,BNCDADOS!$A:$H,8,0))","v":"caern"},2150065,{"$f":"IF(C1202=0,\"\",VLOOKUP(C1202,BNCDADOS!$A:$G,2,0))","v":"REASSENTAMENTO DE PARALELEPÍPEDOS, REJUNTAMENTO COM PEDRISCO E EMULSÃO ASFÁLTICA (BRIPAR), COM REAPROVEITAMENTO DOS PARALELEPÍPEDOS - INCLUSO RETIRADA E COLOCAÇÃO DO MATERIAL. AF_12/2020_P R_05/2022REV01"},{"$f":"IF(C1202=0,\"\",VLOOKUP(C1202,BNCDADOS!$A:$G,3,0))","v":"M²"},3638.82,{"$f":"IF(C1202=0,\"\",VLOOKUP(C1202,BNCDADOS!$A:$G,4,0))","v":128.47999999999999},{"$f":"IF(C1202=0,\"\",VLOOKUP(C1202,BNCDADOS!$A:$G,5,0))","v":158.91},{"$f":"IF(H1202=\"\",0,TRUNC(H1202*F1202,2))","v":578244.88},{"$f":"IF(C1202=0,\"\",VLOOKUP(C1202,BNCDADOS!$A:$G,6,0))","v":124.46},{"$f":"IF(C1202=0,\"\",VLOOKUP(C1202,BNCDADOS!$A:$G,7,0))","v":161.74},{"$f":"IF(K1202=\"\",0,TRUNC(K1202*F1202,2))","v":588542.74},{"$f":"SUMIF('MC - TRECHO 04'!A:A,Orçamento!A1202,'MC - TRECHO 04'!R:R)","v":3638.8199999999997}]
["5.1.3.2",{"$f":"IF(C1203=0,\"\",VLOOKUP(C1203,BNCDADOS!$A:$H,8,0))","v":"caern"},2210100,{"$f":"IF(C1203=0,\"\",VLOOKUP(C1203,BNCDADOS!$A:$G,2,0))","v":"DEMOLIÇÃO DE PAVIMENTAÇÃO ASFÁLTICA COM MARTELETE PNEUMÁTICO. R_11/2016"},{"$f":"IF(C1203=0,\"\",VLOOKUP(C1203,BNCDADOS!$A:$G,3,0))","v":"M²"},{"$f":"TRUNC(M1203,2)","v":1906.25},{"$f":"IF(C1203=0,\"\",VLOOKUP(C1203,BNCDADOS!$A:$G,4,0))","v":17.46},{"$f":"IF(C1203=0,\"\",VLOOKUP(C1203,BNCDADOS!$A:$G,5,0))","v":21.59},{"$f":"IF(H1203=\"\",0,TRUNC(H1203*F1203,2))","v":41155.93},{"$f":"IF(C1203=0,\"\",VLOOKUP(C1203,BNCDADOS!$A:$G,6,0))","v":16.43},{"$f":"IF(C1203=0,\"\",VLOOKUP(C1203,BNCDADOS!$A:$G,7,0))","v":21.35},{"$f":"IF(K1203=\"\",0,TRUNC(K1203*F1203,2))","v":40698.43},{"$f":"SUMIF('MC - TRECHO 04'!A:A,Orçamento!A1203,'MC - TRECHO 04'!R:R)","v":1906.25}]
["5.1.3.3",{"$f":"IF(C1204=0,\"\",VLOOKUP(C1204,BNCDADOS!$A:$H,8,0))","v":"caern"},2150032,{"$f":"IF(C1204=0,\"\",VLOOKUP(C1204,BNCDADOS!$A:$G,2,0))","v":"RECOMPOSIÇÃO PAVIMENTO ASFÁLTICO, PARA O FECHAMENTO DE VALAS, COM CONCRETO BETUMINOSO USINADO A QUENTE (CBUQ) - DMT 20 KM. R_05/2021"},{"$f":"IF(C1204=0,\"\",VLOOKUP(C1204,BNCDADOS!$A:$G,3,0))","v":"M³"},95.31,{"$f":"IF(C1204=0,\"\",VLOOKUP(C1204,BNCDADOS!$A:$G,4,0))","v":1591.8600000000001},{"$f":"IF(C1204=0,\"\",VLOOKUP(C1204,BNCDADOS!$A:$G,5,0))","v":1968.97},187662.53,{"$f":"IF(C1204=0,\"\",VLOOKUP(C1204,BNCDADOS!$A:$G,6,0))","v":1581.5699999999997},{"$f":"IF(C1204=0,\"\",VLOOKUP(C1204,BNCDADOS!$A:$G,7,0))","v":2055.4},195900.17,{"$f":"SUMIF('MC - TRECHO 04'!A:A,Orçamento!A1204,'MC - TRECHO 04'!R:R)","v":95.31}]
["5.1.3.4",{"$f":"IF(C1205=0,\"\",VLOOKUP(C1205,BNCDADOS!$A:$H,8,0))","v":"caern"},2010038,{"$f":"IF(C1205=0,\"\",VLOOKUP(C1205,BNCDADOS!$A:$G,2,0))","v":"LIMPEZA DE RUAS (VARRIÇÃO E REMOÇÃO DE ENTULHOS), INCLUSIVE CARGA MANUAL"},{"$f":"IF(C1205=0,\"\",VLOOKUP(C1205,BNCDADOS!$A:$G,3,0))","v":"M²"},13400.19,{"$f":"IF(C1205=0,\"\",VLOOKUP(C1205,BNCDADOS!$A:$G,4,0))","v":0.54},{"$f":"IF(C1205=0,\"\",VLOOKUP(C1205,BNCDADOS!$A:$G,5,0))","v":0.66},8844.1200000000008,{"$f":"IF(C1205=0,\"\",VLOOKUP(C1205,BNCDADOS!$A:$G,6,0))","v":0.49},{"$f":"IF(C1205=0,\"\",VLOOKUP(C1205,BNCDADOS!$A:$G,7,0))","v":0.63},8442.11,{"$f":"SUMIF('MC - TRECHO 04'!A:A,Orçamento!A1205,'MC - TRECHO 04'!R:R)","v":13400.19}]
["5.1.3.5",{"$f":"IF(C1206=0,\"\",VLOOKUP(C1206,BNCDADOS!$A:$H,8,0))","v":"SINAPI/RN\nSERVIÇO"},97914,{"$f":"IF(C1206=0,\"\",VLOOKUP(C1206,BNCDADOS!$A:$G,2,0))","v":"TRANSPORTE COM CAMINHÃO BASCULANTE DE 6 M³, EM VIA URBANA PAVIMENTADA, DMT ATÉ 30 KM (UNIDADE: M3XKM). AF_07/2020"},{"$f":"IF(C1206=0,\"\",VLOOKUP(C1206,BNCDADOS!$A:$G,3,0))","v":"M3XKM"},{"$f":"TRUNC(M1206,2)","v":1787.06},{"$f":"IF(C1206=0,\"\",VLOOKUP(C1206,BNCDADOS!$A:$G,4,0))","v":"3,04"},{"$f":"IF(C1206=0,\"\",VLOOKUP(C1206,BNCDADOS!$A:$G,5,0))","v":3.76},{"$f":"IF(H1206=\"\",0,TRUNC(H1206*F1206,2))","v":6719.34},{"$f":"IF(C1206=0,\"\",VLOOKUP(C1206,BNCDADOS!$A:$G,6,0))","v":"2,97"},{"$f":"IF(C1206=0,\"\",VLOOKUP(C1206,BNCDADOS!$A:$G,7,0))","v":3.85},{"$f":"IF(K1206=\"\",0,TRUNC(K1206*F1206,2))","v":6880.18},{"$f":"SUMIF('MC - TRECHO 04'!A:A,Orçamento!A1206,'MC - TRECHO 04'!R:R)","v":1787.0625}]
["5.1.3.6",{"$f":"IF(C1207=0,\"\",VLOOKUP(C1207,BNCDADOS!$A:$H,8,0))","v":"caern"},2220081,{"$f":"IF(C1207=0,\"\",VLOOKUP(C1207,BNCDADOS!$A:$G,2,0))","v":"DEPOSIÇÃO FINAL DOS RESÍDUOS SÓLIDOS DA CONSTRUÇÃO CIVIL PARA MATERIAIS CLASSE C (BETUMINOSOS E GESSO). INC_05/2020"},{"$f":"IF(C1207=0,\"\",VLOOKUP(C1207,BNCDADOS!$A:$G,3,0))","v":"M³"},95.31,{"$f":"IF(C1207=0,\"\",VLOOKUP(C1207,BNCDADOS!$A:$G,4,0))","v":60},{"$f":"IF(C1207=0,\"\",VLOOKUP(C1207,BNCDADOS!$A:$G,5,0))","v":74.209999999999994},7072.95,{"$f":"IF(C1207=0,\"\",VLOOKUP(C1207,BNCDADOS!$A:$G,6,0))","v":60},{"$f":"IF(C1207=0,\"\",VLOOKUP(C1207,BNCDADOS!$A:$G,7,0))","v":77.97},7431.32,{"$f":"SUMIF('MC - TRECHO 04'!A:A,Orçamento!A1207,'MC - TRECHO 04'!R:R)","v":95.31}]
["5.1.4",{"$f":"IF(C1208=0,\"\",VLOOKUP(C1208,BNCDADOS!$A:$G,8,0))","v":""},null,"ASSENTAMENTO E MONTAGEM DOS TUBOS E CONEXÕES",{"$f":"IF(C1208=0,\"\",VLOOKUP(C1208,BNCDADOS!$A:$G,3,0))","v":""},0,{"$f":"IF(C1208=0,\"\",VLOOKUP(C1208,BNCDADOS!$A:$G,4,0))","v":""},{"$f":"IF(C1208=0,\"\",VLOOKUP(C1208,BNCDADOS!$A:$G,5,0))","v":""},{"$f":"SUM(I1209:I1215)","v":386100.12000000011},{"$f":"IF(C1208=0,\"\",VLOOKUP(C1208,BNCDADOS!$A:$G,6,0))","v":""},{"$f":"IF(C1208=0,\"\",VLOOKUP(C1208,BNCDADOS!$A:$G,7,0))","v":""},{"$f":"SUM(L1209:L1215)","v":377007.80999999988},0]
["5.1.4.1",{"$f":"IF(C1209=0,\"\",VLOOKUP(C1209,BNCDADOS!$A:$H,8,0))","v":"SINAPI/RN\nSERVIÇO"},97139,{"$f":"IF(C1209=0,\"\",VLOOKUP(C1209,BNCDADOS!$A:$G,2,0))","v":"ASSENTAMENTO DE TUBO DE PVC DEFOFO OU PRFV OU RPVC PARA REDE DE ÁGUA, DN 400 MM, JUNTA ELÁSTICA INTEGRADA, INSTALADO EM LOCAL COM NÍVEL BAIXO DE INTERFERÊNCIAS (NÃO INCLUI FORNECIMENTO). AF_05/2024"},{"$f":"IF(C1209=0,\"\",VLOOKUP(C1209,BNCDADOS!$A:$G,3,0))","v":"M"},21674.46,{"$f":"IF(C1209=0,\"\",VLOOKUP(C1209,BNCDADOS!$A:$G,4,0))","v":"12,68"},{"$f":"IF(C1209=0,\"\",VLOOKUP(C1209,BNCDADOS!$A:$G,5,0))","v":15.68},{"$f":"IF(H1209=\"\",0,TRUNC(H1209*F1209,2))","v":339855.53},{"$f":"IF(C1209=0,\"\",VLOOKUP(C1209,BNCDADOS!$A:$G,6,0))","v":"11,70"},{"$f":"IF(C1209=0,\"\",VLOOKUP(C1209,BNCDADOS!$A:$G,7,0))","v":15.2},{"$f":"IF(K1209=\"\",0,TRUNC(K1209*F1209,2))","v":329451.78999999998},{"$f":"SUMIF('MC - TRECHO 04'!A:A,Orçamento!A1209,'MC - TRECHO 04'!R:R)","v":21674.46}]
["5.1.4.2",{"$f":"IF(C1210=0,\"\",VLOOKUP(C1210,BNCDADOS!$A:$H,8,0))","v":"caern"},2060557,{"$f":"IF(C1210=0,\"\",VLOOKUP(C1210,BNCDADOS!$A:$G,2,0))","v":"ASSENTAMENTO DE CONEXÕES EM FERRO FUNDIDO, JUNTA ELÁSTICA, DIAM.= 400 MM. INC_05/2020"},{"$f":"IF(C1210=0,\"\",VLOOKUP(C1210,BNCDADOS!$A:$G,3,0))","v":"UN "},67,{"$f":"IF(C1210=0,\"\",VLOOKUP(C1210,BNCDADOS!$A:$G,4,0))","v":31.84},{"$f":"IF(C1210=0,\"\",VLOOKUP(C1210,BNCDADOS!$A:$G,5,0))","v":39.380000000000003},2638.46,{"$f":"IF(C1210=0,\"\",VLOOKUP(C1210,BNCDADOS!$A:$G,6,0))","v":29.75},{"$f":"IF(C1210=0,\"\",VLOOKUP(C1210,BNCDADOS!$A:$G,7,0))","v":38.659999999999997},2590.2199999999998,{"$f":"SUMIF('MC - TRECHO 04'!A:A,Orçamento!A1210,'MC - TRECHO 04'!R:R)","v":67}]
["5.1.4.3",{"$f":"IF(C1211=0,\"\",VLOOKUP(C1211,BNCDADOS!$A:$H,8,0))","v":"SINAPI/RN\nSERVIÇO"},103112,{"$f":"IF(C1211=0,\"\",VLOOKUP(C1211,BNCDADOS!$A:$G,2,0))","v":"ASSENTAMENTO DE CONEXÃO COM 2 ACESSOS, FERRO FUNDIDO PARA REDE DE ÁGUA, DN  400 MM, JUNTA FLANGEADA (NÃO INCLUI O FORNECIMENTO). AF_09/2021"},{"$f":"IF(C1211=0,\"\",VLOOKUP(C1211,BNCDADOS!$A:$G,3,0))","v":"UN"},1,{"$f":"IF(C1211=0,\"\",VLOOKUP(C1211,BNCDADOS!$A:$G,4,0))","v":"282,71"},{"$f":"IF(C1211=0,\"\",VLOOKUP(C1211,BNCDADOS!$A:$G,5,0))","v":349.68},349.68,{"$f":"IF(C1211=0,\"\",VLOOKUP(C1211,BNCDADOS!$A:$G,6,0))","v":"268,05"},{"$f":"IF(C1211=0,\"\",VLOOKUP(C1211,BNCDADOS!$A:$G,7,0))","v":348.35},348.35,{"$f":"SUMIF('MC - TRECHO 04'!A:A,Orçamento!A1211,'MC - TRECHO 04'!R:R)","v":1}]
["5.1.4.4",{"$f":"IF(C1212=0,\"\",VLOOKUP(C1212,BNCDADOS!$A:$H,8,0))","v":"SINAPI/RN\nSERVIÇO"},103106,{"$f":"IF(C1212=0,\"\",VLOOKUP(C1212,BNCDADOS!$A:$G,2,0))","v":"ASSENTAMENTO DE CONEXÃO COM 2 ACESSOS, FERRO FUNDIDO PARA REDE DE ÁGUA, DN  100 MM, JUNTA FLANGEADA (NÃO INCLUI O FORNECIMENTO). AF_09/2021"},{"$f":"IF(C1212=0,\"\",VLOOKUP(C1212,BNCDADOS!$A:$G,3,0))","v":"UN"},15,{"$f":"IF(C1212=0,\"\",VLOOKUP(C1212,BNCDADOS!$A:$G,4,0))","v":"57,73"},{"$f":"IF(C1212=0,\"\",VLOOKUP(C1212,BNCDADOS!$A:$G,5,0))","v":71.400000000000006},1071,{"$f":"IF(C1212=0,\"\",VLOOKUP(C1212,BNCDADOS!$A:$G,6,0))","v":"55,15"},{"$f":"IF(C1212=0,\"\",VLOOKUP(C1212,BNCDADOS!$A:$G,7,0))","v":71.67},1075.05,{"$f":"SUMIF('MC - TRECHO 04'!A:A,Orçamento!A1212,'MC - TRECHO 04'!R:R)","v":15}]
["5.1.4.5",{"$f":"IF(C1213=0,\"\",VLOOKUP(C1213,BNCDADOS!$A:$H,8,0))","v":"caern"},2060587,{"$f":"IF(C1213=0,\"\",VLOOKUP(C1213,BNCDADOS!$A:$G,2,0))","v":"ASSENTAMENTO DE REGISTRO DE GAVETA EM FERRO FUNDIDO COM FLANGES, DIAM. = 50MM A 150MM. INC_05/2020"},{"$f":"IF(C1213=0,\"\",VLOOKUP(C1213,BNCDADOS!$A:$G,3,0))","v":"UN "},15,{"$f":"IF(C1213=0,\"\",VLOOKUP(C1213,BNCDADOS!$A:$G,4,0))","v":14.120000000000001},{"$f":"IF(C1213=0,\"\",VLOOKUP(C1213,BNCDADOS!$A:$G,5,0))","v":17.46},261.89999999999998,{"$f":"IF(C1213=0,\"\",VLOOKUP(C1213,BNCDADOS!$A:$G,6,0))","v":12.68},{"$f":"IF(C1213=0,\"\",VLOOKUP(C1213,BNCDADOS!$A:$G,7,0))","v":16.47},247.05,{"$f":"SUMIF('MC - TRECHO 04'!A:A,Orçamento!A1213,'MC - TRECHO 04'!R:R)","v":15}]
["5.1.4.6",{"$f":"IF(C1214=0,\"\",VLOOKUP(C1214,BNCDADOS!$A:$H,8,0))","v":"caern"},2060592,{"$f":"IF(C1214=0,\"\",VLOOKUP(C1214,BNCDADOS!$A:$G,2,0))","v":"ASSENTAMENTO DE VENTOSA EM FERRO FUNDIDO COM FLANGE, DIAM. = 50MM A 150MM. INC_05/2020"},{"$f":"IF(C1214=0,\"\",VLOOKUP(C1214,BNCDADOS!$A:$G,3,0))","v":"UN "},9,{"$f":"IF(C1214=0,\"\",VLOOKUP(C1214,BNCDADOS!$A:$G,4,0))","v":14.120000000000001},{"$f":"IF(C1214=0,\"\",VLOOKUP(C1214,BNCDADOS!$A:$G,5,0))","v":17.46},157.13999999999999,{"$f":"IF(C1214=0,\"\",VLOOKUP(C1214,BNCDADOS!$A:$G,6,0))","v":12.68},{"$f":"IF(C1214=0,\"\",VLOOKUP(C1214,BNCDADOS!$A:$G,7,0))","v":16.47},148.22999999999999,{"$f":"SUMIF('MC - TRECHO 04'!A:A,Orçamento!A1214,'MC - TRECHO 04'!R:R)","v":9}]
["5.1.4.7",{"$f":"IF(C1215=0,\"\",VLOOKUP(C1215,BNCDADOS!$A:$H,8,0))","v":"SINAPI/RN\nSERVIÇO"},100952,{"$f":"IF(C1215=0,\"\",VLOOKUP(C1215,BNCDADOS!$A:$G,2,0))","v":"TRANSPORTE COM CAMINHÃO CARROCERIA COM GUINDAUTO (MUNCK),  MOMENTO MÁXIMO DE CARGA 11,7 TM, EM VIA URBANA PAVIMENTADA, DMT ATÉ 30KM (UNIDADE: TXKM). AF_07/2020"},{"$f":"IF(C1215=0,\"\",VLOOKUP(C1215,BNCDADOS!$A:$G,3,0))","v":"TXKM"},11505.9,{"$f":"IF(C1215=0,\"\",VLOOKUP(C1215,BNCDADOS!$A:$G,4,0))","v":"2,94"},{"$f":"IF(C1215=0,\"\",VLOOKUP(C1215,BNCDADOS!$A:$G,5,0))","v":3.63},41766.410000000003,{"$f":"IF(C1215=0,\"\",VLOOKUP(C1215,BNCDADOS!$A:$G,6,0))","v":"2,89"},{"$f":"IF(C1215=0,\"\",VLOOKUP(C1215,BNCDADOS!$A:$G,7,0))","v":3.75},43147.12,{"$f":"SUMIF('MC - TRECHO 04'!A:A,Orçamento!A1215,'MC - TRECHO 04'!R:R)","v":11505.900000000001}]
["5.1.5",{"$f":"IF(C1216=0,\"\",VLOOKUP(C1216,BNCDADOS!$A:$G,8,0))","v":""},null,"CAIXAS E BLOCOS DE ANCORAGEM",{"$f":"IF(C1216=0,\"\",VLOOKUP(C1216,BNCDADOS!$A:$G,3,0))","v":""},0,{"$f":"IF(C1216=0,\"\",VLOOKUP(C1216,BNCDADOS!$A:$G,4,0))","v":""},{"$f":"IF(C1216=0,\"\",VLOOKUP(C1216,BNCDADOS!$A:$G,5,0))","v":""},{"$f":"SUM(I1217:I1219)","v":662324.21},{"$f":"IF(C1216=0,\"\",VLOOKUP(C1216,BNCDADOS!$A:$G,6,0))","v":""},{"$f":"IF(C1216=0,\"\",VLOOKUP(C1216,BNCDADOS!$A:$G,7,0))","v":""},{"$f":"SUM(L1217:L1219)","v":671806.08},0]
["5.1.5.1",{"$f":"IF(C1217=0,\"\",VLOOKUP(C1217,BNCDADOS!$A:$H,8,0))","v":0},"COMP 03",{"$f":"IF(C1217=0,\"\",VLOOKUP(C1217,BNCDADOS!$A:$G,2,0))","v":"CAIXA ENTERRADA PARA INSTALAÇÃO DE VENTOSAS E DESCARGAS, DE DIVERSOS DIÂMETROS E MEDIDAS INTERNAS 3,0 X 3,0M"},{"$f":"IF(C1217=0,\"\",VLOOKUP(C1217,BNCDADOS!$A:$G,3,0))","v":"UN"},15,{"$f":"IF(C1217=0,\"\",VLOOKUP(C1217,BNCDADOS!$A:$G,4,0))","v":35231.47},{"$f":"IF(C1217=0,\"\",VLOOKUP(C1217,BNCDADOS!$A:$G,5,0))","v":43577.8},{"$f":"IF(H1217=\"\",0,TRUNC(H1217*F1217,2))","v":653667},{"$f":"IF(C1217=0,\"\",VLOOKUP(C1217,BNCDADOS!$A:$G,6,0))","v":34013},{"$f":"IF(C1217=0,\"\",VLOOKUP(C1217,BNCDADOS!$A:$G,7,0))","v":44203.29},{"$f":"IF(K1217=\"\",0,TRUNC(K1217*F1217,2))","v":663049.35},{"$f":"SUMIF('MC - TRECHO 04'!A:A,Orçamento!A1217,'MC - TRECHO 04'!R:R)","v":15}]
["5.1.5.2",{"$f":"IF(C1218=0,\"\",VLOOKUP(C1218,BNCDADOS!$A:$H,8,0))","v":0},"COMP 04",{"$f":"IF(C1218=0,\"\",VLOOKUP(C1218,BNCDADOS!$A:$G,2,0))","v":"BLOCO DE ANCORAGEM ARMADO, PARA CURVA 11°, 22° E 45°, PARA O DIÂMETRO DE 400MM"},{"$f":"IF(C1218=0,\"\",VLOOKUP(C1218,BNCDADOS!$A:$G,3,0))","v":"UN"},13,{"$f":"IF(C1218=0,\"\",VLOOKUP(C1218,BNCDADOS!$A:$G,4,0))","v":481.25},{"$f":"IF(C1218=0,\"\",VLOOKUP(C1218,BNCDADOS!$A:$G,5,0))","v":595.25},{"$f":"IF(H1218=\"\",0,TRUNC(H1218*F1218,2))","v":7738.25},{"$f":"IF(C1218=0,\"\",VLOOKUP(C1218,BNCDADOS!$A:$G,6,0))","v":463.26},{"$f":"IF(C1218=0,\"\",VLOOKUP(C1218,BNCDADOS!$A:$G,7,0))","v":602.04999999999995},{"$f":"IF(K1218=\"\",0,TRUNC(K1218*F1218,2))","v":7826.65},{"$f":"SUMIF('MC - TRECHO 04'!A:A,Orçamento!A1218,'MC - TRECHO 04'!R:R)","v":13}]
["5.1.5.3",{"$f":"IF(C1219=0,\"\",VLOOKUP(C1219,BNCDADOS!$A:$H,8,0))","v":0},"COMP 12",{"$f":"IF(C1219=0,\"\",VLOOKUP(C1219,BNCDADOS!$A:$G,2,0))","v":"BLOCO DE ANCORAGEM ARMADO, PARA CURVA 90°, PARA O DIÂMETRO DE 400MM"},{"$f":"IF(C1219=0,\"\",VLOOKUP(C1219,BNCDADOS!$A:$G,3,0))","v":"UN"},{"$f":"TRUNC(M1219,2)","v":1},{"$f":"IF(C1219=0,\"\",VLOOKUP(C1219,BNCDADOS!$A:$G,4,0))","v":742.96},{"$f":"IF(C1219=0,\"\",VLOOKUP(C1219,BNCDADOS!$A:$G,5,0))","v":918.96},{"$f":"IF(H1219=\"\",0,TRUNC(H1219*F1219,2))","v":918.96},{"$f":"IF(C1219=0,\"\",VLOOKUP(C1219,BNCDADOS!$A:$G,6,0))","v":715.67000000000007},{"$f":"IF(C1219=0,\"\",VLOOKUP(C1219,BNCDADOS!$A:$G,7,0))","v":930.08},{"$f":"IF(K1219=\"\",0,TRUNC(K1219*F1219,2))","v":930.08},{"$f":"SUMIF('MC - TRECHO 04'!A:A,Orçamento!A1219,'MC - TRECHO 04'!R:R)","v":1}]
["5.1.6",{"$f":"IF(C1220=0,\"\",VLOOKUP(C1220,BNCDADOS!$A:$G,8,0))","v":""},null,"DIVERSOS",{"$f":"IF(C1220=0,\"\",VLOOKUP(C1220,BNCDADOS!$A:$G,3,0))","v":""},0,{"$f":"IF(C1220=0,\"\",VLOOKUP(C1220,BNCDADOS!$A:$G,4,0))","v":""},{"$f":"IF(C1220=0,\"\",VLOOKUP(C1220,BNCDADOS!$A:$G,5,0))","v":""},{"$f":"SUM(I1221:I1222)","v":180981.72999999998},{"$f":"IF(C1220=0,\"\",VLOOKUP(C1220,BNCDADOS!$A:$G,6,0))","v":""},{"$f":"IF(C1220=0,\"\",VLOOKUP(C1220,BNCDADOS!$A:$G,7,0))","v":""},{"$f":"SUM(L1221:L1222)","v":179031.03},0]
["5.1.6.1",{"$f":"IF(C1221=0,\"\",VLOOKUP(C1221,BNCDADOS!$A:$H,8,0))","v":0},"COMP 05",{"$f":"IF(C1221=0,\"\",VLOOKUP(C1221,BNCDADOS!$A:$G,2,0))","v":"LIMPEZA, DESINFECÇÃO E TESTE DE REDES E ADUTORAS DE ABASTECIMENTO DE ÁGUA"},{"$f":"IF(C1221=0,\"\",VLOOKUP(C1221,BNCDADOS!$A:$G,3,0))","v":"M"},21674.46,{"$f":"IF(C1221=0,\"\",VLOOKUP(C1221,BNCDADOS!$A:$G,4,0))","v":5.16},{"$f":"IF(C1221=0,\"\",VLOOKUP(C1221,BNCDADOS!$A:$G,5,0))","v":6.38},{"$f":"IF(H1221=\"\",0,TRUNC(H1221*F1221,2))","v":138283.04999999999},{"$f":"IF(C1221=0,\"\",VLOOKUP(C1221,BNCDADOS!$A:$G,6,0))","v":4.9399999999999995},{"$f":"IF(C1221=0,\"\",VLOOKUP(C1221,BNCDADOS!$A:$G,7,0))","v":6.42},{"$f":"IF(K1221=\"\",0,TRUNC(K1221*F1221,2))","v":139150.03},{"$f":"SUMIF('MC - TRECHO 04'!A:A,Orçamento!A1221,'MC - TRECHO 04'!R:R)","v":21674.46}]
["5.1.6.2",{"$f":"IF(C1222=0,\"\",VLOOKUP(C1222,BNCDADOS!$A:$H,8,0))","v":"caern"},2220075,{"$f":"IF(C1222=0,\"\",VLOOKUP(C1222,BNCDADOS!$A:$G,2,0))","v":"CADASTRO DE ADUTORAS, COLETORES, INTERCEPTORES E EMISSÁRIOS - INCLUSIVE DESENHISTA. R_11/2021"},{"$f":"IF(C1222=0,\"\",VLOOKUP(C1222,BNCDADOS!$A:$G,3,0))","v":"M"},21674.46,{"$f":"IF(C1222=0,\"\",VLOOKUP(C1222,BNCDADOS!$A:$G,4,0))","v":1.6},{"$f":"IF(C1222=0,\"\",VLOOKUP(C1222,BNCDADOS!$A:$G,5,0))","v":1.97},{"$f":"IF(H1222=\"\",0,TRUNC(H1222*F1222,2))","v":42698.68},{"$f":"IF(C1222=0,\"\",VLOOKUP(C1222,BNCDADOS!$A:$G,6,0))","v":1.4200000000000002},{"$f":"IF(C1222=0,\"\",VLOOKUP(C1222,BNCDADOS!$A:$G,7,0))","v":1.84},{"$f":"IF(K1222=\"\",0,TRUNC(K1222*F1222,2))","v":39881},{"$f":"SUMIF('MC - TRECHO 04'!A:A,Orçamento!A1222,'MC - TRECHO 04'!R:R)","v":21674.46}]
[null,{"$f":"IF(C1223=0,\"\",VLOOKUP(C1223,BNCDADOS!$A:$H,8,0))","v":""},null,{"$f":"IF(C1223=0,\"\",VLOOKUP(C1223,BNCDADOS!$A:$G,2,0))","v":""},{"$f":"IF(C1223=0,\"\",VLOOKUP(C1223,BNCDADOS!$A:$G,3,0))","v":""},0,{"$f":"IF(C1223=0,\"\",VLOOKUP(C1223,BNCDADOS!$A:$G,4,0))","v":""},{"$f":"IF(C1223=0,\"\",VLOOKUP(C1223,BNCDADOS!$A:$G,5,0))","v":""},{"$f":"IF(H1223=\"\",0,TRUNC(H1223*F1223,2))","v":0},{"$f":"IF(C1223=0,\"\",VLOOKUP(C1223,BNCDADOS!$A:$G,6,0))","v":""},{"$f":"IF(C1223=0,\"\",VLOOKUP(C1223,BNCDADOS!$A:$G,7,0))","v":""},{"$f":"IF(K1223=\"\",0,TRUNC(K1223*F1223,2))","v":0},0]
["5.2",null,null,"SERVIÇOS_ADUTORA TRECHO 04.02_EEAT 04 Ä SERRINHA",{"$nulls":4},{"$f":"SUM(I1225,I1237,I1259,I1272,I1280,I1252)","v":2419621},null,null,{"$f":"SUM(L1225,L1237,L1259,L1272,L1280,L1252)","v":2456925.2000000002}]
["5.2.1",{"$f":"IF(C1225=0,\"\",VLOOKUP(C1225,BNCDADOS!$A:$G,8,0))","v":""},null,"SERVIÇOS PRELIMINARES",{"$f":"IF(C1225=0,\"\",VLOOKUP(C1225,BNCDADOS!$A:$G,3,0))","v":""},{"$f":"TRUNC(M1225,2)","v":0},{"$f":"IF(C1225=0,\"\",VLOOKUP(C1225,BNCDADOS!$A:$G,4,0))","v":""},{"$f":"IF(C1225=0,\"\",VLOOKUP(C1225,BNCDADOS!$A:$G,5,0))","v":""},{"$f":"SUM(I1226:I1236)","v":124207.23999999999},{"$f":"IF(C1225=0,\"\",VLOOKUP(C1225,BNCDADOS!$A:$G,6,0))","v":""},{"$f":"IF(C1225=0,\"\",VLOOKUP(C1225,BNCDADOS!$A:$G,7,0))","v":""},{"$f":"SUM(L1226:L1236)","v":124558.72}]
["5.2.1.1",{"$f":"IF(C1226=0,\"\",VLOOKUP(C1226,BNCDADOS!$A:$H,8,0))","v":"caern"},2010050,{"$f":"IF(C1226=0,\"\",VLOOKUP(C1226,BNCDADOS!$A:$G,2,0))","v":"LOCAÇÃO DE ADUTORAS, COLETORES TRONCO E INTERCEPTORES - COM AUXÍLIO DE EQUIPAMENTO TOPOGRÁFICO. R_11/2018"},{"$f":"IF(C1226=0,\"\",VLOOKUP(C1226,BNCDADOS!$A:$G,3,0))","v":"M"},5828.95,{"$f":"IF(C1226=0,\"\",VLOOKUP(C1226,BNCDADOS!$A:$G,4,0))","v":2.56},{"$f":"IF(C1226=0,\"\",VLOOKUP(C1226,BNCDADOS!$A:$G,5,0))","v":3.16},{"$f":"IF(H1226=\"\",0,TRUNC(H1226*F1226,2))","v":18419.48},{"$f":"IF(C1226=0,\"\",VLOOKUP(C1226,BNCDADOS!$A:$G,6,0))","v":2.2400000000000002},{"$f":"IF(C1226=0,\"\",VLOOKUP(C1226,BNCDADOS!$A:$G,7,0))","v":2.91},{"$f":"IF(K1226=\"\",0,TRUNC(K1226*F1226,2))","v":16962.240000000002},{"$f":"SUMIF('MC - TRECHO 04'!A:A,Orçamento!A1226,'MC - TRECHO 04'!R:R)","v":5828.95}]
["5.2.1.2",{"$f":"IF(C1227=0,\"\",VLOOKUP(C1227,BNCDADOS!$A:$H,8,0))","v":"SINAPI/RN\nSERVIÇO"},98525,{"$f":"IF(C1227=0,\"\",VLOOKUP(C1227,BNCDADOS!$A:$G,2,0))","v":"LIMPEZA MECANIZADA DE CAMADA VEGETAL, VEGETAÇÃO E PEQUENAS ÁRVORES (DIÂMETRO DE TRONCO MENOR QUE 0,20 M), COM TRATOR DE ESTEIRAS. AF_03/2024"},{"$f":"IF(C1227=0,\"\",VLOOKUP(C1227,BNCDADOS!$A:$G,3,0))","v":"M2"},24180.43,{"$f":"IF(C1227=0,\"\",VLOOKUP(C1227,BNCDADOS!$A:$G,4,0))","v":"0,61"},{"$f":"IF(C1227=0,\"\",VLOOKUP(C1227,BNCDADOS!$A:$G,5,0))","v":0.75},18135.32,{"$f":"IF(C1227=0,\"\",VLOOKUP(C1227,BNCDADOS!$A:$G,6,0))","v":"0,58"},{"$f":"IF(C1227=0,\"\",VLOOKUP(C1227,BNCDADOS!$A:$G,7,0))","v":0.75},18135.32,{"$f":"SUMIF('MC - TRECHO 04'!A:A,Orçamento!A1227,'MC - TRECHO 04'!R:R)","v":24180.43}]
["5.2.1.3",{"$f":"IF(C1228=0,\"\",VLOOKUP(C1228,BNCDADOS!$A:$H,8,0))","v":"caern"},2010053,{"$f":"IF(C1228=0,\"\",VLOOKUP(C1228,BNCDADOS!$A:$G,2,0))","v":"SINALIZAÇÃO DE OBRA COM TELA TAPUME, COR LARANJA, COM SUPORTE A CADA 2M E PLACA DE SINALIZAÇÃO SOBRE CAVALETE. INC_11/2019"},{"$f":"IF(C1228=0,\"\",VLOOKUP(C1228,BNCDADOS!$A:$G,3,0))","v":"M"},11657.9,{"$f":"IF(C1228=0,\"\",VLOOKUP(C1228,BNCDADOS!$A:$G,4,0))","v":4.54},{"$f":"IF(C1228=0,\"\",VLOOKUP(C1228,BNCDADOS!$A:$G,5,0))","v":5.61},65400.81,{"$f":"IF(C1228=0,\"\",VLOOKUP(C1228,BNCDADOS!$A:$G,6,0))","v":4.3899999999999997},{"$f":"IF(C1228=0,\"\",VLOOKUP(C1228,BNCDADOS!$A:$G,7,0))","v":5.7},66450.03,{"$f":"SUMIF('MC - TRECHO 04'!A:A,Orçamento!A1228,'MC - TRECHO 04'!R:R)","v":11657.9}]
["5.2.1.4",{"$f":"IF(C1229=0,\"\",VLOOKUP(C1229,BNCDADOS!$A:$H,8,0))","v":"SINAPI/RN\nSERVIÇO"},97054,{"$f":"IF(C1229=0,\"\",VLOOKUP(C1229,BNCDADOS!$A:$G,2,0))","v":"INSTALAÇÃO DE SINALIZADOR NOTURNO LED. AF_03/2024"},{"$f":"IF(C1229=0,\"\",VLOOKUP(C1229,BNCDADOS!$A:$G,3,0))","v":"UN"},107,{"$f":"IF(C1229=0,\"\",VLOOKUP(C1229,BNCDADOS!$A:$G,4,0))","v":"28,12"},{"$f":"IF(C1229=0,\"\",VLOOKUP(C1229,BNCDADOS!$A:$G,5,0))","v":34.78},3721.46,{"$f":"IF(C1229=0,\"\",VLOOKUP(C1229,BNCDADOS!$A:$G,6,0))","v":"27,08"},{"$f":"IF(C1229=0,\"\",VLOOKUP(C1229,BNCDADOS!$A:$G,7,0))","v":35.19},3765.33,{"$f":"SUMIF('MC - TRECHO 04'!A:A,Orçamento!A1229,'MC - TRECHO 04'!R:R)","v":107}]
["5.2.1.5",{"$f":"IF(C1230=0,\"\",VLOOKUP(C1230,BNCDADOS!$A:$H,8,0))","v":"caern"},2010037,{"$f":"IF(C1230=0,\"\",VLOOKUP(C1230,BNCDADOS!$A:$G,2,0))","v":"SONDAGEM DE INTERFERÊNCIA, ESCAVAÇÃO MANUAL DE VALA DE 0,60M ATÉ 1,30M, EM RUAS SEM PAVIMENTAÇÃO"},{"$f":"IF(C1230=0,\"\",VLOOKUP(C1230,BNCDADOS!$A:$G,3,0))","v":"M"},7.07,{"$f":"IF(C1230=0,\"\",VLOOKUP(C1230,BNCDADOS!$A:$G,4,0))","v":89.34},{"$f":"IF(C1230=0,\"\",VLOOKUP(C1230,BNCDADOS!$A:$G,5,0))","v":110.5},781.23,{"$f":"IF(C1230=0,\"\",VLOOKUP(C1230,BNCDADOS!$A:$G,6,0))","v":80.78},{"$f":"IF(C1230=0,\"\",VLOOKUP(C1230,BNCDADOS!$A:$G,7,0))","v":104.98},742.2,{"$f":"SUMIF('MC - TRECHO 04'!A:A,Orçamento!A1230,'MC - TRECHO 04'!R:R)","v":7.07}]
["5.2.1.6",{"$f":"IF(C1231=0,\"\",VLOOKUP(C1231,BNCDADOS!$A:$H,8,0))","v":"caern"},2010036,{"$f":"IF(C1231=0,\"\",VLOOKUP(C1231,BNCDADOS!$A:$G,2,0))","v":"SONDAGEM DE INTERFERÊNCIA, ESCAVAÇÃO MANUAL DE VALA DE 0,60M ATÉ 1,30M, INCLUSIVE DEMOLIÇÃO DE PAVIMENTAÇÃO EM PARALELEPÍPEDO. R_05/2023"},{"$f":"IF(C1231=0,\"\",VLOOKUP(C1231,BNCDADOS!$A:$G,3,0))","v":"M"},0.23,{"$f":"IF(C1231=0,\"\",VLOOKUP(C1231,BNCDADOS!$A:$G,4,0))","v":123.35},{"$f":"IF(C1231=0,\"\",VLOOKUP(C1231,BNCDADOS!$A:$G,5,0))","v":152.57},35.090000000000003,{"$f":"IF(C1231=0,\"\",VLOOKUP(C1231,BNCDADOS!$A:$G,6,0))","v":112.6},{"$f":"IF(C1231=0,\"\",VLOOKUP(C1231,BNCDADOS!$A:$G,7,0))","v":146.33000000000001},33.65,{"$f":"SUMIF('MC - TRECHO 04'!A:A,Orçamento!A1231,'MC - TRECHO 04'!R:R)","v":0.23}]
["5.2.1.7",{"$f":"IF(C1232=0,\"\",VLOOKUP(C1232,BNCDADOS!$A:$H,8,0))","v":"caern"},2010035,{"$f":"IF(C1232=0,\"\",VLOOKUP(C1232,BNCDADOS!$A:$G,2,0))","v":"SONDAGEM DE INTERFERÊNCIA, ESCAVAÇÃO MANUAL DE VALA DE 0,60M ATÉ 1,30M, INCLUSIVE DEMOLIÇÃO DE PAVIMENTAÇÃO ASFÁLTICA. R_05/2023"},{"$f":"IF(C1232=0,\"\",VLOOKUP(C1232,BNCDADOS!$A:$G,3,0))","v":"M"},1.45,{"$f":"IF(C1232=0,\"\",VLOOKUP(C1232,BNCDADOS!$A:$G,4,0))","v":181.57},{"$f":"IF(C1232=0,\"\",VLOOKUP(C1232,BNCDADOS!$A:$G,5,0))","v":224.58},325.64,{"$f":"IF(C1232=0,\"\",VLOOKUP(C1232,BNCDADOS!$A:$G,6,0))","v":169.89},{"$f":"IF(C1232=0,\"\",VLOOKUP(C1232,BNCDADOS!$A:$G,7,0))","v":220.78},320.13,{"$f":"SUMIF('MC - TRECHO 04'!A:A,Orçamento!A1232,'MC - TRECHO 04'!R:R)","v":1.45}]
["5.2.1.8",{"$f":"IF(C1233=0,\"\",VLOOKUP(C1233,BNCDADOS!$A:$H,8,0))","v":0},"COMP 06",{"$f":"IF(C1233=0,\"\",VLOOKUP(C1233,BNCDADOS!$A:$G,2,0))","v":"PLACA DE SINALIZAÇÃO DE OBRAS EM VIAS DE TRÁFEGO MONTADA EM CAVALETE METÁLICO - 1,25 X 0,4M, INCLUSO REAPROVEITAMENTO"},{"$f":"IF(C1233=0,\"\",VLOOKUP(C1233,BNCDADOS!$A:$G,3,0))","v":"UN"},6,{"$f":"IF(C1233=0,\"\",VLOOKUP(C1233,BNCDADOS!$A:$G,4,0))","v":165.20999999999998},{"$f":"IF(C1233=0,\"\",VLOOKUP(C1233,BNCDADOS!$A:$G,5,0))","v":204.34},1226.04,{"$f":"IF(C1233=0,\"\",VLOOKUP(C1233,BNCDADOS!$A:$G,6,0))","v":163.89999999999998},{"$f":"IF(C1233=0,\"\",VLOOKUP(C1233,BNCDADOS!$A:$G,7,0))","v":213},1278,{"$f":"SUMIF('MC - TRECHO 04'!A:A,Orçamento!A1233,'MC - TRECHO 04'!R:R)","v":6}]
["5.2.1.9",{"$f":"IF(C1234=0,\"\",VLOOKUP(C1234,BNCDADOS!$A:$H,8,0))","v":0},"COMP 07",{"$f":"IF(C1234=0,\"\",VLOOKUP(C1234,BNCDADOS!$A:$G,2,0))","v":"PLACA DE SINALIZAÇÃO DE OBRAS EM VIAS DE TRÁFEGO MONTADA EM CAVALETE METÁLICO - 1,25 X 0,8M, INCLUSO REAPROVEITAMENTO"},{"$f":"IF(C1234=0,\"\",VLOOKUP(C1234,BNCDADOS!$A:$G,3,0))","v":"UN"},4,{"$f":"IF(C1234=0,\"\",VLOOKUP(C1234,BNCDADOS!$A:$G,4,0))","v":326.82},{"$f":"IF(C1234=0,\"\",VLOOKUP(C1234,BNCDADOS!$A:$G,5,0))","v":404.24},1616.96,{"$f":"IF(C1234=0,\"\",VLOOKUP(C1234,BNCDADOS!$A:$G,6,0))","v":324.2},{"$f":"IF(C1234=0,\"\",VLOOKUP(C1234,BNCDADOS!$A:$G,7,0))","v":421.33},1685.32,{"$f":"SUMIF('MC - TRECHO 04'!A:A,Orçamento!A1234,'MC - TRECHO 04'!R:R)","v":4}]
["5.2.1.10",{"$f":"IF(C1235=0,\"\",VLOOKUP(C1235,BNCDADOS!$A:$H,8,0))","v":0},"COMP 01",{"$f":"IF(C1235=0,\"\",VLOOKUP(C1235,BNCDADOS!$A:$G,2,0))","v":"CANTEIRO ITINERANTE COMPOSTO DE TOLDO, CONJUNTO DE MESA E CADEIRAS E BANHEIRO QUÍMICO COM LIMPEZA DIÁRIA INCLUSO COLETA E DESTINAÇÃO FINAL DE EFLUENTES"},{"$f":"IF(C1235=0,\"\",VLOOKUP(C1235,BNCDADOS!$A:$G,3,0))","v":"UN"},8.33,{"$f":"IF(C1235=0,\"\",VLOOKUP(C1235,BNCDADOS!$A:$G,4,0))","v":1007.4399999999999},{"$f":"IF(C1235=0,\"\",VLOOKUP(C1235,BNCDADOS!$A:$G,5,0))","v":1246.0999999999999},10380.01,{"$f":"IF(C1235=0,\"\",VLOOKUP(C1235,BNCDADOS!$A:$G,6,0))","v":1006.4399999999999},{"$f":"IF(C1235=0,\"\",VLOOKUP(C1235,BNCDADOS!$A:$G,7,0))","v":1307.96},10895.3,{"$f":"SUMIF('MC - TRECHO 04'!A:A,Orçamento!A1235,'MC - TRECHO 04'!R:R)","v":8.33}]
["5.2.1.11",{"$f":"IF(C1236=0,\"\",VLOOKUP(C1236,BNCDADOS!$A:$H,8,0))","v":"caern"},2010007,{"$f":"IF(C1236=0,\"\",VLOOKUP(C1236,BNCDADOS!$A:$G,2,0))","v":"REBAIXAMENTO DE LENÇOL FREÁTICO COM PONTEIRAS FILTRANTES EM ÁREAS. R_05/2019"},{"$f":"IF(C1236=0,\"\",VLOOKUP(C1236,BNCDADOS!$A:$G,3,0))","v":"PTXDIA"},120,{"$f":"IF(C1236=0,\"\",VLOOKUP(C1236,BNCDADOS!$A:$G,4,0))","v":28.07},{"$f":"IF(C1236=0,\"\",VLOOKUP(C1236,BNCDADOS!$A:$G,5,0))","v":34.71},4165.2,{"$f":"IF(C1236=0,\"\",VLOOKUP(C1236,BNCDADOS!$A:$G,6,0))","v":27.52},{"$f":"IF(C1236=0,\"\",VLOOKUP(C1236,BNCDADOS!$A:$G,7,0))","v":35.76},4291.2,{"$f":"SUMIF('MC - TRECHO 04'!A:A,Orçamento!A1236,'MC - TRECHO 04'!R:R)","v":120}]
["5.2.2",{"$f":"IF(C1237=0,\"\",VLOOKUP(C1237,BNCDADOS!$A:$G,8,0))","v":""},null,"MOVIMENTO DE TERRA",{"$f":"IF(C1237=0,\"\",VLOOKUP(C1237,BNCDADOS!$A:$G,3,0))","v":""},0,{"$f":"IF(C1237=0,\"\",VLOOKUP(C1237,BNCDADOS!$A:$G,4,0))","v":""},{"$f":"IF(C1237=0,\"\",VLOOKUP(C1237,BNCDADOS!$A:$G,5,0))","v":""},{"$f":"SUM(I1238:I1251)","v":807691.92},{"$f":"IF(C1237=0,\"\",VLOOKUP(C1237,BNCDADOS!$A:$G,6,0))","v":""},{"$f":"IF(C1237=0,\"\",VLOOKUP(C1237,BNCDADOS!$A:$G,7,0))","v":""},{"$f":"SUM(L1238:L1251)","v":820870.26000000013},0]
["5.2.2.1",{"$f":"IF(C1238=0,\"\",VLOOKUP(C1238,BNCDADOS!$A:$H,8,0))","v":0},"COMP 02",{"$f":"IF(C1238=0,\"\",VLOOKUP(C1238,BNCDADOS!$A:$G,2,0))","v":"ESCAVAÇÃO MANUAL DE VALA COM PROFUNDIDADE MENOR OU IGUAL A 2,00 M"},{"$f":"IF(C1238=0,\"\",VLOOKUP(C1238,BNCDADOS!$A:$G,3,0))","v":"M³"},89.66,{"$f":"IF(C1238=0,\"\",VLOOKUP(C1238,BNCDADOS!$A:$G,4,0))","v":81.489999999999995},{"$f":"IF(C1238=0,\"\",VLOOKUP(C1238,BNCDADOS!$A:$G,5,0))","v":100.79},{"$f":"IF(H1238=\"\",0,TRUNC(H1238*F1238,2))","v":9036.83},{"$f":"IF(C1238=0,\"\",VLOOKUP(C1238,BNCDADOS!$A:$G,6,0))","v":73.58},{"$f":"IF(C1238=0,\"\",VLOOKUP(C1238,BNCDADOS!$A:$G,7,0))","v":95.62},{"$f":"IF(K1238=\"\",0,TRUNC(K1238*F1238,2))","v":8573.2800000000007},{"$f":"SUMIF('MC - TRECHO 04'!A:A,Orçamento!A1238,'MC - TRECHO 04'!R:R)","v":89.66}]
["5.2.2.2",{"$f":"IF(C1239=0,\"\",VLOOKUP(C1239,BNCDADOS!$A:$H,8,0))","v":"SINAPI/RN\nSERVIÇO"},90106,{"$f":"IF(C1239=0,\"\",VLOOKUP(C1239,BNCDADOS!$A:$G,2,0))","v":"ESCAVAÇÃO MECANIZADA DE VALA COM PROFUNDIDADE ATÉ 1,5 M (MÉDIA MONTANTE E JUSANTE/UMA COMPOSIÇÃO POR TRECHO), RETROESCAV. (0,26 M3), LARGURA DE 0,8 M A 1,5 M, EM SOLO DE 1A CATEGORIA, LOCAIS COM BAIXO NÍVEL DE INTERFERÊNCIA. AF_02/2021"},{"$f":"IF(C1239=0,\"\",VLOOKUP(C1239,BNCDADOS!$A:$G,3,0))","v":"M3"},4575.8100000000004,{"$f":"IF(C1239=0,\"\",VLOOKUP(C1239,BNCDADOS!$A:$G,4,0))","v":"7,49"},{"$f":"IF(C1239=0,\"\",VLOOKUP(C1239,BNCDADOS!$A:$G,5,0))","v":9.26},42372,{"$f":"IF(C1239=0,\"\",VLOOKUP(C1239,BNCDADOS!$A:$G,6,0))","v":"7,12"},{"$f":"IF(C1239=0,\"\",VLOOKUP(C1239,BNCDADOS!$A:$G,7,0))","v":9.25},42326.239999999998,{"$f":"SUMIF('MC - TRECHO 04'!A:A,Orçamento!A1239,'MC - TRECHO 04'!R:R)","v":4575.8100000000004}]
["5.2.2.3",{"$f":"IF(C1240=0,\"\",VLOOKUP(C1240,BNCDADOS!$A:$H,8,0))","v":"SINAPI/RN\nSERVIÇO"},90091,{"$f":"IF(C1240=0,\"\",VLOOKUP(C1240,BNCDADOS!$A:$G,2,0))","v":"ESCAVAÇÃO MECANIZADA DE VALA COM PROF. ATÉ 1,5 M (MÉDIA MONTANTE E JUSANTE/UMA COMPOSIÇÃO POR TRECHO), ESCAVADEIRA (0,8 M3), LARG. DE 1,5 M A 2,5 M, EM SOLO DE 1A CATEGORIA, LOCAIS COM BAIXO NÍVEL DE INTERFERÊNCIA. AF_02/2021"},{"$f":"IF(C1240=0,\"\",VLOOKUP(C1240,BNCDADOS!$A:$G,3,0))","v":"M3"},2955.99,{"$f":"IF(C1240=0,\"\",VLOOKUP(C1240,BNCDADOS!$A:$G,4,0))","v":"6,26"},{"$f":"IF(C1240=0,\"\",VLOOKUP(C1240,BNCDADOS!$A:$G,5,0))","v":7.74},22879.360000000001,{"$f":"IF(C1240=0,\"\",VLOOKUP(C1240,BNCDADOS!$A:$G,6,0))","v":"6,04"},{"$f":"IF(C1240=0,\"\",VLOOKUP(C1240,BNCDADOS!$A:$G,7,0))","v":7.84},23174.959999999999,{"$f":"SUMIF('MC - TRECHO 04'!A:A,Orçamento!A1240,'MC - TRECHO 04'!R:R)","v":2955.99}]
["5.2.2.4",{"$f":"IF(C1241=0,\"\",VLOOKUP(C1241,BNCDADOS!$A:$H,8,0))","v":"SINAPI/RN\nSERVIÇO"},102327,{"$f":"IF(C1241=0,\"\",VLOOKUP(C1241,BNCDADOS!$A:$G,2,0))","v":"ESCAVAÇÃO MECANIZADA DE VALA COM PROF. ATÉ 1,5 M (MÉDIA MONTANTE E JUSANTE/UMA COMPOSIÇÃO POR TRECHO), RETROESCAV. (0,26 M3 ), LARG. DE 0,8 M A 1,5 M, EM SOLO DE 2A CATEGORIA, EM LOCAIS COM BAIXO NÍVEL DE INTERFERÊNCIA. AF_02/2021"},{"$f":"IF(C1241=0,\"\",VLOOKUP(C1241,BNCDADOS!$A:$G,3,0))","v":"M3"},1344.96,{"$f":"IF(C1241=0,\"\",VLOOKUP(C1241,BNCDADOS!$A:$G,4,0))","v":"9,37"},{"$f":"IF(C1241=0,\"\",VLOOKUP(C1241,BNCDADOS!$A:$G,5,0))","v":11.58},15574.63,{"$f":"IF(C1241=0,\"\",VLOOKUP(C1241,BNCDADOS!$A:$G,6,0))","v":"8,89"},{"$f":"IF(C1241=0,\"\",VLOOKUP(C1241,BNCDADOS!$A:$G,7,0))","v":11.55},15534.28,{"$f":"SUMIF('MC - TRECHO 04'!A:A,Orçamento!A1241,'MC - TRECHO 04'!R:R)","v":1344.96}]
["5.2.2.5",{"$f":"IF(C1242=0,\"\",VLOOKUP(C1242,BNCDADOS!$A:$H,8,0))","v":"SINAPI/RN\nSERVIÇO"},101622,{"$f":"IF(C1242=0,\"\",VLOOKUP(C1242,BNCDADOS!$A:$G,2,0))","v":"PREPARO DE FUNDO DE VALA COM LARGURA MENOR QUE 1,5 M, COM CAMADA DE AREIA, LANÇAMENTO MECANIZADO. AF_08/2020"},{"$f":"IF(C1242=0,\"\",VLOOKUP(C1242,BNCDADOS!$A:$G,3,0))","v":"M3"},307.14999999999998,{"$f":"IF(C1242=0,\"\",VLOOKUP(C1242,BNCDADOS!$A:$G,4,0))","v":"194,81"},{"$f":"IF(C1242=0,\"\",VLOOKUP(C1242,BNCDADOS!$A:$G,5,0))","v":240.96},74010.86,{"$f":"IF(C1242=0,\"\",VLOOKUP(C1242,BNCDADOS!$A:$G,6,0))","v":"187,51"},{"$f":"IF(C1242=0,\"\",VLOOKUP(C1242,BNCDADOS!$A:$G,7,0))","v":243.68},74846.31,{"$f":"SUMIF('MC - TRECHO 04'!A:A,Orçamento!A1242,'MC - TRECHO 04'!R:R)","v":307.14999999999998}]
["5.2.2.6",{"$f":"IF(C1243=0,\"\",VLOOKUP(C1243,BNCDADOS!$A:$H,8,0))","v":"SINAPI/RN\nSERVIÇO"},101625,{"$f":"IF(C1243=0,\"\",VLOOKUP(C1243,BNCDADOS!$A:$G,2,0))","v":"PREPARO DE FUNDO DE VALA COM LARGURA MAIOR OU IGUAL A 1,5 M E MENOR QUE 2,5 M, COM CAMADA DE AREIA, LANÇAMENTO MECANIZADO. AF_08/2020"},{"$f":"IF(C1243=0,\"\",VLOOKUP(C1243,BNCDADOS!$A:$G,3,0))","v":"M3"},173.25,{"$f":"IF(C1243=0,\"\",VLOOKUP(C1243,BNCDADOS!$A:$G,4,0))","v":"155,31"},{"$f":"IF(C1243=0,\"\",VLOOKUP(C1243,BNCDADOS!$A:$G,5,0))","v":192.1},33281.32,{"$f":"IF(C1243=0,\"\",VLOOKUP(C1243,BNCDADOS!$A:$G,6,0))","v":"151,04"},{"$f":"IF(C1243=0,\"\",VLOOKUP(C1243,BNCDADOS!$A:$G,7,0))","v":196.29},34007.24,{"$f":"SUMIF('MC - TRECHO 04'!A:A,Orçamento!A1243,'MC - TRECHO 04'!R:R)","v":173.25}]
["5.2.2.7",{"$f":"IF(C1244=0,\"\",VLOOKUP(C1244,BNCDADOS!$A:$H,8,0))","v":"caern"},2040103,{"$f":"IF(C1244=0,\"\",VLOOKUP(C1244,BNCDADOS!$A:$G,2,0))","v":"ESCORAMENTO DE VALA, TIPO BLINDAGEM, COM PROFUNDIDADE DE 0 A 1,5 M, LARGURA MAIOR OU IGUAL A 1,5 M E MENOR QUE 2,5 M - EXECUÇÃO E FORNECIMENTO, INCLUI MATERIAL. R_11/2020"},{"$f":"IF(C1244=0,\"\",VLOOKUP(C1244,BNCDADOS!$A:$G,3,0))","v":"M²"},4926.03,{"$f":"IF(C1244=0,\"\",VLOOKUP(C1244,BNCDADOS!$A:$G,4,0))","v":27.050000000000004},{"$f":"IF(C1244=0,\"\",VLOOKUP(C1244,BNCDADOS!$A:$G,5,0))","v":33.450000000000003},164775.70000000001,{"$f":"IF(C1244=0,\"\",VLOOKUP(C1244,BNCDADOS!$A:$G,6,0))","v":25.79},{"$f":"IF(C1244=0,\"\",VLOOKUP(C1244,BNCDADOS!$A:$G,7,0))","v":33.51},165071.26,{"$f":"SUMIF('MC - TRECHO 04'!A:A,Orçamento!A1244,'MC - TRECHO 04'!R:R)","v":4926.03}]
["5.2.2.8",{"$f":"IF(C1245=0,\"\",VLOOKUP(C1245,BNCDADOS!$A:$H,8,0))","v":"SINAPI/RN\nSERVIÇO"},94339,{"$f":"IF(C1245=0,\"\",VLOOKUP(C1245,BNCDADOS!$A:$G,2,0))","v":"ATERRO MECANIZADO DE VALA COM RETROESCAVADEIRA (CAPACIDADE DA CAÇAMBA DA RETRO: 0,26 M³/POTÊNCIA: 88 HP), LARGURA ATÉ 1,5 M, PROFUNDIDADE ATÉ 1,5 M, COM AREIA PARA ATERRO. AF_08/2023"},{"$f":"IF(C1245=0,\"\",VLOOKUP(C1245,BNCDADOS!$A:$G,3,0))","v":"M3"},1032.68,{"$f":"IF(C1245=0,\"\",VLOOKUP(C1245,BNCDADOS!$A:$G,4,0))","v":"80,49"},{"$f":"IF(C1245=0,\"\",VLOOKUP(C1245,BNCDADOS!$A:$G,5,0))","v":99.55},102803.29,{"$f":"IF(C1245=0,\"\",VLOOKUP(C1245,BNCDADOS!$A:$G,6,0))","v":"79,47"},{"$f":"IF(C1245=0,\"\",VLOOKUP(C1245,BNCDADOS!$A:$G,7,0))","v":103.27},106644.86,{"$f":"SUMIF('MC - TRECHO 04'!A:A,Orçamento!A1245,'MC - TRECHO 04'!R:R)","v":1032.68}]
["5.2.2.9",{"$f":"IF(C1246=0,\"\",VLOOKUP(C1246,BNCDADOS!$A:$H,8,0))","v":"SINAPI/RN\nSERVIÇO"},94327,{"$f":"IF(C1246=0,\"\",VLOOKUP(C1246,BNCDADOS!$A:$G,2,0))","v":"ATERRO MECANIZADO DE VALA COM ESCAVADEIRA HIDRÁULICA (CAPACIDADE DA CAÇAMBA: 0,8 M³/POTÊNCIA: 111 HP), LARGURA ATÉ 2,5 M, PROFUNDIDADE ATÉ 1,5 M, COM AREIA PARA ATERRO. AF_08/2023"},{"$f":"IF(C1246=0,\"\",VLOOKUP(C1246,BNCDADOS!$A:$G,3,0))","v":"M3"},1572.89,{"$f":"IF(C1246=0,\"\",VLOOKUP(C1246,BNCDADOS!$A:$G,4,0))","v":"85,91"},{"$f":"IF(C1246=0,\"\",VLOOKUP(C1246,BNCDADOS!$A:$G,5,0))","v":106.26},167135.29,{"$f":"IF(C1246=0,\"\",VLOOKUP(C1246,BNCDADOS!$A:$G,6,0))","v":"84,91"},{"$f":"IF(C1246=0,\"\",VLOOKUP(C1246,BNCDADOS!$A:$G,7,0))","v":110.34},173552.68,{"$f":"SUMIF('MC - TRECHO 04'!A:A,Orçamento!A1246,'MC - TRECHO 04'!R:R)","v":1572.89}]
["5.2.2.10",{"$f":"IF(C1247=0,\"\",VLOOKUP(C1247,BNCDADOS!$A:$H,8,0))","v":"SINAPI/RN\nSERVIÇO"},93378,{"$f":"IF(C1247=0,\"\",VLOOKUP(C1247,BNCDADOS!$A:$G,2,0))","v":"REATERRO MECANIZADO DE VALA COM RETROESCAVADEIRA (CAPACIDADE DA CAÇAMBA   DA RETRO: 0,26 M³/POTÊNCIA: 88 HP), LARGURA ATÉ 0,8 M, PROFUNDIDADE ATÉ 1,5 M, COM SOLO (SEM SUBSTITUIÇÃO) DE 1ª CATEGORIA, COM COMPACTADOR DE SOLOS DE PERCUSSÃO. AF_08/2023"},{"$f":"IF(C1247=0,\"\",VLOOKUP(C1247,BNCDADOS!$A:$G,3,0))","v":"M3"},2409.58,{"$f":"IF(C1247=0,\"\",VLOOKUP(C1247,BNCDADOS!$A:$G,4,0))","v":"23,40"},{"$f":"IF(C1247=0,\"\",VLOOKUP(C1247,BNCDADOS!$A:$G,5,0))","v":28.94},69733.240000000005,{"$f":"IF(C1247=0,\"\",VLOOKUP(C1247,BNCDADOS!$A:$G,6,0))","v":"22,08"},{"$f":"IF(C1247=0,\"\",VLOOKUP(C1247,BNCDADOS!$A:$G,7,0))","v":28.69},69130.850000000006,{"$f":"SUMIF('MC - TRECHO 04'!A:A,Orçamento!A1247,'MC - TRECHO 04'!R:R)","v":2409.58}]
["5.2.2.11",{"$f":"IF(C1248=0,\"\",VLOOKUP(C1248,BNCDADOS!$A:$H,8,0))","v":"SINAPI/RN\nSERVIÇO"},104728,{"$f":"IF(C1248=0,\"\",VLOOKUP(C1248,BNCDADOS!$A:$G,2,0))","v":"REATERRO MECANIZADO DE VALA COM ESCAVADEIRA HIDRÁULICA (CAPACIDADE DA CAÇAMBA: 0,8 M³/POTÊNCIA: 111 HP), LARGURA DE 1,5 A 2,5 M, PROFUNDIDADE ATÉ 1,5 M, COM SOLO (SEM SUBSTITUIÇÃO) DE 1ª CATEGORIA, COM PLACA VIBRATÓRIA. AF_08/2023"},{"$f":"IF(C1248=0,\"\",VLOOKUP(C1248,BNCDADOS!$A:$G,3,0))","v":"M3"},3670.08,{"$f":"IF(C1248=0,\"\",VLOOKUP(C1248,BNCDADOS!$A:$G,4,0))","v":"19,58"},{"$f":"IF(C1248=0,\"\",VLOOKUP(C1248,BNCDADOS!$A:$G,5,0))","v":24.21},88852.63,{"$f":"IF(C1248=0,\"\",VLOOKUP(C1248,BNCDADOS!$A:$G,6,0))","v":"18,92"},{"$f":"IF(C1248=0,\"\",VLOOKUP(C1248,BNCDADOS!$A:$G,7,0))","v":24.58},90210.559999999998,{"$f":"SUMIF('MC - TRECHO 04'!A:A,Orçamento!A1248,'MC - TRECHO 04'!R:R)","v":3670.08}]
["5.2.2.12",{"$f":"IF(C1249=0,\"\",VLOOKUP(C1249,BNCDADOS!$A:$H,8,0))","v":"SINAPI/RN\nSERVIÇO"},100574,{"$f":"IF(C1249=0,\"\",VLOOKUP(C1249,BNCDADOS!$A:$G,2,0))","v":"ESPALHAMENTO DE MATERIAL COM TRATOR DE ESTEIRAS. AF_11/2019"},{"$f":"IF(C1249=0,\"\",VLOOKUP(C1249,BNCDADOS!$A:$G,3,0))","v":"M3"},{"$f":"TRUNC(M1249,2)","v":3356.58},{"$f":"IF(C1249=0,\"\",VLOOKUP(C1249,BNCDADOS!$A:$G,4,0))","v":"1,43"},{"$f":"IF(C1249=0,\"\",VLOOKUP(C1249,BNCDADOS!$A:$G,5,0))","v":1.76},{"$f":"IF(H1249=\"\",0,TRUNC(H1249*F1249,2))","v":5907.58},{"$f":"IF(C1249=0,\"\",VLOOKUP(C1249,BNCDADOS!$A:$G,6,0))","v":"1,38"},{"$f":"IF(C1249=0,\"\",VLOOKUP(C1249,BNCDADOS!$A:$G,7,0))","v":1.79},{"$f":"IF(K1249=\"\",0,TRUNC(K1249*F1249,2))","v":6008.27},{"$f":"SUMIF('MC - TRECHO 04'!A:A,Orçamento!A1249,'MC - TRECHO 04'!R:R)","v":3356.58}]
["5.2.2.13",{"$f":"IF(C1250=0,\"\",VLOOKUP(C1250,BNCDADOS!$A:$H,8,0))","v":"SINAPI/RN\nSERVIÇO"},97914,{"$f":"IF(C1250=0,\"\",VLOOKUP(C1250,BNCDADOS!$A:$G,2,0))","v":"TRANSPORTE COM CAMINHÃO BASCULANTE DE 6 M³, EM VIA URBANA PAVIMENTADA, DMT ATÉ 30 KM (UNIDADE: M3XKM). AF_07/2020"},{"$f":"IF(C1250=0,\"\",VLOOKUP(C1250,BNCDADOS!$A:$G,3,0))","v":"M3XKM"},1139.3,{"$f":"IF(C1250=0,\"\",VLOOKUP(C1250,BNCDADOS!$A:$G,4,0))","v":"3,04"},{"$f":"IF(C1250=0,\"\",VLOOKUP(C1250,BNCDADOS!$A:$G,5,0))","v":3.76},4283.76,{"$f":"IF(C1250=0,\"\",VLOOKUP(C1250,BNCDADOS!$A:$G,6,0))","v":"2,97"},{"$f":"IF(C1250=0,\"\",VLOOKUP(C1250,BNCDADOS!$A:$G,7,0))","v":3.85},4386.3,{"$f":"SUMIF('MC - TRECHO 04'!A:A,Orçamento!A1250,'MC - TRECHO 04'!R:R)","v":1139.3000000000002}]
["5.2.2.14",{"$f":"IF(C1251=0,\"\",VLOOKUP(C1251,BNCDADOS!$A:$H,8,0))","v":"caern"},2220082,{"$f":"IF(C1251=0,\"\",VLOOKUP(C1251,BNCDADOS!$A:$G,2,0))","v":"DEPOSIÇÃO FINAL DOS RESÍDUOS SÓLIDOS DA CONSTRUÇÃO CIVIL PARA MATERIAIS MISTURADOS. INC_05/2020"},{"$f":"IF(C1251=0,\"\",VLOOKUP(C1251,BNCDADOS!$A:$G,3,0))","v":"M³"},113.93,{"$f":"IF(C1251=0,\"\",VLOOKUP(C1251,BNCDADOS!$A:$G,4,0))","v":50},{"$f":"IF(C1251=0,\"\",VLOOKUP(C1251,BNCDADOS!$A:$G,5,0))","v":61.84},7045.43,{"$f":"IF(C1251=0,\"\",VLOOKUP(C1251,BNCDADOS!$A:$G,6,0))","v":50},{"$f":"IF(C1251=0,\"\",VLOOKUP(C1251,BNCDADOS!$A:$G,7,0))","v":64.98},7403.17,{"$f":"SUMIF('MC - TRECHO 04'!A:A,Orçamento!A1251,'MC - TRECHO 04'!R:R)","v":113.93}]
["5.2.3",{"$f":"IF(C1252=0,\"\",VLOOKUP(C1252,BNCDADOS!$A:$G,8,0))","v":""},null,"PAVIMENTAÇÃO",{"$f":"IF(C1252=0,\"\",VLOOKUP(C1252,BNCDADOS!$A:$G,3,0))","v":""},0,{"$f":"IF(C1252=0,\"\",VLOOKUP(C1252,BNCDADOS!$A:$G,4,0))","v":""},{"$f":"IF(C1252=0,\"\",VLOOKUP(C1252,BNCDADOS!$A:$G,5,0))","v":""},{"$f":"SUM(I1253:I1258)","v":542961.21000000008},{"$f":"IF(C1252=0,\"\",VLOOKUP(C1252,BNCDADOS!$A:$G,6,0))","v":""},{"$f":"IF(C1252=0,\"\",VLOOKUP(C1252,BNCDADOS!$A:$G,7,0))","v":""},{"$f":"SUM(L1253:L1258)","v":555964.33000000007},0]
["5.2.3.1",{"$f":"IF(C1253=0,\"\",VLOOKUP(C1253,BNCDADOS!$A:$H,8,0))","v":"caern"},2150065,{"$f":"IF(C1253=0,\"\",VLOOKUP(C1253,BNCDADOS!$A:$G,2,0))","v":"REASSENTAMENTO DE PARALELEPÍPEDOS, REJUNTAMENTO COM PEDRISCO E EMULSÃO ASFÁLTICA (BRIPAR), COM REAPROVEITAMENTO DOS PARALELEPÍPEDOS - INCLUSO RETIRADA E COLOCAÇÃO DO MATERIAL. AF_12/2020_P R_05/2022REV01"},{"$f":"IF(C1253=0,\"\",VLOOKUP(C1253,BNCDADOS!$A:$G,3,0))","v":"M²"},1980.61,{"$f":"IF(C1253=0,\"\",VLOOKUP(C1253,BNCDADOS!$A:$G,4,0))","v":128.47999999999999},{"$f":"IF(C1253=0,\"\",VLOOKUP(C1253,BNCDADOS!$A:$G,5,0))","v":158.91},{"$f":"IF(H1253=\"\",0,TRUNC(H1253*F1253,2))","v":314738.73},{"$f":"IF(C1253=0,\"\",VLOOKUP(C1253,BNCDADOS!$A:$G,6,0))","v":124.46},{"$f":"IF(C1253=0,\"\",VLOOKUP(C1253,BNCDADOS!$A:$G,7,0))","v":161.74},{"$f":"IF(K1253=\"\",0,TRUNC(K1253*F1253,2))","v":320343.86},{"$f":"SUMIF('MC - TRECHO 04'!A:A,Orçamento!A1253,'MC - TRECHO 04'!R:R)","v":1980.61}]
["5.2.3.2",{"$f":"IF(C1254=0,\"\",VLOOKUP(C1254,BNCDADOS!$A:$H,8,0))","v":"caern"},2210100,{"$f":"IF(C1254=0,\"\",VLOOKUP(C1254,BNCDADOS!$A:$G,2,0))","v":"DEMOLIÇÃO DE PAVIMENTAÇÃO ASFÁLTICA COM MARTELETE PNEUMÁTICO. R_11/2016"},{"$f":"IF(C1254=0,\"\",VLOOKUP(C1254,BNCDADOS!$A:$G,3,0))","v":"M²"},{"$f":"TRUNC(M1254,2)","v":1752.81},{"$f":"IF(C1254=0,\"\",VLOOKUP(C1254,BNCDADOS!$A:$G,4,0))","v":17.46},{"$f":"IF(C1254=0,\"\",VLOOKUP(C1254,BNCDADOS!$A:$G,5,0))","v":21.59},{"$f":"IF(H1254=\"\",0,TRUNC(H1254*F1254,2))","v":37843.160000000003},{"$f":"IF(C1254=0,\"\",VLOOKUP(C1254,BNCDADOS!$A:$G,6,0))","v":16.43},{"$f":"IF(C1254=0,\"\",VLOOKUP(C1254,BNCDADOS!$A:$G,7,0))","v":21.35},{"$f":"IF(K1254=\"\",0,TRUNC(K1254*F1254,2))","v":37422.49},{"$f":"SUMIF('MC - TRECHO 04'!A:A,Orçamento!A1254,'MC - TRECHO 04'!R:R)","v":1752.81}]
["5.2.3.3",{"$f":"IF(C1255=0,\"\",VLOOKUP(C1255,BNCDADOS!$A:$H,8,0))","v":"caern"},2150032,{"$f":"IF(C1255=0,\"\",VLOOKUP(C1255,BNCDADOS!$A:$G,2,0))","v":"RECOMPOSIÇÃO PAVIMENTO ASFÁLTICO, PARA O FECHAMENTO DE VALAS, COM CONCRETO BETUMINOSO USINADO A QUENTE (CBUQ) - DMT 20 KM. R_05/2021"},{"$f":"IF(C1255=0,\"\",VLOOKUP(C1255,BNCDADOS!$A:$G,3,0))","v":"M³"},87.64,{"$f":"IF(C1255=0,\"\",VLOOKUP(C1255,BNCDADOS!$A:$G,4,0))","v":1591.8600000000001},{"$f":"IF(C1255=0,\"\",VLOOKUP(C1255,BNCDADOS!$A:$G,5,0))","v":1968.97},172560.53,{"$f":"IF(C1255=0,\"\",VLOOKUP(C1255,BNCDADOS!$A:$G,6,0))","v":1581.5699999999997},{"$f":"IF(C1255=0,\"\",VLOOKUP(C1255,BNCDADOS!$A:$G,7,0))","v":2055.4},180135.25,{"$f":"SUMIF('MC - TRECHO 04'!A:A,Orçamento!A1255,'MC - TRECHO 04'!R:R)","v":87.64}]
["5.2.3.4",{"$f":"IF(C1256=0,\"\",VLOOKUP(C1256,BNCDADOS!$A:$H,8,0))","v":"caern"},2010038,{"$f":"IF(C1256=0,\"\",VLOOKUP(C1256,BNCDADOS!$A:$G,2,0))","v":"LIMPEZA DE RUAS (VARRIÇÃO E REMOÇÃO DE ENTULHOS), INCLUSIVE CARGA MANUAL"},{"$f":"IF(C1256=0,\"\",VLOOKUP(C1256,BNCDADOS!$A:$G,3,0))","v":"M²"},7782.44,{"$f":"IF(C1256=0,\"\",VLOOKUP(C1256,BNCDADOS!$A:$G,4,0))","v":0.54},{"$f":"IF(C1256=0,\"\",VLOOKUP(C1256,BNCDADOS!$A:$G,5,0))","v":0.66},5136.41,{"$f":"IF(C1256=0,\"\",VLOOKUP(C1256,BNCDADOS!$A:$G,6,0))","v":0.49},{"$f":"IF(C1256=0,\"\",VLOOKUP(C1256,BNCDADOS!$A:$G,7,0))","v":0.63},4902.93,{"$f":"SUMIF('MC - TRECHO 04'!A:A,Orçamento!A1256,'MC - TRECHO 04'!R:R)","v":7782.44}]
["5.2.3.5",{"$f":"IF(C1257=0,\"\",VLOOKUP(C1257,BNCDADOS!$A:$H,8,0))","v":"SINAPI/RN\nSERVIÇO"},97914,{"$f":"IF(C1257=0,\"\",VLOOKUP(C1257,BNCDADOS!$A:$G,2,0))","v":"TRANSPORTE COM CAMINHÃO BASCULANTE DE 6 M³, EM VIA URBANA PAVIMENTADA, DMT ATÉ 30 KM (UNIDADE: M3XKM). AF_07/2020"},{"$f":"IF(C1257=0,\"\",VLOOKUP(C1257,BNCDADOS!$A:$G,3,0))","v":"M3XKM"},{"$f":"TRUNC(M1257,2)","v":1643.25},{"$f":"IF(C1257=0,\"\",VLOOKUP(C1257,BNCDADOS!$A:$G,4,0))","v":"3,04"},{"$f":"IF(C1257=0,\"\",VLOOKUP(C1257,BNCDADOS!$A:$G,5,0))","v":3.76},{"$f":"IF(H1257=\"\",0,TRUNC(H1257*F1257,2))","v":6178.62},{"$f":"IF(C1257=0,\"\",VLOOKUP(C1257,BNCDADOS!$A:$G,6,0))","v":"2,97"},{"$f":"IF(C1257=0,\"\",VLOOKUP(C1257,BNCDADOS!$A:$G,7,0))","v":3.85},{"$f":"IF(K1257=\"\",0,TRUNC(K1257*F1257,2))","v":6326.51},{"$f":"SUMIF('MC - TRECHO 04'!A:A,Orçamento!A1257,'MC - TRECHO 04'!R:R)","v":1643.25}]
["5.2.3.6",{"$f":"IF(C1258=0,\"\",VLOOKUP(C1258,BNCDADOS!$A:$H,8,0))","v":"caern"},2220081,{"$f":"IF(C1258=0,\"\",VLOOKUP(C1258,BNCDADOS!$A:$G,2,0))","v":"DEPOSIÇÃO FINAL DOS RESÍDUOS SÓLIDOS DA CONSTRUÇÃO CIVIL PARA MATERIAIS CLASSE C (BETUMINOSOS E GESSO). INC_05/2020"},{"$f":"IF(C1258=0,\"\",VLOOKUP(C1258,BNCDADOS!$A:$G,3,0))","v":"M³"},87.64,{"$f":"IF(C1258=0,\"\",VLOOKUP(C1258,BNCDADOS!$A:$G,4,0))","v":60},{"$f":"IF(C1258=0,\"\",VLOOKUP(C1258,BNCDADOS!$A:$G,5,0))","v":74.209999999999994},6503.76,{"$f":"IF(C1258=0,\"\",VLOOKUP(C1258,BNCDADOS!$A:$G,6,0))","v":60},{"$f":"IF(C1258=0,\"\",VLOOKUP(C1258,BNCDADOS!$A:$G,7,0))","v":77.97},6833.29,{"$f":"SUMIF('MC - TRECHO 04'!A:A,Orçamento!A1258,'MC - TRECHO 04'!R:R)","v":87.64}]
["5.2.4",{"$f":"IF(C1259=0,\"\",VLOOKUP(C1259,BNCDADOS!$A:$G,8,0))","v":""},null,"ASSENTAMENTO E MONTAGEM DOS TUBOS E CONEXÕES",{"$f":"IF(C1259=0,\"\",VLOOKUP(C1259,BNCDADOS!$A:$G,3,0))","v":""},0,{"$f":"IF(C1259=0,\"\",VLOOKUP(C1259,BNCDADOS!$A:$G,4,0))","v":""},{"$f":"IF(C1259=0,\"\",VLOOKUP(C1259,BNCDADOS!$A:$G,5,0))","v":""},{"$f":"SUM(I1260:I1271)","v":99923.890000000029},{"$f":"IF(C1259=0,\"\",VLOOKUP(C1259,BNCDADOS!$A:$G,6,0))","v":""},{"$f":"IF(C1259=0,\"\",VLOOKUP(C1259,BNCDADOS!$A:$G,7,0))","v":""},{"$f":"SUM(L1260:L1271)","v":98959.060000000012},0]
["5.2.4.1",{"$f":"IF(C1260=0,\"\",VLOOKUP(C1260,BNCDADOS!$A:$H,8,0))","v":"SINAPI/RN\nSERVIÇO"},97134,{"$f":"IF(C1260=0,\"\",VLOOKUP(C1260,BNCDADOS!$A:$G,2,0))","v":"ASSENTAMENTO DE TUBO DE PVC DEFOFO OU PRFV OU RPVC PARA REDE DE ÁGUA, DN 150 MM, JUNTA ELÁSTICA INTEGRADA, INSTALADO EM LOCAL COM NÍVEL BAIXO DE INTERFERÊNCIAS (NÃO INCLUI FORNECIMENTO). AF_05/2024"},{"$f":"IF(C1260=0,\"\",VLOOKUP(C1260,BNCDADOS!$A:$G,3,0))","v":"M"},4178.93,{"$f":"IF(C1260=0,\"\",VLOOKUP(C1260,BNCDADOS!$A:$G,4,0))","v":"3,92"},{"$f":"IF(C1260=0,\"\",VLOOKUP(C1260,BNCDADOS!$A:$G,5,0))","v":4.84},{"$f":"IF(H1260=\"\",0,TRUNC(H1260*F1260,2))","v":20226.02},{"$f":"IF(C1260=0,\"\",VLOOKUP(C1260,BNCDADOS!$A:$G,6,0))","v":"3,55"},{"$f":"IF(C1260=0,\"\",VLOOKUP(C1260,BNCDADOS!$A:$G,7,0))","v":4.6100000000000003},{"$f":"IF(K1260=\"\",0,TRUNC(K1260*F1260,2))","v":19264.86},{"$f":"SUMIF('MC - TRECHO 04'!A:A,Orçamento!A1260,'MC - TRECHO 04'!R:R)","v":4178.9299999999985}]
["5.2.4.2",{"$f":"IF(C1261=0,\"\",VLOOKUP(C1261,BNCDADOS!$A:$H,8,0))","v":"SINAPI/RN\nSERVIÇO"},97139,{"$f":"IF(C1261=0,\"\",VLOOKUP(C1261,BNCDADOS!$A:$G,2,0))","v":"ASSENTAMENTO DE TUBO DE PVC DEFOFO OU PRFV OU RPVC PARA REDE DE ÁGUA, DN 400 MM, JUNTA ELÁSTICA INTEGRADA, INSTALADO EM LOCAL COM NÍVEL BAIXO DE INTERFERÊNCIAS (NÃO INCLUI FORNECIMENTO). AF_05/2024"},{"$f":"IF(C1261=0,\"\",VLOOKUP(C1261,BNCDADOS!$A:$G,3,0))","v":"M"},1650.02,{"$f":"IF(C1261=0,\"\",VLOOKUP(C1261,BNCDADOS!$A:$G,4,0))","v":"12,68"},{"$f":"IF(C1261=0,\"\",VLOOKUP(C1261,BNCDADOS!$A:$G,5,0))","v":15.68},25872.31,{"$f":"IF(C1261=0,\"\",VLOOKUP(C1261,BNCDADOS!$A:$G,6,0))","v":"11,70"},{"$f":"IF(C1261=0,\"\",VLOOKUP(C1261,BNCDADOS!$A:$G,7,0))","v":15.2},25080.3,{"$f":"SUMIF('MC - TRECHO 04'!A:A,Orçamento!A1261,'MC - TRECHO 04'!R:R)","v":1650.0200000000013}]
["5.2.4.3",{"$f":"IF(C1262=0,\"\",VLOOKUP(C1262,BNCDADOS!$A:$H,8,0))","v":"caern"},2020086,{"$f":"IF(C1262=0,\"\",VLOOKUP(C1262,BNCDADOS!$A:$G,2,0))","v":"TRAVESSIA MÉTODO NÃO DESTRUTIVO PARA TUBO MAIOR QUE 100MM E ATÉ 200MM. R_05/2019"},{"$f":"IF(C1262=0,\"\",VLOOKUP(C1262,BNCDADOS!$A:$G,3,0))","v":"M"},7,{"$f":"IF(C1262=0,\"\",VLOOKUP(C1262,BNCDADOS!$A:$G,4,0))","v":1541.9799999999998},{"$f":"IF(C1262=0,\"\",VLOOKUP(C1262,BNCDADOS!$A:$G,5,0))","v":1907.27},13350.89,{"$f":"IF(C1262=0,\"\",VLOOKUP(C1262,BNCDADOS!$A:$G,6,0))","v":1534.4099999999999},{"$f":"IF(C1262=0,\"\",VLOOKUP(C1262,BNCDADOS!$A:$G,7,0))","v":1994.11},13958.77,{"$f":"SUMIF('MC - TRECHO 04'!A:A,Orçamento!A1262,'MC - TRECHO 04'!R:R)","v":7}]
["5.2.4.4",{"$f":"IF(C1263=0,\"\",VLOOKUP(C1263,BNCDADOS!$A:$H,8,0))","v":"caern"},2060552,{"$f":"IF(C1263=0,\"\",VLOOKUP(C1263,BNCDADOS!$A:$G,2,0))","v":"ASSENTAMENTO DE CONEXÕES EM FERRO FUNDIDO, JUNTA ELÁSTICA, DIAM.= 150 MM. INC_05/2020"},{"$f":"IF(C1263=0,\"\",VLOOKUP(C1263,BNCDADOS!$A:$G,3,0))","v":"UN "},56,{"$f":"IF(C1263=0,\"\",VLOOKUP(C1263,BNCDADOS!$A:$G,4,0))","v":15.11},{"$f":"IF(C1263=0,\"\",VLOOKUP(C1263,BNCDADOS!$A:$G,5,0))","v":18.68},1046.08,{"$f":"IF(C1263=0,\"\",VLOOKUP(C1263,BNCDADOS!$A:$G,6,0))","v":13.670000000000002},{"$f":"IF(C1263=0,\"\",VLOOKUP(C1263,BNCDADOS!$A:$G,7,0))","v":17.760000000000002},994.56,{"$f":"SUMIF('MC - TRECHO 04'!A:A,Orçamento!A1263,'MC - TRECHO 04'!R:R)","v":56}]
["5.2.4.5",{"$f":"IF(C1264=0,\"\",VLOOKUP(C1264,BNCDADOS!$A:$H,8,0))","v":"caern"},2060557,{"$f":"IF(C1264=0,\"\",VLOOKUP(C1264,BNCDADOS!$A:$G,2,0))","v":"ASSENTAMENTO DE CONEXÕES EM FERRO FUNDIDO, JUNTA ELÁSTICA, DIAM.= 400 MM. INC_05/2020"},{"$f":"IF(C1264=0,\"\",VLOOKUP(C1264,BNCDADOS!$A:$G,3,0))","v":"UN "},53,{"$f":"IF(C1264=0,\"\",VLOOKUP(C1264,BNCDADOS!$A:$G,4,0))","v":31.84},{"$f":"IF(C1264=0,\"\",VLOOKUP(C1264,BNCDADOS!$A:$G,5,0))","v":39.380000000000003},2087.14,{"$f":"IF(C1264=0,\"\",VLOOKUP(C1264,BNCDADOS!$A:$G,6,0))","v":29.75},{"$f":"IF(C1264=0,\"\",VLOOKUP(C1264,BNCDADOS!$A:$G,7,0))","v":38.659999999999997},2048.98,{"$f":"SUMIF('MC - TRECHO 04'!A:A,Orçamento!A1264,'MC - TRECHO 04'!R:R)","v":53}]
["5.2.4.6",{"$f":"IF(C1265=0,\"\",VLOOKUP(C1265,BNCDADOS!$A:$H,8,0))","v":"SINAPI/RN\nSERVIÇO"},103106,{"$f":"IF(C1265=0,\"\",VLOOKUP(C1265,BNCDADOS!$A:$G,2,0))","v":"ASSENTAMENTO DE CONEXÃO COM 2 ACESSOS, FERRO FUNDIDO PARA REDE DE ÁGUA, DN  100 MM, JUNTA FLANGEADA (NÃO INCLUI O FORNECIMENTO). AF_09/2021"},{"$f":"IF(C1265=0,\"\",VLOOKUP(C1265,BNCDADOS!$A:$G,3,0))","v":"UN"},7,{"$f":"IF(C1265=0,\"\",VLOOKUP(C1265,BNCDADOS!$A:$G,4,0))","v":"57,73"},{"$f":"IF(C1265=0,\"\",VLOOKUP(C1265,BNCDADOS!$A:$G,5,0))","v":71.400000000000006},499.8,{"$f":"IF(C1265=0,\"\",VLOOKUP(C1265,BNCDADOS!$A:$G,6,0))","v":"55,15"},{"$f":"IF(C1265=0,\"\",VLOOKUP(C1265,BNCDADOS!$A:$G,7,0))","v":71.67},501.69,{"$f":"SUMIF('MC - TRECHO 04'!A:A,Orçamento!A1265,'MC - TRECHO 04'!R:R)","v":7}]
["5.2.4.7",{"$f":"IF(C1266=0,\"\",VLOOKUP(C1266,BNCDADOS!$A:$H,8,0))","v":"SINAPI/RN\nSERVIÇO"},103107,{"$f":"IF(C1266=0,\"\",VLOOKUP(C1266,BNCDADOS!$A:$G,2,0))","v":"ASSENTAMENTO DE CONEXÃO COM 2 ACESSOS, FERRO FUNDIDO PARA REDE DE ÁGUA, DN  150 MM, JUNTA FLANGEADA (NÃO INCLUI O FORNECIMENTO). AF_09/2021"},{"$f":"IF(C1266=0,\"\",VLOOKUP(C1266,BNCDADOS!$A:$G,3,0))","v":"UN"},{"$f":"TRUNC(M1266,2)","v":63},{"$f":"IF(C1266=0,\"\",VLOOKUP(C1266,BNCDADOS!$A:$G,4,0))","v":"80,78"},{"$f":"IF(C1266=0,\"\",VLOOKUP(C1266,BNCDADOS!$A:$G,5,0))","v":99.91},{"$f":"IF(H1266=\"\",0,TRUNC(H1266*F1266,2))","v":6294.33},{"$f":"IF(C1266=0,\"\",VLOOKUP(C1266,BNCDADOS!$A:$G,6,0))","v":"76,96"},{"$f":"IF(C1266=0,\"\",VLOOKUP(C1266,BNCDADOS!$A:$G,7,0))","v":100.01},{"$f":"IF(K1266=\"\",0,TRUNC(K1266*F1266,2))","v":6300.63},{"$f":"SUMIF('MC - TRECHO 04'!A:A,Orçamento!A1266,'MC - TRECHO 04'!R:R)","v":63}]
["5.2.4.8",{"$f":"IF(C1267=0,\"\",VLOOKUP(C1267,BNCDADOS!$A:$H,8,0))","v":"SINAPI/RN\nSERVIÇO"},103112,{"$f":"IF(C1267=0,\"\",VLOOKUP(C1267,BNCDADOS!$A:$G,2,0))","v":"ASSENTAMENTO DE CONEXÃO COM 2 ACESSOS, FERRO FUNDIDO PARA REDE DE ÁGUA, DN  400 MM, JUNTA FLANGEADA (NÃO INCLUI O FORNECIMENTO). AF_09/2021"},{"$f":"IF(C1267=0,\"\",VLOOKUP(C1267,BNCDADOS!$A:$G,3,0))","v":"UN"},56,{"$f":"IF(C1267=0,\"\",VLOOKUP(C1267,BNCDADOS!$A:$G,4,0))","v":"282,71"},{"$f":"IF(C1267=0,\"\",VLOOKUP(C1267,BNCDADOS!$A:$G,5,0))","v":349.68},19582.080000000002,{"$f":"IF(C1267=0,\"\",VLOOKUP(C1267,BNCDADOS!$A:$G,6,0))","v":"268,05"},{"$f":"IF(C1267=0,\"\",VLOOKUP(C1267,BNCDADOS!$A:$G,7,0))","v":348.35},19507.599999999999,{"$f":"SUMIF('MC - TRECHO 04'!A:A,Orçamento!A1267,'MC - TRECHO 04'!R:R)","v":56}]
["5.2.4.9",{"$f":"IF(C1268=0,\"\",VLOOKUP(C1268,BNCDADOS!$A:$H,8,0))","v":"caern"},2060587,{"$f":"IF(C1268=0,\"\",VLOOKUP(C1268,BNCDADOS!$A:$G,2,0))","v":"ASSENTAMENTO DE REGISTRO DE GAVETA EM FERRO FUNDIDO COM FLANGES, DIAM. = 50MM A 150MM. INC_05/2020"},{"$f":"IF(C1268=0,\"\",VLOOKUP(C1268,BNCDADOS!$A:$G,3,0))","v":"UN "},10,{"$f":"IF(C1268=0,\"\",VLOOKUP(C1268,BNCDADOS!$A:$G,4,0))","v":14.120000000000001},{"$f":"IF(C1268=0,\"\",VLOOKUP(C1268,BNCDADOS!$A:$G,5,0))","v":17.46},174.6,{"$f":"IF(C1268=0,\"\",VLOOKUP(C1268,BNCDADOS!$A:$G,6,0))","v":12.68},{"$f":"IF(C1268=0,\"\",VLOOKUP(C1268,BNCDADOS!$A:$G,7,0))","v":16.47},164.7,{"$f":"SUMIF('MC - TRECHO 04'!A:A,Orçamento!A1268,'MC - TRECHO 04'!R:R)","v":10}]
["5.2.4.10",{"$f":"IF(C1269=0,\"\",VLOOKUP(C1269,BNCDADOS!$A:$H,8,0))","v":"caern"},2060589,{"$f":"IF(C1269=0,\"\",VLOOKUP(C1269,BNCDADOS!$A:$G,2,0))","v":"ASSENTAMENTO DE REGISTRO DE GAVETA EM FERRO FUNDIDO COM FLANGES, DIAM. = 350MM A 450MM. INC_05/2020"},{"$f":"IF(C1269=0,\"\",VLOOKUP(C1269,BNCDADOS!$A:$G,3,0))","v":"UN "},1,{"$f":"IF(C1269=0,\"\",VLOOKUP(C1269,BNCDADOS!$A:$G,4,0))","v":56.88},{"$f":"IF(C1269=0,\"\",VLOOKUP(C1269,BNCDADOS!$A:$G,5,0))","v":70.349999999999994},70.349999999999994,{"$f":"IF(C1269=0,\"\",VLOOKUP(C1269,BNCDADOS!$A:$G,6,0))","v":53.96},{"$f":"IF(C1269=0,\"\",VLOOKUP(C1269,BNCDADOS!$A:$G,7,0))","v":70.12},70.12,{"$f":"SUMIF('MC - TRECHO 04'!A:A,Orçamento!A1269,'MC - TRECHO 04'!R:R)","v":1}]
["5.2.4.11",{"$f":"IF(C1270=0,\"\",VLOOKUP(C1270,BNCDADOS!$A:$H,8,0))","v":"caern"},2060592,{"$f":"IF(C1270=0,\"\",VLOOKUP(C1270,BNCDADOS!$A:$G,2,0))","v":"ASSENTAMENTO DE VENTOSA EM FERRO FUNDIDO COM FLANGE, DIAM. = 50MM A 150MM. INC_05/2020"},{"$f":"IF(C1270=0,\"\",VLOOKUP(C1270,BNCDADOS!$A:$G,3,0))","v":"UN "},5,{"$f":"IF(C1270=0,\"\",VLOOKUP(C1270,BNCDADOS!$A:$G,4,0))","v":14.120000000000001},{"$f":"IF(C1270=0,\"\",VLOOKUP(C1270,BNCDADOS!$A:$G,5,0))","v":17.46},87.3,{"$f":"IF(C1270=0,\"\",VLOOKUP(C1270,BNCDADOS!$A:$G,6,0))","v":12.68},{"$f":"IF(C1270=0,\"\",VLOOKUP(C1270,BNCDADOS!$A:$G,7,0))","v":16.47},82.35,{"$f":"SUMIF('MC - TRECHO 04'!A:A,Orçamento!A1270,'MC - TRECHO 04'!R:R)","v":5}]
["5.2.4.12",{"$f":"IF(C1271=0,\"\",VLOOKUP(C1271,BNCDADOS!$A:$H,8,0))","v":"SINAPI/RN\nSERVIÇO"},100952,{"$f":"IF(C1271=0,\"\",VLOOKUP(C1271,BNCDADOS!$A:$G,2,0))","v":"TRANSPORTE COM CAMINHÃO CARROCERIA COM GUINDAUTO (MUNCK),  MOMENTO MÁXIMO DE CARGA 11,7 TM, EM VIA URBANA PAVIMENTADA, DMT ATÉ 30KM (UNIDADE: TXKM). AF_07/2020"},{"$f":"IF(C1271=0,\"\",VLOOKUP(C1271,BNCDADOS!$A:$G,3,0))","v":"TXKM"},2929.2,{"$f":"IF(C1271=0,\"\",VLOOKUP(C1271,BNCDADOS!$A:$G,4,0))","v":"2,94"},{"$f":"IF(C1271=0,\"\",VLOOKUP(C1271,BNCDADOS!$A:$G,5,0))","v":3.63},10632.99,{"$f":"IF(C1271=0,\"\",VLOOKUP(C1271,BNCDADOS!$A:$G,6,0))","v":"2,89"},{"$f":"IF(C1271=0,\"\",VLOOKUP(C1271,BNCDADOS!$A:$G,7,0))","v":3.75},10984.5,{"$f":"SUMIF('MC - TRECHO 04'!A:A,Orçamento!A1271,'MC - TRECHO 04'!R:R)","v":2929.2000000000003}]
["5.2.5",{"$f":"IF(C1272=0,\"\",VLOOKUP(C1272,BNCDADOS!$A:$G,8,0))","v":""},null,"CAIXAS E BLOCOS DE ANCORAGEM",{"$f":"IF(C1272=0,\"\",VLOOKUP(C1272,BNCDADOS!$A:$G,3,0))","v":""},0,{"$f":"IF(C1272=0,\"\",VLOOKUP(C1272,BNCDADOS!$A:$G,4,0))","v":""},{"$f":"IF(C1272=0,\"\",VLOOKUP(C1272,BNCDADOS!$A:$G,5,0))","v":""},{"$f":"SUM(I1273:I1279)","v":796165.01},{"$f":"IF(C1272=0,\"\",VLOOKUP(C1272,BNCDADOS!$A:$G,6,0))","v":""},{"$f":"IF(C1272=0,\"\",VLOOKUP(C1272,BNCDADOS!$A:$G,7,0))","v":""},{"$f":"SUM(L1273:L1279)","v":808425.72},0]
["5.2.5.1",{"$f":"IF(C1273=0,\"\",VLOOKUP(C1273,BNCDADOS!$A:$H,8,0))","v":0},"COMP 03",{"$f":"IF(C1273=0,\"\",VLOOKUP(C1273,BNCDADOS!$A:$G,2,0))","v":"CAIXA ENTERRADA PARA INSTALAÇÃO DE VENTOSAS E DESCARGAS, DE DIVERSOS DIÂMETROS E MEDIDAS INTERNAS 3,0 X 3,0M"},{"$f":"IF(C1273=0,\"\",VLOOKUP(C1273,BNCDADOS!$A:$G,3,0))","v":"UN"},10,{"$f":"IF(C1273=0,\"\",VLOOKUP(C1273,BNCDADOS!$A:$G,4,0))","v":35231.47},{"$f":"IF(C1273=0,\"\",VLOOKUP(C1273,BNCDADOS!$A:$G,5,0))","v":43577.8},{"$f":"IF(H1273=\"\",0,TRUNC(H1273*F1273,2))","v":435778},{"$f":"IF(C1273=0,\"\",VLOOKUP(C1273,BNCDADOS!$A:$G,6,0))","v":34013},{"$f":"IF(C1273=0,\"\",VLOOKUP(C1273,BNCDADOS!$A:$G,7,0))","v":44203.29},{"$f":"IF(K1273=\"\",0,TRUNC(K1273*F1273,2))","v":442032.9},{"$f":"SUMIF('MC - TRECHO 04'!A:A,Orçamento!A1273,'MC - TRECHO 04'!R:R)","v":10}]
["5.2.5.2",{"$f":"IF(C1274=0,\"\",VLOOKUP(C1274,BNCDADOS!$A:$H,8,0))","v":0},"COMP 08",{"$f":"IF(C1274=0,\"\",VLOOKUP(C1274,BNCDADOS!$A:$G,2,0))","v":"CAIXA ENTERRADA PARA TRAVESSIAS PELO MÉTODO NÃO DESTRUTIVO, MEDINDO 6,60 X 5,40 M"},{"$f":"IF(C1274=0,\"\",VLOOKUP(C1274,BNCDADOS!$A:$G,3,0))","v":"UN"},{"$f":"TRUNC(M1274,2)","v":2},{"$f":"IF(C1274=0,\"\",VLOOKUP(C1274,BNCDADOS!$A:$G,4,0))","v":108654.70000000001},{"$f":"IF(C1274=0,\"\",VLOOKUP(C1274,BNCDADOS!$A:$G,5,0))","v":134394.99},{"$f":"IF(H1274=\"\",0,TRUNC(H1274*F1274,2))","v":268789.98},{"$f":"IF(C1274=0,\"\",VLOOKUP(C1274,BNCDADOS!$A:$G,6,0))","v":105206.40000000002},{"$f":"IF(C1274=0,\"\",VLOOKUP(C1274,BNCDADOS!$A:$G,7,0))","v":136726.23000000001},{"$f":"IF(K1274=\"\",0,TRUNC(K1274*F1274,2))","v":273452.46000000002},{"$f":"SUMIF('MC - TRECHO 04'!A:A,Orçamento!A1274,'MC - TRECHO 04'!R:R)","v":2}]
["5.2.5.3",{"$f":"IF(C1275=0,\"\",VLOOKUP(C1275,BNCDADOS!$A:$H,8,0))","v":0},"COMP 09",{"$f":"IF(C1275=0,\"\",VLOOKUP(C1275,BNCDADOS!$A:$G,2,0))","v":"CAIXA ENTERRADA PARA DERIVAÇÃO DE SUB ADUTORAS"},{"$f":"IF(C1275=0,\"\",VLOOKUP(C1275,BNCDADOS!$A:$G,3,0))","v":"UN"},2,{"$f":"IF(C1275=0,\"\",VLOOKUP(C1275,BNCDADOS!$A:$G,4,0))","v":30600.59},{"$f":"IF(C1275=0,\"\",VLOOKUP(C1275,BNCDADOS!$A:$G,5,0))","v":37849.86},75699.72,{"$f":"IF(C1275=0,\"\",VLOOKUP(C1275,BNCDADOS!$A:$G,6,0))","v":29570.710000000003},{"$f":"IF(C1275=0,\"\",VLOOKUP(C1275,BNCDADOS!$A:$G,7,0))","v":38430.089999999997},76860.179999999993,{"$f":"SUMIF('MC - TRECHO 04'!A:A,Orçamento!A1275,'MC - TRECHO 04'!R:R)","v":2}]
["5.2.5.4",{"$f":"IF(C1276=0,\"\",VLOOKUP(C1276,BNCDADOS!$A:$H,8,0))","v":0},"COMP 10",{"$f":"IF(C1276=0,\"\",VLOOKUP(C1276,BNCDADOS!$A:$G,2,0))","v":"BLOCO DE ANCORAGEM ARMADO, PARA CURVA 11°, 22° E 45°, PARA O DIÂMETRO DE 150MM"},{"$f":"IF(C1276=0,\"\",VLOOKUP(C1276,BNCDADOS!$A:$G,3,0))","v":"UN"},26,{"$f":"IF(C1276=0,\"\",VLOOKUP(C1276,BNCDADOS!$A:$G,4,0))","v":176.01},{"$f":"IF(C1276=0,\"\",VLOOKUP(C1276,BNCDADOS!$A:$G,5,0))","v":217.7},5660.2,{"$f":"IF(C1276=0,\"\",VLOOKUP(C1276,BNCDADOS!$A:$G,6,0))","v":169.39},{"$f":"IF(C1276=0,\"\",VLOOKUP(C1276,BNCDADOS!$A:$G,7,0))","v":220.13},5723.38,{"$f":"SUMIF('MC - TRECHO 04'!A:A,Orçamento!A1276,'MC - TRECHO 04'!R:R)","v":26}]
["5.2.5.5",{"$f":"IF(C1277=0,\"\",VLOOKUP(C1277,BNCDADOS!$A:$H,8,0))","v":0},"COMP 11",{"$f":"IF(C1277=0,\"\",VLOOKUP(C1277,BNCDADOS!$A:$G,2,0))","v":"BLOCO DE ANCORAGEM ARMADO, PARA CURVA 90°, PARA O DIÂMETRO DE 150MM"},{"$f":"IF(C1277=0,\"\",VLOOKUP(C1277,BNCDADOS!$A:$G,3,0))","v":"UN"},1,{"$f":"IF(C1277=0,\"\",VLOOKUP(C1277,BNCDADOS!$A:$G,4,0))","v":230.47},{"$f":"IF(C1277=0,\"\",VLOOKUP(C1277,BNCDADOS!$A:$G,5,0))","v":285.06},285.06,{"$f":"IF(C1277=0,\"\",VLOOKUP(C1277,BNCDADOS!$A:$G,6,0))","v":221.56999999999996},{"$f":"IF(C1277=0,\"\",VLOOKUP(C1277,BNCDADOS!$A:$G,7,0))","v":287.95},287.95,{"$f":"SUMIF('MC - TRECHO 04'!A:A,Orçamento!A1277,'MC - TRECHO 04'!R:R)","v":1}]
["5.2.5.6",{"$f":"IF(C1278=0,\"\",VLOOKUP(C1278,BNCDADOS!$A:$H,8,0))","v":0},"COMP 04",{"$f":"IF(C1278=0,\"\",VLOOKUP(C1278,BNCDADOS!$A:$G,2,0))","v":"BLOCO DE ANCORAGEM ARMADO, PARA CURVA 11°, 22° E 45°, PARA O DIÂMETRO DE 400MM"},{"$f":"IF(C1278=0,\"\",VLOOKUP(C1278,BNCDADOS!$A:$G,3,0))","v":"UN"},9,{"$f":"IF(C1278=0,\"\",VLOOKUP(C1278,BNCDADOS!$A:$G,4,0))","v":481.25},{"$f":"IF(C1278=0,\"\",VLOOKUP(C1278,BNCDADOS!$A:$G,5,0))","v":595.25},5357.25,{"$f":"IF(C1278=0,\"\",VLOOKUP(C1278,BNCDADOS!$A:$G,6,0))","v":463.26},{"$f":"IF(C1278=0,\"\",VLOOKUP(C1278,BNCDADOS!$A:$G,7,0))","v":602.04999999999995},5418.45,{"$f":"SUMIF('MC - TRECHO 04'!A:A,Orçamento!A1278,'MC - TRECHO 04'!R:R)","v":9}]
["5.2.5.7",{"$f":"IF(C1279=0,\"\",VLOOKUP(C1279,BNCDADOS!$A:$H,8,0))","v":0},"COMP 12",{"$f":"IF(C1279=0,\"\",VLOOKUP(C1279,BNCDADOS!$A:$G,2,0))","v":"BLOCO DE ANCORAGEM ARMADO, PARA CURVA 90°, PARA O DIÂMETRO DE 400MM"},{"$f":"IF(C1279=0,\"\",VLOOKUP(C1279,BNCDADOS!$A:$G,3,0))","v":"UN"},5,{"$f":"IF(C1279=0,\"\",VLOOKUP(C1279,BNCDADOS!$A:$G,4,0))","v":742.96},{"$f":"IF(C1279=0,\"\",VLOOKUP(C1279,BNCDADOS!$A:$G,5,0))","v":918.96},{"$f":"IF(H1279=\"\",0,TRUNC(H1279*F1279,2))","v":4594.8},{"$f":"IF(C1279=0,\"\",VLOOKUP(C1279,BNCDADOS!$A:$G,6,0))","v":715.67000000000007},{"$f":"IF(C1279=0,\"\",VLOOKUP(C1279,BNCDADOS!$A:$G,7,0))","v":930.08},{"$f":"IF(K1279=\"\",0,TRUNC(K1279*F1279,2))","v":4650.3999999999996},{"$f":"SUMIF('MC - TRECHO 04'!A:A,Orçamento!A1279,'MC - TRECHO 04'!R:R)","v":5}]
["5.2.6",{"$f":"IF(C1280=0,\"\",VLOOKUP(C1280,BNCDADOS!$A:$G,8,0))","v":""},null,"DIVERSOS",{"$f":"IF(C1280=0,\"\",VLOOKUP(C1280,BNCDADOS!$A:$G,3,0))","v":""},0,{"$f":"IF(C1280=0,\"\",VLOOKUP(C1280,BNCDADOS!$A:$G,4,0))","v":""},{"$f":"IF(C1280=0,\"\",VLOOKUP(C1280,BNCDADOS!$A:$G,5,0))","v":""},{"$f":"SUM(I1281:I1282)","v":48671.729999999996},{"$f":"IF(C1280=0,\"\",VLOOKUP(C1280,BNCDADOS!$A:$G,6,0))","v":""},{"$f":"IF(C1280=0,\"\",VLOOKUP(C1280,BNCDADOS!$A:$G,7,0))","v":""},{"$f":"SUM(L1281:L1282)","v":48147.11},0]
["5.2.6.1",{"$f":"IF(C1281=0,\"\",VLOOKUP(C1281,BNCDADOS!$A:$H,8,0))","v":0},"COMP 05",{"$f":"IF(C1281=0,\"\",VLOOKUP(C1281,BNCDADOS!$A:$G,2,0))","v":"LIMPEZA, DESINFECÇÃO E TESTE DE REDES E ADUTORAS DE ABASTECIMENTO DE ÁGUA"},{"$f":"IF(C1281=0,\"\",VLOOKUP(C1281,BNCDADOS!$A:$G,3,0))","v":"M"},5828.95,{"$f":"IF(C1281=0,\"\",VLOOKUP(C1281,BNCDADOS!$A:$G,4,0))","v":5.16},{"$f":"IF(C1281=0,\"\",VLOOKUP(C1281,BNCDADOS!$A:$G,5,0))","v":6.38},{"$f":"IF(H1281=\"\",0,TRUNC(H1281*F1281,2))","v":37188.699999999997},{"$f":"IF(C1281=0,\"\",VLOOKUP(C1281,BNCDADOS!$A:$G,6,0))","v":4.9399999999999995},{"$f":"IF(C1281=0,\"\",VLOOKUP(C1281,BNCDADOS!$A:$G,7,0))","v":6.42},{"$f":"IF(K1281=\"\",0,TRUNC(K1281*F1281,2))","v":37421.85},{"$f":"SUMIF('MC - TRECHO 04'!A:A,Orçamento!A1281,'MC - TRECHO 04'!R:R)","v":5828.95}]
["5.2.6.2",{"$f":"IF(C1282=0,\"\",VLOOKUP(C1282,BNCDADOS!$A:$H,8,0))","v":"caern"},2220075,{"$f":"IF(C1282=0,\"\",VLOOKUP(C1282,BNCDADOS!$A:$G,2,0))","v":"CADASTRO DE ADUTORAS, COLETORES, INTERCEPTORES E EMISSÁRIOS - INCLUSIVE DESENHISTA. R_11/2021"},{"$f":"IF(C1282=0,\"\",VLOOKUP(C1282,BNCDADOS!$A:$G,3,0))","v":"M"},5828.95,{"$f":"IF(C1282=0,\"\",VLOOKUP(C1282,BNCDADOS!$A:$G,4,0))","v":1.6},{"$f":"IF(C1282=0,\"\",VLOOKUP(C1282,BNCDADOS!$A:$G,5,0))","v":1.97},{"$f":"IF(H1282=\"\",0,TRUNC(H1282*F1282,2))","v":11483.03},{"$f":"IF(C1282=0,\"\",VLOOKUP(C1282,BNCDADOS!$A:$G,6,0))","v":1.4200000000000002},{"$f":"IF(C1282=0,\"\",VLOOKUP(C1282,BNCDADOS!$A:$G,7,0))","v":1.84},{"$f":"IF(K1282=\"\",0,TRUNC(K1282*F1282,2))","v":10725.26},{"$f":"SUMIF('MC - TRECHO 04'!A:A,Orçamento!A1282,'MC - TRECHO 04'!R:R)","v":5828.95}]
[null,{"$f":"IF(C1283=0,\"\",VLOOKUP(C1283,BNCDADOS!$A:$H,8,0))","v":""},null,{"$f":"IF(C1283=0,\"\",VLOOKUP(C1283,BNCDADOS!$A:$G,2,0))","v":""},{"$f":"IF(C1283=0,\"\",VLOOKUP(C1283,BNCDADOS!$A:$G,3,0))","v":""},0,{"$f":"IF(C1283=0,\"\",VLOOKUP(C1283,BNCDADOS!$A:$G,4,0))","v":""},{"$f":"IF(C1283=0,\"\",VLOOKUP(C1283,BNCDADOS!$A:$G,5,0))","v":""},{"$f":"IF(H1283=\"\",0,TRUNC(H1283*F1283,2))","v":0},{"$f":"IF(C1283=0,\"\",VLOOKUP(C1283,BNCDADOS!$A:$G,6,0))","v":""},{"$f":"IF(C1283=0,\"\",VLOOKUP(C1283,BNCDADOS!$A:$G,7,0))","v":""},{"$f":"IF(K1283=\"\",0,TRUNC(K1283*F1283,2))","v":0},0]
["5.3",null,null,"SERVIÇOS_EEAT 04_SANTO ANTÔNIO",{"$nulls":4},{"$f":"SUM(I1285,I1287,I1298,I1312,I1337,I1348,I1351,I1355,I1360,I1365,I1371,I1400,I1402,I1417,I1411)","v":4832071.82},null,null,{"$f":"SUM(L1285,L1287,L1298,L1312,L1337,L1348,L1351,L1355,L1360,L1365,L1371,L1400,L1402,L1417,)","v":4971047.68},0]
["5.3.1",{"$f":"IF(C1285=0,\"\",VLOOKUP(C1285,BNCDADOS!$A:$G,8,0))","v":""},null,"SERVIÇOS PRELIMINARES",{"$f":"IF(C1285=0,\"\",VLOOKUP(C1285,BNCDADOS!$A:$G,3,0))","v":""},{"$f":"TRUNC(M1285,2)","v":0},{"$f":"IF(C1285=0,\"\",VLOOKUP(C1285,BNCDADOS!$A:$G,4,0))","v":""},{"$f":"IF(C1285=0,\"\",VLOOKUP(C1285,BNCDADOS!$A:$G,5,0))","v":""},{"$f":"SUM(I1286)","v":544236},{"$f":"IF(C1285=0,\"\",VLOOKUP(C1285,BNCDADOS!$A:$G,6,0))","v":""},{"$f":"IF(C1285=0,\"\",VLOOKUP(C1285,BNCDADOS!$A:$G,7,0))","v":""},{"$f":"SUM(L1286)","v":571824}]
["5.3.1.1",{"$f":"IF(C1286=0,\"\",VLOOKUP(C1286,BNCDADOS!$A:$H,8,0))","v":0},"DSP. EEAT04",{"$f":"IF(C1286=0,\"\",VLOOKUP(C1286,BNCDADOS!$A:$G,2,0))","v":"DESAPROPRIAÇÃO DE ÁREA PARA CONSTRUÇÃO DA ESTAÇÃO ELEVATÓRIA DE ÁGUA TRATADA, COM ÁREA DE 2.400 M²"},{"$f":"IF(C1286=0,\"\",VLOOKUP(C1286,BNCDADOS!$A:$G,3,0))","v":"UN"},{"$f":"TRUNC(M1286,2)","v":1},{"$f":"IF(C1286=0,\"\",VLOOKUP(C1286,BNCDADOS!$A:$G,4,0))","v":440000},{"$f":"IF(C1286=0,\"\",VLOOKUP(C1286,BNCDADOS!$A:$G,5,0))","v":544236},{"$f":"IF(H1286=\"\",0,TRUNC(H1286*F1286,2))","v":544236},{"$f":"IF(C1286=0,\"\",VLOOKUP(C1286,BNCDADOS!$A:$G,6,0))","v":440000},{"$f":"IF(C1286=0,\"\",VLOOKUP(C1286,BNCDADOS!$A:$G,7,0))","v":571824},{"$f":"IF(K1286=\"\",0,TRUNC(K1286*F1286,2))","v":571824},{"$f":"SUMIF('MC - TRECHO 04'!A:A,Orçamento!A1286,'MC - TRECHO 04'!R:R)","v":1}]
["5.3.2",{"$f":"IF(C1287=0,\"\",VLOOKUP(C1287,BNCDADOS!$A:$G,8,0))","v":""},null,"SERVIÇOS PRELIMINARES",{"$f":"IF(C1287=0,\"\",VLOOKUP(C1287,BNCDADOS!$A:$G,3,0))","v":""},0,{"$f":"IF(C1287=0,\"\",VLOOKUP(C1287,BNCDADOS!$A:$G,4,0))","v":""},{"$f":"IF(C1287=0,\"\",VLOOKUP(C1287,BNCDADOS!$A:$G,5,0))","v":""},{"$f":"SUM(I1288:I1297)","v":225530.83},{"$f":"IF(C1287=0,\"\",VLOOKUP(C1287,BNCDADOS!$A:$G,6,0))","v":""},{"$f":"IF(C1287=0,\"\",VLOOKUP(C1287,BNCDADOS!$A:$G,7,0))","v":""},{"$f":"SUM(L1288:L1297)","v":230719.19999999998},0]
["5.3.2.1",{"$f":"IF(C1288=0,\"\",VLOOKUP(C1288,BNCDADOS!$A:$H,8,0))","v":"SINAPI/RN\nSERVIÇO"},98525,{"$f":"IF(C1288=0,\"\",VLOOKUP(C1288,BNCDADOS!$A:$G,2,0))","v":"LIMPEZA MECANIZADA DE CAMADA VEGETAL, VEGETAÇÃO E PEQUENAS ÁRVORES (DIÂMETRO DE TRONCO MENOR QUE 0,20 M), COM TRATOR DE ESTEIRAS. AF_03/2024"},{"$f":"IF(C1288=0,\"\",VLOOKUP(C1288,BNCDADOS!$A:$G,3,0))","v":"M2"},2400,{"$f":"IF(C1288=0,\"\",VLOOKUP(C1288,BNCDADOS!$A:$G,4,0))","v":"0,61"},{"$f":"IF(C1288=0,\"\",VLOOKUP(C1288,BNCDADOS!$A:$G,5,0))","v":0.75},{"$f":"IF(H1288=\"\",0,TRUNC(H1288*F1288,2))","v":1800},{"$f":"IF(C1288=0,\"\",VLOOKUP(C1288,BNCDADOS!$A:$G,6,0))","v":"0,58"},{"$f":"IF(C1288=0,\"\",VLOOKUP(C1288,BNCDADOS!$A:$G,7,0))","v":0.75},{"$f":"IF(K1288=\"\",0,TRUNC(K1288*F1288,2))","v":1800},{"$f":"SUMIF('MC - TRECHO 04'!A:A,Orçamento!A1288,'MC - TRECHO 04'!R:R)","v":2400}]
["5.3.2.2",{"$f":"IF(C1289=0,\"\",VLOOKUP(C1289,BNCDADOS!$A:$H,8,0))","v":"SINAPI/RN\nSERVIÇO"},98527,{"$f":"IF(C1289=0,\"\",VLOOKUP(C1289,BNCDADOS!$A:$G,2,0))","v":"REMOÇÃO DE RAÍZES REMANESCENTES DE TRONCO DE ÁRVORE COM DIÂMETRO MAIOR OU IGUAL A 0,40 M E MENOR QUE 0,60 M. AF_03/2024"},{"$f":"IF(C1289=0,\"\",VLOOKUP(C1289,BNCDADOS!$A:$G,3,0))","v":"UN"},120,{"$f":"IF(C1289=0,\"\",VLOOKUP(C1289,BNCDADOS!$A:$G,4,0))","v":"209,89"},{"$f":"IF(C1289=0,\"\",VLOOKUP(C1289,BNCDADOS!$A:$G,5,0))","v":259.61},31153.200000000001,{"$f":"IF(C1289=0,\"\",VLOOKUP(C1289,BNCDADOS!$A:$G,6,0))","v":"195,46"},{"$f":"IF(C1289=0,\"\",VLOOKUP(C1289,BNCDADOS!$A:$G,7,0))","v":254.01},30481.200000000001,{"$f":"SUMIF('MC - TRECHO 04'!A:A,Orçamento!A1289,'MC - TRECHO 04'!R:R)","v":120}]
["5.3.2.3",{"$f":"IF(C1290=0,\"\",VLOOKUP(C1290,BNCDADOS!$A:$H,8,0))","v":"SINAPI/RN\nSERVIÇO"},100982,{"$f":"IF(C1290=0,\"\",VLOOKUP(C1290,BNCDADOS!$A:$G,2,0))","v":"CARGA, MANOBRA E DESCARGA DE ENTULHO EM CAMINHÃO BASCULANTE 10 M³ - CARGA COM ESCAVADEIRA HIDRÁULICA  (CAÇAMBA DE 0,80 M³ / 111 HP) E DESCARGA LIVRE (UNIDADE: M3). AF_07/2020"},{"$f":"IF(C1290=0,\"\",VLOOKUP(C1290,BNCDADOS!$A:$G,3,0))","v":"M3"},1200,{"$f":"IF(C1290=0,\"\",VLOOKUP(C1290,BNCDADOS!$A:$G,4,0))","v":"9,22"},{"$f":"IF(C1290=0,\"\",VLOOKUP(C1290,BNCDADOS!$A:$G,5,0))","v":11.4},13680,{"$f":"IF(C1290=0,\"\",VLOOKUP(C1290,BNCDADOS!$A:$G,6,0))","v":"9,04"},{"$f":"IF(C1290=0,\"\",VLOOKUP(C1290,BNCDADOS!$A:$G,7,0))","v":11.74},14088,{"$f":"SUMIF('MC - TRECHO 04'!A:A,Orçamento!A1290,'MC - TRECHO 04'!R:R)","v":1200}]
["5.3.2.4",{"$f":"IF(C1291=0,\"\",VLOOKUP(C1291,BNCDADOS!$A:$H,8,0))","v":"SINAPI/RN\nSERVIÇO"},93591,{"$f":"IF(C1291=0,\"\",VLOOKUP(C1291,BNCDADOS!$A:$G,2,0))","v":"TRANSPORTE COM CAMINHÃO BASCULANTE DE 14 M³, EM VIA URBANA EM LEITO NATURAL (UNIDADE: M3XKM). AF_07/2020"},{"$f":"IF(C1291=0,\"\",VLOOKUP(C1291,BNCDADOS!$A:$G,3,0))","v":"M3XKM"},7560,{"$f":"IF(C1291=0,\"\",VLOOKUP(C1291,BNCDADOS!$A:$G,4,0))","v":"2,83"},{"$f":"IF(C1291=0,\"\",VLOOKUP(C1291,BNCDADOS!$A:$G,5,0))","v":3.5},26460,{"$f":"IF(C1291=0,\"\",VLOOKUP(C1291,BNCDADOS!$A:$G,6,0))","v":"2,80"},{"$f":"IF(C1291=0,\"\",VLOOKUP(C1291,BNCDADOS!$A:$G,7,0))","v":3.63},27442.799999999999,{"$f":"SUMIF('MC - TRECHO 04'!A:A,Orçamento!A1291,'MC - TRECHO 04'!R:R)","v":7560}]
["5.3.2.5",{"$f":"IF(C1292=0,\"\",VLOOKUP(C1292,BNCDADOS!$A:$H,8,0))","v":"SINAPI/RN\nSERVIÇO"},93592,{"$f":"IF(C1292=0,\"\",VLOOKUP(C1292,BNCDADOS!$A:$G,2,0))","v":"TRANSPORTE COM CAMINHÃO BASCULANTE DE 14 M³, EM VIA URBANA EM REVESTIMENTO PRIMÁRIO (UNIDADE: M3XKM). AF_07/2020"},{"$f":"IF(C1292=0,\"\",VLOOKUP(C1292,BNCDADOS!$A:$G,3,0))","v":"M3XKM"},15120,{"$f":"IF(C1292=0,\"\",VLOOKUP(C1292,BNCDADOS!$A:$G,4,0))","v":"2,45"},{"$f":"IF(C1292=0,\"\",VLOOKUP(C1292,BNCDADOS!$A:$G,5,0))","v":3.03},45813.599999999999,{"$f":"IF(C1292=0,\"\",VLOOKUP(C1292,BNCDADOS!$A:$G,6,0))","v":"2,42"},{"$f":"IF(C1292=0,\"\",VLOOKUP(C1292,BNCDADOS!$A:$G,7,0))","v":3.14},47476.800000000003,{"$f":"SUMIF('MC - TRECHO 04'!A:A,Orçamento!A1292,'MC - TRECHO 04'!R:R)","v":15120}]
["5.3.2.6",{"$f":"IF(C1293=0,\"\",VLOOKUP(C1293,BNCDADOS!$A:$H,8,0))","v":"SINAPI/RN\nSERVIÇO"},98459,{"$f":"IF(C1293=0,\"\",VLOOKUP(C1293,BNCDADOS!$A:$G,2,0))","v":"TAPUME COM TELHA METÁLICA. AF_03/2024"},{"$f":"IF(C1293=0,\"\",VLOOKUP(C1293,BNCDADOS!$A:$G,3,0))","v":"M2"},437.84,{"$f":"IF(C1293=0,\"\",VLOOKUP(C1293,BNCDADOS!$A:$G,4,0))","v":"101,37"},{"$f":"IF(C1293=0,\"\",VLOOKUP(C1293,BNCDADOS!$A:$G,5,0))","v":125.38},54896.37,{"$f":"IF(C1293=0,\"\",VLOOKUP(C1293,BNCDADOS!$A:$G,6,0))","v":"98,15"},{"$f":"IF(C1293=0,\"\",VLOOKUP(C1293,BNCDADOS!$A:$G,7,0))","v":127.55},55846.49,{"$f":"SUMIF('MC - TRECHO 04'!A:A,Orçamento!A1293,'MC - TRECHO 04'!R:R)","v":437.84}]
["5.3.2.7",{"$f":"IF(C1294=0,\"\",VLOOKUP(C1294,BNCDADOS!$A:$H,8,0))","v":"SINAPI/RN\nSERVIÇO"},99059,{"$f":"IF(C1294=0,\"\",VLOOKUP(C1294,BNCDADOS!$A:$G,2,0))","v":"LOCAÇÃO CONVENCIONAL DE OBRA, UTILIZANDO GABARITO DE TÁBUAS CORRIDAS PONTALETADAS A CADA 2,00M -  2 UTILIZAÇÕES. AF_03/2024"},{"$f":"IF(C1294=0,\"\",VLOOKUP(C1294,BNCDADOS!$A:$G,3,0))","v":"M"},150.6,{"$f":"IF(C1294=0,\"\",VLOOKUP(C1294,BNCDADOS!$A:$G,4,0))","v":"68,49"},{"$f":"IF(C1294=0,\"\",VLOOKUP(C1294,BNCDADOS!$A:$G,5,0))","v":84.71},12757.32,{"$f":"IF(C1294=0,\"\",VLOOKUP(C1294,BNCDADOS!$A:$G,6,0))","v":"64,82"},{"$f":"IF(C1294=0,\"\",VLOOKUP(C1294,BNCDADOS!$A:$G,7,0))","v":84.24},12686.54,{"$f":"SUMIF('MC - TRECHO 04'!A:A,Orçamento!A1294,'MC - TRECHO 04'!R:R)","v":150.60000000000002}]
["5.3.2.8",{"$f":"IF(C1295=0,\"\",VLOOKUP(C1295,BNCDADOS!$A:$H,8,0))","v":"caern"},2010050,{"$f":"IF(C1295=0,\"\",VLOOKUP(C1295,BNCDADOS!$A:$G,2,0))","v":"LOCAÇÃO DE ADUTORAS, COLETORES TRONCO E INTERCEPTORES - COM AUXÍLIO DE EQUIPAMENTO TOPOGRÁFICO. R_11/2018"},{"$f":"IF(C1295=0,\"\",VLOOKUP(C1295,BNCDADOS!$A:$G,3,0))","v":"M"},79.400000000000006,{"$f":"IF(C1295=0,\"\",VLOOKUP(C1295,BNCDADOS!$A:$G,4,0))","v":2.56},{"$f":"IF(C1295=0,\"\",VLOOKUP(C1295,BNCDADOS!$A:$G,5,0))","v":3.16},250.9,{"$f":"IF(C1295=0,\"\",VLOOKUP(C1295,BNCDADOS!$A:$G,6,0))","v":2.2400000000000002},{"$f":"IF(C1295=0,\"\",VLOOKUP(C1295,BNCDADOS!$A:$G,7,0))","v":2.91},231.05,{"$f":"SUMIF('MC - TRECHO 04'!A:A,Orçamento!A1295,'MC - TRECHO 04'!R:R)","v":79.400000000000006}]
["5.3.2.9",{"$f":"IF(C1296=0,\"\",VLOOKUP(C1296,BNCDADOS!$A:$H,8,0))","v":0},"COMP 13",{"$f":"IF(C1296=0,\"\",VLOOKUP(C1296,BNCDADOS!$A:$G,2,0))","v":"LOCAÇÃO DE CONTÊINER ALMOXARIFADO COM PISO NAVAL - 6,00M X 2,35M - PARA USO EM CANTEIRO DE OBRAS"},{"$f":"IF(C1296=0,\"\",VLOOKUP(C1296,BNCDADOS!$A:$G,3,0))","v":"UM X MÊS"},24,{"$f":"IF(C1296=0,\"\",VLOOKUP(C1296,BNCDADOS!$A:$G,4,0))","v":800.6},{"$f":"IF(C1296=0,\"\",VLOOKUP(C1296,BNCDADOS!$A:$G,5,0))","v":990.26},23766.240000000002,{"$f":"IF(C1296=0,\"\",VLOOKUP(C1296,BNCDADOS!$A:$G,6,0))","v":800.6},{"$f":"IF(C1296=0,\"\",VLOOKUP(C1296,BNCDADOS!$A:$G,7,0))","v":1040.45},24970.799999999999,{"$f":"SUMIF('MC - TRECHO 04'!A:A,Orçamento!A1296,'MC - TRECHO 04'!R:R)","v":24}]
["5.3.2.10",{"$f":"IF(C1297=0,\"\",VLOOKUP(C1297,BNCDADOS!$A:$H,8,0))","v":0},"COMP 01",{"$f":"IF(C1297=0,\"\",VLOOKUP(C1297,BNCDADOS!$A:$G,2,0))","v":"CANTEIRO ITINERANTE COMPOSTO DE TOLDO, CONJUNTO DE MESA E CADEIRAS E BANHEIRO QUÍMICO COM LIMPEZA DIÁRIA INCLUSO COLETA E DESTINAÇÃO FINAL DE EFLUENTES"},{"$f":"IF(C1297=0,\"\",VLOOKUP(C1297,BNCDADOS!$A:$G,3,0))","v":"UN"},12,{"$f":"IF(C1297=0,\"\",VLOOKUP(C1297,BNCDADOS!$A:$G,4,0))","v":1007.4399999999999},{"$f":"IF(C1297=0,\"\",VLOOKUP(C1297,BNCDADOS!$A:$G,5,0))","v":1246.0999999999999},14953.2,{"$f":"IF(C1297=0,\"\",VLOOKUP(C1297,BNCDADOS!$A:$G,6,0))","v":1006.4399999999999},{"$f":"IF(C1297=0,\"\",VLOOKUP(C1297,BNCDADOS!$A:$G,7,0))","v":1307.96},15695.52,{"$f":"SUMIF('MC - TRECHO 04'!A:A,Orçamento!A1297,'MC - TRECHO 04'!R:R)","v":12}]
["5.3.3",{"$f":"IF(C1298=0,\"\",VLOOKUP(C1298,BNCDADOS!$A:$G,8,0))","v":""},null,"TRABALHOS EM TERRA",{"$f":"IF(C1298=0,\"\",VLOOKUP(C1298,BNCDADOS!$A:$G,3,0))","v":""},0,{"$f":"IF(C1298=0,\"\",VLOOKUP(C1298,BNCDADOS!$A:$G,4,0))","v":""},{"$f":"IF(C1298=0,\"\",VLOOKUP(C1298,BNCDADOS!$A:$G,5,0))","v":""},{"$f":"SUM(I1300:I1311)","v":286093.06},{"$f":"IF(C1298=0,\"\",VLOOKUP(C1298,BNCDADOS!$A:$G,6,0))","v":""},{"$f":"IF(C1298=0,\"\",VLOOKUP(C1298,BNCDADOS!$A:$G,7,0))","v":""},{"$f":"SUM(L1300:L1311)","v":293960.59000000003},0]
[null,{"$f":"IF(C1299=0,\"\",VLOOKUP(C1299,BNCDADOS!$A:$G,8,0))","v":""},null,"ATERRO DA ÁREA",{"$f":"IF(C1299=0,\"\",VLOOKUP(C1299,BNCDADOS!$A:$G,3,0))","v":""},0,{"$f":"IF(C1299=0,\"\",VLOOKUP(C1299,BNCDADOS!$A:$G,4,0))","v":""},{"$nulls":5},0]
["5.3.3.1",{"$f":"IF(C1300=0,\"\",VLOOKUP(C1300,BNCDADOS!$A:$H,8,0))","v":"SINAPI/RN\nSERVIÇO"},96385,{"$f":"IF(C1300=0,\"\",VLOOKUP(C1300,BNCDADOS!$A:$G,2,0))","v":"EXECUÇÃO E COMPACTAÇÃO DE ATERRO COM SOLO PREDOMINANTEMENTE ARGILOSO - EXCLUSIVE SOLO, ESCAVAÇÃO, CARGA E TRANSPORTE. AF_11/2019"},{"$f":"IF(C1300=0,\"\",VLOOKUP(C1300,BNCDADOS!$A:$G,3,0))","v":"M3"},2324,{"$f":"IF(C1300=0,\"\",VLOOKUP(C1300,BNCDADOS!$A:$G,4,0))","v":"11,83"},{"$f":"IF(C1300=0,\"\",VLOOKUP(C1300,BNCDADOS!$A:$G,5,0))","v":14.63},{"$f":"IF(H1300=\"\",0,TRUNC(H1300*F1300,2))","v":34000.120000000003},{"$f":"IF(C1300=0,\"\",VLOOKUP(C1300,BNCDADOS!$A:$G,6,0))","v":"11,38"},{"$f":"IF(C1300=0,\"\",VLOOKUP(C1300,BNCDADOS!$A:$G,7,0))","v":14.78},{"$f":"IF(K1300=\"\",0,TRUNC(K1300*F1300,2))","v":34348.720000000001},{"$f":"SUMIF('MC - TRECHO 04'!A:A,Orçamento!A1300,'MC - TRECHO 04'!R:R)","v":2324}]
["5.3.3.2",{"$f":"IF(C1301=0,\"\",VLOOKUP(C1301,BNCDADOS!$A:$H,8,0))","v":"SINAPI/RN\nSERVIÇO"},101232,{"$f":"IF(C1301=0,\"\",VLOOKUP(C1301,BNCDADOS!$A:$G,2,0))","v":"ESCAVAÇÃO VERTICAL PARA INFRAESTRUTURA, COM CARGA, DESCARGA E TRANSPORTE DE SOLO DE 1ª CATEGORIA, COM ESCAVADEIRA HIDRÁULICA (CAÇAMBA: 1,2 M³ / 155 HP), FROTA DE 3 CAMINHÕES BASCULANTES DE 14 M³, DMT ATÉ 1 KM E VELOCIDADE MÉDIA14 KM/H. AF_05/2020"},{"$f":"IF(C1301=0,\"\",VLOOKUP(C1301,BNCDADOS!$A:$G,3,0))","v":"M3"},2324,{"$f":"IF(C1301=0,\"\",VLOOKUP(C1301,BNCDADOS!$A:$G,4,0))","v":"9,80"},{"$f":"IF(C1301=0,\"\",VLOOKUP(C1301,BNCDADOS!$A:$G,5,0))","v":12.12},28166.880000000001,{"$f":"IF(C1301=0,\"\",VLOOKUP(C1301,BNCDADOS!$A:$G,6,0))","v":"9,66"},{"$f":"IF(C1301=0,\"\",VLOOKUP(C1301,BNCDADOS!$A:$G,7,0))","v":12.55},29166.2,{"$f":"SUMIF('MC - TRECHO 04'!A:A,Orçamento!A1301,'MC - TRECHO 04'!R:R)","v":2324}]
["5.3.3.3",{"$f":"IF(C1302=0,\"\",VLOOKUP(C1302,BNCDADOS!$A:$H,8,0))","v":"SINAPI/RN\nSERVIÇO"},93591,{"$f":"IF(C1302=0,\"\",VLOOKUP(C1302,BNCDADOS!$A:$G,2,0))","v":"TRANSPORTE COM CAMINHÃO BASCULANTE DE 14 M³, EM VIA URBANA EM LEITO NATURAL (UNIDADE: M3XKM). AF_07/2020"},{"$f":"IF(C1302=0,\"\",VLOOKUP(C1302,BNCDADOS!$A:$G,3,0))","v":"M3XKM"},13944,{"$f":"IF(C1302=0,\"\",VLOOKUP(C1302,BNCDADOS!$A:$G,4,0))","v":"2,83"},{"$f":"IF(C1302=0,\"\",VLOOKUP(C1302,BNCDADOS!$A:$G,5,0))","v":3.5},48804,{"$f":"IF(C1302=0,\"\",VLOOKUP(C1302,BNCDADOS!$A:$G,6,0))","v":"2,80"},{"$f":"IF(C1302=0,\"\",VLOOKUP(C1302,BNCDADOS!$A:$G,7,0))","v":3.63},50616.72,{"$f":"SUMIF('MC - TRECHO 04'!A:A,Orçamento!A1302,'MC - TRECHO 04'!R:R)","v":13943.999999999998}]
["5.3.3.4",{"$f":"IF(C1303=0,\"\",VLOOKUP(C1303,BNCDADOS!$A:$H,8,0))","v":"SINAPI/RN\nSERVIÇO"},93592,{"$f":"IF(C1303=0,\"\",VLOOKUP(C1303,BNCDADOS!$A:$G,2,0))","v":"TRANSPORTE COM CAMINHÃO BASCULANTE DE 14 M³, EM VIA URBANA EM REVESTIMENTO PRIMÁRIO (UNIDADE: M3XKM). AF_07/2020"},{"$f":"IF(C1303=0,\"\",VLOOKUP(C1303,BNCDADOS!$A:$G,3,0))","v":"M3XKM"},27888,{"$f":"IF(C1303=0,\"\",VLOOKUP(C1303,BNCDADOS!$A:$G,4,0))","v":"2,45"},{"$f":"IF(C1303=0,\"\",VLOOKUP(C1303,BNCDADOS!$A:$G,5,0))","v":3.03},84500.64,{"$f":"IF(C1303=0,\"\",VLOOKUP(C1303,BNCDADOS!$A:$G,6,0))","v":"2,42"},{"$f":"IF(C1303=0,\"\",VLOOKUP(C1303,BNCDADOS!$A:$G,7,0))","v":3.14},87568.320000000007,{"$f":"SUMIF('MC - TRECHO 04'!A:A,Orçamento!A1303,'MC - TRECHO 04'!R:R)","v":27887.999999999996}]
["5.3.3.5",{"$f":"IF(C1304=0,\"\",VLOOKUP(C1304,BNCDADOS!$A:$H,8,0))","v":"SINAPI/RN\nSERVIÇO"},98520,{"$f":"IF(C1304=0,\"\",VLOOKUP(C1304,BNCDADOS!$A:$G,2,0))","v":"APLICAÇÃO DE ADUBO EM SOLO. AF_07/2024"},{"$f":"IF(C1304=0,\"\",VLOOKUP(C1304,BNCDADOS!$A:$G,3,0))","v":"M2"},160,{"$f":"IF(C1304=0,\"\",VLOOKUP(C1304,BNCDADOS!$A:$G,4,0))","v":"6,22"},{"$f":"IF(C1304=0,\"\",VLOOKUP(C1304,BNCDADOS!$A:$G,5,0))","v":7.69},1230.4000000000001,{"$f":"IF(C1304=0,\"\",VLOOKUP(C1304,BNCDADOS!$A:$G,6,0))","v":"6,09"},{"$f":"IF(C1304=0,\"\",VLOOKUP(C1304,BNCDADOS!$A:$G,7,0))","v":7.91},1265.5999999999999,{"$f":"SUMIF('MC - TRECHO 04'!A:A,Orçamento!A1304,'MC - TRECHO 04'!R:R)","v":160}]
["5.3.3.6",{"$f":"IF(C1305=0,\"\",VLOOKUP(C1305,BNCDADOS!$A:$H,8,0))","v":"SINAPI/RN\nSERVIÇO"},98504,{"$f":"IF(C1305=0,\"\",VLOOKUP(C1305,BNCDADOS!$A:$G,2,0))","v":"PLANTIO DE GRAMA BATATAIS EM PLACAS. AF_07/2024"},{"$f":"IF(C1305=0,\"\",VLOOKUP(C1305,BNCDADOS!$A:$G,3,0))","v":"M2"},160,{"$f":"IF(C1305=0,\"\",VLOOKUP(C1305,BNCDADOS!$A:$G,4,0))","v":"13,41"},{"$f":"IF(C1305=0,\"\",VLOOKUP(C1305,BNCDADOS!$A:$G,5,0))","v":16.579999999999998},2652.8,{"$f":"IF(C1305=0,\"\",VLOOKUP(C1305,BNCDADOS!$A:$G,6,0))","v":"13,08"},{"$f":"IF(C1305=0,\"\",VLOOKUP(C1305,BNCDADOS!$A:$G,7,0))","v":16.989999999999998},2718.4,{"$f":"SUMIF('MC - TRECHO 04'!A:A,Orçamento!A1305,'MC - TRECHO 04'!R:R)","v":160}]
[null,{"$f":"IF(C1306=0,\"\",VLOOKUP(C1306,BNCDADOS!$A:$G,8,0))","v":""},null,"SERVIÇOS DE TERRA PARA A EXECUÇÃO DAS ESTRUTURAS",{"$f":"IF(C1306=0,\"\",VLOOKUP(C1306,BNCDADOS!$A:$G,3,0))","v":""},0,{"$f":"IF(C1306=0,\"\",VLOOKUP(C1306,BNCDADOS!$A:$G,4,0))","v":""},{"$nulls":5},0]
["5.3.3.7",{"$f":"IF(C1307=0,\"\",VLOOKUP(C1307,BNCDADOS!$A:$H,8,0))","v":"SINAPI/RN\nSERVIÇO"},96525,{"$f":"IF(C1307=0,\"\",VLOOKUP(C1307,BNCDADOS!$A:$G,2,0))","v":"ESCAVAÇÃO MECANIZADA PARA VIGA BALDRAME OU SAPATA CORRIDA COM MINI-ESCAVADEIRA (INCLUINDO ESCAVAÇÃO PARA COLOCAÇÃO DE FÔRMAS). AF_01/2024"},{"$f":"IF(C1307=0,\"\",VLOOKUP(C1307,BNCDADOS!$A:$G,3,0))","v":"M3"},105.61,{"$f":"IF(C1307=0,\"\",VLOOKUP(C1307,BNCDADOS!$A:$G,4,0))","v":"55,00"},{"$f":"IF(C1307=0,\"\",VLOOKUP(C1307,BNCDADOS!$A:$G,5,0))","v":68.02},{"$f":"IF(H1307=\"\",0,TRUNC(H1307*F1307,2))","v":7183.59},{"$f":"IF(C1307=0,\"\",VLOOKUP(C1307,BNCDADOS!$A:$G,6,0))","v":"52,42"},{"$f":"IF(C1307=0,\"\",VLOOKUP(C1307,BNCDADOS!$A:$G,7,0))","v":68.12},{"$f":"IF(K1307=\"\",0,TRUNC(K1307*F1307,2))","v":7194.15},{"$f":"SUMIF('MC - TRECHO 04'!A:A,Orçamento!A1307,'MC - TRECHO 04'!R:R)","v":105.61000000000001}]
["5.3.3.8",{"$f":"IF(C1308=0,\"\",VLOOKUP(C1308,BNCDADOS!$A:$H,8,0))","v":"SINAPI/RN\nSERVIÇO"},93382,{"$f":"IF(C1308=0,\"\",VLOOKUP(C1308,BNCDADOS!$A:$G,2,0))","v":"REATERRO MANUAL DE VALAS, COM COMPACTADOR DE SOLOS DE PERCUSSÃO. AF_08/2023"},{"$f":"IF(C1308=0,\"\",VLOOKUP(C1308,BNCDADOS!$A:$G,3,0))","v":"M3"},87.43,{"$f":"IF(C1308=0,\"\",VLOOKUP(C1308,BNCDADOS!$A:$G,4,0))","v":"25,08"},{"$f":"IF(C1308=0,\"\",VLOOKUP(C1308,BNCDADOS!$A:$G,5,0))","v":31.02},{"$f":"IF(H1308=\"\",0,TRUNC(H1308*F1308,2))","v":2712.07},{"$f":"IF(C1308=0,\"\",VLOOKUP(C1308,BNCDADOS!$A:$G,6,0))","v":"22,89"},{"$f":"IF(C1308=0,\"\",VLOOKUP(C1308,BNCDADOS!$A:$G,7,0))","v":29.74},{"$f":"IF(K1308=\"\",0,TRUNC(K1308*F1308,2))","v":2600.16},{"$f":"SUMIF('MC - TRECHO 04'!A:A,Orçamento!A1308,'MC - TRECHO 04'!R:R)","v":87.43310000000001}]
["5.3.3.9",{"$f":"IF(C1309=0,\"\",VLOOKUP(C1309,BNCDADOS!$A:$H,8,0))","v":"SINAPI/RN\nSERVIÇO"},101206,{"$f":"IF(C1309=0,\"\",VLOOKUP(C1309,BNCDADOS!$A:$G,2,0))","v":"ESCAVAÇÃO VERTICAL PARA  EDIFICAÇÃO, COM CARGA, DESCARGA E TRANSPORTE DE SOLO DE 1ª CATEGORIA, COM ESCAVADEIRA HIDRÁULICA (CAÇAMBA: 0,8 M³ / 111 HP), FROTA DE 3 CAMINHÕES BASCULANTES DE 14 M³, DMT ATÉ 1 KM E VELOCIDADE MÉDIA 14 KM/H. AF_05/2020"},{"$f":"IF(C1309=0,\"\",VLOOKUP(C1309,BNCDADOS!$A:$G,3,0))","v":"M3"},1970.03,{"$f":"IF(C1309=0,\"\",VLOOKUP(C1309,BNCDADOS!$A:$G,4,0))","v":"13,00"},{"$f":"IF(C1309=0,\"\",VLOOKUP(C1309,BNCDADOS!$A:$G,5,0))","v":16.07},{"$f":"IF(H1309=\"\",0,TRUNC(H1309*F1309,2))","v":31658.38},{"$f":"IF(C1309=0,\"\",VLOOKUP(C1309,BNCDADOS!$A:$G,6,0))","v":"12,77"},{"$f":"IF(C1309=0,\"\",VLOOKUP(C1309,BNCDADOS!$A:$G,7,0))","v":16.59},{"$f":"IF(K1309=\"\",0,TRUNC(K1309*F1309,2))","v":32682.79},{"$f":"SUMIF('MC - TRECHO 04'!A:A,Orçamento!A1309,'MC - TRECHO 04'!R:R)","v":1970.0360000000001}]
["5.3.3.10",{"$f":"IF(C1310=0,\"\",VLOOKUP(C1310,BNCDADOS!$A:$H,8,0))","v":"SINAPI/RN\nSERVIÇO"},93379,{"$f":"IF(C1310=0,\"\",VLOOKUP(C1310,BNCDADOS!$A:$G,2,0))","v":"REATERRO MECANIZADO DE VALA COM RETROESCAVADEIRA (CAPACIDADE DA CAÇAMBA   DA RETRO: 0,26 M³/POTÊNCIA: 88 HP), LARGURA 0,8 A 1,5 M, PROFUNDIDADE ATÉ 1,5 M, COM SOLO (SEM SUBSTITUIÇÃO) DE 1ª CATEGORIA, COM COMPACTADOR DE SOLOS DE PERCUSSÃO AF_08/2023"},{"$f":"IF(C1310=0,\"\",VLOOKUP(C1310,BNCDADOS!$A:$G,3,0))","v":"M3"},{"$f":"TRUNC(M1310,2)","v":860.75},{"$f":"IF(C1310=0,\"\",VLOOKUP(C1310,BNCDADOS!$A:$G,4,0))","v":"17,99"},{"$f":"IF(C1310=0,\"\",VLOOKUP(C1310,BNCDADOS!$A:$G,5,0))","v":22.25},{"$f":"IF(H1310=\"\",0,TRUNC(H1310*F1310,2))","v":19151.68},{"$f":"IF(C1310=0,\"\",VLOOKUP(C1310,BNCDADOS!$A:$G,6,0))","v":"16,97"},{"$f":"IF(C1310=0,\"\",VLOOKUP(C1310,BNCDADOS!$A:$G,7,0))","v":22.05},{"$f":"IF(K1310=\"\",0,TRUNC(K1310*F1310,2))","v":18979.53},{"$f":"SUMIF('MC - TRECHO 04'!A:A,Orçamento!A1310,'MC - TRECHO 04'!R:R)","v":860.75000000000011}]
["5.3.3.11",{"$f":"IF(C1311=0,\"\",VLOOKUP(C1311,BNCDADOS!$A:$H,8,0))","v":"caern"},2010007,{"$f":"IF(C1311=0,\"\",VLOOKUP(C1311,BNCDADOS!$A:$G,2,0))","v":"REBAIXAMENTO DE LENÇOL FREÁTICO COM PONTEIRAS FILTRANTES EM ÁREAS. R_05/2019"},{"$f":"IF(C1311=0,\"\",VLOOKUP(C1311,BNCDADOS!$A:$G,3,0))","v":"PTXDIA"},750,{"$f":"IF(C1311=0,\"\",VLOOKUP(C1311,BNCDADOS!$A:$G,4,0))","v":28.07},{"$f":"IF(C1311=0,\"\",VLOOKUP(C1311,BNCDADOS!$A:$G,5,0))","v":34.71},{"$f":"IF(H1311=\"\",0,TRUNC(H1311*F1311,2))","v":26032.5},{"$f":"IF(C1311=0,\"\",VLOOKUP(C1311,BNCDADOS!$A:$G,6,0))","v":27.52},{"$f":"IF(C1311=0,\"\",VLOOKUP(C1311,BNCDADOS!$A:$G,7,0))","v":35.76},{"$f":"IF(K1311=\"\",0,TRUNC(K1311*F1311,2))","v":26820},{"$f":"SUMIF('MC - TRECHO 04'!A:A,Orçamento!A1311,'MC - TRECHO 04'!R:R)","v":750}]
["5.3.4",{"$f":"IF(C1312=0,\"\",VLOOKUP(C1312,BNCDADOS!$A:$G,8,0))","v":""},null,"ESTRUTURA",{"$f":"IF(C1312=0,\"\",VLOOKUP(C1312,BNCDADOS!$A:$G,3,0))","v":""},0,{"$f":"IF(C1312=0,\"\",VLOOKUP(C1312,BNCDADOS!$A:$G,4,0))","v":""},{"$f":"IF(C1312=0,\"\",VLOOKUP(C1312,BNCDADOS!$A:$G,5,0))","v":""},{"$f":"SUM(I1313:I1336)","v":1405863.8100000003},{"$f":"IF(C1312=0,\"\",VLOOKUP(C1312,BNCDADOS!$A:$G,6,0))","v":""},{"$f":"IF(C1312=0,\"\",VLOOKUP(C1312,BNCDADOS!$A:$G,7,0))","v":""},{"$f":"SUM(L1313:L1336)","v":1445351.09},0]
["5.3.4.1",{"$f":"IF(C1313=0,\"\",VLOOKUP(C1313,BNCDADOS!$A:$H,8,0))","v":"SINAPI/RN\nSERVIÇO"},95241,{"$f":"IF(C1313=0,\"\",VLOOKUP(C1313,BNCDADOS!$A:$G,2,0))","v":"LASTRO DE CONCRETO MAGRO, APLICADO EM PISOS, LAJES SOBRE SOLO OU RADIERS, ESPESSURA DE 5 CM. AF_01/2024"},{"$f":"IF(C1313=0,\"\",VLOOKUP(C1313,BNCDADOS!$A:$G,3,0))","v":"M2"},408.68,{"$f":"IF(C1313=0,\"\",VLOOKUP(C1313,BNCDADOS!$A:$G,4,0))","v":"36,15"},{"$f":"IF(C1313=0,\"\",VLOOKUP(C1313,BNCDADOS!$A:$G,5,0))","v":44.71},{"$f":"IF(H1313=\"\",0,TRUNC(H1313*F1313,2))","v":18272.080000000002},{"$f":"IF(C1313=0,\"\",VLOOKUP(C1313,BNCDADOS!$A:$G,6,0))","v":"34,74"},{"$f":"IF(C1313=0,\"\",VLOOKUP(C1313,BNCDADOS!$A:$G,7,0))","v":45.14},{"$f":"IF(K1313=\"\",0,TRUNC(K1313*F1313,2))","v":18447.810000000001},{"$f":"SUMIF('MC - TRECHO 04'!A:A,Orçamento!A1313,'MC - TRECHO 04'!R:R)","v":408.67999999999995}]
["5.3.4.2",{"$f":"IF(C1314=0,\"\",VLOOKUP(C1314,BNCDADOS!$A:$H,8,0))","v":"SINAPI/RN\nSERVIÇO"},103800,{"$f":"IF(C1314=0,\"\",VLOOKUP(C1314,BNCDADOS!$A:$G,2,0))","v":"PEDRA ARGAMASSADA COM CIMENTO E AREIA 1:3, 40% DE ARGAMASSA EM VOLUME - AREIA E PEDRA DE MÃO COMERCIAIS - FORNECIMENTO E ASSENTAMENTO. AF_08/2022"},{"$f":"IF(C1314=0,\"\",VLOOKUP(C1314,BNCDADOS!$A:$G,3,0))","v":"M3"},14.23,{"$f":"IF(C1314=0,\"\",VLOOKUP(C1314,BNCDADOS!$A:$G,4,0))","v":"534,85"},{"$f":"IF(C1314=0,\"\",VLOOKUP(C1314,BNCDADOS!$A:$G,5,0))","v":661.55},9413.85,{"$f":"IF(C1314=0,\"\",VLOOKUP(C1314,BNCDADOS!$A:$G,6,0))","v":"515,06"},{"$f":"IF(C1314=0,\"\",VLOOKUP(C1314,BNCDADOS!$A:$G,7,0))","v":669.37},9525.1299999999992,{"$f":"SUMIF('MC - TRECHO 04'!A:A,Orçamento!A1314,'MC - TRECHO 04'!R:R)","v":14.239199999999999}]
["5.3.4.3",{"$f":"IF(C1315=0,\"\",VLOOKUP(C1315,BNCDADOS!$A:$H,8,0))","v":0},"COMP 14",{"$f":"IF(C1315=0,\"\",VLOOKUP(C1315,BNCDADOS!$A:$G,2,0))","v":"BLOCO DE CONCRETO ARMADDO, PARA FUNDAÇÃO DE ESTRUTURA PRÉ-FABRICADA"},{"$f":"IF(C1315=0,\"\",VLOOKUP(C1315,BNCDADOS!$A:$G,3,0))","v":"UN"},12,{"$f":"IF(C1315=0,\"\",VLOOKUP(C1315,BNCDADOS!$A:$G,4,0))","v":9534.9000000000015},{"$f":"IF(C1315=0,\"\",VLOOKUP(C1315,BNCDADOS!$A:$G,5,0))","v":11793.71},141524.51999999999,{"$f":"IF(C1315=0,\"\",VLOOKUP(C1315,BNCDADOS!$A:$G,6,0))","v":9147.68},{"$f":"IF(C1315=0,\"\",VLOOKUP(C1315,BNCDADOS!$A:$G,7,0))","v":11888.32},142659.84,{"$f":"SUMIF('MC - TRECHO 04'!A:A,Orçamento!A1315,'MC - TRECHO 04'!R:R)","v":12}]
["5.3.4.4",{"$f":"IF(C1316=0,\"\",VLOOKUP(C1316,BNCDADOS!$A:$H,8,0))","v":0},"COMP 15",{"$f":"IF(C1316=0,\"\",VLOOKUP(C1316,BNCDADOS!$A:$G,2,0))","v":"PILAR EM CONCRETO ARMADO, PARA ESTRUTURA PRÉ-FABRICADA, MEDINDO 40X50CM E COM ALTURA ÚTIL DE 11,50M"},{"$f":"IF(C1316=0,\"\",VLOOKUP(C1316,BNCDADOS!$A:$G,3,0))","v":"UN"},7,{"$f":"IF(C1316=0,\"\",VLOOKUP(C1316,BNCDADOS!$A:$G,4,0))","v":9083.56},{"$f":"IF(C1316=0,\"\",VLOOKUP(C1316,BNCDADOS!$A:$G,5,0))","v":11235.45},78648.149999999994,{"$f":"IF(C1316=0,\"\",VLOOKUP(C1316,BNCDADOS!$A:$G,6,0))","v":8885.33},{"$f":"IF(C1316=0,\"\",VLOOKUP(C1316,BNCDADOS!$A:$G,7,0))","v":11547.37},80831.59,{"$f":"SUMIF('MC - TRECHO 04'!A:A,Orçamento!A1316,'MC - TRECHO 04'!R:R)","v":7}]
["5.3.4.5",{"$f":"IF(C1317=0,\"\",VLOOKUP(C1317,BNCDADOS!$A:$H,8,0))","v":0},"COMP 16",{"$f":"IF(C1317=0,\"\",VLOOKUP(C1317,BNCDADOS!$A:$G,2,0))","v":"PILAR EM CONCRETO ARMADO, PARA ESTRUTURA PRÉ-FABRICADA, MEDINDO 40X50CM E COM ALTURA ÚTIL DE 10,00M"},{"$f":"IF(C1317=0,\"\",VLOOKUP(C1317,BNCDADOS!$A:$G,3,0))","v":"UN"},5,{"$f":"IF(C1317=0,\"\",VLOOKUP(C1317,BNCDADOS!$A:$G,4,0))","v":7898.75},{"$f":"IF(C1317=0,\"\",VLOOKUP(C1317,BNCDADOS!$A:$G,5,0))","v":9769.9599999999991},48849.8,{"$f":"IF(C1317=0,\"\",VLOOKUP(C1317,BNCDADOS!$A:$G,6,0))","v":7726.3799999999992},{"$f":"IF(C1317=0,\"\",VLOOKUP(C1317,BNCDADOS!$A:$G,7,0))","v":10041.200000000001},50206,{"$f":"SUMIF('MC - TRECHO 04'!A:A,Orçamento!A1317,'MC - TRECHO 04'!R:R)","v":5}]
["5.3.4.6",{"$f":"IF(C1318=0,\"\",VLOOKUP(C1318,BNCDADOS!$A:$H,8,0))","v":0},"COMP 17",{"$f":"IF(C1318=0,\"\",VLOOKUP(C1318,BNCDADOS!$A:$G,2,0))","v":"VIGA EM CONCRETO ARMADO, PARA ESTRUTURA PRÉ-FABRICADA (APOIO DO TRILHO), MEDINDO 40X40CM E COMPRIMENTO ÚTIL DE 18,5M"},{"$f":"IF(C1318=0,\"\",VLOOKUP(C1318,BNCDADOS!$A:$G,3,0))","v":"UN"},2,{"$f":"IF(C1318=0,\"\",VLOOKUP(C1318,BNCDADOS!$A:$G,4,0))","v":12280.729999999998},{"$f":"IF(C1318=0,\"\",VLOOKUP(C1318,BNCDADOS!$A:$G,5,0))","v":15190.03},30380.06,{"$f":"IF(C1318=0,\"\",VLOOKUP(C1318,BNCDADOS!$A:$G,6,0))","v":12015.609999999999},{"$f":"IF(C1318=0,\"\",VLOOKUP(C1318,BNCDADOS!$A:$G,7,0))","v":15615.48},31230.959999999999,{"$f":"SUMIF('MC - TRECHO 04'!A:A,Orçamento!A1318,'MC - TRECHO 04'!R:R)","v":2}]
["5.3.4.7",{"$f":"IF(C1319=0,\"\",VLOOKUP(C1319,BNCDADOS!$A:$H,8,0))","v":0},"COMP 18",{"$f":"IF(C1319=0,\"\",VLOOKUP(C1319,BNCDADOS!$A:$G,2,0))","v":"MONTAGEM DE ELEMENTOS PRÉ-MOLDADOS COM CAMINHÃO GUINDAUTO (MUNCK) ATÉ 10000 KG"},{"$f":"IF(C1319=0,\"\",VLOOKUP(C1319,BNCDADOS!$A:$G,3,0))","v":"UN"},5,{"$f":"IF(C1319=0,\"\",VLOOKUP(C1319,BNCDADOS!$A:$G,4,0))","v":745.35},{"$f":"IF(C1319=0,\"\",VLOOKUP(C1319,BNCDADOS!$A:$G,5,0))","v":921.92},4609.6000000000004,{"$f":"IF(C1319=0,\"\",VLOOKUP(C1319,BNCDADOS!$A:$G,6,0))","v":715.29},{"$f":"IF(C1319=0,\"\",VLOOKUP(C1319,BNCDADOS!$A:$G,7,0))","v":929.59},4647.95,{"$f":"SUMIF('MC - TRECHO 04'!A:A,Orçamento!A1319,'MC - TRECHO 04'!R:R)","v":5}]
["5.3.4.8",{"$f":"IF(C1320=0,\"\",VLOOKUP(C1320,BNCDADOS!$A:$H,8,0))","v":"SINAPI/RN\nSERVIÇO"},100952,{"$f":"IF(C1320=0,\"\",VLOOKUP(C1320,BNCDADOS!$A:$G,2,0))","v":"TRANSPORTE COM CAMINHÃO CARROCERIA COM GUINDAUTO (MUNCK),  MOMENTO MÁXIMO DE CARGA 11,7 TM, EM VIA URBANA PAVIMENTADA, DMT ATÉ 30KM (UNIDADE: TXKM). AF_07/2020"},{"$f":"IF(C1320=0,\"\",VLOOKUP(C1320,BNCDADOS!$A:$G,3,0))","v":"TXKM"},6528.09,{"$f":"IF(C1320=0,\"\",VLOOKUP(C1320,BNCDADOS!$A:$G,4,0))","v":"2,94"},{"$f":"IF(C1320=0,\"\",VLOOKUP(C1320,BNCDADOS!$A:$G,5,0))","v":3.63},23696.959999999999,{"$f":"IF(C1320=0,\"\",VLOOKUP(C1320,BNCDADOS!$A:$G,6,0))","v":"2,89"},{"$f":"IF(C1320=0,\"\",VLOOKUP(C1320,BNCDADOS!$A:$G,7,0))","v":3.75},24480.33,{"$f":"SUMIF('MC - TRECHO 04'!A:A,Orçamento!A1320,'MC - TRECHO 04'!R:R)","v":6528.0925080000015}]
["5.3.4.9",{"$f":"IF(C1321=0,\"\",VLOOKUP(C1321,BNCDADOS!$A:$H,8,0))","v":"SINAPI/RN\nSERVIÇO"},100953,{"$f":"IF(C1321=0,\"\",VLOOKUP(C1321,BNCDADOS!$A:$G,2,0))","v":"TRANSPORTE COM CAMINHÃO CARROCERIA COM GUINDAUTO (MUNCK),  MOMENTO MÁXIMO DE CARGA 11,7 TM, EM VIA URBANA PAVIMENTADA, ADICIONAL PARA DMT EXCEDENTE A 30 KM (UNIDADE: TXKM). AF_07/2020"},{"$f":"IF(C1321=0,\"\",VLOOKUP(C1321,BNCDADOS!$A:$G,3,0))","v":"TXKM"},10009.74,{"$f":"IF(C1321=0,\"\",VLOOKUP(C1321,BNCDADOS!$A:$G,4,0))","v":"1,16"},{"$f":"IF(C1321=0,\"\",VLOOKUP(C1321,BNCDADOS!$A:$G,5,0))","v":1.43},14313.92,{"$f":"IF(C1321=0,\"\",VLOOKUP(C1321,BNCDADOS!$A:$G,6,0))","v":"1,15"},{"$f":"IF(C1321=0,\"\",VLOOKUP(C1321,BNCDADOS!$A:$G,7,0))","v":1.49},14914.51,{"$f":"SUMIF('MC - TRECHO 04'!A:A,Orçamento!A1321,'MC - TRECHO 04'!R:R)","v":10009.741845600003}]
["5.3.4.10",{"$f":"IF(C1322=0,\"\",VLOOKUP(C1322,BNCDADOS!$A:$H,8,0))","v":0},"COMP 19",{"$f":"IF(C1322=0,\"\",VLOOKUP(C1322,BNCDADOS!$A:$G,2,0))","v":"MONTAGEM DE ELEMENTOS PRÉ-MOLDADOS COM CAMINHÃO GUINDAUTO (MUNCK) ATÉ 10000 KG"},{"$f":"IF(C1322=0,\"\",VLOOKUP(C1322,BNCDADOS!$A:$G,3,0))","v":"UN"},31,{"$f":"IF(C1322=0,\"\",VLOOKUP(C1322,BNCDADOS!$A:$G,4,0))","v":745.35},{"$f":"IF(C1322=0,\"\",VLOOKUP(C1322,BNCDADOS!$A:$G,5,0))","v":921.92},28579.52,{"$f":"IF(C1322=0,\"\",VLOOKUP(C1322,BNCDADOS!$A:$G,6,0))","v":715.29},{"$f":"IF(C1322=0,\"\",VLOOKUP(C1322,BNCDADOS!$A:$G,7,0))","v":929.59},28817.29,{"$f":"SUMIF('MC - TRECHO 04'!A:A,Orçamento!A1322,'MC - TRECHO 04'!R:R)","v":31}]
["5.3.4.11",{"$f":"IF(C1323=0,\"\",VLOOKUP(C1323,BNCDADOS!$A:$H,8,0))","v":"SINAPI/RN\nSERVIÇO"},100341,{"$f":"IF(C1323=0,\"\",VLOOKUP(C1323,BNCDADOS!$A:$G,2,0))","v":"FABRICAÇÃO, MONTAGEM E DESMONTAGEM DE FÔRMA PARA CORTINA DE CONTENÇÃO, EM CHAPA DE MADEIRA COMPENSADA PLASTIFICADA, E = 18 MM, 10 UTILIZAÇÕES. AF_07/2019"},{"$f":"IF(C1323=0,\"\",VLOOKUP(C1323,BNCDADOS!$A:$G,3,0))","v":"M2"},380.36,{"$f":"IF(C1323=0,\"\",VLOOKUP(C1323,BNCDADOS!$A:$G,4,0))","v":"40,40"},{"$f":"IF(C1323=0,\"\",VLOOKUP(C1323,BNCDADOS!$A:$G,5,0))","v":49.97},19006.580000000002,{"$f":"IF(C1323=0,\"\",VLOOKUP(C1323,BNCDADOS!$A:$G,6,0))","v":"38,56"},{"$f":"IF(C1323=0,\"\",VLOOKUP(C1323,BNCDADOS!$A:$G,7,0))","v":50.11},19059.830000000002,{"$f":"SUMIF('MC - TRECHO 04'!A:A,Orçamento!A1323,'MC - TRECHO 04'!R:R)","v":380.36000000000007}]
["5.3.4.12",{"$f":"IF(C1324=0,\"\",VLOOKUP(C1324,BNCDADOS!$A:$H,8,0))","v":"SINAPI/RN\nSERVIÇO"},100344,{"$f":"IF(C1324=0,\"\",VLOOKUP(C1324,BNCDADOS!$A:$G,2,0))","v":"ARMAÇÃO DE CORTINA DE CONTENÇÃO EM CONCRETO ARMADO, COM AÇO CA-50 DE 10 MM - MONTAGEM. AF_07/2019"},{"$f":"IF(C1324=0,\"\",VLOOKUP(C1324,BNCDADOS!$A:$G,3,0))","v":"KG"},3106,{"$f":"IF(C1324=0,\"\",VLOOKUP(C1324,BNCDADOS!$A:$G,4,0))","v":"12,25"},{"$f":"IF(C1324=0,\"\",VLOOKUP(C1324,BNCDADOS!$A:$G,5,0))","v":15.15},47055.9,{"$f":"IF(C1324=0,\"\",VLOOKUP(C1324,BNCDADOS!$A:$G,6,0))","v":"12,01"},{"$f":"IF(C1324=0,\"\",VLOOKUP(C1324,BNCDADOS!$A:$G,7,0))","v":15.6},48453.599999999999,{"$f":"SUMIF('MC - TRECHO 04'!A:A,Orçamento!A1324,'MC - TRECHO 04'!R:R)","v":3106}]
["5.3.4.13",{"$f":"IF(C1325=0,\"\",VLOOKUP(C1325,BNCDADOS!$A:$H,8,0))","v":"SINAPI/RN\nSERVIÇO"},92433,{"$f":"IF(C1325=0,\"\",VLOOKUP(C1325,BNCDADOS!$A:$G,2,0))","v":"MONTAGEM E DESMONTAGEM DE FÔRMA DE PILARES RETANGULARES E ESTRUTURAS SIMILARES, PÉ-DIREITO DUPLO, EM CHAPA DE MADEIRA COMPENSADA PLASTIFICADA, 10 UTILIZAÇÕES. AF_09/2020"},{"$f":"IF(C1325=0,\"\",VLOOKUP(C1325,BNCDADOS!$A:$G,3,0))","v":"M2"},635.6,{"$f":"IF(C1325=0,\"\",VLOOKUP(C1325,BNCDADOS!$A:$G,4,0))","v":"74,35"},{"$f":"IF(C1325=0,\"\",VLOOKUP(C1325,BNCDADOS!$A:$G,5,0))","v":91.96},58449.77,{"$f":"IF(C1325=0,\"\",VLOOKUP(C1325,BNCDADOS!$A:$G,6,0))","v":"70,50"},{"$f":"IF(C1325=0,\"\",VLOOKUP(C1325,BNCDADOS!$A:$G,7,0))","v":91.62},58233.67,{"$f":"SUMIF('MC - TRECHO 04'!A:A,Orçamento!A1325,'MC - TRECHO 04'!R:R)","v":635.59999999999991}]
["5.3.4.14",{"$f":"IF(C1326=0,\"\",VLOOKUP(C1326,BNCDADOS!$A:$H,8,0))","v":"SINAPI/RN\nSERVIÇO"},92916,{"$f":"IF(C1326=0,\"\",VLOOKUP(C1326,BNCDADOS!$A:$G,2,0))","v":"ARMAÇÃO DE ESTRUTURAS DIVERSAS DE CONCRETO ARMADO, EXCETO VIGAS, PILARES, LAJES E FUNDAÇÕES, UTILIZANDO AÇO CA-50 DE 6,3 MM - MONTAGEM. AF_06/2022"},{"$f":"IF(C1326=0,\"\",VLOOKUP(C1326,BNCDADOS!$A:$G,3,0))","v":"KG"},791,{"$f":"IF(C1326=0,\"\",VLOOKUP(C1326,BNCDADOS!$A:$G,4,0))","v":"15,76"},{"$f":"IF(C1326=0,\"\",VLOOKUP(C1326,BNCDADOS!$A:$G,5,0))","v":19.489999999999998},15416.59,{"$f":"IF(C1326=0,\"\",VLOOKUP(C1326,BNCDADOS!$A:$G,6,0))","v":"15,19"},{"$f":"IF(C1326=0,\"\",VLOOKUP(C1326,BNCDADOS!$A:$G,7,0))","v":19.739999999999998},15614.34,{"$f":"SUMIF('MC - TRECHO 04'!A:A,Orçamento!A1326,'MC - TRECHO 04'!R:R)","v":791}]
["5.3.4.15",{"$f":"IF(C1327=0,\"\",VLOOKUP(C1327,BNCDADOS!$A:$H,8,0))","v":"SINAPI/RN\nSERVIÇO"},92917,{"$f":"IF(C1327=0,\"\",VLOOKUP(C1327,BNCDADOS!$A:$G,2,0))","v":"ARMAÇÃO DE ESTRUTURAS DIVERSAS DE CONCRETO ARMADO, EXCETO VIGAS, PILARES, LAJES E FUNDAÇÕES, UTILIZANDO AÇO CA-50 DE 8,0 MM - MONTAGEM. AF_06/2022"},{"$f":"IF(C1327=0,\"\",VLOOKUP(C1327,BNCDADOS!$A:$G,3,0))","v":"KG"},313,{"$f":"IF(C1327=0,\"\",VLOOKUP(C1327,BNCDADOS!$A:$G,4,0))","v":"14,39"},{"$f":"IF(C1327=0,\"\",VLOOKUP(C1327,BNCDADOS!$A:$G,5,0))","v":17.79},5568.27,{"$f":"IF(C1327=0,\"\",VLOOKUP(C1327,BNCDADOS!$A:$G,6,0))","v":"14,00"},{"$f":"IF(C1327=0,\"\",VLOOKUP(C1327,BNCDADOS!$A:$G,7,0))","v":18.190000000000001},5693.47,{"$f":"SUMIF('MC - TRECHO 04'!A:A,Orçamento!A1327,'MC - TRECHO 04'!R:R)","v":313}]
["5.3.4.16",{"$f":"IF(C1328=0,\"\",VLOOKUP(C1328,BNCDADOS!$A:$H,8,0))","v":"SINAPI/RN\nSERVIÇO"},92919,{"$f":"IF(C1328=0,\"\",VLOOKUP(C1328,BNCDADOS!$A:$G,2,0))","v":"ARMAÇÃO DE ESTRUTURAS DIVERSAS DE CONCRETO ARMADO, EXCETO VIGAS, PILARES, LAJES E FUNDAÇÕES, UTILIZANDO AÇO CA-50 DE 10,0 MM - MONTAGEM. AF_06/2022"},{"$f":"IF(C1328=0,\"\",VLOOKUP(C1328,BNCDADOS!$A:$G,3,0))","v":"KG"},2013,{"$f":"IF(C1328=0,\"\",VLOOKUP(C1328,BNCDADOS!$A:$G,4,0))","v":"12,59"},{"$f":"IF(C1328=0,\"\",VLOOKUP(C1328,BNCDADOS!$A:$G,5,0))","v":15.57},31342.41,{"$f":"IF(C1328=0,\"\",VLOOKUP(C1328,BNCDADOS!$A:$G,6,0))","v":"12,31"},{"$f":"IF(C1328=0,\"\",VLOOKUP(C1328,BNCDADOS!$A:$G,7,0))","v":15.99},32187.87,{"$f":"SUMIF('MC - TRECHO 04'!A:A,Orçamento!A1328,'MC - TRECHO 04'!R:R)","v":2013}]
["5.3.4.17",{"$f":"IF(C1329=0,\"\",VLOOKUP(C1329,BNCDADOS!$A:$H,8,0))","v":"SINAPI/RN\nSERVIÇO"},92921,{"$f":"IF(C1329=0,\"\",VLOOKUP(C1329,BNCDADOS!$A:$G,2,0))","v":"ARMAÇÃO DE ESTRUTURAS DIVERSAS DE CONCRETO ARMADO, EXCETO VIGAS, PILARES, LAJES E FUNDAÇÕES, UTILIZANDO AÇO CA-50 DE 12,5 MM - MONTAGEM. AF_06/2022"},{"$f":"IF(C1329=0,\"\",VLOOKUP(C1329,BNCDADOS!$A:$G,3,0))","v":"KG"},{"$f":"TRUNC(M1329,2)","v":2750},{"$f":"IF(C1329=0,\"\",VLOOKUP(C1329,BNCDADOS!$A:$G,4,0))","v":"10,41"},{"$f":"IF(C1329=0,\"\",VLOOKUP(C1329,BNCDADOS!$A:$G,5,0))","v":12.87},{"$f":"IF(H1329=\"\",0,TRUNC(H1329*F1329,2))","v":35392.5},{"$f":"IF(C1329=0,\"\",VLOOKUP(C1329,BNCDADOS!$A:$G,6,0))","v":"10,23"},{"$f":"IF(C1329=0,\"\",VLOOKUP(C1329,BNCDADOS!$A:$G,7,0))","v":13.29},{"$f":"IF(K1329=\"\",0,TRUNC(K1329*F1329,2))","v":36547.5},{"$f":"SUMIF('MC - TRECHO 04'!A:A,Orçamento!A1329,'MC - TRECHO 04'!R:R)","v":2750}]
["5.3.4.18",{"$f":"IF(C1330=0,\"\",VLOOKUP(C1330,BNCDADOS!$A:$H,8,0))","v":"SINAPI/RN\nSERVIÇO"},92922,{"$f":"IF(C1330=0,\"\",VLOOKUP(C1330,BNCDADOS!$A:$G,2,0))","v":"ARMAÇÃO DE ESTRUTURAS DIVERSAS DE CONCRETO ARMADO, EXCETO VIGAS, PILARES, LAJES E FUNDAÇÕES, UTILIZANDO AÇO CA-50 DE 16,0 MM - MONTAGEM. AF_06/2022"},{"$f":"IF(C1330=0,\"\",VLOOKUP(C1330,BNCDADOS!$A:$G,3,0))","v":"KG"},29463,{"$f":"IF(C1330=0,\"\",VLOOKUP(C1330,BNCDADOS!$A:$G,4,0))","v":"9,94"},{"$f":"IF(C1330=0,\"\",VLOOKUP(C1330,BNCDADOS!$A:$G,5,0))","v":12.29},362100.27,{"$f":"IF(C1330=0,\"\",VLOOKUP(C1330,BNCDADOS!$A:$G,6,0))","v":"9,82"},{"$f":"IF(C1330=0,\"\",VLOOKUP(C1330,BNCDADOS!$A:$G,7,0))","v":12.76},375947.88,{"$f":"SUMIF('MC - TRECHO 04'!A:A,Orçamento!A1330,'MC - TRECHO 04'!R:R)","v":29463}]
["5.3.4.19",{"$f":"IF(C1331=0,\"\",VLOOKUP(C1331,BNCDADOS!$A:$H,8,0))","v":"SINAPI/RN\nSERVIÇO"},92924,{"$f":"IF(C1331=0,\"\",VLOOKUP(C1331,BNCDADOS!$A:$G,2,0))","v":"ARMAÇÃO DE ESTRUTURAS DIVERSAS DE CONCRETO ARMADO, EXCETO VIGAS, PILARES, LAJES E FUNDAÇÕES, UTILIZANDO AÇO CA-50 DE 25,0 MM - MONTAGEM. AF_06/2022"},{"$f":"IF(C1331=0,\"\",VLOOKUP(C1331,BNCDADOS!$A:$G,3,0))","v":"KG"},2613,{"$f":"IF(C1331=0,\"\",VLOOKUP(C1331,BNCDADOS!$A:$G,4,0))","v":"10,97"},{"$f":"IF(C1331=0,\"\",VLOOKUP(C1331,BNCDADOS!$A:$G,5,0))","v":13.56},35432.28,{"$f":"IF(C1331=0,\"\",VLOOKUP(C1331,BNCDADOS!$A:$G,6,0))","v":"10,88"},{"$f":"IF(C1331=0,\"\",VLOOKUP(C1331,BNCDADOS!$A:$G,7,0))","v":14.13},36921.69,{"$f":"SUMIF('MC - TRECHO 04'!A:A,Orçamento!A1331,'MC - TRECHO 04'!R:R)","v":2613}]
["5.3.4.20",{"$f":"IF(C1332=0,\"\",VLOOKUP(C1332,BNCDADOS!$A:$H,8,0))","v":"SINAPI/RN\nSERVIÇO"},92771,{"$f":"IF(C1332=0,\"\",VLOOKUP(C1332,BNCDADOS!$A:$G,2,0))","v":"ARMAÇÃO DE LAJE DE ESTRUTURA CONVENCIONAL DE CONCRETO ARMADO UTILIZANDO AÇO CA-50 DE 10,0 MM - MONTAGEM. AF_06/2022"},{"$f":"IF(C1332=0,\"\",VLOOKUP(C1332,BNCDADOS!$A:$G,3,0))","v":"KG"},500,{"$f":"IF(C1332=0,\"\",VLOOKUP(C1332,BNCDADOS!$A:$G,4,0))","v":"11,15"},{"$f":"IF(C1332=0,\"\",VLOOKUP(C1332,BNCDADOS!$A:$G,5,0))","v":13.79},6895,{"$f":"IF(C1332=0,\"\",VLOOKUP(C1332,BNCDADOS!$A:$G,6,0))","v":"11,03"},{"$f":"IF(C1332=0,\"\",VLOOKUP(C1332,BNCDADOS!$A:$G,7,0))","v":14.33},7165,{"$f":"SUMIF('MC - TRECHO 04'!A:A,Orçamento!A1332,'MC - TRECHO 04'!R:R)","v":500}]
["5.3.4.21",{"$f":"IF(C1333=0,\"\",VLOOKUP(C1333,BNCDADOS!$A:$H,8,0))","v":"SINAPI/RN\nSERVIÇO"},92772,{"$f":"IF(C1333=0,\"\",VLOOKUP(C1333,BNCDADOS!$A:$G,2,0))","v":"ARMAÇÃO DE LAJE DE ESTRUTURA CONVENCIONAL DE CONCRETO ARMADO UTILIZANDO AÇO CA-50 DE 12,5 MM - MONTAGEM. AF_06/2022"},{"$f":"IF(C1333=0,\"\",VLOOKUP(C1333,BNCDADOS!$A:$G,3,0))","v":"KG"},1567,{"$f":"IF(C1333=0,\"\",VLOOKUP(C1333,BNCDADOS!$A:$G,4,0))","v":"9,37"},{"$f":"IF(C1333=0,\"\",VLOOKUP(C1333,BNCDADOS!$A:$G,5,0))","v":11.58},18145.86,{"$f":"IF(C1333=0,\"\",VLOOKUP(C1333,BNCDADOS!$A:$G,6,0))","v":"9,29"},{"$f":"IF(C1333=0,\"\",VLOOKUP(C1333,BNCDADOS!$A:$G,7,0))","v":12.07},18913.689999999999,{"$f":"SUMIF('MC - TRECHO 04'!A:A,Orçamento!A1333,'MC - TRECHO 04'!R:R)","v":1567}]
["5.3.4.22",{"$f":"IF(C1334=0,\"\",VLOOKUP(C1334,BNCDADOS!$A:$H,8,0))","v":"SINAPI/RN\nSERVIÇO"},92773,{"$f":"IF(C1334=0,\"\",VLOOKUP(C1334,BNCDADOS!$A:$G,2,0))","v":"ARMAÇÃO DE LAJE DE ESTRUTURA CONVENCIONAL DE CONCRETO ARMADO UTILIZANDO AÇO CA-50 DE 16,0 MM - MONTAGEM. AF_06/2022"},{"$f":"IF(C1334=0,\"\",VLOOKUP(C1334,BNCDADOS!$A:$G,3,0))","v":"KG"},1902,{"$f":"IF(C1334=0,\"\",VLOOKUP(C1334,BNCDADOS!$A:$G,4,0))","v":"9,19"},{"$f":"IF(C1334=0,\"\",VLOOKUP(C1334,BNCDADOS!$A:$G,5,0))","v":11.36},21606.720000000001,{"$f":"IF(C1334=0,\"\",VLOOKUP(C1334,BNCDADOS!$A:$G,6,0))","v":"9,14"},{"$f":"IF(C1334=0,\"\",VLOOKUP(C1334,BNCDADOS!$A:$G,7,0))","v":11.87},22576.74,{"$f":"SUMIF('MC - TRECHO 04'!A:A,Orçamento!A1334,'MC - TRECHO 04'!R:R)","v":1902}]
["5.3.4.23",{"$f":"IF(C1335=0,\"\",VLOOKUP(C1335,BNCDADOS!$A:$H,8,0))","v":0},"COMP 20",{"$f":"IF(C1335=0,\"\",VLOOKUP(C1335,BNCDADOS!$A:$G,2,0))","v":"CONCRETAGEM DE ESTRUTURAS, FCK = 40 MPA, COM USO DE BOMBA EM EDIFICAÇÕES DIVERSAS - LANÇAMENTO, ADENSAMENTO E ACABAMENTO"},{"$f":"IF(C1335=0,\"\",VLOOKUP(C1335,BNCDADOS!$A:$G,3,0))","v":"M3    "},318.98,{"$f":"IF(C1335=0,\"\",VLOOKUP(C1335,BNCDADOS!$A:$G,4,0))","v":852.28},{"$f":"IF(C1335=0,\"\",VLOOKUP(C1335,BNCDADOS!$A:$G,5,0))","v":1054.18},336262.33,{"$f":"IF(C1335=0,\"\",VLOOKUP(C1335,BNCDADOS!$A:$G,6,0))","v":837.56},{"$f":"IF(C1335=0,\"\",VLOOKUP(C1335,BNCDADOS!$A:$G,7,0))","v":1088.49},347206.54,{"$f":"SUMIF('MC - TRECHO 04'!A:A,Orçamento!A1335,'MC - TRECHO 04'!R:R)","v":318.98}]
["5.3.4.24",{"$f":"IF(C1336=0,\"\",VLOOKUP(C1336,BNCDADOS!$A:$H,8,0))","v":"SINAPI/RN\nSERVIÇO"},93205,{"$f":"IF(C1336=0,\"\",VLOOKUP(C1336,BNCDADOS!$A:$G,2,0))","v":"CINTA DE AMARRAÇÃO DE ALVENARIA MOLDADA IN LOCO COM UTILIZAÇÃO DE BLOCOS CANALETA, ESPESSURA DE *20* CM. AF_03/2024"},{"$f":"IF(C1336=0,\"\",VLOOKUP(C1336,BNCDADOS!$A:$G,3,0))","v":"M"},201.2,{"$f":"IF(C1336=0,\"\",VLOOKUP(C1336,BNCDADOS!$A:$G,4,0))","v":"59,88"},{"$f":"IF(C1336=0,\"\",VLOOKUP(C1336,BNCDADOS!$A:$G,5,0))","v":74.06},14900.87,{"$f":"IF(C1336=0,\"\",VLOOKUP(C1336,BNCDADOS!$A:$G,6,0))","v":"57,63"},{"$f":"IF(C1336=0,\"\",VLOOKUP(C1336,BNCDADOS!$A:$G,7,0))","v":74.89},15067.86,{"$f":"SUMIF('MC - TRECHO 04'!A:A,Orçamento!A1336,'MC - TRECHO 04'!R:R)","v":201.2}]
["5.3.5",{"$f":"IF(C1337=0,\"\",VLOOKUP(C1337,BNCDADOS!$A:$G,8,0))","v":""},null,"ALVENARIAS E REVESTIMENTOS",{"$f":"IF(C1337=0,\"\",VLOOKUP(C1337,BNCDADOS!$A:$G,3,0))","v":""},0,{"$f":"IF(C1337=0,\"\",VLOOKUP(C1337,BNCDADOS!$A:$G,4,0))","v":""},{"$f":"IF(C1337=0,\"\",VLOOKUP(C1337,BNCDADOS!$A:$G,5,0))","v":""},{"$f":"SUM(I1338:I1347)","v":240352.7},{"$f":"IF(C1337=0,\"\",VLOOKUP(C1337,BNCDADOS!$A:$G,6,0))","v":""},{"$f":"IF(C1337=0,\"\",VLOOKUP(C1337,BNCDADOS!$A:$G,7,0))","v":""},{"$f":"SUM(L1338:L1347)","v":239578.19},0]
["5.3.5.1",{"$f":"IF(C1338=0,\"\",VLOOKUP(C1338,BNCDADOS!$A:$H,8,0))","v":"SINAPI/RN\nSERVIÇO"},103338,{"$f":"IF(C1338=0,\"\",VLOOKUP(C1338,BNCDADOS!$A:$G,2,0))","v":"ALVENARIA DE VEDAÇÃO DE BLOCOS  VAZADOS DE CONCRETO APARENTE DE 14X19X39 CM (ESPESSURA 14 CM) E ARGAMASSA DE ASSENTAMENTO COM PREPARO EM BETONEIRA. AF_12/2021"},{"$f":"IF(C1338=0,\"\",VLOOKUP(C1338,BNCDADOS!$A:$G,3,0))","v":"M2"},706.46,{"$f":"IF(C1338=0,\"\",VLOOKUP(C1338,BNCDADOS!$A:$G,4,0))","v":"111,81"},{"$f":"IF(C1338=0,\"\",VLOOKUP(C1338,BNCDADOS!$A:$G,5,0))","v":138.29},{"$f":"IF(H1338=\"\",0,TRUNC(H1338*F1338,2))","v":97696.35},{"$f":"IF(C1338=0,\"\",VLOOKUP(C1338,BNCDADOS!$A:$G,6,0))","v":"106,87"},{"$f":"IF(C1338=0,\"\",VLOOKUP(C1338,BNCDADOS!$A:$G,7,0))","v":138.88},{"$f":"IF(K1338=\"\",0,TRUNC(K1338*F1338,2))","v":98113.16},{"$f":"SUMIF('MC - TRECHO 04'!A:A,Orçamento!A1338,'MC - TRECHO 04'!R:R)","v":706.46}]
["5.3.5.2",{"$f":"IF(C1339=0,\"\",VLOOKUP(C1339,BNCDADOS!$A:$H,8,0))","v":"SINAPI/RN\nSERVIÇO"},101161,{"$f":"IF(C1339=0,\"\",VLOOKUP(C1339,BNCDADOS!$A:$G,2,0))","v":"ALVENARIA DE VEDAÇÃO COM ELEMENTO VAZADO DE CONCRETO (COBOGÓ) DE 7X50X50CM E ARGAMASSA DE ASSENTAMENTO COM PREPARO EM BETONEIRA. AF_05/2020"},{"$f":"IF(C1339=0,\"\",VLOOKUP(C1339,BNCDADOS!$A:$G,3,0))","v":"M2"},10.199999999999999,{"$f":"IF(C1339=0,\"\",VLOOKUP(C1339,BNCDADOS!$A:$G,4,0))","v":"233,42"},{"$f":"IF(C1339=0,\"\",VLOOKUP(C1339,BNCDADOS!$A:$G,5,0))","v":288.70999999999998},2944.84,{"$f":"IF(C1339=0,\"\",VLOOKUP(C1339,BNCDADOS!$A:$G,6,0))","v":"225,72"},{"$f":"IF(C1339=0,\"\",VLOOKUP(C1339,BNCDADOS!$A:$G,7,0))","v":293.33999999999997},2992.06,{"$f":"SUMIF('MC - TRECHO 04'!A:A,Orçamento!A1339,'MC - TRECHO 04'!R:R)","v":10.199999999999999}]
["5.3.5.3",{"$f":"IF(C1340=0,\"\",VLOOKUP(C1340,BNCDADOS!$A:$H,8,0))","v":"SINAPI/RN\nSERVIÇO"},93189,{"$f":"IF(C1340=0,\"\",VLOOKUP(C1340,BNCDADOS!$A:$G,2,0))","v":"VERGA MOLDADA IN LOCO EM CONCRETO PARA PORTAS COM MAIS DE 1,5 M DE VÃO. AF_03/2016"},{"$f":"IF(C1340=0,\"\",VLOOKUP(C1340,BNCDADOS!$A:$G,3,0))","v":"M"},9,{"$f":"IF(C1340=0,\"\",VLOOKUP(C1340,BNCDADOS!$A:$G,4,0))","v":119.84},{"$f":"IF(C1340=0,\"\",VLOOKUP(C1340,BNCDADOS!$A:$G,5,0))","v":148.22999999999999},1334.07,{"$f":"IF(C1340=0,\"\",VLOOKUP(C1340,BNCDADOS!$A:$G,6,0))","v":117.08},{"$f":"IF(C1340=0,\"\",VLOOKUP(C1340,BNCDADOS!$A:$G,7,0))","v":152.15},1369.35,{"$f":"SUMIF('MC - TRECHO 04'!A:A,Orçamento!A1340,'MC - TRECHO 04'!R:R)","v":9}]
["5.3.5.4",{"$f":"IF(C1341=0,\"\",VLOOKUP(C1341,BNCDADOS!$A:$H,8,0))","v":"SINAPI/RN\nSERVIÇO"},93187,{"$f":"IF(C1341=0,\"\",VLOOKUP(C1341,BNCDADOS!$A:$G,2,0))","v":"VERGA MOLDADA IN LOCO EM CONCRETO, ESPESSURA DE *20* CM. AF_03/2024"},{"$f":"IF(C1341=0,\"\",VLOOKUP(C1341,BNCDADOS!$A:$G,3,0))","v":"M"},4.5999999999999996,{"$f":"IF(C1341=0,\"\",VLOOKUP(C1341,BNCDADOS!$A:$G,4,0))","v":"78,39"},{"$f":"IF(C1341=0,\"\",VLOOKUP(C1341,BNCDADOS!$A:$G,5,0))","v":96.96},446.01,{"$f":"IF(C1341=0,\"\",VLOOKUP(C1341,BNCDADOS!$A:$G,6,0))","v":"75,28"},{"$f":"IF(C1341=0,\"\",VLOOKUP(C1341,BNCDADOS!$A:$G,7,0))","v":97.83},450.01,{"$f":"SUMIF('MC - TRECHO 04'!A:A,Orçamento!A1341,'MC - TRECHO 04'!R:R)","v":4.5999999999999996}]
["5.3.5.5",{"$f":"IF(C1342=0,\"\",VLOOKUP(C1342,BNCDADOS!$A:$H,8,0))","v":"SINAPI/RN\nSERVIÇO"},93197,{"$f":"IF(C1342=0,\"\",VLOOKUP(C1342,BNCDADOS!$A:$G,2,0))","v":"CONTRAVERGA MOLDADA IN LOCO EM CONCRETO, ESPESSURA DE *20* CM. AF_03/2024"},{"$f":"IF(C1342=0,\"\",VLOOKUP(C1342,BNCDADOS!$A:$G,3,0))","v":"M"},4.5999999999999996,{"$f":"IF(C1342=0,\"\",VLOOKUP(C1342,BNCDADOS!$A:$G,4,0))","v":"57,72"},{"$f":"IF(C1342=0,\"\",VLOOKUP(C1342,BNCDADOS!$A:$G,5,0))","v":71.39},328.39,{"$f":"IF(C1342=0,\"\",VLOOKUP(C1342,BNCDADOS!$A:$G,6,0))","v":"55,77"},{"$f":"IF(C1342=0,\"\",VLOOKUP(C1342,BNCDADOS!$A:$G,7,0))","v":72.47},333.36,{"$f":"SUMIF('MC - TRECHO 04'!A:A,Orçamento!A1342,'MC - TRECHO 04'!R:R)","v":4.5999999999999996}]
["5.3.5.6",{"$f":"IF(C1343=0,\"\",VLOOKUP(C1343,BNCDADOS!$A:$H,8,0))","v":"SINAPI/RN\nSERVIÇO"},87879,{"$f":"IF(C1343=0,\"\",VLOOKUP(C1343,BNCDADOS!$A:$G,2,0))","v":"CHAPISCO APLICADO EM ALVENARIAS E ESTRUTURAS DE CONCRETO INTERNAS, COM COLHER DE PEDREIRO.  ARGAMASSA TRAÇO 1:3 COM PREPARO EM BETONEIRA 400L. AF_10/2022"},{"$f":"IF(C1343=0,\"\",VLOOKUP(C1343,BNCDADOS!$A:$G,3,0))","v":"M2"},1412.92,{"$f":"IF(C1343=0,\"\",VLOOKUP(C1343,BNCDADOS!$A:$G,4,0))","v":"4,06"},{"$f":"IF(C1343=0,\"\",VLOOKUP(C1343,BNCDADOS!$A:$G,5,0))","v":5.0199999999999996},7092.85,{"$f":"IF(C1343=0,\"\",VLOOKUP(C1343,BNCDADOS!$A:$G,6,0))","v":"3,78"},{"$f":"IF(C1343=0,\"\",VLOOKUP(C1343,BNCDADOS!$A:$G,7,0))","v":4.91},6937.43,{"$f":"SUMIF('MC - TRECHO 04'!A:A,Orçamento!A1343,'MC - TRECHO 04'!R:R)","v":1412.92}]
["5.3.5.7",{"$f":"IF(C1344=0,\"\",VLOOKUP(C1344,BNCDADOS!$A:$H,8,0))","v":"SINAPI/RN\nSERVIÇO"},89173,{"$f":"IF(C1344=0,\"\",VLOOKUP(C1344,BNCDADOS!$A:$G,2,0))","v":"(COMPOSIÇÃO REPRESENTATIVA) DO SERVIÇO DE EMBOÇO/MASSA ÚNICA, APLICADO MANUALMENTE, TRAÇO 1:2:8, EM BETONEIRA DE 400L, PAREDES INTERNAS, COM EXECUÇÃO DE TALISCAS, EDIFICAÇÃO HABITACIONAL UNIFAMILIAR (CASAS) E EDIFICAÇÃO PÚBLICA PADRÃO. AF_12/2014"},{"$f":"IF(C1344=0,\"\",VLOOKUP(C1344,BNCDADOS!$A:$G,3,0))","v":"m²"},2825.84,{"$f":"IF(C1344=0,\"\",VLOOKUP(C1344,BNCDADOS!$A:$G,4,0))","v":32},{"$f":"IF(C1344=0,\"\",VLOOKUP(C1344,BNCDADOS!$A:$G,5,0))","v":39.58},111846.74,{"$f":"IF(C1344=0,\"\",VLOOKUP(C1344,BNCDADOS!$A:$G,6,0))","v":29.96},{"$f":"IF(C1344=0,\"\",VLOOKUP(C1344,BNCDADOS!$A:$G,7,0))","v":38.93},110009.95,{"$f":"SUMIF('MC - TRECHO 04'!A:A,Orçamento!A1344,'MC - TRECHO 04'!R:R)","v":2825.84}]
["5.3.5.8",{"$f":"IF(C1345=0,\"\",VLOOKUP(C1345,BNCDADOS!$A:$H,8,0))","v":"SINAPI/RN\nSERVIÇO"},89045,{"$f":"IF(C1345=0,\"\",VLOOKUP(C1345,BNCDADOS!$A:$G,2,0))","v":"(COMPOSIÇÃO REPRESENTATIVA) DO SERVIÇO DE REVESTIMENTO CERÂMICO PARA AMBIENTES DE ÁREAS MOLHADAS, MEIA PAREDE OU PAREDE INTEIRA, COM PLACAS TIPO ESMALTADA EXTRA, DIMENSÕES 20X20 CM, PARA EDIFICAÇÃO HABITACIONAL MULTIFAMILIAR (PRÉDIO). AF_11/2014"},{"$f":"IF(C1345=0,\"\",VLOOKUP(C1345,BNCDADOS!$A:$G,3,0))","v":"M²"},25.8,{"$f":"IF(C1345=0,\"\",VLOOKUP(C1345,BNCDADOS!$A:$G,4,0))","v":67.73},{"$f":"IF(C1345=0,\"\",VLOOKUP(C1345,BNCDADOS!$A:$G,5,0))","v":83.77},2161.2600000000002,{"$f":"IF(C1345=0,\"\",VLOOKUP(C1345,BNCDADOS!$A:$G,6,0))","v":65.709999999999994},{"$f":"IF(C1345=0,\"\",VLOOKUP(C1345,BNCDADOS!$A:$G,7,0))","v":85.39},2203.06,{"$f":"SUMIF('MC - TRECHO 04'!A:A,Orçamento!A1345,'MC - TRECHO 04'!R:R)","v":25.799999999999997}]
["5.3.5.9",{"$f":"IF(C1346=0,\"\",VLOOKUP(C1346,BNCDADOS!$A:$H,8,0))","v":"SINAPI/RN\nSERVIÇO"},87249,{"$f":"IF(C1346=0,\"\",VLOOKUP(C1346,BNCDADOS!$A:$G,2,0))","v":"REVESTIMENTO CERÂMICO PARA PISO COM PLACAS TIPO ESMALTADA DE DIMENSÕES 45X45 CM APLICADA EM AMBIENTES DE ÁREA MENOR QUE 5 M2. AF_02/2023_PE"},{"$f":"IF(C1346=0,\"\",VLOOKUP(C1346,BNCDADOS!$A:$G,3,0))","v":"M2"},4.5,{"$f":"IF(C1346=0,\"\",VLOOKUP(C1346,BNCDADOS!$A:$G,4,0))","v":"67,37"},{"$f":"IF(C1346=0,\"\",VLOOKUP(C1346,BNCDADOS!$A:$G,5,0))","v":83.32},374.94,{"$f":"IF(C1346=0,\"\",VLOOKUP(C1346,BNCDADOS!$A:$G,6,0))","v":"64,78"},{"$f":"IF(C1346=0,\"\",VLOOKUP(C1346,BNCDADOS!$A:$G,7,0))","v":84.18},378.81,{"$f":"SUMIF('MC - TRECHO 04'!A:A,Orçamento!A1346,'MC - TRECHO 04'!R:R)","v":4.5}]
["5.3.5.10",{"$f":"IF(C1347=0,\"\",VLOOKUP(C1347,BNCDADOS!$A:$H,8,0))","v":"SINAPI/RN\nSERVIÇO"},98553,{"$f":"IF(C1347=0,\"\",VLOOKUP(C1347,BNCDADOS!$A:$G,2,0))","v":"IMPERMEABILIZAÇÃO DE SUPERFÍCIE COM MEMBRANA À BASE DE POLIURETANO, 2 DEMÃOS. AF_09/2023"},{"$f":"IF(C1347=0,\"\",VLOOKUP(C1347,BNCDADOS!$A:$G,3,0))","v":"M2"},75,{"$f":"IF(C1347=0,\"\",VLOOKUP(C1347,BNCDADOS!$A:$G,4,0))","v":"173,85"},{"$f":"IF(C1347=0,\"\",VLOOKUP(C1347,BNCDADOS!$A:$G,5,0))","v":215.03},16127.25,{"$f":"IF(C1347=0,\"\",VLOOKUP(C1347,BNCDADOS!$A:$G,6,0))","v":"172,27"},{"$f":"IF(C1347=0,\"\",VLOOKUP(C1347,BNCDADOS!$A:$G,7,0))","v":223.88},16791,{"$f":"SUMIF('MC - TRECHO 04'!A:A,Orçamento!A1347,'MC - TRECHO 04'!R:R)","v":75}]
["5.3.6",{"$f":"IF(C1348=0,\"\",VLOOKUP(C1348,BNCDADOS!$A:$G,8,0))","v":""},null,"COBERTURA",{"$f":"IF(C1348=0,\"\",VLOOKUP(C1348,BNCDADOS!$A:$G,3,0))","v":""},0,{"$f":"IF(C1348=0,\"\",VLOOKUP(C1348,BNCDADOS!$A:$G,4,0))","v":""},{"$f":"IF(C1348=0,\"\",VLOOKUP(C1348,BNCDADOS!$A:$G,5,0))","v":""},{"$f":"SUM(I1349:I1350)","v":58658.11},{"$f":"IF(C1348=0,\"\",VLOOKUP(C1348,BNCDADOS!$A:$G,6,0))","v":""},{"$f":"IF(C1348=0,\"\",VLOOKUP(C1348,BNCDADOS!$A:$G,7,0))","v":""},{"$f":"SUM(L1349:L1350)","v":61242.75},0]
["5.3.6.1",{"$f":"IF(C1349=0,\"\",VLOOKUP(C1349,BNCDADOS!$A:$H,8,0))","v":"SINAPI/RN\nSERVIÇO"},92544,{"$f":"IF(C1349=0,\"\",VLOOKUP(C1349,BNCDADOS!$A:$G,2,0))","v":"TRAMA DE MADEIRA COMPOSTA POR TERÇAS PARA TELHADOS DE ATÉ 2 ÁGUAS PARA TELHA ESTRUTURAL DE FIBROCIMENTO, INCLUSO TRANSPORTE VERTICAL. AF_07/2019"},{"$f":"IF(C1349=0,\"\",VLOOKUP(C1349,BNCDADOS!$A:$G,3,0))","v":"M2"},272.93,{"$f":"IF(C1349=0,\"\",VLOOKUP(C1349,BNCDADOS!$A:$G,4,0))","v":"20,78"},{"$f":"IF(C1349=0,\"\",VLOOKUP(C1349,BNCDADOS!$A:$G,5,0))","v":25.7},{"$f":"IF(H1349=\"\",0,TRUNC(H1349*F1349,2))","v":7014.3},{"$f":"IF(C1349=0,\"\",VLOOKUP(C1349,BNCDADOS!$A:$G,6,0))","v":"20,39"},{"$f":"IF(C1349=0,\"\",VLOOKUP(C1349,BNCDADOS!$A:$G,7,0))","v":26.49},{"$f":"IF(K1349=\"\",0,TRUNC(K1349*F1349,2))","v":7229.91},{"$f":"SUMIF('MC - TRECHO 04'!A:A,Orçamento!A1349,'MC - TRECHO 04'!R:R)","v":272.9375}]
["5.3.6.2",{"$f":"IF(C1350=0,\"\",VLOOKUP(C1350,BNCDADOS!$A:$H,8,0))","v":"SINAPI/RN\nSERVIÇO"},94218,{"$f":"IF(C1350=0,\"\",VLOOKUP(C1350,BNCDADOS!$A:$G,2,0))","v":"TELHAMENTO COM TELHA ESTRUTURAL DE FIBROCIMENTO E= 8 MM, COM ATÉ 2 ÁGUAS, INCLUSO IÇAMENTO. AF_07/2019_PS"},{"$f":"IF(C1350=0,\"\",VLOOKUP(C1350,BNCDADOS!$A:$G,3,0))","v":"M2"},272.93,{"$f":"IF(C1350=0,\"\",VLOOKUP(C1350,BNCDADOS!$A:$G,4,0))","v":"152,98"},{"$f":"IF(C1350=0,\"\",VLOOKUP(C1350,BNCDADOS!$A:$G,5,0))","v":189.22},{"$f":"IF(H1350=\"\",0,TRUNC(H1350*F1350,2))","v":51643.81},{"$f":"IF(C1350=0,\"\",VLOOKUP(C1350,BNCDADOS!$A:$G,6,0))","v":"152,28"},{"$f":"IF(C1350=0,\"\",VLOOKUP(C1350,BNCDADOS!$A:$G,7,0))","v":197.9},{"$f":"IF(K1350=\"\",0,TRUNC(K1350*F1350,2))","v":54012.84},{"$f":"SUMIF('MC - TRECHO 04'!A:A,Orçamento!A1350,'MC - TRECHO 04'!R:R)","v":272.9375}]
["5.3.7",{"$f":"IF(C1351=0,\"\",VLOOKUP(C1351,BNCDADOS!$A:$G,8,0))","v":""},null,"ESQUADRIAS",{"$f":"IF(C1351=0,\"\",VLOOKUP(C1351,BNCDADOS!$A:$G,3,0))","v":""},0,{"$f":"IF(C1351=0,\"\",VLOOKUP(C1351,BNCDADOS!$A:$G,4,0))","v":""},{"$f":"IF(C1351=0,\"\",VLOOKUP(C1351,BNCDADOS!$A:$G,5,0))","v":""},{"$f":"SUM(I1353:I1354)","v":9649.5400000000009},{"$f":"IF(C1351=0,\"\",VLOOKUP(C1351,BNCDADOS!$A:$G,6,0))","v":""},{"$f":"IF(C1351=0,\"\",VLOOKUP(C1351,BNCDADOS!$A:$G,7,0))","v":""},{"$f":"SUM(L1353:L1354)","v":10103.69},0]
["5.3.7.1",{"$f":"IF(C1352=0,\"\",VLOOKUP(C1352,BNCDADOS!$A:$H,8,0))","v":0},"COMP 21",{"$f":"IF(C1352=0,\"\",VLOOKUP(C1352,BNCDADOS!$A:$G,2,0))","v":"PORTAO DE CORRER EM GRADIL FIXO DE BARRA DE FERRO CHATA DE 3 X 1/4\" NA VERTICAL, SEM REQUADRO, ACABAMENTO NATURAL, COM TRILHOS E ROLDANAS                                                                                                                                                                                                                                                                                                                                                                 "},{"$f":"IF(C1352=0,\"\",VLOOKUP(C1352,BNCDADOS!$A:$G,3,0))","v":"M2"},4.9000000000000004,{"$f":"IF(C1352=0,\"\",VLOOKUP(C1352,BNCDADOS!$A:$G,4,0))","v":703.96},{"$f":"IF(C1352=0,\"\",VLOOKUP(C1352,BNCDADOS!$A:$G,5,0))","v":870.72},{"$f":"IF(H1352=\"\",0,TRUNC(H1352*F1352,2))","v":4266.5200000000004},{"$f":"IF(C1352=0,\"\",VLOOKUP(C1352,BNCDADOS!$A:$G,6,0))","v":696.5},{"$f":"IF(C1352=0,\"\",VLOOKUP(C1352,BNCDADOS!$A:$G,7,0))","v":905.17},{"$f":"IF(K1352=\"\",0,TRUNC(K1352*F1352,2))","v":4435.33},{"$f":"SUMIF('MC - TRECHO 04'!A:A,Orçamento!A1352,'MC - TRECHO 04'!R:R)","v":4.8999999999999995}]
["5.3.7.2",{"$f":"IF(C1353=0,\"\",VLOOKUP(C1353,BNCDADOS!$A:$H,8,0))","v":"SINAPI/RN\nSERVIÇO"},100701,{"$f":"IF(C1353=0,\"\",VLOOKUP(C1353,BNCDADOS!$A:$G,2,0))","v":"PORTA DE FERRO, DE ABRIR, TIPO GRADE COM CHAPA, COM GUARNIÇÕES. AF_12/2019"},{"$f":"IF(C1353=0,\"\",VLOOKUP(C1353,BNCDADOS!$A:$G,3,0))","v":"M2"},13.67,{"$f":"IF(C1353=0,\"\",VLOOKUP(C1353,BNCDADOS!$A:$G,4,0))","v":"561,07"},{"$f":"IF(C1353=0,\"\",VLOOKUP(C1353,BNCDADOS!$A:$G,5,0))","v":693.98},{"$f":"IF(H1353=\"\",0,TRUNC(H1353*F1353,2))","v":9486.7000000000007},{"$f":"IF(C1353=0,\"\",VLOOKUP(C1353,BNCDADOS!$A:$G,6,0))","v":"559,17"},{"$f":"IF(C1353=0,\"\",VLOOKUP(C1353,BNCDADOS!$A:$G,7,0))","v":726.69},{"$f":"IF(K1353=\"\",0,TRUNC(K1353*F1353,2))","v":9933.85},{"$f":"SUMIF('MC - TRECHO 04'!A:A,Orçamento!A1353,'MC - TRECHO 04'!R:R)","v":13.67}]
["5.3.7.3",{"$f":"IF(C1354=0,\"\",VLOOKUP(C1354,BNCDADOS!$A:$H,8,0))","v":"SINAPI/RN\nSERVIÇO"},94570,{"$f":"IF(C1354=0,\"\",VLOOKUP(C1354,BNCDADOS!$A:$G,2,0))","v":"JANELA DE ALUMÍNIO DE CORRER COM 2 FOLHAS PARA VIDROS, COM VIDROS, BATENTE, ACABAMENTO COM ACETATO OU BRILHANTE E FERRAGENS. EXCLUSIVE ALIZAR E CONTRAMARCO. FORNECIMENTO E INSTALAÇÃO. AF_12/2019"},{"$f":"IF(C1354=0,\"\",VLOOKUP(C1354,BNCDADOS!$A:$G,3,0))","v":"M2"},0.5,{"$f":"IF(C1354=0,\"\",VLOOKUP(C1354,BNCDADOS!$A:$G,4,0))","v":"263,31"},{"$f":"IF(C1354=0,\"\",VLOOKUP(C1354,BNCDADOS!$A:$G,5,0))","v":325.68},{"$f":"IF(H1354=\"\",0,TRUNC(H1354*F1354,2))","v":162.84},{"$f":"IF(C1354=0,\"\",VLOOKUP(C1354,BNCDADOS!$A:$G,6,0))","v":"261,38"},{"$f":"IF(C1354=0,\"\",VLOOKUP(C1354,BNCDADOS!$A:$G,7,0))","v":339.68},{"$f":"IF(K1354=\"\",0,TRUNC(K1354*F1354,2))","v":169.84},{"$f":"SUMIF('MC - TRECHO 04'!A:A,Orçamento!A1354,'MC - TRECHO 04'!R:R)","v":0.5}]
["5.3.8",{"$f":"IF(C1355=0,\"\",VLOOKUP(C1355,BNCDADOS!$A:$G,8,0))","v":""},null,"DRENAGEM",{"$f":"IF(C1355=0,\"\",VLOOKUP(C1355,BNCDADOS!$A:$G,3,0))","v":""},0,{"$f":"IF(C1355=0,\"\",VLOOKUP(C1355,BNCDADOS!$A:$G,4,0))","v":""},{"$f":"IF(C1355=0,\"\",VLOOKUP(C1355,BNCDADOS!$A:$G,5,0))","v":""},{"$f":"SUM(I1357:I1359)","v":98296.3},{"$f":"IF(C1355=0,\"\",VLOOKUP(C1355,BNCDADOS!$A:$G,6,0))","v":""},{"$f":"IF(C1355=0,\"\",VLOOKUP(C1355,BNCDADOS!$A:$G,7,0))","v":""},{"$f":"SUM(L1357:L1359)","v":102921},0]
["5.3.8.1",{"$f":"IF(C1356=0,\"\",VLOOKUP(C1356,BNCDADOS!$A:$H,8,0))","v":"caern"},2060193,{"$f":"IF(C1356=0,\"\",VLOOKUP(C1356,BNCDADOS!$A:$G,2,0))","v":"CAIXA ENTERRADA RETANGULAR EM ALVENARIA COM TIJOLOS CERÂMICOS MACIÇOS (ESPESSURA 20CM), DIMENSÕES INTERNAS: 0,8X0,8X1,5 M, INCLUSIVE ESCORAMENTO, ESCAVAÇÃO, REATERRO APILOADO, BOTA-FORA DE MATERIAL E TAMPA DE 10CM. R_11/2018"},{"$f":"IF(C1356=0,\"\",VLOOKUP(C1356,BNCDADOS!$A:$G,3,0))","v":"UN "},5,{"$f":"IF(C1356=0,\"\",VLOOKUP(C1356,BNCDADOS!$A:$G,4,0))","v":1820.24},{"$f":"IF(C1356=0,\"\",VLOOKUP(C1356,BNCDADOS!$A:$G,5,0))","v":2251.4499999999998},{"$f":"IF(H1356=\"\",0,TRUNC(H1356*F1356,2))","v":11257.25},{"$f":"IF(C1356=0,\"\",VLOOKUP(C1356,BNCDADOS!$A:$G,6,0))","v":1734.86},{"$f":"IF(C1356=0,\"\",VLOOKUP(C1356,BNCDADOS!$A:$G,7,0))","v":2254.62},{"$f":"IF(K1356=\"\",0,TRUNC(K1356*F1356,2))","v":11273.1},{"$f":"SUMIF('MC - TRECHO 04'!A:A,Orçamento!A1356,'MC - TRECHO 04'!R:R)","v":5}]
["5.3.8.2",{"$f":"IF(C1357=0,\"\",VLOOKUP(C1357,BNCDADOS!$A:$H,8,0))","v":"SINAPI/RN\nSERVIÇO"},94871,{"$f":"IF(C1357=0,\"\",VLOOKUP(C1357,BNCDADOS!$A:$G,2,0))","v":"TUBO DE PEAD CORRUGADO DE DUPLA PAREDE PARA REDE COLETORA DE ESGOTO, DN 300 MM, JUNTA ELÁSTICA INTEGRADA - FORNECIMENTO E ASSENTAMENTO. AF_01/2021"},{"$f":"IF(C1357=0,\"\",VLOOKUP(C1357,BNCDADOS!$A:$G,3,0))","v":"M"},79.400000000000006,{"$f":"IF(C1357=0,\"\",VLOOKUP(C1357,BNCDADOS!$A:$G,4,0))","v":"452,78"},{"$f":"IF(C1357=0,\"\",VLOOKUP(C1357,BNCDADOS!$A:$G,5,0))","v":560.04},{"$f":"IF(H1357=\"\",0,TRUNC(H1357*F1357,2))","v":44467.17},{"$f":"IF(C1357=0,\"\",VLOOKUP(C1357,BNCDADOS!$A:$G,6,0))","v":"452,63"},{"$f":"IF(C1357=0,\"\",VLOOKUP(C1357,BNCDADOS!$A:$G,7,0))","v":588.23},{"$f":"IF(K1357=\"\",0,TRUNC(K1357*F1357,2))","v":46705.46},{"$f":"SUMIF('MC - TRECHO 04'!A:A,Orçamento!A1357,'MC - TRECHO 04'!R:R)","v":79.400000000000006}]
["5.3.8.3",{"$f":"IF(C1358=0,\"\",VLOOKUP(C1358,BNCDADOS!$A:$H,8,0))","v":"SINAPI/RN\nSERVIÇO"},96624,{"$f":"IF(C1358=0,\"\",VLOOKUP(C1358,BNCDADOS!$A:$G,2,0))","v":"LASTRO COM MATERIAL GRANULAR (PEDRA BRITADA N.2), APLICADO EM PISOS OU LAJES SOBRE SOLO, ESPESSURA DE *10 CM*. AF_01/2024"},{"$f":"IF(C1358=0,\"\",VLOOKUP(C1358,BNCDADOS!$A:$G,3,0))","v":"M3"},21.71,{"$f":"IF(C1358=0,\"\",VLOOKUP(C1358,BNCDADOS!$A:$G,4,0))","v":"262,29"},{"$f":"IF(C1358=0,\"\",VLOOKUP(C1358,BNCDADOS!$A:$G,5,0))","v":324.42},{"$f":"IF(H1358=\"\",0,TRUNC(H1358*F1358,2))","v":7043.15},{"$f":"IF(C1358=0,\"\",VLOOKUP(C1358,BNCDADOS!$A:$G,6,0))","v":"256,74"},{"$f":"IF(C1358=0,\"\",VLOOKUP(C1358,BNCDADOS!$A:$G,7,0))","v":333.65},{"$f":"IF(K1358=\"\",0,TRUNC(K1358*F1358,2))","v":7243.54},{"$f":"SUMIF('MC - TRECHO 04'!A:A,Orçamento!A1358,'MC - TRECHO 04'!R:R)","v":21.715}]
["5.3.8.4",{"$f":"IF(C1359=0,\"\",VLOOKUP(C1359,BNCDADOS!$A:$H,8,0))","v":"caern"},2120098,{"$f":"IF(C1359=0,\"\",VLOOKUP(C1359,BNCDADOS!$A:$G,2,0))","v":"GRADE EM BARRA DE FERRO DE 1.1/2\" X 1/2\" PARA CAIXA DE AREIA INCLUSIVE FIXAÇÃO, ESPAÇAMENTO DE 2,50CM. INC_11/2018"},{"$f":"IF(C1359=0,\"\",VLOOKUP(C1359,BNCDADOS!$A:$G,3,0))","v":"M²"},{"$f":"TRUNC(M1359,2)","v":31.95},{"$f":"IF(C1359=0,\"\",VLOOKUP(C1359,BNCDADOS!$A:$G,4,0))","v":1183.8900000000001},{"$f":"IF(C1359=0,\"\",VLOOKUP(C1359,BNCDADOS!$A:$G,5,0))","v":1464.35},{"$f":"IF(H1359=\"\",0,TRUNC(H1359*F1359,2))","v":46785.98},{"$f":"IF(C1359=0,\"\",VLOOKUP(C1359,BNCDADOS!$A:$G,6,0))","v":1179.42},{"$f":"IF(C1359=0,\"\",VLOOKUP(C1359,BNCDADOS!$A:$G,7,0))","v":1532.77},{"$f":"IF(K1359=\"\",0,TRUNC(K1359*F1359,2))","v":48972},{"$f":"SUMIF('MC - TRECHO 04'!A:A,Orçamento!A1359,'MC - TRECHO 04'!R:R)","v":31.95}]
["5.3.9",{"$f":"IF(C1360=0,\"\",VLOOKUP(C1360,BNCDADOS!$A:$G,8,0))","v":""},null,"PAVIMENTAÇÃO",{"$f":"IF(C1360=0,\"\",VLOOKUP(C1360,BNCDADOS!$A:$G,3,0))","v":""},0,{"$f":"IF(C1360=0,\"\",VLOOKUP(C1360,BNCDADOS!$A:$G,4,0))","v":""},{"$f":"IF(C1360=0,\"\",VLOOKUP(C1360,BNCDADOS!$A:$G,5,0))","v":""},{"$f":"SUM(I1361:I1364)","v":177744.39},{"$f":"IF(C1360=0,\"\",VLOOKUP(C1360,BNCDADOS!$A:$G,6,0))","v":""},{"$f":"IF(C1360=0,\"\",VLOOKUP(C1360,BNCDADOS!$A:$G,7,0))","v":""},{"$f":"SUM(L1361:L1364)","v":181931.33},0]
["5.3.9.1",{"$f":"IF(C1361=0,\"\",VLOOKUP(C1361,BNCDADOS!$A:$H,8,0))","v":"SINAPI/RN\nSERVIÇO"},94275,{"$f":"IF(C1361=0,\"\",VLOOKUP(C1361,BNCDADOS!$A:$G,2,0))","v":"ASSENTAMENTO DE GUIA (MEIO-FIO) EM TRECHO RETO, CONFECCIONADA EM CONCRETO PRÉ-FABRICADO, DIMENSÕES 100X15X13X20 CM (COMPRIMENTO X BASE INFERIOR X BASE SUPERIOR X ALTURA). AF_01/2024"},{"$f":"IF(C1361=0,\"\",VLOOKUP(C1361,BNCDADOS!$A:$G,3,0))","v":"M"},228.2,{"$f":"IF(C1361=0,\"\",VLOOKUP(C1361,BNCDADOS!$A:$G,4,0))","v":"40,32"},{"$f":"IF(C1361=0,\"\",VLOOKUP(C1361,BNCDADOS!$A:$G,5,0))","v":49.87},{"$f":"IF(H1361=\"\",0,TRUNC(H1361*F1361,2))","v":11380.33},{"$f":"IF(C1361=0,\"\",VLOOKUP(C1361,BNCDADOS!$A:$G,6,0))","v":"39,29"},{"$f":"IF(C1361=0,\"\",VLOOKUP(C1361,BNCDADOS!$A:$G,7,0))","v":51.06},{"$f":"IF(K1361=\"\",0,TRUNC(K1361*F1361,2))","v":11651.89},{"$f":"SUMIF('MC - TRECHO 04'!A:A,Orçamento!A1361,'MC - TRECHO 04'!R:R)","v":228.2}]
["5.3.9.2",{"$f":"IF(C1362=0,\"\",VLOOKUP(C1362,BNCDADOS!$A:$H,8,0))","v":"SINAPI/RN\nSERVIÇO"},92400,{"$f":"IF(C1362=0,\"\",VLOOKUP(C1362,BNCDADOS!$A:$G,2,0))","v":"EXECUÇÃO DE PAVIMENTO EM PISO INTERTRAVADO, COM BLOCO RETANGULAR DE 20 X 10 CM, ESPESSURA 10 CM. AF_10/2022"},{"$f":"IF(C1362=0,\"\",VLOOKUP(C1362,BNCDADOS!$A:$G,3,0))","v":"M2"},643,{"$f":"IF(C1362=0,\"\",VLOOKUP(C1362,BNCDADOS!$A:$G,4,0))","v":"95,44"},{"$f":"IF(C1362=0,\"\",VLOOKUP(C1362,BNCDADOS!$A:$G,5,0))","v":118.04},{"$f":"IF(H1362=\"\",0,TRUNC(H1362*F1362,2))","v":75899.72},{"$f":"IF(C1362=0,\"\",VLOOKUP(C1362,BNCDADOS!$A:$G,6,0))","v":"93,92"},{"$f":"IF(C1362=0,\"\",VLOOKUP(C1362,BNCDADOS!$A:$G,7,0))","v":122.05},{"$f":"IF(K1362=\"\",0,TRUNC(K1362*F1362,2))","v":78478.149999999994},{"$f":"SUMIF('MC - TRECHO 04'!A:A,Orçamento!A1362,'MC - TRECHO 04'!R:R)","v":643}]
["5.3.9.3",{"$f":"IF(C1363=0,\"\",VLOOKUP(C1363,BNCDADOS!$A:$H,8,0))","v":"SINAPI/RN\nSERVIÇO"},87640,{"$f":"IF(C1363=0,\"\",VLOOKUP(C1363,BNCDADOS!$A:$G,2,0))","v":"CONTRAPISO EM ARGAMASSA TRAÇO 1:4 (CIMENTO E AREIA), PREPARO MECÂNICO COM BETONEIRA 400 L, APLICADO EM ÁREAS SECAS SOBRE LAJE, ADERIDO, ACABAMENTO NÃO REFORÇADO, ESPESSURA 4CM. AF_07/2021"},{"$f":"IF(C1363=0,\"\",VLOOKUP(C1363,BNCDADOS!$A:$G,3,0))","v":"M2"},240.5,{"$f":"IF(C1363=0,\"\",VLOOKUP(C1363,BNCDADOS!$A:$G,4,0))","v":"42,90"},{"$f":"IF(C1363=0,\"\",VLOOKUP(C1363,BNCDADOS!$A:$G,5,0))","v":53.06},{"$f":"IF(H1363=\"\",0,TRUNC(H1363*F1363,2))","v":12760.93},{"$f":"IF(C1363=0,\"\",VLOOKUP(C1363,BNCDADOS!$A:$G,6,0))","v":"41,18"},{"$f":"IF(C1363=0,\"\",VLOOKUP(C1363,BNCDADOS!$A:$G,7,0))","v":53.51},{"$f":"IF(K1363=\"\",0,TRUNC(K1363*F1363,2))","v":12869.15},{"$f":"SUMIF('MC - TRECHO 04'!A:A,Orçamento!A1363,'MC - TRECHO 04'!R:R)","v":240.5}]
["5.3.9.4",{"$f":"IF(C1364=0,\"\",VLOOKUP(C1364,BNCDADOS!$A:$H,8,0))","v":"SINAPI/RN\nSERVIÇO"},94990,{"$f":"IF(C1364=0,\"\",VLOOKUP(C1364,BNCDADOS!$A:$G,2,0))","v":"EXECUÇÃO DE PASSEIO (CALÇADA) OU PISO DE CONCRETO COM CONCRETO MOLDADO IN LOCO, FEITO EM OBRA, ACABAMENTO CONVENCIONAL, NÃO ARMADO. AF_08/2022"},{"$f":"IF(C1364=0,\"\",VLOOKUP(C1364,BNCDADOS!$A:$G,3,0))","v":"M3"},80.52,{"$f":"IF(C1364=0,\"\",VLOOKUP(C1364,BNCDADOS!$A:$G,4,0))","v":"780,20"},{"$f":"IF(C1364=0,\"\",VLOOKUP(C1364,BNCDADOS!$A:$G,5,0))","v":965.02},{"$f":"IF(H1364=\"\",0,TRUNC(H1364*F1364,2))","v":77703.41},{"$f":"IF(C1364=0,\"\",VLOOKUP(C1364,BNCDADOS!$A:$G,6,0))","v":"754,30"},{"$f":"IF(C1364=0,\"\",VLOOKUP(C1364,BNCDADOS!$A:$G,7,0))","v":980.28},{"$f":"IF(K1364=\"\",0,TRUNC(K1364*F1364,2))","v":78932.14},{"$f":"SUMIF('MC - TRECHO 04'!A:A,Orçamento!A1364,'MC - TRECHO 04'!R:R)","v":80.52}]
["5.3.10",{"$f":"IF(C1365=0,\"\",VLOOKUP(C1365,BNCDADOS!$A:$G,8,0))","v":""},null,"PINTURA",{"$f":"IF(C1365=0,\"\",VLOOKUP(C1365,BNCDADOS!$A:$G,3,0))","v":""},0,{"$f":"IF(C1365=0,\"\",VLOOKUP(C1365,BNCDADOS!$A:$G,4,0))","v":""},{"$f":"IF(C1365=0,\"\",VLOOKUP(C1365,BNCDADOS!$A:$G,5,0))","v":""},{"$f":"SUM(I1366:I1370)","v":64356.04},{"$f":"IF(C1365=0,\"\",VLOOKUP(C1365,BNCDADOS!$A:$G,6,0))","v":""},{"$f":"IF(C1365=0,\"\",VLOOKUP(C1365,BNCDADOS!$A:$G,7,0))","v":""},{"$f":"SUM(L1366:L1370)","v":63210.96},0]
["5.3.10.1",{"$f":"IF(C1366=0,\"\",VLOOKUP(C1366,BNCDADOS!$A:$H,8,0))","v":"SINAPI/RN\nSERVIÇO"},88485,{"$f":"IF(C1366=0,\"\",VLOOKUP(C1366,BNCDADOS!$A:$G,2,0))","v":"FUNDO SELADOR ACRÍLICO, APLICAÇÃO MANUAL EM PAREDE, UMA DEMÃO. AF_04/2023"},{"$f":"IF(C1366=0,\"\",VLOOKUP(C1366,BNCDADOS!$A:$G,3,0))","v":"M2"},2846.24,{"$f":"IF(C1366=0,\"\",VLOOKUP(C1366,BNCDADOS!$A:$G,4,0))","v":"3,30"},{"$f":"IF(C1366=0,\"\",VLOOKUP(C1366,BNCDADOS!$A:$G,5,0))","v":4.08},{"$f":"IF(H1366=\"\",0,TRUNC(H1366*F1366,2))","v":11612.65},{"$f":"IF(C1366=0,\"\",VLOOKUP(C1366,BNCDADOS!$A:$G,6,0))","v":"3,06"},{"$f":"IF(C1366=0,\"\",VLOOKUP(C1366,BNCDADOS!$A:$G,7,0))","v":3.97},{"$f":"IF(K1366=\"\",0,TRUNC(K1366*F1366,2))","v":11299.57},{"$f":"SUMIF('MC - TRECHO 04'!A:A,Orçamento!A1366,'MC - TRECHO 04'!R:R)","v":2846.2400000000002}]
["5.3.10.2",{"$f":"IF(C1367=0,\"\",VLOOKUP(C1367,BNCDADOS!$A:$H,8,0))","v":"SINAPI/RN\nSERVIÇO"},104642,{"$f":"IF(C1367=0,\"\",VLOOKUP(C1367,BNCDADOS!$A:$G,2,0))","v":"PINTURA LÁTEX ACRÍLICA STANDARD, APLICAÇÃO MANUAL EM PAREDES, DUAS DEMÃOS. AF_04/2023"},{"$f":"IF(C1367=0,\"\",VLOOKUP(C1367,BNCDADOS!$A:$G,3,0))","v":"M2"},2846.24,{"$f":"IF(C1367=0,\"\",VLOOKUP(C1367,BNCDADOS!$A:$G,4,0))","v":"10,29"},{"$f":"IF(C1367=0,\"\",VLOOKUP(C1367,BNCDADOS!$A:$G,5,0))","v":12.72},{"$f":"IF(H1367=\"\",0,TRUNC(H1367*F1367,2))","v":36204.17},{"$f":"IF(C1367=0,\"\",VLOOKUP(C1367,BNCDADOS!$A:$G,6,0))","v":"9,70"},{"$f":"IF(C1367=0,\"\",VLOOKUP(C1367,BNCDADOS!$A:$G,7,0))","v":12.6},{"$f":"IF(K1367=\"\",0,TRUNC(K1367*F1367,2))","v":35862.620000000003},{"$f":"SUMIF('MC - TRECHO 04'!A:A,Orçamento!A1367,'MC - TRECHO 04'!R:R)","v":2846.2400000000002}]
["5.3.10.3",{"$f":"IF(C1368=0,\"\",VLOOKUP(C1368,BNCDADOS!$A:$H,8,0))","v":"SINAPI/RN\nSERVIÇO"},100720,{"$f":"IF(C1368=0,\"\",VLOOKUP(C1368,BNCDADOS!$A:$G,2,0))","v":"PINTURA COM TINTA ALQUÍDICA DE FUNDO (TIPO ZARCÃO) APLICADA A ROLO OU PINCEL SOBRE PERFIL METÁLICO EXECUTADO EM FÁBRICA (POR DEMÃO). AF_01/2020"},{"$f":"IF(C1368=0,\"\",VLOOKUP(C1368,BNCDADOS!$A:$G,3,0))","v":"M2"},182.8,{"$f":"IF(C1368=0,\"\",VLOOKUP(C1368,BNCDADOS!$A:$G,4,0))","v":"10,27"},{"$f":"IF(C1368=0,\"\",VLOOKUP(C1368,BNCDADOS!$A:$G,5,0))","v":12.7},{"$f":"IF(H1368=\"\",0,TRUNC(H1368*F1368,2))","v":2321.56},{"$f":"IF(C1368=0,\"\",VLOOKUP(C1368,BNCDADOS!$A:$G,6,0))","v":"9,65"},{"$f":"IF(C1368=0,\"\",VLOOKUP(C1368,BNCDADOS!$A:$G,7,0))","v":12.54},{"$f":"IF(K1368=\"\",0,TRUNC(K1368*F1368,2))","v":2292.31},{"$f":"SUMIF('MC - TRECHO 04'!A:A,Orçamento!A1368,'MC - TRECHO 04'!R:R)","v":182.8}]
["5.3.10.4",{"$f":"IF(C1369=0,\"\",VLOOKUP(C1369,BNCDADOS!$A:$H,8,0))","v":"SINAPI/RN\nSERVIÇO"},100758,{"$f":"IF(C1369=0,\"\",VLOOKUP(C1369,BNCDADOS!$A:$G,2,0))","v":"PINTURA COM TINTA ALQUÍDICA DE ACABAMENTO (ESMALTE SINTÉTICO ACETINADO) APLICADA A ROLO OU PINCEL SOBRE SUPERFÍCIES METÁLICAS (EXCETO PERFIL) EXECUTADO EM OBRA (02 DEMÃOS). AF_01/2020"},{"$f":"IF(C1369=0,\"\",VLOOKUP(C1369,BNCDADOS!$A:$G,3,0))","v":"M2"},182.8,{"$f":"IF(C1369=0,\"\",VLOOKUP(C1369,BNCDADOS!$A:$G,4,0))","v":"48,50"},{"$f":"IF(C1369=0,\"\",VLOOKUP(C1369,BNCDADOS!$A:$G,5,0))","v":59.98},{"$f":"IF(H1369=\"\",0,TRUNC(H1369*F1369,2))","v":10964.34},{"$f":"IF(C1369=0,\"\",VLOOKUP(C1369,BNCDADOS!$A:$G,6,0))","v":"44,55"},{"$f":"IF(C1369=0,\"\",VLOOKUP(C1369,BNCDADOS!$A:$G,7,0))","v":57.89},{"$f":"IF(K1369=\"\",0,TRUNC(K1369*F1369,2))","v":10582.29},{"$f":"SUMIF('MC - TRECHO 04'!A:A,Orçamento!A1369,'MC - TRECHO 04'!R:R)","v":182.8}]
["5.3.10.5",{"$f":"IF(C1370=0,\"\",VLOOKUP(C1370,BNCDADOS!$A:$H,8,0))","v":"SINAPI/RN\nSERVIÇO"},102203,{"$f":"IF(C1370=0,\"\",VLOOKUP(C1370,BNCDADOS!$A:$G,2,0))","v":"PINTURA VERNIZ (INCOLOR) ALQUÍDICO EM MADEIRA, USO INTERNO E EXTERNO, 1 DEMÃO. AF_01/2021"},{"$f":"IF(C1370=0,\"\",VLOOKUP(C1370,BNCDADOS!$A:$G,3,0))","v":"M2"},272.93,{"$f":"IF(C1370=0,\"\",VLOOKUP(C1370,BNCDADOS!$A:$G,4,0))","v":"9,64"},{"$f":"IF(C1370=0,\"\",VLOOKUP(C1370,BNCDADOS!$A:$G,5,0))","v":11.92},{"$f":"IF(H1370=\"\",0,TRUNC(H1370*F1370,2))","v":3253.32},{"$f":"IF(C1370=0,\"\",VLOOKUP(C1370,BNCDADOS!$A:$G,6,0))","v":"8,95"},{"$f":"IF(C1370=0,\"\",VLOOKUP(C1370,BNCDADOS!$A:$G,7,0))","v":11.63},{"$f":"IF(K1370=\"\",0,TRUNC(K1370*F1370,2))","v":3174.17},{"$f":"SUMIF('MC - TRECHO 04'!A:A,Orçamento!A1370,'MC - TRECHO 04'!R:R)","v":272.9375}]
["5.3.11",{"$f":"IF(C1371=0,\"\",VLOOKUP(C1371,BNCDADOS!$A:$G,8,0))","v":""},null,"INSTALAÇÃO ELÉTRICA",{"$f":"IF(C1371=0,\"\",VLOOKUP(C1371,BNCDADOS!$A:$G,3,0))","v":""},0,{"$f":"IF(C1371=0,\"\",VLOOKUP(C1371,BNCDADOS!$A:$G,4,0))","v":""},{"$f":"IF(C1371=0,\"\",VLOOKUP(C1371,BNCDADOS!$A:$G,5,0))","v":""},{"$f":"SUM(I1372:I1399)","v":159583.35},{"$f":"IF(C1371=0,\"\",VLOOKUP(C1371,BNCDADOS!$A:$G,6,0))","v":""},{"$f":"IF(C1371=0,\"\",VLOOKUP(C1371,BNCDADOS!$A:$G,7,0))","v":""},{"$f":"SUM(L1372:L1399)","v":166253.21999999997},0]
["5.3.11.1",{"$f":"IF(C1372=0,\"\",VLOOKUP(C1372,BNCDADOS!$A:$H,8,0))","v":"caern"},2070226,{"$f":"IF(C1372=0,\"\",VLOOKUP(C1372,BNCDADOS!$A:$G,2,0))","v":"SUBESTAÇÃO ÁEREA COMPLETA 300 KVA/13.800-380/220V, INCLUSIVE QUADRO DE MEDIÇÃO, PROTEÇÃO GERAL, POSTES, CRUZETAS, TRANSFORMADOR, LIGAÇÃO E MURETA. INC_05/2019"},{"$f":"IF(C1372=0,\"\",VLOOKUP(C1372,BNCDADOS!$A:$G,3,0))","v":"UN "},1,{"$f":"IF(C1372=0,\"\",VLOOKUP(C1372,BNCDADOS!$A:$G,4,0))","v":67068.709999999992},{"$f":"IF(C1372=0,\"\",VLOOKUP(C1372,BNCDADOS!$A:$G,5,0))","v":82957.279999999999},{"$f":"IF(H1372=\"\",0,TRUNC(H1372*F1372,2))","v":82957.279999999999},{"$f":"IF(C1372=0,\"\",VLOOKUP(C1372,BNCDADOS!$A:$G,6,0))","v":66726.92},{"$f":"IF(C1372=0,\"\",VLOOKUP(C1372,BNCDADOS!$A:$G,7,0))","v":86718.3},{"$f":"IF(K1372=\"\",0,TRUNC(K1372*F1372,2))","v":86718.3},{"$f":"SUMIF('MC - TRECHO 04'!A:A,Orçamento!A1372,'MC - TRECHO 04'!R:R)","v":1}]
["5.3.11.2",{"$f":"IF(C1373=0,\"\",VLOOKUP(C1373,BNCDADOS!$A:$H,8,0))","v":"SINAPI/RN\nSERVIÇO"},101878,{"$f":"IF(C1373=0,\"\",VLOOKUP(C1373,BNCDADOS!$A:$G,2,0))","v":"QUADRO DE DISTRIBUIÇÃO DE ENERGIA EM CHAPA DE AÇO GALVANIZADO, DE SOBREPOR, COM BARRAMENTO TRIFÁSICO, PARA 18 DISJUNTORES DIN 100A - FORNECIMENTO E INSTALAÇÃO. AF_10/2020"},{"$f":"IF(C1373=0,\"\",VLOOKUP(C1373,BNCDADOS!$A:$G,3,0))","v":"UN"},1,{"$f":"IF(C1373=0,\"\",VLOOKUP(C1373,BNCDADOS!$A:$G,4,0))","v":"474,58"},{"$f":"IF(C1373=0,\"\",VLOOKUP(C1373,BNCDADOS!$A:$G,5,0))","v":587},587,{"$f":"IF(C1373=0,\"\",VLOOKUP(C1373,BNCDADOS!$A:$G,6,0))","v":"466,38"},{"$f":"IF(C1373=0,\"\",VLOOKUP(C1373,BNCDADOS!$A:$G,7,0))","v":606.1},606.1,{"$f":"SUMIF('MC - TRECHO 04'!A:A,Orçamento!A1373,'MC - TRECHO 04'!R:R)","v":1}]
["5.3.11.3",{"$f":"IF(C1374=0,\"\",VLOOKUP(C1374,BNCDADOS!$A:$H,8,0))","v":"SINAPI/RN\nSERVIÇO"},93673,{"$f":"IF(C1374=0,\"\",VLOOKUP(C1374,BNCDADOS!$A:$G,2,0))","v":"DISJUNTOR TRIPOLAR TIPO DIN, CORRENTE NOMINAL DE 50A - FORNECIMENTO E INSTALAÇÃO. AF_10/2020"},{"$f":"IF(C1374=0,\"\",VLOOKUP(C1374,BNCDADOS!$A:$G,3,0))","v":"UN"},1,{"$f":"IF(C1374=0,\"\",VLOOKUP(C1374,BNCDADOS!$A:$G,4,0))","v":"94,84"},{"$f":"IF(C1374=0,\"\",VLOOKUP(C1374,BNCDADOS!$A:$G,5,0))","v":117.3},117.3,{"$f":"IF(C1374=0,\"\",VLOOKUP(C1374,BNCDADOS!$A:$G,6,0))","v":"91,78"},{"$f":"IF(C1374=0,\"\",VLOOKUP(C1374,BNCDADOS!$A:$G,7,0))","v":119.27},119.27,{"$f":"SUMIF('MC - TRECHO 04'!A:A,Orçamento!A1374,'MC - TRECHO 04'!R:R)","v":1}]
["5.3.11.4",{"$f":"IF(C1375=0,\"\",VLOOKUP(C1375,BNCDADOS!$A:$H,8,0))","v":"caern"},1060429,{"$f":"IF(C1375=0,\"\",VLOOKUP(C1375,BNCDADOS!$A:$G,2,0))","v":"DISJUNTOR DIFERENCIAL DR 63A. R_05/2019"},{"$f":"IF(C1375=0,\"\",VLOOKUP(C1375,BNCDADOS!$A:$G,3,0))","v":"UN "},1,{"$f":"IF(C1375=0,\"\",VLOOKUP(C1375,BNCDADOS!$A:$G,4,0))","v":171.19},{"$f":"IF(C1375=0,\"\",VLOOKUP(C1375,BNCDADOS!$A:$G,5,0))","v":211.74},211.74,{"$f":"IF(C1375=0,\"\",VLOOKUP(C1375,BNCDADOS!$A:$G,6,0))","v":168.22},{"$f":"IF(C1375=0,\"\",VLOOKUP(C1375,BNCDADOS!$A:$G,7,0))","v":218.61},218.61,{"$f":"SUMIF('MC - TRECHO 04'!A:A,Orçamento!A1375,'MC - TRECHO 04'!R:R)","v":1}]
["5.3.11.5",{"$f":"IF(C1376=0,\"\",VLOOKUP(C1376,BNCDADOS!$A:$H,8,0))","v":"SINAPI/RN\nSERVIÇO"},93653,{"$f":"IF(C1376=0,\"\",VLOOKUP(C1376,BNCDADOS!$A:$G,2,0))","v":"DISJUNTOR MONOPOLAR TIPO DIN, CORRENTE NOMINAL DE 10A - FORNECIMENTO E INSTALAÇÃO. AF_10/2020"},{"$f":"IF(C1376=0,\"\",VLOOKUP(C1376,BNCDADOS!$A:$G,3,0))","v":"UN"},1,{"$f":"IF(C1376=0,\"\",VLOOKUP(C1376,BNCDADOS!$A:$G,4,0))","v":"11,31"},{"$f":"IF(C1376=0,\"\",VLOOKUP(C1376,BNCDADOS!$A:$G,5,0))","v":13.98},13.98,{"$f":"IF(C1376=0,\"\",VLOOKUP(C1376,BNCDADOS!$A:$G,6,0))","v":"11,11"},{"$f":"IF(C1376=0,\"\",VLOOKUP(C1376,BNCDADOS!$A:$G,7,0))","v":14.43},14.43,{"$f":"SUMIF('MC - TRECHO 04'!A:A,Orçamento!A1376,'MC - TRECHO 04'!R:R)","v":1}]
["5.3.11.6",{"$f":"IF(C1377=0,\"\",VLOOKUP(C1377,BNCDADOS!$A:$H,8,0))","v":"SINAPI/RN\nSERVIÇO"},93654,{"$f":"IF(C1377=0,\"\",VLOOKUP(C1377,BNCDADOS!$A:$G,2,0))","v":"DISJUNTOR MONOPOLAR TIPO DIN, CORRENTE NOMINAL DE 16A - FORNECIMENTO E INSTALAÇÃO. AF_10/2020"},{"$f":"IF(C1377=0,\"\",VLOOKUP(C1377,BNCDADOS!$A:$G,3,0))","v":"UN"},8,{"$f":"IF(C1377=0,\"\",VLOOKUP(C1377,BNCDADOS!$A:$G,4,0))","v":"11,95"},{"$f":"IF(C1377=0,\"\",VLOOKUP(C1377,BNCDADOS!$A:$G,5,0))","v":14.78},118.24,{"$f":"IF(C1377=0,\"\",VLOOKUP(C1377,BNCDADOS!$A:$G,6,0))","v":"11,68"},{"$f":"IF(C1377=0,\"\",VLOOKUP(C1377,BNCDADOS!$A:$G,7,0))","v":15.17},121.36,{"$f":"SUMIF('MC - TRECHO 04'!A:A,Orçamento!A1377,'MC - TRECHO 04'!R:R)","v":8}]
["5.3.11.7",{"$f":"IF(C1378=0,\"\",VLOOKUP(C1378,BNCDADOS!$A:$H,8,0))","v":"SINAPI/RN\nSERVIÇO"},93655,{"$f":"IF(C1378=0,\"\",VLOOKUP(C1378,BNCDADOS!$A:$G,2,0))","v":"DISJUNTOR MONOPOLAR TIPO DIN, CORRENTE NOMINAL DE 20A - FORNECIMENTO E INSTALAÇÃO. AF_10/2020"},{"$f":"IF(C1378=0,\"\",VLOOKUP(C1378,BNCDADOS!$A:$G,3,0))","v":"UN"},1,{"$f":"IF(C1378=0,\"\",VLOOKUP(C1378,BNCDADOS!$A:$G,4,0))","v":"13,20"},{"$f":"IF(C1378=0,\"\",VLOOKUP(C1378,BNCDADOS!$A:$G,5,0))","v":16.32},16.32,{"$f":"IF(C1378=0,\"\",VLOOKUP(C1378,BNCDADOS!$A:$G,6,0))","v":"12,85"},{"$f":"IF(C1378=0,\"\",VLOOKUP(C1378,BNCDADOS!$A:$G,7,0))","v":16.690000000000001},16.690000000000001,{"$f":"SUMIF('MC - TRECHO 04'!A:A,Orçamento!A1378,'MC - TRECHO 04'!R:R)","v":1}]
["5.3.11.8",{"$f":"IF(C1379=0,\"\",VLOOKUP(C1379,BNCDADOS!$A:$H,8,0))","v":"SINAPI/RN\nSERVIÇO"},92994,{"$f":"IF(C1379=0,\"\",VLOOKUP(C1379,BNCDADOS!$A:$G,2,0))","v":"CABO DE COBRE FLEXÍVEL ISOLADO, 120 MM², ANTI-CHAMA 0,6/1,0 KV, PARA REDE ENTERRADA DE DISTRIBUIÇÃO DE ENERGIA ELÉTRICA - FORNECIMENTO E INSTALAÇÃO. AF_12/2021"},{"$f":"IF(C1379=0,\"\",VLOOKUP(C1379,BNCDADOS!$A:$G,3,0))","v":"M"},192,{"$f":"IF(C1379=0,\"\",VLOOKUP(C1379,BNCDADOS!$A:$G,4,0))","v":"149,52"},{"$f":"IF(C1379=0,\"\",VLOOKUP(C1379,BNCDADOS!$A:$G,5,0))","v":184.94},35508.480000000003,{"$f":"IF(C1379=0,\"\",VLOOKUP(C1379,BNCDADOS!$A:$G,6,0))","v":"148,74"},{"$f":"IF(C1379=0,\"\",VLOOKUP(C1379,BNCDADOS!$A:$G,7,0))","v":193.3},37113.599999999999,{"$f":"SUMIF('MC - TRECHO 04'!A:A,Orçamento!A1379,'MC - TRECHO 04'!R:R)","v":192}]
["5.3.11.9",{"$f":"IF(C1380=0,\"\",VLOOKUP(C1380,BNCDADOS!$A:$H,8,0))","v":"SINAPI/RN\nSERVIÇO"},91931,{"$f":"IF(C1380=0,\"\",VLOOKUP(C1380,BNCDADOS!$A:$G,2,0))","v":"CABO DE COBRE FLEXÍVEL ISOLADO, 6 MM², ANTI-CHAMA 0,6/1,0 KV, PARA CIRCUITOS TERMINAIS - FORNECIMENTO E INSTALAÇÃO. AF_03/2023"},{"$f":"IF(C1380=0,\"\",VLOOKUP(C1380,BNCDADOS!$A:$G,3,0))","v":"M"},15,{"$f":"IF(C1380=0,\"\",VLOOKUP(C1380,BNCDADOS!$A:$G,4,0))","v":"11,29"},{"$f":"IF(C1380=0,\"\",VLOOKUP(C1380,BNCDADOS!$A:$G,5,0))","v":13.96},{"$f":"IF(H1380=\"\",0,TRUNC(H1380*F1380,2))","v":209.4},{"$f":"IF(C1380=0,\"\",VLOOKUP(C1380,BNCDADOS!$A:$G,6,0))","v":"11,02"},{"$f":"IF(C1380=0,\"\",VLOOKUP(C1380,BNCDADOS!$A:$G,7,0))","v":14.32},{"$f":"IF(K1380=\"\",0,TRUNC(K1380*F1380,2))","v":214.8},{"$f":"SUMIF('MC - TRECHO 04'!A:A,Orçamento!A1380,'MC - TRECHO 04'!R:R)","v":15}]
["5.3.11.10",{"$f":"IF(C1381=0,\"\",VLOOKUP(C1381,BNCDADOS!$A:$H,8,0))","v":"SINAPI/RN\nSERVIÇO"},91929,{"$f":"IF(C1381=0,\"\",VLOOKUP(C1381,BNCDADOS!$A:$G,2,0))","v":"CABO DE COBRE FLEXÍVEL ISOLADO, 4 MM², ANTI-CHAMA 0,6/1,0 KV, PARA CIRCUITOS TERMINAIS - FORNECIMENTO E INSTALAÇÃO. AF_03/2023"},{"$f":"IF(C1381=0,\"\",VLOOKUP(C1381,BNCDADOS!$A:$G,3,0))","v":"M"},115.5,{"$f":"IF(C1381=0,\"\",VLOOKUP(C1381,BNCDADOS!$A:$G,4,0))","v":"7,98"},{"$f":"IF(C1381=0,\"\",VLOOKUP(C1381,BNCDADOS!$A:$G,5,0))","v":9.8699999999999992},1139.98,{"$f":"IF(C1381=0,\"\",VLOOKUP(C1381,BNCDADOS!$A:$G,6,0))","v":"7,76"},{"$f":"IF(C1381=0,\"\",VLOOKUP(C1381,BNCDADOS!$A:$G,7,0))","v":10.08},1164.24,{"$f":"SUMIF('MC - TRECHO 04'!A:A,Orçamento!A1381,'MC - TRECHO 04'!R:R)","v":115.5}]
["5.3.11.11",{"$f":"IF(C1382=0,\"\",VLOOKUP(C1382,BNCDADOS!$A:$H,8,0))","v":"SINAPI/RN\nSERVIÇO"},91927,{"$f":"IF(C1382=0,\"\",VLOOKUP(C1382,BNCDADOS!$A:$G,2,0))","v":"CABO DE COBRE FLEXÍVEL ISOLADO, 2,5 MM², ANTI-CHAMA 0,6/1,0 KV, PARA CIRCUITOS TERMINAIS - FORNECIMENTO E INSTALAÇÃO. AF_03/2023"},{"$f":"IF(C1382=0,\"\",VLOOKUP(C1382,BNCDADOS!$A:$G,3,0))","v":"M"},90,{"$f":"IF(C1382=0,\"\",VLOOKUP(C1382,BNCDADOS!$A:$G,4,0))","v":"5,38"},{"$f":"IF(C1382=0,\"\",VLOOKUP(C1382,BNCDADOS!$A:$G,5,0))","v":6.65},598.5,{"$f":"IF(C1382=0,\"\",VLOOKUP(C1382,BNCDADOS!$A:$G,6,0))","v":"5,22"},{"$f":"IF(C1382=0,\"\",VLOOKUP(C1382,BNCDADOS!$A:$G,7,0))","v":6.78},610.20000000000005,{"$f":"SUMIF('MC - TRECHO 04'!A:A,Orçamento!A1382,'MC - TRECHO 04'!R:R)","v":90}]
["5.3.11.12",{"$f":"IF(C1383=0,\"\",VLOOKUP(C1383,BNCDADOS!$A:$H,8,0))","v":"SINAPI/RN\nSERVIÇO"},91854,{"$f":"IF(C1383=0,\"\",VLOOKUP(C1383,BNCDADOS!$A:$G,2,0))","v":"ELETRODUTO FLEXÍVEL CORRUGADO, PVC, DN 25 MM (3/4\"), PARA CIRCUITOS TERMINAIS, INSTALADO EM PAREDE - FORNECIMENTO E INSTALAÇÃO. AF_03/2023"},{"$f":"IF(C1383=0,\"\",VLOOKUP(C1383,BNCDADOS!$A:$G,3,0))","v":"M"},5.5,{"$f":"IF(C1383=0,\"\",VLOOKUP(C1383,BNCDADOS!$A:$G,4,0))","v":"8,73"},{"$f":"IF(C1383=0,\"\",VLOOKUP(C1383,BNCDADOS!$A:$G,5,0))","v":10.79},59.34,{"$f":"IF(C1383=0,\"\",VLOOKUP(C1383,BNCDADOS!$A:$G,6,0))","v":"8,01"},{"$f":"IF(C1383=0,\"\",VLOOKUP(C1383,BNCDADOS!$A:$G,7,0))","v":10.4},57.2,{"$f":"SUMIF('MC - TRECHO 04'!A:A,Orçamento!A1383,'MC - TRECHO 04'!R:R)","v":5.5}]
["5.3.11.13",{"$f":"IF(C1384=0,\"\",VLOOKUP(C1384,BNCDADOS!$A:$H,8,0))","v":"SINAPI/RN\nSERVIÇO"},95728,{"$f":"IF(C1384=0,\"\",VLOOKUP(C1384,BNCDADOS!$A:$G,2,0))","v":"ELETRODUTO RÍGIDO SOLDÁVEL, PVC, DN 32 MM (1\u0094), APARENTE - FORNECIMENTO E INSTALAÇÃO. AF_10/2022_PA"},{"$f":"IF(C1384=0,\"\",VLOOKUP(C1384,BNCDADOS!$A:$G,3,0))","v":"M"},38,{"$f":"IF(C1384=0,\"\",VLOOKUP(C1384,BNCDADOS!$A:$G,4,0))","v":"23,88"},{"$f":"IF(C1384=0,\"\",VLOOKUP(C1384,BNCDADOS!$A:$G,5,0))","v":29.53},1122.1400000000001,{"$f":"IF(C1384=0,\"\",VLOOKUP(C1384,BNCDADOS!$A:$G,6,0))","v":"22,13"},{"$f":"IF(C1384=0,\"\",VLOOKUP(C1384,BNCDADOS!$A:$G,7,0))","v":28.76},1092.8800000000001,{"$f":"SUMIF('MC - TRECHO 04'!A:A,Orçamento!A1384,'MC - TRECHO 04'!R:R)","v":38}]
["5.3.11.14",{"$f":"IF(C1385=0,\"\",VLOOKUP(C1385,BNCDADOS!$A:$H,8,0))","v":"SINAPI/RN\nSERVIÇO"},93010,{"$f":"IF(C1385=0,\"\",VLOOKUP(C1385,BNCDADOS!$A:$G,2,0))","v":"ELETRODUTO RÍGIDO ROSCÁVEL, PVC, DN 75 MM (2 1/2\"), PARA REDE ENTERRADA DE DISTRIBUIÇÃO DE ENERGIA ELÉTRICA - FORNECIMENTO E INSTALAÇÃO. AF_12/2021"},{"$f":"IF(C1385=0,\"\",VLOOKUP(C1385,BNCDADOS!$A:$G,3,0))","v":"M"},25.5,{"$f":"IF(C1385=0,\"\",VLOOKUP(C1385,BNCDADOS!$A:$G,4,0))","v":"28,82"},{"$f":"IF(C1385=0,\"\",VLOOKUP(C1385,BNCDADOS!$A:$G,5,0))","v":35.64},908.82,{"$f":"IF(C1385=0,\"\",VLOOKUP(C1385,BNCDADOS!$A:$G,6,0))","v":"27,98"},{"$f":"IF(C1385=0,\"\",VLOOKUP(C1385,BNCDADOS!$A:$G,7,0))","v":36.36},927.18,{"$f":"SUMIF('MC - TRECHO 04'!A:A,Orçamento!A1385,'MC - TRECHO 04'!R:R)","v":25.5}]
["5.3.11.15",{"$f":"IF(C1386=0,\"\",VLOOKUP(C1386,BNCDADOS!$A:$H,8,0))","v":"SINAPI/RN\nSERVIÇO"},97882,{"$f":"IF(C1386=0,\"\",VLOOKUP(C1386,BNCDADOS!$A:$G,2,0))","v":"CAIXA ENTERRADA ELÉTRICA RETANGULAR, EM CONCRETO PRÉ-MOLDADO, FUNDO COM BRITA, DIMENSÕES INTERNAS: 0,4X0,4X0,4 M. AF_12/2020"},{"$f":"IF(C1386=0,\"\",VLOOKUP(C1386,BNCDADOS!$A:$G,3,0))","v":"UN"},9,{"$f":"IF(C1386=0,\"\",VLOOKUP(C1386,BNCDADOS!$A:$G,4,0))","v":"215,84"},{"$f":"IF(C1386=0,\"\",VLOOKUP(C1386,BNCDADOS!$A:$G,5,0))","v":266.97000000000003},2402.73,{"$f":"IF(C1386=0,\"\",VLOOKUP(C1386,BNCDADOS!$A:$G,6,0))","v":"212,07"},{"$f":"IF(C1386=0,\"\",VLOOKUP(C1386,BNCDADOS!$A:$G,7,0))","v":275.60000000000002},2480.4,{"$f":"SUMIF('MC - TRECHO 04'!A:A,Orçamento!A1386,'MC - TRECHO 04'!R:R)","v":9}]
["5.3.11.16",{"$f":"IF(C1387=0,\"\",VLOOKUP(C1387,BNCDADOS!$A:$H,8,0))","v":"caern"},2070407,{"$f":"IF(C1387=0,\"\",VLOOKUP(C1387,BNCDADOS!$A:$G,2,0))","v":"CONJUNTO ILUMINAÇÃO EXTERNA TIPO PÉTALA COM 01 REFLETOR LED DE 100 W E POSTE CIRCULAR DE 9M EM CONCRETO. INC_05/2020"},{"$f":"IF(C1387=0,\"\",VLOOKUP(C1387,BNCDADOS!$A:$G,3,0))","v":"UN "},7,{"$f":"IF(C1387=0,\"\",VLOOKUP(C1387,BNCDADOS!$A:$G,4,0))","v":2381.63},{"$f":"IF(C1387=0,\"\",VLOOKUP(C1387,BNCDADOS!$A:$G,5,0))","v":2945.83},20620.810000000001,{"$f":"IF(C1387=0,\"\",VLOOKUP(C1387,BNCDADOS!$A:$G,6,0))","v":2346.0200000000004},{"$f":"IF(C1387=0,\"\",VLOOKUP(C1387,BNCDADOS!$A:$G,7,0))","v":3048.88},21342.16,{"$f":"SUMIF('MC - TRECHO 04'!A:A,Orçamento!A1387,'MC - TRECHO 04'!R:R)","v":7}]
["5.3.11.17",{"$f":"IF(C1388=0,\"\",VLOOKUP(C1388,BNCDADOS!$A:$H,8,0))","v":"SINAPI/RN\nSERVIÇO"},97586,{"$f":"IF(C1388=0,\"\",VLOOKUP(C1388,BNCDADOS!$A:$G,2,0))","v":"LUMINÁRIA TIPO CALHA, DE SOBREPOR, COM 2 LÂMPADAS TUBULARES FLUORESCENTES DE 36 W, COM REATOR DE PARTIDA RÁPIDA - FORNECIMENTO E INSTALAÇÃO. AF_02/2020 "},{"$f":"IF(C1388=0,\"\",VLOOKUP(C1388,BNCDADOS!$A:$G,3,0))","v":"UN"},19,{"$f":"IF(C1388=0,\"\",VLOOKUP(C1388,BNCDADOS!$A:$G,4,0))","v":173.43},{"$f":"IF(C1388=0,\"\",VLOOKUP(C1388,BNCDADOS!$A:$G,5,0))","v":214.51},4075.69,{"$f":"IF(C1388=0,\"\",VLOOKUP(C1388,BNCDADOS!$A:$G,6,0))","v":171.79},{"$f":"IF(C1388=0,\"\",VLOOKUP(C1388,BNCDADOS!$A:$G,7,0))","v":223.25},4241.75,{"$f":"SUMIF('MC - TRECHO 04'!A:A,Orçamento!A1388,'MC - TRECHO 04'!R:R)","v":19}]
["5.3.11.18",{"$f":"IF(C1389=0,\"\",VLOOKUP(C1389,BNCDADOS!$A:$H,8,0))","v":"SINAPI/RN\nSERVIÇO"},97589,{"$f":"IF(C1389=0,\"\",VLOOKUP(C1389,BNCDADOS!$A:$G,2,0))","v":"LUMINÁRIA TIPO PLAFON EM PLÁSTICO, DE SOBREPOR, COM 1 LÂMPADA FLUORESCENTE DE 15 W, SEM REATOR - FORNECIMENTO E INSTALAÇÃO. AF_02/2020"},{"$f":"IF(C1389=0,\"\",VLOOKUP(C1389,BNCDADOS!$A:$G,3,0))","v":"UN"},{"$f":"TRUNC(M1389,2)","v":1},{"$f":"IF(C1389=0,\"\",VLOOKUP(C1389,BNCDADOS!$A:$G,4,0))","v":44.24},{"$f":"IF(C1389=0,\"\",VLOOKUP(C1389,BNCDADOS!$A:$G,5,0))","v":54.72},{"$f":"IF(H1389=\"\",0,TRUNC(H1389*F1389,2))","v":54.72},{"$f":"IF(C1389=0,\"\",VLOOKUP(C1389,BNCDADOS!$A:$G,6,0))","v":42.12},{"$f":"IF(C1389=0,\"\",VLOOKUP(C1389,BNCDADOS!$A:$G,7,0))","v":54.73},{"$f":"IF(K1389=\"\",0,TRUNC(K1389*F1389,2))","v":54.73},{"$f":"SUMIF('MC - TRECHO 04'!A:A,Orçamento!A1389,'MC - TRECHO 04'!R:R)","v":1}]
["5.3.11.19",{"$f":"IF(C1390=0,\"\",VLOOKUP(C1390,BNCDADOS!$A:$H,8,0))","v":"SINAPI/RN\nSERVIÇO"},91953,{"$f":"IF(C1390=0,\"\",VLOOKUP(C1390,BNCDADOS!$A:$G,2,0))","v":"INTERRUPTOR SIMPLES (1 MÓDULO), 10A/250V, INCLUINDO SUPORTE E PLACA - FORNECIMENTO E INSTALAÇÃO. AF_03/2023"},{"$f":"IF(C1390=0,\"\",VLOOKUP(C1390,BNCDADOS!$A:$G,3,0))","v":"UN"},3,{"$f":"IF(C1390=0,\"\",VLOOKUP(C1390,BNCDADOS!$A:$G,4,0))","v":"28,95"},{"$f":"IF(C1390=0,\"\",VLOOKUP(C1390,BNCDADOS!$A:$G,5,0))","v":35.799999999999997},107.4,{"$f":"IF(C1390=0,\"\",VLOOKUP(C1390,BNCDADOS!$A:$G,6,0))","v":"27,02"},{"$f":"IF(C1390=0,\"\",VLOOKUP(C1390,BNCDADOS!$A:$G,7,0))","v":35.11},105.33,{"$f":"SUMIF('MC - TRECHO 04'!A:A,Orçamento!A1390,'MC - TRECHO 04'!R:R)","v":3}]
["5.3.11.20",{"$f":"IF(C1391=0,\"\",VLOOKUP(C1391,BNCDADOS!$A:$H,8,0))","v":"SINAPI/RN\nSERVIÇO"},92000,{"$f":"IF(C1391=0,\"\",VLOOKUP(C1391,BNCDADOS!$A:$G,2,0))","v":"TOMADA BAIXA DE EMBUTIR (1 MÓDULO), 2P+T 10 A, INCLUINDO SUPORTE E PLACA - FORNECIMENTO E INSTALAÇÃO. AF_03/2023"},{"$f":"IF(C1391=0,\"\",VLOOKUP(C1391,BNCDADOS!$A:$G,3,0))","v":"UN"},4,{"$f":"IF(C1391=0,\"\",VLOOKUP(C1391,BNCDADOS!$A:$G,4,0))","v":"30,35"},{"$f":"IF(C1391=0,\"\",VLOOKUP(C1391,BNCDADOS!$A:$G,5,0))","v":37.53},150.12,{"$f":"IF(C1391=0,\"\",VLOOKUP(C1391,BNCDADOS!$A:$G,6,0))","v":"28,36"},{"$f":"IF(C1391=0,\"\",VLOOKUP(C1391,BNCDADOS!$A:$G,7,0))","v":36.85},147.4,{"$f":"SUMIF('MC - TRECHO 04'!A:A,Orçamento!A1391,'MC - TRECHO 04'!R:R)","v":4}]
["5.3.11.21",{"$f":"IF(C1392=0,\"\",VLOOKUP(C1392,BNCDADOS!$A:$H,8,0))","v":"SINAPI/RN\nSERVIÇO"},96977,{"$f":"IF(C1392=0,\"\",VLOOKUP(C1392,BNCDADOS!$A:$G,2,0))","v":"CORDOALHA DE COBRE NU 50 MM², ENTERRADA - FORNECIMENTO E INSTALAÇÃO. AF_08/2023"},{"$f":"IF(C1392=0,\"\",VLOOKUP(C1392,BNCDADOS!$A:$G,3,0))","v":"M"},32.200000000000003,{"$f":"IF(C1392=0,\"\",VLOOKUP(C1392,BNCDADOS!$A:$G,4,0))","v":"66,73"},{"$f":"IF(C1392=0,\"\",VLOOKUP(C1392,BNCDADOS!$A:$G,5,0))","v":82.53},2657.46,{"$f":"IF(C1392=0,\"\",VLOOKUP(C1392,BNCDADOS!$A:$G,6,0))","v":"66,56"},{"$f":"IF(C1392=0,\"\",VLOOKUP(C1392,BNCDADOS!$A:$G,7,0))","v":86.5},2785.3,{"$f":"SUMIF('MC - TRECHO 04'!A:A,Orçamento!A1392,'MC - TRECHO 04'!R:R)","v":32.200000000000003}]
["5.3.11.22",{"$f":"IF(C1393=0,\"\",VLOOKUP(C1393,BNCDADOS!$A:$H,8,0))","v":"SINAPI/RN\nSERVIÇO"},96986,{"$f":"IF(C1393=0,\"\",VLOOKUP(C1393,BNCDADOS!$A:$G,2,0))","v":"HASTE DE ATERRAMENTO, DIÂMETRO 3/4\", COM 3 METROS - FORNECIMENTO E INSTALAÇÃO. AF_08/2023"},{"$f":"IF(C1393=0,\"\",VLOOKUP(C1393,BNCDADOS!$A:$G,3,0))","v":"UN"},6,{"$f":"IF(C1393=0,\"\",VLOOKUP(C1393,BNCDADOS!$A:$G,4,0))","v":"152,63"},{"$f":"IF(C1393=0,\"\",VLOOKUP(C1393,BNCDADOS!$A:$G,5,0))","v":188.78},1132.68,{"$f":"IF(C1393=0,\"\",VLOOKUP(C1393,BNCDADOS!$A:$G,6,0))","v":"150,55"},{"$f":"IF(C1393=0,\"\",VLOOKUP(C1393,BNCDADOS!$A:$G,7,0))","v":195.65},1173.9000000000001,{"$f":"SUMIF('MC - TRECHO 04'!A:A,Orçamento!A1393,'MC - TRECHO 04'!R:R)","v":6}]
["5.3.11.23",{"$f":"IF(C1394=0,\"\",VLOOKUP(C1394,BNCDADOS!$A:$H,8,0))","v":"SINAPI/RN\nINSUMOS"},34641,{"$f":"IF(C1394=0,\"\",VLOOKUP(C1394,BNCDADOS!$A:$G,2,0))","v":"CAIXA DE ATERRAMENTO EM CONCRETO PRE-MOLDADO, DIAMETRO DE 0,30 M E ALTURA DE 0,35 M, SEM FUNDO E COM TAMPA                                                                                                                                                                                                                                                                                                                                                                                                "},{"$f":"IF(C1394=0,\"\",VLOOKUP(C1394,BNCDADOS!$A:$G,3,0))","v":"UN    "},6,{"$f":"IF(C1394=0,\"\",VLOOKUP(C1394,BNCDADOS!$A:$G,4,0))","v":"107,66"},{"$f":"IF(C1394=0,\"\",VLOOKUP(C1394,BNCDADOS!$A:$G,5,0))","v":133.16},798.96,{"$f":"IF(C1394=0,\"\",VLOOKUP(C1394,BNCDADOS!$A:$G,6,0))","v":"107,66"},{"$f":"IF(C1394=0,\"\",VLOOKUP(C1394,BNCDADOS!$A:$G,7,0))","v":139.91},839.46,{"$f":"SUMIF('MC - TRECHO 04'!A:A,Orçamento!A1394,'MC - TRECHO 04'!R:R)","v":6}]
["5.3.11.24",{"$f":"IF(C1395=0,\"\",VLOOKUP(C1395,BNCDADOS!$A:$H,8,0))","v":"SINAPI/RN\nSERVIÇO"},104750,{"$f":"IF(C1395=0,\"\",VLOOKUP(C1395,BNCDADOS!$A:$G,2,0))","v":"CONECTOR GRAMPO METÁLICO TIPO OLHAL, PARA SPDA, PARA HASTE DE ATERRAMENTO DE 5/8'' E CABOS DE 10 A 50 MM2 - FORNECIMENTO E INSTALAÇÃO. AF_08/2023"},{"$f":"IF(C1395=0,\"\",VLOOKUP(C1395,BNCDADOS!$A:$G,3,0))","v":"UN"},6,{"$f":"IF(C1395=0,\"\",VLOOKUP(C1395,BNCDADOS!$A:$G,4,0))","v":"18,06"},{"$f":"IF(C1395=0,\"\",VLOOKUP(C1395,BNCDADOS!$A:$G,5,0))","v":22.33},133.97999999999999,{"$f":"IF(C1395=0,\"\",VLOOKUP(C1395,BNCDADOS!$A:$G,6,0))","v":"17,06"},{"$f":"IF(C1395=0,\"\",VLOOKUP(C1395,BNCDADOS!$A:$G,7,0))","v":22.17},133.02000000000001,{"$f":"SUMIF('MC - TRECHO 04'!A:A,Orçamento!A1395,'MC - TRECHO 04'!R:R)","v":6}]
["5.3.11.25",{"$f":"IF(C1396=0,\"\",VLOOKUP(C1396,BNCDADOS!$A:$H,8,0))","v":"SINAPI/RN\nSERVIÇO"},96973,{"$f":"IF(C1396=0,\"\",VLOOKUP(C1396,BNCDADOS!$A:$G,2,0))","v":"CORDOALHA DE COBRE NU 35 MM², NÃO ENTERRADA, COM ISOLADOR - FORNECIMENTO E INSTALAÇÃO. AF_08/2023"},{"$f":"IF(C1396=0,\"\",VLOOKUP(C1396,BNCDADOS!$A:$G,3,0))","v":"M"},35,{"$f":"IF(C1396=0,\"\",VLOOKUP(C1396,BNCDADOS!$A:$G,4,0))","v":"76,41"},{"$f":"IF(C1396=0,\"\",VLOOKUP(C1396,BNCDADOS!$A:$G,5,0))","v":94.51},3307.85,{"$f":"IF(C1396=0,\"\",VLOOKUP(C1396,BNCDADOS!$A:$G,6,0))","v":"73,96"},{"$f":"IF(C1396=0,\"\",VLOOKUP(C1396,BNCDADOS!$A:$G,7,0))","v":96.11},3363.85,{"$f":"SUMIF('MC - TRECHO 04'!A:A,Orçamento!A1396,'MC - TRECHO 04'!R:R)","v":35}]
["5.3.11.26",{"$f":"IF(C1397=0,\"\",VLOOKUP(C1397,BNCDADOS!$A:$H,8,0))","v":"SINAPI/RN\nSERVIÇO"},96987,{"$f":"IF(C1397=0,\"\",VLOOKUP(C1397,BNCDADOS!$A:$G,2,0))","v":"BASE METÁLICA PARA MASTRO 1 ½\"  PARA SPDA - FORNECIMENTO E INSTALAÇÃO. AF_08/2023"},{"$f":"IF(C1397=0,\"\",VLOOKUP(C1397,BNCDADOS!$A:$G,3,0))","v":"UN"},1,{"$f":"IF(C1397=0,\"\",VLOOKUP(C1397,BNCDADOS!$A:$G,4,0))","v":"129,68"},{"$f":"IF(C1397=0,\"\",VLOOKUP(C1397,BNCDADOS!$A:$G,5,0))","v":160.4},160.4,{"$f":"IF(C1397=0,\"\",VLOOKUP(C1397,BNCDADOS!$A:$G,6,0))","v":"123,32"},{"$f":"IF(C1397=0,\"\",VLOOKUP(C1397,BNCDADOS!$A:$G,7,0))","v":160.26},160.26,{"$f":"SUMIF('MC - TRECHO 04'!A:A,Orçamento!A1397,'MC - TRECHO 04'!R:R)","v":1}]
["5.3.11.27",{"$f":"IF(C1398=0,\"\",VLOOKUP(C1398,BNCDADOS!$A:$H,8,0))","v":"SINAPI/RN\nSERVIÇO"},96988,{"$f":"IF(C1398=0,\"\",VLOOKUP(C1398,BNCDADOS!$A:$G,2,0))","v":"MASTRO 1 ½\", COM 3 METROS, PARA SPDA - FORNECIMENTO E INSTALAÇÃO. AF_08/2023"},{"$f":"IF(C1398=0,\"\",VLOOKUP(C1398,BNCDADOS!$A:$G,3,0))","v":"UN"},1,{"$f":"IF(C1398=0,\"\",VLOOKUP(C1398,BNCDADOS!$A:$G,4,0))","v":"181,32"},{"$f":"IF(C1398=0,\"\",VLOOKUP(C1398,BNCDADOS!$A:$G,5,0))","v":224.27},224.27,{"$f":"IF(C1398=0,\"\",VLOOKUP(C1398,BNCDADOS!$A:$G,6,0))","v":"180,42"},{"$f":"IF(C1398=0,\"\",VLOOKUP(C1398,BNCDADOS!$A:$G,7,0))","v":234.47},234.47,{"$f":"SUMIF('MC - TRECHO 04'!A:A,Orçamento!A1398,'MC - TRECHO 04'!R:R)","v":1}]
["5.3.11.28",{"$f":"IF(C1399=0,\"\",VLOOKUP(C1399,BNCDADOS!$A:$H,8,0))","v":"SINAPI/RN\nSERVIÇO"},96989,{"$f":"IF(C1399=0,\"\",VLOOKUP(C1399,BNCDADOS!$A:$G,2,0))","v":"CAPTOR TIPO FRANKLIN PARA SPDA - FORNECIMENTO E INSTALAÇÃO. AF_08/2023"},{"$f":"IF(C1399=0,\"\",VLOOKUP(C1399,BNCDADOS!$A:$G,3,0))","v":"UN"},1,{"$f":"IF(C1399=0,\"\",VLOOKUP(C1399,BNCDADOS!$A:$G,4,0))","v":"151,80"},{"$f":"IF(C1399=0,\"\",VLOOKUP(C1399,BNCDADOS!$A:$G,5,0))","v":187.76},187.76,{"$f":"IF(C1399=0,\"\",VLOOKUP(C1399,BNCDADOS!$A:$G,6,0))","v":"151,07"},{"$f":"IF(C1399=0,\"\",VLOOKUP(C1399,BNCDADOS!$A:$G,7,0))","v":196.33},196.33,{"$f":"SUMIF('MC - TRECHO 04'!A:A,Orçamento!A1399,'MC - TRECHO 04'!R:R)","v":1}]
["5.3.12",{"$f":"IF(C1400=0,\"\",VLOOKUP(C1400,BNCDADOS!$A:$G,8,0))","v":""},null,"INSTALAÇÕES ELETROMECÂNICAS",{"$f":"IF(C1400=0,\"\",VLOOKUP(C1400,BNCDADOS!$A:$G,3,0))","v":""},0,{"$f":"IF(C1400=0,\"\",VLOOKUP(C1400,BNCDADOS!$A:$G,4,0))","v":""},{"$f":"IF(C1400=0,\"\",VLOOKUP(C1400,BNCDADOS!$A:$G,5,0))","v":""},{"$f":"SUM(I1401:I1401)","v":1926.9},{"$f":"IF(C1400=0,\"\",VLOOKUP(C1400,BNCDADOS!$A:$G,6,0))","v":""},{"$f":"IF(C1400=0,\"\",VLOOKUP(C1400,BNCDADOS!$A:$G,7,0))","v":""},{"$f":"SUM(L1401:L1401)","v":1819.06},0]
["5.3.12.1",{"$f":"IF(C1401=0,\"\",VLOOKUP(C1401,BNCDADOS!$A:$H,8,0))","v":"caern"},2090007,{"$f":"IF(C1401=0,\"\",VLOOKUP(C1401,BNCDADOS!$A:$G,2,0))","v":"INSTALAÇÃO ELETROMECÂNICA DE CONJUNTO MOTO-BOMBA MAIOR QUE 100 CV E MENOR OU IGUAL A 200 CV. REINC_11/2021"},{"$f":"IF(C1401=0,\"\",VLOOKUP(C1401,BNCDADOS!$A:$G,3,0))","v":"UN "},2,{"$f":"IF(C1401=0,\"\",VLOOKUP(C1401,BNCDADOS!$A:$G,4,0))","v":778.93000000000006},{"$f":"IF(C1401=0,\"\",VLOOKUP(C1401,BNCDADOS!$A:$G,5,0))","v":963.45},{"$f":"IF(H1401=\"\",0,TRUNC(H1401*F1401,2))","v":1926.9},{"$f":"IF(C1401=0,\"\",VLOOKUP(C1401,BNCDADOS!$A:$G,6,0))","v":699.86},{"$f":"IF(C1401=0,\"\",VLOOKUP(C1401,BNCDADOS!$A:$G,7,0))","v":909.53},{"$f":"IF(K1401=\"\",0,TRUNC(K1401*F1401,2))","v":1819.06},{"$f":"SUMIF('MC - TRECHO 04'!A:A,Orçamento!A1401,'MC - TRECHO 04'!R:R)","v":2}]
["5.3.13",{"$f":"IF(C1402=0,\"\",VLOOKUP(C1402,BNCDADOS!$A:$G,8,0))","v":""},null,"INSTALAÇÕES HIDRAÚLICAS",{"$f":"IF(C1402=0,\"\",VLOOKUP(C1402,BNCDADOS!$A:$G,3,0))","v":""},{"$f":"TRUNC(M1402,2)","v":0},{"$f":"IF(C1402=0,\"\",VLOOKUP(C1402,BNCDADOS!$A:$G,4,0))","v":""},{"$f":"IF(C1402=0,\"\",VLOOKUP(C1402,BNCDADOS!$A:$G,5,0))","v":""},{"$f":"SUM(I1403:I1410)","v":951944.70000000007},{"$f":"IF(C1402=0,\"\",VLOOKUP(C1402,BNCDADOS!$A:$G,6,0))","v":""},{"$f":"IF(C1402=0,\"\",VLOOKUP(C1402,BNCDADOS!$A:$G,7,0))","v":""},{"$f":"SUM(L1403:L1410)","v":968245.75},0]
["5.3.13.1",{"$f":"IF(C1403=0,\"\",VLOOKUP(C1403,BNCDADOS!$A:$H,8,0))","v":"SINAPI/RN\nSERVIÇO"},103105,{"$f":"IF(C1403=0,\"\",VLOOKUP(C1403,BNCDADOS!$A:$G,2,0))","v":"ASSENTAMENTO DE CONEXÃO COM 2 ACESSOS, FERRO FUNDIDO PARA REDE DE ÁGUA, DN  80 MM, JUNTA FLANGEADA (NÃO INCLUI O FORNECIMENTO). AF_09/2021"},{"$f":"IF(C1403=0,\"\",VLOOKUP(C1403,BNCDADOS!$A:$G,3,0))","v":"UN"},13,{"$f":"IF(C1403=0,\"\",VLOOKUP(C1403,BNCDADOS!$A:$G,4,0))","v":"48,50"},{"$f":"IF(C1403=0,\"\",VLOOKUP(C1403,BNCDADOS!$A:$G,5,0))","v":59.98},{"$f":"IF(H1403=\"\",0,TRUNC(H1403*F1403,2))","v":779.74},{"$f":"IF(C1403=0,\"\",VLOOKUP(C1403,BNCDADOS!$A:$G,6,0))","v":"46,40"},{"$f":"IF(C1403=0,\"\",VLOOKUP(C1403,BNCDADOS!$A:$G,7,0))","v":60.3},{"$f":"IF(K1403=\"\",0,TRUNC(K1403*F1403,2))","v":783.9},{"$f":"SUMIF('MC - TRECHO 04'!A:A,Orçamento!A1403,'MC - TRECHO 04'!R:R)","v":13}]
["5.3.13.2",{"$f":"IF(C1404=0,\"\",VLOOKUP(C1404,BNCDADOS!$A:$H,8,0))","v":"SINAPI/RN\nSERVIÇO"},103107,{"$f":"IF(C1404=0,\"\",VLOOKUP(C1404,BNCDADOS!$A:$G,2,0))","v":"ASSENTAMENTO DE CONEXÃO COM 2 ACESSOS, FERRO FUNDIDO PARA REDE DE ÁGUA, DN  150 MM, JUNTA FLANGEADA (NÃO INCLUI O FORNECIMENTO). AF_09/2021"},{"$f":"IF(C1404=0,\"\",VLOOKUP(C1404,BNCDADOS!$A:$G,3,0))","v":"UN"},{"$f":"TRUNC(M1404,2)","v":35},{"$f":"IF(C1404=0,\"\",VLOOKUP(C1404,BNCDADOS!$A:$G,4,0))","v":"80,78"},{"$f":"IF(C1404=0,\"\",VLOOKUP(C1404,BNCDADOS!$A:$G,5,0))","v":99.91},{"$f":"IF(H1404=\"\",0,TRUNC(H1404*F1404,2))","v":3496.85},{"$f":"IF(C1404=0,\"\",VLOOKUP(C1404,BNCDADOS!$A:$G,6,0))","v":"76,96"},{"$f":"IF(C1404=0,\"\",VLOOKUP(C1404,BNCDADOS!$A:$G,7,0))","v":100.01},{"$f":"IF(K1404=\"\",0,TRUNC(K1404*F1404,2))","v":3500.35},{"$f":"SUMIF('MC - TRECHO 04'!A:A,Orçamento!A1404,'MC - TRECHO 04'!R:R)","v":35}]
["5.3.13.3",{"$f":"IF(C1405=0,\"\",VLOOKUP(C1405,BNCDADOS!$A:$H,8,0))","v":"SINAPI/RN\nSERVIÇO"},103108,{"$f":"IF(C1405=0,\"\",VLOOKUP(C1405,BNCDADOS!$A:$G,2,0))","v":"ASSENTAMENTO DE CONEXÃO COM 2 ACESSOS, FERRO FUNDIDO PARA REDE DE ÁGUA, DN  200 MM, JUNTA FLANGEADA (NÃO INCLUI O FORNECIMENTO). AF_09/2021"},{"$f":"IF(C1405=0,\"\",VLOOKUP(C1405,BNCDADOS!$A:$G,3,0))","v":"UN"},21,{"$f":"IF(C1405=0,\"\",VLOOKUP(C1405,BNCDADOS!$A:$G,4,0))","v":"103,84"},{"$f":"IF(C1405=0,\"\",VLOOKUP(C1405,BNCDADOS!$A:$G,5,0))","v":128.43},2697.03,{"$f":"IF(C1405=0,\"\",VLOOKUP(C1405,BNCDADOS!$A:$G,6,0))","v":"98,78"},{"$f":"IF(C1405=0,\"\",VLOOKUP(C1405,BNCDADOS!$A:$G,7,0))","v":128.37},2695.77,{"$f":"SUMIF('MC - TRECHO 04'!A:A,Orçamento!A1405,'MC - TRECHO 04'!R:R)","v":21}]
["5.3.13.4",{"$f":"IF(C1406=0,\"\",VLOOKUP(C1406,BNCDADOS!$A:$H,8,0))","v":"SINAPI/RN\nSERVIÇO"},103110,{"$f":"IF(C1406=0,\"\",VLOOKUP(C1406,BNCDADOS!$A:$G,2,0))","v":"ASSENTAMENTO DE CONEXÃO COM 2 ACESSOS, FERRO FUNDIDO PARA REDE DE ÁGUA, DN  300 MM, JUNTA FLANGEADA (NÃO INCLUI O FORNECIMENTO). AF_09/2021"},{"$f":"IF(C1406=0,\"\",VLOOKUP(C1406,BNCDADOS!$A:$G,3,0))","v":"UN"},2,{"$f":"IF(C1406=0,\"\",VLOOKUP(C1406,BNCDADOS!$A:$G,4,0))","v":"193,28"},{"$f":"IF(C1406=0,\"\",VLOOKUP(C1406,BNCDADOS!$A:$G,5,0))","v":239.06},478.12,{"$f":"IF(C1406=0,\"\",VLOOKUP(C1406,BNCDADOS!$A:$G,6,0))","v":"183,42"},{"$f":"IF(C1406=0,\"\",VLOOKUP(C1406,BNCDADOS!$A:$G,7,0))","v":238.37},476.74,{"$f":"SUMIF('MC - TRECHO 04'!A:A,Orçamento!A1406,'MC - TRECHO 04'!R:R)","v":2}]
["5.3.13.5",{"$f":"IF(C1407=0,\"\",VLOOKUP(C1407,BNCDADOS!$A:$H,8,0))","v":"SINAPI/RN\nSERVIÇO"},103112,{"$f":"IF(C1407=0,\"\",VLOOKUP(C1407,BNCDADOS!$A:$G,2,0))","v":"ASSENTAMENTO DE CONEXÃO COM 2 ACESSOS, FERRO FUNDIDO PARA REDE DE ÁGUA, DN  400 MM, JUNTA FLANGEADA (NÃO INCLUI O FORNECIMENTO). AF_09/2021"},{"$f":"IF(C1407=0,\"\",VLOOKUP(C1407,BNCDADOS!$A:$G,3,0))","v":"UN"},10,{"$f":"IF(C1407=0,\"\",VLOOKUP(C1407,BNCDADOS!$A:$G,4,0))","v":"282,71"},{"$f":"IF(C1407=0,\"\",VLOOKUP(C1407,BNCDADOS!$A:$G,5,0))","v":349.68},3496.8,{"$f":"IF(C1407=0,\"\",VLOOKUP(C1407,BNCDADOS!$A:$G,6,0))","v":"268,05"},{"$f":"IF(C1407=0,\"\",VLOOKUP(C1407,BNCDADOS!$A:$G,7,0))","v":348.35},3483.5,{"$f":"SUMIF('MC - TRECHO 04'!A:A,Orçamento!A1407,'MC - TRECHO 04'!R:R)","v":10}]
["5.3.13.6",{"$f":"IF(C1408=0,\"\",VLOOKUP(C1408,BNCDADOS!$A:$H,8,0))","v":0},"COMP 08",{"$f":"IF(C1408=0,\"\",VLOOKUP(C1408,BNCDADOS!$A:$G,2,0))","v":"CAIXA ENTERRADA PARA TRAVESSIAS PELO MÉTODO NÃO DESTRUTIVO, MEDINDO 6,60 X 5,40 M"},{"$f":"IF(C1408=0,\"\",VLOOKUP(C1408,BNCDADOS!$A:$G,3,0))","v":"UN"},7,{"$f":"IF(C1408=0,\"\",VLOOKUP(C1408,BNCDADOS!$A:$G,4,0))","v":108654.70000000001},{"$f":"IF(C1408=0,\"\",VLOOKUP(C1408,BNCDADOS!$A:$G,5,0))","v":134394.99},940764.93,{"$f":"IF(C1408=0,\"\",VLOOKUP(C1408,BNCDADOS!$A:$G,6,0))","v":105206.40000000002},{"$f":"IF(C1408=0,\"\",VLOOKUP(C1408,BNCDADOS!$A:$G,7,0))","v":136726.23000000001},957083.61,{"$f":"SUMIF('MC - TRECHO 04'!A:A,Orçamento!A1408,'MC - TRECHO 04'!R:R)","v":7}]
["5.3.13.7",{"$f":"IF(C1409=0,\"\",VLOOKUP(C1409,BNCDADOS!$A:$H,8,0))","v":"caern"},2060588,{"$f":"IF(C1409=0,\"\",VLOOKUP(C1409,BNCDADOS!$A:$G,2,0))","v":"ASSENTAMENTO DE REGISTRO DE GAVETA EM FERRO FUNDIDO COM FLANGES, DIAM. = 200MM A 300MM. INC_05/2020"},{"$f":"IF(C1409=0,\"\",VLOOKUP(C1409,BNCDADOS!$A:$G,3,0))","v":"UN "},4,{"$f":"IF(C1409=0,\"\",VLOOKUP(C1409,BNCDADOS!$A:$G,4,0))","v":32.520000000000003},{"$f":"IF(C1409=0,\"\",VLOOKUP(C1409,BNCDADOS!$A:$G,5,0))","v":40.22},{"$f":"IF(H1409=\"\",0,TRUNC(H1409*F1409,2))","v":160.88},{"$f":"IF(C1409=0,\"\",VLOOKUP(C1409,BNCDADOS!$A:$G,6,0))","v":29.2},{"$f":"IF(C1409=0,\"\",VLOOKUP(C1409,BNCDADOS!$A:$G,7,0))","v":37.94},{"$f":"IF(K1409=\"\",0,TRUNC(K1409*F1409,2))","v":151.76},{"$f":"SUMIF('MC - TRECHO 04'!A:A,Orçamento!A1409,'MC - TRECHO 04'!R:R)","v":4}]
["5.3.13.8",{"$f":"IF(C1410=0,\"\",VLOOKUP(C1410,BNCDADOS!$A:$H,8,0))","v":"caern"},2060589,{"$f":"IF(C1410=0,\"\",VLOOKUP(C1410,BNCDADOS!$A:$G,2,0))","v":"ASSENTAMENTO DE REGISTRO DE GAVETA EM FERRO FUNDIDO COM FLANGES, DIAM. = 350MM A 450MM. INC_05/2020"},{"$f":"IF(C1410=0,\"\",VLOOKUP(C1410,BNCDADOS!$A:$G,3,0))","v":"UN "},1,{"$f":"IF(C1410=0,\"\",VLOOKUP(C1410,BNCDADOS!$A:$G,4,0))","v":56.88},{"$f":"IF(C1410=0,\"\",VLOOKUP(C1410,BNCDADOS!$A:$G,5,0))","v":70.349999999999994},{"$f":"IF(H1410=\"\",0,TRUNC(H1410*F1410,2))","v":70.349999999999994},{"$f":"IF(C1410=0,\"\",VLOOKUP(C1410,BNCDADOS!$A:$G,6,0))","v":53.96},{"$f":"IF(C1410=0,\"\",VLOOKUP(C1410,BNCDADOS!$A:$G,7,0))","v":70.12},{"$f":"IF(K1410=\"\",0,TRUNC(K1410*F1410,2))","v":70.12},{"$f":"SUMIF('MC - TRECHO 04'!A:A,Orçamento!A1410,'MC - TRECHO 04'!R:R)","v":1}]
["5.3.14",{"$f":"IF(C1411=0,\"\",VLOOKUP(C1411,BNCDADOS!$A:$G,8,0))","v":""},null,"COMBATE A INCÊNDIO",{"$f":"IF(C1411=0,\"\",VLOOKUP(C1411,BNCDADOS!$A:$G,3,0))","v":""},{"$f":"TRUNC(M1411,2)","v":0},{"$f":"IF(C1411=0,\"\",VLOOKUP(C1411,BNCDADOS!$A:$G,4,0))","v":""},{"$f":"IF(C1411=0,\"\",VLOOKUP(C1411,BNCDADOS!$A:$G,5,0))","v":""},{"$f":"SUM(I1412:I1416)","v":3013.9599999999996},{"$f":"IF(C1411=0,\"\",VLOOKUP(C1411,BNCDADOS!$A:$G,6,0))","v":""},{"$f":"IF(C1411=0,\"\",VLOOKUP(C1411,BNCDADOS!$A:$G,7,0))","v":""},{"$f":"SUM(L1412:L1416)","v":3145.6600000000003},0]
["5.3.14.1",{"$f":"IF(C1412=0,\"\",VLOOKUP(C1412,BNCDADOS!$A:$H,8,0))","v":"SINAPI/RN\nSERVIÇO"},101907,{"$f":"IF(C1412=0,\"\",VLOOKUP(C1412,BNCDADOS!$A:$G,2,0))","v":"EXTINTOR DE INCÊNDIO PORTÁTIL COM CARGA DE CO2 DE 6 KG, CLASSE BC - FORNECIMENTO E INSTALAÇÃO. AF_10/2020_PE"},{"$f":"IF(C1412=0,\"\",VLOOKUP(C1412,BNCDADOS!$A:$G,3,0))","v":"UN"},2,{"$f":"IF(C1412=0,\"\",VLOOKUP(C1412,BNCDADOS!$A:$G,4,0))","v":"709,08"},{"$f":"IF(C1412=0,\"\",VLOOKUP(C1412,BNCDADOS!$A:$G,5,0))","v":877.06},{"$f":"IF(H1412=\"\",0,TRUNC(H1412*F1412,2))","v":1754.12},{"$f":"IF(C1412=0,\"\",VLOOKUP(C1412,BNCDADOS!$A:$G,6,0))","v":"706,91"},{"$f":"IF(C1412=0,\"\",VLOOKUP(C1412,BNCDADOS!$A:$G,7,0))","v":918.7},{"$f":"IF(K1412=\"\",0,TRUNC(K1412*F1412,2))","v":1837.4},{"$f":"SUMIF('MC - TRECHO 04'!A:A,Orçamento!A1412,'MC - TRECHO 04'!R:R)","v":2}]
["5.3.14.2",{"$f":"IF(C1413=0,\"\",VLOOKUP(C1413,BNCDADOS!$A:$H,8,0))","v":"SINAPI/RN\nSERVIÇO"},101911,{"$f":"IF(C1413=0,\"\",VLOOKUP(C1413,BNCDADOS!$A:$G,2,0))","v":"EXTINTOR DE INCÊNDIO PORTÁTIL COM CARGA DE PQS DE 12 KG, CLASSE BC - FORNECIMENTO E INSTALAÇÃO. AF_10/2020_PE"},{"$f":"IF(C1413=0,\"\",VLOOKUP(C1413,BNCDADOS!$A:$G,3,0))","v":"UN"},2,{"$f":"IF(C1413=0,\"\",VLOOKUP(C1413,BNCDADOS!$A:$G,4,0))","v":"339,15"},{"$f":"IF(C1413=0,\"\",VLOOKUP(C1413,BNCDADOS!$A:$G,5,0))","v":419.49},{"$f":"IF(H1413=\"\",0,TRUNC(H1413*F1413,2))","v":838.98},{"$f":"IF(C1413=0,\"\",VLOOKUP(C1413,BNCDADOS!$A:$G,6,0))","v":"336,98"},{"$f":"IF(C1413=0,\"\",VLOOKUP(C1413,BNCDADOS!$A:$G,7,0))","v":437.93},{"$f":"IF(K1413=\"\",0,TRUNC(K1413*F1413,2))","v":875.86},{"$f":"SUMIF('MC - TRECHO 04'!A:A,Orçamento!A1413,'MC - TRECHO 04'!R:R)","v":2}]
["5.3.14.3",{"$f":"IF(C1414=0,\"\",VLOOKUP(C1414,BNCDADOS!$A:$H,8,0))","v":"SINAPI/RN\nSERVIÇO"},97599,{"$f":"IF(C1414=0,\"\",VLOOKUP(C1414,BNCDADOS!$A:$G,2,0))","v":"LUMINÁRIA DE EMERGÊNCIA, COM 30 LÂMPADAS LED DE 2 W, SEM REATOR - FORNECIMENTO E INSTALAÇÃO. AF_02/2020"},{"$f":"IF(C1414=0,\"\",VLOOKUP(C1414,BNCDADOS!$A:$G,3,0))","v":"UN"},6,{"$f":"IF(C1414=0,\"\",VLOOKUP(C1414,BNCDADOS!$A:$G,4,0))","v":"21,60"},{"$f":"IF(C1414=0,\"\",VLOOKUP(C1414,BNCDADOS!$A:$G,5,0))","v":26.71},160.26,{"$f":"IF(C1414=0,\"\",VLOOKUP(C1414,BNCDADOS!$A:$G,6,0))","v":"20,87"},{"$f":"IF(C1414=0,\"\",VLOOKUP(C1414,BNCDADOS!$A:$G,7,0))","v":27.12},162.72,{"$f":"SUMIF('MC - TRECHO 04'!A:A,Orçamento!A1414,'MC - TRECHO 04'!R:R)","v":6}]
["5.3.14.4",{"$f":"IF(C1415=0,\"\",VLOOKUP(C1415,BNCDADOS!$A:$H,8,0))","v":0},"COMP 23",{"$f":"IF(C1415=0,\"\",VLOOKUP(C1415,BNCDADOS!$A:$G,2,0))","v":"FORNECIMENTO E INSTALAÇÃO DE PLACA DE INDICATIVA DE \"EXTINTOR\" EM PVC, DIM.: 20 X 20 CM"},{"$f":"IF(C1415=0,\"\",VLOOKUP(C1415,BNCDADOS!$A:$G,3,0))","v":"UN"},4,{"$f":"IF(C1415=0,\"\",VLOOKUP(C1415,BNCDADOS!$A:$G,4,0))","v":11.82},{"$f":"IF(C1415=0,\"\",VLOOKUP(C1415,BNCDADOS!$A:$G,5,0))","v":14.62},58.48,{"$f":"IF(C1415=0,\"\",VLOOKUP(C1415,BNCDADOS!$A:$G,6,0))","v":11.42},{"$f":"IF(C1415=0,\"\",VLOOKUP(C1415,BNCDADOS!$A:$G,7,0))","v":14.84},59.36,{"$f":"SUMIF('MC - TRECHO 04'!A:A,Orçamento!A1415,'MC - TRECHO 04'!R:R)","v":4}]
["5.3.14.5",{"$f":"IF(C1416=0,\"\",VLOOKUP(C1416,BNCDADOS!$A:$H,8,0))","v":0},"COMP 24",{"$f":"IF(C1416=0,\"\",VLOOKUP(C1416,BNCDADOS!$A:$G,2,0))","v":"FORNECIMENTO E INSTALAÇÃO DE PLACA DE SINALIZACAO DE SEGURANCA CONTRA INCENDIO, FOTOLUMINESCENTE, RETANGULAR, *12 X 40* CM, EM PVC *2* MM ANTI-CHAMAS (SIMBOLOS, CORES E PICTOGRAMAS CONFORME NBR 16820)"},{"$f":"IF(C1416=0,\"\",VLOOKUP(C1416,BNCDADOS!$A:$G,3,0))","v":"UN"},4,{"$f":"IF(C1416=0,\"\",VLOOKUP(C1416,BNCDADOS!$A:$G,4,0))","v":40.86},{"$f":"IF(C1416=0,\"\",VLOOKUP(C1416,BNCDADOS!$A:$G,5,0))","v":50.53},202.12,{"$f":"IF(C1416=0,\"\",VLOOKUP(C1416,BNCDADOS!$A:$G,6,0))","v":40.46},{"$f":"IF(C1416=0,\"\",VLOOKUP(C1416,BNCDADOS!$A:$G,7,0))","v":52.58},210.32,{"$f":"SUMIF('MC - TRECHO 04'!A:A,Orçamento!A1416,'MC - TRECHO 04'!R:R)","v":4}]
["5.3.15",{"$f":"IF(C1417=0,\"\",VLOOKUP(C1417,BNCDADOS!$A:$G,8,0))","v":""},null,"DIVERSOS",{"$f":"IF(C1417=0,\"\",VLOOKUP(C1417,BNCDADOS!$A:$G,3,0))","v":""},0,{"$f":"IF(C1417=0,\"\",VLOOKUP(C1417,BNCDADOS!$A:$G,4,0))","v":""},{"$f":"IF(C1417=0,\"\",VLOOKUP(C1417,BNCDADOS!$A:$G,5,0))","v":""},{"$f":"SUM(I1418:I1422)","v":604822.12999999989},{"$f":"IF(C1417=0,\"\",VLOOKUP(C1417,BNCDADOS!$A:$G,6,0))","v":""},{"$f":"IF(C1417=0,\"\",VLOOKUP(C1417,BNCDADOS!$A:$G,7,0))","v":""},{"$f":"SUM(L1418:L1422)","v":633886.85},0]
["5.3.15.1",{"$f":"IF(C1418=0,\"\",VLOOKUP(C1418,BNCDADOS!$A:$H,8,0))","v":"SINAPI/RN\nSERVIÇO"},100763,{"$f":"IF(C1418=0,\"\",VLOOKUP(C1418,BNCDADOS!$A:$G,2,0))","v":"VIGA METÁLICA EM PERFIL LAMINADO OU SOLDADO EM AÇO ESTRUTURAL, COM CONEXÕES PARAFUSADAS, INCLUSOS MÃO DE OBRA, TRANSPORTE E IÇAMENTO UTILIZANDO GUINDASTE - FORNECIMENTO E INSTALAÇÃO. AF_01/2020_PSA"},{"$f":"IF(C1418=0,\"\",VLOOKUP(C1418,BNCDADOS!$A:$G,3,0))","v":"KG"},5555,{"$f":"IF(C1418=0,\"\",VLOOKUP(C1418,BNCDADOS!$A:$G,4,0))","v":"15,89"},{"$f":"IF(C1418=0,\"\",VLOOKUP(C1418,BNCDADOS!$A:$G,5,0))","v":19.649999999999999},{"$f":"IF(H1418=\"\",0,TRUNC(H1418*F1418,2))","v":109155.75},{"$f":"IF(C1418=0,\"\",VLOOKUP(C1418,BNCDADOS!$A:$G,6,0))","v":"15,74"},{"$f":"IF(C1418=0,\"\",VLOOKUP(C1418,BNCDADOS!$A:$G,7,0))","v":20.45},{"$f":"IF(K1418=\"\",0,TRUNC(K1418*F1418,2))","v":113599.75},{"$f":"SUMIF('MC - TRECHO 04'!A:A,Orçamento!A1418,'MC - TRECHO 04'!R:R)","v":5555}]
["5.3.15.2",{"$f":"IF(C1419=0,\"\",VLOOKUP(C1419,BNCDADOS!$A:$H,8,0))","v":0},"COMP 22",{"$f":"IF(C1419=0,\"\",VLOOKUP(C1419,BNCDADOS!$A:$G,2,0))","v":"FORNECIMENTO E INSTALAÇÃO DE PONTE ROLANTE COM ACESSÓRIOS PARA VÃO ATÉ 15M E TALHA ELÉTRICA COM CAPACIDADE 5T"},{"$f":"IF(C1419=0,\"\",VLOOKUP(C1419,BNCDADOS!$A:$G,3,0))","v":"UN"},1,{"$f":"IF(C1419=0,\"\",VLOOKUP(C1419,BNCDADOS!$A:$G,4,0))","v":341539.69999999995},{"$f":"IF(C1419=0,\"\",VLOOKUP(C1419,BNCDADOS!$A:$G,5,0))","v":422450.45},{"$f":"IF(H1419=\"\",0,TRUNC(H1419*F1419,2))","v":422450.45},{"$f":"IF(C1419=0,\"\",VLOOKUP(C1419,BNCDADOS!$A:$G,6,0))","v":341539.69999999995},{"$f":"IF(C1419=0,\"\",VLOOKUP(C1419,BNCDADOS!$A:$G,7,0))","v":443864.99},{"$f":"IF(K1419=\"\",0,TRUNC(K1419*F1419,2))","v":443864.99},{"$f":"SUMIF('MC - TRECHO 04'!A:A,Orçamento!A1419,'MC - TRECHO 04'!R:R)","v":1}]
["5.3.15.3",{"$f":"IF(C1420=0,\"\",VLOOKUP(C1420,BNCDADOS!$A:$H,8,0))","v":"caern"},2220067,{"$f":"IF(C1420=0,\"\",VLOOKUP(C1420,BNCDADOS!$A:$G,2,0))","v":"GUARDA CORPO EM FIBRA DE VIDRO COM PERFIS PULTRUDADOS PINTADOS EM ESMALTE PU ACRÍLICO E SISTEMA DE ANCORAGEM EM AÇO INOXIDÁVEL AISI304 - H=1,10M. R_11/2021"},{"$f":"IF(C1420=0,\"\",VLOOKUP(C1420,BNCDADOS!$A:$G,3,0))","v":"M"},{"$f":"TRUNC(M1420,2)","v":21.2},{"$f":"IF(C1420=0,\"\",VLOOKUP(C1420,BNCDADOS!$A:$G,4,0))","v":531.84999999999991},{"$f":"IF(C1420=0,\"\",VLOOKUP(C1420,BNCDADOS!$A:$G,5,0))","v":657.84},{"$f":"IF(H1420=\"\",0,TRUNC(H1420*F1420,2))","v":13946.2},{"$f":"IF(C1420=0,\"\",VLOOKUP(C1420,BNCDADOS!$A:$G,6,0))","v":526.28},{"$f":"IF(C1420=0,\"\",VLOOKUP(C1420,BNCDADOS!$A:$G,7,0))","v":683.95},{"$f":"IF(K1420=\"\",0,TRUNC(K1420*F1420,2))","v":14499.74},{"$f":"SUMIF('MC - TRECHO 04'!A:A,Orçamento!A1420,'MC - TRECHO 04'!R:R)","v":21.2}]
["5.3.15.4",{"$f":"IF(C1421=0,\"\",VLOOKUP(C1421,BNCDADOS!$A:$H,8,0))","v":"caern"},2220066,{"$f":"IF(C1421=0,\"\",VLOOKUP(C1421,BNCDADOS!$A:$G,2,0))","v":"ESCADA DE MARINHEIRO EM FIBRA DE VIDRO PULTRUDADA, PERFIL QUADRADO, PINTURA PROTETORA CONTRA RAIOS UV, COM GUARDA CORPO. R_11/2021"},{"$f":"IF(C1421=0,\"\",VLOOKUP(C1421,BNCDADOS!$A:$G,3,0))","v":"M"},19.3,{"$f":"IF(C1421=0,\"\",VLOOKUP(C1421,BNCDADOS!$A:$G,4,0))","v":1777.21},{"$f":"IF(C1421=0,\"\",VLOOKUP(C1421,BNCDADOS!$A:$G,5,0))","v":2198.23},{"$f":"IF(H1421=\"\",0,TRUNC(H1421*F1421,2))","v":42425.83},{"$f":"IF(C1421=0,\"\",VLOOKUP(C1421,BNCDADOS!$A:$G,6,0))","v":1766.07},{"$f":"IF(C1421=0,\"\",VLOOKUP(C1421,BNCDADOS!$A:$G,7,0))","v":2295.1799999999998},{"$f":"IF(K1421=\"\",0,TRUNC(K1421*F1421,2))","v":44296.97},{"$f":"SUMIF('MC - TRECHO 04'!A:A,Orçamento!A1421,'MC - TRECHO 04'!R:R)","v":19.3}]
["5.3.15.5",{"$f":"IF(C1422=0,\"\",VLOOKUP(C1422,BNCDADOS!$A:$H,8,0))","v":"caern"},2220065,{"$f":"IF(C1422=0,\"\",VLOOKUP(C1422,BNCDADOS!$A:$G,2,0))","v":"ESCADA DE MARINHEIRO EM FIBRA DE VIDRO PULTRUDADA, PERFIL QUADRADO, PINTURA PROTETORA CONTRA RAIOS UV, SEM GUARDA CORPO. R_11/2021"},{"$f":"IF(C1422=0,\"\",VLOOKUP(C1422,BNCDADOS!$A:$G,3,0))","v":"M"},10,{"$f":"IF(C1422=0,\"\",VLOOKUP(C1422,BNCDADOS!$A:$G,4,0))","v":1361.79},{"$f":"IF(C1422=0,\"\",VLOOKUP(C1422,BNCDADOS!$A:$G,5,0))","v":1684.39},{"$f":"IF(H1422=\"\",0,TRUNC(H1422*F1422,2))","v":16843.900000000001},{"$f":"IF(C1422=0,\"\",VLOOKUP(C1422,BNCDADOS!$A:$G,6,0))","v":1356.22},{"$f":"IF(C1422=0,\"\",VLOOKUP(C1422,BNCDADOS!$A:$G,7,0))","v":1762.54},{"$f":"IF(K1422=\"\",0,TRUNC(K1422*F1422,2))","v":17625.400000000001},{"$f":"SUMIF('MC - TRECHO 04'!A:A,Orçamento!A1422,'MC - TRECHO 04'!R:R)","v":10}]
[{"$nulls":12},0]
["5.4",null,null,"SERVIÇOS_RESERVATÓRIO APOIADO (RAP)_SANTO ANTÔNIO",{"$nulls":4},{"$f":"SUM(I1425,I1435,I1448,I1463,I1469,I1471,I1475,I1479,I1484,I1493)","v":1888058.8099999998},null,null,{"$f":"SUM(L1425,L1435,L1448,L1463,L1469,L1471,L1475,L1479,L1484,L1493)","v":1942516.2499999995},0]
["5.4.1",{"$f":"IF(C1425=0,\"\",VLOOKUP(C1425,BNCDADOS!$A:$G,8,0))","v":""},null,"SERVIÇOS PRELIMINARES",{"$f":"IF(C1425=0,\"\",VLOOKUP(C1425,BNCDADOS!$A:$G,3,0))","v":""},{"$f":"TRUNC(M1425,2)","v":0},{"$f":"IF(C1425=0,\"\",VLOOKUP(C1425,BNCDADOS!$A:$G,4,0))","v":""},{"$f":"IF(C1425=0,\"\",VLOOKUP(C1425,BNCDADOS!$A:$G,5,0))","v":""},{"$f":"SUM(I1426:I1434)","v":184209.38},{"$f":"IF(C1425=0,\"\",VLOOKUP(C1425,BNCDADOS!$A:$G,6,0))","v":""},{"$f":"IF(C1425=0,\"\",VLOOKUP(C1425,BNCDADOS!$A:$G,7,0))","v":""},{"$f":"SUM(L1426:L1434)","v":188298.03999999998},0]
["5.4.1.1",{"$f":"IF(C1426=0,\"\",VLOOKUP(C1426,BNCDADOS!$A:$H,8,0))","v":"SINAPI/RN\nSERVIÇO"},98525,{"$f":"IF(C1426=0,\"\",VLOOKUP(C1426,BNCDADOS!$A:$G,2,0))","v":"LIMPEZA MECANIZADA DE CAMADA VEGETAL, VEGETAÇÃO E PEQUENAS ÁRVORES (DIÂMETRO DE TRONCO MENOR QUE 0,20 M), COM TRATOR DE ESTEIRAS. AF_03/2024"},{"$f":"IF(C1426=0,\"\",VLOOKUP(C1426,BNCDADOS!$A:$G,3,0))","v":"M2"},2000,{"$f":"IF(C1426=0,\"\",VLOOKUP(C1426,BNCDADOS!$A:$G,4,0))","v":"0,61"},{"$f":"IF(C1426=0,\"\",VLOOKUP(C1426,BNCDADOS!$A:$G,5,0))","v":0.75},{"$f":"IF(H1426=\"\",0,TRUNC(H1426*F1426,2))","v":1500},{"$f":"IF(C1426=0,\"\",VLOOKUP(C1426,BNCDADOS!$A:$G,6,0))","v":"0,58"},{"$f":"IF(C1426=0,\"\",VLOOKUP(C1426,BNCDADOS!$A:$G,7,0))","v":0.75},{"$f":"IF(K1426=\"\",0,TRUNC(K1426*F1426,2))","v":1500},{"$f":"SUMIF('MC - TRECHO 04'!A:A,Orçamento!A1426,'MC - TRECHO 04'!R:R)","v":2000}]
["5.4.1.2",{"$f":"IF(C1427=0,\"\",VLOOKUP(C1427,BNCDADOS!$A:$H,8,0))","v":"SINAPI/RN\nSERVIÇO"},98527,{"$f":"IF(C1427=0,\"\",VLOOKUP(C1427,BNCDADOS!$A:$G,2,0))","v":"REMOÇÃO DE RAÍZES REMANESCENTES DE TRONCO DE ÁRVORE COM DIÂMETRO MAIOR OU IGUAL A 0,40 M E MENOR QUE 0,60 M. AF_03/2024"},{"$f":"IF(C1427=0,\"\",VLOOKUP(C1427,BNCDADOS!$A:$G,3,0))","v":"UN"},100,{"$f":"IF(C1427=0,\"\",VLOOKUP(C1427,BNCDADOS!$A:$G,4,0))","v":"209,89"},{"$f":"IF(C1427=0,\"\",VLOOKUP(C1427,BNCDADOS!$A:$G,5,0))","v":259.61},25961,{"$f":"IF(C1427=0,\"\",VLOOKUP(C1427,BNCDADOS!$A:$G,6,0))","v":"195,46"},{"$f":"IF(C1427=0,\"\",VLOOKUP(C1427,BNCDADOS!$A:$G,7,0))","v":254.01},25401,{"$f":"SUMIF('MC - TRECHO 04'!A:A,Orçamento!A1427,'MC - TRECHO 04'!R:R)","v":100}]
["5.4.1.3",{"$f":"IF(C1428=0,\"\",VLOOKUP(C1428,BNCDADOS!$A:$H,8,0))","v":"SINAPI/RN\nSERVIÇO"},100982,{"$f":"IF(C1428=0,\"\",VLOOKUP(C1428,BNCDADOS!$A:$G,2,0))","v":"CARGA, MANOBRA E DESCARGA DE ENTULHO EM CAMINHÃO BASCULANTE 10 M³ - CARGA COM ESCAVADEIRA HIDRÁULICA  (CAÇAMBA DE 0,80 M³ / 111 HP) E DESCARGA LIVRE (UNIDADE: M3). AF_07/2020"},{"$f":"IF(C1428=0,\"\",VLOOKUP(C1428,BNCDADOS!$A:$G,3,0))","v":"M3"},1000,{"$f":"IF(C1428=0,\"\",VLOOKUP(C1428,BNCDADOS!$A:$G,4,0))","v":"9,22"},{"$f":"IF(C1428=0,\"\",VLOOKUP(C1428,BNCDADOS!$A:$G,5,0))","v":11.4},11400,{"$f":"IF(C1428=0,\"\",VLOOKUP(C1428,BNCDADOS!$A:$G,6,0))","v":"9,04"},{"$f":"IF(C1428=0,\"\",VLOOKUP(C1428,BNCDADOS!$A:$G,7,0))","v":11.74},11740,{"$f":"SUMIF('MC - TRECHO 04'!A:A,Orçamento!A1428,'MC - TRECHO 04'!R:R)","v":1000}]
["5.4.1.4",{"$f":"IF(C1429=0,\"\",VLOOKUP(C1429,BNCDADOS!$A:$H,8,0))","v":"SINAPI/RN\nSERVIÇO"},93591,{"$f":"IF(C1429=0,\"\",VLOOKUP(C1429,BNCDADOS!$A:$G,2,0))","v":"TRANSPORTE COM CAMINHÃO BASCULANTE DE 14 M³, EM VIA URBANA EM LEITO NATURAL (UNIDADE: M3XKM). AF_07/2020"},{"$f":"IF(C1429=0,\"\",VLOOKUP(C1429,BNCDADOS!$A:$G,3,0))","v":"M3XKM"},6300,{"$f":"IF(C1429=0,\"\",VLOOKUP(C1429,BNCDADOS!$A:$G,4,0))","v":"2,83"},{"$f":"IF(C1429=0,\"\",VLOOKUP(C1429,BNCDADOS!$A:$G,5,0))","v":3.5},22050,{"$f":"IF(C1429=0,\"\",VLOOKUP(C1429,BNCDADOS!$A:$G,6,0))","v":"2,80"},{"$f":"IF(C1429=0,\"\",VLOOKUP(C1429,BNCDADOS!$A:$G,7,0))","v":3.63},22869,{"$f":"SUMIF('MC - TRECHO 04'!A:A,Orçamento!A1429,'MC - TRECHO 04'!R:R)","v":6300}]
["5.4.1.5",{"$f":"IF(C1430=0,\"\",VLOOKUP(C1430,BNCDADOS!$A:$H,8,0))","v":"SINAPI/RN\nSERVIÇO"},93592,{"$f":"IF(C1430=0,\"\",VLOOKUP(C1430,BNCDADOS!$A:$G,2,0))","v":"TRANSPORTE COM CAMINHÃO BASCULANTE DE 14 M³, EM VIA URBANA EM REVESTIMENTO PRIMÁRIO (UNIDADE: M3XKM). AF_07/2020"},{"$f":"IF(C1430=0,\"\",VLOOKUP(C1430,BNCDADOS!$A:$G,3,0))","v":"M3XKM"},12600,{"$f":"IF(C1430=0,\"\",VLOOKUP(C1430,BNCDADOS!$A:$G,4,0))","v":"2,45"},{"$f":"IF(C1430=0,\"\",VLOOKUP(C1430,BNCDADOS!$A:$G,5,0))","v":3.03},38178,{"$f":"IF(C1430=0,\"\",VLOOKUP(C1430,BNCDADOS!$A:$G,6,0))","v":"2,42"},{"$f":"IF(C1430=0,\"\",VLOOKUP(C1430,BNCDADOS!$A:$G,7,0))","v":3.14},39564,{"$f":"SUMIF('MC - TRECHO 04'!A:A,Orçamento!A1430,'MC - TRECHO 04'!R:R)","v":12600}]
["5.4.1.6",{"$f":"IF(C1431=0,\"\",VLOOKUP(C1431,BNCDADOS!$A:$H,8,0))","v":"SINAPI/RN\nSERVIÇO"},98459,{"$f":"IF(C1431=0,\"\",VLOOKUP(C1431,BNCDADOS!$A:$G,2,0))","v":"TAPUME COM TELHA METÁLICA. AF_03/2024"},{"$f":"IF(C1431=0,\"\",VLOOKUP(C1431,BNCDADOS!$A:$G,3,0))","v":"M2"},396,{"$f":"IF(C1431=0,\"\",VLOOKUP(C1431,BNCDADOS!$A:$G,4,0))","v":"101,37"},{"$f":"IF(C1431=0,\"\",VLOOKUP(C1431,BNCDADOS!$A:$G,5,0))","v":125.38},49650.48,{"$f":"IF(C1431=0,\"\",VLOOKUP(C1431,BNCDADOS!$A:$G,6,0))","v":"98,15"},{"$f":"IF(C1431=0,\"\",VLOOKUP(C1431,BNCDADOS!$A:$G,7,0))","v":127.55},50509.8,{"$f":"SUMIF('MC - TRECHO 04'!A:A,Orçamento!A1431,'MC - TRECHO 04'!R:R)","v":396}]
["5.4.1.7",{"$f":"IF(C1432=0,\"\",VLOOKUP(C1432,BNCDADOS!$A:$H,8,0))","v":"SINAPI/RN\nSERVIÇO"},99059,{"$f":"IF(C1432=0,\"\",VLOOKUP(C1432,BNCDADOS!$A:$G,2,0))","v":"LOCAÇÃO CONVENCIONAL DE OBRA, UTILIZANDO GABARITO DE TÁBUAS CORRIDAS PONTALETADAS A CADA 2,00M -  2 UTILIZAÇÕES. AF_03/2024"},{"$f":"IF(C1432=0,\"\",VLOOKUP(C1432,BNCDADOS!$A:$G,3,0))","v":"M"},114,{"$f":"IF(C1432=0,\"\",VLOOKUP(C1432,BNCDADOS!$A:$G,4,0))","v":"68,49"},{"$f":"IF(C1432=0,\"\",VLOOKUP(C1432,BNCDADOS!$A:$G,5,0))","v":84.71},9656.94,{"$f":"IF(C1432=0,\"\",VLOOKUP(C1432,BNCDADOS!$A:$G,6,0))","v":"64,82"},{"$f":"IF(C1432=0,\"\",VLOOKUP(C1432,BNCDADOS!$A:$G,7,0))","v":84.24},9603.36,{"$f":"SUMIF('MC - TRECHO 04'!A:A,Orçamento!A1432,'MC - TRECHO 04'!R:R)","v":114}]
["5.4.1.8",{"$f":"IF(C1433=0,\"\",VLOOKUP(C1433,BNCDADOS!$A:$H,8,0))","v":0},"COMP 13",{"$f":"IF(C1433=0,\"\",VLOOKUP(C1433,BNCDADOS!$A:$G,2,0))","v":"LOCAÇÃO DE CONTÊINER ALMOXARIFADO COM PISO NAVAL - 6,00M X 2,35M - PARA USO EM CANTEIRO DE OBRAS"},{"$f":"IF(C1433=0,\"\",VLOOKUP(C1433,BNCDADOS!$A:$G,3,0))","v":"UM X MÊS"},16,{"$f":"IF(C1433=0,\"\",VLOOKUP(C1433,BNCDADOS!$A:$G,4,0))","v":800.6},{"$f":"IF(C1433=0,\"\",VLOOKUP(C1433,BNCDADOS!$A:$G,5,0))","v":990.26},15844.16,{"$f":"IF(C1433=0,\"\",VLOOKUP(C1433,BNCDADOS!$A:$G,6,0))","v":800.6},{"$f":"IF(C1433=0,\"\",VLOOKUP(C1433,BNCDADOS!$A:$G,7,0))","v":1040.45},16647.2,{"$f":"SUMIF('MC - TRECHO 04'!A:A,Orçamento!A1433,'MC - TRECHO 04'!R:R)","v":16}]
["5.4.1.9",{"$f":"IF(C1434=0,\"\",VLOOKUP(C1434,BNCDADOS!$A:$H,8,0))","v":0},"COMP 01",{"$f":"IF(C1434=0,\"\",VLOOKUP(C1434,BNCDADOS!$A:$G,2,0))","v":"CANTEIRO ITINERANTE COMPOSTO DE TOLDO, CONJUNTO DE MESA E CADEIRAS E BANHEIRO QUÍMICO COM LIMPEZA DIÁRIA INCLUSO COLETA E DESTINAÇÃO FINAL DE EFLUENTES"},{"$f":"IF(C1434=0,\"\",VLOOKUP(C1434,BNCDADOS!$A:$G,3,0))","v":"UN"},8,{"$f":"IF(C1434=0,\"\",VLOOKUP(C1434,BNCDADOS!$A:$G,4,0))","v":1007.4399999999999},{"$f":"IF(C1434=0,\"\",VLOOKUP(C1434,BNCDADOS!$A:$G,5,0))","v":1246.0999999999999},9968.7999999999993,{"$f":"IF(C1434=0,\"\",VLOOKUP(C1434,BNCDADOS!$A:$G,6,0))","v":1006.4399999999999},{"$f":"IF(C1434=0,\"\",VLOOKUP(C1434,BNCDADOS!$A:$G,7,0))","v":1307.96},10463.68,{"$f":"SUMIF('MC - TRECHO 04'!A:A,Orçamento!A1434,'MC - TRECHO 04'!R:R)","v":8}]
["5.4.2",{"$f":"IF(C1435=0,\"\",VLOOKUP(C1435,BNCDADOS!$A:$G,8,0))","v":""},null,"TRABALHOS EM TERRA",{"$f":"IF(C1435=0,\"\",VLOOKUP(C1435,BNCDADOS!$A:$G,3,0))","v":""},0,{"$f":"IF(C1435=0,\"\",VLOOKUP(C1435,BNCDADOS!$A:$G,4,0))","v":""},{"$f":"IF(C1435=0,\"\",VLOOKUP(C1435,BNCDADOS!$A:$G,5,0))","v":""},{"$f":"SUM(I1437:I1447)","v":241129.17999999996},{"$f":"IF(C1435=0,\"\",VLOOKUP(C1435,BNCDADOS!$A:$G,6,0))","v":""},{"$f":"IF(C1435=0,\"\",VLOOKUP(C1435,BNCDADOS!$A:$G,7,0))","v":""},{"$f":"SUM(L1437:L1447)","v":248387.1},0]
[null,{"$f":"IF(C1436=0,\"\",VLOOKUP(C1436,BNCDADOS!$A:$G,8,0))","v":""},null,"ATERRO DA ÁREA",{"$f":"IF(C1436=0,\"\",VLOOKUP(C1436,BNCDADOS!$A:$G,3,0))","v":""},0,{"$f":"IF(C1436=0,\"\",VLOOKUP(C1436,BNCDADOS!$A:$G,4,0))","v":""},{"$nulls":5},0]
["5.4.2.1",{"$f":"IF(C1437=0,\"\",VLOOKUP(C1437,BNCDADOS!$A:$H,8,0))","v":"SINAPI/RN\nSERVIÇO"},96385,{"$f":"IF(C1437=0,\"\",VLOOKUP(C1437,BNCDADOS!$A:$G,2,0))","v":"EXECUÇÃO E COMPACTAÇÃO DE ATERRO COM SOLO PREDOMINANTEMENTE ARGILOSO - EXCLUSIVE SOLO, ESCAVAÇÃO, CARGA E TRANSPORTE. AF_11/2019"},{"$f":"IF(C1437=0,\"\",VLOOKUP(C1437,BNCDADOS!$A:$G,3,0))","v":"M3"},2240.8000000000002,{"$f":"IF(C1437=0,\"\",VLOOKUP(C1437,BNCDADOS!$A:$G,4,0))","v":"11,83"},{"$f":"IF(C1437=0,\"\",VLOOKUP(C1437,BNCDADOS!$A:$G,5,0))","v":14.63},{"$f":"IF(H1437=\"\",0,TRUNC(H1437*F1437,2))","v":32782.9},{"$f":"IF(C1437=0,\"\",VLOOKUP(C1437,BNCDADOS!$A:$G,6,0))","v":"11,38"},{"$f":"IF(C1437=0,\"\",VLOOKUP(C1437,BNCDADOS!$A:$G,7,0))","v":14.78},{"$f":"IF(K1437=\"\",0,TRUNC(K1437*F1437,2))","v":33119.019999999997},{"$f":"SUMIF('MC - TRECHO 04'!A:A,Orçamento!A1437,'MC - TRECHO 04'!R:R)","v":2240.8000000000002}]
["5.4.2.2",{"$f":"IF(C1438=0,\"\",VLOOKUP(C1438,BNCDADOS!$A:$H,8,0))","v":"SINAPI/RN\nSERVIÇO"},101232,{"$f":"IF(C1438=0,\"\",VLOOKUP(C1438,BNCDADOS!$A:$G,2,0))","v":"ESCAVAÇÃO VERTICAL PARA INFRAESTRUTURA, COM CARGA, DESCARGA E TRANSPORTE DE SOLO DE 1ª CATEGORIA, COM ESCAVADEIRA HIDRÁULICA (CAÇAMBA: 1,2 M³ / 155 HP), FROTA DE 3 CAMINHÕES BASCULANTES DE 14 M³, DMT ATÉ 1 KM E VELOCIDADE MÉDIA14 KM/H. AF_05/2020"},{"$f":"IF(C1438=0,\"\",VLOOKUP(C1438,BNCDADOS!$A:$G,3,0))","v":"M3"},2240.8000000000002,{"$f":"IF(C1438=0,\"\",VLOOKUP(C1438,BNCDADOS!$A:$G,4,0))","v":"9,80"},{"$f":"IF(C1438=0,\"\",VLOOKUP(C1438,BNCDADOS!$A:$G,5,0))","v":12.12},27158.49,{"$f":"IF(C1438=0,\"\",VLOOKUP(C1438,BNCDADOS!$A:$G,6,0))","v":"9,66"},{"$f":"IF(C1438=0,\"\",VLOOKUP(C1438,BNCDADOS!$A:$G,7,0))","v":12.55},28122.04,{"$f":"SUMIF('MC - TRECHO 04'!A:A,Orçamento!A1438,'MC - TRECHO 04'!R:R)","v":2240.8000000000002}]
["5.4.2.3",{"$f":"IF(C1439=0,\"\",VLOOKUP(C1439,BNCDADOS!$A:$H,8,0))","v":"SINAPI/RN\nSERVIÇO"},93591,{"$f":"IF(C1439=0,\"\",VLOOKUP(C1439,BNCDADOS!$A:$G,2,0))","v":"TRANSPORTE COM CAMINHÃO BASCULANTE DE 14 M³, EM VIA URBANA EM LEITO NATURAL (UNIDADE: M3XKM). AF_07/2020"},{"$f":"IF(C1439=0,\"\",VLOOKUP(C1439,BNCDADOS!$A:$G,3,0))","v":"M3XKM"},13444.8,{"$f":"IF(C1439=0,\"\",VLOOKUP(C1439,BNCDADOS!$A:$G,4,0))","v":"2,83"},{"$f":"IF(C1439=0,\"\",VLOOKUP(C1439,BNCDADOS!$A:$G,5,0))","v":3.5},47056.800000000003,{"$f":"IF(C1439=0,\"\",VLOOKUP(C1439,BNCDADOS!$A:$G,6,0))","v":"2,80"},{"$f":"IF(C1439=0,\"\",VLOOKUP(C1439,BNCDADOS!$A:$G,7,0))","v":3.63},48804.62,{"$f":"SUMIF('MC - TRECHO 04'!A:A,Orçamento!A1439,'MC - TRECHO 04'!R:R)","v":13444.8}]
["5.4.2.4",{"$f":"IF(C1440=0,\"\",VLOOKUP(C1440,BNCDADOS!$A:$H,8,0))","v":"SINAPI/RN\nSERVIÇO"},93592,{"$f":"IF(C1440=0,\"\",VLOOKUP(C1440,BNCDADOS!$A:$G,2,0))","v":"TRANSPORTE COM CAMINHÃO BASCULANTE DE 14 M³, EM VIA URBANA EM REVESTIMENTO PRIMÁRIO (UNIDADE: M3XKM). AF_07/2020"},{"$f":"IF(C1440=0,\"\",VLOOKUP(C1440,BNCDADOS!$A:$G,3,0))","v":"M3XKM"},26889.599999999999,{"$f":"IF(C1440=0,\"\",VLOOKUP(C1440,BNCDADOS!$A:$G,4,0))","v":"2,45"},{"$f":"IF(C1440=0,\"\",VLOOKUP(C1440,BNCDADOS!$A:$G,5,0))","v":3.03},81475.48,{"$f":"IF(C1440=0,\"\",VLOOKUP(C1440,BNCDADOS!$A:$G,6,0))","v":"2,42"},{"$f":"IF(C1440=0,\"\",VLOOKUP(C1440,BNCDADOS!$A:$G,7,0))","v":3.14},84433.34,{"$f":"SUMIF('MC - TRECHO 04'!A:A,Orçamento!A1440,'MC - TRECHO 04'!R:R)","v":26889.599999999999}]
["5.4.2.5",{"$f":"IF(C1441=0,\"\",VLOOKUP(C1441,BNCDADOS!$A:$H,8,0))","v":"SINAPI/RN\nSERVIÇO"},98520,{"$f":"IF(C1441=0,\"\",VLOOKUP(C1441,BNCDADOS!$A:$G,2,0))","v":"APLICAÇÃO DE ADUBO EM SOLO. AF_07/2024"},{"$f":"IF(C1441=0,\"\",VLOOKUP(C1441,BNCDADOS!$A:$G,3,0))","v":"M2"},160,{"$f":"IF(C1441=0,\"\",VLOOKUP(C1441,BNCDADOS!$A:$G,4,0))","v":"6,22"},{"$f":"IF(C1441=0,\"\",VLOOKUP(C1441,BNCDADOS!$A:$G,5,0))","v":7.69},1230.4000000000001,{"$f":"IF(C1441=0,\"\",VLOOKUP(C1441,BNCDADOS!$A:$G,6,0))","v":"6,09"},{"$f":"IF(C1441=0,\"\",VLOOKUP(C1441,BNCDADOS!$A:$G,7,0))","v":7.91},1265.5999999999999,{"$f":"SUMIF('MC - TRECHO 04'!A:A,Orçamento!A1441,'MC - TRECHO 04'!R:R)","v":160}]
["5.4.2.6",{"$f":"IF(C1442=0,\"\",VLOOKUP(C1442,BNCDADOS!$A:$H,8,0))","v":"SINAPI/RN\nSERVIÇO"},98504,{"$f":"IF(C1442=0,\"\",VLOOKUP(C1442,BNCDADOS!$A:$G,2,0))","v":"PLANTIO DE GRAMA BATATAIS EM PLACAS. AF_07/2024"},{"$f":"IF(C1442=0,\"\",VLOOKUP(C1442,BNCDADOS!$A:$G,3,0))","v":"M2"},160,{"$f":"IF(C1442=0,\"\",VLOOKUP(C1442,BNCDADOS!$A:$G,4,0))","v":"13,41"},{"$f":"IF(C1442=0,\"\",VLOOKUP(C1442,BNCDADOS!$A:$G,5,0))","v":16.579999999999998},2652.8,{"$f":"IF(C1442=0,\"\",VLOOKUP(C1442,BNCDADOS!$A:$G,6,0))","v":"13,08"},{"$f":"IF(C1442=0,\"\",VLOOKUP(C1442,BNCDADOS!$A:$G,7,0))","v":16.989999999999998},2718.4,{"$f":"SUMIF('MC - TRECHO 04'!A:A,Orçamento!A1442,'MC - TRECHO 04'!R:R)","v":160}]
[null,{"$f":"IF(C1443=0,\"\",VLOOKUP(C1443,BNCDADOS!$A:$G,8,0))","v":""},null,"SERVIÇOS DE TERRA PARA A EXECUÇÃO DAS ESTRUTURAS",{"$f":"IF(C1443=0,\"\",VLOOKUP(C1443,BNCDADOS!$A:$G,3,0))","v":""},0,{"$f":"IF(C1443=0,\"\",VLOOKUP(C1443,BNCDADOS!$A:$G,4,0))","v":""},{"$nulls":5},0]
["5.4.2.7",{"$f":"IF(C1444=0,\"\",VLOOKUP(C1444,BNCDADOS!$A:$H,8,0))","v":"SINAPI/RN\nSERVIÇO"},96525,{"$f":"IF(C1444=0,\"\",VLOOKUP(C1444,BNCDADOS!$A:$G,2,0))","v":"ESCAVAÇÃO MECANIZADA PARA VIGA BALDRAME OU SAPATA CORRIDA COM MINI-ESCAVADEIRA (INCLUINDO ESCAVAÇÃO PARA COLOCAÇÃO DE FÔRMAS). AF_01/2024"},{"$f":"IF(C1444=0,\"\",VLOOKUP(C1444,BNCDADOS!$A:$G,3,0))","v":"M3"},27,{"$f":"IF(C1444=0,\"\",VLOOKUP(C1444,BNCDADOS!$A:$G,4,0))","v":"55,00"},{"$f":"IF(C1444=0,\"\",VLOOKUP(C1444,BNCDADOS!$A:$G,5,0))","v":68.02},{"$f":"IF(H1444=\"\",0,TRUNC(H1444*F1444,2))","v":1836.54},{"$f":"IF(C1444=0,\"\",VLOOKUP(C1444,BNCDADOS!$A:$G,6,0))","v":"52,42"},{"$f":"IF(C1444=0,\"\",VLOOKUP(C1444,BNCDADOS!$A:$G,7,0))","v":68.12},{"$f":"IF(K1444=\"\",0,TRUNC(K1444*F1444,2))","v":1839.24},{"$f":"SUMIF('MC - TRECHO 04'!A:A,Orçamento!A1444,'MC - TRECHO 04'!R:R)","v":27}]
["5.4.2.8",{"$f":"IF(C1445=0,\"\",VLOOKUP(C1445,BNCDADOS!$A:$H,8,0))","v":"SINAPI/RN\nSERVIÇO"},93382,{"$f":"IF(C1445=0,\"\",VLOOKUP(C1445,BNCDADOS!$A:$G,2,0))","v":"REATERRO MANUAL DE VALAS, COM COMPACTADOR DE SOLOS DE PERCUSSÃO. AF_08/2023"},{"$f":"IF(C1445=0,\"\",VLOOKUP(C1445,BNCDADOS!$A:$G,3,0))","v":"M3"},19.440000000000001,{"$f":"IF(C1445=0,\"\",VLOOKUP(C1445,BNCDADOS!$A:$G,4,0))","v":"25,08"},{"$f":"IF(C1445=0,\"\",VLOOKUP(C1445,BNCDADOS!$A:$G,5,0))","v":31.02},{"$f":"IF(H1445=\"\",0,TRUNC(H1445*F1445,2))","v":603.02},{"$f":"IF(C1445=0,\"\",VLOOKUP(C1445,BNCDADOS!$A:$G,6,0))","v":"22,89"},{"$f":"IF(C1445=0,\"\",VLOOKUP(C1445,BNCDADOS!$A:$G,7,0))","v":29.74},{"$f":"IF(K1445=\"\",0,TRUNC(K1445*F1445,2))","v":578.14},{"$f":"SUMIF('MC - TRECHO 04'!A:A,Orçamento!A1445,'MC - TRECHO 04'!R:R)","v":19.440000000000001}]
["5.4.2.9",{"$f":"IF(C1446=0,\"\",VLOOKUP(C1446,BNCDADOS!$A:$H,8,0))","v":"SINAPI/RN\nSERVIÇO"},101206,{"$f":"IF(C1446=0,\"\",VLOOKUP(C1446,BNCDADOS!$A:$G,2,0))","v":"ESCAVAÇÃO VERTICAL PARA  EDIFICAÇÃO, COM CARGA, DESCARGA E TRANSPORTE DE SOLO DE 1ª CATEGORIA, COM ESCAVADEIRA HIDRÁULICA (CAÇAMBA: 0,8 M³ / 111 HP), FROTA DE 3 CAMINHÕES BASCULANTES DE 14 M³, DMT ATÉ 1 KM E VELOCIDADE MÉDIA 14 KM/H. AF_05/2020"},{"$f":"IF(C1446=0,\"\",VLOOKUP(C1446,BNCDADOS!$A:$G,3,0))","v":"M3"},2393.6,{"$f":"IF(C1446=0,\"\",VLOOKUP(C1446,BNCDADOS!$A:$G,4,0))","v":"13,00"},{"$f":"IF(C1446=0,\"\",VLOOKUP(C1446,BNCDADOS!$A:$G,5,0))","v":16.07},{"$f":"IF(H1446=\"\",0,TRUNC(H1446*F1446,2))","v":38465.15},{"$f":"IF(C1446=0,\"\",VLOOKUP(C1446,BNCDADOS!$A:$G,6,0))","v":"12,77"},{"$f":"IF(C1446=0,\"\",VLOOKUP(C1446,BNCDADOS!$A:$G,7,0))","v":16.59},{"$f":"IF(K1446=\"\",0,TRUNC(K1446*F1446,2))","v":39709.82},{"$f":"SUMIF('MC - TRECHO 04'!A:A,Orçamento!A1446,'MC - TRECHO 04'!R:R)","v":2393.6}]
["5.4.2.10",{"$f":"IF(C1447=0,\"\",VLOOKUP(C1447,BNCDADOS!$A:$H,8,0))","v":"SINAPI/RN\nSERVIÇO"},93379,{"$f":"IF(C1447=0,\"\",VLOOKUP(C1447,BNCDADOS!$A:$G,2,0))","v":"REATERRO MECANIZADO DE VALA COM RETROESCAVADEIRA (CAPACIDADE DA CAÇAMBA   DA RETRO: 0,26 M³/POTÊNCIA: 88 HP), LARGURA 0,8 A 1,5 M, PROFUNDIDADE ATÉ 1,5 M, COM SOLO (SEM SUBSTITUIÇÃO) DE 1ª CATEGORIA, COM COMPACTADOR DE SOLOS DE PERCUSSÃO AF_08/2023"},{"$f":"IF(C1447=0,\"\",VLOOKUP(C1447,BNCDADOS!$A:$G,3,0))","v":"M3"},353.6,{"$f":"IF(C1447=0,\"\",VLOOKUP(C1447,BNCDADOS!$A:$G,4,0))","v":"17,99"},{"$f":"IF(C1447=0,\"\",VLOOKUP(C1447,BNCDADOS!$A:$G,5,0))","v":22.25},{"$f":"IF(H1447=\"\",0,TRUNC(H1447*F1447,2))","v":7867.6},{"$f":"IF(C1447=0,\"\",VLOOKUP(C1447,BNCDADOS!$A:$G,6,0))","v":"16,97"},{"$f":"IF(C1447=0,\"\",VLOOKUP(C1447,BNCDADOS!$A:$G,7,0))","v":22.05},{"$f":"IF(K1447=\"\",0,TRUNC(K1447*F1447,2))","v":7796.88},{"$f":"SUMIF('MC - TRECHO 04'!A:A,Orçamento!A1447,'MC - TRECHO 04'!R:R)","v":353.59999999999991}]
["5.4.3",{"$f":"IF(C1448=0,\"\",VLOOKUP(C1448,BNCDADOS!$A:$G,8,0))","v":""},null,"ESTRUTURA",{"$f":"IF(C1448=0,\"\",VLOOKUP(C1448,BNCDADOS!$A:$G,3,0))","v":""},0,{"$f":"IF(C1448=0,\"\",VLOOKUP(C1448,BNCDADOS!$A:$G,4,0))","v":""},{"$f":"IF(C1448=0,\"\",VLOOKUP(C1448,BNCDADOS!$A:$G,5,0))","v":""},{"$f":"SUM(I1449:I1462)","v":967065.8},{"$f":"IF(C1448=0,\"\",VLOOKUP(C1448,BNCDADOS!$A:$G,6,0))","v":""},{"$f":"IF(C1448=0,\"\",VLOOKUP(C1448,BNCDADOS!$A:$G,7,0))","v":""},{"$f":"SUM(L1449:L1462)","v":1000639.5599999998},0]
["5.4.3.1",{"$f":"IF(C1449=0,\"\",VLOOKUP(C1449,BNCDADOS!$A:$H,8,0))","v":"SINAPI/RN\nSERVIÇO"},95241,{"$f":"IF(C1449=0,\"\",VLOOKUP(C1449,BNCDADOS!$A:$G,2,0))","v":"LASTRO DE CONCRETO MAGRO, APLICADO EM PISOS, LAJES SOBRE SOLO OU RADIERS, ESPESSURA DE 5 CM. AF_01/2024"},{"$f":"IF(C1449=0,\"\",VLOOKUP(C1449,BNCDADOS!$A:$G,3,0))","v":"M2"},600,{"$f":"IF(C1449=0,\"\",VLOOKUP(C1449,BNCDADOS!$A:$G,4,0))","v":"36,15"},{"$f":"IF(C1449=0,\"\",VLOOKUP(C1449,BNCDADOS!$A:$G,5,0))","v":44.71},{"$f":"IF(H1449=\"\",0,TRUNC(H1449*F1449,2))","v":26826},{"$f":"IF(C1449=0,\"\",VLOOKUP(C1449,BNCDADOS!$A:$G,6,0))","v":"34,74"},{"$f":"IF(C1449=0,\"\",VLOOKUP(C1449,BNCDADOS!$A:$G,7,0))","v":45.14},{"$f":"IF(K1449=\"\",0,TRUNC(K1449*F1449,2))","v":27084},{"$f":"SUMIF('MC - TRECHO 04'!A:A,Orçamento!A1449,'MC - TRECHO 04'!R:R)","v":600}]
["5.4.3.2",{"$f":"IF(C1450=0,\"\",VLOOKUP(C1450,BNCDADOS!$A:$H,8,0))","v":"SINAPI/RN\nSERVIÇO"},103800,{"$f":"IF(C1450=0,\"\",VLOOKUP(C1450,BNCDADOS!$A:$G,2,0))","v":"PEDRA ARGAMASSADA COM CIMENTO E AREIA 1:3, 40% DE ARGAMASSA EM VOLUME - AREIA E PEDRA DE MÃO COMERCIAIS - FORNECIMENTO E ASSENTAMENTO. AF_08/2022"},{"$f":"IF(C1450=0,\"\",VLOOKUP(C1450,BNCDADOS!$A:$G,3,0))","v":"M3"},12.36,{"$f":"IF(C1450=0,\"\",VLOOKUP(C1450,BNCDADOS!$A:$G,4,0))","v":"534,85"},{"$f":"IF(C1450=0,\"\",VLOOKUP(C1450,BNCDADOS!$A:$G,5,0))","v":661.55},8176.75,{"$f":"IF(C1450=0,\"\",VLOOKUP(C1450,BNCDADOS!$A:$G,6,0))","v":"515,06"},{"$f":"IF(C1450=0,\"\",VLOOKUP(C1450,BNCDADOS!$A:$G,7,0))","v":669.37},8273.41,{"$f":"SUMIF('MC - TRECHO 04'!A:A,Orçamento!A1450,'MC - TRECHO 04'!R:R)","v":12.36}]
["5.4.3.3",{"$f":"IF(C1451=0,\"\",VLOOKUP(C1451,BNCDADOS!$A:$H,8,0))","v":"SINAPI/RN\nSERVIÇO"},92916,{"$f":"IF(C1451=0,\"\",VLOOKUP(C1451,BNCDADOS!$A:$G,2,0))","v":"ARMAÇÃO DE ESTRUTURAS DIVERSAS DE CONCRETO ARMADO, EXCETO VIGAS, PILARES, LAJES E FUNDAÇÕES, UTILIZANDO AÇO CA-50 DE 6,3 MM - MONTAGEM. AF_06/2022"},{"$f":"IF(C1451=0,\"\",VLOOKUP(C1451,BNCDADOS!$A:$G,3,0))","v":"KG"},343.02,{"$f":"IF(C1451=0,\"\",VLOOKUP(C1451,BNCDADOS!$A:$G,4,0))","v":"15,76"},{"$f":"IF(C1451=0,\"\",VLOOKUP(C1451,BNCDADOS!$A:$G,5,0))","v":19.489999999999998},6685.45,{"$f":"IF(C1451=0,\"\",VLOOKUP(C1451,BNCDADOS!$A:$G,6,0))","v":"15,19"},{"$f":"IF(C1451=0,\"\",VLOOKUP(C1451,BNCDADOS!$A:$G,7,0))","v":19.739999999999998},6771.21,{"$f":"SUMIF('MC - TRECHO 04'!A:A,Orçamento!A1451,'MC - TRECHO 04'!R:R)","v":343.02}]
["5.4.3.4",{"$f":"IF(C1452=0,\"\",VLOOKUP(C1452,BNCDADOS!$A:$H,8,0))","v":"SINAPI/RN\nSERVIÇO"},92917,{"$f":"IF(C1452=0,\"\",VLOOKUP(C1452,BNCDADOS!$A:$G,2,0))","v":"ARMAÇÃO DE ESTRUTURAS DIVERSAS DE CONCRETO ARMADO, EXCETO VIGAS, PILARES, LAJES E FUNDAÇÕES, UTILIZANDO AÇO CA-50 DE 8,0 MM - MONTAGEM. AF_06/2022"},{"$f":"IF(C1452=0,\"\",VLOOKUP(C1452,BNCDADOS!$A:$G,3,0))","v":"KG"},313,{"$f":"IF(C1452=0,\"\",VLOOKUP(C1452,BNCDADOS!$A:$G,4,0))","v":"14,39"},{"$f":"IF(C1452=0,\"\",VLOOKUP(C1452,BNCDADOS!$A:$G,5,0))","v":17.79},5568.27,{"$f":"IF(C1452=0,\"\",VLOOKUP(C1452,BNCDADOS!$A:$G,6,0))","v":"14,00"},{"$f":"IF(C1452=0,\"\",VLOOKUP(C1452,BNCDADOS!$A:$G,7,0))","v":18.190000000000001},5693.47,{"$f":"SUMIF('MC - TRECHO 04'!A:A,Orçamento!A1452,'MC - TRECHO 04'!R:R)","v":313}]
["5.4.3.5",{"$f":"IF(C1453=0,\"\",VLOOKUP(C1453,BNCDADOS!$A:$H,8,0))","v":"SINAPI/RN\nSERVIÇO"},92919,{"$f":"IF(C1453=0,\"\",VLOOKUP(C1453,BNCDADOS!$A:$G,2,0))","v":"ARMAÇÃO DE ESTRUTURAS DIVERSAS DE CONCRETO ARMADO, EXCETO VIGAS, PILARES, LAJES E FUNDAÇÕES, UTILIZANDO AÇO CA-50 DE 10,0 MM - MONTAGEM. AF_06/2022"},{"$f":"IF(C1453=0,\"\",VLOOKUP(C1453,BNCDADOS!$A:$G,3,0))","v":"KG"},3106,{"$f":"IF(C1453=0,\"\",VLOOKUP(C1453,BNCDADOS!$A:$G,4,0))","v":"12,59"},{"$f":"IF(C1453=0,\"\",VLOOKUP(C1453,BNCDADOS!$A:$G,5,0))","v":15.57},48360.42,{"$f":"IF(C1453=0,\"\",VLOOKUP(C1453,BNCDADOS!$A:$G,6,0))","v":"12,31"},{"$f":"IF(C1453=0,\"\",VLOOKUP(C1453,BNCDADOS!$A:$G,7,0))","v":15.99},49664.94,{"$f":"SUMIF('MC - TRECHO 04'!A:A,Orçamento!A1453,'MC - TRECHO 04'!R:R)","v":3106}]
["5.4.3.6",{"$f":"IF(C1454=0,\"\",VLOOKUP(C1454,BNCDADOS!$A:$H,8,0))","v":"SINAPI/RN\nSERVIÇO"},92921,{"$f":"IF(C1454=0,\"\",VLOOKUP(C1454,BNCDADOS!$A:$G,2,0))","v":"ARMAÇÃO DE ESTRUTURAS DIVERSAS DE CONCRETO ARMADO, EXCETO VIGAS, PILARES, LAJES E FUNDAÇÕES, UTILIZANDO AÇO CA-50 DE 12,5 MM - MONTAGEM. AF_06/2022"},{"$f":"IF(C1454=0,\"\",VLOOKUP(C1454,BNCDADOS!$A:$G,3,0))","v":"KG"},496,{"$f":"IF(C1454=0,\"\",VLOOKUP(C1454,BNCDADOS!$A:$G,4,0))","v":"10,41"},{"$f":"IF(C1454=0,\"\",VLOOKUP(C1454,BNCDADOS!$A:$G,5,0))","v":12.87},6383.52,{"$f":"IF(C1454=0,\"\",VLOOKUP(C1454,BNCDADOS!$A:$G,6,0))","v":"10,23"},{"$f":"IF(C1454=0,\"\",VLOOKUP(C1454,BNCDADOS!$A:$G,7,0))","v":13.29},6591.84,{"$f":"SUMIF('MC - TRECHO 04'!A:A,Orçamento!A1454,'MC - TRECHO 04'!R:R)","v":496}]
["5.4.3.7",{"$f":"IF(C1455=0,\"\",VLOOKUP(C1455,BNCDADOS!$A:$H,8,0))","v":"SINAPI/RN\nSERVIÇO"},92922,{"$f":"IF(C1455=0,\"\",VLOOKUP(C1455,BNCDADOS!$A:$G,2,0))","v":"ARMAÇÃO DE ESTRUTURAS DIVERSAS DE CONCRETO ARMADO, EXCETO VIGAS, PILARES, LAJES E FUNDAÇÕES, UTILIZANDO AÇO CA-50 DE 16,0 MM - MONTAGEM. AF_06/2022"},{"$f":"IF(C1455=0,\"\",VLOOKUP(C1455,BNCDADOS!$A:$G,3,0))","v":"KG"},26883,{"$f":"IF(C1455=0,\"\",VLOOKUP(C1455,BNCDADOS!$A:$G,4,0))","v":"9,94"},{"$f":"IF(C1455=0,\"\",VLOOKUP(C1455,BNCDADOS!$A:$G,5,0))","v":12.29},330392.07,{"$f":"IF(C1455=0,\"\",VLOOKUP(C1455,BNCDADOS!$A:$G,6,0))","v":"9,82"},{"$f":"IF(C1455=0,\"\",VLOOKUP(C1455,BNCDADOS!$A:$G,7,0))","v":12.76},343027.08,{"$f":"SUMIF('MC - TRECHO 04'!A:A,Orçamento!A1455,'MC - TRECHO 04'!R:R)","v":26883}]
["5.4.3.8",{"$f":"IF(C1456=0,\"\",VLOOKUP(C1456,BNCDADOS!$A:$H,8,0))","v":"SINAPI/RN\nSERVIÇO"},92924,{"$f":"IF(C1456=0,\"\",VLOOKUP(C1456,BNCDADOS!$A:$G,2,0))","v":"ARMAÇÃO DE ESTRUTURAS DIVERSAS DE CONCRETO ARMADO, EXCETO VIGAS, PILARES, LAJES E FUNDAÇÕES, UTILIZANDO AÇO CA-50 DE 25,0 MM - MONTAGEM. AF_06/2022"},{"$f":"IF(C1456=0,\"\",VLOOKUP(C1456,BNCDADOS!$A:$G,3,0))","v":"KG"},2613,{"$f":"IF(C1456=0,\"\",VLOOKUP(C1456,BNCDADOS!$A:$G,4,0))","v":"10,97"},{"$f":"IF(C1456=0,\"\",VLOOKUP(C1456,BNCDADOS!$A:$G,5,0))","v":13.56},35432.28,{"$f":"IF(C1456=0,\"\",VLOOKUP(C1456,BNCDADOS!$A:$G,6,0))","v":"10,88"},{"$f":"IF(C1456=0,\"\",VLOOKUP(C1456,BNCDADOS!$A:$G,7,0))","v":14.13},36921.69,{"$f":"SUMIF('MC - TRECHO 04'!A:A,Orçamento!A1456,'MC - TRECHO 04'!R:R)","v":2613}]
["5.4.3.9",{"$f":"IF(C1457=0,\"\",VLOOKUP(C1457,BNCDADOS!$A:$H,8,0))","v":"SINAPI/RN\nSERVIÇO"},92769,{"$f":"IF(C1457=0,\"\",VLOOKUP(C1457,BNCDADOS!$A:$G,2,0))","v":"ARMAÇÃO DE LAJE DE ESTRUTURA CONVENCIONAL DE CONCRETO ARMADO UTILIZANDO AÇO CA-50 DE 6,3 MM - MONTAGEM. AF_06/2022"},{"$f":"IF(C1457=0,\"\",VLOOKUP(C1457,BNCDADOS!$A:$G,3,0))","v":"KG"},446.98,{"$f":"IF(C1457=0,\"\",VLOOKUP(C1457,BNCDADOS!$A:$G,4,0))","v":"13,27"},{"$f":"IF(C1457=0,\"\",VLOOKUP(C1457,BNCDADOS!$A:$G,5,0))","v":16.41},7334.94,{"$f":"IF(C1457=0,\"\",VLOOKUP(C1457,BNCDADOS!$A:$G,6,0))","v":"12,98"},{"$f":"IF(C1457=0,\"\",VLOOKUP(C1457,BNCDADOS!$A:$G,7,0))","v":16.86},7536.08,{"$f":"SUMIF('MC - TRECHO 04'!A:A,Orçamento!A1457,'MC - TRECHO 04'!R:R)","v":446.98}]
["5.4.3.10",{"$f":"IF(C1458=0,\"\",VLOOKUP(C1458,BNCDADOS!$A:$H,8,0))","v":"SINAPI/RN\nSERVIÇO"},92771,{"$f":"IF(C1458=0,\"\",VLOOKUP(C1458,BNCDADOS!$A:$G,2,0))","v":"ARMAÇÃO DE LAJE DE ESTRUTURA CONVENCIONAL DE CONCRETO ARMADO UTILIZANDO AÇO CA-50 DE 10,0 MM - MONTAGEM. AF_06/2022"},{"$f":"IF(C1458=0,\"\",VLOOKUP(C1458,BNCDADOS!$A:$G,3,0))","v":"KG"},2513,{"$f":"IF(C1458=0,\"\",VLOOKUP(C1458,BNCDADOS!$A:$G,4,0))","v":"11,15"},{"$f":"IF(C1458=0,\"\",VLOOKUP(C1458,BNCDADOS!$A:$G,5,0))","v":13.79},34654.269999999997,{"$f":"IF(C1458=0,\"\",VLOOKUP(C1458,BNCDADOS!$A:$G,6,0))","v":"11,03"},{"$f":"IF(C1458=0,\"\",VLOOKUP(C1458,BNCDADOS!$A:$G,7,0))","v":14.33},36011.29,{"$f":"SUMIF('MC - TRECHO 04'!A:A,Orçamento!A1458,'MC - TRECHO 04'!R:R)","v":2513}]
["5.4.3.11",{"$f":"IF(C1459=0,\"\",VLOOKUP(C1459,BNCDADOS!$A:$H,8,0))","v":"SINAPI/RN\nSERVIÇO"},92772,{"$f":"IF(C1459=0,\"\",VLOOKUP(C1459,BNCDADOS!$A:$G,2,0))","v":"ARMAÇÃO DE LAJE DE ESTRUTURA CONVENCIONAL DE CONCRETO ARMADO UTILIZANDO AÇO CA-50 DE 12,5 MM - MONTAGEM. AF_06/2022"},{"$f":"IF(C1459=0,\"\",VLOOKUP(C1459,BNCDADOS!$A:$G,3,0))","v":"KG"},3821,{"$f":"IF(C1459=0,\"\",VLOOKUP(C1459,BNCDADOS!$A:$G,4,0))","v":"9,37"},{"$f":"IF(C1459=0,\"\",VLOOKUP(C1459,BNCDADOS!$A:$G,5,0))","v":11.58},44247.18,{"$f":"IF(C1459=0,\"\",VLOOKUP(C1459,BNCDADOS!$A:$G,6,0))","v":"9,29"},{"$f":"IF(C1459=0,\"\",VLOOKUP(C1459,BNCDADOS!$A:$G,7,0))","v":12.07},46119.47,{"$f":"SUMIF('MC - TRECHO 04'!A:A,Orçamento!A1459,'MC - TRECHO 04'!R:R)","v":3821}]
["5.4.3.12",{"$f":"IF(C1460=0,\"\",VLOOKUP(C1460,BNCDADOS!$A:$H,8,0))","v":"SINAPI/RN\nSERVIÇO"},92773,{"$f":"IF(C1460=0,\"\",VLOOKUP(C1460,BNCDADOS!$A:$G,2,0))","v":"ARMAÇÃO DE LAJE DE ESTRUTURA CONVENCIONAL DE CONCRETO ARMADO UTILIZANDO AÇO CA-50 DE 16,0 MM - MONTAGEM. AF_06/2022"},{"$f":"IF(C1460=0,\"\",VLOOKUP(C1460,BNCDADOS!$A:$G,3,0))","v":"KG"},5582,{"$f":"IF(C1460=0,\"\",VLOOKUP(C1460,BNCDADOS!$A:$G,4,0))","v":"9,19"},{"$f":"IF(C1460=0,\"\",VLOOKUP(C1460,BNCDADOS!$A:$G,5,0))","v":11.36},63411.519999999997,{"$f":"IF(C1460=0,\"\",VLOOKUP(C1460,BNCDADOS!$A:$G,6,0))","v":"9,14"},{"$f":"IF(C1460=0,\"\",VLOOKUP(C1460,BNCDADOS!$A:$G,7,0))","v":11.87},66258.34,{"$f":"SUMIF('MC - TRECHO 04'!A:A,Orçamento!A1460,'MC - TRECHO 04'!R:R)","v":5582}]
["5.4.3.13",{"$f":"IF(C1461=0,\"\",VLOOKUP(C1461,BNCDADOS!$A:$H,8,0))","v":0},"COMP 20",{"$f":"IF(C1461=0,\"\",VLOOKUP(C1461,BNCDADOS!$A:$G,2,0))","v":"CONCRETAGEM DE ESTRUTURAS, FCK = 40 MPA, COM USO DE BOMBA EM EDIFICAÇÕES DIVERSAS - LANÇAMENTO, ADENSAMENTO E ACABAMENTO"},{"$f":"IF(C1461=0,\"\",VLOOKUP(C1461,BNCDADOS!$A:$G,3,0))","v":"M3    "},318.98,{"$f":"IF(C1461=0,\"\",VLOOKUP(C1461,BNCDADOS!$A:$G,4,0))","v":852.28},{"$f":"IF(C1461=0,\"\",VLOOKUP(C1461,BNCDADOS!$A:$G,5,0))","v":1054.18},336262.33,{"$f":"IF(C1461=0,\"\",VLOOKUP(C1461,BNCDADOS!$A:$G,6,0))","v":837.56},{"$f":"IF(C1461=0,\"\",VLOOKUP(C1461,BNCDADOS!$A:$G,7,0))","v":1088.49},347206.54,{"$f":"SUMIF('MC - TRECHO 04'!A:A,Orçamento!A1461,'MC - TRECHO 04'!R:R)","v":318.98}]
["5.4.3.14",{"$f":"IF(C1462=0,\"\",VLOOKUP(C1462,BNCDADOS!$A:$H,8,0))","v":"SINAPI/RN\nSERVIÇO"},93205,{"$f":"IF(C1462=0,\"\",VLOOKUP(C1462,BNCDADOS!$A:$G,2,0))","v":"CINTA DE AMARRAÇÃO DE ALVENARIA MOLDADA IN LOCO COM UTILIZAÇÃO DE BLOCOS CANALETA, ESPESSURA DE *20* CM. AF_03/2024"},{"$f":"IF(C1462=0,\"\",VLOOKUP(C1462,BNCDADOS!$A:$G,3,0))","v":"M"},180,{"$f":"IF(C1462=0,\"\",VLOOKUP(C1462,BNCDADOS!$A:$G,4,0))","v":"59,88"},{"$f":"IF(C1462=0,\"\",VLOOKUP(C1462,BNCDADOS!$A:$G,5,0))","v":74.06},13330.8,{"$f":"IF(C1462=0,\"\",VLOOKUP(C1462,BNCDADOS!$A:$G,6,0))","v":"57,63"},{"$f":"IF(C1462=0,\"\",VLOOKUP(C1462,BNCDADOS!$A:$G,7,0))","v":74.89},13480.2,{"$f":"SUMIF('MC - TRECHO 04'!A:A,Orçamento!A1462,'MC - TRECHO 04'!R:R)","v":180}]
["5.4.4",{"$f":"IF(C1463=0,\"\",VLOOKUP(C1463,BNCDADOS!$A:$G,8,0))","v":""},null,"ALVENARIAS E REVESTIMENTOS",{"$f":"IF(C1463=0,\"\",VLOOKUP(C1463,BNCDADOS!$A:$G,3,0))","v":""},0,{"$f":"IF(C1463=0,\"\",VLOOKUP(C1463,BNCDADOS!$A:$G,4,0))","v":""},{"$f":"IF(C1463=0,\"\",VLOOKUP(C1463,BNCDADOS!$A:$G,5,0))","v":""},{"$f":"SUM(I1464:I1468)","v":166888.56},{"$f":"IF(C1463=0,\"\",VLOOKUP(C1463,BNCDADOS!$A:$G,6,0))","v":""},{"$f":"IF(C1463=0,\"\",VLOOKUP(C1463,BNCDADOS!$A:$G,7,0))","v":""},{"$f":"SUM(L1464:L1468)","v":167294.5},0]
["5.4.4.1",{"$f":"IF(C1464=0,\"\",VLOOKUP(C1464,BNCDADOS!$A:$H,8,0))","v":"SINAPI/RN\nSERVIÇO"},103338,{"$f":"IF(C1464=0,\"\",VLOOKUP(C1464,BNCDADOS!$A:$G,2,0))","v":"ALVENARIA DE VEDAÇÃO DE BLOCOS  VAZADOS DE CONCRETO APARENTE DE 14X19X39 CM (ESPESSURA 14 CM) E ARGAMASSA DE ASSENTAMENTO COM PREPARO EM BETONEIRA. AF_12/2021"},{"$f":"IF(C1464=0,\"\",VLOOKUP(C1464,BNCDADOS!$A:$G,3,0))","v":"M2"},432,{"$f":"IF(C1464=0,\"\",VLOOKUP(C1464,BNCDADOS!$A:$G,4,0))","v":"111,81"},{"$f":"IF(C1464=0,\"\",VLOOKUP(C1464,BNCDADOS!$A:$G,5,0))","v":138.29},{"$f":"IF(H1464=\"\",0,TRUNC(H1464*F1464,2))","v":59741.279999999999},{"$f":"IF(C1464=0,\"\",VLOOKUP(C1464,BNCDADOS!$A:$G,6,0))","v":"106,87"},{"$f":"IF(C1464=0,\"\",VLOOKUP(C1464,BNCDADOS!$A:$G,7,0))","v":138.88},{"$f":"IF(K1464=\"\",0,TRUNC(K1464*F1464,2))","v":59996.160000000003},{"$f":"SUMIF('MC - TRECHO 04'!A:A,Orçamento!A1464,'MC - TRECHO 04'!R:R)","v":432}]
["5.4.4.2",{"$f":"IF(C1465=0,\"\",VLOOKUP(C1465,BNCDADOS!$A:$H,8,0))","v":"SINAPI/RN\nSERVIÇO"},87879,{"$f":"IF(C1465=0,\"\",VLOOKUP(C1465,BNCDADOS!$A:$G,2,0))","v":"CHAPISCO APLICADO EM ALVENARIAS E ESTRUTURAS DE CONCRETO INTERNAS, COM COLHER DE PEDREIRO.  ARGAMASSA TRAÇO 1:3 COM PREPARO EM BETONEIRA 400L. AF_10/2022"},{"$f":"IF(C1465=0,\"\",VLOOKUP(C1465,BNCDADOS!$A:$G,3,0))","v":"M2"},864,{"$f":"IF(C1465=0,\"\",VLOOKUP(C1465,BNCDADOS!$A:$G,4,0))","v":"4,06"},{"$f":"IF(C1465=0,\"\",VLOOKUP(C1465,BNCDADOS!$A:$G,5,0))","v":5.0199999999999996},4337.28,{"$f":"IF(C1465=0,\"\",VLOOKUP(C1465,BNCDADOS!$A:$G,6,0))","v":"3,78"},{"$f":"IF(C1465=0,\"\",VLOOKUP(C1465,BNCDADOS!$A:$G,7,0))","v":4.91},4242.24,{"$f":"SUMIF('MC - TRECHO 04'!A:A,Orçamento!A1465,'MC - TRECHO 04'!R:R)","v":864}]
["5.4.4.3",{"$f":"IF(C1466=0,\"\",VLOOKUP(C1466,BNCDADOS!$A:$H,8,0))","v":"SINAPI/RN\nSERVIÇO"},89173,{"$f":"IF(C1466=0,\"\",VLOOKUP(C1466,BNCDADOS!$A:$G,2,0))","v":"(COMPOSIÇÃO REPRESENTATIVA) DO SERVIÇO DE EMBOÇO/MASSA ÚNICA, APLICADO MANUALMENTE, TRAÇO 1:2:8, EM BETONEIRA DE 400L, PAREDES INTERNAS, COM EXECUÇÃO DE TALISCAS, EDIFICAÇÃO HABITACIONAL UNIFAMILIAR (CASAS) E EDIFICAÇÃO PÚBLICA PADRÃO. AF_12/2014"},{"$f":"IF(C1466=0,\"\",VLOOKUP(C1466,BNCDADOS!$A:$G,3,0))","v":"m²"},1728,{"$f":"IF(C1466=0,\"\",VLOOKUP(C1466,BNCDADOS!$A:$G,4,0))","v":32},{"$f":"IF(C1466=0,\"\",VLOOKUP(C1466,BNCDADOS!$A:$G,5,0))","v":39.58},68394.240000000005,{"$f":"IF(C1466=0,\"\",VLOOKUP(C1466,BNCDADOS!$A:$G,6,0))","v":29.96},{"$f":"IF(C1466=0,\"\",VLOOKUP(C1466,BNCDADOS!$A:$G,7,0))","v":38.93},67271.039999999994,{"$f":"SUMIF('MC - TRECHO 04'!A:A,Orçamento!A1466,'MC - TRECHO 04'!R:R)","v":1728}]
["5.4.4.4",{"$f":"IF(C1467=0,\"\",VLOOKUP(C1467,BNCDADOS!$A:$H,8,0))","v":"SINAPI/RN\nSERVIÇO"},89045,{"$f":"IF(C1467=0,\"\",VLOOKUP(C1467,BNCDADOS!$A:$G,2,0))","v":"(COMPOSIÇÃO REPRESENTATIVA) DO SERVIÇO DE REVESTIMENTO CERÂMICO PARA AMBIENTES DE ÁREAS MOLHADAS, MEIA PAREDE OU PAREDE INTEIRA, COM PLACAS TIPO ESMALTADA EXTRA, DIMENSÕES 20X20 CM, PARA EDIFICAÇÃO HABITACIONAL MULTIFAMILIAR (PRÉDIO). AF_11/2014"},{"$f":"IF(C1467=0,\"\",VLOOKUP(C1467,BNCDADOS!$A:$G,3,0))","v":"M²"},25.8,{"$f":"IF(C1467=0,\"\",VLOOKUP(C1467,BNCDADOS!$A:$G,4,0))","v":67.73},{"$f":"IF(C1467=0,\"\",VLOOKUP(C1467,BNCDADOS!$A:$G,5,0))","v":83.77},2161.2600000000002,{"$f":"IF(C1467=0,\"\",VLOOKUP(C1467,BNCDADOS!$A:$G,6,0))","v":65.709999999999994},{"$f":"IF(C1467=0,\"\",VLOOKUP(C1467,BNCDADOS!$A:$G,7,0))","v":85.39},2203.06,{"$f":"SUMIF('MC - TRECHO 04'!A:A,Orçamento!A1467,'MC - TRECHO 04'!R:R)","v":25.799999999999997}]
["5.4.4.5",{"$f":"IF(C1468=0,\"\",VLOOKUP(C1468,BNCDADOS!$A:$H,8,0))","v":"SINAPI/RN\nSERVIÇO"},98553,{"$f":"IF(C1468=0,\"\",VLOOKUP(C1468,BNCDADOS!$A:$G,2,0))","v":"IMPERMEABILIZAÇÃO DE SUPERFÍCIE COM MEMBRANA À BASE DE POLIURETANO, 2 DEMÃOS. AF_09/2023"},{"$f":"IF(C1468=0,\"\",VLOOKUP(C1468,BNCDADOS!$A:$G,3,0))","v":"M2"},150,{"$f":"IF(C1468=0,\"\",VLOOKUP(C1468,BNCDADOS!$A:$G,4,0))","v":"173,85"},{"$f":"IF(C1468=0,\"\",VLOOKUP(C1468,BNCDADOS!$A:$G,5,0))","v":215.03},32254.5,{"$f":"IF(C1468=0,\"\",VLOOKUP(C1468,BNCDADOS!$A:$G,6,0))","v":"172,27"},{"$f":"IF(C1468=0,\"\",VLOOKUP(C1468,BNCDADOS!$A:$G,7,0))","v":223.88},33582,{"$f":"SUMIF('MC - TRECHO 04'!A:A,Orçamento!A1468,'MC - TRECHO 04'!R:R)","v":150}]
["5.4.5",{"$f":"IF(C1469=0,\"\",VLOOKUP(C1469,BNCDADOS!$A:$G,8,0))","v":""},null,"ESQUADRIAS",{"$f":"IF(C1469=0,\"\",VLOOKUP(C1469,BNCDADOS!$A:$G,3,0))","v":""},0,{"$f":"IF(C1469=0,\"\",VLOOKUP(C1469,BNCDADOS!$A:$G,4,0))","v":""},{"$f":"IF(C1469=0,\"\",VLOOKUP(C1469,BNCDADOS!$A:$G,5,0))","v":""},{"$f":"SUM(I1470:I1470)","v":1748.82},{"$f":"IF(C1469=0,\"\",VLOOKUP(C1469,BNCDADOS!$A:$G,6,0))","v":""},{"$f":"IF(C1469=0,\"\",VLOOKUP(C1469,BNCDADOS!$A:$G,7,0))","v":""},{"$f":"SUM(L1470:L1470)","v":1831.25},0]
["5.4.5.1",{"$f":"IF(C1470=0,\"\",VLOOKUP(C1470,BNCDADOS!$A:$H,8,0))","v":"SINAPI/RN\nSERVIÇO"},100701,{"$f":"IF(C1470=0,\"\",VLOOKUP(C1470,BNCDADOS!$A:$G,2,0))","v":"PORTA DE FERRO, DE ABRIR, TIPO GRADE COM CHAPA, COM GUARNIÇÕES. AF_12/2019"},{"$f":"IF(C1470=0,\"\",VLOOKUP(C1470,BNCDADOS!$A:$G,3,0))","v":"M2"},2.52,{"$f":"IF(C1470=0,\"\",VLOOKUP(C1470,BNCDADOS!$A:$G,4,0))","v":"561,07"},{"$f":"IF(C1470=0,\"\",VLOOKUP(C1470,BNCDADOS!$A:$G,5,0))","v":693.98},{"$f":"IF(H1470=\"\",0,TRUNC(H1470*F1470,2))","v":1748.82},{"$f":"IF(C1470=0,\"\",VLOOKUP(C1470,BNCDADOS!$A:$G,6,0))","v":"559,17"},{"$f":"IF(C1470=0,\"\",VLOOKUP(C1470,BNCDADOS!$A:$G,7,0))","v":726.69},{"$f":"IF(K1470=\"\",0,TRUNC(K1470*F1470,2))","v":1831.25},{"$f":"SUMIF('MC - TRECHO 04'!A:A,Orçamento!A1470,'MC - TRECHO 04'!R:R)","v":2.52}]
["5.4.6",{"$f":"IF(C1471=0,\"\",VLOOKUP(C1471,BNCDADOS!$A:$G,8,0))","v":""},null,"DRENAGEM",{"$f":"IF(C1471=0,\"\",VLOOKUP(C1471,BNCDADOS!$A:$G,3,0))","v":""},0,{"$f":"IF(C1471=0,\"\",VLOOKUP(C1471,BNCDADOS!$A:$G,4,0))","v":""},{"$f":"IF(C1471=0,\"\",VLOOKUP(C1471,BNCDADOS!$A:$G,5,0))","v":""},{"$f":"SUM(I1472:I1474)","v":61878.659999999996},{"$f":"IF(C1471=0,\"\",VLOOKUP(C1471,BNCDADOS!$A:$G,6,0))","v":""},{"$f":"IF(C1471=0,\"\",VLOOKUP(C1471,BNCDADOS!$A:$G,7,0))","v":""},{"$f":"SUM(L1472:L1474)","v":64307.899999999994},0]
["5.4.6.1",{"$f":"IF(C1472=0,\"\",VLOOKUP(C1472,BNCDADOS!$A:$H,8,0))","v":"caern"},2060193,{"$f":"IF(C1472=0,\"\",VLOOKUP(C1472,BNCDADOS!$A:$G,2,0))","v":"CAIXA ENTERRADA RETANGULAR EM ALVENARIA COM TIJOLOS CERÂMICOS MACIÇOS (ESPESSURA 20CM), DIMENSÕES INTERNAS: 0,8X0,8X1,5 M, INCLUSIVE ESCORAMENTO, ESCAVAÇÃO, REATERRO APILOADO, BOTA-FORA DE MATERIAL E TAMPA DE 10CM. R_11/2018"},{"$f":"IF(C1472=0,\"\",VLOOKUP(C1472,BNCDADOS!$A:$G,3,0))","v":"UN "},5,{"$f":"IF(C1472=0,\"\",VLOOKUP(C1472,BNCDADOS!$A:$G,4,0))","v":1820.24},{"$f":"IF(C1472=0,\"\",VLOOKUP(C1472,BNCDADOS!$A:$G,5,0))","v":2251.4499999999998},{"$f":"IF(H1472=\"\",0,TRUNC(H1472*F1472,2))","v":11257.25},{"$f":"IF(C1472=0,\"\",VLOOKUP(C1472,BNCDADOS!$A:$G,6,0))","v":1734.86},{"$f":"IF(C1472=0,\"\",VLOOKUP(C1472,BNCDADOS!$A:$G,7,0))","v":2254.62},{"$f":"IF(K1472=\"\",0,TRUNC(K1472*F1472,2))","v":11273.1},{"$f":"SUMIF('MC - TRECHO 04'!A:A,Orçamento!A1472,'MC - TRECHO 04'!R:R)","v":5}]
["5.4.6.2",{"$f":"IF(C1473=0,\"\",VLOOKUP(C1473,BNCDADOS!$A:$H,8,0))","v":"SINAPI/RN\nSERVIÇO"},94871,{"$f":"IF(C1473=0,\"\",VLOOKUP(C1473,BNCDADOS!$A:$G,2,0))","v":"TUBO DE PEAD CORRUGADO DE DUPLA PAREDE PARA REDE COLETORA DE ESGOTO, DN 300 MM, JUNTA ELÁSTICA INTEGRADA - FORNECIMENTO E ASSENTAMENTO. AF_01/2021"},{"$f":"IF(C1473=0,\"\",VLOOKUP(C1473,BNCDADOS!$A:$G,3,0))","v":"M"},{"$f":"TRUNC(M1473,2)","v":79.400000000000006},{"$f":"IF(C1473=0,\"\",VLOOKUP(C1473,BNCDADOS!$A:$G,4,0))","v":"452,78"},{"$f":"IF(C1473=0,\"\",VLOOKUP(C1473,BNCDADOS!$A:$G,5,0))","v":560.04},{"$f":"IF(H1473=\"\",0,TRUNC(H1473*F1473,2))","v":44467.17},{"$f":"IF(C1473=0,\"\",VLOOKUP(C1473,BNCDADOS!$A:$G,6,0))","v":"452,63"},{"$f":"IF(C1473=0,\"\",VLOOKUP(C1473,BNCDADOS!$A:$G,7,0))","v":588.23},{"$f":"IF(K1473=\"\",0,TRUNC(K1473*F1473,2))","v":46705.46},{"$f":"SUMIF('MC - TRECHO 04'!A:A,Orçamento!A1473,'MC - TRECHO 04'!R:R)","v":79.400000000000006}]
["5.4.6.3",{"$f":"IF(C1474=0,\"\",VLOOKUP(C1474,BNCDADOS!$A:$H,8,0))","v":"SINAPI/RN\nSERVIÇO"},96624,{"$f":"IF(C1474=0,\"\",VLOOKUP(C1474,BNCDADOS!$A:$G,2,0))","v":"LASTRO COM MATERIAL GRANULAR (PEDRA BRITADA N.2), APLICADO EM PISOS OU LAJES SOBRE SOLO, ESPESSURA DE *10 CM*. AF_01/2024"},{"$f":"IF(C1474=0,\"\",VLOOKUP(C1474,BNCDADOS!$A:$G,3,0))","v":"M3"},18.97,{"$f":"IF(C1474=0,\"\",VLOOKUP(C1474,BNCDADOS!$A:$G,4,0))","v":"262,29"},{"$f":"IF(C1474=0,\"\",VLOOKUP(C1474,BNCDADOS!$A:$G,5,0))","v":324.42},{"$f":"IF(H1474=\"\",0,TRUNC(H1474*F1474,2))","v":6154.24},{"$f":"IF(C1474=0,\"\",VLOOKUP(C1474,BNCDADOS!$A:$G,6,0))","v":"256,74"},{"$f":"IF(C1474=0,\"\",VLOOKUP(C1474,BNCDADOS!$A:$G,7,0))","v":333.65},{"$f":"IF(K1474=\"\",0,TRUNC(K1474*F1474,2))","v":6329.34},{"$f":"SUMIF('MC - TRECHO 04'!A:A,Orçamento!A1474,'MC - TRECHO 04'!R:R)","v":18.97}]
["5.4.7",{"$f":"IF(C1475=0,\"\",VLOOKUP(C1475,BNCDADOS!$A:$G,8,0))","v":""},null,"PAVIMENTAÇÃO",{"$f":"IF(C1475=0,\"\",VLOOKUP(C1475,BNCDADOS!$A:$G,3,0))","v":""},0,{"$f":"IF(C1475=0,\"\",VLOOKUP(C1475,BNCDADOS!$A:$G,4,0))","v":""},{"$f":"IF(C1475=0,\"\",VLOOKUP(C1475,BNCDADOS!$A:$G,5,0))","v":""},{"$f":"SUM(I1476:I1478)","v":164983.46000000002},{"$f":"IF(C1475=0,\"\",VLOOKUP(C1475,BNCDADOS!$A:$G,6,0))","v":""},{"$f":"IF(C1475=0,\"\",VLOOKUP(C1475,BNCDADOS!$A:$G,7,0))","v":""},{"$f":"SUM(L1476:L1478)","v":169062.18},0]
["5.4.7.1",{"$f":"IF(C1476=0,\"\",VLOOKUP(C1476,BNCDADOS!$A:$H,8,0))","v":"SINAPI/RN\nSERVIÇO"},94275,{"$f":"IF(C1476=0,\"\",VLOOKUP(C1476,BNCDADOS!$A:$G,2,0))","v":"ASSENTAMENTO DE GUIA (MEIO-FIO) EM TRECHO RETO, CONFECCIONADA EM CONCRETO PRÉ-FABRICADO, DIMENSÕES 100X15X13X20 CM (COMPRIMENTO X BASE INFERIOR X BASE SUPERIOR X ALTURA). AF_01/2024"},{"$f":"IF(C1476=0,\"\",VLOOKUP(C1476,BNCDADOS!$A:$G,3,0))","v":"M"},228.2,{"$f":"IF(C1476=0,\"\",VLOOKUP(C1476,BNCDADOS!$A:$G,4,0))","v":"40,32"},{"$f":"IF(C1476=0,\"\",VLOOKUP(C1476,BNCDADOS!$A:$G,5,0))","v":49.87},{"$f":"IF(H1476=\"\",0,TRUNC(H1476*F1476,2))","v":11380.33},{"$f":"IF(C1476=0,\"\",VLOOKUP(C1476,BNCDADOS!$A:$G,6,0))","v":"39,29"},{"$f":"IF(C1476=0,\"\",VLOOKUP(C1476,BNCDADOS!$A:$G,7,0))","v":51.06},{"$f":"IF(K1476=\"\",0,TRUNC(K1476*F1476,2))","v":11651.89},{"$f":"SUMIF('MC - TRECHO 04'!A:A,Orçamento!A1476,'MC - TRECHO 04'!R:R)","v":228.2}]
["5.4.7.2",{"$f":"IF(C1477=0,\"\",VLOOKUP(C1477,BNCDADOS!$A:$H,8,0))","v":"SINAPI/RN\nSERVIÇO"},92400,{"$f":"IF(C1477=0,\"\",VLOOKUP(C1477,BNCDADOS!$A:$G,2,0))","v":"EXECUÇÃO DE PAVIMENTO EM PISO INTERTRAVADO, COM BLOCO RETANGULAR DE 20 X 10 CM, ESPESSURA 10 CM. AF_10/2022"},{"$f":"IF(C1477=0,\"\",VLOOKUP(C1477,BNCDADOS!$A:$G,3,0))","v":"M2"},643,{"$f":"IF(C1477=0,\"\",VLOOKUP(C1477,BNCDADOS!$A:$G,4,0))","v":"95,44"},{"$f":"IF(C1477=0,\"\",VLOOKUP(C1477,BNCDADOS!$A:$G,5,0))","v":118.04},{"$f":"IF(H1477=\"\",0,TRUNC(H1477*F1477,2))","v":75899.72},{"$f":"IF(C1477=0,\"\",VLOOKUP(C1477,BNCDADOS!$A:$G,6,0))","v":"93,92"},{"$f":"IF(C1477=0,\"\",VLOOKUP(C1477,BNCDADOS!$A:$G,7,0))","v":122.05},{"$f":"IF(K1477=\"\",0,TRUNC(K1477*F1477,2))","v":78478.149999999994},{"$f":"SUMIF('MC - TRECHO 04'!A:A,Orçamento!A1477,'MC - TRECHO 04'!R:R)","v":643}]
["5.4.7.3",{"$f":"IF(C1478=0,\"\",VLOOKUP(C1478,BNCDADOS!$A:$H,8,0))","v":"SINAPI/RN\nSERVIÇO"},94990,{"$f":"IF(C1478=0,\"\",VLOOKUP(C1478,BNCDADOS!$A:$G,2,0))","v":"EXECUÇÃO DE PASSEIO (CALÇADA) OU PISO DE CONCRETO COM CONCRETO MOLDADO IN LOCO, FEITO EM OBRA, ACABAMENTO CONVENCIONAL, NÃO ARMADO. AF_08/2022"},{"$f":"IF(C1478=0,\"\",VLOOKUP(C1478,BNCDADOS!$A:$G,3,0))","v":"M3"},80.52,{"$f":"IF(C1478=0,\"\",VLOOKUP(C1478,BNCDADOS!$A:$G,4,0))","v":"780,20"},{"$f":"IF(C1478=0,\"\",VLOOKUP(C1478,BNCDADOS!$A:$G,5,0))","v":965.02},{"$f":"IF(H1478=\"\",0,TRUNC(H1478*F1478,2))","v":77703.41},{"$f":"IF(C1478=0,\"\",VLOOKUP(C1478,BNCDADOS!$A:$G,6,0))","v":"754,30"},{"$f":"IF(C1478=0,\"\",VLOOKUP(C1478,BNCDADOS!$A:$G,7,0))","v":980.28},{"$f":"IF(K1478=\"\",0,TRUNC(K1478*F1478,2))","v":78932.14},{"$f":"SUMIF('MC - TRECHO 04'!A:A,Orçamento!A1478,'MC - TRECHO 04'!R:R)","v":80.52}]
["5.4.8",{"$f":"IF(C1479=0,\"\",VLOOKUP(C1479,BNCDADOS!$A:$G,8,0))","v":""},null,"PINTURA",{"$f":"IF(C1479=0,\"\",VLOOKUP(C1479,BNCDADOS!$A:$G,3,0))","v":""},0,{"$f":"IF(C1479=0,\"\",VLOOKUP(C1479,BNCDADOS!$A:$G,4,0))","v":""},{"$f":"IF(C1479=0,\"\",VLOOKUP(C1479,BNCDADOS!$A:$G,5,0))","v":""},{"$f":"SUM(I1480:I1483)","v":29396.690000000002},{"$f":"IF(C1479=0,\"\",VLOOKUP(C1479,BNCDADOS!$A:$G,6,0))","v":""},{"$f":"IF(C1479=0,\"\",VLOOKUP(C1479,BNCDADOS!$A:$G,7,0))","v":""},{"$f":"SUM(L1480:L1483)","v":28987.919999999998},0]
["5.4.8.1",{"$f":"IF(C1480=0,\"\",VLOOKUP(C1480,BNCDADOS!$A:$H,8,0))","v":"SINAPI/RN\nSERVIÇO"},88485,{"$f":"IF(C1480=0,\"\",VLOOKUP(C1480,BNCDADOS!$A:$G,2,0))","v":"FUNDO SELADOR ACRÍLICO, APLICAÇÃO MANUAL EM PAREDE, UMA DEMÃO. AF_04/2023"},{"$f":"IF(C1480=0,\"\",VLOOKUP(C1480,BNCDADOS!$A:$G,3,0))","v":"M2"},1728,{"$f":"IF(C1480=0,\"\",VLOOKUP(C1480,BNCDADOS!$A:$G,4,0))","v":"3,30"},{"$f":"IF(C1480=0,\"\",VLOOKUP(C1480,BNCDADOS!$A:$G,5,0))","v":4.08},{"$f":"IF(H1480=\"\",0,TRUNC(H1480*F1480,2))","v":7050.24},{"$f":"IF(C1480=0,\"\",VLOOKUP(C1480,BNCDADOS!$A:$G,6,0))","v":"3,06"},{"$f":"IF(C1480=0,\"\",VLOOKUP(C1480,BNCDADOS!$A:$G,7,0))","v":3.97},{"$f":"IF(K1480=\"\",0,TRUNC(K1480*F1480,2))","v":6860.16},{"$f":"SUMIF('MC - TRECHO 04'!A:A,Orçamento!A1480,'MC - TRECHO 04'!R:R)","v":1728}]
["5.4.8.2",{"$f":"IF(C1481=0,\"\",VLOOKUP(C1481,BNCDADOS!$A:$H,8,0))","v":"SINAPI/RN\nSERVIÇO"},104642,{"$f":"IF(C1481=0,\"\",VLOOKUP(C1481,BNCDADOS!$A:$G,2,0))","v":"PINTURA LÁTEX ACRÍLICA STANDARD, APLICAÇÃO MANUAL EM PAREDES, DUAS DEMÃOS. AF_04/2023"},{"$f":"IF(C1481=0,\"\",VLOOKUP(C1481,BNCDADOS!$A:$G,3,0))","v":"M2"},1728,{"$f":"IF(C1481=0,\"\",VLOOKUP(C1481,BNCDADOS!$A:$G,4,0))","v":"10,29"},{"$f":"IF(C1481=0,\"\",VLOOKUP(C1481,BNCDADOS!$A:$G,5,0))","v":12.72},{"$f":"IF(H1481=\"\",0,TRUNC(H1481*F1481,2))","v":21980.16},{"$f":"IF(C1481=0,\"\",VLOOKUP(C1481,BNCDADOS!$A:$G,6,0))","v":"9,70"},{"$f":"IF(C1481=0,\"\",VLOOKUP(C1481,BNCDADOS!$A:$G,7,0))","v":12.6},{"$f":"IF(K1481=\"\",0,TRUNC(K1481*F1481,2))","v":21772.799999999999},{"$f":"SUMIF('MC - TRECHO 04'!A:A,Orçamento!A1481,'MC - TRECHO 04'!R:R)","v":1728}]
["5.4.8.3",{"$f":"IF(C1482=0,\"\",VLOOKUP(C1482,BNCDADOS!$A:$H,8,0))","v":"SINAPI/RN\nSERVIÇO"},100720,{"$f":"IF(C1482=0,\"\",VLOOKUP(C1482,BNCDADOS!$A:$G,2,0))","v":"PINTURA COM TINTA ALQUÍDICA DE FUNDO (TIPO ZARCÃO) APLICADA A ROLO OU PINCEL SOBRE PERFIL METÁLICO EXECUTADO EM FÁBRICA (POR DEMÃO). AF_01/2020"},{"$f":"IF(C1482=0,\"\",VLOOKUP(C1482,BNCDADOS!$A:$G,3,0))","v":"M2"},5.04,{"$f":"IF(C1482=0,\"\",VLOOKUP(C1482,BNCDADOS!$A:$G,4,0))","v":"10,27"},{"$f":"IF(C1482=0,\"\",VLOOKUP(C1482,BNCDADOS!$A:$G,5,0))","v":12.7},{"$f":"IF(H1482=\"\",0,TRUNC(H1482*F1482,2))","v":64},{"$f":"IF(C1482=0,\"\",VLOOKUP(C1482,BNCDADOS!$A:$G,6,0))","v":"9,65"},{"$f":"IF(C1482=0,\"\",VLOOKUP(C1482,BNCDADOS!$A:$G,7,0))","v":12.54},{"$f":"IF(K1482=\"\",0,TRUNC(K1482*F1482,2))","v":63.2},{"$f":"SUMIF('MC - TRECHO 04'!A:A,Orçamento!A1482,'MC - TRECHO 04'!R:R)","v":5.04}]
["5.4.8.4",{"$f":"IF(C1483=0,\"\",VLOOKUP(C1483,BNCDADOS!$A:$H,8,0))","v":"SINAPI/RN\nSERVIÇO"},100758,{"$f":"IF(C1483=0,\"\",VLOOKUP(C1483,BNCDADOS!$A:$G,2,0))","v":"PINTURA COM TINTA ALQUÍDICA DE ACABAMENTO (ESMALTE SINTÉTICO ACETINADO) APLICADA A ROLO OU PINCEL SOBRE SUPERFÍCIES METÁLICAS (EXCETO PERFIL) EXECUTADO EM OBRA (02 DEMÃOS). AF_01/2020"},{"$f":"IF(C1483=0,\"\",VLOOKUP(C1483,BNCDADOS!$A:$G,3,0))","v":"M2"},5.04,{"$f":"IF(C1483=0,\"\",VLOOKUP(C1483,BNCDADOS!$A:$G,4,0))","v":"48,50"},{"$f":"IF(C1483=0,\"\",VLOOKUP(C1483,BNCDADOS!$A:$G,5,0))","v":59.98},{"$f":"IF(H1483=\"\",0,TRUNC(H1483*F1483,2))","v":302.29000000000002},{"$f":"IF(C1483=0,\"\",VLOOKUP(C1483,BNCDADOS!$A:$G,6,0))","v":"44,55"},{"$f":"IF(C1483=0,\"\",VLOOKUP(C1483,BNCDADOS!$A:$G,7,0))","v":57.89},{"$f":"IF(K1483=\"\",0,TRUNC(K1483*F1483,2))","v":291.76},{"$f":"SUMIF('MC - TRECHO 04'!A:A,Orçamento!A1483,'MC - TRECHO 04'!R:R)","v":5.04}]
["5.4.9",{"$f":"IF(C1484=0,\"\",VLOOKUP(C1484,BNCDADOS!$A:$G,8,0))","v":""},null,"INSTALAÇÃO ELÉTRICA",{"$f":"IF(C1484=0,\"\",VLOOKUP(C1484,BNCDADOS!$A:$G,3,0))","v":""},0,{"$f":"IF(C1484=0,\"\",VLOOKUP(C1484,BNCDADOS!$A:$G,4,0))","v":""},{"$f":"IF(C1484=0,\"\",VLOOKUP(C1484,BNCDADOS!$A:$G,5,0))","v":""},{"$f":"SUM(I1485:I1492)","v":11488.53},{"$f":"IF(C1484=0,\"\",VLOOKUP(C1484,BNCDADOS!$A:$G,6,0))","v":""},{"$f":"IF(C1484=0,\"\",VLOOKUP(C1484,BNCDADOS!$A:$G,7,0))","v":""},{"$f":"SUM(L1485:L1492)","v":11785.43},0]
["5.4.9.1",{"$f":"IF(C1485=0,\"\",VLOOKUP(C1485,BNCDADOS!$A:$H,8,0))","v":"SINAPI/RN\nSERVIÇO"},101517,{"$f":"IF(C1485=0,\"\",VLOOKUP(C1485,BNCDADOS!$A:$G,2,0))","v":"ENTRADA DE ENERGIA ELÉTRICA, SUBTERRÂNEA, MONOFÁSICA, COM CAIXA DE EMBUTIR, CABO DE 10 MM2 E DISJUNTOR DIN 50A (NÃO INCLUSA MURETA DE ALVENARIA). AF_07/2020_PS"},{"$f":"IF(C1485=0,\"\",VLOOKUP(C1485,BNCDADOS!$A:$G,3,0))","v":"UN"},1,{"$f":"IF(C1485=0,\"\",VLOOKUP(C1485,BNCDADOS!$A:$G,4,0))","v":"894,51"},{"$f":"IF(C1485=0,\"\",VLOOKUP(C1485,BNCDADOS!$A:$G,5,0))","v":1106.4100000000001},{"$f":"IF(H1485=\"\",0,TRUNC(H1485*F1485,2))","v":1106.4100000000001},{"$f":"IF(C1485=0,\"\",VLOOKUP(C1485,BNCDADOS!$A:$G,6,0))","v":"875,56"},{"$f":"IF(C1485=0,\"\",VLOOKUP(C1485,BNCDADOS!$A:$G,7,0))","v":1137.8699999999999},{"$f":"IF(K1485=\"\",0,TRUNC(K1485*F1485,2))","v":1137.8699999999999},{"$f":"SUMIF('MC - TRECHO 04'!A:A,Orçamento!A1485,'MC - TRECHO 04'!R:R)","v":1}]
["5.4.9.2",{"$f":"IF(C1486=0,\"\",VLOOKUP(C1486,BNCDADOS!$A:$H,8,0))","v":"SINAPI/RN\nSERVIÇO"},91931,{"$f":"IF(C1486=0,\"\",VLOOKUP(C1486,BNCDADOS!$A:$G,2,0))","v":"CABO DE COBRE FLEXÍVEL ISOLADO, 6 MM², ANTI-CHAMA 0,6/1,0 KV, PARA CIRCUITOS TERMINAIS - FORNECIMENTO E INSTALAÇÃO. AF_03/2023"},{"$f":"IF(C1486=0,\"\",VLOOKUP(C1486,BNCDADOS!$A:$G,3,0))","v":"M"},15,{"$f":"IF(C1486=0,\"\",VLOOKUP(C1486,BNCDADOS!$A:$G,4,0))","v":"11,29"},{"$f":"IF(C1486=0,\"\",VLOOKUP(C1486,BNCDADOS!$A:$G,5,0))","v":13.96},209.4,{"$f":"IF(C1486=0,\"\",VLOOKUP(C1486,BNCDADOS!$A:$G,6,0))","v":"11,02"},{"$f":"IF(C1486=0,\"\",VLOOKUP(C1486,BNCDADOS!$A:$G,7,0))","v":14.32},214.8,{"$f":"SUMIF('MC - TRECHO 04'!A:A,Orçamento!A1486,'MC - TRECHO 04'!R:R)","v":15}]
["5.4.9.3",{"$f":"IF(C1487=0,\"\",VLOOKUP(C1487,BNCDADOS!$A:$H,8,0))","v":"SINAPI/RN\nSERVIÇO"},91929,{"$f":"IF(C1487=0,\"\",VLOOKUP(C1487,BNCDADOS!$A:$G,2,0))","v":"CABO DE COBRE FLEXÍVEL ISOLADO, 4 MM², ANTI-CHAMA 0,6/1,0 KV, PARA CIRCUITOS TERMINAIS - FORNECIMENTO E INSTALAÇÃO. AF_03/2023"},{"$f":"IF(C1487=0,\"\",VLOOKUP(C1487,BNCDADOS!$A:$G,3,0))","v":"M"},115.5,{"$f":"IF(C1487=0,\"\",VLOOKUP(C1487,BNCDADOS!$A:$G,4,0))","v":"7,98"},{"$f":"IF(C1487=0,\"\",VLOOKUP(C1487,BNCDADOS!$A:$G,5,0))","v":9.8699999999999992},1139.98,{"$f":"IF(C1487=0,\"\",VLOOKUP(C1487,BNCDADOS!$A:$G,6,0))","v":"7,76"},{"$f":"IF(C1487=0,\"\",VLOOKUP(C1487,BNCDADOS!$A:$G,7,0))","v":10.08},1164.24,{"$f":"SUMIF('MC - TRECHO 04'!A:A,Orçamento!A1487,'MC - TRECHO 04'!R:R)","v":115.5}]
["5.4.9.4",{"$f":"IF(C1488=0,\"\",VLOOKUP(C1488,BNCDADOS!$A:$H,8,0))","v":"SINAPI/RN\nSERVIÇO"},91927,{"$f":"IF(C1488=0,\"\",VLOOKUP(C1488,BNCDADOS!$A:$G,2,0))","v":"CABO DE COBRE FLEXÍVEL ISOLADO, 2,5 MM², ANTI-CHAMA 0,6/1,0 KV, PARA CIRCUITOS TERMINAIS - FORNECIMENTO E INSTALAÇÃO. AF_03/2023"},{"$f":"IF(C1488=0,\"\",VLOOKUP(C1488,BNCDADOS!$A:$G,3,0))","v":"M"},90,{"$f":"IF(C1488=0,\"\",VLOOKUP(C1488,BNCDADOS!$A:$G,4,0))","v":"5,38"},{"$f":"IF(C1488=0,\"\",VLOOKUP(C1488,BNCDADOS!$A:$G,5,0))","v":6.65},598.5,{"$f":"IF(C1488=0,\"\",VLOOKUP(C1488,BNCDADOS!$A:$G,6,0))","v":"5,22"},{"$f":"IF(C1488=0,\"\",VLOOKUP(C1488,BNCDADOS!$A:$G,7,0))","v":6.78},610.20000000000005,{"$f":"SUMIF('MC - TRECHO 04'!A:A,Orçamento!A1488,'MC - TRECHO 04'!R:R)","v":90}]
["5.4.9.5",{"$f":"IF(C1489=0,\"\",VLOOKUP(C1489,BNCDADOS!$A:$H,8,0))","v":"SINAPI/RN\nSERVIÇO"},91854,{"$f":"IF(C1489=0,\"\",VLOOKUP(C1489,BNCDADOS!$A:$G,2,0))","v":"ELETRODUTO FLEXÍVEL CORRUGADO, PVC, DN 25 MM (3/4\"), PARA CIRCUITOS TERMINAIS, INSTALADO EM PAREDE - FORNECIMENTO E INSTALAÇÃO. AF_03/2023"},{"$f":"IF(C1489=0,\"\",VLOOKUP(C1489,BNCDADOS!$A:$G,3,0))","v":"M"},5.5,{"$f":"IF(C1489=0,\"\",VLOOKUP(C1489,BNCDADOS!$A:$G,4,0))","v":"8,73"},{"$f":"IF(C1489=0,\"\",VLOOKUP(C1489,BNCDADOS!$A:$G,5,0))","v":10.79},59.34,{"$f":"IF(C1489=0,\"\",VLOOKUP(C1489,BNCDADOS!$A:$G,6,0))","v":"8,01"},{"$f":"IF(C1489=0,\"\",VLOOKUP(C1489,BNCDADOS!$A:$G,7,0))","v":10.4},57.2,{"$f":"SUMIF('MC - TRECHO 04'!A:A,Orçamento!A1489,'MC - TRECHO 04'!R:R)","v":5.5}]
["5.4.9.6",{"$f":"IF(C1490=0,\"\",VLOOKUP(C1490,BNCDADOS!$A:$H,8,0))","v":"SINAPI/RN\nSERVIÇO"},95728,{"$f":"IF(C1490=0,\"\",VLOOKUP(C1490,BNCDADOS!$A:$G,2,0))","v":"ELETRODUTO RÍGIDO SOLDÁVEL, PVC, DN 32 MM (1\u0094), APARENTE - FORNECIMENTO E INSTALAÇÃO. AF_10/2022_PA"},{"$f":"IF(C1490=0,\"\",VLOOKUP(C1490,BNCDADOS!$A:$G,3,0))","v":"M"},38,{"$f":"IF(C1490=0,\"\",VLOOKUP(C1490,BNCDADOS!$A:$G,4,0))","v":"23,88"},{"$f":"IF(C1490=0,\"\",VLOOKUP(C1490,BNCDADOS!$A:$G,5,0))","v":29.53},1122.1400000000001,{"$f":"IF(C1490=0,\"\",VLOOKUP(C1490,BNCDADOS!$A:$G,6,0))","v":"22,13"},{"$f":"IF(C1490=0,\"\",VLOOKUP(C1490,BNCDADOS!$A:$G,7,0))","v":28.76},1092.8800000000001,{"$f":"SUMIF('MC - TRECHO 04'!A:A,Orçamento!A1490,'MC - TRECHO 04'!R:R)","v":38}]
["5.4.9.7",{"$f":"IF(C1491=0,\"\",VLOOKUP(C1491,BNCDADOS!$A:$H,8,0))","v":"SINAPI/RN\nSERVIÇO"},97882,{"$f":"IF(C1491=0,\"\",VLOOKUP(C1491,BNCDADOS!$A:$G,2,0))","v":"CAIXA ENTERRADA ELÉTRICA RETANGULAR, EM CONCRETO PRÉ-MOLDADO, FUNDO COM BRITA, DIMENSÕES INTERNAS: 0,4X0,4X0,4 M. AF_12/2020"},{"$f":"IF(C1491=0,\"\",VLOOKUP(C1491,BNCDADOS!$A:$G,3,0))","v":"UN"},4,{"$f":"IF(C1491=0,\"\",VLOOKUP(C1491,BNCDADOS!$A:$G,4,0))","v":"215,84"},{"$f":"IF(C1491=0,\"\",VLOOKUP(C1491,BNCDADOS!$A:$G,5,0))","v":266.97000000000003},1067.8800000000001,{"$f":"IF(C1491=0,\"\",VLOOKUP(C1491,BNCDADOS!$A:$G,6,0))","v":"212,07"},{"$f":"IF(C1491=0,\"\",VLOOKUP(C1491,BNCDADOS!$A:$G,7,0))","v":275.60000000000002},1102.4000000000001,{"$f":"SUMIF('MC - TRECHO 04'!A:A,Orçamento!A1491,'MC - TRECHO 04'!R:R)","v":4}]
["5.4.9.8",{"$f":"IF(C1492=0,\"\",VLOOKUP(C1492,BNCDADOS!$A:$H,8,0))","v":"caern"},2070408,{"$f":"IF(C1492=0,\"\",VLOOKUP(C1492,BNCDADOS!$A:$G,2,0))","v":"CONJUNTO ILUMINAÇÃO EXTERNA TIPO PÉTALA COM 02 REFLETORES LED DE 100 W E POSTE CIRCULAR DE 9M EM CONCRETO. INC_05/2020"},{"$f":"IF(C1492=0,\"\",VLOOKUP(C1492,BNCDADOS!$A:$G,3,0))","v":"UN "},2,{"$f":"IF(C1492=0,\"\",VLOOKUP(C1492,BNCDADOS!$A:$G,4,0))","v":2500.1600000000003},{"$f":"IF(C1492=0,\"\",VLOOKUP(C1492,BNCDADOS!$A:$G,5,0))","v":3092.44},6184.88,{"$f":"IF(C1492=0,\"\",VLOOKUP(C1492,BNCDADOS!$A:$G,6,0))","v":2464.5500000000006},{"$f":"IF(C1492=0,\"\",VLOOKUP(C1492,BNCDADOS!$A:$G,7,0))","v":3202.92},6405.84,{"$f":"SUMIF('MC - TRECHO 04'!A:A,Orçamento!A1492,'MC - TRECHO 04'!R:R)","v":2}]
["5.4.10",{"$f":"IF(C1493=0,\"\",VLOOKUP(C1493,BNCDADOS!$A:$G,8,0))","v":""},null,"DIVERSOS",{"$f":"IF(C1493=0,\"\",VLOOKUP(C1493,BNCDADOS!$A:$G,3,0))","v":""},0,{"$f":"IF(C1493=0,\"\",VLOOKUP(C1493,BNCDADOS!$A:$G,4,0))","v":""},{"$f":"IF(C1493=0,\"\",VLOOKUP(C1493,BNCDADOS!$A:$G,5,0))","v":""},{"$f":"SUM(I1494:I1495)","v":59269.73},{"$f":"IF(C1493=0,\"\",VLOOKUP(C1493,BNCDADOS!$A:$G,6,0))","v":""},{"$f":"IF(C1493=0,\"\",VLOOKUP(C1493,BNCDADOS!$A:$G,7,0))","v":""},{"$f":"SUM(L1494:L1495)","v":61922.37},0]
["5.4.10.1",{"$f":"IF(C1494=0,\"\",VLOOKUP(C1494,BNCDADOS!$A:$H,8,0))","v":"caern"},2220066,{"$f":"IF(C1494=0,\"\",VLOOKUP(C1494,BNCDADOS!$A:$G,2,0))","v":"ESCADA DE MARINHEIRO EM FIBRA DE VIDRO PULTRUDADA, PERFIL QUADRADO, PINTURA PROTETORA CONTRA RAIOS UV, COM GUARDA CORPO. R_11/2021"},{"$f":"IF(C1494=0,\"\",VLOOKUP(C1494,BNCDADOS!$A:$G,3,0))","v":"M"},19.3,{"$f":"IF(C1494=0,\"\",VLOOKUP(C1494,BNCDADOS!$A:$G,4,0))","v":1777.21},{"$f":"IF(C1494=0,\"\",VLOOKUP(C1494,BNCDADOS!$A:$G,5,0))","v":2198.23},{"$f":"IF(H1494=\"\",0,TRUNC(H1494*F1494,2))","v":42425.83},{"$f":"IF(C1494=0,\"\",VLOOKUP(C1494,BNCDADOS!$A:$G,6,0))","v":1766.07},{"$f":"IF(C1494=0,\"\",VLOOKUP(C1494,BNCDADOS!$A:$G,7,0))","v":2295.1799999999998},{"$f":"IF(K1494=\"\",0,TRUNC(K1494*F1494,2))","v":44296.97},{"$f":"SUMIF('MC - TRECHO 04'!A:A,Orçamento!A1494,'MC - TRECHO 04'!R:R)","v":19.3}]
["5.4.10.2",{"$f":"IF(C1495=0,\"\",VLOOKUP(C1495,BNCDADOS!$A:$H,8,0))","v":"caern"},2220065,{"$f":"IF(C1495=0,\"\",VLOOKUP(C1495,BNCDADOS!$A:$G,2,0))","v":"ESCADA DE MARINHEIRO EM FIBRA DE VIDRO PULTRUDADA, PERFIL QUADRADO, PINTURA PROTETORA CONTRA RAIOS UV, SEM GUARDA CORPO. R_11/2021"},{"$f":"IF(C1495=0,\"\",VLOOKUP(C1495,BNCDADOS!$A:$G,3,0))","v":"M"},10,{"$f":"IF(C1495=0,\"\",VLOOKUP(C1495,BNCDADOS!$A:$G,4,0))","v":1361.79},{"$f":"IF(C1495=0,\"\",VLOOKUP(C1495,BNCDADOS!$A:$G,5,0))","v":1684.39},{"$f":"IF(H1495=\"\",0,TRUNC(H1495*F1495,2))","v":16843.900000000001},{"$f":"IF(C1495=0,\"\",VLOOKUP(C1495,BNCDADOS!$A:$G,6,0))","v":1356.22},{"$f":"IF(C1495=0,\"\",VLOOKUP(C1495,BNCDADOS!$A:$G,7,0))","v":1762.54},{"$f":"IF(K1495=\"\",0,TRUNC(K1495*F1495,2))","v":17625.400000000001},{"$f":"SUMIF('MC - TRECHO 04'!A:A,Orçamento!A1495,'MC - TRECHO 04'!R:R)","v":10}]
[]
["5.5",null,null,"SERVIÇOS_RESERVATÓRIO APOIADO (RAP)_SERRINHA",{"$nulls":4},{"$f":"SUM(I1498,I1508,I1521,I1536,I1542,I1544,I1548,I1552,I1557,I1566)","v":1888058.8099999998},null,null,{"$f":"SUM(L1498,L1508,L1521,L1536,L1542,L1544,L1548,L1552,L1557,L1566)","v":1942516.2499999995},0]
["5.5.1",{"$f":"IF(C1498=0,\"\",VLOOKUP(C1498,BNCDADOS!$A:$G,8,0))","v":""},null,"SERVIÇOS PRELIMINARES",{"$f":"IF(C1498=0,\"\",VLOOKUP(C1498,BNCDADOS!$A:$G,3,0))","v":""},{"$f":"TRUNC(M1498,2)","v":0},{"$f":"IF(C1498=0,\"\",VLOOKUP(C1498,BNCDADOS!$A:$G,4,0))","v":""},{"$f":"IF(C1498=0,\"\",VLOOKUP(C1498,BNCDADOS!$A:$G,5,0))","v":""},{"$f":"SUM(I1499:I1507)","v":184209.38},{"$f":"IF(C1498=0,\"\",VLOOKUP(C1498,BNCDADOS!$A:$G,6,0))","v":""},{"$f":"IF(C1498=0,\"\",VLOOKUP(C1498,BNCDADOS!$A:$G,7,0))","v":""},{"$f":"SUM(L1499:L1507)","v":188298.03999999998},0]
["5.5.1.1",{"$f":"IF(C1499=0,\"\",VLOOKUP(C1499,BNCDADOS!$A:$H,8,0))","v":"SINAPI/RN\nSERVIÇO"},98525,{"$f":"IF(C1499=0,\"\",VLOOKUP(C1499,BNCDADOS!$A:$G,2,0))","v":"LIMPEZA MECANIZADA DE CAMADA VEGETAL, VEGETAÇÃO E PEQUENAS ÁRVORES (DIÂMETRO DE TRONCO MENOR QUE 0,20 M), COM TRATOR DE ESTEIRAS. AF_03/2024"},{"$f":"IF(C1499=0,\"\",VLOOKUP(C1499,BNCDADOS!$A:$G,3,0))","v":"M2"},2000,{"$f":"IF(C1499=0,\"\",VLOOKUP(C1499,BNCDADOS!$A:$G,4,0))","v":"0,61"},{"$f":"IF(C1499=0,\"\",VLOOKUP(C1499,BNCDADOS!$A:$G,5,0))","v":0.75},{"$f":"IF(H1499=\"\",0,TRUNC(H1499*F1499,2))","v":1500},{"$f":"IF(C1499=0,\"\",VLOOKUP(C1499,BNCDADOS!$A:$G,6,0))","v":"0,58"},{"$f":"IF(C1499=0,\"\",VLOOKUP(C1499,BNCDADOS!$A:$G,7,0))","v":0.75},{"$f":"IF(K1499=\"\",0,TRUNC(K1499*F1499,2))","v":1500},{"$f":"SUMIF('MC - TRECHO 04'!A:A,Orçamento!A1499,'MC - TRECHO 04'!R:R)","v":2000}]
["5.5.1.2",{"$f":"IF(C1500=0,\"\",VLOOKUP(C1500,BNCDADOS!$A:$H,8,0))","v":"SINAPI/RN\nSERVIÇO"},98527,{"$f":"IF(C1500=0,\"\",VLOOKUP(C1500,BNCDADOS!$A:$G,2,0))","v":"REMOÇÃO DE RAÍZES REMANESCENTES DE TRONCO DE ÁRVORE COM DIÂMETRO MAIOR OU IGUAL A 0,40 M E MENOR QUE 0,60 M. AF_03/2024"},{"$f":"IF(C1500=0,\"\",VLOOKUP(C1500,BNCDADOS!$A:$G,3,0))","v":"UN"},100,{"$f":"IF(C1500=0,\"\",VLOOKUP(C1500,BNCDADOS!$A:$G,4,0))","v":"209,89"},{"$f":"IF(C1500=0,\"\",VLOOKUP(C1500,BNCDADOS!$A:$G,5,0))","v":259.61},25961,{"$f":"IF(C1500=0,\"\",VLOOKUP(C1500,BNCDADOS!$A:$G,6,0))","v":"195,46"},{"$f":"IF(C1500=0,\"\",VLOOKUP(C1500,BNCDADOS!$A:$G,7,0))","v":254.01},25401,{"$f":"SUMIF('MC - TRECHO 04'!A:A,Orçamento!A1500,'MC - TRECHO 04'!R:R)","v":100}]
["5.5.1.3",{"$f":"IF(C1501=0,\"\",VLOOKUP(C1501,BNCDADOS!$A:$H,8,0))","v":"SINAPI/RN\nSERVIÇO"},100982,{"$f":"IF(C1501=0,\"\",VLOOKUP(C1501,BNCDADOS!$A:$G,2,0))","v":"CARGA, MANOBRA E DESCARGA DE ENTULHO EM CAMINHÃO BASCULANTE 10 M³ - CARGA COM ESCAVADEIRA HIDRÁULICA  (CAÇAMBA DE 0,80 M³ / 111 HP) E DESCARGA LIVRE (UNIDADE: M3). AF_07/2020"},{"$f":"IF(C1501=0,\"\",VLOOKUP(C1501,BNCDADOS!$A:$G,3,0))","v":"M3"},1000,{"$f":"IF(C1501=0,\"\",VLOOKUP(C1501,BNCDADOS!$A:$G,4,0))","v":"9,22"},{"$f":"IF(C1501=0,\"\",VLOOKUP(C1501,BNCDADOS!$A:$G,5,0))","v":11.4},11400,{"$f":"IF(C1501=0,\"\",VLOOKUP(C1501,BNCDADOS!$A:$G,6,0))","v":"9,04"},{"$f":"IF(C1501=0,\"\",VLOOKUP(C1501,BNCDADOS!$A:$G,7,0))","v":11.74},11740,{"$f":"SUMIF('MC - TRECHO 04'!A:A,Orçamento!A1501,'MC - TRECHO 04'!R:R)","v":1000}]
["5.5.1.4",{"$f":"IF(C1502=0,\"\",VLOOKUP(C1502,BNCDADOS!$A:$H,8,0))","v":"SINAPI/RN\nSERVIÇO"},93591,{"$f":"IF(C1502=0,\"\",VLOOKUP(C1502,BNCDADOS!$A:$G,2,0))","v":"TRANSPORTE COM CAMINHÃO BASCULANTE DE 14 M³, EM VIA URBANA EM LEITO NATURAL (UNIDADE: M3XKM). AF_07/2020"},{"$f":"IF(C1502=0,\"\",VLOOKUP(C1502,BNCDADOS!$A:$G,3,0))","v":"M3XKM"},6300,{"$f":"IF(C1502=0,\"\",VLOOKUP(C1502,BNCDADOS!$A:$G,4,0))","v":"2,83"},{"$f":"IF(C1502=0,\"\",VLOOKUP(C1502,BNCDADOS!$A:$G,5,0))","v":3.5},22050,{"$f":"IF(C1502=0,\"\",VLOOKUP(C1502,BNCDADOS!$A:$G,6,0))","v":"2,80"},{"$f":"IF(C1502=0,\"\",VLOOKUP(C1502,BNCDADOS!$A:$G,7,0))","v":3.63},22869,{"$f":"SUMIF('MC - TRECHO 04'!A:A,Orçamento!A1502,'MC - TRECHO 04'!R:R)","v":6300}]
["5.5.1.5",{"$f":"IF(C1503=0,\"\",VLOOKUP(C1503,BNCDADOS!$A:$H,8,0))","v":"SINAPI/RN\nSERVIÇO"},93592,{"$f":"IF(C1503=0,\"\",VLOOKUP(C1503,BNCDADOS!$A:$G,2,0))","v":"TRANSPORTE COM CAMINHÃO BASCULANTE DE 14 M³, EM VIA URBANA EM REVESTIMENTO PRIMÁRIO (UNIDADE: M3XKM). AF_07/2020"},{"$f":"IF(C1503=0,\"\",VLOOKUP(C1503,BNCDADOS!$A:$G,3,0))","v":"M3XKM"},12600,{"$f":"IF(C1503=0,\"\",VLOOKUP(C1503,BNCDADOS!$A:$G,4,0))","v":"2,45"},{"$f":"IF(C1503=0,\"\",VLOOKUP(C1503,BNCDADOS!$A:$G,5,0))","v":3.03},38178,{"$f":"IF(C1503=0,\"\",VLOOKUP(C1503,BNCDADOS!$A:$G,6,0))","v":"2,42"},{"$f":"IF(C1503=0,\"\",VLOOKUP(C1503,BNCDADOS!$A:$G,7,0))","v":3.14},39564,{"$f":"SUMIF('MC - TRECHO 04'!A:A,Orçamento!A1503,'MC - TRECHO 04'!R:R)","v":12600}]
["5.5.1.6",{"$f":"IF(C1504=0,\"\",VLOOKUP(C1504,BNCDADOS!$A:$H,8,0))","v":"SINAPI/RN\nSERVIÇO"},98459,{"$f":"IF(C1504=0,\"\",VLOOKUP(C1504,BNCDADOS!$A:$G,2,0))","v":"TAPUME COM TELHA METÁLICA. AF_03/2024"},{"$f":"IF(C1504=0,\"\",VLOOKUP(C1504,BNCDADOS!$A:$G,3,0))","v":"M2"},396,{"$f":"IF(C1504=0,\"\",VLOOKUP(C1504,BNCDADOS!$A:$G,4,0))","v":"101,37"},{"$f":"IF(C1504=0,\"\",VLOOKUP(C1504,BNCDADOS!$A:$G,5,0))","v":125.38},49650.48,{"$f":"IF(C1504=0,\"\",VLOOKUP(C1504,BNCDADOS!$A:$G,6,0))","v":"98,15"},{"$f":"IF(C1504=0,\"\",VLOOKUP(C1504,BNCDADOS!$A:$G,7,0))","v":127.55},50509.8,{"$f":"SUMIF('MC - TRECHO 04'!A:A,Orçamento!A1504,'MC - TRECHO 04'!R:R)","v":396}]
["5.5.1.7",{"$f":"IF(C1505=0,\"\",VLOOKUP(C1505,BNCDADOS!$A:$H,8,0))","v":"SINAPI/RN\nSERVIÇO"},99059,{"$f":"IF(C1505=0,\"\",VLOOKUP(C1505,BNCDADOS!$A:$G,2,0))","v":"LOCAÇÃO CONVENCIONAL DE OBRA, UTILIZANDO GABARITO DE TÁBUAS CORRIDAS PONTALETADAS A CADA 2,00M -  2 UTILIZAÇÕES. AF_03/2024"},{"$f":"IF(C1505=0,\"\",VLOOKUP(C1505,BNCDADOS!$A:$G,3,0))","v":"M"},114,{"$f":"IF(C1505=0,\"\",VLOOKUP(C1505,BNCDADOS!$A:$G,4,0))","v":"68,49"},{"$f":"IF(C1505=0,\"\",VLOOKUP(C1505,BNCDADOS!$A:$G,5,0))","v":84.71},9656.94,{"$f":"IF(C1505=0,\"\",VLOOKUP(C1505,BNCDADOS!$A:$G,6,0))","v":"64,82"},{"$f":"IF(C1505=0,\"\",VLOOKUP(C1505,BNCDADOS!$A:$G,7,0))","v":84.24},9603.36,{"$f":"SUMIF('MC - TRECHO 04'!A:A,Orçamento!A1505,'MC - TRECHO 04'!R:R)","v":114}]
["5.5.1.8",{"$f":"IF(C1506=0,\"\",VLOOKUP(C1506,BNCDADOS!$A:$H,8,0))","v":0},"COMP 13",{"$f":"IF(C1506=0,\"\",VLOOKUP(C1506,BNCDADOS!$A:$G,2,0))","v":"LOCAÇÃO DE CONTÊINER ALMOXARIFADO COM PISO NAVAL - 6,00M X 2,35M - PARA USO EM CANTEIRO DE OBRAS"},{"$f":"IF(C1506=0,\"\",VLOOKUP(C1506,BNCDADOS!$A:$G,3,0))","v":"UM X MÊS"},16,{"$f":"IF(C1506=0,\"\",VLOOKUP(C1506,BNCDADOS!$A:$G,4,0))","v":800.6},{"$f":"IF(C1506=0,\"\",VLOOKUP(C1506,BNCDADOS!$A:$G,5,0))","v":990.26},15844.16,{"$f":"IF(C1506=0,\"\",VLOOKUP(C1506,BNCDADOS!$A:$G,6,0))","v":800.6},{"$f":"IF(C1506=0,\"\",VLOOKUP(C1506,BNCDADOS!$A:$G,7,0))","v":1040.45},16647.2,{"$f":"SUMIF('MC - TRECHO 04'!A:A,Orçamento!A1506,'MC - TRECHO 04'!R:R)","v":16}]
["5.5.1.9",{"$f":"IF(C1507=0,\"\",VLOOKUP(C1507,BNCDADOS!$A:$H,8,0))","v":0},"COMP 01",{"$f":"IF(C1507=0,\"\",VLOOKUP(C1507,BNCDADOS!$A:$G,2,0))","v":"CANTEIRO ITINERANTE COMPOSTO DE TOLDO, CONJUNTO DE MESA E CADEIRAS E BANHEIRO QUÍMICO COM LIMPEZA DIÁRIA INCLUSO COLETA E DESTINAÇÃO FINAL DE EFLUENTES"},{"$f":"IF(C1507=0,\"\",VLOOKUP(C1507,BNCDADOS!$A:$G,3,0))","v":"UN"},8,{"$f":"IF(C1507=0,\"\",VLOOKUP(C1507,BNCDADOS!$A:$G,4,0))","v":1007.4399999999999},{"$f":"IF(C1507=0,\"\",VLOOKUP(C1507,BNCDADOS!$A:$G,5,0))","v":1246.0999999999999},9968.7999999999993,{"$f":"IF(C1507=0,\"\",VLOOKUP(C1507,BNCDADOS!$A:$G,6,0))","v":1006.4399999999999},{"$f":"IF(C1507=0,\"\",VLOOKUP(C1507,BNCDADOS!$A:$G,7,0))","v":1307.96},10463.68,{"$f":"SUMIF('MC - TRECHO 04'!A:A,Orçamento!A1507,'MC - TRECHO 04'!R:R)","v":8}]
["5.5.2",{"$f":"IF(C1508=0,\"\",VLOOKUP(C1508,BNCDADOS!$A:$G,8,0))","v":""},null,"TRABALHOS EM TERRA",{"$f":"IF(C1508=0,\"\",VLOOKUP(C1508,BNCDADOS!$A:$G,3,0))","v":""},0,{"$f":"IF(C1508=0,\"\",VLOOKUP(C1508,BNCDADOS!$A:$G,4,0))","v":""},{"$f":"IF(C1508=0,\"\",VLOOKUP(C1508,BNCDADOS!$A:$G,5,0))","v":""},{"$f":"SUM(I1510:I1520)","v":241129.17999999996},{"$f":"IF(C1508=0,\"\",VLOOKUP(C1508,BNCDADOS!$A:$G,6,0))","v":""},{"$f":"IF(C1508=0,\"\",VLOOKUP(C1508,BNCDADOS!$A:$G,7,0))","v":""},{"$f":"SUM(L1510:L1520)","v":248387.1},0]
[null,{"$f":"IF(C1509=0,\"\",VLOOKUP(C1509,BNCDADOS!$A:$G,8,0))","v":""},null,"ATERRO DA ÁREA",{"$f":"IF(C1509=0,\"\",VLOOKUP(C1509,BNCDADOS!$A:$G,3,0))","v":""},0,{"$f":"IF(C1509=0,\"\",VLOOKUP(C1509,BNCDADOS!$A:$G,4,0))","v":""},{"$nulls":5},0]
["5.5.2.1",{"$f":"IF(C1510=0,\"\",VLOOKUP(C1510,BNCDADOS!$A:$H,8,0))","v":"SINAPI/RN\nSERVIÇO"},96385,{"$f":"IF(C1510=0,\"\",VLOOKUP(C1510,BNCDADOS!$A:$G,2,0))","v":"EXECUÇÃO E COMPACTAÇÃO DE ATERRO COM SOLO PREDOMINANTEMENTE ARGILOSO - EXCLUSIVE SOLO, ESCAVAÇÃO, CARGA E TRANSPORTE. AF_11/2019"},{"$f":"IF(C1510=0,\"\",VLOOKUP(C1510,BNCDADOS!$A:$G,3,0))","v":"M3"},2240.8000000000002,{"$f":"IF(C1510=0,\"\",VLOOKUP(C1510,BNCDADOS!$A:$G,4,0))","v":"11,83"},{"$f":"IF(C1510=0,\"\",VLOOKUP(C1510,BNCDADOS!$A:$G,5,0))","v":14.63},{"$f":"IF(H1510=\"\",0,TRUNC(H1510*F1510,2))","v":32782.9},{"$f":"IF(C1510=0,\"\",VLOOKUP(C1510,BNCDADOS!$A:$G,6,0))","v":"11,38"},{"$f":"IF(C1510=0,\"\",VLOOKUP(C1510,BNCDADOS!$A:$G,7,0))","v":14.78},{"$f":"IF(K1510=\"\",0,TRUNC(K1510*F1510,2))","v":33119.019999999997},{"$f":"SUMIF('MC - TRECHO 04'!A:A,Orçamento!A1510,'MC - TRECHO 04'!R:R)","v":2240.8000000000002}]
["5.5.2.2",{"$f":"IF(C1511=0,\"\",VLOOKUP(C1511,BNCDADOS!$A:$H,8,0))","v":"SINAPI/RN\nSERVIÇO"},101232,{"$f":"IF(C1511=0,\"\",VLOOKUP(C1511,BNCDADOS!$A:$G,2,0))","v":"ESCAVAÇÃO VERTICAL PARA INFRAESTRUTURA, COM CARGA, DESCARGA E TRANSPORTE DE SOLO DE 1ª CATEGORIA, COM ESCAVADEIRA HIDRÁULICA (CAÇAMBA: 1,2 M³ / 155 HP), FROTA DE 3 CAMINHÕES BASCULANTES DE 14 M³, DMT ATÉ 1 KM E VELOCIDADE MÉDIA14 KM/H. AF_05/2020"},{"$f":"IF(C1511=0,\"\",VLOOKUP(C1511,BNCDADOS!$A:$G,3,0))","v":"M3"},2240.8000000000002,{"$f":"IF(C1511=0,\"\",VLOOKUP(C1511,BNCDADOS!$A:$G,4,0))","v":"9,80"},{"$f":"IF(C1511=0,\"\",VLOOKUP(C1511,BNCDADOS!$A:$G,5,0))","v":12.12},27158.49,{"$f":"IF(C1511=0,\"\",VLOOKUP(C1511,BNCDADOS!$A:$G,6,0))","v":"9,66"},{"$f":"IF(C1511=0,\"\",VLOOKUP(C1511,BNCDADOS!$A:$G,7,0))","v":12.55},28122.04,{"$f":"SUMIF('MC - TRECHO 04'!A:A,Orçamento!A1511,'MC - TRECHO 04'!R:R)","v":2240.8000000000002}]
["5.5.2.3",{"$f":"IF(C1512=0,\"\",VLOOKUP(C1512,BNCDADOS!$A:$H,8,0))","v":"SINAPI/RN\nSERVIÇO"},93591,{"$f":"IF(C1512=0,\"\",VLOOKUP(C1512,BNCDADOS!$A:$G,2,0))","v":"TRANSPORTE COM CAMINHÃO BASCULANTE DE 14 M³, EM VIA URBANA EM LEITO NATURAL (UNIDADE: M3XKM). AF_07/2020"},{"$f":"IF(C1512=0,\"\",VLOOKUP(C1512,BNCDADOS!$A:$G,3,0))","v":"M3XKM"},13444.8,{"$f":"IF(C1512=0,\"\",VLOOKUP(C1512,BNCDADOS!$A:$G,4,0))","v":"2,83"},{"$f":"IF(C1512=0,\"\",VLOOKUP(C1512,BNCDADOS!$A:$G,5,0))","v":3.5},47056.800000000003,{"$f":"IF(C1512=0,\"\",VLOOKUP(C1512,BNCDADOS!$A:$G,6,0))","v":"2,80"},{"$f":"IF(C1512=0,\"\",VLOOKUP(C1512,BNCDADOS!$A:$G,7,0))","v":3.63},48804.62,{"$f":"SUMIF('MC - TRECHO 04'!A:A,Orçamento!A1512,'MC - TRECHO 04'!R:R)","v":13444.8}]
["5.5.2.4",{"$f":"IF(C1513=0,\"\",VLOOKUP(C1513,BNCDADOS!$A:$H,8,0))","v":"SINAPI/RN\nSERVIÇO"},93592,{"$f":"IF(C1513=0,\"\",VLOOKUP(C1513,BNCDADOS!$A:$G,2,0))","v":"TRANSPORTE COM CAMINHÃO BASCULANTE DE 14 M³, EM VIA URBANA EM REVESTIMENTO PRIMÁRIO (UNIDADE: M3XKM). AF_07/2020"},{"$f":"IF(C1513=0,\"\",VLOOKUP(C1513,BNCDADOS!$A:$G,3,0))","v":"M3XKM"},26889.599999999999,{"$f":"IF(C1513=0,\"\",VLOOKUP(C1513,BNCDADOS!$A:$G,4,0))","v":"2,45"},{"$f":"IF(C1513=0,\"\",VLOOKUP(C1513,BNCDADOS!$A:$G,5,0))","v":3.03},81475.48,{"$f":"IF(C1513=0,\"\",VLOOKUP(C1513,BNCDADOS!$A:$G,6,0))","v":"2,42"},{"$f":"IF(C1513=0,\"\",VLOOKUP(C1513,BNCDADOS!$A:$G,7,0))","v":3.14},84433.34,{"$f":"SUMIF('MC - TRECHO 04'!A:A,Orçamento!A1513,'MC - TRECHO 04'!R:R)","v":26889.599999999999}]
["5.5.2.5",{"$f":"IF(C1514=0,\"\",VLOOKUP(C1514,BNCDADOS!$A:$H,8,0))","v":"SINAPI/RN\nSERVIÇO"},98520,{"$f":"IF(C1514=0,\"\",VLOOKUP(C1514,BNCDADOS!$A:$G,2,0))","v":"APLICAÇÃO DE ADUBO EM SOLO. AF_07/2024"},{"$f":"IF(C1514=0,\"\",VLOOKUP(C1514,BNCDADOS!$A:$G,3,0))","v":"M2"},160,{"$f":"IF(C1514=0,\"\",VLOOKUP(C1514,BNCDADOS!$A:$G,4,0))","v":"6,22"},{"$f":"IF(C1514=0,\"\",VLOOKUP(C1514,BNCDADOS!$A:$G,5,0))","v":7.69},1230.4000000000001,{"$f":"IF(C1514=0,\"\",VLOOKUP(C1514,BNCDADOS!$A:$G,6,0))","v":"6,09"},{"$f":"IF(C1514=0,\"\",VLOOKUP(C1514,BNCDADOS!$A:$G,7,0))","v":7.91},1265.5999999999999,{"$f":"SUMIF('MC - TRECHO 04'!A:A,Orçamento!A1514,'MC - TRECHO 04'!R:R)","v":160}]
["5.5.2.6",{"$f":"IF(C1515=0,\"\",VLOOKUP(C1515,BNCDADOS!$A:$H,8,0))","v":"SINAPI/RN\nSERVIÇO"},98504,{"$f":"IF(C1515=0,\"\",VLOOKUP(C1515,BNCDADOS!$A:$G,2,0))","v":"PLANTIO DE GRAMA BATATAIS EM PLACAS. AF_07/2024"},{"$f":"IF(C1515=0,\"\",VLOOKUP(C1515,BNCDADOS!$A:$G,3,0))","v":"M2"},160,{"$f":"IF(C1515=0,\"\",VLOOKUP(C1515,BNCDADOS!$A:$G,4,0))","v":"13,41"},{"$f":"IF(C1515=0,\"\",VLOOKUP(C1515,BNCDADOS!$A:$G,5,0))","v":16.579999999999998},2652.8,{"$f":"IF(C1515=0,\"\",VLOOKUP(C1515,BNCDADOS!$A:$G,6,0))","v":"13,08"},{"$f":"IF(C1515=0,\"\",VLOOKUP(C1515,BNCDADOS!$A:$G,7,0))","v":16.989999999999998},2718.4,{"$f":"SUMIF('MC - TRECHO 04'!A:A,Orçamento!A1515,'MC - TRECHO 04'!R:R)","v":160}]
[null,{"$f":"IF(C1516=0,\"\",VLOOKUP(C1516,BNCDADOS!$A:$G,8,0))","v":""},null,"SERVIÇOS DE TERRA PARA A EXECUÇÃO DAS ESTRUTURAS",{"$f":"IF(C1516=0,\"\",VLOOKUP(C1516,BNCDADOS!$A:$G,3,0))","v":""},0,{"$f":"IF(C1516=0,\"\",VLOOKUP(C1516,BNCDADOS!$A:$G,4,0))","v":""},{"$nulls":5},0]
["5.5.2.7",{"$f":"IF(C1517=0,\"\",VLOOKUP(C1517,BNCDADOS!$A:$H,8,0))","v":"SINAPI/RN\nSERVIÇO"},96525,{"$f":"IF(C1517=0,\"\",VLOOKUP(C1517,BNCDADOS!$A:$G,2,0))","v":"ESCAVAÇÃO MECANIZADA PARA VIGA BALDRAME OU SAPATA CORRIDA COM MINI-ESCAVADEIRA (INCLUINDO ESCAVAÇÃO PARA COLOCAÇÃO DE FÔRMAS). AF_01/2024"},{"$f":"IF(C1517=0,\"\",VLOOKUP(C1517,BNCDADOS!$A:$G,3,0))","v":"M3"},27,{"$f":"IF(C1517=0,\"\",VLOOKUP(C1517,BNCDADOS!$A:$G,4,0))","v":"55,00"},{"$f":"IF(C1517=0,\"\",VLOOKUP(C1517,BNCDADOS!$A:$G,5,0))","v":68.02},{"$f":"IF(H1517=\"\",0,TRUNC(H1517*F1517,2))","v":1836.54},{"$f":"IF(C1517=0,\"\",VLOOKUP(C1517,BNCDADOS!$A:$G,6,0))","v":"52,42"},{"$f":"IF(C1517=0,\"\",VLOOKUP(C1517,BNCDADOS!$A:$G,7,0))","v":68.12},{"$f":"IF(K1517=\"\",0,TRUNC(K1517*F1517,2))","v":1839.24},{"$f":"SUMIF('MC - TRECHO 04'!A:A,Orçamento!A1517,'MC - TRECHO 04'!R:R)","v":27}]
["5.5.2.8",{"$f":"IF(C1518=0,\"\",VLOOKUP(C1518,BNCDADOS!$A:$H,8,0))","v":"SINAPI/RN\nSERVIÇO"},93382,{"$f":"IF(C1518=0,\"\",VLOOKUP(C1518,BNCDADOS!$A:$G,2,0))","v":"REATERRO MANUAL DE VALAS, COM COMPACTADOR DE SOLOS DE PERCUSSÃO. AF_08/2023"},{"$f":"IF(C1518=0,\"\",VLOOKUP(C1518,BNCDADOS!$A:$G,3,0))","v":"M3"},19.440000000000001,{"$f":"IF(C1518=0,\"\",VLOOKUP(C1518,BNCDADOS!$A:$G,4,0))","v":"25,08"},{"$f":"IF(C1518=0,\"\",VLOOKUP(C1518,BNCDADOS!$A:$G,5,0))","v":31.02},{"$f":"IF(H1518=\"\",0,TRUNC(H1518*F1518,2))","v":603.02},{"$f":"IF(C1518=0,\"\",VLOOKUP(C1518,BNCDADOS!$A:$G,6,0))","v":"22,89"},{"$f":"IF(C1518=0,\"\",VLOOKUP(C1518,BNCDADOS!$A:$G,7,0))","v":29.74},{"$f":"IF(K1518=\"\",0,TRUNC(K1518*F1518,2))","v":578.14},{"$f":"SUMIF('MC - TRECHO 04'!A:A,Orçamento!A1518,'MC - TRECHO 04'!R:R)","v":19.440000000000001}]
["5.5.2.9",{"$f":"IF(C1519=0,\"\",VLOOKUP(C1519,BNCDADOS!$A:$H,8,0))","v":"SINAPI/RN\nSERVIÇO"},101206,{"$f":"IF(C1519=0,\"\",VLOOKUP(C1519,BNCDADOS!$A:$G,2,0))","v":"ESCAVAÇÃO VERTICAL PARA  EDIFICAÇÃO, COM CARGA, DESCARGA E TRANSPORTE DE SOLO DE 1ª CATEGORIA, COM ESCAVADEIRA HIDRÁULICA (CAÇAMBA: 0,8 M³ / 111 HP), FROTA DE 3 CAMINHÕES BASCULANTES DE 14 M³, DMT ATÉ 1 KM E VELOCIDADE MÉDIA 14 KM/H. AF_05/2020"},{"$f":"IF(C1519=0,\"\",VLOOKUP(C1519,BNCDADOS!$A:$G,3,0))","v":"M3"},2393.6,{"$f":"IF(C1519=0,\"\",VLOOKUP(C1519,BNCDADOS!$A:$G,4,0))","v":"13,00"},{"$f":"IF(C1519=0,\"\",VLOOKUP(C1519,BNCDADOS!$A:$G,5,0))","v":16.07},{"$f":"IF(H1519=\"\",0,TRUNC(H1519*F1519,2))","v":38465.15},{"$f":"IF(C1519=0,\"\",VLOOKUP(C1519,BNCDADOS!$A:$G,6,0))","v":"12,77"},{"$f":"IF(C1519=0,\"\",VLOOKUP(C1519,BNCDADOS!$A:$G,7,0))","v":16.59},{"$f":"IF(K1519=\"\",0,TRUNC(K1519*F1519,2))","v":39709.82},{"$f":"SUMIF('MC - TRECHO 04'!A:A,Orçamento!A1519,'MC - TRECHO 04'!R:R)","v":2393.6}]
["5.5.2.10",{"$f":"IF(C1520=0,\"\",VLOOKUP(C1520,BNCDADOS!$A:$H,8,0))","v":"SINAPI/RN\nSERVIÇO"},93379,{"$f":"IF(C1520=0,\"\",VLOOKUP(C1520,BNCDADOS!$A:$G,2,0))","v":"REATERRO MECANIZADO DE VALA COM RETROESCAVADEIRA (CAPACIDADE DA CAÇAMBA   DA RETRO: 0,26 M³/POTÊNCIA: 88 HP), LARGURA 0,8 A 1,5 M, PROFUNDIDADE ATÉ 1,5 M, COM SOLO (SEM SUBSTITUIÇÃO) DE 1ª CATEGORIA, COM COMPACTADOR DE SOLOS DE PERCUSSÃO AF_08/2023"},{"$f":"IF(C1520=0,\"\",VLOOKUP(C1520,BNCDADOS!$A:$G,3,0))","v":"M3"},353.6,{"$f":"IF(C1520=0,\"\",VLOOKUP(C1520,BNCDADOS!$A:$G,4,0))","v":"17,99"},{"$f":"IF(C1520=0,\"\",VLOOKUP(C1520,BNCDADOS!$A:$G,5,0))","v":22.25},{"$f":"IF(H1520=\"\",0,TRUNC(H1520*F1520,2))","v":7867.6},{"$f":"IF(C1520=0,\"\",VLOOKUP(C1520,BNCDADOS!$A:$G,6,0))","v":"16,97"},{"$f":"IF(C1520=0,\"\",VLOOKUP(C1520,BNCDADOS!$A:$G,7,0))","v":22.05},{"$f":"IF(K1520=\"\",0,TRUNC(K1520*F1520,2))","v":7796.88},{"$f":"SUMIF('MC - TRECHO 04'!A:A,Orçamento!A1520,'MC - TRECHO 04'!R:R)","v":353.59999999999991}]
["5.5.3",{"$f":"IF(C1521=0,\"\",VLOOKUP(C1521,BNCDADOS!$A:$G,8,0))","v":""},null,"ESTRUTURA",{"$f":"IF(C1521=0,\"\",VLOOKUP(C1521,BNCDADOS!$A:$G,3,0))","v":""},0,{"$f":"IF(C1521=0,\"\",VLOOKUP(C1521,BNCDADOS!$A:$G,4,0))","v":""},{"$f":"IF(C1521=0,\"\",VLOOKUP(C1521,BNCDADOS!$A:$G,5,0))","v":""},{"$f":"SUM(I1522:I1535)","v":967065.8},{"$f":"IF(C1521=0,\"\",VLOOKUP(C1521,BNCDADOS!$A:$G,6,0))","v":""},{"$f":"IF(C1521=0,\"\",VLOOKUP(C1521,BNCDADOS!$A:$G,7,0))","v":""},{"$f":"SUM(L1522:L1535)","v":1000639.5599999998},0]
["5.5.3.1",{"$f":"IF(C1522=0,\"\",VLOOKUP(C1522,BNCDADOS!$A:$H,8,0))","v":"SINAPI/RN\nSERVIÇO"},95241,{"$f":"IF(C1522=0,\"\",VLOOKUP(C1522,BNCDADOS!$A:$G,2,0))","v":"LASTRO DE CONCRETO MAGRO, APLICADO EM PISOS, LAJES SOBRE SOLO OU RADIERS, ESPESSURA DE 5 CM. AF_01/2024"},{"$f":"IF(C1522=0,\"\",VLOOKUP(C1522,BNCDADOS!$A:$G,3,0))","v":"M2"},600,{"$f":"IF(C1522=0,\"\",VLOOKUP(C1522,BNCDADOS!$A:$G,4,0))","v":"36,15"},{"$f":"IF(C1522=0,\"\",VLOOKUP(C1522,BNCDADOS!$A:$G,5,0))","v":44.71},{"$f":"IF(H1522=\"\",0,TRUNC(H1522*F1522,2))","v":26826},{"$f":"IF(C1522=0,\"\",VLOOKUP(C1522,BNCDADOS!$A:$G,6,0))","v":"34,74"},{"$f":"IF(C1522=0,\"\",VLOOKUP(C1522,BNCDADOS!$A:$G,7,0))","v":45.14},{"$f":"IF(K1522=\"\",0,TRUNC(K1522*F1522,2))","v":27084},{"$f":"SUMIF('MC - TRECHO 04'!A:A,Orçamento!A1522,'MC - TRECHO 04'!R:R)","v":600}]
["5.5.3.2",{"$f":"IF(C1523=0,\"\",VLOOKUP(C1523,BNCDADOS!$A:$H,8,0))","v":"SINAPI/RN\nSERVIÇO"},103800,{"$f":"IF(C1523=0,\"\",VLOOKUP(C1523,BNCDADOS!$A:$G,2,0))","v":"PEDRA ARGAMASSADA COM CIMENTO E AREIA 1:3, 40% DE ARGAMASSA EM VOLUME - AREIA E PEDRA DE MÃO COMERCIAIS - FORNECIMENTO E ASSENTAMENTO. AF_08/2022"},{"$f":"IF(C1523=0,\"\",VLOOKUP(C1523,BNCDADOS!$A:$G,3,0))","v":"M3"},12.36,{"$f":"IF(C1523=0,\"\",VLOOKUP(C1523,BNCDADOS!$A:$G,4,0))","v":"534,85"},{"$f":"IF(C1523=0,\"\",VLOOKUP(C1523,BNCDADOS!$A:$G,5,0))","v":661.55},8176.75,{"$f":"IF(C1523=0,\"\",VLOOKUP(C1523,BNCDADOS!$A:$G,6,0))","v":"515,06"},{"$f":"IF(C1523=0,\"\",VLOOKUP(C1523,BNCDADOS!$A:$G,7,0))","v":669.37},8273.41,{"$f":"SUMIF('MC - TRECHO 04'!A:A,Orçamento!A1523,'MC - TRECHO 04'!R:R)","v":12.36}]
["5.5.3.3",{"$f":"IF(C1524=0,\"\",VLOOKUP(C1524,BNCDADOS!$A:$H,8,0))","v":"SINAPI/RN\nSERVIÇO"},92916,{"$f":"IF(C1524=0,\"\",VLOOKUP(C1524,BNCDADOS!$A:$G,2,0))","v":"ARMAÇÃO DE ESTRUTURAS DIVERSAS DE CONCRETO ARMADO, EXCETO VIGAS, PILARES, LAJES E FUNDAÇÕES, UTILIZANDO AÇO CA-50 DE 6,3 MM - MONTAGEM. AF_06/2022"},{"$f":"IF(C1524=0,\"\",VLOOKUP(C1524,BNCDADOS!$A:$G,3,0))","v":"KG"},343.02,{"$f":"IF(C1524=0,\"\",VLOOKUP(C1524,BNCDADOS!$A:$G,4,0))","v":"15,76"},{"$f":"IF(C1524=0,\"\",VLOOKUP(C1524,BNCDADOS!$A:$G,5,0))","v":19.489999999999998},6685.45,{"$f":"IF(C1524=0,\"\",VLOOKUP(C1524,BNCDADOS!$A:$G,6,0))","v":"15,19"},{"$f":"IF(C1524=0,\"\",VLOOKUP(C1524,BNCDADOS!$A:$G,7,0))","v":19.739999999999998},6771.21,{"$f":"SUMIF('MC - TRECHO 04'!A:A,Orçamento!A1524,'MC - TRECHO 04'!R:R)","v":343.02}]
["5.5.3.4",{"$f":"IF(C1525=0,\"\",VLOOKUP(C1525,BNCDADOS!$A:$H,8,0))","v":"SINAPI/RN\nSERVIÇO"},92917,{"$f":"IF(C1525=0,\"\",VLOOKUP(C1525,BNCDADOS!$A:$G,2,0))","v":"ARMAÇÃO DE ESTRUTURAS DIVERSAS DE CONCRETO ARMADO, EXCETO VIGAS, PILARES, LAJES E FUNDAÇÕES, UTILIZANDO AÇO CA-50 DE 8,0 MM - MONTAGEM. AF_06/2022"},{"$f":"IF(C1525=0,\"\",VLOOKUP(C1525,BNCDADOS!$A:$G,3,0))","v":"KG"},313,{"$f":"IF(C1525=0,\"\",VLOOKUP(C1525,BNCDADOS!$A:$G,4,0))","v":"14,39"},{"$f":"IF(C1525=0,\"\",VLOOKUP(C1525,BNCDADOS!$A:$G,5,0))","v":17.79},5568.27,{"$f":"IF(C1525=0,\"\",VLOOKUP(C1525,BNCDADOS!$A:$G,6,0))","v":"14,00"},{"$f":"IF(C1525=0,\"\",VLOOKUP(C1525,BNCDADOS!$A:$G,7,0))","v":18.190000000000001},5693.47,{"$f":"SUMIF('MC - TRECHO 04'!A:A,Orçamento!A1525,'MC - TRECHO 04'!R:R)","v":313}]
["5.5.3.5",{"$f":"IF(C1526=0,\"\",VLOOKUP(C1526,BNCDADOS!$A:$H,8,0))","v":"SINAPI/RN\nSERVIÇO"},92919,{"$f":"IF(C1526=0,\"\",VLOOKUP(C1526,BNCDADOS!$A:$G,2,0))","v":"ARMAÇÃO DE ESTRUTURAS DIVERSAS DE CONCRETO ARMADO, EXCETO VIGAS, PILARES, LAJES E FUNDAÇÕES, UTILIZANDO AÇO CA-50 DE 10,0 MM - MONTAGEM. AF_06/2022"},{"$f":"IF(C1526=0,\"\",VLOOKUP(C1526,BNCDADOS!$A:$G,3,0))","v":"KG"},3106,{"$f":"IF(C1526=0,\"\",VLOOKUP(C1526,BNCDADOS!$A:$G,4,0))","v":"12,59"},{"$f":"IF(C1526=0,\"\",VLOOKUP(C1526,BNCDADOS!$A:$G,5,0))","v":15.57},48360.42,{"$f":"IF(C1526=0,\"\",VLOOKUP(C1526,BNCDADOS!$A:$G,6,0))","v":"12,31"},{"$f":"IF(C1526=0,\"\",VLOOKUP(C1526,BNCDADOS!$A:$G,7,0))","v":15.99},49664.94,{"$f":"SUMIF('MC - TRECHO 04'!A:A,Orçamento!A1526,'MC - TRECHO 04'!R:R)","v":3106}]
["5.5.3.6",{"$f":"IF(C1527=0,\"\",VLOOKUP(C1527,BNCDADOS!$A:$H,8,0))","v":"SINAPI/RN\nSERVIÇO"},92921,{"$f":"IF(C1527=0,\"\",VLOOKUP(C1527,BNCDADOS!$A:$G,2,0))","v":"ARMAÇÃO DE ESTRUTURAS DIVERSAS DE CONCRETO ARMADO, EXCETO VIGAS, PILARES, LAJES E FUNDAÇÕES, UTILIZANDO AÇO CA-50 DE 12,5 MM - MONTAGEM. AF_06/2022"},{"$f":"IF(C1527=0,\"\",VLOOKUP(C1527,BNCDADOS!$A:$G,3,0))","v":"KG"},496,{"$f":"IF(C1527=0,\"\",VLOOKUP(C1527,BNCDADOS!$A:$G,4,0))","v":"10,41"},{"$f":"IF(C1527=0,\"\",VLOOKUP(C1527,BNCDADOS!$A:$G,5,0))","v":12.87},6383.52,{"$f":"IF(C1527=0,\"\",VLOOKUP(C1527,BNCDADOS!$A:$G,6,0))","v":"10,23"},{"$f":"IF(C1527=0,\"\",VLOOKUP(C1527,BNCDADOS!$A:$G,7,0))","v":13.29},6591.84,{"$f":"SUMIF('MC - TRECHO 04'!A:A,Orçamento!A1527,'MC - TRECHO 04'!R:R)","v":496}]
["5.5.3.7",{"$f":"IF(C1528=0,\"\",VLOOKUP(C1528,BNCDADOS!$A:$H,8,0))","v":"SINAPI/RN\nSERVIÇO"},92922,{"$f":"IF(C1528=0,\"\",VLOOKUP(C1528,BNCDADOS!$A:$G,2,0))","v":"ARMAÇÃO DE ESTRUTURAS DIVERSAS DE CONCRETO ARMADO, EXCETO VIGAS, PILARES, LAJES E FUNDAÇÕES, UTILIZANDO AÇO CA-50 DE 16,0 MM - MONTAGEM. AF_06/2022"},{"$f":"IF(C1528=0,\"\",VLOOKUP(C1528,BNCDADOS!$A:$G,3,0))","v":"KG"},26883,{"$f":"IF(C1528=0,\"\",VLOOKUP(C1528,BNCDADOS!$A:$G,4,0))","v":"9,94"},{"$f":"IF(C1528=0,\"\",VLOOKUP(C1528,BNCDADOS!$A:$G,5,0))","v":12.29},330392.07,{"$f":"IF(C1528=0,\"\",VLOOKUP(C1528,BNCDADOS!$A:$G,6,0))","v":"9,82"},{"$f":"IF(C1528=0,\"\",VLOOKUP(C1528,BNCDADOS!$A:$G,7,0))","v":12.76},343027.08,{"$f":"SUMIF('MC - TRECHO 04'!A:A,Orçamento!A1528,'MC - TRECHO 04'!R:R)","v":26883}]
["5.5.3.8",{"$f":"IF(C1529=0,\"\",VLOOKUP(C1529,BNCDADOS!$A:$H,8,0))","v":"SINAPI/RN\nSERVIÇO"},92924,{"$f":"IF(C1529=0,\"\",VLOOKUP(C1529,BNCDADOS!$A:$G,2,0))","v":"ARMAÇÃO DE ESTRUTURAS DIVERSAS DE CONCRETO ARMADO, EXCETO VIGAS, PILARES, LAJES E FUNDAÇÕES, UTILIZANDO AÇO CA-50 DE 25,0 MM - MONTAGEM. AF_06/2022"},{"$f":"IF(C1529=0,\"\",VLOOKUP(C1529,BNCDADOS!$A:$G,3,0))","v":"KG"},2613,{"$f":"IF(C1529=0,\"\",VLOOKUP(C1529,BNCDADOS!$A:$G,4,0))","v":"10,97"},{"$f":"IF(C1529=0,\"\",VLOOKUP(C1529,BNCDADOS!$A:$G,5,0))","v":13.56},35432.28,{"$f":"IF(C1529=0,\"\",VLOOKUP(C1529,BNCDADOS!$A:$G,6,0))","v":"10,88"},{"$f":"IF(C1529=0,\"\",VLOOKUP(C1529,BNCDADOS!$A:$G,7,0))","v":14.13},36921.69,{"$f":"SUMIF('MC - TRECHO 04'!A:A,Orçamento!A1529,'MC - TRECHO 04'!R:R)","v":2613}]
["5.5.3.9",{"$f":"IF(C1530=0,\"\",VLOOKUP(C1530,BNCDADOS!$A:$H,8,0))","v":"SINAPI/RN\nSERVIÇO"},92769,{"$f":"IF(C1530=0,\"\",VLOOKUP(C1530,BNCDADOS!$A:$G,2,0))","v":"ARMAÇÃO DE LAJE DE ESTRUTURA CONVENCIONAL DE CONCRETO ARMADO UTILIZANDO AÇO CA-50 DE 6,3 MM - MONTAGEM. AF_06/2022"},{"$f":"IF(C1530=0,\"\",VLOOKUP(C1530,BNCDADOS!$A:$G,3,0))","v":"KG"},446.98,{"$f":"IF(C1530=0,\"\",VLOOKUP(C1530,BNCDADOS!$A:$G,4,0))","v":"13,27"},{"$f":"IF(C1530=0,\"\",VLOOKUP(C1530,BNCDADOS!$A:$G,5,0))","v":16.41},7334.94,{"$f":"IF(C1530=0,\"\",VLOOKUP(C1530,BNCDADOS!$A:$G,6,0))","v":"12,98"},{"$f":"IF(C1530=0,\"\",VLOOKUP(C1530,BNCDADOS!$A:$G,7,0))","v":16.86},7536.08,{"$f":"SUMIF('MC - TRECHO 04'!A:A,Orçamento!A1530,'MC - TRECHO 04'!R:R)","v":446.98}]
["5.5.3.10",{"$f":"IF(C1531=0,\"\",VLOOKUP(C1531,BNCDADOS!$A:$H,8,0))","v":"SINAPI/RN\nSERVIÇO"},92771,{"$f":"IF(C1531=0,\"\",VLOOKUP(C1531,BNCDADOS!$A:$G,2,0))","v":"ARMAÇÃO DE LAJE DE ESTRUTURA CONVENCIONAL DE CONCRETO ARMADO UTILIZANDO AÇO CA-50 DE 10,0 MM - MONTAGEM. AF_06/2022"},{"$f":"IF(C1531=0,\"\",VLOOKUP(C1531,BNCDADOS!$A:$G,3,0))","v":"KG"},2513,{"$f":"IF(C1531=0,\"\",VLOOKUP(C1531,BNCDADOS!$A:$G,4,0))","v":"11,15"},{"$f":"IF(C1531=0,\"\",VLOOKUP(C1531,BNCDADOS!$A:$G,5,0))","v":13.79},34654.269999999997,{"$f":"IF(C1531=0,\"\",VLOOKUP(C1531,BNCDADOS!$A:$G,6,0))","v":"11,03"},{"$f":"IF(C1531=0,\"\",VLOOKUP(C1531,BNCDADOS!$A:$G,7,0))","v":14.33},36011.29,{"$f":"SUMIF('MC - TRECHO 04'!A:A,Orçamento!A1531,'MC - TRECHO 04'!R:R)","v":2513}]
["5.5.3.11",{"$f":"IF(C1532=0,\"\",VLOOKUP(C1532,BNCDADOS!$A:$H,8,0))","v":"SINAPI/RN\nSERVIÇO"},92772,{"$f":"IF(C1532=0,\"\",VLOOKUP(C1532,BNCDADOS!$A:$G,2,0))","v":"ARMAÇÃO DE LAJE DE ESTRUTURA CONVENCIONAL DE CONCRETO ARMADO UTILIZANDO AÇO CA-50 DE 12,5 MM - MONTAGEM. AF_06/2022"},{"$f":"IF(C1532=0,\"\",VLOOKUP(C1532,BNCDADOS!$A:$G,3,0))","v":"KG"},3821,{"$f":"IF(C1532=0,\"\",VLOOKUP(C1532,BNCDADOS!$A:$G,4,0))","v":"9,37"},{"$f":"IF(C1532=0,\"\",VLOOKUP(C1532,BNCDADOS!$A:$G,5,0))","v":11.58},44247.18,{"$f":"IF(C1532=0,\"\",VLOOKUP(C1532,BNCDADOS!$A:$G,6,0))","v":"9,29"},{"$f":"IF(C1532=0,\"\",VLOOKUP(C1532,BNCDADOS!$A:$G,7,0))","v":12.07},46119.47,{"$f":"SUMIF('MC - TRECHO 04'!A:A,Orçamento!A1532,'MC - TRECHO 04'!R:R)","v":3821}]
["5.5.3.12",{"$f":"IF(C1533=0,\"\",VLOOKUP(C1533,BNCDADOS!$A:$H,8,0))","v":"SINAPI/RN\nSERVIÇO"},92773,{"$f":"IF(C1533=0,\"\",VLOOKUP(C1533,BNCDADOS!$A:$G,2,0))","v":"ARMAÇÃO DE LAJE DE ESTRUTURA CONVENCIONAL DE CONCRETO ARMADO UTILIZANDO AÇO CA-50 DE 16,0 MM - MONTAGEM. AF_06/2022"},{"$f":"IF(C1533=0,\"\",VLOOKUP(C1533,BNCDADOS!$A:$G,3,0))","v":"KG"},5582,{"$f":"IF(C1533=0,\"\",VLOOKUP(C1533,BNCDADOS!$A:$G,4,0))","v":"9,19"},{"$f":"IF(C1533=0,\"\",VLOOKUP(C1533,BNCDADOS!$A:$G,5,0))","v":11.36},63411.519999999997,{"$f":"IF(C1533=0,\"\",VLOOKUP(C1533,BNCDADOS!$A:$G,6,0))","v":"9,14"},{"$f":"IF(C1533=0,\"\",VLOOKUP(C1533,BNCDADOS!$A:$G,7,0))","v":11.87},66258.34,{"$f":"SUMIF('MC - TRECHO 04'!A:A,Orçamento!A1533,'MC - TRECHO 04'!R:R)","v":5582}]
["5.5.3.13",{"$f":"IF(C1534=0,\"\",VLOOKUP(C1534,BNCDADOS!$A:$H,8,0))","v":0},"COMP 20",{"$f":"IF(C1534=0,\"\",VLOOKUP(C1534,BNCDADOS!$A:$G,2,0))","v":"CONCRETAGEM DE ESTRUTURAS, FCK = 40 MPA, COM USO DE BOMBA EM EDIFICAÇÕES DIVERSAS - LANÇAMENTO, ADENSAMENTO E ACABAMENTO"},{"$f":"IF(C1534=0,\"\",VLOOKUP(C1534,BNCDADOS!$A:$G,3,0))","v":"M3    "},318.98,{"$f":"IF(C1534=0,\"\",VLOOKUP(C1534,BNCDADOS!$A:$G,4,0))","v":852.28},{"$f":"IF(C1534=0,\"\",VLOOKUP(C1534,BNCDADOS!$A:$G,5,0))","v":1054.18},336262.33,{"$f":"IF(C1534=0,\"\",VLOOKUP(C1534,BNCDADOS!$A:$G,6,0))","v":837.56},{"$f":"IF(C1534=0,\"\",VLOOKUP(C1534,BNCDADOS!$A:$G,7,0))","v":1088.49},347206.54,{"$f":"SUMIF('MC - TRECHO 04'!A:A,Orçamento!A1534,'MC - TRECHO 04'!R:R)","v":318.98}]
["5.5.3.14",{"$f":"IF(C1535=0,\"\",VLOOKUP(C1535,BNCDADOS!$A:$H,8,0))","v":"SINAPI/RN\nSERVIÇO"},93205,{"$f":"IF(C1535=0,\"\",VLOOKUP(C1535,BNCDADOS!$A:$G,2,0))","v":"CINTA DE AMARRAÇÃO DE ALVENARIA MOLDADA IN LOCO COM UTILIZAÇÃO DE BLOCOS CANALETA, ESPESSURA DE *20* CM. AF_03/2024"},{"$f":"IF(C1535=0,\"\",VLOOKUP(C1535,BNCDADOS!$A:$G,3,0))","v":"M"},180,{"$f":"IF(C1535=0,\"\",VLOOKUP(C1535,BNCDADOS!$A:$G,4,0))","v":"59,88"},{"$f":"IF(C1535=0,\"\",VLOOKUP(C1535,BNCDADOS!$A:$G,5,0))","v":74.06},13330.8,{"$f":"IF(C1535=0,\"\",VLOOKUP(C1535,BNCDADOS!$A:$G,6,0))","v":"57,63"},{"$f":"IF(C1535=0,\"\",VLOOKUP(C1535,BNCDADOS!$A:$G,7,0))","v":74.89},13480.2,{"$f":"SUMIF('MC - TRECHO 04'!A:A,Orçamento!A1535,'MC - TRECHO 04'!R:R)","v":180}]
["5.5.4",{"$f":"IF(C1536=0,\"\",VLOOKUP(C1536,BNCDADOS!$A:$G,8,0))","v":""},null,"ALVENARIAS E REVESTIMENTOS",{"$f":"IF(C1536=0,\"\",VLOOKUP(C1536,BNCDADOS!$A:$G,3,0))","v":""},0,{"$f":"IF(C1536=0,\"\",VLOOKUP(C1536,BNCDADOS!$A:$G,4,0))","v":""},{"$f":"IF(C1536=0,\"\",VLOOKUP(C1536,BNCDADOS!$A:$G,5,0))","v":""},{"$f":"SUM(I1537:I1541)","v":166888.56},{"$f":"IF(C1536=0,\"\",VLOOKUP(C1536,BNCDADOS!$A:$G,6,0))","v":""},{"$f":"IF(C1536=0,\"\",VLOOKUP(C1536,BNCDADOS!$A:$G,7,0))","v":""},{"$f":"SUM(L1537:L1541)","v":167294.5},0]
["5.5.4.1",{"$f":"IF(C1537=0,\"\",VLOOKUP(C1537,BNCDADOS!$A:$H,8,0))","v":"SINAPI/RN\nSERVIÇO"},103338,{"$f":"IF(C1537=0,\"\",VLOOKUP(C1537,BNCDADOS!$A:$G,2,0))","v":"ALVENARIA DE VEDAÇÃO DE BLOCOS  VAZADOS DE CONCRETO APARENTE DE 14X19X39 CM (ESPESSURA 14 CM) E ARGAMASSA DE ASSENTAMENTO COM PREPARO EM BETONEIRA. AF_12/2021"},{"$f":"IF(C1537=0,\"\",VLOOKUP(C1537,BNCDADOS!$A:$G,3,0))","v":"M2"},432,{"$f":"IF(C1537=0,\"\",VLOOKUP(C1537,BNCDADOS!$A:$G,4,0))","v":"111,81"},{"$f":"IF(C1537=0,\"\",VLOOKUP(C1537,BNCDADOS!$A:$G,5,0))","v":138.29},{"$f":"IF(H1537=\"\",0,TRUNC(H1537*F1537,2))","v":59741.279999999999},{"$f":"IF(C1537=0,\"\",VLOOKUP(C1537,BNCDADOS!$A:$G,6,0))","v":"106,87"},{"$f":"IF(C1537=0,\"\",VLOOKUP(C1537,BNCDADOS!$A:$G,7,0))","v":138.88},{"$f":"IF(K1537=\"\",0,TRUNC(K1537*F1537,2))","v":59996.160000000003},{"$f":"SUMIF('MC - TRECHO 04'!A:A,Orçamento!A1537,'MC - TRECHO 04'!R:R)","v":432}]
["5.5.4.2",{"$f":"IF(C1538=0,\"\",VLOOKUP(C1538,BNCDADOS!$A:$H,8,0))","v":"SINAPI/RN\nSERVIÇO"},87879,{"$f":"IF(C1538=0,\"\",VLOOKUP(C1538,BNCDADOS!$A:$G,2,0))","v":"CHAPISCO APLICADO EM ALVENARIAS E ESTRUTURAS DE CONCRETO INTERNAS, COM COLHER DE PEDREIRO.  ARGAMASSA TRAÇO 1:3 COM PREPARO EM BETONEIRA 400L. AF_10/2022"},{"$f":"IF(C1538=0,\"\",VLOOKUP(C1538,BNCDADOS!$A:$G,3,0))","v":"M2"},864,{"$f":"IF(C1538=0,\"\",VLOOKUP(C1538,BNCDADOS!$A:$G,4,0))","v":"4,06"},{"$f":"IF(C1538=0,\"\",VLOOKUP(C1538,BNCDADOS!$A:$G,5,0))","v":5.0199999999999996},4337.28,{"$f":"IF(C1538=0,\"\",VLOOKUP(C1538,BNCDADOS!$A:$G,6,0))","v":"3,78"},{"$f":"IF(C1538=0,\"\",VLOOKUP(C1538,BNCDADOS!$A:$G,7,0))","v":4.91},4242.24,{"$f":"SUMIF('MC - TRECHO 04'!A:A,Orçamento!A1538,'MC - TRECHO 04'!R:R)","v":864}]
["5.5.4.3",{"$f":"IF(C1539=0,\"\",VLOOKUP(C1539,BNCDADOS!$A:$H,8,0))","v":"SINAPI/RN\nSERVIÇO"},89173,{"$f":"IF(C1539=0,\"\",VLOOKUP(C1539,BNCDADOS!$A:$G,2,0))","v":"(COMPOSIÇÃO REPRESENTATIVA) DO SERVIÇO DE EMBOÇO/MASSA ÚNICA, APLICADO MANUALMENTE, TRAÇO 1:2:8, EM BETONEIRA DE 400L, PAREDES INTERNAS, COM EXECUÇÃO DE TALISCAS, EDIFICAÇÃO HABITACIONAL UNIFAMILIAR (CASAS) E EDIFICAÇÃO PÚBLICA PADRÃO. AF_12/2014"},{"$f":"IF(C1539=0,\"\",VLOOKUP(C1539,BNCDADOS!$A:$G,3,0))","v":"m²"},1728,{"$f":"IF(C1539=0,\"\",VLOOKUP(C1539,BNCDADOS!$A:$G,4,0))","v":32},{"$f":"IF(C1539=0,\"\",VLOOKUP(C1539,BNCDADOS!$A:$G,5,0))","v":39.58},68394.240000000005,{"$f":"IF(C1539=0,\"\",VLOOKUP(C1539,BNCDADOS!$A:$G,6,0))","v":29.96},{"$f":"IF(C1539=0,\"\",VLOOKUP(C1539,BNCDADOS!$A:$G,7,0))","v":38.93},67271.039999999994,{"$f":"SUMIF('MC - TRECHO 04'!A:A,Orçamento!A1539,'MC - TRECHO 04'!R:R)","v":1728}]
["5.5.4.4",{"$f":"IF(C1540=0,\"\",VLOOKUP(C1540,BNCDADOS!$A:$H,8,0))","v":"SINAPI/RN\nSERVIÇO"},89045,{"$f":"IF(C1540=0,\"\",VLOOKUP(C1540,BNCDADOS!$A:$G,2,0))","v":"(COMPOSIÇÃO REPRESENTATIVA) DO SERVIÇO DE REVESTIMENTO CERÂMICO PARA AMBIENTES DE ÁREAS MOLHADAS, MEIA PAREDE OU PAREDE INTEIRA, COM PLACAS TIPO ESMALTADA EXTRA, DIMENSÕES 20X20 CM, PARA EDIFICAÇÃO HABITACIONAL MULTIFAMILIAR (PRÉDIO). AF_11/2014"},{"$f":"IF(C1540=0,\"\",VLOOKUP(C1540,BNCDADOS!$A:$G,3,0))","v":"M²"},25.8,{"$f":"IF(C1540=0,\"\",VLOOKUP(C1540,BNCDADOS!$A:$G,4,0))","v":67.73},{"$f":"IF(C1540=0,\"\",VLOOKUP(C1540,BNCDADOS!$A:$G,5,0))","v":83.77},2161.2600000000002,{"$f":"IF(C1540=0,\"\",VLOOKUP(C1540,BNCDADOS!$A:$G,6,0))","v":65.709999999999994},{"$f":"IF(C1540=0,\"\",VLOOKUP(C1540,BNCDADOS!$A:$G,7,0))","v":85.39},2203.06,{"$f":"SUMIF('MC - TRECHO 04'!A:A,Orçamento!A1540,'MC - TRECHO 04'!R:R)","v":25.799999999999997}]
["5.5.4.5",{"$f":"IF(C1541=0,\"\",VLOOKUP(C1541,BNCDADOS!$A:$H,8,0))","v":"SINAPI/RN\nSERVIÇO"},98553,{"$f":"IF(C1541=0,\"\",VLOOKUP(C1541,BNCDADOS!$A:$G,2,0))","v":"IMPERMEABILIZAÇÃO DE SUPERFÍCIE COM MEMBRANA À BASE DE POLIURETANO, 2 DEMÃOS. AF_09/2023"},{"$f":"IF(C1541=0,\"\",VLOOKUP(C1541,BNCDADOS!$A:$G,3,0))","v":"M2"},150,{"$f":"IF(C1541=0,\"\",VLOOKUP(C1541,BNCDADOS!$A:$G,4,0))","v":"173,85"},{"$f":"IF(C1541=0,\"\",VLOOKUP(C1541,BNCDADOS!$A:$G,5,0))","v":215.03},32254.5,{"$f":"IF(C1541=0,\"\",VLOOKUP(C1541,BNCDADOS!$A:$G,6,0))","v":"172,27"},{"$f":"IF(C1541=0,\"\",VLOOKUP(C1541,BNCDADOS!$A:$G,7,0))","v":223.88},33582,{"$f":"SUMIF('MC - TRECHO 04'!A:A,Orçamento!A1541,'MC - TRECHO 04'!R:R)","v":150}]
["5.5.5",{"$f":"IF(C1542=0,\"\",VLOOKUP(C1542,BNCDADOS!$A:$G,8,0))","v":""},null,"ESQUADRIAS",{"$f":"IF(C1542=0,\"\",VLOOKUP(C1542,BNCDADOS!$A:$G,3,0))","v":""},0,{"$f":"IF(C1542=0,\"\",VLOOKUP(C1542,BNCDADOS!$A:$G,4,0))","v":""},{"$f":"IF(C1542=0,\"\",VLOOKUP(C1542,BNCDADOS!$A:$G,5,0))","v":""},{"$f":"SUM(I1543:I1543)","v":1748.82},{"$f":"IF(C1542=0,\"\",VLOOKUP(C1542,BNCDADOS!$A:$G,6,0))","v":""},{"$f":"IF(C1542=0,\"\",VLOOKUP(C1542,BNCDADOS!$A:$G,7,0))","v":""},{"$f":"SUM(L1543:L1543)","v":1831.25},0]
["5.5.5.1",{"$f":"IF(C1543=0,\"\",VLOOKUP(C1543,BNCDADOS!$A:$H,8,0))","v":"SINAPI/RN\nSERVIÇO"},100701,{"$f":"IF(C1543=0,\"\",VLOOKUP(C1543,BNCDADOS!$A:$G,2,0))","v":"PORTA DE FERRO, DE ABRIR, TIPO GRADE COM CHAPA, COM GUARNIÇÕES. AF_12/2019"},{"$f":"IF(C1543=0,\"\",VLOOKUP(C1543,BNCDADOS!$A:$G,3,0))","v":"M2"},2.52,{"$f":"IF(C1543=0,\"\",VLOOKUP(C1543,BNCDADOS!$A:$G,4,0))","v":"561,07"},{"$f":"IF(C1543=0,\"\",VLOOKUP(C1543,BNCDADOS!$A:$G,5,0))","v":693.98},{"$f":"IF(H1543=\"\",0,TRUNC(H1543*F1543,2))","v":1748.82},{"$f":"IF(C1543=0,\"\",VLOOKUP(C1543,BNCDADOS!$A:$G,6,0))","v":"559,17"},{"$f":"IF(C1543=0,\"\",VLOOKUP(C1543,BNCDADOS!$A:$G,7,0))","v":726.69},{"$f":"IF(K1543=\"\",0,TRUNC(K1543*F1543,2))","v":1831.25},{"$f":"SUMIF('MC - TRECHO 04'!A:A,Orçamento!A1543,'MC - TRECHO 04'!R:R)","v":2.52}]
["5.5.6",{"$f":"IF(C1544=0,\"\",VLOOKUP(C1544,BNCDADOS!$A:$G,8,0))","v":""},null,"DRENAGEM",{"$f":"IF(C1544=0,\"\",VLOOKUP(C1544,BNCDADOS!$A:$G,3,0))","v":""},0,{"$f":"IF(C1544=0,\"\",VLOOKUP(C1544,BNCDADOS!$A:$G,4,0))","v":""},{"$f":"IF(C1544=0,\"\",VLOOKUP(C1544,BNCDADOS!$A:$G,5,0))","v":""},{"$f":"SUM(I1545:I1547)","v":61878.659999999996},{"$f":"IF(C1544=0,\"\",VLOOKUP(C1544,BNCDADOS!$A:$G,6,0))","v":""},{"$f":"IF(C1544=0,\"\",VLOOKUP(C1544,BNCDADOS!$A:$G,7,0))","v":""},{"$f":"SUM(L1545:L1547)","v":64307.899999999994},0]
["5.5.6.1",{"$f":"IF(C1545=0,\"\",VLOOKUP(C1545,BNCDADOS!$A:$H,8,0))","v":"caern"},2060193,{"$f":"IF(C1545=0,\"\",VLOOKUP(C1545,BNCDADOS!$A:$G,2,0))","v":"CAIXA ENTERRADA RETANGULAR EM ALVENARIA COM TIJOLOS CERÂMICOS MACIÇOS (ESPESSURA 20CM), DIMENSÕES INTERNAS: 0,8X0,8X1,5 M, INCLUSIVE ESCORAMENTO, ESCAVAÇÃO, REATERRO APILOADO, BOTA-FORA DE MATERIAL E TAMPA DE 10CM. R_11/2018"},{"$f":"IF(C1545=0,\"\",VLOOKUP(C1545,BNCDADOS!$A:$G,3,0))","v":"UN "},5,{"$f":"IF(C1545=0,\"\",VLOOKUP(C1545,BNCDADOS!$A:$G,4,0))","v":1820.24},{"$f":"IF(C1545=0,\"\",VLOOKUP(C1545,BNCDADOS!$A:$G,5,0))","v":2251.4499999999998},{"$f":"IF(H1545=\"\",0,TRUNC(H1545*F1545,2))","v":11257.25},{"$f":"IF(C1545=0,\"\",VLOOKUP(C1545,BNCDADOS!$A:$G,6,0))","v":1734.86},{"$f":"IF(C1545=0,\"\",VLOOKUP(C1545,BNCDADOS!$A:$G,7,0))","v":2254.62},{"$f":"IF(K1545=\"\",0,TRUNC(K1545*F1545,2))","v":11273.1},{"$f":"SUMIF('MC - TRECHO 04'!A:A,Orçamento!A1545,'MC - TRECHO 04'!R:R)","v":5}]
["5.5.6.2",{"$f":"IF(C1546=0,\"\",VLOOKUP(C1546,BNCDADOS!$A:$H,8,0))","v":"SINAPI/RN\nSERVIÇO"},94871,{"$f":"IF(C1546=0,\"\",VLOOKUP(C1546,BNCDADOS!$A:$G,2,0))","v":"TUBO DE PEAD CORRUGADO DE DUPLA PAREDE PARA REDE COLETORA DE ESGOTO, DN 300 MM, JUNTA ELÁSTICA INTEGRADA - FORNECIMENTO E ASSENTAMENTO. AF_01/2021"},{"$f":"IF(C1546=0,\"\",VLOOKUP(C1546,BNCDADOS!$A:$G,3,0))","v":"M"},79.400000000000006,{"$f":"IF(C1546=0,\"\",VLOOKUP(C1546,BNCDADOS!$A:$G,4,0))","v":"452,78"},{"$f":"IF(C1546=0,\"\",VLOOKUP(C1546,BNCDADOS!$A:$G,5,0))","v":560.04},{"$f":"IF(H1546=\"\",0,TRUNC(H1546*F1546,2))","v":44467.17},{"$f":"IF(C1546=0,\"\",VLOOKUP(C1546,BNCDADOS!$A:$G,6,0))","v":"452,63"},{"$f":"IF(C1546=0,\"\",VLOOKUP(C1546,BNCDADOS!$A:$G,7,0))","v":588.23},{"$f":"IF(K1546=\"\",0,TRUNC(K1546*F1546,2))","v":46705.46},{"$f":"SUMIF('MC - TRECHO 04'!A:A,Orçamento!A1546,'MC - TRECHO 04'!R:R)","v":79.400000000000006}]
["5.5.6.3",{"$f":"IF(C1547=0,\"\",VLOOKUP(C1547,BNCDADOS!$A:$H,8,0))","v":"SINAPI/RN\nSERVIÇO"},96624,{"$f":"IF(C1547=0,\"\",VLOOKUP(C1547,BNCDADOS!$A:$G,2,0))","v":"LASTRO COM MATERIAL GRANULAR (PEDRA BRITADA N.2), APLICADO EM PISOS OU LAJES SOBRE SOLO, ESPESSURA DE *10 CM*. AF_01/2024"},{"$f":"IF(C1547=0,\"\",VLOOKUP(C1547,BNCDADOS!$A:$G,3,0))","v":"M3"},18.97,{"$f":"IF(C1547=0,\"\",VLOOKUP(C1547,BNCDADOS!$A:$G,4,0))","v":"262,29"},{"$f":"IF(C1547=0,\"\",VLOOKUP(C1547,BNCDADOS!$A:$G,5,0))","v":324.42},{"$f":"IF(H1547=\"\",0,TRUNC(H1547*F1547,2))","v":6154.24},{"$f":"IF(C1547=0,\"\",VLOOKUP(C1547,BNCDADOS!$A:$G,6,0))","v":"256,74"},{"$f":"IF(C1547=0,\"\",VLOOKUP(C1547,BNCDADOS!$A:$G,7,0))","v":333.65},{"$f":"IF(K1547=\"\",0,TRUNC(K1547*F1547,2))","v":6329.34},{"$f":"SUMIF('MC - TRECHO 04'!A:A,Orçamento!A1547,'MC - TRECHO 04'!R:R)","v":18.97}]
["5.5.7",{"$f":"IF(C1548=0,\"\",VLOOKUP(C1548,BNCDADOS!$A:$G,8,0))","v":""},null,"PAVIMENTAÇÃO",{"$f":"IF(C1548=0,\"\",VLOOKUP(C1548,BNCDADOS!$A:$G,3,0))","v":""},0,{"$f":"IF(C1548=0,\"\",VLOOKUP(C1548,BNCDADOS!$A:$G,4,0))","v":""},{"$f":"IF(C1548=0,\"\",VLOOKUP(C1548,BNCDADOS!$A:$G,5,0))","v":""},{"$f":"SUM(I1549:I1551)","v":164983.46000000002},{"$f":"IF(C1548=0,\"\",VLOOKUP(C1548,BNCDADOS!$A:$G,6,0))","v":""},{"$f":"IF(C1548=0,\"\",VLOOKUP(C1548,BNCDADOS!$A:$G,7,0))","v":""},{"$f":"SUM(L1549:L1551)","v":169062.18},0]
["5.5.7.1",{"$f":"IF(C1549=0,\"\",VLOOKUP(C1549,BNCDADOS!$A:$H,8,0))","v":"SINAPI/RN\nSERVIÇO"},94275,{"$f":"IF(C1549=0,\"\",VLOOKUP(C1549,BNCDADOS!$A:$G,2,0))","v":"ASSENTAMENTO DE GUIA (MEIO-FIO) EM TRECHO RETO, CONFECCIONADA EM CONCRETO PRÉ-FABRICADO, DIMENSÕES 100X15X13X20 CM (COMPRIMENTO X BASE INFERIOR X BASE SUPERIOR X ALTURA). AF_01/2024"},{"$f":"IF(C1549=0,\"\",VLOOKUP(C1549,BNCDADOS!$A:$G,3,0))","v":"M"},228.2,{"$f":"IF(C1549=0,\"\",VLOOKUP(C1549,BNCDADOS!$A:$G,4,0))","v":"40,32"},{"$f":"IF(C1549=0,\"\",VLOOKUP(C1549,BNCDADOS!$A:$G,5,0))","v":49.87},{"$f":"IF(H1549=\"\",0,TRUNC(H1549*F1549,2))","v":11380.33},{"$f":"IF(C1549=0,\"\",VLOOKUP(C1549,BNCDADOS!$A:$G,6,0))","v":"39,29"},{"$f":"IF(C1549=0,\"\",VLOOKUP(C1549,BNCDADOS!$A:$G,7,0))","v":51.06},{"$f":"IF(K1549=\"\",0,TRUNC(K1549*F1549,2))","v":11651.89},{"$f":"SUMIF('MC - TRECHO 04'!A:A,Orçamento!A1549,'MC - TRECHO 04'!R:R)","v":228.2}]
["5.5.7.2",{"$f":"IF(C1550=0,\"\",VLOOKUP(C1550,BNCDADOS!$A:$H,8,0))","v":"SINAPI/RN\nSERVIÇO"},92400,{"$f":"IF(C1550=0,\"\",VLOOKUP(C1550,BNCDADOS!$A:$G,2,0))","v":"EXECUÇÃO DE PAVIMENTO EM PISO INTERTRAVADO, COM BLOCO RETANGULAR DE 20 X 10 CM, ESPESSURA 10 CM. AF_10/2022"},{"$f":"IF(C1550=0,\"\",VLOOKUP(C1550,BNCDADOS!$A:$G,3,0))","v":"M2"},643,{"$f":"IF(C1550=0,\"\",VLOOKUP(C1550,BNCDADOS!$A:$G,4,0))","v":"95,44"},{"$f":"IF(C1550=0,\"\",VLOOKUP(C1550,BNCDADOS!$A:$G,5,0))","v":118.04},{"$f":"IF(H1550=\"\",0,TRUNC(H1550*F1550,2))","v":75899.72},{"$f":"IF(C1550=0,\"\",VLOOKUP(C1550,BNCDADOS!$A:$G,6,0))","v":"93,92"},{"$f":"IF(C1550=0,\"\",VLOOKUP(C1550,BNCDADOS!$A:$G,7,0))","v":122.05},{"$f":"IF(K1550=\"\",0,TRUNC(K1550*F1550,2))","v":78478.149999999994},{"$f":"SUMIF('MC - TRECHO 04'!A:A,Orçamento!A1550,'MC - TRECHO 04'!R:R)","v":643}]
["5.5.7.3",{"$f":"IF(C1551=0,\"\",VLOOKUP(C1551,BNCDADOS!$A:$H,8,0))","v":"SINAPI/RN\nSERVIÇO"},94990,{"$f":"IF(C1551=0,\"\",VLOOKUP(C1551,BNCDADOS!$A:$G,2,0))","v":"EXECUÇÃO DE PASSEIO (CALÇADA) OU PISO DE CONCRETO COM CONCRETO MOLDADO IN LOCO, FEITO EM OBRA, ACABAMENTO CONVENCIONAL, NÃO ARMADO. AF_08/2022"},{"$f":"IF(C1551=0,\"\",VLOOKUP(C1551,BNCDADOS!$A:$G,3,0))","v":"M3"},80.52,{"$f":"IF(C1551=0,\"\",VLOOKUP(C1551,BNCDADOS!$A:$G,4,0))","v":"780,20"},{"$f":"IF(C1551=0,\"\",VLOOKUP(C1551,BNCDADOS!$A:$G,5,0))","v":965.02},{"$f":"IF(H1551=\"\",0,TRUNC(H1551*F1551,2))","v":77703.41},{"$f":"IF(C1551=0,\"\",VLOOKUP(C1551,BNCDADOS!$A:$G,6,0))","v":"754,30"},{"$f":"IF(C1551=0,\"\",VLOOKUP(C1551,BNCDADOS!$A:$G,7,0))","v":980.28},{"$f":"IF(K1551=\"\",0,TRUNC(K1551*F1551,2))","v":78932.14},{"$f":"SUMIF('MC - TRECHO 04'!A:A,Orçamento!A1551,'MC - TRECHO 04'!R:R)","v":80.52}]
["5.5.8",{"$f":"IF(C1552=0,\"\",VLOOKUP(C1552,BNCDADOS!$A:$G,8,0))","v":""},null,"PINTURA",{"$f":"IF(C1552=0,\"\",VLOOKUP(C1552,BNCDADOS!$A:$G,3,0))","v":""},0,{"$f":"IF(C1552=0,\"\",VLOOKUP(C1552,BNCDADOS!$A:$G,4,0))","v":""},{"$f":"IF(C1552=0,\"\",VLOOKUP(C1552,BNCDADOS!$A:$G,5,0))","v":""},{"$f":"SUM(I1553:I1556)","v":29396.690000000002},{"$f":"IF(C1552=0,\"\",VLOOKUP(C1552,BNCDADOS!$A:$G,6,0))","v":""},{"$f":"IF(C1552=0,\"\",VLOOKUP(C1552,BNCDADOS!$A:$G,7,0))","v":""},{"$f":"SUM(L1553:L1556)","v":28987.919999999998},0]
["5.5.8.1",{"$f":"IF(C1553=0,\"\",VLOOKUP(C1553,BNCDADOS!$A:$H,8,0))","v":"SINAPI/RN\nSERVIÇO"},88485,{"$f":"IF(C1553=0,\"\",VLOOKUP(C1553,BNCDADOS!$A:$G,2,0))","v":"FUNDO SELADOR ACRÍLICO, APLICAÇÃO MANUAL EM PAREDE, UMA DEMÃO. AF_04/2023"},{"$f":"IF(C1553=0,\"\",VLOOKUP(C1553,BNCDADOS!$A:$G,3,0))","v":"M2"},1728,{"$f":"IF(C1553=0,\"\",VLOOKUP(C1553,BNCDADOS!$A:$G,4,0))","v":"3,30"},{"$f":"IF(C1553=0,\"\",VLOOKUP(C1553,BNCDADOS!$A:$G,5,0))","v":4.08},{"$f":"IF(H1553=\"\",0,TRUNC(H1553*F1553,2))","v":7050.24},{"$f":"IF(C1553=0,\"\",VLOOKUP(C1553,BNCDADOS!$A:$G,6,0))","v":"3,06"},{"$f":"IF(C1553=0,\"\",VLOOKUP(C1553,BNCDADOS!$A:$G,7,0))","v":3.97},{"$f":"IF(K1553=\"\",0,TRUNC(K1553*F1553,2))","v":6860.16},{"$f":"SUMIF('MC - TRECHO 04'!A:A,Orçamento!A1553,'MC - TRECHO 04'!R:R)","v":1728}]
["5.5.8.2",{"$f":"IF(C1554=0,\"\",VLOOKUP(C1554,BNCDADOS!$A:$H,8,0))","v":"SINAPI/RN\nSERVIÇO"},104642,{"$f":"IF(C1554=0,\"\",VLOOKUP(C1554,BNCDADOS!$A:$G,2,0))","v":"PINTURA LÁTEX ACRÍLICA STANDARD, APLICAÇÃO MANUAL EM PAREDES, DUAS DEMÃOS. AF_04/2023"},{"$f":"IF(C1554=0,\"\",VLOOKUP(C1554,BNCDADOS!$A:$G,3,0))","v":"M2"},1728,{"$f":"IF(C1554=0,\"\",VLOOKUP(C1554,BNCDADOS!$A:$G,4,0))","v":"10,29"},{"$f":"IF(C1554=0,\"\",VLOOKUP(C1554,BNCDADOS!$A:$G,5,0))","v":12.72},{"$f":"IF(H1554=\"\",0,TRUNC(H1554*F1554,2))","v":21980.16},{"$f":"IF(C1554=0,\"\",VLOOKUP(C1554,BNCDADOS!$A:$G,6,0))","v":"9,70"},{"$f":"IF(C1554=0,\"\",VLOOKUP(C1554,BNCDADOS!$A:$G,7,0))","v":12.6},{"$f":"IF(K1554=\"\",0,TRUNC(K1554*F1554,2))","v":21772.799999999999},{"$f":"SUMIF('MC - TRECHO 04'!A:A,Orçamento!A1554,'MC - TRECHO 04'!R:R)","v":1728}]
["5.5.8.3",{"$f":"IF(C1555=0,\"\",VLOOKUP(C1555,BNCDADOS!$A:$H,8,0))","v":"SINAPI/RN\nSERVIÇO"},100720,{"$f":"IF(C1555=0,\"\",VLOOKUP(C1555,BNCDADOS!$A:$G,2,0))","v":"PINTURA COM TINTA ALQUÍDICA DE FUNDO (TIPO ZARCÃO) APLICADA A ROLO OU PINCEL SOBRE PERFIL METÁLICO EXECUTADO EM FÁBRICA (POR DEMÃO). AF_01/2020"},{"$f":"IF(C1555=0,\"\",VLOOKUP(C1555,BNCDADOS!$A:$G,3,0))","v":"M2"},5.04,{"$f":"IF(C1555=0,\"\",VLOOKUP(C1555,BNCDADOS!$A:$G,4,0))","v":"10,27"},{"$f":"IF(C1555=0,\"\",VLOOKUP(C1555,BNCDADOS!$A:$G,5,0))","v":12.7},{"$f":"IF(H1555=\"\",0,TRUNC(H1555*F1555,2))","v":64},{"$f":"IF(C1555=0,\"\",VLOOKUP(C1555,BNCDADOS!$A:$G,6,0))","v":"9,65"},{"$f":"IF(C1555=0,\"\",VLOOKUP(C1555,BNCDADOS!$A:$G,7,0))","v":12.54},{"$f":"IF(K1555=\"\",0,TRUNC(K1555*F1555,2))","v":63.2},{"$f":"SUMIF('MC - TRECHO 04'!A:A,Orçamento!A1555,'MC - TRECHO 04'!R:R)","v":5.04}]
["5.5.8.4",{"$f":"IF(C1556=0,\"\",VLOOKUP(C1556,BNCDADOS!$A:$H,8,0))","v":"SINAPI/RN\nSERVIÇO"},100758,{"$f":"IF(C1556=0,\"\",VLOOKUP(C1556,BNCDADOS!$A:$G,2,0))","v":"PINTURA COM TINTA ALQUÍDICA DE ACABAMENTO (ESMALTE SINTÉTICO ACETINADO) APLICADA A ROLO OU PINCEL SOBRE SUPERFÍCIES METÁLICAS (EXCETO PERFIL) EXECUTADO EM OBRA (02 DEMÃOS). AF_01/2020"},{"$f":"IF(C1556=0,\"\",VLOOKUP(C1556,BNCDADOS!$A:$G,3,0))","v":"M2"},5.04,{"$f":"IF(C1556=0,\"\",VLOOKUP(C1556,BNCDADOS!$A:$G,4,0))","v":"48,50"},{"$f":"IF(C1556=0,\"\",VLOOKUP(C1556,BNCDADOS!$A:$G,5,0))","v":59.98},{"$f":"IF(H1556=\"\",0,TRUNC(H1556*F1556,2))","v":302.29000000000002},{"$f":"IF(C1556=0,\"\",VLOOKUP(C1556,BNCDADOS!$A:$G,6,0))","v":"44,55"},{"$f":"IF(C1556=0,\"\",VLOOKUP(C1556,BNCDADOS!$A:$G,7,0))","v":57.89},{"$f":"IF(K1556=\"\",0,TRUNC(K1556*F1556,2))","v":291.76},{"$f":"SUMIF('MC - TRECHO 04'!A:A,Orçamento!A1556,'MC - TRECHO 04'!R:R)","v":5.04}]
["5.5.9",{"$f":"IF(C1557=0,\"\",VLOOKUP(C1557,BNCDADOS!$A:$G,8,0))","v":""},null,"INSTALAÇÃO ELÉTRICA",{"$f":"IF(C1557=0,\"\",VLOOKUP(C1557,BNCDADOS!$A:$G,3,0))","v":""},0,{"$f":"IF(C1557=0,\"\",VLOOKUP(C1557,BNCDADOS!$A:$G,4,0))","v":""},{"$f":"IF(C1557=0,\"\",VLOOKUP(C1557,BNCDADOS!$A:$G,5,0))","v":""},{"$f":"SUM(I1558:I1565)","v":11488.53},{"$f":"IF(C1557=0,\"\",VLOOKUP(C1557,BNCDADOS!$A:$G,6,0))","v":""},{"$f":"IF(C1557=0,\"\",VLOOKUP(C1557,BNCDADOS!$A:$G,7,0))","v":""},{"$f":"SUM(L1558:L1565)","v":11785.43},0]
["5.5.9.1",{"$f":"IF(C1558=0,\"\",VLOOKUP(C1558,BNCDADOS!$A:$H,8,0))","v":"SINAPI/RN\nSERVIÇO"},101517,{"$f":"IF(C1558=0,\"\",VLOOKUP(C1558,BNCDADOS!$A:$G,2,0))","v":"ENTRADA DE ENERGIA ELÉTRICA, SUBTERRÂNEA, MONOFÁSICA, COM CAIXA DE EMBUTIR, CABO DE 10 MM2 E DISJUNTOR DIN 50A (NÃO INCLUSA MURETA DE ALVENARIA). AF_07/2020_PS"},{"$f":"IF(C1558=0,\"\",VLOOKUP(C1558,BNCDADOS!$A:$G,3,0))","v":"UN"},1,{"$f":"IF(C1558=0,\"\",VLOOKUP(C1558,BNCDADOS!$A:$G,4,0))","v":"894,51"},{"$f":"IF(C1558=0,\"\",VLOOKUP(C1558,BNCDADOS!$A:$G,5,0))","v":1106.4100000000001},{"$f":"IF(H1558=\"\",0,TRUNC(H1558*F1558,2))","v":1106.4100000000001},{"$f":"IF(C1558=0,\"\",VLOOKUP(C1558,BNCDADOS!$A:$G,6,0))","v":"875,56"},{"$f":"IF(C1558=0,\"\",VLOOKUP(C1558,BNCDADOS!$A:$G,7,0))","v":1137.8699999999999},{"$f":"IF(K1558=\"\",0,TRUNC(K1558*F1558,2))","v":1137.8699999999999},{"$f":"SUMIF('MC - TRECHO 04'!A:A,Orçamento!A1558,'MC - TRECHO 04'!R:R)","v":1}]
["5.5.9.2",{"$f":"IF(C1559=0,\"\",VLOOKUP(C1559,BNCDADOS!$A:$H,8,0))","v":"SINAPI/RN\nSERVIÇO"},91931,{"$f":"IF(C1559=0,\"\",VLOOKUP(C1559,BNCDADOS!$A:$G,2,0))","v":"CABO DE COBRE FLEXÍVEL ISOLADO, 6 MM², ANTI-CHAMA 0,6/1,0 KV, PARA CIRCUITOS TERMINAIS - FORNECIMENTO E INSTALAÇÃO. AF_03/2023"},{"$f":"IF(C1559=0,\"\",VLOOKUP(C1559,BNCDADOS!$A:$G,3,0))","v":"M"},15,{"$f":"IF(C1559=0,\"\",VLOOKUP(C1559,BNCDADOS!$A:$G,4,0))","v":"11,29"},{"$f":"IF(C1559=0,\"\",VLOOKUP(C1559,BNCDADOS!$A:$G,5,0))","v":13.96},209.4,{"$f":"IF(C1559=0,\"\",VLOOKUP(C1559,BNCDADOS!$A:$G,6,0))","v":"11,02"},{"$f":"IF(C1559=0,\"\",VLOOKUP(C1559,BNCDADOS!$A:$G,7,0))","v":14.32},214.8,{"$f":"SUMIF('MC - TRECHO 04'!A:A,Orçamento!A1559,'MC - TRECHO 04'!R:R)","v":15}]
["5.5.9.3",{"$f":"IF(C1560=0,\"\",VLOOKUP(C1560,BNCDADOS!$A:$H,8,0))","v":"SINAPI/RN\nSERVIÇO"},91929,{"$f":"IF(C1560=0,\"\",VLOOKUP(C1560,BNCDADOS!$A:$G,2,0))","v":"CABO DE COBRE FLEXÍVEL ISOLADO, 4 MM², ANTI-CHAMA 0,6/1,0 KV, PARA CIRCUITOS TERMINAIS - FORNECIMENTO E INSTALAÇÃO. AF_03/2023"},{"$f":"IF(C1560=0,\"\",VLOOKUP(C1560,BNCDADOS!$A:$G,3,0))","v":"M"},115.5,{"$f":"IF(C1560=0,\"\",VLOOKUP(C1560,BNCDADOS!$A:$G,4,0))","v":"7,98"},{"$f":"IF(C1560=0,\"\",VLOOKUP(C1560,BNCDADOS!$A:$G,5,0))","v":9.8699999999999992},1139.98,{"$f":"IF(C1560=0,\"\",VLOOKUP(C1560,BNCDADOS!$A:$G,6,0))","v":"7,76"},{"$f":"IF(C1560=0,\"\",VLOOKUP(C1560,BNCDADOS!$A:$G,7,0))","v":10.08},1164.24,{"$f":"SUMIF('MC - TRECHO 04'!A:A,Orçamento!A1560,'MC - TRECHO 04'!R:R)","v":115.5}]
["5.5.9.4",{"$f":"IF(C1561=0,\"\",VLOOKUP(C1561,BNCDADOS!$A:$H,8,0))","v":"SINAPI/RN\nSERVIÇO"},91927,{"$f":"IF(C1561=0,\"\",VLOOKUP(C1561,BNCDADOS!$A:$G,2,0))","v":"CABO DE COBRE FLEXÍVEL ISOLADO, 2,5 MM², ANTI-CHAMA 0,6/1,0 KV, PARA CIRCUITOS TERMINAIS - FORNECIMENTO E INSTALAÇÃO. AF_03/2023"},{"$f":"IF(C1561=0,\"\",VLOOKUP(C1561,BNCDADOS!$A:$G,3,0))","v":"M"},90,{"$f":"IF(C1561=0,\"\",VLOOKUP(C1561,BNCDADOS!$A:$G,4,0))","v":"5,38"},{"$f":"IF(C1561=0,\"\",VLOOKUP(C1561,BNCDADOS!$A:$G,5,0))","v":6.65},598.5,{"$f":"IF(C1561=0,\"\",VLOOKUP(C1561,BNCDADOS!$A:$G,6,0))","v":"5,22"},{"$f":"IF(C1561=0,\"\",VLOOKUP(C1561,BNCDADOS!$A:$G,7,0))","v":6.78},610.20000000000005,{"$f":"SUMIF('MC - TRECHO 04'!A:A,Orçamento!A1561,'MC - TRECHO 04'!R:R)","v":90}]
["5.5.9.5",{"$f":"IF(C1562=0,\"\",VLOOKUP(C1562,BNCDADOS!$A:$H,8,0))","v":"SINAPI/RN\nSERVIÇO"},91854,{"$f":"IF(C1562=0,\"\",VLOOKUP(C1562,BNCDADOS!$A:$G,2,0))","v":"ELETRODUTO FLEXÍVEL CORRUGADO, PVC, DN 25 MM (3/4\"), PARA CIRCUITOS TERMINAIS, INSTALADO EM PAREDE - FORNECIMENTO E INSTALAÇÃO. AF_03/2023"},{"$f":"IF(C1562=0,\"\",VLOOKUP(C1562,BNCDADOS!$A:$G,3,0))","v":"M"},{"$f":"TRUNC(M1562,2)","v":5.5},{"$f":"IF(C1562=0,\"\",VLOOKUP(C1562,BNCDADOS!$A:$G,4,0))","v":"8,73"},{"$f":"IF(C1562=0,\"\",VLOOKUP(C1562,BNCDADOS!$A:$G,5,0))","v":10.79},59.34,{"$f":"IF(C1562=0,\"\",VLOOKUP(C1562,BNCDADOS!$A:$G,6,0))","v":"8,01"},{"$f":"IF(C1562=0,\"\",VLOOKUP(C1562,BNCDADOS!$A:$G,7,0))","v":10.4},57.2,{"$f":"SUMIF('MC - TRECHO 04'!A:A,Orçamento!A1562,'MC - TRECHO 04'!R:R)","v":5.5}]
["5.5.9.6",{"$f":"IF(C1563=0,\"\",VLOOKUP(C1563,BNCDADOS!$A:$H,8,0))","v":"SINAPI/RN\nSERVIÇO"},95728,{"$f":"IF(C1563=0,\"\",VLOOKUP(C1563,BNCDADOS!$A:$G,2,0))","v":"ELETRODUTO RÍGIDO SOLDÁVEL, PVC, DN 32 MM (1\u0094), APARENTE - FORNECIMENTO E INSTALAÇÃO. AF_10/2022_PA"},{"$f":"IF(C1563=0,\"\",VLOOKUP(C1563,BNCDADOS!$A:$G,3,0))","v":"M"},38,{"$f":"IF(C1563=0,\"\",VLOOKUP(C1563,BNCDADOS!$A:$G,4,0))","v":"23,88"},{"$f":"IF(C1563=0,\"\",VLOOKUP(C1563,BNCDADOS!$A:$G,5,0))","v":29.53},1122.1400000000001,{"$f":"IF(C1563=0,\"\",VLOOKUP(C1563,BNCDADOS!$A:$G,6,0))","v":"22,13"},{"$f":"IF(C1563=0,\"\",VLOOKUP(C1563,BNCDADOS!$A:$G,7,0))","v":28.76},1092.8800000000001,{"$f":"SUMIF('MC - TRECHO 04'!A:A,Orçamento!A1563,'MC - TRECHO 04'!R:R)","v":38}]
["5.5.9.7",{"$f":"IF(C1564=0,\"\",VLOOKUP(C1564,BNCDADOS!$A:$H,8,0))","v":"SINAPI/RN\nSERVIÇO"},97882,{"$f":"IF(C1564=0,\"\",VLOOKUP(C1564,BNCDADOS!$A:$G,2,0))","v":"CAIXA ENTERRADA ELÉTRICA RETANGULAR, EM CONCRETO PRÉ-MOLDADO, FUNDO COM BRITA, DIMENSÕES INTERNAS: 0,4X0,4X0,4 M. AF_12/2020"},{"$f":"IF(C1564=0,\"\",VLOOKUP(C1564,BNCDADOS!$A:$G,3,0))","v":"UN"},4,{"$f":"IF(C1564=0,\"\",VLOOKUP(C1564,BNCDADOS!$A:$G,4,0))","v":"215,84"},{"$f":"IF(C1564=0,\"\",VLOOKUP(C1564,BNCDADOS!$A:$G,5,0))","v":266.97000000000003},1067.8800000000001,{"$f":"IF(C1564=0,\"\",VLOOKUP(C1564,BNCDADOS!$A:$G,6,0))","v":"212,07"},{"$f":"IF(C1564=0,\"\",VLOOKUP(C1564,BNCDADOS!$A:$G,7,0))","v":275.60000000000002},1102.4000000000001,{"$f":"SUMIF('MC - TRECHO 04'!A:A,Orçamento!A1564,'MC - TRECHO 04'!R:R)","v":4}]
["5.5.9.8",{"$f":"IF(C1565=0,\"\",VLOOKUP(C1565,BNCDADOS!$A:$H,8,0))","v":"caern"},2070408,{"$f":"IF(C1565=0,\"\",VLOOKUP(C1565,BNCDADOS!$A:$G,2,0))","v":"CONJUNTO ILUMINAÇÃO EXTERNA TIPO PÉTALA COM 02 REFLETORES LED DE 100 W E POSTE CIRCULAR DE 9M EM CONCRETO. INC_05/2020"},{"$f":"IF(C1565=0,\"\",VLOOKUP(C1565,BNCDADOS!$A:$G,3,0))","v":"UN "},2,{"$f":"IF(C1565=0,\"\",VLOOKUP(C1565,BNCDADOS!$A:$G,4,0))","v":2500.1600000000003},{"$f":"IF(C1565=0,\"\",VLOOKUP(C1565,BNCDADOS!$A:$G,5,0))","v":3092.44},6184.88,{"$f":"IF(C1565=0,\"\",VLOOKUP(C1565,BNCDADOS!$A:$G,6,0))","v":2464.5500000000006},{"$f":"IF(C1565=0,\"\",VLOOKUP(C1565,BNCDADOS!$A:$G,7,0))","v":3202.92},6405.84,{"$f":"SUMIF('MC - TRECHO 04'!A:A,Orçamento!A1565,'MC - TRECHO 04'!R:R)","v":2}]
["5.5.10",{"$f":"IF(C1566=0,\"\",VLOOKUP(C1566,BNCDADOS!$A:$G,8,0))","v":""},null,"DIVERSOS",{"$f":"IF(C1566=0,\"\",VLOOKUP(C1566,BNCDADOS!$A:$G,3,0))","v":""},0,{"$f":"IF(C1566=0,\"\",VLOOKUP(C1566,BNCDADOS!$A:$G,4,0))","v":""},{"$f":"IF(C1566=0,\"\",VLOOKUP(C1566,BNCDADOS!$A:$G,5,0))","v":""},{"$f":"SUM(I1567:I1568)","v":59269.73},{"$f":"IF(C1566=0,\"\",VLOOKUP(C1566,BNCDADOS!$A:$G,6,0))","v":""},{"$f":"IF(C1566=0,\"\",VLOOKUP(C1566,BNCDADOS!$A:$G,7,0))","v":""},{"$f":"SUM(L1567:L1568)","v":61922.37},0]
["5.5.10.1",{"$f":"IF(C1567=0,\"\",VLOOKUP(C1567,BNCDADOS!$A:$H,8,0))","v":"caern"},2220066,{"$f":"IF(C1567=0,\"\",VLOOKUP(C1567,BNCDADOS!$A:$G,2,0))","v":"ESCADA DE MARINHEIRO EM FIBRA DE VIDRO PULTRUDADA, PERFIL QUADRADO, PINTURA PROTETORA CONTRA RAIOS UV, COM GUARDA CORPO. R_11/2021"},{"$f":"IF(C1567=0,\"\",VLOOKUP(C1567,BNCDADOS!$A:$G,3,0))","v":"M"},19.3,{"$f":"IF(C1567=0,\"\",VLOOKUP(C1567,BNCDADOS!$A:$G,4,0))","v":1777.21},{"$f":"IF(C1567=0,\"\",VLOOKUP(C1567,BNCDADOS!$A:$G,5,0))","v":2198.23},{"$f":"IF(H1567=\"\",0,TRUNC(H1567*F1567,2))","v":42425.83},{"$f":"IF(C1567=0,\"\",VLOOKUP(C1567,BNCDADOS!$A:$G,6,0))","v":1766.07},{"$f":"IF(C1567=0,\"\",VLOOKUP(C1567,BNCDADOS!$A:$G,7,0))","v":2295.1799999999998},{"$f":"IF(K1567=\"\",0,TRUNC(K1567*F1567,2))","v":44296.97},{"$f":"SUMIF('MC - TRECHO 04'!A:A,Orçamento!A1567,'MC - TRECHO 04'!R:R)","v":19.3}]
["5.5.10.2",{"$f":"IF(C1568=0,\"\",VLOOKUP(C1568,BNCDADOS!$A:$H,8,0))","v":"caern"},2220065,{"$f":"IF(C1568=0,\"\",VLOOKUP(C1568,BNCDADOS!$A:$G,2,0))","v":"ESCADA DE MARINHEIRO EM FIBRA DE VIDRO PULTRUDADA, PERFIL QUADRADO, PINTURA PROTETORA CONTRA RAIOS UV, SEM GUARDA CORPO. R_11/2021"},{"$f":"IF(C1568=0,\"\",VLOOKUP(C1568,BNCDADOS!$A:$G,3,0))","v":"M"},10,{"$f":"IF(C1568=0,\"\",VLOOKUP(C1568,BNCDADOS!$A:$G,4,0))","v":1361.79},{"$f":"IF(C1568=0,\"\",VLOOKUP(C1568,BNCDADOS!$A:$G,5,0))","v":1684.39},{"$f":"IF(H1568=\"\",0,TRUNC(H1568*F1568,2))","v":16843.900000000001},{"$f":"IF(C1568=0,\"\",VLOOKUP(C1568,BNCDADOS!$A:$G,6,0))","v":1356.22},{"$f":"IF(C1568=0,\"\",VLOOKUP(C1568,BNCDADOS!$A:$G,7,0))","v":1762.54},{"$f":"IF(K1568=\"\",0,TRUNC(K1568*F1568,2))","v":17625.400000000001},{"$f":"SUMIF('MC - TRECHO 04'!A:A,Orçamento!A1568,'MC - TRECHO 04'!R:R)","v":10}]
[]
["5.6",null,null,"MATERIAIS_TRECHO 04.01",{"$nulls":4},{"$f":"SUM(I1571,I1578)","v":16639032.210000001},null,null,{"$f":"SUM(L1571,L1578)","v":17453053.969999999},0]
["5.6.1",{"$f":"IF(C1571=0,\"\",VLOOKUP(C1571,BNCDADOS!$A:$G,8,0))","v":""},null,"ADUTORA",{"$f":"IF(C1571=0,\"\",VLOOKUP(C1571,BNCDADOS!$A:$G,3,0))","v":""},{"$f":"TRUNC(M1571,2)","v":0},{"$f":"IF(C1571=0,\"\",VLOOKUP(C1571,BNCDADOS!$A:$G,4,0))","v":""},{"$f":"IF(C1571=0,\"\",VLOOKUP(C1571,BNCDADOS!$A:$G,5,0))","v":""},{"$f":"SUM(I1572:I1577)","v":16562609.700000001},{"$f":"IF(C1571=0,\"\",VLOOKUP(C1571,BNCDADOS!$A:$G,6,0))","v":""},{"$f":"IF(C1571=0,\"\",VLOOKUP(C1571,BNCDADOS!$A:$G,7,0))","v":""},{"$f":"SUM(L1572:L1577)","v":17372891.959999997},0]
["5.6.1.1",{"$f":"IF(C1572=0,\"\",VLOOKUP(C1572,BNCDADOS!$A:$H,8,0))","v":0},"PVCD01",{"$f":"IF(C1572=0,\"\",VLOOKUP(C1572,BNCDADOS!$A:$G,2,0))","v":"TUBO PVC DEFOFO, JEI, 1 MPA, DN 400 MM, PARA REDE DE AGUA (NBR 7665) (EMBASA M020300019)"},{"$f":"IF(C1572=0,\"\",VLOOKUP(C1572,BNCDADOS!$A:$G,3,0))","v":"M"},22758,{"$f":"IF(C1572=0,\"\",VLOOKUP(C1572,BNCDADOS!$A:$G,4,0))","v":646.25},{"$f":"TRUNC(G1572*(1+$I$5),2)","v":723.8},{"$f":"IF(H1572=\"\",0,TRUNC(H1572*F1572,2))","v":16472240.4},{"$f":"IF(C1572=0,\"\",VLOOKUP(C1572,BNCDADOS!$A:$G,6,0))","v":646.25},{"$f":"TRUNC(J1572*(1+$L$5),2)","v":759.21},{"$f":"IF(K1572=\"\",0,TRUNC(K1572*F1572,2))","v":17278101.18},{"$f":"P1572*6","v":22758},{"$f":"SUMIF(#REF!,Orçamento!A1572,#REF!)","v":{"$error":"#REF!"}},{"$f":"ROUND('MC - SERVIÇO ADUTORA - 4-8'!F84*1.05,0)","v":22758},{"$f":"TRUNC(O1572/6,0)","v":3793}]
["5.6.1.2",{"$f":"IF(C1573=0,\"\",VLOOKUP(C1573,BNCDADOS!$A:$H,8,0))","v":0},"FF20",{"$f":"IF(C1573=0,\"\",VLOOKUP(C1573,BNCDADOS!$A:$G,2,0))","v":"EXTREMIDADE, FOFO, FLANGE/BOLSA, PN10, DN 400MM"},{"$f":"IF(C1573=0,\"\",VLOOKUP(C1573,BNCDADOS!$A:$G,3,0))","v":"UN "},1,{"$f":"IF(C1573=0,\"\",VLOOKUP(C1573,BNCDADOS!$A:$G,4,0))","v":2145.6766666666667},{"$f":"TRUNC(G1573*(1+$I$5),2)","v":2403.15},2403.15,{"$f":"IF(C1573=0,\"\",VLOOKUP(C1573,BNCDADOS!$A:$G,6,0))","v":2145.6766666666667},{"$f":"TRUNC(J1573*(1+$L$5),2)","v":2520.7399999999998},2520.7399999999998,{"$f":"'MC - MATERIAL ADUTORA - 4-8'!E4","v":1}]
["5.6.1.3",{"$f":"IF(C1574=0,\"\",VLOOKUP(C1574,BNCDADOS!$A:$H,8,0))","v":0},"FF39",{"$f":"IF(C1574=0,\"\",VLOOKUP(C1574,BNCDADOS!$A:$G,2,0))","v":"LUVA SIMPLES, FOFO, BOLSA/BOLSA, PN16, DN 400MM"},{"$f":"IF(C1574=0,\"\",VLOOKUP(C1574,BNCDADOS!$A:$G,3,0))","v":"UN "},{"$f":"TRUNC(M1574,2)","v":37},{"$f":"IF(C1574=0,\"\",VLOOKUP(C1574,BNCDADOS!$A:$G,4,0))","v":1327.63},{"$f":"TRUNC(G1574*(1+$I$5),2)","v":1486.94},55016.78,{"$f":"IF(C1574=0,\"\",VLOOKUP(C1574,BNCDADOS!$A:$G,6,0))","v":1327.63},{"$f":"TRUNC(J1574*(1+$L$5),2)","v":1559.69},57708.53,{"$f":"'MC - MATERIAL ADUTORA - 4-8'!E5","v":37}]
["5.6.1.4",{"$f":"IF(C1575=0,\"\",VLOOKUP(C1575,BNCDADOS!$A:$H,8,0))","v":0},"FF02",{"$f":"IF(C1575=0,\"\",VLOOKUP(C1575,BNCDADOS!$A:$G,2,0))","v":"CURVA 11°, FOFO, JGS, PN16, DN 400MM"},{"$f":"IF(C1575=0,\"\",VLOOKUP(C1575,BNCDADOS!$A:$G,3,0))","v":"UN "},11,{"$f":"IF(C1575=0,\"\",VLOOKUP(C1575,BNCDADOS!$A:$G,4,0))","v":1970.3066666666666},2206.7399999999998,24274.14,{"$f":"IF(C1575=0,\"\",VLOOKUP(C1575,BNCDADOS!$A:$G,6,0))","v":1970.3066666666666},2314.71,25461.81,{"$f":"'MC - MATERIAL ADUTORA - 4-8'!E6","v":11}]
["5.6.1.5",{"$f":"IF(C1576=0,\"\",VLOOKUP(C1576,BNCDADOS!$A:$H,8,0))","v":0},"FF05",{"$f":"IF(C1576=0,\"\",VLOOKUP(C1576,BNCDADOS!$A:$G,2,0))","v":"CURVA 22°, FOFO, JGS, PN16, DN 400MM"},{"$f":"IF(C1576=0,\"\",VLOOKUP(C1576,BNCDADOS!$A:$G,3,0))","v":"UN "},{"$f":"TRUNC(M1576,2)","v":2},{"$f":"IF(C1576=0,\"\",VLOOKUP(C1576,BNCDADOS!$A:$G,4,0))","v":2317.0133333333333},{"$f":"TRUNC(G1576*(1+$I$5),2)","v":2595.0500000000002},5190.1000000000004,{"$f":"IF(C1576=0,\"\",VLOOKUP(C1576,BNCDADOS!$A:$G,6,0))","v":2317.0133333333333},{"$f":"TRUNC(J1576*(1+$L$5),2)","v":2722.02},5444.04,{"$f":"'MC - MATERIAL ADUTORA - 4-8'!E7","v":2}]
["5.6.1.6",{"$f":"IF(C1577=0,\"\",VLOOKUP(C1577,BNCDADOS!$A:$H,8,0))","v":0},"FF12",{"$f":"IF(C1577=0,\"\",VLOOKUP(C1577,BNCDADOS!$A:$G,2,0))","v":"CURVA 90°, FOFO, JGS, PN16, DN 400MM"},{"$f":"IF(C1577=0,\"\",VLOOKUP(C1577,BNCDADOS!$A:$G,3,0))","v":"UN "},1,{"$f":"IF(C1577=0,\"\",VLOOKUP(C1577,BNCDADOS!$A:$G,4,0))","v":3111.73},3485.13,3485.13,{"$f":"IF(C1577=0,\"\",VLOOKUP(C1577,BNCDADOS!$A:$G,6,0))","v":3111.73},3655.66,3655.66,{"$f":"'MC - MATERIAL ADUTORA - 4-8'!E8","v":1}]
["5.6.2",{"$f":"IF(C1578=0,\"\",VLOOKUP(C1578,BNCDADOS!$A:$G,8,0))","v":""},null,"VENTOSAS E DESCARGAS",{"$f":"IF(C1578=0,\"\",VLOOKUP(C1578,BNCDADOS!$A:$G,3,0))","v":""},0,{"$f":"IF(C1578=0,\"\",VLOOKUP(C1578,BNCDADOS!$A:$G,4,0))","v":""},{"$f":"IF(C1578=0,\"\",VLOOKUP(C1578,BNCDADOS!$A:$G,5,0))","v":""},{"$f":"SUM(I1579:I1587)","v":76422.510000000009},{"$f":"IF(C1578=0,\"\",VLOOKUP(C1578,BNCDADOS!$A:$G,6,0))","v":""},{"$f":"IF(C1578=0,\"\",VLOOKUP(C1578,BNCDADOS!$A:$G,7,0))","v":""},{"$f":"SUM(L1579:L1587)","v":80162.010000000009}]
["5.6.2.1",{"$f":"IF(C1579=0,\"\",VLOOKUP(C1579,BNCDADOS!$A:$H,8,0))","v":0},"FF54",{"$f":"IF(C1579=0,\"\",VLOOKUP(C1579,BNCDADOS!$A:$G,2,0))","v":"TÊ, BBF, FOFO, PN16, DN 400-100MM"},{"$f":"IF(C1579=0,\"\",VLOOKUP(C1579,BNCDADOS!$A:$G,3,0))","v":"UN "},15,{"$f":"IF(C1579=0,\"\",VLOOKUP(C1579,BNCDADOS!$A:$G,4,0))","v":2921.97},3272.6,{"$f":"IF(H1579=\"\",0,TRUNC(H1579*F1579,2))","v":49089},{"$f":"IF(C1579=0,\"\",VLOOKUP(C1579,BNCDADOS!$A:$G,6,0))","v":2921.97},3432.73,{"$f":"IF(K1579=\"\",0,TRUNC(K1579*F1579,2))","v":51490.95},{"$f":"'MC - MATERIAL ADUTORA - 4-8'!M21","v":15}]
["5.6.2.2",{"$f":"IF(C1580=0,\"\",VLOOKUP(C1580,BNCDADOS!$A:$H,8,0))","v":0},"FF43",{"$f":"IF(C1580=0,\"\",VLOOKUP(C1580,BNCDADOS!$A:$G,2,0))","v":"REDUÇÃO CONCÊNTRICA, FOFO, FLANGES, PN16, DN 100-50MM"},{"$f":"IF(C1580=0,\"\",VLOOKUP(C1580,BNCDADOS!$A:$G,3,0))","v":"UN "},{"$f":"TRUNC(M1580,2)","v":9},{"$f":"IF(C1580=0,\"\",VLOOKUP(C1580,BNCDADOS!$A:$G,4,0))","v":338.84},379.5,{"$f":"IF(H1580=\"\",0,TRUNC(H1580*F1580,2))","v":3415.5},{"$f":"IF(C1580=0,\"\",VLOOKUP(C1580,BNCDADOS!$A:$G,6,0))","v":338.84},398.06,{"$f":"IF(K1580=\"\",0,TRUNC(K1580*F1580,2))","v":3582.54},{"$f":"'MC - MATERIAL ADUTORA - 4-8'!M20","v":9}]
["5.6.2.3",{"$f":"IF(C1581=0,\"\",VLOOKUP(C1581,BNCDADOS!$A:$H,8,0))","v":0},"FF15",{"$f":"IF(C1581=0,\"\",VLOOKUP(C1581,BNCDADOS!$A:$G,2,0))","v":"CURVA 45°, FOFO, FLANGES, PN10, DN 100MM"},{"$f":"IF(C1581=0,\"\",VLOOKUP(C1581,BNCDADOS!$A:$G,3,0))","v":"UN "},6,{"$f":"IF(C1581=0,\"\",VLOOKUP(C1581,BNCDADOS!$A:$G,4,0))","v":278.55},311.97000000000003,1871.82,{"$f":"IF(C1581=0,\"\",VLOOKUP(C1581,BNCDADOS!$A:$G,6,0))","v":278.55},327.24,1963.44,{"$f":"'MC - MATERIAL ADUTORA - 4-8'!M19","v":6}]
["5.6.2.4",{"$f":"IF(C1582=0,\"\",VLOOKUP(C1582,BNCDADOS!$A:$H,8,0))","v":0},"VG01",{"$f":"IF(C1582=0,\"\",VLOOKUP(C1582,BNCDADOS!$A:$G,2,0))","v":"VÁLVULA GAVETA, FLANGES, CORPO CURTO, VOLANTE E CUNHA DE BORRACHA, DN 50MM"},{"$f":"IF(C1582=0,\"\",VLOOKUP(C1582,BNCDADOS!$A:$G,3,0))","v":"UN "},9,{"$f":"IF(C1582=0,\"\",VLOOKUP(C1582,BNCDADOS!$A:$G,4,0))","v":531.92999999999995},595.76,5361.84,{"$f":"IF(C1582=0,\"\",VLOOKUP(C1582,BNCDADOS!$A:$G,6,0))","v":531.92999999999995},624.91,5624.19,{"$f":"'MC - MATERIAL ADUTORA - 4-8'!M27","v":9}]
["5.6.2.5",{"$f":"IF(C1583=0,\"\",VLOOKUP(C1583,BNCDADOS!$A:$H,8,0))","v":0},"VG03",{"$f":"IF(C1583=0,\"\",VLOOKUP(C1583,BNCDADOS!$A:$G,2,0))","v":"VÁLVULA GAVETA, FLANGES, CORPO CURTO, VOLANTE E CUNHA DE BORRACHA, DN 100MM"},{"$f":"IF(C1583=0,\"\",VLOOKUP(C1583,BNCDADOS!$A:$G,3,0))","v":"UN "},6,{"$f":"IF(C1583=0,\"\",VLOOKUP(C1583,BNCDADOS!$A:$G,4,0))","v":946.02},1059.54,6357.24,{"$f":"IF(C1583=0,\"\",VLOOKUP(C1583,BNCDADOS!$A:$G,6,0))","v":946.02},1111.3800000000001,6668.28,{"$f":"'MC - MATERIAL ADUTORA - 4-8'!M28","v":6}]
["5.6.2.6",{"$f":"IF(C1584=0,\"\",VLOOKUP(C1584,BNCDADOS!$A:$H,8,0))","v":0},"VT01",{"$f":"IF(C1584=0,\"\",VLOOKUP(C1584,BNCDADOS!$A:$G,2,0))","v":"VENTOSA TRÍPLICE FUNÇÃO, FOFO, FLANGE, PN10, DN 50MM"},{"$f":"IF(C1584=0,\"\",VLOOKUP(C1584,BNCDADOS!$A:$G,3,0))","v":"UN "},9,{"$f":"IF(C1584=0,\"\",VLOOKUP(C1584,BNCDADOS!$A:$G,4,0))","v":917.58},1027.68,9249.1200000000008,{"$f":"IF(C1584=0,\"\",VLOOKUP(C1584,BNCDADOS!$A:$G,6,0))","v":917.58},1077.97,9701.73,{"$f":"'MC - MATERIAL ADUTORA - 4-8'!M30","v":9}]
["5.6.2.7",{"$f":"IF(C1585=0,\"\",VLOOKUP(C1585,BNCDADOS!$A:$H,8,0))","v":0},"FF101",{"$f":"IF(C1585=0,\"\",VLOOKUP(C1585,BNCDADOS!$A:$G,2,0))","v":"PARAFUSO PARA FLANGES, PN10, 16X80"},{"$f":"IF(C1585=0,\"\",VLOOKUP(C1585,BNCDADOS!$A:$G,3,0))","v":"UN "},96,{"$f":"IF(C1585=0,\"\",VLOOKUP(C1585,BNCDADOS!$A:$G,4,0))","v":8.23},9.2100000000000009,884.16,{"$f":"IF(C1585=0,\"\",VLOOKUP(C1585,BNCDADOS!$A:$G,6,0))","v":8.23},9.66,927.36,{"$f":"'MC - MATERIAL ADUTORA - 4-8'!M23","v":96}]
["5.6.2.8",{"$f":"IF(C1586=0,\"\",VLOOKUP(C1586,BNCDADOS!$A:$H,8,0))","v":0},"FF92",{"$f":"IF(C1586=0,\"\",VLOOKUP(C1586,BNCDADOS!$A:$G,2,0))","v":"ARRUELA DE BORRACHA PARA FLANGES, DN 50MM"},{"$f":"IF(C1586=0,\"\",VLOOKUP(C1586,BNCDADOS!$A:$G,3,0))","v":"UN "},9,{"$f":"IF(C1586=0,\"\",VLOOKUP(C1586,BNCDADOS!$A:$G,4,0))","v":3.32},3.71,33.39,{"$f":"IF(C1586=0,\"\",VLOOKUP(C1586,BNCDADOS!$A:$G,6,0))","v":3.32},3.9,35.1,{"$f":"'MC - MATERIAL ADUTORA - 4-8'!M24","v":9}]
["5.6.2.9",{"$f":"IF(C1587=0,\"\",VLOOKUP(C1587,BNCDADOS!$A:$H,8,0))","v":0},"FF94",{"$f":"IF(C1587=0,\"\",VLOOKUP(C1587,BNCDADOS!$A:$G,2,0))","v":"ARRUELA DE BORRACHA PARA FLANGES, DN 100MM"},{"$f":"IF(C1587=0,\"\",VLOOKUP(C1587,BNCDADOS!$A:$G,3,0))","v":"UN "},21,{"$f":"IF(C1587=0,\"\",VLOOKUP(C1587,BNCDADOS!$A:$G,4,0))","v":6.83},7.64,160.44,{"$f":"IF(C1587=0,\"\",VLOOKUP(C1587,BNCDADOS!$A:$G,6,0))","v":6.83},8.02,168.42,{"$f":"'MC - MATERIAL ADUTORA - 4-8'!M25","v":21}]
[null,{"$f":"IF(C1588=0,\"\",VLOOKUP(C1588,BNCDADOS!$A:$H,8,0))","v":""},null,{"$f":"IF(C1588=0,\"\",VLOOKUP(C1588,BNCDADOS!$A:$G,2,0))","v":""},{"$f":"IF(C1588=0,\"\",VLOOKUP(C1588,BNCDADOS!$A:$G,3,0))","v":""},{"$f":"TRUNC(M1588,2)","v":0},{"$f":"IF(C1588=0,\"\",VLOOKUP(C1588,BNCDADOS!$A:$G,4,0))","v":""},{"$f":"IF(C1588=0,\"\",VLOOKUP(C1588,BNCDADOS!$A:$G,5,0))","v":""},{"$f":"IF(H1588=\"\",0,TRUNC(H1588*F1588,2))","v":0},{"$f":"IF(C1588=0,\"\",VLOOKUP(C1588,BNCDADOS!$A:$G,6,0))","v":""},{"$f":"IF(C1588=0,\"\",VLOOKUP(C1588,BNCDADOS!$A:$G,7,0))","v":""},{"$f":"IF(K1588=\"\",0,TRUNC(K1588*F1588,2))","v":0}]
["5.7",null,null,"MATERIAIS_TRECHO 04.02",{"$nulls":4},{"$f":"SUM(I1590,I1606,I1617)","v":1925132.9699999997},null,null,{"$f":"SUM(L1590,L1606,L1617)","v":2019297.6099999996},0]
["5.7.1",{"$f":"IF(C1590=0,\"\",VLOOKUP(C1590,BNCDADOS!$A:$G,8,0))","v":""},null,"ADUTORA",{"$f":"IF(C1590=0,\"\",VLOOKUP(C1590,BNCDADOS!$A:$G,3,0))","v":""},{"$f":"TRUNC(M1590,2)","v":0},{"$f":"IF(C1590=0,\"\",VLOOKUP(C1590,BNCDADOS!$A:$G,4,0))","v":""},{"$f":"IF(C1590=0,\"\",VLOOKUP(C1590,BNCDADOS!$A:$G,5,0))","v":""},{"$f":"SUM(I1591:I1605)","v":1866835.5499999998},{"$f":"IF(C1590=0,\"\",VLOOKUP(C1590,BNCDADOS!$A:$G,6,0))","v":""},{"$f":"IF(C1590=0,\"\",VLOOKUP(C1590,BNCDADOS!$A:$G,7,0))","v":""},{"$f":"SUM(L1591:L1605)","v":1958147.9299999997},0]
["5.7.1.1",{"$f":"IF(C1591=0,\"\",VLOOKUP(C1591,BNCDADOS!$A:$H,8,0))","v":"SINAPI/RN\nINSUMOS"},9828,{"$f":"IF(C1591=0,\"\",VLOOKUP(C1591,BNCDADOS!$A:$G,2,0))","v":"TUBO PVC DEFOFO, JEI, 1 MPA, DN 150 MM, PARA REDE DE AGUA (NBR 7665)                                                                                                                                                                                                                                                                                                                                                                                                                                      "},{"$f":"IF(C1591=0,\"\",VLOOKUP(C1591,BNCDADOS!$A:$G,3,0))","v":"M     "},4386,{"$f":"IF(C1591=0,\"\",VLOOKUP(C1591,BNCDADOS!$A:$G,4,0))","v":"97,17"},{"$f":"TRUNC(G1591*(1+$I$5),2)","v":108.83},{"$f":"IF(H1591=\"\",0,TRUNC(H1591*F1591,2))","v":477328.38},{"$f":"IF(C1591=0,\"\",VLOOKUP(C1591,BNCDADOS!$A:$G,6,0))","v":"97,17"},{"$f":"TRUNC(J1591*(1+$L$5),2)","v":114.15},{"$f":"IF(K1591=\"\",0,TRUNC(K1591*F1591,2))","v":500661.9},{"$f":"P1591*6","v":4386},{"$f":"SUMIF(#REF!,Orçamento!A1591,#REF!)","v":{"$error":"#REF!"}},{"$f":"ROUND(SUM('MC - SERVIÇO ADUTORA - 4-8'!F133:F193)*1.05,0)","v":4388},{"$f":"TRUNC(O1591/6,0)","v":731}]
["5.7.1.2",{"$f":"IF(C1592=0,\"\",VLOOKUP(C1592,BNCDADOS!$A:$H,8,0))","v":0},"PVCD01",{"$f":"IF(C1592=0,\"\",VLOOKUP(C1592,BNCDADOS!$A:$G,2,0))","v":"TUBO PVC DEFOFO, JEI, 1 MPA, DN 400 MM, PARA REDE DE AGUA (NBR 7665) (EMBASA M020300019)"},{"$f":"IF(C1592=0,\"\",VLOOKUP(C1592,BNCDADOS!$A:$G,3,0))","v":"M"},1728,{"$f":"IF(C1592=0,\"\",VLOOKUP(C1592,BNCDADOS!$A:$G,4,0))","v":646.25},{"$f":"TRUNC(G1592*(1+$I$5),2)","v":723.8},{"$f":"IF(H1592=\"\",0,TRUNC(H1592*F1592,2))","v":1250726.3999999999},{"$f":"IF(C1592=0,\"\",VLOOKUP(C1592,BNCDADOS!$A:$G,6,0))","v":646.25},{"$f":"TRUNC(J1592*(1+$L$5),2)","v":759.21},{"$f":"IF(K1592=\"\",0,TRUNC(K1592*F1592,2))","v":1311914.8799999999},{"$f":"P1592*6","v":1728},{"$f":"SUMIF(#REF!,Orçamento!A1592,#REF!)","v":{"$error":"#REF!"}},{"$f":"ROUND(SUM('MC - SERVIÇO ADUTORA - 4-8'!F194:F195,'MC - SERVIÇO ADUTORA - 4-8'!F85:F132)*1.05,0)","v":1733},{"$f":"TRUNC(O1592/6,0)","v":288}]
["5.7.1.3",{"$f":"IF(C1593=0,\"\",VLOOKUP(C1593,BNCDADOS!$A:$H,8,0))","v":0},"FF01",{"$f":"IF(C1593=0,\"\",VLOOKUP(C1593,BNCDADOS!$A:$G,2,0))","v":"CURVA 11°, FOFO, JGS, PN16, DN 150MM"},{"$f":"IF(C1593=0,\"\",VLOOKUP(C1593,BNCDADOS!$A:$G,3,0))","v":"UN "},17,{"$f":"IF(C1593=0,\"\",VLOOKUP(C1593,BNCDADOS!$A:$G,4,0))","v":356.76},399.57,{"$f":"IF(H1593=\"\",0,TRUNC(H1593*F1593,2))","v":6792.69},{"$f":"IF(C1593=0,\"\",VLOOKUP(C1593,BNCDADOS!$A:$G,6,0))","v":356.76},419.12,{"$f":"IF(K1593=\"\",0,TRUNC(K1593*F1593,2))","v":7125.04},{"$f":"'MC - MATERIAL ADUTORA - 4-8'!M4","v":17}]
["5.7.1.4",{"$f":"IF(C1594=0,\"\",VLOOKUP(C1594,BNCDADOS!$A:$H,8,0))","v":0},"FF02",{"$f":"IF(C1594=0,\"\",VLOOKUP(C1594,BNCDADOS!$A:$G,2,0))","v":"CURVA 11°, FOFO, JGS, PN16, DN 400MM"},{"$f":"IF(C1594=0,\"\",VLOOKUP(C1594,BNCDADOS!$A:$G,3,0))","v":"UN "},8,{"$f":"IF(C1594=0,\"\",VLOOKUP(C1594,BNCDADOS!$A:$G,4,0))","v":1970.3066666666666},2206.7399999999998,{"$f":"IF(H1594=\"\",0,TRUNC(H1594*F1594,2))","v":17653.919999999998},{"$f":"IF(C1594=0,\"\",VLOOKUP(C1594,BNCDADOS!$A:$G,6,0))","v":1970.3066666666666},2314.71,{"$f":"IF(K1594=\"\",0,TRUNC(K1594*F1594,2))","v":18517.68},{"$f":"'MC - MATERIAL ADUTORA - 4-8'!M5","v":8}]
["5.7.1.5",{"$f":"IF(C1595=0,\"\",VLOOKUP(C1595,BNCDADOS!$A:$H,8,0))","v":0},"FF04",{"$f":"IF(C1595=0,\"\",VLOOKUP(C1595,BNCDADOS!$A:$G,2,0))","v":"CURVA 22°, FOFO, JGS, PN16, DN 150MM"},{"$f":"IF(C1595=0,\"\",VLOOKUP(C1595,BNCDADOS!$A:$G,3,0))","v":"UN "},{"$f":"TRUNC(M1595,2)","v":9},{"$f":"IF(C1595=0,\"\",VLOOKUP(C1595,BNCDADOS!$A:$G,4,0))","v":291.14999999999998},{"$f":"TRUNC(G1595*(1+$I$5),2)","v":326.08},{"$f":"IF(H1595=\"\",0,TRUNC(H1595*F1595,2))","v":2934.72},{"$f":"IF(C1595=0,\"\",VLOOKUP(C1595,BNCDADOS!$A:$G,6,0))","v":291.14999999999998},{"$f":"TRUNC(J1595*(1+$L$5),2)","v":342.04},{"$f":"IF(K1595=\"\",0,TRUNC(K1595*F1595,2))","v":3078.36},{"$f":"'MC - MATERIAL ADUTORA - 4-8'!M6","v":9}]
["5.7.1.6",{"$f":"IF(C1596=0,\"\",VLOOKUP(C1596,BNCDADOS!$A:$H,8,0))","v":0},"FF05",{"$f":"IF(C1596=0,\"\",VLOOKUP(C1596,BNCDADOS!$A:$G,2,0))","v":"CURVA 22°, FOFO, JGS, PN16, DN 400MM"},{"$f":"IF(C1596=0,\"\",VLOOKUP(C1596,BNCDADOS!$A:$G,3,0))","v":"UN "},1,{"$f":"IF(C1596=0,\"\",VLOOKUP(C1596,BNCDADOS!$A:$G,4,0))","v":2317.0133333333333},2595.0500000000002,2595.0500000000002,{"$f":"IF(C1596=0,\"\",VLOOKUP(C1596,BNCDADOS!$A:$G,6,0))","v":2317.0133333333333},2722.02,2722.02,{"$f":"'MC - MATERIAL ADUTORA - 4-8'!M7","v":1}]
["5.7.1.7",{"$f":"IF(C1597=0,\"\",VLOOKUP(C1597,BNCDADOS!$A:$H,8,0))","v":0},"FF16",{"$f":"IF(C1597=0,\"\",VLOOKUP(C1597,BNCDADOS!$A:$G,2,0))","v":"CURVA 90°, FOFO, FLANGES, PN16, DN 150MM"},{"$f":"IF(C1597=0,\"\",VLOOKUP(C1597,BNCDADOS!$A:$G,3,0))","v":"UN "},1,{"$f":"IF(C1597=0,\"\",VLOOKUP(C1597,BNCDADOS!$A:$G,4,0))","v":490.26},549.09,549.09,{"$f":"IF(C1597=0,\"\",VLOOKUP(C1597,BNCDADOS!$A:$G,6,0))","v":490.26},575.95000000000005,575.95000000000005,{"$f":"'MC - MATERIAL ADUTORA - 4-8'!M8","v":1}]
["5.7.1.8",{"$f":"IF(C1598=0,\"\",VLOOKUP(C1598,BNCDADOS!$A:$H,8,0))","v":0},"FF18",{"$f":"IF(C1598=0,\"\",VLOOKUP(C1598,BNCDADOS!$A:$G,2,0))","v":"CURVA 90°, FOFO, FLANGES, PN16, DN 400MM"},{"$f":"IF(C1598=0,\"\",VLOOKUP(C1598,BNCDADOS!$A:$G,3,0))","v":"UN "},5,{"$f":"IF(C1598=0,\"\",VLOOKUP(C1598,BNCDADOS!$A:$G,4,0))","v":5082},5691.84,28459.200000000001,{"$f":"IF(C1598=0,\"\",VLOOKUP(C1598,BNCDADOS!$A:$G,6,0))","v":5082},5970.33,29851.65,{"$f":"'MC - MATERIAL ADUTORA - 4-8'!M9","v":5}]
["5.7.1.9",{"$f":"IF(C1599=0,\"\",VLOOKUP(C1599,BNCDADOS!$A:$H,8,0))","v":0},"FF27",{"$f":"IF(C1599=0,\"\",VLOOKUP(C1599,BNCDADOS!$A:$G,2,0))","v":"EXTREMIDADE, FOFO, FLANGE/PONTA, ABA DE VEDAÇÃO PN16, DN 400MM"},{"$f":"IF(C1599=0,\"\",VLOOKUP(C1599,BNCDADOS!$A:$G,3,0))","v":"UN "},1,{"$f":"IF(C1599=0,\"\",VLOOKUP(C1599,BNCDADOS!$A:$G,4,0))","v":4203.8933333333334},4708.3599999999997,4708.3599999999997,{"$f":"IF(C1599=0,\"\",VLOOKUP(C1599,BNCDADOS!$A:$G,6,0))","v":4203.8933333333334},4938.7299999999996,4938.7299999999996,{"$f":"'MC - MATERIAL ADUTORA - 4-8'!M10","v":1}]
["5.7.1.10",{"$f":"IF(C1600=0,\"\",VLOOKUP(C1600,BNCDADOS!$A:$H,8,0))","v":0},"FF38",{"$f":"IF(C1600=0,\"\",VLOOKUP(C1600,BNCDADOS!$A:$G,2,0))","v":"LUVA SIMPLES, FOFO, BOLSA/BOLSA, PN16, DN 150MM"},{"$f":"IF(C1600=0,\"\",VLOOKUP(C1600,BNCDADOS!$A:$G,3,0))","v":"UN "},29,{"$f":"IF(C1600=0,\"\",VLOOKUP(C1600,BNCDADOS!$A:$G,4,0))","v":306.64},343.43,9959.4699999999993,{"$f":"IF(C1600=0,\"\",VLOOKUP(C1600,BNCDADOS!$A:$G,6,0))","v":306.64},360.24,10446.959999999999,{"$f":"'MC - MATERIAL ADUTORA - 4-8'!M11","v":29}]
["5.7.1.11",{"$f":"IF(C1601=0,\"\",VLOOKUP(C1601,BNCDADOS!$A:$H,8,0))","v":0},"FF39",{"$f":"IF(C1601=0,\"\",VLOOKUP(C1601,BNCDADOS!$A:$G,2,0))","v":"LUVA SIMPLES, FOFO, BOLSA/BOLSA, PN16, DN 400MM"},{"$f":"IF(C1601=0,\"\",VLOOKUP(C1601,BNCDADOS!$A:$G,3,0))","v":"UN "},36,{"$f":"IF(C1601=0,\"\",VLOOKUP(C1601,BNCDADOS!$A:$G,4,0))","v":1327.63},1486.94,53529.84,{"$f":"IF(C1601=0,\"\",VLOOKUP(C1601,BNCDADOS!$A:$G,6,0))","v":1327.63},1559.69,56148.84,{"$f":"'MC - MATERIAL ADUTORA - 4-8'!M12","v":36}]
["5.7.1.12",{"$f":"IF(C1602=0,\"\",VLOOKUP(C1602,BNCDADOS!$A:$H,8,0))","v":0},"FF42",{"$f":"IF(C1602=0,\"\",VLOOKUP(C1602,BNCDADOS!$A:$G,2,0))","v":"REDUÇÃO CONCÊNTRICA, FOFO, PONTA/BOLSA, PN16, DN 400-250MM"},{"$f":"IF(C1602=0,\"\",VLOOKUP(C1602,BNCDADOS!$A:$G,3,0))","v":"UN "},1,{"$f":"IF(C1602=0,\"\",VLOOKUP(C1602,BNCDADOS!$A:$G,4,0))","v":1719.9366666666665},1926.32,1926.32,{"$f":"IF(C1602=0,\"\",VLOOKUP(C1602,BNCDADOS!$A:$G,6,0))","v":1719.9366666666665},2020.58,2020.58,{"$f":"'MC - MATERIAL ADUTORA - 4-8'!M13","v":1}]
["5.7.1.13",{"$f":"IF(C1603=0,\"\",VLOOKUP(C1603,BNCDADOS!$A:$H,8,0))","v":0},"FF41",{"$f":"IF(C1603=0,\"\",VLOOKUP(C1603,BNCDADOS!$A:$G,2,0))","v":"REDUÇÃO CONCÊNTRICA, FOFO, PONTA/BOLSA, PN16, DN 250-150MM"},{"$f":"IF(C1603=0,\"\",VLOOKUP(C1603,BNCDADOS!$A:$G,3,0))","v":"UN "},1,{"$f":"IF(C1603=0,\"\",VLOOKUP(C1603,BNCDADOS!$A:$G,4,0))","v":720.88666666666666},807.39,807.39,{"$f":"IF(C1603=0,\"\",VLOOKUP(C1603,BNCDADOS!$A:$G,6,0))","v":720.88666666666666},846.89,846.89,{"$f":"'MC - MATERIAL ADUTORA - 4-8'!M14","v":1}]
["5.7.1.14",{"$f":"IF(C1604=0,\"\",VLOOKUP(C1604,BNCDADOS!$A:$H,8,0))","v":0},"FF57",{"$f":"IF(C1604=0,\"\",VLOOKUP(C1604,BNCDADOS!$A:$G,2,0))","v":"TÊ, BBB, FOFO, PN16, DN 400MM"},{"$f":"IF(C1604=0,\"\",VLOOKUP(C1604,BNCDADOS!$A:$G,3,0))","v":"UN "},1,{"$f":"IF(C1604=0,\"\",VLOOKUP(C1604,BNCDADOS!$A:$G,4,0))","v":2414.9299999999998},2704.72,2704.72,{"$f":"IF(C1604=0,\"\",VLOOKUP(C1604,BNCDADOS!$A:$G,6,0))","v":2414.9299999999998},2837.05,2837.05,{"$f":"'MC - MATERIAL ADUTORA - 4-8'!M15","v":1}]
["5.7.1.15",{"$f":"IF(C1605=0,\"\",VLOOKUP(C1605,BNCDADOS!$A:$H,8,0))","v":0},"VRP01",{"$f":"IF(C1605=0,\"\",VLOOKUP(C1605,BNCDADOS!$A:$G,2,0))","v":"VÁLVULA REDUTORA DE PRESSÃO PN16 - 50Mpa -  DN 350/400MM "},{"$f":"IF(C1605=0,\"\",VLOOKUP(C1605,BNCDADOS!$A:$G,3,0))","v":"UN "},1,{"$f":"IF(C1605=0,\"\",VLOOKUP(C1605,BNCDADOS!$A:$G,4,0))","v":5500},6160,6160,{"$f":"IF(C1605=0,\"\",VLOOKUP(C1605,BNCDADOS!$A:$G,6,0))","v":5500},6461.4,6461.4,{"$f":"'MC - MATERIAL ADUTORA - 4-8'!M16","v":1}]
["5.7.2",{"$f":"IF(C1606=0,\"\",VLOOKUP(C1606,BNCDADOS!$A:$G,8,0))","v":""},null,"VENTOSAS E DESCARGAS",{"$f":"IF(C1606=0,\"\",VLOOKUP(C1606,BNCDADOS!$A:$G,3,0))","v":""},0,{"$f":"IF(C1606=0,\"\",VLOOKUP(C1606,BNCDADOS!$A:$G,4,0))","v":""},{"$f":"IF(C1606=0,\"\",VLOOKUP(C1606,BNCDADOS!$A:$G,5,0))","v":""},{"$f":"SUM(I1607:I1616)","v":33885.400000000009},{"$f":"IF(C1606=0,\"\",VLOOKUP(C1606,BNCDADOS!$A:$G,6,0))","v":""},{"$f":"IF(C1606=0,\"\",VLOOKUP(C1606,BNCDADOS!$A:$G,7,0))","v":""},{"$f":"SUM(L1607:L1616)","v":35543.519999999997}]
["5.7.2.1",{"$f":"IF(C1607=0,\"\",VLOOKUP(C1607,BNCDADOS!$A:$H,8,0))","v":0},"FF15",{"$f":"IF(C1607=0,\"\",VLOOKUP(C1607,BNCDADOS!$A:$G,2,0))","v":"CURVA 45°, FOFO, FLANGES, PN10, DN 100MM"},{"$f":"IF(C1607=0,\"\",VLOOKUP(C1607,BNCDADOS!$A:$G,3,0))","v":"UN "},5,{"$f":"IF(C1607=0,\"\",VLOOKUP(C1607,BNCDADOS!$A:$G,4,0))","v":278.55},{"$f":"TRUNC(G1607*(1+$I$5),2)","v":311.97000000000003},{"$f":"IF(H1607=\"\",0,TRUNC(H1607*F1607,2))","v":1559.85},{"$f":"IF(C1607=0,\"\",VLOOKUP(C1607,BNCDADOS!$A:$G,6,0))","v":278.55},{"$f":"TRUNC(J1607*(1+$L$5),2)","v":327.24},{"$f":"IF(K1607=\"\",0,TRUNC(K1607*F1607,2))","v":1636.2},{"$f":"'MC - MATERIAL ADUTORA - 4-8'!M36","v":5}]
["5.7.2.2",{"$f":"IF(C1608=0,\"\",VLOOKUP(C1608,BNCDADOS!$A:$H,8,0))","v":0},"FF43",{"$f":"IF(C1608=0,\"\",VLOOKUP(C1608,BNCDADOS!$A:$G,2,0))","v":"REDUÇÃO CONCÊNTRICA, FOFO, FLANGES, PN16, DN 100-50MM"},{"$f":"IF(C1608=0,\"\",VLOOKUP(C1608,BNCDADOS!$A:$G,3,0))","v":"UN "},2,{"$f":"IF(C1608=0,\"\",VLOOKUP(C1608,BNCDADOS!$A:$G,4,0))","v":338.84},379.5,{"$f":"IF(H1608=\"\",0,TRUNC(H1608*F1608,2))","v":759},{"$f":"IF(C1608=0,\"\",VLOOKUP(C1608,BNCDADOS!$A:$G,6,0))","v":338.84},398.06,{"$f":"IF(K1608=\"\",0,TRUNC(K1608*F1608,2))","v":796.12},{"$f":"'MC - MATERIAL ADUTORA - 4-8'!M37","v":2}]
["5.7.2.3",{"$f":"IF(C1609=0,\"\",VLOOKUP(C1609,BNCDADOS!$A:$H,8,0))","v":0},"FF53",{"$f":"IF(C1609=0,\"\",VLOOKUP(C1609,BNCDADOS!$A:$G,2,0))","v":"TÊ, BBF, FOFO, PN16, DN 150-100MM"},{"$f":"IF(C1609=0,\"\",VLOOKUP(C1609,BNCDADOS!$A:$G,3,0))","v":"UN "},{"$f":"TRUNC(M1609,2)","v":6},{"$f":"IF(C1609=0,\"\",VLOOKUP(C1609,BNCDADOS!$A:$G,4,0))","v":627.12},{"$f":"TRUNC(G1609*(1+$I$5),2)","v":702.37},{"$f":"IF(H1609=\"\",0,TRUNC(H1609*F1609,2))","v":4214.22},{"$f":"IF(C1609=0,\"\",VLOOKUP(C1609,BNCDADOS!$A:$G,6,0))","v":627.12},{"$f":"TRUNC(J1609*(1+$L$5),2)","v":736.74},{"$f":"IF(K1609=\"\",0,TRUNC(K1609*F1609,2))","v":4420.4399999999996},{"$f":"'MC - MATERIAL ADUTORA - 4-8'!M38","v":6}]
["5.7.2.4",{"$f":"IF(C1610=0,\"\",VLOOKUP(C1610,BNCDADOS!$A:$H,8,0))","v":0},"FF54",{"$f":"IF(C1610=0,\"\",VLOOKUP(C1610,BNCDADOS!$A:$G,2,0))","v":"TÊ, BBF, FOFO, PN16, DN 400-100MM"},{"$f":"IF(C1610=0,\"\",VLOOKUP(C1610,BNCDADOS!$A:$G,3,0))","v":"UN "},4,{"$f":"IF(C1610=0,\"\",VLOOKUP(C1610,BNCDADOS!$A:$G,4,0))","v":2921.97},3272.6,13090.4,{"$f":"IF(C1610=0,\"\",VLOOKUP(C1610,BNCDADOS!$A:$G,6,0))","v":2921.97},3432.73,13730.92,{"$f":"'MC - MATERIAL ADUTORA - 4-8'!M39","v":4}]
["5.7.2.5",{"$f":"IF(C1611=0,\"\",VLOOKUP(C1611,BNCDADOS!$A:$H,8,0))","v":0},"VG01",{"$f":"IF(C1611=0,\"\",VLOOKUP(C1611,BNCDADOS!$A:$G,2,0))","v":"VÁLVULA GAVETA, FLANGES, CORPO CURTO, VOLANTE E CUNHA DE BORRACHA, DN 50MM"},{"$f":"IF(C1611=0,\"\",VLOOKUP(C1611,BNCDADOS!$A:$G,3,0))","v":"UN "},5,{"$f":"IF(C1611=0,\"\",VLOOKUP(C1611,BNCDADOS!$A:$G,4,0))","v":531.92999999999995},595.76,2978.8,{"$f":"IF(C1611=0,\"\",VLOOKUP(C1611,BNCDADOS!$A:$G,6,0))","v":531.92999999999995},624.91,3124.55,{"$f":"'MC - MATERIAL ADUTORA - 4-8'!M45","v":5}]
["5.7.2.6",{"$f":"IF(C1612=0,\"\",VLOOKUP(C1612,BNCDADOS!$A:$H,8,0))","v":0},"VG03",{"$f":"IF(C1612=0,\"\",VLOOKUP(C1612,BNCDADOS!$A:$G,2,0))","v":"VÁLVULA GAVETA, FLANGES, CORPO CURTO, VOLANTE E CUNHA DE BORRACHA, DN 100MM"},{"$f":"IF(C1612=0,\"\",VLOOKUP(C1612,BNCDADOS!$A:$G,3,0))","v":"UN "},5,{"$f":"IF(C1612=0,\"\",VLOOKUP(C1612,BNCDADOS!$A:$G,4,0))","v":946.02},1059.54,5297.7,{"$f":"IF(C1612=0,\"\",VLOOKUP(C1612,BNCDADOS!$A:$G,6,0))","v":946.02},1111.3800000000001,5556.9,{"$f":"'MC - MATERIAL ADUTORA - 4-8'!M46","v":5}]
["5.7.2.7",{"$f":"IF(C1613=0,\"\",VLOOKUP(C1613,BNCDADOS!$A:$H,8,0))","v":0},"VT01",{"$f":"IF(C1613=0,\"\",VLOOKUP(C1613,BNCDADOS!$A:$G,2,0))","v":"VENTOSA TRÍPLICE FUNÇÃO, FOFO, FLANGE, PN10, DN 50MM"},{"$f":"IF(C1613=0,\"\",VLOOKUP(C1613,BNCDADOS!$A:$G,3,0))","v":"UN "},5,{"$f":"IF(C1613=0,\"\",VLOOKUP(C1613,BNCDADOS!$A:$G,4,0))","v":917.58},1027.68,5138.3999999999996,{"$f":"IF(C1613=0,\"\",VLOOKUP(C1613,BNCDADOS!$A:$G,6,0))","v":917.58},1077.97,5389.85,{"$f":"'MC - MATERIAL ADUTORA - 4-8'!M48","v":5}]
["5.7.2.8",{"$f":"IF(C1614=0,\"\",VLOOKUP(C1614,BNCDADOS!$A:$H,8,0))","v":0},"FF101",{"$f":"IF(C1614=0,\"\",VLOOKUP(C1614,BNCDADOS!$A:$G,2,0))","v":"PARAFUSO PARA FLANGES, PN10, 16X80"},{"$f":"IF(C1614=0,\"\",VLOOKUP(C1614,BNCDADOS!$A:$G,3,0))","v":"UN "},80,{"$f":"IF(C1614=0,\"\",VLOOKUP(C1614,BNCDADOS!$A:$G,4,0))","v":8.23},9.2100000000000009,736.8,{"$f":"IF(C1614=0,\"\",VLOOKUP(C1614,BNCDADOS!$A:$G,6,0))","v":8.23},9.66,772.8,{"$f":"'MC - MATERIAL ADUTORA - 4-8'!M41","v":80}]
["5.7.2.9",{"$f":"IF(C1615=0,\"\",VLOOKUP(C1615,BNCDADOS!$A:$H,8,0))","v":0},"FF92",{"$f":"IF(C1615=0,\"\",VLOOKUP(C1615,BNCDADOS!$A:$G,2,0))","v":"ARRUELA DE BORRACHA PARA FLANGES, DN 50MM"},{"$f":"IF(C1615=0,\"\",VLOOKUP(C1615,BNCDADOS!$A:$G,3,0))","v":"UN "},5,{"$f":"IF(C1615=0,\"\",VLOOKUP(C1615,BNCDADOS!$A:$G,4,0))","v":3.32},3.71,18.55,{"$f":"IF(C1615=0,\"\",VLOOKUP(C1615,BNCDADOS!$A:$G,6,0))","v":3.32},3.9,19.5,{"$f":"'MC - MATERIAL ADUTORA - 4-8'!M42","v":5}]
["5.7.2.10",{"$f":"IF(C1616=0,\"\",VLOOKUP(C1616,BNCDADOS!$A:$H,8,0))","v":0},"FF94",{"$f":"IF(C1616=0,\"\",VLOOKUP(C1616,BNCDADOS!$A:$G,2,0))","v":"ARRUELA DE BORRACHA PARA FLANGES, DN 100MM"},{"$f":"IF(C1616=0,\"\",VLOOKUP(C1616,BNCDADOS!$A:$G,3,0))","v":"UN "},12,{"$f":"IF(C1616=0,\"\",VLOOKUP(C1616,BNCDADOS!$A:$G,4,0))","v":6.83},7.64,91.68,{"$f":"IF(C1616=0,\"\",VLOOKUP(C1616,BNCDADOS!$A:$G,6,0))","v":6.83},8.02,96.24,{"$f":"'MC - MATERIAL ADUTORA - 4-8'!M43","v":12}]
["5.7.3",{"$f":"IF(C1617=0,\"\",VLOOKUP(C1617,BNCDADOS!$A:$G,8,0))","v":""},null,"TRAVESSIAS PELO MND",{"$f":"IF(C1617=0,\"\",VLOOKUP(C1617,BNCDADOS!$A:$G,3,0))","v":""},0,{"$f":"IF(C1617=0,\"\",VLOOKUP(C1617,BNCDADOS!$A:$G,4,0))","v":""},{"$f":"IF(C1617=0,\"\",VLOOKUP(C1617,BNCDADOS!$A:$G,5,0))","v":""},{"$f":"SUM(I1618:I1625)","v":24412.02},{"$f":"IF(C1617=0,\"\",VLOOKUP(C1617,BNCDADOS!$A:$G,6,0))","v":""},{"$f":"IF(C1617=0,\"\",VLOOKUP(C1617,BNCDADOS!$A:$G,7,0))","v":""},{"$f":"SUM(L1618:L1625)","v":25606.160000000003}]
["5.7.3.1",{"$f":"IF(C1618=0,\"\",VLOOKUP(C1618,BNCDADOS!$A:$H,8,0))","v":0},"FF19",{"$f":"IF(C1618=0,\"\",VLOOKUP(C1618,BNCDADOS!$A:$G,2,0))","v":"EXTREMIDADE, FOFO, FLANGE/BOLSA, PN10, DN 150MM"},{"$f":"IF(C1618=0,\"\",VLOOKUP(C1618,BNCDADOS!$A:$G,3,0))","v":"UN "},4,{"$f":"IF(C1618=0,\"\",VLOOKUP(C1618,BNCDADOS!$A:$G,4,0))","v":359.16},{"$f":"TRUNC(G1618*(1+$I$5),2)","v":402.25},{"$f":"IF(H1618=\"\",0,TRUNC(H1618*F1618,2))","v":1609},{"$f":"IF(C1618=0,\"\",VLOOKUP(C1618,BNCDADOS!$A:$G,6,0))","v":359.16},{"$f":"TRUNC(J1618*(1+$L$5),2)","v":421.94},{"$f":"IF(K1618=\"\",0,TRUNC(K1618*F1618,2))","v":1687.76},{"$f":"'MC - MATERIAL ADUTORA - 4-8'!F68","v":4}]
["5.7.3.2",{"$f":"IF(C1619=0,\"\",VLOOKUP(C1619,BNCDADOS!$A:$H,8,0))","v":0},"FF157",{"$f":"IF(C1619=0,\"\",VLOOKUP(C1619,BNCDADOS!$A:$G,2,0))","v":"TÊ, FFF, FOFO, PN16, DN 150MM"},{"$f":"IF(C1619=0,\"\",VLOOKUP(C1619,BNCDADOS!$A:$G,3,0))","v":"UN "},2,{"$f":"IF(C1619=0,\"\",VLOOKUP(C1619,BNCDADOS!$A:$G,4,0))","v":649.5},727.44,1454.88,{"$f":"IF(C1619=0,\"\",VLOOKUP(C1619,BNCDADOS!$A:$G,6,0))","v":649.5},763.03,1526.06,{"$f":"'MC - MATERIAL ADUTORA - 4-8'!F70","v":2}]
["5.7.3.3",{"$f":"IF(C1620=0,\"\",VLOOKUP(C1620,BNCDADOS!$A:$H,8,0))","v":0},"FF66",{"$f":"IF(C1620=0,\"\",VLOOKUP(C1620,BNCDADOS!$A:$G,2,0))","v":"TUBO CILÍNDRICO, FOFO, DN 150MM"},{"$f":"IF(C1620=0,\"\",VLOOKUP(C1620,BNCDADOS!$A:$G,3,0))","v":"M"},2,{"$f":"IF(C1620=0,\"\",VLOOKUP(C1620,BNCDADOS!$A:$G,4,0))","v":738.16},826.73,1653.46,{"$f":"IF(C1620=0,\"\",VLOOKUP(C1620,BNCDADOS!$A:$G,6,0))","v":738.16},867.19,1734.38,{"$f":"'MC - MATERIAL ADUTORA - 4-8'!F71","v":2}]
["5.7.3.4",{"$f":"IF(C1621=0,\"\",VLOOKUP(C1621,BNCDADOS!$A:$H,8,0))","v":0},"FF74",{"$f":"IF(C1621=0,\"\",VLOOKUP(C1621,BNCDADOS!$A:$G,2,0))","v":"TUBO, FOFO, FLANGES, DN 150MM, L=2600MM"},{"$f":"IF(C1621=0,\"\",VLOOKUP(C1621,BNCDADOS!$A:$G,3,0))","v":"UN "},2,{"$f":"IF(C1621=0,\"\",VLOOKUP(C1621,BNCDADOS!$A:$G,4,0))","v":1487.97},1666.52,3333.04,{"$f":"IF(C1621=0,\"\",VLOOKUP(C1621,BNCDADOS!$A:$G,6,0))","v":1487.97},1748.06,3496.12,{"$f":"'MC - MATERIAL ADUTORA - 4-8'!F72","v":2}]
["5.7.3.5",{"$f":"IF(C1622=0,\"\",VLOOKUP(C1622,BNCDADOS!$A:$H,8,0))","v":0},"FF34",{"$f":"IF(C1622=0,\"\",VLOOKUP(C1622,BNCDADOS!$A:$G,2,0))","v":"JUNTA DE DESMONTAGEM TRAVADA AXIALMENTE, DN 150MM"},{"$f":"IF(C1622=0,\"\",VLOOKUP(C1622,BNCDADOS!$A:$G,3,0))","v":"UN "},4,{"$f":"IF(C1622=0,\"\",VLOOKUP(C1622,BNCDADOS!$A:$G,4,0))","v":1533.2633333333333},1717.25,6869,{"$f":"IF(C1622=0,\"\",VLOOKUP(C1622,BNCDADOS!$A:$G,6,0))","v":1533.2633333333333},1801.27,7205.08,{"$f":"'MC - MATERIAL ADUTORA - 4-8'!F67","v":4}]
["5.7.3.6",{"$f":"IF(C1623=0,\"\",VLOOKUP(C1623,BNCDADOS!$A:$H,8,0))","v":0},"VG04",{"$f":"IF(C1623=0,\"\",VLOOKUP(C1623,BNCDADOS!$A:$G,2,0))","v":"VÁLVULA GAVETA, FLANGES, CORPO CURTO, VOLANTE E CUNHA DE BORRACHA, DN 150MM"},{"$f":"IF(C1623=0,\"\",VLOOKUP(C1623,BNCDADOS!$A:$G,3,0))","v":"UN "},4,{"$f":"IF(C1623=0,\"\",VLOOKUP(C1623,BNCDADOS!$A:$G,4,0))","v":1782.29},1996.16,7984.64,{"$f":"IF(C1623=0,\"\",VLOOKUP(C1623,BNCDADOS!$A:$G,6,0))","v":1782.29},2093.83,8375.32,{"$f":"'MC - MATERIAL ADUTORA - 4-8'!F69","v":4}]
["5.7.3.7",{"$f":"IF(C1624=0,\"\",VLOOKUP(C1624,BNCDADOS!$A:$H,8,0))","v":0},"FF95",{"$f":"IF(C1624=0,\"\",VLOOKUP(C1624,BNCDADOS!$A:$G,2,0))","v":"ARRUELA DE BORRACHA PARA FLANGES, DN 150MM"},{"$f":"IF(C1624=0,\"\",VLOOKUP(C1624,BNCDADOS!$A:$G,3,0))","v":"UN "},8,{"$f":"IF(C1624=0,\"\",VLOOKUP(C1624,BNCDADOS!$A:$G,4,0))","v":8.31},9.3000000000000007,74.400000000000006,{"$f":"IF(C1624=0,\"\",VLOOKUP(C1624,BNCDADOS!$A:$G,6,0))","v":8.31},9.76,78.08,{"$f":"'MC - MATERIAL ADUTORA - 4-8'!F73","v":8}]
["5.7.3.8",{"$f":"IF(C1625=0,\"\",VLOOKUP(C1625,BNCDADOS!$A:$H,8,0))","v":0},"FF102",{"$f":"IF(C1625=0,\"\",VLOOKUP(C1625,BNCDADOS!$A:$G,2,0))","v":"PARAFUSO PARA FLANGES, PN10, 20X90"},{"$f":"IF(C1625=0,\"\",VLOOKUP(C1625,BNCDADOS!$A:$G,3,0))","v":"UN "},64,{"$f":"IF(C1625=0,\"\",VLOOKUP(C1625,BNCDADOS!$A:$G,4,0))","v":20},22.4,1433.6,{"$f":"IF(C1625=0,\"\",VLOOKUP(C1625,BNCDADOS!$A:$G,6,0))","v":20},23.49,1503.36,{"$f":"'MC - MATERIAL ADUTORA - 4-8'!F74","v":64}]
[null,{"$f":"IF(C1626=0,\"\",VLOOKUP(C1626,BNCDADOS!$A:$H,8,0))","v":""},null,{"$f":"IF(C1626=0,\"\",VLOOKUP(C1626,BNCDADOS!$A:$G,2,0))","v":""},{"$f":"IF(C1626=0,\"\",VLOOKUP(C1626,BNCDADOS!$A:$G,3,0))","v":""},{"$f":"TRUNC(M1626,2)","v":0},{"$f":"IF(C1626=0,\"\",VLOOKUP(C1626,BNCDADOS!$A:$G,4,0))","v":""},{"$f":"IF(C1626=0,\"\",VLOOKUP(C1626,BNCDADOS!$A:$G,5,0))","v":""},{"$f":"IF(H1626=\"\",0,TRUNC(H1626*F1626,2))","v":0},{"$f":"IF(C1626=0,\"\",VLOOKUP(C1626,BNCDADOS!$A:$G,6,0))","v":""},{"$f":"IF(C1626=0,\"\",VLOOKUP(C1626,BNCDADOS!$A:$G,7,0))","v":""},{"$f":"IF(K1626=\"\",0,TRUNC(K1626*F1626,2))","v":0}]
["5.8",null,null,"MATERIAIS_EEAT 04_SANTO ANTÔNIO",{"$nulls":4},{"$f":"SUM(I1628,I1640,I1667)","v":151120.25},null,null,{"$f":"SUM(L1628,L1640,L1667)","v":158514.62},0]
["5.8.1",{"$f":"IF(C1628=0,\"\",VLOOKUP(C1628,BNCDADOS!$A:$G,8,0))","v":""},null,"TUBOS",{"$f":"IF(C1628=0,\"\",VLOOKUP(C1628,BNCDADOS!$A:$G,3,0))","v":""},{"$f":"TRUNC(M1628,2)","v":0},{"$f":"IF(C1628=0,\"\",VLOOKUP(C1628,BNCDADOS!$A:$G,4,0))","v":""},{"$f":"IF(C1628=0,\"\",VLOOKUP(C1628,BNCDADOS!$A:$G,5,0))","v":""},{"$f":"SUM(I1629:I1639)","v":35118.400000000001},{"$f":"IF(C1628=0,\"\",VLOOKUP(C1628,BNCDADOS!$A:$G,6,0))","v":""},{"$f":"IF(C1628=0,\"\",VLOOKUP(C1628,BNCDADOS!$A:$G,7,0))","v":""},{"$f":"SUM(L1629:L1639)","v":36836.83},0]
["5.8.1.1",{"$f":"IF(C1629=0,\"\",VLOOKUP(C1629,BNCDADOS!$A:$H,8,0))","v":0},"FF66",{"$f":"IF(C1629=0,\"\",VLOOKUP(C1629,BNCDADOS!$A:$G,2,0))","v":"TUBO CILÍNDRICO, FOFO, DN 150MM"},{"$f":"IF(C1629=0,\"\",VLOOKUP(C1629,BNCDADOS!$A:$G,3,0))","v":"M"},12.95,{"$f":"IF(C1629=0,\"\",VLOOKUP(C1629,BNCDADOS!$A:$G,4,0))","v":738.16},{"$f":"TRUNC(G1629*(1+$I$5),2)","v":826.73},{"$f":"IF(H1629=\"\",0,TRUNC(H1629*F1629,2))","v":10706.15},{"$f":"IF(C1629=0,\"\",VLOOKUP(C1629,BNCDADOS!$A:$G,6,0))","v":738.16},{"$f":"TRUNC(J1629*(1+$L$5),2)","v":867.19},{"$f":"IF(K1629=\"\",0,TRUNC(K1629*F1629,2))","v":11230.11},12.95]
["5.8.1.2",{"$f":"IF(C1630=0,\"\",VLOOKUP(C1630,BNCDADOS!$A:$H,8,0))","v":0},"FF68",{"$f":"IF(C1630=0,\"\",VLOOKUP(C1630,BNCDADOS!$A:$G,2,0))","v":"TUBO, FOFO, FLANGE/PONTA, DN 80MM, L=700MM"},{"$f":"IF(C1630=0,\"\",VLOOKUP(C1630,BNCDADOS!$A:$G,3,0))","v":"UN "},2,{"$f":"IF(C1630=0,\"\",VLOOKUP(C1630,BNCDADOS!$A:$G,4,0))","v":737.84},{"$f":"TRUNC(G1630*(1+$I$5),2)","v":826.38},{"$f":"IF(H1630=\"\",0,TRUNC(H1630*F1630,2))","v":1652.76},{"$f":"IF(C1630=0,\"\",VLOOKUP(C1630,BNCDADOS!$A:$G,6,0))","v":737.84},{"$f":"TRUNC(J1630*(1+$L$5),2)","v":866.81},{"$f":"IF(K1630=\"\",0,TRUNC(K1630*F1630,2))","v":1733.62},2]
["5.8.1.3",{"$f":"IF(C1631=0,\"\",VLOOKUP(C1631,BNCDADOS!$A:$H,8,0))","v":0},"FF71",{"$f":"IF(C1631=0,\"\",VLOOKUP(C1631,BNCDADOS!$A:$G,2,0))","v":"TUBO, FOFO, FLANGES, DN 80MM, L=1570MM"},{"$f":"IF(C1631=0,\"\",VLOOKUP(C1631,BNCDADOS!$A:$G,3,0))","v":"UN "},1,{"$f":"IF(C1631=0,\"\",VLOOKUP(C1631,BNCDADOS!$A:$G,4,0))","v":1253.8399999999999},1404.3,{"$f":"IF(H1631=\"\",0,TRUNC(H1631*F1631,2))","v":1404.3},{"$f":"IF(C1631=0,\"\",VLOOKUP(C1631,BNCDADOS!$A:$G,6,0))","v":1253.8399999999999},1473.01,{"$f":"IF(K1631=\"\",0,TRUNC(K1631*F1631,2))","v":1473.01},1]
["5.8.1.4",{"$f":"IF(C1632=0,\"\",VLOOKUP(C1632,BNCDADOS!$A:$H,8,0))","v":0},"FF74",{"$f":"IF(C1632=0,\"\",VLOOKUP(C1632,BNCDADOS!$A:$G,2,0))","v":"TUBO, FOFO, FLANGES, DN 150MM, L=2600MM"},{"$f":"IF(C1632=0,\"\",VLOOKUP(C1632,BNCDADOS!$A:$G,3,0))","v":"UN "},1,{"$f":"IF(C1632=0,\"\",VLOOKUP(C1632,BNCDADOS!$A:$G,4,0))","v":1487.97},1666.52,{"$f":"IF(H1632=\"\",0,TRUNC(H1632*F1632,2))","v":1666.52},{"$f":"IF(C1632=0,\"\",VLOOKUP(C1632,BNCDADOS!$A:$G,6,0))","v":1487.97},1748.06,{"$f":"IF(K1632=\"\",0,TRUNC(K1632*F1632,2))","v":1748.06},1]
["5.8.1.5",{"$f":"IF(C1633=0,\"\",VLOOKUP(C1633,BNCDADOS!$A:$H,8,0))","v":0},"FF72",{"$f":"IF(C1633=0,\"\",VLOOKUP(C1633,BNCDADOS!$A:$G,2,0))","v":"TUBO, FOFO, FLANGES, DN 150MM, L=600MM"},{"$f":"IF(C1633=0,\"\",VLOOKUP(C1633,BNCDADOS!$A:$G,3,0))","v":"UN "},1,{"$f":"IF(C1633=0,\"\",VLOOKUP(C1633,BNCDADOS!$A:$G,4,0))","v":686.07},768.39,{"$f":"IF(H1633=\"\",0,TRUNC(H1633*F1633,2))","v":768.39},{"$f":"IF(C1633=0,\"\",VLOOKUP(C1633,BNCDADOS!$A:$G,6,0))","v":686.07},805.99,{"$f":"IF(K1633=\"\",0,TRUNC(K1633*F1633,2))","v":805.99},1]
["5.8.1.6",{"$f":"IF(C1634=0,\"\",VLOOKUP(C1634,BNCDADOS!$A:$H,8,0))","v":0},"FF73",{"$f":"IF(C1634=0,\"\",VLOOKUP(C1634,BNCDADOS!$A:$G,2,0))","v":"TUBO, FOFO, FLANGES, DN 150MM, L=800MM"},{"$f":"IF(C1634=0,\"\",VLOOKUP(C1634,BNCDADOS!$A:$G,3,0))","v":"UN "},1,{"$f":"IF(C1634=0,\"\",VLOOKUP(C1634,BNCDADOS!$A:$G,4,0))","v":766.26},858.21,858.21,{"$f":"IF(C1634=0,\"\",VLOOKUP(C1634,BNCDADOS!$A:$G,6,0))","v":766.26},900.2,900.2,1]
["5.8.1.7",{"$f":"IF(C1635=0,\"\",VLOOKUP(C1635,BNCDADOS!$A:$H,8,0))","v":0},"FF75",{"$f":"IF(C1635=0,\"\",VLOOKUP(C1635,BNCDADOS!$A:$G,2,0))","v":"TUBO, FOFO, FLANGES, DN 150MM, L=8740MM"},{"$f":"IF(C1635=0,\"\",VLOOKUP(C1635,BNCDADOS!$A:$G,3,0))","v":"UN "},1,{"$f":"IF(C1635=0,\"\",VLOOKUP(C1635,BNCDADOS!$A:$G,4,0))","v":3949.8},4423.7700000000004,4423.7700000000004,{"$f":"IF(C1635=0,\"\",VLOOKUP(C1635,BNCDADOS!$A:$G,6,0))","v":3949.8},4640.22,4640.22,1]
["5.8.1.8",{"$f":"IF(C1636=0,\"\",VLOOKUP(C1636,BNCDADOS!$A:$H,8,0))","v":0},"FF76",{"$f":"IF(C1636=0,\"\",VLOOKUP(C1636,BNCDADOS!$A:$G,2,0))","v":"TUBO, FOFO, FLANGES, DN 200MM, L=1720MM"},{"$f":"IF(C1636=0,\"\",VLOOKUP(C1636,BNCDADOS!$A:$G,3,0))","v":"UN "},2,{"$f":"IF(C1636=0,\"\",VLOOKUP(C1636,BNCDADOS!$A:$G,4,0))","v":2200.31},2464.34,4928.68,{"$f":"IF(C1636=0,\"\",VLOOKUP(C1636,BNCDADOS!$A:$G,6,0))","v":2200.31},2584.92,5169.84,2]
["5.8.1.9",{"$f":"IF(C1637=0,\"\",VLOOKUP(C1637,BNCDADOS!$A:$H,8,0))","v":0},"FF80",{"$f":"IF(C1637=0,\"\",VLOOKUP(C1637,BNCDADOS!$A:$G,2,0))","v":"TUBO, FOFO, FLANGES, DN 400MM, L=2260MM"},{"$f":"IF(C1637=0,\"\",VLOOKUP(C1637,BNCDADOS!$A:$G,3,0))","v":"UN "},1,{"$f":"IF(C1637=0,\"\",VLOOKUP(C1637,BNCDADOS!$A:$G,4,0))","v":3978.15},4455.5200000000004,4455.5200000000004,{"$f":"IF(C1637=0,\"\",VLOOKUP(C1637,BNCDADOS!$A:$G,6,0))","v":3978.15},4673.53,4673.53,1]
["5.8.1.10",{"$f":"IF(C1638=0,\"\",VLOOKUP(C1638,BNCDADOS!$A:$H,8,0))","v":0},"FF77",{"$f":"IF(C1638=0,\"\",VLOOKUP(C1638,BNCDADOS!$A:$G,2,0))","v":"TUBO, FOFO, FLANGES, DN 400MM, L=510MM"},{"$f":"IF(C1638=0,\"\",VLOOKUP(C1638,BNCDADOS!$A:$G,3,0))","v":"UN "},1,{"$f":"IF(C1638=0,\"\",VLOOKUP(C1638,BNCDADOS!$A:$G,4,0))","v":1812.53},2030.03,2030.03,{"$f":"IF(C1638=0,\"\",VLOOKUP(C1638,BNCDADOS!$A:$G,6,0))","v":1812.53},2129.36,2129.36,1]
["5.8.1.11",{"$f":"IF(C1639=0,\"\",VLOOKUP(C1639,BNCDADOS!$A:$H,8,0))","v":0},"FF78",{"$f":"IF(C1639=0,\"\",VLOOKUP(C1639,BNCDADOS!$A:$G,2,0))","v":"TUBO, FOFO, FLANGES, DN 400MM, L=650MM"},{"$f":"IF(C1639=0,\"\",VLOOKUP(C1639,BNCDADOS!$A:$G,3,0))","v":"UN "},1,{"$f":"IF(C1639=0,\"\",VLOOKUP(C1639,BNCDADOS!$A:$G,4,0))","v":1985.78},2224.0700000000002,2224.0700000000002,{"$f":"IF(C1639=0,\"\",VLOOKUP(C1639,BNCDADOS!$A:$G,6,0))","v":1985.78},2332.89,2332.89,1]
["5.8.2",{"$f":"IF(C1640=0,\"\",VLOOKUP(C1640,BNCDADOS!$A:$G,8,0))","v":""},null,"CONEXÕES",{"$f":"IF(C1640=0,\"\",VLOOKUP(C1640,BNCDADOS!$A:$G,3,0))","v":""},0,{"$f":"IF(C1640=0,\"\",VLOOKUP(C1640,BNCDADOS!$A:$G,4,0))","v":""},{"$f":"IF(C1640=0,\"\",VLOOKUP(C1640,BNCDADOS!$A:$G,5,0))","v":""},{"$f":"SUM(I1641:I1666)","v":71510.110000000015},{"$f":"IF(C1640=0,\"\",VLOOKUP(C1640,BNCDADOS!$A:$G,6,0))","v":""},{"$f":"IF(C1640=0,\"\",VLOOKUP(C1640,BNCDADOS!$A:$G,7,0))","v":""},{"$f":"SUM(L1641:L1666)","v":75009.09}]
["5.8.2.1",{"$f":"IF(C1641=0,\"\",VLOOKUP(C1641,BNCDADOS!$A:$H,8,0))","v":0},"FF07",{"$f":"IF(C1641=0,\"\",VLOOKUP(C1641,BNCDADOS!$A:$G,2,0))","v":"CURVA 45°, FOFO, JGS, PN16, DN 150MM"},{"$f":"IF(C1641=0,\"\",VLOOKUP(C1641,BNCDADOS!$A:$G,3,0))","v":"UN "},4,{"$f":"IF(C1641=0,\"\",VLOOKUP(C1641,BNCDADOS!$A:$G,4,0))","v":316.54000000000002},{"$f":"TRUNC(G1641*(1+$I$5),2)","v":354.52},{"$f":"IF(H1641=\"\",0,TRUNC(H1641*F1641,2))","v":1418.08},{"$f":"IF(C1641=0,\"\",VLOOKUP(C1641,BNCDADOS!$A:$G,6,0))","v":316.54000000000002},{"$f":"TRUNC(J1641*(1+$L$5),2)","v":371.87},{"$f":"IF(K1641=\"\",0,TRUNC(K1641*F1641,2))","v":1487.48},4]
["5.8.2.2",{"$f":"IF(C1642=0,\"\",VLOOKUP(C1642,BNCDADOS!$A:$H,8,0))","v":0},"FF14",{"$f":"IF(C1642=0,\"\",VLOOKUP(C1642,BNCDADOS!$A:$G,2,0))","v":"CURVA 45°, FOFO, FLANGES, PN16, DN 80MM"},{"$f":"IF(C1642=0,\"\",VLOOKUP(C1642,BNCDADOS!$A:$G,3,0))","v":"UN "},1,{"$f":"IF(C1642=0,\"\",VLOOKUP(C1642,BNCDADOS!$A:$G,4,0))","v":209.79},234.96,{"$f":"IF(H1642=\"\",0,TRUNC(H1642*F1642,2))","v":234.96},{"$f":"IF(C1642=0,\"\",VLOOKUP(C1642,BNCDADOS!$A:$G,6,0))","v":209.79},246.46,{"$f":"IF(K1642=\"\",0,TRUNC(K1642*F1642,2))","v":246.46},1]
["5.8.2.3",{"$f":"IF(C1643=0,\"\",VLOOKUP(C1643,BNCDADOS!$A:$H,8,0))","v":0},"FF15",{"$f":"IF(C1643=0,\"\",VLOOKUP(C1643,BNCDADOS!$A:$G,2,0))","v":"CURVA 45°, FOFO, FLANGES, PN10, DN 100MM"},{"$f":"IF(C1643=0,\"\",VLOOKUP(C1643,BNCDADOS!$A:$G,3,0))","v":"UN "},2,{"$f":"IF(C1643=0,\"\",VLOOKUP(C1643,BNCDADOS!$A:$G,4,0))","v":278.55},311.97000000000003,623.94000000000005,{"$f":"IF(C1643=0,\"\",VLOOKUP(C1643,BNCDADOS!$A:$G,6,0))","v":278.55},327.24,654.48,2]
["5.8.2.4",{"$f":"IF(C1644=0,\"\",VLOOKUP(C1644,BNCDADOS!$A:$H,8,0))","v":0},"FF16",{"$f":"IF(C1644=0,\"\",VLOOKUP(C1644,BNCDADOS!$A:$G,2,0))","v":"CURVA 90°, FOFO, FLANGES, PN16, DN 150MM"},{"$f":"IF(C1644=0,\"\",VLOOKUP(C1644,BNCDADOS!$A:$G,3,0))","v":"UN "},2,{"$f":"IF(C1644=0,\"\",VLOOKUP(C1644,BNCDADOS!$A:$G,4,0))","v":490.26},549.09,1098.18,{"$f":"IF(C1644=0,\"\",VLOOKUP(C1644,BNCDADOS!$A:$G,6,0))","v":490.26},575.95000000000005,1151.9000000000001,2]
["5.8.2.5",{"$f":"IF(C1645=0,\"\",VLOOKUP(C1645,BNCDADOS!$A:$H,8,0))","v":0},"FF17",{"$f":"IF(C1645=0,\"\",VLOOKUP(C1645,BNCDADOS!$A:$G,2,0))","v":"CURVA 90°, FOFO, FLANGES, PN16, DN 200MM"},{"$f":"IF(C1645=0,\"\",VLOOKUP(C1645,BNCDADOS!$A:$G,3,0))","v":"UN "},8,{"$f":"IF(C1645=0,\"\",VLOOKUP(C1645,BNCDADOS!$A:$G,4,0))","v":821.4},919.96,7359.68,{"$f":"IF(C1645=0,\"\",VLOOKUP(C1645,BNCDADOS!$A:$G,6,0))","v":821.4},964.98,7719.84,8]
["5.8.2.6",{"$f":"IF(C1646=0,\"\",VLOOKUP(C1646,BNCDADOS!$A:$H,8,0))","v":0},"FF18",{"$f":"IF(C1646=0,\"\",VLOOKUP(C1646,BNCDADOS!$A:$G,2,0))","v":"CURVA 90°, FOFO, FLANGES, PN16, DN 400MM"},{"$f":"IF(C1646=0,\"\",VLOOKUP(C1646,BNCDADOS!$A:$G,3,0))","v":"UN "},2,{"$f":"IF(C1646=0,\"\",VLOOKUP(C1646,BNCDADOS!$A:$G,4,0))","v":5082},5691.84,11383.68,{"$f":"IF(C1646=0,\"\",VLOOKUP(C1646,BNCDADOS!$A:$G,6,0))","v":5082},5970.33,11940.66,2]
["5.8.2.7",{"$f":"IF(C1647=0,\"\",VLOOKUP(C1647,BNCDADOS!$A:$H,8,0))","v":0},"FF19",{"$f":"IF(C1647=0,\"\",VLOOKUP(C1647,BNCDADOS!$A:$G,2,0))","v":"EXTREMIDADE, FOFO, FLANGE/BOLSA, PN10, DN 150MM"},{"$f":"IF(C1647=0,\"\",VLOOKUP(C1647,BNCDADOS!$A:$G,3,0))","v":"UN "},2,{"$f":"IF(C1647=0,\"\",VLOOKUP(C1647,BNCDADOS!$A:$G,4,0))","v":359.16},402.25,804.5,{"$f":"IF(C1647=0,\"\",VLOOKUP(C1647,BNCDADOS!$A:$G,6,0))","v":359.16},421.94,843.88,2]
["5.8.2.8",{"$f":"IF(C1648=0,\"\",VLOOKUP(C1648,BNCDADOS!$A:$H,8,0))","v":0},"FF20",{"$f":"IF(C1648=0,\"\",VLOOKUP(C1648,BNCDADOS!$A:$G,2,0))","v":"EXTREMIDADE, FOFO, FLANGE/BOLSA, PN10, DN 400MM"},{"$f":"IF(C1648=0,\"\",VLOOKUP(C1648,BNCDADOS!$A:$G,3,0))","v":"UN "},1,{"$f":"IF(C1648=0,\"\",VLOOKUP(C1648,BNCDADOS!$A:$G,4,0))","v":2145.6766666666667},2403.15,2403.15,{"$f":"IF(C1648=0,\"\",VLOOKUP(C1648,BNCDADOS!$A:$G,6,0))","v":2145.6766666666667},2520.7399999999998,2520.7399999999998,1]
["5.8.2.9",{"$f":"IF(C1649=0,\"\",VLOOKUP(C1649,BNCDADOS!$A:$H,8,0))","v":0},"FF24",{"$f":"IF(C1649=0,\"\",VLOOKUP(C1649,BNCDADOS!$A:$G,2,0))","v":"EXTREMIDADE, FOFO, FLANGE/PONTA, ABA DE VEDAÇÃO PN16, DN 200MM"},{"$f":"IF(C1649=0,\"\",VLOOKUP(C1649,BNCDADOS!$A:$G,3,0))","v":"UN "},{"$f":"TRUNC(M1649,2)","v":3},{"$f":"IF(C1649=0,\"\",VLOOKUP(C1649,BNCDADOS!$A:$G,4,0))","v":1069.01},{"$f":"TRUNC(G1649*(1+$I$5),2)","v":1197.29},{"$f":"IF(H1649=\"\",0,TRUNC(H1649*F1649,2))","v":3591.87},{"$f":"IF(C1649=0,\"\",VLOOKUP(C1649,BNCDADOS!$A:$G,6,0))","v":1069.01},{"$f":"TRUNC(J1649*(1+$L$5),2)","v":1255.8699999999999},{"$f":"IF(K1649=\"\",0,TRUNC(K1649*F1649,2))","v":3767.61},3]
["5.8.2.10",{"$f":"IF(C1650=0,\"\",VLOOKUP(C1650,BNCDADOS!$A:$H,8,0))","v":0},"FF26",{"$f":"IF(C1650=0,\"\",VLOOKUP(C1650,BNCDADOS!$A:$G,2,0))","v":"EXTREMIDADE, FOFO, FLANGE/PONTA, ABA DE VEDAÇÃO PN16, DN 300MM"},{"$f":"IF(C1650=0,\"\",VLOOKUP(C1650,BNCDADOS!$A:$G,3,0))","v":"UN "},2,{"$f":"IF(C1650=0,\"\",VLOOKUP(C1650,BNCDADOS!$A:$G,4,0))","v":1905.64},2134.31,4268.62,{"$f":"IF(C1650=0,\"\",VLOOKUP(C1650,BNCDADOS!$A:$G,6,0))","v":1905.64},2238.7399999999998,4477.4799999999996,2]
["5.8.2.11",{"$f":"IF(C1651=0,\"\",VLOOKUP(C1651,BNCDADOS!$A:$H,8,0))","v":0},"FF27",{"$f":"IF(C1651=0,\"\",VLOOKUP(C1651,BNCDADOS!$A:$G,2,0))","v":"EXTREMIDADE, FOFO, FLANGE/PONTA, ABA DE VEDAÇÃO PN16, DN 400MM"},{"$f":"IF(C1651=0,\"\",VLOOKUP(C1651,BNCDADOS!$A:$G,3,0))","v":"UN "},1,{"$f":"IF(C1651=0,\"\",VLOOKUP(C1651,BNCDADOS!$A:$G,4,0))","v":4203.8933333333334},4708.3599999999997,4708.3599999999997,{"$f":"IF(C1651=0,\"\",VLOOKUP(C1651,BNCDADOS!$A:$G,6,0))","v":4203.8933333333334},4938.7299999999996,4938.7299999999996,1]
["5.8.2.12",{"$f":"IF(C1652=0,\"\",VLOOKUP(C1652,BNCDADOS!$A:$H,8,0))","v":0},"FF22",{"$f":"IF(C1652=0,\"\",VLOOKUP(C1652,BNCDADOS!$A:$G,2,0))","v":"EXTREMIDADE, FOFO, FLANGE/PONTA, ABA DE VEDAÇÃO PN16, DN 80MM"},{"$f":"IF(C1652=0,\"\",VLOOKUP(C1652,BNCDADOS!$A:$G,3,0))","v":"UN "},1,{"$f":"IF(C1652=0,\"\",VLOOKUP(C1652,BNCDADOS!$A:$G,4,0))","v":590.87},661.77,661.77,{"$f":"IF(C1652=0,\"\",VLOOKUP(C1652,BNCDADOS!$A:$G,6,0))","v":590.87},694.15,694.15,1]
["5.8.2.13",{"$f":"IF(C1653=0,\"\",VLOOKUP(C1653,BNCDADOS!$A:$H,8,0))","v":0},"FF29",{"$f":"IF(C1653=0,\"\",VLOOKUP(C1653,BNCDADOS!$A:$G,2,0))","v":"FLANGE CEGO, FOFO, PN16, DN 400MM"},{"$f":"IF(C1653=0,\"\",VLOOKUP(C1653,BNCDADOS!$A:$G,3,0))","v":"UN "},1,{"$f":"IF(C1653=0,\"\",VLOOKUP(C1653,BNCDADOS!$A:$G,4,0))","v":842.04},943.08,943.08,{"$f":"IF(C1653=0,\"\",VLOOKUP(C1653,BNCDADOS!$A:$G,6,0))","v":842.04},989.22,989.22,1]
["5.8.2.14",{"$f":"IF(C1654=0,\"\",VLOOKUP(C1654,BNCDADOS!$A:$H,8,0))","v":0},"FF32",{"$f":"IF(C1654=0,\"\",VLOOKUP(C1654,BNCDADOS!$A:$G,2,0))","v":"JUNÇÃO 45°, FOFO, FLANGES, PN16, DN 150MM"},{"$f":"IF(C1654=0,\"\",VLOOKUP(C1654,BNCDADOS!$A:$G,3,0))","v":"UN "},1,{"$f":"IF(C1654=0,\"\",VLOOKUP(C1654,BNCDADOS!$A:$G,4,0))","v":959.76},1074.93,1074.93,{"$f":"IF(C1654=0,\"\",VLOOKUP(C1654,BNCDADOS!$A:$G,6,0))","v":959.76},1127.52,1127.52,1]
["5.8.2.15",{"$f":"IF(C1655=0,\"\",VLOOKUP(C1655,BNCDADOS!$A:$H,8,0))","v":0},"FF31",{"$f":"IF(C1655=0,\"\",VLOOKUP(C1655,BNCDADOS!$A:$G,2,0))","v":"JUNÇÃO 45°, FOFO, FLANGES, PN16, DN 80MM"},{"$f":"IF(C1655=0,\"\",VLOOKUP(C1655,BNCDADOS!$A:$G,3,0))","v":"UN "},2,{"$f":"IF(C1655=0,\"\",VLOOKUP(C1655,BNCDADOS!$A:$G,4,0))","v":565.53},633.39,1266.78,{"$f":"IF(C1655=0,\"\",VLOOKUP(C1655,BNCDADOS!$A:$G,6,0))","v":565.53},664.38,1328.76,2]
["5.8.2.16",{"$f":"IF(C1656=0,\"\",VLOOKUP(C1656,BNCDADOS!$A:$H,8,0))","v":0},"FF34",{"$f":"IF(C1656=0,\"\",VLOOKUP(C1656,BNCDADOS!$A:$G,2,0))","v":"JUNTA DE DESMONTAGEM TRAVADA AXIALMENTE, DN 150MM"},{"$f":"IF(C1656=0,\"\",VLOOKUP(C1656,BNCDADOS!$A:$G,3,0))","v":"UN "},2,{"$f":"IF(C1656=0,\"\",VLOOKUP(C1656,BNCDADOS!$A:$G,4,0))","v":1533.2633333333333},1717.25,3434.5,{"$f":"IF(C1656=0,\"\",VLOOKUP(C1656,BNCDADOS!$A:$G,6,0))","v":1533.2633333333333},1801.27,3602.54,2]
["5.8.2.17",{"$f":"IF(C1657=0,\"\",VLOOKUP(C1657,BNCDADOS!$A:$H,8,0))","v":0},"FF35",{"$f":"IF(C1657=0,\"\",VLOOKUP(C1657,BNCDADOS!$A:$G,2,0))","v":"JUNTA DE DESMONTAGEM TRAVADA AXIALMENTE, DN 400MM"},{"$f":"IF(C1657=0,\"\",VLOOKUP(C1657,BNCDADOS!$A:$G,3,0))","v":"UN "},1,{"$f":"IF(C1657=0,\"\",VLOOKUP(C1657,BNCDADOS!$A:$G,4,0))","v":5567.6466666666665},6235.76,6235.76,{"$f":"IF(C1657=0,\"\",VLOOKUP(C1657,BNCDADOS!$A:$G,6,0))","v":5567.6466666666665},6540.87,6540.87,1]
["5.8.2.18",{"$f":"IF(C1658=0,\"\",VLOOKUP(C1658,BNCDADOS!$A:$H,8,0))","v":0},"FF36",{"$f":"IF(C1658=0,\"\",VLOOKUP(C1658,BNCDADOS!$A:$G,2,0))","v":"LUVA CORRER, FOFO, JUNTA MECÂNICA, DN 80MM"},{"$f":"IF(C1658=0,\"\",VLOOKUP(C1658,BNCDADOS!$A:$G,3,0))","v":"UN "},1,{"$f":"IF(C1658=0,\"\",VLOOKUP(C1658,BNCDADOS!$A:$G,4,0))","v":516.57000000000005},578.54999999999995,578.54999999999995,{"$f":"IF(C1658=0,\"\",VLOOKUP(C1658,BNCDADOS!$A:$G,6,0))","v":516.57000000000005},606.86,606.86,1]
["5.8.2.19",{"$f":"IF(C1659=0,\"\",VLOOKUP(C1659,BNCDADOS!$A:$H,8,0))","v":0},"FF44",{"$f":"IF(C1659=0,\"\",VLOOKUP(C1659,BNCDADOS!$A:$G,2,0))","v":"REDUÇÃO CONCÊNTRICA, FOFO, FLANGES, PN16, DN 150-80MM"},{"$f":"IF(C1659=0,\"\",VLOOKUP(C1659,BNCDADOS!$A:$G,3,0))","v":"UN "},4,{"$f":"IF(C1659=0,\"\",VLOOKUP(C1659,BNCDADOS!$A:$G,4,0))","v":574.87666666666667},643.86,2575.44,{"$f":"IF(C1659=0,\"\",VLOOKUP(C1659,BNCDADOS!$A:$G,6,0))","v":574.87666666666667},675.36,2701.44,4]
["5.8.2.20",{"$f":"IF(C1660=0,\"\",VLOOKUP(C1660,BNCDADOS!$A:$H,8,0))","v":0},"FF51",{"$f":"IF(C1660=0,\"\",VLOOKUP(C1660,BNCDADOS!$A:$G,2,0))","v":"REDUÇÃO EXCÊNTRICA, FOFO, FLANGES, PN16, DN 150-80MM"},{"$f":"IF(C1660=0,\"\",VLOOKUP(C1660,BNCDADOS!$A:$G,3,0))","v":"UN "},2,{"$f":"IF(C1660=0,\"\",VLOOKUP(C1660,BNCDADOS!$A:$G,4,0))","v":416.16},466.09,932.18,{"$f":"IF(C1660=0,\"\",VLOOKUP(C1660,BNCDADOS!$A:$G,6,0))","v":416.16},488.9,977.8,2]
["5.8.2.21",{"$f":"IF(C1661=0,\"\",VLOOKUP(C1661,BNCDADOS!$A:$H,8,0))","v":0},"FF52",{"$f":"IF(C1661=0,\"\",VLOOKUP(C1661,BNCDADOS!$A:$G,2,0))","v":"REDUÇÃO EXCÊNTRICA, FOFO, FLANGES, PN16, DN 200-150MM"},{"$f":"IF(C1661=0,\"\",VLOOKUP(C1661,BNCDADOS!$A:$G,3,0))","v":"UN "},2,{"$f":"IF(C1661=0,\"\",VLOOKUP(C1661,BNCDADOS!$A:$G,4,0))","v":790.09333333333325},884.9,1769.8,{"$f":"IF(C1661=0,\"\",VLOOKUP(C1661,BNCDADOS!$A:$G,6,0))","v":790.09333333333325},928.2,1856.4,2]
["5.8.2.22",{"$f":"IF(C1662=0,\"\",VLOOKUP(C1662,BNCDADOS!$A:$H,8,0))","v":0},"FF50",{"$f":"IF(C1662=0,\"\",VLOOKUP(C1662,BNCDADOS!$A:$G,2,0))","v":"REDUÇÃO EXCÊNTRICA, FOFO, FLANGES, PN16, DN 80-50MM"},{"$f":"IF(C1662=0,\"\",VLOOKUP(C1662,BNCDADOS!$A:$G,3,0))","v":"UN "},2,{"$f":"IF(C1662=0,\"\",VLOOKUP(C1662,BNCDADOS!$A:$G,4,0))","v":253.65666666666667},284.08999999999997,568.17999999999995,{"$f":"IF(C1662=0,\"\",VLOOKUP(C1662,BNCDADOS!$A:$G,6,0))","v":253.65666666666667},297.99,595.98,2]
["5.8.2.23",{"$f":"IF(C1663=0,\"\",VLOOKUP(C1663,BNCDADOS!$A:$H,8,0))","v":0},"FF58",{"$f":"IF(C1663=0,\"\",VLOOKUP(C1663,BNCDADOS!$A:$G,2,0))","v":"TÊ, FFF, FOFO, PN10, DN 400MM"},{"$f":"IF(C1663=0,\"\",VLOOKUP(C1663,BNCDADOS!$A:$G,3,0))","v":"UN "},1,{"$f":"IF(C1663=0,\"\",VLOOKUP(C1663,BNCDADOS!$A:$G,4,0))","v":6438.4},7211,7211,{"$f":"IF(C1663=0,\"\",VLOOKUP(C1663,BNCDADOS!$A:$G,6,0))","v":6438.4},7563.83,7563.83,1]
["5.8.2.24",{"$f":"IF(C1664=0,\"\",VLOOKUP(C1664,BNCDADOS!$A:$H,8,0))","v":0},"FF61",{"$f":"IF(C1664=0,\"\",VLOOKUP(C1664,BNCDADOS!$A:$G,2,0))","v":"TOCO, FOFO, FLANGES, DN 200MM, L=0,25"},{"$f":"IF(C1664=0,\"\",VLOOKUP(C1664,BNCDADOS!$A:$G,3,0))","v":"UN "},{"$f":"TRUNC(M1664,2)","v":4},{"$f":"IF(C1664=0,\"\",VLOOKUP(C1664,BNCDADOS!$A:$G,4,0))","v":767.81},{"$f":"TRUNC(G1664*(1+$I$5),2)","v":859.94},{"$f":"IF(H1664=\"\",0,TRUNC(H1664*F1664,2))","v":3439.76},{"$f":"IF(C1664=0,\"\",VLOOKUP(C1664,BNCDADOS!$A:$G,6,0))","v":767.81},{"$f":"TRUNC(J1664*(1+$L$5),2)","v":902.02},{"$f":"IF(K1664=\"\",0,TRUNC(K1664*F1664,2))","v":3608.08},4]
["5.8.2.25",{"$f":"IF(C1665=0,\"\",VLOOKUP(C1665,BNCDADOS!$A:$H,8,0))","v":0},"FF65",{"$f":"IF(C1665=0,\"\",VLOOKUP(C1665,BNCDADOS!$A:$G,2,0))","v":"TOCO, FOFO, FLANGES, DN 200MM, L=0,50"},{"$f":"IF(C1665=0,\"\",VLOOKUP(C1665,BNCDADOS!$A:$G,3,0))","v":"UN "},2,{"$f":"IF(C1665=0,\"\",VLOOKUP(C1665,BNCDADOS!$A:$G,4,0))","v":941.97333333333336},1055.01,2110.02,{"$f":"IF(C1665=0,\"\",VLOOKUP(C1665,BNCDADOS!$A:$G,6,0))","v":941.97333333333336},1106.6300000000001,2213.2600000000002,2]
["5.8.2.26",{"$f":"IF(C1666=0,\"\",VLOOKUP(C1666,BNCDADOS!$A:$H,8,0))","v":0},"FF64",{"$f":"IF(C1666=0,\"\",VLOOKUP(C1666,BNCDADOS!$A:$G,2,0))","v":"TOCO, FOFO, FLANGES, DN 80MM, L=0,50"},{"$f":"IF(C1666=0,\"\",VLOOKUP(C1666,BNCDADOS!$A:$G,3,0))","v":"UN "},2,{"$f":"IF(C1666=0,\"\",VLOOKUP(C1666,BNCDADOS!$A:$G,4,0))","v":363.1},406.67,813.34,{"$f":"IF(C1666=0,\"\",VLOOKUP(C1666,BNCDADOS!$A:$G,6,0))","v":363.1},426.56,853.12,2]
["5.8.3",{"$f":"IF(C1667=0,\"\",VLOOKUP(C1667,BNCDADOS!$A:$G,8,0))","v":""},null,"VÁLVULAS",{"$f":"IF(C1667=0,\"\",VLOOKUP(C1667,BNCDADOS!$A:$G,3,0))","v":""},0,{"$f":"IF(C1667=0,\"\",VLOOKUP(C1667,BNCDADOS!$A:$G,4,0))","v":""},{"$f":"IF(C1667=0,\"\",VLOOKUP(C1667,BNCDADOS!$A:$G,5,0))","v":""},{"$f":"SUM(I1668:I1673)","v":44491.74},{"$f":"IF(C1667=0,\"\",VLOOKUP(C1667,BNCDADOS!$A:$G,6,0))","v":""},{"$f":"IF(C1667=0,\"\",VLOOKUP(C1667,BNCDADOS!$A:$G,7,0))","v":""},{"$f":"SUM(L1668:L1673)","v":46668.7}]
["5.8.3.1",{"$f":"IF(C1668=0,\"\",VLOOKUP(C1668,BNCDADOS!$A:$H,8,0))","v":0},"VG04",{"$f":"IF(C1668=0,\"\",VLOOKUP(C1668,BNCDADOS!$A:$G,2,0))","v":"VÁLVULA GAVETA, FLANGES, CORPO CURTO, VOLANTE E CUNHA DE BORRACHA, DN 150MM"},{"$f":"IF(C1668=0,\"\",VLOOKUP(C1668,BNCDADOS!$A:$G,3,0))","v":"UN "},2,{"$f":"IF(C1668=0,\"\",VLOOKUP(C1668,BNCDADOS!$A:$G,4,0))","v":1782.29},{"$f":"TRUNC(G1668*(1+$I$5),2)","v":1996.16},{"$f":"IF(H1668=\"\",0,TRUNC(H1668*F1668,2))","v":3992.32},{"$f":"IF(C1668=0,\"\",VLOOKUP(C1668,BNCDADOS!$A:$G,6,0))","v":1782.29},{"$f":"TRUNC(J1668*(1+$L$5),2)","v":2093.83},{"$f":"IF(K1668=\"\",0,TRUNC(K1668*F1668,2))","v":4187.66},2]
["5.8.3.2",{"$f":"IF(C1669=0,\"\",VLOOKUP(C1669,BNCDADOS!$A:$H,8,0))","v":0},"VB01",{"$f":"IF(C1669=0,\"\",VLOOKUP(C1669,BNCDADOS!$A:$G,2,0))","v":"VÁLVULA BORBOLETA, FLANGES, CORPO CURTO, VOLANTE, DN 200MM"},{"$f":"IF(C1669=0,\"\",VLOOKUP(C1669,BNCDADOS!$A:$G,3,0))","v":"UN "},2,{"$f":"IF(C1669=0,\"\",VLOOKUP(C1669,BNCDADOS!$A:$G,4,0))","v":4959.8999999999996},5555.08,11110.16,{"$f":"IF(C1669=0,\"\",VLOOKUP(C1669,BNCDADOS!$A:$G,6,0))","v":4959.8999999999996},5826.89,11653.78,2]
["5.8.3.3",{"$f":"IF(C1670=0,\"\",VLOOKUP(C1670,BNCDADOS!$A:$H,8,0))","v":0},"VG05",{"$f":"IF(C1670=0,\"\",VLOOKUP(C1670,BNCDADOS!$A:$G,2,0))","v":"VÁLVULA GAVETA, FLANGES, CORPO CURTO, VOLANTE E CUNHA DE BORRACHA, DN 300MM"},{"$f":"IF(C1670=0,\"\",VLOOKUP(C1670,BNCDADOS!$A:$G,3,0))","v":"UN "},2,{"$f":"IF(C1670=0,\"\",VLOOKUP(C1670,BNCDADOS!$A:$G,4,0))","v":5227.53},5854.83,11709.66,{"$f":"IF(C1670=0,\"\",VLOOKUP(C1670,BNCDADOS!$A:$G,6,0))","v":5227.53},6141.3,12282.6,2]
["5.8.3.4",{"$f":"IF(C1671=0,\"\",VLOOKUP(C1671,BNCDADOS!$A:$H,8,0))","v":0},"VG06",{"$f":"IF(C1671=0,\"\",VLOOKUP(C1671,BNCDADOS!$A:$G,2,0))","v":"VÁLVULA GAVETA, FLANGES, CORPO CURTO, VOLANTE E CUNHA DE BORRACHA, DN 400MM"},{"$f":"IF(C1671=0,\"\",VLOOKUP(C1671,BNCDADOS!$A:$G,3,0))","v":"UN "},1,{"$f":"IF(C1671=0,\"\",VLOOKUP(C1671,BNCDADOS!$A:$G,4,0))","v":12500},14000,14000,{"$f":"IF(C1671=0,\"\",VLOOKUP(C1671,BNCDADOS!$A:$G,6,0))","v":12500},14685,14685,1]
["5.8.3.5",{"$f":"IF(C1672=0,\"\",VLOOKUP(C1672,BNCDADOS!$A:$H,8,0))","v":0},"VG02",{"$f":"IF(C1672=0,\"\",VLOOKUP(C1672,BNCDADOS!$A:$G,2,0))","v":"VÁLVULA GAVETA, FLANGES, CORPO CURTO, VOLANTE E CUNHA DE BORRACHA, DN 80MM"},{"$f":"IF(C1672=0,\"\",VLOOKUP(C1672,BNCDADOS!$A:$G,3,0))","v":"UN "},2,{"$f":"IF(C1672=0,\"\",VLOOKUP(C1672,BNCDADOS!$A:$G,4,0))","v":721.97},808.6,1617.2,{"$f":"IF(C1672=0,\"\",VLOOKUP(C1672,BNCDADOS!$A:$G,6,0))","v":721.97},848.17,1696.34,2]
["5.8.3.6",{"$f":"IF(C1673=0,\"\",VLOOKUP(C1673,BNCDADOS!$A:$H,8,0))","v":0},"VR01",{"$f":"IF(C1673=0,\"\",VLOOKUP(C1673,BNCDADOS!$A:$G,2,0))","v":"VÁLVULA RETENÇÃO, FLANGES, PORTINHOLA DUPLA, DN 150MM"},{"$f":"IF(C1673=0,\"\",VLOOKUP(C1673,BNCDADOS!$A:$G,3,0))","v":"UN "},2,{"$f":"IF(C1673=0,\"\",VLOOKUP(C1673,BNCDADOS!$A:$G,4,0))","v":920.72},1031.2,2062.4,{"$f":"IF(C1673=0,\"\",VLOOKUP(C1673,BNCDADOS!$A:$G,6,0))","v":920.72},1081.6600000000001,2163.3200000000002,2]
[null,{"$f":"IF(C1674=0,\"\",VLOOKUP(C1674,BNCDADOS!$A:$H,8,0))","v":""},null,{"$f":"IF(C1674=0,\"\",VLOOKUP(C1674,BNCDADOS!$A:$G,2,0))","v":""},{"$f":"IF(C1674=0,\"\",VLOOKUP(C1674,BNCDADOS!$A:$G,3,0))","v":""},0,{"$f":"IF(C1674=0,\"\",VLOOKUP(C1674,BNCDADOS!$A:$G,4,0))","v":""},{"$f":"IF(C1674=0,\"\",VLOOKUP(C1674,BNCDADOS!$A:$G,5,0))","v":""},0,{"$f":"IF(C1674=0,\"\",VLOOKUP(C1674,BNCDADOS!$A:$G,6,0))","v":""},{"$f":"IF(C1674=0,\"\",VLOOKUP(C1674,BNCDADOS!$A:$G,7,0))","v":""},0]
["5.9",null,null,"EQUIPAMENTOS_EEAT 04_SANTO ANTÔNIO",{"$nulls":4},{"$f":"I1676","v":394950.45999999996},null,null,{"$f":"L1676","v":414274.83999999997},0]
["5.9.1",{"$f":"IF(C1676=0,\"\",VLOOKUP(C1676,BNCDADOS!$A:$G,8,0))","v":""},null,"EQUIPAMENTO MECÂNICOS",{"$f":"IF(C1676=0,\"\",VLOOKUP(C1676,BNCDADOS!$A:$G,3,0))","v":""},{"$f":"TRUNC(M1676,2)","v":0},{"$f":"IF(C1676=0,\"\",VLOOKUP(C1676,BNCDADOS!$A:$G,4,0))","v":""},{"$f":"IF(C1676=0,\"\",VLOOKUP(C1676,BNCDADOS!$A:$G,5,0))","v":""},{"$f":"SUM(I1678:I1682)","v":394950.45999999996},{"$f":"IF(C1676=0,\"\",VLOOKUP(C1676,BNCDADOS!$A:$G,6,0))","v":""},{"$f":"IF(C1676=0,\"\",VLOOKUP(C1676,BNCDADOS!$A:$G,7,0))","v":""},{"$f":"SUM(L1678:L1682)","v":414274.83999999997},0]
[null,{"$f":"IF(C1677=0,\"\",VLOOKUP(C1677,BNCDADOS!$A:$G,8,0))","v":""},null,"BOMBAS",{"$f":"IF(C1677=0,\"\",VLOOKUP(C1677,BNCDADOS!$A:$G,3,0))","v":""},0,{"$f":"IF(C1677=0,\"\",VLOOKUP(C1677,BNCDADOS!$A:$G,4,0))","v":""}]
["5.9.1.1",{"$f":"IF(C1678=0,\"\",VLOOKUP(C1678,BNCDADOS!$A:$H,8,0))","v":0},"B07",{"$f":"IF(C1678=0,\"\",VLOOKUP(C1678,BNCDADOS!$A:$G,2,0))","v":"BOMBA CENTRÍFUGA DE EIXO HORIZONTA, Q=144,02 L/S, AMT=52,00 mca, 150CV (EEAT04-SANTO ANTÔNIO)"},{"$f":"IF(C1678=0,\"\",VLOOKUP(C1678,BNCDADOS!$A:$G,3,0))","v":"UN "},2,{"$f":"IF(C1678=0,\"\",VLOOKUP(C1678,BNCDADOS!$A:$G,4,0))","v":129842.74},{"$f":"TRUNC(G1678*(1+$I$5),2)","v":145423.85999999999},{"$f":"IF(H1678=\"\",0,TRUNC(H1678*F1678,2))","v":290847.71999999997},{"$f":"IF(C1678=0,\"\",VLOOKUP(C1678,BNCDADOS!$A:$G,6,0))","v":129842.74},{"$f":"TRUNC(J1678*(1+$L$5),2)","v":152539.25},{"$f":"IF(K1678=\"\",0,TRUNC(K1678*F1678,2))","v":305078.5},2]
[null,{"$f":"IF(C1679=0,\"\",VLOOKUP(C1679,BNCDADOS!$A:$G,8,0))","v":""},null,"QUADROS",{"$f":"IF(C1679=0,\"\",VLOOKUP(C1679,BNCDADOS!$A:$G,3,0))","v":""},{"$f":"TRUNC(M1679,2)","v":0},{"$f":"IF(C1679=0,\"\",VLOOKUP(C1679,BNCDADOS!$A:$G,4,0))","v":""}]
["5.9.1.2",{"$f":"IF(C1680=0,\"\",VLOOKUP(C1680,BNCDADOS!$A:$H,8,0))","v":0},"QC07",{"$f":"IF(C1680=0,\"\",VLOOKUP(C1680,BNCDADOS!$A:$G,2,0))","v":"QUADRO DE COMANDO, C/ SISTEMA DE VARIACAO DE VELOCIDADE, TIPO INVERSOR DE FREQUENCIA, P/ QUARO MOTORES TRIFASICOS DE 150 CV, 380V, SENDO O ESQUEMA 2+1 - (EEAT04-SANTO ANTÔNIO)"},{"$f":"IF(C1680=0,\"\",VLOOKUP(C1680,BNCDADOS!$A:$G,3,0))","v":"UN "},1,{"$f":"IF(C1680=0,\"\",VLOOKUP(C1680,BNCDADOS!$A:$G,4,0))","v":82958.880000000005},{"$f":"TRUNC(G1680*(1+$I$5),2)","v":92913.94},{"$f":"IF(H1680=\"\",0,TRUNC(H1680*F1680,2))","v":92913.94},{"$f":"IF(C1680=0,\"\",VLOOKUP(C1680,BNCDADOS!$A:$G,6,0))","v":82958.880000000005},{"$f":"TRUNC(J1680*(1+$L$5),2)","v":97460.09},{"$f":"IF(K1680=\"\",0,TRUNC(K1680*F1680,2))","v":97460.09},2]
[null,{"$f":"IF(C1681=0,\"\",VLOOKUP(C1681,BNCDADOS!$A:$G,8,0))","v":""},null,"MEDIDORES DE VAZÃO",{"$f":"IF(C1681=0,\"\",VLOOKUP(C1681,BNCDADOS!$A:$G,3,0))","v":""},{"$f":"TRUNC(M1681,2)","v":0},{"$f":"IF(C1681=0,\"\",VLOOKUP(C1681,BNCDADOS!$A:$G,4,0))","v":""}]
["5.9.1.3",{"$f":"IF(C1682=0,\"\",VLOOKUP(C1682,BNCDADOS!$A:$H,8,0))","v":0},"MV01",{"$f":"IF(C1682=0,\"\",VLOOKUP(C1682,BNCDADOS!$A:$G,2,0))","v":"MEDIDOR DE VAZÃO ELETROMAGNÉTICO, DN 80"},{"$f":"IF(C1682=0,\"\",VLOOKUP(C1682,BNCDADOS!$A:$G,3,0))","v":"UN "},1,{"$f":"IF(C1682=0,\"\",VLOOKUP(C1682,BNCDADOS!$A:$G,4,0))","v":9990},11188.8,11188.8,{"$f":"IF(C1682=0,\"\",VLOOKUP(C1682,BNCDADOS!$A:$G,6,0))","v":9990},11736.25,11736.25,1]
[null,{"$f":"IF(C1683=0,\"\",VLOOKUP(C1683,BNCDADOS!$A:$H,8,0))","v":""},null,{"$f":"IF(C1683=0,\"\",VLOOKUP(C1683,BNCDADOS!$A:$G,2,0))","v":""},{"$f":"IF(C1683=0,\"\",VLOOKUP(C1683,BNCDADOS!$A:$G,3,0))","v":""},{"$f":"TRUNC(M1683,2)","v":0},{"$f":"IF(C1683=0,\"\",VLOOKUP(C1683,BNCDADOS!$A:$G,4,0))","v":""},{"$f":"IF(C1683=0,\"\",VLOOKUP(C1683,BNCDADOS!$A:$G,5,0))","v":""},{"$f":"IF(H1683=\"\",0,TRUNC(H1683*F1683,2))","v":0},{"$f":"IF(C1683=0,\"\",VLOOKUP(C1683,BNCDADOS!$A:$G,6,0))","v":""},{"$f":"IF(C1683=0,\"\",VLOOKUP(C1683,BNCDADOS!$A:$G,7,0))","v":""},{"$f":"IF(K1683=\"\",0,TRUNC(K1683*F1683,2))","v":0}]
["6.",null,null,"TRECHO 05 - NOVA CRUZ À PASSA E FICA",{"$nulls":4},{"$f":"SUM(I1685,I1725,I1785,I1921,I1953,I2002,I2045)","v":56826168.25},null,null,{"$f":"SUM(L1685,L1725,L1785,L1921,L1953,L2002,L2045)","v":59129611.659999996}]
["6.1",null,null,"SERVIÇOS_ADUTORA TRECHO 05.01",{"$nulls":4},{"$f":"SUM(I1686,I1695,I1707,I1716,I1721,I1704)","v":4083928.1199999996},null,null,{"$f":"SUM(L1686,L1695,L1707,L1716,L1721)","v":4110735.6200000006}]
["6.1.1",{"$f":"IF(C1686=0,\"\",VLOOKUP(C1686,BNCDADOS!$A:$G,8,0))","v":""},null,"SERVIÇOS PRELIMINARES",{"$f":"IF(C1686=0,\"\",VLOOKUP(C1686,BNCDADOS!$A:$G,3,0))","v":""},{"$f":"TRUNC(M1686,2)","v":0},{"$f":"IF(C1686=0,\"\",VLOOKUP(C1686,BNCDADOS!$A:$G,4,0))","v":""},{"$f":"IF(C1686=0,\"\",VLOOKUP(C1686,BNCDADOS!$A:$G,5,0))","v":""},{"$f":"SUM(I1687:I1694)","v":230170.47999999998},{"$f":"IF(C1686=0,\"\",VLOOKUP(C1686,BNCDADOS!$A:$G,6,0))","v":""},{"$f":"IF(C1686=0,\"\",VLOOKUP(C1686,BNCDADOS!$A:$G,7,0))","v":""},{"$f":"SUM(L1687:L1694)","v":230484.40000000002}]
["6.1.1.1",{"$f":"IF(C1687=0,\"\",VLOOKUP(C1687,BNCDADOS!$A:$H,8,0))","v":"caern"},2010050,{"$f":"IF(C1687=0,\"\",VLOOKUP(C1687,BNCDADOS!$A:$G,2,0))","v":"LOCAÇÃO DE ADUTORAS, COLETORES TRONCO E INTERCEPTORES - COM AUXÍLIO DE EQUIPAMENTO TOPOGRÁFICO. R_11/2018"},{"$f":"IF(C1687=0,\"\",VLOOKUP(C1687,BNCDADOS!$A:$G,3,0))","v":"M"},10562.31,{"$f":"IF(C1687=0,\"\",VLOOKUP(C1687,BNCDADOS!$A:$G,4,0))","v":2.56},{"$f":"IF(C1687=0,\"\",VLOOKUP(C1687,BNCDADOS!$A:$G,5,0))","v":3.16},{"$f":"IF(H1687=\"\",0,TRUNC(H1687*F1687,2))","v":33376.89},{"$f":"IF(C1687=0,\"\",VLOOKUP(C1687,BNCDADOS!$A:$G,6,0))","v":2.2400000000000002},{"$f":"IF(C1687=0,\"\",VLOOKUP(C1687,BNCDADOS!$A:$G,7,0))","v":2.91},{"$f":"IF(K1687=\"\",0,TRUNC(K1687*F1687,2))","v":30736.32},{"$f":"SUMIF('MC - TRECHO 05'!A:A,Orçamento!A1687,'MC - TRECHO 05'!R:R)","v":10562.31}]
["6.1.1.2",{"$f":"IF(C1688=0,\"\",VLOOKUP(C1688,BNCDADOS!$A:$H,8,0))","v":"SINAPI/RN\nSERVIÇO"},98525,{"$f":"IF(C1688=0,\"\",VLOOKUP(C1688,BNCDADOS!$A:$G,2,0))","v":"LIMPEZA MECANIZADA DE CAMADA VEGETAL, VEGETAÇÃO E PEQUENAS ÁRVORES (DIÂMETRO DE TRONCO MENOR QUE 0,20 M), COM TRATOR DE ESTEIRAS. AF_03/2024"},{"$f":"IF(C1688=0,\"\",VLOOKUP(C1688,BNCDADOS!$A:$G,3,0))","v":"M2"},61730.400000000001,{"$f":"IF(C1688=0,\"\",VLOOKUP(C1688,BNCDADOS!$A:$G,4,0))","v":"0,61"},{"$f":"IF(C1688=0,\"\",VLOOKUP(C1688,BNCDADOS!$A:$G,5,0))","v":0.75},46297.8,{"$f":"IF(C1688=0,\"\",VLOOKUP(C1688,BNCDADOS!$A:$G,6,0))","v":"0,58"},{"$f":"IF(C1688=0,\"\",VLOOKUP(C1688,BNCDADOS!$A:$G,7,0))","v":0.75},46297.8,{"$f":"SUMIF('MC - TRECHO 05'!A:A,Orçamento!A1688,'MC - TRECHO 05'!R:R)","v":61730.400000000001}]
["6.1.1.3",{"$f":"IF(C1689=0,\"\",VLOOKUP(C1689,BNCDADOS!$A:$H,8,0))","v":"caern"},2010053,{"$f":"IF(C1689=0,\"\",VLOOKUP(C1689,BNCDADOS!$A:$G,2,0))","v":"SINALIZAÇÃO DE OBRA COM TELA TAPUME, COR LARANJA, COM SUPORTE A CADA 2M E PLACA DE SINALIZAÇÃO SOBRE CAVALETE. INC_11/2019"},{"$f":"IF(C1689=0,\"\",VLOOKUP(C1689,BNCDADOS!$A:$G,3,0))","v":"M"},21124.62,{"$f":"IF(C1689=0,\"\",VLOOKUP(C1689,BNCDADOS!$A:$G,4,0))","v":4.54},{"$f":"IF(C1689=0,\"\",VLOOKUP(C1689,BNCDADOS!$A:$G,5,0))","v":5.61},118509.11,{"$f":"IF(C1689=0,\"\",VLOOKUP(C1689,BNCDADOS!$A:$G,6,0))","v":4.3899999999999997},{"$f":"IF(C1689=0,\"\",VLOOKUP(C1689,BNCDADOS!$A:$G,7,0))","v":5.7},120410.33,{"$f":"SUMIF('MC - TRECHO 05'!A:A,Orçamento!A1689,'MC - TRECHO 05'!R:R)","v":21124.62}]
["6.1.1.4",{"$f":"IF(C1690=0,\"\",VLOOKUP(C1690,BNCDADOS!$A:$H,8,0))","v":"SINAPI/RN\nSERVIÇO"},97054,{"$f":"IF(C1690=0,\"\",VLOOKUP(C1690,BNCDADOS!$A:$G,2,0))","v":"INSTALAÇÃO DE SINALIZADOR NOTURNO LED. AF_03/2024"},{"$f":"IF(C1690=0,\"\",VLOOKUP(C1690,BNCDADOS!$A:$G,3,0))","v":"UN"},212,{"$f":"IF(C1690=0,\"\",VLOOKUP(C1690,BNCDADOS!$A:$G,4,0))","v":"28,12"},{"$f":"IF(C1690=0,\"\",VLOOKUP(C1690,BNCDADOS!$A:$G,5,0))","v":34.78},7373.36,{"$f":"IF(C1690=0,\"\",VLOOKUP(C1690,BNCDADOS!$A:$G,6,0))","v":"27,08"},{"$f":"IF(C1690=0,\"\",VLOOKUP(C1690,BNCDADOS!$A:$G,7,0))","v":35.19},7460.28,{"$f":"SUMIF('MC - TRECHO 05'!A:A,Orçamento!A1690,'MC - TRECHO 05'!R:R)","v":212}]
["6.1.1.5",{"$f":"IF(C1691=0,\"\",VLOOKUP(C1691,BNCDADOS!$A:$H,8,0))","v":"caern"},2010037,{"$f":"IF(C1691=0,\"\",VLOOKUP(C1691,BNCDADOS!$A:$G,2,0))","v":"SONDAGEM DE INTERFERÊNCIA, ESCAVAÇÃO MANUAL DE VALA DE 0,60M ATÉ 1,30M, EM RUAS SEM PAVIMENTAÇÃO"},{"$f":"IF(C1691=0,\"\",VLOOKUP(C1691,BNCDADOS!$A:$G,3,0))","v":"M"},15.69,{"$f":"IF(C1691=0,\"\",VLOOKUP(C1691,BNCDADOS!$A:$G,4,0))","v":89.34},{"$f":"IF(C1691=0,\"\",VLOOKUP(C1691,BNCDADOS!$A:$G,5,0))","v":110.5},1733.74,{"$f":"IF(C1691=0,\"\",VLOOKUP(C1691,BNCDADOS!$A:$G,6,0))","v":80.78},{"$f":"IF(C1691=0,\"\",VLOOKUP(C1691,BNCDADOS!$A:$G,7,0))","v":104.98},1647.13,{"$f":"SUMIF('MC - TRECHO 05'!A:A,Orçamento!A1691,'MC - TRECHO 05'!R:R)","v":15.69}]
["6.1.1.6",{"$f":"IF(C1692=0,\"\",VLOOKUP(C1692,BNCDADOS!$A:$H,8,0))","v":"caern"},2010036,{"$f":"IF(C1692=0,\"\",VLOOKUP(C1692,BNCDADOS!$A:$G,2,0))","v":"SONDAGEM DE INTERFERÊNCIA, ESCAVAÇÃO MANUAL DE VALA DE 0,60M ATÉ 1,30M, INCLUSIVE DEMOLIÇÃO DE PAVIMENTAÇÃO EM PARALELEPÍPEDO. R_05/2023"},{"$f":"IF(C1692=0,\"\",VLOOKUP(C1692,BNCDADOS!$A:$G,3,0))","v":"M"},0.15,{"$f":"IF(C1692=0,\"\",VLOOKUP(C1692,BNCDADOS!$A:$G,4,0))","v":123.35},{"$f":"IF(C1692=0,\"\",VLOOKUP(C1692,BNCDADOS!$A:$G,5,0))","v":152.57},22.88,{"$f":"IF(C1692=0,\"\",VLOOKUP(C1692,BNCDADOS!$A:$G,6,0))","v":112.6},{"$f":"IF(C1692=0,\"\",VLOOKUP(C1692,BNCDADOS!$A:$G,7,0))","v":146.33000000000001},21.94,{"$f":"SUMIF('MC - TRECHO 05'!A:A,Orçamento!A1692,'MC - TRECHO 05'!R:R)","v":0.15}]
["6.1.1.7",{"$f":"IF(C1693=0,\"\",VLOOKUP(C1693,BNCDADOS!$A:$H,8,0))","v":0},"COMP 01",{"$f":"IF(C1693=0,\"\",VLOOKUP(C1693,BNCDADOS!$A:$G,2,0))","v":"CANTEIRO ITINERANTE COMPOSTO DE TOLDO, CONJUNTO DE MESA E CADEIRAS E BANHEIRO QUÍMICO COM LIMPEZA DIÁRIA INCLUSO COLETA E DESTINAÇÃO FINAL DE EFLUENTES"},{"$f":"IF(C1693=0,\"\",VLOOKUP(C1693,BNCDADOS!$A:$G,3,0))","v":"UN"},15,{"$f":"IF(C1693=0,\"\",VLOOKUP(C1693,BNCDADOS!$A:$G,4,0))","v":1007.4399999999999},{"$f":"IF(C1693=0,\"\",VLOOKUP(C1693,BNCDADOS!$A:$G,5,0))","v":1246.0999999999999},18691.5,{"$f":"IF(C1693=0,\"\",VLOOKUP(C1693,BNCDADOS!$A:$G,6,0))","v":1006.4399999999999},{"$f":"IF(C1693=0,\"\",VLOOKUP(C1693,BNCDADOS!$A:$G,7,0))","v":1307.96},19619.400000000001,{"$f":"SUMIF('MC - TRECHO 05'!A:A,Orçamento!A1693,'MC - TRECHO 05'!R:R)","v":15}]
["6.1.1.8",{"$f":"IF(C1694=0,\"\",VLOOKUP(C1694,BNCDADOS!$A:$H,8,0))","v":"caern"},2010007,{"$f":"IF(C1694=0,\"\",VLOOKUP(C1694,BNCDADOS!$A:$G,2,0))","v":"REBAIXAMENTO DE LENÇOL FREÁTICO COM PONTEIRAS FILTRANTES EM ÁREAS. R_05/2019"},{"$f":"IF(C1694=0,\"\",VLOOKUP(C1694,BNCDADOS!$A:$G,3,0))","v":"PTXDIA"},120,{"$f":"IF(C1694=0,\"\",VLOOKUP(C1694,BNCDADOS!$A:$G,4,0))","v":28.07},{"$f":"IF(C1694=0,\"\",VLOOKUP(C1694,BNCDADOS!$A:$G,5,0))","v":34.71},4165.2,{"$f":"IF(C1694=0,\"\",VLOOKUP(C1694,BNCDADOS!$A:$G,6,0))","v":27.52},{"$f":"IF(C1694=0,\"\",VLOOKUP(C1694,BNCDADOS!$A:$G,7,0))","v":35.76},4291.2,{"$f":"SUMIF('MC - TRECHO 05'!A:A,Orçamento!A1694,'MC - TRECHO 05'!R:R)","v":120}]
["6.1.2",{"$f":"IF(C1695=0,\"\",VLOOKUP(C1695,BNCDADOS!$A:$G,8,0))","v":""},null,"MOVIMENTO DE TERRA",{"$f":"IF(C1695=0,\"\",VLOOKUP(C1695,BNCDADOS!$A:$G,3,0))","v":""},0,{"$f":"IF(C1695=0,\"\",VLOOKUP(C1695,BNCDADOS!$A:$G,4,0))","v":""},{"$f":"IF(C1695=0,\"\",VLOOKUP(C1695,BNCDADOS!$A:$G,5,0))","v":""},{"$f":"SUM(I1696:I1703)","v":2655688.15},{"$f":"IF(C1695=0,\"\",VLOOKUP(C1695,BNCDADOS!$A:$G,6,0))","v":""},{"$f":"IF(C1695=0,\"\",VLOOKUP(C1695,BNCDADOS!$A:$G,7,0))","v":""},{"$f":"SUM(L1696:L1703)","v":2707321.4600000004},0]
["6.1.2.1",{"$f":"IF(C1696=0,\"\",VLOOKUP(C1696,BNCDADOS!$A:$H,8,0))","v":0},"COMP 02",{"$f":"IF(C1696=0,\"\",VLOOKUP(C1696,BNCDADOS!$A:$G,2,0))","v":"ESCAVAÇÃO MANUAL DE VALA COM PROFUNDIDADE MENOR OU IGUAL A 2,00 M"},{"$f":"IF(C1696=0,\"\",VLOOKUP(C1696,BNCDADOS!$A:$G,3,0))","v":"M³"},361.02,{"$f":"IF(C1696=0,\"\",VLOOKUP(C1696,BNCDADOS!$A:$G,4,0))","v":81.489999999999995},{"$f":"IF(C1696=0,\"\",VLOOKUP(C1696,BNCDADOS!$A:$G,5,0))","v":100.79},{"$f":"IF(H1696=\"\",0,TRUNC(H1696*F1696,2))","v":36387.199999999997},{"$f":"IF(C1696=0,\"\",VLOOKUP(C1696,BNCDADOS!$A:$G,6,0))","v":73.58},{"$f":"IF(C1696=0,\"\",VLOOKUP(C1696,BNCDADOS!$A:$G,7,0))","v":95.62},{"$f":"IF(K1696=\"\",0,TRUNC(K1696*F1696,2))","v":34520.730000000003},{"$f":"SUMIF('MC - TRECHO 05'!A:A,Orçamento!A1696,'MC - TRECHO 05'!R:R)","v":361.02}]
["6.1.2.2",{"$f":"IF(C1697=0,\"\",VLOOKUP(C1697,BNCDADOS!$A:$H,8,0))","v":"SINAPI/RN\nSERVIÇO"},102281,{"$f":"IF(C1697=0,\"\",VLOOKUP(C1697,BNCDADOS!$A:$G,2,0))","v":"ESCAVAÇÃO MECANIZADA DE VALA COM PROF. MAIOR QUE 1,5 M ATÉ 3,0 M (MÉDIA MONTANTE E JUSANTE/UMA COMPOSIÇÃO POR TRECHO),COM ESCAVADEIRA (1,2 M3),LARG. DE 1,5 M A 2,5 M, EM SOLO DE 1A CATEGORIA, LOCAIS COM BAIXO NÍVEL DE INTERFERÊNCIA. AF_02/2021"},{"$f":"IF(C1697=0,\"\",VLOOKUP(C1697,BNCDADOS!$A:$G,3,0))","v":"M3"},30313.15,{"$f":"IF(C1697=0,\"\",VLOOKUP(C1697,BNCDADOS!$A:$G,4,0))","v":"5,56"},{"$f":"IF(C1697=0,\"\",VLOOKUP(C1697,BNCDADOS!$A:$G,5,0))","v":6.87},208251.34,{"$f":"IF(C1697=0,\"\",VLOOKUP(C1697,BNCDADOS!$A:$G,6,0))","v":"5,39"},{"$f":"IF(C1697=0,\"\",VLOOKUP(C1697,BNCDADOS!$A:$G,7,0))","v":7},212192.05,{"$f":"SUMIF('MC - TRECHO 05'!A:A,Orçamento!A1697,'MC - TRECHO 05'!R:R)","v":30313.15}]
["6.1.2.3",{"$f":"IF(C1698=0,\"\",VLOOKUP(C1698,BNCDADOS!$A:$H,8,0))","v":"SINAPI/RN\nSERVIÇO"},102319,{"$f":"IF(C1698=0,\"\",VLOOKUP(C1698,BNCDADOS!$A:$G,2,0))","v":"ESCAVAÇÃO MECANIZADA DE VALA COM PROF. MAIOR QUE 1,5 M ATÉ 3,0 M (MÉDIA MONTANTE E JUSANTE/UMA COMPOSIÇÃO POR TRECHO),COM ESCAVADEIRA (1,2 M3),LARG. DE 1,5 M A 2,5 M, EM SOLO DE 2A CATEGORIA, LOCAIS COM BAIXO NÍVEL DE INTERFERÊNCIA. AF_02/2021"},{"$f":"IF(C1698=0,\"\",VLOOKUP(C1698,BNCDADOS!$A:$G,3,0))","v":"M3"},5415.34,{"$f":"IF(C1698=0,\"\",VLOOKUP(C1698,BNCDADOS!$A:$G,4,0))","v":"6,94"},{"$f":"IF(C1698=0,\"\",VLOOKUP(C1698,BNCDADOS!$A:$G,5,0))","v":8.58},46463.61,{"$f":"IF(C1698=0,\"\",VLOOKUP(C1698,BNCDADOS!$A:$G,6,0))","v":"6,73"},{"$f":"IF(C1698=0,\"\",VLOOKUP(C1698,BNCDADOS!$A:$G,7,0))","v":8.74},47330.07,{"$f":"SUMIF('MC - TRECHO 05'!A:A,Orçamento!A1698,'MC - TRECHO 05'!R:R)","v":5415.34}]
["6.1.2.4",{"$f":"IF(C1699=0,\"\",VLOOKUP(C1699,BNCDADOS!$A:$H,8,0))","v":"SINAPI/RN\nSERVIÇO"},101625,{"$f":"IF(C1699=0,\"\",VLOOKUP(C1699,BNCDADOS!$A:$G,2,0))","v":"PREPARO DE FUNDO DE VALA COM LARGURA MAIOR OU IGUAL A 1,5 M E MENOR QUE 2,5 M, COM CAMADA DE AREIA, LANÇAMENTO MECANIZADO. AF_08/2020"},{"$f":"IF(C1699=0,\"\",VLOOKUP(C1699,BNCDADOS!$A:$G,3,0))","v":"M3"},1404.79,{"$f":"IF(C1699=0,\"\",VLOOKUP(C1699,BNCDADOS!$A:$G,4,0))","v":"155,31"},{"$f":"IF(C1699=0,\"\",VLOOKUP(C1699,BNCDADOS!$A:$G,5,0))","v":192.1},269860.15000000002,{"$f":"IF(C1699=0,\"\",VLOOKUP(C1699,BNCDADOS!$A:$G,6,0))","v":"151,04"},{"$f":"IF(C1699=0,\"\",VLOOKUP(C1699,BNCDADOS!$A:$G,7,0))","v":196.29},275746.21999999997,{"$f":"SUMIF('MC - TRECHO 05'!A:A,Orçamento!A1699,'MC - TRECHO 05'!R:R)","v":1404.79}]
["6.1.2.5",{"$f":"IF(C1700=0,\"\",VLOOKUP(C1700,BNCDADOS!$A:$H,8,0))","v":"caern"},2040105,{"$f":"IF(C1700=0,\"\",VLOOKUP(C1700,BNCDADOS!$A:$G,2,0))","v":"ESCORAMENTO DE VALA, TIPO BLINDAGEM, COM PROFUNDIDADE DE 1,5 A 3,0 M, LARGURA MAIOR OU IGUAL A 1,5 M E MENOR QUE 2,50 M - EXECUÇÃO E FORNECIMENTO, INCLUI MATERIAL. R_11/2020"},{"$f":"IF(C1700=0,\"\",VLOOKUP(C1700,BNCDADOS!$A:$G,3,0))","v":"M²"},38024.32,{"$f":"IF(C1700=0,\"\",VLOOKUP(C1700,BNCDADOS!$A:$G,4,0))","v":22.549999999999997},{"$f":"IF(C1700=0,\"\",VLOOKUP(C1700,BNCDADOS!$A:$G,5,0))","v":27.89},1060498.28,{"$f":"IF(C1700=0,\"\",VLOOKUP(C1700,BNCDADOS!$A:$G,6,0))","v":21.51},{"$f":"IF(C1700=0,\"\",VLOOKUP(C1700,BNCDADOS!$A:$G,7,0))","v":27.95},1062779.74,{"$f":"SUMIF('MC - TRECHO 05'!A:A,Orçamento!A1700,'MC - TRECHO 05'!R:R)","v":38024.32}]
["6.1.2.6",{"$f":"IF(C1701=0,\"\",VLOOKUP(C1701,BNCDADOS!$A:$H,8,0))","v":"SINAPI/RN\nSERVIÇO"},94329,{"$f":"IF(C1701=0,\"\",VLOOKUP(C1701,BNCDADOS!$A:$G,2,0))","v":"ATERRO MECANIZADO DE VALA COM ESCAVADEIRA HIDRÁULICA (CAPACIDADE DA CAÇAMBA: 0,8 M³/POTÊNCIA: 111 HP), LARGURA ATÉ 2,5 M, PROFUNDIDADE DE 1,5 A 3,0 M, COM AREIA PARA ATERRO. AF_08/2023"},{"$f":"IF(C1701=0,\"\",VLOOKUP(C1701,BNCDADOS!$A:$G,3,0))","v":"M3"},9983.02,{"$f":"IF(C1701=0,\"\",VLOOKUP(C1701,BNCDADOS!$A:$G,4,0))","v":"79,33"},{"$f":"IF(C1701=0,\"\",VLOOKUP(C1701,BNCDADOS!$A:$G,5,0))","v":98.12},979533.92,{"$f":"IF(C1701=0,\"\",VLOOKUP(C1701,BNCDADOS!$A:$G,6,0))","v":"78,56"},{"$f":"IF(C1701=0,\"\",VLOOKUP(C1701,BNCDADOS!$A:$G,7,0))","v":102.09},1019166.51,{"$f":"SUMIF('MC - TRECHO 05'!A:A,Orçamento!A1701,'MC - TRECHO 05'!R:R)","v":9983.02}]
["6.1.2.7",{"$f":"IF(C1702=0,\"\",VLOOKUP(C1702,BNCDADOS!$A:$H,8,0))","v":"SINAPI/RN\nSERVIÇO"},104729,{"$f":"IF(C1702=0,\"\",VLOOKUP(C1702,BNCDADOS!$A:$G,2,0))","v":"REATERRO MECANIZADO DE VALA COM ESCAVADEIRA HIDRÁULICA (CAPACIDADE DA CAÇAMBA: 0,8 M³/POTÊNCIA: 111 HP), LARGURA ATÉ 1,5 M, PROFUNDIDADE DE 1,5 A 3,0 M, COM SOLO (SEM SUBSTITUIÇÃO) DE 1ª CATEGORIA, COM PLACA VIBRATÓRIA. AF_08/2023"},{"$f":"IF(C1702=0,\"\",VLOOKUP(C1702,BNCDADOS!$A:$G,3,0))","v":"M3"},1250.68,{"$f":"IF(C1702=0,\"\",VLOOKUP(C1702,BNCDADOS!$A:$G,4,0))","v":"16,69"},{"$f":"IF(C1702=0,\"\",VLOOKUP(C1702,BNCDADOS!$A:$G,5,0))","v":20.64},25814.03,{"$f":"IF(C1702=0,\"\",VLOOKUP(C1702,BNCDADOS!$A:$G,6,0))","v":"16,13"},{"$f":"IF(C1702=0,\"\",VLOOKUP(C1702,BNCDADOS!$A:$G,7,0))","v":20.96},26214.25,{"$f":"SUMIF('MC - TRECHO 05'!A:A,Orçamento!A1702,'MC - TRECHO 05'!R:R)","v":1250.68}]
["6.1.2.8",{"$f":"IF(C1703=0,\"\",VLOOKUP(C1703,BNCDADOS!$A:$H,8,0))","v":"SINAPI/RN\nSERVIÇO"},100574,{"$f":"IF(C1703=0,\"\",VLOOKUP(C1703,BNCDADOS!$A:$G,2,0))","v":"ESPALHAMENTO DE MATERIAL COM TRATOR DE ESTEIRAS. AF_11/2019"},{"$f":"IF(C1703=0,\"\",VLOOKUP(C1703,BNCDADOS!$A:$G,3,0))","v":"M3"},16408.88,{"$f":"IF(C1703=0,\"\",VLOOKUP(C1703,BNCDADOS!$A:$G,4,0))","v":"1,43"},{"$f":"IF(C1703=0,\"\",VLOOKUP(C1703,BNCDADOS!$A:$G,5,0))","v":1.76},28879.62,{"$f":"IF(C1703=0,\"\",VLOOKUP(C1703,BNCDADOS!$A:$G,6,0))","v":"1,38"},{"$f":"IF(C1703=0,\"\",VLOOKUP(C1703,BNCDADOS!$A:$G,7,0))","v":1.79},29371.89,{"$f":"SUMIF('MC - TRECHO 05'!A:A,Orçamento!A1703,'MC - TRECHO 05'!R:R)","v":16408.88}]
["6.1.3",{"$f":"IF(C1704=0,\"\",VLOOKUP(C1704,BNCDADOS!$A:$G,8,0))","v":""},null,"PAVIMENTAÇÃO",{"$f":"IF(C1704=0,\"\",VLOOKUP(C1704,BNCDADOS!$A:$G,3,0))","v":""},{"$f":"TRUNC(M1704,2)","v":0},{"$f":"IF(C1704=0,\"\",VLOOKUP(C1704,BNCDADOS!$A:$G,4,0))","v":""},{"$f":"IF(C1704=0,\"\",VLOOKUP(C1704,BNCDADOS!$A:$G,5,0))","v":""},{"$f":"SUM(I1705:I1706)","v":36836.239999999998},{"$f":"IF(C1704=0,\"\",VLOOKUP(C1704,BNCDADOS!$A:$G,6,0))","v":""},{"$f":"IF(C1704=0,\"\",VLOOKUP(C1704,BNCDADOS!$A:$G,7,0))","v":""},{"$f":"SUM(L1705:L1706)","v":37463.25},0]
["6.1.3.1",{"$f":"IF(C1705=0,\"\",VLOOKUP(C1705,BNCDADOS!$A:$H,8,0))","v":"caern"},2150065,{"$f":"IF(C1705=0,\"\",VLOOKUP(C1705,BNCDADOS!$A:$G,2,0))","v":"REASSENTAMENTO DE PARALELEPÍPEDOS, REJUNTAMENTO COM PEDRISCO E EMULSÃO ASFÁLTICA (BRIPAR), COM REAPROVEITAMENTO DOS PARALELEPÍPEDOS - INCLUSO RETIRADA E COLOCAÇÃO DO MATERIAL. AF_12/2020_P R_05/2022REV01"},{"$f":"IF(C1705=0,\"\",VLOOKUP(C1705,BNCDADOS!$A:$G,3,0))","v":"M²"},228.92,{"$f":"IF(C1705=0,\"\",VLOOKUP(C1705,BNCDADOS!$A:$G,4,0))","v":128.47999999999999},{"$f":"IF(C1705=0,\"\",VLOOKUP(C1705,BNCDADOS!$A:$G,5,0))","v":158.91},{"$f":"IF(H1705=\"\",0,TRUNC(H1705*F1705,2))","v":36377.67},{"$f":"IF(C1705=0,\"\",VLOOKUP(C1705,BNCDADOS!$A:$G,6,0))","v":124.46},{"$f":"IF(C1705=0,\"\",VLOOKUP(C1705,BNCDADOS!$A:$G,7,0))","v":161.74},{"$f":"IF(K1705=\"\",0,TRUNC(K1705*F1705,2))","v":37025.519999999997},{"$f":"SUMIF('MC - TRECHO 05'!A:A,Orçamento!A1705,'MC - TRECHO 05'!R:R)","v":228.92}]
["6.1.3.2",{"$f":"IF(C1706=0,\"\",VLOOKUP(C1706,BNCDADOS!$A:$H,8,0))","v":"caern"},2010038,{"$f":"IF(C1706=0,\"\",VLOOKUP(C1706,BNCDADOS!$A:$G,2,0))","v":"LIMPEZA DE RUAS (VARRIÇÃO E REMOÇÃO DE ENTULHOS), INCLUSIVE CARGA MANUAL"},{"$f":"IF(C1706=0,\"\",VLOOKUP(C1706,BNCDADOS!$A:$G,3,0))","v":"M²"},694.81,{"$f":"IF(C1706=0,\"\",VLOOKUP(C1706,BNCDADOS!$A:$G,4,0))","v":0.54},{"$f":"IF(C1706=0,\"\",VLOOKUP(C1706,BNCDADOS!$A:$G,5,0))","v":0.66},458.57,{"$f":"IF(C1706=0,\"\",VLOOKUP(C1706,BNCDADOS!$A:$G,6,0))","v":0.49},{"$f":"IF(C1706=0,\"\",VLOOKUP(C1706,BNCDADOS!$A:$G,7,0))","v":0.63},437.73,{"$f":"SUMIF('MC - TRECHO 05'!A:A,Orçamento!A1706,'MC - TRECHO 05'!R:R)","v":694.81}]
["6.1.4",{"$f":"IF(C1707=0,\"\",VLOOKUP(C1707,BNCDADOS!$A:$G,8,0))","v":""},null,"ASSENTAMENTO E MONTAGEM DOS TUBOS E CONEXÕES",{"$f":"IF(C1707=0,\"\",VLOOKUP(C1707,BNCDADOS!$A:$G,3,0))","v":""},0,{"$f":"IF(C1707=0,\"\",VLOOKUP(C1707,BNCDADOS!$A:$G,4,0))","v":""},{"$f":"IF(C1707=0,\"\",VLOOKUP(C1707,BNCDADOS!$A:$G,5,0))","v":""},{"$f":"SUM(I1708:I1715)","v":348894.51},{"$f":"IF(C1707=0,\"\",VLOOKUP(C1707,BNCDADOS!$A:$G,6,0))","v":""},{"$f":"IF(C1707=0,\"\",VLOOKUP(C1707,BNCDADOS!$A:$G,7,0))","v":""},{"$f":"SUM(L1708:L1715)","v":350311.3},0]
["6.1.4.1",{"$f":"IF(C1708=0,\"\",VLOOKUP(C1708,BNCDADOS!$A:$H,8,0))","v":"caern"},2060304,{"$f":"IF(C1708=0,\"\",VLOOKUP(C1708,BNCDADOS!$A:$G,2,0))","v":"ASSENTAMENTO DE TUBO DE PVC DEFOFO OU PRFV OU RPVC, DN 700 MM, JUNTA ELÁSTICA. R_11/2019"},{"$f":"IF(C1708=0,\"\",VLOOKUP(C1708,BNCDADOS!$A:$G,3,0))","v":"M"},10562.31,{"$f":"IF(C1708=0,\"\",VLOOKUP(C1708,BNCDADOS!$A:$G,4,0))","v":17.380000000000003},{"$f":"IF(C1708=0,\"\",VLOOKUP(C1708,BNCDADOS!$A:$G,5,0))","v":21.49},{"$f":"IF(H1708=\"\",0,TRUNC(H1708*F1708,2))","v":226984.04},{"$f":"IF(C1708=0,\"\",VLOOKUP(C1708,BNCDADOS!$A:$G,6,0))","v":16.34},{"$f":"IF(C1708=0,\"\",VLOOKUP(C1708,BNCDADOS!$A:$G,7,0))","v":21.23},{"$f":"IF(K1708=\"\",0,TRUNC(K1708*F1708,2))","v":224237.84},{"$f":"SUMIF('MC - TRECHO 05'!A:A,Orçamento!A1708,'MC - TRECHO 05'!R:R)","v":10562.31}]
["6.1.4.2",{"$f":"IF(C1709=0,\"\",VLOOKUP(C1709,BNCDADOS!$A:$H,8,0))","v":"caern"},2020090,{"$f":"IF(C1709=0,\"\",VLOOKUP(C1709,BNCDADOS!$A:$G,2,0))","v":"TRAVESSIA MÉTODO NÃO DESTRUTIVO PARA TUBO MAIOR QUE 400MM E ATÉ 500MM. R_05/2019"},{"$f":"IF(C1709=0,\"\",VLOOKUP(C1709,BNCDADOS!$A:$G,3,0))","v":"M"},{"$f":"TRUNC(M1709,2)","v":10.85},{"$f":"IF(C1709=0,\"\",VLOOKUP(C1709,BNCDADOS!$A:$G,4,0))","v":3763.58},{"$f":"IF(C1709=0,\"\",VLOOKUP(C1709,BNCDADOS!$A:$G,5,0))","v":4655.17},{"$f":"IF(H1709=\"\",0,TRUNC(H1709*F1709,2))","v":50508.59},{"$f":"IF(C1709=0,\"\",VLOOKUP(C1709,BNCDADOS!$A:$G,6,0))","v":3746.5399999999995},{"$f":"IF(C1709=0,\"\",VLOOKUP(C1709,BNCDADOS!$A:$G,7,0))","v":4869},{"$f":"IF(K1709=\"\",0,TRUNC(K1709*F1709,2))","v":52828.65},{"$f":"SUMIF('MC - TRECHO 05'!A:A,Orçamento!A1709,'MC - TRECHO 05'!R:R)","v":10.85}]
["6.1.4.3",{"$f":"IF(C1710=0,\"\",VLOOKUP(C1710,BNCDADOS!$A:$H,8,0))","v":"caern"},2060561,{"$f":"IF(C1710=0,\"\",VLOOKUP(C1710,BNCDADOS!$A:$G,2,0))","v":"ASSENTAMENTO DE CONEXÕES EM FERRO FUNDIDO, JUNTA ELÁSTICA, DIAM.= 700 MM. INC_05/2020"},{"$f":"IF(C1710=0,\"\",VLOOKUP(C1710,BNCDADOS!$A:$G,3,0))","v":"UN "},52,{"$f":"IF(C1710=0,\"\",VLOOKUP(C1710,BNCDADOS!$A:$G,4,0))","v":66.150000000000006},{"$f":"IF(C1710=0,\"\",VLOOKUP(C1710,BNCDADOS!$A:$G,5,0))","v":81.819999999999993},4254.6400000000003,{"$f":"IF(C1710=0,\"\",VLOOKUP(C1710,BNCDADOS!$A:$G,6,0))","v":61.970000000000006},{"$f":"IF(C1710=0,\"\",VLOOKUP(C1710,BNCDADOS!$A:$G,7,0))","v":80.53},4187.5600000000004,{"$f":"SUMIF('MC - TRECHO 05'!A:A,Orçamento!A1710,'MC - TRECHO 05'!R:R)","v":52}]
["6.1.4.4",{"$f":"IF(C1711=0,\"\",VLOOKUP(C1711,BNCDADOS!$A:$H,8,0))","v":"SINAPI/RN\nSERVIÇO"},103116,{"$f":"IF(C1711=0,\"\",VLOOKUP(C1711,BNCDADOS!$A:$G,2,0))","v":"ASSENTAMENTO DE CONEXÃO COM 2 ACESSOS, FERRO FUNDIDO PARA REDE DE ÁGUA, DN  700 MM, JUNTA FLANGEADA (NÃO INCLUI O FORNECIMENTO). AF_09/2021"},{"$f":"IF(C1711=0,\"\",VLOOKUP(C1711,BNCDADOS!$A:$G,3,0))","v":"UN"},11,{"$f":"IF(C1711=0,\"\",VLOOKUP(C1711,BNCDADOS!$A:$G,4,0))","v":"507,72"},{"$f":"IF(C1711=0,\"\",VLOOKUP(C1711,BNCDADOS!$A:$G,5,0))","v":627.99},6907.89,{"$f":"IF(C1711=0,\"\",VLOOKUP(C1711,BNCDADOS!$A:$G,6,0))","v":"480,93"},{"$f":"IF(C1711=0,\"\",VLOOKUP(C1711,BNCDADOS!$A:$G,7,0))","v":625.01},6875.11,{"$f":"SUMIF('MC - TRECHO 05'!A:A,Orçamento!A1711,'MC - TRECHO 05'!R:R)","v":11}]
["6.1.4.5",{"$f":"IF(C1712=0,\"\",VLOOKUP(C1712,BNCDADOS!$A:$H,8,0))","v":"SINAPI/RN\nSERVIÇO"},103106,{"$f":"IF(C1712=0,\"\",VLOOKUP(C1712,BNCDADOS!$A:$G,2,0))","v":"ASSENTAMENTO DE CONEXÃO COM 2 ACESSOS, FERRO FUNDIDO PARA REDE DE ÁGUA, DN  100 MM, JUNTA FLANGEADA (NÃO INCLUI O FORNECIMENTO). AF_09/2021"},{"$f":"IF(C1712=0,\"\",VLOOKUP(C1712,BNCDADOS!$A:$G,3,0))","v":"UN"},9,{"$f":"IF(C1712=0,\"\",VLOOKUP(C1712,BNCDADOS!$A:$G,4,0))","v":"57,73"},{"$f":"IF(C1712=0,\"\",VLOOKUP(C1712,BNCDADOS!$A:$G,5,0))","v":71.400000000000006},642.6,{"$f":"IF(C1712=0,\"\",VLOOKUP(C1712,BNCDADOS!$A:$G,6,0))","v":"55,15"},{"$f":"IF(C1712=0,\"\",VLOOKUP(C1712,BNCDADOS!$A:$G,7,0))","v":71.67},645.03,{"$f":"SUMIF('MC - TRECHO 05'!A:A,Orçamento!A1712,'MC - TRECHO 05'!R:R)","v":9}]
["6.1.4.6",{"$f":"IF(C1713=0,\"\",VLOOKUP(C1713,BNCDADOS!$A:$H,8,0))","v":"caern"},2060587,{"$f":"IF(C1713=0,\"\",VLOOKUP(C1713,BNCDADOS!$A:$G,2,0))","v":"ASSENTAMENTO DE REGISTRO DE GAVETA EM FERRO FUNDIDO COM FLANGES, DIAM. = 50MM A 150MM. INC_05/2020"},{"$f":"IF(C1713=0,\"\",VLOOKUP(C1713,BNCDADOS!$A:$G,3,0))","v":"UN "},13,{"$f":"IF(C1713=0,\"\",VLOOKUP(C1713,BNCDADOS!$A:$G,4,0))","v":14.120000000000001},{"$f":"IF(C1713=0,\"\",VLOOKUP(C1713,BNCDADOS!$A:$G,5,0))","v":17.46},226.98,{"$f":"IF(C1713=0,\"\",VLOOKUP(C1713,BNCDADOS!$A:$G,6,0))","v":12.68},{"$f":"IF(C1713=0,\"\",VLOOKUP(C1713,BNCDADOS!$A:$G,7,0))","v":16.47},214.11,{"$f":"SUMIF('MC - TRECHO 05'!A:A,Orçamento!A1713,'MC - TRECHO 05'!R:R)","v":13}]
["6.1.4.7",{"$f":"IF(C1714=0,\"\",VLOOKUP(C1714,BNCDADOS!$A:$H,8,0))","v":"caern"},2060592,{"$f":"IF(C1714=0,\"\",VLOOKUP(C1714,BNCDADOS!$A:$G,2,0))","v":"ASSENTAMENTO DE VENTOSA EM FERRO FUNDIDO COM FLANGE, DIAM. = 50MM A 150MM. INC_05/2020"},{"$f":"IF(C1714=0,\"\",VLOOKUP(C1714,BNCDADOS!$A:$G,3,0))","v":"UN "},6,{"$f":"IF(C1714=0,\"\",VLOOKUP(C1714,BNCDADOS!$A:$G,4,0))","v":14.120000000000001},{"$f":"IF(C1714=0,\"\",VLOOKUP(C1714,BNCDADOS!$A:$G,5,0))","v":17.46},104.76,{"$f":"IF(C1714=0,\"\",VLOOKUP(C1714,BNCDADOS!$A:$G,6,0))","v":12.68},{"$f":"IF(C1714=0,\"\",VLOOKUP(C1714,BNCDADOS!$A:$G,7,0))","v":16.47},98.82,{"$f":"SUMIF('MC - TRECHO 05'!A:A,Orçamento!A1714,'MC - TRECHO 05'!R:R)","v":6}]
["6.1.4.8",{"$f":"IF(C1715=0,\"\",VLOOKUP(C1715,BNCDADOS!$A:$H,8,0))","v":"SINAPI/RN\nSERVIÇO"},100952,{"$f":"IF(C1715=0,\"\",VLOOKUP(C1715,BNCDADOS!$A:$G,2,0))","v":"TRANSPORTE COM CAMINHÃO CARROCERIA COM GUINDAUTO (MUNCK),  MOMENTO MÁXIMO DE CARGA 11,7 TM, EM VIA URBANA PAVIMENTADA, DMT ATÉ 30KM (UNIDADE: TXKM). AF_07/2020"},{"$f":"IF(C1715=0,\"\",VLOOKUP(C1715,BNCDADOS!$A:$G,3,0))","v":"TXKM"},16326.45,{"$f":"IF(C1715=0,\"\",VLOOKUP(C1715,BNCDADOS!$A:$G,4,0))","v":"2,94"},{"$f":"IF(C1715=0,\"\",VLOOKUP(C1715,BNCDADOS!$A:$G,5,0))","v":3.63},59265.01,{"$f":"IF(C1715=0,\"\",VLOOKUP(C1715,BNCDADOS!$A:$G,6,0))","v":"2,89"},{"$f":"IF(C1715=0,\"\",VLOOKUP(C1715,BNCDADOS!$A:$G,7,0))","v":3.75},61224.18,{"$f":"SUMIF('MC - TRECHO 05'!A:A,Orçamento!A1715,'MC - TRECHO 05'!R:R)","v":16326.449999999993}]
["6.1.5",{"$f":"IF(C1716=0,\"\",VLOOKUP(C1716,BNCDADOS!$A:$G,8,0))","v":""},null,"CAIXAS E BLOCOS DE ANCORAGEM",{"$f":"IF(C1716=0,\"\",VLOOKUP(C1716,BNCDADOS!$A:$G,3,0))","v":""},0,{"$f":"IF(C1716=0,\"\",VLOOKUP(C1716,BNCDADOS!$A:$G,4,0))","v":""},{"$f":"IF(C1716=0,\"\",VLOOKUP(C1716,BNCDADOS!$A:$G,5,0))","v":""},{"$f":"SUM(I1717:I1720)","v":724143.45999999985},{"$f":"IF(C1716=0,\"\",VLOOKUP(C1716,BNCDADOS!$A:$G,6,0))","v":""},{"$f":"IF(C1716=0,\"\",VLOOKUP(C1716,BNCDADOS!$A:$G,7,0))","v":""},{"$f":"SUM(L1717:L1720)","v":735373.78000000014},0]
["6.1.5.1",{"$f":"IF(C1717=0,\"\",VLOOKUP(C1717,BNCDADOS!$A:$H,8,0))","v":0},"COMP 03",{"$f":"IF(C1717=0,\"\",VLOOKUP(C1717,BNCDADOS!$A:$G,2,0))","v":"CAIXA ENTERRADA PARA INSTALAÇÃO DE VENTOSAS E DESCARGAS, DE DIVERSOS DIÂMETROS E MEDIDAS INTERNAS 3,0 X 3,0M"},{"$f":"IF(C1717=0,\"\",VLOOKUP(C1717,BNCDADOS!$A:$G,3,0))","v":"UN"},9,{"$f":"IF(C1717=0,\"\",VLOOKUP(C1717,BNCDADOS!$A:$G,4,0))","v":35231.47},{"$f":"IF(C1717=0,\"\",VLOOKUP(C1717,BNCDADOS!$A:$G,5,0))","v":43577.8},{"$f":"IF(H1717=\"\",0,TRUNC(H1717*F1717,2))","v":392200.2},{"$f":"IF(C1717=0,\"\",VLOOKUP(C1717,BNCDADOS!$A:$G,6,0))","v":34013},{"$f":"IF(C1717=0,\"\",VLOOKUP(C1717,BNCDADOS!$A:$G,7,0))","v":44203.29},{"$f":"IF(K1717=\"\",0,TRUNC(K1717*F1717,2))","v":397829.61},{"$f":"SUMIF('MC - TRECHO 05'!A:A,Orçamento!A1717,'MC - TRECHO 05'!R:R)","v":9}]
["6.1.5.2",{"$f":"IF(C1718=0,\"\",VLOOKUP(C1718,BNCDADOS!$A:$H,8,0))","v":0},"COMP 08",{"$f":"IF(C1718=0,\"\",VLOOKUP(C1718,BNCDADOS!$A:$G,2,0))","v":"CAIXA ENTERRADA PARA TRAVESSIAS PELO MÉTODO NÃO DESTRUTIVO, MEDINDO 6,60 X 5,40 M"},{"$f":"IF(C1718=0,\"\",VLOOKUP(C1718,BNCDADOS!$A:$G,3,0))","v":"UN"},2,{"$f":"IF(C1718=0,\"\",VLOOKUP(C1718,BNCDADOS!$A:$G,4,0))","v":108654.70000000001},{"$f":"IF(C1718=0,\"\",VLOOKUP(C1718,BNCDADOS!$A:$G,5,0))","v":134394.99},{"$f":"IF(H1718=\"\",0,TRUNC(H1718*F1718,2))","v":268789.98},{"$f":"IF(C1718=0,\"\",VLOOKUP(C1718,BNCDADOS!$A:$G,6,0))","v":105206.40000000002},{"$f":"IF(C1718=0,\"\",VLOOKUP(C1718,BNCDADOS!$A:$G,7,0))","v":136726.23000000001},{"$f":"IF(K1718=\"\",0,TRUNC(K1718*F1718,2))","v":273452.46000000002},{"$f":"SUMIF('MC - TRECHO 05'!A:A,Orçamento!A1718,'MC - TRECHO 05'!R:R)","v":2}]
["6.1.5.3",{"$f":"IF(C1719=0,\"\",VLOOKUP(C1719,BNCDADOS!$A:$H,8,0))","v":0},"COMP 25",{"$f":"IF(C1719=0,\"\",VLOOKUP(C1719,BNCDADOS!$A:$G,2,0))","v":"BLOCO DE ANCORAGEM ARMADO, PARA CURVA 90°, PARA O DIÂMETRO DE 600MM"},{"$f":"IF(C1719=0,\"\",VLOOKUP(C1719,BNCDADOS!$A:$G,3,0))","v":"UN"},{"$f":"TRUNC(M1719,2)","v":1},{"$f":"IF(C1719=0,\"\",VLOOKUP(C1719,BNCDADOS!$A:$G,4,0))","v":1957.18},{"$f":"IF(C1719=0,\"\",VLOOKUP(C1719,BNCDADOS!$A:$G,5,0))","v":2420.83},{"$f":"IF(H1719=\"\",0,TRUNC(H1719*F1719,2))","v":2420.83},{"$f":"IF(C1719=0,\"\",VLOOKUP(C1719,BNCDADOS!$A:$G,6,0))","v":1891.98},{"$f":"IF(C1719=0,\"\",VLOOKUP(C1719,BNCDADOS!$A:$G,7,0))","v":2458.81},{"$f":"IF(K1719=\"\",0,TRUNC(K1719*F1719,2))","v":2458.81},{"$f":"SUMIF('MC - TRECHO 05'!A:A,Orçamento!A1719,'MC - TRECHO 05'!R:R)","v":1}]
["6.1.5.4",{"$f":"IF(C1720=0,\"\",VLOOKUP(C1720,BNCDADOS!$A:$H,8,0))","v":0},"COMP 26",{"$f":"IF(C1720=0,\"\",VLOOKUP(C1720,BNCDADOS!$A:$G,2,0))","v":"BLOCO DE ANCORAGEM ARMADO, PARA CURVA 11°, 22° E 45°, PARA O DIÂMETRO DE 600MM"},{"$f":"IF(C1720=0,\"\",VLOOKUP(C1720,BNCDADOS!$A:$G,3,0))","v":"UN"},27,{"$f":"IF(C1720=0,\"\",VLOOKUP(C1720,BNCDADOS!$A:$G,4,0))","v":1818.54},{"$f":"IF(C1720=0,\"\",VLOOKUP(C1720,BNCDADOS!$A:$G,5,0))","v":2249.35},{"$f":"IF(H1720=\"\",0,TRUNC(H1720*F1720,2))","v":60732.45},{"$f":"IF(C1720=0,\"\",VLOOKUP(C1720,BNCDADOS!$A:$G,6,0))","v":1756.47},{"$f":"IF(C1720=0,\"\",VLOOKUP(C1720,BNCDADOS!$A:$G,7,0))","v":2282.6999999999998},{"$f":"IF(K1720=\"\",0,TRUNC(K1720*F1720,2))","v":61632.9},{"$f":"SUMIF('MC - TRECHO 05'!A:A,Orçamento!A1720,'MC - TRECHO 05'!R:R)","v":27}]
["6.1.6",{"$f":"IF(C1721=0,\"\",VLOOKUP(C1721,BNCDADOS!$A:$G,8,0))","v":""},null,"DIVERSOS",{"$f":"IF(C1721=0,\"\",VLOOKUP(C1721,BNCDADOS!$A:$G,3,0))","v":""},0,{"$f":"IF(C1721=0,\"\",VLOOKUP(C1721,BNCDADOS!$A:$G,4,0))","v":""},{"$f":"IF(C1721=0,\"\",VLOOKUP(C1721,BNCDADOS!$A:$G,5,0))","v":""},{"$f":"SUM(I1722:I1723)","v":88195.28},{"$f":"IF(C1721=0,\"\",VLOOKUP(C1721,BNCDADOS!$A:$G,6,0))","v":""},{"$f":"IF(C1721=0,\"\",VLOOKUP(C1721,BNCDADOS!$A:$G,7,0))","v":""},{"$f":"SUM(L1722:L1723)","v":87244.68},0]
["6.1.6.1",{"$f":"IF(C1722=0,\"\",VLOOKUP(C1722,BNCDADOS!$A:$H,8,0))","v":0},"COMP 05",{"$f":"IF(C1722=0,\"\",VLOOKUP(C1722,BNCDADOS!$A:$G,2,0))","v":"LIMPEZA, DESINFECÇÃO E TESTE DE REDES E ADUTORAS DE ABASTECIMENTO DE ÁGUA"},{"$f":"IF(C1722=0,\"\",VLOOKUP(C1722,BNCDADOS!$A:$G,3,0))","v":"M"},10562.31,{"$f":"IF(C1722=0,\"\",VLOOKUP(C1722,BNCDADOS!$A:$G,4,0))","v":5.16},{"$f":"IF(C1722=0,\"\",VLOOKUP(C1722,BNCDADOS!$A:$G,5,0))","v":6.38},{"$f":"IF(H1722=\"\",0,TRUNC(H1722*F1722,2))","v":67387.53},{"$f":"IF(C1722=0,\"\",VLOOKUP(C1722,BNCDADOS!$A:$G,6,0))","v":4.9399999999999995},{"$f":"IF(C1722=0,\"\",VLOOKUP(C1722,BNCDADOS!$A:$G,7,0))","v":6.42},{"$f":"IF(K1722=\"\",0,TRUNC(K1722*F1722,2))","v":67810.03},{"$f":"SUMIF('MC - TRECHO 05'!A:A,Orçamento!A1722,'MC - TRECHO 05'!R:R)","v":10562.31}]
["6.1.6.2",{"$f":"IF(C1723=0,\"\",VLOOKUP(C1723,BNCDADOS!$A:$H,8,0))","v":"caern"},2220075,{"$f":"IF(C1723=0,\"\",VLOOKUP(C1723,BNCDADOS!$A:$G,2,0))","v":"CADASTRO DE ADUTORAS, COLETORES, INTERCEPTORES E EMISSÁRIOS - INCLUSIVE DESENHISTA. R_11/2021"},{"$f":"IF(C1723=0,\"\",VLOOKUP(C1723,BNCDADOS!$A:$G,3,0))","v":"M"},10562.31,{"$f":"IF(C1723=0,\"\",VLOOKUP(C1723,BNCDADOS!$A:$G,4,0))","v":1.6},{"$f":"IF(C1723=0,\"\",VLOOKUP(C1723,BNCDADOS!$A:$G,5,0))","v":1.97},{"$f":"IF(H1723=\"\",0,TRUNC(H1723*F1723,2))","v":20807.75},{"$f":"IF(C1723=0,\"\",VLOOKUP(C1723,BNCDADOS!$A:$G,6,0))","v":1.4200000000000002},{"$f":"IF(C1723=0,\"\",VLOOKUP(C1723,BNCDADOS!$A:$G,7,0))","v":1.84},{"$f":"IF(K1723=\"\",0,TRUNC(K1723*F1723,2))","v":19434.650000000001},{"$f":"SUMIF('MC - TRECHO 05'!A:A,Orçamento!A1723,'MC - TRECHO 05'!R:R)","v":10562.31}]
[null,{"$f":"IF(C1724=0,\"\",VLOOKUP(C1724,BNCDADOS!$A:$H,8,0))","v":""},null,{"$f":"IF(C1724=0,\"\",VLOOKUP(C1724,BNCDADOS!$A:$G,2,0))","v":""},{"$f":"IF(C1724=0,\"\",VLOOKUP(C1724,BNCDADOS!$A:$G,3,0))","v":""},0,{"$f":"IF(C1724=0,\"\",VLOOKUP(C1724,BNCDADOS!$A:$G,4,0))","v":""},{"$f":"IF(C1724=0,\"\",VLOOKUP(C1724,BNCDADOS!$A:$G,5,0))","v":""},{"$f":"IF(H1724=\"\",0,TRUNC(H1724*F1724,2))","v":0},{"$f":"IF(C1724=0,\"\",VLOOKUP(C1724,BNCDADOS!$A:$G,6,0))","v":""},{"$f":"IF(C1724=0,\"\",VLOOKUP(C1724,BNCDADOS!$A:$G,7,0))","v":""},{"$f":"IF(K1724=\"\",0,TRUNC(K1724*F1724,2))","v":0},0]
["6.2",null,null,"SERVIÇOS_ADUTORA TRECHO 05.02",{"$nulls":4},{"$f":"SUM(I1726,I1738,I1756,I1760,I1775,I1781)","v":6752024.8700000001},null,null,{"$f":"SUM(L1726,L1738,L1756,L1760,L1775,L1781)","v":6852091.9299999988}]
["6.2.1",{"$f":"IF(C1726=0,\"\",VLOOKUP(C1726,BNCDADOS!$A:$G,8,0))","v":""},null,"SERVIÇOS PRELIMINARES",{"$f":"IF(C1726=0,\"\",VLOOKUP(C1726,BNCDADOS!$A:$G,3,0))","v":""},{"$f":"TRUNC(M1726,2)","v":0},{"$f":"IF(C1726=0,\"\",VLOOKUP(C1726,BNCDADOS!$A:$G,4,0))","v":""},{"$f":"IF(C1726=0,\"\",VLOOKUP(C1726,BNCDADOS!$A:$G,5,0))","v":""},{"$f":"SUM(I1727:I1737)","v":379932.82000000007},{"$f":"IF(C1726=0,\"\",VLOOKUP(C1726,BNCDADOS!$A:$G,6,0))","v":""},{"$f":"IF(C1726=0,\"\",VLOOKUP(C1726,BNCDADOS!$A:$G,7,0))","v":""},{"$f":"SUM(L1727:L1737)","v":380499.62000000005}]
["6.2.1.1",{"$f":"IF(C1727=0,\"\",VLOOKUP(C1727,BNCDADOS!$A:$H,8,0))","v":"caern"},2010050,{"$f":"IF(C1727=0,\"\",VLOOKUP(C1727,BNCDADOS!$A:$G,2,0))","v":"LOCAÇÃO DE ADUTORAS, COLETORES TRONCO E INTERCEPTORES - COM AUXÍLIO DE EQUIPAMENTO TOPOGRÁFICO. R_11/2018"},{"$f":"IF(C1727=0,\"\",VLOOKUP(C1727,BNCDADOS!$A:$G,3,0))","v":"M"},17500.23,{"$f":"IF(C1727=0,\"\",VLOOKUP(C1727,BNCDADOS!$A:$G,4,0))","v":2.56},{"$f":"IF(C1727=0,\"\",VLOOKUP(C1727,BNCDADOS!$A:$G,5,0))","v":3.16},{"$f":"IF(H1727=\"\",0,TRUNC(H1727*F1727,2))","v":55300.72},{"$f":"IF(C1727=0,\"\",VLOOKUP(C1727,BNCDADOS!$A:$G,6,0))","v":2.2400000000000002},{"$f":"IF(C1727=0,\"\",VLOOKUP(C1727,BNCDADOS!$A:$G,7,0))","v":2.91},{"$f":"IF(K1727=\"\",0,TRUNC(K1727*F1727,2))","v":50925.66},{"$f":"SUMIF('MC - TRECHO 05'!A:A,Orçamento!A1727,'MC - TRECHO 05'!R:R)","v":17500.23}]
["6.2.1.2",{"$f":"IF(C1728=0,\"\",VLOOKUP(C1728,BNCDADOS!$A:$H,8,0))","v":"SINAPI/RN\nSERVIÇO"},98525,{"$f":"IF(C1728=0,\"\",VLOOKUP(C1728,BNCDADOS!$A:$G,2,0))","v":"LIMPEZA MECANIZADA DE CAMADA VEGETAL, VEGETAÇÃO E PEQUENAS ÁRVORES (DIÂMETRO DE TRONCO MENOR QUE 0,20 M), COM TRATOR DE ESTEIRAS. AF_03/2024"},{"$f":"IF(C1728=0,\"\",VLOOKUP(C1728,BNCDADOS!$A:$G,3,0))","v":"M2"},99978.63,{"$f":"IF(C1728=0,\"\",VLOOKUP(C1728,BNCDADOS!$A:$G,4,0))","v":"0,61"},{"$f":"IF(C1728=0,\"\",VLOOKUP(C1728,BNCDADOS!$A:$G,5,0))","v":0.75},74983.97,{"$f":"IF(C1728=0,\"\",VLOOKUP(C1728,BNCDADOS!$A:$G,6,0))","v":"0,58"},{"$f":"IF(C1728=0,\"\",VLOOKUP(C1728,BNCDADOS!$A:$G,7,0))","v":0.75},74983.97,{"$f":"SUMIF('MC - TRECHO 05'!A:A,Orçamento!A1728,'MC - TRECHO 05'!R:R)","v":99978.63}]
["6.2.1.3",{"$f":"IF(C1729=0,\"\",VLOOKUP(C1729,BNCDADOS!$A:$H,8,0))","v":"caern"},2010053,{"$f":"IF(C1729=0,\"\",VLOOKUP(C1729,BNCDADOS!$A:$G,2,0))","v":"SINALIZAÇÃO DE OBRA COM TELA TAPUME, COR LARANJA, COM SUPORTE A CADA 2M E PLACA DE SINALIZAÇÃO SOBRE CAVALETE. INC_11/2019"},{"$f":"IF(C1729=0,\"\",VLOOKUP(C1729,BNCDADOS!$A:$G,3,0))","v":"M"},35000.46,{"$f":"IF(C1729=0,\"\",VLOOKUP(C1729,BNCDADOS!$A:$G,4,0))","v":4.54},{"$f":"IF(C1729=0,\"\",VLOOKUP(C1729,BNCDADOS!$A:$G,5,0))","v":5.61},196352.58,{"$f":"IF(C1729=0,\"\",VLOOKUP(C1729,BNCDADOS!$A:$G,6,0))","v":4.3899999999999997},{"$f":"IF(C1729=0,\"\",VLOOKUP(C1729,BNCDADOS!$A:$G,7,0))","v":5.7},199502.62,{"$f":"SUMIF('MC - TRECHO 05'!A:A,Orçamento!A1729,'MC - TRECHO 05'!R:R)","v":35000.46}]
["6.2.1.4",{"$f":"IF(C1730=0,\"\",VLOOKUP(C1730,BNCDADOS!$A:$H,8,0))","v":"SINAPI/RN\nSERVIÇO"},97054,{"$f":"IF(C1730=0,\"\",VLOOKUP(C1730,BNCDADOS!$A:$G,2,0))","v":"INSTALAÇÃO DE SINALIZADOR NOTURNO LED. AF_03/2024"},{"$f":"IF(C1730=0,\"\",VLOOKUP(C1730,BNCDADOS!$A:$G,3,0))","v":"UN"},351,{"$f":"IF(C1730=0,\"\",VLOOKUP(C1730,BNCDADOS!$A:$G,4,0))","v":"28,12"},{"$f":"IF(C1730=0,\"\",VLOOKUP(C1730,BNCDADOS!$A:$G,5,0))","v":34.78},12207.78,{"$f":"IF(C1730=0,\"\",VLOOKUP(C1730,BNCDADOS!$A:$G,6,0))","v":"27,08"},{"$f":"IF(C1730=0,\"\",VLOOKUP(C1730,BNCDADOS!$A:$G,7,0))","v":35.19},12351.69,{"$f":"SUMIF('MC - TRECHO 05'!A:A,Orçamento!A1730,'MC - TRECHO 05'!R:R)","v":351}]
["6.2.1.5",{"$f":"IF(C1731=0,\"\",VLOOKUP(C1731,BNCDADOS!$A:$H,8,0))","v":"caern"},2010037,{"$f":"IF(C1731=0,\"\",VLOOKUP(C1731,BNCDADOS!$A:$G,2,0))","v":"SONDAGEM DE INTERFERÊNCIA, ESCAVAÇÃO MANUAL DE VALA DE 0,60M ATÉ 1,30M, EM RUAS SEM PAVIMENTAÇÃO"},{"$f":"IF(C1731=0,\"\",VLOOKUP(C1731,BNCDADOS!$A:$G,3,0))","v":"M"},25.88,{"$f":"IF(C1731=0,\"\",VLOOKUP(C1731,BNCDADOS!$A:$G,4,0))","v":89.34},{"$f":"IF(C1731=0,\"\",VLOOKUP(C1731,BNCDADOS!$A:$G,5,0))","v":110.5},2859.74,{"$f":"IF(C1731=0,\"\",VLOOKUP(C1731,BNCDADOS!$A:$G,6,0))","v":80.78},{"$f":"IF(C1731=0,\"\",VLOOKUP(C1731,BNCDADOS!$A:$G,7,0))","v":104.98},2716.88,{"$f":"SUMIF('MC - TRECHO 05'!A:A,Orçamento!A1731,'MC - TRECHO 05'!R:R)","v":25.88}]
["6.2.1.6",{"$f":"IF(C1732=0,\"\",VLOOKUP(C1732,BNCDADOS!$A:$H,8,0))","v":"caern"},2010036,{"$f":"IF(C1732=0,\"\",VLOOKUP(C1732,BNCDADOS!$A:$G,2,0))","v":"SONDAGEM DE INTERFERÊNCIA, ESCAVAÇÃO MANUAL DE VALA DE 0,60M ATÉ 1,30M, INCLUSIVE DEMOLIÇÃO DE PAVIMENTAÇÃO EM PARALELEPÍPEDO. R_05/2023"},{"$f":"IF(C1732=0,\"\",VLOOKUP(C1732,BNCDADOS!$A:$G,3,0))","v":"M"},0.25,{"$f":"IF(C1732=0,\"\",VLOOKUP(C1732,BNCDADOS!$A:$G,4,0))","v":123.35},{"$f":"IF(C1732=0,\"\",VLOOKUP(C1732,BNCDADOS!$A:$G,5,0))","v":152.57},38.14,{"$f":"IF(C1732=0,\"\",VLOOKUP(C1732,BNCDADOS!$A:$G,6,0))","v":112.6},{"$f":"IF(C1732=0,\"\",VLOOKUP(C1732,BNCDADOS!$A:$G,7,0))","v":146.33000000000001},36.58,{"$f":"SUMIF('MC - TRECHO 05'!A:A,Orçamento!A1732,'MC - TRECHO 05'!R:R)","v":0.25}]
["6.2.1.7",{"$f":"IF(C1733=0,\"\",VLOOKUP(C1733,BNCDADOS!$A:$H,8,0))","v":"caern"},2010035,{"$f":"IF(C1733=0,\"\",VLOOKUP(C1733,BNCDADOS!$A:$G,2,0))","v":"SONDAGEM DE INTERFERÊNCIA, ESCAVAÇÃO MANUAL DE VALA DE 0,60M ATÉ 1,30M, INCLUSIVE DEMOLIÇÃO DE PAVIMENTAÇÃO ASFÁLTICA. R_05/2023"},{"$f":"IF(C1733=0,\"\",VLOOKUP(C1733,BNCDADOS!$A:$G,3,0))","v":"M"},0.13,{"$f":"IF(C1733=0,\"\",VLOOKUP(C1733,BNCDADOS!$A:$G,4,0))","v":181.57},{"$f":"IF(C1733=0,\"\",VLOOKUP(C1733,BNCDADOS!$A:$G,5,0))","v":224.58},29.19,{"$f":"IF(C1733=0,\"\",VLOOKUP(C1733,BNCDADOS!$A:$G,6,0))","v":169.89},{"$f":"IF(C1733=0,\"\",VLOOKUP(C1733,BNCDADOS!$A:$G,7,0))","v":220.78},28.7,{"$f":"SUMIF('MC - TRECHO 05'!A:A,Orçamento!A1733,'MC - TRECHO 05'!R:R)","v":0.13}]
["6.2.1.8",{"$f":"IF(C1734=0,\"\",VLOOKUP(C1734,BNCDADOS!$A:$H,8,0))","v":0},"COMP 06",{"$f":"IF(C1734=0,\"\",VLOOKUP(C1734,BNCDADOS!$A:$G,2,0))","v":"PLACA DE SINALIZAÇÃO DE OBRAS EM VIAS DE TRÁFEGO MONTADA EM CAVALETE METÁLICO - 1,25 X 0,4M, INCLUSO REAPROVEITAMENTO"},{"$f":"IF(C1734=0,\"\",VLOOKUP(C1734,BNCDADOS!$A:$G,3,0))","v":"UN"},6,{"$f":"IF(C1734=0,\"\",VLOOKUP(C1734,BNCDADOS!$A:$G,4,0))","v":165.20999999999998},{"$f":"IF(C1734=0,\"\",VLOOKUP(C1734,BNCDADOS!$A:$G,5,0))","v":204.34},1226.04,{"$f":"IF(C1734=0,\"\",VLOOKUP(C1734,BNCDADOS!$A:$G,6,0))","v":163.89999999999998},{"$f":"IF(C1734=0,\"\",VLOOKUP(C1734,BNCDADOS!$A:$G,7,0))","v":213},1278,{"$f":"SUMIF('MC - TRECHO 05'!A:A,Orçamento!A1734,'MC - TRECHO 05'!R:R)","v":6}]
["6.2.1.9",{"$f":"IF(C1735=0,\"\",VLOOKUP(C1735,BNCDADOS!$A:$H,8,0))","v":0},"COMP 07",{"$f":"IF(C1735=0,\"\",VLOOKUP(C1735,BNCDADOS!$A:$G,2,0))","v":"PLACA DE SINALIZAÇÃO DE OBRAS EM VIAS DE TRÁFEGO MONTADA EM CAVALETE METÁLICO - 1,25 X 0,8M, INCLUSO REAPROVEITAMENTO"},{"$f":"IF(C1735=0,\"\",VLOOKUP(C1735,BNCDADOS!$A:$G,3,0))","v":"UN"},4,{"$f":"IF(C1735=0,\"\",VLOOKUP(C1735,BNCDADOS!$A:$G,4,0))","v":326.82},{"$f":"IF(C1735=0,\"\",VLOOKUP(C1735,BNCDADOS!$A:$G,5,0))","v":404.24},1616.96,{"$f":"IF(C1735=0,\"\",VLOOKUP(C1735,BNCDADOS!$A:$G,6,0))","v":324.2},{"$f":"IF(C1735=0,\"\",VLOOKUP(C1735,BNCDADOS!$A:$G,7,0))","v":421.33},1685.32,{"$f":"SUMIF('MC - TRECHO 05'!A:A,Orçamento!A1735,'MC - TRECHO 05'!R:R)","v":4}]
["6.2.1.10",{"$f":"IF(C1736=0,\"\",VLOOKUP(C1736,BNCDADOS!$A:$H,8,0))","v":0},"COMP 01",{"$f":"IF(C1736=0,\"\",VLOOKUP(C1736,BNCDADOS!$A:$G,2,0))","v":"CANTEIRO ITINERANTE COMPOSTO DE TOLDO, CONJUNTO DE MESA E CADEIRAS E BANHEIRO QUÍMICO COM LIMPEZA DIÁRIA INCLUSO COLETA E DESTINAÇÃO FINAL DE EFLUENTES"},{"$f":"IF(C1736=0,\"\",VLOOKUP(C1736,BNCDADOS!$A:$G,3,0))","v":"UN"},25,{"$f":"IF(C1736=0,\"\",VLOOKUP(C1736,BNCDADOS!$A:$G,4,0))","v":1007.4399999999999},{"$f":"IF(C1736=0,\"\",VLOOKUP(C1736,BNCDADOS!$A:$G,5,0))","v":1246.0999999999999},31152.5,{"$f":"IF(C1736=0,\"\",VLOOKUP(C1736,BNCDADOS!$A:$G,6,0))","v":1006.4399999999999},{"$f":"IF(C1736=0,\"\",VLOOKUP(C1736,BNCDADOS!$A:$G,7,0))","v":1307.96},32699,{"$f":"SUMIF('MC - TRECHO 05'!A:A,Orçamento!A1736,'MC - TRECHO 05'!R:R)","v":25}]
["6.2.1.11",{"$f":"IF(C1737=0,\"\",VLOOKUP(C1737,BNCDADOS!$A:$H,8,0))","v":"caern"},2010007,{"$f":"IF(C1737=0,\"\",VLOOKUP(C1737,BNCDADOS!$A:$G,2,0))","v":"REBAIXAMENTO DE LENÇOL FREÁTICO COM PONTEIRAS FILTRANTES EM ÁREAS. R_05/2019"},{"$f":"IF(C1737=0,\"\",VLOOKUP(C1737,BNCDADOS!$A:$G,3,0))","v":"PTXDIA"},120,{"$f":"IF(C1737=0,\"\",VLOOKUP(C1737,BNCDADOS!$A:$G,4,0))","v":28.07},{"$f":"IF(C1737=0,\"\",VLOOKUP(C1737,BNCDADOS!$A:$G,5,0))","v":34.71},4165.2,{"$f":"IF(C1737=0,\"\",VLOOKUP(C1737,BNCDADOS!$A:$G,6,0))","v":27.52},{"$f":"IF(C1737=0,\"\",VLOOKUP(C1737,BNCDADOS!$A:$G,7,0))","v":35.76},4291.2,{"$f":"SUMIF('MC - TRECHO 05'!A:A,Orçamento!A1737,'MC - TRECHO 05'!R:R)","v":120}]
["6.2.2",{"$f":"IF(C1738=0,\"\",VLOOKUP(C1738,BNCDADOS!$A:$G,8,0))","v":""},null,"MOVIMENTO DE TERRA",{"$f":"IF(C1738=0,\"\",VLOOKUP(C1738,BNCDADOS!$A:$G,3,0))","v":""},0,{"$f":"IF(C1738=0,\"\",VLOOKUP(C1738,BNCDADOS!$A:$G,4,0))","v":""},{"$f":"IF(C1738=0,\"\",VLOOKUP(C1738,BNCDADOS!$A:$G,5,0))","v":""},{"$f":"SUM(I1739:I1755)","v":4745159.6599999992},{"$f":"IF(C1738=0,\"\",VLOOKUP(C1738,BNCDADOS!$A:$G,6,0))","v":""},{"$f":"IF(C1738=0,\"\",VLOOKUP(C1738,BNCDADOS!$A:$G,7,0))","v":""},{"$f":"SUM(L1739:L1755)","v":4830492.2499999991},0]
["6.2.2.1",{"$f":"IF(C1739=0,\"\",VLOOKUP(C1739,BNCDADOS!$A:$H,8,0))","v":0},"COMP 02",{"$f":"IF(C1739=0,\"\",VLOOKUP(C1739,BNCDADOS!$A:$G,2,0))","v":"ESCAVAÇÃO MANUAL DE VALA COM PROFUNDIDADE MENOR OU IGUAL A 2,00 M"},{"$f":"IF(C1739=0,\"\",VLOOKUP(C1739,BNCDADOS!$A:$G,3,0))","v":"M³"},533,{"$f":"IF(C1739=0,\"\",VLOOKUP(C1739,BNCDADOS!$A:$G,4,0))","v":81.489999999999995},{"$f":"IF(C1739=0,\"\",VLOOKUP(C1739,BNCDADOS!$A:$G,5,0))","v":100.79},{"$f":"IF(H1739=\"\",0,TRUNC(H1739*F1739,2))","v":53721.07},{"$f":"IF(C1739=0,\"\",VLOOKUP(C1739,BNCDADOS!$A:$G,6,0))","v":73.58},{"$f":"IF(C1739=0,\"\",VLOOKUP(C1739,BNCDADOS!$A:$G,7,0))","v":95.62},{"$f":"IF(K1739=\"\",0,TRUNC(K1739*F1739,2))","v":50965.46},{"$f":"SUMIF('MC - TRECHO 05'!A:A,Orçamento!A1739,'MC - TRECHO 05'!R:R)","v":533}]
["6.2.2.2",{"$f":"IF(C1740=0,\"\",VLOOKUP(C1740,BNCDADOS!$A:$H,8,0))","v":"SINAPI/RN\nSERVIÇO"},90091,{"$f":"IF(C1740=0,\"\",VLOOKUP(C1740,BNCDADOS!$A:$G,2,0))","v":"ESCAVAÇÃO MECANIZADA DE VALA COM PROF. ATÉ 1,5 M (MÉDIA MONTANTE E JUSANTE/UMA COMPOSIÇÃO POR TRECHO), ESCAVADEIRA (0,8 M3), LARG. DE 1,5 M A 2,5 M, EM SOLO DE 1A CATEGORIA, LOCAIS COM BAIXO NÍVEL DE INTERFERÊNCIA. AF_02/2021"},{"$f":"IF(C1740=0,\"\",VLOOKUP(C1740,BNCDADOS!$A:$G,3,0))","v":"M3"},460.49,{"$f":"IF(C1740=0,\"\",VLOOKUP(C1740,BNCDADOS!$A:$G,4,0))","v":"6,26"},{"$f":"IF(C1740=0,\"\",VLOOKUP(C1740,BNCDADOS!$A:$G,5,0))","v":7.74},3564.19,{"$f":"IF(C1740=0,\"\",VLOOKUP(C1740,BNCDADOS!$A:$G,6,0))","v":"6,04"},{"$f":"IF(C1740=0,\"\",VLOOKUP(C1740,BNCDADOS!$A:$G,7,0))","v":7.84},3610.24,{"$f":"SUMIF('MC - TRECHO 05'!A:A,Orçamento!A1740,'MC - TRECHO 05'!R:R)","v":460.49}]
["6.2.2.3",{"$f":"IF(C1741=0,\"\",VLOOKUP(C1741,BNCDADOS!$A:$H,8,0))","v":"SINAPI/RN\nSERVIÇO"},102281,{"$f":"IF(C1741=0,\"\",VLOOKUP(C1741,BNCDADOS!$A:$G,2,0))","v":"ESCAVAÇÃO MECANIZADA DE VALA COM PROF. MAIOR QUE 1,5 M ATÉ 3,0 M (MÉDIA MONTANTE E JUSANTE/UMA COMPOSIÇÃO POR TRECHO),COM ESCAVADEIRA (1,2 M3),LARG. DE 1,5 M A 2,5 M, EM SOLO DE 1A CATEGORIA, LOCAIS COM BAIXO NÍVEL DE INTERFERÊNCIA. AF_02/2021"},{"$f":"IF(C1741=0,\"\",VLOOKUP(C1741,BNCDADOS!$A:$G,3,0))","v":"M3"},44294.67,{"$f":"IF(C1741=0,\"\",VLOOKUP(C1741,BNCDADOS!$A:$G,4,0))","v":"5,56"},{"$f":"IF(C1741=0,\"\",VLOOKUP(C1741,BNCDADOS!$A:$G,5,0))","v":6.87},304304.38,{"$f":"IF(C1741=0,\"\",VLOOKUP(C1741,BNCDADOS!$A:$G,6,0))","v":"5,39"},{"$f":"IF(C1741=0,\"\",VLOOKUP(C1741,BNCDADOS!$A:$G,7,0))","v":7},310062.69,{"$f":"SUMIF('MC - TRECHO 05'!A:A,Orçamento!A1741,'MC - TRECHO 05'!R:R)","v":44294.67}]
["6.2.2.4",{"$f":"IF(C1742=0,\"\",VLOOKUP(C1742,BNCDADOS!$A:$H,8,0))","v":"SINAPI/RN\nSERVIÇO"},102315,{"$f":"IF(C1742=0,\"\",VLOOKUP(C1742,BNCDADOS!$A:$G,2,0))","v":"ESCAVAÇÃO MECANIZADA DE VALA COM PROF. ATÉ 1,5 M (MÉDIA MONTANTE E JUSANTE/UMA COMPOSIÇÃO POR TRECHO), ESCAVADEIRA (0,8 M3), LARG. DE 1,5 M A 2,5 M, EM SOLO DE 2A CATEGORIA, LOCAIS COM BAIXO NÍVEL DE INTERFERÊNCIA. AF_02/2021"},{"$f":"IF(C1742=0,\"\",VLOOKUP(C1742,BNCDADOS!$A:$G,3,0))","v":"M3"},82.23,{"$f":"IF(C1742=0,\"\",VLOOKUP(C1742,BNCDADOS!$A:$G,4,0))","v":"7,98"},{"$f":"IF(C1742=0,\"\",VLOOKUP(C1742,BNCDADOS!$A:$G,5,0))","v":9.8699999999999992},811.61,{"$f":"IF(C1742=0,\"\",VLOOKUP(C1742,BNCDADOS!$A:$G,6,0))","v":"7,70"},{"$f":"IF(C1742=0,\"\",VLOOKUP(C1742,BNCDADOS!$A:$G,7,0))","v":10},822.3,{"$f":"SUMIF('MC - TRECHO 05'!A:A,Orçamento!A1742,'MC - TRECHO 05'!R:R)","v":82.23}]
["6.2.2.5",{"$f":"IF(C1743=0,\"\",VLOOKUP(C1743,BNCDADOS!$A:$H,8,0))","v":"SINAPI/RN\nSERVIÇO"},102319,{"$f":"IF(C1743=0,\"\",VLOOKUP(C1743,BNCDADOS!$A:$G,2,0))","v":"ESCAVAÇÃO MECANIZADA DE VALA COM PROF. MAIOR QUE 1,5 M ATÉ 3,0 M (MÉDIA MONTANTE E JUSANTE/UMA COMPOSIÇÃO POR TRECHO),COM ESCAVADEIRA (1,2 M3),LARG. DE 1,5 M A 2,5 M, EM SOLO DE 2A CATEGORIA, LOCAIS COM BAIXO NÍVEL DE INTERFERÊNCIA. AF_02/2021"},{"$f":"IF(C1743=0,\"\",VLOOKUP(C1743,BNCDADOS!$A:$G,3,0))","v":"M3"},7912.84,{"$f":"IF(C1743=0,\"\",VLOOKUP(C1743,BNCDADOS!$A:$G,4,0))","v":"6,94"},{"$f":"IF(C1743=0,\"\",VLOOKUP(C1743,BNCDADOS!$A:$G,5,0))","v":8.58},67892.160000000003,{"$f":"IF(C1743=0,\"\",VLOOKUP(C1743,BNCDADOS!$A:$G,6,0))","v":"6,73"},{"$f":"IF(C1743=0,\"\",VLOOKUP(C1743,BNCDADOS!$A:$G,7,0))","v":8.74},69158.22,{"$f":"SUMIF('MC - TRECHO 05'!A:A,Orçamento!A1743,'MC - TRECHO 05'!R:R)","v":7912.84}]
["6.2.2.6",{"$f":"IF(C1744=0,\"\",VLOOKUP(C1744,BNCDADOS!$A:$H,8,0))","v":"SINAPI/RN\nSERVIÇO"},101625,{"$f":"IF(C1744=0,\"\",VLOOKUP(C1744,BNCDADOS!$A:$G,2,0))","v":"PREPARO DE FUNDO DE VALA COM LARGURA MAIOR OU IGUAL A 1,5 M E MENOR QUE 2,5 M, COM CAMADA DE AREIA, LANÇAMENTO MECANIZADO. AF_08/2020"},{"$f":"IF(C1744=0,\"\",VLOOKUP(C1744,BNCDADOS!$A:$G,3,0))","v":"M3"},2199.2199999999998,{"$f":"IF(C1744=0,\"\",VLOOKUP(C1744,BNCDADOS!$A:$G,4,0))","v":"155,31"},{"$f":"IF(C1744=0,\"\",VLOOKUP(C1744,BNCDADOS!$A:$G,5,0))","v":192.1},422470.16,{"$f":"IF(C1744=0,\"\",VLOOKUP(C1744,BNCDADOS!$A:$G,6,0))","v":"151,04"},{"$f":"IF(C1744=0,\"\",VLOOKUP(C1744,BNCDADOS!$A:$G,7,0))","v":196.29},431684.89,{"$f":"SUMIF('MC - TRECHO 05'!A:A,Orçamento!A1744,'MC - TRECHO 05'!R:R)","v":2199.2199999999998}]
["6.2.2.7",{"$f":"IF(C1745=0,\"\",VLOOKUP(C1745,BNCDADOS!$A:$H,8,0))","v":"caern"},2040103,{"$f":"IF(C1745=0,\"\",VLOOKUP(C1745,BNCDADOS!$A:$G,2,0))","v":"ESCORAMENTO DE VALA, TIPO BLINDAGEM, COM PROFUNDIDADE DE 0 A 1,5 M, LARGURA MAIOR OU IGUAL A 1,5 M E MENOR QUE 2,5 M - EXECUÇÃO E FORNECIMENTO, INCLUI MATERIAL. R_11/2020"},{"$f":"IF(C1745=0,\"\",VLOOKUP(C1745,BNCDADOS!$A:$G,3,0))","v":"M²"},609.03,{"$f":"IF(C1745=0,\"\",VLOOKUP(C1745,BNCDADOS!$A:$G,4,0))","v":27.050000000000004},{"$f":"IF(C1745=0,\"\",VLOOKUP(C1745,BNCDADOS!$A:$G,5,0))","v":33.450000000000003},20372.05,{"$f":"IF(C1745=0,\"\",VLOOKUP(C1745,BNCDADOS!$A:$G,6,0))","v":25.79},{"$f":"IF(C1745=0,\"\",VLOOKUP(C1745,BNCDADOS!$A:$G,7,0))","v":33.51},20408.59,{"$f":"SUMIF('MC - TRECHO 05'!A:A,Orçamento!A1745,'MC - TRECHO 05'!R:R)","v":609.03}]
["6.2.2.8",{"$f":"IF(C1746=0,\"\",VLOOKUP(C1746,BNCDADOS!$A:$H,8,0))","v":"caern"},2040105,{"$f":"IF(C1746=0,\"\",VLOOKUP(C1746,BNCDADOS!$A:$G,2,0))","v":"ESCORAMENTO DE VALA, TIPO BLINDAGEM, COM PROFUNDIDADE DE 1,5 A 3,0 M, LARGURA MAIOR OU IGUAL A 1,5 M E MENOR QUE 2,50 M - EXECUÇÃO E FORNECIMENTO, INCLUI MATERIAL. R_11/2020"},{"$f":"IF(C1746=0,\"\",VLOOKUP(C1746,BNCDADOS!$A:$G,3,0))","v":"M²"},58673.4,{"$f":"IF(C1746=0,\"\",VLOOKUP(C1746,BNCDADOS!$A:$G,4,0))","v":22.549999999999997},{"$f":"IF(C1746=0,\"\",VLOOKUP(C1746,BNCDADOS!$A:$G,5,0))","v":27.89},1636401.12,{"$f":"IF(C1746=0,\"\",VLOOKUP(C1746,BNCDADOS!$A:$G,6,0))","v":21.51},{"$f":"IF(C1746=0,\"\",VLOOKUP(C1746,BNCDADOS!$A:$G,7,0))","v":27.95},1639921.53,{"$f":"SUMIF('MC - TRECHO 05'!A:A,Orçamento!A1746,'MC - TRECHO 05'!R:R)","v":58673.4}]
["6.2.2.9",{"$f":"IF(C1747=0,\"\",VLOOKUP(C1747,BNCDADOS!$A:$H,8,0))","v":"SINAPI/RN\nSERVIÇO"},94339,{"$f":"IF(C1747=0,\"\",VLOOKUP(C1747,BNCDADOS!$A:$G,2,0))","v":"ATERRO MECANIZADO DE VALA COM RETROESCAVADEIRA (CAPACIDADE DA CAÇAMBA DA RETRO: 0,26 M³/POTÊNCIA: 88 HP), LARGURA ATÉ 1,5 M, PROFUNDIDADE ATÉ 1,5 M, COM AREIA PARA ATERRO. AF_08/2023"},{"$f":"IF(C1747=0,\"\",VLOOKUP(C1747,BNCDADOS!$A:$G,3,0))","v":"M3"},141.63,{"$f":"IF(C1747=0,\"\",VLOOKUP(C1747,BNCDADOS!$A:$G,4,0))","v":"80,49"},{"$f":"IF(C1747=0,\"\",VLOOKUP(C1747,BNCDADOS!$A:$G,5,0))","v":99.55},14099.26,{"$f":"IF(C1747=0,\"\",VLOOKUP(C1747,BNCDADOS!$A:$G,6,0))","v":"79,47"},{"$f":"IF(C1747=0,\"\",VLOOKUP(C1747,BNCDADOS!$A:$G,7,0))","v":103.27},14626.13,{"$f":"SUMIF('MC - TRECHO 05'!A:A,Orçamento!A1747,'MC - TRECHO 05'!R:R)","v":141.63}]
["6.2.2.10",{"$f":"IF(C1748=0,\"\",VLOOKUP(C1748,BNCDADOS!$A:$H,8,0))","v":"SINAPI/RN\nSERVIÇO"},94327,{"$f":"IF(C1748=0,\"\",VLOOKUP(C1748,BNCDADOS!$A:$G,2,0))","v":"ATERRO MECANIZADO DE VALA COM ESCAVADEIRA HIDRÁULICA (CAPACIDADE DA CAÇAMBA: 0,8 M³/POTÊNCIA: 111 HP), LARGURA ATÉ 2,5 M, PROFUNDIDADE ATÉ 1,5 M, COM AREIA PARA ATERRO. AF_08/2023"},{"$f":"IF(C1748=0,\"\",VLOOKUP(C1748,BNCDADOS!$A:$G,3,0))","v":"M3"},{"$f":"TRUNC(M1748,2)","v":8.92},{"$f":"IF(C1748=0,\"\",VLOOKUP(C1748,BNCDADOS!$A:$G,4,0))","v":"85,91"},{"$f":"IF(C1748=0,\"\",VLOOKUP(C1748,BNCDADOS!$A:$G,5,0))","v":106.26},{"$f":"IF(H1748=\"\",0,TRUNC(H1748*F1748,2))","v":947.83},{"$f":"IF(C1748=0,\"\",VLOOKUP(C1748,BNCDADOS!$A:$G,6,0))","v":"84,91"},{"$f":"IF(C1748=0,\"\",VLOOKUP(C1748,BNCDADOS!$A:$G,7,0))","v":110.34},{"$f":"IF(K1748=\"\",0,TRUNC(K1748*F1748,2))","v":984.23},{"$f":"SUMIF('MC - TRECHO 05'!A:A,Orçamento!A1748,'MC - TRECHO 05'!R:R)","v":8.92}]
["6.2.2.11",{"$f":"IF(C1749=0,\"\",VLOOKUP(C1749,BNCDADOS!$A:$H,8,0))","v":"SINAPI/RN\nSERVIÇO"},94329,{"$f":"IF(C1749=0,\"\",VLOOKUP(C1749,BNCDADOS!$A:$G,2,0))","v":"ATERRO MECANIZADO DE VALA COM ESCAVADEIRA HIDRÁULICA (CAPACIDADE DA CAÇAMBA: 0,8 M³/POTÊNCIA: 111 HP), LARGURA ATÉ 2,5 M, PROFUNDIDADE DE 1,5 A 3,0 M, COM AREIA PARA ATERRO. AF_08/2023"},{"$f":"IF(C1749=0,\"\",VLOOKUP(C1749,BNCDADOS!$A:$G,3,0))","v":"M3"},13708.24,{"$f":"IF(C1749=0,\"\",VLOOKUP(C1749,BNCDADOS!$A:$G,4,0))","v":"79,33"},{"$f":"IF(C1749=0,\"\",VLOOKUP(C1749,BNCDADOS!$A:$G,5,0))","v":98.12},1345052.5,{"$f":"IF(C1749=0,\"\",VLOOKUP(C1749,BNCDADOS!$A:$G,6,0))","v":"78,56"},{"$f":"IF(C1749=0,\"\",VLOOKUP(C1749,BNCDADOS!$A:$G,7,0))","v":102.09},1399474.22,{"$f":"SUMIF('MC - TRECHO 05'!A:A,Orçamento!A1749,'MC - TRECHO 05'!R:R)","v":13708.24}]
["6.2.2.12",{"$f":"IF(C1750=0,\"\",VLOOKUP(C1750,BNCDADOS!$A:$H,8,0))","v":"SINAPI/RN\nSERVIÇO"},93378,{"$f":"IF(C1750=0,\"\",VLOOKUP(C1750,BNCDADOS!$A:$G,2,0))","v":"REATERRO MECANIZADO DE VALA COM RETROESCAVADEIRA (CAPACIDADE DA CAÇAMBA   DA RETRO: 0,26 M³/POTÊNCIA: 88 HP), LARGURA ATÉ 0,8 M, PROFUNDIDADE ATÉ 1,5 M, COM SOLO (SEM SUBSTITUIÇÃO) DE 1ª CATEGORIA, COM COMPACTADOR DE SOLOS DE PERCUSSÃO. AF_08/2023"},{"$f":"IF(C1750=0,\"\",VLOOKUP(C1750,BNCDADOS!$A:$G,3,0))","v":"M3"},330.48,{"$f":"IF(C1750=0,\"\",VLOOKUP(C1750,BNCDADOS!$A:$G,4,0))","v":"23,40"},{"$f":"IF(C1750=0,\"\",VLOOKUP(C1750,BNCDADOS!$A:$G,5,0))","v":28.94},9564.09,{"$f":"IF(C1750=0,\"\",VLOOKUP(C1750,BNCDADOS!$A:$G,6,0))","v":"22,08"},{"$f":"IF(C1750=0,\"\",VLOOKUP(C1750,BNCDADOS!$A:$G,7,0))","v":28.69},9481.4699999999993,{"$f":"SUMIF('MC - TRECHO 05'!A:A,Orçamento!A1750,'MC - TRECHO 05'!R:R)","v":330.48}]
["6.2.2.13",{"$f":"IF(C1751=0,\"\",VLOOKUP(C1751,BNCDADOS!$A:$H,8,0))","v":"SINAPI/RN\nSERVIÇO"},104730,{"$f":"IF(C1751=0,\"\",VLOOKUP(C1751,BNCDADOS!$A:$G,2,0))","v":"REATERRO MECANIZADO DE VALA COM ESCAVADEIRA HIDRÁULICA (CAPACIDADE DA CAÇAMBA: 0,8 M³/POTÊNCIA: 111 HP), LARGURA DE 1,5 A 2,5 M, PROFUNDIDADE DE 1,5 A 3,0 M, COM SOLO (SEM SUBSTITUIÇÃO) DE 1ª CATEGORIA, COM PLACA VIBRATÓRIA. AF_08/2023"},{"$f":"IF(C1751=0,\"\",VLOOKUP(C1751,BNCDADOS!$A:$G,3,0))","v":"M3"},20.82,{"$f":"IF(C1751=0,\"\",VLOOKUP(C1751,BNCDADOS!$A:$G,4,0))","v":"13,03"},{"$f":"IF(C1751=0,\"\",VLOOKUP(C1751,BNCDADOS!$A:$G,5,0))","v":16.11},335.41,{"$f":"IF(C1751=0,\"\",VLOOKUP(C1751,BNCDADOS!$A:$G,6,0))","v":"12,61"},{"$f":"IF(C1751=0,\"\",VLOOKUP(C1751,BNCDADOS!$A:$G,7,0))","v":16.38},341.03,{"$f":"SUMIF('MC - TRECHO 05'!A:A,Orçamento!A1751,'MC - TRECHO 05'!R:R)","v":20.82}]
["6.2.2.14",{"$f":"IF(C1752=0,\"\",VLOOKUP(C1752,BNCDADOS!$A:$H,8,0))","v":"SINAPI/RN\nSERVIÇO"},104728,{"$f":"IF(C1752=0,\"\",VLOOKUP(C1752,BNCDADOS!$A:$G,2,0))","v":"REATERRO MECANIZADO DE VALA COM ESCAVADEIRA HIDRÁULICA (CAPACIDADE DA CAÇAMBA: 0,8 M³/POTÊNCIA: 111 HP), LARGURA DE 1,5 A 2,5 M, PROFUNDIDADE ATÉ 1,5 M, COM SOLO (SEM SUBSTITUIÇÃO) DE 1ª CATEGORIA, COM PLACA VIBRATÓRIA. AF_08/2023"},{"$f":"IF(C1752=0,\"\",VLOOKUP(C1752,BNCDADOS!$A:$G,3,0))","v":"M3"},34110.370000000003,{"$f":"IF(C1752=0,\"\",VLOOKUP(C1752,BNCDADOS!$A:$G,4,0))","v":"19,58"},{"$f":"IF(C1752=0,\"\",VLOOKUP(C1752,BNCDADOS!$A:$G,5,0))","v":24.21},825812.05,{"$f":"IF(C1752=0,\"\",VLOOKUP(C1752,BNCDADOS!$A:$G,6,0))","v":"18,92"},{"$f":"IF(C1752=0,\"\",VLOOKUP(C1752,BNCDADOS!$A:$G,7,0))","v":24.58},838432.89,{"$f":"SUMIF('MC - TRECHO 05'!A:A,Orçamento!A1752,'MC - TRECHO 05'!R:R)","v":34110.370000000003}]
["6.2.2.15",{"$f":"IF(C1753=0,\"\",VLOOKUP(C1753,BNCDADOS!$A:$H,8,0))","v":"SINAPI/RN\nSERVIÇO"},100574,{"$f":"IF(C1753=0,\"\",VLOOKUP(C1753,BNCDADOS!$A:$G,2,0))","v":"ESPALHAMENTO DE MATERIAL COM TRATOR DE ESTEIRAS. AF_11/2019"},{"$f":"IF(C1753=0,\"\",VLOOKUP(C1753,BNCDADOS!$A:$G,3,0))","v":"M3"},21946.29,{"$f":"IF(C1753=0,\"\",VLOOKUP(C1753,BNCDADOS!$A:$G,4,0))","v":"1,43"},{"$f":"IF(C1753=0,\"\",VLOOKUP(C1753,BNCDADOS!$A:$G,5,0))","v":1.76},38625.47,{"$f":"IF(C1753=0,\"\",VLOOKUP(C1753,BNCDADOS!$A:$G,6,0))","v":"1,38"},{"$f":"IF(C1753=0,\"\",VLOOKUP(C1753,BNCDADOS!$A:$G,7,0))","v":1.79},39283.85,{"$f":"SUMIF('MC - TRECHO 05'!A:A,Orçamento!A1753,'MC - TRECHO 05'!R:R)","v":21946.29}]
["6.2.2.16",{"$f":"IF(C1754=0,\"\",VLOOKUP(C1754,BNCDADOS!$A:$H,8,0))","v":"SINAPI/RN\nSERVIÇO"},97914,{"$f":"IF(C1754=0,\"\",VLOOKUP(C1754,BNCDADOS!$A:$G,2,0))","v":"TRANSPORTE COM CAMINHÃO BASCULANTE DE 6 M³, EM VIA URBANA PAVIMENTADA, DMT ATÉ 30 KM (UNIDADE: M3XKM). AF_07/2020"},{"$f":"IF(C1754=0,\"\",VLOOKUP(C1754,BNCDADOS!$A:$G,3,0))","v":"M3XKM"},119.3,{"$f":"IF(C1754=0,\"\",VLOOKUP(C1754,BNCDADOS!$A:$G,4,0))","v":"3,04"},{"$f":"IF(C1754=0,\"\",VLOOKUP(C1754,BNCDADOS!$A:$G,5,0))","v":3.76},448.56,{"$f":"IF(C1754=0,\"\",VLOOKUP(C1754,BNCDADOS!$A:$G,6,0))","v":"2,97"},{"$f":"IF(C1754=0,\"\",VLOOKUP(C1754,BNCDADOS!$A:$G,7,0))","v":3.85},459.3,{"$f":"SUMIF('MC - TRECHO 05'!A:A,Orçamento!A1754,'MC - TRECHO 05'!R:R)","v":119.3}]
["6.2.2.17",{"$f":"IF(C1755=0,\"\",VLOOKUP(C1755,BNCDADOS!$A:$H,8,0))","v":"caern"},2220082,{"$f":"IF(C1755=0,\"\",VLOOKUP(C1755,BNCDADOS!$A:$G,2,0))","v":"DEPOSIÇÃO FINAL DOS RESÍDUOS SÓLIDOS DA CONSTRUÇÃO CIVIL PARA MATERIAIS MISTURADOS. INC_05/2020"},{"$f":"IF(C1755=0,\"\",VLOOKUP(C1755,BNCDADOS!$A:$G,3,0))","v":"M³"},11.93,{"$f":"IF(C1755=0,\"\",VLOOKUP(C1755,BNCDADOS!$A:$G,4,0))","v":50},{"$f":"IF(C1755=0,\"\",VLOOKUP(C1755,BNCDADOS!$A:$G,5,0))","v":61.84},737.75,{"$f":"IF(C1755=0,\"\",VLOOKUP(C1755,BNCDADOS!$A:$G,6,0))","v":50},{"$f":"IF(C1755=0,\"\",VLOOKUP(C1755,BNCDADOS!$A:$G,7,0))","v":64.98},775.21,{"$f":"SUMIF('MC - TRECHO 05'!A:A,Orçamento!A1755,'MC - TRECHO 05'!R:R)","v":11.93}]
["6.2.3",{"$f":"IF(C1756=0,\"\",VLOOKUP(C1756,BNCDADOS!$A:$G,8,0))","v":""},null,"PAVIMENTAÇÃO",{"$f":"IF(C1756=0,\"\",VLOOKUP(C1756,BNCDADOS!$A:$G,3,0))","v":""},{"$f":"TRUNC(M1756,2)","v":0},{"$f":"IF(C1756=0,\"\",VLOOKUP(C1756,BNCDADOS!$A:$G,4,0))","v":""},{"$f":"IF(C1756=0,\"\",VLOOKUP(C1756,BNCDADOS!$A:$G,5,0))","v":""},{"$f":"SUM(I1757:I1759)","v":105531.15999999999},{"$f":"IF(C1756=0,\"\",VLOOKUP(C1756,BNCDADOS!$A:$G,6,0))","v":""},{"$f":"IF(C1756=0,\"\",VLOOKUP(C1756,BNCDADOS!$A:$G,7,0))","v":""},{"$f":"SUM(L1757:L1759)","v":107809.13999999998},0]
["6.2.3.1",{"$f":"IF(C1757=0,\"\",VLOOKUP(C1757,BNCDADOS!$A:$H,8,0))","v":"caern"},2150065,{"$f":"IF(C1757=0,\"\",VLOOKUP(C1757,BNCDADOS!$A:$G,2,0))","v":"REASSENTAMENTO DE PARALELEPÍPEDOS, REJUNTAMENTO COM PEDRISCO E EMULSÃO ASFÁLTICA (BRIPAR), COM REAPROVEITAMENTO DOS PARALELEPÍPEDOS - INCLUSO RETIRADA E COLOCAÇÃO DO MATERIAL. AF_12/2020_P R_05/2022REV01"},{"$f":"IF(C1757=0,\"\",VLOOKUP(C1757,BNCDADOS!$A:$G,3,0))","v":"M²"},543.27,{"$f":"IF(C1757=0,\"\",VLOOKUP(C1757,BNCDADOS!$A:$G,4,0))","v":128.47999999999999},{"$f":"IF(C1757=0,\"\",VLOOKUP(C1757,BNCDADOS!$A:$G,5,0))","v":158.91},{"$f":"IF(H1757=\"\",0,TRUNC(H1757*F1757,2))","v":86331.03},{"$f":"IF(C1757=0,\"\",VLOOKUP(C1757,BNCDADOS!$A:$G,6,0))","v":124.46},{"$f":"IF(C1757=0,\"\",VLOOKUP(C1757,BNCDADOS!$A:$G,7,0))","v":161.74},{"$f":"IF(K1757=\"\",0,TRUNC(K1757*F1757,2))","v":87868.479999999996},{"$f":"SUMIF('MC - TRECHO 05'!A:A,Orçamento!A1757,'MC - TRECHO 05'!R:R)","v":543.27}]
["6.2.3.2",{"$f":"IF(C1758=0,\"\",VLOOKUP(C1758,BNCDADOS!$A:$H,8,0))","v":"caern"},2150032,{"$f":"IF(C1758=0,\"\",VLOOKUP(C1758,BNCDADOS!$A:$G,2,0))","v":"RECOMPOSIÇÃO PAVIMENTO ASFÁLTICO, PARA O FECHAMENTO DE VALAS, COM CONCRETO BETUMINOSO USINADO A QUENTE (CBUQ) - DMT 20 KM. R_05/2021"},{"$f":"IF(C1758=0,\"\",VLOOKUP(C1758,BNCDADOS!$A:$G,3,0))","v":"M³"},9.17,{"$f":"IF(C1758=0,\"\",VLOOKUP(C1758,BNCDADOS!$A:$G,4,0))","v":1591.8600000000001},{"$f":"IF(C1758=0,\"\",VLOOKUP(C1758,BNCDADOS!$A:$G,5,0))","v":1968.97},18055.45,{"$f":"IF(C1758=0,\"\",VLOOKUP(C1758,BNCDADOS!$A:$G,6,0))","v":1581.5699999999997},{"$f":"IF(C1758=0,\"\",VLOOKUP(C1758,BNCDADOS!$A:$G,7,0))","v":2055.4},18848.009999999998,{"$f":"SUMIF('MC - TRECHO 05'!A:A,Orçamento!A1758,'MC - TRECHO 05'!R:R)","v":9.17}]
["6.2.3.3",{"$f":"IF(C1759=0,\"\",VLOOKUP(C1759,BNCDADOS!$A:$H,8,0))","v":"caern"},2010038,{"$f":"IF(C1759=0,\"\",VLOOKUP(C1759,BNCDADOS!$A:$G,2,0))","v":"LIMPEZA DE RUAS (VARRIÇÃO E REMOÇÃO DE ENTULHOS), INCLUSIVE CARGA MANUAL"},{"$f":"IF(C1759=0,\"\",VLOOKUP(C1759,BNCDADOS!$A:$G,3,0))","v":"M²"},1734.37,{"$f":"IF(C1759=0,\"\",VLOOKUP(C1759,BNCDADOS!$A:$G,4,0))","v":0.54},{"$f":"IF(C1759=0,\"\",VLOOKUP(C1759,BNCDADOS!$A:$G,5,0))","v":0.66},1144.68,{"$f":"IF(C1759=0,\"\",VLOOKUP(C1759,BNCDADOS!$A:$G,6,0))","v":0.49},{"$f":"IF(C1759=0,\"\",VLOOKUP(C1759,BNCDADOS!$A:$G,7,0))","v":0.63},1092.6500000000001,{"$f":"SUMIF('MC - TRECHO 05'!A:A,Orçamento!A1759,'MC - TRECHO 05'!R:R)","v":1734.37}]
["6.2.4",{"$f":"IF(C1760=0,\"\",VLOOKUP(C1760,BNCDADOS!$A:$G,8,0))","v":""},null,"ASSENTAMENTO E MONTAGEM DOS TUBOS E CONEXÕES",{"$f":"IF(C1760=0,\"\",VLOOKUP(C1760,BNCDADOS!$A:$G,3,0))","v":""},0,{"$f":"IF(C1760=0,\"\",VLOOKUP(C1760,BNCDADOS!$A:$G,4,0))","v":""},{"$f":"IF(C1760=0,\"\",VLOOKUP(C1760,BNCDADOS!$A:$G,5,0))","v":""},{"$f":"SUM(I1761:I1774)","v":483646.27999999991},{"$f":"IF(C1760=0,\"\",VLOOKUP(C1760,BNCDADOS!$A:$G,6,0))","v":""},{"$f":"IF(C1760=0,\"\",VLOOKUP(C1760,BNCDADOS!$A:$G,7,0))","v":""},{"$f":"SUM(L1761:L1774)","v":483454.49999999994},0]
["6.2.4.1",{"$f":"IF(C1761=0,\"\",VLOOKUP(C1761,BNCDADOS!$A:$H,8,0))","v":"SINAPI/RN\nSERVIÇO"},97139,{"$f":"IF(C1761=0,\"\",VLOOKUP(C1761,BNCDADOS!$A:$G,2,0))","v":"ASSENTAMENTO DE TUBO DE PVC DEFOFO OU PRFV OU RPVC PARA REDE DE ÁGUA, DN 400 MM, JUNTA ELÁSTICA INTEGRADA, INSTALADO EM LOCAL COM NÍVEL BAIXO DE INTERFERÊNCIAS (NÃO INCLUI FORNECIMENTO). AF_05/2024"},{"$f":"IF(C1761=0,\"\",VLOOKUP(C1761,BNCDADOS!$A:$G,3,0))","v":"M"},203.01,{"$f":"IF(C1761=0,\"\",VLOOKUP(C1761,BNCDADOS!$A:$G,4,0))","v":"12,68"},{"$f":"IF(C1761=0,\"\",VLOOKUP(C1761,BNCDADOS!$A:$G,5,0))","v":15.68},{"$f":"IF(H1761=\"\",0,TRUNC(H1761*F1761,2))","v":3183.19},{"$f":"IF(C1761=0,\"\",VLOOKUP(C1761,BNCDADOS!$A:$G,6,0))","v":"11,70"},{"$f":"IF(C1761=0,\"\",VLOOKUP(C1761,BNCDADOS!$A:$G,7,0))","v":15.2},{"$f":"IF(K1761=\"\",0,TRUNC(K1761*F1761,2))","v":3085.75},{"$f":"SUMIF('MC - TRECHO 05'!A:A,Orçamento!A1761,'MC - TRECHO 05'!R:R)","v":203.01000000000002}]
["6.2.4.2",{"$f":"IF(C1762=0,\"\",VLOOKUP(C1762,BNCDADOS!$A:$H,8,0))","v":"caern"},2060303,{"$f":"IF(C1762=0,\"\",VLOOKUP(C1762,BNCDADOS!$A:$G,2,0))","v":"ASSENTAMENTO DE TUBO DE PVC DEFOFO OU PRFV OU RPVC, DN 600 MM, JUNTA ELÁSTICA. R_11/2019"},{"$f":"IF(C1762=0,\"\",VLOOKUP(C1762,BNCDADOS!$A:$G,3,0))","v":"M"},17297.22,{"$f":"IF(C1762=0,\"\",VLOOKUP(C1762,BNCDADOS!$A:$G,4,0))","v":15.96},{"$f":"IF(C1762=0,\"\",VLOOKUP(C1762,BNCDADOS!$A:$G,5,0))","v":19.739999999999998},341447.12,{"$f":"IF(C1762=0,\"\",VLOOKUP(C1762,BNCDADOS!$A:$G,6,0))","v":15.01},{"$f":"IF(C1762=0,\"\",VLOOKUP(C1762,BNCDADOS!$A:$G,7,0))","v":19.5},337295.79,{"$f":"SUMIF('MC - TRECHO 05'!A:A,Orçamento!A1762,'MC - TRECHO 05'!R:R)","v":17297.22}]
["6.2.4.3",{"$f":"IF(C1763=0,\"\",VLOOKUP(C1763,BNCDADOS!$A:$H,8,0))","v":"caern"},2020088,{"$f":"IF(C1763=0,\"\",VLOOKUP(C1763,BNCDADOS!$A:$G,2,0))","v":"TRAVESSIA MÉTODO NÃO DESTRUTIVO PARA TUBO MAIOR QUE 300MM E ATÉ 400MM. R_05/2019"},{"$f":"IF(C1763=0,\"\",VLOOKUP(C1763,BNCDADOS!$A:$G,3,0))","v":"M"},6.5,{"$f":"IF(C1763=0,\"\",VLOOKUP(C1763,BNCDADOS!$A:$G,4,0))","v":3316.1400000000003},{"$f":"IF(C1763=0,\"\",VLOOKUP(C1763,BNCDADOS!$A:$G,5,0))","v":4101.7299999999996},26661.24,{"$f":"IF(C1763=0,\"\",VLOOKUP(C1763,BNCDADOS!$A:$G,6,0))","v":3300.8},{"$f":"IF(C1763=0,\"\",VLOOKUP(C1763,BNCDADOS!$A:$G,7,0))","v":4289.71},27883.11,{"$f":"SUMIF('MC - TRECHO 05'!A:A,Orçamento!A1763,'MC - TRECHO 05'!R:R)","v":6.5}]
["6.2.4.4",{"$f":"IF(C1764=0,\"\",VLOOKUP(C1764,BNCDADOS!$A:$H,8,0))","v":"caern"},2060560,{"$f":"IF(C1764=0,\"\",VLOOKUP(C1764,BNCDADOS!$A:$G,2,0))","v":"ASSENTAMENTO DE CONEXÕES EM FERRO FUNDIDO, JUNTA ELÁSTICA, DIAM.= 600 MM. INC_05/2020"},{"$f":"IF(C1764=0,\"\",VLOOKUP(C1764,BNCDADOS!$A:$G,3,0))","v":"UN "},126,{"$f":"IF(C1764=0,\"\",VLOOKUP(C1764,BNCDADOS!$A:$G,4,0))","v":61.199999999999996},{"$f":"IF(C1764=0,\"\",VLOOKUP(C1764,BNCDADOS!$A:$G,5,0))","v":75.69},9536.94,{"$f":"IF(C1764=0,\"\",VLOOKUP(C1764,BNCDADOS!$A:$G,6,0))","v":57.339999999999996},{"$f":"IF(C1764=0,\"\",VLOOKUP(C1764,BNCDADOS!$A:$G,7,0))","v":74.510000000000005},9388.26,{"$f":"SUMIF('MC - TRECHO 05'!A:A,Orçamento!A1764,'MC - TRECHO 05'!R:R)","v":126}]
["6.2.4.5",{"$f":"IF(C1765=0,\"\",VLOOKUP(C1765,BNCDADOS!$A:$H,8,0))","v":"caern"},2060557,{"$f":"IF(C1765=0,\"\",VLOOKUP(C1765,BNCDADOS!$A:$G,2,0))","v":"ASSENTAMENTO DE CONEXÕES EM FERRO FUNDIDO, JUNTA ELÁSTICA, DIAM.= 400 MM. INC_05/2020"},{"$f":"IF(C1765=0,\"\",VLOOKUP(C1765,BNCDADOS!$A:$G,3,0))","v":"UN "},3,{"$f":"IF(C1765=0,\"\",VLOOKUP(C1765,BNCDADOS!$A:$G,4,0))","v":31.84},{"$f":"IF(C1765=0,\"\",VLOOKUP(C1765,BNCDADOS!$A:$G,5,0))","v":39.380000000000003},118.14,{"$f":"IF(C1765=0,\"\",VLOOKUP(C1765,BNCDADOS!$A:$G,6,0))","v":29.75},{"$f":"IF(C1765=0,\"\",VLOOKUP(C1765,BNCDADOS!$A:$G,7,0))","v":38.659999999999997},115.98,{"$f":"SUMIF('MC - TRECHO 05'!A:A,Orçamento!A1765,'MC - TRECHO 05'!R:R)","v":3}]
["6.2.4.6",{"$f":"IF(C1766=0,\"\",VLOOKUP(C1766,BNCDADOS!$A:$H,8,0))","v":"SINAPI/RN\nSERVIÇO"},103106,{"$f":"IF(C1766=0,\"\",VLOOKUP(C1766,BNCDADOS!$A:$G,2,0))","v":"ASSENTAMENTO DE CONEXÃO COM 2 ACESSOS, FERRO FUNDIDO PARA REDE DE ÁGUA, DN  100 MM, JUNTA FLANGEADA (NÃO INCLUI O FORNECIMENTO). AF_09/2021"},{"$f":"IF(C1766=0,\"\",VLOOKUP(C1766,BNCDADOS!$A:$G,3,0))","v":"UN"},{"$f":"TRUNC(M1766,2)","v":4},{"$f":"IF(C1766=0,\"\",VLOOKUP(C1766,BNCDADOS!$A:$G,4,0))","v":"57,73"},{"$f":"IF(C1766=0,\"\",VLOOKUP(C1766,BNCDADOS!$A:$G,5,0))","v":71.400000000000006},{"$f":"IF(H1766=\"\",0,TRUNC(H1766*F1766,2))","v":285.60000000000002},{"$f":"IF(C1766=0,\"\",VLOOKUP(C1766,BNCDADOS!$A:$G,6,0))","v":"55,15"},{"$f":"IF(C1766=0,\"\",VLOOKUP(C1766,BNCDADOS!$A:$G,7,0))","v":71.67},{"$f":"IF(K1766=\"\",0,TRUNC(K1766*F1766,2))","v":286.68},{"$f":"SUMIF('MC - TRECHO 05'!A:A,Orçamento!A1766,'MC - TRECHO 05'!R:R)","v":4}]
["6.2.4.7",{"$f":"IF(C1767=0,\"\",VLOOKUP(C1767,BNCDADOS!$A:$H,8,0))","v":"SINAPI/RN\nSERVIÇO"},103106,{"$f":"IF(C1767=0,\"\",VLOOKUP(C1767,BNCDADOS!$A:$G,2,0))","v":"ASSENTAMENTO DE CONEXÃO COM 2 ACESSOS, FERRO FUNDIDO PARA REDE DE ÁGUA, DN  100 MM, JUNTA FLANGEADA (NÃO INCLUI O FORNECIMENTO). AF_09/2021"},{"$f":"IF(C1767=0,\"\",VLOOKUP(C1767,BNCDADOS!$A:$G,3,0))","v":"UN"},12,{"$f":"IF(C1767=0,\"\",VLOOKUP(C1767,BNCDADOS!$A:$G,4,0))","v":"57,73"},{"$f":"IF(C1767=0,\"\",VLOOKUP(C1767,BNCDADOS!$A:$G,5,0))","v":71.400000000000006},856.8,{"$f":"IF(C1767=0,\"\",VLOOKUP(C1767,BNCDADOS!$A:$G,6,0))","v":"55,15"},{"$f":"IF(C1767=0,\"\",VLOOKUP(C1767,BNCDADOS!$A:$G,7,0))","v":71.67},860.04,{"$f":"SUMIF('MC - TRECHO 05'!A:A,Orçamento!A1767,'MC - TRECHO 05'!R:R)","v":12}]
["6.2.4.8",{"$f":"IF(C1768=0,\"\",VLOOKUP(C1768,BNCDADOS!$A:$H,8,0))","v":"SINAPI/RN\nSERVIÇO"},103112,{"$f":"IF(C1768=0,\"\",VLOOKUP(C1768,BNCDADOS!$A:$G,2,0))","v":"ASSENTAMENTO DE CONEXÃO COM 2 ACESSOS, FERRO FUNDIDO PARA REDE DE ÁGUA, DN  400 MM, JUNTA FLANGEADA (NÃO INCLUI O FORNECIMENTO). AF_09/2021"},{"$f":"IF(C1768=0,\"\",VLOOKUP(C1768,BNCDADOS!$A:$G,3,0))","v":"UN"},{"$f":"TRUNC(M1768,2)","v":2},{"$f":"IF(C1768=0,\"\",VLOOKUP(C1768,BNCDADOS!$A:$G,4,0))","v":"282,71"},{"$f":"IF(C1768=0,\"\",VLOOKUP(C1768,BNCDADOS!$A:$G,5,0))","v":349.68},{"$f":"IF(H1768=\"\",0,TRUNC(H1768*F1768,2))","v":699.36},{"$f":"IF(C1768=0,\"\",VLOOKUP(C1768,BNCDADOS!$A:$G,6,0))","v":"268,05"},{"$f":"IF(C1768=0,\"\",VLOOKUP(C1768,BNCDADOS!$A:$G,7,0))","v":348.35},{"$f":"IF(K1768=\"\",0,TRUNC(K1768*F1768,2))","v":696.7},{"$f":"SUMIF('MC - TRECHO 05'!A:A,Orçamento!A1768,'MC - TRECHO 05'!R:R)","v":2}]
["6.2.4.9",{"$f":"IF(C1769=0,\"\",VLOOKUP(C1769,BNCDADOS!$A:$H,8,0))","v":"SINAPI/RN\nSERVIÇO"},103112,{"$f":"IF(C1769=0,\"\",VLOOKUP(C1769,BNCDADOS!$A:$G,2,0))","v":"ASSENTAMENTO DE CONEXÃO COM 2 ACESSOS, FERRO FUNDIDO PARA REDE DE ÁGUA, DN  400 MM, JUNTA FLANGEADA (NÃO INCLUI O FORNECIMENTO). AF_09/2021"},{"$f":"IF(C1769=0,\"\",VLOOKUP(C1769,BNCDADOS!$A:$G,3,0))","v":"UN"},16.5,{"$f":"IF(C1769=0,\"\",VLOOKUP(C1769,BNCDADOS!$A:$G,4,0))","v":"282,71"},{"$f":"IF(C1769=0,\"\",VLOOKUP(C1769,BNCDADOS!$A:$G,5,0))","v":349.68},5769.72,{"$f":"IF(C1769=0,\"\",VLOOKUP(C1769,BNCDADOS!$A:$G,6,0))","v":"268,05"},{"$f":"IF(C1769=0,\"\",VLOOKUP(C1769,BNCDADOS!$A:$G,7,0))","v":348.35},5747.77,{"$f":"SUMIF('MC - TRECHO 05'!A:A,Orçamento!A1769,'MC - TRECHO 05'!R:R)","v":16.5}]
["6.2.4.10",{"$f":"IF(C1770=0,\"\",VLOOKUP(C1770,BNCDADOS!$A:$H,8,0))","v":"SINAPI/RN\nSERVIÇO"},103115,{"$f":"IF(C1770=0,\"\",VLOOKUP(C1770,BNCDADOS!$A:$G,2,0))","v":"ASSENTAMENTO DE CONEXÃO COM 2 ACESSOS, FERRO FUNDIDO PARA REDE DE ÁGUA, DN  600 MM, JUNTA FLANGEADA (NÃO INCLUI O FORNECIMENTO). AF_09/2021"},{"$f":"IF(C1770=0,\"\",VLOOKUP(C1770,BNCDADOS!$A:$G,3,0))","v":"UN"},5,{"$f":"IF(C1770=0,\"\",VLOOKUP(C1770,BNCDADOS!$A:$G,4,0))","v":"418,28"},{"$f":"IF(C1770=0,\"\",VLOOKUP(C1770,BNCDADOS!$A:$G,5,0))","v":517.37},2586.85,{"$f":"IF(C1770=0,\"\",VLOOKUP(C1770,BNCDADOS!$A:$G,6,0))","v":"396,31"},{"$f":"IF(C1770=0,\"\",VLOOKUP(C1770,BNCDADOS!$A:$G,7,0))","v":515.04},2575.1999999999998,{"$f":"SUMIF('MC - TRECHO 05'!A:A,Orçamento!A1770,'MC - TRECHO 05'!R:R)","v":5}]
["6.2.4.11",{"$f":"IF(C1771=0,\"\",VLOOKUP(C1771,BNCDADOS!$A:$H,8,0))","v":"caern"},2060587,{"$f":"IF(C1771=0,\"\",VLOOKUP(C1771,BNCDADOS!$A:$G,2,0))","v":"ASSENTAMENTO DE REGISTRO DE GAVETA EM FERRO FUNDIDO COM FLANGES, DIAM. = 50MM A 150MM. INC_05/2020"},{"$f":"IF(C1771=0,\"\",VLOOKUP(C1771,BNCDADOS!$A:$G,3,0))","v":"UN "},12,{"$f":"IF(C1771=0,\"\",VLOOKUP(C1771,BNCDADOS!$A:$G,4,0))","v":14.120000000000001},{"$f":"IF(C1771=0,\"\",VLOOKUP(C1771,BNCDADOS!$A:$G,5,0))","v":17.46},209.52,{"$f":"IF(C1771=0,\"\",VLOOKUP(C1771,BNCDADOS!$A:$G,6,0))","v":12.68},{"$f":"IF(C1771=0,\"\",VLOOKUP(C1771,BNCDADOS!$A:$G,7,0))","v":16.47},197.64,{"$f":"SUMIF('MC - TRECHO 05'!A:A,Orçamento!A1771,'MC - TRECHO 05'!R:R)","v":12}]
["6.2.4.12",{"$f":"IF(C1772=0,\"\",VLOOKUP(C1772,BNCDADOS!$A:$H,8,0))","v":"caern"},2060589,{"$f":"IF(C1772=0,\"\",VLOOKUP(C1772,BNCDADOS!$A:$G,2,0))","v":"ASSENTAMENTO DE REGISTRO DE GAVETA EM FERRO FUNDIDO COM FLANGES, DIAM. = 350MM A 450MM. INC_05/2020"},{"$f":"IF(C1772=0,\"\",VLOOKUP(C1772,BNCDADOS!$A:$G,3,0))","v":"UN "},4,{"$f":"IF(C1772=0,\"\",VLOOKUP(C1772,BNCDADOS!$A:$G,4,0))","v":56.88},{"$f":"IF(C1772=0,\"\",VLOOKUP(C1772,BNCDADOS!$A:$G,5,0))","v":70.349999999999994},281.39999999999998,{"$f":"IF(C1772=0,\"\",VLOOKUP(C1772,BNCDADOS!$A:$G,6,0))","v":53.96},{"$f":"IF(C1772=0,\"\",VLOOKUP(C1772,BNCDADOS!$A:$G,7,0))","v":70.12},280.48,{"$f":"SUMIF('MC - TRECHO 05'!A:A,Orçamento!A1772,'MC - TRECHO 05'!R:R)","v":4}]
["6.2.4.13",{"$f":"IF(C1773=0,\"\",VLOOKUP(C1773,BNCDADOS!$A:$H,8,0))","v":"caern"},2060592,{"$f":"IF(C1773=0,\"\",VLOOKUP(C1773,BNCDADOS!$A:$G,2,0))","v":"ASSENTAMENTO DE VENTOSA EM FERRO FUNDIDO COM FLANGE, DIAM. = 50MM A 150MM. INC_05/2020"},{"$f":"IF(C1773=0,\"\",VLOOKUP(C1773,BNCDADOS!$A:$G,3,0))","v":"UN "},7,{"$f":"IF(C1773=0,\"\",VLOOKUP(C1773,BNCDADOS!$A:$G,4,0))","v":14.120000000000001},{"$f":"IF(C1773=0,\"\",VLOOKUP(C1773,BNCDADOS!$A:$G,5,0))","v":17.46},122.22,{"$f":"IF(C1773=0,\"\",VLOOKUP(C1773,BNCDADOS!$A:$G,6,0))","v":12.68},{"$f":"IF(C1773=0,\"\",VLOOKUP(C1773,BNCDADOS!$A:$G,7,0))","v":16.47},115.29,{"$f":"SUMIF('MC - TRECHO 05'!A:A,Orçamento!A1773,'MC - TRECHO 05'!R:R)","v":7}]
["6.2.4.14",{"$f":"IF(C1774=0,\"\",VLOOKUP(C1774,BNCDADOS!$A:$H,8,0))","v":"SINAPI/RN\nSERVIÇO"},100952,{"$f":"IF(C1774=0,\"\",VLOOKUP(C1774,BNCDADOS!$A:$G,2,0))","v":"TRANSPORTE COM CAMINHÃO CARROCERIA COM GUINDAUTO (MUNCK),  MOMENTO MÁXIMO DE CARGA 11,7 TM, EM VIA URBANA PAVIMENTADA, DMT ATÉ 30KM (UNIDADE: TXKM). AF_07/2020"},{"$f":"IF(C1774=0,\"\",VLOOKUP(C1774,BNCDADOS!$A:$G,3,0))","v":"TXKM"},25313.55,{"$f":"IF(C1774=0,\"\",VLOOKUP(C1774,BNCDADOS!$A:$G,4,0))","v":"2,94"},{"$f":"IF(C1774=0,\"\",VLOOKUP(C1774,BNCDADOS!$A:$G,5,0))","v":3.63},91888.18,{"$f":"IF(C1774=0,\"\",VLOOKUP(C1774,BNCDADOS!$A:$G,6,0))","v":"2,89"},{"$f":"IF(C1774=0,\"\",VLOOKUP(C1774,BNCDADOS!$A:$G,7,0))","v":3.75},94925.81,{"$f":"SUMIF('MC - TRECHO 05'!A:A,Orçamento!A1774,'MC - TRECHO 05'!R:R)","v":25313.55000000001}]
["6.2.5",{"$f":"IF(C1775=0,\"\",VLOOKUP(C1775,BNCDADOS!$A:$G,8,0))","v":""},null,"CAIXAS E BLOCOS DE ANCORAGEM",{"$f":"IF(C1775=0,\"\",VLOOKUP(C1775,BNCDADOS!$A:$G,3,0))","v":""},0,{"$f":"IF(C1775=0,\"\",VLOOKUP(C1775,BNCDADOS!$A:$G,4,0))","v":""},{"$f":"IF(C1775=0,\"\",VLOOKUP(C1775,BNCDADOS!$A:$G,5,0))","v":""},{"$f":"SUM(I1776:I1780)","v":891628.03999999992},{"$f":"IF(C1775=0,\"\",VLOOKUP(C1775,BNCDADOS!$A:$G,6,0))","v":""},{"$f":"IF(C1775=0,\"\",VLOOKUP(C1775,BNCDADOS!$A:$G,7,0))","v":""},{"$f":"SUM(L1776:L1780)","v":905284.52999999991},0]
["6.2.5.1",{"$f":"IF(C1776=0,\"\",VLOOKUP(C1776,BNCDADOS!$A:$H,8,0))","v":0},"COMP 03",{"$f":"IF(C1776=0,\"\",VLOOKUP(C1776,BNCDADOS!$A:$G,2,0))","v":"CAIXA ENTERRADA PARA INSTALAÇÃO DE VENTOSAS E DESCARGAS, DE DIVERSOS DIÂMETROS E MEDIDAS INTERNAS 3,0 X 3,0M"},{"$f":"IF(C1776=0,\"\",VLOOKUP(C1776,BNCDADOS!$A:$G,3,0))","v":"UN"},12,{"$f":"IF(C1776=0,\"\",VLOOKUP(C1776,BNCDADOS!$A:$G,4,0))","v":35231.47},{"$f":"IF(C1776=0,\"\",VLOOKUP(C1776,BNCDADOS!$A:$G,5,0))","v":43577.8},{"$f":"IF(H1776=\"\",0,TRUNC(H1776*F1776,2))","v":522933.6},{"$f":"IF(C1776=0,\"\",VLOOKUP(C1776,BNCDADOS!$A:$G,6,0))","v":34013},{"$f":"IF(C1776=0,\"\",VLOOKUP(C1776,BNCDADOS!$A:$G,7,0))","v":44203.29},{"$f":"IF(K1776=\"\",0,TRUNC(K1776*F1776,2))","v":530439.48},{"$f":"SUMIF('MC - TRECHO 05'!A:A,Orçamento!A1776,'MC - TRECHO 05'!R:R)","v":12}]
["6.2.5.2",{"$f":"IF(C1777=0,\"\",VLOOKUP(C1777,BNCDADOS!$A:$H,8,0))","v":0},"COMP 08",{"$f":"IF(C1777=0,\"\",VLOOKUP(C1777,BNCDADOS!$A:$G,2,0))","v":"CAIXA ENTERRADA PARA TRAVESSIAS PELO MÉTODO NÃO DESTRUTIVO, MEDINDO 6,60 X 5,40 M"},{"$f":"IF(C1777=0,\"\",VLOOKUP(C1777,BNCDADOS!$A:$G,3,0))","v":"UN"},2,{"$f":"IF(C1777=0,\"\",VLOOKUP(C1777,BNCDADOS!$A:$G,4,0))","v":108654.70000000001},{"$f":"IF(C1777=0,\"\",VLOOKUP(C1777,BNCDADOS!$A:$G,5,0))","v":134394.99},{"$f":"IF(H1777=\"\",0,TRUNC(H1777*F1777,2))","v":268789.98},{"$f":"IF(C1777=0,\"\",VLOOKUP(C1777,BNCDADOS!$A:$G,6,0))","v":105206.40000000002},{"$f":"IF(C1777=0,\"\",VLOOKUP(C1777,BNCDADOS!$A:$G,7,0))","v":136726.23000000001},{"$f":"IF(K1777=\"\",0,TRUNC(K1777*F1777,2))","v":273452.46000000002},{"$f":"SUMIF('MC - TRECHO 05'!A:A,Orçamento!A1777,'MC - TRECHO 05'!R:R)","v":2}]
["6.2.5.3",{"$f":"IF(C1778=0,\"\",VLOOKUP(C1778,BNCDADOS!$A:$H,8,0))","v":0},"COMP 09",{"$f":"IF(C1778=0,\"\",VLOOKUP(C1778,BNCDADOS!$A:$G,2,0))","v":"CAIXA ENTERRADA PARA DERIVAÇÃO DE SUB ADUTORAS"},{"$f":"IF(C1778=0,\"\",VLOOKUP(C1778,BNCDADOS!$A:$G,3,0))","v":"UN"},1,{"$f":"IF(C1778=0,\"\",VLOOKUP(C1778,BNCDADOS!$A:$G,4,0))","v":30600.59},{"$f":"IF(C1778=0,\"\",VLOOKUP(C1778,BNCDADOS!$A:$G,5,0))","v":37849.86},37849.86,{"$f":"IF(C1778=0,\"\",VLOOKUP(C1778,BNCDADOS!$A:$G,6,0))","v":29570.710000000003},{"$f":"IF(C1778=0,\"\",VLOOKUP(C1778,BNCDADOS!$A:$G,7,0))","v":38430.089999999997},38430.089999999997,{"$f":"SUMIF('MC - TRECHO 05'!A:A,Orçamento!A1778,'MC - TRECHO 05'!R:R)","v":1}]
["6.2.5.4",{"$f":"IF(C1779=0,\"\",VLOOKUP(C1779,BNCDADOS!$A:$H,8,0))","v":0},"COMP 04",{"$f":"IF(C1779=0,\"\",VLOOKUP(C1779,BNCDADOS!$A:$G,2,0))","v":"BLOCO DE ANCORAGEM ARMADO, PARA CURVA 11°, 22° E 45°, PARA O DIÂMETRO DE 400MM"},{"$f":"IF(C1779=0,\"\",VLOOKUP(C1779,BNCDADOS!$A:$G,3,0))","v":"UN"},6,{"$f":"IF(C1779=0,\"\",VLOOKUP(C1779,BNCDADOS!$A:$G,4,0))","v":481.25},{"$f":"IF(C1779=0,\"\",VLOOKUP(C1779,BNCDADOS!$A:$G,5,0))","v":595.25},3571.5,{"$f":"IF(C1779=0,\"\",VLOOKUP(C1779,BNCDADOS!$A:$G,6,0))","v":463.26},{"$f":"IF(C1779=0,\"\",VLOOKUP(C1779,BNCDADOS!$A:$G,7,0))","v":602.04999999999995},3612.3,{"$f":"SUMIF('MC - TRECHO 05'!A:A,Orçamento!A1779,'MC - TRECHO 05'!R:R)","v":6}]
["6.2.5.5",{"$f":"IF(C1780=0,\"\",VLOOKUP(C1780,BNCDADOS!$A:$H,8,0))","v":0},"COMP 26",{"$f":"IF(C1780=0,\"\",VLOOKUP(C1780,BNCDADOS!$A:$G,2,0))","v":"BLOCO DE ANCORAGEM ARMADO, PARA CURVA 11°, 22° E 45°, PARA O DIÂMETRO DE 600MM"},{"$f":"IF(C1780=0,\"\",VLOOKUP(C1780,BNCDADOS!$A:$G,3,0))","v":"UN"},26,{"$f":"IF(C1780=0,\"\",VLOOKUP(C1780,BNCDADOS!$A:$G,4,0))","v":1818.54},{"$f":"IF(C1780=0,\"\",VLOOKUP(C1780,BNCDADOS!$A:$G,5,0))","v":2249.35},58483.1,{"$f":"IF(C1780=0,\"\",VLOOKUP(C1780,BNCDADOS!$A:$G,6,0))","v":1756.47},{"$f":"IF(C1780=0,\"\",VLOOKUP(C1780,BNCDADOS!$A:$G,7,0))","v":2282.6999999999998},59350.2,{"$f":"SUMIF('MC - TRECHO 05'!A:A,Orçamento!A1780,'MC - TRECHO 05'!R:R)","v":26}]
["6.2.6",{"$f":"IF(C1781=0,\"\",VLOOKUP(C1781,BNCDADOS!$A:$G,8,0))","v":""},null,"DIVERSOS",{"$f":"IF(C1781=0,\"\",VLOOKUP(C1781,BNCDADOS!$A:$G,3,0))","v":""},0,{"$f":"IF(C1781=0,\"\",VLOOKUP(C1781,BNCDADOS!$A:$G,4,0))","v":""},{"$f":"IF(C1781=0,\"\",VLOOKUP(C1781,BNCDADOS!$A:$G,5,0))","v":""},{"$f":"SUM(I1782:I1783)","v":146126.91},{"$f":"IF(C1781=0,\"\",VLOOKUP(C1781,BNCDADOS!$A:$G,6,0))","v":""},{"$f":"IF(C1781=0,\"\",VLOOKUP(C1781,BNCDADOS!$A:$G,7,0))","v":""},{"$f":"SUM(L1782:L1783)","v":144551.89000000001},0]
["6.2.6.1",{"$f":"IF(C1782=0,\"\",VLOOKUP(C1782,BNCDADOS!$A:$H,8,0))","v":0},"COMP 05",{"$f":"IF(C1782=0,\"\",VLOOKUP(C1782,BNCDADOS!$A:$G,2,0))","v":"LIMPEZA, DESINFECÇÃO E TESTE DE REDES E ADUTORAS DE ABASTECIMENTO DE ÁGUA"},{"$f":"IF(C1782=0,\"\",VLOOKUP(C1782,BNCDADOS!$A:$G,3,0))","v":"M"},17500.23,{"$f":"IF(C1782=0,\"\",VLOOKUP(C1782,BNCDADOS!$A:$G,4,0))","v":5.16},{"$f":"IF(C1782=0,\"\",VLOOKUP(C1782,BNCDADOS!$A:$G,5,0))","v":6.38},{"$f":"IF(H1782=\"\",0,TRUNC(H1782*F1782,2))","v":111651.46},{"$f":"IF(C1782=0,\"\",VLOOKUP(C1782,BNCDADOS!$A:$G,6,0))","v":4.9399999999999995},{"$f":"IF(C1782=0,\"\",VLOOKUP(C1782,BNCDADOS!$A:$G,7,0))","v":6.42},{"$f":"IF(K1782=\"\",0,TRUNC(K1782*F1782,2))","v":112351.47},{"$f":"SUMIF('MC - TRECHO 05'!A:A,Orçamento!A1782,'MC - TRECHO 05'!R:R)","v":17500.23}]
["6.2.6.2",{"$f":"IF(C1783=0,\"\",VLOOKUP(C1783,BNCDADOS!$A:$H,8,0))","v":"caern"},2220075,{"$f":"IF(C1783=0,\"\",VLOOKUP(C1783,BNCDADOS!$A:$G,2,0))","v":"CADASTRO DE ADUTORAS, COLETORES, INTERCEPTORES E EMISSÁRIOS - INCLUSIVE DESENHISTA. R_11/2021"},{"$f":"IF(C1783=0,\"\",VLOOKUP(C1783,BNCDADOS!$A:$G,3,0))","v":"M"},17500.23,{"$f":"IF(C1783=0,\"\",VLOOKUP(C1783,BNCDADOS!$A:$G,4,0))","v":1.6},{"$f":"IF(C1783=0,\"\",VLOOKUP(C1783,BNCDADOS!$A:$G,5,0))","v":1.97},{"$f":"IF(H1783=\"\",0,TRUNC(H1783*F1783,2))","v":34475.449999999997},{"$f":"IF(C1783=0,\"\",VLOOKUP(C1783,BNCDADOS!$A:$G,6,0))","v":1.4200000000000002},{"$f":"IF(C1783=0,\"\",VLOOKUP(C1783,BNCDADOS!$A:$G,7,0))","v":1.84},{"$f":"IF(K1783=\"\",0,TRUNC(K1783*F1783,2))","v":32200.42},{"$f":"SUMIF('MC - TRECHO 05'!A:A,Orçamento!A1783,'MC - TRECHO 05'!R:R)","v":17500.23}]
[null,{"$f":"IF(C1784=0,\"\",VLOOKUP(C1784,BNCDADOS!$A:$H,8,0))","v":""},null,{"$f":"IF(C1784=0,\"\",VLOOKUP(C1784,BNCDADOS!$A:$G,2,0))","v":""},{"$f":"IF(C1784=0,\"\",VLOOKUP(C1784,BNCDADOS!$A:$G,3,0))","v":""},0,{"$f":"IF(C1784=0,\"\",VLOOKUP(C1784,BNCDADOS!$A:$G,4,0))","v":""},{"$f":"IF(C1784=0,\"\",VLOOKUP(C1784,BNCDADOS!$A:$G,5,0))","v":""},{"$f":"IF(H1784=\"\",0,TRUNC(H1784*F1784,2))","v":0},{"$f":"IF(C1784=0,\"\",VLOOKUP(C1784,BNCDADOS!$A:$G,6,0))","v":""},{"$f":"IF(C1784=0,\"\",VLOOKUP(C1784,BNCDADOS!$A:$G,7,0))","v":""},{"$f":"IF(K1784=\"\",0,TRUNC(K1784*F1784,2))","v":0},0]
["6.3",null,null,"SERVIÇOS_EEAT 05_PASSA E FICA",{"$nulls":4},{"$f":"SUM(I1786,I1788,I1799,I1813,I1838,I1849,I1852,I1856,I1861,I1866,I1872,I1904,I1906,I1914,)","v":3666283.9900000007},null,null,{"$f":"SUM(L1786,L1788,L1799,L1813,L1838,L1849,L1852,L1856,L1861,L1866,L1872,L1904,L1906,L1914,)","v":3771825.0600000005},0]
["6.3.1",{"$f":"IF(C1786=0,\"\",VLOOKUP(C1786,BNCDADOS!$A:$G,8,0))","v":""},null,"SERVIÇOS PRELIMINARES",{"$f":"IF(C1786=0,\"\",VLOOKUP(C1786,BNCDADOS!$A:$G,3,0))","v":""},{"$f":"TRUNC(M1786,2)","v":0},{"$f":"IF(C1786=0,\"\",VLOOKUP(C1786,BNCDADOS!$A:$G,4,0))","v":""},{"$f":"IF(C1786=0,\"\",VLOOKUP(C1786,BNCDADOS!$A:$G,5,0))","v":""},{"$f":"SUM(I1787)","v":455179.2},{"$f":"IF(C1786=0,\"\",VLOOKUP(C1786,BNCDADOS!$A:$G,6,0))","v":""},{"$f":"IF(C1786=0,\"\",VLOOKUP(C1786,BNCDADOS!$A:$G,7,0))","v":""},{"$f":"SUM(L1787)","v":478252.79999999999}]
["6.3.1.1",{"$f":"IF(C1787=0,\"\",VLOOKUP(C1787,BNCDADOS!$A:$H,8,0))","v":0},"DSP. EEAT05",{"$f":"IF(C1787=0,\"\",VLOOKUP(C1787,BNCDADOS!$A:$G,2,0))","v":"DESAPROPRIAÇÃO DE ÁREA PARA CONSTRUÇÃO DA ESTAÇÃO ELEVATÓRIA DE ÁGUA TRATADA, COM ÁREA DE 2.400 M²"},{"$f":"IF(C1787=0,\"\",VLOOKUP(C1787,BNCDADOS!$A:$G,3,0))","v":"UN"},1,{"$f":"IF(C1787=0,\"\",VLOOKUP(C1787,BNCDADOS!$A:$G,4,0))","v":368000},{"$f":"IF(C1787=0,\"\",VLOOKUP(C1787,BNCDADOS!$A:$G,5,0))","v":455179.2},{"$f":"IF(H1787=\"\",0,TRUNC(H1787*F1787,2))","v":455179.2},{"$f":"IF(C1787=0,\"\",VLOOKUP(C1787,BNCDADOS!$A:$G,6,0))","v":368000},{"$f":"IF(C1787=0,\"\",VLOOKUP(C1787,BNCDADOS!$A:$G,7,0))","v":478252.79999999999},{"$f":"IF(K1787=\"\",0,TRUNC(K1787*F1787,2))","v":478252.79999999999},{"$f":"SUMIF('MC - TRECHO 05'!A:A,Orçamento!A1787,'MC - TRECHO 05'!R:R)","v":1}]
["6.3.2",{"$f":"IF(C1788=0,\"\",VLOOKUP(C1788,BNCDADOS!$A:$G,8,0))","v":""},null,"SERVIÇOS PRELIMINARES",{"$f":"IF(C1788=0,\"\",VLOOKUP(C1788,BNCDADOS!$A:$G,3,0))","v":""},0,{"$f":"IF(C1788=0,\"\",VLOOKUP(C1788,BNCDADOS!$A:$G,4,0))","v":""},{"$f":"IF(C1788=0,\"\",VLOOKUP(C1788,BNCDADOS!$A:$G,5,0))","v":""},{"$f":"SUM(I1789:I1798)","v":225530.83},{"$f":"IF(C1788=0,\"\",VLOOKUP(C1788,BNCDADOS!$A:$G,6,0))","v":""},{"$f":"IF(C1788=0,\"\",VLOOKUP(C1788,BNCDADOS!$A:$G,7,0))","v":""},{"$f":"SUM(L1789:L1798)","v":230719.19999999998},0]
["6.3.2.1",{"$f":"IF(C1789=0,\"\",VLOOKUP(C1789,BNCDADOS!$A:$H,8,0))","v":"SINAPI/RN\nSERVIÇO"},98525,{"$f":"IF(C1789=0,\"\",VLOOKUP(C1789,BNCDADOS!$A:$G,2,0))","v":"LIMPEZA MECANIZADA DE CAMADA VEGETAL, VEGETAÇÃO E PEQUENAS ÁRVORES (DIÂMETRO DE TRONCO MENOR QUE 0,20 M), COM TRATOR DE ESTEIRAS. AF_03/2024"},{"$f":"IF(C1789=0,\"\",VLOOKUP(C1789,BNCDADOS!$A:$G,3,0))","v":"M2"},2400,{"$f":"IF(C1789=0,\"\",VLOOKUP(C1789,BNCDADOS!$A:$G,4,0))","v":"0,61"},{"$f":"IF(C1789=0,\"\",VLOOKUP(C1789,BNCDADOS!$A:$G,5,0))","v":0.75},{"$f":"IF(H1789=\"\",0,TRUNC(H1789*F1789,2))","v":1800},{"$f":"IF(C1789=0,\"\",VLOOKUP(C1789,BNCDADOS!$A:$G,6,0))","v":"0,58"},{"$f":"IF(C1789=0,\"\",VLOOKUP(C1789,BNCDADOS!$A:$G,7,0))","v":0.75},{"$f":"IF(K1789=\"\",0,TRUNC(K1789*F1789,2))","v":1800},{"$f":"SUMIF('MC - TRECHO 05'!A:A,Orçamento!A1789,'MC - TRECHO 05'!R:R)","v":2400}]
["6.3.2.2",{"$f":"IF(C1790=0,\"\",VLOOKUP(C1790,BNCDADOS!$A:$H,8,0))","v":"SINAPI/RN\nSERVIÇO"},98527,{"$f":"IF(C1790=0,\"\",VLOOKUP(C1790,BNCDADOS!$A:$G,2,0))","v":"REMOÇÃO DE RAÍZES REMANESCENTES DE TRONCO DE ÁRVORE COM DIÂMETRO MAIOR OU IGUAL A 0,40 M E MENOR QUE 0,60 M. AF_03/2024"},{"$f":"IF(C1790=0,\"\",VLOOKUP(C1790,BNCDADOS!$A:$G,3,0))","v":"UN"},120,{"$f":"IF(C1790=0,\"\",VLOOKUP(C1790,BNCDADOS!$A:$G,4,0))","v":"209,89"},{"$f":"IF(C1790=0,\"\",VLOOKUP(C1790,BNCDADOS!$A:$G,5,0))","v":259.61},31153.200000000001,{"$f":"IF(C1790=0,\"\",VLOOKUP(C1790,BNCDADOS!$A:$G,6,0))","v":"195,46"},{"$f":"IF(C1790=0,\"\",VLOOKUP(C1790,BNCDADOS!$A:$G,7,0))","v":254.01},30481.200000000001,{"$f":"SUMIF('MC - TRECHO 05'!A:A,Orçamento!A1790,'MC - TRECHO 05'!R:R)","v":120}]
["6.3.2.3",{"$f":"IF(C1791=0,\"\",VLOOKUP(C1791,BNCDADOS!$A:$H,8,0))","v":"SINAPI/RN\nSERVIÇO"},100982,{"$f":"IF(C1791=0,\"\",VLOOKUP(C1791,BNCDADOS!$A:$G,2,0))","v":"CARGA, MANOBRA E DESCARGA DE ENTULHO EM CAMINHÃO BASCULANTE 10 M³ - CARGA COM ESCAVADEIRA HIDRÁULICA  (CAÇAMBA DE 0,80 M³ / 111 HP) E DESCARGA LIVRE (UNIDADE: M3). AF_07/2020"},{"$f":"IF(C1791=0,\"\",VLOOKUP(C1791,BNCDADOS!$A:$G,3,0))","v":"M3"},1200,{"$f":"IF(C1791=0,\"\",VLOOKUP(C1791,BNCDADOS!$A:$G,4,0))","v":"9,22"},{"$f":"IF(C1791=0,\"\",VLOOKUP(C1791,BNCDADOS!$A:$G,5,0))","v":11.4},13680,{"$f":"IF(C1791=0,\"\",VLOOKUP(C1791,BNCDADOS!$A:$G,6,0))","v":"9,04"},{"$f":"IF(C1791=0,\"\",VLOOKUP(C1791,BNCDADOS!$A:$G,7,0))","v":11.74},14088,{"$f":"SUMIF('MC - TRECHO 05'!A:A,Orçamento!A1791,'MC - TRECHO 05'!R:R)","v":1200}]
["6.3.2.4",{"$f":"IF(C1792=0,\"\",VLOOKUP(C1792,BNCDADOS!$A:$H,8,0))","v":"SINAPI/RN\nSERVIÇO"},93591,{"$f":"IF(C1792=0,\"\",VLOOKUP(C1792,BNCDADOS!$A:$G,2,0))","v":"TRANSPORTE COM CAMINHÃO BASCULANTE DE 14 M³, EM VIA URBANA EM LEITO NATURAL (UNIDADE: M3XKM). AF_07/2020"},{"$f":"IF(C1792=0,\"\",VLOOKUP(C1792,BNCDADOS!$A:$G,3,0))","v":"M3XKM"},7560,{"$f":"IF(C1792=0,\"\",VLOOKUP(C1792,BNCDADOS!$A:$G,4,0))","v":"2,83"},{"$f":"IF(C1792=0,\"\",VLOOKUP(C1792,BNCDADOS!$A:$G,5,0))","v":3.5},26460,{"$f":"IF(C1792=0,\"\",VLOOKUP(C1792,BNCDADOS!$A:$G,6,0))","v":"2,80"},{"$f":"IF(C1792=0,\"\",VLOOKUP(C1792,BNCDADOS!$A:$G,7,0))","v":3.63},27442.799999999999,{"$f":"SUMIF('MC - TRECHO 05'!A:A,Orçamento!A1792,'MC - TRECHO 05'!R:R)","v":7560}]
["6.3.2.5",{"$f":"IF(C1793=0,\"\",VLOOKUP(C1793,BNCDADOS!$A:$H,8,0))","v":"SINAPI/RN\nSERVIÇO"},93592,{"$f":"IF(C1793=0,\"\",VLOOKUP(C1793,BNCDADOS!$A:$G,2,0))","v":"TRANSPORTE COM CAMINHÃO BASCULANTE DE 14 M³, EM VIA URBANA EM REVESTIMENTO PRIMÁRIO (UNIDADE: M3XKM). AF_07/2020"},{"$f":"IF(C1793=0,\"\",VLOOKUP(C1793,BNCDADOS!$A:$G,3,0))","v":"M3XKM"},15120,{"$f":"IF(C1793=0,\"\",VLOOKUP(C1793,BNCDADOS!$A:$G,4,0))","v":"2,45"},{"$f":"IF(C1793=0,\"\",VLOOKUP(C1793,BNCDADOS!$A:$G,5,0))","v":3.03},45813.599999999999,{"$f":"IF(C1793=0,\"\",VLOOKUP(C1793,BNCDADOS!$A:$G,6,0))","v":"2,42"},{"$f":"IF(C1793=0,\"\",VLOOKUP(C1793,BNCDADOS!$A:$G,7,0))","v":3.14},47476.800000000003,{"$f":"SUMIF('MC - TRECHO 05'!A:A,Orçamento!A1793,'MC - TRECHO 05'!R:R)","v":15120}]
["6.3.2.6",{"$f":"IF(C1794=0,\"\",VLOOKUP(C1794,BNCDADOS!$A:$H,8,0))","v":"SINAPI/RN\nSERVIÇO"},98459,{"$f":"IF(C1794=0,\"\",VLOOKUP(C1794,BNCDADOS!$A:$G,2,0))","v":"TAPUME COM TELHA METÁLICA. AF_03/2024"},{"$f":"IF(C1794=0,\"\",VLOOKUP(C1794,BNCDADOS!$A:$G,3,0))","v":"M2"},437.84,{"$f":"IF(C1794=0,\"\",VLOOKUP(C1794,BNCDADOS!$A:$G,4,0))","v":"101,37"},{"$f":"IF(C1794=0,\"\",VLOOKUP(C1794,BNCDADOS!$A:$G,5,0))","v":125.38},54896.37,{"$f":"IF(C1794=0,\"\",VLOOKUP(C1794,BNCDADOS!$A:$G,6,0))","v":"98,15"},{"$f":"IF(C1794=0,\"\",VLOOKUP(C1794,BNCDADOS!$A:$G,7,0))","v":127.55},55846.49,{"$f":"SUMIF('MC - TRECHO 05'!A:A,Orçamento!A1794,'MC - TRECHO 05'!R:R)","v":437.84}]
["6.3.2.7",{"$f":"IF(C1795=0,\"\",VLOOKUP(C1795,BNCDADOS!$A:$H,8,0))","v":"SINAPI/RN\nSERVIÇO"},99059,{"$f":"IF(C1795=0,\"\",VLOOKUP(C1795,BNCDADOS!$A:$G,2,0))","v":"LOCAÇÃO CONVENCIONAL DE OBRA, UTILIZANDO GABARITO DE TÁBUAS CORRIDAS PONTALETADAS A CADA 2,00M -  2 UTILIZAÇÕES. AF_03/2024"},{"$f":"IF(C1795=0,\"\",VLOOKUP(C1795,BNCDADOS!$A:$G,3,0))","v":"M"},150.6,{"$f":"IF(C1795=0,\"\",VLOOKUP(C1795,BNCDADOS!$A:$G,4,0))","v":"68,49"},{"$f":"IF(C1795=0,\"\",VLOOKUP(C1795,BNCDADOS!$A:$G,5,0))","v":84.71},12757.32,{"$f":"IF(C1795=0,\"\",VLOOKUP(C1795,BNCDADOS!$A:$G,6,0))","v":"64,82"},{"$f":"IF(C1795=0,\"\",VLOOKUP(C1795,BNCDADOS!$A:$G,7,0))","v":84.24},12686.54,{"$f":"SUMIF('MC - TRECHO 05'!A:A,Orçamento!A1795,'MC - TRECHO 05'!R:R)","v":150.60000000000002}]
["6.3.2.8",{"$f":"IF(C1796=0,\"\",VLOOKUP(C1796,BNCDADOS!$A:$H,8,0))","v":"caern"},2010050,{"$f":"IF(C1796=0,\"\",VLOOKUP(C1796,BNCDADOS!$A:$G,2,0))","v":"LOCAÇÃO DE ADUTORAS, COLETORES TRONCO E INTERCEPTORES - COM AUXÍLIO DE EQUIPAMENTO TOPOGRÁFICO. R_11/2018"},{"$f":"IF(C1796=0,\"\",VLOOKUP(C1796,BNCDADOS!$A:$G,3,0))","v":"M"},79.400000000000006,{"$f":"IF(C1796=0,\"\",VLOOKUP(C1796,BNCDADOS!$A:$G,4,0))","v":2.56},{"$f":"IF(C1796=0,\"\",VLOOKUP(C1796,BNCDADOS!$A:$G,5,0))","v":3.16},250.9,{"$f":"IF(C1796=0,\"\",VLOOKUP(C1796,BNCDADOS!$A:$G,6,0))","v":2.2400000000000002},{"$f":"IF(C1796=0,\"\",VLOOKUP(C1796,BNCDADOS!$A:$G,7,0))","v":2.91},231.05,{"$f":"SUMIF('MC - TRECHO 05'!A:A,Orçamento!A1796,'MC - TRECHO 05'!R:R)","v":79.400000000000006}]
["6.3.2.9",{"$f":"IF(C1797=0,\"\",VLOOKUP(C1797,BNCDADOS!$A:$H,8,0))","v":0},"COMP 13",{"$f":"IF(C1797=0,\"\",VLOOKUP(C1797,BNCDADOS!$A:$G,2,0))","v":"LOCAÇÃO DE CONTÊINER ALMOXARIFADO COM PISO NAVAL - 6,00M X 2,35M - PARA USO EM CANTEIRO DE OBRAS"},{"$f":"IF(C1797=0,\"\",VLOOKUP(C1797,BNCDADOS!$A:$G,3,0))","v":"UM X MÊS"},24,{"$f":"IF(C1797=0,\"\",VLOOKUP(C1797,BNCDADOS!$A:$G,4,0))","v":800.6},{"$f":"IF(C1797=0,\"\",VLOOKUP(C1797,BNCDADOS!$A:$G,5,0))","v":990.26},23766.240000000002,{"$f":"IF(C1797=0,\"\",VLOOKUP(C1797,BNCDADOS!$A:$G,6,0))","v":800.6},{"$f":"IF(C1797=0,\"\",VLOOKUP(C1797,BNCDADOS!$A:$G,7,0))","v":1040.45},24970.799999999999,{"$f":"SUMIF('MC - TRECHO 05'!A:A,Orçamento!A1797,'MC - TRECHO 05'!R:R)","v":24}]
["6.3.2.10",{"$f":"IF(C1798=0,\"\",VLOOKUP(C1798,BNCDADOS!$A:$H,8,0))","v":0},"COMP 01",{"$f":"IF(C1798=0,\"\",VLOOKUP(C1798,BNCDADOS!$A:$G,2,0))","v":"CANTEIRO ITINERANTE COMPOSTO DE TOLDO, CONJUNTO DE MESA E CADEIRAS E BANHEIRO QUÍMICO COM LIMPEZA DIÁRIA INCLUSO COLETA E DESTINAÇÃO FINAL DE EFLUENTES"},{"$f":"IF(C1798=0,\"\",VLOOKUP(C1798,BNCDADOS!$A:$G,3,0))","v":"UN"},12,{"$f":"IF(C1798=0,\"\",VLOOKUP(C1798,BNCDADOS!$A:$G,4,0))","v":1007.4399999999999},{"$f":"IF(C1798=0,\"\",VLOOKUP(C1798,BNCDADOS!$A:$G,5,0))","v":1246.0999999999999},14953.2,{"$f":"IF(C1798=0,\"\",VLOOKUP(C1798,BNCDADOS!$A:$G,6,0))","v":1006.4399999999999},{"$f":"IF(C1798=0,\"\",VLOOKUP(C1798,BNCDADOS!$A:$G,7,0))","v":1307.96},15695.52,{"$f":"SUMIF('MC - TRECHO 05'!A:A,Orçamento!A1798,'MC - TRECHO 05'!R:R)","v":12}]
["6.3.3",{"$f":"IF(C1799=0,\"\",VLOOKUP(C1799,BNCDADOS!$A:$G,8,0))","v":""},null,"TRABALHOS EM TERRA",{"$f":"IF(C1799=0,\"\",VLOOKUP(C1799,BNCDADOS!$A:$G,3,0))","v":""},0,{"$f":"IF(C1799=0,\"\",VLOOKUP(C1799,BNCDADOS!$A:$G,4,0))","v":""},{"$f":"IF(C1799=0,\"\",VLOOKUP(C1799,BNCDADOS!$A:$G,5,0))","v":""},{"$f":"SUM(I1801:I1812)","v":362220.29},{"$f":"IF(C1799=0,\"\",VLOOKUP(C1799,BNCDADOS!$A:$G,6,0))","v":""},{"$f":"IF(C1799=0,\"\",VLOOKUP(C1799,BNCDADOS!$A:$G,7,0))","v":""},{"$f":"SUM(L1801:L1812)","v":372509.79},0]
[null,{"$f":"IF(C1800=0,\"\",VLOOKUP(C1800,BNCDADOS!$A:$G,8,0))","v":""},null,"ATERRO DA ÁREA",{"$f":"IF(C1800=0,\"\",VLOOKUP(C1800,BNCDADOS!$A:$G,3,0))","v":""},0,{"$f":"IF(C1800=0,\"\",VLOOKUP(C1800,BNCDADOS!$A:$G,4,0))","v":""},{"$nulls":5},0]
["6.3.3.1",{"$f":"IF(C1801=0,\"\",VLOOKUP(C1801,BNCDADOS!$A:$H,8,0))","v":"SINAPI/RN\nSERVIÇO"},96385,{"$f":"IF(C1801=0,\"\",VLOOKUP(C1801,BNCDADOS!$A:$G,2,0))","v":"EXECUÇÃO E COMPACTAÇÃO DE ATERRO COM SOLO PREDOMINANTEMENTE ARGILOSO - EXCLUSIVE SOLO, ESCAVAÇÃO, CARGA E TRANSPORTE. AF_11/2019"},{"$f":"IF(C1801=0,\"\",VLOOKUP(C1801,BNCDADOS!$A:$G,3,0))","v":"M3"},3237.58,{"$f":"IF(C1801=0,\"\",VLOOKUP(C1801,BNCDADOS!$A:$G,4,0))","v":"11,83"},{"$f":"IF(C1801=0,\"\",VLOOKUP(C1801,BNCDADOS!$A:$G,5,0))","v":14.63},{"$f":"IF(H1801=\"\",0,TRUNC(H1801*F1801,2))","v":47365.79},{"$f":"IF(C1801=0,\"\",VLOOKUP(C1801,BNCDADOS!$A:$G,6,0))","v":"11,38"},{"$f":"IF(C1801=0,\"\",VLOOKUP(C1801,BNCDADOS!$A:$G,7,0))","v":14.78},{"$f":"IF(K1801=\"\",0,TRUNC(K1801*F1801,2))","v":47851.43},{"$f":"SUMIF('MC - TRECHO 05'!A:A,Orçamento!A1801,'MC - TRECHO 05'!R:R)","v":3237.58}]
["6.3.3.2",{"$f":"IF(C1802=0,\"\",VLOOKUP(C1802,BNCDADOS!$A:$H,8,0))","v":"SINAPI/RN\nSERVIÇO"},101232,{"$f":"IF(C1802=0,\"\",VLOOKUP(C1802,BNCDADOS!$A:$G,2,0))","v":"ESCAVAÇÃO VERTICAL PARA INFRAESTRUTURA, COM CARGA, DESCARGA E TRANSPORTE DE SOLO DE 1ª CATEGORIA, COM ESCAVADEIRA HIDRÁULICA (CAÇAMBA: 1,2 M³ / 155 HP), FROTA DE 3 CAMINHÕES BASCULANTES DE 14 M³, DMT ATÉ 1 KM E VELOCIDADE MÉDIA14 KM/H. AF_05/2020"},{"$f":"IF(C1802=0,\"\",VLOOKUP(C1802,BNCDADOS!$A:$G,3,0))","v":"M3"},3237.58,{"$f":"IF(C1802=0,\"\",VLOOKUP(C1802,BNCDADOS!$A:$G,4,0))","v":"9,80"},{"$f":"IF(C1802=0,\"\",VLOOKUP(C1802,BNCDADOS!$A:$G,5,0))","v":12.12},39239.46,{"$f":"IF(C1802=0,\"\",VLOOKUP(C1802,BNCDADOS!$A:$G,6,0))","v":"9,66"},{"$f":"IF(C1802=0,\"\",VLOOKUP(C1802,BNCDADOS!$A:$G,7,0))","v":12.55},40631.620000000003,{"$f":"SUMIF('MC - TRECHO 05'!A:A,Orçamento!A1802,'MC - TRECHO 05'!R:R)","v":3237.58}]
["6.3.3.3",{"$f":"IF(C1803=0,\"\",VLOOKUP(C1803,BNCDADOS!$A:$H,8,0))","v":"SINAPI/RN\nSERVIÇO"},93591,{"$f":"IF(C1803=0,\"\",VLOOKUP(C1803,BNCDADOS!$A:$G,2,0))","v":"TRANSPORTE COM CAMINHÃO BASCULANTE DE 14 M³, EM VIA URBANA EM LEITO NATURAL (UNIDADE: M3XKM). AF_07/2020"},{"$f":"IF(C1803=0,\"\",VLOOKUP(C1803,BNCDADOS!$A:$G,3,0))","v":"M3XKM"},19425.48,{"$f":"IF(C1803=0,\"\",VLOOKUP(C1803,BNCDADOS!$A:$G,4,0))","v":"2,83"},{"$f":"IF(C1803=0,\"\",VLOOKUP(C1803,BNCDADOS!$A:$G,5,0))","v":3.5},67989.179999999993,{"$f":"IF(C1803=0,\"\",VLOOKUP(C1803,BNCDADOS!$A:$G,6,0))","v":"2,80"},{"$f":"IF(C1803=0,\"\",VLOOKUP(C1803,BNCDADOS!$A:$G,7,0))","v":3.63},70514.490000000005,{"$f":"SUMIF('MC - TRECHO 05'!A:A,Orçamento!A1803,'MC - TRECHO 05'!R:R)","v":19425.479999999996}]
["6.3.3.4",{"$f":"IF(C1804=0,\"\",VLOOKUP(C1804,BNCDADOS!$A:$H,8,0))","v":"SINAPI/RN\nSERVIÇO"},93592,{"$f":"IF(C1804=0,\"\",VLOOKUP(C1804,BNCDADOS!$A:$G,2,0))","v":"TRANSPORTE COM CAMINHÃO BASCULANTE DE 14 M³, EM VIA URBANA EM REVESTIMENTO PRIMÁRIO (UNIDADE: M3XKM). AF_07/2020"},{"$f":"IF(C1804=0,\"\",VLOOKUP(C1804,BNCDADOS!$A:$G,3,0))","v":"M3XKM"},38850.959999999999,{"$f":"IF(C1804=0,\"\",VLOOKUP(C1804,BNCDADOS!$A:$G,4,0))","v":"2,45"},{"$f":"IF(C1804=0,\"\",VLOOKUP(C1804,BNCDADOS!$A:$G,5,0))","v":3.03},117718.39999999999,{"$f":"IF(C1804=0,\"\",VLOOKUP(C1804,BNCDADOS!$A:$G,6,0))","v":"2,42"},{"$f":"IF(C1804=0,\"\",VLOOKUP(C1804,BNCDADOS!$A:$G,7,0))","v":3.14},121992.01,{"$f":"SUMIF('MC - TRECHO 05'!A:A,Orçamento!A1804,'MC - TRECHO 05'!R:R)","v":38850.959999999992}]
["6.3.3.5",{"$f":"IF(C1805=0,\"\",VLOOKUP(C1805,BNCDADOS!$A:$H,8,0))","v":"SINAPI/RN\nSERVIÇO"},98520,{"$f":"IF(C1805=0,\"\",VLOOKUP(C1805,BNCDADOS!$A:$G,2,0))","v":"APLICAÇÃO DE ADUBO EM SOLO. AF_07/2024"},{"$f":"IF(C1805=0,\"\",VLOOKUP(C1805,BNCDADOS!$A:$G,3,0))","v":"M2"},160,{"$f":"IF(C1805=0,\"\",VLOOKUP(C1805,BNCDADOS!$A:$G,4,0))","v":"6,22"},{"$f":"IF(C1805=0,\"\",VLOOKUP(C1805,BNCDADOS!$A:$G,5,0))","v":7.69},1230.4000000000001,{"$f":"IF(C1805=0,\"\",VLOOKUP(C1805,BNCDADOS!$A:$G,6,0))","v":"6,09"},{"$f":"IF(C1805=0,\"\",VLOOKUP(C1805,BNCDADOS!$A:$G,7,0))","v":7.91},1265.5999999999999,{"$f":"SUMIF('MC - TRECHO 05'!A:A,Orçamento!A1805,'MC - TRECHO 05'!R:R)","v":160}]
["6.3.3.6",{"$f":"IF(C1806=0,\"\",VLOOKUP(C1806,BNCDADOS!$A:$H,8,0))","v":"SINAPI/RN\nSERVIÇO"},98504,{"$f":"IF(C1806=0,\"\",VLOOKUP(C1806,BNCDADOS!$A:$G,2,0))","v":"PLANTIO DE GRAMA BATATAIS EM PLACAS. AF_07/2024"},{"$f":"IF(C1806=0,\"\",VLOOKUP(C1806,BNCDADOS!$A:$G,3,0))","v":"M2"},160,{"$f":"IF(C1806=0,\"\",VLOOKUP(C1806,BNCDADOS!$A:$G,4,0))","v":"13,41"},{"$f":"IF(C1806=0,\"\",VLOOKUP(C1806,BNCDADOS!$A:$G,5,0))","v":16.579999999999998},2652.8,{"$f":"IF(C1806=0,\"\",VLOOKUP(C1806,BNCDADOS!$A:$G,6,0))","v":"13,08"},{"$f":"IF(C1806=0,\"\",VLOOKUP(C1806,BNCDADOS!$A:$G,7,0))","v":16.989999999999998},2718.4,{"$f":"SUMIF('MC - TRECHO 05'!A:A,Orçamento!A1806,'MC - TRECHO 05'!R:R)","v":160}]
[null,{"$f":"IF(C1807=0,\"\",VLOOKUP(C1807,BNCDADOS!$A:$G,8,0))","v":""},null,"SERVIÇOS DE TERRA PARA A EXECUÇÃO DAS ESTRUTURAS",{"$f":"IF(C1807=0,\"\",VLOOKUP(C1807,BNCDADOS!$A:$G,3,0))","v":""},0,{"$f":"IF(C1807=0,\"\",VLOOKUP(C1807,BNCDADOS!$A:$G,4,0))","v":""},{"$nulls":5},0]
["6.3.3.7",{"$f":"IF(C1808=0,\"\",VLOOKUP(C1808,BNCDADOS!$A:$H,8,0))","v":"SINAPI/RN\nSERVIÇO"},96525,{"$f":"IF(C1808=0,\"\",VLOOKUP(C1808,BNCDADOS!$A:$G,2,0))","v":"ESCAVAÇÃO MECANIZADA PARA VIGA BALDRAME OU SAPATA CORRIDA COM MINI-ESCAVADEIRA (INCLUINDO ESCAVAÇÃO PARA COLOCAÇÃO DE FÔRMAS). AF_01/2024"},{"$f":"IF(C1808=0,\"\",VLOOKUP(C1808,BNCDADOS!$A:$G,3,0))","v":"M3"},105.56,{"$f":"IF(C1808=0,\"\",VLOOKUP(C1808,BNCDADOS!$A:$G,4,0))","v":"55,00"},{"$f":"IF(C1808=0,\"\",VLOOKUP(C1808,BNCDADOS!$A:$G,5,0))","v":68.02},{"$f":"IF(H1808=\"\",0,TRUNC(H1808*F1808,2))","v":7180.19},{"$f":"IF(C1808=0,\"\",VLOOKUP(C1808,BNCDADOS!$A:$G,6,0))","v":"52,42"},{"$f":"IF(C1808=0,\"\",VLOOKUP(C1808,BNCDADOS!$A:$G,7,0))","v":68.12},{"$f":"IF(K1808=\"\",0,TRUNC(K1808*F1808,2))","v":7190.74},{"$f":"SUMIF('MC - TRECHO 05'!A:A,Orçamento!A1808,'MC - TRECHO 05'!R:R)","v":105.56800000000001}]
["6.3.3.8",{"$f":"IF(C1809=0,\"\",VLOOKUP(C1809,BNCDADOS!$A:$H,8,0))","v":"SINAPI/RN\nSERVIÇO"},93382,{"$f":"IF(C1809=0,\"\",VLOOKUP(C1809,BNCDADOS!$A:$G,2,0))","v":"REATERRO MANUAL DE VALAS, COM COMPACTADOR DE SOLOS DE PERCUSSÃO. AF_08/2023"},{"$f":"IF(C1809=0,\"\",VLOOKUP(C1809,BNCDADOS!$A:$G,3,0))","v":"M3"},87.4,{"$f":"IF(C1809=0,\"\",VLOOKUP(C1809,BNCDADOS!$A:$G,4,0))","v":"25,08"},{"$f":"IF(C1809=0,\"\",VLOOKUP(C1809,BNCDADOS!$A:$G,5,0))","v":31.02},{"$f":"IF(H1809=\"\",0,TRUNC(H1809*F1809,2))","v":2711.14},{"$f":"IF(C1809=0,\"\",VLOOKUP(C1809,BNCDADOS!$A:$G,6,0))","v":"22,89"},{"$f":"IF(C1809=0,\"\",VLOOKUP(C1809,BNCDADOS!$A:$G,7,0))","v":29.74},{"$f":"IF(K1809=\"\",0,TRUNC(K1809*F1809,2))","v":2599.27},{"$f":"SUMIF('MC - TRECHO 05'!A:A,Orçamento!A1809,'MC - TRECHO 05'!R:R)","v":87.402860000000004}]
["6.3.3.9",{"$f":"IF(C1810=0,\"\",VLOOKUP(C1810,BNCDADOS!$A:$H,8,0))","v":"SINAPI/RN\nSERVIÇO"},101206,{"$f":"IF(C1810=0,\"\",VLOOKUP(C1810,BNCDADOS!$A:$G,2,0))","v":"ESCAVAÇÃO VERTICAL PARA  EDIFICAÇÃO, COM CARGA, DESCARGA E TRANSPORTE DE SOLO DE 1ª CATEGORIA, COM ESCAVADEIRA HIDRÁULICA (CAÇAMBA: 0,8 M³ / 111 HP), FROTA DE 3 CAMINHÕES BASCULANTES DE 14 M³, DMT ATÉ 1 KM E VELOCIDADE MÉDIA 14 KM/H. AF_05/2020"},{"$f":"IF(C1810=0,\"\",VLOOKUP(C1810,BNCDADOS!$A:$G,3,0))","v":"M3"},1920.61,{"$f":"IF(C1810=0,\"\",VLOOKUP(C1810,BNCDADOS!$A:$G,4,0))","v":"13,00"},{"$f":"IF(C1810=0,\"\",VLOOKUP(C1810,BNCDADOS!$A:$G,5,0))","v":16.07},{"$f":"IF(H1810=\"\",0,TRUNC(H1810*F1810,2))","v":30864.2},{"$f":"IF(C1810=0,\"\",VLOOKUP(C1810,BNCDADOS!$A:$G,6,0))","v":"12,77"},{"$f":"IF(C1810=0,\"\",VLOOKUP(C1810,BNCDADOS!$A:$G,7,0))","v":16.59},{"$f":"IF(K1810=\"\",0,TRUNC(K1810*F1810,2))","v":31862.91},{"$f":"SUMIF('MC - TRECHO 05'!A:A,Orçamento!A1810,'MC - TRECHO 05'!R:R)","v":1920.6100000000001}]
["6.3.3.10",{"$f":"IF(C1811=0,\"\",VLOOKUP(C1811,BNCDADOS!$A:$H,8,0))","v":"SINAPI/RN\nSERVIÇO"},93379,{"$f":"IF(C1811=0,\"\",VLOOKUP(C1811,BNCDADOS!$A:$G,2,0))","v":"REATERRO MECANIZADO DE VALA COM RETROESCAVADEIRA (CAPACIDADE DA CAÇAMBA   DA RETRO: 0,26 M³/POTÊNCIA: 88 HP), LARGURA 0,8 A 1,5 M, PROFUNDIDADE ATÉ 1,5 M, COM SOLO (SEM SUBSTITUIÇÃO) DE 1ª CATEGORIA, COM COMPACTADOR DE SOLOS DE PERCUSSÃO AF_08/2023"},{"$f":"IF(C1811=0,\"\",VLOOKUP(C1811,BNCDADOS!$A:$G,3,0))","v":"M3"},864.55,{"$f":"IF(C1811=0,\"\",VLOOKUP(C1811,BNCDADOS!$A:$G,4,0))","v":"17,99"},{"$f":"IF(C1811=0,\"\",VLOOKUP(C1811,BNCDADOS!$A:$G,5,0))","v":22.25},{"$f":"IF(H1811=\"\",0,TRUNC(H1811*F1811,2))","v":19236.23},{"$f":"IF(C1811=0,\"\",VLOOKUP(C1811,BNCDADOS!$A:$G,6,0))","v":"16,97"},{"$f":"IF(C1811=0,\"\",VLOOKUP(C1811,BNCDADOS!$A:$G,7,0))","v":22.05},{"$f":"IF(K1811=\"\",0,TRUNC(K1811*F1811,2))","v":19063.32},{"$f":"SUMIF('MC - TRECHO 05'!A:A,Orçamento!A1811,'MC - TRECHO 05'!R:R)","v":864.55200000000013}]
["6.3.3.11",{"$f":"IF(C1812=0,\"\",VLOOKUP(C1812,BNCDADOS!$A:$H,8,0))","v":"caern"},2010007,{"$f":"IF(C1812=0,\"\",VLOOKUP(C1812,BNCDADOS!$A:$G,2,0))","v":"REBAIXAMENTO DE LENÇOL FREÁTICO COM PONTEIRAS FILTRANTES EM ÁREAS. R_05/2019"},{"$f":"IF(C1812=0,\"\",VLOOKUP(C1812,BNCDADOS!$A:$G,3,0))","v":"PTXDIA"},750,{"$f":"IF(C1812=0,\"\",VLOOKUP(C1812,BNCDADOS!$A:$G,4,0))","v":28.07},{"$f":"IF(C1812=0,\"\",VLOOKUP(C1812,BNCDADOS!$A:$G,5,0))","v":34.71},{"$f":"IF(H1812=\"\",0,TRUNC(H1812*F1812,2))","v":26032.5},{"$f":"IF(C1812=0,\"\",VLOOKUP(C1812,BNCDADOS!$A:$G,6,0))","v":27.52},{"$f":"IF(C1812=0,\"\",VLOOKUP(C1812,BNCDADOS!$A:$G,7,0))","v":35.76},{"$f":"IF(K1812=\"\",0,TRUNC(K1812*F1812,2))","v":26820},{"$f":"SUMIF('MC - TRECHO 05'!A:A,Orçamento!A1812,'MC - TRECHO 05'!R:R)","v":750}]
["6.3.4",{"$f":"IF(C1813=0,\"\",VLOOKUP(C1813,BNCDADOS!$A:$G,8,0))","v":""},null,"ESTRUTURA",{"$f":"IF(C1813=0,\"\",VLOOKUP(C1813,BNCDADOS!$A:$G,3,0))","v":""},0,{"$f":"IF(C1813=0,\"\",VLOOKUP(C1813,BNCDADOS!$A:$G,4,0))","v":""},{"$f":"IF(C1813=0,\"\",VLOOKUP(C1813,BNCDADOS!$A:$G,5,0))","v":""},{"$f":"SUM(I1814:I1837)","v":1419555.3900000004},{"$f":"IF(C1813=0,\"\",VLOOKUP(C1813,BNCDADOS!$A:$G,6,0))","v":""},{"$f":"IF(C1813=0,\"\",VLOOKUP(C1813,BNCDADOS!$A:$G,7,0))","v":""},{"$f":"SUM(L1814:L1837)","v":1459617.1400000001},0]
["6.3.4.1",{"$f":"IF(C1814=0,\"\",VLOOKUP(C1814,BNCDADOS!$A:$H,8,0))","v":"SINAPI/RN\nSERVIÇO"},95241,{"$f":"IF(C1814=0,\"\",VLOOKUP(C1814,BNCDADOS!$A:$G,2,0))","v":"LASTRO DE CONCRETO MAGRO, APLICADO EM PISOS, LAJES SOBRE SOLO OU RADIERS, ESPESSURA DE 5 CM. AF_01/2024"},{"$f":"IF(C1814=0,\"\",VLOOKUP(C1814,BNCDADOS!$A:$G,3,0))","v":"M2"},408.68,{"$f":"IF(C1814=0,\"\",VLOOKUP(C1814,BNCDADOS!$A:$G,4,0))","v":"36,15"},{"$f":"IF(C1814=0,\"\",VLOOKUP(C1814,BNCDADOS!$A:$G,5,0))","v":44.71},{"$f":"IF(H1814=\"\",0,TRUNC(H1814*F1814,2))","v":18272.080000000002},{"$f":"IF(C1814=0,\"\",VLOOKUP(C1814,BNCDADOS!$A:$G,6,0))","v":"34,74"},{"$f":"IF(C1814=0,\"\",VLOOKUP(C1814,BNCDADOS!$A:$G,7,0))","v":45.14},{"$f":"IF(K1814=\"\",0,TRUNC(K1814*F1814,2))","v":18447.810000000001},{"$f":"SUMIF('MC - TRECHO 05'!A:A,Orçamento!A1814,'MC - TRECHO 05'!R:R)","v":408.67999999999995}]
["6.3.4.2",{"$f":"IF(C1815=0,\"\",VLOOKUP(C1815,BNCDADOS!$A:$H,8,0))","v":"SINAPI/RN\nSERVIÇO"},103800,{"$f":"IF(C1815=0,\"\",VLOOKUP(C1815,BNCDADOS!$A:$G,2,0))","v":"PEDRA ARGAMASSADA COM CIMENTO E AREIA 1:3, 40% DE ARGAMASSA EM VOLUME - AREIA E PEDRA DE MÃO COMERCIAIS - FORNECIMENTO E ASSENTAMENTO. AF_08/2022"},{"$f":"IF(C1815=0,\"\",VLOOKUP(C1815,BNCDADOS!$A:$G,3,0))","v":"M3"},14.23,{"$f":"IF(C1815=0,\"\",VLOOKUP(C1815,BNCDADOS!$A:$G,4,0))","v":"534,85"},{"$f":"IF(C1815=0,\"\",VLOOKUP(C1815,BNCDADOS!$A:$G,5,0))","v":661.55},9413.85,{"$f":"IF(C1815=0,\"\",VLOOKUP(C1815,BNCDADOS!$A:$G,6,0))","v":"515,06"},{"$f":"IF(C1815=0,\"\",VLOOKUP(C1815,BNCDADOS!$A:$G,7,0))","v":669.37},9525.1299999999992,{"$f":"SUMIF('MC - TRECHO 05'!A:A,Orçamento!A1815,'MC - TRECHO 05'!R:R)","v":14.239199999999999}]
["6.3.4.3",{"$f":"IF(C1816=0,\"\",VLOOKUP(C1816,BNCDADOS!$A:$H,8,0))","v":0},"COMP 14",{"$f":"IF(C1816=0,\"\",VLOOKUP(C1816,BNCDADOS!$A:$G,2,0))","v":"BLOCO DE CONCRETO ARMADDO, PARA FUNDAÇÃO DE ESTRUTURA PRÉ-FABRICADA"},{"$f":"IF(C1816=0,\"\",VLOOKUP(C1816,BNCDADOS!$A:$G,3,0))","v":"UN"},12,{"$f":"IF(C1816=0,\"\",VLOOKUP(C1816,BNCDADOS!$A:$G,4,0))","v":9534.9000000000015},{"$f":"IF(C1816=0,\"\",VLOOKUP(C1816,BNCDADOS!$A:$G,5,0))","v":11793.71},141524.51999999999,{"$f":"IF(C1816=0,\"\",VLOOKUP(C1816,BNCDADOS!$A:$G,6,0))","v":9147.68},{"$f":"IF(C1816=0,\"\",VLOOKUP(C1816,BNCDADOS!$A:$G,7,0))","v":11888.32},142659.84,{"$f":"SUMIF('MC - TRECHO 05'!A:A,Orçamento!A1816,'MC - TRECHO 05'!R:R)","v":12}]
["6.3.4.4",{"$f":"IF(C1817=0,\"\",VLOOKUP(C1817,BNCDADOS!$A:$H,8,0))","v":0},"COMP 15",{"$f":"IF(C1817=0,\"\",VLOOKUP(C1817,BNCDADOS!$A:$G,2,0))","v":"PILAR EM CONCRETO ARMADO, PARA ESTRUTURA PRÉ-FABRICADA, MEDINDO 40X50CM E COM ALTURA ÚTIL DE 11,50M"},{"$f":"IF(C1817=0,\"\",VLOOKUP(C1817,BNCDADOS!$A:$G,3,0))","v":"UN"},7,{"$f":"IF(C1817=0,\"\",VLOOKUP(C1817,BNCDADOS!$A:$G,4,0))","v":9083.56},{"$f":"IF(C1817=0,\"\",VLOOKUP(C1817,BNCDADOS!$A:$G,5,0))","v":11235.45},78648.149999999994,{"$f":"IF(C1817=0,\"\",VLOOKUP(C1817,BNCDADOS!$A:$G,6,0))","v":8885.33},{"$f":"IF(C1817=0,\"\",VLOOKUP(C1817,BNCDADOS!$A:$G,7,0))","v":11547.37},80831.59,{"$f":"SUMIF('MC - TRECHO 05'!A:A,Orçamento!A1817,'MC - TRECHO 05'!R:R)","v":7}]
["6.3.4.5",{"$f":"IF(C1818=0,\"\",VLOOKUP(C1818,BNCDADOS!$A:$H,8,0))","v":0},"COMP 16",{"$f":"IF(C1818=0,\"\",VLOOKUP(C1818,BNCDADOS!$A:$G,2,0))","v":"PILAR EM CONCRETO ARMADO, PARA ESTRUTURA PRÉ-FABRICADA, MEDINDO 40X50CM E COM ALTURA ÚTIL DE 10,00M"},{"$f":"IF(C1818=0,\"\",VLOOKUP(C1818,BNCDADOS!$A:$G,3,0))","v":"UN"},5,{"$f":"IF(C1818=0,\"\",VLOOKUP(C1818,BNCDADOS!$A:$G,4,0))","v":7898.75},{"$f":"IF(C1818=0,\"\",VLOOKUP(C1818,BNCDADOS!$A:$G,5,0))","v":9769.9599999999991},48849.8,{"$f":"IF(C1818=0,\"\",VLOOKUP(C1818,BNCDADOS!$A:$G,6,0))","v":7726.3799999999992},{"$f":"IF(C1818=0,\"\",VLOOKUP(C1818,BNCDADOS!$A:$G,7,0))","v":10041.200000000001},50206,{"$f":"SUMIF('MC - TRECHO 05'!A:A,Orçamento!A1818,'MC - TRECHO 05'!R:R)","v":5}]
["6.3.4.6",{"$f":"IF(C1819=0,\"\",VLOOKUP(C1819,BNCDADOS!$A:$H,8,0))","v":0},"COMP 17",{"$f":"IF(C1819=0,\"\",VLOOKUP(C1819,BNCDADOS!$A:$G,2,0))","v":"VIGA EM CONCRETO ARMADO, PARA ESTRUTURA PRÉ-FABRICADA (APOIO DO TRILHO), MEDINDO 40X40CM E COMPRIMENTO ÚTIL DE 18,5M"},{"$f":"IF(C1819=0,\"\",VLOOKUP(C1819,BNCDADOS!$A:$G,3,0))","v":"UN"},2,{"$f":"IF(C1819=0,\"\",VLOOKUP(C1819,BNCDADOS!$A:$G,4,0))","v":12280.729999999998},{"$f":"IF(C1819=0,\"\",VLOOKUP(C1819,BNCDADOS!$A:$G,5,0))","v":15190.03},30380.06,{"$f":"IF(C1819=0,\"\",VLOOKUP(C1819,BNCDADOS!$A:$G,6,0))","v":12015.609999999999},{"$f":"IF(C1819=0,\"\",VLOOKUP(C1819,BNCDADOS!$A:$G,7,0))","v":15615.48},31230.959999999999,{"$f":"SUMIF('MC - TRECHO 05'!A:A,Orçamento!A1819,'MC - TRECHO 05'!R:R)","v":2}]
["6.3.4.7",{"$f":"IF(C1820=0,\"\",VLOOKUP(C1820,BNCDADOS!$A:$H,8,0))","v":0},"COMP 18",{"$f":"IF(C1820=0,\"\",VLOOKUP(C1820,BNCDADOS!$A:$G,2,0))","v":"MONTAGEM DE ELEMENTOS PRÉ-MOLDADOS COM CAMINHÃO GUINDAUTO (MUNCK) ATÉ 10000 KG"},{"$f":"IF(C1820=0,\"\",VLOOKUP(C1820,BNCDADOS!$A:$G,3,0))","v":"UN"},5,{"$f":"IF(C1820=0,\"\",VLOOKUP(C1820,BNCDADOS!$A:$G,4,0))","v":745.35},{"$f":"IF(C1820=0,\"\",VLOOKUP(C1820,BNCDADOS!$A:$G,5,0))","v":921.92},4609.6000000000004,{"$f":"IF(C1820=0,\"\",VLOOKUP(C1820,BNCDADOS!$A:$G,6,0))","v":715.29},{"$f":"IF(C1820=0,\"\",VLOOKUP(C1820,BNCDADOS!$A:$G,7,0))","v":929.59},4647.95,{"$f":"SUMIF('MC - TRECHO 05'!A:A,Orçamento!A1820,'MC - TRECHO 05'!R:R)","v":5}]
["6.3.4.8",{"$f":"IF(C1821=0,\"\",VLOOKUP(C1821,BNCDADOS!$A:$H,8,0))","v":"SINAPI/RN\nSERVIÇO"},100952,{"$f":"IF(C1821=0,\"\",VLOOKUP(C1821,BNCDADOS!$A:$G,2,0))","v":"TRANSPORTE COM CAMINHÃO CARROCERIA COM GUINDAUTO (MUNCK),  MOMENTO MÁXIMO DE CARGA 11,7 TM, EM VIA URBANA PAVIMENTADA, DMT ATÉ 30KM (UNIDADE: TXKM). AF_07/2020"},{"$f":"IF(C1821=0,\"\",VLOOKUP(C1821,BNCDADOS!$A:$G,3,0))","v":"TXKM"},6528.09,{"$f":"IF(C1821=0,\"\",VLOOKUP(C1821,BNCDADOS!$A:$G,4,0))","v":"2,94"},{"$f":"IF(C1821=0,\"\",VLOOKUP(C1821,BNCDADOS!$A:$G,5,0))","v":3.63},23696.959999999999,{"$f":"IF(C1821=0,\"\",VLOOKUP(C1821,BNCDADOS!$A:$G,6,0))","v":"2,89"},{"$f":"IF(C1821=0,\"\",VLOOKUP(C1821,BNCDADOS!$A:$G,7,0))","v":3.75},24480.33,{"$f":"SUMIF('MC - TRECHO 05'!A:A,Orçamento!A1821,'MC - TRECHO 05'!R:R)","v":6528.0925080000015}]
["6.3.4.9",{"$f":"IF(C1822=0,\"\",VLOOKUP(C1822,BNCDADOS!$A:$H,8,0))","v":"SINAPI/RN\nSERVIÇO"},100953,{"$f":"IF(C1822=0,\"\",VLOOKUP(C1822,BNCDADOS!$A:$G,2,0))","v":"TRANSPORTE COM CAMINHÃO CARROCERIA COM GUINDAUTO (MUNCK),  MOMENTO MÁXIMO DE CARGA 11,7 TM, EM VIA URBANA PAVIMENTADA, ADICIONAL PARA DMT EXCEDENTE A 30 KM (UNIDADE: TXKM). AF_07/2020"},{"$f":"IF(C1822=0,\"\",VLOOKUP(C1822,BNCDADOS!$A:$G,3,0))","v":"TXKM"},19584.27,{"$f":"IF(C1822=0,\"\",VLOOKUP(C1822,BNCDADOS!$A:$G,4,0))","v":"1,16"},{"$f":"IF(C1822=0,\"\",VLOOKUP(C1822,BNCDADOS!$A:$G,5,0))","v":1.43},28005.5,{"$f":"IF(C1822=0,\"\",VLOOKUP(C1822,BNCDADOS!$A:$G,6,0))","v":"1,15"},{"$f":"IF(C1822=0,\"\",VLOOKUP(C1822,BNCDADOS!$A:$G,7,0))","v":1.49},29180.560000000001,{"$f":"SUMIF('MC - TRECHO 05'!A:A,Orçamento!A1822,'MC - TRECHO 05'!R:R)","v":19584.277524000005}]
["6.3.4.10",{"$f":"IF(C1823=0,\"\",VLOOKUP(C1823,BNCDADOS!$A:$H,8,0))","v":0},"COMP 19",{"$f":"IF(C1823=0,\"\",VLOOKUP(C1823,BNCDADOS!$A:$G,2,0))","v":"MONTAGEM DE ELEMENTOS PRÉ-MOLDADOS COM CAMINHÃO GUINDAUTO (MUNCK) ATÉ 10000 KG"},{"$f":"IF(C1823=0,\"\",VLOOKUP(C1823,BNCDADOS!$A:$G,3,0))","v":"UN"},31,{"$f":"IF(C1823=0,\"\",VLOOKUP(C1823,BNCDADOS!$A:$G,4,0))","v":745.35},{"$f":"IF(C1823=0,\"\",VLOOKUP(C1823,BNCDADOS!$A:$G,5,0))","v":921.92},28579.52,{"$f":"IF(C1823=0,\"\",VLOOKUP(C1823,BNCDADOS!$A:$G,6,0))","v":715.29},{"$f":"IF(C1823=0,\"\",VLOOKUP(C1823,BNCDADOS!$A:$G,7,0))","v":929.59},28817.29,{"$f":"SUMIF('MC - TRECHO 05'!A:A,Orçamento!A1823,'MC - TRECHO 05'!R:R)","v":31}]
["6.3.4.11",{"$f":"IF(C1824=0,\"\",VLOOKUP(C1824,BNCDADOS!$A:$H,8,0))","v":"SINAPI/RN\nSERVIÇO"},100341,{"$f":"IF(C1824=0,\"\",VLOOKUP(C1824,BNCDADOS!$A:$G,2,0))","v":"FABRICAÇÃO, MONTAGEM E DESMONTAGEM DE FÔRMA PARA CORTINA DE CONTENÇÃO, EM CHAPA DE MADEIRA COMPENSADA PLASTIFICADA, E = 18 MM, 10 UTILIZAÇÕES. AF_07/2019"},{"$f":"IF(C1824=0,\"\",VLOOKUP(C1824,BNCDADOS!$A:$G,3,0))","v":"M2"},380.36,{"$f":"IF(C1824=0,\"\",VLOOKUP(C1824,BNCDADOS!$A:$G,4,0))","v":"40,40"},{"$f":"IF(C1824=0,\"\",VLOOKUP(C1824,BNCDADOS!$A:$G,5,0))","v":49.97},19006.580000000002,{"$f":"IF(C1824=0,\"\",VLOOKUP(C1824,BNCDADOS!$A:$G,6,0))","v":"38,56"},{"$f":"IF(C1824=0,\"\",VLOOKUP(C1824,BNCDADOS!$A:$G,7,0))","v":50.11},19059.830000000002,{"$f":"SUMIF('MC - TRECHO 05'!A:A,Orçamento!A1824,'MC - TRECHO 05'!R:R)","v":380.36000000000007}]
["6.3.4.12",{"$f":"IF(C1825=0,\"\",VLOOKUP(C1825,BNCDADOS!$A:$H,8,0))","v":"SINAPI/RN\nSERVIÇO"},100344,{"$f":"IF(C1825=0,\"\",VLOOKUP(C1825,BNCDADOS!$A:$G,2,0))","v":"ARMAÇÃO DE CORTINA DE CONTENÇÃO EM CONCRETO ARMADO, COM AÇO CA-50 DE 10 MM - MONTAGEM. AF_07/2019"},{"$f":"IF(C1825=0,\"\",VLOOKUP(C1825,BNCDADOS!$A:$G,3,0))","v":"KG"},3106,{"$f":"IF(C1825=0,\"\",VLOOKUP(C1825,BNCDADOS!$A:$G,4,0))","v":"12,25"},{"$f":"IF(C1825=0,\"\",VLOOKUP(C1825,BNCDADOS!$A:$G,5,0))","v":15.15},47055.9,{"$f":"IF(C1825=0,\"\",VLOOKUP(C1825,BNCDADOS!$A:$G,6,0))","v":"12,01"},{"$f":"IF(C1825=0,\"\",VLOOKUP(C1825,BNCDADOS!$A:$G,7,0))","v":15.6},48453.599999999999,{"$f":"SUMIF('MC - TRECHO 05'!A:A,Orçamento!A1825,'MC - TRECHO 05'!R:R)","v":3106}]
["6.3.4.13",{"$f":"IF(C1826=0,\"\",VLOOKUP(C1826,BNCDADOS!$A:$H,8,0))","v":"SINAPI/RN\nSERVIÇO"},92433,{"$f":"IF(C1826=0,\"\",VLOOKUP(C1826,BNCDADOS!$A:$G,2,0))","v":"MONTAGEM E DESMONTAGEM DE FÔRMA DE PILARES RETANGULARES E ESTRUTURAS SIMILARES, PÉ-DIREITO DUPLO, EM CHAPA DE MADEIRA COMPENSADA PLASTIFICADA, 10 UTILIZAÇÕES. AF_09/2020"},{"$f":"IF(C1826=0,\"\",VLOOKUP(C1826,BNCDADOS!$A:$G,3,0))","v":"M2"},635.6,{"$f":"IF(C1826=0,\"\",VLOOKUP(C1826,BNCDADOS!$A:$G,4,0))","v":"74,35"},{"$f":"IF(C1826=0,\"\",VLOOKUP(C1826,BNCDADOS!$A:$G,5,0))","v":91.96},58449.77,{"$f":"IF(C1826=0,\"\",VLOOKUP(C1826,BNCDADOS!$A:$G,6,0))","v":"70,50"},{"$f":"IF(C1826=0,\"\",VLOOKUP(C1826,BNCDADOS!$A:$G,7,0))","v":91.62},58233.67,{"$f":"SUMIF('MC - TRECHO 05'!A:A,Orçamento!A1826,'MC - TRECHO 05'!R:R)","v":635.59999999999991}]
["6.3.4.14",{"$f":"IF(C1827=0,\"\",VLOOKUP(C1827,BNCDADOS!$A:$H,8,0))","v":"SINAPI/RN\nSERVIÇO"},92916,{"$f":"IF(C1827=0,\"\",VLOOKUP(C1827,BNCDADOS!$A:$G,2,0))","v":"ARMAÇÃO DE ESTRUTURAS DIVERSAS DE CONCRETO ARMADO, EXCETO VIGAS, PILARES, LAJES E FUNDAÇÕES, UTILIZANDO AÇO CA-50 DE 6,3 MM - MONTAGEM. AF_06/2022"},{"$f":"IF(C1827=0,\"\",VLOOKUP(C1827,BNCDADOS!$A:$G,3,0))","v":"KG"},791,{"$f":"IF(C1827=0,\"\",VLOOKUP(C1827,BNCDADOS!$A:$G,4,0))","v":"15,76"},{"$f":"IF(C1827=0,\"\",VLOOKUP(C1827,BNCDADOS!$A:$G,5,0))","v":19.489999999999998},15416.59,{"$f":"IF(C1827=0,\"\",VLOOKUP(C1827,BNCDADOS!$A:$G,6,0))","v":"15,19"},{"$f":"IF(C1827=0,\"\",VLOOKUP(C1827,BNCDADOS!$A:$G,7,0))","v":19.739999999999998},15614.34,{"$f":"SUMIF('MC - TRECHO 05'!A:A,Orçamento!A1827,'MC - TRECHO 05'!R:R)","v":791}]
["6.3.4.15",{"$f":"IF(C1828=0,\"\",VLOOKUP(C1828,BNCDADOS!$A:$H,8,0))","v":"SINAPI/RN\nSERVIÇO"},92917,{"$f":"IF(C1828=0,\"\",VLOOKUP(C1828,BNCDADOS!$A:$G,2,0))","v":"ARMAÇÃO DE ESTRUTURAS DIVERSAS DE CONCRETO ARMADO, EXCETO VIGAS, PILARES, LAJES E FUNDAÇÕES, UTILIZANDO AÇO CA-50 DE 8,0 MM - MONTAGEM. AF_06/2022"},{"$f":"IF(C1828=0,\"\",VLOOKUP(C1828,BNCDADOS!$A:$G,3,0))","v":"KG"},313,{"$f":"IF(C1828=0,\"\",VLOOKUP(C1828,BNCDADOS!$A:$G,4,0))","v":"14,39"},{"$f":"IF(C1828=0,\"\",VLOOKUP(C1828,BNCDADOS!$A:$G,5,0))","v":17.79},5568.27,{"$f":"IF(C1828=0,\"\",VLOOKUP(C1828,BNCDADOS!$A:$G,6,0))","v":"14,00"},{"$f":"IF(C1828=0,\"\",VLOOKUP(C1828,BNCDADOS!$A:$G,7,0))","v":18.190000000000001},5693.47,{"$f":"SUMIF('MC - TRECHO 05'!A:A,Orçamento!A1828,'MC - TRECHO 05'!R:R)","v":313}]
["6.3.4.16",{"$f":"IF(C1829=0,\"\",VLOOKUP(C1829,BNCDADOS!$A:$H,8,0))","v":"SINAPI/RN\nSERVIÇO"},92919,{"$f":"IF(C1829=0,\"\",VLOOKUP(C1829,BNCDADOS!$A:$G,2,0))","v":"ARMAÇÃO DE ESTRUTURAS DIVERSAS DE CONCRETO ARMADO, EXCETO VIGAS, PILARES, LAJES E FUNDAÇÕES, UTILIZANDO AÇO CA-50 DE 10,0 MM - MONTAGEM. AF_06/2022"},{"$f":"IF(C1829=0,\"\",VLOOKUP(C1829,BNCDADOS!$A:$G,3,0))","v":"KG"},2013,{"$f":"IF(C1829=0,\"\",VLOOKUP(C1829,BNCDADOS!$A:$G,4,0))","v":"12,59"},{"$f":"IF(C1829=0,\"\",VLOOKUP(C1829,BNCDADOS!$A:$G,5,0))","v":15.57},31342.41,{"$f":"IF(C1829=0,\"\",VLOOKUP(C1829,BNCDADOS!$A:$G,6,0))","v":"12,31"},{"$f":"IF(C1829=0,\"\",VLOOKUP(C1829,BNCDADOS!$A:$G,7,0))","v":15.99},32187.87,{"$f":"SUMIF('MC - TRECHO 05'!A:A,Orçamento!A1829,'MC - TRECHO 05'!R:R)","v":2013}]
["6.3.4.17",{"$f":"IF(C1830=0,\"\",VLOOKUP(C1830,BNCDADOS!$A:$H,8,0))","v":"SINAPI/RN\nSERVIÇO"},92921,{"$f":"IF(C1830=0,\"\",VLOOKUP(C1830,BNCDADOS!$A:$G,2,0))","v":"ARMAÇÃO DE ESTRUTURAS DIVERSAS DE CONCRETO ARMADO, EXCETO VIGAS, PILARES, LAJES E FUNDAÇÕES, UTILIZANDO AÇO CA-50 DE 12,5 MM - MONTAGEM. AF_06/2022"},{"$f":"IF(C1830=0,\"\",VLOOKUP(C1830,BNCDADOS!$A:$G,3,0))","v":"KG"},{"$f":"TRUNC(M1830,2)","v":2750},{"$f":"IF(C1830=0,\"\",VLOOKUP(C1830,BNCDADOS!$A:$G,4,0))","v":"10,41"},{"$f":"IF(C1830=0,\"\",VLOOKUP(C1830,BNCDADOS!$A:$G,5,0))","v":12.87},{"$f":"IF(H1830=\"\",0,TRUNC(H1830*F1830,2))","v":35392.5},{"$f":"IF(C1830=0,\"\",VLOOKUP(C1830,BNCDADOS!$A:$G,6,0))","v":"10,23"},{"$f":"IF(C1830=0,\"\",VLOOKUP(C1830,BNCDADOS!$A:$G,7,0))","v":13.29},{"$f":"IF(K1830=\"\",0,TRUNC(K1830*F1830,2))","v":36547.5},{"$f":"SUMIF('MC - TRECHO 05'!A:A,Orçamento!A1830,'MC - TRECHO 05'!R:R)","v":2750}]
["6.3.4.18",{"$f":"IF(C1831=0,\"\",VLOOKUP(C1831,BNCDADOS!$A:$H,8,0))","v":"SINAPI/RN\nSERVIÇO"},92922,{"$f":"IF(C1831=0,\"\",VLOOKUP(C1831,BNCDADOS!$A:$G,2,0))","v":"ARMAÇÃO DE ESTRUTURAS DIVERSAS DE CONCRETO ARMADO, EXCETO VIGAS, PILARES, LAJES E FUNDAÇÕES, UTILIZANDO AÇO CA-50 DE 16,0 MM - MONTAGEM. AF_06/2022"},{"$f":"IF(C1831=0,\"\",VLOOKUP(C1831,BNCDADOS!$A:$G,3,0))","v":"KG"},29463,{"$f":"IF(C1831=0,\"\",VLOOKUP(C1831,BNCDADOS!$A:$G,4,0))","v":"9,94"},{"$f":"IF(C1831=0,\"\",VLOOKUP(C1831,BNCDADOS!$A:$G,5,0))","v":12.29},362100.27,{"$f":"IF(C1831=0,\"\",VLOOKUP(C1831,BNCDADOS!$A:$G,6,0))","v":"9,82"},{"$f":"IF(C1831=0,\"\",VLOOKUP(C1831,BNCDADOS!$A:$G,7,0))","v":12.76},375947.88,{"$f":"SUMIF('MC - TRECHO 05'!A:A,Orçamento!A1831,'MC - TRECHO 05'!R:R)","v":29463}]
["6.3.4.19",{"$f":"IF(C1832=0,\"\",VLOOKUP(C1832,BNCDADOS!$A:$H,8,0))","v":"SINAPI/RN\nSERVIÇO"},92924,{"$f":"IF(C1832=0,\"\",VLOOKUP(C1832,BNCDADOS!$A:$G,2,0))","v":"ARMAÇÃO DE ESTRUTURAS DIVERSAS DE CONCRETO ARMADO, EXCETO VIGAS, PILARES, LAJES E FUNDAÇÕES, UTILIZANDO AÇO CA-50 DE 25,0 MM - MONTAGEM. AF_06/2022"},{"$f":"IF(C1832=0,\"\",VLOOKUP(C1832,BNCDADOS!$A:$G,3,0))","v":"KG"},2613,{"$f":"IF(C1832=0,\"\",VLOOKUP(C1832,BNCDADOS!$A:$G,4,0))","v":"10,97"},{"$f":"IF(C1832=0,\"\",VLOOKUP(C1832,BNCDADOS!$A:$G,5,0))","v":13.56},35432.28,{"$f":"IF(C1832=0,\"\",VLOOKUP(C1832,BNCDADOS!$A:$G,6,0))","v":"10,88"},{"$f":"IF(C1832=0,\"\",VLOOKUP(C1832,BNCDADOS!$A:$G,7,0))","v":14.13},36921.69,{"$f":"SUMIF('MC - TRECHO 05'!A:A,Orçamento!A1832,'MC - TRECHO 05'!R:R)","v":2613}]
["6.3.4.20",{"$f":"IF(C1833=0,\"\",VLOOKUP(C1833,BNCDADOS!$A:$H,8,0))","v":"SINAPI/RN\nSERVIÇO"},92771,{"$f":"IF(C1833=0,\"\",VLOOKUP(C1833,BNCDADOS!$A:$G,2,0))","v":"ARMAÇÃO DE LAJE DE ESTRUTURA CONVENCIONAL DE CONCRETO ARMADO UTILIZANDO AÇO CA-50 DE 10,0 MM - MONTAGEM. AF_06/2022"},{"$f":"IF(C1833=0,\"\",VLOOKUP(C1833,BNCDADOS!$A:$G,3,0))","v":"KG"},500,{"$f":"IF(C1833=0,\"\",VLOOKUP(C1833,BNCDADOS!$A:$G,4,0))","v":"11,15"},{"$f":"IF(C1833=0,\"\",VLOOKUP(C1833,BNCDADOS!$A:$G,5,0))","v":13.79},6895,{"$f":"IF(C1833=0,\"\",VLOOKUP(C1833,BNCDADOS!$A:$G,6,0))","v":"11,03"},{"$f":"IF(C1833=0,\"\",VLOOKUP(C1833,BNCDADOS!$A:$G,7,0))","v":14.33},7165,{"$f":"SUMIF('MC - TRECHO 05'!A:A,Orçamento!A1833,'MC - TRECHO 05'!R:R)","v":500}]
["6.3.4.21",{"$f":"IF(C1834=0,\"\",VLOOKUP(C1834,BNCDADOS!$A:$H,8,0))","v":"SINAPI/RN\nSERVIÇO"},92772,{"$f":"IF(C1834=0,\"\",VLOOKUP(C1834,BNCDADOS!$A:$G,2,0))","v":"ARMAÇÃO DE LAJE DE ESTRUTURA CONVENCIONAL DE CONCRETO ARMADO UTILIZANDO AÇO CA-50 DE 12,5 MM - MONTAGEM. AF_06/2022"},{"$f":"IF(C1834=0,\"\",VLOOKUP(C1834,BNCDADOS!$A:$G,3,0))","v":"KG"},1567,{"$f":"IF(C1834=0,\"\",VLOOKUP(C1834,BNCDADOS!$A:$G,4,0))","v":"9,37"},{"$f":"IF(C1834=0,\"\",VLOOKUP(C1834,BNCDADOS!$A:$G,5,0))","v":11.58},18145.86,{"$f":"IF(C1834=0,\"\",VLOOKUP(C1834,BNCDADOS!$A:$G,6,0))","v":"9,29"},{"$f":"IF(C1834=0,\"\",VLOOKUP(C1834,BNCDADOS!$A:$G,7,0))","v":12.07},18913.689999999999,{"$f":"SUMIF('MC - TRECHO 05'!A:A,Orçamento!A1834,'MC - TRECHO 05'!R:R)","v":1567}]
["6.3.4.22",{"$f":"IF(C1835=0,\"\",VLOOKUP(C1835,BNCDADOS!$A:$H,8,0))","v":"SINAPI/RN\nSERVIÇO"},92773,{"$f":"IF(C1835=0,\"\",VLOOKUP(C1835,BNCDADOS!$A:$G,2,0))","v":"ARMAÇÃO DE LAJE DE ESTRUTURA CONVENCIONAL DE CONCRETO ARMADO UTILIZANDO AÇO CA-50 DE 16,0 MM - MONTAGEM. AF_06/2022"},{"$f":"IF(C1835=0,\"\",VLOOKUP(C1835,BNCDADOS!$A:$G,3,0))","v":"KG"},1902,{"$f":"IF(C1835=0,\"\",VLOOKUP(C1835,BNCDADOS!$A:$G,4,0))","v":"9,19"},{"$f":"IF(C1835=0,\"\",VLOOKUP(C1835,BNCDADOS!$A:$G,5,0))","v":11.36},21606.720000000001,{"$f":"IF(C1835=0,\"\",VLOOKUP(C1835,BNCDADOS!$A:$G,6,0))","v":"9,14"},{"$f":"IF(C1835=0,\"\",VLOOKUP(C1835,BNCDADOS!$A:$G,7,0))","v":11.87},22576.74,{"$f":"SUMIF('MC - TRECHO 05'!A:A,Orçamento!A1835,'MC - TRECHO 05'!R:R)","v":1902}]
["6.3.4.23",{"$f":"IF(C1836=0,\"\",VLOOKUP(C1836,BNCDADOS!$A:$H,8,0))","v":0},"COMP 20",{"$f":"IF(C1836=0,\"\",VLOOKUP(C1836,BNCDADOS!$A:$G,2,0))","v":"CONCRETAGEM DE ESTRUTURAS, FCK = 40 MPA, COM USO DE BOMBA EM EDIFICAÇÕES DIVERSAS - LANÇAMENTO, ADENSAMENTO E ACABAMENTO"},{"$f":"IF(C1836=0,\"\",VLOOKUP(C1836,BNCDADOS!$A:$G,3,0))","v":"M3    "},318.98,{"$f":"IF(C1836=0,\"\",VLOOKUP(C1836,BNCDADOS!$A:$G,4,0))","v":852.28},{"$f":"IF(C1836=0,\"\",VLOOKUP(C1836,BNCDADOS!$A:$G,5,0))","v":1054.18},336262.33,{"$f":"IF(C1836=0,\"\",VLOOKUP(C1836,BNCDADOS!$A:$G,6,0))","v":837.56},{"$f":"IF(C1836=0,\"\",VLOOKUP(C1836,BNCDADOS!$A:$G,7,0))","v":1088.49},347206.54,{"$f":"SUMIF('MC - TRECHO 05'!A:A,Orçamento!A1836,'MC - TRECHO 05'!R:R)","v":318.98}]
["6.3.4.24",{"$f":"IF(C1837=0,\"\",VLOOKUP(C1837,BNCDADOS!$A:$H,8,0))","v":"SINAPI/RN\nSERVIÇO"},93205,{"$f":"IF(C1837=0,\"\",VLOOKUP(C1837,BNCDADOS!$A:$G,2,0))","v":"CINTA DE AMARRAÇÃO DE ALVENARIA MOLDADA IN LOCO COM UTILIZAÇÃO DE BLOCOS CANALETA, ESPESSURA DE *20* CM. AF_03/2024"},{"$f":"IF(C1837=0,\"\",VLOOKUP(C1837,BNCDADOS!$A:$G,3,0))","v":"M"},201.2,{"$f":"IF(C1837=0,\"\",VLOOKUP(C1837,BNCDADOS!$A:$G,4,0))","v":"59,88"},{"$f":"IF(C1837=0,\"\",VLOOKUP(C1837,BNCDADOS!$A:$G,5,0))","v":74.06},14900.87,{"$f":"IF(C1837=0,\"\",VLOOKUP(C1837,BNCDADOS!$A:$G,6,0))","v":"57,63"},{"$f":"IF(C1837=0,\"\",VLOOKUP(C1837,BNCDADOS!$A:$G,7,0))","v":74.89},15067.86,{"$f":"SUMIF('MC - TRECHO 05'!A:A,Orçamento!A1837,'MC - TRECHO 05'!R:R)","v":201.2}]
["6.3.5",{"$f":"IF(C1838=0,\"\",VLOOKUP(C1838,BNCDADOS!$A:$G,8,0))","v":""},null,"ALVENARIAS E REVESTIMENTOS",{"$f":"IF(C1838=0,\"\",VLOOKUP(C1838,BNCDADOS!$A:$G,3,0))","v":""},0,{"$f":"IF(C1838=0,\"\",VLOOKUP(C1838,BNCDADOS!$A:$G,4,0))","v":""},{"$f":"IF(C1838=0,\"\",VLOOKUP(C1838,BNCDADOS!$A:$G,5,0))","v":""},{"$f":"SUM(I1839:I1848)","v":240352.7},{"$f":"IF(C1838=0,\"\",VLOOKUP(C1838,BNCDADOS!$A:$G,6,0))","v":""},{"$f":"IF(C1838=0,\"\",VLOOKUP(C1838,BNCDADOS!$A:$G,7,0))","v":""},{"$f":"SUM(L1839:L1848)","v":239578.19},0]
["6.3.5.1",{"$f":"IF(C1839=0,\"\",VLOOKUP(C1839,BNCDADOS!$A:$H,8,0))","v":"SINAPI/RN\nSERVIÇO"},103338,{"$f":"IF(C1839=0,\"\",VLOOKUP(C1839,BNCDADOS!$A:$G,2,0))","v":"ALVENARIA DE VEDAÇÃO DE BLOCOS  VAZADOS DE CONCRETO APARENTE DE 14X19X39 CM (ESPESSURA 14 CM) E ARGAMASSA DE ASSENTAMENTO COM PREPARO EM BETONEIRA. AF_12/2021"},{"$f":"IF(C1839=0,\"\",VLOOKUP(C1839,BNCDADOS!$A:$G,3,0))","v":"M2"},706.46,{"$f":"IF(C1839=0,\"\",VLOOKUP(C1839,BNCDADOS!$A:$G,4,0))","v":"111,81"},{"$f":"IF(C1839=0,\"\",VLOOKUP(C1839,BNCDADOS!$A:$G,5,0))","v":138.29},{"$f":"IF(H1839=\"\",0,TRUNC(H1839*F1839,2))","v":97696.35},{"$f":"IF(C1839=0,\"\",VLOOKUP(C1839,BNCDADOS!$A:$G,6,0))","v":"106,87"},{"$f":"IF(C1839=0,\"\",VLOOKUP(C1839,BNCDADOS!$A:$G,7,0))","v":138.88},{"$f":"IF(K1839=\"\",0,TRUNC(K1839*F1839,2))","v":98113.16},{"$f":"SUMIF('MC - TRECHO 05'!A:A,Orçamento!A1839,'MC - TRECHO 05'!R:R)","v":706.46}]
["6.3.5.2",{"$f":"IF(C1840=0,\"\",VLOOKUP(C1840,BNCDADOS!$A:$H,8,0))","v":"SINAPI/RN\nSERVIÇO"},101161,{"$f":"IF(C1840=0,\"\",VLOOKUP(C1840,BNCDADOS!$A:$G,2,0))","v":"ALVENARIA DE VEDAÇÃO COM ELEMENTO VAZADO DE CONCRETO (COBOGÓ) DE 7X50X50CM E ARGAMASSA DE ASSENTAMENTO COM PREPARO EM BETONEIRA. AF_05/2020"},{"$f":"IF(C1840=0,\"\",VLOOKUP(C1840,BNCDADOS!$A:$G,3,0))","v":"M2"},10.199999999999999,{"$f":"IF(C1840=0,\"\",VLOOKUP(C1840,BNCDADOS!$A:$G,4,0))","v":"233,42"},{"$f":"IF(C1840=0,\"\",VLOOKUP(C1840,BNCDADOS!$A:$G,5,0))","v":288.70999999999998},2944.84,{"$f":"IF(C1840=0,\"\",VLOOKUP(C1840,BNCDADOS!$A:$G,6,0))","v":"225,72"},{"$f":"IF(C1840=0,\"\",VLOOKUP(C1840,BNCDADOS!$A:$G,7,0))","v":293.33999999999997},2992.06,{"$f":"SUMIF('MC - TRECHO 05'!A:A,Orçamento!A1840,'MC - TRECHO 05'!R:R)","v":10.199999999999999}]
["6.3.5.3",{"$f":"IF(C1841=0,\"\",VLOOKUP(C1841,BNCDADOS!$A:$H,8,0))","v":"SINAPI/RN\nSERVIÇO"},93189,{"$f":"IF(C1841=0,\"\",VLOOKUP(C1841,BNCDADOS!$A:$G,2,0))","v":"VERGA MOLDADA IN LOCO EM CONCRETO PARA PORTAS COM MAIS DE 1,5 M DE VÃO. AF_03/2016"},{"$f":"IF(C1841=0,\"\",VLOOKUP(C1841,BNCDADOS!$A:$G,3,0))","v":"M"},9,{"$f":"IF(C1841=0,\"\",VLOOKUP(C1841,BNCDADOS!$A:$G,4,0))","v":119.84},{"$f":"IF(C1841=0,\"\",VLOOKUP(C1841,BNCDADOS!$A:$G,5,0))","v":148.22999999999999},1334.07,{"$f":"IF(C1841=0,\"\",VLOOKUP(C1841,BNCDADOS!$A:$G,6,0))","v":117.08},{"$f":"IF(C1841=0,\"\",VLOOKUP(C1841,BNCDADOS!$A:$G,7,0))","v":152.15},1369.35,{"$f":"SUMIF('MC - TRECHO 05'!A:A,Orçamento!A1841,'MC - TRECHO 05'!R:R)","v":9}]
["6.3.5.4",{"$f":"IF(C1842=0,\"\",VLOOKUP(C1842,BNCDADOS!$A:$H,8,0))","v":"SINAPI/RN\nSERVIÇO"},93187,{"$f":"IF(C1842=0,\"\",VLOOKUP(C1842,BNCDADOS!$A:$G,2,0))","v":"VERGA MOLDADA IN LOCO EM CONCRETO, ESPESSURA DE *20* CM. AF_03/2024"},{"$f":"IF(C1842=0,\"\",VLOOKUP(C1842,BNCDADOS!$A:$G,3,0))","v":"M"},4.5999999999999996,{"$f":"IF(C1842=0,\"\",VLOOKUP(C1842,BNCDADOS!$A:$G,4,0))","v":"78,39"},{"$f":"IF(C1842=0,\"\",VLOOKUP(C1842,BNCDADOS!$A:$G,5,0))","v":96.96},446.01,{"$f":"IF(C1842=0,\"\",VLOOKUP(C1842,BNCDADOS!$A:$G,6,0))","v":"75,28"},{"$f":"IF(C1842=0,\"\",VLOOKUP(C1842,BNCDADOS!$A:$G,7,0))","v":97.83},450.01,{"$f":"SUMIF('MC - TRECHO 05'!A:A,Orçamento!A1842,'MC - TRECHO 05'!R:R)","v":4.5999999999999996}]
["6.3.5.5",{"$f":"IF(C1843=0,\"\",VLOOKUP(C1843,BNCDADOS!$A:$H,8,0))","v":"SINAPI/RN\nSERVIÇO"},93197,{"$f":"IF(C1843=0,\"\",VLOOKUP(C1843,BNCDADOS!$A:$G,2,0))","v":"CONTRAVERGA MOLDADA IN LOCO EM CONCRETO, ESPESSURA DE *20* CM. AF_03/2024"},{"$f":"IF(C1843=0,\"\",VLOOKUP(C1843,BNCDADOS!$A:$G,3,0))","v":"M"},4.5999999999999996,{"$f":"IF(C1843=0,\"\",VLOOKUP(C1843,BNCDADOS!$A:$G,4,0))","v":"57,72"},{"$f":"IF(C1843=0,\"\",VLOOKUP(C1843,BNCDADOS!$A:$G,5,0))","v":71.39},328.39,{"$f":"IF(C1843=0,\"\",VLOOKUP(C1843,BNCDADOS!$A:$G,6,0))","v":"55,77"},{"$f":"IF(C1843=0,\"\",VLOOKUP(C1843,BNCDADOS!$A:$G,7,0))","v":72.47},333.36,{"$f":"SUMIF('MC - TRECHO 05'!A:A,Orçamento!A1843,'MC - TRECHO 05'!R:R)","v":4.5999999999999996}]
["6.3.5.6",{"$f":"IF(C1844=0,\"\",VLOOKUP(C1844,BNCDADOS!$A:$H,8,0))","v":"SINAPI/RN\nSERVIÇO"},87879,{"$f":"IF(C1844=0,\"\",VLOOKUP(C1844,BNCDADOS!$A:$G,2,0))","v":"CHAPISCO APLICADO EM ALVENARIAS E ESTRUTURAS DE CONCRETO INTERNAS, COM COLHER DE PEDREIRO.  ARGAMASSA TRAÇO 1:3 COM PREPARO EM BETONEIRA 400L. AF_10/2022"},{"$f":"IF(C1844=0,\"\",VLOOKUP(C1844,BNCDADOS!$A:$G,3,0))","v":"M2"},1412.92,{"$f":"IF(C1844=0,\"\",VLOOKUP(C1844,BNCDADOS!$A:$G,4,0))","v":"4,06"},{"$f":"IF(C1844=0,\"\",VLOOKUP(C1844,BNCDADOS!$A:$G,5,0))","v":5.0199999999999996},7092.85,{"$f":"IF(C1844=0,\"\",VLOOKUP(C1844,BNCDADOS!$A:$G,6,0))","v":"3,78"},{"$f":"IF(C1844=0,\"\",VLOOKUP(C1844,BNCDADOS!$A:$G,7,0))","v":4.91},6937.43,{"$f":"SUMIF('MC - TRECHO 05'!A:A,Orçamento!A1844,'MC - TRECHO 05'!R:R)","v":1412.92}]
["6.3.5.7",{"$f":"IF(C1845=0,\"\",VLOOKUP(C1845,BNCDADOS!$A:$H,8,0))","v":"SINAPI/RN\nSERVIÇO"},89173,{"$f":"IF(C1845=0,\"\",VLOOKUP(C1845,BNCDADOS!$A:$G,2,0))","v":"(COMPOSIÇÃO REPRESENTATIVA) DO SERVIÇO DE EMBOÇO/MASSA ÚNICA, APLICADO MANUALMENTE, TRAÇO 1:2:8, EM BETONEIRA DE 400L, PAREDES INTERNAS, COM EXECUÇÃO DE TALISCAS, EDIFICAÇÃO HABITACIONAL UNIFAMILIAR (CASAS) E EDIFICAÇÃO PÚBLICA PADRÃO. AF_12/2014"},{"$f":"IF(C1845=0,\"\",VLOOKUP(C1845,BNCDADOS!$A:$G,3,0))","v":"m²"},2825.84,{"$f":"IF(C1845=0,\"\",VLOOKUP(C1845,BNCDADOS!$A:$G,4,0))","v":32},{"$f":"IF(C1845=0,\"\",VLOOKUP(C1845,BNCDADOS!$A:$G,5,0))","v":39.58},111846.74,{"$f":"IF(C1845=0,\"\",VLOOKUP(C1845,BNCDADOS!$A:$G,6,0))","v":29.96},{"$f":"IF(C1845=0,\"\",VLOOKUP(C1845,BNCDADOS!$A:$G,7,0))","v":38.93},110009.95,{"$f":"SUMIF('MC - TRECHO 05'!A:A,Orçamento!A1845,'MC - TRECHO 05'!R:R)","v":2825.84}]
["6.3.5.8",{"$f":"IF(C1846=0,\"\",VLOOKUP(C1846,BNCDADOS!$A:$H,8,0))","v":"SINAPI/RN\nSERVIÇO"},89045,{"$f":"IF(C1846=0,\"\",VLOOKUP(C1846,BNCDADOS!$A:$G,2,0))","v":"(COMPOSIÇÃO REPRESENTATIVA) DO SERVIÇO DE REVESTIMENTO CERÂMICO PARA AMBIENTES DE ÁREAS MOLHADAS, MEIA PAREDE OU PAREDE INTEIRA, COM PLACAS TIPO ESMALTADA EXTRA, DIMENSÕES 20X20 CM, PARA EDIFICAÇÃO HABITACIONAL MULTIFAMILIAR (PRÉDIO). AF_11/2014"},{"$f":"IF(C1846=0,\"\",VLOOKUP(C1846,BNCDADOS!$A:$G,3,0))","v":"M²"},25.8,{"$f":"IF(C1846=0,\"\",VLOOKUP(C1846,BNCDADOS!$A:$G,4,0))","v":67.73},{"$f":"IF(C1846=0,\"\",VLOOKUP(C1846,BNCDADOS!$A:$G,5,0))","v":83.77},2161.2600000000002,{"$f":"IF(C1846=0,\"\",VLOOKUP(C1846,BNCDADOS!$A:$G,6,0))","v":65.709999999999994},{"$f":"IF(C1846=0,\"\",VLOOKUP(C1846,BNCDADOS!$A:$G,7,0))","v":85.39},2203.06,{"$f":"SUMIF('MC - TRECHO 05'!A:A,Orçamento!A1846,'MC - TRECHO 05'!R:R)","v":25.799999999999997}]
["6.3.5.9",{"$f":"IF(C1847=0,\"\",VLOOKUP(C1847,BNCDADOS!$A:$H,8,0))","v":"SINAPI/RN\nSERVIÇO"},87249,{"$f":"IF(C1847=0,\"\",VLOOKUP(C1847,BNCDADOS!$A:$G,2,0))","v":"REVESTIMENTO CERÂMICO PARA PISO COM PLACAS TIPO ESMALTADA DE DIMENSÕES 45X45 CM APLICADA EM AMBIENTES DE ÁREA MENOR QUE 5 M2. AF_02/2023_PE"},{"$f":"IF(C1847=0,\"\",VLOOKUP(C1847,BNCDADOS!$A:$G,3,0))","v":"M2"},4.5,{"$f":"IF(C1847=0,\"\",VLOOKUP(C1847,BNCDADOS!$A:$G,4,0))","v":"67,37"},{"$f":"IF(C1847=0,\"\",VLOOKUP(C1847,BNCDADOS!$A:$G,5,0))","v":83.32},374.94,{"$f":"IF(C1847=0,\"\",VLOOKUP(C1847,BNCDADOS!$A:$G,6,0))","v":"64,78"},{"$f":"IF(C1847=0,\"\",VLOOKUP(C1847,BNCDADOS!$A:$G,7,0))","v":84.18},378.81,{"$f":"SUMIF('MC - TRECHO 05'!A:A,Orçamento!A1847,'MC - TRECHO 05'!R:R)","v":4.5}]
["6.3.5.10",{"$f":"IF(C1848=0,\"\",VLOOKUP(C1848,BNCDADOS!$A:$H,8,0))","v":"SINAPI/RN\nSERVIÇO"},98553,{"$f":"IF(C1848=0,\"\",VLOOKUP(C1848,BNCDADOS!$A:$G,2,0))","v":"IMPERMEABILIZAÇÃO DE SUPERFÍCIE COM MEMBRANA À BASE DE POLIURETANO, 2 DEMÃOS. AF_09/2023"},{"$f":"IF(C1848=0,\"\",VLOOKUP(C1848,BNCDADOS!$A:$G,3,0))","v":"M2"},75,{"$f":"IF(C1848=0,\"\",VLOOKUP(C1848,BNCDADOS!$A:$G,4,0))","v":"173,85"},{"$f":"IF(C1848=0,\"\",VLOOKUP(C1848,BNCDADOS!$A:$G,5,0))","v":215.03},16127.25,{"$f":"IF(C1848=0,\"\",VLOOKUP(C1848,BNCDADOS!$A:$G,6,0))","v":"172,27"},{"$f":"IF(C1848=0,\"\",VLOOKUP(C1848,BNCDADOS!$A:$G,7,0))","v":223.88},16791,{"$f":"SUMIF('MC - TRECHO 05'!A:A,Orçamento!A1848,'MC - TRECHO 05'!R:R)","v":75}]
["6.3.6",{"$f":"IF(C1849=0,\"\",VLOOKUP(C1849,BNCDADOS!$A:$G,8,0))","v":""},null,"COBERTURA",{"$f":"IF(C1849=0,\"\",VLOOKUP(C1849,BNCDADOS!$A:$G,3,0))","v":""},0,{"$f":"IF(C1849=0,\"\",VLOOKUP(C1849,BNCDADOS!$A:$G,4,0))","v":""},{"$f":"IF(C1849=0,\"\",VLOOKUP(C1849,BNCDADOS!$A:$G,5,0))","v":""},{"$f":"SUM(I1850:I1851)","v":75892.540000000008},{"$f":"IF(C1849=0,\"\",VLOOKUP(C1849,BNCDADOS!$A:$G,6,0))","v":""},{"$f":"IF(C1849=0,\"\",VLOOKUP(C1849,BNCDADOS!$A:$G,7,0))","v":""},{"$f":"SUM(L1850:L1851)","v":79236.58},0]
["6.3.6.1",{"$f":"IF(C1850=0,\"\",VLOOKUP(C1850,BNCDADOS!$A:$H,8,0))","v":"SINAPI/RN\nSERVIÇO"},92544,{"$f":"IF(C1850=0,\"\",VLOOKUP(C1850,BNCDADOS!$A:$G,2,0))","v":"TRAMA DE MADEIRA COMPOSTA POR TERÇAS PARA TELHADOS DE ATÉ 2 ÁGUAS PARA TELHA ESTRUTURAL DE FIBROCIMENTO, INCLUSO TRANSPORTE VERTICAL. AF_07/2019"},{"$f":"IF(C1850=0,\"\",VLOOKUP(C1850,BNCDADOS!$A:$G,3,0))","v":"M2"},353.12,{"$f":"IF(C1850=0,\"\",VLOOKUP(C1850,BNCDADOS!$A:$G,4,0))","v":"20,78"},{"$f":"IF(C1850=0,\"\",VLOOKUP(C1850,BNCDADOS!$A:$G,5,0))","v":25.7},{"$f":"IF(H1850=\"\",0,TRUNC(H1850*F1850,2))","v":9075.18},{"$f":"IF(C1850=0,\"\",VLOOKUP(C1850,BNCDADOS!$A:$G,6,0))","v":"20,39"},{"$f":"IF(C1850=0,\"\",VLOOKUP(C1850,BNCDADOS!$A:$G,7,0))","v":26.49},{"$f":"IF(K1850=\"\",0,TRUNC(K1850*F1850,2))","v":9354.14},{"$f":"SUMIF('MC - TRECHO 05'!A:A,Orçamento!A1850,'MC - TRECHO 05'!R:R)","v":353.1275}]
["6.3.6.2",{"$f":"IF(C1851=0,\"\",VLOOKUP(C1851,BNCDADOS!$A:$H,8,0))","v":"SINAPI/RN\nSERVIÇO"},94218,{"$f":"IF(C1851=0,\"\",VLOOKUP(C1851,BNCDADOS!$A:$G,2,0))","v":"TELHAMENTO COM TELHA ESTRUTURAL DE FIBROCIMENTO E= 8 MM, COM ATÉ 2 ÁGUAS, INCLUSO IÇAMENTO. AF_07/2019_PS"},{"$f":"IF(C1851=0,\"\",VLOOKUP(C1851,BNCDADOS!$A:$G,3,0))","v":"M2"},353.12,{"$f":"IF(C1851=0,\"\",VLOOKUP(C1851,BNCDADOS!$A:$G,4,0))","v":"152,98"},{"$f":"IF(C1851=0,\"\",VLOOKUP(C1851,BNCDADOS!$A:$G,5,0))","v":189.22},{"$f":"IF(H1851=\"\",0,TRUNC(H1851*F1851,2))","v":66817.36},{"$f":"IF(C1851=0,\"\",VLOOKUP(C1851,BNCDADOS!$A:$G,6,0))","v":"152,28"},{"$f":"IF(C1851=0,\"\",VLOOKUP(C1851,BNCDADOS!$A:$G,7,0))","v":197.9},{"$f":"IF(K1851=\"\",0,TRUNC(K1851*F1851,2))","v":69882.44},{"$f":"SUMIF('MC - TRECHO 05'!A:A,Orçamento!A1851,'MC - TRECHO 05'!R:R)","v":353.1275}]
["6.3.7",{"$f":"IF(C1852=0,\"\",VLOOKUP(C1852,BNCDADOS!$A:$G,8,0))","v":""},null,"ESQUADRIAS",{"$f":"IF(C1852=0,\"\",VLOOKUP(C1852,BNCDADOS!$A:$G,3,0))","v":""},0,{"$f":"IF(C1852=0,\"\",VLOOKUP(C1852,BNCDADOS!$A:$G,4,0))","v":""},{"$f":"IF(C1852=0,\"\",VLOOKUP(C1852,BNCDADOS!$A:$G,5,0))","v":""},{"$f":"SUM(I1853:I1855)","v":17573.09},{"$f":"IF(C1852=0,\"\",VLOOKUP(C1852,BNCDADOS!$A:$G,6,0))","v":""},{"$f":"IF(C1852=0,\"\",VLOOKUP(C1852,BNCDADOS!$A:$G,7,0))","v":""},{"$f":"SUM(L1853:L1855)","v":18340.73},0]
["6.3.7.1",{"$f":"IF(C1853=0,\"\",VLOOKUP(C1853,BNCDADOS!$A:$H,8,0))","v":0},"COMP 21",{"$f":"IF(C1853=0,\"\",VLOOKUP(C1853,BNCDADOS!$A:$G,2,0))","v":"PORTAO DE CORRER EM GRADIL FIXO DE BARRA DE FERRO CHATA DE 3 X 1/4\" NA VERTICAL, SEM REQUADRO, ACABAMENTO NATURAL, COM TRILHOS E ROLDANAS                                                                                                                                                                                                                                                                                                                                                                 "},{"$f":"IF(C1853=0,\"\",VLOOKUP(C1853,BNCDADOS!$A:$G,3,0))","v":"M2"},9.1,{"$f":"IF(C1853=0,\"\",VLOOKUP(C1853,BNCDADOS!$A:$G,4,0))","v":703.96},{"$f":"IF(C1853=0,\"\",VLOOKUP(C1853,BNCDADOS!$A:$G,5,0))","v":870.72},{"$f":"IF(H1853=\"\",0,TRUNC(H1853*F1853,2))","v":7923.55},{"$f":"IF(C1853=0,\"\",VLOOKUP(C1853,BNCDADOS!$A:$G,6,0))","v":696.5},{"$f":"IF(C1853=0,\"\",VLOOKUP(C1853,BNCDADOS!$A:$G,7,0))","v":905.17},{"$f":"IF(K1853=\"\",0,TRUNC(K1853*F1853,2))","v":8237.0400000000009},{"$f":"SUMIF('MC - TRECHO 05'!A:A,Orçamento!A1853,'MC - TRECHO 05'!R:R)","v":9.1}]
["6.3.7.2",{"$f":"IF(C1854=0,\"\",VLOOKUP(C1854,BNCDADOS!$A:$H,8,0))","v":"SINAPI/RN\nSERVIÇO"},100701,{"$f":"IF(C1854=0,\"\",VLOOKUP(C1854,BNCDADOS!$A:$G,2,0))","v":"PORTA DE FERRO, DE ABRIR, TIPO GRADE COM CHAPA, COM GUARNIÇÕES. AF_12/2019"},{"$f":"IF(C1854=0,\"\",VLOOKUP(C1854,BNCDADOS!$A:$G,3,0))","v":"M2"},13.67,{"$f":"IF(C1854=0,\"\",VLOOKUP(C1854,BNCDADOS!$A:$G,4,0))","v":"561,07"},{"$f":"IF(C1854=0,\"\",VLOOKUP(C1854,BNCDADOS!$A:$G,5,0))","v":693.98},{"$f":"IF(H1854=\"\",0,TRUNC(H1854*F1854,2))","v":9486.7000000000007},{"$f":"IF(C1854=0,\"\",VLOOKUP(C1854,BNCDADOS!$A:$G,6,0))","v":"559,17"},{"$f":"IF(C1854=0,\"\",VLOOKUP(C1854,BNCDADOS!$A:$G,7,0))","v":726.69},{"$f":"IF(K1854=\"\",0,TRUNC(K1854*F1854,2))","v":9933.85},{"$f":"SUMIF('MC - TRECHO 05'!A:A,Orçamento!A1854,'MC - TRECHO 05'!R:R)","v":13.67}]
["6.3.7.3",{"$f":"IF(C1855=0,\"\",VLOOKUP(C1855,BNCDADOS!$A:$H,8,0))","v":"SINAPI/RN\nSERVIÇO"},94570,{"$f":"IF(C1855=0,\"\",VLOOKUP(C1855,BNCDADOS!$A:$G,2,0))","v":"JANELA DE ALUMÍNIO DE CORRER COM 2 FOLHAS PARA VIDROS, COM VIDROS, BATENTE, ACABAMENTO COM ACETATO OU BRILHANTE E FERRAGENS. EXCLUSIVE ALIZAR E CONTRAMARCO. FORNECIMENTO E INSTALAÇÃO. AF_12/2019"},{"$f":"IF(C1855=0,\"\",VLOOKUP(C1855,BNCDADOS!$A:$G,3,0))","v":"M2"},0.5,{"$f":"IF(C1855=0,\"\",VLOOKUP(C1855,BNCDADOS!$A:$G,4,0))","v":"263,31"},{"$f":"IF(C1855=0,\"\",VLOOKUP(C1855,BNCDADOS!$A:$G,5,0))","v":325.68},{"$f":"IF(H1855=\"\",0,TRUNC(H1855*F1855,2))","v":162.84},{"$f":"IF(C1855=0,\"\",VLOOKUP(C1855,BNCDADOS!$A:$G,6,0))","v":"261,38"},{"$f":"IF(C1855=0,\"\",VLOOKUP(C1855,BNCDADOS!$A:$G,7,0))","v":339.68},{"$f":"IF(K1855=\"\",0,TRUNC(K1855*F1855,2))","v":169.84},{"$f":"SUMIF('MC - TRECHO 05'!A:A,Orçamento!A1855,'MC - TRECHO 05'!R:R)","v":0.5}]
["6.3.8",{"$f":"IF(C1856=0,\"\",VLOOKUP(C1856,BNCDADOS!$A:$G,8,0))","v":""},null,"DRENAGEM",{"$f":"IF(C1856=0,\"\",VLOOKUP(C1856,BNCDADOS!$A:$G,3,0))","v":""},0,{"$f":"IF(C1856=0,\"\",VLOOKUP(C1856,BNCDADOS!$A:$G,4,0))","v":""},{"$f":"IF(C1856=0,\"\",VLOOKUP(C1856,BNCDADOS!$A:$G,5,0))","v":""},{"$f":"SUM(I1857:I1860)","v":109553.55},{"$f":"IF(C1856=0,\"\",VLOOKUP(C1856,BNCDADOS!$A:$G,6,0))","v":""},{"$f":"IF(C1856=0,\"\",VLOOKUP(C1856,BNCDADOS!$A:$G,7,0))","v":""},{"$f":"SUM(L1857:L1860)","v":114194.1},0]
["6.3.8.1",{"$f":"IF(C1857=0,\"\",VLOOKUP(C1857,BNCDADOS!$A:$H,8,0))","v":"caern"},2060193,{"$f":"IF(C1857=0,\"\",VLOOKUP(C1857,BNCDADOS!$A:$G,2,0))","v":"CAIXA ENTERRADA RETANGULAR EM ALVENARIA COM TIJOLOS CERÂMICOS MACIÇOS (ESPESSURA 20CM), DIMENSÕES INTERNAS: 0,8X0,8X1,5 M, INCLUSIVE ESCORAMENTO, ESCAVAÇÃO, REATERRO APILOADO, BOTA-FORA DE MATERIAL E TAMPA DE 10CM. R_11/2018"},{"$f":"IF(C1857=0,\"\",VLOOKUP(C1857,BNCDADOS!$A:$G,3,0))","v":"UN "},5,{"$f":"IF(C1857=0,\"\",VLOOKUP(C1857,BNCDADOS!$A:$G,4,0))","v":1820.24},{"$f":"IF(C1857=0,\"\",VLOOKUP(C1857,BNCDADOS!$A:$G,5,0))","v":2251.4499999999998},{"$f":"IF(H1857=\"\",0,TRUNC(H1857*F1857,2))","v":11257.25},{"$f":"IF(C1857=0,\"\",VLOOKUP(C1857,BNCDADOS!$A:$G,6,0))","v":1734.86},{"$f":"IF(C1857=0,\"\",VLOOKUP(C1857,BNCDADOS!$A:$G,7,0))","v":2254.62},{"$f":"IF(K1857=\"\",0,TRUNC(K1857*F1857,2))","v":11273.1},{"$f":"SUMIF('MC - TRECHO 05'!A:A,Orçamento!A1857,'MC - TRECHO 05'!R:R)","v":5}]
["6.3.8.2",{"$f":"IF(C1858=0,\"\",VLOOKUP(C1858,BNCDADOS!$A:$H,8,0))","v":"SINAPI/RN\nSERVIÇO"},94871,{"$f":"IF(C1858=0,\"\",VLOOKUP(C1858,BNCDADOS!$A:$G,2,0))","v":"TUBO DE PEAD CORRUGADO DE DUPLA PAREDE PARA REDE COLETORA DE ESGOTO, DN 300 MM, JUNTA ELÁSTICA INTEGRADA - FORNECIMENTO E ASSENTAMENTO. AF_01/2021"},{"$f":"IF(C1858=0,\"\",VLOOKUP(C1858,BNCDADOS!$A:$G,3,0))","v":"M"},{"$f":"TRUNC(M1858,2)","v":79.400000000000006},{"$f":"IF(C1858=0,\"\",VLOOKUP(C1858,BNCDADOS!$A:$G,4,0))","v":"452,78"},{"$f":"IF(C1858=0,\"\",VLOOKUP(C1858,BNCDADOS!$A:$G,5,0))","v":560.04},{"$f":"IF(H1858=\"\",0,TRUNC(H1858*F1858,2))","v":44467.17},{"$f":"IF(C1858=0,\"\",VLOOKUP(C1858,BNCDADOS!$A:$G,6,0))","v":"452,63"},{"$f":"IF(C1858=0,\"\",VLOOKUP(C1858,BNCDADOS!$A:$G,7,0))","v":588.23},{"$f":"IF(K1858=\"\",0,TRUNC(K1858*F1858,2))","v":46705.46},{"$f":"SUMIF('MC - TRECHO 05'!A:A,Orçamento!A1858,'MC - TRECHO 05'!R:R)","v":79.400000000000006}]
["6.3.8.3",{"$f":"IF(C1859=0,\"\",VLOOKUP(C1859,BNCDADOS!$A:$H,8,0))","v":"SINAPI/RN\nSERVIÇO"},96624,{"$f":"IF(C1859=0,\"\",VLOOKUP(C1859,BNCDADOS!$A:$G,2,0))","v":"LASTRO COM MATERIAL GRANULAR (PEDRA BRITADA N.2), APLICADO EM PISOS OU LAJES SOBRE SOLO, ESPESSURA DE *10 CM*. AF_01/2024"},{"$f":"IF(C1859=0,\"\",VLOOKUP(C1859,BNCDADOS!$A:$G,3,0))","v":"M3"},21.71,{"$f":"IF(C1859=0,\"\",VLOOKUP(C1859,BNCDADOS!$A:$G,4,0))","v":"262,29"},{"$f":"IF(C1859=0,\"\",VLOOKUP(C1859,BNCDADOS!$A:$G,5,0))","v":324.42},{"$f":"IF(H1859=\"\",0,TRUNC(H1859*F1859,2))","v":7043.15},{"$f":"IF(C1859=0,\"\",VLOOKUP(C1859,BNCDADOS!$A:$G,6,0))","v":"256,74"},{"$f":"IF(C1859=0,\"\",VLOOKUP(C1859,BNCDADOS!$A:$G,7,0))","v":333.65},{"$f":"IF(K1859=\"\",0,TRUNC(K1859*F1859,2))","v":7243.54},{"$f":"SUMIF('MC - TRECHO 05'!A:A,Orçamento!A1859,'MC - TRECHO 05'!R:R)","v":21.715}]
["6.3.8.4",{"$f":"IF(C1860=0,\"\",VLOOKUP(C1860,BNCDADOS!$A:$H,8,0))","v":"caern"},2120098,{"$f":"IF(C1860=0,\"\",VLOOKUP(C1860,BNCDADOS!$A:$G,2,0))","v":"GRADE EM BARRA DE FERRO DE 1.1/2\" X 1/2\" PARA CAIXA DE AREIA INCLUSIVE FIXAÇÃO, ESPAÇAMENTO DE 2,50CM. INC_11/2018"},{"$f":"IF(C1860=0,\"\",VLOOKUP(C1860,BNCDADOS!$A:$G,3,0))","v":"M²"},31.95,{"$f":"IF(C1860=0,\"\",VLOOKUP(C1860,BNCDADOS!$A:$G,4,0))","v":1183.8900000000001},{"$f":"IF(C1860=0,\"\",VLOOKUP(C1860,BNCDADOS!$A:$G,5,0))","v":1464.35},{"$f":"IF(H1860=\"\",0,TRUNC(H1860*F1860,2))","v":46785.98},{"$f":"IF(C1860=0,\"\",VLOOKUP(C1860,BNCDADOS!$A:$G,6,0))","v":1179.42},{"$f":"IF(C1860=0,\"\",VLOOKUP(C1860,BNCDADOS!$A:$G,7,0))","v":1532.77},{"$f":"IF(K1860=\"\",0,TRUNC(K1860*F1860,2))","v":48972},{"$f":"SUMIF('MC - TRECHO 05'!A:A,Orçamento!A1860,'MC - TRECHO 05'!R:R)","v":31.95}]
["6.3.9",{"$f":"IF(C1861=0,\"\",VLOOKUP(C1861,BNCDADOS!$A:$G,8,0))","v":""},null,"PAVIMENTAÇÃO",{"$f":"IF(C1861=0,\"\",VLOOKUP(C1861,BNCDADOS!$A:$G,3,0))","v":""},0,{"$f":"IF(C1861=0,\"\",VLOOKUP(C1861,BNCDADOS!$A:$G,4,0))","v":""},{"$f":"IF(C1861=0,\"\",VLOOKUP(C1861,BNCDADOS!$A:$G,5,0))","v":""},{"$f":"SUM(I1862:I1865)","v":177744.39},{"$f":"IF(C1861=0,\"\",VLOOKUP(C1861,BNCDADOS!$A:$G,6,0))","v":""},{"$f":"IF(C1861=0,\"\",VLOOKUP(C1861,BNCDADOS!$A:$G,7,0))","v":""},{"$f":"SUM(L1862:L1865)","v":181931.33},0]
["6.3.9.1",{"$f":"IF(C1862=0,\"\",VLOOKUP(C1862,BNCDADOS!$A:$H,8,0))","v":"SINAPI/RN\nSERVIÇO"},94275,{"$f":"IF(C1862=0,\"\",VLOOKUP(C1862,BNCDADOS!$A:$G,2,0))","v":"ASSENTAMENTO DE GUIA (MEIO-FIO) EM TRECHO RETO, CONFECCIONADA EM CONCRETO PRÉ-FABRICADO, DIMENSÕES 100X15X13X20 CM (COMPRIMENTO X BASE INFERIOR X BASE SUPERIOR X ALTURA). AF_01/2024"},{"$f":"IF(C1862=0,\"\",VLOOKUP(C1862,BNCDADOS!$A:$G,3,0))","v":"M"},228.2,{"$f":"IF(C1862=0,\"\",VLOOKUP(C1862,BNCDADOS!$A:$G,4,0))","v":"40,32"},{"$f":"IF(C1862=0,\"\",VLOOKUP(C1862,BNCDADOS!$A:$G,5,0))","v":49.87},{"$f":"IF(H1862=\"\",0,TRUNC(H1862*F1862,2))","v":11380.33},{"$f":"IF(C1862=0,\"\",VLOOKUP(C1862,BNCDADOS!$A:$G,6,0))","v":"39,29"},{"$f":"IF(C1862=0,\"\",VLOOKUP(C1862,BNCDADOS!$A:$G,7,0))","v":51.06},{"$f":"IF(K1862=\"\",0,TRUNC(K1862*F1862,2))","v":11651.89},{"$f":"SUMIF('MC - TRECHO 05'!A:A,Orçamento!A1862,'MC - TRECHO 05'!R:R)","v":228.2}]
["6.3.9.2",{"$f":"IF(C1863=0,\"\",VLOOKUP(C1863,BNCDADOS!$A:$H,8,0))","v":"SINAPI/RN\nSERVIÇO"},92400,{"$f":"IF(C1863=0,\"\",VLOOKUP(C1863,BNCDADOS!$A:$G,2,0))","v":"EXECUÇÃO DE PAVIMENTO EM PISO INTERTRAVADO, COM BLOCO RETANGULAR DE 20 X 10 CM, ESPESSURA 10 CM. AF_10/2022"},{"$f":"IF(C1863=0,\"\",VLOOKUP(C1863,BNCDADOS!$A:$G,3,0))","v":"M2"},643,{"$f":"IF(C1863=0,\"\",VLOOKUP(C1863,BNCDADOS!$A:$G,4,0))","v":"95,44"},{"$f":"IF(C1863=0,\"\",VLOOKUP(C1863,BNCDADOS!$A:$G,5,0))","v":118.04},{"$f":"IF(H1863=\"\",0,TRUNC(H1863*F1863,2))","v":75899.72},{"$f":"IF(C1863=0,\"\",VLOOKUP(C1863,BNCDADOS!$A:$G,6,0))","v":"93,92"},{"$f":"IF(C1863=0,\"\",VLOOKUP(C1863,BNCDADOS!$A:$G,7,0))","v":122.05},{"$f":"IF(K1863=\"\",0,TRUNC(K1863*F1863,2))","v":78478.149999999994},{"$f":"SUMIF('MC - TRECHO 05'!A:A,Orçamento!A1863,'MC - TRECHO 05'!R:R)","v":643}]
["6.3.9.3",{"$f":"IF(C1864=0,\"\",VLOOKUP(C1864,BNCDADOS!$A:$H,8,0))","v":"SINAPI/RN\nSERVIÇO"},87640,{"$f":"IF(C1864=0,\"\",VLOOKUP(C1864,BNCDADOS!$A:$G,2,0))","v":"CONTRAPISO EM ARGAMASSA TRAÇO 1:4 (CIMENTO E AREIA), PREPARO MECÂNICO COM BETONEIRA 400 L, APLICADO EM ÁREAS SECAS SOBRE LAJE, ADERIDO, ACABAMENTO NÃO REFORÇADO, ESPESSURA 4CM. AF_07/2021"},{"$f":"IF(C1864=0,\"\",VLOOKUP(C1864,BNCDADOS!$A:$G,3,0))","v":"M2"},240.5,{"$f":"IF(C1864=0,\"\",VLOOKUP(C1864,BNCDADOS!$A:$G,4,0))","v":"42,90"},{"$f":"IF(C1864=0,\"\",VLOOKUP(C1864,BNCDADOS!$A:$G,5,0))","v":53.06},{"$f":"IF(H1864=\"\",0,TRUNC(H1864*F1864,2))","v":12760.93},{"$f":"IF(C1864=0,\"\",VLOOKUP(C1864,BNCDADOS!$A:$G,6,0))","v":"41,18"},{"$f":"IF(C1864=0,\"\",VLOOKUP(C1864,BNCDADOS!$A:$G,7,0))","v":53.51},{"$f":"IF(K1864=\"\",0,TRUNC(K1864*F1864,2))","v":12869.15},{"$f":"SUMIF('MC - TRECHO 05'!A:A,Orçamento!A1864,'MC - TRECHO 05'!R:R)","v":240.5}]
["6.3.9.4",{"$f":"IF(C1865=0,\"\",VLOOKUP(C1865,BNCDADOS!$A:$H,8,0))","v":"SINAPI/RN\nSERVIÇO"},94990,{"$f":"IF(C1865=0,\"\",VLOOKUP(C1865,BNCDADOS!$A:$G,2,0))","v":"EXECUÇÃO DE PASSEIO (CALÇADA) OU PISO DE CONCRETO COM CONCRETO MOLDADO IN LOCO, FEITO EM OBRA, ACABAMENTO CONVENCIONAL, NÃO ARMADO. AF_08/2022"},{"$f":"IF(C1865=0,\"\",VLOOKUP(C1865,BNCDADOS!$A:$G,3,0))","v":"M3"},80.52,{"$f":"IF(C1865=0,\"\",VLOOKUP(C1865,BNCDADOS!$A:$G,4,0))","v":"780,20"},{"$f":"IF(C1865=0,\"\",VLOOKUP(C1865,BNCDADOS!$A:$G,5,0))","v":965.02},{"$f":"IF(H1865=\"\",0,TRUNC(H1865*F1865,2))","v":77703.41},{"$f":"IF(C1865=0,\"\",VLOOKUP(C1865,BNCDADOS!$A:$G,6,0))","v":"754,30"},{"$f":"IF(C1865=0,\"\",VLOOKUP(C1865,BNCDADOS!$A:$G,7,0))","v":980.28},{"$f":"IF(K1865=\"\",0,TRUNC(K1865*F1865,2))","v":78932.14},{"$f":"SUMIF('MC - TRECHO 05'!A:A,Orçamento!A1865,'MC - TRECHO 05'!R:R)","v":80.52}]
["6.3.10",{"$f":"IF(C1866=0,\"\",VLOOKUP(C1866,BNCDADOS!$A:$G,8,0))","v":""},null,"PINTURA",{"$f":"IF(C1866=0,\"\",VLOOKUP(C1866,BNCDADOS!$A:$G,3,0))","v":""},0,{"$f":"IF(C1866=0,\"\",VLOOKUP(C1866,BNCDADOS!$A:$G,4,0))","v":""},{"$f":"IF(C1866=0,\"\",VLOOKUP(C1866,BNCDADOS!$A:$G,5,0))","v":""},{"$f":"SUM(I1867:I1871)","v":62058.58},{"$f":"IF(C1866=0,\"\",VLOOKUP(C1866,BNCDADOS!$A:$G,6,0))","v":""},{"$f":"IF(C1866=0,\"\",VLOOKUP(C1866,BNCDADOS!$A:$G,7,0))","v":""},{"$f":"SUM(L1867:L1871)","v":60969.39},0]
["6.3.10.1",{"$f":"IF(C1867=0,\"\",VLOOKUP(C1867,BNCDADOS!$A:$H,8,0))","v":"SINAPI/RN\nSERVIÇO"},88485,{"$f":"IF(C1867=0,\"\",VLOOKUP(C1867,BNCDADOS!$A:$G,2,0))","v":"FUNDO SELADOR ACRÍLICO, APLICAÇÃO MANUAL EM PAREDE, UMA DEMÃO. AF_04/2023"},{"$f":"IF(C1867=0,\"\",VLOOKUP(C1867,BNCDADOS!$A:$G,3,0))","v":"M2"},2846.24,{"$f":"IF(C1867=0,\"\",VLOOKUP(C1867,BNCDADOS!$A:$G,4,0))","v":"3,30"},{"$f":"IF(C1867=0,\"\",VLOOKUP(C1867,BNCDADOS!$A:$G,5,0))","v":4.08},{"$f":"IF(H1867=\"\",0,TRUNC(H1867*F1867,2))","v":11612.65},{"$f":"IF(C1867=0,\"\",VLOOKUP(C1867,BNCDADOS!$A:$G,6,0))","v":"3,06"},{"$f":"IF(C1867=0,\"\",VLOOKUP(C1867,BNCDADOS!$A:$G,7,0))","v":3.97},{"$f":"IF(K1867=\"\",0,TRUNC(K1867*F1867,2))","v":11299.57},{"$f":"SUMIF('MC - TRECHO 05'!A:A,Orçamento!A1867,'MC - TRECHO 05'!R:R)","v":2846.2400000000002}]
["6.3.10.2",{"$f":"IF(C1868=0,\"\",VLOOKUP(C1868,BNCDADOS!$A:$H,8,0))","v":"SINAPI/RN\nSERVIÇO"},104642,{"$f":"IF(C1868=0,\"\",VLOOKUP(C1868,BNCDADOS!$A:$G,2,0))","v":"PINTURA LÁTEX ACRÍLICA STANDARD, APLICAÇÃO MANUAL EM PAREDES, DUAS DEMÃOS. AF_04/2023"},{"$f":"IF(C1868=0,\"\",VLOOKUP(C1868,BNCDADOS!$A:$G,3,0))","v":"M2"},2846.24,{"$f":"IF(C1868=0,\"\",VLOOKUP(C1868,BNCDADOS!$A:$G,4,0))","v":"10,29"},{"$f":"IF(C1868=0,\"\",VLOOKUP(C1868,BNCDADOS!$A:$G,5,0))","v":12.72},{"$f":"IF(H1868=\"\",0,TRUNC(H1868*F1868,2))","v":36204.17},{"$f":"IF(C1868=0,\"\",VLOOKUP(C1868,BNCDADOS!$A:$G,6,0))","v":"9,70"},{"$f":"IF(C1868=0,\"\",VLOOKUP(C1868,BNCDADOS!$A:$G,7,0))","v":12.6},{"$f":"IF(K1868=\"\",0,TRUNC(K1868*F1868,2))","v":35862.620000000003},{"$f":"SUMIF('MC - TRECHO 05'!A:A,Orçamento!A1868,'MC - TRECHO 05'!R:R)","v":2846.2400000000002}]
["6.3.10.3",{"$f":"IF(C1869=0,\"\",VLOOKUP(C1869,BNCDADOS!$A:$H,8,0))","v":"SINAPI/RN\nSERVIÇO"},100720,{"$f":"IF(C1869=0,\"\",VLOOKUP(C1869,BNCDADOS!$A:$G,2,0))","v":"PINTURA COM TINTA ALQUÍDICA DE FUNDO (TIPO ZARCÃO) APLICADA A ROLO OU PINCEL SOBRE PERFIL METÁLICO EXECUTADO EM FÁBRICA (POR DEMÃO). AF_01/2020"},{"$f":"IF(C1869=0,\"\",VLOOKUP(C1869,BNCDADOS!$A:$G,3,0))","v":"M2"},182.8,{"$f":"IF(C1869=0,\"\",VLOOKUP(C1869,BNCDADOS!$A:$G,4,0))","v":"10,27"},{"$f":"IF(C1869=0,\"\",VLOOKUP(C1869,BNCDADOS!$A:$G,5,0))","v":12.7},{"$f":"IF(H1869=\"\",0,TRUNC(H1869*F1869,2))","v":2321.56},{"$f":"IF(C1869=0,\"\",VLOOKUP(C1869,BNCDADOS!$A:$G,6,0))","v":"9,65"},{"$f":"IF(C1869=0,\"\",VLOOKUP(C1869,BNCDADOS!$A:$G,7,0))","v":12.54},{"$f":"IF(K1869=\"\",0,TRUNC(K1869*F1869,2))","v":2292.31},{"$f":"SUMIF('MC - TRECHO 05'!A:A,Orçamento!A1869,'MC - TRECHO 05'!R:R)","v":182.8}]
["6.3.10.4",{"$f":"IF(C1870=0,\"\",VLOOKUP(C1870,BNCDADOS!$A:$H,8,0))","v":"SINAPI/RN\nSERVIÇO"},100758,{"$f":"IF(C1870=0,\"\",VLOOKUP(C1870,BNCDADOS!$A:$G,2,0))","v":"PINTURA COM TINTA ALQUÍDICA DE ACABAMENTO (ESMALTE SINTÉTICO ACETINADO) APLICADA A ROLO OU PINCEL SOBRE SUPERFÍCIES METÁLICAS (EXCETO PERFIL) EXECUTADO EM OBRA (02 DEMÃOS). AF_01/2020"},{"$f":"IF(C1870=0,\"\",VLOOKUP(C1870,BNCDADOS!$A:$G,3,0))","v":"M2"},182.8,{"$f":"IF(C1870=0,\"\",VLOOKUP(C1870,BNCDADOS!$A:$G,4,0))","v":"48,50"},{"$f":"IF(C1870=0,\"\",VLOOKUP(C1870,BNCDADOS!$A:$G,5,0))","v":59.98},{"$f":"IF(H1870=\"\",0,TRUNC(H1870*F1870,2))","v":10964.34},{"$f":"IF(C1870=0,\"\",VLOOKUP(C1870,BNCDADOS!$A:$G,6,0))","v":"44,55"},{"$f":"IF(C1870=0,\"\",VLOOKUP(C1870,BNCDADOS!$A:$G,7,0))","v":57.89},{"$f":"IF(K1870=\"\",0,TRUNC(K1870*F1870,2))","v":10582.29},{"$f":"SUMIF('MC - TRECHO 05'!A:A,Orçamento!A1870,'MC - TRECHO 05'!R:R)","v":182.8}]
["6.3.10.5",{"$f":"IF(C1871=0,\"\",VLOOKUP(C1871,BNCDADOS!$A:$H,8,0))","v":"SINAPI/RN\nSERVIÇO"},102203,{"$f":"IF(C1871=0,\"\",VLOOKUP(C1871,BNCDADOS!$A:$G,2,0))","v":"PINTURA VERNIZ (INCOLOR) ALQUÍDICO EM MADEIRA, USO INTERNO E EXTERNO, 1 DEMÃO. AF_01/2021"},{"$f":"IF(C1871=0,\"\",VLOOKUP(C1871,BNCDADOS!$A:$G,3,0))","v":"M2"},80.19,{"$f":"IF(C1871=0,\"\",VLOOKUP(C1871,BNCDADOS!$A:$G,4,0))","v":"9,64"},{"$f":"IF(C1871=0,\"\",VLOOKUP(C1871,BNCDADOS!$A:$G,5,0))","v":11.92},{"$f":"IF(H1871=\"\",0,TRUNC(H1871*F1871,2))","v":955.86},{"$f":"IF(C1871=0,\"\",VLOOKUP(C1871,BNCDADOS!$A:$G,6,0))","v":"8,95"},{"$f":"IF(C1871=0,\"\",VLOOKUP(C1871,BNCDADOS!$A:$G,7,0))","v":11.63},{"$f":"IF(K1871=\"\",0,TRUNC(K1871*F1871,2))","v":932.6},{"$f":"SUMIF('MC - TRECHO 05'!A:A,Orçamento!A1871,'MC - TRECHO 05'!R:R)","v":80.19}]
["6.3.11",{"$f":"IF(C1872=0,\"\",VLOOKUP(C1872,BNCDADOS!$A:$G,8,0))","v":""},null,"INSTALAÇÃO ELÉTRICA",{"$f":"IF(C1872=0,\"\",VLOOKUP(C1872,BNCDADOS!$A:$G,3,0))","v":""},0,{"$f":"IF(C1872=0,\"\",VLOOKUP(C1872,BNCDADOS!$A:$G,4,0))","v":""},{"$f":"IF(C1872=0,\"\",VLOOKUP(C1872,BNCDADOS!$A:$G,5,0))","v":""},{"$f":"SUM(I1873:I1903)","v":296591.85000000009},{"$f":"IF(C1872=0,\"\",VLOOKUP(C1872,BNCDADOS!$A:$G,6,0))","v":""},{"$f":"IF(C1872=0,\"\",VLOOKUP(C1872,BNCDADOS!$A:$G,7,0))","v":""},{"$f":"SUM(L1873:L1903)","v":305042.13000000006},0]
["6.3.11.1",{"$f":"IF(C1873=0,\"\",VLOOKUP(C1873,BNCDADOS!$A:$H,8,0))","v":0},"COMP 27",{"$f":"IF(C1873=0,\"\",VLOOKUP(C1873,BNCDADOS!$A:$G,2,0))","v":"INSTALAÇÃO DE POSTE DE ENTRADA DE ENERGIA PARA SUBSTAÇÃO ABRIGADA, PROTEÇÃO GERAL, POSTES, CRUZETAS, E CAIXA DE PASSAGEM"},{"$f":"IF(C1873=0,\"\",VLOOKUP(C1873,BNCDADOS!$A:$G,3,0))","v":"UN"},1,{"$f":"IF(C1873=0,\"\",VLOOKUP(C1873,BNCDADOS!$A:$G,4,0))","v":14431.300000000001},{"$f":"IF(C1873=0,\"\",VLOOKUP(C1873,BNCDADOS!$A:$G,5,0))","v":17850.07},{"$f":"IF(H1873=\"\",0,TRUNC(H1873*F1873,2))","v":17850.07},{"$f":"IF(C1873=0,\"\",VLOOKUP(C1873,BNCDADOS!$A:$G,6,0))","v":14205.919999999998},{"$f":"IF(C1873=0,\"\",VLOOKUP(C1873,BNCDADOS!$A:$G,7,0))","v":18462.009999999998},{"$f":"IF(K1873=\"\",0,TRUNC(K1873*F1873,2))","v":18462.009999999998},{"$f":"SUMIF('MC - TRECHO 05'!A:A,Orçamento!A1873,'MC - TRECHO 05'!R:R)","v":1}]
["6.3.11.2",{"$f":"IF(C1874=0,\"\",VLOOKUP(C1874,BNCDADOS!$A:$H,8,0))","v":"SINAPI/RN\nSERVIÇO"},101878,{"$f":"IF(C1874=0,\"\",VLOOKUP(C1874,BNCDADOS!$A:$G,2,0))","v":"QUADRO DE DISTRIBUIÇÃO DE ENERGIA EM CHAPA DE AÇO GALVANIZADO, DE SOBREPOR, COM BARRAMENTO TRIFÁSICO, PARA 18 DISJUNTORES DIN 100A - FORNECIMENTO E INSTALAÇÃO. AF_10/2020"},{"$f":"IF(C1874=0,\"\",VLOOKUP(C1874,BNCDADOS!$A:$G,3,0))","v":"UN"},1,{"$f":"IF(C1874=0,\"\",VLOOKUP(C1874,BNCDADOS!$A:$G,4,0))","v":"474,58"},{"$f":"IF(C1874=0,\"\",VLOOKUP(C1874,BNCDADOS!$A:$G,5,0))","v":587},587,{"$f":"IF(C1874=0,\"\",VLOOKUP(C1874,BNCDADOS!$A:$G,6,0))","v":"466,38"},{"$f":"IF(C1874=0,\"\",VLOOKUP(C1874,BNCDADOS!$A:$G,7,0))","v":606.1},606.1,{"$f":"SUMIF('MC - TRECHO 05'!A:A,Orçamento!A1874,'MC - TRECHO 05'!R:R)","v":1}]
["6.3.11.3",{"$f":"IF(C1875=0,\"\",VLOOKUP(C1875,BNCDADOS!$A:$H,8,0))","v":"SINAPI/RN\nSERVIÇO"},93673,{"$f":"IF(C1875=0,\"\",VLOOKUP(C1875,BNCDADOS!$A:$G,2,0))","v":"DISJUNTOR TRIPOLAR TIPO DIN, CORRENTE NOMINAL DE 50A - FORNECIMENTO E INSTALAÇÃO. AF_10/2020"},{"$f":"IF(C1875=0,\"\",VLOOKUP(C1875,BNCDADOS!$A:$G,3,0))","v":"UN"},1,{"$f":"IF(C1875=0,\"\",VLOOKUP(C1875,BNCDADOS!$A:$G,4,0))","v":"94,84"},{"$f":"IF(C1875=0,\"\",VLOOKUP(C1875,BNCDADOS!$A:$G,5,0))","v":117.3},117.3,{"$f":"IF(C1875=0,\"\",VLOOKUP(C1875,BNCDADOS!$A:$G,6,0))","v":"91,78"},{"$f":"IF(C1875=0,\"\",VLOOKUP(C1875,BNCDADOS!$A:$G,7,0))","v":119.27},119.27,{"$f":"SUMIF('MC - TRECHO 05'!A:A,Orçamento!A1875,'MC - TRECHO 05'!R:R)","v":1}]
["6.3.11.4",{"$f":"IF(C1876=0,\"\",VLOOKUP(C1876,BNCDADOS!$A:$H,8,0))","v":"caern"},1060429,{"$f":"IF(C1876=0,\"\",VLOOKUP(C1876,BNCDADOS!$A:$G,2,0))","v":"DISJUNTOR DIFERENCIAL DR 63A. R_05/2019"},{"$f":"IF(C1876=0,\"\",VLOOKUP(C1876,BNCDADOS!$A:$G,3,0))","v":"UN "},1,{"$f":"IF(C1876=0,\"\",VLOOKUP(C1876,BNCDADOS!$A:$G,4,0))","v":171.19},{"$f":"IF(C1876=0,\"\",VLOOKUP(C1876,BNCDADOS!$A:$G,5,0))","v":211.74},211.74,{"$f":"IF(C1876=0,\"\",VLOOKUP(C1876,BNCDADOS!$A:$G,6,0))","v":168.22},{"$f":"IF(C1876=0,\"\",VLOOKUP(C1876,BNCDADOS!$A:$G,7,0))","v":218.61},218.61,{"$f":"SUMIF('MC - TRECHO 05'!A:A,Orçamento!A1876,'MC - TRECHO 05'!R:R)","v":1}]
["6.3.11.5",{"$f":"IF(C1877=0,\"\",VLOOKUP(C1877,BNCDADOS!$A:$H,8,0))","v":"SINAPI/RN\nSERVIÇO"},93653,{"$f":"IF(C1877=0,\"\",VLOOKUP(C1877,BNCDADOS!$A:$G,2,0))","v":"DISJUNTOR MONOPOLAR TIPO DIN, CORRENTE NOMINAL DE 10A - FORNECIMENTO E INSTALAÇÃO. AF_10/2020"},{"$f":"IF(C1877=0,\"\",VLOOKUP(C1877,BNCDADOS!$A:$G,3,0))","v":"UN"},1,{"$f":"IF(C1877=0,\"\",VLOOKUP(C1877,BNCDADOS!$A:$G,4,0))","v":"11,31"},{"$f":"IF(C1877=0,\"\",VLOOKUP(C1877,BNCDADOS!$A:$G,5,0))","v":13.98},13.98,{"$f":"IF(C1877=0,\"\",VLOOKUP(C1877,BNCDADOS!$A:$G,6,0))","v":"11,11"},{"$f":"IF(C1877=0,\"\",VLOOKUP(C1877,BNCDADOS!$A:$G,7,0))","v":14.43},14.43,{"$f":"SUMIF('MC - TRECHO 05'!A:A,Orçamento!A1877,'MC - TRECHO 05'!R:R)","v":1}]
["6.3.11.6",{"$f":"IF(C1878=0,\"\",VLOOKUP(C1878,BNCDADOS!$A:$H,8,0))","v":"SINAPI/RN\nSERVIÇO"},93654,{"$f":"IF(C1878=0,\"\",VLOOKUP(C1878,BNCDADOS!$A:$G,2,0))","v":"DISJUNTOR MONOPOLAR TIPO DIN, CORRENTE NOMINAL DE 16A - FORNECIMENTO E INSTALAÇÃO. AF_10/2020"},{"$f":"IF(C1878=0,\"\",VLOOKUP(C1878,BNCDADOS!$A:$G,3,0))","v":"UN"},8,{"$f":"IF(C1878=0,\"\",VLOOKUP(C1878,BNCDADOS!$A:$G,4,0))","v":"11,95"},{"$f":"IF(C1878=0,\"\",VLOOKUP(C1878,BNCDADOS!$A:$G,5,0))","v":14.78},118.24,{"$f":"IF(C1878=0,\"\",VLOOKUP(C1878,BNCDADOS!$A:$G,6,0))","v":"11,68"},{"$f":"IF(C1878=0,\"\",VLOOKUP(C1878,BNCDADOS!$A:$G,7,0))","v":15.17},121.36,{"$f":"SUMIF('MC - TRECHO 05'!A:A,Orçamento!A1878,'MC - TRECHO 05'!R:R)","v":8}]
["6.3.11.7",{"$f":"IF(C1879=0,\"\",VLOOKUP(C1879,BNCDADOS!$A:$H,8,0))","v":"SINAPI/RN\nSERVIÇO"},93655,{"$f":"IF(C1879=0,\"\",VLOOKUP(C1879,BNCDADOS!$A:$G,2,0))","v":"DISJUNTOR MONOPOLAR TIPO DIN, CORRENTE NOMINAL DE 20A - FORNECIMENTO E INSTALAÇÃO. AF_10/2020"},{"$f":"IF(C1879=0,\"\",VLOOKUP(C1879,BNCDADOS!$A:$G,3,0))","v":"UN"},1,{"$f":"IF(C1879=0,\"\",VLOOKUP(C1879,BNCDADOS!$A:$G,4,0))","v":"13,20"},{"$f":"IF(C1879=0,\"\",VLOOKUP(C1879,BNCDADOS!$A:$G,5,0))","v":16.32},16.32,{"$f":"IF(C1879=0,\"\",VLOOKUP(C1879,BNCDADOS!$A:$G,6,0))","v":"12,85"},{"$f":"IF(C1879=0,\"\",VLOOKUP(C1879,BNCDADOS!$A:$G,7,0))","v":16.690000000000001},16.690000000000001,{"$f":"SUMIF('MC - TRECHO 05'!A:A,Orçamento!A1879,'MC - TRECHO 05'!R:R)","v":1}]
["6.3.11.8",{"$f":"IF(C1880=0,\"\",VLOOKUP(C1880,BNCDADOS!$A:$H,8,0))","v":"SINAPI/RN\nSERVIÇO"},93000,{"$f":"IF(C1880=0,\"\",VLOOKUP(C1880,BNCDADOS!$A:$G,2,0))","v":"CABO DE COBRE FLEXÍVEL ISOLADO, 240 MM², ANTI-CHAMA 0,6/1,0 KV, PARA REDE ENTERRADA DE DISTRIBUIÇÃO DE ENERGIA ELÉTRICA - FORNECIMENTO E INSTALAÇÃO. AF_12/2021"},{"$f":"IF(C1880=0,\"\",VLOOKUP(C1880,BNCDADOS!$A:$G,3,0))","v":"M"},390,{"$f":"IF(C1880=0,\"\",VLOOKUP(C1880,BNCDADOS!$A:$G,4,0))","v":"293,85"},{"$f":"IF(C1880=0,\"\",VLOOKUP(C1880,BNCDADOS!$A:$G,5,0))","v":363.46},141749.4,{"$f":"IF(C1880=0,\"\",VLOOKUP(C1880,BNCDADOS!$A:$G,6,0))","v":"292,50"},{"$f":"IF(C1880=0,\"\",VLOOKUP(C1880,BNCDADOS!$A:$G,7,0))","v":380.13},148250.70000000001,{"$f":"SUMIF('MC - TRECHO 05'!A:A,Orçamento!A1880,'MC - TRECHO 05'!R:R)","v":390}]
["6.3.11.9",{"$f":"IF(C1881=0,\"\",VLOOKUP(C1881,BNCDADOS!$A:$H,8,0))","v":"SINAPI/RN\nSERVIÇO"},91931,{"$f":"IF(C1881=0,\"\",VLOOKUP(C1881,BNCDADOS!$A:$G,2,0))","v":"CABO DE COBRE FLEXÍVEL ISOLADO, 6 MM², ANTI-CHAMA 0,6/1,0 KV, PARA CIRCUITOS TERMINAIS - FORNECIMENTO E INSTALAÇÃO. AF_03/2023"},{"$f":"IF(C1881=0,\"\",VLOOKUP(C1881,BNCDADOS!$A:$G,3,0))","v":"M"},15,{"$f":"IF(C1881=0,\"\",VLOOKUP(C1881,BNCDADOS!$A:$G,4,0))","v":"11,29"},{"$f":"IF(C1881=0,\"\",VLOOKUP(C1881,BNCDADOS!$A:$G,5,0))","v":13.96},209.4,{"$f":"IF(C1881=0,\"\",VLOOKUP(C1881,BNCDADOS!$A:$G,6,0))","v":"11,02"},{"$f":"IF(C1881=0,\"\",VLOOKUP(C1881,BNCDADOS!$A:$G,7,0))","v":14.32},214.8,{"$f":"SUMIF('MC - TRECHO 05'!A:A,Orçamento!A1881,'MC - TRECHO 05'!R:R)","v":15}]
["6.3.11.10",{"$f":"IF(C1882=0,\"\",VLOOKUP(C1882,BNCDADOS!$A:$H,8,0))","v":"SINAPI/RN\nSERVIÇO"},91929,{"$f":"IF(C1882=0,\"\",VLOOKUP(C1882,BNCDADOS!$A:$G,2,0))","v":"CABO DE COBRE FLEXÍVEL ISOLADO, 4 MM², ANTI-CHAMA 0,6/1,0 KV, PARA CIRCUITOS TERMINAIS - FORNECIMENTO E INSTALAÇÃO. AF_03/2023"},{"$f":"IF(C1882=0,\"\",VLOOKUP(C1882,BNCDADOS!$A:$G,3,0))","v":"M"},115.5,{"$f":"IF(C1882=0,\"\",VLOOKUP(C1882,BNCDADOS!$A:$G,4,0))","v":"7,98"},{"$f":"IF(C1882=0,\"\",VLOOKUP(C1882,BNCDADOS!$A:$G,5,0))","v":9.8699999999999992},1139.98,{"$f":"IF(C1882=0,\"\",VLOOKUP(C1882,BNCDADOS!$A:$G,6,0))","v":"7,76"},{"$f":"IF(C1882=0,\"\",VLOOKUP(C1882,BNCDADOS!$A:$G,7,0))","v":10.08},1164.24,{"$f":"SUMIF('MC - TRECHO 05'!A:A,Orçamento!A1882,'MC - TRECHO 05'!R:R)","v":115.5}]
["6.3.11.11",{"$f":"IF(C1883=0,\"\",VLOOKUP(C1883,BNCDADOS!$A:$H,8,0))","v":"SINAPI/RN\nSERVIÇO"},91927,{"$f":"IF(C1883=0,\"\",VLOOKUP(C1883,BNCDADOS!$A:$G,2,0))","v":"CABO DE COBRE FLEXÍVEL ISOLADO, 2,5 MM², ANTI-CHAMA 0,6/1,0 KV, PARA CIRCUITOS TERMINAIS - FORNECIMENTO E INSTALAÇÃO. AF_03/2023"},{"$f":"IF(C1883=0,\"\",VLOOKUP(C1883,BNCDADOS!$A:$G,3,0))","v":"M"},90,{"$f":"IF(C1883=0,\"\",VLOOKUP(C1883,BNCDADOS!$A:$G,4,0))","v":"5,38"},{"$f":"IF(C1883=0,\"\",VLOOKUP(C1883,BNCDADOS!$A:$G,5,0))","v":6.65},598.5,{"$f":"IF(C1883=0,\"\",VLOOKUP(C1883,BNCDADOS!$A:$G,6,0))","v":"5,22"},{"$f":"IF(C1883=0,\"\",VLOOKUP(C1883,BNCDADOS!$A:$G,7,0))","v":6.78},610.20000000000005,{"$f":"SUMIF('MC - TRECHO 05'!A:A,Orçamento!A1883,'MC - TRECHO 05'!R:R)","v":90}]
["6.3.11.12",{"$f":"IF(C1884=0,\"\",VLOOKUP(C1884,BNCDADOS!$A:$H,8,0))","v":"SINAPI/RN\nSERVIÇO"},91854,{"$f":"IF(C1884=0,\"\",VLOOKUP(C1884,BNCDADOS!$A:$G,2,0))","v":"ELETRODUTO FLEXÍVEL CORRUGADO, PVC, DN 25 MM (3/4\"), PARA CIRCUITOS TERMINAIS, INSTALADO EM PAREDE - FORNECIMENTO E INSTALAÇÃO. AF_03/2023"},{"$f":"IF(C1884=0,\"\",VLOOKUP(C1884,BNCDADOS!$A:$G,3,0))","v":"M"},5.5,{"$f":"IF(C1884=0,\"\",VLOOKUP(C1884,BNCDADOS!$A:$G,4,0))","v":"8,73"},{"$f":"IF(C1884=0,\"\",VLOOKUP(C1884,BNCDADOS!$A:$G,5,0))","v":10.79},59.34,{"$f":"IF(C1884=0,\"\",VLOOKUP(C1884,BNCDADOS!$A:$G,6,0))","v":"8,01"},{"$f":"IF(C1884=0,\"\",VLOOKUP(C1884,BNCDADOS!$A:$G,7,0))","v":10.4},57.2,{"$f":"SUMIF('MC - TRECHO 05'!A:A,Orçamento!A1884,'MC - TRECHO 05'!R:R)","v":5.5}]
["6.3.11.13",{"$f":"IF(C1885=0,\"\",VLOOKUP(C1885,BNCDADOS!$A:$H,8,0))","v":"SINAPI/RN\nSERVIÇO"},95728,{"$f":"IF(C1885=0,\"\",VLOOKUP(C1885,BNCDADOS!$A:$G,2,0))","v":"ELETRODUTO RÍGIDO SOLDÁVEL, PVC, DN 32 MM (1\u0094), APARENTE - FORNECIMENTO E INSTALAÇÃO. AF_10/2022_PA"},{"$f":"IF(C1885=0,\"\",VLOOKUP(C1885,BNCDADOS!$A:$G,3,0))","v":"M"},38,{"$f":"IF(C1885=0,\"\",VLOOKUP(C1885,BNCDADOS!$A:$G,4,0))","v":"23,88"},{"$f":"IF(C1885=0,\"\",VLOOKUP(C1885,BNCDADOS!$A:$G,5,0))","v":29.53},1122.1400000000001,{"$f":"IF(C1885=0,\"\",VLOOKUP(C1885,BNCDADOS!$A:$G,6,0))","v":"22,13"},{"$f":"IF(C1885=0,\"\",VLOOKUP(C1885,BNCDADOS!$A:$G,7,0))","v":28.76},1092.8800000000001,{"$f":"SUMIF('MC - TRECHO 05'!A:A,Orçamento!A1885,'MC - TRECHO 05'!R:R)","v":38}]
["6.3.11.14",{"$f":"IF(C1886=0,\"\",VLOOKUP(C1886,BNCDADOS!$A:$H,8,0))","v":"SINAPI/RN\nSERVIÇO"},93011,{"$f":"IF(C1886=0,\"\",VLOOKUP(C1886,BNCDADOS!$A:$G,2,0))","v":"ELETRODUTO RÍGIDO ROSCÁVEL, PVC, DN 85 MM (3\"), PARA REDE ENTERRADA DE DISTRIBUIÇÃO DE ENERGIA ELÉTRICA - FORNECIMENTO E INSTALAÇÃO. AF_12/2021"},{"$f":"IF(C1886=0,\"\",VLOOKUP(C1886,BNCDADOS!$A:$G,3,0))","v":"M"},25.5,{"$f":"IF(C1886=0,\"\",VLOOKUP(C1886,BNCDADOS!$A:$G,4,0))","v":"34,98"},{"$f":"IF(C1886=0,\"\",VLOOKUP(C1886,BNCDADOS!$A:$G,5,0))","v":43.26},1103.1300000000001,{"$f":"IF(C1886=0,\"\",VLOOKUP(C1886,BNCDADOS!$A:$G,6,0))","v":"34,06"},{"$f":"IF(C1886=0,\"\",VLOOKUP(C1886,BNCDADOS!$A:$G,7,0))","v":44.26},1128.6300000000001,{"$f":"SUMIF('MC - TRECHO 05'!A:A,Orçamento!A1886,'MC - TRECHO 05'!R:R)","v":25.5}]
["6.3.11.15",{"$f":"IF(C1887=0,\"\",VLOOKUP(C1887,BNCDADOS!$A:$H,8,0))","v":"SINAPI/RN\nSERVIÇO"},97882,{"$f":"IF(C1887=0,\"\",VLOOKUP(C1887,BNCDADOS!$A:$G,2,0))","v":"CAIXA ENTERRADA ELÉTRICA RETANGULAR, EM CONCRETO PRÉ-MOLDADO, FUNDO COM BRITA, DIMENSÕES INTERNAS: 0,4X0,4X0,4 M. AF_12/2020"},{"$f":"IF(C1887=0,\"\",VLOOKUP(C1887,BNCDADOS!$A:$G,3,0))","v":"UN"},9,{"$f":"IF(C1887=0,\"\",VLOOKUP(C1887,BNCDADOS!$A:$G,4,0))","v":"215,84"},{"$f":"IF(C1887=0,\"\",VLOOKUP(C1887,BNCDADOS!$A:$G,5,0))","v":266.97000000000003},2402.73,{"$f":"IF(C1887=0,\"\",VLOOKUP(C1887,BNCDADOS!$A:$G,6,0))","v":"212,07"},{"$f":"IF(C1887=0,\"\",VLOOKUP(C1887,BNCDADOS!$A:$G,7,0))","v":275.60000000000002},2480.4,{"$f":"SUMIF('MC - TRECHO 05'!A:A,Orçamento!A1887,'MC - TRECHO 05'!R:R)","v":9}]
["6.3.11.16",{"$f":"IF(C1888=0,\"\",VLOOKUP(C1888,BNCDADOS!$A:$H,8,0))","v":"caern"},2070407,{"$f":"IF(C1888=0,\"\",VLOOKUP(C1888,BNCDADOS!$A:$G,2,0))","v":"CONJUNTO ILUMINAÇÃO EXTERNA TIPO PÉTALA COM 01 REFLETOR LED DE 100 W E POSTE CIRCULAR DE 9M EM CONCRETO. INC_05/2020"},{"$f":"IF(C1888=0,\"\",VLOOKUP(C1888,BNCDADOS!$A:$G,3,0))","v":"UN "},6,{"$f":"IF(C1888=0,\"\",VLOOKUP(C1888,BNCDADOS!$A:$G,4,0))","v":2381.63},{"$f":"IF(C1888=0,\"\",VLOOKUP(C1888,BNCDADOS!$A:$G,5,0))","v":2945.83},{"$f":"IF(H1888=\"\",0,TRUNC(H1888*F1888,2))","v":17674.98},{"$f":"IF(C1888=0,\"\",VLOOKUP(C1888,BNCDADOS!$A:$G,6,0))","v":2346.0200000000004},{"$f":"IF(C1888=0,\"\",VLOOKUP(C1888,BNCDADOS!$A:$G,7,0))","v":3048.88},{"$f":"IF(K1888=\"\",0,TRUNC(K1888*F1888,2))","v":18293.28},{"$f":"SUMIF('MC - TRECHO 05'!A:A,Orçamento!A1888,'MC - TRECHO 05'!R:R)","v":6}]
["6.3.11.17",{"$f":"IF(C1889=0,\"\",VLOOKUP(C1889,BNCDADOS!$A:$H,8,0))","v":"SINAPI/RN\nSERVIÇO"},97586,{"$f":"IF(C1889=0,\"\",VLOOKUP(C1889,BNCDADOS!$A:$G,2,0))","v":"LUMINÁRIA TIPO CALHA, DE SOBREPOR, COM 2 LÂMPADAS TUBULARES FLUORESCENTES DE 36 W, COM REATOR DE PARTIDA RÁPIDA - FORNECIMENTO E INSTALAÇÃO. AF_02/2020 "},{"$f":"IF(C1889=0,\"\",VLOOKUP(C1889,BNCDADOS!$A:$G,3,0))","v":"UN"},19,{"$f":"IF(C1889=0,\"\",VLOOKUP(C1889,BNCDADOS!$A:$G,4,0))","v":173.43},{"$f":"IF(C1889=0,\"\",VLOOKUP(C1889,BNCDADOS!$A:$G,5,0))","v":214.51},4075.69,{"$f":"IF(C1889=0,\"\",VLOOKUP(C1889,BNCDADOS!$A:$G,6,0))","v":171.79},{"$f":"IF(C1889=0,\"\",VLOOKUP(C1889,BNCDADOS!$A:$G,7,0))","v":223.25},4241.75,{"$f":"SUMIF('MC - TRECHO 05'!A:A,Orçamento!A1889,'MC - TRECHO 05'!R:R)","v":19}]
["6.3.11.18",{"$f":"IF(C1890=0,\"\",VLOOKUP(C1890,BNCDADOS!$A:$H,8,0))","v":"SINAPI/RN\nSERVIÇO"},97589,{"$f":"IF(C1890=0,\"\",VLOOKUP(C1890,BNCDADOS!$A:$G,2,0))","v":"LUMINÁRIA TIPO PLAFON EM PLÁSTICO, DE SOBREPOR, COM 1 LÂMPADA FLUORESCENTE DE 15 W, SEM REATOR - FORNECIMENTO E INSTALAÇÃO. AF_02/2020"},{"$f":"IF(C1890=0,\"\",VLOOKUP(C1890,BNCDADOS!$A:$G,3,0))","v":"UN"},1,{"$f":"IF(C1890=0,\"\",VLOOKUP(C1890,BNCDADOS!$A:$G,4,0))","v":44.24},{"$f":"IF(C1890=0,\"\",VLOOKUP(C1890,BNCDADOS!$A:$G,5,0))","v":54.72},54.72,{"$f":"IF(C1890=0,\"\",VLOOKUP(C1890,BNCDADOS!$A:$G,6,0))","v":42.12},{"$f":"IF(C1890=0,\"\",VLOOKUP(C1890,BNCDADOS!$A:$G,7,0))","v":54.73},54.73,{"$f":"SUMIF('MC - TRECHO 05'!A:A,Orçamento!A1890,'MC - TRECHO 05'!R:R)","v":1}]
["6.3.11.19",{"$f":"IF(C1891=0,\"\",VLOOKUP(C1891,BNCDADOS!$A:$H,8,0))","v":"SINAPI/RN\nSERVIÇO"},91953,{"$f":"IF(C1891=0,\"\",VLOOKUP(C1891,BNCDADOS!$A:$G,2,0))","v":"INTERRUPTOR SIMPLES (1 MÓDULO), 10A/250V, INCLUINDO SUPORTE E PLACA - FORNECIMENTO E INSTALAÇÃO. AF_03/2023"},{"$f":"IF(C1891=0,\"\",VLOOKUP(C1891,BNCDADOS!$A:$G,3,0))","v":"UN"},3,{"$f":"IF(C1891=0,\"\",VLOOKUP(C1891,BNCDADOS!$A:$G,4,0))","v":"28,95"},{"$f":"IF(C1891=0,\"\",VLOOKUP(C1891,BNCDADOS!$A:$G,5,0))","v":35.799999999999997},107.4,{"$f":"IF(C1891=0,\"\",VLOOKUP(C1891,BNCDADOS!$A:$G,6,0))","v":"27,02"},{"$f":"IF(C1891=0,\"\",VLOOKUP(C1891,BNCDADOS!$A:$G,7,0))","v":35.11},105.33,{"$f":"SUMIF('MC - TRECHO 05'!A:A,Orçamento!A1891,'MC - TRECHO 05'!R:R)","v":3}]
["6.3.11.20",{"$f":"IF(C1892=0,\"\",VLOOKUP(C1892,BNCDADOS!$A:$H,8,0))","v":"SINAPI/RN\nSERVIÇO"},92000,{"$f":"IF(C1892=0,\"\",VLOOKUP(C1892,BNCDADOS!$A:$G,2,0))","v":"TOMADA BAIXA DE EMBUTIR (1 MÓDULO), 2P+T 10 A, INCLUINDO SUPORTE E PLACA - FORNECIMENTO E INSTALAÇÃO. AF_03/2023"},{"$f":"IF(C1892=0,\"\",VLOOKUP(C1892,BNCDADOS!$A:$G,3,0))","v":"UN"},4,{"$f":"IF(C1892=0,\"\",VLOOKUP(C1892,BNCDADOS!$A:$G,4,0))","v":"30,35"},{"$f":"IF(C1892=0,\"\",VLOOKUP(C1892,BNCDADOS!$A:$G,5,0))","v":37.53},150.12,{"$f":"IF(C1892=0,\"\",VLOOKUP(C1892,BNCDADOS!$A:$G,6,0))","v":"28,36"},{"$f":"IF(C1892=0,\"\",VLOOKUP(C1892,BNCDADOS!$A:$G,7,0))","v":36.85},147.4,{"$f":"SUMIF('MC - TRECHO 05'!A:A,Orçamento!A1892,'MC - TRECHO 05'!R:R)","v":4}]
["6.3.11.21",{"$f":"IF(C1893=0,\"\",VLOOKUP(C1893,BNCDADOS!$A:$H,8,0))","v":0},"COMP 28",{"$f":"IF(C1893=0,\"\",VLOOKUP(C1893,BNCDADOS!$A:$G,2,0))","v":"SERVIÇOS DE MONTAGEM E INSTALAÇÃO DA SUBSTAÇÃO ABRIGADA DA EEAT COM CARGA TOTAL DE 1500KVA"},{"$f":"IF(C1893=0,\"\",VLOOKUP(C1893,BNCDADOS!$A:$G,3,0))","v":"UN"},{"$f":"TRUNC(M1893,2)","v":1},{"$f":"IF(C1893=0,\"\",VLOOKUP(C1893,BNCDADOS!$A:$G,4,0))","v":38978.080000000002},{"$f":"IF(C1893=0,\"\",VLOOKUP(C1893,BNCDADOS!$A:$G,5,0))","v":48211.98},{"$f":"IF(H1893=\"\",0,TRUNC(H1893*F1893,2))","v":48211.98},{"$f":"IF(C1893=0,\"\",VLOOKUP(C1893,BNCDADOS!$A:$G,6,0))","v":35473.760000000002},{"$f":"IF(C1893=0,\"\",VLOOKUP(C1893,BNCDADOS!$A:$G,7,0))","v":46101.69},{"$f":"IF(K1893=\"\",0,TRUNC(K1893*F1893,2))","v":46101.69},{"$f":"SUMIF('MC - TRECHO 05'!A:A,Orçamento!A1893,'MC - TRECHO 05'!R:R)","v":1}]
["6.3.11.22",{"$f":"IF(C1894=0,\"\",VLOOKUP(C1894,BNCDADOS!$A:$H,8,0))","v":0},"COMP 29",{"$f":"IF(C1894=0,\"\",VLOOKUP(C1894,BNCDADOS!$A:$G,2,0))","v":"PISO EMBORRACHADO COM NÍVEL DE ISOLAMENTO PARA 15KV - FORNECIMENTO E INSTALAÇÃO"},{"$f":"IF(C1894=0,\"\",VLOOKUP(C1894,BNCDADOS!$A:$G,3,0))","v":"M2"},59,{"$f":"IF(C1894=0,\"\",VLOOKUP(C1894,BNCDADOS!$A:$G,4,0))","v":582.00000000000011},{"$f":"IF(C1894=0,\"\",VLOOKUP(C1894,BNCDADOS!$A:$G,5,0))","v":719.87},42472.33,{"$f":"IF(C1894=0,\"\",VLOOKUP(C1894,BNCDADOS!$A:$G,6,0))","v":580.29000000000008},{"$f":"IF(C1894=0,\"\",VLOOKUP(C1894,BNCDADOS!$A:$G,7,0))","v":754.14},44494.26,{"$f":"SUMIF('MC - TRECHO 05'!A:A,Orçamento!A1894,'MC - TRECHO 05'!R:R)","v":59}]
["6.3.11.23",{"$f":"IF(C1895=0,\"\",VLOOKUP(C1895,BNCDADOS!$A:$H,8,0))","v":0},"COMP 30",{"$f":"IF(C1895=0,\"\",VLOOKUP(C1895,BNCDADOS!$A:$G,2,0))","v":"TELA DE PROTEÇÃO COM 1 PORTA COM ARMAÇÃO DE CANTONEIRAS E TELA DE ARAME, GALVANIZADO Nº12 BWG E MALHA DE 50mmx50mm COM TRATAMENTO ANTI-CORROSIVO."},{"$f":"IF(C1895=0,\"\",VLOOKUP(C1895,BNCDADOS!$A:$G,3,0))","v":"M2"},22,{"$f":"IF(C1895=0,\"\",VLOOKUP(C1895,BNCDADOS!$A:$G,4,0))","v":291.86},{"$f":"IF(C1895=0,\"\",VLOOKUP(C1895,BNCDADOS!$A:$G,5,0))","v":361},7942,{"$f":"IF(C1895=0,\"\",VLOOKUP(C1895,BNCDADOS!$A:$G,6,0))","v":285.39},{"$f":"IF(C1895=0,\"\",VLOOKUP(C1895,BNCDADOS!$A:$G,7,0))","v":370.89},8159.58,{"$f":"SUMIF('MC - TRECHO 05'!A:A,Orçamento!A1895,'MC - TRECHO 05'!R:R)","v":22}]
["6.3.11.24",{"$f":"IF(C1896=0,\"\",VLOOKUP(C1896,BNCDADOS!$A:$H,8,0))","v":"SINAPI/RN\nSERVIÇO"},96977,{"$f":"IF(C1896=0,\"\",VLOOKUP(C1896,BNCDADOS!$A:$G,2,0))","v":"CORDOALHA DE COBRE NU 50 MM², ENTERRADA - FORNECIMENTO E INSTALAÇÃO. AF_08/2023"},{"$f":"IF(C1896=0,\"\",VLOOKUP(C1896,BNCDADOS!$A:$G,3,0))","v":"M"},32.200000000000003,{"$f":"IF(C1896=0,\"\",VLOOKUP(C1896,BNCDADOS!$A:$G,4,0))","v":"66,73"},{"$f":"IF(C1896=0,\"\",VLOOKUP(C1896,BNCDADOS!$A:$G,5,0))","v":82.53},2657.46,{"$f":"IF(C1896=0,\"\",VLOOKUP(C1896,BNCDADOS!$A:$G,6,0))","v":"66,56"},{"$f":"IF(C1896=0,\"\",VLOOKUP(C1896,BNCDADOS!$A:$G,7,0))","v":86.5},2785.3,{"$f":"SUMIF('MC - TRECHO 05'!A:A,Orçamento!A1896,'MC - TRECHO 05'!R:R)","v":32.200000000000003}]
["6.3.11.25",{"$f":"IF(C1897=0,\"\",VLOOKUP(C1897,BNCDADOS!$A:$H,8,0))","v":"SINAPI/RN\nSERVIÇO"},96986,{"$f":"IF(C1897=0,\"\",VLOOKUP(C1897,BNCDADOS!$A:$G,2,0))","v":"HASTE DE ATERRAMENTO, DIÂMETRO 3/4\", COM 3 METROS - FORNECIMENTO E INSTALAÇÃO. AF_08/2023"},{"$f":"IF(C1897=0,\"\",VLOOKUP(C1897,BNCDADOS!$A:$G,3,0))","v":"UN"},6,{"$f":"IF(C1897=0,\"\",VLOOKUP(C1897,BNCDADOS!$A:$G,4,0))","v":"152,63"},{"$f":"IF(C1897=0,\"\",VLOOKUP(C1897,BNCDADOS!$A:$G,5,0))","v":188.78},1132.68,{"$f":"IF(C1897=0,\"\",VLOOKUP(C1897,BNCDADOS!$A:$G,6,0))","v":"150,55"},{"$f":"IF(C1897=0,\"\",VLOOKUP(C1897,BNCDADOS!$A:$G,7,0))","v":195.65},1173.9000000000001,{"$f":"SUMIF('MC - TRECHO 05'!A:A,Orçamento!A1897,'MC - TRECHO 05'!R:R)","v":6}]
["6.3.11.26",{"$f":"IF(C1898=0,\"\",VLOOKUP(C1898,BNCDADOS!$A:$H,8,0))","v":"SINAPI/RN\nINSUMOS"},34641,{"$f":"IF(C1898=0,\"\",VLOOKUP(C1898,BNCDADOS!$A:$G,2,0))","v":"CAIXA DE ATERRAMENTO EM CONCRETO PRE-MOLDADO, DIAMETRO DE 0,30 M E ALTURA DE 0,35 M, SEM FUNDO E COM TAMPA                                                                                                                                                                                                                                                                                                                                                                                                "},{"$f":"IF(C1898=0,\"\",VLOOKUP(C1898,BNCDADOS!$A:$G,3,0))","v":"UN    "},6,{"$f":"IF(C1898=0,\"\",VLOOKUP(C1898,BNCDADOS!$A:$G,4,0))","v":"107,66"},{"$f":"IF(C1898=0,\"\",VLOOKUP(C1898,BNCDADOS!$A:$G,5,0))","v":133.16},798.96,{"$f":"IF(C1898=0,\"\",VLOOKUP(C1898,BNCDADOS!$A:$G,6,0))","v":"107,66"},{"$f":"IF(C1898=0,\"\",VLOOKUP(C1898,BNCDADOS!$A:$G,7,0))","v":139.91},839.46,{"$f":"SUMIF('MC - TRECHO 05'!A:A,Orçamento!A1898,'MC - TRECHO 05'!R:R)","v":6}]
["6.3.11.27",{"$f":"IF(C1899=0,\"\",VLOOKUP(C1899,BNCDADOS!$A:$H,8,0))","v":"SINAPI/RN\nSERVIÇO"},104750,{"$f":"IF(C1899=0,\"\",VLOOKUP(C1899,BNCDADOS!$A:$G,2,0))","v":"CONECTOR GRAMPO METÁLICO TIPO OLHAL, PARA SPDA, PARA HASTE DE ATERRAMENTO DE 5/8'' E CABOS DE 10 A 50 MM2 - FORNECIMENTO E INSTALAÇÃO. AF_08/2023"},{"$f":"IF(C1899=0,\"\",VLOOKUP(C1899,BNCDADOS!$A:$G,3,0))","v":"UN"},6,{"$f":"IF(C1899=0,\"\",VLOOKUP(C1899,BNCDADOS!$A:$G,4,0))","v":"18,06"},{"$f":"IF(C1899=0,\"\",VLOOKUP(C1899,BNCDADOS!$A:$G,5,0))","v":22.33},133.97999999999999,{"$f":"IF(C1899=0,\"\",VLOOKUP(C1899,BNCDADOS!$A:$G,6,0))","v":"17,06"},{"$f":"IF(C1899=0,\"\",VLOOKUP(C1899,BNCDADOS!$A:$G,7,0))","v":22.17},133.02000000000001,{"$f":"SUMIF('MC - TRECHO 05'!A:A,Orçamento!A1899,'MC - TRECHO 05'!R:R)","v":6}]
["6.3.11.28",{"$f":"IF(C1900=0,\"\",VLOOKUP(C1900,BNCDADOS!$A:$H,8,0))","v":"SINAPI/RN\nSERVIÇO"},96973,{"$f":"IF(C1900=0,\"\",VLOOKUP(C1900,BNCDADOS!$A:$G,2,0))","v":"CORDOALHA DE COBRE NU 35 MM², NÃO ENTERRADA, COM ISOLADOR - FORNECIMENTO E INSTALAÇÃO. AF_08/2023"},{"$f":"IF(C1900=0,\"\",VLOOKUP(C1900,BNCDADOS!$A:$G,3,0))","v":"M"},35,{"$f":"IF(C1900=0,\"\",VLOOKUP(C1900,BNCDADOS!$A:$G,4,0))","v":"76,41"},{"$f":"IF(C1900=0,\"\",VLOOKUP(C1900,BNCDADOS!$A:$G,5,0))","v":94.51},3307.85,{"$f":"IF(C1900=0,\"\",VLOOKUP(C1900,BNCDADOS!$A:$G,6,0))","v":"73,96"},{"$f":"IF(C1900=0,\"\",VLOOKUP(C1900,BNCDADOS!$A:$G,7,0))","v":96.11},3363.85,{"$f":"SUMIF('MC - TRECHO 05'!A:A,Orçamento!A1900,'MC - TRECHO 05'!R:R)","v":35}]
["6.3.11.29",{"$f":"IF(C1901=0,\"\",VLOOKUP(C1901,BNCDADOS!$A:$H,8,0))","v":"SINAPI/RN\nSERVIÇO"},96987,{"$f":"IF(C1901=0,\"\",VLOOKUP(C1901,BNCDADOS!$A:$G,2,0))","v":"BASE METÁLICA PARA MASTRO 1 ½\"  PARA SPDA - FORNECIMENTO E INSTALAÇÃO. AF_08/2023"},{"$f":"IF(C1901=0,\"\",VLOOKUP(C1901,BNCDADOS!$A:$G,3,0))","v":"UN"},1,{"$f":"IF(C1901=0,\"\",VLOOKUP(C1901,BNCDADOS!$A:$G,4,0))","v":"129,68"},{"$f":"IF(C1901=0,\"\",VLOOKUP(C1901,BNCDADOS!$A:$G,5,0))","v":160.4},160.4,{"$f":"IF(C1901=0,\"\",VLOOKUP(C1901,BNCDADOS!$A:$G,6,0))","v":"123,32"},{"$f":"IF(C1901=0,\"\",VLOOKUP(C1901,BNCDADOS!$A:$G,7,0))","v":160.26},160.26,{"$f":"SUMIF('MC - TRECHO 05'!A:A,Orçamento!A1901,'MC - TRECHO 05'!R:R)","v":1}]
["6.3.11.30",{"$f":"IF(C1902=0,\"\",VLOOKUP(C1902,BNCDADOS!$A:$H,8,0))","v":"SINAPI/RN\nSERVIÇO"},96988,{"$f":"IF(C1902=0,\"\",VLOOKUP(C1902,BNCDADOS!$A:$G,2,0))","v":"MASTRO 1 ½\", COM 3 METROS, PARA SPDA - FORNECIMENTO E INSTALAÇÃO. AF_08/2023"},{"$f":"IF(C1902=0,\"\",VLOOKUP(C1902,BNCDADOS!$A:$G,3,0))","v":"UN"},1,{"$f":"IF(C1902=0,\"\",VLOOKUP(C1902,BNCDADOS!$A:$G,4,0))","v":"181,32"},{"$f":"IF(C1902=0,\"\",VLOOKUP(C1902,BNCDADOS!$A:$G,5,0))","v":224.27},224.27,{"$f":"IF(C1902=0,\"\",VLOOKUP(C1902,BNCDADOS!$A:$G,6,0))","v":"180,42"},{"$f":"IF(C1902=0,\"\",VLOOKUP(C1902,BNCDADOS!$A:$G,7,0))","v":234.47},234.47,{"$f":"SUMIF('MC - TRECHO 05'!A:A,Orçamento!A1902,'MC - TRECHO 05'!R:R)","v":1}]
["6.3.11.31",{"$f":"IF(C1903=0,\"\",VLOOKUP(C1903,BNCDADOS!$A:$H,8,0))","v":"SINAPI/RN\nSERVIÇO"},96989,{"$f":"IF(C1903=0,\"\",VLOOKUP(C1903,BNCDADOS!$A:$G,2,0))","v":"CAPTOR TIPO FRANKLIN PARA SPDA - FORNECIMENTO E INSTALAÇÃO. AF_08/2023"},{"$f":"IF(C1903=0,\"\",VLOOKUP(C1903,BNCDADOS!$A:$G,3,0))","v":"UN"},1,{"$f":"IF(C1903=0,\"\",VLOOKUP(C1903,BNCDADOS!$A:$G,4,0))","v":"151,80"},{"$f":"IF(C1903=0,\"\",VLOOKUP(C1903,BNCDADOS!$A:$G,5,0))","v":187.76},187.76,{"$f":"IF(C1903=0,\"\",VLOOKUP(C1903,BNCDADOS!$A:$G,6,0))","v":"151,07"},{"$f":"IF(C1903=0,\"\",VLOOKUP(C1903,BNCDADOS!$A:$G,7,0))","v":196.33},196.33,{"$f":"SUMIF('MC - TRECHO 05'!A:A,Orçamento!A1903,'MC - TRECHO 05'!R:R)","v":1}]
["6.3.12",{"$f":"IF(C1904=0,\"\",VLOOKUP(C1904,BNCDADOS!$A:$G,8,0))","v":""},null,"INSTALAÇÕES ELETROMECÂNICAS",{"$f":"IF(C1904=0,\"\",VLOOKUP(C1904,BNCDADOS!$A:$G,3,0))","v":""},0,{"$f":"IF(C1904=0,\"\",VLOOKUP(C1904,BNCDADOS!$A:$G,4,0))","v":""},{"$f":"IF(C1904=0,\"\",VLOOKUP(C1904,BNCDADOS!$A:$G,5,0))","v":""},{"$f":"SUM(I1905:I1905)","v":3969.81},{"$f":"IF(C1904=0,\"\",VLOOKUP(C1904,BNCDADOS!$A:$G,6,0))","v":""},{"$f":"IF(C1904=0,\"\",VLOOKUP(C1904,BNCDADOS!$A:$G,7,0))","v":""},{"$f":"SUM(L1905:L1905)","v":3746.31},0]
["6.3.12.1",{"$f":"IF(C1905=0,\"\",VLOOKUP(C1905,BNCDADOS!$A:$H,8,0))","v":"caern"},2090008,{"$f":"IF(C1905=0,\"\",VLOOKUP(C1905,BNCDADOS!$A:$G,2,0))","v":"INSTALAÇÃO ELETROMECÂNICA DE CONJUNTO MOTO-BOMBA MAIOR QUE 200 CV E MENOR OU IGUAL A 500 CV. R_11/2021"},{"$f":"IF(C1905=0,\"\",VLOOKUP(C1905,BNCDADOS!$A:$G,3,0))","v":"UN "},3,{"$f":"IF(C1905=0,\"\",VLOOKUP(C1905,BNCDADOS!$A:$G,4,0))","v":1069.83},{"$f":"IF(C1905=0,\"\",VLOOKUP(C1905,BNCDADOS!$A:$G,5,0))","v":1323.27},{"$f":"IF(H1905=\"\",0,TRUNC(H1905*F1905,2))","v":3969.81},{"$f":"IF(C1905=0,\"\",VLOOKUP(C1905,BNCDADOS!$A:$G,6,0))","v":960.89},{"$f":"IF(C1905=0,\"\",VLOOKUP(C1905,BNCDADOS!$A:$G,7,0))","v":1248.77},{"$f":"IF(K1905=\"\",0,TRUNC(K1905*F1905,2))","v":3746.31},{"$f":"SUMIF('MC - TRECHO 05'!A:A,Orçamento!A1905,'MC - TRECHO 05'!R:R)","v":3}]
["6.3.13",{"$f":"IF(C1906=0,\"\",VLOOKUP(C1906,BNCDADOS!$A:$G,8,0))","v":""},null,"INSTALAÇÕES HIDRAÚLICAS",{"$f":"IF(C1906=0,\"\",VLOOKUP(C1906,BNCDADOS!$A:$G,3,0))","v":""},0,{"$f":"IF(C1906=0,\"\",VLOOKUP(C1906,BNCDADOS!$A:$G,4,0))","v":""},{"$f":"IF(C1906=0,\"\",VLOOKUP(C1906,BNCDADOS!$A:$G,5,0))","v":""},{"$f":"SUM(I1907:I1913)","v":34471.380000000005},{"$f":"IF(C1906=0,\"\",VLOOKUP(C1906,BNCDADOS!$A:$G,6,0))","v":""},{"$f":"IF(C1906=0,\"\",VLOOKUP(C1906,BNCDADOS!$A:$G,7,0))","v":""},{"$f":"SUM(L1907:L1913)","v":34330.270000000004},0]
["6.3.13.1",{"$f":"IF(C1907=0,\"\",VLOOKUP(C1907,BNCDADOS!$A:$H,8,0))","v":"SINAPI/RN\nSERVIÇO"},103108,{"$f":"IF(C1907=0,\"\",VLOOKUP(C1907,BNCDADOS!$A:$G,2,0))","v":"ASSENTAMENTO DE CONEXÃO COM 2 ACESSOS, FERRO FUNDIDO PARA REDE DE ÁGUA, DN  200 MM, JUNTA FLANGEADA (NÃO INCLUI O FORNECIMENTO). AF_09/2021"},{"$f":"IF(C1907=0,\"\",VLOOKUP(C1907,BNCDADOS!$A:$G,3,0))","v":"UN"},12,{"$f":"IF(C1907=0,\"\",VLOOKUP(C1907,BNCDADOS!$A:$G,4,0))","v":"103,84"},{"$f":"IF(C1907=0,\"\",VLOOKUP(C1907,BNCDADOS!$A:$G,5,0))","v":128.43},{"$f":"IF(H1907=\"\",0,TRUNC(H1907*F1907,2))","v":1541.16},{"$f":"IF(C1907=0,\"\",VLOOKUP(C1907,BNCDADOS!$A:$G,6,0))","v":"98,78"},{"$f":"IF(C1907=0,\"\",VLOOKUP(C1907,BNCDADOS!$A:$G,7,0))","v":128.37},{"$f":"IF(K1907=\"\",0,TRUNC(K1907*F1907,2))","v":1540.44},{"$f":"SUMIF('MC - TRECHO 05'!A:A,Orçamento!A1907,'MC - TRECHO 05'!R:R)","v":12}]
["6.3.13.2",{"$f":"IF(C1908=0,\"\",VLOOKUP(C1908,BNCDADOS!$A:$H,8,0))","v":"SINAPI/RN\nSERVIÇO"},103110,{"$f":"IF(C1908=0,\"\",VLOOKUP(C1908,BNCDADOS!$A:$G,2,0))","v":"ASSENTAMENTO DE CONEXÃO COM 2 ACESSOS, FERRO FUNDIDO PARA REDE DE ÁGUA, DN  300 MM, JUNTA FLANGEADA (NÃO INCLUI O FORNECIMENTO). AF_09/2021"},{"$f":"IF(C1908=0,\"\",VLOOKUP(C1908,BNCDADOS!$A:$G,3,0))","v":"UN"},2,{"$f":"IF(C1908=0,\"\",VLOOKUP(C1908,BNCDADOS!$A:$G,4,0))","v":"193,28"},{"$f":"IF(C1908=0,\"\",VLOOKUP(C1908,BNCDADOS!$A:$G,5,0))","v":239.06},{"$f":"IF(H1908=\"\",0,TRUNC(H1908*F1908,2))","v":478.12},{"$f":"IF(C1908=0,\"\",VLOOKUP(C1908,BNCDADOS!$A:$G,6,0))","v":"183,42"},{"$f":"IF(C1908=0,\"\",VLOOKUP(C1908,BNCDADOS!$A:$G,7,0))","v":238.37},{"$f":"IF(K1908=\"\",0,TRUNC(K1908*F1908,2))","v":476.74},{"$f":"SUMIF('MC - TRECHO 05'!A:A,Orçamento!A1908,'MC - TRECHO 05'!R:R)","v":2}]
["6.3.13.3",{"$f":"IF(C1909=0,\"\",VLOOKUP(C1909,BNCDADOS!$A:$H,8,0))","v":"SINAPI/RN\nSERVIÇO"},103112,{"$f":"IF(C1909=0,\"\",VLOOKUP(C1909,BNCDADOS!$A:$G,2,0))","v":"ASSENTAMENTO DE CONEXÃO COM 2 ACESSOS, FERRO FUNDIDO PARA REDE DE ÁGUA, DN  400 MM, JUNTA FLANGEADA (NÃO INCLUI O FORNECIMENTO). AF_09/2021"},{"$f":"IF(C1909=0,\"\",VLOOKUP(C1909,BNCDADOS!$A:$G,3,0))","v":"UN"},38,{"$f":"IF(C1909=0,\"\",VLOOKUP(C1909,BNCDADOS!$A:$G,4,0))","v":"282,71"},{"$f":"IF(C1909=0,\"\",VLOOKUP(C1909,BNCDADOS!$A:$G,5,0))","v":349.68},13287.84,{"$f":"IF(C1909=0,\"\",VLOOKUP(C1909,BNCDADOS!$A:$G,6,0))","v":"268,05"},{"$f":"IF(C1909=0,\"\",VLOOKUP(C1909,BNCDADOS!$A:$G,7,0))","v":348.35},13237.3,{"$f":"SUMIF('MC - TRECHO 05'!A:A,Orçamento!A1909,'MC - TRECHO 05'!R:R)","v":38}]
["6.3.13.4",{"$f":"IF(C1910=0,\"\",VLOOKUP(C1910,BNCDADOS!$A:$H,8,0))","v":"SINAPI/RN\nSERVIÇO"},103115,{"$f":"IF(C1910=0,\"\",VLOOKUP(C1910,BNCDADOS!$A:$G,2,0))","v":"ASSENTAMENTO DE CONEXÃO COM 2 ACESSOS, FERRO FUNDIDO PARA REDE DE ÁGUA, DN  600 MM, JUNTA FLANGEADA (NÃO INCLUI O FORNECIMENTO). AF_09/2021"},{"$f":"IF(C1910=0,\"\",VLOOKUP(C1910,BNCDADOS!$A:$G,3,0))","v":"UN"},24,{"$f":"IF(C1910=0,\"\",VLOOKUP(C1910,BNCDADOS!$A:$G,4,0))","v":"418,28"},{"$f":"IF(C1910=0,\"\",VLOOKUP(C1910,BNCDADOS!$A:$G,5,0))","v":517.37},12416.88,{"$f":"IF(C1910=0,\"\",VLOOKUP(C1910,BNCDADOS!$A:$G,6,0))","v":"396,31"},{"$f":"IF(C1910=0,\"\",VLOOKUP(C1910,BNCDADOS!$A:$G,7,0))","v":515.04},12360.96,{"$f":"SUMIF('MC - TRECHO 05'!A:A,Orçamento!A1910,'MC - TRECHO 05'!R:R)","v":24}]
["6.3.13.5",{"$f":"IF(C1911=0,\"\",VLOOKUP(C1911,BNCDADOS!$A:$H,8,0))","v":"SINAPI/RN\nSERVIÇO"},103116,{"$f":"IF(C1911=0,\"\",VLOOKUP(C1911,BNCDADOS!$A:$G,2,0))","v":"ASSENTAMENTO DE CONEXÃO COM 2 ACESSOS, FERRO FUNDIDO PARA REDE DE ÁGUA, DN  700 MM, JUNTA FLANGEADA (NÃO INCLUI O FORNECIMENTO). AF_09/2021"},{"$f":"IF(C1911=0,\"\",VLOOKUP(C1911,BNCDADOS!$A:$G,3,0))","v":"UN"},9,{"$f":"IF(C1911=0,\"\",VLOOKUP(C1911,BNCDADOS!$A:$G,4,0))","v":"507,72"},{"$f":"IF(C1911=0,\"\",VLOOKUP(C1911,BNCDADOS!$A:$G,5,0))","v":627.99},5651.91,{"$f":"IF(C1911=0,\"\",VLOOKUP(C1911,BNCDADOS!$A:$G,6,0))","v":"480,93"},{"$f":"IF(C1911=0,\"\",VLOOKUP(C1911,BNCDADOS!$A:$G,7,0))","v":625.01},5625.09,{"$f":"SUMIF('MC - TRECHO 05'!A:A,Orçamento!A1911,'MC - TRECHO 05'!R:R)","v":9}]
["6.3.13.6",{"$f":"IF(C1912=0,\"\",VLOOKUP(C1912,BNCDADOS!$A:$H,8,0))","v":"caern"},2060588,{"$f":"IF(C1912=0,\"\",VLOOKUP(C1912,BNCDADOS!$A:$G,2,0))","v":"ASSENTAMENTO DE REGISTRO DE GAVETA EM FERRO FUNDIDO COM FLANGES, DIAM. = 200MM A 300MM. INC_05/2020"},{"$f":"IF(C1912=0,\"\",VLOOKUP(C1912,BNCDADOS!$A:$G,3,0))","v":"UN "},1,{"$f":"IF(C1912=0,\"\",VLOOKUP(C1912,BNCDADOS!$A:$G,4,0))","v":32.520000000000003},{"$f":"IF(C1912=0,\"\",VLOOKUP(C1912,BNCDADOS!$A:$G,5,0))","v":40.22},40.22,{"$f":"IF(C1912=0,\"\",VLOOKUP(C1912,BNCDADOS!$A:$G,6,0))","v":29.2},{"$f":"IF(C1912=0,\"\",VLOOKUP(C1912,BNCDADOS!$A:$G,7,0))","v":37.94},37.94,{"$f":"SUMIF('MC - TRECHO 05'!A:A,Orçamento!A1912,'MC - TRECHO 05'!R:R)","v":1}]
["6.3.13.7",{"$f":"IF(C1913=0,\"\",VLOOKUP(C1913,BNCDADOS!$A:$H,8,0))","v":"caern"},2060589,{"$f":"IF(C1913=0,\"\",VLOOKUP(C1913,BNCDADOS!$A:$G,2,0))","v":"ASSENTAMENTO DE REGISTRO DE GAVETA EM FERRO FUNDIDO COM FLANGES, DIAM. = 350MM A 450MM. INC_05/2020"},{"$f":"IF(C1913=0,\"\",VLOOKUP(C1913,BNCDADOS!$A:$G,3,0))","v":"UN "},15,{"$f":"IF(C1913=0,\"\",VLOOKUP(C1913,BNCDADOS!$A:$G,4,0))","v":56.88},{"$f":"IF(C1913=0,\"\",VLOOKUP(C1913,BNCDADOS!$A:$G,5,0))","v":70.349999999999994},{"$f":"IF(H1913=\"\",0,TRUNC(H1913*F1913,2))","v":1055.25},{"$f":"IF(C1913=0,\"\",VLOOKUP(C1913,BNCDADOS!$A:$G,6,0))","v":53.96},{"$f":"IF(C1913=0,\"\",VLOOKUP(C1913,BNCDADOS!$A:$G,7,0))","v":70.12},{"$f":"IF(K1913=\"\",0,TRUNC(K1913*F1913,2))","v":1051.8},{"$f":"SUMIF('MC - TRECHO 05'!A:A,Orçamento!A1913,'MC - TRECHO 05'!R:R)","v":15}]
["6.3.14",{"$f":"IF(C1914=0,\"\",VLOOKUP(C1914,BNCDADOS!$A:$G,8,0))","v":""},null,"DIVERSOS",{"$f":"IF(C1914=0,\"\",VLOOKUP(C1914,BNCDADOS!$A:$G,3,0))","v":""},0,{"$f":"IF(C1914=0,\"\",VLOOKUP(C1914,BNCDADOS!$A:$G,4,0))","v":""},{"$f":"IF(C1914=0,\"\",VLOOKUP(C1914,BNCDADOS!$A:$G,5,0))","v":""},{"$f":"SUM(I1915:I1919)","v":185590.38999999998},{"$f":"IF(C1914=0,\"\",VLOOKUP(C1914,BNCDADOS!$A:$G,6,0))","v":""},{"$f":"IF(C1914=0,\"\",VLOOKUP(C1914,BNCDADOS!$A:$G,7,0))","v":""},{"$f":"SUM(L1915:L1919)","v":193357.1},0]
["6.3.14.1",{"$f":"IF(C1915=0,\"\",VLOOKUP(C1915,BNCDADOS!$A:$H,8,0))","v":"SINAPI/RN\nSERVIÇO"},100763,{"$f":"IF(C1915=0,\"\",VLOOKUP(C1915,BNCDADOS!$A:$G,2,0))","v":"VIGA METÁLICA EM PERFIL LAMINADO OU SOLDADO EM AÇO ESTRUTURAL, COM CONEXÕES PARAFUSADAS, INCLUSOS MÃO DE OBRA, TRANSPORTE E IÇAMENTO UTILIZANDO GUINDASTE - FORNECIMENTO E INSTALAÇÃO. AF_01/2020_PSA"},{"$f":"IF(C1915=0,\"\",VLOOKUP(C1915,BNCDADOS!$A:$G,3,0))","v":"KG"},5555,{"$f":"IF(C1915=0,\"\",VLOOKUP(C1915,BNCDADOS!$A:$G,4,0))","v":"15,89"},{"$f":"IF(C1915=0,\"\",VLOOKUP(C1915,BNCDADOS!$A:$G,5,0))","v":19.649999999999999},{"$f":"IF(H1915=\"\",0,TRUNC(H1915*F1915,2))","v":109155.75},{"$f":"IF(C1915=0,\"\",VLOOKUP(C1915,BNCDADOS!$A:$G,6,0))","v":"15,74"},{"$f":"IF(C1915=0,\"\",VLOOKUP(C1915,BNCDADOS!$A:$G,7,0))","v":20.45},{"$f":"IF(K1915=\"\",0,TRUNC(K1915*F1915,2))","v":113599.75},{"$f":"SUMIF('MC - TRECHO 05'!A:A,Orçamento!A1915,'MC - TRECHO 05'!R:R)","v":5555}]
["6.3.14.2",{"$f":"IF(C1916=0,\"\",VLOOKUP(C1916,BNCDADOS!$A:$H,8,0))","v":"caern"},2220038,{"$f":"IF(C1916=0,\"\",VLOOKUP(C1916,BNCDADOS!$A:$G,2,0))","v":"FORNECIMENTO E INSTALAÇÃO DE TALHA E TROLEY MANUAL DE 2 TONELADAS. R_11/2016"},{"$f":"IF(C1916=0,\"\",VLOOKUP(C1916,BNCDADOS!$A:$G,3,0))","v":"UN "},1,{"$f":"IF(C1916=0,\"\",VLOOKUP(C1916,BNCDADOS!$A:$G,4,0))","v":2602.2399999999998},{"$f":"IF(C1916=0,\"\",VLOOKUP(C1916,BNCDADOS!$A:$G,5,0))","v":3218.71},{"$f":"IF(H1916=\"\",0,TRUNC(H1916*F1916,2))","v":3218.71},{"$f":"IF(C1916=0,\"\",VLOOKUP(C1916,BNCDADOS!$A:$G,6,0))","v":2566.3599999999997},{"$f":"IF(C1916=0,\"\",VLOOKUP(C1916,BNCDADOS!$A:$G,7,0))","v":3335.24},{"$f":"IF(K1916=\"\",0,TRUNC(K1916*F1916,2))","v":3335.24},{"$f":"SUMIF('MC - TRECHO 05'!A:A,Orçamento!A1916,'MC - TRECHO 05'!R:R)","v":1}]
["6.3.14.3",{"$f":"IF(C1917=0,\"\",VLOOKUP(C1917,BNCDADOS!$A:$H,8,0))","v":"caern"},2220067,{"$f":"IF(C1917=0,\"\",VLOOKUP(C1917,BNCDADOS!$A:$G,2,0))","v":"GUARDA CORPO EM FIBRA DE VIDRO COM PERFIS PULTRUDADOS PINTADOS EM ESMALTE PU ACRÍLICO E SISTEMA DE ANCORAGEM EM AÇO INOXIDÁVEL AISI304 - H=1,10M. R_11/2021"},{"$f":"IF(C1917=0,\"\",VLOOKUP(C1917,BNCDADOS!$A:$G,3,0))","v":"M"},21.2,{"$f":"IF(C1917=0,\"\",VLOOKUP(C1917,BNCDADOS!$A:$G,4,0))","v":531.84999999999991},{"$f":"IF(C1917=0,\"\",VLOOKUP(C1917,BNCDADOS!$A:$G,5,0))","v":657.84},13946.2,{"$f":"IF(C1917=0,\"\",VLOOKUP(C1917,BNCDADOS!$A:$G,6,0))","v":526.28},{"$f":"IF(C1917=0,\"\",VLOOKUP(C1917,BNCDADOS!$A:$G,7,0))","v":683.95},14499.74,{"$f":"SUMIF('MC - TRECHO 05'!A:A,Orçamento!A1917,'MC - TRECHO 05'!R:R)","v":21.2}]
["6.3.14.4",{"$f":"IF(C1918=0,\"\",VLOOKUP(C1918,BNCDADOS!$A:$H,8,0))","v":"caern"},2220066,{"$f":"IF(C1918=0,\"\",VLOOKUP(C1918,BNCDADOS!$A:$G,2,0))","v":"ESCADA DE MARINHEIRO EM FIBRA DE VIDRO PULTRUDADA, PERFIL QUADRADO, PINTURA PROTETORA CONTRA RAIOS UV, COM GUARDA CORPO. R_11/2021"},{"$f":"IF(C1918=0,\"\",VLOOKUP(C1918,BNCDADOS!$A:$G,3,0))","v":"M"},19.3,{"$f":"IF(C1918=0,\"\",VLOOKUP(C1918,BNCDADOS!$A:$G,4,0))","v":1777.21},{"$f":"IF(C1918=0,\"\",VLOOKUP(C1918,BNCDADOS!$A:$G,5,0))","v":2198.23},{"$f":"IF(H1918=\"\",0,TRUNC(H1918*F1918,2))","v":42425.83},{"$f":"IF(C1918=0,\"\",VLOOKUP(C1918,BNCDADOS!$A:$G,6,0))","v":1766.07},{"$f":"IF(C1918=0,\"\",VLOOKUP(C1918,BNCDADOS!$A:$G,7,0))","v":2295.1799999999998},{"$f":"IF(K1918=\"\",0,TRUNC(K1918*F1918,2))","v":44296.97},{"$f":"SUMIF('MC - TRECHO 05'!A:A,Orçamento!A1918,'MC - TRECHO 05'!R:R)","v":19.3}]
["6.3.14.5",{"$f":"IF(C1919=0,\"\",VLOOKUP(C1919,BNCDADOS!$A:$H,8,0))","v":"caern"},2220065,{"$f":"IF(C1919=0,\"\",VLOOKUP(C1919,BNCDADOS!$A:$G,2,0))","v":"ESCADA DE MARINHEIRO EM FIBRA DE VIDRO PULTRUDADA, PERFIL QUADRADO, PINTURA PROTETORA CONTRA RAIOS UV, SEM GUARDA CORPO. R_11/2021"},{"$f":"IF(C1919=0,\"\",VLOOKUP(C1919,BNCDADOS!$A:$G,3,0))","v":"M"},10,{"$f":"IF(C1919=0,\"\",VLOOKUP(C1919,BNCDADOS!$A:$G,4,0))","v":1361.79},{"$f":"IF(C1919=0,\"\",VLOOKUP(C1919,BNCDADOS!$A:$G,5,0))","v":1684.39},{"$f":"IF(H1919=\"\",0,TRUNC(H1919*F1919,2))","v":16843.900000000001},{"$f":"IF(C1919=0,\"\",VLOOKUP(C1919,BNCDADOS!$A:$G,6,0))","v":1356.22},{"$f":"IF(C1919=0,\"\",VLOOKUP(C1919,BNCDADOS!$A:$G,7,0))","v":1762.54},{"$f":"IF(K1919=\"\",0,TRUNC(K1919*F1919,2))","v":17625.400000000001},{"$f":"SUMIF('MC - TRECHO 05'!A:A,Orçamento!A1919,'MC - TRECHO 05'!R:R)","v":10}]
[{"$nulls":12},0]
["6.4",null,null,"MATERIAIS_TRECHO 05.01",{"$nulls":4},{"$f":"SUM(I1922,I1928,I1938)","v":15048795.940000003},null,null,{"$f":"SUM(L1922,L1928,L1938)","v":15785179.369999997},0]
["6.4.1",{"$f":"IF(C1922=0,\"\",VLOOKUP(C1922,BNCDADOS!$A:$G,8,0))","v":""},null,"ADUTORA",{"$f":"IF(C1922=0,\"\",VLOOKUP(C1922,BNCDADOS!$A:$G,3,0))","v":""},{"$f":"TRUNC(M1922,2)","v":0},{"$f":"IF(C1922=0,\"\",VLOOKUP(C1922,BNCDADOS!$A:$G,4,0))","v":""},{"$f":"IF(C1922=0,\"\",VLOOKUP(C1922,BNCDADOS!$A:$G,5,0))","v":""},{"$f":"SUM(I1923:I1927)","v":14671214.490000002},{"$f":"IF(C1922=0,\"\",VLOOKUP(C1922,BNCDADOS!$A:$G,6,0))","v":""},{"$f":"IF(C1922=0,\"\",VLOOKUP(C1922,BNCDADOS!$A:$G,7,0))","v":""},{"$f":"SUM(L1923:L1927)","v":15389125.079999998},0]
["6.4.1.1",{"$f":"IF(C1923=0,\"\",VLOOKUP(C1923,BNCDADOS!$A:$H,8,0))","v":0},"TBPFRV03",{"$f":"IF(C1923=0,\"\",VLOOKUP(C1923,BNCDADOS!$A:$G,2,0))","v":"TUBO PVC-PRFV, PN16, 10.000 N/m², DN 600"},{"$f":"IF(C1923=0,\"\",VLOOKUP(C1923,BNCDADOS!$A:$G,3,0))","v":"M"},11088,{"$f":"IF(C1923=0,\"\",VLOOKUP(C1923,BNCDADOS!$A:$G,4,0))","v":1166.8625000000002},{"$f":"TRUNC(G1923*(1+$I$5),2)","v":1306.8800000000001},{"$f":"IF(H1923=\"\",0,TRUNC(H1923*F1923,2))","v":14490685.439999999},{"$f":"IF(C1923=0,\"\",VLOOKUP(C1923,BNCDADOS!$A:$G,6,0))","v":1166.8625000000002},{"$f":"TRUNC(J1923*(1+$L$5),2)","v":1370.83},{"$f":"IF(K1923=\"\",0,TRUNC(K1923*F1923,2))","v":15199763.039999999},{"$f":"P1923*6","v":11088},{"$f":"SUMIF(#REF!,Orçamento!A1923,#REF!)","v":{"$error":"#REF!"}},{"$f":"ROUND('MC - SERVIÇO ADUTORA - 4-8'!F236*1.05,0)","v":11090},{"$f":"TRUNC(O1923/6,0)","v":1848}]
["6.4.1.2",{"$f":"IF(C1924=0,\"\",VLOOKUP(C1924,BNCDADOS!$A:$H,8,0))","v":0},"FF40",{"$f":"IF(C1924=0,\"\",VLOOKUP(C1924,BNCDADOS!$A:$G,2,0))","v":"LUVA SIMPLES, FOFO, BOLSA/BOLSA, PN16, DN 600MM"},{"$f":"IF(C1924=0,\"\",VLOOKUP(C1924,BNCDADOS!$A:$G,3,0))","v":"UN "},8,{"$f":"IF(C1924=0,\"\",VLOOKUP(C1924,BNCDADOS!$A:$G,4,0))","v":2488.23},{"$f":"TRUNC(G1924*(1+$I$5),2)","v":2786.81},{"$f":"IF(H1924=\"\",0,TRUNC(H1924*F1924,2))","v":22294.48},{"$f":"IF(C1924=0,\"\",VLOOKUP(C1924,BNCDADOS!$A:$G,6,0))","v":2488.23},{"$f":"TRUNC(J1924*(1+$L$5),2)","v":2923.17},{"$f":"IF(K1924=\"\",0,TRUNC(K1924*F1924,2))","v":23385.360000000001},{"$f":"'MC - MATERIAL ADUTORA - 4-8'!E78","v":8}]
["6.4.1.3",{"$f":"IF(C1925=0,\"\",VLOOKUP(C1925,BNCDADOS!$A:$H,8,0))","v":0},"FF03",{"$f":"IF(C1925=0,\"\",VLOOKUP(C1925,BNCDADOS!$A:$G,2,0))","v":"CURVA 11°, FOFO, JGS, PN16, DN 600MM"},{"$f":"IF(C1925=0,\"\",VLOOKUP(C1925,BNCDADOS!$A:$G,3,0))","v":"UN "},19,{"$f":"IF(C1925=0,\"\",VLOOKUP(C1925,BNCDADOS!$A:$G,4,0))","v":4491.3133333333326},5030.2700000000004,{"$f":"IF(H1925=\"\",0,TRUNC(H1925*F1925,2))","v":95575.13},{"$f":"IF(C1925=0,\"\",VLOOKUP(C1925,BNCDADOS!$A:$G,6,0))","v":4491.3133333333326},5276.39,{"$f":"IF(K1925=\"\",0,TRUNC(K1925*F1925,2))","v":100251.41},{"$f":"'MC - MATERIAL ADUTORA - 4-8'!E79","v":19}]
["6.4.1.4",{"$f":"IF(C1926=0,\"\",VLOOKUP(C1926,BNCDADOS!$A:$H,8,0))","v":0},"FF06",{"$f":"IF(C1926=0,\"\",VLOOKUP(C1926,BNCDADOS!$A:$G,2,0))","v":"CURVA 22°, FOFO, JGS, PN16, DN 600MM"},{"$f":"IF(C1926=0,\"\",VLOOKUP(C1926,BNCDADOS!$A:$G,3,0))","v":"UN "},8,{"$f":"IF(C1926=0,\"\",VLOOKUP(C1926,BNCDADOS!$A:$G,4,0))","v":5951.670000000001},6665.87,{"$f":"IF(H1926=\"\",0,TRUNC(H1926*F1926,2))","v":53326.96},{"$f":"IF(C1926=0,\"\",VLOOKUP(C1926,BNCDADOS!$A:$G,6,0))","v":5951.670000000001},6992.02,{"$f":"IF(K1926=\"\",0,TRUNC(K1926*F1926,2))","v":55936.160000000003},{"$f":"'MC - MATERIAL ADUTORA - 4-8'!E80","v":8}]
["6.4.1.5",{"$f":"IF(C1927=0,\"\",VLOOKUP(C1927,BNCDADOS!$A:$H,8,0))","v":0},"FF10",{"$f":"IF(C1927=0,\"\",VLOOKUP(C1927,BNCDADOS!$A:$G,2,0))","v":"CURVA 45°, FOFO, JGS, PN16, DN 600MM"},{"$f":"IF(C1927=0,\"\",VLOOKUP(C1927,BNCDADOS!$A:$G,3,0))","v":"UN "},1,{"$f":"IF(C1927=0,\"\",VLOOKUP(C1927,BNCDADOS!$A:$G,4,0))","v":8332.58},9332.48,{"$f":"IF(H1927=\"\",0,TRUNC(H1927*F1927,2))","v":9332.48},{"$f":"IF(C1927=0,\"\",VLOOKUP(C1927,BNCDADOS!$A:$G,6,0))","v":8332.58},9789.11,{"$f":"IF(K1927=\"\",0,TRUNC(K1927*F1927,2))","v":9789.11},{"$f":"'MC - MATERIAL ADUTORA - 4-8'!E81","v":1}]
["6.4.2",{"$f":"IF(C1928=0,\"\",VLOOKUP(C1928,BNCDADOS!$A:$G,8,0))","v":""},null,"VENTOSAS E DESCARGAS",{"$f":"IF(C1928=0,\"\",VLOOKUP(C1928,BNCDADOS!$A:$G,3,0))","v":""},0,{"$f":"IF(C1928=0,\"\",VLOOKUP(C1928,BNCDADOS!$A:$G,4,0))","v":""},{"$f":"IF(C1928=0,\"\",VLOOKUP(C1928,BNCDADOS!$A:$G,5,0))","v":""},{"$f":"SUM(I1929:I1937)","v":60803.400000000009},{"$f":"IF(C1928=0,\"\",VLOOKUP(C1928,BNCDADOS!$A:$G,6,0))","v":""},{"$f":"IF(C1928=0,\"\",VLOOKUP(C1928,BNCDADOS!$A:$G,7,0))","v":""},{"$f":"SUM(L1929:L1937)","v":63778.5}]
["6.4.2.1",{"$f":"IF(C1929=0,\"\",VLOOKUP(C1929,BNCDADOS!$A:$H,8,0))","v":0},"FF55",{"$f":"IF(C1929=0,\"\",VLOOKUP(C1929,BNCDADOS!$A:$G,2,0))","v":"TÊ, BBF, FOFO, PN16, DN 600-100MM"},{"$f":"IF(C1929=0,\"\",VLOOKUP(C1929,BNCDADOS!$A:$G,3,0))","v":"UN "},9,{"$f":"IF(C1929=0,\"\",VLOOKUP(C1929,BNCDADOS!$A:$G,4,0))","v":4376.51},{"$f":"TRUNC(G1929*(1+$I$5),2)","v":4901.6899999999996},{"$f":"IF(H1929=\"\",0,TRUNC(H1929*F1929,2))","v":44115.21},{"$f":"IF(C1929=0,\"\",VLOOKUP(C1929,BNCDADOS!$A:$G,6,0))","v":4376.51},{"$f":"TRUNC(J1929*(1+$L$5),2)","v":5141.5200000000004},{"$f":"IF(K1929=\"\",0,TRUNC(K1929*F1929,2))","v":46273.68},{"$f":"'MC - MATERIAL ADUTORA - 4-8'!M97","v":9}]
["6.4.2.2",{"$f":"IF(C1930=0,\"\",VLOOKUP(C1930,BNCDADOS!$A:$H,8,0))","v":0},"FF43",{"$f":"IF(C1930=0,\"\",VLOOKUP(C1930,BNCDADOS!$A:$G,2,0))","v":"REDUÇÃO CONCÊNTRICA, FOFO, FLANGES, PN16, DN 100-50MM"},{"$f":"IF(C1930=0,\"\",VLOOKUP(C1930,BNCDADOS!$A:$G,3,0))","v":"UN "},6,{"$f":"IF(C1930=0,\"\",VLOOKUP(C1930,BNCDADOS!$A:$G,4,0))","v":338.84},379.5,{"$f":"IF(H1930=\"\",0,TRUNC(H1930*F1930,2))","v":2277},{"$f":"IF(C1930=0,\"\",VLOOKUP(C1930,BNCDADOS!$A:$G,6,0))","v":338.84},398.06,{"$f":"IF(K1930=\"\",0,TRUNC(K1930*F1930,2))","v":2388.36},{"$f":"'MC - MATERIAL ADUTORA - 4-8'!M96","v":6}]
["6.4.2.3",{"$f":"IF(C1931=0,\"\",VLOOKUP(C1931,BNCDADOS!$A:$H,8,0))","v":0},"FF15",{"$f":"IF(C1931=0,\"\",VLOOKUP(C1931,BNCDADOS!$A:$G,2,0))","v":"CURVA 45°, FOFO, FLANGES, PN10, DN 100MM"},{"$f":"IF(C1931=0,\"\",VLOOKUP(C1931,BNCDADOS!$A:$G,3,0))","v":"UN "},3,{"$f":"IF(C1931=0,\"\",VLOOKUP(C1931,BNCDADOS!$A:$G,4,0))","v":278.55},311.97000000000003,935.91,{"$f":"IF(C1931=0,\"\",VLOOKUP(C1931,BNCDADOS!$A:$G,6,0))","v":278.55},327.24,981.72,{"$f":"'MC - MATERIAL ADUTORA - 4-8'!M95","v":3}]
["6.4.2.4",{"$f":"IF(C1932=0,\"\",VLOOKUP(C1932,BNCDADOS!$A:$H,8,0))","v":0},"VG01",{"$f":"IF(C1932=0,\"\",VLOOKUP(C1932,BNCDADOS!$A:$G,2,0))","v":"VÁLVULA GAVETA, FLANGES, CORPO CURTO, VOLANTE E CUNHA DE BORRACHA, DN 50MM"},{"$f":"IF(C1932=0,\"\",VLOOKUP(C1932,BNCDADOS!$A:$G,3,0))","v":"UN "},6,{"$f":"IF(C1932=0,\"\",VLOOKUP(C1932,BNCDADOS!$A:$G,4,0))","v":531.92999999999995},595.76,3574.56,{"$f":"IF(C1932=0,\"\",VLOOKUP(C1932,BNCDADOS!$A:$G,6,0))","v":531.92999999999995},624.91,3749.46,{"$f":"'MC - MATERIAL ADUTORA - 4-8'!M103","v":6}]
["6.4.2.5",{"$f":"IF(C1933=0,\"\",VLOOKUP(C1933,BNCDADOS!$A:$H,8,0))","v":0},"VG03",{"$f":"IF(C1933=0,\"\",VLOOKUP(C1933,BNCDADOS!$A:$G,2,0))","v":"VÁLVULA GAVETA, FLANGES, CORPO CURTO, VOLANTE E CUNHA DE BORRACHA, DN 100MM"},{"$f":"IF(C1933=0,\"\",VLOOKUP(C1933,BNCDADOS!$A:$G,3,0))","v":"UN "},3,{"$f":"IF(C1933=0,\"\",VLOOKUP(C1933,BNCDADOS!$A:$G,4,0))","v":946.02},1059.54,3178.62,{"$f":"IF(C1933=0,\"\",VLOOKUP(C1933,BNCDADOS!$A:$G,6,0))","v":946.02},1111.3800000000001,3334.14,{"$f":"'MC - MATERIAL ADUTORA - 4-8'!M104","v":3}]
["6.4.2.6",{"$f":"IF(C1934=0,\"\",VLOOKUP(C1934,BNCDADOS!$A:$H,8,0))","v":0},"VT01",{"$f":"IF(C1934=0,\"\",VLOOKUP(C1934,BNCDADOS!$A:$G,2,0))","v":"VENTOSA TRÍPLICE FUNÇÃO, FOFO, FLANGE, PN10, DN 50MM"},{"$f":"IF(C1934=0,\"\",VLOOKUP(C1934,BNCDADOS!$A:$G,3,0))","v":"UN "},6,{"$f":"IF(C1934=0,\"\",VLOOKUP(C1934,BNCDADOS!$A:$G,4,0))","v":917.58},1027.68,6166.08,{"$f":"IF(C1934=0,\"\",VLOOKUP(C1934,BNCDADOS!$A:$G,6,0))","v":917.58},1077.97,6467.82,{"$f":"'MC - MATERIAL ADUTORA - 4-8'!M106","v":6}]
["6.4.2.7",{"$f":"IF(C1935=0,\"\",VLOOKUP(C1935,BNCDADOS!$A:$H,8,0))","v":0},"FF101",{"$f":"IF(C1935=0,\"\",VLOOKUP(C1935,BNCDADOS!$A:$G,2,0))","v":"PARAFUSO PARA FLANGES, PN10, 16X80"},{"$f":"IF(C1935=0,\"\",VLOOKUP(C1935,BNCDADOS!$A:$G,3,0))","v":"UN "},48,{"$f":"IF(C1935=0,\"\",VLOOKUP(C1935,BNCDADOS!$A:$G,4,0))","v":8.23},9.2100000000000009,442.08,{"$f":"IF(C1935=0,\"\",VLOOKUP(C1935,BNCDADOS!$A:$G,6,0))","v":8.23},9.66,463.68,{"$f":"'MC - MATERIAL ADUTORA - 4-8'!M99","v":48}]
["6.4.2.8",{"$f":"IF(C1936=0,\"\",VLOOKUP(C1936,BNCDADOS!$A:$H,8,0))","v":0},"FF92",{"$f":"IF(C1936=0,\"\",VLOOKUP(C1936,BNCDADOS!$A:$G,2,0))","v":"ARRUELA DE BORRACHA PARA FLANGES, DN 50MM"},{"$f":"IF(C1936=0,\"\",VLOOKUP(C1936,BNCDADOS!$A:$G,3,0))","v":"UN "},6,{"$f":"IF(C1936=0,\"\",VLOOKUP(C1936,BNCDADOS!$A:$G,4,0))","v":3.32},3.71,22.26,{"$f":"IF(C1936=0,\"\",VLOOKUP(C1936,BNCDADOS!$A:$G,6,0))","v":3.32},3.9,23.4,{"$f":"'MC - MATERIAL ADUTORA - 4-8'!M100","v":6}]
["6.4.2.9",{"$f":"IF(C1937=0,\"\",VLOOKUP(C1937,BNCDADOS!$A:$H,8,0))","v":0},"FF94",{"$f":"IF(C1937=0,\"\",VLOOKUP(C1937,BNCDADOS!$A:$G,2,0))","v":"ARRUELA DE BORRACHA PARA FLANGES, DN 100MM"},{"$f":"IF(C1937=0,\"\",VLOOKUP(C1937,BNCDADOS!$A:$G,3,0))","v":"UN "},12,{"$f":"IF(C1937=0,\"\",VLOOKUP(C1937,BNCDADOS!$A:$G,4,0))","v":6.83},7.64,91.68,{"$f":"IF(C1937=0,\"\",VLOOKUP(C1937,BNCDADOS!$A:$G,6,0))","v":6.83},8.02,96.24,{"$f":"'MC - MATERIAL ADUTORA - 4-8'!M101","v":12}]
["6.4.3",{"$f":"IF(C1938=0,\"\",VLOOKUP(C1938,BNCDADOS!$A:$G,8,0))","v":""},null,"TRAVESSIAS PELO MND",{"$f":"IF(C1938=0,\"\",VLOOKUP(C1938,BNCDADOS!$A:$G,3,0))","v":""},0,{"$f":"IF(C1938=0,\"\",VLOOKUP(C1938,BNCDADOS!$A:$G,4,0))","v":""},{"$f":"IF(C1938=0,\"\",VLOOKUP(C1938,BNCDADOS!$A:$G,5,0))","v":""},{"$f":"SUM(I1939:I1951)","v":316778.05000000005},{"$f":"IF(C1938=0,\"\",VLOOKUP(C1938,BNCDADOS!$A:$G,6,0))","v":""},{"$f":"IF(C1938=0,\"\",VLOOKUP(C1938,BNCDADOS!$A:$G,7,0))","v":""},{"$f":"SUM(L1939:L1951)","v":332275.78999999998}]
["6.4.3.1",{"$f":"IF(C1939=0,\"\",VLOOKUP(C1939,BNCDADOS!$A:$H,8,0))","v":0},"FF03",{"$f":"IF(C1939=0,\"\",VLOOKUP(C1939,BNCDADOS!$A:$G,2,0))","v":"CURVA 11°, FOFO, JGS, PN16, DN 600MM"},{"$f":"IF(C1939=0,\"\",VLOOKUP(C1939,BNCDADOS!$A:$G,3,0))","v":"UN "},1,{"$f":"IF(C1939=0,\"\",VLOOKUP(C1939,BNCDADOS!$A:$G,4,0))","v":4491.3133333333326},{"$f":"TRUNC(G1939*(1+$I$5),2)","v":5030.2700000000004},{"$f":"IF(H1939=\"\",0,TRUNC(H1939*F1939,2))","v":5030.2700000000004},{"$f":"IF(C1939=0,\"\",VLOOKUP(C1939,BNCDADOS!$A:$G,6,0))","v":4491.3133333333326},{"$f":"TRUNC(J1939*(1+$L$5),2)","v":5276.39},{"$f":"IF(K1939=\"\",0,TRUNC(K1939*F1939,2))","v":5276.39},{"$f":"'MC - MATERIAL ADUTORA - 4-8'!F129","v":1}]
["6.4.3.2",{"$f":"IF(C1940=0,\"\",VLOOKUP(C1940,BNCDADOS!$A:$H,8,0))","v":0},"FF106",{"$f":"IF(C1940=0,\"\",VLOOKUP(C1940,BNCDADOS!$A:$G,2,0))","v":"JUNTA DE DESMONTAGEM TRAVADA AXIALMENTE, DN 600MM"},{"$f":"IF(C1940=0,\"\",VLOOKUP(C1940,BNCDADOS!$A:$G,3,0))","v":"UN "},4,{"$f":"IF(C1940=0,\"\",VLOOKUP(C1940,BNCDADOS!$A:$G,4,0))","v":7237.9396666666662},8106.49,32425.96,{"$f":"IF(C1940=0,\"\",VLOOKUP(C1940,BNCDADOS!$A:$G,6,0))","v":7237.9396666666662},8503.1299999999992,34012.519999999997,{"$f":"'MC - MATERIAL ADUTORA - 4-8'!F130","v":4}]
["6.4.3.3",{"$f":"IF(C1941=0,\"\",VLOOKUP(C1941,BNCDADOS!$A:$H,8,0))","v":0},"FF21",{"$f":"IF(C1941=0,\"\",VLOOKUP(C1941,BNCDADOS!$A:$G,2,0))","v":"EXTREMIDADE, FOFO, FLANGE/BOLSA, PN10, DN 600MM"},{"$f":"IF(C1941=0,\"\",VLOOKUP(C1941,BNCDADOS!$A:$G,3,0))","v":"UN "},3,{"$f":"IF(C1941=0,\"\",VLOOKUP(C1941,BNCDADOS!$A:$G,4,0))","v":4043},4528.16,13584.48,{"$f":"IF(C1941=0,\"\",VLOOKUP(C1941,BNCDADOS!$A:$G,6,0))","v":4043},4749.71,14249.13,{"$f":"'MC - MATERIAL ADUTORA - 4-8'!F131","v":3}]
["6.4.3.4",{"$f":"IF(C1942=0,\"\",VLOOKUP(C1942,BNCDADOS!$A:$H,8,0))","v":0},"FF49",{"$f":"IF(C1942=0,\"\",VLOOKUP(C1942,BNCDADOS!$A:$G,2,0))","v":"REDUÇÃO CONCÊNTRICA, FOFO, FLANGES, PN16, DN 600-400MM"},{"$f":"IF(C1942=0,\"\",VLOOKUP(C1942,BNCDADOS!$A:$G,3,0))","v":"UN "},1,{"$f":"IF(C1942=0,\"\",VLOOKUP(C1942,BNCDADOS!$A:$G,4,0))","v":5656.08},6334.8,6334.8,{"$f":"IF(C1942=0,\"\",VLOOKUP(C1942,BNCDADOS!$A:$G,6,0))","v":5656.08},6644.76,6644.76,{"$f":"'MC - MATERIAL ADUTORA - 4-8'!F132","v":1}]
["6.4.3.5",{"$f":"IF(C1943=0,\"\",VLOOKUP(C1943,BNCDADOS!$A:$H,8,0))","v":0},"FF107",{"$f":"IF(C1943=0,\"\",VLOOKUP(C1943,BNCDADOS!$A:$G,2,0))","v":"TÊ, BBB, FOFO, PN16, DN 600MM"},{"$f":"IF(C1943=0,\"\",VLOOKUP(C1943,BNCDADOS!$A:$G,3,0))","v":"UN "},1,{"$f":"IF(C1943=0,\"\",VLOOKUP(C1943,BNCDADOS!$A:$G,4,0))","v":3139.41},3516.13,3516.13,{"$f":"IF(C1943=0,\"\",VLOOKUP(C1943,BNCDADOS!$A:$G,6,0))","v":3139.41},3688.17,3688.17,{"$f":"'MC - MATERIAL ADUTORA - 4-8'!F133","v":1}]
["6.4.3.6",{"$f":"IF(C1944=0,\"\",VLOOKUP(C1944,BNCDADOS!$A:$H,8,0))","v":0},"FF59",{"$f":"IF(C1944=0,\"\",VLOOKUP(C1944,BNCDADOS!$A:$G,2,0))","v":"TÊ, FFF, FOFO, PN10, DN 600MM"},{"$f":"IF(C1944=0,\"\",VLOOKUP(C1944,BNCDADOS!$A:$G,3,0))","v":"UN "},2,{"$f":"IF(C1944=0,\"\",VLOOKUP(C1944,BNCDADOS!$A:$G,4,0))","v":12516.34},14018.3,28036.6,{"$f":"IF(C1944=0,\"\",VLOOKUP(C1944,BNCDADOS!$A:$G,6,0))","v":12516.34},14704.19,29408.38,{"$f":"'MC - MATERIAL ADUTORA - 4-8'!F134","v":2}]
["6.4.3.7",{"$f":"IF(C1945=0,\"\",VLOOKUP(C1945,BNCDADOS!$A:$H,8,0))","v":0},"FF70",{"$f":"IF(C1945=0,\"\",VLOOKUP(C1945,BNCDADOS!$A:$G,2,0))","v":"TUBO, FOFO, FLANGE/PONTA, DN 600MM, L=2100MM"},{"$f":"IF(C1945=0,\"\",VLOOKUP(C1945,BNCDADOS!$A:$G,3,0))","v":"UN "},2,{"$f":"IF(C1945=0,\"\",VLOOKUP(C1945,BNCDADOS!$A:$G,4,0))","v":9128.1666666666661},10223.540000000001,20447.080000000002,{"$f":"IF(C1945=0,\"\",VLOOKUP(C1945,BNCDADOS!$A:$G,6,0))","v":9128.1666666666661},10723.77,21447.54,{"$f":"'MC - MATERIAL ADUTORA - 4-8'!F135","v":2}]
["6.4.3.8",{"$f":"IF(C1946=0,\"\",VLOOKUP(C1946,BNCDADOS!$A:$H,8,0))","v":0},"FF84",{"$f":"IF(C1946=0,\"\",VLOOKUP(C1946,BNCDADOS!$A:$G,2,0))","v":"TUBO, FOFO, FLANGES, DN 600MM, L=2100MM"},{"$f":"IF(C1946=0,\"\",VLOOKUP(C1946,BNCDADOS!$A:$G,3,0))","v":"UN "},2,{"$f":"IF(C1946=0,\"\",VLOOKUP(C1946,BNCDADOS!$A:$G,4,0))","v":7182.45},8044.34,16088.68,{"$f":"IF(C1946=0,\"\",VLOOKUP(C1946,BNCDADOS!$A:$G,6,0))","v":7182.45},8437.94,16875.88,{"$f":"'MC - MATERIAL ADUTORA - 4-8'!F136","v":2}]
["6.4.3.9",{"$f":"IF(C1947=0,\"\",VLOOKUP(C1947,BNCDADOS!$A:$H,8,0))","v":0},"FF158",{"$f":"IF(C1947=0,\"\",VLOOKUP(C1947,BNCDADOS!$A:$G,2,0))","v":"TUBO, FOFO, CILINDRICO, DN 600MM"},{"$f":"IF(C1947=0,\"\",VLOOKUP(C1947,BNCDADOS!$A:$G,3,0))","v":"M"},{"$f":"4.5+1.5+2.5*2+5.8","v":16.8},{"$f":"IF(C1947=0,\"\",VLOOKUP(C1947,BNCDADOS!$A:$G,4,0))","v":3195.1153846153848},{"$f":"TRUNC(G1947*(1+$I$5),2)","v":3578.52},{"$f":"IF(H1947=\"\",0,TRUNC(H1947*F1947,2))","v":60119.13},{"$f":"IF(C1947=0,\"\",VLOOKUP(C1947,BNCDADOS!$A:$G,6,0))","v":3195.1153846153848},{"$f":"TRUNC(J1947*(1+$L$5),2)","v":3753.62},{"$f":"IF(K1947=\"\",0,TRUNC(K1947*F1947,2))","v":63060.81},{"$f":"'MC - MATERIAL ADUTORA - 4-8'!G138","v":10.3}]
["6.4.3.10",{"$f":"IF(C1948=0,\"\",VLOOKUP(C1948,BNCDADOS!$A:$H,8,0))","v":0},"FF159",{"$f":"IF(C1948=0,\"\",VLOOKUP(C1948,BNCDADOS!$A:$G,2,0))","v":"TUBO, FOFO, CILINDRICO, DN 400MM"},{"$f":"IF(C1948=0,\"\",VLOOKUP(C1948,BNCDADOS!$A:$G,3,0))","v":"M"},{"$f":"4.5+1.5+2.5*2+5.8","v":16.8},{"$f":"IF(C1948=0,\"\",VLOOKUP(C1948,BNCDADOS!$A:$G,4,0))","v":2340.4145299145298},2621.2600000000002,44037.16,{"$f":"IF(C1948=0,\"\",VLOOKUP(C1948,BNCDADOS!$A:$G,6,0))","v":2340.4145299145298},2749.51,46191.76,{"$f":"'MC - MATERIAL ADUTORA - 4-8'!G137","v":4.5}]
["6.4.3.11",{"$f":"IF(C1949=0,\"\",VLOOKUP(C1949,BNCDADOS!$A:$H,8,0))","v":0},"VG07",{"$f":"IF(C1949=0,\"\",VLOOKUP(C1949,BNCDADOS!$A:$G,2,0))","v":"VÁLVULA GAVETA, FLANGES, CORPO CURTO, VOLANTE E CUNHA DE BORRACHA, DN 600MM"},{"$f":"IF(C1949=0,\"\",VLOOKUP(C1949,BNCDADOS!$A:$G,3,0))","v":"UN "},{"$f":"TRUNC(M1949,2)","v":4},{"$f":"IF(C1949=0,\"\",VLOOKUP(C1949,BNCDADOS!$A:$G,4,0))","v":17500},{"$f":"TRUNC(G1949*(1+$I$5),2)","v":19600},{"$f":"IF(H1949=\"\",0,TRUNC(H1949*F1949,2))","v":78400},{"$f":"IF(C1949=0,\"\",VLOOKUP(C1949,BNCDADOS!$A:$G,6,0))","v":17500},{"$f":"TRUNC(J1949*(1+$L$5),2)","v":20559},{"$f":"IF(K1949=\"\",0,TRUNC(K1949*F1949,2))","v":82236},{"$f":"'MC - MATERIAL ADUTORA - 4-8'!F140","v":4}]
["6.4.3.12",{"$f":"IF(C1950=0,\"\",VLOOKUP(C1950,BNCDADOS!$A:$H,8,0))","v":0},"FF100",{"$f":"IF(C1950=0,\"\",VLOOKUP(C1950,BNCDADOS!$A:$G,2,0))","v":"ARRUELA DE BORRACHA PARA FLANGES, DN 600MM"},{"$f":"IF(C1950=0,\"\",VLOOKUP(C1950,BNCDADOS!$A:$G,3,0))","v":"UN "},11,{"$f":"IF(C1950=0,\"\",VLOOKUP(C1950,BNCDADOS!$A:$G,4,0))","v":50.86},56.96,626.55999999999995,{"$f":"IF(C1950=0,\"\",VLOOKUP(C1950,BNCDADOS!$A:$G,6,0))","v":50.86},59.75,657.25,{"$f":"'MC - MATERIAL ADUTORA - 4-8'!F141","v":11}]
["6.4.3.13",{"$f":"IF(C1951=0,\"\",VLOOKUP(C1951,BNCDADOS!$A:$H,8,0))","v":0},"FF105",{"$f":"IF(C1951=0,\"\",VLOOKUP(C1951,BNCDADOS!$A:$G,2,0))","v":"PARAFUSO PARA FLANGES, PN10, 27X120"},{"$f":"IF(C1951=0,\"\",VLOOKUP(C1951,BNCDADOS!$A:$G,3,0))","v":"UN "},220,{"$f":"IF(C1951=0,\"\",VLOOKUP(C1951,BNCDADOS!$A:$G,4,0))","v":33},36.96,8131.2,{"$f":"IF(C1951=0,\"\",VLOOKUP(C1951,BNCDADOS!$A:$G,6,0))","v":33},38.76,8527.2000000000007,{"$f":"'MC - MATERIAL ADUTORA - 4-8'!F142","v":220}]
[null,{"$f":"IF(C1952=0,\"\",VLOOKUP(C1952,BNCDADOS!$A:$H,8,0))","v":""},null,{"$f":"IF(C1952=0,\"\",VLOOKUP(C1952,BNCDADOS!$A:$G,2,0))","v":""},{"$f":"IF(C1952=0,\"\",VLOOKUP(C1952,BNCDADOS!$A:$G,3,0))","v":""},0,{"$f":"IF(C1952=0,\"\",VLOOKUP(C1952,BNCDADOS!$A:$G,4,0))","v":""},{"$f":"IF(C1952=0,\"\",VLOOKUP(C1952,BNCDADOS!$A:$G,5,0))","v":""},0,{"$f":"IF(C1952=0,\"\",VLOOKUP(C1952,BNCDADOS!$A:$G,6,0))","v":""},{"$f":"IF(C1952=0,\"\",VLOOKUP(C1952,BNCDADOS!$A:$G,7,0))","v":""},0]
["6.5",null,null,"MATERIAIS_TRECHO 05.02",{"$nulls":4},{"$f":"SUM(I1954,I1972,I1982)","v":24725022.889999997},null,null,{"$f":"SUM(L1954,L1972,L1982)","v":25934893.770000007},0]
["6.5.1",{"$f":"IF(C1954=0,\"\",VLOOKUP(C1954,BNCDADOS!$A:$G,8,0))","v":""},null,"ADUTORA",{"$f":"IF(C1954=0,\"\",VLOOKUP(C1954,BNCDADOS!$A:$G,3,0))","v":""},{"$f":"TRUNC(M1954,2)","v":0},{"$f":"IF(C1954=0,\"\",VLOOKUP(C1954,BNCDADOS!$A:$G,4,0))","v":""},{"$f":"IF(C1954=0,\"\",VLOOKUP(C1954,BNCDADOS!$A:$G,5,0))","v":""},{"$f":"SUM(I1955:I1971)","v":24469587.43},{"$f":"IF(C1954=0,\"\",VLOOKUP(C1954,BNCDADOS!$A:$G,6,0))","v":""},{"$f":"IF(C1954=0,\"\",VLOOKUP(C1954,BNCDADOS!$A:$G,7,0))","v":""},{"$f":"SUM(L1955:L1971)","v":25666961.870000008},0]
["6.5.1.1",{"$f":"IF(C1955=0,\"\",VLOOKUP(C1955,BNCDADOS!$A:$H,8,0))","v":0},"PVCD01",{"$f":"IF(C1955=0,\"\",VLOOKUP(C1955,BNCDADOS!$A:$G,2,0))","v":"TUBO PVC DEFOFO, JEI, 1 MPA, DN 400 MM, PARA REDE DE AGUA (NBR 7665) (EMBASA M020300019)"},{"$f":"IF(C1955=0,\"\",VLOOKUP(C1955,BNCDADOS!$A:$G,3,0))","v":"M"},210,{"$f":"IF(C1955=0,\"\",VLOOKUP(C1955,BNCDADOS!$A:$G,4,0))","v":646.25},{"$f":"TRUNC(G1955*(1+$I$5),2)","v":723.8},{"$f":"IF(H1955=\"\",0,TRUNC(H1955*F1955,2))","v":151998},{"$f":"IF(C1955=0,\"\",VLOOKUP(C1955,BNCDADOS!$A:$G,6,0))","v":646.25},{"$f":"TRUNC(J1955*(1+$L$5),2)","v":759.21},{"$f":"IF(K1955=\"\",0,TRUNC(K1955*F1955,2))","v":159434.1},{"$f":"P1955*6","v":210},{"$f":"SUMIF(#REF!,Orçamento!A1955,#REF!)","v":{"$error":"#REF!"}},{"$f":"ROUND(SUM('MC - SERVIÇO ADUTORA - 4-8'!F363:F368)*1.05,0)","v":213},{"$f":"TRUNC(O1955/6,0)","v":35}]
["6.5.1.2",{"$f":"IF(C1956=0,\"\",VLOOKUP(C1956,BNCDADOS!$A:$H,8,0))","v":0},"TBPFRV03",{"$f":"IF(C1956=0,\"\",VLOOKUP(C1956,BNCDADOS!$A:$G,2,0))","v":"TUBO PVC-PRFV, PN16, 10.000 N/m², DN 600"},{"$f":"IF(C1956=0,\"\",VLOOKUP(C1956,BNCDADOS!$A:$G,3,0))","v":"M"},18162,{"$f":"IF(C1956=0,\"\",VLOOKUP(C1956,BNCDADOS!$A:$G,4,0))","v":1166.8625000000002},{"$f":"TRUNC(G1956*(1+$I$5),2)","v":1306.8800000000001},{"$f":"IF(H1956=\"\",0,TRUNC(H1956*F1956,2))","v":23735554.559999999},{"$f":"IF(C1956=0,\"\",VLOOKUP(C1956,BNCDADOS!$A:$G,6,0))","v":1166.8625000000002},{"$f":"TRUNC(J1956*(1+$L$5),2)","v":1370.83},{"$f":"IF(K1956=\"\",0,TRUNC(K1956*F1956,2))","v":24897014.460000001},{"$f":"P1956*6","v":18162},{"$f":"SUMIF(#REF!,Orçamento!A1956,#REF!)","v":{"$error":"#REF!"}},{"$f":"ROUND(SUM('MC - SERVIÇO ADUTORA - 4-8'!F237:F362)*1.05,0)","v":18162},{"$f":"TRUNC(O1956/6,0)","v":3027}]
["6.5.1.3",{"$f":"IF(C1957=0,\"\",VLOOKUP(C1957,BNCDADOS!$A:$H,8,0))","v":0},"FF40",{"$f":"IF(C1957=0,\"\",VLOOKUP(C1957,BNCDADOS!$A:$G,2,0))","v":"LUVA SIMPLES, FOFO, BOLSA/BOLSA, PN16, DN 600MM"},{"$f":"IF(C1957=0,\"\",VLOOKUP(C1957,BNCDADOS!$A:$G,3,0))","v":"UN "},75,{"$f":"IF(C1957=0,\"\",VLOOKUP(C1957,BNCDADOS!$A:$G,4,0))","v":2488.23},2786.81,{"$f":"IF(H1957=\"\",0,TRUNC(H1957*F1957,2))","v":209010.75},{"$f":"IF(C1957=0,\"\",VLOOKUP(C1957,BNCDADOS!$A:$G,6,0))","v":2488.23},2923.17,{"$f":"IF(K1957=\"\",0,TRUNC(K1957*F1957,2))","v":219237.75},{"$f":"'MC - MATERIAL ADUTORA - 4-8'!M78","v":75}]
["6.5.1.4",{"$f":"IF(C1958=0,\"\",VLOOKUP(C1958,BNCDADOS!$A:$H,8,0))","v":0},"FF108",{"$f":"IF(C1958=0,\"\",VLOOKUP(C1958,BNCDADOS!$A:$G,2,0))","v":"CURVA 11°, FOFO, JGS, PN16, DN 250MM"},{"$f":"IF(C1958=0,\"\",VLOOKUP(C1958,BNCDADOS!$A:$G,3,0))","v":"UN "},{"$f":"TRUNC(M1958,2)","v":2},{"$f":"IF(C1958=0,\"\",VLOOKUP(C1958,BNCDADOS!$A:$G,4,0))","v":624.09},{"$f":"TRUNC(G1958*(1+$I$5),2)","v":698.98},{"$f":"IF(H1958=\"\",0,TRUNC(H1958*F1958,2))","v":1397.96},{"$f":"IF(C1958=0,\"\",VLOOKUP(C1958,BNCDADOS!$A:$G,6,0))","v":624.09},{"$f":"TRUNC(J1958*(1+$L$5),2)","v":733.18},{"$f":"IF(K1958=\"\",0,TRUNC(K1958*F1958,2))","v":1466.36},{"$f":"'MC - MATERIAL ADUTORA - 4-8'!M79","v":2}]
["6.5.1.5",{"$f":"IF(C1959=0,\"\",VLOOKUP(C1959,BNCDADOS!$A:$H,8,0))","v":0},"FF03",{"$f":"IF(C1959=0,\"\",VLOOKUP(C1959,BNCDADOS!$A:$G,2,0))","v":"CURVA 11°, FOFO, JGS, PN16, DN 600MM"},{"$f":"IF(C1959=0,\"\",VLOOKUP(C1959,BNCDADOS!$A:$G,3,0))","v":"UN "},25,{"$f":"IF(C1959=0,\"\",VLOOKUP(C1959,BNCDADOS!$A:$G,4,0))","v":4491.3133333333326},5030.2700000000004,{"$f":"IF(H1959=\"\",0,TRUNC(H1959*F1959,2))","v":125756.75},{"$f":"IF(C1959=0,\"\",VLOOKUP(C1959,BNCDADOS!$A:$G,6,0))","v":4491.3133333333326},5276.39,{"$f":"IF(K1959=\"\",0,TRUNC(K1959*F1959,2))","v":131909.75},{"$f":"'MC - MATERIAL ADUTORA - 4-8'!M80","v":25}]
["6.5.1.6",{"$f":"IF(C1960=0,\"\",VLOOKUP(C1960,BNCDADOS!$A:$H,8,0))","v":0},"FF109",{"$f":"IF(C1960=0,\"\",VLOOKUP(C1960,BNCDADOS!$A:$G,2,0))","v":"CURVA 22°, FOFO, JGS, PN16, DN 250MM"},{"$f":"IF(C1960=0,\"\",VLOOKUP(C1960,BNCDADOS!$A:$G,3,0))","v":"UN "},{"$f":"TRUNC(M1960,2)","v":1},{"$f":"IF(C1960=0,\"\",VLOOKUP(C1960,BNCDADOS!$A:$G,4,0))","v":688.36},{"$f":"TRUNC(G1960*(1+$I$5),2)","v":770.96},{"$f":"IF(H1960=\"\",0,TRUNC(H1960*F1960,2))","v":770.96},{"$f":"IF(C1960=0,\"\",VLOOKUP(C1960,BNCDADOS!$A:$G,6,0))","v":688.36},{"$f":"TRUNC(J1960*(1+$L$5),2)","v":808.68},{"$f":"IF(K1960=\"\",0,TRUNC(K1960*F1960,2))","v":808.68},{"$f":"'MC - MATERIAL ADUTORA - 4-8'!M81","v":1}]
["6.5.1.7",{"$f":"IF(C1961=0,\"\",VLOOKUP(C1961,BNCDADOS!$A:$H,8,0))","v":0},"FF06",{"$f":"IF(C1961=0,\"\",VLOOKUP(C1961,BNCDADOS!$A:$G,2,0))","v":"CURVA 22°, FOFO, JGS, PN16, DN 600MM"},{"$f":"IF(C1961=0,\"\",VLOOKUP(C1961,BNCDADOS!$A:$G,3,0))","v":"UN "},13,{"$f":"IF(C1961=0,\"\",VLOOKUP(C1961,BNCDADOS!$A:$G,4,0))","v":5951.670000000001},6665.87,86656.31,{"$f":"IF(C1961=0,\"\",VLOOKUP(C1961,BNCDADOS!$A:$G,6,0))","v":5951.670000000001},6992.02,90896.26,{"$f":"'MC - MATERIAL ADUTORA - 4-8'!M82","v":13}]
["6.5.1.8",{"$f":"IF(C1962=0,\"\",VLOOKUP(C1962,BNCDADOS!$A:$H,8,0))","v":0},"FF09",{"$f":"IF(C1962=0,\"\",VLOOKUP(C1962,BNCDADOS!$A:$G,2,0))","v":"CURVA 45°, FOFO, JGS, PN16, DN 400MM"},{"$f":"IF(C1962=0,\"\",VLOOKUP(C1962,BNCDADOS!$A:$G,3,0))","v":"UN "},3,{"$f":"IF(C1962=0,\"\",VLOOKUP(C1962,BNCDADOS!$A:$G,4,0))","v":2859.03},3202.11,9606.33,{"$f":"IF(C1962=0,\"\",VLOOKUP(C1962,BNCDADOS!$A:$G,6,0))","v":2859.03},3358.78,10076.34,{"$f":"'MC - MATERIAL ADUTORA - 4-8'!M83","v":3}]
["6.5.1.9",{"$f":"IF(C1963=0,\"\",VLOOKUP(C1963,BNCDADOS!$A:$H,8,0))","v":0},"FF10",{"$f":"IF(C1963=0,\"\",VLOOKUP(C1963,BNCDADOS!$A:$G,2,0))","v":"CURVA 45°, FOFO, JGS, PN16, DN 600MM"},{"$f":"IF(C1963=0,\"\",VLOOKUP(C1963,BNCDADOS!$A:$G,3,0))","v":"UN "},11,{"$f":"IF(C1963=0,\"\",VLOOKUP(C1963,BNCDADOS!$A:$G,4,0))","v":8332.58},9332.48,102657.28,{"$f":"IF(C1963=0,\"\",VLOOKUP(C1963,BNCDADOS!$A:$G,6,0))","v":8332.58},9789.11,107680.21,{"$f":"'MC - MATERIAL ADUTORA - 4-8'!M84","v":11}]
["6.5.1.10",{"$f":"IF(C1964=0,\"\",VLOOKUP(C1964,BNCDADOS!$A:$H,8,0))","v":0},"FF110",{"$f":"IF(C1964=0,\"\",VLOOKUP(C1964,BNCDADOS!$A:$G,2,0))","v":"EXTREMIDADE, FOFO, FLANGE/BOLSA, PN10, DN 250MM"},{"$f":"IF(C1964=0,\"\",VLOOKUP(C1964,BNCDADOS!$A:$G,3,0))","v":"UN "},{"$f":"TRUNC(M1964,2)","v":1},{"$f":"IF(C1964=0,\"\",VLOOKUP(C1964,BNCDADOS!$A:$G,4,0))","v":690.72},{"$f":"TRUNC(G1964*(1+$I$5),2)","v":773.6},{"$f":"IF(H1964=\"\",0,TRUNC(H1964*F1964,2))","v":773.6},{"$f":"IF(C1964=0,\"\",VLOOKUP(C1964,BNCDADOS!$A:$G,6,0))","v":690.72},{"$f":"TRUNC(J1964*(1+$L$5),2)","v":811.45},{"$f":"IF(K1964=\"\",0,TRUNC(K1964*F1964,2))","v":811.45},{"$f":"'MC - MATERIAL ADUTORA - 4-8'!M85","v":1}]
["6.5.1.11",{"$f":"IF(C1965=0,\"\",VLOOKUP(C1965,BNCDADOS!$A:$H,8,0))","v":0},"FF21",{"$f":"IF(C1965=0,\"\",VLOOKUP(C1965,BNCDADOS!$A:$G,2,0))","v":"EXTREMIDADE, FOFO, FLANGE/BOLSA, PN10, DN 600MM"},{"$f":"IF(C1965=0,\"\",VLOOKUP(C1965,BNCDADOS!$A:$G,3,0))","v":"UN "},2,{"$f":"IF(C1965=0,\"\",VLOOKUP(C1965,BNCDADOS!$A:$G,4,0))","v":4043},4528.16,9056.32,{"$f":"IF(C1965=0,\"\",VLOOKUP(C1965,BNCDADOS!$A:$G,6,0))","v":4043},4749.71,9499.42,{"$f":"'MC - MATERIAL ADUTORA - 4-8'!M86","v":2}]
["6.5.1.12",{"$f":"IF(C1966=0,\"\",VLOOKUP(C1966,BNCDADOS!$A:$H,8,0))","v":0},"FF25",{"$f":"IF(C1966=0,\"\",VLOOKUP(C1966,BNCDADOS!$A:$G,2,0))","v":"EXTREMIDADE, FOFO, FLANGE/PONTA, ABA DE VEDAÇÃO PN16, DN 250MM"},{"$f":"IF(C1966=0,\"\",VLOOKUP(C1966,BNCDADOS!$A:$G,3,0))","v":"UN "},1,{"$f":"IF(C1966=0,\"\",VLOOKUP(C1966,BNCDADOS!$A:$G,4,0))","v":1898.9433333333334},2126.81,2126.81,{"$f":"IF(C1966=0,\"\",VLOOKUP(C1966,BNCDADOS!$A:$G,6,0))","v":1898.9433333333334},2230.87,2230.87,{"$f":"'MC - MATERIAL ADUTORA - 4-8'!M87","v":1}]
["6.5.1.13",{"$f":"IF(C1967=0,\"\",VLOOKUP(C1967,BNCDADOS!$A:$H,8,0))","v":0},"FF47",{"$f":"IF(C1967=0,\"\",VLOOKUP(C1967,BNCDADOS!$A:$G,2,0))","v":"REDUÇÃO CONCÊNTRICA, FOFO, FLANGES, PN16, DN 400-250MM"},{"$f":"IF(C1967=0,\"\",VLOOKUP(C1967,BNCDADOS!$A:$G,3,0))","v":"UN "},{"$f":"TRUNC(M1967,2)","v":1},{"$f":"IF(C1967=0,\"\",VLOOKUP(C1967,BNCDADOS!$A:$G,4,0))","v":2815.5466666666666},{"$f":"TRUNC(G1967*(1+$I$5),2)","v":3153.41},{"$f":"IF(H1967=\"\",0,TRUNC(H1967*F1967,2))","v":3153.41},{"$f":"IF(C1967=0,\"\",VLOOKUP(C1967,BNCDADOS!$A:$G,6,0))","v":2815.5466666666666},{"$f":"TRUNC(J1967*(1+$L$5),2)","v":3307.7},{"$f":"IF(K1967=\"\",0,TRUNC(K1967*F1967,2))","v":3307.7},{"$f":"'MC - MATERIAL ADUTORA - 4-8'!M88","v":1}]
["6.5.1.14",{"$f":"IF(C1968=0,\"\",VLOOKUP(C1968,BNCDADOS!$A:$H,8,0))","v":0},"FF49",{"$f":"IF(C1968=0,\"\",VLOOKUP(C1968,BNCDADOS!$A:$G,2,0))","v":"REDUÇÃO CONCÊNTRICA, FOFO, FLANGES, PN16, DN 600-400MM"},{"$f":"IF(C1968=0,\"\",VLOOKUP(C1968,BNCDADOS!$A:$G,3,0))","v":"UN "},1,{"$f":"IF(C1968=0,\"\",VLOOKUP(C1968,BNCDADOS!$A:$G,4,0))","v":5656.08},6334.8,6334.8,{"$f":"IF(C1968=0,\"\",VLOOKUP(C1968,BNCDADOS!$A:$G,6,0))","v":5656.08},6644.76,6644.76,{"$f":"'MC - MATERIAL ADUTORA - 4-8'!M89","v":1}]
["6.5.1.15",{"$f":"IF(C1969=0,\"\",VLOOKUP(C1969,BNCDADOS!$A:$H,8,0))","v":0},"FF59",{"$f":"IF(C1969=0,\"\",VLOOKUP(C1969,BNCDADOS!$A:$G,2,0))","v":"TÊ, FFF, FOFO, PN10, DN 600MM"},{"$f":"IF(C1969=0,\"\",VLOOKUP(C1969,BNCDADOS!$A:$G,3,0))","v":"UN "},1,{"$f":"IF(C1969=0,\"\",VLOOKUP(C1969,BNCDADOS!$A:$G,4,0))","v":12516.34},14018.3,14018.3,{"$f":"IF(C1969=0,\"\",VLOOKUP(C1969,BNCDADOS!$A:$G,6,0))","v":12516.34},14704.19,14704.19,{"$f":"'MC - MATERIAL ADUTORA - 4-8'!M90","v":1}]
["6.5.1.16",{"$f":"IF(C1970=0,\"\",VLOOKUP(C1970,BNCDADOS!$A:$H,8,0))","v":0},"FF111",{"$f":"IF(C1970=0,\"\",VLOOKUP(C1970,BNCDADOS!$A:$G,2,0))","v":"JUNTA DE DESMONTAGEM TRAVADA AXIALMENTE, DN 250MM"},{"$f":"IF(C1970=0,\"\",VLOOKUP(C1970,BNCDADOS!$A:$G,3,0))","v":"UN "},1,{"$f":"IF(C1970=0,\"\",VLOOKUP(C1970,BNCDADOS!$A:$G,4,0))","v":4339.7},4860.46,4860.46,{"$f":"IF(C1970=0,\"\",VLOOKUP(C1970,BNCDADOS!$A:$G,6,0))","v":4339.7},5098.2700000000004,5098.2700000000004,{"$f":"'MC - MATERIAL ADUTORA - 4-8'!M91","v":1}]
["6.5.1.17",{"$f":"IF(C1971=0,\"\",VLOOKUP(C1971,BNCDADOS!$A:$H,8,0))","v":0},"VG08",{"$f":"IF(C1971=0,\"\",VLOOKUP(C1971,BNCDADOS!$A:$G,2,0))","v":"VÁLVULA GAVETA, FLANGES, CORPO CURTO, VOLANTE E CUNHA DE BORRACHA, DN 250MM"},{"$f":"IF(C1971=0,\"\",VLOOKUP(C1971,BNCDADOS!$A:$G,3,0))","v":"UN "},1,{"$f":"IF(C1971=0,\"\",VLOOKUP(C1971,BNCDADOS!$A:$G,4,0))","v":5227.53},5854.83,5854.83,{"$f":"IF(C1971=0,\"\",VLOOKUP(C1971,BNCDADOS!$A:$G,6,0))","v":5227.53},6141.3,6141.3,{"$f":"'MC - MATERIAL ADUTORA - 4-8'!M92","v":1}]
["6.5.2",{"$f":"IF(C1972=0,\"\",VLOOKUP(C1972,BNCDADOS!$A:$G,8,0))","v":""},null,"VENTOSAS E DESCARGAS",{"$f":"IF(C1972=0,\"\",VLOOKUP(C1972,BNCDADOS!$A:$G,3,0))","v":""},0,{"$f":"IF(C1972=0,\"\",VLOOKUP(C1972,BNCDADOS!$A:$G,4,0))","v":""},{"$f":"IF(C1972=0,\"\",VLOOKUP(C1972,BNCDADOS!$A:$G,5,0))","v":""},{"$f":"SUM(I1973:I1981)","v":80591.06},{"$f":"IF(C1972=0,\"\",VLOOKUP(C1972,BNCDADOS!$A:$G,6,0))","v":""},{"$f":"IF(C1972=0,\"\",VLOOKUP(C1972,BNCDADOS!$A:$G,7,0))","v":""},{"$f":"SUM(L1973:L1981)","v":84534.359999999986}]
["6.5.2.1",{"$f":"IF(C1973=0,\"\",VLOOKUP(C1973,BNCDADOS!$A:$H,8,0))","v":0},"FF15",{"$f":"IF(C1973=0,\"\",VLOOKUP(C1973,BNCDADOS!$A:$G,2,0))","v":"CURVA 45°, FOFO, FLANGES, PN10, DN 100MM"},{"$f":"IF(C1973=0,\"\",VLOOKUP(C1973,BNCDADOS!$A:$G,3,0))","v":"UN "},5,{"$f":"IF(C1973=0,\"\",VLOOKUP(C1973,BNCDADOS!$A:$G,4,0))","v":278.55},{"$f":"TRUNC(G1973*(1+$I$5),2)","v":311.97000000000003},{"$f":"IF(H1973=\"\",0,TRUNC(H1973*F1973,2))","v":1559.85},{"$f":"IF(C1973=0,\"\",VLOOKUP(C1973,BNCDADOS!$A:$G,6,0))","v":278.55},{"$f":"TRUNC(J1973*(1+$L$5),2)","v":327.24},{"$f":"IF(K1973=\"\",0,TRUNC(K1973*F1973,2))","v":1636.2},{"$f":"'MC - MATERIAL ADUTORA - 4-8'!M112","v":5}]
["6.5.2.2",{"$f":"IF(C1974=0,\"\",VLOOKUP(C1974,BNCDADOS!$A:$H,8,0))","v":0},"FF43",{"$f":"IF(C1974=0,\"\",VLOOKUP(C1974,BNCDADOS!$A:$G,2,0))","v":"REDUÇÃO CONCÊNTRICA, FOFO, FLANGES, PN16, DN 100-50MM"},{"$f":"IF(C1974=0,\"\",VLOOKUP(C1974,BNCDADOS!$A:$G,3,0))","v":"UN "},7,{"$f":"IF(C1974=0,\"\",VLOOKUP(C1974,BNCDADOS!$A:$G,4,0))","v":338.84},379.5,{"$f":"IF(H1974=\"\",0,TRUNC(H1974*F1974,2))","v":2656.5},{"$f":"IF(C1974=0,\"\",VLOOKUP(C1974,BNCDADOS!$A:$G,6,0))","v":338.84},398.06,{"$f":"IF(K1974=\"\",0,TRUNC(K1974*F1974,2))","v":2786.42},{"$f":"'MC - MATERIAL ADUTORA - 4-8'!M113","v":7}]
["6.5.2.3",{"$f":"IF(C1975=0,\"\",VLOOKUP(C1975,BNCDADOS!$A:$H,8,0))","v":0},"FF55",{"$f":"IF(C1975=0,\"\",VLOOKUP(C1975,BNCDADOS!$A:$G,2,0))","v":"TÊ, BBF, FOFO, PN16, DN 600-100MM"},{"$f":"IF(C1975=0,\"\",VLOOKUP(C1975,BNCDADOS!$A:$G,3,0))","v":"UN "},12,{"$f":"IF(C1975=0,\"\",VLOOKUP(C1975,BNCDADOS!$A:$G,4,0))","v":4376.51},4901.6899999999996,58820.28,{"$f":"IF(C1975=0,\"\",VLOOKUP(C1975,BNCDADOS!$A:$G,6,0))","v":4376.51},5141.5200000000004,61698.239999999998,{"$f":"'MC - MATERIAL ADUTORA - 4-8'!M114","v":12}]
["6.5.2.4",{"$f":"IF(C1976=0,\"\",VLOOKUP(C1976,BNCDADOS!$A:$H,8,0))","v":0},"VG01",{"$f":"IF(C1976=0,\"\",VLOOKUP(C1976,BNCDADOS!$A:$G,2,0))","v":"VÁLVULA GAVETA, FLANGES, CORPO CURTO, VOLANTE E CUNHA DE BORRACHA, DN 50MM"},{"$f":"IF(C1976=0,\"\",VLOOKUP(C1976,BNCDADOS!$A:$G,3,0))","v":"UN "},7,{"$f":"IF(C1976=0,\"\",VLOOKUP(C1976,BNCDADOS!$A:$G,4,0))","v":531.92999999999995},595.76,4170.32,{"$f":"IF(C1976=0,\"\",VLOOKUP(C1976,BNCDADOS!$A:$G,6,0))","v":531.92999999999995},624.91,4374.37,{"$f":"'MC - MATERIAL ADUTORA - 4-8'!M120","v":7}]
["6.5.2.5",{"$f":"IF(C1977=0,\"\",VLOOKUP(C1977,BNCDADOS!$A:$H,8,0))","v":0},"VG03",{"$f":"IF(C1977=0,\"\",VLOOKUP(C1977,BNCDADOS!$A:$G,2,0))","v":"VÁLVULA GAVETA, FLANGES, CORPO CURTO, VOLANTE E CUNHA DE BORRACHA, DN 100MM"},{"$f":"IF(C1977=0,\"\",VLOOKUP(C1977,BNCDADOS!$A:$G,3,0))","v":"UN "},5,{"$f":"IF(C1977=0,\"\",VLOOKUP(C1977,BNCDADOS!$A:$G,4,0))","v":946.02},1059.54,5297.7,{"$f":"IF(C1977=0,\"\",VLOOKUP(C1977,BNCDADOS!$A:$G,6,0))","v":946.02},1111.3800000000001,5556.9,{"$f":"'MC - MATERIAL ADUTORA - 4-8'!M121","v":5}]
["6.5.2.6",{"$f":"IF(C1978=0,\"\",VLOOKUP(C1978,BNCDADOS!$A:$H,8,0))","v":0},"VT01",{"$f":"IF(C1978=0,\"\",VLOOKUP(C1978,BNCDADOS!$A:$G,2,0))","v":"VENTOSA TRÍPLICE FUNÇÃO, FOFO, FLANGE, PN10, DN 50MM"},{"$f":"IF(C1978=0,\"\",VLOOKUP(C1978,BNCDADOS!$A:$G,3,0))","v":"UN "},7,{"$f":"IF(C1978=0,\"\",VLOOKUP(C1978,BNCDADOS!$A:$G,4,0))","v":917.58},1027.68,7193.76,{"$f":"IF(C1978=0,\"\",VLOOKUP(C1978,BNCDADOS!$A:$G,6,0))","v":917.58},1077.97,7545.79,{"$f":"'MC - MATERIAL ADUTORA - 4-8'!M123","v":7}]
["6.5.2.7",{"$f":"IF(C1979=0,\"\",VLOOKUP(C1979,BNCDADOS!$A:$H,8,0))","v":0},"FF101",{"$f":"IF(C1979=0,\"\",VLOOKUP(C1979,BNCDADOS!$A:$G,2,0))","v":"PARAFUSO PARA FLANGES, PN10, 16X80"},{"$f":"IF(C1979=0,\"\",VLOOKUP(C1979,BNCDADOS!$A:$G,3,0))","v":"UN "},80,{"$f":"IF(C1979=0,\"\",VLOOKUP(C1979,BNCDADOS!$A:$G,4,0))","v":8.23},9.2100000000000009,736.8,{"$f":"IF(C1979=0,\"\",VLOOKUP(C1979,BNCDADOS!$A:$G,6,0))","v":8.23},9.66,772.8,{"$f":"'MC - MATERIAL ADUTORA - 4-8'!M116","v":80}]
["6.5.2.8",{"$f":"IF(C1980=0,\"\",VLOOKUP(C1980,BNCDADOS!$A:$H,8,0))","v":0},"FF92",{"$f":"IF(C1980=0,\"\",VLOOKUP(C1980,BNCDADOS!$A:$G,2,0))","v":"ARRUELA DE BORRACHA PARA FLANGES, DN 50MM"},{"$f":"IF(C1980=0,\"\",VLOOKUP(C1980,BNCDADOS!$A:$G,3,0))","v":"UN "},7,{"$f":"IF(C1980=0,\"\",VLOOKUP(C1980,BNCDADOS!$A:$G,4,0))","v":3.32},3.71,25.97,{"$f":"IF(C1980=0,\"\",VLOOKUP(C1980,BNCDADOS!$A:$G,6,0))","v":3.32},3.9,27.3,{"$f":"'MC - MATERIAL ADUTORA - 4-8'!M117","v":7}]
["6.5.2.9",{"$f":"IF(C1981=0,\"\",VLOOKUP(C1981,BNCDADOS!$A:$H,8,0))","v":0},"FF94",{"$f":"IF(C1981=0,\"\",VLOOKUP(C1981,BNCDADOS!$A:$G,2,0))","v":"ARRUELA DE BORRACHA PARA FLANGES, DN 100MM"},{"$f":"IF(C1981=0,\"\",VLOOKUP(C1981,BNCDADOS!$A:$G,3,0))","v":"UN "},17,{"$f":"IF(C1981=0,\"\",VLOOKUP(C1981,BNCDADOS!$A:$G,4,0))","v":6.83},7.64,129.88,{"$f":"IF(C1981=0,\"\",VLOOKUP(C1981,BNCDADOS!$A:$G,6,0))","v":6.83},8.02,136.34,{"$f":"'MC - MATERIAL ADUTORA - 4-8'!M118","v":17}]
["6.5.3",{"$f":"IF(C1982=0,\"\",VLOOKUP(C1982,BNCDADOS!$A:$G,8,0))","v":""},null,"TRAVESSIAS PELO MND",{"$f":"IF(C1982=0,\"\",VLOOKUP(C1982,BNCDADOS!$A:$G,3,0))","v":""},0,{"$f":"IF(C1982=0,\"\",VLOOKUP(C1982,BNCDADOS!$A:$G,4,0))","v":""},{"$f":"IF(C1982=0,\"\",VLOOKUP(C1982,BNCDADOS!$A:$G,5,0))","v":""},{"$f":"SUM(I1983:I2000)","v":174844.4},{"$f":"IF(C1982=0,\"\",VLOOKUP(C1982,BNCDADOS!$A:$G,6,0))","v":""},{"$f":"IF(C1982=0,\"\",VLOOKUP(C1982,BNCDADOS!$A:$G,7,0))","v":""},{"$f":"SUM(L1983:L2000)","v":183397.53999999998}]
["6.5.3.1",{"$f":"IF(C1983=0,\"\",VLOOKUP(C1983,BNCDADOS!$A:$H,8,0))","v":0},"FF35",{"$f":"IF(C1983=0,\"\",VLOOKUP(C1983,BNCDADOS!$A:$G,2,0))","v":"JUNTA DE DESMONTAGEM TRAVADA AXIALMENTE, DN 400MM"},{"$f":"IF(C1983=0,\"\",VLOOKUP(C1983,BNCDADOS!$A:$G,3,0))","v":"UN "},4,{"$f":"IF(C1983=0,\"\",VLOOKUP(C1983,BNCDADOS!$A:$G,4,0))","v":5567.6466666666665},{"$f":"TRUNC(G1983*(1+$I$5),2)","v":6235.76},{"$f":"IF(H1983=\"\",0,TRUNC(H1983*F1983,2))","v":24943.040000000001},{"$f":"IF(C1983=0,\"\",VLOOKUP(C1983,BNCDADOS!$A:$G,6,0))","v":5567.6466666666665},{"$f":"TRUNC(J1983*(1+$L$5),2)","v":6540.87},{"$f":"IF(K1983=\"\",0,TRUNC(K1983*F1983,2))","v":26163.48},{"$f":"'MC - MATERIAL ADUTORA - 4-8'!F145","v":4}]
["6.5.3.2",{"$f":"IF(C1984=0,\"\",VLOOKUP(C1984,BNCDADOS!$A:$H,8,0))","v":0},"FF27",{"$f":"IF(C1984=0,\"\",VLOOKUP(C1984,BNCDADOS!$A:$G,2,0))","v":"EXTREMIDADE, FOFO, FLANGE/PONTA, ABA DE VEDAÇÃO PN16, DN 400MM"},{"$f":"IF(C1984=0,\"\",VLOOKUP(C1984,BNCDADOS!$A:$G,3,0))","v":"UN "},1,{"$f":"IF(C1984=0,\"\",VLOOKUP(C1984,BNCDADOS!$A:$G,4,0))","v":4203.8933333333334},4708.3599999999997,4708.3599999999997,{"$f":"IF(C1984=0,\"\",VLOOKUP(C1984,BNCDADOS!$A:$G,6,0))","v":4203.8933333333334},4938.7299999999996,4938.7299999999996,{"$f":"'MC - MATERIAL ADUTORA - 4-8'!F146","v":1}]
["6.5.3.3",{"$f":"IF(C1985=0,\"\",VLOOKUP(C1985,BNCDADOS!$A:$H,8,0))","v":0},"FF28",{"$f":"IF(C1985=0,\"\",VLOOKUP(C1985,BNCDADOS!$A:$G,2,0))","v":"EXTREMIDADE, FOFO, FLANGE/PONTA, ABA DE VEDAÇÃO PN16, DN 600MM"},{"$f":"IF(C1985=0,\"\",VLOOKUP(C1985,BNCDADOS!$A:$G,3,0))","v":"UN "},1,{"$f":"IF(C1985=0,\"\",VLOOKUP(C1985,BNCDADOS!$A:$G,4,0))","v":6539.44},7324.17,7324.17,{"$f":"IF(C1985=0,\"\",VLOOKUP(C1985,BNCDADOS!$A:$G,6,0))","v":6539.44},7682.53,7682.53,{"$f":"'MC - MATERIAL ADUTORA - 4-8'!F147","v":1}]
["6.5.3.4",{"$f":"IF(C1986=0,\"\",VLOOKUP(C1986,BNCDADOS!$A:$H,8,0))","v":0},"FF49",{"$f":"IF(C1986=0,\"\",VLOOKUP(C1986,BNCDADOS!$A:$G,2,0))","v":"REDUÇÃO CONCÊNTRICA, FOFO, FLANGES, PN16, DN 600-400MM"},{"$f":"IF(C1986=0,\"\",VLOOKUP(C1986,BNCDADOS!$A:$G,3,0))","v":"UN "},{"$f":"TRUNC(M1986,2)","v":1},{"$f":"IF(C1986=0,\"\",VLOOKUP(C1986,BNCDADOS!$A:$G,4,0))","v":5656.08},{"$f":"TRUNC(G1986*(1+$I$5),2)","v":6334.8},{"$f":"IF(H1986=\"\",0,TRUNC(H1986*F1986,2))","v":6334.8},{"$f":"IF(C1986=0,\"\",VLOOKUP(C1986,BNCDADOS!$A:$G,6,0))","v":5656.08},{"$f":"TRUNC(J1986*(1+$L$5),2)","v":6644.76},{"$f":"IF(K1986=\"\",0,TRUNC(K1986*F1986,2))","v":6644.76},{"$f":"'MC - MATERIAL ADUTORA - 4-8'!F148","v":1}]
["6.5.3.5",{"$f":"IF(C1987=0,\"\",VLOOKUP(C1987,BNCDADOS!$A:$H,8,0))","v":0},"FF58",{"$f":"IF(C1987=0,\"\",VLOOKUP(C1987,BNCDADOS!$A:$G,2,0))","v":"TÊ, FFF, FOFO, PN10, DN 400MM"},{"$f":"IF(C1987=0,\"\",VLOOKUP(C1987,BNCDADOS!$A:$G,3,0))","v":"UN "},2,{"$f":"IF(C1987=0,\"\",VLOOKUP(C1987,BNCDADOS!$A:$G,4,0))","v":6438.4},7211,14422,{"$f":"IF(C1987=0,\"\",VLOOKUP(C1987,BNCDADOS!$A:$G,6,0))","v":6438.4},7563.83,15127.66,{"$f":"'MC - MATERIAL ADUTORA - 4-8'!F149","v":2}]
["6.5.3.6",{"$f":"IF(C1988=0,\"\",VLOOKUP(C1988,BNCDADOS!$A:$H,8,0))","v":0},"FF59",{"$f":"IF(C1988=0,\"\",VLOOKUP(C1988,BNCDADOS!$A:$G,2,0))","v":"TÊ, FFF, FOFO, PN10, DN 600MM"},{"$f":"IF(C1988=0,\"\",VLOOKUP(C1988,BNCDADOS!$A:$G,3,0))","v":"UN "},1,{"$f":"IF(C1988=0,\"\",VLOOKUP(C1988,BNCDADOS!$A:$G,4,0))","v":12516.34},14018.3,14018.3,{"$f":"IF(C1988=0,\"\",VLOOKUP(C1988,BNCDADOS!$A:$G,6,0))","v":12516.34},14704.19,14704.19,{"$f":"'MC - MATERIAL ADUTORA - 4-8'!F150","v":1}]
["6.5.3.7",{"$f":"IF(C1989=0,\"\",VLOOKUP(C1989,BNCDADOS!$A:$H,8,0))","v":0},"FF69",{"$f":"IF(C1989=0,\"\",VLOOKUP(C1989,BNCDADOS!$A:$G,2,0))","v":"TUBO, FOFO, FLANGE/PONTA, DN 400MM, L=1190MM"},{"$f":"IF(C1989=0,\"\",VLOOKUP(C1989,BNCDADOS!$A:$G,3,0))","v":"UN "},1,{"$f":"IF(C1989=0,\"\",VLOOKUP(C1989,BNCDADOS!$A:$G,4,0))","v":2654.03},2972.51,2972.51,{"$f":"IF(C1989=0,\"\",VLOOKUP(C1989,BNCDADOS!$A:$G,6,0))","v":2654.03},3117.95,3117.95,{"$f":"'MC - MATERIAL ADUTORA - 4-8'!F151","v":1}]
["6.5.3.8",{"$f":"IF(C1990=0,\"\",VLOOKUP(C1990,BNCDADOS!$A:$H,8,0))","v":0},"FF80",{"$f":"IF(C1990=0,\"\",VLOOKUP(C1990,BNCDADOS!$A:$G,2,0))","v":"TUBO, FOFO, FLANGES, DN 400MM, L=2260MM"},{"$f":"IF(C1990=0,\"\",VLOOKUP(C1990,BNCDADOS!$A:$G,3,0))","v":"UN "},2,{"$f":"IF(C1990=0,\"\",VLOOKUP(C1990,BNCDADOS!$A:$G,4,0))","v":3978.15},4455.5200000000004,8911.0400000000009,{"$f":"IF(C1990=0,\"\",VLOOKUP(C1990,BNCDADOS!$A:$G,6,0))","v":3978.15},4673.53,9347.06,{"$f":"'MC - MATERIAL ADUTORA - 4-8'!F152","v":2}]
["6.5.3.9",{"$f":"IF(C1991=0,\"\",VLOOKUP(C1991,BNCDADOS!$A:$H,8,0))","v":0},"FF81",{"$f":"IF(C1991=0,\"\",VLOOKUP(C1991,BNCDADOS!$A:$G,2,0))","v":"TUBO, FOFO, FLANGES, DN 400MM, L=2340MM"},{"$f":"IF(C1991=0,\"\",VLOOKUP(C1991,BNCDADOS!$A:$G,3,0))","v":"UN "},1,{"$f":"IF(C1991=0,\"\",VLOOKUP(C1991,BNCDADOS!$A:$G,4,0))","v":4077.15},4566.3999999999996,4566.3999999999996,{"$f":"IF(C1991=0,\"\",VLOOKUP(C1991,BNCDADOS!$A:$G,6,0))","v":4077.15},4789.83,4789.83,{"$f":"'MC - MATERIAL ADUTORA - 4-8'!F153","v":1}]
["6.5.3.10",{"$f":"IF(C1992=0,\"\",VLOOKUP(C1992,BNCDADOS!$A:$H,8,0))","v":0},"FF70",{"$f":"IF(C1992=0,\"\",VLOOKUP(C1992,BNCDADOS!$A:$G,2,0))","v":"TUBO, FOFO, FLANGE/PONTA, DN 600MM, L=2100MM"},{"$f":"IF(C1992=0,\"\",VLOOKUP(C1992,BNCDADOS!$A:$G,3,0))","v":"UN "},1,{"$f":"IF(C1992=0,\"\",VLOOKUP(C1992,BNCDADOS!$A:$G,4,0))","v":9128.1666666666661},10223.540000000001,10223.540000000001,{"$f":"IF(C1992=0,\"\",VLOOKUP(C1992,BNCDADOS!$A:$G,6,0))","v":9128.1666666666661},10723.77,10723.77,{"$f":"'MC - MATERIAL ADUTORA - 4-8'!F154","v":1}]
["6.5.3.11",{"$f":"IF(C1993=0,\"\",VLOOKUP(C1993,BNCDADOS!$A:$H,8,0))","v":0},"FF77",{"$f":"IF(C1993=0,\"\",VLOOKUP(C1993,BNCDADOS!$A:$G,2,0))","v":"TUBO, FOFO, FLANGES, DN 400MM, L=510MM"},{"$f":"IF(C1993=0,\"\",VLOOKUP(C1993,BNCDADOS!$A:$G,3,0))","v":"UN "},1,{"$f":"IF(C1993=0,\"\",VLOOKUP(C1993,BNCDADOS!$A:$G,4,0))","v":1812.53},2030.03,2030.03,{"$f":"IF(C1993=0,\"\",VLOOKUP(C1993,BNCDADOS!$A:$G,6,0))","v":1812.53},2129.36,2129.36,{"$f":"'MC - MATERIAL ADUTORA - 4-8'!F155","v":1}]
["6.5.3.12",{"$f":"IF(C1994=0,\"\",VLOOKUP(C1994,BNCDADOS!$A:$H,8,0))","v":0},"FF79",{"$f":"IF(C1994=0,\"\",VLOOKUP(C1994,BNCDADOS!$A:$G,2,0))","v":"TUBO, FOFO, FLANGES, DN 400MM, L=800MM"},{"$f":"IF(C1994=0,\"\",VLOOKUP(C1994,BNCDADOS!$A:$G,3,0))","v":"UN "},2,{"$f":"IF(C1994=0,\"\",VLOOKUP(C1994,BNCDADOS!$A:$G,4,0))","v":2171.4},2431.96,4863.92,{"$f":"IF(C1994=0,\"\",VLOOKUP(C1994,BNCDADOS!$A:$G,6,0))","v":2171.4},2550.96,5101.92,{"$f":"'MC - MATERIAL ADUTORA - 4-8'!F156","v":2}]
["6.5.3.13",{"$f":"IF(C1995=0,\"\",VLOOKUP(C1995,BNCDADOS!$A:$H,8,0))","v":0},"FF159",{"$f":"IF(C1995=0,\"\",VLOOKUP(C1995,BNCDADOS!$A:$G,2,0))","v":"TUBO, FOFO, CILINDRICO, DN 400MM"},{"$f":"IF(C1995=0,\"\",VLOOKUP(C1995,BNCDADOS!$A:$G,3,0))","v":"M"},{"$f":"TRUNC(M1995,2)","v":1.5},{"$f":"IF(C1995=0,\"\",VLOOKUP(C1995,BNCDADOS!$A:$G,4,0))","v":2340.4145299145298},{"$f":"TRUNC(G1995*(1+$I$5),2)","v":2621.2600000000002},{"$f":"IF(H1995=\"\",0,TRUNC(H1995*F1995,2))","v":3931.89},{"$f":"IF(C1995=0,\"\",VLOOKUP(C1995,BNCDADOS!$A:$G,6,0))","v":2340.4145299145298},{"$f":"TRUNC(J1995*(1+$L$5),2)","v":2749.51},{"$f":"IF(K1995=\"\",0,TRUNC(K1995*F1995,2))","v":4124.26},{"$f":"'MC - MATERIAL ADUTORA - 4-8'!F157","v":1.5}]
["6.5.3.14",{"$f":"IF(C1996=0,\"\",VLOOKUP(C1996,BNCDADOS!$A:$H,8,0))","v":0},"VG06",{"$f":"IF(C1996=0,\"\",VLOOKUP(C1996,BNCDADOS!$A:$G,2,0))","v":"VÁLVULA GAVETA, FLANGES, CORPO CURTO, VOLANTE E CUNHA DE BORRACHA, DN 400MM"},{"$f":"IF(C1996=0,\"\",VLOOKUP(C1996,BNCDADOS!$A:$G,3,0))","v":"UN "},4,{"$f":"IF(C1996=0,\"\",VLOOKUP(C1996,BNCDADOS!$A:$G,4,0))","v":12500},14000,56000,{"$f":"IF(C1996=0,\"\",VLOOKUP(C1996,BNCDADOS!$A:$G,6,0))","v":12500},14685,58740,{"$f":"'MC - MATERIAL ADUTORA - 4-8'!F158","v":4}]
["6.5.3.15",{"$f":"IF(C1997=0,\"\",VLOOKUP(C1997,BNCDADOS!$A:$H,8,0))","v":0},"FF99",{"$f":"IF(C1997=0,\"\",VLOOKUP(C1997,BNCDADOS!$A:$G,2,0))","v":"ARRUELA DE BORRACHA PARA FLANGES, DN 400MM"},{"$f":"IF(C1997=0,\"\",VLOOKUP(C1997,BNCDADOS!$A:$G,3,0))","v":"UN "},{"$f":"TRUNC(M1997,2)","v":14},{"$f":"IF(C1997=0,\"\",VLOOKUP(C1997,BNCDADOS!$A:$G,4,0))","v":24.79},{"$f":"TRUNC(G1997*(1+$I$5),2)","v":27.76},{"$f":"IF(H1997=\"\",0,TRUNC(H1997*F1997,2))","v":388.64},{"$f":"IF(C1997=0,\"\",VLOOKUP(C1997,BNCDADOS!$A:$G,6,0))","v":24.79},{"$f":"TRUNC(J1997*(1+$L$5),2)","v":29.12},{"$f":"IF(K1997=\"\",0,TRUNC(K1997*F1997,2))","v":407.68},{"$f":"'MC - MATERIAL ADUTORA - 4-8'!F159","v":14}]
["6.5.3.16",{"$f":"IF(C1998=0,\"\",VLOOKUP(C1998,BNCDADOS!$A:$H,8,0))","v":0},"FF100",{"$f":"IF(C1998=0,\"\",VLOOKUP(C1998,BNCDADOS!$A:$G,2,0))","v":"ARRUELA DE BORRACHA PARA FLANGES, DN 600MM"},{"$f":"IF(C1998=0,\"\",VLOOKUP(C1998,BNCDADOS!$A:$G,3,0))","v":"UN "},4,{"$f":"IF(C1998=0,\"\",VLOOKUP(C1998,BNCDADOS!$A:$G,4,0))","v":50.86},56.96,227.84,{"$f":"IF(C1998=0,\"\",VLOOKUP(C1998,BNCDADOS!$A:$G,6,0))","v":50.86},59.75,239,{"$f":"'MC - MATERIAL ADUTORA - 4-8'!F160","v":4}]
["6.5.3.17",{"$f":"IF(C1999=0,\"\",VLOOKUP(C1999,BNCDADOS!$A:$H,8,0))","v":0},"FF104",{"$f":"IF(C1999=0,\"\",VLOOKUP(C1999,BNCDADOS!$A:$G,2,0))","v":"PARAFUSO PARA FLANGES, PN10, 24X110"},{"$f":"IF(C1999=0,\"\",VLOOKUP(C1999,BNCDADOS!$A:$G,3,0))","v":"UN "},224,{"$f":"IF(C1999=0,\"\",VLOOKUP(C1999,BNCDADOS!$A:$G,4,0))","v":24},26.88,6021.12,{"$f":"IF(C1999=0,\"\",VLOOKUP(C1999,BNCDADOS!$A:$G,6,0))","v":24},28.19,6314.56,{"$f":"'MC - MATERIAL ADUTORA - 4-8'!F161","v":224}]
["6.5.3.18",{"$f":"IF(C2000=0,\"\",VLOOKUP(C2000,BNCDADOS!$A:$H,8,0))","v":0},"FF105",{"$f":"IF(C2000=0,\"\",VLOOKUP(C2000,BNCDADOS!$A:$G,2,0))","v":"PARAFUSO PARA FLANGES, PN10, 27X120"},{"$f":"IF(C2000=0,\"\",VLOOKUP(C2000,BNCDADOS!$A:$G,3,0))","v":"UN "},80,{"$f":"IF(C2000=0,\"\",VLOOKUP(C2000,BNCDADOS!$A:$G,4,0))","v":33},36.96,2956.8,{"$f":"IF(C2000=0,\"\",VLOOKUP(C2000,BNCDADOS!$A:$G,6,0))","v":33},38.76,3100.8,{"$f":"'MC - MATERIAL ADUTORA - 4-8'!F162","v":80}]
[null,{"$f":"IF(C2001=0,\"\",VLOOKUP(C2001,BNCDADOS!$A:$H,8,0))","v":""},null,{"$f":"IF(C2001=0,\"\",VLOOKUP(C2001,BNCDADOS!$A:$G,2,0))","v":""},{"$f":"IF(C2001=0,\"\",VLOOKUP(C2001,BNCDADOS!$A:$G,3,0))","v":""},0,{"$f":"IF(C2001=0,\"\",VLOOKUP(C2001,BNCDADOS!$A:$G,4,0))","v":""},{"$f":"IF(C2001=0,\"\",VLOOKUP(C2001,BNCDADOS!$A:$G,5,0))","v":""},0,{"$f":"IF(C2001=0,\"\",VLOOKUP(C2001,BNCDADOS!$A:$G,6,0))","v":""},{"$f":"IF(C2001=0,\"\",VLOOKUP(C2001,BNCDADOS!$A:$G,7,0))","v":""},0]
["6.6",null,null,"MATERIAIS_EEAT 05_PASSA E FICA",{"$nulls":4},{"$f":"SUM(I2003,I2017,I2039)","v":652406.07000000007},null,null,{"$f":"SUM(L2003,L2017,L2039)","v":684327.47},0]
["6.6.1",{"$f":"IF(C2003=0,\"\",VLOOKUP(C2003,BNCDADOS!$A:$G,8,0))","v":""},null,"TUBOS",{"$f":"IF(C2003=0,\"\",VLOOKUP(C2003,BNCDADOS!$A:$G,3,0))","v":""},{"$f":"TRUNC(M2003,2)","v":0},{"$f":"IF(C2003=0,\"\",VLOOKUP(C2003,BNCDADOS!$A:$G,4,0))","v":""},{"$f":"IF(C2003=0,\"\",VLOOKUP(C2003,BNCDADOS!$A:$G,5,0))","v":""},{"$f":"SUM(I2004:I2016)","v":136729.13},{"$f":"IF(C2003=0,\"\",VLOOKUP(C2003,BNCDADOS!$A:$G,6,0))","v":""},{"$f":"IF(C2003=0,\"\",VLOOKUP(C2003,BNCDADOS!$A:$G,7,0))","v":""},{"$f":"SUM(L2004:L2016)","v":143419.15},0]
["6.6.1.1",{"$f":"IF(C2004=0,\"\",VLOOKUP(C2004,BNCDADOS!$A:$H,8,0))","v":0},"FF67",{"$f":"IF(C2004=0,\"\",VLOOKUP(C2004,BNCDADOS!$A:$G,2,0))","v":"TUBO, FOFO, CILINDRICO, DN 600MM, L=4680MM"},{"$f":"IF(C2004=0,\"\",VLOOKUP(C2004,BNCDADOS!$A:$G,3,0))","v":"UN "},1,{"$f":"IF(C2004=0,\"\",VLOOKUP(C2004,BNCDADOS!$A:$G,4,0))","v":10810.8},{"$f":"TRUNC(G2004*(1+$I$5),2)","v":12108.09},{"$f":"IF(H2004=\"\",0,TRUNC(H2004*F2004,2))","v":12108.09},{"$f":"IF(C2004=0,\"\",VLOOKUP(C2004,BNCDADOS!$A:$G,6,0))","v":10810.8},{"$f":"TRUNC(J2004*(1+$L$5),2)","v":12700.52},{"$f":"IF(K2004=\"\",0,TRUNC(K2004*F2004,2))","v":12700.52},1]
["6.6.1.2",{"$f":"IF(C2005=0,\"\",VLOOKUP(C2005,BNCDADOS!$A:$H,8,0))","v":0},"FF69",{"$f":"IF(C2005=0,\"\",VLOOKUP(C2005,BNCDADOS!$A:$G,2,0))","v":"TUBO, FOFO, FLANGE/PONTA, DN 400MM, L=1190MM"},{"$f":"IF(C2005=0,\"\",VLOOKUP(C2005,BNCDADOS!$A:$G,3,0))","v":"UN "},1,{"$f":"IF(C2005=0,\"\",VLOOKUP(C2005,BNCDADOS!$A:$G,4,0))","v":2654.03},{"$f":"TRUNC(G2005*(1+$I$5),2)","v":2972.51},{"$f":"IF(H2005=\"\",0,TRUNC(H2005*F2005,2))","v":2972.51},{"$f":"IF(C2005=0,\"\",VLOOKUP(C2005,BNCDADOS!$A:$G,6,0))","v":2654.03},{"$f":"TRUNC(J2005*(1+$L$5),2)","v":3117.95},{"$f":"IF(K2005=\"\",0,TRUNC(K2005*F2005,2))","v":3117.95},1]
["6.6.1.3",{"$f":"IF(C2006=0,\"\",VLOOKUP(C2006,BNCDADOS!$A:$H,8,0))","v":0},"FF70",{"$f":"IF(C2006=0,\"\",VLOOKUP(C2006,BNCDADOS!$A:$G,2,0))","v":"TUBO, FOFO, FLANGE/PONTA, DN 600MM, L=2100MM"},{"$f":"IF(C2006=0,\"\",VLOOKUP(C2006,BNCDADOS!$A:$G,3,0))","v":"UN "},1,{"$f":"IF(C2006=0,\"\",VLOOKUP(C2006,BNCDADOS!$A:$G,4,0))","v":9128.1666666666661},10223.540000000001,{"$f":"IF(H2006=\"\",0,TRUNC(H2006*F2006,2))","v":10223.540000000001},{"$f":"IF(C2006=0,\"\",VLOOKUP(C2006,BNCDADOS!$A:$G,6,0))","v":9128.1666666666661},10723.77,{"$f":"IF(K2006=\"\",0,TRUNC(K2006*F2006,2))","v":10723.77},1]
["6.6.1.4",{"$f":"IF(C2007=0,\"\",VLOOKUP(C2007,BNCDADOS!$A:$H,8,0))","v":0},"FF80",{"$f":"IF(C2007=0,\"\",VLOOKUP(C2007,BNCDADOS!$A:$G,2,0))","v":"TUBO, FOFO, FLANGES, DN 400MM, L=2260MM"},{"$f":"IF(C2007=0,\"\",VLOOKUP(C2007,BNCDADOS!$A:$G,3,0))","v":"UN "},2,{"$f":"IF(C2007=0,\"\",VLOOKUP(C2007,BNCDADOS!$A:$G,4,0))","v":3978.15},4455.5200000000004,{"$f":"IF(H2007=\"\",0,TRUNC(H2007*F2007,2))","v":8911.0400000000009},{"$f":"IF(C2007=0,\"\",VLOOKUP(C2007,BNCDADOS!$A:$G,6,0))","v":3978.15},4673.53,{"$f":"IF(K2007=\"\",0,TRUNC(K2007*F2007,2))","v":9347.06},2]
["6.6.1.5",{"$f":"IF(C2008=0,\"\",VLOOKUP(C2008,BNCDADOS!$A:$H,8,0))","v":0},"FF82",{"$f":"IF(C2008=0,\"\",VLOOKUP(C2008,BNCDADOS!$A:$G,2,0))","v":"TUBO, FOFO, FLANGES, DN 400MM, L=2370MM"},{"$f":"IF(C2008=0,\"\",VLOOKUP(C2008,BNCDADOS!$A:$G,3,0))","v":"UN "},2,{"$f":"IF(C2008=0,\"\",VLOOKUP(C2008,BNCDADOS!$A:$G,4,0))","v":4114.28},4607.99,{"$f":"IF(H2008=\"\",0,TRUNC(H2008*F2008,2))","v":9215.98},{"$f":"IF(C2008=0,\"\",VLOOKUP(C2008,BNCDADOS!$A:$G,6,0))","v":4114.28},4833.45,{"$f":"IF(K2008=\"\",0,TRUNC(K2008*F2008,2))","v":9666.9},2]
["6.6.1.6",{"$f":"IF(C2009=0,\"\",VLOOKUP(C2009,BNCDADOS!$A:$H,8,0))","v":0},"FF77",{"$f":"IF(C2009=0,\"\",VLOOKUP(C2009,BNCDADOS!$A:$G,2,0))","v":"TUBO, FOFO, FLANGES, DN 400MM, L=510MM"},{"$f":"IF(C2009=0,\"\",VLOOKUP(C2009,BNCDADOS!$A:$G,3,0))","v":"UN "},4,{"$f":"IF(C2009=0,\"\",VLOOKUP(C2009,BNCDADOS!$A:$G,4,0))","v":1812.53},2030.03,8120.12,{"$f":"IF(C2009=0,\"\",VLOOKUP(C2009,BNCDADOS!$A:$G,6,0))","v":1812.53},2129.36,8517.44,4]
["6.6.1.7",{"$f":"IF(C2010=0,\"\",VLOOKUP(C2010,BNCDADOS!$A:$H,8,0))","v":0},"FF78",{"$f":"IF(C2010=0,\"\",VLOOKUP(C2010,BNCDADOS!$A:$G,2,0))","v":"TUBO, FOFO, FLANGES, DN 400MM, L=650MM"},{"$f":"IF(C2010=0,\"\",VLOOKUP(C2010,BNCDADOS!$A:$G,3,0))","v":"UN "},1,{"$f":"IF(C2010=0,\"\",VLOOKUP(C2010,BNCDADOS!$A:$G,4,0))","v":1985.78},2224.0700000000002,2224.0700000000002,{"$f":"IF(C2010=0,\"\",VLOOKUP(C2010,BNCDADOS!$A:$G,6,0))","v":1985.78},2332.89,2332.89,1]
["6.6.1.8",{"$f":"IF(C2011=0,\"\",VLOOKUP(C2011,BNCDADOS!$A:$H,8,0))","v":0},"FF79",{"$f":"IF(C2011=0,\"\",VLOOKUP(C2011,BNCDADOS!$A:$G,2,0))","v":"TUBO, FOFO, FLANGES, DN 400MM, L=800MM"},{"$f":"IF(C2011=0,\"\",VLOOKUP(C2011,BNCDADOS!$A:$G,3,0))","v":"UN "},2,{"$f":"IF(C2011=0,\"\",VLOOKUP(C2011,BNCDADOS!$A:$G,4,0))","v":2171.4},2431.96,4863.92,{"$f":"IF(C2011=0,\"\",VLOOKUP(C2011,BNCDADOS!$A:$G,6,0))","v":2171.4},2550.96,5101.92,2]
["6.6.1.9",{"$f":"IF(C2012=0,\"\",VLOOKUP(C2012,BNCDADOS!$A:$H,8,0))","v":0},"FF84",{"$f":"IF(C2012=0,\"\",VLOOKUP(C2012,BNCDADOS!$A:$G,2,0))","v":"TUBO, FOFO, FLANGES, DN 600MM, L=2100MM"},{"$f":"IF(C2012=0,\"\",VLOOKUP(C2012,BNCDADOS!$A:$G,3,0))","v":"UN "},2,{"$f":"IF(C2012=0,\"\",VLOOKUP(C2012,BNCDADOS!$A:$G,4,0))","v":7182.45},8044.34,16088.68,{"$f":"IF(C2012=0,\"\",VLOOKUP(C2012,BNCDADOS!$A:$G,6,0))","v":7182.45},8437.94,16875.88,2]
["6.6.1.10",{"$f":"IF(C2013=0,\"\",VLOOKUP(C2013,BNCDADOS!$A:$H,8,0))","v":0},"FF85",{"$f":"IF(C2013=0,\"\",VLOOKUP(C2013,BNCDADOS!$A:$G,2,0))","v":"TUBO, FOFO, FLANGES, DN 600MM, L=2900MM"},{"$f":"IF(C2013=0,\"\",VLOOKUP(C2013,BNCDADOS!$A:$G,3,0))","v":"UN "},{"$f":"TRUNC(M2013,2)","v":1},{"$f":"IF(C2013=0,\"\",VLOOKUP(C2013,BNCDADOS!$A:$G,4,0))","v":12458.039999999999},{"$f":"TRUNC(G2013*(1+$I$5),2)","v":13953},{"$f":"IF(H2013=\"\",0,TRUNC(H2013*F2013,2))","v":13953},{"$f":"IF(C2013=0,\"\",VLOOKUP(C2013,BNCDADOS!$A:$G,6,0))","v":12458.039999999999},{"$f":"TRUNC(J2013*(1+$L$5),2)","v":14635.7},{"$f":"IF(K2013=\"\",0,TRUNC(K2013*F2013,2))","v":14635.7},1]
["6.6.1.11",{"$f":"IF(C2014=0,\"\",VLOOKUP(C2014,BNCDADOS!$A:$H,8,0))","v":0},"FF86",{"$f":"IF(C2014=0,\"\",VLOOKUP(C2014,BNCDADOS!$A:$G,2,0))","v":"TUBO, FOFO, FLANGES, DN 600MM, L=5990MM"},{"$f":"IF(C2014=0,\"\",VLOOKUP(C2014,BNCDADOS!$A:$G,3,0))","v":"UN "},1,{"$f":"IF(C2014=0,\"\",VLOOKUP(C2014,BNCDADOS!$A:$G,4,0))","v":17954.09},20108.580000000002,20108.580000000002,{"$f":"IF(C2014=0,\"\",VLOOKUP(C2014,BNCDADOS!$A:$G,6,0))","v":17954.09},21092.46,21092.46,1]
["6.6.1.12",{"$f":"IF(C2015=0,\"\",VLOOKUP(C2015,BNCDADOS!$A:$H,8,0))","v":0},"FF87",{"$f":"IF(C2015=0,\"\",VLOOKUP(C2015,BNCDADOS!$A:$G,2,0))","v":"TUBO, FOFO, FLANGES, DN 700MM, L=1800MM"},{"$f":"IF(C2015=0,\"\",VLOOKUP(C2015,BNCDADOS!$A:$G,3,0))","v":"UN "},3,{"$f":"IF(C2015=0,\"\",VLOOKUP(C2015,BNCDADOS!$A:$G,4,0))","v":7855.98},8798.69,26396.07,{"$f":"IF(C2015=0,\"\",VLOOKUP(C2015,BNCDADOS!$A:$G,6,0))","v":7855.98},9229.2000000000007,27687.599999999999,3]
["6.6.1.13",{"$f":"IF(C2016=0,\"\",VLOOKUP(C2016,BNCDADOS!$A:$H,8,0))","v":0},"FF88",{"$f":"IF(C2016=0,\"\",VLOOKUP(C2016,BNCDADOS!$A:$G,2,0))","v":"TUBO, FOFO, K7, PONTA/BOLSA, DN 600MM, L=460MM"},{"$f":"IF(C2016=0,\"\",VLOOKUP(C2016,BNCDADOS!$A:$G,3,0))","v":"UN "},1,{"$f":"IF(C2016=0,\"\",VLOOKUP(C2016,BNCDADOS!$A:$G,4,0))","v":1378.16},1543.53,1543.53,{"$f":"IF(C2016=0,\"\",VLOOKUP(C2016,BNCDADOS!$A:$G,6,0))","v":1378.16},1619.06,1619.06,1]
["6.6.2",{"$f":"IF(C2017=0,\"\",VLOOKUP(C2017,BNCDADOS!$A:$G,8,0))","v":""},null,"CONEXÕES",{"$f":"IF(C2017=0,\"\",VLOOKUP(C2017,BNCDADOS!$A:$G,3,0))","v":""},0,{"$f":"IF(C2017=0,\"\",VLOOKUP(C2017,BNCDADOS!$A:$G,4,0))","v":""},{"$f":"IF(C2017=0,\"\",VLOOKUP(C2017,BNCDADOS!$A:$G,5,0))","v":""},{"$f":"SUM(I2018:I2038)","v":322519.52999999997},{"$f":"IF(C2017=0,\"\",VLOOKUP(C2017,BNCDADOS!$A:$G,6,0))","v":""},{"$f":"IF(C2017=0,\"\",VLOOKUP(C2017,BNCDADOS!$A:$G,7,0))","v":""},{"$f":"SUM(L2018:L2038)","v":338299.99}]
["6.6.2.1",{"$f":"IF(C2018=0,\"\",VLOOKUP(C2018,BNCDADOS!$A:$H,8,0))","v":0},"FF09",{"$f":"IF(C2018=0,\"\",VLOOKUP(C2018,BNCDADOS!$A:$G,2,0))","v":"CURVA 45°, FOFO, JGS, PN16, DN 400MM"},{"$f":"IF(C2018=0,\"\",VLOOKUP(C2018,BNCDADOS!$A:$G,3,0))","v":"UN "},2,{"$f":"IF(C2018=0,\"\",VLOOKUP(C2018,BNCDADOS!$A:$G,4,0))","v":2859.03},{"$f":"TRUNC(G2018*(1+$I$5),2)","v":3202.11},{"$f":"IF(H2018=\"\",0,TRUNC(H2018*F2018,2))","v":6404.22},{"$f":"IF(C2018=0,\"\",VLOOKUP(C2018,BNCDADOS!$A:$G,6,0))","v":2859.03},{"$f":"TRUNC(J2018*(1+$L$5),2)","v":3358.78},{"$f":"IF(K2018=\"\",0,TRUNC(K2018*F2018,2))","v":6717.56},2]
["6.6.2.2",{"$f":"IF(C2019=0,\"\",VLOOKUP(C2019,BNCDADOS!$A:$H,8,0))","v":0},"FF10",{"$f":"IF(C2019=0,\"\",VLOOKUP(C2019,BNCDADOS!$A:$G,2,0))","v":"CURVA 45°, FOFO, JGS, PN16, DN 600MM"},{"$f":"IF(C2019=0,\"\",VLOOKUP(C2019,BNCDADOS!$A:$G,3,0))","v":"UN "},2,{"$f":"IF(C2019=0,\"\",VLOOKUP(C2019,BNCDADOS!$A:$G,4,0))","v":8332.58},9332.48,{"$f":"IF(H2019=\"\",0,TRUNC(H2019*F2019,2))","v":18664.96},{"$f":"IF(C2019=0,\"\",VLOOKUP(C2019,BNCDADOS!$A:$G,6,0))","v":8332.58},9789.11,{"$f":"IF(K2019=\"\",0,TRUNC(K2019*F2019,2))","v":19578.22},2]
["6.6.2.3",{"$f":"IF(C2020=0,\"\",VLOOKUP(C2020,BNCDADOS!$A:$H,8,0))","v":0},"FF17",{"$f":"IF(C2020=0,\"\",VLOOKUP(C2020,BNCDADOS!$A:$G,2,0))","v":"CURVA 90°, FOFO, FLANGES, PN16, DN 200MM"},{"$f":"IF(C2020=0,\"\",VLOOKUP(C2020,BNCDADOS!$A:$G,3,0))","v":"UN "},6,{"$f":"IF(C2020=0,\"\",VLOOKUP(C2020,BNCDADOS!$A:$G,4,0))","v":821.4},919.96,5519.76,{"$f":"IF(C2020=0,\"\",VLOOKUP(C2020,BNCDADOS!$A:$G,6,0))","v":821.4},964.98,5789.88,6]
["6.6.2.4",{"$f":"IF(C2021=0,\"\",VLOOKUP(C2021,BNCDADOS!$A:$H,8,0))","v":0},"FF18",{"$f":"IF(C2021=0,\"\",VLOOKUP(C2021,BNCDADOS!$A:$G,2,0))","v":"CURVA 90°, FOFO, FLANGES, PN16, DN 400MM"},{"$f":"IF(C2021=0,\"\",VLOOKUP(C2021,BNCDADOS!$A:$G,3,0))","v":"UN "},4,{"$f":"IF(C2021=0,\"\",VLOOKUP(C2021,BNCDADOS!$A:$G,4,0))","v":5082},5691.84,22767.360000000001,{"$f":"IF(C2021=0,\"\",VLOOKUP(C2021,BNCDADOS!$A:$G,6,0))","v":5082},5970.33,23881.32,4]
["6.6.2.5",{"$f":"IF(C2022=0,\"\",VLOOKUP(C2022,BNCDADOS!$A:$H,8,0))","v":0},"FF13",{"$f":"IF(C2022=0,\"\",VLOOKUP(C2022,BNCDADOS!$A:$G,2,0))","v":"CURVA 90°, FOFO, JGS, PN16, DN 600MM"},{"$f":"IF(C2022=0,\"\",VLOOKUP(C2022,BNCDADOS!$A:$G,3,0))","v":"UN "},3,{"$f":"IF(C2022=0,\"\",VLOOKUP(C2022,BNCDADOS!$A:$G,4,0))","v":11568.096666666666},12956.26,38868.78,{"$f":"IF(C2022=0,\"\",VLOOKUP(C2022,BNCDADOS!$A:$G,6,0))","v":11568.096666666666},13590.19,40770.57,3]
["6.6.2.6",{"$f":"IF(C2023=0,\"\",VLOOKUP(C2023,BNCDADOS!$A:$H,8,0))","v":0},"FF21",{"$f":"IF(C2023=0,\"\",VLOOKUP(C2023,BNCDADOS!$A:$G,2,0))","v":"EXTREMIDADE, FOFO, FLANGE/BOLSA, PN10, DN 600MM"},{"$f":"IF(C2023=0,\"\",VLOOKUP(C2023,BNCDADOS!$A:$G,3,0))","v":"UN "},3,{"$f":"IF(C2023=0,\"\",VLOOKUP(C2023,BNCDADOS!$A:$G,4,0))","v":4043},4528.16,13584.48,{"$f":"IF(C2023=0,\"\",VLOOKUP(C2023,BNCDADOS!$A:$G,6,0))","v":4043},4749.71,14249.13,3]
["6.6.2.7",{"$f":"IF(C2024=0,\"\",VLOOKUP(C2024,BNCDADOS!$A:$H,8,0))","v":0},"FF24",{"$f":"IF(C2024=0,\"\",VLOOKUP(C2024,BNCDADOS!$A:$G,2,0))","v":"EXTREMIDADE, FOFO, FLANGE/PONTA, ABA DE VEDAÇÃO PN16, DN 200MM"},{"$f":"IF(C2024=0,\"\",VLOOKUP(C2024,BNCDADOS!$A:$G,3,0))","v":"UN "},3,{"$f":"IF(C2024=0,\"\",VLOOKUP(C2024,BNCDADOS!$A:$G,4,0))","v":1069.01},1197.29,3591.87,{"$f":"IF(C2024=0,\"\",VLOOKUP(C2024,BNCDADOS!$A:$G,6,0))","v":1069.01},1255.8699999999999,3767.61,3]
["6.6.2.8",{"$f":"IF(C2025=0,\"\",VLOOKUP(C2025,BNCDADOS!$A:$H,8,0))","v":0},"FF26",{"$f":"IF(C2025=0,\"\",VLOOKUP(C2025,BNCDADOS!$A:$G,2,0))","v":"EXTREMIDADE, FOFO, FLANGE/PONTA, ABA DE VEDAÇÃO PN16, DN 300MM"},{"$f":"IF(C2025=0,\"\",VLOOKUP(C2025,BNCDADOS!$A:$G,3,0))","v":"UN "},2,{"$f":"IF(C2025=0,\"\",VLOOKUP(C2025,BNCDADOS!$A:$G,4,0))","v":1905.64},2134.31,4268.62,{"$f":"IF(C2025=0,\"\",VLOOKUP(C2025,BNCDADOS!$A:$G,6,0))","v":1905.64},2238.7399999999998,4477.4799999999996,2]
["6.6.2.9",{"$f":"IF(C2026=0,\"\",VLOOKUP(C2026,BNCDADOS!$A:$H,8,0))","v":0},"FF27",{"$f":"IF(C2026=0,\"\",VLOOKUP(C2026,BNCDADOS!$A:$G,2,0))","v":"EXTREMIDADE, FOFO, FLANGE/PONTA, ABA DE VEDAÇÃO PN16, DN 400MM"},{"$f":"IF(C2026=0,\"\",VLOOKUP(C2026,BNCDADOS!$A:$G,3,0))","v":"UN "},3,{"$f":"IF(C2026=0,\"\",VLOOKUP(C2026,BNCDADOS!$A:$G,4,0))","v":4203.8933333333334},4708.3599999999997,14125.08,{"$f":"IF(C2026=0,\"\",VLOOKUP(C2026,BNCDADOS!$A:$G,6,0))","v":4203.8933333333334},4938.7299999999996,14816.19,3]
["6.6.2.10",{"$f":"IF(C2027=0,\"\",VLOOKUP(C2027,BNCDADOS!$A:$H,8,0))","v":0},"FF30",{"$f":"IF(C2027=0,\"\",VLOOKUP(C2027,BNCDADOS!$A:$G,2,0))","v":"FLANGE CEGO, FOFO, PN16, DN 600MM"},{"$f":"IF(C2027=0,\"\",VLOOKUP(C2027,BNCDADOS!$A:$G,3,0))","v":"UN "},2,{"$f":"IF(C2027=0,\"\",VLOOKUP(C2027,BNCDADOS!$A:$G,4,0))","v":2714.56},3040.3,6080.6,{"$f":"IF(C2027=0,\"\",VLOOKUP(C2027,BNCDADOS!$A:$G,6,0))","v":2714.56},3189.06,6378.12,2]
["6.6.2.11",{"$f":"IF(C2028=0,\"\",VLOOKUP(C2028,BNCDADOS!$A:$H,8,0))","v":0},"FF33",{"$f":"IF(C2028=0,\"\",VLOOKUP(C2028,BNCDADOS!$A:$G,2,0))","v":"JUNÇÃO 45°, FOFO, FLANGES, PN16, DN 400MM"},{"$f":"IF(C2028=0,\"\",VLOOKUP(C2028,BNCDADOS!$A:$G,3,0))","v":"UN "},2,{"$f":"IF(C2028=0,\"\",VLOOKUP(C2028,BNCDADOS!$A:$G,4,0))","v":8174.65},9155.6,18311.2,{"$f":"IF(C2028=0,\"\",VLOOKUP(C2028,BNCDADOS!$A:$G,6,0))","v":8174.65},9603.57,19207.14,2]
["6.6.2.12",{"$f":"IF(C2029=0,\"\",VLOOKUP(C2029,BNCDADOS!$A:$H,8,0))","v":0},"FF35",{"$f":"IF(C2029=0,\"\",VLOOKUP(C2029,BNCDADOS!$A:$G,2,0))","v":"JUNTA DE DESMONTAGEM TRAVADA AXIALMENTE, DN 400MM"},{"$f":"IF(C2029=0,\"\",VLOOKUP(C2029,BNCDADOS!$A:$G,3,0))","v":"UN "},5,{"$f":"IF(C2029=0,\"\",VLOOKUP(C2029,BNCDADOS!$A:$G,4,0))","v":5567.6466666666665},6235.76,31178.799999999999,{"$f":"IF(C2029=0,\"\",VLOOKUP(C2029,BNCDADOS!$A:$G,6,0))","v":5567.6466666666665},6540.87,32704.35,5]
["6.6.2.13",{"$f":"IF(C2030=0,\"\",VLOOKUP(C2030,BNCDADOS!$A:$H,8,0))","v":0},"FF37",{"$f":"IF(C2030=0,\"\",VLOOKUP(C2030,BNCDADOS!$A:$G,2,0))","v":"LUVA CORRER, FOFO, JUNTA MECÂNICA, DN 400MM"},{"$f":"IF(C2030=0,\"\",VLOOKUP(C2030,BNCDADOS!$A:$G,3,0))","v":"UN "},1,{"$f":"IF(C2030=0,\"\",VLOOKUP(C2030,BNCDADOS!$A:$G,4,0))","v":2983.17},3341.15,3341.15,{"$f":"IF(C2030=0,\"\",VLOOKUP(C2030,BNCDADOS!$A:$G,6,0))","v":2983.17},3504.62,3504.62,1]
["6.6.2.14",{"$f":"IF(C2031=0,\"\",VLOOKUP(C2031,BNCDADOS!$A:$H,8,0))","v":0},"FF45",{"$f":"IF(C2031=0,\"\",VLOOKUP(C2031,BNCDADOS!$A:$G,2,0))","v":"REDUÇÃO CONCÊNTRICA, FOFO, FLANGES, PN16, DN 250-200MM"},{"$f":"IF(C2031=0,\"\",VLOOKUP(C2031,BNCDADOS!$A:$G,3,0))","v":"UN "},3,{"$f":"IF(C2031=0,\"\",VLOOKUP(C2031,BNCDADOS!$A:$G,4,0))","v":1116.19},1250.1300000000001,3750.39,{"$f":"IF(C2031=0,\"\",VLOOKUP(C2031,BNCDADOS!$A:$G,6,0))","v":1116.19},1311.3,3933.9,3]
["6.6.2.15",{"$f":"IF(C2032=0,\"\",VLOOKUP(C2032,BNCDADOS!$A:$H,8,0))","v":0},"FF47",{"$f":"IF(C2032=0,\"\",VLOOKUP(C2032,BNCDADOS!$A:$G,2,0))","v":"REDUÇÃO CONCÊNTRICA, FOFO, FLANGES, PN16, DN 400-250MM"},{"$f":"IF(C2032=0,\"\",VLOOKUP(C2032,BNCDADOS!$A:$G,3,0))","v":"UN "},3,{"$f":"IF(C2032=0,\"\",VLOOKUP(C2032,BNCDADOS!$A:$G,4,0))","v":2815.5466666666666},3153.41,9460.23,{"$f":"IF(C2032=0,\"\",VLOOKUP(C2032,BNCDADOS!$A:$G,6,0))","v":2815.5466666666666},3307.7,9923.1,3]
["6.6.2.16",{"$f":"IF(C2033=0,\"\",VLOOKUP(C2033,BNCDADOS!$A:$H,8,0))","v":0},"FF48",{"$f":"IF(C2033=0,\"\",VLOOKUP(C2033,BNCDADOS!$A:$G,2,0))","v":"REDUÇÃO CONCÊNTRICA, FOFO, FLANGES, PN16, DN 400-300MM"},{"$f":"IF(C2033=0,\"\",VLOOKUP(C2033,BNCDADOS!$A:$G,3,0))","v":"UN "},3,{"$f":"IF(C2033=0,\"\",VLOOKUP(C2033,BNCDADOS!$A:$G,4,0))","v":2782.11},3115.96,9347.8799999999992,{"$f":"IF(C2033=0,\"\",VLOOKUP(C2033,BNCDADOS!$A:$G,6,0))","v":2782.11},3268.42,9805.26,3]
["6.6.2.17",{"$f":"IF(C2034=0,\"\",VLOOKUP(C2034,BNCDADOS!$A:$H,8,0))","v":0},"FF49",{"$f":"IF(C2034=0,\"\",VLOOKUP(C2034,BNCDADOS!$A:$G,2,0))","v":"REDUÇÃO CONCÊNTRICA, FOFO, FLANGES, PN16, DN 600-400MM"},{"$f":"IF(C2034=0,\"\",VLOOKUP(C2034,BNCDADOS!$A:$G,3,0))","v":"UN "},2,{"$f":"IF(C2034=0,\"\",VLOOKUP(C2034,BNCDADOS!$A:$G,4,0))","v":5656.08},6334.8,12669.6,{"$f":"IF(C2034=0,\"\",VLOOKUP(C2034,BNCDADOS!$A:$G,6,0))","v":5656.08},6644.76,13289.52,2]
["6.6.2.18",{"$f":"IF(C2035=0,\"\",VLOOKUP(C2035,BNCDADOS!$A:$H,8,0))","v":0},"FF59",{"$f":"IF(C2035=0,\"\",VLOOKUP(C2035,BNCDADOS!$A:$G,2,0))","v":"TÊ, FFF, FOFO, PN10, DN 600MM"},{"$f":"IF(C2035=0,\"\",VLOOKUP(C2035,BNCDADOS!$A:$G,3,0))","v":"UN "},4,{"$f":"IF(C2035=0,\"\",VLOOKUP(C2035,BNCDADOS!$A:$G,4,0))","v":12516.34},14018.3,56073.2,{"$f":"IF(C2035=0,\"\",VLOOKUP(C2035,BNCDADOS!$A:$G,6,0))","v":12516.34},14704.19,58816.76,4]
["6.6.2.19",{"$f":"IF(C2036=0,\"\",VLOOKUP(C2036,BNCDADOS!$A:$H,8,0))","v":0},"FF60",{"$f":"IF(C2036=0,\"\",VLOOKUP(C2036,BNCDADOS!$A:$G,2,0))","v":"TÊ, FFF, FOFO, PN10, DN 600-400MM"},{"$f":"IF(C2036=0,\"\",VLOOKUP(C2036,BNCDADOS!$A:$G,3,0))","v":"UN "},1,{"$f":"IF(C2036=0,\"\",VLOOKUP(C2036,BNCDADOS!$A:$G,4,0))","v":16305.023333333333},18261.62,18261.62,{"$f":"IF(C2036=0,\"\",VLOOKUP(C2036,BNCDADOS!$A:$G,6,0))","v":16305.023333333333},19155.14,19155.14,1]
["6.6.2.20",{"$f":"IF(C2037=0,\"\",VLOOKUP(C2037,BNCDADOS!$A:$H,8,0))","v":0},"FF62",{"$f":"IF(C2037=0,\"\",VLOOKUP(C2037,BNCDADOS!$A:$G,2,0))","v":"TOCO, FOFO, FLANGES, DN 400MM, L=0,25"},{"$f":"IF(C2037=0,\"\",VLOOKUP(C2037,BNCDADOS!$A:$G,3,0))","v":"UN "},3,{"$f":"IF(C2037=0,\"\",VLOOKUP(C2037,BNCDADOS!$A:$G,4,0))","v":202.64},226.95,680.85,{"$f":"IF(C2037=0,\"\",VLOOKUP(C2037,BNCDADOS!$A:$G,6,0))","v":202.64},238.06,714.18,3]
["6.6.2.21",{"$f":"IF(C2038=0,\"\",VLOOKUP(C2038,BNCDADOS!$A:$H,8,0))","v":0},"FF63",{"$f":"IF(C2038=0,\"\",VLOOKUP(C2038,BNCDADOS!$A:$G,2,0))","v":"TOCO, FOFO, FLANGES, DN 700MM, L=0,25"},{"$f":"IF(C2038=0,\"\",VLOOKUP(C2038,BNCDADOS!$A:$G,3,0))","v":"UN "},6,{"$f":"IF(C2038=0,\"\",VLOOKUP(C2038,BNCDADOS!$A:$G,4,0))","v":3804.9},4261.4799999999996,25568.880000000001,{"$f":"IF(C2038=0,\"\",VLOOKUP(C2038,BNCDADOS!$A:$G,6,0))","v":3804.9},4469.99,26819.94,6]
["6.6.3",{"$f":"IF(C2039=0,\"\",VLOOKUP(C2039,BNCDADOS!$A:$G,8,0))","v":""},null,"VÁLVULAS",{"$f":"IF(C2039=0,\"\",VLOOKUP(C2039,BNCDADOS!$A:$G,3,0))","v":""},0,{"$f":"IF(C2039=0,\"\",VLOOKUP(C2039,BNCDADOS!$A:$G,4,0))","v":""},{"$f":"IF(C2039=0,\"\",VLOOKUP(C2039,BNCDADOS!$A:$G,5,0))","v":""},{"$f":"SUM(I2040:I2043)","v":193157.41000000003},{"$f":"IF(C2039=0,\"\",VLOOKUP(C2039,BNCDADOS!$A:$G,6,0))","v":""},{"$f":"IF(C2039=0,\"\",VLOOKUP(C2039,BNCDADOS!$A:$G,7,0))","v":""},{"$f":"SUM(L2040:L2043)","v":202608.33000000002}]
["6.6.3.1",{"$f":"IF(C2040=0,\"\",VLOOKUP(C2040,BNCDADOS!$A:$H,8,0))","v":0},"VB02",{"$f":"IF(C2040=0,\"\",VLOOKUP(C2040,BNCDADOS!$A:$G,2,0))","v":"VÁLVULA BORBOLETA, FLANGES, CORPO CURTO, VOLANTE, DN 400MM"},{"$f":"IF(C2040=0,\"\",VLOOKUP(C2040,BNCDADOS!$A:$G,3,0))","v":"UN "},3,{"$f":"IF(C2040=0,\"\",VLOOKUP(C2040,BNCDADOS!$A:$G,4,0))","v":15800},{"$f":"TRUNC(G2040*(1+$I$5),2)","v":17696},{"$f":"IF(H2040=\"\",0,TRUNC(H2040*F2040,2))","v":53088},{"$f":"IF(C2040=0,\"\",VLOOKUP(C2040,BNCDADOS!$A:$G,6,0))","v":15800},{"$f":"TRUNC(J2040*(1+$L$5),2)","v":18561.84},{"$f":"IF(K2040=\"\",0,TRUNC(K2040*F2040,2))","v":55685.52},3]
["6.6.3.2",{"$f":"IF(C2041=0,\"\",VLOOKUP(C2041,BNCDADOS!$A:$H,8,0))","v":0},"VG05",{"$f":"IF(C2041=0,\"\",VLOOKUP(C2041,BNCDADOS!$A:$G,2,0))","v":"VÁLVULA GAVETA, FLANGES, CORPO CURTO, VOLANTE E CUNHA DE BORRACHA, DN 300MM"},{"$f":"IF(C2041=0,\"\",VLOOKUP(C2041,BNCDADOS!$A:$G,3,0))","v":"UN "},1,{"$f":"IF(C2041=0,\"\",VLOOKUP(C2041,BNCDADOS!$A:$G,4,0))","v":5227.53},5854.83,5854.83,{"$f":"IF(C2041=0,\"\",VLOOKUP(C2041,BNCDADOS!$A:$G,6,0))","v":5227.53},6141.3,6141.3,1]
["6.6.3.3",{"$f":"IF(C2042=0,\"\",VLOOKUP(C2042,BNCDADOS!$A:$H,8,0))","v":0},"VG06",{"$f":"IF(C2042=0,\"\",VLOOKUP(C2042,BNCDADOS!$A:$G,2,0))","v":"VÁLVULA GAVETA, FLANGES, CORPO CURTO, VOLANTE E CUNHA DE BORRACHA, DN 400MM"},{"$f":"IF(C2042=0,\"\",VLOOKUP(C2042,BNCDADOS!$A:$G,3,0))","v":"UN "},8,{"$f":"IF(C2042=0,\"\",VLOOKUP(C2042,BNCDADOS!$A:$G,4,0))","v":12500},14000,112000,{"$f":"IF(C2042=0,\"\",VLOOKUP(C2042,BNCDADOS!$A:$G,6,0))","v":12500},14685,117480,8]
["6.6.3.4",{"$f":"IF(C2043=0,\"\",VLOOKUP(C2043,BNCDADOS!$A:$H,8,0))","v":0},"VR02",{"$f":"IF(C2043=0,\"\",VLOOKUP(C2043,BNCDADOS!$A:$G,2,0))","v":"VÁLVULA RETENÇÃO, FLANGES, PORTINHOLA DUPLA, DN 400MM"},{"$f":"IF(C2043=0,\"\",VLOOKUP(C2043,BNCDADOS!$A:$G,3,0))","v":"UN "},3,{"$f":"IF(C2043=0,\"\",VLOOKUP(C2043,BNCDADOS!$A:$G,4,0))","v":6611.49},7404.86,22214.58,{"$f":"IF(C2043=0,\"\",VLOOKUP(C2043,BNCDADOS!$A:$G,6,0))","v":6611.49},7767.17,23301.51,3]
[null,{"$f":"IF(C2044=0,\"\",VLOOKUP(C2044,BNCDADOS!$A:$H,8,0))","v":""},null,{"$f":"IF(C2044=0,\"\",VLOOKUP(C2044,BNCDADOS!$A:$G,2,0))","v":""},{"$f":"IF(C2044=0,\"\",VLOOKUP(C2044,BNCDADOS!$A:$G,3,0))","v":""},0,{"$f":"IF(C2044=0,\"\",VLOOKUP(C2044,BNCDADOS!$A:$G,4,0))","v":""},{"$f":"IF(C2044=0,\"\",VLOOKUP(C2044,BNCDADOS!$A:$G,5,0))","v":""},{"$f":"IF(H2044=\"\",0,TRUNC(H2044*F2044,2))","v":0},{"$f":"IF(C2044=0,\"\",VLOOKUP(C2044,BNCDADOS!$A:$G,6,0))","v":""},{"$f":"IF(C2044=0,\"\",VLOOKUP(C2044,BNCDADOS!$A:$G,7,0))","v":""},{"$f":"IF(K2044=\"\",0,TRUNC(K2044*F2044,2))","v":0}]
["6.7",null,null,"EQUIPAMENTOS_EEAT 05_PASSA E FICA",{"$nulls":4},{"$f":"I2046","v":1897706.3699999999},null,null,{"$f":"L2046","v":1990558.44},0]
["6.7.1",{"$f":"IF(C2046=0,\"\",VLOOKUP(C2046,BNCDADOS!$A:$G,8,0))","v":""},null,"EQUIPAMENTO MECÂNICOS",{"$f":"IF(C2046=0,\"\",VLOOKUP(C2046,BNCDADOS!$A:$G,3,0))","v":""},{"$f":"TRUNC(M2046,2)","v":0},{"$f":"IF(C2046=0,\"\",VLOOKUP(C2046,BNCDADOS!$A:$G,4,0))","v":""},{"$f":"IF(C2046=0,\"\",VLOOKUP(C2046,BNCDADOS!$A:$G,5,0))","v":""},{"$f":"SUM(I2048:I2054)","v":1897706.3699999999},{"$f":"IF(C2046=0,\"\",VLOOKUP(C2046,BNCDADOS!$A:$G,6,0))","v":""},{"$f":"IF(C2046=0,\"\",VLOOKUP(C2046,BNCDADOS!$A:$G,7,0))","v":""},{"$f":"SUM(L2048:L2054)","v":1990558.44},0]
[null,{"$f":"IF(C2047=0,\"\",VLOOKUP(C2047,BNCDADOS!$A:$G,8,0))","v":""},null,"BOMBAS",{"$f":"IF(C2047=0,\"\",VLOOKUP(C2047,BNCDADOS!$A:$G,3,0))","v":""},0,{"$f":"IF(C2047=0,\"\",VLOOKUP(C2047,BNCDADOS!$A:$G,4,0))","v":""}]
["6.7.1.1",{"$f":"IF(C2048=0,\"\",VLOOKUP(C2048,BNCDADOS!$A:$H,8,0))","v":0},"B10",{"$f":"IF(C2048=0,\"\",VLOOKUP(C2048,BNCDADOS!$A:$G,2,0))","v":"BOMBA CENTRÍFUGA DE EIXO HORIZONTAL, Q=238,18 L/S, AMT=120,00 mca, 550CV, (EEAT05-PASSA E FICA)"},{"$f":"IF(C2048=0,\"\",VLOOKUP(C2048,BNCDADOS!$A:$G,3,0))","v":"UN "},3,{"$f":"IF(C2048=0,\"\",VLOOKUP(C2048,BNCDADOS!$A:$G,4,0))","v":425024.04},{"$f":"TRUNC(G2048*(1+$I$5),2)","v":476026.92},{"$f":"IF(H2048=\"\",0,TRUNC(H2048*F2048,2))","v":1428080.76},{"$f":"IF(C2048=0,\"\",VLOOKUP(C2048,BNCDADOS!$A:$G,6,0))","v":425024.04},{"$f":"TRUNC(J2048*(1+$L$5),2)","v":499318.24},{"$f":"IF(K2048=\"\",0,TRUNC(K2048*F2048,2))","v":1497954.72},2]
[null,{"$f":"IF(C2049=0,\"\",VLOOKUP(C2049,BNCDADOS!$A:$G,8,0))","v":""},null,"QUADROS",{"$f":"IF(C2049=0,\"\",VLOOKUP(C2049,BNCDADOS!$A:$G,3,0))","v":""},{"$f":"TRUNC(M2049,2)","v":0},{"$f":"IF(C2049=0,\"\",VLOOKUP(C2049,BNCDADOS!$A:$G,4,0))","v":""}]
["6.7.1.2",{"$f":"IF(C2050=0,\"\",VLOOKUP(C2050,BNCDADOS!$A:$H,8,0))","v":0},"QC10",{"$f":"IF(C2050=0,\"\",VLOOKUP(C2050,BNCDADOS!$A:$G,2,0))","v":"QUADRO DE COMANDO, C/ SISTEMA DE VARIACAO DE VELOCIDADE, TIPO INVERSOR DE FREQUENCIA, P/ QUARO MOTORES TRIFASICOS DE 550 CV, 380V, SENDO O ESQUEMA 3+1, (EEAT05-PASSA E FICA)"},{"$f":"IF(C2050=0,\"\",VLOOKUP(C2050,BNCDADOS!$A:$G,3,0))","v":"UN "},1,{"$f":"IF(C2050=0,\"\",VLOOKUP(C2050,BNCDADOS!$A:$G,4,0))","v":255391.45},{"$f":"TRUNC(G2050*(1+$I$5),2)","v":286038.42},{"$f":"IF(H2050=\"\",0,TRUNC(H2050*F2050,2))","v":286038.42},{"$f":"IF(C2050=0,\"\",VLOOKUP(C2050,BNCDADOS!$A:$G,6,0))","v":255391.45},{"$f":"TRUNC(J2050*(1+$L$5),2)","v":300033.87},{"$f":"IF(K2050=\"\",0,TRUNC(K2050*F2050,2))","v":300033.87},2]
[null,{"$f":"IF(C2051=0,\"\",VLOOKUP(C2051,BNCDADOS!$A:$G,8,0))","v":""},null,"MEDIDOR",{"$f":"IF(C2051=0,\"\",VLOOKUP(C2051,BNCDADOS!$A:$G,3,0))","v":""},{"$f":"TRUNC(M2051,2)","v":0},{"$f":"IF(C2051=0,\"\",VLOOKUP(C2051,BNCDADOS!$A:$G,4,0))","v":""}]
["6.7.1.3",{"$f":"IF(C2052=0,\"\",VLOOKUP(C2052,BNCDADOS!$A:$H,8,0))","v":0},"MV02",{"$f":"IF(C2052=0,\"\",VLOOKUP(C2052,BNCDADOS!$A:$G,2,0))","v":"MEDIDOR DE VAZÃO ELETROMAGNÉTICO, DN 400"},{"$f":"IF(C2052=0,\"\",VLOOKUP(C2052,BNCDADOS!$A:$G,3,0))","v":"UN "},{"$f":"TRUNC(M2052,2)","v":1},{"$f":"IF(C2052=0,\"\",VLOOKUP(C2052,BNCDADOS!$A:$G,4,0))","v":15717.14},{"$f":"TRUNC(G2052*(1+$I$5),2)","v":17603.189999999999},{"$f":"IF(H2052=\"\",0,TRUNC(H2052*F2052,2))","v":17603.189999999999},{"$f":"IF(C2052=0,\"\",VLOOKUP(C2052,BNCDADOS!$A:$G,6,0))","v":15717.14},{"$f":"TRUNC(J2052*(1+$L$5),2)","v":18464.490000000002},{"$f":"IF(K2052=\"\",0,TRUNC(K2052*F2052,2))","v":18464.490000000002},1]
[null,{"$f":"IF(C2053=0,\"\",VLOOKUP(C2053,BNCDADOS!$A:$G,8,0))","v":""},null,"ELÉTRICO",{"$f":"IF(C2053=0,\"\",VLOOKUP(C2053,BNCDADOS!$A:$G,3,0))","v":""},{"$f":"TRUNC(M2053,2)","v":0},{"$f":"IF(C2053=0,\"\",VLOOKUP(C2053,BNCDADOS!$A:$G,4,0))","v":""}]
["6.7.1.4",{"$f":"IF(C2054=0,\"\",VLOOKUP(C2054,BNCDADOS!$A:$H,8,0))","v":0},"TRF02",{"$f":"IF(C2054=0,\"\",VLOOKUP(C2054,BNCDADOS!$A:$G,2,0))","v":"TRANSFORMADOR TRIFÁSICO A ÓLEO, 750KVA-13.8KV-380/220V- Y-60Hz"},{"$f":"IF(C2054=0,\"\",VLOOKUP(C2054,BNCDADOS!$A:$G,3,0))","v":"UN "},2,{"$f":"IF(C2054=0,\"\",VLOOKUP(C2054,BNCDADOS!$A:$G,4,0))","v":74100},{"$f":"TRUNC(G2054*(1+$I$5),2)","v":82992},{"$f":"IF(H2054=\"\",0,TRUNC(H2054*F2054,2))","v":165984},{"$f":"IF(C2054=0,\"\",VLOOKUP(C2054,BNCDADOS!$A:$G,6,0))","v":74100},{"$f":"TRUNC(J2054*(1+$L$5),2)","v":87052.68},{"$f":"IF(K2054=\"\",0,TRUNC(K2054*F2054,2))","v":174105.36},1]
[null,{"$f":"IF(C2055=0,\"\",VLOOKUP(C2055,BNCDADOS!$A:$H,8,0))","v":""},null,{"$f":"IF(C2055=0,\"\",VLOOKUP(C2055,BNCDADOS!$A:$G,2,0))","v":""},{"$f":"IF(C2055=0,\"\",VLOOKUP(C2055,BNCDADOS!$A:$G,3,0))","v":""},{"$f":"TRUNC(M2055,2)","v":0},{"$f":"IF(C2055=0,\"\",VLOOKUP(C2055,BNCDADOS!$A:$G,4,0))","v":""},{"$f":"IF(C2055=0,\"\",VLOOKUP(C2055,BNCDADOS!$A:$G,5,0))","v":""},{"$f":"IF(H2055=\"\",0,TRUNC(H2055*F2055,2))","v":0},{"$f":"IF(C2055=0,\"\",VLOOKUP(C2055,BNCDADOS!$A:$G,6,0))","v":""},{"$f":"IF(C2055=0,\"\",VLOOKUP(C2055,BNCDADOS!$A:$G,7,0))","v":""},{"$f":"IF(K2055=\"\",0,TRUNC(K2055*F2055,2))","v":0}]
["7.",null,null,"TRECHO 06 - PASSA E FICA À CAMPESTRE",{"$nulls":4},{"$f":"SUM(I2057,I2094,I2230,I2303,I2317,I2359)","v":33231935.759999998},null,null,{"$f":"SUM(L2057,L2094,L2230,L2303,L2317,L2359)","v":34556037.229999997}]
["7.1",null,null,"SERVIÇOS_ADUTORA TRECHO 06",{"$nulls":4},{"$f":"SUM(I2058,I2067,I2079,I2087,I2090,I2076)","v":5151412.7},null,null,{"$f":"SUM(L2058,L2067,L2079,L2087,L2090,L2076)","v":5226596.4000000004}]
["7.1.1",{"$f":"IF(C2058=0,\"\",VLOOKUP(C2058,BNCDADOS!$A:$G,8,0))","v":""},null,"SERVIÇOS PRELIMINARES",{"$f":"IF(C2058=0,\"\",VLOOKUP(C2058,BNCDADOS!$A:$G,3,0))","v":""},{"$f":"TRUNC(M2058,2)","v":0},{"$f":"IF(C2058=0,\"\",VLOOKUP(C2058,BNCDADOS!$A:$G,4,0))","v":""},{"$f":"IF(C2058=0,\"\",VLOOKUP(C2058,BNCDADOS!$A:$G,5,0))","v":""},{"$f":"SUM(I2059:I2066)","v":303335.40000000002},{"$f":"IF(C2058=0,\"\",VLOOKUP(C2058,BNCDADOS!$A:$G,6,0))","v":""},{"$f":"IF(C2058=0,\"\",VLOOKUP(C2058,BNCDADOS!$A:$G,7,0))","v":""},{"$f":"SUM(L2059:L2066)","v":303711.48}]
["7.1.1.1",{"$f":"IF(C2059=0,\"\",VLOOKUP(C2059,BNCDADOS!$A:$H,8,0))","v":"caern"},2010050,{"$f":"IF(C2059=0,\"\",VLOOKUP(C2059,BNCDADOS!$A:$G,2,0))","v":"LOCAÇÃO DE ADUTORAS, COLETORES TRONCO E INTERCEPTORES - COM AUXÍLIO DE EQUIPAMENTO TOPOGRÁFICO. R_11/2018"},{"$f":"IF(C2059=0,\"\",VLOOKUP(C2059,BNCDADOS!$A:$G,3,0))","v":"M"},14077.36,{"$f":"IF(C2059=0,\"\",VLOOKUP(C2059,BNCDADOS!$A:$G,4,0))","v":2.56},{"$f":"IF(C2059=0,\"\",VLOOKUP(C2059,BNCDADOS!$A:$G,5,0))","v":3.16},{"$f":"IF(H2059=\"\",0,TRUNC(H2059*F2059,2))","v":44484.45},{"$f":"IF(C2059=0,\"\",VLOOKUP(C2059,BNCDADOS!$A:$G,6,0))","v":2.2400000000000002},{"$f":"IF(C2059=0,\"\",VLOOKUP(C2059,BNCDADOS!$A:$G,7,0))","v":2.91},{"$f":"IF(K2059=\"\",0,TRUNC(K2059*F2059,2))","v":40965.11},{"$f":"SUMIF('MC - TRECHO 06'!A:A,Orçamento!A2059,'MC - TRECHO 06'!R:R)","v":14077.36}]
["7.1.1.2",{"$f":"IF(C2060=0,\"\",VLOOKUP(C2060,BNCDADOS!$A:$H,8,0))","v":"SINAPI/RN\nSERVIÇO"},98525,{"$f":"IF(C2060=0,\"\",VLOOKUP(C2060,BNCDADOS!$A:$G,2,0))","v":"LIMPEZA MECANIZADA DE CAMADA VEGETAL, VEGETAÇÃO E PEQUENAS ÁRVORES (DIÂMETRO DE TRONCO MENOR QUE 0,20 M), COM TRATOR DE ESTEIRAS. AF_03/2024"},{"$f":"IF(C2060=0,\"\",VLOOKUP(C2060,BNCDADOS!$A:$G,3,0))","v":"M2"},79583.539999999994,{"$f":"IF(C2060=0,\"\",VLOOKUP(C2060,BNCDADOS!$A:$G,4,0))","v":"0,61"},{"$f":"IF(C2060=0,\"\",VLOOKUP(C2060,BNCDADOS!$A:$G,5,0))","v":0.75},59687.65,{"$f":"IF(C2060=0,\"\",VLOOKUP(C2060,BNCDADOS!$A:$G,6,0))","v":"0,58"},{"$f":"IF(C2060=0,\"\",VLOOKUP(C2060,BNCDADOS!$A:$G,7,0))","v":0.75},59687.65,{"$f":"SUMIF('MC - TRECHO 06'!A:A,Orçamento!A2060,'MC - TRECHO 06'!R:R)","v":79583.539999999994}]
["7.1.1.3",{"$f":"IF(C2061=0,\"\",VLOOKUP(C2061,BNCDADOS!$A:$H,8,0))","v":"caern"},2010053,{"$f":"IF(C2061=0,\"\",VLOOKUP(C2061,BNCDADOS!$A:$G,2,0))","v":"SINALIZAÇÃO DE OBRA COM TELA TAPUME, COR LARANJA, COM SUPORTE A CADA 2M E PLACA DE SINALIZAÇÃO SOBRE CAVALETE. INC_11/2019"},{"$f":"IF(C2061=0,\"\",VLOOKUP(C2061,BNCDADOS!$A:$G,3,0))","v":"M"},28154.720000000001,{"$f":"IF(C2061=0,\"\",VLOOKUP(C2061,BNCDADOS!$A:$G,4,0))","v":4.54},{"$f":"IF(C2061=0,\"\",VLOOKUP(C2061,BNCDADOS!$A:$G,5,0))","v":5.61},157947.97,{"$f":"IF(C2061=0,\"\",VLOOKUP(C2061,BNCDADOS!$A:$G,6,0))","v":4.3899999999999997},{"$f":"IF(C2061=0,\"\",VLOOKUP(C2061,BNCDADOS!$A:$G,7,0))","v":5.7},160481.9,{"$f":"SUMIF('MC - TRECHO 06'!A:A,Orçamento!A2061,'MC - TRECHO 06'!R:R)","v":28154.720000000001}]
["7.1.1.4",{"$f":"IF(C2062=0,\"\",VLOOKUP(C2062,BNCDADOS!$A:$H,8,0))","v":"SINAPI/RN\nSERVIÇO"},97054,{"$f":"IF(C2062=0,\"\",VLOOKUP(C2062,BNCDADOS!$A:$G,2,0))","v":"INSTALAÇÃO DE SINALIZADOR NOTURNO LED. AF_03/2024"},{"$f":"IF(C2062=0,\"\",VLOOKUP(C2062,BNCDADOS!$A:$G,3,0))","v":"UN"},281,{"$f":"IF(C2062=0,\"\",VLOOKUP(C2062,BNCDADOS!$A:$G,4,0))","v":"28,12"},{"$f":"IF(C2062=0,\"\",VLOOKUP(C2062,BNCDADOS!$A:$G,5,0))","v":34.78},9773.18,{"$f":"IF(C2062=0,\"\",VLOOKUP(C2062,BNCDADOS!$A:$G,6,0))","v":"27,08"},{"$f":"IF(C2062=0,\"\",VLOOKUP(C2062,BNCDADOS!$A:$G,7,0))","v":35.19},9888.39,{"$f":"SUMIF('MC - TRECHO 06'!A:A,Orçamento!A2062,'MC - TRECHO 06'!R:R)","v":281}]
["7.1.1.5",{"$f":"IF(C2063=0,\"\",VLOOKUP(C2063,BNCDADOS!$A:$H,8,0))","v":"caern"},2010037,{"$f":"IF(C2063=0,\"\",VLOOKUP(C2063,BNCDADOS!$A:$G,2,0))","v":"SONDAGEM DE INTERFERÊNCIA, ESCAVAÇÃO MANUAL DE VALA DE 0,60M ATÉ 1,30M, EM RUAS SEM PAVIMENTAÇÃO"},{"$f":"IF(C2063=0,\"\",VLOOKUP(C2063,BNCDADOS!$A:$G,3,0))","v":"M"},20.58,{"$f":"IF(C2063=0,\"\",VLOOKUP(C2063,BNCDADOS!$A:$G,4,0))","v":89.34},{"$f":"IF(C2063=0,\"\",VLOOKUP(C2063,BNCDADOS!$A:$G,5,0))","v":110.5},2274.09,{"$f":"IF(C2063=0,\"\",VLOOKUP(C2063,BNCDADOS!$A:$G,6,0))","v":80.78},{"$f":"IF(C2063=0,\"\",VLOOKUP(C2063,BNCDADOS!$A:$G,7,0))","v":104.98},2160.48,{"$f":"SUMIF('MC - TRECHO 06'!A:A,Orçamento!A2063,'MC - TRECHO 06'!R:R)","v":20.58}]
["7.1.1.6",{"$f":"IF(C2064=0,\"\",VLOOKUP(C2064,BNCDADOS!$A:$H,8,0))","v":"caern"},2010036,{"$f":"IF(C2064=0,\"\",VLOOKUP(C2064,BNCDADOS!$A:$G,2,0))","v":"SONDAGEM DE INTERFERÊNCIA, ESCAVAÇÃO MANUAL DE VALA DE 0,60M ATÉ 1,30M, INCLUSIVE DEMOLIÇÃO DE PAVIMENTAÇÃO EM PARALELEPÍPEDO. R_05/2023"},{"$f":"IF(C2064=0,\"\",VLOOKUP(C2064,BNCDADOS!$A:$G,3,0))","v":"M"},0.53,{"$f":"IF(C2064=0,\"\",VLOOKUP(C2064,BNCDADOS!$A:$G,4,0))","v":123.35},{"$f":"IF(C2064=0,\"\",VLOOKUP(C2064,BNCDADOS!$A:$G,5,0))","v":152.57},80.86,{"$f":"IF(C2064=0,\"\",VLOOKUP(C2064,BNCDADOS!$A:$G,6,0))","v":112.6},{"$f":"IF(C2064=0,\"\",VLOOKUP(C2064,BNCDADOS!$A:$G,7,0))","v":146.33000000000001},77.55,{"$f":"SUMIF('MC - TRECHO 06'!A:A,Orçamento!A2064,'MC - TRECHO 06'!R:R)","v":0.53}]
["7.1.1.7",{"$f":"IF(C2065=0,\"\",VLOOKUP(C2065,BNCDADOS!$A:$H,8,0))","v":0},"COMP 01",{"$f":"IF(C2065=0,\"\",VLOOKUP(C2065,BNCDADOS!$A:$G,2,0))","v":"CANTEIRO ITINERANTE COMPOSTO DE TOLDO, CONJUNTO DE MESA E CADEIRAS E BANHEIRO QUÍMICO COM LIMPEZA DIÁRIA INCLUSO COLETA E DESTINAÇÃO FINAL DE EFLUENTES"},{"$f":"IF(C2065=0,\"\",VLOOKUP(C2065,BNCDADOS!$A:$G,3,0))","v":"UN"},20,{"$f":"IF(C2065=0,\"\",VLOOKUP(C2065,BNCDADOS!$A:$G,4,0))","v":1007.4399999999999},{"$f":"IF(C2065=0,\"\",VLOOKUP(C2065,BNCDADOS!$A:$G,5,0))","v":1246.0999999999999},24922,{"$f":"IF(C2065=0,\"\",VLOOKUP(C2065,BNCDADOS!$A:$G,6,0))","v":1006.4399999999999},{"$f":"IF(C2065=0,\"\",VLOOKUP(C2065,BNCDADOS!$A:$G,7,0))","v":1307.96},26159.200000000001,{"$f":"SUMIF('MC - TRECHO 06'!A:A,Orçamento!A2065,'MC - TRECHO 06'!R:R)","v":20}]
["7.1.1.8",{"$f":"IF(C2066=0,\"\",VLOOKUP(C2066,BNCDADOS!$A:$H,8,0))","v":"caern"},2010007,{"$f":"IF(C2066=0,\"\",VLOOKUP(C2066,BNCDADOS!$A:$G,2,0))","v":"REBAIXAMENTO DE LENÇOL FREÁTICO COM PONTEIRAS FILTRANTES EM ÁREAS. R_05/2019"},{"$f":"IF(C2066=0,\"\",VLOOKUP(C2066,BNCDADOS!$A:$G,3,0))","v":"PTXDIA"},120,{"$f":"IF(C2066=0,\"\",VLOOKUP(C2066,BNCDADOS!$A:$G,4,0))","v":28.07},{"$f":"IF(C2066=0,\"\",VLOOKUP(C2066,BNCDADOS!$A:$G,5,0))","v":34.71},4165.2,{"$f":"IF(C2066=0,\"\",VLOOKUP(C2066,BNCDADOS!$A:$G,6,0))","v":27.52},{"$f":"IF(C2066=0,\"\",VLOOKUP(C2066,BNCDADOS!$A:$G,7,0))","v":35.76},4291.2,{"$f":"SUMIF('MC - TRECHO 06'!A:A,Orçamento!A2066,'MC - TRECHO 06'!R:R)","v":120}]
["7.1.2",{"$f":"IF(C2067=0,\"\",VLOOKUP(C2067,BNCDADOS!$A:$G,8,0))","v":""},null,"MOVIMENTO DE TERRA",{"$f":"IF(C2067=0,\"\",VLOOKUP(C2067,BNCDADOS!$A:$G,3,0))","v":""},0,{"$f":"IF(C2067=0,\"\",VLOOKUP(C2067,BNCDADOS!$A:$G,4,0))","v":""},{"$f":"IF(C2067=0,\"\",VLOOKUP(C2067,BNCDADOS!$A:$G,5,0))","v":""},{"$f":"SUM(I2068:I2075)","v":3728421.82},{"$f":"IF(C2067=0,\"\",VLOOKUP(C2067,BNCDADOS!$A:$G,6,0))","v":""},{"$f":"IF(C2067=0,\"\",VLOOKUP(C2067,BNCDADOS!$A:$G,7,0))","v":""},{"$f":"SUM(L2068:L2075)","v":3796208.95},0]
["7.1.2.1",{"$f":"IF(C2068=0,\"\",VLOOKUP(C2068,BNCDADOS!$A:$H,8,0))","v":0},"COMP 02",{"$f":"IF(C2068=0,\"\",VLOOKUP(C2068,BNCDADOS!$A:$G,2,0))","v":"ESCAVAÇÃO MANUAL DE VALA COM PROFUNDIDADE MENOR OU IGUAL A 2,00 M"},{"$f":"IF(C2068=0,\"\",VLOOKUP(C2068,BNCDADOS!$A:$G,3,0))","v":"M³"},430.06,{"$f":"IF(C2068=0,\"\",VLOOKUP(C2068,BNCDADOS!$A:$G,4,0))","v":81.489999999999995},{"$f":"IF(C2068=0,\"\",VLOOKUP(C2068,BNCDADOS!$A:$G,5,0))","v":100.79},{"$f":"IF(H2068=\"\",0,TRUNC(H2068*F2068,2))","v":43345.74},{"$f":"IF(C2068=0,\"\",VLOOKUP(C2068,BNCDADOS!$A:$G,6,0))","v":73.58},{"$f":"IF(C2068=0,\"\",VLOOKUP(C2068,BNCDADOS!$A:$G,7,0))","v":95.62},{"$f":"IF(K2068=\"\",0,TRUNC(K2068*F2068,2))","v":41122.33},{"$f":"SUMIF('MC - TRECHO 06'!A:A,Orçamento!A2068,'MC - TRECHO 06'!R:R)","v":430.06}]
["7.1.2.2",{"$f":"IF(C2069=0,\"\",VLOOKUP(C2069,BNCDADOS!$A:$H,8,0))","v":"SINAPI/RN\nSERVIÇO"},102281,{"$f":"IF(C2069=0,\"\",VLOOKUP(C2069,BNCDADOS!$A:$G,2,0))","v":"ESCAVAÇÃO MECANIZADA DE VALA COM PROF. MAIOR QUE 1,5 M ATÉ 3,0 M (MÉDIA MONTANTE E JUSANTE/UMA COMPOSIÇÃO POR TRECHO),COM ESCAVADEIRA (1,2 M3),LARG. DE 1,5 M A 2,5 M, EM SOLO DE 1A CATEGORIA, LOCAIS COM BAIXO NÍVEL DE INTERFERÊNCIA. AF_02/2021"},{"$f":"IF(C2069=0,\"\",VLOOKUP(C2069,BNCDADOS!$A:$G,3,0))","v":"M3"},36084.46,{"$f":"IF(C2069=0,\"\",VLOOKUP(C2069,BNCDADOS!$A:$G,4,0))","v":"5,56"},{"$f":"IF(C2069=0,\"\",VLOOKUP(C2069,BNCDADOS!$A:$G,5,0))","v":6.87},247900.24,{"$f":"IF(C2069=0,\"\",VLOOKUP(C2069,BNCDADOS!$A:$G,6,0))","v":"5,39"},{"$f":"IF(C2069=0,\"\",VLOOKUP(C2069,BNCDADOS!$A:$G,7,0))","v":7},252591.22,{"$f":"SUMIF('MC - TRECHO 06'!A:A,Orçamento!A2069,'MC - TRECHO 06'!R:R)","v":36084.46}]
["7.1.2.3",{"$f":"IF(C2070=0,\"\",VLOOKUP(C2070,BNCDADOS!$A:$H,8,0))","v":"SINAPI/RN\nSERVIÇO"},102319,{"$f":"IF(C2070=0,\"\",VLOOKUP(C2070,BNCDADOS!$A:$G,2,0))","v":"ESCAVAÇÃO MECANIZADA DE VALA COM PROF. MAIOR QUE 1,5 M ATÉ 3,0 M (MÉDIA MONTANTE E JUSANTE/UMA COMPOSIÇÃO POR TRECHO),COM ESCAVADEIRA (1,2 M3),LARG. DE 1,5 M A 2,5 M, EM SOLO DE 2A CATEGORIA, LOCAIS COM BAIXO NÍVEL DE INTERFERÊNCIA. AF_02/2021"},{"$f":"IF(C2070=0,\"\",VLOOKUP(C2070,BNCDADOS!$A:$G,3,0))","v":"M3"},6450.93,{"$f":"IF(C2070=0,\"\",VLOOKUP(C2070,BNCDADOS!$A:$G,4,0))","v":"6,94"},{"$f":"IF(C2070=0,\"\",VLOOKUP(C2070,BNCDADOS!$A:$G,5,0))","v":8.58},55348.97,{"$f":"IF(C2070=0,\"\",VLOOKUP(C2070,BNCDADOS!$A:$G,6,0))","v":"6,73"},{"$f":"IF(C2070=0,\"\",VLOOKUP(C2070,BNCDADOS!$A:$G,7,0))","v":8.74},56381.120000000003,{"$f":"SUMIF('MC - TRECHO 06'!A:A,Orçamento!A2070,'MC - TRECHO 06'!R:R)","v":6450.93}]
["7.1.2.4",{"$f":"IF(C2071=0,\"\",VLOOKUP(C2071,BNCDADOS!$A:$H,8,0))","v":"SINAPI/RN\nSERVIÇO"},101625,{"$f":"IF(C2071=0,\"\",VLOOKUP(C2071,BNCDADOS!$A:$G,2,0))","v":"PREPARO DE FUNDO DE VALA COM LARGURA MAIOR OU IGUAL A 1,5 M E MENOR QUE 2,5 M, COM CAMADA DE AREIA, LANÇAMENTO MECANIZADO. AF_08/2020"},{"$f":"IF(C2071=0,\"\",VLOOKUP(C2071,BNCDADOS!$A:$G,3,0))","v":"M3"},1773.75,{"$f":"IF(C2071=0,\"\",VLOOKUP(C2071,BNCDADOS!$A:$G,4,0))","v":"155,31"},{"$f":"IF(C2071=0,\"\",VLOOKUP(C2071,BNCDADOS!$A:$G,5,0))","v":192.1},340737.37,{"$f":"IF(C2071=0,\"\",VLOOKUP(C2071,BNCDADOS!$A:$G,6,0))","v":"151,04"},{"$f":"IF(C2071=0,\"\",VLOOKUP(C2071,BNCDADOS!$A:$G,7,0))","v":196.29},348169.38,{"$f":"SUMIF('MC - TRECHO 06'!A:A,Orçamento!A2071,'MC - TRECHO 06'!R:R)","v":1773.75}]
["7.1.2.5",{"$f":"IF(C2072=0,\"\",VLOOKUP(C2072,BNCDADOS!$A:$H,8,0))","v":"caern"},2040105,{"$f":"IF(C2072=0,\"\",VLOOKUP(C2072,BNCDADOS!$A:$G,2,0))","v":"ESCORAMENTO DE VALA, TIPO BLINDAGEM, COM PROFUNDIDADE DE 1,5 A 3,0 M, LARGURA MAIOR OU IGUAL A 1,5 M E MENOR QUE 2,50 M - EXECUÇÃO E FORNECIMENTO, INCLUI MATERIAL. R_11/2020"},{"$f":"IF(C2072=0,\"\",VLOOKUP(C2072,BNCDADOS!$A:$G,3,0))","v":"M²"},47863.02,{"$f":"IF(C2072=0,\"\",VLOOKUP(C2072,BNCDADOS!$A:$G,4,0))","v":22.549999999999997},{"$f":"IF(C2072=0,\"\",VLOOKUP(C2072,BNCDADOS!$A:$G,5,0))","v":27.89},1334899.6200000001,{"$f":"IF(C2072=0,\"\",VLOOKUP(C2072,BNCDADOS!$A:$G,6,0))","v":21.51},{"$f":"IF(C2072=0,\"\",VLOOKUP(C2072,BNCDADOS!$A:$G,7,0))","v":27.95},1337771.3999999999,{"$f":"SUMIF('MC - TRECHO 06'!A:A,Orçamento!A2072,'MC - TRECHO 06'!R:R)","v":47863.02}]
["7.1.2.6",{"$f":"IF(C2073=0,\"\",VLOOKUP(C2073,BNCDADOS!$A:$H,8,0))","v":"SINAPI/RN\nSERVIÇO"},94329,{"$f":"IF(C2073=0,\"\",VLOOKUP(C2073,BNCDADOS!$A:$G,2,0))","v":"ATERRO MECANIZADO DE VALA COM ESCAVADEIRA HIDRÁULICA (CAPACIDADE DA CAÇAMBA: 0,8 M³/POTÊNCIA: 111 HP), LARGURA ATÉ 2,5 M, PROFUNDIDADE DE 1,5 A 3,0 M, COM AREIA PARA ATERRO. AF_08/2023"},{"$f":"IF(C2073=0,\"\",VLOOKUP(C2073,BNCDADOS!$A:$G,3,0))","v":"M3"},11223.27,{"$f":"IF(C2073=0,\"\",VLOOKUP(C2073,BNCDADOS!$A:$G,4,0))","v":"79,33"},{"$f":"IF(C2073=0,\"\",VLOOKUP(C2073,BNCDADOS!$A:$G,5,0))","v":98.12},1101227.25,{"$f":"IF(C2073=0,\"\",VLOOKUP(C2073,BNCDADOS!$A:$G,6,0))","v":"78,56"},{"$f":"IF(C2073=0,\"\",VLOOKUP(C2073,BNCDADOS!$A:$G,7,0))","v":102.09},1145783.6299999999,{"$f":"SUMIF('MC - TRECHO 06'!A:A,Orçamento!A2073,'MC - TRECHO 06'!R:R)","v":11223.27}]
["7.1.2.7",{"$f":"IF(C2074=0,\"\",VLOOKUP(C2074,BNCDADOS!$A:$H,8,0))","v":"SINAPI/RN\nSERVIÇO"},104729,{"$f":"IF(C2074=0,\"\",VLOOKUP(C2074,BNCDADOS!$A:$G,2,0))","v":"REATERRO MECANIZADO DE VALA COM ESCAVADEIRA HIDRÁULICA (CAPACIDADE DA CAÇAMBA: 0,8 M³/POTÊNCIA: 111 HP), LARGURA ATÉ 1,5 M, PROFUNDIDADE DE 1,5 A 3,0 M, COM SOLO (SEM SUBSTITUIÇÃO) DE 1ª CATEGORIA, COM PLACA VIBRATÓRIA. AF_08/2023"},{"$f":"IF(C2074=0,\"\",VLOOKUP(C2074,BNCDADOS!$A:$G,3,0))","v":"M3"},27802.67,{"$f":"IF(C2074=0,\"\",VLOOKUP(C2074,BNCDADOS!$A:$G,4,0))","v":"16,69"},{"$f":"IF(C2074=0,\"\",VLOOKUP(C2074,BNCDADOS!$A:$G,5,0))","v":20.64},573847.1,{"$f":"IF(C2074=0,\"\",VLOOKUP(C2074,BNCDADOS!$A:$G,6,0))","v":"16,13"},{"$f":"IF(C2074=0,\"\",VLOOKUP(C2074,BNCDADOS!$A:$G,7,0))","v":20.96},582743.96,{"$f":"SUMIF('MC - TRECHO 06'!A:A,Orçamento!A2074,'MC - TRECHO 06'!R:R)","v":27802.67}]
["7.1.2.8",{"$f":"IF(C2075=0,\"\",VLOOKUP(C2075,BNCDADOS!$A:$H,8,0))","v":"SINAPI/RN\nSERVIÇO"},100574,{"$f":"IF(C2075=0,\"\",VLOOKUP(C2075,BNCDADOS!$A:$G,2,0))","v":"ESPALHAMENTO DE MATERIAL COM TRATOR DE ESTEIRAS. AF_11/2019"},{"$f":"IF(C2075=0,\"\",VLOOKUP(C2075,BNCDADOS!$A:$G,3,0))","v":"M3"},17679.28,{"$f":"IF(C2075=0,\"\",VLOOKUP(C2075,BNCDADOS!$A:$G,4,0))","v":"1,43"},{"$f":"IF(C2075=0,\"\",VLOOKUP(C2075,BNCDADOS!$A:$G,5,0))","v":1.76},31115.53,{"$f":"IF(C2075=0,\"\",VLOOKUP(C2075,BNCDADOS!$A:$G,6,0))","v":"1,38"},{"$f":"IF(C2075=0,\"\",VLOOKUP(C2075,BNCDADOS!$A:$G,7,0))","v":1.79},31645.91,{"$f":"SUMIF('MC - TRECHO 06'!A:A,Orçamento!A2075,'MC - TRECHO 06'!R:R)","v":17679.28}]
["7.1.3",{"$f":"IF(C2076=0,\"\",VLOOKUP(C2076,BNCDADOS!$A:$G,8,0))","v":""},null,"PAVIMENTAÇÃO",{"$f":"IF(C2076=0,\"\",VLOOKUP(C2076,BNCDADOS!$A:$G,3,0))","v":""},0,{"$f":"IF(C2076=0,\"\",VLOOKUP(C2076,BNCDADOS!$A:$G,4,0))","v":""},{"$f":"IF(C2076=0,\"\",VLOOKUP(C2076,BNCDADOS!$A:$G,5,0))","v":""},{"$f":"SUM(I2077:I2078)","v":126122.77},{"$f":"IF(C2076=0,\"\",VLOOKUP(C2076,BNCDADOS!$A:$G,6,0))","v":""},{"$f":"IF(C2076=0,\"\",VLOOKUP(C2076,BNCDADOS!$A:$G,7,0))","v":""},{"$f":"SUM(L2077:L2078)","v":128264.87999999999},0]
["7.1.3.1",{"$f":"IF(C2077=0,\"\",VLOOKUP(C2077,BNCDADOS!$A:$H,8,0))","v":"caern"},2150065,{"$f":"IF(C2077=0,\"\",VLOOKUP(C2077,BNCDADOS!$A:$G,2,0))","v":"REASSENTAMENTO DE PARALELEPÍPEDOS, REJUNTAMENTO COM PEDRISCO E EMULSÃO ASFÁLTICA (BRIPAR), COM REAPROVEITAMENTO DOS PARALELEPÍPEDOS - INCLUSO RETIRADA E COLOCAÇÃO DO MATERIAL. AF_12/2020_P R_05/2022REV01"},{"$f":"IF(C2077=0,\"\",VLOOKUP(C2077,BNCDADOS!$A:$G,3,0))","v":"M²"},783.33,{"$f":"IF(C2077=0,\"\",VLOOKUP(C2077,BNCDADOS!$A:$G,4,0))","v":128.47999999999999},{"$f":"IF(C2077=0,\"\",VLOOKUP(C2077,BNCDADOS!$A:$G,5,0))","v":158.91},{"$f":"IF(H2077=\"\",0,TRUNC(H2077*F2077,2))","v":124478.97},{"$f":"IF(C2077=0,\"\",VLOOKUP(C2077,BNCDADOS!$A:$G,6,0))","v":124.46},{"$f":"IF(C2077=0,\"\",VLOOKUP(C2077,BNCDADOS!$A:$G,7,0))","v":161.74},{"$f":"IF(K2077=\"\",0,TRUNC(K2077*F2077,2))","v":126695.79},{"$f":"SUMIF('MC - TRECHO 06'!A:A,Orçamento!A2077,'MC - TRECHO 06'!R:R)","v":783.33}]
["7.1.3.2",{"$f":"IF(C2078=0,\"\",VLOOKUP(C2078,BNCDADOS!$A:$H,8,0))","v":"caern"},2010038,{"$f":"IF(C2078=0,\"\",VLOOKUP(C2078,BNCDADOS!$A:$G,2,0))","v":"LIMPEZA DE RUAS (VARRIÇÃO E REMOÇÃO DE ENTULHOS), INCLUSIVE CARGA MANUAL"},{"$f":"IF(C2078=0,\"\",VLOOKUP(C2078,BNCDADOS!$A:$G,3,0))","v":"M²"},2490.62,{"$f":"IF(C2078=0,\"\",VLOOKUP(C2078,BNCDADOS!$A:$G,4,0))","v":0.54},{"$f":"IF(C2078=0,\"\",VLOOKUP(C2078,BNCDADOS!$A:$G,5,0))","v":0.66},1643.8,{"$f":"IF(C2078=0,\"\",VLOOKUP(C2078,BNCDADOS!$A:$G,6,0))","v":0.49},{"$f":"IF(C2078=0,\"\",VLOOKUP(C2078,BNCDADOS!$A:$G,7,0))","v":0.63},1569.09,{"$f":"SUMIF('MC - TRECHO 06'!A:A,Orçamento!A2078,'MC - TRECHO 06'!R:R)","v":2490.62}]
["7.1.4",{"$f":"IF(C2079=0,\"\",VLOOKUP(C2079,BNCDADOS!$A:$G,8,0))","v":""},null,"ASSENTAMENTO E MONTAGEM DOS TUBOS E CONEXÕES",{"$f":"IF(C2079=0,\"\",VLOOKUP(C2079,BNCDADOS!$A:$G,3,0))","v":""},0,{"$f":"IF(C2079=0,\"\",VLOOKUP(C2079,BNCDADOS!$A:$G,4,0))","v":""},{"$f":"IF(C2079=0,\"\",VLOOKUP(C2079,BNCDADOS!$A:$G,5,0))","v":""},{"$f":"SUM(I2080:I2086)","v":344055.77},{"$f":"IF(C2079=0,\"\",VLOOKUP(C2079,BNCDADOS!$A:$G,6,0))","v":""},{"$f":"IF(C2079=0,\"\",VLOOKUP(C2079,BNCDADOS!$A:$G,7,0))","v":""},{"$f":"SUM(L2080:L2086)","v":342561.81999999995},0]
["7.1.4.1",{"$f":"IF(C2080=0,\"\",VLOOKUP(C2080,BNCDADOS!$A:$H,8,0))","v":"caern"},2060303,{"$f":"IF(C2080=0,\"\",VLOOKUP(C2080,BNCDADOS!$A:$G,2,0))","v":"ASSENTAMENTO DE TUBO DE PVC DEFOFO OU PRFV OU RPVC, DN 600 MM, JUNTA ELÁSTICA. R_11/2019"},{"$f":"IF(C2080=0,\"\",VLOOKUP(C2080,BNCDADOS!$A:$G,3,0))","v":"M"},14077.36,{"$f":"IF(C2080=0,\"\",VLOOKUP(C2080,BNCDADOS!$A:$G,4,0))","v":15.96},{"$f":"IF(C2080=0,\"\",VLOOKUP(C2080,BNCDADOS!$A:$G,5,0))","v":19.739999999999998},{"$f":"IF(H2080=\"\",0,TRUNC(H2080*F2080,2))","v":277887.08},{"$f":"IF(C2080=0,\"\",VLOOKUP(C2080,BNCDADOS!$A:$G,6,0))","v":15.01},{"$f":"IF(C2080=0,\"\",VLOOKUP(C2080,BNCDADOS!$A:$G,7,0))","v":19.5},{"$f":"IF(K2080=\"\",0,TRUNC(K2080*F2080,2))","v":274508.52},{"$f":"SUMIF('MC - TRECHO 06'!A:A,Orçamento!A2080,'MC - TRECHO 06'!R:R)","v":14077.36}]
["7.1.4.2",{"$f":"IF(C2081=0,\"\",VLOOKUP(C2081,BNCDADOS!$A:$H,8,0))","v":"caern"},2060560,{"$f":"IF(C2081=0,\"\",VLOOKUP(C2081,BNCDADOS!$A:$G,2,0))","v":"ASSENTAMENTO DE CONEXÕES EM FERRO FUNDIDO, JUNTA ELÁSTICA, DIAM.= 600 MM. INC_05/2020"},{"$f":"IF(C2081=0,\"\",VLOOKUP(C2081,BNCDADOS!$A:$G,3,0))","v":"UN "},4,{"$f":"IF(C2081=0,\"\",VLOOKUP(C2081,BNCDADOS!$A:$G,4,0))","v":61.199999999999996},{"$f":"IF(C2081=0,\"\",VLOOKUP(C2081,BNCDADOS!$A:$G,5,0))","v":75.69},302.76,{"$f":"IF(C2081=0,\"\",VLOOKUP(C2081,BNCDADOS!$A:$G,6,0))","v":57.339999999999996},{"$f":"IF(C2081=0,\"\",VLOOKUP(C2081,BNCDADOS!$A:$G,7,0))","v":74.510000000000005},298.04000000000002,{"$f":"SUMIF('MC - TRECHO 06'!A:A,Orçamento!A2081,'MC - TRECHO 06'!R:R)","v":4}]
["7.1.4.3",{"$f":"IF(C2082=0,\"\",VLOOKUP(C2082,BNCDADOS!$A:$H,8,0))","v":"SINAPI/RN\nSERVIÇO"},103115,{"$f":"IF(C2082=0,\"\",VLOOKUP(C2082,BNCDADOS!$A:$G,2,0))","v":"ASSENTAMENTO DE CONEXÃO COM 2 ACESSOS, FERRO FUNDIDO PARA REDE DE ÁGUA, DN  600 MM, JUNTA FLANGEADA (NÃO INCLUI O FORNECIMENTO). AF_09/2021"},{"$f":"IF(C2082=0,\"\",VLOOKUP(C2082,BNCDADOS!$A:$G,3,0))","v":"UN"},12,{"$f":"IF(C2082=0,\"\",VLOOKUP(C2082,BNCDADOS!$A:$G,4,0))","v":"418,28"},{"$f":"IF(C2082=0,\"\",VLOOKUP(C2082,BNCDADOS!$A:$G,5,0))","v":517.37},6208.44,{"$f":"IF(C2082=0,\"\",VLOOKUP(C2082,BNCDADOS!$A:$G,6,0))","v":"396,31"},{"$f":"IF(C2082=0,\"\",VLOOKUP(C2082,BNCDADOS!$A:$G,7,0))","v":515.04},6180.48,{"$f":"SUMIF('MC - TRECHO 06'!A:A,Orçamento!A2082,'MC - TRECHO 06'!R:R)","v":12}]
["7.1.4.4",{"$f":"IF(C2083=0,\"\",VLOOKUP(C2083,BNCDADOS!$A:$H,8,0))","v":"SINAPI/RN\nSERVIÇO"},103106,{"$f":"IF(C2083=0,\"\",VLOOKUP(C2083,BNCDADOS!$A:$G,2,0))","v":"ASSENTAMENTO DE CONEXÃO COM 2 ACESSOS, FERRO FUNDIDO PARA REDE DE ÁGUA, DN  100 MM, JUNTA FLANGEADA (NÃO INCLUI O FORNECIMENTO). AF_09/2021"},{"$f":"IF(C2083=0,\"\",VLOOKUP(C2083,BNCDADOS!$A:$G,3,0))","v":"UN"},12,{"$f":"IF(C2083=0,\"\",VLOOKUP(C2083,BNCDADOS!$A:$G,4,0))","v":"57,73"},{"$f":"IF(C2083=0,\"\",VLOOKUP(C2083,BNCDADOS!$A:$G,5,0))","v":71.400000000000006},856.8,{"$f":"IF(C2083=0,\"\",VLOOKUP(C2083,BNCDADOS!$A:$G,6,0))","v":"55,15"},{"$f":"IF(C2083=0,\"\",VLOOKUP(C2083,BNCDADOS!$A:$G,7,0))","v":71.67},860.04,{"$f":"SUMIF('MC - TRECHO 06'!A:A,Orçamento!A2083,'MC - TRECHO 06'!R:R)","v":12}]
["7.1.4.5",{"$f":"IF(C2084=0,\"\",VLOOKUP(C2084,BNCDADOS!$A:$H,8,0))","v":"caern"},2060587,{"$f":"IF(C2084=0,\"\",VLOOKUP(C2084,BNCDADOS!$A:$G,2,0))","v":"ASSENTAMENTO DE REGISTRO DE GAVETA EM FERRO FUNDIDO COM FLANGES, DIAM. = 50MM A 150MM. INC_05/2020"},{"$f":"IF(C2084=0,\"\",VLOOKUP(C2084,BNCDADOS!$A:$G,3,0))","v":"UN "},12,{"$f":"IF(C2084=0,\"\",VLOOKUP(C2084,BNCDADOS!$A:$G,4,0))","v":14.120000000000001},{"$f":"IF(C2084=0,\"\",VLOOKUP(C2084,BNCDADOS!$A:$G,5,0))","v":17.46},209.52,{"$f":"IF(C2084=0,\"\",VLOOKUP(C2084,BNCDADOS!$A:$G,6,0))","v":12.68},{"$f":"IF(C2084=0,\"\",VLOOKUP(C2084,BNCDADOS!$A:$G,7,0))","v":16.47},197.64,{"$f":"SUMIF('MC - TRECHO 06'!A:A,Orçamento!A2084,'MC - TRECHO 06'!R:R)","v":12}]
["7.1.4.6",{"$f":"IF(C2085=0,\"\",VLOOKUP(C2085,BNCDADOS!$A:$H,8,0))","v":"caern"},2060592,{"$f":"IF(C2085=0,\"\",VLOOKUP(C2085,BNCDADOS!$A:$G,2,0))","v":"ASSENTAMENTO DE VENTOSA EM FERRO FUNDIDO COM FLANGE, DIAM. = 50MM A 150MM. INC_05/2020"},{"$f":"IF(C2085=0,\"\",VLOOKUP(C2085,BNCDADOS!$A:$G,3,0))","v":"UN "},7,{"$f":"IF(C2085=0,\"\",VLOOKUP(C2085,BNCDADOS!$A:$G,4,0))","v":14.120000000000001},{"$f":"IF(C2085=0,\"\",VLOOKUP(C2085,BNCDADOS!$A:$G,5,0))","v":17.46},122.22,{"$f":"IF(C2085=0,\"\",VLOOKUP(C2085,BNCDADOS!$A:$G,6,0))","v":12.68},{"$f":"IF(C2085=0,\"\",VLOOKUP(C2085,BNCDADOS!$A:$G,7,0))","v":16.47},115.29,{"$f":"SUMIF('MC - TRECHO 06'!A:A,Orçamento!A2085,'MC - TRECHO 06'!R:R)","v":7}]
["7.1.4.7",{"$f":"IF(C2086=0,\"\",VLOOKUP(C2086,BNCDADOS!$A:$H,8,0))","v":"SINAPI/RN\nSERVIÇO"},100952,{"$f":"IF(C2086=0,\"\",VLOOKUP(C2086,BNCDADOS!$A:$G,2,0))","v":"TRANSPORTE COM CAMINHÃO CARROCERIA COM GUINDAUTO (MUNCK),  MOMENTO MÁXIMO DE CARGA 11,7 TM, EM VIA URBANA PAVIMENTADA, DMT ATÉ 30KM (UNIDADE: TXKM). AF_07/2020"},{"$f":"IF(C2086=0,\"\",VLOOKUP(C2086,BNCDADOS!$A:$G,3,0))","v":"TXKM"},16107.15,{"$f":"IF(C2086=0,\"\",VLOOKUP(C2086,BNCDADOS!$A:$G,4,0))","v":"2,94"},{"$f":"IF(C2086=0,\"\",VLOOKUP(C2086,BNCDADOS!$A:$G,5,0))","v":3.63},58468.95,{"$f":"IF(C2086=0,\"\",VLOOKUP(C2086,BNCDADOS!$A:$G,6,0))","v":"2,89"},{"$f":"IF(C2086=0,\"\",VLOOKUP(C2086,BNCDADOS!$A:$G,7,0))","v":3.75},60401.81,{"$f":"SUMIF('MC - TRECHO 06'!A:A,Orçamento!A2086,'MC - TRECHO 06'!R:R)","v":16107.149999999998}]
["7.1.5",{"$f":"IF(C2087=0,\"\",VLOOKUP(C2087,BNCDADOS!$A:$G,8,0))","v":""},null,"CAIXAS E BLOCOS DE ANCORAGEM",{"$f":"IF(C2087=0,\"\",VLOOKUP(C2087,BNCDADOS!$A:$G,3,0))","v":""},0,{"$f":"IF(C2087=0,\"\",VLOOKUP(C2087,BNCDADOS!$A:$G,4,0))","v":""},{"$f":"IF(C2087=0,\"\",VLOOKUP(C2087,BNCDADOS!$A:$G,5,0))","v":""},{"$f":"SUM(I2088:I2089)","v":531931},{"$f":"IF(C2087=0,\"\",VLOOKUP(C2087,BNCDADOS!$A:$G,6,0))","v":""},{"$f":"IF(C2087=0,\"\",VLOOKUP(C2087,BNCDADOS!$A:$G,7,0))","v":""},{"$f":"SUM(L2088:L2089)","v":539570.28},0]
["7.1.5.1",{"$f":"IF(C2088=0,\"\",VLOOKUP(C2088,BNCDADOS!$A:$H,8,0))","v":0},"COMP 03",{"$f":"IF(C2088=0,\"\",VLOOKUP(C2088,BNCDADOS!$A:$G,2,0))","v":"CAIXA ENTERRADA PARA INSTALAÇÃO DE VENTOSAS E DESCARGAS, DE DIVERSOS DIÂMETROS E MEDIDAS INTERNAS 3,0 X 3,0M"},{"$f":"IF(C2088=0,\"\",VLOOKUP(C2088,BNCDADOS!$A:$G,3,0))","v":"UN"},12,{"$f":"IF(C2088=0,\"\",VLOOKUP(C2088,BNCDADOS!$A:$G,4,0))","v":35231.47},{"$f":"IF(C2088=0,\"\",VLOOKUP(C2088,BNCDADOS!$A:$G,5,0))","v":43577.8},{"$f":"IF(H2088=\"\",0,TRUNC(H2088*F2088,2))","v":522933.6},{"$f":"IF(C2088=0,\"\",VLOOKUP(C2088,BNCDADOS!$A:$G,6,0))","v":34013},{"$f":"IF(C2088=0,\"\",VLOOKUP(C2088,BNCDADOS!$A:$G,7,0))","v":44203.29},{"$f":"IF(K2088=\"\",0,TRUNC(K2088*F2088,2))","v":530439.48},{"$f":"SUMIF('MC - TRECHO 06'!A:A,Orçamento!A2088,'MC - TRECHO 06'!R:R)","v":12}]
["7.1.5.2",{"$f":"IF(C2089=0,\"\",VLOOKUP(C2089,BNCDADOS!$A:$H,8,0))","v":0},"COMP 26",{"$f":"IF(C2089=0,\"\",VLOOKUP(C2089,BNCDADOS!$A:$G,2,0))","v":"BLOCO DE ANCORAGEM ARMADO, PARA CURVA 11°, 22° E 45°, PARA O DIÂMETRO DE 600MM"},{"$f":"IF(C2089=0,\"\",VLOOKUP(C2089,BNCDADOS!$A:$G,3,0))","v":"UN"},4,{"$f":"IF(C2089=0,\"\",VLOOKUP(C2089,BNCDADOS!$A:$G,4,0))","v":1818.54},{"$f":"IF(C2089=0,\"\",VLOOKUP(C2089,BNCDADOS!$A:$G,5,0))","v":2249.35},{"$f":"IF(H2089=\"\",0,TRUNC(H2089*F2089,2))","v":8997.4},{"$f":"IF(C2089=0,\"\",VLOOKUP(C2089,BNCDADOS!$A:$G,6,0))","v":1756.47},{"$f":"IF(C2089=0,\"\",VLOOKUP(C2089,BNCDADOS!$A:$G,7,0))","v":2282.6999999999998},{"$f":"IF(K2089=\"\",0,TRUNC(K2089*F2089,2))","v":9130.7999999999993},{"$f":"SUMIF('MC - TRECHO 06'!A:A,Orçamento!A2089,'MC - TRECHO 06'!R:R)","v":4}]
["7.1.6",{"$f":"IF(C2090=0,\"\",VLOOKUP(C2090,BNCDADOS!$A:$G,8,0))","v":""},null,"DIVERSOS",{"$f":"IF(C2090=0,\"\",VLOOKUP(C2090,BNCDADOS!$A:$G,3,0))","v":""},0,{"$f":"IF(C2090=0,\"\",VLOOKUP(C2090,BNCDADOS!$A:$G,4,0))","v":""},{"$f":"IF(C2090=0,\"\",VLOOKUP(C2090,BNCDADOS!$A:$G,5,0))","v":""},{"$f":"SUM(I2091:I2092)","v":117545.94},{"$f":"IF(C2090=0,\"\",VLOOKUP(C2090,BNCDADOS!$A:$G,6,0))","v":""},{"$f":"IF(C2090=0,\"\",VLOOKUP(C2090,BNCDADOS!$A:$G,7,0))","v":""},{"$f":"SUM(L2091:L2092)","v":116278.98999999999},0]
["7.1.6.1",{"$f":"IF(C2091=0,\"\",VLOOKUP(C2091,BNCDADOS!$A:$H,8,0))","v":0},"COMP 05",{"$f":"IF(C2091=0,\"\",VLOOKUP(C2091,BNCDADOS!$A:$G,2,0))","v":"LIMPEZA, DESINFECÇÃO E TESTE DE REDES E ADUTORAS DE ABASTECIMENTO DE ÁGUA"},{"$f":"IF(C2091=0,\"\",VLOOKUP(C2091,BNCDADOS!$A:$G,3,0))","v":"M"},14077.36,{"$f":"IF(C2091=0,\"\",VLOOKUP(C2091,BNCDADOS!$A:$G,4,0))","v":5.16},{"$f":"IF(C2091=0,\"\",VLOOKUP(C2091,BNCDADOS!$A:$G,5,0))","v":6.38},{"$f":"IF(H2091=\"\",0,TRUNC(H2091*F2091,2))","v":89813.55},{"$f":"IF(C2091=0,\"\",VLOOKUP(C2091,BNCDADOS!$A:$G,6,0))","v":4.9399999999999995},{"$f":"IF(C2091=0,\"\",VLOOKUP(C2091,BNCDADOS!$A:$G,7,0))","v":6.42},{"$f":"IF(K2091=\"\",0,TRUNC(K2091*F2091,2))","v":90376.65},{"$f":"SUMIF('MC - TRECHO 06'!A:A,Orçamento!A2091,'MC - TRECHO 06'!R:R)","v":14077.36}]
["7.1.6.2",{"$f":"IF(C2092=0,\"\",VLOOKUP(C2092,BNCDADOS!$A:$H,8,0))","v":"caern"},2220075,{"$f":"IF(C2092=0,\"\",VLOOKUP(C2092,BNCDADOS!$A:$G,2,0))","v":"CADASTRO DE ADUTORAS, COLETORES, INTERCEPTORES E EMISSÁRIOS - INCLUSIVE DESENHISTA. R_11/2021"},{"$f":"IF(C2092=0,\"\",VLOOKUP(C2092,BNCDADOS!$A:$G,3,0))","v":"M"},14077.36,{"$f":"IF(C2092=0,\"\",VLOOKUP(C2092,BNCDADOS!$A:$G,4,0))","v":1.6},{"$f":"IF(C2092=0,\"\",VLOOKUP(C2092,BNCDADOS!$A:$G,5,0))","v":1.97},{"$f":"IF(H2092=\"\",0,TRUNC(H2092*F2092,2))","v":27732.39},{"$f":"IF(C2092=0,\"\",VLOOKUP(C2092,BNCDADOS!$A:$G,6,0))","v":1.4200000000000002},{"$f":"IF(C2092=0,\"\",VLOOKUP(C2092,BNCDADOS!$A:$G,7,0))","v":1.84},{"$f":"IF(K2092=\"\",0,TRUNC(K2092*F2092,2))","v":25902.34},{"$f":"SUMIF('MC - TRECHO 06'!A:A,Orçamento!A2092,'MC - TRECHO 06'!R:R)","v":14077.36}]
[null,{"$f":"IF(C2093=0,\"\",VLOOKUP(C2093,BNCDADOS!$A:$H,8,0))","v":""},null,{"$f":"IF(C2093=0,\"\",VLOOKUP(C2093,BNCDADOS!$A:$G,2,0))","v":""},{"$f":"IF(C2093=0,\"\",VLOOKUP(C2093,BNCDADOS!$A:$G,3,0))","v":""},0,{"$f":"IF(C2093=0,\"\",VLOOKUP(C2093,BNCDADOS!$A:$G,4,0))","v":""},{"$f":"IF(C2093=0,\"\",VLOOKUP(C2093,BNCDADOS!$A:$G,5,0))","v":""},{"$f":"IF(H2093=\"\",0,TRUNC(H2093*F2093,2))","v":0},{"$f":"IF(C2093=0,\"\",VLOOKUP(C2093,BNCDADOS!$A:$G,6,0))","v":""},{"$f":"IF(C2093=0,\"\",VLOOKUP(C2093,BNCDADOS!$A:$G,7,0))","v":""},{"$f":"IF(K2093=\"\",0,TRUNC(K2093*F2093,2))","v":0},0]
["7.2",null,null,"SERVIÇOS_EEAT 06_CAMPESTRE",{"$nulls":4},{"$f":"SUM(I2095,I2097,I2108,I2122,I2147,I2158,I2161,I2165,I2170,I2175,I2181,I2213,I2215,I2223,)","v":4633456.3999999985},null,null,{"$f":"SUM(L2095,L2097,L2108,L2122,L2147,L2158,L2161,L2165,L2170,L2175,L2181,L2213,L2215,L2223,)","v":4772973.0299999993},0]
["7.2.1",{"$f":"IF(C2095=0,\"\",VLOOKUP(C2095,BNCDADOS!$A:$G,8,0))","v":""},null,"SERVIÇOS PRELIMINARES",{"$f":"IF(C2095=0,\"\",VLOOKUP(C2095,BNCDADOS!$A:$G,3,0))","v":""},{"$f":"TRUNC(M2095,2)","v":0},{"$f":"IF(C2095=0,\"\",VLOOKUP(C2095,BNCDADOS!$A:$G,4,0))","v":""},{"$f":"IF(C2095=0,\"\",VLOOKUP(C2095,BNCDADOS!$A:$G,5,0))","v":""},{"$f":"SUM(I2096)","v":452705.4},{"$f":"IF(C2095=0,\"\",VLOOKUP(C2095,BNCDADOS!$A:$G,6,0))","v":""},{"$f":"IF(C2095=0,\"\",VLOOKUP(C2095,BNCDADOS!$A:$G,7,0))","v":""},{"$f":"SUM(L2096)","v":478252.79999999999}]
["7.2.1.1",{"$f":"IF(C2096=0,\"\",VLOOKUP(C2096,BNCDADOS!$A:$H,8,0))","v":0},"DSP. EEAT06",{"$f":"IF(C2096=0,\"\",VLOOKUP(C2096,BNCDADOS!$A:$G,2,0))","v":"DESAPROPRIAÇÃO DE ÁREA PARA CONSTRUÇÃO DA ESTAÇÃO ELEVATÓRIA DE ÁGUA TRATADA, COM ÁREA DE 2.400 M²"},{"$f":"IF(C2096=0,\"\",VLOOKUP(C2096,BNCDADOS!$A:$G,3,0))","v":"UN"},1,{"$f":"IF(C2096=0,\"\",VLOOKUP(C2096,BNCDADOS!$A:$G,4,0))","v":366000},{"$f":"IF(C2096=0,\"\",VLOOKUP(C2096,BNCDADOS!$A:$G,5,0))","v":452705.4},{"$f":"IF(H2096=\"\",0,TRUNC(H2096*F2096,2))","v":452705.4},{"$f":"IF(C2096=0,\"\",VLOOKUP(C2096,BNCDADOS!$A:$G,6,0))","v":368000},{"$f":"IF(C2096=0,\"\",VLOOKUP(C2096,BNCDADOS!$A:$G,7,0))","v":478252.79999999999},{"$f":"IF(K2096=\"\",0,TRUNC(K2096*F2096,2))","v":478252.79999999999},{"$f":"SUMIF('MC - TRECHO 06'!A:A,Orçamento!A2096,'MC - TRECHO 06'!R:R)","v":1}]
["7.2.2",{"$f":"IF(C2097=0,\"\",VLOOKUP(C2097,BNCDADOS!$A:$G,8,0))","v":""},null,"SERVIÇOS PRELIMINARES",{"$f":"IF(C2097=0,\"\",VLOOKUP(C2097,BNCDADOS!$A:$G,3,0))","v":""},0,{"$f":"IF(C2097=0,\"\",VLOOKUP(C2097,BNCDADOS!$A:$G,4,0))","v":""},{"$f":"IF(C2097=0,\"\",VLOOKUP(C2097,BNCDADOS!$A:$G,5,0))","v":""},{"$f":"SUM(I2098:I2107)","v":225530.83},{"$f":"IF(C2097=0,\"\",VLOOKUP(C2097,BNCDADOS!$A:$G,6,0))","v":""},{"$f":"IF(C2097=0,\"\",VLOOKUP(C2097,BNCDADOS!$A:$G,7,0))","v":""},{"$f":"SUM(L2098:L2107)","v":230719.19999999998},0]
["7.2.2.1",{"$f":"IF(C2098=0,\"\",VLOOKUP(C2098,BNCDADOS!$A:$H,8,0))","v":"SINAPI/RN\nSERVIÇO"},98525,{"$f":"IF(C2098=0,\"\",VLOOKUP(C2098,BNCDADOS!$A:$G,2,0))","v":"LIMPEZA MECANIZADA DE CAMADA VEGETAL, VEGETAÇÃO E PEQUENAS ÁRVORES (DIÂMETRO DE TRONCO MENOR QUE 0,20 M), COM TRATOR DE ESTEIRAS. AF_03/2024"},{"$f":"IF(C2098=0,\"\",VLOOKUP(C2098,BNCDADOS!$A:$G,3,0))","v":"M2"},2400,{"$f":"IF(C2098=0,\"\",VLOOKUP(C2098,BNCDADOS!$A:$G,4,0))","v":"0,61"},{"$f":"IF(C2098=0,\"\",VLOOKUP(C2098,BNCDADOS!$A:$G,5,0))","v":0.75},{"$f":"IF(H2098=\"\",0,TRUNC(H2098*F2098,2))","v":1800},{"$f":"IF(C2098=0,\"\",VLOOKUP(C2098,BNCDADOS!$A:$G,6,0))","v":"0,58"},{"$f":"IF(C2098=0,\"\",VLOOKUP(C2098,BNCDADOS!$A:$G,7,0))","v":0.75},{"$f":"IF(K2098=\"\",0,TRUNC(K2098*F2098,2))","v":1800},{"$f":"SUMIF('MC - TRECHO 06'!A:A,Orçamento!A2098,'MC - TRECHO 06'!R:R)","v":2400}]
["7.2.2.2",{"$f":"IF(C2099=0,\"\",VLOOKUP(C2099,BNCDADOS!$A:$H,8,0))","v":"SINAPI/RN\nSERVIÇO"},98527,{"$f":"IF(C2099=0,\"\",VLOOKUP(C2099,BNCDADOS!$A:$G,2,0))","v":"REMOÇÃO DE RAÍZES REMANESCENTES DE TRONCO DE ÁRVORE COM DIÂMETRO MAIOR OU IGUAL A 0,40 M E MENOR QUE 0,60 M. AF_03/2024"},{"$f":"IF(C2099=0,\"\",VLOOKUP(C2099,BNCDADOS!$A:$G,3,0))","v":"UN"},120,{"$f":"IF(C2099=0,\"\",VLOOKUP(C2099,BNCDADOS!$A:$G,4,0))","v":"209,89"},{"$f":"IF(C2099=0,\"\",VLOOKUP(C2099,BNCDADOS!$A:$G,5,0))","v":259.61},31153.200000000001,{"$f":"IF(C2099=0,\"\",VLOOKUP(C2099,BNCDADOS!$A:$G,6,0))","v":"195,46"},{"$f":"IF(C2099=0,\"\",VLOOKUP(C2099,BNCDADOS!$A:$G,7,0))","v":254.01},30481.200000000001,{"$f":"SUMIF('MC - TRECHO 06'!A:A,Orçamento!A2099,'MC - TRECHO 06'!R:R)","v":120}]
["7.2.2.3",{"$f":"IF(C2100=0,\"\",VLOOKUP(C2100,BNCDADOS!$A:$H,8,0))","v":"SINAPI/RN\nSERVIÇO"},100982,{"$f":"IF(C2100=0,\"\",VLOOKUP(C2100,BNCDADOS!$A:$G,2,0))","v":"CARGA, MANOBRA E DESCARGA DE ENTULHO EM CAMINHÃO BASCULANTE 10 M³ - CARGA COM ESCAVADEIRA HIDRÁULICA  (CAÇAMBA DE 0,80 M³ / 111 HP) E DESCARGA LIVRE (UNIDADE: M3). AF_07/2020"},{"$f":"IF(C2100=0,\"\",VLOOKUP(C2100,BNCDADOS!$A:$G,3,0))","v":"M3"},1200,{"$f":"IF(C2100=0,\"\",VLOOKUP(C2100,BNCDADOS!$A:$G,4,0))","v":"9,22"},{"$f":"IF(C2100=0,\"\",VLOOKUP(C2100,BNCDADOS!$A:$G,5,0))","v":11.4},13680,{"$f":"IF(C2100=0,\"\",VLOOKUP(C2100,BNCDADOS!$A:$G,6,0))","v":"9,04"},{"$f":"IF(C2100=0,\"\",VLOOKUP(C2100,BNCDADOS!$A:$G,7,0))","v":11.74},14088,{"$f":"SUMIF('MC - TRECHO 06'!A:A,Orçamento!A2100,'MC - TRECHO 06'!R:R)","v":1200}]
["7.2.2.4",{"$f":"IF(C2101=0,\"\",VLOOKUP(C2101,BNCDADOS!$A:$H,8,0))","v":"SINAPI/RN\nSERVIÇO"},93591,{"$f":"IF(C2101=0,\"\",VLOOKUP(C2101,BNCDADOS!$A:$G,2,0))","v":"TRANSPORTE COM CAMINHÃO BASCULANTE DE 14 M³, EM VIA URBANA EM LEITO NATURAL (UNIDADE: M3XKM). AF_07/2020"},{"$f":"IF(C2101=0,\"\",VLOOKUP(C2101,BNCDADOS!$A:$G,3,0))","v":"M3XKM"},7560,{"$f":"IF(C2101=0,\"\",VLOOKUP(C2101,BNCDADOS!$A:$G,4,0))","v":"2,83"},{"$f":"IF(C2101=0,\"\",VLOOKUP(C2101,BNCDADOS!$A:$G,5,0))","v":3.5},26460,{"$f":"IF(C2101=0,\"\",VLOOKUP(C2101,BNCDADOS!$A:$G,6,0))","v":"2,80"},{"$f":"IF(C2101=0,\"\",VLOOKUP(C2101,BNCDADOS!$A:$G,7,0))","v":3.63},27442.799999999999,{"$f":"SUMIF('MC - TRECHO 06'!A:A,Orçamento!A2101,'MC - TRECHO 06'!R:R)","v":7560}]
["7.2.2.5",{"$f":"IF(C2102=0,\"\",VLOOKUP(C2102,BNCDADOS!$A:$H,8,0))","v":"SINAPI/RN\nSERVIÇO"},93592,{"$f":"IF(C2102=0,\"\",VLOOKUP(C2102,BNCDADOS!$A:$G,2,0))","v":"TRANSPORTE COM CAMINHÃO BASCULANTE DE 14 M³, EM VIA URBANA EM REVESTIMENTO PRIMÁRIO (UNIDADE: M3XKM). AF_07/2020"},{"$f":"IF(C2102=0,\"\",VLOOKUP(C2102,BNCDADOS!$A:$G,3,0))","v":"M3XKM"},15120,{"$f":"IF(C2102=0,\"\",VLOOKUP(C2102,BNCDADOS!$A:$G,4,0))","v":"2,45"},{"$f":"IF(C2102=0,\"\",VLOOKUP(C2102,BNCDADOS!$A:$G,5,0))","v":3.03},45813.599999999999,{"$f":"IF(C2102=0,\"\",VLOOKUP(C2102,BNCDADOS!$A:$G,6,0))","v":"2,42"},{"$f":"IF(C2102=0,\"\",VLOOKUP(C2102,BNCDADOS!$A:$G,7,0))","v":3.14},47476.800000000003,{"$f":"SUMIF('MC - TRECHO 06'!A:A,Orçamento!A2102,'MC - TRECHO 06'!R:R)","v":15120}]
["7.2.2.6",{"$f":"IF(C2103=0,\"\",VLOOKUP(C2103,BNCDADOS!$A:$H,8,0))","v":"SINAPI/RN\nSERVIÇO"},98459,{"$f":"IF(C2103=0,\"\",VLOOKUP(C2103,BNCDADOS!$A:$G,2,0))","v":"TAPUME COM TELHA METÁLICA. AF_03/2024"},{"$f":"IF(C2103=0,\"\",VLOOKUP(C2103,BNCDADOS!$A:$G,3,0))","v":"M2"},437.84,{"$f":"IF(C2103=0,\"\",VLOOKUP(C2103,BNCDADOS!$A:$G,4,0))","v":"101,37"},{"$f":"IF(C2103=0,\"\",VLOOKUP(C2103,BNCDADOS!$A:$G,5,0))","v":125.38},54896.37,{"$f":"IF(C2103=0,\"\",VLOOKUP(C2103,BNCDADOS!$A:$G,6,0))","v":"98,15"},{"$f":"IF(C2103=0,\"\",VLOOKUP(C2103,BNCDADOS!$A:$G,7,0))","v":127.55},55846.49,{"$f":"SUMIF('MC - TRECHO 06'!A:A,Orçamento!A2103,'MC - TRECHO 06'!R:R)","v":437.84}]
["7.2.2.7",{"$f":"IF(C2104=0,\"\",VLOOKUP(C2104,BNCDADOS!$A:$H,8,0))","v":"SINAPI/RN\nSERVIÇO"},99059,{"$f":"IF(C2104=0,\"\",VLOOKUP(C2104,BNCDADOS!$A:$G,2,0))","v":"LOCAÇÃO CONVENCIONAL DE OBRA, UTILIZANDO GABARITO DE TÁBUAS CORRIDAS PONTALETADAS A CADA 2,00M -  2 UTILIZAÇÕES. AF_03/2024"},{"$f":"IF(C2104=0,\"\",VLOOKUP(C2104,BNCDADOS!$A:$G,3,0))","v":"M"},150.6,{"$f":"IF(C2104=0,\"\",VLOOKUP(C2104,BNCDADOS!$A:$G,4,0))","v":"68,49"},{"$f":"IF(C2104=0,\"\",VLOOKUP(C2104,BNCDADOS!$A:$G,5,0))","v":84.71},12757.32,{"$f":"IF(C2104=0,\"\",VLOOKUP(C2104,BNCDADOS!$A:$G,6,0))","v":"64,82"},{"$f":"IF(C2104=0,\"\",VLOOKUP(C2104,BNCDADOS!$A:$G,7,0))","v":84.24},12686.54,{"$f":"SUMIF('MC - TRECHO 06'!A:A,Orçamento!A2104,'MC - TRECHO 06'!R:R)","v":150.60000000000002}]
["7.2.2.8",{"$f":"IF(C2105=0,\"\",VLOOKUP(C2105,BNCDADOS!$A:$H,8,0))","v":"caern"},2010050,{"$f":"IF(C2105=0,\"\",VLOOKUP(C2105,BNCDADOS!$A:$G,2,0))","v":"LOCAÇÃO DE ADUTORAS, COLETORES TRONCO E INTERCEPTORES - COM AUXÍLIO DE EQUIPAMENTO TOPOGRÁFICO. R_11/2018"},{"$f":"IF(C2105=0,\"\",VLOOKUP(C2105,BNCDADOS!$A:$G,3,0))","v":"M"},79.400000000000006,{"$f":"IF(C2105=0,\"\",VLOOKUP(C2105,BNCDADOS!$A:$G,4,0))","v":2.56},{"$f":"IF(C2105=0,\"\",VLOOKUP(C2105,BNCDADOS!$A:$G,5,0))","v":3.16},250.9,{"$f":"IF(C2105=0,\"\",VLOOKUP(C2105,BNCDADOS!$A:$G,6,0))","v":2.2400000000000002},{"$f":"IF(C2105=0,\"\",VLOOKUP(C2105,BNCDADOS!$A:$G,7,0))","v":2.91},231.05,{"$f":"SUMIF('MC - TRECHO 06'!A:A,Orçamento!A2105,'MC - TRECHO 06'!R:R)","v":79.400000000000006}]
["7.2.2.9",{"$f":"IF(C2106=0,\"\",VLOOKUP(C2106,BNCDADOS!$A:$H,8,0))","v":0},"COMP 13",{"$f":"IF(C2106=0,\"\",VLOOKUP(C2106,BNCDADOS!$A:$G,2,0))","v":"LOCAÇÃO DE CONTÊINER ALMOXARIFADO COM PISO NAVAL - 6,00M X 2,35M - PARA USO EM CANTEIRO DE OBRAS"},{"$f":"IF(C2106=0,\"\",VLOOKUP(C2106,BNCDADOS!$A:$G,3,0))","v":"UM X MÊS"},24,{"$f":"IF(C2106=0,\"\",VLOOKUP(C2106,BNCDADOS!$A:$G,4,0))","v":800.6},{"$f":"IF(C2106=0,\"\",VLOOKUP(C2106,BNCDADOS!$A:$G,5,0))","v":990.26},23766.240000000002,{"$f":"IF(C2106=0,\"\",VLOOKUP(C2106,BNCDADOS!$A:$G,6,0))","v":800.6},{"$f":"IF(C2106=0,\"\",VLOOKUP(C2106,BNCDADOS!$A:$G,7,0))","v":1040.45},24970.799999999999,{"$f":"SUMIF('MC - TRECHO 06'!A:A,Orçamento!A2106,'MC - TRECHO 06'!R:R)","v":24}]
["7.2.2.10",{"$f":"IF(C2107=0,\"\",VLOOKUP(C2107,BNCDADOS!$A:$H,8,0))","v":0},"COMP 01",{"$f":"IF(C2107=0,\"\",VLOOKUP(C2107,BNCDADOS!$A:$G,2,0))","v":"CANTEIRO ITINERANTE COMPOSTO DE TOLDO, CONJUNTO DE MESA E CADEIRAS E BANHEIRO QUÍMICO COM LIMPEZA DIÁRIA INCLUSO COLETA E DESTINAÇÃO FINAL DE EFLUENTES"},{"$f":"IF(C2107=0,\"\",VLOOKUP(C2107,BNCDADOS!$A:$G,3,0))","v":"UN"},12,{"$f":"IF(C2107=0,\"\",VLOOKUP(C2107,BNCDADOS!$A:$G,4,0))","v":1007.4399999999999},{"$f":"IF(C2107=0,\"\",VLOOKUP(C2107,BNCDADOS!$A:$G,5,0))","v":1246.0999999999999},14953.2,{"$f":"IF(C2107=0,\"\",VLOOKUP(C2107,BNCDADOS!$A:$G,6,0))","v":1006.4399999999999},{"$f":"IF(C2107=0,\"\",VLOOKUP(C2107,BNCDADOS!$A:$G,7,0))","v":1307.96},15695.52,{"$f":"SUMIF('MC - TRECHO 06'!A:A,Orçamento!A2107,'MC - TRECHO 06'!R:R)","v":12}]
["7.2.3",{"$f":"IF(C2108=0,\"\",VLOOKUP(C2108,BNCDADOS!$A:$G,8,0))","v":""},null,"TRABALHOS EM TERRA",{"$f":"IF(C2108=0,\"\",VLOOKUP(C2108,BNCDADOS!$A:$G,3,0))","v":""},0,{"$f":"IF(C2108=0,\"\",VLOOKUP(C2108,BNCDADOS!$A:$G,4,0))","v":""},{"$f":"IF(C2108=0,\"\",VLOOKUP(C2108,BNCDADOS!$A:$G,5,0))","v":""},{"$f":"SUM(I2110:I2121)","v":1354225.4099999997},{"$f":"IF(C2108=0,\"\",VLOOKUP(C2108,BNCDADOS!$A:$G,6,0))","v":""},{"$f":"IF(C2108=0,\"\",VLOOKUP(C2108,BNCDADOS!$A:$G,7,0))","v":""},{"$f":"SUM(L2110:L2121)","v":1396123.2},0]
[null,{"$f":"IF(C2109=0,\"\",VLOOKUP(C2109,BNCDADOS!$A:$G,8,0))","v":""},null,"ATERRO DA ÁREA",{"$f":"IF(C2109=0,\"\",VLOOKUP(C2109,BNCDADOS!$A:$G,3,0))","v":""},0,{"$f":"IF(C2109=0,\"\",VLOOKUP(C2109,BNCDADOS!$A:$G,4,0))","v":""},{"$nulls":5},0]
["7.2.3.1",{"$f":"IF(C2110=0,\"\",VLOOKUP(C2110,BNCDADOS!$A:$H,8,0))","v":"SINAPI/RN\nSERVIÇO"},96385,{"$f":"IF(C2110=0,\"\",VLOOKUP(C2110,BNCDADOS!$A:$G,2,0))","v":"EXECUÇÃO E COMPACTAÇÃO DE ATERRO COM SOLO PREDOMINANTEMENTE ARGILOSO - EXCLUSIVE SOLO, ESCAVAÇÃO, CARGA E TRANSPORTE. AF_11/2019"},{"$f":"IF(C2110=0,\"\",VLOOKUP(C2110,BNCDADOS!$A:$G,3,0))","v":"M3"},15031.72,{"$f":"IF(C2110=0,\"\",VLOOKUP(C2110,BNCDADOS!$A:$G,4,0))","v":"11,83"},{"$f":"IF(C2110=0,\"\",VLOOKUP(C2110,BNCDADOS!$A:$G,5,0))","v":14.63},{"$f":"IF(H2110=\"\",0,TRUNC(H2110*F2110,2))","v":219914.06},{"$f":"IF(C2110=0,\"\",VLOOKUP(C2110,BNCDADOS!$A:$G,6,0))","v":"11,38"},{"$f":"IF(C2110=0,\"\",VLOOKUP(C2110,BNCDADOS!$A:$G,7,0))","v":14.78},{"$f":"IF(K2110=\"\",0,TRUNC(K2110*F2110,2))","v":222168.82},{"$f":"SUMIF('MC - TRECHO 06'!A:A,Orçamento!A2110,'MC - TRECHO 06'!R:R)","v":15031.72}]
["7.2.3.2",{"$f":"IF(C2111=0,\"\",VLOOKUP(C2111,BNCDADOS!$A:$H,8,0))","v":"SINAPI/RN\nSERVIÇO"},101232,{"$f":"IF(C2111=0,\"\",VLOOKUP(C2111,BNCDADOS!$A:$G,2,0))","v":"ESCAVAÇÃO VERTICAL PARA INFRAESTRUTURA, COM CARGA, DESCARGA E TRANSPORTE DE SOLO DE 1ª CATEGORIA, COM ESCAVADEIRA HIDRÁULICA (CAÇAMBA: 1,2 M³ / 155 HP), FROTA DE 3 CAMINHÕES BASCULANTES DE 14 M³, DMT ATÉ 1 KM E VELOCIDADE MÉDIA14 KM/H. AF_05/2020"},{"$f":"IF(C2111=0,\"\",VLOOKUP(C2111,BNCDADOS!$A:$G,3,0))","v":"M3"},15031.72,{"$f":"IF(C2111=0,\"\",VLOOKUP(C2111,BNCDADOS!$A:$G,4,0))","v":"9,80"},{"$f":"IF(C2111=0,\"\",VLOOKUP(C2111,BNCDADOS!$A:$G,5,0))","v":12.12},182184.44,{"$f":"IF(C2111=0,\"\",VLOOKUP(C2111,BNCDADOS!$A:$G,6,0))","v":"9,66"},{"$f":"IF(C2111=0,\"\",VLOOKUP(C2111,BNCDADOS!$A:$G,7,0))","v":12.55},188648.08,{"$f":"SUMIF('MC - TRECHO 06'!A:A,Orçamento!A2111,'MC - TRECHO 06'!R:R)","v":15031.72}]
["7.2.3.3",{"$f":"IF(C2112=0,\"\",VLOOKUP(C2112,BNCDADOS!$A:$H,8,0))","v":"SINAPI/RN\nSERVIÇO"},93591,{"$f":"IF(C2112=0,\"\",VLOOKUP(C2112,BNCDADOS!$A:$G,2,0))","v":"TRANSPORTE COM CAMINHÃO BASCULANTE DE 14 M³, EM VIA URBANA EM LEITO NATURAL (UNIDADE: M3XKM). AF_07/2020"},{"$f":"IF(C2112=0,\"\",VLOOKUP(C2112,BNCDADOS!$A:$G,3,0))","v":"M3XKM"},90190.32,{"$f":"IF(C2112=0,\"\",VLOOKUP(C2112,BNCDADOS!$A:$G,4,0))","v":"2,83"},{"$f":"IF(C2112=0,\"\",VLOOKUP(C2112,BNCDADOS!$A:$G,5,0))","v":3.5},315666.12,{"$f":"IF(C2112=0,\"\",VLOOKUP(C2112,BNCDADOS!$A:$G,6,0))","v":"2,80"},{"$f":"IF(C2112=0,\"\",VLOOKUP(C2112,BNCDADOS!$A:$G,7,0))","v":3.63},327390.86,{"$f":"SUMIF('MC - TRECHO 06'!A:A,Orçamento!A2112,'MC - TRECHO 06'!R:R)","v":90190.319999999992}]
["7.2.3.4",{"$f":"IF(C2113=0,\"\",VLOOKUP(C2113,BNCDADOS!$A:$H,8,0))","v":"SINAPI/RN\nSERVIÇO"},93592,{"$f":"IF(C2113=0,\"\",VLOOKUP(C2113,BNCDADOS!$A:$G,2,0))","v":"TRANSPORTE COM CAMINHÃO BASCULANTE DE 14 M³, EM VIA URBANA EM REVESTIMENTO PRIMÁRIO (UNIDADE: M3XKM). AF_07/2020"},{"$f":"IF(C2113=0,\"\",VLOOKUP(C2113,BNCDADOS!$A:$G,3,0))","v":"M3XKM"},180380.64,{"$f":"IF(C2113=0,\"\",VLOOKUP(C2113,BNCDADOS!$A:$G,4,0))","v":"2,45"},{"$f":"IF(C2113=0,\"\",VLOOKUP(C2113,BNCDADOS!$A:$G,5,0))","v":3.03},546553.32999999996,{"$f":"IF(C2113=0,\"\",VLOOKUP(C2113,BNCDADOS!$A:$G,6,0))","v":"2,42"},{"$f":"IF(C2113=0,\"\",VLOOKUP(C2113,BNCDADOS!$A:$G,7,0))","v":3.14},566395.19999999995,{"$f":"SUMIF('MC - TRECHO 06'!A:A,Orçamento!A2113,'MC - TRECHO 06'!R:R)","v":180380.63999999998}]
["7.2.3.5",{"$f":"IF(C2114=0,\"\",VLOOKUP(C2114,BNCDADOS!$A:$H,8,0))","v":"SINAPI/RN\nSERVIÇO"},98520,{"$f":"IF(C2114=0,\"\",VLOOKUP(C2114,BNCDADOS!$A:$G,2,0))","v":"APLICAÇÃO DE ADUBO EM SOLO. AF_07/2024"},{"$f":"IF(C2114=0,\"\",VLOOKUP(C2114,BNCDADOS!$A:$G,3,0))","v":"M2"},160,{"$f":"IF(C2114=0,\"\",VLOOKUP(C2114,BNCDADOS!$A:$G,4,0))","v":"6,22"},{"$f":"IF(C2114=0,\"\",VLOOKUP(C2114,BNCDADOS!$A:$G,5,0))","v":7.69},1230.4000000000001,{"$f":"IF(C2114=0,\"\",VLOOKUP(C2114,BNCDADOS!$A:$G,6,0))","v":"6,09"},{"$f":"IF(C2114=0,\"\",VLOOKUP(C2114,BNCDADOS!$A:$G,7,0))","v":7.91},1265.5999999999999,{"$f":"SUMIF('MC - TRECHO 06'!A:A,Orçamento!A2114,'MC - TRECHO 06'!R:R)","v":160}]
["7.2.3.6",{"$f":"IF(C2115=0,\"\",VLOOKUP(C2115,BNCDADOS!$A:$H,8,0))","v":"SINAPI/RN\nSERVIÇO"},98504,{"$f":"IF(C2115=0,\"\",VLOOKUP(C2115,BNCDADOS!$A:$G,2,0))","v":"PLANTIO DE GRAMA BATATAIS EM PLACAS. AF_07/2024"},{"$f":"IF(C2115=0,\"\",VLOOKUP(C2115,BNCDADOS!$A:$G,3,0))","v":"M2"},160,{"$f":"IF(C2115=0,\"\",VLOOKUP(C2115,BNCDADOS!$A:$G,4,0))","v":"13,41"},{"$f":"IF(C2115=0,\"\",VLOOKUP(C2115,BNCDADOS!$A:$G,5,0))","v":16.579999999999998},2652.8,{"$f":"IF(C2115=0,\"\",VLOOKUP(C2115,BNCDADOS!$A:$G,6,0))","v":"13,08"},{"$f":"IF(C2115=0,\"\",VLOOKUP(C2115,BNCDADOS!$A:$G,7,0))","v":16.989999999999998},2718.4,{"$f":"SUMIF('MC - TRECHO 06'!A:A,Orçamento!A2115,'MC - TRECHO 06'!R:R)","v":160}]
[null,{"$f":"IF(C2116=0,\"\",VLOOKUP(C2116,BNCDADOS!$A:$G,8,0))","v":""},null,"SERVIÇOS DE TERRA PARA A EXECUÇÃO DAS ESTRUTURAS",{"$f":"IF(C2116=0,\"\",VLOOKUP(C2116,BNCDADOS!$A:$G,3,0))","v":""},0,{"$f":"IF(C2116=0,\"\",VLOOKUP(C2116,BNCDADOS!$A:$G,4,0))","v":""},{"$nulls":5},0]
["7.2.3.7",{"$f":"IF(C2117=0,\"\",VLOOKUP(C2117,BNCDADOS!$A:$H,8,0))","v":"SINAPI/RN\nSERVIÇO"},96525,{"$f":"IF(C2117=0,\"\",VLOOKUP(C2117,BNCDADOS!$A:$G,2,0))","v":"ESCAVAÇÃO MECANIZADA PARA VIGA BALDRAME OU SAPATA CORRIDA COM MINI-ESCAVADEIRA (INCLUINDO ESCAVAÇÃO PARA COLOCAÇÃO DE FÔRMAS). AF_01/2024"},{"$f":"IF(C2117=0,\"\",VLOOKUP(C2117,BNCDADOS!$A:$G,3,0))","v":"M3"},105.56,{"$f":"IF(C2117=0,\"\",VLOOKUP(C2117,BNCDADOS!$A:$G,4,0))","v":"55,00"},{"$f":"IF(C2117=0,\"\",VLOOKUP(C2117,BNCDADOS!$A:$G,5,0))","v":68.02},{"$f":"IF(H2117=\"\",0,TRUNC(H2117*F2117,2))","v":7180.19},{"$f":"IF(C2117=0,\"\",VLOOKUP(C2117,BNCDADOS!$A:$G,6,0))","v":"52,42"},{"$f":"IF(C2117=0,\"\",VLOOKUP(C2117,BNCDADOS!$A:$G,7,0))","v":68.12},{"$f":"IF(K2117=\"\",0,TRUNC(K2117*F2117,2))","v":7190.74},{"$f":"SUMIF('MC - TRECHO 06'!A:A,Orçamento!A2117,'MC - TRECHO 06'!R:R)","v":105.56800000000001}]
["7.2.3.8",{"$f":"IF(C2118=0,\"\",VLOOKUP(C2118,BNCDADOS!$A:$H,8,0))","v":"SINAPI/RN\nSERVIÇO"},93382,{"$f":"IF(C2118=0,\"\",VLOOKUP(C2118,BNCDADOS!$A:$G,2,0))","v":"REATERRO MANUAL DE VALAS, COM COMPACTADOR DE SOLOS DE PERCUSSÃO. AF_08/2023"},{"$f":"IF(C2118=0,\"\",VLOOKUP(C2118,BNCDADOS!$A:$G,3,0))","v":"M3"},87.4,{"$f":"IF(C2118=0,\"\",VLOOKUP(C2118,BNCDADOS!$A:$G,4,0))","v":"25,08"},{"$f":"IF(C2118=0,\"\",VLOOKUP(C2118,BNCDADOS!$A:$G,5,0))","v":31.02},{"$f":"IF(H2118=\"\",0,TRUNC(H2118*F2118,2))","v":2711.14},{"$f":"IF(C2118=0,\"\",VLOOKUP(C2118,BNCDADOS!$A:$G,6,0))","v":"22,89"},{"$f":"IF(C2118=0,\"\",VLOOKUP(C2118,BNCDADOS!$A:$G,7,0))","v":29.74},{"$f":"IF(K2118=\"\",0,TRUNC(K2118*F2118,2))","v":2599.27},{"$f":"SUMIF('MC - TRECHO 06'!A:A,Orçamento!A2118,'MC - TRECHO 06'!R:R)","v":87.402860000000004}]
["7.2.3.9",{"$f":"IF(C2119=0,\"\",VLOOKUP(C2119,BNCDADOS!$A:$H,8,0))","v":"SINAPI/RN\nSERVIÇO"},101206,{"$f":"IF(C2119=0,\"\",VLOOKUP(C2119,BNCDADOS!$A:$G,2,0))","v":"ESCAVAÇÃO VERTICAL PARA  EDIFICAÇÃO, COM CARGA, DESCARGA E TRANSPORTE DE SOLO DE 1ª CATEGORIA, COM ESCAVADEIRA HIDRÁULICA (CAÇAMBA: 0,8 M³ / 111 HP), FROTA DE 3 CAMINHÕES BASCULANTES DE 14 M³, DMT ATÉ 1 KM E VELOCIDADE MÉDIA 14 KM/H. AF_05/2020"},{"$f":"IF(C2119=0,\"\",VLOOKUP(C2119,BNCDADOS!$A:$G,3,0))","v":"M3"},1920.61,{"$f":"IF(C2119=0,\"\",VLOOKUP(C2119,BNCDADOS!$A:$G,4,0))","v":"13,00"},{"$f":"IF(C2119=0,\"\",VLOOKUP(C2119,BNCDADOS!$A:$G,5,0))","v":16.07},{"$f":"IF(H2119=\"\",0,TRUNC(H2119*F2119,2))","v":30864.2},{"$f":"IF(C2119=0,\"\",VLOOKUP(C2119,BNCDADOS!$A:$G,6,0))","v":"12,77"},{"$f":"IF(C2119=0,\"\",VLOOKUP(C2119,BNCDADOS!$A:$G,7,0))","v":16.59},{"$f":"IF(K2119=\"\",0,TRUNC(K2119*F2119,2))","v":31862.91},{"$f":"SUMIF('MC - TRECHO 06'!A:A,Orçamento!A2119,'MC - TRECHO 06'!R:R)","v":1920.6100000000001}]
["7.2.3.10",{"$f":"IF(C2120=0,\"\",VLOOKUP(C2120,BNCDADOS!$A:$H,8,0))","v":"SINAPI/RN\nSERVIÇO"},93379,{"$f":"IF(C2120=0,\"\",VLOOKUP(C2120,BNCDADOS!$A:$G,2,0))","v":"REATERRO MECANIZADO DE VALA COM RETROESCAVADEIRA (CAPACIDADE DA CAÇAMBA   DA RETRO: 0,26 M³/POTÊNCIA: 88 HP), LARGURA 0,8 A 1,5 M, PROFUNDIDADE ATÉ 1,5 M, COM SOLO (SEM SUBSTITUIÇÃO) DE 1ª CATEGORIA, COM COMPACTADOR DE SOLOS DE PERCUSSÃO AF_08/2023"},{"$f":"IF(C2120=0,\"\",VLOOKUP(C2120,BNCDADOS!$A:$G,3,0))","v":"M3"},864.55,{"$f":"IF(C2120=0,\"\",VLOOKUP(C2120,BNCDADOS!$A:$G,4,0))","v":"17,99"},{"$f":"IF(C2120=0,\"\",VLOOKUP(C2120,BNCDADOS!$A:$G,5,0))","v":22.25},{"$f":"IF(H2120=\"\",0,TRUNC(H2120*F2120,2))","v":19236.23},{"$f":"IF(C2120=0,\"\",VLOOKUP(C2120,BNCDADOS!$A:$G,6,0))","v":"16,97"},{"$f":"IF(C2120=0,\"\",VLOOKUP(C2120,BNCDADOS!$A:$G,7,0))","v":22.05},{"$f":"IF(K2120=\"\",0,TRUNC(K2120*F2120,2))","v":19063.32},{"$f":"SUMIF('MC - TRECHO 06'!A:A,Orçamento!A2120,'MC - TRECHO 06'!R:R)","v":864.55200000000013}]
["7.2.3.11",{"$f":"IF(C2121=0,\"\",VLOOKUP(C2121,BNCDADOS!$A:$H,8,0))","v":"caern"},2010007,{"$f":"IF(C2121=0,\"\",VLOOKUP(C2121,BNCDADOS!$A:$G,2,0))","v":"REBAIXAMENTO DE LENÇOL FREÁTICO COM PONTEIRAS FILTRANTES EM ÁREAS. R_05/2019"},{"$f":"IF(C2121=0,\"\",VLOOKUP(C2121,BNCDADOS!$A:$G,3,0))","v":"PTXDIA"},750,{"$f":"IF(C2121=0,\"\",VLOOKUP(C2121,BNCDADOS!$A:$G,4,0))","v":28.07},{"$f":"IF(C2121=0,\"\",VLOOKUP(C2121,BNCDADOS!$A:$G,5,0))","v":34.71},{"$f":"IF(H2121=\"\",0,TRUNC(H2121*F2121,2))","v":26032.5},{"$f":"IF(C2121=0,\"\",VLOOKUP(C2121,BNCDADOS!$A:$G,6,0))","v":27.52},{"$f":"IF(C2121=0,\"\",VLOOKUP(C2121,BNCDADOS!$A:$G,7,0))","v":35.76},{"$f":"IF(K2121=\"\",0,TRUNC(K2121*F2121,2))","v":26820},{"$f":"SUMIF('MC - TRECHO 06'!A:A,Orçamento!A2121,'MC - TRECHO 06'!R:R)","v":750}]
["7.2.4",{"$f":"IF(C2122=0,\"\",VLOOKUP(C2122,BNCDADOS!$A:$G,8,0))","v":""},null,"ESTRUTURA",{"$f":"IF(C2122=0,\"\",VLOOKUP(C2122,BNCDADOS!$A:$G,3,0))","v":""},0,{"$f":"IF(C2122=0,\"\",VLOOKUP(C2122,BNCDADOS!$A:$G,4,0))","v":""},{"$f":"IF(C2122=0,\"\",VLOOKUP(C2122,BNCDADOS!$A:$G,5,0))","v":""},{"$f":"SUM(I2123:I2146)","v":1416443.6700000002},{"$f":"IF(C2122=0,\"\",VLOOKUP(C2122,BNCDADOS!$A:$G,6,0))","v":""},{"$f":"IF(C2122=0,\"\",VLOOKUP(C2122,BNCDADOS!$A:$G,7,0))","v":""},{"$f":"SUM(L2123:L2146)","v":1456374.85},0]
["7.2.4.1",{"$f":"IF(C2123=0,\"\",VLOOKUP(C2123,BNCDADOS!$A:$H,8,0))","v":"SINAPI/RN\nSERVIÇO"},95241,{"$f":"IF(C2123=0,\"\",VLOOKUP(C2123,BNCDADOS!$A:$G,2,0))","v":"LASTRO DE CONCRETO MAGRO, APLICADO EM PISOS, LAJES SOBRE SOLO OU RADIERS, ESPESSURA DE 5 CM. AF_01/2024"},{"$f":"IF(C2123=0,\"\",VLOOKUP(C2123,BNCDADOS!$A:$G,3,0))","v":"M2"},408.68,{"$f":"IF(C2123=0,\"\",VLOOKUP(C2123,BNCDADOS!$A:$G,4,0))","v":"36,15"},{"$f":"IF(C2123=0,\"\",VLOOKUP(C2123,BNCDADOS!$A:$G,5,0))","v":44.71},{"$f":"IF(H2123=\"\",0,TRUNC(H2123*F2123,2))","v":18272.080000000002},{"$f":"IF(C2123=0,\"\",VLOOKUP(C2123,BNCDADOS!$A:$G,6,0))","v":"34,74"},{"$f":"IF(C2123=0,\"\",VLOOKUP(C2123,BNCDADOS!$A:$G,7,0))","v":45.14},{"$f":"IF(K2123=\"\",0,TRUNC(K2123*F2123,2))","v":18447.810000000001},{"$f":"SUMIF('MC - TRECHO 06'!A:A,Orçamento!A2123,'MC - TRECHO 06'!R:R)","v":408.67999999999995}]
["7.2.4.2",{"$f":"IF(C2124=0,\"\",VLOOKUP(C2124,BNCDADOS!$A:$H,8,0))","v":"SINAPI/RN\nSERVIÇO"},103800,{"$f":"IF(C2124=0,\"\",VLOOKUP(C2124,BNCDADOS!$A:$G,2,0))","v":"PEDRA ARGAMASSADA COM CIMENTO E AREIA 1:3, 40% DE ARGAMASSA EM VOLUME - AREIA E PEDRA DE MÃO COMERCIAIS - FORNECIMENTO E ASSENTAMENTO. AF_08/2022"},{"$f":"IF(C2124=0,\"\",VLOOKUP(C2124,BNCDADOS!$A:$G,3,0))","v":"M3"},14.23,{"$f":"IF(C2124=0,\"\",VLOOKUP(C2124,BNCDADOS!$A:$G,4,0))","v":"534,85"},{"$f":"IF(C2124=0,\"\",VLOOKUP(C2124,BNCDADOS!$A:$G,5,0))","v":661.55},9413.85,{"$f":"IF(C2124=0,\"\",VLOOKUP(C2124,BNCDADOS!$A:$G,6,0))","v":"515,06"},{"$f":"IF(C2124=0,\"\",VLOOKUP(C2124,BNCDADOS!$A:$G,7,0))","v":669.37},9525.1299999999992,{"$f":"SUMIF('MC - TRECHO 06'!A:A,Orçamento!A2124,'MC - TRECHO 06'!R:R)","v":14.239199999999999}]
["7.2.4.3",{"$f":"IF(C2125=0,\"\",VLOOKUP(C2125,BNCDADOS!$A:$H,8,0))","v":0},"COMP 14",{"$f":"IF(C2125=0,\"\",VLOOKUP(C2125,BNCDADOS!$A:$G,2,0))","v":"BLOCO DE CONCRETO ARMADDO, PARA FUNDAÇÃO DE ESTRUTURA PRÉ-FABRICADA"},{"$f":"IF(C2125=0,\"\",VLOOKUP(C2125,BNCDADOS!$A:$G,3,0))","v":"UN"},12,{"$f":"IF(C2125=0,\"\",VLOOKUP(C2125,BNCDADOS!$A:$G,4,0))","v":9534.9000000000015},{"$f":"IF(C2125=0,\"\",VLOOKUP(C2125,BNCDADOS!$A:$G,5,0))","v":11793.71},141524.51999999999,{"$f":"IF(C2125=0,\"\",VLOOKUP(C2125,BNCDADOS!$A:$G,6,0))","v":9147.68},{"$f":"IF(C2125=0,\"\",VLOOKUP(C2125,BNCDADOS!$A:$G,7,0))","v":11888.32},142659.84,{"$f":"SUMIF('MC - TRECHO 06'!A:A,Orçamento!A2125,'MC - TRECHO 06'!R:R)","v":12}]
["7.2.4.4",{"$f":"IF(C2126=0,\"\",VLOOKUP(C2126,BNCDADOS!$A:$H,8,0))","v":0},"COMP 15",{"$f":"IF(C2126=0,\"\",VLOOKUP(C2126,BNCDADOS!$A:$G,2,0))","v":"PILAR EM CONCRETO ARMADO, PARA ESTRUTURA PRÉ-FABRICADA, MEDINDO 40X50CM E COM ALTURA ÚTIL DE 11,50M"},{"$f":"IF(C2126=0,\"\",VLOOKUP(C2126,BNCDADOS!$A:$G,3,0))","v":"UN"},7,{"$f":"IF(C2126=0,\"\",VLOOKUP(C2126,BNCDADOS!$A:$G,4,0))","v":9083.56},{"$f":"IF(C2126=0,\"\",VLOOKUP(C2126,BNCDADOS!$A:$G,5,0))","v":11235.45},78648.149999999994,{"$f":"IF(C2126=0,\"\",VLOOKUP(C2126,BNCDADOS!$A:$G,6,0))","v":8885.33},{"$f":"IF(C2126=0,\"\",VLOOKUP(C2126,BNCDADOS!$A:$G,7,0))","v":11547.37},80831.59,{"$f":"SUMIF('MC - TRECHO 06'!A:A,Orçamento!A2126,'MC - TRECHO 06'!R:R)","v":7}]
["7.2.4.5",{"$f":"IF(C2127=0,\"\",VLOOKUP(C2127,BNCDADOS!$A:$H,8,0))","v":0},"COMP 16",{"$f":"IF(C2127=0,\"\",VLOOKUP(C2127,BNCDADOS!$A:$G,2,0))","v":"PILAR EM CONCRETO ARMADO, PARA ESTRUTURA PRÉ-FABRICADA, MEDINDO 40X50CM E COM ALTURA ÚTIL DE 10,00M"},{"$f":"IF(C2127=0,\"\",VLOOKUP(C2127,BNCDADOS!$A:$G,3,0))","v":"UN"},5,{"$f":"IF(C2127=0,\"\",VLOOKUP(C2127,BNCDADOS!$A:$G,4,0))","v":7898.75},{"$f":"IF(C2127=0,\"\",VLOOKUP(C2127,BNCDADOS!$A:$G,5,0))","v":9769.9599999999991},48849.8,{"$f":"IF(C2127=0,\"\",VLOOKUP(C2127,BNCDADOS!$A:$G,6,0))","v":7726.3799999999992},{"$f":"IF(C2127=0,\"\",VLOOKUP(C2127,BNCDADOS!$A:$G,7,0))","v":10041.200000000001},50206,{"$f":"SUMIF('MC - TRECHO 06'!A:A,Orçamento!A2127,'MC - TRECHO 06'!R:R)","v":5}]
["7.2.4.6",{"$f":"IF(C2128=0,\"\",VLOOKUP(C2128,BNCDADOS!$A:$H,8,0))","v":0},"COMP 17",{"$f":"IF(C2128=0,\"\",VLOOKUP(C2128,BNCDADOS!$A:$G,2,0))","v":"VIGA EM CONCRETO ARMADO, PARA ESTRUTURA PRÉ-FABRICADA (APOIO DO TRILHO), MEDINDO 40X40CM E COMPRIMENTO ÚTIL DE 18,5M"},{"$f":"IF(C2128=0,\"\",VLOOKUP(C2128,BNCDADOS!$A:$G,3,0))","v":"UN"},2,{"$f":"IF(C2128=0,\"\",VLOOKUP(C2128,BNCDADOS!$A:$G,4,0))","v":12280.729999999998},{"$f":"IF(C2128=0,\"\",VLOOKUP(C2128,BNCDADOS!$A:$G,5,0))","v":15190.03},30380.06,{"$f":"IF(C2128=0,\"\",VLOOKUP(C2128,BNCDADOS!$A:$G,6,0))","v":12015.609999999999},{"$f":"IF(C2128=0,\"\",VLOOKUP(C2128,BNCDADOS!$A:$G,7,0))","v":15615.48},31230.959999999999,{"$f":"SUMIF('MC - TRECHO 06'!A:A,Orçamento!A2128,'MC - TRECHO 06'!R:R)","v":2}]
["7.2.4.7",{"$f":"IF(C2129=0,\"\",VLOOKUP(C2129,BNCDADOS!$A:$H,8,0))","v":0},"COMP 18",{"$f":"IF(C2129=0,\"\",VLOOKUP(C2129,BNCDADOS!$A:$G,2,0))","v":"MONTAGEM DE ELEMENTOS PRÉ-MOLDADOS COM CAMINHÃO GUINDAUTO (MUNCK) ATÉ 10000 KG"},{"$f":"IF(C2129=0,\"\",VLOOKUP(C2129,BNCDADOS!$A:$G,3,0))","v":"UN"},5,{"$f":"IF(C2129=0,\"\",VLOOKUP(C2129,BNCDADOS!$A:$G,4,0))","v":745.35},{"$f":"IF(C2129=0,\"\",VLOOKUP(C2129,BNCDADOS!$A:$G,5,0))","v":921.92},4609.6000000000004,{"$f":"IF(C2129=0,\"\",VLOOKUP(C2129,BNCDADOS!$A:$G,6,0))","v":715.29},{"$f":"IF(C2129=0,\"\",VLOOKUP(C2129,BNCDADOS!$A:$G,7,0))","v":929.59},4647.95,{"$f":"SUMIF('MC - TRECHO 06'!A:A,Orçamento!A2129,'MC - TRECHO 06'!R:R)","v":5}]
["7.2.4.8",{"$f":"IF(C2130=0,\"\",VLOOKUP(C2130,BNCDADOS!$A:$H,8,0))","v":"SINAPI/RN\nSERVIÇO"},100952,{"$f":"IF(C2130=0,\"\",VLOOKUP(C2130,BNCDADOS!$A:$G,2,0))","v":"TRANSPORTE COM CAMINHÃO CARROCERIA COM GUINDAUTO (MUNCK),  MOMENTO MÁXIMO DE CARGA 11,7 TM, EM VIA URBANA PAVIMENTADA, DMT ATÉ 30KM (UNIDADE: TXKM). AF_07/2020"},{"$f":"IF(C2130=0,\"\",VLOOKUP(C2130,BNCDADOS!$A:$G,3,0))","v":"TXKM"},6528.09,{"$f":"IF(C2130=0,\"\",VLOOKUP(C2130,BNCDADOS!$A:$G,4,0))","v":"2,94"},{"$f":"IF(C2130=0,\"\",VLOOKUP(C2130,BNCDADOS!$A:$G,5,0))","v":3.63},23696.959999999999,{"$f":"IF(C2130=0,\"\",VLOOKUP(C2130,BNCDADOS!$A:$G,6,0))","v":"2,89"},{"$f":"IF(C2130=0,\"\",VLOOKUP(C2130,BNCDADOS!$A:$G,7,0))","v":3.75},24480.33,{"$f":"SUMIF('MC - TRECHO 06'!A:A,Orçamento!A2130,'MC - TRECHO 06'!R:R)","v":6528.0925080000015}]
["7.2.4.9",{"$f":"IF(C2131=0,\"\",VLOOKUP(C2131,BNCDADOS!$A:$H,8,0))","v":"SINAPI/RN\nSERVIÇO"},100953,{"$f":"IF(C2131=0,\"\",VLOOKUP(C2131,BNCDADOS!$A:$G,2,0))","v":"TRANSPORTE COM CAMINHÃO CARROCERIA COM GUINDAUTO (MUNCK),  MOMENTO MÁXIMO DE CARGA 11,7 TM, EM VIA URBANA PAVIMENTADA, ADICIONAL PARA DMT EXCEDENTE A 30 KM (UNIDADE: TXKM). AF_07/2020"},{"$f":"IF(C2131=0,\"\",VLOOKUP(C2131,BNCDADOS!$A:$G,3,0))","v":"TXKM"},17408.240000000002,{"$f":"IF(C2131=0,\"\",VLOOKUP(C2131,BNCDADOS!$A:$G,4,0))","v":"1,16"},{"$f":"IF(C2131=0,\"\",VLOOKUP(C2131,BNCDADOS!$A:$G,5,0))","v":1.43},24893.78,{"$f":"IF(C2131=0,\"\",VLOOKUP(C2131,BNCDADOS!$A:$G,6,0))","v":"1,15"},{"$f":"IF(C2131=0,\"\",VLOOKUP(C2131,BNCDADOS!$A:$G,7,0))","v":1.49},25938.27,{"$f":"SUMIF('MC - TRECHO 06'!A:A,Orçamento!A2131,'MC - TRECHO 06'!R:R)","v":17408.246688000003}]
["7.2.4.10",{"$f":"IF(C2132=0,\"\",VLOOKUP(C2132,BNCDADOS!$A:$H,8,0))","v":0},"COMP 19",{"$f":"IF(C2132=0,\"\",VLOOKUP(C2132,BNCDADOS!$A:$G,2,0))","v":"MONTAGEM DE ELEMENTOS PRÉ-MOLDADOS COM CAMINHÃO GUINDAUTO (MUNCK) ATÉ 10000 KG"},{"$f":"IF(C2132=0,\"\",VLOOKUP(C2132,BNCDADOS!$A:$G,3,0))","v":"UN"},31,{"$f":"IF(C2132=0,\"\",VLOOKUP(C2132,BNCDADOS!$A:$G,4,0))","v":745.35},{"$f":"IF(C2132=0,\"\",VLOOKUP(C2132,BNCDADOS!$A:$G,5,0))","v":921.92},28579.52,{"$f":"IF(C2132=0,\"\",VLOOKUP(C2132,BNCDADOS!$A:$G,6,0))","v":715.29},{"$f":"IF(C2132=0,\"\",VLOOKUP(C2132,BNCDADOS!$A:$G,7,0))","v":929.59},28817.29,{"$f":"SUMIF('MC - TRECHO 06'!A:A,Orçamento!A2132,'MC - TRECHO 06'!R:R)","v":31}]
["7.2.4.11",{"$f":"IF(C2133=0,\"\",VLOOKUP(C2133,BNCDADOS!$A:$H,8,0))","v":"SINAPI/RN\nSERVIÇO"},100341,{"$f":"IF(C2133=0,\"\",VLOOKUP(C2133,BNCDADOS!$A:$G,2,0))","v":"FABRICAÇÃO, MONTAGEM E DESMONTAGEM DE FÔRMA PARA CORTINA DE CONTENÇÃO, EM CHAPA DE MADEIRA COMPENSADA PLASTIFICADA, E = 18 MM, 10 UTILIZAÇÕES. AF_07/2019"},{"$f":"IF(C2133=0,\"\",VLOOKUP(C2133,BNCDADOS!$A:$G,3,0))","v":"M2"},380.36,{"$f":"IF(C2133=0,\"\",VLOOKUP(C2133,BNCDADOS!$A:$G,4,0))","v":"40,40"},{"$f":"IF(C2133=0,\"\",VLOOKUP(C2133,BNCDADOS!$A:$G,5,0))","v":49.97},19006.580000000002,{"$f":"IF(C2133=0,\"\",VLOOKUP(C2133,BNCDADOS!$A:$G,6,0))","v":"38,56"},{"$f":"IF(C2133=0,\"\",VLOOKUP(C2133,BNCDADOS!$A:$G,7,0))","v":50.11},19059.830000000002,{"$f":"SUMIF('MC - TRECHO 06'!A:A,Orçamento!A2133,'MC - TRECHO 06'!R:R)","v":380.36000000000007}]
["7.2.4.12",{"$f":"IF(C2134=0,\"\",VLOOKUP(C2134,BNCDADOS!$A:$H,8,0))","v":"SINAPI/RN\nSERVIÇO"},100344,{"$f":"IF(C2134=0,\"\",VLOOKUP(C2134,BNCDADOS!$A:$G,2,0))","v":"ARMAÇÃO DE CORTINA DE CONTENÇÃO EM CONCRETO ARMADO, COM AÇO CA-50 DE 10 MM - MONTAGEM. AF_07/2019"},{"$f":"IF(C2134=0,\"\",VLOOKUP(C2134,BNCDADOS!$A:$G,3,0))","v":"KG"},3106,{"$f":"IF(C2134=0,\"\",VLOOKUP(C2134,BNCDADOS!$A:$G,4,0))","v":"12,25"},{"$f":"IF(C2134=0,\"\",VLOOKUP(C2134,BNCDADOS!$A:$G,5,0))","v":15.15},47055.9,{"$f":"IF(C2134=0,\"\",VLOOKUP(C2134,BNCDADOS!$A:$G,6,0))","v":"12,01"},{"$f":"IF(C2134=0,\"\",VLOOKUP(C2134,BNCDADOS!$A:$G,7,0))","v":15.6},48453.599999999999,{"$f":"SUMIF('MC - TRECHO 06'!A:A,Orçamento!A2134,'MC - TRECHO 06'!R:R)","v":3106}]
["7.2.4.13",{"$f":"IF(C2135=0,\"\",VLOOKUP(C2135,BNCDADOS!$A:$H,8,0))","v":"SINAPI/RN\nSERVIÇO"},92433,{"$f":"IF(C2135=0,\"\",VLOOKUP(C2135,BNCDADOS!$A:$G,2,0))","v":"MONTAGEM E DESMONTAGEM DE FÔRMA DE PILARES RETANGULARES E ESTRUTURAS SIMILARES, PÉ-DIREITO DUPLO, EM CHAPA DE MADEIRA COMPENSADA PLASTIFICADA, 10 UTILIZAÇÕES. AF_09/2020"},{"$f":"IF(C2135=0,\"\",VLOOKUP(C2135,BNCDADOS!$A:$G,3,0))","v":"M2"},635.6,{"$f":"IF(C2135=0,\"\",VLOOKUP(C2135,BNCDADOS!$A:$G,4,0))","v":"74,35"},{"$f":"IF(C2135=0,\"\",VLOOKUP(C2135,BNCDADOS!$A:$G,5,0))","v":91.96},58449.77,{"$f":"IF(C2135=0,\"\",VLOOKUP(C2135,BNCDADOS!$A:$G,6,0))","v":"70,50"},{"$f":"IF(C2135=0,\"\",VLOOKUP(C2135,BNCDADOS!$A:$G,7,0))","v":91.62},58233.67,{"$f":"SUMIF('MC - TRECHO 06'!A:A,Orçamento!A2135,'MC - TRECHO 06'!R:R)","v":635.59999999999991}]
["7.2.4.14",{"$f":"IF(C2136=0,\"\",VLOOKUP(C2136,BNCDADOS!$A:$H,8,0))","v":"SINAPI/RN\nSERVIÇO"},92916,{"$f":"IF(C2136=0,\"\",VLOOKUP(C2136,BNCDADOS!$A:$G,2,0))","v":"ARMAÇÃO DE ESTRUTURAS DIVERSAS DE CONCRETO ARMADO, EXCETO VIGAS, PILARES, LAJES E FUNDAÇÕES, UTILIZANDO AÇO CA-50 DE 6,3 MM - MONTAGEM. AF_06/2022"},{"$f":"IF(C2136=0,\"\",VLOOKUP(C2136,BNCDADOS!$A:$G,3,0))","v":"KG"},791,{"$f":"IF(C2136=0,\"\",VLOOKUP(C2136,BNCDADOS!$A:$G,4,0))","v":"15,76"},{"$f":"IF(C2136=0,\"\",VLOOKUP(C2136,BNCDADOS!$A:$G,5,0))","v":19.489999999999998},15416.59,{"$f":"IF(C2136=0,\"\",VLOOKUP(C2136,BNCDADOS!$A:$G,6,0))","v":"15,19"},{"$f":"IF(C2136=0,\"\",VLOOKUP(C2136,BNCDADOS!$A:$G,7,0))","v":19.739999999999998},15614.34,{"$f":"SUMIF('MC - TRECHO 06'!A:A,Orçamento!A2136,'MC - TRECHO 06'!R:R)","v":791}]
["7.2.4.15",{"$f":"IF(C2137=0,\"\",VLOOKUP(C2137,BNCDADOS!$A:$H,8,0))","v":"SINAPI/RN\nSERVIÇO"},92917,{"$f":"IF(C2137=0,\"\",VLOOKUP(C2137,BNCDADOS!$A:$G,2,0))","v":"ARMAÇÃO DE ESTRUTURAS DIVERSAS DE CONCRETO ARMADO, EXCETO VIGAS, PILARES, LAJES E FUNDAÇÕES, UTILIZANDO AÇO CA-50 DE 8,0 MM - MONTAGEM. AF_06/2022"},{"$f":"IF(C2137=0,\"\",VLOOKUP(C2137,BNCDADOS!$A:$G,3,0))","v":"KG"},313,{"$f":"IF(C2137=0,\"\",VLOOKUP(C2137,BNCDADOS!$A:$G,4,0))","v":"14,39"},{"$f":"IF(C2137=0,\"\",VLOOKUP(C2137,BNCDADOS!$A:$G,5,0))","v":17.79},5568.27,{"$f":"IF(C2137=0,\"\",VLOOKUP(C2137,BNCDADOS!$A:$G,6,0))","v":"14,00"},{"$f":"IF(C2137=0,\"\",VLOOKUP(C2137,BNCDADOS!$A:$G,7,0))","v":18.190000000000001},5693.47,{"$f":"SUMIF('MC - TRECHO 06'!A:A,Orçamento!A2137,'MC - TRECHO 06'!R:R)","v":313}]
["7.2.4.16",{"$f":"IF(C2138=0,\"\",VLOOKUP(C2138,BNCDADOS!$A:$H,8,0))","v":"SINAPI/RN\nSERVIÇO"},92919,{"$f":"IF(C2138=0,\"\",VLOOKUP(C2138,BNCDADOS!$A:$G,2,0))","v":"ARMAÇÃO DE ESTRUTURAS DIVERSAS DE CONCRETO ARMADO, EXCETO VIGAS, PILARES, LAJES E FUNDAÇÕES, UTILIZANDO AÇO CA-50 DE 10,0 MM - MONTAGEM. AF_06/2022"},{"$f":"IF(C2138=0,\"\",VLOOKUP(C2138,BNCDADOS!$A:$G,3,0))","v":"KG"},2013,{"$f":"IF(C2138=0,\"\",VLOOKUP(C2138,BNCDADOS!$A:$G,4,0))","v":"12,59"},{"$f":"IF(C2138=0,\"\",VLOOKUP(C2138,BNCDADOS!$A:$G,5,0))","v":15.57},31342.41,{"$f":"IF(C2138=0,\"\",VLOOKUP(C2138,BNCDADOS!$A:$G,6,0))","v":"12,31"},{"$f":"IF(C2138=0,\"\",VLOOKUP(C2138,BNCDADOS!$A:$G,7,0))","v":15.99},32187.87,{"$f":"SUMIF('MC - TRECHO 06'!A:A,Orçamento!A2138,'MC - TRECHO 06'!R:R)","v":2013}]
["7.2.4.17",{"$f":"IF(C2139=0,\"\",VLOOKUP(C2139,BNCDADOS!$A:$H,8,0))","v":"SINAPI/RN\nSERVIÇO"},92921,{"$f":"IF(C2139=0,\"\",VLOOKUP(C2139,BNCDADOS!$A:$G,2,0))","v":"ARMAÇÃO DE ESTRUTURAS DIVERSAS DE CONCRETO ARMADO, EXCETO VIGAS, PILARES, LAJES E FUNDAÇÕES, UTILIZANDO AÇO CA-50 DE 12,5 MM - MONTAGEM. AF_06/2022"},{"$f":"IF(C2139=0,\"\",VLOOKUP(C2139,BNCDADOS!$A:$G,3,0))","v":"KG"},{"$f":"TRUNC(M2139,2)","v":2750},{"$f":"IF(C2139=0,\"\",VLOOKUP(C2139,BNCDADOS!$A:$G,4,0))","v":"10,41"},{"$f":"IF(C2139=0,\"\",VLOOKUP(C2139,BNCDADOS!$A:$G,5,0))","v":12.87},{"$f":"IF(H2139=\"\",0,TRUNC(H2139*F2139,2))","v":35392.5},{"$f":"IF(C2139=0,\"\",VLOOKUP(C2139,BNCDADOS!$A:$G,6,0))","v":"10,23"},{"$f":"IF(C2139=0,\"\",VLOOKUP(C2139,BNCDADOS!$A:$G,7,0))","v":13.29},{"$f":"IF(K2139=\"\",0,TRUNC(K2139*F2139,2))","v":36547.5},{"$f":"SUMIF('MC - TRECHO 06'!A:A,Orçamento!A2139,'MC - TRECHO 06'!R:R)","v":2750}]
["7.2.4.18",{"$f":"IF(C2140=0,\"\",VLOOKUP(C2140,BNCDADOS!$A:$H,8,0))","v":"SINAPI/RN\nSERVIÇO"},92922,{"$f":"IF(C2140=0,\"\",VLOOKUP(C2140,BNCDADOS!$A:$G,2,0))","v":"ARMAÇÃO DE ESTRUTURAS DIVERSAS DE CONCRETO ARMADO, EXCETO VIGAS, PILARES, LAJES E FUNDAÇÕES, UTILIZANDO AÇO CA-50 DE 16,0 MM - MONTAGEM. AF_06/2022"},{"$f":"IF(C2140=0,\"\",VLOOKUP(C2140,BNCDADOS!$A:$G,3,0))","v":"KG"},29463,{"$f":"IF(C2140=0,\"\",VLOOKUP(C2140,BNCDADOS!$A:$G,4,0))","v":"9,94"},{"$f":"IF(C2140=0,\"\",VLOOKUP(C2140,BNCDADOS!$A:$G,5,0))","v":12.29},362100.27,{"$f":"IF(C2140=0,\"\",VLOOKUP(C2140,BNCDADOS!$A:$G,6,0))","v":"9,82"},{"$f":"IF(C2140=0,\"\",VLOOKUP(C2140,BNCDADOS!$A:$G,7,0))","v":12.76},375947.88,{"$f":"SUMIF('MC - TRECHO 06'!A:A,Orçamento!A2140,'MC - TRECHO 06'!R:R)","v":29463}]
["7.2.4.19",{"$f":"IF(C2141=0,\"\",VLOOKUP(C2141,BNCDADOS!$A:$H,8,0))","v":"SINAPI/RN\nSERVIÇO"},92924,{"$f":"IF(C2141=0,\"\",VLOOKUP(C2141,BNCDADOS!$A:$G,2,0))","v":"ARMAÇÃO DE ESTRUTURAS DIVERSAS DE CONCRETO ARMADO, EXCETO VIGAS, PILARES, LAJES E FUNDAÇÕES, UTILIZANDO AÇO CA-50 DE 25,0 MM - MONTAGEM. AF_06/2022"},{"$f":"IF(C2141=0,\"\",VLOOKUP(C2141,BNCDADOS!$A:$G,3,0))","v":"KG"},2613,{"$f":"IF(C2141=0,\"\",VLOOKUP(C2141,BNCDADOS!$A:$G,4,0))","v":"10,97"},{"$f":"IF(C2141=0,\"\",VLOOKUP(C2141,BNCDADOS!$A:$G,5,0))","v":13.56},35432.28,{"$f":"IF(C2141=0,\"\",VLOOKUP(C2141,BNCDADOS!$A:$G,6,0))","v":"10,88"},{"$f":"IF(C2141=0,\"\",VLOOKUP(C2141,BNCDADOS!$A:$G,7,0))","v":14.13},36921.69,{"$f":"SUMIF('MC - TRECHO 06'!A:A,Orçamento!A2141,'MC - TRECHO 06'!R:R)","v":2613}]
["7.2.4.20",{"$f":"IF(C2142=0,\"\",VLOOKUP(C2142,BNCDADOS!$A:$H,8,0))","v":"SINAPI/RN\nSERVIÇO"},92771,{"$f":"IF(C2142=0,\"\",VLOOKUP(C2142,BNCDADOS!$A:$G,2,0))","v":"ARMAÇÃO DE LAJE DE ESTRUTURA CONVENCIONAL DE CONCRETO ARMADO UTILIZANDO AÇO CA-50 DE 10,0 MM - MONTAGEM. AF_06/2022"},{"$f":"IF(C2142=0,\"\",VLOOKUP(C2142,BNCDADOS!$A:$G,3,0))","v":"KG"},500,{"$f":"IF(C2142=0,\"\",VLOOKUP(C2142,BNCDADOS!$A:$G,4,0))","v":"11,15"},{"$f":"IF(C2142=0,\"\",VLOOKUP(C2142,BNCDADOS!$A:$G,5,0))","v":13.79},6895,{"$f":"IF(C2142=0,\"\",VLOOKUP(C2142,BNCDADOS!$A:$G,6,0))","v":"11,03"},{"$f":"IF(C2142=0,\"\",VLOOKUP(C2142,BNCDADOS!$A:$G,7,0))","v":14.33},7165,{"$f":"SUMIF('MC - TRECHO 06'!A:A,Orçamento!A2142,'MC - TRECHO 06'!R:R)","v":500}]
["7.2.4.21",{"$f":"IF(C2143=0,\"\",VLOOKUP(C2143,BNCDADOS!$A:$H,8,0))","v":"SINAPI/RN\nSERVIÇO"},92772,{"$f":"IF(C2143=0,\"\",VLOOKUP(C2143,BNCDADOS!$A:$G,2,0))","v":"ARMAÇÃO DE LAJE DE ESTRUTURA CONVENCIONAL DE CONCRETO ARMADO UTILIZANDO AÇO CA-50 DE 12,5 MM - MONTAGEM. AF_06/2022"},{"$f":"IF(C2143=0,\"\",VLOOKUP(C2143,BNCDADOS!$A:$G,3,0))","v":"KG"},1567,{"$f":"IF(C2143=0,\"\",VLOOKUP(C2143,BNCDADOS!$A:$G,4,0))","v":"9,37"},{"$f":"IF(C2143=0,\"\",VLOOKUP(C2143,BNCDADOS!$A:$G,5,0))","v":11.58},18145.86,{"$f":"IF(C2143=0,\"\",VLOOKUP(C2143,BNCDADOS!$A:$G,6,0))","v":"9,29"},{"$f":"IF(C2143=0,\"\",VLOOKUP(C2143,BNCDADOS!$A:$G,7,0))","v":12.07},18913.689999999999,{"$f":"SUMIF('MC - TRECHO 06'!A:A,Orçamento!A2143,'MC - TRECHO 06'!R:R)","v":1567}]
["7.2.4.22",{"$f":"IF(C2144=0,\"\",VLOOKUP(C2144,BNCDADOS!$A:$H,8,0))","v":"SINAPI/RN\nSERVIÇO"},92773,{"$f":"IF(C2144=0,\"\",VLOOKUP(C2144,BNCDADOS!$A:$G,2,0))","v":"ARMAÇÃO DE LAJE DE ESTRUTURA CONVENCIONAL DE CONCRETO ARMADO UTILIZANDO AÇO CA-50 DE 16,0 MM - MONTAGEM. AF_06/2022"},{"$f":"IF(C2144=0,\"\",VLOOKUP(C2144,BNCDADOS!$A:$G,3,0))","v":"KG"},1902,{"$f":"IF(C2144=0,\"\",VLOOKUP(C2144,BNCDADOS!$A:$G,4,0))","v":"9,19"},{"$f":"IF(C2144=0,\"\",VLOOKUP(C2144,BNCDADOS!$A:$G,5,0))","v":11.36},21606.720000000001,{"$f":"IF(C2144=0,\"\",VLOOKUP(C2144,BNCDADOS!$A:$G,6,0))","v":"9,14"},{"$f":"IF(C2144=0,\"\",VLOOKUP(C2144,BNCDADOS!$A:$G,7,0))","v":11.87},22576.74,{"$f":"SUMIF('MC - TRECHO 06'!A:A,Orçamento!A2144,'MC - TRECHO 06'!R:R)","v":1902}]
["7.2.4.23",{"$f":"IF(C2145=0,\"\",VLOOKUP(C2145,BNCDADOS!$A:$H,8,0))","v":0},"COMP 20",{"$f":"IF(C2145=0,\"\",VLOOKUP(C2145,BNCDADOS!$A:$G,2,0))","v":"CONCRETAGEM DE ESTRUTURAS, FCK = 40 MPA, COM USO DE BOMBA EM EDIFICAÇÕES DIVERSAS - LANÇAMENTO, ADENSAMENTO E ACABAMENTO"},{"$f":"IF(C2145=0,\"\",VLOOKUP(C2145,BNCDADOS!$A:$G,3,0))","v":"M3    "},318.98,{"$f":"IF(C2145=0,\"\",VLOOKUP(C2145,BNCDADOS!$A:$G,4,0))","v":852.28},{"$f":"IF(C2145=0,\"\",VLOOKUP(C2145,BNCDADOS!$A:$G,5,0))","v":1054.18},336262.33,{"$f":"IF(C2145=0,\"\",VLOOKUP(C2145,BNCDADOS!$A:$G,6,0))","v":837.56},{"$f":"IF(C2145=0,\"\",VLOOKUP(C2145,BNCDADOS!$A:$G,7,0))","v":1088.49},347206.54,{"$f":"SUMIF('MC - TRECHO 06'!A:A,Orçamento!A2145,'MC - TRECHO 06'!R:R)","v":318.98}]
["7.2.4.24",{"$f":"IF(C2146=0,\"\",VLOOKUP(C2146,BNCDADOS!$A:$H,8,0))","v":"SINAPI/RN\nSERVIÇO"},93205,{"$f":"IF(C2146=0,\"\",VLOOKUP(C2146,BNCDADOS!$A:$G,2,0))","v":"CINTA DE AMARRAÇÃO DE ALVENARIA MOLDADA IN LOCO COM UTILIZAÇÃO DE BLOCOS CANALETA, ESPESSURA DE *20* CM. AF_03/2024"},{"$f":"IF(C2146=0,\"\",VLOOKUP(C2146,BNCDADOS!$A:$G,3,0))","v":"M"},201.2,{"$f":"IF(C2146=0,\"\",VLOOKUP(C2146,BNCDADOS!$A:$G,4,0))","v":"59,88"},{"$f":"IF(C2146=0,\"\",VLOOKUP(C2146,BNCDADOS!$A:$G,5,0))","v":74.06},14900.87,{"$f":"IF(C2146=0,\"\",VLOOKUP(C2146,BNCDADOS!$A:$G,6,0))","v":"57,63"},{"$f":"IF(C2146=0,\"\",VLOOKUP(C2146,BNCDADOS!$A:$G,7,0))","v":74.89},15067.86,{"$f":"SUMIF('MC - TRECHO 06'!A:A,Orçamento!A2146,'MC - TRECHO 06'!R:R)","v":201.2}]
["7.2.5",{"$f":"IF(C2147=0,\"\",VLOOKUP(C2147,BNCDADOS!$A:$G,8,0))","v":""},null,"ALVENARIAS E REVESTIMENTOS",{"$f":"IF(C2147=0,\"\",VLOOKUP(C2147,BNCDADOS!$A:$G,3,0))","v":""},0,{"$f":"IF(C2147=0,\"\",VLOOKUP(C2147,BNCDADOS!$A:$G,4,0))","v":""},{"$f":"IF(C2147=0,\"\",VLOOKUP(C2147,BNCDADOS!$A:$G,5,0))","v":""},{"$f":"SUM(I2148:I2157)","v":240352.7},{"$f":"IF(C2147=0,\"\",VLOOKUP(C2147,BNCDADOS!$A:$G,6,0))","v":""},{"$f":"IF(C2147=0,\"\",VLOOKUP(C2147,BNCDADOS!$A:$G,7,0))","v":""},{"$f":"SUM(L2148:L2157)","v":239578.19},0]
["7.2.5.1",{"$f":"IF(C2148=0,\"\",VLOOKUP(C2148,BNCDADOS!$A:$H,8,0))","v":"SINAPI/RN\nSERVIÇO"},103338,{"$f":"IF(C2148=0,\"\",VLOOKUP(C2148,BNCDADOS!$A:$G,2,0))","v":"ALVENARIA DE VEDAÇÃO DE BLOCOS  VAZADOS DE CONCRETO APARENTE DE 14X19X39 CM (ESPESSURA 14 CM) E ARGAMASSA DE ASSENTAMENTO COM PREPARO EM BETONEIRA. AF_12/2021"},{"$f":"IF(C2148=0,\"\",VLOOKUP(C2148,BNCDADOS!$A:$G,3,0))","v":"M2"},706.46,{"$f":"IF(C2148=0,\"\",VLOOKUP(C2148,BNCDADOS!$A:$G,4,0))","v":"111,81"},{"$f":"IF(C2148=0,\"\",VLOOKUP(C2148,BNCDADOS!$A:$G,5,0))","v":138.29},{"$f":"IF(H2148=\"\",0,TRUNC(H2148*F2148,2))","v":97696.35},{"$f":"IF(C2148=0,\"\",VLOOKUP(C2148,BNCDADOS!$A:$G,6,0))","v":"106,87"},{"$f":"IF(C2148=0,\"\",VLOOKUP(C2148,BNCDADOS!$A:$G,7,0))","v":138.88},{"$f":"IF(K2148=\"\",0,TRUNC(K2148*F2148,2))","v":98113.16},{"$f":"SUMIF('MC - TRECHO 06'!A:A,Orçamento!A2148,'MC - TRECHO 06'!R:R)","v":706.46}]
["7.2.5.2",{"$f":"IF(C2149=0,\"\",VLOOKUP(C2149,BNCDADOS!$A:$H,8,0))","v":"SINAPI/RN\nSERVIÇO"},101161,{"$f":"IF(C2149=0,\"\",VLOOKUP(C2149,BNCDADOS!$A:$G,2,0))","v":"ALVENARIA DE VEDAÇÃO COM ELEMENTO VAZADO DE CONCRETO (COBOGÓ) DE 7X50X50CM E ARGAMASSA DE ASSENTAMENTO COM PREPARO EM BETONEIRA. AF_05/2020"},{"$f":"IF(C2149=0,\"\",VLOOKUP(C2149,BNCDADOS!$A:$G,3,0))","v":"M2"},10.199999999999999,{"$f":"IF(C2149=0,\"\",VLOOKUP(C2149,BNCDADOS!$A:$G,4,0))","v":"233,42"},{"$f":"IF(C2149=0,\"\",VLOOKUP(C2149,BNCDADOS!$A:$G,5,0))","v":288.70999999999998},2944.84,{"$f":"IF(C2149=0,\"\",VLOOKUP(C2149,BNCDADOS!$A:$G,6,0))","v":"225,72"},{"$f":"IF(C2149=0,\"\",VLOOKUP(C2149,BNCDADOS!$A:$G,7,0))","v":293.33999999999997},2992.06,{"$f":"SUMIF('MC - TRECHO 06'!A:A,Orçamento!A2149,'MC - TRECHO 06'!R:R)","v":10.199999999999999}]
["7.2.5.3",{"$f":"IF(C2150=0,\"\",VLOOKUP(C2150,BNCDADOS!$A:$H,8,0))","v":"SINAPI/RN\nSERVIÇO"},93189,{"$f":"IF(C2150=0,\"\",VLOOKUP(C2150,BNCDADOS!$A:$G,2,0))","v":"VERGA MOLDADA IN LOCO EM CONCRETO PARA PORTAS COM MAIS DE 1,5 M DE VÃO. AF_03/2016"},{"$f":"IF(C2150=0,\"\",VLOOKUP(C2150,BNCDADOS!$A:$G,3,0))","v":"M"},9,{"$f":"IF(C2150=0,\"\",VLOOKUP(C2150,BNCDADOS!$A:$G,4,0))","v":119.84},{"$f":"IF(C2150=0,\"\",VLOOKUP(C2150,BNCDADOS!$A:$G,5,0))","v":148.22999999999999},1334.07,{"$f":"IF(C2150=0,\"\",VLOOKUP(C2150,BNCDADOS!$A:$G,6,0))","v":117.08},{"$f":"IF(C2150=0,\"\",VLOOKUP(C2150,BNCDADOS!$A:$G,7,0))","v":152.15},1369.35,{"$f":"SUMIF('MC - TRECHO 06'!A:A,Orçamento!A2150,'MC - TRECHO 06'!R:R)","v":9}]
["7.2.5.4",{"$f":"IF(C2151=0,\"\",VLOOKUP(C2151,BNCDADOS!$A:$H,8,0))","v":"SINAPI/RN\nSERVIÇO"},93187,{"$f":"IF(C2151=0,\"\",VLOOKUP(C2151,BNCDADOS!$A:$G,2,0))","v":"VERGA MOLDADA IN LOCO EM CONCRETO, ESPESSURA DE *20* CM. AF_03/2024"},{"$f":"IF(C2151=0,\"\",VLOOKUP(C2151,BNCDADOS!$A:$G,3,0))","v":"M"},4.5999999999999996,{"$f":"IF(C2151=0,\"\",VLOOKUP(C2151,BNCDADOS!$A:$G,4,0))","v":"78,39"},{"$f":"IF(C2151=0,\"\",VLOOKUP(C2151,BNCDADOS!$A:$G,5,0))","v":96.96},446.01,{"$f":"IF(C2151=0,\"\",VLOOKUP(C2151,BNCDADOS!$A:$G,6,0))","v":"75,28"},{"$f":"IF(C2151=0,\"\",VLOOKUP(C2151,BNCDADOS!$A:$G,7,0))","v":97.83},450.01,{"$f":"SUMIF('MC - TRECHO 06'!A:A,Orçamento!A2151,'MC - TRECHO 06'!R:R)","v":4.5999999999999996}]
["7.2.5.5",{"$f":"IF(C2152=0,\"\",VLOOKUP(C2152,BNCDADOS!$A:$H,8,0))","v":"SINAPI/RN\nSERVIÇO"},93197,{"$f":"IF(C2152=0,\"\",VLOOKUP(C2152,BNCDADOS!$A:$G,2,0))","v":"CONTRAVERGA MOLDADA IN LOCO EM CONCRETO, ESPESSURA DE *20* CM. AF_03/2024"},{"$f":"IF(C2152=0,\"\",VLOOKUP(C2152,BNCDADOS!$A:$G,3,0))","v":"M"},4.5999999999999996,{"$f":"IF(C2152=0,\"\",VLOOKUP(C2152,BNCDADOS!$A:$G,4,0))","v":"57,72"},{"$f":"IF(C2152=0,\"\",VLOOKUP(C2152,BNCDADOS!$A:$G,5,0))","v":71.39},328.39,{"$f":"IF(C2152=0,\"\",VLOOKUP(C2152,BNCDADOS!$A:$G,6,0))","v":"55,77"},{"$f":"IF(C2152=0,\"\",VLOOKUP(C2152,BNCDADOS!$A:$G,7,0))","v":72.47},333.36,{"$f":"SUMIF('MC - TRECHO 06'!A:A,Orçamento!A2152,'MC - TRECHO 06'!R:R)","v":4.5999999999999996}]
["7.2.5.6",{"$f":"IF(C2153=0,\"\",VLOOKUP(C2153,BNCDADOS!$A:$H,8,0))","v":"SINAPI/RN\nSERVIÇO"},87879,{"$f":"IF(C2153=0,\"\",VLOOKUP(C2153,BNCDADOS!$A:$G,2,0))","v":"CHAPISCO APLICADO EM ALVENARIAS E ESTRUTURAS DE CONCRETO INTERNAS, COM COLHER DE PEDREIRO.  ARGAMASSA TRAÇO 1:3 COM PREPARO EM BETONEIRA 400L. AF_10/2022"},{"$f":"IF(C2153=0,\"\",VLOOKUP(C2153,BNCDADOS!$A:$G,3,0))","v":"M2"},1412.92,{"$f":"IF(C2153=0,\"\",VLOOKUP(C2153,BNCDADOS!$A:$G,4,0))","v":"4,06"},{"$f":"IF(C2153=0,\"\",VLOOKUP(C2153,BNCDADOS!$A:$G,5,0))","v":5.0199999999999996},7092.85,{"$f":"IF(C2153=0,\"\",VLOOKUP(C2153,BNCDADOS!$A:$G,6,0))","v":"3,78"},{"$f":"IF(C2153=0,\"\",VLOOKUP(C2153,BNCDADOS!$A:$G,7,0))","v":4.91},6937.43,{"$f":"SUMIF('MC - TRECHO 06'!A:A,Orçamento!A2153,'MC - TRECHO 06'!R:R)","v":1412.92}]
["7.2.5.7",{"$f":"IF(C2154=0,\"\",VLOOKUP(C2154,BNCDADOS!$A:$H,8,0))","v":"SINAPI/RN\nSERVIÇO"},89173,{"$f":"IF(C2154=0,\"\",VLOOKUP(C2154,BNCDADOS!$A:$G,2,0))","v":"(COMPOSIÇÃO REPRESENTATIVA) DO SERVIÇO DE EMBOÇO/MASSA ÚNICA, APLICADO MANUALMENTE, TRAÇO 1:2:8, EM BETONEIRA DE 400L, PAREDES INTERNAS, COM EXECUÇÃO DE TALISCAS, EDIFICAÇÃO HABITACIONAL UNIFAMILIAR (CASAS) E EDIFICAÇÃO PÚBLICA PADRÃO. AF_12/2014"},{"$f":"IF(C2154=0,\"\",VLOOKUP(C2154,BNCDADOS!$A:$G,3,0))","v":"m²"},2825.84,{"$f":"IF(C2154=0,\"\",VLOOKUP(C2154,BNCDADOS!$A:$G,4,0))","v":32},{"$f":"IF(C2154=0,\"\",VLOOKUP(C2154,BNCDADOS!$A:$G,5,0))","v":39.58},111846.74,{"$f":"IF(C2154=0,\"\",VLOOKUP(C2154,BNCDADOS!$A:$G,6,0))","v":29.96},{"$f":"IF(C2154=0,\"\",VLOOKUP(C2154,BNCDADOS!$A:$G,7,0))","v":38.93},110009.95,{"$f":"SUMIF('MC - TRECHO 06'!A:A,Orçamento!A2154,'MC - TRECHO 06'!R:R)","v":2825.84}]
["7.2.5.8",{"$f":"IF(C2155=0,\"\",VLOOKUP(C2155,BNCDADOS!$A:$H,8,0))","v":"SINAPI/RN\nSERVIÇO"},89045,{"$f":"IF(C2155=0,\"\",VLOOKUP(C2155,BNCDADOS!$A:$G,2,0))","v":"(COMPOSIÇÃO REPRESENTATIVA) DO SERVIÇO DE REVESTIMENTO CERÂMICO PARA AMBIENTES DE ÁREAS MOLHADAS, MEIA PAREDE OU PAREDE INTEIRA, COM PLACAS TIPO ESMALTADA EXTRA, DIMENSÕES 20X20 CM, PARA EDIFICAÇÃO HABITACIONAL MULTIFAMILIAR (PRÉDIO). AF_11/2014"},{"$f":"IF(C2155=0,\"\",VLOOKUP(C2155,BNCDADOS!$A:$G,3,0))","v":"M²"},25.8,{"$f":"IF(C2155=0,\"\",VLOOKUP(C2155,BNCDADOS!$A:$G,4,0))","v":67.73},{"$f":"IF(C2155=0,\"\",VLOOKUP(C2155,BNCDADOS!$A:$G,5,0))","v":83.77},2161.2600000000002,{"$f":"IF(C2155=0,\"\",VLOOKUP(C2155,BNCDADOS!$A:$G,6,0))","v":65.709999999999994},{"$f":"IF(C2155=0,\"\",VLOOKUP(C2155,BNCDADOS!$A:$G,7,0))","v":85.39},2203.06,{"$f":"SUMIF('MC - TRECHO 06'!A:A,Orçamento!A2155,'MC - TRECHO 06'!R:R)","v":25.799999999999997}]
["7.2.5.9",{"$f":"IF(C2156=0,\"\",VLOOKUP(C2156,BNCDADOS!$A:$H,8,0))","v":"SINAPI/RN\nSERVIÇO"},87249,{"$f":"IF(C2156=0,\"\",VLOOKUP(C2156,BNCDADOS!$A:$G,2,0))","v":"REVESTIMENTO CERÂMICO PARA PISO COM PLACAS TIPO ESMALTADA DE DIMENSÕES 45X45 CM APLICADA EM AMBIENTES DE ÁREA MENOR QUE 5 M2. AF_02/2023_PE"},{"$f":"IF(C2156=0,\"\",VLOOKUP(C2156,BNCDADOS!$A:$G,3,0))","v":"M2"},4.5,{"$f":"IF(C2156=0,\"\",VLOOKUP(C2156,BNCDADOS!$A:$G,4,0))","v":"67,37"},{"$f":"IF(C2156=0,\"\",VLOOKUP(C2156,BNCDADOS!$A:$G,5,0))","v":83.32},374.94,{"$f":"IF(C2156=0,\"\",VLOOKUP(C2156,BNCDADOS!$A:$G,6,0))","v":"64,78"},{"$f":"IF(C2156=0,\"\",VLOOKUP(C2156,BNCDADOS!$A:$G,7,0))","v":84.18},378.81,{"$f":"SUMIF('MC - TRECHO 06'!A:A,Orçamento!A2156,'MC - TRECHO 06'!R:R)","v":4.5}]
["7.2.5.10",{"$f":"IF(C2157=0,\"\",VLOOKUP(C2157,BNCDADOS!$A:$H,8,0))","v":"SINAPI/RN\nSERVIÇO"},98553,{"$f":"IF(C2157=0,\"\",VLOOKUP(C2157,BNCDADOS!$A:$G,2,0))","v":"IMPERMEABILIZAÇÃO DE SUPERFÍCIE COM MEMBRANA À BASE DE POLIURETANO, 2 DEMÃOS. AF_09/2023"},{"$f":"IF(C2157=0,\"\",VLOOKUP(C2157,BNCDADOS!$A:$G,3,0))","v":"M2"},75,{"$f":"IF(C2157=0,\"\",VLOOKUP(C2157,BNCDADOS!$A:$G,4,0))","v":"173,85"},{"$f":"IF(C2157=0,\"\",VLOOKUP(C2157,BNCDADOS!$A:$G,5,0))","v":215.03},16127.25,{"$f":"IF(C2157=0,\"\",VLOOKUP(C2157,BNCDADOS!$A:$G,6,0))","v":"172,27"},{"$f":"IF(C2157=0,\"\",VLOOKUP(C2157,BNCDADOS!$A:$G,7,0))","v":223.88},16791,{"$f":"SUMIF('MC - TRECHO 06'!A:A,Orçamento!A2157,'MC - TRECHO 06'!R:R)","v":75}]
["7.2.6",{"$f":"IF(C2158=0,\"\",VLOOKUP(C2158,BNCDADOS!$A:$G,8,0))","v":""},null,"COBERTURA",{"$f":"IF(C2158=0,\"\",VLOOKUP(C2158,BNCDADOS!$A:$G,3,0))","v":""},0,{"$f":"IF(C2158=0,\"\",VLOOKUP(C2158,BNCDADOS!$A:$G,4,0))","v":""},{"$f":"IF(C2158=0,\"\",VLOOKUP(C2158,BNCDADOS!$A:$G,5,0))","v":""},{"$f":"SUM(I2159:I2160)","v":75892.540000000008},{"$f":"IF(C2158=0,\"\",VLOOKUP(C2158,BNCDADOS!$A:$G,6,0))","v":""},{"$f":"IF(C2158=0,\"\",VLOOKUP(C2158,BNCDADOS!$A:$G,7,0))","v":""},{"$f":"SUM(L2159:L2160)","v":79236.58},0]
["7.2.6.1",{"$f":"IF(C2159=0,\"\",VLOOKUP(C2159,BNCDADOS!$A:$H,8,0))","v":"SINAPI/RN\nSERVIÇO"},92544,{"$f":"IF(C2159=0,\"\",VLOOKUP(C2159,BNCDADOS!$A:$G,2,0))","v":"TRAMA DE MADEIRA COMPOSTA POR TERÇAS PARA TELHADOS DE ATÉ 2 ÁGUAS PARA TELHA ESTRUTURAL DE FIBROCIMENTO, INCLUSO TRANSPORTE VERTICAL. AF_07/2019"},{"$f":"IF(C2159=0,\"\",VLOOKUP(C2159,BNCDADOS!$A:$G,3,0))","v":"M2"},353.12,{"$f":"IF(C2159=0,\"\",VLOOKUP(C2159,BNCDADOS!$A:$G,4,0))","v":"20,78"},{"$f":"IF(C2159=0,\"\",VLOOKUP(C2159,BNCDADOS!$A:$G,5,0))","v":25.7},{"$f":"IF(H2159=\"\",0,TRUNC(H2159*F2159,2))","v":9075.18},{"$f":"IF(C2159=0,\"\",VLOOKUP(C2159,BNCDADOS!$A:$G,6,0))","v":"20,39"},{"$f":"IF(C2159=0,\"\",VLOOKUP(C2159,BNCDADOS!$A:$G,7,0))","v":26.49},{"$f":"IF(K2159=\"\",0,TRUNC(K2159*F2159,2))","v":9354.14},{"$f":"SUMIF('MC - TRECHO 06'!A:A,Orçamento!A2159,'MC - TRECHO 06'!R:R)","v":353.1275}]
["7.2.6.2",{"$f":"IF(C2160=0,\"\",VLOOKUP(C2160,BNCDADOS!$A:$H,8,0))","v":"SINAPI/RN\nSERVIÇO"},94218,{"$f":"IF(C2160=0,\"\",VLOOKUP(C2160,BNCDADOS!$A:$G,2,0))","v":"TELHAMENTO COM TELHA ESTRUTURAL DE FIBROCIMENTO E= 8 MM, COM ATÉ 2 ÁGUAS, INCLUSO IÇAMENTO. AF_07/2019_PS"},{"$f":"IF(C2160=0,\"\",VLOOKUP(C2160,BNCDADOS!$A:$G,3,0))","v":"M2"},353.12,{"$f":"IF(C2160=0,\"\",VLOOKUP(C2160,BNCDADOS!$A:$G,4,0))","v":"152,98"},{"$f":"IF(C2160=0,\"\",VLOOKUP(C2160,BNCDADOS!$A:$G,5,0))","v":189.22},{"$f":"IF(H2160=\"\",0,TRUNC(H2160*F2160,2))","v":66817.36},{"$f":"IF(C2160=0,\"\",VLOOKUP(C2160,BNCDADOS!$A:$G,6,0))","v":"152,28"},{"$f":"IF(C2160=0,\"\",VLOOKUP(C2160,BNCDADOS!$A:$G,7,0))","v":197.9},{"$f":"IF(K2160=\"\",0,TRUNC(K2160*F2160,2))","v":69882.44},{"$f":"SUMIF('MC - TRECHO 06'!A:A,Orçamento!A2160,'MC - TRECHO 06'!R:R)","v":353.1275}]
["7.2.7",{"$f":"IF(C2161=0,\"\",VLOOKUP(C2161,BNCDADOS!$A:$G,8,0))","v":""},null,"ESQUADRIAS",{"$f":"IF(C2161=0,\"\",VLOOKUP(C2161,BNCDADOS!$A:$G,3,0))","v":""},0,{"$f":"IF(C2161=0,\"\",VLOOKUP(C2161,BNCDADOS!$A:$G,4,0))","v":""},{"$f":"IF(C2161=0,\"\",VLOOKUP(C2161,BNCDADOS!$A:$G,5,0))","v":""},{"$f":"SUM(I2162:I2164)","v":17573.09},{"$f":"IF(C2161=0,\"\",VLOOKUP(C2161,BNCDADOS!$A:$G,6,0))","v":""},{"$f":"IF(C2161=0,\"\",VLOOKUP(C2161,BNCDADOS!$A:$G,7,0))","v":""},{"$f":"SUM(L2162:L2164)","v":18340.73},0]
["7.2.7.1",{"$f":"IF(C2162=0,\"\",VLOOKUP(C2162,BNCDADOS!$A:$H,8,0))","v":0},"COMP 21",{"$f":"IF(C2162=0,\"\",VLOOKUP(C2162,BNCDADOS!$A:$G,2,0))","v":"PORTAO DE CORRER EM GRADIL FIXO DE BARRA DE FERRO CHATA DE 3 X 1/4\" NA VERTICAL, SEM REQUADRO, ACABAMENTO NATURAL, COM TRILHOS E ROLDANAS                                                                                                                                                                                                                                                                                                                                                                 "},{"$f":"IF(C2162=0,\"\",VLOOKUP(C2162,BNCDADOS!$A:$G,3,0))","v":"M2"},9.1,{"$f":"IF(C2162=0,\"\",VLOOKUP(C2162,BNCDADOS!$A:$G,4,0))","v":703.96},{"$f":"IF(C2162=0,\"\",VLOOKUP(C2162,BNCDADOS!$A:$G,5,0))","v":870.72},{"$f":"IF(H2162=\"\",0,TRUNC(H2162*F2162,2))","v":7923.55},{"$f":"IF(C2162=0,\"\",VLOOKUP(C2162,BNCDADOS!$A:$G,6,0))","v":696.5},{"$f":"IF(C2162=0,\"\",VLOOKUP(C2162,BNCDADOS!$A:$G,7,0))","v":905.17},{"$f":"IF(K2162=\"\",0,TRUNC(K2162*F2162,2))","v":8237.0400000000009},{"$f":"SUMIF('MC - TRECHO 06'!A:A,Orçamento!A2162,'MC - TRECHO 06'!R:R)","v":9.1}]
["7.2.7.2",{"$f":"IF(C2163=0,\"\",VLOOKUP(C2163,BNCDADOS!$A:$H,8,0))","v":"SINAPI/RN\nSERVIÇO"},100701,{"$f":"IF(C2163=0,\"\",VLOOKUP(C2163,BNCDADOS!$A:$G,2,0))","v":"PORTA DE FERRO, DE ABRIR, TIPO GRADE COM CHAPA, COM GUARNIÇÕES. AF_12/2019"},{"$f":"IF(C2163=0,\"\",VLOOKUP(C2163,BNCDADOS!$A:$G,3,0))","v":"M2"},13.67,{"$f":"IF(C2163=0,\"\",VLOOKUP(C2163,BNCDADOS!$A:$G,4,0))","v":"561,07"},{"$f":"IF(C2163=0,\"\",VLOOKUP(C2163,BNCDADOS!$A:$G,5,0))","v":693.98},{"$f":"IF(H2163=\"\",0,TRUNC(H2163*F2163,2))","v":9486.7000000000007},{"$f":"IF(C2163=0,\"\",VLOOKUP(C2163,BNCDADOS!$A:$G,6,0))","v":"559,17"},{"$f":"IF(C2163=0,\"\",VLOOKUP(C2163,BNCDADOS!$A:$G,7,0))","v":726.69},{"$f":"IF(K2163=\"\",0,TRUNC(K2163*F2163,2))","v":9933.85},{"$f":"SUMIF('MC - TRECHO 06'!A:A,Orçamento!A2163,'MC - TRECHO 06'!R:R)","v":13.67}]
["7.2.7.3",{"$f":"IF(C2164=0,\"\",VLOOKUP(C2164,BNCDADOS!$A:$H,8,0))","v":"SINAPI/RN\nSERVIÇO"},94570,{"$f":"IF(C2164=0,\"\",VLOOKUP(C2164,BNCDADOS!$A:$G,2,0))","v":"JANELA DE ALUMÍNIO DE CORRER COM 2 FOLHAS PARA VIDROS, COM VIDROS, BATENTE, ACABAMENTO COM ACETATO OU BRILHANTE E FERRAGENS. EXCLUSIVE ALIZAR E CONTRAMARCO. FORNECIMENTO E INSTALAÇÃO. AF_12/2019"},{"$f":"IF(C2164=0,\"\",VLOOKUP(C2164,BNCDADOS!$A:$G,3,0))","v":"M2"},0.5,{"$f":"IF(C2164=0,\"\",VLOOKUP(C2164,BNCDADOS!$A:$G,4,0))","v":"263,31"},{"$f":"IF(C2164=0,\"\",VLOOKUP(C2164,BNCDADOS!$A:$G,5,0))","v":325.68},{"$f":"IF(H2164=\"\",0,TRUNC(H2164*F2164,2))","v":162.84},{"$f":"IF(C2164=0,\"\",VLOOKUP(C2164,BNCDADOS!$A:$G,6,0))","v":"261,38"},{"$f":"IF(C2164=0,\"\",VLOOKUP(C2164,BNCDADOS!$A:$G,7,0))","v":339.68},{"$f":"IF(K2164=\"\",0,TRUNC(K2164*F2164,2))","v":169.84},{"$f":"SUMIF('MC - TRECHO 06'!A:A,Orçamento!A2164,'MC - TRECHO 06'!R:R)","v":0.5}]
["7.2.8",{"$f":"IF(C2165=0,\"\",VLOOKUP(C2165,BNCDADOS!$A:$G,8,0))","v":""},null,"DRENAGEM",{"$f":"IF(C2165=0,\"\",VLOOKUP(C2165,BNCDADOS!$A:$G,3,0))","v":""},0,{"$f":"IF(C2165=0,\"\",VLOOKUP(C2165,BNCDADOS!$A:$G,4,0))","v":""},{"$f":"IF(C2165=0,\"\",VLOOKUP(C2165,BNCDADOS!$A:$G,5,0))","v":""},{"$f":"SUM(I2166:I2169)","v":109553.55},{"$f":"IF(C2165=0,\"\",VLOOKUP(C2165,BNCDADOS!$A:$G,6,0))","v":""},{"$f":"IF(C2165=0,\"\",VLOOKUP(C2165,BNCDADOS!$A:$G,7,0))","v":""},{"$f":"SUM(L2166:L2169)","v":114194.1},0]
["7.2.8.1",{"$f":"IF(C2166=0,\"\",VLOOKUP(C2166,BNCDADOS!$A:$H,8,0))","v":"caern"},2060193,{"$f":"IF(C2166=0,\"\",VLOOKUP(C2166,BNCDADOS!$A:$G,2,0))","v":"CAIXA ENTERRADA RETANGULAR EM ALVENARIA COM TIJOLOS CERÂMICOS MACIÇOS (ESPESSURA 20CM), DIMENSÕES INTERNAS: 0,8X0,8X1,5 M, INCLUSIVE ESCORAMENTO, ESCAVAÇÃO, REATERRO APILOADO, BOTA-FORA DE MATERIAL E TAMPA DE 10CM. R_11/2018"},{"$f":"IF(C2166=0,\"\",VLOOKUP(C2166,BNCDADOS!$A:$G,3,0))","v":"UN "},5,{"$f":"IF(C2166=0,\"\",VLOOKUP(C2166,BNCDADOS!$A:$G,4,0))","v":1820.24},{"$f":"IF(C2166=0,\"\",VLOOKUP(C2166,BNCDADOS!$A:$G,5,0))","v":2251.4499999999998},{"$f":"IF(H2166=\"\",0,TRUNC(H2166*F2166,2))","v":11257.25},{"$f":"IF(C2166=0,\"\",VLOOKUP(C2166,BNCDADOS!$A:$G,6,0))","v":1734.86},{"$f":"IF(C2166=0,\"\",VLOOKUP(C2166,BNCDADOS!$A:$G,7,0))","v":2254.62},{"$f":"IF(K2166=\"\",0,TRUNC(K2166*F2166,2))","v":11273.1},{"$f":"SUMIF('MC - TRECHO 06'!A:A,Orçamento!A2166,'MC - TRECHO 06'!R:R)","v":5}]
["7.2.8.2",{"$f":"IF(C2167=0,\"\",VLOOKUP(C2167,BNCDADOS!$A:$H,8,0))","v":"SINAPI/RN\nSERVIÇO"},94871,{"$f":"IF(C2167=0,\"\",VLOOKUP(C2167,BNCDADOS!$A:$G,2,0))","v":"TUBO DE PEAD CORRUGADO DE DUPLA PAREDE PARA REDE COLETORA DE ESGOTO, DN 300 MM, JUNTA ELÁSTICA INTEGRADA - FORNECIMENTO E ASSENTAMENTO. AF_01/2021"},{"$f":"IF(C2167=0,\"\",VLOOKUP(C2167,BNCDADOS!$A:$G,3,0))","v":"M"},{"$f":"TRUNC(M2167,2)","v":79.400000000000006},{"$f":"IF(C2167=0,\"\",VLOOKUP(C2167,BNCDADOS!$A:$G,4,0))","v":"452,78"},{"$f":"IF(C2167=0,\"\",VLOOKUP(C2167,BNCDADOS!$A:$G,5,0))","v":560.04},{"$f":"IF(H2167=\"\",0,TRUNC(H2167*F2167,2))","v":44467.17},{"$f":"IF(C2167=0,\"\",VLOOKUP(C2167,BNCDADOS!$A:$G,6,0))","v":"452,63"},{"$f":"IF(C2167=0,\"\",VLOOKUP(C2167,BNCDADOS!$A:$G,7,0))","v":588.23},{"$f":"IF(K2167=\"\",0,TRUNC(K2167*F2167,2))","v":46705.46},{"$f":"SUMIF('MC - TRECHO 06'!A:A,Orçamento!A2167,'MC - TRECHO 06'!R:R)","v":79.400000000000006}]
["7.2.8.3",{"$f":"IF(C2168=0,\"\",VLOOKUP(C2168,BNCDADOS!$A:$H,8,0))","v":"SINAPI/RN\nSERVIÇO"},96624,{"$f":"IF(C2168=0,\"\",VLOOKUP(C2168,BNCDADOS!$A:$G,2,0))","v":"LASTRO COM MATERIAL GRANULAR (PEDRA BRITADA N.2), APLICADO EM PISOS OU LAJES SOBRE SOLO, ESPESSURA DE *10 CM*. AF_01/2024"},{"$f":"IF(C2168=0,\"\",VLOOKUP(C2168,BNCDADOS!$A:$G,3,0))","v":"M3"},21.71,{"$f":"IF(C2168=0,\"\",VLOOKUP(C2168,BNCDADOS!$A:$G,4,0))","v":"262,29"},{"$f":"IF(C2168=0,\"\",VLOOKUP(C2168,BNCDADOS!$A:$G,5,0))","v":324.42},{"$f":"IF(H2168=\"\",0,TRUNC(H2168*F2168,2))","v":7043.15},{"$f":"IF(C2168=0,\"\",VLOOKUP(C2168,BNCDADOS!$A:$G,6,0))","v":"256,74"},{"$f":"IF(C2168=0,\"\",VLOOKUP(C2168,BNCDADOS!$A:$G,7,0))","v":333.65},{"$f":"IF(K2168=\"\",0,TRUNC(K2168*F2168,2))","v":7243.54},{"$f":"SUMIF('MC - TRECHO 06'!A:A,Orçamento!A2168,'MC - TRECHO 06'!R:R)","v":21.715}]
["7.2.8.4",{"$f":"IF(C2169=0,\"\",VLOOKUP(C2169,BNCDADOS!$A:$H,8,0))","v":"caern"},2120098,{"$f":"IF(C2169=0,\"\",VLOOKUP(C2169,BNCDADOS!$A:$G,2,0))","v":"GRADE EM BARRA DE FERRO DE 1.1/2\" X 1/2\" PARA CAIXA DE AREIA INCLUSIVE FIXAÇÃO, ESPAÇAMENTO DE 2,50CM. INC_11/2018"},{"$f":"IF(C2169=0,\"\",VLOOKUP(C2169,BNCDADOS!$A:$G,3,0))","v":"M²"},31.95,{"$f":"IF(C2169=0,\"\",VLOOKUP(C2169,BNCDADOS!$A:$G,4,0))","v":1183.8900000000001},{"$f":"IF(C2169=0,\"\",VLOOKUP(C2169,BNCDADOS!$A:$G,5,0))","v":1464.35},{"$f":"IF(H2169=\"\",0,TRUNC(H2169*F2169,2))","v":46785.98},{"$f":"IF(C2169=0,\"\",VLOOKUP(C2169,BNCDADOS!$A:$G,6,0))","v":1179.42},{"$f":"IF(C2169=0,\"\",VLOOKUP(C2169,BNCDADOS!$A:$G,7,0))","v":1532.77},{"$f":"IF(K2169=\"\",0,TRUNC(K2169*F2169,2))","v":48972},{"$f":"SUMIF('MC - TRECHO 06'!A:A,Orçamento!A2169,'MC - TRECHO 06'!R:R)","v":31.95}]
["7.2.9",{"$f":"IF(C2170=0,\"\",VLOOKUP(C2170,BNCDADOS!$A:$G,8,0))","v":""},null,"PAVIMENTAÇÃO",{"$f":"IF(C2170=0,\"\",VLOOKUP(C2170,BNCDADOS!$A:$G,3,0))","v":""},0,{"$f":"IF(C2170=0,\"\",VLOOKUP(C2170,BNCDADOS!$A:$G,4,0))","v":""},{"$f":"IF(C2170=0,\"\",VLOOKUP(C2170,BNCDADOS!$A:$G,5,0))","v":""},{"$f":"SUM(I2171:I2174)","v":177744.39},{"$f":"IF(C2170=0,\"\",VLOOKUP(C2170,BNCDADOS!$A:$G,6,0))","v":""},{"$f":"IF(C2170=0,\"\",VLOOKUP(C2170,BNCDADOS!$A:$G,7,0))","v":""},{"$f":"SUM(L2171:L2174)","v":181931.33},0]
["7.2.9.1",{"$f":"IF(C2171=0,\"\",VLOOKUP(C2171,BNCDADOS!$A:$H,8,0))","v":"SINAPI/RN\nSERVIÇO"},94275,{"$f":"IF(C2171=0,\"\",VLOOKUP(C2171,BNCDADOS!$A:$G,2,0))","v":"ASSENTAMENTO DE GUIA (MEIO-FIO) EM TRECHO RETO, CONFECCIONADA EM CONCRETO PRÉ-FABRICADO, DIMENSÕES 100X15X13X20 CM (COMPRIMENTO X BASE INFERIOR X BASE SUPERIOR X ALTURA). AF_01/2024"},{"$f":"IF(C2171=0,\"\",VLOOKUP(C2171,BNCDADOS!$A:$G,3,0))","v":"M"},228.2,{"$f":"IF(C2171=0,\"\",VLOOKUP(C2171,BNCDADOS!$A:$G,4,0))","v":"40,32"},{"$f":"IF(C2171=0,\"\",VLOOKUP(C2171,BNCDADOS!$A:$G,5,0))","v":49.87},{"$f":"IF(H2171=\"\",0,TRUNC(H2171*F2171,2))","v":11380.33},{"$f":"IF(C2171=0,\"\",VLOOKUP(C2171,BNCDADOS!$A:$G,6,0))","v":"39,29"},{"$f":"IF(C2171=0,\"\",VLOOKUP(C2171,BNCDADOS!$A:$G,7,0))","v":51.06},{"$f":"IF(K2171=\"\",0,TRUNC(K2171*F2171,2))","v":11651.89},{"$f":"SUMIF('MC - TRECHO 06'!A:A,Orçamento!A2171,'MC - TRECHO 06'!R:R)","v":228.2}]
["7.2.9.2",{"$f":"IF(C2172=0,\"\",VLOOKUP(C2172,BNCDADOS!$A:$H,8,0))","v":"SINAPI/RN\nSERVIÇO"},92400,{"$f":"IF(C2172=0,\"\",VLOOKUP(C2172,BNCDADOS!$A:$G,2,0))","v":"EXECUÇÃO DE PAVIMENTO EM PISO INTERTRAVADO, COM BLOCO RETANGULAR DE 20 X 10 CM, ESPESSURA 10 CM. AF_10/2022"},{"$f":"IF(C2172=0,\"\",VLOOKUP(C2172,BNCDADOS!$A:$G,3,0))","v":"M2"},643,{"$f":"IF(C2172=0,\"\",VLOOKUP(C2172,BNCDADOS!$A:$G,4,0))","v":"95,44"},{"$f":"IF(C2172=0,\"\",VLOOKUP(C2172,BNCDADOS!$A:$G,5,0))","v":118.04},{"$f":"IF(H2172=\"\",0,TRUNC(H2172*F2172,2))","v":75899.72},{"$f":"IF(C2172=0,\"\",VLOOKUP(C2172,BNCDADOS!$A:$G,6,0))","v":"93,92"},{"$f":"IF(C2172=0,\"\",VLOOKUP(C2172,BNCDADOS!$A:$G,7,0))","v":122.05},{"$f":"IF(K2172=\"\",0,TRUNC(K2172*F2172,2))","v":78478.149999999994},{"$f":"SUMIF('MC - TRECHO 06'!A:A,Orçamento!A2172,'MC - TRECHO 06'!R:R)","v":643}]
["7.2.9.3",{"$f":"IF(C2173=0,\"\",VLOOKUP(C2173,BNCDADOS!$A:$H,8,0))","v":"SINAPI/RN\nSERVIÇO"},87640,{"$f":"IF(C2173=0,\"\",VLOOKUP(C2173,BNCDADOS!$A:$G,2,0))","v":"CONTRAPISO EM ARGAMASSA TRAÇO 1:4 (CIMENTO E AREIA), PREPARO MECÂNICO COM BETONEIRA 400 L, APLICADO EM ÁREAS SECAS SOBRE LAJE, ADERIDO, ACABAMENTO NÃO REFORÇADO, ESPESSURA 4CM. AF_07/2021"},{"$f":"IF(C2173=0,\"\",VLOOKUP(C2173,BNCDADOS!$A:$G,3,0))","v":"M2"},240.5,{"$f":"IF(C2173=0,\"\",VLOOKUP(C2173,BNCDADOS!$A:$G,4,0))","v":"42,90"},{"$f":"IF(C2173=0,\"\",VLOOKUP(C2173,BNCDADOS!$A:$G,5,0))","v":53.06},{"$f":"IF(H2173=\"\",0,TRUNC(H2173*F2173,2))","v":12760.93},{"$f":"IF(C2173=0,\"\",VLOOKUP(C2173,BNCDADOS!$A:$G,6,0))","v":"41,18"},{"$f":"IF(C2173=0,\"\",VLOOKUP(C2173,BNCDADOS!$A:$G,7,0))","v":53.51},{"$f":"IF(K2173=\"\",0,TRUNC(K2173*F2173,2))","v":12869.15},{"$f":"SUMIF('MC - TRECHO 06'!A:A,Orçamento!A2173,'MC - TRECHO 06'!R:R)","v":240.5}]
["7.2.9.4",{"$f":"IF(C2174=0,\"\",VLOOKUP(C2174,BNCDADOS!$A:$H,8,0))","v":"SINAPI/RN\nSERVIÇO"},94990,{"$f":"IF(C2174=0,\"\",VLOOKUP(C2174,BNCDADOS!$A:$G,2,0))","v":"EXECUÇÃO DE PASSEIO (CALÇADA) OU PISO DE CONCRETO COM CONCRETO MOLDADO IN LOCO, FEITO EM OBRA, ACABAMENTO CONVENCIONAL, NÃO ARMADO. AF_08/2022"},{"$f":"IF(C2174=0,\"\",VLOOKUP(C2174,BNCDADOS!$A:$G,3,0))","v":"M3"},80.52,{"$f":"IF(C2174=0,\"\",VLOOKUP(C2174,BNCDADOS!$A:$G,4,0))","v":"780,20"},{"$f":"IF(C2174=0,\"\",VLOOKUP(C2174,BNCDADOS!$A:$G,5,0))","v":965.02},{"$f":"IF(H2174=\"\",0,TRUNC(H2174*F2174,2))","v":77703.41},{"$f":"IF(C2174=0,\"\",VLOOKUP(C2174,BNCDADOS!$A:$G,6,0))","v":"754,30"},{"$f":"IF(C2174=0,\"\",VLOOKUP(C2174,BNCDADOS!$A:$G,7,0))","v":980.28},{"$f":"IF(K2174=\"\",0,TRUNC(K2174*F2174,2))","v":78932.14},{"$f":"SUMIF('MC - TRECHO 06'!A:A,Orçamento!A2174,'MC - TRECHO 06'!R:R)","v":80.52}]
["7.2.10",{"$f":"IF(C2175=0,\"\",VLOOKUP(C2175,BNCDADOS!$A:$G,8,0))","v":""},null,"PINTURA",{"$f":"IF(C2175=0,\"\",VLOOKUP(C2175,BNCDADOS!$A:$G,3,0))","v":""},0,{"$f":"IF(C2175=0,\"\",VLOOKUP(C2175,BNCDADOS!$A:$G,4,0))","v":""},{"$f":"IF(C2175=0,\"\",VLOOKUP(C2175,BNCDADOS!$A:$G,5,0))","v":""},{"$f":"SUM(I2176:I2180)","v":64356.04},{"$f":"IF(C2175=0,\"\",VLOOKUP(C2175,BNCDADOS!$A:$G,6,0))","v":""},{"$f":"IF(C2175=0,\"\",VLOOKUP(C2175,BNCDADOS!$A:$G,7,0))","v":""},{"$f":"SUM(L2176:L2180)","v":63210.96},0]
["7.2.10.1",{"$f":"IF(C2176=0,\"\",VLOOKUP(C2176,BNCDADOS!$A:$H,8,0))","v":"SINAPI/RN\nSERVIÇO"},88485,{"$f":"IF(C2176=0,\"\",VLOOKUP(C2176,BNCDADOS!$A:$G,2,0))","v":"FUNDO SELADOR ACRÍLICO, APLICAÇÃO MANUAL EM PAREDE, UMA DEMÃO. AF_04/2023"},{"$f":"IF(C2176=0,\"\",VLOOKUP(C2176,BNCDADOS!$A:$G,3,0))","v":"M2"},2846.24,{"$f":"IF(C2176=0,\"\",VLOOKUP(C2176,BNCDADOS!$A:$G,4,0))","v":"3,30"},{"$f":"IF(C2176=0,\"\",VLOOKUP(C2176,BNCDADOS!$A:$G,5,0))","v":4.08},{"$f":"IF(H2176=\"\",0,TRUNC(H2176*F2176,2))","v":11612.65},{"$f":"IF(C2176=0,\"\",VLOOKUP(C2176,BNCDADOS!$A:$G,6,0))","v":"3,06"},{"$f":"IF(C2176=0,\"\",VLOOKUP(C2176,BNCDADOS!$A:$G,7,0))","v":3.97},{"$f":"IF(K2176=\"\",0,TRUNC(K2176*F2176,2))","v":11299.57},{"$f":"SUMIF('MC - TRECHO 06'!A:A,Orçamento!A2176,'MC - TRECHO 06'!R:R)","v":2846.2400000000002}]
["7.2.10.2",{"$f":"IF(C2177=0,\"\",VLOOKUP(C2177,BNCDADOS!$A:$H,8,0))","v":"SINAPI/RN\nSERVIÇO"},104642,{"$f":"IF(C2177=0,\"\",VLOOKUP(C2177,BNCDADOS!$A:$G,2,0))","v":"PINTURA LÁTEX ACRÍLICA STANDARD, APLICAÇÃO MANUAL EM PAREDES, DUAS DEMÃOS. AF_04/2023"},{"$f":"IF(C2177=0,\"\",VLOOKUP(C2177,BNCDADOS!$A:$G,3,0))","v":"M2"},2846.24,{"$f":"IF(C2177=0,\"\",VLOOKUP(C2177,BNCDADOS!$A:$G,4,0))","v":"10,29"},{"$f":"IF(C2177=0,\"\",VLOOKUP(C2177,BNCDADOS!$A:$G,5,0))","v":12.72},{"$f":"IF(H2177=\"\",0,TRUNC(H2177*F2177,2))","v":36204.17},{"$f":"IF(C2177=0,\"\",VLOOKUP(C2177,BNCDADOS!$A:$G,6,0))","v":"9,70"},{"$f":"IF(C2177=0,\"\",VLOOKUP(C2177,BNCDADOS!$A:$G,7,0))","v":12.6},{"$f":"IF(K2177=\"\",0,TRUNC(K2177*F2177,2))","v":35862.620000000003},{"$f":"SUMIF('MC - TRECHO 06'!A:A,Orçamento!A2177,'MC - TRECHO 06'!R:R)","v":2846.2400000000002}]
["7.2.10.3",{"$f":"IF(C2178=0,\"\",VLOOKUP(C2178,BNCDADOS!$A:$H,8,0))","v":"SINAPI/RN\nSERVIÇO"},100720,{"$f":"IF(C2178=0,\"\",VLOOKUP(C2178,BNCDADOS!$A:$G,2,0))","v":"PINTURA COM TINTA ALQUÍDICA DE FUNDO (TIPO ZARCÃO) APLICADA A ROLO OU PINCEL SOBRE PERFIL METÁLICO EXECUTADO EM FÁBRICA (POR DEMÃO). AF_01/2020"},{"$f":"IF(C2178=0,\"\",VLOOKUP(C2178,BNCDADOS!$A:$G,3,0))","v":"M2"},182.8,{"$f":"IF(C2178=0,\"\",VLOOKUP(C2178,BNCDADOS!$A:$G,4,0))","v":"10,27"},{"$f":"IF(C2178=0,\"\",VLOOKUP(C2178,BNCDADOS!$A:$G,5,0))","v":12.7},{"$f":"IF(H2178=\"\",0,TRUNC(H2178*F2178,2))","v":2321.56},{"$f":"IF(C2178=0,\"\",VLOOKUP(C2178,BNCDADOS!$A:$G,6,0))","v":"9,65"},{"$f":"IF(C2178=0,\"\",VLOOKUP(C2178,BNCDADOS!$A:$G,7,0))","v":12.54},{"$f":"IF(K2178=\"\",0,TRUNC(K2178*F2178,2))","v":2292.31},{"$f":"SUMIF('MC - TRECHO 06'!A:A,Orçamento!A2178,'MC - TRECHO 06'!R:R)","v":182.8}]
["7.2.10.4",{"$f":"IF(C2179=0,\"\",VLOOKUP(C2179,BNCDADOS!$A:$H,8,0))","v":"SINAPI/RN\nSERVIÇO"},100758,{"$f":"IF(C2179=0,\"\",VLOOKUP(C2179,BNCDADOS!$A:$G,2,0))","v":"PINTURA COM TINTA ALQUÍDICA DE ACABAMENTO (ESMALTE SINTÉTICO ACETINADO) APLICADA A ROLO OU PINCEL SOBRE SUPERFÍCIES METÁLICAS (EXCETO PERFIL) EXECUTADO EM OBRA (02 DEMÃOS). AF_01/2020"},{"$f":"IF(C2179=0,\"\",VLOOKUP(C2179,BNCDADOS!$A:$G,3,0))","v":"M2"},182.8,{"$f":"IF(C2179=0,\"\",VLOOKUP(C2179,BNCDADOS!$A:$G,4,0))","v":"48,50"},{"$f":"IF(C2179=0,\"\",VLOOKUP(C2179,BNCDADOS!$A:$G,5,0))","v":59.98},{"$f":"IF(H2179=\"\",0,TRUNC(H2179*F2179,2))","v":10964.34},{"$f":"IF(C2179=0,\"\",VLOOKUP(C2179,BNCDADOS!$A:$G,6,0))","v":"44,55"},{"$f":"IF(C2179=0,\"\",VLOOKUP(C2179,BNCDADOS!$A:$G,7,0))","v":57.89},{"$f":"IF(K2179=\"\",0,TRUNC(K2179*F2179,2))","v":10582.29},{"$f":"SUMIF('MC - TRECHO 06'!A:A,Orçamento!A2179,'MC - TRECHO 06'!R:R)","v":182.8}]
["7.2.10.5",{"$f":"IF(C2180=0,\"\",VLOOKUP(C2180,BNCDADOS!$A:$H,8,0))","v":"SINAPI/RN\nSERVIÇO"},102203,{"$f":"IF(C2180=0,\"\",VLOOKUP(C2180,BNCDADOS!$A:$G,2,0))","v":"PINTURA VERNIZ (INCOLOR) ALQUÍDICO EM MADEIRA, USO INTERNO E EXTERNO, 1 DEMÃO. AF_01/2021"},{"$f":"IF(C2180=0,\"\",VLOOKUP(C2180,BNCDADOS!$A:$G,3,0))","v":"M2"},272.93,{"$f":"IF(C2180=0,\"\",VLOOKUP(C2180,BNCDADOS!$A:$G,4,0))","v":"9,64"},{"$f":"IF(C2180=0,\"\",VLOOKUP(C2180,BNCDADOS!$A:$G,5,0))","v":11.92},{"$f":"IF(H2180=\"\",0,TRUNC(H2180*F2180,2))","v":3253.32},{"$f":"IF(C2180=0,\"\",VLOOKUP(C2180,BNCDADOS!$A:$G,6,0))","v":"8,95"},{"$f":"IF(C2180=0,\"\",VLOOKUP(C2180,BNCDADOS!$A:$G,7,0))","v":11.63},{"$f":"IF(K2180=\"\",0,TRUNC(K2180*F2180,2))","v":3174.17},{"$f":"SUMIF('MC - TRECHO 06'!A:A,Orçamento!A2180,'MC - TRECHO 06'!R:R)","v":272.9375}]
["7.2.11",{"$f":"IF(C2181=0,\"\",VLOOKUP(C2181,BNCDADOS!$A:$G,8,0))","v":""},null,"INSTALAÇÃO ELÉTRICA",{"$f":"IF(C2181=0,\"\",VLOOKUP(C2181,BNCDADOS!$A:$G,3,0))","v":""},0,{"$f":"IF(C2181=0,\"\",VLOOKUP(C2181,BNCDADOS!$A:$G,4,0))","v":""},{"$f":"IF(C2181=0,\"\",VLOOKUP(C2181,BNCDADOS!$A:$G,5,0))","v":""},{"$f":"SUM(I2182:I2212)","v":275047.20000000007},{"$f":"IF(C2181=0,\"\",VLOOKUP(C2181,BNCDADOS!$A:$G,6,0))","v":""},{"$f":"IF(C2181=0,\"\",VLOOKUP(C2181,BNCDADOS!$A:$G,7,0))","v":""},{"$f":"SUM(L2182:L2212)","v":283577.41000000003},0]
["7.2.11.1",{"$f":"IF(C2182=0,\"\",VLOOKUP(C2182,BNCDADOS!$A:$H,8,0))","v":0},"COMP 27",{"$f":"IF(C2182=0,\"\",VLOOKUP(C2182,BNCDADOS!$A:$G,2,0))","v":"INSTALAÇÃO DE POSTE DE ENTRADA DE ENERGIA PARA SUBSTAÇÃO ABRIGADA, PROTEÇÃO GERAL, POSTES, CRUZETAS, E CAIXA DE PASSAGEM"},{"$f":"IF(C2182=0,\"\",VLOOKUP(C2182,BNCDADOS!$A:$G,3,0))","v":"UN"},1,{"$f":"IF(C2182=0,\"\",VLOOKUP(C2182,BNCDADOS!$A:$G,4,0))","v":14431.300000000001},{"$f":"IF(C2182=0,\"\",VLOOKUP(C2182,BNCDADOS!$A:$G,5,0))","v":17850.07},{"$f":"IF(H2182=\"\",0,TRUNC(H2182*F2182,2))","v":17850.07},{"$f":"IF(C2182=0,\"\",VLOOKUP(C2182,BNCDADOS!$A:$G,6,0))","v":14205.919999999998},{"$f":"IF(C2182=0,\"\",VLOOKUP(C2182,BNCDADOS!$A:$G,7,0))","v":18462.009999999998},{"$f":"IF(K2182=\"\",0,TRUNC(K2182*F2182,2))","v":18462.009999999998},{"$f":"SUMIF('MC - TRECHO 06'!A:A,Orçamento!A2182,'MC - TRECHO 06'!R:R)","v":1}]
["7.2.11.2",{"$f":"IF(C2183=0,\"\",VLOOKUP(C2183,BNCDADOS!$A:$H,8,0))","v":"SINAPI/RN\nSERVIÇO"},101878,{"$f":"IF(C2183=0,\"\",VLOOKUP(C2183,BNCDADOS!$A:$G,2,0))","v":"QUADRO DE DISTRIBUIÇÃO DE ENERGIA EM CHAPA DE AÇO GALVANIZADO, DE SOBREPOR, COM BARRAMENTO TRIFÁSICO, PARA 18 DISJUNTORES DIN 100A - FORNECIMENTO E INSTALAÇÃO. AF_10/2020"},{"$f":"IF(C2183=0,\"\",VLOOKUP(C2183,BNCDADOS!$A:$G,3,0))","v":"UN"},1,{"$f":"IF(C2183=0,\"\",VLOOKUP(C2183,BNCDADOS!$A:$G,4,0))","v":"474,58"},{"$f":"IF(C2183=0,\"\",VLOOKUP(C2183,BNCDADOS!$A:$G,5,0))","v":587},587,{"$f":"IF(C2183=0,\"\",VLOOKUP(C2183,BNCDADOS!$A:$G,6,0))","v":"466,38"},{"$f":"IF(C2183=0,\"\",VLOOKUP(C2183,BNCDADOS!$A:$G,7,0))","v":606.1},606.1,{"$f":"SUMIF('MC - TRECHO 06'!A:A,Orçamento!A2183,'MC - TRECHO 06'!R:R)","v":1}]
["7.2.11.3",{"$f":"IF(C2184=0,\"\",VLOOKUP(C2184,BNCDADOS!$A:$H,8,0))","v":"SINAPI/RN\nSERVIÇO"},93673,{"$f":"IF(C2184=0,\"\",VLOOKUP(C2184,BNCDADOS!$A:$G,2,0))","v":"DISJUNTOR TRIPOLAR TIPO DIN, CORRENTE NOMINAL DE 50A - FORNECIMENTO E INSTALAÇÃO. AF_10/2020"},{"$f":"IF(C2184=0,\"\",VLOOKUP(C2184,BNCDADOS!$A:$G,3,0))","v":"UN"},1,{"$f":"IF(C2184=0,\"\",VLOOKUP(C2184,BNCDADOS!$A:$G,4,0))","v":"94,84"},{"$f":"IF(C2184=0,\"\",VLOOKUP(C2184,BNCDADOS!$A:$G,5,0))","v":117.3},117.3,{"$f":"IF(C2184=0,\"\",VLOOKUP(C2184,BNCDADOS!$A:$G,6,0))","v":"91,78"},{"$f":"IF(C2184=0,\"\",VLOOKUP(C2184,BNCDADOS!$A:$G,7,0))","v":119.27},119.27,{"$f":"SUMIF('MC - TRECHO 06'!A:A,Orçamento!A2184,'MC - TRECHO 06'!R:R)","v":1}]
["7.2.11.4",{"$f":"IF(C2185=0,\"\",VLOOKUP(C2185,BNCDADOS!$A:$H,8,0))","v":"caern"},1060429,{"$f":"IF(C2185=0,\"\",VLOOKUP(C2185,BNCDADOS!$A:$G,2,0))","v":"DISJUNTOR DIFERENCIAL DR 63A. R_05/2019"},{"$f":"IF(C2185=0,\"\",VLOOKUP(C2185,BNCDADOS!$A:$G,3,0))","v":"UN "},1,{"$f":"IF(C2185=0,\"\",VLOOKUP(C2185,BNCDADOS!$A:$G,4,0))","v":171.19},{"$f":"IF(C2185=0,\"\",VLOOKUP(C2185,BNCDADOS!$A:$G,5,0))","v":211.74},211.74,{"$f":"IF(C2185=0,\"\",VLOOKUP(C2185,BNCDADOS!$A:$G,6,0))","v":168.22},{"$f":"IF(C2185=0,\"\",VLOOKUP(C2185,BNCDADOS!$A:$G,7,0))","v":218.61},218.61,{"$f":"SUMIF('MC - TRECHO 06'!A:A,Orçamento!A2185,'MC - TRECHO 06'!R:R)","v":1}]
["7.2.11.5",{"$f":"IF(C2186=0,\"\",VLOOKUP(C2186,BNCDADOS!$A:$H,8,0))","v":"SINAPI/RN\nSERVIÇO"},93653,{"$f":"IF(C2186=0,\"\",VLOOKUP(C2186,BNCDADOS!$A:$G,2,0))","v":"DISJUNTOR MONOPOLAR TIPO DIN, CORRENTE NOMINAL DE 10A - FORNECIMENTO E INSTALAÇÃO. AF_10/2020"},{"$f":"IF(C2186=0,\"\",VLOOKUP(C2186,BNCDADOS!$A:$G,3,0))","v":"UN"},1,{"$f":"IF(C2186=0,\"\",VLOOKUP(C2186,BNCDADOS!$A:$G,4,0))","v":"11,31"},{"$f":"IF(C2186=0,\"\",VLOOKUP(C2186,BNCDADOS!$A:$G,5,0))","v":13.98},13.98,{"$f":"IF(C2186=0,\"\",VLOOKUP(C2186,BNCDADOS!$A:$G,6,0))","v":"11,11"},{"$f":"IF(C2186=0,\"\",VLOOKUP(C2186,BNCDADOS!$A:$G,7,0))","v":14.43},14.43,{"$f":"SUMIF('MC - TRECHO 06'!A:A,Orçamento!A2186,'MC - TRECHO 06'!R:R)","v":1}]
["7.2.11.6",{"$f":"IF(C2187=0,\"\",VLOOKUP(C2187,BNCDADOS!$A:$H,8,0))","v":"SINAPI/RN\nSERVIÇO"},93654,{"$f":"IF(C2187=0,\"\",VLOOKUP(C2187,BNCDADOS!$A:$G,2,0))","v":"DISJUNTOR MONOPOLAR TIPO DIN, CORRENTE NOMINAL DE 16A - FORNECIMENTO E INSTALAÇÃO. AF_10/2020"},{"$f":"IF(C2187=0,\"\",VLOOKUP(C2187,BNCDADOS!$A:$G,3,0))","v":"UN"},8,{"$f":"IF(C2187=0,\"\",VLOOKUP(C2187,BNCDADOS!$A:$G,4,0))","v":"11,95"},{"$f":"IF(C2187=0,\"\",VLOOKUP(C2187,BNCDADOS!$A:$G,5,0))","v":14.78},118.24,{"$f":"IF(C2187=0,\"\",VLOOKUP(C2187,BNCDADOS!$A:$G,6,0))","v":"11,68"},{"$f":"IF(C2187=0,\"\",VLOOKUP(C2187,BNCDADOS!$A:$G,7,0))","v":15.17},121.36,{"$f":"SUMIF('MC - TRECHO 06'!A:A,Orçamento!A2187,'MC - TRECHO 06'!R:R)","v":8}]
["7.2.11.7",{"$f":"IF(C2188=0,\"\",VLOOKUP(C2188,BNCDADOS!$A:$H,8,0))","v":"SINAPI/RN\nSERVIÇO"},93655,{"$f":"IF(C2188=0,\"\",VLOOKUP(C2188,BNCDADOS!$A:$G,2,0))","v":"DISJUNTOR MONOPOLAR TIPO DIN, CORRENTE NOMINAL DE 20A - FORNECIMENTO E INSTALAÇÃO. AF_10/2020"},{"$f":"IF(C2188=0,\"\",VLOOKUP(C2188,BNCDADOS!$A:$G,3,0))","v":"UN"},1,{"$f":"IF(C2188=0,\"\",VLOOKUP(C2188,BNCDADOS!$A:$G,4,0))","v":"13,20"},{"$f":"IF(C2188=0,\"\",VLOOKUP(C2188,BNCDADOS!$A:$G,5,0))","v":16.32},16.32,{"$f":"IF(C2188=0,\"\",VLOOKUP(C2188,BNCDADOS!$A:$G,6,0))","v":"12,85"},{"$f":"IF(C2188=0,\"\",VLOOKUP(C2188,BNCDADOS!$A:$G,7,0))","v":16.690000000000001},16.690000000000001,{"$f":"SUMIF('MC - TRECHO 06'!A:A,Orçamento!A2188,'MC - TRECHO 06'!R:R)","v":1}]
["7.2.11.8",{"$f":"IF(C2189=0,\"\",VLOOKUP(C2189,BNCDADOS!$A:$H,8,0))","v":"SINAPI/RN\nSERVIÇO"},93000,{"$f":"IF(C2189=0,\"\",VLOOKUP(C2189,BNCDADOS!$A:$G,2,0))","v":"CABO DE COBRE FLEXÍVEL ISOLADO, 240 MM², ANTI-CHAMA 0,6/1,0 KV, PARA REDE ENTERRADA DE DISTRIBUIÇÃO DE ENERGIA ELÉTRICA - FORNECIMENTO E INSTALAÇÃO. AF_12/2021"},{"$f":"IF(C2189=0,\"\",VLOOKUP(C2189,BNCDADOS!$A:$G,3,0))","v":"M"},360,{"$f":"IF(C2189=0,\"\",VLOOKUP(C2189,BNCDADOS!$A:$G,4,0))","v":"293,85"},{"$f":"IF(C2189=0,\"\",VLOOKUP(C2189,BNCDADOS!$A:$G,5,0))","v":363.46},130845.6,{"$f":"IF(C2189=0,\"\",VLOOKUP(C2189,BNCDADOS!$A:$G,6,0))","v":"292,50"},{"$f":"IF(C2189=0,\"\",VLOOKUP(C2189,BNCDADOS!$A:$G,7,0))","v":380.13},136846.79999999999,{"$f":"SUMIF('MC - TRECHO 06'!A:A,Orçamento!A2189,'MC - TRECHO 06'!R:R)","v":360}]
["7.2.11.9",{"$f":"IF(C2190=0,\"\",VLOOKUP(C2190,BNCDADOS!$A:$H,8,0))","v":"SINAPI/RN\nSERVIÇO"},91931,{"$f":"IF(C2190=0,\"\",VLOOKUP(C2190,BNCDADOS!$A:$G,2,0))","v":"CABO DE COBRE FLEXÍVEL ISOLADO, 6 MM², ANTI-CHAMA 0,6/1,0 KV, PARA CIRCUITOS TERMINAIS - FORNECIMENTO E INSTALAÇÃO. AF_03/2023"},{"$f":"IF(C2190=0,\"\",VLOOKUP(C2190,BNCDADOS!$A:$G,3,0))","v":"M"},15,{"$f":"IF(C2190=0,\"\",VLOOKUP(C2190,BNCDADOS!$A:$G,4,0))","v":"11,29"},{"$f":"IF(C2190=0,\"\",VLOOKUP(C2190,BNCDADOS!$A:$G,5,0))","v":13.96},209.4,{"$f":"IF(C2190=0,\"\",VLOOKUP(C2190,BNCDADOS!$A:$G,6,0))","v":"11,02"},{"$f":"IF(C2190=0,\"\",VLOOKUP(C2190,BNCDADOS!$A:$G,7,0))","v":14.32},214.8,{"$f":"SUMIF('MC - TRECHO 06'!A:A,Orçamento!A2190,'MC - TRECHO 06'!R:R)","v":15}]
["7.2.11.10",{"$f":"IF(C2191=0,\"\",VLOOKUP(C2191,BNCDADOS!$A:$H,8,0))","v":"SINAPI/RN\nSERVIÇO"},91929,{"$f":"IF(C2191=0,\"\",VLOOKUP(C2191,BNCDADOS!$A:$G,2,0))","v":"CABO DE COBRE FLEXÍVEL ISOLADO, 4 MM², ANTI-CHAMA 0,6/1,0 KV, PARA CIRCUITOS TERMINAIS - FORNECIMENTO E INSTALAÇÃO. AF_03/2023"},{"$f":"IF(C2191=0,\"\",VLOOKUP(C2191,BNCDADOS!$A:$G,3,0))","v":"M"},{"$f":"TRUNC(M2191,2)","v":115.5},{"$f":"IF(C2191=0,\"\",VLOOKUP(C2191,BNCDADOS!$A:$G,4,0))","v":"7,98"},{"$f":"IF(C2191=0,\"\",VLOOKUP(C2191,BNCDADOS!$A:$G,5,0))","v":9.8699999999999992},{"$f":"IF(H2191=\"\",0,TRUNC(H2191*F2191,2))","v":1139.98},{"$f":"IF(C2191=0,\"\",VLOOKUP(C2191,BNCDADOS!$A:$G,6,0))","v":"7,76"},{"$f":"IF(C2191=0,\"\",VLOOKUP(C2191,BNCDADOS!$A:$G,7,0))","v":10.08},{"$f":"IF(K2191=\"\",0,TRUNC(K2191*F2191,2))","v":1164.24},{"$f":"SUMIF('MC - TRECHO 06'!A:A,Orçamento!A2191,'MC - TRECHO 06'!R:R)","v":115.5}]
["7.2.11.11",{"$f":"IF(C2192=0,\"\",VLOOKUP(C2192,BNCDADOS!$A:$H,8,0))","v":"SINAPI/RN\nSERVIÇO"},91927,{"$f":"IF(C2192=0,\"\",VLOOKUP(C2192,BNCDADOS!$A:$G,2,0))","v":"CABO DE COBRE FLEXÍVEL ISOLADO, 2,5 MM², ANTI-CHAMA 0,6/1,0 KV, PARA CIRCUITOS TERMINAIS - FORNECIMENTO E INSTALAÇÃO. AF_03/2023"},{"$f":"IF(C2192=0,\"\",VLOOKUP(C2192,BNCDADOS!$A:$G,3,0))","v":"M"},90,{"$f":"IF(C2192=0,\"\",VLOOKUP(C2192,BNCDADOS!$A:$G,4,0))","v":"5,38"},{"$f":"IF(C2192=0,\"\",VLOOKUP(C2192,BNCDADOS!$A:$G,5,0))","v":6.65},598.5,{"$f":"IF(C2192=0,\"\",VLOOKUP(C2192,BNCDADOS!$A:$G,6,0))","v":"5,22"},{"$f":"IF(C2192=0,\"\",VLOOKUP(C2192,BNCDADOS!$A:$G,7,0))","v":6.78},610.20000000000005,{"$f":"SUMIF('MC - TRECHO 06'!A:A,Orçamento!A2192,'MC - TRECHO 06'!R:R)","v":90}]
["7.2.11.12",{"$f":"IF(C2193=0,\"\",VLOOKUP(C2193,BNCDADOS!$A:$H,8,0))","v":"SINAPI/RN\nSERVIÇO"},91854,{"$f":"IF(C2193=0,\"\",VLOOKUP(C2193,BNCDADOS!$A:$G,2,0))","v":"ELETRODUTO FLEXÍVEL CORRUGADO, PVC, DN 25 MM (3/4\"), PARA CIRCUITOS TERMINAIS, INSTALADO EM PAREDE - FORNECIMENTO E INSTALAÇÃO. AF_03/2023"},{"$f":"IF(C2193=0,\"\",VLOOKUP(C2193,BNCDADOS!$A:$G,3,0))","v":"M"},5.5,{"$f":"IF(C2193=0,\"\",VLOOKUP(C2193,BNCDADOS!$A:$G,4,0))","v":"8,73"},{"$f":"IF(C2193=0,\"\",VLOOKUP(C2193,BNCDADOS!$A:$G,5,0))","v":10.79},59.34,{"$f":"IF(C2193=0,\"\",VLOOKUP(C2193,BNCDADOS!$A:$G,6,0))","v":"8,01"},{"$f":"IF(C2193=0,\"\",VLOOKUP(C2193,BNCDADOS!$A:$G,7,0))","v":10.4},57.2,{"$f":"SUMIF('MC - TRECHO 06'!A:A,Orçamento!A2193,'MC - TRECHO 06'!R:R)","v":5.5}]
["7.2.11.13",{"$f":"IF(C2194=0,\"\",VLOOKUP(C2194,BNCDADOS!$A:$H,8,0))","v":"SINAPI/RN\nSERVIÇO"},95728,{"$f":"IF(C2194=0,\"\",VLOOKUP(C2194,BNCDADOS!$A:$G,2,0))","v":"ELETRODUTO RÍGIDO SOLDÁVEL, PVC, DN 32 MM (1\u0094), APARENTE - FORNECIMENTO E INSTALAÇÃO. AF_10/2022_PA"},{"$f":"IF(C2194=0,\"\",VLOOKUP(C2194,BNCDADOS!$A:$G,3,0))","v":"M"},38,{"$f":"IF(C2194=0,\"\",VLOOKUP(C2194,BNCDADOS!$A:$G,4,0))","v":"23,88"},{"$f":"IF(C2194=0,\"\",VLOOKUP(C2194,BNCDADOS!$A:$G,5,0))","v":29.53},1122.1400000000001,{"$f":"IF(C2194=0,\"\",VLOOKUP(C2194,BNCDADOS!$A:$G,6,0))","v":"22,13"},{"$f":"IF(C2194=0,\"\",VLOOKUP(C2194,BNCDADOS!$A:$G,7,0))","v":28.76},1092.8800000000001,{"$f":"SUMIF('MC - TRECHO 06'!A:A,Orçamento!A2194,'MC - TRECHO 06'!R:R)","v":38}]
["7.2.11.14",{"$f":"IF(C2195=0,\"\",VLOOKUP(C2195,BNCDADOS!$A:$H,8,0))","v":"SINAPI/RN\nSERVIÇO"},93011,{"$f":"IF(C2195=0,\"\",VLOOKUP(C2195,BNCDADOS!$A:$G,2,0))","v":"ELETRODUTO RÍGIDO ROSCÁVEL, PVC, DN 85 MM (3\"), PARA REDE ENTERRADA DE DISTRIBUIÇÃO DE ENERGIA ELÉTRICA - FORNECIMENTO E INSTALAÇÃO. AF_12/2021"},{"$f":"IF(C2195=0,\"\",VLOOKUP(C2195,BNCDADOS!$A:$G,3,0))","v":"M"},25.5,{"$f":"IF(C2195=0,\"\",VLOOKUP(C2195,BNCDADOS!$A:$G,4,0))","v":"34,98"},{"$f":"IF(C2195=0,\"\",VLOOKUP(C2195,BNCDADOS!$A:$G,5,0))","v":43.26},1103.1300000000001,{"$f":"IF(C2195=0,\"\",VLOOKUP(C2195,BNCDADOS!$A:$G,6,0))","v":"34,06"},{"$f":"IF(C2195=0,\"\",VLOOKUP(C2195,BNCDADOS!$A:$G,7,0))","v":44.26},1128.6300000000001,{"$f":"SUMIF('MC - TRECHO 06'!A:A,Orçamento!A2195,'MC - TRECHO 06'!R:R)","v":25.5}]
["7.2.11.15",{"$f":"IF(C2196=0,\"\",VLOOKUP(C2196,BNCDADOS!$A:$H,8,0))","v":"SINAPI/RN\nSERVIÇO"},97882,{"$f":"IF(C2196=0,\"\",VLOOKUP(C2196,BNCDADOS!$A:$G,2,0))","v":"CAIXA ENTERRADA ELÉTRICA RETANGULAR, EM CONCRETO PRÉ-MOLDADO, FUNDO COM BRITA, DIMENSÕES INTERNAS: 0,4X0,4X0,4 M. AF_12/2020"},{"$f":"IF(C2196=0,\"\",VLOOKUP(C2196,BNCDADOS!$A:$G,3,0))","v":"UN"},9,{"$f":"IF(C2196=0,\"\",VLOOKUP(C2196,BNCDADOS!$A:$G,4,0))","v":"215,84"},{"$f":"IF(C2196=0,\"\",VLOOKUP(C2196,BNCDADOS!$A:$G,5,0))","v":266.97000000000003},2402.73,{"$f":"IF(C2196=0,\"\",VLOOKUP(C2196,BNCDADOS!$A:$G,6,0))","v":"212,07"},{"$f":"IF(C2196=0,\"\",VLOOKUP(C2196,BNCDADOS!$A:$G,7,0))","v":275.60000000000002},2480.4,{"$f":"SUMIF('MC - TRECHO 06'!A:A,Orçamento!A2196,'MC - TRECHO 06'!R:R)","v":9}]
["7.2.11.16",{"$f":"IF(C2197=0,\"\",VLOOKUP(C2197,BNCDADOS!$A:$H,8,0))","v":"caern"},2070407,{"$f":"IF(C2197=0,\"\",VLOOKUP(C2197,BNCDADOS!$A:$G,2,0))","v":"CONJUNTO ILUMINAÇÃO EXTERNA TIPO PÉTALA COM 01 REFLETOR LED DE 100 W E POSTE CIRCULAR DE 9M EM CONCRETO. INC_05/2020"},{"$f":"IF(C2197=0,\"\",VLOOKUP(C2197,BNCDADOS!$A:$G,3,0))","v":"UN "},6,{"$f":"IF(C2197=0,\"\",VLOOKUP(C2197,BNCDADOS!$A:$G,4,0))","v":2381.63},{"$f":"IF(C2197=0,\"\",VLOOKUP(C2197,BNCDADOS!$A:$G,5,0))","v":2945.83},17674.98,{"$f":"IF(C2197=0,\"\",VLOOKUP(C2197,BNCDADOS!$A:$G,6,0))","v":2346.0200000000004},{"$f":"IF(C2197=0,\"\",VLOOKUP(C2197,BNCDADOS!$A:$G,7,0))","v":3048.88},18293.28,{"$f":"SUMIF('MC - TRECHO 06'!A:A,Orçamento!A2197,'MC - TRECHO 06'!R:R)","v":6}]
["7.2.11.17",{"$f":"IF(C2198=0,\"\",VLOOKUP(C2198,BNCDADOS!$A:$H,8,0))","v":"SINAPI/RN\nSERVIÇO"},97586,{"$f":"IF(C2198=0,\"\",VLOOKUP(C2198,BNCDADOS!$A:$G,2,0))","v":"LUMINÁRIA TIPO CALHA, DE SOBREPOR, COM 2 LÂMPADAS TUBULARES FLUORESCENTES DE 36 W, COM REATOR DE PARTIDA RÁPIDA - FORNECIMENTO E INSTALAÇÃO. AF_02/2020 "},{"$f":"IF(C2198=0,\"\",VLOOKUP(C2198,BNCDADOS!$A:$G,3,0))","v":"UN"},19,{"$f":"IF(C2198=0,\"\",VLOOKUP(C2198,BNCDADOS!$A:$G,4,0))","v":173.43},{"$f":"IF(C2198=0,\"\",VLOOKUP(C2198,BNCDADOS!$A:$G,5,0))","v":214.51},4075.69,{"$f":"IF(C2198=0,\"\",VLOOKUP(C2198,BNCDADOS!$A:$G,6,0))","v":171.79},{"$f":"IF(C2198=0,\"\",VLOOKUP(C2198,BNCDADOS!$A:$G,7,0))","v":223.25},4241.75,{"$f":"SUMIF('MC - TRECHO 06'!A:A,Orçamento!A2198,'MC - TRECHO 06'!R:R)","v":19}]
["7.2.11.18",{"$f":"IF(C2199=0,\"\",VLOOKUP(C2199,BNCDADOS!$A:$H,8,0))","v":"SINAPI/RN\nSERVIÇO"},97589,{"$f":"IF(C2199=0,\"\",VLOOKUP(C2199,BNCDADOS!$A:$G,2,0))","v":"LUMINÁRIA TIPO PLAFON EM PLÁSTICO, DE SOBREPOR, COM 1 LÂMPADA FLUORESCENTE DE 15 W, SEM REATOR - FORNECIMENTO E INSTALAÇÃO. AF_02/2020"},{"$f":"IF(C2199=0,\"\",VLOOKUP(C2199,BNCDADOS!$A:$G,3,0))","v":"UN"},1,{"$f":"IF(C2199=0,\"\",VLOOKUP(C2199,BNCDADOS!$A:$G,4,0))","v":44.24},{"$f":"IF(C2199=0,\"\",VLOOKUP(C2199,BNCDADOS!$A:$G,5,0))","v":54.72},54.72,{"$f":"IF(C2199=0,\"\",VLOOKUP(C2199,BNCDADOS!$A:$G,6,0))","v":42.12},{"$f":"IF(C2199=0,\"\",VLOOKUP(C2199,BNCDADOS!$A:$G,7,0))","v":54.73},54.73,{"$f":"SUMIF('MC - TRECHO 06'!A:A,Orçamento!A2199,'MC - TRECHO 06'!R:R)","v":1}]
["7.2.11.19",{"$f":"IF(C2200=0,\"\",VLOOKUP(C2200,BNCDADOS!$A:$H,8,0))","v":"SINAPI/RN\nSERVIÇO"},91953,{"$f":"IF(C2200=0,\"\",VLOOKUP(C2200,BNCDADOS!$A:$G,2,0))","v":"INTERRUPTOR SIMPLES (1 MÓDULO), 10A/250V, INCLUINDO SUPORTE E PLACA - FORNECIMENTO E INSTALAÇÃO. AF_03/2023"},{"$f":"IF(C2200=0,\"\",VLOOKUP(C2200,BNCDADOS!$A:$G,3,0))","v":"UN"},3,{"$f":"IF(C2200=0,\"\",VLOOKUP(C2200,BNCDADOS!$A:$G,4,0))","v":"28,95"},{"$f":"IF(C2200=0,\"\",VLOOKUP(C2200,BNCDADOS!$A:$G,5,0))","v":35.799999999999997},107.4,{"$f":"IF(C2200=0,\"\",VLOOKUP(C2200,BNCDADOS!$A:$G,6,0))","v":"27,02"},{"$f":"IF(C2200=0,\"\",VLOOKUP(C2200,BNCDADOS!$A:$G,7,0))","v":35.11},105.33,{"$f":"SUMIF('MC - TRECHO 06'!A:A,Orçamento!A2200,'MC - TRECHO 06'!R:R)","v":3}]
["7.2.11.20",{"$f":"IF(C2201=0,\"\",VLOOKUP(C2201,BNCDADOS!$A:$H,8,0))","v":"SINAPI/RN\nSERVIÇO"},92000,{"$f":"IF(C2201=0,\"\",VLOOKUP(C2201,BNCDADOS!$A:$G,2,0))","v":"TOMADA BAIXA DE EMBUTIR (1 MÓDULO), 2P+T 10 A, INCLUINDO SUPORTE E PLACA - FORNECIMENTO E INSTALAÇÃO. AF_03/2023"},{"$f":"IF(C2201=0,\"\",VLOOKUP(C2201,BNCDADOS!$A:$G,3,0))","v":"UN"},4,{"$f":"IF(C2201=0,\"\",VLOOKUP(C2201,BNCDADOS!$A:$G,4,0))","v":"30,35"},{"$f":"IF(C2201=0,\"\",VLOOKUP(C2201,BNCDADOS!$A:$G,5,0))","v":37.53},150.12,{"$f":"IF(C2201=0,\"\",VLOOKUP(C2201,BNCDADOS!$A:$G,6,0))","v":"28,36"},{"$f":"IF(C2201=0,\"\",VLOOKUP(C2201,BNCDADOS!$A:$G,7,0))","v":36.85},147.4,{"$f":"SUMIF('MC - TRECHO 06'!A:A,Orçamento!A2201,'MC - TRECHO 06'!R:R)","v":4}]
["7.2.11.21",{"$f":"IF(C2202=0,\"\",VLOOKUP(C2202,BNCDADOS!$A:$H,8,0))","v":0},"COMP 33",{"$f":"IF(C2202=0,\"\",VLOOKUP(C2202,BNCDADOS!$A:$G,2,0))","v":"SERVIÇOS DE MONTAGEM E INSTALAÇÃO DA SUBSTAÇÃO ABRIGADA DA EEAT COM CARGA TOTAL DE 1000KVA"},{"$f":"IF(C2202=0,\"\",VLOOKUP(C2202,BNCDADOS!$A:$G,3,0))","v":"UN"},1,{"$f":"IF(C2202=0,\"\",VLOOKUP(C2202,BNCDADOS!$A:$G,4,0))","v":30375.239999999998},{"$f":"IF(C2202=0,\"\",VLOOKUP(C2202,BNCDADOS!$A:$G,5,0))","v":37571.129999999997},37571.129999999997,{"$f":"IF(C2202=0,\"\",VLOOKUP(C2202,BNCDADOS!$A:$G,6,0))","v":27732.28},{"$f":"IF(C2202=0,\"\",VLOOKUP(C2202,BNCDADOS!$A:$G,7,0))","v":36040.870000000003},36040.870000000003,{"$f":"SUMIF('MC - TRECHO 06'!A:A,Orçamento!A2202,'MC - TRECHO 06'!R:R)","v":1}]
["7.2.11.22",{"$f":"IF(C2203=0,\"\",VLOOKUP(C2203,BNCDADOS!$A:$H,8,0))","v":0},"COMP 29",{"$f":"IF(C2203=0,\"\",VLOOKUP(C2203,BNCDADOS!$A:$G,2,0))","v":"PISO EMBORRACHADO COM NÍVEL DE ISOLAMENTO PARA 15KV - FORNECIMENTO E INSTALAÇÃO"},{"$f":"IF(C2203=0,\"\",VLOOKUP(C2203,BNCDADOS!$A:$G,3,0))","v":"M2"},59,{"$f":"IF(C2203=0,\"\",VLOOKUP(C2203,BNCDADOS!$A:$G,4,0))","v":582.00000000000011},{"$f":"IF(C2203=0,\"\",VLOOKUP(C2203,BNCDADOS!$A:$G,5,0))","v":719.87},42472.33,{"$f":"IF(C2203=0,\"\",VLOOKUP(C2203,BNCDADOS!$A:$G,6,0))","v":580.29000000000008},{"$f":"IF(C2203=0,\"\",VLOOKUP(C2203,BNCDADOS!$A:$G,7,0))","v":754.14},44494.26,{"$f":"SUMIF('MC - TRECHO 06'!A:A,Orçamento!A2203,'MC - TRECHO 06'!R:R)","v":59}]
["7.2.11.23",{"$f":"IF(C2204=0,\"\",VLOOKUP(C2204,BNCDADOS!$A:$H,8,0))","v":0},"COMP 30",{"$f":"IF(C2204=0,\"\",VLOOKUP(C2204,BNCDADOS!$A:$G,2,0))","v":"TELA DE PROTEÇÃO COM 1 PORTA COM ARMAÇÃO DE CANTONEIRAS E TELA DE ARAME, GALVANIZADO Nº12 BWG E MALHA DE 50mmx50mm COM TRATAMENTO ANTI-CORROSIVO."},{"$f":"IF(C2204=0,\"\",VLOOKUP(C2204,BNCDADOS!$A:$G,3,0))","v":"M2"},{"$f":"TRUNC(M2204,2)","v":22},{"$f":"IF(C2204=0,\"\",VLOOKUP(C2204,BNCDADOS!$A:$G,4,0))","v":291.86},{"$f":"IF(C2204=0,\"\",VLOOKUP(C2204,BNCDADOS!$A:$G,5,0))","v":361},{"$f":"IF(H2204=\"\",0,TRUNC(H2204*F2204,2))","v":7942},{"$f":"IF(C2204=0,\"\",VLOOKUP(C2204,BNCDADOS!$A:$G,6,0))","v":285.39},{"$f":"IF(C2204=0,\"\",VLOOKUP(C2204,BNCDADOS!$A:$G,7,0))","v":370.89},{"$f":"IF(K2204=\"\",0,TRUNC(K2204*F2204,2))","v":8159.58},{"$f":"SUMIF('MC - TRECHO 06'!A:A,Orçamento!A2204,'MC - TRECHO 06'!R:R)","v":22}]
["7.2.11.24",{"$f":"IF(C2205=0,\"\",VLOOKUP(C2205,BNCDADOS!$A:$H,8,0))","v":"SINAPI/RN\nSERVIÇO"},96977,{"$f":"IF(C2205=0,\"\",VLOOKUP(C2205,BNCDADOS!$A:$G,2,0))","v":"CORDOALHA DE COBRE NU 50 MM², ENTERRADA - FORNECIMENTO E INSTALAÇÃO. AF_08/2023"},{"$f":"IF(C2205=0,\"\",VLOOKUP(C2205,BNCDADOS!$A:$G,3,0))","v":"M"},32.200000000000003,{"$f":"IF(C2205=0,\"\",VLOOKUP(C2205,BNCDADOS!$A:$G,4,0))","v":"66,73"},{"$f":"IF(C2205=0,\"\",VLOOKUP(C2205,BNCDADOS!$A:$G,5,0))","v":82.53},2657.46,{"$f":"IF(C2205=0,\"\",VLOOKUP(C2205,BNCDADOS!$A:$G,6,0))","v":"66,56"},{"$f":"IF(C2205=0,\"\",VLOOKUP(C2205,BNCDADOS!$A:$G,7,0))","v":86.5},2785.3,{"$f":"SUMIF('MC - TRECHO 06'!A:A,Orçamento!A2205,'MC - TRECHO 06'!R:R)","v":32.200000000000003}]
["7.2.11.25",{"$f":"IF(C2206=0,\"\",VLOOKUP(C2206,BNCDADOS!$A:$H,8,0))","v":"SINAPI/RN\nSERVIÇO"},96986,{"$f":"IF(C2206=0,\"\",VLOOKUP(C2206,BNCDADOS!$A:$G,2,0))","v":"HASTE DE ATERRAMENTO, DIÂMETRO 3/4\", COM 3 METROS - FORNECIMENTO E INSTALAÇÃO. AF_08/2023"},{"$f":"IF(C2206=0,\"\",VLOOKUP(C2206,BNCDADOS!$A:$G,3,0))","v":"UN"},6,{"$f":"IF(C2206=0,\"\",VLOOKUP(C2206,BNCDADOS!$A:$G,4,0))","v":"152,63"},{"$f":"IF(C2206=0,\"\",VLOOKUP(C2206,BNCDADOS!$A:$G,5,0))","v":188.78},1132.68,{"$f":"IF(C2206=0,\"\",VLOOKUP(C2206,BNCDADOS!$A:$G,6,0))","v":"150,55"},{"$f":"IF(C2206=0,\"\",VLOOKUP(C2206,BNCDADOS!$A:$G,7,0))","v":195.65},1173.9000000000001,{"$f":"SUMIF('MC - TRECHO 06'!A:A,Orçamento!A2206,'MC - TRECHO 06'!R:R)","v":6}]
["7.2.11.26",{"$f":"IF(C2207=0,\"\",VLOOKUP(C2207,BNCDADOS!$A:$H,8,0))","v":"SINAPI/RN\nINSUMOS"},34641,{"$f":"IF(C2207=0,\"\",VLOOKUP(C2207,BNCDADOS!$A:$G,2,0))","v":"CAIXA DE ATERRAMENTO EM CONCRETO PRE-MOLDADO, DIAMETRO DE 0,30 M E ALTURA DE 0,35 M, SEM FUNDO E COM TAMPA                                                                                                                                                                                                                                                                                                                                                                                                "},{"$f":"IF(C2207=0,\"\",VLOOKUP(C2207,BNCDADOS!$A:$G,3,0))","v":"UN    "},6,{"$f":"IF(C2207=0,\"\",VLOOKUP(C2207,BNCDADOS!$A:$G,4,0))","v":"107,66"},{"$f":"IF(C2207=0,\"\",VLOOKUP(C2207,BNCDADOS!$A:$G,5,0))","v":133.16},798.96,{"$f":"IF(C2207=0,\"\",VLOOKUP(C2207,BNCDADOS!$A:$G,6,0))","v":"107,66"},{"$f":"IF(C2207=0,\"\",VLOOKUP(C2207,BNCDADOS!$A:$G,7,0))","v":139.91},839.46,{"$f":"SUMIF('MC - TRECHO 06'!A:A,Orçamento!A2207,'MC - TRECHO 06'!R:R)","v":6}]
["7.2.11.27",{"$f":"IF(C2208=0,\"\",VLOOKUP(C2208,BNCDADOS!$A:$H,8,0))","v":"SINAPI/RN\nSERVIÇO"},104750,{"$f":"IF(C2208=0,\"\",VLOOKUP(C2208,BNCDADOS!$A:$G,2,0))","v":"CONECTOR GRAMPO METÁLICO TIPO OLHAL, PARA SPDA, PARA HASTE DE ATERRAMENTO DE 5/8'' E CABOS DE 10 A 50 MM2 - FORNECIMENTO E INSTALAÇÃO. AF_08/2023"},{"$f":"IF(C2208=0,\"\",VLOOKUP(C2208,BNCDADOS!$A:$G,3,0))","v":"UN"},6,{"$f":"IF(C2208=0,\"\",VLOOKUP(C2208,BNCDADOS!$A:$G,4,0))","v":"18,06"},{"$f":"IF(C2208=0,\"\",VLOOKUP(C2208,BNCDADOS!$A:$G,5,0))","v":22.33},133.97999999999999,{"$f":"IF(C2208=0,\"\",VLOOKUP(C2208,BNCDADOS!$A:$G,6,0))","v":"17,06"},{"$f":"IF(C2208=0,\"\",VLOOKUP(C2208,BNCDADOS!$A:$G,7,0))","v":22.17},133.02000000000001,{"$f":"SUMIF('MC - TRECHO 06'!A:A,Orçamento!A2208,'MC - TRECHO 06'!R:R)","v":6}]
["7.2.11.28",{"$f":"IF(C2209=0,\"\",VLOOKUP(C2209,BNCDADOS!$A:$H,8,0))","v":"SINAPI/RN\nSERVIÇO"},96973,{"$f":"IF(C2209=0,\"\",VLOOKUP(C2209,BNCDADOS!$A:$G,2,0))","v":"CORDOALHA DE COBRE NU 35 MM², NÃO ENTERRADA, COM ISOLADOR - FORNECIMENTO E INSTALAÇÃO. AF_08/2023"},{"$f":"IF(C2209=0,\"\",VLOOKUP(C2209,BNCDADOS!$A:$G,3,0))","v":"M"},35,{"$f":"IF(C2209=0,\"\",VLOOKUP(C2209,BNCDADOS!$A:$G,4,0))","v":"76,41"},{"$f":"IF(C2209=0,\"\",VLOOKUP(C2209,BNCDADOS!$A:$G,5,0))","v":94.51},3307.85,{"$f":"IF(C2209=0,\"\",VLOOKUP(C2209,BNCDADOS!$A:$G,6,0))","v":"73,96"},{"$f":"IF(C2209=0,\"\",VLOOKUP(C2209,BNCDADOS!$A:$G,7,0))","v":96.11},3363.85,{"$f":"SUMIF('MC - TRECHO 06'!A:A,Orçamento!A2209,'MC - TRECHO 06'!R:R)","v":35}]
["7.2.11.29",{"$f":"IF(C2210=0,\"\",VLOOKUP(C2210,BNCDADOS!$A:$H,8,0))","v":"SINAPI/RN\nSERVIÇO"},96987,{"$f":"IF(C2210=0,\"\",VLOOKUP(C2210,BNCDADOS!$A:$G,2,0))","v":"BASE METÁLICA PARA MASTRO 1 ½\"  PARA SPDA - FORNECIMENTO E INSTALAÇÃO. AF_08/2023"},{"$f":"IF(C2210=0,\"\",VLOOKUP(C2210,BNCDADOS!$A:$G,3,0))","v":"UN"},1,{"$f":"IF(C2210=0,\"\",VLOOKUP(C2210,BNCDADOS!$A:$G,4,0))","v":"129,68"},{"$f":"IF(C2210=0,\"\",VLOOKUP(C2210,BNCDADOS!$A:$G,5,0))","v":160.4},160.4,{"$f":"IF(C2210=0,\"\",VLOOKUP(C2210,BNCDADOS!$A:$G,6,0))","v":"123,32"},{"$f":"IF(C2210=0,\"\",VLOOKUP(C2210,BNCDADOS!$A:$G,7,0))","v":160.26},160.26,{"$f":"SUMIF('MC - TRECHO 06'!A:A,Orçamento!A2210,'MC - TRECHO 06'!R:R)","v":1}]
["7.2.11.30",{"$f":"IF(C2211=0,\"\",VLOOKUP(C2211,BNCDADOS!$A:$H,8,0))","v":"SINAPI/RN\nSERVIÇO"},96988,{"$f":"IF(C2211=0,\"\",VLOOKUP(C2211,BNCDADOS!$A:$G,2,0))","v":"MASTRO 1 ½\", COM 3 METROS, PARA SPDA - FORNECIMENTO E INSTALAÇÃO. AF_08/2023"},{"$f":"IF(C2211=0,\"\",VLOOKUP(C2211,BNCDADOS!$A:$G,3,0))","v":"UN"},1,{"$f":"IF(C2211=0,\"\",VLOOKUP(C2211,BNCDADOS!$A:$G,4,0))","v":"181,32"},{"$f":"IF(C2211=0,\"\",VLOOKUP(C2211,BNCDADOS!$A:$G,5,0))","v":224.27},224.27,{"$f":"IF(C2211=0,\"\",VLOOKUP(C2211,BNCDADOS!$A:$G,6,0))","v":"180,42"},{"$f":"IF(C2211=0,\"\",VLOOKUP(C2211,BNCDADOS!$A:$G,7,0))","v":234.47},234.47,{"$f":"SUMIF('MC - TRECHO 06'!A:A,Orçamento!A2211,'MC - TRECHO 06'!R:R)","v":1}]
["7.2.11.31",{"$f":"IF(C2212=0,\"\",VLOOKUP(C2212,BNCDADOS!$A:$H,8,0))","v":"SINAPI/RN\nSERVIÇO"},96989,{"$f":"IF(C2212=0,\"\",VLOOKUP(C2212,BNCDADOS!$A:$G,2,0))","v":"CAPTOR TIPO FRANKLIN PARA SPDA - FORNECIMENTO E INSTALAÇÃO. AF_08/2023"},{"$f":"IF(C2212=0,\"\",VLOOKUP(C2212,BNCDADOS!$A:$G,3,0))","v":"UN"},1,{"$f":"IF(C2212=0,\"\",VLOOKUP(C2212,BNCDADOS!$A:$G,4,0))","v":"151,80"},{"$f":"IF(C2212=0,\"\",VLOOKUP(C2212,BNCDADOS!$A:$G,5,0))","v":187.76},187.76,{"$f":"IF(C2212=0,\"\",VLOOKUP(C2212,BNCDADOS!$A:$G,6,0))","v":"151,07"},{"$f":"IF(C2212=0,\"\",VLOOKUP(C2212,BNCDADOS!$A:$G,7,0))","v":196.33},196.33,{"$f":"SUMIF('MC - TRECHO 06'!A:A,Orçamento!A2212,'MC - TRECHO 06'!R:R)","v":1}]
["7.2.12",{"$f":"IF(C2213=0,\"\",VLOOKUP(C2213,BNCDADOS!$A:$G,8,0))","v":""},null,"INSTALAÇÕES ELETROMECÂNICAS",{"$f":"IF(C2213=0,\"\",VLOOKUP(C2213,BNCDADOS!$A:$G,3,0))","v":""},0,{"$f":"IF(C2213=0,\"\",VLOOKUP(C2213,BNCDADOS!$A:$G,4,0))","v":""},{"$f":"IF(C2213=0,\"\",VLOOKUP(C2213,BNCDADOS!$A:$G,5,0))","v":""},{"$f":"SUM(I2214:I2214)","v":3969.81},{"$f":"IF(C2213=0,\"\",VLOOKUP(C2213,BNCDADOS!$A:$G,6,0))","v":""},{"$f":"IF(C2213=0,\"\",VLOOKUP(C2213,BNCDADOS!$A:$G,7,0))","v":""},{"$f":"SUM(L2214:L2214)","v":3746.31},0]
["7.2.12.1",{"$f":"IF(C2214=0,\"\",VLOOKUP(C2214,BNCDADOS!$A:$H,8,0))","v":"caern"},2090008,{"$f":"IF(C2214=0,\"\",VLOOKUP(C2214,BNCDADOS!$A:$G,2,0))","v":"INSTALAÇÃO ELETROMECÂNICA DE CONJUNTO MOTO-BOMBA MAIOR QUE 200 CV E MENOR OU IGUAL A 500 CV. R_11/2021"},{"$f":"IF(C2214=0,\"\",VLOOKUP(C2214,BNCDADOS!$A:$G,3,0))","v":"UN "},3,{"$f":"IF(C2214=0,\"\",VLOOKUP(C2214,BNCDADOS!$A:$G,4,0))","v":1069.83},{"$f":"IF(C2214=0,\"\",VLOOKUP(C2214,BNCDADOS!$A:$G,5,0))","v":1323.27},{"$f":"IF(H2214=\"\",0,TRUNC(H2214*F2214,2))","v":3969.81},{"$f":"IF(C2214=0,\"\",VLOOKUP(C2214,BNCDADOS!$A:$G,6,0))","v":960.89},{"$f":"IF(C2214=0,\"\",VLOOKUP(C2214,BNCDADOS!$A:$G,7,0))","v":1248.77},{"$f":"IF(K2214=\"\",0,TRUNC(K2214*F2214,2))","v":3746.31},{"$f":"SUMIF('MC - TRECHO 06'!A:A,Orçamento!A2214,'MC - TRECHO 06'!R:R)","v":3}]
["7.2.13",{"$f":"IF(C2215=0,\"\",VLOOKUP(C2215,BNCDADOS!$A:$G,8,0))","v":""},null,"INSTALAÇÕES HIDRAÚLICAS",{"$f":"IF(C2215=0,\"\",VLOOKUP(C2215,BNCDADOS!$A:$G,3,0))","v":""},0,{"$f":"IF(C2215=0,\"\",VLOOKUP(C2215,BNCDADOS!$A:$G,4,0))","v":""},{"$f":"IF(C2215=0,\"\",VLOOKUP(C2215,BNCDADOS!$A:$G,5,0))","v":""},{"$f":"SUM(I2216:I2222)","v":34471.380000000005},{"$f":"IF(C2215=0,\"\",VLOOKUP(C2215,BNCDADOS!$A:$G,6,0))","v":""},{"$f":"IF(C2215=0,\"\",VLOOKUP(C2215,BNCDADOS!$A:$G,7,0))","v":""},{"$f":"SUM(L2216:L2222)","v":34330.270000000004},0]
["7.2.13.1",{"$f":"IF(C2216=0,\"\",VLOOKUP(C2216,BNCDADOS!$A:$H,8,0))","v":"SINAPI/RN\nSERVIÇO"},103108,{"$f":"IF(C2216=0,\"\",VLOOKUP(C2216,BNCDADOS!$A:$G,2,0))","v":"ASSENTAMENTO DE CONEXÃO COM 2 ACESSOS, FERRO FUNDIDO PARA REDE DE ÁGUA, DN  200 MM, JUNTA FLANGEADA (NÃO INCLUI O FORNECIMENTO). AF_09/2021"},{"$f":"IF(C2216=0,\"\",VLOOKUP(C2216,BNCDADOS!$A:$G,3,0))","v":"UN"},12,{"$f":"IF(C2216=0,\"\",VLOOKUP(C2216,BNCDADOS!$A:$G,4,0))","v":"103,84"},{"$f":"IF(C2216=0,\"\",VLOOKUP(C2216,BNCDADOS!$A:$G,5,0))","v":128.43},{"$f":"IF(H2216=\"\",0,TRUNC(H2216*F2216,2))","v":1541.16},{"$f":"IF(C2216=0,\"\",VLOOKUP(C2216,BNCDADOS!$A:$G,6,0))","v":"98,78"},{"$f":"IF(C2216=0,\"\",VLOOKUP(C2216,BNCDADOS!$A:$G,7,0))","v":128.37},{"$f":"IF(K2216=\"\",0,TRUNC(K2216*F2216,2))","v":1540.44},{"$f":"SUMIF('MC - TRECHO 06'!A:A,Orçamento!A2216,'MC - TRECHO 06'!R:R)","v":12}]
["7.2.13.2",{"$f":"IF(C2217=0,\"\",VLOOKUP(C2217,BNCDADOS!$A:$H,8,0))","v":"SINAPI/RN\nSERVIÇO"},103110,{"$f":"IF(C2217=0,\"\",VLOOKUP(C2217,BNCDADOS!$A:$G,2,0))","v":"ASSENTAMENTO DE CONEXÃO COM 2 ACESSOS, FERRO FUNDIDO PARA REDE DE ÁGUA, DN  300 MM, JUNTA FLANGEADA (NÃO INCLUI O FORNECIMENTO). AF_09/2021"},{"$f":"IF(C2217=0,\"\",VLOOKUP(C2217,BNCDADOS!$A:$G,3,0))","v":"UN"},2,{"$f":"IF(C2217=0,\"\",VLOOKUP(C2217,BNCDADOS!$A:$G,4,0))","v":"193,28"},{"$f":"IF(C2217=0,\"\",VLOOKUP(C2217,BNCDADOS!$A:$G,5,0))","v":239.06},{"$f":"IF(H2217=\"\",0,TRUNC(H2217*F2217,2))","v":478.12},{"$f":"IF(C2217=0,\"\",VLOOKUP(C2217,BNCDADOS!$A:$G,6,0))","v":"183,42"},{"$f":"IF(C2217=0,\"\",VLOOKUP(C2217,BNCDADOS!$A:$G,7,0))","v":238.37},{"$f":"IF(K2217=\"\",0,TRUNC(K2217*F2217,2))","v":476.74},{"$f":"SUMIF('MC - TRECHO 06'!A:A,Orçamento!A2217,'MC - TRECHO 06'!R:R)","v":2}]
["7.2.13.3",{"$f":"IF(C2218=0,\"\",VLOOKUP(C2218,BNCDADOS!$A:$H,8,0))","v":"SINAPI/RN\nSERVIÇO"},103112,{"$f":"IF(C2218=0,\"\",VLOOKUP(C2218,BNCDADOS!$A:$G,2,0))","v":"ASSENTAMENTO DE CONEXÃO COM 2 ACESSOS, FERRO FUNDIDO PARA REDE DE ÁGUA, DN  400 MM, JUNTA FLANGEADA (NÃO INCLUI O FORNECIMENTO). AF_09/2021"},{"$f":"IF(C2218=0,\"\",VLOOKUP(C2218,BNCDADOS!$A:$G,3,0))","v":"UN"},38,{"$f":"IF(C2218=0,\"\",VLOOKUP(C2218,BNCDADOS!$A:$G,4,0))","v":"282,71"},{"$f":"IF(C2218=0,\"\",VLOOKUP(C2218,BNCDADOS!$A:$G,5,0))","v":349.68},13287.84,{"$f":"IF(C2218=0,\"\",VLOOKUP(C2218,BNCDADOS!$A:$G,6,0))","v":"268,05"},{"$f":"IF(C2218=0,\"\",VLOOKUP(C2218,BNCDADOS!$A:$G,7,0))","v":348.35},13237.3,{"$f":"SUMIF('MC - TRECHO 06'!A:A,Orçamento!A2218,'MC - TRECHO 06'!R:R)","v":38}]
["7.2.13.4",{"$f":"IF(C2219=0,\"\",VLOOKUP(C2219,BNCDADOS!$A:$H,8,0))","v":"SINAPI/RN\nSERVIÇO"},103115,{"$f":"IF(C2219=0,\"\",VLOOKUP(C2219,BNCDADOS!$A:$G,2,0))","v":"ASSENTAMENTO DE CONEXÃO COM 2 ACESSOS, FERRO FUNDIDO PARA REDE DE ÁGUA, DN  600 MM, JUNTA FLANGEADA (NÃO INCLUI O FORNECIMENTO). AF_09/2021"},{"$f":"IF(C2219=0,\"\",VLOOKUP(C2219,BNCDADOS!$A:$G,3,0))","v":"UN"},24,{"$f":"IF(C2219=0,\"\",VLOOKUP(C2219,BNCDADOS!$A:$G,4,0))","v":"418,28"},{"$f":"IF(C2219=0,\"\",VLOOKUP(C2219,BNCDADOS!$A:$G,5,0))","v":517.37},12416.88,{"$f":"IF(C2219=0,\"\",VLOOKUP(C2219,BNCDADOS!$A:$G,6,0))","v":"396,31"},{"$f":"IF(C2219=0,\"\",VLOOKUP(C2219,BNCDADOS!$A:$G,7,0))","v":515.04},12360.96,{"$f":"SUMIF('MC - TRECHO 06'!A:A,Orçamento!A2219,'MC - TRECHO 06'!R:R)","v":24}]
["7.2.13.5",{"$f":"IF(C2220=0,\"\",VLOOKUP(C2220,BNCDADOS!$A:$H,8,0))","v":"SINAPI/RN\nSERVIÇO"},103116,{"$f":"IF(C2220=0,\"\",VLOOKUP(C2220,BNCDADOS!$A:$G,2,0))","v":"ASSENTAMENTO DE CONEXÃO COM 2 ACESSOS, FERRO FUNDIDO PARA REDE DE ÁGUA, DN  700 MM, JUNTA FLANGEADA (NÃO INCLUI O FORNECIMENTO). AF_09/2021"},{"$f":"IF(C2220=0,\"\",VLOOKUP(C2220,BNCDADOS!$A:$G,3,0))","v":"UN"},9,{"$f":"IF(C2220=0,\"\",VLOOKUP(C2220,BNCDADOS!$A:$G,4,0))","v":"507,72"},{"$f":"IF(C2220=0,\"\",VLOOKUP(C2220,BNCDADOS!$A:$G,5,0))","v":627.99},5651.91,{"$f":"IF(C2220=0,\"\",VLOOKUP(C2220,BNCDADOS!$A:$G,6,0))","v":"480,93"},{"$f":"IF(C2220=0,\"\",VLOOKUP(C2220,BNCDADOS!$A:$G,7,0))","v":625.01},5625.09,{"$f":"SUMIF('MC - TRECHO 06'!A:A,Orçamento!A2220,'MC - TRECHO 06'!R:R)","v":9}]
["7.2.13.6",{"$f":"IF(C2221=0,\"\",VLOOKUP(C2221,BNCDADOS!$A:$H,8,0))","v":"caern"},2060588,{"$f":"IF(C2221=0,\"\",VLOOKUP(C2221,BNCDADOS!$A:$G,2,0))","v":"ASSENTAMENTO DE REGISTRO DE GAVETA EM FERRO FUNDIDO COM FLANGES, DIAM. = 200MM A 300MM. INC_05/2020"},{"$f":"IF(C2221=0,\"\",VLOOKUP(C2221,BNCDADOS!$A:$G,3,0))","v":"UN "},1,{"$f":"IF(C2221=0,\"\",VLOOKUP(C2221,BNCDADOS!$A:$G,4,0))","v":32.520000000000003},{"$f":"IF(C2221=0,\"\",VLOOKUP(C2221,BNCDADOS!$A:$G,5,0))","v":40.22},40.22,{"$f":"IF(C2221=0,\"\",VLOOKUP(C2221,BNCDADOS!$A:$G,6,0))","v":29.2},{"$f":"IF(C2221=0,\"\",VLOOKUP(C2221,BNCDADOS!$A:$G,7,0))","v":37.94},37.94,{"$f":"SUMIF('MC - TRECHO 06'!A:A,Orçamento!A2221,'MC - TRECHO 06'!R:R)","v":1}]
["7.2.13.7",{"$f":"IF(C2222=0,\"\",VLOOKUP(C2222,BNCDADOS!$A:$H,8,0))","v":"caern"},2060589,{"$f":"IF(C2222=0,\"\",VLOOKUP(C2222,BNCDADOS!$A:$G,2,0))","v":"ASSENTAMENTO DE REGISTRO DE GAVETA EM FERRO FUNDIDO COM FLANGES, DIAM. = 350MM A 450MM. INC_05/2020"},{"$f":"IF(C2222=0,\"\",VLOOKUP(C2222,BNCDADOS!$A:$G,3,0))","v":"UN "},15,{"$f":"IF(C2222=0,\"\",VLOOKUP(C2222,BNCDADOS!$A:$G,4,0))","v":56.88},{"$f":"IF(C2222=0,\"\",VLOOKUP(C2222,BNCDADOS!$A:$G,5,0))","v":70.349999999999994},{"$f":"IF(H2222=\"\",0,TRUNC(H2222*F2222,2))","v":1055.25},{"$f":"IF(C2222=0,\"\",VLOOKUP(C2222,BNCDADOS!$A:$G,6,0))","v":53.96},{"$f":"IF(C2222=0,\"\",VLOOKUP(C2222,BNCDADOS!$A:$G,7,0))","v":70.12},{"$f":"IF(K2222=\"\",0,TRUNC(K2222*F2222,2))","v":1051.8},{"$f":"SUMIF('MC - TRECHO 06'!A:A,Orçamento!A2222,'MC - TRECHO 06'!R:R)","v":15}]
["7.2.14",{"$f":"IF(C2223=0,\"\",VLOOKUP(C2223,BNCDADOS!$A:$G,8,0))","v":""},null,"DIVERSOS",{"$f":"IF(C2223=0,\"\",VLOOKUP(C2223,BNCDADOS!$A:$G,3,0))","v":""},0,{"$f":"IF(C2223=0,\"\",VLOOKUP(C2223,BNCDADOS!$A:$G,4,0))","v":""},{"$f":"IF(C2223=0,\"\",VLOOKUP(C2223,BNCDADOS!$A:$G,5,0))","v":""},{"$f":"SUM(I2224:I2228)","v":185590.38999999998},{"$f":"IF(C2223=0,\"\",VLOOKUP(C2223,BNCDADOS!$A:$G,6,0))","v":""},{"$f":"IF(C2223=0,\"\",VLOOKUP(C2223,BNCDADOS!$A:$G,7,0))","v":""},{"$f":"SUM(L2224:L2228)","v":193357.1},0]
["7.2.14.1",{"$f":"IF(C2224=0,\"\",VLOOKUP(C2224,BNCDADOS!$A:$H,8,0))","v":"SINAPI/RN\nSERVIÇO"},100763,{"$f":"IF(C2224=0,\"\",VLOOKUP(C2224,BNCDADOS!$A:$G,2,0))","v":"VIGA METÁLICA EM PERFIL LAMINADO OU SOLDADO EM AÇO ESTRUTURAL, COM CONEXÕES PARAFUSADAS, INCLUSOS MÃO DE OBRA, TRANSPORTE E IÇAMENTO UTILIZANDO GUINDASTE - FORNECIMENTO E INSTALAÇÃO. AF_01/2020_PSA"},{"$f":"IF(C2224=0,\"\",VLOOKUP(C2224,BNCDADOS!$A:$G,3,0))","v":"KG"},5555,{"$f":"IF(C2224=0,\"\",VLOOKUP(C2224,BNCDADOS!$A:$G,4,0))","v":"15,89"},{"$f":"IF(C2224=0,\"\",VLOOKUP(C2224,BNCDADOS!$A:$G,5,0))","v":19.649999999999999},{"$f":"IF(H2224=\"\",0,TRUNC(H2224*F2224,2))","v":109155.75},{"$f":"IF(C2224=0,\"\",VLOOKUP(C2224,BNCDADOS!$A:$G,6,0))","v":"15,74"},{"$f":"IF(C2224=0,\"\",VLOOKUP(C2224,BNCDADOS!$A:$G,7,0))","v":20.45},{"$f":"IF(K2224=\"\",0,TRUNC(K2224*F2224,2))","v":113599.75},{"$f":"SUMIF('MC - TRECHO 06'!A:A,Orçamento!A2224,'MC - TRECHO 06'!R:R)","v":5555}]
["7.2.14.2",{"$f":"IF(C2225=0,\"\",VLOOKUP(C2225,BNCDADOS!$A:$H,8,0))","v":"caern"},2220038,{"$f":"IF(C2225=0,\"\",VLOOKUP(C2225,BNCDADOS!$A:$G,2,0))","v":"FORNECIMENTO E INSTALAÇÃO DE TALHA E TROLEY MANUAL DE 2 TONELADAS. R_11/2016"},{"$f":"IF(C2225=0,\"\",VLOOKUP(C2225,BNCDADOS!$A:$G,3,0))","v":"UN "},1,{"$f":"IF(C2225=0,\"\",VLOOKUP(C2225,BNCDADOS!$A:$G,4,0))","v":2602.2399999999998},{"$f":"IF(C2225=0,\"\",VLOOKUP(C2225,BNCDADOS!$A:$G,5,0))","v":3218.71},{"$f":"IF(H2225=\"\",0,TRUNC(H2225*F2225,2))","v":3218.71},{"$f":"IF(C2225=0,\"\",VLOOKUP(C2225,BNCDADOS!$A:$G,6,0))","v":2566.3599999999997},{"$f":"IF(C2225=0,\"\",VLOOKUP(C2225,BNCDADOS!$A:$G,7,0))","v":3335.24},{"$f":"IF(K2225=\"\",0,TRUNC(K2225*F2225,2))","v":3335.24},{"$f":"SUMIF('MC - TRECHO 06'!A:A,Orçamento!A2225,'MC - TRECHO 06'!R:R)","v":1}]
["7.2.14.3",{"$f":"IF(C2226=0,\"\",VLOOKUP(C2226,BNCDADOS!$A:$H,8,0))","v":"caern"},2220067,{"$f":"IF(C2226=0,\"\",VLOOKUP(C2226,BNCDADOS!$A:$G,2,0))","v":"GUARDA CORPO EM FIBRA DE VIDRO COM PERFIS PULTRUDADOS PINTADOS EM ESMALTE PU ACRÍLICO E SISTEMA DE ANCORAGEM EM AÇO INOXIDÁVEL AISI304 - H=1,10M. R_11/2021"},{"$f":"IF(C2226=0,\"\",VLOOKUP(C2226,BNCDADOS!$A:$G,3,0))","v":"M"},21.2,{"$f":"IF(C2226=0,\"\",VLOOKUP(C2226,BNCDADOS!$A:$G,4,0))","v":531.84999999999991},{"$f":"IF(C2226=0,\"\",VLOOKUP(C2226,BNCDADOS!$A:$G,5,0))","v":657.84},13946.2,{"$f":"IF(C2226=0,\"\",VLOOKUP(C2226,BNCDADOS!$A:$G,6,0))","v":526.28},{"$f":"IF(C2226=0,\"\",VLOOKUP(C2226,BNCDADOS!$A:$G,7,0))","v":683.95},14499.74,{"$f":"SUMIF('MC - TRECHO 06'!A:A,Orçamento!A2226,'MC - TRECHO 06'!R:R)","v":21.2}]
["7.2.14.4",{"$f":"IF(C2227=0,\"\",VLOOKUP(C2227,BNCDADOS!$A:$H,8,0))","v":"caern"},2220066,{"$f":"IF(C2227=0,\"\",VLOOKUP(C2227,BNCDADOS!$A:$G,2,0))","v":"ESCADA DE MARINHEIRO EM FIBRA DE VIDRO PULTRUDADA, PERFIL QUADRADO, PINTURA PROTETORA CONTRA RAIOS UV, COM GUARDA CORPO. R_11/2021"},{"$f":"IF(C2227=0,\"\",VLOOKUP(C2227,BNCDADOS!$A:$G,3,0))","v":"M"},19.3,{"$f":"IF(C2227=0,\"\",VLOOKUP(C2227,BNCDADOS!$A:$G,4,0))","v":1777.21},{"$f":"IF(C2227=0,\"\",VLOOKUP(C2227,BNCDADOS!$A:$G,5,0))","v":2198.23},{"$f":"IF(H2227=\"\",0,TRUNC(H2227*F2227,2))","v":42425.83},{"$f":"IF(C2227=0,\"\",VLOOKUP(C2227,BNCDADOS!$A:$G,6,0))","v":1766.07},{"$f":"IF(C2227=0,\"\",VLOOKUP(C2227,BNCDADOS!$A:$G,7,0))","v":2295.1799999999998},{"$f":"IF(K2227=\"\",0,TRUNC(K2227*F2227,2))","v":44296.97},{"$f":"SUMIF('MC - TRECHO 06'!A:A,Orçamento!A2227,'MC - TRECHO 06'!R:R)","v":19.3}]
["7.2.14.5",{"$f":"IF(C2228=0,\"\",VLOOKUP(C2228,BNCDADOS!$A:$H,8,0))","v":"caern"},2220065,{"$f":"IF(C2228=0,\"\",VLOOKUP(C2228,BNCDADOS!$A:$G,2,0))","v":"ESCADA DE MARINHEIRO EM FIBRA DE VIDRO PULTRUDADA, PERFIL QUADRADO, PINTURA PROTETORA CONTRA RAIOS UV, SEM GUARDA CORPO. R_11/2021"},{"$f":"IF(C2228=0,\"\",VLOOKUP(C2228,BNCDADOS!$A:$G,3,0))","v":"M"},10,{"$f":"IF(C2228=0,\"\",VLOOKUP(C2228,BNCDADOS!$A:$G,4,0))","v":1361.79},{"$f":"IF(C2228=0,\"\",VLOOKUP(C2228,BNCDADOS!$A:$G,5,0))","v":1684.39},{"$f":"IF(H2228=\"\",0,TRUNC(H2228*F2228,2))","v":16843.900000000001},{"$f":"IF(C2228=0,\"\",VLOOKUP(C2228,BNCDADOS!$A:$G,6,0))","v":1356.22},{"$f":"IF(C2228=0,\"\",VLOOKUP(C2228,BNCDADOS!$A:$G,7,0))","v":1762.54},{"$f":"IF(K2228=\"\",0,TRUNC(K2228*F2228,2))","v":17625.400000000001},{"$f":"SUMIF('MC - TRECHO 06'!A:A,Orçamento!A2228,'MC - TRECHO 06'!R:R)","v":10}]
[{"$nulls":12},0]
["7.3",null,null,"SERVIÇOS_RESERVATÓRIO APOIADO (RAP)_PASSA E FICA",{"$nulls":4},{"$f":"SUM(I2231,I2241,I2254,I2269,I2275,I2277,I2281,I2285,I2290,I2299)","v":1888058.8099999998},null,null,{"$f":"SUM(L2231,L2241,L2254,L2269,L2275,L2277,L2281,L2285,L2290,L2299)","v":1942516.2499999995},0]
["7.3.1",{"$f":"IF(C2231=0,\"\",VLOOKUP(C2231,BNCDADOS!$A:$G,8,0))","v":""},null,"SERVIÇOS PRELIMINARES",{"$f":"IF(C2231=0,\"\",VLOOKUP(C2231,BNCDADOS!$A:$G,3,0))","v":""},{"$f":"TRUNC(M2231,2)","v":0},{"$f":"IF(C2231=0,\"\",VLOOKUP(C2231,BNCDADOS!$A:$G,4,0))","v":""},{"$f":"IF(C2231=0,\"\",VLOOKUP(C2231,BNCDADOS!$A:$G,5,0))","v":""},{"$f":"SUM(I2232:I2240)","v":184209.38},{"$f":"IF(C2231=0,\"\",VLOOKUP(C2231,BNCDADOS!$A:$G,6,0))","v":""},{"$f":"IF(C2231=0,\"\",VLOOKUP(C2231,BNCDADOS!$A:$G,7,0))","v":""},{"$f":"SUM(L2232:L2240)","v":188298.03999999998},0]
["7.3.1.1",{"$f":"IF(C2232=0,\"\",VLOOKUP(C2232,BNCDADOS!$A:$H,8,0))","v":"SINAPI/RN\nSERVIÇO"},98525,{"$f":"IF(C2232=0,\"\",VLOOKUP(C2232,BNCDADOS!$A:$G,2,0))","v":"LIMPEZA MECANIZADA DE CAMADA VEGETAL, VEGETAÇÃO E PEQUENAS ÁRVORES (DIÂMETRO DE TRONCO MENOR QUE 0,20 M), COM TRATOR DE ESTEIRAS. AF_03/2024"},{"$f":"IF(C2232=0,\"\",VLOOKUP(C2232,BNCDADOS!$A:$G,3,0))","v":"M2"},2000,{"$f":"IF(C2232=0,\"\",VLOOKUP(C2232,BNCDADOS!$A:$G,4,0))","v":"0,61"},{"$f":"IF(C2232=0,\"\",VLOOKUP(C2232,BNCDADOS!$A:$G,5,0))","v":0.75},{"$f":"IF(H2232=\"\",0,TRUNC(H2232*F2232,2))","v":1500},{"$f":"IF(C2232=0,\"\",VLOOKUP(C2232,BNCDADOS!$A:$G,6,0))","v":"0,58"},{"$f":"IF(C2232=0,\"\",VLOOKUP(C2232,BNCDADOS!$A:$G,7,0))","v":0.75},{"$f":"IF(K2232=\"\",0,TRUNC(K2232*F2232,2))","v":1500},{"$f":"SUMIF('MC - TRECHO 06'!A:A,Orçamento!A2232,'MC - TRECHO 06'!R:R)","v":2000}]
["7.3.1.2",{"$f":"IF(C2233=0,\"\",VLOOKUP(C2233,BNCDADOS!$A:$H,8,0))","v":"SINAPI/RN\nSERVIÇO"},98527,{"$f":"IF(C2233=0,\"\",VLOOKUP(C2233,BNCDADOS!$A:$G,2,0))","v":"REMOÇÃO DE RAÍZES REMANESCENTES DE TRONCO DE ÁRVORE COM DIÂMETRO MAIOR OU IGUAL A 0,40 M E MENOR QUE 0,60 M. AF_03/2024"},{"$f":"IF(C2233=0,\"\",VLOOKUP(C2233,BNCDADOS!$A:$G,3,0))","v":"UN"},100,{"$f":"IF(C2233=0,\"\",VLOOKUP(C2233,BNCDADOS!$A:$G,4,0))","v":"209,89"},{"$f":"IF(C2233=0,\"\",VLOOKUP(C2233,BNCDADOS!$A:$G,5,0))","v":259.61},25961,{"$f":"IF(C2233=0,\"\",VLOOKUP(C2233,BNCDADOS!$A:$G,6,0))","v":"195,46"},{"$f":"IF(C2233=0,\"\",VLOOKUP(C2233,BNCDADOS!$A:$G,7,0))","v":254.01},25401,{"$f":"SUMIF('MC - TRECHO 06'!A:A,Orçamento!A2233,'MC - TRECHO 06'!R:R)","v":100}]
["7.3.1.3",{"$f":"IF(C2234=0,\"\",VLOOKUP(C2234,BNCDADOS!$A:$H,8,0))","v":"SINAPI/RN\nSERVIÇO"},100982,{"$f":"IF(C2234=0,\"\",VLOOKUP(C2234,BNCDADOS!$A:$G,2,0))","v":"CARGA, MANOBRA E DESCARGA DE ENTULHO EM CAMINHÃO BASCULANTE 10 M³ - CARGA COM ESCAVADEIRA HIDRÁULICA  (CAÇAMBA DE 0,80 M³ / 111 HP) E DESCARGA LIVRE (UNIDADE: M3). AF_07/2020"},{"$f":"IF(C2234=0,\"\",VLOOKUP(C2234,BNCDADOS!$A:$G,3,0))","v":"M3"},1000,{"$f":"IF(C2234=0,\"\",VLOOKUP(C2234,BNCDADOS!$A:$G,4,0))","v":"9,22"},{"$f":"IF(C2234=0,\"\",VLOOKUP(C2234,BNCDADOS!$A:$G,5,0))","v":11.4},11400,{"$f":"IF(C2234=0,\"\",VLOOKUP(C2234,BNCDADOS!$A:$G,6,0))","v":"9,04"},{"$f":"IF(C2234=0,\"\",VLOOKUP(C2234,BNCDADOS!$A:$G,7,0))","v":11.74},11740,{"$f":"SUMIF('MC - TRECHO 06'!A:A,Orçamento!A2234,'MC - TRECHO 06'!R:R)","v":1000}]
["7.3.1.4",{"$f":"IF(C2235=0,\"\",VLOOKUP(C2235,BNCDADOS!$A:$H,8,0))","v":"SINAPI/RN\nSERVIÇO"},93591,{"$f":"IF(C2235=0,\"\",VLOOKUP(C2235,BNCDADOS!$A:$G,2,0))","v":"TRANSPORTE COM CAMINHÃO BASCULANTE DE 14 M³, EM VIA URBANA EM LEITO NATURAL (UNIDADE: M3XKM). AF_07/2020"},{"$f":"IF(C2235=0,\"\",VLOOKUP(C2235,BNCDADOS!$A:$G,3,0))","v":"M3XKM"},6300,{"$f":"IF(C2235=0,\"\",VLOOKUP(C2235,BNCDADOS!$A:$G,4,0))","v":"2,83"},{"$f":"IF(C2235=0,\"\",VLOOKUP(C2235,BNCDADOS!$A:$G,5,0))","v":3.5},22050,{"$f":"IF(C2235=0,\"\",VLOOKUP(C2235,BNCDADOS!$A:$G,6,0))","v":"2,80"},{"$f":"IF(C2235=0,\"\",VLOOKUP(C2235,BNCDADOS!$A:$G,7,0))","v":3.63},22869,{"$f":"SUMIF('MC - TRECHO 06'!A:A,Orçamento!A2235,'MC - TRECHO 06'!R:R)","v":6300}]
["7.3.1.5",{"$f":"IF(C2236=0,\"\",VLOOKUP(C2236,BNCDADOS!$A:$H,8,0))","v":"SINAPI/RN\nSERVIÇO"},93592,{"$f":"IF(C2236=0,\"\",VLOOKUP(C2236,BNCDADOS!$A:$G,2,0))","v":"TRANSPORTE COM CAMINHÃO BASCULANTE DE 14 M³, EM VIA URBANA EM REVESTIMENTO PRIMÁRIO (UNIDADE: M3XKM). AF_07/2020"},{"$f":"IF(C2236=0,\"\",VLOOKUP(C2236,BNCDADOS!$A:$G,3,0))","v":"M3XKM"},12600,{"$f":"IF(C2236=0,\"\",VLOOKUP(C2236,BNCDADOS!$A:$G,4,0))","v":"2,45"},{"$f":"IF(C2236=0,\"\",VLOOKUP(C2236,BNCDADOS!$A:$G,5,0))","v":3.03},38178,{"$f":"IF(C2236=0,\"\",VLOOKUP(C2236,BNCDADOS!$A:$G,6,0))","v":"2,42"},{"$f":"IF(C2236=0,\"\",VLOOKUP(C2236,BNCDADOS!$A:$G,7,0))","v":3.14},39564,{"$f":"SUMIF('MC - TRECHO 06'!A:A,Orçamento!A2236,'MC - TRECHO 06'!R:R)","v":12600}]
["7.3.1.6",{"$f":"IF(C2237=0,\"\",VLOOKUP(C2237,BNCDADOS!$A:$H,8,0))","v":"SINAPI/RN\nSERVIÇO"},98459,{"$f":"IF(C2237=0,\"\",VLOOKUP(C2237,BNCDADOS!$A:$G,2,0))","v":"TAPUME COM TELHA METÁLICA. AF_03/2024"},{"$f":"IF(C2237=0,\"\",VLOOKUP(C2237,BNCDADOS!$A:$G,3,0))","v":"M2"},396,{"$f":"IF(C2237=0,\"\",VLOOKUP(C2237,BNCDADOS!$A:$G,4,0))","v":"101,37"},{"$f":"IF(C2237=0,\"\",VLOOKUP(C2237,BNCDADOS!$A:$G,5,0))","v":125.38},49650.48,{"$f":"IF(C2237=0,\"\",VLOOKUP(C2237,BNCDADOS!$A:$G,6,0))","v":"98,15"},{"$f":"IF(C2237=0,\"\",VLOOKUP(C2237,BNCDADOS!$A:$G,7,0))","v":127.55},50509.8,{"$f":"SUMIF('MC - TRECHO 06'!A:A,Orçamento!A2237,'MC - TRECHO 06'!R:R)","v":396}]
["7.3.1.7",{"$f":"IF(C2238=0,\"\",VLOOKUP(C2238,BNCDADOS!$A:$H,8,0))","v":"SINAPI/RN\nSERVIÇO"},99059,{"$f":"IF(C2238=0,\"\",VLOOKUP(C2238,BNCDADOS!$A:$G,2,0))","v":"LOCAÇÃO CONVENCIONAL DE OBRA, UTILIZANDO GABARITO DE TÁBUAS CORRIDAS PONTALETADAS A CADA 2,00M -  2 UTILIZAÇÕES. AF_03/2024"},{"$f":"IF(C2238=0,\"\",VLOOKUP(C2238,BNCDADOS!$A:$G,3,0))","v":"M"},114,{"$f":"IF(C2238=0,\"\",VLOOKUP(C2238,BNCDADOS!$A:$G,4,0))","v":"68,49"},{"$f":"IF(C2238=0,\"\",VLOOKUP(C2238,BNCDADOS!$A:$G,5,0))","v":84.71},9656.94,{"$f":"IF(C2238=0,\"\",VLOOKUP(C2238,BNCDADOS!$A:$G,6,0))","v":"64,82"},{"$f":"IF(C2238=0,\"\",VLOOKUP(C2238,BNCDADOS!$A:$G,7,0))","v":84.24},9603.36,{"$f":"SUMIF('MC - TRECHO 06'!A:A,Orçamento!A2238,'MC - TRECHO 06'!R:R)","v":114}]
["7.3.1.8",{"$f":"IF(C2239=0,\"\",VLOOKUP(C2239,BNCDADOS!$A:$H,8,0))","v":0},"COMP 13",{"$f":"IF(C2239=0,\"\",VLOOKUP(C2239,BNCDADOS!$A:$G,2,0))","v":"LOCAÇÃO DE CONTÊINER ALMOXARIFADO COM PISO NAVAL - 6,00M X 2,35M - PARA USO EM CANTEIRO DE OBRAS"},{"$f":"IF(C2239=0,\"\",VLOOKUP(C2239,BNCDADOS!$A:$G,3,0))","v":"UM X MÊS"},16,{"$f":"IF(C2239=0,\"\",VLOOKUP(C2239,BNCDADOS!$A:$G,4,0))","v":800.6},{"$f":"IF(C2239=0,\"\",VLOOKUP(C2239,BNCDADOS!$A:$G,5,0))","v":990.26},15844.16,{"$f":"IF(C2239=0,\"\",VLOOKUP(C2239,BNCDADOS!$A:$G,6,0))","v":800.6},{"$f":"IF(C2239=0,\"\",VLOOKUP(C2239,BNCDADOS!$A:$G,7,0))","v":1040.45},16647.2,{"$f":"SUMIF('MC - TRECHO 06'!A:A,Orçamento!A2239,'MC - TRECHO 06'!R:R)","v":16}]
["7.3.1.9",{"$f":"IF(C2240=0,\"\",VLOOKUP(C2240,BNCDADOS!$A:$H,8,0))","v":0},"COMP 01",{"$f":"IF(C2240=0,\"\",VLOOKUP(C2240,BNCDADOS!$A:$G,2,0))","v":"CANTEIRO ITINERANTE COMPOSTO DE TOLDO, CONJUNTO DE MESA E CADEIRAS E BANHEIRO QUÍMICO COM LIMPEZA DIÁRIA INCLUSO COLETA E DESTINAÇÃO FINAL DE EFLUENTES"},{"$f":"IF(C2240=0,\"\",VLOOKUP(C2240,BNCDADOS!$A:$G,3,0))","v":"UN"},8,{"$f":"IF(C2240=0,\"\",VLOOKUP(C2240,BNCDADOS!$A:$G,4,0))","v":1007.4399999999999},{"$f":"IF(C2240=0,\"\",VLOOKUP(C2240,BNCDADOS!$A:$G,5,0))","v":1246.0999999999999},9968.7999999999993,{"$f":"IF(C2240=0,\"\",VLOOKUP(C2240,BNCDADOS!$A:$G,6,0))","v":1006.4399999999999},{"$f":"IF(C2240=0,\"\",VLOOKUP(C2240,BNCDADOS!$A:$G,7,0))","v":1307.96},10463.68,{"$f":"SUMIF('MC - TRECHO 06'!A:A,Orçamento!A2240,'MC - TRECHO 06'!R:R)","v":8}]
["7.3.2",{"$f":"IF(C2241=0,\"\",VLOOKUP(C2241,BNCDADOS!$A:$G,8,0))","v":""},null,"TRABALHOS EM TERRA",{"$f":"IF(C2241=0,\"\",VLOOKUP(C2241,BNCDADOS!$A:$G,3,0))","v":""},0,{"$f":"IF(C2241=0,\"\",VLOOKUP(C2241,BNCDADOS!$A:$G,4,0))","v":""},{"$f":"IF(C2241=0,\"\",VLOOKUP(C2241,BNCDADOS!$A:$G,5,0))","v":""},{"$f":"SUM(I2243:I2253)","v":241129.17999999996},{"$f":"IF(C2241=0,\"\",VLOOKUP(C2241,BNCDADOS!$A:$G,6,0))","v":""},{"$f":"IF(C2241=0,\"\",VLOOKUP(C2241,BNCDADOS!$A:$G,7,0))","v":""},{"$f":"SUM(L2243:L2253)","v":248387.1},0]
[null,{"$f":"IF(C2242=0,\"\",VLOOKUP(C2242,BNCDADOS!$A:$G,8,0))","v":""},null,"ATERRO DA ÁREA",{"$f":"IF(C2242=0,\"\",VLOOKUP(C2242,BNCDADOS!$A:$G,3,0))","v":""},0,{"$f":"IF(C2242=0,\"\",VLOOKUP(C2242,BNCDADOS!$A:$G,4,0))","v":""},{"$nulls":5},0]
["7.3.2.1",{"$f":"IF(C2243=0,\"\",VLOOKUP(C2243,BNCDADOS!$A:$H,8,0))","v":"SINAPI/RN\nSERVIÇO"},96385,{"$f":"IF(C2243=0,\"\",VLOOKUP(C2243,BNCDADOS!$A:$G,2,0))","v":"EXECUÇÃO E COMPACTAÇÃO DE ATERRO COM SOLO PREDOMINANTEMENTE ARGILOSO - EXCLUSIVE SOLO, ESCAVAÇÃO, CARGA E TRANSPORTE. AF_11/2019"},{"$f":"IF(C2243=0,\"\",VLOOKUP(C2243,BNCDADOS!$A:$G,3,0))","v":"M3"},2240.8000000000002,{"$f":"IF(C2243=0,\"\",VLOOKUP(C2243,BNCDADOS!$A:$G,4,0))","v":"11,83"},{"$f":"IF(C2243=0,\"\",VLOOKUP(C2243,BNCDADOS!$A:$G,5,0))","v":14.63},{"$f":"IF(H2243=\"\",0,TRUNC(H2243*F2243,2))","v":32782.9},{"$f":"IF(C2243=0,\"\",VLOOKUP(C2243,BNCDADOS!$A:$G,6,0))","v":"11,38"},{"$f":"IF(C2243=0,\"\",VLOOKUP(C2243,BNCDADOS!$A:$G,7,0))","v":14.78},{"$f":"IF(K2243=\"\",0,TRUNC(K2243*F2243,2))","v":33119.019999999997},{"$f":"SUMIF('MC - TRECHO 06'!A:A,Orçamento!A2243,'MC - TRECHO 06'!R:R)","v":2240.8000000000002}]
["7.3.2.2",{"$f":"IF(C2244=0,\"\",VLOOKUP(C2244,BNCDADOS!$A:$H,8,0))","v":"SINAPI/RN\nSERVIÇO"},101232,{"$f":"IF(C2244=0,\"\",VLOOKUP(C2244,BNCDADOS!$A:$G,2,0))","v":"ESCAVAÇÃO VERTICAL PARA INFRAESTRUTURA, COM CARGA, DESCARGA E TRANSPORTE DE SOLO DE 1ª CATEGORIA, COM ESCAVADEIRA HIDRÁULICA (CAÇAMBA: 1,2 M³ / 155 HP), FROTA DE 3 CAMINHÕES BASCULANTES DE 14 M³, DMT ATÉ 1 KM E VELOCIDADE MÉDIA14 KM/H. AF_05/2020"},{"$f":"IF(C2244=0,\"\",VLOOKUP(C2244,BNCDADOS!$A:$G,3,0))","v":"M3"},2240.8000000000002,{"$f":"IF(C2244=0,\"\",VLOOKUP(C2244,BNCDADOS!$A:$G,4,0))","v":"9,80"},{"$f":"IF(C2244=0,\"\",VLOOKUP(C2244,BNCDADOS!$A:$G,5,0))","v":12.12},27158.49,{"$f":"IF(C2244=0,\"\",VLOOKUP(C2244,BNCDADOS!$A:$G,6,0))","v":"9,66"},{"$f":"IF(C2244=0,\"\",VLOOKUP(C2244,BNCDADOS!$A:$G,7,0))","v":12.55},28122.04,{"$f":"SUMIF('MC - TRECHO 06'!A:A,Orçamento!A2244,'MC - TRECHO 06'!R:R)","v":2240.8000000000002}]
["7.3.2.3",{"$f":"IF(C2245=0,\"\",VLOOKUP(C2245,BNCDADOS!$A:$H,8,0))","v":"SINAPI/RN\nSERVIÇO"},93591,{"$f":"IF(C2245=0,\"\",VLOOKUP(C2245,BNCDADOS!$A:$G,2,0))","v":"TRANSPORTE COM CAMINHÃO BASCULANTE DE 14 M³, EM VIA URBANA EM LEITO NATURAL (UNIDADE: M3XKM). AF_07/2020"},{"$f":"IF(C2245=0,\"\",VLOOKUP(C2245,BNCDADOS!$A:$G,3,0))","v":"M3XKM"},13444.8,{"$f":"IF(C2245=0,\"\",VLOOKUP(C2245,BNCDADOS!$A:$G,4,0))","v":"2,83"},{"$f":"IF(C2245=0,\"\",VLOOKUP(C2245,BNCDADOS!$A:$G,5,0))","v":3.5},47056.800000000003,{"$f":"IF(C2245=0,\"\",VLOOKUP(C2245,BNCDADOS!$A:$G,6,0))","v":"2,80"},{"$f":"IF(C2245=0,\"\",VLOOKUP(C2245,BNCDADOS!$A:$G,7,0))","v":3.63},48804.62,{"$f":"SUMIF('MC - TRECHO 06'!A:A,Orçamento!A2245,'MC - TRECHO 06'!R:R)","v":13444.8}]
["7.3.2.4",{"$f":"IF(C2246=0,\"\",VLOOKUP(C2246,BNCDADOS!$A:$H,8,0))","v":"SINAPI/RN\nSERVIÇO"},93592,{"$f":"IF(C2246=0,\"\",VLOOKUP(C2246,BNCDADOS!$A:$G,2,0))","v":"TRANSPORTE COM CAMINHÃO BASCULANTE DE 14 M³, EM VIA URBANA EM REVESTIMENTO PRIMÁRIO (UNIDADE: M3XKM). AF_07/2020"},{"$f":"IF(C2246=0,\"\",VLOOKUP(C2246,BNCDADOS!$A:$G,3,0))","v":"M3XKM"},26889.599999999999,{"$f":"IF(C2246=0,\"\",VLOOKUP(C2246,BNCDADOS!$A:$G,4,0))","v":"2,45"},{"$f":"IF(C2246=0,\"\",VLOOKUP(C2246,BNCDADOS!$A:$G,5,0))","v":3.03},81475.48,{"$f":"IF(C2246=0,\"\",VLOOKUP(C2246,BNCDADOS!$A:$G,6,0))","v":"2,42"},{"$f":"IF(C2246=0,\"\",VLOOKUP(C2246,BNCDADOS!$A:$G,7,0))","v":3.14},84433.34,{"$f":"SUMIF('MC - TRECHO 06'!A:A,Orçamento!A2246,'MC - TRECHO 06'!R:R)","v":26889.599999999999}]
["7.3.2.5",{"$f":"IF(C2247=0,\"\",VLOOKUP(C2247,BNCDADOS!$A:$H,8,0))","v":"SINAPI/RN\nSERVIÇO"},98520,{"$f":"IF(C2247=0,\"\",VLOOKUP(C2247,BNCDADOS!$A:$G,2,0))","v":"APLICAÇÃO DE ADUBO EM SOLO. AF_07/2024"},{"$f":"IF(C2247=0,\"\",VLOOKUP(C2247,BNCDADOS!$A:$G,3,0))","v":"M2"},160,{"$f":"IF(C2247=0,\"\",VLOOKUP(C2247,BNCDADOS!$A:$G,4,0))","v":"6,22"},{"$f":"IF(C2247=0,\"\",VLOOKUP(C2247,BNCDADOS!$A:$G,5,0))","v":7.69},1230.4000000000001,{"$f":"IF(C2247=0,\"\",VLOOKUP(C2247,BNCDADOS!$A:$G,6,0))","v":"6,09"},{"$f":"IF(C2247=0,\"\",VLOOKUP(C2247,BNCDADOS!$A:$G,7,0))","v":7.91},1265.5999999999999,{"$f":"SUMIF('MC - TRECHO 06'!A:A,Orçamento!A2247,'MC - TRECHO 06'!R:R)","v":160}]
["7.3.2.6",{"$f":"IF(C2248=0,\"\",VLOOKUP(C2248,BNCDADOS!$A:$H,8,0))","v":"SINAPI/RN\nSERVIÇO"},98504,{"$f":"IF(C2248=0,\"\",VLOOKUP(C2248,BNCDADOS!$A:$G,2,0))","v":"PLANTIO DE GRAMA BATATAIS EM PLACAS. AF_07/2024"},{"$f":"IF(C2248=0,\"\",VLOOKUP(C2248,BNCDADOS!$A:$G,3,0))","v":"M2"},160,{"$f":"IF(C2248=0,\"\",VLOOKUP(C2248,BNCDADOS!$A:$G,4,0))","v":"13,41"},{"$f":"IF(C2248=0,\"\",VLOOKUP(C2248,BNCDADOS!$A:$G,5,0))","v":16.579999999999998},2652.8,{"$f":"IF(C2248=0,\"\",VLOOKUP(C2248,BNCDADOS!$A:$G,6,0))","v":"13,08"},{"$f":"IF(C2248=0,\"\",VLOOKUP(C2248,BNCDADOS!$A:$G,7,0))","v":16.989999999999998},2718.4,{"$f":"SUMIF('MC - TRECHO 06'!A:A,Orçamento!A2248,'MC - TRECHO 06'!R:R)","v":160}]
[null,{"$f":"IF(C2249=0,\"\",VLOOKUP(C2249,BNCDADOS!$A:$G,8,0))","v":""},null,"SERVIÇOS DE TERRA PARA A EXECUÇÃO DAS ESTRUTURAS",{"$f":"IF(C2249=0,\"\",VLOOKUP(C2249,BNCDADOS!$A:$G,3,0))","v":""},0,{"$f":"IF(C2249=0,\"\",VLOOKUP(C2249,BNCDADOS!$A:$G,4,0))","v":""},{"$nulls":5},0]
["7.3.2.7",{"$f":"IF(C2250=0,\"\",VLOOKUP(C2250,BNCDADOS!$A:$H,8,0))","v":"SINAPI/RN\nSERVIÇO"},96525,{"$f":"IF(C2250=0,\"\",VLOOKUP(C2250,BNCDADOS!$A:$G,2,0))","v":"ESCAVAÇÃO MECANIZADA PARA VIGA BALDRAME OU SAPATA CORRIDA COM MINI-ESCAVADEIRA (INCLUINDO ESCAVAÇÃO PARA COLOCAÇÃO DE FÔRMAS). AF_01/2024"},{"$f":"IF(C2250=0,\"\",VLOOKUP(C2250,BNCDADOS!$A:$G,3,0))","v":"M3"},27,{"$f":"IF(C2250=0,\"\",VLOOKUP(C2250,BNCDADOS!$A:$G,4,0))","v":"55,00"},{"$f":"IF(C2250=0,\"\",VLOOKUP(C2250,BNCDADOS!$A:$G,5,0))","v":68.02},{"$f":"IF(H2250=\"\",0,TRUNC(H2250*F2250,2))","v":1836.54},{"$f":"IF(C2250=0,\"\",VLOOKUP(C2250,BNCDADOS!$A:$G,6,0))","v":"52,42"},{"$f":"IF(C2250=0,\"\",VLOOKUP(C2250,BNCDADOS!$A:$G,7,0))","v":68.12},{"$f":"IF(K2250=\"\",0,TRUNC(K2250*F2250,2))","v":1839.24},{"$f":"SUMIF('MC - TRECHO 06'!A:A,Orçamento!A2250,'MC - TRECHO 06'!R:R)","v":27}]
["7.3.2.8",{"$f":"IF(C2251=0,\"\",VLOOKUP(C2251,BNCDADOS!$A:$H,8,0))","v":"SINAPI/RN\nSERVIÇO"},93382,{"$f":"IF(C2251=0,\"\",VLOOKUP(C2251,BNCDADOS!$A:$G,2,0))","v":"REATERRO MANUAL DE VALAS, COM COMPACTADOR DE SOLOS DE PERCUSSÃO. AF_08/2023"},{"$f":"IF(C2251=0,\"\",VLOOKUP(C2251,BNCDADOS!$A:$G,3,0))","v":"M3"},19.440000000000001,{"$f":"IF(C2251=0,\"\",VLOOKUP(C2251,BNCDADOS!$A:$G,4,0))","v":"25,08"},{"$f":"IF(C2251=0,\"\",VLOOKUP(C2251,BNCDADOS!$A:$G,5,0))","v":31.02},{"$f":"IF(H2251=\"\",0,TRUNC(H2251*F2251,2))","v":603.02},{"$f":"IF(C2251=0,\"\",VLOOKUP(C2251,BNCDADOS!$A:$G,6,0))","v":"22,89"},{"$f":"IF(C2251=0,\"\",VLOOKUP(C2251,BNCDADOS!$A:$G,7,0))","v":29.74},{"$f":"IF(K2251=\"\",0,TRUNC(K2251*F2251,2))","v":578.14},{"$f":"SUMIF('MC - TRECHO 06'!A:A,Orçamento!A2251,'MC - TRECHO 06'!R:R)","v":19.440000000000001}]
["7.3.2.9",{"$f":"IF(C2252=0,\"\",VLOOKUP(C2252,BNCDADOS!$A:$H,8,0))","v":"SINAPI/RN\nSERVIÇO"},101206,{"$f":"IF(C2252=0,\"\",VLOOKUP(C2252,BNCDADOS!$A:$G,2,0))","v":"ESCAVAÇÃO VERTICAL PARA  EDIFICAÇÃO, COM CARGA, DESCARGA E TRANSPORTE DE SOLO DE 1ª CATEGORIA, COM ESCAVADEIRA HIDRÁULICA (CAÇAMBA: 0,8 M³ / 111 HP), FROTA DE 3 CAMINHÕES BASCULANTES DE 14 M³, DMT ATÉ 1 KM E VELOCIDADE MÉDIA 14 KM/H. AF_05/2020"},{"$f":"IF(C2252=0,\"\",VLOOKUP(C2252,BNCDADOS!$A:$G,3,0))","v":"M3"},2393.6,{"$f":"IF(C2252=0,\"\",VLOOKUP(C2252,BNCDADOS!$A:$G,4,0))","v":"13,00"},{"$f":"IF(C2252=0,\"\",VLOOKUP(C2252,BNCDADOS!$A:$G,5,0))","v":16.07},{"$f":"IF(H2252=\"\",0,TRUNC(H2252*F2252,2))","v":38465.15},{"$f":"IF(C2252=0,\"\",VLOOKUP(C2252,BNCDADOS!$A:$G,6,0))","v":"12,77"},{"$f":"IF(C2252=0,\"\",VLOOKUP(C2252,BNCDADOS!$A:$G,7,0))","v":16.59},{"$f":"IF(K2252=\"\",0,TRUNC(K2252*F2252,2))","v":39709.82},{"$f":"SUMIF('MC - TRECHO 06'!A:A,Orçamento!A2252,'MC - TRECHO 06'!R:R)","v":2393.6}]
["7.3.2.10",{"$f":"IF(C2253=0,\"\",VLOOKUP(C2253,BNCDADOS!$A:$H,8,0))","v":"SINAPI/RN\nSERVIÇO"},93379,{"$f":"IF(C2253=0,\"\",VLOOKUP(C2253,BNCDADOS!$A:$G,2,0))","v":"REATERRO MECANIZADO DE VALA COM RETROESCAVADEIRA (CAPACIDADE DA CAÇAMBA   DA RETRO: 0,26 M³/POTÊNCIA: 88 HP), LARGURA 0,8 A 1,5 M, PROFUNDIDADE ATÉ 1,5 M, COM SOLO (SEM SUBSTITUIÇÃO) DE 1ª CATEGORIA, COM COMPACTADOR DE SOLOS DE PERCUSSÃO AF_08/2023"},{"$f":"IF(C2253=0,\"\",VLOOKUP(C2253,BNCDADOS!$A:$G,3,0))","v":"M3"},353.6,{"$f":"IF(C2253=0,\"\",VLOOKUP(C2253,BNCDADOS!$A:$G,4,0))","v":"17,99"},{"$f":"IF(C2253=0,\"\",VLOOKUP(C2253,BNCDADOS!$A:$G,5,0))","v":22.25},{"$f":"IF(H2253=\"\",0,TRUNC(H2253*F2253,2))","v":7867.6},{"$f":"IF(C2253=0,\"\",VLOOKUP(C2253,BNCDADOS!$A:$G,6,0))","v":"16,97"},{"$f":"IF(C2253=0,\"\",VLOOKUP(C2253,BNCDADOS!$A:$G,7,0))","v":22.05},{"$f":"IF(K2253=\"\",0,TRUNC(K2253*F2253,2))","v":7796.88},{"$f":"SUMIF('MC - TRECHO 06'!A:A,Orçamento!A2253,'MC - TRECHO 06'!R:R)","v":353.59999999999991}]
["7.3.3",{"$f":"IF(C2254=0,\"\",VLOOKUP(C2254,BNCDADOS!$A:$G,8,0))","v":""},null,"ESTRUTURA",{"$f":"IF(C2254=0,\"\",VLOOKUP(C2254,BNCDADOS!$A:$G,3,0))","v":""},0,{"$f":"IF(C2254=0,\"\",VLOOKUP(C2254,BNCDADOS!$A:$G,4,0))","v":""},{"$f":"IF(C2254=0,\"\",VLOOKUP(C2254,BNCDADOS!$A:$G,5,0))","v":""},{"$f":"SUM(I2255:I2268)","v":967065.8},{"$f":"IF(C2254=0,\"\",VLOOKUP(C2254,BNCDADOS!$A:$G,6,0))","v":""},{"$f":"IF(C2254=0,\"\",VLOOKUP(C2254,BNCDADOS!$A:$G,7,0))","v":""},{"$f":"SUM(L2255:L2268)","v":1000639.5599999998},0]
["7.3.3.1",{"$f":"IF(C2255=0,\"\",VLOOKUP(C2255,BNCDADOS!$A:$H,8,0))","v":"SINAPI/RN\nSERVIÇO"},95241,{"$f":"IF(C2255=0,\"\",VLOOKUP(C2255,BNCDADOS!$A:$G,2,0))","v":"LASTRO DE CONCRETO MAGRO, APLICADO EM PISOS, LAJES SOBRE SOLO OU RADIERS, ESPESSURA DE 5 CM. AF_01/2024"},{"$f":"IF(C2255=0,\"\",VLOOKUP(C2255,BNCDADOS!$A:$G,3,0))","v":"M2"},600,{"$f":"IF(C2255=0,\"\",VLOOKUP(C2255,BNCDADOS!$A:$G,4,0))","v":"36,15"},{"$f":"IF(C2255=0,\"\",VLOOKUP(C2255,BNCDADOS!$A:$G,5,0))","v":44.71},{"$f":"IF(H2255=\"\",0,TRUNC(H2255*F2255,2))","v":26826},{"$f":"IF(C2255=0,\"\",VLOOKUP(C2255,BNCDADOS!$A:$G,6,0))","v":"34,74"},{"$f":"IF(C2255=0,\"\",VLOOKUP(C2255,BNCDADOS!$A:$G,7,0))","v":45.14},{"$f":"IF(K2255=\"\",0,TRUNC(K2255*F2255,2))","v":27084},{"$f":"SUMIF('MC - TRECHO 06'!A:A,Orçamento!A2255,'MC - TRECHO 06'!R:R)","v":600}]
["7.3.3.2",{"$f":"IF(C2256=0,\"\",VLOOKUP(C2256,BNCDADOS!$A:$H,8,0))","v":"SINAPI/RN\nSERVIÇO"},103800,{"$f":"IF(C2256=0,\"\",VLOOKUP(C2256,BNCDADOS!$A:$G,2,0))","v":"PEDRA ARGAMASSADA COM CIMENTO E AREIA 1:3, 40% DE ARGAMASSA EM VOLUME - AREIA E PEDRA DE MÃO COMERCIAIS - FORNECIMENTO E ASSENTAMENTO. AF_08/2022"},{"$f":"IF(C2256=0,\"\",VLOOKUP(C2256,BNCDADOS!$A:$G,3,0))","v":"M3"},12.36,{"$f":"IF(C2256=0,\"\",VLOOKUP(C2256,BNCDADOS!$A:$G,4,0))","v":"534,85"},{"$f":"IF(C2256=0,\"\",VLOOKUP(C2256,BNCDADOS!$A:$G,5,0))","v":661.55},8176.75,{"$f":"IF(C2256=0,\"\",VLOOKUP(C2256,BNCDADOS!$A:$G,6,0))","v":"515,06"},{"$f":"IF(C2256=0,\"\",VLOOKUP(C2256,BNCDADOS!$A:$G,7,0))","v":669.37},8273.41,{"$f":"SUMIF('MC - TRECHO 06'!A:A,Orçamento!A2256,'MC - TRECHO 06'!R:R)","v":12.36}]
["7.3.3.3",{"$f":"IF(C2257=0,\"\",VLOOKUP(C2257,BNCDADOS!$A:$H,8,0))","v":"SINAPI/RN\nSERVIÇO"},92916,{"$f":"IF(C2257=0,\"\",VLOOKUP(C2257,BNCDADOS!$A:$G,2,0))","v":"ARMAÇÃO DE ESTRUTURAS DIVERSAS DE CONCRETO ARMADO, EXCETO VIGAS, PILARES, LAJES E FUNDAÇÕES, UTILIZANDO AÇO CA-50 DE 6,3 MM - MONTAGEM. AF_06/2022"},{"$f":"IF(C2257=0,\"\",VLOOKUP(C2257,BNCDADOS!$A:$G,3,0))","v":"KG"},343.02,{"$f":"IF(C2257=0,\"\",VLOOKUP(C2257,BNCDADOS!$A:$G,4,0))","v":"15,76"},{"$f":"IF(C2257=0,\"\",VLOOKUP(C2257,BNCDADOS!$A:$G,5,0))","v":19.489999999999998},6685.45,{"$f":"IF(C2257=0,\"\",VLOOKUP(C2257,BNCDADOS!$A:$G,6,0))","v":"15,19"},{"$f":"IF(C2257=0,\"\",VLOOKUP(C2257,BNCDADOS!$A:$G,7,0))","v":19.739999999999998},6771.21,{"$f":"SUMIF('MC - TRECHO 06'!A:A,Orçamento!A2257,'MC - TRECHO 06'!R:R)","v":343.02}]
["7.3.3.4",{"$f":"IF(C2258=0,\"\",VLOOKUP(C2258,BNCDADOS!$A:$H,8,0))","v":"SINAPI/RN\nSERVIÇO"},92917,{"$f":"IF(C2258=0,\"\",VLOOKUP(C2258,BNCDADOS!$A:$G,2,0))","v":"ARMAÇÃO DE ESTRUTURAS DIVERSAS DE CONCRETO ARMADO, EXCETO VIGAS, PILARES, LAJES E FUNDAÇÕES, UTILIZANDO AÇO CA-50 DE 8,0 MM - MONTAGEM. AF_06/2022"},{"$f":"IF(C2258=0,\"\",VLOOKUP(C2258,BNCDADOS!$A:$G,3,0))","v":"KG"},313,{"$f":"IF(C2258=0,\"\",VLOOKUP(C2258,BNCDADOS!$A:$G,4,0))","v":"14,39"},{"$f":"IF(C2258=0,\"\",VLOOKUP(C2258,BNCDADOS!$A:$G,5,0))","v":17.79},5568.27,{"$f":"IF(C2258=0,\"\",VLOOKUP(C2258,BNCDADOS!$A:$G,6,0))","v":"14,00"},{"$f":"IF(C2258=0,\"\",VLOOKUP(C2258,BNCDADOS!$A:$G,7,0))","v":18.190000000000001},5693.47,{"$f":"SUMIF('MC - TRECHO 06'!A:A,Orçamento!A2258,'MC - TRECHO 06'!R:R)","v":313}]
["7.3.3.5",{"$f":"IF(C2259=0,\"\",VLOOKUP(C2259,BNCDADOS!$A:$H,8,0))","v":"SINAPI/RN\nSERVIÇO"},92919,{"$f":"IF(C2259=0,\"\",VLOOKUP(C2259,BNCDADOS!$A:$G,2,0))","v":"ARMAÇÃO DE ESTRUTURAS DIVERSAS DE CONCRETO ARMADO, EXCETO VIGAS, PILARES, LAJES E FUNDAÇÕES, UTILIZANDO AÇO CA-50 DE 10,0 MM - MONTAGEM. AF_06/2022"},{"$f":"IF(C2259=0,\"\",VLOOKUP(C2259,BNCDADOS!$A:$G,3,0))","v":"KG"},3106,{"$f":"IF(C2259=0,\"\",VLOOKUP(C2259,BNCDADOS!$A:$G,4,0))","v":"12,59"},{"$f":"IF(C2259=0,\"\",VLOOKUP(C2259,BNCDADOS!$A:$G,5,0))","v":15.57},48360.42,{"$f":"IF(C2259=0,\"\",VLOOKUP(C2259,BNCDADOS!$A:$G,6,0))","v":"12,31"},{"$f":"IF(C2259=0,\"\",VLOOKUP(C2259,BNCDADOS!$A:$G,7,0))","v":15.99},49664.94,{"$f":"SUMIF('MC - TRECHO 06'!A:A,Orçamento!A2259,'MC - TRECHO 06'!R:R)","v":3106}]
["7.3.3.6",{"$f":"IF(C2260=0,\"\",VLOOKUP(C2260,BNCDADOS!$A:$H,8,0))","v":"SINAPI/RN\nSERVIÇO"},92921,{"$f":"IF(C2260=0,\"\",VLOOKUP(C2260,BNCDADOS!$A:$G,2,0))","v":"ARMAÇÃO DE ESTRUTURAS DIVERSAS DE CONCRETO ARMADO, EXCETO VIGAS, PILARES, LAJES E FUNDAÇÕES, UTILIZANDO AÇO CA-50 DE 12,5 MM - MONTAGEM. AF_06/2022"},{"$f":"IF(C2260=0,\"\",VLOOKUP(C2260,BNCDADOS!$A:$G,3,0))","v":"KG"},496,{"$f":"IF(C2260=0,\"\",VLOOKUP(C2260,BNCDADOS!$A:$G,4,0))","v":"10,41"},{"$f":"IF(C2260=0,\"\",VLOOKUP(C2260,BNCDADOS!$A:$G,5,0))","v":12.87},6383.52,{"$f":"IF(C2260=0,\"\",VLOOKUP(C2260,BNCDADOS!$A:$G,6,0))","v":"10,23"},{"$f":"IF(C2260=0,\"\",VLOOKUP(C2260,BNCDADOS!$A:$G,7,0))","v":13.29},6591.84,{"$f":"SUMIF('MC - TRECHO 06'!A:A,Orçamento!A2260,'MC - TRECHO 06'!R:R)","v":496}]
["7.3.3.7",{"$f":"IF(C2261=0,\"\",VLOOKUP(C2261,BNCDADOS!$A:$H,8,0))","v":"SINAPI/RN\nSERVIÇO"},92922,{"$f":"IF(C2261=0,\"\",VLOOKUP(C2261,BNCDADOS!$A:$G,2,0))","v":"ARMAÇÃO DE ESTRUTURAS DIVERSAS DE CONCRETO ARMADO, EXCETO VIGAS, PILARES, LAJES E FUNDAÇÕES, UTILIZANDO AÇO CA-50 DE 16,0 MM - MONTAGEM. AF_06/2022"},{"$f":"IF(C2261=0,\"\",VLOOKUP(C2261,BNCDADOS!$A:$G,3,0))","v":"KG"},26883,{"$f":"IF(C2261=0,\"\",VLOOKUP(C2261,BNCDADOS!$A:$G,4,0))","v":"9,94"},{"$f":"IF(C2261=0,\"\",VLOOKUP(C2261,BNCDADOS!$A:$G,5,0))","v":12.29},330392.07,{"$f":"IF(C2261=0,\"\",VLOOKUP(C2261,BNCDADOS!$A:$G,6,0))","v":"9,82"},{"$f":"IF(C2261=0,\"\",VLOOKUP(C2261,BNCDADOS!$A:$G,7,0))","v":12.76},343027.08,{"$f":"SUMIF('MC - TRECHO 06'!A:A,Orçamento!A2261,'MC - TRECHO 06'!R:R)","v":26883}]
["7.3.3.8",{"$f":"IF(C2262=0,\"\",VLOOKUP(C2262,BNCDADOS!$A:$H,8,0))","v":"SINAPI/RN\nSERVIÇO"},92924,{"$f":"IF(C2262=0,\"\",VLOOKUP(C2262,BNCDADOS!$A:$G,2,0))","v":"ARMAÇÃO DE ESTRUTURAS DIVERSAS DE CONCRETO ARMADO, EXCETO VIGAS, PILARES, LAJES E FUNDAÇÕES, UTILIZANDO AÇO CA-50 DE 25,0 MM - MONTAGEM. AF_06/2022"},{"$f":"IF(C2262=0,\"\",VLOOKUP(C2262,BNCDADOS!$A:$G,3,0))","v":"KG"},2613,{"$f":"IF(C2262=0,\"\",VLOOKUP(C2262,BNCDADOS!$A:$G,4,0))","v":"10,97"},{"$f":"IF(C2262=0,\"\",VLOOKUP(C2262,BNCDADOS!$A:$G,5,0))","v":13.56},35432.28,{"$f":"IF(C2262=0,\"\",VLOOKUP(C2262,BNCDADOS!$A:$G,6,0))","v":"10,88"},{"$f":"IF(C2262=0,\"\",VLOOKUP(C2262,BNCDADOS!$A:$G,7,0))","v":14.13},36921.69,{"$f":"SUMIF('MC - TRECHO 06'!A:A,Orçamento!A2262,'MC - TRECHO 06'!R:R)","v":2613}]
["7.3.3.9",{"$f":"IF(C2263=0,\"\",VLOOKUP(C2263,BNCDADOS!$A:$H,8,0))","v":"SINAPI/RN\nSERVIÇO"},92769,{"$f":"IF(C2263=0,\"\",VLOOKUP(C2263,BNCDADOS!$A:$G,2,0))","v":"ARMAÇÃO DE LAJE DE ESTRUTURA CONVENCIONAL DE CONCRETO ARMADO UTILIZANDO AÇO CA-50 DE 6,3 MM - MONTAGEM. AF_06/2022"},{"$f":"IF(C2263=0,\"\",VLOOKUP(C2263,BNCDADOS!$A:$G,3,0))","v":"KG"},446.98,{"$f":"IF(C2263=0,\"\",VLOOKUP(C2263,BNCDADOS!$A:$G,4,0))","v":"13,27"},{"$f":"IF(C2263=0,\"\",VLOOKUP(C2263,BNCDADOS!$A:$G,5,0))","v":16.41},7334.94,{"$f":"IF(C2263=0,\"\",VLOOKUP(C2263,BNCDADOS!$A:$G,6,0))","v":"12,98"},{"$f":"IF(C2263=0,\"\",VLOOKUP(C2263,BNCDADOS!$A:$G,7,0))","v":16.86},7536.08,{"$f":"SUMIF('MC - TRECHO 06'!A:A,Orçamento!A2263,'MC - TRECHO 06'!R:R)","v":446.98}]
["7.3.3.10",{"$f":"IF(C2264=0,\"\",VLOOKUP(C2264,BNCDADOS!$A:$H,8,0))","v":"SINAPI/RN\nSERVIÇO"},92771,{"$f":"IF(C2264=0,\"\",VLOOKUP(C2264,BNCDADOS!$A:$G,2,0))","v":"ARMAÇÃO DE LAJE DE ESTRUTURA CONVENCIONAL DE CONCRETO ARMADO UTILIZANDO AÇO CA-50 DE 10,0 MM - MONTAGEM. AF_06/2022"},{"$f":"IF(C2264=0,\"\",VLOOKUP(C2264,BNCDADOS!$A:$G,3,0))","v":"KG"},2513,{"$f":"IF(C2264=0,\"\",VLOOKUP(C2264,BNCDADOS!$A:$G,4,0))","v":"11,15"},{"$f":"IF(C2264=0,\"\",VLOOKUP(C2264,BNCDADOS!$A:$G,5,0))","v":13.79},34654.269999999997,{"$f":"IF(C2264=0,\"\",VLOOKUP(C2264,BNCDADOS!$A:$G,6,0))","v":"11,03"},{"$f":"IF(C2264=0,\"\",VLOOKUP(C2264,BNCDADOS!$A:$G,7,0))","v":14.33},36011.29,{"$f":"SUMIF('MC - TRECHO 06'!A:A,Orçamento!A2264,'MC - TRECHO 06'!R:R)","v":2513}]
["7.3.3.11",{"$f":"IF(C2265=0,\"\",VLOOKUP(C2265,BNCDADOS!$A:$H,8,0))","v":"SINAPI/RN\nSERVIÇO"},92772,{"$f":"IF(C2265=0,\"\",VLOOKUP(C2265,BNCDADOS!$A:$G,2,0))","v":"ARMAÇÃO DE LAJE DE ESTRUTURA CONVENCIONAL DE CONCRETO ARMADO UTILIZANDO AÇO CA-50 DE 12,5 MM - MONTAGEM. AF_06/2022"},{"$f":"IF(C2265=0,\"\",VLOOKUP(C2265,BNCDADOS!$A:$G,3,0))","v":"KG"},3821,{"$f":"IF(C2265=0,\"\",VLOOKUP(C2265,BNCDADOS!$A:$G,4,0))","v":"9,37"},{"$f":"IF(C2265=0,\"\",VLOOKUP(C2265,BNCDADOS!$A:$G,5,0))","v":11.58},44247.18,{"$f":"IF(C2265=0,\"\",VLOOKUP(C2265,BNCDADOS!$A:$G,6,0))","v":"9,29"},{"$f":"IF(C2265=0,\"\",VLOOKUP(C2265,BNCDADOS!$A:$G,7,0))","v":12.07},46119.47,{"$f":"SUMIF('MC - TRECHO 06'!A:A,Orçamento!A2265,'MC - TRECHO 06'!R:R)","v":3821}]
["7.3.3.12",{"$f":"IF(C2266=0,\"\",VLOOKUP(C2266,BNCDADOS!$A:$H,8,0))","v":"SINAPI/RN\nSERVIÇO"},92773,{"$f":"IF(C2266=0,\"\",VLOOKUP(C2266,BNCDADOS!$A:$G,2,0))","v":"ARMAÇÃO DE LAJE DE ESTRUTURA CONVENCIONAL DE CONCRETO ARMADO UTILIZANDO AÇO CA-50 DE 16,0 MM - MONTAGEM. AF_06/2022"},{"$f":"IF(C2266=0,\"\",VLOOKUP(C2266,BNCDADOS!$A:$G,3,0))","v":"KG"},5582,{"$f":"IF(C2266=0,\"\",VLOOKUP(C2266,BNCDADOS!$A:$G,4,0))","v":"9,19"},{"$f":"IF(C2266=0,\"\",VLOOKUP(C2266,BNCDADOS!$A:$G,5,0))","v":11.36},63411.519999999997,{"$f":"IF(C2266=0,\"\",VLOOKUP(C2266,BNCDADOS!$A:$G,6,0))","v":"9,14"},{"$f":"IF(C2266=0,\"\",VLOOKUP(C2266,BNCDADOS!$A:$G,7,0))","v":11.87},66258.34,{"$f":"SUMIF('MC - TRECHO 06'!A:A,Orçamento!A2266,'MC - TRECHO 06'!R:R)","v":5582}]
["7.3.3.13",{"$f":"IF(C2267=0,\"\",VLOOKUP(C2267,BNCDADOS!$A:$H,8,0))","v":0},"COMP 20",{"$f":"IF(C2267=0,\"\",VLOOKUP(C2267,BNCDADOS!$A:$G,2,0))","v":"CONCRETAGEM DE ESTRUTURAS, FCK = 40 MPA, COM USO DE BOMBA EM EDIFICAÇÕES DIVERSAS - LANÇAMENTO, ADENSAMENTO E ACABAMENTO"},{"$f":"IF(C2267=0,\"\",VLOOKUP(C2267,BNCDADOS!$A:$G,3,0))","v":"M3    "},318.98,{"$f":"IF(C2267=0,\"\",VLOOKUP(C2267,BNCDADOS!$A:$G,4,0))","v":852.28},{"$f":"IF(C2267=0,\"\",VLOOKUP(C2267,BNCDADOS!$A:$G,5,0))","v":1054.18},336262.33,{"$f":"IF(C2267=0,\"\",VLOOKUP(C2267,BNCDADOS!$A:$G,6,0))","v":837.56},{"$f":"IF(C2267=0,\"\",VLOOKUP(C2267,BNCDADOS!$A:$G,7,0))","v":1088.49},347206.54,{"$f":"SUMIF('MC - TRECHO 06'!A:A,Orçamento!A2267,'MC - TRECHO 06'!R:R)","v":318.98}]
["7.3.3.14",{"$f":"IF(C2268=0,\"\",VLOOKUP(C2268,BNCDADOS!$A:$H,8,0))","v":"SINAPI/RN\nSERVIÇO"},93205,{"$f":"IF(C2268=0,\"\",VLOOKUP(C2268,BNCDADOS!$A:$G,2,0))","v":"CINTA DE AMARRAÇÃO DE ALVENARIA MOLDADA IN LOCO COM UTILIZAÇÃO DE BLOCOS CANALETA, ESPESSURA DE *20* CM. AF_03/2024"},{"$f":"IF(C2268=0,\"\",VLOOKUP(C2268,BNCDADOS!$A:$G,3,0))","v":"M"},180,{"$f":"IF(C2268=0,\"\",VLOOKUP(C2268,BNCDADOS!$A:$G,4,0))","v":"59,88"},{"$f":"IF(C2268=0,\"\",VLOOKUP(C2268,BNCDADOS!$A:$G,5,0))","v":74.06},13330.8,{"$f":"IF(C2268=0,\"\",VLOOKUP(C2268,BNCDADOS!$A:$G,6,0))","v":"57,63"},{"$f":"IF(C2268=0,\"\",VLOOKUP(C2268,BNCDADOS!$A:$G,7,0))","v":74.89},13480.2,{"$f":"SUMIF('MC - TRECHO 06'!A:A,Orçamento!A2268,'MC - TRECHO 06'!R:R)","v":180}]
["7.3.4",{"$f":"IF(C2269=0,\"\",VLOOKUP(C2269,BNCDADOS!$A:$G,8,0))","v":""},null,"ALVENARIAS E REVESTIMENTOS",{"$f":"IF(C2269=0,\"\",VLOOKUP(C2269,BNCDADOS!$A:$G,3,0))","v":""},0,{"$f":"IF(C2269=0,\"\",VLOOKUP(C2269,BNCDADOS!$A:$G,4,0))","v":""},{"$f":"IF(C2269=0,\"\",VLOOKUP(C2269,BNCDADOS!$A:$G,5,0))","v":""},{"$f":"SUM(I2270:I2274)","v":166888.56},{"$f":"IF(C2269=0,\"\",VLOOKUP(C2269,BNCDADOS!$A:$G,6,0))","v":""},{"$f":"IF(C2269=0,\"\",VLOOKUP(C2269,BNCDADOS!$A:$G,7,0))","v":""},{"$f":"SUM(L2270:L2274)","v":167294.5},0]
["7.3.4.1",{"$f":"IF(C2270=0,\"\",VLOOKUP(C2270,BNCDADOS!$A:$H,8,0))","v":"SINAPI/RN\nSERVIÇO"},103338,{"$f":"IF(C2270=0,\"\",VLOOKUP(C2270,BNCDADOS!$A:$G,2,0))","v":"ALVENARIA DE VEDAÇÃO DE BLOCOS  VAZADOS DE CONCRETO APARENTE DE 14X19X39 CM (ESPESSURA 14 CM) E ARGAMASSA DE ASSENTAMENTO COM PREPARO EM BETONEIRA. AF_12/2021"},{"$f":"IF(C2270=0,\"\",VLOOKUP(C2270,BNCDADOS!$A:$G,3,0))","v":"M2"},432,{"$f":"IF(C2270=0,\"\",VLOOKUP(C2270,BNCDADOS!$A:$G,4,0))","v":"111,81"},{"$f":"IF(C2270=0,\"\",VLOOKUP(C2270,BNCDADOS!$A:$G,5,0))","v":138.29},{"$f":"IF(H2270=\"\",0,TRUNC(H2270*F2270,2))","v":59741.279999999999},{"$f":"IF(C2270=0,\"\",VLOOKUP(C2270,BNCDADOS!$A:$G,6,0))","v":"106,87"},{"$f":"IF(C2270=0,\"\",VLOOKUP(C2270,BNCDADOS!$A:$G,7,0))","v":138.88},{"$f":"IF(K2270=\"\",0,TRUNC(K2270*F2270,2))","v":59996.160000000003},{"$f":"SUMIF('MC - TRECHO 06'!A:A,Orçamento!A2270,'MC - TRECHO 06'!R:R)","v":432}]
["7.3.4.2",{"$f":"IF(C2271=0,\"\",VLOOKUP(C2271,BNCDADOS!$A:$H,8,0))","v":"SINAPI/RN\nSERVIÇO"},87879,{"$f":"IF(C2271=0,\"\",VLOOKUP(C2271,BNCDADOS!$A:$G,2,0))","v":"CHAPISCO APLICADO EM ALVENARIAS E ESTRUTURAS DE CONCRETO INTERNAS, COM COLHER DE PEDREIRO.  ARGAMASSA TRAÇO 1:3 COM PREPARO EM BETONEIRA 400L. AF_10/2022"},{"$f":"IF(C2271=0,\"\",VLOOKUP(C2271,BNCDADOS!$A:$G,3,0))","v":"M2"},864,{"$f":"IF(C2271=0,\"\",VLOOKUP(C2271,BNCDADOS!$A:$G,4,0))","v":"4,06"},{"$f":"IF(C2271=0,\"\",VLOOKUP(C2271,BNCDADOS!$A:$G,5,0))","v":5.0199999999999996},4337.28,{"$f":"IF(C2271=0,\"\",VLOOKUP(C2271,BNCDADOS!$A:$G,6,0))","v":"3,78"},{"$f":"IF(C2271=0,\"\",VLOOKUP(C2271,BNCDADOS!$A:$G,7,0))","v":4.91},4242.24,{"$f":"SUMIF('MC - TRECHO 06'!A:A,Orçamento!A2271,'MC - TRECHO 06'!R:R)","v":864}]
["7.3.4.3",{"$f":"IF(C2272=0,\"\",VLOOKUP(C2272,BNCDADOS!$A:$H,8,0))","v":"SINAPI/RN\nSERVIÇO"},89173,{"$f":"IF(C2272=0,\"\",VLOOKUP(C2272,BNCDADOS!$A:$G,2,0))","v":"(COMPOSIÇÃO REPRESENTATIVA) DO SERVIÇO DE EMBOÇO/MASSA ÚNICA, APLICADO MANUALMENTE, TRAÇO 1:2:8, EM BETONEIRA DE 400L, PAREDES INTERNAS, COM EXECUÇÃO DE TALISCAS, EDIFICAÇÃO HABITACIONAL UNIFAMILIAR (CASAS) E EDIFICAÇÃO PÚBLICA PADRÃO. AF_12/2014"},{"$f":"IF(C2272=0,\"\",VLOOKUP(C2272,BNCDADOS!$A:$G,3,0))","v":"m²"},1728,{"$f":"IF(C2272=0,\"\",VLOOKUP(C2272,BNCDADOS!$A:$G,4,0))","v":32},{"$f":"IF(C2272=0,\"\",VLOOKUP(C2272,BNCDADOS!$A:$G,5,0))","v":39.58},68394.240000000005,{"$f":"IF(C2272=0,\"\",VLOOKUP(C2272,BNCDADOS!$A:$G,6,0))","v":29.96},{"$f":"IF(C2272=0,\"\",VLOOKUP(C2272,BNCDADOS!$A:$G,7,0))","v":38.93},67271.039999999994,{"$f":"SUMIF('MC - TRECHO 06'!A:A,Orçamento!A2272,'MC - TRECHO 06'!R:R)","v":1728}]
["7.3.4.4",{"$f":"IF(C2273=0,\"\",VLOOKUP(C2273,BNCDADOS!$A:$H,8,0))","v":"SINAPI/RN\nSERVIÇO"},89045,{"$f":"IF(C2273=0,\"\",VLOOKUP(C2273,BNCDADOS!$A:$G,2,0))","v":"(COMPOSIÇÃO REPRESENTATIVA) DO SERVIÇO DE REVESTIMENTO CERÂMICO PARA AMBIENTES DE ÁREAS MOLHADAS, MEIA PAREDE OU PAREDE INTEIRA, COM PLACAS TIPO ESMALTADA EXTRA, DIMENSÕES 20X20 CM, PARA EDIFICAÇÃO HABITACIONAL MULTIFAMILIAR (PRÉDIO). AF_11/2014"},{"$f":"IF(C2273=0,\"\",VLOOKUP(C2273,BNCDADOS!$A:$G,3,0))","v":"M²"},25.8,{"$f":"IF(C2273=0,\"\",VLOOKUP(C2273,BNCDADOS!$A:$G,4,0))","v":67.73},{"$f":"IF(C2273=0,\"\",VLOOKUP(C2273,BNCDADOS!$A:$G,5,0))","v":83.77},2161.2600000000002,{"$f":"IF(C2273=0,\"\",VLOOKUP(C2273,BNCDADOS!$A:$G,6,0))","v":65.709999999999994},{"$f":"IF(C2273=0,\"\",VLOOKUP(C2273,BNCDADOS!$A:$G,7,0))","v":85.39},2203.06,{"$f":"SUMIF('MC - TRECHO 06'!A:A,Orçamento!A2273,'MC - TRECHO 06'!R:R)","v":25.799999999999997}]
["7.3.4.5",{"$f":"IF(C2274=0,\"\",VLOOKUP(C2274,BNCDADOS!$A:$H,8,0))","v":"SINAPI/RN\nSERVIÇO"},98553,{"$f":"IF(C2274=0,\"\",VLOOKUP(C2274,BNCDADOS!$A:$G,2,0))","v":"IMPERMEABILIZAÇÃO DE SUPERFÍCIE COM MEMBRANA À BASE DE POLIURETANO, 2 DEMÃOS. AF_09/2023"},{"$f":"IF(C2274=0,\"\",VLOOKUP(C2274,BNCDADOS!$A:$G,3,0))","v":"M2"},150,{"$f":"IF(C2274=0,\"\",VLOOKUP(C2274,BNCDADOS!$A:$G,4,0))","v":"173,85"},{"$f":"IF(C2274=0,\"\",VLOOKUP(C2274,BNCDADOS!$A:$G,5,0))","v":215.03},32254.5,{"$f":"IF(C2274=0,\"\",VLOOKUP(C2274,BNCDADOS!$A:$G,6,0))","v":"172,27"},{"$f":"IF(C2274=0,\"\",VLOOKUP(C2274,BNCDADOS!$A:$G,7,0))","v":223.88},33582,{"$f":"SUMIF('MC - TRECHO 06'!A:A,Orçamento!A2274,'MC - TRECHO 06'!R:R)","v":150}]
["7.3.5",{"$f":"IF(C2275=0,\"\",VLOOKUP(C2275,BNCDADOS!$A:$G,8,0))","v":""},null,"ESQUADRIAS",{"$f":"IF(C2275=0,\"\",VLOOKUP(C2275,BNCDADOS!$A:$G,3,0))","v":""},0,{"$f":"IF(C2275=0,\"\",VLOOKUP(C2275,BNCDADOS!$A:$G,4,0))","v":""},{"$f":"IF(C2275=0,\"\",VLOOKUP(C2275,BNCDADOS!$A:$G,5,0))","v":""},{"$f":"SUM(I2276:I2276)","v":1748.82},{"$f":"IF(C2275=0,\"\",VLOOKUP(C2275,BNCDADOS!$A:$G,6,0))","v":""},{"$f":"IF(C2275=0,\"\",VLOOKUP(C2275,BNCDADOS!$A:$G,7,0))","v":""},{"$f":"SUM(L2276:L2276)","v":1831.25},0]
["7.3.5.1",{"$f":"IF(C2276=0,\"\",VLOOKUP(C2276,BNCDADOS!$A:$H,8,0))","v":"SINAPI/RN\nSERVIÇO"},100701,{"$f":"IF(C2276=0,\"\",VLOOKUP(C2276,BNCDADOS!$A:$G,2,0))","v":"PORTA DE FERRO, DE ABRIR, TIPO GRADE COM CHAPA, COM GUARNIÇÕES. AF_12/2019"},{"$f":"IF(C2276=0,\"\",VLOOKUP(C2276,BNCDADOS!$A:$G,3,0))","v":"M2"},2.52,{"$f":"IF(C2276=0,\"\",VLOOKUP(C2276,BNCDADOS!$A:$G,4,0))","v":"561,07"},{"$f":"IF(C2276=0,\"\",VLOOKUP(C2276,BNCDADOS!$A:$G,5,0))","v":693.98},{"$f":"IF(H2276=\"\",0,TRUNC(H2276*F2276,2))","v":1748.82},{"$f":"IF(C2276=0,\"\",VLOOKUP(C2276,BNCDADOS!$A:$G,6,0))","v":"559,17"},{"$f":"IF(C2276=0,\"\",VLOOKUP(C2276,BNCDADOS!$A:$G,7,0))","v":726.69},{"$f":"IF(K2276=\"\",0,TRUNC(K2276*F2276,2))","v":1831.25},{"$f":"SUMIF('MC - TRECHO 06'!A:A,Orçamento!A2276,'MC - TRECHO 06'!R:R)","v":2.52}]
["7.3.6",{"$f":"IF(C2277=0,\"\",VLOOKUP(C2277,BNCDADOS!$A:$G,8,0))","v":""},null,"DRENAGEM",{"$f":"IF(C2277=0,\"\",VLOOKUP(C2277,BNCDADOS!$A:$G,3,0))","v":""},0,{"$f":"IF(C2277=0,\"\",VLOOKUP(C2277,BNCDADOS!$A:$G,4,0))","v":""},{"$f":"IF(C2277=0,\"\",VLOOKUP(C2277,BNCDADOS!$A:$G,5,0))","v":""},{"$f":"SUM(I2278:I2280)","v":61878.659999999996},{"$f":"IF(C2277=0,\"\",VLOOKUP(C2277,BNCDADOS!$A:$G,6,0))","v":""},{"$f":"IF(C2277=0,\"\",VLOOKUP(C2277,BNCDADOS!$A:$G,7,0))","v":""},{"$f":"SUM(L2278:L2280)","v":64307.899999999994},0]
["7.3.6.1",{"$f":"IF(C2278=0,\"\",VLOOKUP(C2278,BNCDADOS!$A:$H,8,0))","v":"caern"},2060193,{"$f":"IF(C2278=0,\"\",VLOOKUP(C2278,BNCDADOS!$A:$G,2,0))","v":"CAIXA ENTERRADA RETANGULAR EM ALVENARIA COM TIJOLOS CERÂMICOS MACIÇOS (ESPESSURA 20CM), DIMENSÕES INTERNAS: 0,8X0,8X1,5 M, INCLUSIVE ESCORAMENTO, ESCAVAÇÃO, REATERRO APILOADO, BOTA-FORA DE MATERIAL E TAMPA DE 10CM. R_11/2018"},{"$f":"IF(C2278=0,\"\",VLOOKUP(C2278,BNCDADOS!$A:$G,3,0))","v":"UN "},5,{"$f":"IF(C2278=0,\"\",VLOOKUP(C2278,BNCDADOS!$A:$G,4,0))","v":1820.24},{"$f":"IF(C2278=0,\"\",VLOOKUP(C2278,BNCDADOS!$A:$G,5,0))","v":2251.4499999999998},{"$f":"IF(H2278=\"\",0,TRUNC(H2278*F2278,2))","v":11257.25},{"$f":"IF(C2278=0,\"\",VLOOKUP(C2278,BNCDADOS!$A:$G,6,0))","v":1734.86},{"$f":"IF(C2278=0,\"\",VLOOKUP(C2278,BNCDADOS!$A:$G,7,0))","v":2254.62},{"$f":"IF(K2278=\"\",0,TRUNC(K2278*F2278,2))","v":11273.1},{"$f":"SUMIF('MC - TRECHO 06'!A:A,Orçamento!A2278,'MC - TRECHO 06'!R:R)","v":5}]
["7.3.6.2",{"$f":"IF(C2279=0,\"\",VLOOKUP(C2279,BNCDADOS!$A:$H,8,0))","v":"SINAPI/RN\nSERVIÇO"},94871,{"$f":"IF(C2279=0,\"\",VLOOKUP(C2279,BNCDADOS!$A:$G,2,0))","v":"TUBO DE PEAD CORRUGADO DE DUPLA PAREDE PARA REDE COLETORA DE ESGOTO, DN 300 MM, JUNTA ELÁSTICA INTEGRADA - FORNECIMENTO E ASSENTAMENTO. AF_01/2021"},{"$f":"IF(C2279=0,\"\",VLOOKUP(C2279,BNCDADOS!$A:$G,3,0))","v":"M"},79.400000000000006,{"$f":"IF(C2279=0,\"\",VLOOKUP(C2279,BNCDADOS!$A:$G,4,0))","v":"452,78"},{"$f":"IF(C2279=0,\"\",VLOOKUP(C2279,BNCDADOS!$A:$G,5,0))","v":560.04},{"$f":"IF(H2279=\"\",0,TRUNC(H2279*F2279,2))","v":44467.17},{"$f":"IF(C2279=0,\"\",VLOOKUP(C2279,BNCDADOS!$A:$G,6,0))","v":"452,63"},{"$f":"IF(C2279=0,\"\",VLOOKUP(C2279,BNCDADOS!$A:$G,7,0))","v":588.23},{"$f":"IF(K2279=\"\",0,TRUNC(K2279*F2279,2))","v":46705.46},{"$f":"SUMIF('MC - TRECHO 06'!A:A,Orçamento!A2279,'MC - TRECHO 06'!R:R)","v":79.400000000000006}]
["7.3.6.3",{"$f":"IF(C2280=0,\"\",VLOOKUP(C2280,BNCDADOS!$A:$H,8,0))","v":"SINAPI/RN\nSERVIÇO"},96624,{"$f":"IF(C2280=0,\"\",VLOOKUP(C2280,BNCDADOS!$A:$G,2,0))","v":"LASTRO COM MATERIAL GRANULAR (PEDRA BRITADA N.2), APLICADO EM PISOS OU LAJES SOBRE SOLO, ESPESSURA DE *10 CM*. AF_01/2024"},{"$f":"IF(C2280=0,\"\",VLOOKUP(C2280,BNCDADOS!$A:$G,3,0))","v":"M3"},18.97,{"$f":"IF(C2280=0,\"\",VLOOKUP(C2280,BNCDADOS!$A:$G,4,0))","v":"262,29"},{"$f":"IF(C2280=0,\"\",VLOOKUP(C2280,BNCDADOS!$A:$G,5,0))","v":324.42},{"$f":"IF(H2280=\"\",0,TRUNC(H2280*F2280,2))","v":6154.24},{"$f":"IF(C2280=0,\"\",VLOOKUP(C2280,BNCDADOS!$A:$G,6,0))","v":"256,74"},{"$f":"IF(C2280=0,\"\",VLOOKUP(C2280,BNCDADOS!$A:$G,7,0))","v":333.65},{"$f":"IF(K2280=\"\",0,TRUNC(K2280*F2280,2))","v":6329.34},{"$f":"SUMIF('MC - TRECHO 06'!A:A,Orçamento!A2280,'MC - TRECHO 06'!R:R)","v":18.97}]
["7.3.7",{"$f":"IF(C2281=0,\"\",VLOOKUP(C2281,BNCDADOS!$A:$G,8,0))","v":""},null,"PAVIMENTAÇÃO",{"$f":"IF(C2281=0,\"\",VLOOKUP(C2281,BNCDADOS!$A:$G,3,0))","v":""},0,{"$f":"IF(C2281=0,\"\",VLOOKUP(C2281,BNCDADOS!$A:$G,4,0))","v":""},{"$f":"IF(C2281=0,\"\",VLOOKUP(C2281,BNCDADOS!$A:$G,5,0))","v":""},{"$f":"SUM(I2282:I2284)","v":164983.46000000002},{"$f":"IF(C2281=0,\"\",VLOOKUP(C2281,BNCDADOS!$A:$G,6,0))","v":""},{"$f":"IF(C2281=0,\"\",VLOOKUP(C2281,BNCDADOS!$A:$G,7,0))","v":""},{"$f":"SUM(L2282:L2284)","v":169062.18},0]
["7.3.7.1",{"$f":"IF(C2282=0,\"\",VLOOKUP(C2282,BNCDADOS!$A:$H,8,0))","v":"SINAPI/RN\nSERVIÇO"},94275,{"$f":"IF(C2282=0,\"\",VLOOKUP(C2282,BNCDADOS!$A:$G,2,0))","v":"ASSENTAMENTO DE GUIA (MEIO-FIO) EM TRECHO RETO, CONFECCIONADA EM CONCRETO PRÉ-FABRICADO, DIMENSÕES 100X15X13X20 CM (COMPRIMENTO X BASE INFERIOR X BASE SUPERIOR X ALTURA). AF_01/2024"},{"$f":"IF(C2282=0,\"\",VLOOKUP(C2282,BNCDADOS!$A:$G,3,0))","v":"M"},228.2,{"$f":"IF(C2282=0,\"\",VLOOKUP(C2282,BNCDADOS!$A:$G,4,0))","v":"40,32"},{"$f":"IF(C2282=0,\"\",VLOOKUP(C2282,BNCDADOS!$A:$G,5,0))","v":49.87},{"$f":"IF(H2282=\"\",0,TRUNC(H2282*F2282,2))","v":11380.33},{"$f":"IF(C2282=0,\"\",VLOOKUP(C2282,BNCDADOS!$A:$G,6,0))","v":"39,29"},{"$f":"IF(C2282=0,\"\",VLOOKUP(C2282,BNCDADOS!$A:$G,7,0))","v":51.06},{"$f":"IF(K2282=\"\",0,TRUNC(K2282*F2282,2))","v":11651.89},{"$f":"SUMIF('MC - TRECHO 06'!A:A,Orçamento!A2282,'MC - TRECHO 06'!R:R)","v":228.2}]
["7.3.7.2",{"$f":"IF(C2283=0,\"\",VLOOKUP(C2283,BNCDADOS!$A:$H,8,0))","v":"SINAPI/RN\nSERVIÇO"},92400,{"$f":"IF(C2283=0,\"\",VLOOKUP(C2283,BNCDADOS!$A:$G,2,0))","v":"EXECUÇÃO DE PAVIMENTO EM PISO INTERTRAVADO, COM BLOCO RETANGULAR DE 20 X 10 CM, ESPESSURA 10 CM. AF_10/2022"},{"$f":"IF(C2283=0,\"\",VLOOKUP(C2283,BNCDADOS!$A:$G,3,0))","v":"M2"},643,{"$f":"IF(C2283=0,\"\",VLOOKUP(C2283,BNCDADOS!$A:$G,4,0))","v":"95,44"},{"$f":"IF(C2283=0,\"\",VLOOKUP(C2283,BNCDADOS!$A:$G,5,0))","v":118.04},{"$f":"IF(H2283=\"\",0,TRUNC(H2283*F2283,2))","v":75899.72},{"$f":"IF(C2283=0,\"\",VLOOKUP(C2283,BNCDADOS!$A:$G,6,0))","v":"93,92"},{"$f":"IF(C2283=0,\"\",VLOOKUP(C2283,BNCDADOS!$A:$G,7,0))","v":122.05},{"$f":"IF(K2283=\"\",0,TRUNC(K2283*F2283,2))","v":78478.149999999994},{"$f":"SUMIF('MC - TRECHO 06'!A:A,Orçamento!A2283,'MC - TRECHO 06'!R:R)","v":643}]
["7.3.7.3",{"$f":"IF(C2284=0,\"\",VLOOKUP(C2284,BNCDADOS!$A:$H,8,0))","v":"SINAPI/RN\nSERVIÇO"},94990,{"$f":"IF(C2284=0,\"\",VLOOKUP(C2284,BNCDADOS!$A:$G,2,0))","v":"EXECUÇÃO DE PASSEIO (CALÇADA) OU PISO DE CONCRETO COM CONCRETO MOLDADO IN LOCO, FEITO EM OBRA, ACABAMENTO CONVENCIONAL, NÃO ARMADO. AF_08/2022"},{"$f":"IF(C2284=0,\"\",VLOOKUP(C2284,BNCDADOS!$A:$G,3,0))","v":"M3"},80.52,{"$f":"IF(C2284=0,\"\",VLOOKUP(C2284,BNCDADOS!$A:$G,4,0))","v":"780,20"},{"$f":"IF(C2284=0,\"\",VLOOKUP(C2284,BNCDADOS!$A:$G,5,0))","v":965.02},{"$f":"IF(H2284=\"\",0,TRUNC(H2284*F2284,2))","v":77703.41},{"$f":"IF(C2284=0,\"\",VLOOKUP(C2284,BNCDADOS!$A:$G,6,0))","v":"754,30"},{"$f":"IF(C2284=0,\"\",VLOOKUP(C2284,BNCDADOS!$A:$G,7,0))","v":980.28},{"$f":"IF(K2284=\"\",0,TRUNC(K2284*F2284,2))","v":78932.14},{"$f":"SUMIF('MC - TRECHO 06'!A:A,Orçamento!A2284,'MC - TRECHO 06'!R:R)","v":80.52}]
["7.3.8",{"$f":"IF(C2285=0,\"\",VLOOKUP(C2285,BNCDADOS!$A:$G,8,0))","v":""},null,"PINTURA",{"$f":"IF(C2285=0,\"\",VLOOKUP(C2285,BNCDADOS!$A:$G,3,0))","v":""},0,{"$f":"IF(C2285=0,\"\",VLOOKUP(C2285,BNCDADOS!$A:$G,4,0))","v":""},{"$f":"IF(C2285=0,\"\",VLOOKUP(C2285,BNCDADOS!$A:$G,5,0))","v":""},{"$f":"SUM(I2286:I2289)","v":29396.690000000002},{"$f":"IF(C2285=0,\"\",VLOOKUP(C2285,BNCDADOS!$A:$G,6,0))","v":""},{"$f":"IF(C2285=0,\"\",VLOOKUP(C2285,BNCDADOS!$A:$G,7,0))","v":""},{"$f":"SUM(L2286:L2289)","v":28987.919999999998},0]
["7.3.8.1",{"$f":"IF(C2286=0,\"\",VLOOKUP(C2286,BNCDADOS!$A:$H,8,0))","v":"SINAPI/RN\nSERVIÇO"},88485,{"$f":"IF(C2286=0,\"\",VLOOKUP(C2286,BNCDADOS!$A:$G,2,0))","v":"FUNDO SELADOR ACRÍLICO, APLICAÇÃO MANUAL EM PAREDE, UMA DEMÃO. AF_04/2023"},{"$f":"IF(C2286=0,\"\",VLOOKUP(C2286,BNCDADOS!$A:$G,3,0))","v":"M2"},1728,{"$f":"IF(C2286=0,\"\",VLOOKUP(C2286,BNCDADOS!$A:$G,4,0))","v":"3,30"},{"$f":"IF(C2286=0,\"\",VLOOKUP(C2286,BNCDADOS!$A:$G,5,0))","v":4.08},{"$f":"IF(H2286=\"\",0,TRUNC(H2286*F2286,2))","v":7050.24},{"$f":"IF(C2286=0,\"\",VLOOKUP(C2286,BNCDADOS!$A:$G,6,0))","v":"3,06"},{"$f":"IF(C2286=0,\"\",VLOOKUP(C2286,BNCDADOS!$A:$G,7,0))","v":3.97},{"$f":"IF(K2286=\"\",0,TRUNC(K2286*F2286,2))","v":6860.16},{"$f":"SUMIF('MC - TRECHO 06'!A:A,Orçamento!A2286,'MC - TRECHO 06'!R:R)","v":1728}]
["7.3.8.2",{"$f":"IF(C2287=0,\"\",VLOOKUP(C2287,BNCDADOS!$A:$H,8,0))","v":"SINAPI/RN\nSERVIÇO"},104642,{"$f":"IF(C2287=0,\"\",VLOOKUP(C2287,BNCDADOS!$A:$G,2,0))","v":"PINTURA LÁTEX ACRÍLICA STANDARD, APLICAÇÃO MANUAL EM PAREDES, DUAS DEMÃOS. AF_04/2023"},{"$f":"IF(C2287=0,\"\",VLOOKUP(C2287,BNCDADOS!$A:$G,3,0))","v":"M2"},1728,{"$f":"IF(C2287=0,\"\",VLOOKUP(C2287,BNCDADOS!$A:$G,4,0))","v":"10,29"},{"$f":"IF(C2287=0,\"\",VLOOKUP(C2287,BNCDADOS!$A:$G,5,0))","v":12.72},{"$f":"IF(H2287=\"\",0,TRUNC(H2287*F2287,2))","v":21980.16},{"$f":"IF(C2287=0,\"\",VLOOKUP(C2287,BNCDADOS!$A:$G,6,0))","v":"9,70"},{"$f":"IF(C2287=0,\"\",VLOOKUP(C2287,BNCDADOS!$A:$G,7,0))","v":12.6},{"$f":"IF(K2287=\"\",0,TRUNC(K2287*F2287,2))","v":21772.799999999999},{"$f":"SUMIF('MC - TRECHO 06'!A:A,Orçamento!A2287,'MC - TRECHO 06'!R:R)","v":1728}]
["7.3.8.3",{"$f":"IF(C2288=0,\"\",VLOOKUP(C2288,BNCDADOS!$A:$H,8,0))","v":"SINAPI/RN\nSERVIÇO"},100720,{"$f":"IF(C2288=0,\"\",VLOOKUP(C2288,BNCDADOS!$A:$G,2,0))","v":"PINTURA COM TINTA ALQUÍDICA DE FUNDO (TIPO ZARCÃO) APLICADA A ROLO OU PINCEL SOBRE PERFIL METÁLICO EXECUTADO EM FÁBRICA (POR DEMÃO). AF_01/2020"},{"$f":"IF(C2288=0,\"\",VLOOKUP(C2288,BNCDADOS!$A:$G,3,0))","v":"M2"},5.04,{"$f":"IF(C2288=0,\"\",VLOOKUP(C2288,BNCDADOS!$A:$G,4,0))","v":"10,27"},{"$f":"IF(C2288=0,\"\",VLOOKUP(C2288,BNCDADOS!$A:$G,5,0))","v":12.7},{"$f":"IF(H2288=\"\",0,TRUNC(H2288*F2288,2))","v":64},{"$f":"IF(C2288=0,\"\",VLOOKUP(C2288,BNCDADOS!$A:$G,6,0))","v":"9,65"},{"$f":"IF(C2288=0,\"\",VLOOKUP(C2288,BNCDADOS!$A:$G,7,0))","v":12.54},{"$f":"IF(K2288=\"\",0,TRUNC(K2288*F2288,2))","v":63.2},{"$f":"SUMIF('MC - TRECHO 06'!A:A,Orçamento!A2288,'MC - TRECHO 06'!R:R)","v":5.04}]
["7.3.8.4",{"$f":"IF(C2289=0,\"\",VLOOKUP(C2289,BNCDADOS!$A:$H,8,0))","v":"SINAPI/RN\nSERVIÇO"},100758,{"$f":"IF(C2289=0,\"\",VLOOKUP(C2289,BNCDADOS!$A:$G,2,0))","v":"PINTURA COM TINTA ALQUÍDICA DE ACABAMENTO (ESMALTE SINTÉTICO ACETINADO) APLICADA A ROLO OU PINCEL SOBRE SUPERFÍCIES METÁLICAS (EXCETO PERFIL) EXECUTADO EM OBRA (02 DEMÃOS). AF_01/2020"},{"$f":"IF(C2289=0,\"\",VLOOKUP(C2289,BNCDADOS!$A:$G,3,0))","v":"M2"},5.04,{"$f":"IF(C2289=0,\"\",VLOOKUP(C2289,BNCDADOS!$A:$G,4,0))","v":"48,50"},{"$f":"IF(C2289=0,\"\",VLOOKUP(C2289,BNCDADOS!$A:$G,5,0))","v":59.98},{"$f":"IF(H2289=\"\",0,TRUNC(H2289*F2289,2))","v":302.29000000000002},{"$f":"IF(C2289=0,\"\",VLOOKUP(C2289,BNCDADOS!$A:$G,6,0))","v":"44,55"},{"$f":"IF(C2289=0,\"\",VLOOKUP(C2289,BNCDADOS!$A:$G,7,0))","v":57.89},{"$f":"IF(K2289=\"\",0,TRUNC(K2289*F2289,2))","v":291.76},{"$f":"SUMIF('MC - TRECHO 06'!A:A,Orçamento!A2289,'MC - TRECHO 06'!R:R)","v":5.04}]
["7.3.9",{"$f":"IF(C2290=0,\"\",VLOOKUP(C2290,BNCDADOS!$A:$G,8,0))","v":""},null,"INSTALAÇÃO ELÉTRICA",{"$f":"IF(C2290=0,\"\",VLOOKUP(C2290,BNCDADOS!$A:$G,3,0))","v":""},0,{"$f":"IF(C2290=0,\"\",VLOOKUP(C2290,BNCDADOS!$A:$G,4,0))","v":""},{"$f":"IF(C2290=0,\"\",VLOOKUP(C2290,BNCDADOS!$A:$G,5,0))","v":""},{"$f":"SUM(I2291:I2298)","v":11488.53},{"$f":"IF(C2290=0,\"\",VLOOKUP(C2290,BNCDADOS!$A:$G,6,0))","v":""},{"$f":"IF(C2290=0,\"\",VLOOKUP(C2290,BNCDADOS!$A:$G,7,0))","v":""},{"$f":"SUM(L2291:L2298)","v":11785.43},0]
["7.3.9.1",{"$f":"IF(C2291=0,\"\",VLOOKUP(C2291,BNCDADOS!$A:$H,8,0))","v":"SINAPI/RN\nSERVIÇO"},101517,{"$f":"IF(C2291=0,\"\",VLOOKUP(C2291,BNCDADOS!$A:$G,2,0))","v":"ENTRADA DE ENERGIA ELÉTRICA, SUBTERRÂNEA, MONOFÁSICA, COM CAIXA DE EMBUTIR, CABO DE 10 MM2 E DISJUNTOR DIN 50A (NÃO INCLUSA MURETA DE ALVENARIA). AF_07/2020_PS"},{"$f":"IF(C2291=0,\"\",VLOOKUP(C2291,BNCDADOS!$A:$G,3,0))","v":"UN"},1,{"$f":"IF(C2291=0,\"\",VLOOKUP(C2291,BNCDADOS!$A:$G,4,0))","v":"894,51"},{"$f":"IF(C2291=0,\"\",VLOOKUP(C2291,BNCDADOS!$A:$G,5,0))","v":1106.4100000000001},{"$f":"IF(H2291=\"\",0,TRUNC(H2291*F2291,2))","v":1106.4100000000001},{"$f":"IF(C2291=0,\"\",VLOOKUP(C2291,BNCDADOS!$A:$G,6,0))","v":"875,56"},{"$f":"IF(C2291=0,\"\",VLOOKUP(C2291,BNCDADOS!$A:$G,7,0))","v":1137.8699999999999},{"$f":"IF(K2291=\"\",0,TRUNC(K2291*F2291,2))","v":1137.8699999999999},{"$f":"SUMIF('MC - TRECHO 06'!A:A,Orçamento!A2291,'MC - TRECHO 06'!R:R)","v":1}]
["7.3.9.2",{"$f":"IF(C2292=0,\"\",VLOOKUP(C2292,BNCDADOS!$A:$H,8,0))","v":"SINAPI/RN\nSERVIÇO"},91931,{"$f":"IF(C2292=0,\"\",VLOOKUP(C2292,BNCDADOS!$A:$G,2,0))","v":"CABO DE COBRE FLEXÍVEL ISOLADO, 6 MM², ANTI-CHAMA 0,6/1,0 KV, PARA CIRCUITOS TERMINAIS - FORNECIMENTO E INSTALAÇÃO. AF_03/2023"},{"$f":"IF(C2292=0,\"\",VLOOKUP(C2292,BNCDADOS!$A:$G,3,0))","v":"M"},15,{"$f":"IF(C2292=0,\"\",VLOOKUP(C2292,BNCDADOS!$A:$G,4,0))","v":"11,29"},{"$f":"IF(C2292=0,\"\",VLOOKUP(C2292,BNCDADOS!$A:$G,5,0))","v":13.96},209.4,{"$f":"IF(C2292=0,\"\",VLOOKUP(C2292,BNCDADOS!$A:$G,6,0))","v":"11,02"},{"$f":"IF(C2292=0,\"\",VLOOKUP(C2292,BNCDADOS!$A:$G,7,0))","v":14.32},214.8,{"$f":"SUMIF('MC - TRECHO 06'!A:A,Orçamento!A2292,'MC - TRECHO 06'!R:R)","v":15}]
["7.3.9.3",{"$f":"IF(C2293=0,\"\",VLOOKUP(C2293,BNCDADOS!$A:$H,8,0))","v":"SINAPI/RN\nSERVIÇO"},91929,{"$f":"IF(C2293=0,\"\",VLOOKUP(C2293,BNCDADOS!$A:$G,2,0))","v":"CABO DE COBRE FLEXÍVEL ISOLADO, 4 MM², ANTI-CHAMA 0,6/1,0 KV, PARA CIRCUITOS TERMINAIS - FORNECIMENTO E INSTALAÇÃO. AF_03/2023"},{"$f":"IF(C2293=0,\"\",VLOOKUP(C2293,BNCDADOS!$A:$G,3,0))","v":"M"},115.5,{"$f":"IF(C2293=0,\"\",VLOOKUP(C2293,BNCDADOS!$A:$G,4,0))","v":"7,98"},{"$f":"IF(C2293=0,\"\",VLOOKUP(C2293,BNCDADOS!$A:$G,5,0))","v":9.8699999999999992},1139.98,{"$f":"IF(C2293=0,\"\",VLOOKUP(C2293,BNCDADOS!$A:$G,6,0))","v":"7,76"},{"$f":"IF(C2293=0,\"\",VLOOKUP(C2293,BNCDADOS!$A:$G,7,0))","v":10.08},1164.24,{"$f":"SUMIF('MC - TRECHO 06'!A:A,Orçamento!A2293,'MC - TRECHO 06'!R:R)","v":115.5}]
["7.3.9.4",{"$f":"IF(C2294=0,\"\",VLOOKUP(C2294,BNCDADOS!$A:$H,8,0))","v":"SINAPI/RN\nSERVIÇO"},91927,{"$f":"IF(C2294=0,\"\",VLOOKUP(C2294,BNCDADOS!$A:$G,2,0))","v":"CABO DE COBRE FLEXÍVEL ISOLADO, 2,5 MM², ANTI-CHAMA 0,6/1,0 KV, PARA CIRCUITOS TERMINAIS - FORNECIMENTO E INSTALAÇÃO. AF_03/2023"},{"$f":"IF(C2294=0,\"\",VLOOKUP(C2294,BNCDADOS!$A:$G,3,0))","v":"M"},90,{"$f":"IF(C2294=0,\"\",VLOOKUP(C2294,BNCDADOS!$A:$G,4,0))","v":"5,38"},{"$f":"IF(C2294=0,\"\",VLOOKUP(C2294,BNCDADOS!$A:$G,5,0))","v":6.65},598.5,{"$f":"IF(C2294=0,\"\",VLOOKUP(C2294,BNCDADOS!$A:$G,6,0))","v":"5,22"},{"$f":"IF(C2294=0,\"\",VLOOKUP(C2294,BNCDADOS!$A:$G,7,0))","v":6.78},610.20000000000005,{"$f":"SUMIF('MC - TRECHO 06'!A:A,Orçamento!A2294,'MC - TRECHO 06'!R:R)","v":90}]
["7.3.9.5",{"$f":"IF(C2295=0,\"\",VLOOKUP(C2295,BNCDADOS!$A:$H,8,0))","v":"SINAPI/RN\nSERVIÇO"},91854,{"$f":"IF(C2295=0,\"\",VLOOKUP(C2295,BNCDADOS!$A:$G,2,0))","v":"ELETRODUTO FLEXÍVEL CORRUGADO, PVC, DN 25 MM (3/4\"), PARA CIRCUITOS TERMINAIS, INSTALADO EM PAREDE - FORNECIMENTO E INSTALAÇÃO. AF_03/2023"},{"$f":"IF(C2295=0,\"\",VLOOKUP(C2295,BNCDADOS!$A:$G,3,0))","v":"M"},{"$f":"TRUNC(M2295,2)","v":5.5},{"$f":"IF(C2295=0,\"\",VLOOKUP(C2295,BNCDADOS!$A:$G,4,0))","v":"8,73"},{"$f":"IF(C2295=0,\"\",VLOOKUP(C2295,BNCDADOS!$A:$G,5,0))","v":10.79},59.34,{"$f":"IF(C2295=0,\"\",VLOOKUP(C2295,BNCDADOS!$A:$G,6,0))","v":"8,01"},{"$f":"IF(C2295=0,\"\",VLOOKUP(C2295,BNCDADOS!$A:$G,7,0))","v":10.4},57.2,{"$f":"SUMIF('MC - TRECHO 06'!A:A,Orçamento!A2295,'MC - TRECHO 06'!R:R)","v":5.5}]
["7.3.9.6",{"$f":"IF(C2296=0,\"\",VLOOKUP(C2296,BNCDADOS!$A:$H,8,0))","v":"SINAPI/RN\nSERVIÇO"},95728,{"$f":"IF(C2296=0,\"\",VLOOKUP(C2296,BNCDADOS!$A:$G,2,0))","v":"ELETRODUTO RÍGIDO SOLDÁVEL, PVC, DN 32 MM (1\u0094), APARENTE - FORNECIMENTO E INSTALAÇÃO. AF_10/2022_PA"},{"$f":"IF(C2296=0,\"\",VLOOKUP(C2296,BNCDADOS!$A:$G,3,0))","v":"M"},38,{"$f":"IF(C2296=0,\"\",VLOOKUP(C2296,BNCDADOS!$A:$G,4,0))","v":"23,88"},{"$f":"IF(C2296=0,\"\",VLOOKUP(C2296,BNCDADOS!$A:$G,5,0))","v":29.53},1122.1400000000001,{"$f":"IF(C2296=0,\"\",VLOOKUP(C2296,BNCDADOS!$A:$G,6,0))","v":"22,13"},{"$f":"IF(C2296=0,\"\",VLOOKUP(C2296,BNCDADOS!$A:$G,7,0))","v":28.76},1092.8800000000001,{"$f":"SUMIF('MC - TRECHO 06'!A:A,Orçamento!A2296,'MC - TRECHO 06'!R:R)","v":38}]
["7.3.9.7",{"$f":"IF(C2297=0,\"\",VLOOKUP(C2297,BNCDADOS!$A:$H,8,0))","v":"SINAPI/RN\nSERVIÇO"},97882,{"$f":"IF(C2297=0,\"\",VLOOKUP(C2297,BNCDADOS!$A:$G,2,0))","v":"CAIXA ENTERRADA ELÉTRICA RETANGULAR, EM CONCRETO PRÉ-MOLDADO, FUNDO COM BRITA, DIMENSÕES INTERNAS: 0,4X0,4X0,4 M. AF_12/2020"},{"$f":"IF(C2297=0,\"\",VLOOKUP(C2297,BNCDADOS!$A:$G,3,0))","v":"UN"},4,{"$f":"IF(C2297=0,\"\",VLOOKUP(C2297,BNCDADOS!$A:$G,4,0))","v":"215,84"},{"$f":"IF(C2297=0,\"\",VLOOKUP(C2297,BNCDADOS!$A:$G,5,0))","v":266.97000000000003},1067.8800000000001,{"$f":"IF(C2297=0,\"\",VLOOKUP(C2297,BNCDADOS!$A:$G,6,0))","v":"212,07"},{"$f":"IF(C2297=0,\"\",VLOOKUP(C2297,BNCDADOS!$A:$G,7,0))","v":275.60000000000002},1102.4000000000001,{"$f":"SUMIF('MC - TRECHO 06'!A:A,Orçamento!A2297,'MC - TRECHO 06'!R:R)","v":4}]
["7.3.9.8",{"$f":"IF(C2298=0,\"\",VLOOKUP(C2298,BNCDADOS!$A:$H,8,0))","v":"caern"},2070408,{"$f":"IF(C2298=0,\"\",VLOOKUP(C2298,BNCDADOS!$A:$G,2,0))","v":"CONJUNTO ILUMINAÇÃO EXTERNA TIPO PÉTALA COM 02 REFLETORES LED DE 100 W E POSTE CIRCULAR DE 9M EM CONCRETO. INC_05/2020"},{"$f":"IF(C2298=0,\"\",VLOOKUP(C2298,BNCDADOS!$A:$G,3,0))","v":"UN "},2,{"$f":"IF(C2298=0,\"\",VLOOKUP(C2298,BNCDADOS!$A:$G,4,0))","v":2500.1600000000003},{"$f":"IF(C2298=0,\"\",VLOOKUP(C2298,BNCDADOS!$A:$G,5,0))","v":3092.44},6184.88,{"$f":"IF(C2298=0,\"\",VLOOKUP(C2298,BNCDADOS!$A:$G,6,0))","v":2464.5500000000006},{"$f":"IF(C2298=0,\"\",VLOOKUP(C2298,BNCDADOS!$A:$G,7,0))","v":3202.92},6405.84,{"$f":"SUMIF('MC - TRECHO 06'!A:A,Orçamento!A2298,'MC - TRECHO 06'!R:R)","v":2}]
["7.3.10",{"$f":"IF(C2299=0,\"\",VLOOKUP(C2299,BNCDADOS!$A:$G,8,0))","v":""},null,"DIVERSOS",{"$f":"IF(C2299=0,\"\",VLOOKUP(C2299,BNCDADOS!$A:$G,3,0))","v":""},0,{"$f":"IF(C2299=0,\"\",VLOOKUP(C2299,BNCDADOS!$A:$G,4,0))","v":""},{"$f":"IF(C2299=0,\"\",VLOOKUP(C2299,BNCDADOS!$A:$G,5,0))","v":""},{"$f":"SUM(I2300:I2301)","v":59269.73},{"$f":"IF(C2299=0,\"\",VLOOKUP(C2299,BNCDADOS!$A:$G,6,0))","v":""},{"$f":"IF(C2299=0,\"\",VLOOKUP(C2299,BNCDADOS!$A:$G,7,0))","v":""},{"$f":"SUM(L2300:L2301)","v":61922.37},0]
["7.3.10.1",{"$f":"IF(C2300=0,\"\",VLOOKUP(C2300,BNCDADOS!$A:$H,8,0))","v":"caern"},2220066,{"$f":"IF(C2300=0,\"\",VLOOKUP(C2300,BNCDADOS!$A:$G,2,0))","v":"ESCADA DE MARINHEIRO EM FIBRA DE VIDRO PULTRUDADA, PERFIL QUADRADO, PINTURA PROTETORA CONTRA RAIOS UV, COM GUARDA CORPO. R_11/2021"},{"$f":"IF(C2300=0,\"\",VLOOKUP(C2300,BNCDADOS!$A:$G,3,0))","v":"M"},19.3,{"$f":"IF(C2300=0,\"\",VLOOKUP(C2300,BNCDADOS!$A:$G,4,0))","v":1777.21},{"$f":"IF(C2300=0,\"\",VLOOKUP(C2300,BNCDADOS!$A:$G,5,0))","v":2198.23},{"$f":"IF(H2300=\"\",0,TRUNC(H2300*F2300,2))","v":42425.83},{"$f":"IF(C2300=0,\"\",VLOOKUP(C2300,BNCDADOS!$A:$G,6,0))","v":1766.07},{"$f":"IF(C2300=0,\"\",VLOOKUP(C2300,BNCDADOS!$A:$G,7,0))","v":2295.1799999999998},{"$f":"IF(K2300=\"\",0,TRUNC(K2300*F2300,2))","v":44296.97},{"$f":"SUMIF('MC - TRECHO 06'!A:A,Orçamento!A2300,'MC - TRECHO 06'!R:R)","v":19.3}]
["7.3.10.2",{"$f":"IF(C2301=0,\"\",VLOOKUP(C2301,BNCDADOS!$A:$H,8,0))","v":"caern"},2220065,{"$f":"IF(C2301=0,\"\",VLOOKUP(C2301,BNCDADOS!$A:$G,2,0))","v":"ESCADA DE MARINHEIRO EM FIBRA DE VIDRO PULTRUDADA, PERFIL QUADRADO, PINTURA PROTETORA CONTRA RAIOS UV, SEM GUARDA CORPO. R_11/2021"},{"$f":"IF(C2301=0,\"\",VLOOKUP(C2301,BNCDADOS!$A:$G,3,0))","v":"M"},10,{"$f":"IF(C2301=0,\"\",VLOOKUP(C2301,BNCDADOS!$A:$G,4,0))","v":1361.79},{"$f":"IF(C2301=0,\"\",VLOOKUP(C2301,BNCDADOS!$A:$G,5,0))","v":1684.39},{"$f":"IF(H2301=\"\",0,TRUNC(H2301*F2301,2))","v":16843.900000000001},{"$f":"IF(C2301=0,\"\",VLOOKUP(C2301,BNCDADOS!$A:$G,6,0))","v":1356.22},{"$f":"IF(C2301=0,\"\",VLOOKUP(C2301,BNCDADOS!$A:$G,7,0))","v":1762.54},{"$f":"IF(K2301=\"\",0,TRUNC(K2301*F2301,2))","v":17625.400000000001},{"$f":"SUMIF('MC - TRECHO 06'!A:A,Orçamento!A2301,'MC - TRECHO 06'!R:R)","v":10}]
[]
["7.4",null,null,"MATERIAIS_TRECHO 06",{"$nulls":4},{"$f":"SUM(I2304,I2307)","v":19420327.18},null,null,{"$f":"SUM(L2304,L2307)","v":20370628.179999996},0]
["7.4.1",{"$f":"IF(C2304=0,\"\",VLOOKUP(C2304,BNCDADOS!$A:$G,8,0))","v":""},null,"ADUTORA",{"$f":"IF(C2304=0,\"\",VLOOKUP(C2304,BNCDADOS!$A:$G,3,0))","v":""},{"$f":"TRUNC(M2304,2)","v":0},{"$f":"IF(C2304=0,\"\",VLOOKUP(C2304,BNCDADOS!$A:$G,4,0))","v":""},{"$f":"IF(C2304=0,\"\",VLOOKUP(C2304,BNCDADOS!$A:$G,5,0))","v":""},{"$f":"SUM(I2305:I2306)","v":19339736.120000001},{"$f":"IF(C2304=0,\"\",VLOOKUP(C2304,BNCDADOS!$A:$G,6,0))","v":""},{"$f":"IF(C2304=0,\"\",VLOOKUP(C2304,BNCDADOS!$A:$G,7,0))","v":""},{"$f":"SUM(L2305:L2306)","v":20286093.819999997},0]
["7.4.1.1",{"$f":"IF(C2305=0,\"\",VLOOKUP(C2305,BNCDADOS!$A:$H,8,0))","v":0},"TBPFRV03",{"$f":"IF(C2305=0,\"\",VLOOKUP(C2305,BNCDADOS!$A:$G,2,0))","v":"TUBO PVC-PRFV, PN16, 10.000 N/m², DN 600"},{"$f":"IF(C2305=0,\"\",VLOOKUP(C2305,BNCDADOS!$A:$G,3,0))","v":"M"},14778,{"$f":"IF(C2305=0,\"\",VLOOKUP(C2305,BNCDADOS!$A:$G,4,0))","v":1166.8625000000002},{"$f":"TRUNC(G2305*(1+$I$5),2)","v":1306.8800000000001},{"$f":"IF(H2305=\"\",0,TRUNC(H2305*F2305,2))","v":19313072.640000001},{"$f":"IF(C2305=0,\"\",VLOOKUP(C2305,BNCDADOS!$A:$G,6,0))","v":1166.8625000000002},{"$f":"TRUNC(J2305*(1+$L$5),2)","v":1370.83},{"$f":"IF(K2305=\"\",0,TRUNC(K2305*F2305,2))","v":20258125.739999998},{"$f":"P2305*6","v":14778},{"$f":"SUMIF(#REF!,Orçamento!A2305,#REF!)","v":{"$error":"#REF!"}},{"$f":"ROUND(SUM('MC - SERVIÇO ADUTORA - 4-8'!F378)*1.05,0)","v":14781},{"$f":"TRUNC(O2305/6,0)","v":2463}]
["7.4.1.2",{"$f":"IF(C2306=0,\"\",VLOOKUP(C2306,BNCDADOS!$A:$H,8,0))","v":0},"FF06",{"$f":"IF(C2306=0,\"\",VLOOKUP(C2306,BNCDADOS!$A:$G,2,0))","v":"CURVA 22°, FOFO, JGS, PN16, DN 600MM"},{"$f":"IF(C2306=0,\"\",VLOOKUP(C2306,BNCDADOS!$A:$G,3,0))","v":"UN "},4,{"$f":"IF(C2306=0,\"\",VLOOKUP(C2306,BNCDADOS!$A:$G,4,0))","v":5951.670000000001},{"$f":"TRUNC(G2306*(1+$I$5),2)","v":6665.87},{"$f":"IF(H2306=\"\",0,TRUNC(H2306*F2306,2))","v":26663.48},{"$f":"IF(C2306=0,\"\",VLOOKUP(C2306,BNCDADOS!$A:$G,6,0))","v":5951.670000000001},{"$f":"TRUNC(J2306*(1+$L$5),2)","v":6992.02},{"$f":"IF(K2306=\"\",0,TRUNC(K2306*F2306,2))","v":27968.080000000002},{"$f":"'MC - MATERIAL ADUTORA - 4-8'!E166","v":4}]
["7.4.2",{"$f":"IF(C2307=0,\"\",VLOOKUP(C2307,BNCDADOS!$A:$G,8,0))","v":""},null,"VENTOSAS E DESCARGAS",{"$f":"IF(C2307=0,\"\",VLOOKUP(C2307,BNCDADOS!$A:$G,3,0))","v":""},0,{"$f":"IF(C2307=0,\"\",VLOOKUP(C2307,BNCDADOS!$A:$G,4,0))","v":""},{"$f":"IF(C2307=0,\"\",VLOOKUP(C2307,BNCDADOS!$A:$G,5,0))","v":""},{"$f":"SUM(I2308:I2316)","v":80591.06},{"$f":"IF(C2307=0,\"\",VLOOKUP(C2307,BNCDADOS!$A:$G,6,0))","v":""},{"$f":"IF(C2307=0,\"\",VLOOKUP(C2307,BNCDADOS!$A:$G,7,0))","v":""},{"$f":"SUM(L2308:L2316)","v":84534.359999999986}]
["7.4.2.1",{"$f":"IF(C2308=0,\"\",VLOOKUP(C2308,BNCDADOS!$A:$H,8,0))","v":0},"FF55",{"$f":"IF(C2308=0,\"\",VLOOKUP(C2308,BNCDADOS!$A:$G,2,0))","v":"TÊ, BBF, FOFO, PN16, DN 600-100MM"},{"$f":"IF(C2308=0,\"\",VLOOKUP(C2308,BNCDADOS!$A:$G,3,0))","v":"UN "},12,{"$f":"IF(C2308=0,\"\",VLOOKUP(C2308,BNCDADOS!$A:$G,4,0))","v":4376.51},{"$f":"TRUNC(G2308*(1+$I$5),2)","v":4901.6899999999996},{"$f":"IF(H2308=\"\",0,TRUNC(H2308*F2308,2))","v":58820.28},{"$f":"IF(C2308=0,\"\",VLOOKUP(C2308,BNCDADOS!$A:$G,6,0))","v":4376.51},{"$f":"TRUNC(J2308*(1+$L$5),2)","v":5141.5200000000004},{"$f":"IF(K2308=\"\",0,TRUNC(K2308*F2308,2))","v":61698.239999999998},{"$f":"'MC - MATERIAL ADUTORA - 4-8'!M172","v":12}]
["7.4.2.2",{"$f":"IF(C2309=0,\"\",VLOOKUP(C2309,BNCDADOS!$A:$H,8,0))","v":0},"FF43",{"$f":"IF(C2309=0,\"\",VLOOKUP(C2309,BNCDADOS!$A:$G,2,0))","v":"REDUÇÃO CONCÊNTRICA, FOFO, FLANGES, PN16, DN 100-50MM"},{"$f":"IF(C2309=0,\"\",VLOOKUP(C2309,BNCDADOS!$A:$G,3,0))","v":"UN "},7,{"$f":"IF(C2309=0,\"\",VLOOKUP(C2309,BNCDADOS!$A:$G,4,0))","v":338.84},379.5,{"$f":"IF(H2309=\"\",0,TRUNC(H2309*F2309,2))","v":2656.5},{"$f":"IF(C2309=0,\"\",VLOOKUP(C2309,BNCDADOS!$A:$G,6,0))","v":338.84},398.06,{"$f":"IF(K2309=\"\",0,TRUNC(K2309*F2309,2))","v":2786.42},{"$f":"'MC - MATERIAL ADUTORA - 4-8'!M171","v":7}]
["7.4.2.3",{"$f":"IF(C2310=0,\"\",VLOOKUP(C2310,BNCDADOS!$A:$H,8,0))","v":0},"FF15",{"$f":"IF(C2310=0,\"\",VLOOKUP(C2310,BNCDADOS!$A:$G,2,0))","v":"CURVA 45°, FOFO, FLANGES, PN10, DN 100MM"},{"$f":"IF(C2310=0,\"\",VLOOKUP(C2310,BNCDADOS!$A:$G,3,0))","v":"UN "},5,{"$f":"IF(C2310=0,\"\",VLOOKUP(C2310,BNCDADOS!$A:$G,4,0))","v":278.55},311.97000000000003,1559.85,{"$f":"IF(C2310=0,\"\",VLOOKUP(C2310,BNCDADOS!$A:$G,6,0))","v":278.55},327.24,1636.2,{"$f":"'MC - MATERIAL ADUTORA - 4-8'!M170","v":5}]
["7.4.2.4",{"$f":"IF(C2311=0,\"\",VLOOKUP(C2311,BNCDADOS!$A:$H,8,0))","v":0},"VG01",{"$f":"IF(C2311=0,\"\",VLOOKUP(C2311,BNCDADOS!$A:$G,2,0))","v":"VÁLVULA GAVETA, FLANGES, CORPO CURTO, VOLANTE E CUNHA DE BORRACHA, DN 50MM"},{"$f":"IF(C2311=0,\"\",VLOOKUP(C2311,BNCDADOS!$A:$G,3,0))","v":"UN "},7,{"$f":"IF(C2311=0,\"\",VLOOKUP(C2311,BNCDADOS!$A:$G,4,0))","v":531.92999999999995},595.76,4170.32,{"$f":"IF(C2311=0,\"\",VLOOKUP(C2311,BNCDADOS!$A:$G,6,0))","v":531.92999999999995},624.91,4374.37,{"$f":"'MC - MATERIAL ADUTORA - 4-8'!M178","v":7}]
["7.4.2.5",{"$f":"IF(C2312=0,\"\",VLOOKUP(C2312,BNCDADOS!$A:$H,8,0))","v":0},"VG03",{"$f":"IF(C2312=0,\"\",VLOOKUP(C2312,BNCDADOS!$A:$G,2,0))","v":"VÁLVULA GAVETA, FLANGES, CORPO CURTO, VOLANTE E CUNHA DE BORRACHA, DN 100MM"},{"$f":"IF(C2312=0,\"\",VLOOKUP(C2312,BNCDADOS!$A:$G,3,0))","v":"UN "},5,{"$f":"IF(C2312=0,\"\",VLOOKUP(C2312,BNCDADOS!$A:$G,4,0))","v":946.02},1059.54,5297.7,{"$f":"IF(C2312=0,\"\",VLOOKUP(C2312,BNCDADOS!$A:$G,6,0))","v":946.02},1111.3800000000001,5556.9,{"$f":"'MC - MATERIAL ADUTORA - 4-8'!M179","v":5}]
["7.4.2.6",{"$f":"IF(C2313=0,\"\",VLOOKUP(C2313,BNCDADOS!$A:$H,8,0))","v":0},"VT01",{"$f":"IF(C2313=0,\"\",VLOOKUP(C2313,BNCDADOS!$A:$G,2,0))","v":"VENTOSA TRÍPLICE FUNÇÃO, FOFO, FLANGE, PN10, DN 50MM"},{"$f":"IF(C2313=0,\"\",VLOOKUP(C2313,BNCDADOS!$A:$G,3,0))","v":"UN "},7,{"$f":"IF(C2313=0,\"\",VLOOKUP(C2313,BNCDADOS!$A:$G,4,0))","v":917.58},1027.68,7193.76,{"$f":"IF(C2313=0,\"\",VLOOKUP(C2313,BNCDADOS!$A:$G,6,0))","v":917.58},1077.97,7545.79,{"$f":"'MC - MATERIAL ADUTORA - 4-8'!M181","v":7}]
["7.4.2.7",{"$f":"IF(C2314=0,\"\",VLOOKUP(C2314,BNCDADOS!$A:$H,8,0))","v":0},"FF101",{"$f":"IF(C2314=0,\"\",VLOOKUP(C2314,BNCDADOS!$A:$G,2,0))","v":"PARAFUSO PARA FLANGES, PN10, 16X80"},{"$f":"IF(C2314=0,\"\",VLOOKUP(C2314,BNCDADOS!$A:$G,3,0))","v":"UN "},80,{"$f":"IF(C2314=0,\"\",VLOOKUP(C2314,BNCDADOS!$A:$G,4,0))","v":8.23},9.2100000000000009,736.8,{"$f":"IF(C2314=0,\"\",VLOOKUP(C2314,BNCDADOS!$A:$G,6,0))","v":8.23},9.66,772.8,{"$f":"'MC - MATERIAL ADUTORA - 4-8'!M174","v":80}]
["7.4.2.8",{"$f":"IF(C2315=0,\"\",VLOOKUP(C2315,BNCDADOS!$A:$H,8,0))","v":0},"FF92",{"$f":"IF(C2315=0,\"\",VLOOKUP(C2315,BNCDADOS!$A:$G,2,0))","v":"ARRUELA DE BORRACHA PARA FLANGES, DN 50MM"},{"$f":"IF(C2315=0,\"\",VLOOKUP(C2315,BNCDADOS!$A:$G,3,0))","v":"UN "},7,{"$f":"IF(C2315=0,\"\",VLOOKUP(C2315,BNCDADOS!$A:$G,4,0))","v":3.32},3.71,25.97,{"$f":"IF(C2315=0,\"\",VLOOKUP(C2315,BNCDADOS!$A:$G,6,0))","v":3.32},3.9,27.3,{"$f":"'MC - MATERIAL ADUTORA - 4-8'!M175","v":7}]
["7.4.2.9",{"$f":"IF(C2316=0,\"\",VLOOKUP(C2316,BNCDADOS!$A:$H,8,0))","v":0},"FF94",{"$f":"IF(C2316=0,\"\",VLOOKUP(C2316,BNCDADOS!$A:$G,2,0))","v":"ARRUELA DE BORRACHA PARA FLANGES, DN 100MM"},{"$f":"IF(C2316=0,\"\",VLOOKUP(C2316,BNCDADOS!$A:$G,3,0))","v":"UN "},17,{"$f":"IF(C2316=0,\"\",VLOOKUP(C2316,BNCDADOS!$A:$G,4,0))","v":6.83},7.64,129.88,{"$f":"IF(C2316=0,\"\",VLOOKUP(C2316,BNCDADOS!$A:$G,6,0))","v":6.83},8.02,136.34,{"$f":"'MC - MATERIAL ADUTORA - 4-8'!M176","v":17}]
["7.5",null,null,"MATERIAIS_EEAT_CAMPESTRE",{"$nulls":4},{"$f":"SUM(I2318,I2332,I2354)","v":652406.07000000007},null,null,{"$f":"SUM(L2318,L2332,L2354)","v":684327.47},0]
["7.5.1",{"$f":"IF(C2318=0,\"\",VLOOKUP(C2318,BNCDADOS!$A:$G,8,0))","v":""},null,"TUBOS",{"$f":"IF(C2318=0,\"\",VLOOKUP(C2318,BNCDADOS!$A:$G,3,0))","v":""},{"$f":"TRUNC(M2318,2)","v":0},{"$f":"IF(C2318=0,\"\",VLOOKUP(C2318,BNCDADOS!$A:$G,4,0))","v":""},{"$f":"IF(C2318=0,\"\",VLOOKUP(C2318,BNCDADOS!$A:$G,5,0))","v":""},{"$f":"SUM(I2319:I2331)","v":136729.13},{"$f":"IF(C2318=0,\"\",VLOOKUP(C2318,BNCDADOS!$A:$G,6,0))","v":""},{"$f":"IF(C2318=0,\"\",VLOOKUP(C2318,BNCDADOS!$A:$G,7,0))","v":""},{"$f":"SUM(L2319:L2331)","v":143419.15},0]
["7.5.1.1",{"$f":"IF(C2319=0,\"\",VLOOKUP(C2319,BNCDADOS!$A:$H,8,0))","v":0},"FF67",{"$f":"IF(C2319=0,\"\",VLOOKUP(C2319,BNCDADOS!$A:$G,2,0))","v":"TUBO, FOFO, CILINDRICO, DN 600MM, L=4680MM"},{"$f":"IF(C2319=0,\"\",VLOOKUP(C2319,BNCDADOS!$A:$G,3,0))","v":"UN "},1,{"$f":"IF(C2319=0,\"\",VLOOKUP(C2319,BNCDADOS!$A:$G,4,0))","v":10810.8},{"$f":"TRUNC(G2319*(1+$I$5),2)","v":12108.09},{"$f":"IF(H2319=\"\",0,TRUNC(H2319*F2319,2))","v":12108.09},{"$f":"IF(C2319=0,\"\",VLOOKUP(C2319,BNCDADOS!$A:$G,6,0))","v":10810.8},{"$f":"TRUNC(J2319*(1+$L$5),2)","v":12700.52},{"$f":"IF(K2319=\"\",0,TRUNC(K2319*F2319,2))","v":12700.52},1]
["7.5.1.2",{"$f":"IF(C2320=0,\"\",VLOOKUP(C2320,BNCDADOS!$A:$H,8,0))","v":0},"FF69",{"$f":"IF(C2320=0,\"\",VLOOKUP(C2320,BNCDADOS!$A:$G,2,0))","v":"TUBO, FOFO, FLANGE/PONTA, DN 400MM, L=1190MM"},{"$f":"IF(C2320=0,\"\",VLOOKUP(C2320,BNCDADOS!$A:$G,3,0))","v":"UN "},1,{"$f":"IF(C2320=0,\"\",VLOOKUP(C2320,BNCDADOS!$A:$G,4,0))","v":2654.03},{"$f":"TRUNC(G2320*(1+$I$5),2)","v":2972.51},{"$f":"IF(H2320=\"\",0,TRUNC(H2320*F2320,2))","v":2972.51},{"$f":"IF(C2320=0,\"\",VLOOKUP(C2320,BNCDADOS!$A:$G,6,0))","v":2654.03},{"$f":"TRUNC(J2320*(1+$L$5),2)","v":3117.95},{"$f":"IF(K2320=\"\",0,TRUNC(K2320*F2320,2))","v":3117.95},1]
["7.5.1.3",{"$f":"IF(C2321=0,\"\",VLOOKUP(C2321,BNCDADOS!$A:$H,8,0))","v":0},"FF70",{"$f":"IF(C2321=0,\"\",VLOOKUP(C2321,BNCDADOS!$A:$G,2,0))","v":"TUBO, FOFO, FLANGE/PONTA, DN 600MM, L=2100MM"},{"$f":"IF(C2321=0,\"\",VLOOKUP(C2321,BNCDADOS!$A:$G,3,0))","v":"UN "},1,{"$f":"IF(C2321=0,\"\",VLOOKUP(C2321,BNCDADOS!$A:$G,4,0))","v":9128.1666666666661},10223.540000000001,{"$f":"IF(H2321=\"\",0,TRUNC(H2321*F2321,2))","v":10223.540000000001},{"$f":"IF(C2321=0,\"\",VLOOKUP(C2321,BNCDADOS!$A:$G,6,0))","v":9128.1666666666661},10723.77,{"$f":"IF(K2321=\"\",0,TRUNC(K2321*F2321,2))","v":10723.77},1]
["7.5.1.4",{"$f":"IF(C2322=0,\"\",VLOOKUP(C2322,BNCDADOS!$A:$H,8,0))","v":0},"FF80",{"$f":"IF(C2322=0,\"\",VLOOKUP(C2322,BNCDADOS!$A:$G,2,0))","v":"TUBO, FOFO, FLANGES, DN 400MM, L=2260MM"},{"$f":"IF(C2322=0,\"\",VLOOKUP(C2322,BNCDADOS!$A:$G,3,0))","v":"UN "},2,{"$f":"IF(C2322=0,\"\",VLOOKUP(C2322,BNCDADOS!$A:$G,4,0))","v":3978.15},4455.5200000000004,{"$f":"IF(H2322=\"\",0,TRUNC(H2322*F2322,2))","v":8911.0400000000009},{"$f":"IF(C2322=0,\"\",VLOOKUP(C2322,BNCDADOS!$A:$G,6,0))","v":3978.15},4673.53,{"$f":"IF(K2322=\"\",0,TRUNC(K2322*F2322,2))","v":9347.06},2]
["7.5.1.5",{"$f":"IF(C2323=0,\"\",VLOOKUP(C2323,BNCDADOS!$A:$H,8,0))","v":0},"FF82",{"$f":"IF(C2323=0,\"\",VLOOKUP(C2323,BNCDADOS!$A:$G,2,0))","v":"TUBO, FOFO, FLANGES, DN 400MM, L=2370MM"},{"$f":"IF(C2323=0,\"\",VLOOKUP(C2323,BNCDADOS!$A:$G,3,0))","v":"UN "},2,{"$f":"IF(C2323=0,\"\",VLOOKUP(C2323,BNCDADOS!$A:$G,4,0))","v":4114.28},4607.99,{"$f":"IF(H2323=\"\",0,TRUNC(H2323*F2323,2))","v":9215.98},{"$f":"IF(C2323=0,\"\",VLOOKUP(C2323,BNCDADOS!$A:$G,6,0))","v":4114.28},4833.45,{"$f":"IF(K2323=\"\",0,TRUNC(K2323*F2323,2))","v":9666.9},2]
["7.5.1.6",{"$f":"IF(C2324=0,\"\",VLOOKUP(C2324,BNCDADOS!$A:$H,8,0))","v":0},"FF77",{"$f":"IF(C2324=0,\"\",VLOOKUP(C2324,BNCDADOS!$A:$G,2,0))","v":"TUBO, FOFO, FLANGES, DN 400MM, L=510MM"},{"$f":"IF(C2324=0,\"\",VLOOKUP(C2324,BNCDADOS!$A:$G,3,0))","v":"UN "},4,{"$f":"IF(C2324=0,\"\",VLOOKUP(C2324,BNCDADOS!$A:$G,4,0))","v":1812.53},2030.03,8120.12,{"$f":"IF(C2324=0,\"\",VLOOKUP(C2324,BNCDADOS!$A:$G,6,0))","v":1812.53},2129.36,8517.44,4]
["7.5.1.7",{"$f":"IF(C2325=0,\"\",VLOOKUP(C2325,BNCDADOS!$A:$H,8,0))","v":0},"FF78",{"$f":"IF(C2325=0,\"\",VLOOKUP(C2325,BNCDADOS!$A:$G,2,0))","v":"TUBO, FOFO, FLANGES, DN 400MM, L=650MM"},{"$f":"IF(C2325=0,\"\",VLOOKUP(C2325,BNCDADOS!$A:$G,3,0))","v":"UN "},1,{"$f":"IF(C2325=0,\"\",VLOOKUP(C2325,BNCDADOS!$A:$G,4,0))","v":1985.78},2224.0700000000002,2224.0700000000002,{"$f":"IF(C2325=0,\"\",VLOOKUP(C2325,BNCDADOS!$A:$G,6,0))","v":1985.78},2332.89,2332.89,1]
["7.5.1.8",{"$f":"IF(C2326=0,\"\",VLOOKUP(C2326,BNCDADOS!$A:$H,8,0))","v":0},"FF79",{"$f":"IF(C2326=0,\"\",VLOOKUP(C2326,BNCDADOS!$A:$G,2,0))","v":"TUBO, FOFO, FLANGES, DN 400MM, L=800MM"},{"$f":"IF(C2326=0,\"\",VLOOKUP(C2326,BNCDADOS!$A:$G,3,0))","v":"UN "},2,{"$f":"IF(C2326=0,\"\",VLOOKUP(C2326,BNCDADOS!$A:$G,4,0))","v":2171.4},2431.96,4863.92,{"$f":"IF(C2326=0,\"\",VLOOKUP(C2326,BNCDADOS!$A:$G,6,0))","v":2171.4},2550.96,5101.92,2]
["7.5.1.9",{"$f":"IF(C2327=0,\"\",VLOOKUP(C2327,BNCDADOS!$A:$H,8,0))","v":0},"FF84",{"$f":"IF(C2327=0,\"\",VLOOKUP(C2327,BNCDADOS!$A:$G,2,0))","v":"TUBO, FOFO, FLANGES, DN 600MM, L=2100MM"},{"$f":"IF(C2327=0,\"\",VLOOKUP(C2327,BNCDADOS!$A:$G,3,0))","v":"UN "},2,{"$f":"IF(C2327=0,\"\",VLOOKUP(C2327,BNCDADOS!$A:$G,4,0))","v":7182.45},8044.34,16088.68,{"$f":"IF(C2327=0,\"\",VLOOKUP(C2327,BNCDADOS!$A:$G,6,0))","v":7182.45},8437.94,16875.88,2]
["7.5.1.10",{"$f":"IF(C2328=0,\"\",VLOOKUP(C2328,BNCDADOS!$A:$H,8,0))","v":0},"FF85",{"$f":"IF(C2328=0,\"\",VLOOKUP(C2328,BNCDADOS!$A:$G,2,0))","v":"TUBO, FOFO, FLANGES, DN 600MM, L=2900MM"},{"$f":"IF(C2328=0,\"\",VLOOKUP(C2328,BNCDADOS!$A:$G,3,0))","v":"UN "},1,{"$f":"IF(C2328=0,\"\",VLOOKUP(C2328,BNCDADOS!$A:$G,4,0))","v":12458.039999999999},13953,13953,{"$f":"IF(C2328=0,\"\",VLOOKUP(C2328,BNCDADOS!$A:$G,6,0))","v":12458.039999999999},14635.7,14635.7,1]
["7.5.1.11",{"$f":"IF(C2329=0,\"\",VLOOKUP(C2329,BNCDADOS!$A:$H,8,0))","v":0},"FF86",{"$f":"IF(C2329=0,\"\",VLOOKUP(C2329,BNCDADOS!$A:$G,2,0))","v":"TUBO, FOFO, FLANGES, DN 600MM, L=5990MM"},{"$f":"IF(C2329=0,\"\",VLOOKUP(C2329,BNCDADOS!$A:$G,3,0))","v":"UN "},1,{"$f":"IF(C2329=0,\"\",VLOOKUP(C2329,BNCDADOS!$A:$G,4,0))","v":17954.09},20108.580000000002,20108.580000000002,{"$f":"IF(C2329=0,\"\",VLOOKUP(C2329,BNCDADOS!$A:$G,6,0))","v":17954.09},21092.46,21092.46,1]
["7.5.1.12",{"$f":"IF(C2330=0,\"\",VLOOKUP(C2330,BNCDADOS!$A:$H,8,0))","v":0},"FF87",{"$f":"IF(C2330=0,\"\",VLOOKUP(C2330,BNCDADOS!$A:$G,2,0))","v":"TUBO, FOFO, FLANGES, DN 700MM, L=1800MM"},{"$f":"IF(C2330=0,\"\",VLOOKUP(C2330,BNCDADOS!$A:$G,3,0))","v":"UN "},3,{"$f":"IF(C2330=0,\"\",VLOOKUP(C2330,BNCDADOS!$A:$G,4,0))","v":7855.98},8798.69,26396.07,{"$f":"IF(C2330=0,\"\",VLOOKUP(C2330,BNCDADOS!$A:$G,6,0))","v":7855.98},9229.2000000000007,27687.599999999999,3]
["7.5.1.13",{"$f":"IF(C2331=0,\"\",VLOOKUP(C2331,BNCDADOS!$A:$H,8,0))","v":0},"FF88",{"$f":"IF(C2331=0,\"\",VLOOKUP(C2331,BNCDADOS!$A:$G,2,0))","v":"TUBO, FOFO, K7, PONTA/BOLSA, DN 600MM, L=460MM"},{"$f":"IF(C2331=0,\"\",VLOOKUP(C2331,BNCDADOS!$A:$G,3,0))","v":"UN "},1,{"$f":"IF(C2331=0,\"\",VLOOKUP(C2331,BNCDADOS!$A:$G,4,0))","v":1378.16},1543.53,1543.53,{"$f":"IF(C2331=0,\"\",VLOOKUP(C2331,BNCDADOS!$A:$G,6,0))","v":1378.16},1619.06,1619.06,1]
["7.5.2",{"$f":"IF(C2332=0,\"\",VLOOKUP(C2332,BNCDADOS!$A:$G,8,0))","v":""},null,"CONEXÕES",{"$f":"IF(C2332=0,\"\",VLOOKUP(C2332,BNCDADOS!$A:$G,3,0))","v":""},0,{"$f":"IF(C2332=0,\"\",VLOOKUP(C2332,BNCDADOS!$A:$G,4,0))","v":""},{"$f":"IF(C2332=0,\"\",VLOOKUP(C2332,BNCDADOS!$A:$G,5,0))","v":""},{"$f":"SUM(I2333:I2353)","v":322519.52999999997},{"$f":"IF(C2332=0,\"\",VLOOKUP(C2332,BNCDADOS!$A:$G,6,0))","v":""},{"$f":"IF(C2332=0,\"\",VLOOKUP(C2332,BNCDADOS!$A:$G,7,0))","v":""},{"$f":"SUM(L2333:L2353)","v":338299.99}]
["7.5.2.1",{"$f":"IF(C2333=0,\"\",VLOOKUP(C2333,BNCDADOS!$A:$H,8,0))","v":0},"FF09",{"$f":"IF(C2333=0,\"\",VLOOKUP(C2333,BNCDADOS!$A:$G,2,0))","v":"CURVA 45°, FOFO, JGS, PN16, DN 400MM"},{"$f":"IF(C2333=0,\"\",VLOOKUP(C2333,BNCDADOS!$A:$G,3,0))","v":"UN "},2,{"$f":"IF(C2333=0,\"\",VLOOKUP(C2333,BNCDADOS!$A:$G,4,0))","v":2859.03},{"$f":"TRUNC(G2333*(1+$I$5),2)","v":3202.11},{"$f":"IF(H2333=\"\",0,TRUNC(H2333*F2333,2))","v":6404.22},{"$f":"IF(C2333=0,\"\",VLOOKUP(C2333,BNCDADOS!$A:$G,6,0))","v":2859.03},{"$f":"TRUNC(J2333*(1+$L$5),2)","v":3358.78},{"$f":"IF(K2333=\"\",0,TRUNC(K2333*F2333,2))","v":6717.56},2]
["7.5.2.2",{"$f":"IF(C2334=0,\"\",VLOOKUP(C2334,BNCDADOS!$A:$H,8,0))","v":0},"FF10",{"$f":"IF(C2334=0,\"\",VLOOKUP(C2334,BNCDADOS!$A:$G,2,0))","v":"CURVA 45°, FOFO, JGS, PN16, DN 600MM"},{"$f":"IF(C2334=0,\"\",VLOOKUP(C2334,BNCDADOS!$A:$G,3,0))","v":"UN "},2,{"$f":"IF(C2334=0,\"\",VLOOKUP(C2334,BNCDADOS!$A:$G,4,0))","v":8332.58},9332.48,{"$f":"IF(H2334=\"\",0,TRUNC(H2334*F2334,2))","v":18664.96},{"$f":"IF(C2334=0,\"\",VLOOKUP(C2334,BNCDADOS!$A:$G,6,0))","v":8332.58},9789.11,{"$f":"IF(K2334=\"\",0,TRUNC(K2334*F2334,2))","v":19578.22},2]
["7.5.2.3",{"$f":"IF(C2335=0,\"\",VLOOKUP(C2335,BNCDADOS!$A:$H,8,0))","v":0},"FF17",{"$f":"IF(C2335=0,\"\",VLOOKUP(C2335,BNCDADOS!$A:$G,2,0))","v":"CURVA 90°, FOFO, FLANGES, PN16, DN 200MM"},{"$f":"IF(C2335=0,\"\",VLOOKUP(C2335,BNCDADOS!$A:$G,3,0))","v":"UN "},6,{"$f":"IF(C2335=0,\"\",VLOOKUP(C2335,BNCDADOS!$A:$G,4,0))","v":821.4},919.96,5519.76,{"$f":"IF(C2335=0,\"\",VLOOKUP(C2335,BNCDADOS!$A:$G,6,0))","v":821.4},964.98,5789.88,6]
["7.5.2.4",{"$f":"IF(C2336=0,\"\",VLOOKUP(C2336,BNCDADOS!$A:$H,8,0))","v":0},"FF18",{"$f":"IF(C2336=0,\"\",VLOOKUP(C2336,BNCDADOS!$A:$G,2,0))","v":"CURVA 90°, FOFO, FLANGES, PN16, DN 400MM"},{"$f":"IF(C2336=0,\"\",VLOOKUP(C2336,BNCDADOS!$A:$G,3,0))","v":"UN "},4,{"$f":"IF(C2336=0,\"\",VLOOKUP(C2336,BNCDADOS!$A:$G,4,0))","v":5082},5691.84,22767.360000000001,{"$f":"IF(C2336=0,\"\",VLOOKUP(C2336,BNCDADOS!$A:$G,6,0))","v":5082},5970.33,23881.32,4]
["7.5.2.5",{"$f":"IF(C2337=0,\"\",VLOOKUP(C2337,BNCDADOS!$A:$H,8,0))","v":0},"FF13",{"$f":"IF(C2337=0,\"\",VLOOKUP(C2337,BNCDADOS!$A:$G,2,0))","v":"CURVA 90°, FOFO, JGS, PN16, DN 600MM"},{"$f":"IF(C2337=0,\"\",VLOOKUP(C2337,BNCDADOS!$A:$G,3,0))","v":"UN "},3,{"$f":"IF(C2337=0,\"\",VLOOKUP(C2337,BNCDADOS!$A:$G,4,0))","v":11568.096666666666},12956.26,38868.78,{"$f":"IF(C2337=0,\"\",VLOOKUP(C2337,BNCDADOS!$A:$G,6,0))","v":11568.096666666666},13590.19,40770.57,3]
["7.5.2.6",{"$f":"IF(C2338=0,\"\",VLOOKUP(C2338,BNCDADOS!$A:$H,8,0))","v":0},"FF21",{"$f":"IF(C2338=0,\"\",VLOOKUP(C2338,BNCDADOS!$A:$G,2,0))","v":"EXTREMIDADE, FOFO, FLANGE/BOLSA, PN10, DN 600MM"},{"$f":"IF(C2338=0,\"\",VLOOKUP(C2338,BNCDADOS!$A:$G,3,0))","v":"UN "},3,{"$f":"IF(C2338=0,\"\",VLOOKUP(C2338,BNCDADOS!$A:$G,4,0))","v":4043},4528.16,13584.48,{"$f":"IF(C2338=0,\"\",VLOOKUP(C2338,BNCDADOS!$A:$G,6,0))","v":4043},4749.71,14249.13,3]
["7.5.2.7",{"$f":"IF(C2339=0,\"\",VLOOKUP(C2339,BNCDADOS!$A:$H,8,0))","v":0},"FF24",{"$f":"IF(C2339=0,\"\",VLOOKUP(C2339,BNCDADOS!$A:$G,2,0))","v":"EXTREMIDADE, FOFO, FLANGE/PONTA, ABA DE VEDAÇÃO PN16, DN 200MM"},{"$f":"IF(C2339=0,\"\",VLOOKUP(C2339,BNCDADOS!$A:$G,3,0))","v":"UN "},3,{"$f":"IF(C2339=0,\"\",VLOOKUP(C2339,BNCDADOS!$A:$G,4,0))","v":1069.01},1197.29,3591.87,{"$f":"IF(C2339=0,\"\",VLOOKUP(C2339,BNCDADOS!$A:$G,6,0))","v":1069.01},1255.8699999999999,3767.61,3]
["7.5.2.8",{"$f":"IF(C2340=0,\"\",VLOOKUP(C2340,BNCDADOS!$A:$H,8,0))","v":0},"FF26",{"$f":"IF(C2340=0,\"\",VLOOKUP(C2340,BNCDADOS!$A:$G,2,0))","v":"EXTREMIDADE, FOFO, FLANGE/PONTA, ABA DE VEDAÇÃO PN16, DN 300MM"},{"$f":"IF(C2340=0,\"\",VLOOKUP(C2340,BNCDADOS!$A:$G,3,0))","v":"UN "},2,{"$f":"IF(C2340=0,\"\",VLOOKUP(C2340,BNCDADOS!$A:$G,4,0))","v":1905.64},2134.31,4268.62,{"$f":"IF(C2340=0,\"\",VLOOKUP(C2340,BNCDADOS!$A:$G,6,0))","v":1905.64},2238.7399999999998,4477.4799999999996,2]
["7.5.2.9",{"$f":"IF(C2341=0,\"\",VLOOKUP(C2341,BNCDADOS!$A:$H,8,0))","v":0},"FF27",{"$f":"IF(C2341=0,\"\",VLOOKUP(C2341,BNCDADOS!$A:$G,2,0))","v":"EXTREMIDADE, FOFO, FLANGE/PONTA, ABA DE VEDAÇÃO PN16, DN 400MM"},{"$f":"IF(C2341=0,\"\",VLOOKUP(C2341,BNCDADOS!$A:$G,3,0))","v":"UN "},3,{"$f":"IF(C2341=0,\"\",VLOOKUP(C2341,BNCDADOS!$A:$G,4,0))","v":4203.8933333333334},4708.3599999999997,14125.08,{"$f":"IF(C2341=0,\"\",VLOOKUP(C2341,BNCDADOS!$A:$G,6,0))","v":4203.8933333333334},4938.7299999999996,14816.19,3]
["7.5.2.10",{"$f":"IF(C2342=0,\"\",VLOOKUP(C2342,BNCDADOS!$A:$H,8,0))","v":0},"FF30",{"$f":"IF(C2342=0,\"\",VLOOKUP(C2342,BNCDADOS!$A:$G,2,0))","v":"FLANGE CEGO, FOFO, PN16, DN 600MM"},{"$f":"IF(C2342=0,\"\",VLOOKUP(C2342,BNCDADOS!$A:$G,3,0))","v":"UN "},2,{"$f":"IF(C2342=0,\"\",VLOOKUP(C2342,BNCDADOS!$A:$G,4,0))","v":2714.56},3040.3,6080.6,{"$f":"IF(C2342=0,\"\",VLOOKUP(C2342,BNCDADOS!$A:$G,6,0))","v":2714.56},3189.06,6378.12,2]
["7.5.2.11",{"$f":"IF(C2343=0,\"\",VLOOKUP(C2343,BNCDADOS!$A:$H,8,0))","v":0},"FF33",{"$f":"IF(C2343=0,\"\",VLOOKUP(C2343,BNCDADOS!$A:$G,2,0))","v":"JUNÇÃO 45°, FOFO, FLANGES, PN16, DN 400MM"},{"$f":"IF(C2343=0,\"\",VLOOKUP(C2343,BNCDADOS!$A:$G,3,0))","v":"UN "},2,{"$f":"IF(C2343=0,\"\",VLOOKUP(C2343,BNCDADOS!$A:$G,4,0))","v":8174.65},9155.6,18311.2,{"$f":"IF(C2343=0,\"\",VLOOKUP(C2343,BNCDADOS!$A:$G,6,0))","v":8174.65},9603.57,19207.14,2]
["7.5.2.12",{"$f":"IF(C2344=0,\"\",VLOOKUP(C2344,BNCDADOS!$A:$H,8,0))","v":0},"FF35",{"$f":"IF(C2344=0,\"\",VLOOKUP(C2344,BNCDADOS!$A:$G,2,0))","v":"JUNTA DE DESMONTAGEM TRAVADA AXIALMENTE, DN 400MM"},{"$f":"IF(C2344=0,\"\",VLOOKUP(C2344,BNCDADOS!$A:$G,3,0))","v":"UN "},5,{"$f":"IF(C2344=0,\"\",VLOOKUP(C2344,BNCDADOS!$A:$G,4,0))","v":5567.6466666666665},6235.76,31178.799999999999,{"$f":"IF(C2344=0,\"\",VLOOKUP(C2344,BNCDADOS!$A:$G,6,0))","v":5567.6466666666665},6540.87,32704.35,5]
["7.5.2.13",{"$f":"IF(C2345=0,\"\",VLOOKUP(C2345,BNCDADOS!$A:$H,8,0))","v":0},"FF37",{"$f":"IF(C2345=0,\"\",VLOOKUP(C2345,BNCDADOS!$A:$G,2,0))","v":"LUVA CORRER, FOFO, JUNTA MECÂNICA, DN 400MM"},{"$f":"IF(C2345=0,\"\",VLOOKUP(C2345,BNCDADOS!$A:$G,3,0))","v":"UN "},1,{"$f":"IF(C2345=0,\"\",VLOOKUP(C2345,BNCDADOS!$A:$G,4,0))","v":2983.17},3341.15,3341.15,{"$f":"IF(C2345=0,\"\",VLOOKUP(C2345,BNCDADOS!$A:$G,6,0))","v":2983.17},3504.62,3504.62,1]
["7.5.2.14",{"$f":"IF(C2346=0,\"\",VLOOKUP(C2346,BNCDADOS!$A:$H,8,0))","v":0},"FF45",{"$f":"IF(C2346=0,\"\",VLOOKUP(C2346,BNCDADOS!$A:$G,2,0))","v":"REDUÇÃO CONCÊNTRICA, FOFO, FLANGES, PN16, DN 250-200MM"},{"$f":"IF(C2346=0,\"\",VLOOKUP(C2346,BNCDADOS!$A:$G,3,0))","v":"UN "},3,{"$f":"IF(C2346=0,\"\",VLOOKUP(C2346,BNCDADOS!$A:$G,4,0))","v":1116.19},1250.1300000000001,3750.39,{"$f":"IF(C2346=0,\"\",VLOOKUP(C2346,BNCDADOS!$A:$G,6,0))","v":1116.19},1311.3,3933.9,3]
["7.5.2.15",{"$f":"IF(C2347=0,\"\",VLOOKUP(C2347,BNCDADOS!$A:$H,8,0))","v":0},"FF47",{"$f":"IF(C2347=0,\"\",VLOOKUP(C2347,BNCDADOS!$A:$G,2,0))","v":"REDUÇÃO CONCÊNTRICA, FOFO, FLANGES, PN16, DN 400-250MM"},{"$f":"IF(C2347=0,\"\",VLOOKUP(C2347,BNCDADOS!$A:$G,3,0))","v":"UN "},3,{"$f":"IF(C2347=0,\"\",VLOOKUP(C2347,BNCDADOS!$A:$G,4,0))","v":2815.5466666666666},3153.41,9460.23,{"$f":"IF(C2347=0,\"\",VLOOKUP(C2347,BNCDADOS!$A:$G,6,0))","v":2815.5466666666666},3307.7,9923.1,3]
["7.5.2.16",{"$f":"IF(C2348=0,\"\",VLOOKUP(C2348,BNCDADOS!$A:$H,8,0))","v":0},"FF48",{"$f":"IF(C2348=0,\"\",VLOOKUP(C2348,BNCDADOS!$A:$G,2,0))","v":"REDUÇÃO CONCÊNTRICA, FOFO, FLANGES, PN16, DN 400-300MM"},{"$f":"IF(C2348=0,\"\",VLOOKUP(C2348,BNCDADOS!$A:$G,3,0))","v":"UN "},3,{"$f":"IF(C2348=0,\"\",VLOOKUP(C2348,BNCDADOS!$A:$G,4,0))","v":2782.11},3115.96,9347.8799999999992,{"$f":"IF(C2348=0,\"\",VLOOKUP(C2348,BNCDADOS!$A:$G,6,0))","v":2782.11},3268.42,9805.26,3]
["7.5.2.17",{"$f":"IF(C2349=0,\"\",VLOOKUP(C2349,BNCDADOS!$A:$H,8,0))","v":0},"FF49",{"$f":"IF(C2349=0,\"\",VLOOKUP(C2349,BNCDADOS!$A:$G,2,0))","v":"REDUÇÃO CONCÊNTRICA, FOFO, FLANGES, PN16, DN 600-400MM"},{"$f":"IF(C2349=0,\"\",VLOOKUP(C2349,BNCDADOS!$A:$G,3,0))","v":"UN "},2,{"$f":"IF(C2349=0,\"\",VLOOKUP(C2349,BNCDADOS!$A:$G,4,0))","v":5656.08},6334.8,12669.6,{"$f":"IF(C2349=0,\"\",VLOOKUP(C2349,BNCDADOS!$A:$G,6,0))","v":5656.08},6644.76,13289.52,2]
["7.5.2.18",{"$f":"IF(C2350=0,\"\",VLOOKUP(C2350,BNCDADOS!$A:$H,8,0))","v":0},"FF59",{"$f":"IF(C2350=0,\"\",VLOOKUP(C2350,BNCDADOS!$A:$G,2,0))","v":"TÊ, FFF, FOFO, PN10, DN 600MM"},{"$f":"IF(C2350=0,\"\",VLOOKUP(C2350,BNCDADOS!$A:$G,3,0))","v":"UN "},4,{"$f":"IF(C2350=0,\"\",VLOOKUP(C2350,BNCDADOS!$A:$G,4,0))","v":12516.34},14018.3,56073.2,{"$f":"IF(C2350=0,\"\",VLOOKUP(C2350,BNCDADOS!$A:$G,6,0))","v":12516.34},14704.19,58816.76,4]
["7.5.2.19",{"$f":"IF(C2351=0,\"\",VLOOKUP(C2351,BNCDADOS!$A:$H,8,0))","v":0},"FF60",{"$f":"IF(C2351=0,\"\",VLOOKUP(C2351,BNCDADOS!$A:$G,2,0))","v":"TÊ, FFF, FOFO, PN10, DN 600-400MM"},{"$f":"IF(C2351=0,\"\",VLOOKUP(C2351,BNCDADOS!$A:$G,3,0))","v":"UN "},1,{"$f":"IF(C2351=0,\"\",VLOOKUP(C2351,BNCDADOS!$A:$G,4,0))","v":16305.023333333333},18261.62,18261.62,{"$f":"IF(C2351=0,\"\",VLOOKUP(C2351,BNCDADOS!$A:$G,6,0))","v":16305.023333333333},19155.14,19155.14,1]
["7.5.2.20",{"$f":"IF(C2352=0,\"\",VLOOKUP(C2352,BNCDADOS!$A:$H,8,0))","v":0},"FF62",{"$f":"IF(C2352=0,\"\",VLOOKUP(C2352,BNCDADOS!$A:$G,2,0))","v":"TOCO, FOFO, FLANGES, DN 400MM, L=0,25"},{"$f":"IF(C2352=0,\"\",VLOOKUP(C2352,BNCDADOS!$A:$G,3,0))","v":"UN "},3,{"$f":"IF(C2352=0,\"\",VLOOKUP(C2352,BNCDADOS!$A:$G,4,0))","v":202.64},226.95,680.85,{"$f":"IF(C2352=0,\"\",VLOOKUP(C2352,BNCDADOS!$A:$G,6,0))","v":202.64},238.06,714.18,3]
["7.5.2.21",{"$f":"IF(C2353=0,\"\",VLOOKUP(C2353,BNCDADOS!$A:$H,8,0))","v":0},"FF63",{"$f":"IF(C2353=0,\"\",VLOOKUP(C2353,BNCDADOS!$A:$G,2,0))","v":"TOCO, FOFO, FLANGES, DN 700MM, L=0,25"},{"$f":"IF(C2353=0,\"\",VLOOKUP(C2353,BNCDADOS!$A:$G,3,0))","v":"UN "},6,{"$f":"IF(C2353=0,\"\",VLOOKUP(C2353,BNCDADOS!$A:$G,4,0))","v":3804.9},4261.4799999999996,25568.880000000001,{"$f":"IF(C2353=0,\"\",VLOOKUP(C2353,BNCDADOS!$A:$G,6,0))","v":3804.9},4469.99,26819.94,6]
["7.5.3",{"$f":"IF(C2354=0,\"\",VLOOKUP(C2354,BNCDADOS!$A:$G,8,0))","v":""},null,"VÁLVULAS",{"$f":"IF(C2354=0,\"\",VLOOKUP(C2354,BNCDADOS!$A:$G,3,0))","v":""},0,{"$f":"IF(C2354=0,\"\",VLOOKUP(C2354,BNCDADOS!$A:$G,4,0))","v":""},{"$f":"IF(C2354=0,\"\",VLOOKUP(C2354,BNCDADOS!$A:$G,5,0))","v":""},{"$f":"SUM(I2355:I2358)","v":193157.41000000003},{"$f":"IF(C2354=0,\"\",VLOOKUP(C2354,BNCDADOS!$A:$G,6,0))","v":""},{"$f":"IF(C2354=0,\"\",VLOOKUP(C2354,BNCDADOS!$A:$G,7,0))","v":""},{"$f":"SUM(L2355:L2358)","v":202608.33000000002}]
["7.5.3.1",{"$f":"IF(C2355=0,\"\",VLOOKUP(C2355,BNCDADOS!$A:$H,8,0))","v":0},"VB02",{"$f":"IF(C2355=0,\"\",VLOOKUP(C2355,BNCDADOS!$A:$G,2,0))","v":"VÁLVULA BORBOLETA, FLANGES, CORPO CURTO, VOLANTE, DN 400MM"},{"$f":"IF(C2355=0,\"\",VLOOKUP(C2355,BNCDADOS!$A:$G,3,0))","v":"UN "},3,{"$f":"IF(C2355=0,\"\",VLOOKUP(C2355,BNCDADOS!$A:$G,4,0))","v":15800},{"$f":"TRUNC(G2355*(1+$I$5),2)","v":17696},{"$f":"IF(H2355=\"\",0,TRUNC(H2355*F2355,2))","v":53088},{"$f":"IF(C2355=0,\"\",VLOOKUP(C2355,BNCDADOS!$A:$G,6,0))","v":15800},{"$f":"TRUNC(J2355*(1+$L$5),2)","v":18561.84},{"$f":"IF(K2355=\"\",0,TRUNC(K2355*F2355,2))","v":55685.52},3]
["7.5.3.2",{"$f":"IF(C2356=0,\"\",VLOOKUP(C2356,BNCDADOS!$A:$H,8,0))","v":0},"VG05",{"$f":"IF(C2356=0,\"\",VLOOKUP(C2356,BNCDADOS!$A:$G,2,0))","v":"VÁLVULA GAVETA, FLANGES, CORPO CURTO, VOLANTE E CUNHA DE BORRACHA, DN 300MM"},{"$f":"IF(C2356=0,\"\",VLOOKUP(C2356,BNCDADOS!$A:$G,3,0))","v":"UN "},1,{"$f":"IF(C2356=0,\"\",VLOOKUP(C2356,BNCDADOS!$A:$G,4,0))","v":5227.53},5854.83,5854.83,{"$f":"IF(C2356=0,\"\",VLOOKUP(C2356,BNCDADOS!$A:$G,6,0))","v":5227.53},6141.3,6141.3,1]
["7.5.3.3",{"$f":"IF(C2357=0,\"\",VLOOKUP(C2357,BNCDADOS!$A:$H,8,0))","v":0},"VG06",{"$f":"IF(C2357=0,\"\",VLOOKUP(C2357,BNCDADOS!$A:$G,2,0))","v":"VÁLVULA GAVETA, FLANGES, CORPO CURTO, VOLANTE E CUNHA DE BORRACHA, DN 400MM"},{"$f":"IF(C2357=0,\"\",VLOOKUP(C2357,BNCDADOS!$A:$G,3,0))","v":"UN "},8,{"$f":"IF(C2357=0,\"\",VLOOKUP(C2357,BNCDADOS!$A:$G,4,0))","v":12500},14000,112000,{"$f":"IF(C2357=0,\"\",VLOOKUP(C2357,BNCDADOS!$A:$G,6,0))","v":12500},14685,117480,8]
["7.5.3.4",{"$f":"IF(C2358=0,\"\",VLOOKUP(C2358,BNCDADOS!$A:$H,8,0))","v":0},"VR02",{"$f":"IF(C2358=0,\"\",VLOOKUP(C2358,BNCDADOS!$A:$G,2,0))","v":"VÁLVULA RETENÇÃO, FLANGES, PORTINHOLA DUPLA, DN 400MM"},{"$f":"IF(C2358=0,\"\",VLOOKUP(C2358,BNCDADOS!$A:$G,3,0))","v":"UN "},3,{"$f":"IF(C2358=0,\"\",VLOOKUP(C2358,BNCDADOS!$A:$G,4,0))","v":6611.49},7404.86,22214.58,{"$f":"IF(C2358=0,\"\",VLOOKUP(C2358,BNCDADOS!$A:$G,6,0))","v":6611.49},7767.17,23301.51,3]
["7.6",null,null,"EQUIPAMENTOS_EEAT 06_CAMPESTRE",{"$nulls":4},{"$f":"I2360","v":1486274.5999999999},null,null,{"$f":"L2360","v":1558995.9},0]
["7.6.1",{"$f":"IF(C2360=0,\"\",VLOOKUP(C2360,BNCDADOS!$A:$G,8,0))","v":""},null,"EQUIPAMENTO MECÂNICOS",{"$f":"IF(C2360=0,\"\",VLOOKUP(C2360,BNCDADOS!$A:$G,3,0))","v":""},{"$f":"TRUNC(M2360,2)","v":0},{"$f":"IF(C2360=0,\"\",VLOOKUP(C2360,BNCDADOS!$A:$G,4,0))","v":""},{"$f":"IF(C2360=0,\"\",VLOOKUP(C2360,BNCDADOS!$A:$G,5,0))","v":""},{"$f":"SUM(I2362:I2368)","v":1486274.5999999999},{"$f":"IF(C2360=0,\"\",VLOOKUP(C2360,BNCDADOS!$A:$G,6,0))","v":""},{"$f":"IF(C2360=0,\"\",VLOOKUP(C2360,BNCDADOS!$A:$G,7,0))","v":""},{"$f":"SUM(L2362:L2368)","v":1558995.9},0]
[null,{"$f":"IF(C2361=0,\"\",VLOOKUP(C2361,BNCDADOS!$A:$G,8,0))","v":""},null,"BOMBAS",{"$f":"IF(C2361=0,\"\",VLOOKUP(C2361,BNCDADOS!$A:$G,3,0))","v":""},0,{"$f":"IF(C2361=0,\"\",VLOOKUP(C2361,BNCDADOS!$A:$G,4,0))","v":""}]
["7.6.1.1",{"$f":"IF(C2362=0,\"\",VLOOKUP(C2362,BNCDADOS!$A:$H,8,0))","v":0},"B09",{"$f":"IF(C2362=0,\"\",VLOOKUP(C2362,BNCDADOS!$A:$G,2,0))","v":"BOMBA CENTRÍFUGA DE EIXO HORIZONTAL, Q=156,3 L/S, AMT=99,00 mca, 350CV, (EEAT06-CAMPESTRE)"},{"$f":"IF(C2362=0,\"\",VLOOKUP(C2362,BNCDADOS!$A:$G,3,0))","v":"UN "},3,{"$f":"IF(C2362=0,\"\",VLOOKUP(C2362,BNCDADOS!$A:$G,4,0))","v":358196.92},{"$f":"TRUNC(G2362*(1+$I$5),2)","v":401180.55},{"$f":"IF(H2362=\"\",0,TRUNC(H2362*F2362,2))","v":1203541.6499999999},{"$f":"IF(C2362=0,\"\",VLOOKUP(C2362,BNCDADOS!$A:$G,6,0))","v":358196.92},{"$f":"TRUNC(J2362*(1+$L$5),2)","v":420809.74},{"$f":"IF(K2362=\"\",0,TRUNC(K2362*F2362,2))","v":1262429.22},2]
[null,{"$f":"IF(C2363=0,\"\",VLOOKUP(C2363,BNCDADOS!$A:$G,8,0))","v":""},null,"QUADROS",{"$f":"IF(C2363=0,\"\",VLOOKUP(C2363,BNCDADOS!$A:$G,3,0))","v":""},{"$f":"TRUNC(M2363,2)","v":0},{"$f":"IF(C2363=0,\"\",VLOOKUP(C2363,BNCDADOS!$A:$G,4,0))","v":""}]
["7.6.1.2",{"$f":"IF(C2364=0,\"\",VLOOKUP(C2364,BNCDADOS!$A:$H,8,0))","v":0},"QC09",{"$f":"IF(C2364=0,\"\",VLOOKUP(C2364,BNCDADOS!$A:$G,2,0))","v":"QUADRO DE COMANDO, C/ SISTEMA DE VARIACAO DE VELOCIDADE, TIPO INVERSOR DE FREQUENCIA, P/ QUARO MOTORES TRIFASICOS DE 300 CV, 380V, SENDO O ESQUEMA 3+1, (EEAT06-CAMPESTRE)"},{"$f":"IF(C2364=0,\"\",VLOOKUP(C2364,BNCDADOS!$A:$G,3,0))","v":"UN "},1,{"$f":"IF(C2364=0,\"\",VLOOKUP(C2364,BNCDADOS!$A:$G,4,0))","v":91462.15},{"$f":"TRUNC(G2364*(1+$I$5),2)","v":102437.6},{"$f":"IF(H2364=\"\",0,TRUNC(H2364*F2364,2))","v":102437.6},{"$f":"IF(C2364=0,\"\",VLOOKUP(C2364,BNCDADOS!$A:$G,6,0))","v":91462.15},{"$f":"TRUNC(J2364*(1+$L$5),2)","v":107449.73},{"$f":"IF(K2364=\"\",0,TRUNC(K2364*F2364,2))","v":107449.73},2]
[null,{"$f":"IF(C2365=0,\"\",VLOOKUP(C2365,BNCDADOS!$A:$G,8,0))","v":""},null,"MEDIDORES DE VAZÃO",{"$f":"IF(C2365=0,\"\",VLOOKUP(C2365,BNCDADOS!$A:$G,3,0))","v":""},{"$f":"TRUNC(M2365,2)","v":0},{"$f":"IF(C2365=0,\"\",VLOOKUP(C2365,BNCDADOS!$A:$G,4,0))","v":""}]
["7.6.1.3",{"$f":"IF(C2366=0,\"\",VLOOKUP(C2366,BNCDADOS!$A:$H,8,0))","v":0},"MV02",{"$f":"IF(C2366=0,\"\",VLOOKUP(C2366,BNCDADOS!$A:$G,2,0))","v":"MEDIDOR DE VAZÃO ELETROMAGNÉTICO, DN 400"},{"$f":"IF(C2366=0,\"\",VLOOKUP(C2366,BNCDADOS!$A:$G,3,0))","v":"UN "},{"$f":"TRUNC(M2366,2)","v":1},{"$f":"IF(C2366=0,\"\",VLOOKUP(C2366,BNCDADOS!$A:$G,4,0))","v":15717.14},{"$f":"TRUNC(G2366*(1+$I$5),2)","v":17603.189999999999},{"$f":"IF(H2366=\"\",0,TRUNC(H2366*F2366,2))","v":17603.189999999999},{"$f":"IF(C2366=0,\"\",VLOOKUP(C2366,BNCDADOS!$A:$G,6,0))","v":15717.14},{"$f":"TRUNC(J2366*(1+$L$5),2)","v":18464.490000000002},{"$f":"IF(K2366=\"\",0,TRUNC(K2366*F2366,2))","v":18464.490000000002},1]
[null,{"$f":"IF(C2367=0,\"\",VLOOKUP(C2367,BNCDADOS!$A:$G,8,0))","v":""},null,"ELÉTRICO",{"$f":"IF(C2367=0,\"\",VLOOKUP(C2367,BNCDADOS!$A:$G,3,0))","v":""},{"$f":"TRUNC(M2367,2)","v":0},{"$f":"IF(C2367=0,\"\",VLOOKUP(C2367,BNCDADOS!$A:$G,4,0))","v":""}]
["7.6.1.4",{"$f":"IF(C2368=0,\"\",VLOOKUP(C2368,BNCDADOS!$A:$H,8,0))","v":0},"TRF01",{"$f":"IF(C2368=0,\"\",VLOOKUP(C2368,BNCDADOS!$A:$G,2,0))","v":"TRANSFORMADOR TRIFÁSICO A ÓLEO, 500KVA-13.8KV-380/220V- Y-60Hz"},{"$f":"IF(C2368=0,\"\",VLOOKUP(C2368,BNCDADOS!$A:$G,3,0))","v":"UN "},2,{"$f":"IF(C2368=0,\"\",VLOOKUP(C2368,BNCDADOS!$A:$G,4,0))","v":72630.433333333334},{"$f":"TRUNC(G2368*(1+$I$5),2)","v":81346.080000000002},{"$f":"IF(H2368=\"\",0,TRUNC(H2368*F2368,2))","v":162692.16},{"$f":"IF(C2368=0,\"\",VLOOKUP(C2368,BNCDADOS!$A:$G,6,0))","v":72630.433333333334},{"$f":"TRUNC(J2368*(1+$L$5),2)","v":85326.23},{"$f":"IF(K2368=\"\",0,TRUNC(K2368*F2368,2))","v":170652.46},1]
[null,{"$f":"IF(C2369=0,\"\",VLOOKUP(C2369,BNCDADOS!$A:$H,8,0))","v":""},null,{"$f":"IF(C2369=0,\"\",VLOOKUP(C2369,BNCDADOS!$A:$G,2,0))","v":""},{"$f":"IF(C2369=0,\"\",VLOOKUP(C2369,BNCDADOS!$A:$G,3,0))","v":""},{"$f":"TRUNC(M2369,2)","v":0},{"$f":"IF(C2369=0,\"\",VLOOKUP(C2369,BNCDADOS!$A:$G,4,0))","v":""},{"$f":"IF(C2369=0,\"\",VLOOKUP(C2369,BNCDADOS!$A:$G,5,0))","v":""},{"$f":"IF(H2369=\"\",0,TRUNC(H2369*F2369,2))","v":0},{"$f":"IF(C2369=0,\"\",VLOOKUP(C2369,BNCDADOS!$A:$G,6,0))","v":""},{"$f":"IF(C2369=0,\"\",VLOOKUP(C2369,BNCDADOS!$A:$G,7,0))","v":""},{"$f":"IF(K2369=\"\",0,TRUNC(K2369*F2369,2))","v":0}]
["8.",null,null,"TRECHO 07 - CAMPESTRE À TANGARÁ",{"$nulls":4},{"$f":"SUM(I2371,I2401,I2537,I2610,I2632,I2675)","v":49985473.060000002},null,null,{"$f":"SUM(L2371,L2401,L2537,L2610,L2632,L2675)","v":51831877.879999995}]
["8.1",null,null,"SERVIÇOS_ADUTORA TRECHO 07",{"$nulls":4},{"$f":"SUM(I2372,I2379,I2383,I2394,I2397)","v":10119543.75},null,null,{"$f":"SUM(L2372,L2379,L2383,L2394,L2397)","v":10123555.750000002}]
["8.1.1",{"$f":"IF(C2372=0,\"\",VLOOKUP(C2372,BNCDADOS!$A:$G,8,0))","v":""},null,"SERVIÇOS PRELIMINARES",{"$f":"IF(C2372=0,\"\",VLOOKUP(C2372,BNCDADOS!$A:$G,3,0))","v":""},{"$f":"TRUNC(M2372,2)","v":0},{"$f":"IF(C2372=0,\"\",VLOOKUP(C2372,BNCDADOS!$A:$G,4,0))","v":""},{"$f":"IF(C2372=0,\"\",VLOOKUP(C2372,BNCDADOS!$A:$G,5,0))","v":""},{"$f":"SUM(I2373:I2378)","v":353650.34000000008},{"$f":"IF(C2372=0,\"\",VLOOKUP(C2372,BNCDADOS!$A:$G,6,0))","v":""},{"$f":"IF(C2372=0,\"\",VLOOKUP(C2372,BNCDADOS!$A:$G,7,0))","v":""},{"$f":"SUM(L2373:L2378)","v":353964.51999999996}]
["8.1.1.1",{"$f":"IF(C2373=0,\"\",VLOOKUP(C2373,BNCDADOS!$A:$H,8,0))","v":"caern"},2010050,{"$f":"IF(C2373=0,\"\",VLOOKUP(C2373,BNCDADOS!$A:$G,2,0))","v":"LOCAÇÃO DE ADUTORAS, COLETORES TRONCO E INTERCEPTORES - COM AUXÍLIO DE EQUIPAMENTO TOPOGRÁFICO. R_11/2018"},{"$f":"IF(C2373=0,\"\",VLOOKUP(C2373,BNCDADOS!$A:$G,3,0))","v":"M"},16722.740000000002,{"$f":"IF(C2373=0,\"\",VLOOKUP(C2373,BNCDADOS!$A:$G,4,0))","v":2.56},{"$f":"IF(C2373=0,\"\",VLOOKUP(C2373,BNCDADOS!$A:$G,5,0))","v":3.16},{"$f":"IF(H2373=\"\",0,TRUNC(H2373*F2373,2))","v":52843.85},{"$f":"IF(C2373=0,\"\",VLOOKUP(C2373,BNCDADOS!$A:$G,6,0))","v":2.2400000000000002},{"$f":"IF(C2373=0,\"\",VLOOKUP(C2373,BNCDADOS!$A:$G,7,0))","v":2.91},{"$f":"IF(K2373=\"\",0,TRUNC(K2373*F2373,2))","v":48663.17},{"$f":"SUMIF('MC - TRECHO 07'!A:A,Orçamento!A2373,'MC - TRECHO 07'!R:R)","v":16722.740000000002}]
["8.1.1.2",{"$f":"IF(C2374=0,\"\",VLOOKUP(C2374,BNCDADOS!$A:$H,8,0))","v":"SINAPI/RN\nSERVIÇO"},98525,{"$f":"IF(C2374=0,\"\",VLOOKUP(C2374,BNCDADOS!$A:$G,2,0))","v":"LIMPEZA MECANIZADA DE CAMADA VEGETAL, VEGETAÇÃO E PEQUENAS ÁRVORES (DIÂMETRO DE TRONCO MENOR QUE 0,20 M), COM TRATOR DE ESTEIRAS. AF_03/2024"},{"$f":"IF(C2374=0,\"\",VLOOKUP(C2374,BNCDADOS!$A:$G,3,0))","v":"M2"},91658.63,{"$f":"IF(C2374=0,\"\",VLOOKUP(C2374,BNCDADOS!$A:$G,4,0))","v":"0,61"},{"$f":"IF(C2374=0,\"\",VLOOKUP(C2374,BNCDADOS!$A:$G,5,0))","v":0.75},68743.97,{"$f":"IF(C2374=0,\"\",VLOOKUP(C2374,BNCDADOS!$A:$G,6,0))","v":"0,58"},{"$f":"IF(C2374=0,\"\",VLOOKUP(C2374,BNCDADOS!$A:$G,7,0))","v":0.75},68743.97,{"$f":"SUMIF('MC - TRECHO 07'!A:A,Orçamento!A2374,'MC - TRECHO 07'!R:R)","v":91658.63}]
["8.1.1.3",{"$f":"IF(C2375=0,\"\",VLOOKUP(C2375,BNCDADOS!$A:$H,8,0))","v":"caern"},2010053,{"$f":"IF(C2375=0,\"\",VLOOKUP(C2375,BNCDADOS!$A:$G,2,0))","v":"SINALIZAÇÃO DE OBRA COM TELA TAPUME, COR LARANJA, COM SUPORTE A CADA 2M E PLACA DE SINALIZAÇÃO SOBRE CAVALETE. INC_11/2019"},{"$f":"IF(C2375=0,\"\",VLOOKUP(C2375,BNCDADOS!$A:$G,3,0))","v":"M"},33445.480000000003,{"$f":"IF(C2375=0,\"\",VLOOKUP(C2375,BNCDADOS!$A:$G,4,0))","v":4.54},{"$f":"IF(C2375=0,\"\",VLOOKUP(C2375,BNCDADOS!$A:$G,5,0))","v":5.61},187629.14,{"$f":"IF(C2375=0,\"\",VLOOKUP(C2375,BNCDADOS!$A:$G,6,0))","v":4.3899999999999997},{"$f":"IF(C2375=0,\"\",VLOOKUP(C2375,BNCDADOS!$A:$G,7,0))","v":5.7},190639.23,{"$f":"SUMIF('MC - TRECHO 07'!A:A,Orçamento!A2375,'MC - TRECHO 07'!R:R)","v":33445.480000000003}]
["8.1.1.4",{"$f":"IF(C2376=0,\"\",VLOOKUP(C2376,BNCDADOS!$A:$H,8,0))","v":"SINAPI/RN\nSERVIÇO"},97054,{"$f":"IF(C2376=0,\"\",VLOOKUP(C2376,BNCDADOS!$A:$G,2,0))","v":"INSTALAÇÃO DE SINALIZADOR NOTURNO LED. AF_03/2024"},{"$f":"IF(C2376=0,\"\",VLOOKUP(C2376,BNCDADOS!$A:$G,3,0))","v":"UN"},338,{"$f":"IF(C2376=0,\"\",VLOOKUP(C2376,BNCDADOS!$A:$G,4,0))","v":"28,12"},{"$f":"IF(C2376=0,\"\",VLOOKUP(C2376,BNCDADOS!$A:$G,5,0))","v":34.78},11755.64,{"$f":"IF(C2376=0,\"\",VLOOKUP(C2376,BNCDADOS!$A:$G,6,0))","v":"27,08"},{"$f":"IF(C2376=0,\"\",VLOOKUP(C2376,BNCDADOS!$A:$G,7,0))","v":35.19},11894.22,{"$f":"SUMIF('MC - TRECHO 07'!A:A,Orçamento!A2376,'MC - TRECHO 07'!R:R)","v":338}]
["8.1.1.5",{"$f":"IF(C2377=0,\"\",VLOOKUP(C2377,BNCDADOS!$A:$H,8,0))","v":"caern"},2010037,{"$f":"IF(C2377=0,\"\",VLOOKUP(C2377,BNCDADOS!$A:$G,2,0))","v":"SONDAGEM DE INTERFERÊNCIA, ESCAVAÇÃO MANUAL DE VALA DE 0,60M ATÉ 1,30M, EM RUAS SEM PAVIMENTAÇÃO"},{"$f":"IF(C2377=0,\"\",VLOOKUP(C2377,BNCDADOS!$A:$G,3,0))","v":"M"},25.08,{"$f":"IF(C2377=0,\"\",VLOOKUP(C2377,BNCDADOS!$A:$G,4,0))","v":89.34},{"$f":"IF(C2377=0,\"\",VLOOKUP(C2377,BNCDADOS!$A:$G,5,0))","v":110.5},2771.34,{"$f":"IF(C2377=0,\"\",VLOOKUP(C2377,BNCDADOS!$A:$G,6,0))","v":80.78},{"$f":"IF(C2377=0,\"\",VLOOKUP(C2377,BNCDADOS!$A:$G,7,0))","v":104.98},2632.89,{"$f":"SUMIF('MC - TRECHO 07'!A:A,Orçamento!A2377,'MC - TRECHO 07'!R:R)","v":25.08}]
["8.1.1.6",{"$f":"IF(C2378=0,\"\",VLOOKUP(C2378,BNCDADOS!$A:$H,8,0))","v":0},"COMP 01",{"$f":"IF(C2378=0,\"\",VLOOKUP(C2378,BNCDADOS!$A:$G,2,0))","v":"CANTEIRO ITINERANTE COMPOSTO DE TOLDO, CONJUNTO DE MESA E CADEIRAS E BANHEIRO QUÍMICO COM LIMPEZA DIÁRIA INCLUSO COLETA E DESTINAÇÃO FINAL DE EFLUENTES"},{"$f":"IF(C2378=0,\"\",VLOOKUP(C2378,BNCDADOS!$A:$G,3,0))","v":"UN"},24,{"$f":"IF(C2378=0,\"\",VLOOKUP(C2378,BNCDADOS!$A:$G,4,0))","v":1007.4399999999999},{"$f":"IF(C2378=0,\"\",VLOOKUP(C2378,BNCDADOS!$A:$G,5,0))","v":1246.0999999999999},29906.400000000001,{"$f":"IF(C2378=0,\"\",VLOOKUP(C2378,BNCDADOS!$A:$G,6,0))","v":1006.4399999999999},{"$f":"IF(C2378=0,\"\",VLOOKUP(C2378,BNCDADOS!$A:$G,7,0))","v":1307.96},31391.040000000001,{"$f":"SUMIF('MC - TRECHO 07'!A:A,Orçamento!A2378,'MC - TRECHO 07'!R:R)","v":24}]
["8.1.2",{"$f":"IF(C2379=0,\"\",VLOOKUP(C2379,BNCDADOS!$A:$G,8,0))","v":""},null,"MOVIMENTO DE TERRA",{"$f":"IF(C2379=0,\"\",VLOOKUP(C2379,BNCDADOS!$A:$G,3,0))","v":""},0,{"$f":"IF(C2379=0,\"\",VLOOKUP(C2379,BNCDADOS!$A:$G,4,0))","v":""},{"$f":"IF(C2379=0,\"\",VLOOKUP(C2379,BNCDADOS!$A:$G,5,0))","v":""},{"$f":"SUM(I2380:I2382)","v":460156.89},{"$f":"IF(C2379=0,\"\",VLOOKUP(C2379,BNCDADOS!$A:$G,6,0))","v":""},{"$f":"IF(C2379=0,\"\",VLOOKUP(C2379,BNCDADOS!$A:$G,7,0))","v":""},{"$f":"SUM(L2380:L2382)","v":449979.19},0]
["8.1.2.1",{"$f":"IF(C2380=0,\"\",VLOOKUP(C2380,BNCDADOS!$A:$H,8,0))","v":"SINAPI/RN\nSERVIÇO"},96520,{"$f":"IF(C2380=0,\"\",VLOOKUP(C2380,BNCDADOS!$A:$G,2,0))","v":"ESCAVAÇÃO MECANIZADA PARA BLOCO DE COROAMENTO OU SAPATA COM RETROESCAVADEIRA (SEM ESCAVAÇÃO PARA COLOCAÇÃO DE FÔRMAS). AF_01/2024"},{"$f":"IF(C2380=0,\"\",VLOOKUP(C2380,BNCDADOS!$A:$G,3,0))","v":"M3"},3632.58,{"$f":"IF(C2380=0,\"\",VLOOKUP(C2380,BNCDADOS!$A:$G,4,0))","v":"88,32"},{"$f":"IF(C2380=0,\"\",VLOOKUP(C2380,BNCDADOS!$A:$G,5,0))","v":109.24},{"$f":"IF(H2380=\"\",0,TRUNC(H2380*F2380,2))","v":396823.03},{"$f":"IF(C2380=0,\"\",VLOOKUP(C2380,BNCDADOS!$A:$G,6,0))","v":"82,42"},{"$f":"IF(C2380=0,\"\",VLOOKUP(C2380,BNCDADOS!$A:$G,7,0))","v":107.11},{"$f":"IF(K2380=\"\",0,TRUNC(K2380*F2380,2))","v":389085.64},{"$f":"SUMIF('MC - TRECHO 07'!A:A,Orçamento!A2380,'MC - TRECHO 07'!R:R)","v":3632.58}]
["8.1.2.2",{"$f":"IF(C2381=0,\"\",VLOOKUP(C2381,BNCDADOS!$A:$H,8,0))","v":"SINAPI/RN\nSERVIÇO"},93382,{"$f":"IF(C2381=0,\"\",VLOOKUP(C2381,BNCDADOS!$A:$G,2,0))","v":"REATERRO MANUAL DE VALAS, COM COMPACTADOR DE SOLOS DE PERCUSSÃO. AF_08/2023"},{"$f":"IF(C2381=0,\"\",VLOOKUP(C2381,BNCDADOS!$A:$G,3,0))","v":"M3"},1946.02,{"$f":"IF(C2381=0,\"\",VLOOKUP(C2381,BNCDADOS!$A:$G,4,0))","v":"25,08"},{"$f":"IF(C2381=0,\"\",VLOOKUP(C2381,BNCDADOS!$A:$G,5,0))","v":31.02},60365.54,{"$f":"IF(C2381=0,\"\",VLOOKUP(C2381,BNCDADOS!$A:$G,6,0))","v":"22,89"},{"$f":"IF(C2381=0,\"\",VLOOKUP(C2381,BNCDADOS!$A:$G,7,0))","v":29.74},57874.63,{"$f":"SUMIF('MC - TRECHO 07'!A:A,Orçamento!A2381,'MC - TRECHO 07'!R:R)","v":1946.0249999999996}]
["8.1.2.3",{"$f":"IF(C2382=0,\"\",VLOOKUP(C2382,BNCDADOS!$A:$H,8,0))","v":"SINAPI/RN\nSERVIÇO"},100574,{"$f":"IF(C2382=0,\"\",VLOOKUP(C2382,BNCDADOS!$A:$G,2,0))","v":"ESPALHAMENTO DE MATERIAL COM TRATOR DE ESTEIRAS. AF_11/2019"},{"$f":"IF(C2382=0,\"\",VLOOKUP(C2382,BNCDADOS!$A:$G,3,0))","v":"M3"},1686.55,{"$f":"IF(C2382=0,\"\",VLOOKUP(C2382,BNCDADOS!$A:$G,4,0))","v":"1,43"},{"$f":"IF(C2382=0,\"\",VLOOKUP(C2382,BNCDADOS!$A:$G,5,0))","v":1.76},2968.32,{"$f":"IF(C2382=0,\"\",VLOOKUP(C2382,BNCDADOS!$A:$G,6,0))","v":"1,38"},{"$f":"IF(C2382=0,\"\",VLOOKUP(C2382,BNCDADOS!$A:$G,7,0))","v":1.79},3018.92,{"$f":"SUMIF('MC - TRECHO 07'!A:A,Orçamento!A2382,'MC - TRECHO 07'!R:R)","v":1686.5550000000003}]
["8.1.3",{"$f":"IF(C2383=0,\"\",VLOOKUP(C2383,BNCDADOS!$A:$G,8,0))","v":""},null,"ASSENTAMENTO E MONTAGEM DOS TUBOS E CONEXÕES",{"$f":"IF(C2383=0,\"\",VLOOKUP(C2383,BNCDADOS!$A:$G,3,0))","v":""},0,{"$f":"IF(C2383=0,\"\",VLOOKUP(C2383,BNCDADOS!$A:$G,4,0))","v":""},{"$f":"IF(C2383=0,\"\",VLOOKUP(C2383,BNCDADOS!$A:$G,5,0))","v":""},{"$f":"SUM(I2384:I2393)","v":8660183.3100000005},{"$f":"IF(C2383=0,\"\",VLOOKUP(C2383,BNCDADOS!$A:$G,6,0))","v":""},{"$f":"IF(C2383=0,\"\",VLOOKUP(C2383,BNCDADOS!$A:$G,7,0))","v":""},{"$f":"SUM(L2384:L2393)","v":8667787.9600000009},0]
["8.1.3.1",{"$f":"IF(C2384=0,\"\",VLOOKUP(C2384,BNCDADOS!$A:$H,8,0))","v":"SINAPI/RN\nSERVIÇO"},97151,{"$f":"IF(C2384=0,\"\",VLOOKUP(C2384,BNCDADOS!$A:$G,2,0))","v":"ASSENTAMENTO DE TUBO DE FERRO FUNDIDO PARA REDE DE ÁGUA, DN 600 MM, JUNTA ELÁSTICA, INSTALADO EM LOCAL COM NÍVEL ALTO DE INTERFERÊNCIAS (NÃO INCLUI FORNECIMENTO). AF_05/2024"},{"$f":"IF(C2384=0,\"\",VLOOKUP(C2384,BNCDADOS!$A:$G,3,0))","v":"M"},16195.34,{"$f":"IF(C2384=0,\"\",VLOOKUP(C2384,BNCDADOS!$A:$G,4,0))","v":"27,31"},{"$f":"IF(C2384=0,\"\",VLOOKUP(C2384,BNCDADOS!$A:$G,5,0))","v":33.770000000000003},{"$f":"IF(H2384=\"\",0,TRUNC(H2384*F2384,2))","v":546916.63},{"$f":"IF(C2384=0,\"\",VLOOKUP(C2384,BNCDADOS!$A:$G,6,0))","v":"25,44"},{"$f":"IF(C2384=0,\"\",VLOOKUP(C2384,BNCDADOS!$A:$G,7,0))","v":33.06},{"$f":"IF(K2384=\"\",0,TRUNC(K2384*F2384,2))","v":535417.93999999994},{"$f":"SUMIF('MC - TRECHO 07'!A:A,Orçamento!A2384,'MC - TRECHO 07'!R:R)","v":16195.34}]
["8.1.3.2",{"$f":"IF(C2385=0,\"\",VLOOKUP(C2385,BNCDADOS!$A:$H,8,0))","v":"SINAPI/RN\nSERVIÇO"},97145,{"$f":"IF(C2385=0,\"\",VLOOKUP(C2385,BNCDADOS!$A:$G,2,0))","v":"ASSENTAMENTO DE TUBO DE FERRO FUNDIDO PARA REDE DE ÁGUA, DN 250 MM, JUNTA ELÁSTICA, INSTALADO EM LOCAL COM NÍVEL ALTO DE INTERFERÊNCIAS (NÃO INCLUI FORNECIMENTO). AF_05/2024"},{"$f":"IF(C2385=0,\"\",VLOOKUP(C2385,BNCDADOS!$A:$G,3,0))","v":"M"},527.4,{"$f":"IF(C2385=0,\"\",VLOOKUP(C2385,BNCDADOS!$A:$G,4,0))","v":"10,77"},{"$f":"IF(C2385=0,\"\",VLOOKUP(C2385,BNCDADOS!$A:$G,5,0))","v":13.32},7024.96,{"$f":"IF(C2385=0,\"\",VLOOKUP(C2385,BNCDADOS!$A:$G,6,0))","v":"9,93"},{"$f":"IF(C2385=0,\"\",VLOOKUP(C2385,BNCDADOS!$A:$G,7,0))","v":12.9},6803.46,{"$f":"SUMIF('MC - TRECHO 07'!A:A,Orçamento!A2385,'MC - TRECHO 07'!R:R)","v":527.40000000000146}]
["8.1.3.3",{"$f":"IF(C2386=0,\"\",VLOOKUP(C2386,BNCDADOS!$A:$H,8,0))","v":0},"COMP 34",{"$f":"IF(C2386=0,\"\",VLOOKUP(C2386,BNCDADOS!$A:$G,2,0))","v":"FABRICAÇÃO E MONSTAGEM DE PILARETES PARA APOIO DE TUBULAÇÕES AÉREAS, DN 250 E 600MM, COM ALTURA MÉDIA DE 1 M"},{"$f":"IF(C2386=0,\"\",VLOOKUP(C2386,BNCDADOS!$A:$G,3,0))","v":"UN"},{"$f":"TRUNC(M2386,2)","v":2883},{"$f":"IF(C2386=0,\"\",VLOOKUP(C2386,BNCDADOS!$A:$G,4,0))","v":2236.19},{"$f":"IF(C2386=0,\"\",VLOOKUP(C2386,BNCDADOS!$A:$G,5,0))","v":2765.94},{"$f":"IF(H2386=\"\",0,TRUNC(H2386*F2386,2))","v":7974205.0199999996},{"$f":"IF(C2386=0,\"\",VLOOKUP(C2386,BNCDADOS!$A:$G,6,0))","v":2132.4},{"$f":"IF(C2386=0,\"\",VLOOKUP(C2386,BNCDADOS!$A:$G,7,0))","v":2771.26},{"$f":"IF(K2386=\"\",0,TRUNC(K2386*F2386,2))","v":7989542.5800000001},{"$f":"SUMIF('MC - TRECHO 07'!A:A,Orçamento!A2386,'MC - TRECHO 07'!R:R)","v":2883}]
["8.1.3.4",{"$f":"IF(C2387=0,\"\",VLOOKUP(C2387,BNCDADOS!$A:$H,8,0))","v":"caern"},2060560,{"$f":"IF(C2387=0,\"\",VLOOKUP(C2387,BNCDADOS!$A:$G,2,0))","v":"ASSENTAMENTO DE CONEXÕES EM FERRO FUNDIDO, JUNTA ELÁSTICA, DIAM.= 600 MM. INC_05/2020"},{"$f":"IF(C2387=0,\"\",VLOOKUP(C2387,BNCDADOS!$A:$G,3,0))","v":"UN "},17,{"$f":"IF(C2387=0,\"\",VLOOKUP(C2387,BNCDADOS!$A:$G,4,0))","v":61.199999999999996},{"$f":"IF(C2387=0,\"\",VLOOKUP(C2387,BNCDADOS!$A:$G,5,0))","v":75.69},1286.73,{"$f":"IF(C2387=0,\"\",VLOOKUP(C2387,BNCDADOS!$A:$G,6,0))","v":57.339999999999996},{"$f":"IF(C2387=0,\"\",VLOOKUP(C2387,BNCDADOS!$A:$G,7,0))","v":74.510000000000005},1266.67,{"$f":"SUMIF('MC - TRECHO 07'!A:A,Orçamento!A2387,'MC - TRECHO 07'!R:R)","v":17}]
["8.1.3.5",{"$f":"IF(C2388=0,\"\",VLOOKUP(C2388,BNCDADOS!$A:$H,8,0))","v":"caern"},2060554,{"$f":"IF(C2388=0,\"\",VLOOKUP(C2388,BNCDADOS!$A:$G,2,0))","v":"ASSENTAMENTO DE CONEXÕES EM FERRO FUNDIDO, JUNTA ELÁSTICA, DIAM.= 250 MM. INC_05/2020"},{"$f":"IF(C2388=0,\"\",VLOOKUP(C2388,BNCDADOS!$A:$G,3,0))","v":"UN "},13,{"$f":"IF(C2388=0,\"\",VLOOKUP(C2388,BNCDADOS!$A:$G,4,0))","v":21.799999999999997},{"$f":"IF(C2388=0,\"\",VLOOKUP(C2388,BNCDADOS!$A:$G,5,0))","v":26.96},350.48,{"$f":"IF(C2388=0,\"\",VLOOKUP(C2388,BNCDADOS!$A:$G,6,0))","v":19.75},{"$f":"IF(C2388=0,\"\",VLOOKUP(C2388,BNCDADOS!$A:$G,7,0))","v":25.66},333.58,{"$f":"SUMIF('MC - TRECHO 07'!A:A,Orçamento!A2388,'MC - TRECHO 07'!R:R)","v":13}]
["8.1.3.6",{"$f":"IF(C2389=0,\"\",VLOOKUP(C2389,BNCDADOS!$A:$H,8,0))","v":"SINAPI/RN\nSERVIÇO"},103115,{"$f":"IF(C2389=0,\"\",VLOOKUP(C2389,BNCDADOS!$A:$G,2,0))","v":"ASSENTAMENTO DE CONEXÃO COM 2 ACESSOS, FERRO FUNDIDO PARA REDE DE ÁGUA, DN  600 MM, JUNTA FLANGEADA (NÃO INCLUI O FORNECIMENTO). AF_09/2021"},{"$f":"IF(C2389=0,\"\",VLOOKUP(C2389,BNCDADOS!$A:$G,3,0))","v":"UN"},12,{"$f":"IF(C2389=0,\"\",VLOOKUP(C2389,BNCDADOS!$A:$G,4,0))","v":"418,28"},{"$f":"IF(C2389=0,\"\",VLOOKUP(C2389,BNCDADOS!$A:$G,5,0))","v":517.37},6208.44,{"$f":"IF(C2389=0,\"\",VLOOKUP(C2389,BNCDADOS!$A:$G,6,0))","v":"396,31"},{"$f":"IF(C2389=0,\"\",VLOOKUP(C2389,BNCDADOS!$A:$G,7,0))","v":515.04},6180.48,{"$f":"SUMIF('MC - TRECHO 07'!A:A,Orçamento!A2389,'MC - TRECHO 07'!R:R)","v":12}]
["8.1.3.7",{"$f":"IF(C2390=0,\"\",VLOOKUP(C2390,BNCDADOS!$A:$H,8,0))","v":"SINAPI/RN\nSERVIÇO"},103106,{"$f":"IF(C2390=0,\"\",VLOOKUP(C2390,BNCDADOS!$A:$G,2,0))","v":"ASSENTAMENTO DE CONEXÃO COM 2 ACESSOS, FERRO FUNDIDO PARA REDE DE ÁGUA, DN  100 MM, JUNTA FLANGEADA (NÃO INCLUI O FORNECIMENTO). AF_09/2021"},{"$f":"IF(C2390=0,\"\",VLOOKUP(C2390,BNCDADOS!$A:$G,3,0))","v":"UN"},12,{"$f":"IF(C2390=0,\"\",VLOOKUP(C2390,BNCDADOS!$A:$G,4,0))","v":"57,73"},{"$f":"IF(C2390=0,\"\",VLOOKUP(C2390,BNCDADOS!$A:$G,5,0))","v":71.400000000000006},856.8,{"$f":"IF(C2390=0,\"\",VLOOKUP(C2390,BNCDADOS!$A:$G,6,0))","v":"55,15"},{"$f":"IF(C2390=0,\"\",VLOOKUP(C2390,BNCDADOS!$A:$G,7,0))","v":71.67},860.04,{"$f":"SUMIF('MC - TRECHO 07'!A:A,Orçamento!A2390,'MC - TRECHO 07'!R:R)","v":12}]
["8.1.3.8",{"$f":"IF(C2391=0,\"\",VLOOKUP(C2391,BNCDADOS!$A:$H,8,0))","v":"caern"},2060587,{"$f":"IF(C2391=0,\"\",VLOOKUP(C2391,BNCDADOS!$A:$G,2,0))","v":"ASSENTAMENTO DE REGISTRO DE GAVETA EM FERRO FUNDIDO COM FLANGES, DIAM. = 50MM A 150MM. INC_05/2020"},{"$f":"IF(C2391=0,\"\",VLOOKUP(C2391,BNCDADOS!$A:$G,3,0))","v":"UN "},12,{"$f":"IF(C2391=0,\"\",VLOOKUP(C2391,BNCDADOS!$A:$G,4,0))","v":14.120000000000001},{"$f":"IF(C2391=0,\"\",VLOOKUP(C2391,BNCDADOS!$A:$G,5,0))","v":17.46},209.52,{"$f":"IF(C2391=0,\"\",VLOOKUP(C2391,BNCDADOS!$A:$G,6,0))","v":12.68},{"$f":"IF(C2391=0,\"\",VLOOKUP(C2391,BNCDADOS!$A:$G,7,0))","v":16.47},197.64,{"$f":"SUMIF('MC - TRECHO 07'!A:A,Orçamento!A2391,'MC - TRECHO 07'!R:R)","v":12}]
["8.1.3.9",{"$f":"IF(C2392=0,\"\",VLOOKUP(C2392,BNCDADOS!$A:$H,8,0))","v":"caern"},2060592,{"$f":"IF(C2392=0,\"\",VLOOKUP(C2392,BNCDADOS!$A:$G,2,0))","v":"ASSENTAMENTO DE VENTOSA EM FERRO FUNDIDO COM FLANGE, DIAM. = 50MM A 150MM. INC_05/2020"},{"$f":"IF(C2392=0,\"\",VLOOKUP(C2392,BNCDADOS!$A:$G,3,0))","v":"UN "},{"$f":"TRUNC(M2392,2)","v":6},{"$f":"IF(C2392=0,\"\",VLOOKUP(C2392,BNCDADOS!$A:$G,4,0))","v":14.120000000000001},{"$f":"IF(C2392=0,\"\",VLOOKUP(C2392,BNCDADOS!$A:$G,5,0))","v":17.46},{"$f":"IF(H2392=\"\",0,TRUNC(H2392*F2392,2))","v":104.76},{"$f":"IF(C2392=0,\"\",VLOOKUP(C2392,BNCDADOS!$A:$G,6,0))","v":12.68},{"$f":"IF(C2392=0,\"\",VLOOKUP(C2392,BNCDADOS!$A:$G,7,0))","v":16.47},{"$f":"IF(K2392=\"\",0,TRUNC(K2392*F2392,2))","v":98.82},{"$f":"SUMIF('MC - TRECHO 07'!A:A,Orçamento!A2392,'MC - TRECHO 07'!R:R)","v":6}]
["8.1.3.10",{"$f":"IF(C2393=0,\"\",VLOOKUP(C2393,BNCDADOS!$A:$H,8,0))","v":"SINAPI/RN\nSERVIÇO"},100952,{"$f":"IF(C2393=0,\"\",VLOOKUP(C2393,BNCDADOS!$A:$G,2,0))","v":"TRANSPORTE COM CAMINHÃO CARROCERIA COM GUINDAUTO (MUNCK),  MOMENTO MÁXIMO DE CARGA 11,7 TM, EM VIA URBANA PAVIMENTADA, DMT ATÉ 30KM (UNIDADE: TXKM). AF_07/2020"},{"$f":"IF(C2393=0,\"\",VLOOKUP(C2393,BNCDADOS!$A:$G,3,0))","v":"TXKM"},33889.800000000003,{"$f":"IF(C2393=0,\"\",VLOOKUP(C2393,BNCDADOS!$A:$G,4,0))","v":"2,94"},{"$f":"IF(C2393=0,\"\",VLOOKUP(C2393,BNCDADOS!$A:$G,5,0))","v":3.63},123019.97,{"$f":"IF(C2393=0,\"\",VLOOKUP(C2393,BNCDADOS!$A:$G,6,0))","v":"2,89"},{"$f":"IF(C2393=0,\"\",VLOOKUP(C2393,BNCDADOS!$A:$G,7,0))","v":3.75},127086.75,{"$f":"SUMIF('MC - TRECHO 07'!A:A,Orçamento!A2393,'MC - TRECHO 07'!R:R)","v":33889.799999999988}]
["8.1.4",{"$f":"IF(C2394=0,\"\",VLOOKUP(C2394,BNCDADOS!$A:$G,8,0))","v":""},null,"CAIXAS E BLOCOS DE ANCORAGEM",{"$f":"IF(C2394=0,\"\",VLOOKUP(C2394,BNCDADOS!$A:$G,3,0))","v":""},0,{"$f":"IF(C2394=0,\"\",VLOOKUP(C2394,BNCDADOS!$A:$G,4,0))","v":""},{"$f":"IF(C2394=0,\"\",VLOOKUP(C2394,BNCDADOS!$A:$G,5,0))","v":""},{"$f":"SUM(I2395:I2396)","v":505918.33999999997},{"$f":"IF(C2394=0,\"\",VLOOKUP(C2394,BNCDADOS!$A:$G,6,0))","v":""},{"$f":"IF(C2394=0,\"\",VLOOKUP(C2394,BNCDADOS!$A:$G,7,0))","v":""},{"$f":"SUM(L2395:L2396)","v":513694.25},0]
["8.1.4.1",{"$f":"IF(C2395=0,\"\",VLOOKUP(C2395,BNCDADOS!$A:$H,8,0))","v":0},"COMP 35",{"$f":"IF(C2395=0,\"\",VLOOKUP(C2395,BNCDADOS!$A:$G,2,0))","v":"CAIXA AÉREA PARA INSTALAÇÃO DE VENTOSAS E DESCARGAS, DE DIVERSOS DIÂMETROS E MEDIDAS INTERNAS 3,0 X 3,0M"},{"$f":"IF(C2395=0,\"\",VLOOKUP(C2395,BNCDADOS!$A:$G,3,0))","v":"UN"},12,{"$f":"IF(C2395=0,\"\",VLOOKUP(C2395,BNCDADOS!$A:$G,4,0))","v":31693.29},{"$f":"IF(C2395=0,\"\",VLOOKUP(C2395,BNCDADOS!$A:$G,5,0))","v":39201.43},{"$f":"IF(H2395=\"\",0,TRUNC(H2395*F2395,2))","v":470417.16},{"$f":"IF(C2395=0,\"\",VLOOKUP(C2395,BNCDADOS!$A:$G,6,0))","v":30626.49},{"$f":"IF(C2395=0,\"\",VLOOKUP(C2395,BNCDADOS!$A:$G,7,0))","v":39802.18},{"$f":"IF(K2395=\"\",0,TRUNC(K2395*F2395,2))","v":477626.16},{"$f":"SUMIF('MC - TRECHO 07'!A:A,Orçamento!A2395,'MC - TRECHO 07'!R:R)","v":12}]
["8.1.4.2",{"$f":"IF(C2396=0,\"\",VLOOKUP(C2396,BNCDADOS!$A:$H,8,0))","v":0},"COMP 36",{"$f":"IF(C2396=0,\"\",VLOOKUP(C2396,BNCDADOS!$A:$G,2,0))","v":"CAIXA AÉREA PARA DERIVAÇÃO DE SUB ADUTORAS"},{"$f":"IF(C2396=0,\"\",VLOOKUP(C2396,BNCDADOS!$A:$G,3,0))","v":"UN"},1,{"$f":"IF(C2396=0,\"\",VLOOKUP(C2396,BNCDADOS!$A:$G,4,0))","v":28701.74},{"$f":"IF(C2396=0,\"\",VLOOKUP(C2396,BNCDADOS!$A:$G,5,0))","v":35501.18},{"$f":"IF(H2396=\"\",0,TRUNC(H2396*F2396,2))","v":35501.18},{"$f":"IF(C2396=0,\"\",VLOOKUP(C2396,BNCDADOS!$A:$G,6,0))","v":27753.230000000003},{"$f":"IF(C2396=0,\"\",VLOOKUP(C2396,BNCDADOS!$A:$G,7,0))","v":36068.089999999997},{"$f":"IF(K2396=\"\",0,TRUNC(K2396*F2396,2))","v":36068.089999999997},{"$f":"SUMIF('MC - TRECHO 07'!A:A,Orçamento!A2396,'MC - TRECHO 07'!R:R)","v":1}]
["8.1.5",{"$f":"IF(C2397=0,\"\",VLOOKUP(C2397,BNCDADOS!$A:$G,8,0))","v":""},null,"DIVERSOS",{"$f":"IF(C2397=0,\"\",VLOOKUP(C2397,BNCDADOS!$A:$G,3,0))","v":""},0,{"$f":"IF(C2397=0,\"\",VLOOKUP(C2397,BNCDADOS!$A:$G,4,0))","v":""},{"$f":"IF(C2397=0,\"\",VLOOKUP(C2397,BNCDADOS!$A:$G,5,0))","v":""},{"$f":"SUM(I2398:I2399)","v":139634.87},{"$f":"IF(C2397=0,\"\",VLOOKUP(C2397,BNCDADOS!$A:$G,6,0))","v":""},{"$f":"IF(C2397=0,\"\",VLOOKUP(C2397,BNCDADOS!$A:$G,7,0))","v":""},{"$f":"SUM(L2398:L2399)","v":138129.83000000002},0]
["8.1.5.1",{"$f":"IF(C2398=0,\"\",VLOOKUP(C2398,BNCDADOS!$A:$H,8,0))","v":0},"COMP 05",{"$f":"IF(C2398=0,\"\",VLOOKUP(C2398,BNCDADOS!$A:$G,2,0))","v":"LIMPEZA, DESINFECÇÃO E TESTE DE REDES E ADUTORAS DE ABASTECIMENTO DE ÁGUA"},{"$f":"IF(C2398=0,\"\",VLOOKUP(C2398,BNCDADOS!$A:$G,3,0))","v":"M"},16722.740000000002,{"$f":"IF(C2398=0,\"\",VLOOKUP(C2398,BNCDADOS!$A:$G,4,0))","v":5.16},{"$f":"IF(C2398=0,\"\",VLOOKUP(C2398,BNCDADOS!$A:$G,5,0))","v":6.38},{"$f":"IF(H2398=\"\",0,TRUNC(H2398*F2398,2))","v":106691.08},{"$f":"IF(C2398=0,\"\",VLOOKUP(C2398,BNCDADOS!$A:$G,6,0))","v":4.9399999999999995},{"$f":"IF(C2398=0,\"\",VLOOKUP(C2398,BNCDADOS!$A:$G,7,0))","v":6.42},{"$f":"IF(K2398=\"\",0,TRUNC(K2398*F2398,2))","v":107359.99},{"$f":"SUMIF('MC - TRECHO 07'!A:A,Orçamento!A2398,'MC - TRECHO 07'!R:R)","v":16722.740000000002}]
["8.1.5.2",{"$f":"IF(C2399=0,\"\",VLOOKUP(C2399,BNCDADOS!$A:$H,8,0))","v":"caern"},2220075,{"$f":"IF(C2399=0,\"\",VLOOKUP(C2399,BNCDADOS!$A:$G,2,0))","v":"CADASTRO DE ADUTORAS, COLETORES, INTERCEPTORES E EMISSÁRIOS - INCLUSIVE DESENHISTA. R_11/2021"},{"$f":"IF(C2399=0,\"\",VLOOKUP(C2399,BNCDADOS!$A:$G,3,0))","v":"M"},16722.740000000002,{"$f":"IF(C2399=0,\"\",VLOOKUP(C2399,BNCDADOS!$A:$G,4,0))","v":1.6},{"$f":"IF(C2399=0,\"\",VLOOKUP(C2399,BNCDADOS!$A:$G,5,0))","v":1.97},{"$f":"IF(H2399=\"\",0,TRUNC(H2399*F2399,2))","v":32943.79},{"$f":"IF(C2399=0,\"\",VLOOKUP(C2399,BNCDADOS!$A:$G,6,0))","v":1.4200000000000002},{"$f":"IF(C2399=0,\"\",VLOOKUP(C2399,BNCDADOS!$A:$G,7,0))","v":1.84},{"$f":"IF(K2399=\"\",0,TRUNC(K2399*F2399,2))","v":30769.84},{"$f":"SUMIF('MC - TRECHO 07'!A:A,Orçamento!A2399,'MC - TRECHO 07'!R:R)","v":16722.740000000002}]
[null,{"$f":"IF(C2400=0,\"\",VLOOKUP(C2400,BNCDADOS!$A:$H,8,0))","v":""},null,{"$f":"IF(C2400=0,\"\",VLOOKUP(C2400,BNCDADOS!$A:$G,2,0))","v":""},{"$f":"IF(C2400=0,\"\",VLOOKUP(C2400,BNCDADOS!$A:$G,3,0))","v":""},0,{"$f":"IF(C2400=0,\"\",VLOOKUP(C2400,BNCDADOS!$A:$G,4,0))","v":""},{"$f":"IF(C2400=0,\"\",VLOOKUP(C2400,BNCDADOS!$A:$G,5,0))","v":""},{"$f":"IF(H2400=\"\",0,TRUNC(H2400*F2400,2))","v":0},{"$f":"IF(C2400=0,\"\",VLOOKUP(C2400,BNCDADOS!$A:$G,6,0))","v":""},{"$f":"IF(C2400=0,\"\",VLOOKUP(C2400,BNCDADOS!$A:$G,7,0))","v":""},{"$f":"IF(K2400=\"\",0,TRUNC(K2400*F2400,2))","v":0},0]
["8.2",null,null,"SERVIÇOS_EEAT 07_TANGARÁ",{"$nulls":4},{"$f":"SUM(I2402,I2404,I2415,I2429,I2454,I2465,I2468,I2472,I2477,I2482,I2488,I2520,I2522,I2530,)","v":3501199.9300000006},null,null,{"$f":"SUM(L2402,L2404,L2415,L2429,L2454,L2465,L2468,L2472,L2477,L2482,L2488,L2520,L2522,L2530,)","v":3602226.7600000002},0]
["8.2.1",{"$f":"IF(C2402=0,\"\",VLOOKUP(C2402,BNCDADOS!$A:$G,8,0))","v":""},null,"SERVIÇOS PRELIMINARES",{"$f":"IF(C2402=0,\"\",VLOOKUP(C2402,BNCDADOS!$A:$G,3,0))","v":""},{"$f":"TRUNC(M2402,2)","v":0},{"$f":"IF(C2402=0,\"\",VLOOKUP(C2402,BNCDADOS!$A:$G,4,0))","v":""},{"$f":"IF(C2402=0,\"\",VLOOKUP(C2402,BNCDADOS!$A:$G,5,0))","v":""},{"$f":"SUM(I2403)","v":456416.1},{"$f":"IF(C2402=0,\"\",VLOOKUP(C2402,BNCDADOS!$A:$G,6,0))","v":""},{"$f":"IF(C2402=0,\"\",VLOOKUP(C2402,BNCDADOS!$A:$G,7,0))","v":""},{"$f":"SUM(L2403)","v":479552.4}]
["8.2.1.1",{"$f":"IF(C2403=0,\"\",VLOOKUP(C2403,BNCDADOS!$A:$H,8,0))","v":0},"DSP. EEAT07",{"$f":"IF(C2403=0,\"\",VLOOKUP(C2403,BNCDADOS!$A:$G,2,0))","v":"DESAPROPRIAÇÃO DE ÁREA PARA CONSTRUÇÃO DA ESTAÇÃO ELEVATÓRIA DE ÁGUA TRATADA, COM ÁREA DE 2.400 M²"},{"$f":"IF(C2403=0,\"\",VLOOKUP(C2403,BNCDADOS!$A:$G,3,0))","v":"UN"},1,{"$f":"IF(C2403=0,\"\",VLOOKUP(C2403,BNCDADOS!$A:$G,4,0))","v":369000},{"$f":"IF(C2403=0,\"\",VLOOKUP(C2403,BNCDADOS!$A:$G,5,0))","v":456416.1},{"$f":"IF(H2403=\"\",0,TRUNC(H2403*F2403,2))","v":456416.1},{"$f":"IF(C2403=0,\"\",VLOOKUP(C2403,BNCDADOS!$A:$G,6,0))","v":369000},{"$f":"IF(C2403=0,\"\",VLOOKUP(C2403,BNCDADOS!$A:$G,7,0))","v":479552.4},{"$f":"IF(K2403=\"\",0,TRUNC(K2403*F2403,2))","v":479552.4},{"$f":"SUMIF('MC - TRECHO 07'!A:A,Orçamento!A2403,'MC - TRECHO 07'!R:R)","v":1}]
["8.2.2",{"$f":"IF(C2404=0,\"\",VLOOKUP(C2404,BNCDADOS!$A:$G,8,0))","v":""},null,"SERVIÇOS PRELIMINARES",{"$f":"IF(C2404=0,\"\",VLOOKUP(C2404,BNCDADOS!$A:$G,3,0))","v":""},0,{"$f":"IF(C2404=0,\"\",VLOOKUP(C2404,BNCDADOS!$A:$G,4,0))","v":""},{"$f":"IF(C2404=0,\"\",VLOOKUP(C2404,BNCDADOS!$A:$G,5,0))","v":""},{"$f":"SUM(I2405:I2414)","v":225530.83},{"$f":"IF(C2404=0,\"\",VLOOKUP(C2404,BNCDADOS!$A:$G,6,0))","v":""},{"$f":"IF(C2404=0,\"\",VLOOKUP(C2404,BNCDADOS!$A:$G,7,0))","v":""},{"$f":"SUM(L2405:L2414)","v":230719.19999999998},0]
["8.2.2.1",{"$f":"IF(C2405=0,\"\",VLOOKUP(C2405,BNCDADOS!$A:$H,8,0))","v":"SINAPI/RN\nSERVIÇO"},98525,{"$f":"IF(C2405=0,\"\",VLOOKUP(C2405,BNCDADOS!$A:$G,2,0))","v":"LIMPEZA MECANIZADA DE CAMADA VEGETAL, VEGETAÇÃO E PEQUENAS ÁRVORES (DIÂMETRO DE TRONCO MENOR QUE 0,20 M), COM TRATOR DE ESTEIRAS. AF_03/2024"},{"$f":"IF(C2405=0,\"\",VLOOKUP(C2405,BNCDADOS!$A:$G,3,0))","v":"M2"},2400,{"$f":"IF(C2405=0,\"\",VLOOKUP(C2405,BNCDADOS!$A:$G,4,0))","v":"0,61"},{"$f":"IF(C2405=0,\"\",VLOOKUP(C2405,BNCDADOS!$A:$G,5,0))","v":0.75},{"$f":"IF(H2405=\"\",0,TRUNC(H2405*F2405,2))","v":1800},{"$f":"IF(C2405=0,\"\",VLOOKUP(C2405,BNCDADOS!$A:$G,6,0))","v":"0,58"},{"$f":"IF(C2405=0,\"\",VLOOKUP(C2405,BNCDADOS!$A:$G,7,0))","v":0.75},{"$f":"IF(K2405=\"\",0,TRUNC(K2405*F2405,2))","v":1800},{"$f":"SUMIF('MC - TRECHO 07'!A:A,Orçamento!A2405,'MC - TRECHO 07'!R:R)","v":2400}]
["8.2.2.2",{"$f":"IF(C2406=0,\"\",VLOOKUP(C2406,BNCDADOS!$A:$H,8,0))","v":"SINAPI/RN\nSERVIÇO"},98527,{"$f":"IF(C2406=0,\"\",VLOOKUP(C2406,BNCDADOS!$A:$G,2,0))","v":"REMOÇÃO DE RAÍZES REMANESCENTES DE TRONCO DE ÁRVORE COM DIÂMETRO MAIOR OU IGUAL A 0,40 M E MENOR QUE 0,60 M. AF_03/2024"},{"$f":"IF(C2406=0,\"\",VLOOKUP(C2406,BNCDADOS!$A:$G,3,0))","v":"UN"},120,{"$f":"IF(C2406=0,\"\",VLOOKUP(C2406,BNCDADOS!$A:$G,4,0))","v":"209,89"},{"$f":"IF(C2406=0,\"\",VLOOKUP(C2406,BNCDADOS!$A:$G,5,0))","v":259.61},31153.200000000001,{"$f":"IF(C2406=0,\"\",VLOOKUP(C2406,BNCDADOS!$A:$G,6,0))","v":"195,46"},{"$f":"IF(C2406=0,\"\",VLOOKUP(C2406,BNCDADOS!$A:$G,7,0))","v":254.01},30481.200000000001,{"$f":"SUMIF('MC - TRECHO 07'!A:A,Orçamento!A2406,'MC - TRECHO 07'!R:R)","v":120}]
["8.2.2.3",{"$f":"IF(C2407=0,\"\",VLOOKUP(C2407,BNCDADOS!$A:$H,8,0))","v":"SINAPI/RN\nSERVIÇO"},100982,{"$f":"IF(C2407=0,\"\",VLOOKUP(C2407,BNCDADOS!$A:$G,2,0))","v":"CARGA, MANOBRA E DESCARGA DE ENTULHO EM CAMINHÃO BASCULANTE 10 M³ - CARGA COM ESCAVADEIRA HIDRÁULICA  (CAÇAMBA DE 0,80 M³ / 111 HP) E DESCARGA LIVRE (UNIDADE: M3). AF_07/2020"},{"$f":"IF(C2407=0,\"\",VLOOKUP(C2407,BNCDADOS!$A:$G,3,0))","v":"M3"},1200,{"$f":"IF(C2407=0,\"\",VLOOKUP(C2407,BNCDADOS!$A:$G,4,0))","v":"9,22"},{"$f":"IF(C2407=0,\"\",VLOOKUP(C2407,BNCDADOS!$A:$G,5,0))","v":11.4},13680,{"$f":"IF(C2407=0,\"\",VLOOKUP(C2407,BNCDADOS!$A:$G,6,0))","v":"9,04"},{"$f":"IF(C2407=0,\"\",VLOOKUP(C2407,BNCDADOS!$A:$G,7,0))","v":11.74},14088,{"$f":"SUMIF('MC - TRECHO 07'!A:A,Orçamento!A2407,'MC - TRECHO 07'!R:R)","v":1200}]
["8.2.2.4",{"$f":"IF(C2408=0,\"\",VLOOKUP(C2408,BNCDADOS!$A:$H,8,0))","v":"SINAPI/RN\nSERVIÇO"},93591,{"$f":"IF(C2408=0,\"\",VLOOKUP(C2408,BNCDADOS!$A:$G,2,0))","v":"TRANSPORTE COM CAMINHÃO BASCULANTE DE 14 M³, EM VIA URBANA EM LEITO NATURAL (UNIDADE: M3XKM). AF_07/2020"},{"$f":"IF(C2408=0,\"\",VLOOKUP(C2408,BNCDADOS!$A:$G,3,0))","v":"M3XKM"},7560,{"$f":"IF(C2408=0,\"\",VLOOKUP(C2408,BNCDADOS!$A:$G,4,0))","v":"2,83"},{"$f":"IF(C2408=0,\"\",VLOOKUP(C2408,BNCDADOS!$A:$G,5,0))","v":3.5},26460,{"$f":"IF(C2408=0,\"\",VLOOKUP(C2408,BNCDADOS!$A:$G,6,0))","v":"2,80"},{"$f":"IF(C2408=0,\"\",VLOOKUP(C2408,BNCDADOS!$A:$G,7,0))","v":3.63},27442.799999999999,{"$f":"SUMIF('MC - TRECHO 07'!A:A,Orçamento!A2408,'MC - TRECHO 07'!R:R)","v":7560}]
["8.2.2.5",{"$f":"IF(C2409=0,\"\",VLOOKUP(C2409,BNCDADOS!$A:$H,8,0))","v":"SINAPI/RN\nSERVIÇO"},93592,{"$f":"IF(C2409=0,\"\",VLOOKUP(C2409,BNCDADOS!$A:$G,2,0))","v":"TRANSPORTE COM CAMINHÃO BASCULANTE DE 14 M³, EM VIA URBANA EM REVESTIMENTO PRIMÁRIO (UNIDADE: M3XKM). AF_07/2020"},{"$f":"IF(C2409=0,\"\",VLOOKUP(C2409,BNCDADOS!$A:$G,3,0))","v":"M3XKM"},15120,{"$f":"IF(C2409=0,\"\",VLOOKUP(C2409,BNCDADOS!$A:$G,4,0))","v":"2,45"},{"$f":"IF(C2409=0,\"\",VLOOKUP(C2409,BNCDADOS!$A:$G,5,0))","v":3.03},45813.599999999999,{"$f":"IF(C2409=0,\"\",VLOOKUP(C2409,BNCDADOS!$A:$G,6,0))","v":"2,42"},{"$f":"IF(C2409=0,\"\",VLOOKUP(C2409,BNCDADOS!$A:$G,7,0))","v":3.14},47476.800000000003,{"$f":"SUMIF('MC - TRECHO 07'!A:A,Orçamento!A2409,'MC - TRECHO 07'!R:R)","v":15120}]
["8.2.2.6",{"$f":"IF(C2410=0,\"\",VLOOKUP(C2410,BNCDADOS!$A:$H,8,0))","v":"SINAPI/RN\nSERVIÇO"},98459,{"$f":"IF(C2410=0,\"\",VLOOKUP(C2410,BNCDADOS!$A:$G,2,0))","v":"TAPUME COM TELHA METÁLICA. AF_03/2024"},{"$f":"IF(C2410=0,\"\",VLOOKUP(C2410,BNCDADOS!$A:$G,3,0))","v":"M2"},437.84,{"$f":"IF(C2410=0,\"\",VLOOKUP(C2410,BNCDADOS!$A:$G,4,0))","v":"101,37"},{"$f":"IF(C2410=0,\"\",VLOOKUP(C2410,BNCDADOS!$A:$G,5,0))","v":125.38},54896.37,{"$f":"IF(C2410=0,\"\",VLOOKUP(C2410,BNCDADOS!$A:$G,6,0))","v":"98,15"},{"$f":"IF(C2410=0,\"\",VLOOKUP(C2410,BNCDADOS!$A:$G,7,0))","v":127.55},55846.49,{"$f":"SUMIF('MC - TRECHO 07'!A:A,Orçamento!A2410,'MC - TRECHO 07'!R:R)","v":437.84}]
["8.2.2.7",{"$f":"IF(C2411=0,\"\",VLOOKUP(C2411,BNCDADOS!$A:$H,8,0))","v":"SINAPI/RN\nSERVIÇO"},99059,{"$f":"IF(C2411=0,\"\",VLOOKUP(C2411,BNCDADOS!$A:$G,2,0))","v":"LOCAÇÃO CONVENCIONAL DE OBRA, UTILIZANDO GABARITO DE TÁBUAS CORRIDAS PONTALETADAS A CADA 2,00M -  2 UTILIZAÇÕES. AF_03/2024"},{"$f":"IF(C2411=0,\"\",VLOOKUP(C2411,BNCDADOS!$A:$G,3,0))","v":"M"},150.6,{"$f":"IF(C2411=0,\"\",VLOOKUP(C2411,BNCDADOS!$A:$G,4,0))","v":"68,49"},{"$f":"IF(C2411=0,\"\",VLOOKUP(C2411,BNCDADOS!$A:$G,5,0))","v":84.71},12757.32,{"$f":"IF(C2411=0,\"\",VLOOKUP(C2411,BNCDADOS!$A:$G,6,0))","v":"64,82"},{"$f":"IF(C2411=0,\"\",VLOOKUP(C2411,BNCDADOS!$A:$G,7,0))","v":84.24},12686.54,{"$f":"SUMIF('MC - TRECHO 07'!A:A,Orçamento!A2411,'MC - TRECHO 07'!R:R)","v":150.60000000000002}]
["8.2.2.8",{"$f":"IF(C2412=0,\"\",VLOOKUP(C2412,BNCDADOS!$A:$H,8,0))","v":"caern"},2010050,{"$f":"IF(C2412=0,\"\",VLOOKUP(C2412,BNCDADOS!$A:$G,2,0))","v":"LOCAÇÃO DE ADUTORAS, COLETORES TRONCO E INTERCEPTORES - COM AUXÍLIO DE EQUIPAMENTO TOPOGRÁFICO. R_11/2018"},{"$f":"IF(C2412=0,\"\",VLOOKUP(C2412,BNCDADOS!$A:$G,3,0))","v":"M"},79.400000000000006,{"$f":"IF(C2412=0,\"\",VLOOKUP(C2412,BNCDADOS!$A:$G,4,0))","v":2.56},{"$f":"IF(C2412=0,\"\",VLOOKUP(C2412,BNCDADOS!$A:$G,5,0))","v":3.16},250.9,{"$f":"IF(C2412=0,\"\",VLOOKUP(C2412,BNCDADOS!$A:$G,6,0))","v":2.2400000000000002},{"$f":"IF(C2412=0,\"\",VLOOKUP(C2412,BNCDADOS!$A:$G,7,0))","v":2.91},231.05,{"$f":"SUMIF('MC - TRECHO 07'!A:A,Orçamento!A2412,'MC - TRECHO 07'!R:R)","v":79.400000000000006}]
["8.2.2.9",{"$f":"IF(C2413=0,\"\",VLOOKUP(C2413,BNCDADOS!$A:$H,8,0))","v":0},"COMP 13",{"$f":"IF(C2413=0,\"\",VLOOKUP(C2413,BNCDADOS!$A:$G,2,0))","v":"LOCAÇÃO DE CONTÊINER ALMOXARIFADO COM PISO NAVAL - 6,00M X 2,35M - PARA USO EM CANTEIRO DE OBRAS"},{"$f":"IF(C2413=0,\"\",VLOOKUP(C2413,BNCDADOS!$A:$G,3,0))","v":"UM X MÊS"},24,{"$f":"IF(C2413=0,\"\",VLOOKUP(C2413,BNCDADOS!$A:$G,4,0))","v":800.6},{"$f":"IF(C2413=0,\"\",VLOOKUP(C2413,BNCDADOS!$A:$G,5,0))","v":990.26},23766.240000000002,{"$f":"IF(C2413=0,\"\",VLOOKUP(C2413,BNCDADOS!$A:$G,6,0))","v":800.6},{"$f":"IF(C2413=0,\"\",VLOOKUP(C2413,BNCDADOS!$A:$G,7,0))","v":1040.45},24970.799999999999,{"$f":"SUMIF('MC - TRECHO 07'!A:A,Orçamento!A2413,'MC - TRECHO 07'!R:R)","v":24}]
["8.2.2.10",{"$f":"IF(C2414=0,\"\",VLOOKUP(C2414,BNCDADOS!$A:$H,8,0))","v":0},"COMP 01",{"$f":"IF(C2414=0,\"\",VLOOKUP(C2414,BNCDADOS!$A:$G,2,0))","v":"CANTEIRO ITINERANTE COMPOSTO DE TOLDO, CONJUNTO DE MESA E CADEIRAS E BANHEIRO QUÍMICO COM LIMPEZA DIÁRIA INCLUSO COLETA E DESTINAÇÃO FINAL DE EFLUENTES"},{"$f":"IF(C2414=0,\"\",VLOOKUP(C2414,BNCDADOS!$A:$G,3,0))","v":"UN"},12,{"$f":"IF(C2414=0,\"\",VLOOKUP(C2414,BNCDADOS!$A:$G,4,0))","v":1007.4399999999999},{"$f":"IF(C2414=0,\"\",VLOOKUP(C2414,BNCDADOS!$A:$G,5,0))","v":1246.0999999999999},14953.2,{"$f":"IF(C2414=0,\"\",VLOOKUP(C2414,BNCDADOS!$A:$G,6,0))","v":1006.4399999999999},{"$f":"IF(C2414=0,\"\",VLOOKUP(C2414,BNCDADOS!$A:$G,7,0))","v":1307.96},15695.52,{"$f":"SUMIF('MC - TRECHO 07'!A:A,Orçamento!A2414,'MC - TRECHO 07'!R:R)","v":12}]
["8.2.3",{"$f":"IF(C2415=0,\"\",VLOOKUP(C2415,BNCDADOS!$A:$G,8,0))","v":""},null,"TRABALHOS EM TERRA",{"$f":"IF(C2415=0,\"\",VLOOKUP(C2415,BNCDADOS!$A:$G,3,0))","v":""},0,{"$f":"IF(C2415=0,\"\",VLOOKUP(C2415,BNCDADOS!$A:$G,4,0))","v":""},{"$f":"IF(C2415=0,\"\",VLOOKUP(C2415,BNCDADOS!$A:$G,5,0))","v":""},{"$f":"SUM(I2417:I2428)","v":219581.51},{"$f":"IF(C2415=0,\"\",VLOOKUP(C2415,BNCDADOS!$A:$G,6,0))","v":""},{"$f":"IF(C2415=0,\"\",VLOOKUP(C2415,BNCDADOS!$A:$G,7,0))","v":""},{"$f":"SUM(L2417:L2428)","v":225326.09999999998},0]
[null,{"$f":"IF(C2416=0,\"\",VLOOKUP(C2416,BNCDADOS!$A:$G,8,0))","v":""},null,"ATERRO DA ÁREA",{"$f":"IF(C2416=0,\"\",VLOOKUP(C2416,BNCDADOS!$A:$G,3,0))","v":""},0,{"$f":"IF(C2416=0,\"\",VLOOKUP(C2416,BNCDADOS!$A:$G,4,0))","v":""},{"$nulls":5},0]
["8.2.3.1",{"$f":"IF(C2417=0,\"\",VLOOKUP(C2417,BNCDADOS!$A:$H,8,0))","v":"SINAPI/RN\nSERVIÇO"},96385,{"$f":"IF(C2417=0,\"\",VLOOKUP(C2417,BNCDADOS!$A:$G,2,0))","v":"EXECUÇÃO E COMPACTAÇÃO DE ATERRO COM SOLO PREDOMINANTEMENTE ARGILOSO - EXCLUSIVE SOLO, ESCAVAÇÃO, CARGA E TRANSPORTE. AF_11/2019"},{"$f":"IF(C2417=0,\"\",VLOOKUP(C2417,BNCDADOS!$A:$G,3,0))","v":"M3"},1541.72,{"$f":"IF(C2417=0,\"\",VLOOKUP(C2417,BNCDADOS!$A:$G,4,0))","v":"11,83"},{"$f":"IF(C2417=0,\"\",VLOOKUP(C2417,BNCDADOS!$A:$G,5,0))","v":14.63},{"$f":"IF(H2417=\"\",0,TRUNC(H2417*F2417,2))","v":22555.360000000001},{"$f":"IF(C2417=0,\"\",VLOOKUP(C2417,BNCDADOS!$A:$G,6,0))","v":"11,38"},{"$f":"IF(C2417=0,\"\",VLOOKUP(C2417,BNCDADOS!$A:$G,7,0))","v":14.78},{"$f":"IF(K2417=\"\",0,TRUNC(K2417*F2417,2))","v":22786.62},{"$f":"SUMIF('MC - TRECHO 07'!A:A,Orçamento!A2417,'MC - TRECHO 07'!R:R)","v":1541.72}]
["8.2.3.2",{"$f":"IF(C2418=0,\"\",VLOOKUP(C2418,BNCDADOS!$A:$H,8,0))","v":"SINAPI/RN\nSERVIÇO"},101232,{"$f":"IF(C2418=0,\"\",VLOOKUP(C2418,BNCDADOS!$A:$G,2,0))","v":"ESCAVAÇÃO VERTICAL PARA INFRAESTRUTURA, COM CARGA, DESCARGA E TRANSPORTE DE SOLO DE 1ª CATEGORIA, COM ESCAVADEIRA HIDRÁULICA (CAÇAMBA: 1,2 M³ / 155 HP), FROTA DE 3 CAMINHÕES BASCULANTES DE 14 M³, DMT ATÉ 1 KM E VELOCIDADE MÉDIA14 KM/H. AF_05/2020"},{"$f":"IF(C2418=0,\"\",VLOOKUP(C2418,BNCDADOS!$A:$G,3,0))","v":"M3"},1541.72,{"$f":"IF(C2418=0,\"\",VLOOKUP(C2418,BNCDADOS!$A:$G,4,0))","v":"9,80"},{"$f":"IF(C2418=0,\"\",VLOOKUP(C2418,BNCDADOS!$A:$G,5,0))","v":12.12},18685.64,{"$f":"IF(C2418=0,\"\",VLOOKUP(C2418,BNCDADOS!$A:$G,6,0))","v":"9,66"},{"$f":"IF(C2418=0,\"\",VLOOKUP(C2418,BNCDADOS!$A:$G,7,0))","v":12.55},19348.580000000002,{"$f":"SUMIF('MC - TRECHO 07'!A:A,Orçamento!A2418,'MC - TRECHO 07'!R:R)","v":1541.72}]
["8.2.3.3",{"$f":"IF(C2419=0,\"\",VLOOKUP(C2419,BNCDADOS!$A:$H,8,0))","v":"SINAPI/RN\nSERVIÇO"},93591,{"$f":"IF(C2419=0,\"\",VLOOKUP(C2419,BNCDADOS!$A:$G,2,0))","v":"TRANSPORTE COM CAMINHÃO BASCULANTE DE 14 M³, EM VIA URBANA EM LEITO NATURAL (UNIDADE: M3XKM). AF_07/2020"},{"$f":"IF(C2419=0,\"\",VLOOKUP(C2419,BNCDADOS!$A:$G,3,0))","v":"M3XKM"},9250.32,{"$f":"IF(C2419=0,\"\",VLOOKUP(C2419,BNCDADOS!$A:$G,4,0))","v":"2,83"},{"$f":"IF(C2419=0,\"\",VLOOKUP(C2419,BNCDADOS!$A:$G,5,0))","v":3.5},32376.12,{"$f":"IF(C2419=0,\"\",VLOOKUP(C2419,BNCDADOS!$A:$G,6,0))","v":"2,80"},{"$f":"IF(C2419=0,\"\",VLOOKUP(C2419,BNCDADOS!$A:$G,7,0))","v":3.63},33578.660000000003,{"$f":"SUMIF('MC - TRECHO 07'!A:A,Orçamento!A2419,'MC - TRECHO 07'!R:R)","v":9250.32}]
["8.2.3.4",{"$f":"IF(C2420=0,\"\",VLOOKUP(C2420,BNCDADOS!$A:$H,8,0))","v":"SINAPI/RN\nSERVIÇO"},93592,{"$f":"IF(C2420=0,\"\",VLOOKUP(C2420,BNCDADOS!$A:$G,2,0))","v":"TRANSPORTE COM CAMINHÃO BASCULANTE DE 14 M³, EM VIA URBANA EM REVESTIMENTO PRIMÁRIO (UNIDADE: M3XKM). AF_07/2020"},{"$f":"IF(C2420=0,\"\",VLOOKUP(C2420,BNCDADOS!$A:$G,3,0))","v":"M3XKM"},18500.64,{"$f":"IF(C2420=0,\"\",VLOOKUP(C2420,BNCDADOS!$A:$G,4,0))","v":"2,45"},{"$f":"IF(C2420=0,\"\",VLOOKUP(C2420,BNCDADOS!$A:$G,5,0))","v":3.03},56056.93,{"$f":"IF(C2420=0,\"\",VLOOKUP(C2420,BNCDADOS!$A:$G,6,0))","v":"2,42"},{"$f":"IF(C2420=0,\"\",VLOOKUP(C2420,BNCDADOS!$A:$G,7,0))","v":3.14},58092,{"$f":"SUMIF('MC - TRECHO 07'!A:A,Orçamento!A2420,'MC - TRECHO 07'!R:R)","v":18500.64}]
["8.2.3.5",{"$f":"IF(C2421=0,\"\",VLOOKUP(C2421,BNCDADOS!$A:$H,8,0))","v":"SINAPI/RN\nSERVIÇO"},98520,{"$f":"IF(C2421=0,\"\",VLOOKUP(C2421,BNCDADOS!$A:$G,2,0))","v":"APLICAÇÃO DE ADUBO EM SOLO. AF_07/2024"},{"$f":"IF(C2421=0,\"\",VLOOKUP(C2421,BNCDADOS!$A:$G,3,0))","v":"M2"},160,{"$f":"IF(C2421=0,\"\",VLOOKUP(C2421,BNCDADOS!$A:$G,4,0))","v":"6,22"},{"$f":"IF(C2421=0,\"\",VLOOKUP(C2421,BNCDADOS!$A:$G,5,0))","v":7.69},1230.4000000000001,{"$f":"IF(C2421=0,\"\",VLOOKUP(C2421,BNCDADOS!$A:$G,6,0))","v":"6,09"},{"$f":"IF(C2421=0,\"\",VLOOKUP(C2421,BNCDADOS!$A:$G,7,0))","v":7.91},1265.5999999999999,{"$f":"SUMIF('MC - TRECHO 07'!A:A,Orçamento!A2421,'MC - TRECHO 07'!R:R)","v":160}]
["8.2.3.6",{"$f":"IF(C2422=0,\"\",VLOOKUP(C2422,BNCDADOS!$A:$H,8,0))","v":"SINAPI/RN\nSERVIÇO"},98504,{"$f":"IF(C2422=0,\"\",VLOOKUP(C2422,BNCDADOS!$A:$G,2,0))","v":"PLANTIO DE GRAMA BATATAIS EM PLACAS. AF_07/2024"},{"$f":"IF(C2422=0,\"\",VLOOKUP(C2422,BNCDADOS!$A:$G,3,0))","v":"M2"},160,{"$f":"IF(C2422=0,\"\",VLOOKUP(C2422,BNCDADOS!$A:$G,4,0))","v":"13,41"},{"$f":"IF(C2422=0,\"\",VLOOKUP(C2422,BNCDADOS!$A:$G,5,0))","v":16.579999999999998},2652.8,{"$f":"IF(C2422=0,\"\",VLOOKUP(C2422,BNCDADOS!$A:$G,6,0))","v":"13,08"},{"$f":"IF(C2422=0,\"\",VLOOKUP(C2422,BNCDADOS!$A:$G,7,0))","v":16.989999999999998},2718.4,{"$f":"SUMIF('MC - TRECHO 07'!A:A,Orçamento!A2422,'MC - TRECHO 07'!R:R)","v":160}]
[null,{"$f":"IF(C2423=0,\"\",VLOOKUP(C2423,BNCDADOS!$A:$G,8,0))","v":""},null,"SERVIÇOS DE TERRA PARA A EXECUÇÃO DAS ESTRUTURAS",{"$f":"IF(C2423=0,\"\",VLOOKUP(C2423,BNCDADOS!$A:$G,3,0))","v":""},0,{"$f":"IF(C2423=0,\"\",VLOOKUP(C2423,BNCDADOS!$A:$G,4,0))","v":""},{"$nulls":5},0]
["8.2.3.7",{"$f":"IF(C2424=0,\"\",VLOOKUP(C2424,BNCDADOS!$A:$H,8,0))","v":"SINAPI/RN\nSERVIÇO"},96525,{"$f":"IF(C2424=0,\"\",VLOOKUP(C2424,BNCDADOS!$A:$G,2,0))","v":"ESCAVAÇÃO MECANIZADA PARA VIGA BALDRAME OU SAPATA CORRIDA COM MINI-ESCAVADEIRA (INCLUINDO ESCAVAÇÃO PARA COLOCAÇÃO DE FÔRMAS). AF_01/2024"},{"$f":"IF(C2424=0,\"\",VLOOKUP(C2424,BNCDADOS!$A:$G,3,0))","v":"M3"},105.56,{"$f":"IF(C2424=0,\"\",VLOOKUP(C2424,BNCDADOS!$A:$G,4,0))","v":"55,00"},{"$f":"IF(C2424=0,\"\",VLOOKUP(C2424,BNCDADOS!$A:$G,5,0))","v":68.02},{"$f":"IF(H2424=\"\",0,TRUNC(H2424*F2424,2))","v":7180.19},{"$f":"IF(C2424=0,\"\",VLOOKUP(C2424,BNCDADOS!$A:$G,6,0))","v":"52,42"},{"$f":"IF(C2424=0,\"\",VLOOKUP(C2424,BNCDADOS!$A:$G,7,0))","v":68.12},{"$f":"IF(K2424=\"\",0,TRUNC(K2424*F2424,2))","v":7190.74},{"$f":"SUMIF('MC - TRECHO 07'!A:A,Orçamento!A2424,'MC - TRECHO 07'!R:R)","v":105.56800000000001}]
["8.2.3.8",{"$f":"IF(C2425=0,\"\",VLOOKUP(C2425,BNCDADOS!$A:$H,8,0))","v":"SINAPI/RN\nSERVIÇO"},93382,{"$f":"IF(C2425=0,\"\",VLOOKUP(C2425,BNCDADOS!$A:$G,2,0))","v":"REATERRO MANUAL DE VALAS, COM COMPACTADOR DE SOLOS DE PERCUSSÃO. AF_08/2023"},{"$f":"IF(C2425=0,\"\",VLOOKUP(C2425,BNCDADOS!$A:$G,3,0))","v":"M3"},87.4,{"$f":"IF(C2425=0,\"\",VLOOKUP(C2425,BNCDADOS!$A:$G,4,0))","v":"25,08"},{"$f":"IF(C2425=0,\"\",VLOOKUP(C2425,BNCDADOS!$A:$G,5,0))","v":31.02},{"$f":"IF(H2425=\"\",0,TRUNC(H2425*F2425,2))","v":2711.14},{"$f":"IF(C2425=0,\"\",VLOOKUP(C2425,BNCDADOS!$A:$G,6,0))","v":"22,89"},{"$f":"IF(C2425=0,\"\",VLOOKUP(C2425,BNCDADOS!$A:$G,7,0))","v":29.74},{"$f":"IF(K2425=\"\",0,TRUNC(K2425*F2425,2))","v":2599.27},{"$f":"SUMIF('MC - TRECHO 07'!A:A,Orçamento!A2425,'MC - TRECHO 07'!R:R)","v":87.402860000000004}]
["8.2.3.9",{"$f":"IF(C2426=0,\"\",VLOOKUP(C2426,BNCDADOS!$A:$H,8,0))","v":"SINAPI/RN\nSERVIÇO"},101206,{"$f":"IF(C2426=0,\"\",VLOOKUP(C2426,BNCDADOS!$A:$G,2,0))","v":"ESCAVAÇÃO VERTICAL PARA  EDIFICAÇÃO, COM CARGA, DESCARGA E TRANSPORTE DE SOLO DE 1ª CATEGORIA, COM ESCAVADEIRA HIDRÁULICA (CAÇAMBA: 0,8 M³ / 111 HP), FROTA DE 3 CAMINHÕES BASCULANTES DE 14 M³, DMT ATÉ 1 KM E VELOCIDADE MÉDIA 14 KM/H. AF_05/2020"},{"$f":"IF(C2426=0,\"\",VLOOKUP(C2426,BNCDADOS!$A:$G,3,0))","v":"M3"},1920.61,{"$f":"IF(C2426=0,\"\",VLOOKUP(C2426,BNCDADOS!$A:$G,4,0))","v":"13,00"},{"$f":"IF(C2426=0,\"\",VLOOKUP(C2426,BNCDADOS!$A:$G,5,0))","v":16.07},{"$f":"IF(H2426=\"\",0,TRUNC(H2426*F2426,2))","v":30864.2},{"$f":"IF(C2426=0,\"\",VLOOKUP(C2426,BNCDADOS!$A:$G,6,0))","v":"12,77"},{"$f":"IF(C2426=0,\"\",VLOOKUP(C2426,BNCDADOS!$A:$G,7,0))","v":16.59},{"$f":"IF(K2426=\"\",0,TRUNC(K2426*F2426,2))","v":31862.91},{"$f":"SUMIF('MC - TRECHO 07'!A:A,Orçamento!A2426,'MC - TRECHO 07'!R:R)","v":1920.6100000000001}]
["8.2.3.10",{"$f":"IF(C2427=0,\"\",VLOOKUP(C2427,BNCDADOS!$A:$H,8,0))","v":"SINAPI/RN\nSERVIÇO"},93379,{"$f":"IF(C2427=0,\"\",VLOOKUP(C2427,BNCDADOS!$A:$G,2,0))","v":"REATERRO MECANIZADO DE VALA COM RETROESCAVADEIRA (CAPACIDADE DA CAÇAMBA   DA RETRO: 0,26 M³/POTÊNCIA: 88 HP), LARGURA 0,8 A 1,5 M, PROFUNDIDADE ATÉ 1,5 M, COM SOLO (SEM SUBSTITUIÇÃO) DE 1ª CATEGORIA, COM COMPACTADOR DE SOLOS DE PERCUSSÃO AF_08/2023"},{"$f":"IF(C2427=0,\"\",VLOOKUP(C2427,BNCDADOS!$A:$G,3,0))","v":"M3"},864.55,{"$f":"IF(C2427=0,\"\",VLOOKUP(C2427,BNCDADOS!$A:$G,4,0))","v":"17,99"},{"$f":"IF(C2427=0,\"\",VLOOKUP(C2427,BNCDADOS!$A:$G,5,0))","v":22.25},{"$f":"IF(H2427=\"\",0,TRUNC(H2427*F2427,2))","v":19236.23},{"$f":"IF(C2427=0,\"\",VLOOKUP(C2427,BNCDADOS!$A:$G,6,0))","v":"16,97"},{"$f":"IF(C2427=0,\"\",VLOOKUP(C2427,BNCDADOS!$A:$G,7,0))","v":22.05},{"$f":"IF(K2427=\"\",0,TRUNC(K2427*F2427,2))","v":19063.32},{"$f":"SUMIF('MC - TRECHO 07'!A:A,Orçamento!A2427,'MC - TRECHO 07'!R:R)","v":864.55200000000013}]
["8.2.3.11",{"$f":"IF(C2428=0,\"\",VLOOKUP(C2428,BNCDADOS!$A:$H,8,0))","v":"caern"},2010007,{"$f":"IF(C2428=0,\"\",VLOOKUP(C2428,BNCDADOS!$A:$G,2,0))","v":"REBAIXAMENTO DE LENÇOL FREÁTICO COM PONTEIRAS FILTRANTES EM ÁREAS. R_05/2019"},{"$f":"IF(C2428=0,\"\",VLOOKUP(C2428,BNCDADOS!$A:$G,3,0))","v":"PTXDIA"},750,{"$f":"IF(C2428=0,\"\",VLOOKUP(C2428,BNCDADOS!$A:$G,4,0))","v":28.07},{"$f":"IF(C2428=0,\"\",VLOOKUP(C2428,BNCDADOS!$A:$G,5,0))","v":34.71},{"$f":"IF(H2428=\"\",0,TRUNC(H2428*F2428,2))","v":26032.5},{"$f":"IF(C2428=0,\"\",VLOOKUP(C2428,BNCDADOS!$A:$G,6,0))","v":27.52},{"$f":"IF(C2428=0,\"\",VLOOKUP(C2428,BNCDADOS!$A:$G,7,0))","v":35.76},{"$f":"IF(K2428=\"\",0,TRUNC(K2428*F2428,2))","v":26820},{"$f":"SUMIF('MC - TRECHO 07'!A:A,Orçamento!A2428,'MC - TRECHO 07'!R:R)","v":750}]
["8.2.4",{"$f":"IF(C2429=0,\"\",VLOOKUP(C2429,BNCDADOS!$A:$G,8,0))","v":""},null,"ESTRUTURA",{"$f":"IF(C2429=0,\"\",VLOOKUP(C2429,BNCDADOS!$A:$G,3,0))","v":""},0,{"$f":"IF(C2429=0,\"\",VLOOKUP(C2429,BNCDADOS!$A:$G,4,0))","v":""},{"$f":"IF(C2429=0,\"\",VLOOKUP(C2429,BNCDADOS!$A:$G,5,0))","v":""},{"$f":"SUM(I2430:I2453)","v":1416443.6700000002},{"$f":"IF(C2429=0,\"\",VLOOKUP(C2429,BNCDADOS!$A:$G,6,0))","v":""},{"$f":"IF(C2429=0,\"\",VLOOKUP(C2429,BNCDADOS!$A:$G,7,0))","v":""},{"$f":"SUM(L2430:L2453)","v":1456374.85},0]
["8.2.4.1",{"$f":"IF(C2430=0,\"\",VLOOKUP(C2430,BNCDADOS!$A:$H,8,0))","v":"SINAPI/RN\nSERVIÇO"},95241,{"$f":"IF(C2430=0,\"\",VLOOKUP(C2430,BNCDADOS!$A:$G,2,0))","v":"LASTRO DE CONCRETO MAGRO, APLICADO EM PISOS, LAJES SOBRE SOLO OU RADIERS, ESPESSURA DE 5 CM. AF_01/2024"},{"$f":"IF(C2430=0,\"\",VLOOKUP(C2430,BNCDADOS!$A:$G,3,0))","v":"M2"},408.68,{"$f":"IF(C2430=0,\"\",VLOOKUP(C2430,BNCDADOS!$A:$G,4,0))","v":"36,15"},{"$f":"IF(C2430=0,\"\",VLOOKUP(C2430,BNCDADOS!$A:$G,5,0))","v":44.71},{"$f":"IF(H2430=\"\",0,TRUNC(H2430*F2430,2))","v":18272.080000000002},{"$f":"IF(C2430=0,\"\",VLOOKUP(C2430,BNCDADOS!$A:$G,6,0))","v":"34,74"},{"$f":"IF(C2430=0,\"\",VLOOKUP(C2430,BNCDADOS!$A:$G,7,0))","v":45.14},{"$f":"IF(K2430=\"\",0,TRUNC(K2430*F2430,2))","v":18447.810000000001},{"$f":"SUMIF('MC - TRECHO 07'!A:A,Orçamento!A2430,'MC - TRECHO 07'!R:R)","v":408.67999999999995}]
["8.2.4.2",{"$f":"IF(C2431=0,\"\",VLOOKUP(C2431,BNCDADOS!$A:$H,8,0))","v":"SINAPI/RN\nSERVIÇO"},103800,{"$f":"IF(C2431=0,\"\",VLOOKUP(C2431,BNCDADOS!$A:$G,2,0))","v":"PEDRA ARGAMASSADA COM CIMENTO E AREIA 1:3, 40% DE ARGAMASSA EM VOLUME - AREIA E PEDRA DE MÃO COMERCIAIS - FORNECIMENTO E ASSENTAMENTO. AF_08/2022"},{"$f":"IF(C2431=0,\"\",VLOOKUP(C2431,BNCDADOS!$A:$G,3,0))","v":"M3"},14.23,{"$f":"IF(C2431=0,\"\",VLOOKUP(C2431,BNCDADOS!$A:$G,4,0))","v":"534,85"},{"$f":"IF(C2431=0,\"\",VLOOKUP(C2431,BNCDADOS!$A:$G,5,0))","v":661.55},9413.85,{"$f":"IF(C2431=0,\"\",VLOOKUP(C2431,BNCDADOS!$A:$G,6,0))","v":"515,06"},{"$f":"IF(C2431=0,\"\",VLOOKUP(C2431,BNCDADOS!$A:$G,7,0))","v":669.37},9525.1299999999992,{"$f":"SUMIF('MC - TRECHO 07'!A:A,Orçamento!A2431,'MC - TRECHO 07'!R:R)","v":14.239199999999999}]
["8.2.4.3",{"$f":"IF(C2432=0,\"\",VLOOKUP(C2432,BNCDADOS!$A:$H,8,0))","v":0},"COMP 14",{"$f":"IF(C2432=0,\"\",VLOOKUP(C2432,BNCDADOS!$A:$G,2,0))","v":"BLOCO DE CONCRETO ARMADDO, PARA FUNDAÇÃO DE ESTRUTURA PRÉ-FABRICADA"},{"$f":"IF(C2432=0,\"\",VLOOKUP(C2432,BNCDADOS!$A:$G,3,0))","v":"UN"},12,{"$f":"IF(C2432=0,\"\",VLOOKUP(C2432,BNCDADOS!$A:$G,4,0))","v":9534.9000000000015},{"$f":"IF(C2432=0,\"\",VLOOKUP(C2432,BNCDADOS!$A:$G,5,0))","v":11793.71},141524.51999999999,{"$f":"IF(C2432=0,\"\",VLOOKUP(C2432,BNCDADOS!$A:$G,6,0))","v":9147.68},{"$f":"IF(C2432=0,\"\",VLOOKUP(C2432,BNCDADOS!$A:$G,7,0))","v":11888.32},142659.84,{"$f":"SUMIF('MC - TRECHO 07'!A:A,Orçamento!A2432,'MC - TRECHO 07'!R:R)","v":12}]
["8.2.4.4",{"$f":"IF(C2433=0,\"\",VLOOKUP(C2433,BNCDADOS!$A:$H,8,0))","v":0},"COMP 15",{"$f":"IF(C2433=0,\"\",VLOOKUP(C2433,BNCDADOS!$A:$G,2,0))","v":"PILAR EM CONCRETO ARMADO, PARA ESTRUTURA PRÉ-FABRICADA, MEDINDO 40X50CM E COM ALTURA ÚTIL DE 11,50M"},{"$f":"IF(C2433=0,\"\",VLOOKUP(C2433,BNCDADOS!$A:$G,3,0))","v":"UN"},7,{"$f":"IF(C2433=0,\"\",VLOOKUP(C2433,BNCDADOS!$A:$G,4,0))","v":9083.56},{"$f":"IF(C2433=0,\"\",VLOOKUP(C2433,BNCDADOS!$A:$G,5,0))","v":11235.45},78648.149999999994,{"$f":"IF(C2433=0,\"\",VLOOKUP(C2433,BNCDADOS!$A:$G,6,0))","v":8885.33},{"$f":"IF(C2433=0,\"\",VLOOKUP(C2433,BNCDADOS!$A:$G,7,0))","v":11547.37},80831.59,{"$f":"SUMIF('MC - TRECHO 07'!A:A,Orçamento!A2433,'MC - TRECHO 07'!R:R)","v":7}]
["8.2.4.5",{"$f":"IF(C2434=0,\"\",VLOOKUP(C2434,BNCDADOS!$A:$H,8,0))","v":0},"COMP 16",{"$f":"IF(C2434=0,\"\",VLOOKUP(C2434,BNCDADOS!$A:$G,2,0))","v":"PILAR EM CONCRETO ARMADO, PARA ESTRUTURA PRÉ-FABRICADA, MEDINDO 40X50CM E COM ALTURA ÚTIL DE 10,00M"},{"$f":"IF(C2434=0,\"\",VLOOKUP(C2434,BNCDADOS!$A:$G,3,0))","v":"UN"},5,{"$f":"IF(C2434=0,\"\",VLOOKUP(C2434,BNCDADOS!$A:$G,4,0))","v":7898.75},{"$f":"IF(C2434=0,\"\",VLOOKUP(C2434,BNCDADOS!$A:$G,5,0))","v":9769.9599999999991},48849.8,{"$f":"IF(C2434=0,\"\",VLOOKUP(C2434,BNCDADOS!$A:$G,6,0))","v":7726.3799999999992},{"$f":"IF(C2434=0,\"\",VLOOKUP(C2434,BNCDADOS!$A:$G,7,0))","v":10041.200000000001},50206,{"$f":"SUMIF('MC - TRECHO 07'!A:A,Orçamento!A2434,'MC - TRECHO 07'!R:R)","v":5}]
["8.2.4.6",{"$f":"IF(C2435=0,\"\",VLOOKUP(C2435,BNCDADOS!$A:$H,8,0))","v":0},"COMP 17",{"$f":"IF(C2435=0,\"\",VLOOKUP(C2435,BNCDADOS!$A:$G,2,0))","v":"VIGA EM CONCRETO ARMADO, PARA ESTRUTURA PRÉ-FABRICADA (APOIO DO TRILHO), MEDINDO 40X40CM E COMPRIMENTO ÚTIL DE 18,5M"},{"$f":"IF(C2435=0,\"\",VLOOKUP(C2435,BNCDADOS!$A:$G,3,0))","v":"UN"},2,{"$f":"IF(C2435=0,\"\",VLOOKUP(C2435,BNCDADOS!$A:$G,4,0))","v":12280.729999999998},{"$f":"IF(C2435=0,\"\",VLOOKUP(C2435,BNCDADOS!$A:$G,5,0))","v":15190.03},30380.06,{"$f":"IF(C2435=0,\"\",VLOOKUP(C2435,BNCDADOS!$A:$G,6,0))","v":12015.609999999999},{"$f":"IF(C2435=0,\"\",VLOOKUP(C2435,BNCDADOS!$A:$G,7,0))","v":15615.48},31230.959999999999,{"$f":"SUMIF('MC - TRECHO 07'!A:A,Orçamento!A2435,'MC - TRECHO 07'!R:R)","v":2}]
["8.2.4.7",{"$f":"IF(C2436=0,\"\",VLOOKUP(C2436,BNCDADOS!$A:$H,8,0))","v":0},"COMP 18",{"$f":"IF(C2436=0,\"\",VLOOKUP(C2436,BNCDADOS!$A:$G,2,0))","v":"MONTAGEM DE ELEMENTOS PRÉ-MOLDADOS COM CAMINHÃO GUINDAUTO (MUNCK) ATÉ 10000 KG"},{"$f":"IF(C2436=0,\"\",VLOOKUP(C2436,BNCDADOS!$A:$G,3,0))","v":"UN"},5,{"$f":"IF(C2436=0,\"\",VLOOKUP(C2436,BNCDADOS!$A:$G,4,0))","v":745.35},{"$f":"IF(C2436=0,\"\",VLOOKUP(C2436,BNCDADOS!$A:$G,5,0))","v":921.92},4609.6000000000004,{"$f":"IF(C2436=0,\"\",VLOOKUP(C2436,BNCDADOS!$A:$G,6,0))","v":715.29},{"$f":"IF(C2436=0,\"\",VLOOKUP(C2436,BNCDADOS!$A:$G,7,0))","v":929.59},4647.95,{"$f":"SUMIF('MC - TRECHO 07'!A:A,Orçamento!A2436,'MC - TRECHO 07'!R:R)","v":5}]
["8.2.4.8",{"$f":"IF(C2437=0,\"\",VLOOKUP(C2437,BNCDADOS!$A:$H,8,0))","v":"SINAPI/RN\nSERVIÇO"},100952,{"$f":"IF(C2437=0,\"\",VLOOKUP(C2437,BNCDADOS!$A:$G,2,0))","v":"TRANSPORTE COM CAMINHÃO CARROCERIA COM GUINDAUTO (MUNCK),  MOMENTO MÁXIMO DE CARGA 11,7 TM, EM VIA URBANA PAVIMENTADA, DMT ATÉ 30KM (UNIDADE: TXKM). AF_07/2020"},{"$f":"IF(C2437=0,\"\",VLOOKUP(C2437,BNCDADOS!$A:$G,3,0))","v":"TXKM"},6528.09,{"$f":"IF(C2437=0,\"\",VLOOKUP(C2437,BNCDADOS!$A:$G,4,0))","v":"2,94"},{"$f":"IF(C2437=0,\"\",VLOOKUP(C2437,BNCDADOS!$A:$G,5,0))","v":3.63},23696.959999999999,{"$f":"IF(C2437=0,\"\",VLOOKUP(C2437,BNCDADOS!$A:$G,6,0))","v":"2,89"},{"$f":"IF(C2437=0,\"\",VLOOKUP(C2437,BNCDADOS!$A:$G,7,0))","v":3.75},24480.33,{"$f":"SUMIF('MC - TRECHO 07'!A:A,Orçamento!A2437,'MC - TRECHO 07'!R:R)","v":6528.0925080000015}]
["8.2.4.9",{"$f":"IF(C2438=0,\"\",VLOOKUP(C2438,BNCDADOS!$A:$H,8,0))","v":"SINAPI/RN\nSERVIÇO"},100953,{"$f":"IF(C2438=0,\"\",VLOOKUP(C2438,BNCDADOS!$A:$G,2,0))","v":"TRANSPORTE COM CAMINHÃO CARROCERIA COM GUINDAUTO (MUNCK),  MOMENTO MÁXIMO DE CARGA 11,7 TM, EM VIA URBANA PAVIMENTADA, ADICIONAL PARA DMT EXCEDENTE A 30 KM (UNIDADE: TXKM). AF_07/2020"},{"$f":"IF(C2438=0,\"\",VLOOKUP(C2438,BNCDADOS!$A:$G,3,0))","v":"TXKM"},17408.240000000002,{"$f":"IF(C2438=0,\"\",VLOOKUP(C2438,BNCDADOS!$A:$G,4,0))","v":"1,16"},{"$f":"IF(C2438=0,\"\",VLOOKUP(C2438,BNCDADOS!$A:$G,5,0))","v":1.43},24893.78,{"$f":"IF(C2438=0,\"\",VLOOKUP(C2438,BNCDADOS!$A:$G,6,0))","v":"1,15"},{"$f":"IF(C2438=0,\"\",VLOOKUP(C2438,BNCDADOS!$A:$G,7,0))","v":1.49},25938.27,{"$f":"SUMIF('MC - TRECHO 07'!A:A,Orçamento!A2438,'MC - TRECHO 07'!R:R)","v":17408.246688000003}]
["8.2.4.10",{"$f":"IF(C2439=0,\"\",VLOOKUP(C2439,BNCDADOS!$A:$H,8,0))","v":0},"COMP 19",{"$f":"IF(C2439=0,\"\",VLOOKUP(C2439,BNCDADOS!$A:$G,2,0))","v":"MONTAGEM DE ELEMENTOS PRÉ-MOLDADOS COM CAMINHÃO GUINDAUTO (MUNCK) ATÉ 10000 KG"},{"$f":"IF(C2439=0,\"\",VLOOKUP(C2439,BNCDADOS!$A:$G,3,0))","v":"UN"},31,{"$f":"IF(C2439=0,\"\",VLOOKUP(C2439,BNCDADOS!$A:$G,4,0))","v":745.35},{"$f":"IF(C2439=0,\"\",VLOOKUP(C2439,BNCDADOS!$A:$G,5,0))","v":921.92},28579.52,{"$f":"IF(C2439=0,\"\",VLOOKUP(C2439,BNCDADOS!$A:$G,6,0))","v":715.29},{"$f":"IF(C2439=0,\"\",VLOOKUP(C2439,BNCDADOS!$A:$G,7,0))","v":929.59},28817.29,{"$f":"SUMIF('MC - TRECHO 07'!A:A,Orçamento!A2439,'MC - TRECHO 07'!R:R)","v":31}]
["8.2.4.11",{"$f":"IF(C2440=0,\"\",VLOOKUP(C2440,BNCDADOS!$A:$H,8,0))","v":"SINAPI/RN\nSERVIÇO"},100341,{"$f":"IF(C2440=0,\"\",VLOOKUP(C2440,BNCDADOS!$A:$G,2,0))","v":"FABRICAÇÃO, MONTAGEM E DESMONTAGEM DE FÔRMA PARA CORTINA DE CONTENÇÃO, EM CHAPA DE MADEIRA COMPENSADA PLASTIFICADA, E = 18 MM, 10 UTILIZAÇÕES. AF_07/2019"},{"$f":"IF(C2440=0,\"\",VLOOKUP(C2440,BNCDADOS!$A:$G,3,0))","v":"M2"},380.36,{"$f":"IF(C2440=0,\"\",VLOOKUP(C2440,BNCDADOS!$A:$G,4,0))","v":"40,40"},{"$f":"IF(C2440=0,\"\",VLOOKUP(C2440,BNCDADOS!$A:$G,5,0))","v":49.97},19006.580000000002,{"$f":"IF(C2440=0,\"\",VLOOKUP(C2440,BNCDADOS!$A:$G,6,0))","v":"38,56"},{"$f":"IF(C2440=0,\"\",VLOOKUP(C2440,BNCDADOS!$A:$G,7,0))","v":50.11},19059.830000000002,{"$f":"SUMIF('MC - TRECHO 07'!A:A,Orçamento!A2440,'MC - TRECHO 07'!R:R)","v":380.36000000000007}]
["8.2.4.12",{"$f":"IF(C2441=0,\"\",VLOOKUP(C2441,BNCDADOS!$A:$H,8,0))","v":"SINAPI/RN\nSERVIÇO"},100344,{"$f":"IF(C2441=0,\"\",VLOOKUP(C2441,BNCDADOS!$A:$G,2,0))","v":"ARMAÇÃO DE CORTINA DE CONTENÇÃO EM CONCRETO ARMADO, COM AÇO CA-50 DE 10 MM - MONTAGEM. AF_07/2019"},{"$f":"IF(C2441=0,\"\",VLOOKUP(C2441,BNCDADOS!$A:$G,3,0))","v":"KG"},3106,{"$f":"IF(C2441=0,\"\",VLOOKUP(C2441,BNCDADOS!$A:$G,4,0))","v":"12,25"},{"$f":"IF(C2441=0,\"\",VLOOKUP(C2441,BNCDADOS!$A:$G,5,0))","v":15.15},47055.9,{"$f":"IF(C2441=0,\"\",VLOOKUP(C2441,BNCDADOS!$A:$G,6,0))","v":"12,01"},{"$f":"IF(C2441=0,\"\",VLOOKUP(C2441,BNCDADOS!$A:$G,7,0))","v":15.6},48453.599999999999,{"$f":"SUMIF('MC - TRECHO 07'!A:A,Orçamento!A2441,'MC - TRECHO 07'!R:R)","v":3106}]
["8.2.4.13",{"$f":"IF(C2442=0,\"\",VLOOKUP(C2442,BNCDADOS!$A:$H,8,0))","v":"SINAPI/RN\nSERVIÇO"},92433,{"$f":"IF(C2442=0,\"\",VLOOKUP(C2442,BNCDADOS!$A:$G,2,0))","v":"MONTAGEM E DESMONTAGEM DE FÔRMA DE PILARES RETANGULARES E ESTRUTURAS SIMILARES, PÉ-DIREITO DUPLO, EM CHAPA DE MADEIRA COMPENSADA PLASTIFICADA, 10 UTILIZAÇÕES. AF_09/2020"},{"$f":"IF(C2442=0,\"\",VLOOKUP(C2442,BNCDADOS!$A:$G,3,0))","v":"M2"},635.6,{"$f":"IF(C2442=0,\"\",VLOOKUP(C2442,BNCDADOS!$A:$G,4,0))","v":"74,35"},{"$f":"IF(C2442=0,\"\",VLOOKUP(C2442,BNCDADOS!$A:$G,5,0))","v":91.96},58449.77,{"$f":"IF(C2442=0,\"\",VLOOKUP(C2442,BNCDADOS!$A:$G,6,0))","v":"70,50"},{"$f":"IF(C2442=0,\"\",VLOOKUP(C2442,BNCDADOS!$A:$G,7,0))","v":91.62},58233.67,{"$f":"SUMIF('MC - TRECHO 07'!A:A,Orçamento!A2442,'MC - TRECHO 07'!R:R)","v":635.59999999999991}]
["8.2.4.14",{"$f":"IF(C2443=0,\"\",VLOOKUP(C2443,BNCDADOS!$A:$H,8,0))","v":"SINAPI/RN\nSERVIÇO"},92916,{"$f":"IF(C2443=0,\"\",VLOOKUP(C2443,BNCDADOS!$A:$G,2,0))","v":"ARMAÇÃO DE ESTRUTURAS DIVERSAS DE CONCRETO ARMADO, EXCETO VIGAS, PILARES, LAJES E FUNDAÇÕES, UTILIZANDO AÇO CA-50 DE 6,3 MM - MONTAGEM. AF_06/2022"},{"$f":"IF(C2443=0,\"\",VLOOKUP(C2443,BNCDADOS!$A:$G,3,0))","v":"KG"},791,{"$f":"IF(C2443=0,\"\",VLOOKUP(C2443,BNCDADOS!$A:$G,4,0))","v":"15,76"},{"$f":"IF(C2443=0,\"\",VLOOKUP(C2443,BNCDADOS!$A:$G,5,0))","v":19.489999999999998},15416.59,{"$f":"IF(C2443=0,\"\",VLOOKUP(C2443,BNCDADOS!$A:$G,6,0))","v":"15,19"},{"$f":"IF(C2443=0,\"\",VLOOKUP(C2443,BNCDADOS!$A:$G,7,0))","v":19.739999999999998},15614.34,{"$f":"SUMIF('MC - TRECHO 07'!A:A,Orçamento!A2443,'MC - TRECHO 07'!R:R)","v":791}]
["8.2.4.15",{"$f":"IF(C2444=0,\"\",VLOOKUP(C2444,BNCDADOS!$A:$H,8,0))","v":"SINAPI/RN\nSERVIÇO"},92917,{"$f":"IF(C2444=0,\"\",VLOOKUP(C2444,BNCDADOS!$A:$G,2,0))","v":"ARMAÇÃO DE ESTRUTURAS DIVERSAS DE CONCRETO ARMADO, EXCETO VIGAS, PILARES, LAJES E FUNDAÇÕES, UTILIZANDO AÇO CA-50 DE 8,0 MM - MONTAGEM. AF_06/2022"},{"$f":"IF(C2444=0,\"\",VLOOKUP(C2444,BNCDADOS!$A:$G,3,0))","v":"KG"},313,{"$f":"IF(C2444=0,\"\",VLOOKUP(C2444,BNCDADOS!$A:$G,4,0))","v":"14,39"},{"$f":"IF(C2444=0,\"\",VLOOKUP(C2444,BNCDADOS!$A:$G,5,0))","v":17.79},5568.27,{"$f":"IF(C2444=0,\"\",VLOOKUP(C2444,BNCDADOS!$A:$G,6,0))","v":"14,00"},{"$f":"IF(C2444=0,\"\",VLOOKUP(C2444,BNCDADOS!$A:$G,7,0))","v":18.190000000000001},5693.47,{"$f":"SUMIF('MC - TRECHO 07'!A:A,Orçamento!A2444,'MC - TRECHO 07'!R:R)","v":313}]
["8.2.4.16",{"$f":"IF(C2445=0,\"\",VLOOKUP(C2445,BNCDADOS!$A:$H,8,0))","v":"SINAPI/RN\nSERVIÇO"},92919,{"$f":"IF(C2445=0,\"\",VLOOKUP(C2445,BNCDADOS!$A:$G,2,0))","v":"ARMAÇÃO DE ESTRUTURAS DIVERSAS DE CONCRETO ARMADO, EXCETO VIGAS, PILARES, LAJES E FUNDAÇÕES, UTILIZANDO AÇO CA-50 DE 10,0 MM - MONTAGEM. AF_06/2022"},{"$f":"IF(C2445=0,\"\",VLOOKUP(C2445,BNCDADOS!$A:$G,3,0))","v":"KG"},{"$f":"TRUNC(M2445,2)","v":2013},{"$f":"IF(C2445=0,\"\",VLOOKUP(C2445,BNCDADOS!$A:$G,4,0))","v":"12,59"},{"$f":"IF(C2445=0,\"\",VLOOKUP(C2445,BNCDADOS!$A:$G,5,0))","v":15.57},{"$f":"IF(H2445=\"\",0,TRUNC(H2445*F2445,2))","v":31342.41},{"$f":"IF(C2445=0,\"\",VLOOKUP(C2445,BNCDADOS!$A:$G,6,0))","v":"12,31"},{"$f":"IF(C2445=0,\"\",VLOOKUP(C2445,BNCDADOS!$A:$G,7,0))","v":15.99},{"$f":"IF(K2445=\"\",0,TRUNC(K2445*F2445,2))","v":32187.87},{"$f":"SUMIF('MC - TRECHO 07'!A:A,Orçamento!A2445,'MC - TRECHO 07'!R:R)","v":2013}]
["8.2.4.17",{"$f":"IF(C2446=0,\"\",VLOOKUP(C2446,BNCDADOS!$A:$H,8,0))","v":"SINAPI/RN\nSERVIÇO"},92921,{"$f":"IF(C2446=0,\"\",VLOOKUP(C2446,BNCDADOS!$A:$G,2,0))","v":"ARMAÇÃO DE ESTRUTURAS DIVERSAS DE CONCRETO ARMADO, EXCETO VIGAS, PILARES, LAJES E FUNDAÇÕES, UTILIZANDO AÇO CA-50 DE 12,5 MM - MONTAGEM. AF_06/2022"},{"$f":"IF(C2446=0,\"\",VLOOKUP(C2446,BNCDADOS!$A:$G,3,0))","v":"KG"},2750,{"$f":"IF(C2446=0,\"\",VLOOKUP(C2446,BNCDADOS!$A:$G,4,0))","v":"10,41"},{"$f":"IF(C2446=0,\"\",VLOOKUP(C2446,BNCDADOS!$A:$G,5,0))","v":12.87},35392.5,{"$f":"IF(C2446=0,\"\",VLOOKUP(C2446,BNCDADOS!$A:$G,6,0))","v":"10,23"},{"$f":"IF(C2446=0,\"\",VLOOKUP(C2446,BNCDADOS!$A:$G,7,0))","v":13.29},36547.5,{"$f":"SUMIF('MC - TRECHO 07'!A:A,Orçamento!A2446,'MC - TRECHO 07'!R:R)","v":2750}]
["8.2.4.18",{"$f":"IF(C2447=0,\"\",VLOOKUP(C2447,BNCDADOS!$A:$H,8,0))","v":"SINAPI/RN\nSERVIÇO"},92922,{"$f":"IF(C2447=0,\"\",VLOOKUP(C2447,BNCDADOS!$A:$G,2,0))","v":"ARMAÇÃO DE ESTRUTURAS DIVERSAS DE CONCRETO ARMADO, EXCETO VIGAS, PILARES, LAJES E FUNDAÇÕES, UTILIZANDO AÇO CA-50 DE 16,0 MM - MONTAGEM. AF_06/2022"},{"$f":"IF(C2447=0,\"\",VLOOKUP(C2447,BNCDADOS!$A:$G,3,0))","v":"KG"},29463,{"$f":"IF(C2447=0,\"\",VLOOKUP(C2447,BNCDADOS!$A:$G,4,0))","v":"9,94"},{"$f":"IF(C2447=0,\"\",VLOOKUP(C2447,BNCDADOS!$A:$G,5,0))","v":12.29},362100.27,{"$f":"IF(C2447=0,\"\",VLOOKUP(C2447,BNCDADOS!$A:$G,6,0))","v":"9,82"},{"$f":"IF(C2447=0,\"\",VLOOKUP(C2447,BNCDADOS!$A:$G,7,0))","v":12.76},375947.88,{"$f":"SUMIF('MC - TRECHO 07'!A:A,Orçamento!A2447,'MC - TRECHO 07'!R:R)","v":29463}]
["8.2.4.19",{"$f":"IF(C2448=0,\"\",VLOOKUP(C2448,BNCDADOS!$A:$H,8,0))","v":"SINAPI/RN\nSERVIÇO"},92924,{"$f":"IF(C2448=0,\"\",VLOOKUP(C2448,BNCDADOS!$A:$G,2,0))","v":"ARMAÇÃO DE ESTRUTURAS DIVERSAS DE CONCRETO ARMADO, EXCETO VIGAS, PILARES, LAJES E FUNDAÇÕES, UTILIZANDO AÇO CA-50 DE 25,0 MM - MONTAGEM. AF_06/2022"},{"$f":"IF(C2448=0,\"\",VLOOKUP(C2448,BNCDADOS!$A:$G,3,0))","v":"KG"},2613,{"$f":"IF(C2448=0,\"\",VLOOKUP(C2448,BNCDADOS!$A:$G,4,0))","v":"10,97"},{"$f":"IF(C2448=0,\"\",VLOOKUP(C2448,BNCDADOS!$A:$G,5,0))","v":13.56},35432.28,{"$f":"IF(C2448=0,\"\",VLOOKUP(C2448,BNCDADOS!$A:$G,6,0))","v":"10,88"},{"$f":"IF(C2448=0,\"\",VLOOKUP(C2448,BNCDADOS!$A:$G,7,0))","v":14.13},36921.69,{"$f":"SUMIF('MC - TRECHO 07'!A:A,Orçamento!A2448,'MC - TRECHO 07'!R:R)","v":2613}]
["8.2.4.20",{"$f":"IF(C2449=0,\"\",VLOOKUP(C2449,BNCDADOS!$A:$H,8,0))","v":"SINAPI/RN\nSERVIÇO"},92771,{"$f":"IF(C2449=0,\"\",VLOOKUP(C2449,BNCDADOS!$A:$G,2,0))","v":"ARMAÇÃO DE LAJE DE ESTRUTURA CONVENCIONAL DE CONCRETO ARMADO UTILIZANDO AÇO CA-50 DE 10,0 MM - MONTAGEM. AF_06/2022"},{"$f":"IF(C2449=0,\"\",VLOOKUP(C2449,BNCDADOS!$A:$G,3,0))","v":"KG"},500,{"$f":"IF(C2449=0,\"\",VLOOKUP(C2449,BNCDADOS!$A:$G,4,0))","v":"11,15"},{"$f":"IF(C2449=0,\"\",VLOOKUP(C2449,BNCDADOS!$A:$G,5,0))","v":13.79},6895,{"$f":"IF(C2449=0,\"\",VLOOKUP(C2449,BNCDADOS!$A:$G,6,0))","v":"11,03"},{"$f":"IF(C2449=0,\"\",VLOOKUP(C2449,BNCDADOS!$A:$G,7,0))","v":14.33},7165,{"$f":"SUMIF('MC - TRECHO 07'!A:A,Orçamento!A2449,'MC - TRECHO 07'!R:R)","v":500}]
["8.2.4.21",{"$f":"IF(C2450=0,\"\",VLOOKUP(C2450,BNCDADOS!$A:$H,8,0))","v":"SINAPI/RN\nSERVIÇO"},92772,{"$f":"IF(C2450=0,\"\",VLOOKUP(C2450,BNCDADOS!$A:$G,2,0))","v":"ARMAÇÃO DE LAJE DE ESTRUTURA CONVENCIONAL DE CONCRETO ARMADO UTILIZANDO AÇO CA-50 DE 12,5 MM - MONTAGEM. AF_06/2022"},{"$f":"IF(C2450=0,\"\",VLOOKUP(C2450,BNCDADOS!$A:$G,3,0))","v":"KG"},1567,{"$f":"IF(C2450=0,\"\",VLOOKUP(C2450,BNCDADOS!$A:$G,4,0))","v":"9,37"},{"$f":"IF(C2450=0,\"\",VLOOKUP(C2450,BNCDADOS!$A:$G,5,0))","v":11.58},18145.86,{"$f":"IF(C2450=0,\"\",VLOOKUP(C2450,BNCDADOS!$A:$G,6,0))","v":"9,29"},{"$f":"IF(C2450=0,\"\",VLOOKUP(C2450,BNCDADOS!$A:$G,7,0))","v":12.07},18913.689999999999,{"$f":"SUMIF('MC - TRECHO 07'!A:A,Orçamento!A2450,'MC - TRECHO 07'!R:R)","v":1567}]
["8.2.4.22",{"$f":"IF(C2451=0,\"\",VLOOKUP(C2451,BNCDADOS!$A:$H,8,0))","v":"SINAPI/RN\nSERVIÇO"},92773,{"$f":"IF(C2451=0,\"\",VLOOKUP(C2451,BNCDADOS!$A:$G,2,0))","v":"ARMAÇÃO DE LAJE DE ESTRUTURA CONVENCIONAL DE CONCRETO ARMADO UTILIZANDO AÇO CA-50 DE 16,0 MM - MONTAGEM. AF_06/2022"},{"$f":"IF(C2451=0,\"\",VLOOKUP(C2451,BNCDADOS!$A:$G,3,0))","v":"KG"},1902,{"$f":"IF(C2451=0,\"\",VLOOKUP(C2451,BNCDADOS!$A:$G,4,0))","v":"9,19"},{"$f":"IF(C2451=0,\"\",VLOOKUP(C2451,BNCDADOS!$A:$G,5,0))","v":11.36},21606.720000000001,{"$f":"IF(C2451=0,\"\",VLOOKUP(C2451,BNCDADOS!$A:$G,6,0))","v":"9,14"},{"$f":"IF(C2451=0,\"\",VLOOKUP(C2451,BNCDADOS!$A:$G,7,0))","v":11.87},22576.74,{"$f":"SUMIF('MC - TRECHO 07'!A:A,Orçamento!A2451,'MC - TRECHO 07'!R:R)","v":1902}]
["8.2.4.23",{"$f":"IF(C2452=0,\"\",VLOOKUP(C2452,BNCDADOS!$A:$H,8,0))","v":0},"COMP 20",{"$f":"IF(C2452=0,\"\",VLOOKUP(C2452,BNCDADOS!$A:$G,2,0))","v":"CONCRETAGEM DE ESTRUTURAS, FCK = 40 MPA, COM USO DE BOMBA EM EDIFICAÇÕES DIVERSAS - LANÇAMENTO, ADENSAMENTO E ACABAMENTO"},{"$f":"IF(C2452=0,\"\",VLOOKUP(C2452,BNCDADOS!$A:$G,3,0))","v":"M3    "},318.98,{"$f":"IF(C2452=0,\"\",VLOOKUP(C2452,BNCDADOS!$A:$G,4,0))","v":852.28},{"$f":"IF(C2452=0,\"\",VLOOKUP(C2452,BNCDADOS!$A:$G,5,0))","v":1054.18},336262.33,{"$f":"IF(C2452=0,\"\",VLOOKUP(C2452,BNCDADOS!$A:$G,6,0))","v":837.56},{"$f":"IF(C2452=0,\"\",VLOOKUP(C2452,BNCDADOS!$A:$G,7,0))","v":1088.49},347206.54,{"$f":"SUMIF('MC - TRECHO 07'!A:A,Orçamento!A2452,'MC - TRECHO 07'!R:R)","v":318.98}]
["8.2.4.24",{"$f":"IF(C2453=0,\"\",VLOOKUP(C2453,BNCDADOS!$A:$H,8,0))","v":"SINAPI/RN\nSERVIÇO"},93205,{"$f":"IF(C2453=0,\"\",VLOOKUP(C2453,BNCDADOS!$A:$G,2,0))","v":"CINTA DE AMARRAÇÃO DE ALVENARIA MOLDADA IN LOCO COM UTILIZAÇÃO DE BLOCOS CANALETA, ESPESSURA DE *20* CM. AF_03/2024"},{"$f":"IF(C2453=0,\"\",VLOOKUP(C2453,BNCDADOS!$A:$G,3,0))","v":"M"},201.2,{"$f":"IF(C2453=0,\"\",VLOOKUP(C2453,BNCDADOS!$A:$G,4,0))","v":"59,88"},{"$f":"IF(C2453=0,\"\",VLOOKUP(C2453,BNCDADOS!$A:$G,5,0))","v":74.06},14900.87,{"$f":"IF(C2453=0,\"\",VLOOKUP(C2453,BNCDADOS!$A:$G,6,0))","v":"57,63"},{"$f":"IF(C2453=0,\"\",VLOOKUP(C2453,BNCDADOS!$A:$G,7,0))","v":74.89},15067.86,{"$f":"SUMIF('MC - TRECHO 07'!A:A,Orçamento!A2453,'MC - TRECHO 07'!R:R)","v":201.2}]
["8.2.5",{"$f":"IF(C2454=0,\"\",VLOOKUP(C2454,BNCDADOS!$A:$G,8,0))","v":""},null,"ALVENARIAS E REVESTIMENTOS",{"$f":"IF(C2454=0,\"\",VLOOKUP(C2454,BNCDADOS!$A:$G,3,0))","v":""},0,{"$f":"IF(C2454=0,\"\",VLOOKUP(C2454,BNCDADOS!$A:$G,4,0))","v":""},{"$f":"IF(C2454=0,\"\",VLOOKUP(C2454,BNCDADOS!$A:$G,5,0))","v":""},{"$f":"SUM(I2455:I2464)","v":240352.7},{"$f":"IF(C2454=0,\"\",VLOOKUP(C2454,BNCDADOS!$A:$G,6,0))","v":""},{"$f":"IF(C2454=0,\"\",VLOOKUP(C2454,BNCDADOS!$A:$G,7,0))","v":""},{"$f":"SUM(L2455:L2464)","v":239578.19},0]
["8.2.5.1",{"$f":"IF(C2455=0,\"\",VLOOKUP(C2455,BNCDADOS!$A:$H,8,0))","v":"SINAPI/RN\nSERVIÇO"},103338,{"$f":"IF(C2455=0,\"\",VLOOKUP(C2455,BNCDADOS!$A:$G,2,0))","v":"ALVENARIA DE VEDAÇÃO DE BLOCOS  VAZADOS DE CONCRETO APARENTE DE 14X19X39 CM (ESPESSURA 14 CM) E ARGAMASSA DE ASSENTAMENTO COM PREPARO EM BETONEIRA. AF_12/2021"},{"$f":"IF(C2455=0,\"\",VLOOKUP(C2455,BNCDADOS!$A:$G,3,0))","v":"M2"},706.46,{"$f":"IF(C2455=0,\"\",VLOOKUP(C2455,BNCDADOS!$A:$G,4,0))","v":"111,81"},{"$f":"IF(C2455=0,\"\",VLOOKUP(C2455,BNCDADOS!$A:$G,5,0))","v":138.29},{"$f":"IF(H2455=\"\",0,TRUNC(H2455*F2455,2))","v":97696.35},{"$f":"IF(C2455=0,\"\",VLOOKUP(C2455,BNCDADOS!$A:$G,6,0))","v":"106,87"},{"$f":"IF(C2455=0,\"\",VLOOKUP(C2455,BNCDADOS!$A:$G,7,0))","v":138.88},{"$f":"IF(K2455=\"\",0,TRUNC(K2455*F2455,2))","v":98113.16},{"$f":"SUMIF('MC - TRECHO 07'!A:A,Orçamento!A2455,'MC - TRECHO 07'!R:R)","v":706.46}]
["8.2.5.2",{"$f":"IF(C2456=0,\"\",VLOOKUP(C2456,BNCDADOS!$A:$H,8,0))","v":"SINAPI/RN\nSERVIÇO"},101161,{"$f":"IF(C2456=0,\"\",VLOOKUP(C2456,BNCDADOS!$A:$G,2,0))","v":"ALVENARIA DE VEDAÇÃO COM ELEMENTO VAZADO DE CONCRETO (COBOGÓ) DE 7X50X50CM E ARGAMASSA DE ASSENTAMENTO COM PREPARO EM BETONEIRA. AF_05/2020"},{"$f":"IF(C2456=0,\"\",VLOOKUP(C2456,BNCDADOS!$A:$G,3,0))","v":"M2"},10.199999999999999,{"$f":"IF(C2456=0,\"\",VLOOKUP(C2456,BNCDADOS!$A:$G,4,0))","v":"233,42"},{"$f":"IF(C2456=0,\"\",VLOOKUP(C2456,BNCDADOS!$A:$G,5,0))","v":288.70999999999998},2944.84,{"$f":"IF(C2456=0,\"\",VLOOKUP(C2456,BNCDADOS!$A:$G,6,0))","v":"225,72"},{"$f":"IF(C2456=0,\"\",VLOOKUP(C2456,BNCDADOS!$A:$G,7,0))","v":293.33999999999997},2992.06,{"$f":"SUMIF('MC - TRECHO 07'!A:A,Orçamento!A2456,'MC - TRECHO 07'!R:R)","v":10.199999999999999}]
["8.2.5.3",{"$f":"IF(C2457=0,\"\",VLOOKUP(C2457,BNCDADOS!$A:$H,8,0))","v":"SINAPI/RN\nSERVIÇO"},93189,{"$f":"IF(C2457=0,\"\",VLOOKUP(C2457,BNCDADOS!$A:$G,2,0))","v":"VERGA MOLDADA IN LOCO EM CONCRETO PARA PORTAS COM MAIS DE 1,5 M DE VÃO. AF_03/2016"},{"$f":"IF(C2457=0,\"\",VLOOKUP(C2457,BNCDADOS!$A:$G,3,0))","v":"M"},9,{"$f":"IF(C2457=0,\"\",VLOOKUP(C2457,BNCDADOS!$A:$G,4,0))","v":119.84},{"$f":"IF(C2457=0,\"\",VLOOKUP(C2457,BNCDADOS!$A:$G,5,0))","v":148.22999999999999},1334.07,{"$f":"IF(C2457=0,\"\",VLOOKUP(C2457,BNCDADOS!$A:$G,6,0))","v":117.08},{"$f":"IF(C2457=0,\"\",VLOOKUP(C2457,BNCDADOS!$A:$G,7,0))","v":152.15},1369.35,{"$f":"SUMIF('MC - TRECHO 07'!A:A,Orçamento!A2457,'MC - TRECHO 07'!R:R)","v":9}]
["8.2.5.4",{"$f":"IF(C2458=0,\"\",VLOOKUP(C2458,BNCDADOS!$A:$H,8,0))","v":"SINAPI/RN\nSERVIÇO"},93187,{"$f":"IF(C2458=0,\"\",VLOOKUP(C2458,BNCDADOS!$A:$G,2,0))","v":"VERGA MOLDADA IN LOCO EM CONCRETO, ESPESSURA DE *20* CM. AF_03/2024"},{"$f":"IF(C2458=0,\"\",VLOOKUP(C2458,BNCDADOS!$A:$G,3,0))","v":"M"},4.5999999999999996,{"$f":"IF(C2458=0,\"\",VLOOKUP(C2458,BNCDADOS!$A:$G,4,0))","v":"78,39"},{"$f":"IF(C2458=0,\"\",VLOOKUP(C2458,BNCDADOS!$A:$G,5,0))","v":96.96},446.01,{"$f":"IF(C2458=0,\"\",VLOOKUP(C2458,BNCDADOS!$A:$G,6,0))","v":"75,28"},{"$f":"IF(C2458=0,\"\",VLOOKUP(C2458,BNCDADOS!$A:$G,7,0))","v":97.83},450.01,{"$f":"SUMIF('MC - TRECHO 07'!A:A,Orçamento!A2458,'MC - TRECHO 07'!R:R)","v":4.5999999999999996}]
["8.2.5.5",{"$f":"IF(C2459=0,\"\",VLOOKUP(C2459,BNCDADOS!$A:$H,8,0))","v":"SINAPI/RN\nSERVIÇO"},93197,{"$f":"IF(C2459=0,\"\",VLOOKUP(C2459,BNCDADOS!$A:$G,2,0))","v":"CONTRAVERGA MOLDADA IN LOCO EM CONCRETO, ESPESSURA DE *20* CM. AF_03/2024"},{"$f":"IF(C2459=0,\"\",VLOOKUP(C2459,BNCDADOS!$A:$G,3,0))","v":"M"},4.5999999999999996,{"$f":"IF(C2459=0,\"\",VLOOKUP(C2459,BNCDADOS!$A:$G,4,0))","v":"57,72"},{"$f":"IF(C2459=0,\"\",VLOOKUP(C2459,BNCDADOS!$A:$G,5,0))","v":71.39},328.39,{"$f":"IF(C2459=0,\"\",VLOOKUP(C2459,BNCDADOS!$A:$G,6,0))","v":"55,77"},{"$f":"IF(C2459=0,\"\",VLOOKUP(C2459,BNCDADOS!$A:$G,7,0))","v":72.47},333.36,{"$f":"SUMIF('MC - TRECHO 07'!A:A,Orçamento!A2459,'MC - TRECHO 07'!R:R)","v":4.5999999999999996}]
["8.2.5.6",{"$f":"IF(C2460=0,\"\",VLOOKUP(C2460,BNCDADOS!$A:$H,8,0))","v":"SINAPI/RN\nSERVIÇO"},87879,{"$f":"IF(C2460=0,\"\",VLOOKUP(C2460,BNCDADOS!$A:$G,2,0))","v":"CHAPISCO APLICADO EM ALVENARIAS E ESTRUTURAS DE CONCRETO INTERNAS, COM COLHER DE PEDREIRO.  ARGAMASSA TRAÇO 1:3 COM PREPARO EM BETONEIRA 400L. AF_10/2022"},{"$f":"IF(C2460=0,\"\",VLOOKUP(C2460,BNCDADOS!$A:$G,3,0))","v":"M2"},1412.92,{"$f":"IF(C2460=0,\"\",VLOOKUP(C2460,BNCDADOS!$A:$G,4,0))","v":"4,06"},{"$f":"IF(C2460=0,\"\",VLOOKUP(C2460,BNCDADOS!$A:$G,5,0))","v":5.0199999999999996},7092.85,{"$f":"IF(C2460=0,\"\",VLOOKUP(C2460,BNCDADOS!$A:$G,6,0))","v":"3,78"},{"$f":"IF(C2460=0,\"\",VLOOKUP(C2460,BNCDADOS!$A:$G,7,0))","v":4.91},6937.43,{"$f":"SUMIF('MC - TRECHO 07'!A:A,Orçamento!A2460,'MC - TRECHO 07'!R:R)","v":1412.92}]
["8.2.5.7",{"$f":"IF(C2461=0,\"\",VLOOKUP(C2461,BNCDADOS!$A:$H,8,0))","v":"SINAPI/RN\nSERVIÇO"},89173,{"$f":"IF(C2461=0,\"\",VLOOKUP(C2461,BNCDADOS!$A:$G,2,0))","v":"(COMPOSIÇÃO REPRESENTATIVA) DO SERVIÇO DE EMBOÇO/MASSA ÚNICA, APLICADO MANUALMENTE, TRAÇO 1:2:8, EM BETONEIRA DE 400L, PAREDES INTERNAS, COM EXECUÇÃO DE TALISCAS, EDIFICAÇÃO HABITACIONAL UNIFAMILIAR (CASAS) E EDIFICAÇÃO PÚBLICA PADRÃO. AF_12/2014"},{"$f":"IF(C2461=0,\"\",VLOOKUP(C2461,BNCDADOS!$A:$G,3,0))","v":"m²"},2825.84,{"$f":"IF(C2461=0,\"\",VLOOKUP(C2461,BNCDADOS!$A:$G,4,0))","v":32},{"$f":"IF(C2461=0,\"\",VLOOKUP(C2461,BNCDADOS!$A:$G,5,0))","v":39.58},111846.74,{"$f":"IF(C2461=0,\"\",VLOOKUP(C2461,BNCDADOS!$A:$G,6,0))","v":29.96},{"$f":"IF(C2461=0,\"\",VLOOKUP(C2461,BNCDADOS!$A:$G,7,0))","v":38.93},110009.95,{"$f":"SUMIF('MC - TRECHO 07'!A:A,Orçamento!A2461,'MC - TRECHO 07'!R:R)","v":2825.84}]
["8.2.5.8",{"$f":"IF(C2462=0,\"\",VLOOKUP(C2462,BNCDADOS!$A:$H,8,0))","v":"SINAPI/RN\nSERVIÇO"},89045,{"$f":"IF(C2462=0,\"\",VLOOKUP(C2462,BNCDADOS!$A:$G,2,0))","v":"(COMPOSIÇÃO REPRESENTATIVA) DO SERVIÇO DE REVESTIMENTO CERÂMICO PARA AMBIENTES DE ÁREAS MOLHADAS, MEIA PAREDE OU PAREDE INTEIRA, COM PLACAS TIPO ESMALTADA EXTRA, DIMENSÕES 20X20 CM, PARA EDIFICAÇÃO HABITACIONAL MULTIFAMILIAR (PRÉDIO). AF_11/2014"},{"$f":"IF(C2462=0,\"\",VLOOKUP(C2462,BNCDADOS!$A:$G,3,0))","v":"M²"},25.8,{"$f":"IF(C2462=0,\"\",VLOOKUP(C2462,BNCDADOS!$A:$G,4,0))","v":67.73},{"$f":"IF(C2462=0,\"\",VLOOKUP(C2462,BNCDADOS!$A:$G,5,0))","v":83.77},2161.2600000000002,{"$f":"IF(C2462=0,\"\",VLOOKUP(C2462,BNCDADOS!$A:$G,6,0))","v":65.709999999999994},{"$f":"IF(C2462=0,\"\",VLOOKUP(C2462,BNCDADOS!$A:$G,7,0))","v":85.39},2203.06,{"$f":"SUMIF('MC - TRECHO 07'!A:A,Orçamento!A2462,'MC - TRECHO 07'!R:R)","v":25.799999999999997}]
["8.2.5.9",{"$f":"IF(C2463=0,\"\",VLOOKUP(C2463,BNCDADOS!$A:$H,8,0))","v":"SINAPI/RN\nSERVIÇO"},87249,{"$f":"IF(C2463=0,\"\",VLOOKUP(C2463,BNCDADOS!$A:$G,2,0))","v":"REVESTIMENTO CERÂMICO PARA PISO COM PLACAS TIPO ESMALTADA DE DIMENSÕES 45X45 CM APLICADA EM AMBIENTES DE ÁREA MENOR QUE 5 M2. AF_02/2023_PE"},{"$f":"IF(C2463=0,\"\",VLOOKUP(C2463,BNCDADOS!$A:$G,3,0))","v":"M2"},4.5,{"$f":"IF(C2463=0,\"\",VLOOKUP(C2463,BNCDADOS!$A:$G,4,0))","v":"67,37"},{"$f":"IF(C2463=0,\"\",VLOOKUP(C2463,BNCDADOS!$A:$G,5,0))","v":83.32},374.94,{"$f":"IF(C2463=0,\"\",VLOOKUP(C2463,BNCDADOS!$A:$G,6,0))","v":"64,78"},{"$f":"IF(C2463=0,\"\",VLOOKUP(C2463,BNCDADOS!$A:$G,7,0))","v":84.18},378.81,{"$f":"SUMIF('MC - TRECHO 07'!A:A,Orçamento!A2463,'MC - TRECHO 07'!R:R)","v":4.5}]
["8.2.5.10",{"$f":"IF(C2464=0,\"\",VLOOKUP(C2464,BNCDADOS!$A:$H,8,0))","v":"SINAPI/RN\nSERVIÇO"},98553,{"$f":"IF(C2464=0,\"\",VLOOKUP(C2464,BNCDADOS!$A:$G,2,0))","v":"IMPERMEABILIZAÇÃO DE SUPERFÍCIE COM MEMBRANA À BASE DE POLIURETANO, 2 DEMÃOS. AF_09/2023"},{"$f":"IF(C2464=0,\"\",VLOOKUP(C2464,BNCDADOS!$A:$G,3,0))","v":"M2"},75,{"$f":"IF(C2464=0,\"\",VLOOKUP(C2464,BNCDADOS!$A:$G,4,0))","v":"173,85"},{"$f":"IF(C2464=0,\"\",VLOOKUP(C2464,BNCDADOS!$A:$G,5,0))","v":215.03},16127.25,{"$f":"IF(C2464=0,\"\",VLOOKUP(C2464,BNCDADOS!$A:$G,6,0))","v":"172,27"},{"$f":"IF(C2464=0,\"\",VLOOKUP(C2464,BNCDADOS!$A:$G,7,0))","v":223.88},16791,{"$f":"SUMIF('MC - TRECHO 07'!A:A,Orçamento!A2464,'MC - TRECHO 07'!R:R)","v":75}]
["8.2.6",{"$f":"IF(C2465=0,\"\",VLOOKUP(C2465,BNCDADOS!$A:$G,8,0))","v":""},null,"COBERTURA",{"$f":"IF(C2465=0,\"\",VLOOKUP(C2465,BNCDADOS!$A:$G,3,0))","v":""},0,{"$f":"IF(C2465=0,\"\",VLOOKUP(C2465,BNCDADOS!$A:$G,4,0))","v":""},{"$f":"IF(C2465=0,\"\",VLOOKUP(C2465,BNCDADOS!$A:$G,5,0))","v":""},{"$f":"SUM(I2466:I2467)","v":75892.540000000008},{"$f":"IF(C2465=0,\"\",VLOOKUP(C2465,BNCDADOS!$A:$G,6,0))","v":""},{"$f":"IF(C2465=0,\"\",VLOOKUP(C2465,BNCDADOS!$A:$G,7,0))","v":""},{"$f":"SUM(L2466:L2467)","v":79236.58},0]
["8.2.6.1",{"$f":"IF(C2466=0,\"\",VLOOKUP(C2466,BNCDADOS!$A:$H,8,0))","v":"SINAPI/RN\nSERVIÇO"},92544,{"$f":"IF(C2466=0,\"\",VLOOKUP(C2466,BNCDADOS!$A:$G,2,0))","v":"TRAMA DE MADEIRA COMPOSTA POR TERÇAS PARA TELHADOS DE ATÉ 2 ÁGUAS PARA TELHA ESTRUTURAL DE FIBROCIMENTO, INCLUSO TRANSPORTE VERTICAL. AF_07/2019"},{"$f":"IF(C2466=0,\"\",VLOOKUP(C2466,BNCDADOS!$A:$G,3,0))","v":"M2"},353.12,{"$f":"IF(C2466=0,\"\",VLOOKUP(C2466,BNCDADOS!$A:$G,4,0))","v":"20,78"},{"$f":"IF(C2466=0,\"\",VLOOKUP(C2466,BNCDADOS!$A:$G,5,0))","v":25.7},{"$f":"IF(H2466=\"\",0,TRUNC(H2466*F2466,2))","v":9075.18},{"$f":"IF(C2466=0,\"\",VLOOKUP(C2466,BNCDADOS!$A:$G,6,0))","v":"20,39"},{"$f":"IF(C2466=0,\"\",VLOOKUP(C2466,BNCDADOS!$A:$G,7,0))","v":26.49},{"$f":"IF(K2466=\"\",0,TRUNC(K2466*F2466,2))","v":9354.14},{"$f":"SUMIF('MC - TRECHO 07'!A:A,Orçamento!A2466,'MC - TRECHO 07'!R:R)","v":353.1275}]
["8.2.6.2",{"$f":"IF(C2467=0,\"\",VLOOKUP(C2467,BNCDADOS!$A:$H,8,0))","v":"SINAPI/RN\nSERVIÇO"},94218,{"$f":"IF(C2467=0,\"\",VLOOKUP(C2467,BNCDADOS!$A:$G,2,0))","v":"TELHAMENTO COM TELHA ESTRUTURAL DE FIBROCIMENTO E= 8 MM, COM ATÉ 2 ÁGUAS, INCLUSO IÇAMENTO. AF_07/2019_PS"},{"$f":"IF(C2467=0,\"\",VLOOKUP(C2467,BNCDADOS!$A:$G,3,0))","v":"M2"},353.12,{"$f":"IF(C2467=0,\"\",VLOOKUP(C2467,BNCDADOS!$A:$G,4,0))","v":"152,98"},{"$f":"IF(C2467=0,\"\",VLOOKUP(C2467,BNCDADOS!$A:$G,5,0))","v":189.22},{"$f":"IF(H2467=\"\",0,TRUNC(H2467*F2467,2))","v":66817.36},{"$f":"IF(C2467=0,\"\",VLOOKUP(C2467,BNCDADOS!$A:$G,6,0))","v":"152,28"},{"$f":"IF(C2467=0,\"\",VLOOKUP(C2467,BNCDADOS!$A:$G,7,0))","v":197.9},{"$f":"IF(K2467=\"\",0,TRUNC(K2467*F2467,2))","v":69882.44},{"$f":"SUMIF('MC - TRECHO 07'!A:A,Orçamento!A2467,'MC - TRECHO 07'!R:R)","v":353.1275}]
["8.2.7",{"$f":"IF(C2468=0,\"\",VLOOKUP(C2468,BNCDADOS!$A:$G,8,0))","v":""},null,"ESQUADRIAS",{"$f":"IF(C2468=0,\"\",VLOOKUP(C2468,BNCDADOS!$A:$G,3,0))","v":""},0,{"$f":"IF(C2468=0,\"\",VLOOKUP(C2468,BNCDADOS!$A:$G,4,0))","v":""},{"$f":"IF(C2468=0,\"\",VLOOKUP(C2468,BNCDADOS!$A:$G,5,0))","v":""},{"$f":"SUM(I2469:I2471)","v":17573.09},{"$f":"IF(C2468=0,\"\",VLOOKUP(C2468,BNCDADOS!$A:$G,6,0))","v":""},{"$f":"IF(C2468=0,\"\",VLOOKUP(C2468,BNCDADOS!$A:$G,7,0))","v":""},{"$f":"SUM(L2469:L2471)","v":18340.73},0]
["8.2.7.1",{"$f":"IF(C2469=0,\"\",VLOOKUP(C2469,BNCDADOS!$A:$H,8,0))","v":0},"COMP 21",{"$f":"IF(C2469=0,\"\",VLOOKUP(C2469,BNCDADOS!$A:$G,2,0))","v":"PORTAO DE CORRER EM GRADIL FIXO DE BARRA DE FERRO CHATA DE 3 X 1/4\" NA VERTICAL, SEM REQUADRO, ACABAMENTO NATURAL, COM TRILHOS E ROLDANAS                                                                                                                                                                                                                                                                                                                                                                 "},{"$f":"IF(C2469=0,\"\",VLOOKUP(C2469,BNCDADOS!$A:$G,3,0))","v":"M2"},9.1,{"$f":"IF(C2469=0,\"\",VLOOKUP(C2469,BNCDADOS!$A:$G,4,0))","v":703.96},{"$f":"IF(C2469=0,\"\",VLOOKUP(C2469,BNCDADOS!$A:$G,5,0))","v":870.72},{"$f":"IF(H2469=\"\",0,TRUNC(H2469*F2469,2))","v":7923.55},{"$f":"IF(C2469=0,\"\",VLOOKUP(C2469,BNCDADOS!$A:$G,6,0))","v":696.5},{"$f":"IF(C2469=0,\"\",VLOOKUP(C2469,BNCDADOS!$A:$G,7,0))","v":905.17},{"$f":"IF(K2469=\"\",0,TRUNC(K2469*F2469,2))","v":8237.0400000000009},{"$f":"SUMIF('MC - TRECHO 07'!A:A,Orçamento!A2469,'MC - TRECHO 07'!R:R)","v":9.1}]
["8.2.7.2",{"$f":"IF(C2470=0,\"\",VLOOKUP(C2470,BNCDADOS!$A:$H,8,0))","v":"SINAPI/RN\nSERVIÇO"},100701,{"$f":"IF(C2470=0,\"\",VLOOKUP(C2470,BNCDADOS!$A:$G,2,0))","v":"PORTA DE FERRO, DE ABRIR, TIPO GRADE COM CHAPA, COM GUARNIÇÕES. AF_12/2019"},{"$f":"IF(C2470=0,\"\",VLOOKUP(C2470,BNCDADOS!$A:$G,3,0))","v":"M2"},13.67,{"$f":"IF(C2470=0,\"\",VLOOKUP(C2470,BNCDADOS!$A:$G,4,0))","v":"561,07"},{"$f":"IF(C2470=0,\"\",VLOOKUP(C2470,BNCDADOS!$A:$G,5,0))","v":693.98},{"$f":"IF(H2470=\"\",0,TRUNC(H2470*F2470,2))","v":9486.7000000000007},{"$f":"IF(C2470=0,\"\",VLOOKUP(C2470,BNCDADOS!$A:$G,6,0))","v":"559,17"},{"$f":"IF(C2470=0,\"\",VLOOKUP(C2470,BNCDADOS!$A:$G,7,0))","v":726.69},{"$f":"IF(K2470=\"\",0,TRUNC(K2470*F2470,2))","v":9933.85},{"$f":"SUMIF('MC - TRECHO 07'!A:A,Orçamento!A2470,'MC - TRECHO 07'!R:R)","v":13.67}]
["8.2.7.3",{"$f":"IF(C2471=0,\"\",VLOOKUP(C2471,BNCDADOS!$A:$H,8,0))","v":"SINAPI/RN\nSERVIÇO"},94570,{"$f":"IF(C2471=0,\"\",VLOOKUP(C2471,BNCDADOS!$A:$G,2,0))","v":"JANELA DE ALUMÍNIO DE CORRER COM 2 FOLHAS PARA VIDROS, COM VIDROS, BATENTE, ACABAMENTO COM ACETATO OU BRILHANTE E FERRAGENS. EXCLUSIVE ALIZAR E CONTRAMARCO. FORNECIMENTO E INSTALAÇÃO. AF_12/2019"},{"$f":"IF(C2471=0,\"\",VLOOKUP(C2471,BNCDADOS!$A:$G,3,0))","v":"M2"},0.5,{"$f":"IF(C2471=0,\"\",VLOOKUP(C2471,BNCDADOS!$A:$G,4,0))","v":"263,31"},{"$f":"IF(C2471=0,\"\",VLOOKUP(C2471,BNCDADOS!$A:$G,5,0))","v":325.68},{"$f":"IF(H2471=\"\",0,TRUNC(H2471*F2471,2))","v":162.84},{"$f":"IF(C2471=0,\"\",VLOOKUP(C2471,BNCDADOS!$A:$G,6,0))","v":"261,38"},{"$f":"IF(C2471=0,\"\",VLOOKUP(C2471,BNCDADOS!$A:$G,7,0))","v":339.68},{"$f":"IF(K2471=\"\",0,TRUNC(K2471*F2471,2))","v":169.84},{"$f":"SUMIF('MC - TRECHO 07'!A:A,Orçamento!A2471,'MC - TRECHO 07'!R:R)","v":0.5}]
["8.2.8",{"$f":"IF(C2472=0,\"\",VLOOKUP(C2472,BNCDADOS!$A:$G,8,0))","v":""},null,"DRENAGEM",{"$f":"IF(C2472=0,\"\",VLOOKUP(C2472,BNCDADOS!$A:$G,3,0))","v":""},0,{"$f":"IF(C2472=0,\"\",VLOOKUP(C2472,BNCDADOS!$A:$G,4,0))","v":""},{"$f":"IF(C2472=0,\"\",VLOOKUP(C2472,BNCDADOS!$A:$G,5,0))","v":""},{"$f":"SUM(I2473:I2476)","v":109553.55},{"$f":"IF(C2472=0,\"\",VLOOKUP(C2472,BNCDADOS!$A:$G,6,0))","v":""},{"$f":"IF(C2472=0,\"\",VLOOKUP(C2472,BNCDADOS!$A:$G,7,0))","v":""},{"$f":"SUM(L2473:L2476)","v":114194.1},0]
["8.2.8.1",{"$f":"IF(C2473=0,\"\",VLOOKUP(C2473,BNCDADOS!$A:$H,8,0))","v":"caern"},2060193,{"$f":"IF(C2473=0,\"\",VLOOKUP(C2473,BNCDADOS!$A:$G,2,0))","v":"CAIXA ENTERRADA RETANGULAR EM ALVENARIA COM TIJOLOS CERÂMICOS MACIÇOS (ESPESSURA 20CM), DIMENSÕES INTERNAS: 0,8X0,8X1,5 M, INCLUSIVE ESCORAMENTO, ESCAVAÇÃO, REATERRO APILOADO, BOTA-FORA DE MATERIAL E TAMPA DE 10CM. R_11/2018"},{"$f":"IF(C2473=0,\"\",VLOOKUP(C2473,BNCDADOS!$A:$G,3,0))","v":"UN "},5,{"$f":"IF(C2473=0,\"\",VLOOKUP(C2473,BNCDADOS!$A:$G,4,0))","v":1820.24},{"$f":"IF(C2473=0,\"\",VLOOKUP(C2473,BNCDADOS!$A:$G,5,0))","v":2251.4499999999998},{"$f":"IF(H2473=\"\",0,TRUNC(H2473*F2473,2))","v":11257.25},{"$f":"IF(C2473=0,\"\",VLOOKUP(C2473,BNCDADOS!$A:$G,6,0))","v":1734.86},{"$f":"IF(C2473=0,\"\",VLOOKUP(C2473,BNCDADOS!$A:$G,7,0))","v":2254.62},{"$f":"IF(K2473=\"\",0,TRUNC(K2473*F2473,2))","v":11273.1},{"$f":"SUMIF('MC - TRECHO 07'!A:A,Orçamento!A2473,'MC - TRECHO 07'!R:R)","v":5}]
["8.2.8.2",{"$f":"IF(C2474=0,\"\",VLOOKUP(C2474,BNCDADOS!$A:$H,8,0))","v":"SINAPI/RN\nSERVIÇO"},94871,{"$f":"IF(C2474=0,\"\",VLOOKUP(C2474,BNCDADOS!$A:$G,2,0))","v":"TUBO DE PEAD CORRUGADO DE DUPLA PAREDE PARA REDE COLETORA DE ESGOTO, DN 300 MM, JUNTA ELÁSTICA INTEGRADA - FORNECIMENTO E ASSENTAMENTO. AF_01/2021"},{"$f":"IF(C2474=0,\"\",VLOOKUP(C2474,BNCDADOS!$A:$G,3,0))","v":"M"},{"$f":"TRUNC(M2474,2)","v":79.400000000000006},{"$f":"IF(C2474=0,\"\",VLOOKUP(C2474,BNCDADOS!$A:$G,4,0))","v":"452,78"},{"$f":"IF(C2474=0,\"\",VLOOKUP(C2474,BNCDADOS!$A:$G,5,0))","v":560.04},{"$f":"IF(H2474=\"\",0,TRUNC(H2474*F2474,2))","v":44467.17},{"$f":"IF(C2474=0,\"\",VLOOKUP(C2474,BNCDADOS!$A:$G,6,0))","v":"452,63"},{"$f":"IF(C2474=0,\"\",VLOOKUP(C2474,BNCDADOS!$A:$G,7,0))","v":588.23},{"$f":"IF(K2474=\"\",0,TRUNC(K2474*F2474,2))","v":46705.46},{"$f":"SUMIF('MC - TRECHO 07'!A:A,Orçamento!A2474,'MC - TRECHO 07'!R:R)","v":79.400000000000006}]
["8.2.8.3",{"$f":"IF(C2475=0,\"\",VLOOKUP(C2475,BNCDADOS!$A:$H,8,0))","v":"SINAPI/RN\nSERVIÇO"},96624,{"$f":"IF(C2475=0,\"\",VLOOKUP(C2475,BNCDADOS!$A:$G,2,0))","v":"LASTRO COM MATERIAL GRANULAR (PEDRA BRITADA N.2), APLICADO EM PISOS OU LAJES SOBRE SOLO, ESPESSURA DE *10 CM*. AF_01/2024"},{"$f":"IF(C2475=0,\"\",VLOOKUP(C2475,BNCDADOS!$A:$G,3,0))","v":"M3"},21.71,{"$f":"IF(C2475=0,\"\",VLOOKUP(C2475,BNCDADOS!$A:$G,4,0))","v":"262,29"},{"$f":"IF(C2475=0,\"\",VLOOKUP(C2475,BNCDADOS!$A:$G,5,0))","v":324.42},{"$f":"IF(H2475=\"\",0,TRUNC(H2475*F2475,2))","v":7043.15},{"$f":"IF(C2475=0,\"\",VLOOKUP(C2475,BNCDADOS!$A:$G,6,0))","v":"256,74"},{"$f":"IF(C2475=0,\"\",VLOOKUP(C2475,BNCDADOS!$A:$G,7,0))","v":333.65},{"$f":"IF(K2475=\"\",0,TRUNC(K2475*F2475,2))","v":7243.54},{"$f":"SUMIF('MC - TRECHO 07'!A:A,Orçamento!A2475,'MC - TRECHO 07'!R:R)","v":21.715}]
["8.2.8.4",{"$f":"IF(C2476=0,\"\",VLOOKUP(C2476,BNCDADOS!$A:$H,8,0))","v":"caern"},2120098,{"$f":"IF(C2476=0,\"\",VLOOKUP(C2476,BNCDADOS!$A:$G,2,0))","v":"GRADE EM BARRA DE FERRO DE 1.1/2\" X 1/2\" PARA CAIXA DE AREIA INCLUSIVE FIXAÇÃO, ESPAÇAMENTO DE 2,50CM. INC_11/2018"},{"$f":"IF(C2476=0,\"\",VLOOKUP(C2476,BNCDADOS!$A:$G,3,0))","v":"M²"},31.95,{"$f":"IF(C2476=0,\"\",VLOOKUP(C2476,BNCDADOS!$A:$G,4,0))","v":1183.8900000000001},{"$f":"IF(C2476=0,\"\",VLOOKUP(C2476,BNCDADOS!$A:$G,5,0))","v":1464.35},{"$f":"IF(H2476=\"\",0,TRUNC(H2476*F2476,2))","v":46785.98},{"$f":"IF(C2476=0,\"\",VLOOKUP(C2476,BNCDADOS!$A:$G,6,0))","v":1179.42},{"$f":"IF(C2476=0,\"\",VLOOKUP(C2476,BNCDADOS!$A:$G,7,0))","v":1532.77},{"$f":"IF(K2476=\"\",0,TRUNC(K2476*F2476,2))","v":48972},{"$f":"SUMIF('MC - TRECHO 07'!A:A,Orçamento!A2476,'MC - TRECHO 07'!R:R)","v":31.95}]
["8.2.9",{"$f":"IF(C2477=0,\"\",VLOOKUP(C2477,BNCDADOS!$A:$G,8,0))","v":""},null,"PAVIMENTAÇÃO",{"$f":"IF(C2477=0,\"\",VLOOKUP(C2477,BNCDADOS!$A:$G,3,0))","v":""},0,{"$f":"IF(C2477=0,\"\",VLOOKUP(C2477,BNCDADOS!$A:$G,4,0))","v":""},{"$f":"IF(C2477=0,\"\",VLOOKUP(C2477,BNCDADOS!$A:$G,5,0))","v":""},{"$f":"SUM(I2478:I2481)","v":177744.39},{"$f":"IF(C2477=0,\"\",VLOOKUP(C2477,BNCDADOS!$A:$G,6,0))","v":""},{"$f":"IF(C2477=0,\"\",VLOOKUP(C2477,BNCDADOS!$A:$G,7,0))","v":""},{"$f":"SUM(L2478:L2481)","v":181931.33},0]
["8.2.9.1",{"$f":"IF(C2478=0,\"\",VLOOKUP(C2478,BNCDADOS!$A:$H,8,0))","v":"SINAPI/RN\nSERVIÇO"},94275,{"$f":"IF(C2478=0,\"\",VLOOKUP(C2478,BNCDADOS!$A:$G,2,0))","v":"ASSENTAMENTO DE GUIA (MEIO-FIO) EM TRECHO RETO, CONFECCIONADA EM CONCRETO PRÉ-FABRICADO, DIMENSÕES 100X15X13X20 CM (COMPRIMENTO X BASE INFERIOR X BASE SUPERIOR X ALTURA). AF_01/2024"},{"$f":"IF(C2478=0,\"\",VLOOKUP(C2478,BNCDADOS!$A:$G,3,0))","v":"M"},228.2,{"$f":"IF(C2478=0,\"\",VLOOKUP(C2478,BNCDADOS!$A:$G,4,0))","v":"40,32"},{"$f":"IF(C2478=0,\"\",VLOOKUP(C2478,BNCDADOS!$A:$G,5,0))","v":49.87},{"$f":"IF(H2478=\"\",0,TRUNC(H2478*F2478,2))","v":11380.33},{"$f":"IF(C2478=0,\"\",VLOOKUP(C2478,BNCDADOS!$A:$G,6,0))","v":"39,29"},{"$f":"IF(C2478=0,\"\",VLOOKUP(C2478,BNCDADOS!$A:$G,7,0))","v":51.06},{"$f":"IF(K2478=\"\",0,TRUNC(K2478*F2478,2))","v":11651.89},{"$f":"SUMIF('MC - TRECHO 07'!A:A,Orçamento!A2478,'MC - TRECHO 07'!R:R)","v":228.2}]
["8.2.9.2",{"$f":"IF(C2479=0,\"\",VLOOKUP(C2479,BNCDADOS!$A:$H,8,0))","v":"SINAPI/RN\nSERVIÇO"},92400,{"$f":"IF(C2479=0,\"\",VLOOKUP(C2479,BNCDADOS!$A:$G,2,0))","v":"EXECUÇÃO DE PAVIMENTO EM PISO INTERTRAVADO, COM BLOCO RETANGULAR DE 20 X 10 CM, ESPESSURA 10 CM. AF_10/2022"},{"$f":"IF(C2479=0,\"\",VLOOKUP(C2479,BNCDADOS!$A:$G,3,0))","v":"M2"},643,{"$f":"IF(C2479=0,\"\",VLOOKUP(C2479,BNCDADOS!$A:$G,4,0))","v":"95,44"},{"$f":"IF(C2479=0,\"\",VLOOKUP(C2479,BNCDADOS!$A:$G,5,0))","v":118.04},{"$f":"IF(H2479=\"\",0,TRUNC(H2479*F2479,2))","v":75899.72},{"$f":"IF(C2479=0,\"\",VLOOKUP(C2479,BNCDADOS!$A:$G,6,0))","v":"93,92"},{"$f":"IF(C2479=0,\"\",VLOOKUP(C2479,BNCDADOS!$A:$G,7,0))","v":122.05},{"$f":"IF(K2479=\"\",0,TRUNC(K2479*F2479,2))","v":78478.149999999994},{"$f":"SUMIF('MC - TRECHO 07'!A:A,Orçamento!A2479,'MC - TRECHO 07'!R:R)","v":643}]
["8.2.9.3",{"$f":"IF(C2480=0,\"\",VLOOKUP(C2480,BNCDADOS!$A:$H,8,0))","v":"SINAPI/RN\nSERVIÇO"},87640,{"$f":"IF(C2480=0,\"\",VLOOKUP(C2480,BNCDADOS!$A:$G,2,0))","v":"CONTRAPISO EM ARGAMASSA TRAÇO 1:4 (CIMENTO E AREIA), PREPARO MECÂNICO COM BETONEIRA 400 L, APLICADO EM ÁREAS SECAS SOBRE LAJE, ADERIDO, ACABAMENTO NÃO REFORÇADO, ESPESSURA 4CM. AF_07/2021"},{"$f":"IF(C2480=0,\"\",VLOOKUP(C2480,BNCDADOS!$A:$G,3,0))","v":"M2"},240.5,{"$f":"IF(C2480=0,\"\",VLOOKUP(C2480,BNCDADOS!$A:$G,4,0))","v":"42,90"},{"$f":"IF(C2480=0,\"\",VLOOKUP(C2480,BNCDADOS!$A:$G,5,0))","v":53.06},{"$f":"IF(H2480=\"\",0,TRUNC(H2480*F2480,2))","v":12760.93},{"$f":"IF(C2480=0,\"\",VLOOKUP(C2480,BNCDADOS!$A:$G,6,0))","v":"41,18"},{"$f":"IF(C2480=0,\"\",VLOOKUP(C2480,BNCDADOS!$A:$G,7,0))","v":53.51},{"$f":"IF(K2480=\"\",0,TRUNC(K2480*F2480,2))","v":12869.15},{"$f":"SUMIF('MC - TRECHO 07'!A:A,Orçamento!A2480,'MC - TRECHO 07'!R:R)","v":240.5}]
["8.2.9.4",{"$f":"IF(C2481=0,\"\",VLOOKUP(C2481,BNCDADOS!$A:$H,8,0))","v":"SINAPI/RN\nSERVIÇO"},94990,{"$f":"IF(C2481=0,\"\",VLOOKUP(C2481,BNCDADOS!$A:$G,2,0))","v":"EXECUÇÃO DE PASSEIO (CALÇADA) OU PISO DE CONCRETO COM CONCRETO MOLDADO IN LOCO, FEITO EM OBRA, ACABAMENTO CONVENCIONAL, NÃO ARMADO. AF_08/2022"},{"$f":"IF(C2481=0,\"\",VLOOKUP(C2481,BNCDADOS!$A:$G,3,0))","v":"M3"},80.52,{"$f":"IF(C2481=0,\"\",VLOOKUP(C2481,BNCDADOS!$A:$G,4,0))","v":"780,20"},{"$f":"IF(C2481=0,\"\",VLOOKUP(C2481,BNCDADOS!$A:$G,5,0))","v":965.02},{"$f":"IF(H2481=\"\",0,TRUNC(H2481*F2481,2))","v":77703.41},{"$f":"IF(C2481=0,\"\",VLOOKUP(C2481,BNCDADOS!$A:$G,6,0))","v":"754,30"},{"$f":"IF(C2481=0,\"\",VLOOKUP(C2481,BNCDADOS!$A:$G,7,0))","v":980.28},{"$f":"IF(K2481=\"\",0,TRUNC(K2481*F2481,2))","v":78932.14},{"$f":"SUMIF('MC - TRECHO 07'!A:A,Orçamento!A2481,'MC - TRECHO 07'!R:R)","v":80.52}]
["8.2.10",{"$f":"IF(C2482=0,\"\",VLOOKUP(C2482,BNCDADOS!$A:$G,8,0))","v":""},null,"PINTURA",{"$f":"IF(C2482=0,\"\",VLOOKUP(C2482,BNCDADOS!$A:$G,3,0))","v":""},0,{"$f":"IF(C2482=0,\"\",VLOOKUP(C2482,BNCDADOS!$A:$G,4,0))","v":""},{"$f":"IF(C2482=0,\"\",VLOOKUP(C2482,BNCDADOS!$A:$G,5,0))","v":""},{"$f":"SUM(I2483:I2487)","v":64356.04},{"$f":"IF(C2482=0,\"\",VLOOKUP(C2482,BNCDADOS!$A:$G,6,0))","v":""},{"$f":"IF(C2482=0,\"\",VLOOKUP(C2482,BNCDADOS!$A:$G,7,0))","v":""},{"$f":"SUM(L2483:L2487)","v":63210.96},0]
["8.2.10.1",{"$f":"IF(C2483=0,\"\",VLOOKUP(C2483,BNCDADOS!$A:$H,8,0))","v":"SINAPI/RN\nSERVIÇO"},88485,{"$f":"IF(C2483=0,\"\",VLOOKUP(C2483,BNCDADOS!$A:$G,2,0))","v":"FUNDO SELADOR ACRÍLICO, APLICAÇÃO MANUAL EM PAREDE, UMA DEMÃO. AF_04/2023"},{"$f":"IF(C2483=0,\"\",VLOOKUP(C2483,BNCDADOS!$A:$G,3,0))","v":"M2"},2846.24,{"$f":"IF(C2483=0,\"\",VLOOKUP(C2483,BNCDADOS!$A:$G,4,0))","v":"3,30"},{"$f":"IF(C2483=0,\"\",VLOOKUP(C2483,BNCDADOS!$A:$G,5,0))","v":4.08},{"$f":"IF(H2483=\"\",0,TRUNC(H2483*F2483,2))","v":11612.65},{"$f":"IF(C2483=0,\"\",VLOOKUP(C2483,BNCDADOS!$A:$G,6,0))","v":"3,06"},{"$f":"IF(C2483=0,\"\",VLOOKUP(C2483,BNCDADOS!$A:$G,7,0))","v":3.97},{"$f":"IF(K2483=\"\",0,TRUNC(K2483*F2483,2))","v":11299.57},{"$f":"SUMIF('MC - TRECHO 07'!A:A,Orçamento!A2483,'MC - TRECHO 07'!R:R)","v":2846.2400000000002}]
["8.2.10.2",{"$f":"IF(C2484=0,\"\",VLOOKUP(C2484,BNCDADOS!$A:$H,8,0))","v":"SINAPI/RN\nSERVIÇO"},104642,{"$f":"IF(C2484=0,\"\",VLOOKUP(C2484,BNCDADOS!$A:$G,2,0))","v":"PINTURA LÁTEX ACRÍLICA STANDARD, APLICAÇÃO MANUAL EM PAREDES, DUAS DEMÃOS. AF_04/2023"},{"$f":"IF(C2484=0,\"\",VLOOKUP(C2484,BNCDADOS!$A:$G,3,0))","v":"M2"},2846.24,{"$f":"IF(C2484=0,\"\",VLOOKUP(C2484,BNCDADOS!$A:$G,4,0))","v":"10,29"},{"$f":"IF(C2484=0,\"\",VLOOKUP(C2484,BNCDADOS!$A:$G,5,0))","v":12.72},{"$f":"IF(H2484=\"\",0,TRUNC(H2484*F2484,2))","v":36204.17},{"$f":"IF(C2484=0,\"\",VLOOKUP(C2484,BNCDADOS!$A:$G,6,0))","v":"9,70"},{"$f":"IF(C2484=0,\"\",VLOOKUP(C2484,BNCDADOS!$A:$G,7,0))","v":12.6},{"$f":"IF(K2484=\"\",0,TRUNC(K2484*F2484,2))","v":35862.620000000003},{"$f":"SUMIF('MC - TRECHO 07'!A:A,Orçamento!A2484,'MC - TRECHO 07'!R:R)","v":2846.2400000000002}]
["8.2.10.3",{"$f":"IF(C2485=0,\"\",VLOOKUP(C2485,BNCDADOS!$A:$H,8,0))","v":"SINAPI/RN\nSERVIÇO"},100720,{"$f":"IF(C2485=0,\"\",VLOOKUP(C2485,BNCDADOS!$A:$G,2,0))","v":"PINTURA COM TINTA ALQUÍDICA DE FUNDO (TIPO ZARCÃO) APLICADA A ROLO OU PINCEL SOBRE PERFIL METÁLICO EXECUTADO EM FÁBRICA (POR DEMÃO). AF_01/2020"},{"$f":"IF(C2485=0,\"\",VLOOKUP(C2485,BNCDADOS!$A:$G,3,0))","v":"M2"},182.8,{"$f":"IF(C2485=0,\"\",VLOOKUP(C2485,BNCDADOS!$A:$G,4,0))","v":"10,27"},{"$f":"IF(C2485=0,\"\",VLOOKUP(C2485,BNCDADOS!$A:$G,5,0))","v":12.7},{"$f":"IF(H2485=\"\",0,TRUNC(H2485*F2485,2))","v":2321.56},{"$f":"IF(C2485=0,\"\",VLOOKUP(C2485,BNCDADOS!$A:$G,6,0))","v":"9,65"},{"$f":"IF(C2485=0,\"\",VLOOKUP(C2485,BNCDADOS!$A:$G,7,0))","v":12.54},{"$f":"IF(K2485=\"\",0,TRUNC(K2485*F2485,2))","v":2292.31},{"$f":"SUMIF('MC - TRECHO 07'!A:A,Orçamento!A2485,'MC - TRECHO 07'!R:R)","v":182.8}]
["8.2.10.4",{"$f":"IF(C2486=0,\"\",VLOOKUP(C2486,BNCDADOS!$A:$H,8,0))","v":"SINAPI/RN\nSERVIÇO"},100758,{"$f":"IF(C2486=0,\"\",VLOOKUP(C2486,BNCDADOS!$A:$G,2,0))","v":"PINTURA COM TINTA ALQUÍDICA DE ACABAMENTO (ESMALTE SINTÉTICO ACETINADO) APLICADA A ROLO OU PINCEL SOBRE SUPERFÍCIES METÁLICAS (EXCETO PERFIL) EXECUTADO EM OBRA (02 DEMÃOS). AF_01/2020"},{"$f":"IF(C2486=0,\"\",VLOOKUP(C2486,BNCDADOS!$A:$G,3,0))","v":"M2"},182.8,{"$f":"IF(C2486=0,\"\",VLOOKUP(C2486,BNCDADOS!$A:$G,4,0))","v":"48,50"},{"$f":"IF(C2486=0,\"\",VLOOKUP(C2486,BNCDADOS!$A:$G,5,0))","v":59.98},{"$f":"IF(H2486=\"\",0,TRUNC(H2486*F2486,2))","v":10964.34},{"$f":"IF(C2486=0,\"\",VLOOKUP(C2486,BNCDADOS!$A:$G,6,0))","v":"44,55"},{"$f":"IF(C2486=0,\"\",VLOOKUP(C2486,BNCDADOS!$A:$G,7,0))","v":57.89},{"$f":"IF(K2486=\"\",0,TRUNC(K2486*F2486,2))","v":10582.29},{"$f":"SUMIF('MC - TRECHO 07'!A:A,Orçamento!A2486,'MC - TRECHO 07'!R:R)","v":182.8}]
["8.2.10.5",{"$f":"IF(C2487=0,\"\",VLOOKUP(C2487,BNCDADOS!$A:$H,8,0))","v":"SINAPI/RN\nSERVIÇO"},102203,{"$f":"IF(C2487=0,\"\",VLOOKUP(C2487,BNCDADOS!$A:$G,2,0))","v":"PINTURA VERNIZ (INCOLOR) ALQUÍDICO EM MADEIRA, USO INTERNO E EXTERNO, 1 DEMÃO. AF_01/2021"},{"$f":"IF(C2487=0,\"\",VLOOKUP(C2487,BNCDADOS!$A:$G,3,0))","v":"M2"},272.93,{"$f":"IF(C2487=0,\"\",VLOOKUP(C2487,BNCDADOS!$A:$G,4,0))","v":"9,64"},{"$f":"IF(C2487=0,\"\",VLOOKUP(C2487,BNCDADOS!$A:$G,5,0))","v":11.92},{"$f":"IF(H2487=\"\",0,TRUNC(H2487*F2487,2))","v":3253.32},{"$f":"IF(C2487=0,\"\",VLOOKUP(C2487,BNCDADOS!$A:$G,6,0))","v":"8,95"},{"$f":"IF(C2487=0,\"\",VLOOKUP(C2487,BNCDADOS!$A:$G,7,0))","v":11.63},{"$f":"IF(K2487=\"\",0,TRUNC(K2487*F2487,2))","v":3174.17},{"$f":"SUMIF('MC - TRECHO 07'!A:A,Orçamento!A2487,'MC - TRECHO 07'!R:R)","v":272.9375}]
["8.2.11",{"$f":"IF(C2488=0,\"\",VLOOKUP(C2488,BNCDADOS!$A:$G,8,0))","v":""},null,"INSTALAÇÃO ELÉTRICA",{"$f":"IF(C2488=0,\"\",VLOOKUP(C2488,BNCDADOS!$A:$G,3,0))","v":""},0,{"$f":"IF(C2488=0,\"\",VLOOKUP(C2488,BNCDADOS!$A:$G,4,0))","v":""},{"$f":"IF(C2488=0,\"\",VLOOKUP(C2488,BNCDADOS!$A:$G,5,0))","v":""},{"$f":"SUM(I2489:I2519)","v":275047.20000000007},{"$f":"IF(C2488=0,\"\",VLOOKUP(C2488,BNCDADOS!$A:$G,6,0))","v":""},{"$f":"IF(C2488=0,\"\",VLOOKUP(C2488,BNCDADOS!$A:$G,7,0))","v":""},{"$f":"SUM(L2489:L2519)","v":283577.41000000003},0]
["8.2.11.1",{"$f":"IF(C2489=0,\"\",VLOOKUP(C2489,BNCDADOS!$A:$H,8,0))","v":0},"COMP 27",{"$f":"IF(C2489=0,\"\",VLOOKUP(C2489,BNCDADOS!$A:$G,2,0))","v":"INSTALAÇÃO DE POSTE DE ENTRADA DE ENERGIA PARA SUBSTAÇÃO ABRIGADA, PROTEÇÃO GERAL, POSTES, CRUZETAS, E CAIXA DE PASSAGEM"},{"$f":"IF(C2489=0,\"\",VLOOKUP(C2489,BNCDADOS!$A:$G,3,0))","v":"UN"},1,{"$f":"IF(C2489=0,\"\",VLOOKUP(C2489,BNCDADOS!$A:$G,4,0))","v":14431.300000000001},{"$f":"IF(C2489=0,\"\",VLOOKUP(C2489,BNCDADOS!$A:$G,5,0))","v":17850.07},{"$f":"IF(H2489=\"\",0,TRUNC(H2489*F2489,2))","v":17850.07},{"$f":"IF(C2489=0,\"\",VLOOKUP(C2489,BNCDADOS!$A:$G,6,0))","v":14205.919999999998},{"$f":"IF(C2489=0,\"\",VLOOKUP(C2489,BNCDADOS!$A:$G,7,0))","v":18462.009999999998},{"$f":"IF(K2489=\"\",0,TRUNC(K2489*F2489,2))","v":18462.009999999998},{"$f":"SUMIF('MC - TRECHO 07'!A:A,Orçamento!A2489,'MC - TRECHO 07'!R:R)","v":1}]
["8.2.11.2",{"$f":"IF(C2490=0,\"\",VLOOKUP(C2490,BNCDADOS!$A:$H,8,0))","v":"SINAPI/RN\nSERVIÇO"},101878,{"$f":"IF(C2490=0,\"\",VLOOKUP(C2490,BNCDADOS!$A:$G,2,0))","v":"QUADRO DE DISTRIBUIÇÃO DE ENERGIA EM CHAPA DE AÇO GALVANIZADO, DE SOBREPOR, COM BARRAMENTO TRIFÁSICO, PARA 18 DISJUNTORES DIN 100A - FORNECIMENTO E INSTALAÇÃO. AF_10/2020"},{"$f":"IF(C2490=0,\"\",VLOOKUP(C2490,BNCDADOS!$A:$G,3,0))","v":"UN"},1,{"$f":"IF(C2490=0,\"\",VLOOKUP(C2490,BNCDADOS!$A:$G,4,0))","v":"474,58"},{"$f":"IF(C2490=0,\"\",VLOOKUP(C2490,BNCDADOS!$A:$G,5,0))","v":587},587,{"$f":"IF(C2490=0,\"\",VLOOKUP(C2490,BNCDADOS!$A:$G,6,0))","v":"466,38"},{"$f":"IF(C2490=0,\"\",VLOOKUP(C2490,BNCDADOS!$A:$G,7,0))","v":606.1},606.1,{"$f":"SUMIF('MC - TRECHO 07'!A:A,Orçamento!A2490,'MC - TRECHO 07'!R:R)","v":1}]
["8.2.11.3",{"$f":"IF(C2491=0,\"\",VLOOKUP(C2491,BNCDADOS!$A:$H,8,0))","v":"SINAPI/RN\nSERVIÇO"},93673,{"$f":"IF(C2491=0,\"\",VLOOKUP(C2491,BNCDADOS!$A:$G,2,0))","v":"DISJUNTOR TRIPOLAR TIPO DIN, CORRENTE NOMINAL DE 50A - FORNECIMENTO E INSTALAÇÃO. AF_10/2020"},{"$f":"IF(C2491=0,\"\",VLOOKUP(C2491,BNCDADOS!$A:$G,3,0))","v":"UN"},1,{"$f":"IF(C2491=0,\"\",VLOOKUP(C2491,BNCDADOS!$A:$G,4,0))","v":"94,84"},{"$f":"IF(C2491=0,\"\",VLOOKUP(C2491,BNCDADOS!$A:$G,5,0))","v":117.3},117.3,{"$f":"IF(C2491=0,\"\",VLOOKUP(C2491,BNCDADOS!$A:$G,6,0))","v":"91,78"},{"$f":"IF(C2491=0,\"\",VLOOKUP(C2491,BNCDADOS!$A:$G,7,0))","v":119.27},119.27,{"$f":"SUMIF('MC - TRECHO 07'!A:A,Orçamento!A2491,'MC - TRECHO 07'!R:R)","v":1}]
["8.2.11.4",{"$f":"IF(C2492=0,\"\",VLOOKUP(C2492,BNCDADOS!$A:$H,8,0))","v":"caern"},1060429,{"$f":"IF(C2492=0,\"\",VLOOKUP(C2492,BNCDADOS!$A:$G,2,0))","v":"DISJUNTOR DIFERENCIAL DR 63A. R_05/2019"},{"$f":"IF(C2492=0,\"\",VLOOKUP(C2492,BNCDADOS!$A:$G,3,0))","v":"UN "},1,{"$f":"IF(C2492=0,\"\",VLOOKUP(C2492,BNCDADOS!$A:$G,4,0))","v":171.19},{"$f":"IF(C2492=0,\"\",VLOOKUP(C2492,BNCDADOS!$A:$G,5,0))","v":211.74},211.74,{"$f":"IF(C2492=0,\"\",VLOOKUP(C2492,BNCDADOS!$A:$G,6,0))","v":168.22},{"$f":"IF(C2492=0,\"\",VLOOKUP(C2492,BNCDADOS!$A:$G,7,0))","v":218.61},218.61,{"$f":"SUMIF('MC - TRECHO 07'!A:A,Orçamento!A2492,'MC - TRECHO 07'!R:R)","v":1}]
["8.2.11.5",{"$f":"IF(C2493=0,\"\",VLOOKUP(C2493,BNCDADOS!$A:$H,8,0))","v":"SINAPI/RN\nSERVIÇO"},93653,{"$f":"IF(C2493=0,\"\",VLOOKUP(C2493,BNCDADOS!$A:$G,2,0))","v":"DISJUNTOR MONOPOLAR TIPO DIN, CORRENTE NOMINAL DE 10A - FORNECIMENTO E INSTALAÇÃO. AF_10/2020"},{"$f":"IF(C2493=0,\"\",VLOOKUP(C2493,BNCDADOS!$A:$G,3,0))","v":"UN"},1,{"$f":"IF(C2493=0,\"\",VLOOKUP(C2493,BNCDADOS!$A:$G,4,0))","v":"11,31"},{"$f":"IF(C2493=0,\"\",VLOOKUP(C2493,BNCDADOS!$A:$G,5,0))","v":13.98},13.98,{"$f":"IF(C2493=0,\"\",VLOOKUP(C2493,BNCDADOS!$A:$G,6,0))","v":"11,11"},{"$f":"IF(C2493=0,\"\",VLOOKUP(C2493,BNCDADOS!$A:$G,7,0))","v":14.43},14.43,{"$f":"SUMIF('MC - TRECHO 07'!A:A,Orçamento!A2493,'MC - TRECHO 07'!R:R)","v":1}]
["8.2.11.6",{"$f":"IF(C2494=0,\"\",VLOOKUP(C2494,BNCDADOS!$A:$H,8,0))","v":"SINAPI/RN\nSERVIÇO"},93654,{"$f":"IF(C2494=0,\"\",VLOOKUP(C2494,BNCDADOS!$A:$G,2,0))","v":"DISJUNTOR MONOPOLAR TIPO DIN, CORRENTE NOMINAL DE 16A - FORNECIMENTO E INSTALAÇÃO. AF_10/2020"},{"$f":"IF(C2494=0,\"\",VLOOKUP(C2494,BNCDADOS!$A:$G,3,0))","v":"UN"},8,{"$f":"IF(C2494=0,\"\",VLOOKUP(C2494,BNCDADOS!$A:$G,4,0))","v":"11,95"},{"$f":"IF(C2494=0,\"\",VLOOKUP(C2494,BNCDADOS!$A:$G,5,0))","v":14.78},118.24,{"$f":"IF(C2494=0,\"\",VLOOKUP(C2494,BNCDADOS!$A:$G,6,0))","v":"11,68"},{"$f":"IF(C2494=0,\"\",VLOOKUP(C2494,BNCDADOS!$A:$G,7,0))","v":15.17},121.36,{"$f":"SUMIF('MC - TRECHO 07'!A:A,Orçamento!A2494,'MC - TRECHO 07'!R:R)","v":8}]
["8.2.11.7",{"$f":"IF(C2495=0,\"\",VLOOKUP(C2495,BNCDADOS!$A:$H,8,0))","v":"SINAPI/RN\nSERVIÇO"},93655,{"$f":"IF(C2495=0,\"\",VLOOKUP(C2495,BNCDADOS!$A:$G,2,0))","v":"DISJUNTOR MONOPOLAR TIPO DIN, CORRENTE NOMINAL DE 20A - FORNECIMENTO E INSTALAÇÃO. AF_10/2020"},{"$f":"IF(C2495=0,\"\",VLOOKUP(C2495,BNCDADOS!$A:$G,3,0))","v":"UN"},1,{"$f":"IF(C2495=0,\"\",VLOOKUP(C2495,BNCDADOS!$A:$G,4,0))","v":"13,20"},{"$f":"IF(C2495=0,\"\",VLOOKUP(C2495,BNCDADOS!$A:$G,5,0))","v":16.32},16.32,{"$f":"IF(C2495=0,\"\",VLOOKUP(C2495,BNCDADOS!$A:$G,6,0))","v":"12,85"},{"$f":"IF(C2495=0,\"\",VLOOKUP(C2495,BNCDADOS!$A:$G,7,0))","v":16.690000000000001},16.690000000000001,{"$f":"SUMIF('MC - TRECHO 07'!A:A,Orçamento!A2495,'MC - TRECHO 07'!R:R)","v":1}]
["8.2.11.8",{"$f":"IF(C2496=0,\"\",VLOOKUP(C2496,BNCDADOS!$A:$H,8,0))","v":"SINAPI/RN\nSERVIÇO"},93000,{"$f":"IF(C2496=0,\"\",VLOOKUP(C2496,BNCDADOS!$A:$G,2,0))","v":"CABO DE COBRE FLEXÍVEL ISOLADO, 240 MM², ANTI-CHAMA 0,6/1,0 KV, PARA REDE ENTERRADA DE DISTRIBUIÇÃO DE ENERGIA ELÉTRICA - FORNECIMENTO E INSTALAÇÃO. AF_12/2021"},{"$f":"IF(C2496=0,\"\",VLOOKUP(C2496,BNCDADOS!$A:$G,3,0))","v":"M"},360,{"$f":"IF(C2496=0,\"\",VLOOKUP(C2496,BNCDADOS!$A:$G,4,0))","v":"293,85"},{"$f":"IF(C2496=0,\"\",VLOOKUP(C2496,BNCDADOS!$A:$G,5,0))","v":363.46},130845.6,{"$f":"IF(C2496=0,\"\",VLOOKUP(C2496,BNCDADOS!$A:$G,6,0))","v":"292,50"},{"$f":"IF(C2496=0,\"\",VLOOKUP(C2496,BNCDADOS!$A:$G,7,0))","v":380.13},136846.79999999999,{"$f":"SUMIF('MC - TRECHO 07'!A:A,Orçamento!A2496,'MC - TRECHO 07'!R:R)","v":360}]
["8.2.11.9",{"$f":"IF(C2497=0,\"\",VLOOKUP(C2497,BNCDADOS!$A:$H,8,0))","v":"SINAPI/RN\nSERVIÇO"},91931,{"$f":"IF(C2497=0,\"\",VLOOKUP(C2497,BNCDADOS!$A:$G,2,0))","v":"CABO DE COBRE FLEXÍVEL ISOLADO, 6 MM², ANTI-CHAMA 0,6/1,0 KV, PARA CIRCUITOS TERMINAIS - FORNECIMENTO E INSTALAÇÃO. AF_03/2023"},{"$f":"IF(C2497=0,\"\",VLOOKUP(C2497,BNCDADOS!$A:$G,3,0))","v":"M"},15,{"$f":"IF(C2497=0,\"\",VLOOKUP(C2497,BNCDADOS!$A:$G,4,0))","v":"11,29"},{"$f":"IF(C2497=0,\"\",VLOOKUP(C2497,BNCDADOS!$A:$G,5,0))","v":13.96},209.4,{"$f":"IF(C2497=0,\"\",VLOOKUP(C2497,BNCDADOS!$A:$G,6,0))","v":"11,02"},{"$f":"IF(C2497=0,\"\",VLOOKUP(C2497,BNCDADOS!$A:$G,7,0))","v":14.32},214.8,{"$f":"SUMIF('MC - TRECHO 07'!A:A,Orçamento!A2497,'MC - TRECHO 07'!R:R)","v":15}]
["8.2.11.10",{"$f":"IF(C2498=0,\"\",VLOOKUP(C2498,BNCDADOS!$A:$H,8,0))","v":"SINAPI/RN\nSERVIÇO"},91929,{"$f":"IF(C2498=0,\"\",VLOOKUP(C2498,BNCDADOS!$A:$G,2,0))","v":"CABO DE COBRE FLEXÍVEL ISOLADO, 4 MM², ANTI-CHAMA 0,6/1,0 KV, PARA CIRCUITOS TERMINAIS - FORNECIMENTO E INSTALAÇÃO. AF_03/2023"},{"$f":"IF(C2498=0,\"\",VLOOKUP(C2498,BNCDADOS!$A:$G,3,0))","v":"M"},115.5,{"$f":"IF(C2498=0,\"\",VLOOKUP(C2498,BNCDADOS!$A:$G,4,0))","v":"7,98"},{"$f":"IF(C2498=0,\"\",VLOOKUP(C2498,BNCDADOS!$A:$G,5,0))","v":9.8699999999999992},1139.98,{"$f":"IF(C2498=0,\"\",VLOOKUP(C2498,BNCDADOS!$A:$G,6,0))","v":"7,76"},{"$f":"IF(C2498=0,\"\",VLOOKUP(C2498,BNCDADOS!$A:$G,7,0))","v":10.08},1164.24,{"$f":"SUMIF('MC - TRECHO 07'!A:A,Orçamento!A2498,'MC - TRECHO 07'!R:R)","v":115.5}]
["8.2.11.11",{"$f":"IF(C2499=0,\"\",VLOOKUP(C2499,BNCDADOS!$A:$H,8,0))","v":"SINAPI/RN\nSERVIÇO"},91927,{"$f":"IF(C2499=0,\"\",VLOOKUP(C2499,BNCDADOS!$A:$G,2,0))","v":"CABO DE COBRE FLEXÍVEL ISOLADO, 2,5 MM², ANTI-CHAMA 0,6/1,0 KV, PARA CIRCUITOS TERMINAIS - FORNECIMENTO E INSTALAÇÃO. AF_03/2023"},{"$f":"IF(C2499=0,\"\",VLOOKUP(C2499,BNCDADOS!$A:$G,3,0))","v":"M"},90,{"$f":"IF(C2499=0,\"\",VLOOKUP(C2499,BNCDADOS!$A:$G,4,0))","v":"5,38"},{"$f":"IF(C2499=0,\"\",VLOOKUP(C2499,BNCDADOS!$A:$G,5,0))","v":6.65},598.5,{"$f":"IF(C2499=0,\"\",VLOOKUP(C2499,BNCDADOS!$A:$G,6,0))","v":"5,22"},{"$f":"IF(C2499=0,\"\",VLOOKUP(C2499,BNCDADOS!$A:$G,7,0))","v":6.78},610.20000000000005,{"$f":"SUMIF('MC - TRECHO 07'!A:A,Orçamento!A2499,'MC - TRECHO 07'!R:R)","v":90}]
["8.2.11.12",{"$f":"IF(C2500=0,\"\",VLOOKUP(C2500,BNCDADOS!$A:$H,8,0))","v":"SINAPI/RN\nSERVIÇO"},91854,{"$f":"IF(C2500=0,\"\",VLOOKUP(C2500,BNCDADOS!$A:$G,2,0))","v":"ELETRODUTO FLEXÍVEL CORRUGADO, PVC, DN 25 MM (3/4\"), PARA CIRCUITOS TERMINAIS, INSTALADO EM PAREDE - FORNECIMENTO E INSTALAÇÃO. AF_03/2023"},{"$f":"IF(C2500=0,\"\",VLOOKUP(C2500,BNCDADOS!$A:$G,3,0))","v":"M"},5.5,{"$f":"IF(C2500=0,\"\",VLOOKUP(C2500,BNCDADOS!$A:$G,4,0))","v":"8,73"},{"$f":"IF(C2500=0,\"\",VLOOKUP(C2500,BNCDADOS!$A:$G,5,0))","v":10.79},59.34,{"$f":"IF(C2500=0,\"\",VLOOKUP(C2500,BNCDADOS!$A:$G,6,0))","v":"8,01"},{"$f":"IF(C2500=0,\"\",VLOOKUP(C2500,BNCDADOS!$A:$G,7,0))","v":10.4},57.2,{"$f":"SUMIF('MC - TRECHO 07'!A:A,Orçamento!A2500,'MC - TRECHO 07'!R:R)","v":5.5}]
["8.2.11.13",{"$f":"IF(C2501=0,\"\",VLOOKUP(C2501,BNCDADOS!$A:$H,8,0))","v":"SINAPI/RN\nSERVIÇO"},95728,{"$f":"IF(C2501=0,\"\",VLOOKUP(C2501,BNCDADOS!$A:$G,2,0))","v":"ELETRODUTO RÍGIDO SOLDÁVEL, PVC, DN 32 MM (1\u0094), APARENTE - FORNECIMENTO E INSTALAÇÃO. AF_10/2022_PA"},{"$f":"IF(C2501=0,\"\",VLOOKUP(C2501,BNCDADOS!$A:$G,3,0))","v":"M"},38,{"$f":"IF(C2501=0,\"\",VLOOKUP(C2501,BNCDADOS!$A:$G,4,0))","v":"23,88"},{"$f":"IF(C2501=0,\"\",VLOOKUP(C2501,BNCDADOS!$A:$G,5,0))","v":29.53},1122.1400000000001,{"$f":"IF(C2501=0,\"\",VLOOKUP(C2501,BNCDADOS!$A:$G,6,0))","v":"22,13"},{"$f":"IF(C2501=0,\"\",VLOOKUP(C2501,BNCDADOS!$A:$G,7,0))","v":28.76},1092.8800000000001,{"$f":"SUMIF('MC - TRECHO 07'!A:A,Orçamento!A2501,'MC - TRECHO 07'!R:R)","v":38}]
["8.2.11.14",{"$f":"IF(C2502=0,\"\",VLOOKUP(C2502,BNCDADOS!$A:$H,8,0))","v":"SINAPI/RN\nSERVIÇO"},93011,{"$f":"IF(C2502=0,\"\",VLOOKUP(C2502,BNCDADOS!$A:$G,2,0))","v":"ELETRODUTO RÍGIDO ROSCÁVEL, PVC, DN 85 MM (3\"), PARA REDE ENTERRADA DE DISTRIBUIÇÃO DE ENERGIA ELÉTRICA - FORNECIMENTO E INSTALAÇÃO. AF_12/2021"},{"$f":"IF(C2502=0,\"\",VLOOKUP(C2502,BNCDADOS!$A:$G,3,0))","v":"M"},25.5,{"$f":"IF(C2502=0,\"\",VLOOKUP(C2502,BNCDADOS!$A:$G,4,0))","v":"34,98"},{"$f":"IF(C2502=0,\"\",VLOOKUP(C2502,BNCDADOS!$A:$G,5,0))","v":43.26},1103.1300000000001,{"$f":"IF(C2502=0,\"\",VLOOKUP(C2502,BNCDADOS!$A:$G,6,0))","v":"34,06"},{"$f":"IF(C2502=0,\"\",VLOOKUP(C2502,BNCDADOS!$A:$G,7,0))","v":44.26},1128.6300000000001,{"$f":"SUMIF('MC - TRECHO 07'!A:A,Orçamento!A2502,'MC - TRECHO 07'!R:R)","v":25.5}]
["8.2.11.15",{"$f":"IF(C2503=0,\"\",VLOOKUP(C2503,BNCDADOS!$A:$H,8,0))","v":"SINAPI/RN\nSERVIÇO"},97882,{"$f":"IF(C2503=0,\"\",VLOOKUP(C2503,BNCDADOS!$A:$G,2,0))","v":"CAIXA ENTERRADA ELÉTRICA RETANGULAR, EM CONCRETO PRÉ-MOLDADO, FUNDO COM BRITA, DIMENSÕES INTERNAS: 0,4X0,4X0,4 M. AF_12/2020"},{"$f":"IF(C2503=0,\"\",VLOOKUP(C2503,BNCDADOS!$A:$G,3,0))","v":"UN"},9,{"$f":"IF(C2503=0,\"\",VLOOKUP(C2503,BNCDADOS!$A:$G,4,0))","v":"215,84"},{"$f":"IF(C2503=0,\"\",VLOOKUP(C2503,BNCDADOS!$A:$G,5,0))","v":266.97000000000003},2402.73,{"$f":"IF(C2503=0,\"\",VLOOKUP(C2503,BNCDADOS!$A:$G,6,0))","v":"212,07"},{"$f":"IF(C2503=0,\"\",VLOOKUP(C2503,BNCDADOS!$A:$G,7,0))","v":275.60000000000002},2480.4,{"$f":"SUMIF('MC - TRECHO 07'!A:A,Orçamento!A2503,'MC - TRECHO 07'!R:R)","v":9}]
["8.2.11.16",{"$f":"IF(C2504=0,\"\",VLOOKUP(C2504,BNCDADOS!$A:$H,8,0))","v":"caern"},2070407,{"$f":"IF(C2504=0,\"\",VLOOKUP(C2504,BNCDADOS!$A:$G,2,0))","v":"CONJUNTO ILUMINAÇÃO EXTERNA TIPO PÉTALA COM 01 REFLETOR LED DE 100 W E POSTE CIRCULAR DE 9M EM CONCRETO. INC_05/2020"},{"$f":"IF(C2504=0,\"\",VLOOKUP(C2504,BNCDADOS!$A:$G,3,0))","v":"UN "},6,{"$f":"IF(C2504=0,\"\",VLOOKUP(C2504,BNCDADOS!$A:$G,4,0))","v":2381.63},{"$f":"IF(C2504=0,\"\",VLOOKUP(C2504,BNCDADOS!$A:$G,5,0))","v":2945.83},17674.98,{"$f":"IF(C2504=0,\"\",VLOOKUP(C2504,BNCDADOS!$A:$G,6,0))","v":2346.0200000000004},{"$f":"IF(C2504=0,\"\",VLOOKUP(C2504,BNCDADOS!$A:$G,7,0))","v":3048.88},18293.28,{"$f":"SUMIF('MC - TRECHO 07'!A:A,Orçamento!A2504,'MC - TRECHO 07'!R:R)","v":6}]
["8.2.11.17",{"$f":"IF(C2505=0,\"\",VLOOKUP(C2505,BNCDADOS!$A:$H,8,0))","v":"SINAPI/RN\nSERVIÇO"},97586,{"$f":"IF(C2505=0,\"\",VLOOKUP(C2505,BNCDADOS!$A:$G,2,0))","v":"LUMINÁRIA TIPO CALHA, DE SOBREPOR, COM 2 LÂMPADAS TUBULARES FLUORESCENTES DE 36 W, COM REATOR DE PARTIDA RÁPIDA - FORNECIMENTO E INSTALAÇÃO. AF_02/2020 "},{"$f":"IF(C2505=0,\"\",VLOOKUP(C2505,BNCDADOS!$A:$G,3,0))","v":"UN"},19,{"$f":"IF(C2505=0,\"\",VLOOKUP(C2505,BNCDADOS!$A:$G,4,0))","v":173.43},{"$f":"IF(C2505=0,\"\",VLOOKUP(C2505,BNCDADOS!$A:$G,5,0))","v":214.51},4075.69,{"$f":"IF(C2505=0,\"\",VLOOKUP(C2505,BNCDADOS!$A:$G,6,0))","v":171.79},{"$f":"IF(C2505=0,\"\",VLOOKUP(C2505,BNCDADOS!$A:$G,7,0))","v":223.25},4241.75,{"$f":"SUMIF('MC - TRECHO 07'!A:A,Orçamento!A2505,'MC - TRECHO 07'!R:R)","v":19}]
["8.2.11.18",{"$f":"IF(C2506=0,\"\",VLOOKUP(C2506,BNCDADOS!$A:$H,8,0))","v":"SINAPI/RN\nSERVIÇO"},97589,{"$f":"IF(C2506=0,\"\",VLOOKUP(C2506,BNCDADOS!$A:$G,2,0))","v":"LUMINÁRIA TIPO PLAFON EM PLÁSTICO, DE SOBREPOR, COM 1 LÂMPADA FLUORESCENTE DE 15 W, SEM REATOR - FORNECIMENTO E INSTALAÇÃO. AF_02/2020"},{"$f":"IF(C2506=0,\"\",VLOOKUP(C2506,BNCDADOS!$A:$G,3,0))","v":"UN"},1,{"$f":"IF(C2506=0,\"\",VLOOKUP(C2506,BNCDADOS!$A:$G,4,0))","v":44.24},{"$f":"IF(C2506=0,\"\",VLOOKUP(C2506,BNCDADOS!$A:$G,5,0))","v":54.72},54.72,{"$f":"IF(C2506=0,\"\",VLOOKUP(C2506,BNCDADOS!$A:$G,6,0))","v":42.12},{"$f":"IF(C2506=0,\"\",VLOOKUP(C2506,BNCDADOS!$A:$G,7,0))","v":54.73},54.73,{"$f":"SUMIF('MC - TRECHO 07'!A:A,Orçamento!A2506,'MC - TRECHO 07'!R:R)","v":1}]
["8.2.11.19",{"$f":"IF(C2507=0,\"\",VLOOKUP(C2507,BNCDADOS!$A:$H,8,0))","v":"SINAPI/RN\nSERVIÇO"},91953,{"$f":"IF(C2507=0,\"\",VLOOKUP(C2507,BNCDADOS!$A:$G,2,0))","v":"INTERRUPTOR SIMPLES (1 MÓDULO), 10A/250V, INCLUINDO SUPORTE E PLACA - FORNECIMENTO E INSTALAÇÃO. AF_03/2023"},{"$f":"IF(C2507=0,\"\",VLOOKUP(C2507,BNCDADOS!$A:$G,3,0))","v":"UN"},3,{"$f":"IF(C2507=0,\"\",VLOOKUP(C2507,BNCDADOS!$A:$G,4,0))","v":"28,95"},{"$f":"IF(C2507=0,\"\",VLOOKUP(C2507,BNCDADOS!$A:$G,5,0))","v":35.799999999999997},107.4,{"$f":"IF(C2507=0,\"\",VLOOKUP(C2507,BNCDADOS!$A:$G,6,0))","v":"27,02"},{"$f":"IF(C2507=0,\"\",VLOOKUP(C2507,BNCDADOS!$A:$G,7,0))","v":35.11},105.33,{"$f":"SUMIF('MC - TRECHO 07'!A:A,Orçamento!A2507,'MC - TRECHO 07'!R:R)","v":3}]
["8.2.11.20",{"$f":"IF(C2508=0,\"\",VLOOKUP(C2508,BNCDADOS!$A:$H,8,0))","v":"SINAPI/RN\nSERVIÇO"},92000,{"$f":"IF(C2508=0,\"\",VLOOKUP(C2508,BNCDADOS!$A:$G,2,0))","v":"TOMADA BAIXA DE EMBUTIR (1 MÓDULO), 2P+T 10 A, INCLUINDO SUPORTE E PLACA - FORNECIMENTO E INSTALAÇÃO. AF_03/2023"},{"$f":"IF(C2508=0,\"\",VLOOKUP(C2508,BNCDADOS!$A:$G,3,0))","v":"UN"},4,{"$f":"IF(C2508=0,\"\",VLOOKUP(C2508,BNCDADOS!$A:$G,4,0))","v":"30,35"},{"$f":"IF(C2508=0,\"\",VLOOKUP(C2508,BNCDADOS!$A:$G,5,0))","v":37.53},150.12,{"$f":"IF(C2508=0,\"\",VLOOKUP(C2508,BNCDADOS!$A:$G,6,0))","v":"28,36"},{"$f":"IF(C2508=0,\"\",VLOOKUP(C2508,BNCDADOS!$A:$G,7,0))","v":36.85},147.4,{"$f":"SUMIF('MC - TRECHO 07'!A:A,Orçamento!A2508,'MC - TRECHO 07'!R:R)","v":4}]
["8.2.11.21",{"$f":"IF(C2509=0,\"\",VLOOKUP(C2509,BNCDADOS!$A:$H,8,0))","v":0},"COMP 33",{"$f":"IF(C2509=0,\"\",VLOOKUP(C2509,BNCDADOS!$A:$G,2,0))","v":"SERVIÇOS DE MONTAGEM E INSTALAÇÃO DA SUBSTAÇÃO ABRIGADA DA EEAT COM CARGA TOTAL DE 1000KVA"},{"$f":"IF(C2509=0,\"\",VLOOKUP(C2509,BNCDADOS!$A:$G,3,0))","v":"UN"},1,{"$f":"IF(C2509=0,\"\",VLOOKUP(C2509,BNCDADOS!$A:$G,4,0))","v":30375.239999999998},{"$f":"IF(C2509=0,\"\",VLOOKUP(C2509,BNCDADOS!$A:$G,5,0))","v":37571.129999999997},37571.129999999997,{"$f":"IF(C2509=0,\"\",VLOOKUP(C2509,BNCDADOS!$A:$G,6,0))","v":27732.28},{"$f":"IF(C2509=0,\"\",VLOOKUP(C2509,BNCDADOS!$A:$G,7,0))","v":36040.870000000003},36040.870000000003,{"$f":"SUMIF('MC - TRECHO 07'!A:A,Orçamento!A2509,'MC - TRECHO 07'!R:R)","v":1}]
["8.2.11.22",{"$f":"IF(C2510=0,\"\",VLOOKUP(C2510,BNCDADOS!$A:$H,8,0))","v":0},"COMP 29",{"$f":"IF(C2510=0,\"\",VLOOKUP(C2510,BNCDADOS!$A:$G,2,0))","v":"PISO EMBORRACHADO COM NÍVEL DE ISOLAMENTO PARA 15KV - FORNECIMENTO E INSTALAÇÃO"},{"$f":"IF(C2510=0,\"\",VLOOKUP(C2510,BNCDADOS!$A:$G,3,0))","v":"M2"},59,{"$f":"IF(C2510=0,\"\",VLOOKUP(C2510,BNCDADOS!$A:$G,4,0))","v":582.00000000000011},{"$f":"IF(C2510=0,\"\",VLOOKUP(C2510,BNCDADOS!$A:$G,5,0))","v":719.87},42472.33,{"$f":"IF(C2510=0,\"\",VLOOKUP(C2510,BNCDADOS!$A:$G,6,0))","v":580.29000000000008},{"$f":"IF(C2510=0,\"\",VLOOKUP(C2510,BNCDADOS!$A:$G,7,0))","v":754.14},44494.26,{"$f":"SUMIF('MC - TRECHO 07'!A:A,Orçamento!A2510,'MC - TRECHO 07'!R:R)","v":59}]
["8.2.11.23",{"$f":"IF(C2511=0,\"\",VLOOKUP(C2511,BNCDADOS!$A:$H,8,0))","v":0},"COMP 30",{"$f":"IF(C2511=0,\"\",VLOOKUP(C2511,BNCDADOS!$A:$G,2,0))","v":"TELA DE PROTEÇÃO COM 1 PORTA COM ARMAÇÃO DE CANTONEIRAS E TELA DE ARAME, GALVANIZADO Nº12 BWG E MALHA DE 50mmx50mm COM TRATAMENTO ANTI-CORROSIVO."},{"$f":"IF(C2511=0,\"\",VLOOKUP(C2511,BNCDADOS!$A:$G,3,0))","v":"M2"},22,{"$f":"IF(C2511=0,\"\",VLOOKUP(C2511,BNCDADOS!$A:$G,4,0))","v":291.86},{"$f":"IF(C2511=0,\"\",VLOOKUP(C2511,BNCDADOS!$A:$G,5,0))","v":361},7942,{"$f":"IF(C2511=0,\"\",VLOOKUP(C2511,BNCDADOS!$A:$G,6,0))","v":285.39},{"$f":"IF(C2511=0,\"\",VLOOKUP(C2511,BNCDADOS!$A:$G,7,0))","v":370.89},8159.58,{"$f":"SUMIF('MC - TRECHO 07'!A:A,Orçamento!A2511,'MC - TRECHO 07'!R:R)","v":22}]
["8.2.11.24",{"$f":"IF(C2512=0,\"\",VLOOKUP(C2512,BNCDADOS!$A:$H,8,0))","v":"SINAPI/RN\nSERVIÇO"},96977,{"$f":"IF(C2512=0,\"\",VLOOKUP(C2512,BNCDADOS!$A:$G,2,0))","v":"CORDOALHA DE COBRE NU 50 MM², ENTERRADA - FORNECIMENTO E INSTALAÇÃO. AF_08/2023"},{"$f":"IF(C2512=0,\"\",VLOOKUP(C2512,BNCDADOS!$A:$G,3,0))","v":"M"},{"$f":"TRUNC(M2512,2)","v":32.200000000000003},{"$f":"IF(C2512=0,\"\",VLOOKUP(C2512,BNCDADOS!$A:$G,4,0))","v":"66,73"},{"$f":"IF(C2512=0,\"\",VLOOKUP(C2512,BNCDADOS!$A:$G,5,0))","v":82.53},{"$f":"IF(H2512=\"\",0,TRUNC(H2512*F2512,2))","v":2657.46},{"$f":"IF(C2512=0,\"\",VLOOKUP(C2512,BNCDADOS!$A:$G,6,0))","v":"66,56"},{"$f":"IF(C2512=0,\"\",VLOOKUP(C2512,BNCDADOS!$A:$G,7,0))","v":86.5},{"$f":"IF(K2512=\"\",0,TRUNC(K2512*F2512,2))","v":2785.3},{"$f":"SUMIF('MC - TRECHO 07'!A:A,Orçamento!A2512,'MC - TRECHO 07'!R:R)","v":32.200000000000003}]
["8.2.11.25",{"$f":"IF(C2513=0,\"\",VLOOKUP(C2513,BNCDADOS!$A:$H,8,0))","v":"SINAPI/RN\nSERVIÇO"},96986,{"$f":"IF(C2513=0,\"\",VLOOKUP(C2513,BNCDADOS!$A:$G,2,0))","v":"HASTE DE ATERRAMENTO, DIÂMETRO 3/4\", COM 3 METROS - FORNECIMENTO E INSTALAÇÃO. AF_08/2023"},{"$f":"IF(C2513=0,\"\",VLOOKUP(C2513,BNCDADOS!$A:$G,3,0))","v":"UN"},6,{"$f":"IF(C2513=0,\"\",VLOOKUP(C2513,BNCDADOS!$A:$G,4,0))","v":"152,63"},{"$f":"IF(C2513=0,\"\",VLOOKUP(C2513,BNCDADOS!$A:$G,5,0))","v":188.78},1132.68,{"$f":"IF(C2513=0,\"\",VLOOKUP(C2513,BNCDADOS!$A:$G,6,0))","v":"150,55"},{"$f":"IF(C2513=0,\"\",VLOOKUP(C2513,BNCDADOS!$A:$G,7,0))","v":195.65},1173.9000000000001,{"$f":"SUMIF('MC - TRECHO 07'!A:A,Orçamento!A2513,'MC - TRECHO 07'!R:R)","v":6}]
["8.2.11.26",{"$f":"IF(C2514=0,\"\",VLOOKUP(C2514,BNCDADOS!$A:$H,8,0))","v":"SINAPI/RN\nINSUMOS"},34641,{"$f":"IF(C2514=0,\"\",VLOOKUP(C2514,BNCDADOS!$A:$G,2,0))","v":"CAIXA DE ATERRAMENTO EM CONCRETO PRE-MOLDADO, DIAMETRO DE 0,30 M E ALTURA DE 0,35 M, SEM FUNDO E COM TAMPA                                                                                                                                                                                                                                                                                                                                                                                                "},{"$f":"IF(C2514=0,\"\",VLOOKUP(C2514,BNCDADOS!$A:$G,3,0))","v":"UN    "},6,{"$f":"IF(C2514=0,\"\",VLOOKUP(C2514,BNCDADOS!$A:$G,4,0))","v":"107,66"},{"$f":"IF(C2514=0,\"\",VLOOKUP(C2514,BNCDADOS!$A:$G,5,0))","v":133.16},798.96,{"$f":"IF(C2514=0,\"\",VLOOKUP(C2514,BNCDADOS!$A:$G,6,0))","v":"107,66"},{"$f":"IF(C2514=0,\"\",VLOOKUP(C2514,BNCDADOS!$A:$G,7,0))","v":139.91},839.46,{"$f":"SUMIF('MC - TRECHO 07'!A:A,Orçamento!A2514,'MC - TRECHO 07'!R:R)","v":6}]
["8.2.11.27",{"$f":"IF(C2515=0,\"\",VLOOKUP(C2515,BNCDADOS!$A:$H,8,0))","v":"SINAPI/RN\nSERVIÇO"},104750,{"$f":"IF(C2515=0,\"\",VLOOKUP(C2515,BNCDADOS!$A:$G,2,0))","v":"CONECTOR GRAMPO METÁLICO TIPO OLHAL, PARA SPDA, PARA HASTE DE ATERRAMENTO DE 5/8'' E CABOS DE 10 A 50 MM2 - FORNECIMENTO E INSTALAÇÃO. AF_08/2023"},{"$f":"IF(C2515=0,\"\",VLOOKUP(C2515,BNCDADOS!$A:$G,3,0))","v":"UN"},6,{"$f":"IF(C2515=0,\"\",VLOOKUP(C2515,BNCDADOS!$A:$G,4,0))","v":"18,06"},{"$f":"IF(C2515=0,\"\",VLOOKUP(C2515,BNCDADOS!$A:$G,5,0))","v":22.33},133.97999999999999,{"$f":"IF(C2515=0,\"\",VLOOKUP(C2515,BNCDADOS!$A:$G,6,0))","v":"17,06"},{"$f":"IF(C2515=0,\"\",VLOOKUP(C2515,BNCDADOS!$A:$G,7,0))","v":22.17},133.02000000000001,{"$f":"SUMIF('MC - TRECHO 07'!A:A,Orçamento!A2515,'MC - TRECHO 07'!R:R)","v":6}]
["8.2.11.28",{"$f":"IF(C2516=0,\"\",VLOOKUP(C2516,BNCDADOS!$A:$H,8,0))","v":"SINAPI/RN\nSERVIÇO"},96973,{"$f":"IF(C2516=0,\"\",VLOOKUP(C2516,BNCDADOS!$A:$G,2,0))","v":"CORDOALHA DE COBRE NU 35 MM², NÃO ENTERRADA, COM ISOLADOR - FORNECIMENTO E INSTALAÇÃO. AF_08/2023"},{"$f":"IF(C2516=0,\"\",VLOOKUP(C2516,BNCDADOS!$A:$G,3,0))","v":"M"},35,{"$f":"IF(C2516=0,\"\",VLOOKUP(C2516,BNCDADOS!$A:$G,4,0))","v":"76,41"},{"$f":"IF(C2516=0,\"\",VLOOKUP(C2516,BNCDADOS!$A:$G,5,0))","v":94.51},3307.85,{"$f":"IF(C2516=0,\"\",VLOOKUP(C2516,BNCDADOS!$A:$G,6,0))","v":"73,96"},{"$f":"IF(C2516=0,\"\",VLOOKUP(C2516,BNCDADOS!$A:$G,7,0))","v":96.11},3363.85,{"$f":"SUMIF('MC - TRECHO 07'!A:A,Orçamento!A2516,'MC - TRECHO 07'!R:R)","v":35}]
["8.2.11.29",{"$f":"IF(C2517=0,\"\",VLOOKUP(C2517,BNCDADOS!$A:$H,8,0))","v":"SINAPI/RN\nSERVIÇO"},96987,{"$f":"IF(C2517=0,\"\",VLOOKUP(C2517,BNCDADOS!$A:$G,2,0))","v":"BASE METÁLICA PARA MASTRO 1 ½\"  PARA SPDA - FORNECIMENTO E INSTALAÇÃO. AF_08/2023"},{"$f":"IF(C2517=0,\"\",VLOOKUP(C2517,BNCDADOS!$A:$G,3,0))","v":"UN"},1,{"$f":"IF(C2517=0,\"\",VLOOKUP(C2517,BNCDADOS!$A:$G,4,0))","v":"129,68"},{"$f":"IF(C2517=0,\"\",VLOOKUP(C2517,BNCDADOS!$A:$G,5,0))","v":160.4},160.4,{"$f":"IF(C2517=0,\"\",VLOOKUP(C2517,BNCDADOS!$A:$G,6,0))","v":"123,32"},{"$f":"IF(C2517=0,\"\",VLOOKUP(C2517,BNCDADOS!$A:$G,7,0))","v":160.26},160.26,{"$f":"SUMIF('MC - TRECHO 07'!A:A,Orçamento!A2517,'MC - TRECHO 07'!R:R)","v":1}]
["8.2.11.30",{"$f":"IF(C2518=0,\"\",VLOOKUP(C2518,BNCDADOS!$A:$H,8,0))","v":"SINAPI/RN\nSERVIÇO"},96988,{"$f":"IF(C2518=0,\"\",VLOOKUP(C2518,BNCDADOS!$A:$G,2,0))","v":"MASTRO 1 ½\", COM 3 METROS, PARA SPDA - FORNECIMENTO E INSTALAÇÃO. AF_08/2023"},{"$f":"IF(C2518=0,\"\",VLOOKUP(C2518,BNCDADOS!$A:$G,3,0))","v":"UN"},1,{"$f":"IF(C2518=0,\"\",VLOOKUP(C2518,BNCDADOS!$A:$G,4,0))","v":"181,32"},{"$f":"IF(C2518=0,\"\",VLOOKUP(C2518,BNCDADOS!$A:$G,5,0))","v":224.27},224.27,{"$f":"IF(C2518=0,\"\",VLOOKUP(C2518,BNCDADOS!$A:$G,6,0))","v":"180,42"},{"$f":"IF(C2518=0,\"\",VLOOKUP(C2518,BNCDADOS!$A:$G,7,0))","v":234.47},234.47,{"$f":"SUMIF('MC - TRECHO 07'!A:A,Orçamento!A2518,'MC - TRECHO 07'!R:R)","v":1}]
["8.2.11.31",{"$f":"IF(C2519=0,\"\",VLOOKUP(C2519,BNCDADOS!$A:$H,8,0))","v":"SINAPI/RN\nSERVIÇO"},96989,{"$f":"IF(C2519=0,\"\",VLOOKUP(C2519,BNCDADOS!$A:$G,2,0))","v":"CAPTOR TIPO FRANKLIN PARA SPDA - FORNECIMENTO E INSTALAÇÃO. AF_08/2023"},{"$f":"IF(C2519=0,\"\",VLOOKUP(C2519,BNCDADOS!$A:$G,3,0))","v":"UN"},1,{"$f":"IF(C2519=0,\"\",VLOOKUP(C2519,BNCDADOS!$A:$G,4,0))","v":"151,80"},{"$f":"IF(C2519=0,\"\",VLOOKUP(C2519,BNCDADOS!$A:$G,5,0))","v":187.76},187.76,{"$f":"IF(C2519=0,\"\",VLOOKUP(C2519,BNCDADOS!$A:$G,6,0))","v":"151,07"},{"$f":"IF(C2519=0,\"\",VLOOKUP(C2519,BNCDADOS!$A:$G,7,0))","v":196.33},196.33,{"$f":"SUMIF('MC - TRECHO 07'!A:A,Orçamento!A2519,'MC - TRECHO 07'!R:R)","v":1}]
["8.2.12",{"$f":"IF(C2520=0,\"\",VLOOKUP(C2520,BNCDADOS!$A:$G,8,0))","v":""},null,"INSTALAÇÕES ELETROMECÂNICAS",{"$f":"IF(C2520=0,\"\",VLOOKUP(C2520,BNCDADOS!$A:$G,3,0))","v":""},0,{"$f":"IF(C2520=0,\"\",VLOOKUP(C2520,BNCDADOS!$A:$G,4,0))","v":""},{"$f":"IF(C2520=0,\"\",VLOOKUP(C2520,BNCDADOS!$A:$G,5,0))","v":""},{"$f":"SUM(I2521:I2521)","v":2646.54},{"$f":"IF(C2520=0,\"\",VLOOKUP(C2520,BNCDADOS!$A:$G,6,0))","v":""},{"$f":"IF(C2520=0,\"\",VLOOKUP(C2520,BNCDADOS!$A:$G,7,0))","v":""},{"$f":"SUM(L2521:L2521)","v":2497.54},0]
["8.2.12.1",{"$f":"IF(C2521=0,\"\",VLOOKUP(C2521,BNCDADOS!$A:$H,8,0))","v":"caern"},2090008,{"$f":"IF(C2521=0,\"\",VLOOKUP(C2521,BNCDADOS!$A:$G,2,0))","v":"INSTALAÇÃO ELETROMECÂNICA DE CONJUNTO MOTO-BOMBA MAIOR QUE 200 CV E MENOR OU IGUAL A 500 CV. R_11/2021"},{"$f":"IF(C2521=0,\"\",VLOOKUP(C2521,BNCDADOS!$A:$G,3,0))","v":"UN "},2,{"$f":"IF(C2521=0,\"\",VLOOKUP(C2521,BNCDADOS!$A:$G,4,0))","v":1069.83},{"$f":"IF(C2521=0,\"\",VLOOKUP(C2521,BNCDADOS!$A:$G,5,0))","v":1323.27},{"$f":"IF(H2521=\"\",0,TRUNC(H2521*F2521,2))","v":2646.54},{"$f":"IF(C2521=0,\"\",VLOOKUP(C2521,BNCDADOS!$A:$G,6,0))","v":960.89},{"$f":"IF(C2521=0,\"\",VLOOKUP(C2521,BNCDADOS!$A:$G,7,0))","v":1248.77},{"$f":"IF(K2521=\"\",0,TRUNC(K2521*F2521,2))","v":2497.54},{"$f":"SUMIF('MC - TRECHO 07'!A:A,Orçamento!A2521,'MC - TRECHO 07'!R:R)","v":2}]
["8.2.13",{"$f":"IF(C2522=0,\"\",VLOOKUP(C2522,BNCDADOS!$A:$G,8,0))","v":""},null,"INSTALAÇÕES HIDRAÚLICAS",{"$f":"IF(C2522=0,\"\",VLOOKUP(C2522,BNCDADOS!$A:$G,3,0))","v":""},0,{"$f":"IF(C2522=0,\"\",VLOOKUP(C2522,BNCDADOS!$A:$G,4,0))","v":""},{"$f":"IF(C2522=0,\"\",VLOOKUP(C2522,BNCDADOS!$A:$G,5,0))","v":""},{"$f":"SUM(I2523:I2529)","v":34471.380000000005},{"$f":"IF(C2522=0,\"\",VLOOKUP(C2522,BNCDADOS!$A:$G,6,0))","v":""},{"$f":"IF(C2522=0,\"\",VLOOKUP(C2522,BNCDADOS!$A:$G,7,0))","v":""},{"$f":"SUM(L2523:L2529)","v":34330.270000000004},0]
["8.2.13.1",{"$f":"IF(C2523=0,\"\",VLOOKUP(C2523,BNCDADOS!$A:$H,8,0))","v":"SINAPI/RN\nSERVIÇO"},103108,{"$f":"IF(C2523=0,\"\",VLOOKUP(C2523,BNCDADOS!$A:$G,2,0))","v":"ASSENTAMENTO DE CONEXÃO COM 2 ACESSOS, FERRO FUNDIDO PARA REDE DE ÁGUA, DN  200 MM, JUNTA FLANGEADA (NÃO INCLUI O FORNECIMENTO). AF_09/2021"},{"$f":"IF(C2523=0,\"\",VLOOKUP(C2523,BNCDADOS!$A:$G,3,0))","v":"UN"},12,{"$f":"IF(C2523=0,\"\",VLOOKUP(C2523,BNCDADOS!$A:$G,4,0))","v":"103,84"},{"$f":"IF(C2523=0,\"\",VLOOKUP(C2523,BNCDADOS!$A:$G,5,0))","v":128.43},{"$f":"IF(H2523=\"\",0,TRUNC(H2523*F2523,2))","v":1541.16},{"$f":"IF(C2523=0,\"\",VLOOKUP(C2523,BNCDADOS!$A:$G,6,0))","v":"98,78"},{"$f":"IF(C2523=0,\"\",VLOOKUP(C2523,BNCDADOS!$A:$G,7,0))","v":128.37},{"$f":"IF(K2523=\"\",0,TRUNC(K2523*F2523,2))","v":1540.44},{"$f":"SUMIF('MC - TRECHO 07'!A:A,Orçamento!A2523,'MC - TRECHO 07'!R:R)","v":12}]
["8.2.13.2",{"$f":"IF(C2524=0,\"\",VLOOKUP(C2524,BNCDADOS!$A:$H,8,0))","v":"SINAPI/RN\nSERVIÇO"},103110,{"$f":"IF(C2524=0,\"\",VLOOKUP(C2524,BNCDADOS!$A:$G,2,0))","v":"ASSENTAMENTO DE CONEXÃO COM 2 ACESSOS, FERRO FUNDIDO PARA REDE DE ÁGUA, DN  300 MM, JUNTA FLANGEADA (NÃO INCLUI O FORNECIMENTO). AF_09/2021"},{"$f":"IF(C2524=0,\"\",VLOOKUP(C2524,BNCDADOS!$A:$G,3,0))","v":"UN"},2,{"$f":"IF(C2524=0,\"\",VLOOKUP(C2524,BNCDADOS!$A:$G,4,0))","v":"193,28"},{"$f":"IF(C2524=0,\"\",VLOOKUP(C2524,BNCDADOS!$A:$G,5,0))","v":239.06},{"$f":"IF(H2524=\"\",0,TRUNC(H2524*F2524,2))","v":478.12},{"$f":"IF(C2524=0,\"\",VLOOKUP(C2524,BNCDADOS!$A:$G,6,0))","v":"183,42"},{"$f":"IF(C2524=0,\"\",VLOOKUP(C2524,BNCDADOS!$A:$G,7,0))","v":238.37},{"$f":"IF(K2524=\"\",0,TRUNC(K2524*F2524,2))","v":476.74},{"$f":"SUMIF('MC - TRECHO 07'!A:A,Orçamento!A2524,'MC - TRECHO 07'!R:R)","v":2}]
["8.2.13.3",{"$f":"IF(C2525=0,\"\",VLOOKUP(C2525,BNCDADOS!$A:$H,8,0))","v":"SINAPI/RN\nSERVIÇO"},103112,{"$f":"IF(C2525=0,\"\",VLOOKUP(C2525,BNCDADOS!$A:$G,2,0))","v":"ASSENTAMENTO DE CONEXÃO COM 2 ACESSOS, FERRO FUNDIDO PARA REDE DE ÁGUA, DN  400 MM, JUNTA FLANGEADA (NÃO INCLUI O FORNECIMENTO). AF_09/2021"},{"$f":"IF(C2525=0,\"\",VLOOKUP(C2525,BNCDADOS!$A:$G,3,0))","v":"UN"},38,{"$f":"IF(C2525=0,\"\",VLOOKUP(C2525,BNCDADOS!$A:$G,4,0))","v":"282,71"},{"$f":"IF(C2525=0,\"\",VLOOKUP(C2525,BNCDADOS!$A:$G,5,0))","v":349.68},13287.84,{"$f":"IF(C2525=0,\"\",VLOOKUP(C2525,BNCDADOS!$A:$G,6,0))","v":"268,05"},{"$f":"IF(C2525=0,\"\",VLOOKUP(C2525,BNCDADOS!$A:$G,7,0))","v":348.35},13237.3,{"$f":"SUMIF('MC - TRECHO 07'!A:A,Orçamento!A2525,'MC - TRECHO 07'!R:R)","v":38}]
["8.2.13.4",{"$f":"IF(C2526=0,\"\",VLOOKUP(C2526,BNCDADOS!$A:$H,8,0))","v":"SINAPI/RN\nSERVIÇO"},103115,{"$f":"IF(C2526=0,\"\",VLOOKUP(C2526,BNCDADOS!$A:$G,2,0))","v":"ASSENTAMENTO DE CONEXÃO COM 2 ACESSOS, FERRO FUNDIDO PARA REDE DE ÁGUA, DN  600 MM, JUNTA FLANGEADA (NÃO INCLUI O FORNECIMENTO). AF_09/2021"},{"$f":"IF(C2526=0,\"\",VLOOKUP(C2526,BNCDADOS!$A:$G,3,0))","v":"UN"},24,{"$f":"IF(C2526=0,\"\",VLOOKUP(C2526,BNCDADOS!$A:$G,4,0))","v":"418,28"},{"$f":"IF(C2526=0,\"\",VLOOKUP(C2526,BNCDADOS!$A:$G,5,0))","v":517.37},12416.88,{"$f":"IF(C2526=0,\"\",VLOOKUP(C2526,BNCDADOS!$A:$G,6,0))","v":"396,31"},{"$f":"IF(C2526=0,\"\",VLOOKUP(C2526,BNCDADOS!$A:$G,7,0))","v":515.04},12360.96,{"$f":"SUMIF('MC - TRECHO 07'!A:A,Orçamento!A2526,'MC - TRECHO 07'!R:R)","v":24}]
["8.2.13.5",{"$f":"IF(C2527=0,\"\",VLOOKUP(C2527,BNCDADOS!$A:$H,8,0))","v":"SINAPI/RN\nSERVIÇO"},103116,{"$f":"IF(C2527=0,\"\",VLOOKUP(C2527,BNCDADOS!$A:$G,2,0))","v":"ASSENTAMENTO DE CONEXÃO COM 2 ACESSOS, FERRO FUNDIDO PARA REDE DE ÁGUA, DN  700 MM, JUNTA FLANGEADA (NÃO INCLUI O FORNECIMENTO). AF_09/2021"},{"$f":"IF(C2527=0,\"\",VLOOKUP(C2527,BNCDADOS!$A:$G,3,0))","v":"UN"},9,{"$f":"IF(C2527=0,\"\",VLOOKUP(C2527,BNCDADOS!$A:$G,4,0))","v":"507,72"},{"$f":"IF(C2527=0,\"\",VLOOKUP(C2527,BNCDADOS!$A:$G,5,0))","v":627.99},5651.91,{"$f":"IF(C2527=0,\"\",VLOOKUP(C2527,BNCDADOS!$A:$G,6,0))","v":"480,93"},{"$f":"IF(C2527=0,\"\",VLOOKUP(C2527,BNCDADOS!$A:$G,7,0))","v":625.01},5625.09,{"$f":"SUMIF('MC - TRECHO 07'!A:A,Orçamento!A2527,'MC - TRECHO 07'!R:R)","v":9}]
["8.2.13.6",{"$f":"IF(C2528=0,\"\",VLOOKUP(C2528,BNCDADOS!$A:$H,8,0))","v":"caern"},2060588,{"$f":"IF(C2528=0,\"\",VLOOKUP(C2528,BNCDADOS!$A:$G,2,0))","v":"ASSENTAMENTO DE REGISTRO DE GAVETA EM FERRO FUNDIDO COM FLANGES, DIAM. = 200MM A 300MM. INC_05/2020"},{"$f":"IF(C2528=0,\"\",VLOOKUP(C2528,BNCDADOS!$A:$G,3,0))","v":"UN "},1,{"$f":"IF(C2528=0,\"\",VLOOKUP(C2528,BNCDADOS!$A:$G,4,0))","v":32.520000000000003},{"$f":"IF(C2528=0,\"\",VLOOKUP(C2528,BNCDADOS!$A:$G,5,0))","v":40.22},40.22,{"$f":"IF(C2528=0,\"\",VLOOKUP(C2528,BNCDADOS!$A:$G,6,0))","v":29.2},{"$f":"IF(C2528=0,\"\",VLOOKUP(C2528,BNCDADOS!$A:$G,7,0))","v":37.94},37.94,{"$f":"SUMIF('MC - TRECHO 07'!A:A,Orçamento!A2528,'MC - TRECHO 07'!R:R)","v":1}]
["8.2.13.7",{"$f":"IF(C2529=0,\"\",VLOOKUP(C2529,BNCDADOS!$A:$H,8,0))","v":"caern"},2060589,{"$f":"IF(C2529=0,\"\",VLOOKUP(C2529,BNCDADOS!$A:$G,2,0))","v":"ASSENTAMENTO DE REGISTRO DE GAVETA EM FERRO FUNDIDO COM FLANGES, DIAM. = 350MM A 450MM. INC_05/2020"},{"$f":"IF(C2529=0,\"\",VLOOKUP(C2529,BNCDADOS!$A:$G,3,0))","v":"UN "},15,{"$f":"IF(C2529=0,\"\",VLOOKUP(C2529,BNCDADOS!$A:$G,4,0))","v":56.88},{"$f":"IF(C2529=0,\"\",VLOOKUP(C2529,BNCDADOS!$A:$G,5,0))","v":70.349999999999994},{"$f":"IF(H2529=\"\",0,TRUNC(H2529*F2529,2))","v":1055.25},{"$f":"IF(C2529=0,\"\",VLOOKUP(C2529,BNCDADOS!$A:$G,6,0))","v":53.96},{"$f":"IF(C2529=0,\"\",VLOOKUP(C2529,BNCDADOS!$A:$G,7,0))","v":70.12},{"$f":"IF(K2529=\"\",0,TRUNC(K2529*F2529,2))","v":1051.8},{"$f":"SUMIF('MC - TRECHO 07'!A:A,Orçamento!A2529,'MC - TRECHO 07'!R:R)","v":15}]
["8.2.14",{"$f":"IF(C2530=0,\"\",VLOOKUP(C2530,BNCDADOS!$A:$G,8,0))","v":""},null,"DIVERSOS",{"$f":"IF(C2530=0,\"\",VLOOKUP(C2530,BNCDADOS!$A:$G,3,0))","v":""},0,{"$f":"IF(C2530=0,\"\",VLOOKUP(C2530,BNCDADOS!$A:$G,4,0))","v":""},{"$f":"IF(C2530=0,\"\",VLOOKUP(C2530,BNCDADOS!$A:$G,5,0))","v":""},{"$f":"SUM(I2531:I2535)","v":185590.38999999998},{"$f":"IF(C2530=0,\"\",VLOOKUP(C2530,BNCDADOS!$A:$G,6,0))","v":""},{"$f":"IF(C2530=0,\"\",VLOOKUP(C2530,BNCDADOS!$A:$G,7,0))","v":""},{"$f":"SUM(L2531:L2535)","v":193357.1},0]
["8.2.14.1",{"$f":"IF(C2531=0,\"\",VLOOKUP(C2531,BNCDADOS!$A:$H,8,0))","v":"SINAPI/RN\nSERVIÇO"},100763,{"$f":"IF(C2531=0,\"\",VLOOKUP(C2531,BNCDADOS!$A:$G,2,0))","v":"VIGA METÁLICA EM PERFIL LAMINADO OU SOLDADO EM AÇO ESTRUTURAL, COM CONEXÕES PARAFUSADAS, INCLUSOS MÃO DE OBRA, TRANSPORTE E IÇAMENTO UTILIZANDO GUINDASTE - FORNECIMENTO E INSTALAÇÃO. AF_01/2020_PSA"},{"$f":"IF(C2531=0,\"\",VLOOKUP(C2531,BNCDADOS!$A:$G,3,0))","v":"KG"},5555,{"$f":"IF(C2531=0,\"\",VLOOKUP(C2531,BNCDADOS!$A:$G,4,0))","v":"15,89"},{"$f":"IF(C2531=0,\"\",VLOOKUP(C2531,BNCDADOS!$A:$G,5,0))","v":19.649999999999999},{"$f":"IF(H2531=\"\",0,TRUNC(H2531*F2531,2))","v":109155.75},{"$f":"IF(C2531=0,\"\",VLOOKUP(C2531,BNCDADOS!$A:$G,6,0))","v":"15,74"},{"$f":"IF(C2531=0,\"\",VLOOKUP(C2531,BNCDADOS!$A:$G,7,0))","v":20.45},{"$f":"IF(K2531=\"\",0,TRUNC(K2531*F2531,2))","v":113599.75},{"$f":"SUMIF('MC - TRECHO 07'!A:A,Orçamento!A2531,'MC - TRECHO 07'!R:R)","v":5555}]
["8.2.14.2",{"$f":"IF(C2532=0,\"\",VLOOKUP(C2532,BNCDADOS!$A:$H,8,0))","v":"caern"},2220038,{"$f":"IF(C2532=0,\"\",VLOOKUP(C2532,BNCDADOS!$A:$G,2,0))","v":"FORNECIMENTO E INSTALAÇÃO DE TALHA E TROLEY MANUAL DE 2 TONELADAS. R_11/2016"},{"$f":"IF(C2532=0,\"\",VLOOKUP(C2532,BNCDADOS!$A:$G,3,0))","v":"UN "},1,{"$f":"IF(C2532=0,\"\",VLOOKUP(C2532,BNCDADOS!$A:$G,4,0))","v":2602.2399999999998},{"$f":"IF(C2532=0,\"\",VLOOKUP(C2532,BNCDADOS!$A:$G,5,0))","v":3218.71},{"$f":"IF(H2532=\"\",0,TRUNC(H2532*F2532,2))","v":3218.71},{"$f":"IF(C2532=0,\"\",VLOOKUP(C2532,BNCDADOS!$A:$G,6,0))","v":2566.3599999999997},{"$f":"IF(C2532=0,\"\",VLOOKUP(C2532,BNCDADOS!$A:$G,7,0))","v":3335.24},{"$f":"IF(K2532=\"\",0,TRUNC(K2532*F2532,2))","v":3335.24},{"$f":"SUMIF('MC - TRECHO 07'!A:A,Orçamento!A2532,'MC - TRECHO 07'!R:R)","v":1}]
["8.2.14.3",{"$f":"IF(C2533=0,\"\",VLOOKUP(C2533,BNCDADOS!$A:$H,8,0))","v":"caern"},2220067,{"$f":"IF(C2533=0,\"\",VLOOKUP(C2533,BNCDADOS!$A:$G,2,0))","v":"GUARDA CORPO EM FIBRA DE VIDRO COM PERFIS PULTRUDADOS PINTADOS EM ESMALTE PU ACRÍLICO E SISTEMA DE ANCORAGEM EM AÇO INOXIDÁVEL AISI304 - H=1,10M. R_11/2021"},{"$f":"IF(C2533=0,\"\",VLOOKUP(C2533,BNCDADOS!$A:$G,3,0))","v":"M"},21.2,{"$f":"IF(C2533=0,\"\",VLOOKUP(C2533,BNCDADOS!$A:$G,4,0))","v":531.84999999999991},{"$f":"IF(C2533=0,\"\",VLOOKUP(C2533,BNCDADOS!$A:$G,5,0))","v":657.84},13946.2,{"$f":"IF(C2533=0,\"\",VLOOKUP(C2533,BNCDADOS!$A:$G,6,0))","v":526.28},{"$f":"IF(C2533=0,\"\",VLOOKUP(C2533,BNCDADOS!$A:$G,7,0))","v":683.95},14499.74,{"$f":"SUMIF('MC - TRECHO 07'!A:A,Orçamento!A2533,'MC - TRECHO 07'!R:R)","v":21.2}]
["8.2.14.4",{"$f":"IF(C2534=0,\"\",VLOOKUP(C2534,BNCDADOS!$A:$H,8,0))","v":"caern"},2220066,{"$f":"IF(C2534=0,\"\",VLOOKUP(C2534,BNCDADOS!$A:$G,2,0))","v":"ESCADA DE MARINHEIRO EM FIBRA DE VIDRO PULTRUDADA, PERFIL QUADRADO, PINTURA PROTETORA CONTRA RAIOS UV, COM GUARDA CORPO. R_11/2021"},{"$f":"IF(C2534=0,\"\",VLOOKUP(C2534,BNCDADOS!$A:$G,3,0))","v":"M"},19.3,{"$f":"IF(C2534=0,\"\",VLOOKUP(C2534,BNCDADOS!$A:$G,4,0))","v":1777.21},{"$f":"IF(C2534=0,\"\",VLOOKUP(C2534,BNCDADOS!$A:$G,5,0))","v":2198.23},{"$f":"IF(H2534=\"\",0,TRUNC(H2534*F2534,2))","v":42425.83},{"$f":"IF(C2534=0,\"\",VLOOKUP(C2534,BNCDADOS!$A:$G,6,0))","v":1766.07},{"$f":"IF(C2534=0,\"\",VLOOKUP(C2534,BNCDADOS!$A:$G,7,0))","v":2295.1799999999998},{"$f":"IF(K2534=\"\",0,TRUNC(K2534*F2534,2))","v":44296.97},{"$f":"SUMIF('MC - TRECHO 07'!A:A,Orçamento!A2534,'MC - TRECHO 07'!R:R)","v":19.3}]
["8.2.14.5",{"$f":"IF(C2535=0,\"\",VLOOKUP(C2535,BNCDADOS!$A:$H,8,0))","v":"caern"},2220065,{"$f":"IF(C2535=0,\"\",VLOOKUP(C2535,BNCDADOS!$A:$G,2,0))","v":"ESCADA DE MARINHEIRO EM FIBRA DE VIDRO PULTRUDADA, PERFIL QUADRADO, PINTURA PROTETORA CONTRA RAIOS UV, SEM GUARDA CORPO. R_11/2021"},{"$f":"IF(C2535=0,\"\",VLOOKUP(C2535,BNCDADOS!$A:$G,3,0))","v":"M"},10,{"$f":"IF(C2535=0,\"\",VLOOKUP(C2535,BNCDADOS!$A:$G,4,0))","v":1361.79},{"$f":"IF(C2535=0,\"\",VLOOKUP(C2535,BNCDADOS!$A:$G,5,0))","v":1684.39},{"$f":"IF(H2535=\"\",0,TRUNC(H2535*F2535,2))","v":16843.900000000001},{"$f":"IF(C2535=0,\"\",VLOOKUP(C2535,BNCDADOS!$A:$G,6,0))","v":1356.22},{"$f":"IF(C2535=0,\"\",VLOOKUP(C2535,BNCDADOS!$A:$G,7,0))","v":1762.54},{"$f":"IF(K2535=\"\",0,TRUNC(K2535*F2535,2))","v":17625.400000000001},{"$f":"SUMIF('MC - TRECHO 07'!A:A,Orçamento!A2535,'MC - TRECHO 07'!R:R)","v":10}]
[{"$nulls":12},0]
["8.3",null,null,"SERVIÇOS_RESERVATÓRIO APOIADO (RAP)_TANGARÁ",{"$nulls":4},{"$f":"SUM(I2538,I2548,I2561,I2576,I2582,I2584,I2588,I2592,I2597,I2606)","v":1888058.8099999998},null,null,{"$f":"SUM(L2538,L2548,L2561,L2576,L2582,L2584,L2588,L2592,L2597,L2606)","v":1942516.2499999995},0]
["8.3.1",{"$f":"IF(C2538=0,\"\",VLOOKUP(C2538,BNCDADOS!$A:$G,8,0))","v":""},null,"SERVIÇOS PRELIMINARES",{"$f":"IF(C2538=0,\"\",VLOOKUP(C2538,BNCDADOS!$A:$G,3,0))","v":""},{"$f":"TRUNC(M2538,2)","v":0},{"$f":"IF(C2538=0,\"\",VLOOKUP(C2538,BNCDADOS!$A:$G,4,0))","v":""},{"$f":"IF(C2538=0,\"\",VLOOKUP(C2538,BNCDADOS!$A:$G,5,0))","v":""},{"$f":"SUM(I2539:I2547)","v":184209.38},{"$f":"IF(C2538=0,\"\",VLOOKUP(C2538,BNCDADOS!$A:$G,6,0))","v":""},{"$f":"IF(C2538=0,\"\",VLOOKUP(C2538,BNCDADOS!$A:$G,7,0))","v":""},{"$f":"SUM(L2539:L2547)","v":188298.03999999998},0]
["8.3.1.1",{"$f":"IF(C2539=0,\"\",VLOOKUP(C2539,BNCDADOS!$A:$H,8,0))","v":"SINAPI/RN\nSERVIÇO"},98525,{"$f":"IF(C2539=0,\"\",VLOOKUP(C2539,BNCDADOS!$A:$G,2,0))","v":"LIMPEZA MECANIZADA DE CAMADA VEGETAL, VEGETAÇÃO E PEQUENAS ÁRVORES (DIÂMETRO DE TRONCO MENOR QUE 0,20 M), COM TRATOR DE ESTEIRAS. AF_03/2024"},{"$f":"IF(C2539=0,\"\",VLOOKUP(C2539,BNCDADOS!$A:$G,3,0))","v":"M2"},2000,{"$f":"IF(C2539=0,\"\",VLOOKUP(C2539,BNCDADOS!$A:$G,4,0))","v":"0,61"},{"$f":"IF(C2539=0,\"\",VLOOKUP(C2539,BNCDADOS!$A:$G,5,0))","v":0.75},{"$f":"IF(H2539=\"\",0,TRUNC(H2539*F2539,2))","v":1500},{"$f":"IF(C2539=0,\"\",VLOOKUP(C2539,BNCDADOS!$A:$G,6,0))","v":"0,58"},{"$f":"IF(C2539=0,\"\",VLOOKUP(C2539,BNCDADOS!$A:$G,7,0))","v":0.75},{"$f":"IF(K2539=\"\",0,TRUNC(K2539*F2539,2))","v":1500},{"$f":"SUMIF('MC - TRECHO 07'!A:A,Orçamento!A2539,'MC - TRECHO 07'!R:R)","v":2000}]
["8.3.1.2",{"$f":"IF(C2540=0,\"\",VLOOKUP(C2540,BNCDADOS!$A:$H,8,0))","v":"SINAPI/RN\nSERVIÇO"},98527,{"$f":"IF(C2540=0,\"\",VLOOKUP(C2540,BNCDADOS!$A:$G,2,0))","v":"REMOÇÃO DE RAÍZES REMANESCENTES DE TRONCO DE ÁRVORE COM DIÂMETRO MAIOR OU IGUAL A 0,40 M E MENOR QUE 0,60 M. AF_03/2024"},{"$f":"IF(C2540=0,\"\",VLOOKUP(C2540,BNCDADOS!$A:$G,3,0))","v":"UN"},100,{"$f":"IF(C2540=0,\"\",VLOOKUP(C2540,BNCDADOS!$A:$G,4,0))","v":"209,89"},{"$f":"IF(C2540=0,\"\",VLOOKUP(C2540,BNCDADOS!$A:$G,5,0))","v":259.61},25961,{"$f":"IF(C2540=0,\"\",VLOOKUP(C2540,BNCDADOS!$A:$G,6,0))","v":"195,46"},{"$f":"IF(C2540=0,\"\",VLOOKUP(C2540,BNCDADOS!$A:$G,7,0))","v":254.01},25401,{"$f":"SUMIF('MC - TRECHO 07'!A:A,Orçamento!A2540,'MC - TRECHO 07'!R:R)","v":100}]
["8.3.1.3",{"$f":"IF(C2541=0,\"\",VLOOKUP(C2541,BNCDADOS!$A:$H,8,0))","v":"SINAPI/RN\nSERVIÇO"},100982,{"$f":"IF(C2541=0,\"\",VLOOKUP(C2541,BNCDADOS!$A:$G,2,0))","v":"CARGA, MANOBRA E DESCARGA DE ENTULHO EM CAMINHÃO BASCULANTE 10 M³ - CARGA COM ESCAVADEIRA HIDRÁULICA  (CAÇAMBA DE 0,80 M³ / 111 HP) E DESCARGA LIVRE (UNIDADE: M3). AF_07/2020"},{"$f":"IF(C2541=0,\"\",VLOOKUP(C2541,BNCDADOS!$A:$G,3,0))","v":"M3"},1000,{"$f":"IF(C2541=0,\"\",VLOOKUP(C2541,BNCDADOS!$A:$G,4,0))","v":"9,22"},{"$f":"IF(C2541=0,\"\",VLOOKUP(C2541,BNCDADOS!$A:$G,5,0))","v":11.4},11400,{"$f":"IF(C2541=0,\"\",VLOOKUP(C2541,BNCDADOS!$A:$G,6,0))","v":"9,04"},{"$f":"IF(C2541=0,\"\",VLOOKUP(C2541,BNCDADOS!$A:$G,7,0))","v":11.74},11740,{"$f":"SUMIF('MC - TRECHO 07'!A:A,Orçamento!A2541,'MC - TRECHO 07'!R:R)","v":1000}]
["8.3.1.4",{"$f":"IF(C2542=0,\"\",VLOOKUP(C2542,BNCDADOS!$A:$H,8,0))","v":"SINAPI/RN\nSERVIÇO"},93591,{"$f":"IF(C2542=0,\"\",VLOOKUP(C2542,BNCDADOS!$A:$G,2,0))","v":"TRANSPORTE COM CAMINHÃO BASCULANTE DE 14 M³, EM VIA URBANA EM LEITO NATURAL (UNIDADE: M3XKM). AF_07/2020"},{"$f":"IF(C2542=0,\"\",VLOOKUP(C2542,BNCDADOS!$A:$G,3,0))","v":"M3XKM"},6300,{"$f":"IF(C2542=0,\"\",VLOOKUP(C2542,BNCDADOS!$A:$G,4,0))","v":"2,83"},{"$f":"IF(C2542=0,\"\",VLOOKUP(C2542,BNCDADOS!$A:$G,5,0))","v":3.5},22050,{"$f":"IF(C2542=0,\"\",VLOOKUP(C2542,BNCDADOS!$A:$G,6,0))","v":"2,80"},{"$f":"IF(C2542=0,\"\",VLOOKUP(C2542,BNCDADOS!$A:$G,7,0))","v":3.63},22869,{"$f":"SUMIF('MC - TRECHO 07'!A:A,Orçamento!A2542,'MC - TRECHO 07'!R:R)","v":6300}]
["8.3.1.5",{"$f":"IF(C2543=0,\"\",VLOOKUP(C2543,BNCDADOS!$A:$H,8,0))","v":"SINAPI/RN\nSERVIÇO"},93592,{"$f":"IF(C2543=0,\"\",VLOOKUP(C2543,BNCDADOS!$A:$G,2,0))","v":"TRANSPORTE COM CAMINHÃO BASCULANTE DE 14 M³, EM VIA URBANA EM REVESTIMENTO PRIMÁRIO (UNIDADE: M3XKM). AF_07/2020"},{"$f":"IF(C2543=0,\"\",VLOOKUP(C2543,BNCDADOS!$A:$G,3,0))","v":"M3XKM"},12600,{"$f":"IF(C2543=0,\"\",VLOOKUP(C2543,BNCDADOS!$A:$G,4,0))","v":"2,45"},{"$f":"IF(C2543=0,\"\",VLOOKUP(C2543,BNCDADOS!$A:$G,5,0))","v":3.03},38178,{"$f":"IF(C2543=0,\"\",VLOOKUP(C2543,BNCDADOS!$A:$G,6,0))","v":"2,42"},{"$f":"IF(C2543=0,\"\",VLOOKUP(C2543,BNCDADOS!$A:$G,7,0))","v":3.14},39564,{"$f":"SUMIF('MC - TRECHO 07'!A:A,Orçamento!A2543,'MC - TRECHO 07'!R:R)","v":12600}]
["8.3.1.6",{"$f":"IF(C2544=0,\"\",VLOOKUP(C2544,BNCDADOS!$A:$H,8,0))","v":"SINAPI/RN\nSERVIÇO"},98459,{"$f":"IF(C2544=0,\"\",VLOOKUP(C2544,BNCDADOS!$A:$G,2,0))","v":"TAPUME COM TELHA METÁLICA. AF_03/2024"},{"$f":"IF(C2544=0,\"\",VLOOKUP(C2544,BNCDADOS!$A:$G,3,0))","v":"M2"},396,{"$f":"IF(C2544=0,\"\",VLOOKUP(C2544,BNCDADOS!$A:$G,4,0))","v":"101,37"},{"$f":"IF(C2544=0,\"\",VLOOKUP(C2544,BNCDADOS!$A:$G,5,0))","v":125.38},49650.48,{"$f":"IF(C2544=0,\"\",VLOOKUP(C2544,BNCDADOS!$A:$G,6,0))","v":"98,15"},{"$f":"IF(C2544=0,\"\",VLOOKUP(C2544,BNCDADOS!$A:$G,7,0))","v":127.55},50509.8,{"$f":"SUMIF('MC - TRECHO 07'!A:A,Orçamento!A2544,'MC - TRECHO 07'!R:R)","v":396}]
["8.3.1.7",{"$f":"IF(C2545=0,\"\",VLOOKUP(C2545,BNCDADOS!$A:$H,8,0))","v":"SINAPI/RN\nSERVIÇO"},99059,{"$f":"IF(C2545=0,\"\",VLOOKUP(C2545,BNCDADOS!$A:$G,2,0))","v":"LOCAÇÃO CONVENCIONAL DE OBRA, UTILIZANDO GABARITO DE TÁBUAS CORRIDAS PONTALETADAS A CADA 2,00M -  2 UTILIZAÇÕES. AF_03/2024"},{"$f":"IF(C2545=0,\"\",VLOOKUP(C2545,BNCDADOS!$A:$G,3,0))","v":"M"},114,{"$f":"IF(C2545=0,\"\",VLOOKUP(C2545,BNCDADOS!$A:$G,4,0))","v":"68,49"},{"$f":"IF(C2545=0,\"\",VLOOKUP(C2545,BNCDADOS!$A:$G,5,0))","v":84.71},9656.94,{"$f":"IF(C2545=0,\"\",VLOOKUP(C2545,BNCDADOS!$A:$G,6,0))","v":"64,82"},{"$f":"IF(C2545=0,\"\",VLOOKUP(C2545,BNCDADOS!$A:$G,7,0))","v":84.24},9603.36,{"$f":"SUMIF('MC - TRECHO 07'!A:A,Orçamento!A2545,'MC - TRECHO 07'!R:R)","v":114}]
["8.3.1.8",{"$f":"IF(C2546=0,\"\",VLOOKUP(C2546,BNCDADOS!$A:$H,8,0))","v":0},"COMP 13",{"$f":"IF(C2546=0,\"\",VLOOKUP(C2546,BNCDADOS!$A:$G,2,0))","v":"LOCAÇÃO DE CONTÊINER ALMOXARIFADO COM PISO NAVAL - 6,00M X 2,35M - PARA USO EM CANTEIRO DE OBRAS"},{"$f":"IF(C2546=0,\"\",VLOOKUP(C2546,BNCDADOS!$A:$G,3,0))","v":"UM X MÊS"},16,{"$f":"IF(C2546=0,\"\",VLOOKUP(C2546,BNCDADOS!$A:$G,4,0))","v":800.6},{"$f":"IF(C2546=0,\"\",VLOOKUP(C2546,BNCDADOS!$A:$G,5,0))","v":990.26},15844.16,{"$f":"IF(C2546=0,\"\",VLOOKUP(C2546,BNCDADOS!$A:$G,6,0))","v":800.6},{"$f":"IF(C2546=0,\"\",VLOOKUP(C2546,BNCDADOS!$A:$G,7,0))","v":1040.45},16647.2,{"$f":"SUMIF('MC - TRECHO 07'!A:A,Orçamento!A2546,'MC - TRECHO 07'!R:R)","v":16}]
["8.3.1.9",{"$f":"IF(C2547=0,\"\",VLOOKUP(C2547,BNCDADOS!$A:$H,8,0))","v":0},"COMP 01",{"$f":"IF(C2547=0,\"\",VLOOKUP(C2547,BNCDADOS!$A:$G,2,0))","v":"CANTEIRO ITINERANTE COMPOSTO DE TOLDO, CONJUNTO DE MESA E CADEIRAS E BANHEIRO QUÍMICO COM LIMPEZA DIÁRIA INCLUSO COLETA E DESTINAÇÃO FINAL DE EFLUENTES"},{"$f":"IF(C2547=0,\"\",VLOOKUP(C2547,BNCDADOS!$A:$G,3,0))","v":"UN"},8,{"$f":"IF(C2547=0,\"\",VLOOKUP(C2547,BNCDADOS!$A:$G,4,0))","v":1007.4399999999999},{"$f":"IF(C2547=0,\"\",VLOOKUP(C2547,BNCDADOS!$A:$G,5,0))","v":1246.0999999999999},9968.7999999999993,{"$f":"IF(C2547=0,\"\",VLOOKUP(C2547,BNCDADOS!$A:$G,6,0))","v":1006.4399999999999},{"$f":"IF(C2547=0,\"\",VLOOKUP(C2547,BNCDADOS!$A:$G,7,0))","v":1307.96},10463.68,{"$f":"SUMIF('MC - TRECHO 07'!A:A,Orçamento!A2547,'MC - TRECHO 07'!R:R)","v":8}]
["8.3.2",{"$f":"IF(C2548=0,\"\",VLOOKUP(C2548,BNCDADOS!$A:$G,8,0))","v":""},null,"TRABALHOS EM TERRA",{"$f":"IF(C2548=0,\"\",VLOOKUP(C2548,BNCDADOS!$A:$G,3,0))","v":""},0,{"$f":"IF(C2548=0,\"\",VLOOKUP(C2548,BNCDADOS!$A:$G,4,0))","v":""},{"$f":"IF(C2548=0,\"\",VLOOKUP(C2548,BNCDADOS!$A:$G,5,0))","v":""},{"$f":"SUM(I2550:I2560)","v":241129.17999999996},{"$f":"IF(C2548=0,\"\",VLOOKUP(C2548,BNCDADOS!$A:$G,6,0))","v":""},{"$f":"IF(C2548=0,\"\",VLOOKUP(C2548,BNCDADOS!$A:$G,7,0))","v":""},{"$f":"SUM(L2550:L2560)","v":248387.1},0]
[null,{"$f":"IF(C2549=0,\"\",VLOOKUP(C2549,BNCDADOS!$A:$G,8,0))","v":""},null,"ATERRO DA ÁREA",{"$f":"IF(C2549=0,\"\",VLOOKUP(C2549,BNCDADOS!$A:$G,3,0))","v":""},0,{"$f":"IF(C2549=0,\"\",VLOOKUP(C2549,BNCDADOS!$A:$G,4,0))","v":""},{"$nulls":5},0]
["8.3.2.1",{"$f":"IF(C2550=0,\"\",VLOOKUP(C2550,BNCDADOS!$A:$H,8,0))","v":"SINAPI/RN\nSERVIÇO"},96385,{"$f":"IF(C2550=0,\"\",VLOOKUP(C2550,BNCDADOS!$A:$G,2,0))","v":"EXECUÇÃO E COMPACTAÇÃO DE ATERRO COM SOLO PREDOMINANTEMENTE ARGILOSO - EXCLUSIVE SOLO, ESCAVAÇÃO, CARGA E TRANSPORTE. AF_11/2019"},{"$f":"IF(C2550=0,\"\",VLOOKUP(C2550,BNCDADOS!$A:$G,3,0))","v":"M3"},2240.8000000000002,{"$f":"IF(C2550=0,\"\",VLOOKUP(C2550,BNCDADOS!$A:$G,4,0))","v":"11,83"},{"$f":"IF(C2550=0,\"\",VLOOKUP(C2550,BNCDADOS!$A:$G,5,0))","v":14.63},{"$f":"IF(H2550=\"\",0,TRUNC(H2550*F2550,2))","v":32782.9},{"$f":"IF(C2550=0,\"\",VLOOKUP(C2550,BNCDADOS!$A:$G,6,0))","v":"11,38"},{"$f":"IF(C2550=0,\"\",VLOOKUP(C2550,BNCDADOS!$A:$G,7,0))","v":14.78},{"$f":"IF(K2550=\"\",0,TRUNC(K2550*F2550,2))","v":33119.019999999997},{"$f":"SUMIF('MC - TRECHO 07'!A:A,Orçamento!A2550,'MC - TRECHO 07'!R:R)","v":2240.8000000000002}]
["8.3.2.2",{"$f":"IF(C2551=0,\"\",VLOOKUP(C2551,BNCDADOS!$A:$H,8,0))","v":"SINAPI/RN\nSERVIÇO"},101232,{"$f":"IF(C2551=0,\"\",VLOOKUP(C2551,BNCDADOS!$A:$G,2,0))","v":"ESCAVAÇÃO VERTICAL PARA INFRAESTRUTURA, COM CARGA, DESCARGA E TRANSPORTE DE SOLO DE 1ª CATEGORIA, COM ESCAVADEIRA HIDRÁULICA (CAÇAMBA: 1,2 M³ / 155 HP), FROTA DE 3 CAMINHÕES BASCULANTES DE 14 M³, DMT ATÉ 1 KM E VELOCIDADE MÉDIA14 KM/H. AF_05/2020"},{"$f":"IF(C2551=0,\"\",VLOOKUP(C2551,BNCDADOS!$A:$G,3,0))","v":"M3"},2240.8000000000002,{"$f":"IF(C2551=0,\"\",VLOOKUP(C2551,BNCDADOS!$A:$G,4,0))","v":"9,80"},{"$f":"IF(C2551=0,\"\",VLOOKUP(C2551,BNCDADOS!$A:$G,5,0))","v":12.12},27158.49,{"$f":"IF(C2551=0,\"\",VLOOKUP(C2551,BNCDADOS!$A:$G,6,0))","v":"9,66"},{"$f":"IF(C2551=0,\"\",VLOOKUP(C2551,BNCDADOS!$A:$G,7,0))","v":12.55},28122.04,{"$f":"SUMIF('MC - TRECHO 07'!A:A,Orçamento!A2551,'MC - TRECHO 07'!R:R)","v":2240.8000000000002}]
["8.3.2.3",{"$f":"IF(C2552=0,\"\",VLOOKUP(C2552,BNCDADOS!$A:$H,8,0))","v":"SINAPI/RN\nSERVIÇO"},93591,{"$f":"IF(C2552=0,\"\",VLOOKUP(C2552,BNCDADOS!$A:$G,2,0))","v":"TRANSPORTE COM CAMINHÃO BASCULANTE DE 14 M³, EM VIA URBANA EM LEITO NATURAL (UNIDADE: M3XKM). AF_07/2020"},{"$f":"IF(C2552=0,\"\",VLOOKUP(C2552,BNCDADOS!$A:$G,3,0))","v":"M3XKM"},13444.8,{"$f":"IF(C2552=0,\"\",VLOOKUP(C2552,BNCDADOS!$A:$G,4,0))","v":"2,83"},{"$f":"IF(C2552=0,\"\",VLOOKUP(C2552,BNCDADOS!$A:$G,5,0))","v":3.5},47056.800000000003,{"$f":"IF(C2552=0,\"\",VLOOKUP(C2552,BNCDADOS!$A:$G,6,0))","v":"2,80"},{"$f":"IF(C2552=0,\"\",VLOOKUP(C2552,BNCDADOS!$A:$G,7,0))","v":3.63},48804.62,{"$f":"SUMIF('MC - TRECHO 07'!A:A,Orçamento!A2552,'MC - TRECHO 07'!R:R)","v":13444.8}]
["8.3.2.4",{"$f":"IF(C2553=0,\"\",VLOOKUP(C2553,BNCDADOS!$A:$H,8,0))","v":"SINAPI/RN\nSERVIÇO"},93592,{"$f":"IF(C2553=0,\"\",VLOOKUP(C2553,BNCDADOS!$A:$G,2,0))","v":"TRANSPORTE COM CAMINHÃO BASCULANTE DE 14 M³, EM VIA URBANA EM REVESTIMENTO PRIMÁRIO (UNIDADE: M3XKM). AF_07/2020"},{"$f":"IF(C2553=0,\"\",VLOOKUP(C2553,BNCDADOS!$A:$G,3,0))","v":"M3XKM"},26889.599999999999,{"$f":"IF(C2553=0,\"\",VLOOKUP(C2553,BNCDADOS!$A:$G,4,0))","v":"2,45"},{"$f":"IF(C2553=0,\"\",VLOOKUP(C2553,BNCDADOS!$A:$G,5,0))","v":3.03},81475.48,{"$f":"IF(C2553=0,\"\",VLOOKUP(C2553,BNCDADOS!$A:$G,6,0))","v":"2,42"},{"$f":"IF(C2553=0,\"\",VLOOKUP(C2553,BNCDADOS!$A:$G,7,0))","v":3.14},84433.34,{"$f":"SUMIF('MC - TRECHO 07'!A:A,Orçamento!A2553,'MC - TRECHO 07'!R:R)","v":26889.599999999999}]
["8.3.2.5",{"$f":"IF(C2554=0,\"\",VLOOKUP(C2554,BNCDADOS!$A:$H,8,0))","v":"SINAPI/RN\nSERVIÇO"},98520,{"$f":"IF(C2554=0,\"\",VLOOKUP(C2554,BNCDADOS!$A:$G,2,0))","v":"APLICAÇÃO DE ADUBO EM SOLO. AF_07/2024"},{"$f":"IF(C2554=0,\"\",VLOOKUP(C2554,BNCDADOS!$A:$G,3,0))","v":"M2"},160,{"$f":"IF(C2554=0,\"\",VLOOKUP(C2554,BNCDADOS!$A:$G,4,0))","v":"6,22"},{"$f":"IF(C2554=0,\"\",VLOOKUP(C2554,BNCDADOS!$A:$G,5,0))","v":7.69},1230.4000000000001,{"$f":"IF(C2554=0,\"\",VLOOKUP(C2554,BNCDADOS!$A:$G,6,0))","v":"6,09"},{"$f":"IF(C2554=0,\"\",VLOOKUP(C2554,BNCDADOS!$A:$G,7,0))","v":7.91},1265.5999999999999,{"$f":"SUMIF('MC - TRECHO 07'!A:A,Orçamento!A2554,'MC - TRECHO 07'!R:R)","v":160}]
["8.3.2.6",{"$f":"IF(C2555=0,\"\",VLOOKUP(C2555,BNCDADOS!$A:$H,8,0))","v":"SINAPI/RN\nSERVIÇO"},98504,{"$f":"IF(C2555=0,\"\",VLOOKUP(C2555,BNCDADOS!$A:$G,2,0))","v":"PLANTIO DE GRAMA BATATAIS EM PLACAS. AF_07/2024"},{"$f":"IF(C2555=0,\"\",VLOOKUP(C2555,BNCDADOS!$A:$G,3,0))","v":"M2"},160,{"$f":"IF(C2555=0,\"\",VLOOKUP(C2555,BNCDADOS!$A:$G,4,0))","v":"13,41"},{"$f":"IF(C2555=0,\"\",VLOOKUP(C2555,BNCDADOS!$A:$G,5,0))","v":16.579999999999998},2652.8,{"$f":"IF(C2555=0,\"\",VLOOKUP(C2555,BNCDADOS!$A:$G,6,0))","v":"13,08"},{"$f":"IF(C2555=0,\"\",VLOOKUP(C2555,BNCDADOS!$A:$G,7,0))","v":16.989999999999998},2718.4,{"$f":"SUMIF('MC - TRECHO 07'!A:A,Orçamento!A2555,'MC - TRECHO 07'!R:R)","v":160}]
[null,{"$f":"IF(C2556=0,\"\",VLOOKUP(C2556,BNCDADOS!$A:$G,8,0))","v":""},null,"SERVIÇOS DE TERRA PARA A EXECUÇÃO DAS ESTRUTURAS",{"$f":"IF(C2556=0,\"\",VLOOKUP(C2556,BNCDADOS!$A:$G,3,0))","v":""},0,{"$f":"IF(C2556=0,\"\",VLOOKUP(C2556,BNCDADOS!$A:$G,4,0))","v":""},{"$nulls":5},0]
["8.3.2.7",{"$f":"IF(C2557=0,\"\",VLOOKUP(C2557,BNCDADOS!$A:$H,8,0))","v":"SINAPI/RN\nSERVIÇO"},96525,{"$f":"IF(C2557=0,\"\",VLOOKUP(C2557,BNCDADOS!$A:$G,2,0))","v":"ESCAVAÇÃO MECANIZADA PARA VIGA BALDRAME OU SAPATA CORRIDA COM MINI-ESCAVADEIRA (INCLUINDO ESCAVAÇÃO PARA COLOCAÇÃO DE FÔRMAS). AF_01/2024"},{"$f":"IF(C2557=0,\"\",VLOOKUP(C2557,BNCDADOS!$A:$G,3,0))","v":"M3"},27,{"$f":"IF(C2557=0,\"\",VLOOKUP(C2557,BNCDADOS!$A:$G,4,0))","v":"55,00"},{"$f":"IF(C2557=0,\"\",VLOOKUP(C2557,BNCDADOS!$A:$G,5,0))","v":68.02},{"$f":"IF(H2557=\"\",0,TRUNC(H2557*F2557,2))","v":1836.54},{"$f":"IF(C2557=0,\"\",VLOOKUP(C2557,BNCDADOS!$A:$G,6,0))","v":"52,42"},{"$f":"IF(C2557=0,\"\",VLOOKUP(C2557,BNCDADOS!$A:$G,7,0))","v":68.12},{"$f":"IF(K2557=\"\",0,TRUNC(K2557*F2557,2))","v":1839.24},{"$f":"SUMIF('MC - TRECHO 07'!A:A,Orçamento!A2557,'MC - TRECHO 07'!R:R)","v":27}]
["8.3.2.8",{"$f":"IF(C2558=0,\"\",VLOOKUP(C2558,BNCDADOS!$A:$H,8,0))","v":"SINAPI/RN\nSERVIÇO"},93382,{"$f":"IF(C2558=0,\"\",VLOOKUP(C2558,BNCDADOS!$A:$G,2,0))","v":"REATERRO MANUAL DE VALAS, COM COMPACTADOR DE SOLOS DE PERCUSSÃO. AF_08/2023"},{"$f":"IF(C2558=0,\"\",VLOOKUP(C2558,BNCDADOS!$A:$G,3,0))","v":"M3"},19.440000000000001,{"$f":"IF(C2558=0,\"\",VLOOKUP(C2558,BNCDADOS!$A:$G,4,0))","v":"25,08"},{"$f":"IF(C2558=0,\"\",VLOOKUP(C2558,BNCDADOS!$A:$G,5,0))","v":31.02},{"$f":"IF(H2558=\"\",0,TRUNC(H2558*F2558,2))","v":603.02},{"$f":"IF(C2558=0,\"\",VLOOKUP(C2558,BNCDADOS!$A:$G,6,0))","v":"22,89"},{"$f":"IF(C2558=0,\"\",VLOOKUP(C2558,BNCDADOS!$A:$G,7,0))","v":29.74},{"$f":"IF(K2558=\"\",0,TRUNC(K2558*F2558,2))","v":578.14},{"$f":"SUMIF('MC - TRECHO 07'!A:A,Orçamento!A2558,'MC - TRECHO 07'!R:R)","v":19.440000000000001}]
["8.3.2.9",{"$f":"IF(C2559=0,\"\",VLOOKUP(C2559,BNCDADOS!$A:$H,8,0))","v":"SINAPI/RN\nSERVIÇO"},101206,{"$f":"IF(C2559=0,\"\",VLOOKUP(C2559,BNCDADOS!$A:$G,2,0))","v":"ESCAVAÇÃO VERTICAL PARA  EDIFICAÇÃO, COM CARGA, DESCARGA E TRANSPORTE DE SOLO DE 1ª CATEGORIA, COM ESCAVADEIRA HIDRÁULICA (CAÇAMBA: 0,8 M³ / 111 HP), FROTA DE 3 CAMINHÕES BASCULANTES DE 14 M³, DMT ATÉ 1 KM E VELOCIDADE MÉDIA 14 KM/H. AF_05/2020"},{"$f":"IF(C2559=0,\"\",VLOOKUP(C2559,BNCDADOS!$A:$G,3,0))","v":"M3"},2393.6,{"$f":"IF(C2559=0,\"\",VLOOKUP(C2559,BNCDADOS!$A:$G,4,0))","v":"13,00"},{"$f":"IF(C2559=0,\"\",VLOOKUP(C2559,BNCDADOS!$A:$G,5,0))","v":16.07},{"$f":"IF(H2559=\"\",0,TRUNC(H2559*F2559,2))","v":38465.15},{"$f":"IF(C2559=0,\"\",VLOOKUP(C2559,BNCDADOS!$A:$G,6,0))","v":"12,77"},{"$f":"IF(C2559=0,\"\",VLOOKUP(C2559,BNCDADOS!$A:$G,7,0))","v":16.59},{"$f":"IF(K2559=\"\",0,TRUNC(K2559*F2559,2))","v":39709.82},{"$f":"SUMIF('MC - TRECHO 07'!A:A,Orçamento!A2559,'MC - TRECHO 07'!R:R)","v":2393.6}]
["8.3.2.10",{"$f":"IF(C2560=0,\"\",VLOOKUP(C2560,BNCDADOS!$A:$H,8,0))","v":"SINAPI/RN\nSERVIÇO"},93379,{"$f":"IF(C2560=0,\"\",VLOOKUP(C2560,BNCDADOS!$A:$G,2,0))","v":"REATERRO MECANIZADO DE VALA COM RETROESCAVADEIRA (CAPACIDADE DA CAÇAMBA   DA RETRO: 0,26 M³/POTÊNCIA: 88 HP), LARGURA 0,8 A 1,5 M, PROFUNDIDADE ATÉ 1,5 M, COM SOLO (SEM SUBSTITUIÇÃO) DE 1ª CATEGORIA, COM COMPACTADOR DE SOLOS DE PERCUSSÃO AF_08/2023"},{"$f":"IF(C2560=0,\"\",VLOOKUP(C2560,BNCDADOS!$A:$G,3,0))","v":"M3"},353.6,{"$f":"IF(C2560=0,\"\",VLOOKUP(C2560,BNCDADOS!$A:$G,4,0))","v":"17,99"},{"$f":"IF(C2560=0,\"\",VLOOKUP(C2560,BNCDADOS!$A:$G,5,0))","v":22.25},{"$f":"IF(H2560=\"\",0,TRUNC(H2560*F2560,2))","v":7867.6},{"$f":"IF(C2560=0,\"\",VLOOKUP(C2560,BNCDADOS!$A:$G,6,0))","v":"16,97"},{"$f":"IF(C2560=0,\"\",VLOOKUP(C2560,BNCDADOS!$A:$G,7,0))","v":22.05},{"$f":"IF(K2560=\"\",0,TRUNC(K2560*F2560,2))","v":7796.88},{"$f":"SUMIF('MC - TRECHO 07'!A:A,Orçamento!A2560,'MC - TRECHO 07'!R:R)","v":353.59999999999991}]
["8.3.3",{"$f":"IF(C2561=0,\"\",VLOOKUP(C2561,BNCDADOS!$A:$G,8,0))","v":""},null,"ESTRUTURA",{"$f":"IF(C2561=0,\"\",VLOOKUP(C2561,BNCDADOS!$A:$G,3,0))","v":""},0,{"$f":"IF(C2561=0,\"\",VLOOKUP(C2561,BNCDADOS!$A:$G,4,0))","v":""},{"$f":"IF(C2561=0,\"\",VLOOKUP(C2561,BNCDADOS!$A:$G,5,0))","v":""},{"$f":"SUM(I2562:I2575)","v":967065.8},{"$f":"IF(C2561=0,\"\",VLOOKUP(C2561,BNCDADOS!$A:$G,6,0))","v":""},{"$f":"IF(C2561=0,\"\",VLOOKUP(C2561,BNCDADOS!$A:$G,7,0))","v":""},{"$f":"SUM(L2562:L2575)","v":1000639.5599999998},0]
["8.3.3.1",{"$f":"IF(C2562=0,\"\",VLOOKUP(C2562,BNCDADOS!$A:$H,8,0))","v":"SINAPI/RN\nSERVIÇO"},95241,{"$f":"IF(C2562=0,\"\",VLOOKUP(C2562,BNCDADOS!$A:$G,2,0))","v":"LASTRO DE CONCRETO MAGRO, APLICADO EM PISOS, LAJES SOBRE SOLO OU RADIERS, ESPESSURA DE 5 CM. AF_01/2024"},{"$f":"IF(C2562=0,\"\",VLOOKUP(C2562,BNCDADOS!$A:$G,3,0))","v":"M2"},600,{"$f":"IF(C2562=0,\"\",VLOOKUP(C2562,BNCDADOS!$A:$G,4,0))","v":"36,15"},{"$f":"IF(C2562=0,\"\",VLOOKUP(C2562,BNCDADOS!$A:$G,5,0))","v":44.71},{"$f":"IF(H2562=\"\",0,TRUNC(H2562*F2562,2))","v":26826},{"$f":"IF(C2562=0,\"\",VLOOKUP(C2562,BNCDADOS!$A:$G,6,0))","v":"34,74"},{"$f":"IF(C2562=0,\"\",VLOOKUP(C2562,BNCDADOS!$A:$G,7,0))","v":45.14},{"$f":"IF(K2562=\"\",0,TRUNC(K2562*F2562,2))","v":27084},{"$f":"SUMIF('MC - TRECHO 07'!A:A,Orçamento!A2562,'MC - TRECHO 07'!R:R)","v":600}]
["8.3.3.2",{"$f":"IF(C2563=0,\"\",VLOOKUP(C2563,BNCDADOS!$A:$H,8,0))","v":"SINAPI/RN\nSERVIÇO"},103800,{"$f":"IF(C2563=0,\"\",VLOOKUP(C2563,BNCDADOS!$A:$G,2,0))","v":"PEDRA ARGAMASSADA COM CIMENTO E AREIA 1:3, 40% DE ARGAMASSA EM VOLUME - AREIA E PEDRA DE MÃO COMERCIAIS - FORNECIMENTO E ASSENTAMENTO. AF_08/2022"},{"$f":"IF(C2563=0,\"\",VLOOKUP(C2563,BNCDADOS!$A:$G,3,0))","v":"M3"},12.36,{"$f":"IF(C2563=0,\"\",VLOOKUP(C2563,BNCDADOS!$A:$G,4,0))","v":"534,85"},{"$f":"IF(C2563=0,\"\",VLOOKUP(C2563,BNCDADOS!$A:$G,5,0))","v":661.55},8176.75,{"$f":"IF(C2563=0,\"\",VLOOKUP(C2563,BNCDADOS!$A:$G,6,0))","v":"515,06"},{"$f":"IF(C2563=0,\"\",VLOOKUP(C2563,BNCDADOS!$A:$G,7,0))","v":669.37},8273.41,{"$f":"SUMIF('MC - TRECHO 07'!A:A,Orçamento!A2563,'MC - TRECHO 07'!R:R)","v":12.36}]
["8.3.3.3",{"$f":"IF(C2564=0,\"\",VLOOKUP(C2564,BNCDADOS!$A:$H,8,0))","v":"SINAPI/RN\nSERVIÇO"},92916,{"$f":"IF(C2564=0,\"\",VLOOKUP(C2564,BNCDADOS!$A:$G,2,0))","v":"ARMAÇÃO DE ESTRUTURAS DIVERSAS DE CONCRETO ARMADO, EXCETO VIGAS, PILARES, LAJES E FUNDAÇÕES, UTILIZANDO AÇO CA-50 DE 6,3 MM - MONTAGEM. AF_06/2022"},{"$f":"IF(C2564=0,\"\",VLOOKUP(C2564,BNCDADOS!$A:$G,3,0))","v":"KG"},343.02,{"$f":"IF(C2564=0,\"\",VLOOKUP(C2564,BNCDADOS!$A:$G,4,0))","v":"15,76"},{"$f":"IF(C2564=0,\"\",VLOOKUP(C2564,BNCDADOS!$A:$G,5,0))","v":19.489999999999998},6685.45,{"$f":"IF(C2564=0,\"\",VLOOKUP(C2564,BNCDADOS!$A:$G,6,0))","v":"15,19"},{"$f":"IF(C2564=0,\"\",VLOOKUP(C2564,BNCDADOS!$A:$G,7,0))","v":19.739999999999998},6771.21,{"$f":"SUMIF('MC - TRECHO 07'!A:A,Orçamento!A2564,'MC - TRECHO 07'!R:R)","v":343.02}]
["8.3.3.4",{"$f":"IF(C2565=0,\"\",VLOOKUP(C2565,BNCDADOS!$A:$H,8,0))","v":"SINAPI/RN\nSERVIÇO"},92917,{"$f":"IF(C2565=0,\"\",VLOOKUP(C2565,BNCDADOS!$A:$G,2,0))","v":"ARMAÇÃO DE ESTRUTURAS DIVERSAS DE CONCRETO ARMADO, EXCETO VIGAS, PILARES, LAJES E FUNDAÇÕES, UTILIZANDO AÇO CA-50 DE 8,0 MM - MONTAGEM. AF_06/2022"},{"$f":"IF(C2565=0,\"\",VLOOKUP(C2565,BNCDADOS!$A:$G,3,0))","v":"KG"},313,{"$f":"IF(C2565=0,\"\",VLOOKUP(C2565,BNCDADOS!$A:$G,4,0))","v":"14,39"},{"$f":"IF(C2565=0,\"\",VLOOKUP(C2565,BNCDADOS!$A:$G,5,0))","v":17.79},5568.27,{"$f":"IF(C2565=0,\"\",VLOOKUP(C2565,BNCDADOS!$A:$G,6,0))","v":"14,00"},{"$f":"IF(C2565=0,\"\",VLOOKUP(C2565,BNCDADOS!$A:$G,7,0))","v":18.190000000000001},5693.47,{"$f":"SUMIF('MC - TRECHO 07'!A:A,Orçamento!A2565,'MC - TRECHO 07'!R:R)","v":313}]
["8.3.3.5",{"$f":"IF(C2566=0,\"\",VLOOKUP(C2566,BNCDADOS!$A:$H,8,0))","v":"SINAPI/RN\nSERVIÇO"},92919,{"$f":"IF(C2566=0,\"\",VLOOKUP(C2566,BNCDADOS!$A:$G,2,0))","v":"ARMAÇÃO DE ESTRUTURAS DIVERSAS DE CONCRETO ARMADO, EXCETO VIGAS, PILARES, LAJES E FUNDAÇÕES, UTILIZANDO AÇO CA-50 DE 10,0 MM - MONTAGEM. AF_06/2022"},{"$f":"IF(C2566=0,\"\",VLOOKUP(C2566,BNCDADOS!$A:$G,3,0))","v":"KG"},3106,{"$f":"IF(C2566=0,\"\",VLOOKUP(C2566,BNCDADOS!$A:$G,4,0))","v":"12,59"},{"$f":"IF(C2566=0,\"\",VLOOKUP(C2566,BNCDADOS!$A:$G,5,0))","v":15.57},48360.42,{"$f":"IF(C2566=0,\"\",VLOOKUP(C2566,BNCDADOS!$A:$G,6,0))","v":"12,31"},{"$f":"IF(C2566=0,\"\",VLOOKUP(C2566,BNCDADOS!$A:$G,7,0))","v":15.99},49664.94,{"$f":"SUMIF('MC - TRECHO 07'!A:A,Orçamento!A2566,'MC - TRECHO 07'!R:R)","v":3106}]
["8.3.3.6",{"$f":"IF(C2567=0,\"\",VLOOKUP(C2567,BNCDADOS!$A:$H,8,0))","v":"SINAPI/RN\nSERVIÇO"},92921,{"$f":"IF(C2567=0,\"\",VLOOKUP(C2567,BNCDADOS!$A:$G,2,0))","v":"ARMAÇÃO DE ESTRUTURAS DIVERSAS DE CONCRETO ARMADO, EXCETO VIGAS, PILARES, LAJES E FUNDAÇÕES, UTILIZANDO AÇO CA-50 DE 12,5 MM - MONTAGEM. AF_06/2022"},{"$f":"IF(C2567=0,\"\",VLOOKUP(C2567,BNCDADOS!$A:$G,3,0))","v":"KG"},496,{"$f":"IF(C2567=0,\"\",VLOOKUP(C2567,BNCDADOS!$A:$G,4,0))","v":"10,41"},{"$f":"IF(C2567=0,\"\",VLOOKUP(C2567,BNCDADOS!$A:$G,5,0))","v":12.87},6383.52,{"$f":"IF(C2567=0,\"\",VLOOKUP(C2567,BNCDADOS!$A:$G,6,0))","v":"10,23"},{"$f":"IF(C2567=0,\"\",VLOOKUP(C2567,BNCDADOS!$A:$G,7,0))","v":13.29},6591.84,{"$f":"SUMIF('MC - TRECHO 07'!A:A,Orçamento!A2567,'MC - TRECHO 07'!R:R)","v":496}]
["8.3.3.7",{"$f":"IF(C2568=0,\"\",VLOOKUP(C2568,BNCDADOS!$A:$H,8,0))","v":"SINAPI/RN\nSERVIÇO"},92922,{"$f":"IF(C2568=0,\"\",VLOOKUP(C2568,BNCDADOS!$A:$G,2,0))","v":"ARMAÇÃO DE ESTRUTURAS DIVERSAS DE CONCRETO ARMADO, EXCETO VIGAS, PILARES, LAJES E FUNDAÇÕES, UTILIZANDO AÇO CA-50 DE 16,0 MM - MONTAGEM. AF_06/2022"},{"$f":"IF(C2568=0,\"\",VLOOKUP(C2568,BNCDADOS!$A:$G,3,0))","v":"KG"},26883,{"$f":"IF(C2568=0,\"\",VLOOKUP(C2568,BNCDADOS!$A:$G,4,0))","v":"9,94"},{"$f":"IF(C2568=0,\"\",VLOOKUP(C2568,BNCDADOS!$A:$G,5,0))","v":12.29},330392.07,{"$f":"IF(C2568=0,\"\",VLOOKUP(C2568,BNCDADOS!$A:$G,6,0))","v":"9,82"},{"$f":"IF(C2568=0,\"\",VLOOKUP(C2568,BNCDADOS!$A:$G,7,0))","v":12.76},343027.08,{"$f":"SUMIF('MC - TRECHO 07'!A:A,Orçamento!A2568,'MC - TRECHO 07'!R:R)","v":26883}]
["8.3.3.8",{"$f":"IF(C2569=0,\"\",VLOOKUP(C2569,BNCDADOS!$A:$H,8,0))","v":"SINAPI/RN\nSERVIÇO"},92924,{"$f":"IF(C2569=0,\"\",VLOOKUP(C2569,BNCDADOS!$A:$G,2,0))","v":"ARMAÇÃO DE ESTRUTURAS DIVERSAS DE CONCRETO ARMADO, EXCETO VIGAS, PILARES, LAJES E FUNDAÇÕES, UTILIZANDO AÇO CA-50 DE 25,0 MM - MONTAGEM. AF_06/2022"},{"$f":"IF(C2569=0,\"\",VLOOKUP(C2569,BNCDADOS!$A:$G,3,0))","v":"KG"},2613,{"$f":"IF(C2569=0,\"\",VLOOKUP(C2569,BNCDADOS!$A:$G,4,0))","v":"10,97"},{"$f":"IF(C2569=0,\"\",VLOOKUP(C2569,BNCDADOS!$A:$G,5,0))","v":13.56},35432.28,{"$f":"IF(C2569=0,\"\",VLOOKUP(C2569,BNCDADOS!$A:$G,6,0))","v":"10,88"},{"$f":"IF(C2569=0,\"\",VLOOKUP(C2569,BNCDADOS!$A:$G,7,0))","v":14.13},36921.69,{"$f":"SUMIF('MC - TRECHO 07'!A:A,Orçamento!A2569,'MC - TRECHO 07'!R:R)","v":2613}]
["8.3.3.9",{"$f":"IF(C2570=0,\"\",VLOOKUP(C2570,BNCDADOS!$A:$H,8,0))","v":"SINAPI/RN\nSERVIÇO"},92769,{"$f":"IF(C2570=0,\"\",VLOOKUP(C2570,BNCDADOS!$A:$G,2,0))","v":"ARMAÇÃO DE LAJE DE ESTRUTURA CONVENCIONAL DE CONCRETO ARMADO UTILIZANDO AÇO CA-50 DE 6,3 MM - MONTAGEM. AF_06/2022"},{"$f":"IF(C2570=0,\"\",VLOOKUP(C2570,BNCDADOS!$A:$G,3,0))","v":"KG"},446.98,{"$f":"IF(C2570=0,\"\",VLOOKUP(C2570,BNCDADOS!$A:$G,4,0))","v":"13,27"},{"$f":"IF(C2570=0,\"\",VLOOKUP(C2570,BNCDADOS!$A:$G,5,0))","v":16.41},7334.94,{"$f":"IF(C2570=0,\"\",VLOOKUP(C2570,BNCDADOS!$A:$G,6,0))","v":"12,98"},{"$f":"IF(C2570=0,\"\",VLOOKUP(C2570,BNCDADOS!$A:$G,7,0))","v":16.86},7536.08,{"$f":"SUMIF('MC - TRECHO 07'!A:A,Orçamento!A2570,'MC - TRECHO 07'!R:R)","v":446.98}]
["8.3.3.10",{"$f":"IF(C2571=0,\"\",VLOOKUP(C2571,BNCDADOS!$A:$H,8,0))","v":"SINAPI/RN\nSERVIÇO"},92771,{"$f":"IF(C2571=0,\"\",VLOOKUP(C2571,BNCDADOS!$A:$G,2,0))","v":"ARMAÇÃO DE LAJE DE ESTRUTURA CONVENCIONAL DE CONCRETO ARMADO UTILIZANDO AÇO CA-50 DE 10,0 MM - MONTAGEM. AF_06/2022"},{"$f":"IF(C2571=0,\"\",VLOOKUP(C2571,BNCDADOS!$A:$G,3,0))","v":"KG"},2513,{"$f":"IF(C2571=0,\"\",VLOOKUP(C2571,BNCDADOS!$A:$G,4,0))","v":"11,15"},{"$f":"IF(C2571=0,\"\",VLOOKUP(C2571,BNCDADOS!$A:$G,5,0))","v":13.79},34654.269999999997,{"$f":"IF(C2571=0,\"\",VLOOKUP(C2571,BNCDADOS!$A:$G,6,0))","v":"11,03"},{"$f":"IF(C2571=0,\"\",VLOOKUP(C2571,BNCDADOS!$A:$G,7,0))","v":14.33},36011.29,{"$f":"SUMIF('MC - TRECHO 07'!A:A,Orçamento!A2571,'MC - TRECHO 07'!R:R)","v":2513}]
["8.3.3.11",{"$f":"IF(C2572=0,\"\",VLOOKUP(C2572,BNCDADOS!$A:$H,8,0))","v":"SINAPI/RN\nSERVIÇO"},92772,{"$f":"IF(C2572=0,\"\",VLOOKUP(C2572,BNCDADOS!$A:$G,2,0))","v":"ARMAÇÃO DE LAJE DE ESTRUTURA CONVENCIONAL DE CONCRETO ARMADO UTILIZANDO AÇO CA-50 DE 12,5 MM - MONTAGEM. AF_06/2022"},{"$f":"IF(C2572=0,\"\",VLOOKUP(C2572,BNCDADOS!$A:$G,3,0))","v":"KG"},3821,{"$f":"IF(C2572=0,\"\",VLOOKUP(C2572,BNCDADOS!$A:$G,4,0))","v":"9,37"},{"$f":"IF(C2572=0,\"\",VLOOKUP(C2572,BNCDADOS!$A:$G,5,0))","v":11.58},44247.18,{"$f":"IF(C2572=0,\"\",VLOOKUP(C2572,BNCDADOS!$A:$G,6,0))","v":"9,29"},{"$f":"IF(C2572=0,\"\",VLOOKUP(C2572,BNCDADOS!$A:$G,7,0))","v":12.07},46119.47,{"$f":"SUMIF('MC - TRECHO 07'!A:A,Orçamento!A2572,'MC - TRECHO 07'!R:R)","v":3821}]
["8.3.3.12",{"$f":"IF(C2573=0,\"\",VLOOKUP(C2573,BNCDADOS!$A:$H,8,0))","v":"SINAPI/RN\nSERVIÇO"},92773,{"$f":"IF(C2573=0,\"\",VLOOKUP(C2573,BNCDADOS!$A:$G,2,0))","v":"ARMAÇÃO DE LAJE DE ESTRUTURA CONVENCIONAL DE CONCRETO ARMADO UTILIZANDO AÇO CA-50 DE 16,0 MM - MONTAGEM. AF_06/2022"},{"$f":"IF(C2573=0,\"\",VLOOKUP(C2573,BNCDADOS!$A:$G,3,0))","v":"KG"},5582,{"$f":"IF(C2573=0,\"\",VLOOKUP(C2573,BNCDADOS!$A:$G,4,0))","v":"9,19"},{"$f":"IF(C2573=0,\"\",VLOOKUP(C2573,BNCDADOS!$A:$G,5,0))","v":11.36},63411.519999999997,{"$f":"IF(C2573=0,\"\",VLOOKUP(C2573,BNCDADOS!$A:$G,6,0))","v":"9,14"},{"$f":"IF(C2573=0,\"\",VLOOKUP(C2573,BNCDADOS!$A:$G,7,0))","v":11.87},66258.34,{"$f":"SUMIF('MC - TRECHO 07'!A:A,Orçamento!A2573,'MC - TRECHO 07'!R:R)","v":5582}]
["8.3.3.13",{"$f":"IF(C2574=0,\"\",VLOOKUP(C2574,BNCDADOS!$A:$H,8,0))","v":0},"COMP 20",{"$f":"IF(C2574=0,\"\",VLOOKUP(C2574,BNCDADOS!$A:$G,2,0))","v":"CONCRETAGEM DE ESTRUTURAS, FCK = 40 MPA, COM USO DE BOMBA EM EDIFICAÇÕES DIVERSAS - LANÇAMENTO, ADENSAMENTO E ACABAMENTO"},{"$f":"IF(C2574=0,\"\",VLOOKUP(C2574,BNCDADOS!$A:$G,3,0))","v":"M3    "},318.98,{"$f":"IF(C2574=0,\"\",VLOOKUP(C2574,BNCDADOS!$A:$G,4,0))","v":852.28},{"$f":"IF(C2574=0,\"\",VLOOKUP(C2574,BNCDADOS!$A:$G,5,0))","v":1054.18},336262.33,{"$f":"IF(C2574=0,\"\",VLOOKUP(C2574,BNCDADOS!$A:$G,6,0))","v":837.56},{"$f":"IF(C2574=0,\"\",VLOOKUP(C2574,BNCDADOS!$A:$G,7,0))","v":1088.49},347206.54,{"$f":"SUMIF('MC - TRECHO 07'!A:A,Orçamento!A2574,'MC - TRECHO 07'!R:R)","v":318.98}]
["8.3.3.14",{"$f":"IF(C2575=0,\"\",VLOOKUP(C2575,BNCDADOS!$A:$H,8,0))","v":"SINAPI/RN\nSERVIÇO"},93205,{"$f":"IF(C2575=0,\"\",VLOOKUP(C2575,BNCDADOS!$A:$G,2,0))","v":"CINTA DE AMARRAÇÃO DE ALVENARIA MOLDADA IN LOCO COM UTILIZAÇÃO DE BLOCOS CANALETA, ESPESSURA DE *20* CM. AF_03/2024"},{"$f":"IF(C2575=0,\"\",VLOOKUP(C2575,BNCDADOS!$A:$G,3,0))","v":"M"},180,{"$f":"IF(C2575=0,\"\",VLOOKUP(C2575,BNCDADOS!$A:$G,4,0))","v":"59,88"},{"$f":"IF(C2575=0,\"\",VLOOKUP(C2575,BNCDADOS!$A:$G,5,0))","v":74.06},13330.8,{"$f":"IF(C2575=0,\"\",VLOOKUP(C2575,BNCDADOS!$A:$G,6,0))","v":"57,63"},{"$f":"IF(C2575=0,\"\",VLOOKUP(C2575,BNCDADOS!$A:$G,7,0))","v":74.89},13480.2,{"$f":"SUMIF('MC - TRECHO 07'!A:A,Orçamento!A2575,'MC - TRECHO 07'!R:R)","v":180}]
["8.3.4",{"$f":"IF(C2576=0,\"\",VLOOKUP(C2576,BNCDADOS!$A:$G,8,0))","v":""},null,"ALVENARIAS E REVESTIMENTOS",{"$f":"IF(C2576=0,\"\",VLOOKUP(C2576,BNCDADOS!$A:$G,3,0))","v":""},0,{"$f":"IF(C2576=0,\"\",VLOOKUP(C2576,BNCDADOS!$A:$G,4,0))","v":""},{"$f":"IF(C2576=0,\"\",VLOOKUP(C2576,BNCDADOS!$A:$G,5,0))","v":""},{"$f":"SUM(I2577:I2581)","v":166888.56},{"$f":"IF(C2576=0,\"\",VLOOKUP(C2576,BNCDADOS!$A:$G,6,0))","v":""},{"$f":"IF(C2576=0,\"\",VLOOKUP(C2576,BNCDADOS!$A:$G,7,0))","v":""},{"$f":"SUM(L2577:L2581)","v":167294.5},0]
["8.3.4.1",{"$f":"IF(C2577=0,\"\",VLOOKUP(C2577,BNCDADOS!$A:$H,8,0))","v":"SINAPI/RN\nSERVIÇO"},103338,{"$f":"IF(C2577=0,\"\",VLOOKUP(C2577,BNCDADOS!$A:$G,2,0))","v":"ALVENARIA DE VEDAÇÃO DE BLOCOS  VAZADOS DE CONCRETO APARENTE DE 14X19X39 CM (ESPESSURA 14 CM) E ARGAMASSA DE ASSENTAMENTO COM PREPARO EM BETONEIRA. AF_12/2021"},{"$f":"IF(C2577=0,\"\",VLOOKUP(C2577,BNCDADOS!$A:$G,3,0))","v":"M2"},432,{"$f":"IF(C2577=0,\"\",VLOOKUP(C2577,BNCDADOS!$A:$G,4,0))","v":"111,81"},{"$f":"IF(C2577=0,\"\",VLOOKUP(C2577,BNCDADOS!$A:$G,5,0))","v":138.29},{"$f":"IF(H2577=\"\",0,TRUNC(H2577*F2577,2))","v":59741.279999999999},{"$f":"IF(C2577=0,\"\",VLOOKUP(C2577,BNCDADOS!$A:$G,6,0))","v":"106,87"},{"$f":"IF(C2577=0,\"\",VLOOKUP(C2577,BNCDADOS!$A:$G,7,0))","v":138.88},{"$f":"IF(K2577=\"\",0,TRUNC(K2577*F2577,2))","v":59996.160000000003},{"$f":"SUMIF('MC - TRECHO 07'!A:A,Orçamento!A2577,'MC - TRECHO 07'!R:R)","v":432}]
["8.3.4.2",{"$f":"IF(C2578=0,\"\",VLOOKUP(C2578,BNCDADOS!$A:$H,8,0))","v":"SINAPI/RN\nSERVIÇO"},87879,{"$f":"IF(C2578=0,\"\",VLOOKUP(C2578,BNCDADOS!$A:$G,2,0))","v":"CHAPISCO APLICADO EM ALVENARIAS E ESTRUTURAS DE CONCRETO INTERNAS, COM COLHER DE PEDREIRO.  ARGAMASSA TRAÇO 1:3 COM PREPARO EM BETONEIRA 400L. AF_10/2022"},{"$f":"IF(C2578=0,\"\",VLOOKUP(C2578,BNCDADOS!$A:$G,3,0))","v":"M2"},864,{"$f":"IF(C2578=0,\"\",VLOOKUP(C2578,BNCDADOS!$A:$G,4,0))","v":"4,06"},{"$f":"IF(C2578=0,\"\",VLOOKUP(C2578,BNCDADOS!$A:$G,5,0))","v":5.0199999999999996},4337.28,{"$f":"IF(C2578=0,\"\",VLOOKUP(C2578,BNCDADOS!$A:$G,6,0))","v":"3,78"},{"$f":"IF(C2578=0,\"\",VLOOKUP(C2578,BNCDADOS!$A:$G,7,0))","v":4.91},4242.24,{"$f":"SUMIF('MC - TRECHO 07'!A:A,Orçamento!A2578,'MC - TRECHO 07'!R:R)","v":864}]
["8.3.4.3",{"$f":"IF(C2579=0,\"\",VLOOKUP(C2579,BNCDADOS!$A:$H,8,0))","v":"SINAPI/RN\nSERVIÇO"},89173,{"$f":"IF(C2579=0,\"\",VLOOKUP(C2579,BNCDADOS!$A:$G,2,0))","v":"(COMPOSIÇÃO REPRESENTATIVA) DO SERVIÇO DE EMBOÇO/MASSA ÚNICA, APLICADO MANUALMENTE, TRAÇO 1:2:8, EM BETONEIRA DE 400L, PAREDES INTERNAS, COM EXECUÇÃO DE TALISCAS, EDIFICAÇÃO HABITACIONAL UNIFAMILIAR (CASAS) E EDIFICAÇÃO PÚBLICA PADRÃO. AF_12/2014"},{"$f":"IF(C2579=0,\"\",VLOOKUP(C2579,BNCDADOS!$A:$G,3,0))","v":"m²"},1728,{"$f":"IF(C2579=0,\"\",VLOOKUP(C2579,BNCDADOS!$A:$G,4,0))","v":32},{"$f":"IF(C2579=0,\"\",VLOOKUP(C2579,BNCDADOS!$A:$G,5,0))","v":39.58},68394.240000000005,{"$f":"IF(C2579=0,\"\",VLOOKUP(C2579,BNCDADOS!$A:$G,6,0))","v":29.96},{"$f":"IF(C2579=0,\"\",VLOOKUP(C2579,BNCDADOS!$A:$G,7,0))","v":38.93},67271.039999999994,{"$f":"SUMIF('MC - TRECHO 07'!A:A,Orçamento!A2579,'MC - TRECHO 07'!R:R)","v":1728}]
["8.3.4.4",{"$f":"IF(C2580=0,\"\",VLOOKUP(C2580,BNCDADOS!$A:$H,8,0))","v":"SINAPI/RN\nSERVIÇO"},89045,{"$f":"IF(C2580=0,\"\",VLOOKUP(C2580,BNCDADOS!$A:$G,2,0))","v":"(COMPOSIÇÃO REPRESENTATIVA) DO SERVIÇO DE REVESTIMENTO CERÂMICO PARA AMBIENTES DE ÁREAS MOLHADAS, MEIA PAREDE OU PAREDE INTEIRA, COM PLACAS TIPO ESMALTADA EXTRA, DIMENSÕES 20X20 CM, PARA EDIFICAÇÃO HABITACIONAL MULTIFAMILIAR (PRÉDIO). AF_11/2014"},{"$f":"IF(C2580=0,\"\",VLOOKUP(C2580,BNCDADOS!$A:$G,3,0))","v":"M²"},25.8,{"$f":"IF(C2580=0,\"\",VLOOKUP(C2580,BNCDADOS!$A:$G,4,0))","v":67.73},{"$f":"IF(C2580=0,\"\",VLOOKUP(C2580,BNCDADOS!$A:$G,5,0))","v":83.77},2161.2600000000002,{"$f":"IF(C2580=0,\"\",VLOOKUP(C2580,BNCDADOS!$A:$G,6,0))","v":65.709999999999994},{"$f":"IF(C2580=0,\"\",VLOOKUP(C2580,BNCDADOS!$A:$G,7,0))","v":85.39},2203.06,{"$f":"SUMIF('MC - TRECHO 07'!A:A,Orçamento!A2580,'MC - TRECHO 07'!R:R)","v":25.799999999999997}]
["8.3.4.5",{"$f":"IF(C2581=0,\"\",VLOOKUP(C2581,BNCDADOS!$A:$H,8,0))","v":"SINAPI/RN\nSERVIÇO"},98553,{"$f":"IF(C2581=0,\"\",VLOOKUP(C2581,BNCDADOS!$A:$G,2,0))","v":"IMPERMEABILIZAÇÃO DE SUPERFÍCIE COM MEMBRANA À BASE DE POLIURETANO, 2 DEMÃOS. AF_09/2023"},{"$f":"IF(C2581=0,\"\",VLOOKUP(C2581,BNCDADOS!$A:$G,3,0))","v":"M2"},150,{"$f":"IF(C2581=0,\"\",VLOOKUP(C2581,BNCDADOS!$A:$G,4,0))","v":"173,85"},{"$f":"IF(C2581=0,\"\",VLOOKUP(C2581,BNCDADOS!$A:$G,5,0))","v":215.03},32254.5,{"$f":"IF(C2581=0,\"\",VLOOKUP(C2581,BNCDADOS!$A:$G,6,0))","v":"172,27"},{"$f":"IF(C2581=0,\"\",VLOOKUP(C2581,BNCDADOS!$A:$G,7,0))","v":223.88},33582,{"$f":"SUMIF('MC - TRECHO 07'!A:A,Orçamento!A2581,'MC - TRECHO 07'!R:R)","v":150}]
["8.3.5",{"$f":"IF(C2582=0,\"\",VLOOKUP(C2582,BNCDADOS!$A:$G,8,0))","v":""},null,"ESQUADRIAS",{"$f":"IF(C2582=0,\"\",VLOOKUP(C2582,BNCDADOS!$A:$G,3,0))","v":""},0,{"$f":"IF(C2582=0,\"\",VLOOKUP(C2582,BNCDADOS!$A:$G,4,0))","v":""},{"$f":"IF(C2582=0,\"\",VLOOKUP(C2582,BNCDADOS!$A:$G,5,0))","v":""},{"$f":"SUM(I2583:I2583)","v":1748.82},{"$f":"IF(C2582=0,\"\",VLOOKUP(C2582,BNCDADOS!$A:$G,6,0))","v":""},{"$f":"IF(C2582=0,\"\",VLOOKUP(C2582,BNCDADOS!$A:$G,7,0))","v":""},{"$f":"SUM(L2583:L2583)","v":1831.25},0]
["8.3.5.1",{"$f":"IF(C2583=0,\"\",VLOOKUP(C2583,BNCDADOS!$A:$H,8,0))","v":"SINAPI/RN\nSERVIÇO"},100701,{"$f":"IF(C2583=0,\"\",VLOOKUP(C2583,BNCDADOS!$A:$G,2,0))","v":"PORTA DE FERRO, DE ABRIR, TIPO GRADE COM CHAPA, COM GUARNIÇÕES. AF_12/2019"},{"$f":"IF(C2583=0,\"\",VLOOKUP(C2583,BNCDADOS!$A:$G,3,0))","v":"M2"},2.52,{"$f":"IF(C2583=0,\"\",VLOOKUP(C2583,BNCDADOS!$A:$G,4,0))","v":"561,07"},{"$f":"IF(C2583=0,\"\",VLOOKUP(C2583,BNCDADOS!$A:$G,5,0))","v":693.98},{"$f":"IF(H2583=\"\",0,TRUNC(H2583*F2583,2))","v":1748.82},{"$f":"IF(C2583=0,\"\",VLOOKUP(C2583,BNCDADOS!$A:$G,6,0))","v":"559,17"},{"$f":"IF(C2583=0,\"\",VLOOKUP(C2583,BNCDADOS!$A:$G,7,0))","v":726.69},{"$f":"IF(K2583=\"\",0,TRUNC(K2583*F2583,2))","v":1831.25},{"$f":"SUMIF('MC - TRECHO 07'!A:A,Orçamento!A2583,'MC - TRECHO 07'!R:R)","v":2.52}]
["8.3.6",{"$f":"IF(C2584=0,\"\",VLOOKUP(C2584,BNCDADOS!$A:$G,8,0))","v":""},null,"DRENAGEM",{"$f":"IF(C2584=0,\"\",VLOOKUP(C2584,BNCDADOS!$A:$G,3,0))","v":""},0,{"$f":"IF(C2584=0,\"\",VLOOKUP(C2584,BNCDADOS!$A:$G,4,0))","v":""},{"$f":"IF(C2584=0,\"\",VLOOKUP(C2584,BNCDADOS!$A:$G,5,0))","v":""},{"$f":"SUM(I2585:I2587)","v":61878.659999999996},{"$f":"IF(C2584=0,\"\",VLOOKUP(C2584,BNCDADOS!$A:$G,6,0))","v":""},{"$f":"IF(C2584=0,\"\",VLOOKUP(C2584,BNCDADOS!$A:$G,7,0))","v":""},{"$f":"SUM(L2585:L2587)","v":64307.899999999994},0]
["8.3.6.1",{"$f":"IF(C2585=0,\"\",VLOOKUP(C2585,BNCDADOS!$A:$H,8,0))","v":"caern"},2060193,{"$f":"IF(C2585=0,\"\",VLOOKUP(C2585,BNCDADOS!$A:$G,2,0))","v":"CAIXA ENTERRADA RETANGULAR EM ALVENARIA COM TIJOLOS CERÂMICOS MACIÇOS (ESPESSURA 20CM), DIMENSÕES INTERNAS: 0,8X0,8X1,5 M, INCLUSIVE ESCORAMENTO, ESCAVAÇÃO, REATERRO APILOADO, BOTA-FORA DE MATERIAL E TAMPA DE 10CM. R_11/2018"},{"$f":"IF(C2585=0,\"\",VLOOKUP(C2585,BNCDADOS!$A:$G,3,0))","v":"UN "},5,{"$f":"IF(C2585=0,\"\",VLOOKUP(C2585,BNCDADOS!$A:$G,4,0))","v":1820.24},{"$f":"IF(C2585=0,\"\",VLOOKUP(C2585,BNCDADOS!$A:$G,5,0))","v":2251.4499999999998},{"$f":"IF(H2585=\"\",0,TRUNC(H2585*F2585,2))","v":11257.25},{"$f":"IF(C2585=0,\"\",VLOOKUP(C2585,BNCDADOS!$A:$G,6,0))","v":1734.86},{"$f":"IF(C2585=0,\"\",VLOOKUP(C2585,BNCDADOS!$A:$G,7,0))","v":2254.62},{"$f":"IF(K2585=\"\",0,TRUNC(K2585*F2585,2))","v":11273.1},{"$f":"SUMIF('MC - TRECHO 07'!A:A,Orçamento!A2585,'MC - TRECHO 07'!R:R)","v":5}]
["8.3.6.2",{"$f":"IF(C2586=0,\"\",VLOOKUP(C2586,BNCDADOS!$A:$H,8,0))","v":"SINAPI/RN\nSERVIÇO"},94871,{"$f":"IF(C2586=0,\"\",VLOOKUP(C2586,BNCDADOS!$A:$G,2,0))","v":"TUBO DE PEAD CORRUGADO DE DUPLA PAREDE PARA REDE COLETORA DE ESGOTO, DN 300 MM, JUNTA ELÁSTICA INTEGRADA - FORNECIMENTO E ASSENTAMENTO. AF_01/2021"},{"$f":"IF(C2586=0,\"\",VLOOKUP(C2586,BNCDADOS!$A:$G,3,0))","v":"M"},79.400000000000006,{"$f":"IF(C2586=0,\"\",VLOOKUP(C2586,BNCDADOS!$A:$G,4,0))","v":"452,78"},{"$f":"IF(C2586=0,\"\",VLOOKUP(C2586,BNCDADOS!$A:$G,5,0))","v":560.04},{"$f":"IF(H2586=\"\",0,TRUNC(H2586*F2586,2))","v":44467.17},{"$f":"IF(C2586=0,\"\",VLOOKUP(C2586,BNCDADOS!$A:$G,6,0))","v":"452,63"},{"$f":"IF(C2586=0,\"\",VLOOKUP(C2586,BNCDADOS!$A:$G,7,0))","v":588.23},{"$f":"IF(K2586=\"\",0,TRUNC(K2586*F2586,2))","v":46705.46},{"$f":"SUMIF('MC - TRECHO 07'!A:A,Orçamento!A2586,'MC - TRECHO 07'!R:R)","v":79.400000000000006}]
["8.3.6.3",{"$f":"IF(C2587=0,\"\",VLOOKUP(C2587,BNCDADOS!$A:$H,8,0))","v":"SINAPI/RN\nSERVIÇO"},96624,{"$f":"IF(C2587=0,\"\",VLOOKUP(C2587,BNCDADOS!$A:$G,2,0))","v":"LASTRO COM MATERIAL GRANULAR (PEDRA BRITADA N.2), APLICADO EM PISOS OU LAJES SOBRE SOLO, ESPESSURA DE *10 CM*. AF_01/2024"},{"$f":"IF(C2587=0,\"\",VLOOKUP(C2587,BNCDADOS!$A:$G,3,0))","v":"M3"},18.97,{"$f":"IF(C2587=0,\"\",VLOOKUP(C2587,BNCDADOS!$A:$G,4,0))","v":"262,29"},{"$f":"IF(C2587=0,\"\",VLOOKUP(C2587,BNCDADOS!$A:$G,5,0))","v":324.42},{"$f":"IF(H2587=\"\",0,TRUNC(H2587*F2587,2))","v":6154.24},{"$f":"IF(C2587=0,\"\",VLOOKUP(C2587,BNCDADOS!$A:$G,6,0))","v":"256,74"},{"$f":"IF(C2587=0,\"\",VLOOKUP(C2587,BNCDADOS!$A:$G,7,0))","v":333.65},{"$f":"IF(K2587=\"\",0,TRUNC(K2587*F2587,2))","v":6329.34},{"$f":"SUMIF('MC - TRECHO 07'!A:A,Orçamento!A2587,'MC - TRECHO 07'!R:R)","v":18.97}]
["8.3.7",{"$f":"IF(C2588=0,\"\",VLOOKUP(C2588,BNCDADOS!$A:$G,8,0))","v":""},null,"PAVIMENTAÇÃO",{"$f":"IF(C2588=0,\"\",VLOOKUP(C2588,BNCDADOS!$A:$G,3,0))","v":""},0,{"$f":"IF(C2588=0,\"\",VLOOKUP(C2588,BNCDADOS!$A:$G,4,0))","v":""},{"$f":"IF(C2588=0,\"\",VLOOKUP(C2588,BNCDADOS!$A:$G,5,0))","v":""},{"$f":"SUM(I2589:I2591)","v":164983.46000000002},{"$f":"IF(C2588=0,\"\",VLOOKUP(C2588,BNCDADOS!$A:$G,6,0))","v":""},{"$f":"IF(C2588=0,\"\",VLOOKUP(C2588,BNCDADOS!$A:$G,7,0))","v":""},{"$f":"SUM(L2589:L2591)","v":169062.18},0]
["8.3.7.1",{"$f":"IF(C2589=0,\"\",VLOOKUP(C2589,BNCDADOS!$A:$H,8,0))","v":"SINAPI/RN\nSERVIÇO"},94275,{"$f":"IF(C2589=0,\"\",VLOOKUP(C2589,BNCDADOS!$A:$G,2,0))","v":"ASSENTAMENTO DE GUIA (MEIO-FIO) EM TRECHO RETO, CONFECCIONADA EM CONCRETO PRÉ-FABRICADO, DIMENSÕES 100X15X13X20 CM (COMPRIMENTO X BASE INFERIOR X BASE SUPERIOR X ALTURA). AF_01/2024"},{"$f":"IF(C2589=0,\"\",VLOOKUP(C2589,BNCDADOS!$A:$G,3,0))","v":"M"},228.2,{"$f":"IF(C2589=0,\"\",VLOOKUP(C2589,BNCDADOS!$A:$G,4,0))","v":"40,32"},{"$f":"IF(C2589=0,\"\",VLOOKUP(C2589,BNCDADOS!$A:$G,5,0))","v":49.87},{"$f":"IF(H2589=\"\",0,TRUNC(H2589*F2589,2))","v":11380.33},{"$f":"IF(C2589=0,\"\",VLOOKUP(C2589,BNCDADOS!$A:$G,6,0))","v":"39,29"},{"$f":"IF(C2589=0,\"\",VLOOKUP(C2589,BNCDADOS!$A:$G,7,0))","v":51.06},{"$f":"IF(K2589=\"\",0,TRUNC(K2589*F2589,2))","v":11651.89},{"$f":"SUMIF('MC - TRECHO 07'!A:A,Orçamento!A2589,'MC - TRECHO 07'!R:R)","v":228.2}]
["8.3.7.2",{"$f":"IF(C2590=0,\"\",VLOOKUP(C2590,BNCDADOS!$A:$H,8,0))","v":"SINAPI/RN\nSERVIÇO"},92400,{"$f":"IF(C2590=0,\"\",VLOOKUP(C2590,BNCDADOS!$A:$G,2,0))","v":"EXECUÇÃO DE PAVIMENTO EM PISO INTERTRAVADO, COM BLOCO RETANGULAR DE 20 X 10 CM, ESPESSURA 10 CM. AF_10/2022"},{"$f":"IF(C2590=0,\"\",VLOOKUP(C2590,BNCDADOS!$A:$G,3,0))","v":"M2"},643,{"$f":"IF(C2590=0,\"\",VLOOKUP(C2590,BNCDADOS!$A:$G,4,0))","v":"95,44"},{"$f":"IF(C2590=0,\"\",VLOOKUP(C2590,BNCDADOS!$A:$G,5,0))","v":118.04},{"$f":"IF(H2590=\"\",0,TRUNC(H2590*F2590,2))","v":75899.72},{"$f":"IF(C2590=0,\"\",VLOOKUP(C2590,BNCDADOS!$A:$G,6,0))","v":"93,92"},{"$f":"IF(C2590=0,\"\",VLOOKUP(C2590,BNCDADOS!$A:$G,7,0))","v":122.05},{"$f":"IF(K2590=\"\",0,TRUNC(K2590*F2590,2))","v":78478.149999999994},{"$f":"SUMIF('MC - TRECHO 07'!A:A,Orçamento!A2590,'MC - TRECHO 07'!R:R)","v":643}]
["8.3.7.3",{"$f":"IF(C2591=0,\"\",VLOOKUP(C2591,BNCDADOS!$A:$H,8,0))","v":"SINAPI/RN\nSERVIÇO"},94990,{"$f":"IF(C2591=0,\"\",VLOOKUP(C2591,BNCDADOS!$A:$G,2,0))","v":"EXECUÇÃO DE PASSEIO (CALÇADA) OU PISO DE CONCRETO COM CONCRETO MOLDADO IN LOCO, FEITO EM OBRA, ACABAMENTO CONVENCIONAL, NÃO ARMADO. AF_08/2022"},{"$f":"IF(C2591=0,\"\",VLOOKUP(C2591,BNCDADOS!$A:$G,3,0))","v":"M3"},80.52,{"$f":"IF(C2591=0,\"\",VLOOKUP(C2591,BNCDADOS!$A:$G,4,0))","v":"780,20"},{"$f":"IF(C2591=0,\"\",VLOOKUP(C2591,BNCDADOS!$A:$G,5,0))","v":965.02},{"$f":"IF(H2591=\"\",0,TRUNC(H2591*F2591,2))","v":77703.41},{"$f":"IF(C2591=0,\"\",VLOOKUP(C2591,BNCDADOS!$A:$G,6,0))","v":"754,30"},{"$f":"IF(C2591=0,\"\",VLOOKUP(C2591,BNCDADOS!$A:$G,7,0))","v":980.28},{"$f":"IF(K2591=\"\",0,TRUNC(K2591*F2591,2))","v":78932.14},{"$f":"SUMIF('MC - TRECHO 07'!A:A,Orçamento!A2591,'MC - TRECHO 07'!R:R)","v":80.52}]
["8.3.8",{"$f":"IF(C2592=0,\"\",VLOOKUP(C2592,BNCDADOS!$A:$G,8,0))","v":""},null,"PINTURA",{"$f":"IF(C2592=0,\"\",VLOOKUP(C2592,BNCDADOS!$A:$G,3,0))","v":""},0,{"$f":"IF(C2592=0,\"\",VLOOKUP(C2592,BNCDADOS!$A:$G,4,0))","v":""},{"$f":"IF(C2592=0,\"\",VLOOKUP(C2592,BNCDADOS!$A:$G,5,0))","v":""},{"$f":"SUM(I2593:I2596)","v":29396.690000000002},{"$f":"IF(C2592=0,\"\",VLOOKUP(C2592,BNCDADOS!$A:$G,6,0))","v":""},{"$f":"IF(C2592=0,\"\",VLOOKUP(C2592,BNCDADOS!$A:$G,7,0))","v":""},{"$f":"SUM(L2593:L2596)","v":28987.919999999998},0]
["8.3.8.1",{"$f":"IF(C2593=0,\"\",VLOOKUP(C2593,BNCDADOS!$A:$H,8,0))","v":"SINAPI/RN\nSERVIÇO"},88485,{"$f":"IF(C2593=0,\"\",VLOOKUP(C2593,BNCDADOS!$A:$G,2,0))","v":"FUNDO SELADOR ACRÍLICO, APLICAÇÃO MANUAL EM PAREDE, UMA DEMÃO. AF_04/2023"},{"$f":"IF(C2593=0,\"\",VLOOKUP(C2593,BNCDADOS!$A:$G,3,0))","v":"M2"},1728,{"$f":"IF(C2593=0,\"\",VLOOKUP(C2593,BNCDADOS!$A:$G,4,0))","v":"3,30"},{"$f":"IF(C2593=0,\"\",VLOOKUP(C2593,BNCDADOS!$A:$G,5,0))","v":4.08},{"$f":"IF(H2593=\"\",0,TRUNC(H2593*F2593,2))","v":7050.24},{"$f":"IF(C2593=0,\"\",VLOOKUP(C2593,BNCDADOS!$A:$G,6,0))","v":"3,06"},{"$f":"IF(C2593=0,\"\",VLOOKUP(C2593,BNCDADOS!$A:$G,7,0))","v":3.97},{"$f":"IF(K2593=\"\",0,TRUNC(K2593*F2593,2))","v":6860.16},{"$f":"SUMIF('MC - TRECHO 07'!A:A,Orçamento!A2593,'MC - TRECHO 07'!R:R)","v":1728}]
["8.3.8.2",{"$f":"IF(C2594=0,\"\",VLOOKUP(C2594,BNCDADOS!$A:$H,8,0))","v":"SINAPI/RN\nSERVIÇO"},104642,{"$f":"IF(C2594=0,\"\",VLOOKUP(C2594,BNCDADOS!$A:$G,2,0))","v":"PINTURA LÁTEX ACRÍLICA STANDARD, APLICAÇÃO MANUAL EM PAREDES, DUAS DEMÃOS. AF_04/2023"},{"$f":"IF(C2594=0,\"\",VLOOKUP(C2594,BNCDADOS!$A:$G,3,0))","v":"M2"},1728,{"$f":"IF(C2594=0,\"\",VLOOKUP(C2594,BNCDADOS!$A:$G,4,0))","v":"10,29"},{"$f":"IF(C2594=0,\"\",VLOOKUP(C2594,BNCDADOS!$A:$G,5,0))","v":12.72},{"$f":"IF(H2594=\"\",0,TRUNC(H2594*F2594,2))","v":21980.16},{"$f":"IF(C2594=0,\"\",VLOOKUP(C2594,BNCDADOS!$A:$G,6,0))","v":"9,70"},{"$f":"IF(C2594=0,\"\",VLOOKUP(C2594,BNCDADOS!$A:$G,7,0))","v":12.6},{"$f":"IF(K2594=\"\",0,TRUNC(K2594*F2594,2))","v":21772.799999999999},{"$f":"SUMIF('MC - TRECHO 07'!A:A,Orçamento!A2594,'MC - TRECHO 07'!R:R)","v":1728}]
["8.3.8.3",{"$f":"IF(C2595=0,\"\",VLOOKUP(C2595,BNCDADOS!$A:$H,8,0))","v":"SINAPI/RN\nSERVIÇO"},100720,{"$f":"IF(C2595=0,\"\",VLOOKUP(C2595,BNCDADOS!$A:$G,2,0))","v":"PINTURA COM TINTA ALQUÍDICA DE FUNDO (TIPO ZARCÃO) APLICADA A ROLO OU PINCEL SOBRE PERFIL METÁLICO EXECUTADO EM FÁBRICA (POR DEMÃO). AF_01/2020"},{"$f":"IF(C2595=0,\"\",VLOOKUP(C2595,BNCDADOS!$A:$G,3,0))","v":"M2"},5.04,{"$f":"IF(C2595=0,\"\",VLOOKUP(C2595,BNCDADOS!$A:$G,4,0))","v":"10,27"},{"$f":"IF(C2595=0,\"\",VLOOKUP(C2595,BNCDADOS!$A:$G,5,0))","v":12.7},{"$f":"IF(H2595=\"\",0,TRUNC(H2595*F2595,2))","v":64},{"$f":"IF(C2595=0,\"\",VLOOKUP(C2595,BNCDADOS!$A:$G,6,0))","v":"9,65"},{"$f":"IF(C2595=0,\"\",VLOOKUP(C2595,BNCDADOS!$A:$G,7,0))","v":12.54},{"$f":"IF(K2595=\"\",0,TRUNC(K2595*F2595,2))","v":63.2},{"$f":"SUMIF('MC - TRECHO 07'!A:A,Orçamento!A2595,'MC - TRECHO 07'!R:R)","v":5.04}]
["8.3.8.4",{"$f":"IF(C2596=0,\"\",VLOOKUP(C2596,BNCDADOS!$A:$H,8,0))","v":"SINAPI/RN\nSERVIÇO"},100758,{"$f":"IF(C2596=0,\"\",VLOOKUP(C2596,BNCDADOS!$A:$G,2,0))","v":"PINTURA COM TINTA ALQUÍDICA DE ACABAMENTO (ESMALTE SINTÉTICO ACETINADO) APLICADA A ROLO OU PINCEL SOBRE SUPERFÍCIES METÁLICAS (EXCETO PERFIL) EXECUTADO EM OBRA (02 DEMÃOS). AF_01/2020"},{"$f":"IF(C2596=0,\"\",VLOOKUP(C2596,BNCDADOS!$A:$G,3,0))","v":"M2"},5.04,{"$f":"IF(C2596=0,\"\",VLOOKUP(C2596,BNCDADOS!$A:$G,4,0))","v":"48,50"},{"$f":"IF(C2596=0,\"\",VLOOKUP(C2596,BNCDADOS!$A:$G,5,0))","v":59.98},{"$f":"IF(H2596=\"\",0,TRUNC(H2596*F2596,2))","v":302.29000000000002},{"$f":"IF(C2596=0,\"\",VLOOKUP(C2596,BNCDADOS!$A:$G,6,0))","v":"44,55"},{"$f":"IF(C2596=0,\"\",VLOOKUP(C2596,BNCDADOS!$A:$G,7,0))","v":57.89},{"$f":"IF(K2596=\"\",0,TRUNC(K2596*F2596,2))","v":291.76},{"$f":"SUMIF('MC - TRECHO 07'!A:A,Orçamento!A2596,'MC - TRECHO 07'!R:R)","v":5.04}]
["8.3.9",{"$f":"IF(C2597=0,\"\",VLOOKUP(C2597,BNCDADOS!$A:$G,8,0))","v":""},null,"INSTALAÇÃO ELÉTRICA",{"$f":"IF(C2597=0,\"\",VLOOKUP(C2597,BNCDADOS!$A:$G,3,0))","v":""},0,{"$f":"IF(C2597=0,\"\",VLOOKUP(C2597,BNCDADOS!$A:$G,4,0))","v":""},{"$f":"IF(C2597=0,\"\",VLOOKUP(C2597,BNCDADOS!$A:$G,5,0))","v":""},{"$f":"SUM(I2598:I2605)","v":11488.53},{"$f":"IF(C2597=0,\"\",VLOOKUP(C2597,BNCDADOS!$A:$G,6,0))","v":""},{"$f":"IF(C2597=0,\"\",VLOOKUP(C2597,BNCDADOS!$A:$G,7,0))","v":""},{"$f":"SUM(L2598:L2605)","v":11785.43},0]
["8.3.9.1",{"$f":"IF(C2598=0,\"\",VLOOKUP(C2598,BNCDADOS!$A:$H,8,0))","v":"SINAPI/RN\nSERVIÇO"},101517,{"$f":"IF(C2598=0,\"\",VLOOKUP(C2598,BNCDADOS!$A:$G,2,0))","v":"ENTRADA DE ENERGIA ELÉTRICA, SUBTERRÂNEA, MONOFÁSICA, COM CAIXA DE EMBUTIR, CABO DE 10 MM2 E DISJUNTOR DIN 50A (NÃO INCLUSA MURETA DE ALVENARIA). AF_07/2020_PS"},{"$f":"IF(C2598=0,\"\",VLOOKUP(C2598,BNCDADOS!$A:$G,3,0))","v":"UN"},1,{"$f":"IF(C2598=0,\"\",VLOOKUP(C2598,BNCDADOS!$A:$G,4,0))","v":"894,51"},{"$f":"IF(C2598=0,\"\",VLOOKUP(C2598,BNCDADOS!$A:$G,5,0))","v":1106.4100000000001},{"$f":"IF(H2598=\"\",0,TRUNC(H2598*F2598,2))","v":1106.4100000000001},{"$f":"IF(C2598=0,\"\",VLOOKUP(C2598,BNCDADOS!$A:$G,6,0))","v":"875,56"},{"$f":"IF(C2598=0,\"\",VLOOKUP(C2598,BNCDADOS!$A:$G,7,0))","v":1137.8699999999999},{"$f":"IF(K2598=\"\",0,TRUNC(K2598*F2598,2))","v":1137.8699999999999},{"$f":"SUMIF('MC - TRECHO 07'!A:A,Orçamento!A2598,'MC - TRECHO 07'!R:R)","v":1}]
["8.3.9.2",{"$f":"IF(C2599=0,\"\",VLOOKUP(C2599,BNCDADOS!$A:$H,8,0))","v":"SINAPI/RN\nSERVIÇO"},91931,{"$f":"IF(C2599=0,\"\",VLOOKUP(C2599,BNCDADOS!$A:$G,2,0))","v":"CABO DE COBRE FLEXÍVEL ISOLADO, 6 MM², ANTI-CHAMA 0,6/1,0 KV, PARA CIRCUITOS TERMINAIS - FORNECIMENTO E INSTALAÇÃO. AF_03/2023"},{"$f":"IF(C2599=0,\"\",VLOOKUP(C2599,BNCDADOS!$A:$G,3,0))","v":"M"},15,{"$f":"IF(C2599=0,\"\",VLOOKUP(C2599,BNCDADOS!$A:$G,4,0))","v":"11,29"},{"$f":"IF(C2599=0,\"\",VLOOKUP(C2599,BNCDADOS!$A:$G,5,0))","v":13.96},209.4,{"$f":"IF(C2599=0,\"\",VLOOKUP(C2599,BNCDADOS!$A:$G,6,0))","v":"11,02"},{"$f":"IF(C2599=0,\"\",VLOOKUP(C2599,BNCDADOS!$A:$G,7,0))","v":14.32},214.8,{"$f":"SUMIF('MC - TRECHO 07'!A:A,Orçamento!A2599,'MC - TRECHO 07'!R:R)","v":15}]
["8.3.9.3",{"$f":"IF(C2600=0,\"\",VLOOKUP(C2600,BNCDADOS!$A:$H,8,0))","v":"SINAPI/RN\nSERVIÇO"},91929,{"$f":"IF(C2600=0,\"\",VLOOKUP(C2600,BNCDADOS!$A:$G,2,0))","v":"CABO DE COBRE FLEXÍVEL ISOLADO, 4 MM², ANTI-CHAMA 0,6/1,0 KV, PARA CIRCUITOS TERMINAIS - FORNECIMENTO E INSTALAÇÃO. AF_03/2023"},{"$f":"IF(C2600=0,\"\",VLOOKUP(C2600,BNCDADOS!$A:$G,3,0))","v":"M"},115.5,{"$f":"IF(C2600=0,\"\",VLOOKUP(C2600,BNCDADOS!$A:$G,4,0))","v":"7,98"},{"$f":"IF(C2600=0,\"\",VLOOKUP(C2600,BNCDADOS!$A:$G,5,0))","v":9.8699999999999992},1139.98,{"$f":"IF(C2600=0,\"\",VLOOKUP(C2600,BNCDADOS!$A:$G,6,0))","v":"7,76"},{"$f":"IF(C2600=0,\"\",VLOOKUP(C2600,BNCDADOS!$A:$G,7,0))","v":10.08},1164.24,{"$f":"SUMIF('MC - TRECHO 07'!A:A,Orçamento!A2600,'MC - TRECHO 07'!R:R)","v":115.5}]
["8.3.9.4",{"$f":"IF(C2601=0,\"\",VLOOKUP(C2601,BNCDADOS!$A:$H,8,0))","v":"SINAPI/RN\nSERVIÇO"},91927,{"$f":"IF(C2601=0,\"\",VLOOKUP(C2601,BNCDADOS!$A:$G,2,0))","v":"CABO DE COBRE FLEXÍVEL ISOLADO, 2,5 MM², ANTI-CHAMA 0,6/1,0 KV, PARA CIRCUITOS TERMINAIS - FORNECIMENTO E INSTALAÇÃO. AF_03/2023"},{"$f":"IF(C2601=0,\"\",VLOOKUP(C2601,BNCDADOS!$A:$G,3,0))","v":"M"},90,{"$f":"IF(C2601=0,\"\",VLOOKUP(C2601,BNCDADOS!$A:$G,4,0))","v":"5,38"},{"$f":"IF(C2601=0,\"\",VLOOKUP(C2601,BNCDADOS!$A:$G,5,0))","v":6.65},598.5,{"$f":"IF(C2601=0,\"\",VLOOKUP(C2601,BNCDADOS!$A:$G,6,0))","v":"5,22"},{"$f":"IF(C2601=0,\"\",VLOOKUP(C2601,BNCDADOS!$A:$G,7,0))","v":6.78},610.20000000000005,{"$f":"SUMIF('MC - TRECHO 07'!A:A,Orçamento!A2601,'MC - TRECHO 07'!R:R)","v":90}]
["8.3.9.5",{"$f":"IF(C2602=0,\"\",VLOOKUP(C2602,BNCDADOS!$A:$H,8,0))","v":"SINAPI/RN\nSERVIÇO"},91854,{"$f":"IF(C2602=0,\"\",VLOOKUP(C2602,BNCDADOS!$A:$G,2,0))","v":"ELETRODUTO FLEXÍVEL CORRUGADO, PVC, DN 25 MM (3/4\"), PARA CIRCUITOS TERMINAIS, INSTALADO EM PAREDE - FORNECIMENTO E INSTALAÇÃO. AF_03/2023"},{"$f":"IF(C2602=0,\"\",VLOOKUP(C2602,BNCDADOS!$A:$G,3,0))","v":"M"},{"$f":"TRUNC(M2602,2)","v":5.5},{"$f":"IF(C2602=0,\"\",VLOOKUP(C2602,BNCDADOS!$A:$G,4,0))","v":"8,73"},{"$f":"IF(C2602=0,\"\",VLOOKUP(C2602,BNCDADOS!$A:$G,5,0))","v":10.79},59.34,{"$f":"IF(C2602=0,\"\",VLOOKUP(C2602,BNCDADOS!$A:$G,6,0))","v":"8,01"},{"$f":"IF(C2602=0,\"\",VLOOKUP(C2602,BNCDADOS!$A:$G,7,0))","v":10.4},57.2,{"$f":"SUMIF('MC - TRECHO 07'!A:A,Orçamento!A2602,'MC - TRECHO 07'!R:R)","v":5.5}]
["8.3.9.6",{"$f":"IF(C2603=0,\"\",VLOOKUP(C2603,BNCDADOS!$A:$H,8,0))","v":"SINAPI/RN\nSERVIÇO"},95728,{"$f":"IF(C2603=0,\"\",VLOOKUP(C2603,BNCDADOS!$A:$G,2,0))","v":"ELETRODUTO RÍGIDO SOLDÁVEL, PVC, DN 32 MM (1\u0094), APARENTE - FORNECIMENTO E INSTALAÇÃO. AF_10/2022_PA"},{"$f":"IF(C2603=0,\"\",VLOOKUP(C2603,BNCDADOS!$A:$G,3,0))","v":"M"},38,{"$f":"IF(C2603=0,\"\",VLOOKUP(C2603,BNCDADOS!$A:$G,4,0))","v":"23,88"},{"$f":"IF(C2603=0,\"\",VLOOKUP(C2603,BNCDADOS!$A:$G,5,0))","v":29.53},1122.1400000000001,{"$f":"IF(C2603=0,\"\",VLOOKUP(C2603,BNCDADOS!$A:$G,6,0))","v":"22,13"},{"$f":"IF(C2603=0,\"\",VLOOKUP(C2603,BNCDADOS!$A:$G,7,0))","v":28.76},1092.8800000000001,{"$f":"SUMIF('MC - TRECHO 07'!A:A,Orçamento!A2603,'MC - TRECHO 07'!R:R)","v":38}]
["8.3.9.7",{"$f":"IF(C2604=0,\"\",VLOOKUP(C2604,BNCDADOS!$A:$H,8,0))","v":"SINAPI/RN\nSERVIÇO"},97882,{"$f":"IF(C2604=0,\"\",VLOOKUP(C2604,BNCDADOS!$A:$G,2,0))","v":"CAIXA ENTERRADA ELÉTRICA RETANGULAR, EM CONCRETO PRÉ-MOLDADO, FUNDO COM BRITA, DIMENSÕES INTERNAS: 0,4X0,4X0,4 M. AF_12/2020"},{"$f":"IF(C2604=0,\"\",VLOOKUP(C2604,BNCDADOS!$A:$G,3,0))","v":"UN"},4,{"$f":"IF(C2604=0,\"\",VLOOKUP(C2604,BNCDADOS!$A:$G,4,0))","v":"215,84"},{"$f":"IF(C2604=0,\"\",VLOOKUP(C2604,BNCDADOS!$A:$G,5,0))","v":266.97000000000003},1067.8800000000001,{"$f":"IF(C2604=0,\"\",VLOOKUP(C2604,BNCDADOS!$A:$G,6,0))","v":"212,07"},{"$f":"IF(C2604=0,\"\",VLOOKUP(C2604,BNCDADOS!$A:$G,7,0))","v":275.60000000000002},1102.4000000000001,{"$f":"SUMIF('MC - TRECHO 07'!A:A,Orçamento!A2604,'MC - TRECHO 07'!R:R)","v":4}]
["8.3.9.8",{"$f":"IF(C2605=0,\"\",VLOOKUP(C2605,BNCDADOS!$A:$H,8,0))","v":"caern"},2070408,{"$f":"IF(C2605=0,\"\",VLOOKUP(C2605,BNCDADOS!$A:$G,2,0))","v":"CONJUNTO ILUMINAÇÃO EXTERNA TIPO PÉTALA COM 02 REFLETORES LED DE 100 W E POSTE CIRCULAR DE 9M EM CONCRETO. INC_05/2020"},{"$f":"IF(C2605=0,\"\",VLOOKUP(C2605,BNCDADOS!$A:$G,3,0))","v":"UN "},2,{"$f":"IF(C2605=0,\"\",VLOOKUP(C2605,BNCDADOS!$A:$G,4,0))","v":2500.1600000000003},{"$f":"IF(C2605=0,\"\",VLOOKUP(C2605,BNCDADOS!$A:$G,5,0))","v":3092.44},6184.88,{"$f":"IF(C2605=0,\"\",VLOOKUP(C2605,BNCDADOS!$A:$G,6,0))","v":2464.5500000000006},{"$f":"IF(C2605=0,\"\",VLOOKUP(C2605,BNCDADOS!$A:$G,7,0))","v":3202.92},6405.84,{"$f":"SUMIF('MC - TRECHO 07'!A:A,Orçamento!A2605,'MC - TRECHO 07'!R:R)","v":2}]
["8.3.10",{"$f":"IF(C2606=0,\"\",VLOOKUP(C2606,BNCDADOS!$A:$G,8,0))","v":""},null,"DIVERSOS",{"$f":"IF(C2606=0,\"\",VLOOKUP(C2606,BNCDADOS!$A:$G,3,0))","v":""},0,{"$f":"IF(C2606=0,\"\",VLOOKUP(C2606,BNCDADOS!$A:$G,4,0))","v":""},{"$f":"IF(C2606=0,\"\",VLOOKUP(C2606,BNCDADOS!$A:$G,5,0))","v":""},{"$f":"SUM(I2607:I2608)","v":59269.73},{"$f":"IF(C2606=0,\"\",VLOOKUP(C2606,BNCDADOS!$A:$G,6,0))","v":""},{"$f":"IF(C2606=0,\"\",VLOOKUP(C2606,BNCDADOS!$A:$G,7,0))","v":""},{"$f":"SUM(L2607:L2608)","v":61922.37},0]
["8.3.10.1",{"$f":"IF(C2607=0,\"\",VLOOKUP(C2607,BNCDADOS!$A:$H,8,0))","v":"caern"},2220066,{"$f":"IF(C2607=0,\"\",VLOOKUP(C2607,BNCDADOS!$A:$G,2,0))","v":"ESCADA DE MARINHEIRO EM FIBRA DE VIDRO PULTRUDADA, PERFIL QUADRADO, PINTURA PROTETORA CONTRA RAIOS UV, COM GUARDA CORPO. R_11/2021"},{"$f":"IF(C2607=0,\"\",VLOOKUP(C2607,BNCDADOS!$A:$G,3,0))","v":"M"},19.3,{"$f":"IF(C2607=0,\"\",VLOOKUP(C2607,BNCDADOS!$A:$G,4,0))","v":1777.21},{"$f":"IF(C2607=0,\"\",VLOOKUP(C2607,BNCDADOS!$A:$G,5,0))","v":2198.23},{"$f":"IF(H2607=\"\",0,TRUNC(H2607*F2607,2))","v":42425.83},{"$f":"IF(C2607=0,\"\",VLOOKUP(C2607,BNCDADOS!$A:$G,6,0))","v":1766.07},{"$f":"IF(C2607=0,\"\",VLOOKUP(C2607,BNCDADOS!$A:$G,7,0))","v":2295.1799999999998},{"$f":"IF(K2607=\"\",0,TRUNC(K2607*F2607,2))","v":44296.97},{"$f":"SUMIF('MC - TRECHO 07'!A:A,Orçamento!A2607,'MC - TRECHO 07'!R:R)","v":19.3}]
["8.3.10.2",{"$f":"IF(C2608=0,\"\",VLOOKUP(C2608,BNCDADOS!$A:$H,8,0))","v":"caern"},2220065,{"$f":"IF(C2608=0,\"\",VLOOKUP(C2608,BNCDADOS!$A:$G,2,0))","v":"ESCADA DE MARINHEIRO EM FIBRA DE VIDRO PULTRUDADA, PERFIL QUADRADO, PINTURA PROTETORA CONTRA RAIOS UV, SEM GUARDA CORPO. R_11/2021"},{"$f":"IF(C2608=0,\"\",VLOOKUP(C2608,BNCDADOS!$A:$G,3,0))","v":"M"},10,{"$f":"IF(C2608=0,\"\",VLOOKUP(C2608,BNCDADOS!$A:$G,4,0))","v":1361.79},{"$f":"IF(C2608=0,\"\",VLOOKUP(C2608,BNCDADOS!$A:$G,5,0))","v":1684.39},{"$f":"IF(H2608=\"\",0,TRUNC(H2608*F2608,2))","v":16843.900000000001},{"$f":"IF(C2608=0,\"\",VLOOKUP(C2608,BNCDADOS!$A:$G,6,0))","v":1356.22},{"$f":"IF(C2608=0,\"\",VLOOKUP(C2608,BNCDADOS!$A:$G,7,0))","v":1762.54},{"$f":"IF(K2608=\"\",0,TRUNC(K2608*F2608,2))","v":17625.400000000001},{"$f":"SUMIF('MC - TRECHO 07'!A:A,Orçamento!A2608,'MC - TRECHO 07'!R:R)","v":10}]
[{"$nulls":12},0]
["8.4",null,null,"MATERIAIS_TRECHO 07",{"$nulls":4},{"$f":"SUM(I2611,I2622)","v":31935316.560000002},null,null,{"$f":"SUM(L2611,L2622)","v":33497880.169999998},0]
["8.4.1",{"$f":"IF(C2611=0,\"\",VLOOKUP(C2611,BNCDADOS!$A:$G,8,0))","v":""},null,"ADUTORA",{"$f":"IF(C2611=0,\"\",VLOOKUP(C2611,BNCDADOS!$A:$G,3,0))","v":""},{"$f":"TRUNC(M2611,2)","v":0},{"$f":"IF(C2611=0,\"\",VLOOKUP(C2611,BNCDADOS!$A:$G,4,0))","v":""},{"$f":"IF(C2611=0,\"\",VLOOKUP(C2611,BNCDADOS!$A:$G,5,0))","v":""},{"$f":"SUM(I2612:I2621)","v":31855205.640000001},{"$f":"IF(C2611=0,\"\",VLOOKUP(C2611,BNCDADOS!$A:$G,6,0))","v":""},{"$f":"IF(C2611=0,\"\",VLOOKUP(C2611,BNCDADOS!$A:$G,7,0))","v":""},{"$f":"SUM(L2612:L2621)","v":33413849.449999999},0]
["8.4.1.1",{"$f":"IF(C2612=0,\"\",VLOOKUP(C2612,BNCDADOS!$A:$H,8,0))","v":0},"FF91",{"$f":"IF(C2612=0,\"\",VLOOKUP(C2612,BNCDADOS!$A:$G,2,0))","v":"TUBO, FOFO, JGS, K7, DN 600 (EMBASA M010101037)"},{"$f":"IF(C2612=0,\"\",VLOOKUP(C2612,BNCDADOS!$A:$G,3,0))","v":"M"},17004,{"$f":"IF(C2612=0,\"\",VLOOKUP(C2612,BNCDADOS!$A:$G,4,0))","v":1637.03},{"$f":"TRUNC(G2612*(1+$I$5),2)","v":1833.47},{"$f":"IF(H2612=\"\",0,TRUNC(H2612*F2612,2))","v":31176323.879999999},{"$f":"IF(C2612=0,\"\",VLOOKUP(C2612,BNCDADOS!$A:$G,6,0))","v":1637.03},{"$f":"TRUNC(J2612*(1+$L$5),2)","v":1923.18},{"$f":"IF(K2612=\"\",0,TRUNC(K2612*F2612,2))","v":32701752.719999999},{"$f":"P2612*6","v":17004},{"$f":"SUMIF(#REF!,Orçamento!A2612,#REF!)","v":{"$error":"#REF!"}},{"$f":"ROUND(SUM('MC - SERVIÇO ADUTORA - 4-8'!F379:F422)*1.05,0)","v":17005},{"$f":"TRUNC(O2612/6,0)","v":2834}]
["8.4.1.2",{"$f":"IF(C2613=0,\"\",VLOOKUP(C2613,BNCDADOS!$A:$H,8,0))","v":0},"FF89",{"$f":"IF(C2613=0,\"\",VLOOKUP(C2613,BNCDADOS!$A:$G,2,0))","v":"TUBO, FOFO, JGS, K7, DN 250"},{"$f":"IF(C2613=0,\"\",VLOOKUP(C2613,BNCDADOS!$A:$G,3,0))","v":"M"},{"$f":"TRUNC(M2613,2)","v":552},{"$f":"IF(C2613=0,\"\",VLOOKUP(C2613,BNCDADOS!$A:$G,4,0))","v":906.63000000000011},{"$f":"TRUNC(G2613*(1+$I$5),2)","v":1015.42},{"$f":"IF(H2613=\"\",0,TRUNC(H2613*F2613,2))","v":560511.84},{"$f":"IF(C2613=0,\"\",VLOOKUP(C2613,BNCDADOS!$A:$G,6,0))","v":906.63000000000011},{"$f":"TRUNC(J2613*(1+$L$5),2)","v":1065.0999999999999},{"$f":"IF(K2613=\"\",0,TRUNC(K2613*F2613,2))","v":587935.19999999995},{"$f":"P2613*6","v":552},{"$f":"SUMIF(#REF!,Orçamento!A2613,#REF!)","v":{"$error":"#REF!"}},{"$f":"ROUND(SUM('MC - SERVIÇO ADUTORA - 4-8'!F423:F433)*1.05,0)","v":554},{"$f":"TRUNC(O2613/6,0)","v":92}]
["8.4.1.3",{"$f":"IF(C2614=0,\"\",VLOOKUP(C2614,BNCDADOS!$A:$H,8,0))","v":0},"FF03",{"$f":"IF(C2614=0,\"\",VLOOKUP(C2614,BNCDADOS!$A:$G,2,0))","v":"CURVA 11°, FOFO, JGS, PN16, DN 600MM"},{"$f":"IF(C2614=0,\"\",VLOOKUP(C2614,BNCDADOS!$A:$G,3,0))","v":"UN "},13,{"$f":"IF(C2614=0,\"\",VLOOKUP(C2614,BNCDADOS!$A:$G,4,0))","v":4491.3133333333326},5030.2700000000004,65393.51,{"$f":"IF(C2614=0,\"\",VLOOKUP(C2614,BNCDADOS!$A:$G,6,0))","v":4491.3133333333326},5276.39,68593.070000000007,{"$f":"'MC - MATERIAL ADUTORA - 4-8'!E188","v":13}]
["8.4.1.4",{"$f":"IF(C2615=0,\"\",VLOOKUP(C2615,BNCDADOS!$A:$H,8,0))","v":0},"FF06",{"$f":"IF(C2615=0,\"\",VLOOKUP(C2615,BNCDADOS!$A:$G,2,0))","v":"CURVA 22°, FOFO, JGS, PN16, DN 600MM"},{"$f":"IF(C2615=0,\"\",VLOOKUP(C2615,BNCDADOS!$A:$G,3,0))","v":"UN "},{"$f":"TRUNC(M2615,2)","v":1},{"$f":"IF(C2615=0,\"\",VLOOKUP(C2615,BNCDADOS!$A:$G,4,0))","v":5951.670000000001},{"$f":"TRUNC(G2615*(1+$I$5),2)","v":6665.87},{"$f":"IF(H2615=\"\",0,TRUNC(H2615*F2615,2))","v":6665.87},{"$f":"IF(C2615=0,\"\",VLOOKUP(C2615,BNCDADOS!$A:$G,6,0))","v":5951.670000000001},{"$f":"TRUNC(J2615*(1+$L$5),2)","v":6992.02},{"$f":"IF(K2615=\"\",0,TRUNC(K2615*F2615,2))","v":6992.02},{"$f":"'MC - MATERIAL ADUTORA - 4-8'!E189","v":1}]
["8.4.1.5",{"$f":"IF(C2616=0,\"\",VLOOKUP(C2616,BNCDADOS!$A:$H,8,0))","v":0},"FF13",{"$f":"IF(C2616=0,\"\",VLOOKUP(C2616,BNCDADOS!$A:$G,2,0))","v":"CURVA 90°, FOFO, JGS, PN16, DN 600MM"},{"$f":"IF(C2616=0,\"\",VLOOKUP(C2616,BNCDADOS!$A:$G,3,0))","v":"UN "},{"$f":"TRUNC(M2616,2)","v":2},{"$f":"IF(C2616=0,\"\",VLOOKUP(C2616,BNCDADOS!$A:$G,4,0))","v":11568.096666666666},{"$f":"TRUNC(G2616*(1+$I$5),2)","v":12956.26},{"$f":"IF(H2616=\"\",0,TRUNC(H2616*F2616,2))","v":25912.52},{"$f":"IF(C2616=0,\"\",VLOOKUP(C2616,BNCDADOS!$A:$G,6,0))","v":11568.096666666666},{"$f":"TRUNC(J2616*(1+$L$5),2)","v":13590.19},{"$f":"IF(K2616=\"\",0,TRUNC(K2616*F2616,2))","v":27180.38},{"$f":"'MC - MATERIAL ADUTORA - 4-8'!E190","v":2}]
["8.4.1.6",{"$f":"IF(C2617=0,\"\",VLOOKUP(C2617,BNCDADOS!$A:$H,8,0))","v":0},"FF56",{"$f":"IF(C2617=0,\"\",VLOOKUP(C2617,BNCDADOS!$A:$G,2,0))","v":"TÊ, BBB, FOFO, PN16, DN 600-300MM"},{"$f":"IF(C2617=0,\"\",VLOOKUP(C2617,BNCDADOS!$A:$G,3,0))","v":"UN "},{"$f":"TRUNC(M2617,2)","v":1},{"$f":"IF(C2617=0,\"\",VLOOKUP(C2617,BNCDADOS!$A:$G,4,0))","v":6929.6},{"$f":"TRUNC(G2617*(1+$I$5),2)","v":7761.15},{"$f":"IF(H2617=\"\",0,TRUNC(H2617*F2617,2))","v":7761.15},{"$f":"IF(C2617=0,\"\",VLOOKUP(C2617,BNCDADOS!$A:$G,6,0))","v":6929.6},{"$f":"TRUNC(J2617*(1+$L$5),2)","v":8140.89},{"$f":"IF(K2617=\"\",0,TRUNC(K2617*F2617,2))","v":8140.89},{"$f":"'MC - MATERIAL ADUTORA - 4-8'!E191","v":1}]
["8.4.1.7",{"$f":"IF(C2618=0,\"\",VLOOKUP(C2618,BNCDADOS!$A:$H,8,0))","v":0},"FF25",{"$f":"IF(C2618=0,\"\",VLOOKUP(C2618,BNCDADOS!$A:$G,2,0))","v":"EXTREMIDADE, FOFO, FLANGE/PONTA, ABA DE VEDAÇÃO PN16, DN 250MM"},{"$f":"IF(C2618=0,\"\",VLOOKUP(C2618,BNCDADOS!$A:$G,3,0))","v":"UN "},{"$f":"TRUNC(M2618,2)","v":2},{"$f":"IF(C2618=0,\"\",VLOOKUP(C2618,BNCDADOS!$A:$G,4,0))","v":1898.9433333333334},{"$f":"TRUNC(G2618*(1+$I$5),2)","v":2126.81},{"$f":"IF(H2618=\"\",0,TRUNC(H2618*F2618,2))","v":4253.62},{"$f":"IF(C2618=0,\"\",VLOOKUP(C2618,BNCDADOS!$A:$G,6,0))","v":1898.9433333333334},{"$f":"TRUNC(J2618*(1+$L$5),2)","v":2230.87},{"$f":"IF(K2618=\"\",0,TRUNC(K2618*F2618,2))","v":4461.74},{"$f":"'MC - MATERIAL ADUTORA - 4-8'!M188","v":2}]
["8.4.1.8",{"$f":"IF(C2619=0,\"\",VLOOKUP(C2619,BNCDADOS!$A:$H,8,0))","v":0},"FF46",{"$f":"IF(C2619=0,\"\",VLOOKUP(C2619,BNCDADOS!$A:$G,2,0))","v":"REDUÇÃO CONCÊNTRICA, FOFO, FLANGES, PN16, DN 300-250MM"},{"$f":"IF(C2619=0,\"\",VLOOKUP(C2619,BNCDADOS!$A:$G,3,0))","v":"UN "},{"$f":"TRUNC(M2619,2)","v":1},{"$f":"IF(C2619=0,\"\",VLOOKUP(C2619,BNCDADOS!$A:$G,4,0))","v":1157.28},{"$f":"TRUNC(G2619*(1+$I$5),2)","v":1296.1500000000001},{"$f":"IF(H2619=\"\",0,TRUNC(H2619*F2619,2))","v":1296.1500000000001},{"$f":"IF(C2619=0,\"\",VLOOKUP(C2619,BNCDADOS!$A:$G,6,0))","v":1157.28},{"$f":"TRUNC(J2619*(1+$L$5),2)","v":1359.57},{"$f":"IF(K2619=\"\",0,TRUNC(K2619*F2619,2))","v":1359.57},{"$f":"'MC - MATERIAL ADUTORA - 4-8'!M189","v":1}]
["8.4.1.9",{"$f":"IF(C2620=0,\"\",VLOOKUP(C2620,BNCDADOS!$A:$H,8,0))","v":0},"FF108",{"$f":"IF(C2620=0,\"\",VLOOKUP(C2620,BNCDADOS!$A:$G,2,0))","v":"CURVA 11°, FOFO, JGS, PN16, DN 250MM"},{"$f":"IF(C2620=0,\"\",VLOOKUP(C2620,BNCDADOS!$A:$G,3,0))","v":"UN "},{"$f":"TRUNC(M2620,2)","v":8},{"$f":"IF(C2620=0,\"\",VLOOKUP(C2620,BNCDADOS!$A:$G,4,0))","v":624.09},698.98,{"$f":"IF(H2620=\"\",0,TRUNC(H2620*F2620,2))","v":5591.84},{"$f":"IF(C2620=0,\"\",VLOOKUP(C2620,BNCDADOS!$A:$G,6,0))","v":624.09},733.18,{"$f":"IF(K2620=\"\",0,TRUNC(K2620*F2620,2))","v":5865.44},{"$f":"'MC - MATERIAL ADUTORA - 4-8'!M190","v":8}]
["8.4.1.10",{"$f":"IF(C2621=0,\"\",VLOOKUP(C2621,BNCDADOS!$A:$H,8,0))","v":0},"FF08",{"$f":"IF(C2621=0,\"\",VLOOKUP(C2621,BNCDADOS!$A:$G,2,0))","v":"CURVA 45°, FOFO, JGS, PN16, DN 250MM"},{"$f":"IF(C2621=0,\"\",VLOOKUP(C2621,BNCDADOS!$A:$G,3,0))","v":"UN "},2,{"$f":"IF(C2621=0,\"\",VLOOKUP(C2621,BNCDADOS!$A:$G,4,0))","v":667.53},747.63,1495.26,{"$f":"IF(C2621=0,\"\",VLOOKUP(C2621,BNCDADOS!$A:$G,6,0))","v":667.53},784.21,1568.42,{"$f":"'MC - MATERIAL ADUTORA - 4-8'!M191","v":2}]
["8.4.2",{"$f":"IF(C2622=0,\"\",VLOOKUP(C2622,BNCDADOS!$A:$G,8,0))","v":""},null,"VENTOSAS E DESCARGAS",{"$f":"IF(C2622=0,\"\",VLOOKUP(C2622,BNCDADOS!$A:$G,3,0))","v":""},0,{"$f":"IF(C2622=0,\"\",VLOOKUP(C2622,BNCDADOS!$A:$G,4,0))","v":""},{"$f":"IF(C2622=0,\"\",VLOOKUP(C2622,BNCDADOS!$A:$G,5,0))","v":""},{"$f":"SUM(I2623:I2631)","v":80110.920000000013},{"$f":"IF(C2622=0,\"\",VLOOKUP(C2622,BNCDADOS!$A:$G,6,0))","v":""},{"$f":"IF(C2622=0,\"\",VLOOKUP(C2622,BNCDADOS!$A:$G,7,0))","v":""},{"$f":"SUM(L2623:L2631)","v":84030.720000000001},0]
["8.4.2.1",{"$f":"IF(C2623=0,\"\",VLOOKUP(C2623,BNCDADOS!$A:$H,8,0))","v":0},"FF55",{"$f":"IF(C2623=0,\"\",VLOOKUP(C2623,BNCDADOS!$A:$G,2,0))","v":"TÊ, BBF, FOFO, PN16, DN 600-100MM"},{"$f":"IF(C2623=0,\"\",VLOOKUP(C2623,BNCDADOS!$A:$G,3,0))","v":"UN "},12,{"$f":"IF(C2623=0,\"\",VLOOKUP(C2623,BNCDADOS!$A:$G,4,0))","v":4376.51},{"$f":"TRUNC(G2623*(1+$I$5),2)","v":4901.6899999999996},{"$f":"IF(H2623=\"\",0,TRUNC(H2623*F2623,2))","v":58820.28},{"$f":"IF(C2623=0,\"\",VLOOKUP(C2623,BNCDADOS!$A:$G,6,0))","v":4376.51},{"$f":"TRUNC(J2623*(1+$L$5),2)","v":5141.5200000000004},{"$f":"IF(K2623=\"\",0,TRUNC(K2623*F2623,2))","v":61698.239999999998},{"$f":"'MC - MATERIAL ADUTORA - 4-8'!M197","v":12}]
["8.4.2.2",{"$f":"IF(C2624=0,\"\",VLOOKUP(C2624,BNCDADOS!$A:$H,8,0))","v":0},"FF43",{"$f":"IF(C2624=0,\"\",VLOOKUP(C2624,BNCDADOS!$A:$G,2,0))","v":"REDUÇÃO CONCÊNTRICA, FOFO, FLANGES, PN16, DN 100-50MM"},{"$f":"IF(C2624=0,\"\",VLOOKUP(C2624,BNCDADOS!$A:$G,3,0))","v":"UN "},6,{"$f":"IF(C2624=0,\"\",VLOOKUP(C2624,BNCDADOS!$A:$G,4,0))","v":338.84},379.5,{"$f":"IF(H2624=\"\",0,TRUNC(H2624*F2624,2))","v":2277},{"$f":"IF(C2624=0,\"\",VLOOKUP(C2624,BNCDADOS!$A:$G,6,0))","v":338.84},398.06,{"$f":"IF(K2624=\"\",0,TRUNC(K2624*F2624,2))","v":2388.36},{"$f":"'MC - MATERIAL ADUTORA - 4-8'!M196","v":6}]
["8.4.2.3",{"$f":"IF(C2625=0,\"\",VLOOKUP(C2625,BNCDADOS!$A:$H,8,0))","v":0},"FF15",{"$f":"IF(C2625=0,\"\",VLOOKUP(C2625,BNCDADOS!$A:$G,2,0))","v":"CURVA 45°, FOFO, FLANGES, PN10, DN 100MM"},{"$f":"IF(C2625=0,\"\",VLOOKUP(C2625,BNCDADOS!$A:$G,3,0))","v":"UN "},6,{"$f":"IF(C2625=0,\"\",VLOOKUP(C2625,BNCDADOS!$A:$G,4,0))","v":278.55},311.97000000000003,1871.82,{"$f":"IF(C2625=0,\"\",VLOOKUP(C2625,BNCDADOS!$A:$G,6,0))","v":278.55},327.24,1963.44,{"$f":"'MC - MATERIAL ADUTORA - 4-8'!M195","v":6}]
["8.4.2.4",{"$f":"IF(C2626=0,\"\",VLOOKUP(C2626,BNCDADOS!$A:$H,8,0))","v":0},"VG01",{"$f":"IF(C2626=0,\"\",VLOOKUP(C2626,BNCDADOS!$A:$G,2,0))","v":"VÁLVULA GAVETA, FLANGES, CORPO CURTO, VOLANTE E CUNHA DE BORRACHA, DN 50MM"},{"$f":"IF(C2626=0,\"\",VLOOKUP(C2626,BNCDADOS!$A:$G,3,0))","v":"UN "},6,{"$f":"IF(C2626=0,\"\",VLOOKUP(C2626,BNCDADOS!$A:$G,4,0))","v":531.92999999999995},595.76,3574.56,{"$f":"IF(C2626=0,\"\",VLOOKUP(C2626,BNCDADOS!$A:$G,6,0))","v":531.92999999999995},624.91,3749.46,{"$f":"'MC - MATERIAL ADUTORA - 4-8'!M203","v":6}]
["8.4.2.5",{"$f":"IF(C2627=0,\"\",VLOOKUP(C2627,BNCDADOS!$A:$H,8,0))","v":0},"VG03",{"$f":"IF(C2627=0,\"\",VLOOKUP(C2627,BNCDADOS!$A:$G,2,0))","v":"VÁLVULA GAVETA, FLANGES, CORPO CURTO, VOLANTE E CUNHA DE BORRACHA, DN 100MM"},{"$f":"IF(C2627=0,\"\",VLOOKUP(C2627,BNCDADOS!$A:$G,3,0))","v":"UN "},6,{"$f":"IF(C2627=0,\"\",VLOOKUP(C2627,BNCDADOS!$A:$G,4,0))","v":946.02},1059.54,6357.24,{"$f":"IF(C2627=0,\"\",VLOOKUP(C2627,BNCDADOS!$A:$G,6,0))","v":946.02},1111.3800000000001,6668.28,{"$f":"'MC - MATERIAL ADUTORA - 4-8'!M204","v":6}]
["8.4.2.6",{"$f":"IF(C2628=0,\"\",VLOOKUP(C2628,BNCDADOS!$A:$H,8,0))","v":0},"VT01",{"$f":"IF(C2628=0,\"\",VLOOKUP(C2628,BNCDADOS!$A:$G,2,0))","v":"VENTOSA TRÍPLICE FUNÇÃO, FOFO, FLANGE, PN10, DN 50MM"},{"$f":"IF(C2628=0,\"\",VLOOKUP(C2628,BNCDADOS!$A:$G,3,0))","v":"UN "},6,{"$f":"IF(C2628=0,\"\",VLOOKUP(C2628,BNCDADOS!$A:$G,4,0))","v":917.58},1027.68,6166.08,{"$f":"IF(C2628=0,\"\",VLOOKUP(C2628,BNCDADOS!$A:$G,6,0))","v":917.58},1077.97,6467.82,{"$f":"'MC - MATERIAL ADUTORA - 4-8'!M206","v":6}]
["8.4.2.7",{"$f":"IF(C2629=0,\"\",VLOOKUP(C2629,BNCDADOS!$A:$H,8,0))","v":0},"FF101",{"$f":"IF(C2629=0,\"\",VLOOKUP(C2629,BNCDADOS!$A:$G,2,0))","v":"PARAFUSO PARA FLANGES, PN10, 16X80"},{"$f":"IF(C2629=0,\"\",VLOOKUP(C2629,BNCDADOS!$A:$G,3,0))","v":"UN "},96,{"$f":"IF(C2629=0,\"\",VLOOKUP(C2629,BNCDADOS!$A:$G,4,0))","v":8.23},9.2100000000000009,884.16,{"$f":"IF(C2629=0,\"\",VLOOKUP(C2629,BNCDADOS!$A:$G,6,0))","v":8.23},9.66,927.36,{"$f":"'MC - MATERIAL ADUTORA - 4-8'!M199","v":96}]
["8.4.2.8",{"$f":"IF(C2630=0,\"\",VLOOKUP(C2630,BNCDADOS!$A:$H,8,0))","v":0},"FF92",{"$f":"IF(C2630=0,\"\",VLOOKUP(C2630,BNCDADOS!$A:$G,2,0))","v":"ARRUELA DE BORRACHA PARA FLANGES, DN 50MM"},{"$f":"IF(C2630=0,\"\",VLOOKUP(C2630,BNCDADOS!$A:$G,3,0))","v":"UN "},6,{"$f":"IF(C2630=0,\"\",VLOOKUP(C2630,BNCDADOS!$A:$G,4,0))","v":3.32},3.71,22.26,{"$f":"IF(C2630=0,\"\",VLOOKUP(C2630,BNCDADOS!$A:$G,6,0))","v":3.32},3.9,23.4,{"$f":"'MC - MATERIAL ADUTORA - 4-8'!M200","v":6}]
["8.4.2.9",{"$f":"IF(C2631=0,\"\",VLOOKUP(C2631,BNCDADOS!$A:$H,8,0))","v":0},"FF94",{"$f":"IF(C2631=0,\"\",VLOOKUP(C2631,BNCDADOS!$A:$G,2,0))","v":"ARRUELA DE BORRACHA PARA FLANGES, DN 100MM"},{"$f":"IF(C2631=0,\"\",VLOOKUP(C2631,BNCDADOS!$A:$G,3,0))","v":"UN "},18,{"$f":"IF(C2631=0,\"\",VLOOKUP(C2631,BNCDADOS!$A:$G,4,0))","v":6.83},7.64,137.52000000000001,{"$f":"IF(C2631=0,\"\",VLOOKUP(C2631,BNCDADOS!$A:$G,6,0))","v":6.83},8.02,144.36000000000001,{"$f":"'MC - MATERIAL ADUTORA - 4-8'!M201","v":18}]
["8.5",null,null,"MATERIAIS_EEAT 07_TANGARÁ",{"$nulls":4},{"$f":"SUM(I2633,I2647,I2669)","v":652406.07000000007},null,null,{"$f":"SUM(L2633,L2647,L2669)","v":684327.47},0]
["8.5.1",{"$f":"IF(C2633=0,\"\",VLOOKUP(C2633,BNCDADOS!$A:$G,8,0))","v":""},null,"TUBOS",{"$f":"IF(C2633=0,\"\",VLOOKUP(C2633,BNCDADOS!$A:$G,3,0))","v":""},{"$f":"TRUNC(M2633,2)","v":0},{"$f":"IF(C2633=0,\"\",VLOOKUP(C2633,BNCDADOS!$A:$G,4,0))","v":""},{"$f":"IF(C2633=0,\"\",VLOOKUP(C2633,BNCDADOS!$A:$G,5,0))","v":""},{"$f":"SUM(I2634:I2646)","v":136729.13},{"$f":"IF(C2633=0,\"\",VLOOKUP(C2633,BNCDADOS!$A:$G,6,0))","v":""},{"$f":"IF(C2633=0,\"\",VLOOKUP(C2633,BNCDADOS!$A:$G,7,0))","v":""},{"$f":"SUM(L2634:L2646)","v":143419.15},0]
["8.5.1.1",{"$f":"IF(C2634=0,\"\",VLOOKUP(C2634,BNCDADOS!$A:$H,8,0))","v":0},"FF67",{"$f":"IF(C2634=0,\"\",VLOOKUP(C2634,BNCDADOS!$A:$G,2,0))","v":"TUBO, FOFO, CILINDRICO, DN 600MM, L=4680MM"},{"$f":"IF(C2634=0,\"\",VLOOKUP(C2634,BNCDADOS!$A:$G,3,0))","v":"UN "},1,{"$f":"IF(C2634=0,\"\",VLOOKUP(C2634,BNCDADOS!$A:$G,4,0))","v":10810.8},{"$f":"TRUNC(G2634*(1+$I$5),2)","v":12108.09},{"$f":"IF(H2634=\"\",0,TRUNC(H2634*F2634,2))","v":12108.09},{"$f":"IF(C2634=0,\"\",VLOOKUP(C2634,BNCDADOS!$A:$G,6,0))","v":10810.8},{"$f":"TRUNC(J2634*(1+$L$5),2)","v":12700.52},{"$f":"IF(K2634=\"\",0,TRUNC(K2634*F2634,2))","v":12700.52},1]
["8.5.1.2",{"$f":"IF(C2635=0,\"\",VLOOKUP(C2635,BNCDADOS!$A:$H,8,0))","v":0},"FF69",{"$f":"IF(C2635=0,\"\",VLOOKUP(C2635,BNCDADOS!$A:$G,2,0))","v":"TUBO, FOFO, FLANGE/PONTA, DN 400MM, L=1190MM"},{"$f":"IF(C2635=0,\"\",VLOOKUP(C2635,BNCDADOS!$A:$G,3,0))","v":"UN "},1,{"$f":"IF(C2635=0,\"\",VLOOKUP(C2635,BNCDADOS!$A:$G,4,0))","v":2654.03},{"$f":"TRUNC(G2635*(1+$I$5),2)","v":2972.51},{"$f":"IF(H2635=\"\",0,TRUNC(H2635*F2635,2))","v":2972.51},{"$f":"IF(C2635=0,\"\",VLOOKUP(C2635,BNCDADOS!$A:$G,6,0))","v":2654.03},{"$f":"TRUNC(J2635*(1+$L$5),2)","v":3117.95},{"$f":"IF(K2635=\"\",0,TRUNC(K2635*F2635,2))","v":3117.95},1]
["8.5.1.3",{"$f":"IF(C2636=0,\"\",VLOOKUP(C2636,BNCDADOS!$A:$H,8,0))","v":0},"FF70",{"$f":"IF(C2636=0,\"\",VLOOKUP(C2636,BNCDADOS!$A:$G,2,0))","v":"TUBO, FOFO, FLANGE/PONTA, DN 600MM, L=2100MM"},{"$f":"IF(C2636=0,\"\",VLOOKUP(C2636,BNCDADOS!$A:$G,3,0))","v":"UN "},1,{"$f":"IF(C2636=0,\"\",VLOOKUP(C2636,BNCDADOS!$A:$G,4,0))","v":9128.1666666666661},10223.540000000001,{"$f":"IF(H2636=\"\",0,TRUNC(H2636*F2636,2))","v":10223.540000000001},{"$f":"IF(C2636=0,\"\",VLOOKUP(C2636,BNCDADOS!$A:$G,6,0))","v":9128.1666666666661},10723.77,{"$f":"IF(K2636=\"\",0,TRUNC(K2636*F2636,2))","v":10723.77},1]
["8.5.1.4",{"$f":"IF(C2637=0,\"\",VLOOKUP(C2637,BNCDADOS!$A:$H,8,0))","v":0},"FF80",{"$f":"IF(C2637=0,\"\",VLOOKUP(C2637,BNCDADOS!$A:$G,2,0))","v":"TUBO, FOFO, FLANGES, DN 400MM, L=2260MM"},{"$f":"IF(C2637=0,\"\",VLOOKUP(C2637,BNCDADOS!$A:$G,3,0))","v":"UN "},2,{"$f":"IF(C2637=0,\"\",VLOOKUP(C2637,BNCDADOS!$A:$G,4,0))","v":3978.15},4455.5200000000004,{"$f":"IF(H2637=\"\",0,TRUNC(H2637*F2637,2))","v":8911.0400000000009},{"$f":"IF(C2637=0,\"\",VLOOKUP(C2637,BNCDADOS!$A:$G,6,0))","v":3978.15},4673.53,{"$f":"IF(K2637=\"\",0,TRUNC(K2637*F2637,2))","v":9347.06},2]
["8.5.1.5",{"$f":"IF(C2638=0,\"\",VLOOKUP(C2638,BNCDADOS!$A:$H,8,0))","v":0},"FF82",{"$f":"IF(C2638=0,\"\",VLOOKUP(C2638,BNCDADOS!$A:$G,2,0))","v":"TUBO, FOFO, FLANGES, DN 400MM, L=2370MM"},{"$f":"IF(C2638=0,\"\",VLOOKUP(C2638,BNCDADOS!$A:$G,3,0))","v":"UN "},2,{"$f":"IF(C2638=0,\"\",VLOOKUP(C2638,BNCDADOS!$A:$G,4,0))","v":4114.28},4607.99,{"$f":"IF(H2638=\"\",0,TRUNC(H2638*F2638,2))","v":9215.98},{"$f":"IF(C2638=0,\"\",VLOOKUP(C2638,BNCDADOS!$A:$G,6,0))","v":4114.28},4833.45,{"$f":"IF(K2638=\"\",0,TRUNC(K2638*F2638,2))","v":9666.9},2]
["8.5.1.6",{"$f":"IF(C2639=0,\"\",VLOOKUP(C2639,BNCDADOS!$A:$H,8,0))","v":0},"FF77",{"$f":"IF(C2639=0,\"\",VLOOKUP(C2639,BNCDADOS!$A:$G,2,0))","v":"TUBO, FOFO, FLANGES, DN 400MM, L=510MM"},{"$f":"IF(C2639=0,\"\",VLOOKUP(C2639,BNCDADOS!$A:$G,3,0))","v":"UN "},4,{"$f":"IF(C2639=0,\"\",VLOOKUP(C2639,BNCDADOS!$A:$G,4,0))","v":1812.53},2030.03,8120.12,{"$f":"IF(C2639=0,\"\",VLOOKUP(C2639,BNCDADOS!$A:$G,6,0))","v":1812.53},2129.36,8517.44,4]
["8.5.1.7",{"$f":"IF(C2640=0,\"\",VLOOKUP(C2640,BNCDADOS!$A:$H,8,0))","v":0},"FF78",{"$f":"IF(C2640=0,\"\",VLOOKUP(C2640,BNCDADOS!$A:$G,2,0))","v":"TUBO, FOFO, FLANGES, DN 400MM, L=650MM"},{"$f":"IF(C2640=0,\"\",VLOOKUP(C2640,BNCDADOS!$A:$G,3,0))","v":"UN "},1,{"$f":"IF(C2640=0,\"\",VLOOKUP(C2640,BNCDADOS!$A:$G,4,0))","v":1985.78},2224.0700000000002,2224.0700000000002,{"$f":"IF(C2640=0,\"\",VLOOKUP(C2640,BNCDADOS!$A:$G,6,0))","v":1985.78},2332.89,2332.89,1]
["8.5.1.8",{"$f":"IF(C2641=0,\"\",VLOOKUP(C2641,BNCDADOS!$A:$H,8,0))","v":0},"FF79",{"$f":"IF(C2641=0,\"\",VLOOKUP(C2641,BNCDADOS!$A:$G,2,0))","v":"TUBO, FOFO, FLANGES, DN 400MM, L=800MM"},{"$f":"IF(C2641=0,\"\",VLOOKUP(C2641,BNCDADOS!$A:$G,3,0))","v":"UN "},2,{"$f":"IF(C2641=0,\"\",VLOOKUP(C2641,BNCDADOS!$A:$G,4,0))","v":2171.4},2431.96,4863.92,{"$f":"IF(C2641=0,\"\",VLOOKUP(C2641,BNCDADOS!$A:$G,6,0))","v":2171.4},2550.96,5101.92,2]
["8.5.1.9",{"$f":"IF(C2642=0,\"\",VLOOKUP(C2642,BNCDADOS!$A:$H,8,0))","v":0},"FF84",{"$f":"IF(C2642=0,\"\",VLOOKUP(C2642,BNCDADOS!$A:$G,2,0))","v":"TUBO, FOFO, FLANGES, DN 600MM, L=2100MM"},{"$f":"IF(C2642=0,\"\",VLOOKUP(C2642,BNCDADOS!$A:$G,3,0))","v":"UN "},2,{"$f":"IF(C2642=0,\"\",VLOOKUP(C2642,BNCDADOS!$A:$G,4,0))","v":7182.45},8044.34,16088.68,{"$f":"IF(C2642=0,\"\",VLOOKUP(C2642,BNCDADOS!$A:$G,6,0))","v":7182.45},8437.94,16875.88,2]
["8.5.1.10",{"$f":"IF(C2643=0,\"\",VLOOKUP(C2643,BNCDADOS!$A:$H,8,0))","v":0},"FF85",{"$f":"IF(C2643=0,\"\",VLOOKUP(C2643,BNCDADOS!$A:$G,2,0))","v":"TUBO, FOFO, FLANGES, DN 600MM, L=2900MM"},{"$f":"IF(C2643=0,\"\",VLOOKUP(C2643,BNCDADOS!$A:$G,3,0))","v":"UN "},1,{"$f":"IF(C2643=0,\"\",VLOOKUP(C2643,BNCDADOS!$A:$G,4,0))","v":12458.039999999999},13953,13953,{"$f":"IF(C2643=0,\"\",VLOOKUP(C2643,BNCDADOS!$A:$G,6,0))","v":12458.039999999999},14635.7,14635.7,1]
["8.5.1.11",{"$f":"IF(C2644=0,\"\",VLOOKUP(C2644,BNCDADOS!$A:$H,8,0))","v":0},"FF86",{"$f":"IF(C2644=0,\"\",VLOOKUP(C2644,BNCDADOS!$A:$G,2,0))","v":"TUBO, FOFO, FLANGES, DN 600MM, L=5990MM"},{"$f":"IF(C2644=0,\"\",VLOOKUP(C2644,BNCDADOS!$A:$G,3,0))","v":"UN "},1,{"$f":"IF(C2644=0,\"\",VLOOKUP(C2644,BNCDADOS!$A:$G,4,0))","v":17954.09},20108.580000000002,20108.580000000002,{"$f":"IF(C2644=0,\"\",VLOOKUP(C2644,BNCDADOS!$A:$G,6,0))","v":17954.09},21092.46,21092.46,1]
["8.5.1.12",{"$f":"IF(C2645=0,\"\",VLOOKUP(C2645,BNCDADOS!$A:$H,8,0))","v":0},"FF87",{"$f":"IF(C2645=0,\"\",VLOOKUP(C2645,BNCDADOS!$A:$G,2,0))","v":"TUBO, FOFO, FLANGES, DN 700MM, L=1800MM"},{"$f":"IF(C2645=0,\"\",VLOOKUP(C2645,BNCDADOS!$A:$G,3,0))","v":"UN "},3,{"$f":"IF(C2645=0,\"\",VLOOKUP(C2645,BNCDADOS!$A:$G,4,0))","v":7855.98},8798.69,26396.07,{"$f":"IF(C2645=0,\"\",VLOOKUP(C2645,BNCDADOS!$A:$G,6,0))","v":7855.98},9229.2000000000007,27687.599999999999,3]
["8.5.1.13",{"$f":"IF(C2646=0,\"\",VLOOKUP(C2646,BNCDADOS!$A:$H,8,0))","v":0},"FF88",{"$f":"IF(C2646=0,\"\",VLOOKUP(C2646,BNCDADOS!$A:$G,2,0))","v":"TUBO, FOFO, K7, PONTA/BOLSA, DN 600MM, L=460MM"},{"$f":"IF(C2646=0,\"\",VLOOKUP(C2646,BNCDADOS!$A:$G,3,0))","v":"UN "},1,{"$f":"IF(C2646=0,\"\",VLOOKUP(C2646,BNCDADOS!$A:$G,4,0))","v":1378.16},1543.53,1543.53,{"$f":"IF(C2646=0,\"\",VLOOKUP(C2646,BNCDADOS!$A:$G,6,0))","v":1378.16},1619.06,1619.06,1]
["8.5.2",{"$f":"IF(C2647=0,\"\",VLOOKUP(C2647,BNCDADOS!$A:$G,8,0))","v":""},null,"CONEXÕES",{"$f":"IF(C2647=0,\"\",VLOOKUP(C2647,BNCDADOS!$A:$G,3,0))","v":""},0,{"$f":"IF(C2647=0,\"\",VLOOKUP(C2647,BNCDADOS!$A:$G,4,0))","v":""},{"$f":"IF(C2647=0,\"\",VLOOKUP(C2647,BNCDADOS!$A:$G,5,0))","v":""},{"$f":"SUM(I2648:I2668)","v":322519.52999999997},{"$f":"IF(C2647=0,\"\",VLOOKUP(C2647,BNCDADOS!$A:$G,6,0))","v":""},{"$f":"IF(C2647=0,\"\",VLOOKUP(C2647,BNCDADOS!$A:$G,7,0))","v":""},{"$f":"SUM(L2648:L2668)","v":338299.99},0]
["8.5.2.1",{"$f":"IF(C2648=0,\"\",VLOOKUP(C2648,BNCDADOS!$A:$H,8,0))","v":0},"FF09",{"$f":"IF(C2648=0,\"\",VLOOKUP(C2648,BNCDADOS!$A:$G,2,0))","v":"CURVA 45°, FOFO, JGS, PN16, DN 400MM"},{"$f":"IF(C2648=0,\"\",VLOOKUP(C2648,BNCDADOS!$A:$G,3,0))","v":"UN "},2,{"$f":"IF(C2648=0,\"\",VLOOKUP(C2648,BNCDADOS!$A:$G,4,0))","v":2859.03},{"$f":"TRUNC(G2648*(1+$I$5),2)","v":3202.11},{"$f":"IF(H2648=\"\",0,TRUNC(H2648*F2648,2))","v":6404.22},{"$f":"IF(C2648=0,\"\",VLOOKUP(C2648,BNCDADOS!$A:$G,6,0))","v":2859.03},{"$f":"TRUNC(J2648*(1+$L$5),2)","v":3358.78},{"$f":"IF(K2648=\"\",0,TRUNC(K2648*F2648,2))","v":6717.56},2]
["8.5.2.2",{"$f":"IF(C2649=0,\"\",VLOOKUP(C2649,BNCDADOS!$A:$H,8,0))","v":0},"FF10",{"$f":"IF(C2649=0,\"\",VLOOKUP(C2649,BNCDADOS!$A:$G,2,0))","v":"CURVA 45°, FOFO, JGS, PN16, DN 600MM"},{"$f":"IF(C2649=0,\"\",VLOOKUP(C2649,BNCDADOS!$A:$G,3,0))","v":"UN "},2,{"$f":"IF(C2649=0,\"\",VLOOKUP(C2649,BNCDADOS!$A:$G,4,0))","v":8332.58},9332.48,{"$f":"IF(H2649=\"\",0,TRUNC(H2649*F2649,2))","v":18664.96},{"$f":"IF(C2649=0,\"\",VLOOKUP(C2649,BNCDADOS!$A:$G,6,0))","v":8332.58},9789.11,{"$f":"IF(K2649=\"\",0,TRUNC(K2649*F2649,2))","v":19578.22},2]
["8.5.2.3",{"$f":"IF(C2650=0,\"\",VLOOKUP(C2650,BNCDADOS!$A:$H,8,0))","v":0},"FF17",{"$f":"IF(C2650=0,\"\",VLOOKUP(C2650,BNCDADOS!$A:$G,2,0))","v":"CURVA 90°, FOFO, FLANGES, PN16, DN 200MM"},{"$f":"IF(C2650=0,\"\",VLOOKUP(C2650,BNCDADOS!$A:$G,3,0))","v":"UN "},6,{"$f":"IF(C2650=0,\"\",VLOOKUP(C2650,BNCDADOS!$A:$G,4,0))","v":821.4},919.96,5519.76,{"$f":"IF(C2650=0,\"\",VLOOKUP(C2650,BNCDADOS!$A:$G,6,0))","v":821.4},964.98,5789.88,6]
["8.5.2.4",{"$f":"IF(C2651=0,\"\",VLOOKUP(C2651,BNCDADOS!$A:$H,8,0))","v":0},"FF18",{"$f":"IF(C2651=0,\"\",VLOOKUP(C2651,BNCDADOS!$A:$G,2,0))","v":"CURVA 90°, FOFO, FLANGES, PN16, DN 400MM"},{"$f":"IF(C2651=0,\"\",VLOOKUP(C2651,BNCDADOS!$A:$G,3,0))","v":"UN "},4,{"$f":"IF(C2651=0,\"\",VLOOKUP(C2651,BNCDADOS!$A:$G,4,0))","v":5082},5691.84,22767.360000000001,{"$f":"IF(C2651=0,\"\",VLOOKUP(C2651,BNCDADOS!$A:$G,6,0))","v":5082},5970.33,23881.32,4]
["8.5.2.5",{"$f":"IF(C2652=0,\"\",VLOOKUP(C2652,BNCDADOS!$A:$H,8,0))","v":0},"FF13",{"$f":"IF(C2652=0,\"\",VLOOKUP(C2652,BNCDADOS!$A:$G,2,0))","v":"CURVA 90°, FOFO, JGS, PN16, DN 600MM"},{"$f":"IF(C2652=0,\"\",VLOOKUP(C2652,BNCDADOS!$A:$G,3,0))","v":"UN "},3,{"$f":"IF(C2652=0,\"\",VLOOKUP(C2652,BNCDADOS!$A:$G,4,0))","v":11568.096666666666},12956.26,38868.78,{"$f":"IF(C2652=0,\"\",VLOOKUP(C2652,BNCDADOS!$A:$G,6,0))","v":11568.096666666666},13590.19,40770.57,3]
["8.5.2.6",{"$f":"IF(C2653=0,\"\",VLOOKUP(C2653,BNCDADOS!$A:$H,8,0))","v":0},"FF21",{"$f":"IF(C2653=0,\"\",VLOOKUP(C2653,BNCDADOS!$A:$G,2,0))","v":"EXTREMIDADE, FOFO, FLANGE/BOLSA, PN10, DN 600MM"},{"$f":"IF(C2653=0,\"\",VLOOKUP(C2653,BNCDADOS!$A:$G,3,0))","v":"UN "},3,{"$f":"IF(C2653=0,\"\",VLOOKUP(C2653,BNCDADOS!$A:$G,4,0))","v":4043},4528.16,13584.48,{"$f":"IF(C2653=0,\"\",VLOOKUP(C2653,BNCDADOS!$A:$G,6,0))","v":4043},4749.71,14249.13,3]
["8.5.2.7",{"$f":"IF(C2654=0,\"\",VLOOKUP(C2654,BNCDADOS!$A:$H,8,0))","v":0},"FF24",{"$f":"IF(C2654=0,\"\",VLOOKUP(C2654,BNCDADOS!$A:$G,2,0))","v":"EXTREMIDADE, FOFO, FLANGE/PONTA, ABA DE VEDAÇÃO PN16, DN 200MM"},{"$f":"IF(C2654=0,\"\",VLOOKUP(C2654,BNCDADOS!$A:$G,3,0))","v":"UN "},3,{"$f":"IF(C2654=0,\"\",VLOOKUP(C2654,BNCDADOS!$A:$G,4,0))","v":1069.01},1197.29,3591.87,{"$f":"IF(C2654=0,\"\",VLOOKUP(C2654,BNCDADOS!$A:$G,6,0))","v":1069.01},1255.8699999999999,3767.61,3]
["8.5.2.8",{"$f":"IF(C2655=0,\"\",VLOOKUP(C2655,BNCDADOS!$A:$H,8,0))","v":0},"FF26",{"$f":"IF(C2655=0,\"\",VLOOKUP(C2655,BNCDADOS!$A:$G,2,0))","v":"EXTREMIDADE, FOFO, FLANGE/PONTA, ABA DE VEDAÇÃO PN16, DN 300MM"},{"$f":"IF(C2655=0,\"\",VLOOKUP(C2655,BNCDADOS!$A:$G,3,0))","v":"UN "},2,{"$f":"IF(C2655=0,\"\",VLOOKUP(C2655,BNCDADOS!$A:$G,4,0))","v":1905.64},2134.31,4268.62,{"$f":"IF(C2655=0,\"\",VLOOKUP(C2655,BNCDADOS!$A:$G,6,0))","v":1905.64},2238.7399999999998,4477.4799999999996,2]
["8.5.2.9",{"$f":"IF(C2656=0,\"\",VLOOKUP(C2656,BNCDADOS!$A:$H,8,0))","v":0},"FF27",{"$f":"IF(C2656=0,\"\",VLOOKUP(C2656,BNCDADOS!$A:$G,2,0))","v":"EXTREMIDADE, FOFO, FLANGE/PONTA, ABA DE VEDAÇÃO PN16, DN 400MM"},{"$f":"IF(C2656=0,\"\",VLOOKUP(C2656,BNCDADOS!$A:$G,3,0))","v":"UN "},3,{"$f":"IF(C2656=0,\"\",VLOOKUP(C2656,BNCDADOS!$A:$G,4,0))","v":4203.8933333333334},4708.3599999999997,14125.08,{"$f":"IF(C2656=0,\"\",VLOOKUP(C2656,BNCDADOS!$A:$G,6,0))","v":4203.8933333333334},4938.7299999999996,14816.19,3]
["8.5.2.10",{"$f":"IF(C2657=0,\"\",VLOOKUP(C2657,BNCDADOS!$A:$H,8,0))","v":0},"FF30",{"$f":"IF(C2657=0,\"\",VLOOKUP(C2657,BNCDADOS!$A:$G,2,0))","v":"FLANGE CEGO, FOFO, PN16, DN 600MM"},{"$f":"IF(C2657=0,\"\",VLOOKUP(C2657,BNCDADOS!$A:$G,3,0))","v":"UN "},2,{"$f":"IF(C2657=0,\"\",VLOOKUP(C2657,BNCDADOS!$A:$G,4,0))","v":2714.56},3040.3,6080.6,{"$f":"IF(C2657=0,\"\",VLOOKUP(C2657,BNCDADOS!$A:$G,6,0))","v":2714.56},3189.06,6378.12,2]
["8.5.2.11",{"$f":"IF(C2658=0,\"\",VLOOKUP(C2658,BNCDADOS!$A:$H,8,0))","v":0},"FF33",{"$f":"IF(C2658=0,\"\",VLOOKUP(C2658,BNCDADOS!$A:$G,2,0))","v":"JUNÇÃO 45°, FOFO, FLANGES, PN16, DN 400MM"},{"$f":"IF(C2658=0,\"\",VLOOKUP(C2658,BNCDADOS!$A:$G,3,0))","v":"UN "},2,{"$f":"IF(C2658=0,\"\",VLOOKUP(C2658,BNCDADOS!$A:$G,4,0))","v":8174.65},9155.6,18311.2,{"$f":"IF(C2658=0,\"\",VLOOKUP(C2658,BNCDADOS!$A:$G,6,0))","v":8174.65},9603.57,19207.14,2]
["8.5.2.12",{"$f":"IF(C2659=0,\"\",VLOOKUP(C2659,BNCDADOS!$A:$H,8,0))","v":0},"FF35",{"$f":"IF(C2659=0,\"\",VLOOKUP(C2659,BNCDADOS!$A:$G,2,0))","v":"JUNTA DE DESMONTAGEM TRAVADA AXIALMENTE, DN 400MM"},{"$f":"IF(C2659=0,\"\",VLOOKUP(C2659,BNCDADOS!$A:$G,3,0))","v":"UN "},5,{"$f":"IF(C2659=0,\"\",VLOOKUP(C2659,BNCDADOS!$A:$G,4,0))","v":5567.6466666666665},6235.76,31178.799999999999,{"$f":"IF(C2659=0,\"\",VLOOKUP(C2659,BNCDADOS!$A:$G,6,0))","v":5567.6466666666665},6540.87,32704.35,5]
["8.5.2.13",{"$f":"IF(C2660=0,\"\",VLOOKUP(C2660,BNCDADOS!$A:$H,8,0))","v":0},"FF37",{"$f":"IF(C2660=0,\"\",VLOOKUP(C2660,BNCDADOS!$A:$G,2,0))","v":"LUVA CORRER, FOFO, JUNTA MECÂNICA, DN 400MM"},{"$f":"IF(C2660=0,\"\",VLOOKUP(C2660,BNCDADOS!$A:$G,3,0))","v":"UN "},1,{"$f":"IF(C2660=0,\"\",VLOOKUP(C2660,BNCDADOS!$A:$G,4,0))","v":2983.17},3341.15,3341.15,{"$f":"IF(C2660=0,\"\",VLOOKUP(C2660,BNCDADOS!$A:$G,6,0))","v":2983.17},3504.62,3504.62,1]
["8.5.2.14",{"$f":"IF(C2661=0,\"\",VLOOKUP(C2661,BNCDADOS!$A:$H,8,0))","v":0},"FF45",{"$f":"IF(C2661=0,\"\",VLOOKUP(C2661,BNCDADOS!$A:$G,2,0))","v":"REDUÇÃO CONCÊNTRICA, FOFO, FLANGES, PN16, DN 250-200MM"},{"$f":"IF(C2661=0,\"\",VLOOKUP(C2661,BNCDADOS!$A:$G,3,0))","v":"UN "},3,{"$f":"IF(C2661=0,\"\",VLOOKUP(C2661,BNCDADOS!$A:$G,4,0))","v":1116.19},1250.1300000000001,3750.39,{"$f":"IF(C2661=0,\"\",VLOOKUP(C2661,BNCDADOS!$A:$G,6,0))","v":1116.19},1311.3,3933.9,3]
["8.5.2.15",{"$f":"IF(C2662=0,\"\",VLOOKUP(C2662,BNCDADOS!$A:$H,8,0))","v":0},"FF47",{"$f":"IF(C2662=0,\"\",VLOOKUP(C2662,BNCDADOS!$A:$G,2,0))","v":"REDUÇÃO CONCÊNTRICA, FOFO, FLANGES, PN16, DN 400-250MM"},{"$f":"IF(C2662=0,\"\",VLOOKUP(C2662,BNCDADOS!$A:$G,3,0))","v":"UN "},3,{"$f":"IF(C2662=0,\"\",VLOOKUP(C2662,BNCDADOS!$A:$G,4,0))","v":2815.5466666666666},3153.41,9460.23,{"$f":"IF(C2662=0,\"\",VLOOKUP(C2662,BNCDADOS!$A:$G,6,0))","v":2815.5466666666666},3307.7,9923.1,3]
["8.5.2.16",{"$f":"IF(C2663=0,\"\",VLOOKUP(C2663,BNCDADOS!$A:$H,8,0))","v":0},"FF48",{"$f":"IF(C2663=0,\"\",VLOOKUP(C2663,BNCDADOS!$A:$G,2,0))","v":"REDUÇÃO CONCÊNTRICA, FOFO, FLANGES, PN16, DN 400-300MM"},{"$f":"IF(C2663=0,\"\",VLOOKUP(C2663,BNCDADOS!$A:$G,3,0))","v":"UN "},3,{"$f":"IF(C2663=0,\"\",VLOOKUP(C2663,BNCDADOS!$A:$G,4,0))","v":2782.11},3115.96,9347.8799999999992,{"$f":"IF(C2663=0,\"\",VLOOKUP(C2663,BNCDADOS!$A:$G,6,0))","v":2782.11},3268.42,9805.26,3]
["8.5.2.17",{"$f":"IF(C2664=0,\"\",VLOOKUP(C2664,BNCDADOS!$A:$H,8,0))","v":0},"FF49",{"$f":"IF(C2664=0,\"\",VLOOKUP(C2664,BNCDADOS!$A:$G,2,0))","v":"REDUÇÃO CONCÊNTRICA, FOFO, FLANGES, PN16, DN 600-400MM"},{"$f":"IF(C2664=0,\"\",VLOOKUP(C2664,BNCDADOS!$A:$G,3,0))","v":"UN "},2,{"$f":"IF(C2664=0,\"\",VLOOKUP(C2664,BNCDADOS!$A:$G,4,0))","v":5656.08},6334.8,12669.6,{"$f":"IF(C2664=0,\"\",VLOOKUP(C2664,BNCDADOS!$A:$G,6,0))","v":5656.08},6644.76,13289.52,2]
["8.5.2.18",{"$f":"IF(C2665=0,\"\",VLOOKUP(C2665,BNCDADOS!$A:$H,8,0))","v":0},"FF59",{"$f":"IF(C2665=0,\"\",VLOOKUP(C2665,BNCDADOS!$A:$G,2,0))","v":"TÊ, FFF, FOFO, PN10, DN 600MM"},{"$f":"IF(C2665=0,\"\",VLOOKUP(C2665,BNCDADOS!$A:$G,3,0))","v":"UN "},4,{"$f":"IF(C2665=0,\"\",VLOOKUP(C2665,BNCDADOS!$A:$G,4,0))","v":12516.34},14018.3,56073.2,{"$f":"IF(C2665=0,\"\",VLOOKUP(C2665,BNCDADOS!$A:$G,6,0))","v":12516.34},14704.19,58816.76,4]
["8.5.2.19",{"$f":"IF(C2666=0,\"\",VLOOKUP(C2666,BNCDADOS!$A:$H,8,0))","v":0},"FF60",{"$f":"IF(C2666=0,\"\",VLOOKUP(C2666,BNCDADOS!$A:$G,2,0))","v":"TÊ, FFF, FOFO, PN10, DN 600-400MM"},{"$f":"IF(C2666=0,\"\",VLOOKUP(C2666,BNCDADOS!$A:$G,3,0))","v":"UN "},1,{"$f":"IF(C2666=0,\"\",VLOOKUP(C2666,BNCDADOS!$A:$G,4,0))","v":16305.023333333333},18261.62,18261.62,{"$f":"IF(C2666=0,\"\",VLOOKUP(C2666,BNCDADOS!$A:$G,6,0))","v":16305.023333333333},19155.14,19155.14,1]
["8.5.2.20",{"$f":"IF(C2667=0,\"\",VLOOKUP(C2667,BNCDADOS!$A:$H,8,0))","v":0},"FF62",{"$f":"IF(C2667=0,\"\",VLOOKUP(C2667,BNCDADOS!$A:$G,2,0))","v":"TOCO, FOFO, FLANGES, DN 400MM, L=0,25"},{"$f":"IF(C2667=0,\"\",VLOOKUP(C2667,BNCDADOS!$A:$G,3,0))","v":"UN "},3,{"$f":"IF(C2667=0,\"\",VLOOKUP(C2667,BNCDADOS!$A:$G,4,0))","v":202.64},226.95,680.85,{"$f":"IF(C2667=0,\"\",VLOOKUP(C2667,BNCDADOS!$A:$G,6,0))","v":202.64},238.06,714.18,3]
["8.5.2.21",{"$f":"IF(C2668=0,\"\",VLOOKUP(C2668,BNCDADOS!$A:$H,8,0))","v":0},"FF63",{"$f":"IF(C2668=0,\"\",VLOOKUP(C2668,BNCDADOS!$A:$G,2,0))","v":"TOCO, FOFO, FLANGES, DN 700MM, L=0,25"},{"$f":"IF(C2668=0,\"\",VLOOKUP(C2668,BNCDADOS!$A:$G,3,0))","v":"UN "},6,{"$f":"IF(C2668=0,\"\",VLOOKUP(C2668,BNCDADOS!$A:$G,4,0))","v":3804.9},4261.4799999999996,25568.880000000001,{"$f":"IF(C2668=0,\"\",VLOOKUP(C2668,BNCDADOS!$A:$G,6,0))","v":3804.9},4469.99,26819.94,6]
["8.5.3",{"$f":"IF(C2669=0,\"\",VLOOKUP(C2669,BNCDADOS!$A:$G,8,0))","v":""},null,"VÁLVULAS",{"$f":"IF(C2669=0,\"\",VLOOKUP(C2669,BNCDADOS!$A:$G,3,0))","v":""},0,{"$f":"IF(C2669=0,\"\",VLOOKUP(C2669,BNCDADOS!$A:$G,4,0))","v":""},{"$f":"IF(C2669=0,\"\",VLOOKUP(C2669,BNCDADOS!$A:$G,5,0))","v":""},{"$f":"SUM(I2670:I2673)","v":193157.41000000003},{"$f":"IF(C2669=0,\"\",VLOOKUP(C2669,BNCDADOS!$A:$G,6,0))","v":""},{"$f":"IF(C2669=0,\"\",VLOOKUP(C2669,BNCDADOS!$A:$G,7,0))","v":""},{"$f":"SUM(L2670:L2673)","v":202608.33000000002},0]
["8.5.3.1",{"$f":"IF(C2670=0,\"\",VLOOKUP(C2670,BNCDADOS!$A:$H,8,0))","v":0},"VB02",{"$f":"IF(C2670=0,\"\",VLOOKUP(C2670,BNCDADOS!$A:$G,2,0))","v":"VÁLVULA BORBOLETA, FLANGES, CORPO CURTO, VOLANTE, DN 400MM"},{"$f":"IF(C2670=0,\"\",VLOOKUP(C2670,BNCDADOS!$A:$G,3,0))","v":"UN "},3,{"$f":"IF(C2670=0,\"\",VLOOKUP(C2670,BNCDADOS!$A:$G,4,0))","v":15800},{"$f":"TRUNC(G2670*(1+$I$5),2)","v":17696},{"$f":"IF(H2670=\"\",0,TRUNC(H2670*F2670,2))","v":53088},{"$f":"IF(C2670=0,\"\",VLOOKUP(C2670,BNCDADOS!$A:$G,6,0))","v":15800},{"$f":"TRUNC(J2670*(1+$L$5),2)","v":18561.84},{"$f":"IF(K2670=\"\",0,TRUNC(K2670*F2670,2))","v":55685.52},3]
["8.5.3.2",{"$f":"IF(C2671=0,\"\",VLOOKUP(C2671,BNCDADOS!$A:$H,8,0))","v":0},"VG05",{"$f":"IF(C2671=0,\"\",VLOOKUP(C2671,BNCDADOS!$A:$G,2,0))","v":"VÁLVULA GAVETA, FLANGES, CORPO CURTO, VOLANTE E CUNHA DE BORRACHA, DN 300MM"},{"$f":"IF(C2671=0,\"\",VLOOKUP(C2671,BNCDADOS!$A:$G,3,0))","v":"UN "},1,{"$f":"IF(C2671=0,\"\",VLOOKUP(C2671,BNCDADOS!$A:$G,4,0))","v":5227.53},5854.83,5854.83,{"$f":"IF(C2671=0,\"\",VLOOKUP(C2671,BNCDADOS!$A:$G,6,0))","v":5227.53},6141.3,6141.3,1]
["8.5.3.3",{"$f":"IF(C2672=0,\"\",VLOOKUP(C2672,BNCDADOS!$A:$H,8,0))","v":0},"VG06",{"$f":"IF(C2672=0,\"\",VLOOKUP(C2672,BNCDADOS!$A:$G,2,0))","v":"VÁLVULA GAVETA, FLANGES, CORPO CURTO, VOLANTE E CUNHA DE BORRACHA, DN 400MM"},{"$f":"IF(C2672=0,\"\",VLOOKUP(C2672,BNCDADOS!$A:$G,3,0))","v":"UN "},8,{"$f":"IF(C2672=0,\"\",VLOOKUP(C2672,BNCDADOS!$A:$G,4,0))","v":12500},14000,112000,{"$f":"IF(C2672=0,\"\",VLOOKUP(C2672,BNCDADOS!$A:$G,6,0))","v":12500},14685,117480,8]
["8.5.3.4",{"$f":"IF(C2673=0,\"\",VLOOKUP(C2673,BNCDADOS!$A:$H,8,0))","v":0},"VR02",{"$f":"IF(C2673=0,\"\",VLOOKUP(C2673,BNCDADOS!$A:$G,2,0))","v":"VÁLVULA RETENÇÃO, FLANGES, PORTINHOLA DUPLA, DN 400MM"},{"$f":"IF(C2673=0,\"\",VLOOKUP(C2673,BNCDADOS!$A:$G,3,0))","v":"UN "},3,{"$f":"IF(C2673=0,\"\",VLOOKUP(C2673,BNCDADOS!$A:$G,4,0))","v":6611.49},7404.86,22214.58,{"$f":"IF(C2673=0,\"\",VLOOKUP(C2673,BNCDADOS!$A:$G,6,0))","v":6611.49},7767.17,23301.51,3]
[null,{"$f":"IF(C2674=0,\"\",VLOOKUP(C2674,BNCDADOS!$A:$H,8,0))","v":""},null,{"$f":"IF(C2674=0,\"\",VLOOKUP(C2674,BNCDADOS!$A:$G,2,0))","v":""},{"$f":"IF(C2674=0,\"\",VLOOKUP(C2674,BNCDADOS!$A:$G,3,0))","v":""},0,{"$f":"IF(C2674=0,\"\",VLOOKUP(C2674,BNCDADOS!$A:$G,4,0))","v":""},{"$f":"IF(C2674=0,\"\",VLOOKUP(C2674,BNCDADOS!$A:$G,5,0))","v":""},{"$f":"IF(H2674=\"\",0,TRUNC(H2674*F2674,2))","v":0},{"$f":"IF(C2674=0,\"\",VLOOKUP(C2674,BNCDADOS!$A:$G,6,0))","v":""},{"$f":"IF(C2674=0,\"\",VLOOKUP(C2674,BNCDADOS!$A:$G,7,0))","v":""},{"$f":"IF(K2674=\"\",0,TRUNC(K2674*F2674,2))","v":0},0]
["8.6",null,null,"EQUIPAMENTOS_EEAT 07_TANGARÁ",{"$nulls":4},{"$f":"I2676","v":1888947.9399999997},null,null,{"$f":"L2676","v":1981371.48},0]
["8.6.1",{"$f":"IF(C2676=0,\"\",VLOOKUP(C2676,BNCDADOS!$A:$G,8,0))","v":""},null,"EQUIPAMENTO MECÂNICOS",{"$f":"IF(C2676=0,\"\",VLOOKUP(C2676,BNCDADOS!$A:$G,3,0))","v":""},{"$f":"TRUNC(M2676,2)","v":0},{"$f":"IF(C2676=0,\"\",VLOOKUP(C2676,BNCDADOS!$A:$G,4,0))","v":""},{"$f":"IF(C2676=0,\"\",VLOOKUP(C2676,BNCDADOS!$A:$G,5,0))","v":""},{"$f":"SUM(I2678:I2684)","v":1888947.9399999997},{"$f":"IF(C2676=0,\"\",VLOOKUP(C2676,BNCDADOS!$A:$G,6,0))","v":""},{"$f":"IF(C2676=0,\"\",VLOOKUP(C2676,BNCDADOS!$A:$G,7,0))","v":""},{"$f":"SUM(L2678:L2684)","v":1981371.48},0]
[null,{"$f":"IF(C2677=0,\"\",VLOOKUP(C2677,BNCDADOS!$A:$G,8,0))","v":""},null,"BOMBAS",{"$f":"IF(C2677=0,\"\",VLOOKUP(C2677,BNCDADOS!$A:$G,3,0))","v":""},0,{"$f":"IF(C2677=0,\"\",VLOOKUP(C2677,BNCDADOS!$A:$G,4,0))","v":""},{"$nulls":5},0]
["8.6.1.1",{"$f":"IF(C2678=0,\"\",VLOOKUP(C2678,BNCDADOS!$A:$H,8,0))","v":0},"B08",{"$f":"IF(C2678=0,\"\",VLOOKUP(C2678,BNCDADOS!$A:$G,2,0))","v":"BOMBA CENTRÍFUGA DE EIXO HORIZONTAL, Q=156,3 L/S, AMT=120,00 mca, 250CV (EEAT07-TANGARÁ)"},{"$f":"IF(C2678=0,\"\",VLOOKUP(C2678,BNCDADOS!$A:$G,3,0))","v":"UN "},3,{"$f":"IF(C2678=0,\"\",VLOOKUP(C2678,BNCDADOS!$A:$G,4,0))","v":480874.6},{"$f":"TRUNC(G2678*(1+$I$5),2)","v":538579.55000000005},{"$f":"IF(H2678=\"\",0,TRUNC(H2678*F2678,2))","v":1615738.65},{"$f":"IF(C2678=0,\"\",VLOOKUP(C2678,BNCDADOS!$A:$G,6,0))","v":480874.6},{"$f":"TRUNC(J2678*(1+$L$5),2)","v":564931.48},{"$f":"IF(K2678=\"\",0,TRUNC(K2678*F2678,2))","v":1694794.44},0]
[null,{"$f":"IF(C2679=0,\"\",VLOOKUP(C2679,BNCDADOS!$A:$G,8,0))","v":""},null,"QUADROS",{"$f":"IF(C2679=0,\"\",VLOOKUP(C2679,BNCDADOS!$A:$G,3,0))","v":""},{"$f":"TRUNC(M2679,2)","v":0},{"$f":"IF(C2679=0,\"\",VLOOKUP(C2679,BNCDADOS!$A:$G,4,0))","v":""},{"$nulls":5},0]
["8.6.1.2",{"$f":"IF(C2680=0,\"\",VLOOKUP(C2680,BNCDADOS!$A:$H,8,0))","v":0},"QC07",{"$f":"IF(C2680=0,\"\",VLOOKUP(C2680,BNCDADOS!$A:$G,2,0))","v":"QUADRO DE COMANDO, C/ SISTEMA DE VARIACAO DE VELOCIDADE, TIPO INVERSOR DE FREQUENCIA, P/ QUARO MOTORES TRIFASICOS DE 150 CV, 380V, SENDO O ESQUEMA 2+1 - (EEAT04-SANTO ANTÔNIO)"},{"$f":"IF(C2680=0,\"\",VLOOKUP(C2680,BNCDADOS!$A:$G,3,0))","v":"UN "},1,{"$f":"IF(C2680=0,\"\",VLOOKUP(C2680,BNCDADOS!$A:$G,4,0))","v":82958.880000000005},{"$f":"TRUNC(G2680*(1+$I$5),2)","v":92913.94},{"$f":"IF(H2680=\"\",0,TRUNC(H2680*F2680,2))","v":92913.94},{"$f":"IF(C2680=0,\"\",VLOOKUP(C2680,BNCDADOS!$A:$G,6,0))","v":82958.880000000005},{"$f":"TRUNC(J2680*(1+$L$5),2)","v":97460.09},{"$f":"IF(K2680=\"\",0,TRUNC(K2680*F2680,2))","v":97460.09},0]
[null,{"$f":"IF(C2681=0,\"\",VLOOKUP(C2681,BNCDADOS!$A:$G,8,0))","v":""},null,"MEDIDORES DE VAZÃO",{"$f":"IF(C2681=0,\"\",VLOOKUP(C2681,BNCDADOS!$A:$G,3,0))","v":""},{"$f":"TRUNC(M2681,2)","v":0},{"$f":"IF(C2681=0,\"\",VLOOKUP(C2681,BNCDADOS!$A:$G,4,0))","v":""},{"$nulls":5},0]
["8.6.1.3",{"$f":"IF(C2682=0,\"\",VLOOKUP(C2682,BNCDADOS!$A:$H,8,0))","v":0},"MV02",{"$f":"IF(C2682=0,\"\",VLOOKUP(C2682,BNCDADOS!$A:$G,2,0))","v":"MEDIDOR DE VAZÃO ELETROMAGNÉTICO, DN 400"},{"$f":"IF(C2682=0,\"\",VLOOKUP(C2682,BNCDADOS!$A:$G,3,0))","v":"UN "},1,{"$f":"IF(C2682=0,\"\",VLOOKUP(C2682,BNCDADOS!$A:$G,4,0))","v":15717.14},{"$f":"TRUNC(G2682*(1+$I$5),2)","v":17603.189999999999},{"$f":"IF(H2682=\"\",0,TRUNC(H2682*F2682,2))","v":17603.189999999999},{"$f":"IF(C2682=0,\"\",VLOOKUP(C2682,BNCDADOS!$A:$G,6,0))","v":15717.14},{"$f":"TRUNC(J2682*(1+$L$5),2)","v":18464.490000000002},{"$f":"IF(K2682=\"\",0,TRUNC(K2682*F2682,2))","v":18464.490000000002},0]
[null,{"$f":"IF(C2683=0,\"\",VLOOKUP(C2683,BNCDADOS!$A:$G,8,0))","v":""},null,"ELÉTRICO",{"$f":"IF(C2683=0,\"\",VLOOKUP(C2683,BNCDADOS!$A:$G,3,0))","v":""},{"$f":"TRUNC(M2683,2)","v":0},{"$f":"IF(C2683=0,\"\",VLOOKUP(C2683,BNCDADOS!$A:$G,4,0))","v":""}]
["8.6.1.4",{"$f":"IF(C2684=0,\"\",VLOOKUP(C2684,BNCDADOS!$A:$H,8,0))","v":0},"TRF01",{"$f":"IF(C2684=0,\"\",VLOOKUP(C2684,BNCDADOS!$A:$G,2,0))","v":"TRANSFORMADOR TRIFÁSICO A ÓLEO, 500KVA-13.8KV-380/220V- Y-60Hz"},{"$f":"IF(C2684=0,\"\",VLOOKUP(C2684,BNCDADOS!$A:$G,3,0))","v":"UN "},2,{"$f":"IF(C2684=0,\"\",VLOOKUP(C2684,BNCDADOS!$A:$G,4,0))","v":72630.433333333334},{"$f":"TRUNC(G2684*(1+$I$5),2)","v":81346.080000000002},{"$f":"IF(H2684=\"\",0,TRUNC(H2684*F2684,2))","v":162692.16},{"$f":"IF(C2684=0,\"\",VLOOKUP(C2684,BNCDADOS!$A:$G,6,0))","v":72630.433333333334},{"$f":"TRUNC(J2684*(1+$L$5),2)","v":85326.23},{"$f":"IF(K2684=\"\",0,TRUNC(K2684*F2684,2))","v":170652.46},1]
[null,{"$f":"IF(C2685=0,\"\",VLOOKUP(C2685,BNCDADOS!$A:$H,8,0))","v":""},null,{"$f":"IF(C2685=0,\"\",VLOOKUP(C2685,BNCDADOS!$A:$G,2,0))","v":""},{"$f":"IF(C2685=0,\"\",VLOOKUP(C2685,BNCDADOS!$A:$G,3,0))","v":""},{"$f":"TRUNC(M2685,2)","v":0},{"$f":"IF(C2685=0,\"\",VLOOKUP(C2685,BNCDADOS!$A:$G,4,0))","v":""},{"$f":"IF(C2685=0,\"\",VLOOKUP(C2685,BNCDADOS!$A:$G,5,0))","v":""},{"$f":"IF(H2685=\"\",0,TRUNC(H2685*F2685,2))","v":0},{"$f":"IF(C2685=0,\"\",VLOOKUP(C2685,BNCDADOS!$A:$G,6,0))","v":""},{"$f":"IF(C2685=0,\"\",VLOOKUP(C2685,BNCDADOS!$A:$G,7,0))","v":""},{"$f":"IF(K2685=\"\",0,TRUNC(K2685*F2685,2))","v":0},0]
["9.",null,null,"TRECHO 08 - TANGARÁ À SANTA CRUZ",{"$nulls":4},{"$f":"SUM(I2687,I2740)","v":77833369.900000006},null,null,{"$f":"SUM(L2687,L2740)","v":80475543.479999989}]
["9.1",null,null,"SERVIÇOS_ADUTORA TRECHO 08",{"$nulls":4},{"$f":"SUM(I2688,I2700,I2719,I2730,I2736,I2715)","v":18745107.510000002},null,null,{"$f":"SUM(L2688,L2700,L2719,L2730,L2736,L2715)","v":18794605.399999999}]
["9.1.1",{"$f":"IF(C2688=0,\"\",VLOOKUP(C2688,BNCDADOS!$A:$G,8,0))","v":""},null,"SERVIÇOS PRELIMINARES",{"$f":"IF(C2688=0,\"\",VLOOKUP(C2688,BNCDADOS!$A:$G,3,0))","v":""},{"$f":"TRUNC(M2688,2)","v":0},{"$f":"IF(C2688=0,\"\",VLOOKUP(C2688,BNCDADOS!$A:$G,4,0))","v":""},{"$f":"IF(C2688=0,\"\",VLOOKUP(C2688,BNCDADOS!$A:$G,5,0))","v":""},{"$f":"SUM(I2689:I2699)","v":627089.71000000008},{"$f":"IF(C2688=0,\"\",VLOOKUP(C2688,BNCDADOS!$A:$G,6,0))","v":""},{"$f":"IF(C2688=0,\"\",VLOOKUP(C2688,BNCDADOS!$A:$G,7,0))","v":""},{"$f":"SUM(L2689:L2699)","v":627789.6}]
["9.1.1.1",{"$f":"IF(C2689=0,\"\",VLOOKUP(C2689,BNCDADOS!$A:$H,8,0))","v":"caern"},2010050,{"$f":"IF(C2689=0,\"\",VLOOKUP(C2689,BNCDADOS!$A:$G,2,0))","v":"LOCAÇÃO DE ADUTORAS, COLETORES TRONCO E INTERCEPTORES - COM AUXÍLIO DE EQUIPAMENTO TOPOGRÁFICO. R_11/2018"},{"$f":"IF(C2689=0,\"\",VLOOKUP(C2689,BNCDADOS!$A:$G,3,0))","v":"M"},30203.8,{"$f":"IF(C2689=0,\"\",VLOOKUP(C2689,BNCDADOS!$A:$G,4,0))","v":2.56},{"$f":"IF(C2689=0,\"\",VLOOKUP(C2689,BNCDADOS!$A:$G,5,0))","v":3.16},{"$f":"IF(H2689=\"\",0,TRUNC(H2689*F2689,2))","v":95444},{"$f":"IF(C2689=0,\"\",VLOOKUP(C2689,BNCDADOS!$A:$G,6,0))","v":2.2400000000000002},{"$f":"IF(C2689=0,\"\",VLOOKUP(C2689,BNCDADOS!$A:$G,7,0))","v":2.91},{"$f":"IF(K2689=\"\",0,TRUNC(K2689*F2689,2))","v":87893.05},{"$f":"SUMIF('MC - TRECHO 08'!A:A,Orçamento!A2689,'MC - TRECHO 08'!R:R)","v":30203.8}]
["9.1.1.2",{"$f":"IF(C2690=0,\"\",VLOOKUP(C2690,BNCDADOS!$A:$H,8,0))","v":"SINAPI/RN\nSERVIÇO"},98525,{"$f":"IF(C2690=0,\"\",VLOOKUP(C2690,BNCDADOS!$A:$G,2,0))","v":"LIMPEZA MECANIZADA DE CAMADA VEGETAL, VEGETAÇÃO E PEQUENAS ÁRVORES (DIÂMETRO DE TRONCO MENOR QUE 0,20 M), COM TRATOR DE ESTEIRAS. AF_03/2024"},{"$f":"IF(C2690=0,\"\",VLOOKUP(C2690,BNCDADOS!$A:$G,3,0))","v":"M2"},145122.16,{"$f":"IF(C2690=0,\"\",VLOOKUP(C2690,BNCDADOS!$A:$G,4,0))","v":"0,61"},{"$f":"IF(C2690=0,\"\",VLOOKUP(C2690,BNCDADOS!$A:$G,5,0))","v":0.75},108841.62,{"$f":"IF(C2690=0,\"\",VLOOKUP(C2690,BNCDADOS!$A:$G,6,0))","v":"0,58"},{"$f":"IF(C2690=0,\"\",VLOOKUP(C2690,BNCDADOS!$A:$G,7,0))","v":0.75},108841.62,{"$f":"SUMIF('MC - TRECHO 08'!A:A,Orçamento!A2690,'MC - TRECHO 08'!R:R)","v":145122.16}]
["9.1.1.3",{"$f":"IF(C2691=0,\"\",VLOOKUP(C2691,BNCDADOS!$A:$H,8,0))","v":"caern"},2010053,{"$f":"IF(C2691=0,\"\",VLOOKUP(C2691,BNCDADOS!$A:$G,2,0))","v":"SINALIZAÇÃO DE OBRA COM TELA TAPUME, COR LARANJA, COM SUPORTE A CADA 2M E PLACA DE SINALIZAÇÃO SOBRE CAVALETE. INC_11/2019"},{"$f":"IF(C2691=0,\"\",VLOOKUP(C2691,BNCDADOS!$A:$G,3,0))","v":"M"},60407.6,{"$f":"IF(C2691=0,\"\",VLOOKUP(C2691,BNCDADOS!$A:$G,4,0))","v":4.54},{"$f":"IF(C2691=0,\"\",VLOOKUP(C2691,BNCDADOS!$A:$G,5,0))","v":5.61},338886.63,{"$f":"IF(C2691=0,\"\",VLOOKUP(C2691,BNCDADOS!$A:$G,6,0))","v":4.3899999999999997},{"$f":"IF(C2691=0,\"\",VLOOKUP(C2691,BNCDADOS!$A:$G,7,0))","v":5.7},344323.32,{"$f":"SUMIF('MC - TRECHO 08'!A:A,Orçamento!A2691,'MC - TRECHO 08'!R:R)","v":60407.6}]
["9.1.1.4",{"$f":"IF(C2692=0,\"\",VLOOKUP(C2692,BNCDADOS!$A:$H,8,0))","v":"SINAPI/RN\nSERVIÇO"},97054,{"$f":"IF(C2692=0,\"\",VLOOKUP(C2692,BNCDADOS!$A:$G,2,0))","v":"INSTALAÇÃO DE SINALIZADOR NOTURNO LED. AF_03/2024"},{"$f":"IF(C2692=0,\"\",VLOOKUP(C2692,BNCDADOS!$A:$G,3,0))","v":"UN"},601,{"$f":"IF(C2692=0,\"\",VLOOKUP(C2692,BNCDADOS!$A:$G,4,0))","v":"28,12"},{"$f":"IF(C2692=0,\"\",VLOOKUP(C2692,BNCDADOS!$A:$G,5,0))","v":34.78},20902.78,{"$f":"IF(C2692=0,\"\",VLOOKUP(C2692,BNCDADOS!$A:$G,6,0))","v":"27,08"},{"$f":"IF(C2692=0,\"\",VLOOKUP(C2692,BNCDADOS!$A:$G,7,0))","v":35.19},21149.19,{"$f":"SUMIF('MC - TRECHO 08'!A:A,Orçamento!A2692,'MC - TRECHO 08'!R:R)","v":601}]
["9.1.1.5",{"$f":"IF(C2693=0,\"\",VLOOKUP(C2693,BNCDADOS!$A:$H,8,0))","v":"caern"},2010037,{"$f":"IF(C2693=0,\"\",VLOOKUP(C2693,BNCDADOS!$A:$G,2,0))","v":"SONDAGEM DE INTERFERÊNCIA, ESCAVAÇÃO MANUAL DE VALA DE 0,60M ATÉ 1,30M, EM RUAS SEM PAVIMENTAÇÃO"},{"$f":"IF(C2693=0,\"\",VLOOKUP(C2693,BNCDADOS!$A:$G,3,0))","v":"M"},39.58,{"$f":"IF(C2693=0,\"\",VLOOKUP(C2693,BNCDADOS!$A:$G,4,0))","v":89.34},{"$f":"IF(C2693=0,\"\",VLOOKUP(C2693,BNCDADOS!$A:$G,5,0))","v":110.5},4373.59,{"$f":"IF(C2693=0,\"\",VLOOKUP(C2693,BNCDADOS!$A:$G,6,0))","v":80.78},{"$f":"IF(C2693=0,\"\",VLOOKUP(C2693,BNCDADOS!$A:$G,7,0))","v":104.98},4155.1000000000004,{"$f":"SUMIF('MC - TRECHO 08'!A:A,Orçamento!A2693,'MC - TRECHO 08'!R:R)","v":39.58}]
["9.1.1.6",{"$f":"IF(C2694=0,\"\",VLOOKUP(C2694,BNCDADOS!$A:$H,8,0))","v":"caern"},2010036,{"$f":"IF(C2694=0,\"\",VLOOKUP(C2694,BNCDADOS!$A:$G,2,0))","v":"SONDAGEM DE INTERFERÊNCIA, ESCAVAÇÃO MANUAL DE VALA DE 0,60M ATÉ 1,30M, INCLUSIVE DEMOLIÇÃO DE PAVIMENTAÇÃO EM PARALELEPÍPEDO. R_05/2023"},{"$f":"IF(C2694=0,\"\",VLOOKUP(C2694,BNCDADOS!$A:$G,3,0))","v":"M"},1.56,{"$f":"IF(C2694=0,\"\",VLOOKUP(C2694,BNCDADOS!$A:$G,4,0))","v":123.35},{"$f":"IF(C2694=0,\"\",VLOOKUP(C2694,BNCDADOS!$A:$G,5,0))","v":152.57},238,{"$f":"IF(C2694=0,\"\",VLOOKUP(C2694,BNCDADOS!$A:$G,6,0))","v":112.6},{"$f":"IF(C2694=0,\"\",VLOOKUP(C2694,BNCDADOS!$A:$G,7,0))","v":146.33000000000001},228.27,{"$f":"SUMIF('MC - TRECHO 08'!A:A,Orçamento!A2694,'MC - TRECHO 08'!R:R)","v":1.56}]
["9.1.1.7",{"$f":"IF(C2695=0,\"\",VLOOKUP(C2695,BNCDADOS!$A:$H,8,0))","v":"caern"},2010035,{"$f":"IF(C2695=0,\"\",VLOOKUP(C2695,BNCDADOS!$A:$G,2,0))","v":"SONDAGEM DE INTERFERÊNCIA, ESCAVAÇÃO MANUAL DE VALA DE 0,60M ATÉ 1,30M, INCLUSIVE DEMOLIÇÃO DE PAVIMENTAÇÃO ASFÁLTICA. R_05/2023"},{"$f":"IF(C2695=0,\"\",VLOOKUP(C2695,BNCDADOS!$A:$G,3,0))","v":"M"},{"$f":"TRUNC(M2695,2)","v":4.17},{"$f":"IF(C2695=0,\"\",VLOOKUP(C2695,BNCDADOS!$A:$G,4,0))","v":181.57},{"$f":"IF(C2695=0,\"\",VLOOKUP(C2695,BNCDADOS!$A:$G,5,0))","v":224.58},{"$f":"IF(H2695=\"\",0,TRUNC(H2695*F2695,2))","v":936.49},{"$f":"IF(C2695=0,\"\",VLOOKUP(C2695,BNCDADOS!$A:$G,6,0))","v":169.89},{"$f":"IF(C2695=0,\"\",VLOOKUP(C2695,BNCDADOS!$A:$G,7,0))","v":220.78},{"$f":"IF(K2695=\"\",0,TRUNC(K2695*F2695,2))","v":920.65},{"$f":"SUMIF('MC - TRECHO 08'!A:A,Orçamento!A2695,'MC - TRECHO 08'!R:R)","v":4.17}]
["9.1.1.8",{"$f":"IF(C2696=0,\"\",VLOOKUP(C2696,BNCDADOS!$A:$H,8,0))","v":0},"COMP 06",{"$f":"IF(C2696=0,\"\",VLOOKUP(C2696,BNCDADOS!$A:$G,2,0))","v":"PLACA DE SINALIZAÇÃO DE OBRAS EM VIAS DE TRÁFEGO MONTADA EM CAVALETE METÁLICO - 1,25 X 0,4M, INCLUSO REAPROVEITAMENTO"},{"$f":"IF(C2696=0,\"\",VLOOKUP(C2696,BNCDADOS!$A:$G,3,0))","v":"UN"},6,{"$f":"IF(C2696=0,\"\",VLOOKUP(C2696,BNCDADOS!$A:$G,4,0))","v":165.20999999999998},{"$f":"IF(C2696=0,\"\",VLOOKUP(C2696,BNCDADOS!$A:$G,5,0))","v":204.34},1226.04,{"$f":"IF(C2696=0,\"\",VLOOKUP(C2696,BNCDADOS!$A:$G,6,0))","v":163.89999999999998},{"$f":"IF(C2696=0,\"\",VLOOKUP(C2696,BNCDADOS!$A:$G,7,0))","v":213},1278,{"$f":"SUMIF('MC - TRECHO 08'!A:A,Orçamento!A2696,'MC - TRECHO 08'!R:R)","v":6}]
["9.1.1.9",{"$f":"IF(C2697=0,\"\",VLOOKUP(C2697,BNCDADOS!$A:$H,8,0))","v":0},"COMP 07",{"$f":"IF(C2697=0,\"\",VLOOKUP(C2697,BNCDADOS!$A:$G,2,0))","v":"PLACA DE SINALIZAÇÃO DE OBRAS EM VIAS DE TRÁFEGO MONTADA EM CAVALETE METÁLICO - 1,25 X 0,8M, INCLUSO REAPROVEITAMENTO"},{"$f":"IF(C2697=0,\"\",VLOOKUP(C2697,BNCDADOS!$A:$G,3,0))","v":"UN"},4,{"$f":"IF(C2697=0,\"\",VLOOKUP(C2697,BNCDADOS!$A:$G,4,0))","v":326.82},{"$f":"IF(C2697=0,\"\",VLOOKUP(C2697,BNCDADOS!$A:$G,5,0))","v":404.24},1616.96,{"$f":"IF(C2697=0,\"\",VLOOKUP(C2697,BNCDADOS!$A:$G,6,0))","v":324.2},{"$f":"IF(C2697=0,\"\",VLOOKUP(C2697,BNCDADOS!$A:$G,7,0))","v":421.33},1685.32,{"$f":"SUMIF('MC - TRECHO 08'!A:A,Orçamento!A2697,'MC - TRECHO 08'!R:R)","v":4}]
["9.1.1.10",{"$f":"IF(C2698=0,\"\",VLOOKUP(C2698,BNCDADOS!$A:$H,8,0))","v":0},"COMP 01",{"$f":"IF(C2698=0,\"\",VLOOKUP(C2698,BNCDADOS!$A:$G,2,0))","v":"CANTEIRO ITINERANTE COMPOSTO DE TOLDO, CONJUNTO DE MESA E CADEIRAS E BANHEIRO QUÍMICO COM LIMPEZA DIÁRIA INCLUSO COLETA E DESTINAÇÃO FINAL DE EFLUENTES"},{"$f":"IF(C2698=0,\"\",VLOOKUP(C2698,BNCDADOS!$A:$G,3,0))","v":"UN"},43,{"$f":"IF(C2698=0,\"\",VLOOKUP(C2698,BNCDADOS!$A:$G,4,0))","v":1007.4399999999999},{"$f":"IF(C2698=0,\"\",VLOOKUP(C2698,BNCDADOS!$A:$G,5,0))","v":1246.0999999999999},53582.3,{"$f":"IF(C2698=0,\"\",VLOOKUP(C2698,BNCDADOS!$A:$G,6,0))","v":1006.4399999999999},{"$f":"IF(C2698=0,\"\",VLOOKUP(C2698,BNCDADOS!$A:$G,7,0))","v":1307.96},56242.28,{"$f":"SUMIF('MC - TRECHO 08'!A:A,Orçamento!A2698,'MC - TRECHO 08'!R:R)","v":43}]
["9.1.1.11",{"$f":"IF(C2699=0,\"\",VLOOKUP(C2699,BNCDADOS!$A:$H,8,0))","v":"caern"},2010007,{"$f":"IF(C2699=0,\"\",VLOOKUP(C2699,BNCDADOS!$A:$G,2,0))","v":"REBAIXAMENTO DE LENÇOL FREÁTICO COM PONTEIRAS FILTRANTES EM ÁREAS. R_05/2019"},{"$f":"IF(C2699=0,\"\",VLOOKUP(C2699,BNCDADOS!$A:$G,3,0))","v":"PTXDIA"},30,{"$f":"IF(C2699=0,\"\",VLOOKUP(C2699,BNCDADOS!$A:$G,4,0))","v":28.07},{"$f":"IF(C2699=0,\"\",VLOOKUP(C2699,BNCDADOS!$A:$G,5,0))","v":34.71},1041.3,{"$f":"IF(C2699=0,\"\",VLOOKUP(C2699,BNCDADOS!$A:$G,6,0))","v":27.52},{"$f":"IF(C2699=0,\"\",VLOOKUP(C2699,BNCDADOS!$A:$G,7,0))","v":35.76},1072.8,{"$f":"SUMIF('MC - TRECHO 08'!A:A,Orçamento!A2699,'MC - TRECHO 08'!R:R)","v":30}]
["9.1.2",{"$f":"IF(C2700=0,\"\",VLOOKUP(C2700,BNCDADOS!$A:$G,8,0))","v":""},null,"MOVIMENTO DE TERRA",{"$f":"IF(C2700=0,\"\",VLOOKUP(C2700,BNCDADOS!$A:$G,3,0))","v":""},0,{"$f":"IF(C2700=0,\"\",VLOOKUP(C2700,BNCDADOS!$A:$G,4,0))","v":""},{"$f":"IF(C2700=0,\"\",VLOOKUP(C2700,BNCDADOS!$A:$G,5,0))","v":""},{"$f":"SUM(I2701:I2714)","v":2322130.6},{"$f":"IF(C2700=0,\"\",VLOOKUP(C2700,BNCDADOS!$A:$G,6,0))","v":""},{"$f":"IF(C2700=0,\"\",VLOOKUP(C2700,BNCDADOS!$A:$G,7,0))","v":""},{"$f":"SUM(L2701:L2714)","v":2316234.1500000008},0]
["9.1.2.1",{"$f":"IF(C2701=0,\"\",VLOOKUP(C2701,BNCDADOS!$A:$H,8,0))","v":0},"COMP 02",{"$f":"IF(C2701=0,\"\",VLOOKUP(C2701,BNCDADOS!$A:$G,2,0))","v":"ESCAVAÇÃO MANUAL DE VALA COM PROFUNDIDADE MENOR OU IGUAL A 2,00 M"},{"$f":"IF(C2701=0,\"\",VLOOKUP(C2701,BNCDADOS!$A:$G,3,0))","v":"M³"},93.78,{"$f":"IF(C2701=0,\"\",VLOOKUP(C2701,BNCDADOS!$A:$G,4,0))","v":81.489999999999995},{"$f":"IF(C2701=0,\"\",VLOOKUP(C2701,BNCDADOS!$A:$G,5,0))","v":100.79},{"$f":"IF(H2701=\"\",0,TRUNC(H2701*F2701,2))","v":9452.08},{"$f":"IF(C2701=0,\"\",VLOOKUP(C2701,BNCDADOS!$A:$G,6,0))","v":73.58},{"$f":"IF(C2701=0,\"\",VLOOKUP(C2701,BNCDADOS!$A:$G,7,0))","v":95.62},{"$f":"IF(K2701=\"\",0,TRUNC(K2701*F2701,2))","v":8967.24},{"$f":"SUMIF('MC - TRECHO 08'!A:A,Orçamento!A2701,'MC - TRECHO 08'!R:R)","v":93.78}]
["9.1.2.2",{"$f":"IF(C2702=0,\"\",VLOOKUP(C2702,BNCDADOS!$A:$H,8,0))","v":"SINAPI/RN\nSERVIÇO"},96520,{"$f":"IF(C2702=0,\"\",VLOOKUP(C2702,BNCDADOS!$A:$G,2,0))","v":"ESCAVAÇÃO MECANIZADA PARA BLOCO DE COROAMENTO OU SAPATA COM RETROESCAVADEIRA (SEM ESCAVAÇÃO PARA COLOCAÇÃO DE FÔRMAS). AF_01/2024"},{"$f":"IF(C2702=0,\"\",VLOOKUP(C2702,BNCDADOS!$A:$G,3,0))","v":"M3"},6064.38,{"$f":"IF(C2702=0,\"\",VLOOKUP(C2702,BNCDADOS!$A:$G,4,0))","v":"88,32"},{"$f":"IF(C2702=0,\"\",VLOOKUP(C2702,BNCDADOS!$A:$G,5,0))","v":109.24},662472.87,{"$f":"IF(C2702=0,\"\",VLOOKUP(C2702,BNCDADOS!$A:$G,6,0))","v":"82,42"},{"$f":"IF(C2702=0,\"\",VLOOKUP(C2702,BNCDADOS!$A:$G,7,0))","v":107.11},649555.74,{"$f":"SUMIF('MC - TRECHO 08'!A:A,Orçamento!A2702,'MC - TRECHO 08'!R:R)","v":6064.38}]
["9.1.2.3",{"$f":"IF(C2703=0,\"\",VLOOKUP(C2703,BNCDADOS!$A:$H,8,0))","v":"SINAPI/RN\nSERVIÇO"},90091,{"$f":"IF(C2703=0,\"\",VLOOKUP(C2703,BNCDADOS!$A:$G,2,0))","v":"ESCAVAÇÃO MECANIZADA DE VALA COM PROF. ATÉ 1,5 M (MÉDIA MONTANTE E JUSANTE/UMA COMPOSIÇÃO POR TRECHO), ESCAVADEIRA (0,8 M3), LARG. DE 1,5 M A 2,5 M, EM SOLO DE 1A CATEGORIA, LOCAIS COM BAIXO NÍVEL DE INTERFERÊNCIA. AF_02/2021"},{"$f":"IF(C2703=0,\"\",VLOOKUP(C2703,BNCDADOS!$A:$G,3,0))","v":"M3"},2551.52,{"$f":"IF(C2703=0,\"\",VLOOKUP(C2703,BNCDADOS!$A:$G,4,0))","v":"6,26"},{"$f":"IF(C2703=0,\"\",VLOOKUP(C2703,BNCDADOS!$A:$G,5,0))","v":7.74},19748.759999999998,{"$f":"IF(C2703=0,\"\",VLOOKUP(C2703,BNCDADOS!$A:$G,6,0))","v":"6,04"},{"$f":"IF(C2703=0,\"\",VLOOKUP(C2703,BNCDADOS!$A:$G,7,0))","v":7.84},20003.91,{"$f":"SUMIF('MC - TRECHO 08'!A:A,Orçamento!A2703,'MC - TRECHO 08'!R:R)","v":2551.52}]
["9.1.2.4",{"$f":"IF(C2704=0,\"\",VLOOKUP(C2704,BNCDADOS!$A:$H,8,0))","v":"SINAPI/RN\nSERVIÇO"},102327,{"$f":"IF(C2704=0,\"\",VLOOKUP(C2704,BNCDADOS!$A:$G,2,0))","v":"ESCAVAÇÃO MECANIZADA DE VALA COM PROF. ATÉ 1,5 M (MÉDIA MONTANTE E JUSANTE/UMA COMPOSIÇÃO POR TRECHO), RETROESCAV. (0,26 M3 ), LARG. DE 0,8 M A 1,5 M, EM SOLO DE 2A CATEGORIA, EM LOCAIS COM BAIXO NÍVEL DE INTERFERÊNCIA. AF_02/2021"},{"$f":"IF(C2704=0,\"\",VLOOKUP(C2704,BNCDADOS!$A:$G,3,0))","v":"M3"},455.63,{"$f":"IF(C2704=0,\"\",VLOOKUP(C2704,BNCDADOS!$A:$G,4,0))","v":"9,37"},{"$f":"IF(C2704=0,\"\",VLOOKUP(C2704,BNCDADOS!$A:$G,5,0))","v":11.58},5276.19,{"$f":"IF(C2704=0,\"\",VLOOKUP(C2704,BNCDADOS!$A:$G,6,0))","v":"8,89"},{"$f":"IF(C2704=0,\"\",VLOOKUP(C2704,BNCDADOS!$A:$G,7,0))","v":11.55},5262.52,{"$f":"SUMIF('MC - TRECHO 08'!A:A,Orçamento!A2704,'MC - TRECHO 08'!R:R)","v":455.63}]
["9.1.2.5",{"$f":"IF(C2705=0,\"\",VLOOKUP(C2705,BNCDADOS!$A:$H,8,0))","v":"SINAPI/RN\nSERVIÇO"},96520,{"$f":"IF(C2705=0,\"\",VLOOKUP(C2705,BNCDADOS!$A:$G,2,0))","v":"ESCAVAÇÃO MECANIZADA PARA BLOCO DE COROAMENTO OU SAPATA COM RETROESCAVADEIRA (SEM ESCAVAÇÃO PARA COLOCAÇÃO DE FÔRMAS). AF_01/2024"},{"$f":"IF(C2705=0,\"\",VLOOKUP(C2705,BNCDADOS!$A:$G,3,0))","v":"M3"},5731.74,{"$f":"IF(C2705=0,\"\",VLOOKUP(C2705,BNCDADOS!$A:$G,4,0))","v":"88,32"},{"$f":"IF(C2705=0,\"\",VLOOKUP(C2705,BNCDADOS!$A:$G,5,0))","v":109.24},626135.27,{"$f":"IF(C2705=0,\"\",VLOOKUP(C2705,BNCDADOS!$A:$G,6,0))","v":"82,42"},{"$f":"IF(C2705=0,\"\",VLOOKUP(C2705,BNCDADOS!$A:$G,7,0))","v":107.11},613926.67000000004,{"$f":"SUMIF('MC - TRECHO 08'!A:A,Orçamento!A2705,'MC - TRECHO 08'!R:R)","v":5731.74}]
["9.1.2.6",{"$f":"IF(C2706=0,\"\",VLOOKUP(C2706,BNCDADOS!$A:$H,8,0))","v":"SINAPI/RN\nSERVIÇO"},101625,{"$f":"IF(C2706=0,\"\",VLOOKUP(C2706,BNCDADOS!$A:$G,2,0))","v":"PREPARO DE FUNDO DE VALA COM LARGURA MAIOR OU IGUAL A 1,5 M E MENOR QUE 2,5 M, COM CAMADA DE AREIA, LANÇAMENTO MECANIZADO. AF_08/2020"},{"$f":"IF(C2706=0,\"\",VLOOKUP(C2706,BNCDADOS!$A:$G,3,0))","v":"M3"},{"$f":"TRUNC(M2706,2)","v":3241.29},{"$f":"IF(C2706=0,\"\",VLOOKUP(C2706,BNCDADOS!$A:$G,4,0))","v":"155,31"},{"$f":"IF(C2706=0,\"\",VLOOKUP(C2706,BNCDADOS!$A:$G,5,0))","v":192.1},{"$f":"IF(H2706=\"\",0,TRUNC(H2706*F2706,2))","v":622651.80000000005},{"$f":"IF(C2706=0,\"\",VLOOKUP(C2706,BNCDADOS!$A:$G,6,0))","v":"151,04"},{"$f":"IF(C2706=0,\"\",VLOOKUP(C2706,BNCDADOS!$A:$G,7,0))","v":196.29},{"$f":"IF(K2706=\"\",0,TRUNC(K2706*F2706,2))","v":636232.81000000006},{"$f":"SUMIF('MC - TRECHO 08'!A:A,Orçamento!A2706,'MC - TRECHO 08'!R:R)","v":3241.29}]
["9.1.2.7",{"$f":"IF(C2707=0,\"\",VLOOKUP(C2707,BNCDADOS!$A:$H,8,0))","v":"caern"},2040103,{"$f":"IF(C2707=0,\"\",VLOOKUP(C2707,BNCDADOS!$A:$G,2,0))","v":"ESCORAMENTO DE VALA, TIPO BLINDAGEM, COM PROFUNDIDADE DE 0 A 1,5 M, LARGURA MAIOR OU IGUAL A 1,5 M E MENOR QUE 2,5 M - EXECUÇÃO E FORNECIMENTO, INCLUI MATERIAL. R_11/2020"},{"$f":"IF(C2707=0,\"\",VLOOKUP(C2707,BNCDADOS!$A:$G,3,0))","v":"M²"},3122.13,{"$f":"IF(C2707=0,\"\",VLOOKUP(C2707,BNCDADOS!$A:$G,4,0))","v":27.050000000000004},{"$f":"IF(C2707=0,\"\",VLOOKUP(C2707,BNCDADOS!$A:$G,5,0))","v":33.450000000000003},104435.24,{"$f":"IF(C2707=0,\"\",VLOOKUP(C2707,BNCDADOS!$A:$G,6,0))","v":25.79},{"$f":"IF(C2707=0,\"\",VLOOKUP(C2707,BNCDADOS!$A:$G,7,0))","v":33.51},104622.57,{"$f":"SUMIF('MC - TRECHO 08'!A:A,Orçamento!A2707,'MC - TRECHO 08'!R:R)","v":3122.13}]
["9.1.2.8",{"$f":"IF(C2708=0,\"\",VLOOKUP(C2708,BNCDADOS!$A:$H,8,0))","v":"SINAPI/RN\nSERVIÇO"},94339,{"$f":"IF(C2708=0,\"\",VLOOKUP(C2708,BNCDADOS!$A:$G,2,0))","v":"ATERRO MECANIZADO DE VALA COM RETROESCAVADEIRA (CAPACIDADE DA CAÇAMBA DA RETRO: 0,26 M³/POTÊNCIA: 88 HP), LARGURA ATÉ 1,5 M, PROFUNDIDADE ATÉ 1,5 M, COM AREIA PARA ATERRO. AF_08/2023"},{"$f":"IF(C2708=0,\"\",VLOOKUP(C2708,BNCDADOS!$A:$G,3,0))","v":"M3"},692.88,{"$f":"IF(C2708=0,\"\",VLOOKUP(C2708,BNCDADOS!$A:$G,4,0))","v":"80,49"},{"$f":"IF(C2708=0,\"\",VLOOKUP(C2708,BNCDADOS!$A:$G,5,0))","v":99.55},68976.2,{"$f":"IF(C2708=0,\"\",VLOOKUP(C2708,BNCDADOS!$A:$G,6,0))","v":"79,47"},{"$f":"IF(C2708=0,\"\",VLOOKUP(C2708,BNCDADOS!$A:$G,7,0))","v":103.27},71553.710000000006,{"$f":"SUMIF('MC - TRECHO 08'!A:A,Orçamento!A2708,'MC - TRECHO 08'!R:R)","v":692.88}]
["9.1.2.9",{"$f":"IF(C2709=0,\"\",VLOOKUP(C2709,BNCDADOS!$A:$H,8,0))","v":"SINAPI/RN\nSERVIÇO"},94327,{"$f":"IF(C2709=0,\"\",VLOOKUP(C2709,BNCDADOS!$A:$G,2,0))","v":"ATERRO MECANIZADO DE VALA COM ESCAVADEIRA HIDRÁULICA (CAPACIDADE DA CAÇAMBA: 0,8 M³/POTÊNCIA: 111 HP), LARGURA ATÉ 2,5 M, PROFUNDIDADE ATÉ 1,5 M, COM AREIA PARA ATERRO. AF_08/2023"},{"$f":"IF(C2709=0,\"\",VLOOKUP(C2709,BNCDADOS!$A:$G,3,0))","v":"M3"},692.88,{"$f":"IF(C2709=0,\"\",VLOOKUP(C2709,BNCDADOS!$A:$G,4,0))","v":"85,91"},{"$f":"IF(C2709=0,\"\",VLOOKUP(C2709,BNCDADOS!$A:$G,5,0))","v":106.26},73625.42,{"$f":"IF(C2709=0,\"\",VLOOKUP(C2709,BNCDADOS!$A:$G,6,0))","v":"84,91"},{"$f":"IF(C2709=0,\"\",VLOOKUP(C2709,BNCDADOS!$A:$G,7,0))","v":110.34},76452.37,{"$f":"SUMIF('MC - TRECHO 08'!A:A,Orçamento!A2709,'MC - TRECHO 08'!R:R)","v":692.88}]
["9.1.2.10",{"$f":"IF(C2710=0,\"\",VLOOKUP(C2710,BNCDADOS!$A:$H,8,0))","v":"SINAPI/RN\nSERVIÇO"},93378,{"$f":"IF(C2710=0,\"\",VLOOKUP(C2710,BNCDADOS!$A:$G,2,0))","v":"REATERRO MECANIZADO DE VALA COM RETROESCAVADEIRA (CAPACIDADE DA CAÇAMBA   DA RETRO: 0,26 M³/POTÊNCIA: 88 HP), LARGURA ATÉ 0,8 M, PROFUNDIDADE ATÉ 1,5 M, COM SOLO (SEM SUBSTITUIÇÃO) DE 1ª CATEGORIA, COM COMPACTADOR DE SOLOS DE PERCUSSÃO. AF_08/2023"},{"$f":"IF(C2710=0,\"\",VLOOKUP(C2710,BNCDADOS!$A:$G,3,0))","v":"M3"},2661.16,{"$f":"IF(C2710=0,\"\",VLOOKUP(C2710,BNCDADOS!$A:$G,4,0))","v":"23,40"},{"$f":"IF(C2710=0,\"\",VLOOKUP(C2710,BNCDADOS!$A:$G,5,0))","v":28.94},77013.97,{"$f":"IF(C2710=0,\"\",VLOOKUP(C2710,BNCDADOS!$A:$G,6,0))","v":"22,08"},{"$f":"IF(C2710=0,\"\",VLOOKUP(C2710,BNCDADOS!$A:$G,7,0))","v":28.69},76348.679999999993,{"$f":"SUMIF('MC - TRECHO 08'!A:A,Orçamento!A2710,'MC - TRECHO 08'!R:R)","v":2661.1650000000004}]
["9.1.2.11",{"$f":"IF(C2711=0,\"\",VLOOKUP(C2711,BNCDADOS!$A:$H,8,0))","v":"SINAPI/RN\nSERVIÇO"},104728,{"$f":"IF(C2711=0,\"\",VLOOKUP(C2711,BNCDADOS!$A:$G,2,0))","v":"REATERRO MECANIZADO DE VALA COM ESCAVADEIRA HIDRÁULICA (CAPACIDADE DA CAÇAMBA: 0,8 M³/POTÊNCIA: 111 HP), LARGURA DE 1,5 A 2,5 M, PROFUNDIDADE ATÉ 1,5 M, COM SOLO (SEM SUBSTITUIÇÃO) DE 1ª CATEGORIA, COM PLACA VIBRATÓRIA. AF_08/2023"},{"$f":"IF(C2711=0,\"\",VLOOKUP(C2711,BNCDADOS!$A:$G,3,0))","v":"M3"},{"$f":"TRUNC(M2711,2)","v":1616.72},{"$f":"IF(C2711=0,\"\",VLOOKUP(C2711,BNCDADOS!$A:$G,4,0))","v":"19,58"},{"$f":"IF(C2711=0,\"\",VLOOKUP(C2711,BNCDADOS!$A:$G,5,0))","v":24.21},{"$f":"IF(H2711=\"\",0,TRUNC(H2711*F2711,2))","v":39140.79},{"$f":"IF(C2711=0,\"\",VLOOKUP(C2711,BNCDADOS!$A:$G,6,0))","v":"18,92"},{"$f":"IF(C2711=0,\"\",VLOOKUP(C2711,BNCDADOS!$A:$G,7,0))","v":24.58},{"$f":"IF(K2711=\"\",0,TRUNC(K2711*F2711,2))","v":39738.97},{"$f":"SUMIF('MC - TRECHO 08'!A:A,Orçamento!A2711,'MC - TRECHO 08'!R:R)","v":1616.72}]
["9.1.2.12",{"$f":"IF(C2712=0,\"\",VLOOKUP(C2712,BNCDADOS!$A:$H,8,0))","v":"SINAPI/RN\nSERVIÇO"},100574,{"$f":"IF(C2712=0,\"\",VLOOKUP(C2712,BNCDADOS!$A:$G,2,0))","v":"ESPALHAMENTO DE MATERIAL COM TRATOR DE ESTEIRAS. AF_11/2019"},{"$f":"IF(C2712=0,\"\",VLOOKUP(C2712,BNCDADOS!$A:$G,3,0))","v":"M3"},4081.77,{"$f":"IF(C2712=0,\"\",VLOOKUP(C2712,BNCDADOS!$A:$G,4,0))","v":"1,43"},{"$f":"IF(C2712=0,\"\",VLOOKUP(C2712,BNCDADOS!$A:$G,5,0))","v":1.76},7183.91,{"$f":"IF(C2712=0,\"\",VLOOKUP(C2712,BNCDADOS!$A:$G,6,0))","v":"1,38"},{"$f":"IF(C2712=0,\"\",VLOOKUP(C2712,BNCDADOS!$A:$G,7,0))","v":1.79},7306.36,{"$f":"SUMIF('MC - TRECHO 08'!A:A,Orçamento!A2712,'MC - TRECHO 08'!R:R)","v":4081.7750000000005}]
["9.1.2.13",{"$f":"IF(C2713=0,\"\",VLOOKUP(C2713,BNCDADOS!$A:$H,8,0))","v":"SINAPI/RN\nSERVIÇO"},97914,{"$f":"IF(C2713=0,\"\",VLOOKUP(C2713,BNCDADOS!$A:$G,2,0))","v":"TRANSPORTE COM CAMINHÃO BASCULANTE DE 6 M³, EM VIA URBANA PAVIMENTADA, DMT ATÉ 30 KM (UNIDADE: M3XKM). AF_07/2020"},{"$f":"IF(C2713=0,\"\",VLOOKUP(C2713,BNCDADOS!$A:$G,3,0))","v":"M3XKM"},605.20000000000005,{"$f":"IF(C2713=0,\"\",VLOOKUP(C2713,BNCDADOS!$A:$G,4,0))","v":"3,04"},{"$f":"IF(C2713=0,\"\",VLOOKUP(C2713,BNCDADOS!$A:$G,5,0))","v":3.76},2275.5500000000002,{"$f":"IF(C2713=0,\"\",VLOOKUP(C2713,BNCDADOS!$A:$G,6,0))","v":"2,97"},{"$f":"IF(C2713=0,\"\",VLOOKUP(C2713,BNCDADOS!$A:$G,7,0))","v":3.85},2330.02,{"$f":"SUMIF('MC - TRECHO 08'!A:A,Orçamento!A2713,'MC - TRECHO 08'!R:R)","v":605.20000000000005}]
["9.1.2.14",{"$f":"IF(C2714=0,\"\",VLOOKUP(C2714,BNCDADOS!$A:$H,8,0))","v":"caern"},2220082,{"$f":"IF(C2714=0,\"\",VLOOKUP(C2714,BNCDADOS!$A:$G,2,0))","v":"DEPOSIÇÃO FINAL DOS RESÍDUOS SÓLIDOS DA CONSTRUÇÃO CIVIL PARA MATERIAIS MISTURADOS. INC_05/2020"},{"$f":"IF(C2714=0,\"\",VLOOKUP(C2714,BNCDADOS!$A:$G,3,0))","v":"M³"},60.52,{"$f":"IF(C2714=0,\"\",VLOOKUP(C2714,BNCDADOS!$A:$G,4,0))","v":50},{"$f":"IF(C2714=0,\"\",VLOOKUP(C2714,BNCDADOS!$A:$G,5,0))","v":61.84},3742.55,{"$f":"IF(C2714=0,\"\",VLOOKUP(C2714,BNCDADOS!$A:$G,6,0))","v":50},{"$f":"IF(C2714=0,\"\",VLOOKUP(C2714,BNCDADOS!$A:$G,7,0))","v":64.98},3932.58,{"$f":"SUMIF('MC - TRECHO 08'!A:A,Orçamento!A2714,'MC - TRECHO 08'!R:R)","v":60.52}]
["9.1.3",{"$f":"IF(C2715=0,\"\",VLOOKUP(C2715,BNCDADOS!$A:$G,8,0))","v":""},null,"PAVIMENTAÇÃO",{"$f":"IF(C2715=0,\"\",VLOOKUP(C2715,BNCDADOS!$A:$G,3,0))","v":""},0,{"$f":"IF(C2715=0,\"\",VLOOKUP(C2715,BNCDADOS!$A:$G,4,0))","v":""},{"$f":"IF(C2715=0,\"\",VLOOKUP(C2715,BNCDADOS!$A:$G,5,0))","v":""},{"$f":"SUM(I2716:I2718)","v":774751.53},{"$f":"IF(C2715=0,\"\",VLOOKUP(C2715,BNCDADOS!$A:$G,6,0))","v":""},{"$f":"IF(C2715=0,\"\",VLOOKUP(C2715,BNCDADOS!$A:$G,7,0))","v":""},{"$f":"SUM(L2716:L2718)","v":792885.02},0]
["9.1.3.1",{"$f":"IF(C2716=0,\"\",VLOOKUP(C2716,BNCDADOS!$A:$H,8,0))","v":"caern"},2150065,{"$f":"IF(C2716=0,\"\",VLOOKUP(C2716,BNCDADOS!$A:$G,2,0))","v":"REASSENTAMENTO DE PARALELEPÍPEDOS, REJUNTAMENTO COM PEDRISCO E EMULSÃO ASFÁLTICA (BRIPAR), COM REAPROVEITAMENTO DOS PARALELEPÍPEDOS - INCLUSO RETIRADA E COLOCAÇÃO DO MATERIAL. AF_12/2020_P R_05/2022REV01"},{"$f":"IF(C2716=0,\"\",VLOOKUP(C2716,BNCDADOS!$A:$G,3,0))","v":"M²"},3638.82,{"$f":"IF(C2716=0,\"\",VLOOKUP(C2716,BNCDADOS!$A:$G,4,0))","v":128.47999999999999},{"$f":"IF(C2716=0,\"\",VLOOKUP(C2716,BNCDADOS!$A:$G,5,0))","v":158.91},{"$f":"IF(H2716=\"\",0,TRUNC(H2716*F2716,2))","v":578244.88},{"$f":"IF(C2716=0,\"\",VLOOKUP(C2716,BNCDADOS!$A:$G,6,0))","v":124.46},{"$f":"IF(C2716=0,\"\",VLOOKUP(C2716,BNCDADOS!$A:$G,7,0))","v":161.74},{"$f":"IF(K2716=\"\",0,TRUNC(K2716*F2716,2))","v":588542.74},{"$f":"SUMIF('MC - TRECHO 08'!A:A,Orçamento!A2716,'MC - TRECHO 08'!R:R)","v":3638.8199999999997}]
["9.1.3.2",{"$f":"IF(C2717=0,\"\",VLOOKUP(C2717,BNCDADOS!$A:$H,8,0))","v":"caern"},2150032,{"$f":"IF(C2717=0,\"\",VLOOKUP(C2717,BNCDADOS!$A:$G,2,0))","v":"RECOMPOSIÇÃO PAVIMENTO ASFÁLTICO, PARA O FECHAMENTO DE VALAS, COM CONCRETO BETUMINOSO USINADO A QUENTE (CBUQ) - DMT 20 KM. R_05/2021"},{"$f":"IF(C2717=0,\"\",VLOOKUP(C2717,BNCDADOS!$A:$G,3,0))","v":"M³"},{"$f":"TRUNC(M2717,2)","v":95.31},{"$f":"IF(C2717=0,\"\",VLOOKUP(C2717,BNCDADOS!$A:$G,4,0))","v":1591.8600000000001},{"$f":"IF(C2717=0,\"\",VLOOKUP(C2717,BNCDADOS!$A:$G,5,0))","v":1968.97},{"$f":"IF(H2717=\"\",0,TRUNC(H2717*F2717,2))","v":187662.53},{"$f":"IF(C2717=0,\"\",VLOOKUP(C2717,BNCDADOS!$A:$G,6,0))","v":1581.5699999999997},{"$f":"IF(C2717=0,\"\",VLOOKUP(C2717,BNCDADOS!$A:$G,7,0))","v":2055.4},{"$f":"IF(K2717=\"\",0,TRUNC(K2717*F2717,2))","v":195900.17},{"$f":"SUMIF('MC - TRECHO 08'!A:A,Orçamento!A2717,'MC - TRECHO 08'!R:R)","v":95.31}]
["9.1.3.3",{"$f":"IF(C2718=0,\"\",VLOOKUP(C2718,BNCDADOS!$A:$H,8,0))","v":"caern"},2010038,{"$f":"IF(C2718=0,\"\",VLOOKUP(C2718,BNCDADOS!$A:$G,2,0))","v":"LIMPEZA DE RUAS (VARRIÇÃO E REMOÇÃO DE ENTULHOS), INCLUSIVE CARGA MANUAL"},{"$f":"IF(C2718=0,\"\",VLOOKUP(C2718,BNCDADOS!$A:$G,3,0))","v":"M²"},13400.19,{"$f":"IF(C2718=0,\"\",VLOOKUP(C2718,BNCDADOS!$A:$G,4,0))","v":0.54},{"$f":"IF(C2718=0,\"\",VLOOKUP(C2718,BNCDADOS!$A:$G,5,0))","v":0.66},8844.1200000000008,{"$f":"IF(C2718=0,\"\",VLOOKUP(C2718,BNCDADOS!$A:$G,6,0))","v":0.49},{"$f":"IF(C2718=0,\"\",VLOOKUP(C2718,BNCDADOS!$A:$G,7,0))","v":0.63},8442.11,{"$f":"SUMIF('MC - TRECHO 08'!A:A,Orçamento!A2718,'MC - TRECHO 08'!R:R)","v":13400.19}]
["9.1.4",{"$f":"IF(C2719=0,\"\",VLOOKUP(C2719,BNCDADOS!$A:$G,8,0))","v":""},null,"ASSENTAMENTO E MONTAGEM DOS TUBOS E CONEXÕES",{"$f":"IF(C2719=0,\"\",VLOOKUP(C2719,BNCDADOS!$A:$G,3,0))","v":""},0,{"$f":"IF(C2719=0,\"\",VLOOKUP(C2719,BNCDADOS!$A:$G,4,0))","v":""},{"$f":"IF(C2719=0,\"\",VLOOKUP(C2719,BNCDADOS!$A:$G,5,0))","v":""},{"$f":"SUM(I2720:I2729)","v":13202611.050000003},{"$f":"IF(C2719=0,\"\",VLOOKUP(C2719,BNCDADOS!$A:$G,6,0))","v":""},{"$f":"IF(C2719=0,\"\",VLOOKUP(C2719,BNCDADOS!$A:$G,7,0))","v":""},{"$f":"SUM(L2720:L2729)","v":13217558.419999998},0]
["9.1.4.1",{"$f":"IF(C2720=0,\"\",VLOOKUP(C2720,BNCDADOS!$A:$H,8,0))","v":"SINAPI/RN\nSERVIÇO"},97139,{"$f":"IF(C2720=0,\"\",VLOOKUP(C2720,BNCDADOS!$A:$G,2,0))","v":"ASSENTAMENTO DE TUBO DE PVC DEFOFO OU PRFV OU RPVC PARA REDE DE ÁGUA, DN 400 MM, JUNTA ELÁSTICA INTEGRADA, INSTALADO EM LOCAL COM NÍVEL BAIXO DE INTERFERÊNCIAS (NÃO INCLUI FORNECIMENTO). AF_05/2024"},{"$f":"IF(C2720=0,\"\",VLOOKUP(C2720,BNCDADOS!$A:$G,3,0))","v":"M"},30203.8,{"$f":"IF(C2720=0,\"\",VLOOKUP(C2720,BNCDADOS!$A:$G,4,0))","v":"12,68"},{"$f":"IF(C2720=0,\"\",VLOOKUP(C2720,BNCDADOS!$A:$G,5,0))","v":15.68},{"$f":"IF(H2720=\"\",0,TRUNC(H2720*F2720,2))","v":473595.58},{"$f":"IF(C2720=0,\"\",VLOOKUP(C2720,BNCDADOS!$A:$G,6,0))","v":"11,70"},{"$f":"IF(C2720=0,\"\",VLOOKUP(C2720,BNCDADOS!$A:$G,7,0))","v":15.2},{"$f":"IF(K2720=\"\",0,TRUNC(K2720*F2720,2))","v":459097.76},{"$f":"SUMIF('MC - TRECHO 08'!A:A,Orçamento!A2720,'MC - TRECHO 08'!R:R)","v":30203.8}]
["9.1.4.2",{"$f":"IF(C2721=0,\"\",VLOOKUP(C2721,BNCDADOS!$A:$H,8,0))","v":"caern"},2020090,{"$f":"IF(C2721=0,\"\",VLOOKUP(C2721,BNCDADOS!$A:$G,2,0))","v":"TRAVESSIA MÉTODO NÃO DESTRUTIVO PARA TUBO MAIOR QUE 400MM E ATÉ 500MM. R_05/2019"},{"$f":"IF(C2721=0,\"\",VLOOKUP(C2721,BNCDADOS!$A:$G,3,0))","v":"M"},16.47,{"$f":"IF(C2721=0,\"\",VLOOKUP(C2721,BNCDADOS!$A:$G,4,0))","v":3763.58},{"$f":"IF(C2721=0,\"\",VLOOKUP(C2721,BNCDADOS!$A:$G,5,0))","v":4655.17},76670.64,{"$f":"IF(C2721=0,\"\",VLOOKUP(C2721,BNCDADOS!$A:$G,6,0))","v":3746.5399999999995},{"$f":"IF(C2721=0,\"\",VLOOKUP(C2721,BNCDADOS!$A:$G,7,0))","v":4869},80192.429999999993,{"$f":"SUMIF('MC - TRECHO 08'!A:A,Orçamento!A2721,'MC - TRECHO 08'!R:R)","v":16.47}]
["9.1.4.3",{"$f":"IF(C2722=0,\"\",VLOOKUP(C2722,BNCDADOS!$A:$H,8,0))","v":0},"COMP 34",{"$f":"IF(C2722=0,\"\",VLOOKUP(C2722,BNCDADOS!$A:$G,2,0))","v":"FABRICAÇÃO E MONSTAGEM DE PILARETES PARA APOIO DE TUBULAÇÕES AÉREAS, DN 250 E 600MM, COM ALTURA MÉDIA DE 1 M"},{"$f":"IF(C2722=0,\"\",VLOOKUP(C2722,BNCDADOS!$A:$G,3,0))","v":"UN"},{"$f":"TRUNC(M2722,2)","v":4549},{"$f":"IF(C2722=0,\"\",VLOOKUP(C2722,BNCDADOS!$A:$G,4,0))","v":2236.19},{"$f":"IF(C2722=0,\"\",VLOOKUP(C2722,BNCDADOS!$A:$G,5,0))","v":2765.94},{"$f":"IF(H2722=\"\",0,TRUNC(H2722*F2722,2))","v":12582261.060000001},{"$f":"IF(C2722=0,\"\",VLOOKUP(C2722,BNCDADOS!$A:$G,6,0))","v":2132.4},{"$f":"IF(C2722=0,\"\",VLOOKUP(C2722,BNCDADOS!$A:$G,7,0))","v":2771.26},{"$f":"IF(K2722=\"\",0,TRUNC(K2722*F2722,2))","v":12606461.74},{"$f":"SUMIF('MC - TRECHO 08'!A:A,Orçamento!A2722,'MC - TRECHO 08'!R:R)","v":4549}]
["9.1.4.4",{"$f":"IF(C2723=0,\"\",VLOOKUP(C2723,BNCDADOS!$A:$H,8,0))","v":"caern"},2060557,{"$f":"IF(C2723=0,\"\",VLOOKUP(C2723,BNCDADOS!$A:$G,2,0))","v":"ASSENTAMENTO DE CONEXÕES EM FERRO FUNDIDO, JUNTA ELÁSTICA, DIAM.= 400 MM. INC_05/2020"},{"$f":"IF(C2723=0,\"\",VLOOKUP(C2723,BNCDADOS!$A:$G,3,0))","v":"UN "},115,{"$f":"IF(C2723=0,\"\",VLOOKUP(C2723,BNCDADOS!$A:$G,4,0))","v":31.84},{"$f":"IF(C2723=0,\"\",VLOOKUP(C2723,BNCDADOS!$A:$G,5,0))","v":39.380000000000003},4528.7,{"$f":"IF(C2723=0,\"\",VLOOKUP(C2723,BNCDADOS!$A:$G,6,0))","v":29.75},{"$f":"IF(C2723=0,\"\",VLOOKUP(C2723,BNCDADOS!$A:$G,7,0))","v":38.659999999999997},4445.8999999999996,{"$f":"SUMIF('MC - TRECHO 08'!A:A,Orçamento!A2723,'MC - TRECHO 08'!R:R)","v":115}]
["9.1.4.5",{"$f":"IF(C2724=0,\"\",VLOOKUP(C2724,BNCDADOS!$A:$H,8,0))","v":"SINAPI/RN\nSERVIÇO"},103112,{"$f":"IF(C2724=0,\"\",VLOOKUP(C2724,BNCDADOS!$A:$G,2,0))","v":"ASSENTAMENTO DE CONEXÃO COM 2 ACESSOS, FERRO FUNDIDO PARA REDE DE ÁGUA, DN  400 MM, JUNTA FLANGEADA (NÃO INCLUI O FORNECIMENTO). AF_09/2021"},{"$f":"IF(C2724=0,\"\",VLOOKUP(C2724,BNCDADOS!$A:$G,3,0))","v":"UN"},17,{"$f":"IF(C2724=0,\"\",VLOOKUP(C2724,BNCDADOS!$A:$G,4,0))","v":"282,71"},{"$f":"IF(C2724=0,\"\",VLOOKUP(C2724,BNCDADOS!$A:$G,5,0))","v":349.68},5944.56,{"$f":"IF(C2724=0,\"\",VLOOKUP(C2724,BNCDADOS!$A:$G,6,0))","v":"268,05"},{"$f":"IF(C2724=0,\"\",VLOOKUP(C2724,BNCDADOS!$A:$G,7,0))","v":348.35},5921.95,{"$f":"SUMIF('MC - TRECHO 08'!A:A,Orçamento!A2724,'MC - TRECHO 08'!R:R)","v":17}]
["9.1.4.6",{"$f":"IF(C2725=0,\"\",VLOOKUP(C2725,BNCDADOS!$A:$H,8,0))","v":"SINAPI/RN\nSERVIÇO"},103106,{"$f":"IF(C2725=0,\"\",VLOOKUP(C2725,BNCDADOS!$A:$G,2,0))","v":"ASSENTAMENTO DE CONEXÃO COM 2 ACESSOS, FERRO FUNDIDO PARA REDE DE ÁGUA, DN  100 MM, JUNTA FLANGEADA (NÃO INCLUI O FORNECIMENTO). AF_09/2021"},{"$f":"IF(C2725=0,\"\",VLOOKUP(C2725,BNCDADOS!$A:$G,3,0))","v":"UN"},{"$f":"TRUNC(M2725,2)","v":30},{"$f":"IF(C2725=0,\"\",VLOOKUP(C2725,BNCDADOS!$A:$G,4,0))","v":"57,73"},{"$f":"IF(C2725=0,\"\",VLOOKUP(C2725,BNCDADOS!$A:$G,5,0))","v":71.400000000000006},{"$f":"IF(H2725=\"\",0,TRUNC(H2725*F2725,2))","v":2142},{"$f":"IF(C2725=0,\"\",VLOOKUP(C2725,BNCDADOS!$A:$G,6,0))","v":"55,15"},{"$f":"IF(C2725=0,\"\",VLOOKUP(C2725,BNCDADOS!$A:$G,7,0))","v":71.67},{"$f":"IF(K2725=\"\",0,TRUNC(K2725*F2725,2))","v":2150.1},{"$f":"SUMIF('MC - TRECHO 08'!A:A,Orçamento!A2725,'MC - TRECHO 08'!R:R)","v":30}]
["9.1.4.7",{"$f":"IF(C2726=0,\"\",VLOOKUP(C2726,BNCDADOS!$A:$H,8,0))","v":"caern"},2060587,{"$f":"IF(C2726=0,\"\",VLOOKUP(C2726,BNCDADOS!$A:$G,2,0))","v":"ASSENTAMENTO DE REGISTRO DE GAVETA EM FERRO FUNDIDO COM FLANGES, DIAM. = 50MM A 150MM. INC_05/2020"},{"$f":"IF(C2726=0,\"\",VLOOKUP(C2726,BNCDADOS!$A:$G,3,0))","v":"UN "},30,{"$f":"IF(C2726=0,\"\",VLOOKUP(C2726,BNCDADOS!$A:$G,4,0))","v":14.120000000000001},{"$f":"IF(C2726=0,\"\",VLOOKUP(C2726,BNCDADOS!$A:$G,5,0))","v":17.46},523.79999999999995,{"$f":"IF(C2726=0,\"\",VLOOKUP(C2726,BNCDADOS!$A:$G,6,0))","v":12.68},{"$f":"IF(C2726=0,\"\",VLOOKUP(C2726,BNCDADOS!$A:$G,7,0))","v":16.47},494.1,{"$f":"SUMIF('MC - TRECHO 08'!A:A,Orçamento!A2726,'MC - TRECHO 08'!R:R)","v":30}]
["9.1.4.8",{"$f":"IF(C2727=0,\"\",VLOOKUP(C2727,BNCDADOS!$A:$H,8,0))","v":"caern"},2060589,{"$f":"IF(C2727=0,\"\",VLOOKUP(C2727,BNCDADOS!$A:$G,2,0))","v":"ASSENTAMENTO DE REGISTRO DE GAVETA EM FERRO FUNDIDO COM FLANGES, DIAM. = 350MM A 450MM. INC_05/2020"},{"$f":"IF(C2727=0,\"\",VLOOKUP(C2727,BNCDADOS!$A:$G,3,0))","v":"UN "},3,{"$f":"IF(C2727=0,\"\",VLOOKUP(C2727,BNCDADOS!$A:$G,4,0))","v":56.88},{"$f":"IF(C2727=0,\"\",VLOOKUP(C2727,BNCDADOS!$A:$G,5,0))","v":70.349999999999994},211.05,{"$f":"IF(C2727=0,\"\",VLOOKUP(C2727,BNCDADOS!$A:$G,6,0))","v":53.96},{"$f":"IF(C2727=0,\"\",VLOOKUP(C2727,BNCDADOS!$A:$G,7,0))","v":70.12},210.36,{"$f":"SUMIF('MC - TRECHO 08'!A:A,Orçamento!A2727,'MC - TRECHO 08'!R:R)","v":3}]
["9.1.4.9",{"$f":"IF(C2728=0,\"\",VLOOKUP(C2728,BNCDADOS!$A:$H,8,0))","v":"caern"},2060592,{"$f":"IF(C2728=0,\"\",VLOOKUP(C2728,BNCDADOS!$A:$G,2,0))","v":"ASSENTAMENTO DE VENTOSA EM FERRO FUNDIDO COM FLANGE, DIAM. = 50MM A 150MM. INC_05/2020"},{"$f":"IF(C2728=0,\"\",VLOOKUP(C2728,BNCDADOS!$A:$G,3,0))","v":"UN "},16,{"$f":"IF(C2728=0,\"\",VLOOKUP(C2728,BNCDADOS!$A:$G,4,0))","v":14.120000000000001},{"$f":"IF(C2728=0,\"\",VLOOKUP(C2728,BNCDADOS!$A:$G,5,0))","v":17.46},279.36,{"$f":"IF(C2728=0,\"\",VLOOKUP(C2728,BNCDADOS!$A:$G,6,0))","v":12.68},{"$f":"IF(C2728=0,\"\",VLOOKUP(C2728,BNCDADOS!$A:$G,7,0))","v":16.47},263.52,{"$f":"SUMIF('MC - TRECHO 08'!A:A,Orçamento!A2728,'MC - TRECHO 08'!R:R)","v":16}]
["9.1.4.10",{"$f":"IF(C2729=0,\"\",VLOOKUP(C2729,BNCDADOS!$A:$H,8,0))","v":"SINAPI/RN\nSERVIÇO"},100952,{"$f":"IF(C2729=0,\"\",VLOOKUP(C2729,BNCDADOS!$A:$G,2,0))","v":"TRANSPORTE COM CAMINHÃO CARROCERIA COM GUINDAUTO (MUNCK),  MOMENTO MÁXIMO DE CARGA 11,7 TM, EM VIA URBANA PAVIMENTADA, DMT ATÉ 30KM (UNIDADE: TXKM). AF_07/2020"},{"$f":"IF(C2729=0,\"\",VLOOKUP(C2729,BNCDADOS!$A:$G,3,0))","v":"TXKM"},15552.15,{"$f":"IF(C2729=0,\"\",VLOOKUP(C2729,BNCDADOS!$A:$G,4,0))","v":"2,94"},{"$f":"IF(C2729=0,\"\",VLOOKUP(C2729,BNCDADOS!$A:$G,5,0))","v":3.63},56454.3,{"$f":"IF(C2729=0,\"\",VLOOKUP(C2729,BNCDADOS!$A:$G,6,0))","v":"2,89"},{"$f":"IF(C2729=0,\"\",VLOOKUP(C2729,BNCDADOS!$A:$G,7,0))","v":3.75},58320.56,{"$f":"SUMIF('MC - TRECHO 08'!A:A,Orçamento!A2729,'MC - TRECHO 08'!R:R)","v":15552.15}]
["9.1.5",{"$f":"IF(C2730=0,\"\",VLOOKUP(C2730,BNCDADOS!$A:$G,8,0))","v":""},null,"CAIXAS E BLOCOS DE ANCORAGEM",{"$f":"IF(C2730=0,\"\",VLOOKUP(C2730,BNCDADOS!$A:$G,3,0))","v":""},0,{"$f":"IF(C2730=0,\"\",VLOOKUP(C2730,BNCDADOS!$A:$G,4,0))","v":""},{"$f":"IF(C2730=0,\"\",VLOOKUP(C2730,BNCDADOS!$A:$G,5,0))","v":""},{"$f":"SUM(I2731:I2735)","v":1566322.9000000001},{"$f":"IF(C2730=0,\"\",VLOOKUP(C2730,BNCDADOS!$A:$G,6,0))","v":""},{"$f":"IF(C2730=0,\"\",VLOOKUP(C2730,BNCDADOS!$A:$G,7,0))","v":""},{"$f":"SUM(L2731:L2735)","v":1590654.83},0]
["9.1.5.1",{"$f":"IF(C2731=0,\"\",VLOOKUP(C2731,BNCDADOS!$A:$H,8,0))","v":0},"COMP 35",{"$f":"IF(C2731=0,\"\",VLOOKUP(C2731,BNCDADOS!$A:$G,2,0))","v":"CAIXA AÉREA PARA INSTALAÇÃO DE VENTOSAS E DESCARGAS, DE DIVERSOS DIÂMETROS E MEDIDAS INTERNAS 3,0 X 3,0M"},{"$f":"IF(C2731=0,\"\",VLOOKUP(C2731,BNCDADOS!$A:$G,3,0))","v":"UN"},26,{"$f":"IF(C2731=0,\"\",VLOOKUP(C2731,BNCDADOS!$A:$G,4,0))","v":31693.29},{"$f":"IF(C2731=0,\"\",VLOOKUP(C2731,BNCDADOS!$A:$G,5,0))","v":39201.43},{"$f":"IF(H2731=\"\",0,TRUNC(H2731*F2731,2))","v":1019237.18},{"$f":"IF(C2731=0,\"\",VLOOKUP(C2731,BNCDADOS!$A:$G,6,0))","v":30626.49},{"$f":"IF(C2731=0,\"\",VLOOKUP(C2731,BNCDADOS!$A:$G,7,0))","v":39802.18},{"$f":"IF(K2731=\"\",0,TRUNC(K2731*F2731,2))","v":1034856.68},{"$f":"SUMIF('MC - TRECHO 08'!A:A,Orçamento!A2731,'MC - TRECHO 08'!R:R)","v":26}]
["9.1.5.2",{"$f":"IF(C2732=0,\"\",VLOOKUP(C2732,BNCDADOS!$A:$H,8,0))","v":0},"COMP 03",{"$f":"IF(C2732=0,\"\",VLOOKUP(C2732,BNCDADOS!$A:$G,2,0))","v":"CAIXA ENTERRADA PARA INSTALAÇÃO DE VENTOSAS E DESCARGAS, DE DIVERSOS DIÂMETROS E MEDIDAS INTERNAS 3,0 X 3,0M"},{"$f":"IF(C2732=0,\"\",VLOOKUP(C2732,BNCDADOS!$A:$G,3,0))","v":"UN"},4,{"$f":"IF(C2732=0,\"\",VLOOKUP(C2732,BNCDADOS!$A:$G,4,0))","v":35231.47},{"$f":"IF(C2732=0,\"\",VLOOKUP(C2732,BNCDADOS!$A:$G,5,0))","v":43577.8},{"$f":"IF(H2732=\"\",0,TRUNC(H2732*F2732,2))","v":174311.2},{"$f":"IF(C2732=0,\"\",VLOOKUP(C2732,BNCDADOS!$A:$G,6,0))","v":34013},{"$f":"IF(C2732=0,\"\",VLOOKUP(C2732,BNCDADOS!$A:$G,7,0))","v":44203.29},{"$f":"IF(K2732=\"\",0,TRUNC(K2732*F2732,2))","v":176813.16},{"$f":"SUMIF('MC - TRECHO 08'!A:A,Orçamento!A2732,'MC - TRECHO 08'!R:R)","v":4}]
["9.1.5.3",{"$f":"IF(C2733=0,\"\",VLOOKUP(C2733,BNCDADOS!$A:$H,8,0))","v":0},"COMP 08",{"$f":"IF(C2733=0,\"\",VLOOKUP(C2733,BNCDADOS!$A:$G,2,0))","v":"CAIXA ENTERRADA PARA TRAVESSIAS PELO MÉTODO NÃO DESTRUTIVO, MEDINDO 6,60 X 5,40 M"},{"$f":"IF(C2733=0,\"\",VLOOKUP(C2733,BNCDADOS!$A:$G,3,0))","v":"UN"},{"$f":"TRUNC(M2733,2)","v":2},{"$f":"IF(C2733=0,\"\",VLOOKUP(C2733,BNCDADOS!$A:$G,4,0))","v":108654.70000000001},{"$f":"IF(C2733=0,\"\",VLOOKUP(C2733,BNCDADOS!$A:$G,5,0))","v":134394.99},{"$f":"IF(H2733=\"\",0,TRUNC(H2733*F2733,2))","v":268789.98},{"$f":"IF(C2733=0,\"\",VLOOKUP(C2733,BNCDADOS!$A:$G,6,0))","v":105206.40000000002},{"$f":"IF(C2733=0,\"\",VLOOKUP(C2733,BNCDADOS!$A:$G,7,0))","v":136726.23000000001},{"$f":"IF(K2733=\"\",0,TRUNC(K2733*F2733,2))","v":273452.46000000002},{"$f":"SUMIF('MC - TRECHO 08'!A:A,Orçamento!A2733,'MC - TRECHO 08'!R:R)","v":2}]
["9.1.5.4",{"$f":"IF(C2734=0,\"\",VLOOKUP(C2734,BNCDADOS!$A:$H,8,0))","v":0},"COMP 26",{"$f":"IF(C2734=0,\"\",VLOOKUP(C2734,BNCDADOS!$A:$G,2,0))","v":"BLOCO DE ANCORAGEM ARMADO, PARA CURVA 11°, 22° E 45°, PARA O DIÂMETRO DE 600MM"},{"$f":"IF(C2734=0,\"\",VLOOKUP(C2734,BNCDADOS!$A:$G,3,0))","v":"UN"},43,{"$f":"IF(C2734=0,\"\",VLOOKUP(C2734,BNCDADOS!$A:$G,4,0))","v":1818.54},{"$f":"IF(C2734=0,\"\",VLOOKUP(C2734,BNCDADOS!$A:$G,5,0))","v":2249.35},{"$f":"IF(H2734=\"\",0,TRUNC(H2734*F2734,2))","v":96722.05},{"$f":"IF(C2734=0,\"\",VLOOKUP(C2734,BNCDADOS!$A:$G,6,0))","v":1756.47},{"$f":"IF(C2734=0,\"\",VLOOKUP(C2734,BNCDADOS!$A:$G,7,0))","v":2282.6999999999998},{"$f":"IF(K2734=\"\",0,TRUNC(K2734*F2734,2))","v":98156.1},{"$f":"SUMIF('MC - TRECHO 08'!A:A,Orçamento!A2734,'MC - TRECHO 08'!R:R)","v":43}]
["9.1.5.5",{"$f":"IF(C2735=0,\"\",VLOOKUP(C2735,BNCDADOS!$A:$H,8,0))","v":0},"COMP 25",{"$f":"IF(C2735=0,\"\",VLOOKUP(C2735,BNCDADOS!$A:$G,2,0))","v":"BLOCO DE ANCORAGEM ARMADO, PARA CURVA 90°, PARA O DIÂMETRO DE 600MM"},{"$f":"IF(C2735=0,\"\",VLOOKUP(C2735,BNCDADOS!$A:$G,3,0))","v":"UN"},{"$f":"TRUNC(M2735,2)","v":3},{"$f":"IF(C2735=0,\"\",VLOOKUP(C2735,BNCDADOS!$A:$G,4,0))","v":1957.18},{"$f":"IF(C2735=0,\"\",VLOOKUP(C2735,BNCDADOS!$A:$G,5,0))","v":2420.83},{"$f":"IF(H2735=\"\",0,TRUNC(H2735*F2735,2))","v":7262.49},{"$f":"IF(C2735=0,\"\",VLOOKUP(C2735,BNCDADOS!$A:$G,6,0))","v":1891.98},{"$f":"IF(C2735=0,\"\",VLOOKUP(C2735,BNCDADOS!$A:$G,7,0))","v":2458.81},{"$f":"IF(K2735=\"\",0,TRUNC(K2735*F2735,2))","v":7376.43},{"$f":"SUMIF('MC - TRECHO 08'!A:A,Orçamento!A2735,'MC - TRECHO 08'!R:R)","v":3}]
["9.1.6",{"$f":"IF(C2736=0,\"\",VLOOKUP(C2736,BNCDADOS!$A:$G,8,0))","v":""},null,"DIVERSOS",{"$f":"IF(C2736=0,\"\",VLOOKUP(C2736,BNCDADOS!$A:$G,3,0))","v":""},0,{"$f":"IF(C2736=0,\"\",VLOOKUP(C2736,BNCDADOS!$A:$G,4,0))","v":""},{"$f":"IF(C2736=0,\"\",VLOOKUP(C2736,BNCDADOS!$A:$G,5,0))","v":""},{"$f":"SUM(I2737:I2738)","v":252201.72},{"$f":"IF(C2736=0,\"\",VLOOKUP(C2736,BNCDADOS!$A:$G,6,0))","v":""},{"$f":"IF(C2736=0,\"\",VLOOKUP(C2736,BNCDADOS!$A:$G,7,0))","v":""},{"$f":"SUM(L2737:L2738)","v":249483.38},0]
["9.1.6.1",{"$f":"IF(C2737=0,\"\",VLOOKUP(C2737,BNCDADOS!$A:$H,8,0))","v":0},"COMP 05",{"$f":"IF(C2737=0,\"\",VLOOKUP(C2737,BNCDADOS!$A:$G,2,0))","v":"LIMPEZA, DESINFECÇÃO E TESTE DE REDES E ADUTORAS DE ABASTECIMENTO DE ÁGUA"},{"$f":"IF(C2737=0,\"\",VLOOKUP(C2737,BNCDADOS!$A:$G,3,0))","v":"M"},30203.8,{"$f":"IF(C2737=0,\"\",VLOOKUP(C2737,BNCDADOS!$A:$G,4,0))","v":5.16},{"$f":"IF(C2737=0,\"\",VLOOKUP(C2737,BNCDADOS!$A:$G,5,0))","v":6.38},{"$f":"IF(H2737=\"\",0,TRUNC(H2737*F2737,2))","v":192700.24},{"$f":"IF(C2737=0,\"\",VLOOKUP(C2737,BNCDADOS!$A:$G,6,0))","v":4.9399999999999995},{"$f":"IF(C2737=0,\"\",VLOOKUP(C2737,BNCDADOS!$A:$G,7,0))","v":6.42},{"$f":"IF(K2737=\"\",0,TRUNC(K2737*F2737,2))","v":193908.39},{"$f":"SUMIF('MC - TRECHO 08'!A:A,Orçamento!A2737,'MC - TRECHO 08'!R:R)","v":30203.8}]
["9.1.6.2",{"$f":"IF(C2738=0,\"\",VLOOKUP(C2738,BNCDADOS!$A:$H,8,0))","v":"caern"},2220075,{"$f":"IF(C2738=0,\"\",VLOOKUP(C2738,BNCDADOS!$A:$G,2,0))","v":"CADASTRO DE ADUTORAS, COLETORES, INTERCEPTORES E EMISSÁRIOS - INCLUSIVE DESENHISTA. R_11/2021"},{"$f":"IF(C2738=0,\"\",VLOOKUP(C2738,BNCDADOS!$A:$G,3,0))","v":"M"},30203.8,{"$f":"IF(C2738=0,\"\",VLOOKUP(C2738,BNCDADOS!$A:$G,4,0))","v":1.6},{"$f":"IF(C2738=0,\"\",VLOOKUP(C2738,BNCDADOS!$A:$G,5,0))","v":1.97},{"$f":"IF(H2738=\"\",0,TRUNC(H2738*F2738,2))","v":59501.48},{"$f":"IF(C2738=0,\"\",VLOOKUP(C2738,BNCDADOS!$A:$G,6,0))","v":1.4200000000000002},{"$f":"IF(C2738=0,\"\",VLOOKUP(C2738,BNCDADOS!$A:$G,7,0))","v":1.84},{"$f":"IF(K2738=\"\",0,TRUNC(K2738*F2738,2))","v":55574.99},{"$f":"SUMIF('MC - TRECHO 08'!A:A,Orçamento!A2738,'MC - TRECHO 08'!R:R)","v":30203.8}]
[null,{"$f":"IF(C2739=0,\"\",VLOOKUP(C2739,BNCDADOS!$A:$H,8,0))","v":""},null,{"$f":"IF(C2739=0,\"\",VLOOKUP(C2739,BNCDADOS!$A:$G,2,0))","v":""},{"$f":"IF(C2739=0,\"\",VLOOKUP(C2739,BNCDADOS!$A:$G,3,0))","v":""},0,{"$f":"IF(C2739=0,\"\",VLOOKUP(C2739,BNCDADOS!$A:$G,4,0))","v":""},{"$f":"IF(C2739=0,\"\",VLOOKUP(C2739,BNCDADOS!$A:$G,5,0))","v":""},{"$f":"IF(H2739=\"\",0,TRUNC(H2739*F2739,2))","v":0},{"$f":"IF(C2739=0,\"\",VLOOKUP(C2739,BNCDADOS!$A:$G,6,0))","v":""},{"$f":"IF(C2739=0,\"\",VLOOKUP(C2739,BNCDADOS!$A:$G,7,0))","v":""},{"$f":"IF(K2739=\"\",0,TRUNC(K2739*F2739,2))","v":0},0]
["9.2",null,null,"MATERIAIS_TRECHO 08",{"$nulls":4},{"$f":"SUM(I2741,I2749,I2759)","v":59088262.390000001},null,null,{"$f":"SUM(L2741,L2749)","v":61680938.079999998},0]
["9.2.1",{"$f":"IF(C2741=0,\"\",VLOOKUP(C2741,BNCDADOS!$A:$G,8,0))","v":""},null,"ADUTORA",{"$f":"IF(C2741=0,\"\",VLOOKUP(C2741,BNCDADOS!$A:$G,3,0))","v":""},{"$f":"TRUNC(M2741,2)","v":0},{"$f":"IF(C2741=0,\"\",VLOOKUP(C2741,BNCDADOS!$A:$G,4,0))","v":""},{"$f":"IF(C2741=0,\"\",VLOOKUP(C2741,BNCDADOS!$A:$G,5,0))","v":""},{"$f":"SUM(I2742:I2748)","v":58602968.390000001},{"$f":"IF(C2741=0,\"\",VLOOKUP(C2741,BNCDADOS!$A:$G,6,0))","v":""},{"$f":"IF(C2741=0,\"\",VLOOKUP(C2741,BNCDADOS!$A:$G,7,0))","v":""},{"$f":"SUM(L2742:L2748)","v":61470357.640000001},0]
["9.2.1.1",{"$f":"IF(C2742=0,\"\",VLOOKUP(C2742,BNCDADOS!$A:$H,8,0))","v":0},"FF91",{"$f":"IF(C2742=0,\"\",VLOOKUP(C2742,BNCDADOS!$A:$G,2,0))","v":"TUBO, FOFO, JGS, K7, DN 600 (EMBASA M010101037)"},{"$f":"IF(C2742=0,\"\",VLOOKUP(C2742,BNCDADOS!$A:$G,3,0))","v":"M"},{"$f":"TRUNC(M2742,2)","v":31710},{"$f":"IF(C2742=0,\"\",VLOOKUP(C2742,BNCDADOS!$A:$G,4,0))","v":1637.03},{"$f":"TRUNC(G2742*(1+$I$5),2)","v":1833.47},{"$f":"IF(H2742=\"\",0,TRUNC(H2742*F2742,2))","v":58139333.700000003},{"$f":"IF(C2742=0,\"\",VLOOKUP(C2742,BNCDADOS!$A:$G,6,0))","v":1637.03},{"$f":"TRUNC(J2742*(1+$L$5),2)","v":1923.18},{"$f":"IF(K2742=\"\",0,TRUNC(K2742*F2742,2))","v":60984037.799999997},{"$f":"P2742*6","v":31710},{"$f":"SUMIF(#REF!,Orçamento!A2742,#REF!)","v":{"$error":"#REF!"}},{"$f":"ROUND(SUM('MC - SERVIÇO ADUTORA - 4-8'!F621)*1.05,0)","v":31714},{"$f":"TRUNC(O2742/6,0)","v":5285}]
["9.2.1.2",{"$f":"IF(C2743=0,\"\",VLOOKUP(C2743,BNCDADOS!$A:$H,8,0))","v":0},"FF03",{"$f":"IF(C2743=0,\"\",VLOOKUP(C2743,BNCDADOS!$A:$G,2,0))","v":"CURVA 11°, FOFO, JGS, PN16, DN 600MM"},{"$f":"IF(C2743=0,\"\",VLOOKUP(C2743,BNCDADOS!$A:$G,3,0))","v":"UN "},39,{"$f":"IF(C2743=0,\"\",VLOOKUP(C2743,BNCDADOS!$A:$G,4,0))","v":4491.3133333333326},5030.2700000000004,196180.53,{"$f":"IF(C2743=0,\"\",VLOOKUP(C2743,BNCDADOS!$A:$G,6,0))","v":4491.3133333333326},5276.39,205779.21,{"$f":"'MC - MATERIAL ADUTORA - 4-8'!E213","v":39}]
["9.2.1.3",{"$f":"IF(C2744=0,\"\",VLOOKUP(C2744,BNCDADOS!$A:$H,8,0))","v":0},"FF06",{"$f":"IF(C2744=0,\"\",VLOOKUP(C2744,BNCDADOS!$A:$G,2,0))","v":"CURVA 22°, FOFO, JGS, PN16, DN 600MM"},{"$f":"IF(C2744=0,\"\",VLOOKUP(C2744,BNCDADOS!$A:$G,3,0))","v":"UN "},3,{"$f":"IF(C2744=0,\"\",VLOOKUP(C2744,BNCDADOS!$A:$G,4,0))","v":5951.670000000001},6665.87,19997.61,{"$f":"IF(C2744=0,\"\",VLOOKUP(C2744,BNCDADOS!$A:$G,6,0))","v":5951.670000000001},6992.02,20976.06,{"$f":"'MC - MATERIAL ADUTORA - 4-8'!E214","v":3}]
["9.2.1.4",{"$f":"IF(C2745=0,\"\",VLOOKUP(C2745,BNCDADOS!$A:$H,8,0))","v":0},"FF10",{"$f":"IF(C2745=0,\"\",VLOOKUP(C2745,BNCDADOS!$A:$G,2,0))","v":"CURVA 45°, FOFO, JGS, PN16, DN 600MM"},{"$f":"IF(C2745=0,\"\",VLOOKUP(C2745,BNCDADOS!$A:$G,3,0))","v":"UN "},1,{"$f":"IF(C2745=0,\"\",VLOOKUP(C2745,BNCDADOS!$A:$G,4,0))","v":8332.58},9332.48,9332.48,{"$f":"IF(C2745=0,\"\",VLOOKUP(C2745,BNCDADOS!$A:$G,6,0))","v":8332.58},9789.11,9789.11,{"$f":"'MC - MATERIAL ADUTORA - 4-8'!E215","v":1}]
["9.2.1.5",{"$f":"IF(C2746=0,\"\",VLOOKUP(C2746,BNCDADOS!$A:$H,8,0))","v":0},"FF13",{"$f":"IF(C2746=0,\"\",VLOOKUP(C2746,BNCDADOS!$A:$G,2,0))","v":"CURVA 90°, FOFO, JGS, PN16, DN 600MM"},{"$f":"IF(C2746=0,\"\",VLOOKUP(C2746,BNCDADOS!$A:$G,3,0))","v":"UN "},{"$f":"TRUNC(M2746,2)","v":3},{"$f":"IF(C2746=0,\"\",VLOOKUP(C2746,BNCDADOS!$A:$G,4,0))","v":11568.096666666666},{"$f":"TRUNC(G2746*(1+$I$5),2)","v":12956.26},{"$f":"IF(H2746=\"\",0,TRUNC(H2746*F2746,2))","v":38868.78},{"$f":"IF(C2746=0,\"\",VLOOKUP(C2746,BNCDADOS!$A:$G,6,0))","v":11568.096666666666},{"$f":"TRUNC(J2746*(1+$L$5),2)","v":13590.19},{"$f":"IF(K2746=\"\",0,TRUNC(K2746*F2746,2))","v":40770.57},{"$f":"'MC - MATERIAL ADUTORA - 4-8'!E216","v":3}]
["9.2.1.6",{"$f":"IF(C2747=0,\"\",VLOOKUP(C2747,BNCDADOS!$A:$H,8,0))","v":0},"FF21",{"$f":"IF(C2747=0,\"\",VLOOKUP(C2747,BNCDADOS!$A:$G,2,0))","v":"EXTREMIDADE, FOFO, FLANGE/BOLSA, PN10, DN 600MM"},{"$f":"IF(C2747=0,\"\",VLOOKUP(C2747,BNCDADOS!$A:$G,3,0))","v":"UN "},4,{"$f":"IF(C2747=0,\"\",VLOOKUP(C2747,BNCDADOS!$A:$G,4,0))","v":4043},4528.16,18112.64,{"$f":"IF(C2747=0,\"\",VLOOKUP(C2747,BNCDADOS!$A:$G,6,0))","v":4043},4749.71,18998.84,{"$f":"'MC - MATERIAL ADUTORA - 4-8'!E217","v":4}]
["9.2.1.7",{"$f":"IF(C2748=0,\"\",VLOOKUP(C2748,BNCDADOS!$A:$H,8,0))","v":0},"FF40",{"$f":"IF(C2748=0,\"\",VLOOKUP(C2748,BNCDADOS!$A:$G,2,0))","v":"LUVA SIMPLES, FOFO, BOLSA/BOLSA, PN16, DN 600MM"},{"$f":"IF(C2748=0,\"\",VLOOKUP(C2748,BNCDADOS!$A:$G,3,0))","v":"UN "},65,{"$f":"IF(C2748=0,\"\",VLOOKUP(C2748,BNCDADOS!$A:$G,4,0))","v":2488.23},2786.81,181142.65,{"$f":"IF(C2748=0,\"\",VLOOKUP(C2748,BNCDADOS!$A:$G,6,0))","v":2488.23},2923.17,190006.05,{"$f":"'MC - MATERIAL ADUTORA - 4-8'!E218","v":65}]
["9.2.2",{"$f":"IF(C2749=0,\"\",VLOOKUP(C2749,BNCDADOS!$A:$G,8,0))","v":""},null,"VENTOSAS E DESCARGAS",{"$f":"IF(C2749=0,\"\",VLOOKUP(C2749,BNCDADOS!$A:$G,3,0))","v":""},0,{"$f":"IF(C2749=0,\"\",VLOOKUP(C2749,BNCDADOS!$A:$G,4,0))","v":""},{"$f":"IF(C2749=0,\"\",VLOOKUP(C2749,BNCDADOS!$A:$G,5,0))","v":""},{"$f":"SUM(I2750:I2758)","v":200757.44},{"$f":"IF(C2749=0,\"\",VLOOKUP(C2749,BNCDADOS!$A:$G,6,0))","v":""},{"$f":"IF(C2749=0,\"\",VLOOKUP(C2749,BNCDADOS!$A:$G,7,0))","v":""},{"$f":"SUM(L2750:L2758)","v":210580.43999999997}]
["9.2.2.1",{"$f":"IF(C2750=0,\"\",VLOOKUP(C2750,BNCDADOS!$A:$H,8,0))","v":0},"FF55",{"$f":"IF(C2750=0,\"\",VLOOKUP(C2750,BNCDADOS!$A:$G,2,0))","v":"TÊ, BBF, FOFO, PN16, DN 600-100MM"},{"$f":"IF(C2750=0,\"\",VLOOKUP(C2750,BNCDADOS!$A:$G,3,0))","v":"UN "},30,{"$f":"IF(C2750=0,\"\",VLOOKUP(C2750,BNCDADOS!$A:$G,4,0))","v":4376.51},{"$f":"TRUNC(G2750*(1+$I$5),2)","v":4901.6899999999996},{"$f":"IF(H2750=\"\",0,TRUNC(H2750*F2750,2))","v":147050.70000000001},{"$f":"IF(C2750=0,\"\",VLOOKUP(C2750,BNCDADOS!$A:$G,6,0))","v":4376.51},{"$f":"TRUNC(J2750*(1+$L$5),2)","v":5141.5200000000004},{"$f":"IF(K2750=\"\",0,TRUNC(K2750*F2750,2))","v":154245.6},{"$f":"'MC - MATERIAL ADUTORA - 4-8'!M224","v":30}]
["9.2.2.2",{"$f":"IF(C2751=0,\"\",VLOOKUP(C2751,BNCDADOS!$A:$H,8,0))","v":0},"FF43",{"$f":"IF(C2751=0,\"\",VLOOKUP(C2751,BNCDADOS!$A:$G,2,0))","v":"REDUÇÃO CONCÊNTRICA, FOFO, FLANGES, PN16, DN 100-50MM"},{"$f":"IF(C2751=0,\"\",VLOOKUP(C2751,BNCDADOS!$A:$G,3,0))","v":"UN "},16,{"$f":"IF(C2751=0,\"\",VLOOKUP(C2751,BNCDADOS!$A:$G,4,0))","v":338.84},379.5,{"$f":"IF(H2751=\"\",0,TRUNC(H2751*F2751,2))","v":6072},{"$f":"IF(C2751=0,\"\",VLOOKUP(C2751,BNCDADOS!$A:$G,6,0))","v":338.84},398.06,{"$f":"IF(K2751=\"\",0,TRUNC(K2751*F2751,2))","v":6368.96},{"$f":"'MC - MATERIAL ADUTORA - 4-8'!M223","v":16}]
["9.2.2.3",{"$f":"IF(C2752=0,\"\",VLOOKUP(C2752,BNCDADOS!$A:$H,8,0))","v":0},"FF15",{"$f":"IF(C2752=0,\"\",VLOOKUP(C2752,BNCDADOS!$A:$G,2,0))","v":"CURVA 45°, FOFO, FLANGES, PN10, DN 100MM"},{"$f":"IF(C2752=0,\"\",VLOOKUP(C2752,BNCDADOS!$A:$G,3,0))","v":"UN "},14,{"$f":"IF(C2752=0,\"\",VLOOKUP(C2752,BNCDADOS!$A:$G,4,0))","v":278.55},311.97000000000003,4367.58,{"$f":"IF(C2752=0,\"\",VLOOKUP(C2752,BNCDADOS!$A:$G,6,0))","v":278.55},327.24,4581.3599999999997,{"$f":"'MC - MATERIAL ADUTORA - 4-8'!M222","v":14}]
["9.2.2.4",{"$f":"IF(C2753=0,\"\",VLOOKUP(C2753,BNCDADOS!$A:$H,8,0))","v":0},"VG01",{"$f":"IF(C2753=0,\"\",VLOOKUP(C2753,BNCDADOS!$A:$G,2,0))","v":"VÁLVULA GAVETA, FLANGES, CORPO CURTO, VOLANTE E CUNHA DE BORRACHA, DN 50MM"},{"$f":"IF(C2753=0,\"\",VLOOKUP(C2753,BNCDADOS!$A:$G,3,0))","v":"UN "},16,{"$f":"IF(C2753=0,\"\",VLOOKUP(C2753,BNCDADOS!$A:$G,4,0))","v":531.92999999999995},595.76,9532.16,{"$f":"IF(C2753=0,\"\",VLOOKUP(C2753,BNCDADOS!$A:$G,6,0))","v":531.92999999999995},624.91,9998.56,{"$f":"'MC - MATERIAL ADUTORA - 4-8'!M230","v":16}]
["9.2.2.5",{"$f":"IF(C2754=0,\"\",VLOOKUP(C2754,BNCDADOS!$A:$H,8,0))","v":0},"VG03",{"$f":"IF(C2754=0,\"\",VLOOKUP(C2754,BNCDADOS!$A:$G,2,0))","v":"VÁLVULA GAVETA, FLANGES, CORPO CURTO, VOLANTE E CUNHA DE BORRACHA, DN 100MM"},{"$f":"IF(C2754=0,\"\",VLOOKUP(C2754,BNCDADOS!$A:$G,3,0))","v":"UN "},14,{"$f":"IF(C2754=0,\"\",VLOOKUP(C2754,BNCDADOS!$A:$G,4,0))","v":946.02},1059.54,14833.56,{"$f":"IF(C2754=0,\"\",VLOOKUP(C2754,BNCDADOS!$A:$G,6,0))","v":946.02},1111.3800000000001,15559.32,{"$f":"'MC - MATERIAL ADUTORA - 4-8'!M231","v":14}]
["9.2.2.6",{"$f":"IF(C2755=0,\"\",VLOOKUP(C2755,BNCDADOS!$A:$H,8,0))","v":0},"VT01",{"$f":"IF(C2755=0,\"\",VLOOKUP(C2755,BNCDADOS!$A:$G,2,0))","v":"VENTOSA TRÍPLICE FUNÇÃO, FOFO, FLANGE, PN10, DN 50MM"},{"$f":"IF(C2755=0,\"\",VLOOKUP(C2755,BNCDADOS!$A:$G,3,0))","v":"UN "},16,{"$f":"IF(C2755=0,\"\",VLOOKUP(C2755,BNCDADOS!$A:$G,4,0))","v":917.58},1027.68,16442.88,{"$f":"IF(C2755=0,\"\",VLOOKUP(C2755,BNCDADOS!$A:$G,6,0))","v":917.58},1077.97,17247.52,{"$f":"'MC - MATERIAL ADUTORA - 4-8'!M233","v":16}]
["9.2.2.7",{"$f":"IF(C2756=0,\"\",VLOOKUP(C2756,BNCDADOS!$A:$H,8,0))","v":0},"FF101",{"$f":"IF(C2756=0,\"\",VLOOKUP(C2756,BNCDADOS!$A:$G,2,0))","v":"PARAFUSO PARA FLANGES, PN10, 16X80"},{"$f":"IF(C2756=0,\"\",VLOOKUP(C2756,BNCDADOS!$A:$G,3,0))","v":"UN "},224,{"$f":"IF(C2756=0,\"\",VLOOKUP(C2756,BNCDADOS!$A:$G,4,0))","v":8.23},9.2100000000000009,2063.04,{"$f":"IF(C2756=0,\"\",VLOOKUP(C2756,BNCDADOS!$A:$G,6,0))","v":8.23},9.66,2163.84,{"$f":"'MC - MATERIAL ADUTORA - 4-8'!M226","v":224}]
["9.2.2.8",{"$f":"IF(C2757=0,\"\",VLOOKUP(C2757,BNCDADOS!$A:$H,8,0))","v":0},"FF92",{"$f":"IF(C2757=0,\"\",VLOOKUP(C2757,BNCDADOS!$A:$G,2,0))","v":"ARRUELA DE BORRACHA PARA FLANGES, DN 50MM"},{"$f":"IF(C2757=0,\"\",VLOOKUP(C2757,BNCDADOS!$A:$G,3,0))","v":"UN "},16,{"$f":"IF(C2757=0,\"\",VLOOKUP(C2757,BNCDADOS!$A:$G,4,0))","v":3.32},3.71,59.36,{"$f":"IF(C2757=0,\"\",VLOOKUP(C2757,BNCDADOS!$A:$G,6,0))","v":3.32},3.9,62.4,{"$f":"'MC - MATERIAL ADUTORA - 4-8'!M227","v":16}]
["9.2.2.9",{"$f":"IF(C2758=0,\"\",VLOOKUP(C2758,BNCDADOS!$A:$H,8,0))","v":0},"FF94",{"$f":"IF(C2758=0,\"\",VLOOKUP(C2758,BNCDADOS!$A:$G,2,0))","v":"ARRUELA DE BORRACHA PARA FLANGES, DN 100MM"},{"$f":"IF(C2758=0,\"\",VLOOKUP(C2758,BNCDADOS!$A:$G,3,0))","v":"UN "},44,{"$f":"IF(C2758=0,\"\",VLOOKUP(C2758,BNCDADOS!$A:$G,4,0))","v":6.83},7.64,336.16,{"$f":"IF(C2758=0,\"\",VLOOKUP(C2758,BNCDADOS!$A:$G,6,0))","v":6.83},8.02,352.88,{"$f":"'MC - MATERIAL ADUTORA - 4-8'!M228","v":44}]
["9.2.3",{"$f":"IF(C2759=0,\"\",VLOOKUP(C2759,BNCDADOS!$A:$G,8,0))","v":""},null,"TRAVESSIAS PELO MND",{"$f":"IF(C2759=0,\"\",VLOOKUP(C2759,BNCDADOS!$A:$G,3,0))","v":""},0,{"$f":"IF(C2759=0,\"\",VLOOKUP(C2759,BNCDADOS!$A:$G,4,0))","v":""},{"$f":"IF(C2759=0,\"\",VLOOKUP(C2759,BNCDADOS!$A:$G,5,0))","v":""},{"$f":"SUM(I2760:I2772)","v":284536.56000000006},{"$f":"IF(C2759=0,\"\",VLOOKUP(C2759,BNCDADOS!$A:$G,6,0))","v":""},{"$f":"IF(C2759=0,\"\",VLOOKUP(C2759,BNCDADOS!$A:$G,7,0))","v":""},{"$f":"SUM(L2760:L2772)","v":298456.82}]
["9.2.3.1",{"$f":"IF(C2760=0,\"\",VLOOKUP(C2760,BNCDADOS!$A:$H,8,0))","v":0},"FF03",{"$f":"IF(C2760=0,\"\",VLOOKUP(C2760,BNCDADOS!$A:$G,2,0))","v":"CURVA 11°, FOFO, JGS, PN16, DN 600MM"},{"$f":"IF(C2760=0,\"\",VLOOKUP(C2760,BNCDADOS!$A:$G,3,0))","v":"UN "},1,{"$f":"IF(C2760=0,\"\",VLOOKUP(C2760,BNCDADOS!$A:$G,4,0))","v":4491.3133333333326},{"$f":"TRUNC(G2760*(1+$I$5),2)","v":5030.2700000000004},{"$f":"IF(H2760=\"\",0,TRUNC(H2760*F2760,2))","v":5030.2700000000004},{"$f":"IF(C2760=0,\"\",VLOOKUP(C2760,BNCDADOS!$A:$G,6,0))","v":4491.3133333333326},{"$f":"TRUNC(J2760*(1+$L$5),2)","v":5276.39},{"$f":"IF(K2760=\"\",0,TRUNC(K2760*F2760,2))","v":5276.39},{"$f":"'MC - MATERIAL ADUTORA - 4-8'!F239","v":1}]
["9.2.3.2",{"$f":"IF(C2761=0,\"\",VLOOKUP(C2761,BNCDADOS!$A:$H,8,0))","v":0},"FF106",{"$f":"IF(C2761=0,\"\",VLOOKUP(C2761,BNCDADOS!$A:$G,2,0))","v":"JUNTA DE DESMONTAGEM TRAVADA AXIALMENTE, DN 600MM"},{"$f":"IF(C2761=0,\"\",VLOOKUP(C2761,BNCDADOS!$A:$G,3,0))","v":"UN "},4,{"$f":"IF(C2761=0,\"\",VLOOKUP(C2761,BNCDADOS!$A:$G,4,0))","v":7237.9396666666662},8106.49,32425.96,{"$f":"IF(C2761=0,\"\",VLOOKUP(C2761,BNCDADOS!$A:$G,6,0))","v":7237.9396666666662},8503.1299999999992,34012.519999999997,{"$f":"'MC - MATERIAL ADUTORA - 4-8'!F240","v":4}]
["9.2.3.3",{"$f":"IF(C2762=0,\"\",VLOOKUP(C2762,BNCDADOS!$A:$H,8,0))","v":0},"FF21",{"$f":"IF(C2762=0,\"\",VLOOKUP(C2762,BNCDADOS!$A:$G,2,0))","v":"EXTREMIDADE, FOFO, FLANGE/BOLSA, PN10, DN 600MM"},{"$f":"IF(C2762=0,\"\",VLOOKUP(C2762,BNCDADOS!$A:$G,3,0))","v":"UN "},3,{"$f":"IF(C2762=0,\"\",VLOOKUP(C2762,BNCDADOS!$A:$G,4,0))","v":4043},4528.16,13584.48,{"$f":"IF(C2762=0,\"\",VLOOKUP(C2762,BNCDADOS!$A:$G,6,0))","v":4043},4749.71,14249.13,{"$f":"'MC - MATERIAL ADUTORA - 4-8'!F241","v":3}]
["9.2.3.4",{"$f":"IF(C2763=0,\"\",VLOOKUP(C2763,BNCDADOS!$A:$H,8,0))","v":0},"FF49",{"$f":"IF(C2763=0,\"\",VLOOKUP(C2763,BNCDADOS!$A:$G,2,0))","v":"REDUÇÃO CONCÊNTRICA, FOFO, FLANGES, PN16, DN 600-400MM"},{"$f":"IF(C2763=0,\"\",VLOOKUP(C2763,BNCDADOS!$A:$G,3,0))","v":"UN "},1,{"$f":"IF(C2763=0,\"\",VLOOKUP(C2763,BNCDADOS!$A:$G,4,0))","v":5656.08},6334.8,6334.8,{"$f":"IF(C2763=0,\"\",VLOOKUP(C2763,BNCDADOS!$A:$G,6,0))","v":5656.08},6644.76,6644.76,{"$f":"'MC - MATERIAL ADUTORA - 4-8'!F242","v":1}]
["9.2.3.5",{"$f":"IF(C2764=0,\"\",VLOOKUP(C2764,BNCDADOS!$A:$H,8,0))","v":0},"FF107",{"$f":"IF(C2764=0,\"\",VLOOKUP(C2764,BNCDADOS!$A:$G,2,0))","v":"TÊ, BBB, FOFO, PN16, DN 600MM"},{"$f":"IF(C2764=0,\"\",VLOOKUP(C2764,BNCDADOS!$A:$G,3,0))","v":"UN "},1,{"$f":"IF(C2764=0,\"\",VLOOKUP(C2764,BNCDADOS!$A:$G,4,0))","v":3139.41},3516.13,3516.13,{"$f":"IF(C2764=0,\"\",VLOOKUP(C2764,BNCDADOS!$A:$G,6,0))","v":3139.41},3688.17,3688.17,{"$f":"'MC - MATERIAL ADUTORA - 4-8'!F243","v":1}]
["9.2.3.6",{"$f":"IF(C2765=0,\"\",VLOOKUP(C2765,BNCDADOS!$A:$H,8,0))","v":0},"FF59",{"$f":"IF(C2765=0,\"\",VLOOKUP(C2765,BNCDADOS!$A:$G,2,0))","v":"TÊ, FFF, FOFO, PN10, DN 600MM"},{"$f":"IF(C2765=0,\"\",VLOOKUP(C2765,BNCDADOS!$A:$G,3,0))","v":"UN "},2,{"$f":"IF(C2765=0,\"\",VLOOKUP(C2765,BNCDADOS!$A:$G,4,0))","v":12516.34},14018.3,28036.6,{"$f":"IF(C2765=0,\"\",VLOOKUP(C2765,BNCDADOS!$A:$G,6,0))","v":12516.34},14704.19,29408.38,{"$f":"'MC - MATERIAL ADUTORA - 4-8'!F244","v":2}]
["9.2.3.7",{"$f":"IF(C2766=0,\"\",VLOOKUP(C2766,BNCDADOS!$A:$H,8,0))","v":0},"FF70",{"$f":"IF(C2766=0,\"\",VLOOKUP(C2766,BNCDADOS!$A:$G,2,0))","v":"TUBO, FOFO, FLANGE/PONTA, DN 600MM, L=2100MM"},{"$f":"IF(C2766=0,\"\",VLOOKUP(C2766,BNCDADOS!$A:$G,3,0))","v":"UN "},2,{"$f":"IF(C2766=0,\"\",VLOOKUP(C2766,BNCDADOS!$A:$G,4,0))","v":9128.1666666666661},10223.540000000001,20447.080000000002,{"$f":"IF(C2766=0,\"\",VLOOKUP(C2766,BNCDADOS!$A:$G,6,0))","v":9128.1666666666661},10723.77,21447.54,{"$f":"'MC - MATERIAL ADUTORA - 4-8'!F245","v":2}]
["9.2.3.8",{"$f":"IF(C2767=0,\"\",VLOOKUP(C2767,BNCDADOS!$A:$H,8,0))","v":0},"FF84",{"$f":"IF(C2767=0,\"\",VLOOKUP(C2767,BNCDADOS!$A:$G,2,0))","v":"TUBO, FOFO, FLANGES, DN 600MM, L=2100MM"},{"$f":"IF(C2767=0,\"\",VLOOKUP(C2767,BNCDADOS!$A:$G,3,0))","v":"UN "},2,{"$f":"IF(C2767=0,\"\",VLOOKUP(C2767,BNCDADOS!$A:$G,4,0))","v":7182.45},8044.34,16088.68,{"$f":"IF(C2767=0,\"\",VLOOKUP(C2767,BNCDADOS!$A:$G,6,0))","v":7182.45},8437.94,16875.88,{"$f":"'MC - MATERIAL ADUTORA - 4-8'!F246","v":2}]
["9.2.3.9",{"$f":"IF(C2768=0,\"\",VLOOKUP(C2768,BNCDADOS!$A:$H,8,0))","v":0},"FF158",{"$f":"IF(C2768=0,\"\",VLOOKUP(C2768,BNCDADOS!$A:$G,2,0))","v":"TUBO, FOFO, CILINDRICO, DN 600MM"},{"$f":"IF(C2768=0,\"\",VLOOKUP(C2768,BNCDADOS!$A:$G,3,0))","v":"M"},{"$f":"4.5+1.5+2.5*2+5.8","v":16.8},{"$f":"IF(C2768=0,\"\",VLOOKUP(C2768,BNCDADOS!$A:$G,4,0))","v":3195.1153846153848},3578.52,60119.13,{"$f":"IF(C2768=0,\"\",VLOOKUP(C2768,BNCDADOS!$A:$G,6,0))","v":3195.1153846153848},3753.62,63060.81,{"$f":"'MC - MATERIAL ADUTORA - 4-8'!G248","v":10.3}]
["9.2.3.10",{"$f":"IF(C2769=0,\"\",VLOOKUP(C2769,BNCDADOS!$A:$H,8,0))","v":0},"FF159",{"$f":"IF(C2769=0,\"\",VLOOKUP(C2769,BNCDADOS!$A:$G,2,0))","v":"TUBO, FOFO, CILINDRICO, DN 400MM"},{"$f":"IF(C2769=0,\"\",VLOOKUP(C2769,BNCDADOS!$A:$G,3,0))","v":"M"},{"$f":"TRUNC(M2769,2)","v":4.5},{"$f":"IF(C2769=0,\"\",VLOOKUP(C2769,BNCDADOS!$A:$G,4,0))","v":2340.4145299145298},2621.2600000000002,11795.67,{"$f":"IF(C2769=0,\"\",VLOOKUP(C2769,BNCDADOS!$A:$G,6,0))","v":2340.4145299145298},2749.51,12372.79,{"$f":"'MC - MATERIAL ADUTORA - 4-8'!G247","v":4.5}]
["9.2.3.11",{"$f":"IF(C2770=0,\"\",VLOOKUP(C2770,BNCDADOS!$A:$H,8,0))","v":0},"VG07",{"$f":"IF(C2770=0,\"\",VLOOKUP(C2770,BNCDADOS!$A:$G,2,0))","v":"VÁLVULA GAVETA, FLANGES, CORPO CURTO, VOLANTE E CUNHA DE BORRACHA, DN 600MM"},{"$f":"IF(C2770=0,\"\",VLOOKUP(C2770,BNCDADOS!$A:$G,3,0))","v":"UN "},4,{"$f":"IF(C2770=0,\"\",VLOOKUP(C2770,BNCDADOS!$A:$G,4,0))","v":17500},19600,78400,{"$f":"IF(C2770=0,\"\",VLOOKUP(C2770,BNCDADOS!$A:$G,6,0))","v":17500},20559,82236,{"$f":"'MC - MATERIAL ADUTORA - 4-8'!F250","v":4}]
["9.2.3.12",{"$f":"IF(C2771=0,\"\",VLOOKUP(C2771,BNCDADOS!$A:$H,8,0))","v":0},"FF100",{"$f":"IF(C2771=0,\"\",VLOOKUP(C2771,BNCDADOS!$A:$G,2,0))","v":"ARRUELA DE BORRACHA PARA FLANGES, DN 600MM"},{"$f":"IF(C2771=0,\"\",VLOOKUP(C2771,BNCDADOS!$A:$G,3,0))","v":"UN "},11,{"$f":"IF(C2771=0,\"\",VLOOKUP(C2771,BNCDADOS!$A:$G,4,0))","v":50.86},56.96,626.55999999999995,{"$f":"IF(C2771=0,\"\",VLOOKUP(C2771,BNCDADOS!$A:$G,6,0))","v":50.86},59.75,657.25,{"$f":"'MC - MATERIAL ADUTORA - 4-8'!F251","v":11}]
["9.2.3.13",{"$f":"IF(C2772=0,\"\",VLOOKUP(C2772,BNCDADOS!$A:$H,8,0))","v":0},"FF105",{"$f":"IF(C2772=0,\"\",VLOOKUP(C2772,BNCDADOS!$A:$G,2,0))","v":"PARAFUSO PARA FLANGES, PN10, 27X120"},{"$f":"IF(C2772=0,\"\",VLOOKUP(C2772,BNCDADOS!$A:$G,3,0))","v":"UN "},{"$f":"TRUNC(M2772,2)","v":220},{"$f":"IF(C2772=0,\"\",VLOOKUP(C2772,BNCDADOS!$A:$G,4,0))","v":33},{"$f":"TRUNC(G2772*(1+$I$5),2)","v":36.96},{"$f":"IF(H2772=\"\",0,TRUNC(H2772*F2772,2))","v":8131.2},{"$f":"IF(C2772=0,\"\",VLOOKUP(C2772,BNCDADOS!$A:$G,6,0))","v":33},{"$f":"TRUNC(J2772*(1+$L$5),2)","v":38.76},{"$f":"IF(K2772=\"\",0,TRUNC(K2772*F2772,2))","v":8527.2000000000007},{"$f":"'MC - MATERIAL ADUTORA - 4-8'!F252","v":220}]
{"$rows_empty":16}
[null,{"$f":"IF(C2789=0,\"\",VLOOKUP(C2789,BNCDADOS!$A:$H,8,0))","v":""},null,{"$f":"IF(C2789=0,\"\",VLOOKUP(C2789,BNCDADOS!$A:$G,2,0))","v":""},{"$f":"IF(C2789=0,\"\",VLOOKUP(C2789,BNCDADOS!$A:$G,3,0))","v":""},null,{"$f":"IF(C2789=0,\"\",VLOOKUP(C2789,BNCDADOS!$A:$G,4,0))","v":""},{"$f":"IF(C2789=0,\"\",VLOOKUP(C2789,BNCDADOS!$A:$G,5,0))","v":""},{"$f":"IF(H2789=\"\",0,TRUNC(H2789*F2789,2))","v":0},{"$f":"IF(C2789=0,\"\",VLOOKUP(C2789,BNCDADOS!$A:$G,6,0))","v":""},{"$f":"IF(C2789=0,\"\",VLOOKUP(C2789,BNCDADOS!$A:$G,7,0))","v":""},{"$f":"IF(K2789=\"\",0,TRUNC(K2789*F2789,2))","v":0},{"$f":"SUMIF(#REF!,Orçamento!A2789,#REF!)","v":{"$error":"#REF!"}}]
["Elaboração:                                                                     Supervisão:                              ",null,null,null,"TOTAL...................R$",null,null,null,{"$f":"SUM(I2686,I2370,I2056,I1684,I1176,I10,I881,I326,I30)","v":509037192.07999998},null,null,{"$f":"SUM(L2686,L2370,L2056,L1684,L1176,L10,L881,L326,L30)","v":525916411.71999997}]

{"sheet":"MC - SERVIÇO ADUTORA - 1-3","index":4,"n_rows":478,"n_cols":60,"rows_kept":478,"cut":false,"hidden":false,"merged":[[381,20,381,22],[382,20,382,21],[382,22,383,22],[379,4,379,5],[379,6,379,7],[379,8,379,9],[379,10,379,12],[380,4,380,5],[380,6,380,7],[380,8,380,9],[380,10,380,12],[375,4,375,5],[375,6,375,7],[375,8,375,9],[375,10,375,12],[375,13,379,13],[375,20,375,21],[376,4,376,5],[376,6,376,7],[376,8,376,9],[376,10,376,12],[376,20,376,21],[377,4,377,5],[377,6,377,7],[377,8,377,9],[377,10,377,12],[378,4,378,5],[378,6,378,7],[378,8,378,9],[378,10,378,12],[370,8,370,9],[370,10,370,12],[370,20,370,21],[373,4,373,5],[373,6,373,7],[373,8,373,9],[373,10,373,12],[374,4,374,5],[374,6,374,7],[374,8,374,9],[374,10,374,12],[371,4,371,5],[371,6,371,7],[371,8,371,9],[371,10,371,12],[367,24,368,24],[368,4,368,5],[368,6,368,7],[368,8,368,9],[368,10,368,12],[368,20,368,21],[367,4,367,5],[367,6,367,7],[367,8,367,9],[367,10,367,12],[367,13,374,13],[367,20,367,21],[369,4,369,5],[369,6,369,7],[369,8,369,9],[369,10,369,12],[371,20,371,21],[372,4,372,5],[372,6,372,7],[372,8,372,9],[372,10,372,12],[369,24,370,24],[370,4,370,5],[370,6,370,7],[365,20,365,21],[365,24,365,28],[366,4,366,5],[366,6,366,7],[366,8,366,9],[366,10,366,12],[366,20,366,21],[366,24,366,25],[362,1,363,2],[362,3,362,5],[362,6,362,7],[363,3,363,5],[363,6,363,7],[365,4,365,14],[358,1,358,7],[359,1,359,2],[359,3,359,5],[359,6,359,7],[360,1,361,2],[360,3,360,5],[360,6,360,7],[361,3,361,5],[361,6,361,7],[354,1,354,7],[355,1,355,2],[355,3,355,5],[355,6,355,7],[356,1,357,2],[356,3,356,5],[356,6,356,7],[357,3,357,5],[357,6,357,7],[212,1,212,3],[213,1,213,3],[330,1,330,3],[343,1,343,3],[345,1,345,3],[352,1,352,3],[99,1,99,3],[100,1,100,3],[150,1,150,3],[151,1,151,3],[152,1,152,3],[211,1,211,3],[5,1,5,3],[98,1,98,3],[3,32,3,33],[3,34,3,37],[3,38,3,40],[3,42,3,44],[3,45,4,45],[3,46,3,47],[3,19,4,19],[3,20,4,20],[3,21,4,21],[3,22,3,23],[3,24,3,25],[3,26,3,28],[3,12,4,12],[3,13,4,13],[3,14,4,14],[3,15,4,15],[3,17,4,17],[3,18,4,18],[2,24,2,28],[2,29,3,31],[2,32,2,44],[2,45,2,57],[2,58,2,59],[3,1,3,3],[3,4,4,4],[3,5,4,5],[3,6,4,6],[3,7,4,7],[2,1,2,9],[2,10,2,15],[2,16,4,16],[2,17,2,19],[2,20,2,21],[2,22,2,23],[3,8,4,8],[3,9,4,9],[3,10,4,10],[3,11,4,11],[3,48,3,51],[3,52,3,53],[3,54,3,57],[3,58,3,59],[0,1,0,59],[1,1,1,9],[1,10,1,15],[1,17,1,19],[1,20,1,21],[1,22,1,23],[1,24,1,28],[1,29,1,44],[1,45,1,57],[1,58,1,59]]}
[null,"MEMÓRIA DE CÁLCULO"]
[null,"Os dados de entrada foram retirados na planta, C3D_PERF_TRECHO 01_CAPTAÇÃO ETA_R00, que possui o perfil da adutora, sendo indicado como premissa o comprimento de 10m na saída da captação e entrada da ETA\nFoi adotado um acréscimo de 10cm para implantação do colchão de areia",{"$nulls":8},"Conforme indicado em planta, C3D_GERAL_TRECHO 01_CAPTAÇÃO ETA_GERAL_R00, toda a adutora é executada em faixa alocada ao lado da via, sendo necessário a limpeza e retirada de pequenas vegetações.\nFoi indicado uma sobrelargura de 4m para a faixa de execução dos serviços",{"$nulls":5},"Como premisssa foi indicado 1 kit a cada 700m","Como premissa indicamos a realização de 01 sondagem para verificação de futuras interferências como redes elétricas, drenagem e tubulações de água e esgoto.\nPara estes itens e está obra indicamos a realização de sondagens a cada 2KM",null,null,"Foi indicado a execução de tela tapume nos 02 lados da vala, visando a proteção.\nFoi indicado como premissa a execução 1 luminária noturna a cada 10m, sendo indicado um percentual de 20% como reaproveitamento do material",null,null,null,"De acordo com a tipologia do solo, apresentados nos relatórios de sondagens a trado e poços de inspeção e visando cumprir as normas de segurando, indicamos a utilização de escoramento do tipo blindado.",{"$nulls":4},"De acordo com a tipologia do solo, apresentados nos relatórios de sondagens a trado e poços de inspeção.\nIndicamos como premissas a execução de 84% de escavação mecanizada em solo de 1 categoria, 15% de escavação mecanizada em solo de 2 categoria e 1% de escavação manual para o acerto do solo no final da vala e retiradas de qualquer imprevistos.",{"$nulls":15},"Para a base envoltória do tubo devido a tipologia do solo, foi indicado o aterro com material de empréstimo e a compacatção hidráulica e manual.\nPara a camada de 30cm acima do tubo, foi indicado o aterro mecânico e compactação mecânica",{"$nulls":12},"Devido o local que a obra está inserida, levamos como premissa que o material que não será utilizado para o reaterro será espalhado na área da execução dos serviços "]
[null,"PARÂMETROS DE ENTRADA",{"$nulls":8},"PAVIMENTAÇÃO",{"$nulls":5},"CANTEIRO ITINERANTE","SONDAGEM",null,null,"SINALIZAÇÃO DE VALA\n(m²)",null,"PREPARO DE FUNDO DE VALA",null,"ESCORAMENTO DE VALA",{"$nulls":4},"ESCAVAÇÃO MANUAL",null,null,"ESCAVAÇÃO MECÂNICA",{"$nulls":12},"ATERRO/REATERRO"]
[null,"ADUTORA",null,null,"Extensão\n(m)","Diâmetro\n(mm)","Profundidade montante\n(m)","Profundidade jusante\n(m)","Profundidade média\n(m)","Largura da vala (m)","Tipo de pavimento","Desmatamento e Limpeza da Área (m2)","Área demolição/\nrecomposição - Paralelo (m2)","Área demolição/\nrecomposição - Asfalto (m2)","Volume demolição/\nrecomposição - Asfalto (m³)","Área de Varrição (m²)",null,"Sem pavimento","Paralelo","Asfalto c/ paralelo","Sinalização Noturna","Fechamento com Tela Tapume Laranja","ACERTO COM 10 CM DE AREIA",null,"Blindado - Larg. Da vala até 1,5m",null,"Blindado - Larg. Da vala de 1,50 a 2,50m",{"$nulls":5},"1ª Catergoria \nCom retroescavadeira\nlarg. Da vala de 0,8 a 1,50m",null,"1ª Catergoria \nCom escavadeira hidraúlica\nlarg. Da vala de 1,51 a 2,50m",null,null,null,"2ª Catergoria",null,null,"3ª Categoria\nC/ Rompedor","3ª Categoria\nC/ Explosivos",null,null,"Volume do tubo (m³)","ATERRO\nMecânico c/ retroescavadeira\nlarg. Da vala de 0,8 a 1,50m",null,"ATERRO\nMecânico c/ escavadeira hidraúlica\nlarg. Da vala de 1,51 a 2,50m",null,null,null,"REATERRO\nMecânico c/ retroescavadeira\nlarg. Da vala de 0,8 a 1,50m",null,"REATERRO\nMecânico c/ escavadeira hidraúlica\nlarg. Da vala de 1,51 a 2,50m",null,null,null,"ESPALHAMENTOl (M³)"]
[null,"ADUTORA","ESTACA\nMONTANTE","ESTACA\nJUSANTE",{"$nulls":18},"Largura \n<1,5M\n(m³)","Largura>=1,5m\n(m³)","Profundidade Até 1,50","Profundidade De 1,5m até 3,0m","Profundidade Até 1,50","Profundidade De 1,5m até 3,0m","Profundidade maior que 3,0m","Profundidade Até 2,00","Profundidade De 2,01m até 4,0m","Profundidade De 4,01m até 6,0m","Profundidade Até 1,50","Profundidade De 1,5m até 3,0m","Profundidade Até 1,50","Profundidade De 1,5m até 3,0m","Profundidade De 3,01m até 4,50m","Profundidade maior que 4,51m","Profundidade Até 1,50","Profundidade De 1,5m até 3,0m","Profundidade De 3,01m até 4,50m","Profundidade Até 2,00","Profundidade Até 2,00","Profundidade De 2,01m até 4,0m","Profundidade De 4,01m até 6,0m",null,"Profundidade Até 1,50","Profundidade De 1,5m até 3,0m","Profundidade Até 1,50","Profundidade De 1,5m até 3,0m","Profundidade De 3,01m até 4,50m","Profundidade maior que 4,51m","Profundidade Até 1,50","Profundidade De 1,5m até 3,0m","Profundidade Até 1,50","Profundidade De 1,5m até 3,0m","Profundidade De 3,01m até 4,50m","Profundidade maior que 4,51m","Areia / Entulho","Asfalto"]
[null,"Saída da Captação",null,null,10,800,1.84,1.84,{"$f":"ROUND(0.5*(G6+H6),2)","v":1.84},{"$f":"IF(F6=\"\",\"\",INDEX([144]Tabelas!A$1:G$17,VLOOKUP('MC - SERVIÇO ADUTORA - 1-3'!F6,[144]Tabelas!I$4:J$17,2,0),IF(AVERAGE(G6:H6)<1.25,2,IF(AVERAGE(G6:H6)<1.5,3,IF(AVERAGE(G6:H6)<3,4,IF(AVERAGE(G6:H6)<4.5,5,IF(AVERAGE(G6:H6)<6,6,IF(AVERAGE(G6:H6)>6,7))))))))","v":2},"Sem Pavimento",{"$f":"IF(K6=\"\",\"\",IF(K6=\"Sem Pavimento\",(J6+4)*E6,0))","v":60},{"$f":"IF(K6=\"\",\"\",IF(K6=\"Paralelo\",(J6+0.4)*E6,0))","v":0},{"$f":"IF(K6=\"\",\"\",IF(K6=\"Asfalto c/ paralelo\",(J6+0.4)*E6,0))","v":0},{"$f":"N6*0.05","v":0},{"$f":"IF(K6=\"\",\"\",IF(K6=\"Sem Pavimento\",0,(7*E6-J6)))","v":0},{"$f":"E6/700","v":1.4285714285714285E-2},{"$f":"IF(K6=\"\",\"\",IF(K6=\"Paralelo\",0,IF(K6=\"Sem Pavimento\",E6/2000*3,IF(L6=\"Asfalto c/ Paralelo\",0,\"\"))))","v":1.4999999999999999E-2},{"$f":"IF(K6=\"\",\"\",IF(K6=\"Paralelo\",E6/2000*3,IF(K6=\"Sem Pavimento\",0,IF(K6=\"Asfalto c/ Paralelo\",0,\"\"))))","v":0},{"$f":"IF(K6=\"\",\"\",IF(K6=\"Paralelo\",0,IF(K6=\"Sem Pavimento\",0,IF(K6=\"Asfalto c/ Paralelo\",E6/2000*3,\"\"))))","v":0},{"$f":"ROUND((E6/10*0.2),0)","v":0},{"$f":"ROUND((E6*2),2)","v":20},{"$f":"IF(J6<1.5,E6*J6*0.7*0.1,\"-\")","v":"-"},{"$f":"IF(J6>=1.5,E6*J6*0.7*0.1,\"-\")","v":1.4000000000000001},{"$f":"IF(I6>1.4,IF(I6<=1.5,IF(J6<1.5,(E6*I6*2),\"\"),\"-\"),\"-\")","v":"-"},{"$f":"IF(I6>1.5,IF(I6<=3,IF(J6<1.5,(E6*I6*2),\"\"),\"-\"),\"-\")","v":""},{"$f":"IF(I6>1.4,IF(I6<=1.5,IF(J6>=1.5,(E6*I6*2),\"\"),\"-\"),\"-\")","v":"-"},{"$f":"IF(I6>1.5,IF(I6<=3,IF(J6>=1.5,(E6*I6*2),\"\"),\"-\"),\"-\")","v":36.800000000000004},{"$f":"IF(I6>3,(E6*I6*2),\"-\")","v":"-"},{"$f":"IF(I6<=2,IF(K6=\"Paralelo\",((E6*I6*J6-E6*J6*0.11)*0.01),IF(K6=\"Sem Pavimento\",(E6*I6*J6*0.01),IF(K6=\"Asfalto c/ Paralelo\",((E6*I6*J6-E6*J6*0.16)*0.01),\"\"))),\"-\")","v":0.36800000000000005},{"$f":"IF(I6>2,IF(I6<=4,IF(K6=\"Paralelo\",((E6*I6*J6-E6*J6*0.11)*0.01),IF(K6=\"Sem Pavimento\",(E6*I6*J6*0.01),IF(K6=\"Asfalto c/ Paralelo\",((E6*I6*J6-E6*J6*0.16)*0.01),\"\"))),\"-\"),\"-\")","v":"-"},{"$f":"IF(I6>4,IF(I6<=6,IF(K6=\"Paralelo\",((E6*I6*J6-E6*J6*0.11)*0.01),IF(K6=\"Sem Pavimento\",(E6*I6*J6*0.01),IF(K6=\"Asfalto c/ Paralelo\",((E6*I6*J6-E6*J6*0.16)*0.01),\"\"))),\"-\"),\"-\")","v":"-"},{"$f":"IF(I6<=1.5,IF(J6<1.5,IF(K6=\"Paralelo\",((E6*I6*J6-E6*J6*0.11)*0.84),IF(K6=\"Sem Pavimento\",((E6*I6*J6*0.84)),IF(K6=\"Asfalto c/ Paralelo\",((E6*I6*J6-E6*J6*0.16)*0.84),\"\"))),\"-\"),\"-\")","v":"-"},{"$f":"IF(I6>1.5,IF(I6<=3,IF(J6<1.5,IF(K6=\"Paralelo\",((E6*I6*J6-E6*J6*0.11)*0.84),IF(K6=\"Sem Pavimento\",(E6*I6*J6*0.84),IF(K6=\"Asfalto c/ Paralelo\",((E6*I6*J6-E6*J6*0.16)*0.84),0))),\"-\"),\"-\"),\"-\")","v":"-"},{"$f":"IF(I6<=1.5,IF(J6>=1.5,IF(K6=\"Paralelo\",((E6*I6*J6-E6*J6*0.11)*0.84),IF(K6=\"Sem Pavimento\",(E6*I6*J6*0.84),IF(K6=\"Asfalto c/ Paralelo\",((E6*I6*J6-E6*J6*0.16)*0.84),\"\"))),\"-\"),\"-\")","v":"-"},{"$f":"IF(I6>1.5,IF(I6<=3,IF(J6>=1.5,IF(K6=\"Paralelo\",((E6*I6*J6-E6*J6*0.11)*0.8),IF(K6=\"Sem Pavimento\",(E6*I6*J6*0.84),IF(K6=\"Asfalto c/ Paralelo\",((E6*I6*J6-E6*J6*0.16)*0.84),\"\"))),\"-\"),\"-\"),\"-\")","v":30.912000000000003},{"$f":"IF(I6>3,IF(I6<=4.5,IF(K6=\"Paralelo\",((E6*I6*J6-E6*J6*0.11)*0.8),IF(K6=\"Sem Pavimento\",(E6*I6*J6*0.8),IF(K6=\"Asfalto c/ Paralelo\",((E6*I6*J6-E6*J6*0.16)*0.8),\"\"))),\"-\"),\"-\")","v":"-"},{"$f":"IF(I6>4.5,IF(K6=\"Paralelo\",((E6*I6*J6-E6*J6*0.11)*0.8),IF(K6=\"Sem Pavimento\",(E6*I6*J6*0.8),IF(K6=\"Asfalto c/ Paralelo\",((E6*I6*J6-E6*J6*0.16)*0.8),\"\"))),\"-\")","v":"-"},{"$f":"IF(I6<=1.5,IF(K6=\"Paralelo\",((E6*I6*J6-E6*J6*0.11)*0.15),IF(K6=\"Sem Pavimento\",(E6*I6*J6*0.15),IF(K6=\"Asfalto c/ Paralelo\",((E6*I6*J6-E6*J6*0.16)*0.15),\"\"))),\"-\")","v":"-"},{"$f":"IF(I6>1.5,IF(I6<=3,IF(K6=\"Paralelo\",((E6*I6*J6-E6*J6*0.11)*0.15),IF(K6=\"Sem Pavimento\",(E6*I6*J6*0.15),IF(K6=\"Asfalto c/ Paralelo\",((E6*I6*J6-E6*J6*0.16)*0.15),\"\"))),\"-\"),\"-\")","v":5.5200000000000005},{"$f":"IF(I6>3,IF(I6<=4.5,IF(K6=\"Paralelo\",((E6*I6*J6-E6*J6*0.11)*0.15),IF(K6=\"Sem Pavimento\",(E6*I6*J6*0.15),IF(K6=\"Asfalto c/ Paralelo\",((E6*I6*J6-E6*J6*0.16)*0.15),\"\"))),\"-\"),\"-\")","v":"-"},"-","-",{"$f":"IF(I6>2,IF(I6<=4,IF(K6=\"Paralelo\",(E6*I6*J6-E6*J6*0.11),IF(K6=\"Sem Pavimento\",(E6*I6*J6*0.1),IF(K6=\"Asfalto c/ Paralelo\",(E6*I6*J6-E6*J6*0.16),\"\"))),\"-\"),\"-\")","v":"-"},{"$f":"IF(I6>4,IF(I6<=6,IF(K6=\"Paralelo\",(E6*I6*J6-E6*J6*0.11),IF(K6=\"Sem Pavimento\",(E6*I6*J6*0.1),IF(K6=\"Asfalto c/ Paralelo\",(E6*I6*J6-E6*J6*0.16),\"\"))),\"-\"),\"-\")","v":"-"},{"$f":"((PI()*((F6/1000)^2))/4)*E6","v":5.026548245743669},{"$f":"IF(I6<=1.5,IF(J6<1.5,IF(K6=\"Paralelo\",((E6*I6*J6-E6*J6*0.11-AT6-#REF!)*0.3)),IF(K6=\"Sem Pavimento\",((E6*I6*J6-AT6-#REF!)*0.3),IF(K6=\"Asfalto c/ Paralelo\",((E6*I6*J6-E6*J6*0.16-AT6-#REF!)*0.3),\"\"))),\"-\")","v":"-"},{"$f":"IF(I6>1.5,IF(I6<=3,IF(J6<1.5,IF(K6=\"Paralelo\",(E6*I6*J6-E6*J6*0.11-AT6-#REF!)*0.3,IF(K6=\"Sem Pavimento\",((E6*I6*J6-AT6-#REF!)*0.3),IF(K6=\"Asfalto c/ Paralelo\",(E6*I6*J6-E6*J6*0.16-AT6-#REF!)*0))),\"-\"),\"-\"),\"-\")","v":"-"},{"$f":"IF(I6<=1.5,IF(J6>=1.5,IF(K6=\"Paralelo\",((E6*I6*J6-E6*J6*0.11-AT6-#REF!)*0.3)),IF(K6=\"Sem Pavimento\",((E6*I6*J6-AT6-#REF!)*0.3),IF(K6=\"Asfalto c/ Paralelo\",((E6*I6*J6-E6*J6*0.16-AT6-#REF!)*0.3),\"\"))),\"-\")","v":"-"},{"$f":"IF(I6>1.5,IF(I6<=3,IF(J6>=1.5,IF(K6=\"Paralelo\",(((J6*E6*((F6/1000)))-AT6)),IF(K6=\"Sem Pavimento\",(((J6*E6*((F6/1000)))-AT6)),IF(K6=\"Asfalto c/ Paralelo\",(E6*I6*J6*0.75-E6*J6*0.16-AT6-#REF!)*0.3))),\"-\"),\"-\"),\"-\")","v":10.973451754256331},{"$f":"IF(I6>3,IF(I6<=4.5,IF(J6>=1.5,IF(K6=\"Paralelo\",(E6*I6*J6-E6*J6*0.11-AT6-#REF!)*0.3,IF(K6=\"Sem Pavimento\",((E6*I6*J